{"text_format":"1","workbook":"xlsx","n_sheets":18,"sheets":["NOVO","MENU","DADOS","BDI","ORÇAMENTO","EVENTOS","CÁLCULO","CRONOPLE","CRONO","QCI","PLE","BM","RRE","OFÍCIO","PO-PLE","CFF-PLE","PO-BM","CFF-BM"],"not_rendered":{"charts":0,"images":2,"macros":1,"external_links":0,"defined_names":360,"comments":7,"pivot_tables":0},"unopened":[],"bounds":{"document_bytes":16777216,"sheet_cells":100000,"rows_first":2000,"rows_last":500,"rows_between":2000,"halvings":0,"cell_chars":16384,"cell_head_chars":4096},"cells_cut":0,"cells_raw":0,"read":"whole","date_system":"1900"}

{"sheet":"NOVO","index":0,"n_rows":192,"n_cols":4,"rows_kept":192,"cut":false,"hidden":false,"merged":[]}
[]
[]
[null,"Novidades da Versão"]
[]
[]
["V3.00"]
[null,"GERAL"]
[null,null,{"$f":"IF(D8<>\"\",\"▪\",\"\")","v":"▪"},"Lançamento: Adequação à Portaria 424/2016. Acompanhamento por Eventos."]
[null,null,{"$f":"IF(D9<>\"\",\"▪\",\"\")","v":""}]
["V3.01"]
[null,"GERAL"]
[null,null,{"$f":"IF(D12<>\"\",\"▪\",\"\")","v":"▪"},"Ajustes de formatações."]
[null,"PO"]
[null,null,{"$f":"IF(D14<>\"\",\"▪\",\"\")","v":"▪"},"Correção da aplicação do BDI não desonerado."]
[null,null,{"$f":"IF(D15<>\"\",\"▪\",\"\")","v":"▪"},"Inclusão de coluna exclusiva \"Preço Unitário Edital\", para o Modo 'Orçamento Licitado'."]
[]
["V3.02"]
[null,"GERAL"]
[null,null,{"$f":"IF(D19<>\"\",\"▪\",\"\")","v":"▪"},"Ajustes de formatações."]
[null,null,{"$f":"IF(D20<>\"\",\"▪\",\"\")","v":"▪"},"Correção do Problema de Guias ocultas no BROFFICE."]
[null,"ORÇAMENTO"]
[null,null,{"$f":"IF(D22<>\"\",\"▪\",\"\")","v":"▪"},"Ampliada obtenção de dados da Planilha Referência de 20.000 para 65.536 linhas."]
[null,"CRONOGRAMA"]
[null,null,{"$f":"IF(D24<>\"\",\"▪\",\"\")","v":"▪"},"Correção na formulação do total acumulado por Repasse, CP e Outros"]
[null,"QCI"]
[null,null,{"$f":"IF(D26<>\"\",\"▪\",\"\")","v":"▪"},"Correção na formulação do arredondamento no rateio dos valores do QCI."]
[null,"RRE"]
[null,null,{"$f":"IF(D28<>\"\",\"▪\",\"\")","v":"▪"},"Correção na formulação do total por Repasse, CP e Outros."]
[]
["V3.03"]
[null,"GERAL"]
[null,null,{"$f":"IF(D32<>\"\",\"▪\",\"\")","v":"▪"},"Correção do Problema de Guias ocultas no BROFFICE."]
[null,"CÁLCULO"]
[null,null,{"$f":"IF(D34<>\"\",\"▪\",\"\")","v":"▪"},"Corrigida lentidão e travamento ao incluir e excluir frentes."]
[]
[]
["V3.04"]
[null,"BDI"]
[null,null,{"$f":"IF(D39<>\"\",\"▪\",\"\")","v":"▪"},"Correção da CPRB que exibia 4,5% mesmo quando não desonerado."]
[null,"CRONOGRAMA"]
[null,null,{"$f":"IF(D41<>\"\",\"▪\",\"\")","v":"▪"},"Correção da distribuição de Repasse, CP e Outros para as metas manuais."]
[null,"QCI"]
[null,null,{"$f":"IF(D43<>\"\",\"▪\",\"\")","v":"▪"},"Adicionado botão para adotar a CP do QCI como CP do contrato (zera saldo a reprogramar de CP)."]
[]
["V3.05"]
[null,"GERAL"]
[null,null,{"$f":"IF(D47<>\"\",\"▪\",\"\")","v":"▪"},"Corrigido modo de Cálculo da Planilha para Automático."]
[]
["V3.06"]
[null,"GERAL"]
[null,null,{"$f":"IF(D51<>\"\",\"▪\",\"\")","v":"▪"},"Adicionado modo de arredondamento para compatibilidade com o TransfereGOV, altera na aba DADOS"]
[null,null,{"$f":"IF(D52<>\"\",\"▪\",\"\")","v":"▪"},"A planilha passará a ser disponibilizada com o formato .xlsm. Deve ser usado arquivo referência 1.9 ou superior, também no formato .xlsm"]
[]
["V3.07"]
[null,"GERAL"]
[null,null,{"$f":"IF(D56<>\"\",\"▪\",\"\")","v":"▪"},"Alterada a posição da aba NOVO para antes da aba MENU."]
[null,null,{"$f":"IF(D57<>\"\",\"▪\",\"\")","v":"▪"},"Alterada a posição da aba CÁLCULO para depois da aba EVENTOS. Pois, no caso de acompanhamento por PLE, a lista supensa na coluna \"Nº  Agrupador de Eventos\" na aba CÁLCULO depende do preenchimento prévio da aba EVENTOS."]
[null,null,"▪","Alterada a posição da aba CRONO para depois da aba CRONOPLE. Pois, no caso de acompanhamento por PLE, a aba CRONO tem o preenchimento automático a partir da aba CRONOPLE."]
[null,null,"▪","Alterada a posição da aba PLE para depois da aba QCI. Com a finalidade de deixar agrupadas todas as abas de acompanhamento (PLE, BM, RRE, OFÍCIO)."]
[null,null,"▪","Acrescentados botões de navegação (cor azul claro) em várias abas. Em relação a esses botões, também foram ajustados os links, nomes e formatação."]
[null,null,"▪","Criada macro para exibir apenas as abas pertinentes (exemplo: caso o acompanhamento seja por PLE, a aba BM fica oculta)."]
[null,null,"▪","Ajuste na macro para correção automática do Nº AGRUPADOR DE EVENTOS na aba CÁLCULO, quando se ADCIONAR ou EXCLUIR LINHAS na aba EVENTOS."]
[null,"MENU"]
[null,null,{"$f":"IF(D64<>\"\",\"▪\",\"\")","v":"▪"},"Acrescentado o botão \"IMPORTAR DE OUTROS MODELOS CAIXA\": PO (MO27476); PLE (MO27477); e QCI (MO41211)."]
[null,null,{"$f":"IF(D65<>\"\",\"▪\",\"\")","v":"▪"},"Acrescentado o botão de seleção \"Importar Fórmulas para o Custo Unitário (aba ORÇAMENTO)\". "]
[null,null,null,"Caso selecionada, será importada a fórmula (se houver) do custo unitário; Caso desmarcada, será importado somente o valor."]
[null,null,{"$f":"IF(D67<>\"\",\"▪\",\"\")","v":"▪"},"Acrescentado o botão de seleção \"Importar Fórmulas para as Quantidades da PLQ (aba CÁLCULO)\". "]
[null,null,null,"Caso selecionada, será importada a fórmula (se houver) do quantitativo; Caso desmarcada, será importado somente o valor."]
[null,null,{"$f":"IF(D69<>\"\",\"▪\",\"\")","v":"▪"},"Atualizada a macro de Importação para incluir a importar da coluna \"Nº Agrupador de Eventos\" da aba CÁLCULO."]
[null,null,{"$f":"IF(D70<>\"\",\"▪\",\"\")","v":"▪"},"Atualizada a macro de Imprimir Documentos (para englobar as abas EVENTOS e CRONOPLE)."]
[null,"BDI"]
[null,null,{"$f":"IF(D72<>\"\",\"▪\",\"\")","v":"▪"},"Ajuste automático do valor da CPRB em função da data base do orçamento (para atendimento do Art. 9-A da Lei 12.546 de 14/12/2011)."]
[null,"EVENTOS"]
[null,null,{"$f":"IF(D74<>\"\",\"▪\",\"\")","v":"▪"},"Acrescentados os dados de identificação do Contrato de Repasse."]
[null,null,{"$f":"IF(D75<>\"\",\"▪\",\"\")","v":"▪"},"Acrescentadas as colunas dos totais dos Eventos por Frentes de Obra."]
[null,null,{"$f":"IF(D76<>\"\",\"▪\",\"\")","v":"▪"},"Acrescentados os dados de Local, Data e Responsável Técnico."]
[null,null,{"$f":"IF(D77<>\"\",\"▪\",\"\")","v":"▪"},"Acrescentado FILTRO para exibir apenas as linhas preenchidas."]
[null,"CRONOPLE"]
[null,null,{"$f":"IF(D79<>\"\",\"▪\",\"\")","v":"▪"},"Acrescentados os dados de identificação do Contrato de Repasse."]
[null,null,{"$f":"IF(D80<>\"\",\"▪\",\"\")","v":"▪"},"Acrescentado o quadro \"Cronograma\" com percentual e valor da parcela e percentual e valor acumulado."]
[null,null,{"$f":"IF(D81<>\"\",\"▪\",\"\")","v":"▪"},"Acrescentados os dados de Local, Data e Responsável Técnico."]
[null,null,{"$f":"IF(D82<>\"\",\"▪\",\"\")","v":"▪"},"Acrescentado FILTRO para exibir apenas as linhas preenchidas."]
[null,"RRE"]
[null,null,{"$f":"IF(D84<>\"\",\"▪\",\"\")","v":"▪"},"Correção na fórmula da data, para replicar a “Data de fechamento do RRE” na aba DADOS."]
[null,"OFÍCIO"]
[null,null,{"$f":"IF(D86<>\"\",\"▪\",\"\")","v":"▪"},"Exclusão do quadro \"Resumo de Valores por CTEF\"."]
[]
["V3.08"]
[null,"GERAL"]
[null,null,{"$f":"IF(D90<>\"\",\"▪\",\"\")","v":"▪"},"Incluídos alertas de erro de preenchimento em todas as abas."]
[null,"MENU"]
[null,null,{"$f":"IF(D92<>\"\",\"▪\",\"\")","v":"▪"},"Incluído botão de macro para gerar arquivo (em xlsx) para upload da PO e CFF no TransfereGOV."]
[null,null,{"$f":"IF(D93<>\"\",\"▪\",\"\")","v":"▪"},"Ajustada a macro \"Importar de outra Planilha Múltipla\" para importar o Cronograma da aba CRONO. Também foram incluídas as importações dos campos: Data do preenchimento (DADOS), Data de fechamento do RRE (DADOS); nº da 1ª Parcela do Cronograma (CRONO), mês da 1ª Parcela do Cronograma (CRONO), nº da Medição (BM) e nº da Medição (PLE)."]
[null,null,{"$f":"IF(D94<>\"\",\"▪\",\"\")","v":"▪"},"Incluída a informação do progresso na macro \"Importar de outra Planilha Múltipla\", por meio de uma barra de progresso (janela que será exibida na tela) e da indicação das etapas de importação na barra de status do Excel (canto inferior esquerdo da janela do Excel)."]
[null,"BDI"]
[null,null,{"$f":"IF(D96<>\"\",\"▪\",\"\")","v":"▪"},"Incluídos botões de navegação para os formulários de BDI (BDI 1, BDI 2, BDI 3)."]
[null,"ORÇAMENTO"]
[null,null,{"$f":"IF(D98<>\"\",\"▪\",\"\")","v":"▪"},"Incluído botão de macro para padronizar as siglas de unidades, conforme lista de siglas válidas no TransfereGOV."]
[null,"EVENTOS"]
[null,null,{"$f":"IF(D100<>\"\",\"▪\",\"\")","v":"▪"},"O Título de Evento \"Administração Local\" com preenchimento automático proporcional agora é exibido apenas no modo Arredondamento de Frentes \"Tradicional\" e para a opção Agrupadores de Eventos \"Definir Manualmente\"."]
[null,null,{"$f":"IF(D101<>\"\",\"▪\",\"\")","v":"▪"},"Não é mais possível deixar Eventos em branco (sem nome ou sem valor)."]
[null,"CÁLCULO"]
[null,null,{"$f":"IF(D103<>\"\",\"▪\",\"\")","v":"▪"},"Não é mais possível deixar Frentes de Obra em branco (sem nome ou sem quantidades)."]
[null,"CRONOPLE"]
[null,null,{"$f":"IF(D105<>\"\",\"▪\",\"\")","v":"▪"},"Incluído campo para selecionar o Título do Evento referente à Administração Local (acompanhamento por PLE)."]
[null,null,{"$f":"IF(D106<>\"\",\"▪\",\"\")","v":"▪"},"Incluída linha com o percentual acumulado da Administração Local em cada período."]
[null,"CRONO"]
[null,null,{"$f":"IF(D108<>\"\",\"▪\",\"\")","v":"▪"},"Ajustada a fórmula do % acumulado a partir da parcela 13 (para manter o padrão da fórmula das parcelas 1 a 12)."]
[null,null,{"$f":"IF(D109<>\"\",\"▪\",\"\")","v":"▪"},"Incluído campo para selecionar o Macrosserviço referente à Administração Local (acompanhamento por BM)."]
[null,null,{"$f":"IF(D110<>\"\",\"▪\",\"\")","v":"▪"},"Incluída linha com o percentual acumulado da Administração Local em cada parcela."]
[null,"RRE"]
[null,null,{"$f":"IF(D112<>\"\",\"▪\",\"\")","v":"▪"},"Corrigida a fórmula do % no quadro \"Percentual previsto em:\". Que estava limitada a buscar o % previsto até a parcela 12."]
[null,"PLE"]
[null,null,{"$f":"IF(D114<>\"\",\"▪\",\"\")","v":"▪"},"Incluída linha com o percentual acumulado da Administração Local em cada medição."]
[null,"BM"]
[null,null,{"$f":"IF(D116<>\"\",\"▪\",\"\")","v":"▪"},"Incluído campo com o percentual medido acumulado da Administração Local."]
[]
["V3.09"]
[null,"MENU"]
[null,null,{"$f":"IF(D120<>\"\",\"▪\",\"\")","v":"▪"},"Atualizada a macro \"Gerar arquivo para upload no TransfereGOV\" para ajustar os códigos de composições SINAPI (acrescentar zeros a esquerda até completar dez dígitos) para Data base igual ou superior a JAN/2025."]
[null,"ORÇAMENTO"]
[null,null,{"$f":"IF(D122<>\"\",\"▪\",\"\")","v":"▪"},"Acrescentada formatação condicional na coluna \"Descrição\" para exibir os textos de alerta de erro, textos que começam com \"(\", na cor vermelha."]
[null,"BDI"]
[null,null,{"$f":"IF(D124<>\"\",\"▪\",\"\")","v":"▪"},"Corrigida a macro dos botões de navegação para os formulários do BDI."]
[]
["V3.10"]
[null,"GERAL"]
[null,null,{"$f":"IF(D128<>\"\",\"▪\",\"\")","v":"▪"},"Corrigidas as fórmulas da v3.08 / v3.09 que eram incompatíveis com as versões do Excel anteriores ao Office 365."]
[]
["V3.11"]
[null,"MENU"]
[null,null,{"$f":"IF(D132<>\"\",\"▪\",\"\")","v":"▪"},"Ajuste na macro \"Importar de outra Planilha Múltipla\" para tratar o erro \"tipos incompatíveis\"."]
[null,null,{"$f":"IF(D133<>\"\",\"▪\",\"\")","v":"▪"},"Ajuste na macro \"Gerar arquivo para upload no TransfereGOV\" para informar no status o número da linha que está sendo mesclada."]
[null,"CRONO"]
[null,null,{"$f":"IF(D135<>\"\",\"▪\",\"\")","v":"▪"},"Correção nas fórmulas dos valores no período da 13ª parcela do cronograma."]
[null,"RRE"]
[null,null,{"$f":"IF(D137<>\"\",\"▪\",\"\")","v":"▪"},"Correção nas fórmulas dos valores acumulados no caso de Administração Local de preenchimento manual."]
[]
["V3.12"]
[null,"MENU"]
[null,null,{"$f":"IF(D141<>\"\",\"▪\",\"\")","v":"▪"},"Atualização na macro \"Gerar arquivo para upload no TransfereGOV\" em virtude de alteração no upload no TransfereGOV (código sem zeros a esquerda)."]
[null,"BDI"]
[null,null,{"$f":"IF(D143<>\"\",\"▪\",\"\")","v":"▪"},"Revisão nos alertas de erro de preenchimento."]
[null,"ORÇAMENTO"]
[null,null,{"$f":"IF(D145<>\"\",\"▪\",\"\")","v":"▪"},"Revisão nos alertas de erro de preenchimento."]
[null,"EVENTOS"]
[null,null,{"$f":"IF(D147<>\"\",\"▪\",\"\")","v":"▪"},"Revisão na lista suspensa de opções da forma de definição dos agrupadores de eventos."]
[null,"CÁLCULO"]
[null,null,{"$f":"IF(D149<>\"\",\"▪\",\"\")","v":"▪"},"Revisão nos alertas de erro de preenchimento."]
[null,"CRONOPLE"]
[null,null,{"$f":"IF(D151<>\"\",\"▪\",\"\")","v":"▪"},"Correção na macro \"Atualizar Linhas\"."]
[null,"CRONO"]
[null,null,{"$f":"IF(D153<>\"\",\"▪\",\"\")","v":"▪"},"Correção na fórmula dos porcentuais de Administração Local, no caso de agrupadores de eventos automáticos."]
[]
["V3.13"]
[null,"GERAL"]
[null,null,{"$f":"IF(D157<>\"\",\"▪\",\"\")","v":"▪"},"Ajuste em todas as listas suspensas (substituindo valores ou textos por um intervalo com os dados)."]
[null,"MENU"]
[null,null,{"$f":"IF(D159<>\"\",\"▪\",\"\")","v":"▪"},"Correção do valor total na macro \"Gerar arquivo para upload no TransfereGOV\". No arquivo para upload o valor total era preenchido apenas com o valor da meta 1."]
[null,null,{"$f":"IF(D160<>\"\",\"▪\",\"\")","v":"▪"},"Correção nos arredondamentos na macro \"Gerar arquivo para upload no TransfereGOV\". No caso de preenchimento das quantidades com mais de duas casas decimais na PLQ, os valores calculados no Tgov ficavam diferentes dos valores calculados na Múltipla."]
[null,null,{"$f":"IF(D161<>\"\",\"▪\",\"\")","v":"▪"},"Atualização na macro \"Gerar arquivo para upload no TransfereGOV\". No caso de alertas de erro de preenchimento nas abas BDI e ORÇAMENTO a caixa de mensagem informa o erro encontrado e pergunta ao usuário se quer \"Corrigir o erro agora?\", caso o usuário responda \"Não\" a macro continua os procedimentos e gera o arquivo com o erro de preenchimento."]
[null,"ORÇAMENTO"]
[null,null,{"$f":"IF(D163<>\"\",\"▪\",\"\")","v":"▪"},"Atualização no preenchimento da coluna BDI. Possibilidade de preencher diretamente um percentual na célula."]
[null,null,{"$f":"IF(D164<>\"\",\"▪\",\"\")","v":"▪"},"Ajuste no alerta de erro \"Acima Ref.\", dispensado caso a Fonte de Recursos seja diferente de \"OGU\"."]
[null,null,{"$f":"IF(D165<>\"\",\"▪\",\"\")","v":"▪"},"Incluído alerta de erro caso a data base do arquivo referência seja diferente da indicada no nome do mesmo arquivo."]
[null,null,{"$f":"IF(D166<>\"\",\"▪\",\"\")","v":"▪"},"Incluído alerta de erro caso os arredondamentos de todos os valores não estejam selecionados (para contratos no transferegov)."]
[null,null,{"$f":"IF(D167<>\"\",\"▪\",\"\")","v":"▪"},"Incluído alerta de erro \"Justificar BDI\", caso não seja adotado um BDI da lista suspensa."]
[null,"CÁLCULO"]
[null,null,{"$f":"IF(D169<>\"\",\"▪\",\"\")","v":"▪"},"Incluído alerta de erro \"Verificar as quantidades preenchidas na linha...\", caso a soma das quantidades preenchidas seja diferente da soma das quantidades arredondadas com duas casas decimais."]
[null,null,{"$f":"IF(D170<>\"\",\"▪\",\"\")","v":"▪"},"Incluído alerta de erro \"Preencha as quantidades com no máximo duas casas decimais\", caso o alerta de erro acima aparece em alguma linha."]
[null,null,"▪","Incluída formatação condicional para indicar as quantidades na PLQ com mais de duas casas decimais (o texto ficará na cor vermelha)."]
[null,"CRONOPLE"]
[null,null,{"$f":"IF(D173<>\"\",\"▪\",\"\")","v":"▪"},"Correção na macro \"Atualizar Linhas\"."]
[null,"PLE"]
[null,null,{"$f":"IF(D175<>\"\",\"▪\",\"\")","v":"▪"},"Correção na fórmula na coluna Filtro."]
[null,"RRE"]
[null,null,{"$f":"IF(D177<>\"\",\"▪\",\"\")","v":"▪"},"Correção nas fórmulas dos valores acumulados (o valor da administração local era duplicado em alguns casos)."]
[]
["V3.14"]
[null,"GERAL"]
[null,null,{"$f":"IF(D181<>\"\",\"▪\",\"\")","v":"▪"},"Ajustes em algumas fórmulas que eram incompatíveis com as versões do Excel anteriores ao Office 365."]
[null,"MENU"]
[null,null,{"$f":"IF(D183<>\"\",\"▪\",\"\")","v":"▪"},"Ajuste na macro \"Gerar arquivo para upload no TransfereGOV\". Excluído o procedimento de mesclagem de células, visando a eficiência da macro."]
[null,null,{"$f":"IF(D184<>\"\",\"▪\",\"\")","v":"▪"},"Inclusão do botão [RESET]. Para resetar a Planilha Múltipla (apagar todos os dados preenchidos e restaurar o padrão inicial)."]
[]
["V3.15"]
[null,"ORÇAMENTO"]
[null,null,{"$f":"IF(D188<>\"\",\"▪\",\"\")","v":"▪"},"Ajuste na fórmula da coluna \"Descrição\" para corrigir incompatibilidade com as versões do Excel anteriores ao Office 365."]
[]
["V3.16"]
[null,"BDI"]
[null,null,{"$f":"IF(D192<>\"\",\"▪\",\"\")","v":"▪"},"Corrigidas as fórmulas da descrição dos itens dos BDIs 2 e 3."]

{"sheet":"MENU","index":1,"n_rows":24,"n_cols":15,"rows_kept":24,"cut":false,"hidden":false,"merged":[[19,1,19,7],[7,1,7,7],[1,4,2,6],[15,1,15,7]]}
[null,null,null,null,null,null,null,null,null,"PM",true]
[null,null,null,null,{"$f":"CHOOSE(MATCH(Objeto,{\"PM\",\"PO\"}),\"PLANILHA MÚLTIPLA \",\"PLANILHA ORÇAMENTÁRIA \")& Versao","v":"PLANILHA MÚLTIPLA v3.16"},null,null,null,null,"v3.16",true]
[null,null,null,null,null,null,null,null,null,null,null,null,null,null,1]
[null,null,null,null,null,null,null,null,null,{"$f":"IF(VALUE(MENU!$O$4)=2,\"BM\",\"PLE\")","v":"PLE"},null,null,null,null,1]
[null,null,null,null,null,null,null,null,null,"Proposto"]
[null,null,null,null,"DADOS DO CONTRATO",null,"NOVIDADES DA VERSÃO",null,null,"Licitado"]
[null,null,null,null,null,null,null,null,null,"PLE"]
[null,{"$f":"IF($O$3<>2,\"DOCUMENTAÇÃO DA PROPOSTA\",\"PROPOSTA: Para visualizar/preencher esta seção, altere o TIPO DE ORÇAMENTO para 'Proposto'\")","v":"DOCUMENTAÇÃO DA PROPOSTA"},null,null,null,null,null,null,null,"BM",null,"LEGENDA:"]
[null,null,null,null,null,null,null,null,null,null,null,"Cores das células:"]
[null,null,{"$f":"IF(TIPOORCAMENTO<>\"Proposto\",\"\",\"                    BDI                    \")","v":"                    BDI                    "},null,{"$f":"IF(TIPOORCAMENTO<>\"Proposto\",\"\",\"             ORÇAMENTO             \")","v":"             ORÇAMENTO             "},null,{"$f":"IF(TIPOORCAMENTO<>\"Proposto\",\"\",\"MEMÓRIA DE CÁLCULO / PLQ\")","v":"MEMÓRIA DE CÁLCULO / PLQ"},null,null,null,null,null,null,"Fundo amarelo: células para preencher"]
[]
[null,null,{"$f":"IF(TIPOORCAMENTO<>\"Proposto\",\"\",\"                    QCI                    \")","v":"                    QCI                    "},null,{"$f":"IF(TIPOORCAMENTO<>\"Proposto\",\"\",\"CRONOGRAMA FÍSICO-FINANCEIRO\")","v":"CRONOGRAMA FÍSICO-FINANCEIRO"},null,null,null,null,null,null,null,null,"Fundo azul: células para seleção de opções"]
[]
[null,null,{"$f":"IF(TIPOORCAMENTO<>\"Proposto\",\"\",\"Obs: Composições e Cotações devem ser preenchidas diretamente no arquivo Referência \"&IF(ISBLANK(Import.DataBase),\"mm-aaaa\",TEXT(Import.DataBase,\"mm-aaaa\"))&\".xlsm.\")","v":"Obs: Composições e Cotações devem ser preenchidas diretamente no arquivo Referência 05-2025.xlsm."}]
[null,null,null,null,null,null,null,null,null,null,null,"Cores dos botões:"]
[null,{"$f":"IF($O$3<>2,\"PÓS-LICITADO: Para visualizar/preencher esta seção, altere o TIPO DE ORÇAMENTO para 'Licitado'\",\"RESULTADO DO PROCESSO LICITATÓRIO\")","v":"PÓS-LICITADO: Para visualizar/preencher esta seção, altere o TIPO DE ORÇAMENTO para 'Licitado'"},null,null,null,null,null,null,null,null,null,null,null,"Fundo azul claro: navegação entre abas"]
[]
[null,null,{"$f":"IF(TIPOORCAMENTO<>\"Licitado\",\"\",\"             ORÇAMENTO             \")","v":""},null,{"$f":"IF(TIPOORCAMENTO<>\"Licitado\",\"\",\"                    QCI                    \")","v":""},null,{"$f":"IF(TIPOORCAMENTO<>\"Licitado\",\"\",\"CRONOGRAMA FÍSICO-FINANCEIRO\")","v":""},null,null,null,null,null,null,"Fundo laranja: execução de macro"]
[]
[null,{"$f":"IF($O$3<>2,\"ACOMPANHAMENTO: Para visualizar/preencher esta seção, altere o TIPO DE ORÇAMENTO para 'Licitado'\",\"ACOMPANHAMENTO DO EMPREENDIMENTO\")","v":"ACOMPANHAMENTO: Para visualizar/preencher esta seção, altere o TIPO DE ORÇAMENTO para 'Licitado'"}]
[]
[null,null,{"$f":"IF(OR(TIPOORCAMENTO<>\"Licitado\",ACOMPANHAMENTO<>\"PLE\"),\"\",\"PLAN. DE LEVANT. DE EVENTOS - PLE\")","v":""},null,{"$f":"IF(TIPOORCAMENTO<>\"Licitado\",\"\",\"                    RRE                    \")","v":""},null,{"$f":"IF(OR(TIPOORCAMENTO<>\"Licitado\",ACOMPANHAMENTO<>\"BM\"),\"\",\"  BOLETIM DE MEDIÇÃO - BM  \")","v":""}]
[]
[null,null,null,null,{"$f":"IF(TIPOORCAMENTO<>\"Licitado\",\"\",\"OF. DE SOLICITAÇÃO DE DESBLOQUEIO\")","v":""}]

{"sheet":"DADOS","index":2,"n_rows":220,"n_cols":49,"rows_kept":220,"cut":false,"hidden":false,"merged":[[49,1,49,2],[58,1,58,2],[0,13,0,45],[2,1,2,2],[14,1,14,2],[20,1,20,2],[26,1,26,2],[34,1,34,2],[45,1,45,2]]}
[null,"A. DOCUMENTAÇÃO DA PROPOSTA",null,{"$f":"IF(D3<>\"\",\"Falta preencher os Dados do Contrato\",IF(D15<>\"\",\"Falta preencher os Dados do Empreendimento\",IF(D21<>\"\",\"Falta preencher os Dados do Responsável pelo Orçamento\",IF(D27<>\"\",\"Falta preencher os Dados do Responsável pelo Tomador\",IF(D31<>\"\",\"Falta definir o método de arredondamento das frentes de obra\",IF(D35<>\"\",\"Falta preencher os Dados da Licitação\",IF(D46<>\"\",\"Falta preencher os Dados da Obra\",IF(D50<>\"\",\"Falta preencher os Dados do Responsável pela Fiscalização\",\"\"))))))))","v":"Falta preencher os Dados do Contrato"},null,null,"Fonte de recursos:","Regime previdenciário","Regime de Execução","Arredondamento",null,null,null,"Sub-Itens de Investimento",null,null,null,null,null,null,null,null,null,null,null,null,null,null,null,null,null,null,null,null,null,null,null,null,null,null,null,null,null,null,null,null,null,"Unidades válidas no Tgov"]
[null,null,null,null,null,null,"(SELECIONAR)","(SELECIONAR)","(SELECIONAR)","Tradicional",null,"Itens de Investimento","Unidades habitacionais",{"$f":"COUNTA(M:M)-1","v":3},"Equipamentos comunitários",{"$f":"COUNTA(O:O)-1","v":6},"Pavimentação",{"$f":"COUNTA(Q:Q)-1","v":6},"Drenagem ",{"$f":"COUNTA(S:S)-1","v":6},"Abastecimento de água",{"$f":"COUNTA(U:U)-1","v":11},"Esgotamento sanitário",{"$f":"COUNTA(W:W)-1","v":8},"Energia elétrica e iluminação pública",{"$f":"COUNTA(Y:Y)-1","v":4},"Coleta e tratamento de resíduos sólidos",{"$f":"COUNTA(AA:AA)-1","v":6},"Contenção e estabilização de encostas ",{"$f":"COUNTA(AC:AC)-1","v":2},"Regularização fundiária",{"$f":"COUNTA(AE:AE)-1","v":2},"Aquisição de terreno",{"$f":"COUNTA(AG:AG)-1","v":2},"Aquisição de equipamentos e insumos",{"$f":"COUNTA(AI:AI)-1","v":1},"Elaboração de estudos e projetos",{"$f":"COUNTA(AK:AK)-1","v":1},"Instrumentos e ações em planejamento e gestão pública",{"$f":"COUNTA(AM:AM)-1","v":1},"Ações complementares às obras",{"$f":"COUNTA(AO:AO)-1","v":3},"Gerenciamento",{"$f":"COUNTA(AQ:AQ)-1","v":1},"Trabalho social",{"$f":"COUNTA(AS:AS)-1","v":4},null,"Sigla","Descrição"]
[null,"Dados do Contrato (Inicial)",null,{"$f":"IF(COUNTIF(D4:D13,\"◄\")=0,\"\",\"Falta preencher a linha \"&MATCH(\"◄\",D4:D13,0)+ROW(D3))","v":"Falta preencher a linha 11"},null,null,"OGU","NÃO SE APLICA","INDEFINIDO / NÃO SE APLICA","TransfereGOV",null,"Unidades habitacionais","Aquisição","un","Convivência comunitária, assistência social e/ou comunitária","m²","Capeamento de vias","m²","Obras de microdrenagem ","m","Captação subterrânea","m³/s","Ligações domiciliares e/ou intradomiciliares","un","Iluminação pública - luminárias","un","Acondicionamento ","un","Estabilização de taludes","m²","Desapropriacões/Indenizações","m²","Aquisição de terreno","m²","Aquisição de equipamentos e insumos","un","Elaboração de estudos e projetos","un","Instrumentos e ações em planejamento e gestão pública","un","Avaliação pós intervenção","un","Gerenciamento","%CT","Projeto de Trabalho Social Preliminar","nº fam",null,"%CT","%CT"]
[null,"Fonte de recursos:","OGU",{"$f":"IF(OR(OFFSET(D4,0,-1)=\"\",OFFSET(D4,0,-1)=\"(SELECIONAR)\"),\"◄\",\"\")","v":""},null,null,"FGTS","DESONERADO","EMPREITADA POR PREÇO GLOBAL",null,null,"Equipamentos comunitários","Construção","un","Educação e cultura","m²","Recapeamento de vias","m²","Desassoreamento de cursos de água","m","Captação superficial","m³/s","Rede coletora e/ou condominial","m","Ligações domiciliares","un","Aterro sanitário e/ou disposição final","m³","Obras complementares a ações de redução de risco e/ou contenções","m²","Projeto de Regularização Fundiária","m²","Benfeitorias","m²",null,null,null,null,null,null,"Demolições","un",null,null,"Projeto de Trabalho Social","nº fam",null,"°C","GRAU CELSIUS"]
[null,"Proponente/Tomador:","PREFEITURA MUNICIPAL DE CHOPINZINHO",{"$f":"IF(OFFSET(D5,0,-1)=\"\",\"◄\",\"\")","v":""},null,null,null,"NÃO DESONERADO","EMPREITADA POR PREÇO UNITÁRIO",null,null,"Pavimentação","Reforma e/ou melhoria","un","Esportes","m²","Obras de artes especiais","m","Canalização de cursos de água","m","Estação de bombeamento de água bruta","m³/s","Coletor tronco e/ou interceptores","m","Linhas de distribuição - baixa tensão ","m","Erradicação de lixões","m³",null,null,null,null,null,null,null,null,null,null,null,null,"Plano de Reassentamento e medidas compensatórias","un",null,null,"Plano de Desenvolvimento Socioterritorial","nº fam",null,"°F","GRAU FAHRENHEIT"]
[null,"Município/UF:","CHOPINZINHO/PR","",null,null,null,null,"EMPREITADA INTEGRAL",null,null,"Drenagem ",null,null,"Lazer e turismo","m²","Pavimentação de calçadas","m²","Recomposição de vegetação ciliar, renaturalização de cursos de água ou restauração de margens","m²","Adução","m","Emissário","m","Linhas de transmissão - alta tensão ","m","Sistema de coleta seletiva tradicional, transporte e/ou equipamentos","un",null,null,null,null,null,null,null,null,null,null,null,null,null,null,null,null,"Plano de Gestão Condominial","nº fam",null,"100M","100 METROS"]
[null,"Nº da Operação (0000000-00):","560000004413-25","",null,null,null,null,"TAREFA",null,null,"Abastecimento de água",null,null,"Saúde","m²","Pavimentação de vias","m²","Reservatório de amortecimento de cheias","m³","Estação de Tratamento de Água (ETA)","m³/s","Estação Elevatória","m³/s",null,null,"Tratamento local ","un",null,null,null,null,null,null,null,null,null,null,null,null,null,null,null,null,null,null,null,"18L","18 LITROS"]
[null,"Nº do TransfereGOV (000000):","040594",{"$f":"IF(AND(Import.TipoArredondamento=\"TransfereGOV\",OFFSET(D8,0,-1)=\"\"),\"◄\",\"\")","v":""},null,null,null,null,"CONTRATAÇÃO INTEGRADA",null,null,"Esgotamento sanitário",null,null,"Segurança pública","m²","Sinalização","m²","Estação de Bombeamento","m³/s","Estação de bombeamento de água tratada","m³/s","Estação de Tratamento de Esgoto (ETE)","m³/s",null,null,"Usinas de reciclagem ","m²",null,null,null,null,null,null,null,null,null,null,null,null,null,null,null,null,null,null,null,"200KG","200 QUILOS"]
[null,{"$f":"IF(C4=\"FGTS\",\"Valor de Financiamento Contratado (R$):\",\"Valor do Repasse Contratado (R$):\")","v":"Valor do Repasse Contratado (R$):"},693000,"",null,null,null,null,"ADM. DIRETA",null,null,"Energia elétrica e iluminação pública",null,null,null,null,null,null,null,null,"Linha de recalque","m","Sistema simplificado de tratamento","m³/s",null,null,null,null,null,null,null,null,null,null,null,null,null,null,null,null,null,null,null,null,null,null,null,"250G","250 GRAMAS"]
[null,"Valor de Contrapartida Contratada (R$):",10274.85,"",null,null,null,null,null,null,null,"Coleta e tratamento de resíduos sólidos",null,null,null,null,null,null,null,null,"Reservação","m³","Unidades sanitárias","un",null,null,null,null,null,null,null,null,null,null,null,null,null,null,null,null,null,null,null,null,null,null,null,"310ML","310 MILILITROS"]
[null,"% mínimo de Contrapartida:",null,"◄",null,null,null,null,null,null,null,"Contenção e estabilização de encostas ",null,null,null,null,null,null,null,null,"Rede de distribuição","m",null,null,null,null,null,null,null,null,null,null,null,null,null,null,null,null,null,null,null,null,null,null,null,null,null,"50KG","50 QUILOS"]
[null,"R$ mínimo de Contrapartida (se houver):",null,null,null,null,null,null,null,null,null,"Regularização fundiária",null,null,null,null,null,null,null,null,"Ligações domiciliares e/ou intradomiciliares","un",null,null,null,null,null,null,null,null,null,null,null,null,null,null,null,null,null,null,null,null,null,null,null,null,null,"A","AMPÈRE"]
[null,"% máximo de Contrapartida:",null,null,null,null,null,null,null,null,null,"Aquisição de terreno",null,null,null,null,null,null,null,null,"Sistema simplificado de abastecimento","m",null,null,null,null,null,null,null,null,null,null,null,null,null,null,null,null,null,null,null,null,null,null,null,null,null,"ACA/ACC","A.CORR.ALTERN/CONT."]
[null,null,null,null,null,null,null,null,null,null,null,"Aquisição de equipamentos e insumos",null,null,null,null,null,null,null,null,null,null,null,null,null,null,null,null,null,null,null,null,null,null,null,null,null,null,null,null,null,null,null,null,null,null,null,"AH","AMPÈRE HORA"]
[null,"Dados do Empreendimento e Orçamento",null,{"$f":"IF(COUNTIF(D16:D19,\"◄\")=0,\"\",\"Falta preencher a linha \"&MATCH(\"◄\",D16:D19,0)+ROW(D15))","v":""},null,null,null,null,null,null,null,"Elaboração de estudos e projetos",null,null,null,null,null,null,null,null,null,null,null,null,null,null,null,null,null,null,null,null,null,null,null,null,null,null,null,null,null,null,null,null,null,null,null,"AH/H/V","AMPÉRE-H/H/VOLT"]
[null,"Nome/apelido:","Casa térrea acessível, 2 quartos, Autil=47,46m², conforme Portaria MCID 1416/2023",{"$f":"IF(OFFSET(D16,0,-1)=\"\",\"◄\",\"\")","v":""},null,null,null,null,null,null,null,"Instrumentos e ações em planejamento e gestão pública",null,null,null,null,null,null,null,null,null,null,null,null,null,null,null,null,null,null,null,null,null,null,null,null,null,null,null,null,null,null,null,null,null,null,null,"AM","AMPOLA"]
[null,"Descrição do Objeto do Lote / CTEF:","FNHIS SUB-50","",null,null,null,null,null,null,null,"Ações complementares às obras",null,null,null,null,null,null,null,null,null,null,null,null,null,null,null,null,null,null,null,null,null,null,null,null,null,null,null,null,null,null,null,null,null,null,null,"AM0/4ML","AMPOLA COM 0,4 Ml"]
[null,"Regime previdenciário previsto para a obra:","DESONERADO",{"$f":"IF(OR(OFFSET(D18,0,-1)=\"\",OFFSET(D18,0,-1)=\"(SELECIONAR)\"),\"◄\",\"\")","v":""},null,null,null,null,null,null,null,"Gerenciamento",null,null,null,null,null,null,null,null,null,null,null,null,null,null,null,null,null,null,null,null,null,null,null,null,null,null,null,null,null,null,null,null,null,null,null,"AM0/5ML","AMPOLA COM 0,5 mL"]
[null,"Data base do Orçamento:","2025-05-01","",null,null,null,null,null,null,null,"Trabalho social",null,null,null,null,null,null,null,null,null,null,null,null,null,null,null,null,null,null,null,null,null,null,null,null,null,null,null,null,null,null,null,null,null,null,null,"AM1/5ML","AMPOLA COM 1,5 mL"]
[null,null,null,null,null,null,null,null,null,null,null,null,null,null,null,null,null,null,null,null,null,null,null,null,null,null,null,null,null,null,null,null,null,null,null,null,null,null,null,null,null,null,null,null,null,null,null,"AM10ML","AMPOLA COM 10 mL"]
[null,"Responsável pelo Orçamento",null,{"$f":"IF(COUNTIF(D22:D25,\"◄\")=0,\"\",\"Falta preencher a linha \"&MATCH(\"◄\",D22:D25,0)+ROW(D21))","v":""},null,null,null,null,null,null,null,null,null,null,null,null,null,null,null,null,null,null,null,null,null,null,null,null,null,null,null,null,null,null,null,null,null,null,null,null,null,null,null,null,null,null,null,"AM1ML","AMPOLA COM 1 mL"]
[null,"Nome:","LUCAS KIYOSHI YAMAZAKI",{"$f":"IF(OFFSET(D22,0,-1)=\"\",\"◄\",\"\")","v":""},null,null,null,null,null,null,null,null,null,null,null,null,null,null,null,null,null,null,null,null,null,null,null,null,null,null,null,null,null,null,null,null,null,null,null,null,null,null,null,null,null,null,null,"AM2/5ML","AMPOLA COM 2,5 mL"]
[null,"CREA/CAU:","CREA PR-81.408/D","",null,null,null,null,null,null,null,null,null,null,null,null,null,null,null,null,null,null,null,null,null,null,null,null,null,null,null,null,null,null,null,null,null,null,null,null,null,null,null,null,null,null,null,"AM2ML","AMPOLA COM 2 mL"]
[null,"ART/RRT:","1720255343667 ","",null,null,null,null,null,null,null,null,null,null,null,null,null,null,null,null,null,null,null,null,null,null,null,null,null,null,null,null,null,null,null,null,null,null,null,null,null,null,null,null,null,null,null,"AM3ML","AMPOLA COM 3 mL"]
[null,"Data do preenchimento:","2025-09-15","",null,null,null,null,null,null,null,null,null,null,null,null,null,null,null,null,null,null,null,null,null,null,null,null,null,null,null,null,null,null,null,null,null,null,null,null,null,null,null,null,null,null,null,"AM4ML","AMPOLA COM 4 mL"]
[null,null,null,null,null,null,null,null,null,null,null,null,null,null,null,null,null,null,null,null,null,null,null,null,null,null,null,null,null,null,null,null,null,null,null,null,null,null,null,null,null,null,null,null,null,null,null,"AM5ML","AMPOLA COM 5 mL"]
[null,"Responsável pelo Tomador (Prefeito, no caso de Municípios)",null,{"$f":"IF(COUNTIF(D28:D29,\"◄\")=0,\"\",\"Falta preencher a linha \"&MATCH(\"◄\",D28:D29,0)+ROW(D27))","v":""},null,null,null,null,null,null,null,null,null,null,null,null,null,null,null,null,null,null,null,null,null,null,null,null,null,null,null,null,null,null,null,null,null,null,null,null,null,null,null,null,null,null,null,"AM6ML","AMPOLA COM 6 mL"]
[null,"Nome:","ÁLVARO DÊNIS CENI SCOLARO",{"$f":"IF(OFFSET(D28,0,-1)=\"\",\"◄\",\"\")","v":""},null,null,null,null,null,null,null,null,null,null,null,null,null,null,null,null,null,null,null,null,null,null,null,null,null,null,null,null,null,null,null,null,null,null,null,null,null,null,null,null,null,null,null,"AM7ML","AMPOLA COM 7 mL"]
[null,"Cargo:","PREFEITO MUNICIPAL","",null,null,null,null,null,null,null,null,null,null,null,null,null,null,null,null,null,null,null,null,null,null,null,null,null,null,null,null,null,null,null,null,null,null,null,null,null,null,null,null,null,null,null,"ANO","ANO/ANOS"]
[null,null,null,null,null,null,null,null,null,null,null,null,null,null,null,null,null,null,null,null,null,null,null,null,null,null,null,null,null,null,null,null,null,null,null,null,null,null,null,null,null,null,null,null,null,null,null,"ANOS","ANO/ANOS"]
[null,"Arredondamento das frentes:","TransfereGOV",{"$f":"IF(OFFSET(D31,0,-1)=\"\",\"◄ Falta definir o método de arredondamento.\",\"\")","v":""},null,null,null,null,null,null,null,null,null,null,null,null,null,null,null,null,null,null,null,null,null,null,null,null,null,null,null,null,null,null,null,null,null,null,null,null,null,null,null,null,null,null,null,"ARR","ARROBA"]
[null,null,null,null,null,null,null,null,null,null,null,null,null,null,null,null,null,null,null,null,null,null,null,null,null,null,null,null,null,null,null,null,null,null,null,null,null,null,null,null,null,null,null,null,null,null,null,"AWG","AMERICAN WIRE GAUGE"]
[null,"B. RESULTADO DO PROCESSO LICITATÓRIO",null,null,null,null,null,null,null,null,null,null,null,null,null,null,null,null,null,null,null,null,null,null,null,null,null,null,null,null,null,null,null,null,null,null,null,null,null,null,null,null,null,null,null,null,null,"BAR","BARRIL"]
[null,null,null,null,null,null,null,null,null,null,null,null,null,null,null,null,null,null,null,null,null,null,null,null,null,null,null,null,null,null,null,null,null,null,null,null,null,null,null,null,null,null,null,null,null,null,null,"BAR.","BAR"]
[null,"Licitação",null,{"$f":"IF(COUNTIF(D36:D39,\"◄\")=0,\"\",\"Falta preencher a linha \"&MATCH(\"◄\",D36:D39,0)+ROW(D35))","v":""},null,null,null,null,null,null,null,null,null,null,null,null,null,null,null,null,null,null,null,null,null,null,null,null,null,null,null,null,null,null,null,null,null,null,null,null,null,null,null,null,null,null,null,"BD","BALDE"]
[null,"Data de emissão dos documentos de licitação:",null,{"$f":"IF(AND(TIPOORCAMENTO=\"Licitado\",OFFSET(D36,0,-1)=\"\"),\"◄\",\"\")","v":""},null,null,null,null,null,null,null,null,null,null,null,null,null,null,null,null,null,null,null,null,null,null,null,null,null,null,null,null,null,null,null,null,null,null,null,null,null,null,null,null,null,null,null,"BIS","BISNAGA"]
[null,"Nº do CTEF (contrato com empresa):",null,{"$f":"IF(AND(TIPOORCAMENTO=\"Licitado\",OFFSET(D37,0,-1)=\"\"),\"◄\",\"\")","v":""},null,null,null,null,null,null,null,null,null,null,null,null,null,null,null,null,null,null,null,null,null,null,null,null,null,null,null,null,null,null,null,null,null,null,null,null,null,null,null,null,null,null,null,"BIS/GL","BISNAGA POR GALÃO"]
[null,"Nome da empresa:",null,{"$f":"IF(AND(TIPOORCAMENTO=\"Licitado\",OFFSET(D38,0,-1)=\"\"),\"◄\",\"\")","v":""},null,null,null,null,null,null,null,null,null,null,null,null,null,null,null,null,null,null,null,null,null,null,null,null,null,null,null,null,null,null,null,null,null,null,null,null,null,null,null,null,null,null,null,"BIS1/65G","BISNAGA COM 1,65 g"]
[null,"CNPJ da empresa:",null,{"$f":"IF(AND(TIPOORCAMENTO=\"Licitado\",OFFSET(D39,0,-1)=\"\"),\"◄\",\"\")","v":""},null,null,null,null,null,null,null,null,null,null,null,null,null,null,null,null,null,null,null,null,null,null,null,null,null,null,null,null,null,null,null,null,null,null,null,null,null,null,null,null,null,null,null,"BIS1/8G","BISNAGA COM 1,8 g"]
[null,"Regime de execução do CTEF:","EMPREITADA POR PREÇO GLOBAL",{"$f":"IF(AND(TIPOORCAMENTO=\"Licitado\",OR(OFFSET(D40,0,-1)=\"\",OFFSET(D40,0,-1)=\"(SELECIONAR)\")),\"◄\",\"\")","v":""},null,null,null,null,null,null,null,null,null,null,null,null,null,null,null,null,null,null,null,null,null,null,null,null,null,null,null,null,null,null,null,null,null,null,null,null,null,null,null,null,null,null,null,"BIS100G","BISNAGA COM 100 g"]
[null,"Data base do CTEF:",null,{"$f":"IF(AND(TIPOORCAMENTO=\"Licitado\",OFFSET(D41,0,-1)=\"\"),\"◄\",\"\")","v":""},null,null,null,null,null,null,null,null,null,null,null,null,null,null,null,null,null,null,null,null,null,null,null,null,null,null,null,null,null,null,null,null,null,null,null,null,null,null,null,null,null,null,null,"BIS10G","BISNAGA COM 10 g"]
[null,null,null,null,null,null,null,null,null,null,null,null,null,null,null,null,null,null,null,null,null,null,null,null,null,null,null,null,null,null,null,null,null,null,null,null,null,null,null,null,null,null,null,null,null,null,null,"BIS135G","BISNAGA COM 135 g"]
[null,null,null,null,null,null,null,null,null,null,null,null,null,null,null,null,null,null,null,null,null,null,null,null,null,null,null,null,null,null,null,null,null,null,null,null,null,null,null,null,null,null,null,null,null,null,null,"BIS13G","BISNAGA COM 13 g"]
[null,"C. ACOMPANHAMENTO DO EMPREENDIMENTO",null,null,null,null,null,null,null,null,null,null,null,null,null,null,null,null,null,null,null,null,null,null,null,null,null,null,null,null,null,null,null,null,null,null,null,null,null,null,null,null,null,null,null,null,null,"BIS14G","BISNAGA COM 14 g"]
[null,null,null,null,null,null,null,null,null,null,null,null,null,null,null,null,null,null,null,null,null,null,null,null,null,null,null,null,null,null,null,null,null,null,null,null,null,null,null,null,null,null,null,null,null,null,null,"BIS15G","BISNAGA COM 15 g"]
[null,"Dados da obra",null,{"$f":"IF(COUNTIF(D47:D48,\"◄\")=0,\"\",\"Falta preencher a linha \"&MATCH(\"◄\",D47:D48,0)+ROW(D46))","v":""},null,null,null,null,null,null,null,null,null,null,null,null,null,null,null,null,null,null,null,null,null,null,null,null,null,null,null,null,null,null,null,null,null,null,null,null,null,null,null,null,null,null,null,"BIS1G","BISNAGA COM 1 g"]
[null,"Data do Início da Obra:",null,{"$f":"IF(AND(TIPOORCAMENTO=\"Licitado\",OFFSET(D47,0,-1)=\"\",IFERROR(RRE!$O$28,0)>0),\"◄\",\"\")","v":""},null,null,null,null,null,null,null,null,null,null,null,null,null,null,null,null,null,null,null,null,null,null,null,null,null,null,null,null,null,null,null,null,null,null,null,null,null,null,null,null,null,null,null,"BIS20G","BISNAGA COM 20 g"]
[null,"Data de fechamento do RRE:",null,{"$f":"IF(AND(TIPOORCAMENTO=\"Licitado\",OFFSET(D48,0,-1)=\"\",IFERROR(RRE!$O$28,0)>0),\"◄\",\"\")","v":""},null,null,null,null,null,null,null,null,null,null,null,null,null,null,null,null,null,null,null,null,null,null,null,null,null,null,null,null,null,null,null,null,null,null,null,null,null,null,null,null,null,null,null,"BIS25G","BISNAGA COM 25 g"]
[null,null,null,null,null,null,null,null,null,null,null,null,null,null,null,null,null,null,null,null,null,null,null,null,null,null,null,null,null,null,null,null,null,null,null,null,null,null,null,null,null,null,null,null,null,null,null,"BIS28/8G","BISNAGA COM 28,8 g"]
[null,"Responsável pela Fiscalização",null,{"$f":"IF(COUNTIF(D51:D54,\"◄\")=0,\"\",\"Falta preencher a linha \"&MATCH(\"◄\",D51:D54,0)+ROW(D50))","v":""},null,null,null,null,null,null,null,null,null,null,null,null,null,null,null,null,null,null,null,null,null,null,null,null,null,null,null,null,null,null,null,null,null,null,null,null,null,null,null,null,null,null,null,"BIS28G","BISNAGA COM 28 g"]
[null,"Nome:",null,{"$f":"IF(AND(TIPOORCAMENTO=\"Licitado\",OFFSET(D51,0,-1)=\"\",IFERROR(RRE!$O$28,0)>0),\"◄\",\"\")","v":""},null,null,null,null,null,null,null,null,null,null,null,null,null,null,null,null,null,null,null,null,null,null,null,null,null,null,null,null,null,null,null,null,null,null,null,null,null,null,null,null,null,null,null,"BIS2G","BISNAGA COM 2 g"]
[null,"Profissão:",null,{"$f":"IF(AND(TIPOORCAMENTO=\"Licitado\",OFFSET(D52,0,-1)=\"\",IFERROR(RRE!$O$28,0)>0),\"◄\",\"\")","v":""},null,null,null,null,null,null,null,null,null,null,null,null,null,null,null,null,null,null,null,null,null,null,null,null,null,null,null,null,null,null,null,null,null,null,null,null,null,null,null,null,null,null,null,"BIS3/5G","BISNAGA COM 3,5 g"]
[null,"CREA/CAU (para obras/projetos):",null,{"$f":"IF(AND(TIPOORCAMENTO=\"Licitado\",OFFSET(D53,0,-1)=\"\",IFERROR(RRE!$O$28,0)>0),\"◄\",\"\")","v":""},null,null,null,null,null,null,null,null,null,null,null,null,null,null,null,null,null,null,null,null,null,null,null,null,null,null,null,null,null,null,null,null,null,null,null,null,null,null,null,null,null,null,null,"BIS30G","BISNAGA COM 30 g"]
[null,"ART/RRT (para obras/projetos):",null,{"$f":"IF(AND(TIPOORCAMENTO=\"Licitado\",OFFSET(D54,0,-1)=\"\",IFERROR(RRE!$O$28,0)>0),\"◄\",\"\")","v":""},null,null,null,null,null,null,null,null,null,null,null,null,null,null,null,null,null,null,null,null,null,null,null,null,null,null,null,null,null,null,null,null,null,null,null,null,null,null,null,null,null,null,null,"BIS30ML","BISNAGA COM 30 mL"]
[null,null,null,null,null,null,null,null,null,null,null,null,null,null,null,null,null,null,null,null,null,null,null,null,null,null,null,null,null,null,null,null,null,null,null,null,null,null,null,null,null,null,null,null,null,null,null,"BIS40G","BISNAGA COM 40 g"]
[null,null,null,null,null,null,null,null,null,null,null,null,null,null,null,null,null,null,null,null,null,null,null,null,null,null,null,null,null,null,null,null,null,null,null,null,null,null,null,null,null,null,null,null,null,null,null,"BIS43G","BISNAGA COM 43 g"]
[null,"D. ACOMPANHAMENTO CAIXA",null,null,null,null,null,null,null,null,null,null,null,null,null,null,null,null,null,null,null,null,null,null,null,null,null,null,null,null,null,null,null,null,null,null,null,null,null,null,null,null,null,null,null,null,null,"BIS45G","BISNAGA COM 45 g"]
[null,null,null,null,null,null,null,null,null,null,null,null,null,null,null,null,null,null,null,null,null,null,null,null,null,null,null,null,null,null,null,null,null,null,null,null,null,null,null,null,null,null,null,null,null,null,null,"BIS47G","BISNAGA COM 47 g"]
[null,"Responsável Gerencial",null,null,null,null,null,null,null,null,null,null,null,null,null,null,null,null,null,null,null,null,null,null,null,null,null,null,null,null,null,null,null,null,null,null,null,null,null,null,null,null,null,null,null,null,null,"BIS4G","BISNAGA COM 4 g"]
[null,"Nome:",null,null,null,null,null,null,null,null,null,null,null,null,null,null,null,null,null,null,null,null,null,null,null,null,null,null,null,null,null,null,null,null,null,null,null,null,null,null,null,null,null,null,null,null,null,"BIS50G","BISNAGA COM 50 g"]
[null,"Função:",null,null,null,null,null,null,null,null,null,null,null,null,null,null,null,null,null,null,null,null,null,null,null,null,null,null,null,null,null,null,null,null,null,null,null,null,null,null,null,null,null,null,null,null,null,"BIS55G","BISNAGA COM 55 g"]
[null,null,null,null,null,null,null,null,null,null,null,null,null,null,null,null,null,null,null,null,null,null,null,null,null,null,null,null,null,null,null,null,null,null,null,null,null,null,null,null,null,null,null,null,null,null,null,"BIS56G","BISNAGA COM 56 g"]
[null,null,null,null,null,null,null,null,null,null,null,null,null,null,null,null,null,null,null,null,null,null,null,null,null,null,null,null,null,null,null,null,null,null,null,null,null,null,null,null,null,null,null,null,null,null,null,"BIS5G","BISNAGA COM 5 g"]
[null,null,null,null,null,null,null,null,null,null,null,null,null,null,null,null,null,null,null,null,null,null,null,null,null,null,null,null,null,null,null,null,null,null,null,null,null,null,null,null,null,null,null,null,null,null,null,"BIS60G","BISNAGA COM 60 g"]
[null,null,null,null,null,null,null,null,null,null,null,null,null,null,null,null,null,null,null,null,null,null,null,null,null,null,null,null,null,null,null,null,null,null,null,null,null,null,null,null,null,null,null,null,null,null,null,"BIS6G","BISNAGA COM 6 g"]
[null,null,null,null,null,null,null,null,null,null,null,null,null,null,null,null,null,null,null,null,null,null,null,null,null,null,null,null,null,null,null,null,null,null,null,null,null,null,null,null,null,null,null,null,null,null,null,"BIS7/5G","BISNAGA COM 7,5 g"]
[null,null,null,null,null,null,null,null,null,null,null,null,null,null,null,null,null,null,null,null,null,null,null,null,null,null,null,null,null,null,null,null,null,null,null,null,null,null,null,null,null,null,null,null,null,null,null,"BIS70G","BISNAGA COM 70 g"]
[null,null,null,null,null,null,null,null,null,null,null,null,null,null,null,null,null,null,null,null,null,null,null,null,null,null,null,null,null,null,null,null,null,null,null,null,null,null,null,null,null,null,null,null,null,null,null,"BIS80G","BISNAGA COM 80 g"]
[null,null,null,null,null,null,null,null,null,null,null,null,null,null,null,null,null,null,null,null,null,null,null,null,null,null,null,null,null,null,null,null,null,null,null,null,null,null,null,null,null,null,null,null,null,null,null,"BIS90G","BISNAGA COM 90 g"]
[null,null,null,null,null,null,null,null,null,null,null,null,null,null,null,null,null,null,null,null,null,null,null,null,null,null,null,null,null,null,null,null,null,null,null,null,null,null,null,null,null,null,null,null,null,null,null,"BIT","BITS"]
[null,null,null,null,null,null,null,null,null,null,null,null,null,null,null,null,null,null,null,null,null,null,null,null,null,null,null,null,null,null,null,null,null,null,null,null,null,null,null,null,null,null,null,null,null,null,null,"BL","BLOCO"]
[null,null,null,null,null,null,null,null,null,null,null,null,null,null,null,null,null,null,null,null,null,null,null,null,null,null,null,null,null,null,null,null,null,null,null,null,null,null,null,null,null,null,null,null,null,null,null,"BLIS","BLISTER"]
[null,null,null,null,null,null,null,null,null,null,null,null,null,null,null,null,null,null,null,null,null,null,null,null,null,null,null,null,null,null,null,null,null,null,null,null,null,null,null,null,null,null,null,null,null,null,null,"BLIS21CP","BLISTER COM 21 COMPRIMIDOS"]
[null,null,null,null,null,null,null,null,null,null,null,null,null,null,null,null,null,null,null,null,null,null,null,null,null,null,null,null,null,null,null,null,null,null,null,null,null,null,null,null,null,null,null,null,null,null,null,"BLIS35CP","BLISTER COM 35 COMPRIMIDOS"]
[null,null,null,null,null,null,null,null,null,null,null,null,null,null,null,null,null,null,null,null,null,null,null,null,null,null,null,null,null,null,null,null,null,null,null,null,null,null,null,null,null,null,null,null,null,null,null,"BOB","BOBINA"]
[null,null,null,null,null,null,null,null,null,null,null,null,null,null,null,null,null,null,null,null,null,null,null,null,null,null,null,null,null,null,null,null,null,null,null,null,null,null,null,null,null,null,null,null,null,null,null,"BOL","BOLSA"]
[null,null,null,null,null,null,null,null,null,null,null,null,null,null,null,null,null,null,null,null,null,null,null,null,null,null,null,null,null,null,null,null,null,null,null,null,null,null,null,null,null,null,null,null,null,null,null,"BOM","BOMBONA"]
[null,null,null,null,null,null,null,null,null,null,null,null,null,null,null,null,null,null,null,null,null,null,null,null,null,null,null,null,null,null,null,null,null,null,null,null,null,null,null,null,null,null,null,null,null,null,null,"BPM","BATIDA POR MINUTO"]
[null,null,null,null,null,null,null,null,null,null,null,null,null,null,null,null,null,null,null,null,null,null,null,null,null,null,null,null,null,null,null,null,null,null,null,null,null,null,null,null,null,null,null,null,null,null,null,"BPS","BYTE POR SEGUNDO"]
[null,null,null,null,null,null,null,null,null,null,null,null,null,null,null,null,null,null,null,null,null,null,null,null,null,null,null,null,null,null,null,null,null,null,null,null,null,null,null,null,null,null,null,null,null,null,null,"BR","BARRA"]
[null,null,null,null,null,null,null,null,null,null,null,null,null,null,null,null,null,null,null,null,null,null,null,null,null,null,null,null,null,null,null,null,null,null,null,null,null,null,null,null,null,null,null,null,null,null,null,"BRI","BARRICA"]
[null,null,null,null,null,null,null,null,null,null,null,null,null,null,null,null,null,null,null,null,null,null,null,null,null,null,null,null,null,null,null,null,null,null,null,null,null,null,null,null,null,null,null,null,null,null,null,"BTJ","BOTIJÃO"]
[null,null,null,null,null,null,null,null,null,null,null,null,null,null,null,null,null,null,null,null,null,null,null,null,null,null,null,null,null,null,null,null,null,null,null,null,null,null,null,null,null,null,null,null,null,null,null,"BTU","BRITISH THERMAL UNIT"]
[null,null,null,null,null,null,null,null,null,null,null,null,null,null,null,null,null,null,null,null,null,null,null,null,null,null,null,null,null,null,null,null,null,null,null,null,null,null,null,null,null,null,null,null,null,null,null,"BTU/H","BTU POR HORA"]
[null,null,null,null,null,null,null,null,null,null,null,null,null,null,null,null,null,null,null,null,null,null,null,null,null,null,null,null,null,null,null,null,null,null,null,null,null,null,null,null,null,null,null,null,null,null,null,"BWG","FIEIRA DE BIRMINGHAN"]
[null,null,null,null,null,null,null,null,null,null,null,null,null,null,null,null,null,null,null,null,null,null,null,null,null,null,null,null,null,null,null,null,null,null,null,null,null,null,null,null,null,null,null,null,null,null,null,"C","CENTENA"]
[null,null,null,null,null,null,null,null,null,null,null,null,null,null,null,null,null,null,null,null,null,null,null,null,null,null,null,null,null,null,null,null,null,null,null,null,null,null,null,null,null,null,null,null,null,null,null,"CA","CARTUCHO"]
[null,null,null,null,null,null,null,null,null,null,null,null,null,null,null,null,null,null,null,null,null,null,null,null,null,null,null,null,null,null,null,null,null,null,null,null,null,null,null,null,null,null,null,null,null,null,null,"CAD","CADERNO"]
[null,null,null,null,null,null,null,null,null,null,null,null,null,null,null,null,null,null,null,null,null,null,null,null,null,null,null,null,null,null,null,null,null,null,null,null,null,null,null,null,null,null,null,null,null,null,null,"CAL/G","CALORIA/GRAMA"]
[null,null,null,null,null,null,null,null,null,null,null,null,null,null,null,null,null,null,null,null,null,null,null,null,null,null,null,null,null,null,null,null,null,null,null,null,null,null,null,null,null,null,null,null,null,null,null,"CAPS","CÁPSULA"]
[null,null,null,null,null,null,null,null,null,null,null,null,null,null,null,null,null,null,null,null,null,null,null,null,null,null,null,null,null,null,null,null,null,null,null,null,null,null,null,null,null,null,null,null,null,null,null,"CAR","CARACTER"]
[null,null,null,null,null,null,null,null,null,null,null,null,null,null,null,null,null,null,null,null,null,null,null,null,null,null,null,null,null,null,null,null,null,null,null,null,null,null,null,null,null,null,null,null,null,null,null,"CC","CILINDRADA"]
[null,null,null,null,null,null,null,null,null,null,null,null,null,null,null,null,null,null,null,null,null,null,null,null,null,null,null,null,null,null,null,null,null,null,null,null,null,null,null,null,null,null,null,null,null,null,null,"CD","CANDELA"]
[null,null,null,null,null,null,null,null,null,null,null,null,null,null,null,null,null,null,null,null,null,null,null,null,null,null,null,null,null,null,null,null,null,null,null,null,null,null,null,null,null,null,null,null,null,null,null,"CD/M2","CANDELA/METRO 2"]
[null,null,null,null,null,null,null,null,null,null,null,null,null,null,null,null,null,null,null,null,null,null,null,null,null,null,null,null,null,null,null,null,null,null,null,null,null,null,null,null,null,null,null,null,null,null,null,"CENTO","CENTO"]
[null,null,null,null,null,null,null,null,null,null,null,null,null,null,null,null,null,null,null,null,null,null,null,null,null,null,null,null,null,null,null,null,null,null,null,null,null,null,null,null,null,null,null,null,null,null,null,"CG","CENTIGRAMA"]
[null,null,null,null,null,null,null,null,null,null,null,null,null,null,null,null,null,null,null,null,null,null,null,null,null,null,null,null,null,null,null,null,null,null,null,null,null,null,null,null,null,null,null,null,null,null,null,"CH","CHAPA"]
[null,null,null,null,null,null,null,null,null,null,null,null,null,null,null,null,null,null,null,null,null,null,null,null,null,null,null,null,null,null,null,null,null,null,null,null,null,null,null,null,null,null,null,null,null,null,null,"CHI","CHI"]
[null,null,null,null,null,null,null,null,null,null,null,null,null,null,null,null,null,null,null,null,null,null,null,null,null,null,null,null,null,null,null,null,null,null,null,null,null,null,null,null,null,null,null,null,null,null,null,"CHP","CHP"]
[null,null,null,null,null,null,null,null,null,null,null,null,null,null,null,null,null,null,null,null,null,null,null,null,null,null,null,null,null,null,null,null,null,null,null,null,null,null,null,null,null,null,null,null,null,null,null,"CHP","CHP"]
[null,null,null,null,null,null,null,null,null,null,null,null,null,null,null,null,null,null,null,null,null,null,null,null,null,null,null,null,null,null,null,null,null,null,null,null,null,null,null,null,null,null,null,null,null,null,null,"CI","CURIE"]
[null,null,null,null,null,null,null,null,null,null,null,null,null,null,null,null,null,null,null,null,null,null,null,null,null,null,null,null,null,null,null,null,null,null,null,null,null,null,null,null,null,null,null,null,null,null,null,"CIL","CILINDRO"]
[null,null,null,null,null,null,null,null,null,null,null,null,null,null,null,null,null,null,null,null,null,null,null,null,null,null,null,null,null,null,null,null,null,null,null,null,null,null,null,null,null,null,null,null,null,null,null,"CIN","CINQUENTA"]
[null,null,null,null,null,null,null,null,null,null,null,null,null,null,null,null,null,null,null,null,null,null,null,null,null,null,null,null,null,null,null,null,null,null,null,null,null,null,null,null,null,null,null,null,null,null,null,"CJ","CONJUNTO"]
[null,null,null,null,null,null,null,null,null,null,null,null,null,null,null,null,null,null,null,null,null,null,null,null,null,null,null,null,null,null,null,null,null,null,null,null,null,null,null,null,null,null,null,null,null,null,null,"CL","CENTILITRO"]
[null,null,null,null,null,null,null,null,null,null,null,null,null,null,null,null,null,null,null,null,null,null,null,null,null,null,null,null,null,null,null,null,null,null,null,null,null,null,null,null,null,null,null,null,null,null,null,"CM","CENTÍMETRO"]
[null,null,null,null,null,null,null,null,null,null,null,null,null,null,null,null,null,null,null,null,null,null,null,null,null,null,null,null,null,null,null,null,null,null,null,null,null,null,null,null,null,null,null,null,null,null,null,"CM/POL","CENTÍMETRO/POLEGADA"]
[null,null,null,null,null,null,null,null,null,null,null,null,null,null,null,null,null,null,null,null,null,null,null,null,null,null,null,null,null,null,null,null,null,null,null,null,null,null,null,null,null,null,null,null,null,null,null,"CM2","CENTIMETRO QUADRADO"]
[null,null,null,null,null,null,null,null,null,null,null,null,null,null,null,null,null,null,null,null,null,null,null,null,null,null,null,null,null,null,null,null,null,null,null,null,null,null,null,null,null,null,null,null,null,null,null,"CM2/H","CENT.QUAD/HORA"]
[null,null,null,null,null,null,null,null,null,null,null,null,null,null,null,null,null,null,null,null,null,null,null,null,null,null,null,null,null,null,null,null,null,null,null,null,null,null,null,null,null,null,null,null,null,null,null,"CM2/M","CENT.QUADRADO/METRO"]
[null,null,null,null,null,null,null,null,null,null,null,null,null,null,null,null,null,null,null,null,null,null,null,null,null,null,null,null,null,null,null,null,null,null,null,null,null,null,null,null,null,null,null,null,null,null,null,"CM3","CENTÍMETRO CÚBICO"]
[null,null,null,null,null,null,null,null,null,null,null,null,null,null,null,null,null,null,null,null,null,null,null,null,null,null,null,null,null,null,null,null,null,null,null,null,null,null,null,null,null,null,null,null,null,null,null,"CM³/H","CENT.CÚBICO POR HORA"]
[null,null,null,null,null,null,null,null,null,null,null,null,null,null,null,null,null,null,null,null,null,null,null,null,null,null,null,null,null,null,null,null,null,null,null,null,null,null,null,null,null,null,null,null,null,null,null,"CM³/MIN","CM³/MINUTO"]
[null,null,null,null,null,null,null,null,null,null,null,null,null,null,null,null,null,null,null,null,null,null,null,null,null,null,null,null,null,null,null,null,null,null,null,null,null,null,null,null,null,null,null,null,null,null,null,"CNT","RECIPIENTE"]
[null,null,null,null,null,null,null,null,null,null,null,null,null,null,null,null,null,null,null,null,null,null,null,null,null,null,null,null,null,null,null,null,null,null,null,null,null,null,null,null,null,null,null,null,null,null,null,"CO","CONTEINER"]
[null,null,null,null,null,null,null,null,null,null,null,null,null,null,null,null,null,null,null,null,null,null,null,null,null,null,null,null,null,null,null,null,null,null,null,null,null,null,null,null,null,null,null,null,null,null,null,"COL","COLEÇÃO"]
[null,null,null,null,null,null,null,null,null,null,null,null,null,null,null,null,null,null,null,null,null,null,null,null,null,null,null,null,null,null,null,null,null,null,null,null,null,null,null,null,null,null,null,null,null,null,null,"COMP","COMPRIMENTO"]
[null,null,null,null,null,null,null,null,null,null,null,null,null,null,null,null,null,null,null,null,null,null,null,null,null,null,null,null,null,null,null,null,null,null,null,null,null,null,null,null,null,null,null,null,null,null,null,"COMPR","COMPRIMIDO"]
[null,null,null,null,null,null,null,null,null,null,null,null,null,null,null,null,null,null,null,null,null,null,null,null,null,null,null,null,null,null,null,null,null,null,null,null,null,null,null,null,null,null,null,null,null,null,null,"CÓPIA","CÓPIA"]
[null,null,null,null,null,null,null,null,null,null,null,null,null,null,null,null,null,null,null,null,null,null,null,null,null,null,null,null,null,null,null,null,null,null,null,null,null,null,null,null,null,null,null,null,null,null,null,"COPO","COPO"]
[null,null,null,null,null,null,null,null,null,null,null,null,null,null,null,null,null,null,null,null,null,null,null,null,null,null,null,null,null,null,null,null,null,null,null,null,null,null,null,null,null,null,null,null,null,null,null,"CP","CENTIPOISE"]
[null,null,null,null,null,null,null,null,null,null,null,null,null,null,null,null,null,null,null,null,null,null,null,null,null,null,null,null,null,null,null,null,null,null,null,null,null,null,null,null,null,null,null,null,null,null,null,"CPL","CARACTERES POR LINHA"]
[null,null,null,null,null,null,null,null,null,null,null,null,null,null,null,null,null,null,null,null,null,null,null,null,null,null,null,null,null,null,null,null,null,null,null,null,null,null,null,null,null,null,null,null,null,null,null,"CPM","CÓPIA POR MINUTO"]
[null,null,null,null,null,null,null,null,null,null,null,null,null,null,null,null,null,null,null,null,null,null,null,null,null,null,null,null,null,null,null,null,null,null,null,null,null,null,null,null,null,null,null,null,null,null,null,"CPS","CARACTER POR SEGUNDO"]
[null,null,null,null,null,null,null,null,null,null,null,null,null,null,null,null,null,null,null,null,null,null,null,null,null,null,null,null,null,null,null,null,null,null,null,null,null,null,null,null,null,null,null,null,null,null,null,"CRT","CARRETEL"]
[null,null,null,null,null,null,null,null,null,null,null,null,null,null,null,null,null,null,null,null,null,null,null,null,null,null,null,null,null,null,null,null,null,null,null,null,null,null,null,null,null,null,null,null,null,null,null,"CS","GRADEADO DE JAULA"]
[null,null,null,null,null,null,null,null,null,null,null,null,null,null,null,null,null,null,null,null,null,null,null,null,null,null,null,null,null,null,null,null,null,null,null,null,null,null,null,null,null,null,null,null,null,null,null,"CST","CENTISTOCKS"]
[null,null,null,null,null,null,null,null,null,null,null,null,null,null,null,null,null,null,null,null,null,null,null,null,null,null,null,null,null,null,null,null,null,null,null,null,null,null,null,null,null,null,null,null,null,null,null,"CT","CARTAO"]
[null,null,null,null,null,null,null,null,null,null,null,null,null,null,null,null,null,null,null,null,null,null,null,null,null,null,null,null,null,null,null,null,null,null,null,null,null,null,null,null,null,null,null,null,null,null,null,"CTE","CARTELA"]
[null,null,null,null,null,null,null,null,null,null,null,null,null,null,null,null,null,null,null,null,null,null,null,null,null,null,null,null,null,null,null,null,null,null,null,null,null,null,null,null,null,null,null,null,null,null,null,"CV","CAVALO VAPOR"]
[null,null,null,null,null,null,null,null,null,null,null,null,null,null,null,null,null,null,null,null,null,null,null,null,null,null,null,null,null,null,null,null,null,null,null,null,null,null,null,null,null,null,null,null,null,null,null,"CX","CAIXA"]
[null,null,null,null,null,null,null,null,null,null,null,null,null,null,null,null,null,null,null,null,null,null,null,null,null,null,null,null,null,null,null,null,null,null,null,null,null,null,null,null,null,null,null,null,null,null,null,"CX100UN","CAIXA COM 100 UNIDADES"]
[null,null,null,null,null,null,null,null,null,null,null,null,null,null,null,null,null,null,null,null,null,null,null,null,null,null,null,null,null,null,null,null,null,null,null,null,null,null,null,null,null,null,null,null,null,null,null,"CX40UN","CAIXA COM 40 UNIDADES"]
[null,null,null,null,null,null,null,null,null,null,null,null,null,null,null,null,null,null,null,null,null,null,null,null,null,null,null,null,null,null,null,null,null,null,null,null,null,null,null,null,null,null,null,null,null,null,null,"D","DIA"]
[null,null,null,null,null,null,null,null,null,null,null,null,null,null,null,null,null,null,null,null,null,null,null,null,null,null,null,null,null,null,null,null,null,null,null,null,null,null,null,null,null,null,null,null,null,null,null,"DAG","DECAGRAMA"]
[null,null,null,null,null,null,null,null,null,null,null,null,null,null,null,null,null,null,null,null,null,null,null,null,null,null,null,null,null,null,null,null,null,null,null,null,null,null,null,null,null,null,null,null,null,null,null,"DAL","DECALITRO"]
[null,null,null,null,null,null,null,null,null,null,null,null,null,null,null,null,null,null,null,null,null,null,null,null,null,null,null,null,null,null,null,null,null,null,null,null,null,null,null,null,null,null,null,null,null,null,null,"DAM","DECAMETRO"]
[null,null,null,null,null,null,null,null,null,null,null,null,null,null,null,null,null,null,null,null,null,null,null,null,null,null,null,null,null,null,null,null,null,null,null,null,null,null,null,null,null,null,null,null,null,null,null,"DAN","DECANEWTON"]
[null,null,null,null,null,null,null,null,null,null,null,null,null,null,null,null,null,null,null,null,null,null,null,null,null,null,null,null,null,null,null,null,null,null,null,null,null,null,null,null,null,null,null,null,null,null,null,"DB","DECIBEL"]
[null,null,null,null,null,null,null,null,null,null,null,null,null,null,null,null,null,null,null,null,null,null,null,null,null,null,null,null,null,null,null,null,null,null,null,null,null,null,null,null,null,null,null,null,null,null,null,"DBM","DECIBEL MILIWATT"]
[null,null,null,null,null,null,null,null,null,null,null,null,null,null,null,null,null,null,null,null,null,null,null,null,null,null,null,null,null,null,null,null,null,null,null,null,null,null,null,null,null,null,null,null,null,null,null,"DG","DECIGRAMA"]
[null,null,null,null,null,null,null,null,null,null,null,null,null,null,null,null,null,null,null,null,null,null,null,null,null,null,null,null,null,null,null,null,null,null,null,null,null,null,null,null,null,null,null,null,null,null,null,"DGT","DÍGITO"]
[null,null,null,null,null,null,null,null,null,null,null,null,null,null,null,null,null,null,null,null,null,null,null,null,null,null,null,null,null,null,null,null,null,null,null,null,null,null,null,null,null,null,null,null,null,null,null,"DIA","DIA"]
[null,null,null,null,null,null,null,null,null,null,null,null,null,null,null,null,null,null,null,null,null,null,null,null,null,null,null,null,null,null,null,null,null,null,null,null,null,null,null,null,null,null,null,null,null,null,null,"DIAS","DIAS"]
[null,null,null,null,null,null,null,null,null,null,null,null,null,null,null,null,null,null,null,null,null,null,null,null,null,null,null,null,null,null,null,null,null,null,null,null,null,null,null,null,null,null,null,null,null,null,null,"DISCO","DISCO"]
[null,null,null,null,null,null,null,null,null,null,null,null,null,null,null,null,null,null,null,null,null,null,null,null,null,null,null,null,null,null,null,null,null,null,null,null,null,null,null,null,null,null,null,null,null,null,null,"DL","DECALITRO"]
[null,null,null,null,null,null,null,null,null,null,null,null,null,null,null,null,null,null,null,null,null,null,null,null,null,null,null,null,null,null,null,null,null,null,null,null,null,null,null,null,null,null,null,null,null,null,null,"DM","DECIMETRO"]
[null,null,null,null,null,null,null,null,null,null,null,null,null,null,null,null,null,null,null,null,null,null,null,null,null,null,null,null,null,null,null,null,null,null,null,null,null,null,null,null,null,null,null,null,null,null,null,"DM2","DECIMETRO QUADRADO"]
[null,null,null,null,null,null,null,null,null,null,null,null,null,null,null,null,null,null,null,null,null,null,null,null,null,null,null,null,null,null,null,null,null,null,null,null,null,null,null,null,null,null,null,null,null,null,null,"DM3","DECIMETRO CUBICO"]
[null,null,null,null,null,null,null,null,null,null,null,null,null,null,null,null,null,null,null,null,null,null,null,null,null,null,null,null,null,null,null,null,null,null,null,null,null,null,null,null,null,null,null,null,null,null,null,"DM3","DECIMETRO CUBICO"]
[null,null,null,null,null,null,null,null,null,null,null,null,null,null,null,null,null,null,null,null,null,null,null,null,null,null,null,null,null,null,null,null,null,null,null,null,null,null,null,null,null,null,null,null,null,null,null,"DOSES","DOSES"]
[null,null,null,null,null,null,null,null,null,null,null,null,null,null,null,null,null,null,null,null,null,null,null,null,null,null,null,null,null,null,null,null,null,null,null,null,null,null,null,null,null,null,null,null,null,null,null,"DPI","PONTOS DE DEFINIÇÃO"]
[null,null,null,null,null,null,null,null,null,null,null,null,null,null,null,null,null,null,null,null,null,null,null,null,null,null,null,null,null,null,null,null,null,null,null,null,null,null,null,null,null,null,null,null,null,null,null,"DPT","DIOPTRIA"]
[null,null,null,null,null,null,null,null,null,null,null,null,null,null,null,null,null,null,null,null,null,null,null,null,null,null,null,null,null,null,null,null,null,null,null,null,null,null,null,null,null,null,null,null,null,null,null,"DRAG","DRÁGEA"]
[null,null,null,null,null,null,null,null,null,null,null,null,null,null,null,null,null,null,null,null,null,null,null,null,null,null,null,null,null,null,null,null,null,null,null,null,null,null,null,null,null,null,null,null,null,null,null,"DZ","DUZIA"]
[null,null,null,null,null,null,null,null,null,null,null,null,null,null,null,null,null,null,null,null,null,null,null,null,null,null,null,null,null,null,null,null,null,null,null,null,null,null,null,null,null,null,null,null,null,null,null,"EMB","EMBALAGEM"]
[null,null,null,null,null,null,null,null,null,null,null,null,null,null,null,null,null,null,null,null,null,null,null,null,null,null,null,null,null,null,null,null,null,null,null,null,null,null,null,null,null,null,null,null,null,null,null,"EMB/H","EMBALAGEM POR HORA"]
[null,null,null,null,null,null,null,null,null,null,null,null,null,null,null,null,null,null,null,null,null,null,null,null,null,null,null,null,null,null,null,null,null,null,null,null,null,null,null,null,null,null,null,null,null,null,null,"EMP","EMPLASTRO"]
[null,null,null,null,null,null,null,null,null,null,null,null,null,null,null,null,null,null,null,null,null,null,null,null,null,null,null,null,null,null,null,null,null,null,null,null,null,null,null,null,null,null,null,null,null,null,null,"ENV","ENVELOPE"]
[null,null,null,null,null,null,null,null,null,null,null,null,null,null,null,null,null,null,null,null,null,null,null,null,null,null,null,null,null,null,null,null,null,null,null,null,null,null,null,null,null,null,null,null,null,null,null,"ENV27/9G","ENVELOPE COM 27,9 g"]
[null,null,null,null,null,null,null,null,null,null,null,null,null,null,null,null,null,null,null,null,null,null,null,null,null,null,null,null,null,null,null,null,null,null,null,null,null,null,null,null,null,null,null,null,null,null,null,"ENV30G","ENVELOPE COM 30 g"]
[null,null,null,null,null,null,null,null,null,null,null,null,null,null,null,null,null,null,null,null,null,null,null,null,null,null,null,null,null,null,null,null,null,null,null,null,null,null,null,null,null,null,null,null,null,null,null,"EQP","EQUIPAMENTO"]
[null,null,null,null,null,null,null,null,null,null,null,null,null,null,null,null,null,null,null,null,null,null,null,null,null,null,null,null,null,null,null,null,null,null,null,null,null,null,null,null,null,null,null,null,null,null,null,"EST","ESTUDANTE"]
[null,null,null,null,null,null,null,null,null,null,null,null,null,null,null,null,null,null,null,null,null,null,null,null,null,null,null,null,null,null,null,null,null,null,null,null,null,null,null,null,null,null,null,null,null,null,null,"EV","ELÉTRON-VOLT"]
[null,null,null,null,null,null,null,null,null,null,null,null,null,null,null,null,null,null,null,null,null,null,null,null,null,null,null,null,null,null,null,null,null,null,null,null,null,null,null,null,null,null,null,null,null,null,null,"F","FARAD"]
[null,null,null,null,null,null,null,null,null,null,null,null,null,null,null,null,null,null,null,null,null,null,null,null,null,null,null,null,null,null,null,null,null,null,null,null,null,null,null,null,null,null,null,null,null,null,null,"FCK","FCK"]
[null,null,null,null,null,null,null,null,null,null,null,null,null,null,null,null,null,null,null,null,null,null,null,null,null,null,null,null,null,null,null,null,null,null,null,null,null,null,null,null,null,null,null,null,null,null,null,"FD","FARDO"]
[null,null,null,null,null,null,null,null,null,null,null,null,null,null,null,null,null,null,null,null,null,null,null,null,null,null,null,null,null,null,null,null,null,null,null,null,null,null,null,null,null,null,null,null,null,null,null,"FL","FOLHA"]
[null,null,null,null,null,null,null,null,null,null,null,null,null,null,null,null,null,null,null,null,null,null,null,null,null,null,null,null,null,null,null,null,null,null,null,null,null,null,null,null,null,null,null,null,null,null,null,"FLAC","FLACONETE"]
[null,null,null,null,null,null,null,null,null,null,null,null,null,null,null,null,null,null,null,null,null,null,null,null,null,null,null,null,null,null,null,null,null,null,null,null,null,null,null,null,null,null,null,null,null,null,null,"FLS/H","FOLHAS POR HORA"]
[null,null,null,null,null,null,null,null,null,null,null,null,null,null,null,null,null,null,null,null,null,null,null,null,null,null,null,null,null,null,null,null,null,null,null,null,null,null,null,null,null,null,null,null,null,null,null,"FPM","FLASH POR MINUTO"]
[null,null,null,null,null,null,null,null,null,null,null,null,null,null,null,null,null,null,null,null,null,null,null,null,null,null,null,null,null,null,null,null,null,null,null,null,null,null,null,null,null,null,null,null,null,null,null,"FPS","FOTOS P/SEGUNDO"]
[null,null,null,null,null,null,null,null,null,null,null,null,null,null,null,null,null,null,null,null,null,null,null,null,null,null,null,null,null,null,null,null,null,null,null,null,null,null,null,null,null,null,null,null,null,null,null,"FR","FRASCO"]
[null,null,null,null,null,null,null,null,null,null,null,null,null,null,null,null,null,null,null,null,null,null,null,null,null,null,null,null,null,null,null,null,null,null,null,null,null,null,null,null,null,null,null,null,null,null,null,"FR1000ML","FRASCO COM 1000 mL"]
[null,null,null,null,null,null,null,null,null,null,null,null,null,null,null,null,null,null,null,null,null,null,null,null,null,null,null,null,null,null,null,null,null,null,null,null,null,null,null,null,null,null,null,null,null,null,null,"FR100DS","FRASCO COM 100 DOSES"]
[null,null,null,null,null,null,null,null,null,null,null,null,null,null,null,null,null,null,null,null,null,null,null,null,null,null,null,null,null,null,null,null,null,null,null,null,null,null,null,null,null,null,null,null,null,null,null,"FR100ML","FRASCO COM 100 mL"]
[null,null,null,null,null,null,null,null,null,null,null,null,null,null,null,null,null,null,null,null,null,null,null,null,null,null,null,null,null,null,null,null,null,null,null,null,null,null,null,null,null,null,null,null,null,null,null,"FR105ML","FRASCO COM 105 mL"]
[null,null,null,null,null,null,null,null,null,null,null,null,null,null,null,null,null,null,null,null,null,null,null,null,null,null,null,null,null,null,null,null,null,null,null,null,null,null,null,null,null,null,null,null,null,null,null,"FR10ML","FRASCO COM 10 mL"]
[null,null,null,null,null,null,null,null,null,null,null,null,null,null,null,null,null,null,null,null,null,null,null,null,null,null,null,null,null,null,null,null,null,null,null,null,null,null,null,null,null,null,null,null,null,null,null,"FR110ML","FRASCO COM 110 mL"]
[null,null,null,null,null,null,null,null,null,null,null,null,null,null,null,null,null,null,null,null,null,null,null,null,null,null,null,null,null,null,null,null,null,null,null,null,null,null,null,null,null,null,null,null,null,null,null,"FR1200MG","FRASCO COM 1200 MG"]
[null,null,null,null,null,null,null,null,null,null,null,null,null,null,null,null,null,null,null,null,null,null,null,null,null,null,null,null,null,null,null,null,null,null,null,null,null,null,null,null,null,null,null,null,null,null,null,"FR120DS","FRASCO COM 120 DOSES"]
[null,null,null,null,null,null,null,null,null,null,null,null,null,null,null,null,null,null,null,null,null,null,null,null,null,null,null,null,null,null,null,null,null,null,null,null,null,null,null,null,null,null,null,null,null,null,null,"FR120ML","FRASCO COM 120 mL"]
[null,null,null,null,null,null,null,null,null,null,null,null,null,null,null,null,null,null,null,null,null,null,null,null,null,null,null,null,null,null,null,null,null,null,null,null,null,null,null,null,null,null,null,null,null,null,null,"FR125ML","FRASCO COM 125 mL"]
[null,null,null,null,null,null,null,null,null,null,null,null,null,null,null,null,null,null,null,null,null,null,null,null,null,null,null,null,null,null,null,null,null,null,null,null,null,null,null,null,null,null,null,null,null,null,null,"FR130DS","FRASCO COM 130 DOSES"]
[null,null,null,null,null,null,null,null,null,null,null,null,null,null,null,null,null,null,null,null,null,null,null,null,null,null,null,null,null,null,null,null,null,null,null,null,null,null,null,null,null,null,null,null,null,null,null,"FR1500MG","FRASCO COM 1500 MG"]
[null,null,null,null,null,null,null,null,null,null,null,null,null,null,null,null,null,null,null,null,null,null,null,null,null,null,null,null,null,null,null,null,null,null,null,null,null,null,null,null,null,null,null,null,null,null,null,"FR150DS","FRASCO COM 150 DOSES"]
[null,null,null,null,null,null,null,null,null,null,null,null,null,null,null,null,null,null,null,null,null,null,null,null,null,null,null,null,null,null,null,null,null,null,null,null,null,null,null,null,null,null,null,null,null,null,null,"FR150ML","FRASCO COM 150 mL"]
[null,null,null,null,null,null,null,null,null,null,null,null,null,null,null,null,null,null,null,null,null,null,null,null,null,null,null,null,null,null,null,null,null,null,null,null,null,null,null,null,null,null,null,null,null,null,null,"FR15ML","FRASCO COM 15 mL"]
[null,null,null,null,null,null,null,null,null,null,null,null,null,null,null,null,null,null,null,null,null,null,null,null,null,null,null,null,null,null,null,null,null,null,null,null,null,null,null,null,null,null,null,null,null,null,null,"FR160ML","FRASCO COM 160 mL"]
[null,null,null,null,null,null,null,null,null,null,null,null,null,null,null,null,null,null,null,null,null,null,null,null,null,null,null,null,null,null,null,null,null,null,null,null,null,null,null,null,null,null,null,null,null,null,null,"FR200DS","FRASCO COM 200 DOSES"]
[null,null,null,null,null,null,null,null,null,null,null,null,null,null,null,null,null,null,null,null,null,null,null,null,null,null,null,null,null,null,null,null,null,null,null,null,null,null,null,null,null,null,null,null,null,null,null,"FR200ML","FRASCO COM 200 mL"]
[null,null,null,null,null,null,null,null,null,null,null,null,null,null,null,null,null,null,null,null,null,null,null,null,null,null,null,null,null,null,null,null,null,null,null,null,null,null,null,null,null,null,null,null,null,null,null,"FR20ML","FRASCO COM 20 mL"]
[null,null,null,null,null,null,null,null,null,null,null,null,null,null,null,null,null,null,null,null,null,null,null,null,null,null,null,null,null,null,null,null,null,null,null,null,null,null,null,null,null,null,null,null,null,null,null,"FR240ML","FRASCO COM 240 mL"]
[null,null,null,null,null,null,null,null,null,null,null,null,null,null,null,null,null,null,null,null,null,null,null,null,null,null,null,null,null,null,null,null,null,null,null,null,null,null,null,null,null,null,null,null,null,null,null,"FR250ML","FRASCO COM 250 mL"]
[null,null,null,null,null,null,null,null,null,null,null,null,null,null,null,null,null,null,null,null,null,null,null,null,null,null,null,null,null,null,null,null,null,null,null,null,null,null,null,null,null,null,null,null,null,null,null,"FR300DS","FRASCO COM 300 DOSES"]
[null,null,null,null,null,null,null,null,null,null,null,null,null,null,null,null,null,null,null,null,null,null,null,null,null,null,null,null,null,null,null,null,null,null,null,null,null,null,null,null,null,null,null,null,null,null,null,"FR300ML","FRASCO COM 300 mL"]
[null,null,null,null,null,null,null,null,null,null,null,null,null,null,null,null,null,null,null,null,null,null,null,null,null,null,null,null,null,null,null,null,null,null,null,null,null,null,null,null,null,null,null,null,null,null,null,"FR30DS","FRASCO COM 30 DOSES"]
[null,null,null,null,null,null,null,null,null,null,null,null,null,null,null,null,null,null,null,null,null,null,null,null,null,null,null,null,null,null,null,null,null,null,null,null,null,null,null,null,null,null,null,null,null,null,null,"FR30G","FRASCO COM 30 g"]
[null,null,null,null,null,null,null,null,null,null,null,null,null,null,null,null,null,null,null,null,null,null,null,null,null,null,null,null,null,null,null,null,null,null,null,null,null,null,null,null,null,null,null,null,null,null,null,"FR30ML","FRASCO COM 30 mL"]
[null,null,null,null,null,null,null,null,null,null,null,null,null,null,null,null,null,null,null,null,null,null,null,null,null,null,null,null,null,null,null,null,null,null,null,null,null,null,null,null,null,null,null,null,null,null,null,"FR340ML","FRASCO COM 340 mL"]
[null,null,null,null,null,null,null,null,null,null,null,null,null,null,null,null,null,null,null,null,null,null,null,null,null,null,null,null,null,null,null,null,null,null,null,null,null,null,null,null,null,null,null,null,null,null,null,"FR350ML","FRASCO COM 350 mL"]
[null,null,null,null,null,null,null,null,null,null,null,null,null,null,null,null,null,null,null,null,null,null,null,null,null,null,null,null,null,null,null,null,null,null,null,null,null,null,null,null,null,null,null,null,null,null,null,"FR40ML","FRASCO COM 40 mL"]
[null,null,null,null,null,null,null,null,null,null,null,null,null,null,null,null,null,null,null,null,null,null,null,null,null,null,null,null,null,null,null,null,null,null,null,null,null,null,null,null,null,null,null,null,null,null,null,"FR45ML","FRASCO COM 45 mL"]
[null,null,null,null,null,null,null,null,null,null,null,null,null,null,null,null,null,null,null,null,null,null,null,null,null,null,null,null,null,null,null,null,null,null,null,null,null,null,null,null,null,null,null,null,null,null,null,"FR500ML","FRASCO COM 500 mL"]
[null,null,null,null,null,null,null,null,null,null,null,null,null,null,null,null,null,null,null,null,null,null,null,null,null,null,null,null,null,null,null,null,null,null,null,null,null,null,null,null,null,null,null,null,null,null,null,"H","HORA"]
[null,null,null,null,null,null,null,null,null,null,null,null,null,null,null,null,null,null,null,null,null,null,null,null,null,null,null,null,null,null,null,null,null,null,null,null,null,null,null,null,null,null,null,null,null,null,null,"KG","QUILOGRAMA"]
[null,null,null,null,null,null,null,null,null,null,null,null,null,null,null,null,null,null,null,null,null,null,null,null,null,null,null,null,null,null,null,null,null,null,null,null,null,null,null,null,null,null,null,null,null,null,null,"KM","QUILOMETRO"]
[null,null,null,null,null,null,null,null,null,null,null,null,null,null,null,null,null,null,null,null,null,null,null,null,null,null,null,null,null,null,null,null,null,null,null,null,null,null,null,null,null,null,null,null,null,null,null,"M","METRO"]
[null,null,null,null,null,null,null,null,null,null,null,null,null,null,null,null,null,null,null,null,null,null,null,null,null,null,null,null,null,null,null,null,null,null,null,null,null,null,null,null,null,null,null,null,null,null,null,"M2","METRO QUADRADO"]
[null,null,null,null,null,null,null,null,null,null,null,null,null,null,null,null,null,null,null,null,null,null,null,null,null,null,null,null,null,null,null,null,null,null,null,null,null,null,null,null,null,null,null,null,null,null,null,"M3","METRO CÚBICO"]
[null,null,null,null,null,null,null,null,null,null,null,null,null,null,null,null,null,null,null,null,null,null,null,null,null,null,null,null,null,null,null,null,null,null,null,null,null,null,null,null,null,null,null,null,null,null,null,"M3XKM","M3XKM"]
[null,null,null,null,null,null,null,null,null,null,null,null,null,null,null,null,null,null,null,null,null,null,null,null,null,null,null,null,null,null,null,null,null,null,null,null,null,null,null,null,null,null,null,null,null,null,null,"MES","MES"]
[null,null,null,null,null,null,null,null,null,null,null,null,null,null,null,null,null,null,null,null,null,null,null,null,null,null,null,null,null,null,null,null,null,null,null,null,null,null,null,null,null,null,null,null,null,null,null,"MÊS","MÊS/MESES"]
[null,null,null,null,null,null,null,null,null,null,null,null,null,null,null,null,null,null,null,null,null,null,null,null,null,null,null,null,null,null,null,null,null,null,null,null,null,null,null,null,null,null,null,null,null,null,null,"MESES","MÊS/MESES"]
[null,null,null,null,null,null,null,null,null,null,null,null,null,null,null,null,null,null,null,null,null,null,null,null,null,null,null,null,null,null,null,null,null,null,null,null,null,null,null,null,null,null,null,null,null,null,null,"OUTRAS","OUTRAS"]
[null,null,null,null,null,null,null,null,null,null,null,null,null,null,null,null,null,null,null,null,null,null,null,null,null,null,null,null,null,null,null,null,null,null,null,null,null,null,null,null,null,null,null,null,null,null,null,"PAR","PAR"]
[null,null,null,null,null,null,null,null,null,null,null,null,null,null,null,null,null,null,null,null,null,null,null,null,null,null,null,null,null,null,null,null,null,null,null,null,null,null,null,null,null,null,null,null,null,null,null,"PC","PEÇA"]
[null,null,null,null,null,null,null,null,null,null,null,null,null,null,null,null,null,null,null,null,null,null,null,null,null,null,null,null,null,null,null,null,null,null,null,null,null,null,null,null,null,null,null,null,null,null,null,"T","TONELADA"]
[null,null,null,null,null,null,null,null,null,null,null,null,null,null,null,null,null,null,null,null,null,null,null,null,null,null,null,null,null,null,null,null,null,null,null,null,null,null,null,null,null,null,null,null,null,null,null,"TXKM","TXKM"]
[null,null,null,null,null,null,null,null,null,null,null,null,null,null,null,null,null,null,null,null,null,null,null,null,null,null,null,null,null,null,null,null,null,null,null,null,null,null,null,null,null,null,null,null,null,null,null,"UN","UNIDADE"]

{"sheet":"BDI","index":3,"n_rows":146,"n_cols":26,"rows_kept":146,"cut":false,"hidden":false,"merged":[[4,9,4,10],[4,11,4,12],[4,13,4,18],[0,17,0,18],[1,17,1,18],[3,9,3,10],[3,11,3,12],[3,13,3,18],[10,9,10,16],[10,17,10,18],[6,9,6,18],[7,9,7,18],[9,9,9,16],[9,17,9,18],[18,23,19,23],[18,24,19,24],[16,9,16,18],[18,25,19,25],[18,20,19,22],[18,9,19,16],[18,17,19,17],[18,18,19,18],[13,9,13,18],[15,9,15,18],[22,9,22,16],[22,20,22,22],[20,9,20,16],[20,20,20,22],[21,9,21,16],[21,20,21,22],[24,9,24,16],[24,20,24,22],[25,9,25,16],[25,20,25,22],[26,9,26,16],[26,20,26,22],[27,9,27,16],[27,20,27,22],[23,9,23,16],[23,20,23,22],[35,13,35,15],[37,9,37,18],[29,9,29,16],[31,10,31,18],[28,9,28,16],[28,20,28,22],[33,9,33,18],[34,12,35,12],[48,9,48,12],[53,9,53,18],[44,9,44,12],[44,15,44,18],[45,9,45,12],[47,9,47,12],[34,13,34,15],[34,16,35,16],[39,9,39,18],[42,9,42,18],[58,24,59,24],[58,25,59,25],[58,9,59,16],[58,17,59,17],[58,18,59,18],[58,20,59,22],[58,23,59,23],[60,9,60,16],[60,20,60,22],[55,9,55,18],[56,9,56,18],[63,9,63,16],[63,20,63,22],[61,9,61,16],[61,20,61,22],[62,9,62,16],[62,20,62,22],[64,9,64,16],[64,20,64,22],[65,9,65,16],[65,20,65,22],[66,20,66,22],[67,9,67,16],[67,20,67,22],[93,9,93,18],[84,9,84,12],[84,15,84,18],[66,9,66,16],[77,9,77,18],[69,9,69,16],[71,10,71,18],[88,9,88,12],[68,20,68,22],[85,9,85,12],[87,9,87,12],[73,9,73,18],[74,12,75,12],[79,9,79,18],[82,9,82,18],[75,13,75,15],[74,13,74,15],[74,16,75,16],[98,24,99,24],[98,25,99,25],[98,9,99,16],[98,17,99,17],[98,18,99,18],[98,23,99,23],[100,9,100,16],[100,20,100,22],[95,9,95,18],[96,9,96,18],[98,20,99,22],[107,20,107,22],[108,9,108,16],[108,20,108,22],[109,9,109,16],[111,10,111,18],[117,9,117,18],[5,8,9,8],[113,9,113,18],[106,9,106,16],[114,12,115,12],[104,9,104,16],[102,9,102,16],[68,9,68,16],[114,13,114,15],[114,16,115,16],[101,9,101,16],[101,20,101,22],[104,20,104,22],[105,9,105,16],[105,20,105,22],[103,9,103,16],[103,20,103,22],[102,20,102,22],[106,20,106,22],[128,9,128,12],[119,9,119,18],[122,9,122,18],[124,9,124,12],[124,15,124,18],[125,9,125,12],[127,9,127,12],[115,13,115,15],[107,9,107,16]]}
[null,null,null,null,"MIN","MED","MAX",null,null,null,null,null,null,null,{"$f":"\"Quadro de Composição do BDI\"","v":"Quadro de Composição do BDI"},null,null,"Grau de Sigilo"]
["Construção e Reforma de Edifícios","AC",{"$f":"CONCATENATE(A2,\"-\",B2)","v":"Construção e Reforma de Edifícios-AC"},null,0.03,0.04,5.5E-2,null,null,null,null,null,null,null,null,null,null,"#PUBLICO"]
[{"$f":"A2","v":"Construção e Reforma de Edifícios"},"SG","Construção e Reforma de Edifícios-SG",null,8.0000000000000002E-3,8.0000000000000002E-3,0.01]
[{"$f":"A3","v":"Construção e Reforma de Edifícios"},"R","Construção e Reforma de Edifícios-R",null,9.7000000000000003E-3,1.2699999999999999E-2,1.2699999999999999E-2,null,null,"Nº OPERAÇÃO",null,"Nº TRANSFEREGOV",null,"PROPONENTE / TOMADOR"]
[{"$f":"A4","v":"Construção e Reforma de Edifícios"},"DF","Construção e Reforma de Edifícios-DF",null,5.8999999999999999E-3,1.23E-2,1.3899999999999999E-2,null,null,{"$f":"Import.CR","v":"560000004413-25"},null,{"$f":"Import.TransfereGOV","v":"040594"},null,{"$f":"Import.Proponente","v":"PREFEITURA MUNICIPAL DE CHOPINZINHO"}]
[{"$f":"A5","v":"Construção e Reforma de Edifícios"},"L","Construção e Reforma de Edifícios-L",null,6.1600000000000002E-2,7.400000000000001E-2,8.9600000000000013E-2,null,"FILTRO"]
[{"$f":"A6","v":"Construção e Reforma de Edifícios"},"BDI PAD","Construção e Reforma de Edifícios-BDI PAD",null,0.2034,0.22120000000000001,0.25,null,null,"APELIDO DO EMPREENDIMENTO / DESCRIÇÃO DO LOTE",null,null,null,null,null,null,null,null,null,null,{"$f":"IF(OR(U10<>\"\",U11<>\"\"),\"Falta preencher os percentuais do ISS\",IF(U14<>\"\",\"Falta preencher o BDI 1\",IF(U54<>\"\",\"Falta preencher o BDI 2\",IF(U94<>\"\",\"Falta preencher o BDI 3\",\"\"))))","v":""}]
["Construção de Praças Urbanas, Rodovias, Ferrovias e recapeamento e pavimentação de vias urbanas","AC","Construção de Praças Urbanas, Rodovias, Ferrovias e recapeamento e pavimentação de vias urbanas-AC",null,3.7999999999999999E-2,4.0099999999999997E-2,4.6699999999999998E-2,null,null,{"$f":"Import.Apelido&\" / \"&Import.DescLote","v":"Casa térrea acessível, 2 quartos, Autil=47,46m², conforme Portaria MCID 1416/2023 / FNHIS SUB-50"},null,null,null,null,null,null,null,null,null,null,{"$f":"IF(U29=\"FORA DO INTERVALO\",\"BDI 1 fora do intervalo\",IF(U69=\"FORA DO INTERVALO\",\"BDI 2 fora do intervalo\",IF(U109=\"FORA DO INTERVALO\",\"BDI 3 fora do intervalo\",\"\")))","v":""}]
["Construção de Praças Urbanas, Rodovias, Ferrovias e recapeamento e pavimentação de vias urbanas","SG","Construção de Praças Urbanas, Rodovias, Ferrovias e recapeamento e pavimentação de vias urbanas-SG",null,3.2000000000000002E-3,4.0000000000000001E-3,7.4000000000000003E-3]
["Construção de Praças Urbanas, Rodovias, Ferrovias e recapeamento e pavimentação de vias urbanas","R","Construção de Praças Urbanas, Rodovias, Ferrovias e recapeamento e pavimentação de vias urbanas-R",null,5.0000000000000001E-3,5.6000000000000008E-3,9.7000000000000003E-3,null,null,"Conforme legislação tributária municipal, definir estimativa de percentual da base de cálculo para o ISS:",null,null,null,null,null,null,null,0.55000000000000004,null,null,{"$f":"IF(R10=\"\",\"Falta definir a base de cálculo para o ISS\",\"\")","v":""}]
["Construção de Praças Urbanas, Rodovias, Ferrovias e recapeamento e pavimentação de vias urbanas","DF","Construção de Praças Urbanas, Rodovias, Ferrovias e recapeamento e pavimentação de vias urbanas-DF",null,1.0200000000000001E-2,1.11E-2,1.21E-2,null,"↓","Sobre a base de cálculo, definir a respectiva alíquota do ISS (entre 2% e 5%):",null,null,null,null,null,null,null,0.03,null,null,{"$f":"IF(R11=\"\",\"Falta definir a alíquota do ISS\",\"\")","v":""}]
["Construção de Praças Urbanas, Rodovias, Ferrovias e recapeamento e pavimentação de vias urbanas","L","Construção de Praças Urbanas, Rodovias, Ferrovias e recapeamento e pavimentação de vias urbanas-L",null,6.6400000000000001E-2,7.2999999999999995E-2,8.6899999999999991E-2,null,"F"]
["Construção de Praças Urbanas, Rodovias, Ferrovias e recapeamento e pavimentação de vias urbanas","BDI PAD","Construção de Praças Urbanas, Rodovias, Ferrovias e recapeamento e pavimentação de vias urbanas-BDI PAD",null,0.19600000000000001,0.2097,0.24230000000000002,null,"F"]
["Construção de Redes de Abastecimento de Água, Coleta de Esgoto","AC","Construção de Redes de Abastecimento de Água, Coleta de Esgoto-AC",null,3.4300000000000004E-2,4.9299999999999997E-2,6.7099999999999993E-2,null,"F","BDI 1",null,null,null,null,null,null,null,null,null,null,{"$f":"IF(COUNTIF(ORÇAMENTO!$V$15:$V$237,BDI_1.Título)=0,\"\",IF(OR(Import.BDI.Tipo1=\"(SELECIONAR)\",Import.BDI.Tipo1=\"\",U17<>\"\",AND($J17<>$A$145,OR(S21=\"\",S22=\"\",AND($J17<>$A$146,OR(S23=\"\",S24=\"\")),S25=\"\",S26=\"\"))),\"Falta preencher o BDI 1\",\"\"))","v":""}]
[{"$f":"A14","v":"Construção de Redes de Abastecimento de Água, Coleta de Esgoto"},"SG","Construção de Redes de Abastecimento de Água, Coleta de Esgoto-SG",null,2.8000000000000004E-3,4.8999999999999998E-3,7.4999999999999997E-3,null,"F"]
[{"$f":"A15","v":"Construção de Redes de Abastecimento de Água, Coleta de Esgoto"},"R","Construção de Redes de Abastecimento de Água, Coleta de Esgoto-R",null,0.01,1.3899999999999999E-2,1.7399999999999999E-2,null,"F","TIPO DE OBRA"]
[{"$f":"A16","v":"Construção de Redes de Abastecimento de Água, Coleta de Esgoto"},"DF","Construção de Redes de Abastecimento de Água, Coleta de Esgoto-DF",null,9.3999999999999986E-3,9.8999999999999991E-3,1.1699999999999999E-2,null,"F","Construção e Reforma de Edifícios",null,null,null,null,null,null,null,null,null,{"$f":"IF(U17=\"\",\"\",\"◄\")","v":""},{"$f":"IF(AND(OR(S29>0,COUNTIF(ORÇAMENTO!$V$15:$V$237,BDI_1.Título)>0),OR(Import.BDI.Tipo1=\"(SELECIONAR)\",Import.BDI.Tipo1=\"\")),\"Selecione o Tipo de obra\",\"\")","v":""}]
[{"$f":"A17","v":"Construção de Redes de Abastecimento de Água, Coleta de Esgoto"},"L","Construção de Redes de Abastecimento de Água, Coleta de Esgoto-L",null,6.7400000000000002E-2,8.0399999999999985E-2,9.4E-2,null,"F"]
[{"$f":"A18","v":"Construção de Redes de Abastecimento de Água, Coleta de Esgoto"},"BDI PAD","Construção de Redes de Abastecimento de Água, Coleta de Esgoto-BDI PAD",null,0.20760000000000001,0.24179999999999999,0.26440000000000002,null,"F","Itens",null,null,null,null,null,null,null,"Siglas","% Adotado",null,"Situação",null,null,"1º Quartil","Médio","3º Quartil"]
["Construção e Manutenção de Estações e Redes de Distribuição de Energia Elétrica","AC","Construção e Manutenção de Estações e Redes de Distribuição de Energia Elétrica-AC",null,5.2900000000000003E-2,5.9200000000000003E-2,7.9299999999999995E-2,null,"F"]
[{"$f":"A20","v":"Construção e Manutenção de Estações e Redes de Distribuição de Energia Elétrica"},"SG","Construção e Manutenção de Estações e Redes de Distribuição de Energia Elétrica-SG",null,2.5000000000000001E-3,5.1000000000000004E-3,5.6000000000000008E-3,null,"F",{"$f":"IF($J$17=$A$146,\"Encargos Sociais incidentes sobre a mão de obra\",\"Administração Central\")","v":"Administração Central"},null,null,null,null,null,null,null,{"$f":"IF($J17=$A$146,\"K1\",\"AC\")","v":"AC"},0.03,{"$f":"IF(AND($U$14<>\"\",$U$17=\"\",R21<>\"\",S21=\"\"),\"◄\",\"\")","v":""},{"$f":"IFERROR(IF(T21=\"◄\",\"FALTA PREENCHER\",IF(AND(OR(S21>=X21,X21=\"-\"),OR(S21<=Z21,Z21=\"-\")),\"OK\",\"FORA DO INTERVALO\")),\"-\")","v":"OK"},null,null,{"$f":"VLOOKUP(CONCATENATE(J17,\"-\",R21),$C$2:$G$136,3,FALSE)","v":0.03},{"$f":"VLOOKUP(CONCATENATE(J17,\"-\",R21),$C$2:$G$136,4,FALSE)","v":0.04},{"$f":"VLOOKUP(CONCATENATE(J17,\"-\",R21),$C$2:$G$136,5,FALSE)","v":5.5E-2}]
[{"$f":"A21","v":"Construção e Manutenção de Estações e Redes de Distribuição de Energia Elétrica"},"R","Construção e Manutenção de Estações e Redes de Distribuição de Energia Elétrica-R",null,0.01,1.4800000000000001E-2,1.9699999999999999E-2,null,"F",{"$f":"IF($J$17=$A$146,\"Administração Central da empresa ou consultoria - overhead\",\"Seguro e Garantia\")","v":"Seguro e Garantia"},null,null,null,null,null,null,null,{"$f":"IF($J17=$A$146,\"K2\",\"SG\")","v":"SG"},8.0000000000000002E-3,{"$f":"IF(AND($U$14<>\"\",$U$17=\"\",R22<>\"\",S22=\"\"),\"◄\",\"\")","v":""},{"$f":"IFERROR(IF(T22=\"◄\",\"FALTA PREENCHER\",IF(AND(OR(S22>=X22,X22=\"-\"),OR(S22<=Z22,Z22=\"-\")),\"OK\",\"FORA DO INTERVALO\")),\"-\")","v":"OK"},null,null,{"$f":"VLOOKUP(CONCATENATE(J17,\"-\",R22),$C$2:$G$136,3,FALSE)","v":8.0000000000000002E-3},{"$f":"VLOOKUP(CONCATENATE(J17,\"-\",R22),$C$2:$G$136,4,FALSE)","v":8.0000000000000002E-3},{"$f":"VLOOKUP(CONCATENATE(J17,\"-\",R22),$C$2:$G$136,5,FALSE)","v":0.01}]
[{"$f":"A22","v":"Construção e Manutenção de Estações e Redes de Distribuição de Energia Elétrica"},"DF","Construção e Manutenção de Estações e Redes de Distribuição de Energia Elétrica-DF",null,1.01E-2,1.0700000000000001E-2,1.11E-2,null,"F","Risco",null,null,null,null,null,null,null,{"$f":"IF($J17=$A$146,\"\",\"R\")","v":"R"},1.2699999999999999E-2,"","OK",null,null,{"$f":"VLOOKUP(CONCATENATE(J17,\"-\",R23),$C$2:$G$136,3,FALSE)","v":9.7000000000000003E-3},{"$f":"VLOOKUP(CONCATENATE(J17,\"-\",R23),$C$2:$G$136,4,FALSE)","v":1.2699999999999999E-2},{"$f":"VLOOKUP(CONCATENATE(J17,\"-\",R23),$C$2:$G$136,5,FALSE)","v":1.2699999999999999E-2}]
[{"$f":"A23","v":"Construção e Manutenção de Estações e Redes de Distribuição de Energia Elétrica"},"L","Construção e Manutenção de Estações e Redes de Distribuição de Energia Elétrica-L",null,0.08,8.3100000000000007E-2,9.5100000000000004E-2,null,"F","Despesas Financeiras",null,null,null,null,null,null,null,{"$f":"IF($J17=$A$146,\"\",\"DF\")","v":"DF"},1.23E-2,"","OK",null,null,{"$f":"VLOOKUP(CONCATENATE(J17,\"-\",R24),$C$2:$G$136,3,FALSE)","v":5.8999999999999999E-3},{"$f":"VLOOKUP(CONCATENATE(J17,\"-\",R24),$C$2:$G$136,4,FALSE)","v":1.23E-2},{"$f":"VLOOKUP(CONCATENATE(J17,\"-\",R24),$C$2:$G$136,5,FALSE)","v":1.3899999999999999E-2}]
[{"$f":"A24","v":"Construção e Manutenção de Estações e Redes de Distribuição de Energia Elétrica"},"BDI PAD","Construção e Manutenção de Estações e Redes de Distribuição de Energia Elétrica-BDI PAD",null,0.24,0.25840000000000002,0.27860000000000001,null,"F",{"$f":"IF($J$17=$A$146,\"Margem bruta da empresa de consultoria\",\"Lucro\")","v":"Lucro"},null,null,null,null,null,null,null,{"$f":"IF($J17=$A$146,\"K3\",\"L\")","v":"L"},7.3999999999999996E-2,"","OK",null,null,{"$f":"VLOOKUP(CONCATENATE(J17,\"-\",R25),$C$2:$G$136,3,FALSE)","v":6.1600000000000002E-2},{"$f":"VLOOKUP(CONCATENATE(J17,\"-\",R25),$C$2:$G$136,4,FALSE)","v":7.400000000000001E-2},{"$f":"VLOOKUP(CONCATENATE(J17,\"-\",R25),$C$2:$G$136,5,FALSE)","v":8.9600000000000013E-2}]
["Obras Portuárias, Marítimas e Fluviais","AC","Obras Portuárias, Marítimas e Fluviais-AC",null,0.04,5.5199999999999999E-2,7.85E-2,null,"F","Tributos (impostos COFINS 3%, e  PIS 0,65%)",null,null,null,null,null,null,null,"CP",3.6499999999999998E-2,"","OK",null,null,{"$f":"Y26","v":3.6499999999999998E-2},{"$f":"IF($J17=$A$145,\"-\",3.65%)","v":3.6499999999999998E-2},{"$f":"Y26","v":3.6499999999999998E-2}]
[{"$f":"A26","v":"Obras Portuárias, Marítimas e Fluviais"},"SG","Obras Portuárias, Marítimas e Fluviais-SG",null,8.1000000000000013E-3,1.2199999999999999E-2,1.9900000000000001E-2,null,"F","Tributos (ISS, variável de acordo com o município)",null,null,null,null,null,null,null,"ISS",{"$f":"IF(AND($J17<>$A$145,COUNTA(OFFSET(S20,1,0,6))>0),$R$11*$R$10,0)","v":1.6500000000000001E-2},null,"OK",null,null,0,2.5000000000000001E-2,0.05]
[{"$f":"A27","v":"Obras Portuárias, Marítimas e Fluviais"},"R","Obras Portuárias, Marítimas e Fluviais-R",null,1.46E-2,2.3199999999999998E-2,3.1600000000000003E-2,null,"F","Tributos (Contribuição Previdenciária sobre a Receita Bruta - Lei 12.546 de 14/12/2011 - Desoneração)",null,null,null,null,null,null,null,"CPRB",{"$f":"IF(BDI.Opcao<>\"Desonerado\",0,IF(AND($J17<>$A$145,COUNTA(OFFSET(S20,1,0,6))>0),IF(YEAR(Import.DataBase)<2025,4.5%,IF(YEAR(Import.DataBase)=2025,3.6%,IF(YEAR(Import.DataBase)=2026,2.7%,IF(YEAR(Import.DataBase)=2027,1.8%,0%)))),0%))","v":3.6000000000000004E-2},null,"OK",null,null,{"$f":"$S28","v":3.6000000000000004E-2},{"$f":"$S28","v":3.6000000000000004E-2},{"$f":"$S28","v":3.6000000000000004E-2}]
[{"$f":"A28","v":"Obras Portuárias, Marítimas e Fluviais"},"DF","Obras Portuárias, Marítimas e Fluviais-DF",null,9.3999999999999986E-3,1.0200000000000001E-2,1.3300000000000001E-2,null,"F","BDI SEM desoneração (Fórmula Acórdão TCU)",null,null,null,null,null,null,null,"BDI PAD",{"$f":"IF($J17=$A$145,0,ROUND((((1+S21+S22+S23)*(1+S24)*(1+S25)/(1-(S26+S27)))-1),4))","v":0.20630000000000001},null,{"$f":"IFERROR(IF(AND(OR(S29>=X29,X29=\"-\"),OR(S29<=Z29,Z29=\"-\")),\"OK\",\"FORA DO INTERVALO\"),IF(S29=0,\"OK\",\"Selecione o Tipo de obra\"))","v":"OK"},null,null,{"$f":"IF($J17=$A$145,0,VLOOKUP(CONCATENATE($J17,\"-\",$R29),$C$2:$G$136,3,FALSE))","v":0.2034},{"$f":"IF($J17=$A$145,0,VLOOKUP(CONCATENATE($J17,\"-\",$R29),$C$2:$G$136,4,FALSE))","v":0.22120000000000001},{"$f":"IF($J17=$A$145,0,VLOOKUP(CONCATENATE($J17,\"-\",$R29),$C$2:$G$136,5,FALSE))","v":0.25}]
[{"$f":"A29","v":"Obras Portuárias, Marítimas e Fluviais"},"L","Obras Portuárias, Marítimas e Fluviais-L",null,7.1399999999999991E-2,8.4000000000000005E-2,0.1043,null,"F","BDI COM desoneração",null,null,null,null,null,null,null,"BDI DES",{"$f":"IF($J17=$A$145,0,ROUND((((1+S21+S22+S23)*(1+S24)*(1+S25)/(1-(S26+S27+S28)))-1),4))","v":0.25390000000000001}]
[{"$f":"A30","v":"Obras Portuárias, Marítimas e Fluviais"},"BDI PAD","Obras Portuárias, Marítimas e Fluviais-BDI PAD",null,0.22800000000000001,0.27479999999999999,0.3095,null,"F"]
["Fornecimento de Materiais e Equipamentos (aquisição indireta - em conjunto com licitação de obras)","AC","Fornecimento de Materiais e Equipamentos (aquisição indireta - em conjunto com licitação de obras)-AC",null,1.4999999999999999E-2,3.4500000000000003E-2,4.4900000000000002E-2,null,"F",{"$f":"IF(U29<>\"ok\",\"X\",\"\")","v":""},{"$f":"IF(U29<>\"ok\",\"Anexo: Relatório Técnico Circunstanciado justificando a adoção do percentual de cada parcela do BDI.\",\"\")","v":""}]
[{"$f":"A32","v":"Fornecimento de Materiais e Equipamentos (aquisição indireta - em conjunto com licitação de obras)"},"SG","Fornecimento de Materiais e Equipamentos (aquisição indireta - em conjunto com licitação de obras)-SG",null,3.0000000000000001E-3,4.7999999999999996E-3,8.199999999999999E-3,null,"F"]
[{"$f":"A33","v":"Fornecimento de Materiais e Equipamentos (aquisição indireta - em conjunto com licitação de obras)"},"R","Fornecimento de Materiais e Equipamentos (aquisição indireta - em conjunto com licitação de obras)-R",null,5.6000000000000008E-3,8.5000000000000006E-3,8.8999999999999999E-3,null,"F","Os valores de BDI foram calculados com o emprego da fórmula:"]
[{"$f":"A34","v":"Fornecimento de Materiais e Equipamentos (aquisição indireta - em conjunto com licitação de obras)"},"DF","Fornecimento de Materiais e Equipamentos (aquisição indireta - em conjunto com licitação de obras)-DF",null,8.5000000000000006E-3,8.5000000000000006E-3,1.11E-2,null,"F",null,null,null,"BDI =",{"$f":"IF($J17=$A$146,\"(1+K1+K2)*(1+K3)\",\"(1+AC + S + R + G)*(1 + DF)*(1+L)\")","v":"(1+AC + S + R + G)*(1 + DF)*(1+L)"},null,null," - 1"]
[{"$f":"A35","v":"Fornecimento de Materiais e Equipamentos (aquisição indireta - em conjunto com licitação de obras)"},"L","Fornecimento de Materiais e Equipamentos (aquisição indireta - em conjunto com licitação de obras)-L",null,3.5000000000000003E-2,5.1100000000000007E-2,6.2199999999999998E-2,null,"F",null,null,null,null,"(1-CP-ISS-CRPB)"]
[{"$f":"A36","v":"Fornecimento de Materiais e Equipamentos (aquisição indireta - em conjunto com licitação de obras)"},"BDI PAD","Fornecimento de Materiais e Equipamentos (aquisição indireta - em conjunto com licitação de obras)-BDI PAD",null,0.111,0.14019999999999999,0.16800000000000001,null,"F"]
["Fornecimento de Materiais e Equipamentos (aquisição direta)","AC","Fornecimento de Materiais e Equipamentos (aquisição direta)-AC",null,"-","-","-",null,"F",{"$f":"CONCATENATE(\"Declaro para os devidos fins que, conforme legislação tributária municipal, a base de cálculo deste tipo de obra corresponde à \",$R$10*100,\"%, com a respectiva alíquota de \",$R$11*100,\"%.\")","v":"Declaro para os devidos fins que, conforme legislação tributária municipal, a base de cálculo deste tipo de obra corresponde à 55%, com a respectiva alíquota de 3%."}]
["Fornecimento de Materiais e Equipamentos (aquisição direta)","SG","Fornecimento de Materiais e Equipamentos (aquisição direta)-SG",null,"-","-","-",null,"F"]
["Fornecimento de Materiais e Equipamentos (aquisição direta)","R","Fornecimento de Materiais e Equipamentos (aquisição direta)-R",null,"-","-","-",null,"F",{"$f":"CONCATENATE(\"Declaro para os devidos fins que o regime de Contribuição Previdenciária sobre a Receita Bruta adotado para elaboração do orçamento foi \",IF(DESONERACAO=\"Sim\",\"COM\",\"SEM\"),\" Desoneração, e que esta é a alternativa mais adequada para a Administração Pública.\")","v":"Declaro para os devidos fins que o regime de Contribuição Previdenciária sobre a Receita Bruta adotado para elaboração do orçamento foi COM Desoneração, e que esta é a alternativa mais adequada para a Administração Pública."}]
["Fornecimento de Materiais e Equipamentos (aquisição direta)","DF","Fornecimento de Materiais e Equipamentos (aquisição direta)-DF",null,"-","-","-",null,"F"]
["Fornecimento de Materiais e Equipamentos (aquisição direta)","L","Fornecimento de Materiais e Equipamentos (aquisição direta)-L",null,"-","-","-",null,"F","Observações:"]
["Fornecimento de Materiais e Equipamentos (aquisição direta)","BDI PAD","Fornecimento de Materiais e Equipamentos (aquisição direta)-BDI PAD",null,"-","-","-",null,"F"]
["Estudos e Projetos, Planos e Gerenciamento e outros correlatos","K1","Estudos e Projetos, Planos e Gerenciamento e outros correlatos-K1",null,"-","-","-",null,"F"]
[{"$f":"A44","v":"Estudos e Projetos, Planos e Gerenciamento e outros correlatos"},"K2","Estudos e Projetos, Planos e Gerenciamento e outros correlatos-K2",null,"-",0.2,"-",null,"F",{"$f":"Import.Município","v":"CHOPINZINHO/PR"},null,null,null,null,null,{"$f":"DADOS!$C$25","v":"2025-09-15"}]
[{"$f":"A45","v":"Estudos e Projetos, Planos e Gerenciamento e outros correlatos"},null,"Estudos e Projetos, Planos e Gerenciamento e outros correlatos-",null,"-","-","-",null,"F","Local",null,null,null,null,null,"Data"]
[{"$f":"A46","v":"Estudos e Projetos, Planos e Gerenciamento e outros correlatos"},null,"Estudos e Projetos, Planos e Gerenciamento e outros correlatos-",null,"-","-","-",null,"F"]
[{"$f":"A47","v":"Estudos e Projetos, Planos e Gerenciamento e outros correlatos"},"K3","Estudos e Projetos, Planos e Gerenciamento e outros correlatos-K3",null,"-",0.12,"-",null,"F"]
[{"$f":"A48","v":"Estudos e Projetos, Planos e Gerenciamento e outros correlatos"},"BDI PAD","Estudos e Projetos, Planos e Gerenciamento e outros correlatos-BDI PAD",null,"-","-","-",null,"F","Responsável Técnico"]
[null,null,null,null,null,null,null,null,"F","Nome:",{"$f":"Import.RespOrçamento","v":"LUCAS KIYOSHI YAMAZAKI"}]
[null,null,null,null,null,null,null,null,"F","CREA/CAU:","CREA PR-81.408/D"]
[null,null,null,null,null,null,null,null,"F","ART/RRT:","1720255343667 "]
[null,null,null,null,null,null,null,null,"F"]
[null,null,null,null,null,null,null,null,{"$f":"IF($S$69=0,\"\",\"F\")","v":""},"BDI 2",null,null,null,null,null,null,null,null,null,null,{"$f":"IF(COUNTIF(ORÇAMENTO!$V$15:$V$237,BDI_2.Título)=0,\"\",IF(OR(Import.BDI.Tipo2=\"(SELECIONAR)\",Import.BDI.Tipo2=\"\",U57<>\"\",AND($J57<>$A$145,OR(S61=\"\",S62=\"\",AND($J57<>$A$146,OR(S63=\"\",S64=\"\")),S65=\"\",S66=\"\"))),\"Falta preencher o BDI 2\",\"\"))","v":""}]
[null,null,null,null,null,null,null,null,{"$f":"IF($S$69=0,\"\",\"F\")","v":""}]
[null,null,null,null,null,null,null,null,"","TIPO DE OBRA"]
[null,null,null,null,null,null,null,null,"","(SELECIONAR)",null,null,null,null,null,null,null,null,null,{"$f":"IF(U57=\"\",\"\",\"◄\")","v":""},{"$f":"IF(AND(OR(S69>0,COUNTIF(ORÇAMENTO!$V$15:$V$237,BDI_2.Título)>0),OR(Import.BDI.Tipo2=\"(SELECIONAR)\",Import.BDI.Tipo2=\"\")),\"Selecione o Tipo de obra\",\"\")","v":""}]
[null,null,null,null,null,null,null,null,""]
[null,null,null,null,null,null,null,null,"","Itens",null,null,null,null,null,null,null,"Siglas","% Adotado",null,"Situação",null,null,"1º Quartil","Médio","3º Quartil"]
[null,null,null,null,null,null,null,null,""]
[null,null,null,null,null,null,null,null,"",{"$f":"IF($J$57=$A$146,\"Encargos Sociais incidentes sobre a mão de obra\",\"Administração Central\")","v":"Administração Central"},null,null,null,null,null,null,null,{"$f":"IF($J57=$A$146,\"K1\",\"AC\")","v":"AC"},null,{"$f":"IF(AND($U$54<>\"\",$U$57=\"\",R61<>\"\",S61=\"\"),\"◄\",\"\")","v":""},{"$f":"IFERROR(IF(T61=\"◄\",\"FALTA PREENCHER\",IF(AND(OR(S61>=X61,X61=\"-\"),OR(S61<=Z61,Z61=\"-\")),\"OK\",\"FORA DO INTERVALO\")),\"-\")","v":"-"},null,null,{"$f":"VLOOKUP(CONCATENATE(J57,\"-\",R61),$C$2:$G$136,3,FALSE)","v":{"$error":"#N/A"}},{"$f":"VLOOKUP(CONCATENATE(J57,\"-\",R61),$C$2:$G$136,4,FALSE)","v":{"$error":"#N/A"}},{"$f":"VLOOKUP(CONCATENATE(J57,\"-\",R61),$C$2:$G$136,5,FALSE)","v":{"$error":"#N/A"}}]
[null,null,null,null,null,null,null,null,"",{"$f":"IF($J$57=$A$146,\"Administração Central da empresa ou consultoria - overhead\",\"Seguro e Garantia\")","v":"Seguro e Garantia"},null,null,null,null,null,null,null,{"$f":"IF($J57=$A$146,\"K2\",\"SG\")","v":"SG"},null,{"$f":"IF(AND($U$54<>\"\",$U$57=\"\",R62<>\"\",S62=\"\"),\"◄\",\"\")","v":""},{"$f":"IFERROR(IF(T62=\"◄\",\"FALTA PREENCHER\",IF(AND(OR(S62>=X62,X62=\"-\"),OR(S62<=Z62,Z62=\"-\")),\"OK\",\"FORA DO INTERVALO\")),\"-\")","v":"-"},null,null,{"$f":"VLOOKUP(CONCATENATE(J57,\"-\",R62),$C$2:$G$136,3,FALSE)","v":{"$error":"#N/A"}},{"$f":"VLOOKUP(CONCATENATE(J57,\"-\",R62),$C$2:$G$136,4,FALSE)","v":{"$error":"#N/A"}},{"$f":"VLOOKUP(CONCATENATE(J57,\"-\",R62),$C$2:$G$136,5,FALSE)","v":{"$error":"#N/A"}}]
[null,null,null,null,null,null,null,null,"","Risco",null,null,null,null,null,null,null,{"$f":"IF($J57=$A$146,\"\",\"R\")","v":"R"},null,"","-",null,null,{"$f":"VLOOKUP(CONCATENATE(J57,\"-\",R63),$C$2:$G$136,3,FALSE)","v":{"$error":"#N/A"}},{"$f":"VLOOKUP(CONCATENATE(J57,\"-\",R63),$C$2:$G$136,4,FALSE)","v":{"$error":"#N/A"}},{"$f":"VLOOKUP(CONCATENATE(J57,\"-\",R63),$C$2:$G$136,5,FALSE)","v":{"$error":"#N/A"}}]
[null,null,null,null,null,null,null,null,"","Despesas Financeiras",null,null,null,null,null,null,null,{"$f":"IF($J57=$A$146,\"\",\"DF\")","v":"DF"},null,"","-",null,null,{"$f":"VLOOKUP(CONCATENATE(J57,\"-\",R64),$C$2:$G$136,3,FALSE)","v":{"$error":"#N/A"}},{"$f":"VLOOKUP(CONCATENATE(J57,\"-\",R64),$C$2:$G$136,4,FALSE)","v":{"$error":"#N/A"}},{"$f":"VLOOKUP(CONCATENATE(J57,\"-\",R64),$C$2:$G$136,5,FALSE)","v":{"$error":"#N/A"}}]
[null,null,null,null,null,null,null,null,"",{"$f":"IF($J$57=$A$146,\"Margem bruta da empresa de consultoria\",\"Lucro\")","v":"Lucro"},null,null,null,null,null,null,null,{"$f":"IF($J57=$A$146,\"K3\",\"L\")","v":"L"},null,"","-",null,null,{"$f":"VLOOKUP(CONCATENATE(J57,\"-\",R65),$C$2:$G$136,3,FALSE)","v":{"$error":"#N/A"}},{"$f":"VLOOKUP(CONCATENATE(J57,\"-\",R65),$C$2:$G$136,4,FALSE)","v":{"$error":"#N/A"}},{"$f":"VLOOKUP(CONCATENATE(J57,\"-\",R65),$C$2:$G$136,5,FALSE)","v":{"$error":"#N/A"}}]
[null,null,null,null,null,null,null,null,"","Tributos (impostos COFINS 3%, e  PIS 0,65%)",null,null,null,null,null,null,null,"CP",null,"","FORA DO INTERVALO",null,null,{"$f":"Y66","v":3.6499999999999998E-2},{"$f":"IF($J57=$A$145,\"-\",3.65%)","v":3.6499999999999998E-2},{"$f":"Y66","v":3.6499999999999998E-2}]
[null,null,null,null,null,null,null,null,"","Tributos (ISS, variável de acordo com o município)",null,null,null,null,null,null,null,"ISS",{"$f":"IF(AND($J57<>$A$145,COUNTA(OFFSET(S60,1,0,6))>0),$R$11*$R$10,0)","v":0},null,"OK",null,null,0,2.5000000000000001E-2,0.05]
[null,null,null,null,null,null,null,null,"","Tributos (Contribuição Previdenciária sobre a Receita Bruta - Lei 12.546 de 14/12/2011 - Desoneração)",null,null,null,null,null,null,null,"CPRB",{"$f":"IF(BDI.Opcao<>\"Desonerado\",0,IF(AND($J57<>$A$145,COUNTA(OFFSET(S60,1,0,6))>0),IF(YEAR(Import.DataBase)<2025,4.5%,IF(YEAR(Import.DataBase)=2025,3.6%,IF(YEAR(Import.DataBase)=2026,2.7%,IF(YEAR(Import.DataBase)=2027,1.8%,0%)))),0%))","v":0},null,"OK",null,null,{"$f":"$S68","v":0},{"$f":"$S68","v":0},{"$f":"$S68","v":0}]
[null,null,null,null,null,null,null,null,"","BDI SEM desoneração (Fórmula Acórdão TCU)",null,null,null,null,null,null,null,"BDI PAD",{"$f":"IF($J57=$A$145,0,ROUND((((1+S61+S62+S63)*(1+S64)*(1+S65)/(1-(S66+S67)))-1),4))","v":0},null,{"$f":"IFERROR(IF(AND(OR(S69>=X69,X69=\"-\"),OR(S69<=Z69,Z69=\"-\")),\"OK\",\"FORA DO INTERVALO\"),IF(S69=0,\"OK\",\"Selecione o Tipo de obra\"))","v":"OK"},null,null,{"$f":"IF($J57=$A$145,0,VLOOKUP(CONCATENATE($J57,\"-\",$R69),$C$2:$G$136,3,FALSE))","v":{"$error":"#N/A"}},{"$f":"IF($J57=$A$145,0,VLOOKUP(CONCATENATE($J57,\"-\",$R69),$C$2:$G$136,4,FALSE))","v":{"$error":"#N/A"}},{"$f":"IF($J57=$A$145,0,VLOOKUP(CONCATENATE($J57,\"-\",$R69),$C$2:$G$136,5,FALSE))","v":{"$error":"#N/A"}}]
[null,null,null,null,null,null,null,null,"","BDI COM desoneração",null,null,null,null,null,null,null,"BDI DES",{"$f":"IF($J57=$A$145,0,ROUND((((1+S61+S62+S63)*(1+S64)*(1+S65)/(1-(S66+S67+S68)))-1),4))","v":0}]
[null,null,null,null,null,null,null,null,""]
[null,null,null,null,null,null,null,null,"",{"$f":"IF(U69<>\"ok\",\"X\",\"\")","v":""},{"$f":"IF(U69<>\"ok\",\"Anexo: Relatório Técnico Circunstanciado justificando a adoção do percentual de cada parcela do BDI.\",\"\")","v":""}]
[null,null,null,null,null,null,null,null,""]
[null,null,null,null,null,null,null,null,"","Os valores de BDI foram calculados com o emprego da fórmula:"]
[null,null,null,null,null,null,null,null,"",null,null,null,"BDI =",{"$f":"IF($J57=$A$146,\"(1+K1+K2)*(1+K3)\",\"(1+AC + S + R + G)*(1 + DF)*(1+L)\")","v":"(1+AC + S + R + G)*(1 + DF)*(1+L)"},null,null," - 1"]
[null,null,null,null,null,null,null,null,"",null,null,null,null,"(1-CP-ISS-CRPB)"]
[null,null,null,null,null,null,null,null,""]
[null,null,null,null,null,null,null,null,"",{"$f":"CONCATENATE(\"Declaro para os devidos fins que, conforme legislação tributária municipal, a base de cálculo deste tipo de obra corresponde à \",$R$10*100,\"%, com a respectiva alíquota de \",$R$11*100,\"%.\")","v":"Declaro para os devidos fins que, conforme legislação tributária municipal, a base de cálculo deste tipo de obra corresponde à 55%, com a respectiva alíquota de 3%."}]
[null,null,null,null,null,null,null,null,""]
[null,null,null,null,null,null,null,null,"",{"$f":"CONCATENATE(\"Declaro para os devidos fins que o regime de Contribuição Previdenciária sobre a Receita Bruta adotado para elaboração do orçamento foi \",IF(DESONERACAO=\"Sim\",\"COM\",\"SEM\"),\" Desoneração, e que esta é a alternativa mais adequada para a Administração Pública.\")","v":"Declaro para os devidos fins que o regime de Contribuição Previdenciária sobre a Receita Bruta adotado para elaboração do orçamento foi COM Desoneração, e que esta é a alternativa mais adequada para a Administração Pública."}]
[null,null,null,null,null,null,null,null,""]
[null,null,null,null,null,null,null,null,"","Observações:"]
[null,null,null,null,null,null,null,null,""]
[null,null,null,null,null,null,null,null,""]
[null,null,null,null,null,null,null,null,"",{"$f":"Import.Município","v":"CHOPINZINHO/PR"},null,null,null,null,null,{"$f":"DADOS!$C$25","v":"2025-09-15"}]
[null,null,null,null,null,null,null,null,"","Local",null,null,null,null,null,"Data"]
[null,null,null,null,null,null,null,null,""]
[null,null,null,null,null,null,null,null,""]
[null,null,null,null,null,null,null,null,"","Responsável Técnico"]
[null,null,null,null,null,null,null,null,"","Nome:",{"$f":"Import.RespOrçamento","v":"LUCAS KIYOSHI YAMAZAKI"}]
[null,null,null,null,null,null,null,null,"","CREA/CAU:","CREA PR-81.408/D"]
[null,null,null,null,null,null,null,null,"","ART/RRT:","1720255343667 "]
[null,null,null,null,null,null,null,null,""]
[null,null,null,null,null,null,null,null,{"$f":"IF($S$109=0,\"\",\"F\")","v":""},"BDI 3",null,null,null,null,null,null,null,null,null,null,{"$f":"IF(COUNTIF(ORÇAMENTO!$V$15:$V$237,BDI_3.Título)=0,\"\",IF(OR(Import.BDI.Tipo3=\"(SELECIONAR)\",Import.BDI.Tipo3=\"\",U97<>\"\",AND($J97<>$A$145,OR(S101=\"\",S102=\"\",AND($J97<>$A$146,OR(S103=\"\",S104=\"\")),S105=\"\",S106=\"\"))),\"Falta preencher o BDI 3\",\"\"))","v":""}]
[null,null,null,null,null,null,null,null,{"$f":"IF($S$109=0,\"\",\"F\")","v":""}]
[null,null,null,null,null,null,null,null,"","TIPO DE OBRA"]
[null,null,null,null,null,null,null,null,"","(SELECIONAR)",null,null,null,null,null,null,null,null,null,{"$f":"IF(U97=\"\",\"\",\"◄\")","v":""},{"$f":"IF(AND(OR(S109>0,COUNTIF(ORÇAMENTO!$V$15:$V$237,BDI_3.Título)>0),OR(Import.BDI.Tipo3=\"(SELECIONAR)\",Import.BDI.Tipo3=\"\")),\"Selecione o Tipo de obra\",\"\")","v":""}]
[null,null,null,null,null,null,null,null,""]
[null,null,null,null,null,null,null,null,"","Itens",null,null,null,null,null,null,null,"Siglas","% Adotado",null,"Situação",null,null,"1º Quartil","Médio","3º Quartil"]
[null,null,null,null,null,null,null,null,""]
[null,null,null,null,null,null,null,null,"",{"$f":"IF($J$97=$A$146,\"Encargos Sociais incidentes sobre a mão de obra\",\"Administração Central\")","v":"Administração Central"},null,null,null,null,null,null,null,{"$f":"IF($J97=$A$146,\"K1\",\"AC\")","v":"AC"},null,{"$f":"IF(AND($U$94<>\"\",$U$97=\"\",R101<>\"\",S101=\"\"),\"◄\",\"\")","v":""},{"$f":"IFERROR(IF(T101=\"◄\",\"FALTA PREENCHER\",IF(AND(OR(S101>=X101,X101=\"-\"),OR(S101<=Z101,Z101=\"-\")),\"OK\",\"FORA DO INTERVALO\")),\"-\")","v":"-"},null,null,{"$f":"VLOOKUP(CONCATENATE(J97,\"-\",R101),$C$2:$G$136,3,FALSE)","v":{"$error":"#N/A"}},{"$f":"VLOOKUP(CONCATENATE(J97,\"-\",R101),$C$2:$G$136,4,FALSE)","v":{"$error":"#N/A"}},{"$f":"VLOOKUP(CONCATENATE(J97,\"-\",R101),$C$2:$G$136,5,FALSE)","v":{"$error":"#N/A"}}]
[null,null,null,null,null,null,null,null,"",{"$f":"IF($J$97=$A$146,\"Administração Central da empresa ou consultoria - overhead\",\"Seguro e Garantia\")","v":"Seguro e Garantia"},null,null,null,null,null,null,null,{"$f":"IF($J97=$A$146,\"K2\",\"SG\")","v":"SG"},null,{"$f":"IF(AND($U$94<>\"\",$U$97=\"\",R102<>\"\",S102=\"\"),\"◄\",\"\")","v":""},{"$f":"IFERROR(IF(T102=\"◄\",\"FALTA PREENCHER\",IF(AND(OR(S102>=X102,X102=\"-\"),OR(S102<=Z102,Z102=\"-\")),\"OK\",\"FORA DO INTERVALO\")),\"-\")","v":"-"},null,null,{"$f":"VLOOKUP(CONCATENATE(J97,\"-\",R102),$C$2:$G$136,3,FALSE)","v":{"$error":"#N/A"}},{"$f":"VLOOKUP(CONCATENATE(J97,\"-\",R102),$C$2:$G$136,4,FALSE)","v":{"$error":"#N/A"}},{"$f":"VLOOKUP(CONCATENATE(J97,\"-\",R102),$C$2:$G$136,5,FALSE)","v":{"$error":"#N/A"}}]
[null,null,null,null,null,null,null,null,"","Risco",null,null,null,null,null,null,null,{"$f":"IF($J97=$A$146,\"\",\"R\")","v":"R"},null,"","-",null,null,{"$f":"VLOOKUP(CONCATENATE(J97,\"-\",R103),$C$2:$G$136,3,FALSE)","v":{"$error":"#N/A"}},{"$f":"VLOOKUP(CONCATENATE(J97,\"-\",R103),$C$2:$G$136,4,FALSE)","v":{"$error":"#N/A"}},{"$f":"VLOOKUP(CONCATENATE(J97,\"-\",R103),$C$2:$G$136,5,FALSE)","v":{"$error":"#N/A"}}]
[null,null,null,null,null,null,null,null,"","Despesas Financeiras",null,null,null,null,null,null,null,{"$f":"IF($J97=$A$146,\"\",\"DF\")","v":"DF"},null,"","-",null,null,{"$f":"VLOOKUP(CONCATENATE(J97,\"-\",R104),$C$2:$G$136,3,FALSE)","v":{"$error":"#N/A"}},{"$f":"VLOOKUP(CONCATENATE(J97,\"-\",R104),$C$2:$G$136,4,FALSE)","v":{"$error":"#N/A"}},{"$f":"VLOOKUP(CONCATENATE(J97,\"-\",R104),$C$2:$G$136,5,FALSE)","v":{"$error":"#N/A"}}]
[null,null,null,null,null,null,null,null,"",{"$f":"IF($J$57=$A$146,\"Margem bruta da empresa de consultoria\",\"Lucro\")","v":"Lucro"},null,null,null,null,null,null,null,{"$f":"IF($J97=$A$146,\"K3\",\"L\")","v":"L"},null,"","-",null,null,{"$f":"VLOOKUP(CONCATENATE(J97,\"-\",R105),$C$2:$G$136,3,FALSE)","v":{"$error":"#N/A"}},{"$f":"VLOOKUP(CONCATENATE(J97,\"-\",R105),$C$2:$G$136,4,FALSE)","v":{"$error":"#N/A"}},{"$f":"VLOOKUP(CONCATENATE(J97,\"-\",R105),$C$2:$G$136,5,FALSE)","v":{"$error":"#N/A"}}]
[null,null,null,null,null,null,null,null,"","Tributos (impostos COFINS 3%, e  PIS 0,65%)",null,null,null,null,null,null,null,"CP",null,"","FORA DO INTERVALO",null,null,{"$f":"Y106","v":3.6499999999999998E-2},{"$f":"IF($J97=$A$145,\"-\",3.65%)","v":3.6499999999999998E-2},{"$f":"Y106","v":3.6499999999999998E-2}]
[null,null,null,null,null,null,null,null,"","Tributos (ISS, variável de acordo com o município)",null,null,null,null,null,null,null,"ISS",{"$f":"IF(AND($J97<>$A$145,COUNTA(OFFSET(S100,1,0,6))>0),$R$11*$R$10,0)","v":0},null,"OK",null,null,0,2.5000000000000001E-2,0.05]
[null,null,null,null,null,null,null,null,"","Tributos (Contribuição Previdenciária sobre a Receita Bruta - Lei 12.546 de 14/12/2011 - Desoneração)",null,null,null,null,null,null,null,"CPRB",{"$f":"IF(BDI.Opcao<>\"Desonerado\",0,IF(AND($J97<>$A$145,COUNTA(OFFSET(S100,1,0,6))>0),IF(YEAR(Import.DataBase)<2025,4.5%,IF(YEAR(Import.DataBase)=2025,3.6%,IF(YEAR(Import.DataBase)=2026,2.7%,IF(YEAR(Import.DataBase)=2027,1.8%,0%)))),0%))","v":0},null,"OK",null,null,{"$f":"$S108","v":0},{"$f":"$S108","v":0},{"$f":"$S108","v":0}]
[null,null,null,null,null,null,null,null,"","BDI SEM desoneração (Fórmula Acórdão TCU)",null,null,null,null,null,null,null,"BDI PAD",{"$f":"IF($J97=$A$145,0,ROUND((((1+S101+S102+S103)*(1+S104)*(1+S105)/(1-(S106+S107)))-1),4))","v":0},null,{"$f":"IFERROR(IF(AND(OR(S109>=X109,X109=\"-\"),OR(S109<=Z109,Z109=\"-\")),\"OK\",\"FORA DO INTERVALO\"),IF(S109=0,\"OK\",\"Selecione o Tipo de obra\"))","v":"OK"},null,null,{"$f":"IF($J97=$A$145,0,VLOOKUP(CONCATENATE($J97,\"-\",$R109),$C$2:$G$136,3,FALSE))","v":{"$error":"#N/A"}},{"$f":"IF($J97=$A$145,0,VLOOKUP(CONCATENATE($J97,\"-\",$R109),$C$2:$G$136,4,FALSE))","v":{"$error":"#N/A"}},{"$f":"IF($J97=$A$145,0,VLOOKUP(CONCATENATE($J97,\"-\",$R109),$C$2:$G$136,5,FALSE))","v":{"$error":"#N/A"}}]
[null,null,null,null,null,null,null,null,"","BDI COM desoneração",null,null,null,null,null,null,null,"BDI DES",{"$f":"IF($J97=$A$145,0,ROUND((((1+S101+S102+S103)*(1+S104)*(1+S105)/(1-(S106+S107+S108)))-1),4))","v":0}]
[null,null,null,null,null,null,null,null,""]
[null,null,null,null,null,null,null,null,"",{"$f":"IF(U109<>\"ok\",\"X\",\"\")","v":""},{"$f":"IF(U109<>\"ok\",\"Anexo: Relatório Técnico Circunstanciado justificando a adoção do percentual de cada parcela do BDI.\",\"\")","v":""}]
[null,null,null,null,null,null,null,null,""]
[null,null,null,null,null,null,null,null,"","Os valores de BDI foram calculados com o emprego da fórmula:"]
[null,null,null,null,null,null,null,null,"",null,null,null,"BDI =",{"$f":"IF($J97=$A$146,\"(1+K1+K2)*(1+K3)\",\"(1+AC + S + R + G)*(1 + DF)*(1+L)\")","v":"(1+AC + S + R + G)*(1 + DF)*(1+L)"},null,null," - 1"]
[null,null,null,null,null,null,null,null,"",null,null,null,null,"(1-CP-ISS-CRPB)"]
[null,null,null,null,null,null,null,null,""]
[null,null,null,null,null,null,null,null,"",{"$f":"CONCATENATE(\"Declaro para os devidos fins que, conforme legislação tributária municipal, a base de cálculo deste tipo de obra corresponde à \",$R$10*100,\"%, com a respectiva alíquota de \",$R$11*100,\"%.\")","v":"Declaro para os devidos fins que, conforme legislação tributária municipal, a base de cálculo deste tipo de obra corresponde à 55%, com a respectiva alíquota de 3%."}]
[null,null,null,null,null,null,null,null,""]
[null,null,null,null,null,null,null,null,"",{"$f":"CONCATENATE(\"Declaro para os devidos fins que o regime de Contribuição Previdenciária sobre a Receita Bruta adotado para elaboração do orçamento foi \",IF(DESONERACAO=\"Sim\",\"COM\",\"SEM\"),\" Desoneração, e que esta é a alternativa mais adequada para a Administração Pública.\")","v":"Declaro para os devidos fins que o regime de Contribuição Previdenciária sobre a Receita Bruta adotado para elaboração do orçamento foi COM Desoneração, e que esta é a alternativa mais adequada para a Administração Pública."}]
[null,null,null,null,null,null,null,null,""]
[null,null,null,null,null,null,null,null,"","Observações:"]
[null,null,null,null,null,null,null,null,""]
[null,null,null,null,null,null,null,null,""]
[null,null,null,null,null,null,null,null,"",{"$f":"Import.Município","v":"CHOPINZINHO/PR"},null,null,null,null,null,{"$f":"DADOS!$C$25","v":"2025-09-15"}]
[null,null,null,null,null,null,null,null,"","Local",null,null,null,null,null,"Data"]
[null,null,null,null,null,null,null,null,""]
[null,null,null,null,null,null,null,null,""]
[null,null,null,null,null,null,null,null,"","Responsável Técnico"]
[null,null,null,null,null,null,null,null,"","Nome:",{"$f":"Import.RespOrçamento","v":"LUCAS KIYOSHI YAMAZAKI"}]
[null,null,null,null,null,null,null,null,"","CREA/CAU:","CREA PR-81.408/D"]
[null,null,null,null,null,null,null,null,"","ART/RRT:","1720255343667 "]
[]
[]
[]
[]
[]
["(SELECIONAR)"]
["Construção e Reforma de Edifícios"]
["Construção de Praças Urbanas, Rodovias, Ferrovias e recapeamento e pavimentação de vias urbanas"]
["Construção de Redes de Abastecimento de Água, Coleta de Esgoto"]
["Construção e Manutenção de Estações e Redes de Distribuição de Energia Elétrica"]
["Obras Portuárias, Marítimas e Fluviais"]
["Fornecimento de Materiais e Equipamentos (aquisição indireta - em conjunto com licitação de obras)"]
["Fornecimento de Materiais e Equipamentos (aquisição direta)"]
["Estudos e Projetos, Planos e Gerenciamento e outros correlatos"]

{"sheet":"ORÇAMENTO","index":4,"n_rows":254,"n_cols":40,"rows_kept":254,"cut":false,"hidden":false,"merged":[[252,14,252,16],[14,14,14,17],[239,16,239,23],[242,14,244,23],[246,14,246,23],[249,14,249,16],[247,14,247,23],[3,14,3,15],[3,18,3,23],[4,14,4,15],[4,18,4,23],[7,5,7,10],[7,11,11,11],[7,14,7,15],[7,18,7,20],[8,5,8,10],[9,5,9,10],[4,30,4,31],[6,14,6,15],[6,18,6,20],[6,37,10,37],[7,24,11,24],[7,25,11,25],[11,26,11,27],[6,35,10,35]]}
[null,null,null,null,null,null,null,null,null,null,null,null,null,null,null,null,null,"PO - PLANILHA ORÇAMENTÁRIA",null,null,null,null,null,"Grau de Sigilo"]
[null,null,null,"LOTE","Meta","Nível 2","Nível 3","Nível 4","Serviço",null,null,null,null,null,null,null,null,{"$f":"IF(TIPOORCAMENTO=\"licitado\",\"Orçamento Licitado\",\"Orçamento Base para Licitação\")&\" - \"&import.recurso","v":"Orçamento Base para Licitação - OGU"},null,null,null,null,null,"#PUBLICO"]
[null,null,null,null,"SINAPI","SINAPI-I","SICRO","Composição","Cotação"]
["Nmax",null,null,null,null,"BDI 1","BDI 2","BDI 3",0,null,null,null,null,null,"Nº OPERAÇÃO",null,"Nº TransfereGOV","PROPONENTE / TOMADOR","APELIDO DO EMPREENDIMENTO"]
[{"$f":"MAX($C$15:$C$237)","v":4},null,null,null,null,{"$f":"IF(BDI.Opcao=\"DESONERADO\",BDI!$S$30,BDI!$S$29)","v":0.25390000000000001},{"$f":"IF(BDI.Opcao=\"DESONERADO\",BDI!$S$70,BDI!$S$69)","v":0},{"$f":"IF(BDI.Opcao=\"DESONERADO\",BDI!$S$110,BDI!$S$109)","v":0},null,null,null,null,null,null,{"$f":"Import.CR","v":"560000004413-25"},null,{"$f":"Import.TransfereGOV","v":"040594"},{"$f":"Import.Proponente","v":"PREFEITURA MUNICIPAL DE CHOPINZINHO"},{"$f":"Import.Apelido","v":"Casa térrea acessível, 2 quartos, Autil=47,46m², conforme Portaria MCID 1416/2023"},null,null,null,null,null,null,null,null,null,null,null,"Arredondamento"]
[]
[null,null,null,null,null,"RA","RP","CP","OU",null,null,null,null,null,"LOCALIDADE SINAPI",null,"DATA BASE",{"$f":"IF(TIPOORCAMENTO=\"Licitado\",\"NOME DA EMPRESA\",\"DESCRIÇÃO DO LOTE\")","v":"DESCRIÇÃO DO LOTE"},{"$f":"IF(TIPOORCAMENTO=\"Licitado\",\"REGIME DE EXECUÇÃO\",\"MUNICÍPIO / UF\")","v":"MUNICÍPIO / UF"},null,null,{"$f":"IF(TIPOORCAMENTO=\"Licitado\",\"\",\"BDI 1\")","v":"BDI 1"},{"$f":"IF(TIPOORCAMENTO=\"Licitado\",\"\",\"BDI 2\")","v":"BDI 2"},{"$f":"IF(TIPOORCAMENTO=\"Licitado\",\"Nº CTEF\",\"BDI 3\")","v":"BDI 3"},null,null,null,null,{"$f":"IF(COUNTIFS($L$15:$L$237,\"F\",$AC$15:$AC$237,\"JUSTIFICAR BDI\")>0,\"JUSTIFICAR BDI\",\"\")","v":""},null,"Quantidade",true,null,null,null,"QUANTIDADES: ACOMP. POR BM",null,"PREÇO UNITÁRIO LICITADO"]
[null,null,null,null,"Intervalo de procura:",{"$f":"IF(LEN(INFO(\"release\"))>5,\"'Referência \"&Excel_BuiltIn_Database&\".xlsm'#Banco.$a5:$a$65536\",\"'[Referência \"&Excel_BuiltIn_Database&\".xlsm]Banco'!$a5:$a$65536\")","v":"'[Referência 05-2025.xlsm]Banco'!$a5:$a$65536"},null,null,null,null,null,"FILTRO",null,null,{"$f":"IF(ISERROR(INDIRECT($F$9)),\"(N/D: 'Referência \"&Excel_BuiltIn_Database&\".xlsm)\",INDIRECT($F$9))","v":"CURITIBA"},null,{"$f":"TEXT(Import.DataBase,\"mm-aa\")&IF(DESONERACAO=\"Sim\",\" (DES.)\",\" (N DES.)\")","v":"05-25 (DES.)"},{"$f":"IF(TIPOORCAMENTO=\"Licitado\",Import.empresa,Import.DescLote)","v":"FNHIS SUB-50"},{"$f":"IF(TIPOORCAMENTO=\"Licitado\",Import.RegimeExecução,Import.Município)","v":"CHOPINZINHO/PR"},null,null,{"$f":"IF(TIPOORCAMENTO=\"Licitado\",\"\",TEXT(F5,\"0,00%\"))","v":"25,39%"},{"$f":"IF(TIPOORCAMENTO=\"Licitado\",\"\",TEXT(G5,\"0,00%\"))","v":"0,00%"},{"$f":"IF(TIPOORCAMENTO=\"Licitado\",Import.CTEF,TEXT(H5,\"0,00%\"))","v":"0,00%"},"RECURSO","SGL RECURSO",null,null,null,null,"Custo Unitáro",true]
[null,null,null,null,"Localidade:",{"$f":"IF(LEN(INFO(\"release\"))>5,\"'Referência \"&Excel_BuiltIn_Database&\".xlsm'#Banco.$d$3\",\"'[Referência \"&Excel_BuiltIn_Database&\".xlsm]Banco'!$d$3\")","v":"'[Referência 05-2025.xlsm]Banco'!$d$3"},null,null,null,null,null,null,null,null,null,null,null,null,null,{"$f":"IF(AND(Import.TipoArredondamento=\"TransfereGOV\",$AF$7=FALSE),\"▼\",\"\")","v":""},{"$f":"IF(AND(Import.TipoArredondamento=\"TransfereGOV\",$AF$8=FALSE),\"▼\",\"\")","v":""},{"$f":"IF(AND(Import.TipoArredondamento=\"TransfereGOV\",$AF$9=FALSE),\"▼\",\"\")","v":""},{"$f":"IF(AND(Import.TipoArredondamento=\"TransfereGOV\",$AF$10=FALSE),\"▼\",\"\")","v":""},{"$f":"IF(AND(Import.TipoArredondamento=\"TransfereGOV\",$AF$11=FALSE),\"▼\",\"\")","v":""},null,null,null,null,null,null,"BDI",true]
[null,null,null,null,"Data base:",{"$f":"IF(LEN(INFO(\"release\"))>5,\"'Referência \"&Excel_BuiltIn_Database&\".xlsm'#Banco.$B$3\",\"'[Referência \"&Excel_BuiltIn_Database&\".xlsm]Banco'!$B$3\")","v":"'[Referência 05-2025.xlsm]Banco'!$B$3"},null,null,null,null,null,null,null,null,null,null,null,null,null,null,null,null,null,null,null,null,null,null,"ERRO GERAL",null,"Preço Unitário",true]
[null,null,null,null,null,{"$f":"IFERROR(INDIRECT(F10),\"\")","v":"05/2025"},{"$f":"IFERROR(TEXT(Import.DataBase,\"mm/aaaa\"),\"\")","v":"05/2025"},null,null,null,null,null,null,null,null,null,null,null,null,null,null,null,null,null,null,null,null,null,{"$f":"IF(COUNTIFS($L$15:$L$237,\"F\",$AC$15:$AC$237,\"<>\"&\" \",$AC$15:$AC$237,\"<>\"&\"JUSTIFICAR BDI\")>0,\"NÃO OK\",\"OK\")","v":"OK"},null,"Preço Total",true]
[null,null,null,null,null,null,null,null,null,null,null,null,null,null,{"$f":"IF(AND(Import.TipoArredondamento=\"TransfereGOV\",COUNTIF($AF$7:$AF$11,TRUE)<>5),\"Para contratos que tramitam no Transferegov todos os valores devem ser arredondados para duas casas decimais\",\n IF(AND($F$11<>\"\",$G$11<>\"\",$F$11<>$G$11),\"O arquivo \"&MID($F$10,2,SEARCH(\"]\",$F$10)-1)&\" está com a data base errada (\"&F11&\"). Corrija a data base antes de continuar.\",\nIF(COUNTIF($AC$15:$AC$237,\"FONTE\")>0,\"Falta preencher a Fonte (coluna P) na Linha \"&(14+MATCH(\"FONTE\",$AC$15:$AC$237,0)),\n IF(COUNTIF($AC$15:$AC$237,\"CÓDIGO\")>0,\"Falta preencher o Código (coluna Q) na Linha \"&(14+MATCH(\"CÓDIGO\",$AC$15:$AC$237,0)),\n IF(COUNTIF($AC$15:$AC$237,\"CÓDIGO N/ID\")>0,\"Código (coluna Q) não identificado na Linha \"&(14+MATCH(\"CÓDIGO N/ID\",$AC$15:$AC$237,0))&\". Verifique se o código está correto ou busque outro código\",\n IF(COUNTIF($AC$15:$AC$237,\"DESCRIÇÃO\")>0,\"Falta preencher a Descrição (coluna R) na Linha \"&(14+MATCH(\"DESCRIÇÃO\",$AC$15:$AC$237,0)),\n IF(COUNTIF($AC$15:$AC$237,\"UNIDADE\")>0,\"Falta preencher a Unidade (coluna S) na Linha \"&(14+MATCH(\"UNIDADE\",$AC$15:$AC$237,0)),\n IF(COUNTIF($AC$15:$AC$237,\"SEM CUSTO\")>0,\"Falta preencher o Custo Unitário (coluna U) na Linha \"&(14+MATCH(\"SEM CUSTO\",$AC$15:$AC$237,0)),\n IF(COUNTIF($AC$15:$AC$237,\"SEM PREÇO\")>0,\"Falta preencher o Preço Unitário licitado (coluna AL) na Linha \"&(14+MATCH(\"SEM CUSTO\",$AC$15:$AC$237,0)),\n IF(COUNTIF($AC$15:$AC$237,\"BDI\")>0,\"Falta definir o BDI (coluna V) na Linha \"&(14+MATCH(\"BDI\",$AC$15:$AC$237,0)),\n IF(COUNTIF($AC$15:$AC$237,\"ACIMA REF.\")>0,\n         IF(TIPOORCAMENTO=\"Proposto\",\"O custo unitário (coluna U) na Linha \"&(14+MATCH(\"ACIMA REF.\",$AC$15:$AC$237,0))&\" está acima do custo referencial (coluna AG)\",\n            \"O preço unitário licitado (coluna AL) na Linha \"&(14+MATCH(\"ACIMA REF.\",$AC$15:$AC$237,0))&\" está acima do preço referencial do edital (coluna AN)\"),\n IF(COUNTIF($AC$15:$AC$237,\"QUANT.\")>0,\"Falta a Quantidade do serviço na Linha \"&(14+MATCH(\"QUANT.\",$AC$15:$AC$237,0))&IF(ACOMPANHAMENTO=\"PLE\",\". Preencher na aba CÁLCULO\",\". Preencher na coluna AJ\"),\n IF(COUNTIF($AC$15:$AC$237,\"Código >13\")>0,\"O tamanho do código do serviço no TransfereGOV é limitado a 13 caracteres. Resuma o código (coluna Q) na Linha \"&(14+MATCH(\"Código >13\",$AC$15:$AC$237,0)),\n IF(COUNTIF($AC$15:$AC$237,\"Descrição >100\")>0,\"O tamanho da descrição de macrosserviço no TransfereGOV é limitado a 100 caracteres. Resuma a descrição (coluna R) na Linha \"&(14+MATCH(\"Descrição >100\",$AC$15:$AC$237,0)),\n IF(COUNTIF($AC$15:$AC$237,\"Descrição >500\")>0,\"O tamanho da descrição de serviço no TransfereGOV é limitado a 500 caracteres. Resuma a descrição (coluna R) na Linha \"&(14+MATCH(\"Descrição >500\",$AC$15:$AC$237,0)),\n IF(COUNTIF($AC$15:$AC$237,\"Unid. Não Disp\")>0,\"Unidade não disponível na lista do TransfereGOV. Reveja a unidade (coluna S) na Linha \"&(14+MATCH(\"Unid. Não Disp\",$AC$15:$AC$237,0)),\n IF(AND(TIPOORCAMENTO=\"Proposto\",LEFT($O$8,5)=\"(N/D:\"),\"Abra o arquivo Referência \"&Excel_BuiltIn_Database&\".xlsm\",\"\")))))))))))))))))","v":""},null,null,null,null,null,null,null,null,null,null,null,"Valores não Arredondados",null,null,null,null,null,null,null,null,"↓",null,"↓"]
["Nível E","Save Nivel","Nível C","Altura","n1","n2","n3","n4","n5","Czero","Cnível","↓","Nível","Nível Corrigido","Item","Fonte","Código","Descrição","Unidade","Quantidade",{"$f":"IF(TIPOORCAMENTO=\"Licitado\",\"\",\"Custo Unitário (sem BDI) (R$)\")","v":"Custo Unitário (sem BDI) (R$)"},{"$f":"IF(TIPOORCAMENTO=\"Licitado\",\"\",\"BDI\n(%)\")","v":"BDI\n(%)"},"Preço Unitário (com BDI) (R$)","Preço Total\n(R$)","↓","↓","Contrapartida (R$)","Outros (R$)","Erro de Dados","Lista Crono","Concatenação Fonte-Código","BancoDesloc","Custo Unitário Referência (R$)",{"$f":"IF(TIPOORCAMENTO=\"LICITADO\",\"Valor BDI Edital\",\"Valor BDI\")","v":"Valor BDI"},null,"Quantidade",null,"Preço Unitário (com BDI) (R$)","Preço Total\nLicit. (R$)","Preço Unitário Edital (R$)"]
[{"$f":"CHOOSE(1+LOG(1+2*(ORÇAMENTO.Nivel=\"Meta\")+4*(ORÇAMENTO.Nivel=\"Nível 2\")+8*(ORÇAMENTO.Nivel=\"Nível 3\")+16*(ORÇAMENTO.Nivel=\"Nível 4\")+32*(ORÇAMENTO.Nivel=\"Serviço\"),2),0,1,2,3,4,\"S\")","v":"S"},{"$f":"IF(OR(C14=\"s\",C14=0),OFFSET(B14,-1,0),C14)","v":"Save Nivel"},{"$f":"IF(OFFSET(C14,-1,0)=\"L\",1,IF(OFFSET(C14,-1,0)=1,2,IF(OR(A14=\"s\",A14=0),\"S\",IF(AND(OFFSET(C14,-1,0)=2,A14=4),3,IF(AND(OR(OFFSET(C14,-1,0)=\"s\",OFFSET(C14,-1,0)=0),A14<>\"s\",A14>OFFSET(B14,-1,0)),OFFSET(B14,-1,0),A14)))))","v":"S"},{"$f":"IF(OR(C14=\"S\",C14=0),0,IF(ISERROR(K14),J14,SMALL(J14:K14,1)))","v":0},{"$f":"IF($C14=1,OFFSET(E14,-1,0)+MAX(1,COUNTIF(QCI!$A$13:$A$24,OFFSET(ORÇAMENTO!E14,-1,0))),OFFSET(E14,-1,0))","v":"n1"},{"$f":"IF($C14=1,0,IF($C14=2,OFFSET(F14,-1,0)+1,OFFSET(F14,-1,0)))","v":"n2"},{"$f":"IF(AND($C14<=2,$C14<>0),0,IF($C14=3,OFFSET(G14,-1,0)+1,OFFSET(G14,-1,0)))","v":"n3"},{"$f":"IF(AND($C14<=3,$C14<>0),0,IF($C14=4,OFFSET(H14,-1,0)+1,OFFSET(H14,-1,0)))","v":"n4"},{"$f":"IF(AND($C14<=4,$C14<>0),0,IF(AND($C14=\"S\",$X14>0),OFFSET(I14,-1,0)+1,OFFSET(I14,-1,0)))","v":"n5"},{"$f":"IF(OR($C14=\"S\",$C14=0),0,MATCH(0,OFFSET($D14,1,$C14,ROW($C$237)-ROW($C14)),0))","v":0},{"$f":"IF(OR($C14=\"S\",$C14=0),0,MATCH(OFFSET($D14,0,$C14)+IF($C14<>1,1,COUNTIF(QCI!$A$13:$A$24,ORÇAMENTO!E14)),OFFSET($D14,1,$C14,ROW($C$237)-ROW($C14)),0))","v":0},{"$f":"IF(OR($X14>0,$C14=1,$C14=2,$C14=3,$C14=4),\"F\",\"\")","v":""},"Serviço",{"$f":"CHOOSE(1+LOG(1+2*(C14=1)+4*(C14=2)+8*(C14=3)+16*(C14=4)+32*(C14=\"S\"),2),\"\",\"Meta\",\"Nível 2\",\"Nível 3\",\"Nível 4\",\"Serviço\")","v":"Serviço"},{"$f":"IF(OR($C14=0,$L14=\"\"),\"-\",CONCATENATE(E14&\".\",IF(AND($A$5>=2,$C14>=2),F14&\".\",\"\"),IF(AND($A$5>=3,$C14>=3),G14&\".\",\"\"),IF(AND($A$5>=4,$C14>=4),H14&\".\",\"\"),IF($C14=\"S\",I14&\".\",\"\")))","v":"-"},"SINAPI",null,{"$f":"IF($C14=\"S\",REFERENCIA.Descricao,\"(digite a descrição aqui)\")","v":"(Sem Código)"},{"$f":"REFERENCIA.Unidade","v":"-"},{"$f":"OFFSET(CÁLCULO!H$15,ROW($T14)-ROW(T$15),0)","v":0},null,"BDI 1",{"$f":"IF($C14=\"S\",ROUND(IF(TIPOORCAMENTO=\"Proposto\",ORÇAMENTO.CustoUnitario*(1+$AH14),ORÇAMENTO.PrecoUnitarioLicitado),15-13*$AF$10),0)","v":0},{"$f":"IF($C14=\"S\",IF(OR(Import.TipoArredondamento<>\"TransfereGOV\",ACOMPANHAMENTO=\"BM\"),VTOTAL1,SUM(OFFSET(CÁLCULO!$AQ$15,ROW($X14)-ROW($X$15),1):OFFSET(CÁLCULO!$BR$15,ROW($X14)-ROW($X$15),-1))),IF($C14=0,0,ROUND(SomaAgrup,15-13*$AF$11)))","v":0},"RA",{"$f":"IF(AND($C14=\"S\",$X14>0),IF(ISBLANK($Y14),\"RA\",LEFT($Y14,2)),\"\")","v":""},{"$f":"IF($C14=\"S\",IF($Z14=\"CP\",$X14,IF($Z14=\"RA\",(($X14)*QCI!$AA$3),0)),SomaAgrup)","v":0},{"$f":"IF($C14=\"S\",IF($Z14=\"OU\",ROUND($X14,2),0),SomaAgrup)","v":0},{"$f":"IF($N14=\"\",\" \",\nIF(AND($C14<>\"S\",OR($R14=\"\",$R14=\"(digite a descrição aqui)\")),\"DESCRIÇÃO\",\nIF(AND($C14=\"S\",OR($Q14<>\"\",$T14>0,$U14>0),$P14=\"\"),\"FONTE\",\nIF(AND($C14=\"S\",$P14<>\"\",OR($T14>0,$U14>0),$Q14=\"\"),\"CÓDIGO\",\nIF(AND($C14=\"S\",$P14<>\"\",$Q14<>\"\",$R14=\"(Código não identificado nas referências)\"),\"CÓDIGO N/ID\",\nIF(AND($C14=\"S\",OR($R14=\"\",$R14=\"(digite a descrição aqui)\"),OR($Q14<>\"\",$T14>0,$U14>0)),\"DESCRIÇÃO\",\nIF(AND($C14=\"S\",$P14<>\"\",$Q14<>\"\",$S14=\"\"),\"UNIDADE\",\nIF(AND($C14=\"S\",$P14<>\"\",$Q14<>\"\",$U14=0),\"SEM CUSTO\",\nIF(AND(TIPOORCAMENTO=\"Licitado\",$AL14=0,$AN14>0),\"SEM PREÇO\",\nIF(AND($C14=\"S\",$P14<>\"\",$Q14<>\"\",$U14>0,AND($V14<>\"BDI 1\",$V14<>\"BDI 2\",$V14<>\"BDI 3\")),IF(ISNUMBER($V14),\"JUSTIFICAR BDI\",\"BDI\"),\nIF(OR(AND(import.recurso=\"OGU\",TIPOORCAMENTO=\"Proposto\",LEFT($O$8,5)<>\"(N/D:\",$AG14<>\"\",ORÇAMENTO.CustoUnitario>$AG14),AND(TIPOORCAMENTO=\"LICITADO\",ORÇAMENTO.PrecoUnitarioLicitado>$AN14)),\"ACIMA REF.\",\nIF(AND($C14=\"S\",$P14<>\"\",$Q14<>\"\",$T14=0,$U14>0),\"QUANT.\",\nIF(AND(Import.TipoArredondamento=\"TransfereGOV\",$L14=\"F\",$C14=\"S\",LEN($Q14)>13),\"Código >13\",\nIF(AND(Import.TipoArredondamento=\"TransfereGOV\",$L14=\"F\",$C14<>\"S\",LEN($R14)>100),\"Descrição >100\",\nIF(AND(Import.TipoArredondamento=\"TransfereGOV\",$L14=\"F\",$C14=\"S\",LEN($R14)>500),\"Descrição >500\",\nIF(AND(Import.TipoArredondamento=\"TransfereGOV\",$L14=\"F\",$C14=\"S\",LEFT(TRIM(UPPER($P14)),6)<>\"SINAPI\",ISNA(VLOOKUP(TRIM(UPPER($S14)),ListaTgov.Unidades,1,FALSE))),\"Unid. Não Disp\",\n\" \"))))))))))))))))","v":" "},{"$f":"IF(C14<=CRONO.NivelExibicao,MAX($AD$15:OFFSET(AD14,-1,0))+IF($C14<>1,1,MAX(1,COUNTIF(QCI!$A$13:$A$24,OFFSET($E14,-1,0)))),\"\")","v":""},{"$f":"IF(AND($C14=\"S\",ORÇAMENTO.CodBarra<>\"\"),IF(ORÇAMENTO.Fonte=\"\",ORÇAMENTO.CodBarra,CONCATENATE(ORÇAMENTO.Fonte,\" \",ORÇAMENTO.CodBarra)))","v":false},{"$f":"IF(ISERROR(ORÇAMENTO.BancoRef),\"(abra o arquivo 'Referência \"&Excel_BuiltIn_Database&\".xlsm)\",IF(OR($C14<>\"S\",ORÇAMENTO.CodBarra=\"\"),\"(Sem Código)\",IF(ISERROR(MATCH($AE14,INDIRECT(ORÇAMENTO.BancoRef),0)),\"(Código não identificado nas referências)\",MATCH($AE14,INDIRECT(ORÇAMENTO.BancoRef),0))))","v":"(Sem Código)"},{"$f":"ROUND(IF(DESONERACAO=\"sim\",REFERENCIA.Desonerado,REFERENCIA.NaoDesonerado),2)","v":0},{"$f":"ROUND(IF(ISNUMBER(ORÇAMENTO.OpcaoBDI),ORÇAMENTO.OpcaoBDI,IF(LEFT(ORÇAMENTO.OpcaoBDI,3)=\"BDI\",HLOOKUP(ORÇAMENTO.OpcaoBDI,$F$4:$H$5,2,FALSE),0)),15-11*$AF$9)","v":0.25390000000000001},null,null,null,null,{"$f":"$X14","v":0},{"$f":"ROUND(ORÇAMENTO.CustoUnitario*(1+$AH14),2)","v":0}]
[0,null,"L",{"$f":"COUNTA(OFFSET(D15,1,0):D$237)","v":221},0,null,null,null,null,null,null,"F",{"$f":"IF(TIPOORCAMENTO=\"LICITADO\",\"CTEF\",\"LOTE\")","v":"LOTE"},{"$f":"IF(TIPOORCAMENTO=\"LICITADO\",\"CTEF\",\"LOTE\")","v":"LOTE"},{"$f":"Import.DescLote","v":"FNHIS SUB-50"},null,null,null,null,null,null,null,null,{"$f":"SUMIF(OFFSET($C15,1,0,ROW(X237)-ROW(X15)-1),\"S\",OFFSET(X15,1,0,ROW(X237)-ROW(X15)-1))","v":703274.84999999974},null,{"$f":"IF(AND($C15=\"S\",$X15>0),LEFT($Y15,2),\"\")","v":""},{"$f":"SUMIF(OFFSET($C15,1,0,ROW(AA237)-ROW(AA15)-1),\"S\",OFFSET(AA15,1,0,ROW(AA237)-ROW(AA15)-1))","v":10274.849999999984},{"$f":"SUMIF(OFFSET($C15,1,0,ROW(AB237)-ROW(AB15)-1),\"S\",OFFSET(AB15,1,0,ROW(AB237)-ROW(AB15)-1))","v":0}," ",null,null,null,null,null,null,null,null,null,703274.84999999974]
[{"$f":"CHOOSE(1+LOG(1+2*(ORÇAMENTO.Nivel=\"Meta\")+4*(ORÇAMENTO.Nivel=\"Nível 2\")+8*(ORÇAMENTO.Nivel=\"Nível 3\")+16*(ORÇAMENTO.Nivel=\"Nível 4\")+32*(ORÇAMENTO.Nivel=\"Serviço\"),2),0,1,2,3,4,\"S\")","v":1},{"$f":"IF(OR(C16=\"s\",C16=0),OFFSET(B16,-1,0),C16)","v":1},{"$f":"IF(OFFSET(C16,-1,0)=\"L\",1,IF(OFFSET(C16,-1,0)=1,2,IF(OR(A16=\"s\",A16=0),\"S\",IF(AND(OFFSET(C16,-1,0)=2,A16=4),3,IF(AND(OR(OFFSET(C16,-1,0)=\"s\",OFFSET(C16,-1,0)=0),A16<>\"s\",A16>OFFSET(B16,-1,0)),OFFSET(B16,-1,0),A16)))))","v":1},{"$f":"IF(OR(C16=\"S\",C16=0),0,IF(ISERROR(K16),J16,SMALL(J16:K16,1)))","v":221},{"$f":"IF($C16=1,OFFSET(E16,-1,0)+MAX(1,COUNTIF(QCI!$A$13:$A$24,OFFSET(ORÇAMENTO!E16,-1,0))),OFFSET(E16,-1,0))","v":1},{"$f":"IF($C16=1,0,IF($C16=2,OFFSET(F16,-1,0)+1,OFFSET(F16,-1,0)))","v":0},{"$f":"IF(AND($C16<=2,$C16<>0),0,IF($C16=3,OFFSET(G16,-1,0)+1,OFFSET(G16,-1,0)))","v":0},{"$f":"IF(AND($C16<=3,$C16<>0),0,IF($C16=4,OFFSET(H16,-1,0)+1,OFFSET(H16,-1,0)))","v":0},{"$f":"IF(AND($C16<=4,$C16<>0),0,IF(AND($C16=\"S\",$X16>0),OFFSET(I16,-1,0)+1,OFFSET(I16,-1,0)))","v":0},{"$f":"IF(OR($C16=\"S\",$C16=0),0,MATCH(0,OFFSET($D16,1,$C16,ROW($C$237)-ROW($C16)),0))","v":221},{"$f":"IF(OR($C16=\"S\",$C16=0),0,MATCH(OFFSET($D16,0,$C16)+IF($C16<>1,1,COUNTIF(QCI!$A$13:$A$24,ORÇAMENTO!E16)),OFFSET($D16,1,$C16,ROW($C$237)-ROW($C16)),0))","v":{"$error":"#N/A"}},{"$f":"IF(OR($X16>0,$C16=1,$C16=2,$C16=3,$C16=4),\"F\",\"\")","v":"F"},"Meta",{"$f":"CHOOSE(1+LOG(1+2*(C16=1)+4*(C16=2)+8*(C16=3)+16*(C16=4)+32*(C16=\"S\"),2),\"\",\"Meta\",\"Nível 2\",\"Nível 3\",\"Nível 4\",\"Serviço\")","v":"Meta"},{"$f":"IF(OR($C16=0,$L16=\"\"),\"-\",CONCATENATE(E16&\".\",IF(AND($A$5>=2,$C16>=2),F16&\".\",\"\"),IF(AND($A$5>=3,$C16>=3),G16&\".\",\"\"),IF(AND($A$5>=4,$C16>=4),H16&\".\",\"\"),IF($C16=\"S\",I16&\".\",\"\")))","v":"1."},"","","CONSTRUÇÃO DE HABITAÇÃO DE INTERESSE SOCIAL - HIS - PADRÃO POPULAR               ",null,{"$f":"OFFSET(CÁLCULO!H$15,ROW($T16)-ROW(T$15),0)","v":0},{"$f":"AG16","v":0},"BDI 1",{"$f":"IF($C16=\"S\",ROUND(IF(TIPOORCAMENTO=\"Proposto\",ORÇAMENTO.CustoUnitario*(1+$AH16),ORÇAMENTO.PrecoUnitarioLicitado),15-13*$AF$10),0)","v":0},{"$f":"IF($C16=\"S\",IF(OR(Import.TipoArredondamento<>\"TransfereGOV\",ACOMPANHAMENTO=\"BM\"),VTOTAL1,SUM(OFFSET(CÁLCULO!$AQ$15,ROW($X16)-ROW($X$15),1):OFFSET(CÁLCULO!$BR$15,ROW($X16)-ROW($X$15),-1))),IF($C16=0,0,ROUND(SomaAgrup,15-13*$AF$11)))","v":703274.85},"RA",{"$f":"IF(AND($C16=\"S\",$X16>0),IF(ISBLANK($Y16),\"RA\",LEFT($Y16,2)),\"\")","v":""},{"$f":"IF($C16=\"S\",IF($Z16=\"CP\",$X16,IF($Z16=\"RA\",(($X16)*QCI!$AA$3),0)),SomaAgrup)","v":10274.849999999984},{"$f":"IF($C16=\"S\",IF($Z16=\"OU\",ROUND($X16,2),0),SomaAgrup)","v":0},{"$f":"IF($N16=\"\",\" \",\nIF(AND($C16<>\"S\",OR($R16=\"\",$R16=\"(digite a descrição aqui)\")),\"DESCRIÇÃO\",\nIF(AND($C16=\"S\",OR($Q16<>\"\",$T16>0,$U16>0),$P16=\"\"),\"FONTE\",\nIF(AND($C16=\"S\",$P16<>\"\",OR($T16>0,$U16>0),$Q16=\"\"),\"CÓDIGO\",\nIF(AND($C16=\"S\",$P16<>\"\",$Q16<>\"\",$R16=\"(Código não identificado nas referências)\"),\"CÓDIGO N/ID\",\nIF(AND($C16=\"S\",OR($R16=\"\",$R16=\"(digite a descrição aqui)\"),OR($Q16<>\"\",$T16>0,$U16>0)),\"DESCRIÇÃO\",\nIF(AND($C16=\"S\",$P16<>\"\",$Q16<>\"\",$S16=\"\"),\"UNIDADE\",\nIF(AND($C16=\"S\",$P16<>\"\",$Q16<>\"\",$U16=0),\"SEM CUSTO\",\nIF(AND(TIPOORCAMENTO=\"Licitado\",$AL16=0,$AN16>0),\"SEM PREÇO\",\nIF(AND($C16=\"S\",$P16<>\"\",$Q16<>\"\",$U16>0,AND($V16<>\"BDI 1\",$V16<>\"BDI 2\",$V16<>\"BDI 3\")),IF(ISNUMBER($V16),\"JUSTIFICAR BDI\",\"BDI\"),\nIF(OR(AND(import.recurso=\"OGU\",TIPOORCAMENTO=\"Proposto\",LEFT($O$8,5)<>\"(N/D:\",$AG16<>\"\",ORÇAMENTO.CustoUnitario>$AG16),AND(TIPOORCAMENTO=\"LICITADO\",ORÇAMENTO.PrecoUnitarioLicitado>$AN16)),\"ACIMA REF.\",\nIF(AND($C16=\"S\",$P16<>\"\",$Q16<>\"\",$T16=0,$U16>0),\"QUANT.\",\nIF(AND(Import.TipoArredondamento=\"TransfereGOV\",$L16=\"F\",$C16=\"S\",LEN($Q16)>13),\"Código >13\",\nIF(AND(Import.TipoArredondamento=\"TransfereGOV\",$L16=\"F\",$C16<>\"S\",LEN($R16)>100),\"Descrição >100\",\nIF(AND(Import.TipoArredondamento=\"TransfereGOV\",$L16=\"F\",$C16=\"S\",LEN($R16)>500),\"Descrição >500\",\nIF(AND(Import.TipoArredondamento=\"TransfereGOV\",$L16=\"F\",$C16=\"S\",LEFT(TRIM(UPPER($P16)),6)<>\"SINAPI\",ISNA(VLOOKUP(TRIM(UPPER($S16)),ListaTgov.Unidades,1,FALSE))),\"Unid. Não Disp\",\n\" \"))))))))))))))))","v":" "},{"$f":"IF(C16<=CRONO.NivelExibicao,MAX($AD$15:OFFSET(AD16,-1,0))+IF($C16<>1,1,MAX(1,COUNTIF(QCI!$A$13:$A$24,OFFSET($E16,-1,0)))),\"\")","v":1},{"$f":"IF(AND($C16=\"S\",ORÇAMENTO.CodBarra<>\"\"),IF(ORÇAMENTO.Fonte=\"\",ORÇAMENTO.CodBarra,CONCATENATE(ORÇAMENTO.Fonte,\" \",ORÇAMENTO.CodBarra)))","v":false},{"$f":"IF(ISERROR(ORÇAMENTO.BancoRef),\"(abra o arquivo 'Referência \"&Excel_BuiltIn_Database&\".xlsm)\",IF(OR($C16<>\"S\",ORÇAMENTO.CodBarra=\"\"),\"(Sem Código)\",IF(ISERROR(MATCH($AE16,INDIRECT(ORÇAMENTO.BancoRef),0)),\"(Código não identificado nas referências)\",MATCH($AE16,INDIRECT(ORÇAMENTO.BancoRef),0))))","v":"(Sem Código)"},{"$f":"ROUND(IF(DESONERACAO=\"sim\",REFERENCIA.Desonerado,REFERENCIA.NaoDesonerado),2)","v":0},{"$f":"ROUND(IF(ISNUMBER(ORÇAMENTO.OpcaoBDI),ORÇAMENTO.OpcaoBDI,IF(LEFT(ORÇAMENTO.OpcaoBDI,3)=\"BDI\",HLOOKUP(ORÇAMENTO.OpcaoBDI,$F$4:$H$5,2,FALSE),0)),15-11*$AF$9)","v":0.25390000000000001},null,null,null,null,703274.85,{"$f":"ROUND(ORÇAMENTO.CustoUnitario*(1+$AH16),2)","v":0}]
[2,2,2,2,{"$f":"IF($C17=1,OFFSET(E17,-1,0)+MAX(1,COUNTIF(QCI!$A$13:$A$24,OFFSET(ORÇAMENTO!E17,-1,0))),OFFSET(E17,-1,0))","v":1},1,0,0,0,220,{"$f":"IF(OR($C17=\"S\",$C17=0),0,MATCH(OFFSET($D17,0,$C17)+IF($C17<>1,1,COUNTIF(QCI!$A$13:$A$24,ORÇAMENTO!E17)),OFFSET($D17,1,$C17,ROW($C$237)-ROW($C17)),0))","v":2},"F","Nível 2","Nível 2","1.1.","","","ADMINISTRAÇÃO LOCAL DE OBRA",null,{"$f":"OFFSET(CÁLCULO!H$15,ROW($T17)-ROW(T$15),0)","v":0},0,"BDI 1",{"$f":"IF($C17=\"S\",ROUND(IF(TIPOORCAMENTO=\"Proposto\",ORÇAMENTO.CustoUnitario*(1+$AH17),ORÇAMENTO.PrecoUnitarioLicitado),15-13*$AF$10),0)","v":0},{"$f":"IF($C17=\"S\",IF(OR(Import.TipoArredondamento<>\"TransfereGOV\",ACOMPANHAMENTO=\"BM\"),VTOTAL1,SUM(OFFSET(CÁLCULO!$AQ$15,ROW($X17)-ROW($X$15),1):OFFSET(CÁLCULO!$BR$15,ROW($X17)-ROW($X$15),-1))),IF($C17=0,0,ROUND(SomaAgrup,15-13*$AF$11)))","v":33489.15},"RA","",{"$f":"IF($C17=\"S\",IF($Z17=\"CP\",$X17,IF($Z17=\"RA\",(($X17)*QCI!$AA$3),0)),SomaAgrup)","v":489.27669299918693},{"$f":"IF($C17=\"S\",IF($Z17=\"OU\",ROUND($X17,2),0),SomaAgrup)","v":0},{"$f":"IF($N17=\"\",\" \",\nIF(AND($C17<>\"S\",OR($R17=\"\",$R17=\"(digite a descrição aqui)\")),\"DESCRIÇÃO\",\nIF(AND($C17=\"S\",OR($Q17<>\"\",$T17>0,$U17>0),$P17=\"\"),\"FONTE\",\nIF(AND($C17=\"S\",$P17<>\"\",OR($T17>0,$U17>0),$Q17=\"\"),\"CÓDIGO\",\nIF(AND($C17=\"S\",$P17<>\"\",$Q17<>\"\",$R17=\"(Código não identificado nas referências)\"),\"CÓDIGO N/ID\",\nIF(AND($C17=\"S\",OR($R17=\"\",$R17=\"(digite a descrição aqui)\"),OR($Q17<>\"\",$T17>0,$U17>0)),\"DESCRIÇÃO\",\nIF(AND($C17=\"S\",$P17<>\"\",$Q17<>\"\",$S17=\"\"),\"UNIDADE\",\nIF(AND($C17=\"S\",$P17<>\"\",$Q17<>\"\",$U17=0),\"SEM CUSTO\",\nIF(AND(TIPOORCAMENTO=\"Licitado\",$AL17=0,$AN17>0),\"SEM PREÇO\",\nIF(AND($C17=\"S\",$P17<>\"\",$Q17<>\"\",$U17>0,AND($V17<>\"BDI 1\",$V17<>\"BDI 2\",$V17<>\"BDI 3\")),IF(ISNUMBER($V17),\"JUSTIFICAR BDI\",\"BDI\"),\nIF(OR(AND(import.recurso=\"OGU\",TIPOORCAMENTO=\"Proposto\",LEFT($O$8,5)<>\"(N/D:\",$AG17<>\"\",ORÇAMENTO.CustoUnitario>$AG17),AND(TIPOORCAMENTO=\"LICITADO\",ORÇAMENTO.PrecoUnitarioLicitado>$AN17)),\"ACIMA REF.\",\nIF(AND($C17=\"S\",$P17<>\"\",$Q17<>\"\",$T17=0,$U17>0),\"QUANT.\",\nIF(AND(Import.TipoArredondamento=\"TransfereGOV\",$L17=\"F\",$C17=\"S\",LEN($Q17)>13),\"Código >13\",\nIF(AND(Import.TipoArredondamento=\"TransfereGOV\",$L17=\"F\",$C17<>\"S\",LEN($R17)>100),\"Descrição >100\",\nIF(AND(Import.TipoArredondamento=\"TransfereGOV\",$L17=\"F\",$C17=\"S\",LEN($R17)>500),\"Descrição >500\",\nIF(AND(Import.TipoArredondamento=\"TransfereGOV\",$L17=\"F\",$C17=\"S\",LEFT(TRIM(UPPER($P17)),6)<>\"SINAPI\",ISNA(VLOOKUP(TRIM(UPPER($S17)),ListaTgov.Unidades,1,FALSE))),\"Unid. Não Disp\",\n\" \"))))))))))))))))","v":" "},{"$f":"IF(C17<=CRONO.NivelExibicao,MAX($AD$15:OFFSET(AD17,-1,0))+IF($C17<>1,1,MAX(1,COUNTIF(QCI!$A$13:$A$24,OFFSET($E17,-1,0)))),\"\")","v":2},{"$f":"IF(AND($C17=\"S\",ORÇAMENTO.CodBarra<>\"\"),IF(ORÇAMENTO.Fonte=\"\",ORÇAMENTO.CodBarra,CONCATENATE(ORÇAMENTO.Fonte,\" \",ORÇAMENTO.CodBarra)))","v":false},{"$f":"IF(ISERROR(ORÇAMENTO.BancoRef),\"(abra o arquivo 'Referência \"&Excel_BuiltIn_Database&\".xlsm)\",IF(OR($C17<>\"S\",ORÇAMENTO.CodBarra=\"\"),\"(Sem Código)\",IF(ISERROR(MATCH($AE17,INDIRECT(ORÇAMENTO.BancoRef),0)),\"(Código não identificado nas referências)\",MATCH($AE17,INDIRECT(ORÇAMENTO.BancoRef),0))))","v":"(Sem Código)"},{"$f":"ROUND(IF(DESONERACAO=\"sim\",REFERENCIA.Desonerado,REFERENCIA.NaoDesonerado),2)","v":0},0.25390000000000001,null,null,null,null,33489.15,{"$f":"ROUND(ORÇAMENTO.CustoUnitario*(1+$AH17),2)","v":0}]
["S",2,"S",0,{"$f":"IF($C18=1,OFFSET(E18,-1,0)+MAX(1,COUNTIF(QCI!$A$13:$A$24,OFFSET(ORÇAMENTO!E18,-1,0))),OFFSET(E18,-1,0))","v":1},1,0,0,1,0,{"$f":"IF(OR($C18=\"S\",$C18=0),0,MATCH(OFFSET($D18,0,$C18)+IF($C18<>1,1,COUNTIF(QCI!$A$13:$A$24,ORÇAMENTO!E18)),OFFSET($D18,1,$C18,ROW($C$237)-ROW($C18)),0))","v":0},"F","Serviço","Serviço","1.1.0.0.1.","Composição","01",{"$f":"IF($C18=\"S\",REFERENCIA.Descricao,\"(digite a descrição aqui)\")","v":"ADMINISTRAÇÃO LOCAL DE OBRA"},{"$f":"REFERENCIA.Unidade","v":"MÊS"},{"$f":"OFFSET(CÁLCULO!H$15,ROW($T18)-ROW(T$15),0)","v":0.25},106832,"BDI 1",{"$f":"IF($C18=\"S\",ROUND(IF(TIPOORCAMENTO=\"Proposto\",ORÇAMENTO.CustoUnitario*(1+$AH18),ORÇAMENTO.PrecoUnitarioLicitado),15-13*$AF$10),0)","v":133956.64000000001},{"$f":"IF($C18=\"S\",IF(OR(Import.TipoArredondamento<>\"TransfereGOV\",ACOMPANHAMENTO=\"BM\"),VTOTAL1,SUM(OFFSET(CÁLCULO!$AQ$15,ROW($X18)-ROW($X$15),1):OFFSET(CÁLCULO!$BR$15,ROW($X18)-ROW($X$15),-1))),IF($C18=0,0,ROUND(SomaAgrup,15-13*$AF$11)))","v":33489.15},"RA","RA",{"$f":"IF($C18=\"S\",IF($Z18=\"CP\",$X18,IF($Z18=\"RA\",(($X18)*QCI!$AA$3),0)),SomaAgrup)","v":489.27669299918693},{"$f":"IF($C18=\"S\",IF($Z18=\"OU\",ROUND($X18,2),0),SomaAgrup)","v":0},{"$f":"IF($N18=\"\",\" \",\nIF(AND($C18<>\"S\",OR($R18=\"\",$R18=\"(digite a descrição aqui)\")),\"DESCRIÇÃO\",\nIF(AND($C18=\"S\",OR($Q18<>\"\",$T18>0,$U18>0),$P18=\"\"),\"FONTE\",\nIF(AND($C18=\"S\",$P18<>\"\",OR($T18>0,$U18>0),$Q18=\"\"),\"CÓDIGO\",\nIF(AND($C18=\"S\",$P18<>\"\",$Q18<>\"\",$R18=\"(Código não identificado nas referências)\"),\"CÓDIGO N/ID\",\nIF(AND($C18=\"S\",OR($R18=\"\",$R18=\"(digite a descrição aqui)\"),OR($Q18<>\"\",$T18>0,$U18>0)),\"DESCRIÇÃO\",\nIF(AND($C18=\"S\",$P18<>\"\",$Q18<>\"\",$S18=\"\"),\"UNIDADE\",\nIF(AND($C18=\"S\",$P18<>\"\",$Q18<>\"\",$U18=0),\"SEM CUSTO\",\nIF(AND(TIPOORCAMENTO=\"Licitado\",$AL18=0,$AN18>0),\"SEM PREÇO\",\nIF(AND($C18=\"S\",$P18<>\"\",$Q18<>\"\",$U18>0,AND($V18<>\"BDI 1\",$V18<>\"BDI 2\",$V18<>\"BDI 3\")),IF(ISNUMBER($V18),\"JUSTIFICAR BDI\",\"BDI\"),\nIF(OR(AND(import.recurso=\"OGU\",TIPOORCAMENTO=\"Proposto\",LEFT($O$8,5)<>\"(N/D:\",$AG18<>\"\",ORÇAMENTO.CustoUnitario>$AG18),AND(TIPOORCAMENTO=\"LICITADO\",ORÇAMENTO.PrecoUnitarioLicitado>$AN18)),\"ACIMA REF.\",\nIF(AND($C18=\"S\",$P18<>\"\",$Q18<>\"\",$T18=0,$U18>0),\"QUANT.\",\nIF(AND(Import.TipoArredondamento=\"TransfereGOV\",$L18=\"F\",$C18=\"S\",LEN($Q18)>13),\"Código >13\",\nIF(AND(Import.TipoArredondamento=\"TransfereGOV\",$L18=\"F\",$C18<>\"S\",LEN($R18)>100),\"Descrição >100\",\nIF(AND(Import.TipoArredondamento=\"TransfereGOV\",$L18=\"F\",$C18=\"S\",LEN($R18)>500),\"Descrição >500\",\nIF(AND(Import.TipoArredondamento=\"TransfereGOV\",$L18=\"F\",$C18=\"S\",LEFT(TRIM(UPPER($P18)),6)<>\"SINAPI\",ISNA(VLOOKUP(TRIM(UPPER($S18)),ListaTgov.Unidades,1,FALSE))),\"Unid. Não Disp\",\n\" \"))))))))))))))))","v":" "},{"$f":"IF(C18<=CRONO.NivelExibicao,MAX($AD$15:OFFSET(AD18,-1,0))+IF($C18<>1,1,MAX(1,COUNTIF(QCI!$A$13:$A$24,OFFSET($E18,-1,0)))),\"\")","v":""},{"$f":"IF(AND($C18=\"S\",ORÇAMENTO.CodBarra<>\"\"),IF(ORÇAMENTO.Fonte=\"\",ORÇAMENTO.CodBarra,CONCATENATE(ORÇAMENTO.Fonte,\" \",ORÇAMENTO.CodBarra)))","v":"Composição 01"},{"$f":"IF(ISERROR(ORÇAMENTO.BancoRef),\"(abra o arquivo 'Referência \"&Excel_BuiltIn_Database&\".xlsm)\",IF(OR($C18<>\"S\",ORÇAMENTO.CodBarra=\"\"),\"(Sem Código)\",IF(ISERROR(MATCH($AE18,INDIRECT(ORÇAMENTO.BancoRef),0)),\"(Código não identificado nas referências)\",MATCH($AE18,INDIRECT(ORÇAMENTO.BancoRef),0))))","v":3},{"$f":"ROUND(IF(DESONERACAO=\"sim\",REFERENCIA.Desonerado,REFERENCIA.NaoDesonerado),2)","v":106832},0.25390000000000001,null,null,null,null,33489.15,{"$f":"ROUND(ORÇAMENTO.CustoUnitario*(1+$AH18),2)","v":133956.64000000001}]
[2,2,2,2,{"$f":"IF($C19=1,OFFSET(E19,-1,0)+MAX(1,COUNTIF(QCI!$A$13:$A$24,OFFSET(ORÇAMENTO!E19,-1,0))),OFFSET(E19,-1,0))","v":1},2,0,0,0,218,{"$f":"IF(OR($C19=\"S\",$C19=0),0,MATCH(OFFSET($D19,0,$C19)+IF($C19<>1,1,COUNTIF(QCI!$A$13:$A$24,ORÇAMENTO!E19)),OFFSET($D19,1,$C19,ROW($C$237)-ROW($C19)),0))","v":2},"F","Nível 2","Nível 2","1.2.","SINAPI",null,"SERVIÇOS PRELIMINARES",{"$f":"REFERENCIA.Unidade","v":"-"},{"$f":"OFFSET(CÁLCULO!H$15,ROW($T19)-ROW(T$15),0)","v":0},null,"BDI 1",{"$f":"IF($C19=\"S\",ROUND(IF(TIPOORCAMENTO=\"Proposto\",ORÇAMENTO.CustoUnitario*(1+$AH19),ORÇAMENTO.PrecoUnitarioLicitado),15-13*$AF$10),0)","v":0},{"$f":"IF($C19=\"S\",IF(OR(Import.TipoArredondamento<>\"TransfereGOV\",ACOMPANHAMENTO=\"BM\"),VTOTAL1,SUM(OFFSET(CÁLCULO!$AQ$15,ROW($X19)-ROW($X$15),1):OFFSET(CÁLCULO!$BR$15,ROW($X19)-ROW($X$15),-1))),IF($C19=0,0,ROUND(SomaAgrup,15-13*$AF$11)))","v":12180.6},"RA","",{"$f":"IF($C19=\"S\",IF($Z19=\"CP\",$X19,IF($Z19=\"RA\",(($X19)*QCI!$AA$3),0)),SomaAgrup)","v":177.95864292601917},{"$f":"IF($C19=\"S\",IF($Z19=\"OU\",ROUND($X19,2),0),SomaAgrup)","v":0},{"$f":"IF($N19=\"\",\" \",\nIF(AND($C19<>\"S\",OR($R19=\"\",$R19=\"(digite a descrição aqui)\")),\"DESCRIÇÃO\",\nIF(AND($C19=\"S\",OR($Q19<>\"\",$T19>0,$U19>0),$P19=\"\"),\"FONTE\",\nIF(AND($C19=\"S\",$P19<>\"\",OR($T19>0,$U19>0),$Q19=\"\"),\"CÓDIGO\",\nIF(AND($C19=\"S\",$P19<>\"\",$Q19<>\"\",$R19=\"(Código não identificado nas referências)\"),\"CÓDIGO N/ID\",\nIF(AND($C19=\"S\",OR($R19=\"\",$R19=\"(digite a descrição aqui)\"),OR($Q19<>\"\",$T19>0,$U19>0)),\"DESCRIÇÃO\",\nIF(AND($C19=\"S\",$P19<>\"\",$Q19<>\"\",$S19=\"\"),\"UNIDADE\",\nIF(AND($C19=\"S\",$P19<>\"\",$Q19<>\"\",$U19=0),\"SEM CUSTO\",\nIF(AND(TIPOORCAMENTO=\"Licitado\",$AL19=0,$AN19>0),\"SEM PREÇO\",\nIF(AND($C19=\"S\",$P19<>\"\",$Q19<>\"\",$U19>0,AND($V19<>\"BDI 1\",$V19<>\"BDI 2\",$V19<>\"BDI 3\")),IF(ISNUMBER($V19),\"JUSTIFICAR BDI\",\"BDI\"),\nIF(OR(AND(import.recurso=\"OGU\",TIPOORCAMENTO=\"Proposto\",LEFT($O$8,5)<>\"(N/D:\",$AG19<>\"\",ORÇAMENTO.CustoUnitario>$AG19),AND(TIPOORCAMENTO=\"LICITADO\",ORÇAMENTO.PrecoUnitarioLicitado>$AN19)),\"ACIMA REF.\",\nIF(AND($C19=\"S\",$P19<>\"\",$Q19<>\"\",$T19=0,$U19>0),\"QUANT.\",\nIF(AND(Import.TipoArredondamento=\"TransfereGOV\",$L19=\"F\",$C19=\"S\",LEN($Q19)>13),\"Código >13\",\nIF(AND(Import.TipoArredondamento=\"TransfereGOV\",$L19=\"F\",$C19<>\"S\",LEN($R19)>100),\"Descrição >100\",\nIF(AND(Import.TipoArredondamento=\"TransfereGOV\",$L19=\"F\",$C19=\"S\",LEN($R19)>500),\"Descrição >500\",\nIF(AND(Import.TipoArredondamento=\"TransfereGOV\",$L19=\"F\",$C19=\"S\",LEFT(TRIM(UPPER($P19)),6)<>\"SINAPI\",ISNA(VLOOKUP(TRIM(UPPER($S19)),ListaTgov.Unidades,1,FALSE))),\"Unid. Não Disp\",\n\" \"))))))))))))))))","v":" "},{"$f":"IF(C19<=CRONO.NivelExibicao,MAX($AD$15:OFFSET(AD19,-1,0))+IF($C19<>1,1,MAX(1,COUNTIF(QCI!$A$13:$A$24,OFFSET($E19,-1,0)))),\"\")","v":3},{"$f":"IF(AND($C19=\"S\",ORÇAMENTO.CodBarra<>\"\"),IF(ORÇAMENTO.Fonte=\"\",ORÇAMENTO.CodBarra,CONCATENATE(ORÇAMENTO.Fonte,\" \",ORÇAMENTO.CodBarra)))","v":false},{"$f":"IF(ISERROR(ORÇAMENTO.BancoRef),\"(abra o arquivo 'Referência \"&Excel_BuiltIn_Database&\".xlsm)\",IF(OR($C19<>\"S\",ORÇAMENTO.CodBarra=\"\"),\"(Sem Código)\",IF(ISERROR(MATCH($AE19,INDIRECT(ORÇAMENTO.BancoRef),0)),\"(Código não identificado nas referências)\",MATCH($AE19,INDIRECT(ORÇAMENTO.BancoRef),0))))","v":"(Sem Código)"},{"$f":"ROUND(IF(DESONERACAO=\"sim\",REFERENCIA.Desonerado,REFERENCIA.NaoDesonerado),2)","v":0},0.25390000000000001,null,null,null,null,12180.6,{"$f":"ROUND(ORÇAMENTO.CustoUnitario*(1+$AH19),2)","v":0}]
["S",2,"S",0,{"$f":"IF($C20=1,OFFSET(E20,-1,0)+MAX(1,COUNTIF(QCI!$A$13:$A$24,OFFSET(ORÇAMENTO!E20,-1,0))),OFFSET(E20,-1,0))","v":1},2,0,0,1,0,{"$f":"IF(OR($C20=\"S\",$C20=0),0,MATCH(OFFSET($D20,0,$C20)+IF($C20<>1,1,COUNTIF(QCI!$A$13:$A$24,ORÇAMENTO!E20)),OFFSET($D20,1,$C20,ROW($C$237)-ROW($C20)),0))","v":0},"F","Serviço","Serviço","1.2.0.0.1.","SINAPI","99059",{"$f":"IF($C20=\"S\",REFERENCIA.Descricao,\"(digite a descrição aqui)\")","v":"LOCAÇÃO CONVENCIONAL DE OBRA, UTILIZANDO GABARITO DE TÁBUAS CORRIDAS PONTALETADAS A CADA 2,00M - 2 UTILIZAÇÕES. AF_03/2024"},{"$f":"REFERENCIA.Unidade","v":"M"},{"$f":"OFFSET(CÁLCULO!H$15,ROW($T20)-ROW(T$15),0)","v":151.5},64.12,"BDI 1",{"$f":"IF($C20=\"S\",ROUND(IF(TIPOORCAMENTO=\"Proposto\",ORÇAMENTO.CustoUnitario*(1+$AH20),ORÇAMENTO.PrecoUnitarioLicitado),15-13*$AF$10),0)","v":80.400000000000006},{"$f":"IF($C20=\"S\",IF(OR(Import.TipoArredondamento<>\"TransfereGOV\",ACOMPANHAMENTO=\"BM\"),VTOTAL1,SUM(OFFSET(CÁLCULO!$AQ$15,ROW($X20)-ROW($X$15),1):OFFSET(CÁLCULO!$BR$15,ROW($X20)-ROW($X$15),-1))),IF($C20=0,0,ROUND(SomaAgrup,15-13*$AF$11)))","v":12180.599999999999},"RA","RA",{"$f":"IF($C20=\"S\",IF($Z20=\"CP\",$X20,IF($Z20=\"RA\",(($X20)*QCI!$AA$3),0)),SomaAgrup)","v":177.95864292601917},{"$f":"IF($C20=\"S\",IF($Z20=\"OU\",ROUND($X20,2),0),SomaAgrup)","v":0},{"$f":"IF($N20=\"\",\" \",\nIF(AND($C20<>\"S\",OR($R20=\"\",$R20=\"(digite a descrição aqui)\")),\"DESCRIÇÃO\",\nIF(AND($C20=\"S\",OR($Q20<>\"\",$T20>0,$U20>0),$P20=\"\"),\"FONTE\",\nIF(AND($C20=\"S\",$P20<>\"\",OR($T20>0,$U20>0),$Q20=\"\"),\"CÓDIGO\",\nIF(AND($C20=\"S\",$P20<>\"\",$Q20<>\"\",$R20=\"(Código não identificado nas referências)\"),\"CÓDIGO N/ID\",\nIF(AND($C20=\"S\",OR($R20=\"\",$R20=\"(digite a descrição aqui)\"),OR($Q20<>\"\",$T20>0,$U20>0)),\"DESCRIÇÃO\",\nIF(AND($C20=\"S\",$P20<>\"\",$Q20<>\"\",$S20=\"\"),\"UNIDADE\",\nIF(AND($C20=\"S\",$P20<>\"\",$Q20<>\"\",$U20=0),\"SEM CUSTO\",\nIF(AND(TIPOORCAMENTO=\"Licitado\",$AL20=0,$AN20>0),\"SEM PREÇO\",\nIF(AND($C20=\"S\",$P20<>\"\",$Q20<>\"\",$U20>0,AND($V20<>\"BDI 1\",$V20<>\"BDI 2\",$V20<>\"BDI 3\")),IF(ISNUMBER($V20),\"JUSTIFICAR BDI\",\"BDI\"),\nIF(OR(AND(import.recurso=\"OGU\",TIPOORCAMENTO=\"Proposto\",LEFT($O$8,5)<>\"(N/D:\",$AG20<>\"\",ORÇAMENTO.CustoUnitario>$AG20),AND(TIPOORCAMENTO=\"LICITADO\",ORÇAMENTO.PrecoUnitarioLicitado>$AN20)),\"ACIMA REF.\",\nIF(AND($C20=\"S\",$P20<>\"\",$Q20<>\"\",$T20=0,$U20>0),\"QUANT.\",\nIF(AND(Import.TipoArredondamento=\"TransfereGOV\",$L20=\"F\",$C20=\"S\",LEN($Q20)>13),\"Código >13\",\nIF(AND(Import.TipoArredondamento=\"TransfereGOV\",$L20=\"F\",$C20<>\"S\",LEN($R20)>100),\"Descrição >100\",\nIF(AND(Import.TipoArredondamento=\"TransfereGOV\",$L20=\"F\",$C20=\"S\",LEN($R20)>500),\"Descrição >500\",\nIF(AND(Import.TipoArredondamento=\"TransfereGOV\",$L20=\"F\",$C20=\"S\",LEFT(TRIM(UPPER($P20)),6)<>\"SINAPI\",ISNA(VLOOKUP(TRIM(UPPER($S20)),ListaTgov.Unidades,1,FALSE))),\"Unid. Não Disp\",\n\" \"))))))))))))))))","v":" "},{"$f":"IF(C20<=CRONO.NivelExibicao,MAX($AD$15:OFFSET(AD20,-1,0))+IF($C20<>1,1,MAX(1,COUNTIF(QCI!$A$13:$A$24,OFFSET($E20,-1,0)))),\"\")","v":""},{"$f":"IF(AND($C20=\"S\",ORÇAMENTO.CodBarra<>\"\"),IF(ORÇAMENTO.Fonte=\"\",ORÇAMENTO.CodBarra,CONCATENATE(ORÇAMENTO.Fonte,\" \",ORÇAMENTO.CodBarra)))","v":"SINAPI 99059"},{"$f":"IF(ISERROR(ORÇAMENTO.BancoRef),\"(abra o arquivo 'Referência \"&Excel_BuiltIn_Database&\".xlsm)\",IF(OR($C20<>\"S\",ORÇAMENTO.CodBarra=\"\"),\"(Sem Código)\",IF(ISERROR(MATCH($AE20,INDIRECT(ORÇAMENTO.BancoRef),0)),\"(Código não identificado nas referências)\",MATCH($AE20,INDIRECT(ORÇAMENTO.BancoRef),0))))","v":13143},{"$f":"ROUND(IF(DESONERACAO=\"sim\",REFERENCIA.Desonerado,REFERENCIA.NaoDesonerado),2)","v":73.739999999999995},0.25390000000000001,null,null,null,null,12180.599999999999,{"$f":"ROUND(ORÇAMENTO.CustoUnitario*(1+$AH20),2)","v":80.400000000000006}]
[2,2,2,25,{"$f":"IF($C21=1,OFFSET(E21,-1,0)+MAX(1,COUNTIF(QCI!$A$13:$A$24,OFFSET(ORÇAMENTO!E21,-1,0))),OFFSET(E21,-1,0))","v":1},3,0,0,0,216,{"$f":"IF(OR($C21=\"S\",$C21=0),0,MATCH(OFFSET($D21,0,$C21)+IF($C21<>1,1,COUNTIF(QCI!$A$13:$A$24,ORÇAMENTO!E21)),OFFSET($D21,1,$C21,ROW($C$237)-ROW($C21)),0))","v":25},"F","Nível 2","Nível 2","1.3.","","","FUNDAÇÕES E CONTENÇÕES",null,{"$f":"OFFSET(CÁLCULO!H$15,ROW($T21)-ROW(T$15),0)","v":0},0,"BDI 1",{"$f":"IF($C21=\"S\",ROUND(IF(TIPOORCAMENTO=\"Proposto\",ORÇAMENTO.CustoUnitario*(1+$AH21),ORÇAMENTO.PrecoUnitarioLicitado),15-13*$AF$10),0)","v":0},{"$f":"IF($C21=\"S\",IF(OR(Import.TipoArredondamento<>\"TransfereGOV\",ACOMPANHAMENTO=\"BM\"),VTOTAL1,SUM(OFFSET(CÁLCULO!$AQ$15,ROW($X21)-ROW($X$15),1):OFFSET(CÁLCULO!$BR$15,ROW($X21)-ROW($X$15),-1))),IF($C21=0,0,ROUND(SomaAgrup,15-13*$AF$11)))","v":90204.35},"RA","",{"$f":"IF($C21=\"S\",IF($Z21=\"CP\",$X21,IF($Z21=\"RA\",(($X21)*QCI!$AA$3),0)),SomaAgrup)","v":1317.8861231814244},{"$f":"IF($C21=\"S\",IF($Z21=\"OU\",ROUND($X21,2),0),SomaAgrup)","v":0},{"$f":"IF($N21=\"\",\" \",\nIF(AND($C21<>\"S\",OR($R21=\"\",$R21=\"(digite a descrição aqui)\")),\"DESCRIÇÃO\",\nIF(AND($C21=\"S\",OR($Q21<>\"\",$T21>0,$U21>0),$P21=\"\"),\"FONTE\",\nIF(AND($C21=\"S\",$P21<>\"\",OR($T21>0,$U21>0),$Q21=\"\"),\"CÓDIGO\",\nIF(AND($C21=\"S\",$P21<>\"\",$Q21<>\"\",$R21=\"(Código não identificado nas referências)\"),\"CÓDIGO N/ID\",\nIF(AND($C21=\"S\",OR($R21=\"\",$R21=\"(digite a descrição aqui)\"),OR($Q21<>\"\",$T21>0,$U21>0)),\"DESCRIÇÃO\",\nIF(AND($C21=\"S\",$P21<>\"\",$Q21<>\"\",$S21=\"\"),\"UNIDADE\",\nIF(AND($C21=\"S\",$P21<>\"\",$Q21<>\"\",$U21=0),\"SEM CUSTO\",\nIF(AND(TIPOORCAMENTO=\"Licitado\",$AL21=0,$AN21>0),\"SEM PREÇO\",\nIF(AND($C21=\"S\",$P21<>\"\",$Q21<>\"\",$U21>0,AND($V21<>\"BDI 1\",$V21<>\"BDI 2\",$V21<>\"BDI 3\")),IF(ISNUMBER($V21),\"JUSTIFICAR BDI\",\"BDI\"),\nIF(OR(AND(import.recurso=\"OGU\",TIPOORCAMENTO=\"Proposto\",LEFT($O$8,5)<>\"(N/D:\",$AG21<>\"\",ORÇAMENTO.CustoUnitario>$AG21),AND(TIPOORCAMENTO=\"LICITADO\",ORÇAMENTO.PrecoUnitarioLicitado>$AN21)),\"ACIMA REF.\",\nIF(AND($C21=\"S\",$P21<>\"\",$Q21<>\"\",$T21=0,$U21>0),\"QUANT.\",\nIF(AND(Import.TipoArredondamento=\"TransfereGOV\",$L21=\"F\",$C21=\"S\",LEN($Q21)>13),\"Código >13\",\nIF(AND(Import.TipoArredondamento=\"TransfereGOV\",$L21=\"F\",$C21<>\"S\",LEN($R21)>100),\"Descrição >100\",\nIF(AND(Import.TipoArredondamento=\"TransfereGOV\",$L21=\"F\",$C21=\"S\",LEN($R21)>500),\"Descrição >500\",\nIF(AND(Import.TipoArredondamento=\"TransfereGOV\",$L21=\"F\",$C21=\"S\",LEFT(TRIM(UPPER($P21)),6)<>\"SINAPI\",ISNA(VLOOKUP(TRIM(UPPER($S21)),ListaTgov.Unidades,1,FALSE))),\"Unid. Não Disp\",\n\" \"))))))))))))))))","v":" "},{"$f":"IF(C21<=CRONO.NivelExibicao,MAX($AD$15:OFFSET(AD21,-1,0))+IF($C21<>1,1,MAX(1,COUNTIF(QCI!$A$13:$A$24,OFFSET($E21,-1,0)))),\"\")","v":4},{"$f":"IF(AND($C21=\"S\",ORÇAMENTO.CodBarra<>\"\"),IF(ORÇAMENTO.Fonte=\"\",ORÇAMENTO.CodBarra,CONCATENATE(ORÇAMENTO.Fonte,\" \",ORÇAMENTO.CodBarra)))","v":false},{"$f":"IF(ISERROR(ORÇAMENTO.BancoRef),\"(abra o arquivo 'Referência \"&Excel_BuiltIn_Database&\".xlsm)\",IF(OR($C21<>\"S\",ORÇAMENTO.CodBarra=\"\"),\"(Sem Código)\",IF(ISERROR(MATCH($AE21,INDIRECT(ORÇAMENTO.BancoRef),0)),\"(Código não identificado nas referências)\",MATCH($AE21,INDIRECT(ORÇAMENTO.BancoRef),0))))","v":"(Sem Código)"},{"$f":"ROUND(IF(DESONERACAO=\"sim\",REFERENCIA.Desonerado,REFERENCIA.NaoDesonerado),2)","v":0},0.25390000000000001,null,null,null,null,90204.35,{"$f":"ROUND(ORÇAMENTO.CustoUnitario*(1+$AH21),2)","v":0}]
[3,3,3,24,{"$f":"IF($C22=1,OFFSET(E22,-1,0)+MAX(1,COUNTIF(QCI!$A$13:$A$24,OFFSET(ORÇAMENTO!E22,-1,0))),OFFSET(E22,-1,0))","v":1},3,1,0,0,24,{"$f":"IF(OR($C22=\"S\",$C22=0),0,MATCH(OFFSET($D22,0,$C22)+IF($C22<>1,1,COUNTIF(QCI!$A$13:$A$24,ORÇAMENTO!E22)),OFFSET($D22,1,$C22,ROW($C$237)-ROW($C22)),0))","v":41},"F","Nível 3","Nível 3","1.3.1.","","","FUNDAÇÕES",null,{"$f":"OFFSET(CÁLCULO!H$15,ROW($T22)-ROW(T$15),0)","v":0},0,"BDI 1",{"$f":"IF($C22=\"S\",ROUND(IF(TIPOORCAMENTO=\"Proposto\",ORÇAMENTO.CustoUnitario*(1+$AH22),ORÇAMENTO.PrecoUnitarioLicitado),15-13*$AF$10),0)","v":0},{"$f":"IF($C22=\"S\",IF(OR(Import.TipoArredondamento<>\"TransfereGOV\",ACOMPANHAMENTO=\"BM\"),VTOTAL1,SUM(OFFSET(CÁLCULO!$AQ$15,ROW($X22)-ROW($X$15),1):OFFSET(CÁLCULO!$BR$15,ROW($X22)-ROW($X$15),-1))),IF($C22=0,0,ROUND(SomaAgrup,15-13*$AF$11)))","v":90204.35},"RA","",{"$f":"IF($C22=\"S\",IF($Z22=\"CP\",$X22,IF($Z22=\"RA\",(($X22)*QCI!$AA$3),0)),SomaAgrup)","v":1317.8861231814244},{"$f":"IF($C22=\"S\",IF($Z22=\"OU\",ROUND($X22,2),0),SomaAgrup)","v":0},{"$f":"IF($N22=\"\",\" \",\nIF(AND($C22<>\"S\",OR($R22=\"\",$R22=\"(digite a descrição aqui)\")),\"DESCRIÇÃO\",\nIF(AND($C22=\"S\",OR($Q22<>\"\",$T22>0,$U22>0),$P22=\"\"),\"FONTE\",\nIF(AND($C22=\"S\",$P22<>\"\",OR($T22>0,$U22>0),$Q22=\"\"),\"CÓDIGO\",\nIF(AND($C22=\"S\",$P22<>\"\",$Q22<>\"\",$R22=\"(Código não identificado nas referências)\"),\"CÓDIGO N/ID\",\nIF(AND($C22=\"S\",OR($R22=\"\",$R22=\"(digite a descrição aqui)\"),OR($Q22<>\"\",$T22>0,$U22>0)),\"DESCRIÇÃO\",\nIF(AND($C22=\"S\",$P22<>\"\",$Q22<>\"\",$S22=\"\"),\"UNIDADE\",\nIF(AND($C22=\"S\",$P22<>\"\",$Q22<>\"\",$U22=0),\"SEM CUSTO\",\nIF(AND(TIPOORCAMENTO=\"Licitado\",$AL22=0,$AN22>0),\"SEM PREÇO\",\nIF(AND($C22=\"S\",$P22<>\"\",$Q22<>\"\",$U22>0,AND($V22<>\"BDI 1\",$V22<>\"BDI 2\",$V22<>\"BDI 3\")),IF(ISNUMBER($V22),\"JUSTIFICAR BDI\",\"BDI\"),\nIF(OR(AND(import.recurso=\"OGU\",TIPOORCAMENTO=\"Proposto\",LEFT($O$8,5)<>\"(N/D:\",$AG22<>\"\",ORÇAMENTO.CustoUnitario>$AG22),AND(TIPOORCAMENTO=\"LICITADO\",ORÇAMENTO.PrecoUnitarioLicitado>$AN22)),\"ACIMA REF.\",\nIF(AND($C22=\"S\",$P22<>\"\",$Q22<>\"\",$T22=0,$U22>0),\"QUANT.\",\nIF(AND(Import.TipoArredondamento=\"TransfereGOV\",$L22=\"F\",$C22=\"S\",LEN($Q22)>13),\"Código >13\",\nIF(AND(Import.TipoArredondamento=\"TransfereGOV\",$L22=\"F\",$C22<>\"S\",LEN($R22)>100),\"Descrição >100\",\nIF(AND(Import.TipoArredondamento=\"TransfereGOV\",$L22=\"F\",$C22=\"S\",LEN($R22)>500),\"Descrição >500\",\nIF(AND(Import.TipoArredondamento=\"TransfereGOV\",$L22=\"F\",$C22=\"S\",LEFT(TRIM(UPPER($P22)),6)<>\"SINAPI\",ISNA(VLOOKUP(TRIM(UPPER($S22)),ListaTgov.Unidades,1,FALSE))),\"Unid. Não Disp\",\n\" \"))))))))))))))))","v":" "},{"$f":"IF(C22<=CRONO.NivelExibicao,MAX($AD$15:OFFSET(AD22,-1,0))+IF($C22<>1,1,MAX(1,COUNTIF(QCI!$A$13:$A$24,OFFSET($E22,-1,0)))),\"\")","v":""},{"$f":"IF(AND($C22=\"S\",ORÇAMENTO.CodBarra<>\"\"),IF(ORÇAMENTO.Fonte=\"\",ORÇAMENTO.CodBarra,CONCATENATE(ORÇAMENTO.Fonte,\" \",ORÇAMENTO.CodBarra)))","v":false},{"$f":"IF(ISERROR(ORÇAMENTO.BancoRef),\"(abra o arquivo 'Referência \"&Excel_BuiltIn_Database&\".xlsm)\",IF(OR($C22<>\"S\",ORÇAMENTO.CodBarra=\"\"),\"(Sem Código)\",IF(ISERROR(MATCH($AE22,INDIRECT(ORÇAMENTO.BancoRef),0)),\"(Código não identificado nas referências)\",MATCH($AE22,INDIRECT(ORÇAMENTO.BancoRef),0))))","v":"(Sem Código)"},{"$f":"ROUND(IF(DESONERACAO=\"sim\",REFERENCIA.Desonerado,REFERENCIA.NaoDesonerado),2)","v":0},0.25390000000000001,null,null,null,null,90204.35,{"$f":"ROUND(ORÇAMENTO.CustoUnitario*(1+$AH22),2)","v":0}]
[4,4,4,10,{"$f":"IF($C23=1,OFFSET(E23,-1,0)+MAX(1,COUNTIF(QCI!$A$13:$A$24,OFFSET(ORÇAMENTO!E23,-1,0))),OFFSET(E23,-1,0))","v":1},3,1,1,0,23,{"$f":"IF(OR($C23=\"S\",$C23=0),0,MATCH(OFFSET($D23,0,$C23)+IF($C23<>1,1,COUNTIF(QCI!$A$13:$A$24,ORÇAMENTO!E23)),OFFSET($D23,1,$C23,ROW($C$237)-ROW($C23)),0))","v":10},"F","Nível 4","Nível 4","1.3.1.1.","","","SAPATA",null,{"$f":"OFFSET(CÁLCULO!H$15,ROW($T23)-ROW(T$15),0)","v":0},0,"BDI 1",{"$f":"IF($C23=\"S\",ROUND(IF(TIPOORCAMENTO=\"Proposto\",ORÇAMENTO.CustoUnitario*(1+$AH23),ORÇAMENTO.PrecoUnitarioLicitado),15-13*$AF$10),0)","v":0},{"$f":"IF($C23=\"S\",IF(OR(Import.TipoArredondamento<>\"TransfereGOV\",ACOMPANHAMENTO=\"BM\"),VTOTAL1,SUM(OFFSET(CÁLCULO!$AQ$15,ROW($X23)-ROW($X$15),1):OFFSET(CÁLCULO!$BR$15,ROW($X23)-ROW($X$15),-1))),IF($C23=0,0,ROUND(SomaAgrup,15-13*$AF$11)))","v":34583.9},"RA","",{"$f":"IF($C23=\"S\",IF($Z23=\"CP\",$X23,IF($Z23=\"RA\",(($X23)*QCI!$AA$3),0)),SomaAgrup)","v":505.27099741303022},{"$f":"IF($C23=\"S\",IF($Z23=\"OU\",ROUND($X23,2),0),SomaAgrup)","v":0},{"$f":"IF($N23=\"\",\" \",\nIF(AND($C23<>\"S\",OR($R23=\"\",$R23=\"(digite a descrição aqui)\")),\"DESCRIÇÃO\",\nIF(AND($C23=\"S\",OR($Q23<>\"\",$T23>0,$U23>0),$P23=\"\"),\"FONTE\",\nIF(AND($C23=\"S\",$P23<>\"\",OR($T23>0,$U23>0),$Q23=\"\"),\"CÓDIGO\",\nIF(AND($C23=\"S\",$P23<>\"\",$Q23<>\"\",$R23=\"(Código não identificado nas referências)\"),\"CÓDIGO N/ID\",\nIF(AND($C23=\"S\",OR($R23=\"\",$R23=\"(digite a descrição aqui)\"),OR($Q23<>\"\",$T23>0,$U23>0)),\"DESCRIÇÃO\",\nIF(AND($C23=\"S\",$P23<>\"\",$Q23<>\"\",$S23=\"\"),\"UNIDADE\",\nIF(AND($C23=\"S\",$P23<>\"\",$Q23<>\"\",$U23=0),\"SEM CUSTO\",\nIF(AND(TIPOORCAMENTO=\"Licitado\",$AL23=0,$AN23>0),\"SEM PREÇO\",\nIF(AND($C23=\"S\",$P23<>\"\",$Q23<>\"\",$U23>0,AND($V23<>\"BDI 1\",$V23<>\"BDI 2\",$V23<>\"BDI 3\")),IF(ISNUMBER($V23),\"JUSTIFICAR BDI\",\"BDI\"),\nIF(OR(AND(import.recurso=\"OGU\",TIPOORCAMENTO=\"Proposto\",LEFT($O$8,5)<>\"(N/D:\",$AG23<>\"\",ORÇAMENTO.CustoUnitario>$AG23),AND(TIPOORCAMENTO=\"LICITADO\",ORÇAMENTO.PrecoUnitarioLicitado>$AN23)),\"ACIMA REF.\",\nIF(AND($C23=\"S\",$P23<>\"\",$Q23<>\"\",$T23=0,$U23>0),\"QUANT.\",\nIF(AND(Import.TipoArredondamento=\"TransfereGOV\",$L23=\"F\",$C23=\"S\",LEN($Q23)>13),\"Código >13\",\nIF(AND(Import.TipoArredondamento=\"TransfereGOV\",$L23=\"F\",$C23<>\"S\",LEN($R23)>100),\"Descrição >100\",\nIF(AND(Import.TipoArredondamento=\"TransfereGOV\",$L23=\"F\",$C23=\"S\",LEN($R23)>500),\"Descrição >500\",\nIF(AND(Import.TipoArredondamento=\"TransfereGOV\",$L23=\"F\",$C23=\"S\",LEFT(TRIM(UPPER($P23)),6)<>\"SINAPI\",ISNA(VLOOKUP(TRIM(UPPER($S23)),ListaTgov.Unidades,1,FALSE))),\"Unid. Não Disp\",\n\" \"))))))))))))))))","v":" "},{"$f":"IF(C23<=CRONO.NivelExibicao,MAX($AD$15:OFFSET(AD23,-1,0))+IF($C23<>1,1,MAX(1,COUNTIF(QCI!$A$13:$A$24,OFFSET($E23,-1,0)))),\"\")","v":""},{"$f":"IF(AND($C23=\"S\",ORÇAMENTO.CodBarra<>\"\"),IF(ORÇAMENTO.Fonte=\"\",ORÇAMENTO.CodBarra,CONCATENATE(ORÇAMENTO.Fonte,\" \",ORÇAMENTO.CodBarra)))","v":false},{"$f":"IF(ISERROR(ORÇAMENTO.BancoRef),\"(abra o arquivo 'Referência \"&Excel_BuiltIn_Database&\".xlsm)\",IF(OR($C23<>\"S\",ORÇAMENTO.CodBarra=\"\"),\"(Sem Código)\",IF(ISERROR(MATCH($AE23,INDIRECT(ORÇAMENTO.BancoRef),0)),\"(Código não identificado nas referências)\",MATCH($AE23,INDIRECT(ORÇAMENTO.BancoRef),0))))","v":"(Sem Código)"},{"$f":"ROUND(IF(DESONERACAO=\"sim\",REFERENCIA.Desonerado,REFERENCIA.NaoDesonerado),2)","v":0},0.25390000000000001,null,null,null,null,34583.9,{"$f":"ROUND(ORÇAMENTO.CustoUnitario*(1+$AH23),2)","v":0}]
["S",4,"S",0,{"$f":"IF($C24=1,OFFSET(E24,-1,0)+MAX(1,COUNTIF(QCI!$A$13:$A$24,OFFSET(ORÇAMENTO!E24,-1,0))),OFFSET(E24,-1,0))","v":1},3,1,1,1,0,{"$f":"IF(OR($C24=\"S\",$C24=0),0,MATCH(OFFSET($D24,0,$C24)+IF($C24<>1,1,COUNTIF(QCI!$A$13:$A$24,ORÇAMENTO!E24)),OFFSET($D24,1,$C24,ROW($C$237)-ROW($C24)),0))","v":0},"F","Serviço","Serviço","1.3.1.1.1.","SINAPI","96521",{"$f":"IF($C24=\"S\",REFERENCIA.Descricao,\"(digite a descrição aqui)\")","v":"ESCAVAÇÃO MECANIZADA PARA BLOCO DE COROAMENTO OU SAPATA COM RETROESCAVADEIRA (INCLUINDO ESCAVAÇÃO PARA COLOCAÇÃO DE FÔRMAS). AF_01/2024"},{"$f":"REFERENCIA.Unidade","v":"M3"},{"$f":"OFFSET(CÁLCULO!H$15,ROW($T24)-ROW(T$15),0)","v":43.7},39.24,"BDI 1",{"$f":"IF($C24=\"S\",ROUND(IF(TIPOORCAMENTO=\"Proposto\",ORÇAMENTO.CustoUnitario*(1+$AH24),ORÇAMENTO.PrecoUnitarioLicitado),15-13*$AF$10),0)","v":49.2},{"$f":"IF($C24=\"S\",IF(OR(Import.TipoArredondamento<>\"TransfereGOV\",ACOMPANHAMENTO=\"BM\"),VTOTAL1,SUM(OFFSET(CÁLCULO!$AQ$15,ROW($X24)-ROW($X$15),1):OFFSET(CÁLCULO!$BR$15,ROW($X24)-ROW($X$15),-1))),IF($C24=0,0,ROUND(SomaAgrup,15-13*$AF$11)))","v":2150.0500000000002},"RA","RA",{"$f":"IF($C24=\"S\",IF($Z24=\"CP\",$X24,IF($Z24=\"RA\",(($X24)*QCI!$AA$3),0)),SomaAgrup)","v":31.412244078541914},{"$f":"IF($C24=\"S\",IF($Z24=\"OU\",ROUND($X24,2),0),SomaAgrup)","v":0},{"$f":"IF($N24=\"\",\" \",\nIF(AND($C24<>\"S\",OR($R24=\"\",$R24=\"(digite a descrição aqui)\")),\"DESCRIÇÃO\",\nIF(AND($C24=\"S\",OR($Q24<>\"\",$T24>0,$U24>0),$P24=\"\"),\"FONTE\",\nIF(AND($C24=\"S\",$P24<>\"\",OR($T24>0,$U24>0),$Q24=\"\"),\"CÓDIGO\",\nIF(AND($C24=\"S\",$P24<>\"\",$Q24<>\"\",$R24=\"(Código não identificado nas referências)\"),\"CÓDIGO N/ID\",\nIF(AND($C24=\"S\",OR($R24=\"\",$R24=\"(digite a descrição aqui)\"),OR($Q24<>\"\",$T24>0,$U24>0)),\"DESCRIÇÃO\",\nIF(AND($C24=\"S\",$P24<>\"\",$Q24<>\"\",$S24=\"\"),\"UNIDADE\",\nIF(AND($C24=\"S\",$P24<>\"\",$Q24<>\"\",$U24=0),\"SEM CUSTO\",\nIF(AND(TIPOORCAMENTO=\"Licitado\",$AL24=0,$AN24>0),\"SEM PREÇO\",\nIF(AND($C24=\"S\",$P24<>\"\",$Q24<>\"\",$U24>0,AND($V24<>\"BDI 1\",$V24<>\"BDI 2\",$V24<>\"BDI 3\")),IF(ISNUMBER($V24),\"JUSTIFICAR BDI\",\"BDI\"),\nIF(OR(AND(import.recurso=\"OGU\",TIPOORCAMENTO=\"Proposto\",LEFT($O$8,5)<>\"(N/D:\",$AG24<>\"\",ORÇAMENTO.CustoUnitario>$AG24),AND(TIPOORCAMENTO=\"LICITADO\",ORÇAMENTO.PrecoUnitarioLicitado>$AN24)),\"ACIMA REF.\",\nIF(AND($C24=\"S\",$P24<>\"\",$Q24<>\"\",$T24=0,$U24>0),\"QUANT.\",\nIF(AND(Import.TipoArredondamento=\"TransfereGOV\",$L24=\"F\",$C24=\"S\",LEN($Q24)>13),\"Código >13\",\nIF(AND(Import.TipoArredondamento=\"TransfereGOV\",$L24=\"F\",$C24<>\"S\",LEN($R24)>100),\"Descrição >100\",\nIF(AND(Import.TipoArredondamento=\"TransfereGOV\",$L24=\"F\",$C24=\"S\",LEN($R24)>500),\"Descrição >500\",\nIF(AND(Import.TipoArredondamento=\"TransfereGOV\",$L24=\"F\",$C24=\"S\",LEFT(TRIM(UPPER($P24)),6)<>\"SINAPI\",ISNA(VLOOKUP(TRIM(UPPER($S24)),ListaTgov.Unidades,1,FALSE))),\"Unid. Não Disp\",\n\" \"))))))))))))))))","v":" "},{"$f":"IF(C24<=CRONO.NivelExibicao,MAX($AD$15:OFFSET(AD24,-1,0))+IF($C24<>1,1,MAX(1,COUNTIF(QCI!$A$13:$A$24,OFFSET($E24,-1,0)))),\"\")","v":""},{"$f":"IF(AND($C24=\"S\",ORÇAMENTO.CodBarra<>\"\"),IF(ORÇAMENTO.Fonte=\"\",ORÇAMENTO.CodBarra,CONCATENATE(ORÇAMENTO.Fonte,\" \",ORÇAMENTO.CodBarra)))","v":"SINAPI 96521"},{"$f":"IF(ISERROR(ORÇAMENTO.BancoRef),\"(abra o arquivo 'Referência \"&Excel_BuiltIn_Database&\".xlsm)\",IF(OR($C24<>\"S\",ORÇAMENTO.CodBarra=\"\"),\"(Sem Código)\",IF(ISERROR(MATCH($AE24,INDIRECT(ORÇAMENTO.BancoRef),0)),\"(Código não identificado nas referências)\",MATCH($AE24,INDIRECT(ORÇAMENTO.BancoRef),0))))","v":9995},{"$f":"ROUND(IF(DESONERACAO=\"sim\",REFERENCIA.Desonerado,REFERENCIA.NaoDesonerado),2)","v":45.13},0.25390000000000001,null,null,null,null,2150.0500000000002,{"$f":"ROUND(ORÇAMENTO.CustoUnitario*(1+$AH24),2)","v":49.2}]
["S",4,"S",0,{"$f":"IF($C25=1,OFFSET(E25,-1,0)+MAX(1,COUNTIF(QCI!$A$13:$A$24,OFFSET(ORÇAMENTO!E25,-1,0))),OFFSET(E25,-1,0))","v":1},3,1,1,2,0,{"$f":"IF(OR($C25=\"S\",$C25=0),0,MATCH(OFFSET($D25,0,$C25)+IF($C25<>1,1,COUNTIF(QCI!$A$13:$A$24,ORÇAMENTO!E25)),OFFSET($D25,1,$C25,ROW($C$237)-ROW($C25)),0))","v":0},"F","Serviço","Serviço","1.3.1.1.2.","SINAPI","101616",{"$f":"IF($C25=\"S\",REFERENCIA.Descricao,\"(digite a descrição aqui)\")","v":"PREPARO DE FUNDO DE VALA COM LARGURA MENOR QUE 1,5 M (ACERTO DO SOLO NATURAL). AF_08/2020"},{"$f":"REFERENCIA.Unidade","v":"M2"},{"$f":"OFFSET(CÁLCULO!H$15,ROW($T25)-ROW(T$15),0)","v":23.4},6.7739130434782613,"BDI 1",{"$f":"IF($C25=\"S\",ROUND(IF(TIPOORCAMENTO=\"Proposto\",ORÇAMENTO.CustoUnitario*(1+$AH25),ORÇAMENTO.PrecoUnitarioLicitado),15-13*$AF$10),0)","v":8.49},{"$f":"IF($C25=\"S\",IF(OR(Import.TipoArredondamento<>\"TransfereGOV\",ACOMPANHAMENTO=\"BM\"),VTOTAL1,SUM(OFFSET(CÁLCULO!$AQ$15,ROW($X25)-ROW($X$15),1):OFFSET(CÁLCULO!$BR$15,ROW($X25)-ROW($X$15),-1))),IF($C25=0,0,ROUND(SomaAgrup,15-13*$AF$11)))","v":198.64999999999998},"RA","RA",{"$f":"IF($C25=\"S\",IF($Z25=\"CP\",$X25,IF($Z25=\"RA\",(($X25)*QCI!$AA$3),0)),SomaAgrup)","v":2.9022777545649401},{"$f":"IF($C25=\"S\",IF($Z25=\"OU\",ROUND($X25,2),0),SomaAgrup)","v":0},{"$f":"IF($N25=\"\",\" \",\nIF(AND($C25<>\"S\",OR($R25=\"\",$R25=\"(digite a descrição aqui)\")),\"DESCRIÇÃO\",\nIF(AND($C25=\"S\",OR($Q25<>\"\",$T25>0,$U25>0),$P25=\"\"),\"FONTE\",\nIF(AND($C25=\"S\",$P25<>\"\",OR($T25>0,$U25>0),$Q25=\"\"),\"CÓDIGO\",\nIF(AND($C25=\"S\",$P25<>\"\",$Q25<>\"\",$R25=\"(Código não identificado nas referências)\"),\"CÓDIGO N/ID\",\nIF(AND($C25=\"S\",OR($R25=\"\",$R25=\"(digite a descrição aqui)\"),OR($Q25<>\"\",$T25>0,$U25>0)),\"DESCRIÇÃO\",\nIF(AND($C25=\"S\",$P25<>\"\",$Q25<>\"\",$S25=\"\"),\"UNIDADE\",\nIF(AND($C25=\"S\",$P25<>\"\",$Q25<>\"\",$U25=0),\"SEM CUSTO\",\nIF(AND(TIPOORCAMENTO=\"Licitado\",$AL25=0,$AN25>0),\"SEM PREÇO\",\nIF(AND($C25=\"S\",$P25<>\"\",$Q25<>\"\",$U25>0,AND($V25<>\"BDI 1\",$V25<>\"BDI 2\",$V25<>\"BDI 3\")),IF(ISNUMBER($V25),\"JUSTIFICAR BDI\",\"BDI\"),\nIF(OR(AND(import.recurso=\"OGU\",TIPOORCAMENTO=\"Proposto\",LEFT($O$8,5)<>\"(N/D:\",$AG25<>\"\",ORÇAMENTO.CustoUnitario>$AG25),AND(TIPOORCAMENTO=\"LICITADO\",ORÇAMENTO.PrecoUnitarioLicitado>$AN25)),\"ACIMA REF.\",\nIF(AND($C25=\"S\",$P25<>\"\",$Q25<>\"\",$T25=0,$U25>0),\"QUANT.\",\nIF(AND(Import.TipoArredondamento=\"TransfereGOV\",$L25=\"F\",$C25=\"S\",LEN($Q25)>13),\"Código >13\",\nIF(AND(Import.TipoArredondamento=\"TransfereGOV\",$L25=\"F\",$C25<>\"S\",LEN($R25)>100),\"Descrição >100\",\nIF(AND(Import.TipoArredondamento=\"TransfereGOV\",$L25=\"F\",$C25=\"S\",LEN($R25)>500),\"Descrição >500\",\nIF(AND(Import.TipoArredondamento=\"TransfereGOV\",$L25=\"F\",$C25=\"S\",LEFT(TRIM(UPPER($P25)),6)<>\"SINAPI\",ISNA(VLOOKUP(TRIM(UPPER($S25)),ListaTgov.Unidades,1,FALSE))),\"Unid. Não Disp\",\n\" \"))))))))))))))))","v":" "},{"$f":"IF(C25<=CRONO.NivelExibicao,MAX($AD$15:OFFSET(AD25,-1,0))+IF($C25<>1,1,MAX(1,COUNTIF(QCI!$A$13:$A$24,OFFSET($E25,-1,0)))),\"\")","v":""},{"$f":"IF(AND($C25=\"S\",ORÇAMENTO.CodBarra<>\"\"),IF(ORÇAMENTO.Fonte=\"\",ORÇAMENTO.CodBarra,CONCATENATE(ORÇAMENTO.Fonte,\" \",ORÇAMENTO.CodBarra)))","v":"SINAPI 101616"},{"$f":"IF(ISERROR(ORÇAMENTO.BancoRef),\"(abra o arquivo 'Referência \"&Excel_BuiltIn_Database&\".xlsm)\",IF(OR($C25<>\"S\",ORÇAMENTO.CodBarra=\"\"),\"(Sem Código)\",IF(ISERROR(MATCH($AE25,INDIRECT(ORÇAMENTO.BancoRef),0)),\"(Código não identificado nas referências)\",MATCH($AE25,INDIRECT(ORÇAMENTO.BancoRef),0))))","v":9406},{"$f":"ROUND(IF(DESONERACAO=\"sim\",REFERENCIA.Desonerado,REFERENCIA.NaoDesonerado),2)","v":7.79},0.25390000000000001,null,null,null,null,198.64999999999998,{"$f":"ROUND(ORÇAMENTO.CustoUnitario*(1+$AH25),2)","v":8.49}]
["S",4,"S",0,{"$f":"IF($C26=1,OFFSET(E26,-1,0)+MAX(1,COUNTIF(QCI!$A$13:$A$24,OFFSET(ORÇAMENTO!E26,-1,0))),OFFSET(E26,-1,0))","v":1},3,1,1,3,0,{"$f":"IF(OR($C26=\"S\",$C26=0),0,MATCH(OFFSET($D26,0,$C26)+IF($C26<>1,1,COUNTIF(QCI!$A$13:$A$24,ORÇAMENTO!E26)),OFFSET($D26,1,$C26,ROW($C$237)-ROW($C26)),0))","v":0},"F","Serviço","Serviço","1.3.1.1.3.","SINAPI","96619",{"$f":"IF($C26=\"S\",REFERENCIA.Descricao,\"(digite a descrição aqui)\")","v":"LASTRO DE CONCRETO MAGRO, APLICADO EM BLOCOS DE COROAMENTO OU SAPATAS, ESPESSURA DE 5 CM. AF_01/2024"},{"$f":"REFERENCIA.Unidade","v":"M2"},{"$f":"OFFSET(CÁLCULO!H$15,ROW($T26)-ROW(T$15),0)","v":23.4},36.03,"BDI 1",{"$f":"IF($C26=\"S\",ROUND(IF(TIPOORCAMENTO=\"Proposto\",ORÇAMENTO.CustoUnitario*(1+$AH26),ORÇAMENTO.PrecoUnitarioLicitado),15-13*$AF$10),0)","v":45.18},{"$f":"IF($C26=\"S\",IF(OR(Import.TipoArredondamento<>\"TransfereGOV\",ACOMPANHAMENTO=\"BM\"),VTOTAL1,SUM(OFFSET(CÁLCULO!$AQ$15,ROW($X26)-ROW($X$15),1):OFFSET(CÁLCULO!$BR$15,ROW($X26)-ROW($X$15),-1))),IF($C26=0,0,ROUND(SomaAgrup,15-13*$AF$11)))","v":1057.2},"RA","RA",{"$f":"IF($C26=\"S\",IF($Z26=\"CP\",$X26,IF($Z26=\"RA\",(($X26)*QCI!$AA$3),0)),SomaAgrup)","v":15.445698676697987},{"$f":"IF($C26=\"S\",IF($Z26=\"OU\",ROUND($X26,2),0),SomaAgrup)","v":0},{"$f":"IF($N26=\"\",\" \",\nIF(AND($C26<>\"S\",OR($R26=\"\",$R26=\"(digite a descrição aqui)\")),\"DESCRIÇÃO\",\nIF(AND($C26=\"S\",OR($Q26<>\"\",$T26>0,$U26>0),$P26=\"\"),\"FONTE\",\nIF(AND($C26=\"S\",$P26<>\"\",OR($T26>0,$U26>0),$Q26=\"\"),\"CÓDIGO\",\nIF(AND($C26=\"S\",$P26<>\"\",$Q26<>\"\",$R26=\"(Código não identificado nas referências)\"),\"CÓDIGO N/ID\",\nIF(AND($C26=\"S\",OR($R26=\"\",$R26=\"(digite a descrição aqui)\"),OR($Q26<>\"\",$T26>0,$U26>0)),\"DESCRIÇÃO\",\nIF(AND($C26=\"S\",$P26<>\"\",$Q26<>\"\",$S26=\"\"),\"UNIDADE\",\nIF(AND($C26=\"S\",$P26<>\"\",$Q26<>\"\",$U26=0),\"SEM CUSTO\",\nIF(AND(TIPOORCAMENTO=\"Licitado\",$AL26=0,$AN26>0),\"SEM PREÇO\",\nIF(AND($C26=\"S\",$P26<>\"\",$Q26<>\"\",$U26>0,AND($V26<>\"BDI 1\",$V26<>\"BDI 2\",$V26<>\"BDI 3\")),IF(ISNUMBER($V26),\"JUSTIFICAR BDI\",\"BDI\"),\nIF(OR(AND(import.recurso=\"OGU\",TIPOORCAMENTO=\"Proposto\",LEFT($O$8,5)<>\"(N/D:\",$AG26<>\"\",ORÇAMENTO.CustoUnitario>$AG26),AND(TIPOORCAMENTO=\"LICITADO\",ORÇAMENTO.PrecoUnitarioLicitado>$AN26)),\"ACIMA REF.\",\nIF(AND($C26=\"S\",$P26<>\"\",$Q26<>\"\",$T26=0,$U26>0),\"QUANT.\",\nIF(AND(Import.TipoArredondamento=\"TransfereGOV\",$L26=\"F\",$C26=\"S\",LEN($Q26)>13),\"Código >13\",\nIF(AND(Import.TipoArredondamento=\"TransfereGOV\",$L26=\"F\",$C26<>\"S\",LEN($R26)>100),\"Descrição >100\",\nIF(AND(Import.TipoArredondamento=\"TransfereGOV\",$L26=\"F\",$C26=\"S\",LEN($R26)>500),\"Descrição >500\",\nIF(AND(Import.TipoArredondamento=\"TransfereGOV\",$L26=\"F\",$C26=\"S\",LEFT(TRIM(UPPER($P26)),6)<>\"SINAPI\",ISNA(VLOOKUP(TRIM(UPPER($S26)),ListaTgov.Unidades,1,FALSE))),\"Unid. Não Disp\",\n\" \"))))))))))))))))","v":" "},{"$f":"IF(C26<=CRONO.NivelExibicao,MAX($AD$15:OFFSET(AD26,-1,0))+IF($C26<>1,1,MAX(1,COUNTIF(QCI!$A$13:$A$24,OFFSET($E26,-1,0)))),\"\")","v":""},{"$f":"IF(AND($C26=\"S\",ORÇAMENTO.CodBarra<>\"\"),IF(ORÇAMENTO.Fonte=\"\",ORÇAMENTO.CodBarra,CONCATENATE(ORÇAMENTO.Fonte,\" \",ORÇAMENTO.CodBarra)))","v":"SINAPI 96619"},{"$f":"IF(ISERROR(ORÇAMENTO.BancoRef),\"(abra o arquivo 'Referência \"&Excel_BuiltIn_Database&\".xlsm)\",IF(OR($C26<>\"S\",ORÇAMENTO.CodBarra=\"\"),\"(Sem Código)\",IF(ISERROR(MATCH($AE26,INDIRECT(ORÇAMENTO.BancoRef),0)),\"(Código não identificado nas referências)\",MATCH($AE26,INDIRECT(ORÇAMENTO.BancoRef),0))))","v":12685},{"$f":"ROUND(IF(DESONERACAO=\"sim\",REFERENCIA.Desonerado,REFERENCIA.NaoDesonerado),2)","v":41.44},0.25390000000000001,null,null,null,null,1057.2,{"$f":"ROUND(ORÇAMENTO.CustoUnitario*(1+$AH26),2)","v":45.18}]
["S",4,"S",0,{"$f":"IF($C27=1,OFFSET(E27,-1,0)+MAX(1,COUNTIF(QCI!$A$13:$A$24,OFFSET(ORÇAMENTO!E27,-1,0))),OFFSET(E27,-1,0))","v":1},3,1,1,4,0,{"$f":"IF(OR($C27=\"S\",$C27=0),0,MATCH(OFFSET($D27,0,$C27)+IF($C27<>1,1,COUNTIF(QCI!$A$13:$A$24,ORÇAMENTO!E27)),OFFSET($D27,1,$C27,ROW($C$237)-ROW($C27)),0))","v":0},"F","Serviço","Serviço","1.3.1.1.4.","SINAPI","96541",{"$f":"IF($C27=\"S\",REFERENCIA.Descricao,\"(digite a descrição aqui)\")","v":"FABRICAÇÃO, MONTAGEM E DESMONTAGEM DE FÔRMA PARA SAPATA, EM CHAPA DE MADEIRA COMPENSADA RESINADA, E=17 MM, 4 UTILIZAÇÕES. AF_01/2024"},{"$f":"REFERENCIA.Unidade","v":"M2"},{"$f":"OFFSET(CÁLCULO!H$15,ROW($T27)-ROW(T$15),0)","v":72.8},173.52,"BDI 1",{"$f":"IF($C27=\"S\",ROUND(IF(TIPOORCAMENTO=\"Proposto\",ORÇAMENTO.CustoUnitario*(1+$AH27),ORÇAMENTO.PrecoUnitarioLicitado),15-13*$AF$10),0)","v":217.58},{"$f":"IF($C27=\"S\",IF(OR(Import.TipoArredondamento<>\"TransfereGOV\",ACOMPANHAMENTO=\"BM\"),VTOTAL1,SUM(OFFSET(CÁLCULO!$AQ$15,ROW($X27)-ROW($X$15),1):OFFSET(CÁLCULO!$BR$15,ROW($X27)-ROW($X$15),-1))),IF($C27=0,0,ROUND(SomaAgrup,15-13*$AF$11)))","v":15839.8},"RA","RA",{"$f":"IF($C27=\"S\",IF($Z27=\"CP\",$X27,IF($Z27=\"RA\",(($X27)*QCI!$AA$3),0)),SomaAgrup)","v":231.41957803552853},{"$f":"IF($C27=\"S\",IF($Z27=\"OU\",ROUND($X27,2),0),SomaAgrup)","v":0},{"$f":"IF($N27=\"\",\" \",\nIF(AND($C27<>\"S\",OR($R27=\"\",$R27=\"(digite a descrição aqui)\")),\"DESCRIÇÃO\",\nIF(AND($C27=\"S\",OR($Q27<>\"\",$T27>0,$U27>0),$P27=\"\"),\"FONTE\",\nIF(AND($C27=\"S\",$P27<>\"\",OR($T27>0,$U27>0),$Q27=\"\"),\"CÓDIGO\",\nIF(AND($C27=\"S\",$P27<>\"\",$Q27<>\"\",$R27=\"(Código não identificado nas referências)\"),\"CÓDIGO N/ID\",\nIF(AND($C27=\"S\",OR($R27=\"\",$R27=\"(digite a descrição aqui)\"),OR($Q27<>\"\",$T27>0,$U27>0)),\"DESCRIÇÃO\",\nIF(AND($C27=\"S\",$P27<>\"\",$Q27<>\"\",$S27=\"\"),\"UNIDADE\",\nIF(AND($C27=\"S\",$P27<>\"\",$Q27<>\"\",$U27=0),\"SEM CUSTO\",\nIF(AND(TIPOORCAMENTO=\"Licitado\",$AL27=0,$AN27>0),\"SEM PREÇO\",\nIF(AND($C27=\"S\",$P27<>\"\",$Q27<>\"\",$U27>0,AND($V27<>\"BDI 1\",$V27<>\"BDI 2\",$V27<>\"BDI 3\")),IF(ISNUMBER($V27),\"JUSTIFICAR BDI\",\"BDI\"),\nIF(OR(AND(import.recurso=\"OGU\",TIPOORCAMENTO=\"Proposto\",LEFT($O$8,5)<>\"(N/D:\",$AG27<>\"\",ORÇAMENTO.CustoUnitario>$AG27),AND(TIPOORCAMENTO=\"LICITADO\",ORÇAMENTO.PrecoUnitarioLicitado>$AN27)),\"ACIMA REF.\",\nIF(AND($C27=\"S\",$P27<>\"\",$Q27<>\"\",$T27=0,$U27>0),\"QUANT.\",\nIF(AND(Import.TipoArredondamento=\"TransfereGOV\",$L27=\"F\",$C27=\"S\",LEN($Q27)>13),\"Código >13\",\nIF(AND(Import.TipoArredondamento=\"TransfereGOV\",$L27=\"F\",$C27<>\"S\",LEN($R27)>100),\"Descrição >100\",\nIF(AND(Import.TipoArredondamento=\"TransfereGOV\",$L27=\"F\",$C27=\"S\",LEN($R27)>500),\"Descrição >500\",\nIF(AND(Import.TipoArredondamento=\"TransfereGOV\",$L27=\"F\",$C27=\"S\",LEFT(TRIM(UPPER($P27)),6)<>\"SINAPI\",ISNA(VLOOKUP(TRIM(UPPER($S27)),ListaTgov.Unidades,1,FALSE))),\"Unid. Não Disp\",\n\" \"))))))))))))))))","v":" "},{"$f":"IF(C27<=CRONO.NivelExibicao,MAX($AD$15:OFFSET(AD27,-1,0))+IF($C27<>1,1,MAX(1,COUNTIF(QCI!$A$13:$A$24,OFFSET($E27,-1,0)))),\"\")","v":""},{"$f":"IF(AND($C27=\"S\",ORÇAMENTO.CodBarra<>\"\"),IF(ORÇAMENTO.Fonte=\"\",ORÇAMENTO.CodBarra,CONCATENATE(ORÇAMENTO.Fonte,\" \",ORÇAMENTO.CodBarra)))","v":"SINAPI 96541"},{"$f":"IF(ISERROR(ORÇAMENTO.BancoRef),\"(abra o arquivo 'Referência \"&Excel_BuiltIn_Database&\".xlsm)\",IF(OR($C27<>\"S\",ORÇAMENTO.CodBarra=\"\"),\"(Sem Código)\",IF(ISERROR(MATCH($AE27,INDIRECT(ORÇAMENTO.BancoRef),0)),\"(Código não identificado nas referências)\",MATCH($AE27,INDIRECT(ORÇAMENTO.BancoRef),0))))","v":10010},{"$f":"ROUND(IF(DESONERACAO=\"sim\",REFERENCIA.Desonerado,REFERENCIA.NaoDesonerado),2)","v":199.55},0.25390000000000001,null,null,null,null,15839.8,{"$f":"ROUND(ORÇAMENTO.CustoUnitario*(1+$AH27),2)","v":217.58}]
["S",4,"S",0,{"$f":"IF($C28=1,OFFSET(E28,-1,0)+MAX(1,COUNTIF(QCI!$A$13:$A$24,OFFSET(ORÇAMENTO!E28,-1,0))),OFFSET(E28,-1,0))","v":1},3,1,1,5,0,{"$f":"IF(OR($C28=\"S\",$C28=0),0,MATCH(OFFSET($D28,0,$C28)+IF($C28<>1,1,COUNTIF(QCI!$A$13:$A$24,ORÇAMENTO!E28)),OFFSET($D28,1,$C28,ROW($C$237)-ROW($C28)),0))","v":0},"F","Serviço","Serviço","1.3.1.1.5.","SINAPI","104919",{"$f":"IF($C28=\"S\",REFERENCIA.Descricao,\"(digite a descrição aqui)\")","v":"ARMAÇÃO DE SAPATA ISOLADA, VIGA BALDRAME E SAPATA CORRIDA UTILIZANDO AÇO CA-50 DE 10 MM - MONTAGEM. AF_01/2024"},{"$f":"REFERENCIA.Unidade","v":"KG"},{"$f":"OFFSET(CÁLCULO!H$15,ROW($T28)-ROW(T$15),0)","v":253.5},11.78,"BDI 1",{"$f":"IF($C28=\"S\",ROUND(IF(TIPOORCAMENTO=\"Proposto\",ORÇAMENTO.CustoUnitario*(1+$AH28),ORÇAMENTO.PrecoUnitarioLicitado),15-13*$AF$10),0)","v":14.77},{"$f":"IF($C28=\"S\",IF(OR(Import.TipoArredondamento<>\"TransfereGOV\",ACOMPANHAMENTO=\"BM\"),VTOTAL1,SUM(OFFSET(CÁLCULO!$AQ$15,ROW($X28)-ROW($X$15),1):OFFSET(CÁLCULO!$BR$15,ROW($X28)-ROW($X$15),-1))),IF($C28=0,0,ROUND(SomaAgrup,15-13*$AF$11)))","v":3744.2000000000003},"RA","RA",{"$f":"IF($C28=\"S\",IF($Z28=\"CP\",$X28,IF($Z28=\"RA\",(($X28)*QCI!$AA$3),0)),SomaAgrup)","v":54.702785646322937},{"$f":"IF($C28=\"S\",IF($Z28=\"OU\",ROUND($X28,2),0),SomaAgrup)","v":0},{"$f":"IF($N28=\"\",\" \",\nIF(AND($C28<>\"S\",OR($R28=\"\",$R28=\"(digite a descrição aqui)\")),\"DESCRIÇÃO\",\nIF(AND($C28=\"S\",OR($Q28<>\"\",$T28>0,$U28>0),$P28=\"\"),\"FONTE\",\nIF(AND($C28=\"S\",$P28<>\"\",OR($T28>0,$U28>0),$Q28=\"\"),\"CÓDIGO\",\nIF(AND($C28=\"S\",$P28<>\"\",$Q28<>\"\",$R28=\"(Código não identificado nas referências)\"),\"CÓDIGO N/ID\",\nIF(AND($C28=\"S\",OR($R28=\"\",$R28=\"(digite a descrição aqui)\"),OR($Q28<>\"\",$T28>0,$U28>0)),\"DESCRIÇÃO\",\nIF(AND($C28=\"S\",$P28<>\"\",$Q28<>\"\",$S28=\"\"),\"UNIDADE\",\nIF(AND($C28=\"S\",$P28<>\"\",$Q28<>\"\",$U28=0),\"SEM CUSTO\",\nIF(AND(TIPOORCAMENTO=\"Licitado\",$AL28=0,$AN28>0),\"SEM PREÇO\",\nIF(AND($C28=\"S\",$P28<>\"\",$Q28<>\"\",$U28>0,AND($V28<>\"BDI 1\",$V28<>\"BDI 2\",$V28<>\"BDI 3\")),IF(ISNUMBER($V28),\"JUSTIFICAR BDI\",\"BDI\"),\nIF(OR(AND(import.recurso=\"OGU\",TIPOORCAMENTO=\"Proposto\",LEFT($O$8,5)<>\"(N/D:\",$AG28<>\"\",ORÇAMENTO.CustoUnitario>$AG28),AND(TIPOORCAMENTO=\"LICITADO\",ORÇAMENTO.PrecoUnitarioLicitado>$AN28)),\"ACIMA REF.\",\nIF(AND($C28=\"S\",$P28<>\"\",$Q28<>\"\",$T28=0,$U28>0),\"QUANT.\",\nIF(AND(Import.TipoArredondamento=\"TransfereGOV\",$L28=\"F\",$C28=\"S\",LEN($Q28)>13),\"Código >13\",\nIF(AND(Import.TipoArredondamento=\"TransfereGOV\",$L28=\"F\",$C28<>\"S\",LEN($R28)>100),\"Descrição >100\",\nIF(AND(Import.TipoArredondamento=\"TransfereGOV\",$L28=\"F\",$C28=\"S\",LEN($R28)>500),\"Descrição >500\",\nIF(AND(Import.TipoArredondamento=\"TransfereGOV\",$L28=\"F\",$C28=\"S\",LEFT(TRIM(UPPER($P28)),6)<>\"SINAPI\",ISNA(VLOOKUP(TRIM(UPPER($S28)),ListaTgov.Unidades,1,FALSE))),\"Unid. Não Disp\",\n\" \"))))))))))))))))","v":" "},{"$f":"IF(C28<=CRONO.NivelExibicao,MAX($AD$15:OFFSET(AD28,-1,0))+IF($C28<>1,1,MAX(1,COUNTIF(QCI!$A$13:$A$24,OFFSET($E28,-1,0)))),\"\")","v":""},{"$f":"IF(AND($C28=\"S\",ORÇAMENTO.CodBarra<>\"\"),IF(ORÇAMENTO.Fonte=\"\",ORÇAMENTO.CodBarra,CONCATENATE(ORÇAMENTO.Fonte,\" \",ORÇAMENTO.CodBarra)))","v":"SINAPI 104919"},{"$f":"IF(ISERROR(ORÇAMENTO.BancoRef),\"(abra o arquivo 'Referência \"&Excel_BuiltIn_Database&\".xlsm)\",IF(OR($C28<>\"S\",ORÇAMENTO.CodBarra=\"\"),\"(Sem Código)\",IF(ISERROR(MATCH($AE28,INDIRECT(ORÇAMENTO.BancoRef),0)),\"(Código não identificado nas referências)\",MATCH($AE28,INDIRECT(ORÇAMENTO.BancoRef),0))))","v":9981},{"$f":"ROUND(IF(DESONERACAO=\"sim\",REFERENCIA.Desonerado,REFERENCIA.NaoDesonerado),2)","v":13.55},0.25390000000000001,null,null,null,null,3744.2000000000003,{"$f":"ROUND(ORÇAMENTO.CustoUnitario*(1+$AH28),2)","v":14.77}]
["S",4,"S",0,{"$f":"IF($C29=1,OFFSET(E29,-1,0)+MAX(1,COUNTIF(QCI!$A$13:$A$24,OFFSET(ORÇAMENTO!E29,-1,0))),OFFSET(E29,-1,0))","v":1},3,1,1,6,0,{"$f":"IF(OR($C29=\"S\",$C29=0),0,MATCH(OFFSET($D29,0,$C29)+IF($C29<>1,1,COUNTIF(QCI!$A$13:$A$24,ORÇAMENTO!E29)),OFFSET($D29,1,$C29,ROW($C$237)-ROW($C29)),0))","v":0},"F","Serviço","Serviço","1.3.1.1.6.","SINAPI","104917",{"$f":"IF($C29=\"S\",REFERENCIA.Descricao,\"(digite a descrição aqui)\")","v":"ARMAÇÃO DE SAPATA ISOLADA, VIGA BALDRAME E SAPATA CORRIDA UTILIZANDO AÇO CA-50 DE 6,3 MM - MONTAGEM. AF_01/2024"},{"$f":"REFERENCIA.Unidade","v":"KG"},{"$f":"OFFSET(CÁLCULO!H$15,ROW($T29)-ROW(T$15),0)","v":133.5},14.65,"BDI 1",{"$f":"IF($C29=\"S\",ROUND(IF(TIPOORCAMENTO=\"Proposto\",ORÇAMENTO.CustoUnitario*(1+$AH29),ORÇAMENTO.PrecoUnitarioLicitado),15-13*$AF$10),0)","v":18.37},{"$f":"IF($C29=\"S\",IF(OR(Import.TipoArredondamento<>\"TransfereGOV\",ACOMPANHAMENTO=\"BM\"),VTOTAL1,SUM(OFFSET(CÁLCULO!$AQ$15,ROW($X29)-ROW($X$15),1):OFFSET(CÁLCULO!$BR$15,ROW($X29)-ROW($X$15),-1))),IF($C29=0,0,ROUND(SomaAgrup,15-13*$AF$11)))","v":2452.4},"RA","RA",{"$f":"IF($C29=\"S\",IF($Z29=\"CP\",$X29,IF($Z29=\"RA\",(($X29)*QCI!$AA$3),0)),SomaAgrup)","v":35.829579488019434},{"$f":"IF($C29=\"S\",IF($Z29=\"OU\",ROUND($X29,2),0),SomaAgrup)","v":0},{"$f":"IF($N29=\"\",\" \",\nIF(AND($C29<>\"S\",OR($R29=\"\",$R29=\"(digite a descrição aqui)\")),\"DESCRIÇÃO\",\nIF(AND($C29=\"S\",OR($Q29<>\"\",$T29>0,$U29>0),$P29=\"\"),\"FONTE\",\nIF(AND($C29=\"S\",$P29<>\"\",OR($T29>0,$U29>0),$Q29=\"\"),\"CÓDIGO\",\nIF(AND($C29=\"S\",$P29<>\"\",$Q29<>\"\",$R29=\"(Código não identificado nas referências)\"),\"CÓDIGO N/ID\",\nIF(AND($C29=\"S\",OR($R29=\"\",$R29=\"(digite a descrição aqui)\"),OR($Q29<>\"\",$T29>0,$U29>0)),\"DESCRIÇÃO\",\nIF(AND($C29=\"S\",$P29<>\"\",$Q29<>\"\",$S29=\"\"),\"UNIDADE\",\nIF(AND($C29=\"S\",$P29<>\"\",$Q29<>\"\",$U29=0),\"SEM CUSTO\",\nIF(AND(TIPOORCAMENTO=\"Licitado\",$AL29=0,$AN29>0),\"SEM PREÇO\",\nIF(AND($C29=\"S\",$P29<>\"\",$Q29<>\"\",$U29>0,AND($V29<>\"BDI 1\",$V29<>\"BDI 2\",$V29<>\"BDI 3\")),IF(ISNUMBER($V29),\"JUSTIFICAR BDI\",\"BDI\"),\nIF(OR(AND(import.recurso=\"OGU\",TIPOORCAMENTO=\"Proposto\",LEFT($O$8,5)<>\"(N/D:\",$AG29<>\"\",ORÇAMENTO.CustoUnitario>$AG29),AND(TIPOORCAMENTO=\"LICITADO\",ORÇAMENTO.PrecoUnitarioLicitado>$AN29)),\"ACIMA REF.\",\nIF(AND($C29=\"S\",$P29<>\"\",$Q29<>\"\",$T29=0,$U29>0),\"QUANT.\",\nIF(AND(Import.TipoArredondamento=\"TransfereGOV\",$L29=\"F\",$C29=\"S\",LEN($Q29)>13),\"Código >13\",\nIF(AND(Import.TipoArredondamento=\"TransfereGOV\",$L29=\"F\",$C29<>\"S\",LEN($R29)>100),\"Descrição >100\",\nIF(AND(Import.TipoArredondamento=\"TransfereGOV\",$L29=\"F\",$C29=\"S\",LEN($R29)>500),\"Descrição >500\",\nIF(AND(Import.TipoArredondamento=\"TransfereGOV\",$L29=\"F\",$C29=\"S\",LEFT(TRIM(UPPER($P29)),6)<>\"SINAPI\",ISNA(VLOOKUP(TRIM(UPPER($S29)),ListaTgov.Unidades,1,FALSE))),\"Unid. Não Disp\",\n\" \"))))))))))))))))","v":" "},{"$f":"IF(C29<=CRONO.NivelExibicao,MAX($AD$15:OFFSET(AD29,-1,0))+IF($C29<>1,1,MAX(1,COUNTIF(QCI!$A$13:$A$24,OFFSET($E29,-1,0)))),\"\")","v":""},{"$f":"IF(AND($C29=\"S\",ORÇAMENTO.CodBarra<>\"\"),IF(ORÇAMENTO.Fonte=\"\",ORÇAMENTO.CodBarra,CONCATENATE(ORÇAMENTO.Fonte,\" \",ORÇAMENTO.CodBarra)))","v":"SINAPI 104917"},{"$f":"IF(ISERROR(ORÇAMENTO.BancoRef),\"(abra o arquivo 'Referência \"&Excel_BuiltIn_Database&\".xlsm)\",IF(OR($C29<>\"S\",ORÇAMENTO.CodBarra=\"\"),\"(Sem Código)\",IF(ISERROR(MATCH($AE29,INDIRECT(ORÇAMENTO.BancoRef),0)),\"(Código não identificado nas referências)\",MATCH($AE29,INDIRECT(ORÇAMENTO.BancoRef),0))))","v":9982},{"$f":"ROUND(IF(DESONERACAO=\"sim\",REFERENCIA.Desonerado,REFERENCIA.NaoDesonerado),2)","v":16.850000000000001},0.25390000000000001,null,null,null,null,2452.4,{"$f":"ROUND(ORÇAMENTO.CustoUnitario*(1+$AH29),2)","v":18.37}]
["S",4,"S",0,{"$f":"IF($C30=1,OFFSET(E30,-1,0)+MAX(1,COUNTIF(QCI!$A$13:$A$24,OFFSET(ORÇAMENTO!E30,-1,0))),OFFSET(E30,-1,0))","v":1},3,1,1,7,0,{"$f":"IF(OR($C30=\"S\",$C30=0),0,MATCH(OFFSET($D30,0,$C30)+IF($C30<>1,1,COUNTIF(QCI!$A$13:$A$24,ORÇAMENTO!E30)),OFFSET($D30,1,$C30,ROW($C$237)-ROW($C30)),0))","v":0},"F","Serviço","Serviço","1.3.1.1.7.","SINAPI","104916",{"$f":"IF($C30=\"S\",REFERENCIA.Descricao,\"(digite a descrição aqui)\")","v":"ARMAÇÃO DE SAPATA ISOLADA, VIGA BALDRAME E SAPATA CORRIDA UTILIZANDO AÇO CA-60 DE 5 MM - MONTAGEM. AF_01/2024"},{"$f":"REFERENCIA.Unidade","v":"KG"},{"$f":"OFFSET(CÁLCULO!H$15,ROW($T30)-ROW(T$15),0)","v":64},16.14,"BDI 1",{"$f":"IF($C30=\"S\",ROUND(IF(TIPOORCAMENTO=\"Proposto\",ORÇAMENTO.CustoUnitario*(1+$AH30),ORÇAMENTO.PrecoUnitarioLicitado),15-13*$AF$10),0)","v":20.239999999999998},{"$f":"IF($C30=\"S\",IF(OR(Import.TipoArredondamento<>\"TransfereGOV\",ACOMPANHAMENTO=\"BM\"),VTOTAL1,SUM(OFFSET(CÁLCULO!$AQ$15,ROW($X30)-ROW($X$15),1):OFFSET(CÁLCULO!$BR$15,ROW($X30)-ROW($X$15),-1))),IF($C30=0,0,ROUND(SomaAgrup,15-13*$AF$11)))","v":1295.3499999999999},"RA","RA",{"$f":"IF($C30=\"S\",IF($Z30=\"CP\",$X30,IF($Z30=\"RA\",(($X30)*QCI!$AA$3),0)),SomaAgrup)","v":18.925071680723359},{"$f":"IF($C30=\"S\",IF($Z30=\"OU\",ROUND($X30,2),0),SomaAgrup)","v":0},{"$f":"IF($N30=\"\",\" \",\nIF(AND($C30<>\"S\",OR($R30=\"\",$R30=\"(digite a descrição aqui)\")),\"DESCRIÇÃO\",\nIF(AND($C30=\"S\",OR($Q30<>\"\",$T30>0,$U30>0),$P30=\"\"),\"FONTE\",\nIF(AND($C30=\"S\",$P30<>\"\",OR($T30>0,$U30>0),$Q30=\"\"),\"CÓDIGO\",\nIF(AND($C30=\"S\",$P30<>\"\",$Q30<>\"\",$R30=\"(Código não identificado nas referências)\"),\"CÓDIGO N/ID\",\nIF(AND($C30=\"S\",OR($R30=\"\",$R30=\"(digite a descrição aqui)\"),OR($Q30<>\"\",$T30>0,$U30>0)),\"DESCRIÇÃO\",\nIF(AND($C30=\"S\",$P30<>\"\",$Q30<>\"\",$S30=\"\"),\"UNIDADE\",\nIF(AND($C30=\"S\",$P30<>\"\",$Q30<>\"\",$U30=0),\"SEM CUSTO\",\nIF(AND(TIPOORCAMENTO=\"Licitado\",$AL30=0,$AN30>0),\"SEM PREÇO\",\nIF(AND($C30=\"S\",$P30<>\"\",$Q30<>\"\",$U30>0,AND($V30<>\"BDI 1\",$V30<>\"BDI 2\",$V30<>\"BDI 3\")),IF(ISNUMBER($V30),\"JUSTIFICAR BDI\",\"BDI\"),\nIF(OR(AND(import.recurso=\"OGU\",TIPOORCAMENTO=\"Proposto\",LEFT($O$8,5)<>\"(N/D:\",$AG30<>\"\",ORÇAMENTO.CustoUnitario>$AG30),AND(TIPOORCAMENTO=\"LICITADO\",ORÇAMENTO.PrecoUnitarioLicitado>$AN30)),\"ACIMA REF.\",\nIF(AND($C30=\"S\",$P30<>\"\",$Q30<>\"\",$T30=0,$U30>0),\"QUANT.\",\nIF(AND(Import.TipoArredondamento=\"TransfereGOV\",$L30=\"F\",$C30=\"S\",LEN($Q30)>13),\"Código >13\",\nIF(AND(Import.TipoArredondamento=\"TransfereGOV\",$L30=\"F\",$C30<>\"S\",LEN($R30)>100),\"Descrição >100\",\nIF(AND(Import.TipoArredondamento=\"TransfereGOV\",$L30=\"F\",$C30=\"S\",LEN($R30)>500),\"Descrição >500\",\nIF(AND(Import.TipoArredondamento=\"TransfereGOV\",$L30=\"F\",$C30=\"S\",LEFT(TRIM(UPPER($P30)),6)<>\"SINAPI\",ISNA(VLOOKUP(TRIM(UPPER($S30)),ListaTgov.Unidades,1,FALSE))),\"Unid. Não Disp\",\n\" \"))))))))))))))))","v":" "},{"$f":"IF(C30<=CRONO.NivelExibicao,MAX($AD$15:OFFSET(AD30,-1,0))+IF($C30<>1,1,MAX(1,COUNTIF(QCI!$A$13:$A$24,OFFSET($E30,-1,0)))),\"\")","v":""},{"$f":"IF(AND($C30=\"S\",ORÇAMENTO.CodBarra<>\"\"),IF(ORÇAMENTO.Fonte=\"\",ORÇAMENTO.CodBarra,CONCATENATE(ORÇAMENTO.Fonte,\" \",ORÇAMENTO.CodBarra)))","v":"SINAPI 104916"},{"$f":"IF(ISERROR(ORÇAMENTO.BancoRef),\"(abra o arquivo 'Referência \"&Excel_BuiltIn_Database&\".xlsm)\",IF(OR($C30<>\"S\",ORÇAMENTO.CodBarra=\"\"),\"(Sem Código)\",IF(ISERROR(MATCH($AE30,INDIRECT(ORÇAMENTO.BancoRef),0)),\"(Código não identificado nas referências)\",MATCH($AE30,INDIRECT(ORÇAMENTO.BancoRef),0))))","v":9984},{"$f":"ROUND(IF(DESONERACAO=\"sim\",REFERENCIA.Desonerado,REFERENCIA.NaoDesonerado),2)","v":18.57},0.25390000000000001,null,null,null,null,1295.3499999999999,{"$f":"ROUND(ORÇAMENTO.CustoUnitario*(1+$AH30),2)","v":20.239999999999998}]
["S",4,"S",0,{"$f":"IF($C31=1,OFFSET(E31,-1,0)+MAX(1,COUNTIF(QCI!$A$13:$A$24,OFFSET(ORÇAMENTO!E31,-1,0))),OFFSET(E31,-1,0))","v":1},3,1,1,8,0,{"$f":"IF(OR($C31=\"S\",$C31=0),0,MATCH(OFFSET($D31,0,$C31)+IF($C31<>1,1,COUNTIF(QCI!$A$13:$A$24,ORÇAMENTO!E31)),OFFSET($D31,1,$C31,ROW($C$237)-ROW($C31)),0))","v":0},"F","Serviço","Serviço","1.3.1.1.8.","Composição","96556_ADP-01",{"$f":"IF($C31=\"S\",REFERENCIA.Descricao,\"(digite a descrição aqui)\")","v":"CONCRETAGEM DE SAPATA, FCK 20 MPA, COM USO DE JERICA - LANÇAMENTO, ADENSAMENTO E ACABAMENTO. "},{"$f":"REFERENCIA.Unidade","v":"M3"},{"$f":"OFFSET(CÁLCULO!H$15,ROW($T31)-ROW(T$15),0)","v":7.05},753.04,"BDI 1",{"$f":"IF($C31=\"S\",ROUND(IF(TIPOORCAMENTO=\"Proposto\",ORÇAMENTO.CustoUnitario*(1+$AH31),ORÇAMENTO.PrecoUnitarioLicitado),15-13*$AF$10),0)","v":944.24},{"$f":"IF($C31=\"S\",IF(OR(Import.TipoArredondamento<>\"TransfereGOV\",ACOMPANHAMENTO=\"BM\"),VTOTAL1,SUM(OFFSET(CÁLCULO!$AQ$15,ROW($X31)-ROW($X$15),1):OFFSET(CÁLCULO!$BR$15,ROW($X31)-ROW($X$15),-1))),IF($C31=0,0,ROUND(SomaAgrup,15-13*$AF$11)))","v":6656.9000000000005},"RA","RA",{"$f":"IF($C31=\"S\",IF($Z31=\"CP\",$X31,IF($Z31=\"RA\",(($X31)*QCI!$AA$3),0)),SomaAgrup)","v":97.257351041345856},{"$f":"IF($C31=\"S\",IF($Z31=\"OU\",ROUND($X31,2),0),SomaAgrup)","v":0},{"$f":"IF($N31=\"\",\" \",\nIF(AND($C31<>\"S\",OR($R31=\"\",$R31=\"(digite a descrição aqui)\")),\"DESCRIÇÃO\",\nIF(AND($C31=\"S\",OR($Q31<>\"\",$T31>0,$U31>0),$P31=\"\"),\"FONTE\",\nIF(AND($C31=\"S\",$P31<>\"\",OR($T31>0,$U31>0),$Q31=\"\"),\"CÓDIGO\",\nIF(AND($C31=\"S\",$P31<>\"\",$Q31<>\"\",$R31=\"(Código não identificado nas referências)\"),\"CÓDIGO N/ID\",\nIF(AND($C31=\"S\",OR($R31=\"\",$R31=\"(digite a descrição aqui)\"),OR($Q31<>\"\",$T31>0,$U31>0)),\"DESCRIÇÃO\",\nIF(AND($C31=\"S\",$P31<>\"\",$Q31<>\"\",$S31=\"\"),\"UNIDADE\",\nIF(AND($C31=\"S\",$P31<>\"\",$Q31<>\"\",$U31=0),\"SEM CUSTO\",\nIF(AND(TIPOORCAMENTO=\"Licitado\",$AL31=0,$AN31>0),\"SEM PREÇO\",\nIF(AND($C31=\"S\",$P31<>\"\",$Q31<>\"\",$U31>0,AND($V31<>\"BDI 1\",$V31<>\"BDI 2\",$V31<>\"BDI 3\")),IF(ISNUMBER($V31),\"JUSTIFICAR BDI\",\"BDI\"),\nIF(OR(AND(import.recurso=\"OGU\",TIPOORCAMENTO=\"Proposto\",LEFT($O$8,5)<>\"(N/D:\",$AG31<>\"\",ORÇAMENTO.CustoUnitario>$AG31),AND(TIPOORCAMENTO=\"LICITADO\",ORÇAMENTO.PrecoUnitarioLicitado>$AN31)),\"ACIMA REF.\",\nIF(AND($C31=\"S\",$P31<>\"\",$Q31<>\"\",$T31=0,$U31>0),\"QUANT.\",\nIF(AND(Import.TipoArredondamento=\"TransfereGOV\",$L31=\"F\",$C31=\"S\",LEN($Q31)>13),\"Código >13\",\nIF(AND(Import.TipoArredondamento=\"TransfereGOV\",$L31=\"F\",$C31<>\"S\",LEN($R31)>100),\"Descrição >100\",\nIF(AND(Import.TipoArredondamento=\"TransfereGOV\",$L31=\"F\",$C31=\"S\",LEN($R31)>500),\"Descrição >500\",\nIF(AND(Import.TipoArredondamento=\"TransfereGOV\",$L31=\"F\",$C31=\"S\",LEFT(TRIM(UPPER($P31)),6)<>\"SINAPI\",ISNA(VLOOKUP(TRIM(UPPER($S31)),ListaTgov.Unidades,1,FALSE))),\"Unid. Não Disp\",\n\" \"))))))))))))))))","v":" "},{"$f":"IF(C31<=CRONO.NivelExibicao,MAX($AD$15:OFFSET(AD31,-1,0))+IF($C31<>1,1,MAX(1,COUNTIF(QCI!$A$13:$A$24,OFFSET($E31,-1,0)))),\"\")","v":""},{"$f":"IF(AND($C31=\"S\",ORÇAMENTO.CodBarra<>\"\"),IF(ORÇAMENTO.Fonte=\"\",ORÇAMENTO.CodBarra,CONCATENATE(ORÇAMENTO.Fonte,\" \",ORÇAMENTO.CodBarra)))","v":"Composição 96556_ADP-01"},{"$f":"IF(ISERROR(ORÇAMENTO.BancoRef),\"(abra o arquivo 'Referência \"&Excel_BuiltIn_Database&\".xlsm)\",IF(OR($C31<>\"S\",ORÇAMENTO.CodBarra=\"\"),\"(Sem Código)\",IF(ISERROR(MATCH($AE31,INDIRECT(ORÇAMENTO.BancoRef),0)),\"(Código não identificado nas referências)\",MATCH($AE31,INDIRECT(ORÇAMENTO.BancoRef),0))))","v":13},{"$f":"ROUND(IF(DESONERACAO=\"sim\",REFERENCIA.Desonerado,REFERENCIA.NaoDesonerado),2)","v":866},0.25390000000000001,null,null,null,null,6656.9000000000005,{"$f":"ROUND(ORÇAMENTO.CustoUnitario*(1+$AH31),2)","v":944.24}]
["S",4,"S",0,{"$f":"IF($C32=1,OFFSET(E32,-1,0)+MAX(1,COUNTIF(QCI!$A$13:$A$24,OFFSET(ORÇAMENTO!E32,-1,0))),OFFSET(E32,-1,0))","v":1},3,1,1,9,0,{"$f":"IF(OR($C32=\"S\",$C32=0),0,MATCH(OFFSET($D32,0,$C32)+IF($C32<>1,1,COUNTIF(QCI!$A$13:$A$24,ORÇAMENTO!E32)),OFFSET($D32,1,$C32,ROW($C$237)-ROW($C32)),0))","v":0},"F","Serviço","Serviço","1.3.1.1.9.","SINAPI","93382",{"$f":"IF($C32=\"S\",REFERENCIA.Descricao,\"(digite a descrição aqui)\")","v":"REATERRO MANUAL DE VALAS, COM COMPACTADOR DE SOLOS DE PERCUSSÃO. AF_08/2023"},{"$f":"REFERENCIA.Unidade","v":"M3"},{"$f":"OFFSET(CÁLCULO!H$15,ROW($T32)-ROW(T$15),0)","v":35.450000000000003},26.76,"BDI 1",{"$f":"IF($C32=\"S\",ROUND(IF(TIPOORCAMENTO=\"Proposto\",ORÇAMENTO.CustoUnitario*(1+$AH32),ORÇAMENTO.PrecoUnitarioLicitado),15-13*$AF$10),0)","v":33.549999999999997},{"$f":"IF($C32=\"S\",IF(OR(Import.TipoArredondamento<>\"TransfereGOV\",ACOMPANHAMENTO=\"BM\"),VTOTAL1,SUM(OFFSET(CÁLCULO!$AQ$15,ROW($X32)-ROW($X$15),1):OFFSET(CÁLCULO!$BR$15,ROW($X32)-ROW($X$15),-1))),IF($C32=0,0,ROUND(SomaAgrup,15-13*$AF$11)))","v":1189.3499999999999},"RA","RA",{"$f":"IF($C32=\"S\",IF($Z32=\"CP\",$X32,IF($Z32=\"RA\",(($X32)*QCI!$AA$3),0)),SomaAgrup)","v":17.376411011285235},{"$f":"IF($C32=\"S\",IF($Z32=\"OU\",ROUND($X32,2),0),SomaAgrup)","v":0},{"$f":"IF($N32=\"\",\" \",\nIF(AND($C32<>\"S\",OR($R32=\"\",$R32=\"(digite a descrição aqui)\")),\"DESCRIÇÃO\",\nIF(AND($C32=\"S\",OR($Q32<>\"\",$T32>0,$U32>0),$P32=\"\"),\"FONTE\",\nIF(AND($C32=\"S\",$P32<>\"\",OR($T32>0,$U32>0),$Q32=\"\"),\"CÓDIGO\",\nIF(AND($C32=\"S\",$P32<>\"\",$Q32<>\"\",$R32=\"(Código não identificado nas referências)\"),\"CÓDIGO N/ID\",\nIF(AND($C32=\"S\",OR($R32=\"\",$R32=\"(digite a descrição aqui)\"),OR($Q32<>\"\",$T32>0,$U32>0)),\"DESCRIÇÃO\",\nIF(AND($C32=\"S\",$P32<>\"\",$Q32<>\"\",$S32=\"\"),\"UNIDADE\",\nIF(AND($C32=\"S\",$P32<>\"\",$Q32<>\"\",$U32=0),\"SEM CUSTO\",\nIF(AND(TIPOORCAMENTO=\"Licitado\",$AL32=0,$AN32>0),\"SEM PREÇO\",\nIF(AND($C32=\"S\",$P32<>\"\",$Q32<>\"\",$U32>0,AND($V32<>\"BDI 1\",$V32<>\"BDI 2\",$V32<>\"BDI 3\")),IF(ISNUMBER($V32),\"JUSTIFICAR BDI\",\"BDI\"),\nIF(OR(AND(import.recurso=\"OGU\",TIPOORCAMENTO=\"Proposto\",LEFT($O$8,5)<>\"(N/D:\",$AG32<>\"\",ORÇAMENTO.CustoUnitario>$AG32),AND(TIPOORCAMENTO=\"LICITADO\",ORÇAMENTO.PrecoUnitarioLicitado>$AN32)),\"ACIMA REF.\",\nIF(AND($C32=\"S\",$P32<>\"\",$Q32<>\"\",$T32=0,$U32>0),\"QUANT.\",\nIF(AND(Import.TipoArredondamento=\"TransfereGOV\",$L32=\"F\",$C32=\"S\",LEN($Q32)>13),\"Código >13\",\nIF(AND(Import.TipoArredondamento=\"TransfereGOV\",$L32=\"F\",$C32<>\"S\",LEN($R32)>100),\"Descrição >100\",\nIF(AND(Import.TipoArredondamento=\"TransfereGOV\",$L32=\"F\",$C32=\"S\",LEN($R32)>500),\"Descrição >500\",\nIF(AND(Import.TipoArredondamento=\"TransfereGOV\",$L32=\"F\",$C32=\"S\",LEFT(TRIM(UPPER($P32)),6)<>\"SINAPI\",ISNA(VLOOKUP(TRIM(UPPER($S32)),ListaTgov.Unidades,1,FALSE))),\"Unid. Não Disp\",\n\" \"))))))))))))))))","v":" "},{"$f":"IF(C32<=CRONO.NivelExibicao,MAX($AD$15:OFFSET(AD32,-1,0))+IF($C32<>1,1,MAX(1,COUNTIF(QCI!$A$13:$A$24,OFFSET($E32,-1,0)))),\"\")","v":""},{"$f":"IF(AND($C32=\"S\",ORÇAMENTO.CodBarra<>\"\"),IF(ORÇAMENTO.Fonte=\"\",ORÇAMENTO.CodBarra,CONCATENATE(ORÇAMENTO.Fonte,\" \",ORÇAMENTO.CodBarra)))","v":"SINAPI 93382"},{"$f":"IF(ISERROR(ORÇAMENTO.BancoRef),\"(abra o arquivo 'Referência \"&Excel_BuiltIn_Database&\".xlsm)\",IF(OR($C32<>\"S\",ORÇAMENTO.CodBarra=\"\"),\"(Sem Código)\",IF(ISERROR(MATCH($AE32,INDIRECT(ORÇAMENTO.BancoRef),0)),\"(Código não identificado nas referências)\",MATCH($AE32,INDIRECT(ORÇAMENTO.BancoRef),0))))","v":6733},{"$f":"ROUND(IF(DESONERACAO=\"sim\",REFERENCIA.Desonerado,REFERENCIA.NaoDesonerado),2)","v":30.78},0.25390000000000001,null,null,null,null,1189.3499999999999,{"$f":"ROUND(ORÇAMENTO.CustoUnitario*(1+$AH32),2)","v":33.549999999999997}]
[4,4,4,9,{"$f":"IF($C33=1,OFFSET(E33,-1,0)+MAX(1,COUNTIF(QCI!$A$13:$A$24,OFFSET(ORÇAMENTO!E33,-1,0))),OFFSET(E33,-1,0))","v":1},3,1,2,0,13,{"$f":"IF(OR($C33=\"S\",$C33=0),0,MATCH(OFFSET($D33,0,$C33)+IF($C33<>1,1,COUNTIF(QCI!$A$13:$A$24,ORÇAMENTO!E33)),OFFSET($D33,1,$C33,ROW($C$237)-ROW($C33)),0))","v":9},"F","Nível 4","Nível 4","1.3.1.2.","","","BALDRAMES",null,{"$f":"OFFSET(CÁLCULO!H$15,ROW($T33)-ROW(T$15),0)","v":0},0,"BDI 1",{"$f":"IF($C33=\"S\",ROUND(IF(TIPOORCAMENTO=\"Proposto\",ORÇAMENTO.CustoUnitario*(1+$AH33),ORÇAMENTO.PrecoUnitarioLicitado),15-13*$AF$10),0)","v":0},{"$f":"IF($C33=\"S\",IF(OR(Import.TipoArredondamento<>\"TransfereGOV\",ACOMPANHAMENTO=\"BM\"),VTOTAL1,SUM(OFFSET(CÁLCULO!$AQ$15,ROW($X33)-ROW($X$15),1):OFFSET(CÁLCULO!$BR$15,ROW($X33)-ROW($X$15),-1))),IF($C33=0,0,ROUND(SomaAgrup,15-13*$AF$11)))","v":35715.550000000003},"RA","",{"$f":"IF($C33=\"S\",IF($Z33=\"CP\",$X33,IF($Z33=\"RA\",(($X33)*QCI!$AA$3),0)),SomaAgrup)","v":521.80441105991372},{"$f":"IF($C33=\"S\",IF($Z33=\"OU\",ROUND($X33,2),0),SomaAgrup)","v":0},{"$f":"IF($N33=\"\",\" \",\nIF(AND($C33<>\"S\",OR($R33=\"\",$R33=\"(digite a descrição aqui)\")),\"DESCRIÇÃO\",\nIF(AND($C33=\"S\",OR($Q33<>\"\",$T33>0,$U33>0),$P33=\"\"),\"FONTE\",\nIF(AND($C33=\"S\",$P33<>\"\",OR($T33>0,$U33>0),$Q33=\"\"),\"CÓDIGO\",\nIF(AND($C33=\"S\",$P33<>\"\",$Q33<>\"\",$R33=\"(Código não identificado nas referências)\"),\"CÓDIGO N/ID\",\nIF(AND($C33=\"S\",OR($R33=\"\",$R33=\"(digite a descrição aqui)\"),OR($Q33<>\"\",$T33>0,$U33>0)),\"DESCRIÇÃO\",\nIF(AND($C33=\"S\",$P33<>\"\",$Q33<>\"\",$S33=\"\"),\"UNIDADE\",\nIF(AND($C33=\"S\",$P33<>\"\",$Q33<>\"\",$U33=0),\"SEM CUSTO\",\nIF(AND(TIPOORCAMENTO=\"Licitado\",$AL33=0,$AN33>0),\"SEM PREÇO\",\nIF(AND($C33=\"S\",$P33<>\"\",$Q33<>\"\",$U33>0,AND($V33<>\"BDI 1\",$V33<>\"BDI 2\",$V33<>\"BDI 3\")),IF(ISNUMBER($V33),\"JUSTIFICAR BDI\",\"BDI\"),\nIF(OR(AND(import.recurso=\"OGU\",TIPOORCAMENTO=\"Proposto\",LEFT($O$8,5)<>\"(N/D:\",$AG33<>\"\",ORÇAMENTO.CustoUnitario>$AG33),AND(TIPOORCAMENTO=\"LICITADO\",ORÇAMENTO.PrecoUnitarioLicitado>$AN33)),\"ACIMA REF.\",\nIF(AND($C33=\"S\",$P33<>\"\",$Q33<>\"\",$T33=0,$U33>0),\"QUANT.\",\nIF(AND(Import.TipoArredondamento=\"TransfereGOV\",$L33=\"F\",$C33=\"S\",LEN($Q33)>13),\"Código >13\",\nIF(AND(Import.TipoArredondamento=\"TransfereGOV\",$L33=\"F\",$C33<>\"S\",LEN($R33)>100),\"Descrição >100\",\nIF(AND(Import.TipoArredondamento=\"TransfereGOV\",$L33=\"F\",$C33=\"S\",LEN($R33)>500),\"Descrição >500\",\nIF(AND(Import.TipoArredondamento=\"TransfereGOV\",$L33=\"F\",$C33=\"S\",LEFT(TRIM(UPPER($P33)),6)<>\"SINAPI\",ISNA(VLOOKUP(TRIM(UPPER($S33)),ListaTgov.Unidades,1,FALSE))),\"Unid. Não Disp\",\n\" \"))))))))))))))))","v":" "},{"$f":"IF(C33<=CRONO.NivelExibicao,MAX($AD$15:OFFSET(AD33,-1,0))+IF($C33<>1,1,MAX(1,COUNTIF(QCI!$A$13:$A$24,OFFSET($E33,-1,0)))),\"\")","v":""},{"$f":"IF(AND($C33=\"S\",ORÇAMENTO.CodBarra<>\"\"),IF(ORÇAMENTO.Fonte=\"\",ORÇAMENTO.CodBarra,CONCATENATE(ORÇAMENTO.Fonte,\" \",ORÇAMENTO.CodBarra)))","v":false},{"$f":"IF(ISERROR(ORÇAMENTO.BancoRef),\"(abra o arquivo 'Referência \"&Excel_BuiltIn_Database&\".xlsm)\",IF(OR($C33<>\"S\",ORÇAMENTO.CodBarra=\"\"),\"(Sem Código)\",IF(ISERROR(MATCH($AE33,INDIRECT(ORÇAMENTO.BancoRef),0)),\"(Código não identificado nas referências)\",MATCH($AE33,INDIRECT(ORÇAMENTO.BancoRef),0))))","v":"(Sem Código)"},{"$f":"ROUND(IF(DESONERACAO=\"sim\",REFERENCIA.Desonerado,REFERENCIA.NaoDesonerado),2)","v":0},0.25390000000000001,null,null,null,null,35715.550000000003,{"$f":"ROUND(ORÇAMENTO.CustoUnitario*(1+$AH33),2)","v":0}]
["S",4,"S",0,{"$f":"IF($C34=1,OFFSET(E34,-1,0)+MAX(1,COUNTIF(QCI!$A$13:$A$24,OFFSET(ORÇAMENTO!E34,-1,0))),OFFSET(E34,-1,0))","v":1},3,1,2,1,0,{"$f":"IF(OR($C34=\"S\",$C34=0),0,MATCH(OFFSET($D34,0,$C34)+IF($C34<>1,1,COUNTIF(QCI!$A$13:$A$24,ORÇAMENTO!E34)),OFFSET($D34,1,$C34,ROW($C$237)-ROW($C34)),0))","v":0},"F","Serviço","Serviço","1.3.1.2.1.","SINAPI","96527",{"$f":"IF($C34=\"S\",REFERENCIA.Descricao,\"(digite a descrição aqui)\")","v":"ESCAVAÇÃO MANUAL PARA VIGA BALDRAME OU SAPATA CORRIDA (INCLUINDO ESCAVAÇÃO PARA COLOCAÇÃO DE FÔRMAS). AF_01/2024"},{"$f":"REFERENCIA.Unidade","v":"M3"},{"$f":"OFFSET(CÁLCULO!H$15,ROW($T34)-ROW(T$15),0)","v":27.3},111.12,"BDI 1",{"$f":"IF($C34=\"S\",ROUND(IF(TIPOORCAMENTO=\"Proposto\",ORÇAMENTO.CustoUnitario*(1+$AH34),ORÇAMENTO.PrecoUnitarioLicitado),15-13*$AF$10),0)","v":139.33000000000001},{"$f":"IF($C34=\"S\",IF(OR(Import.TipoArredondamento<>\"TransfereGOV\",ACOMPANHAMENTO=\"BM\"),VTOTAL1,SUM(OFFSET(CÁLCULO!$AQ$15,ROW($X34)-ROW($X$15),1):OFFSET(CÁLCULO!$BR$15,ROW($X34)-ROW($X$15),-1))),IF($C34=0,0,ROUND(SomaAgrup,15-13*$AF$11)))","v":3803.7},"RA","RA",{"$f":"IF($C34=\"S\",IF($Z34=\"CP\",$X34,IF($Z34=\"RA\",(($X34)*QCI!$AA$3),0)),SomaAgrup)","v":55.572081022092441},{"$f":"IF($C34=\"S\",IF($Z34=\"OU\",ROUND($X34,2),0),SomaAgrup)","v":0},{"$f":"IF($N34=\"\",\" \",\nIF(AND($C34<>\"S\",OR($R34=\"\",$R34=\"(digite a descrição aqui)\")),\"DESCRIÇÃO\",\nIF(AND($C34=\"S\",OR($Q34<>\"\",$T34>0,$U34>0),$P34=\"\"),\"FONTE\",\nIF(AND($C34=\"S\",$P34<>\"\",OR($T34>0,$U34>0),$Q34=\"\"),\"CÓDIGO\",\nIF(AND($C34=\"S\",$P34<>\"\",$Q34<>\"\",$R34=\"(Código não identificado nas referências)\"),\"CÓDIGO N/ID\",\nIF(AND($C34=\"S\",OR($R34=\"\",$R34=\"(digite a descrição aqui)\"),OR($Q34<>\"\",$T34>0,$U34>0)),\"DESCRIÇÃO\",\nIF(AND($C34=\"S\",$P34<>\"\",$Q34<>\"\",$S34=\"\"),\"UNIDADE\",\nIF(AND($C34=\"S\",$P34<>\"\",$Q34<>\"\",$U34=0),\"SEM CUSTO\",\nIF(AND(TIPOORCAMENTO=\"Licitado\",$AL34=0,$AN34>0),\"SEM PREÇO\",\nIF(AND($C34=\"S\",$P34<>\"\",$Q34<>\"\",$U34>0,AND($V34<>\"BDI 1\",$V34<>\"BDI 2\",$V34<>\"BDI 3\")),IF(ISNUMBER($V34),\"JUSTIFICAR BDI\",\"BDI\"),\nIF(OR(AND(import.recurso=\"OGU\",TIPOORCAMENTO=\"Proposto\",LEFT($O$8,5)<>\"(N/D:\",$AG34<>\"\",ORÇAMENTO.CustoUnitario>$AG34),AND(TIPOORCAMENTO=\"LICITADO\",ORÇAMENTO.PrecoUnitarioLicitado>$AN34)),\"ACIMA REF.\",\nIF(AND($C34=\"S\",$P34<>\"\",$Q34<>\"\",$T34=0,$U34>0),\"QUANT.\",\nIF(AND(Import.TipoArredondamento=\"TransfereGOV\",$L34=\"F\",$C34=\"S\",LEN($Q34)>13),\"Código >13\",\nIF(AND(Import.TipoArredondamento=\"TransfereGOV\",$L34=\"F\",$C34<>\"S\",LEN($R34)>100),\"Descrição >100\",\nIF(AND(Import.TipoArredondamento=\"TransfereGOV\",$L34=\"F\",$C34=\"S\",LEN($R34)>500),\"Descrição >500\",\nIF(AND(Import.TipoArredondamento=\"TransfereGOV\",$L34=\"F\",$C34=\"S\",LEFT(TRIM(UPPER($P34)),6)<>\"SINAPI\",ISNA(VLOOKUP(TRIM(UPPER($S34)),ListaTgov.Unidades,1,FALSE))),\"Unid. Não Disp\",\n\" \"))))))))))))))))","v":" "},{"$f":"IF(C34<=CRONO.NivelExibicao,MAX($AD$15:OFFSET(AD34,-1,0))+IF($C34<>1,1,MAX(1,COUNTIF(QCI!$A$13:$A$24,OFFSET($E34,-1,0)))),\"\")","v":""},{"$f":"IF(AND($C34=\"S\",ORÇAMENTO.CodBarra<>\"\"),IF(ORÇAMENTO.Fonte=\"\",ORÇAMENTO.CodBarra,CONCATENATE(ORÇAMENTO.Fonte,\" \",ORÇAMENTO.CodBarra)))","v":"SINAPI 96527"},{"$f":"IF(ISERROR(ORÇAMENTO.BancoRef),\"(abra o arquivo 'Referência \"&Excel_BuiltIn_Database&\".xlsm)\",IF(OR($C34<>\"S\",ORÇAMENTO.CodBarra=\"\"),\"(Sem Código)\",IF(ISERROR(MATCH($AE34,INDIRECT(ORÇAMENTO.BancoRef),0)),\"(Código não identificado nas referências)\",MATCH($AE34,INDIRECT(ORÇAMENTO.BancoRef),0))))","v":9993},{"$f":"ROUND(IF(DESONERACAO=\"sim\",REFERENCIA.Desonerado,REFERENCIA.NaoDesonerado),2)","v":127.79},0.25390000000000001,null,null,null,null,3803.7,{"$f":"ROUND(ORÇAMENTO.CustoUnitario*(1+$AH34),2)","v":139.33000000000001}]
["S",4,"S",0,{"$f":"IF($C35=1,OFFSET(E35,-1,0)+MAX(1,COUNTIF(QCI!$A$13:$A$24,OFFSET(ORÇAMENTO!E35,-1,0))),OFFSET(E35,-1,0))","v":1},3,1,2,2,0,{"$f":"IF(OR($C35=\"S\",$C35=0),0,MATCH(OFFSET($D35,0,$C35)+IF($C35<>1,1,COUNTIF(QCI!$A$13:$A$24,ORÇAMENTO!E35)),OFFSET($D35,1,$C35,ROW($C$237)-ROW($C35)),0))","v":0},"F","Serviço","Serviço","1.3.1.2.2.","SINAPI","96619",{"$f":"IF($C35=\"S\",REFERENCIA.Descricao,\"(digite a descrição aqui)\")","v":"LASTRO DE CONCRETO MAGRO, APLICADO EM BLOCOS DE COROAMENTO OU SAPATAS, ESPESSURA DE 5 CM. AF_01/2024"},{"$f":"REFERENCIA.Unidade","v":"M2"},{"$f":"OFFSET(CÁLCULO!H$15,ROW($T35)-ROW(T$15),0)","v":34.15},36.03,"BDI 1",{"$f":"IF($C35=\"S\",ROUND(IF(TIPOORCAMENTO=\"Proposto\",ORÇAMENTO.CustoUnitario*(1+$AH35),ORÇAMENTO.PrecoUnitarioLicitado),15-13*$AF$10),0)","v":45.18},{"$f":"IF($C35=\"S\",IF(OR(Import.TipoArredondamento<>\"TransfereGOV\",ACOMPANHAMENTO=\"BM\"),VTOTAL1,SUM(OFFSET(CÁLCULO!$AQ$15,ROW($X35)-ROW($X$15),1):OFFSET(CÁLCULO!$BR$15,ROW($X35)-ROW($X$15),-1))),IF($C35=0,0,ROUND(SomaAgrup,15-13*$AF$11)))","v":1542.8999999999999},"RA","RA",{"$f":"IF($C35=\"S\",IF($Z35=\"CP\",$X35,IF($Z35=\"RA\",(($X35)*QCI!$AA$3),0)),SomaAgrup)","v":22.541778744114001},{"$f":"IF($C35=\"S\",IF($Z35=\"OU\",ROUND($X35,2),0),SomaAgrup)","v":0},{"$f":"IF($N35=\"\",\" \",\nIF(AND($C35<>\"S\",OR($R35=\"\",$R35=\"(digite a descrição aqui)\")),\"DESCRIÇÃO\",\nIF(AND($C35=\"S\",OR($Q35<>\"\",$T35>0,$U35>0),$P35=\"\"),\"FONTE\",\nIF(AND($C35=\"S\",$P35<>\"\",OR($T35>0,$U35>0),$Q35=\"\"),\"CÓDIGO\",\nIF(AND($C35=\"S\",$P35<>\"\",$Q35<>\"\",$R35=\"(Código não identificado nas referências)\"),\"CÓDIGO N/ID\",\nIF(AND($C35=\"S\",OR($R35=\"\",$R35=\"(digite a descrição aqui)\"),OR($Q35<>\"\",$T35>0,$U35>0)),\"DESCRIÇÃO\",\nIF(AND($C35=\"S\",$P35<>\"\",$Q35<>\"\",$S35=\"\"),\"UNIDADE\",\nIF(AND($C35=\"S\",$P35<>\"\",$Q35<>\"\",$U35=0),\"SEM CUSTO\",\nIF(AND(TIPOORCAMENTO=\"Licitado\",$AL35=0,$AN35>0),\"SEM PREÇO\",\nIF(AND($C35=\"S\",$P35<>\"\",$Q35<>\"\",$U35>0,AND($V35<>\"BDI 1\",$V35<>\"BDI 2\",$V35<>\"BDI 3\")),IF(ISNUMBER($V35),\"JUSTIFICAR BDI\",\"BDI\"),\nIF(OR(AND(import.recurso=\"OGU\",TIPOORCAMENTO=\"Proposto\",LEFT($O$8,5)<>\"(N/D:\",$AG35<>\"\",ORÇAMENTO.CustoUnitario>$AG35),AND(TIPOORCAMENTO=\"LICITADO\",ORÇAMENTO.PrecoUnitarioLicitado>$AN35)),\"ACIMA REF.\",\nIF(AND($C35=\"S\",$P35<>\"\",$Q35<>\"\",$T35=0,$U35>0),\"QUANT.\",\nIF(AND(Import.TipoArredondamento=\"TransfereGOV\",$L35=\"F\",$C35=\"S\",LEN($Q35)>13),\"Código >13\",\nIF(AND(Import.TipoArredondamento=\"TransfereGOV\",$L35=\"F\",$C35<>\"S\",LEN($R35)>100),\"Descrição >100\",\nIF(AND(Import.TipoArredondamento=\"TransfereGOV\",$L35=\"F\",$C35=\"S\",LEN($R35)>500),\"Descrição >500\",\nIF(AND(Import.TipoArredondamento=\"TransfereGOV\",$L35=\"F\",$C35=\"S\",LEFT(TRIM(UPPER($P35)),6)<>\"SINAPI\",ISNA(VLOOKUP(TRIM(UPPER($S35)),ListaTgov.Unidades,1,FALSE))),\"Unid. Não Disp\",\n\" \"))))))))))))))))","v":" "},{"$f":"IF(C35<=CRONO.NivelExibicao,MAX($AD$15:OFFSET(AD35,-1,0))+IF($C35<>1,1,MAX(1,COUNTIF(QCI!$A$13:$A$24,OFFSET($E35,-1,0)))),\"\")","v":""},{"$f":"IF(AND($C35=\"S\",ORÇAMENTO.CodBarra<>\"\"),IF(ORÇAMENTO.Fonte=\"\",ORÇAMENTO.CodBarra,CONCATENATE(ORÇAMENTO.Fonte,\" \",ORÇAMENTO.CodBarra)))","v":"SINAPI 96619"},{"$f":"IF(ISERROR(ORÇAMENTO.BancoRef),\"(abra o arquivo 'Referência \"&Excel_BuiltIn_Database&\".xlsm)\",IF(OR($C35<>\"S\",ORÇAMENTO.CodBarra=\"\"),\"(Sem Código)\",IF(ISERROR(MATCH($AE35,INDIRECT(ORÇAMENTO.BancoRef),0)),\"(Código não identificado nas referências)\",MATCH($AE35,INDIRECT(ORÇAMENTO.BancoRef),0))))","v":12685},{"$f":"ROUND(IF(DESONERACAO=\"sim\",REFERENCIA.Desonerado,REFERENCIA.NaoDesonerado),2)","v":41.44},0.25390000000000001,null,null,null,null,1542.8999999999999,{"$f":"ROUND(ORÇAMENTO.CustoUnitario*(1+$AH35),2)","v":45.18}]
["S",4,"S",0,{"$f":"IF($C36=1,OFFSET(E36,-1,0)+MAX(1,COUNTIF(QCI!$A$13:$A$24,OFFSET(ORÇAMENTO!E36,-1,0))),OFFSET(E36,-1,0))","v":1},3,1,2,3,0,{"$f":"IF(OR($C36=\"S\",$C36=0),0,MATCH(OFFSET($D36,0,$C36)+IF($C36<>1,1,COUNTIF(QCI!$A$13:$A$24,ORÇAMENTO!E36)),OFFSET($D36,1,$C36,ROW($C$237)-ROW($C36)),0))","v":0},"F","Serviço","Serviço","1.3.1.2.3.","SINAPI","96536",{"$f":"IF($C36=\"S\",REFERENCIA.Descricao,\"(digite a descrição aqui)\")","v":"FABRICAÇÃO, MONTAGEM E DESMONTAGEM DE FÔRMA PARA VIGA BALDRAME, EM MADEIRA SERRADA, E=25 MM, 4 UTILIZAÇÕES. AF_01/2024"},{"$f":"REFERENCIA.Unidade","v":"M2"},{"$f":"OFFSET(CÁLCULO!H$15,ROW($T36)-ROW(T$15),0)","v":142.89999999999998},63.14,"BDI 1",{"$f":"IF($C36=\"S\",ROUND(IF(TIPOORCAMENTO=\"Proposto\",ORÇAMENTO.CustoUnitario*(1+$AH36),ORÇAMENTO.PrecoUnitarioLicitado),15-13*$AF$10),0)","v":79.17},{"$f":"IF($C36=\"S\",IF(OR(Import.TipoArredondamento<>\"TransfereGOV\",ACOMPANHAMENTO=\"BM\"),VTOTAL1,SUM(OFFSET(CÁLCULO!$AQ$15,ROW($X36)-ROW($X$15),1):OFFSET(CÁLCULO!$BR$15,ROW($X36)-ROW($X$15),-1))),IF($C36=0,0,ROUND(SomaAgrup,15-13*$AF$11)))","v":11313.4},"RA","RA",{"$f":"IF($C36=\"S\",IF($Z36=\"CP\",$X36,IF($Z36=\"RA\",(($X36)*QCI!$AA$3),0)),SomaAgrup)","v":165.28884544925748},{"$f":"IF($C36=\"S\",IF($Z36=\"OU\",ROUND($X36,2),0),SomaAgrup)","v":0},{"$f":"IF($N36=\"\",\" \",\nIF(AND($C36<>\"S\",OR($R36=\"\",$R36=\"(digite a descrição aqui)\")),\"DESCRIÇÃO\",\nIF(AND($C36=\"S\",OR($Q36<>\"\",$T36>0,$U36>0),$P36=\"\"),\"FONTE\",\nIF(AND($C36=\"S\",$P36<>\"\",OR($T36>0,$U36>0),$Q36=\"\"),\"CÓDIGO\",\nIF(AND($C36=\"S\",$P36<>\"\",$Q36<>\"\",$R36=\"(Código não identificado nas referências)\"),\"CÓDIGO N/ID\",\nIF(AND($C36=\"S\",OR($R36=\"\",$R36=\"(digite a descrição aqui)\"),OR($Q36<>\"\",$T36>0,$U36>0)),\"DESCRIÇÃO\",\nIF(AND($C36=\"S\",$P36<>\"\",$Q36<>\"\",$S36=\"\"),\"UNIDADE\",\nIF(AND($C36=\"S\",$P36<>\"\",$Q36<>\"\",$U36=0),\"SEM CUSTO\",\nIF(AND(TIPOORCAMENTO=\"Licitado\",$AL36=0,$AN36>0),\"SEM PREÇO\",\nIF(AND($C36=\"S\",$P36<>\"\",$Q36<>\"\",$U36>0,AND($V36<>\"BDI 1\",$V36<>\"BDI 2\",$V36<>\"BDI 3\")),IF(ISNUMBER($V36),\"JUSTIFICAR BDI\",\"BDI\"),\nIF(OR(AND(import.recurso=\"OGU\",TIPOORCAMENTO=\"Proposto\",LEFT($O$8,5)<>\"(N/D:\",$AG36<>\"\",ORÇAMENTO.CustoUnitario>$AG36),AND(TIPOORCAMENTO=\"LICITADO\",ORÇAMENTO.PrecoUnitarioLicitado>$AN36)),\"ACIMA REF.\",\nIF(AND($C36=\"S\",$P36<>\"\",$Q36<>\"\",$T36=0,$U36>0),\"QUANT.\",\nIF(AND(Import.TipoArredondamento=\"TransfereGOV\",$L36=\"F\",$C36=\"S\",LEN($Q36)>13),\"Código >13\",\nIF(AND(Import.TipoArredondamento=\"TransfereGOV\",$L36=\"F\",$C36<>\"S\",LEN($R36)>100),\"Descrição >100\",\nIF(AND(Import.TipoArredondamento=\"TransfereGOV\",$L36=\"F\",$C36=\"S\",LEN($R36)>500),\"Descrição >500\",\nIF(AND(Import.TipoArredondamento=\"TransfereGOV\",$L36=\"F\",$C36=\"S\",LEFT(TRIM(UPPER($P36)),6)<>\"SINAPI\",ISNA(VLOOKUP(TRIM(UPPER($S36)),ListaTgov.Unidades,1,FALSE))),\"Unid. Não Disp\",\n\" \"))))))))))))))))","v":" "},{"$f":"IF(C36<=CRONO.NivelExibicao,MAX($AD$15:OFFSET(AD36,-1,0))+IF($C36<>1,1,MAX(1,COUNTIF(QCI!$A$13:$A$24,OFFSET($E36,-1,0)))),\"\")","v":""},{"$f":"IF(AND($C36=\"S\",ORÇAMENTO.CodBarra<>\"\"),IF(ORÇAMENTO.Fonte=\"\",ORÇAMENTO.CodBarra,CONCATENATE(ORÇAMENTO.Fonte,\" \",ORÇAMENTO.CodBarra)))","v":"SINAPI 96536"},{"$f":"IF(ISERROR(ORÇAMENTO.BancoRef),\"(abra o arquivo 'Referência \"&Excel_BuiltIn_Database&\".xlsm)\",IF(OR($C36<>\"S\",ORÇAMENTO.CodBarra=\"\"),\"(Sem Código)\",IF(ISERROR(MATCH($AE36,INDIRECT(ORÇAMENTO.BancoRef),0)),\"(Código não identificado nas referências)\",MATCH($AE36,INDIRECT(ORÇAMENTO.BancoRef),0))))","v":10018},{"$f":"ROUND(IF(DESONERACAO=\"sim\",REFERENCIA.Desonerado,REFERENCIA.NaoDesonerado),2)","v":72.62},0.25390000000000001,null,null,null,null,11313.4,{"$f":"ROUND(ORÇAMENTO.CustoUnitario*(1+$AH36),2)","v":79.17}]
["S",4,"S",0,{"$f":"IF($C37=1,OFFSET(E37,-1,0)+MAX(1,COUNTIF(QCI!$A$13:$A$24,OFFSET(ORÇAMENTO!E37,-1,0))),OFFSET(E37,-1,0))","v":1},3,1,2,4,0,{"$f":"IF(OR($C37=\"S\",$C37=0),0,MATCH(OFFSET($D37,0,$C37)+IF($C37<>1,1,COUNTIF(QCI!$A$13:$A$24,ORÇAMENTO!E37)),OFFSET($D37,1,$C37,ROW($C$237)-ROW($C37)),0))","v":0},"F","Serviço","Serviço","1.3.1.2.4.","SINAPI","104918",{"$f":"IF($C37=\"S\",REFERENCIA.Descricao,\"(digite a descrição aqui)\")","v":"ARMAÇÃO DE SAPATA ISOLADA, VIGA BALDRAME E SAPATA CORRIDA UTILIZANDO AÇO CA-50 DE 8 MM - MONTAGEM. AF_01/2024"},{"$f":"REFERENCIA.Unidade","v":"KG"},{"$f":"OFFSET(CÁLCULO!H$15,ROW($T37)-ROW(T$15),0)","v":402},13.34,"BDI 1",{"$f":"IF($C37=\"S\",ROUND(IF(TIPOORCAMENTO=\"Proposto\",ORÇAMENTO.CustoUnitario*(1+$AH37),ORÇAMENTO.PrecoUnitarioLicitado),15-13*$AF$10),0)","v":16.73},{"$f":"IF($C37=\"S\",IF(OR(Import.TipoArredondamento<>\"TransfereGOV\",ACOMPANHAMENTO=\"BM\"),VTOTAL1,SUM(OFFSET(CÁLCULO!$AQ$15,ROW($X37)-ROW($X$15),1):OFFSET(CÁLCULO!$BR$15,ROW($X37)-ROW($X$15),-1))),IF($C37=0,0,ROUND(SomaAgrup,15-13*$AF$11)))","v":6725.45},"RA","RA",{"$f":"IF($C37=\"S\",IF($Z37=\"CP\",$X37,IF($Z37=\"RA\",(($X37)*QCI!$AA$3),0)),SomaAgrup)","v":98.258866974270219},{"$f":"IF($C37=\"S\",IF($Z37=\"OU\",ROUND($X37,2),0),SomaAgrup)","v":0},{"$f":"IF($N37=\"\",\" \",\nIF(AND($C37<>\"S\",OR($R37=\"\",$R37=\"(digite a descrição aqui)\")),\"DESCRIÇÃO\",\nIF(AND($C37=\"S\",OR($Q37<>\"\",$T37>0,$U37>0),$P37=\"\"),\"FONTE\",\nIF(AND($C37=\"S\",$P37<>\"\",OR($T37>0,$U37>0),$Q37=\"\"),\"CÓDIGO\",\nIF(AND($C37=\"S\",$P37<>\"\",$Q37<>\"\",$R37=\"(Código não identificado nas referências)\"),\"CÓDIGO N/ID\",\nIF(AND($C37=\"S\",OR($R37=\"\",$R37=\"(digite a descrição aqui)\"),OR($Q37<>\"\",$T37>0,$U37>0)),\"DESCRIÇÃO\",\nIF(AND($C37=\"S\",$P37<>\"\",$Q37<>\"\",$S37=\"\"),\"UNIDADE\",\nIF(AND($C37=\"S\",$P37<>\"\",$Q37<>\"\",$U37=0),\"SEM CUSTO\",\nIF(AND(TIPOORCAMENTO=\"Licitado\",$AL37=0,$AN37>0),\"SEM PREÇO\",\nIF(AND($C37=\"S\",$P37<>\"\",$Q37<>\"\",$U37>0,AND($V37<>\"BDI 1\",$V37<>\"BDI 2\",$V37<>\"BDI 3\")),IF(ISNUMBER($V37),\"JUSTIFICAR BDI\",\"BDI\"),\nIF(OR(AND(import.recurso=\"OGU\",TIPOORCAMENTO=\"Proposto\",LEFT($O$8,5)<>\"(N/D:\",$AG37<>\"\",ORÇAMENTO.CustoUnitario>$AG37),AND(TIPOORCAMENTO=\"LICITADO\",ORÇAMENTO.PrecoUnitarioLicitado>$AN37)),\"ACIMA REF.\",\nIF(AND($C37=\"S\",$P37<>\"\",$Q37<>\"\",$T37=0,$U37>0),\"QUANT.\",\nIF(AND(Import.TipoArredondamento=\"TransfereGOV\",$L37=\"F\",$C37=\"S\",LEN($Q37)>13),\"Código >13\",\nIF(AND(Import.TipoArredondamento=\"TransfereGOV\",$L37=\"F\",$C37<>\"S\",LEN($R37)>100),\"Descrição >100\",\nIF(AND(Import.TipoArredondamento=\"TransfereGOV\",$L37=\"F\",$C37=\"S\",LEN($R37)>500),\"Descrição >500\",\nIF(AND(Import.TipoArredondamento=\"TransfereGOV\",$L37=\"F\",$C37=\"S\",LEFT(TRIM(UPPER($P37)),6)<>\"SINAPI\",ISNA(VLOOKUP(TRIM(UPPER($S37)),ListaTgov.Unidades,1,FALSE))),\"Unid. Não Disp\",\n\" \"))))))))))))))))","v":" "},{"$f":"IF(C37<=CRONO.NivelExibicao,MAX($AD$15:OFFSET(AD37,-1,0))+IF($C37<>1,1,MAX(1,COUNTIF(QCI!$A$13:$A$24,OFFSET($E37,-1,0)))),\"\")","v":""},{"$f":"IF(AND($C37=\"S\",ORÇAMENTO.CodBarra<>\"\"),IF(ORÇAMENTO.Fonte=\"\",ORÇAMENTO.CodBarra,CONCATENATE(ORÇAMENTO.Fonte,\" \",ORÇAMENTO.CodBarra)))","v":"SINAPI 104918"},{"$f":"IF(ISERROR(ORÇAMENTO.BancoRef),\"(abra o arquivo 'Referência \"&Excel_BuiltIn_Database&\".xlsm)\",IF(OR($C37<>\"S\",ORÇAMENTO.CodBarra=\"\"),\"(Sem Código)\",IF(ISERROR(MATCH($AE37,INDIRECT(ORÇAMENTO.BancoRef),0)),\"(Código não identificado nas referências)\",MATCH($AE37,INDIRECT(ORÇAMENTO.BancoRef),0))))","v":9983},{"$f":"ROUND(IF(DESONERACAO=\"sim\",REFERENCIA.Desonerado,REFERENCIA.NaoDesonerado),2)","v":15.35},0.25390000000000001,null,null,null,null,6725.45,{"$f":"ROUND(ORÇAMENTO.CustoUnitario*(1+$AH37),2)","v":16.73}]
["S",4,"S",0,{"$f":"IF($C38=1,OFFSET(E38,-1,0)+MAX(1,COUNTIF(QCI!$A$13:$A$24,OFFSET(ORÇAMENTO!E38,-1,0))),OFFSET(E38,-1,0))","v":1},3,1,2,5,0,{"$f":"IF(OR($C38=\"S\",$C38=0),0,MATCH(OFFSET($D38,0,$C38)+IF($C38<>1,1,COUNTIF(QCI!$A$13:$A$24,ORÇAMENTO!E38)),OFFSET($D38,1,$C38,ROW($C$237)-ROW($C38)),0))","v":0},"F","Serviço","Serviço","1.3.1.2.5.","SINAPI","104917",{"$f":"IF($C38=\"S\",REFERENCIA.Descricao,\"(digite a descrição aqui)\")","v":"ARMAÇÃO DE SAPATA ISOLADA, VIGA BALDRAME E SAPATA CORRIDA UTILIZANDO AÇO CA-50 DE 6,3 MM - MONTAGEM. AF_01/2024"},{"$f":"REFERENCIA.Unidade","v":"KG"},{"$f":"OFFSET(CÁLCULO!H$15,ROW($T38)-ROW(T$15),0)","v":38.5},14.65,"BDI 1",{"$f":"IF($C38=\"S\",ROUND(IF(TIPOORCAMENTO=\"Proposto\",ORÇAMENTO.CustoUnitario*(1+$AH38),ORÇAMENTO.PrecoUnitarioLicitado),15-13*$AF$10),0)","v":18.37},{"$f":"IF($C38=\"S\",IF(OR(Import.TipoArredondamento<>\"TransfereGOV\",ACOMPANHAMENTO=\"BM\"),VTOTAL1,SUM(OFFSET(CÁLCULO!$AQ$15,ROW($X38)-ROW($X$15),1):OFFSET(CÁLCULO!$BR$15,ROW($X38)-ROW($X$15),-1))),IF($C38=0,0,ROUND(SomaAgrup,15-13*$AF$11)))","v":707.25},"RA","RA",{"$f":"IF($C38=\"S\",IF($Z38=\"CP\",$X38,IF($Z38=\"RA\",(($X38)*QCI!$AA$3),0)),SomaAgrup)","v":10.332926966604854},{"$f":"IF($C38=\"S\",IF($Z38=\"OU\",ROUND($X38,2),0),SomaAgrup)","v":0},{"$f":"IF($N38=\"\",\" \",\nIF(AND($C38<>\"S\",OR($R38=\"\",$R38=\"(digite a descrição aqui)\")),\"DESCRIÇÃO\",\nIF(AND($C38=\"S\",OR($Q38<>\"\",$T38>0,$U38>0),$P38=\"\"),\"FONTE\",\nIF(AND($C38=\"S\",$P38<>\"\",OR($T38>0,$U38>0),$Q38=\"\"),\"CÓDIGO\",\nIF(AND($C38=\"S\",$P38<>\"\",$Q38<>\"\",$R38=\"(Código não identificado nas referências)\"),\"CÓDIGO N/ID\",\nIF(AND($C38=\"S\",OR($R38=\"\",$R38=\"(digite a descrição aqui)\"),OR($Q38<>\"\",$T38>0,$U38>0)),\"DESCRIÇÃO\",\nIF(AND($C38=\"S\",$P38<>\"\",$Q38<>\"\",$S38=\"\"),\"UNIDADE\",\nIF(AND($C38=\"S\",$P38<>\"\",$Q38<>\"\",$U38=0),\"SEM CUSTO\",\nIF(AND(TIPOORCAMENTO=\"Licitado\",$AL38=0,$AN38>0),\"SEM PREÇO\",\nIF(AND($C38=\"S\",$P38<>\"\",$Q38<>\"\",$U38>0,AND($V38<>\"BDI 1\",$V38<>\"BDI 2\",$V38<>\"BDI 3\")),IF(ISNUMBER($V38),\"JUSTIFICAR BDI\",\"BDI\"),\nIF(OR(AND(import.recurso=\"OGU\",TIPOORCAMENTO=\"Proposto\",LEFT($O$8,5)<>\"(N/D:\",$AG38<>\"\",ORÇAMENTO.CustoUnitario>$AG38),AND(TIPOORCAMENTO=\"LICITADO\",ORÇAMENTO.PrecoUnitarioLicitado>$AN38)),\"ACIMA REF.\",\nIF(AND($C38=\"S\",$P38<>\"\",$Q38<>\"\",$T38=0,$U38>0),\"QUANT.\",\nIF(AND(Import.TipoArredondamento=\"TransfereGOV\",$L38=\"F\",$C38=\"S\",LEN($Q38)>13),\"Código >13\",\nIF(AND(Import.TipoArredondamento=\"TransfereGOV\",$L38=\"F\",$C38<>\"S\",LEN($R38)>100),\"Descrição >100\",\nIF(AND(Import.TipoArredondamento=\"TransfereGOV\",$L38=\"F\",$C38=\"S\",LEN($R38)>500),\"Descrição >500\",\nIF(AND(Import.TipoArredondamento=\"TransfereGOV\",$L38=\"F\",$C38=\"S\",LEFT(TRIM(UPPER($P38)),6)<>\"SINAPI\",ISNA(VLOOKUP(TRIM(UPPER($S38)),ListaTgov.Unidades,1,FALSE))),\"Unid. Não Disp\",\n\" \"))))))))))))))))","v":" "},{"$f":"IF(C38<=CRONO.NivelExibicao,MAX($AD$15:OFFSET(AD38,-1,0))+IF($C38<>1,1,MAX(1,COUNTIF(QCI!$A$13:$A$24,OFFSET($E38,-1,0)))),\"\")","v":""},{"$f":"IF(AND($C38=\"S\",ORÇAMENTO.CodBarra<>\"\"),IF(ORÇAMENTO.Fonte=\"\",ORÇAMENTO.CodBarra,CONCATENATE(ORÇAMENTO.Fonte,\" \",ORÇAMENTO.CodBarra)))","v":"SINAPI 104917"},{"$f":"IF(ISERROR(ORÇAMENTO.BancoRef),\"(abra o arquivo 'Referência \"&Excel_BuiltIn_Database&\".xlsm)\",IF(OR($C38<>\"S\",ORÇAMENTO.CodBarra=\"\"),\"(Sem Código)\",IF(ISERROR(MATCH($AE38,INDIRECT(ORÇAMENTO.BancoRef),0)),\"(Código não identificado nas referências)\",MATCH($AE38,INDIRECT(ORÇAMENTO.BancoRef),0))))","v":9982},{"$f":"ROUND(IF(DESONERACAO=\"sim\",REFERENCIA.Desonerado,REFERENCIA.NaoDesonerado),2)","v":16.850000000000001},0.25390000000000001,null,null,null,null,707.25,{"$f":"ROUND(ORÇAMENTO.CustoUnitario*(1+$AH38),2)","v":18.37}]
["S",4,"S",0,{"$f":"IF($C39=1,OFFSET(E39,-1,0)+MAX(1,COUNTIF(QCI!$A$13:$A$24,OFFSET(ORÇAMENTO!E39,-1,0))),OFFSET(E39,-1,0))","v":1},3,1,2,6,0,{"$f":"IF(OR($C39=\"S\",$C39=0),0,MATCH(OFFSET($D39,0,$C39)+IF($C39<>1,1,COUNTIF(QCI!$A$13:$A$24,ORÇAMENTO!E39)),OFFSET($D39,1,$C39,ROW($C$237)-ROW($C39)),0))","v":0},"F","Serviço","Serviço","1.3.1.2.6.","SINAPI","104916",{"$f":"IF($C39=\"S\",REFERENCIA.Descricao,\"(digite a descrição aqui)\")","v":"ARMAÇÃO DE SAPATA ISOLADA, VIGA BALDRAME E SAPATA CORRIDA UTILIZANDO AÇO CA-60 DE 5 MM - MONTAGEM. AF_01/2024"},{"$f":"REFERENCIA.Unidade","v":"KG"},{"$f":"OFFSET(CÁLCULO!H$15,ROW($T39)-ROW(T$15),0)","v":195},16.14,"BDI 1",{"$f":"IF($C39=\"S\",ROUND(IF(TIPOORCAMENTO=\"Proposto\",ORÇAMENTO.CustoUnitario*(1+$AH39),ORÇAMENTO.PrecoUnitarioLicitado),15-13*$AF$10),0)","v":20.239999999999998},{"$f":"IF($C39=\"S\",IF(OR(Import.TipoArredondamento<>\"TransfereGOV\",ACOMPANHAMENTO=\"BM\"),VTOTAL1,SUM(OFFSET(CÁLCULO!$AQ$15,ROW($X39)-ROW($X$15),1):OFFSET(CÁLCULO!$BR$15,ROW($X39)-ROW($X$15),-1))),IF($C39=0,0,ROUND(SomaAgrup,15-13*$AF$11)))","v":3946.8},"RA","RA",{"$f":"IF($C39=\"S\",IF($Z39=\"CP\",$X39,IF($Z39=\"RA\",(($X39)*QCI!$AA$3),0)),SomaAgrup)","v":57.66277292583392},{"$f":"IF($C39=\"S\",IF($Z39=\"OU\",ROUND($X39,2),0),SomaAgrup)","v":0},{"$f":"IF($N39=\"\",\" \",\nIF(AND($C39<>\"S\",OR($R39=\"\",$R39=\"(digite a descrição aqui)\")),\"DESCRIÇÃO\",\nIF(AND($C39=\"S\",OR($Q39<>\"\",$T39>0,$U39>0),$P39=\"\"),\"FONTE\",\nIF(AND($C39=\"S\",$P39<>\"\",OR($T39>0,$U39>0),$Q39=\"\"),\"CÓDIGO\",\nIF(AND($C39=\"S\",$P39<>\"\",$Q39<>\"\",$R39=\"(Código não identificado nas referências)\"),\"CÓDIGO N/ID\",\nIF(AND($C39=\"S\",OR($R39=\"\",$R39=\"(digite a descrição aqui)\"),OR($Q39<>\"\",$T39>0,$U39>0)),\"DESCRIÇÃO\",\nIF(AND($C39=\"S\",$P39<>\"\",$Q39<>\"\",$S39=\"\"),\"UNIDADE\",\nIF(AND($C39=\"S\",$P39<>\"\",$Q39<>\"\",$U39=0),\"SEM CUSTO\",\nIF(AND(TIPOORCAMENTO=\"Licitado\",$AL39=0,$AN39>0),\"SEM PREÇO\",\nIF(AND($C39=\"S\",$P39<>\"\",$Q39<>\"\",$U39>0,AND($V39<>\"BDI 1\",$V39<>\"BDI 2\",$V39<>\"BDI 3\")),IF(ISNUMBER($V39),\"JUSTIFICAR BDI\",\"BDI\"),\nIF(OR(AND(import.recurso=\"OGU\",TIPOORCAMENTO=\"Proposto\",LEFT($O$8,5)<>\"(N/D:\",$AG39<>\"\",ORÇAMENTO.CustoUnitario>$AG39),AND(TIPOORCAMENTO=\"LICITADO\",ORÇAMENTO.PrecoUnitarioLicitado>$AN39)),\"ACIMA REF.\",\nIF(AND($C39=\"S\",$P39<>\"\",$Q39<>\"\",$T39=0,$U39>0),\"QUANT.\",\nIF(AND(Import.TipoArredondamento=\"TransfereGOV\",$L39=\"F\",$C39=\"S\",LEN($Q39)>13),\"Código >13\",\nIF(AND(Import.TipoArredondamento=\"TransfereGOV\",$L39=\"F\",$C39<>\"S\",LEN($R39)>100),\"Descrição >100\",\nIF(AND(Import.TipoArredondamento=\"TransfereGOV\",$L39=\"F\",$C39=\"S\",LEN($R39)>500),\"Descrição >500\",\nIF(AND(Import.TipoArredondamento=\"TransfereGOV\",$L39=\"F\",$C39=\"S\",LEFT(TRIM(UPPER($P39)),6)<>\"SINAPI\",ISNA(VLOOKUP(TRIM(UPPER($S39)),ListaTgov.Unidades,1,FALSE))),\"Unid. Não Disp\",\n\" \"))))))))))))))))","v":" "},{"$f":"IF(C39<=CRONO.NivelExibicao,MAX($AD$15:OFFSET(AD39,-1,0))+IF($C39<>1,1,MAX(1,COUNTIF(QCI!$A$13:$A$24,OFFSET($E39,-1,0)))),\"\")","v":""},{"$f":"IF(AND($C39=\"S\",ORÇAMENTO.CodBarra<>\"\"),IF(ORÇAMENTO.Fonte=\"\",ORÇAMENTO.CodBarra,CONCATENATE(ORÇAMENTO.Fonte,\" \",ORÇAMENTO.CodBarra)))","v":"SINAPI 104916"},{"$f":"IF(ISERROR(ORÇAMENTO.BancoRef),\"(abra o arquivo 'Referência \"&Excel_BuiltIn_Database&\".xlsm)\",IF(OR($C39<>\"S\",ORÇAMENTO.CodBarra=\"\"),\"(Sem Código)\",IF(ISERROR(MATCH($AE39,INDIRECT(ORÇAMENTO.BancoRef),0)),\"(Código não identificado nas referências)\",MATCH($AE39,INDIRECT(ORÇAMENTO.BancoRef),0))))","v":9984},{"$f":"ROUND(IF(DESONERACAO=\"sim\",REFERENCIA.Desonerado,REFERENCIA.NaoDesonerado),2)","v":18.57},0.25390000000000001,null,null,null,null,3946.8,{"$f":"ROUND(ORÇAMENTO.CustoUnitario*(1+$AH39),2)","v":20.239999999999998}]
["S",4,"S",0,{"$f":"IF($C40=1,OFFSET(E40,-1,0)+MAX(1,COUNTIF(QCI!$A$13:$A$24,OFFSET(ORÇAMENTO!E40,-1,0))),OFFSET(E40,-1,0))","v":1},3,1,2,7,0,{"$f":"IF(OR($C40=\"S\",$C40=0),0,MATCH(OFFSET($D40,0,$C40)+IF($C40<>1,1,COUNTIF(QCI!$A$13:$A$24,ORÇAMENTO!E40)),OFFSET($D40,1,$C40,ROW($C$237)-ROW($C40)),0))","v":0},"F","Serviço","Serviço","1.3.1.2.7.","Composição","96555_ADP-01",{"$f":"IF($C40=\"S\",REFERENCIA.Descricao,\"(digite a descrição aqui)\")","v":"CONCRETAGEM DE BLOCO DE COROAMENTO OU VIGA BALDRAME, FCK 20 MPA, COM USO DE JERICA - LANÇAMENTO, ADENSAMENTO E ACABAMENTO. AF_01/2024"},{"$f":"REFERENCIA.Unidade","v":"M3"},{"$f":"OFFSET(CÁLCULO!H$15,ROW($T40)-ROW(T$15),0)","v":9.5499999999999989},596.04999999999995,"BDI 1",{"$f":"IF($C40=\"S\",ROUND(IF(TIPOORCAMENTO=\"Proposto\",ORÇAMENTO.CustoUnitario*(1+$AH40),ORÇAMENTO.PrecoUnitarioLicitado),15-13*$AF$10),0)","v":747.39},{"$f":"IF($C40=\"S\",IF(OR(Import.TipoArredondamento<>\"TransfereGOV\",ACOMPANHAMENTO=\"BM\"),VTOTAL1,SUM(OFFSET(CÁLCULO!$AQ$15,ROW($X40)-ROW($X$15),1):OFFSET(CÁLCULO!$BR$15,ROW($X40)-ROW($X$15),-1))),IF($C40=0,0,ROUND(SomaAgrup,15-13*$AF$11)))","v":7137.55},"RA","RA",{"$f":"IF($C40=\"S\",IF($Z40=\"CP\",$X40,IF($Z40=\"RA\",(($X40)*QCI!$AA$3),0)),SomaAgrup)","v":104.27965057686882},{"$f":"IF($C40=\"S\",IF($Z40=\"OU\",ROUND($X40,2),0),SomaAgrup)","v":0},{"$f":"IF($N40=\"\",\" \",\nIF(AND($C40<>\"S\",OR($R40=\"\",$R40=\"(digite a descrição aqui)\")),\"DESCRIÇÃO\",\nIF(AND($C40=\"S\",OR($Q40<>\"\",$T40>0,$U40>0),$P40=\"\"),\"FONTE\",\nIF(AND($C40=\"S\",$P40<>\"\",OR($T40>0,$U40>0),$Q40=\"\"),\"CÓDIGO\",\nIF(AND($C40=\"S\",$P40<>\"\",$Q40<>\"\",$R40=\"(Código não identificado nas referências)\"),\"CÓDIGO N/ID\",\nIF(AND($C40=\"S\",OR($R40=\"\",$R40=\"(digite a descrição aqui)\"),OR($Q40<>\"\",$T40>0,$U40>0)),\"DESCRIÇÃO\",\nIF(AND($C40=\"S\",$P40<>\"\",$Q40<>\"\",$S40=\"\"),\"UNIDADE\",\nIF(AND($C40=\"S\",$P40<>\"\",$Q40<>\"\",$U40=0),\"SEM CUSTO\",\nIF(AND(TIPOORCAMENTO=\"Licitado\",$AL40=0,$AN40>0),\"SEM PREÇO\",\nIF(AND($C40=\"S\",$P40<>\"\",$Q40<>\"\",$U40>0,AND($V40<>\"BDI 1\",$V40<>\"BDI 2\",$V40<>\"BDI 3\")),IF(ISNUMBER($V40),\"JUSTIFICAR BDI\",\"BDI\"),\nIF(OR(AND(import.recurso=\"OGU\",TIPOORCAMENTO=\"Proposto\",LEFT($O$8,5)<>\"(N/D:\",$AG40<>\"\",ORÇAMENTO.CustoUnitario>$AG40),AND(TIPOORCAMENTO=\"LICITADO\",ORÇAMENTO.PrecoUnitarioLicitado>$AN40)),\"ACIMA REF.\",\nIF(AND($C40=\"S\",$P40<>\"\",$Q40<>\"\",$T40=0,$U40>0),\"QUANT.\",\nIF(AND(Import.TipoArredondamento=\"TransfereGOV\",$L40=\"F\",$C40=\"S\",LEN($Q40)>13),\"Código >13\",\nIF(AND(Import.TipoArredondamento=\"TransfereGOV\",$L40=\"F\",$C40<>\"S\",LEN($R40)>100),\"Descrição >100\",\nIF(AND(Import.TipoArredondamento=\"TransfereGOV\",$L40=\"F\",$C40=\"S\",LEN($R40)>500),\"Descrição >500\",\nIF(AND(Import.TipoArredondamento=\"TransfereGOV\",$L40=\"F\",$C40=\"S\",LEFT(TRIM(UPPER($P40)),6)<>\"SINAPI\",ISNA(VLOOKUP(TRIM(UPPER($S40)),ListaTgov.Unidades,1,FALSE))),\"Unid. Não Disp\",\n\" \"))))))))))))))))","v":" "},{"$f":"IF(C40<=CRONO.NivelExibicao,MAX($AD$15:OFFSET(AD40,-1,0))+IF($C40<>1,1,MAX(1,COUNTIF(QCI!$A$13:$A$24,OFFSET($E40,-1,0)))),\"\")","v":""},{"$f":"IF(AND($C40=\"S\",ORÇAMENTO.CodBarra<>\"\"),IF(ORÇAMENTO.Fonte=\"\",ORÇAMENTO.CodBarra,CONCATENATE(ORÇAMENTO.Fonte,\" \",ORÇAMENTO.CodBarra)))","v":"Composição 96555_ADP-01"},{"$f":"IF(ISERROR(ORÇAMENTO.BancoRef),\"(abra o arquivo 'Referência \"&Excel_BuiltIn_Database&\".xlsm)\",IF(OR($C40<>\"S\",ORÇAMENTO.CodBarra=\"\"),\"(Sem Código)\",IF(ISERROR(MATCH($AE40,INDIRECT(ORÇAMENTO.BancoRef),0)),\"(Código não identificado nas referências)\",MATCH($AE40,INDIRECT(ORÇAMENTO.BancoRef),0))))","v":14},{"$f":"ROUND(IF(DESONERACAO=\"sim\",REFERENCIA.Desonerado,REFERENCIA.NaoDesonerado),2)","v":685.46},0.25390000000000001,null,null,null,null,7137.55,{"$f":"ROUND(ORÇAMENTO.CustoUnitario*(1+$AH40),2)","v":747.39}]
["S",4,"S",0,{"$f":"IF($C41=1,OFFSET(E41,-1,0)+MAX(1,COUNTIF(QCI!$A$13:$A$24,OFFSET(ORÇAMENTO!E41,-1,0))),OFFSET(E41,-1,0))","v":1},3,1,2,8,0,{"$f":"IF(OR($C41=\"S\",$C41=0),0,MATCH(OFFSET($D41,0,$C41)+IF($C41<>1,1,COUNTIF(QCI!$A$13:$A$24,ORÇAMENTO!E41)),OFFSET($D41,1,$C41,ROW($C$237)-ROW($C41)),0))","v":0},"F","Serviço","Serviço","1.3.1.2.8.","SINAPI","93382",{"$f":"IF($C41=\"S\",REFERENCIA.Descricao,\"(digite a descrição aqui)\")","v":"REATERRO MANUAL DE VALAS, COM COMPACTADOR DE SOLOS DE PERCUSSÃO. AF_08/2023"},{"$f":"REFERENCIA.Unidade","v":"M3"},{"$f":"OFFSET(CÁLCULO!H$15,ROW($T41)-ROW(T$15),0)","v":16.05},26.76,"BDI 1",{"$f":"IF($C41=\"S\",ROUND(IF(TIPOORCAMENTO=\"Proposto\",ORÇAMENTO.CustoUnitario*(1+$AH41),ORÇAMENTO.PrecoUnitarioLicitado),15-13*$AF$10),0)","v":33.549999999999997},{"$f":"IF($C41=\"S\",IF(OR(Import.TipoArredondamento<>\"TransfereGOV\",ACOMPANHAMENTO=\"BM\"),VTOTAL1,SUM(OFFSET(CÁLCULO!$AQ$15,ROW($X41)-ROW($X$15),1):OFFSET(CÁLCULO!$BR$15,ROW($X41)-ROW($X$15),-1))),IF($C41=0,0,ROUND(SomaAgrup,15-13*$AF$11)))","v":538.5},"RA","RA",{"$f":"IF($C41=\"S\",IF($Z41=\"CP\",$X41,IF($Z41=\"RA\",(($X41)*QCI!$AA$3),0)),SomaAgrup)","v":7.8674884008719879},{"$f":"IF($C41=\"S\",IF($Z41=\"OU\",ROUND($X41,2),0),SomaAgrup)","v":0},{"$f":"IF($N41=\"\",\" \",\nIF(AND($C41<>\"S\",OR($R41=\"\",$R41=\"(digite a descrição aqui)\")),\"DESCRIÇÃO\",\nIF(AND($C41=\"S\",OR($Q41<>\"\",$T41>0,$U41>0),$P41=\"\"),\"FONTE\",\nIF(AND($C41=\"S\",$P41<>\"\",OR($T41>0,$U41>0),$Q41=\"\"),\"CÓDIGO\",\nIF(AND($C41=\"S\",$P41<>\"\",$Q41<>\"\",$R41=\"(Código não identificado nas referências)\"),\"CÓDIGO N/ID\",\nIF(AND($C41=\"S\",OR($R41=\"\",$R41=\"(digite a descrição aqui)\"),OR($Q41<>\"\",$T41>0,$U41>0)),\"DESCRIÇÃO\",\nIF(AND($C41=\"S\",$P41<>\"\",$Q41<>\"\",$S41=\"\"),\"UNIDADE\",\nIF(AND($C41=\"S\",$P41<>\"\",$Q41<>\"\",$U41=0),\"SEM CUSTO\",\nIF(AND(TIPOORCAMENTO=\"Licitado\",$AL41=0,$AN41>0),\"SEM PREÇO\",\nIF(AND($C41=\"S\",$P41<>\"\",$Q41<>\"\",$U41>0,AND($V41<>\"BDI 1\",$V41<>\"BDI 2\",$V41<>\"BDI 3\")),IF(ISNUMBER($V41),\"JUSTIFICAR BDI\",\"BDI\"),\nIF(OR(AND(import.recurso=\"OGU\",TIPOORCAMENTO=\"Proposto\",LEFT($O$8,5)<>\"(N/D:\",$AG41<>\"\",ORÇAMENTO.CustoUnitario>$AG41),AND(TIPOORCAMENTO=\"LICITADO\",ORÇAMENTO.PrecoUnitarioLicitado>$AN41)),\"ACIMA REF.\",\nIF(AND($C41=\"S\",$P41<>\"\",$Q41<>\"\",$T41=0,$U41>0),\"QUANT.\",\nIF(AND(Import.TipoArredondamento=\"TransfereGOV\",$L41=\"F\",$C41=\"S\",LEN($Q41)>13),\"Código >13\",\nIF(AND(Import.TipoArredondamento=\"TransfereGOV\",$L41=\"F\",$C41<>\"S\",LEN($R41)>100),\"Descrição >100\",\nIF(AND(Import.TipoArredondamento=\"TransfereGOV\",$L41=\"F\",$C41=\"S\",LEN($R41)>500),\"Descrição >500\",\nIF(AND(Import.TipoArredondamento=\"TransfereGOV\",$L41=\"F\",$C41=\"S\",LEFT(TRIM(UPPER($P41)),6)<>\"SINAPI\",ISNA(VLOOKUP(TRIM(UPPER($S41)),ListaTgov.Unidades,1,FALSE))),\"Unid. Não Disp\",\n\" \"))))))))))))))))","v":" "},{"$f":"IF(C41<=CRONO.NivelExibicao,MAX($AD$15:OFFSET(AD41,-1,0))+IF($C41<>1,1,MAX(1,COUNTIF(QCI!$A$13:$A$24,OFFSET($E41,-1,0)))),\"\")","v":""},{"$f":"IF(AND($C41=\"S\",ORÇAMENTO.CodBarra<>\"\"),IF(ORÇAMENTO.Fonte=\"\",ORÇAMENTO.CodBarra,CONCATENATE(ORÇAMENTO.Fonte,\" \",ORÇAMENTO.CodBarra)))","v":"SINAPI 93382"},{"$f":"IF(ISERROR(ORÇAMENTO.BancoRef),\"(abra o arquivo 'Referência \"&Excel_BuiltIn_Database&\".xlsm)\",IF(OR($C41<>\"S\",ORÇAMENTO.CodBarra=\"\"),\"(Sem Código)\",IF(ISERROR(MATCH($AE41,INDIRECT(ORÇAMENTO.BancoRef),0)),\"(Código não identificado nas referências)\",MATCH($AE41,INDIRECT(ORÇAMENTO.BancoRef),0))))","v":6733},{"$f":"ROUND(IF(DESONERACAO=\"sim\",REFERENCIA.Desonerado,REFERENCIA.NaoDesonerado),2)","v":30.78},0.25390000000000001,null,null,null,null,538.5,{"$f":"ROUND(ORÇAMENTO.CustoUnitario*(1+$AH41),2)","v":33.549999999999997}]
[4,4,4,4,{"$f":"IF($C42=1,OFFSET(E42,-1,0)+MAX(1,COUNTIF(QCI!$A$13:$A$24,OFFSET(ORÇAMENTO!E42,-1,0))),OFFSET(E42,-1,0))","v":1},3,1,3,0,4,{"$f":"IF(OR($C42=\"S\",$C42=0),0,MATCH(OFFSET($D42,0,$C42)+IF($C42<>1,1,COUNTIF(QCI!$A$13:$A$24,ORÇAMENTO!E42)),OFFSET($D42,1,$C42,ROW($C$237)-ROW($C42)),0))","v":142},"F","Nível 4","Nível 4","1.3.1.3.","","","IMPERMEABILIZAÇÃO",null,{"$f":"OFFSET(CÁLCULO!H$15,ROW($T42)-ROW(T$15),0)","v":0},0,"BDI 1",{"$f":"IF($C42=\"S\",ROUND(IF(TIPOORCAMENTO=\"Proposto\",ORÇAMENTO.CustoUnitario*(1+$AH42),ORÇAMENTO.PrecoUnitarioLicitado),15-13*$AF$10),0)","v":0},{"$f":"IF($C42=\"S\",IF(OR(Import.TipoArredondamento<>\"TransfereGOV\",ACOMPANHAMENTO=\"BM\"),VTOTAL1,SUM(OFFSET(CÁLCULO!$AQ$15,ROW($X42)-ROW($X$15),1):OFFSET(CÁLCULO!$BR$15,ROW($X42)-ROW($X$15),-1))),IF($C42=0,0,ROUND(SomaAgrup,15-13*$AF$11)))","v":19904.900000000001},"RA","",{"$f":"IF($C42=\"S\",IF($Z42=\"CP\",$X42,IF($Z42=\"RA\",(($X42)*QCI!$AA$3),0)),SomaAgrup)","v":290.81071470848065},{"$f":"IF($C42=\"S\",IF($Z42=\"OU\",ROUND($X42,2),0),SomaAgrup)","v":0},{"$f":"IF($N42=\"\",\" \",\nIF(AND($C42<>\"S\",OR($R42=\"\",$R42=\"(digite a descrição aqui)\")),\"DESCRIÇÃO\",\nIF(AND($C42=\"S\",OR($Q42<>\"\",$T42>0,$U42>0),$P42=\"\"),\"FONTE\",\nIF(AND($C42=\"S\",$P42<>\"\",OR($T42>0,$U42>0),$Q42=\"\"),\"CÓDIGO\",\nIF(AND($C42=\"S\",$P42<>\"\",$Q42<>\"\",$R42=\"(Código não identificado nas referências)\"),\"CÓDIGO N/ID\",\nIF(AND($C42=\"S\",OR($R42=\"\",$R42=\"(digite a descrição aqui)\"),OR($Q42<>\"\",$T42>0,$U42>0)),\"DESCRIÇÃO\",\nIF(AND($C42=\"S\",$P42<>\"\",$Q42<>\"\",$S42=\"\"),\"UNIDADE\",\nIF(AND($C42=\"S\",$P42<>\"\",$Q42<>\"\",$U42=0),\"SEM CUSTO\",\nIF(AND(TIPOORCAMENTO=\"Licitado\",$AL42=0,$AN42>0),\"SEM PREÇO\",\nIF(AND($C42=\"S\",$P42<>\"\",$Q42<>\"\",$U42>0,AND($V42<>\"BDI 1\",$V42<>\"BDI 2\",$V42<>\"BDI 3\")),IF(ISNUMBER($V42),\"JUSTIFICAR BDI\",\"BDI\"),\nIF(OR(AND(import.recurso=\"OGU\",TIPOORCAMENTO=\"Proposto\",LEFT($O$8,5)<>\"(N/D:\",$AG42<>\"\",ORÇAMENTO.CustoUnitario>$AG42),AND(TIPOORCAMENTO=\"LICITADO\",ORÇAMENTO.PrecoUnitarioLicitado>$AN42)),\"ACIMA REF.\",\nIF(AND($C42=\"S\",$P42<>\"\",$Q42<>\"\",$T42=0,$U42>0),\"QUANT.\",\nIF(AND(Import.TipoArredondamento=\"TransfereGOV\",$L42=\"F\",$C42=\"S\",LEN($Q42)>13),\"Código >13\",\nIF(AND(Import.TipoArredondamento=\"TransfereGOV\",$L42=\"F\",$C42<>\"S\",LEN($R42)>100),\"Descrição >100\",\nIF(AND(Import.TipoArredondamento=\"TransfereGOV\",$L42=\"F\",$C42=\"S\",LEN($R42)>500),\"Descrição >500\",\nIF(AND(Import.TipoArredondamento=\"TransfereGOV\",$L42=\"F\",$C42=\"S\",LEFT(TRIM(UPPER($P42)),6)<>\"SINAPI\",ISNA(VLOOKUP(TRIM(UPPER($S42)),ListaTgov.Unidades,1,FALSE))),\"Unid. Não Disp\",\n\" \"))))))))))))))))","v":" "},{"$f":"IF(C42<=CRONO.NivelExibicao,MAX($AD$15:OFFSET(AD42,-1,0))+IF($C42<>1,1,MAX(1,COUNTIF(QCI!$A$13:$A$24,OFFSET($E42,-1,0)))),\"\")","v":""},{"$f":"IF(AND($C42=\"S\",ORÇAMENTO.CodBarra<>\"\"),IF(ORÇAMENTO.Fonte=\"\",ORÇAMENTO.CodBarra,CONCATENATE(ORÇAMENTO.Fonte,\" \",ORÇAMENTO.CodBarra)))","v":false},{"$f":"IF(ISERROR(ORÇAMENTO.BancoRef),\"(abra o arquivo 'Referência \"&Excel_BuiltIn_Database&\".xlsm)\",IF(OR($C42<>\"S\",ORÇAMENTO.CodBarra=\"\"),\"(Sem Código)\",IF(ISERROR(MATCH($AE42,INDIRECT(ORÇAMENTO.BancoRef),0)),\"(Código não identificado nas referências)\",MATCH($AE42,INDIRECT(ORÇAMENTO.BancoRef),0))))","v":"(Sem Código)"},{"$f":"ROUND(IF(DESONERACAO=\"sim\",REFERENCIA.Desonerado,REFERENCIA.NaoDesonerado),2)","v":0},0.25390000000000001,null,null,null,null,19904.900000000001,{"$f":"ROUND(ORÇAMENTO.CustoUnitario*(1+$AH42),2)","v":0}]
["S",4,"S",0,{"$f":"IF($C43=1,OFFSET(E43,-1,0)+MAX(1,COUNTIF(QCI!$A$13:$A$24,OFFSET(ORÇAMENTO!E43,-1,0))),OFFSET(E43,-1,0))","v":1},3,1,3,1,0,{"$f":"IF(OR($C43=\"S\",$C43=0),0,MATCH(OFFSET($D43,0,$C43)+IF($C43<>1,1,COUNTIF(QCI!$A$13:$A$24,ORÇAMENTO!E43)),OFFSET($D43,1,$C43,ROW($C$237)-ROW($C43)),0))","v":0},"F","Serviço","Serviço","1.3.1.3.1.","SINAPI","87878",{"$f":"IF($C43=\"S\",REFERENCIA.Descricao,\"(digite a descrição aqui)\")","v":"CHAPISCO APLICADO EM ALVENARIAS E ESTRUTURAS DE CONCRETO INTERNAS, COM COLHER DE PEDREIRO. ARGAMASSA TRAÇO 1:3 COM PREPARO MANUAL. AF_10/2022"},{"$f":"REFERENCIA.Unidade","v":"M2"},{"$f":"OFFSET(CÁLCULO!H$15,ROW($T43)-ROW(T$15),0)","v":169.75},4.8499999999999996,"BDI 1",{"$f":"IF($C43=\"S\",ROUND(IF(TIPOORCAMENTO=\"Proposto\",ORÇAMENTO.CustoUnitario*(1+$AH43),ORÇAMENTO.PrecoUnitarioLicitado),15-13*$AF$10),0)","v":6.08},{"$f":"IF($C43=\"S\",IF(OR(Import.TipoArredondamento<>\"TransfereGOV\",ACOMPANHAMENTO=\"BM\"),VTOTAL1,SUM(OFFSET(CÁLCULO!$AQ$15,ROW($X43)-ROW($X$15),1):OFFSET(CÁLCULO!$BR$15,ROW($X43)-ROW($X$15),-1))),IF($C43=0,0,ROUND(SomaAgrup,15-13*$AF$11)))","v":1032.0999999999999},"RA","RA",{"$f":"IF($C43=\"S\",IF($Z43=\"CP\",$X43,IF($Z43=\"RA\",(($X43)*QCI!$AA$3),0)),SomaAgrup)","v":15.078987518180091},{"$f":"IF($C43=\"S\",IF($Z43=\"OU\",ROUND($X43,2),0),SomaAgrup)","v":0},{"$f":"IF($N43=\"\",\" \",\nIF(AND($C43<>\"S\",OR($R43=\"\",$R43=\"(digite a descrição aqui)\")),\"DESCRIÇÃO\",\nIF(AND($C43=\"S\",OR($Q43<>\"\",$T43>0,$U43>0),$P43=\"\"),\"FONTE\",\nIF(AND($C43=\"S\",$P43<>\"\",OR($T43>0,$U43>0),$Q43=\"\"),\"CÓDIGO\",\nIF(AND($C43=\"S\",$P43<>\"\",$Q43<>\"\",$R43=\"(Código não identificado nas referências)\"),\"CÓDIGO N/ID\",\nIF(AND($C43=\"S\",OR($R43=\"\",$R43=\"(digite a descrição aqui)\"),OR($Q43<>\"\",$T43>0,$U43>0)),\"DESCRIÇÃO\",\nIF(AND($C43=\"S\",$P43<>\"\",$Q43<>\"\",$S43=\"\"),\"UNIDADE\",\nIF(AND($C43=\"S\",$P43<>\"\",$Q43<>\"\",$U43=0),\"SEM CUSTO\",\nIF(AND(TIPOORCAMENTO=\"Licitado\",$AL43=0,$AN43>0),\"SEM PREÇO\",\nIF(AND($C43=\"S\",$P43<>\"\",$Q43<>\"\",$U43>0,AND($V43<>\"BDI 1\",$V43<>\"BDI 2\",$V43<>\"BDI 3\")),IF(ISNUMBER($V43),\"JUSTIFICAR BDI\",\"BDI\"),\nIF(OR(AND(import.recurso=\"OGU\",TIPOORCAMENTO=\"Proposto\",LEFT($O$8,5)<>\"(N/D:\",$AG43<>\"\",ORÇAMENTO.CustoUnitario>$AG43),AND(TIPOORCAMENTO=\"LICITADO\",ORÇAMENTO.PrecoUnitarioLicitado>$AN43)),\"ACIMA REF.\",\nIF(AND($C43=\"S\",$P43<>\"\",$Q43<>\"\",$T43=0,$U43>0),\"QUANT.\",\nIF(AND(Import.TipoArredondamento=\"TransfereGOV\",$L43=\"F\",$C43=\"S\",LEN($Q43)>13),\"Código >13\",\nIF(AND(Import.TipoArredondamento=\"TransfereGOV\",$L43=\"F\",$C43<>\"S\",LEN($R43)>100),\"Descrição >100\",\nIF(AND(Import.TipoArredondamento=\"TransfereGOV\",$L43=\"F\",$C43=\"S\",LEN($R43)>500),\"Descrição >500\",\nIF(AND(Import.TipoArredondamento=\"TransfereGOV\",$L43=\"F\",$C43=\"S\",LEFT(TRIM(UPPER($P43)),6)<>\"SINAPI\",ISNA(VLOOKUP(TRIM(UPPER($S43)),ListaTgov.Unidades,1,FALSE))),\"Unid. Não Disp\",\n\" \"))))))))))))))))","v":" "},{"$f":"IF(C43<=CRONO.NivelExibicao,MAX($AD$15:OFFSET(AD43,-1,0))+IF($C43<>1,1,MAX(1,COUNTIF(QCI!$A$13:$A$24,OFFSET($E43,-1,0)))),\"\")","v":""},{"$f":"IF(AND($C43=\"S\",ORÇAMENTO.CodBarra<>\"\"),IF(ORÇAMENTO.Fonte=\"\",ORÇAMENTO.CodBarra,CONCATENATE(ORÇAMENTO.Fonte,\" \",ORÇAMENTO.CodBarra)))","v":"SINAPI 87878"},{"$f":"IF(ISERROR(ORÇAMENTO.BancoRef),\"(abra o arquivo 'Referência \"&Excel_BuiltIn_Database&\".xlsm)\",IF(OR($C43<>\"S\",ORÇAMENTO.CodBarra=\"\"),\"(Sem Código)\",IF(ISERROR(MATCH($AE43,INDIRECT(ORÇAMENTO.BancoRef),0)),\"(Código não identificado nas referências)\",MATCH($AE43,INDIRECT(ORÇAMENTO.BancoRef),0))))","v":7281},{"$f":"ROUND(IF(DESONERACAO=\"sim\",REFERENCIA.Desonerado,REFERENCIA.NaoDesonerado),2)","v":5.58},0.25390000000000001,null,null,null,null,1032.0999999999999,{"$f":"ROUND(ORÇAMENTO.CustoUnitario*(1+$AH43),2)","v":6.08}]
["S",4,"S",0,{"$f":"IF($C44=1,OFFSET(E44,-1,0)+MAX(1,COUNTIF(QCI!$A$13:$A$24,OFFSET(ORÇAMENTO!E44,-1,0))),OFFSET(E44,-1,0))","v":1},3,1,3,2,0,{"$f":"IF(OR($C44=\"S\",$C44=0),0,MATCH(OFFSET($D44,0,$C44)+IF($C44<>1,1,COUNTIF(QCI!$A$13:$A$24,ORÇAMENTO!E44)),OFFSET($D44,1,$C44,ROW($C$237)-ROW($C44)),0))","v":0},"F","Serviço","Serviço","1.3.1.3.2.","SINAPI","98562",{"$f":"IF($C44=\"S\",REFERENCIA.Descricao,\"(digite a descrição aqui)\")","v":"IMPERMEABILIZAÇÃO DE SUPERFÍCIE COM ARGAMASSA DE CIMENTO E AREIA, COM ADITIVO IMPERMEABILIZANTE, E = 1,5CM. AF_09/2023"},{"$f":"REFERENCIA.Unidade","v":"M2"},{"$f":"OFFSET(CÁLCULO!H$15,ROW($T44)-ROW(T$15),0)","v":169.75},48.92,"BDI 1",{"$f":"IF($C44=\"S\",ROUND(IF(TIPOORCAMENTO=\"Proposto\",ORÇAMENTO.CustoUnitario*(1+$AH44),ORÇAMENTO.PrecoUnitarioLicitado),15-13*$AF$10),0)","v":61.34},{"$f":"IF($C44=\"S\",IF(OR(Import.TipoArredondamento<>\"TransfereGOV\",ACOMPANHAMENTO=\"BM\"),VTOTAL1,SUM(OFFSET(CÁLCULO!$AQ$15,ROW($X44)-ROW($X$15),1):OFFSET(CÁLCULO!$BR$15,ROW($X44)-ROW($X$15),-1))),IF($C44=0,0,ROUND(SomaAgrup,15-13*$AF$11)))","v":10412.449999999999},"RA","RA",{"$f":"IF($C44=\"S\",IF($Z44=\"CP\",$X44,IF($Z44=\"RA\",(($X44)*QCI!$AA$3),0)),SomaAgrup)","v":152.12596025934917},{"$f":"IF($C44=\"S\",IF($Z44=\"OU\",ROUND($X44,2),0),SomaAgrup)","v":0},{"$f":"IF($N44=\"\",\" \",\nIF(AND($C44<>\"S\",OR($R44=\"\",$R44=\"(digite a descrição aqui)\")),\"DESCRIÇÃO\",\nIF(AND($C44=\"S\",OR($Q44<>\"\",$T44>0,$U44>0),$P44=\"\"),\"FONTE\",\nIF(AND($C44=\"S\",$P44<>\"\",OR($T44>0,$U44>0),$Q44=\"\"),\"CÓDIGO\",\nIF(AND($C44=\"S\",$P44<>\"\",$Q44<>\"\",$R44=\"(Código não identificado nas referências)\"),\"CÓDIGO N/ID\",\nIF(AND($C44=\"S\",OR($R44=\"\",$R44=\"(digite a descrição aqui)\"),OR($Q44<>\"\",$T44>0,$U44>0)),\"DESCRIÇÃO\",\nIF(AND($C44=\"S\",$P44<>\"\",$Q44<>\"\",$S44=\"\"),\"UNIDADE\",\nIF(AND($C44=\"S\",$P44<>\"\",$Q44<>\"\",$U44=0),\"SEM CUSTO\",\nIF(AND(TIPOORCAMENTO=\"Licitado\",$AL44=0,$AN44>0),\"SEM PREÇO\",\nIF(AND($C44=\"S\",$P44<>\"\",$Q44<>\"\",$U44>0,AND($V44<>\"BDI 1\",$V44<>\"BDI 2\",$V44<>\"BDI 3\")),IF(ISNUMBER($V44),\"JUSTIFICAR BDI\",\"BDI\"),\nIF(OR(AND(import.recurso=\"OGU\",TIPOORCAMENTO=\"Proposto\",LEFT($O$8,5)<>\"(N/D:\",$AG44<>\"\",ORÇAMENTO.CustoUnitario>$AG44),AND(TIPOORCAMENTO=\"LICITADO\",ORÇAMENTO.PrecoUnitarioLicitado>$AN44)),\"ACIMA REF.\",\nIF(AND($C44=\"S\",$P44<>\"\",$Q44<>\"\",$T44=0,$U44>0),\"QUANT.\",\nIF(AND(Import.TipoArredondamento=\"TransfereGOV\",$L44=\"F\",$C44=\"S\",LEN($Q44)>13),\"Código >13\",\nIF(AND(Import.TipoArredondamento=\"TransfereGOV\",$L44=\"F\",$C44<>\"S\",LEN($R44)>100),\"Descrição >100\",\nIF(AND(Import.TipoArredondamento=\"TransfereGOV\",$L44=\"F\",$C44=\"S\",LEN($R44)>500),\"Descrição >500\",\nIF(AND(Import.TipoArredondamento=\"TransfereGOV\",$L44=\"F\",$C44=\"S\",LEFT(TRIM(UPPER($P44)),6)<>\"SINAPI\",ISNA(VLOOKUP(TRIM(UPPER($S44)),ListaTgov.Unidades,1,FALSE))),\"Unid. Não Disp\",\n\" \"))))))))))))))))","v":" "},{"$f":"IF(C44<=CRONO.NivelExibicao,MAX($AD$15:OFFSET(AD44,-1,0))+IF($C44<>1,1,MAX(1,COUNTIF(QCI!$A$13:$A$24,OFFSET($E44,-1,0)))),\"\")","v":""},{"$f":"IF(AND($C44=\"S\",ORÇAMENTO.CodBarra<>\"\"),IF(ORÇAMENTO.Fonte=\"\",ORÇAMENTO.CodBarra,CONCATENATE(ORÇAMENTO.Fonte,\" \",ORÇAMENTO.CodBarra)))","v":"SINAPI 98562"},{"$f":"IF(ISERROR(ORÇAMENTO.BancoRef),\"(abra o arquivo 'Referência \"&Excel_BuiltIn_Database&\".xlsm)\",IF(OR($C44<>\"S\",ORÇAMENTO.CodBarra=\"\"),\"(Sem Código)\",IF(ISERROR(MATCH($AE44,INDIRECT(ORÇAMENTO.BancoRef),0)),\"(Código não identificado nas referências)\",MATCH($AE44,INDIRECT(ORÇAMENTO.BancoRef),0))))","v":10327},{"$f":"ROUND(IF(DESONERACAO=\"sim\",REFERENCIA.Desonerado,REFERENCIA.NaoDesonerado),2)","v":56.26},0.25390000000000001,null,null,null,null,10412.449999999999,{"$f":"ROUND(ORÇAMENTO.CustoUnitario*(1+$AH44),2)","v":61.34}]
["S",4,"S",0,{"$f":"IF($C45=1,OFFSET(E45,-1,0)+MAX(1,COUNTIF(QCI!$A$13:$A$24,OFFSET(ORÇAMENTO!E45,-1,0))),OFFSET(E45,-1,0))","v":1},3,1,3,3,0,{"$f":"IF(OR($C45=\"S\",$C45=0),0,MATCH(OFFSET($D45,0,$C45)+IF($C45<>1,1,COUNTIF(QCI!$A$13:$A$24,ORÇAMENTO!E45)),OFFSET($D45,1,$C45,ROW($C$237)-ROW($C45)),0))","v":0},"F","Serviço","Serviço","1.3.1.3.3.","SINAPI","98557",{"$f":"IF($C45=\"S\",REFERENCIA.Descricao,\"(digite a descrição aqui)\")","v":"IMPERMEABILIZAÇÃO DE SUPERFÍCIE COM EMULSÃO ASFÁLTICA, 2 DEMÃOS. AF_09/2023"},{"$f":"REFERENCIA.Unidade","v":"M2"},{"$f":"OFFSET(CÁLCULO!H$15,ROW($T45)-ROW(T$15),0)","v":169.75},39.75,"BDI 1",{"$f":"IF($C45=\"S\",ROUND(IF(TIPOORCAMENTO=\"Proposto\",ORÇAMENTO.CustoUnitario*(1+$AH45),ORÇAMENTO.PrecoUnitarioLicitado),15-13*$AF$10),0)","v":49.84},{"$f":"IF($C45=\"S\",IF(OR(Import.TipoArredondamento<>\"TransfereGOV\",ACOMPANHAMENTO=\"BM\"),VTOTAL1,SUM(OFFSET(CÁLCULO!$AQ$15,ROW($X45)-ROW($X$15),1):OFFSET(CÁLCULO!$BR$15,ROW($X45)-ROW($X$15),-1))),IF($C45=0,0,ROUND(SomaAgrup,15-13*$AF$11)))","v":8460.35},"RA","RA",{"$f":"IF($C45=\"S\",IF($Z45=\"CP\",$X45,IF($Z45=\"RA\",(($X45)*QCI!$AA$3),0)),SomaAgrup)","v":123.6057669309514},{"$f":"IF($C45=\"S\",IF($Z45=\"OU\",ROUND($X45,2),0),SomaAgrup)","v":0},{"$f":"IF($N45=\"\",\" \",\nIF(AND($C45<>\"S\",OR($R45=\"\",$R45=\"(digite a descrição aqui)\")),\"DESCRIÇÃO\",\nIF(AND($C45=\"S\",OR($Q45<>\"\",$T45>0,$U45>0),$P45=\"\"),\"FONTE\",\nIF(AND($C45=\"S\",$P45<>\"\",OR($T45>0,$U45>0),$Q45=\"\"),\"CÓDIGO\",\nIF(AND($C45=\"S\",$P45<>\"\",$Q45<>\"\",$R45=\"(Código não identificado nas referências)\"),\"CÓDIGO N/ID\",\nIF(AND($C45=\"S\",OR($R45=\"\",$R45=\"(digite a descrição aqui)\"),OR($Q45<>\"\",$T45>0,$U45>0)),\"DESCRIÇÃO\",\nIF(AND($C45=\"S\",$P45<>\"\",$Q45<>\"\",$S45=\"\"),\"UNIDADE\",\nIF(AND($C45=\"S\",$P45<>\"\",$Q45<>\"\",$U45=0),\"SEM CUSTO\",\nIF(AND(TIPOORCAMENTO=\"Licitado\",$AL45=0,$AN45>0),\"SEM PREÇO\",\nIF(AND($C45=\"S\",$P45<>\"\",$Q45<>\"\",$U45>0,AND($V45<>\"BDI 1\",$V45<>\"BDI 2\",$V45<>\"BDI 3\")),IF(ISNUMBER($V45),\"JUSTIFICAR BDI\",\"BDI\"),\nIF(OR(AND(import.recurso=\"OGU\",TIPOORCAMENTO=\"Proposto\",LEFT($O$8,5)<>\"(N/D:\",$AG45<>\"\",ORÇAMENTO.CustoUnitario>$AG45),AND(TIPOORCAMENTO=\"LICITADO\",ORÇAMENTO.PrecoUnitarioLicitado>$AN45)),\"ACIMA REF.\",\nIF(AND($C45=\"S\",$P45<>\"\",$Q45<>\"\",$T45=0,$U45>0),\"QUANT.\",\nIF(AND(Import.TipoArredondamento=\"TransfereGOV\",$L45=\"F\",$C45=\"S\",LEN($Q45)>13),\"Código >13\",\nIF(AND(Import.TipoArredondamento=\"TransfereGOV\",$L45=\"F\",$C45<>\"S\",LEN($R45)>100),\"Descrição >100\",\nIF(AND(Import.TipoArredondamento=\"TransfereGOV\",$L45=\"F\",$C45=\"S\",LEN($R45)>500),\"Descrição >500\",\nIF(AND(Import.TipoArredondamento=\"TransfereGOV\",$L45=\"F\",$C45=\"S\",LEFT(TRIM(UPPER($P45)),6)<>\"SINAPI\",ISNA(VLOOKUP(TRIM(UPPER($S45)),ListaTgov.Unidades,1,FALSE))),\"Unid. Não Disp\",\n\" \"))))))))))))))))","v":" "},{"$f":"IF(C45<=CRONO.NivelExibicao,MAX($AD$15:OFFSET(AD45,-1,0))+IF($C45<>1,1,MAX(1,COUNTIF(QCI!$A$13:$A$24,OFFSET($E45,-1,0)))),\"\")","v":""},{"$f":"IF(AND($C45=\"S\",ORÇAMENTO.CodBarra<>\"\"),IF(ORÇAMENTO.Fonte=\"\",ORÇAMENTO.CodBarra,CONCATENATE(ORÇAMENTO.Fonte,\" \",ORÇAMENTO.CodBarra)))","v":"SINAPI 98557"},{"$f":"IF(ISERROR(ORÇAMENTO.BancoRef),\"(abra o arquivo 'Referência \"&Excel_BuiltIn_Database&\".xlsm)\",IF(OR($C45<>\"S\",ORÇAMENTO.CodBarra=\"\"),\"(Sem Código)\",IF(ISERROR(MATCH($AE45,INDIRECT(ORÇAMENTO.BancoRef),0)),\"(Código não identificado nas referências)\",MATCH($AE45,INDIRECT(ORÇAMENTO.BancoRef),0))))","v":10330},{"$f":"ROUND(IF(DESONERACAO=\"sim\",REFERENCIA.Desonerado,REFERENCIA.NaoDesonerado),2)","v":45.72},0.25390000000000001,null,null,null,null,8460.35,{"$f":"ROUND(ORÇAMENTO.CustoUnitario*(1+$AH45),2)","v":49.84}]
[2,2,2,12,{"$f":"IF($C46=1,OFFSET(E46,-1,0)+MAX(1,COUNTIF(QCI!$A$13:$A$24,OFFSET(ORÇAMENTO!E46,-1,0))),OFFSET(E46,-1,0))","v":1},4,0,0,0,191,{"$f":"IF(OR($C46=\"S\",$C46=0),0,MATCH(OFFSET($D46,0,$C46)+IF($C46<>1,1,COUNTIF(QCI!$A$13:$A$24,ORÇAMENTO!E46)),OFFSET($D46,1,$C46,ROW($C$237)-ROW($C46)),0))","v":12},"F","Nível 2","Nível 2","1.4.","","","SUPRAESTRUTURA",null,{"$f":"OFFSET(CÁLCULO!H$15,ROW($T46)-ROW(T$15),0)","v":0},0,"BDI 1",{"$f":"IF($C46=\"S\",ROUND(IF(TIPOORCAMENTO=\"Proposto\",ORÇAMENTO.CustoUnitario*(1+$AH46),ORÇAMENTO.PrecoUnitarioLicitado),15-13*$AF$10),0)","v":0},{"$f":"IF($C46=\"S\",IF(OR(Import.TipoArredondamento<>\"TransfereGOV\",ACOMPANHAMENTO=\"BM\"),VTOTAL1,SUM(OFFSET(CÁLCULO!$AQ$15,ROW($X46)-ROW($X$15),1):OFFSET(CÁLCULO!$BR$15,ROW($X46)-ROW($X$15),-1))),IF($C46=0,0,ROUND(SomaAgrup,15-13*$AF$11)))","v":53538.9},"RA","",{"$f":"IF($C46=\"S\",IF($Z46=\"CP\",$X46,IF($Z46=\"RA\",(($X46)*QCI!$AA$3),0)),SomaAgrup)","v":782.20366712246118},{"$f":"IF($C46=\"S\",IF($Z46=\"OU\",ROUND($X46,2),0),SomaAgrup)","v":0},{"$f":"IF($N46=\"\",\" \",\nIF(AND($C46<>\"S\",OR($R46=\"\",$R46=\"(digite a descrição aqui)\")),\"DESCRIÇÃO\",\nIF(AND($C46=\"S\",OR($Q46<>\"\",$T46>0,$U46>0),$P46=\"\"),\"FONTE\",\nIF(AND($C46=\"S\",$P46<>\"\",OR($T46>0,$U46>0),$Q46=\"\"),\"CÓDIGO\",\nIF(AND($C46=\"S\",$P46<>\"\",$Q46<>\"\",$R46=\"(Código não identificado nas referências)\"),\"CÓDIGO N/ID\",\nIF(AND($C46=\"S\",OR($R46=\"\",$R46=\"(digite a descrição aqui)\"),OR($Q46<>\"\",$T46>0,$U46>0)),\"DESCRIÇÃO\",\nIF(AND($C46=\"S\",$P46<>\"\",$Q46<>\"\",$S46=\"\"),\"UNIDADE\",\nIF(AND($C46=\"S\",$P46<>\"\",$Q46<>\"\",$U46=0),\"SEM CUSTO\",\nIF(AND(TIPOORCAMENTO=\"Licitado\",$AL46=0,$AN46>0),\"SEM PREÇO\",\nIF(AND($C46=\"S\",$P46<>\"\",$Q46<>\"\",$U46>0,AND($V46<>\"BDI 1\",$V46<>\"BDI 2\",$V46<>\"BDI 3\")),IF(ISNUMBER($V46),\"JUSTIFICAR BDI\",\"BDI\"),\nIF(OR(AND(import.recurso=\"OGU\",TIPOORCAMENTO=\"Proposto\",LEFT($O$8,5)<>\"(N/D:\",$AG46<>\"\",ORÇAMENTO.CustoUnitario>$AG46),AND(TIPOORCAMENTO=\"LICITADO\",ORÇAMENTO.PrecoUnitarioLicitado>$AN46)),\"ACIMA REF.\",\nIF(AND($C46=\"S\",$P46<>\"\",$Q46<>\"\",$T46=0,$U46>0),\"QUANT.\",\nIF(AND(Import.TipoArredondamento=\"TransfereGOV\",$L46=\"F\",$C46=\"S\",LEN($Q46)>13),\"Código >13\",\nIF(AND(Import.TipoArredondamento=\"TransfereGOV\",$L46=\"F\",$C46<>\"S\",LEN($R46)>100),\"Descrição >100\",\nIF(AND(Import.TipoArredondamento=\"TransfereGOV\",$L46=\"F\",$C46=\"S\",LEN($R46)>500),\"Descrição >500\",\nIF(AND(Import.TipoArredondamento=\"TransfereGOV\",$L46=\"F\",$C46=\"S\",LEFT(TRIM(UPPER($P46)),6)<>\"SINAPI\",ISNA(VLOOKUP(TRIM(UPPER($S46)),ListaTgov.Unidades,1,FALSE))),\"Unid. Não Disp\",\n\" \"))))))))))))))))","v":" "},{"$f":"IF(C46<=CRONO.NivelExibicao,MAX($AD$15:OFFSET(AD46,-1,0))+IF($C46<>1,1,MAX(1,COUNTIF(QCI!$A$13:$A$24,OFFSET($E46,-1,0)))),\"\")","v":5},{"$f":"IF(AND($C46=\"S\",ORÇAMENTO.CodBarra<>\"\"),IF(ORÇAMENTO.Fonte=\"\",ORÇAMENTO.CodBarra,CONCATENATE(ORÇAMENTO.Fonte,\" \",ORÇAMENTO.CodBarra)))","v":false},{"$f":"IF(ISERROR(ORÇAMENTO.BancoRef),\"(abra o arquivo 'Referência \"&Excel_BuiltIn_Database&\".xlsm)\",IF(OR($C46<>\"S\",ORÇAMENTO.CodBarra=\"\"),\"(Sem Código)\",IF(ISERROR(MATCH($AE46,INDIRECT(ORÇAMENTO.BancoRef),0)),\"(Código não identificado nas referências)\",MATCH($AE46,INDIRECT(ORÇAMENTO.BancoRef),0))))","v":"(Sem Código)"},{"$f":"ROUND(IF(DESONERACAO=\"sim\",REFERENCIA.Desonerado,REFERENCIA.NaoDesonerado),2)","v":0},0.25390000000000001,null,null,null,null,53538.9,{"$f":"ROUND(ORÇAMENTO.CustoUnitario*(1+$AH46),2)","v":0}]
[3,3,3,11,{"$f":"IF($C47=1,OFFSET(E47,-1,0)+MAX(1,COUNTIF(QCI!$A$13:$A$24,OFFSET(ORÇAMENTO!E47,-1,0))),OFFSET(E47,-1,0))","v":1},4,1,0,0,11,{"$f":"IF(OR($C47=\"S\",$C47=0),0,MATCH(OFFSET($D47,0,$C47)+IF($C47<>1,1,COUNTIF(QCI!$A$13:$A$24,ORÇAMENTO!E47)),OFFSET($D47,1,$C47,ROW($C$237)-ROW($C47)),0))","v":16},"F","Nível 3","Nível 3","1.4.1.","","","PILARES, VIGAS E LAJES",null,{"$f":"OFFSET(CÁLCULO!H$15,ROW($T47)-ROW(T$15),0)","v":0},0,"BDI 1",{"$f":"IF($C47=\"S\",ROUND(IF(TIPOORCAMENTO=\"Proposto\",ORÇAMENTO.CustoUnitario*(1+$AH47),ORÇAMENTO.PrecoUnitarioLicitado),15-13*$AF$10),0)","v":0},{"$f":"IF($C47=\"S\",IF(OR(Import.TipoArredondamento<>\"TransfereGOV\",ACOMPANHAMENTO=\"BM\"),VTOTAL1,SUM(OFFSET(CÁLCULO!$AQ$15,ROW($X47)-ROW($X$15),1):OFFSET(CÁLCULO!$BR$15,ROW($X47)-ROW($X$15),-1))),IF($C47=0,0,ROUND(SomaAgrup,15-13*$AF$11)))","v":53538.9},"RA","",{"$f":"IF($C47=\"S\",IF($Z47=\"CP\",$X47,IF($Z47=\"RA\",(($X47)*QCI!$AA$3),0)),SomaAgrup)","v":782.20366712246118},{"$f":"IF($C47=\"S\",IF($Z47=\"OU\",ROUND($X47,2),0),SomaAgrup)","v":0},{"$f":"IF($N47=\"\",\" \",\nIF(AND($C47<>\"S\",OR($R47=\"\",$R47=\"(digite a descrição aqui)\")),\"DESCRIÇÃO\",\nIF(AND($C47=\"S\",OR($Q47<>\"\",$T47>0,$U47>0),$P47=\"\"),\"FONTE\",\nIF(AND($C47=\"S\",$P47<>\"\",OR($T47>0,$U47>0),$Q47=\"\"),\"CÓDIGO\",\nIF(AND($C47=\"S\",$P47<>\"\",$Q47<>\"\",$R47=\"(Código não identificado nas referências)\"),\"CÓDIGO N/ID\",\nIF(AND($C47=\"S\",OR($R47=\"\",$R47=\"(digite a descrição aqui)\"),OR($Q47<>\"\",$T47>0,$U47>0)),\"DESCRIÇÃO\",\nIF(AND($C47=\"S\",$P47<>\"\",$Q47<>\"\",$S47=\"\"),\"UNIDADE\",\nIF(AND($C47=\"S\",$P47<>\"\",$Q47<>\"\",$U47=0),\"SEM CUSTO\",\nIF(AND(TIPOORCAMENTO=\"Licitado\",$AL47=0,$AN47>0),\"SEM PREÇO\",\nIF(AND($C47=\"S\",$P47<>\"\",$Q47<>\"\",$U47>0,AND($V47<>\"BDI 1\",$V47<>\"BDI 2\",$V47<>\"BDI 3\")),IF(ISNUMBER($V47),\"JUSTIFICAR BDI\",\"BDI\"),\nIF(OR(AND(import.recurso=\"OGU\",TIPOORCAMENTO=\"Proposto\",LEFT($O$8,5)<>\"(N/D:\",$AG47<>\"\",ORÇAMENTO.CustoUnitario>$AG47),AND(TIPOORCAMENTO=\"LICITADO\",ORÇAMENTO.PrecoUnitarioLicitado>$AN47)),\"ACIMA REF.\",\nIF(AND($C47=\"S\",$P47<>\"\",$Q47<>\"\",$T47=0,$U47>0),\"QUANT.\",\nIF(AND(Import.TipoArredondamento=\"TransfereGOV\",$L47=\"F\",$C47=\"S\",LEN($Q47)>13),\"Código >13\",\nIF(AND(Import.TipoArredondamento=\"TransfereGOV\",$L47=\"F\",$C47<>\"S\",LEN($R47)>100),\"Descrição >100\",\nIF(AND(Import.TipoArredondamento=\"TransfereGOV\",$L47=\"F\",$C47=\"S\",LEN($R47)>500),\"Descrição >500\",\nIF(AND(Import.TipoArredondamento=\"TransfereGOV\",$L47=\"F\",$C47=\"S\",LEFT(TRIM(UPPER($P47)),6)<>\"SINAPI\",ISNA(VLOOKUP(TRIM(UPPER($S47)),ListaTgov.Unidades,1,FALSE))),\"Unid. Não Disp\",\n\" \"))))))))))))))))","v":" "},{"$f":"IF(C47<=CRONO.NivelExibicao,MAX($AD$15:OFFSET(AD47,-1,0))+IF($C47<>1,1,MAX(1,COUNTIF(QCI!$A$13:$A$24,OFFSET($E47,-1,0)))),\"\")","v":""},{"$f":"IF(AND($C47=\"S\",ORÇAMENTO.CodBarra<>\"\"),IF(ORÇAMENTO.Fonte=\"\",ORÇAMENTO.CodBarra,CONCATENATE(ORÇAMENTO.Fonte,\" \",ORÇAMENTO.CodBarra)))","v":false},{"$f":"IF(ISERROR(ORÇAMENTO.BancoRef),\"(abra o arquivo 'Referência \"&Excel_BuiltIn_Database&\".xlsm)\",IF(OR($C47<>\"S\",ORÇAMENTO.CodBarra=\"\"),\"(Sem Código)\",IF(ISERROR(MATCH($AE47,INDIRECT(ORÇAMENTO.BancoRef),0)),\"(Código não identificado nas referências)\",MATCH($AE47,INDIRECT(ORÇAMENTO.BancoRef),0))))","v":"(Sem Código)"},{"$f":"ROUND(IF(DESONERACAO=\"sim\",REFERENCIA.Desonerado,REFERENCIA.NaoDesonerado),2)","v":0},0.25390000000000001,null,null,null,null,53538.9,{"$f":"ROUND(ORÇAMENTO.CustoUnitario*(1+$AH47),2)","v":0}]
["S",3,"S",0,{"$f":"IF($C48=1,OFFSET(E48,-1,0)+MAX(1,COUNTIF(QCI!$A$13:$A$24,OFFSET(ORÇAMENTO!E48,-1,0))),OFFSET(E48,-1,0))","v":1},4,1,0,1,0,{"$f":"IF(OR($C48=\"S\",$C48=0),0,MATCH(OFFSET($D48,0,$C48)+IF($C48<>1,1,COUNTIF(QCI!$A$13:$A$24,ORÇAMENTO!E48)),OFFSET($D48,1,$C48,ROW($C$237)-ROW($C48)),0))","v":0},"F","Serviço","Serviço","1.4.1.0.1.","SINAPI","92427",{"$f":"IF($C48=\"S\",REFERENCIA.Descricao,\"(digite a descrição aqui)\")","v":"MONTAGEM E DESMONTAGEM DE FÔRMA DE PILARES RETANGULARES E ESTRUTURAS SIMILARES, PÉ-DIREITO SIMPLES, EM CHAPA DE MADEIRA COMPENSADA RESINADA, 8 UTILIZAÇÕES. AF_09/2020"},{"$f":"REFERENCIA.Unidade","v":"M2"},{"$f":"OFFSET(CÁLCULO!H$15,ROW($T48)-ROW(T$15),0)","v":71.95},60.14,"BDI 1",{"$f":"IF($C48=\"S\",ROUND(IF(TIPOORCAMENTO=\"Proposto\",ORÇAMENTO.CustoUnitario*(1+$AH48),ORÇAMENTO.PrecoUnitarioLicitado),15-13*$AF$10),0)","v":75.41},{"$f":"IF($C48=\"S\",IF(OR(Import.TipoArredondamento<>\"TransfereGOV\",ACOMPANHAMENTO=\"BM\"),VTOTAL1,SUM(OFFSET(CÁLCULO!$AQ$15,ROW($X48)-ROW($X$15),1):OFFSET(CÁLCULO!$BR$15,ROW($X48)-ROW($X$15),-1))),IF($C48=0,0,ROUND(SomaAgrup,15-13*$AF$11)))","v":5425.75},"RA","RA",{"$f":"IF($C48=\"S\",IF($Z48=\"CP\",$X48,IF($Z48=\"RA\",(($X48)*QCI!$AA$3),0)),SomaAgrup)","v":79.270241766074633},{"$f":"IF($C48=\"S\",IF($Z48=\"OU\",ROUND($X48,2),0),SomaAgrup)","v":0},{"$f":"IF($N48=\"\",\" \",\nIF(AND($C48<>\"S\",OR($R48=\"\",$R48=\"(digite a descrição aqui)\")),\"DESCRIÇÃO\",\nIF(AND($C48=\"S\",OR($Q48<>\"\",$T48>0,$U48>0),$P48=\"\"),\"FONTE\",\nIF(AND($C48=\"S\",$P48<>\"\",OR($T48>0,$U48>0),$Q48=\"\"),\"CÓDIGO\",\nIF(AND($C48=\"S\",$P48<>\"\",$Q48<>\"\",$R48=\"(Código não identificado nas referências)\"),\"CÓDIGO N/ID\",\nIF(AND($C48=\"S\",OR($R48=\"\",$R48=\"(digite a descrição aqui)\"),OR($Q48<>\"\",$T48>0,$U48>0)),\"DESCRIÇÃO\",\nIF(AND($C48=\"S\",$P48<>\"\",$Q48<>\"\",$S48=\"\"),\"UNIDADE\",\nIF(AND($C48=\"S\",$P48<>\"\",$Q48<>\"\",$U48=0),\"SEM CUSTO\",\nIF(AND(TIPOORCAMENTO=\"Licitado\",$AL48=0,$AN48>0),\"SEM PREÇO\",\nIF(AND($C48=\"S\",$P48<>\"\",$Q48<>\"\",$U48>0,AND($V48<>\"BDI 1\",$V48<>\"BDI 2\",$V48<>\"BDI 3\")),IF(ISNUMBER($V48),\"JUSTIFICAR BDI\",\"BDI\"),\nIF(OR(AND(import.recurso=\"OGU\",TIPOORCAMENTO=\"Proposto\",LEFT($O$8,5)<>\"(N/D:\",$AG48<>\"\",ORÇAMENTO.CustoUnitario>$AG48),AND(TIPOORCAMENTO=\"LICITADO\",ORÇAMENTO.PrecoUnitarioLicitado>$AN48)),\"ACIMA REF.\",\nIF(AND($C48=\"S\",$P48<>\"\",$Q48<>\"\",$T48=0,$U48>0),\"QUANT.\",\nIF(AND(Import.TipoArredondamento=\"TransfereGOV\",$L48=\"F\",$C48=\"S\",LEN($Q48)>13),\"Código >13\",\nIF(AND(Import.TipoArredondamento=\"TransfereGOV\",$L48=\"F\",$C48<>\"S\",LEN($R48)>100),\"Descrição >100\",\nIF(AND(Import.TipoArredondamento=\"TransfereGOV\",$L48=\"F\",$C48=\"S\",LEN($R48)>500),\"Descrição >500\",\nIF(AND(Import.TipoArredondamento=\"TransfereGOV\",$L48=\"F\",$C48=\"S\",LEFT(TRIM(UPPER($P48)),6)<>\"SINAPI\",ISNA(VLOOKUP(TRIM(UPPER($S48)),ListaTgov.Unidades,1,FALSE))),\"Unid. Não Disp\",\n\" \"))))))))))))))))","v":" "},{"$f":"IF(C48<=CRONO.NivelExibicao,MAX($AD$15:OFFSET(AD48,-1,0))+IF($C48<>1,1,MAX(1,COUNTIF(QCI!$A$13:$A$24,OFFSET($E48,-1,0)))),\"\")","v":""},{"$f":"IF(AND($C48=\"S\",ORÇAMENTO.CodBarra<>\"\"),IF(ORÇAMENTO.Fonte=\"\",ORÇAMENTO.CodBarra,CONCATENATE(ORÇAMENTO.Fonte,\" \",ORÇAMENTO.CodBarra)))","v":"SINAPI 92427"},{"$f":"IF(ISERROR(ORÇAMENTO.BancoRef),\"(abra o arquivo 'Referência \"&Excel_BuiltIn_Database&\".xlsm)\",IF(OR($C48<>\"S\",ORÇAMENTO.CodBarra=\"\"),\"(Sem Código)\",IF(ISERROR(MATCH($AE48,INDIRECT(ORÇAMENTO.BancoRef),0)),\"(Código não identificado nas referências)\",MATCH($AE48,INDIRECT(ORÇAMENTO.BancoRef),0))))","v":10085},{"$f":"ROUND(IF(DESONERACAO=\"sim\",REFERENCIA.Desonerado,REFERENCIA.NaoDesonerado),2)","v":69.17},0.25390000000000001,null,null,null,null,5425.75,{"$f":"ROUND(ORÇAMENTO.CustoUnitario*(1+$AH48),2)","v":75.41}]
["S",3,"S",0,{"$f":"IF($C49=1,OFFSET(E49,-1,0)+MAX(1,COUNTIF(QCI!$A$13:$A$24,OFFSET(ORÇAMENTO!E49,-1,0))),OFFSET(E49,-1,0))","v":1},4,1,0,2,0,{"$f":"IF(OR($C49=\"S\",$C49=0),0,MATCH(OFFSET($D49,0,$C49)+IF($C49<>1,1,COUNTIF(QCI!$A$13:$A$24,ORÇAMENTO!E49)),OFFSET($D49,1,$C49,ROW($C$237)-ROW($C49)),0))","v":0},"F","Serviço","Serviço","1.4.1.0.2.","Composição","92463_ADP-01",{"$f":"IF($C49=\"S\",REFERENCIA.Descricao,\"(digite a descrição aqui)\")","v":"MONTAGEM E DESMONTAGEM DE FÔRMA DE VIGA, SEM ESCORAMENTO, PÉ-DIREITO SIMPLES, EM CHAPA DE MADEIRA RESINADA, 8 UTILIZAÇÕES. "},{"$f":"REFERENCIA.Unidade","v":"M2"},{"$f":"OFFSET(CÁLCULO!H$15,ROW($T49)-ROW(T$15),0)","v":102.69999999999999},61.11,"BDI 1",{"$f":"IF($C49=\"S\",ROUND(IF(TIPOORCAMENTO=\"Proposto\",ORÇAMENTO.CustoUnitario*(1+$AH49),ORÇAMENTO.PrecoUnitarioLicitado),15-13*$AF$10),0)","v":76.63},{"$f":"IF($C49=\"S\",IF(OR(Import.TipoArredondamento<>\"TransfereGOV\",ACOMPANHAMENTO=\"BM\"),VTOTAL1,SUM(OFFSET(CÁLCULO!$AQ$15,ROW($X49)-ROW($X$15),1):OFFSET(CÁLCULO!$BR$15,ROW($X49)-ROW($X$15),-1))),IF($C49=0,0,ROUND(SomaAgrup,15-13*$AF$11)))","v":7869.9},"RA","RA",{"$f":"IF($C49=\"S\",IF($Z49=\"CP\",$X49,IF($Z49=\"RA\",(($X49)*QCI!$AA$3),0)),SomaAgrup)","v":114.97928870199156},{"$f":"IF($C49=\"S\",IF($Z49=\"OU\",ROUND($X49,2),0),SomaAgrup)","v":0},{"$f":"IF($N49=\"\",\" \",\nIF(AND($C49<>\"S\",OR($R49=\"\",$R49=\"(digite a descrição aqui)\")),\"DESCRIÇÃO\",\nIF(AND($C49=\"S\",OR($Q49<>\"\",$T49>0,$U49>0),$P49=\"\"),\"FONTE\",\nIF(AND($C49=\"S\",$P49<>\"\",OR($T49>0,$U49>0),$Q49=\"\"),\"CÓDIGO\",\nIF(AND($C49=\"S\",$P49<>\"\",$Q49<>\"\",$R49=\"(Código não identificado nas referências)\"),\"CÓDIGO N/ID\",\nIF(AND($C49=\"S\",OR($R49=\"\",$R49=\"(digite a descrição aqui)\"),OR($Q49<>\"\",$T49>0,$U49>0)),\"DESCRIÇÃO\",\nIF(AND($C49=\"S\",$P49<>\"\",$Q49<>\"\",$S49=\"\"),\"UNIDADE\",\nIF(AND($C49=\"S\",$P49<>\"\",$Q49<>\"\",$U49=0),\"SEM CUSTO\",\nIF(AND(TIPOORCAMENTO=\"Licitado\",$AL49=0,$AN49>0),\"SEM PREÇO\",\nIF(AND($C49=\"S\",$P49<>\"\",$Q49<>\"\",$U49>0,AND($V49<>\"BDI 1\",$V49<>\"BDI 2\",$V49<>\"BDI 3\")),IF(ISNUMBER($V49),\"JUSTIFICAR BDI\",\"BDI\"),\nIF(OR(AND(import.recurso=\"OGU\",TIPOORCAMENTO=\"Proposto\",LEFT($O$8,5)<>\"(N/D:\",$AG49<>\"\",ORÇAMENTO.CustoUnitario>$AG49),AND(TIPOORCAMENTO=\"LICITADO\",ORÇAMENTO.PrecoUnitarioLicitado>$AN49)),\"ACIMA REF.\",\nIF(AND($C49=\"S\",$P49<>\"\",$Q49<>\"\",$T49=0,$U49>0),\"QUANT.\",\nIF(AND(Import.TipoArredondamento=\"TransfereGOV\",$L49=\"F\",$C49=\"S\",LEN($Q49)>13),\"Código >13\",\nIF(AND(Import.TipoArredondamento=\"TransfereGOV\",$L49=\"F\",$C49<>\"S\",LEN($R49)>100),\"Descrição >100\",\nIF(AND(Import.TipoArredondamento=\"TransfereGOV\",$L49=\"F\",$C49=\"S\",LEN($R49)>500),\"Descrição >500\",\nIF(AND(Import.TipoArredondamento=\"TransfereGOV\",$L49=\"F\",$C49=\"S\",LEFT(TRIM(UPPER($P49)),6)<>\"SINAPI\",ISNA(VLOOKUP(TRIM(UPPER($S49)),ListaTgov.Unidades,1,FALSE))),\"Unid. Não Disp\",\n\" \"))))))))))))))))","v":" "},{"$f":"IF(C49<=CRONO.NivelExibicao,MAX($AD$15:OFFSET(AD49,-1,0))+IF($C49<>1,1,MAX(1,COUNTIF(QCI!$A$13:$A$24,OFFSET($E49,-1,0)))),\"\")","v":""},{"$f":"IF(AND($C49=\"S\",ORÇAMENTO.CodBarra<>\"\"),IF(ORÇAMENTO.Fonte=\"\",ORÇAMENTO.CodBarra,CONCATENATE(ORÇAMENTO.Fonte,\" \",ORÇAMENTO.CodBarra)))","v":"Composição 92463_ADP-01"},{"$f":"IF(ISERROR(ORÇAMENTO.BancoRef),\"(abra o arquivo 'Referência \"&Excel_BuiltIn_Database&\".xlsm)\",IF(OR($C49<>\"S\",ORÇAMENTO.CodBarra=\"\"),\"(Sem Código)\",IF(ISERROR(MATCH($AE49,INDIRECT(ORÇAMENTO.BancoRef),0)),\"(Código não identificado nas referências)\",MATCH($AE49,INDIRECT(ORÇAMENTO.BancoRef),0))))","v":17},{"$f":"ROUND(IF(DESONERACAO=\"sim\",REFERENCIA.Desonerado,REFERENCIA.NaoDesonerado),2)","v":70.28},0.25390000000000001,null,null,null,null,7869.9,{"$f":"ROUND(ORÇAMENTO.CustoUnitario*(1+$AH49),2)","v":76.63}]
["S",3,"S",0,{"$f":"IF($C50=1,OFFSET(E50,-1,0)+MAX(1,COUNTIF(QCI!$A$13:$A$24,OFFSET(ORÇAMENTO!E50,-1,0))),OFFSET(E50,-1,0))","v":1},4,1,0,3,0,{"$f":"IF(OR($C50=\"S\",$C50=0),0,MATCH(OFFSET($D50,0,$C50)+IF($C50<>1,1,COUNTIF(QCI!$A$13:$A$24,ORÇAMENTO!E50)),OFFSET($D50,1,$C50,ROW($C$237)-ROW($C50)),0))","v":0},"F","Serviço","Serviço","1.4.1.0.3.","SINAPI","92463",{"$f":"IF($C50=\"S\",REFERENCIA.Descricao,\"(digite a descrição aqui)\")","v":"MONTAGEM E DESMONTAGEM DE FÔRMA DE VIGA, ESCORAMENTO COM GARFO DE MADEIRA, PÉ-DIREITO SIMPLES, EM CHAPA DE MADEIRA RESINADA, 8 UTILIZAÇÕES. AF_09/2020"},{"$f":"REFERENCIA.Unidade","v":"M2"},{"$f":"OFFSET(CÁLCULO!H$15,ROW($T50)-ROW(T$15),0)","v":20.65},105.4,"BDI 1",{"$f":"IF($C50=\"S\",ROUND(IF(TIPOORCAMENTO=\"Proposto\",ORÇAMENTO.CustoUnitario*(1+$AH50),ORÇAMENTO.PrecoUnitarioLicitado),15-13*$AF$10),0)","v":132.16},{"$f":"IF($C50=\"S\",IF(OR(Import.TipoArredondamento<>\"TransfereGOV\",ACOMPANHAMENTO=\"BM\"),VTOTAL1,SUM(OFFSET(CÁLCULO!$AQ$15,ROW($X50)-ROW($X$15),1):OFFSET(CÁLCULO!$BR$15,ROW($X50)-ROW($X$15),-1))),IF($C50=0,0,ROUND(SomaAgrup,15-13*$AF$11)))","v":2729.1000000000004},"RA","RA",{"$f":"IF($C50=\"S\",IF($Z50=\"CP\",$X50,IF($Z50=\"RA\",(($X50)*QCI!$AA$3),0)),SomaAgrup)","v":39.872168235505562},{"$f":"IF($C50=\"S\",IF($Z50=\"OU\",ROUND($X50,2),0),SomaAgrup)","v":0},{"$f":"IF($N50=\"\",\" \",\nIF(AND($C50<>\"S\",OR($R50=\"\",$R50=\"(digite a descrição aqui)\")),\"DESCRIÇÃO\",\nIF(AND($C50=\"S\",OR($Q50<>\"\",$T50>0,$U50>0),$P50=\"\"),\"FONTE\",\nIF(AND($C50=\"S\",$P50<>\"\",OR($T50>0,$U50>0),$Q50=\"\"),\"CÓDIGO\",\nIF(AND($C50=\"S\",$P50<>\"\",$Q50<>\"\",$R50=\"(Código não identificado nas referências)\"),\"CÓDIGO N/ID\",\nIF(AND($C50=\"S\",OR($R50=\"\",$R50=\"(digite a descrição aqui)\"),OR($Q50<>\"\",$T50>0,$U50>0)),\"DESCRIÇÃO\",\nIF(AND($C50=\"S\",$P50<>\"\",$Q50<>\"\",$S50=\"\"),\"UNIDADE\",\nIF(AND($C50=\"S\",$P50<>\"\",$Q50<>\"\",$U50=0),\"SEM CUSTO\",\nIF(AND(TIPOORCAMENTO=\"Licitado\",$AL50=0,$AN50>0),\"SEM PREÇO\",\nIF(AND($C50=\"S\",$P50<>\"\",$Q50<>\"\",$U50>0,AND($V50<>\"BDI 1\",$V50<>\"BDI 2\",$V50<>\"BDI 3\")),IF(ISNUMBER($V50),\"JUSTIFICAR BDI\",\"BDI\"),\nIF(OR(AND(import.recurso=\"OGU\",TIPOORCAMENTO=\"Proposto\",LEFT($O$8,5)<>\"(N/D:\",$AG50<>\"\",ORÇAMENTO.CustoUnitario>$AG50),AND(TIPOORCAMENTO=\"LICITADO\",ORÇAMENTO.PrecoUnitarioLicitado>$AN50)),\"ACIMA REF.\",\nIF(AND($C50=\"S\",$P50<>\"\",$Q50<>\"\",$T50=0,$U50>0),\"QUANT.\",\nIF(AND(Import.TipoArredondamento=\"TransfereGOV\",$L50=\"F\",$C50=\"S\",LEN($Q50)>13),\"Código >13\",\nIF(AND(Import.TipoArredondamento=\"TransfereGOV\",$L50=\"F\",$C50<>\"S\",LEN($R50)>100),\"Descrição >100\",\nIF(AND(Import.TipoArredondamento=\"TransfereGOV\",$L50=\"F\",$C50=\"S\",LEN($R50)>500),\"Descrição >500\",\nIF(AND(Import.TipoArredondamento=\"TransfereGOV\",$L50=\"F\",$C50=\"S\",LEFT(TRIM(UPPER($P50)),6)<>\"SINAPI\",ISNA(VLOOKUP(TRIM(UPPER($S50)),ListaTgov.Unidades,1,FALSE))),\"Unid. Não Disp\",\n\" \"))))))))))))))))","v":" "},{"$f":"IF(C50<=CRONO.NivelExibicao,MAX($AD$15:OFFSET(AD50,-1,0))+IF($C50<>1,1,MAX(1,COUNTIF(QCI!$A$13:$A$24,OFFSET($E50,-1,0)))),\"\")","v":""},{"$f":"IF(AND($C50=\"S\",ORÇAMENTO.CodBarra<>\"\"),IF(ORÇAMENTO.Fonte=\"\",ORÇAMENTO.CodBarra,CONCATENATE(ORÇAMENTO.Fonte,\" \",ORÇAMENTO.CodBarra)))","v":"SINAPI 92463"},{"$f":"IF(ISERROR(ORÇAMENTO.BancoRef),\"(abra o arquivo 'Referência \"&Excel_BuiltIn_Database&\".xlsm)\",IF(OR($C50<>\"S\",ORÇAMENTO.CodBarra=\"\"),\"(Sem Código)\",IF(ISERROR(MATCH($AE50,INDIRECT(ORÇAMENTO.BancoRef),0)),\"(Código não identificado nas referências)\",MATCH($AE50,INDIRECT(ORÇAMENTO.BancoRef),0))))","v":10104},{"$f":"ROUND(IF(DESONERACAO=\"sim\",REFERENCIA.Desonerado,REFERENCIA.NaoDesonerado),2)","v":121.21},0.25390000000000001,null,null,null,null,2729.1000000000004,{"$f":"ROUND(ORÇAMENTO.CustoUnitario*(1+$AH50),2)","v":132.16}]
["S",3,"S",0,{"$f":"IF($C51=1,OFFSET(E51,-1,0)+MAX(1,COUNTIF(QCI!$A$13:$A$24,OFFSET(ORÇAMENTO!E51,-1,0))),OFFSET(E51,-1,0))","v":1},4,1,0,4,0,{"$f":"IF(OR($C51=\"S\",$C51=0),0,MATCH(OFFSET($D51,0,$C51)+IF($C51<>1,1,COUNTIF(QCI!$A$13:$A$24,ORÇAMENTO!E51)),OFFSET($D51,1,$C51,ROW($C$237)-ROW($C51)),0))","v":0},"F","Serviço","Serviço","1.4.1.0.4.","SINAPI","92759",{"$f":"IF($C51=\"S\",REFERENCIA.Descricao,\"(digite a descrição aqui)\")","v":"ARMAÇÃO DE PILAR OU VIGA DE ESTRUTURA CONVENCIONAL DE CONCRETO ARMADO UTILIZANDO AÇO CA-60 DE 5,0 MM - MONTAGEM. AF_06/2022"},{"$f":"REFERENCIA.Unidade","v":"KG"},{"$f":"OFFSET(CÁLCULO!H$15,ROW($T51)-ROW(T$15),0)","v":352},13.34,"BDI 1",{"$f":"IF($C51=\"S\",ROUND(IF(TIPOORCAMENTO=\"Proposto\",ORÇAMENTO.CustoUnitario*(1+$AH51),ORÇAMENTO.PrecoUnitarioLicitado),15-13*$AF$10),0)","v":16.73},{"$f":"IF($C51=\"S\",IF(OR(Import.TipoArredondamento<>\"TransfereGOV\",ACOMPANHAMENTO=\"BM\"),VTOTAL1,SUM(OFFSET(CÁLCULO!$AQ$15,ROW($X51)-ROW($X$15),1):OFFSET(CÁLCULO!$BR$15,ROW($X51)-ROW($X$15),-1))),IF($C51=0,0,ROUND(SomaAgrup,15-13*$AF$11)))","v":5888.95},"RA","RA",{"$f":"IF($C51=\"S\",IF($Z51=\"CP\",$X51,IF($Z51=\"RA\",(($X51)*QCI!$AA$3),0)),SomaAgrup)","v":86.037596691392935},{"$f":"IF($C51=\"S\",IF($Z51=\"OU\",ROUND($X51,2),0),SomaAgrup)","v":0},{"$f":"IF($N51=\"\",\" \",\nIF(AND($C51<>\"S\",OR($R51=\"\",$R51=\"(digite a descrição aqui)\")),\"DESCRIÇÃO\",\nIF(AND($C51=\"S\",OR($Q51<>\"\",$T51>0,$U51>0),$P51=\"\"),\"FONTE\",\nIF(AND($C51=\"S\",$P51<>\"\",OR($T51>0,$U51>0),$Q51=\"\"),\"CÓDIGO\",\nIF(AND($C51=\"S\",$P51<>\"\",$Q51<>\"\",$R51=\"(Código não identificado nas referências)\"),\"CÓDIGO N/ID\",\nIF(AND($C51=\"S\",OR($R51=\"\",$R51=\"(digite a descrição aqui)\"),OR($Q51<>\"\",$T51>0,$U51>0)),\"DESCRIÇÃO\",\nIF(AND($C51=\"S\",$P51<>\"\",$Q51<>\"\",$S51=\"\"),\"UNIDADE\",\nIF(AND($C51=\"S\",$P51<>\"\",$Q51<>\"\",$U51=0),\"SEM CUSTO\",\nIF(AND(TIPOORCAMENTO=\"Licitado\",$AL51=0,$AN51>0),\"SEM PREÇO\",\nIF(AND($C51=\"S\",$P51<>\"\",$Q51<>\"\",$U51>0,AND($V51<>\"BDI 1\",$V51<>\"BDI 2\",$V51<>\"BDI 3\")),IF(ISNUMBER($V51),\"JUSTIFICAR BDI\",\"BDI\"),\nIF(OR(AND(import.recurso=\"OGU\",TIPOORCAMENTO=\"Proposto\",LEFT($O$8,5)<>\"(N/D:\",$AG51<>\"\",ORÇAMENTO.CustoUnitario>$AG51),AND(TIPOORCAMENTO=\"LICITADO\",ORÇAMENTO.PrecoUnitarioLicitado>$AN51)),\"ACIMA REF.\",\nIF(AND($C51=\"S\",$P51<>\"\",$Q51<>\"\",$T51=0,$U51>0),\"QUANT.\",\nIF(AND(Import.TipoArredondamento=\"TransfereGOV\",$L51=\"F\",$C51=\"S\",LEN($Q51)>13),\"Código >13\",\nIF(AND(Import.TipoArredondamento=\"TransfereGOV\",$L51=\"F\",$C51<>\"S\",LEN($R51)>100),\"Descrição >100\",\nIF(AND(Import.TipoArredondamento=\"TransfereGOV\",$L51=\"F\",$C51=\"S\",LEN($R51)>500),\"Descrição >500\",\nIF(AND(Import.TipoArredondamento=\"TransfereGOV\",$L51=\"F\",$C51=\"S\",LEFT(TRIM(UPPER($P51)),6)<>\"SINAPI\",ISNA(VLOOKUP(TRIM(UPPER($S51)),ListaTgov.Unidades,1,FALSE))),\"Unid. Não Disp\",\n\" \"))))))))))))))))","v":" "},{"$f":"IF(C51<=CRONO.NivelExibicao,MAX($AD$15:OFFSET(AD51,-1,0))+IF($C51<>1,1,MAX(1,COUNTIF(QCI!$A$13:$A$24,OFFSET($E51,-1,0)))),\"\")","v":""},{"$f":"IF(AND($C51=\"S\",ORÇAMENTO.CodBarra<>\"\"),IF(ORÇAMENTO.Fonte=\"\",ORÇAMENTO.CodBarra,CONCATENATE(ORÇAMENTO.Fonte,\" \",ORÇAMENTO.CodBarra)))","v":"SINAPI 92759"},{"$f":"IF(ISERROR(ORÇAMENTO.BancoRef),\"(abra o arquivo 'Referência \"&Excel_BuiltIn_Database&\".xlsm)\",IF(OR($C51<>\"S\",ORÇAMENTO.CodBarra=\"\"),\"(Sem Código)\",IF(ISERROR(MATCH($AE51,INDIRECT(ORÇAMENTO.BancoRef),0)),\"(Código não identificado nas referências)\",MATCH($AE51,INDIRECT(ORÇAMENTO.BancoRef),0))))","v":6303},{"$f":"ROUND(IF(DESONERACAO=\"sim\",REFERENCIA.Desonerado,REFERENCIA.NaoDesonerado),2)","v":15.35},0.25390000000000001,null,null,null,null,5888.95,{"$f":"ROUND(ORÇAMENTO.CustoUnitario*(1+$AH51),2)","v":16.73}]
["S",3,"S",0,{"$f":"IF($C52=1,OFFSET(E52,-1,0)+MAX(1,COUNTIF(QCI!$A$13:$A$24,OFFSET(ORÇAMENTO!E52,-1,0))),OFFSET(E52,-1,0))","v":1},4,1,0,5,0,{"$f":"IF(OR($C52=\"S\",$C52=0),0,MATCH(OFFSET($D52,0,$C52)+IF($C52<>1,1,COUNTIF(QCI!$A$13:$A$24,ORÇAMENTO!E52)),OFFSET($D52,1,$C52,ROW($C$237)-ROW($C52)),0))","v":0},"F","Serviço","Serviço","1.4.1.0.5.","SINAPI","92760",{"$f":"IF($C52=\"S\",REFERENCIA.Descricao,\"(digite a descrição aqui)\")","v":"ARMAÇÃO DE PILAR OU VIGA DE ESTRUTURA CONVENCIONAL DE CONCRETO ARMADO UTILIZANDO AÇO CA-50 DE 6,3 MM - MONTAGEM. AF_06/2022"},{"$f":"REFERENCIA.Unidade","v":"KG"},{"$f":"OFFSET(CÁLCULO!H$15,ROW($T52)-ROW(T$15),0)","v":75},12.27,"BDI 1",{"$f":"IF($C52=\"S\",ROUND(IF(TIPOORCAMENTO=\"Proposto\",ORÇAMENTO.CustoUnitario*(1+$AH52),ORÇAMENTO.PrecoUnitarioLicitado),15-13*$AF$10),0)","v":15.39},{"$f":"IF($C52=\"S\",IF(OR(Import.TipoArredondamento<>\"TransfereGOV\",ACOMPANHAMENTO=\"BM\"),VTOTAL1,SUM(OFFSET(CÁLCULO!$AQ$15,ROW($X52)-ROW($X$15),1):OFFSET(CÁLCULO!$BR$15,ROW($X52)-ROW($X$15),-1))),IF($C52=0,0,ROUND(SomaAgrup,15-13*$AF$11)))","v":1154.25},"RA","RA",{"$f":"IF($C52=\"S\",IF($Z52=\"CP\",$X52,IF($Z52=\"RA\",(($X52)*QCI!$AA$3),0)),SomaAgrup)","v":16.863599789612799},{"$f":"IF($C52=\"S\",IF($Z52=\"OU\",ROUND($X52,2),0),SomaAgrup)","v":0},{"$f":"IF($N52=\"\",\" \",\nIF(AND($C52<>\"S\",OR($R52=\"\",$R52=\"(digite a descrição aqui)\")),\"DESCRIÇÃO\",\nIF(AND($C52=\"S\",OR($Q52<>\"\",$T52>0,$U52>0),$P52=\"\"),\"FONTE\",\nIF(AND($C52=\"S\",$P52<>\"\",OR($T52>0,$U52>0),$Q52=\"\"),\"CÓDIGO\",\nIF(AND($C52=\"S\",$P52<>\"\",$Q52<>\"\",$R52=\"(Código não identificado nas referências)\"),\"CÓDIGO N/ID\",\nIF(AND($C52=\"S\",OR($R52=\"\",$R52=\"(digite a descrição aqui)\"),OR($Q52<>\"\",$T52>0,$U52>0)),\"DESCRIÇÃO\",\nIF(AND($C52=\"S\",$P52<>\"\",$Q52<>\"\",$S52=\"\"),\"UNIDADE\",\nIF(AND($C52=\"S\",$P52<>\"\",$Q52<>\"\",$U52=0),\"SEM CUSTO\",\nIF(AND(TIPOORCAMENTO=\"Licitado\",$AL52=0,$AN52>0),\"SEM PREÇO\",\nIF(AND($C52=\"S\",$P52<>\"\",$Q52<>\"\",$U52>0,AND($V52<>\"BDI 1\",$V52<>\"BDI 2\",$V52<>\"BDI 3\")),IF(ISNUMBER($V52),\"JUSTIFICAR BDI\",\"BDI\"),\nIF(OR(AND(import.recurso=\"OGU\",TIPOORCAMENTO=\"Proposto\",LEFT($O$8,5)<>\"(N/D:\",$AG52<>\"\",ORÇAMENTO.CustoUnitario>$AG52),AND(TIPOORCAMENTO=\"LICITADO\",ORÇAMENTO.PrecoUnitarioLicitado>$AN52)),\"ACIMA REF.\",\nIF(AND($C52=\"S\",$P52<>\"\",$Q52<>\"\",$T52=0,$U52>0),\"QUANT.\",\nIF(AND(Import.TipoArredondamento=\"TransfereGOV\",$L52=\"F\",$C52=\"S\",LEN($Q52)>13),\"Código >13\",\nIF(AND(Import.TipoArredondamento=\"TransfereGOV\",$L52=\"F\",$C52<>\"S\",LEN($R52)>100),\"Descrição >100\",\nIF(AND(Import.TipoArredondamento=\"TransfereGOV\",$L52=\"F\",$C52=\"S\",LEN($R52)>500),\"Descrição >500\",\nIF(AND(Import.TipoArredondamento=\"TransfereGOV\",$L52=\"F\",$C52=\"S\",LEFT(TRIM(UPPER($P52)),6)<>\"SINAPI\",ISNA(VLOOKUP(TRIM(UPPER($S52)),ListaTgov.Unidades,1,FALSE))),\"Unid. Não Disp\",\n\" \"))))))))))))))))","v":" "},{"$f":"IF(C52<=CRONO.NivelExibicao,MAX($AD$15:OFFSET(AD52,-1,0))+IF($C52<>1,1,MAX(1,COUNTIF(QCI!$A$13:$A$24,OFFSET($E52,-1,0)))),\"\")","v":""},{"$f":"IF(AND($C52=\"S\",ORÇAMENTO.CodBarra<>\"\"),IF(ORÇAMENTO.Fonte=\"\",ORÇAMENTO.CodBarra,CONCATENATE(ORÇAMENTO.Fonte,\" \",ORÇAMENTO.CodBarra)))","v":"SINAPI 92760"},{"$f":"IF(ISERROR(ORÇAMENTO.BancoRef),\"(abra o arquivo 'Referência \"&Excel_BuiltIn_Database&\".xlsm)\",IF(OR($C52<>\"S\",ORÇAMENTO.CodBarra=\"\"),\"(Sem Código)\",IF(ISERROR(MATCH($AE52,INDIRECT(ORÇAMENTO.BancoRef),0)),\"(Código não identificado nas referências)\",MATCH($AE52,INDIRECT(ORÇAMENTO.BancoRef),0))))","v":6301},{"$f":"ROUND(IF(DESONERACAO=\"sim\",REFERENCIA.Desonerado,REFERENCIA.NaoDesonerado),2)","v":14.12},0.25390000000000001,null,null,null,null,1154.25,{"$f":"ROUND(ORÇAMENTO.CustoUnitario*(1+$AH52),2)","v":15.39}]
["S",3,"S",0,{"$f":"IF($C53=1,OFFSET(E53,-1,0)+MAX(1,COUNTIF(QCI!$A$13:$A$24,OFFSET(ORÇAMENTO!E53,-1,0))),OFFSET(E53,-1,0))","v":1},4,1,0,6,0,{"$f":"IF(OR($C53=\"S\",$C53=0),0,MATCH(OFFSET($D53,0,$C53)+IF($C53<>1,1,COUNTIF(QCI!$A$13:$A$24,ORÇAMENTO!E53)),OFFSET($D53,1,$C53,ROW($C$237)-ROW($C53)),0))","v":0},"F","Serviço","Serviço","1.4.1.0.6.","SINAPI","92761",{"$f":"IF($C53=\"S\",REFERENCIA.Descricao,\"(digite a descrição aqui)\")","v":"ARMAÇÃO DE PILAR OU VIGA DE ESTRUTURA CONVENCIONAL DE CONCRETO ARMADO UTILIZANDO AÇO CA-50 DE 8,0 MM - MONTAGEM. AF_06/2022"},{"$f":"REFERENCIA.Unidade","v":"KG"},{"$f":"OFFSET(CÁLCULO!H$15,ROW($T53)-ROW(T$15),0)","v":326.5},11.31,"BDI 1",{"$f":"IF($C53=\"S\",ROUND(IF(TIPOORCAMENTO=\"Proposto\",ORÇAMENTO.CustoUnitario*(1+$AH53),ORÇAMENTO.PrecoUnitarioLicitado),15-13*$AF$10),0)","v":14.18},{"$f":"IF($C53=\"S\",IF(OR(Import.TipoArredondamento<>\"TransfereGOV\",ACOMPANHAMENTO=\"BM\"),VTOTAL1,SUM(OFFSET(CÁLCULO!$AQ$15,ROW($X53)-ROW($X$15),1):OFFSET(CÁLCULO!$BR$15,ROW($X53)-ROW($X$15),-1))),IF($C53=0,0,ROUND(SomaAgrup,15-13*$AF$11)))","v":4629.75},"RA","RA",{"$f":"IF($C53=\"S\",IF($Z53=\"CP\",$X53,IF($Z53=\"RA\",(($X53)*QCI!$AA$3),0)),SomaAgrup)","v":67.640676738973241},{"$f":"IF($C53=\"S\",IF($Z53=\"OU\",ROUND($X53,2),0),SomaAgrup)","v":0},{"$f":"IF($N53=\"\",\" \",\nIF(AND($C53<>\"S\",OR($R53=\"\",$R53=\"(digite a descrição aqui)\")),\"DESCRIÇÃO\",\nIF(AND($C53=\"S\",OR($Q53<>\"\",$T53>0,$U53>0),$P53=\"\"),\"FONTE\",\nIF(AND($C53=\"S\",$P53<>\"\",OR($T53>0,$U53>0),$Q53=\"\"),\"CÓDIGO\",\nIF(AND($C53=\"S\",$P53<>\"\",$Q53<>\"\",$R53=\"(Código não identificado nas referências)\"),\"CÓDIGO N/ID\",\nIF(AND($C53=\"S\",OR($R53=\"\",$R53=\"(digite a descrição aqui)\"),OR($Q53<>\"\",$T53>0,$U53>0)),\"DESCRIÇÃO\",\nIF(AND($C53=\"S\",$P53<>\"\",$Q53<>\"\",$S53=\"\"),\"UNIDADE\",\nIF(AND($C53=\"S\",$P53<>\"\",$Q53<>\"\",$U53=0),\"SEM CUSTO\",\nIF(AND(TIPOORCAMENTO=\"Licitado\",$AL53=0,$AN53>0),\"SEM PREÇO\",\nIF(AND($C53=\"S\",$P53<>\"\",$Q53<>\"\",$U53>0,AND($V53<>\"BDI 1\",$V53<>\"BDI 2\",$V53<>\"BDI 3\")),IF(ISNUMBER($V53),\"JUSTIFICAR BDI\",\"BDI\"),\nIF(OR(AND(import.recurso=\"OGU\",TIPOORCAMENTO=\"Proposto\",LEFT($O$8,5)<>\"(N/D:\",$AG53<>\"\",ORÇAMENTO.CustoUnitario>$AG53),AND(TIPOORCAMENTO=\"LICITADO\",ORÇAMENTO.PrecoUnitarioLicitado>$AN53)),\"ACIMA REF.\",\nIF(AND($C53=\"S\",$P53<>\"\",$Q53<>\"\",$T53=0,$U53>0),\"QUANT.\",\nIF(AND(Import.TipoArredondamento=\"TransfereGOV\",$L53=\"F\",$C53=\"S\",LEN($Q53)>13),\"Código >13\",\nIF(AND(Import.TipoArredondamento=\"TransfereGOV\",$L53=\"F\",$C53<>\"S\",LEN($R53)>100),\"Descrição >100\",\nIF(AND(Import.TipoArredondamento=\"TransfereGOV\",$L53=\"F\",$C53=\"S\",LEN($R53)>500),\"Descrição >500\",\nIF(AND(Import.TipoArredondamento=\"TransfereGOV\",$L53=\"F\",$C53=\"S\",LEFT(TRIM(UPPER($P53)),6)<>\"SINAPI\",ISNA(VLOOKUP(TRIM(UPPER($S53)),ListaTgov.Unidades,1,FALSE))),\"Unid. Não Disp\",\n\" \"))))))))))))))))","v":" "},{"$f":"IF(C53<=CRONO.NivelExibicao,MAX($AD$15:OFFSET(AD53,-1,0))+IF($C53<>1,1,MAX(1,COUNTIF(QCI!$A$13:$A$24,OFFSET($E53,-1,0)))),\"\")","v":""},{"$f":"IF(AND($C53=\"S\",ORÇAMENTO.CodBarra<>\"\"),IF(ORÇAMENTO.Fonte=\"\",ORÇAMENTO.CodBarra,CONCATENATE(ORÇAMENTO.Fonte,\" \",ORÇAMENTO.CodBarra)))","v":"SINAPI 92761"},{"$f":"IF(ISERROR(ORÇAMENTO.BancoRef),\"(abra o arquivo 'Referência \"&Excel_BuiltIn_Database&\".xlsm)\",IF(OR($C53<>\"S\",ORÇAMENTO.CodBarra=\"\"),\"(Sem Código)\",IF(ISERROR(MATCH($AE53,INDIRECT(ORÇAMENTO.BancoRef),0)),\"(Código não identificado nas referências)\",MATCH($AE53,INDIRECT(ORÇAMENTO.BancoRef),0))))","v":6302},{"$f":"ROUND(IF(DESONERACAO=\"sim\",REFERENCIA.Desonerado,REFERENCIA.NaoDesonerado),2)","v":13.01},0.25390000000000001,null,null,null,null,4629.75,{"$f":"ROUND(ORÇAMENTO.CustoUnitario*(1+$AH53),2)","v":14.18}]
["S",3,"S",0,{"$f":"IF($C54=1,OFFSET(E54,-1,0)+MAX(1,COUNTIF(QCI!$A$13:$A$24,OFFSET(ORÇAMENTO!E54,-1,0))),OFFSET(E54,-1,0))","v":1},4,1,0,7,0,{"$f":"IF(OR($C54=\"S\",$C54=0),0,MATCH(OFFSET($D54,0,$C54)+IF($C54<>1,1,COUNTIF(QCI!$A$13:$A$24,ORÇAMENTO!E54)),OFFSET($D54,1,$C54,ROW($C$237)-ROW($C54)),0))","v":0},"F","Serviço","Serviço","1.4.1.0.7.","SINAPI","92762",{"$f":"IF($C54=\"S\",REFERENCIA.Descricao,\"(digite a descrição aqui)\")","v":"ARMAÇÃO DE PILAR OU VIGA DE ESTRUTURA CONVENCIONAL DE CONCRETO ARMADO UTILIZANDO AÇO CA-50 DE 10,0 MM - MONTAGEM. AF_06/2022"},{"$f":"REFERENCIA.Unidade","v":"KG"},{"$f":"OFFSET(CÁLCULO!H$15,ROW($T54)-ROW(T$15),0)","v":428},9.98,"BDI 1",{"$f":"IF($C54=\"S\",ROUND(IF(TIPOORCAMENTO=\"Proposto\",ORÇAMENTO.CustoUnitario*(1+$AH54),ORÇAMENTO.PrecoUnitarioLicitado),15-13*$AF$10),0)","v":12.51},{"$f":"IF($C54=\"S\",IF(OR(Import.TipoArredondamento<>\"TransfereGOV\",ACOMPANHAMENTO=\"BM\"),VTOTAL1,SUM(OFFSET(CÁLCULO!$AQ$15,ROW($X54)-ROW($X$15),1):OFFSET(CÁLCULO!$BR$15,ROW($X54)-ROW($X$15),-1))),IF($C54=0,0,ROUND(SomaAgrup,15-13*$AF$11)))","v":5354.2999999999993},"RA","RA",{"$f":"IF($C54=\"S\",IF($Z54=\"CP\",$X54,IF($Z54=\"RA\",(($X54)*QCI!$AA$3),0)),SomaAgrup)","v":78.226356814835427},{"$f":"IF($C54=\"S\",IF($Z54=\"OU\",ROUND($X54,2),0),SomaAgrup)","v":0},{"$f":"IF($N54=\"\",\" \",\nIF(AND($C54<>\"S\",OR($R54=\"\",$R54=\"(digite a descrição aqui)\")),\"DESCRIÇÃO\",\nIF(AND($C54=\"S\",OR($Q54<>\"\",$T54>0,$U54>0),$P54=\"\"),\"FONTE\",\nIF(AND($C54=\"S\",$P54<>\"\",OR($T54>0,$U54>0),$Q54=\"\"),\"CÓDIGO\",\nIF(AND($C54=\"S\",$P54<>\"\",$Q54<>\"\",$R54=\"(Código não identificado nas referências)\"),\"CÓDIGO N/ID\",\nIF(AND($C54=\"S\",OR($R54=\"\",$R54=\"(digite a descrição aqui)\"),OR($Q54<>\"\",$T54>0,$U54>0)),\"DESCRIÇÃO\",\nIF(AND($C54=\"S\",$P54<>\"\",$Q54<>\"\",$S54=\"\"),\"UNIDADE\",\nIF(AND($C54=\"S\",$P54<>\"\",$Q54<>\"\",$U54=0),\"SEM CUSTO\",\nIF(AND(TIPOORCAMENTO=\"Licitado\",$AL54=0,$AN54>0),\"SEM PREÇO\",\nIF(AND($C54=\"S\",$P54<>\"\",$Q54<>\"\",$U54>0,AND($V54<>\"BDI 1\",$V54<>\"BDI 2\",$V54<>\"BDI 3\")),IF(ISNUMBER($V54),\"JUSTIFICAR BDI\",\"BDI\"),\nIF(OR(AND(import.recurso=\"OGU\",TIPOORCAMENTO=\"Proposto\",LEFT($O$8,5)<>\"(N/D:\",$AG54<>\"\",ORÇAMENTO.CustoUnitario>$AG54),AND(TIPOORCAMENTO=\"LICITADO\",ORÇAMENTO.PrecoUnitarioLicitado>$AN54)),\"ACIMA REF.\",\nIF(AND($C54=\"S\",$P54<>\"\",$Q54<>\"\",$T54=0,$U54>0),\"QUANT.\",\nIF(AND(Import.TipoArredondamento=\"TransfereGOV\",$L54=\"F\",$C54=\"S\",LEN($Q54)>13),\"Código >13\",\nIF(AND(Import.TipoArredondamento=\"TransfereGOV\",$L54=\"F\",$C54<>\"S\",LEN($R54)>100),\"Descrição >100\",\nIF(AND(Import.TipoArredondamento=\"TransfereGOV\",$L54=\"F\",$C54=\"S\",LEN($R54)>500),\"Descrição >500\",\nIF(AND(Import.TipoArredondamento=\"TransfereGOV\",$L54=\"F\",$C54=\"S\",LEFT(TRIM(UPPER($P54)),6)<>\"SINAPI\",ISNA(VLOOKUP(TRIM(UPPER($S54)),ListaTgov.Unidades,1,FALSE))),\"Unid. Não Disp\",\n\" \"))))))))))))))))","v":" "},{"$f":"IF(C54<=CRONO.NivelExibicao,MAX($AD$15:OFFSET(AD54,-1,0))+IF($C54<>1,1,MAX(1,COUNTIF(QCI!$A$13:$A$24,OFFSET($E54,-1,0)))),\"\")","v":""},{"$f":"IF(AND($C54=\"S\",ORÇAMENTO.CodBarra<>\"\"),IF(ORÇAMENTO.Fonte=\"\",ORÇAMENTO.CodBarra,CONCATENATE(ORÇAMENTO.Fonte,\" \",ORÇAMENTO.CodBarra)))","v":"SINAPI 92762"},{"$f":"IF(ISERROR(ORÇAMENTO.BancoRef),\"(abra o arquivo 'Referência \"&Excel_BuiltIn_Database&\".xlsm)\",IF(OR($C54<>\"S\",ORÇAMENTO.CodBarra=\"\"),\"(Sem Código)\",IF(ISERROR(MATCH($AE54,INDIRECT(ORÇAMENTO.BancoRef),0)),\"(Código não identificado nas referências)\",MATCH($AE54,INDIRECT(ORÇAMENTO.BancoRef),0))))","v":6295},{"$f":"ROUND(IF(DESONERACAO=\"sim\",REFERENCIA.Desonerado,REFERENCIA.NaoDesonerado),2)","v":11.48},0.25390000000000001,null,null,null,null,5354.2999999999993,{"$f":"ROUND(ORÇAMENTO.CustoUnitario*(1+$AH54),2)","v":12.51}]
["S",3,"S",0,{"$f":"IF($C55=1,OFFSET(E55,-1,0)+MAX(1,COUNTIF(QCI!$A$13:$A$24,OFFSET(ORÇAMENTO!E55,-1,0))),OFFSET(E55,-1,0))","v":1},4,1,0,8,0,{"$f":"IF(OR($C55=\"S\",$C55=0),0,MATCH(OFFSET($D55,0,$C55)+IF($C55<>1,1,COUNTIF(QCI!$A$13:$A$24,ORÇAMENTO!E55)),OFFSET($D55,1,$C55,ROW($C$237)-ROW($C55)),0))","v":0},"F","Serviço","Serviço","1.4.1.0.8.","SINAPI","101963",{"$f":"IF($C55=\"S\",REFERENCIA.Descricao,\"(digite a descrição aqui)\")","v":"LAJE PRÉ-MOLDADA UNIDIRECIONAL, BIAPOIADA, PARA PISO, ENCHIMENTO EM CERÂMICA, VIGOTA CONVENCIONAL, ALTURA TOTAL DA LAJE (ENCHIMENTO+CAPA) = (8+4). AF_11/2020"},{"$f":"REFERENCIA.Unidade","v":"M2"},{"$f":"OFFSET(CÁLCULO!H$15,ROW($T55)-ROW(T$15),0)","v":28.849999999999998},162.69999999999999,"BDI 1",{"$f":"IF($C55=\"S\",ROUND(IF(TIPOORCAMENTO=\"Proposto\",ORÇAMENTO.CustoUnitario*(1+$AH55),ORÇAMENTO.PrecoUnitarioLicitado),15-13*$AF$10),0)","v":204.01},{"$f":"IF($C55=\"S\",IF(OR(Import.TipoArredondamento<>\"TransfereGOV\",ACOMPANHAMENTO=\"BM\"),VTOTAL1,SUM(OFFSET(CÁLCULO!$AQ$15,ROW($X55)-ROW($X$15),1):OFFSET(CÁLCULO!$BR$15,ROW($X55)-ROW($X$15),-1))),IF($C55=0,0,ROUND(SomaAgrup,15-13*$AF$11)))","v":5885.7000000000007},"RA","RA",{"$f":"IF($C55=\"S\",IF($Z55=\"CP\",$X55,IF($Z55=\"RA\",(($X55)*QCI!$AA$3),0)),SomaAgrup)","v":85.990114170867713},{"$f":"IF($C55=\"S\",IF($Z55=\"OU\",ROUND($X55,2),0),SomaAgrup)","v":0},{"$f":"IF($N55=\"\",\" \",\nIF(AND($C55<>\"S\",OR($R55=\"\",$R55=\"(digite a descrição aqui)\")),\"DESCRIÇÃO\",\nIF(AND($C55=\"S\",OR($Q55<>\"\",$T55>0,$U55>0),$P55=\"\"),\"FONTE\",\nIF(AND($C55=\"S\",$P55<>\"\",OR($T55>0,$U55>0),$Q55=\"\"),\"CÓDIGO\",\nIF(AND($C55=\"S\",$P55<>\"\",$Q55<>\"\",$R55=\"(Código não identificado nas referências)\"),\"CÓDIGO N/ID\",\nIF(AND($C55=\"S\",OR($R55=\"\",$R55=\"(digite a descrição aqui)\"),OR($Q55<>\"\",$T55>0,$U55>0)),\"DESCRIÇÃO\",\nIF(AND($C55=\"S\",$P55<>\"\",$Q55<>\"\",$S55=\"\"),\"UNIDADE\",\nIF(AND($C55=\"S\",$P55<>\"\",$Q55<>\"\",$U55=0),\"SEM CUSTO\",\nIF(AND(TIPOORCAMENTO=\"Licitado\",$AL55=0,$AN55>0),\"SEM PREÇO\",\nIF(AND($C55=\"S\",$P55<>\"\",$Q55<>\"\",$U55>0,AND($V55<>\"BDI 1\",$V55<>\"BDI 2\",$V55<>\"BDI 3\")),IF(ISNUMBER($V55),\"JUSTIFICAR BDI\",\"BDI\"),\nIF(OR(AND(import.recurso=\"OGU\",TIPOORCAMENTO=\"Proposto\",LEFT($O$8,5)<>\"(N/D:\",$AG55<>\"\",ORÇAMENTO.CustoUnitario>$AG55),AND(TIPOORCAMENTO=\"LICITADO\",ORÇAMENTO.PrecoUnitarioLicitado>$AN55)),\"ACIMA REF.\",\nIF(AND($C55=\"S\",$P55<>\"\",$Q55<>\"\",$T55=0,$U55>0),\"QUANT.\",\nIF(AND(Import.TipoArredondamento=\"TransfereGOV\",$L55=\"F\",$C55=\"S\",LEN($Q55)>13),\"Código >13\",\nIF(AND(Import.TipoArredondamento=\"TransfereGOV\",$L55=\"F\",$C55<>\"S\",LEN($R55)>100),\"Descrição >100\",\nIF(AND(Import.TipoArredondamento=\"TransfereGOV\",$L55=\"F\",$C55=\"S\",LEN($R55)>500),\"Descrição >500\",\nIF(AND(Import.TipoArredondamento=\"TransfereGOV\",$L55=\"F\",$C55=\"S\",LEFT(TRIM(UPPER($P55)),6)<>\"SINAPI\",ISNA(VLOOKUP(TRIM(UPPER($S55)),ListaTgov.Unidades,1,FALSE))),\"Unid. Não Disp\",\n\" \"))))))))))))))))","v":" "},{"$f":"IF(C55<=CRONO.NivelExibicao,MAX($AD$15:OFFSET(AD55,-1,0))+IF($C55<>1,1,MAX(1,COUNTIF(QCI!$A$13:$A$24,OFFSET($E55,-1,0)))),\"\")","v":""},{"$f":"IF(AND($C55=\"S\",ORÇAMENTO.CodBarra<>\"\"),IF(ORÇAMENTO.Fonte=\"\",ORÇAMENTO.CodBarra,CONCATENATE(ORÇAMENTO.Fonte,\" \",ORÇAMENTO.CodBarra)))","v":"SINAPI 101963"},{"$f":"IF(ISERROR(ORÇAMENTO.BancoRef),\"(abra o arquivo 'Referência \"&Excel_BuiltIn_Database&\".xlsm)\",IF(OR($C55<>\"S\",ORÇAMENTO.CodBarra=\"\"),\"(Sem Código)\",IF(ISERROR(MATCH($AE55,INDIRECT(ORÇAMENTO.BancoRef),0)),\"(Código não identificado nas referências)\",MATCH($AE55,INDIRECT(ORÇAMENTO.BancoRef),0))))","v":12676},{"$f":"ROUND(IF(DESONERACAO=\"sim\",REFERENCIA.Desonerado,REFERENCIA.NaoDesonerado),2)","v":187.11},0.25390000000000001,null,null,null,null,5885.7000000000007,{"$f":"ROUND(ORÇAMENTO.CustoUnitario*(1+$AH55),2)","v":204.01}]
["S",3,"S",0,{"$f":"IF($C56=1,OFFSET(E56,-1,0)+MAX(1,COUNTIF(QCI!$A$13:$A$24,OFFSET(ORÇAMENTO!E56,-1,0))),OFFSET(E56,-1,0))","v":1},4,1,0,9,0,{"$f":"IF(OR($C56=\"S\",$C56=0),0,MATCH(OFFSET($D56,0,$C56)+IF($C56<>1,1,COUNTIF(QCI!$A$13:$A$24,ORÇAMENTO!E56)),OFFSET($D56,1,$C56,ROW($C$237)-ROW($C56)),0))","v":0},"F","Serviço","Serviço","1.4.1.0.9.","Composição","103669_ADP-01",{"$f":"IF($C56=\"S\",REFERENCIA.Descricao,\"(digite a descrição aqui)\")","v":"CONCRETAGEM DE PILARES, FCK = 20 MPA,  COM USO DE BALDES - LANÇAMENTO, ADENSAMENTO E ACABAMENTO. AF_02/2022"},{"$f":"REFERENCIA.Unidade","v":"M3"},{"$f":"OFFSET(CÁLCULO!H$15,ROW($T56)-ROW(T$15),0)","v":6.4},749.98,"BDI 1",{"$f":"IF($C56=\"S\",ROUND(IF(TIPOORCAMENTO=\"Proposto\",ORÇAMENTO.CustoUnitario*(1+$AH56),ORÇAMENTO.PrecoUnitarioLicitado),15-13*$AF$10),0)","v":940.4},{"$f":"IF($C56=\"S\",IF(OR(Import.TipoArredondamento<>\"TransfereGOV\",ACOMPANHAMENTO=\"BM\"),VTOTAL1,SUM(OFFSET(CÁLCULO!$AQ$15,ROW($X56)-ROW($X$15),1):OFFSET(CÁLCULO!$BR$15,ROW($X56)-ROW($X$15),-1))),IF($C56=0,0,ROUND(SomaAgrup,15-13*$AF$11)))","v":6018.55},"RA","RA",{"$f":"IF($C56=\"S\",IF($Z56=\"CP\",$X56,IF($Z56=\"RA\",(($X56)*QCI!$AA$3),0)),SomaAgrup)","v":87.931053509875781},{"$f":"IF($C56=\"S\",IF($Z56=\"OU\",ROUND($X56,2),0),SomaAgrup)","v":0},{"$f":"IF($N56=\"\",\" \",\nIF(AND($C56<>\"S\",OR($R56=\"\",$R56=\"(digite a descrição aqui)\")),\"DESCRIÇÃO\",\nIF(AND($C56=\"S\",OR($Q56<>\"\",$T56>0,$U56>0),$P56=\"\"),\"FONTE\",\nIF(AND($C56=\"S\",$P56<>\"\",OR($T56>0,$U56>0),$Q56=\"\"),\"CÓDIGO\",\nIF(AND($C56=\"S\",$P56<>\"\",$Q56<>\"\",$R56=\"(Código não identificado nas referências)\"),\"CÓDIGO N/ID\",\nIF(AND($C56=\"S\",OR($R56=\"\",$R56=\"(digite a descrição aqui)\"),OR($Q56<>\"\",$T56>0,$U56>0)),\"DESCRIÇÃO\",\nIF(AND($C56=\"S\",$P56<>\"\",$Q56<>\"\",$S56=\"\"),\"UNIDADE\",\nIF(AND($C56=\"S\",$P56<>\"\",$Q56<>\"\",$U56=0),\"SEM CUSTO\",\nIF(AND(TIPOORCAMENTO=\"Licitado\",$AL56=0,$AN56>0),\"SEM PREÇO\",\nIF(AND($C56=\"S\",$P56<>\"\",$Q56<>\"\",$U56>0,AND($V56<>\"BDI 1\",$V56<>\"BDI 2\",$V56<>\"BDI 3\")),IF(ISNUMBER($V56),\"JUSTIFICAR BDI\",\"BDI\"),\nIF(OR(AND(import.recurso=\"OGU\",TIPOORCAMENTO=\"Proposto\",LEFT($O$8,5)<>\"(N/D:\",$AG56<>\"\",ORÇAMENTO.CustoUnitario>$AG56),AND(TIPOORCAMENTO=\"LICITADO\",ORÇAMENTO.PrecoUnitarioLicitado>$AN56)),\"ACIMA REF.\",\nIF(AND($C56=\"S\",$P56<>\"\",$Q56<>\"\",$T56=0,$U56>0),\"QUANT.\",\nIF(AND(Import.TipoArredondamento=\"TransfereGOV\",$L56=\"F\",$C56=\"S\",LEN($Q56)>13),\"Código >13\",\nIF(AND(Import.TipoArredondamento=\"TransfereGOV\",$L56=\"F\",$C56<>\"S\",LEN($R56)>100),\"Descrição >100\",\nIF(AND(Import.TipoArredondamento=\"TransfereGOV\",$L56=\"F\",$C56=\"S\",LEN($R56)>500),\"Descrição >500\",\nIF(AND(Import.TipoArredondamento=\"TransfereGOV\",$L56=\"F\",$C56=\"S\",LEFT(TRIM(UPPER($P56)),6)<>\"SINAPI\",ISNA(VLOOKUP(TRIM(UPPER($S56)),ListaTgov.Unidades,1,FALSE))),\"Unid. Não Disp\",\n\" \"))))))))))))))))","v":" "},{"$f":"IF(C56<=CRONO.NivelExibicao,MAX($AD$15:OFFSET(AD56,-1,0))+IF($C56<>1,1,MAX(1,COUNTIF(QCI!$A$13:$A$24,OFFSET($E56,-1,0)))),\"\")","v":""},{"$f":"IF(AND($C56=\"S\",ORÇAMENTO.CodBarra<>\"\"),IF(ORÇAMENTO.Fonte=\"\",ORÇAMENTO.CodBarra,CONCATENATE(ORÇAMENTO.Fonte,\" \",ORÇAMENTO.CodBarra)))","v":"Composição 103669_ADP-01"},{"$f":"IF(ISERROR(ORÇAMENTO.BancoRef),\"(abra o arquivo 'Referência \"&Excel_BuiltIn_Database&\".xlsm)\",IF(OR($C56<>\"S\",ORÇAMENTO.CodBarra=\"\"),\"(Sem Código)\",IF(ISERROR(MATCH($AE56,INDIRECT(ORÇAMENTO.BancoRef),0)),\"(Código não identificado nas referências)\",MATCH($AE56,INDIRECT(ORÇAMENTO.BancoRef),0))))","v":16},{"$f":"ROUND(IF(DESONERACAO=\"sim\",REFERENCIA.Desonerado,REFERENCIA.NaoDesonerado),2)","v":862.48},0.25390000000000001,null,null,null,null,6018.55,{"$f":"ROUND(ORÇAMENTO.CustoUnitario*(1+$AH56),2)","v":940.4}]
["S",3,"S",0,{"$f":"IF($C57=1,OFFSET(E57,-1,0)+MAX(1,COUNTIF(QCI!$A$13:$A$24,OFFSET(ORÇAMENTO!E57,-1,0))),OFFSET(E57,-1,0))","v":1},4,1,0,10,0,{"$f":"IF(OR($C57=\"S\",$C57=0),0,MATCH(OFFSET($D57,0,$C57)+IF($C57<>1,1,COUNTIF(QCI!$A$13:$A$24,ORÇAMENTO!E57)),OFFSET($D57,1,$C57,ROW($C$237)-ROW($C57)),0))","v":0},"F","Serviço","Serviço","1.4.1.0.10.","Composição","103682_ADP-01",{"$f":"IF($C57=\"S\",REFERENCIA.Descricao,\"(digite a descrição aqui)\")","v":"CONCRETAGEM DE VIGAS E LAJES, FCK=20 MPA, PARA QUALQUER TIPO DE LAJE COM BALDES EM EDIFICAÇÃO TÉRREA - LANÇAMENTO, ADENSAMENTO E ACABAMENTO. AF_02/2022"},{"$f":"REFERENCIA.Unidade","v":"M3"},{"$f":"OFFSET(CÁLCULO!H$15,ROW($T57)-ROW(T$15),0)","v":8.9},769.07,"BDI 1",{"$f":"IF($C57=\"S\",ROUND(IF(TIPOORCAMENTO=\"Proposto\",ORÇAMENTO.CustoUnitario*(1+$AH57),ORÇAMENTO.PrecoUnitarioLicitado),15-13*$AF$10),0)","v":964.34},{"$f":"IF($C57=\"S\",IF(OR(Import.TipoArredondamento<>\"TransfereGOV\",ACOMPANHAMENTO=\"BM\"),VTOTAL1,SUM(OFFSET(CÁLCULO!$AQ$15,ROW($X57)-ROW($X$15),1):OFFSET(CÁLCULO!$BR$15,ROW($X57)-ROW($X$15),-1))),IF($C57=0,0,ROUND(SomaAgrup,15-13*$AF$11)))","v":8582.65},"RA","RA",{"$f":"IF($C57=\"S\",IF($Z57=\"CP\",$X57,IF($Z57=\"RA\",(($X57)*QCI!$AA$3),0)),SomaAgrup)","v":125.39257070333142},{"$f":"IF($C57=\"S\",IF($Z57=\"OU\",ROUND($X57,2),0),SomaAgrup)","v":0},{"$f":"IF($N57=\"\",\" \",\nIF(AND($C57<>\"S\",OR($R57=\"\",$R57=\"(digite a descrição aqui)\")),\"DESCRIÇÃO\",\nIF(AND($C57=\"S\",OR($Q57<>\"\",$T57>0,$U57>0),$P57=\"\"),\"FONTE\",\nIF(AND($C57=\"S\",$P57<>\"\",OR($T57>0,$U57>0),$Q57=\"\"),\"CÓDIGO\",\nIF(AND($C57=\"S\",$P57<>\"\",$Q57<>\"\",$R57=\"(Código não identificado nas referências)\"),\"CÓDIGO N/ID\",\nIF(AND($C57=\"S\",OR($R57=\"\",$R57=\"(digite a descrição aqui)\"),OR($Q57<>\"\",$T57>0,$U57>0)),\"DESCRIÇÃO\",\nIF(AND($C57=\"S\",$P57<>\"\",$Q57<>\"\",$S57=\"\"),\"UNIDADE\",\nIF(AND($C57=\"S\",$P57<>\"\",$Q57<>\"\",$U57=0),\"SEM CUSTO\",\nIF(AND(TIPOORCAMENTO=\"Licitado\",$AL57=0,$AN57>0),\"SEM PREÇO\",\nIF(AND($C57=\"S\",$P57<>\"\",$Q57<>\"\",$U57>0,AND($V57<>\"BDI 1\",$V57<>\"BDI 2\",$V57<>\"BDI 3\")),IF(ISNUMBER($V57),\"JUSTIFICAR BDI\",\"BDI\"),\nIF(OR(AND(import.recurso=\"OGU\",TIPOORCAMENTO=\"Proposto\",LEFT($O$8,5)<>\"(N/D:\",$AG57<>\"\",ORÇAMENTO.CustoUnitario>$AG57),AND(TIPOORCAMENTO=\"LICITADO\",ORÇAMENTO.PrecoUnitarioLicitado>$AN57)),\"ACIMA REF.\",\nIF(AND($C57=\"S\",$P57<>\"\",$Q57<>\"\",$T57=0,$U57>0),\"QUANT.\",\nIF(AND(Import.TipoArredondamento=\"TransfereGOV\",$L57=\"F\",$C57=\"S\",LEN($Q57)>13),\"Código >13\",\nIF(AND(Import.TipoArredondamento=\"TransfereGOV\",$L57=\"F\",$C57<>\"S\",LEN($R57)>100),\"Descrição >100\",\nIF(AND(Import.TipoArredondamento=\"TransfereGOV\",$L57=\"F\",$C57=\"S\",LEN($R57)>500),\"Descrição >500\",\nIF(AND(Import.TipoArredondamento=\"TransfereGOV\",$L57=\"F\",$C57=\"S\",LEFT(TRIM(UPPER($P57)),6)<>\"SINAPI\",ISNA(VLOOKUP(TRIM(UPPER($S57)),ListaTgov.Unidades,1,FALSE))),\"Unid. Não Disp\",\n\" \"))))))))))))))))","v":" "},{"$f":"IF(C57<=CRONO.NivelExibicao,MAX($AD$15:OFFSET(AD57,-1,0))+IF($C57<>1,1,MAX(1,COUNTIF(QCI!$A$13:$A$24,OFFSET($E57,-1,0)))),\"\")","v":""},{"$f":"IF(AND($C57=\"S\",ORÇAMENTO.CodBarra<>\"\"),IF(ORÇAMENTO.Fonte=\"\",ORÇAMENTO.CodBarra,CONCATENATE(ORÇAMENTO.Fonte,\" \",ORÇAMENTO.CodBarra)))","v":"Composição 103682_ADP-01"},{"$f":"IF(ISERROR(ORÇAMENTO.BancoRef),\"(abra o arquivo 'Referência \"&Excel_BuiltIn_Database&\".xlsm)\",IF(OR($C57<>\"S\",ORÇAMENTO.CodBarra=\"\"),\"(Sem Código)\",IF(ISERROR(MATCH($AE57,INDIRECT(ORÇAMENTO.BancoRef),0)),\"(Código não identificado nas referências)\",MATCH($AE57,INDIRECT(ORÇAMENTO.BancoRef),0))))","v":15},{"$f":"ROUND(IF(DESONERACAO=\"sim\",REFERENCIA.Desonerado,REFERENCIA.NaoDesonerado),2)","v":884.44},0.25390000000000001,null,null,null,null,8582.65,{"$f":"ROUND(ORÇAMENTO.CustoUnitario*(1+$AH57),2)","v":964.34}]
[2,2,2,12,{"$f":"IF($C58=1,OFFSET(E58,-1,0)+MAX(1,COUNTIF(QCI!$A$13:$A$24,OFFSET(ORÇAMENTO!E58,-1,0))),OFFSET(E58,-1,0))","v":1},5,0,0,0,179,{"$f":"IF(OR($C58=\"S\",$C58=0),0,MATCH(OFFSET($D58,0,$C58)+IF($C58<>1,1,COUNTIF(QCI!$A$13:$A$24,ORÇAMENTO!E58)),OFFSET($D58,1,$C58,ROW($C$237)-ROW($C58)),0))","v":12},"F","Nível 2","Nível 2","1.5.","","","PAREDES E PAINÉIS",null,{"$f":"OFFSET(CÁLCULO!H$15,ROW($T58)-ROW(T$15),0)","v":0},0,"BDI 1",{"$f":"IF($C58=\"S\",ROUND(IF(TIPOORCAMENTO=\"Proposto\",ORÇAMENTO.CustoUnitario*(1+$AH58),ORÇAMENTO.PrecoUnitarioLicitado),15-13*$AF$10),0)","v":0},{"$f":"IF($C58=\"S\",IF(OR(Import.TipoArredondamento<>\"TransfereGOV\",ACOMPANHAMENTO=\"BM\"),VTOTAL1,SUM(OFFSET(CÁLCULO!$AQ$15,ROW($X58)-ROW($X$15),1):OFFSET(CÁLCULO!$BR$15,ROW($X58)-ROW($X$15),-1))),IF($C58=0,0,ROUND(SomaAgrup,15-13*$AF$11)))","v":130192.3},"RA","",{"$f":"IF($C58=\"S\",IF($Z58=\"CP\",$X58,IF($Z58=\"RA\",(($X58)*QCI!$AA$3),0)),SomaAgrup)","v":1902.1103252234839},{"$f":"IF($C58=\"S\",IF($Z58=\"OU\",ROUND($X58,2),0),SomaAgrup)","v":0},{"$f":"IF($N58=\"\",\" \",\nIF(AND($C58<>\"S\",OR($R58=\"\",$R58=\"(digite a descrição aqui)\")),\"DESCRIÇÃO\",\nIF(AND($C58=\"S\",OR($Q58<>\"\",$T58>0,$U58>0),$P58=\"\"),\"FONTE\",\nIF(AND($C58=\"S\",$P58<>\"\",OR($T58>0,$U58>0),$Q58=\"\"),\"CÓDIGO\",\nIF(AND($C58=\"S\",$P58<>\"\",$Q58<>\"\",$R58=\"(Código não identificado nas referências)\"),\"CÓDIGO N/ID\",\nIF(AND($C58=\"S\",OR($R58=\"\",$R58=\"(digite a descrição aqui)\"),OR($Q58<>\"\",$T58>0,$U58>0)),\"DESCRIÇÃO\",\nIF(AND($C58=\"S\",$P58<>\"\",$Q58<>\"\",$S58=\"\"),\"UNIDADE\",\nIF(AND($C58=\"S\",$P58<>\"\",$Q58<>\"\",$U58=0),\"SEM CUSTO\",\nIF(AND(TIPOORCAMENTO=\"Licitado\",$AL58=0,$AN58>0),\"SEM PREÇO\",\nIF(AND($C58=\"S\",$P58<>\"\",$Q58<>\"\",$U58>0,AND($V58<>\"BDI 1\",$V58<>\"BDI 2\",$V58<>\"BDI 3\")),IF(ISNUMBER($V58),\"JUSTIFICAR BDI\",\"BDI\"),\nIF(OR(AND(import.recurso=\"OGU\",TIPOORCAMENTO=\"Proposto\",LEFT($O$8,5)<>\"(N/D:\",$AG58<>\"\",ORÇAMENTO.CustoUnitario>$AG58),AND(TIPOORCAMENTO=\"LICITADO\",ORÇAMENTO.PrecoUnitarioLicitado>$AN58)),\"ACIMA REF.\",\nIF(AND($C58=\"S\",$P58<>\"\",$Q58<>\"\",$T58=0,$U58>0),\"QUANT.\",\nIF(AND(Import.TipoArredondamento=\"TransfereGOV\",$L58=\"F\",$C58=\"S\",LEN($Q58)>13),\"Código >13\",\nIF(AND(Import.TipoArredondamento=\"TransfereGOV\",$L58=\"F\",$C58<>\"S\",LEN($R58)>100),\"Descrição >100\",\nIF(AND(Import.TipoArredondamento=\"TransfereGOV\",$L58=\"F\",$C58=\"S\",LEN($R58)>500),\"Descrição >500\",\nIF(AND(Import.TipoArredondamento=\"TransfereGOV\",$L58=\"F\",$C58=\"S\",LEFT(TRIM(UPPER($P58)),6)<>\"SINAPI\",ISNA(VLOOKUP(TRIM(UPPER($S58)),ListaTgov.Unidades,1,FALSE))),\"Unid. Não Disp\",\n\" \"))))))))))))))))","v":" "},{"$f":"IF(C58<=CRONO.NivelExibicao,MAX($AD$15:OFFSET(AD58,-1,0))+IF($C58<>1,1,MAX(1,COUNTIF(QCI!$A$13:$A$24,OFFSET($E58,-1,0)))),\"\")","v":6},{"$f":"IF(AND($C58=\"S\",ORÇAMENTO.CodBarra<>\"\"),IF(ORÇAMENTO.Fonte=\"\",ORÇAMENTO.CodBarra,CONCATENATE(ORÇAMENTO.Fonte,\" \",ORÇAMENTO.CodBarra)))","v":false},{"$f":"IF(ISERROR(ORÇAMENTO.BancoRef),\"(abra o arquivo 'Referência \"&Excel_BuiltIn_Database&\".xlsm)\",IF(OR($C58<>\"S\",ORÇAMENTO.CodBarra=\"\"),\"(Sem Código)\",IF(ISERROR(MATCH($AE58,INDIRECT(ORÇAMENTO.BancoRef),0)),\"(Código não identificado nas referências)\",MATCH($AE58,INDIRECT(ORÇAMENTO.BancoRef),0))))","v":"(Sem Código)"},{"$f":"ROUND(IF(DESONERACAO=\"sim\",REFERENCIA.Desonerado,REFERENCIA.NaoDesonerado),2)","v":0},0.25390000000000001,null,null,null,null,130192.3,{"$f":"ROUND(ORÇAMENTO.CustoUnitario*(1+$AH58),2)","v":0}]
[3,3,3,4,{"$f":"IF($C59=1,OFFSET(E59,-1,0)+MAX(1,COUNTIF(QCI!$A$13:$A$24,OFFSET(ORÇAMENTO!E59,-1,0))),OFFSET(E59,-1,0))","v":1},5,1,0,0,11,{"$f":"IF(OR($C59=\"S\",$C59=0),0,MATCH(OFFSET($D59,0,$C59)+IF($C59<>1,1,COUNTIF(QCI!$A$13:$A$24,ORÇAMENTO!E59)),OFFSET($D59,1,$C59,ROW($C$237)-ROW($C59)),0))","v":4},"F","Nível 3","Nível 3","1.5.1.","","","ALVENARIA/FECHAMENTOS",null,{"$f":"OFFSET(CÁLCULO!H$15,ROW($T59)-ROW(T$15),0)","v":0},0,"BDI 1",{"$f":"IF($C59=\"S\",ROUND(IF(TIPOORCAMENTO=\"Proposto\",ORÇAMENTO.CustoUnitario*(1+$AH59),ORÇAMENTO.PrecoUnitarioLicitado),15-13*$AF$10),0)","v":0},{"$f":"IF($C59=\"S\",IF(OR(Import.TipoArredondamento<>\"TransfereGOV\",ACOMPANHAMENTO=\"BM\"),VTOTAL1,SUM(OFFSET(CÁLCULO!$AQ$15,ROW($X59)-ROW($X$15),1):OFFSET(CÁLCULO!$BR$15,ROW($X59)-ROW($X$15),-1))),IF($C59=0,0,ROUND(SomaAgrup,15-13*$AF$11)))","v":56941.1},"RA","",{"$f":"IF($C59=\"S\",IF($Z59=\"CP\",$X59,IF($Z59=\"RA\",(($X59)*QCI!$AA$3),0)),SomaAgrup)","v":831.90983060889869},{"$f":"IF($C59=\"S\",IF($Z59=\"OU\",ROUND($X59,2),0),SomaAgrup)","v":0},{"$f":"IF($N59=\"\",\" \",\nIF(AND($C59<>\"S\",OR($R59=\"\",$R59=\"(digite a descrição aqui)\")),\"DESCRIÇÃO\",\nIF(AND($C59=\"S\",OR($Q59<>\"\",$T59>0,$U59>0),$P59=\"\"),\"FONTE\",\nIF(AND($C59=\"S\",$P59<>\"\",OR($T59>0,$U59>0),$Q59=\"\"),\"CÓDIGO\",\nIF(AND($C59=\"S\",$P59<>\"\",$Q59<>\"\",$R59=\"(Código não identificado nas referências)\"),\"CÓDIGO N/ID\",\nIF(AND($C59=\"S\",OR($R59=\"\",$R59=\"(digite a descrição aqui)\"),OR($Q59<>\"\",$T59>0,$U59>0)),\"DESCRIÇÃO\",\nIF(AND($C59=\"S\",$P59<>\"\",$Q59<>\"\",$S59=\"\"),\"UNIDADE\",\nIF(AND($C59=\"S\",$P59<>\"\",$Q59<>\"\",$U59=0),\"SEM CUSTO\",\nIF(AND(TIPOORCAMENTO=\"Licitado\",$AL59=0,$AN59>0),\"SEM PREÇO\",\nIF(AND($C59=\"S\",$P59<>\"\",$Q59<>\"\",$U59>0,AND($V59<>\"BDI 1\",$V59<>\"BDI 2\",$V59<>\"BDI 3\")),IF(ISNUMBER($V59),\"JUSTIFICAR BDI\",\"BDI\"),\nIF(OR(AND(import.recurso=\"OGU\",TIPOORCAMENTO=\"Proposto\",LEFT($O$8,5)<>\"(N/D:\",$AG59<>\"\",ORÇAMENTO.CustoUnitario>$AG59),AND(TIPOORCAMENTO=\"LICITADO\",ORÇAMENTO.PrecoUnitarioLicitado>$AN59)),\"ACIMA REF.\",\nIF(AND($C59=\"S\",$P59<>\"\",$Q59<>\"\",$T59=0,$U59>0),\"QUANT.\",\nIF(AND(Import.TipoArredondamento=\"TransfereGOV\",$L59=\"F\",$C59=\"S\",LEN($Q59)>13),\"Código >13\",\nIF(AND(Import.TipoArredondamento=\"TransfereGOV\",$L59=\"F\",$C59<>\"S\",LEN($R59)>100),\"Descrição >100\",\nIF(AND(Import.TipoArredondamento=\"TransfereGOV\",$L59=\"F\",$C59=\"S\",LEN($R59)>500),\"Descrição >500\",\nIF(AND(Import.TipoArredondamento=\"TransfereGOV\",$L59=\"F\",$C59=\"S\",LEFT(TRIM(UPPER($P59)),6)<>\"SINAPI\",ISNA(VLOOKUP(TRIM(UPPER($S59)),ListaTgov.Unidades,1,FALSE))),\"Unid. Não Disp\",\n\" \"))))))))))))))))","v":" "},{"$f":"IF(C59<=CRONO.NivelExibicao,MAX($AD$15:OFFSET(AD59,-1,0))+IF($C59<>1,1,MAX(1,COUNTIF(QCI!$A$13:$A$24,OFFSET($E59,-1,0)))),\"\")","v":""},{"$f":"IF(AND($C59=\"S\",ORÇAMENTO.CodBarra<>\"\"),IF(ORÇAMENTO.Fonte=\"\",ORÇAMENTO.CodBarra,CONCATENATE(ORÇAMENTO.Fonte,\" \",ORÇAMENTO.CodBarra)))","v":false},{"$f":"IF(ISERROR(ORÇAMENTO.BancoRef),\"(abra o arquivo 'Referência \"&Excel_BuiltIn_Database&\".xlsm)\",IF(OR($C59<>\"S\",ORÇAMENTO.CodBarra=\"\"),\"(Sem Código)\",IF(ISERROR(MATCH($AE59,INDIRECT(ORÇAMENTO.BancoRef),0)),\"(Código não identificado nas referências)\",MATCH($AE59,INDIRECT(ORÇAMENTO.BancoRef),0))))","v":"(Sem Código)"},{"$f":"ROUND(IF(DESONERACAO=\"sim\",REFERENCIA.Desonerado,REFERENCIA.NaoDesonerado),2)","v":0},0.25390000000000001,null,null,null,null,56941.1,{"$f":"ROUND(ORÇAMENTO.CustoUnitario*(1+$AH59),2)","v":0}]
["S",3,"S",0,{"$f":"IF($C60=1,OFFSET(E60,-1,0)+MAX(1,COUNTIF(QCI!$A$13:$A$24,OFFSET(ORÇAMENTO!E60,-1,0))),OFFSET(E60,-1,0))","v":1},5,1,0,1,0,{"$f":"IF(OR($C60=\"S\",$C60=0),0,MATCH(OFFSET($D60,0,$C60)+IF($C60<>1,1,COUNTIF(QCI!$A$13:$A$24,ORÇAMENTO!E60)),OFFSET($D60,1,$C60,ROW($C$237)-ROW($C60)),0))","v":0},"F","Serviço","Serviço","1.5.1.0.1.","SINAPI","103328",{"$f":"IF($C60=\"S\",REFERENCIA.Descricao,\"(digite a descrição aqui)\")","v":"ALVENARIA DE VEDAÇÃO DE BLOCOS CERÂMICOS FURADOS NA HORIZONTAL DE 9X19X19 CM (ESPESSURA 9 CM) E ARGAMASSA DE ASSENTAMENTO COM PREPARO EM BETONEIRA. AF_12/2021"},{"$f":"REFERENCIA.Unidade","v":"M2"},{"$f":"OFFSET(CÁLCULO!H$15,ROW($T60)-ROW(T$15),0)","v":432.5},91.46,"BDI 1",{"$f":"IF($C60=\"S\",ROUND(IF(TIPOORCAMENTO=\"Proposto\",ORÇAMENTO.CustoUnitario*(1+$AH60),ORÇAMENTO.PrecoUnitarioLicitado),15-13*$AF$10),0)","v":114.68},{"$f":"IF($C60=\"S\",IF(OR(Import.TipoArredondamento<>\"TransfereGOV\",ACOMPANHAMENTO=\"BM\"),VTOTAL1,SUM(OFFSET(CÁLCULO!$AQ$15,ROW($X60)-ROW($X$15),1):OFFSET(CÁLCULO!$BR$15,ROW($X60)-ROW($X$15),-1))),IF($C60=0,0,ROUND(SomaAgrup,15-13*$AF$11)))","v":49599.1},"RA","RA",{"$f":"IF($C60=\"S\",IF($Z60=\"CP\",$X60,IF($Z60=\"RA\",(($X60)*QCI!$AA$3),0)),SomaAgrup)","v":724.64316424083529},{"$f":"IF($C60=\"S\",IF($Z60=\"OU\",ROUND($X60,2),0),SomaAgrup)","v":0},{"$f":"IF($N60=\"\",\" \",\nIF(AND($C60<>\"S\",OR($R60=\"\",$R60=\"(digite a descrição aqui)\")),\"DESCRIÇÃO\",\nIF(AND($C60=\"S\",OR($Q60<>\"\",$T60>0,$U60>0),$P60=\"\"),\"FONTE\",\nIF(AND($C60=\"S\",$P60<>\"\",OR($T60>0,$U60>0),$Q60=\"\"),\"CÓDIGO\",\nIF(AND($C60=\"S\",$P60<>\"\",$Q60<>\"\",$R60=\"(Código não identificado nas referências)\"),\"CÓDIGO N/ID\",\nIF(AND($C60=\"S\",OR($R60=\"\",$R60=\"(digite a descrição aqui)\"),OR($Q60<>\"\",$T60>0,$U60>0)),\"DESCRIÇÃO\",\nIF(AND($C60=\"S\",$P60<>\"\",$Q60<>\"\",$S60=\"\"),\"UNIDADE\",\nIF(AND($C60=\"S\",$P60<>\"\",$Q60<>\"\",$U60=0),\"SEM CUSTO\",\nIF(AND(TIPOORCAMENTO=\"Licitado\",$AL60=0,$AN60>0),\"SEM PREÇO\",\nIF(AND($C60=\"S\",$P60<>\"\",$Q60<>\"\",$U60>0,AND($V60<>\"BDI 1\",$V60<>\"BDI 2\",$V60<>\"BDI 3\")),IF(ISNUMBER($V60),\"JUSTIFICAR BDI\",\"BDI\"),\nIF(OR(AND(import.recurso=\"OGU\",TIPOORCAMENTO=\"Proposto\",LEFT($O$8,5)<>\"(N/D:\",$AG60<>\"\",ORÇAMENTO.CustoUnitario>$AG60),AND(TIPOORCAMENTO=\"LICITADO\",ORÇAMENTO.PrecoUnitarioLicitado>$AN60)),\"ACIMA REF.\",\nIF(AND($C60=\"S\",$P60<>\"\",$Q60<>\"\",$T60=0,$U60>0),\"QUANT.\",\nIF(AND(Import.TipoArredondamento=\"TransfereGOV\",$L60=\"F\",$C60=\"S\",LEN($Q60)>13),\"Código >13\",\nIF(AND(Import.TipoArredondamento=\"TransfereGOV\",$L60=\"F\",$C60<>\"S\",LEN($R60)>100),\"Descrição >100\",\nIF(AND(Import.TipoArredondamento=\"TransfereGOV\",$L60=\"F\",$C60=\"S\",LEN($R60)>500),\"Descrição >500\",\nIF(AND(Import.TipoArredondamento=\"TransfereGOV\",$L60=\"F\",$C60=\"S\",LEFT(TRIM(UPPER($P60)),6)<>\"SINAPI\",ISNA(VLOOKUP(TRIM(UPPER($S60)),ListaTgov.Unidades,1,FALSE))),\"Unid. Não Disp\",\n\" \"))))))))))))))))","v":" "},{"$f":"IF(C60<=CRONO.NivelExibicao,MAX($AD$15:OFFSET(AD60,-1,0))+IF($C60<>1,1,MAX(1,COUNTIF(QCI!$A$13:$A$24,OFFSET($E60,-1,0)))),\"\")","v":""},{"$f":"IF(AND($C60=\"S\",ORÇAMENTO.CodBarra<>\"\"),IF(ORÇAMENTO.Fonte=\"\",ORÇAMENTO.CodBarra,CONCATENATE(ORÇAMENTO.Fonte,\" \",ORÇAMENTO.CodBarra)))","v":"SINAPI 103328"},{"$f":"IF(ISERROR(ORÇAMENTO.BancoRef),\"(abra o arquivo 'Referência \"&Excel_BuiltIn_Database&\".xlsm)\",IF(OR($C60<>\"S\",ORÇAMENTO.CodBarra=\"\"),\"(Sem Código)\",IF(ISERROR(MATCH($AE60,INDIRECT(ORÇAMENTO.BancoRef),0)),\"(Código não identificado nas referências)\",MATCH($AE60,INDIRECT(ORÇAMENTO.BancoRef),0))))","v":6055},{"$f":"ROUND(IF(DESONERACAO=\"sim\",REFERENCIA.Desonerado,REFERENCIA.NaoDesonerado),2)","v":105.18},0.25390000000000001,null,null,null,null,49599.1,{"$f":"ROUND(ORÇAMENTO.CustoUnitario*(1+$AH60),2)","v":114.68}]
["S",3,"S",0,{"$f":"IF($C61=1,OFFSET(E61,-1,0)+MAX(1,COUNTIF(QCI!$A$13:$A$24,OFFSET(ORÇAMENTO!E61,-1,0))),OFFSET(E61,-1,0))","v":1},5,1,0,2,0,{"$f":"IF(OR($C61=\"S\",$C61=0),0,MATCH(OFFSET($D61,0,$C61)+IF($C61<>1,1,COUNTIF(QCI!$A$13:$A$24,ORÇAMENTO!E61)),OFFSET($D61,1,$C61,ROW($C$237)-ROW($C61)),0))","v":0},"F","Serviço","Serviço","1.5.1.0.2.","SINAPI","105024",{"$f":"IF($C61=\"S\",REFERENCIA.Descricao,\"(digite a descrição aqui)\")","v":"VERGA MOLDADA IN LOCO EM CONCRETO, ESPESSURA DE *10* CM. AF_03/2024"},{"$f":"REFERENCIA.Unidade","v":"M"},{"$f":"OFFSET(CÁLCULO!H$15,ROW($T61)-ROW(T$15),0)","v":81},50.33,"BDI 1",{"$f":"IF($C61=\"S\",ROUND(IF(TIPOORCAMENTO=\"Proposto\",ORÇAMENTO.CustoUnitario*(1+$AH61),ORÇAMENTO.PrecoUnitarioLicitado),15-13*$AF$10),0)","v":63.11},{"$f":"IF($C61=\"S\",IF(OR(Import.TipoArredondamento<>\"TransfereGOV\",ACOMPANHAMENTO=\"BM\"),VTOTAL1,SUM(OFFSET(CÁLCULO!$AQ$15,ROW($X61)-ROW($X$15),1):OFFSET(CÁLCULO!$BR$15,ROW($X61)-ROW($X$15),-1))),IF($C61=0,0,ROUND(SomaAgrup,15-13*$AF$11)))","v":5111.8999999999996},"RA","RA",{"$f":"IF($C61=\"S\",IF($Z61=\"CP\",$X61,IF($Z61=\"RA\",(($X61)*QCI!$AA$3),0)),SomaAgrup)","v":74.684891283969378},{"$f":"IF($C61=\"S\",IF($Z61=\"OU\",ROUND($X61,2),0),SomaAgrup)","v":0},{"$f":"IF($N61=\"\",\" \",\nIF(AND($C61<>\"S\",OR($R61=\"\",$R61=\"(digite a descrição aqui)\")),\"DESCRIÇÃO\",\nIF(AND($C61=\"S\",OR($Q61<>\"\",$T61>0,$U61>0),$P61=\"\"),\"FONTE\",\nIF(AND($C61=\"S\",$P61<>\"\",OR($T61>0,$U61>0),$Q61=\"\"),\"CÓDIGO\",\nIF(AND($C61=\"S\",$P61<>\"\",$Q61<>\"\",$R61=\"(Código não identificado nas referências)\"),\"CÓDIGO N/ID\",\nIF(AND($C61=\"S\",OR($R61=\"\",$R61=\"(digite a descrição aqui)\"),OR($Q61<>\"\",$T61>0,$U61>0)),\"DESCRIÇÃO\",\nIF(AND($C61=\"S\",$P61<>\"\",$Q61<>\"\",$S61=\"\"),\"UNIDADE\",\nIF(AND($C61=\"S\",$P61<>\"\",$Q61<>\"\",$U61=0),\"SEM CUSTO\",\nIF(AND(TIPOORCAMENTO=\"Licitado\",$AL61=0,$AN61>0),\"SEM PREÇO\",\nIF(AND($C61=\"S\",$P61<>\"\",$Q61<>\"\",$U61>0,AND($V61<>\"BDI 1\",$V61<>\"BDI 2\",$V61<>\"BDI 3\")),IF(ISNUMBER($V61),\"JUSTIFICAR BDI\",\"BDI\"),\nIF(OR(AND(import.recurso=\"OGU\",TIPOORCAMENTO=\"Proposto\",LEFT($O$8,5)<>\"(N/D:\",$AG61<>\"\",ORÇAMENTO.CustoUnitario>$AG61),AND(TIPOORCAMENTO=\"LICITADO\",ORÇAMENTO.PrecoUnitarioLicitado>$AN61)),\"ACIMA REF.\",\nIF(AND($C61=\"S\",$P61<>\"\",$Q61<>\"\",$T61=0,$U61>0),\"QUANT.\",\nIF(AND(Import.TipoArredondamento=\"TransfereGOV\",$L61=\"F\",$C61=\"S\",LEN($Q61)>13),\"Código >13\",\nIF(AND(Import.TipoArredondamento=\"TransfereGOV\",$L61=\"F\",$C61<>\"S\",LEN($R61)>100),\"Descrição >100\",\nIF(AND(Import.TipoArredondamento=\"TransfereGOV\",$L61=\"F\",$C61=\"S\",LEN($R61)>500),\"Descrição >500\",\nIF(AND(Import.TipoArredondamento=\"TransfereGOV\",$L61=\"F\",$C61=\"S\",LEFT(TRIM(UPPER($P61)),6)<>\"SINAPI\",ISNA(VLOOKUP(TRIM(UPPER($S61)),ListaTgov.Unidades,1,FALSE))),\"Unid. Não Disp\",\n\" \"))))))))))))))))","v":" "},{"$f":"IF(C61<=CRONO.NivelExibicao,MAX($AD$15:OFFSET(AD61,-1,0))+IF($C61<>1,1,MAX(1,COUNTIF(QCI!$A$13:$A$24,OFFSET($E61,-1,0)))),\"\")","v":""},{"$f":"IF(AND($C61=\"S\",ORÇAMENTO.CodBarra<>\"\"),IF(ORÇAMENTO.Fonte=\"\",ORÇAMENTO.CodBarra,CONCATENATE(ORÇAMENTO.Fonte,\" \",ORÇAMENTO.CodBarra)))","v":"SINAPI 105024"},{"$f":"IF(ISERROR(ORÇAMENTO.BancoRef),\"(abra o arquivo 'Referência \"&Excel_BuiltIn_Database&\".xlsm)\",IF(OR($C61<>\"S\",ORÇAMENTO.CodBarra=\"\"),\"(Sem Código)\",IF(ISERROR(MATCH($AE61,INDIRECT(ORÇAMENTO.BancoRef),0)),\"(Código não identificado nas referências)\",MATCH($AE61,INDIRECT(ORÇAMENTO.BancoRef),0))))","v":15509},{"$f":"ROUND(IF(DESONERACAO=\"sim\",REFERENCIA.Desonerado,REFERENCIA.NaoDesonerado),2)","v":57.88},0.25390000000000001,null,null,null,null,5111.8999999999996,{"$f":"ROUND(ORÇAMENTO.CustoUnitario*(1+$AH61),2)","v":63.11}]
["S",3,"S",0,{"$f":"IF($C62=1,OFFSET(E62,-1,0)+MAX(1,COUNTIF(QCI!$A$13:$A$24,OFFSET(ORÇAMENTO!E62,-1,0))),OFFSET(E62,-1,0))","v":1},5,1,0,3,0,{"$f":"IF(OR($C62=\"S\",$C62=0),0,MATCH(OFFSET($D62,0,$C62)+IF($C62<>1,1,COUNTIF(QCI!$A$13:$A$24,ORÇAMENTO!E62)),OFFSET($D62,1,$C62,ROW($C$237)-ROW($C62)),0))","v":0},"F","Serviço","Serviço","1.5.1.0.3.","SINAPI","105030",{"$f":"IF($C62=\"S\",REFERENCIA.Descricao,\"(digite a descrição aqui)\")","v":"CONTRAVERGA MOLDADA IN LOCO EM CONCRETO, ESPESSURA DE *10* CM. AF_03/2024"},{"$f":"REFERENCIA.Unidade","v":"M"},{"$f":"OFFSET(CÁLCULO!H$15,ROW($T62)-ROW(T$15),0)","v":46},38.659999999999997,"BDI 1",{"$f":"IF($C62=\"S\",ROUND(IF(TIPOORCAMENTO=\"Proposto\",ORÇAMENTO.CustoUnitario*(1+$AH62),ORÇAMENTO.PrecoUnitarioLicitado),15-13*$AF$10),0)","v":48.48},{"$f":"IF($C62=\"S\",IF(OR(Import.TipoArredondamento<>\"TransfereGOV\",ACOMPANHAMENTO=\"BM\"),VTOTAL1,SUM(OFFSET(CÁLCULO!$AQ$15,ROW($X62)-ROW($X$15),1):OFFSET(CÁLCULO!$BR$15,ROW($X62)-ROW($X$15),-1))),IF($C62=0,0,ROUND(SomaAgrup,15-13*$AF$11)))","v":2230.1},"RA","RA",{"$f":"IF($C62=\"S\",IF($Z62=\"CP\",$X62,IF($Z62=\"RA\",(($X62)*QCI!$AA$3),0)),SomaAgrup)","v":32.581775084094005},{"$f":"IF($C62=\"S\",IF($Z62=\"OU\",ROUND($X62,2),0),SomaAgrup)","v":0},{"$f":"IF($N62=\"\",\" \",\nIF(AND($C62<>\"S\",OR($R62=\"\",$R62=\"(digite a descrição aqui)\")),\"DESCRIÇÃO\",\nIF(AND($C62=\"S\",OR($Q62<>\"\",$T62>0,$U62>0),$P62=\"\"),\"FONTE\",\nIF(AND($C62=\"S\",$P62<>\"\",OR($T62>0,$U62>0),$Q62=\"\"),\"CÓDIGO\",\nIF(AND($C62=\"S\",$P62<>\"\",$Q62<>\"\",$R62=\"(Código não identificado nas referências)\"),\"CÓDIGO N/ID\",\nIF(AND($C62=\"S\",OR($R62=\"\",$R62=\"(digite a descrição aqui)\"),OR($Q62<>\"\",$T62>0,$U62>0)),\"DESCRIÇÃO\",\nIF(AND($C62=\"S\",$P62<>\"\",$Q62<>\"\",$S62=\"\"),\"UNIDADE\",\nIF(AND($C62=\"S\",$P62<>\"\",$Q62<>\"\",$U62=0),\"SEM CUSTO\",\nIF(AND(TIPOORCAMENTO=\"Licitado\",$AL62=0,$AN62>0),\"SEM PREÇO\",\nIF(AND($C62=\"S\",$P62<>\"\",$Q62<>\"\",$U62>0,AND($V62<>\"BDI 1\",$V62<>\"BDI 2\",$V62<>\"BDI 3\")),IF(ISNUMBER($V62),\"JUSTIFICAR BDI\",\"BDI\"),\nIF(OR(AND(import.recurso=\"OGU\",TIPOORCAMENTO=\"Proposto\",LEFT($O$8,5)<>\"(N/D:\",$AG62<>\"\",ORÇAMENTO.CustoUnitario>$AG62),AND(TIPOORCAMENTO=\"LICITADO\",ORÇAMENTO.PrecoUnitarioLicitado>$AN62)),\"ACIMA REF.\",\nIF(AND($C62=\"S\",$P62<>\"\",$Q62<>\"\",$T62=0,$U62>0),\"QUANT.\",\nIF(AND(Import.TipoArredondamento=\"TransfereGOV\",$L62=\"F\",$C62=\"S\",LEN($Q62)>13),\"Código >13\",\nIF(AND(Import.TipoArredondamento=\"TransfereGOV\",$L62=\"F\",$C62<>\"S\",LEN($R62)>100),\"Descrição >100\",\nIF(AND(Import.TipoArredondamento=\"TransfereGOV\",$L62=\"F\",$C62=\"S\",LEN($R62)>500),\"Descrição >500\",\nIF(AND(Import.TipoArredondamento=\"TransfereGOV\",$L62=\"F\",$C62=\"S\",LEFT(TRIM(UPPER($P62)),6)<>\"SINAPI\",ISNA(VLOOKUP(TRIM(UPPER($S62)),ListaTgov.Unidades,1,FALSE))),\"Unid. Não Disp\",\n\" \"))))))))))))))))","v":" "},{"$f":"IF(C62<=CRONO.NivelExibicao,MAX($AD$15:OFFSET(AD62,-1,0))+IF($C62<>1,1,MAX(1,COUNTIF(QCI!$A$13:$A$24,OFFSET($E62,-1,0)))),\"\")","v":""},{"$f":"IF(AND($C62=\"S\",ORÇAMENTO.CodBarra<>\"\"),IF(ORÇAMENTO.Fonte=\"\",ORÇAMENTO.CodBarra,CONCATENATE(ORÇAMENTO.Fonte,\" \",ORÇAMENTO.CodBarra)))","v":"SINAPI 105030"},{"$f":"IF(ISERROR(ORÇAMENTO.BancoRef),\"(abra o arquivo 'Referência \"&Excel_BuiltIn_Database&\".xlsm)\",IF(OR($C62<>\"S\",ORÇAMENTO.CodBarra=\"\"),\"(Sem Código)\",IF(ISERROR(MATCH($AE62,INDIRECT(ORÇAMENTO.BancoRef),0)),\"(Código não identificado nas referências)\",MATCH($AE62,INDIRECT(ORÇAMENTO.BancoRef),0))))","v":15494},{"$f":"ROUND(IF(DESONERACAO=\"sim\",REFERENCIA.Desonerado,REFERENCIA.NaoDesonerado),2)","v":44.47},0.25390000000000001,null,null,null,null,2230.1,{"$f":"ROUND(ORÇAMENTO.CustoUnitario*(1+$AH62),2)","v":48.48}]
[3,3,3,5,{"$f":"IF($C63=1,OFFSET(E63,-1,0)+MAX(1,COUNTIF(QCI!$A$13:$A$24,OFFSET(ORÇAMENTO!E63,-1,0))),OFFSET(E63,-1,0))","v":1},5,2,0,0,7,{"$f":"IF(OR($C63=\"S\",$C63=0),0,MATCH(OFFSET($D63,0,$C63)+IF($C63<>1,1,COUNTIF(QCI!$A$13:$A$24,ORÇAMENTO!E63)),OFFSET($D63,1,$C63,ROW($C$237)-ROW($C63)),0))","v":5},"F","Nível 3","Nível 3","1.5.2.","","","ESQUADRIAS METÁLICAS",null,{"$f":"OFFSET(CÁLCULO!H$15,ROW($T63)-ROW(T$15),0)","v":0},0,"BDI 1",{"$f":"IF($C63=\"S\",ROUND(IF(TIPOORCAMENTO=\"Proposto\",ORÇAMENTO.CustoUnitario*(1+$AH63),ORÇAMENTO.PrecoUnitarioLicitado),15-13*$AF$10),0)","v":0},{"$f":"IF($C63=\"S\",IF(OR(Import.TipoArredondamento<>\"TransfereGOV\",ACOMPANHAMENTO=\"BM\"),VTOTAL1,SUM(OFFSET(CÁLCULO!$AQ$15,ROW($X63)-ROW($X$15),1):OFFSET(CÁLCULO!$BR$15,ROW($X63)-ROW($X$15),-1))),IF($C63=0,0,ROUND(SomaAgrup,15-13*$AF$11)))","v":55904.45},"RA","",{"$f":"IF($C63=\"S\",IF($Z63=\"CP\",$X63,IF($Z63=\"RA\",(($X63)*QCI!$AA$3),0)),SomaAgrup)","v":816.76436756198348},{"$f":"IF($C63=\"S\",IF($Z63=\"OU\",ROUND($X63,2),0),SomaAgrup)","v":0},{"$f":"IF($N63=\"\",\" \",\nIF(AND($C63<>\"S\",OR($R63=\"\",$R63=\"(digite a descrição aqui)\")),\"DESCRIÇÃO\",\nIF(AND($C63=\"S\",OR($Q63<>\"\",$T63>0,$U63>0),$P63=\"\"),\"FONTE\",\nIF(AND($C63=\"S\",$P63<>\"\",OR($T63>0,$U63>0),$Q63=\"\"),\"CÓDIGO\",\nIF(AND($C63=\"S\",$P63<>\"\",$Q63<>\"\",$R63=\"(Código não identificado nas referências)\"),\"CÓDIGO N/ID\",\nIF(AND($C63=\"S\",OR($R63=\"\",$R63=\"(digite a descrição aqui)\"),OR($Q63<>\"\",$T63>0,$U63>0)),\"DESCRIÇÃO\",\nIF(AND($C63=\"S\",$P63<>\"\",$Q63<>\"\",$S63=\"\"),\"UNIDADE\",\nIF(AND($C63=\"S\",$P63<>\"\",$Q63<>\"\",$U63=0),\"SEM CUSTO\",\nIF(AND(TIPOORCAMENTO=\"Licitado\",$AL63=0,$AN63>0),\"SEM PREÇO\",\nIF(AND($C63=\"S\",$P63<>\"\",$Q63<>\"\",$U63>0,AND($V63<>\"BDI 1\",$V63<>\"BDI 2\",$V63<>\"BDI 3\")),IF(ISNUMBER($V63),\"JUSTIFICAR BDI\",\"BDI\"),\nIF(OR(AND(import.recurso=\"OGU\",TIPOORCAMENTO=\"Proposto\",LEFT($O$8,5)<>\"(N/D:\",$AG63<>\"\",ORÇAMENTO.CustoUnitario>$AG63),AND(TIPOORCAMENTO=\"LICITADO\",ORÇAMENTO.PrecoUnitarioLicitado>$AN63)),\"ACIMA REF.\",\nIF(AND($C63=\"S\",$P63<>\"\",$Q63<>\"\",$T63=0,$U63>0),\"QUANT.\",\nIF(AND(Import.TipoArredondamento=\"TransfereGOV\",$L63=\"F\",$C63=\"S\",LEN($Q63)>13),\"Código >13\",\nIF(AND(Import.TipoArredondamento=\"TransfereGOV\",$L63=\"F\",$C63<>\"S\",LEN($R63)>100),\"Descrição >100\",\nIF(AND(Import.TipoArredondamento=\"TransfereGOV\",$L63=\"F\",$C63=\"S\",LEN($R63)>500),\"Descrição >500\",\nIF(AND(Import.TipoArredondamento=\"TransfereGOV\",$L63=\"F\",$C63=\"S\",LEFT(TRIM(UPPER($P63)),6)<>\"SINAPI\",ISNA(VLOOKUP(TRIM(UPPER($S63)),ListaTgov.Unidades,1,FALSE))),\"Unid. Não Disp\",\n\" \"))))))))))))))))","v":" "},{"$f":"IF(C63<=CRONO.NivelExibicao,MAX($AD$15:OFFSET(AD63,-1,0))+IF($C63<>1,1,MAX(1,COUNTIF(QCI!$A$13:$A$24,OFFSET($E63,-1,0)))),\"\")","v":""},{"$f":"IF(AND($C63=\"S\",ORÇAMENTO.CodBarra<>\"\"),IF(ORÇAMENTO.Fonte=\"\",ORÇAMENTO.CodBarra,CONCATENATE(ORÇAMENTO.Fonte,\" \",ORÇAMENTO.CodBarra)))","v":false},{"$f":"IF(ISERROR(ORÇAMENTO.BancoRef),\"(abra o arquivo 'Referência \"&Excel_BuiltIn_Database&\".xlsm)\",IF(OR($C63<>\"S\",ORÇAMENTO.CodBarra=\"\"),\"(Sem Código)\",IF(ISERROR(MATCH($AE63,INDIRECT(ORÇAMENTO.BancoRef),0)),\"(Código não identificado nas referências)\",MATCH($AE63,INDIRECT(ORÇAMENTO.BancoRef),0))))","v":"(Sem Código)"},{"$f":"ROUND(IF(DESONERACAO=\"sim\",REFERENCIA.Desonerado,REFERENCIA.NaoDesonerado),2)","v":0},0.25390000000000001,null,null,null,null,55904.45,{"$f":"ROUND(ORÇAMENTO.CustoUnitario*(1+$AH63),2)","v":0}]
["S",3,"S",0,{"$f":"IF($C64=1,OFFSET(E64,-1,0)+MAX(1,COUNTIF(QCI!$A$13:$A$24,OFFSET(ORÇAMENTO!E64,-1,0))),OFFSET(E64,-1,0))","v":1},5,2,0,1,0,{"$f":"IF(OR($C64=\"S\",$C64=0),0,MATCH(OFFSET($D64,0,$C64)+IF($C64<>1,1,COUNTIF(QCI!$A$13:$A$24,ORÇAMENTO!E64)),OFFSET($D64,1,$C64,ROW($C$237)-ROW($C64)),0))","v":0},"F","Serviço","Serviço","1.5.2.0.1.","SINAPI","91338",{"$f":"IF($C64=\"S\",REFERENCIA.Descricao,\"(digite a descrição aqui)\")","v":"PORTA DE ALUMÍNIO DE ABRIR COM LAMBRI, COM GUARNIÇÃO, FIXAÇÃO COM PARAFUSOS - FORNECIMENTO E INSTALAÇÃO. AF_12/2019"},{"$f":"REFERENCIA.Unidade","v":"M2"},{"$f":"OFFSET(CÁLCULO!H$15,ROW($T64)-ROW(T$15),0)","v":16.8},1330.47,"BDI 1",{"$f":"IF($C64=\"S\",ROUND(IF(TIPOORCAMENTO=\"Proposto\",ORÇAMENTO.CustoUnitario*(1+$AH64),ORÇAMENTO.PrecoUnitarioLicitado),15-13*$AF$10),0)","v":1668.28},{"$f":"IF($C64=\"S\",IF(OR(Import.TipoArredondamento<>\"TransfereGOV\",ACOMPANHAMENTO=\"BM\"),VTOTAL1,SUM(OFFSET(CÁLCULO!$AQ$15,ROW($X64)-ROW($X$15),1):OFFSET(CÁLCULO!$BR$15,ROW($X64)-ROW($X$15),-1))),IF($C64=0,0,ROUND(SomaAgrup,15-13*$AF$11)))","v":28027.1},"RA","RA",{"$f":"IF($C64=\"S\",IF($Z64=\"CP\",$X64,IF($Z64=\"RA\",(($X64)*QCI!$AA$3),0)),SomaAgrup)","v":409.47610800386127},{"$f":"IF($C64=\"S\",IF($Z64=\"OU\",ROUND($X64,2),0),SomaAgrup)","v":0},{"$f":"IF($N64=\"\",\" \",\nIF(AND($C64<>\"S\",OR($R64=\"\",$R64=\"(digite a descrição aqui)\")),\"DESCRIÇÃO\",\nIF(AND($C64=\"S\",OR($Q64<>\"\",$T64>0,$U64>0),$P64=\"\"),\"FONTE\",\nIF(AND($C64=\"S\",$P64<>\"\",OR($T64>0,$U64>0),$Q64=\"\"),\"CÓDIGO\",\nIF(AND($C64=\"S\",$P64<>\"\",$Q64<>\"\",$R64=\"(Código não identificado nas referências)\"),\"CÓDIGO N/ID\",\nIF(AND($C64=\"S\",OR($R64=\"\",$R64=\"(digite a descrição aqui)\"),OR($Q64<>\"\",$T64>0,$U64>0)),\"DESCRIÇÃO\",\nIF(AND($C64=\"S\",$P64<>\"\",$Q64<>\"\",$S64=\"\"),\"UNIDADE\",\nIF(AND($C64=\"S\",$P64<>\"\",$Q64<>\"\",$U64=0),\"SEM CUSTO\",\nIF(AND(TIPOORCAMENTO=\"Licitado\",$AL64=0,$AN64>0),\"SEM PREÇO\",\nIF(AND($C64=\"S\",$P64<>\"\",$Q64<>\"\",$U64>0,AND($V64<>\"BDI 1\",$V64<>\"BDI 2\",$V64<>\"BDI 3\")),IF(ISNUMBER($V64),\"JUSTIFICAR BDI\",\"BDI\"),\nIF(OR(AND(import.recurso=\"OGU\",TIPOORCAMENTO=\"Proposto\",LEFT($O$8,5)<>\"(N/D:\",$AG64<>\"\",ORÇAMENTO.CustoUnitario>$AG64),AND(TIPOORCAMENTO=\"LICITADO\",ORÇAMENTO.PrecoUnitarioLicitado>$AN64)),\"ACIMA REF.\",\nIF(AND($C64=\"S\",$P64<>\"\",$Q64<>\"\",$T64=0,$U64>0),\"QUANT.\",\nIF(AND(Import.TipoArredondamento=\"TransfereGOV\",$L64=\"F\",$C64=\"S\",LEN($Q64)>13),\"Código >13\",\nIF(AND(Import.TipoArredondamento=\"TransfereGOV\",$L64=\"F\",$C64<>\"S\",LEN($R64)>100),\"Descrição >100\",\nIF(AND(Import.TipoArredondamento=\"TransfereGOV\",$L64=\"F\",$C64=\"S\",LEN($R64)>500),\"Descrição >500\",\nIF(AND(Import.TipoArredondamento=\"TransfereGOV\",$L64=\"F\",$C64=\"S\",LEFT(TRIM(UPPER($P64)),6)<>\"SINAPI\",ISNA(VLOOKUP(TRIM(UPPER($S64)),ListaTgov.Unidades,1,FALSE))),\"Unid. Não Disp\",\n\" \"))))))))))))))))","v":" "},{"$f":"IF(C64<=CRONO.NivelExibicao,MAX($AD$15:OFFSET(AD64,-1,0))+IF($C64<>1,1,MAX(1,COUNTIF(QCI!$A$13:$A$24,OFFSET($E64,-1,0)))),\"\")","v":""},{"$f":"IF(AND($C64=\"S\",ORÇAMENTO.CodBarra<>\"\"),IF(ORÇAMENTO.Fonte=\"\",ORÇAMENTO.CodBarra,CONCATENATE(ORÇAMENTO.Fonte,\" \",ORÇAMENTO.CodBarra)))","v":"SINAPI 91338"},{"$f":"IF(ISERROR(ORÇAMENTO.BancoRef),\"(abra o arquivo 'Referência \"&Excel_BuiltIn_Database&\".xlsm)\",IF(OR($C64<>\"S\",ORÇAMENTO.CodBarra=\"\"),\"(Sem Código)\",IF(ISERROR(MATCH($AE64,INDIRECT(ORÇAMENTO.BancoRef),0)),\"(Código não identificado nas referências)\",MATCH($AE64,INDIRECT(ORÇAMENTO.BancoRef),0))))","v":9550},{"$f":"ROUND(IF(DESONERACAO=\"sim\",REFERENCIA.Desonerado,REFERENCIA.NaoDesonerado),2)","v":1530.05},0.25390000000000001,null,null,null,null,28027.1,{"$f":"ROUND(ORÇAMENTO.CustoUnitario*(1+$AH64),2)","v":1668.28}]
["S",3,"S",0,{"$f":"IF($C65=1,OFFSET(E65,-1,0)+MAX(1,COUNTIF(QCI!$A$13:$A$24,OFFSET(ORÇAMENTO!E65,-1,0))),OFFSET(E65,-1,0))","v":1},5,2,0,2,0,{"$f":"IF(OR($C65=\"S\",$C65=0),0,MATCH(OFFSET($D65,0,$C65)+IF($C65<>1,1,COUNTIF(QCI!$A$13:$A$24,ORÇAMENTO!E65)),OFFSET($D65,1,$C65,ROW($C$237)-ROW($C65)),0))","v":0},"F","Serviço","Serviço","1.5.2.0.2.","SINAPI","94570",{"$f":"IF($C65=\"S\",REFERENCIA.Descricao,\"(digite a descrição aqui)\")","v":"JANELA DE ALUMÍNIO DE CORRER COM 2 FOLHAS PARA VIDROS (VIDROS INCLUSOS), BATENTE/ REQUADRO 6 A 14 CM, ACABAMENTO COM ACETATO OU BRILHANTE, FIXAÇÃO COM PARAFUSO, SEM GUARNIÇÃO/ ALIZAR, DIMENSÕES 100X120 CM, VEDAÇÃO COM SILICONE, EXCLUSIVE CONTRAMARCO - FORNECIMENTO E INSTALAÇÃO. AF_11/2024"},{"$f":"REFERENCIA.Unidade","v":"M2"},{"$f":"OFFSET(CÁLCULO!H$15,ROW($T65)-ROW(T$15),0)","v":13},590.09,"BDI 1",{"$f":"IF($C65=\"S\",ROUND(IF(TIPOORCAMENTO=\"Proposto\",ORÇAMENTO.CustoUnitario*(1+$AH65),ORÇAMENTO.PrecoUnitarioLicitado),15-13*$AF$10),0)","v":739.91},{"$f":"IF($C65=\"S\",IF(OR(Import.TipoArredondamento<>\"TransfereGOV\",ACOMPANHAMENTO=\"BM\"),VTOTAL1,SUM(OFFSET(CÁLCULO!$AQ$15,ROW($X65)-ROW($X$15),1):OFFSET(CÁLCULO!$BR$15,ROW($X65)-ROW($X$15),-1))),IF($C65=0,0,ROUND(SomaAgrup,15-13*$AF$11)))","v":9618.85},"RA","RA",{"$f":"IF($C65=\"S\",IF($Z65=\"CP\",$X65,IF($Z65=\"RA\",(($X65)*QCI!$AA$3),0)),SomaAgrup)","v":140.53145924740488},{"$f":"IF($C65=\"S\",IF($Z65=\"OU\",ROUND($X65,2),0),SomaAgrup)","v":0},{"$f":"IF($N65=\"\",\" \",\nIF(AND($C65<>\"S\",OR($R65=\"\",$R65=\"(digite a descrição aqui)\")),\"DESCRIÇÃO\",\nIF(AND($C65=\"S\",OR($Q65<>\"\",$T65>0,$U65>0),$P65=\"\"),\"FONTE\",\nIF(AND($C65=\"S\",$P65<>\"\",OR($T65>0,$U65>0),$Q65=\"\"),\"CÓDIGO\",\nIF(AND($C65=\"S\",$P65<>\"\",$Q65<>\"\",$R65=\"(Código não identificado nas referências)\"),\"CÓDIGO N/ID\",\nIF(AND($C65=\"S\",OR($R65=\"\",$R65=\"(digite a descrição aqui)\"),OR($Q65<>\"\",$T65>0,$U65>0)),\"DESCRIÇÃO\",\nIF(AND($C65=\"S\",$P65<>\"\",$Q65<>\"\",$S65=\"\"),\"UNIDADE\",\nIF(AND($C65=\"S\",$P65<>\"\",$Q65<>\"\",$U65=0),\"SEM CUSTO\",\nIF(AND(TIPOORCAMENTO=\"Licitado\",$AL65=0,$AN65>0),\"SEM PREÇO\",\nIF(AND($C65=\"S\",$P65<>\"\",$Q65<>\"\",$U65>0,AND($V65<>\"BDI 1\",$V65<>\"BDI 2\",$V65<>\"BDI 3\")),IF(ISNUMBER($V65),\"JUSTIFICAR BDI\",\"BDI\"),\nIF(OR(AND(import.recurso=\"OGU\",TIPOORCAMENTO=\"Proposto\",LEFT($O$8,5)<>\"(N/D:\",$AG65<>\"\",ORÇAMENTO.CustoUnitario>$AG65),AND(TIPOORCAMENTO=\"LICITADO\",ORÇAMENTO.PrecoUnitarioLicitado>$AN65)),\"ACIMA REF.\",\nIF(AND($C65=\"S\",$P65<>\"\",$Q65<>\"\",$T65=0,$U65>0),\"QUANT.\",\nIF(AND(Import.TipoArredondamento=\"TransfereGOV\",$L65=\"F\",$C65=\"S\",LEN($Q65)>13),\"Código >13\",\nIF(AND(Import.TipoArredondamento=\"TransfereGOV\",$L65=\"F\",$C65<>\"S\",LEN($R65)>100),\"Descrição >100\",\nIF(AND(Import.TipoArredondamento=\"TransfereGOV\",$L65=\"F\",$C65=\"S\",LEN($R65)>500),\"Descrição >500\",\nIF(AND(Import.TipoArredondamento=\"TransfereGOV\",$L65=\"F\",$C65=\"S\",LEFT(TRIM(UPPER($P65)),6)<>\"SINAPI\",ISNA(VLOOKUP(TRIM(UPPER($S65)),ListaTgov.Unidades,1,FALSE))),\"Unid. Não Disp\",\n\" \"))))))))))))))))","v":" "},{"$f":"IF(C65<=CRONO.NivelExibicao,MAX($AD$15:OFFSET(AD65,-1,0))+IF($C65<>1,1,MAX(1,COUNTIF(QCI!$A$13:$A$24,OFFSET($E65,-1,0)))),\"\")","v":""},{"$f":"IF(AND($C65=\"S\",ORÇAMENTO.CodBarra<>\"\"),IF(ORÇAMENTO.Fonte=\"\",ORÇAMENTO.CodBarra,CONCATENATE(ORÇAMENTO.Fonte,\" \",ORÇAMENTO.CodBarra)))","v":"SINAPI 94570"},{"$f":"IF(ISERROR(ORÇAMENTO.BancoRef),\"(abra o arquivo 'Referência \"&Excel_BuiltIn_Database&\".xlsm)\",IF(OR($C65<>\"S\",ORÇAMENTO.CodBarra=\"\"),\"(Sem Código)\",IF(ISERROR(MATCH($AE65,INDIRECT(ORÇAMENTO.BancoRef),0)),\"(Código não identificado nas referências)\",MATCH($AE65,INDIRECT(ORÇAMENTO.BancoRef),0))))","v":9434},{"$f":"ROUND(IF(DESONERACAO=\"sim\",REFERENCIA.Desonerado,REFERENCIA.NaoDesonerado),2)","v":678.61},0.25390000000000001,null,null,null,null,9618.85,{"$f":"ROUND(ORÇAMENTO.CustoUnitario*(1+$AH65),2)","v":739.91}]
["S",3,"S",0,{"$f":"IF($C66=1,OFFSET(E66,-1,0)+MAX(1,COUNTIF(QCI!$A$13:$A$24,OFFSET(ORÇAMENTO!E66,-1,0))),OFFSET(E66,-1,0))","v":1},5,2,0,3,0,{"$f":"IF(OR($C66=\"S\",$C66=0),0,MATCH(OFFSET($D66,0,$C66)+IF($C66<>1,1,COUNTIF(QCI!$A$13:$A$24,ORÇAMENTO!E66)),OFFSET($D66,1,$C66,ROW($C$237)-ROW($C66)),0))","v":0},"F","Serviço","Serviço","1.5.2.0.3.","SINAPI","94572",{"$f":"IF($C66=\"S\",REFERENCIA.Descricao,\"(digite a descrição aqui)\")","v":"JANELA DE ALUMÍNIO DE CORRER COM 3 FOLHAS (2 VENEZIANAS E 1 FOLHA PARA VIDRO,VIDRO INCLUSO), BATENTE/ REQUADRO 6 A 14 CM, SEM ACABAMENTO, FIXAÇÃO COM PARAFUSO, SEM GUARNIÇÃO/ ALIZAR, DIMENSÕES 100X120 CM, VEDAÇÃO COM SILICONE, EXCLUSIVE CONTRAMARCO - FORNECIMENTO E INSTALAÇÃO. AF_11/2024"},{"$f":"REFERENCIA.Unidade","v":"M2"},{"$f":"OFFSET(CÁLCULO!H$15,ROW($T66)-ROW(T$15),0)","v":14},850.8,"BDI 1",{"$f":"IF($C66=\"S\",ROUND(IF(TIPOORCAMENTO=\"Proposto\",ORÇAMENTO.CustoUnitario*(1+$AH66),ORÇAMENTO.PrecoUnitarioLicitado),15-13*$AF$10),0)","v":1066.82},{"$f":"IF($C66=\"S\",IF(OR(Import.TipoArredondamento<>\"TransfereGOV\",ACOMPANHAMENTO=\"BM\"),VTOTAL1,SUM(OFFSET(CÁLCULO!$AQ$15,ROW($X66)-ROW($X$15),1):OFFSET(CÁLCULO!$BR$15,ROW($X66)-ROW($X$15),-1))),IF($C66=0,0,ROUND(SomaAgrup,15-13*$AF$11)))","v":14935.5},"RA","RA",{"$f":"IF($C66=\"S\",IF($Z66=\"CP\",$X66,IF($Z66=\"RA\",(($X66)*QCI!$AA$3),0)),SomaAgrup)","v":218.20774932446346},{"$f":"IF($C66=\"S\",IF($Z66=\"OU\",ROUND($X66,2),0),SomaAgrup)","v":0},{"$f":"IF($N66=\"\",\" \",\nIF(AND($C66<>\"S\",OR($R66=\"\",$R66=\"(digite a descrição aqui)\")),\"DESCRIÇÃO\",\nIF(AND($C66=\"S\",OR($Q66<>\"\",$T66>0,$U66>0),$P66=\"\"),\"FONTE\",\nIF(AND($C66=\"S\",$P66<>\"\",OR($T66>0,$U66>0),$Q66=\"\"),\"CÓDIGO\",\nIF(AND($C66=\"S\",$P66<>\"\",$Q66<>\"\",$R66=\"(Código não identificado nas referências)\"),\"CÓDIGO N/ID\",\nIF(AND($C66=\"S\",OR($R66=\"\",$R66=\"(digite a descrição aqui)\"),OR($Q66<>\"\",$T66>0,$U66>0)),\"DESCRIÇÃO\",\nIF(AND($C66=\"S\",$P66<>\"\",$Q66<>\"\",$S66=\"\"),\"UNIDADE\",\nIF(AND($C66=\"S\",$P66<>\"\",$Q66<>\"\",$U66=0),\"SEM CUSTO\",\nIF(AND(TIPOORCAMENTO=\"Licitado\",$AL66=0,$AN66>0),\"SEM PREÇO\",\nIF(AND($C66=\"S\",$P66<>\"\",$Q66<>\"\",$U66>0,AND($V66<>\"BDI 1\",$V66<>\"BDI 2\",$V66<>\"BDI 3\")),IF(ISNUMBER($V66),\"JUSTIFICAR BDI\",\"BDI\"),\nIF(OR(AND(import.recurso=\"OGU\",TIPOORCAMENTO=\"Proposto\",LEFT($O$8,5)<>\"(N/D:\",$AG66<>\"\",ORÇAMENTO.CustoUnitario>$AG66),AND(TIPOORCAMENTO=\"LICITADO\",ORÇAMENTO.PrecoUnitarioLicitado>$AN66)),\"ACIMA REF.\",\nIF(AND($C66=\"S\",$P66<>\"\",$Q66<>\"\",$T66=0,$U66>0),\"QUANT.\",\nIF(AND(Import.TipoArredondamento=\"TransfereGOV\",$L66=\"F\",$C66=\"S\",LEN($Q66)>13),\"Código >13\",\nIF(AND(Import.TipoArredondamento=\"TransfereGOV\",$L66=\"F\",$C66<>\"S\",LEN($R66)>100),\"Descrição >100\",\nIF(AND(Import.TipoArredondamento=\"TransfereGOV\",$L66=\"F\",$C66=\"S\",LEN($R66)>500),\"Descrição >500\",\nIF(AND(Import.TipoArredondamento=\"TransfereGOV\",$L66=\"F\",$C66=\"S\",LEFT(TRIM(UPPER($P66)),6)<>\"SINAPI\",ISNA(VLOOKUP(TRIM(UPPER($S66)),ListaTgov.Unidades,1,FALSE))),\"Unid. Não Disp\",\n\" \"))))))))))))))))","v":" "},{"$f":"IF(C66<=CRONO.NivelExibicao,MAX($AD$15:OFFSET(AD66,-1,0))+IF($C66<>1,1,MAX(1,COUNTIF(QCI!$A$13:$A$24,OFFSET($E66,-1,0)))),\"\")","v":""},{"$f":"IF(AND($C66=\"S\",ORÇAMENTO.CodBarra<>\"\"),IF(ORÇAMENTO.Fonte=\"\",ORÇAMENTO.CodBarra,CONCATENATE(ORÇAMENTO.Fonte,\" \",ORÇAMENTO.CodBarra)))","v":"SINAPI 94572"},{"$f":"IF(ISERROR(ORÇAMENTO.BancoRef),\"(abra o arquivo 'Referência \"&Excel_BuiltIn_Database&\".xlsm)\",IF(OR($C66<>\"S\",ORÇAMENTO.CodBarra=\"\"),\"(Sem Código)\",IF(ISERROR(MATCH($AE66,INDIRECT(ORÇAMENTO.BancoRef),0)),\"(Código não identificado nas referências)\",MATCH($AE66,INDIRECT(ORÇAMENTO.BancoRef),0))))","v":9436},{"$f":"ROUND(IF(DESONERACAO=\"sim\",REFERENCIA.Desonerado,REFERENCIA.NaoDesonerado),2)","v":978.43},0.25390000000000001,null,null,null,null,14935.5,{"$f":"ROUND(ORÇAMENTO.CustoUnitario*(1+$AH66),2)","v":1066.82}]
["S",3,"S",0,{"$f":"IF($C67=1,OFFSET(E67,-1,0)+MAX(1,COUNTIF(QCI!$A$13:$A$24,OFFSET(ORÇAMENTO!E67,-1,0))),OFFSET(E67,-1,0))","v":1},5,2,0,4,0,{"$f":"IF(OR($C67=\"S\",$C67=0),0,MATCH(OFFSET($D67,0,$C67)+IF($C67<>1,1,COUNTIF(QCI!$A$13:$A$24,ORÇAMENTO!E67)),OFFSET($D67,1,$C67,ROW($C$237)-ROW($C67)),0))","v":0},"F","Serviço","Serviço","1.5.2.0.4.","SINAPI","94569",{"$f":"IF($C67=\"S\",REFERENCIA.Descricao,\"(digite a descrição aqui)\")","v":"JANELA DE ALUMÍNIO TIPO MAXIM-AR, BATENTE/ REQUADRO 3 A 14 CM, VIDRO INCLUSO, FIXAÇÃO COM PARAFUSO, SEM GUARNIÇÃO/ ALIZAR, DIMENSÕES 60X80 (A X L) CM, SEM ACABAMENTO, VEDAÇÃO COM SILICONE, EXCLUSIVE CONTRAMARCO - FORNECIMENTO E INSTALAÇÃO. AF_11/2024"},{"$f":"REFERENCIA.Unidade","v":"M2"},{"$f":"OFFSET(CÁLCULO!H$15,ROW($T67)-ROW(T$15),0)","v":2.4},1104.22,"BDI 1",{"$f":"IF($C67=\"S\",ROUND(IF(TIPOORCAMENTO=\"Proposto\",ORÇAMENTO.CustoUnitario*(1+$AH67),ORÇAMENTO.PrecoUnitarioLicitado),15-13*$AF$10),0)","v":1384.58},{"$f":"IF($C67=\"S\",IF(OR(Import.TipoArredondamento<>\"TransfereGOV\",ACOMPANHAMENTO=\"BM\"),VTOTAL1,SUM(OFFSET(CÁLCULO!$AQ$15,ROW($X67)-ROW($X$15),1):OFFSET(CÁLCULO!$BR$15,ROW($X67)-ROW($X$15),-1))),IF($C67=0,0,ROUND(SomaAgrup,15-13*$AF$11)))","v":3323},"RA","RA",{"$f":"IF($C67=\"S\",IF($Z67=\"CP\",$X67,IF($Z67=\"RA\",(($X67)*QCI!$AA$3),0)),SomaAgrup)","v":48.549050986253697},{"$f":"IF($C67=\"S\",IF($Z67=\"OU\",ROUND($X67,2),0),SomaAgrup)","v":0},{"$f":"IF($N67=\"\",\" \",\nIF(AND($C67<>\"S\",OR($R67=\"\",$R67=\"(digite a descrição aqui)\")),\"DESCRIÇÃO\",\nIF(AND($C67=\"S\",OR($Q67<>\"\",$T67>0,$U67>0),$P67=\"\"),\"FONTE\",\nIF(AND($C67=\"S\",$P67<>\"\",OR($T67>0,$U67>0),$Q67=\"\"),\"CÓDIGO\",\nIF(AND($C67=\"S\",$P67<>\"\",$Q67<>\"\",$R67=\"(Código não identificado nas referências)\"),\"CÓDIGO N/ID\",\nIF(AND($C67=\"S\",OR($R67=\"\",$R67=\"(digite a descrição aqui)\"),OR($Q67<>\"\",$T67>0,$U67>0)),\"DESCRIÇÃO\",\nIF(AND($C67=\"S\",$P67<>\"\",$Q67<>\"\",$S67=\"\"),\"UNIDADE\",\nIF(AND($C67=\"S\",$P67<>\"\",$Q67<>\"\",$U67=0),\"SEM CUSTO\",\nIF(AND(TIPOORCAMENTO=\"Licitado\",$AL67=0,$AN67>0),\"SEM PREÇO\",\nIF(AND($C67=\"S\",$P67<>\"\",$Q67<>\"\",$U67>0,AND($V67<>\"BDI 1\",$V67<>\"BDI 2\",$V67<>\"BDI 3\")),IF(ISNUMBER($V67),\"JUSTIFICAR BDI\",\"BDI\"),\nIF(OR(AND(import.recurso=\"OGU\",TIPOORCAMENTO=\"Proposto\",LEFT($O$8,5)<>\"(N/D:\",$AG67<>\"\",ORÇAMENTO.CustoUnitario>$AG67),AND(TIPOORCAMENTO=\"LICITADO\",ORÇAMENTO.PrecoUnitarioLicitado>$AN67)),\"ACIMA REF.\",\nIF(AND($C67=\"S\",$P67<>\"\",$Q67<>\"\",$T67=0,$U67>0),\"QUANT.\",\nIF(AND(Import.TipoArredondamento=\"TransfereGOV\",$L67=\"F\",$C67=\"S\",LEN($Q67)>13),\"Código >13\",\nIF(AND(Import.TipoArredondamento=\"TransfereGOV\",$L67=\"F\",$C67<>\"S\",LEN($R67)>100),\"Descrição >100\",\nIF(AND(Import.TipoArredondamento=\"TransfereGOV\",$L67=\"F\",$C67=\"S\",LEN($R67)>500),\"Descrição >500\",\nIF(AND(Import.TipoArredondamento=\"TransfereGOV\",$L67=\"F\",$C67=\"S\",LEFT(TRIM(UPPER($P67)),6)<>\"SINAPI\",ISNA(VLOOKUP(TRIM(UPPER($S67)),ListaTgov.Unidades,1,FALSE))),\"Unid. Não Disp\",\n\" \"))))))))))))))))","v":" "},{"$f":"IF(C67<=CRONO.NivelExibicao,MAX($AD$15:OFFSET(AD67,-1,0))+IF($C67<>1,1,MAX(1,COUNTIF(QCI!$A$13:$A$24,OFFSET($E67,-1,0)))),\"\")","v":""},{"$f":"IF(AND($C67=\"S\",ORÇAMENTO.CodBarra<>\"\"),IF(ORÇAMENTO.Fonte=\"\",ORÇAMENTO.CodBarra,CONCATENATE(ORÇAMENTO.Fonte,\" \",ORÇAMENTO.CodBarra)))","v":"SINAPI 94569"},{"$f":"IF(ISERROR(ORÇAMENTO.BancoRef),\"(abra o arquivo 'Referência \"&Excel_BuiltIn_Database&\".xlsm)\",IF(OR($C67<>\"S\",ORÇAMENTO.CodBarra=\"\"),\"(Sem Código)\",IF(ISERROR(MATCH($AE67,INDIRECT(ORÇAMENTO.BancoRef),0)),\"(Código não identificado nas referências)\",MATCH($AE67,INDIRECT(ORÇAMENTO.BancoRef),0))))","v":9439},{"$f":"ROUND(IF(DESONERACAO=\"sim\",REFERENCIA.Desonerado,REFERENCIA.NaoDesonerado),2)","v":1269.8599999999999},0.25390000000000001,null,null,null,null,3323,{"$f":"ROUND(ORÇAMENTO.CustoUnitario*(1+$AH67),2)","v":1384.58}]
[3,3,3,2,{"$f":"IF($C68=1,OFFSET(E68,-1,0)+MAX(1,COUNTIF(QCI!$A$13:$A$24,OFFSET(ORÇAMENTO!E68,-1,0))),OFFSET(E68,-1,0))","v":1},5,3,0,0,2,{"$f":"IF(OR($C68=\"S\",$C68=0),0,MATCH(OFFSET($D68,0,$C68)+IF($C68<>1,1,COUNTIF(QCI!$A$13:$A$24,ORÇAMENTO!E68)),OFFSET($D68,1,$C68,ROW($C$237)-ROW($C68)),0))","v":26},"F","Nível 3","Nível 3","1.5.3.","","","ESQUADRIAS DE MADEIRAS",null,{"$f":"OFFSET(CÁLCULO!H$15,ROW($T68)-ROW(T$15),0)","v":0},0,"BDI 1",{"$f":"IF($C68=\"S\",ROUND(IF(TIPOORCAMENTO=\"Proposto\",ORÇAMENTO.CustoUnitario*(1+$AH68),ORÇAMENTO.PrecoUnitarioLicitado),15-13*$AF$10),0)","v":0},{"$f":"IF($C68=\"S\",IF(OR(Import.TipoArredondamento<>\"TransfereGOV\",ACOMPANHAMENTO=\"BM\"),VTOTAL1,SUM(OFFSET(CÁLCULO!$AQ$15,ROW($X68)-ROW($X$15),1):OFFSET(CÁLCULO!$BR$15,ROW($X68)-ROW($X$15),-1))),IF($C68=0,0,ROUND(SomaAgrup,15-13*$AF$11)))","v":17346.75},"RA","",{"$f":"IF($C68=\"S\",IF($Z68=\"CP\",$X68,IF($Z68=\"RA\",(($X68)*QCI!$AA$3),0)),SomaAgrup)","v":253.43612705260196},{"$f":"IF($C68=\"S\",IF($Z68=\"OU\",ROUND($X68,2),0),SomaAgrup)","v":0},{"$f":"IF($N68=\"\",\" \",\nIF(AND($C68<>\"S\",OR($R68=\"\",$R68=\"(digite a descrição aqui)\")),\"DESCRIÇÃO\",\nIF(AND($C68=\"S\",OR($Q68<>\"\",$T68>0,$U68>0),$P68=\"\"),\"FONTE\",\nIF(AND($C68=\"S\",$P68<>\"\",OR($T68>0,$U68>0),$Q68=\"\"),\"CÓDIGO\",\nIF(AND($C68=\"S\",$P68<>\"\",$Q68<>\"\",$R68=\"(Código não identificado nas referências)\"),\"CÓDIGO N/ID\",\nIF(AND($C68=\"S\",OR($R68=\"\",$R68=\"(digite a descrição aqui)\"),OR($Q68<>\"\",$T68>0,$U68>0)),\"DESCRIÇÃO\",\nIF(AND($C68=\"S\",$P68<>\"\",$Q68<>\"\",$S68=\"\"),\"UNIDADE\",\nIF(AND($C68=\"S\",$P68<>\"\",$Q68<>\"\",$U68=0),\"SEM CUSTO\",\nIF(AND(TIPOORCAMENTO=\"Licitado\",$AL68=0,$AN68>0),\"SEM PREÇO\",\nIF(AND($C68=\"S\",$P68<>\"\",$Q68<>\"\",$U68>0,AND($V68<>\"BDI 1\",$V68<>\"BDI 2\",$V68<>\"BDI 3\")),IF(ISNUMBER($V68),\"JUSTIFICAR BDI\",\"BDI\"),\nIF(OR(AND(import.recurso=\"OGU\",TIPOORCAMENTO=\"Proposto\",LEFT($O$8,5)<>\"(N/D:\",$AG68<>\"\",ORÇAMENTO.CustoUnitario>$AG68),AND(TIPOORCAMENTO=\"LICITADO\",ORÇAMENTO.PrecoUnitarioLicitado>$AN68)),\"ACIMA REF.\",\nIF(AND($C68=\"S\",$P68<>\"\",$Q68<>\"\",$T68=0,$U68>0),\"QUANT.\",\nIF(AND(Import.TipoArredondamento=\"TransfereGOV\",$L68=\"F\",$C68=\"S\",LEN($Q68)>13),\"Código >13\",\nIF(AND(Import.TipoArredondamento=\"TransfereGOV\",$L68=\"F\",$C68<>\"S\",LEN($R68)>100),\"Descrição >100\",\nIF(AND(Import.TipoArredondamento=\"TransfereGOV\",$L68=\"F\",$C68=\"S\",LEN($R68)>500),\"Descrição >500\",\nIF(AND(Import.TipoArredondamento=\"TransfereGOV\",$L68=\"F\",$C68=\"S\",LEFT(TRIM(UPPER($P68)),6)<>\"SINAPI\",ISNA(VLOOKUP(TRIM(UPPER($S68)),ListaTgov.Unidades,1,FALSE))),\"Unid. Não Disp\",\n\" \"))))))))))))))))","v":" "},{"$f":"IF(C68<=CRONO.NivelExibicao,MAX($AD$15:OFFSET(AD68,-1,0))+IF($C68<>1,1,MAX(1,COUNTIF(QCI!$A$13:$A$24,OFFSET($E68,-1,0)))),\"\")","v":""},{"$f":"IF(AND($C68=\"S\",ORÇAMENTO.CodBarra<>\"\"),IF(ORÇAMENTO.Fonte=\"\",ORÇAMENTO.CodBarra,CONCATENATE(ORÇAMENTO.Fonte,\" \",ORÇAMENTO.CodBarra)))","v":false},{"$f":"IF(ISERROR(ORÇAMENTO.BancoRef),\"(abra o arquivo 'Referência \"&Excel_BuiltIn_Database&\".xlsm)\",IF(OR($C68<>\"S\",ORÇAMENTO.CodBarra=\"\"),\"(Sem Código)\",IF(ISERROR(MATCH($AE68,INDIRECT(ORÇAMENTO.BancoRef),0)),\"(Código não identificado nas referências)\",MATCH($AE68,INDIRECT(ORÇAMENTO.BancoRef),0))))","v":"(Sem Código)"},{"$f":"ROUND(IF(DESONERACAO=\"sim\",REFERENCIA.Desonerado,REFERENCIA.NaoDesonerado),2)","v":0},0.25390000000000001,null,null,null,null,17346.75,{"$f":"ROUND(ORÇAMENTO.CustoUnitario*(1+$AH68),2)","v":0}]
["S",3,"S",0,{"$f":"IF($C69=1,OFFSET(E69,-1,0)+MAX(1,COUNTIF(QCI!$A$13:$A$24,OFFSET(ORÇAMENTO!E69,-1,0))),OFFSET(E69,-1,0))","v":1},5,3,0,1,0,{"$f":"IF(OR($C69=\"S\",$C69=0),0,MATCH(OFFSET($D69,0,$C69)+IF($C69<>1,1,COUNTIF(QCI!$A$13:$A$24,ORÇAMENTO!E69)),OFFSET($D69,1,$C69,ROW($C$237)-ROW($C69)),0))","v":0},"F","Serviço","Serviço","1.5.3.0.1.","SINAPI","91314",{"$f":"IF($C69=\"S\",REFERENCIA.Descricao,\"(digite a descrição aqui)\")","v":"KIT DE PORTA DE MADEIRA PARA PINTURA, SEMI-OCA (LEVE OU MÉDIA), PADRÃO POPULAR, 80X210CM, ESPESSURA DE 3,5CM, ITENS INCLUSOS: DOBRADIÇAS, MONTAGEM E INSTALAÇÃO DO BATENTE, FECHADURA COM EXECUÇÃO DO FURO - FORNECIMENTO E INSTALAÇÃO. AF_12/2019"},{"$f":"REFERENCIA.Unidade","v":"UN"},{"$f":"OFFSET(CÁLCULO!H$15,ROW($T69)-ROW(T$15),0)","v":15},922.28,"BDI 1",{"$f":"IF($C69=\"S\",ROUND(IF(TIPOORCAMENTO=\"Proposto\",ORÇAMENTO.CustoUnitario*(1+$AH69),ORÇAMENTO.PrecoUnitarioLicitado),15-13*$AF$10),0)","v":1156.45},{"$f":"IF($C69=\"S\",IF(OR(Import.TipoArredondamento<>\"TransfereGOV\",ACOMPANHAMENTO=\"BM\"),VTOTAL1,SUM(OFFSET(CÁLCULO!$AQ$15,ROW($X69)-ROW($X$15),1):OFFSET(CÁLCULO!$BR$15,ROW($X69)-ROW($X$15),-1))),IF($C69=0,0,ROUND(SomaAgrup,15-13*$AF$11)))","v":17346.75},"RA","RA",{"$f":"IF($C69=\"S\",IF($Z69=\"CP\",$X69,IF($Z69=\"RA\",(($X69)*QCI!$AA$3),0)),SomaAgrup)","v":253.43612705260196},{"$f":"IF($C69=\"S\",IF($Z69=\"OU\",ROUND($X69,2),0),SomaAgrup)","v":0},{"$f":"IF($N69=\"\",\" \",\nIF(AND($C69<>\"S\",OR($R69=\"\",$R69=\"(digite a descrição aqui)\")),\"DESCRIÇÃO\",\nIF(AND($C69=\"S\",OR($Q69<>\"\",$T69>0,$U69>0),$P69=\"\"),\"FONTE\",\nIF(AND($C69=\"S\",$P69<>\"\",OR($T69>0,$U69>0),$Q69=\"\"),\"CÓDIGO\",\nIF(AND($C69=\"S\",$P69<>\"\",$Q69<>\"\",$R69=\"(Código não identificado nas referências)\"),\"CÓDIGO N/ID\",\nIF(AND($C69=\"S\",OR($R69=\"\",$R69=\"(digite a descrição aqui)\"),OR($Q69<>\"\",$T69>0,$U69>0)),\"DESCRIÇÃO\",\nIF(AND($C69=\"S\",$P69<>\"\",$Q69<>\"\",$S69=\"\"),\"UNIDADE\",\nIF(AND($C69=\"S\",$P69<>\"\",$Q69<>\"\",$U69=0),\"SEM CUSTO\",\nIF(AND(TIPOORCAMENTO=\"Licitado\",$AL69=0,$AN69>0),\"SEM PREÇO\",\nIF(AND($C69=\"S\",$P69<>\"\",$Q69<>\"\",$U69>0,AND($V69<>\"BDI 1\",$V69<>\"BDI 2\",$V69<>\"BDI 3\")),IF(ISNUMBER($V69),\"JUSTIFICAR BDI\",\"BDI\"),\nIF(OR(AND(import.recurso=\"OGU\",TIPOORCAMENTO=\"Proposto\",LEFT($O$8,5)<>\"(N/D:\",$AG69<>\"\",ORÇAMENTO.CustoUnitario>$AG69),AND(TIPOORCAMENTO=\"LICITADO\",ORÇAMENTO.PrecoUnitarioLicitado>$AN69)),\"ACIMA REF.\",\nIF(AND($C69=\"S\",$P69<>\"\",$Q69<>\"\",$T69=0,$U69>0),\"QUANT.\",\nIF(AND(Import.TipoArredondamento=\"TransfereGOV\",$L69=\"F\",$C69=\"S\",LEN($Q69)>13),\"Código >13\",\nIF(AND(Import.TipoArredondamento=\"TransfereGOV\",$L69=\"F\",$C69<>\"S\",LEN($R69)>100),\"Descrição >100\",\nIF(AND(Import.TipoArredondamento=\"TransfereGOV\",$L69=\"F\",$C69=\"S\",LEN($R69)>500),\"Descrição >500\",\nIF(AND(Import.TipoArredondamento=\"TransfereGOV\",$L69=\"F\",$C69=\"S\",LEFT(TRIM(UPPER($P69)),6)<>\"SINAPI\",ISNA(VLOOKUP(TRIM(UPPER($S69)),ListaTgov.Unidades,1,FALSE))),\"Unid. Não Disp\",\n\" \"))))))))))))))))","v":" "},{"$f":"IF(C69<=CRONO.NivelExibicao,MAX($AD$15:OFFSET(AD69,-1,0))+IF($C69<>1,1,MAX(1,COUNTIF(QCI!$A$13:$A$24,OFFSET($E69,-1,0)))),\"\")","v":""},{"$f":"IF(AND($C69=\"S\",ORÇAMENTO.CodBarra<>\"\"),IF(ORÇAMENTO.Fonte=\"\",ORÇAMENTO.CodBarra,CONCATENATE(ORÇAMENTO.Fonte,\" \",ORÇAMENTO.CodBarra)))","v":"SINAPI 91314"},{"$f":"IF(ISERROR(ORÇAMENTO.BancoRef),\"(abra o arquivo 'Referência \"&Excel_BuiltIn_Database&\".xlsm)\",IF(OR($C69<>\"S\",ORÇAMENTO.CodBarra=\"\"),\"(Sem Código)\",IF(ISERROR(MATCH($AE69,INDIRECT(ORÇAMENTO.BancoRef),0)),\"(Código não identificado nas referências)\",MATCH($AE69,INDIRECT(ORÇAMENTO.BancoRef),0))))","v":9500},{"$f":"ROUND(IF(DESONERACAO=\"sim\",REFERENCIA.Desonerado,REFERENCIA.NaoDesonerado),2)","v":1060.6300000000001},0.25390000000000001,null,null,null,null,17346.75,{"$f":"ROUND(ORÇAMENTO.CustoUnitario*(1+$AH69),2)","v":1156.45}]
[2,2,2,8,{"$f":"IF($C70=1,OFFSET(E70,-1,0)+MAX(1,COUNTIF(QCI!$A$13:$A$24,OFFSET(ORÇAMENTO!E70,-1,0))),OFFSET(E70,-1,0))","v":1},6,0,0,0,167,{"$f":"IF(OR($C70=\"S\",$C70=0),0,MATCH(OFFSET($D70,0,$C70)+IF($C70<>1,1,COUNTIF(QCI!$A$13:$A$24,ORÇAMENTO!E70)),OFFSET($D70,1,$C70,ROW($C$237)-ROW($C70)),0))","v":8},"F","Nível 2","Nível 2","1.6.","","","COBERTURA E PROTEÇÕES",null,{"$f":"OFFSET(CÁLCULO!H$15,ROW($T70)-ROW(T$15),0)","v":0},0,"BDI 1",{"$f":"IF($C70=\"S\",ROUND(IF(TIPOORCAMENTO=\"Proposto\",ORÇAMENTO.CustoUnitario*(1+$AH70),ORÇAMENTO.PrecoUnitarioLicitado),15-13*$AF$10),0)","v":0},{"$f":"IF($C70=\"S\",IF(OR(Import.TipoArredondamento<>\"TransfereGOV\",ACOMPANHAMENTO=\"BM\"),VTOTAL1,SUM(OFFSET(CÁLCULO!$AQ$15,ROW($X70)-ROW($X$15),1):OFFSET(CÁLCULO!$BR$15,ROW($X70)-ROW($X$15),-1))),IF($C70=0,0,ROUND(SomaAgrup,15-13*$AF$11)))","v":122282.6},"RA","",{"$f":"IF($C70=\"S\",IF($Z70=\"CP\",$X70,IF($Z70=\"RA\",(($X70)*QCI!$AA$3),0)),SomaAgrup)","v":1786.5495582701374},{"$f":"IF($C70=\"S\",IF($Z70=\"OU\",ROUND($X70,2),0),SomaAgrup)","v":0},{"$f":"IF($N70=\"\",\" \",\nIF(AND($C70<>\"S\",OR($R70=\"\",$R70=\"(digite a descrição aqui)\")),\"DESCRIÇÃO\",\nIF(AND($C70=\"S\",OR($Q70<>\"\",$T70>0,$U70>0),$P70=\"\"),\"FONTE\",\nIF(AND($C70=\"S\",$P70<>\"\",OR($T70>0,$U70>0),$Q70=\"\"),\"CÓDIGO\",\nIF(AND($C70=\"S\",$P70<>\"\",$Q70<>\"\",$R70=\"(Código não identificado nas referências)\"),\"CÓDIGO N/ID\",\nIF(AND($C70=\"S\",OR($R70=\"\",$R70=\"(digite a descrição aqui)\"),OR($Q70<>\"\",$T70>0,$U70>0)),\"DESCRIÇÃO\",\nIF(AND($C70=\"S\",$P70<>\"\",$Q70<>\"\",$S70=\"\"),\"UNIDADE\",\nIF(AND($C70=\"S\",$P70<>\"\",$Q70<>\"\",$U70=0),\"SEM CUSTO\",\nIF(AND(TIPOORCAMENTO=\"Licitado\",$AL70=0,$AN70>0),\"SEM PREÇO\",\nIF(AND($C70=\"S\",$P70<>\"\",$Q70<>\"\",$U70>0,AND($V70<>\"BDI 1\",$V70<>\"BDI 2\",$V70<>\"BDI 3\")),IF(ISNUMBER($V70),\"JUSTIFICAR BDI\",\"BDI\"),\nIF(OR(AND(import.recurso=\"OGU\",TIPOORCAMENTO=\"Proposto\",LEFT($O$8,5)<>\"(N/D:\",$AG70<>\"\",ORÇAMENTO.CustoUnitario>$AG70),AND(TIPOORCAMENTO=\"LICITADO\",ORÇAMENTO.PrecoUnitarioLicitado>$AN70)),\"ACIMA REF.\",\nIF(AND($C70=\"S\",$P70<>\"\",$Q70<>\"\",$T70=0,$U70>0),\"QUANT.\",\nIF(AND(Import.TipoArredondamento=\"TransfereGOV\",$L70=\"F\",$C70=\"S\",LEN($Q70)>13),\"Código >13\",\nIF(AND(Import.TipoArredondamento=\"TransfereGOV\",$L70=\"F\",$C70<>\"S\",LEN($R70)>100),\"Descrição >100\",\nIF(AND(Import.TipoArredondamento=\"TransfereGOV\",$L70=\"F\",$C70=\"S\",LEN($R70)>500),\"Descrição >500\",\nIF(AND(Import.TipoArredondamento=\"TransfereGOV\",$L70=\"F\",$C70=\"S\",LEFT(TRIM(UPPER($P70)),6)<>\"SINAPI\",ISNA(VLOOKUP(TRIM(UPPER($S70)),ListaTgov.Unidades,1,FALSE))),\"Unid. Não Disp\",\n\" \"))))))))))))))))","v":" "},{"$f":"IF(C70<=CRONO.NivelExibicao,MAX($AD$15:OFFSET(AD70,-1,0))+IF($C70<>1,1,MAX(1,COUNTIF(QCI!$A$13:$A$24,OFFSET($E70,-1,0)))),\"\")","v":7},{"$f":"IF(AND($C70=\"S\",ORÇAMENTO.CodBarra<>\"\"),IF(ORÇAMENTO.Fonte=\"\",ORÇAMENTO.CodBarra,CONCATENATE(ORÇAMENTO.Fonte,\" \",ORÇAMENTO.CodBarra)))","v":false},{"$f":"IF(ISERROR(ORÇAMENTO.BancoRef),\"(abra o arquivo 'Referência \"&Excel_BuiltIn_Database&\".xlsm)\",IF(OR($C70<>\"S\",ORÇAMENTO.CodBarra=\"\"),\"(Sem Código)\",IF(ISERROR(MATCH($AE70,INDIRECT(ORÇAMENTO.BancoRef),0)),\"(Código não identificado nas referências)\",MATCH($AE70,INDIRECT(ORÇAMENTO.BancoRef),0))))","v":"(Sem Código)"},{"$f":"ROUND(IF(DESONERACAO=\"sim\",REFERENCIA.Desonerado,REFERENCIA.NaoDesonerado),2)","v":0},0.25390000000000001,null,null,null,null,122282.6,{"$f":"ROUND(ORÇAMENTO.CustoUnitario*(1+$AH70),2)","v":0}]
[3,3,3,7,{"$f":"IF($C71=1,OFFSET(E71,-1,0)+MAX(1,COUNTIF(QCI!$A$13:$A$24,OFFSET(ORÇAMENTO!E71,-1,0))),OFFSET(E71,-1,0))","v":1},6,1,0,0,7,{"$f":"IF(OR($C71=\"S\",$C71=0),0,MATCH(OFFSET($D71,0,$C71)+IF($C71<>1,1,COUNTIF(QCI!$A$13:$A$24,ORÇAMENTO!E71)),OFFSET($D71,1,$C71,ROW($C$237)-ROW($C71)),0))","v":15},"F","Nível 3","Nível 3","1.6.1.","","","TELHADOS",null,{"$f":"OFFSET(CÁLCULO!H$15,ROW($T71)-ROW(T$15),0)","v":0},0,"BDI 1",{"$f":"IF($C71=\"S\",ROUND(IF(TIPOORCAMENTO=\"Proposto\",ORÇAMENTO.CustoUnitario*(1+$AH71),ORÇAMENTO.PrecoUnitarioLicitado),15-13*$AF$10),0)","v":0},{"$f":"IF($C71=\"S\",IF(OR(Import.TipoArredondamento<>\"TransfereGOV\",ACOMPANHAMENTO=\"BM\"),VTOTAL1,SUM(OFFSET(CÁLCULO!$AQ$15,ROW($X71)-ROW($X$15),1):OFFSET(CÁLCULO!$BR$15,ROW($X71)-ROW($X$15),-1))),IF($C71=0,0,ROUND(SomaAgrup,15-13*$AF$11)))","v":122282.6},"RA","",{"$f":"IF($C71=\"S\",IF($Z71=\"CP\",$X71,IF($Z71=\"RA\",(($X71)*QCI!$AA$3),0)),SomaAgrup)","v":1786.5495582701374},{"$f":"IF($C71=\"S\",IF($Z71=\"OU\",ROUND($X71,2),0),SomaAgrup)","v":0},{"$f":"IF($N71=\"\",\" \",\nIF(AND($C71<>\"S\",OR($R71=\"\",$R71=\"(digite a descrição aqui)\")),\"DESCRIÇÃO\",\nIF(AND($C71=\"S\",OR($Q71<>\"\",$T71>0,$U71>0),$P71=\"\"),\"FONTE\",\nIF(AND($C71=\"S\",$P71<>\"\",OR($T71>0,$U71>0),$Q71=\"\"),\"CÓDIGO\",\nIF(AND($C71=\"S\",$P71<>\"\",$Q71<>\"\",$R71=\"(Código não identificado nas referências)\"),\"CÓDIGO N/ID\",\nIF(AND($C71=\"S\",OR($R71=\"\",$R71=\"(digite a descrição aqui)\"),OR($Q71<>\"\",$T71>0,$U71>0)),\"DESCRIÇÃO\",\nIF(AND($C71=\"S\",$P71<>\"\",$Q71<>\"\",$S71=\"\"),\"UNIDADE\",\nIF(AND($C71=\"S\",$P71<>\"\",$Q71<>\"\",$U71=0),\"SEM CUSTO\",\nIF(AND(TIPOORCAMENTO=\"Licitado\",$AL71=0,$AN71>0),\"SEM PREÇO\",\nIF(AND($C71=\"S\",$P71<>\"\",$Q71<>\"\",$U71>0,AND($V71<>\"BDI 1\",$V71<>\"BDI 2\",$V71<>\"BDI 3\")),IF(ISNUMBER($V71),\"JUSTIFICAR BDI\",\"BDI\"),\nIF(OR(AND(import.recurso=\"OGU\",TIPOORCAMENTO=\"Proposto\",LEFT($O$8,5)<>\"(N/D:\",$AG71<>\"\",ORÇAMENTO.CustoUnitario>$AG71),AND(TIPOORCAMENTO=\"LICITADO\",ORÇAMENTO.PrecoUnitarioLicitado>$AN71)),\"ACIMA REF.\",\nIF(AND($C71=\"S\",$P71<>\"\",$Q71<>\"\",$T71=0,$U71>0),\"QUANT.\",\nIF(AND(Import.TipoArredondamento=\"TransfereGOV\",$L71=\"F\",$C71=\"S\",LEN($Q71)>13),\"Código >13\",\nIF(AND(Import.TipoArredondamento=\"TransfereGOV\",$L71=\"F\",$C71<>\"S\",LEN($R71)>100),\"Descrição >100\",\nIF(AND(Import.TipoArredondamento=\"TransfereGOV\",$L71=\"F\",$C71=\"S\",LEN($R71)>500),\"Descrição >500\",\nIF(AND(Import.TipoArredondamento=\"TransfereGOV\",$L71=\"F\",$C71=\"S\",LEFT(TRIM(UPPER($P71)),6)<>\"SINAPI\",ISNA(VLOOKUP(TRIM(UPPER($S71)),ListaTgov.Unidades,1,FALSE))),\"Unid. Não Disp\",\n\" \"))))))))))))))))","v":" "},{"$f":"IF(C71<=CRONO.NivelExibicao,MAX($AD$15:OFFSET(AD71,-1,0))+IF($C71<>1,1,MAX(1,COUNTIF(QCI!$A$13:$A$24,OFFSET($E71,-1,0)))),\"\")","v":""},{"$f":"IF(AND($C71=\"S\",ORÇAMENTO.CodBarra<>\"\"),IF(ORÇAMENTO.Fonte=\"\",ORÇAMENTO.CodBarra,CONCATENATE(ORÇAMENTO.Fonte,\" \",ORÇAMENTO.CodBarra)))","v":false},{"$f":"IF(ISERROR(ORÇAMENTO.BancoRef),\"(abra o arquivo 'Referência \"&Excel_BuiltIn_Database&\".xlsm)\",IF(OR($C71<>\"S\",ORÇAMENTO.CodBarra=\"\"),\"(Sem Código)\",IF(ISERROR(MATCH($AE71,INDIRECT(ORÇAMENTO.BancoRef),0)),\"(Código não identificado nas referências)\",MATCH($AE71,INDIRECT(ORÇAMENTO.BancoRef),0))))","v":"(Sem Código)"},{"$f":"ROUND(IF(DESONERACAO=\"sim\",REFERENCIA.Desonerado,REFERENCIA.NaoDesonerado),2)","v":0},0.25390000000000001,null,null,null,null,122282.6,{"$f":"ROUND(ORÇAMENTO.CustoUnitario*(1+$AH71),2)","v":0}]
["S",3,"S",0,{"$f":"IF($C72=1,OFFSET(E72,-1,0)+MAX(1,COUNTIF(QCI!$A$13:$A$24,OFFSET(ORÇAMENTO!E72,-1,0))),OFFSET(E72,-1,0))","v":1},6,1,0,1,0,{"$f":"IF(OR($C72=\"S\",$C72=0),0,MATCH(OFFSET($D72,0,$C72)+IF($C72<>1,1,COUNTIF(QCI!$A$13:$A$24,ORÇAMENTO!E72)),OFFSET($D72,1,$C72,ROW($C$237)-ROW($C72)),0))","v":0},"F","Serviço","Serviço","1.6.1.0.1.","SINAPI","92541",{"$f":"IF($C72=\"S\",REFERENCIA.Descricao,\"(digite a descrição aqui)\")","v":"TRAMA DE MADEIRA COMPOSTA POR RIPAS, CAIBROS E TERÇAS PARA TELHADOS DE ATÉ 2 ÁGUAS PARA TELHA CERÂMICA CAPA-CANAL, INCLUSO TRANSPORTE VERTICAL. AF_07/2019"},{"$f":"REFERENCIA.Unidade","v":"M2"},{"$f":"OFFSET(CÁLCULO!H$15,ROW($T72)-ROW(T$15),0)","v":367.45},87.25,"BDI 1",{"$f":"IF($C72=\"S\",ROUND(IF(TIPOORCAMENTO=\"Proposto\",ORÇAMENTO.CustoUnitario*(1+$AH72),ORÇAMENTO.PrecoUnitarioLicitado),15-13*$AF$10),0)","v":109.4},{"$f":"IF($C72=\"S\",IF(OR(Import.TipoArredondamento<>\"TransfereGOV\",ACOMPANHAMENTO=\"BM\"),VTOTAL1,SUM(OFFSET(CÁLCULO!$AQ$15,ROW($X72)-ROW($X$15),1):OFFSET(CÁLCULO!$BR$15,ROW($X72)-ROW($X$15),-1))),IF($C72=0,0,ROUND(SomaAgrup,15-13*$AF$11)))","v":40199.050000000003},"RA","RA",{"$f":"IF($C72=\"S\",IF($Z72=\"CP\",$X72,IF($Z72=\"RA\",(($X72)*QCI!$AA$3),0)),SomaAgrup)","v":587.3083743752519},{"$f":"IF($C72=\"S\",IF($Z72=\"OU\",ROUND($X72,2),0),SomaAgrup)","v":0},{"$f":"IF($N72=\"\",\" \",\nIF(AND($C72<>\"S\",OR($R72=\"\",$R72=\"(digite a descrição aqui)\")),\"DESCRIÇÃO\",\nIF(AND($C72=\"S\",OR($Q72<>\"\",$T72>0,$U72>0),$P72=\"\"),\"FONTE\",\nIF(AND($C72=\"S\",$P72<>\"\",OR($T72>0,$U72>0),$Q72=\"\"),\"CÓDIGO\",\nIF(AND($C72=\"S\",$P72<>\"\",$Q72<>\"\",$R72=\"(Código não identificado nas referências)\"),\"CÓDIGO N/ID\",\nIF(AND($C72=\"S\",OR($R72=\"\",$R72=\"(digite a descrição aqui)\"),OR($Q72<>\"\",$T72>0,$U72>0)),\"DESCRIÇÃO\",\nIF(AND($C72=\"S\",$P72<>\"\",$Q72<>\"\",$S72=\"\"),\"UNIDADE\",\nIF(AND($C72=\"S\",$P72<>\"\",$Q72<>\"\",$U72=0),\"SEM CUSTO\",\nIF(AND(TIPOORCAMENTO=\"Licitado\",$AL72=0,$AN72>0),\"SEM PREÇO\",\nIF(AND($C72=\"S\",$P72<>\"\",$Q72<>\"\",$U72>0,AND($V72<>\"BDI 1\",$V72<>\"BDI 2\",$V72<>\"BDI 3\")),IF(ISNUMBER($V72),\"JUSTIFICAR BDI\",\"BDI\"),\nIF(OR(AND(import.recurso=\"OGU\",TIPOORCAMENTO=\"Proposto\",LEFT($O$8,5)<>\"(N/D:\",$AG72<>\"\",ORÇAMENTO.CustoUnitario>$AG72),AND(TIPOORCAMENTO=\"LICITADO\",ORÇAMENTO.PrecoUnitarioLicitado>$AN72)),\"ACIMA REF.\",\nIF(AND($C72=\"S\",$P72<>\"\",$Q72<>\"\",$T72=0,$U72>0),\"QUANT.\",\nIF(AND(Import.TipoArredondamento=\"TransfereGOV\",$L72=\"F\",$C72=\"S\",LEN($Q72)>13),\"Código >13\",\nIF(AND(Import.TipoArredondamento=\"TransfereGOV\",$L72=\"F\",$C72<>\"S\",LEN($R72)>100),\"Descrição >100\",\nIF(AND(Import.TipoArredondamento=\"TransfereGOV\",$L72=\"F\",$C72=\"S\",LEN($R72)>500),\"Descrição >500\",\nIF(AND(Import.TipoArredondamento=\"TransfereGOV\",$L72=\"F\",$C72=\"S\",LEFT(TRIM(UPPER($P72)),6)<>\"SINAPI\",ISNA(VLOOKUP(TRIM(UPPER($S72)),ListaTgov.Unidades,1,FALSE))),\"Unid. Não Disp\",\n\" \"))))))))))))))))","v":" "},{"$f":"IF(C72<=CRONO.NivelExibicao,MAX($AD$15:OFFSET(AD72,-1,0))+IF($C72<>1,1,MAX(1,COUNTIF(QCI!$A$13:$A$24,OFFSET($E72,-1,0)))),\"\")","v":""},{"$f":"IF(AND($C72=\"S\",ORÇAMENTO.CodBarra<>\"\"),IF(ORÇAMENTO.Fonte=\"\",ORÇAMENTO.CodBarra,CONCATENATE(ORÇAMENTO.Fonte,\" \",ORÇAMENTO.CodBarra)))","v":"SINAPI 92541"},{"$f":"IF(ISERROR(ORÇAMENTO.BancoRef),\"(abra o arquivo 'Referência \"&Excel_BuiltIn_Database&\".xlsm)\",IF(OR($C72<>\"S\",ORÇAMENTO.CodBarra=\"\"),\"(Sem Código)\",IF(ISERROR(MATCH($AE72,INDIRECT(ORÇAMENTO.BancoRef),0)),\"(Código não identificado nas referências)\",MATCH($AE72,INDIRECT(ORÇAMENTO.BancoRef),0))))","v":9724},{"$f":"ROUND(IF(DESONERACAO=\"sim\",REFERENCIA.Desonerado,REFERENCIA.NaoDesonerado),2)","v":100.34},0.25390000000000001,null,null,null,null,40199.050000000003,{"$f":"ROUND(ORÇAMENTO.CustoUnitario*(1+$AH72),2)","v":109.4}]
["S",3,"S",0,{"$f":"IF($C73=1,OFFSET(E73,-1,0)+MAX(1,COUNTIF(QCI!$A$13:$A$24,OFFSET(ORÇAMENTO!E73,-1,0))),OFFSET(E73,-1,0))","v":1},6,1,0,2,0,{"$f":"IF(OR($C73=\"S\",$C73=0),0,MATCH(OFFSET($D73,0,$C73)+IF($C73<>1,1,COUNTIF(QCI!$A$13:$A$24,ORÇAMENTO!E73)),OFFSET($D73,1,$C73,ROW($C$237)-ROW($C73)),0))","v":0},"F","Serviço","Serviço","1.6.1.0.2.","SINAPI","94447",{"$f":"IF($C73=\"S\",REFERENCIA.Descricao,\"(digite a descrição aqui)\")","v":"TELHAMENTO COM TELHA CERÂMICA CAPA-CANAL, TIPO PAULISTA, COM ATÉ 2 ÁGUAS, INCLUSO TRANSPORTE VERTICAL. AF_07/2019"},{"$f":"REFERENCIA.Unidade","v":"M2"},{"$f":"OFFSET(CÁLCULO!H$15,ROW($T73)-ROW(T$15),0)","v":367.45},53.26,"BDI 1",{"$f":"IF($C73=\"S\",ROUND(IF(TIPOORCAMENTO=\"Proposto\",ORÇAMENTO.CustoUnitario*(1+$AH73),ORÇAMENTO.PrecoUnitarioLicitado),15-13*$AF$10),0)","v":66.78},{"$f":"IF($C73=\"S\",IF(OR(Import.TipoArredondamento<>\"TransfereGOV\",ACOMPANHAMENTO=\"BM\"),VTOTAL1,SUM(OFFSET(CÁLCULO!$AQ$15,ROW($X73)-ROW($X$15),1):OFFSET(CÁLCULO!$BR$15,ROW($X73)-ROW($X$15),-1))),IF($C73=0,0,ROUND(SomaAgrup,15-13*$AF$11)))","v":24538.3},"RA","RA",{"$f":"IF($C73=\"S\",IF($Z73=\"CP\",$X73,IF($Z73=\"RA\",(($X73)*QCI!$AA$3),0)),SomaAgrup)","v":358.50471797050528},{"$f":"IF($C73=\"S\",IF($Z73=\"OU\",ROUND($X73,2),0),SomaAgrup)","v":0},{"$f":"IF($N73=\"\",\" \",\nIF(AND($C73<>\"S\",OR($R73=\"\",$R73=\"(digite a descrição aqui)\")),\"DESCRIÇÃO\",\nIF(AND($C73=\"S\",OR($Q73<>\"\",$T73>0,$U73>0),$P73=\"\"),\"FONTE\",\nIF(AND($C73=\"S\",$P73<>\"\",OR($T73>0,$U73>0),$Q73=\"\"),\"CÓDIGO\",\nIF(AND($C73=\"S\",$P73<>\"\",$Q73<>\"\",$R73=\"(Código não identificado nas referências)\"),\"CÓDIGO N/ID\",\nIF(AND($C73=\"S\",OR($R73=\"\",$R73=\"(digite a descrição aqui)\"),OR($Q73<>\"\",$T73>0,$U73>0)),\"DESCRIÇÃO\",\nIF(AND($C73=\"S\",$P73<>\"\",$Q73<>\"\",$S73=\"\"),\"UNIDADE\",\nIF(AND($C73=\"S\",$P73<>\"\",$Q73<>\"\",$U73=0),\"SEM CUSTO\",\nIF(AND(TIPOORCAMENTO=\"Licitado\",$AL73=0,$AN73>0),\"SEM PREÇO\",\nIF(AND($C73=\"S\",$P73<>\"\",$Q73<>\"\",$U73>0,AND($V73<>\"BDI 1\",$V73<>\"BDI 2\",$V73<>\"BDI 3\")),IF(ISNUMBER($V73),\"JUSTIFICAR BDI\",\"BDI\"),\nIF(OR(AND(import.recurso=\"OGU\",TIPOORCAMENTO=\"Proposto\",LEFT($O$8,5)<>\"(N/D:\",$AG73<>\"\",ORÇAMENTO.CustoUnitario>$AG73),AND(TIPOORCAMENTO=\"LICITADO\",ORÇAMENTO.PrecoUnitarioLicitado>$AN73)),\"ACIMA REF.\",\nIF(AND($C73=\"S\",$P73<>\"\",$Q73<>\"\",$T73=0,$U73>0),\"QUANT.\",\nIF(AND(Import.TipoArredondamento=\"TransfereGOV\",$L73=\"F\",$C73=\"S\",LEN($Q73)>13),\"Código >13\",\nIF(AND(Import.TipoArredondamento=\"TransfereGOV\",$L73=\"F\",$C73<>\"S\",LEN($R73)>100),\"Descrição >100\",\nIF(AND(Import.TipoArredondamento=\"TransfereGOV\",$L73=\"F\",$C73=\"S\",LEN($R73)>500),\"Descrição >500\",\nIF(AND(Import.TipoArredondamento=\"TransfereGOV\",$L73=\"F\",$C73=\"S\",LEFT(TRIM(UPPER($P73)),6)<>\"SINAPI\",ISNA(VLOOKUP(TRIM(UPPER($S73)),ListaTgov.Unidades,1,FALSE))),\"Unid. Não Disp\",\n\" \"))))))))))))))))","v":" "},{"$f":"IF(C73<=CRONO.NivelExibicao,MAX($AD$15:OFFSET(AD73,-1,0))+IF($C73<>1,1,MAX(1,COUNTIF(QCI!$A$13:$A$24,OFFSET($E73,-1,0)))),\"\")","v":""},{"$f":"IF(AND($C73=\"S\",ORÇAMENTO.CodBarra<>\"\"),IF(ORÇAMENTO.Fonte=\"\",ORÇAMENTO.CodBarra,CONCATENATE(ORÇAMENTO.Fonte,\" \",ORÇAMENTO.CodBarra)))","v":"SINAPI 94447"},{"$f":"IF(ISERROR(ORÇAMENTO.BancoRef),\"(abra o arquivo 'Referência \"&Excel_BuiltIn_Database&\".xlsm)\",IF(OR($C73<>\"S\",ORÇAMENTO.CodBarra=\"\"),\"(Sem Código)\",IF(ISERROR(MATCH($AE73,INDIRECT(ORÇAMENTO.BancoRef),0)),\"(Código não identificado nas referências)\",MATCH($AE73,INDIRECT(ORÇAMENTO.BancoRef),0))))","v":15012},{"$f":"ROUND(IF(DESONERACAO=\"sim\",REFERENCIA.Desonerado,REFERENCIA.NaoDesonerado),2)","v":61.26},0.25390000000000001,null,null,null,null,24538.3,{"$f":"ROUND(ORÇAMENTO.CustoUnitario*(1+$AH73),2)","v":66.78}]
["S",3,"S",0,{"$f":"IF($C74=1,OFFSET(E74,-1,0)+MAX(1,COUNTIF(QCI!$A$13:$A$24,OFFSET(ORÇAMENTO!E74,-1,0))),OFFSET(E74,-1,0))","v":1},6,1,0,3,0,{"$f":"IF(OR($C74=\"S\",$C74=0),0,MATCH(OFFSET($D74,0,$C74)+IF($C74<>1,1,COUNTIF(QCI!$A$13:$A$24,ORÇAMENTO!E74)),OFFSET($D74,1,$C74,ROW($C$237)-ROW($C74)),0))","v":0},"F","Serviço","Serviço","1.6.1.0.3.","SINAPI","102233",{"$f":"IF($C74=\"S\",REFERENCIA.Descricao,\"(digite a descrição aqui)\")","v":"PINTURA IMUNIZANTE PARA MADEIRA, 1 DEMÃO. AF_01/2021"},{"$f":"REFERENCIA.Unidade","v":"M2"},{"$f":"OFFSET(CÁLCULO!H$15,ROW($T74)-ROW(T$15),0)","v":519},11.06,"BDI 1",{"$f":"IF($C74=\"S\",ROUND(IF(TIPOORCAMENTO=\"Proposto\",ORÇAMENTO.CustoUnitario*(1+$AH74),ORÇAMENTO.PrecoUnitarioLicitado),15-13*$AF$10),0)","v":13.87},{"$f":"IF($C74=\"S\",IF(OR(Import.TipoArredondamento<>\"TransfereGOV\",ACOMPANHAMENTO=\"BM\"),VTOTAL1,SUM(OFFSET(CÁLCULO!$AQ$15,ROW($X74)-ROW($X$15),1):OFFSET(CÁLCULO!$BR$15,ROW($X74)-ROW($X$15),-1))),IF($C74=0,0,ROUND(SomaAgrup,15-13*$AF$11)))","v":7198.55},"RA","RA",{"$f":"IF($C74=\"S\",IF($Z74=\"CP\",$X74,IF($Z74=\"RA\",(($X74)*QCI!$AA$3),0)),SomaAgrup)","v":105.17086096211152},{"$f":"IF($C74=\"S\",IF($Z74=\"OU\",ROUND($X74,2),0),SomaAgrup)","v":0},{"$f":"IF($N74=\"\",\" \",\nIF(AND($C74<>\"S\",OR($R74=\"\",$R74=\"(digite a descrição aqui)\")),\"DESCRIÇÃO\",\nIF(AND($C74=\"S\",OR($Q74<>\"\",$T74>0,$U74>0),$P74=\"\"),\"FONTE\",\nIF(AND($C74=\"S\",$P74<>\"\",OR($T74>0,$U74>0),$Q74=\"\"),\"CÓDIGO\",\nIF(AND($C74=\"S\",$P74<>\"\",$Q74<>\"\",$R74=\"(Código não identificado nas referências)\"),\"CÓDIGO N/ID\",\nIF(AND($C74=\"S\",OR($R74=\"\",$R74=\"(digite a descrição aqui)\"),OR($Q74<>\"\",$T74>0,$U74>0)),\"DESCRIÇÃO\",\nIF(AND($C74=\"S\",$P74<>\"\",$Q74<>\"\",$S74=\"\"),\"UNIDADE\",\nIF(AND($C74=\"S\",$P74<>\"\",$Q74<>\"\",$U74=0),\"SEM CUSTO\",\nIF(AND(TIPOORCAMENTO=\"Licitado\",$AL74=0,$AN74>0),\"SEM PREÇO\",\nIF(AND($C74=\"S\",$P74<>\"\",$Q74<>\"\",$U74>0,AND($V74<>\"BDI 1\",$V74<>\"BDI 2\",$V74<>\"BDI 3\")),IF(ISNUMBER($V74),\"JUSTIFICAR BDI\",\"BDI\"),\nIF(OR(AND(import.recurso=\"OGU\",TIPOORCAMENTO=\"Proposto\",LEFT($O$8,5)<>\"(N/D:\",$AG74<>\"\",ORÇAMENTO.CustoUnitario>$AG74),AND(TIPOORCAMENTO=\"LICITADO\",ORÇAMENTO.PrecoUnitarioLicitado>$AN74)),\"ACIMA REF.\",\nIF(AND($C74=\"S\",$P74<>\"\",$Q74<>\"\",$T74=0,$U74>0),\"QUANT.\",\nIF(AND(Import.TipoArredondamento=\"TransfereGOV\",$L74=\"F\",$C74=\"S\",LEN($Q74)>13),\"Código >13\",\nIF(AND(Import.TipoArredondamento=\"TransfereGOV\",$L74=\"F\",$C74<>\"S\",LEN($R74)>100),\"Descrição >100\",\nIF(AND(Import.TipoArredondamento=\"TransfereGOV\",$L74=\"F\",$C74=\"S\",LEN($R74)>500),\"Descrição >500\",\nIF(AND(Import.TipoArredondamento=\"TransfereGOV\",$L74=\"F\",$C74=\"S\",LEFT(TRIM(UPPER($P74)),6)<>\"SINAPI\",ISNA(VLOOKUP(TRIM(UPPER($S74)),ListaTgov.Unidades,1,FALSE))),\"Unid. Não Disp\",\n\" \"))))))))))))))))","v":" "},{"$f":"IF(C74<=CRONO.NivelExibicao,MAX($AD$15:OFFSET(AD74,-1,0))+IF($C74<>1,1,MAX(1,COUNTIF(QCI!$A$13:$A$24,OFFSET($E74,-1,0)))),\"\")","v":""},{"$f":"IF(AND($C74=\"S\",ORÇAMENTO.CodBarra<>\"\"),IF(ORÇAMENTO.Fonte=\"\",ORÇAMENTO.CodBarra,CONCATENATE(ORÇAMENTO.Fonte,\" \",ORÇAMENTO.CodBarra)))","v":"SINAPI 102233"},{"$f":"IF(ISERROR(ORÇAMENTO.BancoRef),\"(abra o arquivo 'Referência \"&Excel_BuiltIn_Database&\".xlsm)\",IF(OR($C74<>\"S\",ORÇAMENTO.CodBarra=\"\"),\"(Sem Código)\",IF(ISERROR(MATCH($AE74,INDIRECT(ORÇAMENTO.BancoRef),0)),\"(Código não identificado nas referências)\",MATCH($AE74,INDIRECT(ORÇAMENTO.BancoRef),0))))","v":13871},{"$f":"ROUND(IF(DESONERACAO=\"sim\",REFERENCIA.Desonerado,REFERENCIA.NaoDesonerado),2)","v":12.73},0.25390000000000001,null,null,null,null,7198.55,{"$f":"ROUND(ORÇAMENTO.CustoUnitario*(1+$AH74),2)","v":13.87}]
["S",3,"S",0,{"$f":"IF($C75=1,OFFSET(E75,-1,0)+MAX(1,COUNTIF(QCI!$A$13:$A$24,OFFSET(ORÇAMENTO!E75,-1,0))),OFFSET(E75,-1,0))","v":1},6,1,0,4,0,{"$f":"IF(OR($C75=\"S\",$C75=0),0,MATCH(OFFSET($D75,0,$C75)+IF($C75<>1,1,COUNTIF(QCI!$A$13:$A$24,ORÇAMENTO!E75)),OFFSET($D75,1,$C75,ROW($C$237)-ROW($C75)),0))","v":0},"F","Serviço","Serviço","1.6.1.0.4.","SINAPI","94232",{"$f":"IF($C75=\"S\",REFERENCIA.Descricao,\"(digite a descrição aqui)\")","v":"AMARRAÇÃO DE TELHAS CERÂMICAS OU DE CONCRETO. AF_07/2019"},{"$f":"REFERENCIA.Unidade","v":"UN"},{"$f":"OFFSET(CÁLCULO!H$15,ROW($T75)-ROW(T$15),0)","v":2630},3.1,"BDI 1",{"$f":"IF($C75=\"S\",ROUND(IF(TIPOORCAMENTO=\"Proposto\",ORÇAMENTO.CustoUnitario*(1+$AH75),ORÇAMENTO.PrecoUnitarioLicitado),15-13*$AF$10),0)","v":3.89},{"$f":"IF($C75=\"S\",IF(OR(Import.TipoArredondamento<>\"TransfereGOV\",ACOMPANHAMENTO=\"BM\"),VTOTAL1,SUM(OFFSET(CÁLCULO!$AQ$15,ROW($X75)-ROW($X$15),1):OFFSET(CÁLCULO!$BR$15,ROW($X75)-ROW($X$15),-1))),IF($C75=0,0,ROUND(SomaAgrup,15-13*$AF$11)))","v":10230.700000000001},"RA","RA",{"$f":"IF($C75=\"S\",IF($Z75=\"CP\",$X75,IF($Z75=\"RA\",(($X75)*QCI!$AA$3),0)),SomaAgrup)","v":149.47059161151543},{"$f":"IF($C75=\"S\",IF($Z75=\"OU\",ROUND($X75,2),0),SomaAgrup)","v":0},{"$f":"IF($N75=\"\",\" \",\nIF(AND($C75<>\"S\",OR($R75=\"\",$R75=\"(digite a descrição aqui)\")),\"DESCRIÇÃO\",\nIF(AND($C75=\"S\",OR($Q75<>\"\",$T75>0,$U75>0),$P75=\"\"),\"FONTE\",\nIF(AND($C75=\"S\",$P75<>\"\",OR($T75>0,$U75>0),$Q75=\"\"),\"CÓDIGO\",\nIF(AND($C75=\"S\",$P75<>\"\",$Q75<>\"\",$R75=\"(Código não identificado nas referências)\"),\"CÓDIGO N/ID\",\nIF(AND($C75=\"S\",OR($R75=\"\",$R75=\"(digite a descrição aqui)\"),OR($Q75<>\"\",$T75>0,$U75>0)),\"DESCRIÇÃO\",\nIF(AND($C75=\"S\",$P75<>\"\",$Q75<>\"\",$S75=\"\"),\"UNIDADE\",\nIF(AND($C75=\"S\",$P75<>\"\",$Q75<>\"\",$U75=0),\"SEM CUSTO\",\nIF(AND(TIPOORCAMENTO=\"Licitado\",$AL75=0,$AN75>0),\"SEM PREÇO\",\nIF(AND($C75=\"S\",$P75<>\"\",$Q75<>\"\",$U75>0,AND($V75<>\"BDI 1\",$V75<>\"BDI 2\",$V75<>\"BDI 3\")),IF(ISNUMBER($V75),\"JUSTIFICAR BDI\",\"BDI\"),\nIF(OR(AND(import.recurso=\"OGU\",TIPOORCAMENTO=\"Proposto\",LEFT($O$8,5)<>\"(N/D:\",$AG75<>\"\",ORÇAMENTO.CustoUnitario>$AG75),AND(TIPOORCAMENTO=\"LICITADO\",ORÇAMENTO.PrecoUnitarioLicitado>$AN75)),\"ACIMA REF.\",\nIF(AND($C75=\"S\",$P75<>\"\",$Q75<>\"\",$T75=0,$U75>0),\"QUANT.\",\nIF(AND(Import.TipoArredondamento=\"TransfereGOV\",$L75=\"F\",$C75=\"S\",LEN($Q75)>13),\"Código >13\",\nIF(AND(Import.TipoArredondamento=\"TransfereGOV\",$L75=\"F\",$C75<>\"S\",LEN($R75)>100),\"Descrição >100\",\nIF(AND(Import.TipoArredondamento=\"TransfereGOV\",$L75=\"F\",$C75=\"S\",LEN($R75)>500),\"Descrição >500\",\nIF(AND(Import.TipoArredondamento=\"TransfereGOV\",$L75=\"F\",$C75=\"S\",LEFT(TRIM(UPPER($P75)),6)<>\"SINAPI\",ISNA(VLOOKUP(TRIM(UPPER($S75)),ListaTgov.Unidades,1,FALSE))),\"Unid. Não Disp\",\n\" \"))))))))))))))))","v":" "},{"$f":"IF(C75<=CRONO.NivelExibicao,MAX($AD$15:OFFSET(AD75,-1,0))+IF($C75<>1,1,MAX(1,COUNTIF(QCI!$A$13:$A$24,OFFSET($E75,-1,0)))),\"\")","v":""},{"$f":"IF(AND($C75=\"S\",ORÇAMENTO.CodBarra<>\"\"),IF(ORÇAMENTO.Fonte=\"\",ORÇAMENTO.CodBarra,CONCATENATE(ORÇAMENTO.Fonte,\" \",ORÇAMENTO.CodBarra)))","v":"SINAPI 94232"},{"$f":"IF(ISERROR(ORÇAMENTO.BancoRef),\"(abra o arquivo 'Referência \"&Excel_BuiltIn_Database&\".xlsm)\",IF(OR($C75<>\"S\",ORÇAMENTO.CodBarra=\"\"),\"(Sem Código)\",IF(ISERROR(MATCH($AE75,INDIRECT(ORÇAMENTO.BancoRef),0)),\"(Código não identificado nas referências)\",MATCH($AE75,INDIRECT(ORÇAMENTO.BancoRef),0))))","v":14987},{"$f":"ROUND(IF(DESONERACAO=\"sim\",REFERENCIA.Desonerado,REFERENCIA.NaoDesonerado),2)","v":3.57},0.25390000000000001,null,null,null,null,10230.700000000001,{"$f":"ROUND(ORÇAMENTO.CustoUnitario*(1+$AH75),2)","v":3.89}]
["S",3,"S",0,{"$f":"IF($C76=1,OFFSET(E76,-1,0)+MAX(1,COUNTIF(QCI!$A$13:$A$24,OFFSET(ORÇAMENTO!E76,-1,0))),OFFSET(E76,-1,0))","v":1},6,1,0,5,0,{"$f":"IF(OR($C76=\"S\",$C76=0),0,MATCH(OFFSET($D76,0,$C76)+IF($C76<>1,1,COUNTIF(QCI!$A$13:$A$24,ORÇAMENTO!E76)),OFFSET($D76,1,$C76,ROW($C$237)-ROW($C76)),0))","v":0},"F","Serviço","Serviço","1.6.1.0.5.","SINAPI","94221",{"$f":"IF($C76=\"S\",REFERENCIA.Descricao,\"(digite a descrição aqui)\")","v":"CUMEEIRA PARA TELHA CERÂMICA EMBOÇADA COM ARGAMASSA TRAÇO 1:2:9 (CIMENTO, CAL E AREIA) PARA TELHADOS COM ATÉ 2 ÁGUAS, INCLUSO TRANSPORTE VERTICAL. AF_07/2019"},{"$f":"REFERENCIA.Unidade","v":"M"},{"$f":"OFFSET(CÁLCULO!H$15,ROW($T76)-ROW(T$15),0)","v":53.25},26.16,"BDI 1",{"$f":"IF($C76=\"S\",ROUND(IF(TIPOORCAMENTO=\"Proposto\",ORÇAMENTO.CustoUnitario*(1+$AH76),ORÇAMENTO.PrecoUnitarioLicitado),15-13*$AF$10),0)","v":32.799999999999997},{"$f":"IF($C76=\"S\",IF(OR(Import.TipoArredondamento<>\"TransfereGOV\",ACOMPANHAMENTO=\"BM\"),VTOTAL1,SUM(OFFSET(CÁLCULO!$AQ$15,ROW($X76)-ROW($X$15),1):OFFSET(CÁLCULO!$BR$15,ROW($X76)-ROW($X$15),-1))),IF($C76=0,0,ROUND(SomaAgrup,15-13*$AF$11)))","v":1746.6},"RA","RA",{"$f":"IF($C76=\"S\",IF($Z76=\"CP\",$X76,IF($Z76=\"RA\",(($X76)*QCI!$AA$3),0)),SomaAgrup)","v":25.517837030571986},{"$f":"IF($C76=\"S\",IF($Z76=\"OU\",ROUND($X76,2),0),SomaAgrup)","v":0},{"$f":"IF($N76=\"\",\" \",\nIF(AND($C76<>\"S\",OR($R76=\"\",$R76=\"(digite a descrição aqui)\")),\"DESCRIÇÃO\",\nIF(AND($C76=\"S\",OR($Q76<>\"\",$T76>0,$U76>0),$P76=\"\"),\"FONTE\",\nIF(AND($C76=\"S\",$P76<>\"\",OR($T76>0,$U76>0),$Q76=\"\"),\"CÓDIGO\",\nIF(AND($C76=\"S\",$P76<>\"\",$Q76<>\"\",$R76=\"(Código não identificado nas referências)\"),\"CÓDIGO N/ID\",\nIF(AND($C76=\"S\",OR($R76=\"\",$R76=\"(digite a descrição aqui)\"),OR($Q76<>\"\",$T76>0,$U76>0)),\"DESCRIÇÃO\",\nIF(AND($C76=\"S\",$P76<>\"\",$Q76<>\"\",$S76=\"\"),\"UNIDADE\",\nIF(AND($C76=\"S\",$P76<>\"\",$Q76<>\"\",$U76=0),\"SEM CUSTO\",\nIF(AND(TIPOORCAMENTO=\"Licitado\",$AL76=0,$AN76>0),\"SEM PREÇO\",\nIF(AND($C76=\"S\",$P76<>\"\",$Q76<>\"\",$U76>0,AND($V76<>\"BDI 1\",$V76<>\"BDI 2\",$V76<>\"BDI 3\")),IF(ISNUMBER($V76),\"JUSTIFICAR BDI\",\"BDI\"),\nIF(OR(AND(import.recurso=\"OGU\",TIPOORCAMENTO=\"Proposto\",LEFT($O$8,5)<>\"(N/D:\",$AG76<>\"\",ORÇAMENTO.CustoUnitario>$AG76),AND(TIPOORCAMENTO=\"LICITADO\",ORÇAMENTO.PrecoUnitarioLicitado>$AN76)),\"ACIMA REF.\",\nIF(AND($C76=\"S\",$P76<>\"\",$Q76<>\"\",$T76=0,$U76>0),\"QUANT.\",\nIF(AND(Import.TipoArredondamento=\"TransfereGOV\",$L76=\"F\",$C76=\"S\",LEN($Q76)>13),\"Código >13\",\nIF(AND(Import.TipoArredondamento=\"TransfereGOV\",$L76=\"F\",$C76<>\"S\",LEN($R76)>100),\"Descrição >100\",\nIF(AND(Import.TipoArredondamento=\"TransfereGOV\",$L76=\"F\",$C76=\"S\",LEN($R76)>500),\"Descrição >500\",\nIF(AND(Import.TipoArredondamento=\"TransfereGOV\",$L76=\"F\",$C76=\"S\",LEFT(TRIM(UPPER($P76)),6)<>\"SINAPI\",ISNA(VLOOKUP(TRIM(UPPER($S76)),ListaTgov.Unidades,1,FALSE))),\"Unid. Não Disp\",\n\" \"))))))))))))))))","v":" "},{"$f":"IF(C76<=CRONO.NivelExibicao,MAX($AD$15:OFFSET(AD76,-1,0))+IF($C76<>1,1,MAX(1,COUNTIF(QCI!$A$13:$A$24,OFFSET($E76,-1,0)))),\"\")","v":""},{"$f":"IF(AND($C76=\"S\",ORÇAMENTO.CodBarra<>\"\"),IF(ORÇAMENTO.Fonte=\"\",ORÇAMENTO.CodBarra,CONCATENATE(ORÇAMENTO.Fonte,\" \",ORÇAMENTO.CodBarra)))","v":"SINAPI 94221"},{"$f":"IF(ISERROR(ORÇAMENTO.BancoRef),\"(abra o arquivo 'Referência \"&Excel_BuiltIn_Database&\".xlsm)\",IF(OR($C76<>\"S\",ORÇAMENTO.CodBarra=\"\"),\"(Sem Código)\",IF(ISERROR(MATCH($AE76,INDIRECT(ORÇAMENTO.BancoRef),0)),\"(Código não identificado nas referências)\",MATCH($AE76,INDIRECT(ORÇAMENTO.BancoRef),0))))","v":14995},{"$f":"ROUND(IF(DESONERACAO=\"sim\",REFERENCIA.Desonerado,REFERENCIA.NaoDesonerado),2)","v":30.09},0.25390000000000001,null,null,null,null,1746.6,{"$f":"ROUND(ORÇAMENTO.CustoUnitario*(1+$AH76),2)","v":32.799999999999997}]
["S",3,"S",0,{"$f":"IF($C77=1,OFFSET(E77,-1,0)+MAX(1,COUNTIF(QCI!$A$13:$A$24,OFFSET(ORÇAMENTO!E77,-1,0))),OFFSET(E77,-1,0))","v":1},6,1,0,6,0,{"$f":"IF(OR($C77=\"S\",$C77=0),0,MATCH(OFFSET($D77,0,$C77)+IF($C77<>1,1,COUNTIF(QCI!$A$13:$A$24,ORÇAMENTO!E77)),OFFSET($D77,1,$C77,ROW($C$237)-ROW($C77)),0))","v":0},"F","Serviço","Serviço","1.6.1.0.6.","SINAPI","92548",{"$f":"IF($C77=\"S\",REFERENCIA.Descricao,\"(digite a descrição aqui)\")","v":"FABRICAÇÃO E INSTALAÇÃO DE TESOURA INTEIRA EM MADEIRA NÃO APARELHADA, VÃO DE 6 M, PARA TELHA CERÂMICA OU DE CONCRETO, INCLUSO IÇAMENTO. AF_07/2019"},{"$f":"REFERENCIA.Unidade","v":"UN"},{"$f":"OFFSET(CÁLCULO!H$15,ROW($T77)-ROW(T$15),0)","v":20},1530,"BDI 1",{"$f":"IF($C77=\"S\",ROUND(IF(TIPOORCAMENTO=\"Proposto\",ORÇAMENTO.CustoUnitario*(1+$AH77),ORÇAMENTO.PrecoUnitarioLicitado),15-13*$AF$10),0)","v":1918.47},{"$f":"IF($C77=\"S\",IF(OR(Import.TipoArredondamento<>\"TransfereGOV\",ACOMPANHAMENTO=\"BM\"),VTOTAL1,SUM(OFFSET(CÁLCULO!$AQ$15,ROW($X77)-ROW($X$15),1):OFFSET(CÁLCULO!$BR$15,ROW($X77)-ROW($X$15),-1))),IF($C77=0,0,ROUND(SomaAgrup,15-13*$AF$11)))","v":38369.4},"RA","RA",{"$f":"IF($C77=\"S\",IF($Z77=\"CP\",$X77,IF($Z77=\"RA\",(($X77)*QCI!$AA$3),0)),SomaAgrup)","v":560.57717632018137},{"$f":"IF($C77=\"S\",IF($Z77=\"OU\",ROUND($X77,2),0),SomaAgrup)","v":0},{"$f":"IF($N77=\"\",\" \",\nIF(AND($C77<>\"S\",OR($R77=\"\",$R77=\"(digite a descrição aqui)\")),\"DESCRIÇÃO\",\nIF(AND($C77=\"S\",OR($Q77<>\"\",$T77>0,$U77>0),$P77=\"\"),\"FONTE\",\nIF(AND($C77=\"S\",$P77<>\"\",OR($T77>0,$U77>0),$Q77=\"\"),\"CÓDIGO\",\nIF(AND($C77=\"S\",$P77<>\"\",$Q77<>\"\",$R77=\"(Código não identificado nas referências)\"),\"CÓDIGO N/ID\",\nIF(AND($C77=\"S\",OR($R77=\"\",$R77=\"(digite a descrição aqui)\"),OR($Q77<>\"\",$T77>0,$U77>0)),\"DESCRIÇÃO\",\nIF(AND($C77=\"S\",$P77<>\"\",$Q77<>\"\",$S77=\"\"),\"UNIDADE\",\nIF(AND($C77=\"S\",$P77<>\"\",$Q77<>\"\",$U77=0),\"SEM CUSTO\",\nIF(AND(TIPOORCAMENTO=\"Licitado\",$AL77=0,$AN77>0),\"SEM PREÇO\",\nIF(AND($C77=\"S\",$P77<>\"\",$Q77<>\"\",$U77>0,AND($V77<>\"BDI 1\",$V77<>\"BDI 2\",$V77<>\"BDI 3\")),IF(ISNUMBER($V77),\"JUSTIFICAR BDI\",\"BDI\"),\nIF(OR(AND(import.recurso=\"OGU\",TIPOORCAMENTO=\"Proposto\",LEFT($O$8,5)<>\"(N/D:\",$AG77<>\"\",ORÇAMENTO.CustoUnitario>$AG77),AND(TIPOORCAMENTO=\"LICITADO\",ORÇAMENTO.PrecoUnitarioLicitado>$AN77)),\"ACIMA REF.\",\nIF(AND($C77=\"S\",$P77<>\"\",$Q77<>\"\",$T77=0,$U77>0),\"QUANT.\",\nIF(AND(Import.TipoArredondamento=\"TransfereGOV\",$L77=\"F\",$C77=\"S\",LEN($Q77)>13),\"Código >13\",\nIF(AND(Import.TipoArredondamento=\"TransfereGOV\",$L77=\"F\",$C77<>\"S\",LEN($R77)>100),\"Descrição >100\",\nIF(AND(Import.TipoArredondamento=\"TransfereGOV\",$L77=\"F\",$C77=\"S\",LEN($R77)>500),\"Descrição >500\",\nIF(AND(Import.TipoArredondamento=\"TransfereGOV\",$L77=\"F\",$C77=\"S\",LEFT(TRIM(UPPER($P77)),6)<>\"SINAPI\",ISNA(VLOOKUP(TRIM(UPPER($S77)),ListaTgov.Unidades,1,FALSE))),\"Unid. Não Disp\",\n\" \"))))))))))))))))","v":" "},{"$f":"IF(C77<=CRONO.NivelExibicao,MAX($AD$15:OFFSET(AD77,-1,0))+IF($C77<>1,1,MAX(1,COUNTIF(QCI!$A$13:$A$24,OFFSET($E77,-1,0)))),\"\")","v":""},{"$f":"IF(AND($C77=\"S\",ORÇAMENTO.CodBarra<>\"\"),IF(ORÇAMENTO.Fonte=\"\",ORÇAMENTO.CodBarra,CONCATENATE(ORÇAMENTO.Fonte,\" \",ORÇAMENTO.CodBarra)))","v":"SINAPI 92548"},{"$f":"IF(ISERROR(ORÇAMENTO.BancoRef),\"(abra o arquivo 'Referência \"&Excel_BuiltIn_Database&\".xlsm)\",IF(OR($C77<>\"S\",ORÇAMENTO.CodBarra=\"\"),\"(Sem Código)\",IF(ISERROR(MATCH($AE77,INDIRECT(ORÇAMENTO.BancoRef),0)),\"(Código não identificado nas referências)\",MATCH($AE77,INDIRECT(ORÇAMENTO.BancoRef),0))))","v":9685},{"$f":"ROUND(IF(DESONERACAO=\"sim\",REFERENCIA.Desonerado,REFERENCIA.NaoDesonerado),2)","v":1759.5},0.25390000000000001,null,null,null,null,38369.4,{"$f":"ROUND(ORÇAMENTO.CustoUnitario*(1+$AH77),2)","v":1918.47}]
[2,2,2,31,{"$f":"IF($C78=1,OFFSET(E78,-1,0)+MAX(1,COUNTIF(QCI!$A$13:$A$24,OFFSET(ORÇAMENTO!E78,-1,0))),OFFSET(E78,-1,0))","v":1},7,0,0,0,159,{"$f":"IF(OR($C78=\"S\",$C78=0),0,MATCH(OFFSET($D78,0,$C78)+IF($C78<>1,1,COUNTIF(QCI!$A$13:$A$24,ORÇAMENTO!E78)),OFFSET($D78,1,$C78,ROW($C$237)-ROW($C78)),0))","v":31},"F","Nível 2","Nível 2","1.7.","","","REVESTIMENTOS",null,{"$f":"OFFSET(CÁLCULO!H$15,ROW($T78)-ROW(T$15),0)","v":0},0,"BDI 1",{"$f":"IF($C78=\"S\",ROUND(IF(TIPOORCAMENTO=\"Proposto\",ORÇAMENTO.CustoUnitario*(1+$AH78),ORÇAMENTO.PrecoUnitarioLicitado),15-13*$AF$10),0)","v":0},{"$f":"IF($C78=\"S\",IF(OR(Import.TipoArredondamento<>\"TransfereGOV\",ACOMPANHAMENTO=\"BM\"),VTOTAL1,SUM(OFFSET(CÁLCULO!$AQ$15,ROW($X78)-ROW($X$15),1):OFFSET(CÁLCULO!$BR$15,ROW($X78)-ROW($X$15),-1))),IF($C78=0,0,ROUND(SomaAgrup,15-13*$AF$11)))","v":89857.15},"RA","",{"$f":"IF($C78=\"S\",IF($Z78=\"CP\",$X78,IF($Z78=\"RA\",(($X78)*QCI!$AA$3),0)),SomaAgrup)","v":1312.8135289886991},{"$f":"IF($C78=\"S\",IF($Z78=\"OU\",ROUND($X78,2),0),SomaAgrup)","v":0},{"$f":"IF($N78=\"\",\" \",\nIF(AND($C78<>\"S\",OR($R78=\"\",$R78=\"(digite a descrição aqui)\")),\"DESCRIÇÃO\",\nIF(AND($C78=\"S\",OR($Q78<>\"\",$T78>0,$U78>0),$P78=\"\"),\"FONTE\",\nIF(AND($C78=\"S\",$P78<>\"\",OR($T78>0,$U78>0),$Q78=\"\"),\"CÓDIGO\",\nIF(AND($C78=\"S\",$P78<>\"\",$Q78<>\"\",$R78=\"(Código não identificado nas referências)\"),\"CÓDIGO N/ID\",\nIF(AND($C78=\"S\",OR($R78=\"\",$R78=\"(digite a descrição aqui)\"),OR($Q78<>\"\",$T78>0,$U78>0)),\"DESCRIÇÃO\",\nIF(AND($C78=\"S\",$P78<>\"\",$Q78<>\"\",$S78=\"\"),\"UNIDADE\",\nIF(AND($C78=\"S\",$P78<>\"\",$Q78<>\"\",$U78=0),\"SEM CUSTO\",\nIF(AND(TIPOORCAMENTO=\"Licitado\",$AL78=0,$AN78>0),\"SEM PREÇO\",\nIF(AND($C78=\"S\",$P78<>\"\",$Q78<>\"\",$U78>0,AND($V78<>\"BDI 1\",$V78<>\"BDI 2\",$V78<>\"BDI 3\")),IF(ISNUMBER($V78),\"JUSTIFICAR BDI\",\"BDI\"),\nIF(OR(AND(import.recurso=\"OGU\",TIPOORCAMENTO=\"Proposto\",LEFT($O$8,5)<>\"(N/D:\",$AG78<>\"\",ORÇAMENTO.CustoUnitario>$AG78),AND(TIPOORCAMENTO=\"LICITADO\",ORÇAMENTO.PrecoUnitarioLicitado>$AN78)),\"ACIMA REF.\",\nIF(AND($C78=\"S\",$P78<>\"\",$Q78<>\"\",$T78=0,$U78>0),\"QUANT.\",\nIF(AND(Import.TipoArredondamento=\"TransfereGOV\",$L78=\"F\",$C78=\"S\",LEN($Q78)>13),\"Código >13\",\nIF(AND(Import.TipoArredondamento=\"TransfereGOV\",$L78=\"F\",$C78<>\"S\",LEN($R78)>100),\"Descrição >100\",\nIF(AND(Import.TipoArredondamento=\"TransfereGOV\",$L78=\"F\",$C78=\"S\",LEN($R78)>500),\"Descrição >500\",\nIF(AND(Import.TipoArredondamento=\"TransfereGOV\",$L78=\"F\",$C78=\"S\",LEFT(TRIM(UPPER($P78)),6)<>\"SINAPI\",ISNA(VLOOKUP(TRIM(UPPER($S78)),ListaTgov.Unidades,1,FALSE))),\"Unid. Não Disp\",\n\" \"))))))))))))))))","v":" "},{"$f":"IF(C78<=CRONO.NivelExibicao,MAX($AD$15:OFFSET(AD78,-1,0))+IF($C78<>1,1,MAX(1,COUNTIF(QCI!$A$13:$A$24,OFFSET($E78,-1,0)))),\"\")","v":8},{"$f":"IF(AND($C78=\"S\",ORÇAMENTO.CodBarra<>\"\"),IF(ORÇAMENTO.Fonte=\"\",ORÇAMENTO.CodBarra,CONCATENATE(ORÇAMENTO.Fonte,\" \",ORÇAMENTO.CodBarra)))","v":false},{"$f":"IF(ISERROR(ORÇAMENTO.BancoRef),\"(abra o arquivo 'Referência \"&Excel_BuiltIn_Database&\".xlsm)\",IF(OR($C78<>\"S\",ORÇAMENTO.CodBarra=\"\"),\"(Sem Código)\",IF(ISERROR(MATCH($AE78,INDIRECT(ORÇAMENTO.BancoRef),0)),\"(Código não identificado nas referências)\",MATCH($AE78,INDIRECT(ORÇAMENTO.BancoRef),0))))","v":"(Sem Código)"},{"$f":"ROUND(IF(DESONERACAO=\"sim\",REFERENCIA.Desonerado,REFERENCIA.NaoDesonerado),2)","v":0},0.25390000000000001,null,null,null,null,89857.15,{"$f":"ROUND(ORÇAMENTO.CustoUnitario*(1+$AH78),2)","v":0}]
[3,3,3,7,{"$f":"IF($C79=1,OFFSET(E79,-1,0)+MAX(1,COUNTIF(QCI!$A$13:$A$24,OFFSET(ORÇAMENTO!E79,-1,0))),OFFSET(E79,-1,0))","v":1},7,1,0,0,30,{"$f":"IF(OR($C79=\"S\",$C79=0),0,MATCH(OFFSET($D79,0,$C79)+IF($C79<>1,1,COUNTIF(QCI!$A$13:$A$24,ORÇAMENTO!E79)),OFFSET($D79,1,$C79,ROW($C$237)-ROW($C79)),0))","v":7},"F","Nível 3","Nível 3","1.7.1.","","","REVESTIMENTOS INTERNOS",null,{"$f":"OFFSET(CÁLCULO!H$15,ROW($T79)-ROW(T$15),0)","v":0},0,"BDI 1",{"$f":"IF($C79=\"S\",ROUND(IF(TIPOORCAMENTO=\"Proposto\",ORÇAMENTO.CustoUnitario*(1+$AH79),ORÇAMENTO.PrecoUnitarioLicitado),15-13*$AF$10),0)","v":0},{"$f":"IF($C79=\"S\",IF(OR(Import.TipoArredondamento<>\"TransfereGOV\",ACOMPANHAMENTO=\"BM\"),VTOTAL1,SUM(OFFSET(CÁLCULO!$AQ$15,ROW($X79)-ROW($X$15),1):OFFSET(CÁLCULO!$BR$15,ROW($X79)-ROW($X$15),-1))),IF($C79=0,0,ROUND(SomaAgrup,15-13*$AF$11)))","v":25862.799999999999},"RA","",{"$f":"IF($C79=\"S\",IF($Z79=\"CP\",$X79,IF($Z79=\"RA\",(($X79)*QCI!$AA$3),0)),SomaAgrup)","v":377.85567133532419},{"$f":"IF($C79=\"S\",IF($Z79=\"OU\",ROUND($X79,2),0),SomaAgrup)","v":0},{"$f":"IF($N79=\"\",\" \",\nIF(AND($C79<>\"S\",OR($R79=\"\",$R79=\"(digite a descrição aqui)\")),\"DESCRIÇÃO\",\nIF(AND($C79=\"S\",OR($Q79<>\"\",$T79>0,$U79>0),$P79=\"\"),\"FONTE\",\nIF(AND($C79=\"S\",$P79<>\"\",OR($T79>0,$U79>0),$Q79=\"\"),\"CÓDIGO\",\nIF(AND($C79=\"S\",$P79<>\"\",$Q79<>\"\",$R79=\"(Código não identificado nas referências)\"),\"CÓDIGO N/ID\",\nIF(AND($C79=\"S\",OR($R79=\"\",$R79=\"(digite a descrição aqui)\"),OR($Q79<>\"\",$T79>0,$U79>0)),\"DESCRIÇÃO\",\nIF(AND($C79=\"S\",$P79<>\"\",$Q79<>\"\",$S79=\"\"),\"UNIDADE\",\nIF(AND($C79=\"S\",$P79<>\"\",$Q79<>\"\",$U79=0),\"SEM CUSTO\",\nIF(AND(TIPOORCAMENTO=\"Licitado\",$AL79=0,$AN79>0),\"SEM PREÇO\",\nIF(AND($C79=\"S\",$P79<>\"\",$Q79<>\"\",$U79>0,AND($V79<>\"BDI 1\",$V79<>\"BDI 2\",$V79<>\"BDI 3\")),IF(ISNUMBER($V79),\"JUSTIFICAR BDI\",\"BDI\"),\nIF(OR(AND(import.recurso=\"OGU\",TIPOORCAMENTO=\"Proposto\",LEFT($O$8,5)<>\"(N/D:\",$AG79<>\"\",ORÇAMENTO.CustoUnitario>$AG79),AND(TIPOORCAMENTO=\"LICITADO\",ORÇAMENTO.PrecoUnitarioLicitado>$AN79)),\"ACIMA REF.\",\nIF(AND($C79=\"S\",$P79<>\"\",$Q79<>\"\",$T79=0,$U79>0),\"QUANT.\",\nIF(AND(Import.TipoArredondamento=\"TransfereGOV\",$L79=\"F\",$C79=\"S\",LEN($Q79)>13),\"Código >13\",\nIF(AND(Import.TipoArredondamento=\"TransfereGOV\",$L79=\"F\",$C79<>\"S\",LEN($R79)>100),\"Descrição >100\",\nIF(AND(Import.TipoArredondamento=\"TransfereGOV\",$L79=\"F\",$C79=\"S\",LEN($R79)>500),\"Descrição >500\",\nIF(AND(Import.TipoArredondamento=\"TransfereGOV\",$L79=\"F\",$C79=\"S\",LEFT(TRIM(UPPER($P79)),6)<>\"SINAPI\",ISNA(VLOOKUP(TRIM(UPPER($S79)),ListaTgov.Unidades,1,FALSE))),\"Unid. Não Disp\",\n\" \"))))))))))))))))","v":" "},{"$f":"IF(C79<=CRONO.NivelExibicao,MAX($AD$15:OFFSET(AD79,-1,0))+IF($C79<>1,1,MAX(1,COUNTIF(QCI!$A$13:$A$24,OFFSET($E79,-1,0)))),\"\")","v":""},{"$f":"IF(AND($C79=\"S\",ORÇAMENTO.CodBarra<>\"\"),IF(ORÇAMENTO.Fonte=\"\",ORÇAMENTO.CodBarra,CONCATENATE(ORÇAMENTO.Fonte,\" \",ORÇAMENTO.CodBarra)))","v":false},{"$f":"IF(ISERROR(ORÇAMENTO.BancoRef),\"(abra o arquivo 'Referência \"&Excel_BuiltIn_Database&\".xlsm)\",IF(OR($C79<>\"S\",ORÇAMENTO.CodBarra=\"\"),\"(Sem Código)\",IF(ISERROR(MATCH($AE79,INDIRECT(ORÇAMENTO.BancoRef),0)),\"(Código não identificado nas referências)\",MATCH($AE79,INDIRECT(ORÇAMENTO.BancoRef),0))))","v":"(Sem Código)"},{"$f":"ROUND(IF(DESONERACAO=\"sim\",REFERENCIA.Desonerado,REFERENCIA.NaoDesonerado),2)","v":0},0.25390000000000001,null,null,null,null,25862.799999999999,{"$f":"ROUND(ORÇAMENTO.CustoUnitario*(1+$AH79),2)","v":0}]
["S",3,"S",0,{"$f":"IF($C80=1,OFFSET(E80,-1,0)+MAX(1,COUNTIF(QCI!$A$13:$A$24,OFFSET(ORÇAMENTO!E80,-1,0))),OFFSET(E80,-1,0))","v":1},7,1,0,1,0,{"$f":"IF(OR($C80=\"S\",$C80=0),0,MATCH(OFFSET($D80,0,$C80)+IF($C80<>1,1,COUNTIF(QCI!$A$13:$A$24,ORÇAMENTO!E80)),OFFSET($D80,1,$C80,ROW($C$237)-ROW($C80)),0))","v":0},"F","Serviço","Serviço","1.7.1.0.1.","SINAPI","87879",{"$f":"IF($C80=\"S\",REFERENCIA.Descricao,\"(digite a descrição aqui)\")","v":"CHAPISCO APLICADO EM ALVENARIAS E ESTRUTURAS DE CONCRETO INTERNAS, COM COLHER DE PEDREIRO. ARGAMASSA TRAÇO 1:3 COM PREPARO EM BETONEIRA 400L. AF_10/2022"},{"$f":"REFERENCIA.Unidade","v":"M2"},{"$f":"OFFSET(CÁLCULO!H$15,ROW($T80)-ROW(T$15),0)","v":680.5},4.34,"BDI 1",{"$f":"IF($C80=\"S\",ROUND(IF(TIPOORCAMENTO=\"Proposto\",ORÇAMENTO.CustoUnitario*(1+$AH80),ORÇAMENTO.PrecoUnitarioLicitado),15-13*$AF$10),0)","v":5.44},{"$f":"IF($C80=\"S\",IF(OR(Import.TipoArredondamento<>\"TransfereGOV\",ACOMPANHAMENTO=\"BM\"),VTOTAL1,SUM(OFFSET(CÁLCULO!$AQ$15,ROW($X80)-ROW($X$15),1):OFFSET(CÁLCULO!$BR$15,ROW($X80)-ROW($X$15),-1))),IF($C80=0,0,ROUND(SomaAgrup,15-13*$AF$11)))","v":3701.9},"RA","RA",{"$f":"IF($C80=\"S\",IF($Z80=\"CP\",$X80,IF($Z80=\"RA\",(($X80)*QCI!$AA$3),0)),SomaAgrup)","v":54.084782379179231},{"$f":"IF($C80=\"S\",IF($Z80=\"OU\",ROUND($X80,2),0),SomaAgrup)","v":0},{"$f":"IF($N80=\"\",\" \",\nIF(AND($C80<>\"S\",OR($R80=\"\",$R80=\"(digite a descrição aqui)\")),\"DESCRIÇÃO\",\nIF(AND($C80=\"S\",OR($Q80<>\"\",$T80>0,$U80>0),$P80=\"\"),\"FONTE\",\nIF(AND($C80=\"S\",$P80<>\"\",OR($T80>0,$U80>0),$Q80=\"\"),\"CÓDIGO\",\nIF(AND($C80=\"S\",$P80<>\"\",$Q80<>\"\",$R80=\"(Código não identificado nas referências)\"),\"CÓDIGO N/ID\",\nIF(AND($C80=\"S\",OR($R80=\"\",$R80=\"(digite a descrição aqui)\"),OR($Q80<>\"\",$T80>0,$U80>0)),\"DESCRIÇÃO\",\nIF(AND($C80=\"S\",$P80<>\"\",$Q80<>\"\",$S80=\"\"),\"UNIDADE\",\nIF(AND($C80=\"S\",$P80<>\"\",$Q80<>\"\",$U80=0),\"SEM CUSTO\",\nIF(AND(TIPOORCAMENTO=\"Licitado\",$AL80=0,$AN80>0),\"SEM PREÇO\",\nIF(AND($C80=\"S\",$P80<>\"\",$Q80<>\"\",$U80>0,AND($V80<>\"BDI 1\",$V80<>\"BDI 2\",$V80<>\"BDI 3\")),IF(ISNUMBER($V80),\"JUSTIFICAR BDI\",\"BDI\"),\nIF(OR(AND(import.recurso=\"OGU\",TIPOORCAMENTO=\"Proposto\",LEFT($O$8,5)<>\"(N/D:\",$AG80<>\"\",ORÇAMENTO.CustoUnitario>$AG80),AND(TIPOORCAMENTO=\"LICITADO\",ORÇAMENTO.PrecoUnitarioLicitado>$AN80)),\"ACIMA REF.\",\nIF(AND($C80=\"S\",$P80<>\"\",$Q80<>\"\",$T80=0,$U80>0),\"QUANT.\",\nIF(AND(Import.TipoArredondamento=\"TransfereGOV\",$L80=\"F\",$C80=\"S\",LEN($Q80)>13),\"Código >13\",\nIF(AND(Import.TipoArredondamento=\"TransfereGOV\",$L80=\"F\",$C80<>\"S\",LEN($R80)>100),\"Descrição >100\",\nIF(AND(Import.TipoArredondamento=\"TransfereGOV\",$L80=\"F\",$C80=\"S\",LEN($R80)>500),\"Descrição >500\",\nIF(AND(Import.TipoArredondamento=\"TransfereGOV\",$L80=\"F\",$C80=\"S\",LEFT(TRIM(UPPER($P80)),6)<>\"SINAPI\",ISNA(VLOOKUP(TRIM(UPPER($S80)),ListaTgov.Unidades,1,FALSE))),\"Unid. Não Disp\",\n\" \"))))))))))))))))","v":" "},{"$f":"IF(C80<=CRONO.NivelExibicao,MAX($AD$15:OFFSET(AD80,-1,0))+IF($C80<>1,1,MAX(1,COUNTIF(QCI!$A$13:$A$24,OFFSET($E80,-1,0)))),\"\")","v":""},{"$f":"IF(AND($C80=\"S\",ORÇAMENTO.CodBarra<>\"\"),IF(ORÇAMENTO.Fonte=\"\",ORÇAMENTO.CodBarra,CONCATENATE(ORÇAMENTO.Fonte,\" \",ORÇAMENTO.CodBarra)))","v":"SINAPI 87879"},{"$f":"IF(ISERROR(ORÇAMENTO.BancoRef),\"(abra o arquivo 'Referência \"&Excel_BuiltIn_Database&\".xlsm)\",IF(OR($C80<>\"S\",ORÇAMENTO.CodBarra=\"\"),\"(Sem Código)\",IF(ISERROR(MATCH($AE80,INDIRECT(ORÇAMENTO.BancoRef),0)),\"(Código não identificado nas referências)\",MATCH($AE80,INDIRECT(ORÇAMENTO.BancoRef),0))))","v":7280},{"$f":"ROUND(IF(DESONERACAO=\"sim\",REFERENCIA.Desonerado,REFERENCIA.NaoDesonerado),2)","v":5},0.25390000000000001,null,null,null,null,3701.9,{"$f":"ROUND(ORÇAMENTO.CustoUnitario*(1+$AH80),2)","v":5.44}]
["S",3,"S",0,{"$f":"IF($C81=1,OFFSET(E81,-1,0)+MAX(1,COUNTIF(QCI!$A$13:$A$24,OFFSET(ORÇAMENTO!E81,-1,0))),OFFSET(E81,-1,0))","v":1},7,1,0,2,0,{"$f":"IF(OR($C81=\"S\",$C81=0),0,MATCH(OFFSET($D81,0,$C81)+IF($C81<>1,1,COUNTIF(QCI!$A$13:$A$24,ORÇAMENTO!E81)),OFFSET($D81,1,$C81,ROW($C$237)-ROW($C81)),0))","v":0},"F","Serviço","Serviço","1.7.1.0.2.","SINAPI","87882",{"$f":"IF($C81=\"S\",REFERENCIA.Descricao,\"(digite a descrição aqui)\")","v":"CHAPISCO APLICADO NO TETO OU EM ALVENARIA E ESTRUTURA, COM ROLO PARA TEXTURA ACRÍLICA. ARGAMASSA TRAÇO 1:4 E EMULSÃO POLIMÉRICA (ADESIVO) COM PREPARO EM BETONEIRA 400L. AF_10/2022"},{"$f":"REFERENCIA.Unidade","v":"M2"},{"$f":"OFFSET(CÁLCULO!H$15,ROW($T81)-ROW(T$15),0)","v":22.200000000000003},5.81,"BDI 1",{"$f":"IF($C81=\"S\",ROUND(IF(TIPOORCAMENTO=\"Proposto\",ORÇAMENTO.CustoUnitario*(1+$AH81),ORÇAMENTO.PrecoUnitarioLicitado),15-13*$AF$10),0)","v":7.29},{"$f":"IF($C81=\"S\",IF(OR(Import.TipoArredondamento<>\"TransfereGOV\",ACOMPANHAMENTO=\"BM\"),VTOTAL1,SUM(OFFSET(CÁLCULO!$AQ$15,ROW($X81)-ROW($X$15),1):OFFSET(CÁLCULO!$BR$15,ROW($X81)-ROW($X$15),-1))),IF($C81=0,0,ROUND(SomaAgrup,15-13*$AF$11)))","v":161.85},"RA","RA",{"$f":"IF($C81=\"S\",IF($Z81=\"CP\",$X81,IF($Z81=\"RA\",(($X81)*QCI!$AA$3),0)),SomaAgrup)","v":2.3646295221562328},{"$f":"IF($C81=\"S\",IF($Z81=\"OU\",ROUND($X81,2),0),SomaAgrup)","v":0},{"$f":"IF($N81=\"\",\" \",\nIF(AND($C81<>\"S\",OR($R81=\"\",$R81=\"(digite a descrição aqui)\")),\"DESCRIÇÃO\",\nIF(AND($C81=\"S\",OR($Q81<>\"\",$T81>0,$U81>0),$P81=\"\"),\"FONTE\",\nIF(AND($C81=\"S\",$P81<>\"\",OR($T81>0,$U81>0),$Q81=\"\"),\"CÓDIGO\",\nIF(AND($C81=\"S\",$P81<>\"\",$Q81<>\"\",$R81=\"(Código não identificado nas referências)\"),\"CÓDIGO N/ID\",\nIF(AND($C81=\"S\",OR($R81=\"\",$R81=\"(digite a descrição aqui)\"),OR($Q81<>\"\",$T81>0,$U81>0)),\"DESCRIÇÃO\",\nIF(AND($C81=\"S\",$P81<>\"\",$Q81<>\"\",$S81=\"\"),\"UNIDADE\",\nIF(AND($C81=\"S\",$P81<>\"\",$Q81<>\"\",$U81=0),\"SEM CUSTO\",\nIF(AND(TIPOORCAMENTO=\"Licitado\",$AL81=0,$AN81>0),\"SEM PREÇO\",\nIF(AND($C81=\"S\",$P81<>\"\",$Q81<>\"\",$U81>0,AND($V81<>\"BDI 1\",$V81<>\"BDI 2\",$V81<>\"BDI 3\")),IF(ISNUMBER($V81),\"JUSTIFICAR BDI\",\"BDI\"),\nIF(OR(AND(import.recurso=\"OGU\",TIPOORCAMENTO=\"Proposto\",LEFT($O$8,5)<>\"(N/D:\",$AG81<>\"\",ORÇAMENTO.CustoUnitario>$AG81),AND(TIPOORCAMENTO=\"LICITADO\",ORÇAMENTO.PrecoUnitarioLicitado>$AN81)),\"ACIMA REF.\",\nIF(AND($C81=\"S\",$P81<>\"\",$Q81<>\"\",$T81=0,$U81>0),\"QUANT.\",\nIF(AND(Import.TipoArredondamento=\"TransfereGOV\",$L81=\"F\",$C81=\"S\",LEN($Q81)>13),\"Código >13\",\nIF(AND(Import.TipoArredondamento=\"TransfereGOV\",$L81=\"F\",$C81<>\"S\",LEN($R81)>100),\"Descrição >100\",\nIF(AND(Import.TipoArredondamento=\"TransfereGOV\",$L81=\"F\",$C81=\"S\",LEN($R81)>500),\"Descrição >500\",\nIF(AND(Import.TipoArredondamento=\"TransfereGOV\",$L81=\"F\",$C81=\"S\",LEFT(TRIM(UPPER($P81)),6)<>\"SINAPI\",ISNA(VLOOKUP(TRIM(UPPER($S81)),ListaTgov.Unidades,1,FALSE))),\"Unid. Não Disp\",\n\" \"))))))))))))))))","v":" "},{"$f":"IF(C81<=CRONO.NivelExibicao,MAX($AD$15:OFFSET(AD81,-1,0))+IF($C81<>1,1,MAX(1,COUNTIF(QCI!$A$13:$A$24,OFFSET($E81,-1,0)))),\"\")","v":""},{"$f":"IF(AND($C81=\"S\",ORÇAMENTO.CodBarra<>\"\"),IF(ORÇAMENTO.Fonte=\"\",ORÇAMENTO.CodBarra,CONCATENATE(ORÇAMENTO.Fonte,\" \",ORÇAMENTO.CodBarra)))","v":"SINAPI 87882"},{"$f":"IF(ISERROR(ORÇAMENTO.BancoRef),\"(abra o arquivo 'Referência \"&Excel_BuiltIn_Database&\".xlsm)\",IF(OR($C81<>\"S\",ORÇAMENTO.CodBarra=\"\"),\"(Sem Código)\",IF(ISERROR(MATCH($AE81,INDIRECT(ORÇAMENTO.BancoRef),0)),\"(Código não identificado nas referências)\",MATCH($AE81,INDIRECT(ORÇAMENTO.BancoRef),0))))","v":7284},{"$f":"ROUND(IF(DESONERACAO=\"sim\",REFERENCIA.Desonerado,REFERENCIA.NaoDesonerado),2)","v":6.69},0.25390000000000001,null,null,null,null,161.85,{"$f":"ROUND(ORÇAMENTO.CustoUnitario*(1+$AH81),2)","v":7.29}]
[{"$f":"CHOOSE(1+LOG(1+2*(ORÇAMENTO.Nivel=\"Meta\")+4*(ORÇAMENTO.Nivel=\"Nível 2\")+8*(ORÇAMENTO.Nivel=\"Nível 3\")+16*(ORÇAMENTO.Nivel=\"Nível 4\")+32*(ORÇAMENTO.Nivel=\"Serviço\"),2),0,1,2,3,4,\"S\")","v":"S"},{"$f":"IF(OR(C82=\"s\",C82=0),OFFSET(B82,-1,0),C82)","v":3},{"$f":"IF(OFFSET(C82,-1,0)=\"L\",1,IF(OFFSET(C82,-1,0)=1,2,IF(OR(A82=\"s\",A82=0),\"S\",IF(AND(OFFSET(C82,-1,0)=2,A82=4),3,IF(AND(OR(OFFSET(C82,-1,0)=\"s\",OFFSET(C82,-1,0)=0),A82<>\"s\",A82>OFFSET(B82,-1,0)),OFFSET(B82,-1,0),A82)))))","v":"S"},{"$f":"IF(OR(C82=\"S\",C82=0),0,IF(ISERROR(K82),J82,SMALL(J82:K82,1)))","v":0},{"$f":"IF($C82=1,OFFSET(E82,-1,0)+MAX(1,COUNTIF(QCI!$A$13:$A$24,OFFSET(ORÇAMENTO!E82,-1,0))),OFFSET(E82,-1,0))","v":1},{"$f":"IF($C82=1,0,IF($C82=2,OFFSET(F82,-1,0)+1,OFFSET(F82,-1,0)))","v":7},{"$f":"IF(AND($C82<=2,$C82<>0),0,IF($C82=3,OFFSET(G82,-1,0)+1,OFFSET(G82,-1,0)))","v":1},{"$f":"IF(AND($C82<=3,$C82<>0),0,IF($C82=4,OFFSET(H82,-1,0)+1,OFFSET(H82,-1,0)))","v":0},{"$f":"IF(AND($C82<=4,$C82<>0),0,IF(AND($C82=\"S\",$X82>0),OFFSET(I82,-1,0)+1,OFFSET(I82,-1,0)))","v":3},{"$f":"IF(OR($C82=\"S\",$C82=0),0,MATCH(0,OFFSET($D82,1,$C82,ROW($C$237)-ROW($C82)),0))","v":0},{"$f":"IF(OR($C82=\"S\",$C82=0),0,MATCH(OFFSET($D82,0,$C82)+IF($C82<>1,1,COUNTIF(QCI!$A$13:$A$24,ORÇAMENTO!E82)),OFFSET($D82,1,$C82,ROW($C$237)-ROW($C82)),0))","v":0},{"$f":"IF(OR($X82>0,$C82=1,$C82=2,$C82=3,$C82=4),\"F\",\"\")","v":"F"},"Serviço",{"$f":"CHOOSE(1+LOG(1+2*(C82=1)+4*(C82=2)+8*(C82=3)+16*(C82=4)+32*(C82=\"S\"),2),\"\",\"Meta\",\"Nível 2\",\"Nível 3\",\"Nível 4\",\"Serviço\")","v":"Serviço"},{"$f":"IF(OR($C82=0,$L82=\"\"),\"-\",CONCATENATE(E82&\".\",IF(AND($A$5>=2,$C82>=2),F82&\".\",\"\"),IF(AND($A$5>=3,$C82>=3),G82&\".\",\"\"),IF(AND($A$5>=4,$C82>=4),H82&\".\",\"\"),IF($C82=\"S\",I82&\".\",\"\")))","v":"1.7.1.0.3."},"SINAPI","87545",{"$f":"IF($C82=\"S\",REFERENCIA.Descricao,\"(digite a descrição aqui)\")","v":"EMBOÇO, EM ARGAMASSA TRAÇO 1:2:8, PREPARO MECÂNICO, APLICADO MANUALMENTE EM PAREDES INTERNAS, PARA AMBIENTES COM ÁREA MENOR QUE 5M², E = 10MM, COM TALISCAS. AF_03/2024"},{"$f":"REFERENCIA.Unidade","v":"M2"},{"$f":"OFFSET(CÁLCULO!H$15,ROW($T82)-ROW(T$15),0)","v":117.44999999999999},28.26,"BDI 1",{"$f":"IF($C82=\"S\",ROUND(IF(TIPOORCAMENTO=\"Proposto\",ORÇAMENTO.CustoUnitario*(1+$AH82),ORÇAMENTO.PrecoUnitarioLicitado),15-13*$AF$10),0)","v":35.44},{"$f":"IF($C82=\"S\",IF(OR(Import.TipoArredondamento<>\"TransfereGOV\",ACOMPANHAMENTO=\"BM\"),VTOTAL1,SUM(OFFSET(CÁLCULO!$AQ$15,ROW($X82)-ROW($X$15),1):OFFSET(CÁLCULO!$BR$15,ROW($X82)-ROW($X$15),-1))),IF($C82=0,0,ROUND(SomaAgrup,15-13*$AF$11)))","v":4162.45},"RA",{"$f":"IF(AND($C82=\"S\",$X82>0),IF(ISBLANK($Y82),\"RA\",LEFT($Y82,2)),\"\")","v":"RA"},{"$f":"IF($C82=\"S\",IF($Z82=\"CP\",$X82,IF($Z82=\"RA\",(($X82)*QCI!$AA$3),0)),SomaAgrup)","v":60.813420787761572},{"$f":"IF($C82=\"S\",IF($Z82=\"OU\",ROUND($X82,2),0),SomaAgrup)","v":0},{"$f":"IF($N82=\"\",\" \",\nIF(AND($C82<>\"S\",OR($R82=\"\",$R82=\"(digite a descrição aqui)\")),\"DESCRIÇÃO\",\nIF(AND($C82=\"S\",OR($Q82<>\"\",$T82>0,$U82>0),$P82=\"\"),\"FONTE\",\nIF(AND($C82=\"S\",$P82<>\"\",OR($T82>0,$U82>0),$Q82=\"\"),\"CÓDIGO\",\nIF(AND($C82=\"S\",$P82<>\"\",$Q82<>\"\",$R82=\"(Código não identificado nas referências)\"),\"CÓDIGO N/ID\",\nIF(AND($C82=\"S\",OR($R82=\"\",$R82=\"(digite a descrição aqui)\"),OR($Q82<>\"\",$T82>0,$U82>0)),\"DESCRIÇÃO\",\nIF(AND($C82=\"S\",$P82<>\"\",$Q82<>\"\",$S82=\"\"),\"UNIDADE\",\nIF(AND($C82=\"S\",$P82<>\"\",$Q82<>\"\",$U82=0),\"SEM CUSTO\",\nIF(AND(TIPOORCAMENTO=\"Licitado\",$AL82=0,$AN82>0),\"SEM PREÇO\",\nIF(AND($C82=\"S\",$P82<>\"\",$Q82<>\"\",$U82>0,AND($V82<>\"BDI 1\",$V82<>\"BDI 2\",$V82<>\"BDI 3\")),IF(ISNUMBER($V82),\"JUSTIFICAR BDI\",\"BDI\"),\nIF(OR(AND(import.recurso=\"OGU\",TIPOORCAMENTO=\"Proposto\",LEFT($O$8,5)<>\"(N/D:\",$AG82<>\"\",ORÇAMENTO.CustoUnitario>$AG82),AND(TIPOORCAMENTO=\"LICITADO\",ORÇAMENTO.PrecoUnitarioLicitado>$AN82)),\"ACIMA REF.\",\nIF(AND($C82=\"S\",$P82<>\"\",$Q82<>\"\",$T82=0,$U82>0),\"QUANT.\",\nIF(AND(Import.TipoArredondamento=\"TransfereGOV\",$L82=\"F\",$C82=\"S\",LEN($Q82)>13),\"Código >13\",\nIF(AND(Import.TipoArredondamento=\"TransfereGOV\",$L82=\"F\",$C82<>\"S\",LEN($R82)>100),\"Descrição >100\",\nIF(AND(Import.TipoArredondamento=\"TransfereGOV\",$L82=\"F\",$C82=\"S\",LEN($R82)>500),\"Descrição >500\",\nIF(AND(Import.TipoArredondamento=\"TransfereGOV\",$L82=\"F\",$C82=\"S\",LEFT(TRIM(UPPER($P82)),6)<>\"SINAPI\",ISNA(VLOOKUP(TRIM(UPPER($S82)),ListaTgov.Unidades,1,FALSE))),\"Unid. Não Disp\",\n\" \"))))))))))))))))","v":" "},{"$f":"IF(C82<=CRONO.NivelExibicao,MAX($AD$15:OFFSET(AD82,-1,0))+IF($C82<>1,1,MAX(1,COUNTIF(QCI!$A$13:$A$24,OFFSET($E82,-1,0)))),\"\")","v":""},{"$f":"IF(AND($C82=\"S\",ORÇAMENTO.CodBarra<>\"\"),IF(ORÇAMENTO.Fonte=\"\",ORÇAMENTO.CodBarra,CONCATENATE(ORÇAMENTO.Fonte,\" \",ORÇAMENTO.CodBarra)))","v":"SINAPI 87545"},{"$f":"IF(ISERROR(ORÇAMENTO.BancoRef),\"(abra o arquivo 'Referência \"&Excel_BuiltIn_Database&\".xlsm)\",IF(OR($C82<>\"S\",ORÇAMENTO.CodBarra=\"\"),\"(Sem Código)\",IF(ISERROR(MATCH($AE82,INDIRECT(ORÇAMENTO.BancoRef),0)),\"(Código não identificado nas referências)\",MATCH($AE82,INDIRECT(ORÇAMENTO.BancoRef),0))))","v":13408},{"$f":"ROUND(IF(DESONERACAO=\"sim\",REFERENCIA.Desonerado,REFERENCIA.NaoDesonerado),2)","v":32.51},{"$f":"ROUND(IF(ISNUMBER(ORÇAMENTO.OpcaoBDI),ORÇAMENTO.OpcaoBDI,IF(LEFT(ORÇAMENTO.OpcaoBDI,3)=\"BDI\",HLOOKUP(ORÇAMENTO.OpcaoBDI,$F$4:$H$5,2,FALSE),0)),15-11*$AF$9)","v":0.25390000000000001},null,null,null,null,4162.45,{"$f":"ROUND(ORÇAMENTO.CustoUnitario*(1+$AH82),2)","v":35.44}]
["S",3,"S",0,{"$f":"IF($C83=1,OFFSET(E83,-1,0)+MAX(1,COUNTIF(QCI!$A$13:$A$24,OFFSET(ORÇAMENTO!E83,-1,0))),OFFSET(E83,-1,0))","v":1},7,1,0,4,0,{"$f":"IF(OR($C83=\"S\",$C83=0),0,MATCH(OFFSET($D83,0,$C83)+IF($C83<>1,1,COUNTIF(QCI!$A$13:$A$24,ORÇAMENTO!E83)),OFFSET($D83,1,$C83,ROW($C$237)-ROW($C83)),0))","v":0},"F","Serviço","Serviço","1.7.1.0.4.","SINAPI","87547",{"$f":"IF($C83=\"S\",REFERENCIA.Descricao,\"(digite a descrição aqui)\")","v":"MASSA ÚNICA, EM ARGAMASSA TRAÇO 1:2:8, PREPARO MECÂNICO, APLICADA MANUALMENTE EM PAREDES INTERNAS DE AMBIENTES COM ÁREA ENTRE 5M² E 10M², E = 10MM, COM TALISCAS. AF_03/2024"},{"$f":"REFERENCIA.Unidade","v":"M2"},{"$f":"OFFSET(CÁLCULO!H$15,ROW($T83)-ROW(T$15),0)","v":400.25},25,"BDI 1",{"$f":"IF($C83=\"S\",ROUND(IF(TIPOORCAMENTO=\"Proposto\",ORÇAMENTO.CustoUnitario*(1+$AH83),ORÇAMENTO.PrecoUnitarioLicitado),15-13*$AF$10),0)","v":31.35},{"$f":"IF($C83=\"S\",IF(OR(Import.TipoArredondamento<>\"TransfereGOV\",ACOMPANHAMENTO=\"BM\"),VTOTAL1,SUM(OFFSET(CÁLCULO!$AQ$15,ROW($X83)-ROW($X$15),1):OFFSET(CÁLCULO!$BR$15,ROW($X83)-ROW($X$15),-1))),IF($C83=0,0,ROUND(SomaAgrup,15-13*$AF$11)))","v":12547.85},"RA","RA",{"$f":"IF($C83=\"S\",IF($Z83=\"CP\",$X83,IF($Z83=\"RA\",(($X83)*QCI!$AA$3),0)),SomaAgrup)","v":183.32416774536969},{"$f":"IF($C83=\"S\",IF($Z83=\"OU\",ROUND($X83,2),0),SomaAgrup)","v":0},{"$f":"IF($N83=\"\",\" \",\nIF(AND($C83<>\"S\",OR($R83=\"\",$R83=\"(digite a descrição aqui)\")),\"DESCRIÇÃO\",\nIF(AND($C83=\"S\",OR($Q83<>\"\",$T83>0,$U83>0),$P83=\"\"),\"FONTE\",\nIF(AND($C83=\"S\",$P83<>\"\",OR($T83>0,$U83>0),$Q83=\"\"),\"CÓDIGO\",\nIF(AND($C83=\"S\",$P83<>\"\",$Q83<>\"\",$R83=\"(Código não identificado nas referências)\"),\"CÓDIGO N/ID\",\nIF(AND($C83=\"S\",OR($R83=\"\",$R83=\"(digite a descrição aqui)\"),OR($Q83<>\"\",$T83>0,$U83>0)),\"DESCRIÇÃO\",\nIF(AND($C83=\"S\",$P83<>\"\",$Q83<>\"\",$S83=\"\"),\"UNIDADE\",\nIF(AND($C83=\"S\",$P83<>\"\",$Q83<>\"\",$U83=0),\"SEM CUSTO\",\nIF(AND(TIPOORCAMENTO=\"Licitado\",$AL83=0,$AN83>0),\"SEM PREÇO\",\nIF(AND($C83=\"S\",$P83<>\"\",$Q83<>\"\",$U83>0,AND($V83<>\"BDI 1\",$V83<>\"BDI 2\",$V83<>\"BDI 3\")),IF(ISNUMBER($V83),\"JUSTIFICAR BDI\",\"BDI\"),\nIF(OR(AND(import.recurso=\"OGU\",TIPOORCAMENTO=\"Proposto\",LEFT($O$8,5)<>\"(N/D:\",$AG83<>\"\",ORÇAMENTO.CustoUnitario>$AG83),AND(TIPOORCAMENTO=\"LICITADO\",ORÇAMENTO.PrecoUnitarioLicitado>$AN83)),\"ACIMA REF.\",\nIF(AND($C83=\"S\",$P83<>\"\",$Q83<>\"\",$T83=0,$U83>0),\"QUANT.\",\nIF(AND(Import.TipoArredondamento=\"TransfereGOV\",$L83=\"F\",$C83=\"S\",LEN($Q83)>13),\"Código >13\",\nIF(AND(Import.TipoArredondamento=\"TransfereGOV\",$L83=\"F\",$C83<>\"S\",LEN($R83)>100),\"Descrição >100\",\nIF(AND(Import.TipoArredondamento=\"TransfereGOV\",$L83=\"F\",$C83=\"S\",LEN($R83)>500),\"Descrição >500\",\nIF(AND(Import.TipoArredondamento=\"TransfereGOV\",$L83=\"F\",$C83=\"S\",LEFT(TRIM(UPPER($P83)),6)<>\"SINAPI\",ISNA(VLOOKUP(TRIM(UPPER($S83)),ListaTgov.Unidades,1,FALSE))),\"Unid. Não Disp\",\n\" \"))))))))))))))))","v":" "},{"$f":"IF(C83<=CRONO.NivelExibicao,MAX($AD$15:OFFSET(AD83,-1,0))+IF($C83<>1,1,MAX(1,COUNTIF(QCI!$A$13:$A$24,OFFSET($E83,-1,0)))),\"\")","v":""},{"$f":"IF(AND($C83=\"S\",ORÇAMENTO.CodBarra<>\"\"),IF(ORÇAMENTO.Fonte=\"\",ORÇAMENTO.CodBarra,CONCATENATE(ORÇAMENTO.Fonte,\" \",ORÇAMENTO.CodBarra)))","v":"SINAPI 87547"},{"$f":"IF(ISERROR(ORÇAMENTO.BancoRef),\"(abra o arquivo 'Referência \"&Excel_BuiltIn_Database&\".xlsm)\",IF(OR($C83<>\"S\",ORÇAMENTO.CodBarra=\"\"),\"(Sem Código)\",IF(ISERROR(MATCH($AE83,INDIRECT(ORÇAMENTO.BancoRef),0)),\"(Código não identificado nas referências)\",MATCH($AE83,INDIRECT(ORÇAMENTO.BancoRef),0))))","v":13426},{"$f":"ROUND(IF(DESONERACAO=\"sim\",REFERENCIA.Desonerado,REFERENCIA.NaoDesonerado),2)","v":28.76},0.25390000000000001,null,null,null,null,12547.85,{"$f":"ROUND(ORÇAMENTO.CustoUnitario*(1+$AH83),2)","v":31.35}]
["S",3,"S",0,{"$f":"IF($C84=1,OFFSET(E84,-1,0)+MAX(1,COUNTIF(QCI!$A$13:$A$24,OFFSET(ORÇAMENTO!E84,-1,0))),OFFSET(E84,-1,0))","v":1},7,1,0,5,0,{"$f":"IF(OR($C84=\"S\",$C84=0),0,MATCH(OFFSET($D84,0,$C84)+IF($C84<>1,1,COUNTIF(QCI!$A$13:$A$24,ORÇAMENTO!E84)),OFFSET($D84,1,$C84,ROW($C$237)-ROW($C84)),0))","v":0},"F","Serviço","Serviço","1.7.1.0.5.","SINAPI","104958",{"$f":"IF($C84=\"S\",REFERENCIA.Descricao,\"(digite a descrição aqui)\")","v":"MASSA ÚNICA, EM ARGAMASSA TRAÇO 1:2:8 PREPARO MECÂNICO, APLICADA MANUALMENTE EM PAREDES INTERNAS DE AMBIENTES COM ÁREA MAIOR QUE 10M², E = 10MM, COM TALISCAS. AF_03/2024"},{"$f":"REFERENCIA.Unidade","v":"M2"},{"$f":"OFFSET(CÁLCULO!H$15,ROW($T84)-ROW(T$15),0)","v":162.80000000000001},21.64,"BDI 1",{"$f":"IF($C84=\"S\",ROUND(IF(TIPOORCAMENTO=\"Proposto\",ORÇAMENTO.CustoUnitario*(1+$AH84),ORÇAMENTO.PrecoUnitarioLicitado),15-13*$AF$10),0)","v":27.13},{"$f":"IF($C84=\"S\",IF(OR(Import.TipoArredondamento<>\"TransfereGOV\",ACOMPANHAMENTO=\"BM\"),VTOTAL1,SUM(OFFSET(CÁLCULO!$AQ$15,ROW($X84)-ROW($X$15),1):OFFSET(CÁLCULO!$BR$15,ROW($X84)-ROW($X$15),-1))),IF($C84=0,0,ROUND(SomaAgrup,15-13*$AF$11)))","v":4416.75},"RA","RA",{"$f":"IF($C84=\"S\",IF($Z84=\"CP\",$X84,IF($Z84=\"RA\",(($X84)*QCI!$AA$3),0)),SomaAgrup)","v":64.528745393781534},{"$f":"IF($C84=\"S\",IF($Z84=\"OU\",ROUND($X84,2),0),SomaAgrup)","v":0},{"$f":"IF($N84=\"\",\" \",\nIF(AND($C84<>\"S\",OR($R84=\"\",$R84=\"(digite a descrição aqui)\")),\"DESCRIÇÃO\",\nIF(AND($C84=\"S\",OR($Q84<>\"\",$T84>0,$U84>0),$P84=\"\"),\"FONTE\",\nIF(AND($C84=\"S\",$P84<>\"\",OR($T84>0,$U84>0),$Q84=\"\"),\"CÓDIGO\",\nIF(AND($C84=\"S\",$P84<>\"\",$Q84<>\"\",$R84=\"(Código não identificado nas referências)\"),\"CÓDIGO N/ID\",\nIF(AND($C84=\"S\",OR($R84=\"\",$R84=\"(digite a descrição aqui)\"),OR($Q84<>\"\",$T84>0,$U84>0)),\"DESCRIÇÃO\",\nIF(AND($C84=\"S\",$P84<>\"\",$Q84<>\"\",$S84=\"\"),\"UNIDADE\",\nIF(AND($C84=\"S\",$P84<>\"\",$Q84<>\"\",$U84=0),\"SEM CUSTO\",\nIF(AND(TIPOORCAMENTO=\"Licitado\",$AL84=0,$AN84>0),\"SEM PREÇO\",\nIF(AND($C84=\"S\",$P84<>\"\",$Q84<>\"\",$U84>0,AND($V84<>\"BDI 1\",$V84<>\"BDI 2\",$V84<>\"BDI 3\")),IF(ISNUMBER($V84),\"JUSTIFICAR BDI\",\"BDI\"),\nIF(OR(AND(import.recurso=\"OGU\",TIPOORCAMENTO=\"Proposto\",LEFT($O$8,5)<>\"(N/D:\",$AG84<>\"\",ORÇAMENTO.CustoUnitario>$AG84),AND(TIPOORCAMENTO=\"LICITADO\",ORÇAMENTO.PrecoUnitarioLicitado>$AN84)),\"ACIMA REF.\",\nIF(AND($C84=\"S\",$P84<>\"\",$Q84<>\"\",$T84=0,$U84>0),\"QUANT.\",\nIF(AND(Import.TipoArredondamento=\"TransfereGOV\",$L84=\"F\",$C84=\"S\",LEN($Q84)>13),\"Código >13\",\nIF(AND(Import.TipoArredondamento=\"TransfereGOV\",$L84=\"F\",$C84<>\"S\",LEN($R84)>100),\"Descrição >100\",\nIF(AND(Import.TipoArredondamento=\"TransfereGOV\",$L84=\"F\",$C84=\"S\",LEN($R84)>500),\"Descrição >500\",\nIF(AND(Import.TipoArredondamento=\"TransfereGOV\",$L84=\"F\",$C84=\"S\",LEFT(TRIM(UPPER($P84)),6)<>\"SINAPI\",ISNA(VLOOKUP(TRIM(UPPER($S84)),ListaTgov.Unidades,1,FALSE))),\"Unid. Não Disp\",\n\" \"))))))))))))))))","v":" "},{"$f":"IF(C84<=CRONO.NivelExibicao,MAX($AD$15:OFFSET(AD84,-1,0))+IF($C84<>1,1,MAX(1,COUNTIF(QCI!$A$13:$A$24,OFFSET($E84,-1,0)))),\"\")","v":""},{"$f":"IF(AND($C84=\"S\",ORÇAMENTO.CodBarra<>\"\"),IF(ORÇAMENTO.Fonte=\"\",ORÇAMENTO.CodBarra,CONCATENATE(ORÇAMENTO.Fonte,\" \",ORÇAMENTO.CodBarra)))","v":"SINAPI 104958"},{"$f":"IF(ISERROR(ORÇAMENTO.BancoRef),\"(abra o arquivo 'Referência \"&Excel_BuiltIn_Database&\".xlsm)\",IF(OR($C84<>\"S\",ORÇAMENTO.CodBarra=\"\"),\"(Sem Código)\",IF(ISERROR(MATCH($AE84,INDIRECT(ORÇAMENTO.BancoRef),0)),\"(Código não identificado nas referências)\",MATCH($AE84,INDIRECT(ORÇAMENTO.BancoRef),0))))","v":13414},{"$f":"ROUND(IF(DESONERACAO=\"sim\",REFERENCIA.Desonerado,REFERENCIA.NaoDesonerado),2)","v":24.89},0.25390000000000001,null,null,null,null,4416.75,{"$f":"ROUND(ORÇAMENTO.CustoUnitario*(1+$AH84),2)","v":27.13}]
["S",3,"S",0,{"$f":"IF($C85=1,OFFSET(E85,-1,0)+MAX(1,COUNTIF(QCI!$A$13:$A$24,OFFSET(ORÇAMENTO!E85,-1,0))),OFFSET(E85,-1,0))","v":1},7,1,0,6,0,{"$f":"IF(OR($C85=\"S\",$C85=0),0,MATCH(OFFSET($D85,0,$C85)+IF($C85<>1,1,COUNTIF(QCI!$A$13:$A$24,ORÇAMENTO!E85)),OFFSET($D85,1,$C85,ROW($C$237)-ROW($C85)),0))","v":0},"F","Serviço","Serviço","1.7.1.0.6.","SINAPI","90408",{"$f":"IF($C85=\"S\",REFERENCIA.Descricao,\"(digite a descrição aqui)\")","v":"MASSA ÚNICA, EM ARGAMASSA TRAÇO 1:2:8, PREPARO MECÂNICO, APLICADA MANUALMENTE EM TETO, E = 10MM, COM TALISCAS. AF_03/2024"},{"$f":"REFERENCIA.Unidade","v":"M2"},{"$f":"OFFSET(CÁLCULO!H$15,ROW($T85)-ROW(T$15),0)","v":22.200000000000003},31.33,"BDI 1",{"$f":"IF($C85=\"S\",ROUND(IF(TIPOORCAMENTO=\"Proposto\",ORÇAMENTO.CustoUnitario*(1+$AH85),ORÇAMENTO.PrecoUnitarioLicitado),15-13*$AF$10),0)","v":39.28},{"$f":"IF($C85=\"S\",IF(OR(Import.TipoArredondamento<>\"TransfereGOV\",ACOMPANHAMENTO=\"BM\"),VTOTAL1,SUM(OFFSET(CÁLCULO!$AQ$15,ROW($X85)-ROW($X$15),1):OFFSET(CÁLCULO!$BR$15,ROW($X85)-ROW($X$15),-1))),IF($C85=0,0,ROUND(SomaAgrup,15-13*$AF$11)))","v":872},"RA","RA",{"$f":"IF($C85=\"S\",IF($Z85=\"CP\",$X85,IF($Z85=\"RA\",(($X85)*QCI!$AA$3),0)),SomaAgrup)","v":12.739925507075903},{"$f":"IF($C85=\"S\",IF($Z85=\"OU\",ROUND($X85,2),0),SomaAgrup)","v":0},{"$f":"IF($N85=\"\",\" \",\nIF(AND($C85<>\"S\",OR($R85=\"\",$R85=\"(digite a descrição aqui)\")),\"DESCRIÇÃO\",\nIF(AND($C85=\"S\",OR($Q85<>\"\",$T85>0,$U85>0),$P85=\"\"),\"FONTE\",\nIF(AND($C85=\"S\",$P85<>\"\",OR($T85>0,$U85>0),$Q85=\"\"),\"CÓDIGO\",\nIF(AND($C85=\"S\",$P85<>\"\",$Q85<>\"\",$R85=\"(Código não identificado nas referências)\"),\"CÓDIGO N/ID\",\nIF(AND($C85=\"S\",OR($R85=\"\",$R85=\"(digite a descrição aqui)\"),OR($Q85<>\"\",$T85>0,$U85>0)),\"DESCRIÇÃO\",\nIF(AND($C85=\"S\",$P85<>\"\",$Q85<>\"\",$S85=\"\"),\"UNIDADE\",\nIF(AND($C85=\"S\",$P85<>\"\",$Q85<>\"\",$U85=0),\"SEM CUSTO\",\nIF(AND(TIPOORCAMENTO=\"Licitado\",$AL85=0,$AN85>0),\"SEM PREÇO\",\nIF(AND($C85=\"S\",$P85<>\"\",$Q85<>\"\",$U85>0,AND($V85<>\"BDI 1\",$V85<>\"BDI 2\",$V85<>\"BDI 3\")),IF(ISNUMBER($V85),\"JUSTIFICAR BDI\",\"BDI\"),\nIF(OR(AND(import.recurso=\"OGU\",TIPOORCAMENTO=\"Proposto\",LEFT($O$8,5)<>\"(N/D:\",$AG85<>\"\",ORÇAMENTO.CustoUnitario>$AG85),AND(TIPOORCAMENTO=\"LICITADO\",ORÇAMENTO.PrecoUnitarioLicitado>$AN85)),\"ACIMA REF.\",\nIF(AND($C85=\"S\",$P85<>\"\",$Q85<>\"\",$T85=0,$U85>0),\"QUANT.\",\nIF(AND(Import.TipoArredondamento=\"TransfereGOV\",$L85=\"F\",$C85=\"S\",LEN($Q85)>13),\"Código >13\",\nIF(AND(Import.TipoArredondamento=\"TransfereGOV\",$L85=\"F\",$C85<>\"S\",LEN($R85)>100),\"Descrição >100\",\nIF(AND(Import.TipoArredondamento=\"TransfereGOV\",$L85=\"F\",$C85=\"S\",LEN($R85)>500),\"Descrição >500\",\nIF(AND(Import.TipoArredondamento=\"TransfereGOV\",$L85=\"F\",$C85=\"S\",LEFT(TRIM(UPPER($P85)),6)<>\"SINAPI\",ISNA(VLOOKUP(TRIM(UPPER($S85)),ListaTgov.Unidades,1,FALSE))),\"Unid. Não Disp\",\n\" \"))))))))))))))))","v":" "},{"$f":"IF(C85<=CRONO.NivelExibicao,MAX($AD$15:OFFSET(AD85,-1,0))+IF($C85<>1,1,MAX(1,COUNTIF(QCI!$A$13:$A$24,OFFSET($E85,-1,0)))),\"\")","v":""},{"$f":"IF(AND($C85=\"S\",ORÇAMENTO.CodBarra<>\"\"),IF(ORÇAMENTO.Fonte=\"\",ORÇAMENTO.CodBarra,CONCATENATE(ORÇAMENTO.Fonte,\" \",ORÇAMENTO.CodBarra)))","v":"SINAPI 90408"},{"$f":"IF(ISERROR(ORÇAMENTO.BancoRef),\"(abra o arquivo 'Referência \"&Excel_BuiltIn_Database&\".xlsm)\",IF(OR($C85<>\"S\",ORÇAMENTO.CodBarra=\"\"),\"(Sem Código)\",IF(ISERROR(MATCH($AE85,INDIRECT(ORÇAMENTO.BancoRef),0)),\"(Código não identificado nas referências)\",MATCH($AE85,INDIRECT(ORÇAMENTO.BancoRef),0))))","v":13431},{"$f":"ROUND(IF(DESONERACAO=\"sim\",REFERENCIA.Desonerado,REFERENCIA.NaoDesonerado),2)","v":36.03},0.25390000000000001,null,null,null,null,872,{"$f":"ROUND(ORÇAMENTO.CustoUnitario*(1+$AH85),2)","v":39.28}]
[3,3,3,3,{"$f":"IF($C86=1,OFFSET(E86,-1,0)+MAX(1,COUNTIF(QCI!$A$13:$A$24,OFFSET(ORÇAMENTO!E86,-1,0))),OFFSET(E86,-1,0))","v":1},7,2,0,0,23,{"$f":"IF(OR($C86=\"S\",$C86=0),0,MATCH(OFFSET($D86,0,$C86)+IF($C86<>1,1,COUNTIF(QCI!$A$13:$A$24,ORÇAMENTO!E86)),OFFSET($D86,1,$C86,ROW($C$237)-ROW($C86)),0))","v":3},"F","Nível 3","Nível 3","1.7.2.","","","REVESTIMENTOS CERÂMICOS",null,{"$f":"OFFSET(CÁLCULO!H$15,ROW($T86)-ROW(T$15),0)","v":0},0,"BDI 1",{"$f":"IF($C86=\"S\",ROUND(IF(TIPOORCAMENTO=\"Proposto\",ORÇAMENTO.CustoUnitario*(1+$AH86),ORÇAMENTO.PrecoUnitarioLicitado),15-13*$AF$10),0)","v":0},{"$f":"IF($C86=\"S\",IF(OR(Import.TipoArredondamento<>\"TransfereGOV\",ACOMPANHAMENTO=\"BM\"),VTOTAL1,SUM(OFFSET(CÁLCULO!$AQ$15,ROW($X86)-ROW($X$15),1):OFFSET(CÁLCULO!$BR$15,ROW($X86)-ROW($X$15),-1))),IF($C86=0,0,ROUND(SomaAgrup,15-13*$AF$11)))","v":8901.9500000000007},"RA","",{"$f":"IF($C86=\"S\",IF($Z86=\"CP\",$X86,IF($Z86=\"RA\",(($X86)*QCI!$AA$3),0)),SomaAgrup)","v":130.05754571985588},{"$f":"IF($C86=\"S\",IF($Z86=\"OU\",ROUND($X86,2),0),SomaAgrup)","v":0},{"$f":"IF($N86=\"\",\" \",\nIF(AND($C86<>\"S\",OR($R86=\"\",$R86=\"(digite a descrição aqui)\")),\"DESCRIÇÃO\",\nIF(AND($C86=\"S\",OR($Q86<>\"\",$T86>0,$U86>0),$P86=\"\"),\"FONTE\",\nIF(AND($C86=\"S\",$P86<>\"\",OR($T86>0,$U86>0),$Q86=\"\"),\"CÓDIGO\",\nIF(AND($C86=\"S\",$P86<>\"\",$Q86<>\"\",$R86=\"(Código não identificado nas referências)\"),\"CÓDIGO N/ID\",\nIF(AND($C86=\"S\",OR($R86=\"\",$R86=\"(digite a descrição aqui)\"),OR($Q86<>\"\",$T86>0,$U86>0)),\"DESCRIÇÃO\",\nIF(AND($C86=\"S\",$P86<>\"\",$Q86<>\"\",$S86=\"\"),\"UNIDADE\",\nIF(AND($C86=\"S\",$P86<>\"\",$Q86<>\"\",$U86=0),\"SEM CUSTO\",\nIF(AND(TIPOORCAMENTO=\"Licitado\",$AL86=0,$AN86>0),\"SEM PREÇO\",\nIF(AND($C86=\"S\",$P86<>\"\",$Q86<>\"\",$U86>0,AND($V86<>\"BDI 1\",$V86<>\"BDI 2\",$V86<>\"BDI 3\")),IF(ISNUMBER($V86),\"JUSTIFICAR BDI\",\"BDI\"),\nIF(OR(AND(import.recurso=\"OGU\",TIPOORCAMENTO=\"Proposto\",LEFT($O$8,5)<>\"(N/D:\",$AG86<>\"\",ORÇAMENTO.CustoUnitario>$AG86),AND(TIPOORCAMENTO=\"LICITADO\",ORÇAMENTO.PrecoUnitarioLicitado>$AN86)),\"ACIMA REF.\",\nIF(AND($C86=\"S\",$P86<>\"\",$Q86<>\"\",$T86=0,$U86>0),\"QUANT.\",\nIF(AND(Import.TipoArredondamento=\"TransfereGOV\",$L86=\"F\",$C86=\"S\",LEN($Q86)>13),\"Código >13\",\nIF(AND(Import.TipoArredondamento=\"TransfereGOV\",$L86=\"F\",$C86<>\"S\",LEN($R86)>100),\"Descrição >100\",\nIF(AND(Import.TipoArredondamento=\"TransfereGOV\",$L86=\"F\",$C86=\"S\",LEN($R86)>500),\"Descrição >500\",\nIF(AND(Import.TipoArredondamento=\"TransfereGOV\",$L86=\"F\",$C86=\"S\",LEFT(TRIM(UPPER($P86)),6)<>\"SINAPI\",ISNA(VLOOKUP(TRIM(UPPER($S86)),ListaTgov.Unidades,1,FALSE))),\"Unid. Não Disp\",\n\" \"))))))))))))))))","v":" "},{"$f":"IF(C86<=CRONO.NivelExibicao,MAX($AD$15:OFFSET(AD86,-1,0))+IF($C86<>1,1,MAX(1,COUNTIF(QCI!$A$13:$A$24,OFFSET($E86,-1,0)))),\"\")","v":""},{"$f":"IF(AND($C86=\"S\",ORÇAMENTO.CodBarra<>\"\"),IF(ORÇAMENTO.Fonte=\"\",ORÇAMENTO.CodBarra,CONCATENATE(ORÇAMENTO.Fonte,\" \",ORÇAMENTO.CodBarra)))","v":false},{"$f":"IF(ISERROR(ORÇAMENTO.BancoRef),\"(abra o arquivo 'Referência \"&Excel_BuiltIn_Database&\".xlsm)\",IF(OR($C86<>\"S\",ORÇAMENTO.CodBarra=\"\"),\"(Sem Código)\",IF(ISERROR(MATCH($AE86,INDIRECT(ORÇAMENTO.BancoRef),0)),\"(Código não identificado nas referências)\",MATCH($AE86,INDIRECT(ORÇAMENTO.BancoRef),0))))","v":"(Sem Código)"},{"$f":"ROUND(IF(DESONERACAO=\"sim\",REFERENCIA.Desonerado,REFERENCIA.NaoDesonerado),2)","v":0},0.25390000000000001,null,null,null,null,8901.9500000000007,{"$f":"ROUND(ORÇAMENTO.CustoUnitario*(1+$AH86),2)","v":0}]
["S",3,"S",0,{"$f":"IF($C87=1,OFFSET(E87,-1,0)+MAX(1,COUNTIF(QCI!$A$13:$A$24,OFFSET(ORÇAMENTO!E87,-1,0))),OFFSET(E87,-1,0))","v":1},7,2,0,1,0,{"$f":"IF(OR($C87=\"S\",$C87=0),0,MATCH(OFFSET($D87,0,$C87)+IF($C87<>1,1,COUNTIF(QCI!$A$13:$A$24,ORÇAMENTO!E87)),OFFSET($D87,1,$C87,ROW($C$237)-ROW($C87)),0))","v":0},"F","Serviço","Serviço","1.7.2.0.1.","SINAPI","87267",{"$f":"IF($C87=\"S\",REFERENCIA.Descricao,\"(digite a descrição aqui)\")","v":"REVESTIMENTO CERÂMICO PARA PAREDES INTERNAS COM PLACAS TIPO ESMALTADA DE DIMENSÕES 20X20 CM APLICADAS A MEIA ALTURA DAS PAREDES. AF_02/2023_PE"},{"$f":"REFERENCIA.Unidade","v":"M2"},{"$f":"OFFSET(CÁLCULO!H$15,ROW($T87)-ROW(T$15),0)","v":98.25},61.33,"BDI 1",{"$f":"IF($C87=\"S\",ROUND(IF(TIPOORCAMENTO=\"Proposto\",ORÇAMENTO.CustoUnitario*(1+$AH87),ORÇAMENTO.PrecoUnitarioLicitado),15-13*$AF$10),0)","v":76.900000000000006},{"$f":"IF($C87=\"S\",IF(OR(Import.TipoArredondamento<>\"TransfereGOV\",ACOMPANHAMENTO=\"BM\"),VTOTAL1,SUM(OFFSET(CÁLCULO!$AQ$15,ROW($X87)-ROW($X$15),1):OFFSET(CÁLCULO!$BR$15,ROW($X87)-ROW($X$15),-1))),IF($C87=0,0,ROUND(SomaAgrup,15-13*$AF$11)))","v":7555.45},"RA","RA",{"$f":"IF($C87=\"S\",IF($Z87=\"CP\",$X87,IF($Z87=\"RA\",(($X87)*QCI!$AA$3),0)),SomaAgrup)","v":110.38517221609705},{"$f":"IF($C87=\"S\",IF($Z87=\"OU\",ROUND($X87,2),0),SomaAgrup)","v":0},{"$f":"IF($N87=\"\",\" \",\nIF(AND($C87<>\"S\",OR($R87=\"\",$R87=\"(digite a descrição aqui)\")),\"DESCRIÇÃO\",\nIF(AND($C87=\"S\",OR($Q87<>\"\",$T87>0,$U87>0),$P87=\"\"),\"FONTE\",\nIF(AND($C87=\"S\",$P87<>\"\",OR($T87>0,$U87>0),$Q87=\"\"),\"CÓDIGO\",\nIF(AND($C87=\"S\",$P87<>\"\",$Q87<>\"\",$R87=\"(Código não identificado nas referências)\"),\"CÓDIGO N/ID\",\nIF(AND($C87=\"S\",OR($R87=\"\",$R87=\"(digite a descrição aqui)\"),OR($Q87<>\"\",$T87>0,$U87>0)),\"DESCRIÇÃO\",\nIF(AND($C87=\"S\",$P87<>\"\",$Q87<>\"\",$S87=\"\"),\"UNIDADE\",\nIF(AND($C87=\"S\",$P87<>\"\",$Q87<>\"\",$U87=0),\"SEM CUSTO\",\nIF(AND(TIPOORCAMENTO=\"Licitado\",$AL87=0,$AN87>0),\"SEM PREÇO\",\nIF(AND($C87=\"S\",$P87<>\"\",$Q87<>\"\",$U87>0,AND($V87<>\"BDI 1\",$V87<>\"BDI 2\",$V87<>\"BDI 3\")),IF(ISNUMBER($V87),\"JUSTIFICAR BDI\",\"BDI\"),\nIF(OR(AND(import.recurso=\"OGU\",TIPOORCAMENTO=\"Proposto\",LEFT($O$8,5)<>\"(N/D:\",$AG87<>\"\",ORÇAMENTO.CustoUnitario>$AG87),AND(TIPOORCAMENTO=\"LICITADO\",ORÇAMENTO.PrecoUnitarioLicitado>$AN87)),\"ACIMA REF.\",\nIF(AND($C87=\"S\",$P87<>\"\",$Q87<>\"\",$T87=0,$U87>0),\"QUANT.\",\nIF(AND(Import.TipoArredondamento=\"TransfereGOV\",$L87=\"F\",$C87=\"S\",LEN($Q87)>13),\"Código >13\",\nIF(AND(Import.TipoArredondamento=\"TransfereGOV\",$L87=\"F\",$C87<>\"S\",LEN($R87)>100),\"Descrição >100\",\nIF(AND(Import.TipoArredondamento=\"TransfereGOV\",$L87=\"F\",$C87=\"S\",LEN($R87)>500),\"Descrição >500\",\nIF(AND(Import.TipoArredondamento=\"TransfereGOV\",$L87=\"F\",$C87=\"S\",LEFT(TRIM(UPPER($P87)),6)<>\"SINAPI\",ISNA(VLOOKUP(TRIM(UPPER($S87)),ListaTgov.Unidades,1,FALSE))),\"Unid. Não Disp\",\n\" \"))))))))))))))))","v":" "},{"$f":"IF(C87<=CRONO.NivelExibicao,MAX($AD$15:OFFSET(AD87,-1,0))+IF($C87<>1,1,MAX(1,COUNTIF(QCI!$A$13:$A$24,OFFSET($E87,-1,0)))),\"\")","v":""},{"$f":"IF(AND($C87=\"S\",ORÇAMENTO.CodBarra<>\"\"),IF(ORÇAMENTO.Fonte=\"\",ORÇAMENTO.CodBarra,CONCATENATE(ORÇAMENTO.Fonte,\" \",ORÇAMENTO.CodBarra)))","v":"SINAPI 87267"},{"$f":"IF(ISERROR(ORÇAMENTO.BancoRef),\"(abra o arquivo 'Referência \"&Excel_BuiltIn_Database&\".xlsm)\",IF(OR($C87<>\"S\",ORÇAMENTO.CodBarra=\"\"),\"(Sem Código)\",IF(ISERROR(MATCH($AE87,INDIRECT(ORÇAMENTO.BancoRef),0)),\"(Código não identificado nas referências)\",MATCH($AE87,INDIRECT(ORÇAMENTO.BancoRef),0))))","v":14766},{"$f":"ROUND(IF(DESONERACAO=\"sim\",REFERENCIA.Desonerado,REFERENCIA.NaoDesonerado),2)","v":70.53},0.25390000000000001,null,null,null,null,7555.45,{"$f":"ROUND(ORÇAMENTO.CustoUnitario*(1+$AH87),2)","v":76.900000000000006}]
["S",3,"S",0,{"$f":"IF($C88=1,OFFSET(E88,-1,0)+MAX(1,COUNTIF(QCI!$A$13:$A$24,OFFSET(ORÇAMENTO!E88,-1,0))),OFFSET(E88,-1,0))","v":1},7,2,0,2,0,{"$f":"IF(OR($C88=\"S\",$C88=0),0,MATCH(OFFSET($D88,0,$C88)+IF($C88<>1,1,COUNTIF(QCI!$A$13:$A$24,ORÇAMENTO!E88)),OFFSET($D88,1,$C88,ROW($C$237)-ROW($C88)),0))","v":0},"F","Serviço","Serviço","1.7.2.0.2.","SINAPI","87265",{"$f":"IF($C88=\"S\",REFERENCIA.Descricao,\"(digite a descrição aqui)\")","v":"REVESTIMENTO CERÂMICO PARA PAREDES INTERNAS COM PLACAS TIPO ESMALTADA DE DIMENSÕES 20X20 CM APLICADAS NA ALTURA INTEIRA DAS PAREDES. AF_02/2023_PE"},{"$f":"REFERENCIA.Unidade","v":"M2"},{"$f":"OFFSET(CÁLCULO!H$15,ROW($T88)-ROW(T$15),0)","v":19.2},55.93,"BDI 1",{"$f":"IF($C88=\"S\",ROUND(IF(TIPOORCAMENTO=\"Proposto\",ORÇAMENTO.CustoUnitario*(1+$AH88),ORÇAMENTO.PrecoUnitarioLicitado),15-13*$AF$10),0)","v":70.13},{"$f":"IF($C88=\"S\",IF(OR(Import.TipoArredondamento<>\"TransfereGOV\",ACOMPANHAMENTO=\"BM\"),VTOTAL1,SUM(OFFSET(CÁLCULO!$AQ$15,ROW($X88)-ROW($X$15),1):OFFSET(CÁLCULO!$BR$15,ROW($X88)-ROW($X$15),-1))),IF($C88=0,0,ROUND(SomaAgrup,15-13*$AF$11)))","v":1346.5},"RA","RA",{"$f":"IF($C88=\"S\",IF($Z88=\"CP\",$X88,IF($Z88=\"RA\",(($X88)*QCI!$AA$3),0)),SomaAgrup)","v":19.672373503758834},{"$f":"IF($C88=\"S\",IF($Z88=\"OU\",ROUND($X88,2),0),SomaAgrup)","v":0},{"$f":"IF($N88=\"\",\" \",\nIF(AND($C88<>\"S\",OR($R88=\"\",$R88=\"(digite a descrição aqui)\")),\"DESCRIÇÃO\",\nIF(AND($C88=\"S\",OR($Q88<>\"\",$T88>0,$U88>0),$P88=\"\"),\"FONTE\",\nIF(AND($C88=\"S\",$P88<>\"\",OR($T88>0,$U88>0),$Q88=\"\"),\"CÓDIGO\",\nIF(AND($C88=\"S\",$P88<>\"\",$Q88<>\"\",$R88=\"(Código não identificado nas referências)\"),\"CÓDIGO N/ID\",\nIF(AND($C88=\"S\",OR($R88=\"\",$R88=\"(digite a descrição aqui)\"),OR($Q88<>\"\",$T88>0,$U88>0)),\"DESCRIÇÃO\",\nIF(AND($C88=\"S\",$P88<>\"\",$Q88<>\"\",$S88=\"\"),\"UNIDADE\",\nIF(AND($C88=\"S\",$P88<>\"\",$Q88<>\"\",$U88=0),\"SEM CUSTO\",\nIF(AND(TIPOORCAMENTO=\"Licitado\",$AL88=0,$AN88>0),\"SEM PREÇO\",\nIF(AND($C88=\"S\",$P88<>\"\",$Q88<>\"\",$U88>0,AND($V88<>\"BDI 1\",$V88<>\"BDI 2\",$V88<>\"BDI 3\")),IF(ISNUMBER($V88),\"JUSTIFICAR BDI\",\"BDI\"),\nIF(OR(AND(import.recurso=\"OGU\",TIPOORCAMENTO=\"Proposto\",LEFT($O$8,5)<>\"(N/D:\",$AG88<>\"\",ORÇAMENTO.CustoUnitario>$AG88),AND(TIPOORCAMENTO=\"LICITADO\",ORÇAMENTO.PrecoUnitarioLicitado>$AN88)),\"ACIMA REF.\",\nIF(AND($C88=\"S\",$P88<>\"\",$Q88<>\"\",$T88=0,$U88>0),\"QUANT.\",\nIF(AND(Import.TipoArredondamento=\"TransfereGOV\",$L88=\"F\",$C88=\"S\",LEN($Q88)>13),\"Código >13\",\nIF(AND(Import.TipoArredondamento=\"TransfereGOV\",$L88=\"F\",$C88<>\"S\",LEN($R88)>100),\"Descrição >100\",\nIF(AND(Import.TipoArredondamento=\"TransfereGOV\",$L88=\"F\",$C88=\"S\",LEN($R88)>500),\"Descrição >500\",\nIF(AND(Import.TipoArredondamento=\"TransfereGOV\",$L88=\"F\",$C88=\"S\",LEFT(TRIM(UPPER($P88)),6)<>\"SINAPI\",ISNA(VLOOKUP(TRIM(UPPER($S88)),ListaTgov.Unidades,1,FALSE))),\"Unid. Não Disp\",\n\" \"))))))))))))))))","v":" "},{"$f":"IF(C88<=CRONO.NivelExibicao,MAX($AD$15:OFFSET(AD88,-1,0))+IF($C88<>1,1,MAX(1,COUNTIF(QCI!$A$13:$A$24,OFFSET($E88,-1,0)))),\"\")","v":""},{"$f":"IF(AND($C88=\"S\",ORÇAMENTO.CodBarra<>\"\"),IF(ORÇAMENTO.Fonte=\"\",ORÇAMENTO.CodBarra,CONCATENATE(ORÇAMENTO.Fonte,\" \",ORÇAMENTO.CodBarra)))","v":"SINAPI 87265"},{"$f":"IF(ISERROR(ORÇAMENTO.BancoRef),\"(abra o arquivo 'Referência \"&Excel_BuiltIn_Database&\".xlsm)\",IF(OR($C88<>\"S\",ORÇAMENTO.CodBarra=\"\"),\"(Sem Código)\",IF(ISERROR(MATCH($AE88,INDIRECT(ORÇAMENTO.BancoRef),0)),\"(Código não identificado nas referências)\",MATCH($AE88,INDIRECT(ORÇAMENTO.BancoRef),0))))","v":14769},{"$f":"ROUND(IF(DESONERACAO=\"sim\",REFERENCIA.Desonerado,REFERENCIA.NaoDesonerado),2)","v":64.33},0.25390000000000001,null,null,null,null,1346.5,{"$f":"ROUND(ORÇAMENTO.CustoUnitario*(1+$AH88),2)","v":70.13}]
[3,3,3,5,{"$f":"IF($C89=1,OFFSET(E89,-1,0)+MAX(1,COUNTIF(QCI!$A$13:$A$24,OFFSET(ORÇAMENTO!E89,-1,0))),OFFSET(E89,-1,0))","v":1},7,3,0,0,20,{"$f":"IF(OR($C89=\"S\",$C89=0),0,MATCH(OFFSET($D89,0,$C89)+IF($C89<>1,1,COUNTIF(QCI!$A$13:$A$24,ORÇAMENTO!E89)),OFFSET($D89,1,$C89,ROW($C$237)-ROW($C89)),0))","v":5},"F","Nível 3","Nível 3","1.7.3.","","","REVESTIMENTOS EXTERNOS",null,{"$f":"OFFSET(CÁLCULO!H$15,ROW($T89)-ROW(T$15),0)","v":0},0,"BDI 1",{"$f":"IF($C89=\"S\",ROUND(IF(TIPOORCAMENTO=\"Proposto\",ORÇAMENTO.CustoUnitario*(1+$AH89),ORÇAMENTO.PrecoUnitarioLicitado),15-13*$AF$10),0)","v":0},{"$f":"IF($C89=\"S\",IF(OR(Import.TipoArredondamento<>\"TransfereGOV\",ACOMPANHAMENTO=\"BM\"),VTOTAL1,SUM(OFFSET(CÁLCULO!$AQ$15,ROW($X89)-ROW($X$15),1):OFFSET(CÁLCULO!$BR$15,ROW($X89)-ROW($X$15),-1))),IF($C89=0,0,ROUND(SomaAgrup,15-13*$AF$11)))","v":20344.7},"RA","",{"$f":"IF($C89=\"S\",IF($Z89=\"CP\",$X89,IF($Z89=\"RA\",(($X89)*QCI!$AA$3),0)),SomaAgrup)","v":297.23619548601732},{"$f":"IF($C89=\"S\",IF($Z89=\"OU\",ROUND($X89,2),0),SomaAgrup)","v":0},{"$f":"IF($N89=\"\",\" \",\nIF(AND($C89<>\"S\",OR($R89=\"\",$R89=\"(digite a descrição aqui)\")),\"DESCRIÇÃO\",\nIF(AND($C89=\"S\",OR($Q89<>\"\",$T89>0,$U89>0),$P89=\"\"),\"FONTE\",\nIF(AND($C89=\"S\",$P89<>\"\",OR($T89>0,$U89>0),$Q89=\"\"),\"CÓDIGO\",\nIF(AND($C89=\"S\",$P89<>\"\",$Q89<>\"\",$R89=\"(Código não identificado nas referências)\"),\"CÓDIGO N/ID\",\nIF(AND($C89=\"S\",OR($R89=\"\",$R89=\"(digite a descrição aqui)\"),OR($Q89<>\"\",$T89>0,$U89>0)),\"DESCRIÇÃO\",\nIF(AND($C89=\"S\",$P89<>\"\",$Q89<>\"\",$S89=\"\"),\"UNIDADE\",\nIF(AND($C89=\"S\",$P89<>\"\",$Q89<>\"\",$U89=0),\"SEM CUSTO\",\nIF(AND(TIPOORCAMENTO=\"Licitado\",$AL89=0,$AN89>0),\"SEM PREÇO\",\nIF(AND($C89=\"S\",$P89<>\"\",$Q89<>\"\",$U89>0,AND($V89<>\"BDI 1\",$V89<>\"BDI 2\",$V89<>\"BDI 3\")),IF(ISNUMBER($V89),\"JUSTIFICAR BDI\",\"BDI\"),\nIF(OR(AND(import.recurso=\"OGU\",TIPOORCAMENTO=\"Proposto\",LEFT($O$8,5)<>\"(N/D:\",$AG89<>\"\",ORÇAMENTO.CustoUnitario>$AG89),AND(TIPOORCAMENTO=\"LICITADO\",ORÇAMENTO.PrecoUnitarioLicitado>$AN89)),\"ACIMA REF.\",\nIF(AND($C89=\"S\",$P89<>\"\",$Q89<>\"\",$T89=0,$U89>0),\"QUANT.\",\nIF(AND(Import.TipoArredondamento=\"TransfereGOV\",$L89=\"F\",$C89=\"S\",LEN($Q89)>13),\"Código >13\",\nIF(AND(Import.TipoArredondamento=\"TransfereGOV\",$L89=\"F\",$C89<>\"S\",LEN($R89)>100),\"Descrição >100\",\nIF(AND(Import.TipoArredondamento=\"TransfereGOV\",$L89=\"F\",$C89=\"S\",LEN($R89)>500),\"Descrição >500\",\nIF(AND(Import.TipoArredondamento=\"TransfereGOV\",$L89=\"F\",$C89=\"S\",LEFT(TRIM(UPPER($P89)),6)<>\"SINAPI\",ISNA(VLOOKUP(TRIM(UPPER($S89)),ListaTgov.Unidades,1,FALSE))),\"Unid. Não Disp\",\n\" \"))))))))))))))))","v":" "},{"$f":"IF(C89<=CRONO.NivelExibicao,MAX($AD$15:OFFSET(AD89,-1,0))+IF($C89<>1,1,MAX(1,COUNTIF(QCI!$A$13:$A$24,OFFSET($E89,-1,0)))),\"\")","v":""},{"$f":"IF(AND($C89=\"S\",ORÇAMENTO.CodBarra<>\"\"),IF(ORÇAMENTO.Fonte=\"\",ORÇAMENTO.CodBarra,CONCATENATE(ORÇAMENTO.Fonte,\" \",ORÇAMENTO.CodBarra)))","v":false},{"$f":"IF(ISERROR(ORÇAMENTO.BancoRef),\"(abra o arquivo 'Referência \"&Excel_BuiltIn_Database&\".xlsm)\",IF(OR($C89<>\"S\",ORÇAMENTO.CodBarra=\"\"),\"(Sem Código)\",IF(ISERROR(MATCH($AE89,INDIRECT(ORÇAMENTO.BancoRef),0)),\"(Código não identificado nas referências)\",MATCH($AE89,INDIRECT(ORÇAMENTO.BancoRef),0))))","v":"(Sem Código)"},{"$f":"ROUND(IF(DESONERACAO=\"sim\",REFERENCIA.Desonerado,REFERENCIA.NaoDesonerado),2)","v":0},0.25390000000000001,null,null,null,null,20344.7,{"$f":"ROUND(ORÇAMENTO.CustoUnitario*(1+$AH89),2)","v":0}]
["S",3,"S",0,{"$f":"IF($C90=1,OFFSET(E90,-1,0)+MAX(1,COUNTIF(QCI!$A$13:$A$24,OFFSET(ORÇAMENTO!E90,-1,0))),OFFSET(E90,-1,0))","v":1},7,3,0,1,0,{"$f":"IF(OR($C90=\"S\",$C90=0),0,MATCH(OFFSET($D90,0,$C90)+IF($C90<>1,1,COUNTIF(QCI!$A$13:$A$24,ORÇAMENTO!E90)),OFFSET($D90,1,$C90,ROW($C$237)-ROW($C90)),0))","v":0},"F","Serviço","Serviço","1.7.3.0.1.","SINAPI","87905",{"$f":"IF($C90=\"S\",REFERENCIA.Descricao,\"(digite a descrição aqui)\")","v":"CHAPISCO APLICADO EM ALVENARIA (COM PRESENÇA DE VÃOS) E ESTRUTURAS DE CONCRETO DE FACHADA, COM COLHER DE PEDREIRO. ARGAMASSA TRAÇO 1:3 COM PREPARO EM BETONEIRA 400L. AF_10/2022"},{"$f":"REFERENCIA.Unidade","v":"M2"},{"$f":"OFFSET(CÁLCULO!H$15,ROW($T90)-ROW(T$15),0)","v":151.75},8.17,"BDI 1",{"$f":"IF($C90=\"S\",ROUND(IF(TIPOORCAMENTO=\"Proposto\",ORÇAMENTO.CustoUnitario*(1+$AH90),ORÇAMENTO.PrecoUnitarioLicitado),15-13*$AF$10),0)","v":10.24},{"$f":"IF($C90=\"S\",IF(OR(Import.TipoArredondamento<>\"TransfereGOV\",ACOMPANHAMENTO=\"BM\"),VTOTAL1,SUM(OFFSET(CÁLCULO!$AQ$15,ROW($X90)-ROW($X$15),1):OFFSET(CÁLCULO!$BR$15,ROW($X90)-ROW($X$15),-1))),IF($C90=0,0,ROUND(SomaAgrup,15-13*$AF$11)))","v":1553.8999999999999},"RA","RA",{"$f":"IF($C90=\"S\",IF($Z90=\"CP\",$X90,IF($Z90=\"RA\",(($X90)*QCI!$AA$3),0)),SomaAgrup)","v":22.702488813583994},{"$f":"IF($C90=\"S\",IF($Z90=\"OU\",ROUND($X90,2),0),SomaAgrup)","v":0},{"$f":"IF($N90=\"\",\" \",\nIF(AND($C90<>\"S\",OR($R90=\"\",$R90=\"(digite a descrição aqui)\")),\"DESCRIÇÃO\",\nIF(AND($C90=\"S\",OR($Q90<>\"\",$T90>0,$U90>0),$P90=\"\"),\"FONTE\",\nIF(AND($C90=\"S\",$P90<>\"\",OR($T90>0,$U90>0),$Q90=\"\"),\"CÓDIGO\",\nIF(AND($C90=\"S\",$P90<>\"\",$Q90<>\"\",$R90=\"(Código não identificado nas referências)\"),\"CÓDIGO N/ID\",\nIF(AND($C90=\"S\",OR($R90=\"\",$R90=\"(digite a descrição aqui)\"),OR($Q90<>\"\",$T90>0,$U90>0)),\"DESCRIÇÃO\",\nIF(AND($C90=\"S\",$P90<>\"\",$Q90<>\"\",$S90=\"\"),\"UNIDADE\",\nIF(AND($C90=\"S\",$P90<>\"\",$Q90<>\"\",$U90=0),\"SEM CUSTO\",\nIF(AND(TIPOORCAMENTO=\"Licitado\",$AL90=0,$AN90>0),\"SEM PREÇO\",\nIF(AND($C90=\"S\",$P90<>\"\",$Q90<>\"\",$U90>0,AND($V90<>\"BDI 1\",$V90<>\"BDI 2\",$V90<>\"BDI 3\")),IF(ISNUMBER($V90),\"JUSTIFICAR BDI\",\"BDI\"),\nIF(OR(AND(import.recurso=\"OGU\",TIPOORCAMENTO=\"Proposto\",LEFT($O$8,5)<>\"(N/D:\",$AG90<>\"\",ORÇAMENTO.CustoUnitario>$AG90),AND(TIPOORCAMENTO=\"LICITADO\",ORÇAMENTO.PrecoUnitarioLicitado>$AN90)),\"ACIMA REF.\",\nIF(AND($C90=\"S\",$P90<>\"\",$Q90<>\"\",$T90=0,$U90>0),\"QUANT.\",\nIF(AND(Import.TipoArredondamento=\"TransfereGOV\",$L90=\"F\",$C90=\"S\",LEN($Q90)>13),\"Código >13\",\nIF(AND(Import.TipoArredondamento=\"TransfereGOV\",$L90=\"F\",$C90<>\"S\",LEN($R90)>100),\"Descrição >100\",\nIF(AND(Import.TipoArredondamento=\"TransfereGOV\",$L90=\"F\",$C90=\"S\",LEN($R90)>500),\"Descrição >500\",\nIF(AND(Import.TipoArredondamento=\"TransfereGOV\",$L90=\"F\",$C90=\"S\",LEFT(TRIM(UPPER($P90)),6)<>\"SINAPI\",ISNA(VLOOKUP(TRIM(UPPER($S90)),ListaTgov.Unidades,1,FALSE))),\"Unid. Não Disp\",\n\" \"))))))))))))))))","v":" "},{"$f":"IF(C90<=CRONO.NivelExibicao,MAX($AD$15:OFFSET(AD90,-1,0))+IF($C90<>1,1,MAX(1,COUNTIF(QCI!$A$13:$A$24,OFFSET($E90,-1,0)))),\"\")","v":""},{"$f":"IF(AND($C90=\"S\",ORÇAMENTO.CodBarra<>\"\"),IF(ORÇAMENTO.Fonte=\"\",ORÇAMENTO.CodBarra,CONCATENATE(ORÇAMENTO.Fonte,\" \",ORÇAMENTO.CodBarra)))","v":"SINAPI 87905"},{"$f":"IF(ISERROR(ORÇAMENTO.BancoRef),\"(abra o arquivo 'Referência \"&Excel_BuiltIn_Database&\".xlsm)\",IF(OR($C90<>\"S\",ORÇAMENTO.CodBarra=\"\"),\"(Sem Código)\",IF(ISERROR(MATCH($AE90,INDIRECT(ORÇAMENTO.BancoRef),0)),\"(Código não identificado nas referências)\",MATCH($AE90,INDIRECT(ORÇAMENTO.BancoRef),0))))","v":7262},{"$f":"ROUND(IF(DESONERACAO=\"sim\",REFERENCIA.Desonerado,REFERENCIA.NaoDesonerado),2)","v":9.4},0.25390000000000001,null,null,null,null,1553.8999999999999,{"$f":"ROUND(ORÇAMENTO.CustoUnitario*(1+$AH90),2)","v":10.24}]
["S",3,"S",0,{"$f":"IF($C91=1,OFFSET(E91,-1,0)+MAX(1,COUNTIF(QCI!$A$13:$A$24,OFFSET(ORÇAMENTO!E91,-1,0))),OFFSET(E91,-1,0))","v":1},7,3,0,2,0,{"$f":"IF(OR($C91=\"S\",$C91=0),0,MATCH(OFFSET($D91,0,$C91)+IF($C91<>1,1,COUNTIF(QCI!$A$13:$A$24,ORÇAMENTO!E91)),OFFSET($D91,1,$C91,ROW($C$237)-ROW($C91)),0))","v":0},"F","Serviço","Serviço","1.7.3.0.2.","SINAPI","87894",{"$f":"IF($C91=\"S\",REFERENCIA.Descricao,\"(digite a descrição aqui)\")","v":"CHAPISCO APLICADO EM ALVENARIA (SEM PRESENÇA DE VÃOS) E ESTRUTURAS DE CONCRETO DE FACHADA, COM COLHER DE PEDREIRO. ARGAMASSA TRAÇO 1:3 COM PREPARO EM BETONEIRA 400L. AF_10/2022"},{"$f":"REFERENCIA.Unidade","v":"M2"},{"$f":"OFFSET(CÁLCULO!H$15,ROW($T91)-ROW(T$15),0)","v":152.25},6.93,"BDI 1",{"$f":"IF($C91=\"S\",ROUND(IF(TIPOORCAMENTO=\"Proposto\",ORÇAMENTO.CustoUnitario*(1+$AH91),ORÇAMENTO.PrecoUnitarioLicitado),15-13*$AF$10),0)","v":8.69},{"$f":"IF($C91=\"S\",IF(OR(Import.TipoArredondamento<>\"TransfereGOV\",ACOMPANHAMENTO=\"BM\"),VTOTAL1,SUM(OFFSET(CÁLCULO!$AQ$15,ROW($X91)-ROW($X$15),1):OFFSET(CÁLCULO!$BR$15,ROW($X91)-ROW($X$15),-1))),IF($C91=0,0,ROUND(SomaAgrup,15-13*$AF$11)))","v":1323.0500000000002},"RA","RA",{"$f":"IF($C91=\"S\",IF($Z91=\"CP\",$X91,IF($Z91=\"RA\",(($X91)*QCI!$AA$3),0)),SomaAgrup)","v":19.329768855661442},{"$f":"IF($C91=\"S\",IF($Z91=\"OU\",ROUND($X91,2),0),SomaAgrup)","v":0},{"$f":"IF($N91=\"\",\" \",\nIF(AND($C91<>\"S\",OR($R91=\"\",$R91=\"(digite a descrição aqui)\")),\"DESCRIÇÃO\",\nIF(AND($C91=\"S\",OR($Q91<>\"\",$T91>0,$U91>0),$P91=\"\"),\"FONTE\",\nIF(AND($C91=\"S\",$P91<>\"\",OR($T91>0,$U91>0),$Q91=\"\"),\"CÓDIGO\",\nIF(AND($C91=\"S\",$P91<>\"\",$Q91<>\"\",$R91=\"(Código não identificado nas referências)\"),\"CÓDIGO N/ID\",\nIF(AND($C91=\"S\",OR($R91=\"\",$R91=\"(digite a descrição aqui)\"),OR($Q91<>\"\",$T91>0,$U91>0)),\"DESCRIÇÃO\",\nIF(AND($C91=\"S\",$P91<>\"\",$Q91<>\"\",$S91=\"\"),\"UNIDADE\",\nIF(AND($C91=\"S\",$P91<>\"\",$Q91<>\"\",$U91=0),\"SEM CUSTO\",\nIF(AND(TIPOORCAMENTO=\"Licitado\",$AL91=0,$AN91>0),\"SEM PREÇO\",\nIF(AND($C91=\"S\",$P91<>\"\",$Q91<>\"\",$U91>0,AND($V91<>\"BDI 1\",$V91<>\"BDI 2\",$V91<>\"BDI 3\")),IF(ISNUMBER($V91),\"JUSTIFICAR BDI\",\"BDI\"),\nIF(OR(AND(import.recurso=\"OGU\",TIPOORCAMENTO=\"Proposto\",LEFT($O$8,5)<>\"(N/D:\",$AG91<>\"\",ORÇAMENTO.CustoUnitario>$AG91),AND(TIPOORCAMENTO=\"LICITADO\",ORÇAMENTO.PrecoUnitarioLicitado>$AN91)),\"ACIMA REF.\",\nIF(AND($C91=\"S\",$P91<>\"\",$Q91<>\"\",$T91=0,$U91>0),\"QUANT.\",\nIF(AND(Import.TipoArredondamento=\"TransfereGOV\",$L91=\"F\",$C91=\"S\",LEN($Q91)>13),\"Código >13\",\nIF(AND(Import.TipoArredondamento=\"TransfereGOV\",$L91=\"F\",$C91<>\"S\",LEN($R91)>100),\"Descrição >100\",\nIF(AND(Import.TipoArredondamento=\"TransfereGOV\",$L91=\"F\",$C91=\"S\",LEN($R91)>500),\"Descrição >500\",\nIF(AND(Import.TipoArredondamento=\"TransfereGOV\",$L91=\"F\",$C91=\"S\",LEFT(TRIM(UPPER($P91)),6)<>\"SINAPI\",ISNA(VLOOKUP(TRIM(UPPER($S91)),ListaTgov.Unidades,1,FALSE))),\"Unid. Não Disp\",\n\" \"))))))))))))))))","v":" "},{"$f":"IF(C91<=CRONO.NivelExibicao,MAX($AD$15:OFFSET(AD91,-1,0))+IF($C91<>1,1,MAX(1,COUNTIF(QCI!$A$13:$A$24,OFFSET($E91,-1,0)))),\"\")","v":""},{"$f":"IF(AND($C91=\"S\",ORÇAMENTO.CodBarra<>\"\"),IF(ORÇAMENTO.Fonte=\"\",ORÇAMENTO.CodBarra,CONCATENATE(ORÇAMENTO.Fonte,\" \",ORÇAMENTO.CodBarra)))","v":"SINAPI 87894"},{"$f":"IF(ISERROR(ORÇAMENTO.BancoRef),\"(abra o arquivo 'Referência \"&Excel_BuiltIn_Database&\".xlsm)\",IF(OR($C91<>\"S\",ORÇAMENTO.CodBarra=\"\"),\"(Sem Código)\",IF(ISERROR(MATCH($AE91,INDIRECT(ORÇAMENTO.BancoRef),0)),\"(Código não identificado nas referências)\",MATCH($AE91,INDIRECT(ORÇAMENTO.BancoRef),0))))","v":7270},{"$f":"ROUND(IF(DESONERACAO=\"sim\",REFERENCIA.Desonerado,REFERENCIA.NaoDesonerado),2)","v":7.98},0.25390000000000001,null,null,null,null,1323.0500000000002,{"$f":"ROUND(ORÇAMENTO.CustoUnitario*(1+$AH91),2)","v":8.69}]
["S",3,"S",0,{"$f":"IF($C92=1,OFFSET(E92,-1,0)+MAX(1,COUNTIF(QCI!$A$13:$A$24,OFFSET(ORÇAMENTO!E92,-1,0))),OFFSET(E92,-1,0))","v":1},7,3,0,3,0,{"$f":"IF(OR($C92=\"S\",$C92=0),0,MATCH(OFFSET($D92,0,$C92)+IF($C92<>1,1,COUNTIF(QCI!$A$13:$A$24,ORÇAMENTO!E92)),OFFSET($D92,1,$C92,ROW($C$237)-ROW($C92)),0))","v":0},"F","Serviço","Serviço","1.7.3.0.3.","SINAPI","87792",{"$f":"IF($C92=\"S\",REFERENCIA.Descricao,\"(digite a descrição aqui)\")","v":"EMBOÇO OU MASSA ÚNICA EM ARGAMASSA TRAÇO 1:2:8, PREPARO MECÂNICO COM BETONEIRA 400 L, APLICADA MANUALMENTE EM PANOS CEGOS DE FACHADA (SEM PRESENÇA DE VÃOS), ESPESSURA DE 25 MM. AF_08/2022"},{"$f":"REFERENCIA.Unidade","v":"M2"},{"$f":"OFFSET(CÁLCULO!H$15,ROW($T92)-ROW(T$15),0)","v":152.25},38.36,"BDI 1",{"$f":"IF($C92=\"S\",ROUND(IF(TIPOORCAMENTO=\"Proposto\",ORÇAMENTO.CustoUnitario*(1+$AH92),ORÇAMENTO.PrecoUnitarioLicitado),15-13*$AF$10),0)","v":48.1},{"$f":"IF($C92=\"S\",IF(OR(Import.TipoArredondamento<>\"TransfereGOV\",ACOMPANHAMENTO=\"BM\"),VTOTAL1,SUM(OFFSET(CÁLCULO!$AQ$15,ROW($X92)-ROW($X$15),1):OFFSET(CÁLCULO!$BR$15,ROW($X92)-ROW($X$15),-1))),IF($C92=0,0,ROUND(SomaAgrup,15-13*$AF$11)))","v":7323.25},"RA","RA",{"$f":"IF($C92=\"S\",IF($Z92=\"CP\",$X92,IF($Z92=\"RA\",(($X92)*QCI!$AA$3),0)),SomaAgrup)","v":106.99272874964863},{"$f":"IF($C92=\"S\",IF($Z92=\"OU\",ROUND($X92,2),0),SomaAgrup)","v":0},{"$f":"IF($N92=\"\",\" \",\nIF(AND($C92<>\"S\",OR($R92=\"\",$R92=\"(digite a descrição aqui)\")),\"DESCRIÇÃO\",\nIF(AND($C92=\"S\",OR($Q92<>\"\",$T92>0,$U92>0),$P92=\"\"),\"FONTE\",\nIF(AND($C92=\"S\",$P92<>\"\",OR($T92>0,$U92>0),$Q92=\"\"),\"CÓDIGO\",\nIF(AND($C92=\"S\",$P92<>\"\",$Q92<>\"\",$R92=\"(Código não identificado nas referências)\"),\"CÓDIGO N/ID\",\nIF(AND($C92=\"S\",OR($R92=\"\",$R92=\"(digite a descrição aqui)\"),OR($Q92<>\"\",$T92>0,$U92>0)),\"DESCRIÇÃO\",\nIF(AND($C92=\"S\",$P92<>\"\",$Q92<>\"\",$S92=\"\"),\"UNIDADE\",\nIF(AND($C92=\"S\",$P92<>\"\",$Q92<>\"\",$U92=0),\"SEM CUSTO\",\nIF(AND(TIPOORCAMENTO=\"Licitado\",$AL92=0,$AN92>0),\"SEM PREÇO\",\nIF(AND($C92=\"S\",$P92<>\"\",$Q92<>\"\",$U92>0,AND($V92<>\"BDI 1\",$V92<>\"BDI 2\",$V92<>\"BDI 3\")),IF(ISNUMBER($V92),\"JUSTIFICAR BDI\",\"BDI\"),\nIF(OR(AND(import.recurso=\"OGU\",TIPOORCAMENTO=\"Proposto\",LEFT($O$8,5)<>\"(N/D:\",$AG92<>\"\",ORÇAMENTO.CustoUnitario>$AG92),AND(TIPOORCAMENTO=\"LICITADO\",ORÇAMENTO.PrecoUnitarioLicitado>$AN92)),\"ACIMA REF.\",\nIF(AND($C92=\"S\",$P92<>\"\",$Q92<>\"\",$T92=0,$U92>0),\"QUANT.\",\nIF(AND(Import.TipoArredondamento=\"TransfereGOV\",$L92=\"F\",$C92=\"S\",LEN($Q92)>13),\"Código >13\",\nIF(AND(Import.TipoArredondamento=\"TransfereGOV\",$L92=\"F\",$C92<>\"S\",LEN($R92)>100),\"Descrição >100\",\nIF(AND(Import.TipoArredondamento=\"TransfereGOV\",$L92=\"F\",$C92=\"S\",LEN($R92)>500),\"Descrição >500\",\nIF(AND(Import.TipoArredondamento=\"TransfereGOV\",$L92=\"F\",$C92=\"S\",LEFT(TRIM(UPPER($P92)),6)<>\"SINAPI\",ISNA(VLOOKUP(TRIM(UPPER($S92)),ListaTgov.Unidades,1,FALSE))),\"Unid. Não Disp\",\n\" \"))))))))))))))))","v":" "},{"$f":"IF(C92<=CRONO.NivelExibicao,MAX($AD$15:OFFSET(AD92,-1,0))+IF($C92<>1,1,MAX(1,COUNTIF(QCI!$A$13:$A$24,OFFSET($E92,-1,0)))),\"\")","v":""},{"$f":"IF(AND($C92=\"S\",ORÇAMENTO.CodBarra<>\"\"),IF(ORÇAMENTO.Fonte=\"\",ORÇAMENTO.CodBarra,CONCATENATE(ORÇAMENTO.Fonte,\" \",ORÇAMENTO.CodBarra)))","v":"SINAPI 87792"},{"$f":"IF(ISERROR(ORÇAMENTO.BancoRef),\"(abra o arquivo 'Referência \"&Excel_BuiltIn_Database&\".xlsm)\",IF(OR($C92<>\"S\",ORÇAMENTO.CodBarra=\"\"),\"(Sem Código)\",IF(ISERROR(MATCH($AE92,INDIRECT(ORÇAMENTO.BancoRef),0)),\"(Código não identificado nas referências)\",MATCH($AE92,INDIRECT(ORÇAMENTO.BancoRef),0))))","v":13367},{"$f":"ROUND(IF(DESONERACAO=\"sim\",REFERENCIA.Desonerado,REFERENCIA.NaoDesonerado),2)","v":44.12},0.25390000000000001,null,null,null,null,7323.25,{"$f":"ROUND(ORÇAMENTO.CustoUnitario*(1+$AH92),2)","v":48.1}]
["S",3,"S",0,{"$f":"IF($C93=1,OFFSET(E93,-1,0)+MAX(1,COUNTIF(QCI!$A$13:$A$24,OFFSET(ORÇAMENTO!E93,-1,0))),OFFSET(E93,-1,0))","v":1},7,3,0,4,0,{"$f":"IF(OR($C93=\"S\",$C93=0),0,MATCH(OFFSET($D93,0,$C93)+IF($C93<>1,1,COUNTIF(QCI!$A$13:$A$24,ORÇAMENTO!E93)),OFFSET($D93,1,$C93,ROW($C$237)-ROW($C93)),0))","v":0},"F","Serviço","Serviço","1.7.3.0.4.","SINAPI","87775",{"$f":"IF($C93=\"S\",REFERENCIA.Descricao,\"(digite a descrição aqui)\")","v":"EMBOÇO OU MASSA ÚNICA EM ARGAMASSA TRAÇO 1:2:8, PREPARO MECÂNICO COM BETONEIRA 400 L, APLICADA MANUALMENTE EM PANOS DE FACHADA COM PRESENÇA DE VÃOS, ESPESSURA DE 25 MM. AF_08/2022"},{"$f":"REFERENCIA.Unidade","v":"M2"},{"$f":"OFFSET(CÁLCULO!H$15,ROW($T93)-ROW(T$15),0)","v":151.75},53.31,"BDI 1",{"$f":"IF($C93=\"S\",ROUND(IF(TIPOORCAMENTO=\"Proposto\",ORÇAMENTO.CustoUnitario*(1+$AH93),ORÇAMENTO.PrecoUnitarioLicitado),15-13*$AF$10),0)","v":66.849999999999994},{"$f":"IF($C93=\"S\",IF(OR(Import.TipoArredondamento<>\"TransfereGOV\",ACOMPANHAMENTO=\"BM\"),VTOTAL1,SUM(OFFSET(CÁLCULO!$AQ$15,ROW($X93)-ROW($X$15),1):OFFSET(CÁLCULO!$BR$15,ROW($X93)-ROW($X$15),-1))),IF($C93=0,0,ROUND(SomaAgrup,15-13*$AF$11)))","v":10144.5},"RA","RA",{"$f":"IF($C93=\"S\",IF($Z93=\"CP\",$X93,IF($Z93=\"RA\",(($X93)*QCI!$AA$3),0)),SomaAgrup)","v":148.21120906712326},{"$f":"IF($C93=\"S\",IF($Z93=\"OU\",ROUND($X93,2),0),SomaAgrup)","v":0},{"$f":"IF($N93=\"\",\" \",\nIF(AND($C93<>\"S\",OR($R93=\"\",$R93=\"(digite a descrição aqui)\")),\"DESCRIÇÃO\",\nIF(AND($C93=\"S\",OR($Q93<>\"\",$T93>0,$U93>0),$P93=\"\"),\"FONTE\",\nIF(AND($C93=\"S\",$P93<>\"\",OR($T93>0,$U93>0),$Q93=\"\"),\"CÓDIGO\",\nIF(AND($C93=\"S\",$P93<>\"\",$Q93<>\"\",$R93=\"(Código não identificado nas referências)\"),\"CÓDIGO N/ID\",\nIF(AND($C93=\"S\",OR($R93=\"\",$R93=\"(digite a descrição aqui)\"),OR($Q93<>\"\",$T93>0,$U93>0)),\"DESCRIÇÃO\",\nIF(AND($C93=\"S\",$P93<>\"\",$Q93<>\"\",$S93=\"\"),\"UNIDADE\",\nIF(AND($C93=\"S\",$P93<>\"\",$Q93<>\"\",$U93=0),\"SEM CUSTO\",\nIF(AND(TIPOORCAMENTO=\"Licitado\",$AL93=0,$AN93>0),\"SEM PREÇO\",\nIF(AND($C93=\"S\",$P93<>\"\",$Q93<>\"\",$U93>0,AND($V93<>\"BDI 1\",$V93<>\"BDI 2\",$V93<>\"BDI 3\")),IF(ISNUMBER($V93),\"JUSTIFICAR BDI\",\"BDI\"),\nIF(OR(AND(import.recurso=\"OGU\",TIPOORCAMENTO=\"Proposto\",LEFT($O$8,5)<>\"(N/D:\",$AG93<>\"\",ORÇAMENTO.CustoUnitario>$AG93),AND(TIPOORCAMENTO=\"LICITADO\",ORÇAMENTO.PrecoUnitarioLicitado>$AN93)),\"ACIMA REF.\",\nIF(AND($C93=\"S\",$P93<>\"\",$Q93<>\"\",$T93=0,$U93>0),\"QUANT.\",\nIF(AND(Import.TipoArredondamento=\"TransfereGOV\",$L93=\"F\",$C93=\"S\",LEN($Q93)>13),\"Código >13\",\nIF(AND(Import.TipoArredondamento=\"TransfereGOV\",$L93=\"F\",$C93<>\"S\",LEN($R93)>100),\"Descrição >100\",\nIF(AND(Import.TipoArredondamento=\"TransfereGOV\",$L93=\"F\",$C93=\"S\",LEN($R93)>500),\"Descrição >500\",\nIF(AND(Import.TipoArredondamento=\"TransfereGOV\",$L93=\"F\",$C93=\"S\",LEFT(TRIM(UPPER($P93)),6)<>\"SINAPI\",ISNA(VLOOKUP(TRIM(UPPER($S93)),ListaTgov.Unidades,1,FALSE))),\"Unid. Não Disp\",\n\" \"))))))))))))))))","v":" "},{"$f":"IF(C93<=CRONO.NivelExibicao,MAX($AD$15:OFFSET(AD93,-1,0))+IF($C93<>1,1,MAX(1,COUNTIF(QCI!$A$13:$A$24,OFFSET($E93,-1,0)))),\"\")","v":""},{"$f":"IF(AND($C93=\"S\",ORÇAMENTO.CodBarra<>\"\"),IF(ORÇAMENTO.Fonte=\"\",ORÇAMENTO.CodBarra,CONCATENATE(ORÇAMENTO.Fonte,\" \",ORÇAMENTO.CodBarra)))","v":"SINAPI 87775"},{"$f":"IF(ISERROR(ORÇAMENTO.BancoRef),\"(abra o arquivo 'Referência \"&Excel_BuiltIn_Database&\".xlsm)\",IF(OR($C93<>\"S\",ORÇAMENTO.CodBarra=\"\"),\"(Sem Código)\",IF(ISERROR(MATCH($AE93,INDIRECT(ORÇAMENTO.BancoRef),0)),\"(Código não identificado nas referências)\",MATCH($AE93,INDIRECT(ORÇAMENTO.BancoRef),0))))","v":13371},{"$f":"ROUND(IF(DESONERACAO=\"sim\",REFERENCIA.Desonerado,REFERENCIA.NaoDesonerado),2)","v":61.31},0.25390000000000001,null,null,null,null,10144.5,{"$f":"ROUND(ORÇAMENTO.CustoUnitario*(1+$AH93),2)","v":66.849999999999994}]
[3,3,3,2,{"$f":"IF($C94=1,OFFSET(E94,-1,0)+MAX(1,COUNTIF(QCI!$A$13:$A$24,OFFSET(ORÇAMENTO!E94,-1,0))),OFFSET(E94,-1,0))","v":1},7,4,0,0,15,{"$f":"IF(OR($C94=\"S\",$C94=0),0,MATCH(OFFSET($D94,0,$C94)+IF($C94<>1,1,COUNTIF(QCI!$A$13:$A$24,ORÇAMENTO!E94)),OFFSET($D94,1,$C94,ROW($C$237)-ROW($C94)),0))","v":2},"F","Nível 3","Nível 3","1.7.4.","","","FORROS",null,{"$f":"OFFSET(CÁLCULO!H$15,ROW($T94)-ROW(T$15),0)","v":0},0,"BDI 1",{"$f":"IF($C94=\"S\",ROUND(IF(TIPOORCAMENTO=\"Proposto\",ORÇAMENTO.CustoUnitario*(1+$AH94),ORÇAMENTO.PrecoUnitarioLicitado),15-13*$AF$10),0)","v":0},{"$f":"IF($C94=\"S\",IF(OR(Import.TipoArredondamento<>\"TransfereGOV\",ACOMPANHAMENTO=\"BM\"),VTOTAL1,SUM(OFFSET(CÁLCULO!$AQ$15,ROW($X94)-ROW($X$15),1):OFFSET(CÁLCULO!$BR$15,ROW($X94)-ROW($X$15),-1))),IF($C94=0,0,ROUND(SomaAgrup,15-13*$AF$11)))","v":13999.2},"RA","",{"$f":"IF($C94=\"S\",IF($Z94=\"CP\",$X94,IF($Z94=\"RA\",(($X94)*QCI!$AA$3),0)),SomaAgrup)","v":204.52840041130389},{"$f":"IF($C94=\"S\",IF($Z94=\"OU\",ROUND($X94,2),0),SomaAgrup)","v":0},{"$f":"IF($N94=\"\",\" \",\nIF(AND($C94<>\"S\",OR($R94=\"\",$R94=\"(digite a descrição aqui)\")),\"DESCRIÇÃO\",\nIF(AND($C94=\"S\",OR($Q94<>\"\",$T94>0,$U94>0),$P94=\"\"),\"FONTE\",\nIF(AND($C94=\"S\",$P94<>\"\",OR($T94>0,$U94>0),$Q94=\"\"),\"CÓDIGO\",\nIF(AND($C94=\"S\",$P94<>\"\",$Q94<>\"\",$R94=\"(Código não identificado nas referências)\"),\"CÓDIGO N/ID\",\nIF(AND($C94=\"S\",OR($R94=\"\",$R94=\"(digite a descrição aqui)\"),OR($Q94<>\"\",$T94>0,$U94>0)),\"DESCRIÇÃO\",\nIF(AND($C94=\"S\",$P94<>\"\",$Q94<>\"\",$S94=\"\"),\"UNIDADE\",\nIF(AND($C94=\"S\",$P94<>\"\",$Q94<>\"\",$U94=0),\"SEM CUSTO\",\nIF(AND(TIPOORCAMENTO=\"Licitado\",$AL94=0,$AN94>0),\"SEM PREÇO\",\nIF(AND($C94=\"S\",$P94<>\"\",$Q94<>\"\",$U94>0,AND($V94<>\"BDI 1\",$V94<>\"BDI 2\",$V94<>\"BDI 3\")),IF(ISNUMBER($V94),\"JUSTIFICAR BDI\",\"BDI\"),\nIF(OR(AND(import.recurso=\"OGU\",TIPOORCAMENTO=\"Proposto\",LEFT($O$8,5)<>\"(N/D:\",$AG94<>\"\",ORÇAMENTO.CustoUnitario>$AG94),AND(TIPOORCAMENTO=\"LICITADO\",ORÇAMENTO.PrecoUnitarioLicitado>$AN94)),\"ACIMA REF.\",\nIF(AND($C94=\"S\",$P94<>\"\",$Q94<>\"\",$T94=0,$U94>0),\"QUANT.\",\nIF(AND(Import.TipoArredondamento=\"TransfereGOV\",$L94=\"F\",$C94=\"S\",LEN($Q94)>13),\"Código >13\",\nIF(AND(Import.TipoArredondamento=\"TransfereGOV\",$L94=\"F\",$C94<>\"S\",LEN($R94)>100),\"Descrição >100\",\nIF(AND(Import.TipoArredondamento=\"TransfereGOV\",$L94=\"F\",$C94=\"S\",LEN($R94)>500),\"Descrição >500\",\nIF(AND(Import.TipoArredondamento=\"TransfereGOV\",$L94=\"F\",$C94=\"S\",LEFT(TRIM(UPPER($P94)),6)<>\"SINAPI\",ISNA(VLOOKUP(TRIM(UPPER($S94)),ListaTgov.Unidades,1,FALSE))),\"Unid. Não Disp\",\n\" \"))))))))))))))))","v":" "},{"$f":"IF(C94<=CRONO.NivelExibicao,MAX($AD$15:OFFSET(AD94,-1,0))+IF($C94<>1,1,MAX(1,COUNTIF(QCI!$A$13:$A$24,OFFSET($E94,-1,0)))),\"\")","v":""},{"$f":"IF(AND($C94=\"S\",ORÇAMENTO.CodBarra<>\"\"),IF(ORÇAMENTO.Fonte=\"\",ORÇAMENTO.CodBarra,CONCATENATE(ORÇAMENTO.Fonte,\" \",ORÇAMENTO.CodBarra)))","v":false},{"$f":"IF(ISERROR(ORÇAMENTO.BancoRef),\"(abra o arquivo 'Referência \"&Excel_BuiltIn_Database&\".xlsm)\",IF(OR($C94<>\"S\",ORÇAMENTO.CodBarra=\"\"),\"(Sem Código)\",IF(ISERROR(MATCH($AE94,INDIRECT(ORÇAMENTO.BancoRef),0)),\"(Código não identificado nas referências)\",MATCH($AE94,INDIRECT(ORÇAMENTO.BancoRef),0))))","v":"(Sem Código)"},{"$f":"ROUND(IF(DESONERACAO=\"sim\",REFERENCIA.Desonerado,REFERENCIA.NaoDesonerado),2)","v":0},0.25390000000000001,null,null,null,null,13999.2,{"$f":"ROUND(ORÇAMENTO.CustoUnitario*(1+$AH94),2)","v":0}]
["S",3,"S",0,{"$f":"IF($C95=1,OFFSET(E95,-1,0)+MAX(1,COUNTIF(QCI!$A$13:$A$24,OFFSET(ORÇAMENTO!E95,-1,0))),OFFSET(E95,-1,0))","v":1},7,4,0,1,0,{"$f":"IF(OR($C95=\"S\",$C95=0),0,MATCH(OFFSET($D95,0,$C95)+IF($C95<>1,1,COUNTIF(QCI!$A$13:$A$24,ORÇAMENTO!E95)),OFFSET($D95,1,$C95,ROW($C$237)-ROW($C95)),0))","v":0},"F","Serviço","Serviço","1.7.4.0.1.","SINAPI","96111",{"$f":"IF($C95=\"S\",REFERENCIA.Descricao,\"(digite a descrição aqui)\")","v":"FORRO EM RÉGUAS DE PVC, FRISADO, PARA AMBIENTES RESIDENCIAIS, INCLUSIVE ESTRUTURA UNIDIRECIONAL DE FIXAÇÃO. AF_08/2023_PS"},{"$f":"REFERENCIA.Unidade","v":"M2"},{"$f":"OFFSET(CÁLCULO!H$15,ROW($T95)-ROW(T$15),0)","v":179.5},62.2,"BDI 1",{"$f":"IF($C95=\"S\",ROUND(IF(TIPOORCAMENTO=\"Proposto\",ORÇAMENTO.CustoUnitario*(1+$AH95),ORÇAMENTO.PrecoUnitarioLicitado),15-13*$AF$10),0)","v":77.989999999999995},{"$f":"IF($C95=\"S\",IF(OR(Import.TipoArredondamento<>\"TransfereGOV\",ACOMPANHAMENTO=\"BM\"),VTOTAL1,SUM(OFFSET(CÁLCULO!$AQ$15,ROW($X95)-ROW($X$15),1):OFFSET(CÁLCULO!$BR$15,ROW($X95)-ROW($X$15),-1))),IF($C95=0,0,ROUND(SomaAgrup,15-13*$AF$11)))","v":13999.2},"RA","RA",{"$f":"IF($C95=\"S\",IF($Z95=\"CP\",$X95,IF($Z95=\"RA\",(($X95)*QCI!$AA$3),0)),SomaAgrup)","v":204.52840041130389},{"$f":"IF($C95=\"S\",IF($Z95=\"OU\",ROUND($X95,2),0),SomaAgrup)","v":0},{"$f":"IF($N95=\"\",\" \",\nIF(AND($C95<>\"S\",OR($R95=\"\",$R95=\"(digite a descrição aqui)\")),\"DESCRIÇÃO\",\nIF(AND($C95=\"S\",OR($Q95<>\"\",$T95>0,$U95>0),$P95=\"\"),\"FONTE\",\nIF(AND($C95=\"S\",$P95<>\"\",OR($T95>0,$U95>0),$Q95=\"\"),\"CÓDIGO\",\nIF(AND($C95=\"S\",$P95<>\"\",$Q95<>\"\",$R95=\"(Código não identificado nas referências)\"),\"CÓDIGO N/ID\",\nIF(AND($C95=\"S\",OR($R95=\"\",$R95=\"(digite a descrição aqui)\"),OR($Q95<>\"\",$T95>0,$U95>0)),\"DESCRIÇÃO\",\nIF(AND($C95=\"S\",$P95<>\"\",$Q95<>\"\",$S95=\"\"),\"UNIDADE\",\nIF(AND($C95=\"S\",$P95<>\"\",$Q95<>\"\",$U95=0),\"SEM CUSTO\",\nIF(AND(TIPOORCAMENTO=\"Licitado\",$AL95=0,$AN95>0),\"SEM PREÇO\",\nIF(AND($C95=\"S\",$P95<>\"\",$Q95<>\"\",$U95>0,AND($V95<>\"BDI 1\",$V95<>\"BDI 2\",$V95<>\"BDI 3\")),IF(ISNUMBER($V95),\"JUSTIFICAR BDI\",\"BDI\"),\nIF(OR(AND(import.recurso=\"OGU\",TIPOORCAMENTO=\"Proposto\",LEFT($O$8,5)<>\"(N/D:\",$AG95<>\"\",ORÇAMENTO.CustoUnitario>$AG95),AND(TIPOORCAMENTO=\"LICITADO\",ORÇAMENTO.PrecoUnitarioLicitado>$AN95)),\"ACIMA REF.\",\nIF(AND($C95=\"S\",$P95<>\"\",$Q95<>\"\",$T95=0,$U95>0),\"QUANT.\",\nIF(AND(Import.TipoArredondamento=\"TransfereGOV\",$L95=\"F\",$C95=\"S\",LEN($Q95)>13),\"Código >13\",\nIF(AND(Import.TipoArredondamento=\"TransfereGOV\",$L95=\"F\",$C95<>\"S\",LEN($R95)>100),\"Descrição >100\",\nIF(AND(Import.TipoArredondamento=\"TransfereGOV\",$L95=\"F\",$C95=\"S\",LEN($R95)>500),\"Descrição >500\",\nIF(AND(Import.TipoArredondamento=\"TransfereGOV\",$L95=\"F\",$C95=\"S\",LEFT(TRIM(UPPER($P95)),6)<>\"SINAPI\",ISNA(VLOOKUP(TRIM(UPPER($S95)),ListaTgov.Unidades,1,FALSE))),\"Unid. Não Disp\",\n\" \"))))))))))))))))","v":" "},{"$f":"IF(C95<=CRONO.NivelExibicao,MAX($AD$15:OFFSET(AD95,-1,0))+IF($C95<>1,1,MAX(1,COUNTIF(QCI!$A$13:$A$24,OFFSET($E95,-1,0)))),\"\")","v":""},{"$f":"IF(AND($C95=\"S\",ORÇAMENTO.CodBarra<>\"\"),IF(ORÇAMENTO.Fonte=\"\",ORÇAMENTO.CodBarra,CONCATENATE(ORÇAMENTO.Fonte,\" \",ORÇAMENTO.CodBarra)))","v":"SINAPI 96111"},{"$f":"IF(ISERROR(ORÇAMENTO.BancoRef),\"(abra o arquivo 'Referência \"&Excel_BuiltIn_Database&\".xlsm)\",IF(OR($C95<>\"S\",ORÇAMENTO.CodBarra=\"\"),\"(Sem Código)\",IF(ISERROR(MATCH($AE95,INDIRECT(ORÇAMENTO.BancoRef),0)),\"(Código não identificado nas referências)\",MATCH($AE95,INDIRECT(ORÇAMENTO.BancoRef),0))))","v":9920},{"$f":"ROUND(IF(DESONERACAO=\"sim\",REFERENCIA.Desonerado,REFERENCIA.NaoDesonerado),2)","v":71.53},0.25390000000000001,null,null,null,null,13999.2,{"$f":"ROUND(ORÇAMENTO.CustoUnitario*(1+$AH95),2)","v":77.989999999999995}]
[3,3,3,13,{"$f":"IF($C96=1,OFFSET(E96,-1,0)+MAX(1,COUNTIF(QCI!$A$13:$A$24,OFFSET(ORÇAMENTO!E96,-1,0))),OFFSET(E96,-1,0))","v":1},7,5,0,0,13,{"$f":"IF(OR($C96=\"S\",$C96=0),0,MATCH(OFFSET($D96,0,$C96)+IF($C96<>1,1,COUNTIF(QCI!$A$13:$A$24,ORÇAMENTO!E96)),OFFSET($D96,1,$C96,ROW($C$237)-ROW($C96)),0))","v":{"$error":"#N/A"}},"F","Nível 3","Nível 3","1.7.5.","","","PINTURA",null,{"$f":"OFFSET(CÁLCULO!H$15,ROW($T96)-ROW(T$15),0)","v":0},0,"BDI 1",{"$f":"IF($C96=\"S\",ROUND(IF(TIPOORCAMENTO=\"Proposto\",ORÇAMENTO.CustoUnitario*(1+$AH96),ORÇAMENTO.PrecoUnitarioLicitado),15-13*$AF$10),0)","v":0},{"$f":"IF($C96=\"S\",IF(OR(Import.TipoArredondamento<>\"TransfereGOV\",ACOMPANHAMENTO=\"BM\"),VTOTAL1,SUM(OFFSET(CÁLCULO!$AQ$15,ROW($X96)-ROW($X$15),1):OFFSET(CÁLCULO!$BR$15,ROW($X96)-ROW($X$15),-1))),IF($C96=0,0,ROUND(SomaAgrup,15-13*$AF$11)))","v":20748.5},"RA","",{"$f":"IF($C96=\"S\",IF($Z96=\"CP\",$X96,IF($Z96=\"RA\",(($X96)*QCI!$AA$3),0)),SomaAgrup)","v":303.13571603619766},{"$f":"IF($C96=\"S\",IF($Z96=\"OU\",ROUND($X96,2),0),SomaAgrup)","v":0},{"$f":"IF($N96=\"\",\" \",\nIF(AND($C96<>\"S\",OR($R96=\"\",$R96=\"(digite a descrição aqui)\")),\"DESCRIÇÃO\",\nIF(AND($C96=\"S\",OR($Q96<>\"\",$T96>0,$U96>0),$P96=\"\"),\"FONTE\",\nIF(AND($C96=\"S\",$P96<>\"\",OR($T96>0,$U96>0),$Q96=\"\"),\"CÓDIGO\",\nIF(AND($C96=\"S\",$P96<>\"\",$Q96<>\"\",$R96=\"(Código não identificado nas referências)\"),\"CÓDIGO N/ID\",\nIF(AND($C96=\"S\",OR($R96=\"\",$R96=\"(digite a descrição aqui)\"),OR($Q96<>\"\",$T96>0,$U96>0)),\"DESCRIÇÃO\",\nIF(AND($C96=\"S\",$P96<>\"\",$Q96<>\"\",$S96=\"\"),\"UNIDADE\",\nIF(AND($C96=\"S\",$P96<>\"\",$Q96<>\"\",$U96=0),\"SEM CUSTO\",\nIF(AND(TIPOORCAMENTO=\"Licitado\",$AL96=0,$AN96>0),\"SEM PREÇO\",\nIF(AND($C96=\"S\",$P96<>\"\",$Q96<>\"\",$U96>0,AND($V96<>\"BDI 1\",$V96<>\"BDI 2\",$V96<>\"BDI 3\")),IF(ISNUMBER($V96),\"JUSTIFICAR BDI\",\"BDI\"),\nIF(OR(AND(import.recurso=\"OGU\",TIPOORCAMENTO=\"Proposto\",LEFT($O$8,5)<>\"(N/D:\",$AG96<>\"\",ORÇAMENTO.CustoUnitario>$AG96),AND(TIPOORCAMENTO=\"LICITADO\",ORÇAMENTO.PrecoUnitarioLicitado>$AN96)),\"ACIMA REF.\",\nIF(AND($C96=\"S\",$P96<>\"\",$Q96<>\"\",$T96=0,$U96>0),\"QUANT.\",\nIF(AND(Import.TipoArredondamento=\"TransfereGOV\",$L96=\"F\",$C96=\"S\",LEN($Q96)>13),\"Código >13\",\nIF(AND(Import.TipoArredondamento=\"TransfereGOV\",$L96=\"F\",$C96<>\"S\",LEN($R96)>100),\"Descrição >100\",\nIF(AND(Import.TipoArredondamento=\"TransfereGOV\",$L96=\"F\",$C96=\"S\",LEN($R96)>500),\"Descrição >500\",\nIF(AND(Import.TipoArredondamento=\"TransfereGOV\",$L96=\"F\",$C96=\"S\",LEFT(TRIM(UPPER($P96)),6)<>\"SINAPI\",ISNA(VLOOKUP(TRIM(UPPER($S96)),ListaTgov.Unidades,1,FALSE))),\"Unid. Não Disp\",\n\" \"))))))))))))))))","v":" "},{"$f":"IF(C96<=CRONO.NivelExibicao,MAX($AD$15:OFFSET(AD96,-1,0))+IF($C96<>1,1,MAX(1,COUNTIF(QCI!$A$13:$A$24,OFFSET($E96,-1,0)))),\"\")","v":""},{"$f":"IF(AND($C96=\"S\",ORÇAMENTO.CodBarra<>\"\"),IF(ORÇAMENTO.Fonte=\"\",ORÇAMENTO.CodBarra,CONCATENATE(ORÇAMENTO.Fonte,\" \",ORÇAMENTO.CodBarra)))","v":false},{"$f":"IF(ISERROR(ORÇAMENTO.BancoRef),\"(abra o arquivo 'Referência \"&Excel_BuiltIn_Database&\".xlsm)\",IF(OR($C96<>\"S\",ORÇAMENTO.CodBarra=\"\"),\"(Sem Código)\",IF(ISERROR(MATCH($AE96,INDIRECT(ORÇAMENTO.BancoRef),0)),\"(Código não identificado nas referências)\",MATCH($AE96,INDIRECT(ORÇAMENTO.BancoRef),0))))","v":"(Sem Código)"},{"$f":"ROUND(IF(DESONERACAO=\"sim\",REFERENCIA.Desonerado,REFERENCIA.NaoDesonerado),2)","v":0},0.25390000000000001,null,null,null,null,20748.5,{"$f":"ROUND(ORÇAMENTO.CustoUnitario*(1+$AH96),2)","v":0}]
[4,4,4,5,{"$f":"IF($C97=1,OFFSET(E97,-1,0)+MAX(1,COUNTIF(QCI!$A$13:$A$24,OFFSET(ORÇAMENTO!E97,-1,0))),OFFSET(E97,-1,0))","v":1},7,5,1,0,12,{"$f":"IF(OR($C97=\"S\",$C97=0),0,MATCH(OFFSET($D97,0,$C97)+IF($C97<>1,1,COUNTIF(QCI!$A$13:$A$24,ORÇAMENTO!E97)),OFFSET($D97,1,$C97,ROW($C$237)-ROW($C97)),0))","v":5},"F","Nível 4","Nível 4","1.7.5.1.","","","PINTURAS INTERNAS",null,{"$f":"OFFSET(CÁLCULO!H$15,ROW($T97)-ROW(T$15),0)","v":0},0,"BDI 1",{"$f":"IF($C97=\"S\",ROUND(IF(TIPOORCAMENTO=\"Proposto\",ORÇAMENTO.CustoUnitario*(1+$AH97),ORÇAMENTO.PrecoUnitarioLicitado),15-13*$AF$10),0)","v":0},{"$f":"IF($C97=\"S\",IF(OR(Import.TipoArredondamento<>\"TransfereGOV\",ACOMPANHAMENTO=\"BM\"),VTOTAL1,SUM(OFFSET(CÁLCULO!$AQ$15,ROW($X97)-ROW($X$15),1):OFFSET(CÁLCULO!$BR$15,ROW($X97)-ROW($X$15),-1))),IF($C97=0,0,ROUND(SomaAgrup,15-13*$AF$11)))","v":10274.299999999999},"RA","",{"$f":"IF($C97=\"S\",IF($Z97=\"CP\",$X97,IF($Z97=\"RA\",(($X97)*QCI!$AA$3),0)),SomaAgrup)","v":150.1075878868692},{"$f":"IF($C97=\"S\",IF($Z97=\"OU\",ROUND($X97,2),0),SomaAgrup)","v":0},{"$f":"IF($N97=\"\",\" \",\nIF(AND($C97<>\"S\",OR($R97=\"\",$R97=\"(digite a descrição aqui)\")),\"DESCRIÇÃO\",\nIF(AND($C97=\"S\",OR($Q97<>\"\",$T97>0,$U97>0),$P97=\"\"),\"FONTE\",\nIF(AND($C97=\"S\",$P97<>\"\",OR($T97>0,$U97>0),$Q97=\"\"),\"CÓDIGO\",\nIF(AND($C97=\"S\",$P97<>\"\",$Q97<>\"\",$R97=\"(Código não identificado nas referências)\"),\"CÓDIGO N/ID\",\nIF(AND($C97=\"S\",OR($R97=\"\",$R97=\"(digite a descrição aqui)\"),OR($Q97<>\"\",$T97>0,$U97>0)),\"DESCRIÇÃO\",\nIF(AND($C97=\"S\",$P97<>\"\",$Q97<>\"\",$S97=\"\"),\"UNIDADE\",\nIF(AND($C97=\"S\",$P97<>\"\",$Q97<>\"\",$U97=0),\"SEM CUSTO\",\nIF(AND(TIPOORCAMENTO=\"Licitado\",$AL97=0,$AN97>0),\"SEM PREÇO\",\nIF(AND($C97=\"S\",$P97<>\"\",$Q97<>\"\",$U97>0,AND($V97<>\"BDI 1\",$V97<>\"BDI 2\",$V97<>\"BDI 3\")),IF(ISNUMBER($V97),\"JUSTIFICAR BDI\",\"BDI\"),\nIF(OR(AND(import.recurso=\"OGU\",TIPOORCAMENTO=\"Proposto\",LEFT($O$8,5)<>\"(N/D:\",$AG97<>\"\",ORÇAMENTO.CustoUnitario>$AG97),AND(TIPOORCAMENTO=\"LICITADO\",ORÇAMENTO.PrecoUnitarioLicitado>$AN97)),\"ACIMA REF.\",\nIF(AND($C97=\"S\",$P97<>\"\",$Q97<>\"\",$T97=0,$U97>0),\"QUANT.\",\nIF(AND(Import.TipoArredondamento=\"TransfereGOV\",$L97=\"F\",$C97=\"S\",LEN($Q97)>13),\"Código >13\",\nIF(AND(Import.TipoArredondamento=\"TransfereGOV\",$L97=\"F\",$C97<>\"S\",LEN($R97)>100),\"Descrição >100\",\nIF(AND(Import.TipoArredondamento=\"TransfereGOV\",$L97=\"F\",$C97=\"S\",LEN($R97)>500),\"Descrição >500\",\nIF(AND(Import.TipoArredondamento=\"TransfereGOV\",$L97=\"F\",$C97=\"S\",LEFT(TRIM(UPPER($P97)),6)<>\"SINAPI\",ISNA(VLOOKUP(TRIM(UPPER($S97)),ListaTgov.Unidades,1,FALSE))),\"Unid. Não Disp\",\n\" \"))))))))))))))))","v":" "},{"$f":"IF(C97<=CRONO.NivelExibicao,MAX($AD$15:OFFSET(AD97,-1,0))+IF($C97<>1,1,MAX(1,COUNTIF(QCI!$A$13:$A$24,OFFSET($E97,-1,0)))),\"\")","v":""},{"$f":"IF(AND($C97=\"S\",ORÇAMENTO.CodBarra<>\"\"),IF(ORÇAMENTO.Fonte=\"\",ORÇAMENTO.CodBarra,CONCATENATE(ORÇAMENTO.Fonte,\" \",ORÇAMENTO.CodBarra)))","v":false},{"$f":"IF(ISERROR(ORÇAMENTO.BancoRef),\"(abra o arquivo 'Referência \"&Excel_BuiltIn_Database&\".xlsm)\",IF(OR($C97<>\"S\",ORÇAMENTO.CodBarra=\"\"),\"(Sem Código)\",IF(ISERROR(MATCH($AE97,INDIRECT(ORÇAMENTO.BancoRef),0)),\"(Código não identificado nas referências)\",MATCH($AE97,INDIRECT(ORÇAMENTO.BancoRef),0))))","v":"(Sem Código)"},{"$f":"ROUND(IF(DESONERACAO=\"sim\",REFERENCIA.Desonerado,REFERENCIA.NaoDesonerado),2)","v":0},0.25390000000000001,null,null,null,null,10274.299999999999,{"$f":"ROUND(ORÇAMENTO.CustoUnitario*(1+$AH97),2)","v":0}]
["S",4,"S",0,{"$f":"IF($C98=1,OFFSET(E98,-1,0)+MAX(1,COUNTIF(QCI!$A$13:$A$24,OFFSET(ORÇAMENTO!E98,-1,0))),OFFSET(E98,-1,0))","v":1},7,5,1,1,0,{"$f":"IF(OR($C98=\"S\",$C98=0),0,MATCH(OFFSET($D98,0,$C98)+IF($C98<>1,1,COUNTIF(QCI!$A$13:$A$24,ORÇAMENTO!E98)),OFFSET($D98,1,$C98,ROW($C$237)-ROW($C98)),0))","v":0},"F","Serviço","Serviço","1.7.5.1.1.","SINAPI","88485",{"$f":"IF($C98=\"S\",REFERENCIA.Descricao,\"(digite a descrição aqui)\")","v":"FUNDO SELADOR ACRÍLICO, APLICAÇÃO MANUAL EM PAREDE, UMA DEMÃO. AF_04/2023"},{"$f":"REFERENCIA.Unidade","v":"M2"},{"$f":"OFFSET(CÁLCULO!H$15,ROW($T98)-ROW(T$15),0)","v":563.04999999999995},3.81,"BDI 1",{"$f":"IF($C98=\"S\",ROUND(IF(TIPOORCAMENTO=\"Proposto\",ORÇAMENTO.CustoUnitario*(1+$AH98),ORÇAMENTO.PrecoUnitarioLicitado),15-13*$AF$10),0)","v":4.78},{"$f":"IF($C98=\"S\",IF(OR(Import.TipoArredondamento<>\"TransfereGOV\",ACOMPANHAMENTO=\"BM\"),VTOTAL1,SUM(OFFSET(CÁLCULO!$AQ$15,ROW($X98)-ROW($X$15),1):OFFSET(CÁLCULO!$BR$15,ROW($X98)-ROW($X$15),-1))),IF($C98=0,0,ROUND(SomaAgrup,15-13*$AF$11)))","v":2691.3999999999996},"RA","RA",{"$f":"IF($C98=\"S\",IF($Z98=\"CP\",$X98,IF($Z98=\"RA\",(($X98)*QCI!$AA$3),0)),SomaAgrup)","v":39.321370997412934},{"$f":"IF($C98=\"S\",IF($Z98=\"OU\",ROUND($X98,2),0),SomaAgrup)","v":0},{"$f":"IF($N98=\"\",\" \",\nIF(AND($C98<>\"S\",OR($R98=\"\",$R98=\"(digite a descrição aqui)\")),\"DESCRIÇÃO\",\nIF(AND($C98=\"S\",OR($Q98<>\"\",$T98>0,$U98>0),$P98=\"\"),\"FONTE\",\nIF(AND($C98=\"S\",$P98<>\"\",OR($T98>0,$U98>0),$Q98=\"\"),\"CÓDIGO\",\nIF(AND($C98=\"S\",$P98<>\"\",$Q98<>\"\",$R98=\"(Código não identificado nas referências)\"),\"CÓDIGO N/ID\",\nIF(AND($C98=\"S\",OR($R98=\"\",$R98=\"(digite a descrição aqui)\"),OR($Q98<>\"\",$T98>0,$U98>0)),\"DESCRIÇÃO\",\nIF(AND($C98=\"S\",$P98<>\"\",$Q98<>\"\",$S98=\"\"),\"UNIDADE\",\nIF(AND($C98=\"S\",$P98<>\"\",$Q98<>\"\",$U98=0),\"SEM CUSTO\",\nIF(AND(TIPOORCAMENTO=\"Licitado\",$AL98=0,$AN98>0),\"SEM PREÇO\",\nIF(AND($C98=\"S\",$P98<>\"\",$Q98<>\"\",$U98>0,AND($V98<>\"BDI 1\",$V98<>\"BDI 2\",$V98<>\"BDI 3\")),IF(ISNUMBER($V98),\"JUSTIFICAR BDI\",\"BDI\"),\nIF(OR(AND(import.recurso=\"OGU\",TIPOORCAMENTO=\"Proposto\",LEFT($O$8,5)<>\"(N/D:\",$AG98<>\"\",ORÇAMENTO.CustoUnitario>$AG98),AND(TIPOORCAMENTO=\"LICITADO\",ORÇAMENTO.PrecoUnitarioLicitado>$AN98)),\"ACIMA REF.\",\nIF(AND($C98=\"S\",$P98<>\"\",$Q98<>\"\",$T98=0,$U98>0),\"QUANT.\",\nIF(AND(Import.TipoArredondamento=\"TransfereGOV\",$L98=\"F\",$C98=\"S\",LEN($Q98)>13),\"Código >13\",\nIF(AND(Import.TipoArredondamento=\"TransfereGOV\",$L98=\"F\",$C98<>\"S\",LEN($R98)>100),\"Descrição >100\",\nIF(AND(Import.TipoArredondamento=\"TransfereGOV\",$L98=\"F\",$C98=\"S\",LEN($R98)>500),\"Descrição >500\",\nIF(AND(Import.TipoArredondamento=\"TransfereGOV\",$L98=\"F\",$C98=\"S\",LEFT(TRIM(UPPER($P98)),6)<>\"SINAPI\",ISNA(VLOOKUP(TRIM(UPPER($S98)),ListaTgov.Unidades,1,FALSE))),\"Unid. Não Disp\",\n\" \"))))))))))))))))","v":" "},{"$f":"IF(C98<=CRONO.NivelExibicao,MAX($AD$15:OFFSET(AD98,-1,0))+IF($C98<>1,1,MAX(1,COUNTIF(QCI!$A$13:$A$24,OFFSET($E98,-1,0)))),\"\")","v":""},{"$f":"IF(AND($C98=\"S\",ORÇAMENTO.CodBarra<>\"\"),IF(ORÇAMENTO.Fonte=\"\",ORÇAMENTO.CodBarra,CONCATENATE(ORÇAMENTO.Fonte,\" \",ORÇAMENTO.CodBarra)))","v":"SINAPI 88485"},{"$f":"IF(ISERROR(ORÇAMENTO.BancoRef),\"(abra o arquivo 'Referência \"&Excel_BuiltIn_Database&\".xlsm)\",IF(OR($C98<>\"S\",ORÇAMENTO.CodBarra=\"\"),\"(Sem Código)\",IF(ISERROR(MATCH($AE98,INDIRECT(ORÇAMENTO.BancoRef),0)),\"(Código não identificado nas referências)\",MATCH($AE98,INDIRECT(ORÇAMENTO.BancoRef),0))))","v":13847},{"$f":"ROUND(IF(DESONERACAO=\"sim\",REFERENCIA.Desonerado,REFERENCIA.NaoDesonerado),2)","v":4.3899999999999997},0.25390000000000001,null,null,null,null,2691.3999999999996,{"$f":"ROUND(ORÇAMENTO.CustoUnitario*(1+$AH98),2)","v":4.78}]
["S",4,"S",0,{"$f":"IF($C99=1,OFFSET(E99,-1,0)+MAX(1,COUNTIF(QCI!$A$13:$A$24,OFFSET(ORÇAMENTO!E99,-1,0))),OFFSET(E99,-1,0))","v":1},7,5,1,2,0,{"$f":"IF(OR($C99=\"S\",$C99=0),0,MATCH(OFFSET($D99,0,$C99)+IF($C99<>1,1,COUNTIF(QCI!$A$13:$A$24,ORÇAMENTO!E99)),OFFSET($D99,1,$C99,ROW($C$237)-ROW($C99)),0))","v":0},"F","Serviço","Serviço","1.7.5.1.2.","SINAPI","88484",{"$f":"IF($C99=\"S\",REFERENCIA.Descricao,\"(digite a descrição aqui)\")","v":"FUNDO SELADOR ACRÍLICO, APLICAÇÃO MANUAL EM TETO, UMA DEMÃO. AF_04/2023"},{"$f":"REFERENCIA.Unidade","v":"M2"},{"$f":"OFFSET(CÁLCULO!H$15,ROW($T99)-ROW(T$15),0)","v":22.200000000000003},4.82,"BDI 1",{"$f":"IF($C99=\"S\",ROUND(IF(TIPOORCAMENTO=\"Proposto\",ORÇAMENTO.CustoUnitario*(1+$AH99),ORÇAMENTO.PrecoUnitarioLicitado),15-13*$AF$10),0)","v":6.04},{"$f":"IF($C99=\"S\",IF(OR(Import.TipoArredondamento<>\"TransfereGOV\",ACOMPANHAMENTO=\"BM\"),VTOTAL1,SUM(OFFSET(CÁLCULO!$AQ$15,ROW($X99)-ROW($X$15),1):OFFSET(CÁLCULO!$BR$15,ROW($X99)-ROW($X$15),-1))),IF($C99=0,0,ROUND(SomaAgrup,15-13*$AF$11)))","v":134.1},"RA","RA",{"$f":"IF($C99=\"S\",IF($Z99=\"CP\",$X99,IF($Z99=\"RA\",(($X99)*QCI!$AA$3),0)),SomaAgrup)","v":1.9592018469023835},{"$f":"IF($C99=\"S\",IF($Z99=\"OU\",ROUND($X99,2),0),SomaAgrup)","v":0},{"$f":"IF($N99=\"\",\" \",\nIF(AND($C99<>\"S\",OR($R99=\"\",$R99=\"(digite a descrição aqui)\")),\"DESCRIÇÃO\",\nIF(AND($C99=\"S\",OR($Q99<>\"\",$T99>0,$U99>0),$P99=\"\"),\"FONTE\",\nIF(AND($C99=\"S\",$P99<>\"\",OR($T99>0,$U99>0),$Q99=\"\"),\"CÓDIGO\",\nIF(AND($C99=\"S\",$P99<>\"\",$Q99<>\"\",$R99=\"(Código não identificado nas referências)\"),\"CÓDIGO N/ID\",\nIF(AND($C99=\"S\",OR($R99=\"\",$R99=\"(digite a descrição aqui)\"),OR($Q99<>\"\",$T99>0,$U99>0)),\"DESCRIÇÃO\",\nIF(AND($C99=\"S\",$P99<>\"\",$Q99<>\"\",$S99=\"\"),\"UNIDADE\",\nIF(AND($C99=\"S\",$P99<>\"\",$Q99<>\"\",$U99=0),\"SEM CUSTO\",\nIF(AND(TIPOORCAMENTO=\"Licitado\",$AL99=0,$AN99>0),\"SEM PREÇO\",\nIF(AND($C99=\"S\",$P99<>\"\",$Q99<>\"\",$U99>0,AND($V99<>\"BDI 1\",$V99<>\"BDI 2\",$V99<>\"BDI 3\")),IF(ISNUMBER($V99),\"JUSTIFICAR BDI\",\"BDI\"),\nIF(OR(AND(import.recurso=\"OGU\",TIPOORCAMENTO=\"Proposto\",LEFT($O$8,5)<>\"(N/D:\",$AG99<>\"\",ORÇAMENTO.CustoUnitario>$AG99),AND(TIPOORCAMENTO=\"LICITADO\",ORÇAMENTO.PrecoUnitarioLicitado>$AN99)),\"ACIMA REF.\",\nIF(AND($C99=\"S\",$P99<>\"\",$Q99<>\"\",$T99=0,$U99>0),\"QUANT.\",\nIF(AND(Import.TipoArredondamento=\"TransfereGOV\",$L99=\"F\",$C99=\"S\",LEN($Q99)>13),\"Código >13\",\nIF(AND(Import.TipoArredondamento=\"TransfereGOV\",$L99=\"F\",$C99<>\"S\",LEN($R99)>100),\"Descrição >100\",\nIF(AND(Import.TipoArredondamento=\"TransfereGOV\",$L99=\"F\",$C99=\"S\",LEN($R99)>500),\"Descrição >500\",\nIF(AND(Import.TipoArredondamento=\"TransfereGOV\",$L99=\"F\",$C99=\"S\",LEFT(TRIM(UPPER($P99)),6)<>\"SINAPI\",ISNA(VLOOKUP(TRIM(UPPER($S99)),ListaTgov.Unidades,1,FALSE))),\"Unid. Não Disp\",\n\" \"))))))))))))))))","v":" "},{"$f":"IF(C99<=CRONO.NivelExibicao,MAX($AD$15:OFFSET(AD99,-1,0))+IF($C99<>1,1,MAX(1,COUNTIF(QCI!$A$13:$A$24,OFFSET($E99,-1,0)))),\"\")","v":""},{"$f":"IF(AND($C99=\"S\",ORÇAMENTO.CodBarra<>\"\"),IF(ORÇAMENTO.Fonte=\"\",ORÇAMENTO.CodBarra,CONCATENATE(ORÇAMENTO.Fonte,\" \",ORÇAMENTO.CodBarra)))","v":"SINAPI 88484"},{"$f":"IF(ISERROR(ORÇAMENTO.BancoRef),\"(abra o arquivo 'Referência \"&Excel_BuiltIn_Database&\".xlsm)\",IF(OR($C99<>\"S\",ORÇAMENTO.CodBarra=\"\"),\"(Sem Código)\",IF(ISERROR(MATCH($AE99,INDIRECT(ORÇAMENTO.BancoRef),0)),\"(Código não identificado nas referências)\",MATCH($AE99,INDIRECT(ORÇAMENTO.BancoRef),0))))","v":13848},{"$f":"ROUND(IF(DESONERACAO=\"sim\",REFERENCIA.Desonerado,REFERENCIA.NaoDesonerado),2)","v":5.55},0.25390000000000001,null,null,null,null,134.1,{"$f":"ROUND(ORÇAMENTO.CustoUnitario*(1+$AH99),2)","v":6.04}]
["S",4,"S",0,{"$f":"IF($C100=1,OFFSET(E100,-1,0)+MAX(1,COUNTIF(QCI!$A$13:$A$24,OFFSET(ORÇAMENTO!E100,-1,0))),OFFSET(E100,-1,0))","v":1},7,5,1,3,0,{"$f":"IF(OR($C100=\"S\",$C100=0),0,MATCH(OFFSET($D100,0,$C100)+IF($C100<>1,1,COUNTIF(QCI!$A$13:$A$24,ORÇAMENTO!E100)),OFFSET($D100,1,$C100,ROW($C$237)-ROW($C100)),0))","v":0},"F","Serviço","Serviço","1.7.5.1.3.","SINAPI","104640",{"$f":"IF($C100=\"S\",REFERENCIA.Descricao,\"(digite a descrição aqui)\")","v":"PINTURA LÁTEX ACRÍLICA STANDARD, APLICAÇÃO MANUAL EM TETO, DUAS DEMÃOS. AF_04/2023"},{"$f":"REFERENCIA.Unidade","v":"M2"},{"$f":"OFFSET(CÁLCULO!H$15,ROW($T100)-ROW(T$15),0)","v":22.200000000000003},12.53,"BDI 1",{"$f":"IF($C100=\"S\",ROUND(IF(TIPOORCAMENTO=\"Proposto\",ORÇAMENTO.CustoUnitario*(1+$AH100),ORÇAMENTO.PrecoUnitarioLicitado),15-13*$AF$10),0)","v":15.71},{"$f":"IF($C100=\"S\",IF(OR(Import.TipoArredondamento<>\"TransfereGOV\",ACOMPANHAMENTO=\"BM\"),VTOTAL1,SUM(OFFSET(CÁLCULO!$AQ$15,ROW($X100)-ROW($X$15),1):OFFSET(CÁLCULO!$BR$15,ROW($X100)-ROW($X$15),-1))),IF($C100=0,0,ROUND(SomaAgrup,15-13*$AF$11)))","v":348.75},"RA","RA",{"$f":"IF($C100=\"S\",IF($Z100=\"CP\",$X100,IF($Z100=\"RA\",(($X100)*QCI!$AA$3),0)),SomaAgrup)","v":5.0952397025145881},{"$f":"IF($C100=\"S\",IF($Z100=\"OU\",ROUND($X100,2),0),SomaAgrup)","v":0},{"$f":"IF($N100=\"\",\" \",\nIF(AND($C100<>\"S\",OR($R100=\"\",$R100=\"(digite a descrição aqui)\")),\"DESCRIÇÃO\",\nIF(AND($C100=\"S\",OR($Q100<>\"\",$T100>0,$U100>0),$P100=\"\"),\"FONTE\",\nIF(AND($C100=\"S\",$P100<>\"\",OR($T100>0,$U100>0),$Q100=\"\"),\"CÓDIGO\",\nIF(AND($C100=\"S\",$P100<>\"\",$Q100<>\"\",$R100=\"(Código não identificado nas referências)\"),\"CÓDIGO N/ID\",\nIF(AND($C100=\"S\",OR($R100=\"\",$R100=\"(digite a descrição aqui)\"),OR($Q100<>\"\",$T100>0,$U100>0)),\"DESCRIÇÃO\",\nIF(AND($C100=\"S\",$P100<>\"\",$Q100<>\"\",$S100=\"\"),\"UNIDADE\",\nIF(AND($C100=\"S\",$P100<>\"\",$Q100<>\"\",$U100=0),\"SEM CUSTO\",\nIF(AND(TIPOORCAMENTO=\"Licitado\",$AL100=0,$AN100>0),\"SEM PREÇO\",\nIF(AND($C100=\"S\",$P100<>\"\",$Q100<>\"\",$U100>0,AND($V100<>\"BDI 1\",$V100<>\"BDI 2\",$V100<>\"BDI 3\")),IF(ISNUMBER($V100),\"JUSTIFICAR BDI\",\"BDI\"),\nIF(OR(AND(import.recurso=\"OGU\",TIPOORCAMENTO=\"Proposto\",LEFT($O$8,5)<>\"(N/D:\",$AG100<>\"\",ORÇAMENTO.CustoUnitario>$AG100),AND(TIPOORCAMENTO=\"LICITADO\",ORÇAMENTO.PrecoUnitarioLicitado>$AN100)),\"ACIMA REF.\",\nIF(AND($C100=\"S\",$P100<>\"\",$Q100<>\"\",$T100=0,$U100>0),\"QUANT.\",\nIF(AND(Import.TipoArredondamento=\"TransfereGOV\",$L100=\"F\",$C100=\"S\",LEN($Q100)>13),\"Código >13\",\nIF(AND(Import.TipoArredondamento=\"TransfereGOV\",$L100=\"F\",$C100<>\"S\",LEN($R100)>100),\"Descrição >100\",\nIF(AND(Import.TipoArredondamento=\"TransfereGOV\",$L100=\"F\",$C100=\"S\",LEN($R100)>500),\"Descrição >500\",\nIF(AND(Import.TipoArredondamento=\"TransfereGOV\",$L100=\"F\",$C100=\"S\",LEFT(TRIM(UPPER($P100)),6)<>\"SINAPI\",ISNA(VLOOKUP(TRIM(UPPER($S100)),ListaTgov.Unidades,1,FALSE))),\"Unid. Não Disp\",\n\" \"))))))))))))))))","v":" "},{"$f":"IF(C100<=CRONO.NivelExibicao,MAX($AD$15:OFFSET(AD100,-1,0))+IF($C100<>1,1,MAX(1,COUNTIF(QCI!$A$13:$A$24,OFFSET($E100,-1,0)))),\"\")","v":""},{"$f":"IF(AND($C100=\"S\",ORÇAMENTO.CodBarra<>\"\"),IF(ORÇAMENTO.Fonte=\"\",ORÇAMENTO.CodBarra,CONCATENATE(ORÇAMENTO.Fonte,\" \",ORÇAMENTO.CodBarra)))","v":"SINAPI 104640"},{"$f":"IF(ISERROR(ORÇAMENTO.BancoRef),\"(abra o arquivo 'Referência \"&Excel_BuiltIn_Database&\".xlsm)\",IF(OR($C100<>\"S\",ORÇAMENTO.CodBarra=\"\"),\"(Sem Código)\",IF(ISERROR(MATCH($AE100,INDIRECT(ORÇAMENTO.BancoRef),0)),\"(Código não identificado nas referências)\",MATCH($AE100,INDIRECT(ORÇAMENTO.BancoRef),0))))","v":13858},{"$f":"ROUND(IF(DESONERACAO=\"sim\",REFERENCIA.Desonerado,REFERENCIA.NaoDesonerado),2)","v":14.42},0.25390000000000001,null,null,null,null,348.75,{"$f":"ROUND(ORÇAMENTO.CustoUnitario*(1+$AH100),2)","v":15.71}]
["S",4,"S",0,{"$f":"IF($C101=1,OFFSET(E101,-1,0)+MAX(1,COUNTIF(QCI!$A$13:$A$24,OFFSET(ORÇAMENTO!E101,-1,0))),OFFSET(E101,-1,0))","v":1},7,5,1,4,0,{"$f":"IF(OR($C101=\"S\",$C101=0),0,MATCH(OFFSET($D101,0,$C101)+IF($C101<>1,1,COUNTIF(QCI!$A$13:$A$24,ORÇAMENTO!E101)),OFFSET($D101,1,$C101,ROW($C$237)-ROW($C101)),0))","v":0},"F","Serviço","Serviço","1.7.5.1.4.","SINAPI","104642",{"$f":"IF($C101=\"S\",REFERENCIA.Descricao,\"(digite a descrição aqui)\")","v":"PINTURA LÁTEX ACRÍLICA STANDARD, APLICAÇÃO MANUAL EM PAREDES, DUAS DEMÃOS. AF_04/2023"},{"$f":"REFERENCIA.Unidade","v":"M2"},{"$f":"OFFSET(CÁLCULO!H$15,ROW($T101)-ROW(T$15),0)","v":563.04999999999995},10.06,"BDI 1",{"$f":"IF($C101=\"S\",ROUND(IF(TIPOORCAMENTO=\"Proposto\",ORÇAMENTO.CustoUnitario*(1+$AH101),ORÇAMENTO.PrecoUnitarioLicitado),15-13*$AF$10),0)","v":12.61},{"$f":"IF($C101=\"S\",IF(OR(Import.TipoArredondamento<>\"TransfereGOV\",ACOMPANHAMENTO=\"BM\"),VTOTAL1,SUM(OFFSET(CÁLCULO!$AQ$15,ROW($X101)-ROW($X$15),1):OFFSET(CÁLCULO!$BR$15,ROW($X101)-ROW($X$15),-1))),IF($C101=0,0,ROUND(SomaAgrup,15-13*$AF$11)))","v":7100.05},"RA","RA",{"$f":"IF($C101=\"S\",IF($Z101=\"CP\",$X101,IF($Z101=\"RA\",(($X101)*QCI!$AA$3),0)),SomaAgrup)","v":103.73177534003929},{"$f":"IF($C101=\"S\",IF($Z101=\"OU\",ROUND($X101,2),0),SomaAgrup)","v":0},{"$f":"IF($N101=\"\",\" \",\nIF(AND($C101<>\"S\",OR($R101=\"\",$R101=\"(digite a descrição aqui)\")),\"DESCRIÇÃO\",\nIF(AND($C101=\"S\",OR($Q101<>\"\",$T101>0,$U101>0),$P101=\"\"),\"FONTE\",\nIF(AND($C101=\"S\",$P101<>\"\",OR($T101>0,$U101>0),$Q101=\"\"),\"CÓDIGO\",\nIF(AND($C101=\"S\",$P101<>\"\",$Q101<>\"\",$R101=\"(Código não identificado nas referências)\"),\"CÓDIGO N/ID\",\nIF(AND($C101=\"S\",OR($R101=\"\",$R101=\"(digite a descrição aqui)\"),OR($Q101<>\"\",$T101>0,$U101>0)),\"DESCRIÇÃO\",\nIF(AND($C101=\"S\",$P101<>\"\",$Q101<>\"\",$S101=\"\"),\"UNIDADE\",\nIF(AND($C101=\"S\",$P101<>\"\",$Q101<>\"\",$U101=0),\"SEM CUSTO\",\nIF(AND(TIPOORCAMENTO=\"Licitado\",$AL101=0,$AN101>0),\"SEM PREÇO\",\nIF(AND($C101=\"S\",$P101<>\"\",$Q101<>\"\",$U101>0,AND($V101<>\"BDI 1\",$V101<>\"BDI 2\",$V101<>\"BDI 3\")),IF(ISNUMBER($V101),\"JUSTIFICAR BDI\",\"BDI\"),\nIF(OR(AND(import.recurso=\"OGU\",TIPOORCAMENTO=\"Proposto\",LEFT($O$8,5)<>\"(N/D:\",$AG101<>\"\",ORÇAMENTO.CustoUnitario>$AG101),AND(TIPOORCAMENTO=\"LICITADO\",ORÇAMENTO.PrecoUnitarioLicitado>$AN101)),\"ACIMA REF.\",\nIF(AND($C101=\"S\",$P101<>\"\",$Q101<>\"\",$T101=0,$U101>0),\"QUANT.\",\nIF(AND(Import.TipoArredondamento=\"TransfereGOV\",$L101=\"F\",$C101=\"S\",LEN($Q101)>13),\"Código >13\",\nIF(AND(Import.TipoArredondamento=\"TransfereGOV\",$L101=\"F\",$C101<>\"S\",LEN($R101)>100),\"Descrição >100\",\nIF(AND(Import.TipoArredondamento=\"TransfereGOV\",$L101=\"F\",$C101=\"S\",LEN($R101)>500),\"Descrição >500\",\nIF(AND(Import.TipoArredondamento=\"TransfereGOV\",$L101=\"F\",$C101=\"S\",LEFT(TRIM(UPPER($P101)),6)<>\"SINAPI\",ISNA(VLOOKUP(TRIM(UPPER($S101)),ListaTgov.Unidades,1,FALSE))),\"Unid. Não Disp\",\n\" \"))))))))))))))))","v":" "},{"$f":"IF(C101<=CRONO.NivelExibicao,MAX($AD$15:OFFSET(AD101,-1,0))+IF($C101<>1,1,MAX(1,COUNTIF(QCI!$A$13:$A$24,OFFSET($E101,-1,0)))),\"\")","v":""},{"$f":"IF(AND($C101=\"S\",ORÇAMENTO.CodBarra<>\"\"),IF(ORÇAMENTO.Fonte=\"\",ORÇAMENTO.CodBarra,CONCATENATE(ORÇAMENTO.Fonte,\" \",ORÇAMENTO.CodBarra)))","v":"SINAPI 104642"},{"$f":"IF(ISERROR(ORÇAMENTO.BancoRef),\"(abra o arquivo 'Referência \"&Excel_BuiltIn_Database&\".xlsm)\",IF(OR($C101<>\"S\",ORÇAMENTO.CodBarra=\"\"),\"(Sem Código)\",IF(ISERROR(MATCH($AE101,INDIRECT(ORÇAMENTO.BancoRef),0)),\"(Código não identificado nas referências)\",MATCH($AE101,INDIRECT(ORÇAMENTO.BancoRef),0))))","v":13857},{"$f":"ROUND(IF(DESONERACAO=\"sim\",REFERENCIA.Desonerado,REFERENCIA.NaoDesonerado),2)","v":11.57},0.25390000000000001,null,null,null,null,7100.05,{"$f":"ROUND(ORÇAMENTO.CustoUnitario*(1+$AH101),2)","v":12.61}]
[4,4,4,3,{"$f":"IF($C102=1,OFFSET(E102,-1,0)+MAX(1,COUNTIF(QCI!$A$13:$A$24,OFFSET(ORÇAMENTO!E102,-1,0))),OFFSET(E102,-1,0))","v":1},7,5,2,0,7,{"$f":"IF(OR($C102=\"S\",$C102=0),0,MATCH(OFFSET($D102,0,$C102)+IF($C102<>1,1,COUNTIF(QCI!$A$13:$A$24,ORÇAMENTO!E102)),OFFSET($D102,1,$C102,ROW($C$237)-ROW($C102)),0))","v":3},"F","Nível 4","Nível 4","1.7.5.2.","","","PINTURAS EXTERNAS",null,{"$f":"OFFSET(CÁLCULO!H$15,ROW($T102)-ROW(T$15),0)","v":0},0,"BDI 1",{"$f":"IF($C102=\"S\",ROUND(IF(TIPOORCAMENTO=\"Proposto\",ORÇAMENTO.CustoUnitario*(1+$AH102),ORÇAMENTO.PrecoUnitarioLicitado),15-13*$AF$10),0)","v":0},{"$f":"IF($C102=\"S\",IF(OR(Import.TipoArredondamento<>\"TransfereGOV\",ACOMPANHAMENTO=\"BM\"),VTOTAL1,SUM(OFFSET(CÁLCULO!$AQ$15,ROW($X102)-ROW($X$15),1):OFFSET(CÁLCULO!$BR$15,ROW($X102)-ROW($X$15),-1))),IF($C102=0,0,ROUND(SomaAgrup,15-13*$AF$11)))","v":5414.25},"RA","",{"$f":"IF($C102=\"S\",IF($Z102=\"CP\",$X102,IF($Z102=\"RA\",(($X102)*QCI!$AA$3),0)),SomaAgrup)","v":79.102226693446909},{"$f":"IF($C102=\"S\",IF($Z102=\"OU\",ROUND($X102,2),0),SomaAgrup)","v":0},{"$f":"IF($N102=\"\",\" \",\nIF(AND($C102<>\"S\",OR($R102=\"\",$R102=\"(digite a descrição aqui)\")),\"DESCRIÇÃO\",\nIF(AND($C102=\"S\",OR($Q102<>\"\",$T102>0,$U102>0),$P102=\"\"),\"FONTE\",\nIF(AND($C102=\"S\",$P102<>\"\",OR($T102>0,$U102>0),$Q102=\"\"),\"CÓDIGO\",\nIF(AND($C102=\"S\",$P102<>\"\",$Q102<>\"\",$R102=\"(Código não identificado nas referências)\"),\"CÓDIGO N/ID\",\nIF(AND($C102=\"S\",OR($R102=\"\",$R102=\"(digite a descrição aqui)\"),OR($Q102<>\"\",$T102>0,$U102>0)),\"DESCRIÇÃO\",\nIF(AND($C102=\"S\",$P102<>\"\",$Q102<>\"\",$S102=\"\"),\"UNIDADE\",\nIF(AND($C102=\"S\",$P102<>\"\",$Q102<>\"\",$U102=0),\"SEM CUSTO\",\nIF(AND(TIPOORCAMENTO=\"Licitado\",$AL102=0,$AN102>0),\"SEM PREÇO\",\nIF(AND($C102=\"S\",$P102<>\"\",$Q102<>\"\",$U102>0,AND($V102<>\"BDI 1\",$V102<>\"BDI 2\",$V102<>\"BDI 3\")),IF(ISNUMBER($V102),\"JUSTIFICAR BDI\",\"BDI\"),\nIF(OR(AND(import.recurso=\"OGU\",TIPOORCAMENTO=\"Proposto\",LEFT($O$8,5)<>\"(N/D:\",$AG102<>\"\",ORÇAMENTO.CustoUnitario>$AG102),AND(TIPOORCAMENTO=\"LICITADO\",ORÇAMENTO.PrecoUnitarioLicitado>$AN102)),\"ACIMA REF.\",\nIF(AND($C102=\"S\",$P102<>\"\",$Q102<>\"\",$T102=0,$U102>0),\"QUANT.\",\nIF(AND(Import.TipoArredondamento=\"TransfereGOV\",$L102=\"F\",$C102=\"S\",LEN($Q102)>13),\"Código >13\",\nIF(AND(Import.TipoArredondamento=\"TransfereGOV\",$L102=\"F\",$C102<>\"S\",LEN($R102)>100),\"Descrição >100\",\nIF(AND(Import.TipoArredondamento=\"TransfereGOV\",$L102=\"F\",$C102=\"S\",LEN($R102)>500),\"Descrição >500\",\nIF(AND(Import.TipoArredondamento=\"TransfereGOV\",$L102=\"F\",$C102=\"S\",LEFT(TRIM(UPPER($P102)),6)<>\"SINAPI\",ISNA(VLOOKUP(TRIM(UPPER($S102)),ListaTgov.Unidades,1,FALSE))),\"Unid. Não Disp\",\n\" \"))))))))))))))))","v":" "},{"$f":"IF(C102<=CRONO.NivelExibicao,MAX($AD$15:OFFSET(AD102,-1,0))+IF($C102<>1,1,MAX(1,COUNTIF(QCI!$A$13:$A$24,OFFSET($E102,-1,0)))),\"\")","v":""},{"$f":"IF(AND($C102=\"S\",ORÇAMENTO.CodBarra<>\"\"),IF(ORÇAMENTO.Fonte=\"\",ORÇAMENTO.CodBarra,CONCATENATE(ORÇAMENTO.Fonte,\" \",ORÇAMENTO.CodBarra)))","v":false},{"$f":"IF(ISERROR(ORÇAMENTO.BancoRef),\"(abra o arquivo 'Referência \"&Excel_BuiltIn_Database&\".xlsm)\",IF(OR($C102<>\"S\",ORÇAMENTO.CodBarra=\"\"),\"(Sem Código)\",IF(ISERROR(MATCH($AE102,INDIRECT(ORÇAMENTO.BancoRef),0)),\"(Código não identificado nas referências)\",MATCH($AE102,INDIRECT(ORÇAMENTO.BancoRef),0))))","v":"(Sem Código)"},{"$f":"ROUND(IF(DESONERACAO=\"sim\",REFERENCIA.Desonerado,REFERENCIA.NaoDesonerado),2)","v":0},0.25390000000000001,null,null,null,null,5414.25,{"$f":"ROUND(ORÇAMENTO.CustoUnitario*(1+$AH102),2)","v":0}]
["S",4,"S",0,{"$f":"IF($C103=1,OFFSET(E103,-1,0)+MAX(1,COUNTIF(QCI!$A$13:$A$24,OFFSET(ORÇAMENTO!E103,-1,0))),OFFSET(E103,-1,0))","v":1},7,5,2,1,0,{"$f":"IF(OR($C103=\"S\",$C103=0),0,MATCH(OFFSET($D103,0,$C103)+IF($C103<>1,1,COUNTIF(QCI!$A$13:$A$24,ORÇAMENTO!E103)),OFFSET($D103,1,$C103,ROW($C$237)-ROW($C103)),0))","v":0},"F","Serviço","Serviço","1.7.5.2.1.","SINAPI","88415",{"$f":"IF($C103=\"S\",REFERENCIA.Descricao,\"(digite a descrição aqui)\")","v":"APLICAÇÃO MANUAL DE FUNDO SELADOR ACRÍLICO EM PAREDES EXTERNAS DE CASAS. AF_03/2024"},{"$f":"REFERENCIA.Unidade","v":"M2"},{"$f":"OFFSET(CÁLCULO!H$15,ROW($T103)-ROW(T$15),0)","v":304},4.1500000000000004,"BDI 1",{"$f":"IF($C103=\"S\",ROUND(IF(TIPOORCAMENTO=\"Proposto\",ORÇAMENTO.CustoUnitario*(1+$AH103),ORÇAMENTO.PrecoUnitarioLicitado),15-13*$AF$10),0)","v":5.2},{"$f":"IF($C103=\"S\",IF(OR(Import.TipoArredondamento<>\"TransfereGOV\",ACOMPANHAMENTO=\"BM\"),VTOTAL1,SUM(OFFSET(CÁLCULO!$AQ$15,ROW($X103)-ROW($X$15),1):OFFSET(CÁLCULO!$BR$15,ROW($X103)-ROW($X$15),-1))),IF($C103=0,0,ROUND(SomaAgrup,15-13*$AF$11)))","v":1580.8000000000002},"RA","RA",{"$f":"IF($C103=\"S\",IF($Z103=\"CP\",$X103,IF($Z103=\"RA\",(($X103)*QCI!$AA$3),0)),SomaAgrup)","v":23.095497983469713},{"$f":"IF($C103=\"S\",IF($Z103=\"OU\",ROUND($X103,2),0),SomaAgrup)","v":0},{"$f":"IF($N103=\"\",\" \",\nIF(AND($C103<>\"S\",OR($R103=\"\",$R103=\"(digite a descrição aqui)\")),\"DESCRIÇÃO\",\nIF(AND($C103=\"S\",OR($Q103<>\"\",$T103>0,$U103>0),$P103=\"\"),\"FONTE\",\nIF(AND($C103=\"S\",$P103<>\"\",OR($T103>0,$U103>0),$Q103=\"\"),\"CÓDIGO\",\nIF(AND($C103=\"S\",$P103<>\"\",$Q103<>\"\",$R103=\"(Código não identificado nas referências)\"),\"CÓDIGO N/ID\",\nIF(AND($C103=\"S\",OR($R103=\"\",$R103=\"(digite a descrição aqui)\"),OR($Q103<>\"\",$T103>0,$U103>0)),\"DESCRIÇÃO\",\nIF(AND($C103=\"S\",$P103<>\"\",$Q103<>\"\",$S103=\"\"),\"UNIDADE\",\nIF(AND($C103=\"S\",$P103<>\"\",$Q103<>\"\",$U103=0),\"SEM CUSTO\",\nIF(AND(TIPOORCAMENTO=\"Licitado\",$AL103=0,$AN103>0),\"SEM PREÇO\",\nIF(AND($C103=\"S\",$P103<>\"\",$Q103<>\"\",$U103>0,AND($V103<>\"BDI 1\",$V103<>\"BDI 2\",$V103<>\"BDI 3\")),IF(ISNUMBER($V103),\"JUSTIFICAR BDI\",\"BDI\"),\nIF(OR(AND(import.recurso=\"OGU\",TIPOORCAMENTO=\"Proposto\",LEFT($O$8,5)<>\"(N/D:\",$AG103<>\"\",ORÇAMENTO.CustoUnitario>$AG103),AND(TIPOORCAMENTO=\"LICITADO\",ORÇAMENTO.PrecoUnitarioLicitado>$AN103)),\"ACIMA REF.\",\nIF(AND($C103=\"S\",$P103<>\"\",$Q103<>\"\",$T103=0,$U103>0),\"QUANT.\",\nIF(AND(Import.TipoArredondamento=\"TransfereGOV\",$L103=\"F\",$C103=\"S\",LEN($Q103)>13),\"Código >13\",\nIF(AND(Import.TipoArredondamento=\"TransfereGOV\",$L103=\"F\",$C103<>\"S\",LEN($R103)>100),\"Descrição >100\",\nIF(AND(Import.TipoArredondamento=\"TransfereGOV\",$L103=\"F\",$C103=\"S\",LEN($R103)>500),\"Descrição >500\",\nIF(AND(Import.TipoArredondamento=\"TransfereGOV\",$L103=\"F\",$C103=\"S\",LEFT(TRIM(UPPER($P103)),6)<>\"SINAPI\",ISNA(VLOOKUP(TRIM(UPPER($S103)),ListaTgov.Unidades,1,FALSE))),\"Unid. Não Disp\",\n\" \"))))))))))))))))","v":" "},{"$f":"IF(C103<=CRONO.NivelExibicao,MAX($AD$15:OFFSET(AD103,-1,0))+IF($C103<>1,1,MAX(1,COUNTIF(QCI!$A$13:$A$24,OFFSET($E103,-1,0)))),\"\")","v":""},{"$f":"IF(AND($C103=\"S\",ORÇAMENTO.CodBarra<>\"\"),IF(ORÇAMENTO.Fonte=\"\",ORÇAMENTO.CodBarra,CONCATENATE(ORÇAMENTO.Fonte,\" \",ORÇAMENTO.CodBarra)))","v":"SINAPI 88415"},{"$f":"IF(ISERROR(ORÇAMENTO.BancoRef),\"(abra o arquivo 'Referência \"&Excel_BuiltIn_Database&\".xlsm)\",IF(OR($C103<>\"S\",ORÇAMENTO.CodBarra=\"\"),\"(Sem Código)\",IF(ISERROR(MATCH($AE103,INDIRECT(ORÇAMENTO.BancoRef),0)),\"(Código não identificado nas referências)\",MATCH($AE103,INDIRECT(ORÇAMENTO.BancoRef),0))))","v":13810},{"$f":"ROUND(IF(DESONERACAO=\"sim\",REFERENCIA.Desonerado,REFERENCIA.NaoDesonerado),2)","v":4.78},0.25390000000000001,null,null,null,null,1580.8000000000002,{"$f":"ROUND(ORÇAMENTO.CustoUnitario*(1+$AH103),2)","v":5.2}]
["S",4,"S",0,{"$f":"IF($C104=1,OFFSET(E104,-1,0)+MAX(1,COUNTIF(QCI!$A$13:$A$24,OFFSET(ORÇAMENTO!E104,-1,0))),OFFSET(E104,-1,0))","v":1},7,5,2,2,0,{"$f":"IF(OR($C104=\"S\",$C104=0),0,MATCH(OFFSET($D104,0,$C104)+IF($C104<>1,1,COUNTIF(QCI!$A$13:$A$24,ORÇAMENTO!E104)),OFFSET($D104,1,$C104,ROW($C$237)-ROW($C104)),0))","v":0},"F","Serviço","Serviço","1.7.5.2.2.","SINAPI","104642",{"$f":"IF($C104=\"S\",REFERENCIA.Descricao,\"(digite a descrição aqui)\")","v":"PINTURA LÁTEX ACRÍLICA STANDARD, APLICAÇÃO MANUAL EM PAREDES, DUAS DEMÃOS. AF_04/2023"},{"$f":"REFERENCIA.Unidade","v":"M2"},{"$f":"OFFSET(CÁLCULO!H$15,ROW($T104)-ROW(T$15),0)","v":304},10.06,"BDI 1",{"$f":"IF($C104=\"S\",ROUND(IF(TIPOORCAMENTO=\"Proposto\",ORÇAMENTO.CustoUnitario*(1+$AH104),ORÇAMENTO.PrecoUnitarioLicitado),15-13*$AF$10),0)","v":12.61},{"$f":"IF($C104=\"S\",IF(OR(Import.TipoArredondamento<>\"TransfereGOV\",ACOMPANHAMENTO=\"BM\"),VTOTAL1,SUM(OFFSET(CÁLCULO!$AQ$15,ROW($X104)-ROW($X$15),1):OFFSET(CÁLCULO!$BR$15,ROW($X104)-ROW($X$15),-1))),IF($C104=0,0,ROUND(SomaAgrup,15-13*$AF$11)))","v":3833.4500000000003},"RA","RA",{"$f":"IF($C104=\"S\",IF($Z104=\"CP\",$X104,IF($Z104=\"RA\",(($X104)*QCI!$AA$3),0)),SomaAgrup)","v":56.006728709977203},{"$f":"IF($C104=\"S\",IF($Z104=\"OU\",ROUND($X104,2),0),SomaAgrup)","v":0},{"$f":"IF($N104=\"\",\" \",\nIF(AND($C104<>\"S\",OR($R104=\"\",$R104=\"(digite a descrição aqui)\")),\"DESCRIÇÃO\",\nIF(AND($C104=\"S\",OR($Q104<>\"\",$T104>0,$U104>0),$P104=\"\"),\"FONTE\",\nIF(AND($C104=\"S\",$P104<>\"\",OR($T104>0,$U104>0),$Q104=\"\"),\"CÓDIGO\",\nIF(AND($C104=\"S\",$P104<>\"\",$Q104<>\"\",$R104=\"(Código não identificado nas referências)\"),\"CÓDIGO N/ID\",\nIF(AND($C104=\"S\",OR($R104=\"\",$R104=\"(digite a descrição aqui)\"),OR($Q104<>\"\",$T104>0,$U104>0)),\"DESCRIÇÃO\",\nIF(AND($C104=\"S\",$P104<>\"\",$Q104<>\"\",$S104=\"\"),\"UNIDADE\",\nIF(AND($C104=\"S\",$P104<>\"\",$Q104<>\"\",$U104=0),\"SEM CUSTO\",\nIF(AND(TIPOORCAMENTO=\"Licitado\",$AL104=0,$AN104>0),\"SEM PREÇO\",\nIF(AND($C104=\"S\",$P104<>\"\",$Q104<>\"\",$U104>0,AND($V104<>\"BDI 1\",$V104<>\"BDI 2\",$V104<>\"BDI 3\")),IF(ISNUMBER($V104),\"JUSTIFICAR BDI\",\"BDI\"),\nIF(OR(AND(import.recurso=\"OGU\",TIPOORCAMENTO=\"Proposto\",LEFT($O$8,5)<>\"(N/D:\",$AG104<>\"\",ORÇAMENTO.CustoUnitario>$AG104),AND(TIPOORCAMENTO=\"LICITADO\",ORÇAMENTO.PrecoUnitarioLicitado>$AN104)),\"ACIMA REF.\",\nIF(AND($C104=\"S\",$P104<>\"\",$Q104<>\"\",$T104=0,$U104>0),\"QUANT.\",\nIF(AND(Import.TipoArredondamento=\"TransfereGOV\",$L104=\"F\",$C104=\"S\",LEN($Q104)>13),\"Código >13\",\nIF(AND(Import.TipoArredondamento=\"TransfereGOV\",$L104=\"F\",$C104<>\"S\",LEN($R104)>100),\"Descrição >100\",\nIF(AND(Import.TipoArredondamento=\"TransfereGOV\",$L104=\"F\",$C104=\"S\",LEN($R104)>500),\"Descrição >500\",\nIF(AND(Import.TipoArredondamento=\"TransfereGOV\",$L104=\"F\",$C104=\"S\",LEFT(TRIM(UPPER($P104)),6)<>\"SINAPI\",ISNA(VLOOKUP(TRIM(UPPER($S104)),ListaTgov.Unidades,1,FALSE))),\"Unid. Não Disp\",\n\" \"))))))))))))))))","v":" "},{"$f":"IF(C104<=CRONO.NivelExibicao,MAX($AD$15:OFFSET(AD104,-1,0))+IF($C104<>1,1,MAX(1,COUNTIF(QCI!$A$13:$A$24,OFFSET($E104,-1,0)))),\"\")","v":""},{"$f":"IF(AND($C104=\"S\",ORÇAMENTO.CodBarra<>\"\"),IF(ORÇAMENTO.Fonte=\"\",ORÇAMENTO.CodBarra,CONCATENATE(ORÇAMENTO.Fonte,\" \",ORÇAMENTO.CodBarra)))","v":"SINAPI 104642"},{"$f":"IF(ISERROR(ORÇAMENTO.BancoRef),\"(abra o arquivo 'Referência \"&Excel_BuiltIn_Database&\".xlsm)\",IF(OR($C104<>\"S\",ORÇAMENTO.CodBarra=\"\"),\"(Sem Código)\",IF(ISERROR(MATCH($AE104,INDIRECT(ORÇAMENTO.BancoRef),0)),\"(Código não identificado nas referências)\",MATCH($AE104,INDIRECT(ORÇAMENTO.BancoRef),0))))","v":13857},{"$f":"ROUND(IF(DESONERACAO=\"sim\",REFERENCIA.Desonerado,REFERENCIA.NaoDesonerado),2)","v":11.57},0.25390000000000001,null,null,null,null,3833.4500000000003,{"$f":"ROUND(ORÇAMENTO.CustoUnitario*(1+$AH104),2)","v":12.61}]
[4,4,4,4,{"$f":"IF($C105=1,OFFSET(E105,-1,0)+MAX(1,COUNTIF(QCI!$A$13:$A$24,OFFSET(ORÇAMENTO!E105,-1,0))),OFFSET(E105,-1,0))","v":1},7,5,3,0,4,{"$f":"IF(OR($C105=\"S\",$C105=0),0,MATCH(OFFSET($D105,0,$C105)+IF($C105<>1,1,COUNTIF(QCI!$A$13:$A$24,ORÇAMENTO!E105)),OFFSET($D105,1,$C105,ROW($C$237)-ROW($C105)),0))","v":79},"F","Nível 4","Nível 4","1.7.5.3.","","","PINTURA ESQUADRIAS",null,{"$f":"OFFSET(CÁLCULO!H$15,ROW($T105)-ROW(T$15),0)","v":0},0,"BDI 1",{"$f":"IF($C105=\"S\",ROUND(IF(TIPOORCAMENTO=\"Proposto\",ORÇAMENTO.CustoUnitario*(1+$AH105),ORÇAMENTO.PrecoUnitarioLicitado),15-13*$AF$10),0)","v":0},{"$f":"IF($C105=\"S\",IF(OR(Import.TipoArredondamento<>\"TransfereGOV\",ACOMPANHAMENTO=\"BM\"),VTOTAL1,SUM(OFFSET(CÁLCULO!$AQ$15,ROW($X105)-ROW($X$15),1):OFFSET(CÁLCULO!$BR$15,ROW($X105)-ROW($X$15),-1))),IF($C105=0,0,ROUND(SomaAgrup,15-13*$AF$11)))","v":5059.95},"RA","",{"$f":"IF($C105=\"S\",IF($Z105=\"CP\",$X105,IF($Z105=\"RA\",(($X105)*QCI!$AA$3),0)),SomaAgrup)","v":73.925901455881558},{"$f":"IF($C105=\"S\",IF($Z105=\"OU\",ROUND($X105,2),0),SomaAgrup)","v":0},{"$f":"IF($N105=\"\",\" \",\nIF(AND($C105<>\"S\",OR($R105=\"\",$R105=\"(digite a descrição aqui)\")),\"DESCRIÇÃO\",\nIF(AND($C105=\"S\",OR($Q105<>\"\",$T105>0,$U105>0),$P105=\"\"),\"FONTE\",\nIF(AND($C105=\"S\",$P105<>\"\",OR($T105>0,$U105>0),$Q105=\"\"),\"CÓDIGO\",\nIF(AND($C105=\"S\",$P105<>\"\",$Q105<>\"\",$R105=\"(Código não identificado nas referências)\"),\"CÓDIGO N/ID\",\nIF(AND($C105=\"S\",OR($R105=\"\",$R105=\"(digite a descrição aqui)\"),OR($Q105<>\"\",$T105>0,$U105>0)),\"DESCRIÇÃO\",\nIF(AND($C105=\"S\",$P105<>\"\",$Q105<>\"\",$S105=\"\"),\"UNIDADE\",\nIF(AND($C105=\"S\",$P105<>\"\",$Q105<>\"\",$U105=0),\"SEM CUSTO\",\nIF(AND(TIPOORCAMENTO=\"Licitado\",$AL105=0,$AN105>0),\"SEM PREÇO\",\nIF(AND($C105=\"S\",$P105<>\"\",$Q105<>\"\",$U105>0,AND($V105<>\"BDI 1\",$V105<>\"BDI 2\",$V105<>\"BDI 3\")),IF(ISNUMBER($V105),\"JUSTIFICAR BDI\",\"BDI\"),\nIF(OR(AND(import.recurso=\"OGU\",TIPOORCAMENTO=\"Proposto\",LEFT($O$8,5)<>\"(N/D:\",$AG105<>\"\",ORÇAMENTO.CustoUnitario>$AG105),AND(TIPOORCAMENTO=\"LICITADO\",ORÇAMENTO.PrecoUnitarioLicitado>$AN105)),\"ACIMA REF.\",\nIF(AND($C105=\"S\",$P105<>\"\",$Q105<>\"\",$T105=0,$U105>0),\"QUANT.\",\nIF(AND(Import.TipoArredondamento=\"TransfereGOV\",$L105=\"F\",$C105=\"S\",LEN($Q105)>13),\"Código >13\",\nIF(AND(Import.TipoArredondamento=\"TransfereGOV\",$L105=\"F\",$C105<>\"S\",LEN($R105)>100),\"Descrição >100\",\nIF(AND(Import.TipoArredondamento=\"TransfereGOV\",$L105=\"F\",$C105=\"S\",LEN($R105)>500),\"Descrição >500\",\nIF(AND(Import.TipoArredondamento=\"TransfereGOV\",$L105=\"F\",$C105=\"S\",LEFT(TRIM(UPPER($P105)),6)<>\"SINAPI\",ISNA(VLOOKUP(TRIM(UPPER($S105)),ListaTgov.Unidades,1,FALSE))),\"Unid. Não Disp\",\n\" \"))))))))))))))))","v":" "},{"$f":"IF(C105<=CRONO.NivelExibicao,MAX($AD$15:OFFSET(AD105,-1,0))+IF($C105<>1,1,MAX(1,COUNTIF(QCI!$A$13:$A$24,OFFSET($E105,-1,0)))),\"\")","v":""},{"$f":"IF(AND($C105=\"S\",ORÇAMENTO.CodBarra<>\"\"),IF(ORÇAMENTO.Fonte=\"\",ORÇAMENTO.CodBarra,CONCATENATE(ORÇAMENTO.Fonte,\" \",ORÇAMENTO.CodBarra)))","v":false},{"$f":"IF(ISERROR(ORÇAMENTO.BancoRef),\"(abra o arquivo 'Referência \"&Excel_BuiltIn_Database&\".xlsm)\",IF(OR($C105<>\"S\",ORÇAMENTO.CodBarra=\"\"),\"(Sem Código)\",IF(ISERROR(MATCH($AE105,INDIRECT(ORÇAMENTO.BancoRef),0)),\"(Código não identificado nas referências)\",MATCH($AE105,INDIRECT(ORÇAMENTO.BancoRef),0))))","v":"(Sem Código)"},{"$f":"ROUND(IF(DESONERACAO=\"sim\",REFERENCIA.Desonerado,REFERENCIA.NaoDesonerado),2)","v":0},0.25390000000000001,null,null,null,null,5059.95,{"$f":"ROUND(ORÇAMENTO.CustoUnitario*(1+$AH105),2)","v":0}]
["S",4,"S",0,{"$f":"IF($C106=1,OFFSET(E106,-1,0)+MAX(1,COUNTIF(QCI!$A$13:$A$24,OFFSET(ORÇAMENTO!E106,-1,0))),OFFSET(E106,-1,0))","v":1},7,5,3,1,0,{"$f":"IF(OR($C106=\"S\",$C106=0),0,MATCH(OFFSET($D106,0,$C106)+IF($C106<>1,1,COUNTIF(QCI!$A$13:$A$24,ORÇAMENTO!E106)),OFFSET($D106,1,$C106,ROW($C$237)-ROW($C106)),0))","v":0},"F","Serviço","Serviço","1.7.5.3.1.","SINAPI","102193",{"$f":"IF($C106=\"S\",REFERENCIA.Descricao,\"(digite a descrição aqui)\")","v":"LIXAMENTO DE MADEIRA PARA APLICAÇÃO DE FUNDO OU PINTURA. AF_01/2021"},{"$f":"REFERENCIA.Unidade","v":"M2"},{"$f":"OFFSET(CÁLCULO!H$15,ROW($T106)-ROW(T$15),0)","v":105},2.2000000000000002,"BDI 1",{"$f":"IF($C106=\"S\",ROUND(IF(TIPOORCAMENTO=\"Proposto\",ORÇAMENTO.CustoUnitario*(1+$AH106),ORÇAMENTO.PrecoUnitarioLicitado),15-13*$AF$10),0)","v":2.76},{"$f":"IF($C106=\"S\",IF(OR(Import.TipoArredondamento<>\"TransfereGOV\",ACOMPANHAMENTO=\"BM\"),VTOTAL1,SUM(OFFSET(CÁLCULO!$AQ$15,ROW($X106)-ROW($X$15),1):OFFSET(CÁLCULO!$BR$15,ROW($X106)-ROW($X$15),-1))),IF($C106=0,0,ROUND(SomaAgrup,15-13*$AF$11)))","v":289.8},"RA","RA",{"$f":"IF($C106=\"S\",IF($Z106=\"CP\",$X106,IF($Z106=\"RA\",(($X106)*QCI!$AA$3),0)),SomaAgrup)","v":4.2339798302185745},{"$f":"IF($C106=\"S\",IF($Z106=\"OU\",ROUND($X106,2),0),SomaAgrup)","v":0},{"$f":"IF($N106=\"\",\" \",\nIF(AND($C106<>\"S\",OR($R106=\"\",$R106=\"(digite a descrição aqui)\")),\"DESCRIÇÃO\",\nIF(AND($C106=\"S\",OR($Q106<>\"\",$T106>0,$U106>0),$P106=\"\"),\"FONTE\",\nIF(AND($C106=\"S\",$P106<>\"\",OR($T106>0,$U106>0),$Q106=\"\"),\"CÓDIGO\",\nIF(AND($C106=\"S\",$P106<>\"\",$Q106<>\"\",$R106=\"(Código não identificado nas referências)\"),\"CÓDIGO N/ID\",\nIF(AND($C106=\"S\",OR($R106=\"\",$R106=\"(digite a descrição aqui)\"),OR($Q106<>\"\",$T106>0,$U106>0)),\"DESCRIÇÃO\",\nIF(AND($C106=\"S\",$P106<>\"\",$Q106<>\"\",$S106=\"\"),\"UNIDADE\",\nIF(AND($C106=\"S\",$P106<>\"\",$Q106<>\"\",$U106=0),\"SEM CUSTO\",\nIF(AND(TIPOORCAMENTO=\"Licitado\",$AL106=0,$AN106>0),\"SEM PREÇO\",\nIF(AND($C106=\"S\",$P106<>\"\",$Q106<>\"\",$U106>0,AND($V106<>\"BDI 1\",$V106<>\"BDI 2\",$V106<>\"BDI 3\")),IF(ISNUMBER($V106),\"JUSTIFICAR BDI\",\"BDI\"),\nIF(OR(AND(import.recurso=\"OGU\",TIPOORCAMENTO=\"Proposto\",LEFT($O$8,5)<>\"(N/D:\",$AG106<>\"\",ORÇAMENTO.CustoUnitario>$AG106),AND(TIPOORCAMENTO=\"LICITADO\",ORÇAMENTO.PrecoUnitarioLicitado>$AN106)),\"ACIMA REF.\",\nIF(AND($C106=\"S\",$P106<>\"\",$Q106<>\"\",$T106=0,$U106>0),\"QUANT.\",\nIF(AND(Import.TipoArredondamento=\"TransfereGOV\",$L106=\"F\",$C106=\"S\",LEN($Q106)>13),\"Código >13\",\nIF(AND(Import.TipoArredondamento=\"TransfereGOV\",$L106=\"F\",$C106<>\"S\",LEN($R106)>100),\"Descrição >100\",\nIF(AND(Import.TipoArredondamento=\"TransfereGOV\",$L106=\"F\",$C106=\"S\",LEN($R106)>500),\"Descrição >500\",\nIF(AND(Import.TipoArredondamento=\"TransfereGOV\",$L106=\"F\",$C106=\"S\",LEFT(TRIM(UPPER($P106)),6)<>\"SINAPI\",ISNA(VLOOKUP(TRIM(UPPER($S106)),ListaTgov.Unidades,1,FALSE))),\"Unid. Não Disp\",\n\" \"))))))))))))))))","v":" "},{"$f":"IF(C106<=CRONO.NivelExibicao,MAX($AD$15:OFFSET(AD106,-1,0))+IF($C106<>1,1,MAX(1,COUNTIF(QCI!$A$13:$A$24,OFFSET($E106,-1,0)))),\"\")","v":""},{"$f":"IF(AND($C106=\"S\",ORÇAMENTO.CodBarra<>\"\"),IF(ORÇAMENTO.Fonte=\"\",ORÇAMENTO.CodBarra,CONCATENATE(ORÇAMENTO.Fonte,\" \",ORÇAMENTO.CodBarra)))","v":"SINAPI 102193"},{"$f":"IF(ISERROR(ORÇAMENTO.BancoRef),\"(abra o arquivo 'Referência \"&Excel_BuiltIn_Database&\".xlsm)\",IF(OR($C106<>\"S\",ORÇAMENTO.CodBarra=\"\"),\"(Sem Código)\",IF(ISERROR(MATCH($AE106,INDIRECT(ORÇAMENTO.BancoRef),0)),\"(Código não identificado nas referências)\",MATCH($AE106,INDIRECT(ORÇAMENTO.BancoRef),0))))","v":13864},{"$f":"ROUND(IF(DESONERACAO=\"sim\",REFERENCIA.Desonerado,REFERENCIA.NaoDesonerado),2)","v":2.54},0.25390000000000001,null,null,null,null,289.8,{"$f":"ROUND(ORÇAMENTO.CustoUnitario*(1+$AH106),2)","v":2.76}]
["S",4,"S",0,{"$f":"IF($C107=1,OFFSET(E107,-1,0)+MAX(1,COUNTIF(QCI!$A$13:$A$24,OFFSET(ORÇAMENTO!E107,-1,0))),OFFSET(E107,-1,0))","v":1},7,5,3,2,0,{"$f":"IF(OR($C107=\"S\",$C107=0),0,MATCH(OFFSET($D107,0,$C107)+IF($C107<>1,1,COUNTIF(QCI!$A$13:$A$24,ORÇAMENTO!E107)),OFFSET($D107,1,$C107,ROW($C$237)-ROW($C107)),0))","v":0},"F","Serviço","Serviço","1.7.5.3.2.","Composição","102198_ADP-01",{"$f":"IF($C107=\"S\",REFERENCIA.Descricao,\"(digite a descrição aqui)\")","v":"PINTURA FUNDO NIVELADOR ACRÍLICO BRANCO EM MADEIRA. AF_01/2021"},"M2",{"$f":"OFFSET(CÁLCULO!H$15,ROW($T107)-ROW(T$15),0)","v":105},19.190000000000001,"BDI 1",{"$f":"IF($C107=\"S\",ROUND(IF(TIPOORCAMENTO=\"Proposto\",ORÇAMENTO.CustoUnitario*(1+$AH107),ORÇAMENTO.PrecoUnitarioLicitado),15-13*$AF$10),0)","v":24.06},{"$f":"IF($C107=\"S\",IF(OR(Import.TipoArredondamento<>\"TransfereGOV\",ACOMPANHAMENTO=\"BM\"),VTOTAL1,SUM(OFFSET(CÁLCULO!$AQ$15,ROW($X107)-ROW($X$15),1):OFFSET(CÁLCULO!$BR$15,ROW($X107)-ROW($X$15),-1))),IF($C107=0,0,ROUND(SomaAgrup,15-13*$AF$11)))","v":2526.3000000000002},"RA","RA",{"$f":"IF($C107=\"S\",IF($Z107=\"CP\",$X107,IF($Z107=\"RA\",(($X107)*QCI!$AA$3),0)),SomaAgrup)","v":36.909258954731484},{"$f":"IF($C107=\"S\",IF($Z107=\"OU\",ROUND($X107,2),0),SomaAgrup)","v":0},{"$f":"IF($N107=\"\",\" \",\nIF(AND($C107<>\"S\",OR($R107=\"\",$R107=\"(digite a descrição aqui)\")),\"DESCRIÇÃO\",\nIF(AND($C107=\"S\",OR($Q107<>\"\",$T107>0,$U107>0),$P107=\"\"),\"FONTE\",\nIF(AND($C107=\"S\",$P107<>\"\",OR($T107>0,$U107>0),$Q107=\"\"),\"CÓDIGO\",\nIF(AND($C107=\"S\",$P107<>\"\",$Q107<>\"\",$R107=\"(Código não identificado nas referências)\"),\"CÓDIGO N/ID\",\nIF(AND($C107=\"S\",OR($R107=\"\",$R107=\"(digite a descrição aqui)\"),OR($Q107<>\"\",$T107>0,$U107>0)),\"DESCRIÇÃO\",\nIF(AND($C107=\"S\",$P107<>\"\",$Q107<>\"\",$S107=\"\"),\"UNIDADE\",\nIF(AND($C107=\"S\",$P107<>\"\",$Q107<>\"\",$U107=0),\"SEM CUSTO\",\nIF(AND(TIPOORCAMENTO=\"Licitado\",$AL107=0,$AN107>0),\"SEM PREÇO\",\nIF(AND($C107=\"S\",$P107<>\"\",$Q107<>\"\",$U107>0,AND($V107<>\"BDI 1\",$V107<>\"BDI 2\",$V107<>\"BDI 3\")),IF(ISNUMBER($V107),\"JUSTIFICAR BDI\",\"BDI\"),\nIF(OR(AND(import.recurso=\"OGU\",TIPOORCAMENTO=\"Proposto\",LEFT($O$8,5)<>\"(N/D:\",$AG107<>\"\",ORÇAMENTO.CustoUnitario>$AG107),AND(TIPOORCAMENTO=\"LICITADO\",ORÇAMENTO.PrecoUnitarioLicitado>$AN107)),\"ACIMA REF.\",\nIF(AND($C107=\"S\",$P107<>\"\",$Q107<>\"\",$T107=0,$U107>0),\"QUANT.\",\nIF(AND(Import.TipoArredondamento=\"TransfereGOV\",$L107=\"F\",$C107=\"S\",LEN($Q107)>13),\"Código >13\",\nIF(AND(Import.TipoArredondamento=\"TransfereGOV\",$L107=\"F\",$C107<>\"S\",LEN($R107)>100),\"Descrição >100\",\nIF(AND(Import.TipoArredondamento=\"TransfereGOV\",$L107=\"F\",$C107=\"S\",LEN($R107)>500),\"Descrição >500\",\nIF(AND(Import.TipoArredondamento=\"TransfereGOV\",$L107=\"F\",$C107=\"S\",LEFT(TRIM(UPPER($P107)),6)<>\"SINAPI\",ISNA(VLOOKUP(TRIM(UPPER($S107)),ListaTgov.Unidades,1,FALSE))),\"Unid. Não Disp\",\n\" \"))))))))))))))))","v":" "},{"$f":"IF(C107<=CRONO.NivelExibicao,MAX($AD$15:OFFSET(AD107,-1,0))+IF($C107<>1,1,MAX(1,COUNTIF(QCI!$A$13:$A$24,OFFSET($E107,-1,0)))),\"\")","v":""},{"$f":"IF(AND($C107=\"S\",ORÇAMENTO.CodBarra<>\"\"),IF(ORÇAMENTO.Fonte=\"\",ORÇAMENTO.CodBarra,CONCATENATE(ORÇAMENTO.Fonte,\" \",ORÇAMENTO.CodBarra)))","v":"Composição 102198_ADP-01"},{"$f":"IF(ISERROR(ORÇAMENTO.BancoRef),\"(abra o arquivo 'Referência \"&Excel_BuiltIn_Database&\".xlsm)\",IF(OR($C107<>\"S\",ORÇAMENTO.CodBarra=\"\"),\"(Sem Código)\",IF(ISERROR(MATCH($AE107,INDIRECT(ORÇAMENTO.BancoRef),0)),\"(Código não identificado nas referências)\",MATCH($AE107,INDIRECT(ORÇAMENTO.BancoRef),0))))","v":21},{"$f":"ROUND(IF(DESONERACAO=\"sim\",REFERENCIA.Desonerado,REFERENCIA.NaoDesonerado),2)","v":22.07},0.25390000000000001,null,null,null,null,2526.3000000000002,{"$f":"ROUND(ORÇAMENTO.CustoUnitario*(1+$AH107),2)","v":24.06}]
["S",4,"S",0,{"$f":"IF($C108=1,OFFSET(E108,-1,0)+MAX(1,COUNTIF(QCI!$A$13:$A$24,OFFSET(ORÇAMENTO!E108,-1,0))),OFFSET(E108,-1,0))","v":1},7,5,3,3,0,{"$f":"IF(OR($C108=\"S\",$C108=0),0,MATCH(OFFSET($D108,0,$C108)+IF($C108<>1,1,COUNTIF(QCI!$A$13:$A$24,ORÇAMENTO!E108)),OFFSET($D108,1,$C108,ROW($C$237)-ROW($C108)),0))","v":0},"F","Serviço","Serviço","1.7.5.3.3.","SINAPI","102219",{"$f":"IF($C108=\"S\",REFERENCIA.Descricao,\"(digite a descrição aqui)\")","v":"PINTURA TINTA DE ACABAMENTO (PIGMENTADA) ESMALTE SINTÉTICO ACETINADO EM MADEIRA, 2 DEMÃOS. AF_01/2021"},{"$f":"REFERENCIA.Unidade","v":"M2"},{"$f":"OFFSET(CÁLCULO!H$15,ROW($T108)-ROW(T$15),0)","v":105},17.04,"BDI 1",{"$f":"IF($C108=\"S\",ROUND(IF(TIPOORCAMENTO=\"Proposto\",ORÇAMENTO.CustoUnitario*(1+$AH108),ORÇAMENTO.PrecoUnitarioLicitado),15-13*$AF$10),0)","v":21.37},{"$f":"IF($C108=\"S\",IF(OR(Import.TipoArredondamento<>\"TransfereGOV\",ACOMPANHAMENTO=\"BM\"),VTOTAL1,SUM(OFFSET(CÁLCULO!$AQ$15,ROW($X108)-ROW($X$15),1):OFFSET(CÁLCULO!$BR$15,ROW($X108)-ROW($X$15),-1))),IF($C108=0,0,ROUND(SomaAgrup,15-13*$AF$11)))","v":2243.85},"RA","RA",{"$f":"IF($C108=\"S\",IF($Z108=\"CP\",$X108,IF($Z108=\"RA\",(($X108)*QCI!$AA$3),0)),SomaAgrup)","v":32.782662670931494},{"$f":"IF($C108=\"S\",IF($Z108=\"OU\",ROUND($X108,2),0),SomaAgrup)","v":0},{"$f":"IF($N108=\"\",\" \",\nIF(AND($C108<>\"S\",OR($R108=\"\",$R108=\"(digite a descrição aqui)\")),\"DESCRIÇÃO\",\nIF(AND($C108=\"S\",OR($Q108<>\"\",$T108>0,$U108>0),$P108=\"\"),\"FONTE\",\nIF(AND($C108=\"S\",$P108<>\"\",OR($T108>0,$U108>0),$Q108=\"\"),\"CÓDIGO\",\nIF(AND($C108=\"S\",$P108<>\"\",$Q108<>\"\",$R108=\"(Código não identificado nas referências)\"),\"CÓDIGO N/ID\",\nIF(AND($C108=\"S\",OR($R108=\"\",$R108=\"(digite a descrição aqui)\"),OR($Q108<>\"\",$T108>0,$U108>0)),\"DESCRIÇÃO\",\nIF(AND($C108=\"S\",$P108<>\"\",$Q108<>\"\",$S108=\"\"),\"UNIDADE\",\nIF(AND($C108=\"S\",$P108<>\"\",$Q108<>\"\",$U108=0),\"SEM CUSTO\",\nIF(AND(TIPOORCAMENTO=\"Licitado\",$AL108=0,$AN108>0),\"SEM PREÇO\",\nIF(AND($C108=\"S\",$P108<>\"\",$Q108<>\"\",$U108>0,AND($V108<>\"BDI 1\",$V108<>\"BDI 2\",$V108<>\"BDI 3\")),IF(ISNUMBER($V108),\"JUSTIFICAR BDI\",\"BDI\"),\nIF(OR(AND(import.recurso=\"OGU\",TIPOORCAMENTO=\"Proposto\",LEFT($O$8,5)<>\"(N/D:\",$AG108<>\"\",ORÇAMENTO.CustoUnitario>$AG108),AND(TIPOORCAMENTO=\"LICITADO\",ORÇAMENTO.PrecoUnitarioLicitado>$AN108)),\"ACIMA REF.\",\nIF(AND($C108=\"S\",$P108<>\"\",$Q108<>\"\",$T108=0,$U108>0),\"QUANT.\",\nIF(AND(Import.TipoArredondamento=\"TransfereGOV\",$L108=\"F\",$C108=\"S\",LEN($Q108)>13),\"Código >13\",\nIF(AND(Import.TipoArredondamento=\"TransfereGOV\",$L108=\"F\",$C108<>\"S\",LEN($R108)>100),\"Descrição >100\",\nIF(AND(Import.TipoArredondamento=\"TransfereGOV\",$L108=\"F\",$C108=\"S\",LEN($R108)>500),\"Descrição >500\",\nIF(AND(Import.TipoArredondamento=\"TransfereGOV\",$L108=\"F\",$C108=\"S\",LEFT(TRIM(UPPER($P108)),6)<>\"SINAPI\",ISNA(VLOOKUP(TRIM(UPPER($S108)),ListaTgov.Unidades,1,FALSE))),\"Unid. Não Disp\",\n\" \"))))))))))))))))","v":" "},{"$f":"IF(C108<=CRONO.NivelExibicao,MAX($AD$15:OFFSET(AD108,-1,0))+IF($C108<>1,1,MAX(1,COUNTIF(QCI!$A$13:$A$24,OFFSET($E108,-1,0)))),\"\")","v":""},{"$f":"IF(AND($C108=\"S\",ORÇAMENTO.CodBarra<>\"\"),IF(ORÇAMENTO.Fonte=\"\",ORÇAMENTO.CodBarra,CONCATENATE(ORÇAMENTO.Fonte,\" \",ORÇAMENTO.CodBarra)))","v":"SINAPI 102219"},{"$f":"IF(ISERROR(ORÇAMENTO.BancoRef),\"(abra o arquivo 'Referência \"&Excel_BuiltIn_Database&\".xlsm)\",IF(OR($C108<>\"S\",ORÇAMENTO.CodBarra=\"\"),\"(Sem Código)\",IF(ISERROR(MATCH($AE108,INDIRECT(ORÇAMENTO.BancoRef),0)),\"(Código não identificado nas referências)\",MATCH($AE108,INDIRECT(ORÇAMENTO.BancoRef),0))))","v":13880},{"$f":"ROUND(IF(DESONERACAO=\"sim\",REFERENCIA.Desonerado,REFERENCIA.NaoDesonerado),2)","v":19.600000000000001},0.25390000000000001,null,null,null,null,2243.85,{"$f":"ROUND(ORÇAMENTO.CustoUnitario*(1+$AH108),2)","v":21.37}]
[2,2,2,18,{"$f":"IF($C109=1,OFFSET(E109,-1,0)+MAX(1,COUNTIF(QCI!$A$13:$A$24,OFFSET(ORÇAMENTO!E109,-1,0))),OFFSET(E109,-1,0))","v":1},8,0,0,0,128,{"$f":"IF(OR($C109=\"S\",$C109=0),0,MATCH(OFFSET($D109,0,$C109)+IF($C109<>1,1,COUNTIF(QCI!$A$13:$A$24,ORÇAMENTO!E109)),OFFSET($D109,1,$C109,ROW($C$237)-ROW($C109)),0))","v":18},"F","Nível 2","Nível 2","1.8.","","","PAVIMENTAÇÕES",null,{"$f":"OFFSET(CÁLCULO!H$15,ROW($T109)-ROW(T$15),0)","v":0},0,"BDI 1",{"$f":"IF($C109=\"S\",ROUND(IF(TIPOORCAMENTO=\"Proposto\",ORÇAMENTO.CustoUnitario*(1+$AH109),ORÇAMENTO.PrecoUnitarioLicitado),15-13*$AF$10),0)","v":0},{"$f":"IF($C109=\"S\",IF(OR(Import.TipoArredondamento<>\"TransfereGOV\",ACOMPANHAMENTO=\"BM\"),VTOTAL1,SUM(OFFSET(CÁLCULO!$AQ$15,ROW($X109)-ROW($X$15),1):OFFSET(CÁLCULO!$BR$15,ROW($X109)-ROW($X$15),-1))),IF($C109=0,0,ROUND(SomaAgrup,15-13*$AF$11)))","v":58833.95},"RA","",{"$f":"IF($C109=\"S\",IF($Z109=\"CP\",$X109,IF($Z109=\"RA\",(($X109)*QCI!$AA$3),0)),SomaAgrup)","v":859.56438106310588},{"$f":"IF($C109=\"S\",IF($Z109=\"OU\",ROUND($X109,2),0),SomaAgrup)","v":0},{"$f":"IF($N109=\"\",\" \",\nIF(AND($C109<>\"S\",OR($R109=\"\",$R109=\"(digite a descrição aqui)\")),\"DESCRIÇÃO\",\nIF(AND($C109=\"S\",OR($Q109<>\"\",$T109>0,$U109>0),$P109=\"\"),\"FONTE\",\nIF(AND($C109=\"S\",$P109<>\"\",OR($T109>0,$U109>0),$Q109=\"\"),\"CÓDIGO\",\nIF(AND($C109=\"S\",$P109<>\"\",$Q109<>\"\",$R109=\"(Código não identificado nas referências)\"),\"CÓDIGO N/ID\",\nIF(AND($C109=\"S\",OR($R109=\"\",$R109=\"(digite a descrição aqui)\"),OR($Q109<>\"\",$T109>0,$U109>0)),\"DESCRIÇÃO\",\nIF(AND($C109=\"S\",$P109<>\"\",$Q109<>\"\",$S109=\"\"),\"UNIDADE\",\nIF(AND($C109=\"S\",$P109<>\"\",$Q109<>\"\",$U109=0),\"SEM CUSTO\",\nIF(AND(TIPOORCAMENTO=\"Licitado\",$AL109=0,$AN109>0),\"SEM PREÇO\",\nIF(AND($C109=\"S\",$P109<>\"\",$Q109<>\"\",$U109>0,AND($V109<>\"BDI 1\",$V109<>\"BDI 2\",$V109<>\"BDI 3\")),IF(ISNUMBER($V109),\"JUSTIFICAR BDI\",\"BDI\"),\nIF(OR(AND(import.recurso=\"OGU\",TIPOORCAMENTO=\"Proposto\",LEFT($O$8,5)<>\"(N/D:\",$AG109<>\"\",ORÇAMENTO.CustoUnitario>$AG109),AND(TIPOORCAMENTO=\"LICITADO\",ORÇAMENTO.PrecoUnitarioLicitado>$AN109)),\"ACIMA REF.\",\nIF(AND($C109=\"S\",$P109<>\"\",$Q109<>\"\",$T109=0,$U109>0),\"QUANT.\",\nIF(AND(Import.TipoArredondamento=\"TransfereGOV\",$L109=\"F\",$C109=\"S\",LEN($Q109)>13),\"Código >13\",\nIF(AND(Import.TipoArredondamento=\"TransfereGOV\",$L109=\"F\",$C109<>\"S\",LEN($R109)>100),\"Descrição >100\",\nIF(AND(Import.TipoArredondamento=\"TransfereGOV\",$L109=\"F\",$C109=\"S\",LEN($R109)>500),\"Descrição >500\",\nIF(AND(Import.TipoArredondamento=\"TransfereGOV\",$L109=\"F\",$C109=\"S\",LEFT(TRIM(UPPER($P109)),6)<>\"SINAPI\",ISNA(VLOOKUP(TRIM(UPPER($S109)),ListaTgov.Unidades,1,FALSE))),\"Unid. Não Disp\",\n\" \"))))))))))))))))","v":" "},{"$f":"IF(C109<=CRONO.NivelExibicao,MAX($AD$15:OFFSET(AD109,-1,0))+IF($C109<>1,1,MAX(1,COUNTIF(QCI!$A$13:$A$24,OFFSET($E109,-1,0)))),\"\")","v":9},{"$f":"IF(AND($C109=\"S\",ORÇAMENTO.CodBarra<>\"\"),IF(ORÇAMENTO.Fonte=\"\",ORÇAMENTO.CodBarra,CONCATENATE(ORÇAMENTO.Fonte,\" \",ORÇAMENTO.CodBarra)))","v":false},{"$f":"IF(ISERROR(ORÇAMENTO.BancoRef),\"(abra o arquivo 'Referência \"&Excel_BuiltIn_Database&\".xlsm)\",IF(OR($C109<>\"S\",ORÇAMENTO.CodBarra=\"\"),\"(Sem Código)\",IF(ISERROR(MATCH($AE109,INDIRECT(ORÇAMENTO.BancoRef),0)),\"(Código não identificado nas referências)\",MATCH($AE109,INDIRECT(ORÇAMENTO.BancoRef),0))))","v":"(Sem Código)"},{"$f":"ROUND(IF(DESONERACAO=\"sim\",REFERENCIA.Desonerado,REFERENCIA.NaoDesonerado),2)","v":0},0.25390000000000001,null,null,null,null,58833.95,{"$f":"ROUND(ORÇAMENTO.CustoUnitario*(1+$AH109),2)","v":0}]
[3,3,3,10,{"$f":"IF($C110=1,OFFSET(E110,-1,0)+MAX(1,COUNTIF(QCI!$A$13:$A$24,OFFSET(ORÇAMENTO!E110,-1,0))),OFFSET(E110,-1,0))","v":1},8,1,0,0,17,{"$f":"IF(OR($C110=\"S\",$C110=0),0,MATCH(OFFSET($D110,0,$C110)+IF($C110<>1,1,COUNTIF(QCI!$A$13:$A$24,ORÇAMENTO!E110)),OFFSET($D110,1,$C110,ROW($C$237)-ROW($C110)),0))","v":10},"F","Nível 3","Nível 3","1.8.1.","","","PISO CERÂMICO",null,{"$f":"OFFSET(CÁLCULO!H$15,ROW($T110)-ROW(T$15),0)","v":0},0,"BDI 1",{"$f":"IF($C110=\"S\",ROUND(IF(TIPOORCAMENTO=\"Proposto\",ORÇAMENTO.CustoUnitario*(1+$AH110),ORÇAMENTO.PrecoUnitarioLicitado),15-13*$AF$10),0)","v":0},{"$f":"IF($C110=\"S\",IF(OR(Import.TipoArredondamento<>\"TransfereGOV\",ACOMPANHAMENTO=\"BM\"),VTOTAL1,SUM(OFFSET(CÁLCULO!$AQ$15,ROW($X110)-ROW($X$15),1):OFFSET(CÁLCULO!$BR$15,ROW($X110)-ROW($X$15),-1))),IF($C110=0,0,ROUND(SomaAgrup,15-13*$AF$11)))","v":45291.05},"RA","",{"$f":"IF($C110=\"S\",IF($Z110=\"CP\",$X110,IF($Z110=\"RA\",(($X110)*QCI!$AA$3),0)),SomaAgrup)","v":661.70252653354373},{"$f":"IF($C110=\"S\",IF($Z110=\"OU\",ROUND($X110,2),0),SomaAgrup)","v":0},{"$f":"IF($N110=\"\",\" \",\nIF(AND($C110<>\"S\",OR($R110=\"\",$R110=\"(digite a descrição aqui)\")),\"DESCRIÇÃO\",\nIF(AND($C110=\"S\",OR($Q110<>\"\",$T110>0,$U110>0),$P110=\"\"),\"FONTE\",\nIF(AND($C110=\"S\",$P110<>\"\",OR($T110>0,$U110>0),$Q110=\"\"),\"CÓDIGO\",\nIF(AND($C110=\"S\",$P110<>\"\",$Q110<>\"\",$R110=\"(Código não identificado nas referências)\"),\"CÓDIGO N/ID\",\nIF(AND($C110=\"S\",OR($R110=\"\",$R110=\"(digite a descrição aqui)\"),OR($Q110<>\"\",$T110>0,$U110>0)),\"DESCRIÇÃO\",\nIF(AND($C110=\"S\",$P110<>\"\",$Q110<>\"\",$S110=\"\"),\"UNIDADE\",\nIF(AND($C110=\"S\",$P110<>\"\",$Q110<>\"\",$U110=0),\"SEM CUSTO\",\nIF(AND(TIPOORCAMENTO=\"Licitado\",$AL110=0,$AN110>0),\"SEM PREÇO\",\nIF(AND($C110=\"S\",$P110<>\"\",$Q110<>\"\",$U110>0,AND($V110<>\"BDI 1\",$V110<>\"BDI 2\",$V110<>\"BDI 3\")),IF(ISNUMBER($V110),\"JUSTIFICAR BDI\",\"BDI\"),\nIF(OR(AND(import.recurso=\"OGU\",TIPOORCAMENTO=\"Proposto\",LEFT($O$8,5)<>\"(N/D:\",$AG110<>\"\",ORÇAMENTO.CustoUnitario>$AG110),AND(TIPOORCAMENTO=\"LICITADO\",ORÇAMENTO.PrecoUnitarioLicitado>$AN110)),\"ACIMA REF.\",\nIF(AND($C110=\"S\",$P110<>\"\",$Q110<>\"\",$T110=0,$U110>0),\"QUANT.\",\nIF(AND(Import.TipoArredondamento=\"TransfereGOV\",$L110=\"F\",$C110=\"S\",LEN($Q110)>13),\"Código >13\",\nIF(AND(Import.TipoArredondamento=\"TransfereGOV\",$L110=\"F\",$C110<>\"S\",LEN($R110)>100),\"Descrição >100\",\nIF(AND(Import.TipoArredondamento=\"TransfereGOV\",$L110=\"F\",$C110=\"S\",LEN($R110)>500),\"Descrição >500\",\nIF(AND(Import.TipoArredondamento=\"TransfereGOV\",$L110=\"F\",$C110=\"S\",LEFT(TRIM(UPPER($P110)),6)<>\"SINAPI\",ISNA(VLOOKUP(TRIM(UPPER($S110)),ListaTgov.Unidades,1,FALSE))),\"Unid. Não Disp\",\n\" \"))))))))))))))))","v":" "},{"$f":"IF(C110<=CRONO.NivelExibicao,MAX($AD$15:OFFSET(AD110,-1,0))+IF($C110<>1,1,MAX(1,COUNTIF(QCI!$A$13:$A$24,OFFSET($E110,-1,0)))),\"\")","v":""},{"$f":"IF(AND($C110=\"S\",ORÇAMENTO.CodBarra<>\"\"),IF(ORÇAMENTO.Fonte=\"\",ORÇAMENTO.CodBarra,CONCATENATE(ORÇAMENTO.Fonte,\" \",ORÇAMENTO.CodBarra)))","v":false},{"$f":"IF(ISERROR(ORÇAMENTO.BancoRef),\"(abra o arquivo 'Referência \"&Excel_BuiltIn_Database&\".xlsm)\",IF(OR($C110<>\"S\",ORÇAMENTO.CodBarra=\"\"),\"(Sem Código)\",IF(ISERROR(MATCH($AE110,INDIRECT(ORÇAMENTO.BancoRef),0)),\"(Código não identificado nas referências)\",MATCH($AE110,INDIRECT(ORÇAMENTO.BancoRef),0))))","v":"(Sem Código)"},{"$f":"ROUND(IF(DESONERACAO=\"sim\",REFERENCIA.Desonerado,REFERENCIA.NaoDesonerado),2)","v":0},0.25390000000000001,null,null,null,null,45291.05,{"$f":"ROUND(ORÇAMENTO.CustoUnitario*(1+$AH110),2)","v":0}]
["S",3,"S",0,{"$f":"IF($C111=1,OFFSET(E111,-1,0)+MAX(1,COUNTIF(QCI!$A$13:$A$24,OFFSET(ORÇAMENTO!E111,-1,0))),OFFSET(E111,-1,0))","v":1},8,1,0,1,0,{"$f":"IF(OR($C111=\"S\",$C111=0),0,MATCH(OFFSET($D111,0,$C111)+IF($C111<>1,1,COUNTIF(QCI!$A$13:$A$24,ORÇAMENTO!E111)),OFFSET($D111,1,$C111,ROW($C$237)-ROW($C111)),0))","v":0},"F","Serviço","Serviço","1.8.1.0.1.","SINAPI","97084",{"$f":"IF($C111=\"S\",REFERENCIA.Descricao,\"(digite a descrição aqui)\")","v":"COMPACTAÇÃO MECÂNICA DE SOLO PARA EXECUÇÃO DE RADIER, PISO DE CONCRETO OU LAJE SOBRE SOLO, COM COMPACTADOR DE SOLOS TIPO PLACA VIBRATÓRIA. AF_09/2021"},{"$f":"REFERENCIA.Unidade","v":"M2"},{"$f":"OFFSET(CÁLCULO!H$15,ROW($T111)-ROW(T$15),0)","v":269.34999999999997},0.73,"BDI 1",{"$f":"IF($C111=\"S\",ROUND(IF(TIPOORCAMENTO=\"Proposto\",ORÇAMENTO.CustoUnitario*(1+$AH111),ORÇAMENTO.PrecoUnitarioLicitado),15-13*$AF$10),0)","v":0.92},{"$f":"IF($C111=\"S\",IF(OR(Import.TipoArredondamento<>\"TransfereGOV\",ACOMPANHAMENTO=\"BM\"),VTOTAL1,SUM(OFFSET(CÁLCULO!$AQ$15,ROW($X111)-ROW($X$15),1):OFFSET(CÁLCULO!$BR$15,ROW($X111)-ROW($X$15),-1))),IF($C111=0,0,ROUND(SomaAgrup,15-13*$AF$11)))","v":247.8},"RA","RA",{"$f":"IF($C111=\"S\",IF($Z111=\"CP\",$X111,IF($Z111=\"RA\",(($X111)*QCI!$AA$3),0)),SomaAgrup)","v":3.6203595649695055},{"$f":"IF($C111=\"S\",IF($Z111=\"OU\",ROUND($X111,2),0),SomaAgrup)","v":0},{"$f":"IF($N111=\"\",\" \",\nIF(AND($C111<>\"S\",OR($R111=\"\",$R111=\"(digite a descrição aqui)\")),\"DESCRIÇÃO\",\nIF(AND($C111=\"S\",OR($Q111<>\"\",$T111>0,$U111>0),$P111=\"\"),\"FONTE\",\nIF(AND($C111=\"S\",$P111<>\"\",OR($T111>0,$U111>0),$Q111=\"\"),\"CÓDIGO\",\nIF(AND($C111=\"S\",$P111<>\"\",$Q111<>\"\",$R111=\"(Código não identificado nas referências)\"),\"CÓDIGO N/ID\",\nIF(AND($C111=\"S\",OR($R111=\"\",$R111=\"(digite a descrição aqui)\"),OR($Q111<>\"\",$T111>0,$U111>0)),\"DESCRIÇÃO\",\nIF(AND($C111=\"S\",$P111<>\"\",$Q111<>\"\",$S111=\"\"),\"UNIDADE\",\nIF(AND($C111=\"S\",$P111<>\"\",$Q111<>\"\",$U111=0),\"SEM CUSTO\",\nIF(AND(TIPOORCAMENTO=\"Licitado\",$AL111=0,$AN111>0),\"SEM PREÇO\",\nIF(AND($C111=\"S\",$P111<>\"\",$Q111<>\"\",$U111>0,AND($V111<>\"BDI 1\",$V111<>\"BDI 2\",$V111<>\"BDI 3\")),IF(ISNUMBER($V111),\"JUSTIFICAR BDI\",\"BDI\"),\nIF(OR(AND(import.recurso=\"OGU\",TIPOORCAMENTO=\"Proposto\",LEFT($O$8,5)<>\"(N/D:\",$AG111<>\"\",ORÇAMENTO.CustoUnitario>$AG111),AND(TIPOORCAMENTO=\"LICITADO\",ORÇAMENTO.PrecoUnitarioLicitado>$AN111)),\"ACIMA REF.\",\nIF(AND($C111=\"S\",$P111<>\"\",$Q111<>\"\",$T111=0,$U111>0),\"QUANT.\",\nIF(AND(Import.TipoArredondamento=\"TransfereGOV\",$L111=\"F\",$C111=\"S\",LEN($Q111)>13),\"Código >13\",\nIF(AND(Import.TipoArredondamento=\"TransfereGOV\",$L111=\"F\",$C111<>\"S\",LEN($R111)>100),\"Descrição >100\",\nIF(AND(Import.TipoArredondamento=\"TransfereGOV\",$L111=\"F\",$C111=\"S\",LEN($R111)>500),\"Descrição >500\",\nIF(AND(Import.TipoArredondamento=\"TransfereGOV\",$L111=\"F\",$C111=\"S\",LEFT(TRIM(UPPER($P111)),6)<>\"SINAPI\",ISNA(VLOOKUP(TRIM(UPPER($S111)),ListaTgov.Unidades,1,FALSE))),\"Unid. Não Disp\",\n\" \"))))))))))))))))","v":" "},{"$f":"IF(C111<=CRONO.NivelExibicao,MAX($AD$15:OFFSET(AD111,-1,0))+IF($C111<>1,1,MAX(1,COUNTIF(QCI!$A$13:$A$24,OFFSET($E111,-1,0)))),\"\")","v":""},{"$f":"IF(AND($C111=\"S\",ORÇAMENTO.CodBarra<>\"\"),IF(ORÇAMENTO.Fonte=\"\",ORÇAMENTO.CodBarra,CONCATENATE(ORÇAMENTO.Fonte,\" \",ORÇAMENTO.CodBarra)))","v":"SINAPI 97084"},{"$f":"IF(ISERROR(ORÇAMENTO.BancoRef),\"(abra o arquivo 'Referência \"&Excel_BuiltIn_Database&\".xlsm)\",IF(OR($C111<>\"S\",ORÇAMENTO.CodBarra=\"\"),\"(Sem Código)\",IF(ISERROR(MATCH($AE111,INDIRECT(ORÇAMENTO.BancoRef),0)),\"(Código não identificado nas referências)\",MATCH($AE111,INDIRECT(ORÇAMENTO.BancoRef),0))))","v":14356},{"$f":"ROUND(IF(DESONERACAO=\"sim\",REFERENCIA.Desonerado,REFERENCIA.NaoDesonerado),2)","v":0.85},0.25390000000000001,null,null,null,null,247.8,{"$f":"ROUND(ORÇAMENTO.CustoUnitario*(1+$AH111),2)","v":0.92}]
["S",3,"S",0,{"$f":"IF($C112=1,OFFSET(E112,-1,0)+MAX(1,COUNTIF(QCI!$A$13:$A$24,OFFSET(ORÇAMENTO!E112,-1,0))),OFFSET(E112,-1,0))","v":1},8,1,0,2,0,{"$f":"IF(OR($C112=\"S\",$C112=0),0,MATCH(OFFSET($D112,0,$C112)+IF($C112<>1,1,COUNTIF(QCI!$A$13:$A$24,ORÇAMENTO!E112)),OFFSET($D112,1,$C112,ROW($C$237)-ROW($C112)),0))","v":0},"F","Serviço","Serviço","1.8.1.0.2.","SINAPI","100322",{"$f":"IF($C112=\"S\",REFERENCIA.Descricao,\"(digite a descrição aqui)\")","v":"LASTRO COM MATERIAL GRANULAR (PEDRA BRITADA N.3), APLICADO EM PISOS OU LAJES SOBRE SOLO, ESPESSURA DE *10 CM*. AF_01/2024"},{"$f":"REFERENCIA.Unidade","v":"M3"},{"$f":"OFFSET(CÁLCULO!H$15,ROW($T112)-ROW(T$15),0)","v":26.95},123.75,"BDI 1",{"$f":"IF($C112=\"S\",ROUND(IF(TIPOORCAMENTO=\"Proposto\",ORÇAMENTO.CustoUnitario*(1+$AH112),ORÇAMENTO.PrecoUnitarioLicitado),15-13*$AF$10),0)","v":155.16999999999999},{"$f":"IF($C112=\"S\",IF(OR(Import.TipoArredondamento<>\"TransfereGOV\",ACOMPANHAMENTO=\"BM\"),VTOTAL1,SUM(OFFSET(CÁLCULO!$AQ$15,ROW($X112)-ROW($X$15),1):OFFSET(CÁLCULO!$BR$15,ROW($X112)-ROW($X$15),-1))),IF($C112=0,0,ROUND(SomaAgrup,15-13*$AF$11)))","v":4181.8500000000004},"RA","RA",{"$f":"IF($C112=\"S\",IF($Z112=\"CP\",$X112,IF($Z112=\"RA\",(($X112)*QCI!$AA$3),0)),SomaAgrup)","v":61.096854910281387},{"$f":"IF($C112=\"S\",IF($Z112=\"OU\",ROUND($X112,2),0),SomaAgrup)","v":0},{"$f":"IF($N112=\"\",\" \",\nIF(AND($C112<>\"S\",OR($R112=\"\",$R112=\"(digite a descrição aqui)\")),\"DESCRIÇÃO\",\nIF(AND($C112=\"S\",OR($Q112<>\"\",$T112>0,$U112>0),$P112=\"\"),\"FONTE\",\nIF(AND($C112=\"S\",$P112<>\"\",OR($T112>0,$U112>0),$Q112=\"\"),\"CÓDIGO\",\nIF(AND($C112=\"S\",$P112<>\"\",$Q112<>\"\",$R112=\"(Código não identificado nas referências)\"),\"CÓDIGO N/ID\",\nIF(AND($C112=\"S\",OR($R112=\"\",$R112=\"(digite a descrição aqui)\"),OR($Q112<>\"\",$T112>0,$U112>0)),\"DESCRIÇÃO\",\nIF(AND($C112=\"S\",$P112<>\"\",$Q112<>\"\",$S112=\"\"),\"UNIDADE\",\nIF(AND($C112=\"S\",$P112<>\"\",$Q112<>\"\",$U112=0),\"SEM CUSTO\",\nIF(AND(TIPOORCAMENTO=\"Licitado\",$AL112=0,$AN112>0),\"SEM PREÇO\",\nIF(AND($C112=\"S\",$P112<>\"\",$Q112<>\"\",$U112>0,AND($V112<>\"BDI 1\",$V112<>\"BDI 2\",$V112<>\"BDI 3\")),IF(ISNUMBER($V112),\"JUSTIFICAR BDI\",\"BDI\"),\nIF(OR(AND(import.recurso=\"OGU\",TIPOORCAMENTO=\"Proposto\",LEFT($O$8,5)<>\"(N/D:\",$AG112<>\"\",ORÇAMENTO.CustoUnitario>$AG112),AND(TIPOORCAMENTO=\"LICITADO\",ORÇAMENTO.PrecoUnitarioLicitado>$AN112)),\"ACIMA REF.\",\nIF(AND($C112=\"S\",$P112<>\"\",$Q112<>\"\",$T112=0,$U112>0),\"QUANT.\",\nIF(AND(Import.TipoArredondamento=\"TransfereGOV\",$L112=\"F\",$C112=\"S\",LEN($Q112)>13),\"Código >13\",\nIF(AND(Import.TipoArredondamento=\"TransfereGOV\",$L112=\"F\",$C112<>\"S\",LEN($R112)>100),\"Descrição >100\",\nIF(AND(Import.TipoArredondamento=\"TransfereGOV\",$L112=\"F\",$C112=\"S\",LEN($R112)>500),\"Descrição >500\",\nIF(AND(Import.TipoArredondamento=\"TransfereGOV\",$L112=\"F\",$C112=\"S\",LEFT(TRIM(UPPER($P112)),6)<>\"SINAPI\",ISNA(VLOOKUP(TRIM(UPPER($S112)),ListaTgov.Unidades,1,FALSE))),\"Unid. Não Disp\",\n\" \"))))))))))))))))","v":" "},{"$f":"IF(C112<=CRONO.NivelExibicao,MAX($AD$15:OFFSET(AD112,-1,0))+IF($C112<>1,1,MAX(1,COUNTIF(QCI!$A$13:$A$24,OFFSET($E112,-1,0)))),\"\")","v":""},{"$f":"IF(AND($C112=\"S\",ORÇAMENTO.CodBarra<>\"\"),IF(ORÇAMENTO.Fonte=\"\",ORÇAMENTO.CodBarra,CONCATENATE(ORÇAMENTO.Fonte,\" \",ORÇAMENTO.CodBarra)))","v":"SINAPI 100322"},{"$f":"IF(ISERROR(ORÇAMENTO.BancoRef),\"(abra o arquivo 'Referência \"&Excel_BuiltIn_Database&\".xlsm)\",IF(OR($C112<>\"S\",ORÇAMENTO.CodBarra=\"\"),\"(Sem Código)\",IF(ISERROR(MATCH($AE112,INDIRECT(ORÇAMENTO.BancoRef),0)),\"(Código não identificado nas referências)\",MATCH($AE112,INDIRECT(ORÇAMENTO.BancoRef),0))))","v":12680},{"$f":"ROUND(IF(DESONERACAO=\"sim\",REFERENCIA.Desonerado,REFERENCIA.NaoDesonerado),2)","v":142.32},0.25390000000000001,null,null,null,null,4181.8500000000004,{"$f":"ROUND(ORÇAMENTO.CustoUnitario*(1+$AH112),2)","v":155.16999999999999}]
["S",3,"S",0,{"$f":"IF($C113=1,OFFSET(E113,-1,0)+MAX(1,COUNTIF(QCI!$A$13:$A$24,OFFSET(ORÇAMENTO!E113,-1,0))),OFFSET(E113,-1,0))","v":1},8,1,0,3,0,{"$f":"IF(OR($C113=\"S\",$C113=0),0,MATCH(OFFSET($D113,0,$C113)+IF($C113<>1,1,COUNTIF(QCI!$A$13:$A$24,ORÇAMENTO!E113)),OFFSET($D113,1,$C113,ROW($C$237)-ROW($C113)),0))","v":0},"F","Serviço","Serviço","1.8.1.0.3.","SINAPI","97087",{"$f":"IF($C113=\"S\",REFERENCIA.Descricao,\"(digite a descrição aqui)\")","v":"CAMADA SEPARADORA PARA EXECUÇÃO DE RADIER, PISO DE CONCRETO OU LAJE SOBRE SOLO, EM LONA PLÁSTICA. AF_09/2021"},{"$f":"REFERENCIA.Unidade","v":"M2"},{"$f":"OFFSET(CÁLCULO!H$15,ROW($T113)-ROW(T$15),0)","v":269.34999999999997},2.14,"BDI 1",{"$f":"IF($C113=\"S\",ROUND(IF(TIPOORCAMENTO=\"Proposto\",ORÇAMENTO.CustoUnitario*(1+$AH113),ORÇAMENTO.PrecoUnitarioLicitado),15-13*$AF$10),0)","v":2.68},{"$f":"IF($C113=\"S\",IF(OR(Import.TipoArredondamento<>\"TransfereGOV\",ACOMPANHAMENTO=\"BM\"),VTOTAL1,SUM(OFFSET(CÁLCULO!$AQ$15,ROW($X113)-ROW($X$15),1):OFFSET(CÁLCULO!$BR$15,ROW($X113)-ROW($X$15),-1))),IF($C113=0,0,ROUND(SomaAgrup,15-13*$AF$11)))","v":721.85},"RA","RA",{"$f":"IF($C113=\"S\",IF($Z113=\"CP\",$X113,IF($Z113=\"RA\",(($X113)*QCI!$AA$3),0)),SomaAgrup)","v":10.546233058810483},{"$f":"IF($C113=\"S\",IF($Z113=\"OU\",ROUND($X113,2),0),SomaAgrup)","v":0},{"$f":"IF($N113=\"\",\" \",\nIF(AND($C113<>\"S\",OR($R113=\"\",$R113=\"(digite a descrição aqui)\")),\"DESCRIÇÃO\",\nIF(AND($C113=\"S\",OR($Q113<>\"\",$T113>0,$U113>0),$P113=\"\"),\"FONTE\",\nIF(AND($C113=\"S\",$P113<>\"\",OR($T113>0,$U113>0),$Q113=\"\"),\"CÓDIGO\",\nIF(AND($C113=\"S\",$P113<>\"\",$Q113<>\"\",$R113=\"(Código não identificado nas referências)\"),\"CÓDIGO N/ID\",\nIF(AND($C113=\"S\",OR($R113=\"\",$R113=\"(digite a descrição aqui)\"),OR($Q113<>\"\",$T113>0,$U113>0)),\"DESCRIÇÃO\",\nIF(AND($C113=\"S\",$P113<>\"\",$Q113<>\"\",$S113=\"\"),\"UNIDADE\",\nIF(AND($C113=\"S\",$P113<>\"\",$Q113<>\"\",$U113=0),\"SEM CUSTO\",\nIF(AND(TIPOORCAMENTO=\"Licitado\",$AL113=0,$AN113>0),\"SEM PREÇO\",\nIF(AND($C113=\"S\",$P113<>\"\",$Q113<>\"\",$U113>0,AND($V113<>\"BDI 1\",$V113<>\"BDI 2\",$V113<>\"BDI 3\")),IF(ISNUMBER($V113),\"JUSTIFICAR BDI\",\"BDI\"),\nIF(OR(AND(import.recurso=\"OGU\",TIPOORCAMENTO=\"Proposto\",LEFT($O$8,5)<>\"(N/D:\",$AG113<>\"\",ORÇAMENTO.CustoUnitario>$AG113),AND(TIPOORCAMENTO=\"LICITADO\",ORÇAMENTO.PrecoUnitarioLicitado>$AN113)),\"ACIMA REF.\",\nIF(AND($C113=\"S\",$P113<>\"\",$Q113<>\"\",$T113=0,$U113>0),\"QUANT.\",\nIF(AND(Import.TipoArredondamento=\"TransfereGOV\",$L113=\"F\",$C113=\"S\",LEN($Q113)>13),\"Código >13\",\nIF(AND(Import.TipoArredondamento=\"TransfereGOV\",$L113=\"F\",$C113<>\"S\",LEN($R113)>100),\"Descrição >100\",\nIF(AND(Import.TipoArredondamento=\"TransfereGOV\",$L113=\"F\",$C113=\"S\",LEN($R113)>500),\"Descrição >500\",\nIF(AND(Import.TipoArredondamento=\"TransfereGOV\",$L113=\"F\",$C113=\"S\",LEFT(TRIM(UPPER($P113)),6)<>\"SINAPI\",ISNA(VLOOKUP(TRIM(UPPER($S113)),ListaTgov.Unidades,1,FALSE))),\"Unid. Não Disp\",\n\" \"))))))))))))))))","v":" "},{"$f":"IF(C113<=CRONO.NivelExibicao,MAX($AD$15:OFFSET(AD113,-1,0))+IF($C113<>1,1,MAX(1,COUNTIF(QCI!$A$13:$A$24,OFFSET($E113,-1,0)))),\"\")","v":""},{"$f":"IF(AND($C113=\"S\",ORÇAMENTO.CodBarra<>\"\"),IF(ORÇAMENTO.Fonte=\"\",ORÇAMENTO.CodBarra,CONCATENATE(ORÇAMENTO.Fonte,\" \",ORÇAMENTO.CodBarra)))","v":"SINAPI 97087"},{"$f":"IF(ISERROR(ORÇAMENTO.BancoRef),\"(abra o arquivo 'Referência \"&Excel_BuiltIn_Database&\".xlsm)\",IF(OR($C113<>\"S\",ORÇAMENTO.CodBarra=\"\"),\"(Sem Código)\",IF(ISERROR(MATCH($AE113,INDIRECT(ORÇAMENTO.BancoRef),0)),\"(Código não identificado nas referências)\",MATCH($AE113,INDIRECT(ORÇAMENTO.BancoRef),0))))","v":14354},{"$f":"ROUND(IF(DESONERACAO=\"sim\",REFERENCIA.Desonerado,REFERENCIA.NaoDesonerado),2)","v":2.4700000000000002},0.25390000000000001,null,null,null,null,721.85,{"$f":"ROUND(ORÇAMENTO.CustoUnitario*(1+$AH113),2)","v":2.68}]
[{"$f":"CHOOSE(1+LOG(1+2*(ORÇAMENTO.Nivel=\"Meta\")+4*(ORÇAMENTO.Nivel=\"Nível 2\")+8*(ORÇAMENTO.Nivel=\"Nível 3\")+16*(ORÇAMENTO.Nivel=\"Nível 4\")+32*(ORÇAMENTO.Nivel=\"Serviço\"),2),0,1,2,3,4,\"S\")","v":"S"},3,"S",0,{"$f":"IF($C114=1,OFFSET(E114,-1,0)+MAX(1,COUNTIF(QCI!$A$13:$A$24,OFFSET(ORÇAMENTO!E114,-1,0))),OFFSET(E114,-1,0))","v":1},8,1,0,4,0,{"$f":"IF(OR($C114=\"S\",$C114=0),0,MATCH(OFFSET($D114,0,$C114)+IF($C114<>1,1,COUNTIF(QCI!$A$13:$A$24,ORÇAMENTO!E114)),OFFSET($D114,1,$C114,ROW($C$237)-ROW($C114)),0))","v":0},"F","Serviço","Serviço","1.8.1.0.4.","SINAPI","95241",{"$f":"IF($C114=\"S\",REFERENCIA.Descricao,\"(digite a descrição aqui)\")","v":"LASTRO DE CONCRETO MAGRO, APLICADO EM PISOS, LAJES SOBRE SOLO OU RADIERS, ESPESSURA DE 5 CM. AF_01/2024"},{"$f":"REFERENCIA.Unidade","v":"M2"},{"$f":"OFFSET(CÁLCULO!H$15,ROW($T114)-ROW(T$15),0)","v":269.34999999999997},32.799999999999997,"BDI 1",{"$f":"IF($C114=\"S\",ROUND(IF(TIPOORCAMENTO=\"Proposto\",ORÇAMENTO.CustoUnitario*(1+$AH114),ORÇAMENTO.PrecoUnitarioLicitado),15-13*$AF$10),0)","v":41.13},{"$f":"IF($C114=\"S\",IF(OR(Import.TipoArredondamento<>\"TransfereGOV\",ACOMPANHAMENTO=\"BM\"),VTOTAL1,SUM(OFFSET(CÁLCULO!$AQ$15,ROW($X114)-ROW($X$15),1):OFFSET(CÁLCULO!$BR$15,ROW($X114)-ROW($X$15),-1))),IF($C114=0,0,ROUND(SomaAgrup,15-13*$AF$11)))","v":11078.35},"RA","RA",{"$f":"IF($C114=\"S\",IF($Z114=\"CP\",$X114,IF($Z114=\"RA\",(($X114)*QCI!$AA$3),0)),SomaAgrup)","v":161.85476346481002},{"$f":"IF($C114=\"S\",IF($Z114=\"OU\",ROUND($X114,2),0),SomaAgrup)","v":0},{"$f":"IF($N114=\"\",\" \",\nIF(AND($C114<>\"S\",OR($R114=\"\",$R114=\"(digite a descrição aqui)\")),\"DESCRIÇÃO\",\nIF(AND($C114=\"S\",OR($Q114<>\"\",$T114>0,$U114>0),$P114=\"\"),\"FONTE\",\nIF(AND($C114=\"S\",$P114<>\"\",OR($T114>0,$U114>0),$Q114=\"\"),\"CÓDIGO\",\nIF(AND($C114=\"S\",$P114<>\"\",$Q114<>\"\",$R114=\"(Código não identificado nas referências)\"),\"CÓDIGO N/ID\",\nIF(AND($C114=\"S\",OR($R114=\"\",$R114=\"(digite a descrição aqui)\"),OR($Q114<>\"\",$T114>0,$U114>0)),\"DESCRIÇÃO\",\nIF(AND($C114=\"S\",$P114<>\"\",$Q114<>\"\",$S114=\"\"),\"UNIDADE\",\nIF(AND($C114=\"S\",$P114<>\"\",$Q114<>\"\",$U114=0),\"SEM CUSTO\",\nIF(AND(TIPOORCAMENTO=\"Licitado\",$AL114=0,$AN114>0),\"SEM PREÇO\",\nIF(AND($C114=\"S\",$P114<>\"\",$Q114<>\"\",$U114>0,AND($V114<>\"BDI 1\",$V114<>\"BDI 2\",$V114<>\"BDI 3\")),IF(ISNUMBER($V114),\"JUSTIFICAR BDI\",\"BDI\"),\nIF(OR(AND(import.recurso=\"OGU\",TIPOORCAMENTO=\"Proposto\",LEFT($O$8,5)<>\"(N/D:\",$AG114<>\"\",ORÇAMENTO.CustoUnitario>$AG114),AND(TIPOORCAMENTO=\"LICITADO\",ORÇAMENTO.PrecoUnitarioLicitado>$AN114)),\"ACIMA REF.\",\nIF(AND($C114=\"S\",$P114<>\"\",$Q114<>\"\",$T114=0,$U114>0),\"QUANT.\",\nIF(AND(Import.TipoArredondamento=\"TransfereGOV\",$L114=\"F\",$C114=\"S\",LEN($Q114)>13),\"Código >13\",\nIF(AND(Import.TipoArredondamento=\"TransfereGOV\",$L114=\"F\",$C114<>\"S\",LEN($R114)>100),\"Descrição >100\",\nIF(AND(Import.TipoArredondamento=\"TransfereGOV\",$L114=\"F\",$C114=\"S\",LEN($R114)>500),\"Descrição >500\",\nIF(AND(Import.TipoArredondamento=\"TransfereGOV\",$L114=\"F\",$C114=\"S\",LEFT(TRIM(UPPER($P114)),6)<>\"SINAPI\",ISNA(VLOOKUP(TRIM(UPPER($S114)),ListaTgov.Unidades,1,FALSE))),\"Unid. Não Disp\",\n\" \"))))))))))))))))","v":" "},{"$f":"IF(C114<=CRONO.NivelExibicao,MAX($AD$15:OFFSET(AD114,-1,0))+IF($C114<>1,1,MAX(1,COUNTIF(QCI!$A$13:$A$24,OFFSET($E114,-1,0)))),\"\")","v":""},{"$f":"IF(AND($C114=\"S\",ORÇAMENTO.CodBarra<>\"\"),IF(ORÇAMENTO.Fonte=\"\",ORÇAMENTO.CodBarra,CONCATENATE(ORÇAMENTO.Fonte,\" \",ORÇAMENTO.CodBarra)))","v":"SINAPI 95241"},{"$f":"IF(ISERROR(ORÇAMENTO.BancoRef),\"(abra o arquivo 'Referência \"&Excel_BuiltIn_Database&\".xlsm)\",IF(OR($C114<>\"S\",ORÇAMENTO.CodBarra=\"\"),\"(Sem Código)\",IF(ISERROR(MATCH($AE114,INDIRECT(ORÇAMENTO.BancoRef),0)),\"(Código não identificado nas referências)\",MATCH($AE114,INDIRECT(ORÇAMENTO.BancoRef),0))))","v":12688},{"$f":"ROUND(IF(DESONERACAO=\"sim\",REFERENCIA.Desonerado,REFERENCIA.NaoDesonerado),2)","v":37.729999999999997},{"$f":"ROUND(IF(ISNUMBER(ORÇAMENTO.OpcaoBDI),ORÇAMENTO.OpcaoBDI,IF(LEFT(ORÇAMENTO.OpcaoBDI,3)=\"BDI\",HLOOKUP(ORÇAMENTO.OpcaoBDI,$F$4:$H$5,2,FALSE),0)),15-11*$AF$9)","v":0.25390000000000001},null,null,null,null,11078.35,{"$f":"ROUND(ORÇAMENTO.CustoUnitario*(1+$AH114),2)","v":41.13}]
["S",3,"S",0,{"$f":"IF($C115=1,OFFSET(E115,-1,0)+MAX(1,COUNTIF(QCI!$A$13:$A$24,OFFSET(ORÇAMENTO!E115,-1,0))),OFFSET(E115,-1,0))","v":1},8,1,0,5,0,{"$f":"IF(OR($C115=\"S\",$C115=0),0,MATCH(OFFSET($D115,0,$C115)+IF($C115<>1,1,COUNTIF(QCI!$A$13:$A$24,ORÇAMENTO!E115)),OFFSET($D115,1,$C115,ROW($C$237)-ROW($C115)),0))","v":0},"F","Serviço","Serviço","1.8.1.0.5.","SINAPI","87745",{"$f":"IF($C115=\"S\",REFERENCIA.Descricao,\"(digite a descrição aqui)\")","v":"CONTRAPISO EM ARGAMASSA TRAÇO 1:4 (CIMENTO E AREIA), PREPARO MECÂNICO COM BETONEIRA 400 L, APLICADO EM ÁREAS MOLHADAS SOBRE LAJE, ADERIDO, ACABAMENTO NÃO REFORÇADO, ESPESSURA 3CM. AF_07/2021"},{"$f":"REFERENCIA.Unidade","v":"M2"},{"$f":"OFFSET(CÁLCULO!H$15,ROW($T115)-ROW(T$15),0)","v":75.650000000000006},49.94,"BDI 1",{"$f":"IF($C115=\"S\",ROUND(IF(TIPOORCAMENTO=\"Proposto\",ORÇAMENTO.CustoUnitario*(1+$AH115),ORÇAMENTO.PrecoUnitarioLicitado),15-13*$AF$10),0)","v":62.62},{"$f":"IF($C115=\"S\",IF(OR(Import.TipoArredondamento<>\"TransfereGOV\",ACOMPANHAMENTO=\"BM\"),VTOTAL1,SUM(OFFSET(CÁLCULO!$AQ$15,ROW($X115)-ROW($X$15),1):OFFSET(CÁLCULO!$BR$15,ROW($X115)-ROW($X$15),-1))),IF($C115=0,0,ROUND(SomaAgrup,15-13*$AF$11)))","v":4737.2000000000007},"RA","RA",{"$f":"IF($C115=\"S\",IF($Z115=\"CP\",$X115,IF($Z115=\"RA\",(($X115)*QCI!$AA$3),0)),SomaAgrup)","v":69.210521917568784},{"$f":"IF($C115=\"S\",IF($Z115=\"OU\",ROUND($X115,2),0),SomaAgrup)","v":0},{"$f":"IF($N115=\"\",\" \",\nIF(AND($C115<>\"S\",OR($R115=\"\",$R115=\"(digite a descrição aqui)\")),\"DESCRIÇÃO\",\nIF(AND($C115=\"S\",OR($Q115<>\"\",$T115>0,$U115>0),$P115=\"\"),\"FONTE\",\nIF(AND($C115=\"S\",$P115<>\"\",OR($T115>0,$U115>0),$Q115=\"\"),\"CÓDIGO\",\nIF(AND($C115=\"S\",$P115<>\"\",$Q115<>\"\",$R115=\"(Código não identificado nas referências)\"),\"CÓDIGO N/ID\",\nIF(AND($C115=\"S\",OR($R115=\"\",$R115=\"(digite a descrição aqui)\"),OR($Q115<>\"\",$T115>0,$U115>0)),\"DESCRIÇÃO\",\nIF(AND($C115=\"S\",$P115<>\"\",$Q115<>\"\",$S115=\"\"),\"UNIDADE\",\nIF(AND($C115=\"S\",$P115<>\"\",$Q115<>\"\",$U115=0),\"SEM CUSTO\",\nIF(AND(TIPOORCAMENTO=\"Licitado\",$AL115=0,$AN115>0),\"SEM PREÇO\",\nIF(AND($C115=\"S\",$P115<>\"\",$Q115<>\"\",$U115>0,AND($V115<>\"BDI 1\",$V115<>\"BDI 2\",$V115<>\"BDI 3\")),IF(ISNUMBER($V115),\"JUSTIFICAR BDI\",\"BDI\"),\nIF(OR(AND(import.recurso=\"OGU\",TIPOORCAMENTO=\"Proposto\",LEFT($O$8,5)<>\"(N/D:\",$AG115<>\"\",ORÇAMENTO.CustoUnitario>$AG115),AND(TIPOORCAMENTO=\"LICITADO\",ORÇAMENTO.PrecoUnitarioLicitado>$AN115)),\"ACIMA REF.\",\nIF(AND($C115=\"S\",$P115<>\"\",$Q115<>\"\",$T115=0,$U115>0),\"QUANT.\",\nIF(AND(Import.TipoArredondamento=\"TransfereGOV\",$L115=\"F\",$C115=\"S\",LEN($Q115)>13),\"Código >13\",\nIF(AND(Import.TipoArredondamento=\"TransfereGOV\",$L115=\"F\",$C115<>\"S\",LEN($R115)>100),\"Descrição >100\",\nIF(AND(Import.TipoArredondamento=\"TransfereGOV\",$L115=\"F\",$C115=\"S\",LEN($R115)>500),\"Descrição >500\",\nIF(AND(Import.TipoArredondamento=\"TransfereGOV\",$L115=\"F\",$C115=\"S\",LEFT(TRIM(UPPER($P115)),6)<>\"SINAPI\",ISNA(VLOOKUP(TRIM(UPPER($S115)),ListaTgov.Unidades,1,FALSE))),\"Unid. Não Disp\",\n\" \"))))))))))))))))","v":" "},{"$f":"IF(C115<=CRONO.NivelExibicao,MAX($AD$15:OFFSET(AD115,-1,0))+IF($C115<>1,1,MAX(1,COUNTIF(QCI!$A$13:$A$24,OFFSET($E115,-1,0)))),\"\")","v":""},{"$f":"IF(AND($C115=\"S\",ORÇAMENTO.CodBarra<>\"\"),IF(ORÇAMENTO.Fonte=\"\",ORÇAMENTO.CodBarra,CONCATENATE(ORÇAMENTO.Fonte,\" \",ORÇAMENTO.CodBarra)))","v":"SINAPI 87745"},{"$f":"IF(ISERROR(ORÇAMENTO.BancoRef),\"(abra o arquivo 'Referência \"&Excel_BuiltIn_Database&\".xlsm)\",IF(OR($C115<>\"S\",ORÇAMENTO.CodBarra=\"\"),\"(Sem Código)\",IF(ISERROR(MATCH($AE115,INDIRECT(ORÇAMENTO.BancoRef),0)),\"(Código não identificado nas referências)\",MATCH($AE115,INDIRECT(ORÇAMENTO.BancoRef),0))))","v":7441},{"$f":"ROUND(IF(DESONERACAO=\"sim\",REFERENCIA.Desonerado,REFERENCIA.NaoDesonerado),2)","v":57.44},0.25390000000000001,null,null,null,null,4737.2000000000007,{"$f":"ROUND(ORÇAMENTO.CustoUnitario*(1+$AH115),2)","v":62.62}]
["S",3,"S",0,{"$f":"IF($C116=1,OFFSET(E116,-1,0)+MAX(1,COUNTIF(QCI!$A$13:$A$24,OFFSET(ORÇAMENTO!E116,-1,0))),OFFSET(E116,-1,0))","v":1},8,1,0,6,0,{"$f":"IF(OR($C116=\"S\",$C116=0),0,MATCH(OFFSET($D116,0,$C116)+IF($C116<>1,1,COUNTIF(QCI!$A$13:$A$24,ORÇAMENTO!E116)),OFFSET($D116,1,$C116,ROW($C$237)-ROW($C116)),0))","v":0},"F","Serviço","Serviço","1.8.1.0.6.","SINAPI","87630",{"$f":"IF($C116=\"S\",REFERENCIA.Descricao,\"(digite a descrição aqui)\")","v":"CONTRAPISO EM ARGAMASSA TRAÇO 1:4 (CIMENTO E AREIA), PREPARO MECÂNICO COM BETONEIRA 400 L, APLICADO EM ÁREAS SECAS SOBRE LAJE, ADERIDO, ACABAMENTO NÃO REFORÇADO, ESPESSURA 3CM. AF_07/2021"},{"$f":"REFERENCIA.Unidade","v":"M2"},{"$f":"OFFSET(CÁLCULO!H$15,ROW($T116)-ROW(T$15),0)","v":160.94999999999999},36.96,"BDI 1",{"$f":"IF($C116=\"S\",ROUND(IF(TIPOORCAMENTO=\"Proposto\",ORÇAMENTO.CustoUnitario*(1+$AH116),ORÇAMENTO.PrecoUnitarioLicitado),15-13*$AF$10),0)","v":46.34},{"$f":"IF($C116=\"S\",IF(OR(Import.TipoArredondamento<>\"TransfereGOV\",ACOMPANHAMENTO=\"BM\"),VTOTAL1,SUM(OFFSET(CÁLCULO!$AQ$15,ROW($X116)-ROW($X$15),1):OFFSET(CÁLCULO!$BR$15,ROW($X116)-ROW($X$15),-1))),IF($C116=0,0,ROUND(SomaAgrup,15-13*$AF$11)))","v":7458.4000000000005},"RA","RA",{"$f":"IF($C116=\"S\",IF($Z116=\"CP\",$X116,IF($Z116=\"RA\",(($X116)*QCI!$AA$3),0)),SomaAgrup)","v":108.96727110318226},{"$f":"IF($C116=\"S\",IF($Z116=\"OU\",ROUND($X116,2),0),SomaAgrup)","v":0},{"$f":"IF($N116=\"\",\" \",\nIF(AND($C116<>\"S\",OR($R116=\"\",$R116=\"(digite a descrição aqui)\")),\"DESCRIÇÃO\",\nIF(AND($C116=\"S\",OR($Q116<>\"\",$T116>0,$U116>0),$P116=\"\"),\"FONTE\",\nIF(AND($C116=\"S\",$P116<>\"\",OR($T116>0,$U116>0),$Q116=\"\"),\"CÓDIGO\",\nIF(AND($C116=\"S\",$P116<>\"\",$Q116<>\"\",$R116=\"(Código não identificado nas referências)\"),\"CÓDIGO N/ID\",\nIF(AND($C116=\"S\",OR($R116=\"\",$R116=\"(digite a descrição aqui)\"),OR($Q116<>\"\",$T116>0,$U116>0)),\"DESCRIÇÃO\",\nIF(AND($C116=\"S\",$P116<>\"\",$Q116<>\"\",$S116=\"\"),\"UNIDADE\",\nIF(AND($C116=\"S\",$P116<>\"\",$Q116<>\"\",$U116=0),\"SEM CUSTO\",\nIF(AND(TIPOORCAMENTO=\"Licitado\",$AL116=0,$AN116>0),\"SEM PREÇO\",\nIF(AND($C116=\"S\",$P116<>\"\",$Q116<>\"\",$U116>0,AND($V116<>\"BDI 1\",$V116<>\"BDI 2\",$V116<>\"BDI 3\")),IF(ISNUMBER($V116),\"JUSTIFICAR BDI\",\"BDI\"),\nIF(OR(AND(import.recurso=\"OGU\",TIPOORCAMENTO=\"Proposto\",LEFT($O$8,5)<>\"(N/D:\",$AG116<>\"\",ORÇAMENTO.CustoUnitario>$AG116),AND(TIPOORCAMENTO=\"LICITADO\",ORÇAMENTO.PrecoUnitarioLicitado>$AN116)),\"ACIMA REF.\",\nIF(AND($C116=\"S\",$P116<>\"\",$Q116<>\"\",$T116=0,$U116>0),\"QUANT.\",\nIF(AND(Import.TipoArredondamento=\"TransfereGOV\",$L116=\"F\",$C116=\"S\",LEN($Q116)>13),\"Código >13\",\nIF(AND(Import.TipoArredondamento=\"TransfereGOV\",$L116=\"F\",$C116<>\"S\",LEN($R116)>100),\"Descrição >100\",\nIF(AND(Import.TipoArredondamento=\"TransfereGOV\",$L116=\"F\",$C116=\"S\",LEN($R116)>500),\"Descrição >500\",\nIF(AND(Import.TipoArredondamento=\"TransfereGOV\",$L116=\"F\",$C116=\"S\",LEFT(TRIM(UPPER($P116)),6)<>\"SINAPI\",ISNA(VLOOKUP(TRIM(UPPER($S116)),ListaTgov.Unidades,1,FALSE))),\"Unid. Não Disp\",\n\" \"))))))))))))))))","v":" "},{"$f":"IF(C116<=CRONO.NivelExibicao,MAX($AD$15:OFFSET(AD116,-1,0))+IF($C116<>1,1,MAX(1,COUNTIF(QCI!$A$13:$A$24,OFFSET($E116,-1,0)))),\"\")","v":""},{"$f":"IF(AND($C116=\"S\",ORÇAMENTO.CodBarra<>\"\"),IF(ORÇAMENTO.Fonte=\"\",ORÇAMENTO.CodBarra,CONCATENATE(ORÇAMENTO.Fonte,\" \",ORÇAMENTO.CodBarra)))","v":"SINAPI 87630"},{"$f":"IF(ISERROR(ORÇAMENTO.BancoRef),\"(abra o arquivo 'Referência \"&Excel_BuiltIn_Database&\".xlsm)\",IF(OR($C116<>\"S\",ORÇAMENTO.CodBarra=\"\"),\"(Sem Código)\",IF(ISERROR(MATCH($AE116,INDIRECT(ORÇAMENTO.BancoRef),0)),\"(Código não identificado nas referências)\",MATCH($AE116,INDIRECT(ORÇAMENTO.BancoRef),0))))","v":7443},{"$f":"ROUND(IF(DESONERACAO=\"sim\",REFERENCIA.Desonerado,REFERENCIA.NaoDesonerado),2)","v":42.51},0.25390000000000001,null,null,null,null,7458.4000000000005,{"$f":"ROUND(ORÇAMENTO.CustoUnitario*(1+$AH116),2)","v":46.34}]
["S",3,"S",0,{"$f":"IF($C117=1,OFFSET(E117,-1,0)+MAX(1,COUNTIF(QCI!$A$13:$A$24,OFFSET(ORÇAMENTO!E117,-1,0))),OFFSET(E117,-1,0))","v":1},8,1,0,7,0,{"$f":"IF(OR($C117=\"S\",$C117=0),0,MATCH(OFFSET($D117,0,$C117)+IF($C117<>1,1,COUNTIF(QCI!$A$13:$A$24,ORÇAMENTO!E117)),OFFSET($D117,1,$C117,ROW($C$237)-ROW($C117)),0))","v":0},"F","Serviço","Serviço","1.8.1.0.7.","SINAPI","87247",{"$f":"IF($C117=\"S\",REFERENCIA.Descricao,\"(digite a descrição aqui)\")","v":"REVESTIMENTO CERÂMICO PARA PISO COM PLACAS TIPO ESMALTADA DE DIMENSÕES 35X35 CM APLICADA EM AMBIENTES DE ÁREA ENTRE 5 M2 E 10 M2. AF_02/2023_PE"},{"$f":"REFERENCIA.Unidade","v":"M2"},{"$f":"OFFSET(CÁLCULO!H$15,ROW($T117)-ROW(T$15),0)","v":84},56.12,"BDI 1",{"$f":"IF($C117=\"S\",ROUND(IF(TIPOORCAMENTO=\"Proposto\",ORÇAMENTO.CustoUnitario*(1+$AH117),ORÇAMENTO.PrecoUnitarioLicitado),15-13*$AF$10),0)","v":70.37},{"$f":"IF($C117=\"S\",IF(OR(Import.TipoArredondamento<>\"TransfereGOV\",ACOMPANHAMENTO=\"BM\"),VTOTAL1,SUM(OFFSET(CÁLCULO!$AQ$15,ROW($X117)-ROW($X$15),1):OFFSET(CÁLCULO!$BR$15,ROW($X117)-ROW($X$15),-1))),IF($C117=0,0,ROUND(SomaAgrup,15-13*$AF$11)))","v":5911.1},"RA","RA",{"$f":"IF($C117=\"S\",IF($Z117=\"CP\",$X117,IF($Z117=\"RA\",(($X117)*QCI!$AA$3),0)),SomaAgrup)","v":86.361208331280253},{"$f":"IF($C117=\"S\",IF($Z117=\"OU\",ROUND($X117,2),0),SomaAgrup)","v":0},{"$f":"IF($N117=\"\",\" \",\nIF(AND($C117<>\"S\",OR($R117=\"\",$R117=\"(digite a descrição aqui)\")),\"DESCRIÇÃO\",\nIF(AND($C117=\"S\",OR($Q117<>\"\",$T117>0,$U117>0),$P117=\"\"),\"FONTE\",\nIF(AND($C117=\"S\",$P117<>\"\",OR($T117>0,$U117>0),$Q117=\"\"),\"CÓDIGO\",\nIF(AND($C117=\"S\",$P117<>\"\",$Q117<>\"\",$R117=\"(Código não identificado nas referências)\"),\"CÓDIGO N/ID\",\nIF(AND($C117=\"S\",OR($R117=\"\",$R117=\"(digite a descrição aqui)\"),OR($Q117<>\"\",$T117>0,$U117>0)),\"DESCRIÇÃO\",\nIF(AND($C117=\"S\",$P117<>\"\",$Q117<>\"\",$S117=\"\"),\"UNIDADE\",\nIF(AND($C117=\"S\",$P117<>\"\",$Q117<>\"\",$U117=0),\"SEM CUSTO\",\nIF(AND(TIPOORCAMENTO=\"Licitado\",$AL117=0,$AN117>0),\"SEM PREÇO\",\nIF(AND($C117=\"S\",$P117<>\"\",$Q117<>\"\",$U117>0,AND($V117<>\"BDI 1\",$V117<>\"BDI 2\",$V117<>\"BDI 3\")),IF(ISNUMBER($V117),\"JUSTIFICAR BDI\",\"BDI\"),\nIF(OR(AND(import.recurso=\"OGU\",TIPOORCAMENTO=\"Proposto\",LEFT($O$8,5)<>\"(N/D:\",$AG117<>\"\",ORÇAMENTO.CustoUnitario>$AG117),AND(TIPOORCAMENTO=\"LICITADO\",ORÇAMENTO.PrecoUnitarioLicitado>$AN117)),\"ACIMA REF.\",\nIF(AND($C117=\"S\",$P117<>\"\",$Q117<>\"\",$T117=0,$U117>0),\"QUANT.\",\nIF(AND(Import.TipoArredondamento=\"TransfereGOV\",$L117=\"F\",$C117=\"S\",LEN($Q117)>13),\"Código >13\",\nIF(AND(Import.TipoArredondamento=\"TransfereGOV\",$L117=\"F\",$C117<>\"S\",LEN($R117)>100),\"Descrição >100\",\nIF(AND(Import.TipoArredondamento=\"TransfereGOV\",$L117=\"F\",$C117=\"S\",LEN($R117)>500),\"Descrição >500\",\nIF(AND(Import.TipoArredondamento=\"TransfereGOV\",$L117=\"F\",$C117=\"S\",LEFT(TRIM(UPPER($P117)),6)<>\"SINAPI\",ISNA(VLOOKUP(TRIM(UPPER($S117)),ListaTgov.Unidades,1,FALSE))),\"Unid. Não Disp\",\n\" \"))))))))))))))))","v":" "},{"$f":"IF(C117<=CRONO.NivelExibicao,MAX($AD$15:OFFSET(AD117,-1,0))+IF($C117<>1,1,MAX(1,COUNTIF(QCI!$A$13:$A$24,OFFSET($E117,-1,0)))),\"\")","v":""},{"$f":"IF(AND($C117=\"S\",ORÇAMENTO.CodBarra<>\"\"),IF(ORÇAMENTO.Fonte=\"\",ORÇAMENTO.CodBarra,CONCATENATE(ORÇAMENTO.Fonte,\" \",ORÇAMENTO.CodBarra)))","v":"SINAPI 87247"},{"$f":"IF(ISERROR(ORÇAMENTO.BancoRef),\"(abra o arquivo 'Referência \"&Excel_BuiltIn_Database&\".xlsm)\",IF(OR($C117<>\"S\",ORÇAMENTO.CodBarra=\"\"),\"(Sem Código)\",IF(ISERROR(MATCH($AE117,INDIRECT(ORÇAMENTO.BancoRef),0)),\"(Código não identificado nas referências)\",MATCH($AE117,INDIRECT(ORÇAMENTO.BancoRef),0))))","v":14780},{"$f":"ROUND(IF(DESONERACAO=\"sim\",REFERENCIA.Desonerado,REFERENCIA.NaoDesonerado),2)","v":64.540000000000006},0.25390000000000001,null,null,null,null,5911.1,{"$f":"ROUND(ORÇAMENTO.CustoUnitario*(1+$AH117),2)","v":70.37}]
["S",3,"S",0,{"$f":"IF($C118=1,OFFSET(E118,-1,0)+MAX(1,COUNTIF(QCI!$A$13:$A$24,OFFSET(ORÇAMENTO!E118,-1,0))),OFFSET(E118,-1,0))","v":1},8,1,0,8,0,{"$f":"IF(OR($C118=\"S\",$C118=0),0,MATCH(OFFSET($D118,0,$C118)+IF($C118<>1,1,COUNTIF(QCI!$A$13:$A$24,ORÇAMENTO!E118)),OFFSET($D118,1,$C118,ROW($C$237)-ROW($C118)),0))","v":0},"F","Serviço","Serviço","1.8.1.0.8.","SINAPI","87248",{"$f":"IF($C118=\"S\",REFERENCIA.Descricao,\"(digite a descrição aqui)\")","v":"REVESTIMENTO CERÂMICO PARA PISO COM PLACAS TIPO ESMALTADA DE DIMENSÕES 35X35 CM APLICADA EM AMBIENTES DE ÁREA MAIOR QUE 10 M2. AF_02/2023_PE"},{"$f":"REFERENCIA.Unidade","v":"M2"},{"$f":"OFFSET(CÁLCULO!H$15,ROW($T118)-ROW(T$15),0)","v":95.5},48.39,"BDI 1",{"$f":"IF($C118=\"S\",ROUND(IF(TIPOORCAMENTO=\"Proposto\",ORÇAMENTO.CustoUnitario*(1+$AH118),ORÇAMENTO.PrecoUnitarioLicitado),15-13*$AF$10),0)","v":60.68},{"$f":"IF($C118=\"S\",IF(OR(Import.TipoArredondamento<>\"TransfereGOV\",ACOMPANHAMENTO=\"BM\"),VTOTAL1,SUM(OFFSET(CÁLCULO!$AQ$15,ROW($X118)-ROW($X$15),1):OFFSET(CÁLCULO!$BR$15,ROW($X118)-ROW($X$15),-1))),IF($C118=0,0,ROUND(SomaAgrup,15-13*$AF$11)))","v":5794.95},"RA","RA",{"$f":"IF($C118=\"S\",IF($Z118=\"CP\",$X118,IF($Z118=\"RA\",(($X118)*QCI!$AA$3),0)),SomaAgrup)","v":84.66425609774025},{"$f":"IF($C118=\"S\",IF($Z118=\"OU\",ROUND($X118,2),0),SomaAgrup)","v":0},{"$f":"IF($N118=\"\",\" \",\nIF(AND($C118<>\"S\",OR($R118=\"\",$R118=\"(digite a descrição aqui)\")),\"DESCRIÇÃO\",\nIF(AND($C118=\"S\",OR($Q118<>\"\",$T118>0,$U118>0),$P118=\"\"),\"FONTE\",\nIF(AND($C118=\"S\",$P118<>\"\",OR($T118>0,$U118>0),$Q118=\"\"),\"CÓDIGO\",\nIF(AND($C118=\"S\",$P118<>\"\",$Q118<>\"\",$R118=\"(Código não identificado nas referências)\"),\"CÓDIGO N/ID\",\nIF(AND($C118=\"S\",OR($R118=\"\",$R118=\"(digite a descrição aqui)\"),OR($Q118<>\"\",$T118>0,$U118>0)),\"DESCRIÇÃO\",\nIF(AND($C118=\"S\",$P118<>\"\",$Q118<>\"\",$S118=\"\"),\"UNIDADE\",\nIF(AND($C118=\"S\",$P118<>\"\",$Q118<>\"\",$U118=0),\"SEM CUSTO\",\nIF(AND(TIPOORCAMENTO=\"Licitado\",$AL118=0,$AN118>0),\"SEM PREÇO\",\nIF(AND($C118=\"S\",$P118<>\"\",$Q118<>\"\",$U118>0,AND($V118<>\"BDI 1\",$V118<>\"BDI 2\",$V118<>\"BDI 3\")),IF(ISNUMBER($V118),\"JUSTIFICAR BDI\",\"BDI\"),\nIF(OR(AND(import.recurso=\"OGU\",TIPOORCAMENTO=\"Proposto\",LEFT($O$8,5)<>\"(N/D:\",$AG118<>\"\",ORÇAMENTO.CustoUnitario>$AG118),AND(TIPOORCAMENTO=\"LICITADO\",ORÇAMENTO.PrecoUnitarioLicitado>$AN118)),\"ACIMA REF.\",\nIF(AND($C118=\"S\",$P118<>\"\",$Q118<>\"\",$T118=0,$U118>0),\"QUANT.\",\nIF(AND(Import.TipoArredondamento=\"TransfereGOV\",$L118=\"F\",$C118=\"S\",LEN($Q118)>13),\"Código >13\",\nIF(AND(Import.TipoArredondamento=\"TransfereGOV\",$L118=\"F\",$C118<>\"S\",LEN($R118)>100),\"Descrição >100\",\nIF(AND(Import.TipoArredondamento=\"TransfereGOV\",$L118=\"F\",$C118=\"S\",LEN($R118)>500),\"Descrição >500\",\nIF(AND(Import.TipoArredondamento=\"TransfereGOV\",$L118=\"F\",$C118=\"S\",LEFT(TRIM(UPPER($P118)),6)<>\"SINAPI\",ISNA(VLOOKUP(TRIM(UPPER($S118)),ListaTgov.Unidades,1,FALSE))),\"Unid. Não Disp\",\n\" \"))))))))))))))))","v":" "},{"$f":"IF(C118<=CRONO.NivelExibicao,MAX($AD$15:OFFSET(AD118,-1,0))+IF($C118<>1,1,MAX(1,COUNTIF(QCI!$A$13:$A$24,OFFSET($E118,-1,0)))),\"\")","v":""},{"$f":"IF(AND($C118=\"S\",ORÇAMENTO.CodBarra<>\"\"),IF(ORÇAMENTO.Fonte=\"\",ORÇAMENTO.CodBarra,CONCATENATE(ORÇAMENTO.Fonte,\" \",ORÇAMENTO.CodBarra)))","v":"SINAPI 87248"},{"$f":"IF(ISERROR(ORÇAMENTO.BancoRef),\"(abra o arquivo 'Referência \"&Excel_BuiltIn_Database&\".xlsm)\",IF(OR($C118<>\"S\",ORÇAMENTO.CodBarra=\"\"),\"(Sem Código)\",IF(ISERROR(MATCH($AE118,INDIRECT(ORÇAMENTO.BancoRef),0)),\"(Código não identificado nas referências)\",MATCH($AE118,INDIRECT(ORÇAMENTO.BancoRef),0))))","v":14781},{"$f":"ROUND(IF(DESONERACAO=\"sim\",REFERENCIA.Desonerado,REFERENCIA.NaoDesonerado),2)","v":55.65},0.25390000000000001,null,null,null,null,5794.95,{"$f":"ROUND(ORÇAMENTO.CustoUnitario*(1+$AH118),2)","v":60.68}]
["S",3,"S",0,{"$f":"IF($C119=1,OFFSET(E119,-1,0)+MAX(1,COUNTIF(QCI!$A$13:$A$24,OFFSET(ORÇAMENTO!E119,-1,0))),OFFSET(E119,-1,0))","v":1},8,1,0,9,0,{"$f":"IF(OR($C119=\"S\",$C119=0),0,MATCH(OFFSET($D119,0,$C119)+IF($C119<>1,1,COUNTIF(QCI!$A$13:$A$24,ORÇAMENTO!E119)),OFFSET($D119,1,$C119,ROW($C$237)-ROW($C119)),0))","v":0},"F","Serviço","Serviço","1.8.1.0.9.","SINAPI","87246",{"$f":"IF($C119=\"S\",REFERENCIA.Descricao,\"(digite a descrição aqui)\")","v":"REVESTIMENTO CERÂMICO PARA PISO COM PLACAS TIPO ESMALTADA DE DIMENSÕES 35X35 CM APLICADA EM AMBIENTES DE ÁREA MENOR QUE 5 M2. AF_02/2023_PE"},{"$f":"REFERENCIA.Unidade","v":"M2"},{"$f":"OFFSET(CÁLCULO!H$15,ROW($T119)-ROW(T$15),0)","v":64.900000000000006},63.4,"BDI 1",{"$f":"IF($C119=\"S\",ROUND(IF(TIPOORCAMENTO=\"Proposto\",ORÇAMENTO.CustoUnitario*(1+$AH119),ORÇAMENTO.PrecoUnitarioLicitado),15-13*$AF$10),0)","v":79.5},{"$f":"IF($C119=\"S\",IF(OR(Import.TipoArredondamento<>\"TransfereGOV\",ACOMPANHAMENTO=\"BM\"),VTOTAL1,SUM(OFFSET(CÁLCULO!$AQ$15,ROW($X119)-ROW($X$15),1):OFFSET(CÁLCULO!$BR$15,ROW($X119)-ROW($X$15),-1))),IF($C119=0,0,ROUND(SomaAgrup,15-13*$AF$11)))","v":5159.55},"RA","RA",{"$f":"IF($C119=\"S\",IF($Z119=\"CP\",$X119,IF($Z119=\"RA\",(($X119)*QCI!$AA$3),0)),SomaAgrup)","v":75.381058084900772},{"$f":"IF($C119=\"S\",IF($Z119=\"OU\",ROUND($X119,2),0),SomaAgrup)","v":0},{"$f":"IF($N119=\"\",\" \",\nIF(AND($C119<>\"S\",OR($R119=\"\",$R119=\"(digite a descrição aqui)\")),\"DESCRIÇÃO\",\nIF(AND($C119=\"S\",OR($Q119<>\"\",$T119>0,$U119>0),$P119=\"\"),\"FONTE\",\nIF(AND($C119=\"S\",$P119<>\"\",OR($T119>0,$U119>0),$Q119=\"\"),\"CÓDIGO\",\nIF(AND($C119=\"S\",$P119<>\"\",$Q119<>\"\",$R119=\"(Código não identificado nas referências)\"),\"CÓDIGO N/ID\",\nIF(AND($C119=\"S\",OR($R119=\"\",$R119=\"(digite a descrição aqui)\"),OR($Q119<>\"\",$T119>0,$U119>0)),\"DESCRIÇÃO\",\nIF(AND($C119=\"S\",$P119<>\"\",$Q119<>\"\",$S119=\"\"),\"UNIDADE\",\nIF(AND($C119=\"S\",$P119<>\"\",$Q119<>\"\",$U119=0),\"SEM CUSTO\",\nIF(AND(TIPOORCAMENTO=\"Licitado\",$AL119=0,$AN119>0),\"SEM PREÇO\",\nIF(AND($C119=\"S\",$P119<>\"\",$Q119<>\"\",$U119>0,AND($V119<>\"BDI 1\",$V119<>\"BDI 2\",$V119<>\"BDI 3\")),IF(ISNUMBER($V119),\"JUSTIFICAR BDI\",\"BDI\"),\nIF(OR(AND(import.recurso=\"OGU\",TIPOORCAMENTO=\"Proposto\",LEFT($O$8,5)<>\"(N/D:\",$AG119<>\"\",ORÇAMENTO.CustoUnitario>$AG119),AND(TIPOORCAMENTO=\"LICITADO\",ORÇAMENTO.PrecoUnitarioLicitado>$AN119)),\"ACIMA REF.\",\nIF(AND($C119=\"S\",$P119<>\"\",$Q119<>\"\",$T119=0,$U119>0),\"QUANT.\",\nIF(AND(Import.TipoArredondamento=\"TransfereGOV\",$L119=\"F\",$C119=\"S\",LEN($Q119)>13),\"Código >13\",\nIF(AND(Import.TipoArredondamento=\"TransfereGOV\",$L119=\"F\",$C119<>\"S\",LEN($R119)>100),\"Descrição >100\",\nIF(AND(Import.TipoArredondamento=\"TransfereGOV\",$L119=\"F\",$C119=\"S\",LEN($R119)>500),\"Descrição >500\",\nIF(AND(Import.TipoArredondamento=\"TransfereGOV\",$L119=\"F\",$C119=\"S\",LEFT(TRIM(UPPER($P119)),6)<>\"SINAPI\",ISNA(VLOOKUP(TRIM(UPPER($S119)),ListaTgov.Unidades,1,FALSE))),\"Unid. Não Disp\",\n\" \"))))))))))))))))","v":" "},{"$f":"IF(C119<=CRONO.NivelExibicao,MAX($AD$15:OFFSET(AD119,-1,0))+IF($C119<>1,1,MAX(1,COUNTIF(QCI!$A$13:$A$24,OFFSET($E119,-1,0)))),\"\")","v":""},{"$f":"IF(AND($C119=\"S\",ORÇAMENTO.CodBarra<>\"\"),IF(ORÇAMENTO.Fonte=\"\",ORÇAMENTO.CodBarra,CONCATENATE(ORÇAMENTO.Fonte,\" \",ORÇAMENTO.CodBarra)))","v":"SINAPI 87246"},{"$f":"IF(ISERROR(ORÇAMENTO.BancoRef),\"(abra o arquivo 'Referência \"&Excel_BuiltIn_Database&\".xlsm)\",IF(OR($C119<>\"S\",ORÇAMENTO.CodBarra=\"\"),\"(Sem Código)\",IF(ISERROR(MATCH($AE119,INDIRECT(ORÇAMENTO.BancoRef),0)),\"(Código não identificado nas referências)\",MATCH($AE119,INDIRECT(ORÇAMENTO.BancoRef),0))))","v":14782},{"$f":"ROUND(IF(DESONERACAO=\"sim\",REFERENCIA.Desonerado,REFERENCIA.NaoDesonerado),2)","v":72.92},0.25390000000000001,null,null,null,null,5159.55,{"$f":"ROUND(ORÇAMENTO.CustoUnitario*(1+$AH119),2)","v":79.5}]
[3,3,3,3,{"$f":"IF($C120=1,OFFSET(E120,-1,0)+MAX(1,COUNTIF(QCI!$A$13:$A$24,OFFSET(ORÇAMENTO!E120,-1,0))),OFFSET(E120,-1,0))","v":1},8,2,0,0,7,{"$f":"IF(OR($C120=\"S\",$C120=0),0,MATCH(OFFSET($D120,0,$C120)+IF($C120<>1,1,COUNTIF(QCI!$A$13:$A$24,ORÇAMENTO!E120)),OFFSET($D120,1,$C120,ROW($C$237)-ROW($C120)),0))","v":3},"F","Nível 3","Nível 3","1.8.2.","","","PISO CIMENTADO",null,{"$f":"OFFSET(CÁLCULO!H$15,ROW($T120)-ROW(T$15),0)","v":0},0,"BDI 1",{"$f":"IF($C120=\"S\",ROUND(IF(TIPOORCAMENTO=\"Proposto\",ORÇAMENTO.CustoUnitario*(1+$AH120),ORÇAMENTO.PrecoUnitarioLicitado),15-13*$AF$10),0)","v":0},{"$f":"IF($C120=\"S\",IF(OR(Import.TipoArredondamento<>\"TransfereGOV\",ACOMPANHAMENTO=\"BM\"),VTOTAL1,SUM(OFFSET(CÁLCULO!$AQ$15,ROW($X120)-ROW($X$15),1):OFFSET(CÁLCULO!$BR$15,ROW($X120)-ROW($X$15),-1))),IF($C120=0,0,ROUND(SomaAgrup,15-13*$AF$11)))","v":4920.3999999999996},"RA","",{"$f":"IF($C120=\"S\",IF($Z120=\"CP\",$X120,IF($Z120=\"RA\",(($X120)*QCI!$AA$3),0)),SomaAgrup)","v":71.887075074559959},{"$f":"IF($C120=\"S\",IF($Z120=\"OU\",ROUND($X120,2),0),SomaAgrup)","v":0},{"$f":"IF($N120=\"\",\" \",\nIF(AND($C120<>\"S\",OR($R120=\"\",$R120=\"(digite a descrição aqui)\")),\"DESCRIÇÃO\",\nIF(AND($C120=\"S\",OR($Q120<>\"\",$T120>0,$U120>0),$P120=\"\"),\"FONTE\",\nIF(AND($C120=\"S\",$P120<>\"\",OR($T120>0,$U120>0),$Q120=\"\"),\"CÓDIGO\",\nIF(AND($C120=\"S\",$P120<>\"\",$Q120<>\"\",$R120=\"(Código não identificado nas referências)\"),\"CÓDIGO N/ID\",\nIF(AND($C120=\"S\",OR($R120=\"\",$R120=\"(digite a descrição aqui)\"),OR($Q120<>\"\",$T120>0,$U120>0)),\"DESCRIÇÃO\",\nIF(AND($C120=\"S\",$P120<>\"\",$Q120<>\"\",$S120=\"\"),\"UNIDADE\",\nIF(AND($C120=\"S\",$P120<>\"\",$Q120<>\"\",$U120=0),\"SEM CUSTO\",\nIF(AND(TIPOORCAMENTO=\"Licitado\",$AL120=0,$AN120>0),\"SEM PREÇO\",\nIF(AND($C120=\"S\",$P120<>\"\",$Q120<>\"\",$U120>0,AND($V120<>\"BDI 1\",$V120<>\"BDI 2\",$V120<>\"BDI 3\")),IF(ISNUMBER($V120),\"JUSTIFICAR BDI\",\"BDI\"),\nIF(OR(AND(import.recurso=\"OGU\",TIPOORCAMENTO=\"Proposto\",LEFT($O$8,5)<>\"(N/D:\",$AG120<>\"\",ORÇAMENTO.CustoUnitario>$AG120),AND(TIPOORCAMENTO=\"LICITADO\",ORÇAMENTO.PrecoUnitarioLicitado>$AN120)),\"ACIMA REF.\",\nIF(AND($C120=\"S\",$P120<>\"\",$Q120<>\"\",$T120=0,$U120>0),\"QUANT.\",\nIF(AND(Import.TipoArredondamento=\"TransfereGOV\",$L120=\"F\",$C120=\"S\",LEN($Q120)>13),\"Código >13\",\nIF(AND(Import.TipoArredondamento=\"TransfereGOV\",$L120=\"F\",$C120<>\"S\",LEN($R120)>100),\"Descrição >100\",\nIF(AND(Import.TipoArredondamento=\"TransfereGOV\",$L120=\"F\",$C120=\"S\",LEN($R120)>500),\"Descrição >500\",\nIF(AND(Import.TipoArredondamento=\"TransfereGOV\",$L120=\"F\",$C120=\"S\",LEFT(TRIM(UPPER($P120)),6)<>\"SINAPI\",ISNA(VLOOKUP(TRIM(UPPER($S120)),ListaTgov.Unidades,1,FALSE))),\"Unid. Não Disp\",\n\" \"))))))))))))))))","v":" "},{"$f":"IF(C120<=CRONO.NivelExibicao,MAX($AD$15:OFFSET(AD120,-1,0))+IF($C120<>1,1,MAX(1,COUNTIF(QCI!$A$13:$A$24,OFFSET($E120,-1,0)))),\"\")","v":""},{"$f":"IF(AND($C120=\"S\",ORÇAMENTO.CodBarra<>\"\"),IF(ORÇAMENTO.Fonte=\"\",ORÇAMENTO.CodBarra,CONCATENATE(ORÇAMENTO.Fonte,\" \",ORÇAMENTO.CodBarra)))","v":false},{"$f":"IF(ISERROR(ORÇAMENTO.BancoRef),\"(abra o arquivo 'Referência \"&Excel_BuiltIn_Database&\".xlsm)\",IF(OR($C120<>\"S\",ORÇAMENTO.CodBarra=\"\"),\"(Sem Código)\",IF(ISERROR(MATCH($AE120,INDIRECT(ORÇAMENTO.BancoRef),0)),\"(Código não identificado nas referências)\",MATCH($AE120,INDIRECT(ORÇAMENTO.BancoRef),0))))","v":"(Sem Código)"},{"$f":"ROUND(IF(DESONERACAO=\"sim\",REFERENCIA.Desonerado,REFERENCIA.NaoDesonerado),2)","v":0},0.25390000000000001,null,null,null,null,4920.3999999999996,{"$f":"ROUND(ORÇAMENTO.CustoUnitario*(1+$AH120),2)","v":0}]
["S",3,"S",0,{"$f":"IF($C121=1,OFFSET(E121,-1,0)+MAX(1,COUNTIF(QCI!$A$13:$A$24,OFFSET(ORÇAMENTO!E121,-1,0))),OFFSET(E121,-1,0))","v":1},8,2,0,1,0,{"$f":"IF(OR($C121=\"S\",$C121=0),0,MATCH(OFFSET($D121,0,$C121)+IF($C121<>1,1,COUNTIF(QCI!$A$13:$A$24,ORÇAMENTO!E121)),OFFSET($D121,1,$C121,ROW($C$237)-ROW($C121)),0))","v":0},"F","Serviço","Serviço","1.8.2.0.1.","SINAPI","97084",{"$f":"IF($C121=\"S\",REFERENCIA.Descricao,\"(digite a descrição aqui)\")","v":"COMPACTAÇÃO MECÂNICA DE SOLO PARA EXECUÇÃO DE RADIER, PISO DE CONCRETO OU LAJE SOBRE SOLO, COM COMPACTADOR DE SOLOS TIPO PLACA VIBRATÓRIA. AF_09/2021"},{"$f":"REFERENCIA.Unidade","v":"M2"},{"$f":"OFFSET(CÁLCULO!H$15,ROW($T121)-ROW(T$15),0)","v":80.75},0.73,"BDI 1",{"$f":"IF($C121=\"S\",ROUND(IF(TIPOORCAMENTO=\"Proposto\",ORÇAMENTO.CustoUnitario*(1+$AH121),ORÇAMENTO.PrecoUnitarioLicitado),15-13*$AF$10),0)","v":0.92},{"$f":"IF($C121=\"S\",IF(OR(Import.TipoArredondamento<>\"TransfereGOV\",ACOMPANHAMENTO=\"BM\"),VTOTAL1,SUM(OFFSET(CÁLCULO!$AQ$15,ROW($X121)-ROW($X$15),1):OFFSET(CÁLCULO!$BR$15,ROW($X121)-ROW($X$15),-1))),IF($C121=0,0,ROUND(SomaAgrup,15-13*$AF$11)))","v":74.3},"RA","RA",{"$f":"IF($C121=\"S\",IF($Z121=\"CP\",$X121,IF($Z121=\"RA\",(($X121)*QCI!$AA$3),0)),SomaAgrup)","v":1.0855234692382334},{"$f":"IF($C121=\"S\",IF($Z121=\"OU\",ROUND($X121,2),0),SomaAgrup)","v":0},{"$f":"IF($N121=\"\",\" \",\nIF(AND($C121<>\"S\",OR($R121=\"\",$R121=\"(digite a descrição aqui)\")),\"DESCRIÇÃO\",\nIF(AND($C121=\"S\",OR($Q121<>\"\",$T121>0,$U121>0),$P121=\"\"),\"FONTE\",\nIF(AND($C121=\"S\",$P121<>\"\",OR($T121>0,$U121>0),$Q121=\"\"),\"CÓDIGO\",\nIF(AND($C121=\"S\",$P121<>\"\",$Q121<>\"\",$R121=\"(Código não identificado nas referências)\"),\"CÓDIGO N/ID\",\nIF(AND($C121=\"S\",OR($R121=\"\",$R121=\"(digite a descrição aqui)\"),OR($Q121<>\"\",$T121>0,$U121>0)),\"DESCRIÇÃO\",\nIF(AND($C121=\"S\",$P121<>\"\",$Q121<>\"\",$S121=\"\"),\"UNIDADE\",\nIF(AND($C121=\"S\",$P121<>\"\",$Q121<>\"\",$U121=0),\"SEM CUSTO\",\nIF(AND(TIPOORCAMENTO=\"Licitado\",$AL121=0,$AN121>0),\"SEM PREÇO\",\nIF(AND($C121=\"S\",$P121<>\"\",$Q121<>\"\",$U121>0,AND($V121<>\"BDI 1\",$V121<>\"BDI 2\",$V121<>\"BDI 3\")),IF(ISNUMBER($V121),\"JUSTIFICAR BDI\",\"BDI\"),\nIF(OR(AND(import.recurso=\"OGU\",TIPOORCAMENTO=\"Proposto\",LEFT($O$8,5)<>\"(N/D:\",$AG121<>\"\",ORÇAMENTO.CustoUnitario>$AG121),AND(TIPOORCAMENTO=\"LICITADO\",ORÇAMENTO.PrecoUnitarioLicitado>$AN121)),\"ACIMA REF.\",\nIF(AND($C121=\"S\",$P121<>\"\",$Q121<>\"\",$T121=0,$U121>0),\"QUANT.\",\nIF(AND(Import.TipoArredondamento=\"TransfereGOV\",$L121=\"F\",$C121=\"S\",LEN($Q121)>13),\"Código >13\",\nIF(AND(Import.TipoArredondamento=\"TransfereGOV\",$L121=\"F\",$C121<>\"S\",LEN($R121)>100),\"Descrição >100\",\nIF(AND(Import.TipoArredondamento=\"TransfereGOV\",$L121=\"F\",$C121=\"S\",LEN($R121)>500),\"Descrição >500\",\nIF(AND(Import.TipoArredondamento=\"TransfereGOV\",$L121=\"F\",$C121=\"S\",LEFT(TRIM(UPPER($P121)),6)<>\"SINAPI\",ISNA(VLOOKUP(TRIM(UPPER($S121)),ListaTgov.Unidades,1,FALSE))),\"Unid. Não Disp\",\n\" \"))))))))))))))))","v":" "},{"$f":"IF(C121<=CRONO.NivelExibicao,MAX($AD$15:OFFSET(AD121,-1,0))+IF($C121<>1,1,MAX(1,COUNTIF(QCI!$A$13:$A$24,OFFSET($E121,-1,0)))),\"\")","v":""},{"$f":"IF(AND($C121=\"S\",ORÇAMENTO.CodBarra<>\"\"),IF(ORÇAMENTO.Fonte=\"\",ORÇAMENTO.CodBarra,CONCATENATE(ORÇAMENTO.Fonte,\" \",ORÇAMENTO.CodBarra)))","v":"SINAPI 97084"},{"$f":"IF(ISERROR(ORÇAMENTO.BancoRef),\"(abra o arquivo 'Referência \"&Excel_BuiltIn_Database&\".xlsm)\",IF(OR($C121<>\"S\",ORÇAMENTO.CodBarra=\"\"),\"(Sem Código)\",IF(ISERROR(MATCH($AE121,INDIRECT(ORÇAMENTO.BancoRef),0)),\"(Código não identificado nas referências)\",MATCH($AE121,INDIRECT(ORÇAMENTO.BancoRef),0))))","v":14356},{"$f":"ROUND(IF(DESONERACAO=\"sim\",REFERENCIA.Desonerado,REFERENCIA.NaoDesonerado),2)","v":0.85},0.25390000000000001,null,null,null,null,74.3,{"$f":"ROUND(ORÇAMENTO.CustoUnitario*(1+$AH121),2)","v":0.92}]
["S",3,"S",0,{"$f":"IF($C122=1,OFFSET(E122,-1,0)+MAX(1,COUNTIF(QCI!$A$13:$A$24,OFFSET(ORÇAMENTO!E122,-1,0))),OFFSET(E122,-1,0))","v":1},8,2,0,2,0,{"$f":"IF(OR($C122=\"S\",$C122=0),0,MATCH(OFFSET($D122,0,$C122)+IF($C122<>1,1,COUNTIF(QCI!$A$13:$A$24,ORÇAMENTO!E122)),OFFSET($D122,1,$C122,ROW($C$237)-ROW($C122)),0))","v":0},"F","Serviço","Serviço","1.8.2.0.2.","SINAPI","94990",{"$f":"IF($C122=\"S\",REFERENCIA.Descricao,\"(digite a descrição aqui)\")","v":"EXECUÇÃO DE PASSEIO (CALÇADA) OU PISO DE CONCRETO COM CONCRETO MOLDADO IN LOCO, FEITO EM OBRA, ACABAMENTO CONVENCIONAL, NÃO ARMADO. AF_08/2022"},{"$f":"REFERENCIA.Unidade","v":"M3"},{"$f":"OFFSET(CÁLCULO!H$15,ROW($T122)-ROW(T$15),0)","v":5.6499999999999995},684.04,"BDI 1",{"$f":"IF($C122=\"S\",ROUND(IF(TIPOORCAMENTO=\"Proposto\",ORÇAMENTO.CustoUnitario*(1+$AH122),ORÇAMENTO.PrecoUnitarioLicitado),15-13*$AF$10),0)","v":857.72},{"$f":"IF($C122=\"S\",IF(OR(Import.TipoArredondamento<>\"TransfereGOV\",ACOMPANHAMENTO=\"BM\"),VTOTAL1,SUM(OFFSET(CÁLCULO!$AQ$15,ROW($X122)-ROW($X$15),1):OFFSET(CÁLCULO!$BR$15,ROW($X122)-ROW($X$15),-1))),IF($C122=0,0,ROUND(SomaAgrup,15-13*$AF$11)))","v":4846.1000000000004},"RA","RA",{"$f":"IF($C122=\"S\",IF($Z122=\"CP\",$X122,IF($Z122=\"RA\",(($X122)*QCI!$AA$3),0)),SomaAgrup)","v":70.80155160532172},{"$f":"IF($C122=\"S\",IF($Z122=\"OU\",ROUND($X122,2),0),SomaAgrup)","v":0},{"$f":"IF($N122=\"\",\" \",\nIF(AND($C122<>\"S\",OR($R122=\"\",$R122=\"(digite a descrição aqui)\")),\"DESCRIÇÃO\",\nIF(AND($C122=\"S\",OR($Q122<>\"\",$T122>0,$U122>0),$P122=\"\"),\"FONTE\",\nIF(AND($C122=\"S\",$P122<>\"\",OR($T122>0,$U122>0),$Q122=\"\"),\"CÓDIGO\",\nIF(AND($C122=\"S\",$P122<>\"\",$Q122<>\"\",$R122=\"(Código não identificado nas referências)\"),\"CÓDIGO N/ID\",\nIF(AND($C122=\"S\",OR($R122=\"\",$R122=\"(digite a descrição aqui)\"),OR($Q122<>\"\",$T122>0,$U122>0)),\"DESCRIÇÃO\",\nIF(AND($C122=\"S\",$P122<>\"\",$Q122<>\"\",$S122=\"\"),\"UNIDADE\",\nIF(AND($C122=\"S\",$P122<>\"\",$Q122<>\"\",$U122=0),\"SEM CUSTO\",\nIF(AND(TIPOORCAMENTO=\"Licitado\",$AL122=0,$AN122>0),\"SEM PREÇO\",\nIF(AND($C122=\"S\",$P122<>\"\",$Q122<>\"\",$U122>0,AND($V122<>\"BDI 1\",$V122<>\"BDI 2\",$V122<>\"BDI 3\")),IF(ISNUMBER($V122),\"JUSTIFICAR BDI\",\"BDI\"),\nIF(OR(AND(import.recurso=\"OGU\",TIPOORCAMENTO=\"Proposto\",LEFT($O$8,5)<>\"(N/D:\",$AG122<>\"\",ORÇAMENTO.CustoUnitario>$AG122),AND(TIPOORCAMENTO=\"LICITADO\",ORÇAMENTO.PrecoUnitarioLicitado>$AN122)),\"ACIMA REF.\",\nIF(AND($C122=\"S\",$P122<>\"\",$Q122<>\"\",$T122=0,$U122>0),\"QUANT.\",\nIF(AND(Import.TipoArredondamento=\"TransfereGOV\",$L122=\"F\",$C122=\"S\",LEN($Q122)>13),\"Código >13\",\nIF(AND(Import.TipoArredondamento=\"TransfereGOV\",$L122=\"F\",$C122<>\"S\",LEN($R122)>100),\"Descrição >100\",\nIF(AND(Import.TipoArredondamento=\"TransfereGOV\",$L122=\"F\",$C122=\"S\",LEN($R122)>500),\"Descrição >500\",\nIF(AND(Import.TipoArredondamento=\"TransfereGOV\",$L122=\"F\",$C122=\"S\",LEFT(TRIM(UPPER($P122)),6)<>\"SINAPI\",ISNA(VLOOKUP(TRIM(UPPER($S122)),ListaTgov.Unidades,1,FALSE))),\"Unid. Não Disp\",\n\" \"))))))))))))))))","v":" "},{"$f":"IF(C122<=CRONO.NivelExibicao,MAX($AD$15:OFFSET(AD122,-1,0))+IF($C122<>1,1,MAX(1,COUNTIF(QCI!$A$13:$A$24,OFFSET($E122,-1,0)))),\"\")","v":""},{"$f":"IF(AND($C122=\"S\",ORÇAMENTO.CodBarra<>\"\"),IF(ORÇAMENTO.Fonte=\"\",ORÇAMENTO.CodBarra,CONCATENATE(ORÇAMENTO.Fonte,\" \",ORÇAMENTO.CodBarra)))","v":"SINAPI 94990"},{"$f":"IF(ISERROR(ORÇAMENTO.BancoRef),\"(abra o arquivo 'Referência \"&Excel_BuiltIn_Database&\".xlsm)\",IF(OR($C122<>\"S\",ORÇAMENTO.CodBarra=\"\"),\"(Sem Código)\",IF(ISERROR(MATCH($AE122,INDIRECT(ORÇAMENTO.BancoRef),0)),\"(Código não identificado nas referências)\",MATCH($AE122,INDIRECT(ORÇAMENTO.BancoRef),0))))","v":13648},{"$f":"ROUND(IF(DESONERACAO=\"sim\",REFERENCIA.Desonerado,REFERENCIA.NaoDesonerado),2)","v":786.65},0.25390000000000001,null,null,null,null,4846.1000000000004,{"$f":"ROUND(ORÇAMENTO.CustoUnitario*(1+$AH122),2)","v":857.72}]
[3,3,3,4,{"$f":"IF($C123=1,OFFSET(E123,-1,0)+MAX(1,COUNTIF(QCI!$A$13:$A$24,OFFSET(ORÇAMENTO!E123,-1,0))),OFFSET(E123,-1,0))","v":1},8,3,0,0,4,{"$f":"IF(OR($C123=\"S\",$C123=0),0,MATCH(OFFSET($D123,0,$C123)+IF($C123<>1,1,COUNTIF(QCI!$A$13:$A$24,ORÇAMENTO!E123)),OFFSET($D123,1,$C123,ROW($C$237)-ROW($C123)),0))","v":96},"F","Nível 3","Nível 3","1.8.3.","","","RODAPÉS, SOLEIRAS E PEITORIS",null,{"$f":"OFFSET(CÁLCULO!H$15,ROW($T123)-ROW(T$15),0)","v":0},0,"BDI 1",{"$f":"IF($C123=\"S\",ROUND(IF(TIPOORCAMENTO=\"Proposto\",ORÇAMENTO.CustoUnitario*(1+$AH123),ORÇAMENTO.PrecoUnitarioLicitado),15-13*$AF$10),0)","v":0},{"$f":"IF($C123=\"S\",IF(OR(Import.TipoArredondamento<>\"TransfereGOV\",ACOMPANHAMENTO=\"BM\"),VTOTAL1,SUM(OFFSET(CÁLCULO!$AQ$15,ROW($X123)-ROW($X$15),1):OFFSET(CÁLCULO!$BR$15,ROW($X123)-ROW($X$15),-1))),IF($C123=0,0,ROUND(SomaAgrup,15-13*$AF$11)))","v":8622.5},"RA","",{"$f":"IF($C123=\"S\",IF($Z123=\"CP\",$X123,IF($Z123=\"RA\",(($X123)*QCI!$AA$3),0)),SomaAgrup)","v":125.97477945500226},{"$f":"IF($C123=\"S\",IF($Z123=\"OU\",ROUND($X123,2),0),SomaAgrup)","v":0},{"$f":"IF($N123=\"\",\" \",\nIF(AND($C123<>\"S\",OR($R123=\"\",$R123=\"(digite a descrição aqui)\")),\"DESCRIÇÃO\",\nIF(AND($C123=\"S\",OR($Q123<>\"\",$T123>0,$U123>0),$P123=\"\"),\"FONTE\",\nIF(AND($C123=\"S\",$P123<>\"\",OR($T123>0,$U123>0),$Q123=\"\"),\"CÓDIGO\",\nIF(AND($C123=\"S\",$P123<>\"\",$Q123<>\"\",$R123=\"(Código não identificado nas referências)\"),\"CÓDIGO N/ID\",\nIF(AND($C123=\"S\",OR($R123=\"\",$R123=\"(digite a descrição aqui)\"),OR($Q123<>\"\",$T123>0,$U123>0)),\"DESCRIÇÃO\",\nIF(AND($C123=\"S\",$P123<>\"\",$Q123<>\"\",$S123=\"\"),\"UNIDADE\",\nIF(AND($C123=\"S\",$P123<>\"\",$Q123<>\"\",$U123=0),\"SEM CUSTO\",\nIF(AND(TIPOORCAMENTO=\"Licitado\",$AL123=0,$AN123>0),\"SEM PREÇO\",\nIF(AND($C123=\"S\",$P123<>\"\",$Q123<>\"\",$U123>0,AND($V123<>\"BDI 1\",$V123<>\"BDI 2\",$V123<>\"BDI 3\")),IF(ISNUMBER($V123),\"JUSTIFICAR BDI\",\"BDI\"),\nIF(OR(AND(import.recurso=\"OGU\",TIPOORCAMENTO=\"Proposto\",LEFT($O$8,5)<>\"(N/D:\",$AG123<>\"\",ORÇAMENTO.CustoUnitario>$AG123),AND(TIPOORCAMENTO=\"LICITADO\",ORÇAMENTO.PrecoUnitarioLicitado>$AN123)),\"ACIMA REF.\",\nIF(AND($C123=\"S\",$P123<>\"\",$Q123<>\"\",$T123=0,$U123>0),\"QUANT.\",\nIF(AND(Import.TipoArredondamento=\"TransfereGOV\",$L123=\"F\",$C123=\"S\",LEN($Q123)>13),\"Código >13\",\nIF(AND(Import.TipoArredondamento=\"TransfereGOV\",$L123=\"F\",$C123<>\"S\",LEN($R123)>100),\"Descrição >100\",\nIF(AND(Import.TipoArredondamento=\"TransfereGOV\",$L123=\"F\",$C123=\"S\",LEN($R123)>500),\"Descrição >500\",\nIF(AND(Import.TipoArredondamento=\"TransfereGOV\",$L123=\"F\",$C123=\"S\",LEFT(TRIM(UPPER($P123)),6)<>\"SINAPI\",ISNA(VLOOKUP(TRIM(UPPER($S123)),ListaTgov.Unidades,1,FALSE))),\"Unid. Não Disp\",\n\" \"))))))))))))))))","v":" "},{"$f":"IF(C123<=CRONO.NivelExibicao,MAX($AD$15:OFFSET(AD123,-1,0))+IF($C123<>1,1,MAX(1,COUNTIF(QCI!$A$13:$A$24,OFFSET($E123,-1,0)))),\"\")","v":""},{"$f":"IF(AND($C123=\"S\",ORÇAMENTO.CodBarra<>\"\"),IF(ORÇAMENTO.Fonte=\"\",ORÇAMENTO.CodBarra,CONCATENATE(ORÇAMENTO.Fonte,\" \",ORÇAMENTO.CodBarra)))","v":false},{"$f":"IF(ISERROR(ORÇAMENTO.BancoRef),\"(abra o arquivo 'Referência \"&Excel_BuiltIn_Database&\".xlsm)\",IF(OR($C123<>\"S\",ORÇAMENTO.CodBarra=\"\"),\"(Sem Código)\",IF(ISERROR(MATCH($AE123,INDIRECT(ORÇAMENTO.BancoRef),0)),\"(Código não identificado nas referências)\",MATCH($AE123,INDIRECT(ORÇAMENTO.BancoRef),0))))","v":"(Sem Código)"},{"$f":"ROUND(IF(DESONERACAO=\"sim\",REFERENCIA.Desonerado,REFERENCIA.NaoDesonerado),2)","v":0},0.25390000000000001,null,null,null,null,8622.5,{"$f":"ROUND(ORÇAMENTO.CustoUnitario*(1+$AH123),2)","v":0}]
["S",3,"S",0,{"$f":"IF($C124=1,OFFSET(E124,-1,0)+MAX(1,COUNTIF(QCI!$A$13:$A$24,OFFSET(ORÇAMENTO!E124,-1,0))),OFFSET(E124,-1,0))","v":1},8,3,0,1,0,{"$f":"IF(OR($C124=\"S\",$C124=0),0,MATCH(OFFSET($D124,0,$C124)+IF($C124<>1,1,COUNTIF(QCI!$A$13:$A$24,ORÇAMENTO!E124)),OFFSET($D124,1,$C124,ROW($C$237)-ROW($C124)),0))","v":0},"F","Serviço","Serviço","1.8.3.0.1.","SINAPI","98695",{"$f":"IF($C124=\"S\",REFERENCIA.Descricao,\"(digite a descrição aqui)\")","v":"SOLEIRA EM MÁRMORE, LARGURA 15 CM, ESPESSURA 2,0 CM. AF_09/2020"},{"$f":"REFERENCIA.Unidade","v":"M"},{"$f":"OFFSET(CÁLCULO!H$15,ROW($T124)-ROW(T$15),0)","v":12.6},97.64,"BDI 1",{"$f":"IF($C124=\"S\",ROUND(IF(TIPOORCAMENTO=\"Proposto\",ORÇAMENTO.CustoUnitario*(1+$AH124),ORÇAMENTO.PrecoUnitarioLicitado),15-13*$AF$10),0)","v":122.43},{"$f":"IF($C124=\"S\",IF(OR(Import.TipoArredondamento<>\"TransfereGOV\",ACOMPANHAMENTO=\"BM\"),VTOTAL1,SUM(OFFSET(CÁLCULO!$AQ$15,ROW($X124)-ROW($X$15),1):OFFSET(CÁLCULO!$BR$15,ROW($X124)-ROW($X$15),-1))),IF($C124=0,0,ROUND(SomaAgrup,15-13*$AF$11)))","v":1542.6},"RA","RA",{"$f":"IF($C124=\"S\",IF($Z124=\"CP\",$X124,IF($Z124=\"RA\",(($X124)*QCI!$AA$3),0)),SomaAgrup)","v":22.537395742219367},{"$f":"IF($C124=\"S\",IF($Z124=\"OU\",ROUND($X124,2),0),SomaAgrup)","v":0},{"$f":"IF($N124=\"\",\" \",\nIF(AND($C124<>\"S\",OR($R124=\"\",$R124=\"(digite a descrição aqui)\")),\"DESCRIÇÃO\",\nIF(AND($C124=\"S\",OR($Q124<>\"\",$T124>0,$U124>0),$P124=\"\"),\"FONTE\",\nIF(AND($C124=\"S\",$P124<>\"\",OR($T124>0,$U124>0),$Q124=\"\"),\"CÓDIGO\",\nIF(AND($C124=\"S\",$P124<>\"\",$Q124<>\"\",$R124=\"(Código não identificado nas referências)\"),\"CÓDIGO N/ID\",\nIF(AND($C124=\"S\",OR($R124=\"\",$R124=\"(digite a descrição aqui)\"),OR($Q124<>\"\",$T124>0,$U124>0)),\"DESCRIÇÃO\",\nIF(AND($C124=\"S\",$P124<>\"\",$Q124<>\"\",$S124=\"\"),\"UNIDADE\",\nIF(AND($C124=\"S\",$P124<>\"\",$Q124<>\"\",$U124=0),\"SEM CUSTO\",\nIF(AND(TIPOORCAMENTO=\"Licitado\",$AL124=0,$AN124>0),\"SEM PREÇO\",\nIF(AND($C124=\"S\",$P124<>\"\",$Q124<>\"\",$U124>0,AND($V124<>\"BDI 1\",$V124<>\"BDI 2\",$V124<>\"BDI 3\")),IF(ISNUMBER($V124),\"JUSTIFICAR BDI\",\"BDI\"),\nIF(OR(AND(import.recurso=\"OGU\",TIPOORCAMENTO=\"Proposto\",LEFT($O$8,5)<>\"(N/D:\",$AG124<>\"\",ORÇAMENTO.CustoUnitario>$AG124),AND(TIPOORCAMENTO=\"LICITADO\",ORÇAMENTO.PrecoUnitarioLicitado>$AN124)),\"ACIMA REF.\",\nIF(AND($C124=\"S\",$P124<>\"\",$Q124<>\"\",$T124=0,$U124>0),\"QUANT.\",\nIF(AND(Import.TipoArredondamento=\"TransfereGOV\",$L124=\"F\",$C124=\"S\",LEN($Q124)>13),\"Código >13\",\nIF(AND(Import.TipoArredondamento=\"TransfereGOV\",$L124=\"F\",$C124<>\"S\",LEN($R124)>100),\"Descrição >100\",\nIF(AND(Import.TipoArredondamento=\"TransfereGOV\",$L124=\"F\",$C124=\"S\",LEN($R124)>500),\"Descrição >500\",\nIF(AND(Import.TipoArredondamento=\"TransfereGOV\",$L124=\"F\",$C124=\"S\",LEFT(TRIM(UPPER($P124)),6)<>\"SINAPI\",ISNA(VLOOKUP(TRIM(UPPER($S124)),ListaTgov.Unidades,1,FALSE))),\"Unid. Não Disp\",\n\" \"))))))))))))))))","v":" "},{"$f":"IF(C124<=CRONO.NivelExibicao,MAX($AD$15:OFFSET(AD124,-1,0))+IF($C124<>1,1,MAX(1,COUNTIF(QCI!$A$13:$A$24,OFFSET($E124,-1,0)))),\"\")","v":""},{"$f":"IF(AND($C124=\"S\",ORÇAMENTO.CodBarra<>\"\"),IF(ORÇAMENTO.Fonte=\"\",ORÇAMENTO.CodBarra,CONCATENATE(ORÇAMENTO.Fonte,\" \",ORÇAMENTO.CodBarra)))","v":"SINAPI 98695"},{"$f":"IF(ISERROR(ORÇAMENTO.BancoRef),\"(abra o arquivo 'Referência \"&Excel_BuiltIn_Database&\".xlsm)\",IF(OR($C124<>\"S\",ORÇAMENTO.CodBarra=\"\"),\"(Sem Código)\",IF(ISERROR(MATCH($AE124,INDIRECT(ORÇAMENTO.BancoRef),0)),\"(Código não identificado nas referências)\",MATCH($AE124,INDIRECT(ORÇAMENTO.BancoRef),0))))","v":14031},{"$f":"ROUND(IF(DESONERACAO=\"sim\",REFERENCIA.Desonerado,REFERENCIA.NaoDesonerado),2)","v":112.29},0.25390000000000001,null,null,null,null,1542.6,{"$f":"ROUND(ORÇAMENTO.CustoUnitario*(1+$AH124),2)","v":122.43}]
["S",3,"S",0,{"$f":"IF($C125=1,OFFSET(E125,-1,0)+MAX(1,COUNTIF(QCI!$A$13:$A$24,OFFSET(ORÇAMENTO!E125,-1,0))),OFFSET(E125,-1,0))","v":1},8,3,0,2,0,{"$f":"IF(OR($C125=\"S\",$C125=0),0,MATCH(OFFSET($D125,0,$C125)+IF($C125<>1,1,COUNTIF(QCI!$A$13:$A$24,ORÇAMENTO!E125)),OFFSET($D125,1,$C125,ROW($C$237)-ROW($C125)),0))","v":0},"F","Serviço","Serviço","1.8.3.0.2.","SINAPI","88648",{"$f":"IF($C125=\"S\",REFERENCIA.Descricao,\"(digite a descrição aqui)\")","v":"RODAPÉ CERÂMICO DE 7CM DE ALTURA COM PLACAS TIPO ESMALTADA DE DIMENSÕES 35X35CM. AF_02/2023"},{"$f":"REFERENCIA.Unidade","v":"M"},{"$f":"OFFSET(CÁLCULO!H$15,ROW($T125)-ROW(T$15),0)","v":193.5},7.19,"BDI 1",{"$f":"IF($C125=\"S\",ROUND(IF(TIPOORCAMENTO=\"Proposto\",ORÇAMENTO.CustoUnitario*(1+$AH125),ORÇAMENTO.PrecoUnitarioLicitado),15-13*$AF$10),0)","v":9.02},{"$f":"IF($C125=\"S\",IF(OR(Import.TipoArredondamento<>\"TransfereGOV\",ACOMPANHAMENTO=\"BM\"),VTOTAL1,SUM(OFFSET(CÁLCULO!$AQ$15,ROW($X125)-ROW($X$15),1):OFFSET(CÁLCULO!$BR$15,ROW($X125)-ROW($X$15),-1))),IF($C125=0,0,ROUND(SomaAgrup,15-13*$AF$11)))","v":1745.35},"RA","RA",{"$f":"IF($C125=\"S\",IF($Z125=\"CP\",$X125,IF($Z125=\"RA\",(($X125)*QCI!$AA$3),0)),SomaAgrup)","v":25.499574522677669},{"$f":"IF($C125=\"S\",IF($Z125=\"OU\",ROUND($X125,2),0),SomaAgrup)","v":0},{"$f":"IF($N125=\"\",\" \",\nIF(AND($C125<>\"S\",OR($R125=\"\",$R125=\"(digite a descrição aqui)\")),\"DESCRIÇÃO\",\nIF(AND($C125=\"S\",OR($Q125<>\"\",$T125>0,$U125>0),$P125=\"\"),\"FONTE\",\nIF(AND($C125=\"S\",$P125<>\"\",OR($T125>0,$U125>0),$Q125=\"\"),\"CÓDIGO\",\nIF(AND($C125=\"S\",$P125<>\"\",$Q125<>\"\",$R125=\"(Código não identificado nas referências)\"),\"CÓDIGO N/ID\",\nIF(AND($C125=\"S\",OR($R125=\"\",$R125=\"(digite a descrição aqui)\"),OR($Q125<>\"\",$T125>0,$U125>0)),\"DESCRIÇÃO\",\nIF(AND($C125=\"S\",$P125<>\"\",$Q125<>\"\",$S125=\"\"),\"UNIDADE\",\nIF(AND($C125=\"S\",$P125<>\"\",$Q125<>\"\",$U125=0),\"SEM CUSTO\",\nIF(AND(TIPOORCAMENTO=\"Licitado\",$AL125=0,$AN125>0),\"SEM PREÇO\",\nIF(AND($C125=\"S\",$P125<>\"\",$Q125<>\"\",$U125>0,AND($V125<>\"BDI 1\",$V125<>\"BDI 2\",$V125<>\"BDI 3\")),IF(ISNUMBER($V125),\"JUSTIFICAR BDI\",\"BDI\"),\nIF(OR(AND(import.recurso=\"OGU\",TIPOORCAMENTO=\"Proposto\",LEFT($O$8,5)<>\"(N/D:\",$AG125<>\"\",ORÇAMENTO.CustoUnitario>$AG125),AND(TIPOORCAMENTO=\"LICITADO\",ORÇAMENTO.PrecoUnitarioLicitado>$AN125)),\"ACIMA REF.\",\nIF(AND($C125=\"S\",$P125<>\"\",$Q125<>\"\",$T125=0,$U125>0),\"QUANT.\",\nIF(AND(Import.TipoArredondamento=\"TransfereGOV\",$L125=\"F\",$C125=\"S\",LEN($Q125)>13),\"Código >13\",\nIF(AND(Import.TipoArredondamento=\"TransfereGOV\",$L125=\"F\",$C125<>\"S\",LEN($R125)>100),\"Descrição >100\",\nIF(AND(Import.TipoArredondamento=\"TransfereGOV\",$L125=\"F\",$C125=\"S\",LEN($R125)>500),\"Descrição >500\",\nIF(AND(Import.TipoArredondamento=\"TransfereGOV\",$L125=\"F\",$C125=\"S\",LEFT(TRIM(UPPER($P125)),6)<>\"SINAPI\",ISNA(VLOOKUP(TRIM(UPPER($S125)),ListaTgov.Unidades,1,FALSE))),\"Unid. Não Disp\",\n\" \"))))))))))))))))","v":" "},{"$f":"IF(C125<=CRONO.NivelExibicao,MAX($AD$15:OFFSET(AD125,-1,0))+IF($C125<>1,1,MAX(1,COUNTIF(QCI!$A$13:$A$24,OFFSET($E125,-1,0)))),\"\")","v":""},{"$f":"IF(AND($C125=\"S\",ORÇAMENTO.CodBarra<>\"\"),IF(ORÇAMENTO.Fonte=\"\",ORÇAMENTO.CodBarra,CONCATENATE(ORÇAMENTO.Fonte,\" \",ORÇAMENTO.CodBarra)))","v":"SINAPI 88648"},{"$f":"IF(ISERROR(ORÇAMENTO.BancoRef),\"(abra o arquivo 'Referência \"&Excel_BuiltIn_Database&\".xlsm)\",IF(OR($C125<>\"S\",ORÇAMENTO.CodBarra=\"\"),\"(Sem Código)\",IF(ISERROR(MATCH($AE125,INDIRECT(ORÇAMENTO.BancoRef),0)),\"(Código não identificado nas referências)\",MATCH($AE125,INDIRECT(ORÇAMENTO.BancoRef),0))))","v":14804},{"$f":"ROUND(IF(DESONERACAO=\"sim\",REFERENCIA.Desonerado,REFERENCIA.NaoDesonerado),2)","v":8.27},0.25390000000000001,null,null,null,null,1745.35,{"$f":"ROUND(ORÇAMENTO.CustoUnitario*(1+$AH125),2)","v":9.02}]
["S",3,"S",0,{"$f":"IF($C126=1,OFFSET(E126,-1,0)+MAX(1,COUNTIF(QCI!$A$13:$A$24,OFFSET(ORÇAMENTO!E126,-1,0))),OFFSET(E126,-1,0))","v":1},8,3,0,3,0,{"$f":"IF(OR($C126=\"S\",$C126=0),0,MATCH(OFFSET($D126,0,$C126)+IF($C126<>1,1,COUNTIF(QCI!$A$13:$A$24,ORÇAMENTO!E126)),OFFSET($D126,1,$C126,ROW($C$237)-ROW($C126)),0))","v":0},"F","Serviço","Serviço","1.8.3.0.3.","SINAPI","101965",{"$f":"IF($C126=\"S\",REFERENCIA.Descricao,\"(digite a descrição aqui)\")","v":"PEITORIL LINEAR EM GRANITO OU MÁRMORE, L = 15CM, ASSENTADO COM ARGAMASSA 1:6 COM ADITIVO. AF_11/2020"},{"$f":"REFERENCIA.Unidade","v":"M"},{"$f":"OFFSET(CÁLCULO!H$15,ROW($T126)-ROW(T$15),0)","v":32.5},130.9,"BDI 1",{"$f":"IF($C126=\"S\",ROUND(IF(TIPOORCAMENTO=\"Proposto\",ORÇAMENTO.CustoUnitario*(1+$AH126),ORÇAMENTO.PrecoUnitarioLicitado),15-13*$AF$10),0)","v":164.14},{"$f":"IF($C126=\"S\",IF(OR(Import.TipoArredondamento<>\"TransfereGOV\",ACOMPANHAMENTO=\"BM\"),VTOTAL1,SUM(OFFSET(CÁLCULO!$AQ$15,ROW($X126)-ROW($X$15),1):OFFSET(CÁLCULO!$BR$15,ROW($X126)-ROW($X$15),-1))),IF($C126=0,0,ROUND(SomaAgrup,15-13*$AF$11)))","v":5334.55},"RA","RA",{"$f":"IF($C126=\"S\",IF($Z126=\"CP\",$X126,IF($Z126=\"RA\",(($X126)*QCI!$AA$3),0)),SomaAgrup)","v":77.937809190105227},{"$f":"IF($C126=\"S\",IF($Z126=\"OU\",ROUND($X126,2),0),SomaAgrup)","v":0},{"$f":"IF($N126=\"\",\" \",\nIF(AND($C126<>\"S\",OR($R126=\"\",$R126=\"(digite a descrição aqui)\")),\"DESCRIÇÃO\",\nIF(AND($C126=\"S\",OR($Q126<>\"\",$T126>0,$U126>0),$P126=\"\"),\"FONTE\",\nIF(AND($C126=\"S\",$P126<>\"\",OR($T126>0,$U126>0),$Q126=\"\"),\"CÓDIGO\",\nIF(AND($C126=\"S\",$P126<>\"\",$Q126<>\"\",$R126=\"(Código não identificado nas referências)\"),\"CÓDIGO N/ID\",\nIF(AND($C126=\"S\",OR($R126=\"\",$R126=\"(digite a descrição aqui)\"),OR($Q126<>\"\",$T126>0,$U126>0)),\"DESCRIÇÃO\",\nIF(AND($C126=\"S\",$P126<>\"\",$Q126<>\"\",$S126=\"\"),\"UNIDADE\",\nIF(AND($C126=\"S\",$P126<>\"\",$Q126<>\"\",$U126=0),\"SEM CUSTO\",\nIF(AND(TIPOORCAMENTO=\"Licitado\",$AL126=0,$AN126>0),\"SEM PREÇO\",\nIF(AND($C126=\"S\",$P126<>\"\",$Q126<>\"\",$U126>0,AND($V126<>\"BDI 1\",$V126<>\"BDI 2\",$V126<>\"BDI 3\")),IF(ISNUMBER($V126),\"JUSTIFICAR BDI\",\"BDI\"),\nIF(OR(AND(import.recurso=\"OGU\",TIPOORCAMENTO=\"Proposto\",LEFT($O$8,5)<>\"(N/D:\",$AG126<>\"\",ORÇAMENTO.CustoUnitario>$AG126),AND(TIPOORCAMENTO=\"LICITADO\",ORÇAMENTO.PrecoUnitarioLicitado>$AN126)),\"ACIMA REF.\",\nIF(AND($C126=\"S\",$P126<>\"\",$Q126<>\"\",$T126=0,$U126>0),\"QUANT.\",\nIF(AND(Import.TipoArredondamento=\"TransfereGOV\",$L126=\"F\",$C126=\"S\",LEN($Q126)>13),\"Código >13\",\nIF(AND(Import.TipoArredondamento=\"TransfereGOV\",$L126=\"F\",$C126<>\"S\",LEN($R126)>100),\"Descrição >100\",\nIF(AND(Import.TipoArredondamento=\"TransfereGOV\",$L126=\"F\",$C126=\"S\",LEN($R126)>500),\"Descrição >500\",\nIF(AND(Import.TipoArredondamento=\"TransfereGOV\",$L126=\"F\",$C126=\"S\",LEFT(TRIM(UPPER($P126)),6)<>\"SINAPI\",ISNA(VLOOKUP(TRIM(UPPER($S126)),ListaTgov.Unidades,1,FALSE))),\"Unid. Não Disp\",\n\" \"))))))))))))))))","v":" "},{"$f":"IF(C126<=CRONO.NivelExibicao,MAX($AD$15:OFFSET(AD126,-1,0))+IF($C126<>1,1,MAX(1,COUNTIF(QCI!$A$13:$A$24,OFFSET($E126,-1,0)))),\"\")","v":""},{"$f":"IF(AND($C126=\"S\",ORÇAMENTO.CodBarra<>\"\"),IF(ORÇAMENTO.Fonte=\"\",ORÇAMENTO.CodBarra,CONCATENATE(ORÇAMENTO.Fonte,\" \",ORÇAMENTO.CodBarra)))","v":"SINAPI 101965"},{"$f":"IF(ISERROR(ORÇAMENTO.BancoRef),\"(abra o arquivo 'Referência \"&Excel_BuiltIn_Database&\".xlsm)\",IF(OR($C126<>\"S\",ORÇAMENTO.CodBarra=\"\"),\"(Sem Código)\",IF(ISERROR(MATCH($AE126,INDIRECT(ORÇAMENTO.BancoRef),0)),\"(Código não identificado nas referências)\",MATCH($AE126,INDIRECT(ORÇAMENTO.BancoRef),0))))","v":13733},{"$f":"ROUND(IF(DESONERACAO=\"sim\",REFERENCIA.Desonerado,REFERENCIA.NaoDesonerado),2)","v":150.54},0.25390000000000001,null,null,null,null,5334.55,{"$f":"ROUND(ORÇAMENTO.CustoUnitario*(1+$AH126),2)","v":164.14}]
[2,2,2,99,{"$f":"IF($C127=1,OFFSET(E127,-1,0)+MAX(1,COUNTIF(QCI!$A$13:$A$24,OFFSET(ORÇAMENTO!E127,-1,0))),OFFSET(E127,-1,0))","v":1},9,0,0,0,110,{"$f":"IF(OR($C127=\"S\",$C127=0),0,MATCH(OFFSET($D127,0,$C127)+IF($C127<>1,1,COUNTIF(QCI!$A$13:$A$24,ORÇAMENTO!E127)),OFFSET($D127,1,$C127,ROW($C$237)-ROW($C127)),0))","v":99},"F","Nível 2","Nível 2","1.9.","","","INSTALAÇÕES",null,{"$f":"OFFSET(CÁLCULO!H$15,ROW($T127)-ROW(T$15),0)","v":0},0,"BDI 1",{"$f":"IF($C127=\"S\",ROUND(IF(TIPOORCAMENTO=\"Proposto\",ORÇAMENTO.CustoUnitario*(1+$AH127),ORÇAMENTO.PrecoUnitarioLicitado),15-13*$AF$10),0)","v":0},{"$f":"IF($C127=\"S\",IF(OR(Import.TipoArredondamento<>\"TransfereGOV\",ACOMPANHAMENTO=\"BM\"),VTOTAL1,SUM(OFFSET(CÁLCULO!$AQ$15,ROW($X127)-ROW($X$15),1):OFFSET(CÁLCULO!$BR$15,ROW($X127)-ROW($X$15),-1))),IF($C127=0,0,ROUND(SomaAgrup,15-13*$AF$11)))","v":109611.6},"RA","",{"$f":"IF($C127=\"S\",IF($Z127=\"CP\",$X127,IF($Z127=\"RA\",(($X127)*QCI!$AA$3),0)),SomaAgrup)","v":1601.4261682470192},{"$f":"IF($C127=\"S\",IF($Z127=\"OU\",ROUND($X127,2),0),SomaAgrup)","v":0},{"$f":"IF($N127=\"\",\" \",\nIF(AND($C127<>\"S\",OR($R127=\"\",$R127=\"(digite a descrição aqui)\")),\"DESCRIÇÃO\",\nIF(AND($C127=\"S\",OR($Q127<>\"\",$T127>0,$U127>0),$P127=\"\"),\"FONTE\",\nIF(AND($C127=\"S\",$P127<>\"\",OR($T127>0,$U127>0),$Q127=\"\"),\"CÓDIGO\",\nIF(AND($C127=\"S\",$P127<>\"\",$Q127<>\"\",$R127=\"(Código não identificado nas referências)\"),\"CÓDIGO N/ID\",\nIF(AND($C127=\"S\",OR($R127=\"\",$R127=\"(digite a descrição aqui)\"),OR($Q127<>\"\",$T127>0,$U127>0)),\"DESCRIÇÃO\",\nIF(AND($C127=\"S\",$P127<>\"\",$Q127<>\"\",$S127=\"\"),\"UNIDADE\",\nIF(AND($C127=\"S\",$P127<>\"\",$Q127<>\"\",$U127=0),\"SEM CUSTO\",\nIF(AND(TIPOORCAMENTO=\"Licitado\",$AL127=0,$AN127>0),\"SEM PREÇO\",\nIF(AND($C127=\"S\",$P127<>\"\",$Q127<>\"\",$U127>0,AND($V127<>\"BDI 1\",$V127<>\"BDI 2\",$V127<>\"BDI 3\")),IF(ISNUMBER($V127),\"JUSTIFICAR BDI\",\"BDI\"),\nIF(OR(AND(import.recurso=\"OGU\",TIPOORCAMENTO=\"Proposto\",LEFT($O$8,5)<>\"(N/D:\",$AG127<>\"\",ORÇAMENTO.CustoUnitario>$AG127),AND(TIPOORCAMENTO=\"LICITADO\",ORÇAMENTO.PrecoUnitarioLicitado>$AN127)),\"ACIMA REF.\",\nIF(AND($C127=\"S\",$P127<>\"\",$Q127<>\"\",$T127=0,$U127>0),\"QUANT.\",\nIF(AND(Import.TipoArredondamento=\"TransfereGOV\",$L127=\"F\",$C127=\"S\",LEN($Q127)>13),\"Código >13\",\nIF(AND(Import.TipoArredondamento=\"TransfereGOV\",$L127=\"F\",$C127<>\"S\",LEN($R127)>100),\"Descrição >100\",\nIF(AND(Import.TipoArredondamento=\"TransfereGOV\",$L127=\"F\",$C127=\"S\",LEN($R127)>500),\"Descrição >500\",\nIF(AND(Import.TipoArredondamento=\"TransfereGOV\",$L127=\"F\",$C127=\"S\",LEFT(TRIM(UPPER($P127)),6)<>\"SINAPI\",ISNA(VLOOKUP(TRIM(UPPER($S127)),ListaTgov.Unidades,1,FALSE))),\"Unid. Não Disp\",\n\" \"))))))))))))))))","v":" "},{"$f":"IF(C127<=CRONO.NivelExibicao,MAX($AD$15:OFFSET(AD127,-1,0))+IF($C127<>1,1,MAX(1,COUNTIF(QCI!$A$13:$A$24,OFFSET($E127,-1,0)))),\"\")","v":10},{"$f":"IF(AND($C127=\"S\",ORÇAMENTO.CodBarra<>\"\"),IF(ORÇAMENTO.Fonte=\"\",ORÇAMENTO.CodBarra,CONCATENATE(ORÇAMENTO.Fonte,\" \",ORÇAMENTO.CodBarra)))","v":false},{"$f":"IF(ISERROR(ORÇAMENTO.BancoRef),\"(abra o arquivo 'Referência \"&Excel_BuiltIn_Database&\".xlsm)\",IF(OR($C127<>\"S\",ORÇAMENTO.CodBarra=\"\"),\"(Sem Código)\",IF(ISERROR(MATCH($AE127,INDIRECT(ORÇAMENTO.BancoRef),0)),\"(Código não identificado nas referências)\",MATCH($AE127,INDIRECT(ORÇAMENTO.BancoRef),0))))","v":"(Sem Código)"},{"$f":"ROUND(IF(DESONERACAO=\"sim\",REFERENCIA.Desonerado,REFERENCIA.NaoDesonerado),2)","v":0},0.25390000000000001,null,null,null,null,109611.6,{"$f":"ROUND(ORÇAMENTO.CustoUnitario*(1+$AH127),2)","v":0}]
[3,3,3,34,{"$f":"IF($C128=1,OFFSET(E128,-1,0)+MAX(1,COUNTIF(QCI!$A$13:$A$24,OFFSET(ORÇAMENTO!E128,-1,0))),OFFSET(E128,-1,0))","v":1},9,1,0,0,98,{"$f":"IF(OR($C128=\"S\",$C128=0),0,MATCH(OFFSET($D128,0,$C128)+IF($C128<>1,1,COUNTIF(QCI!$A$13:$A$24,ORÇAMENTO!E128)),OFFSET($D128,1,$C128,ROW($C$237)-ROW($C128)),0))","v":34},"F","Nível 3","Nível 3","1.9.1.","","","ELÉTRICAS / TELEFÔNICAS",null,{"$f":"OFFSET(CÁLCULO!H$15,ROW($T128)-ROW(T$15),0)","v":0},0,"BDI 1",{"$f":"IF($C128=\"S\",ROUND(IF(TIPOORCAMENTO=\"Proposto\",ORÇAMENTO.CustoUnitario*(1+$AH128),ORÇAMENTO.PrecoUnitarioLicitado),15-13*$AF$10),0)","v":0},{"$f":"IF($C128=\"S\",IF(OR(Import.TipoArredondamento<>\"TransfereGOV\",ACOMPANHAMENTO=\"BM\"),VTOTAL1,SUM(OFFSET(CÁLCULO!$AQ$15,ROW($X128)-ROW($X$15),1):OFFSET(CÁLCULO!$BR$15,ROW($X128)-ROW($X$15),-1))),IF($C128=0,0,ROUND(SomaAgrup,15-13*$AF$11)))","v":50414.25},"RA","",{"$f":"IF($C128=\"S\",IF($Z128=\"CP\",$X128,IF($Z128=\"RA\",(($X128)*QCI!$AA$3),0)),SomaAgrup)","v":736.55251088887769},{"$f":"IF($C128=\"S\",IF($Z128=\"OU\",ROUND($X128,2),0),SomaAgrup)","v":0},{"$f":"IF($N128=\"\",\" \",\nIF(AND($C128<>\"S\",OR($R128=\"\",$R128=\"(digite a descrição aqui)\")),\"DESCRIÇÃO\",\nIF(AND($C128=\"S\",OR($Q128<>\"\",$T128>0,$U128>0),$P128=\"\"),\"FONTE\",\nIF(AND($C128=\"S\",$P128<>\"\",OR($T128>0,$U128>0),$Q128=\"\"),\"CÓDIGO\",\nIF(AND($C128=\"S\",$P128<>\"\",$Q128<>\"\",$R128=\"(Código não identificado nas referências)\"),\"CÓDIGO N/ID\",\nIF(AND($C128=\"S\",OR($R128=\"\",$R128=\"(digite a descrição aqui)\"),OR($Q128<>\"\",$T128>0,$U128>0)),\"DESCRIÇÃO\",\nIF(AND($C128=\"S\",$P128<>\"\",$Q128<>\"\",$S128=\"\"),\"UNIDADE\",\nIF(AND($C128=\"S\",$P128<>\"\",$Q128<>\"\",$U128=0),\"SEM CUSTO\",\nIF(AND(TIPOORCAMENTO=\"Licitado\",$AL128=0,$AN128>0),\"SEM PREÇO\",\nIF(AND($C128=\"S\",$P128<>\"\",$Q128<>\"\",$U128>0,AND($V128<>\"BDI 1\",$V128<>\"BDI 2\",$V128<>\"BDI 3\")),IF(ISNUMBER($V128),\"JUSTIFICAR BDI\",\"BDI\"),\nIF(OR(AND(import.recurso=\"OGU\",TIPOORCAMENTO=\"Proposto\",LEFT($O$8,5)<>\"(N/D:\",$AG128<>\"\",ORÇAMENTO.CustoUnitario>$AG128),AND(TIPOORCAMENTO=\"LICITADO\",ORÇAMENTO.PrecoUnitarioLicitado>$AN128)),\"ACIMA REF.\",\nIF(AND($C128=\"S\",$P128<>\"\",$Q128<>\"\",$T128=0,$U128>0),\"QUANT.\",\nIF(AND(Import.TipoArredondamento=\"TransfereGOV\",$L128=\"F\",$C128=\"S\",LEN($Q128)>13),\"Código >13\",\nIF(AND(Import.TipoArredondamento=\"TransfereGOV\",$L128=\"F\",$C128<>\"S\",LEN($R128)>100),\"Descrição >100\",\nIF(AND(Import.TipoArredondamento=\"TransfereGOV\",$L128=\"F\",$C128=\"S\",LEN($R128)>500),\"Descrição >500\",\nIF(AND(Import.TipoArredondamento=\"TransfereGOV\",$L128=\"F\",$C128=\"S\",LEFT(TRIM(UPPER($P128)),6)<>\"SINAPI\",ISNA(VLOOKUP(TRIM(UPPER($S128)),ListaTgov.Unidades,1,FALSE))),\"Unid. Não Disp\",\n\" \"))))))))))))))))","v":" "},{"$f":"IF(C128<=CRONO.NivelExibicao,MAX($AD$15:OFFSET(AD128,-1,0))+IF($C128<>1,1,MAX(1,COUNTIF(QCI!$A$13:$A$24,OFFSET($E128,-1,0)))),\"\")","v":""},{"$f":"IF(AND($C128=\"S\",ORÇAMENTO.CodBarra<>\"\"),IF(ORÇAMENTO.Fonte=\"\",ORÇAMENTO.CodBarra,CONCATENATE(ORÇAMENTO.Fonte,\" \",ORÇAMENTO.CodBarra)))","v":false},{"$f":"IF(ISERROR(ORÇAMENTO.BancoRef),\"(abra o arquivo 'Referência \"&Excel_BuiltIn_Database&\".xlsm)\",IF(OR($C128<>\"S\",ORÇAMENTO.CodBarra=\"\"),\"(Sem Código)\",IF(ISERROR(MATCH($AE128,INDIRECT(ORÇAMENTO.BancoRef),0)),\"(Código não identificado nas referências)\",MATCH($AE128,INDIRECT(ORÇAMENTO.BancoRef),0))))","v":"(Sem Código)"},{"$f":"ROUND(IF(DESONERACAO=\"sim\",REFERENCIA.Desonerado,REFERENCIA.NaoDesonerado),2)","v":0},0.25390000000000001,null,null,null,null,50414.25,{"$f":"ROUND(ORÇAMENTO.CustoUnitario*(1+$AH128),2)","v":0}]
[4,4,4,8,{"$f":"IF($C129=1,OFFSET(E129,-1,0)+MAX(1,COUNTIF(QCI!$A$13:$A$24,OFFSET(ORÇAMENTO!E129,-1,0))),OFFSET(E129,-1,0))","v":1},9,1,1,0,33,{"$f":"IF(OR($C129=\"S\",$C129=0),0,MATCH(OFFSET($D129,0,$C129)+IF($C129<>1,1,COUNTIF(QCI!$A$13:$A$24,ORÇAMENTO!E129)),OFFSET($D129,1,$C129,ROW($C$237)-ROW($C129)),0))","v":8},"F","Nível 4","Nível 4","1.9.1.1.","","","CENTRO DE DISTRIBUIÇÃO ELÉTRICA",null,{"$f":"OFFSET(CÁLCULO!H$15,ROW($T129)-ROW(T$15),0)","v":0},0,"BDI 1",{"$f":"IF($C129=\"S\",ROUND(IF(TIPOORCAMENTO=\"Proposto\",ORÇAMENTO.CustoUnitario*(1+$AH129),ORÇAMENTO.PrecoUnitarioLicitado),15-13*$AF$10),0)","v":0},{"$f":"IF($C129=\"S\",IF(OR(Import.TipoArredondamento<>\"TransfereGOV\",ACOMPANHAMENTO=\"BM\"),VTOTAL1,SUM(OFFSET(CÁLCULO!$AQ$15,ROW($X129)-ROW($X$15),1):OFFSET(CÁLCULO!$BR$15,ROW($X129)-ROW($X$15),-1))),IF($C129=0,0,ROUND(SomaAgrup,15-13*$AF$11)))","v":13762.95},"RA","",{"$f":"IF($C129=\"S\",IF($Z129=\"CP\",$X129,IF($Z129=\"RA\",(($X129)*QCI!$AA$3),0)),SomaAgrup)","v":201.07678641927788},{"$f":"IF($C129=\"S\",IF($Z129=\"OU\",ROUND($X129,2),0),SomaAgrup)","v":0},{"$f":"IF($N129=\"\",\" \",\nIF(AND($C129<>\"S\",OR($R129=\"\",$R129=\"(digite a descrição aqui)\")),\"DESCRIÇÃO\",\nIF(AND($C129=\"S\",OR($Q129<>\"\",$T129>0,$U129>0),$P129=\"\"),\"FONTE\",\nIF(AND($C129=\"S\",$P129<>\"\",OR($T129>0,$U129>0),$Q129=\"\"),\"CÓDIGO\",\nIF(AND($C129=\"S\",$P129<>\"\",$Q129<>\"\",$R129=\"(Código não identificado nas referências)\"),\"CÓDIGO N/ID\",\nIF(AND($C129=\"S\",OR($R129=\"\",$R129=\"(digite a descrição aqui)\"),OR($Q129<>\"\",$T129>0,$U129>0)),\"DESCRIÇÃO\",\nIF(AND($C129=\"S\",$P129<>\"\",$Q129<>\"\",$S129=\"\"),\"UNIDADE\",\nIF(AND($C129=\"S\",$P129<>\"\",$Q129<>\"\",$U129=0),\"SEM CUSTO\",\nIF(AND(TIPOORCAMENTO=\"Licitado\",$AL129=0,$AN129>0),\"SEM PREÇO\",\nIF(AND($C129=\"S\",$P129<>\"\",$Q129<>\"\",$U129>0,AND($V129<>\"BDI 1\",$V129<>\"BDI 2\",$V129<>\"BDI 3\")),IF(ISNUMBER($V129),\"JUSTIFICAR BDI\",\"BDI\"),\nIF(OR(AND(import.recurso=\"OGU\",TIPOORCAMENTO=\"Proposto\",LEFT($O$8,5)<>\"(N/D:\",$AG129<>\"\",ORÇAMENTO.CustoUnitario>$AG129),AND(TIPOORCAMENTO=\"LICITADO\",ORÇAMENTO.PrecoUnitarioLicitado>$AN129)),\"ACIMA REF.\",\nIF(AND($C129=\"S\",$P129<>\"\",$Q129<>\"\",$T129=0,$U129>0),\"QUANT.\",\nIF(AND(Import.TipoArredondamento=\"TransfereGOV\",$L129=\"F\",$C129=\"S\",LEN($Q129)>13),\"Código >13\",\nIF(AND(Import.TipoArredondamento=\"TransfereGOV\",$L129=\"F\",$C129<>\"S\",LEN($R129)>100),\"Descrição >100\",\nIF(AND(Import.TipoArredondamento=\"TransfereGOV\",$L129=\"F\",$C129=\"S\",LEN($R129)>500),\"Descrição >500\",\nIF(AND(Import.TipoArredondamento=\"TransfereGOV\",$L129=\"F\",$C129=\"S\",LEFT(TRIM(UPPER($P129)),6)<>\"SINAPI\",ISNA(VLOOKUP(TRIM(UPPER($S129)),ListaTgov.Unidades,1,FALSE))),\"Unid. Não Disp\",\n\" \"))))))))))))))))","v":" "},{"$f":"IF(C129<=CRONO.NivelExibicao,MAX($AD$15:OFFSET(AD129,-1,0))+IF($C129<>1,1,MAX(1,COUNTIF(QCI!$A$13:$A$24,OFFSET($E129,-1,0)))),\"\")","v":""},{"$f":"IF(AND($C129=\"S\",ORÇAMENTO.CodBarra<>\"\"),IF(ORÇAMENTO.Fonte=\"\",ORÇAMENTO.CodBarra,CONCATENATE(ORÇAMENTO.Fonte,\" \",ORÇAMENTO.CodBarra)))","v":false},{"$f":"IF(ISERROR(ORÇAMENTO.BancoRef),\"(abra o arquivo 'Referência \"&Excel_BuiltIn_Database&\".xlsm)\",IF(OR($C129<>\"S\",ORÇAMENTO.CodBarra=\"\"),\"(Sem Código)\",IF(ISERROR(MATCH($AE129,INDIRECT(ORÇAMENTO.BancoRef),0)),\"(Código não identificado nas referências)\",MATCH($AE129,INDIRECT(ORÇAMENTO.BancoRef),0))))","v":"(Sem Código)"},{"$f":"ROUND(IF(DESONERACAO=\"sim\",REFERENCIA.Desonerado,REFERENCIA.NaoDesonerado),2)","v":0},0.25390000000000001,null,null,null,null,13762.95,{"$f":"ROUND(ORÇAMENTO.CustoUnitario*(1+$AH129),2)","v":0}]
["S",4,"S",0,{"$f":"IF($C130=1,OFFSET(E130,-1,0)+MAX(1,COUNTIF(QCI!$A$13:$A$24,OFFSET(ORÇAMENTO!E130,-1,0))),OFFSET(E130,-1,0))","v":1},9,1,1,1,0,{"$f":"IF(OR($C130=\"S\",$C130=0),0,MATCH(OFFSET($D130,0,$C130)+IF($C130<>1,1,COUNTIF(QCI!$A$13:$A$24,ORÇAMENTO!E130)),OFFSET($D130,1,$C130,ROW($C$237)-ROW($C130)),0))","v":0},"F","Serviço","Serviço","1.9.1.1.1.","SINAPI","93653",{"$f":"IF($C130=\"S\",REFERENCIA.Descricao,\"(digite a descrição aqui)\")","v":"DISJUNTOR MONOPOLAR TIPO DIN, CORRENTE NOMINAL DE 10A - FORNECIMENTO E INSTALAÇÃO. AF_10/2020"},{"$f":"REFERENCIA.Unidade","v":"UN"},{"$f":"OFFSET(CÁLCULO!H$15,ROW($T130)-ROW(T$15),0)","v":10},12.2,"BDI 1",{"$f":"IF($C130=\"S\",ROUND(IF(TIPOORCAMENTO=\"Proposto\",ORÇAMENTO.CustoUnitario*(1+$AH130),ORÇAMENTO.PrecoUnitarioLicitado),15-13*$AF$10),0)","v":15.3},{"$f":"IF($C130=\"S\",IF(OR(Import.TipoArredondamento<>\"TransfereGOV\",ACOMPANHAMENTO=\"BM\"),VTOTAL1,SUM(OFFSET(CÁLCULO!$AQ$15,ROW($X130)-ROW($X$15),1):OFFSET(CÁLCULO!$BR$15,ROW($X130)-ROW($X$15),-1))),IF($C130=0,0,ROUND(SomaAgrup,15-13*$AF$11)))","v":153},"RA","RA",{"$f":"IF($C130=\"S\",IF($Z130=\"CP\",$X130,IF($Z130=\"RA\",(($X130)*QCI!$AA$3),0)),SomaAgrup)","v":2.2353309662644647},{"$f":"IF($C130=\"S\",IF($Z130=\"OU\",ROUND($X130,2),0),SomaAgrup)","v":0},{"$f":"IF($N130=\"\",\" \",\nIF(AND($C130<>\"S\",OR($R130=\"\",$R130=\"(digite a descrição aqui)\")),\"DESCRIÇÃO\",\nIF(AND($C130=\"S\",OR($Q130<>\"\",$T130>0,$U130>0),$P130=\"\"),\"FONTE\",\nIF(AND($C130=\"S\",$P130<>\"\",OR($T130>0,$U130>0),$Q130=\"\"),\"CÓDIGO\",\nIF(AND($C130=\"S\",$P130<>\"\",$Q130<>\"\",$R130=\"(Código não identificado nas referências)\"),\"CÓDIGO N/ID\",\nIF(AND($C130=\"S\",OR($R130=\"\",$R130=\"(digite a descrição aqui)\"),OR($Q130<>\"\",$T130>0,$U130>0)),\"DESCRIÇÃO\",\nIF(AND($C130=\"S\",$P130<>\"\",$Q130<>\"\",$S130=\"\"),\"UNIDADE\",\nIF(AND($C130=\"S\",$P130<>\"\",$Q130<>\"\",$U130=0),\"SEM CUSTO\",\nIF(AND(TIPOORCAMENTO=\"Licitado\",$AL130=0,$AN130>0),\"SEM PREÇO\",\nIF(AND($C130=\"S\",$P130<>\"\",$Q130<>\"\",$U130>0,AND($V130<>\"BDI 1\",$V130<>\"BDI 2\",$V130<>\"BDI 3\")),IF(ISNUMBER($V130),\"JUSTIFICAR BDI\",\"BDI\"),\nIF(OR(AND(import.recurso=\"OGU\",TIPOORCAMENTO=\"Proposto\",LEFT($O$8,5)<>\"(N/D:\",$AG130<>\"\",ORÇAMENTO.CustoUnitario>$AG130),AND(TIPOORCAMENTO=\"LICITADO\",ORÇAMENTO.PrecoUnitarioLicitado>$AN130)),\"ACIMA REF.\",\nIF(AND($C130=\"S\",$P130<>\"\",$Q130<>\"\",$T130=0,$U130>0),\"QUANT.\",\nIF(AND(Import.TipoArredondamento=\"TransfereGOV\",$L130=\"F\",$C130=\"S\",LEN($Q130)>13),\"Código >13\",\nIF(AND(Import.TipoArredondamento=\"TransfereGOV\",$L130=\"F\",$C130<>\"S\",LEN($R130)>100),\"Descrição >100\",\nIF(AND(Import.TipoArredondamento=\"TransfereGOV\",$L130=\"F\",$C130=\"S\",LEN($R130)>500),\"Descrição >500\",\nIF(AND(Import.TipoArredondamento=\"TransfereGOV\",$L130=\"F\",$C130=\"S\",LEFT(TRIM(UPPER($P130)),6)<>\"SINAPI\",ISNA(VLOOKUP(TRIM(UPPER($S130)),ListaTgov.Unidades,1,FALSE))),\"Unid. Não Disp\",\n\" \"))))))))))))))))","v":" "},{"$f":"IF(C130<=CRONO.NivelExibicao,MAX($AD$15:OFFSET(AD130,-1,0))+IF($C130<>1,1,MAX(1,COUNTIF(QCI!$A$13:$A$24,OFFSET($E130,-1,0)))),\"\")","v":""},{"$f":"IF(AND($C130=\"S\",ORÇAMENTO.CodBarra<>\"\"),IF(ORÇAMENTO.Fonte=\"\",ORÇAMENTO.CodBarra,CONCATENATE(ORÇAMENTO.Fonte,\" \",ORÇAMENTO.CodBarra)))","v":"SINAPI 93653"},{"$f":"IF(ISERROR(ORÇAMENTO.BancoRef),\"(abra o arquivo 'Referência \"&Excel_BuiltIn_Database&\".xlsm)\",IF(OR($C130<>\"S\",ORÇAMENTO.CodBarra=\"\"),\"(Sem Código)\",IF(ISERROR(MATCH($AE130,INDIRECT(ORÇAMENTO.BancoRef),0)),\"(Código não identificado nas referências)\",MATCH($AE130,INDIRECT(ORÇAMENTO.BancoRef),0))))","v":10689},{"$f":"ROUND(IF(DESONERACAO=\"sim\",REFERENCIA.Desonerado,REFERENCIA.NaoDesonerado),2)","v":14.04},0.25390000000000001,null,null,null,null,153,{"$f":"ROUND(ORÇAMENTO.CustoUnitario*(1+$AH130),2)","v":15.3}]
["S",4,"S",0,{"$f":"IF($C131=1,OFFSET(E131,-1,0)+MAX(1,COUNTIF(QCI!$A$13:$A$24,OFFSET(ORÇAMENTO!E131,-1,0))),OFFSET(E131,-1,0))","v":1},9,1,1,2,0,{"$f":"IF(OR($C131=\"S\",$C131=0),0,MATCH(OFFSET($D131,0,$C131)+IF($C131<>1,1,COUNTIF(QCI!$A$13:$A$24,ORÇAMENTO!E131)),OFFSET($D131,1,$C131,ROW($C$237)-ROW($C131)),0))","v":0},"F","Serviço","Serviço","1.9.1.1.2.","SINAPI","93654",{"$f":"IF($C131=\"S\",REFERENCIA.Descricao,\"(digite a descrição aqui)\")","v":"DISJUNTOR MONOPOLAR TIPO DIN, CORRENTE NOMINAL DE 16A - FORNECIMENTO E INSTALAÇÃO. AF_10/2020"},{"$f":"REFERENCIA.Unidade","v":"UN"},{"$f":"OFFSET(CÁLCULO!H$15,ROW($T131)-ROW(T$15),0)","v":5},12.87,"BDI 1",{"$f":"IF($C131=\"S\",ROUND(IF(TIPOORCAMENTO=\"Proposto\",ORÇAMENTO.CustoUnitario*(1+$AH131),ORÇAMENTO.PrecoUnitarioLicitado),15-13*$AF$10),0)","v":16.14},{"$f":"IF($C131=\"S\",IF(OR(Import.TipoArredondamento<>\"TransfereGOV\",ACOMPANHAMENTO=\"BM\"),VTOTAL1,SUM(OFFSET(CÁLCULO!$AQ$15,ROW($X131)-ROW($X$15),1):OFFSET(CÁLCULO!$BR$15,ROW($X131)-ROW($X$15),-1))),IF($C131=0,0,ROUND(SomaAgrup,15-13*$AF$11)))","v":80.7},"RA","RA",{"$f":"IF($C131=\"S\",IF($Z131=\"CP\",$X131,IF($Z131=\"RA\",(($X131)*QCI!$AA$3),0)),SomaAgrup)","v":1.1790275096571392},{"$f":"IF($C131=\"S\",IF($Z131=\"OU\",ROUND($X131,2),0),SomaAgrup)","v":0},{"$f":"IF($N131=\"\",\" \",\nIF(AND($C131<>\"S\",OR($R131=\"\",$R131=\"(digite a descrição aqui)\")),\"DESCRIÇÃO\",\nIF(AND($C131=\"S\",OR($Q131<>\"\",$T131>0,$U131>0),$P131=\"\"),\"FONTE\",\nIF(AND($C131=\"S\",$P131<>\"\",OR($T131>0,$U131>0),$Q131=\"\"),\"CÓDIGO\",\nIF(AND($C131=\"S\",$P131<>\"\",$Q131<>\"\",$R131=\"(Código não identificado nas referências)\"),\"CÓDIGO N/ID\",\nIF(AND($C131=\"S\",OR($R131=\"\",$R131=\"(digite a descrição aqui)\"),OR($Q131<>\"\",$T131>0,$U131>0)),\"DESCRIÇÃO\",\nIF(AND($C131=\"S\",$P131<>\"\",$Q131<>\"\",$S131=\"\"),\"UNIDADE\",\nIF(AND($C131=\"S\",$P131<>\"\",$Q131<>\"\",$U131=0),\"SEM CUSTO\",\nIF(AND(TIPOORCAMENTO=\"Licitado\",$AL131=0,$AN131>0),\"SEM PREÇO\",\nIF(AND($C131=\"S\",$P131<>\"\",$Q131<>\"\",$U131>0,AND($V131<>\"BDI 1\",$V131<>\"BDI 2\",$V131<>\"BDI 3\")),IF(ISNUMBER($V131),\"JUSTIFICAR BDI\",\"BDI\"),\nIF(OR(AND(import.recurso=\"OGU\",TIPOORCAMENTO=\"Proposto\",LEFT($O$8,5)<>\"(N/D:\",$AG131<>\"\",ORÇAMENTO.CustoUnitario>$AG131),AND(TIPOORCAMENTO=\"LICITADO\",ORÇAMENTO.PrecoUnitarioLicitado>$AN131)),\"ACIMA REF.\",\nIF(AND($C131=\"S\",$P131<>\"\",$Q131<>\"\",$T131=0,$U131>0),\"QUANT.\",\nIF(AND(Import.TipoArredondamento=\"TransfereGOV\",$L131=\"F\",$C131=\"S\",LEN($Q131)>13),\"Código >13\",\nIF(AND(Import.TipoArredondamento=\"TransfereGOV\",$L131=\"F\",$C131<>\"S\",LEN($R131)>100),\"Descrição >100\",\nIF(AND(Import.TipoArredondamento=\"TransfereGOV\",$L131=\"F\",$C131=\"S\",LEN($R131)>500),\"Descrição >500\",\nIF(AND(Import.TipoArredondamento=\"TransfereGOV\",$L131=\"F\",$C131=\"S\",LEFT(TRIM(UPPER($P131)),6)<>\"SINAPI\",ISNA(VLOOKUP(TRIM(UPPER($S131)),ListaTgov.Unidades,1,FALSE))),\"Unid. Não Disp\",\n\" \"))))))))))))))))","v":" "},{"$f":"IF(C131<=CRONO.NivelExibicao,MAX($AD$15:OFFSET(AD131,-1,0))+IF($C131<>1,1,MAX(1,COUNTIF(QCI!$A$13:$A$24,OFFSET($E131,-1,0)))),\"\")","v":""},{"$f":"IF(AND($C131=\"S\",ORÇAMENTO.CodBarra<>\"\"),IF(ORÇAMENTO.Fonte=\"\",ORÇAMENTO.CodBarra,CONCATENATE(ORÇAMENTO.Fonte,\" \",ORÇAMENTO.CodBarra)))","v":"SINAPI 93654"},{"$f":"IF(ISERROR(ORÇAMENTO.BancoRef),\"(abra o arquivo 'Referência \"&Excel_BuiltIn_Database&\".xlsm)\",IF(OR($C131<>\"S\",ORÇAMENTO.CodBarra=\"\"),\"(Sem Código)\",IF(ISERROR(MATCH($AE131,INDIRECT(ORÇAMENTO.BancoRef),0)),\"(Código não identificado nas referências)\",MATCH($AE131,INDIRECT(ORÇAMENTO.BancoRef),0))))","v":10690},{"$f":"ROUND(IF(DESONERACAO=\"sim\",REFERENCIA.Desonerado,REFERENCIA.NaoDesonerado),2)","v":14.81},0.25390000000000001,null,null,null,null,80.7,{"$f":"ROUND(ORÇAMENTO.CustoUnitario*(1+$AH131),2)","v":16.14}]
["S",4,"S",0,{"$f":"IF($C132=1,OFFSET(E132,-1,0)+MAX(1,COUNTIF(QCI!$A$13:$A$24,OFFSET(ORÇAMENTO!E132,-1,0))),OFFSET(E132,-1,0))","v":1},9,1,1,3,0,{"$f":"IF(OR($C132=\"S\",$C132=0),0,MATCH(OFFSET($D132,0,$C132)+IF($C132<>1,1,COUNTIF(QCI!$A$13:$A$24,ORÇAMENTO!E132)),OFFSET($D132,1,$C132,ROW($C$237)-ROW($C132)),0))","v":0},"F","Serviço","Serviço","1.9.1.1.3.","SINAPI","93656",{"$f":"IF($C132=\"S\",REFERENCIA.Descricao,\"(digite a descrição aqui)\")","v":"DISJUNTOR MONOPOLAR TIPO DIN, CORRENTE NOMINAL DE 25A - FORNECIMENTO E INSTALAÇÃO. AF_10/2020"},{"$f":"REFERENCIA.Unidade","v":"UN"},{"$f":"OFFSET(CÁLCULO!H$15,ROW($T132)-ROW(T$15),0)","v":5},14.2,"BDI 1",{"$f":"IF($C132=\"S\",ROUND(IF(TIPOORCAMENTO=\"Proposto\",ORÇAMENTO.CustoUnitario*(1+$AH132),ORÇAMENTO.PrecoUnitarioLicitado),15-13*$AF$10),0)","v":17.809999999999999},{"$f":"IF($C132=\"S\",IF(OR(Import.TipoArredondamento<>\"TransfereGOV\",ACOMPANHAMENTO=\"BM\"),VTOTAL1,SUM(OFFSET(CÁLCULO!$AQ$15,ROW($X132)-ROW($X$15),1):OFFSET(CÁLCULO!$BR$15,ROW($X132)-ROW($X$15),-1))),IF($C132=0,0,ROUND(SomaAgrup,15-13*$AF$11)))","v":89.05},"RA","RA",{"$f":"IF($C132=\"S\",IF($Z132=\"CP\",$X132,IF($Z132=\"RA\",(($X132)*QCI!$AA$3),0)),SomaAgrup)","v":1.3010210623911802},{"$f":"IF($C132=\"S\",IF($Z132=\"OU\",ROUND($X132,2),0),SomaAgrup)","v":0},{"$f":"IF($N132=\"\",\" \",\nIF(AND($C132<>\"S\",OR($R132=\"\",$R132=\"(digite a descrição aqui)\")),\"DESCRIÇÃO\",\nIF(AND($C132=\"S\",OR($Q132<>\"\",$T132>0,$U132>0),$P132=\"\"),\"FONTE\",\nIF(AND($C132=\"S\",$P132<>\"\",OR($T132>0,$U132>0),$Q132=\"\"),\"CÓDIGO\",\nIF(AND($C132=\"S\",$P132<>\"\",$Q132<>\"\",$R132=\"(Código não identificado nas referências)\"),\"CÓDIGO N/ID\",\nIF(AND($C132=\"S\",OR($R132=\"\",$R132=\"(digite a descrição aqui)\"),OR($Q132<>\"\",$T132>0,$U132>0)),\"DESCRIÇÃO\",\nIF(AND($C132=\"S\",$P132<>\"\",$Q132<>\"\",$S132=\"\"),\"UNIDADE\",\nIF(AND($C132=\"S\",$P132<>\"\",$Q132<>\"\",$U132=0),\"SEM CUSTO\",\nIF(AND(TIPOORCAMENTO=\"Licitado\",$AL132=0,$AN132>0),\"SEM PREÇO\",\nIF(AND($C132=\"S\",$P132<>\"\",$Q132<>\"\",$U132>0,AND($V132<>\"BDI 1\",$V132<>\"BDI 2\",$V132<>\"BDI 3\")),IF(ISNUMBER($V132),\"JUSTIFICAR BDI\",\"BDI\"),\nIF(OR(AND(import.recurso=\"OGU\",TIPOORCAMENTO=\"Proposto\",LEFT($O$8,5)<>\"(N/D:\",$AG132<>\"\",ORÇAMENTO.CustoUnitario>$AG132),AND(TIPOORCAMENTO=\"LICITADO\",ORÇAMENTO.PrecoUnitarioLicitado>$AN132)),\"ACIMA REF.\",\nIF(AND($C132=\"S\",$P132<>\"\",$Q132<>\"\",$T132=0,$U132>0),\"QUANT.\",\nIF(AND(Import.TipoArredondamento=\"TransfereGOV\",$L132=\"F\",$C132=\"S\",LEN($Q132)>13),\"Código >13\",\nIF(AND(Import.TipoArredondamento=\"TransfereGOV\",$L132=\"F\",$C132<>\"S\",LEN($R132)>100),\"Descrição >100\",\nIF(AND(Import.TipoArredondamento=\"TransfereGOV\",$L132=\"F\",$C132=\"S\",LEN($R132)>500),\"Descrição >500\",\nIF(AND(Import.TipoArredondamento=\"TransfereGOV\",$L132=\"F\",$C132=\"S\",LEFT(TRIM(UPPER($P132)),6)<>\"SINAPI\",ISNA(VLOOKUP(TRIM(UPPER($S132)),ListaTgov.Unidades,1,FALSE))),\"Unid. Não Disp\",\n\" \"))))))))))))))))","v":" "},{"$f":"IF(C132<=CRONO.NivelExibicao,MAX($AD$15:OFFSET(AD132,-1,0))+IF($C132<>1,1,MAX(1,COUNTIF(QCI!$A$13:$A$24,OFFSET($E132,-1,0)))),\"\")","v":""},{"$f":"IF(AND($C132=\"S\",ORÇAMENTO.CodBarra<>\"\"),IF(ORÇAMENTO.Fonte=\"\",ORÇAMENTO.CodBarra,CONCATENATE(ORÇAMENTO.Fonte,\" \",ORÇAMENTO.CodBarra)))","v":"SINAPI 93656"},{"$f":"IF(ISERROR(ORÇAMENTO.BancoRef),\"(abra o arquivo 'Referência \"&Excel_BuiltIn_Database&\".xlsm)\",IF(OR($C132<>\"S\",ORÇAMENTO.CodBarra=\"\"),\"(Sem Código)\",IF(ISERROR(MATCH($AE132,INDIRECT(ORÇAMENTO.BancoRef),0)),\"(Código não identificado nas referências)\",MATCH($AE132,INDIRECT(ORÇAMENTO.BancoRef),0))))","v":10692},{"$f":"ROUND(IF(DESONERACAO=\"sim\",REFERENCIA.Desonerado,REFERENCIA.NaoDesonerado),2)","v":16.329999999999998},0.25390000000000001,null,null,null,null,89.05,{"$f":"ROUND(ORÇAMENTO.CustoUnitario*(1+$AH132),2)","v":17.809999999999999}]
["S",4,"S",0,{"$f":"IF($C133=1,OFFSET(E133,-1,0)+MAX(1,COUNTIF(QCI!$A$13:$A$24,OFFSET(ORÇAMENTO!E133,-1,0))),OFFSET(E133,-1,0))","v":1},9,1,1,4,0,{"$f":"IF(OR($C133=\"S\",$C133=0),0,MATCH(OFFSET($D133,0,$C133)+IF($C133<>1,1,COUNTIF(QCI!$A$13:$A$24,ORÇAMENTO!E133)),OFFSET($D133,1,$C133,ROW($C$237)-ROW($C133)),0))","v":0},"F","Serviço","Serviço","1.9.1.1.4.","SINAPI","93659",{"$f":"IF($C133=\"S\",REFERENCIA.Descricao,\"(digite a descrição aqui)\")","v":"DISJUNTOR MONOPOLAR TIPO DIN, CORRENTE NOMINAL DE 50A - FORNECIMENTO E INSTALAÇÃO. AF_10/2020"},{"$f":"REFERENCIA.Unidade","v":"UN"},{"$f":"OFFSET(CÁLCULO!H$15,ROW($T133)-ROW(T$15),0)","v":5},26.1,"BDI 1",{"$f":"IF($C133=\"S\",ROUND(IF(TIPOORCAMENTO=\"Proposto\",ORÇAMENTO.CustoUnitario*(1+$AH133),ORÇAMENTO.PrecoUnitarioLicitado),15-13*$AF$10),0)","v":32.729999999999997},{"$f":"IF($C133=\"S\",IF(OR(Import.TipoArredondamento<>\"TransfereGOV\",ACOMPANHAMENTO=\"BM\"),VTOTAL1,SUM(OFFSET(CÁLCULO!$AQ$15,ROW($X133)-ROW($X$15),1):OFFSET(CÁLCULO!$BR$15,ROW($X133)-ROW($X$15),-1))),IF($C133=0,0,ROUND(SomaAgrup,15-13*$AF$11)))","v":163.64999999999998},"RA","RA",{"$f":"IF($C133=\"S\",IF($Z133=\"CP\",$X133,IF($Z133=\"RA\",(($X133)*QCI!$AA$3),0)),SomaAgrup)","v":2.3909275335240494},{"$f":"IF($C133=\"S\",IF($Z133=\"OU\",ROUND($X133,2),0),SomaAgrup)","v":0},{"$f":"IF($N133=\"\",\" \",\nIF(AND($C133<>\"S\",OR($R133=\"\",$R133=\"(digite a descrição aqui)\")),\"DESCRIÇÃO\",\nIF(AND($C133=\"S\",OR($Q133<>\"\",$T133>0,$U133>0),$P133=\"\"),\"FONTE\",\nIF(AND($C133=\"S\",$P133<>\"\",OR($T133>0,$U133>0),$Q133=\"\"),\"CÓDIGO\",\nIF(AND($C133=\"S\",$P133<>\"\",$Q133<>\"\",$R133=\"(Código não identificado nas referências)\"),\"CÓDIGO N/ID\",\nIF(AND($C133=\"S\",OR($R133=\"\",$R133=\"(digite a descrição aqui)\"),OR($Q133<>\"\",$T133>0,$U133>0)),\"DESCRIÇÃO\",\nIF(AND($C133=\"S\",$P133<>\"\",$Q133<>\"\",$S133=\"\"),\"UNIDADE\",\nIF(AND($C133=\"S\",$P133<>\"\",$Q133<>\"\",$U133=0),\"SEM CUSTO\",\nIF(AND(TIPOORCAMENTO=\"Licitado\",$AL133=0,$AN133>0),\"SEM PREÇO\",\nIF(AND($C133=\"S\",$P133<>\"\",$Q133<>\"\",$U133>0,AND($V133<>\"BDI 1\",$V133<>\"BDI 2\",$V133<>\"BDI 3\")),IF(ISNUMBER($V133),\"JUSTIFICAR BDI\",\"BDI\"),\nIF(OR(AND(import.recurso=\"OGU\",TIPOORCAMENTO=\"Proposto\",LEFT($O$8,5)<>\"(N/D:\",$AG133<>\"\",ORÇAMENTO.CustoUnitario>$AG133),AND(TIPOORCAMENTO=\"LICITADO\",ORÇAMENTO.PrecoUnitarioLicitado>$AN133)),\"ACIMA REF.\",\nIF(AND($C133=\"S\",$P133<>\"\",$Q133<>\"\",$T133=0,$U133>0),\"QUANT.\",\nIF(AND(Import.TipoArredondamento=\"TransfereGOV\",$L133=\"F\",$C133=\"S\",LEN($Q133)>13),\"Código >13\",\nIF(AND(Import.TipoArredondamento=\"TransfereGOV\",$L133=\"F\",$C133<>\"S\",LEN($R133)>100),\"Descrição >100\",\nIF(AND(Import.TipoArredondamento=\"TransfereGOV\",$L133=\"F\",$C133=\"S\",LEN($R133)>500),\"Descrição >500\",\nIF(AND(Import.TipoArredondamento=\"TransfereGOV\",$L133=\"F\",$C133=\"S\",LEFT(TRIM(UPPER($P133)),6)<>\"SINAPI\",ISNA(VLOOKUP(TRIM(UPPER($S133)),ListaTgov.Unidades,1,FALSE))),\"Unid. Não Disp\",\n\" \"))))))))))))))))","v":" "},{"$f":"IF(C133<=CRONO.NivelExibicao,MAX($AD$15:OFFSET(AD133,-1,0))+IF($C133<>1,1,MAX(1,COUNTIF(QCI!$A$13:$A$24,OFFSET($E133,-1,0)))),\"\")","v":""},{"$f":"IF(AND($C133=\"S\",ORÇAMENTO.CodBarra<>\"\"),IF(ORÇAMENTO.Fonte=\"\",ORÇAMENTO.CodBarra,CONCATENATE(ORÇAMENTO.Fonte,\" \",ORÇAMENTO.CodBarra)))","v":"SINAPI 93659"},{"$f":"IF(ISERROR(ORÇAMENTO.BancoRef),\"(abra o arquivo 'Referência \"&Excel_BuiltIn_Database&\".xlsm)\",IF(OR($C133<>\"S\",ORÇAMENTO.CodBarra=\"\"),\"(Sem Código)\",IF(ISERROR(MATCH($AE133,INDIRECT(ORÇAMENTO.BancoRef),0)),\"(Código não identificado nas referências)\",MATCH($AE133,INDIRECT(ORÇAMENTO.BancoRef),0))))","v":10695},{"$f":"ROUND(IF(DESONERACAO=\"sim\",REFERENCIA.Desonerado,REFERENCIA.NaoDesonerado),2)","v":30.02},0.25390000000000001,null,null,null,null,163.64999999999998,{"$f":"ROUND(ORÇAMENTO.CustoUnitario*(1+$AH133),2)","v":32.729999999999997}]
["S",4,"S",0,{"$f":"IF($C134=1,OFFSET(E134,-1,0)+MAX(1,COUNTIF(QCI!$A$13:$A$24,OFFSET(ORÇAMENTO!E134,-1,0))),OFFSET(E134,-1,0))","v":1},9,1,1,5,0,{"$f":"IF(OR($C134=\"S\",$C134=0),0,MATCH(OFFSET($D134,0,$C134)+IF($C134<>1,1,COUNTIF(QCI!$A$13:$A$24,ORÇAMENTO!E134)),OFFSET($D134,1,$C134,ROW($C$237)-ROW($C134)),0))","v":0},"F","Serviço","Serviço","1.9.1.1.5.","Composição","93674_ADP-01",{"$f":"IF($C134=\"S\",REFERENCIA.Descricao,\"(digite a descrição aqui)\")","v":"DISJUNTOR BIPOLAR TIPO DR, CORRENTE NOMINAL DE 25A - FORNECIMENTO E INSTALAÇÃO. AF_10/2020"},{"$f":"REFERENCIA.Unidade","v":"UN"},{"$f":"OFFSET(CÁLCULO!H$15,ROW($T134)-ROW(T$15),0)","v":10},192.29,"BDI 1",{"$f":"IF($C134=\"S\",ROUND(IF(TIPOORCAMENTO=\"Proposto\",ORÇAMENTO.CustoUnitario*(1+$AH134),ORÇAMENTO.PrecoUnitarioLicitado),15-13*$AF$10),0)","v":241.11},{"$f":"IF($C134=\"S\",IF(OR(Import.TipoArredondamento<>\"TransfereGOV\",ACOMPANHAMENTO=\"BM\"),VTOTAL1,SUM(OFFSET(CÁLCULO!$AQ$15,ROW($X134)-ROW($X$15),1):OFFSET(CÁLCULO!$BR$15,ROW($X134)-ROW($X$15),-1))),IF($C134=0,0,ROUND(SomaAgrup,15-13*$AF$11)))","v":2411.1000000000004},"RA","RA",{"$f":"IF($C134=\"S\",IF($Z134=\"CP\",$X134,IF($Z134=\"RA\",(($X134)*QCI!$AA$3),0)),SomaAgrup)","v":35.226186227191185},{"$f":"IF($C134=\"S\",IF($Z134=\"OU\",ROUND($X134,2),0),SomaAgrup)","v":0},{"$f":"IF($N134=\"\",\" \",\nIF(AND($C134<>\"S\",OR($R134=\"\",$R134=\"(digite a descrição aqui)\")),\"DESCRIÇÃO\",\nIF(AND($C134=\"S\",OR($Q134<>\"\",$T134>0,$U134>0),$P134=\"\"),\"FONTE\",\nIF(AND($C134=\"S\",$P134<>\"\",OR($T134>0,$U134>0),$Q134=\"\"),\"CÓDIGO\",\nIF(AND($C134=\"S\",$P134<>\"\",$Q134<>\"\",$R134=\"(Código não identificado nas referências)\"),\"CÓDIGO N/ID\",\nIF(AND($C134=\"S\",OR($R134=\"\",$R134=\"(digite a descrição aqui)\"),OR($Q134<>\"\",$T134>0,$U134>0)),\"DESCRIÇÃO\",\nIF(AND($C134=\"S\",$P134<>\"\",$Q134<>\"\",$S134=\"\"),\"UNIDADE\",\nIF(AND($C134=\"S\",$P134<>\"\",$Q134<>\"\",$U134=0),\"SEM CUSTO\",\nIF(AND(TIPOORCAMENTO=\"Licitado\",$AL134=0,$AN134>0),\"SEM PREÇO\",\nIF(AND($C134=\"S\",$P134<>\"\",$Q134<>\"\",$U134>0,AND($V134<>\"BDI 1\",$V134<>\"BDI 2\",$V134<>\"BDI 3\")),IF(ISNUMBER($V134),\"JUSTIFICAR BDI\",\"BDI\"),\nIF(OR(AND(import.recurso=\"OGU\",TIPOORCAMENTO=\"Proposto\",LEFT($O$8,5)<>\"(N/D:\",$AG134<>\"\",ORÇAMENTO.CustoUnitario>$AG134),AND(TIPOORCAMENTO=\"LICITADO\",ORÇAMENTO.PrecoUnitarioLicitado>$AN134)),\"ACIMA REF.\",\nIF(AND($C134=\"S\",$P134<>\"\",$Q134<>\"\",$T134=0,$U134>0),\"QUANT.\",\nIF(AND(Import.TipoArredondamento=\"TransfereGOV\",$L134=\"F\",$C134=\"S\",LEN($Q134)>13),\"Código >13\",\nIF(AND(Import.TipoArredondamento=\"TransfereGOV\",$L134=\"F\",$C134<>\"S\",LEN($R134)>100),\"Descrição >100\",\nIF(AND(Import.TipoArredondamento=\"TransfereGOV\",$L134=\"F\",$C134=\"S\",LEN($R134)>500),\"Descrição >500\",\nIF(AND(Import.TipoArredondamento=\"TransfereGOV\",$L134=\"F\",$C134=\"S\",LEFT(TRIM(UPPER($P134)),6)<>\"SINAPI\",ISNA(VLOOKUP(TRIM(UPPER($S134)),ListaTgov.Unidades,1,FALSE))),\"Unid. Não Disp\",\n\" \"))))))))))))))))","v":" "},{"$f":"IF(C134<=CRONO.NivelExibicao,MAX($AD$15:OFFSET(AD134,-1,0))+IF($C134<>1,1,MAX(1,COUNTIF(QCI!$A$13:$A$24,OFFSET($E134,-1,0)))),\"\")","v":""},{"$f":"IF(AND($C134=\"S\",ORÇAMENTO.CodBarra<>\"\"),IF(ORÇAMENTO.Fonte=\"\",ORÇAMENTO.CodBarra,CONCATENATE(ORÇAMENTO.Fonte,\" \",ORÇAMENTO.CodBarra)))","v":"Composição 93674_ADP-01"},{"$f":"IF(ISERROR(ORÇAMENTO.BancoRef),\"(abra o arquivo 'Referência \"&Excel_BuiltIn_Database&\".xlsm)\",IF(OR($C134<>\"S\",ORÇAMENTO.CodBarra=\"\"),\"(Sem Código)\",IF(ISERROR(MATCH($AE134,INDIRECT(ORÇAMENTO.BancoRef),0)),\"(Código não identificado nas referências)\",MATCH($AE134,INDIRECT(ORÇAMENTO.BancoRef),0))))","v":19},{"$f":"ROUND(IF(DESONERACAO=\"sim\",REFERENCIA.Desonerado,REFERENCIA.NaoDesonerado),2)","v":221.14},0.25390000000000001,null,null,null,null,2411.1000000000004,{"$f":"ROUND(ORÇAMENTO.CustoUnitario*(1+$AH134),2)","v":241.11}]
["S",4,"S",0,{"$f":"IF($C135=1,OFFSET(E135,-1,0)+MAX(1,COUNTIF(QCI!$A$13:$A$24,OFFSET(ORÇAMENTO!E135,-1,0))),OFFSET(E135,-1,0))","v":1},9,1,1,6,0,{"$f":"IF(OR($C135=\"S\",$C135=0),0,MATCH(OFFSET($D135,0,$C135)+IF($C135<>1,1,COUNTIF(QCI!$A$13:$A$24,ORÇAMENTO!E135)),OFFSET($D135,1,$C135,ROW($C$237)-ROW($C135)),0))","v":0},"F","Serviço","Serviço","1.9.1.1.6.","SINAPI","101493",{"$f":"IF($C135=\"S\",REFERENCIA.Descricao,\"(digite a descrição aqui)\")","v":"ENTRADA DE ENERGIA ELÉTRICA, AÉREA, MONOFÁSICA, COM CAIXA DE EMBUTIR, CABO DE 10 MM2 E DISJUNTOR DIN 50A (NÃO INCLUSO O POSTE DE CONCRETO). AF_07/2020_PS"},{"$f":"REFERENCIA.Unidade","v":"UN"},{"$f":"OFFSET(CÁLCULO!H$15,ROW($T135)-ROW(T$15),0)","v":5},1441.09,"BDI 1",{"$f":"IF($C135=\"S\",ROUND(IF(TIPOORCAMENTO=\"Proposto\",ORÇAMENTO.CustoUnitario*(1+$AH135),ORÇAMENTO.PrecoUnitarioLicitado),15-13*$AF$10),0)","v":1806.98},{"$f":"IF($C135=\"S\",IF(OR(Import.TipoArredondamento<>\"TransfereGOV\",ACOMPANHAMENTO=\"BM\"),VTOTAL1,SUM(OFFSET(CÁLCULO!$AQ$15,ROW($X135)-ROW($X$15),1):OFFSET(CÁLCULO!$BR$15,ROW($X135)-ROW($X$15),-1))),IF($C135=0,0,ROUND(SomaAgrup,15-13*$AF$11)))","v":9034.9},"RA","RA",{"$f":"IF($C135=\"S\",IF($Z135=\"CP\",$X135,IF($Z135=\"RA\",(($X135)*QCI!$AA$3),0)),SomaAgrup)","v":131.9999460594955},{"$f":"IF($C135=\"S\",IF($Z135=\"OU\",ROUND($X135,2),0),SomaAgrup)","v":0},{"$f":"IF($N135=\"\",\" \",\nIF(AND($C135<>\"S\",OR($R135=\"\",$R135=\"(digite a descrição aqui)\")),\"DESCRIÇÃO\",\nIF(AND($C135=\"S\",OR($Q135<>\"\",$T135>0,$U135>0),$P135=\"\"),\"FONTE\",\nIF(AND($C135=\"S\",$P135<>\"\",OR($T135>0,$U135>0),$Q135=\"\"),\"CÓDIGO\",\nIF(AND($C135=\"S\",$P135<>\"\",$Q135<>\"\",$R135=\"(Código não identificado nas referências)\"),\"CÓDIGO N/ID\",\nIF(AND($C135=\"S\",OR($R135=\"\",$R135=\"(digite a descrição aqui)\"),OR($Q135<>\"\",$T135>0,$U135>0)),\"DESCRIÇÃO\",\nIF(AND($C135=\"S\",$P135<>\"\",$Q135<>\"\",$S135=\"\"),\"UNIDADE\",\nIF(AND($C135=\"S\",$P135<>\"\",$Q135<>\"\",$U135=0),\"SEM CUSTO\",\nIF(AND(TIPOORCAMENTO=\"Licitado\",$AL135=0,$AN135>0),\"SEM PREÇO\",\nIF(AND($C135=\"S\",$P135<>\"\",$Q135<>\"\",$U135>0,AND($V135<>\"BDI 1\",$V135<>\"BDI 2\",$V135<>\"BDI 3\")),IF(ISNUMBER($V135),\"JUSTIFICAR BDI\",\"BDI\"),\nIF(OR(AND(import.recurso=\"OGU\",TIPOORCAMENTO=\"Proposto\",LEFT($O$8,5)<>\"(N/D:\",$AG135<>\"\",ORÇAMENTO.CustoUnitario>$AG135),AND(TIPOORCAMENTO=\"LICITADO\",ORÇAMENTO.PrecoUnitarioLicitado>$AN135)),\"ACIMA REF.\",\nIF(AND($C135=\"S\",$P135<>\"\",$Q135<>\"\",$T135=0,$U135>0),\"QUANT.\",\nIF(AND(Import.TipoArredondamento=\"TransfereGOV\",$L135=\"F\",$C135=\"S\",LEN($Q135)>13),\"Código >13\",\nIF(AND(Import.TipoArredondamento=\"TransfereGOV\",$L135=\"F\",$C135<>\"S\",LEN($R135)>100),\"Descrição >100\",\nIF(AND(Import.TipoArredondamento=\"TransfereGOV\",$L135=\"F\",$C135=\"S\",LEN($R135)>500),\"Descrição >500\",\nIF(AND(Import.TipoArredondamento=\"TransfereGOV\",$L135=\"F\",$C135=\"S\",LEFT(TRIM(UPPER($P135)),6)<>\"SINAPI\",ISNA(VLOOKUP(TRIM(UPPER($S135)),ListaTgov.Unidades,1,FALSE))),\"Unid. Não Disp\",\n\" \"))))))))))))))))","v":" "},{"$f":"IF(C135<=CRONO.NivelExibicao,MAX($AD$15:OFFSET(AD135,-1,0))+IF($C135<>1,1,MAX(1,COUNTIF(QCI!$A$13:$A$24,OFFSET($E135,-1,0)))),\"\")","v":""},{"$f":"IF(AND($C135=\"S\",ORÇAMENTO.CodBarra<>\"\"),IF(ORÇAMENTO.Fonte=\"\",ORÇAMENTO.CodBarra,CONCATENATE(ORÇAMENTO.Fonte,\" \",ORÇAMENTO.CodBarra)))","v":"SINAPI 101493"},{"$f":"IF(ISERROR(ORÇAMENTO.BancoRef),\"(abra o arquivo 'Referência \"&Excel_BuiltIn_Database&\".xlsm)\",IF(OR($C135<>\"S\",ORÇAMENTO.CodBarra=\"\"),\"(Sem Código)\",IF(ISERROR(MATCH($AE135,INDIRECT(ORÇAMENTO.BancoRef),0)),\"(Código não identificado nas referências)\",MATCH($AE135,INDIRECT(ORÇAMENTO.BancoRef),0))))","v":10775},{"$f":"ROUND(IF(DESONERACAO=\"sim\",REFERENCIA.Desonerado,REFERENCIA.NaoDesonerado),2)","v":1657.26},0.25390000000000001,null,null,null,null,9034.9,{"$f":"ROUND(ORÇAMENTO.CustoUnitario*(1+$AH135),2)","v":1806.98}]
["S",4,"S",0,{"$f":"IF($C136=1,OFFSET(E136,-1,0)+MAX(1,COUNTIF(QCI!$A$13:$A$24,OFFSET(ORÇAMENTO!E136,-1,0))),OFFSET(E136,-1,0))","v":1},9,1,1,7,0,{"$f":"IF(OR($C136=\"S\",$C136=0),0,MATCH(OFFSET($D136,0,$C136)+IF($C136<>1,1,COUNTIF(QCI!$A$13:$A$24,ORÇAMENTO!E136)),OFFSET($D136,1,$C136,ROW($C$237)-ROW($C136)),0))","v":0},"F","Serviço","Serviço","1.9.1.1.7.","Composição","101873_ADP-01",{"$f":"IF($C136=\"S\",REFERENCIA.Descricao,\"(digite a descrição aqui)\")","v":"QUADRO DE DISTRIBUIÇÃO DE LUZ EM PVC PARA 12 DISJUNTORES - FORNECIMENTO E INSTALAÇÃO."},{"$f":"REFERENCIA.Unidade","v":"UN"},{"$f":"OFFSET(CÁLCULO!H$15,ROW($T136)-ROW(T$15),0)","v":5},291.98,"BDI 1",{"$f":"IF($C136=\"S\",ROUND(IF(TIPOORCAMENTO=\"Proposto\",ORÇAMENTO.CustoUnitario*(1+$AH136),ORÇAMENTO.PrecoUnitarioLicitado),15-13*$AF$10),0)","v":366.11},{"$f":"IF($C136=\"S\",IF(OR(Import.TipoArredondamento<>\"TransfereGOV\",ACOMPANHAMENTO=\"BM\"),VTOTAL1,SUM(OFFSET(CÁLCULO!$AQ$15,ROW($X136)-ROW($X$15),1):OFFSET(CÁLCULO!$BR$15,ROW($X136)-ROW($X$15),-1))),IF($C136=0,0,ROUND(SomaAgrup,15-13*$AF$11)))","v":1830.5500000000002},"RA","RA",{"$f":"IF($C136=\"S\",IF($Z136=\"CP\",$X136,IF($Z136=\"RA\",(($X136)*QCI!$AA$3),0)),SomaAgrup)","v":26.744347060754354},{"$f":"IF($C136=\"S\",IF($Z136=\"OU\",ROUND($X136,2),0),SomaAgrup)","v":0},{"$f":"IF($N136=\"\",\" \",\nIF(AND($C136<>\"S\",OR($R136=\"\",$R136=\"(digite a descrição aqui)\")),\"DESCRIÇÃO\",\nIF(AND($C136=\"S\",OR($Q136<>\"\",$T136>0,$U136>0),$P136=\"\"),\"FONTE\",\nIF(AND($C136=\"S\",$P136<>\"\",OR($T136>0,$U136>0),$Q136=\"\"),\"CÓDIGO\",\nIF(AND($C136=\"S\",$P136<>\"\",$Q136<>\"\",$R136=\"(Código não identificado nas referências)\"),\"CÓDIGO N/ID\",\nIF(AND($C136=\"S\",OR($R136=\"\",$R136=\"(digite a descrição aqui)\"),OR($Q136<>\"\",$T136>0,$U136>0)),\"DESCRIÇÃO\",\nIF(AND($C136=\"S\",$P136<>\"\",$Q136<>\"\",$S136=\"\"),\"UNIDADE\",\nIF(AND($C136=\"S\",$P136<>\"\",$Q136<>\"\",$U136=0),\"SEM CUSTO\",\nIF(AND(TIPOORCAMENTO=\"Licitado\",$AL136=0,$AN136>0),\"SEM PREÇO\",\nIF(AND($C136=\"S\",$P136<>\"\",$Q136<>\"\",$U136>0,AND($V136<>\"BDI 1\",$V136<>\"BDI 2\",$V136<>\"BDI 3\")),IF(ISNUMBER($V136),\"JUSTIFICAR BDI\",\"BDI\"),\nIF(OR(AND(import.recurso=\"OGU\",TIPOORCAMENTO=\"Proposto\",LEFT($O$8,5)<>\"(N/D:\",$AG136<>\"\",ORÇAMENTO.CustoUnitario>$AG136),AND(TIPOORCAMENTO=\"LICITADO\",ORÇAMENTO.PrecoUnitarioLicitado>$AN136)),\"ACIMA REF.\",\nIF(AND($C136=\"S\",$P136<>\"\",$Q136<>\"\",$T136=0,$U136>0),\"QUANT.\",\nIF(AND(Import.TipoArredondamento=\"TransfereGOV\",$L136=\"F\",$C136=\"S\",LEN($Q136)>13),\"Código >13\",\nIF(AND(Import.TipoArredondamento=\"TransfereGOV\",$L136=\"F\",$C136<>\"S\",LEN($R136)>100),\"Descrição >100\",\nIF(AND(Import.TipoArredondamento=\"TransfereGOV\",$L136=\"F\",$C136=\"S\",LEN($R136)>500),\"Descrição >500\",\nIF(AND(Import.TipoArredondamento=\"TransfereGOV\",$L136=\"F\",$C136=\"S\",LEFT(TRIM(UPPER($P136)),6)<>\"SINAPI\",ISNA(VLOOKUP(TRIM(UPPER($S136)),ListaTgov.Unidades,1,FALSE))),\"Unid. Não Disp\",\n\" \"))))))))))))))))","v":" "},{"$f":"IF(C136<=CRONO.NivelExibicao,MAX($AD$15:OFFSET(AD136,-1,0))+IF($C136<>1,1,MAX(1,COUNTIF(QCI!$A$13:$A$24,OFFSET($E136,-1,0)))),\"\")","v":""},{"$f":"IF(AND($C136=\"S\",ORÇAMENTO.CodBarra<>\"\"),IF(ORÇAMENTO.Fonte=\"\",ORÇAMENTO.CodBarra,CONCATENATE(ORÇAMENTO.Fonte,\" \",ORÇAMENTO.CodBarra)))","v":"Composição 101873_ADP-01"},{"$f":"IF(ISERROR(ORÇAMENTO.BancoRef),\"(abra o arquivo 'Referência \"&Excel_BuiltIn_Database&\".xlsm)\",IF(OR($C136<>\"S\",ORÇAMENTO.CodBarra=\"\"),\"(Sem Código)\",IF(ISERROR(MATCH($AE136,INDIRECT(ORÇAMENTO.BancoRef),0)),\"(Código não identificado nas referências)\",MATCH($AE136,INDIRECT(ORÇAMENTO.BancoRef),0))))","v":24},{"$f":"ROUND(IF(DESONERACAO=\"sim\",REFERENCIA.Desonerado,REFERENCIA.NaoDesonerado),2)","v":335.78},0.25390000000000001,null,null,null,null,1830.5500000000002,{"$f":"ROUND(ORÇAMENTO.CustoUnitario*(1+$AH136),2)","v":366.11}]
[4,4,4,15,{"$f":"IF($C137=1,OFFSET(E137,-1,0)+MAX(1,COUNTIF(QCI!$A$13:$A$24,OFFSET(ORÇAMENTO!E137,-1,0))),OFFSET(E137,-1,0))","v":1},9,1,2,0,25,{"$f":"IF(OR($C137=\"S\",$C137=0),0,MATCH(OFFSET($D137,0,$C137)+IF($C137<>1,1,COUNTIF(QCI!$A$13:$A$24,ORÇAMENTO!E137)),OFFSET($D137,1,$C137,ROW($C$237)-ROW($C137)),0))","v":15},"F","Nível 4","Nível 4","1.9.1.2.","","","ILUMINAÇÃO, TOMADAS E INTERRUPTORES",null,{"$f":"OFFSET(CÁLCULO!H$15,ROW($T137)-ROW(T$15),0)","v":0},0,"BDI 1",{"$f":"IF($C137=\"S\",ROUND(IF(TIPOORCAMENTO=\"Proposto\",ORÇAMENTO.CustoUnitario*(1+$AH137),ORÇAMENTO.PrecoUnitarioLicitado),15-13*$AF$10),0)","v":0},{"$f":"IF($C137=\"S\",IF(OR(Import.TipoArredondamento<>\"TransfereGOV\",ACOMPANHAMENTO=\"BM\"),VTOTAL1,SUM(OFFSET(CÁLCULO!$AQ$15,ROW($X137)-ROW($X$15),1):OFFSET(CÁLCULO!$BR$15,ROW($X137)-ROW($X$15),-1))),IF($C137=0,0,ROUND(SomaAgrup,15-13*$AF$11)))","v":11242.65},"RA","",{"$f":"IF($C137=\"S\",IF($Z137=\"CP\",$X137,IF($Z137=\"RA\",(($X137)*QCI!$AA$3),0)),SomaAgrup)","v":164.25518750243913},{"$f":"IF($C137=\"S\",IF($Z137=\"OU\",ROUND($X137,2),0),SomaAgrup)","v":0},{"$f":"IF($N137=\"\",\" \",\nIF(AND($C137<>\"S\",OR($R137=\"\",$R137=\"(digite a descrição aqui)\")),\"DESCRIÇÃO\",\nIF(AND($C137=\"S\",OR($Q137<>\"\",$T137>0,$U137>0),$P137=\"\"),\"FONTE\",\nIF(AND($C137=\"S\",$P137<>\"\",OR($T137>0,$U137>0),$Q137=\"\"),\"CÓDIGO\",\nIF(AND($C137=\"S\",$P137<>\"\",$Q137<>\"\",$R137=\"(Código não identificado nas referências)\"),\"CÓDIGO N/ID\",\nIF(AND($C137=\"S\",OR($R137=\"\",$R137=\"(digite a descrição aqui)\"),OR($Q137<>\"\",$T137>0,$U137>0)),\"DESCRIÇÃO\",\nIF(AND($C137=\"S\",$P137<>\"\",$Q137<>\"\",$S137=\"\"),\"UNIDADE\",\nIF(AND($C137=\"S\",$P137<>\"\",$Q137<>\"\",$U137=0),\"SEM CUSTO\",\nIF(AND(TIPOORCAMENTO=\"Licitado\",$AL137=0,$AN137>0),\"SEM PREÇO\",\nIF(AND($C137=\"S\",$P137<>\"\",$Q137<>\"\",$U137>0,AND($V137<>\"BDI 1\",$V137<>\"BDI 2\",$V137<>\"BDI 3\")),IF(ISNUMBER($V137),\"JUSTIFICAR BDI\",\"BDI\"),\nIF(OR(AND(import.recurso=\"OGU\",TIPOORCAMENTO=\"Proposto\",LEFT($O$8,5)<>\"(N/D:\",$AG137<>\"\",ORÇAMENTO.CustoUnitario>$AG137),AND(TIPOORCAMENTO=\"LICITADO\",ORÇAMENTO.PrecoUnitarioLicitado>$AN137)),\"ACIMA REF.\",\nIF(AND($C137=\"S\",$P137<>\"\",$Q137<>\"\",$T137=0,$U137>0),\"QUANT.\",\nIF(AND(Import.TipoArredondamento=\"TransfereGOV\",$L137=\"F\",$C137=\"S\",LEN($Q137)>13),\"Código >13\",\nIF(AND(Import.TipoArredondamento=\"TransfereGOV\",$L137=\"F\",$C137<>\"S\",LEN($R137)>100),\"Descrição >100\",\nIF(AND(Import.TipoArredondamento=\"TransfereGOV\",$L137=\"F\",$C137=\"S\",LEN($R137)>500),\"Descrição >500\",\nIF(AND(Import.TipoArredondamento=\"TransfereGOV\",$L137=\"F\",$C137=\"S\",LEFT(TRIM(UPPER($P137)),6)<>\"SINAPI\",ISNA(VLOOKUP(TRIM(UPPER($S137)),ListaTgov.Unidades,1,FALSE))),\"Unid. Não Disp\",\n\" \"))))))))))))))))","v":" "},{"$f":"IF(C137<=CRONO.NivelExibicao,MAX($AD$15:OFFSET(AD137,-1,0))+IF($C137<>1,1,MAX(1,COUNTIF(QCI!$A$13:$A$24,OFFSET($E137,-1,0)))),\"\")","v":""},{"$f":"IF(AND($C137=\"S\",ORÇAMENTO.CodBarra<>\"\"),IF(ORÇAMENTO.Fonte=\"\",ORÇAMENTO.CodBarra,CONCATENATE(ORÇAMENTO.Fonte,\" \",ORÇAMENTO.CodBarra)))","v":false},{"$f":"IF(ISERROR(ORÇAMENTO.BancoRef),\"(abra o arquivo 'Referência \"&Excel_BuiltIn_Database&\".xlsm)\",IF(OR($C137<>\"S\",ORÇAMENTO.CodBarra=\"\"),\"(Sem Código)\",IF(ISERROR(MATCH($AE137,INDIRECT(ORÇAMENTO.BancoRef),0)),\"(Código não identificado nas referências)\",MATCH($AE137,INDIRECT(ORÇAMENTO.BancoRef),0))))","v":"(Sem Código)"},{"$f":"ROUND(IF(DESONERACAO=\"sim\",REFERENCIA.Desonerado,REFERENCIA.NaoDesonerado),2)","v":0},0.25390000000000001,null,null,null,null,11242.65,{"$f":"ROUND(ORÇAMENTO.CustoUnitario*(1+$AH137),2)","v":0}]
["S",4,"S",0,{"$f":"IF($C138=1,OFFSET(E138,-1,0)+MAX(1,COUNTIF(QCI!$A$13:$A$24,OFFSET(ORÇAMENTO!E138,-1,0))),OFFSET(E138,-1,0))","v":1},9,1,2,1,0,{"$f":"IF(OR($C138=\"S\",$C138=0),0,MATCH(OFFSET($D138,0,$C138)+IF($C138<>1,1,COUNTIF(QCI!$A$13:$A$24,ORÇAMENTO!E138)),OFFSET($D138,1,$C138,ROW($C$237)-ROW($C138)),0))","v":0},"F","Serviço","Serviço","1.9.1.2.1.","SINAPI","103782",{"$f":"IF($C138=\"S\",REFERENCIA.Descricao,\"(digite a descrição aqui)\")","v":"LUMINÁRIA TIPO PLAFON CIRCULAR, DE SOBREPOR, COM LED DE 12/13 W - FORNECIMENTO E INSTALAÇÃO. AF_09/2024"},{"$f":"REFERENCIA.Unidade","v":"UN"},{"$f":"OFFSET(CÁLCULO!H$15,ROW($T138)-ROW(T$15),0)","v":35},29.37,"BDI 1",{"$f":"IF($C138=\"S\",ROUND(IF(TIPOORCAMENTO=\"Proposto\",ORÇAMENTO.CustoUnitario*(1+$AH138),ORÇAMENTO.PrecoUnitarioLicitado),15-13*$AF$10),0)","v":36.83},{"$f":"IF($C138=\"S\",IF(OR(Import.TipoArredondamento<>\"TransfereGOV\",ACOMPANHAMENTO=\"BM\"),VTOTAL1,SUM(OFFSET(CÁLCULO!$AQ$15,ROW($X138)-ROW($X$15),1):OFFSET(CÁLCULO!$BR$15,ROW($X138)-ROW($X$15),-1))),IF($C138=0,0,ROUND(SomaAgrup,15-13*$AF$11)))","v":1289.05},"RA","RA",{"$f":"IF($C138=\"S\",IF($Z138=\"CP\",$X138,IF($Z138=\"RA\",(($X138)*QCI!$AA$3),0)),SomaAgrup)","v":18.833028640936},{"$f":"IF($C138=\"S\",IF($Z138=\"OU\",ROUND($X138,2),0),SomaAgrup)","v":0},{"$f":"IF($N138=\"\",\" \",\nIF(AND($C138<>\"S\",OR($R138=\"\",$R138=\"(digite a descrição aqui)\")),\"DESCRIÇÃO\",\nIF(AND($C138=\"S\",OR($Q138<>\"\",$T138>0,$U138>0),$P138=\"\"),\"FONTE\",\nIF(AND($C138=\"S\",$P138<>\"\",OR($T138>0,$U138>0),$Q138=\"\"),\"CÓDIGO\",\nIF(AND($C138=\"S\",$P138<>\"\",$Q138<>\"\",$R138=\"(Código não identificado nas referências)\"),\"CÓDIGO N/ID\",\nIF(AND($C138=\"S\",OR($R138=\"\",$R138=\"(digite a descrição aqui)\"),OR($Q138<>\"\",$T138>0,$U138>0)),\"DESCRIÇÃO\",\nIF(AND($C138=\"S\",$P138<>\"\",$Q138<>\"\",$S138=\"\"),\"UNIDADE\",\nIF(AND($C138=\"S\",$P138<>\"\",$Q138<>\"\",$U138=0),\"SEM CUSTO\",\nIF(AND(TIPOORCAMENTO=\"Licitado\",$AL138=0,$AN138>0),\"SEM PREÇO\",\nIF(AND($C138=\"S\",$P138<>\"\",$Q138<>\"\",$U138>0,AND($V138<>\"BDI 1\",$V138<>\"BDI 2\",$V138<>\"BDI 3\")),IF(ISNUMBER($V138),\"JUSTIFICAR BDI\",\"BDI\"),\nIF(OR(AND(import.recurso=\"OGU\",TIPOORCAMENTO=\"Proposto\",LEFT($O$8,5)<>\"(N/D:\",$AG138<>\"\",ORÇAMENTO.CustoUnitario>$AG138),AND(TIPOORCAMENTO=\"LICITADO\",ORÇAMENTO.PrecoUnitarioLicitado>$AN138)),\"ACIMA REF.\",\nIF(AND($C138=\"S\",$P138<>\"\",$Q138<>\"\",$T138=0,$U138>0),\"QUANT.\",\nIF(AND(Import.TipoArredondamento=\"TransfereGOV\",$L138=\"F\",$C138=\"S\",LEN($Q138)>13),\"Código >13\",\nIF(AND(Import.TipoArredondamento=\"TransfereGOV\",$L138=\"F\",$C138<>\"S\",LEN($R138)>100),\"Descrição >100\",\nIF(AND(Import.TipoArredondamento=\"TransfereGOV\",$L138=\"F\",$C138=\"S\",LEN($R138)>500),\"Descrição >500\",\nIF(AND(Import.TipoArredondamento=\"TransfereGOV\",$L138=\"F\",$C138=\"S\",LEFT(TRIM(UPPER($P138)),6)<>\"SINAPI\",ISNA(VLOOKUP(TRIM(UPPER($S138)),ListaTgov.Unidades,1,FALSE))),\"Unid. Não Disp\",\n\" \"))))))))))))))))","v":" "},{"$f":"IF(C138<=CRONO.NivelExibicao,MAX($AD$15:OFFSET(AD138,-1,0))+IF($C138<>1,1,MAX(1,COUNTIF(QCI!$A$13:$A$24,OFFSET($E138,-1,0)))),\"\")","v":""},{"$f":"IF(AND($C138=\"S\",ORÇAMENTO.CodBarra<>\"\"),IF(ORÇAMENTO.Fonte=\"\",ORÇAMENTO.CodBarra,CONCATENATE(ORÇAMENTO.Fonte,\" \",ORÇAMENTO.CodBarra)))","v":"SINAPI 103782"},{"$f":"IF(ISERROR(ORÇAMENTO.BancoRef),\"(abra o arquivo 'Referência \"&Excel_BuiltIn_Database&\".xlsm)\",IF(OR($C138<>\"S\",ORÇAMENTO.CodBarra=\"\"),\"(Sem Código)\",IF(ISERROR(MATCH($AE138,INDIRECT(ORÇAMENTO.BancoRef),0)),\"(Código não identificado nas referências)\",MATCH($AE138,INDIRECT(ORÇAMENTO.BancoRef),0))))","v":10307},{"$f":"ROUND(IF(DESONERACAO=\"sim\",REFERENCIA.Desonerado,REFERENCIA.NaoDesonerado),2)","v":33.78},0.25390000000000001,null,null,null,null,1289.05,{"$f":"ROUND(ORÇAMENTO.CustoUnitario*(1+$AH138),2)","v":36.83}]
["S",4,"S",0,{"$f":"IF($C139=1,OFFSET(E139,-1,0)+MAX(1,COUNTIF(QCI!$A$13:$A$24,OFFSET(ORÇAMENTO!E139,-1,0))),OFFSET(E139,-1,0))","v":1},9,1,2,2,0,{"$f":"IF(OR($C139=\"S\",$C139=0),0,MATCH(OFFSET($D139,0,$C139)+IF($C139<>1,1,COUNTIF(QCI!$A$13:$A$24,ORÇAMENTO!E139)),OFFSET($D139,1,$C139,ROW($C$237)-ROW($C139)),0))","v":0},"F","Serviço","Serviço","1.9.1.2.2.","SINAPI","97610",{"$f":"IF($C139=\"S\",REFERENCIA.Descricao,\"(digite a descrição aqui)\")","v":"LÂMPADA COMPACTA DE LED 10 W, BASE E27 - FORNECIMENTO E INSTALAÇÃO. AF_09/2024"},{"$f":"REFERENCIA.Unidade","v":"UN"},{"$f":"OFFSET(CÁLCULO!H$15,ROW($T139)-ROW(T$15),0)","v":35},14.33,"BDI 1",{"$f":"IF($C139=\"S\",ROUND(IF(TIPOORCAMENTO=\"Proposto\",ORÇAMENTO.CustoUnitario*(1+$AH139),ORÇAMENTO.PrecoUnitarioLicitado),15-13*$AF$10),0)","v":17.97},{"$f":"IF($C139=\"S\",IF(OR(Import.TipoArredondamento<>\"TransfereGOV\",ACOMPANHAMENTO=\"BM\"),VTOTAL1,SUM(OFFSET(CÁLCULO!$AQ$15,ROW($X139)-ROW($X$15),1):OFFSET(CÁLCULO!$BR$15,ROW($X139)-ROW($X$15),-1))),IF($C139=0,0,ROUND(SomaAgrup,15-13*$AF$11)))","v":628.95000000000005},"RA","RA",{"$f":"IF($C139=\"S\",IF($Z139=\"CP\",$X139,IF($Z139=\"RA\",(($X139)*QCI!$AA$3),0)),SomaAgrup)","v":9.1889634721048044},{"$f":"IF($C139=\"S\",IF($Z139=\"OU\",ROUND($X139,2),0),SomaAgrup)","v":0},{"$f":"IF($N139=\"\",\" \",\nIF(AND($C139<>\"S\",OR($R139=\"\",$R139=\"(digite a descrição aqui)\")),\"DESCRIÇÃO\",\nIF(AND($C139=\"S\",OR($Q139<>\"\",$T139>0,$U139>0),$P139=\"\"),\"FONTE\",\nIF(AND($C139=\"S\",$P139<>\"\",OR($T139>0,$U139>0),$Q139=\"\"),\"CÓDIGO\",\nIF(AND($C139=\"S\",$P139<>\"\",$Q139<>\"\",$R139=\"(Código não identificado nas referências)\"),\"CÓDIGO N/ID\",\nIF(AND($C139=\"S\",OR($R139=\"\",$R139=\"(digite a descrição aqui)\"),OR($Q139<>\"\",$T139>0,$U139>0)),\"DESCRIÇÃO\",\nIF(AND($C139=\"S\",$P139<>\"\",$Q139<>\"\",$S139=\"\"),\"UNIDADE\",\nIF(AND($C139=\"S\",$P139<>\"\",$Q139<>\"\",$U139=0),\"SEM CUSTO\",\nIF(AND(TIPOORCAMENTO=\"Licitado\",$AL139=0,$AN139>0),\"SEM PREÇO\",\nIF(AND($C139=\"S\",$P139<>\"\",$Q139<>\"\",$U139>0,AND($V139<>\"BDI 1\",$V139<>\"BDI 2\",$V139<>\"BDI 3\")),IF(ISNUMBER($V139),\"JUSTIFICAR BDI\",\"BDI\"),\nIF(OR(AND(import.recurso=\"OGU\",TIPOORCAMENTO=\"Proposto\",LEFT($O$8,5)<>\"(N/D:\",$AG139<>\"\",ORÇAMENTO.CustoUnitario>$AG139),AND(TIPOORCAMENTO=\"LICITADO\",ORÇAMENTO.PrecoUnitarioLicitado>$AN139)),\"ACIMA REF.\",\nIF(AND($C139=\"S\",$P139<>\"\",$Q139<>\"\",$T139=0,$U139>0),\"QUANT.\",\nIF(AND(Import.TipoArredondamento=\"TransfereGOV\",$L139=\"F\",$C139=\"S\",LEN($Q139)>13),\"Código >13\",\nIF(AND(Import.TipoArredondamento=\"TransfereGOV\",$L139=\"F\",$C139<>\"S\",LEN($R139)>100),\"Descrição >100\",\nIF(AND(Import.TipoArredondamento=\"TransfereGOV\",$L139=\"F\",$C139=\"S\",LEN($R139)>500),\"Descrição >500\",\nIF(AND(Import.TipoArredondamento=\"TransfereGOV\",$L139=\"F\",$C139=\"S\",LEFT(TRIM(UPPER($P139)),6)<>\"SINAPI\",ISNA(VLOOKUP(TRIM(UPPER($S139)),ListaTgov.Unidades,1,FALSE))),\"Unid. Não Disp\",\n\" \"))))))))))))))))","v":" "},{"$f":"IF(C139<=CRONO.NivelExibicao,MAX($AD$15:OFFSET(AD139,-1,0))+IF($C139<>1,1,MAX(1,COUNTIF(QCI!$A$13:$A$24,OFFSET($E139,-1,0)))),\"\")","v":""},{"$f":"IF(AND($C139=\"S\",ORÇAMENTO.CodBarra<>\"\"),IF(ORÇAMENTO.Fonte=\"\",ORÇAMENTO.CodBarra,CONCATENATE(ORÇAMENTO.Fonte,\" \",ORÇAMENTO.CodBarra)))","v":"SINAPI 97610"},{"$f":"IF(ISERROR(ORÇAMENTO.BancoRef),\"(abra o arquivo 'Referência \"&Excel_BuiltIn_Database&\".xlsm)\",IF(OR($C139<>\"S\",ORÇAMENTO.CodBarra=\"\"),\"(Sem Código)\",IF(ISERROR(MATCH($AE139,INDIRECT(ORÇAMENTO.BancoRef),0)),\"(Código não identificado nas referências)\",MATCH($AE139,INDIRECT(ORÇAMENTO.BancoRef),0))))","v":10316},{"$f":"ROUND(IF(DESONERACAO=\"sim\",REFERENCIA.Desonerado,REFERENCIA.NaoDesonerado),2)","v":16.489999999999998},0.25390000000000001,null,null,null,null,628.95000000000005,{"$f":"ROUND(ORÇAMENTO.CustoUnitario*(1+$AH139),2)","v":17.97}]
["S",4,"S",0,{"$f":"IF($C140=1,OFFSET(E140,-1,0)+MAX(1,COUNTIF(QCI!$A$13:$A$24,OFFSET(ORÇAMENTO!E140,-1,0))),OFFSET(E140,-1,0))","v":1},9,1,2,3,0,{"$f":"IF(OR($C140=\"S\",$C140=0),0,MATCH(OFFSET($D140,0,$C140)+IF($C140<>1,1,COUNTIF(QCI!$A$13:$A$24,ORÇAMENTO!E140)),OFFSET($D140,1,$C140,ROW($C$237)-ROW($C140)),0))","v":0},"F","Serviço","Serviço","1.9.1.2.3.","SINAPI","91953",{"$f":"IF($C140=\"S\",REFERENCIA.Descricao,\"(digite a descrição aqui)\")","v":"INTERRUPTOR SIMPLES (1 MÓDULO), 10A/250V, INCLUINDO SUPORTE E PLACA - FORNECIMENTO E INSTALAÇÃO. AF_03/2023"},{"$f":"REFERENCIA.Unidade","v":"UN"},{"$f":"OFFSET(CÁLCULO!H$15,ROW($T140)-ROW(T$15),0)","v":25},30.23,"BDI 1",{"$f":"IF($C140=\"S\",ROUND(IF(TIPOORCAMENTO=\"Proposto\",ORÇAMENTO.CustoUnitario*(1+$AH140),ORÇAMENTO.PrecoUnitarioLicitado),15-13*$AF$10),0)","v":37.909999999999997},{"$f":"IF($C140=\"S\",IF(OR(Import.TipoArredondamento<>\"TransfereGOV\",ACOMPANHAMENTO=\"BM\"),VTOTAL1,SUM(OFFSET(CÁLCULO!$AQ$15,ROW($X140)-ROW($X$15),1):OFFSET(CÁLCULO!$BR$15,ROW($X140)-ROW($X$15),-1))),IF($C140=0,0,ROUND(SomaAgrup,15-13*$AF$11)))","v":947.75},"RA","RA",{"$f":"IF($C140=\"S\",IF($Z140=\"CP\",$X140,IF($Z140=\"RA\",(($X140)*QCI!$AA$3),0)),SomaAgrup)","v":13.846633485471544},{"$f":"IF($C140=\"S\",IF($Z140=\"OU\",ROUND($X140,2),0),SomaAgrup)","v":0},{"$f":"IF($N140=\"\",\" \",\nIF(AND($C140<>\"S\",OR($R140=\"\",$R140=\"(digite a descrição aqui)\")),\"DESCRIÇÃO\",\nIF(AND($C140=\"S\",OR($Q140<>\"\",$T140>0,$U140>0),$P140=\"\"),\"FONTE\",\nIF(AND($C140=\"S\",$P140<>\"\",OR($T140>0,$U140>0),$Q140=\"\"),\"CÓDIGO\",\nIF(AND($C140=\"S\",$P140<>\"\",$Q140<>\"\",$R140=\"(Código não identificado nas referências)\"),\"CÓDIGO N/ID\",\nIF(AND($C140=\"S\",OR($R140=\"\",$R140=\"(digite a descrição aqui)\"),OR($Q140<>\"\",$T140>0,$U140>0)),\"DESCRIÇÃO\",\nIF(AND($C140=\"S\",$P140<>\"\",$Q140<>\"\",$S140=\"\"),\"UNIDADE\",\nIF(AND($C140=\"S\",$P140<>\"\",$Q140<>\"\",$U140=0),\"SEM CUSTO\",\nIF(AND(TIPOORCAMENTO=\"Licitado\",$AL140=0,$AN140>0),\"SEM PREÇO\",\nIF(AND($C140=\"S\",$P140<>\"\",$Q140<>\"\",$U140>0,AND($V140<>\"BDI 1\",$V140<>\"BDI 2\",$V140<>\"BDI 3\")),IF(ISNUMBER($V140),\"JUSTIFICAR BDI\",\"BDI\"),\nIF(OR(AND(import.recurso=\"OGU\",TIPOORCAMENTO=\"Proposto\",LEFT($O$8,5)<>\"(N/D:\",$AG140<>\"\",ORÇAMENTO.CustoUnitario>$AG140),AND(TIPOORCAMENTO=\"LICITADO\",ORÇAMENTO.PrecoUnitarioLicitado>$AN140)),\"ACIMA REF.\",\nIF(AND($C140=\"S\",$P140<>\"\",$Q140<>\"\",$T140=0,$U140>0),\"QUANT.\",\nIF(AND(Import.TipoArredondamento=\"TransfereGOV\",$L140=\"F\",$C140=\"S\",LEN($Q140)>13),\"Código >13\",\nIF(AND(Import.TipoArredondamento=\"TransfereGOV\",$L140=\"F\",$C140<>\"S\",LEN($R140)>100),\"Descrição >100\",\nIF(AND(Import.TipoArredondamento=\"TransfereGOV\",$L140=\"F\",$C140=\"S\",LEN($R140)>500),\"Descrição >500\",\nIF(AND(Import.TipoArredondamento=\"TransfereGOV\",$L140=\"F\",$C140=\"S\",LEFT(TRIM(UPPER($P140)),6)<>\"SINAPI\",ISNA(VLOOKUP(TRIM(UPPER($S140)),ListaTgov.Unidades,1,FALSE))),\"Unid. Não Disp\",\n\" \"))))))))))))))))","v":" "},{"$f":"IF(C140<=CRONO.NivelExibicao,MAX($AD$15:OFFSET(AD140,-1,0))+IF($C140<>1,1,MAX(1,COUNTIF(QCI!$A$13:$A$24,OFFSET($E140,-1,0)))),\"\")","v":""},{"$f":"IF(AND($C140=\"S\",ORÇAMENTO.CodBarra<>\"\"),IF(ORÇAMENTO.Fonte=\"\",ORÇAMENTO.CodBarra,CONCATENATE(ORÇAMENTO.Fonte,\" \",ORÇAMENTO.CodBarra)))","v":"SINAPI 91953"},{"$f":"IF(ISERROR(ORÇAMENTO.BancoRef),\"(abra o arquivo 'Referência \"&Excel_BuiltIn_Database&\".xlsm)\",IF(OR($C140<>\"S\",ORÇAMENTO.CodBarra=\"\"),\"(Sem Código)\",IF(ISERROR(MATCH($AE140,INDIRECT(ORÇAMENTO.BancoRef),0)),\"(Código não identificado nas referências)\",MATCH($AE140,INDIRECT(ORÇAMENTO.BancoRef),0))))","v":10487},{"$f":"ROUND(IF(DESONERACAO=\"sim\",REFERENCIA.Desonerado,REFERENCIA.NaoDesonerado),2)","v":34.770000000000003},0.25390000000000001,null,null,null,null,947.75,{"$f":"ROUND(ORÇAMENTO.CustoUnitario*(1+$AH140),2)","v":37.909999999999997}]
["S",4,"S",0,{"$f":"IF($C141=1,OFFSET(E141,-1,0)+MAX(1,COUNTIF(QCI!$A$13:$A$24,OFFSET(ORÇAMENTO!E141,-1,0))),OFFSET(E141,-1,0))","v":1},9,1,2,4,0,{"$f":"IF(OR($C141=\"S\",$C141=0),0,MATCH(OFFSET($D141,0,$C141)+IF($C141<>1,1,COUNTIF(QCI!$A$13:$A$24,ORÇAMENTO!E141)),OFFSET($D141,1,$C141,ROW($C$237)-ROW($C141)),0))","v":0},"F","Serviço","Serviço","1.9.1.2.4.","SINAPI","91959",{"$f":"IF($C141=\"S\",REFERENCIA.Descricao,\"(digite a descrição aqui)\")","v":"INTERRUPTOR SIMPLES (2 MÓDULOS), 10A/250V, INCLUINDO SUPORTE E PLACA - FORNECIMENTO E INSTALAÇÃO. AF_03/2023"},{"$f":"REFERENCIA.Unidade","v":"UN"},{"$f":"OFFSET(CÁLCULO!H$15,ROW($T141)-ROW(T$15),0)","v":5},45.95,"BDI 1",{"$f":"IF($C141=\"S\",ROUND(IF(TIPOORCAMENTO=\"Proposto\",ORÇAMENTO.CustoUnitario*(1+$AH141),ORÇAMENTO.PrecoUnitarioLicitado),15-13*$AF$10),0)","v":57.62},{"$f":"IF($C141=\"S\",IF(OR(Import.TipoArredondamento<>\"TransfereGOV\",ACOMPANHAMENTO=\"BM\"),VTOTAL1,SUM(OFFSET(CÁLCULO!$AQ$15,ROW($X141)-ROW($X$15),1):OFFSET(CÁLCULO!$BR$15,ROW($X141)-ROW($X$15),-1))),IF($C141=0,0,ROUND(SomaAgrup,15-13*$AF$11)))","v":288.09999999999997},"RA","RA",{"$f":"IF($C141=\"S\",IF($Z141=\"CP\",$X141,IF($Z141=\"RA\",(($X141)*QCI!$AA$3),0)),SomaAgrup)","v":4.2091428194823015},{"$f":"IF($C141=\"S\",IF($Z141=\"OU\",ROUND($X141,2),0),SomaAgrup)","v":0},{"$f":"IF($N141=\"\",\" \",\nIF(AND($C141<>\"S\",OR($R141=\"\",$R141=\"(digite a descrição aqui)\")),\"DESCRIÇÃO\",\nIF(AND($C141=\"S\",OR($Q141<>\"\",$T141>0,$U141>0),$P141=\"\"),\"FONTE\",\nIF(AND($C141=\"S\",$P141<>\"\",OR($T141>0,$U141>0),$Q141=\"\"),\"CÓDIGO\",\nIF(AND($C141=\"S\",$P141<>\"\",$Q141<>\"\",$R141=\"(Código não identificado nas referências)\"),\"CÓDIGO N/ID\",\nIF(AND($C141=\"S\",OR($R141=\"\",$R141=\"(digite a descrição aqui)\"),OR($Q141<>\"\",$T141>0,$U141>0)),\"DESCRIÇÃO\",\nIF(AND($C141=\"S\",$P141<>\"\",$Q141<>\"\",$S141=\"\"),\"UNIDADE\",\nIF(AND($C141=\"S\",$P141<>\"\",$Q141<>\"\",$U141=0),\"SEM CUSTO\",\nIF(AND(TIPOORCAMENTO=\"Licitado\",$AL141=0,$AN141>0),\"SEM PREÇO\",\nIF(AND($C141=\"S\",$P141<>\"\",$Q141<>\"\",$U141>0,AND($V141<>\"BDI 1\",$V141<>\"BDI 2\",$V141<>\"BDI 3\")),IF(ISNUMBER($V141),\"JUSTIFICAR BDI\",\"BDI\"),\nIF(OR(AND(import.recurso=\"OGU\",TIPOORCAMENTO=\"Proposto\",LEFT($O$8,5)<>\"(N/D:\",$AG141<>\"\",ORÇAMENTO.CustoUnitario>$AG141),AND(TIPOORCAMENTO=\"LICITADO\",ORÇAMENTO.PrecoUnitarioLicitado>$AN141)),\"ACIMA REF.\",\nIF(AND($C141=\"S\",$P141<>\"\",$Q141<>\"\",$T141=0,$U141>0),\"QUANT.\",\nIF(AND(Import.TipoArredondamento=\"TransfereGOV\",$L141=\"F\",$C141=\"S\",LEN($Q141)>13),\"Código >13\",\nIF(AND(Import.TipoArredondamento=\"TransfereGOV\",$L141=\"F\",$C141<>\"S\",LEN($R141)>100),\"Descrição >100\",\nIF(AND(Import.TipoArredondamento=\"TransfereGOV\",$L141=\"F\",$C141=\"S\",LEN($R141)>500),\"Descrição >500\",\nIF(AND(Import.TipoArredondamento=\"TransfereGOV\",$L141=\"F\",$C141=\"S\",LEFT(TRIM(UPPER($P141)),6)<>\"SINAPI\",ISNA(VLOOKUP(TRIM(UPPER($S141)),ListaTgov.Unidades,1,FALSE))),\"Unid. Não Disp\",\n\" \"))))))))))))))))","v":" "},{"$f":"IF(C141<=CRONO.NivelExibicao,MAX($AD$15:OFFSET(AD141,-1,0))+IF($C141<>1,1,MAX(1,COUNTIF(QCI!$A$13:$A$24,OFFSET($E141,-1,0)))),\"\")","v":""},{"$f":"IF(AND($C141=\"S\",ORÇAMENTO.CodBarra<>\"\"),IF(ORÇAMENTO.Fonte=\"\",ORÇAMENTO.CodBarra,CONCATENATE(ORÇAMENTO.Fonte,\" \",ORÇAMENTO.CodBarra)))","v":"SINAPI 91959"},{"$f":"IF(ISERROR(ORÇAMENTO.BancoRef),\"(abra o arquivo 'Referência \"&Excel_BuiltIn_Database&\".xlsm)\",IF(OR($C141<>\"S\",ORÇAMENTO.CodBarra=\"\"),\"(Sem Código)\",IF(ISERROR(MATCH($AE141,INDIRECT(ORÇAMENTO.BancoRef),0)),\"(Código não identificado nas referências)\",MATCH($AE141,INDIRECT(ORÇAMENTO.BancoRef),0))))","v":10497},{"$f":"ROUND(IF(DESONERACAO=\"sim\",REFERENCIA.Desonerado,REFERENCIA.NaoDesonerado),2)","v":52.85},0.25390000000000001,null,null,null,null,288.09999999999997,{"$f":"ROUND(ORÇAMENTO.CustoUnitario*(1+$AH141),2)","v":57.62}]
["S",4,"S",0,{"$f":"IF($C142=1,OFFSET(E142,-1,0)+MAX(1,COUNTIF(QCI!$A$13:$A$24,OFFSET(ORÇAMENTO!E142,-1,0))),OFFSET(E142,-1,0))","v":1},9,1,2,5,0,{"$f":"IF(OR($C142=\"S\",$C142=0),0,MATCH(OFFSET($D142,0,$C142)+IF($C142<>1,1,COUNTIF(QCI!$A$13:$A$24,ORÇAMENTO!E142)),OFFSET($D142,1,$C142,ROW($C$237)-ROW($C142)),0))","v":0},"F","Serviço","Serviço","1.9.1.2.5.","SINAPI","92000",{"$f":"IF($C142=\"S\",REFERENCIA.Descricao,\"(digite a descrição aqui)\")","v":"TOMADA BAIXA DE EMBUTIR (1 MÓDULO), 2P+T 10 A, INCLUINDO SUPORTE E PLACA - FORNECIMENTO E INSTALAÇÃO. AF_03/2023"},{"$f":"REFERENCIA.Unidade","v":"UN"},{"$f":"OFFSET(CÁLCULO!H$15,ROW($T142)-ROW(T$15),0)","v":50},31.66,"BDI 1",{"$f":"IF($C142=\"S\",ROUND(IF(TIPOORCAMENTO=\"Proposto\",ORÇAMENTO.CustoUnitario*(1+$AH142),ORÇAMENTO.PrecoUnitarioLicitado),15-13*$AF$10),0)","v":39.700000000000003},{"$f":"IF($C142=\"S\",IF(OR(Import.TipoArredondamento<>\"TransfereGOV\",ACOMPANHAMENTO=\"BM\"),VTOTAL1,SUM(OFFSET(CÁLCULO!$AQ$15,ROW($X142)-ROW($X$15),1):OFFSET(CÁLCULO!$BR$15,ROW($X142)-ROW($X$15),-1))),IF($C142=0,0,ROUND(SomaAgrup,15-13*$AF$11)))","v":1985},"RA","RA",{"$f":"IF($C142=\"S\",IF($Z142=\"CP\",$X142,IF($Z142=\"RA\",(($X142)*QCI!$AA$3),0)),SomaAgrup)","v":29.000862536176225},{"$f":"IF($C142=\"S\",IF($Z142=\"OU\",ROUND($X142,2),0),SomaAgrup)","v":0},{"$f":"IF($N142=\"\",\" \",\nIF(AND($C142<>\"S\",OR($R142=\"\",$R142=\"(digite a descrição aqui)\")),\"DESCRIÇÃO\",\nIF(AND($C142=\"S\",OR($Q142<>\"\",$T142>0,$U142>0),$P142=\"\"),\"FONTE\",\nIF(AND($C142=\"S\",$P142<>\"\",OR($T142>0,$U142>0),$Q142=\"\"),\"CÓDIGO\",\nIF(AND($C142=\"S\",$P142<>\"\",$Q142<>\"\",$R142=\"(Código não identificado nas referências)\"),\"CÓDIGO N/ID\",\nIF(AND($C142=\"S\",OR($R142=\"\",$R142=\"(digite a descrição aqui)\"),OR($Q142<>\"\",$T142>0,$U142>0)),\"DESCRIÇÃO\",\nIF(AND($C142=\"S\",$P142<>\"\",$Q142<>\"\",$S142=\"\"),\"UNIDADE\",\nIF(AND($C142=\"S\",$P142<>\"\",$Q142<>\"\",$U142=0),\"SEM CUSTO\",\nIF(AND(TIPOORCAMENTO=\"Licitado\",$AL142=0,$AN142>0),\"SEM PREÇO\",\nIF(AND($C142=\"S\",$P142<>\"\",$Q142<>\"\",$U142>0,AND($V142<>\"BDI 1\",$V142<>\"BDI 2\",$V142<>\"BDI 3\")),IF(ISNUMBER($V142),\"JUSTIFICAR BDI\",\"BDI\"),\nIF(OR(AND(import.recurso=\"OGU\",TIPOORCAMENTO=\"Proposto\",LEFT($O$8,5)<>\"(N/D:\",$AG142<>\"\",ORÇAMENTO.CustoUnitario>$AG142),AND(TIPOORCAMENTO=\"LICITADO\",ORÇAMENTO.PrecoUnitarioLicitado>$AN142)),\"ACIMA REF.\",\nIF(AND($C142=\"S\",$P142<>\"\",$Q142<>\"\",$T142=0,$U142>0),\"QUANT.\",\nIF(AND(Import.TipoArredondamento=\"TransfereGOV\",$L142=\"F\",$C142=\"S\",LEN($Q142)>13),\"Código >13\",\nIF(AND(Import.TipoArredondamento=\"TransfereGOV\",$L142=\"F\",$C142<>\"S\",LEN($R142)>100),\"Descrição >100\",\nIF(AND(Import.TipoArredondamento=\"TransfereGOV\",$L142=\"F\",$C142=\"S\",LEN($R142)>500),\"Descrição >500\",\nIF(AND(Import.TipoArredondamento=\"TransfereGOV\",$L142=\"F\",$C142=\"S\",LEFT(TRIM(UPPER($P142)),6)<>\"SINAPI\",ISNA(VLOOKUP(TRIM(UPPER($S142)),ListaTgov.Unidades,1,FALSE))),\"Unid. Não Disp\",\n\" \"))))))))))))))))","v":" "},{"$f":"IF(C142<=CRONO.NivelExibicao,MAX($AD$15:OFFSET(AD142,-1,0))+IF($C142<>1,1,MAX(1,COUNTIF(QCI!$A$13:$A$24,OFFSET($E142,-1,0)))),\"\")","v":""},{"$f":"IF(AND($C142=\"S\",ORÇAMENTO.CodBarra<>\"\"),IF(ORÇAMENTO.Fonte=\"\",ORÇAMENTO.CodBarra,CONCATENATE(ORÇAMENTO.Fonte,\" \",ORÇAMENTO.CodBarra)))","v":"SINAPI 92000"},{"$f":"IF(ISERROR(ORÇAMENTO.BancoRef),\"(abra o arquivo 'Referência \"&Excel_BuiltIn_Database&\".xlsm)\",IF(OR($C142<>\"S\",ORÇAMENTO.CodBarra=\"\"),\"(Sem Código)\",IF(ISERROR(MATCH($AE142,INDIRECT(ORÇAMENTO.BancoRef),0)),\"(Código não identificado nas referências)\",MATCH($AE142,INDIRECT(ORÇAMENTO.BancoRef),0))))","v":10529},{"$f":"ROUND(IF(DESONERACAO=\"sim\",REFERENCIA.Desonerado,REFERENCIA.NaoDesonerado),2)","v":36.42},0.25390000000000001,null,null,null,null,1985,{"$f":"ROUND(ORÇAMENTO.CustoUnitario*(1+$AH142),2)","v":39.700000000000003}]
["S",4,"S",0,{"$f":"IF($C143=1,OFFSET(E143,-1,0)+MAX(1,COUNTIF(QCI!$A$13:$A$24,OFFSET(ORÇAMENTO!E143,-1,0))),OFFSET(E143,-1,0))","v":1},9,1,2,6,0,{"$f":"IF(OR($C143=\"S\",$C143=0),0,MATCH(OFFSET($D143,0,$C143)+IF($C143<>1,1,COUNTIF(QCI!$A$13:$A$24,ORÇAMENTO!E143)),OFFSET($D143,1,$C143,ROW($C$237)-ROW($C143)),0))","v":0},"F","Serviço","Serviço","1.9.1.2.6.","SINAPI","91996",{"$f":"IF($C143=\"S\",REFERENCIA.Descricao,\"(digite a descrição aqui)\")","v":"TOMADA MÉDIA DE EMBUTIR (1 MÓDULO), 2P+T 10 A, INCLUINDO SUPORTE E PLACA - FORNECIMENTO E INSTALAÇÃO. AF_03/2023"},{"$f":"REFERENCIA.Unidade","v":"UN"},{"$f":"OFFSET(CÁLCULO!H$15,ROW($T143)-ROW(T$15),0)","v":30},35.770000000000003,"BDI 1",{"$f":"IF($C143=\"S\",ROUND(IF(TIPOORCAMENTO=\"Proposto\",ORÇAMENTO.CustoUnitario*(1+$AH143),ORÇAMENTO.PrecoUnitarioLicitado),15-13*$AF$10),0)","v":44.85},{"$f":"IF($C143=\"S\",IF(OR(Import.TipoArredondamento<>\"TransfereGOV\",ACOMPANHAMENTO=\"BM\"),VTOTAL1,SUM(OFFSET(CÁLCULO!$AQ$15,ROW($X143)-ROW($X$15),1):OFFSET(CÁLCULO!$BR$15,ROW($X143)-ROW($X$15),-1))),IF($C143=0,0,ROUND(SomaAgrup,15-13*$AF$11)))","v":1345.5},"RA","RA",{"$f":"IF($C143=\"S\",IF($Z143=\"CP\",$X143,IF($Z143=\"RA\",(($X143)*QCI!$AA$3),0)),SomaAgrup)","v":19.65776349744338},{"$f":"IF($C143=\"S\",IF($Z143=\"OU\",ROUND($X143,2),0),SomaAgrup)","v":0},{"$f":"IF($N143=\"\",\" \",\nIF(AND($C143<>\"S\",OR($R143=\"\",$R143=\"(digite a descrição aqui)\")),\"DESCRIÇÃO\",\nIF(AND($C143=\"S\",OR($Q143<>\"\",$T143>0,$U143>0),$P143=\"\"),\"FONTE\",\nIF(AND($C143=\"S\",$P143<>\"\",OR($T143>0,$U143>0),$Q143=\"\"),\"CÓDIGO\",\nIF(AND($C143=\"S\",$P143<>\"\",$Q143<>\"\",$R143=\"(Código não identificado nas referências)\"),\"CÓDIGO N/ID\",\nIF(AND($C143=\"S\",OR($R143=\"\",$R143=\"(digite a descrição aqui)\"),OR($Q143<>\"\",$T143>0,$U143>0)),\"DESCRIÇÃO\",\nIF(AND($C143=\"S\",$P143<>\"\",$Q143<>\"\",$S143=\"\"),\"UNIDADE\",\nIF(AND($C143=\"S\",$P143<>\"\",$Q143<>\"\",$U143=0),\"SEM CUSTO\",\nIF(AND(TIPOORCAMENTO=\"Licitado\",$AL143=0,$AN143>0),\"SEM PREÇO\",\nIF(AND($C143=\"S\",$P143<>\"\",$Q143<>\"\",$U143>0,AND($V143<>\"BDI 1\",$V143<>\"BDI 2\",$V143<>\"BDI 3\")),IF(ISNUMBER($V143),\"JUSTIFICAR BDI\",\"BDI\"),\nIF(OR(AND(import.recurso=\"OGU\",TIPOORCAMENTO=\"Proposto\",LEFT($O$8,5)<>\"(N/D:\",$AG143<>\"\",ORÇAMENTO.CustoUnitario>$AG143),AND(TIPOORCAMENTO=\"LICITADO\",ORÇAMENTO.PrecoUnitarioLicitado>$AN143)),\"ACIMA REF.\",\nIF(AND($C143=\"S\",$P143<>\"\",$Q143<>\"\",$T143=0,$U143>0),\"QUANT.\",\nIF(AND(Import.TipoArredondamento=\"TransfereGOV\",$L143=\"F\",$C143=\"S\",LEN($Q143)>13),\"Código >13\",\nIF(AND(Import.TipoArredondamento=\"TransfereGOV\",$L143=\"F\",$C143<>\"S\",LEN($R143)>100),\"Descrição >100\",\nIF(AND(Import.TipoArredondamento=\"TransfereGOV\",$L143=\"F\",$C143=\"S\",LEN($R143)>500),\"Descrição >500\",\nIF(AND(Import.TipoArredondamento=\"TransfereGOV\",$L143=\"F\",$C143=\"S\",LEFT(TRIM(UPPER($P143)),6)<>\"SINAPI\",ISNA(VLOOKUP(TRIM(UPPER($S143)),ListaTgov.Unidades,1,FALSE))),\"Unid. Não Disp\",\n\" \"))))))))))))))))","v":" "},{"$f":"IF(C143<=CRONO.NivelExibicao,MAX($AD$15:OFFSET(AD143,-1,0))+IF($C143<>1,1,MAX(1,COUNTIF(QCI!$A$13:$A$24,OFFSET($E143,-1,0)))),\"\")","v":""},{"$f":"IF(AND($C143=\"S\",ORÇAMENTO.CodBarra<>\"\"),IF(ORÇAMENTO.Fonte=\"\",ORÇAMENTO.CodBarra,CONCATENATE(ORÇAMENTO.Fonte,\" \",ORÇAMENTO.CodBarra)))","v":"SINAPI 91996"},{"$f":"IF(ISERROR(ORÇAMENTO.BancoRef),\"(abra o arquivo 'Referência \"&Excel_BuiltIn_Database&\".xlsm)\",IF(OR($C143<>\"S\",ORÇAMENTO.CodBarra=\"\"),\"(Sem Código)\",IF(ISERROR(MATCH($AE143,INDIRECT(ORÇAMENTO.BancoRef),0)),\"(Código não identificado nas referências)\",MATCH($AE143,INDIRECT(ORÇAMENTO.BancoRef),0))))","v":10545},{"$f":"ROUND(IF(DESONERACAO=\"sim\",REFERENCIA.Desonerado,REFERENCIA.NaoDesonerado),2)","v":41.14},0.25390000000000001,null,null,null,null,1345.5,{"$f":"ROUND(ORÇAMENTO.CustoUnitario*(1+$AH143),2)","v":44.85}]
["S",4,"S",0,{"$f":"IF($C144=1,OFFSET(E144,-1,0)+MAX(1,COUNTIF(QCI!$A$13:$A$24,OFFSET(ORÇAMENTO!E144,-1,0))),OFFSET(E144,-1,0))","v":1},9,1,2,7,0,{"$f":"IF(OR($C144=\"S\",$C144=0),0,MATCH(OFFSET($D144,0,$C144)+IF($C144<>1,1,COUNTIF(QCI!$A$13:$A$24,ORÇAMENTO!E144)),OFFSET($D144,1,$C144,ROW($C$237)-ROW($C144)),0))","v":0},"F","Serviço","Serviço","1.9.1.2.7.","SINAPI","91993",{"$f":"IF($C144=\"S\",REFERENCIA.Descricao,\"(digite a descrição aqui)\")","v":"TOMADA ALTA DE EMBUTIR (1 MÓDULO), 2P+T 20 A, INCLUINDO SUPORTE E PLACA - FORNECIMENTO E INSTALAÇÃO. AF_03/2023"},{"$f":"REFERENCIA.Unidade","v":"UN"},{"$f":"OFFSET(CÁLCULO!H$15,ROW($T144)-ROW(T$15),0)","v":5},48.42,"BDI 1",{"$f":"IF($C144=\"S\",ROUND(IF(TIPOORCAMENTO=\"Proposto\",ORÇAMENTO.CustoUnitario*(1+$AH144),ORÇAMENTO.PrecoUnitarioLicitado),15-13*$AF$10),0)","v":60.71},{"$f":"IF($C144=\"S\",IF(OR(Import.TipoArredondamento<>\"TransfereGOV\",ACOMPANHAMENTO=\"BM\"),VTOTAL1,SUM(OFFSET(CÁLCULO!$AQ$15,ROW($X144)-ROW($X$15),1):OFFSET(CÁLCULO!$BR$15,ROW($X144)-ROW($X$15),-1))),IF($C144=0,0,ROUND(SomaAgrup,15-13*$AF$11)))","v":303.55},"RA","RA",{"$f":"IF($C144=\"S\",IF($Z144=\"CP\",$X144,IF($Z144=\"RA\",(($X144)*QCI!$AA$3),0)),SomaAgrup)","v":4.4348674170560667},{"$f":"IF($C144=\"S\",IF($Z144=\"OU\",ROUND($X144,2),0),SomaAgrup)","v":0},{"$f":"IF($N144=\"\",\" \",\nIF(AND($C144<>\"S\",OR($R144=\"\",$R144=\"(digite a descrição aqui)\")),\"DESCRIÇÃO\",\nIF(AND($C144=\"S\",OR($Q144<>\"\",$T144>0,$U144>0),$P144=\"\"),\"FONTE\",\nIF(AND($C144=\"S\",$P144<>\"\",OR($T144>0,$U144>0),$Q144=\"\"),\"CÓDIGO\",\nIF(AND($C144=\"S\",$P144<>\"\",$Q144<>\"\",$R144=\"(Código não identificado nas referências)\"),\"CÓDIGO N/ID\",\nIF(AND($C144=\"S\",OR($R144=\"\",$R144=\"(digite a descrição aqui)\"),OR($Q144<>\"\",$T144>0,$U144>0)),\"DESCRIÇÃO\",\nIF(AND($C144=\"S\",$P144<>\"\",$Q144<>\"\",$S144=\"\"),\"UNIDADE\",\nIF(AND($C144=\"S\",$P144<>\"\",$Q144<>\"\",$U144=0),\"SEM CUSTO\",\nIF(AND(TIPOORCAMENTO=\"Licitado\",$AL144=0,$AN144>0),\"SEM PREÇO\",\nIF(AND($C144=\"S\",$P144<>\"\",$Q144<>\"\",$U144>0,AND($V144<>\"BDI 1\",$V144<>\"BDI 2\",$V144<>\"BDI 3\")),IF(ISNUMBER($V144),\"JUSTIFICAR BDI\",\"BDI\"),\nIF(OR(AND(import.recurso=\"OGU\",TIPOORCAMENTO=\"Proposto\",LEFT($O$8,5)<>\"(N/D:\",$AG144<>\"\",ORÇAMENTO.CustoUnitario>$AG144),AND(TIPOORCAMENTO=\"LICITADO\",ORÇAMENTO.PrecoUnitarioLicitado>$AN144)),\"ACIMA REF.\",\nIF(AND($C144=\"S\",$P144<>\"\",$Q144<>\"\",$T144=0,$U144>0),\"QUANT.\",\nIF(AND(Import.TipoArredondamento=\"TransfereGOV\",$L144=\"F\",$C144=\"S\",LEN($Q144)>13),\"Código >13\",\nIF(AND(Import.TipoArredondamento=\"TransfereGOV\",$L144=\"F\",$C144<>\"S\",LEN($R144)>100),\"Descrição >100\",\nIF(AND(Import.TipoArredondamento=\"TransfereGOV\",$L144=\"F\",$C144=\"S\",LEN($R144)>500),\"Descrição >500\",\nIF(AND(Import.TipoArredondamento=\"TransfereGOV\",$L144=\"F\",$C144=\"S\",LEFT(TRIM(UPPER($P144)),6)<>\"SINAPI\",ISNA(VLOOKUP(TRIM(UPPER($S144)),ListaTgov.Unidades,1,FALSE))),\"Unid. Não Disp\",\n\" \"))))))))))))))))","v":" "},{"$f":"IF(C144<=CRONO.NivelExibicao,MAX($AD$15:OFFSET(AD144,-1,0))+IF($C144<>1,1,MAX(1,COUNTIF(QCI!$A$13:$A$24,OFFSET($E144,-1,0)))),\"\")","v":""},{"$f":"IF(AND($C144=\"S\",ORÇAMENTO.CodBarra<>\"\"),IF(ORÇAMENTO.Fonte=\"\",ORÇAMENTO.CodBarra,CONCATENATE(ORÇAMENTO.Fonte,\" \",ORÇAMENTO.CodBarra)))","v":"SINAPI 91993"},{"$f":"IF(ISERROR(ORÇAMENTO.BancoRef),\"(abra o arquivo 'Referência \"&Excel_BuiltIn_Database&\".xlsm)\",IF(OR($C144<>\"S\",ORÇAMENTO.CodBarra=\"\"),\"(Sem Código)\",IF(ISERROR(MATCH($AE144,INDIRECT(ORÇAMENTO.BancoRef),0)),\"(Código não identificado nas referências)\",MATCH($AE144,INDIRECT(ORÇAMENTO.BancoRef),0))))","v":10527},{"$f":"ROUND(IF(DESONERACAO=\"sim\",REFERENCIA.Desonerado,REFERENCIA.NaoDesonerado),2)","v":55.69},0.25390000000000001,null,null,null,null,303.55,{"$f":"ROUND(ORÇAMENTO.CustoUnitario*(1+$AH144),2)","v":60.71}]
["S",4,"S",0,{"$f":"IF($C145=1,OFFSET(E145,-1,0)+MAX(1,COUNTIF(QCI!$A$13:$A$24,OFFSET(ORÇAMENTO!E145,-1,0))),OFFSET(E145,-1,0))","v":1},9,1,2,8,0,{"$f":"IF(OR($C145=\"S\",$C145=0),0,MATCH(OFFSET($D145,0,$C145)+IF($C145<>1,1,COUNTIF(QCI!$A$13:$A$24,ORÇAMENTO!E145)),OFFSET($D145,1,$C145,ROW($C$237)-ROW($C145)),0))","v":0},"F","Serviço","Serviço","1.9.1.2.8.","SINAPI","91985",{"$f":"IF($C145=\"S\",REFERENCIA.Descricao,\"(digite a descrição aqui)\")","v":"INTERRUPTOR PULSADOR CAMPAINHA (1 MÓDULO), 10A/250V, INCLUINDO SUPORTE E PLACA - FORNECIMENTO E INSTALAÇÃO. AF_03/2023"},{"$f":"REFERENCIA.Unidade","v":"UN"},{"$f":"OFFSET(CÁLCULO!H$15,ROW($T145)-ROW(T$15),0)","v":5},29.19,"BDI 1",{"$f":"IF($C145=\"S\",ROUND(IF(TIPOORCAMENTO=\"Proposto\",ORÇAMENTO.CustoUnitario*(1+$AH145),ORÇAMENTO.PrecoUnitarioLicitado),15-13*$AF$10),0)","v":36.6},{"$f":"IF($C145=\"S\",IF(OR(Import.TipoArredondamento<>\"TransfereGOV\",ACOMPANHAMENTO=\"BM\"),VTOTAL1,SUM(OFFSET(CÁLCULO!$AQ$15,ROW($X145)-ROW($X$15),1):OFFSET(CÁLCULO!$BR$15,ROW($X145)-ROW($X$15),-1))),IF($C145=0,0,ROUND(SomaAgrup,15-13*$AF$11)))","v":183},"RA","RA",{"$f":"IF($C145=\"S\",IF($Z145=\"CP\",$X145,IF($Z145=\"RA\",(($X145)*QCI!$AA$3),0)),SomaAgrup)","v":2.673631155728085},{"$f":"IF($C145=\"S\",IF($Z145=\"OU\",ROUND($X145,2),0),SomaAgrup)","v":0},{"$f":"IF($N145=\"\",\" \",\nIF(AND($C145<>\"S\",OR($R145=\"\",$R145=\"(digite a descrição aqui)\")),\"DESCRIÇÃO\",\nIF(AND($C145=\"S\",OR($Q145<>\"\",$T145>0,$U145>0),$P145=\"\"),\"FONTE\",\nIF(AND($C145=\"S\",$P145<>\"\",OR($T145>0,$U145>0),$Q145=\"\"),\"CÓDIGO\",\nIF(AND($C145=\"S\",$P145<>\"\",$Q145<>\"\",$R145=\"(Código não identificado nas referências)\"),\"CÓDIGO N/ID\",\nIF(AND($C145=\"S\",OR($R145=\"\",$R145=\"(digite a descrição aqui)\"),OR($Q145<>\"\",$T145>0,$U145>0)),\"DESCRIÇÃO\",\nIF(AND($C145=\"S\",$P145<>\"\",$Q145<>\"\",$S145=\"\"),\"UNIDADE\",\nIF(AND($C145=\"S\",$P145<>\"\",$Q145<>\"\",$U145=0),\"SEM CUSTO\",\nIF(AND(TIPOORCAMENTO=\"Licitado\",$AL145=0,$AN145>0),\"SEM PREÇO\",\nIF(AND($C145=\"S\",$P145<>\"\",$Q145<>\"\",$U145>0,AND($V145<>\"BDI 1\",$V145<>\"BDI 2\",$V145<>\"BDI 3\")),IF(ISNUMBER($V145),\"JUSTIFICAR BDI\",\"BDI\"),\nIF(OR(AND(import.recurso=\"OGU\",TIPOORCAMENTO=\"Proposto\",LEFT($O$8,5)<>\"(N/D:\",$AG145<>\"\",ORÇAMENTO.CustoUnitario>$AG145),AND(TIPOORCAMENTO=\"LICITADO\",ORÇAMENTO.PrecoUnitarioLicitado>$AN145)),\"ACIMA REF.\",\nIF(AND($C145=\"S\",$P145<>\"\",$Q145<>\"\",$T145=0,$U145>0),\"QUANT.\",\nIF(AND(Import.TipoArredondamento=\"TransfereGOV\",$L145=\"F\",$C145=\"S\",LEN($Q145)>13),\"Código >13\",\nIF(AND(Import.TipoArredondamento=\"TransfereGOV\",$L145=\"F\",$C145<>\"S\",LEN($R145)>100),\"Descrição >100\",\nIF(AND(Import.TipoArredondamento=\"TransfereGOV\",$L145=\"F\",$C145=\"S\",LEN($R145)>500),\"Descrição >500\",\nIF(AND(Import.TipoArredondamento=\"TransfereGOV\",$L145=\"F\",$C145=\"S\",LEFT(TRIM(UPPER($P145)),6)<>\"SINAPI\",ISNA(VLOOKUP(TRIM(UPPER($S145)),ListaTgov.Unidades,1,FALSE))),\"Unid. Não Disp\",\n\" \"))))))))))))))))","v":" "},{"$f":"IF(C145<=CRONO.NivelExibicao,MAX($AD$15:OFFSET(AD145,-1,0))+IF($C145<>1,1,MAX(1,COUNTIF(QCI!$A$13:$A$24,OFFSET($E145,-1,0)))),\"\")","v":""},{"$f":"IF(AND($C145=\"S\",ORÇAMENTO.CodBarra<>\"\"),IF(ORÇAMENTO.Fonte=\"\",ORÇAMENTO.CodBarra,CONCATENATE(ORÇAMENTO.Fonte,\" \",ORÇAMENTO.CodBarra)))","v":"SINAPI 91985"},{"$f":"IF(ISERROR(ORÇAMENTO.BancoRef),\"(abra o arquivo 'Referência \"&Excel_BuiltIn_Database&\".xlsm)\",IF(OR($C145<>\"S\",ORÇAMENTO.CodBarra=\"\"),\"(Sem Código)\",IF(ISERROR(MATCH($AE145,INDIRECT(ORÇAMENTO.BancoRef),0)),\"(Código não identificado nas referências)\",MATCH($AE145,INDIRECT(ORÇAMENTO.BancoRef),0))))","v":10475},{"$f":"ROUND(IF(DESONERACAO=\"sim\",REFERENCIA.Desonerado,REFERENCIA.NaoDesonerado),2)","v":33.57},0.25390000000000001,null,null,null,null,183,{"$f":"ROUND(ORÇAMENTO.CustoUnitario*(1+$AH145),2)","v":36.6}]
[{"$f":"CHOOSE(1+LOG(1+2*(ORÇAMENTO.Nivel=\"Meta\")+4*(ORÇAMENTO.Nivel=\"Nível 2\")+8*(ORÇAMENTO.Nivel=\"Nível 3\")+16*(ORÇAMENTO.Nivel=\"Nível 4\")+32*(ORÇAMENTO.Nivel=\"Serviço\"),2),0,1,2,3,4,\"S\")","v":"S"},{"$f":"IF(OR(C146=\"s\",C146=0),OFFSET(B146,-1,0),C146)","v":4},{"$f":"IF(OFFSET(C146,-1,0)=\"L\",1,IF(OFFSET(C146,-1,0)=1,2,IF(OR(A146=\"s\",A146=0),\"S\",IF(AND(OFFSET(C146,-1,0)=2,A146=4),3,IF(AND(OR(OFFSET(C146,-1,0)=\"s\",OFFSET(C146,-1,0)=0),A146<>\"s\",A146>OFFSET(B146,-1,0)),OFFSET(B146,-1,0),A146)))))","v":"S"},{"$f":"IF(OR(C146=\"S\",C146=0),0,IF(ISERROR(K146),J146,SMALL(J146:K146,1)))","v":0},{"$f":"IF($C146=1,OFFSET(E146,-1,0)+MAX(1,COUNTIF(QCI!$A$13:$A$24,OFFSET(ORÇAMENTO!E146,-1,0))),OFFSET(E146,-1,0))","v":1},{"$f":"IF($C146=1,0,IF($C146=2,OFFSET(F146,-1,0)+1,OFFSET(F146,-1,0)))","v":9},{"$f":"IF(AND($C146<=2,$C146<>0),0,IF($C146=3,OFFSET(G146,-1,0)+1,OFFSET(G146,-1,0)))","v":1},{"$f":"IF(AND($C146<=3,$C146<>0),0,IF($C146=4,OFFSET(H146,-1,0)+1,OFFSET(H146,-1,0)))","v":2},{"$f":"IF(AND($C146<=4,$C146<>0),0,IF(AND($C146=\"S\",$X146>0),OFFSET(I146,-1,0)+1,OFFSET(I146,-1,0)))","v":9},{"$f":"IF(OR($C146=\"S\",$C146=0),0,MATCH(0,OFFSET($D146,1,$C146,ROW($C$237)-ROW($C146)),0))","v":0},{"$f":"IF(OR($C146=\"S\",$C146=0),0,MATCH(OFFSET($D146,0,$C146)+IF($C146<>1,1,COUNTIF(QCI!$A$13:$A$24,ORÇAMENTO!E146)),OFFSET($D146,1,$C146,ROW($C$237)-ROW($C146)),0))","v":0},{"$f":"IF(OR($X146>0,$C146=1,$C146=2,$C146=3,$C146=4),\"F\",\"\")","v":"F"},"Serviço",{"$f":"CHOOSE(1+LOG(1+2*(C146=1)+4*(C146=2)+8*(C146=3)+16*(C146=4)+32*(C146=\"S\"),2),\"\",\"Meta\",\"Nível 2\",\"Nível 3\",\"Nível 4\",\"Serviço\")","v":"Serviço"},{"$f":"IF(OR($C146=0,$L146=\"\"),\"-\",CONCATENATE(E146&\".\",IF(AND($A$5>=2,$C146>=2),F146&\".\",\"\"),IF(AND($A$5>=3,$C146>=3),G146&\".\",\"\"),IF(AND($A$5>=4,$C146>=4),H146&\".\",\"\"),IF($C146=\"S\",I146&\".\",\"\")))","v":"1.9.1.2.9."},"SINAPI","91987",{"$f":"IF($C146=\"S\",REFERENCIA.Descricao,\"(digite a descrição aqui)\")","v":"CAMPAINHA CIGARRA (1 MÓDULO), 10A/250V, INCLUINDO SUPORTE E PLACA - FORNECIMENTO E INSTALAÇÃO. AF_03/2023"},{"$f":"REFERENCIA.Unidade","v":"UN"},{"$f":"OFFSET(CÁLCULO!H$15,ROW($T146)-ROW(T$15),0)","v":5},48.07,"BDI 1",{"$f":"IF($C146=\"S\",ROUND(IF(TIPOORCAMENTO=\"Proposto\",ORÇAMENTO.CustoUnitario*(1+$AH146),ORÇAMENTO.PrecoUnitarioLicitado),15-13*$AF$10),0)","v":60.27},{"$f":"IF($C146=\"S\",IF(OR(Import.TipoArredondamento<>\"TransfereGOV\",ACOMPANHAMENTO=\"BM\"),VTOTAL1,SUM(OFFSET(CÁLCULO!$AQ$15,ROW($X146)-ROW($X$15),1):OFFSET(CÁLCULO!$BR$15,ROW($X146)-ROW($X$15),-1))),IF($C146=0,0,ROUND(SomaAgrup,15-13*$AF$11)))","v":301.35000000000002},"RA",{"$f":"IF(AND($C146=\"S\",$X146>0),IF(ISBLANK($Y146),\"RA\",LEFT($Y146,2)),\"\")","v":"RA"},{"$f":"IF($C146=\"S\",IF($Z146=\"CP\",$X146,IF($Z146=\"RA\",(($X146)*QCI!$AA$3),0)),SomaAgrup)","v":4.4027254031620684},{"$f":"IF($C146=\"S\",IF($Z146=\"OU\",ROUND($X146,2),0),SomaAgrup)","v":0},{"$f":"IF($N146=\"\",\" \",\nIF(AND($C146<>\"S\",OR($R146=\"\",$R146=\"(digite a descrição aqui)\")),\"DESCRIÇÃO\",\nIF(AND($C146=\"S\",OR($Q146<>\"\",$T146>0,$U146>0),$P146=\"\"),\"FONTE\",\nIF(AND($C146=\"S\",$P146<>\"\",OR($T146>0,$U146>0),$Q146=\"\"),\"CÓDIGO\",\nIF(AND($C146=\"S\",$P146<>\"\",$Q146<>\"\",$R146=\"(Código não identificado nas referências)\"),\"CÓDIGO N/ID\",\nIF(AND($C146=\"S\",OR($R146=\"\",$R146=\"(digite a descrição aqui)\"),OR($Q146<>\"\",$T146>0,$U146>0)),\"DESCRIÇÃO\",\nIF(AND($C146=\"S\",$P146<>\"\",$Q146<>\"\",$S146=\"\"),\"UNIDADE\",\nIF(AND($C146=\"S\",$P146<>\"\",$Q146<>\"\",$U146=0),\"SEM CUSTO\",\nIF(AND(TIPOORCAMENTO=\"Licitado\",$AL146=0,$AN146>0),\"SEM PREÇO\",\nIF(AND($C146=\"S\",$P146<>\"\",$Q146<>\"\",$U146>0,AND($V146<>\"BDI 1\",$V146<>\"BDI 2\",$V146<>\"BDI 3\")),IF(ISNUMBER($V146),\"JUSTIFICAR BDI\",\"BDI\"),\nIF(OR(AND(import.recurso=\"OGU\",TIPOORCAMENTO=\"Proposto\",LEFT($O$8,5)<>\"(N/D:\",$AG146<>\"\",ORÇAMENTO.CustoUnitario>$AG146),AND(TIPOORCAMENTO=\"LICITADO\",ORÇAMENTO.PrecoUnitarioLicitado>$AN146)),\"ACIMA REF.\",\nIF(AND($C146=\"S\",$P146<>\"\",$Q146<>\"\",$T146=0,$U146>0),\"QUANT.\",\nIF(AND(Import.TipoArredondamento=\"TransfereGOV\",$L146=\"F\",$C146=\"S\",LEN($Q146)>13),\"Código >13\",\nIF(AND(Import.TipoArredondamento=\"TransfereGOV\",$L146=\"F\",$C146<>\"S\",LEN($R146)>100),\"Descrição >100\",\nIF(AND(Import.TipoArredondamento=\"TransfereGOV\",$L146=\"F\",$C146=\"S\",LEN($R146)>500),\"Descrição >500\",\nIF(AND(Import.TipoArredondamento=\"TransfereGOV\",$L146=\"F\",$C146=\"S\",LEFT(TRIM(UPPER($P146)),6)<>\"SINAPI\",ISNA(VLOOKUP(TRIM(UPPER($S146)),ListaTgov.Unidades,1,FALSE))),\"Unid. Não Disp\",\n\" \"))))))))))))))))","v":" "},{"$f":"IF(C146<=CRONO.NivelExibicao,MAX($AD$15:OFFSET(AD146,-1,0))+IF($C146<>1,1,MAX(1,COUNTIF(QCI!$A$13:$A$24,OFFSET($E146,-1,0)))),\"\")","v":""},{"$f":"IF(AND($C146=\"S\",ORÇAMENTO.CodBarra<>\"\"),IF(ORÇAMENTO.Fonte=\"\",ORÇAMENTO.CodBarra,CONCATENATE(ORÇAMENTO.Fonte,\" \",ORÇAMENTO.CodBarra)))","v":"SINAPI 91987"},{"$f":"IF(ISERROR(ORÇAMENTO.BancoRef),\"(abra o arquivo 'Referência \"&Excel_BuiltIn_Database&\".xlsm)\",IF(OR($C146<>\"S\",ORÇAMENTO.CodBarra=\"\"),\"(Sem Código)\",IF(ISERROR(MATCH($AE146,INDIRECT(ORÇAMENTO.BancoRef),0)),\"(Código não identificado nas referências)\",MATCH($AE146,INDIRECT(ORÇAMENTO.BancoRef),0))))","v":10389},{"$f":"ROUND(IF(DESONERACAO=\"sim\",REFERENCIA.Desonerado,REFERENCIA.NaoDesonerado),2)","v":55.29},{"$f":"ROUND(IF(ISNUMBER(ORÇAMENTO.OpcaoBDI),ORÇAMENTO.OpcaoBDI,IF(LEFT(ORÇAMENTO.OpcaoBDI,3)=\"BDI\",HLOOKUP(ORÇAMENTO.OpcaoBDI,$F$4:$H$5,2,FALSE),0)),15-11*$AF$9)","v":0.25390000000000001},null,null,null,null,301.35000000000002,{"$f":"ROUND(ORÇAMENTO.CustoUnitario*(1+$AH146),2)","v":60.27}]
["S",4,"S",0,{"$f":"IF($C147=1,OFFSET(E147,-1,0)+MAX(1,COUNTIF(QCI!$A$13:$A$24,OFFSET(ORÇAMENTO!E147,-1,0))),OFFSET(E147,-1,0))","v":1},9,1,2,10,0,{"$f":"IF(OR($C147=\"S\",$C147=0),0,MATCH(OFFSET($D147,0,$C147)+IF($C147<>1,1,COUNTIF(QCI!$A$13:$A$24,ORÇAMENTO!E147)),OFFSET($D147,1,$C147,ROW($C$237)-ROW($C147)),0))","v":0},"F","Serviço","Serviço","1.9.1.2.10.","Composição","91947_ADP-01",{"$f":"IF($C147=\"S\",REFERENCIA.Descricao,\"(digite a descrição aqui)\")","v":"SUPORTE PARAFUSADO COM ESPELHO / PLACA DE ENCAIXE 4\" X 2\" BAIXO (0,30 M DO PISO) PARA PONTO ELÉTRICO - FORNECIMENTO E INSTALAÇÃO. AF_03/2023"},"UN",{"$f":"OFFSET(CÁLCULO!H$15,ROW($T147)-ROW(T$15),0)","v":10},8.65,"BDI 1",{"$f":"IF($C147=\"S\",ROUND(IF(TIPOORCAMENTO=\"Proposto\",ORÇAMENTO.CustoUnitario*(1+$AH147),ORÇAMENTO.PrecoUnitarioLicitado),15-13*$AF$10),0)","v":10.85},{"$f":"IF($C147=\"S\",IF(OR(Import.TipoArredondamento<>\"TransfereGOV\",ACOMPANHAMENTO=\"BM\"),VTOTAL1,SUM(OFFSET(CÁLCULO!$AQ$15,ROW($X147)-ROW($X$15),1):OFFSET(CÁLCULO!$BR$15,ROW($X147)-ROW($X$15),-1))),IF($C147=0,0,ROUND(SomaAgrup,15-13*$AF$11)))","v":108.5},"RA","RA",{"$f":"IF($C147=\"S\",IF($Z147=\"CP\",$X147,IF($Z147=\"RA\",(($X147)*QCI!$AA$3),0)),SomaAgrup)","v":1.585185685226761},{"$f":"IF($C147=\"S\",IF($Z147=\"OU\",ROUND($X147,2),0),SomaAgrup)","v":0},{"$f":"IF($N147=\"\",\" \",\nIF(AND($C147<>\"S\",OR($R147=\"\",$R147=\"(digite a descrição aqui)\")),\"DESCRIÇÃO\",\nIF(AND($C147=\"S\",OR($Q147<>\"\",$T147>0,$U147>0),$P147=\"\"),\"FONTE\",\nIF(AND($C147=\"S\",$P147<>\"\",OR($T147>0,$U147>0),$Q147=\"\"),\"CÓDIGO\",\nIF(AND($C147=\"S\",$P147<>\"\",$Q147<>\"\",$R147=\"(Código não identificado nas referências)\"),\"CÓDIGO N/ID\",\nIF(AND($C147=\"S\",OR($R147=\"\",$R147=\"(digite a descrição aqui)\"),OR($Q147<>\"\",$T147>0,$U147>0)),\"DESCRIÇÃO\",\nIF(AND($C147=\"S\",$P147<>\"\",$Q147<>\"\",$S147=\"\"),\"UNIDADE\",\nIF(AND($C147=\"S\",$P147<>\"\",$Q147<>\"\",$U147=0),\"SEM CUSTO\",\nIF(AND(TIPOORCAMENTO=\"Licitado\",$AL147=0,$AN147>0),\"SEM PREÇO\",\nIF(AND($C147=\"S\",$P147<>\"\",$Q147<>\"\",$U147>0,AND($V147<>\"BDI 1\",$V147<>\"BDI 2\",$V147<>\"BDI 3\")),IF(ISNUMBER($V147),\"JUSTIFICAR BDI\",\"BDI\"),\nIF(OR(AND(import.recurso=\"OGU\",TIPOORCAMENTO=\"Proposto\",LEFT($O$8,5)<>\"(N/D:\",$AG147<>\"\",ORÇAMENTO.CustoUnitario>$AG147),AND(TIPOORCAMENTO=\"LICITADO\",ORÇAMENTO.PrecoUnitarioLicitado>$AN147)),\"ACIMA REF.\",\nIF(AND($C147=\"S\",$P147<>\"\",$Q147<>\"\",$T147=0,$U147>0),\"QUANT.\",\nIF(AND(Import.TipoArredondamento=\"TransfereGOV\",$L147=\"F\",$C147=\"S\",LEN($Q147)>13),\"Código >13\",\nIF(AND(Import.TipoArredondamento=\"TransfereGOV\",$L147=\"F\",$C147<>\"S\",LEN($R147)>100),\"Descrição >100\",\nIF(AND(Import.TipoArredondamento=\"TransfereGOV\",$L147=\"F\",$C147=\"S\",LEN($R147)>500),\"Descrição >500\",\nIF(AND(Import.TipoArredondamento=\"TransfereGOV\",$L147=\"F\",$C147=\"S\",LEFT(TRIM(UPPER($P147)),6)<>\"SINAPI\",ISNA(VLOOKUP(TRIM(UPPER($S147)),ListaTgov.Unidades,1,FALSE))),\"Unid. Não Disp\",\n\" \"))))))))))))))))","v":" "},{"$f":"IF(C147<=CRONO.NivelExibicao,MAX($AD$15:OFFSET(AD147,-1,0))+IF($C147<>1,1,MAX(1,COUNTIF(QCI!$A$13:$A$24,OFFSET($E147,-1,0)))),\"\")","v":""},{"$f":"IF(AND($C147=\"S\",ORÇAMENTO.CodBarra<>\"\"),IF(ORÇAMENTO.Fonte=\"\",ORÇAMENTO.CodBarra,CONCATENATE(ORÇAMENTO.Fonte,\" \",ORÇAMENTO.CodBarra)))","v":"Composição 91947_ADP-01"},{"$f":"IF(ISERROR(ORÇAMENTO.BancoRef),\"(abra o arquivo 'Referência \"&Excel_BuiltIn_Database&\".xlsm)\",IF(OR($C147<>\"S\",ORÇAMENTO.CodBarra=\"\"),\"(Sem Código)\",IF(ISERROR(MATCH($AE147,INDIRECT(ORÇAMENTO.BancoRef),0)),\"(Código não identificado nas referências)\",MATCH($AE147,INDIRECT(ORÇAMENTO.BancoRef),0))))","v":20},{"$f":"ROUND(IF(DESONERACAO=\"sim\",REFERENCIA.Desonerado,REFERENCIA.NaoDesonerado),2)","v":9.9499999999999993},0.25390000000000001,null,null,null,null,108.5,{"$f":"ROUND(ORÇAMENTO.CustoUnitario*(1+$AH147),2)","v":10.85}]
["S",4,"S",0,{"$f":"IF($C148=1,OFFSET(E148,-1,0)+MAX(1,COUNTIF(QCI!$A$13:$A$24,OFFSET(ORÇAMENTO!E148,-1,0))),OFFSET(E148,-1,0))","v":1},9,1,2,11,0,{"$f":"IF(OR($C148=\"S\",$C148=0),0,MATCH(OFFSET($D148,0,$C148)+IF($C148<>1,1,COUNTIF(QCI!$A$13:$A$24,ORÇAMENTO!E148)),OFFSET($D148,1,$C148,ROW($C$237)-ROW($C148)),0))","v":0},"F","Serviço","Serviço","1.9.1.2.11.","SINAPI","91941",{"$f":"IF($C148=\"S\",REFERENCIA.Descricao,\"(digite a descrição aqui)\")","v":"CAIXA RETANGULAR 4\" X 2\" BAIXA (0,30 M DO PISO), PVC, INSTALADA EM PAREDE - FORNECIMENTO E INSTALAÇÃO. AF_03/2023"},{"$f":"REFERENCIA.Unidade","v":"UN"},{"$f":"OFFSET(CÁLCULO!H$15,ROW($T148)-ROW(T$15),0)","v":60},13.09,"BDI 1",{"$f":"IF($C148=\"S\",ROUND(IF(TIPOORCAMENTO=\"Proposto\",ORÇAMENTO.CustoUnitario*(1+$AH148),ORÇAMENTO.PrecoUnitarioLicitado),15-13*$AF$10),0)","v":16.41},{"$f":"IF($C148=\"S\",IF(OR(Import.TipoArredondamento<>\"TransfereGOV\",ACOMPANHAMENTO=\"BM\"),VTOTAL1,SUM(OFFSET(CÁLCULO!$AQ$15,ROW($X148)-ROW($X$15),1):OFFSET(CÁLCULO!$BR$15,ROW($X148)-ROW($X$15),-1))),IF($C148=0,0,ROUND(SomaAgrup,15-13*$AF$11)))","v":984.59999999999991},"RA","RA",{"$f":"IF($C148=\"S\",IF($Z148=\"CP\",$X148,IF($Z148=\"RA\",(($X148)*QCI!$AA$3),0)),SomaAgrup)","v":14.385012218196024},{"$f":"IF($C148=\"S\",IF($Z148=\"OU\",ROUND($X148,2),0),SomaAgrup)","v":0},{"$f":"IF($N148=\"\",\" \",\nIF(AND($C148<>\"S\",OR($R148=\"\",$R148=\"(digite a descrição aqui)\")),\"DESCRIÇÃO\",\nIF(AND($C148=\"S\",OR($Q148<>\"\",$T148>0,$U148>0),$P148=\"\"),\"FONTE\",\nIF(AND($C148=\"S\",$P148<>\"\",OR($T148>0,$U148>0),$Q148=\"\"),\"CÓDIGO\",\nIF(AND($C148=\"S\",$P148<>\"\",$Q148<>\"\",$R148=\"(Código não identificado nas referências)\"),\"CÓDIGO N/ID\",\nIF(AND($C148=\"S\",OR($R148=\"\",$R148=\"(digite a descrição aqui)\"),OR($Q148<>\"\",$T148>0,$U148>0)),\"DESCRIÇÃO\",\nIF(AND($C148=\"S\",$P148<>\"\",$Q148<>\"\",$S148=\"\"),\"UNIDADE\",\nIF(AND($C148=\"S\",$P148<>\"\",$Q148<>\"\",$U148=0),\"SEM CUSTO\",\nIF(AND(TIPOORCAMENTO=\"Licitado\",$AL148=0,$AN148>0),\"SEM PREÇO\",\nIF(AND($C148=\"S\",$P148<>\"\",$Q148<>\"\",$U148>0,AND($V148<>\"BDI 1\",$V148<>\"BDI 2\",$V148<>\"BDI 3\")),IF(ISNUMBER($V148),\"JUSTIFICAR BDI\",\"BDI\"),\nIF(OR(AND(import.recurso=\"OGU\",TIPOORCAMENTO=\"Proposto\",LEFT($O$8,5)<>\"(N/D:\",$AG148<>\"\",ORÇAMENTO.CustoUnitario>$AG148),AND(TIPOORCAMENTO=\"LICITADO\",ORÇAMENTO.PrecoUnitarioLicitado>$AN148)),\"ACIMA REF.\",\nIF(AND($C148=\"S\",$P148<>\"\",$Q148<>\"\",$T148=0,$U148>0),\"QUANT.\",\nIF(AND(Import.TipoArredondamento=\"TransfereGOV\",$L148=\"F\",$C148=\"S\",LEN($Q148)>13),\"Código >13\",\nIF(AND(Import.TipoArredondamento=\"TransfereGOV\",$L148=\"F\",$C148<>\"S\",LEN($R148)>100),\"Descrição >100\",\nIF(AND(Import.TipoArredondamento=\"TransfereGOV\",$L148=\"F\",$C148=\"S\",LEN($R148)>500),\"Descrição >500\",\nIF(AND(Import.TipoArredondamento=\"TransfereGOV\",$L148=\"F\",$C148=\"S\",LEFT(TRIM(UPPER($P148)),6)<>\"SINAPI\",ISNA(VLOOKUP(TRIM(UPPER($S148)),ListaTgov.Unidades,1,FALSE))),\"Unid. Não Disp\",\n\" \"))))))))))))))))","v":" "},{"$f":"IF(C148<=CRONO.NivelExibicao,MAX($AD$15:OFFSET(AD148,-1,0))+IF($C148<>1,1,MAX(1,COUNTIF(QCI!$A$13:$A$24,OFFSET($E148,-1,0)))),\"\")","v":""},{"$f":"IF(AND($C148=\"S\",ORÇAMENTO.CodBarra<>\"\"),IF(ORÇAMENTO.Fonte=\"\",ORÇAMENTO.CodBarra,CONCATENATE(ORÇAMENTO.Fonte,\" \",ORÇAMENTO.CodBarra)))","v":"SINAPI 91941"},{"$f":"IF(ISERROR(ORÇAMENTO.BancoRef),\"(abra o arquivo 'Referência \"&Excel_BuiltIn_Database&\".xlsm)\",IF(OR($C148<>\"S\",ORÇAMENTO.CodBarra=\"\"),\"(Sem Código)\",IF(ISERROR(MATCH($AE148,INDIRECT(ORÇAMENTO.BancoRef),0)),\"(Código não identificado nas referências)\",MATCH($AE148,INDIRECT(ORÇAMENTO.BancoRef),0))))","v":10379},{"$f":"ROUND(IF(DESONERACAO=\"sim\",REFERENCIA.Desonerado,REFERENCIA.NaoDesonerado),2)","v":15.06},0.25390000000000001,null,null,null,null,984.59999999999991,{"$f":"ROUND(ORÇAMENTO.CustoUnitario*(1+$AH148),2)","v":16.41}]
["S",4,"S",0,{"$f":"IF($C149=1,OFFSET(E149,-1,0)+MAX(1,COUNTIF(QCI!$A$13:$A$24,OFFSET(ORÇAMENTO!E149,-1,0))),OFFSET(E149,-1,0))","v":1},9,1,2,12,0,{"$f":"IF(OR($C149=\"S\",$C149=0),0,MATCH(OFFSET($D149,0,$C149)+IF($C149<>1,1,COUNTIF(QCI!$A$13:$A$24,ORÇAMENTO!E149)),OFFSET($D149,1,$C149,ROW($C$237)-ROW($C149)),0))","v":0},"F","Serviço","Serviço","1.9.1.2.12.","SINAPI","91940",{"$f":"IF($C149=\"S\",REFERENCIA.Descricao,\"(digite a descrição aqui)\")","v":"CAIXA RETANGULAR 4\" X 2\" MÉDIA (1,30 M DO PISO), PVC, INSTALADA EM PAREDE - FORNECIMENTO E INSTALAÇÃO. AF_03/2023"},{"$f":"REFERENCIA.Unidade","v":"UN"},{"$f":"OFFSET(CÁLCULO!H$15,ROW($T149)-ROW(T$15),0)","v":65},20.05,"BDI 1",{"$f":"IF($C149=\"S\",ROUND(IF(TIPOORCAMENTO=\"Proposto\",ORÇAMENTO.CustoUnitario*(1+$AH149),ORÇAMENTO.PrecoUnitarioLicitado),15-13*$AF$10),0)","v":25.14},{"$f":"IF($C149=\"S\",IF(OR(Import.TipoArredondamento<>\"TransfereGOV\",ACOMPANHAMENTO=\"BM\"),VTOTAL1,SUM(OFFSET(CÁLCULO!$AQ$15,ROW($X149)-ROW($X$15),1):OFFSET(CÁLCULO!$BR$15,ROW($X149)-ROW($X$15),-1))),IF($C149=0,0,ROUND(SomaAgrup,15-13*$AF$11)))","v":1634.1},"RA","RA",{"$f":"IF($C149=\"S\",IF($Z149=\"CP\",$X149,IF($Z149=\"RA\",(($X149)*QCI!$AA$3),0)),SomaAgrup)","v":23.874211320083408},{"$f":"IF($C149=\"S\",IF($Z149=\"OU\",ROUND($X149,2),0),SomaAgrup)","v":0},{"$f":"IF($N149=\"\",\" \",\nIF(AND($C149<>\"S\",OR($R149=\"\",$R149=\"(digite a descrição aqui)\")),\"DESCRIÇÃO\",\nIF(AND($C149=\"S\",OR($Q149<>\"\",$T149>0,$U149>0),$P149=\"\"),\"FONTE\",\nIF(AND($C149=\"S\",$P149<>\"\",OR($T149>0,$U149>0),$Q149=\"\"),\"CÓDIGO\",\nIF(AND($C149=\"S\",$P149<>\"\",$Q149<>\"\",$R149=\"(Código não identificado nas referências)\"),\"CÓDIGO N/ID\",\nIF(AND($C149=\"S\",OR($R149=\"\",$R149=\"(digite a descrição aqui)\"),OR($Q149<>\"\",$T149>0,$U149>0)),\"DESCRIÇÃO\",\nIF(AND($C149=\"S\",$P149<>\"\",$Q149<>\"\",$S149=\"\"),\"UNIDADE\",\nIF(AND($C149=\"S\",$P149<>\"\",$Q149<>\"\",$U149=0),\"SEM CUSTO\",\nIF(AND(TIPOORCAMENTO=\"Licitado\",$AL149=0,$AN149>0),\"SEM PREÇO\",\nIF(AND($C149=\"S\",$P149<>\"\",$Q149<>\"\",$U149>0,AND($V149<>\"BDI 1\",$V149<>\"BDI 2\",$V149<>\"BDI 3\")),IF(ISNUMBER($V149),\"JUSTIFICAR BDI\",\"BDI\"),\nIF(OR(AND(import.recurso=\"OGU\",TIPOORCAMENTO=\"Proposto\",LEFT($O$8,5)<>\"(N/D:\",$AG149<>\"\",ORÇAMENTO.CustoUnitario>$AG149),AND(TIPOORCAMENTO=\"LICITADO\",ORÇAMENTO.PrecoUnitarioLicitado>$AN149)),\"ACIMA REF.\",\nIF(AND($C149=\"S\",$P149<>\"\",$Q149<>\"\",$T149=0,$U149>0),\"QUANT.\",\nIF(AND(Import.TipoArredondamento=\"TransfereGOV\",$L149=\"F\",$C149=\"S\",LEN($Q149)>13),\"Código >13\",\nIF(AND(Import.TipoArredondamento=\"TransfereGOV\",$L149=\"F\",$C149<>\"S\",LEN($R149)>100),\"Descrição >100\",\nIF(AND(Import.TipoArredondamento=\"TransfereGOV\",$L149=\"F\",$C149=\"S\",LEN($R149)>500),\"Descrição >500\",\nIF(AND(Import.TipoArredondamento=\"TransfereGOV\",$L149=\"F\",$C149=\"S\",LEFT(TRIM(UPPER($P149)),6)<>\"SINAPI\",ISNA(VLOOKUP(TRIM(UPPER($S149)),ListaTgov.Unidades,1,FALSE))),\"Unid. Não Disp\",\n\" \"))))))))))))))))","v":" "},{"$f":"IF(C149<=CRONO.NivelExibicao,MAX($AD$15:OFFSET(AD149,-1,0))+IF($C149<>1,1,MAX(1,COUNTIF(QCI!$A$13:$A$24,OFFSET($E149,-1,0)))),\"\")","v":""},{"$f":"IF(AND($C149=\"S\",ORÇAMENTO.CodBarra<>\"\"),IF(ORÇAMENTO.Fonte=\"\",ORÇAMENTO.CodBarra,CONCATENATE(ORÇAMENTO.Fonte,\" \",ORÇAMENTO.CodBarra)))","v":"SINAPI 91940"},{"$f":"IF(ISERROR(ORÇAMENTO.BancoRef),\"(abra o arquivo 'Referência \"&Excel_BuiltIn_Database&\".xlsm)\",IF(OR($C149<>\"S\",ORÇAMENTO.CodBarra=\"\"),\"(Sem Código)\",IF(ISERROR(MATCH($AE149,INDIRECT(ORÇAMENTO.BancoRef),0)),\"(Código não identificado nas referências)\",MATCH($AE149,INDIRECT(ORÇAMENTO.BancoRef),0))))","v":10381},{"$f":"ROUND(IF(DESONERACAO=\"sim\",REFERENCIA.Desonerado,REFERENCIA.NaoDesonerado),2)","v":23.06},0.25390000000000001,null,null,null,null,1634.1,{"$f":"ROUND(ORÇAMENTO.CustoUnitario*(1+$AH149),2)","v":25.14}]
["S",4,"S",0,{"$f":"IF($C150=1,OFFSET(E150,-1,0)+MAX(1,COUNTIF(QCI!$A$13:$A$24,OFFSET(ORÇAMENTO!E150,-1,0))),OFFSET(E150,-1,0))","v":1},9,1,2,13,0,{"$f":"IF(OR($C150=\"S\",$C150=0),0,MATCH(OFFSET($D150,0,$C150)+IF($C150<>1,1,COUNTIF(QCI!$A$13:$A$24,ORÇAMENTO!E150)),OFFSET($D150,1,$C150,ROW($C$237)-ROW($C150)),0))","v":0},"F","Serviço","Serviço","1.9.1.2.13.","SINAPI","91939",{"$f":"IF($C150=\"S\",REFERENCIA.Descricao,\"(digite a descrição aqui)\")","v":"CAIXA RETANGULAR 4\" X 2\" ALTA (2,00 M DO PISO), PVC, INSTALADA EM PAREDE - FORNECIMENTO E INSTALAÇÃO. AF_03/2023"},{"$f":"REFERENCIA.Unidade","v":"UN"},{"$f":"OFFSET(CÁLCULO!H$15,ROW($T150)-ROW(T$15),0)","v":10},34.22,"BDI 1",{"$f":"IF($C150=\"S\",ROUND(IF(TIPOORCAMENTO=\"Proposto\",ORÇAMENTO.CustoUnitario*(1+$AH150),ORÇAMENTO.PrecoUnitarioLicitado),15-13*$AF$10),0)","v":42.91},{"$f":"IF($C150=\"S\",IF(OR(Import.TipoArredondamento<>\"TransfereGOV\",ACOMPANHAMENTO=\"BM\"),VTOTAL1,SUM(OFFSET(CÁLCULO!$AQ$15,ROW($X150)-ROW($X$15),1):OFFSET(CÁLCULO!$BR$15,ROW($X150)-ROW($X$15),-1))),IF($C150=0,0,ROUND(SomaAgrup,15-13*$AF$11)))","v":429.09999999999997},"RA","RA",{"$f":"IF($C150=\"S\",IF($Z150=\"CP\",$X150,IF($Z150=\"RA\",(($X150)*QCI!$AA$3),0)),SomaAgrup)","v":6.2691537099613184},{"$f":"IF($C150=\"S\",IF($Z150=\"OU\",ROUND($X150,2),0),SomaAgrup)","v":0},{"$f":"IF($N150=\"\",\" \",\nIF(AND($C150<>\"S\",OR($R150=\"\",$R150=\"(digite a descrição aqui)\")),\"DESCRIÇÃO\",\nIF(AND($C150=\"S\",OR($Q150<>\"\",$T150>0,$U150>0),$P150=\"\"),\"FONTE\",\nIF(AND($C150=\"S\",$P150<>\"\",OR($T150>0,$U150>0),$Q150=\"\"),\"CÓDIGO\",\nIF(AND($C150=\"S\",$P150<>\"\",$Q150<>\"\",$R150=\"(Código não identificado nas referências)\"),\"CÓDIGO N/ID\",\nIF(AND($C150=\"S\",OR($R150=\"\",$R150=\"(digite a descrição aqui)\"),OR($Q150<>\"\",$T150>0,$U150>0)),\"DESCRIÇÃO\",\nIF(AND($C150=\"S\",$P150<>\"\",$Q150<>\"\",$S150=\"\"),\"UNIDADE\",\nIF(AND($C150=\"S\",$P150<>\"\",$Q150<>\"\",$U150=0),\"SEM CUSTO\",\nIF(AND(TIPOORCAMENTO=\"Licitado\",$AL150=0,$AN150>0),\"SEM PREÇO\",\nIF(AND($C150=\"S\",$P150<>\"\",$Q150<>\"\",$U150>0,AND($V150<>\"BDI 1\",$V150<>\"BDI 2\",$V150<>\"BDI 3\")),IF(ISNUMBER($V150),\"JUSTIFICAR BDI\",\"BDI\"),\nIF(OR(AND(import.recurso=\"OGU\",TIPOORCAMENTO=\"Proposto\",LEFT($O$8,5)<>\"(N/D:\",$AG150<>\"\",ORÇAMENTO.CustoUnitario>$AG150),AND(TIPOORCAMENTO=\"LICITADO\",ORÇAMENTO.PrecoUnitarioLicitado>$AN150)),\"ACIMA REF.\",\nIF(AND($C150=\"S\",$P150<>\"\",$Q150<>\"\",$T150=0,$U150>0),\"QUANT.\",\nIF(AND(Import.TipoArredondamento=\"TransfereGOV\",$L150=\"F\",$C150=\"S\",LEN($Q150)>13),\"Código >13\",\nIF(AND(Import.TipoArredondamento=\"TransfereGOV\",$L150=\"F\",$C150<>\"S\",LEN($R150)>100),\"Descrição >100\",\nIF(AND(Import.TipoArredondamento=\"TransfereGOV\",$L150=\"F\",$C150=\"S\",LEN($R150)>500),\"Descrição >500\",\nIF(AND(Import.TipoArredondamento=\"TransfereGOV\",$L150=\"F\",$C150=\"S\",LEFT(TRIM(UPPER($P150)),6)<>\"SINAPI\",ISNA(VLOOKUP(TRIM(UPPER($S150)),ListaTgov.Unidades,1,FALSE))),\"Unid. Não Disp\",\n\" \"))))))))))))))))","v":" "},{"$f":"IF(C150<=CRONO.NivelExibicao,MAX($AD$15:OFFSET(AD150,-1,0))+IF($C150<>1,1,MAX(1,COUNTIF(QCI!$A$13:$A$24,OFFSET($E150,-1,0)))),\"\")","v":""},{"$f":"IF(AND($C150=\"S\",ORÇAMENTO.CodBarra<>\"\"),IF(ORÇAMENTO.Fonte=\"\",ORÇAMENTO.CodBarra,CONCATENATE(ORÇAMENTO.Fonte,\" \",ORÇAMENTO.CodBarra)))","v":"SINAPI 91939"},{"$f":"IF(ISERROR(ORÇAMENTO.BancoRef),\"(abra o arquivo 'Referência \"&Excel_BuiltIn_Database&\".xlsm)\",IF(OR($C150<>\"S\",ORÇAMENTO.CodBarra=\"\"),\"(Sem Código)\",IF(ISERROR(MATCH($AE150,INDIRECT(ORÇAMENTO.BancoRef),0)),\"(Código não identificado nas referências)\",MATCH($AE150,INDIRECT(ORÇAMENTO.BancoRef),0))))","v":10377},{"$f":"ROUND(IF(DESONERACAO=\"sim\",REFERENCIA.Desonerado,REFERENCIA.NaoDesonerado),2)","v":39.36},0.25390000000000001,null,null,null,null,429.09999999999997,{"$f":"ROUND(ORÇAMENTO.CustoUnitario*(1+$AH150),2)","v":42.91}]
["S",4,"S",0,{"$f":"IF($C151=1,OFFSET(E151,-1,0)+MAX(1,COUNTIF(QCI!$A$13:$A$24,OFFSET(ORÇAMENTO!E151,-1,0))),OFFSET(E151,-1,0))","v":1},9,1,2,14,0,{"$f":"IF(OR($C151=\"S\",$C151=0),0,MATCH(OFFSET($D151,0,$C151)+IF($C151<>1,1,COUNTIF(QCI!$A$13:$A$24,ORÇAMENTO!E151)),OFFSET($D151,1,$C151,ROW($C$237)-ROW($C151)),0))","v":0},"F","Serviço","Serviço","1.9.1.2.14.","SINAPI","91937",{"$f":"IF($C151=\"S\",REFERENCIA.Descricao,\"(digite a descrição aqui)\")","v":"CAIXA OCTOGONAL 3\" X 3\", PVC, INSTALADA EM LAJE - FORNECIMENTO E INSTALAÇÃO. AF_03/2023"},{"$f":"REFERENCIA.Unidade","v":"UN"},{"$f":"OFFSET(CÁLCULO!H$15,ROW($T151)-ROW(T$15),0)","v":35},18.55,"BDI 1",{"$f":"IF($C151=\"S\",ROUND(IF(TIPOORCAMENTO=\"Proposto\",ORÇAMENTO.CustoUnitario*(1+$AH151),ORÇAMENTO.PrecoUnitarioLicitado),15-13*$AF$10),0)","v":23.26},{"$f":"IF($C151=\"S\",IF(OR(Import.TipoArredondamento<>\"TransfereGOV\",ACOMPANHAMENTO=\"BM\"),VTOTAL1,SUM(OFFSET(CÁLCULO!$AQ$15,ROW($X151)-ROW($X$15),1):OFFSET(CÁLCULO!$BR$15,ROW($X151)-ROW($X$15),-1))),IF($C151=0,0,ROUND(SomaAgrup,15-13*$AF$11)))","v":814.09999999999991},"RA","RA",{"$f":"IF($C151=\"S\",IF($Z151=\"CP\",$X151,IF($Z151=\"RA\",(($X151)*QCI!$AA$3),0)),SomaAgrup)","v":11.894006141411113},{"$f":"IF($C151=\"S\",IF($Z151=\"OU\",ROUND($X151,2),0),SomaAgrup)","v":0},{"$f":"IF($N151=\"\",\" \",\nIF(AND($C151<>\"S\",OR($R151=\"\",$R151=\"(digite a descrição aqui)\")),\"DESCRIÇÃO\",\nIF(AND($C151=\"S\",OR($Q151<>\"\",$T151>0,$U151>0),$P151=\"\"),\"FONTE\",\nIF(AND($C151=\"S\",$P151<>\"\",OR($T151>0,$U151>0),$Q151=\"\"),\"CÓDIGO\",\nIF(AND($C151=\"S\",$P151<>\"\",$Q151<>\"\",$R151=\"(Código não identificado nas referências)\"),\"CÓDIGO N/ID\",\nIF(AND($C151=\"S\",OR($R151=\"\",$R151=\"(digite a descrição aqui)\"),OR($Q151<>\"\",$T151>0,$U151>0)),\"DESCRIÇÃO\",\nIF(AND($C151=\"S\",$P151<>\"\",$Q151<>\"\",$S151=\"\"),\"UNIDADE\",\nIF(AND($C151=\"S\",$P151<>\"\",$Q151<>\"\",$U151=0),\"SEM CUSTO\",\nIF(AND(TIPOORCAMENTO=\"Licitado\",$AL151=0,$AN151>0),\"SEM PREÇO\",\nIF(AND($C151=\"S\",$P151<>\"\",$Q151<>\"\",$U151>0,AND($V151<>\"BDI 1\",$V151<>\"BDI 2\",$V151<>\"BDI 3\")),IF(ISNUMBER($V151),\"JUSTIFICAR BDI\",\"BDI\"),\nIF(OR(AND(import.recurso=\"OGU\",TIPOORCAMENTO=\"Proposto\",LEFT($O$8,5)<>\"(N/D:\",$AG151<>\"\",ORÇAMENTO.CustoUnitario>$AG151),AND(TIPOORCAMENTO=\"LICITADO\",ORÇAMENTO.PrecoUnitarioLicitado>$AN151)),\"ACIMA REF.\",\nIF(AND($C151=\"S\",$P151<>\"\",$Q151<>\"\",$T151=0,$U151>0),\"QUANT.\",\nIF(AND(Import.TipoArredondamento=\"TransfereGOV\",$L151=\"F\",$C151=\"S\",LEN($Q151)>13),\"Código >13\",\nIF(AND(Import.TipoArredondamento=\"TransfereGOV\",$L151=\"F\",$C151<>\"S\",LEN($R151)>100),\"Descrição >100\",\nIF(AND(Import.TipoArredondamento=\"TransfereGOV\",$L151=\"F\",$C151=\"S\",LEN($R151)>500),\"Descrição >500\",\nIF(AND(Import.TipoArredondamento=\"TransfereGOV\",$L151=\"F\",$C151=\"S\",LEFT(TRIM(UPPER($P151)),6)<>\"SINAPI\",ISNA(VLOOKUP(TRIM(UPPER($S151)),ListaTgov.Unidades,1,FALSE))),\"Unid. Não Disp\",\n\" \"))))))))))))))))","v":" "},{"$f":"IF(C151<=CRONO.NivelExibicao,MAX($AD$15:OFFSET(AD151,-1,0))+IF($C151<>1,1,MAX(1,COUNTIF(QCI!$A$13:$A$24,OFFSET($E151,-1,0)))),\"\")","v":""},{"$f":"IF(AND($C151=\"S\",ORÇAMENTO.CodBarra<>\"\"),IF(ORÇAMENTO.Fonte=\"\",ORÇAMENTO.CodBarra,CONCATENATE(ORÇAMENTO.Fonte,\" \",ORÇAMENTO.CodBarra)))","v":"SINAPI 91937"},{"$f":"IF(ISERROR(ORÇAMENTO.BancoRef),\"(abra o arquivo 'Referência \"&Excel_BuiltIn_Database&\".xlsm)\",IF(OR($C151<>\"S\",ORÇAMENTO.CodBarra=\"\"),\"(Sem Código)\",IF(ISERROR(MATCH($AE151,INDIRECT(ORÇAMENTO.BancoRef),0)),\"(Código não identificado nas referências)\",MATCH($AE151,INDIRECT(ORÇAMENTO.BancoRef),0))))","v":10373},{"$f":"ROUND(IF(DESONERACAO=\"sim\",REFERENCIA.Desonerado,REFERENCIA.NaoDesonerado),2)","v":21.34},0.25390000000000001,null,null,null,null,814.09999999999991,{"$f":"ROUND(ORÇAMENTO.CustoUnitario*(1+$AH151),2)","v":23.26}]
[4,4,4,10,{"$f":"IF($C152=1,OFFSET(E152,-1,0)+MAX(1,COUNTIF(QCI!$A$13:$A$24,OFFSET(ORÇAMENTO!E152,-1,0))),OFFSET(E152,-1,0))","v":1},9,1,3,0,10,{"$f":"IF(OR($C152=\"S\",$C152=0),0,MATCH(OFFSET($D152,0,$C152)+IF($C152<>1,1,COUNTIF(QCI!$A$13:$A$24,ORÇAMENTO!E152)),OFFSET($D152,1,$C152,ROW($C$237)-ROW($C152)),0))","v":32},"F","Nível 4","Nível 4","1.9.1.3.","","","FIOS E CABOS",null,{"$f":"OFFSET(CÁLCULO!H$15,ROW($T152)-ROW(T$15),0)","v":0},0,"BDI 1",{"$f":"IF($C152=\"S\",ROUND(IF(TIPOORCAMENTO=\"Proposto\",ORÇAMENTO.CustoUnitario*(1+$AH152),ORÇAMENTO.PrecoUnitarioLicitado),15-13*$AF$10),0)","v":0},{"$f":"IF($C152=\"S\",IF(OR(Import.TipoArredondamento<>\"TransfereGOV\",ACOMPANHAMENTO=\"BM\"),VTOTAL1,SUM(OFFSET(CÁLCULO!$AQ$15,ROW($X152)-ROW($X$15),1):OFFSET(CÁLCULO!$BR$15,ROW($X152)-ROW($X$15),-1))),IF($C152=0,0,ROUND(SomaAgrup,15-13*$AF$11)))","v":25408.65},"RA","",{"$f":"IF($C152=\"S\",IF($Z152=\"CP\",$X152,IF($Z152=\"RA\",(($X152)*QCI!$AA$3),0)),SomaAgrup)","v":371.22053696716068},{"$f":"IF($C152=\"S\",IF($Z152=\"OU\",ROUND($X152,2),0),SomaAgrup)","v":0},{"$f":"IF($N152=\"\",\" \",\nIF(AND($C152<>\"S\",OR($R152=\"\",$R152=\"(digite a descrição aqui)\")),\"DESCRIÇÃO\",\nIF(AND($C152=\"S\",OR($Q152<>\"\",$T152>0,$U152>0),$P152=\"\"),\"FONTE\",\nIF(AND($C152=\"S\",$P152<>\"\",OR($T152>0,$U152>0),$Q152=\"\"),\"CÓDIGO\",\nIF(AND($C152=\"S\",$P152<>\"\",$Q152<>\"\",$R152=\"(Código não identificado nas referências)\"),\"CÓDIGO N/ID\",\nIF(AND($C152=\"S\",OR($R152=\"\",$R152=\"(digite a descrição aqui)\"),OR($Q152<>\"\",$T152>0,$U152>0)),\"DESCRIÇÃO\",\nIF(AND($C152=\"S\",$P152<>\"\",$Q152<>\"\",$S152=\"\"),\"UNIDADE\",\nIF(AND($C152=\"S\",$P152<>\"\",$Q152<>\"\",$U152=0),\"SEM CUSTO\",\nIF(AND(TIPOORCAMENTO=\"Licitado\",$AL152=0,$AN152>0),\"SEM PREÇO\",\nIF(AND($C152=\"S\",$P152<>\"\",$Q152<>\"\",$U152>0,AND($V152<>\"BDI 1\",$V152<>\"BDI 2\",$V152<>\"BDI 3\")),IF(ISNUMBER($V152),\"JUSTIFICAR BDI\",\"BDI\"),\nIF(OR(AND(import.recurso=\"OGU\",TIPOORCAMENTO=\"Proposto\",LEFT($O$8,5)<>\"(N/D:\",$AG152<>\"\",ORÇAMENTO.CustoUnitario>$AG152),AND(TIPOORCAMENTO=\"LICITADO\",ORÇAMENTO.PrecoUnitarioLicitado>$AN152)),\"ACIMA REF.\",\nIF(AND($C152=\"S\",$P152<>\"\",$Q152<>\"\",$T152=0,$U152>0),\"QUANT.\",\nIF(AND(Import.TipoArredondamento=\"TransfereGOV\",$L152=\"F\",$C152=\"S\",LEN($Q152)>13),\"Código >13\",\nIF(AND(Import.TipoArredondamento=\"TransfereGOV\",$L152=\"F\",$C152<>\"S\",LEN($R152)>100),\"Descrição >100\",\nIF(AND(Import.TipoArredondamento=\"TransfereGOV\",$L152=\"F\",$C152=\"S\",LEN($R152)>500),\"Descrição >500\",\nIF(AND(Import.TipoArredondamento=\"TransfereGOV\",$L152=\"F\",$C152=\"S\",LEFT(TRIM(UPPER($P152)),6)<>\"SINAPI\",ISNA(VLOOKUP(TRIM(UPPER($S152)),ListaTgov.Unidades,1,FALSE))),\"Unid. Não Disp\",\n\" \"))))))))))))))))","v":" "},{"$f":"IF(C152<=CRONO.NivelExibicao,MAX($AD$15:OFFSET(AD152,-1,0))+IF($C152<>1,1,MAX(1,COUNTIF(QCI!$A$13:$A$24,OFFSET($E152,-1,0)))),\"\")","v":""},{"$f":"IF(AND($C152=\"S\",ORÇAMENTO.CodBarra<>\"\"),IF(ORÇAMENTO.Fonte=\"\",ORÇAMENTO.CodBarra,CONCATENATE(ORÇAMENTO.Fonte,\" \",ORÇAMENTO.CodBarra)))","v":false},{"$f":"IF(ISERROR(ORÇAMENTO.BancoRef),\"(abra o arquivo 'Referência \"&Excel_BuiltIn_Database&\".xlsm)\",IF(OR($C152<>\"S\",ORÇAMENTO.CodBarra=\"\"),\"(Sem Código)\",IF(ISERROR(MATCH($AE152,INDIRECT(ORÇAMENTO.BancoRef),0)),\"(Código não identificado nas referências)\",MATCH($AE152,INDIRECT(ORÇAMENTO.BancoRef),0))))","v":"(Sem Código)"},{"$f":"ROUND(IF(DESONERACAO=\"sim\",REFERENCIA.Desonerado,REFERENCIA.NaoDesonerado),2)","v":0},0.25390000000000001,null,null,null,null,25408.65,{"$f":"ROUND(ORÇAMENTO.CustoUnitario*(1+$AH152),2)","v":0}]
["S",4,"S",0,{"$f":"IF($C153=1,OFFSET(E153,-1,0)+MAX(1,COUNTIF(QCI!$A$13:$A$24,OFFSET(ORÇAMENTO!E153,-1,0))),OFFSET(E153,-1,0))","v":1},9,1,3,1,0,{"$f":"IF(OR($C153=\"S\",$C153=0),0,MATCH(OFFSET($D153,0,$C153)+IF($C153<>1,1,COUNTIF(QCI!$A$13:$A$24,ORÇAMENTO!E153)),OFFSET($D153,1,$C153,ROW($C$237)-ROW($C153)),0))","v":0},"F","Serviço","Serviço","1.9.1.3.1.","SINAPI","91924",{"$f":"IF($C153=\"S\",REFERENCIA.Descricao,\"(digite a descrição aqui)\")","v":"CABO DE COBRE FLEXÍVEL ISOLADO, 1,5 MM², ANTI-CHAMA 450/750 V, PARA CIRCUITOS TERMINAIS - FORNECIMENTO E INSTALAÇÃO. AF_03/2023"},{"$f":"REFERENCIA.Unidade","v":"M"},{"$f":"OFFSET(CÁLCULO!H$15,ROW($T153)-ROW(T$15),0)","v":489.5},2.9,"BDI 1",{"$f":"IF($C153=\"S\",ROUND(IF(TIPOORCAMENTO=\"Proposto\",ORÇAMENTO.CustoUnitario*(1+$AH153),ORÇAMENTO.PrecoUnitarioLicitado),15-13*$AF$10),0)","v":3.64},{"$f":"IF($C153=\"S\",IF(OR(Import.TipoArredondamento<>\"TransfereGOV\",ACOMPANHAMENTO=\"BM\"),VTOTAL1,SUM(OFFSET(CÁLCULO!$AQ$15,ROW($X153)-ROW($X$15),1):OFFSET(CÁLCULO!$BR$15,ROW($X153)-ROW($X$15),-1))),IF($C153=0,0,ROUND(SomaAgrup,15-13*$AF$11)))","v":1781.8000000000002},"RA","RA",{"$f":"IF($C153=\"S\",IF($Z153=\"CP\",$X153,IF($Z153=\"RA\",(($X153)*QCI!$AA$3),0)),SomaAgrup)","v":26.032109252875969},{"$f":"IF($C153=\"S\",IF($Z153=\"OU\",ROUND($X153,2),0),SomaAgrup)","v":0},{"$f":"IF($N153=\"\",\" \",\nIF(AND($C153<>\"S\",OR($R153=\"\",$R153=\"(digite a descrição aqui)\")),\"DESCRIÇÃO\",\nIF(AND($C153=\"S\",OR($Q153<>\"\",$T153>0,$U153>0),$P153=\"\"),\"FONTE\",\nIF(AND($C153=\"S\",$P153<>\"\",OR($T153>0,$U153>0),$Q153=\"\"),\"CÓDIGO\",\nIF(AND($C153=\"S\",$P153<>\"\",$Q153<>\"\",$R153=\"(Código não identificado nas referências)\"),\"CÓDIGO N/ID\",\nIF(AND($C153=\"S\",OR($R153=\"\",$R153=\"(digite a descrição aqui)\"),OR($Q153<>\"\",$T153>0,$U153>0)),\"DESCRIÇÃO\",\nIF(AND($C153=\"S\",$P153<>\"\",$Q153<>\"\",$S153=\"\"),\"UNIDADE\",\nIF(AND($C153=\"S\",$P153<>\"\",$Q153<>\"\",$U153=0),\"SEM CUSTO\",\nIF(AND(TIPOORCAMENTO=\"Licitado\",$AL153=0,$AN153>0),\"SEM PREÇO\",\nIF(AND($C153=\"S\",$P153<>\"\",$Q153<>\"\",$U153>0,AND($V153<>\"BDI 1\",$V153<>\"BDI 2\",$V153<>\"BDI 3\")),IF(ISNUMBER($V153),\"JUSTIFICAR BDI\",\"BDI\"),\nIF(OR(AND(import.recurso=\"OGU\",TIPOORCAMENTO=\"Proposto\",LEFT($O$8,5)<>\"(N/D:\",$AG153<>\"\",ORÇAMENTO.CustoUnitario>$AG153),AND(TIPOORCAMENTO=\"LICITADO\",ORÇAMENTO.PrecoUnitarioLicitado>$AN153)),\"ACIMA REF.\",\nIF(AND($C153=\"S\",$P153<>\"\",$Q153<>\"\",$T153=0,$U153>0),\"QUANT.\",\nIF(AND(Import.TipoArredondamento=\"TransfereGOV\",$L153=\"F\",$C153=\"S\",LEN($Q153)>13),\"Código >13\",\nIF(AND(Import.TipoArredondamento=\"TransfereGOV\",$L153=\"F\",$C153<>\"S\",LEN($R153)>100),\"Descrição >100\",\nIF(AND(Import.TipoArredondamento=\"TransfereGOV\",$L153=\"F\",$C153=\"S\",LEN($R153)>500),\"Descrição >500\",\nIF(AND(Import.TipoArredondamento=\"TransfereGOV\",$L153=\"F\",$C153=\"S\",LEFT(TRIM(UPPER($P153)),6)<>\"SINAPI\",ISNA(VLOOKUP(TRIM(UPPER($S153)),ListaTgov.Unidades,1,FALSE))),\"Unid. Não Disp\",\n\" \"))))))))))))))))","v":" "},{"$f":"IF(C153<=CRONO.NivelExibicao,MAX($AD$15:OFFSET(AD153,-1,0))+IF($C153<>1,1,MAX(1,COUNTIF(QCI!$A$13:$A$24,OFFSET($E153,-1,0)))),\"\")","v":""},{"$f":"IF(AND($C153=\"S\",ORÇAMENTO.CodBarra<>\"\"),IF(ORÇAMENTO.Fonte=\"\",ORÇAMENTO.CodBarra,CONCATENATE(ORÇAMENTO.Fonte,\" \",ORÇAMENTO.CodBarra)))","v":"SINAPI 91924"},{"$f":"IF(ISERROR(ORÇAMENTO.BancoRef),\"(abra o arquivo 'Referência \"&Excel_BuiltIn_Database&\".xlsm)\",IF(OR($C153<>\"S\",ORÇAMENTO.CodBarra=\"\"),\"(Sem Código)\",IF(ISERROR(MATCH($AE153,INDIRECT(ORÇAMENTO.BancoRef),0)),\"(Código não identificado nas referências)\",MATCH($AE153,INDIRECT(ORÇAMENTO.BancoRef),0))))","v":10356},{"$f":"ROUND(IF(DESONERACAO=\"sim\",REFERENCIA.Desonerado,REFERENCIA.NaoDesonerado),2)","v":3.34},0.25390000000000001,null,null,null,null,1781.8000000000002,{"$f":"ROUND(ORÇAMENTO.CustoUnitario*(1+$AH153),2)","v":3.64}]
["S",4,"S",0,{"$f":"IF($C154=1,OFFSET(E154,-1,0)+MAX(1,COUNTIF(QCI!$A$13:$A$24,OFFSET(ORÇAMENTO!E154,-1,0))),OFFSET(E154,-1,0))","v":1},9,1,3,2,0,{"$f":"IF(OR($C154=\"S\",$C154=0),0,MATCH(OFFSET($D154,0,$C154)+IF($C154<>1,1,COUNTIF(QCI!$A$13:$A$24,ORÇAMENTO!E154)),OFFSET($D154,1,$C154,ROW($C$237)-ROW($C154)),0))","v":0},"F","Serviço","Serviço","1.9.1.3.2.","SINAPI","91926",{"$f":"IF($C154=\"S\",REFERENCIA.Descricao,\"(digite a descrição aqui)\")","v":"CABO DE COBRE FLEXÍVEL ISOLADO, 2,5 MM², ANTI-CHAMA 450/750 V, PARA CIRCUITOS TERMINAIS - FORNECIMENTO E INSTALAÇÃO. AF_03/2023"},{"$f":"REFERENCIA.Unidade","v":"M"},{"$f":"OFFSET(CÁLCULO!H$15,ROW($T154)-ROW(T$15),0)","v":1294},4.16,"BDI 1",{"$f":"IF($C154=\"S\",ROUND(IF(TIPOORCAMENTO=\"Proposto\",ORÇAMENTO.CustoUnitario*(1+$AH154),ORÇAMENTO.PrecoUnitarioLicitado),15-13*$AF$10),0)","v":5.22},{"$f":"IF($C154=\"S\",IF(OR(Import.TipoArredondamento<>\"TransfereGOV\",ACOMPANHAMENTO=\"BM\"),VTOTAL1,SUM(OFFSET(CÁLCULO!$AQ$15,ROW($X154)-ROW($X$15),1):OFFSET(CÁLCULO!$BR$15,ROW($X154)-ROW($X$15),-1))),IF($C154=0,0,ROUND(SomaAgrup,15-13*$AF$11)))","v":6754.7000000000007},"RA","RA",{"$f":"IF($C154=\"S\",IF($Z154=\"CP\",$X154,IF($Z154=\"RA\",(($X154)*QCI!$AA$3),0)),SomaAgrup)","v":98.686209658997257},{"$f":"IF($C154=\"S\",IF($Z154=\"OU\",ROUND($X154,2),0),SomaAgrup)","v":0},{"$f":"IF($N154=\"\",\" \",\nIF(AND($C154<>\"S\",OR($R154=\"\",$R154=\"(digite a descrição aqui)\")),\"DESCRIÇÃO\",\nIF(AND($C154=\"S\",OR($Q154<>\"\",$T154>0,$U154>0),$P154=\"\"),\"FONTE\",\nIF(AND($C154=\"S\",$P154<>\"\",OR($T154>0,$U154>0),$Q154=\"\"),\"CÓDIGO\",\nIF(AND($C154=\"S\",$P154<>\"\",$Q154<>\"\",$R154=\"(Código não identificado nas referências)\"),\"CÓDIGO N/ID\",\nIF(AND($C154=\"S\",OR($R154=\"\",$R154=\"(digite a descrição aqui)\"),OR($Q154<>\"\",$T154>0,$U154>0)),\"DESCRIÇÃO\",\nIF(AND($C154=\"S\",$P154<>\"\",$Q154<>\"\",$S154=\"\"),\"UNIDADE\",\nIF(AND($C154=\"S\",$P154<>\"\",$Q154<>\"\",$U154=0),\"SEM CUSTO\",\nIF(AND(TIPOORCAMENTO=\"Licitado\",$AL154=0,$AN154>0),\"SEM PREÇO\",\nIF(AND($C154=\"S\",$P154<>\"\",$Q154<>\"\",$U154>0,AND($V154<>\"BDI 1\",$V154<>\"BDI 2\",$V154<>\"BDI 3\")),IF(ISNUMBER($V154),\"JUSTIFICAR BDI\",\"BDI\"),\nIF(OR(AND(import.recurso=\"OGU\",TIPOORCAMENTO=\"Proposto\",LEFT($O$8,5)<>\"(N/D:\",$AG154<>\"\",ORÇAMENTO.CustoUnitario>$AG154),AND(TIPOORCAMENTO=\"LICITADO\",ORÇAMENTO.PrecoUnitarioLicitado>$AN154)),\"ACIMA REF.\",\nIF(AND($C154=\"S\",$P154<>\"\",$Q154<>\"\",$T154=0,$U154>0),\"QUANT.\",\nIF(AND(Import.TipoArredondamento=\"TransfereGOV\",$L154=\"F\",$C154=\"S\",LEN($Q154)>13),\"Código >13\",\nIF(AND(Import.TipoArredondamento=\"TransfereGOV\",$L154=\"F\",$C154<>\"S\",LEN($R154)>100),\"Descrição >100\",\nIF(AND(Import.TipoArredondamento=\"TransfereGOV\",$L154=\"F\",$C154=\"S\",LEN($R154)>500),\"Descrição >500\",\nIF(AND(Import.TipoArredondamento=\"TransfereGOV\",$L154=\"F\",$C154=\"S\",LEFT(TRIM(UPPER($P154)),6)<>\"SINAPI\",ISNA(VLOOKUP(TRIM(UPPER($S154)),ListaTgov.Unidades,1,FALSE))),\"Unid. Não Disp\",\n\" \"))))))))))))))))","v":" "},{"$f":"IF(C154<=CRONO.NivelExibicao,MAX($AD$15:OFFSET(AD154,-1,0))+IF($C154<>1,1,MAX(1,COUNTIF(QCI!$A$13:$A$24,OFFSET($E154,-1,0)))),\"\")","v":""},{"$f":"IF(AND($C154=\"S\",ORÇAMENTO.CodBarra<>\"\"),IF(ORÇAMENTO.Fonte=\"\",ORÇAMENTO.CodBarra,CONCATENATE(ORÇAMENTO.Fonte,\" \",ORÇAMENTO.CodBarra)))","v":"SINAPI 91926"},{"$f":"IF(ISERROR(ORÇAMENTO.BancoRef),\"(abra o arquivo 'Referência \"&Excel_BuiltIn_Database&\".xlsm)\",IF(OR($C154<>\"S\",ORÇAMENTO.CodBarra=\"\"),\"(Sem Código)\",IF(ISERROR(MATCH($AE154,INDIRECT(ORÇAMENTO.BancoRef),0)),\"(Código não identificado nas referências)\",MATCH($AE154,INDIRECT(ORÇAMENTO.BancoRef),0))))","v":10362},{"$f":"ROUND(IF(DESONERACAO=\"sim\",REFERENCIA.Desonerado,REFERENCIA.NaoDesonerado),2)","v":4.79},0.25390000000000001,null,null,null,null,6754.7000000000007,{"$f":"ROUND(ORÇAMENTO.CustoUnitario*(1+$AH154),2)","v":5.22}]
["S",4,"S",0,{"$f":"IF($C155=1,OFFSET(E155,-1,0)+MAX(1,COUNTIF(QCI!$A$13:$A$24,OFFSET(ORÇAMENTO!E155,-1,0))),OFFSET(E155,-1,0))","v":1},9,1,3,3,0,{"$f":"IF(OR($C155=\"S\",$C155=0),0,MATCH(OFFSET($D155,0,$C155)+IF($C155<>1,1,COUNTIF(QCI!$A$13:$A$24,ORÇAMENTO!E155)),OFFSET($D155,1,$C155,ROW($C$237)-ROW($C155)),0))","v":0},"F","Serviço","Serviço","1.9.1.3.3.","SINAPI","91928",{"$f":"IF($C155=\"S\",REFERENCIA.Descricao,\"(digite a descrição aqui)\")","v":"CABO DE COBRE FLEXÍVEL ISOLADO, 4 MM², ANTI-CHAMA 450/750 V, PARA CIRCUITOS TERMINAIS - FORNECIMENTO E INSTALAÇÃO. AF_03/2023"},{"$f":"REFERENCIA.Unidade","v":"M"},{"$f":"OFFSET(CÁLCULO!H$15,ROW($T155)-ROW(T$15),0)","v":124},6.4,"BDI 1",{"$f":"IF($C155=\"S\",ROUND(IF(TIPOORCAMENTO=\"Proposto\",ORÇAMENTO.CustoUnitario*(1+$AH155),ORÇAMENTO.PrecoUnitarioLicitado),15-13*$AF$10),0)","v":8.02},{"$f":"IF($C155=\"S\",IF(OR(Import.TipoArredondamento<>\"TransfereGOV\",ACOMPANHAMENTO=\"BM\"),VTOTAL1,SUM(OFFSET(CÁLCULO!$AQ$15,ROW($X155)-ROW($X$15),1):OFFSET(CÁLCULO!$BR$15,ROW($X155)-ROW($X$15),-1))),IF($C155=0,0,ROUND(SomaAgrup,15-13*$AF$11)))","v":994.5},"RA","RA",{"$f":"IF($C155=\"S\",IF($Z155=\"CP\",$X155,IF($Z155=\"RA\",(($X155)*QCI!$AA$3),0)),SomaAgrup)","v":14.529651280719021},{"$f":"IF($C155=\"S\",IF($Z155=\"OU\",ROUND($X155,2),0),SomaAgrup)","v":0},{"$f":"IF($N155=\"\",\" \",\nIF(AND($C155<>\"S\",OR($R155=\"\",$R155=\"(digite a descrição aqui)\")),\"DESCRIÇÃO\",\nIF(AND($C155=\"S\",OR($Q155<>\"\",$T155>0,$U155>0),$P155=\"\"),\"FONTE\",\nIF(AND($C155=\"S\",$P155<>\"\",OR($T155>0,$U155>0),$Q155=\"\"),\"CÓDIGO\",\nIF(AND($C155=\"S\",$P155<>\"\",$Q155<>\"\",$R155=\"(Código não identificado nas referências)\"),\"CÓDIGO N/ID\",\nIF(AND($C155=\"S\",OR($R155=\"\",$R155=\"(digite a descrição aqui)\"),OR($Q155<>\"\",$T155>0,$U155>0)),\"DESCRIÇÃO\",\nIF(AND($C155=\"S\",$P155<>\"\",$Q155<>\"\",$S155=\"\"),\"UNIDADE\",\nIF(AND($C155=\"S\",$P155<>\"\",$Q155<>\"\",$U155=0),\"SEM CUSTO\",\nIF(AND(TIPOORCAMENTO=\"Licitado\",$AL155=0,$AN155>0),\"SEM PREÇO\",\nIF(AND($C155=\"S\",$P155<>\"\",$Q155<>\"\",$U155>0,AND($V155<>\"BDI 1\",$V155<>\"BDI 2\",$V155<>\"BDI 3\")),IF(ISNUMBER($V155),\"JUSTIFICAR BDI\",\"BDI\"),\nIF(OR(AND(import.recurso=\"OGU\",TIPOORCAMENTO=\"Proposto\",LEFT($O$8,5)<>\"(N/D:\",$AG155<>\"\",ORÇAMENTO.CustoUnitario>$AG155),AND(TIPOORCAMENTO=\"LICITADO\",ORÇAMENTO.PrecoUnitarioLicitado>$AN155)),\"ACIMA REF.\",\nIF(AND($C155=\"S\",$P155<>\"\",$Q155<>\"\",$T155=0,$U155>0),\"QUANT.\",\nIF(AND(Import.TipoArredondamento=\"TransfereGOV\",$L155=\"F\",$C155=\"S\",LEN($Q155)>13),\"Código >13\",\nIF(AND(Import.TipoArredondamento=\"TransfereGOV\",$L155=\"F\",$C155<>\"S\",LEN($R155)>100),\"Descrição >100\",\nIF(AND(Import.TipoArredondamento=\"TransfereGOV\",$L155=\"F\",$C155=\"S\",LEN($R155)>500),\"Descrição >500\",\nIF(AND(Import.TipoArredondamento=\"TransfereGOV\",$L155=\"F\",$C155=\"S\",LEFT(TRIM(UPPER($P155)),6)<>\"SINAPI\",ISNA(VLOOKUP(TRIM(UPPER($S155)),ListaTgov.Unidades,1,FALSE))),\"Unid. Não Disp\",\n\" \"))))))))))))))))","v":" "},{"$f":"IF(C155<=CRONO.NivelExibicao,MAX($AD$15:OFFSET(AD155,-1,0))+IF($C155<>1,1,MAX(1,COUNTIF(QCI!$A$13:$A$24,OFFSET($E155,-1,0)))),\"\")","v":""},{"$f":"IF(AND($C155=\"S\",ORÇAMENTO.CodBarra<>\"\"),IF(ORÇAMENTO.Fonte=\"\",ORÇAMENTO.CodBarra,CONCATENATE(ORÇAMENTO.Fonte,\" \",ORÇAMENTO.CodBarra)))","v":"SINAPI 91928"},{"$f":"IF(ISERROR(ORÇAMENTO.BancoRef),\"(abra o arquivo 'Referência \"&Excel_BuiltIn_Database&\".xlsm)\",IF(OR($C155<>\"S\",ORÇAMENTO.CodBarra=\"\"),\"(Sem Código)\",IF(ISERROR(MATCH($AE155,INDIRECT(ORÇAMENTO.BancoRef),0)),\"(Código não identificado nas referências)\",MATCH($AE155,INDIRECT(ORÇAMENTO.BancoRef),0))))","v":10364},{"$f":"ROUND(IF(DESONERACAO=\"sim\",REFERENCIA.Desonerado,REFERENCIA.NaoDesonerado),2)","v":7.37},0.25390000000000001,null,null,null,null,994.5,{"$f":"ROUND(ORÇAMENTO.CustoUnitario*(1+$AH155),2)","v":8.02}]
["S",4,"S",0,{"$f":"IF($C156=1,OFFSET(E156,-1,0)+MAX(1,COUNTIF(QCI!$A$13:$A$24,OFFSET(ORÇAMENTO!E156,-1,0))),OFFSET(E156,-1,0))","v":1},9,1,3,4,0,{"$f":"IF(OR($C156=\"S\",$C156=0),0,MATCH(OFFSET($D156,0,$C156)+IF($C156<>1,1,COUNTIF(QCI!$A$13:$A$24,ORÇAMENTO!E156)),OFFSET($D156,1,$C156,ROW($C$237)-ROW($C156)),0))","v":0},"F","Serviço","Serviço","1.9.1.3.4.","SINAPI","101884",{"$f":"IF($C156=\"S\",REFERENCIA.Descricao,\"(digite a descrição aqui)\")","v":"CABO DE COBRE ISOLADO, 10 MM², ANTI-CHAMA 450/750 V, INSTALADO EM ELETROCALHA OU PERFILADO - FORNECIMENTO E INSTALAÇÃO. AF_10/2020"},{"$f":"REFERENCIA.Unidade","v":"M"},{"$f":"OFFSET(CÁLCULO!H$15,ROW($T156)-ROW(T$15),0)","v":129.5},9.8699999999999992,"BDI 1",{"$f":"IF($C156=\"S\",ROUND(IF(TIPOORCAMENTO=\"Proposto\",ORÇAMENTO.CustoUnitario*(1+$AH156),ORÇAMENTO.PrecoUnitarioLicitado),15-13*$AF$10),0)","v":12.38},{"$f":"IF($C156=\"S\",IF(OR(Import.TipoArredondamento<>\"TransfereGOV\",ACOMPANHAMENTO=\"BM\"),VTOTAL1,SUM(OFFSET(CÁLCULO!$AQ$15,ROW($X156)-ROW($X$15),1):OFFSET(CÁLCULO!$BR$15,ROW($X156)-ROW($X$15),-1))),IF($C156=0,0,ROUND(SomaAgrup,15-13*$AF$11)))","v":1603.1999999999998},"RA","RA",{"$f":"IF($C156=\"S\",IF($Z156=\"CP\",$X156,IF($Z156=\"RA\",(($X156)*QCI!$AA$3),0)),SomaAgrup)","v":23.422762124935879},{"$f":"IF($C156=\"S\",IF($Z156=\"OU\",ROUND($X156,2),0),SomaAgrup)","v":0},{"$f":"IF($N156=\"\",\" \",\nIF(AND($C156<>\"S\",OR($R156=\"\",$R156=\"(digite a descrição aqui)\")),\"DESCRIÇÃO\",\nIF(AND($C156=\"S\",OR($Q156<>\"\",$T156>0,$U156>0),$P156=\"\"),\"FONTE\",\nIF(AND($C156=\"S\",$P156<>\"\",OR($T156>0,$U156>0),$Q156=\"\"),\"CÓDIGO\",\nIF(AND($C156=\"S\",$P156<>\"\",$Q156<>\"\",$R156=\"(Código não identificado nas referências)\"),\"CÓDIGO N/ID\",\nIF(AND($C156=\"S\",OR($R156=\"\",$R156=\"(digite a descrição aqui)\"),OR($Q156<>\"\",$T156>0,$U156>0)),\"DESCRIÇÃO\",\nIF(AND($C156=\"S\",$P156<>\"\",$Q156<>\"\",$S156=\"\"),\"UNIDADE\",\nIF(AND($C156=\"S\",$P156<>\"\",$Q156<>\"\",$U156=0),\"SEM CUSTO\",\nIF(AND(TIPOORCAMENTO=\"Licitado\",$AL156=0,$AN156>0),\"SEM PREÇO\",\nIF(AND($C156=\"S\",$P156<>\"\",$Q156<>\"\",$U156>0,AND($V156<>\"BDI 1\",$V156<>\"BDI 2\",$V156<>\"BDI 3\")),IF(ISNUMBER($V156),\"JUSTIFICAR BDI\",\"BDI\"),\nIF(OR(AND(import.recurso=\"OGU\",TIPOORCAMENTO=\"Proposto\",LEFT($O$8,5)<>\"(N/D:\",$AG156<>\"\",ORÇAMENTO.CustoUnitario>$AG156),AND(TIPOORCAMENTO=\"LICITADO\",ORÇAMENTO.PrecoUnitarioLicitado>$AN156)),\"ACIMA REF.\",\nIF(AND($C156=\"S\",$P156<>\"\",$Q156<>\"\",$T156=0,$U156>0),\"QUANT.\",\nIF(AND(Import.TipoArredondamento=\"TransfereGOV\",$L156=\"F\",$C156=\"S\",LEN($Q156)>13),\"Código >13\",\nIF(AND(Import.TipoArredondamento=\"TransfereGOV\",$L156=\"F\",$C156<>\"S\",LEN($R156)>100),\"Descrição >100\",\nIF(AND(Import.TipoArredondamento=\"TransfereGOV\",$L156=\"F\",$C156=\"S\",LEN($R156)>500),\"Descrição >500\",\nIF(AND(Import.TipoArredondamento=\"TransfereGOV\",$L156=\"F\",$C156=\"S\",LEFT(TRIM(UPPER($P156)),6)<>\"SINAPI\",ISNA(VLOOKUP(TRIM(UPPER($S156)),ListaTgov.Unidades,1,FALSE))),\"Unid. Não Disp\",\n\" \"))))))))))))))))","v":" "},{"$f":"IF(C156<=CRONO.NivelExibicao,MAX($AD$15:OFFSET(AD156,-1,0))+IF($C156<>1,1,MAX(1,COUNTIF(QCI!$A$13:$A$24,OFFSET($E156,-1,0)))),\"\")","v":""},{"$f":"IF(AND($C156=\"S\",ORÇAMENTO.CodBarra<>\"\"),IF(ORÇAMENTO.Fonte=\"\",ORÇAMENTO.CodBarra,CONCATENATE(ORÇAMENTO.Fonte,\" \",ORÇAMENTO.CodBarra)))","v":"SINAPI 101884"},{"$f":"IF(ISERROR(ORÇAMENTO.BancoRef),\"(abra o arquivo 'Referência \"&Excel_BuiltIn_Database&\".xlsm)\",IF(OR($C156<>\"S\",ORÇAMENTO.CodBarra=\"\"),\"(Sem Código)\",IF(ISERROR(MATCH($AE156,INDIRECT(ORÇAMENTO.BancoRef),0)),\"(Código não identificado nas referências)\",MATCH($AE156,INDIRECT(ORÇAMENTO.BancoRef),0))))","v":10644},{"$f":"ROUND(IF(DESONERACAO=\"sim\",REFERENCIA.Desonerado,REFERENCIA.NaoDesonerado),2)","v":11.36},0.25390000000000001,null,null,null,null,1603.1999999999998,{"$f":"ROUND(ORÇAMENTO.CustoUnitario*(1+$AH156),2)","v":12.38}]
["S",4,"S",0,{"$f":"IF($C157=1,OFFSET(E157,-1,0)+MAX(1,COUNTIF(QCI!$A$13:$A$24,OFFSET(ORÇAMENTO!E157,-1,0))),OFFSET(E157,-1,0))","v":1},9,1,3,5,0,{"$f":"IF(OR($C157=\"S\",$C157=0),0,MATCH(OFFSET($D157,0,$C157)+IF($C157<>1,1,COUNTIF(QCI!$A$13:$A$24,ORÇAMENTO!E157)),OFFSET($D157,1,$C157,ROW($C$237)-ROW($C157)),0))","v":0},"F","Serviço","Serviço","1.9.1.3.5.","SINAPI","92980",{"$f":"IF($C157=\"S\",REFERENCIA.Descricao,\"(digite a descrição aqui)\")","v":"CABO DE COBRE FLEXÍVEL ISOLADO, 10 MM², ANTI-CHAMA 0,6/1,0 KV, PARA DISTRIBUIÇÃO - FORNECIMENTO E INSTALAÇÃO. AF_10/2020"},{"$f":"REFERENCIA.Unidade","v":"M"},{"$f":"OFFSET(CÁLCULO!H$15,ROW($T157)-ROW(T$15),0)","v":41.5},9.69,"BDI 1",{"$f":"IF($C157=\"S\",ROUND(IF(TIPOORCAMENTO=\"Proposto\",ORÇAMENTO.CustoUnitario*(1+$AH157),ORÇAMENTO.PrecoUnitarioLicitado),15-13*$AF$10),0)","v":12.15},{"$f":"IF($C157=\"S\",IF(OR(Import.TipoArredondamento<>\"TransfereGOV\",ACOMPANHAMENTO=\"BM\"),VTOTAL1,SUM(OFFSET(CÁLCULO!$AQ$15,ROW($X157)-ROW($X$15),1):OFFSET(CÁLCULO!$BR$15,ROW($X157)-ROW($X$15),-1))),IF($C157=0,0,ROUND(SomaAgrup,15-13*$AF$11)))","v":504.25},"RA","RA",{"$f":"IF($C157=\"S\",IF($Z157=\"CP\",$X157,IF($Z157=\"RA\",(($X157)*QCI!$AA$3),0)),SomaAgrup)","v":7.3670956845676878},{"$f":"IF($C157=\"S\",IF($Z157=\"OU\",ROUND($X157,2),0),SomaAgrup)","v":0},{"$f":"IF($N157=\"\",\" \",\nIF(AND($C157<>\"S\",OR($R157=\"\",$R157=\"(digite a descrição aqui)\")),\"DESCRIÇÃO\",\nIF(AND($C157=\"S\",OR($Q157<>\"\",$T157>0,$U157>0),$P157=\"\"),\"FONTE\",\nIF(AND($C157=\"S\",$P157<>\"\",OR($T157>0,$U157>0),$Q157=\"\"),\"CÓDIGO\",\nIF(AND($C157=\"S\",$P157<>\"\",$Q157<>\"\",$R157=\"(Código não identificado nas referências)\"),\"CÓDIGO N/ID\",\nIF(AND($C157=\"S\",OR($R157=\"\",$R157=\"(digite a descrição aqui)\"),OR($Q157<>\"\",$T157>0,$U157>0)),\"DESCRIÇÃO\",\nIF(AND($C157=\"S\",$P157<>\"\",$Q157<>\"\",$S157=\"\"),\"UNIDADE\",\nIF(AND($C157=\"S\",$P157<>\"\",$Q157<>\"\",$U157=0),\"SEM CUSTO\",\nIF(AND(TIPOORCAMENTO=\"Licitado\",$AL157=0,$AN157>0),\"SEM PREÇO\",\nIF(AND($C157=\"S\",$P157<>\"\",$Q157<>\"\",$U157>0,AND($V157<>\"BDI 1\",$V157<>\"BDI 2\",$V157<>\"BDI 3\")),IF(ISNUMBER($V157),\"JUSTIFICAR BDI\",\"BDI\"),\nIF(OR(AND(import.recurso=\"OGU\",TIPOORCAMENTO=\"Proposto\",LEFT($O$8,5)<>\"(N/D:\",$AG157<>\"\",ORÇAMENTO.CustoUnitario>$AG157),AND(TIPOORCAMENTO=\"LICITADO\",ORÇAMENTO.PrecoUnitarioLicitado>$AN157)),\"ACIMA REF.\",\nIF(AND($C157=\"S\",$P157<>\"\",$Q157<>\"\",$T157=0,$U157>0),\"QUANT.\",\nIF(AND(Import.TipoArredondamento=\"TransfereGOV\",$L157=\"F\",$C157=\"S\",LEN($Q157)>13),\"Código >13\",\nIF(AND(Import.TipoArredondamento=\"TransfereGOV\",$L157=\"F\",$C157<>\"S\",LEN($R157)>100),\"Descrição >100\",\nIF(AND(Import.TipoArredondamento=\"TransfereGOV\",$L157=\"F\",$C157=\"S\",LEN($R157)>500),\"Descrição >500\",\nIF(AND(Import.TipoArredondamento=\"TransfereGOV\",$L157=\"F\",$C157=\"S\",LEFT(TRIM(UPPER($P157)),6)<>\"SINAPI\",ISNA(VLOOKUP(TRIM(UPPER($S157)),ListaTgov.Unidades,1,FALSE))),\"Unid. Não Disp\",\n\" \"))))))))))))))))","v":" "},{"$f":"IF(C157<=CRONO.NivelExibicao,MAX($AD$15:OFFSET(AD157,-1,0))+IF($C157<>1,1,MAX(1,COUNTIF(QCI!$A$13:$A$24,OFFSET($E157,-1,0)))),\"\")","v":""},{"$f":"IF(AND($C157=\"S\",ORÇAMENTO.CodBarra<>\"\"),IF(ORÇAMENTO.Fonte=\"\",ORÇAMENTO.CodBarra,CONCATENATE(ORÇAMENTO.Fonte,\" \",ORÇAMENTO.CodBarra)))","v":"SINAPI 92980"},{"$f":"IF(ISERROR(ORÇAMENTO.BancoRef),\"(abra o arquivo 'Referência \"&Excel_BuiltIn_Database&\".xlsm)\",IF(OR($C157<>\"S\",ORÇAMENTO.CodBarra=\"\"),\"(Sem Código)\",IF(ISERROR(MATCH($AE157,INDIRECT(ORÇAMENTO.BancoRef),0)),\"(Código não identificado nas referências)\",MATCH($AE157,INDIRECT(ORÇAMENTO.BancoRef),0))))","v":10639},{"$f":"ROUND(IF(DESONERACAO=\"sim\",REFERENCIA.Desonerado,REFERENCIA.NaoDesonerado),2)","v":11.15},0.25390000000000001,null,null,null,null,504.25,{"$f":"ROUND(ORÇAMENTO.CustoUnitario*(1+$AH157),2)","v":12.15}]
["S",4,"S",0,{"$f":"IF($C158=1,OFFSET(E158,-1,0)+MAX(1,COUNTIF(QCI!$A$13:$A$24,OFFSET(ORÇAMENTO!E158,-1,0))),OFFSET(E158,-1,0))","v":1},9,1,3,6,0,{"$f":"IF(OR($C158=\"S\",$C158=0),0,MATCH(OFFSET($D158,0,$C158)+IF($C158<>1,1,COUNTIF(QCI!$A$13:$A$24,ORÇAMENTO!E158)),OFFSET($D158,1,$C158,ROW($C$237)-ROW($C158)),0))","v":0},"F","Serviço","Serviço","1.9.1.3.6.","SINAPI","91834",{"$f":"IF($C158=\"S\",REFERENCIA.Descricao,\"(digite a descrição aqui)\")","v":"ELETRODUTO FLEXÍVEL CORRUGADO, PVC, DN 25 MM (3/4\"), PARA CIRCUITOS TERMINAIS, INSTALADO EM FORRO - FORNECIMENTO E INSTALAÇÃO. AF_03/2023"},{"$f":"REFERENCIA.Unidade","v":"M"},{"$f":"OFFSET(CÁLCULO!H$15,ROW($T158)-ROW(T$15),0)","v":223.5},19.32,"BDI 1",{"$f":"IF($C158=\"S\",ROUND(IF(TIPOORCAMENTO=\"Proposto\",ORÇAMENTO.CustoUnitario*(1+$AH158),ORÇAMENTO.PrecoUnitarioLicitado),15-13*$AF$10),0)","v":24.23},{"$f":"IF($C158=\"S\",IF(OR(Import.TipoArredondamento<>\"TransfereGOV\",ACOMPANHAMENTO=\"BM\"),VTOTAL1,SUM(OFFSET(CÁLCULO!$AQ$15,ROW($X158)-ROW($X$15),1):OFFSET(CÁLCULO!$BR$15,ROW($X158)-ROW($X$15),-1))),IF($C158=0,0,ROUND(SomaAgrup,15-13*$AF$11)))","v":5415.4},"RA","RA",{"$f":"IF($C158=\"S\",IF($Z158=\"CP\",$X158,IF($Z158=\"RA\",(($X158)*QCI!$AA$3),0)),SomaAgrup)","v":79.119028200709678},{"$f":"IF($C158=\"S\",IF($Z158=\"OU\",ROUND($X158,2),0),SomaAgrup)","v":0},{"$f":"IF($N158=\"\",\" \",\nIF(AND($C158<>\"S\",OR($R158=\"\",$R158=\"(digite a descrição aqui)\")),\"DESCRIÇÃO\",\nIF(AND($C158=\"S\",OR($Q158<>\"\",$T158>0,$U158>0),$P158=\"\"),\"FONTE\",\nIF(AND($C158=\"S\",$P158<>\"\",OR($T158>0,$U158>0),$Q158=\"\"),\"CÓDIGO\",\nIF(AND($C158=\"S\",$P158<>\"\",$Q158<>\"\",$R158=\"(Código não identificado nas referências)\"),\"CÓDIGO N/ID\",\nIF(AND($C158=\"S\",OR($R158=\"\",$R158=\"(digite a descrição aqui)\"),OR($Q158<>\"\",$T158>0,$U158>0)),\"DESCRIÇÃO\",\nIF(AND($C158=\"S\",$P158<>\"\",$Q158<>\"\",$S158=\"\"),\"UNIDADE\",\nIF(AND($C158=\"S\",$P158<>\"\",$Q158<>\"\",$U158=0),\"SEM CUSTO\",\nIF(AND(TIPOORCAMENTO=\"Licitado\",$AL158=0,$AN158>0),\"SEM PREÇO\",\nIF(AND($C158=\"S\",$P158<>\"\",$Q158<>\"\",$U158>0,AND($V158<>\"BDI 1\",$V158<>\"BDI 2\",$V158<>\"BDI 3\")),IF(ISNUMBER($V158),\"JUSTIFICAR BDI\",\"BDI\"),\nIF(OR(AND(import.recurso=\"OGU\",TIPOORCAMENTO=\"Proposto\",LEFT($O$8,5)<>\"(N/D:\",$AG158<>\"\",ORÇAMENTO.CustoUnitario>$AG158),AND(TIPOORCAMENTO=\"LICITADO\",ORÇAMENTO.PrecoUnitarioLicitado>$AN158)),\"ACIMA REF.\",\nIF(AND($C158=\"S\",$P158<>\"\",$Q158<>\"\",$T158=0,$U158>0),\"QUANT.\",\nIF(AND(Import.TipoArredondamento=\"TransfereGOV\",$L158=\"F\",$C158=\"S\",LEN($Q158)>13),\"Código >13\",\nIF(AND(Import.TipoArredondamento=\"TransfereGOV\",$L158=\"F\",$C158<>\"S\",LEN($R158)>100),\"Descrição >100\",\nIF(AND(Import.TipoArredondamento=\"TransfereGOV\",$L158=\"F\",$C158=\"S\",LEN($R158)>500),\"Descrição >500\",\nIF(AND(Import.TipoArredondamento=\"TransfereGOV\",$L158=\"F\",$C158=\"S\",LEFT(TRIM(UPPER($P158)),6)<>\"SINAPI\",ISNA(VLOOKUP(TRIM(UPPER($S158)),ListaTgov.Unidades,1,FALSE))),\"Unid. Não Disp\",\n\" \"))))))))))))))))","v":" "},{"$f":"IF(C158<=CRONO.NivelExibicao,MAX($AD$15:OFFSET(AD158,-1,0))+IF($C158<>1,1,MAX(1,COUNTIF(QCI!$A$13:$A$24,OFFSET($E158,-1,0)))),\"\")","v":""},{"$f":"IF(AND($C158=\"S\",ORÇAMENTO.CodBarra<>\"\"),IF(ORÇAMENTO.Fonte=\"\",ORÇAMENTO.CodBarra,CONCATENATE(ORÇAMENTO.Fonte,\" \",ORÇAMENTO.CodBarra)))","v":"SINAPI 91834"},{"$f":"IF(ISERROR(ORÇAMENTO.BancoRef),\"(abra o arquivo 'Referência \"&Excel_BuiltIn_Database&\".xlsm)\",IF(OR($C158<>\"S\",ORÇAMENTO.CodBarra=\"\"),\"(Sem Código)\",IF(ISERROR(MATCH($AE158,INDIRECT(ORÇAMENTO.BancoRef),0)),\"(Código não identificado nas referências)\",MATCH($AE158,INDIRECT(ORÇAMENTO.BancoRef),0))))","v":10437},{"$f":"ROUND(IF(DESONERACAO=\"sim\",REFERENCIA.Desonerado,REFERENCIA.NaoDesonerado),2)","v":22.22},0.25390000000000001,null,null,null,null,5415.4,{"$f":"ROUND(ORÇAMENTO.CustoUnitario*(1+$AH158),2)","v":24.23}]
["S",4,"S",0,{"$f":"IF($C159=1,OFFSET(E159,-1,0)+MAX(1,COUNTIF(QCI!$A$13:$A$24,OFFSET(ORÇAMENTO!E159,-1,0))),OFFSET(E159,-1,0))","v":1},9,1,3,7,0,{"$f":"IF(OR($C159=\"S\",$C159=0),0,MATCH(OFFSET($D159,0,$C159)+IF($C159<>1,1,COUNTIF(QCI!$A$13:$A$24,ORÇAMENTO!E159)),OFFSET($D159,1,$C159,ROW($C$237)-ROW($C159)),0))","v":0},"F","Serviço","Serviço","1.9.1.3.7.","SINAPI","91854",{"$f":"IF($C159=\"S\",REFERENCIA.Descricao,\"(digite a descrição aqui)\")","v":"ELETRODUTO FLEXÍVEL CORRUGADO, PVC, DN 25 MM (3/4\"), PARA CIRCUITOS TERMINAIS, INSTALADO EM PAREDE - FORNECIMENTO E INSTALAÇÃO. AF_03/2023"},{"$f":"REFERENCIA.Unidade","v":"M"},{"$f":"OFFSET(CÁLCULO!H$15,ROW($T159)-ROW(T$15),0)","v":291.5},10.65,"BDI 1",{"$f":"IF($C159=\"S\",ROUND(IF(TIPOORCAMENTO=\"Proposto\",ORÇAMENTO.CustoUnitario*(1+$AH159),ORÇAMENTO.PrecoUnitarioLicitado),15-13*$AF$10),0)","v":13.35},{"$f":"IF($C159=\"S\",IF(OR(Import.TipoArredondamento<>\"TransfereGOV\",ACOMPANHAMENTO=\"BM\"),VTOTAL1,SUM(OFFSET(CÁLCULO!$AQ$15,ROW($X159)-ROW($X$15),1):OFFSET(CÁLCULO!$BR$15,ROW($X159)-ROW($X$15),-1))),IF($C159=0,0,ROUND(SomaAgrup,15-13*$AF$11)))","v":3891.5499999999997},"RA","RA",{"$f":"IF($C159=\"S\",IF($Z159=\"CP\",$X159,IF($Z159=\"RA\",(($X159)*QCI!$AA$3),0)),SomaAgrup)","v":56.855570076905074},{"$f":"IF($C159=\"S\",IF($Z159=\"OU\",ROUND($X159,2),0),SomaAgrup)","v":0},{"$f":"IF($N159=\"\",\" \",\nIF(AND($C159<>\"S\",OR($R159=\"\",$R159=\"(digite a descrição aqui)\")),\"DESCRIÇÃO\",\nIF(AND($C159=\"S\",OR($Q159<>\"\",$T159>0,$U159>0),$P159=\"\"),\"FONTE\",\nIF(AND($C159=\"S\",$P159<>\"\",OR($T159>0,$U159>0),$Q159=\"\"),\"CÓDIGO\",\nIF(AND($C159=\"S\",$P159<>\"\",$Q159<>\"\",$R159=\"(Código não identificado nas referências)\"),\"CÓDIGO N/ID\",\nIF(AND($C159=\"S\",OR($R159=\"\",$R159=\"(digite a descrição aqui)\"),OR($Q159<>\"\",$T159>0,$U159>0)),\"DESCRIÇÃO\",\nIF(AND($C159=\"S\",$P159<>\"\",$Q159<>\"\",$S159=\"\"),\"UNIDADE\",\nIF(AND($C159=\"S\",$P159<>\"\",$Q159<>\"\",$U159=0),\"SEM CUSTO\",\nIF(AND(TIPOORCAMENTO=\"Licitado\",$AL159=0,$AN159>0),\"SEM PREÇO\",\nIF(AND($C159=\"S\",$P159<>\"\",$Q159<>\"\",$U159>0,AND($V159<>\"BDI 1\",$V159<>\"BDI 2\",$V159<>\"BDI 3\")),IF(ISNUMBER($V159),\"JUSTIFICAR BDI\",\"BDI\"),\nIF(OR(AND(import.recurso=\"OGU\",TIPOORCAMENTO=\"Proposto\",LEFT($O$8,5)<>\"(N/D:\",$AG159<>\"\",ORÇAMENTO.CustoUnitario>$AG159),AND(TIPOORCAMENTO=\"LICITADO\",ORÇAMENTO.PrecoUnitarioLicitado>$AN159)),\"ACIMA REF.\",\nIF(AND($C159=\"S\",$P159<>\"\",$Q159<>\"\",$T159=0,$U159>0),\"QUANT.\",\nIF(AND(Import.TipoArredondamento=\"TransfereGOV\",$L159=\"F\",$C159=\"S\",LEN($Q159)>13),\"Código >13\",\nIF(AND(Import.TipoArredondamento=\"TransfereGOV\",$L159=\"F\",$C159<>\"S\",LEN($R159)>100),\"Descrição >100\",\nIF(AND(Import.TipoArredondamento=\"TransfereGOV\",$L159=\"F\",$C159=\"S\",LEN($R159)>500),\"Descrição >500\",\nIF(AND(Import.TipoArredondamento=\"TransfereGOV\",$L159=\"F\",$C159=\"S\",LEFT(TRIM(UPPER($P159)),6)<>\"SINAPI\",ISNA(VLOOKUP(TRIM(UPPER($S159)),ListaTgov.Unidades,1,FALSE))),\"Unid. Não Disp\",\n\" \"))))))))))))))))","v":" "},{"$f":"IF(C159<=CRONO.NivelExibicao,MAX($AD$15:OFFSET(AD159,-1,0))+IF($C159<>1,1,MAX(1,COUNTIF(QCI!$A$13:$A$24,OFFSET($E159,-1,0)))),\"\")","v":""},{"$f":"IF(AND($C159=\"S\",ORÇAMENTO.CodBarra<>\"\"),IF(ORÇAMENTO.Fonte=\"\",ORÇAMENTO.CodBarra,CONCATENATE(ORÇAMENTO.Fonte,\" \",ORÇAMENTO.CodBarra)))","v":"SINAPI 91854"},{"$f":"IF(ISERROR(ORÇAMENTO.BancoRef),\"(abra o arquivo 'Referência \"&Excel_BuiltIn_Database&\".xlsm)\",IF(OR($C159<>\"S\",ORÇAMENTO.CodBarra=\"\"),\"(Sem Código)\",IF(ISERROR(MATCH($AE159,INDIRECT(ORÇAMENTO.BancoRef),0)),\"(Código não identificado nas referências)\",MATCH($AE159,INDIRECT(ORÇAMENTO.BancoRef),0))))","v":10438},{"$f":"ROUND(IF(DESONERACAO=\"sim\",REFERENCIA.Desonerado,REFERENCIA.NaoDesonerado),2)","v":12.25},0.25390000000000001,null,null,null,null,3891.5499999999997,{"$f":"ROUND(ORÇAMENTO.CustoUnitario*(1+$AH159),2)","v":13.35}]
["S",4,"S",0,{"$f":"IF($C160=1,OFFSET(E160,-1,0)+MAX(1,COUNTIF(QCI!$A$13:$A$24,OFFSET(ORÇAMENTO!E160,-1,0))),OFFSET(E160,-1,0))","v":1},9,1,3,8,0,{"$f":"IF(OR($C160=\"S\",$C160=0),0,MATCH(OFFSET($D160,0,$C160)+IF($C160<>1,1,COUNTIF(QCI!$A$13:$A$24,ORÇAMENTO!E160)),OFFSET($D160,1,$C160,ROW($C$237)-ROW($C160)),0))","v":0},"F","Serviço","Serviço","1.9.1.3.8.","SINAPI","91845",{"$f":"IF($C160=\"S\",REFERENCIA.Descricao,\"(digite a descrição aqui)\")","v":"ELETRODUTO FLEXÍVEL CORRUGADO REFORÇADO, PVC, DN 25 MM (3/4\"), PARA CIRCUITOS TERMINAIS, INSTALADO EM LAJE - FORNECIMENTO E INSTALAÇÃO. AF_03/2023"},{"$f":"REFERENCIA.Unidade","v":"M"},{"$f":"OFFSET(CÁLCULO!H$15,ROW($T160)-ROW(T$15),0)","v":110.3},9.4,"BDI 1",{"$f":"IF($C160=\"S\",ROUND(IF(TIPOORCAMENTO=\"Proposto\",ORÇAMENTO.CustoUnitario*(1+$AH160),ORÇAMENTO.PrecoUnitarioLicitado),15-13*$AF$10),0)","v":11.79},{"$f":"IF($C160=\"S\",IF(OR(Import.TipoArredondamento<>\"TransfereGOV\",ACOMPANHAMENTO=\"BM\"),VTOTAL1,SUM(OFFSET(CÁLCULO!$AQ$15,ROW($X160)-ROW($X$15),1):OFFSET(CÁLCULO!$BR$15,ROW($X160)-ROW($X$15),-1))),IF($C160=0,0,ROUND(SomaAgrup,15-13*$AF$11)))","v":1300.4499999999998},"RA","RA",{"$f":"IF($C160=\"S\",IF($Z160=\"CP\",$X160,IF($Z160=\"RA\",(($X160)*QCI!$AA$3),0)),SomaAgrup)","v":18.999582712932174},{"$f":"IF($C160=\"S\",IF($Z160=\"OU\",ROUND($X160,2),0),SomaAgrup)","v":0},{"$f":"IF($N160=\"\",\" \",\nIF(AND($C160<>\"S\",OR($R160=\"\",$R160=\"(digite a descrição aqui)\")),\"DESCRIÇÃO\",\nIF(AND($C160=\"S\",OR($Q160<>\"\",$T160>0,$U160>0),$P160=\"\"),\"FONTE\",\nIF(AND($C160=\"S\",$P160<>\"\",OR($T160>0,$U160>0),$Q160=\"\"),\"CÓDIGO\",\nIF(AND($C160=\"S\",$P160<>\"\",$Q160<>\"\",$R160=\"(Código não identificado nas referências)\"),\"CÓDIGO N/ID\",\nIF(AND($C160=\"S\",OR($R160=\"\",$R160=\"(digite a descrição aqui)\"),OR($Q160<>\"\",$T160>0,$U160>0)),\"DESCRIÇÃO\",\nIF(AND($C160=\"S\",$P160<>\"\",$Q160<>\"\",$S160=\"\"),\"UNIDADE\",\nIF(AND($C160=\"S\",$P160<>\"\",$Q160<>\"\",$U160=0),\"SEM CUSTO\",\nIF(AND(TIPOORCAMENTO=\"Licitado\",$AL160=0,$AN160>0),\"SEM PREÇO\",\nIF(AND($C160=\"S\",$P160<>\"\",$Q160<>\"\",$U160>0,AND($V160<>\"BDI 1\",$V160<>\"BDI 2\",$V160<>\"BDI 3\")),IF(ISNUMBER($V160),\"JUSTIFICAR BDI\",\"BDI\"),\nIF(OR(AND(import.recurso=\"OGU\",TIPOORCAMENTO=\"Proposto\",LEFT($O$8,5)<>\"(N/D:\",$AG160<>\"\",ORÇAMENTO.CustoUnitario>$AG160),AND(TIPOORCAMENTO=\"LICITADO\",ORÇAMENTO.PrecoUnitarioLicitado>$AN160)),\"ACIMA REF.\",\nIF(AND($C160=\"S\",$P160<>\"\",$Q160<>\"\",$T160=0,$U160>0),\"QUANT.\",\nIF(AND(Import.TipoArredondamento=\"TransfereGOV\",$L160=\"F\",$C160=\"S\",LEN($Q160)>13),\"Código >13\",\nIF(AND(Import.TipoArredondamento=\"TransfereGOV\",$L160=\"F\",$C160<>\"S\",LEN($R160)>100),\"Descrição >100\",\nIF(AND(Import.TipoArredondamento=\"TransfereGOV\",$L160=\"F\",$C160=\"S\",LEN($R160)>500),\"Descrição >500\",\nIF(AND(Import.TipoArredondamento=\"TransfereGOV\",$L160=\"F\",$C160=\"S\",LEFT(TRIM(UPPER($P160)),6)<>\"SINAPI\",ISNA(VLOOKUP(TRIM(UPPER($S160)),ListaTgov.Unidades,1,FALSE))),\"Unid. Não Disp\",\n\" \"))))))))))))))))","v":" "},{"$f":"IF(C160<=CRONO.NivelExibicao,MAX($AD$15:OFFSET(AD160,-1,0))+IF($C160<>1,1,MAX(1,COUNTIF(QCI!$A$13:$A$24,OFFSET($E160,-1,0)))),\"\")","v":""},{"$f":"IF(AND($C160=\"S\",ORÇAMENTO.CodBarra<>\"\"),IF(ORÇAMENTO.Fonte=\"\",ORÇAMENTO.CodBarra,CONCATENATE(ORÇAMENTO.Fonte,\" \",ORÇAMENTO.CodBarra)))","v":"SINAPI 91845"},{"$f":"IF(ISERROR(ORÇAMENTO.BancoRef),\"(abra o arquivo 'Referência \"&Excel_BuiltIn_Database&\".xlsm)\",IF(OR($C160<>\"S\",ORÇAMENTO.CodBarra=\"\"),\"(Sem Código)\",IF(ISERROR(MATCH($AE160,INDIRECT(ORÇAMENTO.BancoRef),0)),\"(Código não identificado nas referências)\",MATCH($AE160,INDIRECT(ORÇAMENTO.BancoRef),0))))","v":10424},{"$f":"ROUND(IF(DESONERACAO=\"sim\",REFERENCIA.Desonerado,REFERENCIA.NaoDesonerado),2)","v":10.81},0.25390000000000001,null,null,null,null,1300.4499999999998,{"$f":"ROUND(ORÇAMENTO.CustoUnitario*(1+$AH160),2)","v":11.79}]
["S",4,"S",0,{"$f":"IF($C161=1,OFFSET(E161,-1,0)+MAX(1,COUNTIF(QCI!$A$13:$A$24,OFFSET(ORÇAMENTO!E161,-1,0))),OFFSET(E161,-1,0))","v":1},9,1,3,9,0,{"$f":"IF(OR($C161=\"S\",$C161=0),0,MATCH(OFFSET($D161,0,$C161)+IF($C161<>1,1,COUNTIF(QCI!$A$13:$A$24,ORÇAMENTO!E161)),OFFSET($D161,1,$C161,ROW($C$237)-ROW($C161)),0))","v":0},"F","Serviço","Serviço","1.9.1.3.9.","SINAPI","90447",{"$f":"IF($C161=\"S\",REFERENCIA.Descricao,\"(digite a descrição aqui)\")","v":"RASGO LINEAR MANUAL EM ALVENARIA, PARA ELETRODUTOS, DIÂMETROS MENORES OU IGUAIS A 40 MM. AF_09/2023"},{"$f":"REFERENCIA.Unidade","v":"M"},{"$f":"OFFSET(CÁLCULO!H$15,ROW($T161)-ROW(T$15),0)","v":291.5},8.65,"BDI 1",{"$f":"IF($C161=\"S\",ROUND(IF(TIPOORCAMENTO=\"Proposto\",ORÇAMENTO.CustoUnitario*(1+$AH161),ORÇAMENTO.PrecoUnitarioLicitado),15-13*$AF$10),0)","v":10.85},{"$f":"IF($C161=\"S\",IF(OR(Import.TipoArredondamento<>\"TransfereGOV\",ACOMPANHAMENTO=\"BM\"),VTOTAL1,SUM(OFFSET(CÁLCULO!$AQ$15,ROW($X161)-ROW($X$15),1):OFFSET(CÁLCULO!$BR$15,ROW($X161)-ROW($X$15),-1))),IF($C161=0,0,ROUND(SomaAgrup,15-13*$AF$11)))","v":3162.7999999999997},"RA","RA",{"$f":"IF($C161=\"S\",IF($Z161=\"CP\",$X161,IF($Z161=\"RA\",(($X161)*QCI!$AA$3),0)),SomaAgrup)","v":46.208527974517963},{"$f":"IF($C161=\"S\",IF($Z161=\"OU\",ROUND($X161,2),0),SomaAgrup)","v":0},{"$f":"IF($N161=\"\",\" \",\nIF(AND($C161<>\"S\",OR($R161=\"\",$R161=\"(digite a descrição aqui)\")),\"DESCRIÇÃO\",\nIF(AND($C161=\"S\",OR($Q161<>\"\",$T161>0,$U161>0),$P161=\"\"),\"FONTE\",\nIF(AND($C161=\"S\",$P161<>\"\",OR($T161>0,$U161>0),$Q161=\"\"),\"CÓDIGO\",\nIF(AND($C161=\"S\",$P161<>\"\",$Q161<>\"\",$R161=\"(Código não identificado nas referências)\"),\"CÓDIGO N/ID\",\nIF(AND($C161=\"S\",OR($R161=\"\",$R161=\"(digite a descrição aqui)\"),OR($Q161<>\"\",$T161>0,$U161>0)),\"DESCRIÇÃO\",\nIF(AND($C161=\"S\",$P161<>\"\",$Q161<>\"\",$S161=\"\"),\"UNIDADE\",\nIF(AND($C161=\"S\",$P161<>\"\",$Q161<>\"\",$U161=0),\"SEM CUSTO\",\nIF(AND(TIPOORCAMENTO=\"Licitado\",$AL161=0,$AN161>0),\"SEM PREÇO\",\nIF(AND($C161=\"S\",$P161<>\"\",$Q161<>\"\",$U161>0,AND($V161<>\"BDI 1\",$V161<>\"BDI 2\",$V161<>\"BDI 3\")),IF(ISNUMBER($V161),\"JUSTIFICAR BDI\",\"BDI\"),\nIF(OR(AND(import.recurso=\"OGU\",TIPOORCAMENTO=\"Proposto\",LEFT($O$8,5)<>\"(N/D:\",$AG161<>\"\",ORÇAMENTO.CustoUnitario>$AG161),AND(TIPOORCAMENTO=\"LICITADO\",ORÇAMENTO.PrecoUnitarioLicitado>$AN161)),\"ACIMA REF.\",\nIF(AND($C161=\"S\",$P161<>\"\",$Q161<>\"\",$T161=0,$U161>0),\"QUANT.\",\nIF(AND(Import.TipoArredondamento=\"TransfereGOV\",$L161=\"F\",$C161=\"S\",LEN($Q161)>13),\"Código >13\",\nIF(AND(Import.TipoArredondamento=\"TransfereGOV\",$L161=\"F\",$C161<>\"S\",LEN($R161)>100),\"Descrição >100\",\nIF(AND(Import.TipoArredondamento=\"TransfereGOV\",$L161=\"F\",$C161=\"S\",LEN($R161)>500),\"Descrição >500\",\nIF(AND(Import.TipoArredondamento=\"TransfereGOV\",$L161=\"F\",$C161=\"S\",LEFT(TRIM(UPPER($P161)),6)<>\"SINAPI\",ISNA(VLOOKUP(TRIM(UPPER($S161)),ListaTgov.Unidades,1,FALSE))),\"Unid. Não Disp\",\n\" \"))))))))))))))))","v":" "},{"$f":"IF(C161<=CRONO.NivelExibicao,MAX($AD$15:OFFSET(AD161,-1,0))+IF($C161<>1,1,MAX(1,COUNTIF(QCI!$A$13:$A$24,OFFSET($E161,-1,0)))),\"\")","v":""},{"$f":"IF(AND($C161=\"S\",ORÇAMENTO.CodBarra<>\"\"),IF(ORÇAMENTO.Fonte=\"\",ORÇAMENTO.CodBarra,CONCATENATE(ORÇAMENTO.Fonte,\" \",ORÇAMENTO.CodBarra)))","v":"SINAPI 90447"},{"$f":"IF(ISERROR(ORÇAMENTO.BancoRef),\"(abra o arquivo 'Referência \"&Excel_BuiltIn_Database&\".xlsm)\",IF(OR($C161<>\"S\",ORÇAMENTO.CodBarra=\"\"),\"(Sem Código)\",IF(ISERROR(MATCH($AE161,INDIRECT(ORÇAMENTO.BancoRef),0)),\"(Código não identificado nas referências)\",MATCH($AE161,INDIRECT(ORÇAMENTO.BancoRef),0))))","v":14459},{"$f":"ROUND(IF(DESONERACAO=\"sim\",REFERENCIA.Desonerado,REFERENCIA.NaoDesonerado),2)","v":9.9499999999999993},0.25390000000000001,null,null,null,null,3162.7999999999997,{"$f":"ROUND(ORÇAMENTO.CustoUnitario*(1+$AH161),2)","v":10.85}]
[3,3,3,37,{"$f":"IF($C162=1,OFFSET(E162,-1,0)+MAX(1,COUNTIF(QCI!$A$13:$A$24,OFFSET(ORÇAMENTO!E162,-1,0))),OFFSET(E162,-1,0))","v":1},9,2,0,0,64,{"$f":"IF(OR($C162=\"S\",$C162=0),0,MATCH(OFFSET($D162,0,$C162)+IF($C162<>1,1,COUNTIF(QCI!$A$13:$A$24,ORÇAMENTO!E162)),OFFSET($D162,1,$C162,ROW($C$237)-ROW($C162)),0))","v":37},"F","Nível 3","Nível 3","1.9.2.","","","HIDRÁULICAS / GÁS / INCÊNCIO",null,{"$f":"OFFSET(CÁLCULO!H$15,ROW($T162)-ROW(T$15),0)","v":0},0,"BDI 1",{"$f":"IF($C162=\"S\",ROUND(IF(TIPOORCAMENTO=\"Proposto\",ORÇAMENTO.CustoUnitario*(1+$AH162),ORÇAMENTO.PrecoUnitarioLicitado),15-13*$AF$10),0)","v":0},{"$f":"IF($C162=\"S\",IF(OR(Import.TipoArredondamento<>\"TransfereGOV\",ACOMPANHAMENTO=\"BM\"),VTOTAL1,SUM(OFFSET(CÁLCULO!$AQ$15,ROW($X162)-ROW($X$15),1):OFFSET(CÁLCULO!$BR$15,ROW($X162)-ROW($X$15),-1))),IF($C162=0,0,ROUND(SomaAgrup,15-13*$AF$11)))","v":16004.15},"RA","",{"$f":"IF($C162=\"S\",IF($Z162=\"CP\",$X162,IF($Z162=\"RA\",(($X162)*QCI!$AA$3),0)),SomaAgrup)","v":233.82073257347341},{"$f":"IF($C162=\"S\",IF($Z162=\"OU\",ROUND($X162,2),0),SomaAgrup)","v":0},{"$f":"IF($N162=\"\",\" \",\nIF(AND($C162<>\"S\",OR($R162=\"\",$R162=\"(digite a descrição aqui)\")),\"DESCRIÇÃO\",\nIF(AND($C162=\"S\",OR($Q162<>\"\",$T162>0,$U162>0),$P162=\"\"),\"FONTE\",\nIF(AND($C162=\"S\",$P162<>\"\",OR($T162>0,$U162>0),$Q162=\"\"),\"CÓDIGO\",\nIF(AND($C162=\"S\",$P162<>\"\",$Q162<>\"\",$R162=\"(Código não identificado nas referências)\"),\"CÓDIGO N/ID\",\nIF(AND($C162=\"S\",OR($R162=\"\",$R162=\"(digite a descrição aqui)\"),OR($Q162<>\"\",$T162>0,$U162>0)),\"DESCRIÇÃO\",\nIF(AND($C162=\"S\",$P162<>\"\",$Q162<>\"\",$S162=\"\"),\"UNIDADE\",\nIF(AND($C162=\"S\",$P162<>\"\",$Q162<>\"\",$U162=0),\"SEM CUSTO\",\nIF(AND(TIPOORCAMENTO=\"Licitado\",$AL162=0,$AN162>0),\"SEM PREÇO\",\nIF(AND($C162=\"S\",$P162<>\"\",$Q162<>\"\",$U162>0,AND($V162<>\"BDI 1\",$V162<>\"BDI 2\",$V162<>\"BDI 3\")),IF(ISNUMBER($V162),\"JUSTIFICAR BDI\",\"BDI\"),\nIF(OR(AND(import.recurso=\"OGU\",TIPOORCAMENTO=\"Proposto\",LEFT($O$8,5)<>\"(N/D:\",$AG162<>\"\",ORÇAMENTO.CustoUnitario>$AG162),AND(TIPOORCAMENTO=\"LICITADO\",ORÇAMENTO.PrecoUnitarioLicitado>$AN162)),\"ACIMA REF.\",\nIF(AND($C162=\"S\",$P162<>\"\",$Q162<>\"\",$T162=0,$U162>0),\"QUANT.\",\nIF(AND(Import.TipoArredondamento=\"TransfereGOV\",$L162=\"F\",$C162=\"S\",LEN($Q162)>13),\"Código >13\",\nIF(AND(Import.TipoArredondamento=\"TransfereGOV\",$L162=\"F\",$C162<>\"S\",LEN($R162)>100),\"Descrição >100\",\nIF(AND(Import.TipoArredondamento=\"TransfereGOV\",$L162=\"F\",$C162=\"S\",LEN($R162)>500),\"Descrição >500\",\nIF(AND(Import.TipoArredondamento=\"TransfereGOV\",$L162=\"F\",$C162=\"S\",LEFT(TRIM(UPPER($P162)),6)<>\"SINAPI\",ISNA(VLOOKUP(TRIM(UPPER($S162)),ListaTgov.Unidades,1,FALSE))),\"Unid. Não Disp\",\n\" \"))))))))))))))))","v":" "},{"$f":"IF(C162<=CRONO.NivelExibicao,MAX($AD$15:OFFSET(AD162,-1,0))+IF($C162<>1,1,MAX(1,COUNTIF(QCI!$A$13:$A$24,OFFSET($E162,-1,0)))),\"\")","v":""},{"$f":"IF(AND($C162=\"S\",ORÇAMENTO.CodBarra<>\"\"),IF(ORÇAMENTO.Fonte=\"\",ORÇAMENTO.CodBarra,CONCATENATE(ORÇAMENTO.Fonte,\" \",ORÇAMENTO.CodBarra)))","v":false},{"$f":"IF(ISERROR(ORÇAMENTO.BancoRef),\"(abra o arquivo 'Referência \"&Excel_BuiltIn_Database&\".xlsm)\",IF(OR($C162<>\"S\",ORÇAMENTO.CodBarra=\"\"),\"(Sem Código)\",IF(ISERROR(MATCH($AE162,INDIRECT(ORÇAMENTO.BancoRef),0)),\"(Código não identificado nas referências)\",MATCH($AE162,INDIRECT(ORÇAMENTO.BancoRef),0))))","v":"(Sem Código)"},{"$f":"ROUND(IF(DESONERACAO=\"sim\",REFERENCIA.Desonerado,REFERENCIA.NaoDesonerado),2)","v":0},0.25390000000000001,null,null,null,null,16004.15,{"$f":"ROUND(ORÇAMENTO.CustoUnitario*(1+$AH162),2)","v":0}]
[4,4,4,8,{"$f":"IF($C163=1,OFFSET(E163,-1,0)+MAX(1,COUNTIF(QCI!$A$13:$A$24,OFFSET(ORÇAMENTO!E163,-1,0))),OFFSET(E163,-1,0))","v":1},9,2,1,0,36,{"$f":"IF(OR($C163=\"S\",$C163=0),0,MATCH(OFFSET($D163,0,$C163)+IF($C163<>1,1,COUNTIF(QCI!$A$13:$A$24,ORÇAMENTO!E163)),OFFSET($D163,1,$C163,ROW($C$237)-ROW($C163)),0))","v":8},"F","Nível 4","Nível 4","1.9.2.1.","","","TUBULAÇÕES E CONEXÕES HIDRÁULICAS",null,{"$f":"OFFSET(CÁLCULO!H$15,ROW($T163)-ROW(T$15),0)","v":0},0,"BDI 1",{"$f":"IF($C163=\"S\",ROUND(IF(TIPOORCAMENTO=\"Proposto\",ORÇAMENTO.CustoUnitario*(1+$AH163),ORÇAMENTO.PrecoUnitarioLicitado),15-13*$AF$10),0)","v":0},{"$f":"IF($C163=\"S\",IF(OR(Import.TipoArredondamento<>\"TransfereGOV\",ACOMPANHAMENTO=\"BM\"),VTOTAL1,SUM(OFFSET(CÁLCULO!$AQ$15,ROW($X163)-ROW($X$15),1):OFFSET(CÁLCULO!$BR$15,ROW($X163)-ROW($X$15),-1))),IF($C163=0,0,ROUND(SomaAgrup,15-13*$AF$11)))","v":4727.3500000000004},"RA","",{"$f":"IF($C163=\"S\",IF($Z163=\"CP\",$X163,IF($Z163=\"RA\",(($X163)*QCI!$AA$3),0)),SomaAgrup)","v":69.066613355361554},{"$f":"IF($C163=\"S\",IF($Z163=\"OU\",ROUND($X163,2),0),SomaAgrup)","v":0},{"$f":"IF($N163=\"\",\" \",\nIF(AND($C163<>\"S\",OR($R163=\"\",$R163=\"(digite a descrição aqui)\")),\"DESCRIÇÃO\",\nIF(AND($C163=\"S\",OR($Q163<>\"\",$T163>0,$U163>0),$P163=\"\"),\"FONTE\",\nIF(AND($C163=\"S\",$P163<>\"\",OR($T163>0,$U163>0),$Q163=\"\"),\"CÓDIGO\",\nIF(AND($C163=\"S\",$P163<>\"\",$Q163<>\"\",$R163=\"(Código não identificado nas referências)\"),\"CÓDIGO N/ID\",\nIF(AND($C163=\"S\",OR($R163=\"\",$R163=\"(digite a descrição aqui)\"),OR($Q163<>\"\",$T163>0,$U163>0)),\"DESCRIÇÃO\",\nIF(AND($C163=\"S\",$P163<>\"\",$Q163<>\"\",$S163=\"\"),\"UNIDADE\",\nIF(AND($C163=\"S\",$P163<>\"\",$Q163<>\"\",$U163=0),\"SEM CUSTO\",\nIF(AND(TIPOORCAMENTO=\"Licitado\",$AL163=0,$AN163>0),\"SEM PREÇO\",\nIF(AND($C163=\"S\",$P163<>\"\",$Q163<>\"\",$U163>0,AND($V163<>\"BDI 1\",$V163<>\"BDI 2\",$V163<>\"BDI 3\")),IF(ISNUMBER($V163),\"JUSTIFICAR BDI\",\"BDI\"),\nIF(OR(AND(import.recurso=\"OGU\",TIPOORCAMENTO=\"Proposto\",LEFT($O$8,5)<>\"(N/D:\",$AG163<>\"\",ORÇAMENTO.CustoUnitario>$AG163),AND(TIPOORCAMENTO=\"LICITADO\",ORÇAMENTO.PrecoUnitarioLicitado>$AN163)),\"ACIMA REF.\",\nIF(AND($C163=\"S\",$P163<>\"\",$Q163<>\"\",$T163=0,$U163>0),\"QUANT.\",\nIF(AND(Import.TipoArredondamento=\"TransfereGOV\",$L163=\"F\",$C163=\"S\",LEN($Q163)>13),\"Código >13\",\nIF(AND(Import.TipoArredondamento=\"TransfereGOV\",$L163=\"F\",$C163<>\"S\",LEN($R163)>100),\"Descrição >100\",\nIF(AND(Import.TipoArredondamento=\"TransfereGOV\",$L163=\"F\",$C163=\"S\",LEN($R163)>500),\"Descrição >500\",\nIF(AND(Import.TipoArredondamento=\"TransfereGOV\",$L163=\"F\",$C163=\"S\",LEFT(TRIM(UPPER($P163)),6)<>\"SINAPI\",ISNA(VLOOKUP(TRIM(UPPER($S163)),ListaTgov.Unidades,1,FALSE))),\"Unid. Não Disp\",\n\" \"))))))))))))))))","v":" "},{"$f":"IF(C163<=CRONO.NivelExibicao,MAX($AD$15:OFFSET(AD163,-1,0))+IF($C163<>1,1,MAX(1,COUNTIF(QCI!$A$13:$A$24,OFFSET($E163,-1,0)))),\"\")","v":""},{"$f":"IF(AND($C163=\"S\",ORÇAMENTO.CodBarra<>\"\"),IF(ORÇAMENTO.Fonte=\"\",ORÇAMENTO.CodBarra,CONCATENATE(ORÇAMENTO.Fonte,\" \",ORÇAMENTO.CodBarra)))","v":false},{"$f":"IF(ISERROR(ORÇAMENTO.BancoRef),\"(abra o arquivo 'Referência \"&Excel_BuiltIn_Database&\".xlsm)\",IF(OR($C163<>\"S\",ORÇAMENTO.CodBarra=\"\"),\"(Sem Código)\",IF(ISERROR(MATCH($AE163,INDIRECT(ORÇAMENTO.BancoRef),0)),\"(Código não identificado nas referências)\",MATCH($AE163,INDIRECT(ORÇAMENTO.BancoRef),0))))","v":"(Sem Código)"},{"$f":"ROUND(IF(DESONERACAO=\"sim\",REFERENCIA.Desonerado,REFERENCIA.NaoDesonerado),2)","v":0},0.25390000000000001,null,null,null,null,4727.3500000000004,{"$f":"ROUND(ORÇAMENTO.CustoUnitario*(1+$AH163),2)","v":0}]
["S",4,"S",0,{"$f":"IF($C164=1,OFFSET(E164,-1,0)+MAX(1,COUNTIF(QCI!$A$13:$A$24,OFFSET(ORÇAMENTO!E164,-1,0))),OFFSET(E164,-1,0))","v":1},9,2,1,1,0,{"$f":"IF(OR($C164=\"S\",$C164=0),0,MATCH(OFFSET($D164,0,$C164)+IF($C164<>1,1,COUNTIF(QCI!$A$13:$A$24,ORÇAMENTO!E164)),OFFSET($D164,1,$C164,ROW($C$237)-ROW($C164)),0))","v":0},"F","Serviço","Serviço","1.9.2.1.1.","SINAPI","90373",{"$f":"IF($C164=\"S\",REFERENCIA.Descricao,\"(digite a descrição aqui)\")","v":"JOELHO 90 GRAUS COM BUCHA DE LATÃO, PVC, SOLDÁVEL, DN 25MM, X 1/2 INSTALADO EM RAMAL OU SUB-RAMAL DE ÁGUA - FORNECIMENTO E INSTALAÇÃO. AF_06/2022"},{"$f":"REFERENCIA.Unidade","v":"UN"},{"$f":"OFFSET(CÁLCULO!H$15,ROW($T164)-ROW(T$15),0)","v":35},12.17,"BDI 1",{"$f":"IF($C164=\"S\",ROUND(IF(TIPOORCAMENTO=\"Proposto\",ORÇAMENTO.CustoUnitario*(1+$AH164),ORÇAMENTO.PrecoUnitarioLicitado),15-13*$AF$10),0)","v":15.26},{"$f":"IF($C164=\"S\",IF(OR(Import.TipoArredondamento<>\"TransfereGOV\",ACOMPANHAMENTO=\"BM\"),VTOTAL1,SUM(OFFSET(CÁLCULO!$AQ$15,ROW($X164)-ROW($X$15),1):OFFSET(CÁLCULO!$BR$15,ROW($X164)-ROW($X$15),-1))),IF($C164=0,0,ROUND(SomaAgrup,15-13*$AF$11)))","v":534.09999999999991},"RA","RA",{"$f":"IF($C164=\"S\",IF($Z164=\"CP\",$X164,IF($Z164=\"RA\",(($X164)*QCI!$AA$3),0)),SomaAgrup)","v":7.8032043730839895},{"$f":"IF($C164=\"S\",IF($Z164=\"OU\",ROUND($X164,2),0),SomaAgrup)","v":0},{"$f":"IF($N164=\"\",\" \",\nIF(AND($C164<>\"S\",OR($R164=\"\",$R164=\"(digite a descrição aqui)\")),\"DESCRIÇÃO\",\nIF(AND($C164=\"S\",OR($Q164<>\"\",$T164>0,$U164>0),$P164=\"\"),\"FONTE\",\nIF(AND($C164=\"S\",$P164<>\"\",OR($T164>0,$U164>0),$Q164=\"\"),\"CÓDIGO\",\nIF(AND($C164=\"S\",$P164<>\"\",$Q164<>\"\",$R164=\"(Código não identificado nas referências)\"),\"CÓDIGO N/ID\",\nIF(AND($C164=\"S\",OR($R164=\"\",$R164=\"(digite a descrição aqui)\"),OR($Q164<>\"\",$T164>0,$U164>0)),\"DESCRIÇÃO\",\nIF(AND($C164=\"S\",$P164<>\"\",$Q164<>\"\",$S164=\"\"),\"UNIDADE\",\nIF(AND($C164=\"S\",$P164<>\"\",$Q164<>\"\",$U164=0),\"SEM CUSTO\",\nIF(AND(TIPOORCAMENTO=\"Licitado\",$AL164=0,$AN164>0),\"SEM PREÇO\",\nIF(AND($C164=\"S\",$P164<>\"\",$Q164<>\"\",$U164>0,AND($V164<>\"BDI 1\",$V164<>\"BDI 2\",$V164<>\"BDI 3\")),IF(ISNUMBER($V164),\"JUSTIFICAR BDI\",\"BDI\"),\nIF(OR(AND(import.recurso=\"OGU\",TIPOORCAMENTO=\"Proposto\",LEFT($O$8,5)<>\"(N/D:\",$AG164<>\"\",ORÇAMENTO.CustoUnitario>$AG164),AND(TIPOORCAMENTO=\"LICITADO\",ORÇAMENTO.PrecoUnitarioLicitado>$AN164)),\"ACIMA REF.\",\nIF(AND($C164=\"S\",$P164<>\"\",$Q164<>\"\",$T164=0,$U164>0),\"QUANT.\",\nIF(AND(Import.TipoArredondamento=\"TransfereGOV\",$L164=\"F\",$C164=\"S\",LEN($Q164)>13),\"Código >13\",\nIF(AND(Import.TipoArredondamento=\"TransfereGOV\",$L164=\"F\",$C164<>\"S\",LEN($R164)>100),\"Descrição >100\",\nIF(AND(Import.TipoArredondamento=\"TransfereGOV\",$L164=\"F\",$C164=\"S\",LEN($R164)>500),\"Descrição >500\",\nIF(AND(Import.TipoArredondamento=\"TransfereGOV\",$L164=\"F\",$C164=\"S\",LEFT(TRIM(UPPER($P164)),6)<>\"SINAPI\",ISNA(VLOOKUP(TRIM(UPPER($S164)),ListaTgov.Unidades,1,FALSE))),\"Unid. Não Disp\",\n\" \"))))))))))))))))","v":" "},{"$f":"IF(C164<=CRONO.NivelExibicao,MAX($AD$15:OFFSET(AD164,-1,0))+IF($C164<>1,1,MAX(1,COUNTIF(QCI!$A$13:$A$24,OFFSET($E164,-1,0)))),\"\")","v":""},{"$f":"IF(AND($C164=\"S\",ORÇAMENTO.CodBarra<>\"\"),IF(ORÇAMENTO.Fonte=\"\",ORÇAMENTO.CodBarra,CONCATENATE(ORÇAMENTO.Fonte,\" \",ORÇAMENTO.CodBarra)))","v":"SINAPI 90373"},{"$f":"IF(ISERROR(ORÇAMENTO.BancoRef),\"(abra o arquivo 'Referência \"&Excel_BuiltIn_Database&\".xlsm)\",IF(OR($C164<>\"S\",ORÇAMENTO.CodBarra=\"\"),\"(Sem Código)\",IF(ISERROR(MATCH($AE164,INDIRECT(ORÇAMENTO.BancoRef),0)),\"(Código não identificado nas referências)\",MATCH($AE164,INDIRECT(ORÇAMENTO.BancoRef),0))))","v":11549},{"$f":"ROUND(IF(DESONERACAO=\"sim\",REFERENCIA.Desonerado,REFERENCIA.NaoDesonerado),2)","v":14},0.25390000000000001,null,null,null,null,534.09999999999991,{"$f":"ROUND(ORÇAMENTO.CustoUnitario*(1+$AH164),2)","v":15.26}]
["S",4,"S",0,{"$f":"IF($C165=1,OFFSET(E165,-1,0)+MAX(1,COUNTIF(QCI!$A$13:$A$24,OFFSET(ORÇAMENTO!E165,-1,0))),OFFSET(E165,-1,0))","v":1},9,2,1,2,0,{"$f":"IF(OR($C165=\"S\",$C165=0),0,MATCH(OFFSET($D165,0,$C165)+IF($C165<>1,1,COUNTIF(QCI!$A$13:$A$24,ORÇAMENTO!E165)),OFFSET($D165,1,$C165,ROW($C$237)-ROW($C165)),0))","v":0},"F","Serviço","Serviço","1.9.2.1.2.","SINAPI","89408",{"$f":"IF($C165=\"S\",REFERENCIA.Descricao,\"(digite a descrição aqui)\")","v":"JOELHO 90 GRAUS, PVC, SOLDÁVEL, DN 25MM, INSTALADO EM RAMAL DE DISTRIBUIÇÃO DE ÁGUA - FORNECIMENTO E INSTALAÇÃO. AF_06/2022"},{"$f":"REFERENCIA.Unidade","v":"UN"},{"$f":"OFFSET(CÁLCULO!H$15,ROW($T165)-ROW(T$15),0)","v":40},8.84,"BDI 1",{"$f":"IF($C165=\"S\",ROUND(IF(TIPOORCAMENTO=\"Proposto\",ORÇAMENTO.CustoUnitario*(1+$AH165),ORÇAMENTO.PrecoUnitarioLicitado),15-13*$AF$10),0)","v":11.08},{"$f":"IF($C165=\"S\",IF(OR(Import.TipoArredondamento<>\"TransfereGOV\",ACOMPANHAMENTO=\"BM\"),VTOTAL1,SUM(OFFSET(CÁLCULO!$AQ$15,ROW($X165)-ROW($X$15),1):OFFSET(CÁLCULO!$BR$15,ROW($X165)-ROW($X$15),-1))),IF($C165=0,0,ROUND(SomaAgrup,15-13*$AF$11)))","v":443.2},"RA","RA",{"$f":"IF($C165=\"S\",IF($Z165=\"CP\",$X165,IF($Z165=\"RA\",(($X165)*QCI!$AA$3),0)),SomaAgrup)","v":6.4751547990092204},{"$f":"IF($C165=\"S\",IF($Z165=\"OU\",ROUND($X165,2),0),SomaAgrup)","v":0},{"$f":"IF($N165=\"\",\" \",\nIF(AND($C165<>\"S\",OR($R165=\"\",$R165=\"(digite a descrição aqui)\")),\"DESCRIÇÃO\",\nIF(AND($C165=\"S\",OR($Q165<>\"\",$T165>0,$U165>0),$P165=\"\"),\"FONTE\",\nIF(AND($C165=\"S\",$P165<>\"\",OR($T165>0,$U165>0),$Q165=\"\"),\"CÓDIGO\",\nIF(AND($C165=\"S\",$P165<>\"\",$Q165<>\"\",$R165=\"(Código não identificado nas referências)\"),\"CÓDIGO N/ID\",\nIF(AND($C165=\"S\",OR($R165=\"\",$R165=\"(digite a descrição aqui)\"),OR($Q165<>\"\",$T165>0,$U165>0)),\"DESCRIÇÃO\",\nIF(AND($C165=\"S\",$P165<>\"\",$Q165<>\"\",$S165=\"\"),\"UNIDADE\",\nIF(AND($C165=\"S\",$P165<>\"\",$Q165<>\"\",$U165=0),\"SEM CUSTO\",\nIF(AND(TIPOORCAMENTO=\"Licitado\",$AL165=0,$AN165>0),\"SEM PREÇO\",\nIF(AND($C165=\"S\",$P165<>\"\",$Q165<>\"\",$U165>0,AND($V165<>\"BDI 1\",$V165<>\"BDI 2\",$V165<>\"BDI 3\")),IF(ISNUMBER($V165),\"JUSTIFICAR BDI\",\"BDI\"),\nIF(OR(AND(import.recurso=\"OGU\",TIPOORCAMENTO=\"Proposto\",LEFT($O$8,5)<>\"(N/D:\",$AG165<>\"\",ORÇAMENTO.CustoUnitario>$AG165),AND(TIPOORCAMENTO=\"LICITADO\",ORÇAMENTO.PrecoUnitarioLicitado>$AN165)),\"ACIMA REF.\",\nIF(AND($C165=\"S\",$P165<>\"\",$Q165<>\"\",$T165=0,$U165>0),\"QUANT.\",\nIF(AND(Import.TipoArredondamento=\"TransfereGOV\",$L165=\"F\",$C165=\"S\",LEN($Q165)>13),\"Código >13\",\nIF(AND(Import.TipoArredondamento=\"TransfereGOV\",$L165=\"F\",$C165<>\"S\",LEN($R165)>100),\"Descrição >100\",\nIF(AND(Import.TipoArredondamento=\"TransfereGOV\",$L165=\"F\",$C165=\"S\",LEN($R165)>500),\"Descrição >500\",\nIF(AND(Import.TipoArredondamento=\"TransfereGOV\",$L165=\"F\",$C165=\"S\",LEFT(TRIM(UPPER($P165)),6)<>\"SINAPI\",ISNA(VLOOKUP(TRIM(UPPER($S165)),ListaTgov.Unidades,1,FALSE))),\"Unid. Não Disp\",\n\" \"))))))))))))))))","v":" "},{"$f":"IF(C165<=CRONO.NivelExibicao,MAX($AD$15:OFFSET(AD165,-1,0))+IF($C165<>1,1,MAX(1,COUNTIF(QCI!$A$13:$A$24,OFFSET($E165,-1,0)))),\"\")","v":""},{"$f":"IF(AND($C165=\"S\",ORÇAMENTO.CodBarra<>\"\"),IF(ORÇAMENTO.Fonte=\"\",ORÇAMENTO.CodBarra,CONCATENATE(ORÇAMENTO.Fonte,\" \",ORÇAMENTO.CodBarra)))","v":"SINAPI 89408"},{"$f":"IF(ISERROR(ORÇAMENTO.BancoRef),\"(abra o arquivo 'Referência \"&Excel_BuiltIn_Database&\".xlsm)\",IF(OR($C165<>\"S\",ORÇAMENTO.CodBarra=\"\"),\"(Sem Código)\",IF(ISERROR(MATCH($AE165,INDIRECT(ORÇAMENTO.BancoRef),0)),\"(Código não identificado nas referências)\",MATCH($AE165,INDIRECT(ORÇAMENTO.BancoRef),0))))","v":11554},{"$f":"ROUND(IF(DESONERACAO=\"sim\",REFERENCIA.Desonerado,REFERENCIA.NaoDesonerado),2)","v":10.17},0.25390000000000001,null,null,null,null,443.2,{"$f":"ROUND(ORÇAMENTO.CustoUnitario*(1+$AH165),2)","v":11.08}]
["S",4,"S",0,{"$f":"IF($C166=1,OFFSET(E166,-1,0)+MAX(1,COUNTIF(QCI!$A$13:$A$24,OFFSET(ORÇAMENTO!E166,-1,0))),OFFSET(E166,-1,0))","v":1},9,2,1,3,0,{"$f":"IF(OR($C166=\"S\",$C166=0),0,MATCH(OFFSET($D166,0,$C166)+IF($C166<>1,1,COUNTIF(QCI!$A$13:$A$24,ORÇAMENTO!E166)),OFFSET($D166,1,$C166,ROW($C$237)-ROW($C166)),0))","v":0},"F","Serviço","Serviço","1.9.2.1.3.","SINAPI","89395",{"$f":"IF($C166=\"S\",REFERENCIA.Descricao,\"(digite a descrição aqui)\")","v":"TE, PVC, SOLDÁVEL, DN 25MM, INSTALADO EM RAMAL OU SUB-RAMAL DE ÁGUA - FORNECIMENTO E INSTALAÇÃO. AF_06/2022"},{"$f":"REFERENCIA.Unidade","v":"UN"},{"$f":"OFFSET(CÁLCULO!H$15,ROW($T166)-ROW(T$15),0)","v":20},13.27,"BDI 1",{"$f":"IF($C166=\"S\",ROUND(IF(TIPOORCAMENTO=\"Proposto\",ORÇAMENTO.CustoUnitario*(1+$AH166),ORÇAMENTO.PrecoUnitarioLicitado),15-13*$AF$10),0)","v":16.64},{"$f":"IF($C166=\"S\",IF(OR(Import.TipoArredondamento<>\"TransfereGOV\",ACOMPANHAMENTO=\"BM\"),VTOTAL1,SUM(OFFSET(CÁLCULO!$AQ$15,ROW($X166)-ROW($X$15),1):OFFSET(CÁLCULO!$BR$15,ROW($X166)-ROW($X$15),-1))),IF($C166=0,0,ROUND(SomaAgrup,15-13*$AF$11)))","v":332.8},"RA","RA",{"$f":"IF($C166=\"S\",IF($Z166=\"CP\",$X166,IF($Z166=\"RA\",(($X166)*QCI!$AA$3),0)),SomaAgrup)","v":4.8622101017830968},{"$f":"IF($C166=\"S\",IF($Z166=\"OU\",ROUND($X166,2),0),SomaAgrup)","v":0},{"$f":"IF($N166=\"\",\" \",\nIF(AND($C166<>\"S\",OR($R166=\"\",$R166=\"(digite a descrição aqui)\")),\"DESCRIÇÃO\",\nIF(AND($C166=\"S\",OR($Q166<>\"\",$T166>0,$U166>0),$P166=\"\"),\"FONTE\",\nIF(AND($C166=\"S\",$P166<>\"\",OR($T166>0,$U166>0),$Q166=\"\"),\"CÓDIGO\",\nIF(AND($C166=\"S\",$P166<>\"\",$Q166<>\"\",$R166=\"(Código não identificado nas referências)\"),\"CÓDIGO N/ID\",\nIF(AND($C166=\"S\",OR($R166=\"\",$R166=\"(digite a descrição aqui)\"),OR($Q166<>\"\",$T166>0,$U166>0)),\"DESCRIÇÃO\",\nIF(AND($C166=\"S\",$P166<>\"\",$Q166<>\"\",$S166=\"\"),\"UNIDADE\",\nIF(AND($C166=\"S\",$P166<>\"\",$Q166<>\"\",$U166=0),\"SEM CUSTO\",\nIF(AND(TIPOORCAMENTO=\"Licitado\",$AL166=0,$AN166>0),\"SEM PREÇO\",\nIF(AND($C166=\"S\",$P166<>\"\",$Q166<>\"\",$U166>0,AND($V166<>\"BDI 1\",$V166<>\"BDI 2\",$V166<>\"BDI 3\")),IF(ISNUMBER($V166),\"JUSTIFICAR BDI\",\"BDI\"),\nIF(OR(AND(import.recurso=\"OGU\",TIPOORCAMENTO=\"Proposto\",LEFT($O$8,5)<>\"(N/D:\",$AG166<>\"\",ORÇAMENTO.CustoUnitario>$AG166),AND(TIPOORCAMENTO=\"LICITADO\",ORÇAMENTO.PrecoUnitarioLicitado>$AN166)),\"ACIMA REF.\",\nIF(AND($C166=\"S\",$P166<>\"\",$Q166<>\"\",$T166=0,$U166>0),\"QUANT.\",\nIF(AND(Import.TipoArredondamento=\"TransfereGOV\",$L166=\"F\",$C166=\"S\",LEN($Q166)>13),\"Código >13\",\nIF(AND(Import.TipoArredondamento=\"TransfereGOV\",$L166=\"F\",$C166<>\"S\",LEN($R166)>100),\"Descrição >100\",\nIF(AND(Import.TipoArredondamento=\"TransfereGOV\",$L166=\"F\",$C166=\"S\",LEN($R166)>500),\"Descrição >500\",\nIF(AND(Import.TipoArredondamento=\"TransfereGOV\",$L166=\"F\",$C166=\"S\",LEFT(TRIM(UPPER($P166)),6)<>\"SINAPI\",ISNA(VLOOKUP(TRIM(UPPER($S166)),ListaTgov.Unidades,1,FALSE))),\"Unid. Não Disp\",\n\" \"))))))))))))))))","v":" "},{"$f":"IF(C166<=CRONO.NivelExibicao,MAX($AD$15:OFFSET(AD166,-1,0))+IF($C166<>1,1,MAX(1,COUNTIF(QCI!$A$13:$A$24,OFFSET($E166,-1,0)))),\"\")","v":""},{"$f":"IF(AND($C166=\"S\",ORÇAMENTO.CodBarra<>\"\"),IF(ORÇAMENTO.Fonte=\"\",ORÇAMENTO.CodBarra,CONCATENATE(ORÇAMENTO.Fonte,\" \",ORÇAMENTO.CodBarra)))","v":"SINAPI 89395"},{"$f":"IF(ISERROR(ORÇAMENTO.BancoRef),\"(abra o arquivo 'Referência \"&Excel_BuiltIn_Database&\".xlsm)\",IF(OR($C166<>\"S\",ORÇAMENTO.CodBarra=\"\"),\"(Sem Código)\",IF(ISERROR(MATCH($AE166,INDIRECT(ORÇAMENTO.BancoRef),0)),\"(Código não identificado nas referências)\",MATCH($AE166,INDIRECT(ORÇAMENTO.BancoRef),0))))","v":11634},{"$f":"ROUND(IF(DESONERACAO=\"sim\",REFERENCIA.Desonerado,REFERENCIA.NaoDesonerado),2)","v":15.27},0.25390000000000001,null,null,null,null,332.8,{"$f":"ROUND(ORÇAMENTO.CustoUnitario*(1+$AH166),2)","v":16.64}]
["S",4,"S",0,{"$f":"IF($C167=1,OFFSET(E167,-1,0)+MAX(1,COUNTIF(QCI!$A$13:$A$24,OFFSET(ORÇAMENTO!E167,-1,0))),OFFSET(E167,-1,0))","v":1},9,2,1,4,0,{"$f":"IF(OR($C167=\"S\",$C167=0),0,MATCH(OFFSET($D167,0,$C167)+IF($C167<>1,1,COUNTIF(QCI!$A$13:$A$24,ORÇAMENTO!E167)),OFFSET($D167,1,$C167,ROW($C$237)-ROW($C167)),0))","v":0},"F","Serviço","Serviço","1.9.2.1.4.","SINAPI","89383",{"$f":"IF($C167=\"S\",REFERENCIA.Descricao,\"(digite a descrição aqui)\")","v":"ADAPTADOR CURTO COM BOLSA E ROSCA PARA REGISTRO, PVC, SOLDÁVEL, DN 25MM X 3/4, INSTALADO EM RAMAL OU SUB-RAMAL DE ÁGUA - FORNECIMENTO E INSTALAÇÃO. AF_06/2022"},{"$f":"REFERENCIA.Unidade","v":"UN"},{"$f":"OFFSET(CÁLCULO!H$15,ROW($T167)-ROW(T$15),0)","v":40},6.62,"BDI 1",{"$f":"IF($C167=\"S\",ROUND(IF(TIPOORCAMENTO=\"Proposto\",ORÇAMENTO.CustoUnitario*(1+$AH167),ORÇAMENTO.PrecoUnitarioLicitado),15-13*$AF$10),0)","v":8.3000000000000007},{"$f":"IF($C167=\"S\",IF(OR(Import.TipoArredondamento<>\"TransfereGOV\",ACOMPANHAMENTO=\"BM\"),VTOTAL1,SUM(OFFSET(CÁLCULO!$AQ$15,ROW($X167)-ROW($X$15),1):OFFSET(CÁLCULO!$BR$15,ROW($X167)-ROW($X$15),-1))),IF($C167=0,0,ROUND(SomaAgrup,15-13*$AF$11)))","v":332},"RA","RA",{"$f":"IF($C167=\"S\",IF($Z167=\"CP\",$X167,IF($Z167=\"RA\",(($X167)*QCI!$AA$3),0)),SomaAgrup)","v":4.8505220967307334},{"$f":"IF($C167=\"S\",IF($Z167=\"OU\",ROUND($X167,2),0),SomaAgrup)","v":0},{"$f":"IF($N167=\"\",\" \",\nIF(AND($C167<>\"S\",OR($R167=\"\",$R167=\"(digite a descrição aqui)\")),\"DESCRIÇÃO\",\nIF(AND($C167=\"S\",OR($Q167<>\"\",$T167>0,$U167>0),$P167=\"\"),\"FONTE\",\nIF(AND($C167=\"S\",$P167<>\"\",OR($T167>0,$U167>0),$Q167=\"\"),\"CÓDIGO\",\nIF(AND($C167=\"S\",$P167<>\"\",$Q167<>\"\",$R167=\"(Código não identificado nas referências)\"),\"CÓDIGO N/ID\",\nIF(AND($C167=\"S\",OR($R167=\"\",$R167=\"(digite a descrição aqui)\"),OR($Q167<>\"\",$T167>0,$U167>0)),\"DESCRIÇÃO\",\nIF(AND($C167=\"S\",$P167<>\"\",$Q167<>\"\",$S167=\"\"),\"UNIDADE\",\nIF(AND($C167=\"S\",$P167<>\"\",$Q167<>\"\",$U167=0),\"SEM CUSTO\",\nIF(AND(TIPOORCAMENTO=\"Licitado\",$AL167=0,$AN167>0),\"SEM PREÇO\",\nIF(AND($C167=\"S\",$P167<>\"\",$Q167<>\"\",$U167>0,AND($V167<>\"BDI 1\",$V167<>\"BDI 2\",$V167<>\"BDI 3\")),IF(ISNUMBER($V167),\"JUSTIFICAR BDI\",\"BDI\"),\nIF(OR(AND(import.recurso=\"OGU\",TIPOORCAMENTO=\"Proposto\",LEFT($O$8,5)<>\"(N/D:\",$AG167<>\"\",ORÇAMENTO.CustoUnitario>$AG167),AND(TIPOORCAMENTO=\"LICITADO\",ORÇAMENTO.PrecoUnitarioLicitado>$AN167)),\"ACIMA REF.\",\nIF(AND($C167=\"S\",$P167<>\"\",$Q167<>\"\",$T167=0,$U167>0),\"QUANT.\",\nIF(AND(Import.TipoArredondamento=\"TransfereGOV\",$L167=\"F\",$C167=\"S\",LEN($Q167)>13),\"Código >13\",\nIF(AND(Import.TipoArredondamento=\"TransfereGOV\",$L167=\"F\",$C167<>\"S\",LEN($R167)>100),\"Descrição >100\",\nIF(AND(Import.TipoArredondamento=\"TransfereGOV\",$L167=\"F\",$C167=\"S\",LEN($R167)>500),\"Descrição >500\",\nIF(AND(Import.TipoArredondamento=\"TransfereGOV\",$L167=\"F\",$C167=\"S\",LEFT(TRIM(UPPER($P167)),6)<>\"SINAPI\",ISNA(VLOOKUP(TRIM(UPPER($S167)),ListaTgov.Unidades,1,FALSE))),\"Unid. Não Disp\",\n\" \"))))))))))))))))","v":" "},{"$f":"IF(C167<=CRONO.NivelExibicao,MAX($AD$15:OFFSET(AD167,-1,0))+IF($C167<>1,1,MAX(1,COUNTIF(QCI!$A$13:$A$24,OFFSET($E167,-1,0)))),\"\")","v":""},{"$f":"IF(AND($C167=\"S\",ORÇAMENTO.CodBarra<>\"\"),IF(ORÇAMENTO.Fonte=\"\",ORÇAMENTO.CodBarra,CONCATENATE(ORÇAMENTO.Fonte,\" \",ORÇAMENTO.CodBarra)))","v":"SINAPI 89383"},{"$f":"IF(ISERROR(ORÇAMENTO.BancoRef),\"(abra o arquivo 'Referência \"&Excel_BuiltIn_Database&\".xlsm)\",IF(OR($C167<>\"S\",ORÇAMENTO.CodBarra=\"\"),\"(Sem Código)\",IF(ISERROR(MATCH($AE167,INDIRECT(ORÇAMENTO.BancoRef),0)),\"(Código não identificado nas referências)\",MATCH($AE167,INDIRECT(ORÇAMENTO.BancoRef),0))))","v":11459},{"$f":"ROUND(IF(DESONERACAO=\"sim\",REFERENCIA.Desonerado,REFERENCIA.NaoDesonerado),2)","v":7.62},0.25390000000000001,null,null,null,null,332,{"$f":"ROUND(ORÇAMENTO.CustoUnitario*(1+$AH167),2)","v":8.3000000000000007}]
["S",4,"S",0,{"$f":"IF($C168=1,OFFSET(E168,-1,0)+MAX(1,COUNTIF(QCI!$A$13:$A$24,OFFSET(ORÇAMENTO!E168,-1,0))),OFFSET(E168,-1,0))","v":1},9,2,1,5,0,{"$f":"IF(OR($C168=\"S\",$C168=0),0,MATCH(OFFSET($D168,0,$C168)+IF($C168<>1,1,COUNTIF(QCI!$A$13:$A$24,ORÇAMENTO!E168)),OFFSET($D168,1,$C168,ROW($C$237)-ROW($C168)),0))","v":0},"F","Serviço","Serviço","1.9.2.1.5.","SINAPI","89446",{"$f":"IF($C168=\"S\",REFERENCIA.Descricao,\"(digite a descrição aqui)\")","v":"TUBO, PVC, SOLDÁVEL, DE 25MM, INSTALADO EM PRUMADA DE ÁGUA - FORNECIMENTO E INSTALAÇÃO. AF_06/2022"},{"$f":"REFERENCIA.Unidade","v":"M"},{"$f":"OFFSET(CÁLCULO!H$15,ROW($T168)-ROW(T$15),0)","v":25.5},4.53,"BDI 1",{"$f":"IF($C168=\"S\",ROUND(IF(TIPOORCAMENTO=\"Proposto\",ORÇAMENTO.CustoUnitario*(1+$AH168),ORÇAMENTO.PrecoUnitarioLicitado),15-13*$AF$10),0)","v":5.68},{"$f":"IF($C168=\"S\",IF(OR(Import.TipoArredondamento<>\"TransfereGOV\",ACOMPANHAMENTO=\"BM\"),VTOTAL1,SUM(OFFSET(CÁLCULO!$AQ$15,ROW($X168)-ROW($X$15),1):OFFSET(CÁLCULO!$BR$15,ROW($X168)-ROW($X$15),-1))),IF($C168=0,0,ROUND(SomaAgrup,15-13*$AF$11)))","v":144.85},"RA","RA",{"$f":"IF($C168=\"S\",IF($Z168=\"CP\",$X168,IF($Z168=\"RA\",(($X168)*QCI!$AA$3),0)),SomaAgrup)","v":2.1162594147935141},{"$f":"IF($C168=\"S\",IF($Z168=\"OU\",ROUND($X168,2),0),SomaAgrup)","v":0},{"$f":"IF($N168=\"\",\" \",\nIF(AND($C168<>\"S\",OR($R168=\"\",$R168=\"(digite a descrição aqui)\")),\"DESCRIÇÃO\",\nIF(AND($C168=\"S\",OR($Q168<>\"\",$T168>0,$U168>0),$P168=\"\"),\"FONTE\",\nIF(AND($C168=\"S\",$P168<>\"\",OR($T168>0,$U168>0),$Q168=\"\"),\"CÓDIGO\",\nIF(AND($C168=\"S\",$P168<>\"\",$Q168<>\"\",$R168=\"(Código não identificado nas referências)\"),\"CÓDIGO N/ID\",\nIF(AND($C168=\"S\",OR($R168=\"\",$R168=\"(digite a descrição aqui)\"),OR($Q168<>\"\",$T168>0,$U168>0)),\"DESCRIÇÃO\",\nIF(AND($C168=\"S\",$P168<>\"\",$Q168<>\"\",$S168=\"\"),\"UNIDADE\",\nIF(AND($C168=\"S\",$P168<>\"\",$Q168<>\"\",$U168=0),\"SEM CUSTO\",\nIF(AND(TIPOORCAMENTO=\"Licitado\",$AL168=0,$AN168>0),\"SEM PREÇO\",\nIF(AND($C168=\"S\",$P168<>\"\",$Q168<>\"\",$U168>0,AND($V168<>\"BDI 1\",$V168<>\"BDI 2\",$V168<>\"BDI 3\")),IF(ISNUMBER($V168),\"JUSTIFICAR BDI\",\"BDI\"),\nIF(OR(AND(import.recurso=\"OGU\",TIPOORCAMENTO=\"Proposto\",LEFT($O$8,5)<>\"(N/D:\",$AG168<>\"\",ORÇAMENTO.CustoUnitario>$AG168),AND(TIPOORCAMENTO=\"LICITADO\",ORÇAMENTO.PrecoUnitarioLicitado>$AN168)),\"ACIMA REF.\",\nIF(AND($C168=\"S\",$P168<>\"\",$Q168<>\"\",$T168=0,$U168>0),\"QUANT.\",\nIF(AND(Import.TipoArredondamento=\"TransfereGOV\",$L168=\"F\",$C168=\"S\",LEN($Q168)>13),\"Código >13\",\nIF(AND(Import.TipoArredondamento=\"TransfereGOV\",$L168=\"F\",$C168<>\"S\",LEN($R168)>100),\"Descrição >100\",\nIF(AND(Import.TipoArredondamento=\"TransfereGOV\",$L168=\"F\",$C168=\"S\",LEN($R168)>500),\"Descrição >500\",\nIF(AND(Import.TipoArredondamento=\"TransfereGOV\",$L168=\"F\",$C168=\"S\",LEFT(TRIM(UPPER($P168)),6)<>\"SINAPI\",ISNA(VLOOKUP(TRIM(UPPER($S168)),ListaTgov.Unidades,1,FALSE))),\"Unid. Não Disp\",\n\" \"))))))))))))))))","v":" "},{"$f":"IF(C168<=CRONO.NivelExibicao,MAX($AD$15:OFFSET(AD168,-1,0))+IF($C168<>1,1,MAX(1,COUNTIF(QCI!$A$13:$A$24,OFFSET($E168,-1,0)))),\"\")","v":""},{"$f":"IF(AND($C168=\"S\",ORÇAMENTO.CodBarra<>\"\"),IF(ORÇAMENTO.Fonte=\"\",ORÇAMENTO.CodBarra,CONCATENATE(ORÇAMENTO.Fonte,\" \",ORÇAMENTO.CodBarra)))","v":"SINAPI 89446"},{"$f":"IF(ISERROR(ORÇAMENTO.BancoRef),\"(abra o arquivo 'Referência \"&Excel_BuiltIn_Database&\".xlsm)\",IF(OR($C168<>\"S\",ORÇAMENTO.CodBarra=\"\"),\"(Sem Código)\",IF(ISERROR(MATCH($AE168,INDIRECT(ORÇAMENTO.BancoRef),0)),\"(Código não identificado nas referências)\",MATCH($AE168,INDIRECT(ORÇAMENTO.BancoRef),0))))","v":11647},{"$f":"ROUND(IF(DESONERACAO=\"sim\",REFERENCIA.Desonerado,REFERENCIA.NaoDesonerado),2)","v":5.21},0.25390000000000001,null,null,null,null,144.85,{"$f":"ROUND(ORÇAMENTO.CustoUnitario*(1+$AH168),2)","v":5.68}]
["S",4,"S",0,{"$f":"IF($C169=1,OFFSET(E169,-1,0)+MAX(1,COUNTIF(QCI!$A$13:$A$24,OFFSET(ORÇAMENTO!E169,-1,0))),OFFSET(E169,-1,0))","v":1},9,2,1,6,0,{"$f":"IF(OR($C169=\"S\",$C169=0),0,MATCH(OFFSET($D169,0,$C169)+IF($C169<>1,1,COUNTIF(QCI!$A$13:$A$24,ORÇAMENTO!E169)),OFFSET($D169,1,$C169,ROW($C$237)-ROW($C169)),0))","v":0},"F","Serviço","Serviço","1.9.2.1.6.","SINAPI","89356",{"$f":"IF($C169=\"S\",REFERENCIA.Descricao,\"(digite a descrição aqui)\")","v":"TUBO, PVC, SOLDÁVEL, DE 25MM, INSTALADO EM RAMAL OU SUB-RAMAL DE ÁGUA - FORNECIMENTO E INSTALAÇÃO. AF_06/2022"},{"$f":"REFERENCIA.Unidade","v":"M"},{"$f":"OFFSET(CÁLCULO!H$15,ROW($T169)-ROW(T$15),0)","v":43.5},23.73,"BDI 1",{"$f":"IF($C169=\"S\",ROUND(IF(TIPOORCAMENTO=\"Proposto\",ORÇAMENTO.CustoUnitario*(1+$AH169),ORÇAMENTO.PrecoUnitarioLicitado),15-13*$AF$10),0)","v":29.76},{"$f":"IF($C169=\"S\",IF(OR(Import.TipoArredondamento<>\"TransfereGOV\",ACOMPANHAMENTO=\"BM\"),VTOTAL1,SUM(OFFSET(CÁLCULO!$AQ$15,ROW($X169)-ROW($X$15),1):OFFSET(CÁLCULO!$BR$15,ROW($X169)-ROW($X$15),-1))),IF($C169=0,0,ROUND(SomaAgrup,15-13*$AF$11)))","v":1294.5500000000002},"RA","RA",{"$f":"IF($C169=\"S\",IF($Z169=\"CP\",$X169,IF($Z169=\"RA\",(($X169)*QCI!$AA$3),0)),SomaAgrup)","v":18.913383675671},{"$f":"IF($C169=\"S\",IF($Z169=\"OU\",ROUND($X169,2),0),SomaAgrup)","v":0},{"$f":"IF($N169=\"\",\" \",\nIF(AND($C169<>\"S\",OR($R169=\"\",$R169=\"(digite a descrição aqui)\")),\"DESCRIÇÃO\",\nIF(AND($C169=\"S\",OR($Q169<>\"\",$T169>0,$U169>0),$P169=\"\"),\"FONTE\",\nIF(AND($C169=\"S\",$P169<>\"\",OR($T169>0,$U169>0),$Q169=\"\"),\"CÓDIGO\",\nIF(AND($C169=\"S\",$P169<>\"\",$Q169<>\"\",$R169=\"(Código não identificado nas referências)\"),\"CÓDIGO N/ID\",\nIF(AND($C169=\"S\",OR($R169=\"\",$R169=\"(digite a descrição aqui)\"),OR($Q169<>\"\",$T169>0,$U169>0)),\"DESCRIÇÃO\",\nIF(AND($C169=\"S\",$P169<>\"\",$Q169<>\"\",$S169=\"\"),\"UNIDADE\",\nIF(AND($C169=\"S\",$P169<>\"\",$Q169<>\"\",$U169=0),\"SEM CUSTO\",\nIF(AND(TIPOORCAMENTO=\"Licitado\",$AL169=0,$AN169>0),\"SEM PREÇO\",\nIF(AND($C169=\"S\",$P169<>\"\",$Q169<>\"\",$U169>0,AND($V169<>\"BDI 1\",$V169<>\"BDI 2\",$V169<>\"BDI 3\")),IF(ISNUMBER($V169),\"JUSTIFICAR BDI\",\"BDI\"),\nIF(OR(AND(import.recurso=\"OGU\",TIPOORCAMENTO=\"Proposto\",LEFT($O$8,5)<>\"(N/D:\",$AG169<>\"\",ORÇAMENTO.CustoUnitario>$AG169),AND(TIPOORCAMENTO=\"LICITADO\",ORÇAMENTO.PrecoUnitarioLicitado>$AN169)),\"ACIMA REF.\",\nIF(AND($C169=\"S\",$P169<>\"\",$Q169<>\"\",$T169=0,$U169>0),\"QUANT.\",\nIF(AND(Import.TipoArredondamento=\"TransfereGOV\",$L169=\"F\",$C169=\"S\",LEN($Q169)>13),\"Código >13\",\nIF(AND(Import.TipoArredondamento=\"TransfereGOV\",$L169=\"F\",$C169<>\"S\",LEN($R169)>100),\"Descrição >100\",\nIF(AND(Import.TipoArredondamento=\"TransfereGOV\",$L169=\"F\",$C169=\"S\",LEN($R169)>500),\"Descrição >500\",\nIF(AND(Import.TipoArredondamento=\"TransfereGOV\",$L169=\"F\",$C169=\"S\",LEFT(TRIM(UPPER($P169)),6)<>\"SINAPI\",ISNA(VLOOKUP(TRIM(UPPER($S169)),ListaTgov.Unidades,1,FALSE))),\"Unid. Não Disp\",\n\" \"))))))))))))))))","v":" "},{"$f":"IF(C169<=CRONO.NivelExibicao,MAX($AD$15:OFFSET(AD169,-1,0))+IF($C169<>1,1,MAX(1,COUNTIF(QCI!$A$13:$A$24,OFFSET($E169,-1,0)))),\"\")","v":""},{"$f":"IF(AND($C169=\"S\",ORÇAMENTO.CodBarra<>\"\"),IF(ORÇAMENTO.Fonte=\"\",ORÇAMENTO.CodBarra,CONCATENATE(ORÇAMENTO.Fonte,\" \",ORÇAMENTO.CodBarra)))","v":"SINAPI 89356"},{"$f":"IF(ISERROR(ORÇAMENTO.BancoRef),\"(abra o arquivo 'Referência \"&Excel_BuiltIn_Database&\".xlsm)\",IF(OR($C169<>\"S\",ORÇAMENTO.CodBarra=\"\"),\"(Sem Código)\",IF(ISERROR(MATCH($AE169,INDIRECT(ORÇAMENTO.BancoRef),0)),\"(Código não identificado nas referências)\",MATCH($AE169,INDIRECT(ORÇAMENTO.BancoRef),0))))","v":11649},{"$f":"ROUND(IF(DESONERACAO=\"sim\",REFERENCIA.Desonerado,REFERENCIA.NaoDesonerado),2)","v":27.3},0.25390000000000001,null,null,null,null,1294.5500000000002,{"$f":"ROUND(ORÇAMENTO.CustoUnitario*(1+$AH169),2)","v":29.76}]
["S",4,"S",0,{"$f":"IF($C170=1,OFFSET(E170,-1,0)+MAX(1,COUNTIF(QCI!$A$13:$A$24,OFFSET(ORÇAMENTO!E170,-1,0))),OFFSET(E170,-1,0))","v":1},9,2,1,7,0,{"$f":"IF(OR($C170=\"S\",$C170=0),0,MATCH(OFFSET($D170,0,$C170)+IF($C170<>1,1,COUNTIF(QCI!$A$13:$A$24,ORÇAMENTO!E170)),OFFSET($D170,1,$C170,ROW($C$237)-ROW($C170)),0))","v":0},"F","Serviço","Serviço","1.9.2.1.7.","Composição","CPU-01",{"$f":"IF($C170=\"S\",REFERENCIA.Descricao,\"(digite a descrição aqui)\")","v":"FORNECIMENTO E INSTALAÇÃO DE PRESSURIZADOR ACOPLADO AO CHUVEIRO (TENSÃO: 127V - PRESSÃO MINIMA: 0,7MCA / PRESSÃO MÁXIMA: 2,5MCA - ENTRADA 1/2\" / SAÍDA 1/2\")"},"UN",{"$f":"OFFSET(CÁLCULO!H$15,ROW($T170)-ROW(T$15),0)","v":5},262.52,"BDI 1",{"$f":"IF($C170=\"S\",ROUND(IF(TIPOORCAMENTO=\"Proposto\",ORÇAMENTO.CustoUnitario*(1+$AH170),ORÇAMENTO.PrecoUnitarioLicitado),15-13*$AF$10),0)","v":329.17},{"$f":"IF($C170=\"S\",IF(OR(Import.TipoArredondamento<>\"TransfereGOV\",ACOMPANHAMENTO=\"BM\"),VTOTAL1,SUM(OFFSET(CÁLCULO!$AQ$15,ROW($X170)-ROW($X$15),1):OFFSET(CÁLCULO!$BR$15,ROW($X170)-ROW($X$15),-1))),IF($C170=0,0,ROUND(SomaAgrup,15-13*$AF$11)))","v":1645.8500000000001},"RA","RA",{"$f":"IF($C170=\"S\",IF($Z170=\"CP\",$X170,IF($Z170=\"RA\",(($X170)*QCI!$AA$3),0)),SomaAgrup)","v":24.045878894289995},{"$f":"IF($C170=\"S\",IF($Z170=\"OU\",ROUND($X170,2),0),SomaAgrup)","v":0},{"$f":"IF($N170=\"\",\" \",\nIF(AND($C170<>\"S\",OR($R170=\"\",$R170=\"(digite a descrição aqui)\")),\"DESCRIÇÃO\",\nIF(AND($C170=\"S\",OR($Q170<>\"\",$T170>0,$U170>0),$P170=\"\"),\"FONTE\",\nIF(AND($C170=\"S\",$P170<>\"\",OR($T170>0,$U170>0),$Q170=\"\"),\"CÓDIGO\",\nIF(AND($C170=\"S\",$P170<>\"\",$Q170<>\"\",$R170=\"(Código não identificado nas referências)\"),\"CÓDIGO N/ID\",\nIF(AND($C170=\"S\",OR($R170=\"\",$R170=\"(digite a descrição aqui)\"),OR($Q170<>\"\",$T170>0,$U170>0)),\"DESCRIÇÃO\",\nIF(AND($C170=\"S\",$P170<>\"\",$Q170<>\"\",$S170=\"\"),\"UNIDADE\",\nIF(AND($C170=\"S\",$P170<>\"\",$Q170<>\"\",$U170=0),\"SEM CUSTO\",\nIF(AND(TIPOORCAMENTO=\"Licitado\",$AL170=0,$AN170>0),\"SEM PREÇO\",\nIF(AND($C170=\"S\",$P170<>\"\",$Q170<>\"\",$U170>0,AND($V170<>\"BDI 1\",$V170<>\"BDI 2\",$V170<>\"BDI 3\")),IF(ISNUMBER($V170),\"JUSTIFICAR BDI\",\"BDI\"),\nIF(OR(AND(import.recurso=\"OGU\",TIPOORCAMENTO=\"Proposto\",LEFT($O$8,5)<>\"(N/D:\",$AG170<>\"\",ORÇAMENTO.CustoUnitario>$AG170),AND(TIPOORCAMENTO=\"LICITADO\",ORÇAMENTO.PrecoUnitarioLicitado>$AN170)),\"ACIMA REF.\",\nIF(AND($C170=\"S\",$P170<>\"\",$Q170<>\"\",$T170=0,$U170>0),\"QUANT.\",\nIF(AND(Import.TipoArredondamento=\"TransfereGOV\",$L170=\"F\",$C170=\"S\",LEN($Q170)>13),\"Código >13\",\nIF(AND(Import.TipoArredondamento=\"TransfereGOV\",$L170=\"F\",$C170<>\"S\",LEN($R170)>100),\"Descrição >100\",\nIF(AND(Import.TipoArredondamento=\"TransfereGOV\",$L170=\"F\",$C170=\"S\",LEN($R170)>500),\"Descrição >500\",\nIF(AND(Import.TipoArredondamento=\"TransfereGOV\",$L170=\"F\",$C170=\"S\",LEFT(TRIM(UPPER($P170)),6)<>\"SINAPI\",ISNA(VLOOKUP(TRIM(UPPER($S170)),ListaTgov.Unidades,1,FALSE))),\"Unid. Não Disp\",\n\" \"))))))))))))))))","v":" "},{"$f":"IF(C170<=CRONO.NivelExibicao,MAX($AD$15:OFFSET(AD170,-1,0))+IF($C170<>1,1,MAX(1,COUNTIF(QCI!$A$13:$A$24,OFFSET($E170,-1,0)))),\"\")","v":""},{"$f":"IF(AND($C170=\"S\",ORÇAMENTO.CodBarra<>\"\"),IF(ORÇAMENTO.Fonte=\"\",ORÇAMENTO.CodBarra,CONCATENATE(ORÇAMENTO.Fonte,\" \",ORÇAMENTO.CodBarra)))","v":"Composição CPU-01"},{"$f":"IF(ISERROR(ORÇAMENTO.BancoRef),\"(abra o arquivo 'Referência \"&Excel_BuiltIn_Database&\".xlsm)\",IF(OR($C170<>\"S\",ORÇAMENTO.CodBarra=\"\"),\"(Sem Código)\",IF(ISERROR(MATCH($AE170,INDIRECT(ORÇAMENTO.BancoRef),0)),\"(Código não identificado nas referências)\",MATCH($AE170,INDIRECT(ORÇAMENTO.BancoRef),0))))","v":22},{"$f":"ROUND(IF(DESONERACAO=\"sim\",REFERENCIA.Desonerado,REFERENCIA.NaoDesonerado),2)","v":301.89999999999998},0.25390000000000001,null,null,null,null,1645.8500000000001,{"$f":"ROUND(ORÇAMENTO.CustoUnitario*(1+$AH170),2)","v":329.17}]
[4,4,4,5,{"$f":"IF($C171=1,OFFSET(E171,-1,0)+MAX(1,COUNTIF(QCI!$A$13:$A$24,OFFSET(ORÇAMENTO!E171,-1,0))),OFFSET(E171,-1,0))","v":1},9,2,2,0,28,{"$f":"IF(OR($C171=\"S\",$C171=0),0,MATCH(OFFSET($D171,0,$C171)+IF($C171<>1,1,COUNTIF(QCI!$A$13:$A$24,ORÇAMENTO!E171)),OFFSET($D171,1,$C171,ROW($C$237)-ROW($C171)),0))","v":5},"F","Nível 4","Nível 4","1.9.2.2.","","","REGISTROS ",null,{"$f":"OFFSET(CÁLCULO!H$15,ROW($T171)-ROW(T$15),0)","v":0},0,"BDI 1",{"$f":"IF($C171=\"S\",ROUND(IF(TIPOORCAMENTO=\"Proposto\",ORÇAMENTO.CustoUnitario*(1+$AH171),ORÇAMENTO.PrecoUnitarioLicitado),15-13*$AF$10),0)","v":0},{"$f":"IF($C171=\"S\",IF(OR(Import.TipoArredondamento<>\"TransfereGOV\",ACOMPANHAMENTO=\"BM\"),VTOTAL1,SUM(OFFSET(CÁLCULO!$AQ$15,ROW($X171)-ROW($X$15),1):OFFSET(CÁLCULO!$BR$15,ROW($X171)-ROW($X$15),-1))),IF($C171=0,0,ROUND(SomaAgrup,15-13*$AF$11)))","v":3114},"RA","",{"$f":"IF($C171=\"S\",IF($Z171=\"CP\",$X171,IF($Z171=\"RA\",(($X171)*QCI!$AA$3),0)),SomaAgrup)","v":45.495559666323814},{"$f":"IF($C171=\"S\",IF($Z171=\"OU\",ROUND($X171,2),0),SomaAgrup)","v":0},{"$f":"IF($N171=\"\",\" \",\nIF(AND($C171<>\"S\",OR($R171=\"\",$R171=\"(digite a descrição aqui)\")),\"DESCRIÇÃO\",\nIF(AND($C171=\"S\",OR($Q171<>\"\",$T171>0,$U171>0),$P171=\"\"),\"FONTE\",\nIF(AND($C171=\"S\",$P171<>\"\",OR($T171>0,$U171>0),$Q171=\"\"),\"CÓDIGO\",\nIF(AND($C171=\"S\",$P171<>\"\",$Q171<>\"\",$R171=\"(Código não identificado nas referências)\"),\"CÓDIGO N/ID\",\nIF(AND($C171=\"S\",OR($R171=\"\",$R171=\"(digite a descrição aqui)\"),OR($Q171<>\"\",$T171>0,$U171>0)),\"DESCRIÇÃO\",\nIF(AND($C171=\"S\",$P171<>\"\",$Q171<>\"\",$S171=\"\"),\"UNIDADE\",\nIF(AND($C171=\"S\",$P171<>\"\",$Q171<>\"\",$U171=0),\"SEM CUSTO\",\nIF(AND(TIPOORCAMENTO=\"Licitado\",$AL171=0,$AN171>0),\"SEM PREÇO\",\nIF(AND($C171=\"S\",$P171<>\"\",$Q171<>\"\",$U171>0,AND($V171<>\"BDI 1\",$V171<>\"BDI 2\",$V171<>\"BDI 3\")),IF(ISNUMBER($V171),\"JUSTIFICAR BDI\",\"BDI\"),\nIF(OR(AND(import.recurso=\"OGU\",TIPOORCAMENTO=\"Proposto\",LEFT($O$8,5)<>\"(N/D:\",$AG171<>\"\",ORÇAMENTO.CustoUnitario>$AG171),AND(TIPOORCAMENTO=\"LICITADO\",ORÇAMENTO.PrecoUnitarioLicitado>$AN171)),\"ACIMA REF.\",\nIF(AND($C171=\"S\",$P171<>\"\",$Q171<>\"\",$T171=0,$U171>0),\"QUANT.\",\nIF(AND(Import.TipoArredondamento=\"TransfereGOV\",$L171=\"F\",$C171=\"S\",LEN($Q171)>13),\"Código >13\",\nIF(AND(Import.TipoArredondamento=\"TransfereGOV\",$L171=\"F\",$C171<>\"S\",LEN($R171)>100),\"Descrição >100\",\nIF(AND(Import.TipoArredondamento=\"TransfereGOV\",$L171=\"F\",$C171=\"S\",LEN($R171)>500),\"Descrição >500\",\nIF(AND(Import.TipoArredondamento=\"TransfereGOV\",$L171=\"F\",$C171=\"S\",LEFT(TRIM(UPPER($P171)),6)<>\"SINAPI\",ISNA(VLOOKUP(TRIM(UPPER($S171)),ListaTgov.Unidades,1,FALSE))),\"Unid. Não Disp\",\n\" \"))))))))))))))))","v":" "},{"$f":"IF(C171<=CRONO.NivelExibicao,MAX($AD$15:OFFSET(AD171,-1,0))+IF($C171<>1,1,MAX(1,COUNTIF(QCI!$A$13:$A$24,OFFSET($E171,-1,0)))),\"\")","v":""},{"$f":"IF(AND($C171=\"S\",ORÇAMENTO.CodBarra<>\"\"),IF(ORÇAMENTO.Fonte=\"\",ORÇAMENTO.CodBarra,CONCATENATE(ORÇAMENTO.Fonte,\" \",ORÇAMENTO.CodBarra)))","v":false},{"$f":"IF(ISERROR(ORÇAMENTO.BancoRef),\"(abra o arquivo 'Referência \"&Excel_BuiltIn_Database&\".xlsm)\",IF(OR($C171<>\"S\",ORÇAMENTO.CodBarra=\"\"),\"(Sem Código)\",IF(ISERROR(MATCH($AE171,INDIRECT(ORÇAMENTO.BancoRef),0)),\"(Código não identificado nas referências)\",MATCH($AE171,INDIRECT(ORÇAMENTO.BancoRef),0))))","v":"(Sem Código)"},{"$f":"ROUND(IF(DESONERACAO=\"sim\",REFERENCIA.Desonerado,REFERENCIA.NaoDesonerado),2)","v":0},0.25390000000000001,null,null,null,null,3114,{"$f":"ROUND(ORÇAMENTO.CustoUnitario*(1+$AH171),2)","v":0}]
["S",4,"S",0,{"$f":"IF($C172=1,OFFSET(E172,-1,0)+MAX(1,COUNTIF(QCI!$A$13:$A$24,OFFSET(ORÇAMENTO!E172,-1,0))),OFFSET(E172,-1,0))","v":1},9,2,2,1,0,{"$f":"IF(OR($C172=\"S\",$C172=0),0,MATCH(OFFSET($D172,0,$C172)+IF($C172<>1,1,COUNTIF(QCI!$A$13:$A$24,ORÇAMENTO!E172)),OFFSET($D172,1,$C172,ROW($C$237)-ROW($C172)),0))","v":0},"F","Serviço","Serviço","1.9.2.2.1.","SINAPI","89985",{"$f":"IF($C172=\"S\",REFERENCIA.Descricao,\"(digite a descrição aqui)\")","v":"REGISTRO DE PRESSÃO BRUTO, LATÃO, ROSCÁVEL, 3/4\", COM ACABAMENTO E CANOPLA CROMADOS - FORNECIMENTO E INSTALAÇÃO. AF_08/2021"},{"$f":"REFERENCIA.Unidade","v":"UN"},{"$f":"OFFSET(CÁLCULO!H$15,ROW($T172)-ROW(T$15),0)","v":5},88.44,"BDI 1",{"$f":"IF($C172=\"S\",ROUND(IF(TIPOORCAMENTO=\"Proposto\",ORÇAMENTO.CustoUnitario*(1+$AH172),ORÇAMENTO.PrecoUnitarioLicitado),15-13*$AF$10),0)","v":110.89},{"$f":"IF($C172=\"S\",IF(OR(Import.TipoArredondamento<>\"TransfereGOV\",ACOMPANHAMENTO=\"BM\"),VTOTAL1,SUM(OFFSET(CÁLCULO!$AQ$15,ROW($X172)-ROW($X$15),1):OFFSET(CÁLCULO!$BR$15,ROW($X172)-ROW($X$15),-1))),IF($C172=0,0,ROUND(SomaAgrup,15-13*$AF$11)))","v":554.45000000000005},"RA","RA",{"$f":"IF($C172=\"S\",IF($Z172=\"CP\",$X172,IF($Z172=\"RA\",(($X172)*QCI!$AA$3),0)),SomaAgrup)","v":8.100518001603481},{"$f":"IF($C172=\"S\",IF($Z172=\"OU\",ROUND($X172,2),0),SomaAgrup)","v":0},{"$f":"IF($N172=\"\",\" \",\nIF(AND($C172<>\"S\",OR($R172=\"\",$R172=\"(digite a descrição aqui)\")),\"DESCRIÇÃO\",\nIF(AND($C172=\"S\",OR($Q172<>\"\",$T172>0,$U172>0),$P172=\"\"),\"FONTE\",\nIF(AND($C172=\"S\",$P172<>\"\",OR($T172>0,$U172>0),$Q172=\"\"),\"CÓDIGO\",\nIF(AND($C172=\"S\",$P172<>\"\",$Q172<>\"\",$R172=\"(Código não identificado nas referências)\"),\"CÓDIGO N/ID\",\nIF(AND($C172=\"S\",OR($R172=\"\",$R172=\"(digite a descrição aqui)\"),OR($Q172<>\"\",$T172>0,$U172>0)),\"DESCRIÇÃO\",\nIF(AND($C172=\"S\",$P172<>\"\",$Q172<>\"\",$S172=\"\"),\"UNIDADE\",\nIF(AND($C172=\"S\",$P172<>\"\",$Q172<>\"\",$U172=0),\"SEM CUSTO\",\nIF(AND(TIPOORCAMENTO=\"Licitado\",$AL172=0,$AN172>0),\"SEM PREÇO\",\nIF(AND($C172=\"S\",$P172<>\"\",$Q172<>\"\",$U172>0,AND($V172<>\"BDI 1\",$V172<>\"BDI 2\",$V172<>\"BDI 3\")),IF(ISNUMBER($V172),\"JUSTIFICAR BDI\",\"BDI\"),\nIF(OR(AND(import.recurso=\"OGU\",TIPOORCAMENTO=\"Proposto\",LEFT($O$8,5)<>\"(N/D:\",$AG172<>\"\",ORÇAMENTO.CustoUnitario>$AG172),AND(TIPOORCAMENTO=\"LICITADO\",ORÇAMENTO.PrecoUnitarioLicitado>$AN172)),\"ACIMA REF.\",\nIF(AND($C172=\"S\",$P172<>\"\",$Q172<>\"\",$T172=0,$U172>0),\"QUANT.\",\nIF(AND(Import.TipoArredondamento=\"TransfereGOV\",$L172=\"F\",$C172=\"S\",LEN($Q172)>13),\"Código >13\",\nIF(AND(Import.TipoArredondamento=\"TransfereGOV\",$L172=\"F\",$C172<>\"S\",LEN($R172)>100),\"Descrição >100\",\nIF(AND(Import.TipoArredondamento=\"TransfereGOV\",$L172=\"F\",$C172=\"S\",LEN($R172)>500),\"Descrição >500\",\nIF(AND(Import.TipoArredondamento=\"TransfereGOV\",$L172=\"F\",$C172=\"S\",LEFT(TRIM(UPPER($P172)),6)<>\"SINAPI\",ISNA(VLOOKUP(TRIM(UPPER($S172)),ListaTgov.Unidades,1,FALSE))),\"Unid. Não Disp\",\n\" \"))))))))))))))))","v":" "},{"$f":"IF(C172<=CRONO.NivelExibicao,MAX($AD$15:OFFSET(AD172,-1,0))+IF($C172<>1,1,MAX(1,COUNTIF(QCI!$A$13:$A$24,OFFSET($E172,-1,0)))),\"\")","v":""},{"$f":"IF(AND($C172=\"S\",ORÇAMENTO.CodBarra<>\"\"),IF(ORÇAMENTO.Fonte=\"\",ORÇAMENTO.CodBarra,CONCATENATE(ORÇAMENTO.Fonte,\" \",ORÇAMENTO.CodBarra)))","v":"SINAPI 89985"},{"$f":"IF(ISERROR(ORÇAMENTO.BancoRef),\"(abra o arquivo 'Referência \"&Excel_BuiltIn_Database&\".xlsm)\",IF(OR($C172<>\"S\",ORÇAMENTO.CodBarra=\"\"),\"(Sem Código)\",IF(ISERROR(MATCH($AE172,INDIRECT(ORÇAMENTO.BancoRef),0)),\"(Código não identificado nas referências)\",MATCH($AE172,INDIRECT(ORÇAMENTO.BancoRef),0))))","v":15601},{"$f":"ROUND(IF(DESONERACAO=\"sim\",REFERENCIA.Desonerado,REFERENCIA.NaoDesonerado),2)","v":101.71},0.25390000000000001,null,null,null,null,554.45000000000005,{"$f":"ROUND(ORÇAMENTO.CustoUnitario*(1+$AH172),2)","v":110.89}]
["S",4,"S",0,{"$f":"IF($C173=1,OFFSET(E173,-1,0)+MAX(1,COUNTIF(QCI!$A$13:$A$24,OFFSET(ORÇAMENTO!E173,-1,0))),OFFSET(E173,-1,0))","v":1},9,2,2,2,0,{"$f":"IF(OR($C173=\"S\",$C173=0),0,MATCH(OFFSET($D173,0,$C173)+IF($C173<>1,1,COUNTIF(QCI!$A$13:$A$24,ORÇAMENTO!E173)),OFFSET($D173,1,$C173,ROW($C$237)-ROW($C173)),0))","v":0},"F","Serviço","Serviço","1.9.2.2.2.","SINAPI","89987",{"$f":"IF($C173=\"S\",REFERENCIA.Descricao,\"(digite a descrição aqui)\")","v":"REGISTRO DE GAVETA BRUTO, LATÃO, ROSCÁVEL, 3/4\", COM ACABAMENTO E CANOPLA CROMADOS - FORNECIMENTO E INSTALAÇÃO. AF_08/2021"},{"$f":"REFERENCIA.Unidade","v":"UN"},{"$f":"OFFSET(CÁLCULO!H$15,ROW($T173)-ROW(T$15),0)","v":15},93.06,"BDI 1",{"$f":"IF($C173=\"S\",ROUND(IF(TIPOORCAMENTO=\"Proposto\",ORÇAMENTO.CustoUnitario*(1+$AH173),ORÇAMENTO.PrecoUnitarioLicitado),15-13*$AF$10),0)","v":116.69},{"$f":"IF($C173=\"S\",IF(OR(Import.TipoArredondamento<>\"TransfereGOV\",ACOMPANHAMENTO=\"BM\"),VTOTAL1,SUM(OFFSET(CÁLCULO!$AQ$15,ROW($X173)-ROW($X$15),1):OFFSET(CÁLCULO!$BR$15,ROW($X173)-ROW($X$15),-1))),IF($C173=0,0,ROUND(SomaAgrup,15-13*$AF$11)))","v":1750.35},"RA","RA",{"$f":"IF($C173=\"S\",IF($Z173=\"CP\",$X173,IF($Z173=\"RA\",(($X173)*QCI!$AA$3),0)),SomaAgrup)","v":25.572624554254936},{"$f":"IF($C173=\"S\",IF($Z173=\"OU\",ROUND($X173,2),0),SomaAgrup)","v":0},{"$f":"IF($N173=\"\",\" \",\nIF(AND($C173<>\"S\",OR($R173=\"\",$R173=\"(digite a descrição aqui)\")),\"DESCRIÇÃO\",\nIF(AND($C173=\"S\",OR($Q173<>\"\",$T173>0,$U173>0),$P173=\"\"),\"FONTE\",\nIF(AND($C173=\"S\",$P173<>\"\",OR($T173>0,$U173>0),$Q173=\"\"),\"CÓDIGO\",\nIF(AND($C173=\"S\",$P173<>\"\",$Q173<>\"\",$R173=\"(Código não identificado nas referências)\"),\"CÓDIGO N/ID\",\nIF(AND($C173=\"S\",OR($R173=\"\",$R173=\"(digite a descrição aqui)\"),OR($Q173<>\"\",$T173>0,$U173>0)),\"DESCRIÇÃO\",\nIF(AND($C173=\"S\",$P173<>\"\",$Q173<>\"\",$S173=\"\"),\"UNIDADE\",\nIF(AND($C173=\"S\",$P173<>\"\",$Q173<>\"\",$U173=0),\"SEM CUSTO\",\nIF(AND(TIPOORCAMENTO=\"Licitado\",$AL173=0,$AN173>0),\"SEM PREÇO\",\nIF(AND($C173=\"S\",$P173<>\"\",$Q173<>\"\",$U173>0,AND($V173<>\"BDI 1\",$V173<>\"BDI 2\",$V173<>\"BDI 3\")),IF(ISNUMBER($V173),\"JUSTIFICAR BDI\",\"BDI\"),\nIF(OR(AND(import.recurso=\"OGU\",TIPOORCAMENTO=\"Proposto\",LEFT($O$8,5)<>\"(N/D:\",$AG173<>\"\",ORÇAMENTO.CustoUnitario>$AG173),AND(TIPOORCAMENTO=\"LICITADO\",ORÇAMENTO.PrecoUnitarioLicitado>$AN173)),\"ACIMA REF.\",\nIF(AND($C173=\"S\",$P173<>\"\",$Q173<>\"\",$T173=0,$U173>0),\"QUANT.\",\nIF(AND(Import.TipoArredondamento=\"TransfereGOV\",$L173=\"F\",$C173=\"S\",LEN($Q173)>13),\"Código >13\",\nIF(AND(Import.TipoArredondamento=\"TransfereGOV\",$L173=\"F\",$C173<>\"S\",LEN($R173)>100),\"Descrição >100\",\nIF(AND(Import.TipoArredondamento=\"TransfereGOV\",$L173=\"F\",$C173=\"S\",LEN($R173)>500),\"Descrição >500\",\nIF(AND(Import.TipoArredondamento=\"TransfereGOV\",$L173=\"F\",$C173=\"S\",LEFT(TRIM(UPPER($P173)),6)<>\"SINAPI\",ISNA(VLOOKUP(TRIM(UPPER($S173)),ListaTgov.Unidades,1,FALSE))),\"Unid. Não Disp\",\n\" \"))))))))))))))))","v":" "},{"$f":"IF(C173<=CRONO.NivelExibicao,MAX($AD$15:OFFSET(AD173,-1,0))+IF($C173<>1,1,MAX(1,COUNTIF(QCI!$A$13:$A$24,OFFSET($E173,-1,0)))),\"\")","v":""},{"$f":"IF(AND($C173=\"S\",ORÇAMENTO.CodBarra<>\"\"),IF(ORÇAMENTO.Fonte=\"\",ORÇAMENTO.CodBarra,CONCATENATE(ORÇAMENTO.Fonte,\" \",ORÇAMENTO.CodBarra)))","v":"SINAPI 89987"},{"$f":"IF(ISERROR(ORÇAMENTO.BancoRef),\"(abra o arquivo 'Referência \"&Excel_BuiltIn_Database&\".xlsm)\",IF(OR($C173<>\"S\",ORÇAMENTO.CodBarra=\"\"),\"(Sem Código)\",IF(ISERROR(MATCH($AE173,INDIRECT(ORÇAMENTO.BancoRef),0)),\"(Código não identificado nas referências)\",MATCH($AE173,INDIRECT(ORÇAMENTO.BancoRef),0))))","v":15597},{"$f":"ROUND(IF(DESONERACAO=\"sim\",REFERENCIA.Desonerado,REFERENCIA.NaoDesonerado),2)","v":107.02},0.25390000000000001,null,null,null,null,1750.35,{"$f":"ROUND(ORÇAMENTO.CustoUnitario*(1+$AH173),2)","v":116.69}]
["S",4,"S",0,{"$f":"IF($C174=1,OFFSET(E174,-1,0)+MAX(1,COUNTIF(QCI!$A$13:$A$24,OFFSET(ORÇAMENTO!E174,-1,0))),OFFSET(E174,-1,0))","v":1},9,2,2,3,0,{"$f":"IF(OR($C174=\"S\",$C174=0),0,MATCH(OFFSET($D174,0,$C174)+IF($C174<>1,1,COUNTIF(QCI!$A$13:$A$24,ORÇAMENTO!E174)),OFFSET($D174,1,$C174,ROW($C$237)-ROW($C174)),0))","v":0},"F","Serviço","Serviço","1.9.2.2.3.","SINAPI","94490",{"$f":"IF($C174=\"S\",REFERENCIA.Descricao,\"(digite a descrição aqui)\")","v":"REGISTRO DE ESFERA, PVC, SOLDÁVEL, COM VOLANTE, DN 32 MM - FORNECIMENTO E INSTALAÇÃO. AF_08/2021"},{"$f":"REFERENCIA.Unidade","v":"UN"},{"$f":"OFFSET(CÁLCULO!H$15,ROW($T174)-ROW(T$15),0)","v":10},41.79,"BDI 1",{"$f":"IF($C174=\"S\",ROUND(IF(TIPOORCAMENTO=\"Proposto\",ORÇAMENTO.CustoUnitario*(1+$AH174),ORÇAMENTO.PrecoUnitarioLicitado),15-13*$AF$10),0)","v":52.4},{"$f":"IF($C174=\"S\",IF(OR(Import.TipoArredondamento<>\"TransfereGOV\",ACOMPANHAMENTO=\"BM\"),VTOTAL1,SUM(OFFSET(CÁLCULO!$AQ$15,ROW($X174)-ROW($X$15),1):OFFSET(CÁLCULO!$BR$15,ROW($X174)-ROW($X$15),-1))),IF($C174=0,0,ROUND(SomaAgrup,15-13*$AF$11)))","v":524},"RA","RA",{"$f":"IF($C174=\"S\",IF($Z174=\"CP\",$X174,IF($Z174=\"RA\",(($X174)*QCI!$AA$3),0)),SomaAgrup)","v":7.655643309297905},{"$f":"IF($C174=\"S\",IF($Z174=\"OU\",ROUND($X174,2),0),SomaAgrup)","v":0},{"$f":"IF($N174=\"\",\" \",\nIF(AND($C174<>\"S\",OR($R174=\"\",$R174=\"(digite a descrição aqui)\")),\"DESCRIÇÃO\",\nIF(AND($C174=\"S\",OR($Q174<>\"\",$T174>0,$U174>0),$P174=\"\"),\"FONTE\",\nIF(AND($C174=\"S\",$P174<>\"\",OR($T174>0,$U174>0),$Q174=\"\"),\"CÓDIGO\",\nIF(AND($C174=\"S\",$P174<>\"\",$Q174<>\"\",$R174=\"(Código não identificado nas referências)\"),\"CÓDIGO N/ID\",\nIF(AND($C174=\"S\",OR($R174=\"\",$R174=\"(digite a descrição aqui)\"),OR($Q174<>\"\",$T174>0,$U174>0)),\"DESCRIÇÃO\",\nIF(AND($C174=\"S\",$P174<>\"\",$Q174<>\"\",$S174=\"\"),\"UNIDADE\",\nIF(AND($C174=\"S\",$P174<>\"\",$Q174<>\"\",$U174=0),\"SEM CUSTO\",\nIF(AND(TIPOORCAMENTO=\"Licitado\",$AL174=0,$AN174>0),\"SEM PREÇO\",\nIF(AND($C174=\"S\",$P174<>\"\",$Q174<>\"\",$U174>0,AND($V174<>\"BDI 1\",$V174<>\"BDI 2\",$V174<>\"BDI 3\")),IF(ISNUMBER($V174),\"JUSTIFICAR BDI\",\"BDI\"),\nIF(OR(AND(import.recurso=\"OGU\",TIPOORCAMENTO=\"Proposto\",LEFT($O$8,5)<>\"(N/D:\",$AG174<>\"\",ORÇAMENTO.CustoUnitario>$AG174),AND(TIPOORCAMENTO=\"LICITADO\",ORÇAMENTO.PrecoUnitarioLicitado>$AN174)),\"ACIMA REF.\",\nIF(AND($C174=\"S\",$P174<>\"\",$Q174<>\"\",$T174=0,$U174>0),\"QUANT.\",\nIF(AND(Import.TipoArredondamento=\"TransfereGOV\",$L174=\"F\",$C174=\"S\",LEN($Q174)>13),\"Código >13\",\nIF(AND(Import.TipoArredondamento=\"TransfereGOV\",$L174=\"F\",$C174<>\"S\",LEN($R174)>100),\"Descrição >100\",\nIF(AND(Import.TipoArredondamento=\"TransfereGOV\",$L174=\"F\",$C174=\"S\",LEN($R174)>500),\"Descrição >500\",\nIF(AND(Import.TipoArredondamento=\"TransfereGOV\",$L174=\"F\",$C174=\"S\",LEFT(TRIM(UPPER($P174)),6)<>\"SINAPI\",ISNA(VLOOKUP(TRIM(UPPER($S174)),ListaTgov.Unidades,1,FALSE))),\"Unid. Não Disp\",\n\" \"))))))))))))))))","v":" "},{"$f":"IF(C174<=CRONO.NivelExibicao,MAX($AD$15:OFFSET(AD174,-1,0))+IF($C174<>1,1,MAX(1,COUNTIF(QCI!$A$13:$A$24,OFFSET($E174,-1,0)))),\"\")","v":""},{"$f":"IF(AND($C174=\"S\",ORÇAMENTO.CodBarra<>\"\"),IF(ORÇAMENTO.Fonte=\"\",ORÇAMENTO.CodBarra,CONCATENATE(ORÇAMENTO.Fonte,\" \",ORÇAMENTO.CodBarra)))","v":"SINAPI 94490"},{"$f":"IF(ISERROR(ORÇAMENTO.BancoRef),\"(abra o arquivo 'Referência \"&Excel_BuiltIn_Database&\".xlsm)\",IF(OR($C174<>\"S\",ORÇAMENTO.CodBarra=\"\"),\"(Sem Código)\",IF(ISERROR(MATCH($AE174,INDIRECT(ORÇAMENTO.BancoRef),0)),\"(Código não identificado nas referências)\",MATCH($AE174,INDIRECT(ORÇAMENTO.BancoRef),0))))","v":15581},{"$f":"ROUND(IF(DESONERACAO=\"sim\",REFERENCIA.Desonerado,REFERENCIA.NaoDesonerado),2)","v":48.06},0.25390000000000001,null,null,null,null,524,{"$f":"ROUND(ORÇAMENTO.CustoUnitario*(1+$AH174),2)","v":52.4}]
["S",4,"S",0,{"$f":"IF($C175=1,OFFSET(E175,-1,0)+MAX(1,COUNTIF(QCI!$A$13:$A$24,OFFSET(ORÇAMENTO!E175,-1,0))),OFFSET(E175,-1,0))","v":1},9,2,2,4,0,{"$f":"IF(OR($C175=\"S\",$C175=0),0,MATCH(OFFSET($D175,0,$C175)+IF($C175<>1,1,COUNTIF(QCI!$A$13:$A$24,ORÇAMENTO!E175)),OFFSET($D175,1,$C175,ROW($C$237)-ROW($C175)),0))","v":0},"F","Serviço","Serviço","1.9.2.2.4.","SINAPI","86885",{"$f":"IF($C175=\"S\",REFERENCIA.Descricao,\"(digite a descrição aqui)\")","v":"ENGATE FLEXÍVEL EM PLÁSTICO BRANCO, 1/2\" X 40CM - FORNECIMENTO E INSTALAÇÃO. AF_01/2020"},{"$f":"REFERENCIA.Unidade","v":"UN"},{"$f":"OFFSET(CÁLCULO!H$15,ROW($T175)-ROW(T$15),0)","v":20},11.37,"BDI 1",{"$f":"IF($C175=\"S\",ROUND(IF(TIPOORCAMENTO=\"Proposto\",ORÇAMENTO.CustoUnitario*(1+$AH175),ORÇAMENTO.PrecoUnitarioLicitado),15-13*$AF$10),0)","v":14.26},{"$f":"IF($C175=\"S\",IF(OR(Import.TipoArredondamento<>\"TransfereGOV\",ACOMPANHAMENTO=\"BM\"),VTOTAL1,SUM(OFFSET(CÁLCULO!$AQ$15,ROW($X175)-ROW($X$15),1):OFFSET(CÁLCULO!$BR$15,ROW($X175)-ROW($X$15),-1))),IF($C175=0,0,ROUND(SomaAgrup,15-13*$AF$11)))","v":285.2},"RA","RA",{"$f":"IF($C175=\"S\",IF($Z175=\"CP\",$X175,IF($Z175=\"RA\",(($X175)*QCI!$AA$3),0)),SomaAgrup)","v":4.1667738011674853},{"$f":"IF($C175=\"S\",IF($Z175=\"OU\",ROUND($X175,2),0),SomaAgrup)","v":0},{"$f":"IF($N175=\"\",\" \",\nIF(AND($C175<>\"S\",OR($R175=\"\",$R175=\"(digite a descrição aqui)\")),\"DESCRIÇÃO\",\nIF(AND($C175=\"S\",OR($Q175<>\"\",$T175>0,$U175>0),$P175=\"\"),\"FONTE\",\nIF(AND($C175=\"S\",$P175<>\"\",OR($T175>0,$U175>0),$Q175=\"\"),\"CÓDIGO\",\nIF(AND($C175=\"S\",$P175<>\"\",$Q175<>\"\",$R175=\"(Código não identificado nas referências)\"),\"CÓDIGO N/ID\",\nIF(AND($C175=\"S\",OR($R175=\"\",$R175=\"(digite a descrição aqui)\"),OR($Q175<>\"\",$T175>0,$U175>0)),\"DESCRIÇÃO\",\nIF(AND($C175=\"S\",$P175<>\"\",$Q175<>\"\",$S175=\"\"),\"UNIDADE\",\nIF(AND($C175=\"S\",$P175<>\"\",$Q175<>\"\",$U175=0),\"SEM CUSTO\",\nIF(AND(TIPOORCAMENTO=\"Licitado\",$AL175=0,$AN175>0),\"SEM PREÇO\",\nIF(AND($C175=\"S\",$P175<>\"\",$Q175<>\"\",$U175>0,AND($V175<>\"BDI 1\",$V175<>\"BDI 2\",$V175<>\"BDI 3\")),IF(ISNUMBER($V175),\"JUSTIFICAR BDI\",\"BDI\"),\nIF(OR(AND(import.recurso=\"OGU\",TIPOORCAMENTO=\"Proposto\",LEFT($O$8,5)<>\"(N/D:\",$AG175<>\"\",ORÇAMENTO.CustoUnitario>$AG175),AND(TIPOORCAMENTO=\"LICITADO\",ORÇAMENTO.PrecoUnitarioLicitado>$AN175)),\"ACIMA REF.\",\nIF(AND($C175=\"S\",$P175<>\"\",$Q175<>\"\",$T175=0,$U175>0),\"QUANT.\",\nIF(AND(Import.TipoArredondamento=\"TransfereGOV\",$L175=\"F\",$C175=\"S\",LEN($Q175)>13),\"Código >13\",\nIF(AND(Import.TipoArredondamento=\"TransfereGOV\",$L175=\"F\",$C175<>\"S\",LEN($R175)>100),\"Descrição >100\",\nIF(AND(Import.TipoArredondamento=\"TransfereGOV\",$L175=\"F\",$C175=\"S\",LEN($R175)>500),\"Descrição >500\",\nIF(AND(Import.TipoArredondamento=\"TransfereGOV\",$L175=\"F\",$C175=\"S\",LEFT(TRIM(UPPER($P175)),6)<>\"SINAPI\",ISNA(VLOOKUP(TRIM(UPPER($S175)),ListaTgov.Unidades,1,FALSE))),\"Unid. Não Disp\",\n\" \"))))))))))))))))","v":" "},{"$f":"IF(C175<=CRONO.NivelExibicao,MAX($AD$15:OFFSET(AD175,-1,0))+IF($C175<>1,1,MAX(1,COUNTIF(QCI!$A$13:$A$24,OFFSET($E175,-1,0)))),\"\")","v":""},{"$f":"IF(AND($C175=\"S\",ORÇAMENTO.CodBarra<>\"\"),IF(ORÇAMENTO.Fonte=\"\",ORÇAMENTO.CodBarra,CONCATENATE(ORÇAMENTO.Fonte,\" \",ORÇAMENTO.CodBarra)))","v":"SINAPI 86885"},{"$f":"IF(ISERROR(ORÇAMENTO.BancoRef),\"(abra o arquivo 'Referência \"&Excel_BuiltIn_Database&\".xlsm)\",IF(OR($C175<>\"S\",ORÇAMENTO.CodBarra=\"\"),\"(Sem Código)\",IF(ISERROR(MATCH($AE175,INDIRECT(ORÇAMENTO.BancoRef),0)),\"(Código não identificado nas referências)\",MATCH($AE175,INDIRECT(ORÇAMENTO.BancoRef),0))))","v":13190},{"$f":"ROUND(IF(DESONERACAO=\"sim\",REFERENCIA.Desonerado,REFERENCIA.NaoDesonerado),2)","v":13.08},0.25390000000000001,null,null,null,null,285.2,{"$f":"ROUND(ORÇAMENTO.CustoUnitario*(1+$AH175),2)","v":14.26}]
[4,4,4,8,{"$f":"IF($C176=1,OFFSET(E176,-1,0)+MAX(1,COUNTIF(QCI!$A$13:$A$24,OFFSET(ORÇAMENTO!E176,-1,0))),OFFSET(E176,-1,0))","v":1},9,2,3,0,23,{"$f":"IF(OR($C176=\"S\",$C176=0),0,MATCH(OFFSET($D176,0,$C176)+IF($C176<>1,1,COUNTIF(QCI!$A$13:$A$24,ORÇAMENTO!E176)),OFFSET($D176,1,$C176,ROW($C$237)-ROW($C176)),0))","v":8},"F","Nível 4","Nível 4","1.9.2.3.","","","ENTRADA / ALIMENTAÇÃO HIDRÁULICA",null,{"$f":"OFFSET(CÁLCULO!H$15,ROW($T176)-ROW(T$15),0)","v":0},0,"BDI 1",{"$f":"IF($C176=\"S\",ROUND(IF(TIPOORCAMENTO=\"Proposto\",ORÇAMENTO.CustoUnitario*(1+$AH176),ORÇAMENTO.PrecoUnitarioLicitado),15-13*$AF$10),0)","v":0},{"$f":"IF($C176=\"S\",IF(OR(Import.TipoArredondamento<>\"TransfereGOV\",ACOMPANHAMENTO=\"BM\"),VTOTAL1,SUM(OFFSET(CÁLCULO!$AQ$15,ROW($X176)-ROW($X$15),1):OFFSET(CÁLCULO!$BR$15,ROW($X176)-ROW($X$15),-1))),IF($C176=0,0,ROUND(SomaAgrup,15-13*$AF$11)))","v":2915.4},"RA","",{"$f":"IF($C176=\"S\",IF($Z176=\"CP\",$X176,IF($Z176=\"RA\",(($X176)*QCI!$AA$3),0)),SomaAgrup)","v":42.594012412074648},{"$f":"IF($C176=\"S\",IF($Z176=\"OU\",ROUND($X176,2),0),SomaAgrup)","v":0},{"$f":"IF($N176=\"\",\" \",\nIF(AND($C176<>\"S\",OR($R176=\"\",$R176=\"(digite a descrição aqui)\")),\"DESCRIÇÃO\",\nIF(AND($C176=\"S\",OR($Q176<>\"\",$T176>0,$U176>0),$P176=\"\"),\"FONTE\",\nIF(AND($C176=\"S\",$P176<>\"\",OR($T176>0,$U176>0),$Q176=\"\"),\"CÓDIGO\",\nIF(AND($C176=\"S\",$P176<>\"\",$Q176<>\"\",$R176=\"(Código não identificado nas referências)\"),\"CÓDIGO N/ID\",\nIF(AND($C176=\"S\",OR($R176=\"\",$R176=\"(digite a descrição aqui)\"),OR($Q176<>\"\",$T176>0,$U176>0)),\"DESCRIÇÃO\",\nIF(AND($C176=\"S\",$P176<>\"\",$Q176<>\"\",$S176=\"\"),\"UNIDADE\",\nIF(AND($C176=\"S\",$P176<>\"\",$Q176<>\"\",$U176=0),\"SEM CUSTO\",\nIF(AND(TIPOORCAMENTO=\"Licitado\",$AL176=0,$AN176>0),\"SEM PREÇO\",\nIF(AND($C176=\"S\",$P176<>\"\",$Q176<>\"\",$U176>0,AND($V176<>\"BDI 1\",$V176<>\"BDI 2\",$V176<>\"BDI 3\")),IF(ISNUMBER($V176),\"JUSTIFICAR BDI\",\"BDI\"),\nIF(OR(AND(import.recurso=\"OGU\",TIPOORCAMENTO=\"Proposto\",LEFT($O$8,5)<>\"(N/D:\",$AG176<>\"\",ORÇAMENTO.CustoUnitario>$AG176),AND(TIPOORCAMENTO=\"LICITADO\",ORÇAMENTO.PrecoUnitarioLicitado>$AN176)),\"ACIMA REF.\",\nIF(AND($C176=\"S\",$P176<>\"\",$Q176<>\"\",$T176=0,$U176>0),\"QUANT.\",\nIF(AND(Import.TipoArredondamento=\"TransfereGOV\",$L176=\"F\",$C176=\"S\",LEN($Q176)>13),\"Código >13\",\nIF(AND(Import.TipoArredondamento=\"TransfereGOV\",$L176=\"F\",$C176<>\"S\",LEN($R176)>100),\"Descrição >100\",\nIF(AND(Import.TipoArredondamento=\"TransfereGOV\",$L176=\"F\",$C176=\"S\",LEN($R176)>500),\"Descrição >500\",\nIF(AND(Import.TipoArredondamento=\"TransfereGOV\",$L176=\"F\",$C176=\"S\",LEFT(TRIM(UPPER($P176)),6)<>\"SINAPI\",ISNA(VLOOKUP(TRIM(UPPER($S176)),ListaTgov.Unidades,1,FALSE))),\"Unid. Não Disp\",\n\" \"))))))))))))))))","v":" "},{"$f":"IF(C176<=CRONO.NivelExibicao,MAX($AD$15:OFFSET(AD176,-1,0))+IF($C176<>1,1,MAX(1,COUNTIF(QCI!$A$13:$A$24,OFFSET($E176,-1,0)))),\"\")","v":""},{"$f":"IF(AND($C176=\"S\",ORÇAMENTO.CodBarra<>\"\"),IF(ORÇAMENTO.Fonte=\"\",ORÇAMENTO.CodBarra,CONCATENATE(ORÇAMENTO.Fonte,\" \",ORÇAMENTO.CodBarra)))","v":false},{"$f":"IF(ISERROR(ORÇAMENTO.BancoRef),\"(abra o arquivo 'Referência \"&Excel_BuiltIn_Database&\".xlsm)\",IF(OR($C176<>\"S\",ORÇAMENTO.CodBarra=\"\"),\"(Sem Código)\",IF(ISERROR(MATCH($AE176,INDIRECT(ORÇAMENTO.BancoRef),0)),\"(Código não identificado nas referências)\",MATCH($AE176,INDIRECT(ORÇAMENTO.BancoRef),0))))","v":"(Sem Código)"},{"$f":"ROUND(IF(DESONERACAO=\"sim\",REFERENCIA.Desonerado,REFERENCIA.NaoDesonerado),2)","v":0},0.25390000000000001,null,null,null,null,2915.4,{"$f":"ROUND(ORÇAMENTO.CustoUnitario*(1+$AH176),2)","v":0}]
["S",4,"S",0,{"$f":"IF($C177=1,OFFSET(E177,-1,0)+MAX(1,COUNTIF(QCI!$A$13:$A$24,OFFSET(ORÇAMENTO!E177,-1,0))),OFFSET(E177,-1,0))","v":1},9,2,3,1,0,{"$f":"IF(OR($C177=\"S\",$C177=0),0,MATCH(OFFSET($D177,0,$C177)+IF($C177<>1,1,COUNTIF(QCI!$A$13:$A$24,ORÇAMENTO!E177)),OFFSET($D177,1,$C177,ROW($C$237)-ROW($C177)),0))","v":0},"F","Serviço","Serviço","1.9.2.3.1.","SINAPI","97741",{"$f":"IF($C177=\"S\",REFERENCIA.Descricao,\"(digite a descrição aqui)\")","v":"KIT CAVALETE PARA MEDIÇÃO DE ÁGUA - ENTRADA INDIVIDUALIZADA, EM PVC 25 MM (3/4\"), PARA 1 MEDIDOR - FORNECIMENTO E INSTALAÇÃO (EXCLUSIVE HIDRÔMETRO). AF_03/2024"},{"$f":"REFERENCIA.Unidade","v":"UN"},{"$f":"OFFSET(CÁLCULO!H$15,ROW($T177)-ROW(T$15),0)","v":5},161.52000000000001,"BDI 1",{"$f":"IF($C177=\"S\",ROUND(IF(TIPOORCAMENTO=\"Proposto\",ORÇAMENTO.CustoUnitario*(1+$AH177),ORÇAMENTO.PrecoUnitarioLicitado),15-13*$AF$10),0)","v":202.53},{"$f":"IF($C177=\"S\",IF(OR(Import.TipoArredondamento<>\"TransfereGOV\",ACOMPANHAMENTO=\"BM\"),VTOTAL1,SUM(OFFSET(CÁLCULO!$AQ$15,ROW($X177)-ROW($X$15),1):OFFSET(CÁLCULO!$BR$15,ROW($X177)-ROW($X$15),-1))),IF($C177=0,0,ROUND(SomaAgrup,15-13*$AF$11)))","v":1012.65},"RA","RA",{"$f":"IF($C177=\"S\",IF($Z177=\"CP\",$X177,IF($Z177=\"RA\",(($X177)*QCI!$AA$3),0)),SomaAgrup)","v":14.79482289534451},{"$f":"IF($C177=\"S\",IF($Z177=\"OU\",ROUND($X177,2),0),SomaAgrup)","v":0},{"$f":"IF($N177=\"\",\" \",\nIF(AND($C177<>\"S\",OR($R177=\"\",$R177=\"(digite a descrição aqui)\")),\"DESCRIÇÃO\",\nIF(AND($C177=\"S\",OR($Q177<>\"\",$T177>0,$U177>0),$P177=\"\"),\"FONTE\",\nIF(AND($C177=\"S\",$P177<>\"\",OR($T177>0,$U177>0),$Q177=\"\"),\"CÓDIGO\",\nIF(AND($C177=\"S\",$P177<>\"\",$Q177<>\"\",$R177=\"(Código não identificado nas referências)\"),\"CÓDIGO N/ID\",\nIF(AND($C177=\"S\",OR($R177=\"\",$R177=\"(digite a descrição aqui)\"),OR($Q177<>\"\",$T177>0,$U177>0)),\"DESCRIÇÃO\",\nIF(AND($C177=\"S\",$P177<>\"\",$Q177<>\"\",$S177=\"\"),\"UNIDADE\",\nIF(AND($C177=\"S\",$P177<>\"\",$Q177<>\"\",$U177=0),\"SEM CUSTO\",\nIF(AND(TIPOORCAMENTO=\"Licitado\",$AL177=0,$AN177>0),\"SEM PREÇO\",\nIF(AND($C177=\"S\",$P177<>\"\",$Q177<>\"\",$U177>0,AND($V177<>\"BDI 1\",$V177<>\"BDI 2\",$V177<>\"BDI 3\")),IF(ISNUMBER($V177),\"JUSTIFICAR BDI\",\"BDI\"),\nIF(OR(AND(import.recurso=\"OGU\",TIPOORCAMENTO=\"Proposto\",LEFT($O$8,5)<>\"(N/D:\",$AG177<>\"\",ORÇAMENTO.CustoUnitario>$AG177),AND(TIPOORCAMENTO=\"LICITADO\",ORÇAMENTO.PrecoUnitarioLicitado>$AN177)),\"ACIMA REF.\",\nIF(AND($C177=\"S\",$P177<>\"\",$Q177<>\"\",$T177=0,$U177>0),\"QUANT.\",\nIF(AND(Import.TipoArredondamento=\"TransfereGOV\",$L177=\"F\",$C177=\"S\",LEN($Q177)>13),\"Código >13\",\nIF(AND(Import.TipoArredondamento=\"TransfereGOV\",$L177=\"F\",$C177<>\"S\",LEN($R177)>100),\"Descrição >100\",\nIF(AND(Import.TipoArredondamento=\"TransfereGOV\",$L177=\"F\",$C177=\"S\",LEN($R177)>500),\"Descrição >500\",\nIF(AND(Import.TipoArredondamento=\"TransfereGOV\",$L177=\"F\",$C177=\"S\",LEFT(TRIM(UPPER($P177)),6)<>\"SINAPI\",ISNA(VLOOKUP(TRIM(UPPER($S177)),ListaTgov.Unidades,1,FALSE))),\"Unid. Não Disp\",\n\" \"))))))))))))))))","v":" "},{"$f":"IF(C177<=CRONO.NivelExibicao,MAX($AD$15:OFFSET(AD177,-1,0))+IF($C177<>1,1,MAX(1,COUNTIF(QCI!$A$13:$A$24,OFFSET($E177,-1,0)))),\"\")","v":""},{"$f":"IF(AND($C177=\"S\",ORÇAMENTO.CodBarra<>\"\"),IF(ORÇAMENTO.Fonte=\"\",ORÇAMENTO.CodBarra,CONCATENATE(ORÇAMENTO.Fonte,\" \",ORÇAMENTO.CodBarra)))","v":"SINAPI 97741"},{"$f":"IF(ISERROR(ORÇAMENTO.BancoRef),\"(abra o arquivo 'Referência \"&Excel_BuiltIn_Database&\".xlsm)\",IF(OR($C177<>\"S\",ORÇAMENTO.CodBarra=\"\"),\"(Sem Código)\",IF(ISERROR(MATCH($AE177,INDIRECT(ORÇAMENTO.BancoRef),0)),\"(Código não identificado nas referências)\",MATCH($AE177,INDIRECT(ORÇAMENTO.BancoRef),0))))","v":14955},{"$f":"ROUND(IF(DESONERACAO=\"sim\",REFERENCIA.Desonerado,REFERENCIA.NaoDesonerado),2)","v":185.75},0.25390000000000001,null,null,null,null,1012.65,{"$f":"ROUND(ORÇAMENTO.CustoUnitario*(1+$AH177),2)","v":202.53}]
[{"$f":"CHOOSE(1+LOG(1+2*(ORÇAMENTO.Nivel=\"Meta\")+4*(ORÇAMENTO.Nivel=\"Nível 2\")+8*(ORÇAMENTO.Nivel=\"Nível 3\")+16*(ORÇAMENTO.Nivel=\"Nível 4\")+32*(ORÇAMENTO.Nivel=\"Serviço\"),2),0,1,2,3,4,\"S\")","v":"S"},4,"S",0,{"$f":"IF($C178=1,OFFSET(E178,-1,0)+MAX(1,COUNTIF(QCI!$A$13:$A$24,OFFSET(ORÇAMENTO!E178,-1,0))),OFFSET(E178,-1,0))","v":1},9,2,3,2,0,{"$f":"IF(OR($C178=\"S\",$C178=0),0,MATCH(OFFSET($D178,0,$C178)+IF($C178<>1,1,COUNTIF(QCI!$A$13:$A$24,ORÇAMENTO!E178)),OFFSET($D178,1,$C178,ROW($C$237)-ROW($C178)),0))","v":0},"F","Serviço","Serviço","1.9.2.3.2.","Composição","104994_ADP-01",{"$f":"IF($C178=\"S\",REFERENCIA.Descricao,\"(digite a descrição aqui)\")","v":"CAIXA DE EMBUTIR EM POLICARBONATO PARA ABRIGO DE HIDRÔMETRO - FORNECIMENTO E INSTALAÇÃO (EXCLUSIVE HIDRÔMETRO). AF_03/2024"},{"$f":"REFERENCIA.Unidade","v":"UN"},{"$f":"OFFSET(CÁLCULO!H$15,ROW($T178)-ROW(T$15),0)","v":5},140.30000000000001,"BDI 1",{"$f":"IF($C178=\"S\",ROUND(IF(TIPOORCAMENTO=\"Proposto\",ORÇAMENTO.CustoUnitario*(1+$AH178),ORÇAMENTO.PrecoUnitarioLicitado),15-13*$AF$10),0)","v":175.92},{"$f":"IF($C178=\"S\",IF(OR(Import.TipoArredondamento<>\"TransfereGOV\",ACOMPANHAMENTO=\"BM\"),VTOTAL1,SUM(OFFSET(CÁLCULO!$AQ$15,ROW($X178)-ROW($X$15),1):OFFSET(CÁLCULO!$BR$15,ROW($X178)-ROW($X$15),-1))),IF($C178=0,0,ROUND(SomaAgrup,15-13*$AF$11)))","v":879.59999999999991},"RA","RA",{"$f":"IF($C178=\"S\",IF($Z178=\"CP\",$X178,IF($Z178=\"RA\",(($X178)*QCI!$AA$3),0)),SomaAgrup)","v":12.850961555073352},{"$f":"IF($C178=\"S\",IF($Z178=\"OU\",ROUND($X178,2),0),SomaAgrup)","v":0},{"$f":"IF($N178=\"\",\" \",\nIF(AND($C178<>\"S\",OR($R178=\"\",$R178=\"(digite a descrição aqui)\")),\"DESCRIÇÃO\",\nIF(AND($C178=\"S\",OR($Q178<>\"\",$T178>0,$U178>0),$P178=\"\"),\"FONTE\",\nIF(AND($C178=\"S\",$P178<>\"\",OR($T178>0,$U178>0),$Q178=\"\"),\"CÓDIGO\",\nIF(AND($C178=\"S\",$P178<>\"\",$Q178<>\"\",$R178=\"(Código não identificado nas referências)\"),\"CÓDIGO N/ID\",\nIF(AND($C178=\"S\",OR($R178=\"\",$R178=\"(digite a descrição aqui)\"),OR($Q178<>\"\",$T178>0,$U178>0)),\"DESCRIÇÃO\",\nIF(AND($C178=\"S\",$P178<>\"\",$Q178<>\"\",$S178=\"\"),\"UNIDADE\",\nIF(AND($C178=\"S\",$P178<>\"\",$Q178<>\"\",$U178=0),\"SEM CUSTO\",\nIF(AND(TIPOORCAMENTO=\"Licitado\",$AL178=0,$AN178>0),\"SEM PREÇO\",\nIF(AND($C178=\"S\",$P178<>\"\",$Q178<>\"\",$U178>0,AND($V178<>\"BDI 1\",$V178<>\"BDI 2\",$V178<>\"BDI 3\")),IF(ISNUMBER($V178),\"JUSTIFICAR BDI\",\"BDI\"),\nIF(OR(AND(import.recurso=\"OGU\",TIPOORCAMENTO=\"Proposto\",LEFT($O$8,5)<>\"(N/D:\",$AG178<>\"\",ORÇAMENTO.CustoUnitario>$AG178),AND(TIPOORCAMENTO=\"LICITADO\",ORÇAMENTO.PrecoUnitarioLicitado>$AN178)),\"ACIMA REF.\",\nIF(AND($C178=\"S\",$P178<>\"\",$Q178<>\"\",$T178=0,$U178>0),\"QUANT.\",\nIF(AND(Import.TipoArredondamento=\"TransfereGOV\",$L178=\"F\",$C178=\"S\",LEN($Q178)>13),\"Código >13\",\nIF(AND(Import.TipoArredondamento=\"TransfereGOV\",$L178=\"F\",$C178<>\"S\",LEN($R178)>100),\"Descrição >100\",\nIF(AND(Import.TipoArredondamento=\"TransfereGOV\",$L178=\"F\",$C178=\"S\",LEN($R178)>500),\"Descrição >500\",\nIF(AND(Import.TipoArredondamento=\"TransfereGOV\",$L178=\"F\",$C178=\"S\",LEFT(TRIM(UPPER($P178)),6)<>\"SINAPI\",ISNA(VLOOKUP(TRIM(UPPER($S178)),ListaTgov.Unidades,1,FALSE))),\"Unid. Não Disp\",\n\" \"))))))))))))))))","v":" "},{"$f":"IF(C178<=CRONO.NivelExibicao,MAX($AD$15:OFFSET(AD178,-1,0))+IF($C178<>1,1,MAX(1,COUNTIF(QCI!$A$13:$A$24,OFFSET($E178,-1,0)))),\"\")","v":""},{"$f":"IF(AND($C178=\"S\",ORÇAMENTO.CodBarra<>\"\"),IF(ORÇAMENTO.Fonte=\"\",ORÇAMENTO.CodBarra,CONCATENATE(ORÇAMENTO.Fonte,\" \",ORÇAMENTO.CodBarra)))","v":"Composição 104994_ADP-01"},{"$f":"IF(ISERROR(ORÇAMENTO.BancoRef),\"(abra o arquivo 'Referência \"&Excel_BuiltIn_Database&\".xlsm)\",IF(OR($C178<>\"S\",ORÇAMENTO.CodBarra=\"\"),\"(Sem Código)\",IF(ISERROR(MATCH($AE178,INDIRECT(ORÇAMENTO.BancoRef),0)),\"(Código não identificado nas referências)\",MATCH($AE178,INDIRECT(ORÇAMENTO.BancoRef),0))))","v":18},{"$f":"ROUND(IF(DESONERACAO=\"sim\",REFERENCIA.Desonerado,REFERENCIA.NaoDesonerado),2)","v":161.35},{"$f":"ROUND(IF(ISNUMBER(ORÇAMENTO.OpcaoBDI),ORÇAMENTO.OpcaoBDI,IF(LEFT(ORÇAMENTO.OpcaoBDI,3)=\"BDI\",HLOOKUP(ORÇAMENTO.OpcaoBDI,$F$4:$H$5,2,FALSE),0)),15-11*$AF$9)","v":0.25390000000000001},null,null,null,null,879.59999999999991,{"$f":"ROUND(ORÇAMENTO.CustoUnitario*(1+$AH178),2)","v":175.92}]
["S",4,"S",0,{"$f":"IF($C179=1,OFFSET(E179,-1,0)+MAX(1,COUNTIF(QCI!$A$13:$A$24,OFFSET(ORÇAMENTO!E179,-1,0))),OFFSET(E179,-1,0))","v":1},9,2,3,3,0,{"$f":"IF(OR($C179=\"S\",$C179=0),0,MATCH(OFFSET($D179,0,$C179)+IF($C179<>1,1,COUNTIF(QCI!$A$13:$A$24,ORÇAMENTO!E179)),OFFSET($D179,1,$C179,ROW($C$237)-ROW($C179)),0))","v":0},"F","Serviço","Serviço","1.9.2.3.3.","SINAPI","89353",{"$f":"IF($C179=\"S\",REFERENCIA.Descricao,\"(digite a descrição aqui)\")","v":"REGISTRO DE GAVETA BRUTO, LATÃO, ROSCÁVEL, 3/4\" - FORNECIMENTO E INSTALAÇÃO. AF_08/2021"},{"$f":"REFERENCIA.Unidade","v":"UN"},{"$f":"OFFSET(CÁLCULO!H$15,ROW($T179)-ROW(T$15),0)","v":5},39.26,"BDI 1",{"$f":"IF($C179=\"S\",ROUND(IF(TIPOORCAMENTO=\"Proposto\",ORÇAMENTO.CustoUnitario*(1+$AH179),ORÇAMENTO.PrecoUnitarioLicitado),15-13*$AF$10),0)","v":49.23},{"$f":"IF($C179=\"S\",IF(OR(Import.TipoArredondamento<>\"TransfereGOV\",ACOMPANHAMENTO=\"BM\"),VTOTAL1,SUM(OFFSET(CÁLCULO!$AQ$15,ROW($X179)-ROW($X$15),1):OFFSET(CÁLCULO!$BR$15,ROW($X179)-ROW($X$15),-1))),IF($C179=0,0,ROUND(SomaAgrup,15-13*$AF$11)))","v":246.14999999999998},"RA","RA",{"$f":"IF($C179=\"S\",IF($Z179=\"CP\",$X179,IF($Z179=\"RA\",(($X179)*QCI!$AA$3),0)),SomaAgrup)","v":3.5962530545490061},{"$f":"IF($C179=\"S\",IF($Z179=\"OU\",ROUND($X179,2),0),SomaAgrup)","v":0},{"$f":"IF($N179=\"\",\" \",\nIF(AND($C179<>\"S\",OR($R179=\"\",$R179=\"(digite a descrição aqui)\")),\"DESCRIÇÃO\",\nIF(AND($C179=\"S\",OR($Q179<>\"\",$T179>0,$U179>0),$P179=\"\"),\"FONTE\",\nIF(AND($C179=\"S\",$P179<>\"\",OR($T179>0,$U179>0),$Q179=\"\"),\"CÓDIGO\",\nIF(AND($C179=\"S\",$P179<>\"\",$Q179<>\"\",$R179=\"(Código não identificado nas referências)\"),\"CÓDIGO N/ID\",\nIF(AND($C179=\"S\",OR($R179=\"\",$R179=\"(digite a descrição aqui)\"),OR($Q179<>\"\",$T179>0,$U179>0)),\"DESCRIÇÃO\",\nIF(AND($C179=\"S\",$P179<>\"\",$Q179<>\"\",$S179=\"\"),\"UNIDADE\",\nIF(AND($C179=\"S\",$P179<>\"\",$Q179<>\"\",$U179=0),\"SEM CUSTO\",\nIF(AND(TIPOORCAMENTO=\"Licitado\",$AL179=0,$AN179>0),\"SEM PREÇO\",\nIF(AND($C179=\"S\",$P179<>\"\",$Q179<>\"\",$U179>0,AND($V179<>\"BDI 1\",$V179<>\"BDI 2\",$V179<>\"BDI 3\")),IF(ISNUMBER($V179),\"JUSTIFICAR BDI\",\"BDI\"),\nIF(OR(AND(import.recurso=\"OGU\",TIPOORCAMENTO=\"Proposto\",LEFT($O$8,5)<>\"(N/D:\",$AG179<>\"\",ORÇAMENTO.CustoUnitario>$AG179),AND(TIPOORCAMENTO=\"LICITADO\",ORÇAMENTO.PrecoUnitarioLicitado>$AN179)),\"ACIMA REF.\",\nIF(AND($C179=\"S\",$P179<>\"\",$Q179<>\"\",$T179=0,$U179>0),\"QUANT.\",\nIF(AND(Import.TipoArredondamento=\"TransfereGOV\",$L179=\"F\",$C179=\"S\",LEN($Q179)>13),\"Código >13\",\nIF(AND(Import.TipoArredondamento=\"TransfereGOV\",$L179=\"F\",$C179<>\"S\",LEN($R179)>100),\"Descrição >100\",\nIF(AND(Import.TipoArredondamento=\"TransfereGOV\",$L179=\"F\",$C179=\"S\",LEN($R179)>500),\"Descrição >500\",\nIF(AND(Import.TipoArredondamento=\"TransfereGOV\",$L179=\"F\",$C179=\"S\",LEFT(TRIM(UPPER($P179)),6)<>\"SINAPI\",ISNA(VLOOKUP(TRIM(UPPER($S179)),ListaTgov.Unidades,1,FALSE))),\"Unid. Não Disp\",\n\" \"))))))))))))))))","v":" "},{"$f":"IF(C179<=CRONO.NivelExibicao,MAX($AD$15:OFFSET(AD179,-1,0))+IF($C179<>1,1,MAX(1,COUNTIF(QCI!$A$13:$A$24,OFFSET($E179,-1,0)))),\"\")","v":""},{"$f":"IF(AND($C179=\"S\",ORÇAMENTO.CodBarra<>\"\"),IF(ORÇAMENTO.Fonte=\"\",ORÇAMENTO.CodBarra,CONCATENATE(ORÇAMENTO.Fonte,\" \",ORÇAMENTO.CodBarra)))","v":"SINAPI 89353"},{"$f":"IF(ISERROR(ORÇAMENTO.BancoRef),\"(abra o arquivo 'Referência \"&Excel_BuiltIn_Database&\".xlsm)\",IF(OR($C179<>\"S\",ORÇAMENTO.CodBarra=\"\"),\"(Sem Código)\",IF(ISERROR(MATCH($AE179,INDIRECT(ORÇAMENTO.BancoRef),0)),\"(Código não identificado nas referências)\",MATCH($AE179,INDIRECT(ORÇAMENTO.BancoRef),0))))","v":15596},{"$f":"ROUND(IF(DESONERACAO=\"sim\",REFERENCIA.Desonerado,REFERENCIA.NaoDesonerado),2)","v":45.15},0.25390000000000001,null,null,null,null,246.14999999999998,{"$f":"ROUND(ORÇAMENTO.CustoUnitario*(1+$AH179),2)","v":49.23}]
["S",4,"S",0,{"$f":"IF($C180=1,OFFSET(E180,-1,0)+MAX(1,COUNTIF(QCI!$A$13:$A$24,OFFSET(ORÇAMENTO!E180,-1,0))),OFFSET(E180,-1,0))","v":1},9,2,3,4,0,{"$f":"IF(OR($C180=\"S\",$C180=0),0,MATCH(OFFSET($D180,0,$C180)+IF($C180<>1,1,COUNTIF(QCI!$A$13:$A$24,ORÇAMENTO!E180)),OFFSET($D180,1,$C180,ROW($C$237)-ROW($C180)),0))","v":0},"F","Serviço","Serviço","1.9.2.3.4.","SINAPI","89402",{"$f":"IF($C180=\"S\",REFERENCIA.Descricao,\"(digite a descrição aqui)\")","v":"TUBO, PVC, SOLDÁVEL, DE 25MM, INSTALADO EM RAMAL DE DISTRIBUIÇÃO DE ÁGUA - FORNECIMENTO E INSTALAÇÃO. AF_06/2022"},{"$f":"REFERENCIA.Unidade","v":"M"},{"$f":"OFFSET(CÁLCULO!H$15,ROW($T180)-ROW(T$15),0)","v":33.75},11.93,"BDI 1",{"$f":"IF($C180=\"S\",ROUND(IF(TIPOORCAMENTO=\"Proposto\",ORÇAMENTO.CustoUnitario*(1+$AH180),ORÇAMENTO.PrecoUnitarioLicitado),15-13*$AF$10),0)","v":14.96},{"$f":"IF($C180=\"S\",IF(OR(Import.TipoArredondamento<>\"TransfereGOV\",ACOMPANHAMENTO=\"BM\"),VTOTAL1,SUM(OFFSET(CÁLCULO!$AQ$15,ROW($X180)-ROW($X$15),1):OFFSET(CÁLCULO!$BR$15,ROW($X180)-ROW($X$15),-1))),IF($C180=0,0,ROUND(SomaAgrup,15-13*$AF$11)))","v":504.90000000000003},"RA","RA",{"$f":"IF($C180=\"S\",IF($Z180=\"CP\",$X180,IF($Z180=\"RA\",(($X180)*QCI!$AA$3),0)),SomaAgrup)","v":7.3765921886727339},{"$f":"IF($C180=\"S\",IF($Z180=\"OU\",ROUND($X180,2),0),SomaAgrup)","v":0},{"$f":"IF($N180=\"\",\" \",\nIF(AND($C180<>\"S\",OR($R180=\"\",$R180=\"(digite a descrição aqui)\")),\"DESCRIÇÃO\",\nIF(AND($C180=\"S\",OR($Q180<>\"\",$T180>0,$U180>0),$P180=\"\"),\"FONTE\",\nIF(AND($C180=\"S\",$P180<>\"\",OR($T180>0,$U180>0),$Q180=\"\"),\"CÓDIGO\",\nIF(AND($C180=\"S\",$P180<>\"\",$Q180<>\"\",$R180=\"(Código não identificado nas referências)\"),\"CÓDIGO N/ID\",\nIF(AND($C180=\"S\",OR($R180=\"\",$R180=\"(digite a descrição aqui)\"),OR($Q180<>\"\",$T180>0,$U180>0)),\"DESCRIÇÃO\",\nIF(AND($C180=\"S\",$P180<>\"\",$Q180<>\"\",$S180=\"\"),\"UNIDADE\",\nIF(AND($C180=\"S\",$P180<>\"\",$Q180<>\"\",$U180=0),\"SEM CUSTO\",\nIF(AND(TIPOORCAMENTO=\"Licitado\",$AL180=0,$AN180>0),\"SEM PREÇO\",\nIF(AND($C180=\"S\",$P180<>\"\",$Q180<>\"\",$U180>0,AND($V180<>\"BDI 1\",$V180<>\"BDI 2\",$V180<>\"BDI 3\")),IF(ISNUMBER($V180),\"JUSTIFICAR BDI\",\"BDI\"),\nIF(OR(AND(import.recurso=\"OGU\",TIPOORCAMENTO=\"Proposto\",LEFT($O$8,5)<>\"(N/D:\",$AG180<>\"\",ORÇAMENTO.CustoUnitario>$AG180),AND(TIPOORCAMENTO=\"LICITADO\",ORÇAMENTO.PrecoUnitarioLicitado>$AN180)),\"ACIMA REF.\",\nIF(AND($C180=\"S\",$P180<>\"\",$Q180<>\"\",$T180=0,$U180>0),\"QUANT.\",\nIF(AND(Import.TipoArredondamento=\"TransfereGOV\",$L180=\"F\",$C180=\"S\",LEN($Q180)>13),\"Código >13\",\nIF(AND(Import.TipoArredondamento=\"TransfereGOV\",$L180=\"F\",$C180<>\"S\",LEN($R180)>100),\"Descrição >100\",\nIF(AND(Import.TipoArredondamento=\"TransfereGOV\",$L180=\"F\",$C180=\"S\",LEN($R180)>500),\"Descrição >500\",\nIF(AND(Import.TipoArredondamento=\"TransfereGOV\",$L180=\"F\",$C180=\"S\",LEFT(TRIM(UPPER($P180)),6)<>\"SINAPI\",ISNA(VLOOKUP(TRIM(UPPER($S180)),ListaTgov.Unidades,1,FALSE))),\"Unid. Não Disp\",\n\" \"))))))))))))))))","v":" "},{"$f":"IF(C180<=CRONO.NivelExibicao,MAX($AD$15:OFFSET(AD180,-1,0))+IF($C180<>1,1,MAX(1,COUNTIF(QCI!$A$13:$A$24,OFFSET($E180,-1,0)))),\"\")","v":""},{"$f":"IF(AND($C180=\"S\",ORÇAMENTO.CodBarra<>\"\"),IF(ORÇAMENTO.Fonte=\"\",ORÇAMENTO.CodBarra,CONCATENATE(ORÇAMENTO.Fonte,\" \",ORÇAMENTO.CodBarra)))","v":"SINAPI 89402"},{"$f":"IF(ISERROR(ORÇAMENTO.BancoRef),\"(abra o arquivo 'Referência \"&Excel_BuiltIn_Database&\".xlsm)\",IF(OR($C180<>\"S\",ORÇAMENTO.CodBarra=\"\"),\"(Sem Código)\",IF(ISERROR(MATCH($AE180,INDIRECT(ORÇAMENTO.BancoRef),0)),\"(Código não identificado nas referências)\",MATCH($AE180,INDIRECT(ORÇAMENTO.BancoRef),0))))","v":11648},{"$f":"ROUND(IF(DESONERACAO=\"sim\",REFERENCIA.Desonerado,REFERENCIA.NaoDesonerado),2)","v":13.73},0.25390000000000001,null,null,null,null,504.90000000000003,{"$f":"ROUND(ORÇAMENTO.CustoUnitario*(1+$AH180),2)","v":14.96}]
["S",4,"S",0,{"$f":"IF($C181=1,OFFSET(E181,-1,0)+MAX(1,COUNTIF(QCI!$A$13:$A$24,OFFSET(ORÇAMENTO!E181,-1,0))),OFFSET(E181,-1,0))","v":1},9,2,3,5,0,{"$f":"IF(OR($C181=\"S\",$C181=0),0,MATCH(OFFSET($D181,0,$C181)+IF($C181<>1,1,COUNTIF(QCI!$A$13:$A$24,ORÇAMENTO!E181)),OFFSET($D181,1,$C181,ROW($C$237)-ROW($C181)),0))","v":0},"F","Serviço","Serviço","1.9.2.3.5.","SINAPI","89446",{"$f":"IF($C181=\"S\",REFERENCIA.Descricao,\"(digite a descrição aqui)\")","v":"TUBO, PVC, SOLDÁVEL, DE 25MM, INSTALADO EM PRUMADA DE ÁGUA - FORNECIMENTO E INSTALAÇÃO. AF_06/2022"},{"$f":"REFERENCIA.Unidade","v":"M"},{"$f":"OFFSET(CÁLCULO!H$15,ROW($T181)-ROW(T$15),0)","v":15},4.53,"BDI 1",{"$f":"IF($C181=\"S\",ROUND(IF(TIPOORCAMENTO=\"Proposto\",ORÇAMENTO.CustoUnitario*(1+$AH181),ORÇAMENTO.PrecoUnitarioLicitado),15-13*$AF$10),0)","v":5.68},{"$f":"IF($C181=\"S\",IF(OR(Import.TipoArredondamento<>\"TransfereGOV\",ACOMPANHAMENTO=\"BM\"),VTOTAL1,SUM(OFFSET(CÁLCULO!$AQ$15,ROW($X181)-ROW($X$15),1):OFFSET(CÁLCULO!$BR$15,ROW($X181)-ROW($X$15),-1))),IF($C181=0,0,ROUND(SomaAgrup,15-13*$AF$11)))","v":85.199999999999989},"RA","RA",{"$f":"IF($C181=\"S\",IF($Z181=\"CP\",$X181,IF($Z181=\"RA\",(($X181)*QCI!$AA$3),0)),SomaAgrup)","v":1.2447725380766821},{"$f":"IF($C181=\"S\",IF($Z181=\"OU\",ROUND($X181,2),0),SomaAgrup)","v":0},{"$f":"IF($N181=\"\",\" \",\nIF(AND($C181<>\"S\",OR($R181=\"\",$R181=\"(digite a descrição aqui)\")),\"DESCRIÇÃO\",\nIF(AND($C181=\"S\",OR($Q181<>\"\",$T181>0,$U181>0),$P181=\"\"),\"FONTE\",\nIF(AND($C181=\"S\",$P181<>\"\",OR($T181>0,$U181>0),$Q181=\"\"),\"CÓDIGO\",\nIF(AND($C181=\"S\",$P181<>\"\",$Q181<>\"\",$R181=\"(Código não identificado nas referências)\"),\"CÓDIGO N/ID\",\nIF(AND($C181=\"S\",OR($R181=\"\",$R181=\"(digite a descrição aqui)\"),OR($Q181<>\"\",$T181>0,$U181>0)),\"DESCRIÇÃO\",\nIF(AND($C181=\"S\",$P181<>\"\",$Q181<>\"\",$S181=\"\"),\"UNIDADE\",\nIF(AND($C181=\"S\",$P181<>\"\",$Q181<>\"\",$U181=0),\"SEM CUSTO\",\nIF(AND(TIPOORCAMENTO=\"Licitado\",$AL181=0,$AN181>0),\"SEM PREÇO\",\nIF(AND($C181=\"S\",$P181<>\"\",$Q181<>\"\",$U181>0,AND($V181<>\"BDI 1\",$V181<>\"BDI 2\",$V181<>\"BDI 3\")),IF(ISNUMBER($V181),\"JUSTIFICAR BDI\",\"BDI\"),\nIF(OR(AND(import.recurso=\"OGU\",TIPOORCAMENTO=\"Proposto\",LEFT($O$8,5)<>\"(N/D:\",$AG181<>\"\",ORÇAMENTO.CustoUnitario>$AG181),AND(TIPOORCAMENTO=\"LICITADO\",ORÇAMENTO.PrecoUnitarioLicitado>$AN181)),\"ACIMA REF.\",\nIF(AND($C181=\"S\",$P181<>\"\",$Q181<>\"\",$T181=0,$U181>0),\"QUANT.\",\nIF(AND(Import.TipoArredondamento=\"TransfereGOV\",$L181=\"F\",$C181=\"S\",LEN($Q181)>13),\"Código >13\",\nIF(AND(Import.TipoArredondamento=\"TransfereGOV\",$L181=\"F\",$C181<>\"S\",LEN($R181)>100),\"Descrição >100\",\nIF(AND(Import.TipoArredondamento=\"TransfereGOV\",$L181=\"F\",$C181=\"S\",LEN($R181)>500),\"Descrição >500\",\nIF(AND(Import.TipoArredondamento=\"TransfereGOV\",$L181=\"F\",$C181=\"S\",LEFT(TRIM(UPPER($P181)),6)<>\"SINAPI\",ISNA(VLOOKUP(TRIM(UPPER($S181)),ListaTgov.Unidades,1,FALSE))),\"Unid. Não Disp\",\n\" \"))))))))))))))))","v":" "},{"$f":"IF(C181<=CRONO.NivelExibicao,MAX($AD$15:OFFSET(AD181,-1,0))+IF($C181<>1,1,MAX(1,COUNTIF(QCI!$A$13:$A$24,OFFSET($E181,-1,0)))),\"\")","v":""},{"$f":"IF(AND($C181=\"S\",ORÇAMENTO.CodBarra<>\"\"),IF(ORÇAMENTO.Fonte=\"\",ORÇAMENTO.CodBarra,CONCATENATE(ORÇAMENTO.Fonte,\" \",ORÇAMENTO.CodBarra)))","v":"SINAPI 89446"},{"$f":"IF(ISERROR(ORÇAMENTO.BancoRef),\"(abra o arquivo 'Referência \"&Excel_BuiltIn_Database&\".xlsm)\",IF(OR($C181<>\"S\",ORÇAMENTO.CodBarra=\"\"),\"(Sem Código)\",IF(ISERROR(MATCH($AE181,INDIRECT(ORÇAMENTO.BancoRef),0)),\"(Código não identificado nas referências)\",MATCH($AE181,INDIRECT(ORÇAMENTO.BancoRef),0))))","v":11647},{"$f":"ROUND(IF(DESONERACAO=\"sim\",REFERENCIA.Desonerado,REFERENCIA.NaoDesonerado),2)","v":5.21},0.25390000000000001,null,null,null,null,85.199999999999989,{"$f":"ROUND(ORÇAMENTO.CustoUnitario*(1+$AH181),2)","v":5.68}]
["S",4,"S",0,{"$f":"IF($C182=1,OFFSET(E182,-1,0)+MAX(1,COUNTIF(QCI!$A$13:$A$24,OFFSET(ORÇAMENTO!E182,-1,0))),OFFSET(E182,-1,0))","v":1},9,2,3,6,0,{"$f":"IF(OR($C182=\"S\",$C182=0),0,MATCH(OFFSET($D182,0,$C182)+IF($C182<>1,1,COUNTIF(QCI!$A$13:$A$24,ORÇAMENTO!E182)),OFFSET($D182,1,$C182,ROW($C$237)-ROW($C182)),0))","v":0},"F","Serviço","Serviço","1.9.2.3.6.","SINAPI","89408",{"$f":"IF($C182=\"S\",REFERENCIA.Descricao,\"(digite a descrição aqui)\")","v":"JOELHO 90 GRAUS, PVC, SOLDÁVEL, DN 25MM, INSTALADO EM RAMAL DE DISTRIBUIÇÃO DE ÁGUA - FORNECIMENTO E INSTALAÇÃO. AF_06/2022"},{"$f":"REFERENCIA.Unidade","v":"UN"},{"$f":"OFFSET(CÁLCULO!H$15,ROW($T182)-ROW(T$15),0)","v":10},8.84,"BDI 1",{"$f":"IF($C182=\"S\",ROUND(IF(TIPOORCAMENTO=\"Proposto\",ORÇAMENTO.CustoUnitario*(1+$AH182),ORÇAMENTO.PrecoUnitarioLicitado),15-13*$AF$10),0)","v":11.08},{"$f":"IF($C182=\"S\",IF(OR(Import.TipoArredondamento<>\"TransfereGOV\",ACOMPANHAMENTO=\"BM\"),VTOTAL1,SUM(OFFSET(CÁLCULO!$AQ$15,ROW($X182)-ROW($X$15),1):OFFSET(CÁLCULO!$BR$15,ROW($X182)-ROW($X$15),-1))),IF($C182=0,0,ROUND(SomaAgrup,15-13*$AF$11)))","v":110.8},"RA","RA",{"$f":"IF($C182=\"S\",IF($Z182=\"CP\",$X182,IF($Z182=\"RA\",(($X182)*QCI!$AA$3),0)),SomaAgrup)","v":1.6187886997523051},{"$f":"IF($C182=\"S\",IF($Z182=\"OU\",ROUND($X182,2),0),SomaAgrup)","v":0},{"$f":"IF($N182=\"\",\" \",\nIF(AND($C182<>\"S\",OR($R182=\"\",$R182=\"(digite a descrição aqui)\")),\"DESCRIÇÃO\",\nIF(AND($C182=\"S\",OR($Q182<>\"\",$T182>0,$U182>0),$P182=\"\"),\"FONTE\",\nIF(AND($C182=\"S\",$P182<>\"\",OR($T182>0,$U182>0),$Q182=\"\"),\"CÓDIGO\",\nIF(AND($C182=\"S\",$P182<>\"\",$Q182<>\"\",$R182=\"(Código não identificado nas referências)\"),\"CÓDIGO N/ID\",\nIF(AND($C182=\"S\",OR($R182=\"\",$R182=\"(digite a descrição aqui)\"),OR($Q182<>\"\",$T182>0,$U182>0)),\"DESCRIÇÃO\",\nIF(AND($C182=\"S\",$P182<>\"\",$Q182<>\"\",$S182=\"\"),\"UNIDADE\",\nIF(AND($C182=\"S\",$P182<>\"\",$Q182<>\"\",$U182=0),\"SEM CUSTO\",\nIF(AND(TIPOORCAMENTO=\"Licitado\",$AL182=0,$AN182>0),\"SEM PREÇO\",\nIF(AND($C182=\"S\",$P182<>\"\",$Q182<>\"\",$U182>0,AND($V182<>\"BDI 1\",$V182<>\"BDI 2\",$V182<>\"BDI 3\")),IF(ISNUMBER($V182),\"JUSTIFICAR BDI\",\"BDI\"),\nIF(OR(AND(import.recurso=\"OGU\",TIPOORCAMENTO=\"Proposto\",LEFT($O$8,5)<>\"(N/D:\",$AG182<>\"\",ORÇAMENTO.CustoUnitario>$AG182),AND(TIPOORCAMENTO=\"LICITADO\",ORÇAMENTO.PrecoUnitarioLicitado>$AN182)),\"ACIMA REF.\",\nIF(AND($C182=\"S\",$P182<>\"\",$Q182<>\"\",$T182=0,$U182>0),\"QUANT.\",\nIF(AND(Import.TipoArredondamento=\"TransfereGOV\",$L182=\"F\",$C182=\"S\",LEN($Q182)>13),\"Código >13\",\nIF(AND(Import.TipoArredondamento=\"TransfereGOV\",$L182=\"F\",$C182<>\"S\",LEN($R182)>100),\"Descrição >100\",\nIF(AND(Import.TipoArredondamento=\"TransfereGOV\",$L182=\"F\",$C182=\"S\",LEN($R182)>500),\"Descrição >500\",\nIF(AND(Import.TipoArredondamento=\"TransfereGOV\",$L182=\"F\",$C182=\"S\",LEFT(TRIM(UPPER($P182)),6)<>\"SINAPI\",ISNA(VLOOKUP(TRIM(UPPER($S182)),ListaTgov.Unidades,1,FALSE))),\"Unid. Não Disp\",\n\" \"))))))))))))))))","v":" "},{"$f":"IF(C182<=CRONO.NivelExibicao,MAX($AD$15:OFFSET(AD182,-1,0))+IF($C182<>1,1,MAX(1,COUNTIF(QCI!$A$13:$A$24,OFFSET($E182,-1,0)))),\"\")","v":""},{"$f":"IF(AND($C182=\"S\",ORÇAMENTO.CodBarra<>\"\"),IF(ORÇAMENTO.Fonte=\"\",ORÇAMENTO.CodBarra,CONCATENATE(ORÇAMENTO.Fonte,\" \",ORÇAMENTO.CodBarra)))","v":"SINAPI 89408"},{"$f":"IF(ISERROR(ORÇAMENTO.BancoRef),\"(abra o arquivo 'Referência \"&Excel_BuiltIn_Database&\".xlsm)\",IF(OR($C182<>\"S\",ORÇAMENTO.CodBarra=\"\"),\"(Sem Código)\",IF(ISERROR(MATCH($AE182,INDIRECT(ORÇAMENTO.BancoRef),0)),\"(Código não identificado nas referências)\",MATCH($AE182,INDIRECT(ORÇAMENTO.BancoRef),0))))","v":11554},{"$f":"ROUND(IF(DESONERACAO=\"sim\",REFERENCIA.Desonerado,REFERENCIA.NaoDesonerado),2)","v":10.17},0.25390000000000001,null,null,null,null,110.8,{"$f":"ROUND(ORÇAMENTO.CustoUnitario*(1+$AH182),2)","v":11.08}]
["S",4,"S",0,{"$f":"IF($C183=1,OFFSET(E183,-1,0)+MAX(1,COUNTIF(QCI!$A$13:$A$24,OFFSET(ORÇAMENTO!E183,-1,0))),OFFSET(E183,-1,0))","v":1},9,2,3,7,0,{"$f":"IF(OR($C183=\"S\",$C183=0),0,MATCH(OFFSET($D183,0,$C183)+IF($C183<>1,1,COUNTIF(QCI!$A$13:$A$24,ORÇAMENTO!E183)),OFFSET($D183,1,$C183,ROW($C$237)-ROW($C183)),0))","v":0},"F","Serviço","Serviço","1.9.2.3.7.","SINAPI","89440",{"$f":"IF($C183=\"S\",REFERENCIA.Descricao,\"(digite a descrição aqui)\")","v":"TE, PVC, SOLDÁVEL, DN 25MM, INSTALADO EM RAMAL DE DISTRIBUIÇÃO DE ÁGUA - FORNECIMENTO E INSTALAÇÃO. AF_06/2022"},{"$f":"REFERENCIA.Unidade","v":"UN"},{"$f":"OFFSET(CÁLCULO!H$15,ROW($T183)-ROW(T$15),0)","v":5},12.14,"BDI 1",{"$f":"IF($C183=\"S\",ROUND(IF(TIPOORCAMENTO=\"Proposto\",ORÇAMENTO.CustoUnitario*(1+$AH183),ORÇAMENTO.PrecoUnitarioLicitado),15-13*$AF$10),0)","v":15.22},{"$f":"IF($C183=\"S\",IF(OR(Import.TipoArredondamento<>\"TransfereGOV\",ACOMPANHAMENTO=\"BM\"),VTOTAL1,SUM(OFFSET(CÁLCULO!$AQ$15,ROW($X183)-ROW($X$15),1):OFFSET(CÁLCULO!$BR$15,ROW($X183)-ROW($X$15),-1))),IF($C183=0,0,ROUND(SomaAgrup,15-13*$AF$11)))","v":76.100000000000009},"RA","RA",{"$f":"IF($C183=\"S\",IF($Z183=\"CP\",$X183,IF($Z183=\"RA\",(($X183)*QCI!$AA$3),0)),SomaAgrup)","v":1.1118214806060509},{"$f":"IF($C183=\"S\",IF($Z183=\"OU\",ROUND($X183,2),0),SomaAgrup)","v":0},{"$f":"IF($N183=\"\",\" \",\nIF(AND($C183<>\"S\",OR($R183=\"\",$R183=\"(digite a descrição aqui)\")),\"DESCRIÇÃO\",\nIF(AND($C183=\"S\",OR($Q183<>\"\",$T183>0,$U183>0),$P183=\"\"),\"FONTE\",\nIF(AND($C183=\"S\",$P183<>\"\",OR($T183>0,$U183>0),$Q183=\"\"),\"CÓDIGO\",\nIF(AND($C183=\"S\",$P183<>\"\",$Q183<>\"\",$R183=\"(Código não identificado nas referências)\"),\"CÓDIGO N/ID\",\nIF(AND($C183=\"S\",OR($R183=\"\",$R183=\"(digite a descrição aqui)\"),OR($Q183<>\"\",$T183>0,$U183>0)),\"DESCRIÇÃO\",\nIF(AND($C183=\"S\",$P183<>\"\",$Q183<>\"\",$S183=\"\"),\"UNIDADE\",\nIF(AND($C183=\"S\",$P183<>\"\",$Q183<>\"\",$U183=0),\"SEM CUSTO\",\nIF(AND(TIPOORCAMENTO=\"Licitado\",$AL183=0,$AN183>0),\"SEM PREÇO\",\nIF(AND($C183=\"S\",$P183<>\"\",$Q183<>\"\",$U183>0,AND($V183<>\"BDI 1\",$V183<>\"BDI 2\",$V183<>\"BDI 3\")),IF(ISNUMBER($V183),\"JUSTIFICAR BDI\",\"BDI\"),\nIF(OR(AND(import.recurso=\"OGU\",TIPOORCAMENTO=\"Proposto\",LEFT($O$8,5)<>\"(N/D:\",$AG183<>\"\",ORÇAMENTO.CustoUnitario>$AG183),AND(TIPOORCAMENTO=\"LICITADO\",ORÇAMENTO.PrecoUnitarioLicitado>$AN183)),\"ACIMA REF.\",\nIF(AND($C183=\"S\",$P183<>\"\",$Q183<>\"\",$T183=0,$U183>0),\"QUANT.\",\nIF(AND(Import.TipoArredondamento=\"TransfereGOV\",$L183=\"F\",$C183=\"S\",LEN($Q183)>13),\"Código >13\",\nIF(AND(Import.TipoArredondamento=\"TransfereGOV\",$L183=\"F\",$C183<>\"S\",LEN($R183)>100),\"Descrição >100\",\nIF(AND(Import.TipoArredondamento=\"TransfereGOV\",$L183=\"F\",$C183=\"S\",LEN($R183)>500),\"Descrição >500\",\nIF(AND(Import.TipoArredondamento=\"TransfereGOV\",$L183=\"F\",$C183=\"S\",LEFT(TRIM(UPPER($P183)),6)<>\"SINAPI\",ISNA(VLOOKUP(TRIM(UPPER($S183)),ListaTgov.Unidades,1,FALSE))),\"Unid. Não Disp\",\n\" \"))))))))))))))))","v":" "},{"$f":"IF(C183<=CRONO.NivelExibicao,MAX($AD$15:OFFSET(AD183,-1,0))+IF($C183<>1,1,MAX(1,COUNTIF(QCI!$A$13:$A$24,OFFSET($E183,-1,0)))),\"\")","v":""},{"$f":"IF(AND($C183=\"S\",ORÇAMENTO.CodBarra<>\"\"),IF(ORÇAMENTO.Fonte=\"\",ORÇAMENTO.CodBarra,CONCATENATE(ORÇAMENTO.Fonte,\" \",ORÇAMENTO.CodBarra)))","v":"SINAPI 89440"},{"$f":"IF(ISERROR(ORÇAMENTO.BancoRef),\"(abra o arquivo 'Referência \"&Excel_BuiltIn_Database&\".xlsm)\",IF(OR($C183<>\"S\",ORÇAMENTO.CodBarra=\"\"),\"(Sem Código)\",IF(ISERROR(MATCH($AE183,INDIRECT(ORÇAMENTO.BancoRef),0)),\"(Código não identificado nas referências)\",MATCH($AE183,INDIRECT(ORÇAMENTO.BancoRef),0))))","v":11633},{"$f":"ROUND(IF(DESONERACAO=\"sim\",REFERENCIA.Desonerado,REFERENCIA.NaoDesonerado),2)","v":13.97},0.25390000000000001,null,null,null,null,76.100000000000009,{"$f":"ROUND(ORÇAMENTO.CustoUnitario*(1+$AH183),2)","v":15.22}]
[4,4,4,15,{"$f":"IF($C184=1,OFFSET(E184,-1,0)+MAX(1,COUNTIF(QCI!$A$13:$A$24,OFFSET(ORÇAMENTO!E184,-1,0))),OFFSET(E184,-1,0))","v":1},9,2,4,0,15,{"$f":"IF(OR($C184=\"S\",$C184=0),0,MATCH(OFFSET($D184,0,$C184)+IF($C184<>1,1,COUNTIF(QCI!$A$13:$A$24,ORÇAMENTO!E184)),OFFSET($D184,1,$C184,ROW($C$237)-ROW($C184)),0))","v":{"$error":"#N/A"}},"F","Nível 4","Nível 4","1.9.2.4.","","","CAIXA D'ÁGUA E BARRILETE",null,{"$f":"OFFSET(CÁLCULO!H$15,ROW($T184)-ROW(T$15),0)","v":0},0,"BDI 1",{"$f":"IF($C184=\"S\",ROUND(IF(TIPOORCAMENTO=\"Proposto\",ORÇAMENTO.CustoUnitario*(1+$AH184),ORÇAMENTO.PrecoUnitarioLicitado),15-13*$AF$10),0)","v":0},{"$f":"IF($C184=\"S\",IF(OR(Import.TipoArredondamento<>\"TransfereGOV\",ACOMPANHAMENTO=\"BM\"),VTOTAL1,SUM(OFFSET(CÁLCULO!$AQ$15,ROW($X184)-ROW($X$15),1):OFFSET(CÁLCULO!$BR$15,ROW($X184)-ROW($X$15),-1))),IF($C184=0,0,ROUND(SomaAgrup,15-13*$AF$11)))","v":5247.4},"RA","",{"$f":"IF($C184=\"S\",IF($Z184=\"CP\",$X184,IF($Z184=\"RA\",(($X184)*QCI!$AA$3),0)),SomaAgrup)","v":76.664547139713406},{"$f":"IF($C184=\"S\",IF($Z184=\"OU\",ROUND($X184,2),0),SomaAgrup)","v":0},{"$f":"IF($N184=\"\",\" \",\nIF(AND($C184<>\"S\",OR($R184=\"\",$R184=\"(digite a descrição aqui)\")),\"DESCRIÇÃO\",\nIF(AND($C184=\"S\",OR($Q184<>\"\",$T184>0,$U184>0),$P184=\"\"),\"FONTE\",\nIF(AND($C184=\"S\",$P184<>\"\",OR($T184>0,$U184>0),$Q184=\"\"),\"CÓDIGO\",\nIF(AND($C184=\"S\",$P184<>\"\",$Q184<>\"\",$R184=\"(Código não identificado nas referências)\"),\"CÓDIGO N/ID\",\nIF(AND($C184=\"S\",OR($R184=\"\",$R184=\"(digite a descrição aqui)\"),OR($Q184<>\"\",$T184>0,$U184>0)),\"DESCRIÇÃO\",\nIF(AND($C184=\"S\",$P184<>\"\",$Q184<>\"\",$S184=\"\"),\"UNIDADE\",\nIF(AND($C184=\"S\",$P184<>\"\",$Q184<>\"\",$U184=0),\"SEM CUSTO\",\nIF(AND(TIPOORCAMENTO=\"Licitado\",$AL184=0,$AN184>0),\"SEM PREÇO\",\nIF(AND($C184=\"S\",$P184<>\"\",$Q184<>\"\",$U184>0,AND($V184<>\"BDI 1\",$V184<>\"BDI 2\",$V184<>\"BDI 3\")),IF(ISNUMBER($V184),\"JUSTIFICAR BDI\",\"BDI\"),\nIF(OR(AND(import.recurso=\"OGU\",TIPOORCAMENTO=\"Proposto\",LEFT($O$8,5)<>\"(N/D:\",$AG184<>\"\",ORÇAMENTO.CustoUnitario>$AG184),AND(TIPOORCAMENTO=\"LICITADO\",ORÇAMENTO.PrecoUnitarioLicitado>$AN184)),\"ACIMA REF.\",\nIF(AND($C184=\"S\",$P184<>\"\",$Q184<>\"\",$T184=0,$U184>0),\"QUANT.\",\nIF(AND(Import.TipoArredondamento=\"TransfereGOV\",$L184=\"F\",$C184=\"S\",LEN($Q184)>13),\"Código >13\",\nIF(AND(Import.TipoArredondamento=\"TransfereGOV\",$L184=\"F\",$C184<>\"S\",LEN($R184)>100),\"Descrição >100\",\nIF(AND(Import.TipoArredondamento=\"TransfereGOV\",$L184=\"F\",$C184=\"S\",LEN($R184)>500),\"Descrição >500\",\nIF(AND(Import.TipoArredondamento=\"TransfereGOV\",$L184=\"F\",$C184=\"S\",LEFT(TRIM(UPPER($P184)),6)<>\"SINAPI\",ISNA(VLOOKUP(TRIM(UPPER($S184)),ListaTgov.Unidades,1,FALSE))),\"Unid. Não Disp\",\n\" \"))))))))))))))))","v":" "},{"$f":"IF(C184<=CRONO.NivelExibicao,MAX($AD$15:OFFSET(AD184,-1,0))+IF($C184<>1,1,MAX(1,COUNTIF(QCI!$A$13:$A$24,OFFSET($E184,-1,0)))),\"\")","v":""},{"$f":"IF(AND($C184=\"S\",ORÇAMENTO.CodBarra<>\"\"),IF(ORÇAMENTO.Fonte=\"\",ORÇAMENTO.CodBarra,CONCATENATE(ORÇAMENTO.Fonte,\" \",ORÇAMENTO.CodBarra)))","v":false},{"$f":"IF(ISERROR(ORÇAMENTO.BancoRef),\"(abra o arquivo 'Referência \"&Excel_BuiltIn_Database&\".xlsm)\",IF(OR($C184<>\"S\",ORÇAMENTO.CodBarra=\"\"),\"(Sem Código)\",IF(ISERROR(MATCH($AE184,INDIRECT(ORÇAMENTO.BancoRef),0)),\"(Código não identificado nas referências)\",MATCH($AE184,INDIRECT(ORÇAMENTO.BancoRef),0))))","v":"(Sem Código)"},{"$f":"ROUND(IF(DESONERACAO=\"sim\",REFERENCIA.Desonerado,REFERENCIA.NaoDesonerado),2)","v":0},0.25390000000000001,null,null,null,null,5247.4,{"$f":"ROUND(ORÇAMENTO.CustoUnitario*(1+$AH184),2)","v":0}]
["S",4,"S",0,{"$f":"IF($C185=1,OFFSET(E185,-1,0)+MAX(1,COUNTIF(QCI!$A$13:$A$24,OFFSET(ORÇAMENTO!E185,-1,0))),OFFSET(E185,-1,0))","v":1},9,2,4,1,0,{"$f":"IF(OR($C185=\"S\",$C185=0),0,MATCH(OFFSET($D185,0,$C185)+IF($C185<>1,1,COUNTIF(QCI!$A$13:$A$24,ORÇAMENTO!E185)),OFFSET($D185,1,$C185,ROW($C$237)-ROW($C185)),0))","v":0},"F","Serviço","Serviço","1.9.2.4.1.","SINAPI","102605",{"$f":"IF($C185=\"S\",REFERENCIA.Descricao,\"(digite a descrição aqui)\")","v":"CAIXA D´ÁGUA EM POLIETILENO, 500 LITROS - FORNECIMENTO E INSTALAÇÃO. AF_06/2021"},{"$f":"REFERENCIA.Unidade","v":"UN"},{"$f":"OFFSET(CÁLCULO!H$15,ROW($T185)-ROW(T$15),0)","v":5},270,"BDI 1",{"$f":"IF($C185=\"S\",ROUND(IF(TIPOORCAMENTO=\"Proposto\",ORÇAMENTO.CustoUnitario*(1+$AH185),ORÇAMENTO.PrecoUnitarioLicitado),15-13*$AF$10),0)","v":338.55},{"$f":"IF($C185=\"S\",IF(OR(Import.TipoArredondamento<>\"TransfereGOV\",ACOMPANHAMENTO=\"BM\"),VTOTAL1,SUM(OFFSET(CÁLCULO!$AQ$15,ROW($X185)-ROW($X$15),1):OFFSET(CÁLCULO!$BR$15,ROW($X185)-ROW($X$15),-1))),IF($C185=0,0,ROUND(SomaAgrup,15-13*$AF$11)))","v":1692.75},"RA","RA",{"$f":"IF($C185=\"S\",IF($Z185=\"CP\",$X185,IF($Z185=\"RA\",(($X185)*QCI!$AA$3),0)),SomaAgrup)","v":24.731088190484787},{"$f":"IF($C185=\"S\",IF($Z185=\"OU\",ROUND($X185,2),0),SomaAgrup)","v":0},{"$f":"IF($N185=\"\",\" \",\nIF(AND($C185<>\"S\",OR($R185=\"\",$R185=\"(digite a descrição aqui)\")),\"DESCRIÇÃO\",\nIF(AND($C185=\"S\",OR($Q185<>\"\",$T185>0,$U185>0),$P185=\"\"),\"FONTE\",\nIF(AND($C185=\"S\",$P185<>\"\",OR($T185>0,$U185>0),$Q185=\"\"),\"CÓDIGO\",\nIF(AND($C185=\"S\",$P185<>\"\",$Q185<>\"\",$R185=\"(Código não identificado nas referências)\"),\"CÓDIGO N/ID\",\nIF(AND($C185=\"S\",OR($R185=\"\",$R185=\"(digite a descrição aqui)\"),OR($Q185<>\"\",$T185>0,$U185>0)),\"DESCRIÇÃO\",\nIF(AND($C185=\"S\",$P185<>\"\",$Q185<>\"\",$S185=\"\"),\"UNIDADE\",\nIF(AND($C185=\"S\",$P185<>\"\",$Q185<>\"\",$U185=0),\"SEM CUSTO\",\nIF(AND(TIPOORCAMENTO=\"Licitado\",$AL185=0,$AN185>0),\"SEM PREÇO\",\nIF(AND($C185=\"S\",$P185<>\"\",$Q185<>\"\",$U185>0,AND($V185<>\"BDI 1\",$V185<>\"BDI 2\",$V185<>\"BDI 3\")),IF(ISNUMBER($V185),\"JUSTIFICAR BDI\",\"BDI\"),\nIF(OR(AND(import.recurso=\"OGU\",TIPOORCAMENTO=\"Proposto\",LEFT($O$8,5)<>\"(N/D:\",$AG185<>\"\",ORÇAMENTO.CustoUnitario>$AG185),AND(TIPOORCAMENTO=\"LICITADO\",ORÇAMENTO.PrecoUnitarioLicitado>$AN185)),\"ACIMA REF.\",\nIF(AND($C185=\"S\",$P185<>\"\",$Q185<>\"\",$T185=0,$U185>0),\"QUANT.\",\nIF(AND(Import.TipoArredondamento=\"TransfereGOV\",$L185=\"F\",$C185=\"S\",LEN($Q185)>13),\"Código >13\",\nIF(AND(Import.TipoArredondamento=\"TransfereGOV\",$L185=\"F\",$C185<>\"S\",LEN($R185)>100),\"Descrição >100\",\nIF(AND(Import.TipoArredondamento=\"TransfereGOV\",$L185=\"F\",$C185=\"S\",LEN($R185)>500),\"Descrição >500\",\nIF(AND(Import.TipoArredondamento=\"TransfereGOV\",$L185=\"F\",$C185=\"S\",LEFT(TRIM(UPPER($P185)),6)<>\"SINAPI\",ISNA(VLOOKUP(TRIM(UPPER($S185)),ListaTgov.Unidades,1,FALSE))),\"Unid. Não Disp\",\n\" \"))))))))))))))))","v":" "},{"$f":"IF(C185<=CRONO.NivelExibicao,MAX($AD$15:OFFSET(AD185,-1,0))+IF($C185<>1,1,MAX(1,COUNTIF(QCI!$A$13:$A$24,OFFSET($E185,-1,0)))),\"\")","v":""},{"$f":"IF(AND($C185=\"S\",ORÇAMENTO.CodBarra<>\"\"),IF(ORÇAMENTO.Fonte=\"\",ORÇAMENTO.CodBarra,CONCATENATE(ORÇAMENTO.Fonte,\" \",ORÇAMENTO.CodBarra)))","v":"SINAPI 102605"},{"$f":"IF(ISERROR(ORÇAMENTO.BancoRef),\"(abra o arquivo 'Referência \"&Excel_BuiltIn_Database&\".xlsm)\",IF(OR($C185<>\"S\",ORÇAMENTO.CodBarra=\"\"),\"(Sem Código)\",IF(ISERROR(MATCH($AE185,INDIRECT(ORÇAMENTO.BancoRef),0)),\"(Código não identificado nas referências)\",MATCH($AE185,INDIRECT(ORÇAMENTO.BancoRef),0))))","v":7159},{"$f":"ROUND(IF(DESONERACAO=\"sim\",REFERENCIA.Desonerado,REFERENCIA.NaoDesonerado),2)","v":310.5},0.25390000000000001,null,null,null,null,1692.75,{"$f":"ROUND(ORÇAMENTO.CustoUnitario*(1+$AH185),2)","v":338.55}]
["S",4,"S",0,{"$f":"IF($C186=1,OFFSET(E186,-1,0)+MAX(1,COUNTIF(QCI!$A$13:$A$24,OFFSET(ORÇAMENTO!E186,-1,0))),OFFSET(E186,-1,0))","v":1},9,2,4,2,0,{"$f":"IF(OR($C186=\"S\",$C186=0),0,MATCH(OFFSET($D186,0,$C186)+IF($C186<>1,1,COUNTIF(QCI!$A$13:$A$24,ORÇAMENTO!E186)),OFFSET($D186,1,$C186,ROW($C$237)-ROW($C186)),0))","v":0},"F","Serviço","Serviço","1.9.2.4.2.","SINAPI","102591",{"$f":"IF($C186=\"S\",REFERENCIA.Descricao,\"(digite a descrição aqui)\")","v":"FURO EM CAIXA D'ÁGUA COM ESPESSURA DE 2 ATÉ 5 MM E DIÂMETRO DE 25 MM. AF_06/2021"},{"$f":"REFERENCIA.Unidade","v":"UN"},{"$f":"OFFSET(CÁLCULO!H$15,ROW($T186)-ROW(T$15),0)","v":5},4.5199999999999996,"BDI 1",{"$f":"IF($C186=\"S\",ROUND(IF(TIPOORCAMENTO=\"Proposto\",ORÇAMENTO.CustoUnitario*(1+$AH186),ORÇAMENTO.PrecoUnitarioLicitado),15-13*$AF$10),0)","v":5.67},{"$f":"IF($C186=\"S\",IF(OR(Import.TipoArredondamento<>\"TransfereGOV\",ACOMPANHAMENTO=\"BM\"),VTOTAL1,SUM(OFFSET(CÁLCULO!$AQ$15,ROW($X186)-ROW($X$15),1):OFFSET(CÁLCULO!$BR$15,ROW($X186)-ROW($X$15),-1))),IF($C186=0,0,ROUND(SomaAgrup,15-13*$AF$11)))","v":28.35},"RA","RA",{"$f":"IF($C186=\"S\",IF($Z186=\"CP\",$X186,IF($Z186=\"RA\",(($X186)*QCI!$AA$3),0)),SomaAgrup)","v":0.41419367904312143},{"$f":"IF($C186=\"S\",IF($Z186=\"OU\",ROUND($X186,2),0),SomaAgrup)","v":0},{"$f":"IF($N186=\"\",\" \",\nIF(AND($C186<>\"S\",OR($R186=\"\",$R186=\"(digite a descrição aqui)\")),\"DESCRIÇÃO\",\nIF(AND($C186=\"S\",OR($Q186<>\"\",$T186>0,$U186>0),$P186=\"\"),\"FONTE\",\nIF(AND($C186=\"S\",$P186<>\"\",OR($T186>0,$U186>0),$Q186=\"\"),\"CÓDIGO\",\nIF(AND($C186=\"S\",$P186<>\"\",$Q186<>\"\",$R186=\"(Código não identificado nas referências)\"),\"CÓDIGO N/ID\",\nIF(AND($C186=\"S\",OR($R186=\"\",$R186=\"(digite a descrição aqui)\"),OR($Q186<>\"\",$T186>0,$U186>0)),\"DESCRIÇÃO\",\nIF(AND($C186=\"S\",$P186<>\"\",$Q186<>\"\",$S186=\"\"),\"UNIDADE\",\nIF(AND($C186=\"S\",$P186<>\"\",$Q186<>\"\",$U186=0),\"SEM CUSTO\",\nIF(AND(TIPOORCAMENTO=\"Licitado\",$AL186=0,$AN186>0),\"SEM PREÇO\",\nIF(AND($C186=\"S\",$P186<>\"\",$Q186<>\"\",$U186>0,AND($V186<>\"BDI 1\",$V186<>\"BDI 2\",$V186<>\"BDI 3\")),IF(ISNUMBER($V186),\"JUSTIFICAR BDI\",\"BDI\"),\nIF(OR(AND(import.recurso=\"OGU\",TIPOORCAMENTO=\"Proposto\",LEFT($O$8,5)<>\"(N/D:\",$AG186<>\"\",ORÇAMENTO.CustoUnitario>$AG186),AND(TIPOORCAMENTO=\"LICITADO\",ORÇAMENTO.PrecoUnitarioLicitado>$AN186)),\"ACIMA REF.\",\nIF(AND($C186=\"S\",$P186<>\"\",$Q186<>\"\",$T186=0,$U186>0),\"QUANT.\",\nIF(AND(Import.TipoArredondamento=\"TransfereGOV\",$L186=\"F\",$C186=\"S\",LEN($Q186)>13),\"Código >13\",\nIF(AND(Import.TipoArredondamento=\"TransfereGOV\",$L186=\"F\",$C186<>\"S\",LEN($R186)>100),\"Descrição >100\",\nIF(AND(Import.TipoArredondamento=\"TransfereGOV\",$L186=\"F\",$C186=\"S\",LEN($R186)>500),\"Descrição >500\",\nIF(AND(Import.TipoArredondamento=\"TransfereGOV\",$L186=\"F\",$C186=\"S\",LEFT(TRIM(UPPER($P186)),6)<>\"SINAPI\",ISNA(VLOOKUP(TRIM(UPPER($S186)),ListaTgov.Unidades,1,FALSE))),\"Unid. Não Disp\",\n\" \"))))))))))))))))","v":" "},{"$f":"IF(C186<=CRONO.NivelExibicao,MAX($AD$15:OFFSET(AD186,-1,0))+IF($C186<>1,1,MAX(1,COUNTIF(QCI!$A$13:$A$24,OFFSET($E186,-1,0)))),\"\")","v":""},{"$f":"IF(AND($C186=\"S\",ORÇAMENTO.CodBarra<>\"\"),IF(ORÇAMENTO.Fonte=\"\",ORÇAMENTO.CodBarra,CONCATENATE(ORÇAMENTO.Fonte,\" \",ORÇAMENTO.CodBarra)))","v":"SINAPI 102591"},{"$f":"IF(ISERROR(ORÇAMENTO.BancoRef),\"(abra o arquivo 'Referência \"&Excel_BuiltIn_Database&\".xlsm)\",IF(OR($C186<>\"S\",ORÇAMENTO.CodBarra=\"\"),\"(Sem Código)\",IF(ISERROR(MATCH($AE186,INDIRECT(ORÇAMENTO.BancoRef),0)),\"(Código não identificado nas referências)\",MATCH($AE186,INDIRECT(ORÇAMENTO.BancoRef),0))))","v":7175},{"$f":"ROUND(IF(DESONERACAO=\"sim\",REFERENCIA.Desonerado,REFERENCIA.NaoDesonerado),2)","v":5.2},0.25390000000000001,null,null,null,null,28.35,{"$f":"ROUND(ORÇAMENTO.CustoUnitario*(1+$AH186),2)","v":5.67}]
["S",4,"S",0,{"$f":"IF($C187=1,OFFSET(E187,-1,0)+MAX(1,COUNTIF(QCI!$A$13:$A$24,OFFSET(ORÇAMENTO!E187,-1,0))),OFFSET(E187,-1,0))","v":1},9,2,4,3,0,{"$f":"IF(OR($C187=\"S\",$C187=0),0,MATCH(OFFSET($D187,0,$C187)+IF($C187<>1,1,COUNTIF(QCI!$A$13:$A$24,ORÇAMENTO!E187)),OFFSET($D187,1,$C187,ROW($C$237)-ROW($C187)),0))","v":0},"F","Serviço","Serviço","1.9.2.4.3.","SINAPI","102593",{"$f":"IF($C187=\"S\",REFERENCIA.Descricao,\"(digite a descrição aqui)\")","v":"FURO EM CAIXA D'ÁGUA COM ESPESSURA DE 2 ATÉ 5 MM E DIÂMETRO DE 32 MM. AF_06/2021"},{"$f":"REFERENCIA.Unidade","v":"UN"},{"$f":"OFFSET(CÁLCULO!H$15,ROW($T187)-ROW(T$15),0)","v":10},5.09,"BDI 1",{"$f":"IF($C187=\"S\",ROUND(IF(TIPOORCAMENTO=\"Proposto\",ORÇAMENTO.CustoUnitario*(1+$AH187),ORÇAMENTO.PrecoUnitarioLicitado),15-13*$AF$10),0)","v":6.38},{"$f":"IF($C187=\"S\",IF(OR(Import.TipoArredondamento<>\"TransfereGOV\",ACOMPANHAMENTO=\"BM\"),VTOTAL1,SUM(OFFSET(CÁLCULO!$AQ$15,ROW($X187)-ROW($X$15),1):OFFSET(CÁLCULO!$BR$15,ROW($X187)-ROW($X$15),-1))),IF($C187=0,0,ROUND(SomaAgrup,15-13*$AF$11)))","v":63.8},"RA","RA",{"$f":"IF($C187=\"S\",IF($Z187=\"CP\",$X187,IF($Z187=\"RA\",(($X187)*QCI!$AA$3),0)),SomaAgrup)","v":0.93211840292596626},{"$f":"IF($C187=\"S\",IF($Z187=\"OU\",ROUND($X187,2),0),SomaAgrup)","v":0},{"$f":"IF($N187=\"\",\" \",\nIF(AND($C187<>\"S\",OR($R187=\"\",$R187=\"(digite a descrição aqui)\")),\"DESCRIÇÃO\",\nIF(AND($C187=\"S\",OR($Q187<>\"\",$T187>0,$U187>0),$P187=\"\"),\"FONTE\",\nIF(AND($C187=\"S\",$P187<>\"\",OR($T187>0,$U187>0),$Q187=\"\"),\"CÓDIGO\",\nIF(AND($C187=\"S\",$P187<>\"\",$Q187<>\"\",$R187=\"(Código não identificado nas referências)\"),\"CÓDIGO N/ID\",\nIF(AND($C187=\"S\",OR($R187=\"\",$R187=\"(digite a descrição aqui)\"),OR($Q187<>\"\",$T187>0,$U187>0)),\"DESCRIÇÃO\",\nIF(AND($C187=\"S\",$P187<>\"\",$Q187<>\"\",$S187=\"\"),\"UNIDADE\",\nIF(AND($C187=\"S\",$P187<>\"\",$Q187<>\"\",$U187=0),\"SEM CUSTO\",\nIF(AND(TIPOORCAMENTO=\"Licitado\",$AL187=0,$AN187>0),\"SEM PREÇO\",\nIF(AND($C187=\"S\",$P187<>\"\",$Q187<>\"\",$U187>0,AND($V187<>\"BDI 1\",$V187<>\"BDI 2\",$V187<>\"BDI 3\")),IF(ISNUMBER($V187),\"JUSTIFICAR BDI\",\"BDI\"),\nIF(OR(AND(import.recurso=\"OGU\",TIPOORCAMENTO=\"Proposto\",LEFT($O$8,5)<>\"(N/D:\",$AG187<>\"\",ORÇAMENTO.CustoUnitario>$AG187),AND(TIPOORCAMENTO=\"LICITADO\",ORÇAMENTO.PrecoUnitarioLicitado>$AN187)),\"ACIMA REF.\",\nIF(AND($C187=\"S\",$P187<>\"\",$Q187<>\"\",$T187=0,$U187>0),\"QUANT.\",\nIF(AND(Import.TipoArredondamento=\"TransfereGOV\",$L187=\"F\",$C187=\"S\",LEN($Q187)>13),\"Código >13\",\nIF(AND(Import.TipoArredondamento=\"TransfereGOV\",$L187=\"F\",$C187<>\"S\",LEN($R187)>100),\"Descrição >100\",\nIF(AND(Import.TipoArredondamento=\"TransfereGOV\",$L187=\"F\",$C187=\"S\",LEN($R187)>500),\"Descrição >500\",\nIF(AND(Import.TipoArredondamento=\"TransfereGOV\",$L187=\"F\",$C187=\"S\",LEFT(TRIM(UPPER($P187)),6)<>\"SINAPI\",ISNA(VLOOKUP(TRIM(UPPER($S187)),ListaTgov.Unidades,1,FALSE))),\"Unid. Não Disp\",\n\" \"))))))))))))))))","v":" "},{"$f":"IF(C187<=CRONO.NivelExibicao,MAX($AD$15:OFFSET(AD187,-1,0))+IF($C187<>1,1,MAX(1,COUNTIF(QCI!$A$13:$A$24,OFFSET($E187,-1,0)))),\"\")","v":""},{"$f":"IF(AND($C187=\"S\",ORÇAMENTO.CodBarra<>\"\"),IF(ORÇAMENTO.Fonte=\"\",ORÇAMENTO.CodBarra,CONCATENATE(ORÇAMENTO.Fonte,\" \",ORÇAMENTO.CodBarra)))","v":"SINAPI 102593"},{"$f":"IF(ISERROR(ORÇAMENTO.BancoRef),\"(abra o arquivo 'Referência \"&Excel_BuiltIn_Database&\".xlsm)\",IF(OR($C187<>\"S\",ORÇAMENTO.CodBarra=\"\"),\"(Sem Código)\",IF(ISERROR(MATCH($AE187,INDIRECT(ORÇAMENTO.BancoRef),0)),\"(Código não identificado nas referências)\",MATCH($AE187,INDIRECT(ORÇAMENTO.BancoRef),0))))","v":7176},{"$f":"ROUND(IF(DESONERACAO=\"sim\",REFERENCIA.Desonerado,REFERENCIA.NaoDesonerado),2)","v":5.86},0.25390000000000001,null,null,null,null,63.8,{"$f":"ROUND(ORÇAMENTO.CustoUnitario*(1+$AH187),2)","v":6.38}]
["S",4,"S",0,{"$f":"IF($C188=1,OFFSET(E188,-1,0)+MAX(1,COUNTIF(QCI!$A$13:$A$24,OFFSET(ORÇAMENTO!E188,-1,0))),OFFSET(E188,-1,0))","v":1},9,2,4,4,0,{"$f":"IF(OR($C188=\"S\",$C188=0),0,MATCH(OFFSET($D188,0,$C188)+IF($C188<>1,1,COUNTIF(QCI!$A$13:$A$24,ORÇAMENTO!E188)),OFFSET($D188,1,$C188,ROW($C$237)-ROW($C188)),0))","v":0},"F","Serviço","Serviço","1.9.2.4.4.","SINAPI","94703",{"$f":"IF($C188=\"S\",REFERENCIA.Descricao,\"(digite a descrição aqui)\")","v":"ADAPTADOR COM FLANGE E ANEL DE VEDAÇÃO, PVC, SOLDÁVEL, DN 25 MM X 3/4\", INSTALADO EM RESERVAÇÃO PREDIAL DE ÁGUA - FORNECIMENTO E INSTALAÇÃO. AF_04/2024"},{"$f":"REFERENCIA.Unidade","v":"UN"},{"$f":"OFFSET(CÁLCULO!H$15,ROW($T188)-ROW(T$15),0)","v":5},17.489999999999998,"BDI 1",{"$f":"IF($C188=\"S\",ROUND(IF(TIPOORCAMENTO=\"Proposto\",ORÇAMENTO.CustoUnitario*(1+$AH188),ORÇAMENTO.PrecoUnitarioLicitado),15-13*$AF$10),0)","v":21.93},{"$f":"IF($C188=\"S\",IF(OR(Import.TipoArredondamento<>\"TransfereGOV\",ACOMPANHAMENTO=\"BM\"),VTOTAL1,SUM(OFFSET(CÁLCULO!$AQ$15,ROW($X188)-ROW($X$15),1):OFFSET(CÁLCULO!$BR$15,ROW($X188)-ROW($X$15),-1))),IF($C188=0,0,ROUND(SomaAgrup,15-13*$AF$11)))","v":109.65},"RA","RA",{"$f":"IF($C188=\"S\",IF($Z188=\"CP\",$X188,IF($Z188=\"RA\",(($X188)*QCI!$AA$3),0)),SomaAgrup)","v":1.601987192489533},{"$f":"IF($C188=\"S\",IF($Z188=\"OU\",ROUND($X188,2),0),SomaAgrup)","v":0},{"$f":"IF($N188=\"\",\" \",\nIF(AND($C188<>\"S\",OR($R188=\"\",$R188=\"(digite a descrição aqui)\")),\"DESCRIÇÃO\",\nIF(AND($C188=\"S\",OR($Q188<>\"\",$T188>0,$U188>0),$P188=\"\"),\"FONTE\",\nIF(AND($C188=\"S\",$P188<>\"\",OR($T188>0,$U188>0),$Q188=\"\"),\"CÓDIGO\",\nIF(AND($C188=\"S\",$P188<>\"\",$Q188<>\"\",$R188=\"(Código não identificado nas referências)\"),\"CÓDIGO N/ID\",\nIF(AND($C188=\"S\",OR($R188=\"\",$R188=\"(digite a descrição aqui)\"),OR($Q188<>\"\",$T188>0,$U188>0)),\"DESCRIÇÃO\",\nIF(AND($C188=\"S\",$P188<>\"\",$Q188<>\"\",$S188=\"\"),\"UNIDADE\",\nIF(AND($C188=\"S\",$P188<>\"\",$Q188<>\"\",$U188=0),\"SEM CUSTO\",\nIF(AND(TIPOORCAMENTO=\"Licitado\",$AL188=0,$AN188>0),\"SEM PREÇO\",\nIF(AND($C188=\"S\",$P188<>\"\",$Q188<>\"\",$U188>0,AND($V188<>\"BDI 1\",$V188<>\"BDI 2\",$V188<>\"BDI 3\")),IF(ISNUMBER($V188),\"JUSTIFICAR BDI\",\"BDI\"),\nIF(OR(AND(import.recurso=\"OGU\",TIPOORCAMENTO=\"Proposto\",LEFT($O$8,5)<>\"(N/D:\",$AG188<>\"\",ORÇAMENTO.CustoUnitario>$AG188),AND(TIPOORCAMENTO=\"LICITADO\",ORÇAMENTO.PrecoUnitarioLicitado>$AN188)),\"ACIMA REF.\",\nIF(AND($C188=\"S\",$P188<>\"\",$Q188<>\"\",$T188=0,$U188>0),\"QUANT.\",\nIF(AND(Import.TipoArredondamento=\"TransfereGOV\",$L188=\"F\",$C188=\"S\",LEN($Q188)>13),\"Código >13\",\nIF(AND(Import.TipoArredondamento=\"TransfereGOV\",$L188=\"F\",$C188<>\"S\",LEN($R188)>100),\"Descrição >100\",\nIF(AND(Import.TipoArredondamento=\"TransfereGOV\",$L188=\"F\",$C188=\"S\",LEN($R188)>500),\"Descrição >500\",\nIF(AND(Import.TipoArredondamento=\"TransfereGOV\",$L188=\"F\",$C188=\"S\",LEFT(TRIM(UPPER($P188)),6)<>\"SINAPI\",ISNA(VLOOKUP(TRIM(UPPER($S188)),ListaTgov.Unidades,1,FALSE))),\"Unid. Não Disp\",\n\" \"))))))))))))))))","v":" "},{"$f":"IF(C188<=CRONO.NivelExibicao,MAX($AD$15:OFFSET(AD188,-1,0))+IF($C188<>1,1,MAX(1,COUNTIF(QCI!$A$13:$A$24,OFFSET($E188,-1,0)))),\"\")","v":""},{"$f":"IF(AND($C188=\"S\",ORÇAMENTO.CodBarra<>\"\"),IF(ORÇAMENTO.Fonte=\"\",ORÇAMENTO.CodBarra,CONCATENATE(ORÇAMENTO.Fonte,\" \",ORÇAMENTO.CodBarra)))","v":"SINAPI 94703"},{"$f":"IF(ISERROR(ORÇAMENTO.BancoRef),\"(abra o arquivo 'Referência \"&Excel_BuiltIn_Database&\".xlsm)\",IF(OR($C188<>\"S\",ORÇAMENTO.CodBarra=\"\"),\"(Sem Código)\",IF(ISERROR(MATCH($AE188,INDIRECT(ORÇAMENTO.BancoRef),0)),\"(Código não identificado nas referências)\",MATCH($AE188,INDIRECT(ORÇAMENTO.BancoRef),0))))","v":10826},{"$f":"ROUND(IF(DESONERACAO=\"sim\",REFERENCIA.Desonerado,REFERENCIA.NaoDesonerado),2)","v":20.12},0.25390000000000001,null,null,null,null,109.65,{"$f":"ROUND(ORÇAMENTO.CustoUnitario*(1+$AH188),2)","v":21.93}]
["S",4,"S",0,{"$f":"IF($C189=1,OFFSET(E189,-1,0)+MAX(1,COUNTIF(QCI!$A$13:$A$24,OFFSET(ORÇAMENTO!E189,-1,0))),OFFSET(E189,-1,0))","v":1},9,2,4,5,0,{"$f":"IF(OR($C189=\"S\",$C189=0),0,MATCH(OFFSET($D189,0,$C189)+IF($C189<>1,1,COUNTIF(QCI!$A$13:$A$24,ORÇAMENTO!E189)),OFFSET($D189,1,$C189,ROW($C$237)-ROW($C189)),0))","v":0},"F","Serviço","Serviço","1.9.2.4.5.","SINAPI","94704",{"$f":"IF($C189=\"S\",REFERENCIA.Descricao,\"(digite a descrição aqui)\")","v":"ADAPTADOR COM FLANGE E ANEL DE VEDAÇÃO, PVC, SOLDÁVEL, DN 32 MM X 1\", INSTALADO EM RESERVAÇÃO PREDIAL DE ÁGUA - FORNECIMENTO E INSTALAÇÃO. AF_04/2024"},{"$f":"REFERENCIA.Unidade","v":"UN"},{"$f":"OFFSET(CÁLCULO!H$15,ROW($T189)-ROW(T$15),0)","v":10},22.87,"BDI 1",{"$f":"IF($C189=\"S\",ROUND(IF(TIPOORCAMENTO=\"Proposto\",ORÇAMENTO.CustoUnitario*(1+$AH189),ORÇAMENTO.PrecoUnitarioLicitado),15-13*$AF$10),0)","v":28.68},{"$f":"IF($C189=\"S\",IF(OR(Import.TipoArredondamento<>\"TransfereGOV\",ACOMPANHAMENTO=\"BM\"),VTOTAL1,SUM(OFFSET(CÁLCULO!$AQ$15,ROW($X189)-ROW($X$15),1):OFFSET(CÁLCULO!$BR$15,ROW($X189)-ROW($X$15),-1))),IF($C189=0,0,ROUND(SomaAgrup,15-13*$AF$11)))","v":286.8},"RA","RA",{"$f":"IF($C189=\"S\",IF($Z189=\"CP\",$X189,IF($Z189=\"RA\",(($X189)*QCI!$AA$3),0)),SomaAgrup)","v":4.190149811272212},{"$f":"IF($C189=\"S\",IF($Z189=\"OU\",ROUND($X189,2),0),SomaAgrup)","v":0},{"$f":"IF($N189=\"\",\" \",\nIF(AND($C189<>\"S\",OR($R189=\"\",$R189=\"(digite a descrição aqui)\")),\"DESCRIÇÃO\",\nIF(AND($C189=\"S\",OR($Q189<>\"\",$T189>0,$U189>0),$P189=\"\"),\"FONTE\",\nIF(AND($C189=\"S\",$P189<>\"\",OR($T189>0,$U189>0),$Q189=\"\"),\"CÓDIGO\",\nIF(AND($C189=\"S\",$P189<>\"\",$Q189<>\"\",$R189=\"(Código não identificado nas referências)\"),\"CÓDIGO N/ID\",\nIF(AND($C189=\"S\",OR($R189=\"\",$R189=\"(digite a descrição aqui)\"),OR($Q189<>\"\",$T189>0,$U189>0)),\"DESCRIÇÃO\",\nIF(AND($C189=\"S\",$P189<>\"\",$Q189<>\"\",$S189=\"\"),\"UNIDADE\",\nIF(AND($C189=\"S\",$P189<>\"\",$Q189<>\"\",$U189=0),\"SEM CUSTO\",\nIF(AND(TIPOORCAMENTO=\"Licitado\",$AL189=0,$AN189>0),\"SEM PREÇO\",\nIF(AND($C189=\"S\",$P189<>\"\",$Q189<>\"\",$U189>0,AND($V189<>\"BDI 1\",$V189<>\"BDI 2\",$V189<>\"BDI 3\")),IF(ISNUMBER($V189),\"JUSTIFICAR BDI\",\"BDI\"),\nIF(OR(AND(import.recurso=\"OGU\",TIPOORCAMENTO=\"Proposto\",LEFT($O$8,5)<>\"(N/D:\",$AG189<>\"\",ORÇAMENTO.CustoUnitario>$AG189),AND(TIPOORCAMENTO=\"LICITADO\",ORÇAMENTO.PrecoUnitarioLicitado>$AN189)),\"ACIMA REF.\",\nIF(AND($C189=\"S\",$P189<>\"\",$Q189<>\"\",$T189=0,$U189>0),\"QUANT.\",\nIF(AND(Import.TipoArredondamento=\"TransfereGOV\",$L189=\"F\",$C189=\"S\",LEN($Q189)>13),\"Código >13\",\nIF(AND(Import.TipoArredondamento=\"TransfereGOV\",$L189=\"F\",$C189<>\"S\",LEN($R189)>100),\"Descrição >100\",\nIF(AND(Import.TipoArredondamento=\"TransfereGOV\",$L189=\"F\",$C189=\"S\",LEN($R189)>500),\"Descrição >500\",\nIF(AND(Import.TipoArredondamento=\"TransfereGOV\",$L189=\"F\",$C189=\"S\",LEFT(TRIM(UPPER($P189)),6)<>\"SINAPI\",ISNA(VLOOKUP(TRIM(UPPER($S189)),ListaTgov.Unidades,1,FALSE))),\"Unid. Não Disp\",\n\" \"))))))))))))))))","v":" "},{"$f":"IF(C189<=CRONO.NivelExibicao,MAX($AD$15:OFFSET(AD189,-1,0))+IF($C189<>1,1,MAX(1,COUNTIF(QCI!$A$13:$A$24,OFFSET($E189,-1,0)))),\"\")","v":""},{"$f":"IF(AND($C189=\"S\",ORÇAMENTO.CodBarra<>\"\"),IF(ORÇAMENTO.Fonte=\"\",ORÇAMENTO.CodBarra,CONCATENATE(ORÇAMENTO.Fonte,\" \",ORÇAMENTO.CodBarra)))","v":"SINAPI 94704"},{"$f":"IF(ISERROR(ORÇAMENTO.BancoRef),\"(abra o arquivo 'Referência \"&Excel_BuiltIn_Database&\".xlsm)\",IF(OR($C189<>\"S\",ORÇAMENTO.CodBarra=\"\"),\"(Sem Código)\",IF(ISERROR(MATCH($AE189,INDIRECT(ORÇAMENTO.BancoRef),0)),\"(Código não identificado nas referências)\",MATCH($AE189,INDIRECT(ORÇAMENTO.BancoRef),0))))","v":10827},{"$f":"ROUND(IF(DESONERACAO=\"sim\",REFERENCIA.Desonerado,REFERENCIA.NaoDesonerado),2)","v":26.31},0.25390000000000001,null,null,null,null,286.8,{"$f":"ROUND(ORÇAMENTO.CustoUnitario*(1+$AH189),2)","v":28.68}]
["S",4,"S",0,{"$f":"IF($C190=1,OFFSET(E190,-1,0)+MAX(1,COUNTIF(QCI!$A$13:$A$24,OFFSET(ORÇAMENTO!E190,-1,0))),OFFSET(E190,-1,0))","v":1},9,2,4,6,0,{"$f":"IF(OR($C190=\"S\",$C190=0),0,MATCH(OFFSET($D190,0,$C190)+IF($C190<>1,1,COUNTIF(QCI!$A$13:$A$24,ORÇAMENTO!E190)),OFFSET($D190,1,$C190,ROW($C$237)-ROW($C190)),0))","v":0},"F","Serviço","Serviço","1.9.2.4.6.","SINAPI","94796",{"$f":"IF($C190=\"S\",REFERENCIA.Descricao,\"(digite a descrição aqui)\")","v":"TORNEIRA DE BOIA PARA CAIXA D'ÁGUA, ROSCÁVEL, 3/4\" - FORNECIMENTO E INSTALAÇÃO. AF_08/2021"},{"$f":"REFERENCIA.Unidade","v":"UN"},{"$f":"OFFSET(CÁLCULO!H$15,ROW($T190)-ROW(T$15),0)","v":5},36.340000000000003,"BDI 1",{"$f":"IF($C190=\"S\",ROUND(IF(TIPOORCAMENTO=\"Proposto\",ORÇAMENTO.CustoUnitario*(1+$AH190),ORÇAMENTO.PrecoUnitarioLicitado),15-13*$AF$10),0)","v":45.57},{"$f":"IF($C190=\"S\",IF(OR(Import.TipoArredondamento<>\"TransfereGOV\",ACOMPANHAMENTO=\"BM\"),VTOTAL1,SUM(OFFSET(CÁLCULO!$AQ$15,ROW($X190)-ROW($X$15),1):OFFSET(CÁLCULO!$BR$15,ROW($X190)-ROW($X$15),-1))),IF($C190=0,0,ROUND(SomaAgrup,15-13*$AF$11)))","v":227.85},"RA","RA",{"$f":"IF($C190=\"S\",IF($Z190=\"CP\",$X190,IF($Z190=\"RA\",(($X190)*QCI!$AA$3),0)),SomaAgrup)","v":3.3288899389761979},{"$f":"IF($C190=\"S\",IF($Z190=\"OU\",ROUND($X190,2),0),SomaAgrup)","v":0},{"$f":"IF($N190=\"\",\" \",\nIF(AND($C190<>\"S\",OR($R190=\"\",$R190=\"(digite a descrição aqui)\")),\"DESCRIÇÃO\",\nIF(AND($C190=\"S\",OR($Q190<>\"\",$T190>0,$U190>0),$P190=\"\"),\"FONTE\",\nIF(AND($C190=\"S\",$P190<>\"\",OR($T190>0,$U190>0),$Q190=\"\"),\"CÓDIGO\",\nIF(AND($C190=\"S\",$P190<>\"\",$Q190<>\"\",$R190=\"(Código não identificado nas referências)\"),\"CÓDIGO N/ID\",\nIF(AND($C190=\"S\",OR($R190=\"\",$R190=\"(digite a descrição aqui)\"),OR($Q190<>\"\",$T190>0,$U190>0)),\"DESCRIÇÃO\",\nIF(AND($C190=\"S\",$P190<>\"\",$Q190<>\"\",$S190=\"\"),\"UNIDADE\",\nIF(AND($C190=\"S\",$P190<>\"\",$Q190<>\"\",$U190=0),\"SEM CUSTO\",\nIF(AND(TIPOORCAMENTO=\"Licitado\",$AL190=0,$AN190>0),\"SEM PREÇO\",\nIF(AND($C190=\"S\",$P190<>\"\",$Q190<>\"\",$U190>0,AND($V190<>\"BDI 1\",$V190<>\"BDI 2\",$V190<>\"BDI 3\")),IF(ISNUMBER($V190),\"JUSTIFICAR BDI\",\"BDI\"),\nIF(OR(AND(import.recurso=\"OGU\",TIPOORCAMENTO=\"Proposto\",LEFT($O$8,5)<>\"(N/D:\",$AG190<>\"\",ORÇAMENTO.CustoUnitario>$AG190),AND(TIPOORCAMENTO=\"LICITADO\",ORÇAMENTO.PrecoUnitarioLicitado>$AN190)),\"ACIMA REF.\",\nIF(AND($C190=\"S\",$P190<>\"\",$Q190<>\"\",$T190=0,$U190>0),\"QUANT.\",\nIF(AND(Import.TipoArredondamento=\"TransfereGOV\",$L190=\"F\",$C190=\"S\",LEN($Q190)>13),\"Código >13\",\nIF(AND(Import.TipoArredondamento=\"TransfereGOV\",$L190=\"F\",$C190<>\"S\",LEN($R190)>100),\"Descrição >100\",\nIF(AND(Import.TipoArredondamento=\"TransfereGOV\",$L190=\"F\",$C190=\"S\",LEN($R190)>500),\"Descrição >500\",\nIF(AND(Import.TipoArredondamento=\"TransfereGOV\",$L190=\"F\",$C190=\"S\",LEFT(TRIM(UPPER($P190)),6)<>\"SINAPI\",ISNA(VLOOKUP(TRIM(UPPER($S190)),ListaTgov.Unidades,1,FALSE))),\"Unid. Não Disp\",\n\" \"))))))))))))))))","v":" "},{"$f":"IF(C190<=CRONO.NivelExibicao,MAX($AD$15:OFFSET(AD190,-1,0))+IF($C190<>1,1,MAX(1,COUNTIF(QCI!$A$13:$A$24,OFFSET($E190,-1,0)))),\"\")","v":""},{"$f":"IF(AND($C190=\"S\",ORÇAMENTO.CodBarra<>\"\"),IF(ORÇAMENTO.Fonte=\"\",ORÇAMENTO.CodBarra,CONCATENATE(ORÇAMENTO.Fonte,\" \",ORÇAMENTO.CodBarra)))","v":"SINAPI 94796"},{"$f":"IF(ISERROR(ORÇAMENTO.BancoRef),\"(abra o arquivo 'Referência \"&Excel_BuiltIn_Database&\".xlsm)\",IF(OR($C190<>\"S\",ORÇAMENTO.CodBarra=\"\"),\"(Sem Código)\",IF(ISERROR(MATCH($AE190,INDIRECT(ORÇAMENTO.BancoRef),0)),\"(Código não identificado nas referências)\",MATCH($AE190,INDIRECT(ORÇAMENTO.BancoRef),0))))","v":15617},{"$f":"ROUND(IF(DESONERACAO=\"sim\",REFERENCIA.Desonerado,REFERENCIA.NaoDesonerado),2)","v":41.8},0.25390000000000001,null,null,null,null,227.85,{"$f":"ROUND(ORÇAMENTO.CustoUnitario*(1+$AH190),2)","v":45.57}]
["S",4,"S",0,{"$f":"IF($C191=1,OFFSET(E191,-1,0)+MAX(1,COUNTIF(QCI!$A$13:$A$24,OFFSET(ORÇAMENTO!E191,-1,0))),OFFSET(E191,-1,0))","v":1},9,2,4,7,0,{"$f":"IF(OR($C191=\"S\",$C191=0),0,MATCH(OFFSET($D191,0,$C191)+IF($C191<>1,1,COUNTIF(QCI!$A$13:$A$24,ORÇAMENTO!E191)),OFFSET($D191,1,$C191,ROW($C$237)-ROW($C191)),0))","v":0},"F","Serviço","Serviço","1.9.2.4.7.","SINAPI","89408",{"$f":"IF($C191=\"S\",REFERENCIA.Descricao,\"(digite a descrição aqui)\")","v":"JOELHO 90 GRAUS, PVC, SOLDÁVEL, DN 25MM, INSTALADO EM RAMAL DE DISTRIBUIÇÃO DE ÁGUA - FORNECIMENTO E INSTALAÇÃO. AF_06/2022"},{"$f":"REFERENCIA.Unidade","v":"UN"},{"$f":"OFFSET(CÁLCULO!H$15,ROW($T191)-ROW(T$15),0)","v":40},8.84,"BDI 1",{"$f":"IF($C191=\"S\",ROUND(IF(TIPOORCAMENTO=\"Proposto\",ORÇAMENTO.CustoUnitario*(1+$AH191),ORÇAMENTO.PrecoUnitarioLicitado),15-13*$AF$10),0)","v":11.08},{"$f":"IF($C191=\"S\",IF(OR(Import.TipoArredondamento<>\"TransfereGOV\",ACOMPANHAMENTO=\"BM\"),VTOTAL1,SUM(OFFSET(CÁLCULO!$AQ$15,ROW($X191)-ROW($X$15),1):OFFSET(CÁLCULO!$BR$15,ROW($X191)-ROW($X$15),-1))),IF($C191=0,0,ROUND(SomaAgrup,15-13*$AF$11)))","v":443.2},"RA","RA",{"$f":"IF($C191=\"S\",IF($Z191=\"CP\",$X191,IF($Z191=\"RA\",(($X191)*QCI!$AA$3),0)),SomaAgrup)","v":6.4751547990092204},{"$f":"IF($C191=\"S\",IF($Z191=\"OU\",ROUND($X191,2),0),SomaAgrup)","v":0},{"$f":"IF($N191=\"\",\" \",\nIF(AND($C191<>\"S\",OR($R191=\"\",$R191=\"(digite a descrição aqui)\")),\"DESCRIÇÃO\",\nIF(AND($C191=\"S\",OR($Q191<>\"\",$T191>0,$U191>0),$P191=\"\"),\"FONTE\",\nIF(AND($C191=\"S\",$P191<>\"\",OR($T191>0,$U191>0),$Q191=\"\"),\"CÓDIGO\",\nIF(AND($C191=\"S\",$P191<>\"\",$Q191<>\"\",$R191=\"(Código não identificado nas referências)\"),\"CÓDIGO N/ID\",\nIF(AND($C191=\"S\",OR($R191=\"\",$R191=\"(digite a descrição aqui)\"),OR($Q191<>\"\",$T191>0,$U191>0)),\"DESCRIÇÃO\",\nIF(AND($C191=\"S\",$P191<>\"\",$Q191<>\"\",$S191=\"\"),\"UNIDADE\",\nIF(AND($C191=\"S\",$P191<>\"\",$Q191<>\"\",$U191=0),\"SEM CUSTO\",\nIF(AND(TIPOORCAMENTO=\"Licitado\",$AL191=0,$AN191>0),\"SEM PREÇO\",\nIF(AND($C191=\"S\",$P191<>\"\",$Q191<>\"\",$U191>0,AND($V191<>\"BDI 1\",$V191<>\"BDI 2\",$V191<>\"BDI 3\")),IF(ISNUMBER($V191),\"JUSTIFICAR BDI\",\"BDI\"),\nIF(OR(AND(import.recurso=\"OGU\",TIPOORCAMENTO=\"Proposto\",LEFT($O$8,5)<>\"(N/D:\",$AG191<>\"\",ORÇAMENTO.CustoUnitario>$AG191),AND(TIPOORCAMENTO=\"LICITADO\",ORÇAMENTO.PrecoUnitarioLicitado>$AN191)),\"ACIMA REF.\",\nIF(AND($C191=\"S\",$P191<>\"\",$Q191<>\"\",$T191=0,$U191>0),\"QUANT.\",\nIF(AND(Import.TipoArredondamento=\"TransfereGOV\",$L191=\"F\",$C191=\"S\",LEN($Q191)>13),\"Código >13\",\nIF(AND(Import.TipoArredondamento=\"TransfereGOV\",$L191=\"F\",$C191<>\"S\",LEN($R191)>100),\"Descrição >100\",\nIF(AND(Import.TipoArredondamento=\"TransfereGOV\",$L191=\"F\",$C191=\"S\",LEN($R191)>500),\"Descrição >500\",\nIF(AND(Import.TipoArredondamento=\"TransfereGOV\",$L191=\"F\",$C191=\"S\",LEFT(TRIM(UPPER($P191)),6)<>\"SINAPI\",ISNA(VLOOKUP(TRIM(UPPER($S191)),ListaTgov.Unidades,1,FALSE))),\"Unid. Não Disp\",\n\" \"))))))))))))))))","v":" "},{"$f":"IF(C191<=CRONO.NivelExibicao,MAX($AD$15:OFFSET(AD191,-1,0))+IF($C191<>1,1,MAX(1,COUNTIF(QCI!$A$13:$A$24,OFFSET($E191,-1,0)))),\"\")","v":""},{"$f":"IF(AND($C191=\"S\",ORÇAMENTO.CodBarra<>\"\"),IF(ORÇAMENTO.Fonte=\"\",ORÇAMENTO.CodBarra,CONCATENATE(ORÇAMENTO.Fonte,\" \",ORÇAMENTO.CodBarra)))","v":"SINAPI 89408"},{"$f":"IF(ISERROR(ORÇAMENTO.BancoRef),\"(abra o arquivo 'Referência \"&Excel_BuiltIn_Database&\".xlsm)\",IF(OR($C191<>\"S\",ORÇAMENTO.CodBarra=\"\"),\"(Sem Código)\",IF(ISERROR(MATCH($AE191,INDIRECT(ORÇAMENTO.BancoRef),0)),\"(Código não identificado nas referências)\",MATCH($AE191,INDIRECT(ORÇAMENTO.BancoRef),0))))","v":11554},{"$f":"ROUND(IF(DESONERACAO=\"sim\",REFERENCIA.Desonerado,REFERENCIA.NaoDesonerado),2)","v":10.17},0.25390000000000001,null,null,null,null,443.2,{"$f":"ROUND(ORÇAMENTO.CustoUnitario*(1+$AH191),2)","v":11.08}]
["S",4,"S",0,{"$f":"IF($C192=1,OFFSET(E192,-1,0)+MAX(1,COUNTIF(QCI!$A$13:$A$24,OFFSET(ORÇAMENTO!E192,-1,0))),OFFSET(E192,-1,0))","v":1},9,2,4,8,0,{"$f":"IF(OR($C192=\"S\",$C192=0),0,MATCH(OFFSET($D192,0,$C192)+IF($C192<>1,1,COUNTIF(QCI!$A$13:$A$24,ORÇAMENTO!E192)),OFFSET($D192,1,$C192,ROW($C$237)-ROW($C192)),0))","v":0},"F","Serviço","Serviço","1.9.2.4.8.","SINAPI","89413",{"$f":"IF($C192=\"S\",REFERENCIA.Descricao,\"(digite a descrição aqui)\")","v":"JOELHO 90 GRAUS, PVC, SOLDÁVEL, DN 32MM, INSTALADO EM RAMAL DE DISTRIBUIÇÃO DE ÁGUA - FORNECIMENTO E INSTALAÇÃO. AF_06/2022"},{"$f":"REFERENCIA.Unidade","v":"UN"},{"$f":"OFFSET(CÁLCULO!H$15,ROW($T192)-ROW(T$15),0)","v":20},11.97,"BDI 1",{"$f":"IF($C192=\"S\",ROUND(IF(TIPOORCAMENTO=\"Proposto\",ORÇAMENTO.CustoUnitario*(1+$AH192),ORÇAMENTO.PrecoUnitarioLicitado),15-13*$AF$10),0)","v":15.01},{"$f":"IF($C192=\"S\",IF(OR(Import.TipoArredondamento<>\"TransfereGOV\",ACOMPANHAMENTO=\"BM\"),VTOTAL1,SUM(OFFSET(CÁLCULO!$AQ$15,ROW($X192)-ROW($X$15),1):OFFSET(CÁLCULO!$BR$15,ROW($X192)-ROW($X$15),-1))),IF($C192=0,0,ROUND(SomaAgrup,15-13*$AF$11)))","v":300.2},"RA","RA",{"$f":"IF($C192=\"S\",IF($Z192=\"CP\",$X192,IF($Z192=\"RA\",(($X192)*QCI!$AA$3),0)),SomaAgrup)","v":4.3859238958992961},{"$f":"IF($C192=\"S\",IF($Z192=\"OU\",ROUND($X192,2),0),SomaAgrup)","v":0},{"$f":"IF($N192=\"\",\" \",\nIF(AND($C192<>\"S\",OR($R192=\"\",$R192=\"(digite a descrição aqui)\")),\"DESCRIÇÃO\",\nIF(AND($C192=\"S\",OR($Q192<>\"\",$T192>0,$U192>0),$P192=\"\"),\"FONTE\",\nIF(AND($C192=\"S\",$P192<>\"\",OR($T192>0,$U192>0),$Q192=\"\"),\"CÓDIGO\",\nIF(AND($C192=\"S\",$P192<>\"\",$Q192<>\"\",$R192=\"(Código não identificado nas referências)\"),\"CÓDIGO N/ID\",\nIF(AND($C192=\"S\",OR($R192=\"\",$R192=\"(digite a descrição aqui)\"),OR($Q192<>\"\",$T192>0,$U192>0)),\"DESCRIÇÃO\",\nIF(AND($C192=\"S\",$P192<>\"\",$Q192<>\"\",$S192=\"\"),\"UNIDADE\",\nIF(AND($C192=\"S\",$P192<>\"\",$Q192<>\"\",$U192=0),\"SEM CUSTO\",\nIF(AND(TIPOORCAMENTO=\"Licitado\",$AL192=0,$AN192>0),\"SEM PREÇO\",\nIF(AND($C192=\"S\",$P192<>\"\",$Q192<>\"\",$U192>0,AND($V192<>\"BDI 1\",$V192<>\"BDI 2\",$V192<>\"BDI 3\")),IF(ISNUMBER($V192),\"JUSTIFICAR BDI\",\"BDI\"),\nIF(OR(AND(import.recurso=\"OGU\",TIPOORCAMENTO=\"Proposto\",LEFT($O$8,5)<>\"(N/D:\",$AG192<>\"\",ORÇAMENTO.CustoUnitario>$AG192),AND(TIPOORCAMENTO=\"LICITADO\",ORÇAMENTO.PrecoUnitarioLicitado>$AN192)),\"ACIMA REF.\",\nIF(AND($C192=\"S\",$P192<>\"\",$Q192<>\"\",$T192=0,$U192>0),\"QUANT.\",\nIF(AND(Import.TipoArredondamento=\"TransfereGOV\",$L192=\"F\",$C192=\"S\",LEN($Q192)>13),\"Código >13\",\nIF(AND(Import.TipoArredondamento=\"TransfereGOV\",$L192=\"F\",$C192<>\"S\",LEN($R192)>100),\"Descrição >100\",\nIF(AND(Import.TipoArredondamento=\"TransfereGOV\",$L192=\"F\",$C192=\"S\",LEN($R192)>500),\"Descrição >500\",\nIF(AND(Import.TipoArredondamento=\"TransfereGOV\",$L192=\"F\",$C192=\"S\",LEFT(TRIM(UPPER($P192)),6)<>\"SINAPI\",ISNA(VLOOKUP(TRIM(UPPER($S192)),ListaTgov.Unidades,1,FALSE))),\"Unid. Não Disp\",\n\" \"))))))))))))))))","v":" "},{"$f":"IF(C192<=CRONO.NivelExibicao,MAX($AD$15:OFFSET(AD192,-1,0))+IF($C192<>1,1,MAX(1,COUNTIF(QCI!$A$13:$A$24,OFFSET($E192,-1,0)))),\"\")","v":""},{"$f":"IF(AND($C192=\"S\",ORÇAMENTO.CodBarra<>\"\"),IF(ORÇAMENTO.Fonte=\"\",ORÇAMENTO.CodBarra,CONCATENATE(ORÇAMENTO.Fonte,\" \",ORÇAMENTO.CodBarra)))","v":"SINAPI 89413"},{"$f":"IF(ISERROR(ORÇAMENTO.BancoRef),\"(abra o arquivo 'Referência \"&Excel_BuiltIn_Database&\".xlsm)\",IF(OR($C192<>\"S\",ORÇAMENTO.CodBarra=\"\"),\"(Sem Código)\",IF(ISERROR(MATCH($AE192,INDIRECT(ORÇAMENTO.BancoRef),0)),\"(Código não identificado nas referências)\",MATCH($AE192,INDIRECT(ORÇAMENTO.BancoRef),0))))","v":11558},{"$f":"ROUND(IF(DESONERACAO=\"sim\",REFERENCIA.Desonerado,REFERENCIA.NaoDesonerado),2)","v":13.77},0.25390000000000001,null,null,null,null,300.2,{"$f":"ROUND(ORÇAMENTO.CustoUnitario*(1+$AH192),2)","v":15.01}]
["S",4,"S",0,{"$f":"IF($C193=1,OFFSET(E193,-1,0)+MAX(1,COUNTIF(QCI!$A$13:$A$24,OFFSET(ORÇAMENTO!E193,-1,0))),OFFSET(E193,-1,0))","v":1},9,2,4,9,0,{"$f":"IF(OR($C193=\"S\",$C193=0),0,MATCH(OFFSET($D193,0,$C193)+IF($C193<>1,1,COUNTIF(QCI!$A$13:$A$24,ORÇAMENTO!E193)),OFFSET($D193,1,$C193,ROW($C$237)-ROW($C193)),0))","v":0},"F","Serviço","Serviço","1.9.2.4.9.","SINAPI","89414",{"$f":"IF($C193=\"S\",REFERENCIA.Descricao,\"(digite a descrição aqui)\")","v":"JOELHO 45 GRAUS, PVC, SOLDÁVEL, DN 32MM, INSTALADO EM RAMAL DE DISTRIBUIÇÃO DE ÁGUA - FORNECIMENTO E INSTALAÇÃO. AF_06/2022"},{"$f":"REFERENCIA.Unidade","v":"UN"},{"$f":"OFFSET(CÁLCULO!H$15,ROW($T193)-ROW(T$15),0)","v":5},13.35,"BDI 1",{"$f":"IF($C193=\"S\",ROUND(IF(TIPOORCAMENTO=\"Proposto\",ORÇAMENTO.CustoUnitario*(1+$AH193),ORÇAMENTO.PrecoUnitarioLicitado),15-13*$AF$10),0)","v":16.739999999999998},{"$f":"IF($C193=\"S\",IF(OR(Import.TipoArredondamento<>\"TransfereGOV\",ACOMPANHAMENTO=\"BM\"),VTOTAL1,SUM(OFFSET(CÁLCULO!$AQ$15,ROW($X193)-ROW($X$15),1):OFFSET(CÁLCULO!$BR$15,ROW($X193)-ROW($X$15),-1))),IF($C193=0,0,ROUND(SomaAgrup,15-13*$AF$11)))","v":83.699999999999989},"RA","RA",{"$f":"IF($C193=\"S\",IF($Z193=\"CP\",$X193,IF($Z193=\"RA\",(($X193)*QCI!$AA$3),0)),SomaAgrup)","v":1.2228575286035011},{"$f":"IF($C193=\"S\",IF($Z193=\"OU\",ROUND($X193,2),0),SomaAgrup)","v":0},{"$f":"IF($N193=\"\",\" \",\nIF(AND($C193<>\"S\",OR($R193=\"\",$R193=\"(digite a descrição aqui)\")),\"DESCRIÇÃO\",\nIF(AND($C193=\"S\",OR($Q193<>\"\",$T193>0,$U193>0),$P193=\"\"),\"FONTE\",\nIF(AND($C193=\"S\",$P193<>\"\",OR($T193>0,$U193>0),$Q193=\"\"),\"CÓDIGO\",\nIF(AND($C193=\"S\",$P193<>\"\",$Q193<>\"\",$R193=\"(Código não identificado nas referências)\"),\"CÓDIGO N/ID\",\nIF(AND($C193=\"S\",OR($R193=\"\",$R193=\"(digite a descrição aqui)\"),OR($Q193<>\"\",$T193>0,$U193>0)),\"DESCRIÇÃO\",\nIF(AND($C193=\"S\",$P193<>\"\",$Q193<>\"\",$S193=\"\"),\"UNIDADE\",\nIF(AND($C193=\"S\",$P193<>\"\",$Q193<>\"\",$U193=0),\"SEM CUSTO\",\nIF(AND(TIPOORCAMENTO=\"Licitado\",$AL193=0,$AN193>0),\"SEM PREÇO\",\nIF(AND($C193=\"S\",$P193<>\"\",$Q193<>\"\",$U193>0,AND($V193<>\"BDI 1\",$V193<>\"BDI 2\",$V193<>\"BDI 3\")),IF(ISNUMBER($V193),\"JUSTIFICAR BDI\",\"BDI\"),\nIF(OR(AND(import.recurso=\"OGU\",TIPOORCAMENTO=\"Proposto\",LEFT($O$8,5)<>\"(N/D:\",$AG193<>\"\",ORÇAMENTO.CustoUnitario>$AG193),AND(TIPOORCAMENTO=\"LICITADO\",ORÇAMENTO.PrecoUnitarioLicitado>$AN193)),\"ACIMA REF.\",\nIF(AND($C193=\"S\",$P193<>\"\",$Q193<>\"\",$T193=0,$U193>0),\"QUANT.\",\nIF(AND(Import.TipoArredondamento=\"TransfereGOV\",$L193=\"F\",$C193=\"S\",LEN($Q193)>13),\"Código >13\",\nIF(AND(Import.TipoArredondamento=\"TransfereGOV\",$L193=\"F\",$C193<>\"S\",LEN($R193)>100),\"Descrição >100\",\nIF(AND(Import.TipoArredondamento=\"TransfereGOV\",$L193=\"F\",$C193=\"S\",LEN($R193)>500),\"Descrição >500\",\nIF(AND(Import.TipoArredondamento=\"TransfereGOV\",$L193=\"F\",$C193=\"S\",LEFT(TRIM(UPPER($P193)),6)<>\"SINAPI\",ISNA(VLOOKUP(TRIM(UPPER($S193)),ListaTgov.Unidades,1,FALSE))),\"Unid. Não Disp\",\n\" \"))))))))))))))))","v":" "},{"$f":"IF(C193<=CRONO.NivelExibicao,MAX($AD$15:OFFSET(AD193,-1,0))+IF($C193<>1,1,MAX(1,COUNTIF(QCI!$A$13:$A$24,OFFSET($E193,-1,0)))),\"\")","v":""},{"$f":"IF(AND($C193=\"S\",ORÇAMENTO.CodBarra<>\"\"),IF(ORÇAMENTO.Fonte=\"\",ORÇAMENTO.CodBarra,CONCATENATE(ORÇAMENTO.Fonte,\" \",ORÇAMENTO.CodBarra)))","v":"SINAPI 89414"},{"$f":"IF(ISERROR(ORÇAMENTO.BancoRef),\"(abra o arquivo 'Referência \"&Excel_BuiltIn_Database&\".xlsm)\",IF(OR($C193<>\"S\",ORÇAMENTO.CodBarra=\"\"),\"(Sem Código)\",IF(ISERROR(MATCH($AE193,INDIRECT(ORÇAMENTO.BancoRef),0)),\"(Código não identificado nas referências)\",MATCH($AE193,INDIRECT(ORÇAMENTO.BancoRef),0))))","v":11540},{"$f":"ROUND(IF(DESONERACAO=\"sim\",REFERENCIA.Desonerado,REFERENCIA.NaoDesonerado),2)","v":15.36},0.25390000000000001,null,null,null,null,83.699999999999989,{"$f":"ROUND(ORÇAMENTO.CustoUnitario*(1+$AH193),2)","v":16.739999999999998}]
["S",4,"S",0,{"$f":"IF($C194=1,OFFSET(E194,-1,0)+MAX(1,COUNTIF(QCI!$A$13:$A$24,OFFSET(ORÇAMENTO!E194,-1,0))),OFFSET(E194,-1,0))","v":1},9,2,4,10,0,{"$f":"IF(OR($C194=\"S\",$C194=0),0,MATCH(OFFSET($D194,0,$C194)+IF($C194<>1,1,COUNTIF(QCI!$A$13:$A$24,ORÇAMENTO!E194)),OFFSET($D194,1,$C194,ROW($C$237)-ROW($C194)),0))","v":0},"F","Serviço","Serviço","1.9.2.4.10.","SINAPI","103953",{"$f":"IF($C194=\"S\",REFERENCIA.Descricao,\"(digite a descrição aqui)\")","v":"BUCHA DE REDUÇÃO, CURTA, PVC, SOLDÁVEL, DN 32 X 25 MM, INSTALADO EM RAMAL DE DISTRIBUIÇÃO DE ÁGUA - FORNECIMENTO E INSTALAÇÃO. AF_06/2022"},{"$f":"REFERENCIA.Unidade","v":"UN"},{"$f":"OFFSET(CÁLCULO!H$15,ROW($T194)-ROW(T$15),0)","v":10},7.27,"BDI 1",{"$f":"IF($C194=\"S\",ROUND(IF(TIPOORCAMENTO=\"Proposto\",ORÇAMENTO.CustoUnitario*(1+$AH194),ORÇAMENTO.PrecoUnitarioLicitado),15-13*$AF$10),0)","v":9.1199999999999992},{"$f":"IF($C194=\"S\",IF(OR(Import.TipoArredondamento<>\"TransfereGOV\",ACOMPANHAMENTO=\"BM\"),VTOTAL1,SUM(OFFSET(CÁLCULO!$AQ$15,ROW($X194)-ROW($X$15),1):OFFSET(CÁLCULO!$BR$15,ROW($X194)-ROW($X$15),-1))),IF($C194=0,0,ROUND(SomaAgrup,15-13*$AF$11)))","v":91.199999999999989},"RA","RA",{"$f":"IF($C194=\"S\",IF($Z194=\"CP\",$X194,IF($Z194=\"RA\",(($X194)*QCI!$AA$3),0)),SomaAgrup)","v":1.3324325759694062},{"$f":"IF($C194=\"S\",IF($Z194=\"OU\",ROUND($X194,2),0),SomaAgrup)","v":0},{"$f":"IF($N194=\"\",\" \",\nIF(AND($C194<>\"S\",OR($R194=\"\",$R194=\"(digite a descrição aqui)\")),\"DESCRIÇÃO\",\nIF(AND($C194=\"S\",OR($Q194<>\"\",$T194>0,$U194>0),$P194=\"\"),\"FONTE\",\nIF(AND($C194=\"S\",$P194<>\"\",OR($T194>0,$U194>0),$Q194=\"\"),\"CÓDIGO\",\nIF(AND($C194=\"S\",$P194<>\"\",$Q194<>\"\",$R194=\"(Código não identificado nas referências)\"),\"CÓDIGO N/ID\",\nIF(AND($C194=\"S\",OR($R194=\"\",$R194=\"(digite a descrição aqui)\"),OR($Q194<>\"\",$T194>0,$U194>0)),\"DESCRIÇÃO\",\nIF(AND($C194=\"S\",$P194<>\"\",$Q194<>\"\",$S194=\"\"),\"UNIDADE\",\nIF(AND($C194=\"S\",$P194<>\"\",$Q194<>\"\",$U194=0),\"SEM CUSTO\",\nIF(AND(TIPOORCAMENTO=\"Licitado\",$AL194=0,$AN194>0),\"SEM PREÇO\",\nIF(AND($C194=\"S\",$P194<>\"\",$Q194<>\"\",$U194>0,AND($V194<>\"BDI 1\",$V194<>\"BDI 2\",$V194<>\"BDI 3\")),IF(ISNUMBER($V194),\"JUSTIFICAR BDI\",\"BDI\"),\nIF(OR(AND(import.recurso=\"OGU\",TIPOORCAMENTO=\"Proposto\",LEFT($O$8,5)<>\"(N/D:\",$AG194<>\"\",ORÇAMENTO.CustoUnitario>$AG194),AND(TIPOORCAMENTO=\"LICITADO\",ORÇAMENTO.PrecoUnitarioLicitado>$AN194)),\"ACIMA REF.\",\nIF(AND($C194=\"S\",$P194<>\"\",$Q194<>\"\",$T194=0,$U194>0),\"QUANT.\",\nIF(AND(Import.TipoArredondamento=\"TransfereGOV\",$L194=\"F\",$C194=\"S\",LEN($Q194)>13),\"Código >13\",\nIF(AND(Import.TipoArredondamento=\"TransfereGOV\",$L194=\"F\",$C194<>\"S\",LEN($R194)>100),\"Descrição >100\",\nIF(AND(Import.TipoArredondamento=\"TransfereGOV\",$L194=\"F\",$C194=\"S\",LEN($R194)>500),\"Descrição >500\",\nIF(AND(Import.TipoArredondamento=\"TransfereGOV\",$L194=\"F\",$C194=\"S\",LEFT(TRIM(UPPER($P194)),6)<>\"SINAPI\",ISNA(VLOOKUP(TRIM(UPPER($S194)),ListaTgov.Unidades,1,FALSE))),\"Unid. Não Disp\",\n\" \"))))))))))))))))","v":" "},{"$f":"IF(C194<=CRONO.NivelExibicao,MAX($AD$15:OFFSET(AD194,-1,0))+IF($C194<>1,1,MAX(1,COUNTIF(QCI!$A$13:$A$24,OFFSET($E194,-1,0)))),\"\")","v":""},{"$f":"IF(AND($C194=\"S\",ORÇAMENTO.CodBarra<>\"\"),IF(ORÇAMENTO.Fonte=\"\",ORÇAMENTO.CodBarra,CONCATENATE(ORÇAMENTO.Fonte,\" \",ORÇAMENTO.CodBarra)))","v":"SINAPI 103953"},{"$f":"IF(ISERROR(ORÇAMENTO.BancoRef),\"(abra o arquivo 'Referência \"&Excel_BuiltIn_Database&\".xlsm)\",IF(OR($C194<>\"S\",ORÇAMENTO.CodBarra=\"\"),\"(Sem Código)\",IF(ISERROR(MATCH($AE194,INDIRECT(ORÇAMENTO.BancoRef),0)),\"(Código não identificado nas referências)\",MATCH($AE194,INDIRECT(ORÇAMENTO.BancoRef),0))))","v":11477},{"$f":"ROUND(IF(DESONERACAO=\"sim\",REFERENCIA.Desonerado,REFERENCIA.NaoDesonerado),2)","v":8.3699999999999992},0.25390000000000001,null,null,null,null,91.199999999999989,{"$f":"ROUND(ORÇAMENTO.CustoUnitario*(1+$AH194),2)","v":9.1199999999999992}]
["S",4,"S",0,{"$f":"IF($C195=1,OFFSET(E195,-1,0)+MAX(1,COUNTIF(QCI!$A$13:$A$24,OFFSET(ORÇAMENTO!E195,-1,0))),OFFSET(E195,-1,0))","v":1},9,2,4,11,0,{"$f":"IF(OR($C195=\"S\",$C195=0),0,MATCH(OFFSET($D195,0,$C195)+IF($C195<>1,1,COUNTIF(QCI!$A$13:$A$24,ORÇAMENTO!E195)),OFFSET($D195,1,$C195,ROW($C$237)-ROW($C195)),0))","v":0},"F","Serviço","Serviço","1.9.2.4.11.","SINAPI","89443",{"$f":"IF($C195=\"S\",REFERENCIA.Descricao,\"(digite a descrição aqui)\")","v":"TE, PVC, SOLDÁVEL, DN 32MM, INSTALADO EM RAMAL DE DISTRIBUIÇÃO DE ÁGUA - FORNECIMENTO E INSTALAÇÃO. AF_06/2022"},{"$f":"REFERENCIA.Unidade","v":"UN"},{"$f":"OFFSET(CÁLCULO!H$15,ROW($T195)-ROW(T$15),0)","v":15},16.64,"BDI 1",{"$f":"IF($C195=\"S\",ROUND(IF(TIPOORCAMENTO=\"Proposto\",ORÇAMENTO.CustoUnitario*(1+$AH195),ORÇAMENTO.PrecoUnitarioLicitado),15-13*$AF$10),0)","v":20.86},{"$f":"IF($C195=\"S\",IF(OR(Import.TipoArredondamento<>\"TransfereGOV\",ACOMPANHAMENTO=\"BM\"),VTOTAL1,SUM(OFFSET(CÁLCULO!$AQ$15,ROW($X195)-ROW($X$15),1):OFFSET(CÁLCULO!$BR$15,ROW($X195)-ROW($X$15),-1))),IF($C195=0,0,ROUND(SomaAgrup,15-13*$AF$11)))","v":312.89999999999998},"RA","RA",{"$f":"IF($C195=\"S\",IF($Z195=\"CP\",$X195,IF($Z195=\"RA\",(($X195)*QCI!$AA$3),0)),SomaAgrup)","v":4.5714709761055614},{"$f":"IF($C195=\"S\",IF($Z195=\"OU\",ROUND($X195,2),0),SomaAgrup)","v":0},{"$f":"IF($N195=\"\",\" \",\nIF(AND($C195<>\"S\",OR($R195=\"\",$R195=\"(digite a descrição aqui)\")),\"DESCRIÇÃO\",\nIF(AND($C195=\"S\",OR($Q195<>\"\",$T195>0,$U195>0),$P195=\"\"),\"FONTE\",\nIF(AND($C195=\"S\",$P195<>\"\",OR($T195>0,$U195>0),$Q195=\"\"),\"CÓDIGO\",\nIF(AND($C195=\"S\",$P195<>\"\",$Q195<>\"\",$R195=\"(Código não identificado nas referências)\"),\"CÓDIGO N/ID\",\nIF(AND($C195=\"S\",OR($R195=\"\",$R195=\"(digite a descrição aqui)\"),OR($Q195<>\"\",$T195>0,$U195>0)),\"DESCRIÇÃO\",\nIF(AND($C195=\"S\",$P195<>\"\",$Q195<>\"\",$S195=\"\"),\"UNIDADE\",\nIF(AND($C195=\"S\",$P195<>\"\",$Q195<>\"\",$U195=0),\"SEM CUSTO\",\nIF(AND(TIPOORCAMENTO=\"Licitado\",$AL195=0,$AN195>0),\"SEM PREÇO\",\nIF(AND($C195=\"S\",$P195<>\"\",$Q195<>\"\",$U195>0,AND($V195<>\"BDI 1\",$V195<>\"BDI 2\",$V195<>\"BDI 3\")),IF(ISNUMBER($V195),\"JUSTIFICAR BDI\",\"BDI\"),\nIF(OR(AND(import.recurso=\"OGU\",TIPOORCAMENTO=\"Proposto\",LEFT($O$8,5)<>\"(N/D:\",$AG195<>\"\",ORÇAMENTO.CustoUnitario>$AG195),AND(TIPOORCAMENTO=\"LICITADO\",ORÇAMENTO.PrecoUnitarioLicitado>$AN195)),\"ACIMA REF.\",\nIF(AND($C195=\"S\",$P195<>\"\",$Q195<>\"\",$T195=0,$U195>0),\"QUANT.\",\nIF(AND(Import.TipoArredondamento=\"TransfereGOV\",$L195=\"F\",$C195=\"S\",LEN($Q195)>13),\"Código >13\",\nIF(AND(Import.TipoArredondamento=\"TransfereGOV\",$L195=\"F\",$C195<>\"S\",LEN($R195)>100),\"Descrição >100\",\nIF(AND(Import.TipoArredondamento=\"TransfereGOV\",$L195=\"F\",$C195=\"S\",LEN($R195)>500),\"Descrição >500\",\nIF(AND(Import.TipoArredondamento=\"TransfereGOV\",$L195=\"F\",$C195=\"S\",LEFT(TRIM(UPPER($P195)),6)<>\"SINAPI\",ISNA(VLOOKUP(TRIM(UPPER($S195)),ListaTgov.Unidades,1,FALSE))),\"Unid. Não Disp\",\n\" \"))))))))))))))))","v":" "},{"$f":"IF(C195<=CRONO.NivelExibicao,MAX($AD$15:OFFSET(AD195,-1,0))+IF($C195<>1,1,MAX(1,COUNTIF(QCI!$A$13:$A$24,OFFSET($E195,-1,0)))),\"\")","v":""},{"$f":"IF(AND($C195=\"S\",ORÇAMENTO.CodBarra<>\"\"),IF(ORÇAMENTO.Fonte=\"\",ORÇAMENTO.CodBarra,CONCATENATE(ORÇAMENTO.Fonte,\" \",ORÇAMENTO.CodBarra)))","v":"SINAPI 89443"},{"$f":"IF(ISERROR(ORÇAMENTO.BancoRef),\"(abra o arquivo 'Referência \"&Excel_BuiltIn_Database&\".xlsm)\",IF(OR($C195<>\"S\",ORÇAMENTO.CodBarra=\"\"),\"(Sem Código)\",IF(ISERROR(MATCH($AE195,INDIRECT(ORÇAMENTO.BancoRef),0)),\"(Código não identificado nas referências)\",MATCH($AE195,INDIRECT(ORÇAMENTO.BancoRef),0))))","v":11636},{"$f":"ROUND(IF(DESONERACAO=\"sim\",REFERENCIA.Desonerado,REFERENCIA.NaoDesonerado),2)","v":19.14},0.25390000000000001,null,null,null,null,312.89999999999998,{"$f":"ROUND(ORÇAMENTO.CustoUnitario*(1+$AH195),2)","v":20.86}]
["S",4,"S",0,{"$f":"IF($C196=1,OFFSET(E196,-1,0)+MAX(1,COUNTIF(QCI!$A$13:$A$24,OFFSET(ORÇAMENTO!E196,-1,0))),OFFSET(E196,-1,0))","v":1},9,2,4,12,0,{"$f":"IF(OR($C196=\"S\",$C196=0),0,MATCH(OFFSET($D196,0,$C196)+IF($C196<>1,1,COUNTIF(QCI!$A$13:$A$24,ORÇAMENTO!E196)),OFFSET($D196,1,$C196,ROW($C$237)-ROW($C196)),0))","v":0},"F","Serviço","Serviço","1.9.2.4.12.","SINAPI","89445",{"$f":"IF($C196=\"S\",REFERENCIA.Descricao,\"(digite a descrição aqui)\")","v":"TÊ DE REDUÇÃO, PVC, SOLDÁVEL, DN 32MM X 25MM, INSTALADO EM RAMAL DE DISTRIBUIÇÃO DE ÁGUA - FORNECIMENTO E INSTALAÇÃO. AF_06/2022"},{"$f":"REFERENCIA.Unidade","v":"UN"},{"$f":"OFFSET(CÁLCULO!H$15,ROW($T196)-ROW(T$15),0)","v":5},17.8,"BDI 1",{"$f":"IF($C196=\"S\",ROUND(IF(TIPOORCAMENTO=\"Proposto\",ORÇAMENTO.CustoUnitario*(1+$AH196),ORÇAMENTO.PrecoUnitarioLicitado),15-13*$AF$10),0)","v":22.32},{"$f":"IF($C196=\"S\",IF(OR(Import.TipoArredondamento<>\"TransfereGOV\",ACOMPANHAMENTO=\"BM\"),VTOTAL1,SUM(OFFSET(CÁLCULO!$AQ$15,ROW($X196)-ROW($X$15),1):OFFSET(CÁLCULO!$BR$15,ROW($X196)-ROW($X$15),-1))),IF($C196=0,0,ROUND(SomaAgrup,15-13*$AF$11)))","v":111.6},"RA","RA",{"$f":"IF($C196=\"S\",IF($Z196=\"CP\",$X196,IF($Z196=\"RA\",(($X196)*QCI!$AA$3),0)),SomaAgrup)","v":1.6304767048046682},{"$f":"IF($C196=\"S\",IF($Z196=\"OU\",ROUND($X196,2),0),SomaAgrup)","v":0},{"$f":"IF($N196=\"\",\" \",\nIF(AND($C196<>\"S\",OR($R196=\"\",$R196=\"(digite a descrição aqui)\")),\"DESCRIÇÃO\",\nIF(AND($C196=\"S\",OR($Q196<>\"\",$T196>0,$U196>0),$P196=\"\"),\"FONTE\",\nIF(AND($C196=\"S\",$P196<>\"\",OR($T196>0,$U196>0),$Q196=\"\"),\"CÓDIGO\",\nIF(AND($C196=\"S\",$P196<>\"\",$Q196<>\"\",$R196=\"(Código não identificado nas referências)\"),\"CÓDIGO N/ID\",\nIF(AND($C196=\"S\",OR($R196=\"\",$R196=\"(digite a descrição aqui)\"),OR($Q196<>\"\",$T196>0,$U196>0)),\"DESCRIÇÃO\",\nIF(AND($C196=\"S\",$P196<>\"\",$Q196<>\"\",$S196=\"\"),\"UNIDADE\",\nIF(AND($C196=\"S\",$P196<>\"\",$Q196<>\"\",$U196=0),\"SEM CUSTO\",\nIF(AND(TIPOORCAMENTO=\"Licitado\",$AL196=0,$AN196>0),\"SEM PREÇO\",\nIF(AND($C196=\"S\",$P196<>\"\",$Q196<>\"\",$U196>0,AND($V196<>\"BDI 1\",$V196<>\"BDI 2\",$V196<>\"BDI 3\")),IF(ISNUMBER($V196),\"JUSTIFICAR BDI\",\"BDI\"),\nIF(OR(AND(import.recurso=\"OGU\",TIPOORCAMENTO=\"Proposto\",LEFT($O$8,5)<>\"(N/D:\",$AG196<>\"\",ORÇAMENTO.CustoUnitario>$AG196),AND(TIPOORCAMENTO=\"LICITADO\",ORÇAMENTO.PrecoUnitarioLicitado>$AN196)),\"ACIMA REF.\",\nIF(AND($C196=\"S\",$P196<>\"\",$Q196<>\"\",$T196=0,$U196>0),\"QUANT.\",\nIF(AND(Import.TipoArredondamento=\"TransfereGOV\",$L196=\"F\",$C196=\"S\",LEN($Q196)>13),\"Código >13\",\nIF(AND(Import.TipoArredondamento=\"TransfereGOV\",$L196=\"F\",$C196<>\"S\",LEN($R196)>100),\"Descrição >100\",\nIF(AND(Import.TipoArredondamento=\"TransfereGOV\",$L196=\"F\",$C196=\"S\",LEN($R196)>500),\"Descrição >500\",\nIF(AND(Import.TipoArredondamento=\"TransfereGOV\",$L196=\"F\",$C196=\"S\",LEFT(TRIM(UPPER($P196)),6)<>\"SINAPI\",ISNA(VLOOKUP(TRIM(UPPER($S196)),ListaTgov.Unidades,1,FALSE))),\"Unid. Não Disp\",\n\" \"))))))))))))))))","v":" "},{"$f":"IF(C196<=CRONO.NivelExibicao,MAX($AD$15:OFFSET(AD196,-1,0))+IF($C196<>1,1,MAX(1,COUNTIF(QCI!$A$13:$A$24,OFFSET($E196,-1,0)))),\"\")","v":""},{"$f":"IF(AND($C196=\"S\",ORÇAMENTO.CodBarra<>\"\"),IF(ORÇAMENTO.Fonte=\"\",ORÇAMENTO.CodBarra,CONCATENATE(ORÇAMENTO.Fonte,\" \",ORÇAMENTO.CodBarra)))","v":"SINAPI 89445"},{"$f":"IF(ISERROR(ORÇAMENTO.BancoRef),\"(abra o arquivo 'Referência \"&Excel_BuiltIn_Database&\".xlsm)\",IF(OR($C196<>\"S\",ORÇAMENTO.CodBarra=\"\"),\"(Sem Código)\",IF(ISERROR(MATCH($AE196,INDIRECT(ORÇAMENTO.BancoRef),0)),\"(Código não identificado nas referências)\",MATCH($AE196,INDIRECT(ORÇAMENTO.BancoRef),0))))","v":11668},{"$f":"ROUND(IF(DESONERACAO=\"sim\",REFERENCIA.Desonerado,REFERENCIA.NaoDesonerado),2)","v":20.47},0.25390000000000001,null,null,null,null,111.6,{"$f":"ROUND(ORÇAMENTO.CustoUnitario*(1+$AH196),2)","v":22.32}]
["S",4,"S",0,{"$f":"IF($C197=1,OFFSET(E197,-1,0)+MAX(1,COUNTIF(QCI!$A$13:$A$24,OFFSET(ORÇAMENTO!E197,-1,0))),OFFSET(E197,-1,0))","v":1},9,2,4,13,0,{"$f":"IF(OR($C197=\"S\",$C197=0),0,MATCH(OFFSET($D197,0,$C197)+IF($C197<>1,1,COUNTIF(QCI!$A$13:$A$24,ORÇAMENTO!E197)),OFFSET($D197,1,$C197,ROW($C$237)-ROW($C197)),0))","v":0},"F","Serviço","Serviço","1.9.2.4.13.","SINAPI","89402",{"$f":"IF($C197=\"S\",REFERENCIA.Descricao,\"(digite a descrição aqui)\")","v":"TUBO, PVC, SOLDÁVEL, DE 25MM, INSTALADO EM RAMAL DE DISTRIBUIÇÃO DE ÁGUA - FORNECIMENTO E INSTALAÇÃO. AF_06/2022"},{"$f":"REFERENCIA.Unidade","v":"M"},{"$f":"OFFSET(CÁLCULO!H$15,ROW($T197)-ROW(T$15),0)","v":22},11.93,"BDI 1",{"$f":"IF($C197=\"S\",ROUND(IF(TIPOORCAMENTO=\"Proposto\",ORÇAMENTO.CustoUnitario*(1+$AH197),ORÇAMENTO.PrecoUnitarioLicitado),15-13*$AF$10),0)","v":14.96},{"$f":"IF($C197=\"S\",IF(OR(Import.TipoArredondamento<>\"TransfereGOV\",ACOMPANHAMENTO=\"BM\"),VTOTAL1,SUM(OFFSET(CÁLCULO!$AQ$15,ROW($X197)-ROW($X$15),1):OFFSET(CÁLCULO!$BR$15,ROW($X197)-ROW($X$15),-1))),IF($C197=0,0,ROUND(SomaAgrup,15-13*$AF$11)))","v":329.09999999999997},"RA","RA",{"$f":"IF($C197=\"S\",IF($Z197=\"CP\",$X197,IF($Z197=\"RA\",(($X197)*QCI!$AA$3),0)),SomaAgrup)","v":4.8081530784159163},{"$f":"IF($C197=\"S\",IF($Z197=\"OU\",ROUND($X197,2),0),SomaAgrup)","v":0},{"$f":"IF($N197=\"\",\" \",\nIF(AND($C197<>\"S\",OR($R197=\"\",$R197=\"(digite a descrição aqui)\")),\"DESCRIÇÃO\",\nIF(AND($C197=\"S\",OR($Q197<>\"\",$T197>0,$U197>0),$P197=\"\"),\"FONTE\",\nIF(AND($C197=\"S\",$P197<>\"\",OR($T197>0,$U197>0),$Q197=\"\"),\"CÓDIGO\",\nIF(AND($C197=\"S\",$P197<>\"\",$Q197<>\"\",$R197=\"(Código não identificado nas referências)\"),\"CÓDIGO N/ID\",\nIF(AND($C197=\"S\",OR($R197=\"\",$R197=\"(digite a descrição aqui)\"),OR($Q197<>\"\",$T197>0,$U197>0)),\"DESCRIÇÃO\",\nIF(AND($C197=\"S\",$P197<>\"\",$Q197<>\"\",$S197=\"\"),\"UNIDADE\",\nIF(AND($C197=\"S\",$P197<>\"\",$Q197<>\"\",$U197=0),\"SEM CUSTO\",\nIF(AND(TIPOORCAMENTO=\"Licitado\",$AL197=0,$AN197>0),\"SEM PREÇO\",\nIF(AND($C197=\"S\",$P197<>\"\",$Q197<>\"\",$U197>0,AND($V197<>\"BDI 1\",$V197<>\"BDI 2\",$V197<>\"BDI 3\")),IF(ISNUMBER($V197),\"JUSTIFICAR BDI\",\"BDI\"),\nIF(OR(AND(import.recurso=\"OGU\",TIPOORCAMENTO=\"Proposto\",LEFT($O$8,5)<>\"(N/D:\",$AG197<>\"\",ORÇAMENTO.CustoUnitario>$AG197),AND(TIPOORCAMENTO=\"LICITADO\",ORÇAMENTO.PrecoUnitarioLicitado>$AN197)),\"ACIMA REF.\",\nIF(AND($C197=\"S\",$P197<>\"\",$Q197<>\"\",$T197=0,$U197>0),\"QUANT.\",\nIF(AND(Import.TipoArredondamento=\"TransfereGOV\",$L197=\"F\",$C197=\"S\",LEN($Q197)>13),\"Código >13\",\nIF(AND(Import.TipoArredondamento=\"TransfereGOV\",$L197=\"F\",$C197<>\"S\",LEN($R197)>100),\"Descrição >100\",\nIF(AND(Import.TipoArredondamento=\"TransfereGOV\",$L197=\"F\",$C197=\"S\",LEN($R197)>500),\"Descrição >500\",\nIF(AND(Import.TipoArredondamento=\"TransfereGOV\",$L197=\"F\",$C197=\"S\",LEFT(TRIM(UPPER($P197)),6)<>\"SINAPI\",ISNA(VLOOKUP(TRIM(UPPER($S197)),ListaTgov.Unidades,1,FALSE))),\"Unid. Não Disp\",\n\" \"))))))))))))))))","v":" "},{"$f":"IF(C197<=CRONO.NivelExibicao,MAX($AD$15:OFFSET(AD197,-1,0))+IF($C197<>1,1,MAX(1,COUNTIF(QCI!$A$13:$A$24,OFFSET($E197,-1,0)))),\"\")","v":""},{"$f":"IF(AND($C197=\"S\",ORÇAMENTO.CodBarra<>\"\"),IF(ORÇAMENTO.Fonte=\"\",ORÇAMENTO.CodBarra,CONCATENATE(ORÇAMENTO.Fonte,\" \",ORÇAMENTO.CodBarra)))","v":"SINAPI 89402"},{"$f":"IF(ISERROR(ORÇAMENTO.BancoRef),\"(abra o arquivo 'Referência \"&Excel_BuiltIn_Database&\".xlsm)\",IF(OR($C197<>\"S\",ORÇAMENTO.CodBarra=\"\"),\"(Sem Código)\",IF(ISERROR(MATCH($AE197,INDIRECT(ORÇAMENTO.BancoRef),0)),\"(Código não identificado nas referências)\",MATCH($AE197,INDIRECT(ORÇAMENTO.BancoRef),0))))","v":11648},{"$f":"ROUND(IF(DESONERACAO=\"sim\",REFERENCIA.Desonerado,REFERENCIA.NaoDesonerado),2)","v":13.73},0.25390000000000001,null,null,null,null,329.09999999999997,{"$f":"ROUND(ORÇAMENTO.CustoUnitario*(1+$AH197),2)","v":14.96}]
["S",4,"S",0,{"$f":"IF($C198=1,OFFSET(E198,-1,0)+MAX(1,COUNTIF(QCI!$A$13:$A$24,OFFSET(ORÇAMENTO!E198,-1,0))),OFFSET(E198,-1,0))","v":1},9,2,4,14,0,{"$f":"IF(OR($C198=\"S\",$C198=0),0,MATCH(OFFSET($D198,0,$C198)+IF($C198<>1,1,COUNTIF(QCI!$A$13:$A$24,ORÇAMENTO!E198)),OFFSET($D198,1,$C198,ROW($C$237)-ROW($C198)),0))","v":0},"F","Serviço","Serviço","1.9.2.4.14.","SINAPI","89403",{"$f":"IF($C198=\"S\",REFERENCIA.Descricao,\"(digite a descrição aqui)\")","v":"TUBO, PVC, SOLDÁVEL, DE 32MM, INSTALADO EM RAMAL DE DISTRIBUIÇÃO DE ÁGUA - FORNECIMENTO E INSTALAÇÃO. AF_06/2022"},{"$f":"REFERENCIA.Unidade","v":"M"},{"$f":"OFFSET(CÁLCULO!H$15,ROW($T198)-ROW(T$15),0)","v":52.75},17.63,"BDI 1",{"$f":"IF($C198=\"S\",ROUND(IF(TIPOORCAMENTO=\"Proposto\",ORÇAMENTO.CustoUnitario*(1+$AH198),ORÇAMENTO.PrecoUnitarioLicitado),15-13*$AF$10),0)","v":22.11},{"$f":"IF($C198=\"S\",IF(OR(Import.TipoArredondamento<>\"TransfereGOV\",ACOMPANHAMENTO=\"BM\"),VTOTAL1,SUM(OFFSET(CÁLCULO!$AQ$15,ROW($X198)-ROW($X$15),1):OFFSET(CÁLCULO!$BR$15,ROW($X198)-ROW($X$15),-1))),IF($C198=0,0,ROUND(SomaAgrup,15-13*$AF$11)))","v":1166.3},"RA","RA",{"$f":"IF($C198=\"S\",IF($Z198=\"CP\",$X198,IF($Z198=\"RA\",(($X198)*QCI!$AA$3),0)),SomaAgrup)","v":17.039650365714021},{"$f":"IF($C198=\"S\",IF($Z198=\"OU\",ROUND($X198,2),0),SomaAgrup)","v":0},{"$f":"IF($N198=\"\",\" \",\nIF(AND($C198<>\"S\",OR($R198=\"\",$R198=\"(digite a descrição aqui)\")),\"DESCRIÇÃO\",\nIF(AND($C198=\"S\",OR($Q198<>\"\",$T198>0,$U198>0),$P198=\"\"),\"FONTE\",\nIF(AND($C198=\"S\",$P198<>\"\",OR($T198>0,$U198>0),$Q198=\"\"),\"CÓDIGO\",\nIF(AND($C198=\"S\",$P198<>\"\",$Q198<>\"\",$R198=\"(Código não identificado nas referências)\"),\"CÓDIGO N/ID\",\nIF(AND($C198=\"S\",OR($R198=\"\",$R198=\"(digite a descrição aqui)\"),OR($Q198<>\"\",$T198>0,$U198>0)),\"DESCRIÇÃO\",\nIF(AND($C198=\"S\",$P198<>\"\",$Q198<>\"\",$S198=\"\"),\"UNIDADE\",\nIF(AND($C198=\"S\",$P198<>\"\",$Q198<>\"\",$U198=0),\"SEM CUSTO\",\nIF(AND(TIPOORCAMENTO=\"Licitado\",$AL198=0,$AN198>0),\"SEM PREÇO\",\nIF(AND($C198=\"S\",$P198<>\"\",$Q198<>\"\",$U198>0,AND($V198<>\"BDI 1\",$V198<>\"BDI 2\",$V198<>\"BDI 3\")),IF(ISNUMBER($V198),\"JUSTIFICAR BDI\",\"BDI\"),\nIF(OR(AND(import.recurso=\"OGU\",TIPOORCAMENTO=\"Proposto\",LEFT($O$8,5)<>\"(N/D:\",$AG198<>\"\",ORÇAMENTO.CustoUnitario>$AG198),AND(TIPOORCAMENTO=\"LICITADO\",ORÇAMENTO.PrecoUnitarioLicitado>$AN198)),\"ACIMA REF.\",\nIF(AND($C198=\"S\",$P198<>\"\",$Q198<>\"\",$T198=0,$U198>0),\"QUANT.\",\nIF(AND(Import.TipoArredondamento=\"TransfereGOV\",$L198=\"F\",$C198=\"S\",LEN($Q198)>13),\"Código >13\",\nIF(AND(Import.TipoArredondamento=\"TransfereGOV\",$L198=\"F\",$C198<>\"S\",LEN($R198)>100),\"Descrição >100\",\nIF(AND(Import.TipoArredondamento=\"TransfereGOV\",$L198=\"F\",$C198=\"S\",LEN($R198)>500),\"Descrição >500\",\nIF(AND(Import.TipoArredondamento=\"TransfereGOV\",$L198=\"F\",$C198=\"S\",LEFT(TRIM(UPPER($P198)),6)<>\"SINAPI\",ISNA(VLOOKUP(TRIM(UPPER($S198)),ListaTgov.Unidades,1,FALSE))),\"Unid. Não Disp\",\n\" \"))))))))))))))))","v":" "},{"$f":"IF(C198<=CRONO.NivelExibicao,MAX($AD$15:OFFSET(AD198,-1,0))+IF($C198<>1,1,MAX(1,COUNTIF(QCI!$A$13:$A$24,OFFSET($E198,-1,0)))),\"\")","v":""},{"$f":"IF(AND($C198=\"S\",ORÇAMENTO.CodBarra<>\"\"),IF(ORÇAMENTO.Fonte=\"\",ORÇAMENTO.CodBarra,CONCATENATE(ORÇAMENTO.Fonte,\" \",ORÇAMENTO.CodBarra)))","v":"SINAPI 89403"},{"$f":"IF(ISERROR(ORÇAMENTO.BancoRef),\"(abra o arquivo 'Referência \"&Excel_BuiltIn_Database&\".xlsm)\",IF(OR($C198<>\"S\",ORÇAMENTO.CodBarra=\"\"),\"(Sem Código)\",IF(ISERROR(MATCH($AE198,INDIRECT(ORÇAMENTO.BancoRef),0)),\"(Código não identificado nas referências)\",MATCH($AE198,INDIRECT(ORÇAMENTO.BancoRef),0))))","v":11651},{"$f":"ROUND(IF(DESONERACAO=\"sim\",REFERENCIA.Desonerado,REFERENCIA.NaoDesonerado),2)","v":20.28},0.25390000000000001,null,null,null,null,1166.3,{"$f":"ROUND(ORÇAMENTO.CustoUnitario*(1+$AH198),2)","v":22.11}]
[3,3,3,20,{"$f":"IF($C199=1,OFFSET(E199,-1,0)+MAX(1,COUNTIF(QCI!$A$13:$A$24,OFFSET(ORÇAMENTO!E199,-1,0))),OFFSET(E199,-1,0))","v":1},9,3,0,0,27,{"$f":"IF(OR($C199=\"S\",$C199=0),0,MATCH(OFFSET($D199,0,$C199)+IF($C199<>1,1,COUNTIF(QCI!$A$13:$A$24,ORÇAMENTO!E199)),OFFSET($D199,1,$C199,ROW($C$237)-ROW($C199)),0))","v":20},"F","Nível 3","Nível 3","1.9.3.","","","SANITÁRIAS / PLUVIAL",null,{"$f":"OFFSET(CÁLCULO!H$15,ROW($T199)-ROW(T$15),0)","v":0},0,"BDI 1",{"$f":"IF($C199=\"S\",ROUND(IF(TIPOORCAMENTO=\"Proposto\",ORÇAMENTO.CustoUnitario*(1+$AH199),ORÇAMENTO.PrecoUnitarioLicitado),15-13*$AF$10),0)","v":0},{"$f":"IF($C199=\"S\",IF(OR(Import.TipoArredondamento<>\"TransfereGOV\",ACOMPANHAMENTO=\"BM\"),VTOTAL1,SUM(OFFSET(CÁLCULO!$AQ$15,ROW($X199)-ROW($X$15),1):OFFSET(CÁLCULO!$BR$15,ROW($X199)-ROW($X$15),-1))),IF($C199=0,0,ROUND(SomaAgrup,15-13*$AF$11)))","v":31029.05},"RA","",{"$f":"IF($C199=\"S\",IF($Z199=\"CP\",$X199,IF($Z199=\"RA\",(($X199)*QCI!$AA$3),0)),SomaAgrup)","v":453.33461646253846},{"$f":"IF($C199=\"S\",IF($Z199=\"OU\",ROUND($X199,2),0),SomaAgrup)","v":0},{"$f":"IF($N199=\"\",\" \",\nIF(AND($C199<>\"S\",OR($R199=\"\",$R199=\"(digite a descrição aqui)\")),\"DESCRIÇÃO\",\nIF(AND($C199=\"S\",OR($Q199<>\"\",$T199>0,$U199>0),$P199=\"\"),\"FONTE\",\nIF(AND($C199=\"S\",$P199<>\"\",OR($T199>0,$U199>0),$Q199=\"\"),\"CÓDIGO\",\nIF(AND($C199=\"S\",$P199<>\"\",$Q199<>\"\",$R199=\"(Código não identificado nas referências)\"),\"CÓDIGO N/ID\",\nIF(AND($C199=\"S\",OR($R199=\"\",$R199=\"(digite a descrição aqui)\"),OR($Q199<>\"\",$T199>0,$U199>0)),\"DESCRIÇÃO\",\nIF(AND($C199=\"S\",$P199<>\"\",$Q199<>\"\",$S199=\"\"),\"UNIDADE\",\nIF(AND($C199=\"S\",$P199<>\"\",$Q199<>\"\",$U199=0),\"SEM CUSTO\",\nIF(AND(TIPOORCAMENTO=\"Licitado\",$AL199=0,$AN199>0),\"SEM PREÇO\",\nIF(AND($C199=\"S\",$P199<>\"\",$Q199<>\"\",$U199>0,AND($V199<>\"BDI 1\",$V199<>\"BDI 2\",$V199<>\"BDI 3\")),IF(ISNUMBER($V199),\"JUSTIFICAR BDI\",\"BDI\"),\nIF(OR(AND(import.recurso=\"OGU\",TIPOORCAMENTO=\"Proposto\",LEFT($O$8,5)<>\"(N/D:\",$AG199<>\"\",ORÇAMENTO.CustoUnitario>$AG199),AND(TIPOORCAMENTO=\"LICITADO\",ORÇAMENTO.PrecoUnitarioLicitado>$AN199)),\"ACIMA REF.\",\nIF(AND($C199=\"S\",$P199<>\"\",$Q199<>\"\",$T199=0,$U199>0),\"QUANT.\",\nIF(AND(Import.TipoArredondamento=\"TransfereGOV\",$L199=\"F\",$C199=\"S\",LEN($Q199)>13),\"Código >13\",\nIF(AND(Import.TipoArredondamento=\"TransfereGOV\",$L199=\"F\",$C199<>\"S\",LEN($R199)>100),\"Descrição >100\",\nIF(AND(Import.TipoArredondamento=\"TransfereGOV\",$L199=\"F\",$C199=\"S\",LEN($R199)>500),\"Descrição >500\",\nIF(AND(Import.TipoArredondamento=\"TransfereGOV\",$L199=\"F\",$C199=\"S\",LEFT(TRIM(UPPER($P199)),6)<>\"SINAPI\",ISNA(VLOOKUP(TRIM(UPPER($S199)),ListaTgov.Unidades,1,FALSE))),\"Unid. Não Disp\",\n\" \"))))))))))))))))","v":" "},{"$f":"IF(C199<=CRONO.NivelExibicao,MAX($AD$15:OFFSET(AD199,-1,0))+IF($C199<>1,1,MAX(1,COUNTIF(QCI!$A$13:$A$24,OFFSET($E199,-1,0)))),\"\")","v":""},{"$f":"IF(AND($C199=\"S\",ORÇAMENTO.CodBarra<>\"\"),IF(ORÇAMENTO.Fonte=\"\",ORÇAMENTO.CodBarra,CONCATENATE(ORÇAMENTO.Fonte,\" \",ORÇAMENTO.CodBarra)))","v":false},{"$f":"IF(ISERROR(ORÇAMENTO.BancoRef),\"(abra o arquivo 'Referência \"&Excel_BuiltIn_Database&\".xlsm)\",IF(OR($C199<>\"S\",ORÇAMENTO.CodBarra=\"\"),\"(Sem Código)\",IF(ISERROR(MATCH($AE199,INDIRECT(ORÇAMENTO.BancoRef),0)),\"(Código não identificado nas referências)\",MATCH($AE199,INDIRECT(ORÇAMENTO.BancoRef),0))))","v":"(Sem Código)"},{"$f":"ROUND(IF(DESONERACAO=\"sim\",REFERENCIA.Desonerado,REFERENCIA.NaoDesonerado),2)","v":0},0.25390000000000001,null,null,null,null,31029.05,{"$f":"ROUND(ORÇAMENTO.CustoUnitario*(1+$AH199),2)","v":0}]
[4,4,4,13,{"$f":"IF($C200=1,OFFSET(E200,-1,0)+MAX(1,COUNTIF(QCI!$A$13:$A$24,OFFSET(ORÇAMENTO!E200,-1,0))),OFFSET(E200,-1,0))","v":1},9,3,1,0,19,{"$f":"IF(OR($C200=\"S\",$C200=0),0,MATCH(OFFSET($D200,0,$C200)+IF($C200<>1,1,COUNTIF(QCI!$A$13:$A$24,ORÇAMENTO!E200)),OFFSET($D200,1,$C200,ROW($C$237)-ROW($C200)),0))","v":13},"F","Nível 4","Nível 4","1.9.3.1.","","","TUBULAÇÕES E CONEXÕES SANITÁRIAS",null,{"$f":"OFFSET(CÁLCULO!H$15,ROW($T200)-ROW(T$15),0)","v":0},0,"BDI 1",{"$f":"IF($C200=\"S\",ROUND(IF(TIPOORCAMENTO=\"Proposto\",ORÇAMENTO.CustoUnitario*(1+$AH200),ORÇAMENTO.PrecoUnitarioLicitado),15-13*$AF$10),0)","v":0},{"$f":"IF($C200=\"S\",IF(OR(Import.TipoArredondamento<>\"TransfereGOV\",ACOMPANHAMENTO=\"BM\"),VTOTAL1,SUM(OFFSET(CÁLCULO!$AQ$15,ROW($X200)-ROW($X$15),1):OFFSET(CÁLCULO!$BR$15,ROW($X200)-ROW($X$15),-1))),IF($C200=0,0,ROUND(SomaAgrup,15-13*$AF$11)))","v":12094.6},"RA","",{"$f":"IF($C200=\"S\",IF($Z200=\"CP\",$X200,IF($Z200=\"RA\",(($X200)*QCI!$AA$3),0)),SomaAgrup)","v":176.70218238289016},{"$f":"IF($C200=\"S\",IF($Z200=\"OU\",ROUND($X200,2),0),SomaAgrup)","v":0},{"$f":"IF($N200=\"\",\" \",\nIF(AND($C200<>\"S\",OR($R200=\"\",$R200=\"(digite a descrição aqui)\")),\"DESCRIÇÃO\",\nIF(AND($C200=\"S\",OR($Q200<>\"\",$T200>0,$U200>0),$P200=\"\"),\"FONTE\",\nIF(AND($C200=\"S\",$P200<>\"\",OR($T200>0,$U200>0),$Q200=\"\"),\"CÓDIGO\",\nIF(AND($C200=\"S\",$P200<>\"\",$Q200<>\"\",$R200=\"(Código não identificado nas referências)\"),\"CÓDIGO N/ID\",\nIF(AND($C200=\"S\",OR($R200=\"\",$R200=\"(digite a descrição aqui)\"),OR($Q200<>\"\",$T200>0,$U200>0)),\"DESCRIÇÃO\",\nIF(AND($C200=\"S\",$P200<>\"\",$Q200<>\"\",$S200=\"\"),\"UNIDADE\",\nIF(AND($C200=\"S\",$P200<>\"\",$Q200<>\"\",$U200=0),\"SEM CUSTO\",\nIF(AND(TIPOORCAMENTO=\"Licitado\",$AL200=0,$AN200>0),\"SEM PREÇO\",\nIF(AND($C200=\"S\",$P200<>\"\",$Q200<>\"\",$U200>0,AND($V200<>\"BDI 1\",$V200<>\"BDI 2\",$V200<>\"BDI 3\")),IF(ISNUMBER($V200),\"JUSTIFICAR BDI\",\"BDI\"),\nIF(OR(AND(import.recurso=\"OGU\",TIPOORCAMENTO=\"Proposto\",LEFT($O$8,5)<>\"(N/D:\",$AG200<>\"\",ORÇAMENTO.CustoUnitario>$AG200),AND(TIPOORCAMENTO=\"LICITADO\",ORÇAMENTO.PrecoUnitarioLicitado>$AN200)),\"ACIMA REF.\",\nIF(AND($C200=\"S\",$P200<>\"\",$Q200<>\"\",$T200=0,$U200>0),\"QUANT.\",\nIF(AND(Import.TipoArredondamento=\"TransfereGOV\",$L200=\"F\",$C200=\"S\",LEN($Q200)>13),\"Código >13\",\nIF(AND(Import.TipoArredondamento=\"TransfereGOV\",$L200=\"F\",$C200<>\"S\",LEN($R200)>100),\"Descrição >100\",\nIF(AND(Import.TipoArredondamento=\"TransfereGOV\",$L200=\"F\",$C200=\"S\",LEN($R200)>500),\"Descrição >500\",\nIF(AND(Import.TipoArredondamento=\"TransfereGOV\",$L200=\"F\",$C200=\"S\",LEFT(TRIM(UPPER($P200)),6)<>\"SINAPI\",ISNA(VLOOKUP(TRIM(UPPER($S200)),ListaTgov.Unidades,1,FALSE))),\"Unid. Não Disp\",\n\" \"))))))))))))))))","v":" "},{"$f":"IF(C200<=CRONO.NivelExibicao,MAX($AD$15:OFFSET(AD200,-1,0))+IF($C200<>1,1,MAX(1,COUNTIF(QCI!$A$13:$A$24,OFFSET($E200,-1,0)))),\"\")","v":""},{"$f":"IF(AND($C200=\"S\",ORÇAMENTO.CodBarra<>\"\"),IF(ORÇAMENTO.Fonte=\"\",ORÇAMENTO.CodBarra,CONCATENATE(ORÇAMENTO.Fonte,\" \",ORÇAMENTO.CodBarra)))","v":false},{"$f":"IF(ISERROR(ORÇAMENTO.BancoRef),\"(abra o arquivo 'Referência \"&Excel_BuiltIn_Database&\".xlsm)\",IF(OR($C200<>\"S\",ORÇAMENTO.CodBarra=\"\"),\"(Sem Código)\",IF(ISERROR(MATCH($AE200,INDIRECT(ORÇAMENTO.BancoRef),0)),\"(Código não identificado nas referências)\",MATCH($AE200,INDIRECT(ORÇAMENTO.BancoRef),0))))","v":"(Sem Código)"},{"$f":"ROUND(IF(DESONERACAO=\"sim\",REFERENCIA.Desonerado,REFERENCIA.NaoDesonerado),2)","v":0},0.25390000000000001,null,null,null,null,12094.6,{"$f":"ROUND(ORÇAMENTO.CustoUnitario*(1+$AH200),2)","v":0}]
["S",4,"S",0,{"$f":"IF($C201=1,OFFSET(E201,-1,0)+MAX(1,COUNTIF(QCI!$A$13:$A$24,OFFSET(ORÇAMENTO!E201,-1,0))),OFFSET(E201,-1,0))","v":1},9,3,1,1,0,{"$f":"IF(OR($C201=\"S\",$C201=0),0,MATCH(OFFSET($D201,0,$C201)+IF($C201<>1,1,COUNTIF(QCI!$A$13:$A$24,ORÇAMENTO!E201)),OFFSET($D201,1,$C201,ROW($C$237)-ROW($C201)),0))","v":0},"F","Serviço","Serviço","1.9.3.1.1.","SINAPI","89726",{"$f":"IF($C201=\"S\",REFERENCIA.Descricao,\"(digite a descrição aqui)\")","v":"JOELHO 45 GRAUS, PVC, SERIE NORMAL, ESGOTO PREDIAL, DN 40 MM, JUNTA SOLDÁVEL, FORNECIDO E INSTALADO EM RAMAL DE DESCARGA OU RAMAL DE ESGOTO SANITÁRIO. AF_08/2022"},{"$f":"REFERENCIA.Unidade","v":"UN"},{"$f":"OFFSET(CÁLCULO!H$15,ROW($T201)-ROW(T$15),0)","v":15},10.38,"BDI 1",{"$f":"IF($C201=\"S\",ROUND(IF(TIPOORCAMENTO=\"Proposto\",ORÇAMENTO.CustoUnitario*(1+$AH201),ORÇAMENTO.PrecoUnitarioLicitado),15-13*$AF$10),0)","v":13.02},{"$f":"IF($C201=\"S\",IF(OR(Import.TipoArredondamento<>\"TransfereGOV\",ACOMPANHAMENTO=\"BM\"),VTOTAL1,SUM(OFFSET(CÁLCULO!$AQ$15,ROW($X201)-ROW($X$15),1):OFFSET(CÁLCULO!$BR$15,ROW($X201)-ROW($X$15),-1))),IF($C201=0,0,ROUND(SomaAgrup,15-13*$AF$11)))","v":195.3},"RA","RA",{"$f":"IF($C201=\"S\",IF($Z201=\"CP\",$X201,IF($Z201=\"RA\",(($X201)*QCI!$AA$3),0)),SomaAgrup)","v":2.8533342334081695},{"$f":"IF($C201=\"S\",IF($Z201=\"OU\",ROUND($X201,2),0),SomaAgrup)","v":0},{"$f":"IF($N201=\"\",\" \",\nIF(AND($C201<>\"S\",OR($R201=\"\",$R201=\"(digite a descrição aqui)\")),\"DESCRIÇÃO\",\nIF(AND($C201=\"S\",OR($Q201<>\"\",$T201>0,$U201>0),$P201=\"\"),\"FONTE\",\nIF(AND($C201=\"S\",$P201<>\"\",OR($T201>0,$U201>0),$Q201=\"\"),\"CÓDIGO\",\nIF(AND($C201=\"S\",$P201<>\"\",$Q201<>\"\",$R201=\"(Código não identificado nas referências)\"),\"CÓDIGO N/ID\",\nIF(AND($C201=\"S\",OR($R201=\"\",$R201=\"(digite a descrição aqui)\"),OR($Q201<>\"\",$T201>0,$U201>0)),\"DESCRIÇÃO\",\nIF(AND($C201=\"S\",$P201<>\"\",$Q201<>\"\",$S201=\"\"),\"UNIDADE\",\nIF(AND($C201=\"S\",$P201<>\"\",$Q201<>\"\",$U201=0),\"SEM CUSTO\",\nIF(AND(TIPOORCAMENTO=\"Licitado\",$AL201=0,$AN201>0),\"SEM PREÇO\",\nIF(AND($C201=\"S\",$P201<>\"\",$Q201<>\"\",$U201>0,AND($V201<>\"BDI 1\",$V201<>\"BDI 2\",$V201<>\"BDI 3\")),IF(ISNUMBER($V201),\"JUSTIFICAR BDI\",\"BDI\"),\nIF(OR(AND(import.recurso=\"OGU\",TIPOORCAMENTO=\"Proposto\",LEFT($O$8,5)<>\"(N/D:\",$AG201<>\"\",ORÇAMENTO.CustoUnitario>$AG201),AND(TIPOORCAMENTO=\"LICITADO\",ORÇAMENTO.PrecoUnitarioLicitado>$AN201)),\"ACIMA REF.\",\nIF(AND($C201=\"S\",$P201<>\"\",$Q201<>\"\",$T201=0,$U201>0),\"QUANT.\",\nIF(AND(Import.TipoArredondamento=\"TransfereGOV\",$L201=\"F\",$C201=\"S\",LEN($Q201)>13),\"Código >13\",\nIF(AND(Import.TipoArredondamento=\"TransfereGOV\",$L201=\"F\",$C201<>\"S\",LEN($R201)>100),\"Descrição >100\",\nIF(AND(Import.TipoArredondamento=\"TransfereGOV\",$L201=\"F\",$C201=\"S\",LEN($R201)>500),\"Descrição >500\",\nIF(AND(Import.TipoArredondamento=\"TransfereGOV\",$L201=\"F\",$C201=\"S\",LEFT(TRIM(UPPER($P201)),6)<>\"SINAPI\",ISNA(VLOOKUP(TRIM(UPPER($S201)),ListaTgov.Unidades,1,FALSE))),\"Unid. Não Disp\",\n\" \"))))))))))))))))","v":" "},{"$f":"IF(C201<=CRONO.NivelExibicao,MAX($AD$15:OFFSET(AD201,-1,0))+IF($C201<>1,1,MAX(1,COUNTIF(QCI!$A$13:$A$24,OFFSET($E201,-1,0)))),\"\")","v":""},{"$f":"IF(AND($C201=\"S\",ORÇAMENTO.CodBarra<>\"\"),IF(ORÇAMENTO.Fonte=\"\",ORÇAMENTO.CodBarra,CONCATENATE(ORÇAMENTO.Fonte,\" \",ORÇAMENTO.CodBarra)))","v":"SINAPI 89726"},{"$f":"IF(ISERROR(ORÇAMENTO.BancoRef),\"(abra o arquivo 'Referência \"&Excel_BuiltIn_Database&\".xlsm)\",IF(OR($C201<>\"S\",ORÇAMENTO.CodBarra=\"\"),\"(Sem Código)\",IF(ISERROR(MATCH($AE201,INDIRECT(ORÇAMENTO.BancoRef),0)),\"(Código não identificado nas referências)\",MATCH($AE201,INDIRECT(ORÇAMENTO.BancoRef),0))))","v":11389},{"$f":"ROUND(IF(DESONERACAO=\"sim\",REFERENCIA.Desonerado,REFERENCIA.NaoDesonerado),2)","v":11.94},0.25390000000000001,null,null,null,null,195.3,{"$f":"ROUND(ORÇAMENTO.CustoUnitario*(1+$AH201),2)","v":13.02}]
["S",4,"S",0,{"$f":"IF($C202=1,OFFSET(E202,-1,0)+MAX(1,COUNTIF(QCI!$A$13:$A$24,OFFSET(ORÇAMENTO!E202,-1,0))),OFFSET(E202,-1,0))","v":1},9,3,1,2,0,{"$f":"IF(OR($C202=\"S\",$C202=0),0,MATCH(OFFSET($D202,0,$C202)+IF($C202<>1,1,COUNTIF(QCI!$A$13:$A$24,ORÇAMENTO!E202)),OFFSET($D202,1,$C202,ROW($C$237)-ROW($C202)),0))","v":0},"F","Serviço","Serviço","1.9.3.1.2.","SINAPI","89732",{"$f":"IF($C202=\"S\",REFERENCIA.Descricao,\"(digite a descrição aqui)\")","v":"JOELHO 45 GRAUS, PVC, SERIE NORMAL, ESGOTO PREDIAL, DN 50 MM, JUNTA ELÁSTICA, FORNECIDO E INSTALADO EM RAMAL DE DESCARGA OU RAMAL DE ESGOTO SANITÁRIO. AF_08/2022"},{"$f":"REFERENCIA.Unidade","v":"UN"},{"$f":"OFFSET(CÁLCULO!H$15,ROW($T202)-ROW(T$15),0)","v":10},14.63,"BDI 1",{"$f":"IF($C202=\"S\",ROUND(IF(TIPOORCAMENTO=\"Proposto\",ORÇAMENTO.CustoUnitario*(1+$AH202),ORÇAMENTO.PrecoUnitarioLicitado),15-13*$AF$10),0)","v":18.34},{"$f":"IF($C202=\"S\",IF(OR(Import.TipoArredondamento<>\"TransfereGOV\",ACOMPANHAMENTO=\"BM\"),VTOTAL1,SUM(OFFSET(CÁLCULO!$AQ$15,ROW($X202)-ROW($X$15),1):OFFSET(CÁLCULO!$BR$15,ROW($X202)-ROW($X$15),-1))),IF($C202=0,0,ROUND(SomaAgrup,15-13*$AF$11)))","v":183.4},"RA","RA",{"$f":"IF($C202=\"S\",IF($Z202=\"CP\",$X202,IF($Z202=\"RA\",(($X202)*QCI!$AA$3),0)),SomaAgrup)","v":2.6794751582542666},{"$f":"IF($C202=\"S\",IF($Z202=\"OU\",ROUND($X202,2),0),SomaAgrup)","v":0},{"$f":"IF($N202=\"\",\" \",\nIF(AND($C202<>\"S\",OR($R202=\"\",$R202=\"(digite a descrição aqui)\")),\"DESCRIÇÃO\",\nIF(AND($C202=\"S\",OR($Q202<>\"\",$T202>0,$U202>0),$P202=\"\"),\"FONTE\",\nIF(AND($C202=\"S\",$P202<>\"\",OR($T202>0,$U202>0),$Q202=\"\"),\"CÓDIGO\",\nIF(AND($C202=\"S\",$P202<>\"\",$Q202<>\"\",$R202=\"(Código não identificado nas referências)\"),\"CÓDIGO N/ID\",\nIF(AND($C202=\"S\",OR($R202=\"\",$R202=\"(digite a descrição aqui)\"),OR($Q202<>\"\",$T202>0,$U202>0)),\"DESCRIÇÃO\",\nIF(AND($C202=\"S\",$P202<>\"\",$Q202<>\"\",$S202=\"\"),\"UNIDADE\",\nIF(AND($C202=\"S\",$P202<>\"\",$Q202<>\"\",$U202=0),\"SEM CUSTO\",\nIF(AND(TIPOORCAMENTO=\"Licitado\",$AL202=0,$AN202>0),\"SEM PREÇO\",\nIF(AND($C202=\"S\",$P202<>\"\",$Q202<>\"\",$U202>0,AND($V202<>\"BDI 1\",$V202<>\"BDI 2\",$V202<>\"BDI 3\")),IF(ISNUMBER($V202),\"JUSTIFICAR BDI\",\"BDI\"),\nIF(OR(AND(import.recurso=\"OGU\",TIPOORCAMENTO=\"Proposto\",LEFT($O$8,5)<>\"(N/D:\",$AG202<>\"\",ORÇAMENTO.CustoUnitario>$AG202),AND(TIPOORCAMENTO=\"LICITADO\",ORÇAMENTO.PrecoUnitarioLicitado>$AN202)),\"ACIMA REF.\",\nIF(AND($C202=\"S\",$P202<>\"\",$Q202<>\"\",$T202=0,$U202>0),\"QUANT.\",\nIF(AND(Import.TipoArredondamento=\"TransfereGOV\",$L202=\"F\",$C202=\"S\",LEN($Q202)>13),\"Código >13\",\nIF(AND(Import.TipoArredondamento=\"TransfereGOV\",$L202=\"F\",$C202<>\"S\",LEN($R202)>100),\"Descrição >100\",\nIF(AND(Import.TipoArredondamento=\"TransfereGOV\",$L202=\"F\",$C202=\"S\",LEN($R202)>500),\"Descrição >500\",\nIF(AND(Import.TipoArredondamento=\"TransfereGOV\",$L202=\"F\",$C202=\"S\",LEFT(TRIM(UPPER($P202)),6)<>\"SINAPI\",ISNA(VLOOKUP(TRIM(UPPER($S202)),ListaTgov.Unidades,1,FALSE))),\"Unid. Não Disp\",\n\" \"))))))))))))))))","v":" "},{"$f":"IF(C202<=CRONO.NivelExibicao,MAX($AD$15:OFFSET(AD202,-1,0))+IF($C202<>1,1,MAX(1,COUNTIF(QCI!$A$13:$A$24,OFFSET($E202,-1,0)))),\"\")","v":""},{"$f":"IF(AND($C202=\"S\",ORÇAMENTO.CodBarra<>\"\"),IF(ORÇAMENTO.Fonte=\"\",ORÇAMENTO.CodBarra,CONCATENATE(ORÇAMENTO.Fonte,\" \",ORÇAMENTO.CodBarra)))","v":"SINAPI 89732"},{"$f":"IF(ISERROR(ORÇAMENTO.BancoRef),\"(abra o arquivo 'Referência \"&Excel_BuiltIn_Database&\".xlsm)\",IF(OR($C202<>\"S\",ORÇAMENTO.CodBarra=\"\"),\"(Sem Código)\",IF(ISERROR(MATCH($AE202,INDIRECT(ORÇAMENTO.BancoRef),0)),\"(Código não identificado nas referências)\",MATCH($AE202,INDIRECT(ORÇAMENTO.BancoRef),0))))","v":11391},{"$f":"ROUND(IF(DESONERACAO=\"sim\",REFERENCIA.Desonerado,REFERENCIA.NaoDesonerado),2)","v":16.829999999999998},0.25390000000000001,null,null,null,null,183.4,{"$f":"ROUND(ORÇAMENTO.CustoUnitario*(1+$AH202),2)","v":18.34}]
["S",4,"S",0,{"$f":"IF($C203=1,OFFSET(E203,-1,0)+MAX(1,COUNTIF(QCI!$A$13:$A$24,OFFSET(ORÇAMENTO!E203,-1,0))),OFFSET(E203,-1,0))","v":1},9,3,1,3,0,{"$f":"IF(OR($C203=\"S\",$C203=0),0,MATCH(OFFSET($D203,0,$C203)+IF($C203<>1,1,COUNTIF(QCI!$A$13:$A$24,ORÇAMENTO!E203)),OFFSET($D203,1,$C203,ROW($C$237)-ROW($C203)),0))","v":0},"F","Serviço","Serviço","1.9.3.1.3.","SINAPI","89724",{"$f":"IF($C203=\"S\",REFERENCIA.Descricao,\"(digite a descrição aqui)\")","v":"JOELHO 90 GRAUS, PVC, SERIE NORMAL, ESGOTO PREDIAL, DN 40 MM, JUNTA SOLDÁVEL, FORNECIDO E INSTALADO EM RAMAL DE DESCARGA OU RAMAL DE ESGOTO SANITÁRIO. AF_08/2022"},{"$f":"REFERENCIA.Unidade","v":"UN"},{"$f":"OFFSET(CÁLCULO!H$15,ROW($T203)-ROW(T$15),0)","v":10},10.19,"BDI 1",{"$f":"IF($C203=\"S\",ROUND(IF(TIPOORCAMENTO=\"Proposto\",ORÇAMENTO.CustoUnitario*(1+$AH203),ORÇAMENTO.PrecoUnitarioLicitado),15-13*$AF$10),0)","v":12.78},{"$f":"IF($C203=\"S\",IF(OR(Import.TipoArredondamento<>\"TransfereGOV\",ACOMPANHAMENTO=\"BM\"),VTOTAL1,SUM(OFFSET(CÁLCULO!$AQ$15,ROW($X203)-ROW($X$15),1):OFFSET(CÁLCULO!$BR$15,ROW($X203)-ROW($X$15),-1))),IF($C203=0,0,ROUND(SomaAgrup,15-13*$AF$11)))","v":127.8},"RA","RA",{"$f":"IF($C203=\"S\",IF($Z203=\"CP\",$X203,IF($Z203=\"RA\",(($X203)*QCI!$AA$3),0)),SomaAgrup)","v":1.8671588071150234},{"$f":"IF($C203=\"S\",IF($Z203=\"OU\",ROUND($X203,2),0),SomaAgrup)","v":0},{"$f":"IF($N203=\"\",\" \",\nIF(AND($C203<>\"S\",OR($R203=\"\",$R203=\"(digite a descrição aqui)\")),\"DESCRIÇÃO\",\nIF(AND($C203=\"S\",OR($Q203<>\"\",$T203>0,$U203>0),$P203=\"\"),\"FONTE\",\nIF(AND($C203=\"S\",$P203<>\"\",OR($T203>0,$U203>0),$Q203=\"\"),\"CÓDIGO\",\nIF(AND($C203=\"S\",$P203<>\"\",$Q203<>\"\",$R203=\"(Código não identificado nas referências)\"),\"CÓDIGO N/ID\",\nIF(AND($C203=\"S\",OR($R203=\"\",$R203=\"(digite a descrição aqui)\"),OR($Q203<>\"\",$T203>0,$U203>0)),\"DESCRIÇÃO\",\nIF(AND($C203=\"S\",$P203<>\"\",$Q203<>\"\",$S203=\"\"),\"UNIDADE\",\nIF(AND($C203=\"S\",$P203<>\"\",$Q203<>\"\",$U203=0),\"SEM CUSTO\",\nIF(AND(TIPOORCAMENTO=\"Licitado\",$AL203=0,$AN203>0),\"SEM PREÇO\",\nIF(AND($C203=\"S\",$P203<>\"\",$Q203<>\"\",$U203>0,AND($V203<>\"BDI 1\",$V203<>\"BDI 2\",$V203<>\"BDI 3\")),IF(ISNUMBER($V203),\"JUSTIFICAR BDI\",\"BDI\"),\nIF(OR(AND(import.recurso=\"OGU\",TIPOORCAMENTO=\"Proposto\",LEFT($O$8,5)<>\"(N/D:\",$AG203<>\"\",ORÇAMENTO.CustoUnitario>$AG203),AND(TIPOORCAMENTO=\"LICITADO\",ORÇAMENTO.PrecoUnitarioLicitado>$AN203)),\"ACIMA REF.\",\nIF(AND($C203=\"S\",$P203<>\"\",$Q203<>\"\",$T203=0,$U203>0),\"QUANT.\",\nIF(AND(Import.TipoArredondamento=\"TransfereGOV\",$L203=\"F\",$C203=\"S\",LEN($Q203)>13),\"Código >13\",\nIF(AND(Import.TipoArredondamento=\"TransfereGOV\",$L203=\"F\",$C203<>\"S\",LEN($R203)>100),\"Descrição >100\",\nIF(AND(Import.TipoArredondamento=\"TransfereGOV\",$L203=\"F\",$C203=\"S\",LEN($R203)>500),\"Descrição >500\",\nIF(AND(Import.TipoArredondamento=\"TransfereGOV\",$L203=\"F\",$C203=\"S\",LEFT(TRIM(UPPER($P203)),6)<>\"SINAPI\",ISNA(VLOOKUP(TRIM(UPPER($S203)),ListaTgov.Unidades,1,FALSE))),\"Unid. Não Disp\",\n\" \"))))))))))))))))","v":" "},{"$f":"IF(C203<=CRONO.NivelExibicao,MAX($AD$15:OFFSET(AD203,-1,0))+IF($C203<>1,1,MAX(1,COUNTIF(QCI!$A$13:$A$24,OFFSET($E203,-1,0)))),\"\")","v":""},{"$f":"IF(AND($C203=\"S\",ORÇAMENTO.CodBarra<>\"\"),IF(ORÇAMENTO.Fonte=\"\",ORÇAMENTO.CodBarra,CONCATENATE(ORÇAMENTO.Fonte,\" \",ORÇAMENTO.CodBarra)))","v":"SINAPI 89724"},{"$f":"IF(ISERROR(ORÇAMENTO.BancoRef),\"(abra o arquivo 'Referência \"&Excel_BuiltIn_Database&\".xlsm)\",IF(OR($C203<>\"S\",ORÇAMENTO.CodBarra=\"\"),\"(Sem Código)\",IF(ISERROR(MATCH($AE203,INDIRECT(ORÇAMENTO.BancoRef),0)),\"(Código não identificado nas referências)\",MATCH($AE203,INDIRECT(ORÇAMENTO.BancoRef),0))))","v":11398},{"$f":"ROUND(IF(DESONERACAO=\"sim\",REFERENCIA.Desonerado,REFERENCIA.NaoDesonerado),2)","v":11.72},0.25390000000000001,null,null,null,null,127.8,{"$f":"ROUND(ORÇAMENTO.CustoUnitario*(1+$AH203),2)","v":12.78}]
["S",4,"S",0,{"$f":"IF($C204=1,OFFSET(E204,-1,0)+MAX(1,COUNTIF(QCI!$A$13:$A$24,OFFSET(ORÇAMENTO!E204,-1,0))),OFFSET(E204,-1,0))","v":1},9,3,1,4,0,{"$f":"IF(OR($C204=\"S\",$C204=0),0,MATCH(OFFSET($D204,0,$C204)+IF($C204<>1,1,COUNTIF(QCI!$A$13:$A$24,ORÇAMENTO!E204)),OFFSET($D204,1,$C204,ROW($C$237)-ROW($C204)),0))","v":0},"F","Serviço","Serviço","1.9.3.1.4.","SINAPI","89731",{"$f":"IF($C204=\"S\",REFERENCIA.Descricao,\"(digite a descrição aqui)\")","v":"JOELHO 90 GRAUS, PVC, SERIE NORMAL, ESGOTO PREDIAL, DN 50 MM, JUNTA ELÁSTICA, FORNECIDO E INSTALADO EM RAMAL DE DESCARGA OU RAMAL DE ESGOTO SANITÁRIO. AF_08/2022"},{"$f":"REFERENCIA.Unidade","v":"UN"},{"$f":"OFFSET(CÁLCULO!H$15,ROW($T204)-ROW(T$15),0)","v":45},14.02,"BDI 1",{"$f":"IF($C204=\"S\",ROUND(IF(TIPOORCAMENTO=\"Proposto\",ORÇAMENTO.CustoUnitario*(1+$AH204),ORÇAMENTO.PrecoUnitarioLicitado),15-13*$AF$10),0)","v":17.579999999999998},{"$f":"IF($C204=\"S\",IF(OR(Import.TipoArredondamento<>\"TransfereGOV\",ACOMPANHAMENTO=\"BM\"),VTOTAL1,SUM(OFFSET(CÁLCULO!$AQ$15,ROW($X204)-ROW($X$15),1):OFFSET(CÁLCULO!$BR$15,ROW($X204)-ROW($X$15),-1))),IF($C204=0,0,ROUND(SomaAgrup,15-13*$AF$11)))","v":791.1},"RA","RA",{"$f":"IF($C204=\"S\",IF($Z204=\"CP\",$X204,IF($Z204=\"RA\",(($X204)*QCI!$AA$3),0)),SomaAgrup)","v":11.557975996155673},{"$f":"IF($C204=\"S\",IF($Z204=\"OU\",ROUND($X204,2),0),SomaAgrup)","v":0},{"$f":"IF($N204=\"\",\" \",\nIF(AND($C204<>\"S\",OR($R204=\"\",$R204=\"(digite a descrição aqui)\")),\"DESCRIÇÃO\",\nIF(AND($C204=\"S\",OR($Q204<>\"\",$T204>0,$U204>0),$P204=\"\"),\"FONTE\",\nIF(AND($C204=\"S\",$P204<>\"\",OR($T204>0,$U204>0),$Q204=\"\"),\"CÓDIGO\",\nIF(AND($C204=\"S\",$P204<>\"\",$Q204<>\"\",$R204=\"(Código não identificado nas referências)\"),\"CÓDIGO N/ID\",\nIF(AND($C204=\"S\",OR($R204=\"\",$R204=\"(digite a descrição aqui)\"),OR($Q204<>\"\",$T204>0,$U204>0)),\"DESCRIÇÃO\",\nIF(AND($C204=\"S\",$P204<>\"\",$Q204<>\"\",$S204=\"\"),\"UNIDADE\",\nIF(AND($C204=\"S\",$P204<>\"\",$Q204<>\"\",$U204=0),\"SEM CUSTO\",\nIF(AND(TIPOORCAMENTO=\"Licitado\",$AL204=0,$AN204>0),\"SEM PREÇO\",\nIF(AND($C204=\"S\",$P204<>\"\",$Q204<>\"\",$U204>0,AND($V204<>\"BDI 1\",$V204<>\"BDI 2\",$V204<>\"BDI 3\")),IF(ISNUMBER($V204),\"JUSTIFICAR BDI\",\"BDI\"),\nIF(OR(AND(import.recurso=\"OGU\",TIPOORCAMENTO=\"Proposto\",LEFT($O$8,5)<>\"(N/D:\",$AG204<>\"\",ORÇAMENTO.CustoUnitario>$AG204),AND(TIPOORCAMENTO=\"LICITADO\",ORÇAMENTO.PrecoUnitarioLicitado>$AN204)),\"ACIMA REF.\",\nIF(AND($C204=\"S\",$P204<>\"\",$Q204<>\"\",$T204=0,$U204>0),\"QUANT.\",\nIF(AND(Import.TipoArredondamento=\"TransfereGOV\",$L204=\"F\",$C204=\"S\",LEN($Q204)>13),\"Código >13\",\nIF(AND(Import.TipoArredondamento=\"TransfereGOV\",$L204=\"F\",$C204<>\"S\",LEN($R204)>100),\"Descrição >100\",\nIF(AND(Import.TipoArredondamento=\"TransfereGOV\",$L204=\"F\",$C204=\"S\",LEN($R204)>500),\"Descrição >500\",\nIF(AND(Import.TipoArredondamento=\"TransfereGOV\",$L204=\"F\",$C204=\"S\",LEFT(TRIM(UPPER($P204)),6)<>\"SINAPI\",ISNA(VLOOKUP(TRIM(UPPER($S204)),ListaTgov.Unidades,1,FALSE))),\"Unid. Não Disp\",\n\" \"))))))))))))))))","v":" "},{"$f":"IF(C204<=CRONO.NivelExibicao,MAX($AD$15:OFFSET(AD204,-1,0))+IF($C204<>1,1,MAX(1,COUNTIF(QCI!$A$13:$A$24,OFFSET($E204,-1,0)))),\"\")","v":""},{"$f":"IF(AND($C204=\"S\",ORÇAMENTO.CodBarra<>\"\"),IF(ORÇAMENTO.Fonte=\"\",ORÇAMENTO.CodBarra,CONCATENATE(ORÇAMENTO.Fonte,\" \",ORÇAMENTO.CodBarra)))","v":"SINAPI 89731"},{"$f":"IF(ISERROR(ORÇAMENTO.BancoRef),\"(abra o arquivo 'Referência \"&Excel_BuiltIn_Database&\".xlsm)\",IF(OR($C204<>\"S\",ORÇAMENTO.CodBarra=\"\"),\"(Sem Código)\",IF(ISERROR(MATCH($AE204,INDIRECT(ORÇAMENTO.BancoRef),0)),\"(Código não identificado nas referências)\",MATCH($AE204,INDIRECT(ORÇAMENTO.BancoRef),0))))","v":11400},{"$f":"ROUND(IF(DESONERACAO=\"sim\",REFERENCIA.Desonerado,REFERENCIA.NaoDesonerado),2)","v":16.13},0.25390000000000001,null,null,null,null,791.1,{"$f":"ROUND(ORÇAMENTO.CustoUnitario*(1+$AH204),2)","v":17.579999999999998}]
["S",4,"S",0,{"$f":"IF($C205=1,OFFSET(E205,-1,0)+MAX(1,COUNTIF(QCI!$A$13:$A$24,OFFSET(ORÇAMENTO!E205,-1,0))),OFFSET(E205,-1,0))","v":1},9,3,1,5,0,{"$f":"IF(OR($C205=\"S\",$C205=0),0,MATCH(OFFSET($D205,0,$C205)+IF($C205<>1,1,COUNTIF(QCI!$A$13:$A$24,ORÇAMENTO!E205)),OFFSET($D205,1,$C205,ROW($C$237)-ROW($C205)),0))","v":0},"F","Serviço","Serviço","1.9.3.1.5.","SINAPI","89744",{"$f":"IF($C205=\"S\",REFERENCIA.Descricao,\"(digite a descrição aqui)\")","v":"JOELHO 90 GRAUS, PVC, SERIE NORMAL, ESGOTO PREDIAL, DN 100 MM, JUNTA ELÁSTICA, FORNECIDO E INSTALADO EM RAMAL DE DESCARGA OU RAMAL DE ESGOTO SANITÁRIO. AF_08/2022"},{"$f":"REFERENCIA.Unidade","v":"UN"},{"$f":"OFFSET(CÁLCULO!H$15,ROW($T205)-ROW(T$15),0)","v":5},25.23,"BDI 1",{"$f":"IF($C205=\"S\",ROUND(IF(TIPOORCAMENTO=\"Proposto\",ORÇAMENTO.CustoUnitario*(1+$AH205),ORÇAMENTO.PrecoUnitarioLicitado),15-13*$AF$10),0)","v":31.64},{"$f":"IF($C205=\"S\",IF(OR(Import.TipoArredondamento<>\"TransfereGOV\",ACOMPANHAMENTO=\"BM\"),VTOTAL1,SUM(OFFSET(CÁLCULO!$AQ$15,ROW($X205)-ROW($X$15),1):OFFSET(CÁLCULO!$BR$15,ROW($X205)-ROW($X$15),-1))),IF($C205=0,0,ROUND(SomaAgrup,15-13*$AF$11)))","v":158.19999999999999},"RA","RA",{"$f":"IF($C205=\"S\",IF($Z205=\"CP\",$X205,IF($Z205=\"RA\",(($X205)*QCI!$AA$3),0)),SomaAgrup)","v":2.3113029991048255},{"$f":"IF($C205=\"S\",IF($Z205=\"OU\",ROUND($X205,2),0),SomaAgrup)","v":0},{"$f":"IF($N205=\"\",\" \",\nIF(AND($C205<>\"S\",OR($R205=\"\",$R205=\"(digite a descrição aqui)\")),\"DESCRIÇÃO\",\nIF(AND($C205=\"S\",OR($Q205<>\"\",$T205>0,$U205>0),$P205=\"\"),\"FONTE\",\nIF(AND($C205=\"S\",$P205<>\"\",OR($T205>0,$U205>0),$Q205=\"\"),\"CÓDIGO\",\nIF(AND($C205=\"S\",$P205<>\"\",$Q205<>\"\",$R205=\"(Código não identificado nas referências)\"),\"CÓDIGO N/ID\",\nIF(AND($C205=\"S\",OR($R205=\"\",$R205=\"(digite a descrição aqui)\"),OR($Q205<>\"\",$T205>0,$U205>0)),\"DESCRIÇÃO\",\nIF(AND($C205=\"S\",$P205<>\"\",$Q205<>\"\",$S205=\"\"),\"UNIDADE\",\nIF(AND($C205=\"S\",$P205<>\"\",$Q205<>\"\",$U205=0),\"SEM CUSTO\",\nIF(AND(TIPOORCAMENTO=\"Licitado\",$AL205=0,$AN205>0),\"SEM PREÇO\",\nIF(AND($C205=\"S\",$P205<>\"\",$Q205<>\"\",$U205>0,AND($V205<>\"BDI 1\",$V205<>\"BDI 2\",$V205<>\"BDI 3\")),IF(ISNUMBER($V205),\"JUSTIFICAR BDI\",\"BDI\"),\nIF(OR(AND(import.recurso=\"OGU\",TIPOORCAMENTO=\"Proposto\",LEFT($O$8,5)<>\"(N/D:\",$AG205<>\"\",ORÇAMENTO.CustoUnitario>$AG205),AND(TIPOORCAMENTO=\"LICITADO\",ORÇAMENTO.PrecoUnitarioLicitado>$AN205)),\"ACIMA REF.\",\nIF(AND($C205=\"S\",$P205<>\"\",$Q205<>\"\",$T205=0,$U205>0),\"QUANT.\",\nIF(AND(Import.TipoArredondamento=\"TransfereGOV\",$L205=\"F\",$C205=\"S\",LEN($Q205)>13),\"Código >13\",\nIF(AND(Import.TipoArredondamento=\"TransfereGOV\",$L205=\"F\",$C205<>\"S\",LEN($R205)>100),\"Descrição >100\",\nIF(AND(Import.TipoArredondamento=\"TransfereGOV\",$L205=\"F\",$C205=\"S\",LEN($R205)>500),\"Descrição >500\",\nIF(AND(Import.TipoArredondamento=\"TransfereGOV\",$L205=\"F\",$C205=\"S\",LEFT(TRIM(UPPER($P205)),6)<>\"SINAPI\",ISNA(VLOOKUP(TRIM(UPPER($S205)),ListaTgov.Unidades,1,FALSE))),\"Unid. Não Disp\",\n\" \"))))))))))))))))","v":" "},{"$f":"IF(C205<=CRONO.NivelExibicao,MAX($AD$15:OFFSET(AD205,-1,0))+IF($C205<>1,1,MAX(1,COUNTIF(QCI!$A$13:$A$24,OFFSET($E205,-1,0)))),\"\")","v":""},{"$f":"IF(AND($C205=\"S\",ORÇAMENTO.CodBarra<>\"\"),IF(ORÇAMENTO.Fonte=\"\",ORÇAMENTO.CodBarra,CONCATENATE(ORÇAMENTO.Fonte,\" \",ORÇAMENTO.CodBarra)))","v":"SINAPI 89744"},{"$f":"IF(ISERROR(ORÇAMENTO.BancoRef),\"(abra o arquivo 'Referência \"&Excel_BuiltIn_Database&\".xlsm)\",IF(OR($C205<>\"S\",ORÇAMENTO.CodBarra=\"\"),\"(Sem Código)\",IF(ISERROR(MATCH($AE205,INDIRECT(ORÇAMENTO.BancoRef),0)),\"(Código não identificado nas referências)\",MATCH($AE205,INDIRECT(ORÇAMENTO.BancoRef),0))))","v":11395},{"$f":"ROUND(IF(DESONERACAO=\"sim\",REFERENCIA.Desonerado,REFERENCIA.NaoDesonerado),2)","v":29.02},0.25390000000000001,null,null,null,null,158.19999999999999,{"$f":"ROUND(ORÇAMENTO.CustoUnitario*(1+$AH205),2)","v":31.64}]
["S",4,"S",0,{"$f":"IF($C206=1,OFFSET(E206,-1,0)+MAX(1,COUNTIF(QCI!$A$13:$A$24,OFFSET(ORÇAMENTO!E206,-1,0))),OFFSET(E206,-1,0))","v":1},9,3,1,6,0,{"$f":"IF(OR($C206=\"S\",$C206=0),0,MATCH(OFFSET($D206,0,$C206)+IF($C206<>1,1,COUNTIF(QCI!$A$13:$A$24,ORÇAMENTO!E206)),OFFSET($D206,1,$C206,ROW($C$237)-ROW($C206)),0))","v":0},"F","Serviço","Serviço","1.9.3.1.6.","SINAPI","89784",{"$f":"IF($C206=\"S\",REFERENCIA.Descricao,\"(digite a descrição aqui)\")","v":"TE, PVC, SERIE NORMAL, ESGOTO PREDIAL, DN 50 X 50 MM, JUNTA ELÁSTICA, FORNECIDO E INSTALADO EM RAMAL DE DESCARGA OU RAMAL DE ESGOTO SANITÁRIO. AF_08/2022"},{"$f":"REFERENCIA.Unidade","v":"UN"},{"$f":"OFFSET(CÁLCULO!H$15,ROW($T206)-ROW(T$15),0)","v":5},22.27,"BDI 1",{"$f":"IF($C206=\"S\",ROUND(IF(TIPOORCAMENTO=\"Proposto\",ORÇAMENTO.CustoUnitario*(1+$AH206),ORÇAMENTO.PrecoUnitarioLicitado),15-13*$AF$10),0)","v":27.92},{"$f":"IF($C206=\"S\",IF(OR(Import.TipoArredondamento<>\"TransfereGOV\",ACOMPANHAMENTO=\"BM\"),VTOTAL1,SUM(OFFSET(CÁLCULO!$AQ$15,ROW($X206)-ROW($X$15),1):OFFSET(CÁLCULO!$BR$15,ROW($X206)-ROW($X$15),-1))),IF($C206=0,0,ROUND(SomaAgrup,15-13*$AF$11)))","v":139.60000000000002},"RA","RA",{"$f":"IF($C206=\"S\",IF($Z206=\"CP\",$X206,IF($Z206=\"RA\",(($X206)*QCI!$AA$3),0)),SomaAgrup)","v":2.039556881637381},{"$f":"IF($C206=\"S\",IF($Z206=\"OU\",ROUND($X206,2),0),SomaAgrup)","v":0},{"$f":"IF($N206=\"\",\" \",\nIF(AND($C206<>\"S\",OR($R206=\"\",$R206=\"(digite a descrição aqui)\")),\"DESCRIÇÃO\",\nIF(AND($C206=\"S\",OR($Q206<>\"\",$T206>0,$U206>0),$P206=\"\"),\"FONTE\",\nIF(AND($C206=\"S\",$P206<>\"\",OR($T206>0,$U206>0),$Q206=\"\"),\"CÓDIGO\",\nIF(AND($C206=\"S\",$P206<>\"\",$Q206<>\"\",$R206=\"(Código não identificado nas referências)\"),\"CÓDIGO N/ID\",\nIF(AND($C206=\"S\",OR($R206=\"\",$R206=\"(digite a descrição aqui)\"),OR($Q206<>\"\",$T206>0,$U206>0)),\"DESCRIÇÃO\",\nIF(AND($C206=\"S\",$P206<>\"\",$Q206<>\"\",$S206=\"\"),\"UNIDADE\",\nIF(AND($C206=\"S\",$P206<>\"\",$Q206<>\"\",$U206=0),\"SEM CUSTO\",\nIF(AND(TIPOORCAMENTO=\"Licitado\",$AL206=0,$AN206>0),\"SEM PREÇO\",\nIF(AND($C206=\"S\",$P206<>\"\",$Q206<>\"\",$U206>0,AND($V206<>\"BDI 1\",$V206<>\"BDI 2\",$V206<>\"BDI 3\")),IF(ISNUMBER($V206),\"JUSTIFICAR BDI\",\"BDI\"),\nIF(OR(AND(import.recurso=\"OGU\",TIPOORCAMENTO=\"Proposto\",LEFT($O$8,5)<>\"(N/D:\",$AG206<>\"\",ORÇAMENTO.CustoUnitario>$AG206),AND(TIPOORCAMENTO=\"LICITADO\",ORÇAMENTO.PrecoUnitarioLicitado>$AN206)),\"ACIMA REF.\",\nIF(AND($C206=\"S\",$P206<>\"\",$Q206<>\"\",$T206=0,$U206>0),\"QUANT.\",\nIF(AND(Import.TipoArredondamento=\"TransfereGOV\",$L206=\"F\",$C206=\"S\",LEN($Q206)>13),\"Código >13\",\nIF(AND(Import.TipoArredondamento=\"TransfereGOV\",$L206=\"F\",$C206<>\"S\",LEN($R206)>100),\"Descrição >100\",\nIF(AND(Import.TipoArredondamento=\"TransfereGOV\",$L206=\"F\",$C206=\"S\",LEN($R206)>500),\"Descrição >500\",\nIF(AND(Import.TipoArredondamento=\"TransfereGOV\",$L206=\"F\",$C206=\"S\",LEFT(TRIM(UPPER($P206)),6)<>\"SINAPI\",ISNA(VLOOKUP(TRIM(UPPER($S206)),ListaTgov.Unidades,1,FALSE))),\"Unid. Não Disp\",\n\" \"))))))))))))))))","v":" "},{"$f":"IF(C206<=CRONO.NivelExibicao,MAX($AD$15:OFFSET(AD206,-1,0))+IF($C206<>1,1,MAX(1,COUNTIF(QCI!$A$13:$A$24,OFFSET($E206,-1,0)))),\"\")","v":""},{"$f":"IF(AND($C206=\"S\",ORÇAMENTO.CodBarra<>\"\"),IF(ORÇAMENTO.Fonte=\"\",ORÇAMENTO.CodBarra,CONCATENATE(ORÇAMENTO.Fonte,\" \",ORÇAMENTO.CodBarra)))","v":"SINAPI 89784"},{"$f":"IF(ISERROR(ORÇAMENTO.BancoRef),\"(abra o arquivo 'Referência \"&Excel_BuiltIn_Database&\".xlsm)\",IF(OR($C206<>\"S\",ORÇAMENTO.CodBarra=\"\"),\"(Sem Código)\",IF(ISERROR(MATCH($AE206,INDIRECT(ORÇAMENTO.BancoRef),0)),\"(Código não identificado nas referências)\",MATCH($AE206,INDIRECT(ORÇAMENTO.BancoRef),0))))","v":11438},{"$f":"ROUND(IF(DESONERACAO=\"sim\",REFERENCIA.Desonerado,REFERENCIA.NaoDesonerado),2)","v":25.62},0.25390000000000001,null,null,null,null,139.60000000000002,{"$f":"ROUND(ORÇAMENTO.CustoUnitario*(1+$AH206),2)","v":27.92}]
["S",4,"S",0,{"$f":"IF($C207=1,OFFSET(E207,-1,0)+MAX(1,COUNTIF(QCI!$A$13:$A$24,OFFSET(ORÇAMENTO!E207,-1,0))),OFFSET(E207,-1,0))","v":1},9,3,1,7,0,{"$f":"IF(OR($C207=\"S\",$C207=0),0,MATCH(OFFSET($D207,0,$C207)+IF($C207<>1,1,COUNTIF(QCI!$A$13:$A$24,ORÇAMENTO!E207)),OFFSET($D207,1,$C207,ROW($C$237)-ROW($C207)),0))","v":0},"F","Serviço","Serviço","1.9.3.1.7.","SINAPI","104345",{"$f":"IF($C207=\"S\",REFERENCIA.Descricao,\"(digite a descrição aqui)\")","v":"JUNÇÃO DE REDUÇÃO INVERTIDA, PVC, SÉRIE NORMAL, ESGOTO PREDIAL, DN 100 X 50 MM, JUNTA ELÁSTICA, FORNECIDO E INSTALADO EM RAMAL DE DESCARGA OU RAMAL DE ESGOTO SANITÁRIO. AF_08/2022"},{"$f":"REFERENCIA.Unidade","v":"UN"},{"$f":"OFFSET(CÁLCULO!H$15,ROW($T207)-ROW(T$15),0)","v":5},38.46,"BDI 1",{"$f":"IF($C207=\"S\",ROUND(IF(TIPOORCAMENTO=\"Proposto\",ORÇAMENTO.CustoUnitario*(1+$AH207),ORÇAMENTO.PrecoUnitarioLicitado),15-13*$AF$10),0)","v":48.22},{"$f":"IF($C207=\"S\",IF(OR(Import.TipoArredondamento<>\"TransfereGOV\",ACOMPANHAMENTO=\"BM\"),VTOTAL1,SUM(OFFSET(CÁLCULO!$AQ$15,ROW($X207)-ROW($X$15),1):OFFSET(CÁLCULO!$BR$15,ROW($X207)-ROW($X$15),-1))),IF($C207=0,0,ROUND(SomaAgrup,15-13*$AF$11)))","v":241.1},"RA","RA",{"$f":"IF($C207=\"S\",IF($Z207=\"CP\",$X207,IF($Z207=\"RA\",(($X207)*QCI!$AA$3),0)),SomaAgrup)","v":3.5224725226559634},{"$f":"IF($C207=\"S\",IF($Z207=\"OU\",ROUND($X207,2),0),SomaAgrup)","v":0},{"$f":"IF($N207=\"\",\" \",\nIF(AND($C207<>\"S\",OR($R207=\"\",$R207=\"(digite a descrição aqui)\")),\"DESCRIÇÃO\",\nIF(AND($C207=\"S\",OR($Q207<>\"\",$T207>0,$U207>0),$P207=\"\"),\"FONTE\",\nIF(AND($C207=\"S\",$P207<>\"\",OR($T207>0,$U207>0),$Q207=\"\"),\"CÓDIGO\",\nIF(AND($C207=\"S\",$P207<>\"\",$Q207<>\"\",$R207=\"(Código não identificado nas referências)\"),\"CÓDIGO N/ID\",\nIF(AND($C207=\"S\",OR($R207=\"\",$R207=\"(digite a descrição aqui)\"),OR($Q207<>\"\",$T207>0,$U207>0)),\"DESCRIÇÃO\",\nIF(AND($C207=\"S\",$P207<>\"\",$Q207<>\"\",$S207=\"\"),\"UNIDADE\",\nIF(AND($C207=\"S\",$P207<>\"\",$Q207<>\"\",$U207=0),\"SEM CUSTO\",\nIF(AND(TIPOORCAMENTO=\"Licitado\",$AL207=0,$AN207>0),\"SEM PREÇO\",\nIF(AND($C207=\"S\",$P207<>\"\",$Q207<>\"\",$U207>0,AND($V207<>\"BDI 1\",$V207<>\"BDI 2\",$V207<>\"BDI 3\")),IF(ISNUMBER($V207),\"JUSTIFICAR BDI\",\"BDI\"),\nIF(OR(AND(import.recurso=\"OGU\",TIPOORCAMENTO=\"Proposto\",LEFT($O$8,5)<>\"(N/D:\",$AG207<>\"\",ORÇAMENTO.CustoUnitario>$AG207),AND(TIPOORCAMENTO=\"LICITADO\",ORÇAMENTO.PrecoUnitarioLicitado>$AN207)),\"ACIMA REF.\",\nIF(AND($C207=\"S\",$P207<>\"\",$Q207<>\"\",$T207=0,$U207>0),\"QUANT.\",\nIF(AND(Import.TipoArredondamento=\"TransfereGOV\",$L207=\"F\",$C207=\"S\",LEN($Q207)>13),\"Código >13\",\nIF(AND(Import.TipoArredondamento=\"TransfereGOV\",$L207=\"F\",$C207<>\"S\",LEN($R207)>100),\"Descrição >100\",\nIF(AND(Import.TipoArredondamento=\"TransfereGOV\",$L207=\"F\",$C207=\"S\",LEN($R207)>500),\"Descrição >500\",\nIF(AND(Import.TipoArredondamento=\"TransfereGOV\",$L207=\"F\",$C207=\"S\",LEFT(TRIM(UPPER($P207)),6)<>\"SINAPI\",ISNA(VLOOKUP(TRIM(UPPER($S207)),ListaTgov.Unidades,1,FALSE))),\"Unid. Não Disp\",\n\" \"))))))))))))))))","v":" "},{"$f":"IF(C207<=CRONO.NivelExibicao,MAX($AD$15:OFFSET(AD207,-1,0))+IF($C207<>1,1,MAX(1,COUNTIF(QCI!$A$13:$A$24,OFFSET($E207,-1,0)))),\"\")","v":""},{"$f":"IF(AND($C207=\"S\",ORÇAMENTO.CodBarra<>\"\"),IF(ORÇAMENTO.Fonte=\"\",ORÇAMENTO.CodBarra,CONCATENATE(ORÇAMENTO.Fonte,\" \",ORÇAMENTO.CodBarra)))","v":"SINAPI 104345"},{"$f":"IF(ISERROR(ORÇAMENTO.BancoRef),\"(abra o arquivo 'Referência \"&Excel_BuiltIn_Database&\".xlsm)\",IF(OR($C207<>\"S\",ORÇAMENTO.CodBarra=\"\"),\"(Sem Código)\",IF(ISERROR(MATCH($AE207,INDIRECT(ORÇAMENTO.BancoRef),0)),\"(Código não identificado nas referências)\",MATCH($AE207,INDIRECT(ORÇAMENTO.BancoRef),0))))","v":11406},{"$f":"ROUND(IF(DESONERACAO=\"sim\",REFERENCIA.Desonerado,REFERENCIA.NaoDesonerado),2)","v":44.24},0.25390000000000001,null,null,null,null,241.1,{"$f":"ROUND(ORÇAMENTO.CustoUnitario*(1+$AH207),2)","v":48.22}]
["S",4,"S",0,{"$f":"IF($C208=1,OFFSET(E208,-1,0)+MAX(1,COUNTIF(QCI!$A$13:$A$24,OFFSET(ORÇAMENTO!E208,-1,0))),OFFSET(E208,-1,0))","v":1},9,3,1,8,0,{"$f":"IF(OR($C208=\"S\",$C208=0),0,MATCH(OFFSET($D208,0,$C208)+IF($C208<>1,1,COUNTIF(QCI!$A$13:$A$24,ORÇAMENTO!E208)),OFFSET($D208,1,$C208,ROW($C$237)-ROW($C208)),0))","v":0},"F","Serviço","Serviço","1.9.3.1.8.","SINAPI","104348",{"$f":"IF($C208=\"S\",REFERENCIA.Descricao,\"(digite a descrição aqui)\")","v":"TERMINAL DE VENTILAÇÃO, PVC, SÉRIE NORMAL, ESGOTO PREDIAL, DN 50 MM, JUNTA SOLDÁVEL, FORNECIDO E INSTALADO EM PRUMADA DE ESGOTO SANITÁRIO OU VENTILAÇÃO. AF_08/2022"},{"$f":"REFERENCIA.Unidade","v":"UN"},{"$f":"OFFSET(CÁLCULO!H$15,ROW($T208)-ROW(T$15),0)","v":5},9.5,"BDI 1",{"$f":"IF($C208=\"S\",ROUND(IF(TIPOORCAMENTO=\"Proposto\",ORÇAMENTO.CustoUnitario*(1+$AH208),ORÇAMENTO.PrecoUnitarioLicitado),15-13*$AF$10),0)","v":11.91},{"$f":"IF($C208=\"S\",IF(OR(Import.TipoArredondamento<>\"TransfereGOV\",ACOMPANHAMENTO=\"BM\"),VTOTAL1,SUM(OFFSET(CÁLCULO!$AQ$15,ROW($X208)-ROW($X$15),1):OFFSET(CÁLCULO!$BR$15,ROW($X208)-ROW($X$15),-1))),IF($C208=0,0,ROUND(SomaAgrup,15-13*$AF$11)))","v":59.55},"RA","RA",{"$f":"IF($C208=\"S\",IF($Z208=\"CP\",$X208,IF($Z208=\"RA\",(($X208)*QCI!$AA$3),0)),SomaAgrup)","v":0.8700258760852867},{"$f":"IF($C208=\"S\",IF($Z208=\"OU\",ROUND($X208,2),0),SomaAgrup)","v":0},{"$f":"IF($N208=\"\",\" \",\nIF(AND($C208<>\"S\",OR($R208=\"\",$R208=\"(digite a descrição aqui)\")),\"DESCRIÇÃO\",\nIF(AND($C208=\"S\",OR($Q208<>\"\",$T208>0,$U208>0),$P208=\"\"),\"FONTE\",\nIF(AND($C208=\"S\",$P208<>\"\",OR($T208>0,$U208>0),$Q208=\"\"),\"CÓDIGO\",\nIF(AND($C208=\"S\",$P208<>\"\",$Q208<>\"\",$R208=\"(Código não identificado nas referências)\"),\"CÓDIGO N/ID\",\nIF(AND($C208=\"S\",OR($R208=\"\",$R208=\"(digite a descrição aqui)\"),OR($Q208<>\"\",$T208>0,$U208>0)),\"DESCRIÇÃO\",\nIF(AND($C208=\"S\",$P208<>\"\",$Q208<>\"\",$S208=\"\"),\"UNIDADE\",\nIF(AND($C208=\"S\",$P208<>\"\",$Q208<>\"\",$U208=0),\"SEM CUSTO\",\nIF(AND(TIPOORCAMENTO=\"Licitado\",$AL208=0,$AN208>0),\"SEM PREÇO\",\nIF(AND($C208=\"S\",$P208<>\"\",$Q208<>\"\",$U208>0,AND($V208<>\"BDI 1\",$V208<>\"BDI 2\",$V208<>\"BDI 3\")),IF(ISNUMBER($V208),\"JUSTIFICAR BDI\",\"BDI\"),\nIF(OR(AND(import.recurso=\"OGU\",TIPOORCAMENTO=\"Proposto\",LEFT($O$8,5)<>\"(N/D:\",$AG208<>\"\",ORÇAMENTO.CustoUnitario>$AG208),AND(TIPOORCAMENTO=\"LICITADO\",ORÇAMENTO.PrecoUnitarioLicitado>$AN208)),\"ACIMA REF.\",\nIF(AND($C208=\"S\",$P208<>\"\",$Q208<>\"\",$T208=0,$U208>0),\"QUANT.\",\nIF(AND(Import.TipoArredondamento=\"TransfereGOV\",$L208=\"F\",$C208=\"S\",LEN($Q208)>13),\"Código >13\",\nIF(AND(Import.TipoArredondamento=\"TransfereGOV\",$L208=\"F\",$C208<>\"S\",LEN($R208)>100),\"Descrição >100\",\nIF(AND(Import.TipoArredondamento=\"TransfereGOV\",$L208=\"F\",$C208=\"S\",LEN($R208)>500),\"Descrição >500\",\nIF(AND(Import.TipoArredondamento=\"TransfereGOV\",$L208=\"F\",$C208=\"S\",LEFT(TRIM(UPPER($P208)),6)<>\"SINAPI\",ISNA(VLOOKUP(TRIM(UPPER($S208)),ListaTgov.Unidades,1,FALSE))),\"Unid. Não Disp\",\n\" \"))))))))))))))))","v":" "},{"$f":"IF(C208<=CRONO.NivelExibicao,MAX($AD$15:OFFSET(AD208,-1,0))+IF($C208<>1,1,MAX(1,COUNTIF(QCI!$A$13:$A$24,OFFSET($E208,-1,0)))),\"\")","v":""},{"$f":"IF(AND($C208=\"S\",ORÇAMENTO.CodBarra<>\"\"),IF(ORÇAMENTO.Fonte=\"\",ORÇAMENTO.CodBarra,CONCATENATE(ORÇAMENTO.Fonte,\" \",ORÇAMENTO.CodBarra)))","v":"SINAPI 104348"},{"$f":"IF(ISERROR(ORÇAMENTO.BancoRef),\"(abra o arquivo 'Referência \"&Excel_BuiltIn_Database&\".xlsm)\",IF(OR($C208<>\"S\",ORÇAMENTO.CodBarra=\"\"),\"(Sem Código)\",IF(ISERROR(MATCH($AE208,INDIRECT(ORÇAMENTO.BancoRef),0)),\"(Código não identificado nas referências)\",MATCH($AE208,INDIRECT(ORÇAMENTO.BancoRef),0))))","v":11446},{"$f":"ROUND(IF(DESONERACAO=\"sim\",REFERENCIA.Desonerado,REFERENCIA.NaoDesonerado),2)","v":10.93},0.25390000000000001,null,null,null,null,59.55,{"$f":"ROUND(ORÇAMENTO.CustoUnitario*(1+$AH208),2)","v":11.91}]
["S",4,"S",0,{"$f":"IF($C209=1,OFFSET(E209,-1,0)+MAX(1,COUNTIF(QCI!$A$13:$A$24,OFFSET(ORÇAMENTO!E209,-1,0))),OFFSET(E209,-1,0))","v":1},9,3,1,9,0,{"$f":"IF(OR($C209=\"S\",$C209=0),0,MATCH(OFFSET($D209,0,$C209)+IF($C209<>1,1,COUNTIF(QCI!$A$13:$A$24,ORÇAMENTO!E209)),OFFSET($D209,1,$C209,ROW($C$237)-ROW($C209)),0))","v":0},"F","Serviço","Serviço","1.9.3.1.9.","SINAPI","89711",{"$f":"IF($C209=\"S\",REFERENCIA.Descricao,\"(digite a descrição aqui)\")","v":"TUBO PVC, SERIE NORMAL, ESGOTO PREDIAL, DN 40 MM, FORNECIDO E INSTALADO EM RAMAL DE DESCARGA OU RAMAL DE ESGOTO SANITÁRIO. AF_08/2022"},{"$f":"REFERENCIA.Unidade","v":"M"},{"$f":"OFFSET(CÁLCULO!H$15,ROW($T209)-ROW(T$15),0)","v":16.75},21.25,"BDI 1",{"$f":"IF($C209=\"S\",ROUND(IF(TIPOORCAMENTO=\"Proposto\",ORÇAMENTO.CustoUnitario*(1+$AH209),ORÇAMENTO.PrecoUnitarioLicitado),15-13*$AF$10),0)","v":26.65},{"$f":"IF($C209=\"S\",IF(OR(Import.TipoArredondamento<>\"TransfereGOV\",ACOMPANHAMENTO=\"BM\"),VTOTAL1,SUM(OFFSET(CÁLCULO!$AQ$15,ROW($X209)-ROW($X$15),1):OFFSET(CÁLCULO!$BR$15,ROW($X209)-ROW($X$15),-1))),IF($C209=0,0,ROUND(SomaAgrup,15-13*$AF$11)))","v":446.4},"RA","RA",{"$f":"IF($C209=\"S\",IF($Z209=\"CP\",$X209,IF($Z209=\"RA\",(($X209)*QCI!$AA$3),0)),SomaAgrup)","v":6.5219068192186729},{"$f":"IF($C209=\"S\",IF($Z209=\"OU\",ROUND($X209,2),0),SomaAgrup)","v":0},{"$f":"IF($N209=\"\",\" \",\nIF(AND($C209<>\"S\",OR($R209=\"\",$R209=\"(digite a descrição aqui)\")),\"DESCRIÇÃO\",\nIF(AND($C209=\"S\",OR($Q209<>\"\",$T209>0,$U209>0),$P209=\"\"),\"FONTE\",\nIF(AND($C209=\"S\",$P209<>\"\",OR($T209>0,$U209>0),$Q209=\"\"),\"CÓDIGO\",\nIF(AND($C209=\"S\",$P209<>\"\",$Q209<>\"\",$R209=\"(Código não identificado nas referências)\"),\"CÓDIGO N/ID\",\nIF(AND($C209=\"S\",OR($R209=\"\",$R209=\"(digite a descrição aqui)\"),OR($Q209<>\"\",$T209>0,$U209>0)),\"DESCRIÇÃO\",\nIF(AND($C209=\"S\",$P209<>\"\",$Q209<>\"\",$S209=\"\"),\"UNIDADE\",\nIF(AND($C209=\"S\",$P209<>\"\",$Q209<>\"\",$U209=0),\"SEM CUSTO\",\nIF(AND(TIPOORCAMENTO=\"Licitado\",$AL209=0,$AN209>0),\"SEM PREÇO\",\nIF(AND($C209=\"S\",$P209<>\"\",$Q209<>\"\",$U209>0,AND($V209<>\"BDI 1\",$V209<>\"BDI 2\",$V209<>\"BDI 3\")),IF(ISNUMBER($V209),\"JUSTIFICAR BDI\",\"BDI\"),\nIF(OR(AND(import.recurso=\"OGU\",TIPOORCAMENTO=\"Proposto\",LEFT($O$8,5)<>\"(N/D:\",$AG209<>\"\",ORÇAMENTO.CustoUnitario>$AG209),AND(TIPOORCAMENTO=\"LICITADO\",ORÇAMENTO.PrecoUnitarioLicitado>$AN209)),\"ACIMA REF.\",\nIF(AND($C209=\"S\",$P209<>\"\",$Q209<>\"\",$T209=0,$U209>0),\"QUANT.\",\nIF(AND(Import.TipoArredondamento=\"TransfereGOV\",$L209=\"F\",$C209=\"S\",LEN($Q209)>13),\"Código >13\",\nIF(AND(Import.TipoArredondamento=\"TransfereGOV\",$L209=\"F\",$C209<>\"S\",LEN($R209)>100),\"Descrição >100\",\nIF(AND(Import.TipoArredondamento=\"TransfereGOV\",$L209=\"F\",$C209=\"S\",LEN($R209)>500),\"Descrição >500\",\nIF(AND(Import.TipoArredondamento=\"TransfereGOV\",$L209=\"F\",$C209=\"S\",LEFT(TRIM(UPPER($P209)),6)<>\"SINAPI\",ISNA(VLOOKUP(TRIM(UPPER($S209)),ListaTgov.Unidades,1,FALSE))),\"Unid. Não Disp\",\n\" \"))))))))))))))))","v":" "},{"$f":"IF(C209<=CRONO.NivelExibicao,MAX($AD$15:OFFSET(AD209,-1,0))+IF($C209<>1,1,MAX(1,COUNTIF(QCI!$A$13:$A$24,OFFSET($E209,-1,0)))),\"\")","v":""},{"$f":"IF(AND($C209=\"S\",ORÇAMENTO.CodBarra<>\"\"),IF(ORÇAMENTO.Fonte=\"\",ORÇAMENTO.CodBarra,CONCATENATE(ORÇAMENTO.Fonte,\" \",ORÇAMENTO.CodBarra)))","v":"SINAPI 89711"},{"$f":"IF(ISERROR(ORÇAMENTO.BancoRef),\"(abra o arquivo 'Referência \"&Excel_BuiltIn_Database&\".xlsm)\",IF(OR($C209<>\"S\",ORÇAMENTO.CodBarra=\"\"),\"(Sem Código)\",IF(ISERROR(MATCH($AE209,INDIRECT(ORÇAMENTO.BancoRef),0)),\"(Código não identificado nas referências)\",MATCH($AE209,INDIRECT(ORÇAMENTO.BancoRef),0))))","v":11452},{"$f":"ROUND(IF(DESONERACAO=\"sim\",REFERENCIA.Desonerado,REFERENCIA.NaoDesonerado),2)","v":24.44},0.25390000000000001,null,null,null,null,446.4,{"$f":"ROUND(ORÇAMENTO.CustoUnitario*(1+$AH209),2)","v":26.65}]
[{"$f":"CHOOSE(1+LOG(1+2*(ORÇAMENTO.Nivel=\"Meta\")+4*(ORÇAMENTO.Nivel=\"Nível 2\")+8*(ORÇAMENTO.Nivel=\"Nível 3\")+16*(ORÇAMENTO.Nivel=\"Nível 4\")+32*(ORÇAMENTO.Nivel=\"Serviço\"),2),0,1,2,3,4,\"S\")","v":"S"},{"$f":"IF(OR(C210=\"s\",C210=0),OFFSET(B210,-1,0),C210)","v":4},{"$f":"IF(OFFSET(C210,-1,0)=\"L\",1,IF(OFFSET(C210,-1,0)=1,2,IF(OR(A210=\"s\",A210=0),\"S\",IF(AND(OFFSET(C210,-1,0)=2,A210=4),3,IF(AND(OR(OFFSET(C210,-1,0)=\"s\",OFFSET(C210,-1,0)=0),A210<>\"s\",A210>OFFSET(B210,-1,0)),OFFSET(B210,-1,0),A210)))))","v":"S"},{"$f":"IF(OR(C210=\"S\",C210=0),0,IF(ISERROR(K210),J210,SMALL(J210:K210,1)))","v":0},{"$f":"IF($C210=1,OFFSET(E210,-1,0)+MAX(1,COUNTIF(QCI!$A$13:$A$24,OFFSET(ORÇAMENTO!E210,-1,0))),OFFSET(E210,-1,0))","v":1},{"$f":"IF($C210=1,0,IF($C210=2,OFFSET(F210,-1,0)+1,OFFSET(F210,-1,0)))","v":9},{"$f":"IF(AND($C210<=2,$C210<>0),0,IF($C210=3,OFFSET(G210,-1,0)+1,OFFSET(G210,-1,0)))","v":3},{"$f":"IF(AND($C210<=3,$C210<>0),0,IF($C210=4,OFFSET(H210,-1,0)+1,OFFSET(H210,-1,0)))","v":1},{"$f":"IF(AND($C210<=4,$C210<>0),0,IF(AND($C210=\"S\",$X210>0),OFFSET(I210,-1,0)+1,OFFSET(I210,-1,0)))","v":10},{"$f":"IF(OR($C210=\"S\",$C210=0),0,MATCH(0,OFFSET($D210,1,$C210,ROW($C$237)-ROW($C210)),0))","v":0},{"$f":"IF(OR($C210=\"S\",$C210=0),0,MATCH(OFFSET($D210,0,$C210)+IF($C210<>1,1,COUNTIF(QCI!$A$13:$A$24,ORÇAMENTO!E210)),OFFSET($D210,1,$C210,ROW($C$237)-ROW($C210)),0))","v":0},{"$f":"IF(OR($X210>0,$C210=1,$C210=2,$C210=3,$C210=4),\"F\",\"\")","v":"F"},"Serviço",{"$f":"CHOOSE(1+LOG(1+2*(C210=1)+4*(C210=2)+8*(C210=3)+16*(C210=4)+32*(C210=\"S\"),2),\"\",\"Meta\",\"Nível 2\",\"Nível 3\",\"Nível 4\",\"Serviço\")","v":"Serviço"},{"$f":"IF(OR($C210=0,$L210=\"\"),\"-\",CONCATENATE(E210&\".\",IF(AND($A$5>=2,$C210>=2),F210&\".\",\"\"),IF(AND($A$5>=3,$C210>=3),G210&\".\",\"\"),IF(AND($A$5>=4,$C210>=4),H210&\".\",\"\"),IF($C210=\"S\",I210&\".\",\"\")))","v":"1.9.3.1.10."},"SINAPI","89712",{"$f":"IF($C210=\"S\",REFERENCIA.Descricao,\"(digite a descrição aqui)\")","v":"TUBO PVC, SERIE NORMAL, ESGOTO PREDIAL, DN 50 MM, FORNECIDO E INSTALADO EM RAMAL DE DESCARGA OU RAMAL DE ESGOTO SANITÁRIO. AF_08/2022"},{"$f":"REFERENCIA.Unidade","v":"M"},{"$f":"OFFSET(CÁLCULO!H$15,ROW($T210)-ROW(T$15),0)","v":51.050000000000004},26.33,"BDI 1",{"$f":"IF($C210=\"S\",ROUND(IF(TIPOORCAMENTO=\"Proposto\",ORÇAMENTO.CustoUnitario*(1+$AH210),ORÇAMENTO.PrecoUnitarioLicitado),15-13*$AF$10),0)","v":33.020000000000003},{"$f":"IF($C210=\"S\",IF(OR(Import.TipoArredondamento<>\"TransfereGOV\",ACOMPANHAMENTO=\"BM\"),VTOTAL1,SUM(OFFSET(CÁLCULO!$AQ$15,ROW($X210)-ROW($X$15),1):OFFSET(CÁLCULO!$BR$15,ROW($X210)-ROW($X$15),-1))),IF($C210=0,0,ROUND(SomaAgrup,15-13*$AF$11)))","v":1685.65},"RA",{"$f":"IF(AND($C210=\"S\",$X210>0),IF(ISBLANK($Y210),\"RA\",LEFT($Y210,2)),\"\")","v":"RA"},{"$f":"IF($C210=\"S\",IF($Z210=\"CP\",$X210,IF($Z210=\"RA\",(($X210)*QCI!$AA$3),0)),SomaAgrup)","v":24.627357145645064},{"$f":"IF($C210=\"S\",IF($Z210=\"OU\",ROUND($X210,2),0),SomaAgrup)","v":0},{"$f":"IF($N210=\"\",\" \",\nIF(AND($C210<>\"S\",OR($R210=\"\",$R210=\"(digite a descrição aqui)\")),\"DESCRIÇÃO\",\nIF(AND($C210=\"S\",OR($Q210<>\"\",$T210>0,$U210>0),$P210=\"\"),\"FONTE\",\nIF(AND($C210=\"S\",$P210<>\"\",OR($T210>0,$U210>0),$Q210=\"\"),\"CÓDIGO\",\nIF(AND($C210=\"S\",$P210<>\"\",$Q210<>\"\",$R210=\"(Código não identificado nas referências)\"),\"CÓDIGO N/ID\",\nIF(AND($C210=\"S\",OR($R210=\"\",$R210=\"(digite a descrição aqui)\"),OR($Q210<>\"\",$T210>0,$U210>0)),\"DESCRIÇÃO\",\nIF(AND($C210=\"S\",$P210<>\"\",$Q210<>\"\",$S210=\"\"),\"UNIDADE\",\nIF(AND($C210=\"S\",$P210<>\"\",$Q210<>\"\",$U210=0),\"SEM CUSTO\",\nIF(AND(TIPOORCAMENTO=\"Licitado\",$AL210=0,$AN210>0),\"SEM PREÇO\",\nIF(AND($C210=\"S\",$P210<>\"\",$Q210<>\"\",$U210>0,AND($V210<>\"BDI 1\",$V210<>\"BDI 2\",$V210<>\"BDI 3\")),IF(ISNUMBER($V210),\"JUSTIFICAR BDI\",\"BDI\"),\nIF(OR(AND(import.recurso=\"OGU\",TIPOORCAMENTO=\"Proposto\",LEFT($O$8,5)<>\"(N/D:\",$AG210<>\"\",ORÇAMENTO.CustoUnitario>$AG210),AND(TIPOORCAMENTO=\"LICITADO\",ORÇAMENTO.PrecoUnitarioLicitado>$AN210)),\"ACIMA REF.\",\nIF(AND($C210=\"S\",$P210<>\"\",$Q210<>\"\",$T210=0,$U210>0),\"QUANT.\",\nIF(AND(Import.TipoArredondamento=\"TransfereGOV\",$L210=\"F\",$C210=\"S\",LEN($Q210)>13),\"Código >13\",\nIF(AND(Import.TipoArredondamento=\"TransfereGOV\",$L210=\"F\",$C210<>\"S\",LEN($R210)>100),\"Descrição >100\",\nIF(AND(Import.TipoArredondamento=\"TransfereGOV\",$L210=\"F\",$C210=\"S\",LEN($R210)>500),\"Descrição >500\",\nIF(AND(Import.TipoArredondamento=\"TransfereGOV\",$L210=\"F\",$C210=\"S\",LEFT(TRIM(UPPER($P210)),6)<>\"SINAPI\",ISNA(VLOOKUP(TRIM(UPPER($S210)),ListaTgov.Unidades,1,FALSE))),\"Unid. Não Disp\",\n\" \"))))))))))))))))","v":" "},{"$f":"IF(C210<=CRONO.NivelExibicao,MAX($AD$15:OFFSET(AD210,-1,0))+IF($C210<>1,1,MAX(1,COUNTIF(QCI!$A$13:$A$24,OFFSET($E210,-1,0)))),\"\")","v":""},{"$f":"IF(AND($C210=\"S\",ORÇAMENTO.CodBarra<>\"\"),IF(ORÇAMENTO.Fonte=\"\",ORÇAMENTO.CodBarra,CONCATENATE(ORÇAMENTO.Fonte,\" \",ORÇAMENTO.CodBarra)))","v":"SINAPI 89712"},{"$f":"IF(ISERROR(ORÇAMENTO.BancoRef),\"(abra o arquivo 'Referência \"&Excel_BuiltIn_Database&\".xlsm)\",IF(OR($C210<>\"S\",ORÇAMENTO.CodBarra=\"\"),\"(Sem Código)\",IF(ISERROR(MATCH($AE210,INDIRECT(ORÇAMENTO.BancoRef),0)),\"(Código não identificado nas referências)\",MATCH($AE210,INDIRECT(ORÇAMENTO.BancoRef),0))))","v":11454},{"$f":"ROUND(IF(DESONERACAO=\"sim\",REFERENCIA.Desonerado,REFERENCIA.NaoDesonerado),2)","v":30.29},{"$f":"ROUND(IF(ISNUMBER(ORÇAMENTO.OpcaoBDI),ORÇAMENTO.OpcaoBDI,IF(LEFT(ORÇAMENTO.OpcaoBDI,3)=\"BDI\",HLOOKUP(ORÇAMENTO.OpcaoBDI,$F$4:$H$5,2,FALSE),0)),15-11*$AF$9)","v":0.25390000000000001},null,null,null,null,1685.65,{"$f":"ROUND(ORÇAMENTO.CustoUnitario*(1+$AH210),2)","v":33.020000000000003}]
["S",4,"S",0,{"$f":"IF($C211=1,OFFSET(E211,-1,0)+MAX(1,COUNTIF(QCI!$A$13:$A$24,OFFSET(ORÇAMENTO!E211,-1,0))),OFFSET(E211,-1,0))","v":1},9,3,1,11,0,{"$f":"IF(OR($C211=\"S\",$C211=0),0,MATCH(OFFSET($D211,0,$C211)+IF($C211<>1,1,COUNTIF(QCI!$A$13:$A$24,ORÇAMENTO!E211)),OFFSET($D211,1,$C211,ROW($C$237)-ROW($C211)),0))","v":0},"F","Serviço","Serviço","1.9.3.1.11.","SINAPI","89798",{"$f":"IF($C211=\"S\",REFERENCIA.Descricao,\"(digite a descrição aqui)\")","v":"TUBO PVC, SERIE NORMAL, ESGOTO PREDIAL, DN 50 MM, FORNECIDO E INSTALADO EM PRUMADA DE ESGOTO SANITÁRIO OU VENTILAÇÃO. AF_08/2022"},{"$f":"REFERENCIA.Unidade","v":"M"},{"$f":"OFFSET(CÁLCULO!H$15,ROW($T211)-ROW(T$15),0)","v":20},11.73,"BDI 1",{"$f":"IF($C211=\"S\",ROUND(IF(TIPOORCAMENTO=\"Proposto\",ORÇAMENTO.CustoUnitario*(1+$AH211),ORÇAMENTO.PrecoUnitarioLicitado),15-13*$AF$10),0)","v":14.71},{"$f":"IF($C211=\"S\",IF(OR(Import.TipoArredondamento<>\"TransfereGOV\",ACOMPANHAMENTO=\"BM\"),VTOTAL1,SUM(OFFSET(CÁLCULO!$AQ$15,ROW($X211)-ROW($X$15),1):OFFSET(CÁLCULO!$BR$15,ROW($X211)-ROW($X$15),-1))),IF($C211=0,0,ROUND(SomaAgrup,15-13*$AF$11)))","v":294.20000000000005},"RA","RA",{"$f":"IF($C211=\"S\",IF($Z211=\"CP\",$X211,IF($Z211=\"RA\",(($X211)*QCI!$AA$3),0)),SomaAgrup)","v":4.2982638580065728},{"$f":"IF($C211=\"S\",IF($Z211=\"OU\",ROUND($X211,2),0),SomaAgrup)","v":0},{"$f":"IF($N211=\"\",\" \",\nIF(AND($C211<>\"S\",OR($R211=\"\",$R211=\"(digite a descrição aqui)\")),\"DESCRIÇÃO\",\nIF(AND($C211=\"S\",OR($Q211<>\"\",$T211>0,$U211>0),$P211=\"\"),\"FONTE\",\nIF(AND($C211=\"S\",$P211<>\"\",OR($T211>0,$U211>0),$Q211=\"\"),\"CÓDIGO\",\nIF(AND($C211=\"S\",$P211<>\"\",$Q211<>\"\",$R211=\"(Código não identificado nas referências)\"),\"CÓDIGO N/ID\",\nIF(AND($C211=\"S\",OR($R211=\"\",$R211=\"(digite a descrição aqui)\"),OR($Q211<>\"\",$T211>0,$U211>0)),\"DESCRIÇÃO\",\nIF(AND($C211=\"S\",$P211<>\"\",$Q211<>\"\",$S211=\"\"),\"UNIDADE\",\nIF(AND($C211=\"S\",$P211<>\"\",$Q211<>\"\",$U211=0),\"SEM CUSTO\",\nIF(AND(TIPOORCAMENTO=\"Licitado\",$AL211=0,$AN211>0),\"SEM PREÇO\",\nIF(AND($C211=\"S\",$P211<>\"\",$Q211<>\"\",$U211>0,AND($V211<>\"BDI 1\",$V211<>\"BDI 2\",$V211<>\"BDI 3\")),IF(ISNUMBER($V211),\"JUSTIFICAR BDI\",\"BDI\"),\nIF(OR(AND(import.recurso=\"OGU\",TIPOORCAMENTO=\"Proposto\",LEFT($O$8,5)<>\"(N/D:\",$AG211<>\"\",ORÇAMENTO.CustoUnitario>$AG211),AND(TIPOORCAMENTO=\"LICITADO\",ORÇAMENTO.PrecoUnitarioLicitado>$AN211)),\"ACIMA REF.\",\nIF(AND($C211=\"S\",$P211<>\"\",$Q211<>\"\",$T211=0,$U211>0),\"QUANT.\",\nIF(AND(Import.TipoArredondamento=\"TransfereGOV\",$L211=\"F\",$C211=\"S\",LEN($Q211)>13),\"Código >13\",\nIF(AND(Import.TipoArredondamento=\"TransfereGOV\",$L211=\"F\",$C211<>\"S\",LEN($R211)>100),\"Descrição >100\",\nIF(AND(Import.TipoArredondamento=\"TransfereGOV\",$L211=\"F\",$C211=\"S\",LEN($R211)>500),\"Descrição >500\",\nIF(AND(Import.TipoArredondamento=\"TransfereGOV\",$L211=\"F\",$C211=\"S\",LEFT(TRIM(UPPER($P211)),6)<>\"SINAPI\",ISNA(VLOOKUP(TRIM(UPPER($S211)),ListaTgov.Unidades,1,FALSE))),\"Unid. Não Disp\",\n\" \"))))))))))))))))","v":" "},{"$f":"IF(C211<=CRONO.NivelExibicao,MAX($AD$15:OFFSET(AD211,-1,0))+IF($C211<>1,1,MAX(1,COUNTIF(QCI!$A$13:$A$24,OFFSET($E211,-1,0)))),\"\")","v":""},{"$f":"IF(AND($C211=\"S\",ORÇAMENTO.CodBarra<>\"\"),IF(ORÇAMENTO.Fonte=\"\",ORÇAMENTO.CodBarra,CONCATENATE(ORÇAMENTO.Fonte,\" \",ORÇAMENTO.CodBarra)))","v":"SINAPI 89798"},{"$f":"IF(ISERROR(ORÇAMENTO.BancoRef),\"(abra o arquivo 'Referência \"&Excel_BuiltIn_Database&\".xlsm)\",IF(OR($C211<>\"S\",ORÇAMENTO.CodBarra=\"\"),\"(Sem Código)\",IF(ISERROR(MATCH($AE211,INDIRECT(ORÇAMENTO.BancoRef),0)),\"(Código não identificado nas referências)\",MATCH($AE211,INDIRECT(ORÇAMENTO.BancoRef),0))))","v":11453},{"$f":"ROUND(IF(DESONERACAO=\"sim\",REFERENCIA.Desonerado,REFERENCIA.NaoDesonerado),2)","v":13.5},0.25390000000000001,null,null,null,null,294.20000000000005,{"$f":"ROUND(ORÇAMENTO.CustoUnitario*(1+$AH211),2)","v":14.71}]
["S",4,"S",0,{"$f":"IF($C212=1,OFFSET(E212,-1,0)+MAX(1,COUNTIF(QCI!$A$13:$A$24,OFFSET(ORÇAMENTO!E212,-1,0))),OFFSET(E212,-1,0))","v":1},9,3,1,12,0,{"$f":"IF(OR($C212=\"S\",$C212=0),0,MATCH(OFFSET($D212,0,$C212)+IF($C212<>1,1,COUNTIF(QCI!$A$13:$A$24,ORÇAMENTO!E212)),OFFSET($D212,1,$C212,ROW($C$237)-ROW($C212)),0))","v":0},"F","Serviço","Serviço","1.9.3.1.12.","SINAPI","89714",{"$f":"IF($C212=\"S\",REFERENCIA.Descricao,\"(digite a descrição aqui)\")","v":"TUBO PVC, SERIE NORMAL, ESGOTO PREDIAL, DN 100 MM, FORNECIDO E INSTALADO EM RAMAL DE DESCARGA OU RAMAL DE ESGOTO SANITÁRIO. AF_08/2022"},{"$f":"REFERENCIA.Unidade","v":"M"},{"$f":"OFFSET(CÁLCULO!H$15,ROW($T212)-ROW(T$15),0)","v":169},36.68,"BDI 1",{"$f":"IF($C212=\"S\",ROUND(IF(TIPOORCAMENTO=\"Proposto\",ORÇAMENTO.CustoUnitario*(1+$AH212),ORÇAMENTO.PrecoUnitarioLicitado),15-13*$AF$10),0)","v":45.99},{"$f":"IF($C212=\"S\",IF(OR(Import.TipoArredondamento<>\"TransfereGOV\",ACOMPANHAMENTO=\"BM\"),VTOTAL1,SUM(OFFSET(CÁLCULO!$AQ$15,ROW($X212)-ROW($X$15),1):OFFSET(CÁLCULO!$BR$15,ROW($X212)-ROW($X$15),-1))),IF($C212=0,0,ROUND(SomaAgrup,15-13*$AF$11)))","v":7772.3},"RA","RA",{"$f":"IF($C212=\"S\",IF($Z212=\"CP\",$X212,IF($Z212=\"RA\",(($X212)*QCI!$AA$3),0)),SomaAgrup)","v":113.55335208560327},{"$f":"IF($C212=\"S\",IF($Z212=\"OU\",ROUND($X212,2),0),SomaAgrup)","v":0},{"$f":"IF($N212=\"\",\" \",\nIF(AND($C212<>\"S\",OR($R212=\"\",$R212=\"(digite a descrição aqui)\")),\"DESCRIÇÃO\",\nIF(AND($C212=\"S\",OR($Q212<>\"\",$T212>0,$U212>0),$P212=\"\"),\"FONTE\",\nIF(AND($C212=\"S\",$P212<>\"\",OR($T212>0,$U212>0),$Q212=\"\"),\"CÓDIGO\",\nIF(AND($C212=\"S\",$P212<>\"\",$Q212<>\"\",$R212=\"(Código não identificado nas referências)\"),\"CÓDIGO N/ID\",\nIF(AND($C212=\"S\",OR($R212=\"\",$R212=\"(digite a descrição aqui)\"),OR($Q212<>\"\",$T212>0,$U212>0)),\"DESCRIÇÃO\",\nIF(AND($C212=\"S\",$P212<>\"\",$Q212<>\"\",$S212=\"\"),\"UNIDADE\",\nIF(AND($C212=\"S\",$P212<>\"\",$Q212<>\"\",$U212=0),\"SEM CUSTO\",\nIF(AND(TIPOORCAMENTO=\"Licitado\",$AL212=0,$AN212>0),\"SEM PREÇO\",\nIF(AND($C212=\"S\",$P212<>\"\",$Q212<>\"\",$U212>0,AND($V212<>\"BDI 1\",$V212<>\"BDI 2\",$V212<>\"BDI 3\")),IF(ISNUMBER($V212),\"JUSTIFICAR BDI\",\"BDI\"),\nIF(OR(AND(import.recurso=\"OGU\",TIPOORCAMENTO=\"Proposto\",LEFT($O$8,5)<>\"(N/D:\",$AG212<>\"\",ORÇAMENTO.CustoUnitario>$AG212),AND(TIPOORCAMENTO=\"LICITADO\",ORÇAMENTO.PrecoUnitarioLicitado>$AN212)),\"ACIMA REF.\",\nIF(AND($C212=\"S\",$P212<>\"\",$Q212<>\"\",$T212=0,$U212>0),\"QUANT.\",\nIF(AND(Import.TipoArredondamento=\"TransfereGOV\",$L212=\"F\",$C212=\"S\",LEN($Q212)>13),\"Código >13\",\nIF(AND(Import.TipoArredondamento=\"TransfereGOV\",$L212=\"F\",$C212<>\"S\",LEN($R212)>100),\"Descrição >100\",\nIF(AND(Import.TipoArredondamento=\"TransfereGOV\",$L212=\"F\",$C212=\"S\",LEN($R212)>500),\"Descrição >500\",\nIF(AND(Import.TipoArredondamento=\"TransfereGOV\",$L212=\"F\",$C212=\"S\",LEFT(TRIM(UPPER($P212)),6)<>\"SINAPI\",ISNA(VLOOKUP(TRIM(UPPER($S212)),ListaTgov.Unidades,1,FALSE))),\"Unid. Não Disp\",\n\" \"))))))))))))))))","v":" "},{"$f":"IF(C212<=CRONO.NivelExibicao,MAX($AD$15:OFFSET(AD212,-1,0))+IF($C212<>1,1,MAX(1,COUNTIF(QCI!$A$13:$A$24,OFFSET($E212,-1,0)))),\"\")","v":""},{"$f":"IF(AND($C212=\"S\",ORÇAMENTO.CodBarra<>\"\"),IF(ORÇAMENTO.Fonte=\"\",ORÇAMENTO.CodBarra,CONCATENATE(ORÇAMENTO.Fonte,\" \",ORÇAMENTO.CodBarra)))","v":"SINAPI 89714"},{"$f":"IF(ISERROR(ORÇAMENTO.BancoRef),\"(abra o arquivo 'Referência \"&Excel_BuiltIn_Database&\".xlsm)\",IF(OR($C212<>\"S\",ORÇAMENTO.CodBarra=\"\"),\"(Sem Código)\",IF(ISERROR(MATCH($AE212,INDIRECT(ORÇAMENTO.BancoRef),0)),\"(Código não identificado nas referências)\",MATCH($AE212,INDIRECT(ORÇAMENTO.BancoRef),0))))","v":11449},{"$f":"ROUND(IF(DESONERACAO=\"sim\",REFERENCIA.Desonerado,REFERENCIA.NaoDesonerado),2)","v":42.19},0.25390000000000001,null,null,null,null,7772.3,{"$f":"ROUND(ORÇAMENTO.CustoUnitario*(1+$AH212),2)","v":45.99}]
[4,4,4,6,{"$f":"IF($C213=1,OFFSET(E213,-1,0)+MAX(1,COUNTIF(QCI!$A$13:$A$24,OFFSET(ORÇAMENTO!E213,-1,0))),OFFSET(E213,-1,0))","v":1},9,3,2,0,6,{"$f":"IF(OR($C213=\"S\",$C213=0),0,MATCH(OFFSET($D213,0,$C213)+IF($C213<>1,1,COUNTIF(QCI!$A$13:$A$24,ORÇAMENTO!E213)),OFFSET($D213,1,$C213,ROW($C$237)-ROW($C213)),0))","v":{"$error":"#N/A"}},"F","Nível 4","Nível 4","1.9.3.2.","","","ACESSÓRIOS / CAIXAS SANITÁRIAS",null,{"$f":"OFFSET(CÁLCULO!H$15,ROW($T213)-ROW(T$15),0)","v":0},null,"BDI 1",{"$f":"IF($C213=\"S\",ROUND(IF(TIPOORCAMENTO=\"Proposto\",ORÇAMENTO.CustoUnitario*(1+$AH213),ORÇAMENTO.PrecoUnitarioLicitado),15-13*$AF$10),0)","v":0},{"$f":"IF($C213=\"S\",IF(OR(Import.TipoArredondamento<>\"TransfereGOV\",ACOMPANHAMENTO=\"BM\"),VTOTAL1,SUM(OFFSET(CÁLCULO!$AQ$15,ROW($X213)-ROW($X$15),1):OFFSET(CÁLCULO!$BR$15,ROW($X213)-ROW($X$15),-1))),IF($C213=0,0,ROUND(SomaAgrup,15-13*$AF$11)))","v":18934.45},"RA","",{"$f":"IF($C213=\"S\",IF($Z213=\"CP\",$X213,IF($Z213=\"RA\",(($X213)*QCI!$AA$3),0)),SomaAgrup)","v":276.63243407964831},{"$f":"IF($C213=\"S\",IF($Z213=\"OU\",ROUND($X213,2),0),SomaAgrup)","v":0},{"$f":"IF($N213=\"\",\" \",\nIF(AND($C213<>\"S\",OR($R213=\"\",$R213=\"(digite a descrição aqui)\")),\"DESCRIÇÃO\",\nIF(AND($C213=\"S\",OR($Q213<>\"\",$T213>0,$U213>0),$P213=\"\"),\"FONTE\",\nIF(AND($C213=\"S\",$P213<>\"\",OR($T213>0,$U213>0),$Q213=\"\"),\"CÓDIGO\",\nIF(AND($C213=\"S\",$P213<>\"\",$Q213<>\"\",$R213=\"(Código não identificado nas referências)\"),\"CÓDIGO N/ID\",\nIF(AND($C213=\"S\",OR($R213=\"\",$R213=\"(digite a descrição aqui)\"),OR($Q213<>\"\",$T213>0,$U213>0)),\"DESCRIÇÃO\",\nIF(AND($C213=\"S\",$P213<>\"\",$Q213<>\"\",$S213=\"\"),\"UNIDADE\",\nIF(AND($C213=\"S\",$P213<>\"\",$Q213<>\"\",$U213=0),\"SEM CUSTO\",\nIF(AND(TIPOORCAMENTO=\"Licitado\",$AL213=0,$AN213>0),\"SEM PREÇO\",\nIF(AND($C213=\"S\",$P213<>\"\",$Q213<>\"\",$U213>0,AND($V213<>\"BDI 1\",$V213<>\"BDI 2\",$V213<>\"BDI 3\")),IF(ISNUMBER($V213),\"JUSTIFICAR BDI\",\"BDI\"),\nIF(OR(AND(import.recurso=\"OGU\",TIPOORCAMENTO=\"Proposto\",LEFT($O$8,5)<>\"(N/D:\",$AG213<>\"\",ORÇAMENTO.CustoUnitario>$AG213),AND(TIPOORCAMENTO=\"LICITADO\",ORÇAMENTO.PrecoUnitarioLicitado>$AN213)),\"ACIMA REF.\",\nIF(AND($C213=\"S\",$P213<>\"\",$Q213<>\"\",$T213=0,$U213>0),\"QUANT.\",\nIF(AND(Import.TipoArredondamento=\"TransfereGOV\",$L213=\"F\",$C213=\"S\",LEN($Q213)>13),\"Código >13\",\nIF(AND(Import.TipoArredondamento=\"TransfereGOV\",$L213=\"F\",$C213<>\"S\",LEN($R213)>100),\"Descrição >100\",\nIF(AND(Import.TipoArredondamento=\"TransfereGOV\",$L213=\"F\",$C213=\"S\",LEN($R213)>500),\"Descrição >500\",\nIF(AND(Import.TipoArredondamento=\"TransfereGOV\",$L213=\"F\",$C213=\"S\",LEFT(TRIM(UPPER($P213)),6)<>\"SINAPI\",ISNA(VLOOKUP(TRIM(UPPER($S213)),ListaTgov.Unidades,1,FALSE))),\"Unid. Não Disp\",\n\" \"))))))))))))))))","v":" "},{"$f":"IF(C213<=CRONO.NivelExibicao,MAX($AD$15:OFFSET(AD213,-1,0))+IF($C213<>1,1,MAX(1,COUNTIF(QCI!$A$13:$A$24,OFFSET($E213,-1,0)))),\"\")","v":""},{"$f":"IF(AND($C213=\"S\",ORÇAMENTO.CodBarra<>\"\"),IF(ORÇAMENTO.Fonte=\"\",ORÇAMENTO.CodBarra,CONCATENATE(ORÇAMENTO.Fonte,\" \",ORÇAMENTO.CodBarra)))","v":false},{"$f":"IF(ISERROR(ORÇAMENTO.BancoRef),\"(abra o arquivo 'Referência \"&Excel_BuiltIn_Database&\".xlsm)\",IF(OR($C213<>\"S\",ORÇAMENTO.CodBarra=\"\"),\"(Sem Código)\",IF(ISERROR(MATCH($AE213,INDIRECT(ORÇAMENTO.BancoRef),0)),\"(Código não identificado nas referências)\",MATCH($AE213,INDIRECT(ORÇAMENTO.BancoRef),0))))","v":"(Sem Código)"},{"$f":"ROUND(IF(DESONERACAO=\"sim\",REFERENCIA.Desonerado,REFERENCIA.NaoDesonerado),2)","v":0},0.25390000000000001,null,null,null,null,18934.45,{"$f":"ROUND(ORÇAMENTO.CustoUnitario*(1+$AH213),2)","v":0}]
["S",4,"S",0,{"$f":"IF($C214=1,OFFSET(E214,-1,0)+MAX(1,COUNTIF(QCI!$A$13:$A$24,OFFSET(ORÇAMENTO!E214,-1,0))),OFFSET(E214,-1,0))","v":1},9,3,2,1,0,{"$f":"IF(OR($C214=\"S\",$C214=0),0,MATCH(OFFSET($D214,0,$C214)+IF($C214<>1,1,COUNTIF(QCI!$A$13:$A$24,ORÇAMENTO!E214)),OFFSET($D214,1,$C214,ROW($C$237)-ROW($C214)),0))","v":0},"F","Serviço","Serviço","1.9.3.2.1.","SINAPI","97902",{"$f":"IF($C214=\"S\",REFERENCIA.Descricao,\"(digite a descrição aqui)\")","v":"CAIXA ENTERRADA HIDRÁULICA RETANGULAR EM ALVENARIA COM TIJOLOS CERÂMICOS MACIÇOS, DIMENSÕES INTERNAS: 0,6X0,6X0,6 M PARA REDE DE ESGOTO. AF_12/2020"},{"$f":"REFERENCIA.Unidade","v":"UN"},{"$f":"OFFSET(CÁLCULO!H$15,ROW($T214)-ROW(T$15),0)","v":25},535.32000000000005,"BDI 1",{"$f":"IF($C214=\"S\",ROUND(IF(TIPOORCAMENTO=\"Proposto\",ORÇAMENTO.CustoUnitario*(1+$AH214),ORÇAMENTO.PrecoUnitarioLicitado),15-13*$AF$10),0)","v":671.24},{"$f":"IF($C214=\"S\",IF(OR(Import.TipoArredondamento<>\"TransfereGOV\",ACOMPANHAMENTO=\"BM\"),VTOTAL1,SUM(OFFSET(CÁLCULO!$AQ$15,ROW($X214)-ROW($X$15),1):OFFSET(CÁLCULO!$BR$15,ROW($X214)-ROW($X$15),-1))),IF($C214=0,0,ROUND(SomaAgrup,15-13*$AF$11)))","v":16781},"RA","RA",{"$f":"IF($C214=\"S\",IF($Z214=\"CP\",$X214,IF($Z214=\"RA\",(($X214)*QCI!$AA$3),0)),SomaAgrup)","v":245.17051597963385},{"$f":"IF($C214=\"S\",IF($Z214=\"OU\",ROUND($X214,2),0),SomaAgrup)","v":0},{"$f":"IF($N214=\"\",\" \",\nIF(AND($C214<>\"S\",OR($R214=\"\",$R214=\"(digite a descrição aqui)\")),\"DESCRIÇÃO\",\nIF(AND($C214=\"S\",OR($Q214<>\"\",$T214>0,$U214>0),$P214=\"\"),\"FONTE\",\nIF(AND($C214=\"S\",$P214<>\"\",OR($T214>0,$U214>0),$Q214=\"\"),\"CÓDIGO\",\nIF(AND($C214=\"S\",$P214<>\"\",$Q214<>\"\",$R214=\"(Código não identificado nas referências)\"),\"CÓDIGO N/ID\",\nIF(AND($C214=\"S\",OR($R214=\"\",$R214=\"(digite a descrição aqui)\"),OR($Q214<>\"\",$T214>0,$U214>0)),\"DESCRIÇÃO\",\nIF(AND($C214=\"S\",$P214<>\"\",$Q214<>\"\",$S214=\"\"),\"UNIDADE\",\nIF(AND($C214=\"S\",$P214<>\"\",$Q214<>\"\",$U214=0),\"SEM CUSTO\",\nIF(AND(TIPOORCAMENTO=\"Licitado\",$AL214=0,$AN214>0),\"SEM PREÇO\",\nIF(AND($C214=\"S\",$P214<>\"\",$Q214<>\"\",$U214>0,AND($V214<>\"BDI 1\",$V214<>\"BDI 2\",$V214<>\"BDI 3\")),IF(ISNUMBER($V214),\"JUSTIFICAR BDI\",\"BDI\"),\nIF(OR(AND(import.recurso=\"OGU\",TIPOORCAMENTO=\"Proposto\",LEFT($O$8,5)<>\"(N/D:\",$AG214<>\"\",ORÇAMENTO.CustoUnitario>$AG214),AND(TIPOORCAMENTO=\"LICITADO\",ORÇAMENTO.PrecoUnitarioLicitado>$AN214)),\"ACIMA REF.\",\nIF(AND($C214=\"S\",$P214<>\"\",$Q214<>\"\",$T214=0,$U214>0),\"QUANT.\",\nIF(AND(Import.TipoArredondamento=\"TransfereGOV\",$L214=\"F\",$C214=\"S\",LEN($Q214)>13),\"Código >13\",\nIF(AND(Import.TipoArredondamento=\"TransfereGOV\",$L214=\"F\",$C214<>\"S\",LEN($R214)>100),\"Descrição >100\",\nIF(AND(Import.TipoArredondamento=\"TransfereGOV\",$L214=\"F\",$C214=\"S\",LEN($R214)>500),\"Descrição >500\",\nIF(AND(Import.TipoArredondamento=\"TransfereGOV\",$L214=\"F\",$C214=\"S\",LEFT(TRIM(UPPER($P214)),6)<>\"SINAPI\",ISNA(VLOOKUP(TRIM(UPPER($S214)),ListaTgov.Unidades,1,FALSE))),\"Unid. Não Disp\",\n\" \"))))))))))))))))","v":" "},{"$f":"IF(C214<=CRONO.NivelExibicao,MAX($AD$15:OFFSET(AD214,-1,0))+IF($C214<>1,1,MAX(1,COUNTIF(QCI!$A$13:$A$24,OFFSET($E214,-1,0)))),\"\")","v":""},{"$f":"IF(AND($C214=\"S\",ORÇAMENTO.CodBarra<>\"\"),IF(ORÇAMENTO.Fonte=\"\",ORÇAMENTO.CodBarra,CONCATENATE(ORÇAMENTO.Fonte,\" \",ORÇAMENTO.CodBarra)))","v":"SINAPI 97902"},{"$f":"IF(ISERROR(ORÇAMENTO.BancoRef),\"(abra o arquivo 'Referência \"&Excel_BuiltIn_Database&\".xlsm)\",IF(OR($C214<>\"S\",ORÇAMENTO.CodBarra=\"\"),\"(Sem Código)\",IF(ISERROR(MATCH($AE214,INDIRECT(ORÇAMENTO.BancoRef),0)),\"(Código não identificado nas referências)\",MATCH($AE214,INDIRECT(ORÇAMENTO.BancoRef),0))))","v":7124},{"$f":"ROUND(IF(DESONERACAO=\"sim\",REFERENCIA.Desonerado,REFERENCIA.NaoDesonerado),2)","v":615.62},0.25390000000000001,null,null,null,null,16781,{"$f":"ROUND(ORÇAMENTO.CustoUnitario*(1+$AH214),2)","v":671.24}]
["S",4,"S",0,{"$f":"IF($C215=1,OFFSET(E215,-1,0)+MAX(1,COUNTIF(QCI!$A$13:$A$24,OFFSET(ORÇAMENTO!E215,-1,0))),OFFSET(E215,-1,0))","v":1},9,3,2,2,0,{"$f":"IF(OR($C215=\"S\",$C215=0),0,MATCH(OFFSET($D215,0,$C215)+IF($C215<>1,1,COUNTIF(QCI!$A$13:$A$24,ORÇAMENTO!E215)),OFFSET($D215,1,$C215,ROW($C$237)-ROW($C215)),0))","v":0},"F","Serviço","Serviço","1.9.3.2.2.","SINAPI","89707",{"$f":"IF($C215=\"S\",REFERENCIA.Descricao,\"(digite a descrição aqui)\")","v":"CAIXA SIFONADA, PVC, DN 100 X 100 X 50 MM, JUNTA ELÁSTICA, FORNECIDA E INSTALADA EM RAMAL DE DESCARGA OU EM RAMAL DE ESGOTO SANITÁRIO. AF_08/2022"},{"$f":"REFERENCIA.Unidade","v":"UN"},{"$f":"OFFSET(CÁLCULO!H$15,ROW($T215)-ROW(T$15),0)","v":5},46.11,"BDI 1",{"$f":"IF($C215=\"S\",ROUND(IF(TIPOORCAMENTO=\"Proposto\",ORÇAMENTO.CustoUnitario*(1+$AH215),ORÇAMENTO.PrecoUnitarioLicitado),15-13*$AF$10),0)","v":57.82},{"$f":"IF($C215=\"S\",IF(OR(Import.TipoArredondamento<>\"TransfereGOV\",ACOMPANHAMENTO=\"BM\"),VTOTAL1,SUM(OFFSET(CÁLCULO!$AQ$15,ROW($X215)-ROW($X$15),1):OFFSET(CÁLCULO!$BR$15,ROW($X215)-ROW($X$15),-1))),IF($C215=0,0,ROUND(SomaAgrup,15-13*$AF$11)))","v":289.10000000000002},"RA","RA",{"$f":"IF($C215=\"S\",IF($Z215=\"CP\",$X215,IF($Z215=\"RA\",(($X215)*QCI!$AA$3),0)),SomaAgrup)","v":4.2237528257977566},{"$f":"IF($C215=\"S\",IF($Z215=\"OU\",ROUND($X215,2),0),SomaAgrup)","v":0},{"$f":"IF($N215=\"\",\" \",\nIF(AND($C215<>\"S\",OR($R215=\"\",$R215=\"(digite a descrição aqui)\")),\"DESCRIÇÃO\",\nIF(AND($C215=\"S\",OR($Q215<>\"\",$T215>0,$U215>0),$P215=\"\"),\"FONTE\",\nIF(AND($C215=\"S\",$P215<>\"\",OR($T215>0,$U215>0),$Q215=\"\"),\"CÓDIGO\",\nIF(AND($C215=\"S\",$P215<>\"\",$Q215<>\"\",$R215=\"(Código não identificado nas referências)\"),\"CÓDIGO N/ID\",\nIF(AND($C215=\"S\",OR($R215=\"\",$R215=\"(digite a descrição aqui)\"),OR($Q215<>\"\",$T215>0,$U215>0)),\"DESCRIÇÃO\",\nIF(AND($C215=\"S\",$P215<>\"\",$Q215<>\"\",$S215=\"\"),\"UNIDADE\",\nIF(AND($C215=\"S\",$P215<>\"\",$Q215<>\"\",$U215=0),\"SEM CUSTO\",\nIF(AND(TIPOORCAMENTO=\"Licitado\",$AL215=0,$AN215>0),\"SEM PREÇO\",\nIF(AND($C215=\"S\",$P215<>\"\",$Q215<>\"\",$U215>0,AND($V215<>\"BDI 1\",$V215<>\"BDI 2\",$V215<>\"BDI 3\")),IF(ISNUMBER($V215),\"JUSTIFICAR BDI\",\"BDI\"),\nIF(OR(AND(import.recurso=\"OGU\",TIPOORCAMENTO=\"Proposto\",LEFT($O$8,5)<>\"(N/D:\",$AG215<>\"\",ORÇAMENTO.CustoUnitario>$AG215),AND(TIPOORCAMENTO=\"LICITADO\",ORÇAMENTO.PrecoUnitarioLicitado>$AN215)),\"ACIMA REF.\",\nIF(AND($C215=\"S\",$P215<>\"\",$Q215<>\"\",$T215=0,$U215>0),\"QUANT.\",\nIF(AND(Import.TipoArredondamento=\"TransfereGOV\",$L215=\"F\",$C215=\"S\",LEN($Q215)>13),\"Código >13\",\nIF(AND(Import.TipoArredondamento=\"TransfereGOV\",$L215=\"F\",$C215<>\"S\",LEN($R215)>100),\"Descrição >100\",\nIF(AND(Import.TipoArredondamento=\"TransfereGOV\",$L215=\"F\",$C215=\"S\",LEN($R215)>500),\"Descrição >500\",\nIF(AND(Import.TipoArredondamento=\"TransfereGOV\",$L215=\"F\",$C215=\"S\",LEFT(TRIM(UPPER($P215)),6)<>\"SINAPI\",ISNA(VLOOKUP(TRIM(UPPER($S215)),ListaTgov.Unidades,1,FALSE))),\"Unid. Não Disp\",\n\" \"))))))))))))))))","v":" "},{"$f":"IF(C215<=CRONO.NivelExibicao,MAX($AD$15:OFFSET(AD215,-1,0))+IF($C215<>1,1,MAX(1,COUNTIF(QCI!$A$13:$A$24,OFFSET($E215,-1,0)))),\"\")","v":""},{"$f":"IF(AND($C215=\"S\",ORÇAMENTO.CodBarra<>\"\"),IF(ORÇAMENTO.Fonte=\"\",ORÇAMENTO.CodBarra,CONCATENATE(ORÇAMENTO.Fonte,\" \",ORÇAMENTO.CodBarra)))","v":"SINAPI 89707"},{"$f":"IF(ISERROR(ORÇAMENTO.BancoRef),\"(abra o arquivo 'Referência \"&Excel_BuiltIn_Database&\".xlsm)\",IF(OR($C215<>\"S\",ORÇAMENTO.CodBarra=\"\"),\"(Sem Código)\",IF(ISERROR(MATCH($AE215,INDIRECT(ORÇAMENTO.BancoRef),0)),\"(Código não identificado nas referências)\",MATCH($AE215,INDIRECT(ORÇAMENTO.BancoRef),0))))","v":11360},{"$f":"ROUND(IF(DESONERACAO=\"sim\",REFERENCIA.Desonerado,REFERENCIA.NaoDesonerado),2)","v":53.03},0.25390000000000001,null,null,null,null,289.10000000000002,{"$f":"ROUND(ORÇAMENTO.CustoUnitario*(1+$AH215),2)","v":57.82}]
["S",4,"S",0,{"$f":"IF($C216=1,OFFSET(E216,-1,0)+MAX(1,COUNTIF(QCI!$A$13:$A$24,OFFSET(ORÇAMENTO!E216,-1,0))),OFFSET(E216,-1,0))","v":1},9,3,2,3,0,{"$f":"IF(OR($C216=\"S\",$C216=0),0,MATCH(OFFSET($D216,0,$C216)+IF($C216<>1,1,COUNTIF(QCI!$A$13:$A$24,ORÇAMENTO!E216)),OFFSET($D216,1,$C216,ROW($C$237)-ROW($C216)),0))","v":0},"F","Serviço","Serviço","1.9.3.2.3.","SINAPI","104327",{"$f":"IF($C216=\"S\",REFERENCIA.Descricao,\"(digite a descrição aqui)\")","v":"RALO SIFONADO REDONDO, PVC, DN 100 X 40 MM, JUNTA SOLDÁVEL, FORNECIDO E INSTALADO EM RAMAL DE DESCARGA OU EM RAMAL DE ESGOTO SANITÁRIO. AF_08/2022"},{"$f":"REFERENCIA.Unidade","v":"UN"},{"$f":"OFFSET(CÁLCULO!H$15,ROW($T216)-ROW(T$15),0)","v":5},18.059999999999999,"BDI 1",{"$f":"IF($C216=\"S\",ROUND(IF(TIPOORCAMENTO=\"Proposto\",ORÇAMENTO.CustoUnitario*(1+$AH216),ORÇAMENTO.PrecoUnitarioLicitado),15-13*$AF$10),0)","v":22.65},{"$f":"IF($C216=\"S\",IF(OR(Import.TipoArredondamento<>\"TransfereGOV\",ACOMPANHAMENTO=\"BM\"),VTOTAL1,SUM(OFFSET(CÁLCULO!$AQ$15,ROW($X216)-ROW($X$15),1):OFFSET(CÁLCULO!$BR$15,ROW($X216)-ROW($X$15),-1))),IF($C216=0,0,ROUND(SomaAgrup,15-13*$AF$11)))","v":113.25},"RA","RA",{"$f":"IF($C216=\"S\",IF($Z216=\"CP\",$X216,IF($Z216=\"RA\",(($X216)*QCI!$AA$3),0)),SomaAgrup)","v":1.6545832152251674},{"$f":"IF($C216=\"S\",IF($Z216=\"OU\",ROUND($X216,2),0),SomaAgrup)","v":0},{"$f":"IF($N216=\"\",\" \",\nIF(AND($C216<>\"S\",OR($R216=\"\",$R216=\"(digite a descrição aqui)\")),\"DESCRIÇÃO\",\nIF(AND($C216=\"S\",OR($Q216<>\"\",$T216>0,$U216>0),$P216=\"\"),\"FONTE\",\nIF(AND($C216=\"S\",$P216<>\"\",OR($T216>0,$U216>0),$Q216=\"\"),\"CÓDIGO\",\nIF(AND($C216=\"S\",$P216<>\"\",$Q216<>\"\",$R216=\"(Código não identificado nas referências)\"),\"CÓDIGO N/ID\",\nIF(AND($C216=\"S\",OR($R216=\"\",$R216=\"(digite a descrição aqui)\"),OR($Q216<>\"\",$T216>0,$U216>0)),\"DESCRIÇÃO\",\nIF(AND($C216=\"S\",$P216<>\"\",$Q216<>\"\",$S216=\"\"),\"UNIDADE\",\nIF(AND($C216=\"S\",$P216<>\"\",$Q216<>\"\",$U216=0),\"SEM CUSTO\",\nIF(AND(TIPOORCAMENTO=\"Licitado\",$AL216=0,$AN216>0),\"SEM PREÇO\",\nIF(AND($C216=\"S\",$P216<>\"\",$Q216<>\"\",$U216>0,AND($V216<>\"BDI 1\",$V216<>\"BDI 2\",$V216<>\"BDI 3\")),IF(ISNUMBER($V216),\"JUSTIFICAR BDI\",\"BDI\"),\nIF(OR(AND(import.recurso=\"OGU\",TIPOORCAMENTO=\"Proposto\",LEFT($O$8,5)<>\"(N/D:\",$AG216<>\"\",ORÇAMENTO.CustoUnitario>$AG216),AND(TIPOORCAMENTO=\"LICITADO\",ORÇAMENTO.PrecoUnitarioLicitado>$AN216)),\"ACIMA REF.\",\nIF(AND($C216=\"S\",$P216<>\"\",$Q216<>\"\",$T216=0,$U216>0),\"QUANT.\",\nIF(AND(Import.TipoArredondamento=\"TransfereGOV\",$L216=\"F\",$C216=\"S\",LEN($Q216)>13),\"Código >13\",\nIF(AND(Import.TipoArredondamento=\"TransfereGOV\",$L216=\"F\",$C216<>\"S\",LEN($R216)>100),\"Descrição >100\",\nIF(AND(Import.TipoArredondamento=\"TransfereGOV\",$L216=\"F\",$C216=\"S\",LEN($R216)>500),\"Descrição >500\",\nIF(AND(Import.TipoArredondamento=\"TransfereGOV\",$L216=\"F\",$C216=\"S\",LEFT(TRIM(UPPER($P216)),6)<>\"SINAPI\",ISNA(VLOOKUP(TRIM(UPPER($S216)),ListaTgov.Unidades,1,FALSE))),\"Unid. Não Disp\",\n\" \"))))))))))))))))","v":" "},{"$f":"IF(C216<=CRONO.NivelExibicao,MAX($AD$15:OFFSET(AD216,-1,0))+IF($C216<>1,1,MAX(1,COUNTIF(QCI!$A$13:$A$24,OFFSET($E216,-1,0)))),\"\")","v":""},{"$f":"IF(AND($C216=\"S\",ORÇAMENTO.CodBarra<>\"\"),IF(ORÇAMENTO.Fonte=\"\",ORÇAMENTO.CodBarra,CONCATENATE(ORÇAMENTO.Fonte,\" \",ORÇAMENTO.CodBarra)))","v":"SINAPI 104327"},{"$f":"IF(ISERROR(ORÇAMENTO.BancoRef),\"(abra o arquivo 'Referência \"&Excel_BuiltIn_Database&\".xlsm)\",IF(OR($C216<>\"S\",ORÇAMENTO.CodBarra=\"\"),\"(Sem Código)\",IF(ISERROR(MATCH($AE216,INDIRECT(ORÇAMENTO.BancoRef),0)),\"(Código não identificado nas referências)\",MATCH($AE216,INDIRECT(ORÇAMENTO.BancoRef),0))))","v":11365},{"$f":"ROUND(IF(DESONERACAO=\"sim\",REFERENCIA.Desonerado,REFERENCIA.NaoDesonerado),2)","v":20.77},0.25390000000000001,null,null,null,null,113.25,{"$f":"ROUND(ORÇAMENTO.CustoUnitario*(1+$AH216),2)","v":22.65}]
["S",4,"S",0,{"$f":"IF($C217=1,OFFSET(E217,-1,0)+MAX(1,COUNTIF(QCI!$A$13:$A$24,OFFSET(ORÇAMENTO!E217,-1,0))),OFFSET(E217,-1,0))","v":1},9,3,2,4,0,{"$f":"IF(OR($C217=\"S\",$C217=0),0,MATCH(OFFSET($D217,0,$C217)+IF($C217<>1,1,COUNTIF(QCI!$A$13:$A$24,ORÇAMENTO!E217)),OFFSET($D217,1,$C217,ROW($C$237)-ROW($C217)),0))","v":0},"F","Serviço","Serviço","1.9.3.2.4.","SINAPI","104326",{"$f":"IF($C217=\"S\",REFERENCIA.Descricao,\"(digite a descrição aqui)\")","v":"RALO SECO CÔNICO, PVC, DN 100 X 40 MM, JUNTA SOLDÁVEL, FORNECIDO E INSTALADO EM RAMAL DE DESCARGA OU EM RAMAL DE ESGOTO SANITÁRIO. AF_08/2022"},{"$f":"REFERENCIA.Unidade","v":"UN"},{"$f":"OFFSET(CÁLCULO!H$15,ROW($T217)-ROW(T$15),0)","v":5},18.84,"BDI 1",{"$f":"IF($C217=\"S\",ROUND(IF(TIPOORCAMENTO=\"Proposto\",ORÇAMENTO.CustoUnitario*(1+$AH217),ORÇAMENTO.PrecoUnitarioLicitado),15-13*$AF$10),0)","v":23.62},{"$f":"IF($C217=\"S\",IF(OR(Import.TipoArredondamento<>\"TransfereGOV\",ACOMPANHAMENTO=\"BM\"),VTOTAL1,SUM(OFFSET(CÁLCULO!$AQ$15,ROW($X217)-ROW($X$15),1):OFFSET(CÁLCULO!$BR$15,ROW($X217)-ROW($X$15),-1))),IF($C217=0,0,ROUND(SomaAgrup,15-13*$AF$11)))","v":118.10000000000001},"RA","RA",{"$f":"IF($C217=\"S\",IF($Z217=\"CP\",$X217,IF($Z217=\"RA\",(($X217)*QCI!$AA$3),0)),SomaAgrup)","v":1.7254417458551194},{"$f":"IF($C217=\"S\",IF($Z217=\"OU\",ROUND($X217,2),0),SomaAgrup)","v":0},{"$f":"IF($N217=\"\",\" \",\nIF(AND($C217<>\"S\",OR($R217=\"\",$R217=\"(digite a descrição aqui)\")),\"DESCRIÇÃO\",\nIF(AND($C217=\"S\",OR($Q217<>\"\",$T217>0,$U217>0),$P217=\"\"),\"FONTE\",\nIF(AND($C217=\"S\",$P217<>\"\",OR($T217>0,$U217>0),$Q217=\"\"),\"CÓDIGO\",\nIF(AND($C217=\"S\",$P217<>\"\",$Q217<>\"\",$R217=\"(Código não identificado nas referências)\"),\"CÓDIGO N/ID\",\nIF(AND($C217=\"S\",OR($R217=\"\",$R217=\"(digite a descrição aqui)\"),OR($Q217<>\"\",$T217>0,$U217>0)),\"DESCRIÇÃO\",\nIF(AND($C217=\"S\",$P217<>\"\",$Q217<>\"\",$S217=\"\"),\"UNIDADE\",\nIF(AND($C217=\"S\",$P217<>\"\",$Q217<>\"\",$U217=0),\"SEM CUSTO\",\nIF(AND(TIPOORCAMENTO=\"Licitado\",$AL217=0,$AN217>0),\"SEM PREÇO\",\nIF(AND($C217=\"S\",$P217<>\"\",$Q217<>\"\",$U217>0,AND($V217<>\"BDI 1\",$V217<>\"BDI 2\",$V217<>\"BDI 3\")),IF(ISNUMBER($V217),\"JUSTIFICAR BDI\",\"BDI\"),\nIF(OR(AND(import.recurso=\"OGU\",TIPOORCAMENTO=\"Proposto\",LEFT($O$8,5)<>\"(N/D:\",$AG217<>\"\",ORÇAMENTO.CustoUnitario>$AG217),AND(TIPOORCAMENTO=\"LICITADO\",ORÇAMENTO.PrecoUnitarioLicitado>$AN217)),\"ACIMA REF.\",\nIF(AND($C217=\"S\",$P217<>\"\",$Q217<>\"\",$T217=0,$U217>0),\"QUANT.\",\nIF(AND(Import.TipoArredondamento=\"TransfereGOV\",$L217=\"F\",$C217=\"S\",LEN($Q217)>13),\"Código >13\",\nIF(AND(Import.TipoArredondamento=\"TransfereGOV\",$L217=\"F\",$C217<>\"S\",LEN($R217)>100),\"Descrição >100\",\nIF(AND(Import.TipoArredondamento=\"TransfereGOV\",$L217=\"F\",$C217=\"S\",LEN($R217)>500),\"Descrição >500\",\nIF(AND(Import.TipoArredondamento=\"TransfereGOV\",$L217=\"F\",$C217=\"S\",LEFT(TRIM(UPPER($P217)),6)<>\"SINAPI\",ISNA(VLOOKUP(TRIM(UPPER($S217)),ListaTgov.Unidades,1,FALSE))),\"Unid. Não Disp\",\n\" \"))))))))))))))))","v":" "},{"$f":"IF(C217<=CRONO.NivelExibicao,MAX($AD$15:OFFSET(AD217,-1,0))+IF($C217<>1,1,MAX(1,COUNTIF(QCI!$A$13:$A$24,OFFSET($E217,-1,0)))),\"\")","v":""},{"$f":"IF(AND($C217=\"S\",ORÇAMENTO.CodBarra<>\"\"),IF(ORÇAMENTO.Fonte=\"\",ORÇAMENTO.CodBarra,CONCATENATE(ORÇAMENTO.Fonte,\" \",ORÇAMENTO.CodBarra)))","v":"SINAPI 104326"},{"$f":"IF(ISERROR(ORÇAMENTO.BancoRef),\"(abra o arquivo 'Referência \"&Excel_BuiltIn_Database&\".xlsm)\",IF(OR($C217<>\"S\",ORÇAMENTO.CodBarra=\"\"),\"(Sem Código)\",IF(ISERROR(MATCH($AE217,INDIRECT(ORÇAMENTO.BancoRef),0)),\"(Código não identificado nas referências)\",MATCH($AE217,INDIRECT(ORÇAMENTO.BancoRef),0))))","v":11363},{"$f":"ROUND(IF(DESONERACAO=\"sim\",REFERENCIA.Desonerado,REFERENCIA.NaoDesonerado),2)","v":21.67},0.25390000000000001,null,null,null,null,118.10000000000001,{"$f":"ROUND(ORÇAMENTO.CustoUnitario*(1+$AH217),2)","v":23.62}]
["S",4,"S",0,{"$f":"IF($C218=1,OFFSET(E218,-1,0)+MAX(1,COUNTIF(QCI!$A$13:$A$24,OFFSET(ORÇAMENTO!E218,-1,0))),OFFSET(E218,-1,0))","v":1},9,3,2,5,0,{"$f":"IF(OR($C218=\"S\",$C218=0),0,MATCH(OFFSET($D218,0,$C218)+IF($C218<>1,1,COUNTIF(QCI!$A$13:$A$24,ORÇAMENTO!E218)),OFFSET($D218,1,$C218,ROW($C$237)-ROW($C218)),0))","v":0},"F","Serviço","Serviço","1.9.3.2.5.","SINAPI","98107",{"$f":"IF($C218=\"S\",REFERENCIA.Descricao,\"(digite a descrição aqui)\")","v":"CAIXA DE GORDURA SIMPLES (CAPACIDADE: 36 L), RETANGULAR, EM ALVENARIA COM BLOCOS DE CONCRETO, DIMENSÕES INTERNAS = 0,2X0,4 M, ALTURA INTERNA = 0,8 M. AF_12/2020"},{"$f":"REFERENCIA.Unidade","v":"UN"},{"$f":"OFFSET(CÁLCULO!H$15,ROW($T218)-ROW(T$15),0)","v":5},260.47000000000003,"BDI 1",{"$f":"IF($C218=\"S\",ROUND(IF(TIPOORCAMENTO=\"Proposto\",ORÇAMENTO.CustoUnitario*(1+$AH218),ORÇAMENTO.PrecoUnitarioLicitado),15-13*$AF$10),0)","v":326.60000000000002},{"$f":"IF($C218=\"S\",IF(OR(Import.TipoArredondamento<>\"TransfereGOV\",ACOMPANHAMENTO=\"BM\"),VTOTAL1,SUM(OFFSET(CÁLCULO!$AQ$15,ROW($X218)-ROW($X$15),1):OFFSET(CÁLCULO!$BR$15,ROW($X218)-ROW($X$15),-1))),IF($C218=0,0,ROUND(SomaAgrup,15-13*$AF$11)))","v":1633},"RA","RA",{"$f":"IF($C218=\"S\",IF($Z218=\"CP\",$X218,IF($Z218=\"RA\",(($X218)*QCI!$AA$3),0)),SomaAgrup)","v":23.85814031313641},{"$f":"IF($C218=\"S\",IF($Z218=\"OU\",ROUND($X218,2),0),SomaAgrup)","v":0},{"$f":"IF($N218=\"\",\" \",\nIF(AND($C218<>\"S\",OR($R218=\"\",$R218=\"(digite a descrição aqui)\")),\"DESCRIÇÃO\",\nIF(AND($C218=\"S\",OR($Q218<>\"\",$T218>0,$U218>0),$P218=\"\"),\"FONTE\",\nIF(AND($C218=\"S\",$P218<>\"\",OR($T218>0,$U218>0),$Q218=\"\"),\"CÓDIGO\",\nIF(AND($C218=\"S\",$P218<>\"\",$Q218<>\"\",$R218=\"(Código não identificado nas referências)\"),\"CÓDIGO N/ID\",\nIF(AND($C218=\"S\",OR($R218=\"\",$R218=\"(digite a descrição aqui)\"),OR($Q218<>\"\",$T218>0,$U218>0)),\"DESCRIÇÃO\",\nIF(AND($C218=\"S\",$P218<>\"\",$Q218<>\"\",$S218=\"\"),\"UNIDADE\",\nIF(AND($C218=\"S\",$P218<>\"\",$Q218<>\"\",$U218=0),\"SEM CUSTO\",\nIF(AND(TIPOORCAMENTO=\"Licitado\",$AL218=0,$AN218>0),\"SEM PREÇO\",\nIF(AND($C218=\"S\",$P218<>\"\",$Q218<>\"\",$U218>0,AND($V218<>\"BDI 1\",$V218<>\"BDI 2\",$V218<>\"BDI 3\")),IF(ISNUMBER($V218),\"JUSTIFICAR BDI\",\"BDI\"),\nIF(OR(AND(import.recurso=\"OGU\",TIPOORCAMENTO=\"Proposto\",LEFT($O$8,5)<>\"(N/D:\",$AG218<>\"\",ORÇAMENTO.CustoUnitario>$AG218),AND(TIPOORCAMENTO=\"LICITADO\",ORÇAMENTO.PrecoUnitarioLicitado>$AN218)),\"ACIMA REF.\",\nIF(AND($C218=\"S\",$P218<>\"\",$Q218<>\"\",$T218=0,$U218>0),\"QUANT.\",\nIF(AND(Import.TipoArredondamento=\"TransfereGOV\",$L218=\"F\",$C218=\"S\",LEN($Q218)>13),\"Código >13\",\nIF(AND(Import.TipoArredondamento=\"TransfereGOV\",$L218=\"F\",$C218<>\"S\",LEN($R218)>100),\"Descrição >100\",\nIF(AND(Import.TipoArredondamento=\"TransfereGOV\",$L218=\"F\",$C218=\"S\",LEN($R218)>500),\"Descrição >500\",\nIF(AND(Import.TipoArredondamento=\"TransfereGOV\",$L218=\"F\",$C218=\"S\",LEFT(TRIM(UPPER($P218)),6)<>\"SINAPI\",ISNA(VLOOKUP(TRIM(UPPER($S218)),ListaTgov.Unidades,1,FALSE))),\"Unid. Não Disp\",\n\" \"))))))))))))))))","v":" "},{"$f":"IF(C218<=CRONO.NivelExibicao,MAX($AD$15:OFFSET(AD218,-1,0))+IF($C218<>1,1,MAX(1,COUNTIF(QCI!$A$13:$A$24,OFFSET($E218,-1,0)))),\"\")","v":""},{"$f":"IF(AND($C218=\"S\",ORÇAMENTO.CodBarra<>\"\"),IF(ORÇAMENTO.Fonte=\"\",ORÇAMENTO.CodBarra,CONCATENATE(ORÇAMENTO.Fonte,\" \",ORÇAMENTO.CodBarra)))","v":"SINAPI 98107"},{"$f":"IF(ISERROR(ORÇAMENTO.BancoRef),\"(abra o arquivo 'Referência \"&Excel_BuiltIn_Database&\".xlsm)\",IF(OR($C218<>\"S\",ORÇAMENTO.CodBarra=\"\"),\"(Sem Código)\",IF(ISERROR(MATCH($AE218,INDIRECT(ORÇAMENTO.BancoRef),0)),\"(Código não identificado nas referências)\",MATCH($AE218,INDIRECT(ORÇAMENTO.BancoRef),0))))","v":7101},{"$f":"ROUND(IF(DESONERACAO=\"sim\",REFERENCIA.Desonerado,REFERENCIA.NaoDesonerado),2)","v":299.55},0.25390000000000001,null,null,null,null,1633,{"$f":"ROUND(ORÇAMENTO.CustoUnitario*(1+$AH218),2)","v":326.60000000000002}]
[3,3,3,7,{"$f":"IF($C219=1,OFFSET(E219,-1,0)+MAX(1,COUNTIF(QCI!$A$13:$A$24,OFFSET(ORÇAMENTO!E219,-1,0))),OFFSET(E219,-1,0))","v":1},9,4,0,0,7,{"$f":"IF(OR($C219=\"S\",$C219=0),0,MATCH(OFFSET($D219,0,$C219)+IF($C219<>1,1,COUNTIF(QCI!$A$13:$A$24,ORÇAMENTO!E219)),OFFSET($D219,1,$C219,ROW($C$237)-ROW($C219)),0))","v":{"$error":"#N/A"}},"F","Nível 3","Nível 3","1.9.4.","","","APARELHOS, METAIS E BANCADAS",null,{"$f":"OFFSET(CÁLCULO!H$15,ROW($T219)-ROW(T$15),0)","v":0},0,"BDI 1",{"$f":"IF($C219=\"S\",ROUND(IF(TIPOORCAMENTO=\"Proposto\",ORÇAMENTO.CustoUnitario*(1+$AH219),ORÇAMENTO.PrecoUnitarioLicitado),15-13*$AF$10),0)","v":0},{"$f":"IF($C219=\"S\",IF(OR(Import.TipoArredondamento<>\"TransfereGOV\",ACOMPANHAMENTO=\"BM\"),VTOTAL1,SUM(OFFSET(CÁLCULO!$AQ$15,ROW($X219)-ROW($X$15),1):OFFSET(CÁLCULO!$BR$15,ROW($X219)-ROW($X$15),-1))),IF($C219=0,0,ROUND(SomaAgrup,15-13*$AF$11)))","v":12164.15},"RA","",{"$f":"IF($C219=\"S\",IF($Z219=\"CP\",$X219,IF($Z219=\"RA\",(($X219)*QCI!$AA$3),0)),SomaAgrup)","v":177.71830832212999},{"$f":"IF($C219=\"S\",IF($Z219=\"OU\",ROUND($X219,2),0),SomaAgrup)","v":0},{"$f":"IF($N219=\"\",\" \",\nIF(AND($C219<>\"S\",OR($R219=\"\",$R219=\"(digite a descrição aqui)\")),\"DESCRIÇÃO\",\nIF(AND($C219=\"S\",OR($Q219<>\"\",$T219>0,$U219>0),$P219=\"\"),\"FONTE\",\nIF(AND($C219=\"S\",$P219<>\"\",OR($T219>0,$U219>0),$Q219=\"\"),\"CÓDIGO\",\nIF(AND($C219=\"S\",$P219<>\"\",$Q219<>\"\",$R219=\"(Código não identificado nas referências)\"),\"CÓDIGO N/ID\",\nIF(AND($C219=\"S\",OR($R219=\"\",$R219=\"(digite a descrição aqui)\"),OR($Q219<>\"\",$T219>0,$U219>0)),\"DESCRIÇÃO\",\nIF(AND($C219=\"S\",$P219<>\"\",$Q219<>\"\",$S219=\"\"),\"UNIDADE\",\nIF(AND($C219=\"S\",$P219<>\"\",$Q219<>\"\",$U219=0),\"SEM CUSTO\",\nIF(AND(TIPOORCAMENTO=\"Licitado\",$AL219=0,$AN219>0),\"SEM PREÇO\",\nIF(AND($C219=\"S\",$P219<>\"\",$Q219<>\"\",$U219>0,AND($V219<>\"BDI 1\",$V219<>\"BDI 2\",$V219<>\"BDI 3\")),IF(ISNUMBER($V219),\"JUSTIFICAR BDI\",\"BDI\"),\nIF(OR(AND(import.recurso=\"OGU\",TIPOORCAMENTO=\"Proposto\",LEFT($O$8,5)<>\"(N/D:\",$AG219<>\"\",ORÇAMENTO.CustoUnitario>$AG219),AND(TIPOORCAMENTO=\"LICITADO\",ORÇAMENTO.PrecoUnitarioLicitado>$AN219)),\"ACIMA REF.\",\nIF(AND($C219=\"S\",$P219<>\"\",$Q219<>\"\",$T219=0,$U219>0),\"QUANT.\",\nIF(AND(Import.TipoArredondamento=\"TransfereGOV\",$L219=\"F\",$C219=\"S\",LEN($Q219)>13),\"Código >13\",\nIF(AND(Import.TipoArredondamento=\"TransfereGOV\",$L219=\"F\",$C219<>\"S\",LEN($R219)>100),\"Descrição >100\",\nIF(AND(Import.TipoArredondamento=\"TransfereGOV\",$L219=\"F\",$C219=\"S\",LEN($R219)>500),\"Descrição >500\",\nIF(AND(Import.TipoArredondamento=\"TransfereGOV\",$L219=\"F\",$C219=\"S\",LEFT(TRIM(UPPER($P219)),6)<>\"SINAPI\",ISNA(VLOOKUP(TRIM(UPPER($S219)),ListaTgov.Unidades,1,FALSE))),\"Unid. Não Disp\",\n\" \"))))))))))))))))","v":" "},{"$f":"IF(C219<=CRONO.NivelExibicao,MAX($AD$15:OFFSET(AD219,-1,0))+IF($C219<>1,1,MAX(1,COUNTIF(QCI!$A$13:$A$24,OFFSET($E219,-1,0)))),\"\")","v":""},{"$f":"IF(AND($C219=\"S\",ORÇAMENTO.CodBarra<>\"\"),IF(ORÇAMENTO.Fonte=\"\",ORÇAMENTO.CodBarra,CONCATENATE(ORÇAMENTO.Fonte,\" \",ORÇAMENTO.CodBarra)))","v":false},{"$f":"IF(ISERROR(ORÇAMENTO.BancoRef),\"(abra o arquivo 'Referência \"&Excel_BuiltIn_Database&\".xlsm)\",IF(OR($C219<>\"S\",ORÇAMENTO.CodBarra=\"\"),\"(Sem Código)\",IF(ISERROR(MATCH($AE219,INDIRECT(ORÇAMENTO.BancoRef),0)),\"(Código não identificado nas referências)\",MATCH($AE219,INDIRECT(ORÇAMENTO.BancoRef),0))))","v":"(Sem Código)"},{"$f":"ROUND(IF(DESONERACAO=\"sim\",REFERENCIA.Desonerado,REFERENCIA.NaoDesonerado),2)","v":0},0.25390000000000001,null,null,null,null,12164.15,{"$f":"ROUND(ORÇAMENTO.CustoUnitario*(1+$AH219),2)","v":0}]
["S",3,"S",0,{"$f":"IF($C220=1,OFFSET(E220,-1,0)+MAX(1,COUNTIF(QCI!$A$13:$A$24,OFFSET(ORÇAMENTO!E220,-1,0))),OFFSET(E220,-1,0))","v":1},9,4,0,1,0,{"$f":"IF(OR($C220=\"S\",$C220=0),0,MATCH(OFFSET($D220,0,$C220)+IF($C220<>1,1,COUNTIF(QCI!$A$13:$A$24,ORÇAMENTO!E220)),OFFSET($D220,1,$C220,ROW($C$237)-ROW($C220)),0))","v":0},"F","Serviço","Serviço","1.9.4.0.1.","SINAPI","86931",{"$f":"IF($C220=\"S\",REFERENCIA.Descricao,\"(digite a descrição aqui)\")","v":"VASO SANITÁRIO SIFONADO COM CAIXA ACOPLADA LOUÇA BRANCA, INCLUSO ENGATE FLEXÍVEL EM PLÁSTICO BRANCO, 1/2 X 40CM - FORNECIMENTO E INSTALAÇÃO. AF_01/2020"},{"$f":"REFERENCIA.Unidade","v":"UN"},{"$f":"OFFSET(CÁLCULO!H$15,ROW($T220)-ROW(T$15),0)","v":5},540.47,"BDI 1",{"$f":"IF($C220=\"S\",ROUND(IF(TIPOORCAMENTO=\"Proposto\",ORÇAMENTO.CustoUnitario*(1+$AH220),ORÇAMENTO.PrecoUnitarioLicitado),15-13*$AF$10),0)","v":677.7},{"$f":"IF($C220=\"S\",IF(OR(Import.TipoArredondamento<>\"TransfereGOV\",ACOMPANHAMENTO=\"BM\"),VTOTAL1,SUM(OFFSET(CÁLCULO!$AQ$15,ROW($X220)-ROW($X$15),1):OFFSET(CÁLCULO!$BR$15,ROW($X220)-ROW($X$15),-1))),IF($C220=0,0,ROUND(SomaAgrup,15-13*$AF$11)))","v":3388.5},"RA","RA",{"$f":"IF($C220=\"S\",IF($Z220=\"CP\",$X220,IF($Z220=\"RA\",(($X220)*QCI!$AA$3),0)),SomaAgrup)","v":49.50600639991594},{"$f":"IF($C220=\"S\",IF($Z220=\"OU\",ROUND($X220,2),0),SomaAgrup)","v":0},{"$f":"IF($N220=\"\",\" \",\nIF(AND($C220<>\"S\",OR($R220=\"\",$R220=\"(digite a descrição aqui)\")),\"DESCRIÇÃO\",\nIF(AND($C220=\"S\",OR($Q220<>\"\",$T220>0,$U220>0),$P220=\"\"),\"FONTE\",\nIF(AND($C220=\"S\",$P220<>\"\",OR($T220>0,$U220>0),$Q220=\"\"),\"CÓDIGO\",\nIF(AND($C220=\"S\",$P220<>\"\",$Q220<>\"\",$R220=\"(Código não identificado nas referências)\"),\"CÓDIGO N/ID\",\nIF(AND($C220=\"S\",OR($R220=\"\",$R220=\"(digite a descrição aqui)\"),OR($Q220<>\"\",$T220>0,$U220>0)),\"DESCRIÇÃO\",\nIF(AND($C220=\"S\",$P220<>\"\",$Q220<>\"\",$S220=\"\"),\"UNIDADE\",\nIF(AND($C220=\"S\",$P220<>\"\",$Q220<>\"\",$U220=0),\"SEM CUSTO\",\nIF(AND(TIPOORCAMENTO=\"Licitado\",$AL220=0,$AN220>0),\"SEM PREÇO\",\nIF(AND($C220=\"S\",$P220<>\"\",$Q220<>\"\",$U220>0,AND($V220<>\"BDI 1\",$V220<>\"BDI 2\",$V220<>\"BDI 3\")),IF(ISNUMBER($V220),\"JUSTIFICAR BDI\",\"BDI\"),\nIF(OR(AND(import.recurso=\"OGU\",TIPOORCAMENTO=\"Proposto\",LEFT($O$8,5)<>\"(N/D:\",$AG220<>\"\",ORÇAMENTO.CustoUnitario>$AG220),AND(TIPOORCAMENTO=\"LICITADO\",ORÇAMENTO.PrecoUnitarioLicitado>$AN220)),\"ACIMA REF.\",\nIF(AND($C220=\"S\",$P220<>\"\",$Q220<>\"\",$T220=0,$U220>0),\"QUANT.\",\nIF(AND(Import.TipoArredondamento=\"TransfereGOV\",$L220=\"F\",$C220=\"S\",LEN($Q220)>13),\"Código >13\",\nIF(AND(Import.TipoArredondamento=\"TransfereGOV\",$L220=\"F\",$C220<>\"S\",LEN($R220)>100),\"Descrição >100\",\nIF(AND(Import.TipoArredondamento=\"TransfereGOV\",$L220=\"F\",$C220=\"S\",LEN($R220)>500),\"Descrição >500\",\nIF(AND(Import.TipoArredondamento=\"TransfereGOV\",$L220=\"F\",$C220=\"S\",LEFT(TRIM(UPPER($P220)),6)<>\"SINAPI\",ISNA(VLOOKUP(TRIM(UPPER($S220)),ListaTgov.Unidades,1,FALSE))),\"Unid. Não Disp\",\n\" \"))))))))))))))))","v":" "},{"$f":"IF(C220<=CRONO.NivelExibicao,MAX($AD$15:OFFSET(AD220,-1,0))+IF($C220<>1,1,MAX(1,COUNTIF(QCI!$A$13:$A$24,OFFSET($E220,-1,0)))),\"\")","v":""},{"$f":"IF(AND($C220=\"S\",ORÇAMENTO.CodBarra<>\"\"),IF(ORÇAMENTO.Fonte=\"\",ORÇAMENTO.CodBarra,CONCATENATE(ORÇAMENTO.Fonte,\" \",ORÇAMENTO.CodBarra)))","v":"SINAPI 86931"},{"$f":"IF(ISERROR(ORÇAMENTO.BancoRef),\"(abra o arquivo 'Referência \"&Excel_BuiltIn_Database&\".xlsm)\",IF(OR($C220<>\"S\",ORÇAMENTO.CodBarra=\"\"),\"(Sem Código)\",IF(ISERROR(MATCH($AE220,INDIRECT(ORÇAMENTO.BancoRef),0)),\"(Código não identificado nas referências)\",MATCH($AE220,INDIRECT(ORÇAMENTO.BancoRef),0))))","v":13247},{"$f":"ROUND(IF(DESONERACAO=\"sim\",REFERENCIA.Desonerado,REFERENCIA.NaoDesonerado),2)","v":621.54999999999995},0.25390000000000001,null,null,null,null,3388.5,{"$f":"ROUND(ORÇAMENTO.CustoUnitario*(1+$AH220),2)","v":677.7}]
["S",3,"S",0,{"$f":"IF($C221=1,OFFSET(E221,-1,0)+MAX(1,COUNTIF(QCI!$A$13:$A$24,OFFSET(ORÇAMENTO!E221,-1,0))),OFFSET(E221,-1,0))","v":1},9,4,0,2,0,{"$f":"IF(OR($C221=\"S\",$C221=0),0,MATCH(OFFSET($D221,0,$C221)+IF($C221<>1,1,COUNTIF(QCI!$A$13:$A$24,ORÇAMENTO!E221)),OFFSET($D221,1,$C221,ROW($C$237)-ROW($C221)),0))","v":0},"F","Serviço","Serviço","1.9.4.0.2.","SINAPI","86943",{"$f":"IF($C221=\"S\",REFERENCIA.Descricao,\"(digite a descrição aqui)\")","v":"LAVATÓRIO LOUÇA BRANCA SUSPENSO, 29,5 X 39CM OU EQUIVALENTE, PADRÃO POPULAR, INCLUSO SIFÃO FLEXÍVEL EM PVC, VÁLVULA E ENGATE FLEXÍVEL 30CM EM PLÁSTICO E TORNEIRA CROMADA DE MESA, PADRÃO POPULAR - FORNECIMENTO E INSTALAÇÃO. AF_01/2020"},{"$f":"REFERENCIA.Unidade","v":"UN"},{"$f":"OFFSET(CÁLCULO!H$15,ROW($T221)-ROW(T$15),0)","v":5},243.46,"BDI 1",{"$f":"IF($C221=\"S\",ROUND(IF(TIPOORCAMENTO=\"Proposto\",ORÇAMENTO.CustoUnitario*(1+$AH221),ORÇAMENTO.PrecoUnitarioLicitado),15-13*$AF$10),0)","v":305.27},{"$f":"IF($C221=\"S\",IF(OR(Import.TipoArredondamento<>\"TransfereGOV\",ACOMPANHAMENTO=\"BM\"),VTOTAL1,SUM(OFFSET(CÁLCULO!$AQ$15,ROW($X221)-ROW($X$15),1):OFFSET(CÁLCULO!$BR$15,ROW($X221)-ROW($X$15),-1))),IF($C221=0,0,ROUND(SomaAgrup,15-13*$AF$11)))","v":1526.35},"RA","RA",{"$f":"IF($C221=\"S\",IF($Z221=\"CP\",$X221,IF($Z221=\"RA\",(($X221)*QCI!$AA$3),0)),SomaAgrup)","v":22.299983139593238},{"$f":"IF($C221=\"S\",IF($Z221=\"OU\",ROUND($X221,2),0),SomaAgrup)","v":0},{"$f":"IF($N221=\"\",\" \",\nIF(AND($C221<>\"S\",OR($R221=\"\",$R221=\"(digite a descrição aqui)\")),\"DESCRIÇÃO\",\nIF(AND($C221=\"S\",OR($Q221<>\"\",$T221>0,$U221>0),$P221=\"\"),\"FONTE\",\nIF(AND($C221=\"S\",$P221<>\"\",OR($T221>0,$U221>0),$Q221=\"\"),\"CÓDIGO\",\nIF(AND($C221=\"S\",$P221<>\"\",$Q221<>\"\",$R221=\"(Código não identificado nas referências)\"),\"CÓDIGO N/ID\",\nIF(AND($C221=\"S\",OR($R221=\"\",$R221=\"(digite a descrição aqui)\"),OR($Q221<>\"\",$T221>0,$U221>0)),\"DESCRIÇÃO\",\nIF(AND($C221=\"S\",$P221<>\"\",$Q221<>\"\",$S221=\"\"),\"UNIDADE\",\nIF(AND($C221=\"S\",$P221<>\"\",$Q221<>\"\",$U221=0),\"SEM CUSTO\",\nIF(AND(TIPOORCAMENTO=\"Licitado\",$AL221=0,$AN221>0),\"SEM PREÇO\",\nIF(AND($C221=\"S\",$P221<>\"\",$Q221<>\"\",$U221>0,AND($V221<>\"BDI 1\",$V221<>\"BDI 2\",$V221<>\"BDI 3\")),IF(ISNUMBER($V221),\"JUSTIFICAR BDI\",\"BDI\"),\nIF(OR(AND(import.recurso=\"OGU\",TIPOORCAMENTO=\"Proposto\",LEFT($O$8,5)<>\"(N/D:\",$AG221<>\"\",ORÇAMENTO.CustoUnitario>$AG221),AND(TIPOORCAMENTO=\"LICITADO\",ORÇAMENTO.PrecoUnitarioLicitado>$AN221)),\"ACIMA REF.\",\nIF(AND($C221=\"S\",$P221<>\"\",$Q221<>\"\",$T221=0,$U221>0),\"QUANT.\",\nIF(AND(Import.TipoArredondamento=\"TransfereGOV\",$L221=\"F\",$C221=\"S\",LEN($Q221)>13),\"Código >13\",\nIF(AND(Import.TipoArredondamento=\"TransfereGOV\",$L221=\"F\",$C221<>\"S\",LEN($R221)>100),\"Descrição >100\",\nIF(AND(Import.TipoArredondamento=\"TransfereGOV\",$L221=\"F\",$C221=\"S\",LEN($R221)>500),\"Descrição >500\",\nIF(AND(Import.TipoArredondamento=\"TransfereGOV\",$L221=\"F\",$C221=\"S\",LEFT(TRIM(UPPER($P221)),6)<>\"SINAPI\",ISNA(VLOOKUP(TRIM(UPPER($S221)),ListaTgov.Unidades,1,FALSE))),\"Unid. Não Disp\",\n\" \"))))))))))))))))","v":" "},{"$f":"IF(C221<=CRONO.NivelExibicao,MAX($AD$15:OFFSET(AD221,-1,0))+IF($C221<>1,1,MAX(1,COUNTIF(QCI!$A$13:$A$24,OFFSET($E221,-1,0)))),\"\")","v":""},{"$f":"IF(AND($C221=\"S\",ORÇAMENTO.CodBarra<>\"\"),IF(ORÇAMENTO.Fonte=\"\",ORÇAMENTO.CodBarra,CONCATENATE(ORÇAMENTO.Fonte,\" \",ORÇAMENTO.CodBarra)))","v":"SINAPI 86943"},{"$f":"IF(ISERROR(ORÇAMENTO.BancoRef),\"(abra o arquivo 'Referência \"&Excel_BuiltIn_Database&\".xlsm)\",IF(OR($C221<>\"S\",ORÇAMENTO.CodBarra=\"\"),\"(Sem Código)\",IF(ISERROR(MATCH($AE221,INDIRECT(ORÇAMENTO.BancoRef),0)),\"(Código não identificado nas referências)\",MATCH($AE221,INDIRECT(ORÇAMENTO.BancoRef),0))))","v":13198},{"$f":"ROUND(IF(DESONERACAO=\"sim\",REFERENCIA.Desonerado,REFERENCIA.NaoDesonerado),2)","v":279.99},0.25390000000000001,null,null,null,null,1526.35,{"$f":"ROUND(ORÇAMENTO.CustoUnitario*(1+$AH221),2)","v":305.27}]
["S",3,"S",0,{"$f":"IF($C222=1,OFFSET(E222,-1,0)+MAX(1,COUNTIF(QCI!$A$13:$A$24,OFFSET(ORÇAMENTO!E222,-1,0))),OFFSET(E222,-1,0))","v":1},9,4,0,3,0,{"$f":"IF(OR($C222=\"S\",$C222=0),0,MATCH(OFFSET($D222,0,$C222)+IF($C222<>1,1,COUNTIF(QCI!$A$13:$A$24,ORÇAMENTO!E222)),OFFSET($D222,1,$C222,ROW($C$237)-ROW($C222)),0))","v":0},"F","Serviço","Serviço","1.9.4.0.3.","SINAPI","86934",{"$f":"IF($C222=\"S\",REFERENCIA.Descricao,\"(digite a descrição aqui)\")","v":"BANCADA DE MÁRMORE SINTÉTICO 120 X 60CM, COM CUBA INTEGRADA, INCLUSO SIFÃO TIPO FLEXÍVEL EM PVC, VÁLVULA EM PLÁSTICO CROMADO TIPO AMERICANA E TORNEIRA CROMADA LONGA, DE PAREDE, PADRÃO POPULAR - FORNECIMENTO E INSTALAÇÃO. AF_01/2020"},{"$f":"REFERENCIA.Unidade","v":"UN"},{"$f":"OFFSET(CÁLCULO!H$15,ROW($T222)-ROW(T$15),0)","v":3.5999999999999996},373.69,"BDI 1",{"$f":"IF($C222=\"S\",ROUND(IF(TIPOORCAMENTO=\"Proposto\",ORÇAMENTO.CustoUnitario*(1+$AH222),ORÇAMENTO.PrecoUnitarioLicitado),15-13*$AF$10),0)","v":468.57},{"$f":"IF($C222=\"S\",IF(OR(Import.TipoArredondamento<>\"TransfereGOV\",ACOMPANHAMENTO=\"BM\"),VTOTAL1,SUM(OFFSET(CÁLCULO!$AQ$15,ROW($X222)-ROW($X$15),1):OFFSET(CÁLCULO!$BR$15,ROW($X222)-ROW($X$15),-1))),IF($C222=0,0,ROUND(SomaAgrup,15-13*$AF$11)))","v":1686.85},"RA","RA",{"$f":"IF($C222=\"S\",IF($Z222=\"CP\",$X222,IF($Z222=\"RA\",(($X222)*QCI!$AA$3),0)),SomaAgrup)","v":24.644889153223609},{"$f":"IF($C222=\"S\",IF($Z222=\"OU\",ROUND($X222,2),0),SomaAgrup)","v":0},{"$f":"IF($N222=\"\",\" \",\nIF(AND($C222<>\"S\",OR($R222=\"\",$R222=\"(digite a descrição aqui)\")),\"DESCRIÇÃO\",\nIF(AND($C222=\"S\",OR($Q222<>\"\",$T222>0,$U222>0),$P222=\"\"),\"FONTE\",\nIF(AND($C222=\"S\",$P222<>\"\",OR($T222>0,$U222>0),$Q222=\"\"),\"CÓDIGO\",\nIF(AND($C222=\"S\",$P222<>\"\",$Q222<>\"\",$R222=\"(Código não identificado nas referências)\"),\"CÓDIGO N/ID\",\nIF(AND($C222=\"S\",OR($R222=\"\",$R222=\"(digite a descrição aqui)\"),OR($Q222<>\"\",$T222>0,$U222>0)),\"DESCRIÇÃO\",\nIF(AND($C222=\"S\",$P222<>\"\",$Q222<>\"\",$S222=\"\"),\"UNIDADE\",\nIF(AND($C222=\"S\",$P222<>\"\",$Q222<>\"\",$U222=0),\"SEM CUSTO\",\nIF(AND(TIPOORCAMENTO=\"Licitado\",$AL222=0,$AN222>0),\"SEM PREÇO\",\nIF(AND($C222=\"S\",$P222<>\"\",$Q222<>\"\",$U222>0,AND($V222<>\"BDI 1\",$V222<>\"BDI 2\",$V222<>\"BDI 3\")),IF(ISNUMBER($V222),\"JUSTIFICAR BDI\",\"BDI\"),\nIF(OR(AND(import.recurso=\"OGU\",TIPOORCAMENTO=\"Proposto\",LEFT($O$8,5)<>\"(N/D:\",$AG222<>\"\",ORÇAMENTO.CustoUnitario>$AG222),AND(TIPOORCAMENTO=\"LICITADO\",ORÇAMENTO.PrecoUnitarioLicitado>$AN222)),\"ACIMA REF.\",\nIF(AND($C222=\"S\",$P222<>\"\",$Q222<>\"\",$T222=0,$U222>0),\"QUANT.\",\nIF(AND(Import.TipoArredondamento=\"TransfereGOV\",$L222=\"F\",$C222=\"S\",LEN($Q222)>13),\"Código >13\",\nIF(AND(Import.TipoArredondamento=\"TransfereGOV\",$L222=\"F\",$C222<>\"S\",LEN($R222)>100),\"Descrição >100\",\nIF(AND(Import.TipoArredondamento=\"TransfereGOV\",$L222=\"F\",$C222=\"S\",LEN($R222)>500),\"Descrição >500\",\nIF(AND(Import.TipoArredondamento=\"TransfereGOV\",$L222=\"F\",$C222=\"S\",LEFT(TRIM(UPPER($P222)),6)<>\"SINAPI\",ISNA(VLOOKUP(TRIM(UPPER($S222)),ListaTgov.Unidades,1,FALSE))),\"Unid. Não Disp\",\n\" \"))))))))))))))))","v":" "},{"$f":"IF(C222<=CRONO.NivelExibicao,MAX($AD$15:OFFSET(AD222,-1,0))+IF($C222<>1,1,MAX(1,COUNTIF(QCI!$A$13:$A$24,OFFSET($E222,-1,0)))),\"\")","v":""},{"$f":"IF(AND($C222=\"S\",ORÇAMENTO.CodBarra<>\"\"),IF(ORÇAMENTO.Fonte=\"\",ORÇAMENTO.CodBarra,CONCATENATE(ORÇAMENTO.Fonte,\" \",ORÇAMENTO.CodBarra)))","v":"SINAPI 86934"},{"$f":"IF(ISERROR(ORÇAMENTO.BancoRef),\"(abra o arquivo 'Referência \"&Excel_BuiltIn_Database&\".xlsm)\",IF(OR($C222<>\"S\",ORÇAMENTO.CodBarra=\"\"),\"(Sem Código)\",IF(ISERROR(MATCH($AE222,INDIRECT(ORÇAMENTO.BancoRef),0)),\"(Código não identificado nas referências)\",MATCH($AE222,INDIRECT(ORÇAMENTO.BancoRef),0))))","v":13160},{"$f":"ROUND(IF(DESONERACAO=\"sim\",REFERENCIA.Desonerado,REFERENCIA.NaoDesonerado),2)","v":429.75},0.25390000000000001,null,null,null,null,1686.85,{"$f":"ROUND(ORÇAMENTO.CustoUnitario*(1+$AH222),2)","v":468.57}]
["S",3,"S",0,{"$f":"IF($C223=1,OFFSET(E223,-1,0)+MAX(1,COUNTIF(QCI!$A$13:$A$24,OFFSET(ORÇAMENTO!E223,-1,0))),OFFSET(E223,-1,0))","v":1},9,4,0,4,0,{"$f":"IF(OR($C223=\"S\",$C223=0),0,MATCH(OFFSET($D223,0,$C223)+IF($C223<>1,1,COUNTIF(QCI!$A$13:$A$24,ORÇAMENTO!E223)),OFFSET($D223,1,$C223,ROW($C$237)-ROW($C223)),0))","v":0},"F","Serviço","Serviço","1.9.4.0.4.","SINAPI","86925",{"$f":"IF($C223=\"S\",REFERENCIA.Descricao,\"(digite a descrição aqui)\")","v":"TANQUE DE MÁRMORE SINTÉTICO COM COLUNA, 22L OU EQUIVALENTE, INCLUSO SIFÃO FLEXÍVEL EM PVC, VÁLVULA PLÁSTICA E TORNEIRA DE METAL CROMADO PADRÃO POPULAR - FORNECIMENTO E INSTALAÇÃO. AF_01/2020"},{"$f":"REFERENCIA.Unidade","v":"UN"},{"$f":"OFFSET(CÁLCULO!H$15,ROW($T223)-ROW(T$15),0)","v":5},525.66999999999996,"BDI 1",{"$f":"IF($C223=\"S\",ROUND(IF(TIPOORCAMENTO=\"Proposto\",ORÇAMENTO.CustoUnitario*(1+$AH223),ORÇAMENTO.PrecoUnitarioLicitado),15-13*$AF$10),0)","v":659.14},{"$f":"IF($C223=\"S\",IF(OR(Import.TipoArredondamento<>\"TransfereGOV\",ACOMPANHAMENTO=\"BM\"),VTOTAL1,SUM(OFFSET(CÁLCULO!$AQ$15,ROW($X223)-ROW($X$15),1):OFFSET(CÁLCULO!$BR$15,ROW($X223)-ROW($X$15),-1))),IF($C223=0,0,ROUND(SomaAgrup,15-13*$AF$11)))","v":3295.7},"RA","RA",{"$f":"IF($C223=\"S\",IF($Z223=\"CP\",$X223,IF($Z223=\"RA\",(($X223)*QCI!$AA$3),0)),SomaAgrup)","v":48.1501978138418},{"$f":"IF($C223=\"S\",IF($Z223=\"OU\",ROUND($X223,2),0),SomaAgrup)","v":0},{"$f":"IF($N223=\"\",\" \",\nIF(AND($C223<>\"S\",OR($R223=\"\",$R223=\"(digite a descrição aqui)\")),\"DESCRIÇÃO\",\nIF(AND($C223=\"S\",OR($Q223<>\"\",$T223>0,$U223>0),$P223=\"\"),\"FONTE\",\nIF(AND($C223=\"S\",$P223<>\"\",OR($T223>0,$U223>0),$Q223=\"\"),\"CÓDIGO\",\nIF(AND($C223=\"S\",$P223<>\"\",$Q223<>\"\",$R223=\"(Código não identificado nas referências)\"),\"CÓDIGO N/ID\",\nIF(AND($C223=\"S\",OR($R223=\"\",$R223=\"(digite a descrição aqui)\"),OR($Q223<>\"\",$T223>0,$U223>0)),\"DESCRIÇÃO\",\nIF(AND($C223=\"S\",$P223<>\"\",$Q223<>\"\",$S223=\"\"),\"UNIDADE\",\nIF(AND($C223=\"S\",$P223<>\"\",$Q223<>\"\",$U223=0),\"SEM CUSTO\",\nIF(AND(TIPOORCAMENTO=\"Licitado\",$AL223=0,$AN223>0),\"SEM PREÇO\",\nIF(AND($C223=\"S\",$P223<>\"\",$Q223<>\"\",$U223>0,AND($V223<>\"BDI 1\",$V223<>\"BDI 2\",$V223<>\"BDI 3\")),IF(ISNUMBER($V223),\"JUSTIFICAR BDI\",\"BDI\"),\nIF(OR(AND(import.recurso=\"OGU\",TIPOORCAMENTO=\"Proposto\",LEFT($O$8,5)<>\"(N/D:\",$AG223<>\"\",ORÇAMENTO.CustoUnitario>$AG223),AND(TIPOORCAMENTO=\"LICITADO\",ORÇAMENTO.PrecoUnitarioLicitado>$AN223)),\"ACIMA REF.\",\nIF(AND($C223=\"S\",$P223<>\"\",$Q223<>\"\",$T223=0,$U223>0),\"QUANT.\",\nIF(AND(Import.TipoArredondamento=\"TransfereGOV\",$L223=\"F\",$C223=\"S\",LEN($Q223)>13),\"Código >13\",\nIF(AND(Import.TipoArredondamento=\"TransfereGOV\",$L223=\"F\",$C223<>\"S\",LEN($R223)>100),\"Descrição >100\",\nIF(AND(Import.TipoArredondamento=\"TransfereGOV\",$L223=\"F\",$C223=\"S\",LEN($R223)>500),\"Descrição >500\",\nIF(AND(Import.TipoArredondamento=\"TransfereGOV\",$L223=\"F\",$C223=\"S\",LEFT(TRIM(UPPER($P223)),6)<>\"SINAPI\",ISNA(VLOOKUP(TRIM(UPPER($S223)),ListaTgov.Unidades,1,FALSE))),\"Unid. Não Disp\",\n\" \"))))))))))))))))","v":" "},{"$f":"IF(C223<=CRONO.NivelExibicao,MAX($AD$15:OFFSET(AD223,-1,0))+IF($C223<>1,1,MAX(1,COUNTIF(QCI!$A$13:$A$24,OFFSET($E223,-1,0)))),\"\")","v":""},{"$f":"IF(AND($C223=\"S\",ORÇAMENTO.CodBarra<>\"\"),IF(ORÇAMENTO.Fonte=\"\",ORÇAMENTO.CodBarra,CONCATENATE(ORÇAMENTO.Fonte,\" \",ORÇAMENTO.CodBarra)))","v":"SINAPI 86925"},{"$f":"IF(ISERROR(ORÇAMENTO.BancoRef),\"(abra o arquivo 'Referência \"&Excel_BuiltIn_Database&\".xlsm)\",IF(OR($C223<>\"S\",ORÇAMENTO.CodBarra=\"\"),\"(Sem Código)\",IF(ISERROR(MATCH($AE223,INDIRECT(ORÇAMENTO.BancoRef),0)),\"(Código não identificado nas referências)\",MATCH($AE223,INDIRECT(ORÇAMENTO.BancoRef),0))))","v":13223},{"$f":"ROUND(IF(DESONERACAO=\"sim\",REFERENCIA.Desonerado,REFERENCIA.NaoDesonerado),2)","v":604.53},0.25390000000000001,null,null,null,null,3295.7,{"$f":"ROUND(ORÇAMENTO.CustoUnitario*(1+$AH223),2)","v":659.14}]
["S",3,"S",0,{"$f":"IF($C224=1,OFFSET(E224,-1,0)+MAX(1,COUNTIF(QCI!$A$13:$A$24,OFFSET(ORÇAMENTO!E224,-1,0))),OFFSET(E224,-1,0))","v":1},9,4,0,5,0,{"$f":"IF(OR($C224=\"S\",$C224=0),0,MATCH(OFFSET($D224,0,$C224)+IF($C224<>1,1,COUNTIF(QCI!$A$13:$A$24,ORÇAMENTO!E224)),OFFSET($D224,1,$C224,ROW($C$237)-ROW($C224)),0))","v":0},"F","Serviço","Serviço","1.9.4.0.5.","SINAPI","100860",{"$f":"IF($C224=\"S\",REFERENCIA.Descricao,\"(digite a descrição aqui)\")","v":"CHUVEIRO ELÉTRICO COMUM CORPO PLÁSTICO, TIPO DUCHA - FORNECIMENTO E INSTALAÇÃO. AF_01/2020"},{"$f":"REFERENCIA.Unidade","v":"UN"},{"$f":"OFFSET(CÁLCULO!H$15,ROW($T224)-ROW(T$15),0)","v":5},99.64,"BDI 1",{"$f":"IF($C224=\"S\",ROUND(IF(TIPOORCAMENTO=\"Proposto\",ORÇAMENTO.CustoUnitario*(1+$AH224),ORÇAMENTO.PrecoUnitarioLicitado),15-13*$AF$10),0)","v":124.94},{"$f":"IF($C224=\"S\",IF(OR(Import.TipoArredondamento<>\"TransfereGOV\",ACOMPANHAMENTO=\"BM\"),VTOTAL1,SUM(OFFSET(CÁLCULO!$AQ$15,ROW($X224)-ROW($X$15),1):OFFSET(CÁLCULO!$BR$15,ROW($X224)-ROW($X$15),-1))),IF($C224=0,0,ROUND(SomaAgrup,15-13*$AF$11)))","v":624.70000000000005},"RA","RA",{"$f":"IF($C224=\"S\",IF($Z224=\"CP\",$X224,IF($Z224=\"RA\",(($X224)*QCI!$AA$3),0)),SomaAgrup)","v":9.126870945264125},{"$f":"IF($C224=\"S\",IF($Z224=\"OU\",ROUND($X224,2),0),SomaAgrup)","v":0},{"$f":"IF($N224=\"\",\" \",\nIF(AND($C224<>\"S\",OR($R224=\"\",$R224=\"(digite a descrição aqui)\")),\"DESCRIÇÃO\",\nIF(AND($C224=\"S\",OR($Q224<>\"\",$T224>0,$U224>0),$P224=\"\"),\"FONTE\",\nIF(AND($C224=\"S\",$P224<>\"\",OR($T224>0,$U224>0),$Q224=\"\"),\"CÓDIGO\",\nIF(AND($C224=\"S\",$P224<>\"\",$Q224<>\"\",$R224=\"(Código não identificado nas referências)\"),\"CÓDIGO N/ID\",\nIF(AND($C224=\"S\",OR($R224=\"\",$R224=\"(digite a descrição aqui)\"),OR($Q224<>\"\",$T224>0,$U224>0)),\"DESCRIÇÃO\",\nIF(AND($C224=\"S\",$P224<>\"\",$Q224<>\"\",$S224=\"\"),\"UNIDADE\",\nIF(AND($C224=\"S\",$P224<>\"\",$Q224<>\"\",$U224=0),\"SEM CUSTO\",\nIF(AND(TIPOORCAMENTO=\"Licitado\",$AL224=0,$AN224>0),\"SEM PREÇO\",\nIF(AND($C224=\"S\",$P224<>\"\",$Q224<>\"\",$U224>0,AND($V224<>\"BDI 1\",$V224<>\"BDI 2\",$V224<>\"BDI 3\")),IF(ISNUMBER($V224),\"JUSTIFICAR BDI\",\"BDI\"),\nIF(OR(AND(import.recurso=\"OGU\",TIPOORCAMENTO=\"Proposto\",LEFT($O$8,5)<>\"(N/D:\",$AG224<>\"\",ORÇAMENTO.CustoUnitario>$AG224),AND(TIPOORCAMENTO=\"LICITADO\",ORÇAMENTO.PrecoUnitarioLicitado>$AN224)),\"ACIMA REF.\",\nIF(AND($C224=\"S\",$P224<>\"\",$Q224<>\"\",$T224=0,$U224>0),\"QUANT.\",\nIF(AND(Import.TipoArredondamento=\"TransfereGOV\",$L224=\"F\",$C224=\"S\",LEN($Q224)>13),\"Código >13\",\nIF(AND(Import.TipoArredondamento=\"TransfereGOV\",$L224=\"F\",$C224<>\"S\",LEN($R224)>100),\"Descrição >100\",\nIF(AND(Import.TipoArredondamento=\"TransfereGOV\",$L224=\"F\",$C224=\"S\",LEN($R224)>500),\"Descrição >500\",\nIF(AND(Import.TipoArredondamento=\"TransfereGOV\",$L224=\"F\",$C224=\"S\",LEFT(TRIM(UPPER($P224)),6)<>\"SINAPI\",ISNA(VLOOKUP(TRIM(UPPER($S224)),ListaTgov.Unidades,1,FALSE))),\"Unid. Não Disp\",\n\" \"))))))))))))))))","v":" "},{"$f":"IF(C224<=CRONO.NivelExibicao,MAX($AD$15:OFFSET(AD224,-1,0))+IF($C224<>1,1,MAX(1,COUNTIF(QCI!$A$13:$A$24,OFFSET($E224,-1,0)))),\"\")","v":""},{"$f":"IF(AND($C224=\"S\",ORÇAMENTO.CodBarra<>\"\"),IF(ORÇAMENTO.Fonte=\"\",ORÇAMENTO.CodBarra,CONCATENATE(ORÇAMENTO.Fonte,\" \",ORÇAMENTO.CodBarra)))","v":"SINAPI 100860"},{"$f":"IF(ISERROR(ORÇAMENTO.BancoRef),\"(abra o arquivo 'Referência \"&Excel_BuiltIn_Database&\".xlsm)\",IF(OR($C224<>\"S\",ORÇAMENTO.CodBarra=\"\"),\"(Sem Código)\",IF(ISERROR(MATCH($AE224,INDIRECT(ORÇAMENTO.BancoRef),0)),\"(Código não identificado nas referências)\",MATCH($AE224,INDIRECT(ORÇAMENTO.BancoRef),0))))","v":13179},{"$f":"ROUND(IF(DESONERACAO=\"sim\",REFERENCIA.Desonerado,REFERENCIA.NaoDesonerado),2)","v":114.59},0.25390000000000001,null,null,null,null,624.70000000000005,{"$f":"ROUND(ORÇAMENTO.CustoUnitario*(1+$AH224),2)","v":124.94}]
["S",3,"S",0,{"$f":"IF($C225=1,OFFSET(E225,-1,0)+MAX(1,COUNTIF(QCI!$A$13:$A$24,OFFSET(ORÇAMENTO!E225,-1,0))),OFFSET(E225,-1,0))","v":1},9,4,0,6,0,{"$f":"IF(OR($C225=\"S\",$C225=0),0,MATCH(OFFSET($D225,0,$C225)+IF($C225<>1,1,COUNTIF(QCI!$A$13:$A$24,ORÇAMENTO!E225)),OFFSET($D225,1,$C225,ROW($C$237)-ROW($C225)),0))","v":0},"F","Serviço","Serviço","1.9.4.0.6.","SINAPI","95546",{"$f":"IF($C225=\"S\",REFERENCIA.Descricao,\"(digite a descrição aqui)\")","v":"KIT DE ACESSORIOS PARA BANHEIRO EM METAL CROMADO, 5 PECAS, INCLUSO FIXAÇÃO. AF_01/2020"},{"$f":"REFERENCIA.Unidade","v":"UN"},{"$f":"OFFSET(CÁLCULO!H$15,ROW($T225)-ROW(T$15),0)","v":5},261.91000000000003,"BDI 1",{"$f":"IF($C225=\"S\",ROUND(IF(TIPOORCAMENTO=\"Proposto\",ORÇAMENTO.CustoUnitario*(1+$AH225),ORÇAMENTO.PrecoUnitarioLicitado),15-13*$AF$10),0)","v":328.41},{"$f":"IF($C225=\"S\",IF(OR(Import.TipoArredondamento<>\"TransfereGOV\",ACOMPANHAMENTO=\"BM\"),VTOTAL1,SUM(OFFSET(CÁLCULO!$AQ$15,ROW($X225)-ROW($X$15),1):OFFSET(CÁLCULO!$BR$15,ROW($X225)-ROW($X$15),-1))),IF($C225=0,0,ROUND(SomaAgrup,15-13*$AF$11)))","v":1642.0500000000002},"RA","RA",{"$f":"IF($C225=\"S\",IF($Z225=\"CP\",$X225,IF($Z225=\"RA\",(($X225)*QCI!$AA$3),0)),SomaAgrup)","v":23.990360870291273},{"$f":"IF($C225=\"S\",IF($Z225=\"OU\",ROUND($X225,2),0),SomaAgrup)","v":0},{"$f":"IF($N225=\"\",\" \",\nIF(AND($C225<>\"S\",OR($R225=\"\",$R225=\"(digite a descrição aqui)\")),\"DESCRIÇÃO\",\nIF(AND($C225=\"S\",OR($Q225<>\"\",$T225>0,$U225>0),$P225=\"\"),\"FONTE\",\nIF(AND($C225=\"S\",$P225<>\"\",OR($T225>0,$U225>0),$Q225=\"\"),\"CÓDIGO\",\nIF(AND($C225=\"S\",$P225<>\"\",$Q225<>\"\",$R225=\"(Código não identificado nas referências)\"),\"CÓDIGO N/ID\",\nIF(AND($C225=\"S\",OR($R225=\"\",$R225=\"(digite a descrição aqui)\"),OR($Q225<>\"\",$T225>0,$U225>0)),\"DESCRIÇÃO\",\nIF(AND($C225=\"S\",$P225<>\"\",$Q225<>\"\",$S225=\"\"),\"UNIDADE\",\nIF(AND($C225=\"S\",$P225<>\"\",$Q225<>\"\",$U225=0),\"SEM CUSTO\",\nIF(AND(TIPOORCAMENTO=\"Licitado\",$AL225=0,$AN225>0),\"SEM PREÇO\",\nIF(AND($C225=\"S\",$P225<>\"\",$Q225<>\"\",$U225>0,AND($V225<>\"BDI 1\",$V225<>\"BDI 2\",$V225<>\"BDI 3\")),IF(ISNUMBER($V225),\"JUSTIFICAR BDI\",\"BDI\"),\nIF(OR(AND(import.recurso=\"OGU\",TIPOORCAMENTO=\"Proposto\",LEFT($O$8,5)<>\"(N/D:\",$AG225<>\"\",ORÇAMENTO.CustoUnitario>$AG225),AND(TIPOORCAMENTO=\"LICITADO\",ORÇAMENTO.PrecoUnitarioLicitado>$AN225)),\"ACIMA REF.\",\nIF(AND($C225=\"S\",$P225<>\"\",$Q225<>\"\",$T225=0,$U225>0),\"QUANT.\",\nIF(AND(Import.TipoArredondamento=\"TransfereGOV\",$L225=\"F\",$C225=\"S\",LEN($Q225)>13),\"Código >13\",\nIF(AND(Import.TipoArredondamento=\"TransfereGOV\",$L225=\"F\",$C225<>\"S\",LEN($R225)>100),\"Descrição >100\",\nIF(AND(Import.TipoArredondamento=\"TransfereGOV\",$L225=\"F\",$C225=\"S\",LEN($R225)>500),\"Descrição >500\",\nIF(AND(Import.TipoArredondamento=\"TransfereGOV\",$L225=\"F\",$C225=\"S\",LEFT(TRIM(UPPER($P225)),6)<>\"SINAPI\",ISNA(VLOOKUP(TRIM(UPPER($S225)),ListaTgov.Unidades,1,FALSE))),\"Unid. Não Disp\",\n\" \"))))))))))))))))","v":" "},{"$f":"IF(C225<=CRONO.NivelExibicao,MAX($AD$15:OFFSET(AD225,-1,0))+IF($C225<>1,1,MAX(1,COUNTIF(QCI!$A$13:$A$24,OFFSET($E225,-1,0)))),\"\")","v":""},{"$f":"IF(AND($C225=\"S\",ORÇAMENTO.CodBarra<>\"\"),IF(ORÇAMENTO.Fonte=\"\",ORÇAMENTO.CodBarra,CONCATENATE(ORÇAMENTO.Fonte,\" \",ORÇAMENTO.CodBarra)))","v":"SINAPI 95546"},{"$f":"IF(ISERROR(ORÇAMENTO.BancoRef),\"(abra o arquivo 'Referência \"&Excel_BuiltIn_Database&\".xlsm)\",IF(OR($C225<>\"S\",ORÇAMENTO.CodBarra=\"\"),\"(Sem Código)\",IF(ISERROR(MATCH($AE225,INDIRECT(ORÇAMENTO.BancoRef),0)),\"(Código não identificado nas referências)\",MATCH($AE225,INDIRECT(ORÇAMENTO.BancoRef),0))))","v":13191},{"$f":"ROUND(IF(DESONERACAO=\"sim\",REFERENCIA.Desonerado,REFERENCIA.NaoDesonerado),2)","v":301.2},0.25390000000000001,null,null,null,null,1642.0500000000002,{"$f":"ROUND(ORÇAMENTO.CustoUnitario*(1+$AH225),2)","v":328.41}]
[2,2,2,11,{"$f":"IF($C226=1,OFFSET(E226,-1,0)+MAX(1,COUNTIF(QCI!$A$13:$A$24,OFFSET(ORÇAMENTO!E226,-1,0))),OFFSET(E226,-1,0))","v":1},10,0,0,0,11,{"$f":"IF(OR($C226=\"S\",$C226=0),0,MATCH(OFFSET($D226,0,$C226)+IF($C226<>1,1,COUNTIF(QCI!$A$13:$A$24,ORÇAMENTO!E226)),OFFSET($D226,1,$C226,ROW($C$237)-ROW($C226)),0))","v":{"$error":"#N/A"}},"F","Nível 2","Nível 2","1.10.","","","COMPLEMENTAÇÕES",null,{"$f":"OFFSET(CÁLCULO!H$15,ROW($T226)-ROW(T$15),0)","v":0},0,"BDI 1",{"$f":"IF($C226=\"S\",ROUND(IF(TIPOORCAMENTO=\"Proposto\",ORÇAMENTO.CustoUnitario*(1+$AH226),ORÇAMENTO.PrecoUnitarioLicitado),15-13*$AF$10),0)","v":0},{"$f":"IF($C226=\"S\",IF(OR(Import.TipoArredondamento<>\"TransfereGOV\",ACOMPANHAMENTO=\"BM\"),VTOTAL1,SUM(OFFSET(CÁLCULO!$AQ$15,ROW($X226)-ROW($X$15),1):OFFSET(CÁLCULO!$BR$15,ROW($X226)-ROW($X$15),-1))),IF($C226=0,0,ROUND(SomaAgrup,15-13*$AF$11)))","v":3084.25},"RA","",{"$f":"IF($C226=\"S\",IF($Z226=\"CP\",$X226,IF($Z226=\"RA\",(($X226)*QCI!$AA$3),0)),SomaAgrup)","v":45.060911978439051},{"$f":"IF($C226=\"S\",IF($Z226=\"OU\",ROUND($X226,2),0),SomaAgrup)","v":0},{"$f":"IF($N226=\"\",\" \",\nIF(AND($C226<>\"S\",OR($R226=\"\",$R226=\"(digite a descrição aqui)\")),\"DESCRIÇÃO\",\nIF(AND($C226=\"S\",OR($Q226<>\"\",$T226>0,$U226>0),$P226=\"\"),\"FONTE\",\nIF(AND($C226=\"S\",$P226<>\"\",OR($T226>0,$U226>0),$Q226=\"\"),\"CÓDIGO\",\nIF(AND($C226=\"S\",$P226<>\"\",$Q226<>\"\",$R226=\"(Código não identificado nas referências)\"),\"CÓDIGO N/ID\",\nIF(AND($C226=\"S\",OR($R226=\"\",$R226=\"(digite a descrição aqui)\"),OR($Q226<>\"\",$T226>0,$U226>0)),\"DESCRIÇÃO\",\nIF(AND($C226=\"S\",$P226<>\"\",$Q226<>\"\",$S226=\"\"),\"UNIDADE\",\nIF(AND($C226=\"S\",$P226<>\"\",$Q226<>\"\",$U226=0),\"SEM CUSTO\",\nIF(AND(TIPOORCAMENTO=\"Licitado\",$AL226=0,$AN226>0),\"SEM PREÇO\",\nIF(AND($C226=\"S\",$P226<>\"\",$Q226<>\"\",$U226>0,AND($V226<>\"BDI 1\",$V226<>\"BDI 2\",$V226<>\"BDI 3\")),IF(ISNUMBER($V226),\"JUSTIFICAR BDI\",\"BDI\"),\nIF(OR(AND(import.recurso=\"OGU\",TIPOORCAMENTO=\"Proposto\",LEFT($O$8,5)<>\"(N/D:\",$AG226<>\"\",ORÇAMENTO.CustoUnitario>$AG226),AND(TIPOORCAMENTO=\"LICITADO\",ORÇAMENTO.PrecoUnitarioLicitado>$AN226)),\"ACIMA REF.\",\nIF(AND($C226=\"S\",$P226<>\"\",$Q226<>\"\",$T226=0,$U226>0),\"QUANT.\",\nIF(AND(Import.TipoArredondamento=\"TransfereGOV\",$L226=\"F\",$C226=\"S\",LEN($Q226)>13),\"Código >13\",\nIF(AND(Import.TipoArredondamento=\"TransfereGOV\",$L226=\"F\",$C226<>\"S\",LEN($R226)>100),\"Descrição >100\",\nIF(AND(Import.TipoArredondamento=\"TransfereGOV\",$L226=\"F\",$C226=\"S\",LEN($R226)>500),\"Descrição >500\",\nIF(AND(Import.TipoArredondamento=\"TransfereGOV\",$L226=\"F\",$C226=\"S\",LEFT(TRIM(UPPER($P226)),6)<>\"SINAPI\",ISNA(VLOOKUP(TRIM(UPPER($S226)),ListaTgov.Unidades,1,FALSE))),\"Unid. Não Disp\",\n\" \"))))))))))))))))","v":" "},{"$f":"IF(C226<=CRONO.NivelExibicao,MAX($AD$15:OFFSET(AD226,-1,0))+IF($C226<>1,1,MAX(1,COUNTIF(QCI!$A$13:$A$24,OFFSET($E226,-1,0)))),\"\")","v":11},{"$f":"IF(AND($C226=\"S\",ORÇAMENTO.CodBarra<>\"\"),IF(ORÇAMENTO.Fonte=\"\",ORÇAMENTO.CodBarra,CONCATENATE(ORÇAMENTO.Fonte,\" \",ORÇAMENTO.CodBarra)))","v":false},{"$f":"IF(ISERROR(ORÇAMENTO.BancoRef),\"(abra o arquivo 'Referência \"&Excel_BuiltIn_Database&\".xlsm)\",IF(OR($C226<>\"S\",ORÇAMENTO.CodBarra=\"\"),\"(Sem Código)\",IF(ISERROR(MATCH($AE226,INDIRECT(ORÇAMENTO.BancoRef),0)),\"(Código não identificado nas referências)\",MATCH($AE226,INDIRECT(ORÇAMENTO.BancoRef),0))))","v":"(Sem Código)"},{"$f":"ROUND(IF(DESONERACAO=\"sim\",REFERENCIA.Desonerado,REFERENCIA.NaoDesonerado),2)","v":0},0.25390000000000001,null,null,null,null,3084.25,{"$f":"ROUND(ORÇAMENTO.CustoUnitario*(1+$AH226),2)","v":0}]
[3,3,3,10,{"$f":"IF($C227=1,OFFSET(E227,-1,0)+MAX(1,COUNTIF(QCI!$A$13:$A$24,OFFSET(ORÇAMENTO!E227,-1,0))),OFFSET(E227,-1,0))","v":1},10,1,0,0,10,{"$f":"IF(OR($C227=\"S\",$C227=0),0,MATCH(OFFSET($D227,0,$C227)+IF($C227<>1,1,COUNTIF(QCI!$A$13:$A$24,ORÇAMENTO!E227)),OFFSET($D227,1,$C227,ROW($C$237)-ROW($C227)),0))","v":{"$error":"#N/A"}},"F","Nível 3","Nível 3","1.10.1.","","","CALAFETE / LIMPEZA",null,{"$f":"OFFSET(CÁLCULO!H$15,ROW($T227)-ROW(T$15),0)","v":0},0,"BDI 1",{"$f":"IF($C227=\"S\",ROUND(IF(TIPOORCAMENTO=\"Proposto\",ORÇAMENTO.CustoUnitario*(1+$AH227),ORÇAMENTO.PrecoUnitarioLicitado),15-13*$AF$10),0)","v":0},{"$f":"IF($C227=\"S\",IF(OR(Import.TipoArredondamento<>\"TransfereGOV\",ACOMPANHAMENTO=\"BM\"),VTOTAL1,SUM(OFFSET(CÁLCULO!$AQ$15,ROW($X227)-ROW($X$15),1):OFFSET(CÁLCULO!$BR$15,ROW($X227)-ROW($X$15),-1))),IF($C227=0,0,ROUND(SomaAgrup,15-13*$AF$11)))","v":3084.25},"RA","",{"$f":"IF($C227=\"S\",IF($Z227=\"CP\",$X227,IF($Z227=\"RA\",(($X227)*QCI!$AA$3),0)),SomaAgrup)","v":45.060911978439051},{"$f":"IF($C227=\"S\",IF($Z227=\"OU\",ROUND($X227,2),0),SomaAgrup)","v":0},{"$f":"IF($N227=\"\",\" \",\nIF(AND($C227<>\"S\",OR($R227=\"\",$R227=\"(digite a descrição aqui)\")),\"DESCRIÇÃO\",\nIF(AND($C227=\"S\",OR($Q227<>\"\",$T227>0,$U227>0),$P227=\"\"),\"FONTE\",\nIF(AND($C227=\"S\",$P227<>\"\",OR($T227>0,$U227>0),$Q227=\"\"),\"CÓDIGO\",\nIF(AND($C227=\"S\",$P227<>\"\",$Q227<>\"\",$R227=\"(Código não identificado nas referências)\"),\"CÓDIGO N/ID\",\nIF(AND($C227=\"S\",OR($R227=\"\",$R227=\"(digite a descrição aqui)\"),OR($Q227<>\"\",$T227>0,$U227>0)),\"DESCRIÇÃO\",\nIF(AND($C227=\"S\",$P227<>\"\",$Q227<>\"\",$S227=\"\"),\"UNIDADE\",\nIF(AND($C227=\"S\",$P227<>\"\",$Q227<>\"\",$U227=0),\"SEM CUSTO\",\nIF(AND(TIPOORCAMENTO=\"Licitado\",$AL227=0,$AN227>0),\"SEM PREÇO\",\nIF(AND($C227=\"S\",$P227<>\"\",$Q227<>\"\",$U227>0,AND($V227<>\"BDI 1\",$V227<>\"BDI 2\",$V227<>\"BDI 3\")),IF(ISNUMBER($V227),\"JUSTIFICAR BDI\",\"BDI\"),\nIF(OR(AND(import.recurso=\"OGU\",TIPOORCAMENTO=\"Proposto\",LEFT($O$8,5)<>\"(N/D:\",$AG227<>\"\",ORÇAMENTO.CustoUnitario>$AG227),AND(TIPOORCAMENTO=\"LICITADO\",ORÇAMENTO.PrecoUnitarioLicitado>$AN227)),\"ACIMA REF.\",\nIF(AND($C227=\"S\",$P227<>\"\",$Q227<>\"\",$T227=0,$U227>0),\"QUANT.\",\nIF(AND(Import.TipoArredondamento=\"TransfereGOV\",$L227=\"F\",$C227=\"S\",LEN($Q227)>13),\"Código >13\",\nIF(AND(Import.TipoArredondamento=\"TransfereGOV\",$L227=\"F\",$C227<>\"S\",LEN($R227)>100),\"Descrição >100\",\nIF(AND(Import.TipoArredondamento=\"TransfereGOV\",$L227=\"F\",$C227=\"S\",LEN($R227)>500),\"Descrição >500\",\nIF(AND(Import.TipoArredondamento=\"TransfereGOV\",$L227=\"F\",$C227=\"S\",LEFT(TRIM(UPPER($P227)),6)<>\"SINAPI\",ISNA(VLOOKUP(TRIM(UPPER($S227)),ListaTgov.Unidades,1,FALSE))),\"Unid. Não Disp\",\n\" \"))))))))))))))))","v":" "},{"$f":"IF(C227<=CRONO.NivelExibicao,MAX($AD$15:OFFSET(AD227,-1,0))+IF($C227<>1,1,MAX(1,COUNTIF(QCI!$A$13:$A$24,OFFSET($E227,-1,0)))),\"\")","v":""},{"$f":"IF(AND($C227=\"S\",ORÇAMENTO.CodBarra<>\"\"),IF(ORÇAMENTO.Fonte=\"\",ORÇAMENTO.CodBarra,CONCATENATE(ORÇAMENTO.Fonte,\" \",ORÇAMENTO.CodBarra)))","v":false},{"$f":"IF(ISERROR(ORÇAMENTO.BancoRef),\"(abra o arquivo 'Referência \"&Excel_BuiltIn_Database&\".xlsm)\",IF(OR($C227<>\"S\",ORÇAMENTO.CodBarra=\"\"),\"(Sem Código)\",IF(ISERROR(MATCH($AE227,INDIRECT(ORÇAMENTO.BancoRef),0)),\"(Código não identificado nas referências)\",MATCH($AE227,INDIRECT(ORÇAMENTO.BancoRef),0))))","v":"(Sem Código)"},{"$f":"ROUND(IF(DESONERACAO=\"sim\",REFERENCIA.Desonerado,REFERENCIA.NaoDesonerado),2)","v":0},0.25390000000000001,null,null,null,null,3084.25,{"$f":"ROUND(ORÇAMENTO.CustoUnitario*(1+$AH227),2)","v":0}]
["S",3,"S",0,{"$f":"IF($C228=1,OFFSET(E228,-1,0)+MAX(1,COUNTIF(QCI!$A$13:$A$24,OFFSET(ORÇAMENTO!E228,-1,0))),OFFSET(E228,-1,0))","v":1},10,1,0,1,0,{"$f":"IF(OR($C228=\"S\",$C228=0),0,MATCH(OFFSET($D228,0,$C228)+IF($C228<>1,1,COUNTIF(QCI!$A$13:$A$24,ORÇAMENTO!E228)),OFFSET($D228,1,$C228,ROW($C$237)-ROW($C228)),0))","v":0},"F","Serviço","Serviço","1.10.1.0.1.","SINAPI","99818",{"$f":"IF($C228=\"S\",REFERENCIA.Descricao,\"(digite a descrição aqui)\")","v":"LIMPEZA DE BACIA SANITÁRIA, BIDÊ OU MICTÓRIO EM LOUÇA, INCLUSIVE METAIS CORRESPONDENTES. AF_04/2019"},{"$f":"REFERENCIA.Unidade","v":"UN"},{"$f":"OFFSET(CÁLCULO!H$15,ROW($T228)-ROW(T$15),0)","v":5},5.45,"BDI 1",{"$f":"IF($C228=\"S\",ROUND(IF(TIPOORCAMENTO=\"Proposto\",ORÇAMENTO.CustoUnitario*(1+$AH228),ORÇAMENTO.PrecoUnitarioLicitado),15-13*$AF$10),0)","v":6.83},{"$f":"IF($C228=\"S\",IF(OR(Import.TipoArredondamento<>\"TransfereGOV\",ACOMPANHAMENTO=\"BM\"),VTOTAL1,SUM(OFFSET(CÁLCULO!$AQ$15,ROW($X228)-ROW($X$15),1):OFFSET(CÁLCULO!$BR$15,ROW($X228)-ROW($X$15),-1))),IF($C228=0,0,ROUND(SomaAgrup,15-13*$AF$11)))","v":34.15},"RA","RA",{"$f":"IF($C228=\"S\",IF($Z228=\"CP\",$X228,IF($Z228=\"RA\",(($X228)*QCI!$AA$3),0)),SomaAgrup)","v":0.49893171567275468},{"$f":"IF($C228=\"S\",IF($Z228=\"OU\",ROUND($X228,2),0),SomaAgrup)","v":0},{"$f":"IF($N228=\"\",\" \",\nIF(AND($C228<>\"S\",OR($R228=\"\",$R228=\"(digite a descrição aqui)\")),\"DESCRIÇÃO\",\nIF(AND($C228=\"S\",OR($Q228<>\"\",$T228>0,$U228>0),$P228=\"\"),\"FONTE\",\nIF(AND($C228=\"S\",$P228<>\"\",OR($T228>0,$U228>0),$Q228=\"\"),\"CÓDIGO\",\nIF(AND($C228=\"S\",$P228<>\"\",$Q228<>\"\",$R228=\"(Código não identificado nas referências)\"),\"CÓDIGO N/ID\",\nIF(AND($C228=\"S\",OR($R228=\"\",$R228=\"(digite a descrição aqui)\"),OR($Q228<>\"\",$T228>0,$U228>0)),\"DESCRIÇÃO\",\nIF(AND($C228=\"S\",$P228<>\"\",$Q228<>\"\",$S228=\"\"),\"UNIDADE\",\nIF(AND($C228=\"S\",$P228<>\"\",$Q228<>\"\",$U228=0),\"SEM CUSTO\",\nIF(AND(TIPOORCAMENTO=\"Licitado\",$AL228=0,$AN228>0),\"SEM PREÇO\",\nIF(AND($C228=\"S\",$P228<>\"\",$Q228<>\"\",$U228>0,AND($V228<>\"BDI 1\",$V228<>\"BDI 2\",$V228<>\"BDI 3\")),IF(ISNUMBER($V228),\"JUSTIFICAR BDI\",\"BDI\"),\nIF(OR(AND(import.recurso=\"OGU\",TIPOORCAMENTO=\"Proposto\",LEFT($O$8,5)<>\"(N/D:\",$AG228<>\"\",ORÇAMENTO.CustoUnitario>$AG228),AND(TIPOORCAMENTO=\"LICITADO\",ORÇAMENTO.PrecoUnitarioLicitado>$AN228)),\"ACIMA REF.\",\nIF(AND($C228=\"S\",$P228<>\"\",$Q228<>\"\",$T228=0,$U228>0),\"QUANT.\",\nIF(AND(Import.TipoArredondamento=\"TransfereGOV\",$L228=\"F\",$C228=\"S\",LEN($Q228)>13),\"Código >13\",\nIF(AND(Import.TipoArredondamento=\"TransfereGOV\",$L228=\"F\",$C228<>\"S\",LEN($R228)>100),\"Descrição >100\",\nIF(AND(Import.TipoArredondamento=\"TransfereGOV\",$L228=\"F\",$C228=\"S\",LEN($R228)>500),\"Descrição >500\",\nIF(AND(Import.TipoArredondamento=\"TransfereGOV\",$L228=\"F\",$C228=\"S\",LEFT(TRIM(UPPER($P228)),6)<>\"SINAPI\",ISNA(VLOOKUP(TRIM(UPPER($S228)),ListaTgov.Unidades,1,FALSE))),\"Unid. Não Disp\",\n\" \"))))))))))))))))","v":" "},{"$f":"IF(C228<=CRONO.NivelExibicao,MAX($AD$15:OFFSET(AD228,-1,0))+IF($C228<>1,1,MAX(1,COUNTIF(QCI!$A$13:$A$24,OFFSET($E228,-1,0)))),\"\")","v":""},{"$f":"IF(AND($C228=\"S\",ORÇAMENTO.CodBarra<>\"\"),IF(ORÇAMENTO.Fonte=\"\",ORÇAMENTO.CodBarra,CONCATENATE(ORÇAMENTO.Fonte,\" \",ORÇAMENTO.CodBarra)))","v":"SINAPI 99818"},{"$f":"IF(ISERROR(ORÇAMENTO.BancoRef),\"(abra o arquivo 'Referência \"&Excel_BuiltIn_Database&\".xlsm)\",IF(OR($C228<>\"S\",ORÇAMENTO.CodBarra=\"\"),\"(Sem Código)\",IF(ISERROR(MATCH($AE228,INDIRECT(ORÇAMENTO.BancoRef),0)),\"(Código não identificado nas referências)\",MATCH($AE228,INDIRECT(ORÇAMENTO.BancoRef),0))))","v":12735},{"$f":"ROUND(IF(DESONERACAO=\"sim\",REFERENCIA.Desonerado,REFERENCIA.NaoDesonerado),2)","v":6.27},0.25390000000000001,null,null,null,null,34.15,{"$f":"ROUND(ORÇAMENTO.CustoUnitario*(1+$AH228),2)","v":6.83}]
["S",3,"S",0,{"$f":"IF($C229=1,OFFSET(E229,-1,0)+MAX(1,COUNTIF(QCI!$A$13:$A$24,OFFSET(ORÇAMENTO!E229,-1,0))),OFFSET(E229,-1,0))","v":1},10,1,0,2,0,{"$f":"IF(OR($C229=\"S\",$C229=0),0,MATCH(OFFSET($D229,0,$C229)+IF($C229<>1,1,COUNTIF(QCI!$A$13:$A$24,ORÇAMENTO!E229)),OFFSET($D229,1,$C229,ROW($C$237)-ROW($C229)),0))","v":0},"F","Serviço","Serviço","1.10.1.0.2.","SINAPI","99819",{"$f":"IF($C229=\"S\",REFERENCIA.Descricao,\"(digite a descrição aqui)\")","v":"LIMPEZA DE BANCADA DE PEDRA (MÁRMORE OU GRANITO). AF_04/2019"},{"$f":"REFERENCIA.Unidade","v":"M2"},{"$f":"OFFSET(CÁLCULO!H$15,ROW($T229)-ROW(T$15),0)","v":3.5999999999999996},18.16,"BDI 1",{"$f":"IF($C229=\"S\",ROUND(IF(TIPOORCAMENTO=\"Proposto\",ORÇAMENTO.CustoUnitario*(1+$AH229),ORÇAMENTO.PrecoUnitarioLicitado),15-13*$AF$10),0)","v":22.77},{"$f":"IF($C229=\"S\",IF(OR(Import.TipoArredondamento<>\"TransfereGOV\",ACOMPANHAMENTO=\"BM\"),VTOTAL1,SUM(OFFSET(CÁLCULO!$AQ$15,ROW($X229)-ROW($X$15),1):OFFSET(CÁLCULO!$BR$15,ROW($X229)-ROW($X$15),-1))),IF($C229=0,0,ROUND(SomaAgrup,15-13*$AF$11)))","v":81.95},"RA","RA",{"$f":"IF($C229=\"S\",IF($Z229=\"CP\",$X229,IF($Z229=\"RA\",(($X229)*QCI!$AA$3),0)),SomaAgrup)","v":1.1972900175514567},{"$f":"IF($C229=\"S\",IF($Z229=\"OU\",ROUND($X229,2),0),SomaAgrup)","v":0},{"$f":"IF($N229=\"\",\" \",\nIF(AND($C229<>\"S\",OR($R229=\"\",$R229=\"(digite a descrição aqui)\")),\"DESCRIÇÃO\",\nIF(AND($C229=\"S\",OR($Q229<>\"\",$T229>0,$U229>0),$P229=\"\"),\"FONTE\",\nIF(AND($C229=\"S\",$P229<>\"\",OR($T229>0,$U229>0),$Q229=\"\"),\"CÓDIGO\",\nIF(AND($C229=\"S\",$P229<>\"\",$Q229<>\"\",$R229=\"(Código não identificado nas referências)\"),\"CÓDIGO N/ID\",\nIF(AND($C229=\"S\",OR($R229=\"\",$R229=\"(digite a descrição aqui)\"),OR($Q229<>\"\",$T229>0,$U229>0)),\"DESCRIÇÃO\",\nIF(AND($C229=\"S\",$P229<>\"\",$Q229<>\"\",$S229=\"\"),\"UNIDADE\",\nIF(AND($C229=\"S\",$P229<>\"\",$Q229<>\"\",$U229=0),\"SEM CUSTO\",\nIF(AND(TIPOORCAMENTO=\"Licitado\",$AL229=0,$AN229>0),\"SEM PREÇO\",\nIF(AND($C229=\"S\",$P229<>\"\",$Q229<>\"\",$U229>0,AND($V229<>\"BDI 1\",$V229<>\"BDI 2\",$V229<>\"BDI 3\")),IF(ISNUMBER($V229),\"JUSTIFICAR BDI\",\"BDI\"),\nIF(OR(AND(import.recurso=\"OGU\",TIPOORCAMENTO=\"Proposto\",LEFT($O$8,5)<>\"(N/D:\",$AG229<>\"\",ORÇAMENTO.CustoUnitario>$AG229),AND(TIPOORCAMENTO=\"LICITADO\",ORÇAMENTO.PrecoUnitarioLicitado>$AN229)),\"ACIMA REF.\",\nIF(AND($C229=\"S\",$P229<>\"\",$Q229<>\"\",$T229=0,$U229>0),\"QUANT.\",\nIF(AND(Import.TipoArredondamento=\"TransfereGOV\",$L229=\"F\",$C229=\"S\",LEN($Q229)>13),\"Código >13\",\nIF(AND(Import.TipoArredondamento=\"TransfereGOV\",$L229=\"F\",$C229<>\"S\",LEN($R229)>100),\"Descrição >100\",\nIF(AND(Import.TipoArredondamento=\"TransfereGOV\",$L229=\"F\",$C229=\"S\",LEN($R229)>500),\"Descrição >500\",\nIF(AND(Import.TipoArredondamento=\"TransfereGOV\",$L229=\"F\",$C229=\"S\",LEFT(TRIM(UPPER($P229)),6)<>\"SINAPI\",ISNA(VLOOKUP(TRIM(UPPER($S229)),ListaTgov.Unidades,1,FALSE))),\"Unid. Não Disp\",\n\" \"))))))))))))))))","v":" "},{"$f":"IF(C229<=CRONO.NivelExibicao,MAX($AD$15:OFFSET(AD229,-1,0))+IF($C229<>1,1,MAX(1,COUNTIF(QCI!$A$13:$A$24,OFFSET($E229,-1,0)))),\"\")","v":""},{"$f":"IF(AND($C229=\"S\",ORÇAMENTO.CodBarra<>\"\"),IF(ORÇAMENTO.Fonte=\"\",ORÇAMENTO.CodBarra,CONCATENATE(ORÇAMENTO.Fonte,\" \",ORÇAMENTO.CodBarra)))","v":"SINAPI 99819"},{"$f":"IF(ISERROR(ORÇAMENTO.BancoRef),\"(abra o arquivo 'Referência \"&Excel_BuiltIn_Database&\".xlsm)\",IF(OR($C229<>\"S\",ORÇAMENTO.CodBarra=\"\"),\"(Sem Código)\",IF(ISERROR(MATCH($AE229,INDIRECT(ORÇAMENTO.BancoRef),0)),\"(Código não identificado nas referências)\",MATCH($AE229,INDIRECT(ORÇAMENTO.BancoRef),0))))","v":12736},{"$f":"ROUND(IF(DESONERACAO=\"sim\",REFERENCIA.Desonerado,REFERENCIA.NaoDesonerado),2)","v":20.89},0.25390000000000001,null,null,null,null,81.95,{"$f":"ROUND(ORÇAMENTO.CustoUnitario*(1+$AH229),2)","v":22.77}]
["S",3,"S",0,{"$f":"IF($C230=1,OFFSET(E230,-1,0)+MAX(1,COUNTIF(QCI!$A$13:$A$24,OFFSET(ORÇAMENTO!E230,-1,0))),OFFSET(E230,-1,0))","v":1},10,1,0,3,0,{"$f":"IF(OR($C230=\"S\",$C230=0),0,MATCH(OFFSET($D230,0,$C230)+IF($C230<>1,1,COUNTIF(QCI!$A$13:$A$24,ORÇAMENTO!E230)),OFFSET($D230,1,$C230,ROW($C$237)-ROW($C230)),0))","v":0},"F","Serviço","Serviço","1.10.1.0.3.","SINAPI","99811",{"$f":"IF($C230=\"S\",REFERENCIA.Descricao,\"(digite a descrição aqui)\")","v":"LIMPEZA DE CONTRAPISO COM VASSOURA A SECO. AF_04/2019"},{"$f":"REFERENCIA.Unidade","v":"M2"},{"$f":"OFFSET(CÁLCULO!H$15,ROW($T230)-ROW(T$15),0)","v":80.75},3.81,"BDI 1",{"$f":"IF($C230=\"S\",ROUND(IF(TIPOORCAMENTO=\"Proposto\",ORÇAMENTO.CustoUnitario*(1+$AH230),ORÇAMENTO.PrecoUnitarioLicitado),15-13*$AF$10),0)","v":4.78},{"$f":"IF($C230=\"S\",IF(OR(Import.TipoArredondamento<>\"TransfereGOV\",ACOMPANHAMENTO=\"BM\"),VTOTAL1,SUM(OFFSET(CÁLCULO!$AQ$15,ROW($X230)-ROW($X$15),1):OFFSET(CÁLCULO!$BR$15,ROW($X230)-ROW($X$15),-1))),IF($C230=0,0,ROUND(SomaAgrup,15-13*$AF$11)))","v":386},"RA","RA",{"$f":"IF($C230=\"S\",IF($Z230=\"CP\",$X230,IF($Z230=\"RA\",(($X230)*QCI!$AA$3),0)),SomaAgrup)","v":5.6394624377652507},{"$f":"IF($C230=\"S\",IF($Z230=\"OU\",ROUND($X230,2),0),SomaAgrup)","v":0},{"$f":"IF($N230=\"\",\" \",\nIF(AND($C230<>\"S\",OR($R230=\"\",$R230=\"(digite a descrição aqui)\")),\"DESCRIÇÃO\",\nIF(AND($C230=\"S\",OR($Q230<>\"\",$T230>0,$U230>0),$P230=\"\"),\"FONTE\",\nIF(AND($C230=\"S\",$P230<>\"\",OR($T230>0,$U230>0),$Q230=\"\"),\"CÓDIGO\",\nIF(AND($C230=\"S\",$P230<>\"\",$Q230<>\"\",$R230=\"(Código não identificado nas referências)\"),\"CÓDIGO N/ID\",\nIF(AND($C230=\"S\",OR($R230=\"\",$R230=\"(digite a descrição aqui)\"),OR($Q230<>\"\",$T230>0,$U230>0)),\"DESCRIÇÃO\",\nIF(AND($C230=\"S\",$P230<>\"\",$Q230<>\"\",$S230=\"\"),\"UNIDADE\",\nIF(AND($C230=\"S\",$P230<>\"\",$Q230<>\"\",$U230=0),\"SEM CUSTO\",\nIF(AND(TIPOORCAMENTO=\"Licitado\",$AL230=0,$AN230>0),\"SEM PREÇO\",\nIF(AND($C230=\"S\",$P230<>\"\",$Q230<>\"\",$U230>0,AND($V230<>\"BDI 1\",$V230<>\"BDI 2\",$V230<>\"BDI 3\")),IF(ISNUMBER($V230),\"JUSTIFICAR BDI\",\"BDI\"),\nIF(OR(AND(import.recurso=\"OGU\",TIPOORCAMENTO=\"Proposto\",LEFT($O$8,5)<>\"(N/D:\",$AG230<>\"\",ORÇAMENTO.CustoUnitario>$AG230),AND(TIPOORCAMENTO=\"LICITADO\",ORÇAMENTO.PrecoUnitarioLicitado>$AN230)),\"ACIMA REF.\",\nIF(AND($C230=\"S\",$P230<>\"\",$Q230<>\"\",$T230=0,$U230>0),\"QUANT.\",\nIF(AND(Import.TipoArredondamento=\"TransfereGOV\",$L230=\"F\",$C230=\"S\",LEN($Q230)>13),\"Código >13\",\nIF(AND(Import.TipoArredondamento=\"TransfereGOV\",$L230=\"F\",$C230<>\"S\",LEN($R230)>100),\"Descrição >100\",\nIF(AND(Import.TipoArredondamento=\"TransfereGOV\",$L230=\"F\",$C230=\"S\",LEN($R230)>500),\"Descrição >500\",\nIF(AND(Import.TipoArredondamento=\"TransfereGOV\",$L230=\"F\",$C230=\"S\",LEFT(TRIM(UPPER($P230)),6)<>\"SINAPI\",ISNA(VLOOKUP(TRIM(UPPER($S230)),ListaTgov.Unidades,1,FALSE))),\"Unid. Não Disp\",\n\" \"))))))))))))))))","v":" "},{"$f":"IF(C230<=CRONO.NivelExibicao,MAX($AD$15:OFFSET(AD230,-1,0))+IF($C230<>1,1,MAX(1,COUNTIF(QCI!$A$13:$A$24,OFFSET($E230,-1,0)))),\"\")","v":""},{"$f":"IF(AND($C230=\"S\",ORÇAMENTO.CodBarra<>\"\"),IF(ORÇAMENTO.Fonte=\"\",ORÇAMENTO.CodBarra,CONCATENATE(ORÇAMENTO.Fonte,\" \",ORÇAMENTO.CodBarra)))","v":"SINAPI 99811"},{"$f":"IF(ISERROR(ORÇAMENTO.BancoRef),\"(abra o arquivo 'Referência \"&Excel_BuiltIn_Database&\".xlsm)\",IF(OR($C230<>\"S\",ORÇAMENTO.CodBarra=\"\"),\"(Sem Código)\",IF(ISERROR(MATCH($AE230,INDIRECT(ORÇAMENTO.BancoRef),0)),\"(Código não identificado nas referências)\",MATCH($AE230,INDIRECT(ORÇAMENTO.BancoRef),0))))","v":12737},{"$f":"ROUND(IF(DESONERACAO=\"sim\",REFERENCIA.Desonerado,REFERENCIA.NaoDesonerado),2)","v":4.3899999999999997},0.25390000000000001,null,null,null,null,386,{"$f":"ROUND(ORÇAMENTO.CustoUnitario*(1+$AH230),2)","v":4.78}]
["S",3,"S",0,{"$f":"IF($C231=1,OFFSET(E231,-1,0)+MAX(1,COUNTIF(QCI!$A$13:$A$24,OFFSET(ORÇAMENTO!E231,-1,0))),OFFSET(E231,-1,0))","v":1},10,1,0,4,0,{"$f":"IF(OR($C231=\"S\",$C231=0),0,MATCH(OFFSET($D231,0,$C231)+IF($C231<>1,1,COUNTIF(QCI!$A$13:$A$24,ORÇAMENTO!E231)),OFFSET($D231,1,$C231,ROW($C$237)-ROW($C231)),0))","v":0},"F","Serviço","Serviço","1.10.1.0.4.","SINAPI","99826",{"$f":"IF($C231=\"S\",REFERENCIA.Descricao,\"(digite a descrição aqui)\")","v":"LIMPEZA DE FORRO REMOVÍVEL COM PANO ÚMIDO. AF_04/2019"},{"$f":"REFERENCIA.Unidade","v":"M2"},{"$f":"OFFSET(CÁLCULO!H$15,ROW($T231)-ROW(T$15),0)","v":179.5},1.66,"BDI 1",{"$f":"IF($C231=\"S\",ROUND(IF(TIPOORCAMENTO=\"Proposto\",ORÇAMENTO.CustoUnitario*(1+$AH231),ORÇAMENTO.PrecoUnitarioLicitado),15-13*$AF$10),0)","v":2.08},{"$f":"IF($C231=\"S\",IF(OR(Import.TipoArredondamento<>\"TransfereGOV\",ACOMPANHAMENTO=\"BM\"),VTOTAL1,SUM(OFFSET(CÁLCULO!$AQ$15,ROW($X231)-ROW($X$15),1):OFFSET(CÁLCULO!$BR$15,ROW($X231)-ROW($X$15),-1))),IF($C231=0,0,ROUND(SomaAgrup,15-13*$AF$11)))","v":373.35},"RA","RA",{"$f":"IF($C231=\"S\",IF($Z231=\"CP\",$X231,IF($Z231=\"RA\",(($X231)*QCI!$AA$3),0)),SomaAgrup)","v":5.4546458578747572},{"$f":"IF($C231=\"S\",IF($Z231=\"OU\",ROUND($X231,2),0),SomaAgrup)","v":0},{"$f":"IF($N231=\"\",\" \",\nIF(AND($C231<>\"S\",OR($R231=\"\",$R231=\"(digite a descrição aqui)\")),\"DESCRIÇÃO\",\nIF(AND($C231=\"S\",OR($Q231<>\"\",$T231>0,$U231>0),$P231=\"\"),\"FONTE\",\nIF(AND($C231=\"S\",$P231<>\"\",OR($T231>0,$U231>0),$Q231=\"\"),\"CÓDIGO\",\nIF(AND($C231=\"S\",$P231<>\"\",$Q231<>\"\",$R231=\"(Código não identificado nas referências)\"),\"CÓDIGO N/ID\",\nIF(AND($C231=\"S\",OR($R231=\"\",$R231=\"(digite a descrição aqui)\"),OR($Q231<>\"\",$T231>0,$U231>0)),\"DESCRIÇÃO\",\nIF(AND($C231=\"S\",$P231<>\"\",$Q231<>\"\",$S231=\"\"),\"UNIDADE\",\nIF(AND($C231=\"S\",$P231<>\"\",$Q231<>\"\",$U231=0),\"SEM CUSTO\",\nIF(AND(TIPOORCAMENTO=\"Licitado\",$AL231=0,$AN231>0),\"SEM PREÇO\",\nIF(AND($C231=\"S\",$P231<>\"\",$Q231<>\"\",$U231>0,AND($V231<>\"BDI 1\",$V231<>\"BDI 2\",$V231<>\"BDI 3\")),IF(ISNUMBER($V231),\"JUSTIFICAR BDI\",\"BDI\"),\nIF(OR(AND(import.recurso=\"OGU\",TIPOORCAMENTO=\"Proposto\",LEFT($O$8,5)<>\"(N/D:\",$AG231<>\"\",ORÇAMENTO.CustoUnitario>$AG231),AND(TIPOORCAMENTO=\"LICITADO\",ORÇAMENTO.PrecoUnitarioLicitado>$AN231)),\"ACIMA REF.\",\nIF(AND($C231=\"S\",$P231<>\"\",$Q231<>\"\",$T231=0,$U231>0),\"QUANT.\",\nIF(AND(Import.TipoArredondamento=\"TransfereGOV\",$L231=\"F\",$C231=\"S\",LEN($Q231)>13),\"Código >13\",\nIF(AND(Import.TipoArredondamento=\"TransfereGOV\",$L231=\"F\",$C231<>\"S\",LEN($R231)>100),\"Descrição >100\",\nIF(AND(Import.TipoArredondamento=\"TransfereGOV\",$L231=\"F\",$C231=\"S\",LEN($R231)>500),\"Descrição >500\",\nIF(AND(Import.TipoArredondamento=\"TransfereGOV\",$L231=\"F\",$C231=\"S\",LEFT(TRIM(UPPER($P231)),6)<>\"SINAPI\",ISNA(VLOOKUP(TRIM(UPPER($S231)),ListaTgov.Unidades,1,FALSE))),\"Unid. Não Disp\",\n\" \"))))))))))))))))","v":" "},{"$f":"IF(C231<=CRONO.NivelExibicao,MAX($AD$15:OFFSET(AD231,-1,0))+IF($C231<>1,1,MAX(1,COUNTIF(QCI!$A$13:$A$24,OFFSET($E231,-1,0)))),\"\")","v":""},{"$f":"IF(AND($C231=\"S\",ORÇAMENTO.CodBarra<>\"\"),IF(ORÇAMENTO.Fonte=\"\",ORÇAMENTO.CodBarra,CONCATENATE(ORÇAMENTO.Fonte,\" \",ORÇAMENTO.CodBarra)))","v":"SINAPI 99826"},{"$f":"IF(ISERROR(ORÇAMENTO.BancoRef),\"(abra o arquivo 'Referência \"&Excel_BuiltIn_Database&\".xlsm)\",IF(OR($C231<>\"S\",ORÇAMENTO.CodBarra=\"\"),\"(Sem Código)\",IF(ISERROR(MATCH($AE231,INDIRECT(ORÇAMENTO.BancoRef),0)),\"(Código não identificado nas referências)\",MATCH($AE231,INDIRECT(ORÇAMENTO.BancoRef),0))))","v":12738},{"$f":"ROUND(IF(DESONERACAO=\"sim\",REFERENCIA.Desonerado,REFERENCIA.NaoDesonerado),2)","v":1.91},0.25390000000000001,null,null,null,null,373.35,{"$f":"ROUND(ORÇAMENTO.CustoUnitario*(1+$AH231),2)","v":2.08}]
["S",3,"S",0,{"$f":"IF($C232=1,OFFSET(E232,-1,0)+MAX(1,COUNTIF(QCI!$A$13:$A$24,OFFSET(ORÇAMENTO!E232,-1,0))),OFFSET(E232,-1,0))","v":1},10,1,0,5,0,{"$f":"IF(OR($C232=\"S\",$C232=0),0,MATCH(OFFSET($D232,0,$C232)+IF($C232<>1,1,COUNTIF(QCI!$A$13:$A$24,ORÇAMENTO!E232)),OFFSET($D232,1,$C232,ROW($C$237)-ROW($C232)),0))","v":0},"F","Serviço","Serviço","1.10.1.0.5.","SINAPI","99821",{"$f":"IF($C232=\"S\",REFERENCIA.Descricao,\"(digite a descrição aqui)\")","v":"LIMPEZA DE JANELA DE VIDRO COM CAIXILHO EM AÇO/ALUMÍNIO/PVC. AF_04/2019"},{"$f":"REFERENCIA.Unidade","v":"M2"},{"$f":"OFFSET(CÁLCULO!H$15,ROW($T232)-ROW(T$15),0)","v":20},3.1,"BDI 1",{"$f":"IF($C232=\"S\",ROUND(IF(TIPOORCAMENTO=\"Proposto\",ORÇAMENTO.CustoUnitario*(1+$AH232),ORÇAMENTO.PrecoUnitarioLicitado),15-13*$AF$10),0)","v":3.89},{"$f":"IF($C232=\"S\",IF(OR(Import.TipoArredondamento<>\"TransfereGOV\",ACOMPANHAMENTO=\"BM\"),VTOTAL1,SUM(OFFSET(CÁLCULO!$AQ$15,ROW($X232)-ROW($X$15),1):OFFSET(CÁLCULO!$BR$15,ROW($X232)-ROW($X$15),-1))),IF($C232=0,0,ROUND(SomaAgrup,15-13*$AF$11)))","v":77.8},"RA","RA",{"$f":"IF($C232=\"S\",IF($Z232=\"CP\",$X232,IF($Z232=\"RA\",(($X232)*QCI!$AA$3),0)),SomaAgrup)","v":1.1366584913423226},{"$f":"IF($C232=\"S\",IF($Z232=\"OU\",ROUND($X232,2),0),SomaAgrup)","v":0},{"$f":"IF($N232=\"\",\" \",\nIF(AND($C232<>\"S\",OR($R232=\"\",$R232=\"(digite a descrição aqui)\")),\"DESCRIÇÃO\",\nIF(AND($C232=\"S\",OR($Q232<>\"\",$T232>0,$U232>0),$P232=\"\"),\"FONTE\",\nIF(AND($C232=\"S\",$P232<>\"\",OR($T232>0,$U232>0),$Q232=\"\"),\"CÓDIGO\",\nIF(AND($C232=\"S\",$P232<>\"\",$Q232<>\"\",$R232=\"(Código não identificado nas referências)\"),\"CÓDIGO N/ID\",\nIF(AND($C232=\"S\",OR($R232=\"\",$R232=\"(digite a descrição aqui)\"),OR($Q232<>\"\",$T232>0,$U232>0)),\"DESCRIÇÃO\",\nIF(AND($C232=\"S\",$P232<>\"\",$Q232<>\"\",$S232=\"\"),\"UNIDADE\",\nIF(AND($C232=\"S\",$P232<>\"\",$Q232<>\"\",$U232=0),\"SEM CUSTO\",\nIF(AND(TIPOORCAMENTO=\"Licitado\",$AL232=0,$AN232>0),\"SEM PREÇO\",\nIF(AND($C232=\"S\",$P232<>\"\",$Q232<>\"\",$U232>0,AND($V232<>\"BDI 1\",$V232<>\"BDI 2\",$V232<>\"BDI 3\")),IF(ISNUMBER($V232),\"JUSTIFICAR BDI\",\"BDI\"),\nIF(OR(AND(import.recurso=\"OGU\",TIPOORCAMENTO=\"Proposto\",LEFT($O$8,5)<>\"(N/D:\",$AG232<>\"\",ORÇAMENTO.CustoUnitario>$AG232),AND(TIPOORCAMENTO=\"LICITADO\",ORÇAMENTO.PrecoUnitarioLicitado>$AN232)),\"ACIMA REF.\",\nIF(AND($C232=\"S\",$P232<>\"\",$Q232<>\"\",$T232=0,$U232>0),\"QUANT.\",\nIF(AND(Import.TipoArredondamento=\"TransfereGOV\",$L232=\"F\",$C232=\"S\",LEN($Q232)>13),\"Código >13\",\nIF(AND(Import.TipoArredondamento=\"TransfereGOV\",$L232=\"F\",$C232<>\"S\",LEN($R232)>100),\"Descrição >100\",\nIF(AND(Import.TipoArredondamento=\"TransfereGOV\",$L232=\"F\",$C232=\"S\",LEN($R232)>500),\"Descrição >500\",\nIF(AND(Import.TipoArredondamento=\"TransfereGOV\",$L232=\"F\",$C232=\"S\",LEFT(TRIM(UPPER($P232)),6)<>\"SINAPI\",ISNA(VLOOKUP(TRIM(UPPER($S232)),ListaTgov.Unidades,1,FALSE))),\"Unid. Não Disp\",\n\" \"))))))))))))))))","v":" "},{"$f":"IF(C232<=CRONO.NivelExibicao,MAX($AD$15:OFFSET(AD232,-1,0))+IF($C232<>1,1,MAX(1,COUNTIF(QCI!$A$13:$A$24,OFFSET($E232,-1,0)))),\"\")","v":""},{"$f":"IF(AND($C232=\"S\",ORÇAMENTO.CodBarra<>\"\"),IF(ORÇAMENTO.Fonte=\"\",ORÇAMENTO.CodBarra,CONCATENATE(ORÇAMENTO.Fonte,\" \",ORÇAMENTO.CodBarra)))","v":"SINAPI 99821"},{"$f":"IF(ISERROR(ORÇAMENTO.BancoRef),\"(abra o arquivo 'Referência \"&Excel_BuiltIn_Database&\".xlsm)\",IF(OR($C232<>\"S\",ORÇAMENTO.CodBarra=\"\"),\"(Sem Código)\",IF(ISERROR(MATCH($AE232,INDIRECT(ORÇAMENTO.BancoRef),0)),\"(Código não identificado nas referências)\",MATCH($AE232,INDIRECT(ORÇAMENTO.BancoRef),0))))","v":12739},{"$f":"ROUND(IF(DESONERACAO=\"sim\",REFERENCIA.Desonerado,REFERENCIA.NaoDesonerado),2)","v":3.57},0.25390000000000001,null,null,null,null,77.8,{"$f":"ROUND(ORÇAMENTO.CustoUnitario*(1+$AH232),2)","v":3.89}]
["S",3,"S",0,{"$f":"IF($C233=1,OFFSET(E233,-1,0)+MAX(1,COUNTIF(QCI!$A$13:$A$24,OFFSET(ORÇAMENTO!E233,-1,0))),OFFSET(E233,-1,0))","v":1},10,1,0,6,0,{"$f":"IF(OR($C233=\"S\",$C233=0),0,MATCH(OFFSET($D233,0,$C233)+IF($C233<>1,1,COUNTIF(QCI!$A$13:$A$24,ORÇAMENTO!E233)),OFFSET($D233,1,$C233,ROW($C$237)-ROW($C233)),0))","v":0},"F","Serviço","Serviço","1.10.1.0.6.","SINAPI","99804",{"$f":"IF($C233=\"S\",REFERENCIA.Descricao,\"(digite a descrição aqui)\")","v":"LIMPEZA DE PISO CERÂMICO OU PORCELANATO UTILIZANDO DETERGENTE NEUTRO E ESCOVAÇÃO MANUAL. AF_04/2019"},{"$f":"REFERENCIA.Unidade","v":"M2"},{"$f":"OFFSET(CÁLCULO!H$15,ROW($T233)-ROW(T$15),0)","v":237.3},5.8,"BDI 1",{"$f":"IF($C233=\"S\",ROUND(IF(TIPOORCAMENTO=\"Proposto\",ORÇAMENTO.CustoUnitario*(1+$AH233),ORÇAMENTO.PrecoUnitarioLicitado),15-13*$AF$10),0)","v":7.27},{"$f":"IF($C233=\"S\",IF(OR(Import.TipoArredondamento<>\"TransfereGOV\",ACOMPANHAMENTO=\"BM\"),VTOTAL1,SUM(OFFSET(CÁLCULO!$AQ$15,ROW($X233)-ROW($X$15),1):OFFSET(CÁLCULO!$BR$15,ROW($X233)-ROW($X$15),-1))),IF($C233=0,0,ROUND(SomaAgrup,15-13*$AF$11)))","v":1725.1499999999999},"RA","RA",{"$f":"IF($C233=\"S\",IF($Z233=\"CP\",$X233,IF($Z233=\"RA\",(($X233)*QCI!$AA$3),0)),SomaAgrup)","v":25.204452395105495},{"$f":"IF($C233=\"S\",IF($Z233=\"OU\",ROUND($X233,2),0),SomaAgrup)","v":0},{"$f":"IF($N233=\"\",\" \",\nIF(AND($C233<>\"S\",OR($R233=\"\",$R233=\"(digite a descrição aqui)\")),\"DESCRIÇÃO\",\nIF(AND($C233=\"S\",OR($Q233<>\"\",$T233>0,$U233>0),$P233=\"\"),\"FONTE\",\nIF(AND($C233=\"S\",$P233<>\"\",OR($T233>0,$U233>0),$Q233=\"\"),\"CÓDIGO\",\nIF(AND($C233=\"S\",$P233<>\"\",$Q233<>\"\",$R233=\"(Código não identificado nas referências)\"),\"CÓDIGO N/ID\",\nIF(AND($C233=\"S\",OR($R233=\"\",$R233=\"(digite a descrição aqui)\"),OR($Q233<>\"\",$T233>0,$U233>0)),\"DESCRIÇÃO\",\nIF(AND($C233=\"S\",$P233<>\"\",$Q233<>\"\",$S233=\"\"),\"UNIDADE\",\nIF(AND($C233=\"S\",$P233<>\"\",$Q233<>\"\",$U233=0),\"SEM CUSTO\",\nIF(AND(TIPOORCAMENTO=\"Licitado\",$AL233=0,$AN233>0),\"SEM PREÇO\",\nIF(AND($C233=\"S\",$P233<>\"\",$Q233<>\"\",$U233>0,AND($V233<>\"BDI 1\",$V233<>\"BDI 2\",$V233<>\"BDI 3\")),IF(ISNUMBER($V233),\"JUSTIFICAR BDI\",\"BDI\"),\nIF(OR(AND(import.recurso=\"OGU\",TIPOORCAMENTO=\"Proposto\",LEFT($O$8,5)<>\"(N/D:\",$AG233<>\"\",ORÇAMENTO.CustoUnitario>$AG233),AND(TIPOORCAMENTO=\"LICITADO\",ORÇAMENTO.PrecoUnitarioLicitado>$AN233)),\"ACIMA REF.\",\nIF(AND($C233=\"S\",$P233<>\"\",$Q233<>\"\",$T233=0,$U233>0),\"QUANT.\",\nIF(AND(Import.TipoArredondamento=\"TransfereGOV\",$L233=\"F\",$C233=\"S\",LEN($Q233)>13),\"Código >13\",\nIF(AND(Import.TipoArredondamento=\"TransfereGOV\",$L233=\"F\",$C233<>\"S\",LEN($R233)>100),\"Descrição >100\",\nIF(AND(Import.TipoArredondamento=\"TransfereGOV\",$L233=\"F\",$C233=\"S\",LEN($R233)>500),\"Descrição >500\",\nIF(AND(Import.TipoArredondamento=\"TransfereGOV\",$L233=\"F\",$C233=\"S\",LEFT(TRIM(UPPER($P233)),6)<>\"SINAPI\",ISNA(VLOOKUP(TRIM(UPPER($S233)),ListaTgov.Unidades,1,FALSE))),\"Unid. Não Disp\",\n\" \"))))))))))))))))","v":" "},{"$f":"IF(C233<=CRONO.NivelExibicao,MAX($AD$15:OFFSET(AD233,-1,0))+IF($C233<>1,1,MAX(1,COUNTIF(QCI!$A$13:$A$24,OFFSET($E233,-1,0)))),\"\")","v":""},{"$f":"IF(AND($C233=\"S\",ORÇAMENTO.CodBarra<>\"\"),IF(ORÇAMENTO.Fonte=\"\",ORÇAMENTO.CodBarra,CONCATENATE(ORÇAMENTO.Fonte,\" \",ORÇAMENTO.CodBarra)))","v":"SINAPI 99804"},{"$f":"IF(ISERROR(ORÇAMENTO.BancoRef),\"(abra o arquivo 'Referência \"&Excel_BuiltIn_Database&\".xlsm)\",IF(OR($C233<>\"S\",ORÇAMENTO.CodBarra=\"\"),\"(Sem Código)\",IF(ISERROR(MATCH($AE233,INDIRECT(ORÇAMENTO.BancoRef),0)),\"(Código não identificado nas referências)\",MATCH($AE233,INDIRECT(ORÇAMENTO.BancoRef),0))))","v":12748},{"$f":"ROUND(IF(DESONERACAO=\"sim\",REFERENCIA.Desonerado,REFERENCIA.NaoDesonerado),2)","v":6.67},0.25390000000000001,null,null,null,null,1725.1499999999999,{"$f":"ROUND(ORÇAMENTO.CustoUnitario*(1+$AH233),2)","v":7.27}]
["S",3,"S",0,{"$f":"IF($C234=1,OFFSET(E234,-1,0)+MAX(1,COUNTIF(QCI!$A$13:$A$24,OFFSET(ORÇAMENTO!E234,-1,0))),OFFSET(E234,-1,0))","v":1},10,1,0,7,0,{"$f":"IF(OR($C234=\"S\",$C234=0),0,MATCH(OFFSET($D234,0,$C234)+IF($C234<>1,1,COUNTIF(QCI!$A$13:$A$24,ORÇAMENTO!E234)),OFFSET($D234,1,$C234,ROW($C$237)-ROW($C234)),0))","v":0},"F","Serviço","Serviço","1.10.1.0.7.","SINAPI","99822",{"$f":"IF($C234=\"S\",REFERENCIA.Descricao,\"(digite a descrição aqui)\")","v":"LIMPEZA DE PORTA DE MADEIRA. AF_04/2019"},{"$f":"REFERENCIA.Unidade","v":"M2"},{"$f":"OFFSET(CÁLCULO!H$15,ROW($T234)-ROW(T$15),0)","v":84},1.08,"BDI 1",{"$f":"IF($C234=\"S\",ROUND(IF(TIPOORCAMENTO=\"Proposto\",ORÇAMENTO.CustoUnitario*(1+$AH234),ORÇAMENTO.PrecoUnitarioLicitado),15-13*$AF$10),0)","v":1.35},{"$f":"IF($C234=\"S\",IF(OR(Import.TipoArredondamento<>\"TransfereGOV\",ACOMPANHAMENTO=\"BM\"),VTOTAL1,SUM(OFFSET(CÁLCULO!$AQ$15,ROW($X234)-ROW($X$15),1):OFFSET(CÁLCULO!$BR$15,ROW($X234)-ROW($X$15),-1))),IF($C234=0,0,ROUND(SomaAgrup,15-13*$AF$11)))","v":113.4},"RA","RA",{"$f":"IF($C234=\"S\",IF($Z234=\"CP\",$X234,IF($Z234=\"RA\",(($X234)*QCI!$AA$3),0)),SomaAgrup)","v":1.6567747161724857},{"$f":"IF($C234=\"S\",IF($Z234=\"OU\",ROUND($X234,2),0),SomaAgrup)","v":0},{"$f":"IF($N234=\"\",\" \",\nIF(AND($C234<>\"S\",OR($R234=\"\",$R234=\"(digite a descrição aqui)\")),\"DESCRIÇÃO\",\nIF(AND($C234=\"S\",OR($Q234<>\"\",$T234>0,$U234>0),$P234=\"\"),\"FONTE\",\nIF(AND($C234=\"S\",$P234<>\"\",OR($T234>0,$U234>0),$Q234=\"\"),\"CÓDIGO\",\nIF(AND($C234=\"S\",$P234<>\"\",$Q234<>\"\",$R234=\"(Código não identificado nas referências)\"),\"CÓDIGO N/ID\",\nIF(AND($C234=\"S\",OR($R234=\"\",$R234=\"(digite a descrição aqui)\"),OR($Q234<>\"\",$T234>0,$U234>0)),\"DESCRIÇÃO\",\nIF(AND($C234=\"S\",$P234<>\"\",$Q234<>\"\",$S234=\"\"),\"UNIDADE\",\nIF(AND($C234=\"S\",$P234<>\"\",$Q234<>\"\",$U234=0),\"SEM CUSTO\",\nIF(AND(TIPOORCAMENTO=\"Licitado\",$AL234=0,$AN234>0),\"SEM PREÇO\",\nIF(AND($C234=\"S\",$P234<>\"\",$Q234<>\"\",$U234>0,AND($V234<>\"BDI 1\",$V234<>\"BDI 2\",$V234<>\"BDI 3\")),IF(ISNUMBER($V234),\"JUSTIFICAR BDI\",\"BDI\"),\nIF(OR(AND(import.recurso=\"OGU\",TIPOORCAMENTO=\"Proposto\",LEFT($O$8,5)<>\"(N/D:\",$AG234<>\"\",ORÇAMENTO.CustoUnitario>$AG234),AND(TIPOORCAMENTO=\"LICITADO\",ORÇAMENTO.PrecoUnitarioLicitado>$AN234)),\"ACIMA REF.\",\nIF(AND($C234=\"S\",$P234<>\"\",$Q234<>\"\",$T234=0,$U234>0),\"QUANT.\",\nIF(AND(Import.TipoArredondamento=\"TransfereGOV\",$L234=\"F\",$C234=\"S\",LEN($Q234)>13),\"Código >13\",\nIF(AND(Import.TipoArredondamento=\"TransfereGOV\",$L234=\"F\",$C234<>\"S\",LEN($R234)>100),\"Descrição >100\",\nIF(AND(Import.TipoArredondamento=\"TransfereGOV\",$L234=\"F\",$C234=\"S\",LEN($R234)>500),\"Descrição >500\",\nIF(AND(Import.TipoArredondamento=\"TransfereGOV\",$L234=\"F\",$C234=\"S\",LEFT(TRIM(UPPER($P234)),6)<>\"SINAPI\",ISNA(VLOOKUP(TRIM(UPPER($S234)),ListaTgov.Unidades,1,FALSE))),\"Unid. Não Disp\",\n\" \"))))))))))))))))","v":" "},{"$f":"IF(C234<=CRONO.NivelExibicao,MAX($AD$15:OFFSET(AD234,-1,0))+IF($C234<>1,1,MAX(1,COUNTIF(QCI!$A$13:$A$24,OFFSET($E234,-1,0)))),\"\")","v":""},{"$f":"IF(AND($C234=\"S\",ORÇAMENTO.CodBarra<>\"\"),IF(ORÇAMENTO.Fonte=\"\",ORÇAMENTO.CodBarra,CONCATENATE(ORÇAMENTO.Fonte,\" \",ORÇAMENTO.CodBarra)))","v":"SINAPI 99822"},{"$f":"IF(ISERROR(ORÇAMENTO.BancoRef),\"(abra o arquivo 'Referência \"&Excel_BuiltIn_Database&\".xlsm)\",IF(OR($C234<>\"S\",ORÇAMENTO.CodBarra=\"\"),\"(Sem Código)\",IF(ISERROR(MATCH($AE234,INDIRECT(ORÇAMENTO.BancoRef),0)),\"(Código não identificado nas referências)\",MATCH($AE234,INDIRECT(ORÇAMENTO.BancoRef),0))))","v":12752},{"$f":"ROUND(IF(DESONERACAO=\"sim\",REFERENCIA.Desonerado,REFERENCIA.NaoDesonerado),2)","v":1.25},0.25390000000000001,null,null,null,null,113.4,{"$f":"ROUND(ORÇAMENTO.CustoUnitario*(1+$AH234),2)","v":1.35}]
["S",3,"S",0,{"$f":"IF($C235=1,OFFSET(E235,-1,0)+MAX(1,COUNTIF(QCI!$A$13:$A$24,OFFSET(ORÇAMENTO!E235,-1,0))),OFFSET(E235,-1,0))","v":1},10,1,0,8,0,{"$f":"IF(OR($C235=\"S\",$C235=0),0,MATCH(OFFSET($D235,0,$C235)+IF($C235<>1,1,COUNTIF(QCI!$A$13:$A$24,ORÇAMENTO!E235)),OFFSET($D235,1,$C235,ROW($C$237)-ROW($C235)),0))","v":0},"F","Serviço","Serviço","1.10.1.0.8.","SINAPI","99807",{"$f":"IF($C235=\"S\",REFERENCIA.Descricao,\"(digite a descrição aqui)\")","v":"LIMPEZA DE REVESTIMENTO CERÂMICO EM PAREDE UTILIZANDO DETERGENTE NEUTRO E ESCOVAÇÃO MANUAL. AF_04/2019"},{"$f":"REFERENCIA.Unidade","v":"M2"},{"$f":"OFFSET(CÁLCULO!H$15,ROW($T235)-ROW(T$15),0)","v":79.599999999999994},1.74,"BDI 1",{"$f":"IF($C235=\"S\",ROUND(IF(TIPOORCAMENTO=\"Proposto\",ORÇAMENTO.CustoUnitario*(1+$AH235),ORÇAMENTO.PrecoUnitarioLicitado),15-13*$AF$10),0)","v":2.1800000000000002},{"$f":"IF($C235=\"S\",IF(OR(Import.TipoArredondamento<>\"TransfereGOV\",ACOMPANHAMENTO=\"BM\"),VTOTAL1,SUM(OFFSET(CÁLCULO!$AQ$15,ROW($X235)-ROW($X$15),1):OFFSET(CÁLCULO!$BR$15,ROW($X235)-ROW($X$15),-1))),IF($C235=0,0,ROUND(SomaAgrup,15-13*$AF$11)))","v":173.55},"RA","RA",{"$f":"IF($C235=\"S\",IF($Z235=\"CP\",$X235,IF($Z235=\"RA\",(($X235)*QCI!$AA$3),0)),SomaAgrup)","v":2.5355665960470448},{"$f":"IF($C235=\"S\",IF($Z235=\"OU\",ROUND($X235,2),0),SomaAgrup)","v":0},{"$f":"IF($N235=\"\",\" \",\nIF(AND($C235<>\"S\",OR($R235=\"\",$R235=\"(digite a descrição aqui)\")),\"DESCRIÇÃO\",\nIF(AND($C235=\"S\",OR($Q235<>\"\",$T235>0,$U235>0),$P235=\"\"),\"FONTE\",\nIF(AND($C235=\"S\",$P235<>\"\",OR($T235>0,$U235>0),$Q235=\"\"),\"CÓDIGO\",\nIF(AND($C235=\"S\",$P235<>\"\",$Q235<>\"\",$R235=\"(Código não identificado nas referências)\"),\"CÓDIGO N/ID\",\nIF(AND($C235=\"S\",OR($R235=\"\",$R235=\"(digite a descrição aqui)\"),OR($Q235<>\"\",$T235>0,$U235>0)),\"DESCRIÇÃO\",\nIF(AND($C235=\"S\",$P235<>\"\",$Q235<>\"\",$S235=\"\"),\"UNIDADE\",\nIF(AND($C235=\"S\",$P235<>\"\",$Q235<>\"\",$U235=0),\"SEM CUSTO\",\nIF(AND(TIPOORCAMENTO=\"Licitado\",$AL235=0,$AN235>0),\"SEM PREÇO\",\nIF(AND($C235=\"S\",$P235<>\"\",$Q235<>\"\",$U235>0,AND($V235<>\"BDI 1\",$V235<>\"BDI 2\",$V235<>\"BDI 3\")),IF(ISNUMBER($V235),\"JUSTIFICAR BDI\",\"BDI\"),\nIF(OR(AND(import.recurso=\"OGU\",TIPOORCAMENTO=\"Proposto\",LEFT($O$8,5)<>\"(N/D:\",$AG235<>\"\",ORÇAMENTO.CustoUnitario>$AG235),AND(TIPOORCAMENTO=\"LICITADO\",ORÇAMENTO.PrecoUnitarioLicitado>$AN235)),\"ACIMA REF.\",\nIF(AND($C235=\"S\",$P235<>\"\",$Q235<>\"\",$T235=0,$U235>0),\"QUANT.\",\nIF(AND(Import.TipoArredondamento=\"TransfereGOV\",$L235=\"F\",$C235=\"S\",LEN($Q235)>13),\"Código >13\",\nIF(AND(Import.TipoArredondamento=\"TransfereGOV\",$L235=\"F\",$C235<>\"S\",LEN($R235)>100),\"Descrição >100\",\nIF(AND(Import.TipoArredondamento=\"TransfereGOV\",$L235=\"F\",$C235=\"S\",LEN($R235)>500),\"Descrição >500\",\nIF(AND(Import.TipoArredondamento=\"TransfereGOV\",$L235=\"F\",$C235=\"S\",LEFT(TRIM(UPPER($P235)),6)<>\"SINAPI\",ISNA(VLOOKUP(TRIM(UPPER($S235)),ListaTgov.Unidades,1,FALSE))),\"Unid. Não Disp\",\n\" \"))))))))))))))))","v":" "},{"$f":"IF(C235<=CRONO.NivelExibicao,MAX($AD$15:OFFSET(AD235,-1,0))+IF($C235<>1,1,MAX(1,COUNTIF(QCI!$A$13:$A$24,OFFSET($E235,-1,0)))),\"\")","v":""},{"$f":"IF(AND($C235=\"S\",ORÇAMENTO.CodBarra<>\"\"),IF(ORÇAMENTO.Fonte=\"\",ORÇAMENTO.CodBarra,CONCATENATE(ORÇAMENTO.Fonte,\" \",ORÇAMENTO.CodBarra)))","v":"SINAPI 99807"},{"$f":"IF(ISERROR(ORÇAMENTO.BancoRef),\"(abra o arquivo 'Referência \"&Excel_BuiltIn_Database&\".xlsm)\",IF(OR($C235<>\"S\",ORÇAMENTO.CodBarra=\"\"),\"(Sem Código)\",IF(ISERROR(MATCH($AE235,INDIRECT(ORÇAMENTO.BancoRef),0)),\"(Código não identificado nas referências)\",MATCH($AE235,INDIRECT(ORÇAMENTO.BancoRef),0))))","v":12757},{"$f":"ROUND(IF(DESONERACAO=\"sim\",REFERENCIA.Desonerado,REFERENCIA.NaoDesonerado),2)","v":2.0099999999999998},0.25390000000000001,null,null,null,null,173.55,{"$f":"ROUND(ORÇAMENTO.CustoUnitario*(1+$AH235),2)","v":2.1800000000000002}]
["S",3,"S",0,{"$f":"IF($C236=1,OFFSET(E236,-1,0)+MAX(1,COUNTIF(QCI!$A$13:$A$24,OFFSET(ORÇAMENTO!E236,-1,0))),OFFSET(E236,-1,0))","v":1},10,1,0,9,0,{"$f":"IF(OR($C236=\"S\",$C236=0),0,MATCH(OFFSET($D236,0,$C236)+IF($C236<>1,1,COUNTIF(QCI!$A$13:$A$24,ORÇAMENTO!E236)),OFFSET($D236,1,$C236,ROW($C$237)-ROW($C236)),0))","v":0},"F","Serviço","Serviço","1.10.1.0.9.","SINAPI","99816",{"$f":"IF($C236=\"S\",REFERENCIA.Descricao,\"(digite a descrição aqui)\")","v":"LIMPEZA DE TANQUE OU LAVATÓRIO DE LOUÇA ISOLADO, INCLUSIVE METAIS CORRESPONDENTES. AF_04/2019"},{"$f":"REFERENCIA.Unidade","v":"UN"},{"$f":"OFFSET(CÁLCULO!H$15,ROW($T236)-ROW(T$15),0)","v":10},9.48,"BDI 1",{"$f":"IF($C236=\"S\",ROUND(IF(TIPOORCAMENTO=\"Proposto\",ORÇAMENTO.CustoUnitario*(1+$AH236),ORÇAMENTO.PrecoUnitarioLicitado),15-13*$AF$10),0)","v":11.89},{"$f":"IF($C236=\"S\",IF(OR(Import.TipoArredondamento<>\"TransfereGOV\",ACOMPANHAMENTO=\"BM\"),VTOTAL1,SUM(OFFSET(CÁLCULO!$AQ$15,ROW($X236)-ROW($X$15),1):OFFSET(CÁLCULO!$BR$15,ROW($X236)-ROW($X$15),-1))),IF($C236=0,0,ROUND(SomaAgrup,15-13*$AF$11)))","v":118.9},"RA","RA",{"$f":"IF($C236=\"S\",IF($Z236=\"CP\",$X236,IF($Z236=\"RA\",(($X236)*QCI!$AA$3),0)),SomaAgrup)","v":1.7371297509074828},{"$f":"IF($C236=\"S\",IF($Z236=\"OU\",ROUND($X236,2),0),SomaAgrup)","v":0},{"$f":"IF($N236=\"\",\" \",\nIF(AND($C236<>\"S\",OR($R236=\"\",$R236=\"(digite a descrição aqui)\")),\"DESCRIÇÃO\",\nIF(AND($C236=\"S\",OR($Q236<>\"\",$T236>0,$U236>0),$P236=\"\"),\"FONTE\",\nIF(AND($C236=\"S\",$P236<>\"\",OR($T236>0,$U236>0),$Q236=\"\"),\"CÓDIGO\",\nIF(AND($C236=\"S\",$P236<>\"\",$Q236<>\"\",$R236=\"(Código não identificado nas referências)\"),\"CÓDIGO N/ID\",\nIF(AND($C236=\"S\",OR($R236=\"\",$R236=\"(digite a descrição aqui)\"),OR($Q236<>\"\",$T236>0,$U236>0)),\"DESCRIÇÃO\",\nIF(AND($C236=\"S\",$P236<>\"\",$Q236<>\"\",$S236=\"\"),\"UNIDADE\",\nIF(AND($C236=\"S\",$P236<>\"\",$Q236<>\"\",$U236=0),\"SEM CUSTO\",\nIF(AND(TIPOORCAMENTO=\"Licitado\",$AL236=0,$AN236>0),\"SEM PREÇO\",\nIF(AND($C236=\"S\",$P236<>\"\",$Q236<>\"\",$U236>0,AND($V236<>\"BDI 1\",$V236<>\"BDI 2\",$V236<>\"BDI 3\")),IF(ISNUMBER($V236),\"JUSTIFICAR BDI\",\"BDI\"),\nIF(OR(AND(import.recurso=\"OGU\",TIPOORCAMENTO=\"Proposto\",LEFT($O$8,5)<>\"(N/D:\",$AG236<>\"\",ORÇAMENTO.CustoUnitario>$AG236),AND(TIPOORCAMENTO=\"LICITADO\",ORÇAMENTO.PrecoUnitarioLicitado>$AN236)),\"ACIMA REF.\",\nIF(AND($C236=\"S\",$P236<>\"\",$Q236<>\"\",$T236=0,$U236>0),\"QUANT.\",\nIF(AND(Import.TipoArredondamento=\"TransfereGOV\",$L236=\"F\",$C236=\"S\",LEN($Q236)>13),\"Código >13\",\nIF(AND(Import.TipoArredondamento=\"TransfereGOV\",$L236=\"F\",$C236<>\"S\",LEN($R236)>100),\"Descrição >100\",\nIF(AND(Import.TipoArredondamento=\"TransfereGOV\",$L236=\"F\",$C236=\"S\",LEN($R236)>500),\"Descrição >500\",\nIF(AND(Import.TipoArredondamento=\"TransfereGOV\",$L236=\"F\",$C236=\"S\",LEFT(TRIM(UPPER($P236)),6)<>\"SINAPI\",ISNA(VLOOKUP(TRIM(UPPER($S236)),ListaTgov.Unidades,1,FALSE))),\"Unid. Não Disp\",\n\" \"))))))))))))))))","v":" "},{"$f":"IF(C236<=CRONO.NivelExibicao,MAX($AD$15:OFFSET(AD236,-1,0))+IF($C236<>1,1,MAX(1,COUNTIF(QCI!$A$13:$A$24,OFFSET($E236,-1,0)))),\"\")","v":""},{"$f":"IF(AND($C236=\"S\",ORÇAMENTO.CodBarra<>\"\"),IF(ORÇAMENTO.Fonte=\"\",ORÇAMENTO.CodBarra,CONCATENATE(ORÇAMENTO.Fonte,\" \",ORÇAMENTO.CodBarra)))","v":"SINAPI 99816"},{"$f":"IF(ISERROR(ORÇAMENTO.BancoRef),\"(abra o arquivo 'Referência \"&Excel_BuiltIn_Database&\".xlsm)\",IF(OR($C236<>\"S\",ORÇAMENTO.CodBarra=\"\"),\"(Sem Código)\",IF(ISERROR(MATCH($AE236,INDIRECT(ORÇAMENTO.BancoRef),0)),\"(Código não identificado nas referências)\",MATCH($AE236,INDIRECT(ORÇAMENTO.BancoRef),0))))","v":12760},{"$f":"ROUND(IF(DESONERACAO=\"sim\",REFERENCIA.Desonerado,REFERENCIA.NaoDesonerado),2)","v":10.91},0.25390000000000001,null,null,null,null,118.9,{"$f":"ROUND(ORÇAMENTO.CustoUnitario*(1+$AH236),2)","v":11.89}]
[-1,null,-1,null,0,0,0,0,0,null,null,"F",null,null,null,null,null,null,null,null,null,null,null,null,null,null,null,null,{"$f":"IF($N237=\"\",\" \",\nIF(AND($C237<>\"S\",OR($R237=\"\",$R237=\"(digite a descrição aqui)\")),\"DESCRIÇÃO\",\nIF(AND($C237=\"S\",OR($Q237<>\"\",$T237>0,$U237>0),$P237=\"\"),\"FONTE\",\nIF(AND($C237=\"S\",$P237<>\"\",OR($T237>0,$U237>0),$Q237=\"\"),\"CÓDIGO\",\nIF(AND($C237=\"S\",$P237<>\"\",$Q237<>\"\",$R237=\"(Código não identificado nas referências)\"),\"CÓDIGO N/ID\",\nIF(AND($C237=\"S\",OR($R237=\"\",$R237=\"(digite a descrição aqui)\"),OR($Q237<>\"\",$T237>0,$U237>0)),\"DESCRIÇÃO\",\nIF(AND($C237=\"S\",$P237<>\"\",$Q237<>\"\",$S237=\"\"),\"UNIDADE\",\nIF(AND($C237=\"S\",$P237<>\"\",$Q237<>\"\",$U237=0),\"SEM CUSTO\",\nIF(AND(TIPOORCAMENTO=\"Licitado\",$AL237=0,$AN237>0),\"SEM PREÇO\",\nIF(AND($C237=\"S\",$P237<>\"\",$Q237<>\"\",$U237>0,AND($V237<>\"BDI 1\",$V237<>\"BDI 2\",$V237<>\"BDI 3\")),IF(ISNUMBER($V237),\"JUSTIFICAR BDI\",\"BDI\"),\nIF(OR(AND(import.recurso=\"OGU\",TIPOORCAMENTO=\"Proposto\",LEFT($O$8,5)<>\"(N/D:\",$AG237<>\"\",ORÇAMENTO.CustoUnitario>$AG237),AND(TIPOORCAMENTO=\"LICITADO\",ORÇAMENTO.PrecoUnitarioLicitado>$AN237)),\"ACIMA REF.\",\nIF(AND($C237=\"S\",$P237<>\"\",$Q237<>\"\",$T237=0,$U237>0),\"QUANT.\",\nIF(AND(Import.TipoArredondamento=\"TransfereGOV\",$L237=\"F\",$C237=\"S\",LEN($Q237)>13),\"Código >13\",\nIF(AND(Import.TipoArredondamento=\"TransfereGOV\",$L237=\"F\",$C237<>\"S\",LEN($R237)>100),\"Descrição >100\",\nIF(AND(Import.TipoArredondamento=\"TransfereGOV\",$L237=\"F\",$C237=\"S\",LEN($R237)>500),\"Descrição >500\",\nIF(AND(Import.TipoArredondamento=\"TransfereGOV\",$L237=\"F\",$C237=\"S\",LEFT(TRIM(UPPER($P237)),6)<>\"SINAPI\",ISNA(VLOOKUP(TRIM(UPPER($S237)),ListaTgov.Unidades,1,FALSE))),\"Unid. Não Disp\",\n\" \"))))))))))))))))","v":" "}]
[]
[]
[null,null,null,null,null,null,null,null,null,null,null,null,null,null,"Encargos sociais:",null,"Para elaboração deste orçamento, foram utilizados os encargos sociais do SINAPI para a Unidade da Federação indicada."]
[]
[null,null,null,null,null,null,null,null,null,null,null,null,null,null,"Observações:"]
[]
[]
[]
[]
[null,null,null,null,null,null,null,null,null,null,null,null,null,null,{"$f":"IF(AND($AF$7=FALSE,$AF$8=FALSE,$AF$9=FALSE,$AF$10=FALSE,$AF$11=FALSE),\"Não foi considerado arredondamento nos valores da planilha.\",CONCATENATE(\"Foi considerado arredondamento de duas casas decimais para \",IF($AF$7=TRUE,\"Quantidade; \",\"\"),IF($AF$8=TRUE,\"Custo Unitário; \",\"\"),IF($AF$9=TRUE,\"BDI; \",\"\"),IF($AF$10=TRUE,\"Preço Unitário; \",\"\"),IF($AF$11=TRUE,\"Preço Total.\",\"\")))","v":"Foi considerado arredondamento de duas casas decimais para Quantidade; Custo Unitário; BDI; Preço Unitário; Preço Total."}]
[null,null,null,null,null,null,null,null,null,null,null,null,null,null,"Siglas da Composição do Investimento: RA - Rateio proporcional entre Repasse e Contrapartida; RP - 100% Repasse; CP - 100% Contrapartida; OU - 100% Outros."]
[]
[null,null,null,null,null,null,null,null,null,null,null,null,null,null,{"$f":"Import.Município","v":"CHOPINZINHO/PR"}]
[null,null,null,null,null,null,null,null,null,null,null,null,null,null,"Local",null,null,null,"Responsável Técnico"]
[null,null,null,null,null,null,null,null,null,null,null,null,null,null,null,null,null,null,"Nome:",{"$f":"Import.RespOrçamento","v":"LUCAS KIYOSHI YAMAZAKI"}]
[null,null,null,null,null,null,null,null,null,null,null,null,null,null,{"$f":"DADOS!$C$25","v":"2025-09-15"},null,null,null,"CREA/CAU:","CREA PR-81.408/D"]
[null,null,null,null,null,null,null,null,null,null,null,null,null,null,"Data",null,null,null,"ART/RRT:","1720255343667 "]

{"sheet":"EVENTOS","index":5,"n_rows":55,"n_cols":36,"rows_kept":55,"cut":false,"hidden":false,"merged":[[9,23,11,23],[9,24,11,24],[7,2,7,3],[9,15,11,15],[9,16,11,16],[9,7,11,7],[9,8,11,8],[9,12,11,12],[9,13,11,13],[9,14,11,14],[9,18,11,18],[9,19,11,19],[9,20,11,20],[9,21,11,21],[9,22,11,22],[10,2,10,3],[4,5,4,12],[4,15,4,22],[9,4,11,4],[9,9,11,9],[9,10,11,10],[9,11,11,11],[9,17,11,17],[9,6,11,6],[9,33,11,33],[9,34,11,34],[4,25,4,32],[9,25,11,25],[9,26,11,26],[9,27,11,27],[9,28,11,28],[9,29,11,29],[9,30,11,30],[9,31,11,31],[9,32,11,32]]}
[{"$f":"IF(D1=\"\",\"\",\"F\")","v":""},{"$f":"IF(OR(C1=\" \",D1=\"\"),\"\",CONCATENATE(C1,\". \",D1))","v":{"$error":"#REF!"}},{"$f":"IF(OR(ROW(C1)=ROW(EVENTOS.firstrow)+1,AND(OFFSET(C1,-1,0)<>\" \",OFFSET(C1,-1,1)<>\"\")),OFFSET(C1,-1,0)+1,\" \")","v":{"$error":"#REF!"}},null,{"$f":"IF(AUTOEVENTO=\"Manual\",ROUND(SUMPRODUCT((CÁLCULO!$M$15:$M$237=EVENTOS!$C1)*(OFFSET(CÁLCULO!$AQ$15:$AQ$237,0,E$13))),2),0)","v":0},{"$f":"IF(AUTOEVENTO=\"Manual\",ROUND(SUMPRODUCT((CÁLCULO!$M$15:$M$237=EVENTOS!$C1)*(OFFSET(CÁLCULO!$AQ$15,0,1):OFFSET(CÁLCULO!$BR$237,0,-1))),2),0)","v":0},{"$f":"IF(AND(D1=0,F1>0),\"NOME\",\n IF(AND(D1<>0,$F$14>0,F1=0),\"VALOR\",\n IF(AND(Import.TipoArredondamento=\"TransfereGOV\",$A1=\"F\",LEN(D1)>100),\"Nome >100\",\"\")))","v":""},{"$f":"IF(AUTOEVENTO=\"Manual\",ROUND(SUMPRODUCT((CÁLCULO!$M$15:$M$237=EVENTOS!$C1)*(OFFSET(CÁLCULO!$AQ$15:$AQ$237,0,H$13))),2),0)","v":0},{"$f":"IF(AUTOEVENTO=\"Manual\",ROUND(SUMPRODUCT((CÁLCULO!$M$15:$M$237=EVENTOS!$C1)*(OFFSET(CÁLCULO!$AQ$15:$AQ$237,0,I$13))),2),0)","v":0},{"$f":"IF(AUTOEVENTO=\"Manual\",ROUND(SUMPRODUCT((CÁLCULO!$M$15:$M$237=EVENTOS!$C1)*(OFFSET(CÁLCULO!$AQ$15:$AQ$237,0,J$13))),2),0)","v":0},{"$f":"IF(AUTOEVENTO=\"Manual\",ROUND(SUMPRODUCT((CÁLCULO!$M$15:$M$237=EVENTOS!$C1)*(OFFSET(CÁLCULO!$AQ$15:$AQ$237,0,K$13))),2),0)","v":0},{"$f":"IF(AUTOEVENTO=\"Manual\",ROUND(SUMPRODUCT((CÁLCULO!$M$15:$M$237=EVENTOS!$C1)*(OFFSET(CÁLCULO!$AQ$15:$AQ$237,0,L$13))),2),0)","v":0},{"$f":"IF(AUTOEVENTO=\"Manual\",ROUND(SUMPRODUCT((CÁLCULO!$M$15:$M$237=EVENTOS!$C1)*(OFFSET(CÁLCULO!$AQ$15:$AQ$237,0,M$13))),2),0)","v":0},{"$f":"IF(AUTOEVENTO=\"Manual\",ROUND(SUMPRODUCT((CÁLCULO!$M$15:$M$237=EVENTOS!$C1)*(OFFSET(CÁLCULO!$AQ$15:$AQ$237,0,N$13))),2),0)","v":0},{"$f":"IF(AUTOEVENTO=\"Manual\",ROUND(SUMPRODUCT((CÁLCULO!$M$15:$M$237=EVENTOS!$C1)*(OFFSET(CÁLCULO!$AQ$15:$AQ$237,0,O$13))),2),0)","v":0},{"$f":"IF(AUTOEVENTO=\"Manual\",ROUND(SUMPRODUCT((CÁLCULO!$M$15:$M$237=EVENTOS!$C1)*(OFFSET(CÁLCULO!$AQ$15:$AQ$237,0,P$13))),2),0)","v":0},{"$f":"IF(AUTOEVENTO=\"Manual\",ROUND(SUMPRODUCT((CÁLCULO!$M$15:$M$237=EVENTOS!$C1)*(OFFSET(CÁLCULO!$AQ$15:$AQ$237,0,Q$13))),2),0)","v":0},{"$f":"IF(AUTOEVENTO=\"Manual\",ROUND(SUMPRODUCT((CÁLCULO!$M$15:$M$237=EVENTOS!$C1)*(OFFSET(CÁLCULO!$AQ$15:$AQ$237,0,R$13))),2),0)","v":0},{"$f":"IF(AUTOEVENTO=\"Manual\",ROUND(SUMPRODUCT((CÁLCULO!$M$15:$M$237=EVENTOS!$C1)*(OFFSET(CÁLCULO!$AQ$15:$AQ$237,0,S$13))),2),0)","v":0},{"$f":"IF(AUTOEVENTO=\"Manual\",ROUND(SUMPRODUCT((CÁLCULO!$M$15:$M$237=EVENTOS!$C1)*(OFFSET(CÁLCULO!$AQ$15:$AQ$237,0,T$13))),2),0)","v":0},{"$f":"IF(AUTOEVENTO=\"Manual\",ROUND(SUMPRODUCT((CÁLCULO!$M$15:$M$237=EVENTOS!$C1)*(OFFSET(CÁLCULO!$AQ$15:$AQ$237,0,U$13))),2),0)","v":0},{"$f":"IF(AUTOEVENTO=\"Manual\",ROUND(SUMPRODUCT((CÁLCULO!$M$15:$M$237=EVENTOS!$C1)*(OFFSET(CÁLCULO!$AQ$15:$AQ$237,0,V$13))),2),0)","v":0},{"$f":"IF(AUTOEVENTO=\"Manual\",ROUND(SUMPRODUCT((CÁLCULO!$M$15:$M$237=EVENTOS!$C1)*(OFFSET(CÁLCULO!$AQ$15:$AQ$237,0,W$13))),2),0)","v":0},{"$f":"IF(AUTOEVENTO=\"Manual\",ROUND(SUMPRODUCT((CÁLCULO!$M$15:$M$237=EVENTOS!$C1)*(OFFSET(CÁLCULO!$AQ$15:$AQ$237,0,X$13))),2),0)","v":0},{"$f":"IF(AUTOEVENTO=\"Manual\",ROUND(SUMPRODUCT((CÁLCULO!$M$15:$M$237=EVENTOS!$C1)*(OFFSET(CÁLCULO!$AQ$15:$AQ$237,0,Y$13))),2),0)","v":0},{"$f":"IF(AUTOEVENTO=\"Manual\",ROUND(SUMPRODUCT((CÁLCULO!$M$15:$M$237=EVENTOS!$C1)*(OFFSET(CÁLCULO!$AQ$15:$AQ$237,0,Z$13))),2),0)","v":0},{"$f":"IF(AUTOEVENTO=\"Manual\",ROUND(SUMPRODUCT((CÁLCULO!$M$15:$M$237=EVENTOS!$C1)*(OFFSET(CÁLCULO!$AQ$15:$AQ$237,0,AA$13))),2),0)","v":0},{"$f":"IF(AUTOEVENTO=\"Manual\",ROUND(SUMPRODUCT((CÁLCULO!$M$15:$M$237=EVENTOS!$C1)*(OFFSET(CÁLCULO!$AQ$15:$AQ$237,0,AB$13))),2),0)","v":0},{"$f":"IF(AUTOEVENTO=\"Manual\",ROUND(SUMPRODUCT((CÁLCULO!$M$15:$M$237=EVENTOS!$C1)*(OFFSET(CÁLCULO!$AQ$15:$AQ$237,0,AC$13))),2),0)","v":0},{"$f":"IF(AUTOEVENTO=\"Manual\",ROUND(SUMPRODUCT((CÁLCULO!$M$15:$M$237=EVENTOS!$C1)*(OFFSET(CÁLCULO!$AQ$15:$AQ$237,0,AD$13))),2),0)","v":0},{"$f":"IF(AUTOEVENTO=\"Manual\",ROUND(SUMPRODUCT((CÁLCULO!$M$15:$M$237=EVENTOS!$C1)*(OFFSET(CÁLCULO!$AQ$15:$AQ$237,0,AE$13))),2),0)","v":0},{"$f":"IF(AUTOEVENTO=\"Manual\",ROUND(SUMPRODUCT((CÁLCULO!$M$15:$M$237=EVENTOS!$C1)*(OFFSET(CÁLCULO!$AQ$15:$AQ$237,0,AF$13))),2),0)","v":0},{"$f":"IF(AUTOEVENTO=\"Manual\",ROUND(SUMPRODUCT((CÁLCULO!$M$15:$M$237=EVENTOS!$C1)*(OFFSET(CÁLCULO!$AQ$15:$AQ$237,0,AG$13))),2),0)","v":0},{"$f":"IF(AUTOEVENTO=\"Manual\",ROUND(SUMPRODUCT((CÁLCULO!$M$15:$M$237=EVENTOS!$C1)*(OFFSET(CÁLCULO!$AQ$15:$AQ$237,0,AH$13))),2),0)","v":0},{"$f":"IF(AUTOEVENTO=\"Manual\",ROUND(SUMPRODUCT((CÁLCULO!$M$15:$M$237=EVENTOS!$C1)*(OFFSET(CÁLCULO!$AQ$15:$AQ$237,0,AI$13))),2),0)","v":0}]
[null,null,null,null,null,"AGRUPADORES DE EVENTOS",null,null,null,null,null,null,null,null,"Grau de Sigilo\n#PUBLICO",null,null,null,null,null,null,null,null,null,"Grau de Sigilo\n#PUBLICO",null,null,null,null,null,null,null,null,null,"Grau de Sigilo\n#PUBLICO"]
[]
[null,null,"PROPONENTE / TOMADOR",null,null,"APELIDO EMPREENDIMENTO",null,null,null,null,null,null,null,"Nº OPERAÇÃO","Nº TransfereGOV","APELIDO EMPREENDIMENTO",null,null,null,null,null,null,null,"Nº OPERAÇÃO","Nº TransfereGOV","APELIDO EMPREENDIMENTO",null,null,null,null,null,null,null,"Nº OPERAÇÃO","Nº TransfereGOV"]
[null,null,{"$f":"Import.Proponente","v":"PREFEITURA MUNICIPAL DE CHOPINZINHO"},null,null,{"$f":"Import.Apelido","v":"Casa térrea acessível, 2 quartos, Autil=47,46m², conforme Portaria MCID 1416/2023"},null,null,null,null,null,null,null,{"$f":"Import.CR","v":"560000004413-25"},{"$f":"Import.SICONV","v":"040594"},{"$f":"Import.Apelido","v":"Casa térrea acessível, 2 quartos, Autil=47,46m², conforme Portaria MCID 1416/2023"},null,null,null,null,null,null,null,{"$f":"Import.CR","v":"560000004413-25"},{"$f":"Import.SICONV","v":"040594"},{"$f":"Import.Apelido","v":"Casa térrea acessível, 2 quartos, Autil=47,46m², conforme Portaria MCID 1416/2023"},null,null,null,null,null,null,null,{"$f":"Import.CR","v":"560000004413-25"},{"$f":"Import.SICONV","v":"040594"}," "]
[null,"Automática, conforme os agrupadores Nível 2 do Orçamento","1. Selecione abaixo a forma de definição dos agrupadores de eventos:",null,null,{"$f":"IF(AUTOEVENTO=\"MANUAL\",\n  IF(COUNTIF($G$15:$G$48,\"NOME\")>0,\"Falta preencher o nome do Título do Evento nº \"&INDEX($C$15:$C$48,MATCH(\"NOME\",$G$15:$G$48,0)),\n  IF(COUNTIF($G$15:$G$48,\"VALOR\")>0,\"Falta atribuir serviços ao Evento nº \"&INDEX($C$15:$C$48,MATCH(\"VALOR\",$G$15:$G$48,0))&\". Corrigir a atribuição dos eventos na aba CÁLCULO. Ou excluir linhas dos eventos não utilizados.\",\n  IF(ROUND($F$14,2)<>ROUND(ORÇAMENTO!$X$15,2),\"O valor total dos Eventos é diferente do valor total do Orçamento. Corrigir a atribuição dos eventos na aba CÁLCULO\",\n  IF(COUNTIF($G$15:$G$48,\"Nome >100\")>0,\"O tamanho do Título do Evento no TransfereGOV é limitado a 100 caracteres. Resuma o nome do Título do Evento nº \"&INDEX($C$15:$C$48,MATCH(\"Nome >100\",$G$15:$G$48,0)),\"\")))),\"\")","v":""}]
[null,"Automática, conforme os agrupadores Nível 3 do Orçamento"]
[null,"Automática, conforme os agrupadores Nível 4 do Orçamento","Automática, conforme os agrupadores Nível 4 do Orçamento",null,null,{"$f":"IF(ACOMPANHAMENTO=\"BM\",\"\",\n IF(Import.Eventos.Nível=\"\",\"◄ Selecione a forma de definição dos agrupadores de eventos\",\n IF(Import.Eventos.Nível=\"\",\"◄ Selecione a forma de definição dos agrupadores de eventos\",\"\")))","v":""}]
[null,"Definir Manualmente"]
[null,null,{"$f":"COUNTIF($C$15:$C$48,\">0\")-1","v":30}," ",{"$f":"OFFSET(CÁLCULO!$P$12,0,EVENTOS!E$13)","v":"Casa 1"}," ",null,{"$f":"OFFSET(CÁLCULO!$P$12,0,EVENTOS!H$13)","v":"Casa 1"},{"$f":"OFFSET(CÁLCULO!$P$12,0,EVENTOS!I$13)","v":"Casa 2"},{"$f":"OFFSET(CÁLCULO!$P$12,0,EVENTOS!J$13)","v":"Casa 3"},{"$f":"OFFSET(CÁLCULO!$P$12,0,EVENTOS!K$13)","v":"Casa 4"},{"$f":"OFFSET(CÁLCULO!$P$12,0,EVENTOS!L$13)","v":"Casa 5"},{"$f":"OFFSET(CÁLCULO!$P$12,0,EVENTOS!M$13)","v":"."},{"$f":"OFFSET(CÁLCULO!$P$12,0,EVENTOS!N$13)","v":"."},{"$f":"OFFSET(CÁLCULO!$P$12,0,EVENTOS!O$13)","v":"."},{"$f":"OFFSET(CÁLCULO!$P$12,0,EVENTOS!P$13)","v":"."},{"$f":"OFFSET(CÁLCULO!$P$12,0,EVENTOS!Q$13)","v":"."},{"$f":"OFFSET(CÁLCULO!$P$12,0,EVENTOS!R$13)","v":"."},{"$f":"OFFSET(CÁLCULO!$P$12,0,EVENTOS!S$13)","v":"."},{"$f":"OFFSET(CÁLCULO!$P$12,0,EVENTOS!T$13)","v":"."},{"$f":"OFFSET(CÁLCULO!$P$12,0,EVENTOS!U$13)","v":"."},{"$f":"OFFSET(CÁLCULO!$P$12,0,EVENTOS!V$13)","v":"."},{"$f":"OFFSET(CÁLCULO!$P$12,0,EVENTOS!W$13)","v":"."},{"$f":"OFFSET(CÁLCULO!$P$12,0,EVENTOS!X$13)","v":"."},{"$f":"OFFSET(CÁLCULO!$P$12,0,EVENTOS!Y$13)","v":"."},{"$f":"OFFSET(CÁLCULO!$P$12,0,EVENTOS!Z$13)","v":"."},{"$f":"OFFSET(CÁLCULO!$P$12,0,EVENTOS!AA$13)","v":"."},{"$f":"OFFSET(CÁLCULO!$P$12,0,EVENTOS!AB$13)","v":"."},{"$f":"OFFSET(CÁLCULO!$P$12,0,EVENTOS!AC$13)","v":"."},{"$f":"OFFSET(CÁLCULO!$P$12,0,EVENTOS!AD$13)","v":"."},{"$f":"OFFSET(CÁLCULO!$P$12,0,EVENTOS!AE$13)","v":"."},{"$f":"OFFSET(CÁLCULO!$P$12,0,EVENTOS!AF$13)","v":"."},{"$f":"OFFSET(CÁLCULO!$P$12,0,EVENTOS!AG$13)","v":"."},{"$f":"OFFSET(CÁLCULO!$P$12,0,EVENTOS!AH$13)","v":"."},{"$f":"OFFSET(CÁLCULO!$P$12,0,EVENTOS!AI$13)","v":"."}]
["FILTRO",null,{"$f":"IF(ACOMPANHAMENTO=\"BM\",\"Foi selecionado na aba 'MENU' o acompanhamento por BM. Não há necessidade de definição de Eventos.\",IF(AND(Import.Eventos.Nível<>\"Definir Manualmente\",Import.Eventos.Nível<>\"\"),\"Foi selecionada a forma automática de definição dos agrupadores de eventos.\",\"\"))","v":"Foi selecionada a forma automática de definição dos agrupadores de eventos."}]
["↓"]
[null,null,"Nº do Evento","Título do Evento",{"$f":"IF(NOT(ISNUMBER(OFFSET(E13,0,-1))),1,IF(OR(OFFSET(E13,0,-1)=0,OFFSET(E13,0,-1)+1>CÁLCULO.FrentesPreenchidas),0,OFFSET(E13,0,-1)+1))","v":1},"Valor Total dos Eventos (R$)",null,{"$f":"IF(NOT(ISNUMBER(OFFSET(H13,0,-1))),1,IF(OR(OFFSET(H13,0,-1)=0,OFFSET(H13,0,-1)+1>CÁLCULO.FrentesPreenchidas),0,OFFSET(H13,0,-1)+1))","v":1},2,3,4,5,0,0,0,0,0,0,0,0,0,0,0,0,0,0,0,0,0,0,0,0,0,0,0]
["F",null,null,"Total:",{"$f":"SUM(E$15:E$48)","v":0},{"$f":"SUM(F$15:F$48)","v":0},null,{"$f":"SUM(H$15:H$48)","v":0},0,0,0,0,0,0,0,0,0,0,0,0,0,0,0,0,0,0,0,0,0,0,0,0,0,0,0]
[{"$f":"IF(D15=\"\",\"\",\"F\")","v":""},{"$f":"IF(OR(C15=\" \",D15=\"\"),\"\",CONCATENATE(C15,\". \",D15))","v":""},{"$f":"IF(AdmLocal=\"Automática\",1,0)","v":0},{"$f":"IF(C15=1,\"Administração Local\",\"\")","v":""},{"$f":"IF($F$15=0,0,IF(E13=1,$F$15-SUM($I$15:$AJ$15),ROUND(SUM(OFFSET(E15,1,0):OFFSET(E$48,-1,0))/SUM(OFFSET($F15,1,0):OFFSET($F$48,-1,0))*$F$15,2)))","v":0},{"$f":"IF($C$15=0,0,ROUND(SUMPRODUCT((CÁLCULO!$M$15:$M$237=EVENTOS!$C15)*(ORÇAMENTO!$X$15:'ORÇAMENTO'!$X$237)),2))","v":0},null,{"$f":"IF($F$15=0,0,IF(H13=1,$F$15-SUM($I$15:$AJ$15),ROUND(SUM(OFFSET(H15,1,0):OFFSET(H$48,-1,0))/SUM(OFFSET($F15,1,0):OFFSET($F$48,-1,0))*$F$15,2)))","v":0},{"$f":"IF($F$15=0,0,IF(I13=1,$F$15-SUM($I$15:$AJ$15),ROUND(SUM(OFFSET(I15,1,0):OFFSET(I$48,-1,0))/SUM(OFFSET($F15,1,0):OFFSET($F$48,-1,0))*$F$15,2)))","v":0},{"$f":"IF($F$15=0,0,IF(J13=1,$F$15-SUM($I$15:$AJ$15),ROUND(SUM(OFFSET(J15,1,0):OFFSET(J$48,-1,0))/SUM(OFFSET($F15,1,0):OFFSET($F$48,-1,0))*$F$15,2)))","v":0},{"$f":"IF($F$15=0,0,IF(K13=1,$F$15-SUM($I$15:$AJ$15),ROUND(SUM(OFFSET(K15,1,0):OFFSET(K$48,-1,0))/SUM(OFFSET($F15,1,0):OFFSET($F$48,-1,0))*$F$15,2)))","v":0},{"$f":"IF($F$15=0,0,IF(L13=1,$F$15-SUM($I$15:$AJ$15),ROUND(SUM(OFFSET(L15,1,0):OFFSET(L$48,-1,0))/SUM(OFFSET($F15,1,0):OFFSET($F$48,-1,0))*$F$15,2)))","v":0},{"$f":"IF($F$15=0,0,IF(M13=1,$F$15-SUM($I$15:$AJ$15),ROUND(SUM(OFFSET(M15,1,0):OFFSET(M$48,-1,0))/SUM(OFFSET($F15,1,0):OFFSET($F$48,-1,0))*$F$15,2)))","v":0},{"$f":"IF($F$15=0,0,IF(N13=1,$F$15-SUM($I$15:$AJ$15),ROUND(SUM(OFFSET(N15,1,0):OFFSET(N$48,-1,0))/SUM(OFFSET($F15,1,0):OFFSET($F$48,-1,0))*$F$15,2)))","v":0},{"$f":"IF($F$15=0,0,IF(O13=1,$F$15-SUM($I$15:$AJ$15),ROUND(SUM(OFFSET(O15,1,0):OFFSET(O$48,-1,0))/SUM(OFFSET($F15,1,0):OFFSET($F$48,-1,0))*$F$15,2)))","v":0},{"$f":"IF($F$15=0,0,IF(P13=1,$F$15-SUM($I$15:$AJ$15),ROUND(SUM(OFFSET(P15,1,0):OFFSET(P$48,-1,0))/SUM(OFFSET($F15,1,0):OFFSET($F$48,-1,0))*$F$15,2)))","v":0},{"$f":"IF($F$15=0,0,IF(Q13=1,$F$15-SUM($I$15:$AJ$15),ROUND(SUM(OFFSET(Q15,1,0):OFFSET(Q$48,-1,0))/SUM(OFFSET($F15,1,0):OFFSET($F$48,-1,0))*$F$15,2)))","v":0},{"$f":"IF($F$15=0,0,IF(R13=1,$F$15-SUM($I$15:$AJ$15),ROUND(SUM(OFFSET(R15,1,0):OFFSET(R$48,-1,0))/SUM(OFFSET($F15,1,0):OFFSET($F$48,-1,0))*$F$15,2)))","v":0},{"$f":"IF($F$15=0,0,IF(S13=1,$F$15-SUM($I$15:$AJ$15),ROUND(SUM(OFFSET(S15,1,0):OFFSET(S$48,-1,0))/SUM(OFFSET($F15,1,0):OFFSET($F$48,-1,0))*$F$15,2)))","v":0},{"$f":"IF($F$15=0,0,IF(T13=1,$F$15-SUM($I$15:$AJ$15),ROUND(SUM(OFFSET(T15,1,0):OFFSET(T$48,-1,0))/SUM(OFFSET($F15,1,0):OFFSET($F$48,-1,0))*$F$15,2)))","v":0},{"$f":"IF($F$15=0,0,IF(U13=1,$F$15-SUM($I$15:$AJ$15),ROUND(SUM(OFFSET(U15,1,0):OFFSET(U$48,-1,0))/SUM(OFFSET($F15,1,0):OFFSET($F$48,-1,0))*$F$15,2)))","v":0},{"$f":"IF($F$15=0,0,IF(V13=1,$F$15-SUM($I$15:$AJ$15),ROUND(SUM(OFFSET(V15,1,0):OFFSET(V$48,-1,0))/SUM(OFFSET($F15,1,0):OFFSET($F$48,-1,0))*$F$15,2)))","v":0},{"$f":"IF($F$15=0,0,IF(W13=1,$F$15-SUM($I$15:$AJ$15),ROUND(SUM(OFFSET(W15,1,0):OFFSET(W$48,-1,0))/SUM(OFFSET($F15,1,0):OFFSET($F$48,-1,0))*$F$15,2)))","v":0},{"$f":"IF($F$15=0,0,IF(X13=1,$F$15-SUM($I$15:$AJ$15),ROUND(SUM(OFFSET(X15,1,0):OFFSET(X$48,-1,0))/SUM(OFFSET($F15,1,0):OFFSET($F$48,-1,0))*$F$15,2)))","v":0},{"$f":"IF($F$15=0,0,IF(Y13=1,$F$15-SUM($I$15:$AJ$15),ROUND(SUM(OFFSET(Y15,1,0):OFFSET(Y$48,-1,0))/SUM(OFFSET($F15,1,0):OFFSET($F$48,-1,0))*$F$15,2)))","v":0},{"$f":"IF($F$15=0,0,IF(Z13=1,$F$15-SUM($I$15:$AJ$15),ROUND(SUM(OFFSET(Z15,1,0):OFFSET(Z$48,-1,0))/SUM(OFFSET($F15,1,0):OFFSET($F$48,-1,0))*$F$15,2)))","v":0},{"$f":"IF($F$15=0,0,IF(AA13=1,$F$15-SUM($I$15:$AJ$15),ROUND(SUM(OFFSET(AA15,1,0):OFFSET(AA$48,-1,0))/SUM(OFFSET($F15,1,0):OFFSET($F$48,-1,0))*$F$15,2)))","v":0},{"$f":"IF($F$15=0,0,IF(AB13=1,$F$15-SUM($I$15:$AJ$15),ROUND(SUM(OFFSET(AB15,1,0):OFFSET(AB$48,-1,0))/SUM(OFFSET($F15,1,0):OFFSET($F$48,-1,0))*$F$15,2)))","v":0},{"$f":"IF($F$15=0,0,IF(AC13=1,$F$15-SUM($I$15:$AJ$15),ROUND(SUM(OFFSET(AC15,1,0):OFFSET(AC$48,-1,0))/SUM(OFFSET($F15,1,0):OFFSET($F$48,-1,0))*$F$15,2)))","v":0},{"$f":"IF($F$15=0,0,IF(AD13=1,$F$15-SUM($I$15:$AJ$15),ROUND(SUM(OFFSET(AD15,1,0):OFFSET(AD$48,-1,0))/SUM(OFFSET($F15,1,0):OFFSET($F$48,-1,0))*$F$15,2)))","v":0},{"$f":"IF($F$15=0,0,IF(AE13=1,$F$15-SUM($I$15:$AJ$15),ROUND(SUM(OFFSET(AE15,1,0):OFFSET(AE$48,-1,0))/SUM(OFFSET($F15,1,0):OFFSET($F$48,-1,0))*$F$15,2)))","v":0},{"$f":"IF($F$15=0,0,IF(AF13=1,$F$15-SUM($I$15:$AJ$15),ROUND(SUM(OFFSET(AF15,1,0):OFFSET(AF$48,-1,0))/SUM(OFFSET($F15,1,0):OFFSET($F$48,-1,0))*$F$15,2)))","v":0},{"$f":"IF($F$15=0,0,IF(AG13=1,$F$15-SUM($I$15:$AJ$15),ROUND(SUM(OFFSET(AG15,1,0):OFFSET(AG$48,-1,0))/SUM(OFFSET($F15,1,0):OFFSET($F$48,-1,0))*$F$15,2)))","v":0},{"$f":"IF($F$15=0,0,IF(AH13=1,$F$15-SUM($I$15:$AJ$15),ROUND(SUM(OFFSET(AH15,1,0):OFFSET(AH$48,-1,0))/SUM(OFFSET($F15,1,0):OFFSET($F$48,-1,0))*$F$15,2)))","v":0},{"$f":"IF($F$15=0,0,IF(AI13=1,$F$15-SUM($I$15:$AJ$15),ROUND(SUM(OFFSET(AI15,1,0):OFFSET(AI$48,-1,0))/SUM(OFFSET($F15,1,0):OFFSET($F$48,-1,0))*$F$15,2)))","v":0}]
["F",{"$f":"IF(OR(C16=\" \",D16=\"\"),\"\",CONCATENATE(C16,\". \",D16))","v":"1. SERVIÇOS PRELIMINARES"},{"$f":"IF(OR(ROW(C16)=ROW(EVENTOS.firstrow)+1,AND(OFFSET(C16,-1,0)<>\" \",OFFSET(C16,-1,1)<>\"\")),OFFSET(C16,-1,0)+1,\" \")","v":1},"SERVIÇOS PRELIMINARES",{"$f":"IF(AUTOEVENTO=\"Manual\",ROUND(SUMPRODUCT((CÁLCULO!$M$15:$M$237=EVENTOS!$C16)*(OFFSET(CÁLCULO!$AQ$15:$AQ$237,0,E$13))),2),0)","v":0},{"$f":"IF(AUTOEVENTO=\"Manual\",ROUND(SUMPRODUCT((CÁLCULO!$M$15:$M$237=EVENTOS!$C16)*(OFFSET(CÁLCULO!$AQ$15,0,1):OFFSET(CÁLCULO!$BR$237,0,-1))),2),0)","v":0},{"$f":"IF(AND(D16=0,F16>0),\"NOME\",\n IF(AND(D16<>0,$F$14>0,F16=0),\"VALOR\",\n IF(AND(Import.TipoArredondamento=\"TransfereGOV\",$A16=\"F\",LEN(D16)>100),\"Nome >100\",\"\")))","v":""},{"$f":"IF(AUTOEVENTO=\"Manual\",ROUND(SUMPRODUCT((CÁLCULO!$M$15:$M$237=EVENTOS!$C16)*(OFFSET(CÁLCULO!$AQ$15:$AQ$237,0,H$13))),2),0)","v":0},{"$f":"IF(AUTOEVENTO=\"Manual\",ROUND(SUMPRODUCT((CÁLCULO!$M$15:$M$237=EVENTOS!$C16)*(OFFSET(CÁLCULO!$AQ$15:$AQ$237,0,I$13))),2),0)","v":0},{"$f":"IF(AUTOEVENTO=\"Manual\",ROUND(SUMPRODUCT((CÁLCULO!$M$15:$M$237=EVENTOS!$C16)*(OFFSET(CÁLCULO!$AQ$15:$AQ$237,0,J$13))),2),0)","v":0},{"$f":"IF(AUTOEVENTO=\"Manual\",ROUND(SUMPRODUCT((CÁLCULO!$M$15:$M$237=EVENTOS!$C16)*(OFFSET(CÁLCULO!$AQ$15:$AQ$237,0,K$13))),2),0)","v":0},{"$f":"IF(AUTOEVENTO=\"Manual\",ROUND(SUMPRODUCT((CÁLCULO!$M$15:$M$237=EVENTOS!$C16)*(OFFSET(CÁLCULO!$AQ$15:$AQ$237,0,L$13))),2),0)","v":0},{"$f":"IF(AUTOEVENTO=\"Manual\",ROUND(SUMPRODUCT((CÁLCULO!$M$15:$M$237=EVENTOS!$C16)*(OFFSET(CÁLCULO!$AQ$15:$AQ$237,0,M$13))),2),0)","v":0},{"$f":"IF(AUTOEVENTO=\"Manual\",ROUND(SUMPRODUCT((CÁLCULO!$M$15:$M$237=EVENTOS!$C16)*(OFFSET(CÁLCULO!$AQ$15:$AQ$237,0,N$13))),2),0)","v":0},{"$f":"IF(AUTOEVENTO=\"Manual\",ROUND(SUMPRODUCT((CÁLCULO!$M$15:$M$237=EVENTOS!$C16)*(OFFSET(CÁLCULO!$AQ$15:$AQ$237,0,O$13))),2),0)","v":0},{"$f":"IF(AUTOEVENTO=\"Manual\",ROUND(SUMPRODUCT((CÁLCULO!$M$15:$M$237=EVENTOS!$C16)*(OFFSET(CÁLCULO!$AQ$15:$AQ$237,0,P$13))),2),0)","v":0},{"$f":"IF(AUTOEVENTO=\"Manual\",ROUND(SUMPRODUCT((CÁLCULO!$M$15:$M$237=EVENTOS!$C16)*(OFFSET(CÁLCULO!$AQ$15:$AQ$237,0,Q$13))),2),0)","v":0},{"$f":"IF(AUTOEVENTO=\"Manual\",ROUND(SUMPRODUCT((CÁLCULO!$M$15:$M$237=EVENTOS!$C16)*(OFFSET(CÁLCULO!$AQ$15:$AQ$237,0,R$13))),2),0)","v":0},{"$f":"IF(AUTOEVENTO=\"Manual\",ROUND(SUMPRODUCT((CÁLCULO!$M$15:$M$237=EVENTOS!$C16)*(OFFSET(CÁLCULO!$AQ$15:$AQ$237,0,S$13))),2),0)","v":0},{"$f":"IF(AUTOEVENTO=\"Manual\",ROUND(SUMPRODUCT((CÁLCULO!$M$15:$M$237=EVENTOS!$C16)*(OFFSET(CÁLCULO!$AQ$15:$AQ$237,0,T$13))),2),0)","v":0},{"$f":"IF(AUTOEVENTO=\"Manual\",ROUND(SUMPRODUCT((CÁLCULO!$M$15:$M$237=EVENTOS!$C16)*(OFFSET(CÁLCULO!$AQ$15:$AQ$237,0,U$13))),2),0)","v":0},{"$f":"IF(AUTOEVENTO=\"Manual\",ROUND(SUMPRODUCT((CÁLCULO!$M$15:$M$237=EVENTOS!$C16)*(OFFSET(CÁLCULO!$AQ$15:$AQ$237,0,V$13))),2),0)","v":0},{"$f":"IF(AUTOEVENTO=\"Manual\",ROUND(SUMPRODUCT((CÁLCULO!$M$15:$M$237=EVENTOS!$C16)*(OFFSET(CÁLCULO!$AQ$15:$AQ$237,0,W$13))),2),0)","v":0},{"$f":"IF(AUTOEVENTO=\"Manual\",ROUND(SUMPRODUCT((CÁLCULO!$M$15:$M$237=EVENTOS!$C16)*(OFFSET(CÁLCULO!$AQ$15:$AQ$237,0,X$13))),2),0)","v":0},{"$f":"IF(AUTOEVENTO=\"Manual\",ROUND(SUMPRODUCT((CÁLCULO!$M$15:$M$237=EVENTOS!$C16)*(OFFSET(CÁLCULO!$AQ$15:$AQ$237,0,Y$13))),2),0)","v":0},{"$f":"IF(AUTOEVENTO=\"Manual\",ROUND(SUMPRODUCT((CÁLCULO!$M$15:$M$237=EVENTOS!$C16)*(OFFSET(CÁLCULO!$AQ$15:$AQ$237,0,Z$13))),2),0)","v":0},{"$f":"IF(AUTOEVENTO=\"Manual\",ROUND(SUMPRODUCT((CÁLCULO!$M$15:$M$237=EVENTOS!$C16)*(OFFSET(CÁLCULO!$AQ$15:$AQ$237,0,AA$13))),2),0)","v":0},{"$f":"IF(AUTOEVENTO=\"Manual\",ROUND(SUMPRODUCT((CÁLCULO!$M$15:$M$237=EVENTOS!$C16)*(OFFSET(CÁLCULO!$AQ$15:$AQ$237,0,AB$13))),2),0)","v":0},{"$f":"IF(AUTOEVENTO=\"Manual\",ROUND(SUMPRODUCT((CÁLCULO!$M$15:$M$237=EVENTOS!$C16)*(OFFSET(CÁLCULO!$AQ$15:$AQ$237,0,AC$13))),2),0)","v":0},{"$f":"IF(AUTOEVENTO=\"Manual\",ROUND(SUMPRODUCT((CÁLCULO!$M$15:$M$237=EVENTOS!$C16)*(OFFSET(CÁLCULO!$AQ$15:$AQ$237,0,AD$13))),2),0)","v":0},{"$f":"IF(AUTOEVENTO=\"Manual\",ROUND(SUMPRODUCT((CÁLCULO!$M$15:$M$237=EVENTOS!$C16)*(OFFSET(CÁLCULO!$AQ$15:$AQ$237,0,AE$13))),2),0)","v":0},{"$f":"IF(AUTOEVENTO=\"Manual\",ROUND(SUMPRODUCT((CÁLCULO!$M$15:$M$237=EVENTOS!$C16)*(OFFSET(CÁLCULO!$AQ$15:$AQ$237,0,AF$13))),2),0)","v":0},{"$f":"IF(AUTOEVENTO=\"Manual\",ROUND(SUMPRODUCT((CÁLCULO!$M$15:$M$237=EVENTOS!$C16)*(OFFSET(CÁLCULO!$AQ$15:$AQ$237,0,AG$13))),2),0)","v":0},{"$f":"IF(AUTOEVENTO=\"Manual\",ROUND(SUMPRODUCT((CÁLCULO!$M$15:$M$237=EVENTOS!$C16)*(OFFSET(CÁLCULO!$AQ$15:$AQ$237,0,AH$13))),2),0)","v":0},{"$f":"IF(AUTOEVENTO=\"Manual\",ROUND(SUMPRODUCT((CÁLCULO!$M$15:$M$237=EVENTOS!$C16)*(OFFSET(CÁLCULO!$AQ$15:$AQ$237,0,AI$13))),2),0)","v":0}]
["F","2. SAPATA",{"$f":"IF(OR(ROW(C17)=ROW(EVENTOS.firstrow)+1,AND(OFFSET(C17,-1,0)<>\" \",OFFSET(C17,-1,1)<>\"\")),OFFSET(C17,-1,0)+1,\" \")","v":2},"SAPATA",{"$f":"IF(AUTOEVENTO=\"Manual\",ROUND(SUMPRODUCT((CÁLCULO!$M$15:$M$237=EVENTOS!$C17)*(OFFSET(CÁLCULO!$AQ$15:$AQ$237,0,E$13))),2),0)","v":0},{"$f":"IF(AUTOEVENTO=\"Manual\",ROUND(SUMPRODUCT((CÁLCULO!$M$15:$M$237=EVENTOS!$C17)*(OFFSET(CÁLCULO!$AQ$15,0,1):OFFSET(CÁLCULO!$BR$237,0,-1))),2),0)","v":0},"",{"$f":"IF(AUTOEVENTO=\"Manual\",ROUND(SUMPRODUCT((CÁLCULO!$M$15:$M$237=EVENTOS!$C17)*(OFFSET(CÁLCULO!$AQ$15:$AQ$237,0,H$13))),2),0)","v":0},{"$f":"IF(AUTOEVENTO=\"Manual\",ROUND(SUMPRODUCT((CÁLCULO!$M$15:$M$237=EVENTOS!$C17)*(OFFSET(CÁLCULO!$AQ$15:$AQ$237,0,I$13))),2),0)","v":0},{"$f":"IF(AUTOEVENTO=\"Manual\",ROUND(SUMPRODUCT((CÁLCULO!$M$15:$M$237=EVENTOS!$C17)*(OFFSET(CÁLCULO!$AQ$15:$AQ$237,0,J$13))),2),0)","v":0},{"$f":"IF(AUTOEVENTO=\"Manual\",ROUND(SUMPRODUCT((CÁLCULO!$M$15:$M$237=EVENTOS!$C17)*(OFFSET(CÁLCULO!$AQ$15:$AQ$237,0,K$13))),2),0)","v":0},{"$f":"IF(AUTOEVENTO=\"Manual\",ROUND(SUMPRODUCT((CÁLCULO!$M$15:$M$237=EVENTOS!$C17)*(OFFSET(CÁLCULO!$AQ$15:$AQ$237,0,L$13))),2),0)","v":0},{"$f":"IF(AUTOEVENTO=\"Manual\",ROUND(SUMPRODUCT((CÁLCULO!$M$15:$M$237=EVENTOS!$C17)*(OFFSET(CÁLCULO!$AQ$15:$AQ$237,0,M$13))),2),0)","v":0},{"$f":"IF(AUTOEVENTO=\"Manual\",ROUND(SUMPRODUCT((CÁLCULO!$M$15:$M$237=EVENTOS!$C17)*(OFFSET(CÁLCULO!$AQ$15:$AQ$237,0,N$13))),2),0)","v":0},{"$f":"IF(AUTOEVENTO=\"Manual\",ROUND(SUMPRODUCT((CÁLCULO!$M$15:$M$237=EVENTOS!$C17)*(OFFSET(CÁLCULO!$AQ$15:$AQ$237,0,O$13))),2),0)","v":0},{"$f":"IF(AUTOEVENTO=\"Manual\",ROUND(SUMPRODUCT((CÁLCULO!$M$15:$M$237=EVENTOS!$C17)*(OFFSET(CÁLCULO!$AQ$15:$AQ$237,0,P$13))),2),0)","v":0},{"$f":"IF(AUTOEVENTO=\"Manual\",ROUND(SUMPRODUCT((CÁLCULO!$M$15:$M$237=EVENTOS!$C17)*(OFFSET(CÁLCULO!$AQ$15:$AQ$237,0,Q$13))),2),0)","v":0},{"$f":"IF(AUTOEVENTO=\"Manual\",ROUND(SUMPRODUCT((CÁLCULO!$M$15:$M$237=EVENTOS!$C17)*(OFFSET(CÁLCULO!$AQ$15:$AQ$237,0,R$13))),2),0)","v":0},{"$f":"IF(AUTOEVENTO=\"Manual\",ROUND(SUMPRODUCT((CÁLCULO!$M$15:$M$237=EVENTOS!$C17)*(OFFSET(CÁLCULO!$AQ$15:$AQ$237,0,S$13))),2),0)","v":0},{"$f":"IF(AUTOEVENTO=\"Manual\",ROUND(SUMPRODUCT((CÁLCULO!$M$15:$M$237=EVENTOS!$C17)*(OFFSET(CÁLCULO!$AQ$15:$AQ$237,0,T$13))),2),0)","v":0},{"$f":"IF(AUTOEVENTO=\"Manual\",ROUND(SUMPRODUCT((CÁLCULO!$M$15:$M$237=EVENTOS!$C17)*(OFFSET(CÁLCULO!$AQ$15:$AQ$237,0,U$13))),2),0)","v":0},{"$f":"IF(AUTOEVENTO=\"Manual\",ROUND(SUMPRODUCT((CÁLCULO!$M$15:$M$237=EVENTOS!$C17)*(OFFSET(CÁLCULO!$AQ$15:$AQ$237,0,V$13))),2),0)","v":0},{"$f":"IF(AUTOEVENTO=\"Manual\",ROUND(SUMPRODUCT((CÁLCULO!$M$15:$M$237=EVENTOS!$C17)*(OFFSET(CÁLCULO!$AQ$15:$AQ$237,0,W$13))),2),0)","v":0},{"$f":"IF(AUTOEVENTO=\"Manual\",ROUND(SUMPRODUCT((CÁLCULO!$M$15:$M$237=EVENTOS!$C17)*(OFFSET(CÁLCULO!$AQ$15:$AQ$237,0,X$13))),2),0)","v":0},{"$f":"IF(AUTOEVENTO=\"Manual\",ROUND(SUMPRODUCT((CÁLCULO!$M$15:$M$237=EVENTOS!$C17)*(OFFSET(CÁLCULO!$AQ$15:$AQ$237,0,Y$13))),2),0)","v":0},{"$f":"IF(AUTOEVENTO=\"Manual\",ROUND(SUMPRODUCT((CÁLCULO!$M$15:$M$237=EVENTOS!$C17)*(OFFSET(CÁLCULO!$AQ$15:$AQ$237,0,Z$13))),2),0)","v":0},{"$f":"IF(AUTOEVENTO=\"Manual\",ROUND(SUMPRODUCT((CÁLCULO!$M$15:$M$237=EVENTOS!$C17)*(OFFSET(CÁLCULO!$AQ$15:$AQ$237,0,AA$13))),2),0)","v":0},{"$f":"IF(AUTOEVENTO=\"Manual\",ROUND(SUMPRODUCT((CÁLCULO!$M$15:$M$237=EVENTOS!$C17)*(OFFSET(CÁLCULO!$AQ$15:$AQ$237,0,AB$13))),2),0)","v":0},{"$f":"IF(AUTOEVENTO=\"Manual\",ROUND(SUMPRODUCT((CÁLCULO!$M$15:$M$237=EVENTOS!$C17)*(OFFSET(CÁLCULO!$AQ$15:$AQ$237,0,AC$13))),2),0)","v":0},{"$f":"IF(AUTOEVENTO=\"Manual\",ROUND(SUMPRODUCT((CÁLCULO!$M$15:$M$237=EVENTOS!$C17)*(OFFSET(CÁLCULO!$AQ$15:$AQ$237,0,AD$13))),2),0)","v":0},{"$f":"IF(AUTOEVENTO=\"Manual\",ROUND(SUMPRODUCT((CÁLCULO!$M$15:$M$237=EVENTOS!$C17)*(OFFSET(CÁLCULO!$AQ$15:$AQ$237,0,AE$13))),2),0)","v":0},{"$f":"IF(AUTOEVENTO=\"Manual\",ROUND(SUMPRODUCT((CÁLCULO!$M$15:$M$237=EVENTOS!$C17)*(OFFSET(CÁLCULO!$AQ$15:$AQ$237,0,AF$13))),2),0)","v":0},{"$f":"IF(AUTOEVENTO=\"Manual\",ROUND(SUMPRODUCT((CÁLCULO!$M$15:$M$237=EVENTOS!$C17)*(OFFSET(CÁLCULO!$AQ$15:$AQ$237,0,AG$13))),2),0)","v":0},{"$f":"IF(AUTOEVENTO=\"Manual\",ROUND(SUMPRODUCT((CÁLCULO!$M$15:$M$237=EVENTOS!$C17)*(OFFSET(CÁLCULO!$AQ$15:$AQ$237,0,AH$13))),2),0)","v":0},{"$f":"IF(AUTOEVENTO=\"Manual\",ROUND(SUMPRODUCT((CÁLCULO!$M$15:$M$237=EVENTOS!$C17)*(OFFSET(CÁLCULO!$AQ$15:$AQ$237,0,AI$13))),2),0)","v":0}]
["F","3. BALDRAMES",{"$f":"IF(OR(ROW(C18)=ROW(EVENTOS.firstrow)+1,AND(OFFSET(C18,-1,0)<>\" \",OFFSET(C18,-1,1)<>\"\")),OFFSET(C18,-1,0)+1,\" \")","v":3},"BALDRAMES",{"$f":"IF(AUTOEVENTO=\"Manual\",ROUND(SUMPRODUCT((CÁLCULO!$M$15:$M$237=EVENTOS!$C18)*(OFFSET(CÁLCULO!$AQ$15:$AQ$237,0,E$13))),2),0)","v":0},{"$f":"IF(AUTOEVENTO=\"Manual\",ROUND(SUMPRODUCT((CÁLCULO!$M$15:$M$237=EVENTOS!$C18)*(OFFSET(CÁLCULO!$AQ$15,0,1):OFFSET(CÁLCULO!$BR$237,0,-1))),2),0)","v":0},"",{"$f":"IF(AUTOEVENTO=\"Manual\",ROUND(SUMPRODUCT((CÁLCULO!$M$15:$M$237=EVENTOS!$C18)*(OFFSET(CÁLCULO!$AQ$15:$AQ$237,0,H$13))),2),0)","v":0},{"$f":"IF(AUTOEVENTO=\"Manual\",ROUND(SUMPRODUCT((CÁLCULO!$M$15:$M$237=EVENTOS!$C18)*(OFFSET(CÁLCULO!$AQ$15:$AQ$237,0,I$13))),2),0)","v":0},{"$f":"IF(AUTOEVENTO=\"Manual\",ROUND(SUMPRODUCT((CÁLCULO!$M$15:$M$237=EVENTOS!$C18)*(OFFSET(CÁLCULO!$AQ$15:$AQ$237,0,J$13))),2),0)","v":0},{"$f":"IF(AUTOEVENTO=\"Manual\",ROUND(SUMPRODUCT((CÁLCULO!$M$15:$M$237=EVENTOS!$C18)*(OFFSET(CÁLCULO!$AQ$15:$AQ$237,0,K$13))),2),0)","v":0},{"$f":"IF(AUTOEVENTO=\"Manual\",ROUND(SUMPRODUCT((CÁLCULO!$M$15:$M$237=EVENTOS!$C18)*(OFFSET(CÁLCULO!$AQ$15:$AQ$237,0,L$13))),2),0)","v":0},{"$f":"IF(AUTOEVENTO=\"Manual\",ROUND(SUMPRODUCT((CÁLCULO!$M$15:$M$237=EVENTOS!$C18)*(OFFSET(CÁLCULO!$AQ$15:$AQ$237,0,M$13))),2),0)","v":0},{"$f":"IF(AUTOEVENTO=\"Manual\",ROUND(SUMPRODUCT((CÁLCULO!$M$15:$M$237=EVENTOS!$C18)*(OFFSET(CÁLCULO!$AQ$15:$AQ$237,0,N$13))),2),0)","v":0},{"$f":"IF(AUTOEVENTO=\"Manual\",ROUND(SUMPRODUCT((CÁLCULO!$M$15:$M$237=EVENTOS!$C18)*(OFFSET(CÁLCULO!$AQ$15:$AQ$237,0,O$13))),2),0)","v":0},{"$f":"IF(AUTOEVENTO=\"Manual\",ROUND(SUMPRODUCT((CÁLCULO!$M$15:$M$237=EVENTOS!$C18)*(OFFSET(CÁLCULO!$AQ$15:$AQ$237,0,P$13))),2),0)","v":0},{"$f":"IF(AUTOEVENTO=\"Manual\",ROUND(SUMPRODUCT((CÁLCULO!$M$15:$M$237=EVENTOS!$C18)*(OFFSET(CÁLCULO!$AQ$15:$AQ$237,0,Q$13))),2),0)","v":0},{"$f":"IF(AUTOEVENTO=\"Manual\",ROUND(SUMPRODUCT((CÁLCULO!$M$15:$M$237=EVENTOS!$C18)*(OFFSET(CÁLCULO!$AQ$15:$AQ$237,0,R$13))),2),0)","v":0},{"$f":"IF(AUTOEVENTO=\"Manual\",ROUND(SUMPRODUCT((CÁLCULO!$M$15:$M$237=EVENTOS!$C18)*(OFFSET(CÁLCULO!$AQ$15:$AQ$237,0,S$13))),2),0)","v":0},{"$f":"IF(AUTOEVENTO=\"Manual\",ROUND(SUMPRODUCT((CÁLCULO!$M$15:$M$237=EVENTOS!$C18)*(OFFSET(CÁLCULO!$AQ$15:$AQ$237,0,T$13))),2),0)","v":0},{"$f":"IF(AUTOEVENTO=\"Manual\",ROUND(SUMPRODUCT((CÁLCULO!$M$15:$M$237=EVENTOS!$C18)*(OFFSET(CÁLCULO!$AQ$15:$AQ$237,0,U$13))),2),0)","v":0},{"$f":"IF(AUTOEVENTO=\"Manual\",ROUND(SUMPRODUCT((CÁLCULO!$M$15:$M$237=EVENTOS!$C18)*(OFFSET(CÁLCULO!$AQ$15:$AQ$237,0,V$13))),2),0)","v":0},{"$f":"IF(AUTOEVENTO=\"Manual\",ROUND(SUMPRODUCT((CÁLCULO!$M$15:$M$237=EVENTOS!$C18)*(OFFSET(CÁLCULO!$AQ$15:$AQ$237,0,W$13))),2),0)","v":0},{"$f":"IF(AUTOEVENTO=\"Manual\",ROUND(SUMPRODUCT((CÁLCULO!$M$15:$M$237=EVENTOS!$C18)*(OFFSET(CÁLCULO!$AQ$15:$AQ$237,0,X$13))),2),0)","v":0},{"$f":"IF(AUTOEVENTO=\"Manual\",ROUND(SUMPRODUCT((CÁLCULO!$M$15:$M$237=EVENTOS!$C18)*(OFFSET(CÁLCULO!$AQ$15:$AQ$237,0,Y$13))),2),0)","v":0},{"$f":"IF(AUTOEVENTO=\"Manual\",ROUND(SUMPRODUCT((CÁLCULO!$M$15:$M$237=EVENTOS!$C18)*(OFFSET(CÁLCULO!$AQ$15:$AQ$237,0,Z$13))),2),0)","v":0},{"$f":"IF(AUTOEVENTO=\"Manual\",ROUND(SUMPRODUCT((CÁLCULO!$M$15:$M$237=EVENTOS!$C18)*(OFFSET(CÁLCULO!$AQ$15:$AQ$237,0,AA$13))),2),0)","v":0},{"$f":"IF(AUTOEVENTO=\"Manual\",ROUND(SUMPRODUCT((CÁLCULO!$M$15:$M$237=EVENTOS!$C18)*(OFFSET(CÁLCULO!$AQ$15:$AQ$237,0,AB$13))),2),0)","v":0},{"$f":"IF(AUTOEVENTO=\"Manual\",ROUND(SUMPRODUCT((CÁLCULO!$M$15:$M$237=EVENTOS!$C18)*(OFFSET(CÁLCULO!$AQ$15:$AQ$237,0,AC$13))),2),0)","v":0},{"$f":"IF(AUTOEVENTO=\"Manual\",ROUND(SUMPRODUCT((CÁLCULO!$M$15:$M$237=EVENTOS!$C18)*(OFFSET(CÁLCULO!$AQ$15:$AQ$237,0,AD$13))),2),0)","v":0},{"$f":"IF(AUTOEVENTO=\"Manual\",ROUND(SUMPRODUCT((CÁLCULO!$M$15:$M$237=EVENTOS!$C18)*(OFFSET(CÁLCULO!$AQ$15:$AQ$237,0,AE$13))),2),0)","v":0},{"$f":"IF(AUTOEVENTO=\"Manual\",ROUND(SUMPRODUCT((CÁLCULO!$M$15:$M$237=EVENTOS!$C18)*(OFFSET(CÁLCULO!$AQ$15:$AQ$237,0,AF$13))),2),0)","v":0},{"$f":"IF(AUTOEVENTO=\"Manual\",ROUND(SUMPRODUCT((CÁLCULO!$M$15:$M$237=EVENTOS!$C18)*(OFFSET(CÁLCULO!$AQ$15:$AQ$237,0,AG$13))),2),0)","v":0},{"$f":"IF(AUTOEVENTO=\"Manual\",ROUND(SUMPRODUCT((CÁLCULO!$M$15:$M$237=EVENTOS!$C18)*(OFFSET(CÁLCULO!$AQ$15:$AQ$237,0,AH$13))),2),0)","v":0},{"$f":"IF(AUTOEVENTO=\"Manual\",ROUND(SUMPRODUCT((CÁLCULO!$M$15:$M$237=EVENTOS!$C18)*(OFFSET(CÁLCULO!$AQ$15:$AQ$237,0,AI$13))),2),0)","v":0}]
["F","4. IMPERMEABILIZAÇÃO",{"$f":"IF(OR(ROW(C19)=ROW(EVENTOS.firstrow)+1,AND(OFFSET(C19,-1,0)<>\" \",OFFSET(C19,-1,1)<>\"\")),OFFSET(C19,-1,0)+1,\" \")","v":4},"IMPERMEABILIZAÇÃO",{"$f":"IF(AUTOEVENTO=\"Manual\",ROUND(SUMPRODUCT((CÁLCULO!$M$15:$M$237=EVENTOS!$C19)*(OFFSET(CÁLCULO!$AQ$15:$AQ$237,0,E$13))),2),0)","v":0},{"$f":"IF(AUTOEVENTO=\"Manual\",ROUND(SUMPRODUCT((CÁLCULO!$M$15:$M$237=EVENTOS!$C19)*(OFFSET(CÁLCULO!$AQ$15,0,1):OFFSET(CÁLCULO!$BR$237,0,-1))),2),0)","v":0},"",{"$f":"IF(AUTOEVENTO=\"Manual\",ROUND(SUMPRODUCT((CÁLCULO!$M$15:$M$237=EVENTOS!$C19)*(OFFSET(CÁLCULO!$AQ$15:$AQ$237,0,H$13))),2),0)","v":0},{"$f":"IF(AUTOEVENTO=\"Manual\",ROUND(SUMPRODUCT((CÁLCULO!$M$15:$M$237=EVENTOS!$C19)*(OFFSET(CÁLCULO!$AQ$15:$AQ$237,0,I$13))),2),0)","v":0},{"$f":"IF(AUTOEVENTO=\"Manual\",ROUND(SUMPRODUCT((CÁLCULO!$M$15:$M$237=EVENTOS!$C19)*(OFFSET(CÁLCULO!$AQ$15:$AQ$237,0,J$13))),2),0)","v":0},{"$f":"IF(AUTOEVENTO=\"Manual\",ROUND(SUMPRODUCT((CÁLCULO!$M$15:$M$237=EVENTOS!$C19)*(OFFSET(CÁLCULO!$AQ$15:$AQ$237,0,K$13))),2),0)","v":0},{"$f":"IF(AUTOEVENTO=\"Manual\",ROUND(SUMPRODUCT((CÁLCULO!$M$15:$M$237=EVENTOS!$C19)*(OFFSET(CÁLCULO!$AQ$15:$AQ$237,0,L$13))),2),0)","v":0},{"$f":"IF(AUTOEVENTO=\"Manual\",ROUND(SUMPRODUCT((CÁLCULO!$M$15:$M$237=EVENTOS!$C19)*(OFFSET(CÁLCULO!$AQ$15:$AQ$237,0,M$13))),2),0)","v":0},{"$f":"IF(AUTOEVENTO=\"Manual\",ROUND(SUMPRODUCT((CÁLCULO!$M$15:$M$237=EVENTOS!$C19)*(OFFSET(CÁLCULO!$AQ$15:$AQ$237,0,N$13))),2),0)","v":0},{"$f":"IF(AUTOEVENTO=\"Manual\",ROUND(SUMPRODUCT((CÁLCULO!$M$15:$M$237=EVENTOS!$C19)*(OFFSET(CÁLCULO!$AQ$15:$AQ$237,0,O$13))),2),0)","v":0},{"$f":"IF(AUTOEVENTO=\"Manual\",ROUND(SUMPRODUCT((CÁLCULO!$M$15:$M$237=EVENTOS!$C19)*(OFFSET(CÁLCULO!$AQ$15:$AQ$237,0,P$13))),2),0)","v":0},{"$f":"IF(AUTOEVENTO=\"Manual\",ROUND(SUMPRODUCT((CÁLCULO!$M$15:$M$237=EVENTOS!$C19)*(OFFSET(CÁLCULO!$AQ$15:$AQ$237,0,Q$13))),2),0)","v":0},{"$f":"IF(AUTOEVENTO=\"Manual\",ROUND(SUMPRODUCT((CÁLCULO!$M$15:$M$237=EVENTOS!$C19)*(OFFSET(CÁLCULO!$AQ$15:$AQ$237,0,R$13))),2),0)","v":0},{"$f":"IF(AUTOEVENTO=\"Manual\",ROUND(SUMPRODUCT((CÁLCULO!$M$15:$M$237=EVENTOS!$C19)*(OFFSET(CÁLCULO!$AQ$15:$AQ$237,0,S$13))),2),0)","v":0},{"$f":"IF(AUTOEVENTO=\"Manual\",ROUND(SUMPRODUCT((CÁLCULO!$M$15:$M$237=EVENTOS!$C19)*(OFFSET(CÁLCULO!$AQ$15:$AQ$237,0,T$13))),2),0)","v":0},{"$f":"IF(AUTOEVENTO=\"Manual\",ROUND(SUMPRODUCT((CÁLCULO!$M$15:$M$237=EVENTOS!$C19)*(OFFSET(CÁLCULO!$AQ$15:$AQ$237,0,U$13))),2),0)","v":0},{"$f":"IF(AUTOEVENTO=\"Manual\",ROUND(SUMPRODUCT((CÁLCULO!$M$15:$M$237=EVENTOS!$C19)*(OFFSET(CÁLCULO!$AQ$15:$AQ$237,0,V$13))),2),0)","v":0},{"$f":"IF(AUTOEVENTO=\"Manual\",ROUND(SUMPRODUCT((CÁLCULO!$M$15:$M$237=EVENTOS!$C19)*(OFFSET(CÁLCULO!$AQ$15:$AQ$237,0,W$13))),2),0)","v":0},{"$f":"IF(AUTOEVENTO=\"Manual\",ROUND(SUMPRODUCT((CÁLCULO!$M$15:$M$237=EVENTOS!$C19)*(OFFSET(CÁLCULO!$AQ$15:$AQ$237,0,X$13))),2),0)","v":0},{"$f":"IF(AUTOEVENTO=\"Manual\",ROUND(SUMPRODUCT((CÁLCULO!$M$15:$M$237=EVENTOS!$C19)*(OFFSET(CÁLCULO!$AQ$15:$AQ$237,0,Y$13))),2),0)","v":0},{"$f":"IF(AUTOEVENTO=\"Manual\",ROUND(SUMPRODUCT((CÁLCULO!$M$15:$M$237=EVENTOS!$C19)*(OFFSET(CÁLCULO!$AQ$15:$AQ$237,0,Z$13))),2),0)","v":0},{"$f":"IF(AUTOEVENTO=\"Manual\",ROUND(SUMPRODUCT((CÁLCULO!$M$15:$M$237=EVENTOS!$C19)*(OFFSET(CÁLCULO!$AQ$15:$AQ$237,0,AA$13))),2),0)","v":0},{"$f":"IF(AUTOEVENTO=\"Manual\",ROUND(SUMPRODUCT((CÁLCULO!$M$15:$M$237=EVENTOS!$C19)*(OFFSET(CÁLCULO!$AQ$15:$AQ$237,0,AB$13))),2),0)","v":0},{"$f":"IF(AUTOEVENTO=\"Manual\",ROUND(SUMPRODUCT((CÁLCULO!$M$15:$M$237=EVENTOS!$C19)*(OFFSET(CÁLCULO!$AQ$15:$AQ$237,0,AC$13))),2),0)","v":0},{"$f":"IF(AUTOEVENTO=\"Manual\",ROUND(SUMPRODUCT((CÁLCULO!$M$15:$M$237=EVENTOS!$C19)*(OFFSET(CÁLCULO!$AQ$15:$AQ$237,0,AD$13))),2),0)","v":0},{"$f":"IF(AUTOEVENTO=\"Manual\",ROUND(SUMPRODUCT((CÁLCULO!$M$15:$M$237=EVENTOS!$C19)*(OFFSET(CÁLCULO!$AQ$15:$AQ$237,0,AE$13))),2),0)","v":0},{"$f":"IF(AUTOEVENTO=\"Manual\",ROUND(SUMPRODUCT((CÁLCULO!$M$15:$M$237=EVENTOS!$C19)*(OFFSET(CÁLCULO!$AQ$15:$AQ$237,0,AF$13))),2),0)","v":0},{"$f":"IF(AUTOEVENTO=\"Manual\",ROUND(SUMPRODUCT((CÁLCULO!$M$15:$M$237=EVENTOS!$C19)*(OFFSET(CÁLCULO!$AQ$15:$AQ$237,0,AG$13))),2),0)","v":0},{"$f":"IF(AUTOEVENTO=\"Manual\",ROUND(SUMPRODUCT((CÁLCULO!$M$15:$M$237=EVENTOS!$C19)*(OFFSET(CÁLCULO!$AQ$15:$AQ$237,0,AH$13))),2),0)","v":0},{"$f":"IF(AUTOEVENTO=\"Manual\",ROUND(SUMPRODUCT((CÁLCULO!$M$15:$M$237=EVENTOS!$C19)*(OFFSET(CÁLCULO!$AQ$15:$AQ$237,0,AI$13))),2),0)","v":0}]
["F","5. PILARES, VIGAS E LAJES",{"$f":"IF(OR(ROW(C20)=ROW(EVENTOS.firstrow)+1,AND(OFFSET(C20,-1,0)<>\" \",OFFSET(C20,-1,1)<>\"\")),OFFSET(C20,-1,0)+1,\" \")","v":5},"PILARES, VIGAS E LAJES",{"$f":"IF(AUTOEVENTO=\"Manual\",ROUND(SUMPRODUCT((CÁLCULO!$M$15:$M$237=EVENTOS!$C20)*(OFFSET(CÁLCULO!$AQ$15:$AQ$237,0,E$13))),2),0)","v":0},{"$f":"IF(AUTOEVENTO=\"Manual\",ROUND(SUMPRODUCT((CÁLCULO!$M$15:$M$237=EVENTOS!$C20)*(OFFSET(CÁLCULO!$AQ$15,0,1):OFFSET(CÁLCULO!$BR$237,0,-1))),2),0)","v":0},"",{"$f":"IF(AUTOEVENTO=\"Manual\",ROUND(SUMPRODUCT((CÁLCULO!$M$15:$M$237=EVENTOS!$C20)*(OFFSET(CÁLCULO!$AQ$15:$AQ$237,0,H$13))),2),0)","v":0},{"$f":"IF(AUTOEVENTO=\"Manual\",ROUND(SUMPRODUCT((CÁLCULO!$M$15:$M$237=EVENTOS!$C20)*(OFFSET(CÁLCULO!$AQ$15:$AQ$237,0,I$13))),2),0)","v":0},{"$f":"IF(AUTOEVENTO=\"Manual\",ROUND(SUMPRODUCT((CÁLCULO!$M$15:$M$237=EVENTOS!$C20)*(OFFSET(CÁLCULO!$AQ$15:$AQ$237,0,J$13))),2),0)","v":0},{"$f":"IF(AUTOEVENTO=\"Manual\",ROUND(SUMPRODUCT((CÁLCULO!$M$15:$M$237=EVENTOS!$C20)*(OFFSET(CÁLCULO!$AQ$15:$AQ$237,0,K$13))),2),0)","v":0},{"$f":"IF(AUTOEVENTO=\"Manual\",ROUND(SUMPRODUCT((CÁLCULO!$M$15:$M$237=EVENTOS!$C20)*(OFFSET(CÁLCULO!$AQ$15:$AQ$237,0,L$13))),2),0)","v":0},{"$f":"IF(AUTOEVENTO=\"Manual\",ROUND(SUMPRODUCT((CÁLCULO!$M$15:$M$237=EVENTOS!$C20)*(OFFSET(CÁLCULO!$AQ$15:$AQ$237,0,M$13))),2),0)","v":0},{"$f":"IF(AUTOEVENTO=\"Manual\",ROUND(SUMPRODUCT((CÁLCULO!$M$15:$M$237=EVENTOS!$C20)*(OFFSET(CÁLCULO!$AQ$15:$AQ$237,0,N$13))),2),0)","v":0},{"$f":"IF(AUTOEVENTO=\"Manual\",ROUND(SUMPRODUCT((CÁLCULO!$M$15:$M$237=EVENTOS!$C20)*(OFFSET(CÁLCULO!$AQ$15:$AQ$237,0,O$13))),2),0)","v":0},{"$f":"IF(AUTOEVENTO=\"Manual\",ROUND(SUMPRODUCT((CÁLCULO!$M$15:$M$237=EVENTOS!$C20)*(OFFSET(CÁLCULO!$AQ$15:$AQ$237,0,P$13))),2),0)","v":0},{"$f":"IF(AUTOEVENTO=\"Manual\",ROUND(SUMPRODUCT((CÁLCULO!$M$15:$M$237=EVENTOS!$C20)*(OFFSET(CÁLCULO!$AQ$15:$AQ$237,0,Q$13))),2),0)","v":0},{"$f":"IF(AUTOEVENTO=\"Manual\",ROUND(SUMPRODUCT((CÁLCULO!$M$15:$M$237=EVENTOS!$C20)*(OFFSET(CÁLCULO!$AQ$15:$AQ$237,0,R$13))),2),0)","v":0},{"$f":"IF(AUTOEVENTO=\"Manual\",ROUND(SUMPRODUCT((CÁLCULO!$M$15:$M$237=EVENTOS!$C20)*(OFFSET(CÁLCULO!$AQ$15:$AQ$237,0,S$13))),2),0)","v":0},{"$f":"IF(AUTOEVENTO=\"Manual\",ROUND(SUMPRODUCT((CÁLCULO!$M$15:$M$237=EVENTOS!$C20)*(OFFSET(CÁLCULO!$AQ$15:$AQ$237,0,T$13))),2),0)","v":0},{"$f":"IF(AUTOEVENTO=\"Manual\",ROUND(SUMPRODUCT((CÁLCULO!$M$15:$M$237=EVENTOS!$C20)*(OFFSET(CÁLCULO!$AQ$15:$AQ$237,0,U$13))),2),0)","v":0},{"$f":"IF(AUTOEVENTO=\"Manual\",ROUND(SUMPRODUCT((CÁLCULO!$M$15:$M$237=EVENTOS!$C20)*(OFFSET(CÁLCULO!$AQ$15:$AQ$237,0,V$13))),2),0)","v":0},{"$f":"IF(AUTOEVENTO=\"Manual\",ROUND(SUMPRODUCT((CÁLCULO!$M$15:$M$237=EVENTOS!$C20)*(OFFSET(CÁLCULO!$AQ$15:$AQ$237,0,W$13))),2),0)","v":0},{"$f":"IF(AUTOEVENTO=\"Manual\",ROUND(SUMPRODUCT((CÁLCULO!$M$15:$M$237=EVENTOS!$C20)*(OFFSET(CÁLCULO!$AQ$15:$AQ$237,0,X$13))),2),0)","v":0},{"$f":"IF(AUTOEVENTO=\"Manual\",ROUND(SUMPRODUCT((CÁLCULO!$M$15:$M$237=EVENTOS!$C20)*(OFFSET(CÁLCULO!$AQ$15:$AQ$237,0,Y$13))),2),0)","v":0},{"$f":"IF(AUTOEVENTO=\"Manual\",ROUND(SUMPRODUCT((CÁLCULO!$M$15:$M$237=EVENTOS!$C20)*(OFFSET(CÁLCULO!$AQ$15:$AQ$237,0,Z$13))),2),0)","v":0},{"$f":"IF(AUTOEVENTO=\"Manual\",ROUND(SUMPRODUCT((CÁLCULO!$M$15:$M$237=EVENTOS!$C20)*(OFFSET(CÁLCULO!$AQ$15:$AQ$237,0,AA$13))),2),0)","v":0},{"$f":"IF(AUTOEVENTO=\"Manual\",ROUND(SUMPRODUCT((CÁLCULO!$M$15:$M$237=EVENTOS!$C20)*(OFFSET(CÁLCULO!$AQ$15:$AQ$237,0,AB$13))),2),0)","v":0},{"$f":"IF(AUTOEVENTO=\"Manual\",ROUND(SUMPRODUCT((CÁLCULO!$M$15:$M$237=EVENTOS!$C20)*(OFFSET(CÁLCULO!$AQ$15:$AQ$237,0,AC$13))),2),0)","v":0},{"$f":"IF(AUTOEVENTO=\"Manual\",ROUND(SUMPRODUCT((CÁLCULO!$M$15:$M$237=EVENTOS!$C20)*(OFFSET(CÁLCULO!$AQ$15:$AQ$237,0,AD$13))),2),0)","v":0},{"$f":"IF(AUTOEVENTO=\"Manual\",ROUND(SUMPRODUCT((CÁLCULO!$M$15:$M$237=EVENTOS!$C20)*(OFFSET(CÁLCULO!$AQ$15:$AQ$237,0,AE$13))),2),0)","v":0},{"$f":"IF(AUTOEVENTO=\"Manual\",ROUND(SUMPRODUCT((CÁLCULO!$M$15:$M$237=EVENTOS!$C20)*(OFFSET(CÁLCULO!$AQ$15:$AQ$237,0,AF$13))),2),0)","v":0},{"$f":"IF(AUTOEVENTO=\"Manual\",ROUND(SUMPRODUCT((CÁLCULO!$M$15:$M$237=EVENTOS!$C20)*(OFFSET(CÁLCULO!$AQ$15:$AQ$237,0,AG$13))),2),0)","v":0},{"$f":"IF(AUTOEVENTO=\"Manual\",ROUND(SUMPRODUCT((CÁLCULO!$M$15:$M$237=EVENTOS!$C20)*(OFFSET(CÁLCULO!$AQ$15:$AQ$237,0,AH$13))),2),0)","v":0},{"$f":"IF(AUTOEVENTO=\"Manual\",ROUND(SUMPRODUCT((CÁLCULO!$M$15:$M$237=EVENTOS!$C20)*(OFFSET(CÁLCULO!$AQ$15:$AQ$237,0,AI$13))),2),0)","v":0}]
["F","6. ALVENARIA/FECHAMENTOS",{"$f":"IF(OR(ROW(C21)=ROW(EVENTOS.firstrow)+1,AND(OFFSET(C21,-1,0)<>\" \",OFFSET(C21,-1,1)<>\"\")),OFFSET(C21,-1,0)+1,\" \")","v":6},"ALVENARIA/FECHAMENTOS",{"$f":"IF(AUTOEVENTO=\"Manual\",ROUND(SUMPRODUCT((CÁLCULO!$M$15:$M$237=EVENTOS!$C21)*(OFFSET(CÁLCULO!$AQ$15:$AQ$237,0,E$13))),2),0)","v":0},{"$f":"IF(AUTOEVENTO=\"Manual\",ROUND(SUMPRODUCT((CÁLCULO!$M$15:$M$237=EVENTOS!$C21)*(OFFSET(CÁLCULO!$AQ$15,0,1):OFFSET(CÁLCULO!$BR$237,0,-1))),2),0)","v":0},"",{"$f":"IF(AUTOEVENTO=\"Manual\",ROUND(SUMPRODUCT((CÁLCULO!$M$15:$M$237=EVENTOS!$C21)*(OFFSET(CÁLCULO!$AQ$15:$AQ$237,0,H$13))),2),0)","v":0},{"$f":"IF(AUTOEVENTO=\"Manual\",ROUND(SUMPRODUCT((CÁLCULO!$M$15:$M$237=EVENTOS!$C21)*(OFFSET(CÁLCULO!$AQ$15:$AQ$237,0,I$13))),2),0)","v":0},{"$f":"IF(AUTOEVENTO=\"Manual\",ROUND(SUMPRODUCT((CÁLCULO!$M$15:$M$237=EVENTOS!$C21)*(OFFSET(CÁLCULO!$AQ$15:$AQ$237,0,J$13))),2),0)","v":0},{"$f":"IF(AUTOEVENTO=\"Manual\",ROUND(SUMPRODUCT((CÁLCULO!$M$15:$M$237=EVENTOS!$C21)*(OFFSET(CÁLCULO!$AQ$15:$AQ$237,0,K$13))),2),0)","v":0},{"$f":"IF(AUTOEVENTO=\"Manual\",ROUND(SUMPRODUCT((CÁLCULO!$M$15:$M$237=EVENTOS!$C21)*(OFFSET(CÁLCULO!$AQ$15:$AQ$237,0,L$13))),2),0)","v":0},{"$f":"IF(AUTOEVENTO=\"Manual\",ROUND(SUMPRODUCT((CÁLCULO!$M$15:$M$237=EVENTOS!$C21)*(OFFSET(CÁLCULO!$AQ$15:$AQ$237,0,M$13))),2),0)","v":0},{"$f":"IF(AUTOEVENTO=\"Manual\",ROUND(SUMPRODUCT((CÁLCULO!$M$15:$M$237=EVENTOS!$C21)*(OFFSET(CÁLCULO!$AQ$15:$AQ$237,0,N$13))),2),0)","v":0},{"$f":"IF(AUTOEVENTO=\"Manual\",ROUND(SUMPRODUCT((CÁLCULO!$M$15:$M$237=EVENTOS!$C21)*(OFFSET(CÁLCULO!$AQ$15:$AQ$237,0,O$13))),2),0)","v":0},{"$f":"IF(AUTOEVENTO=\"Manual\",ROUND(SUMPRODUCT((CÁLCULO!$M$15:$M$237=EVENTOS!$C21)*(OFFSET(CÁLCULO!$AQ$15:$AQ$237,0,P$13))),2),0)","v":0},{"$f":"IF(AUTOEVENTO=\"Manual\",ROUND(SUMPRODUCT((CÁLCULO!$M$15:$M$237=EVENTOS!$C21)*(OFFSET(CÁLCULO!$AQ$15:$AQ$237,0,Q$13))),2),0)","v":0},{"$f":"IF(AUTOEVENTO=\"Manual\",ROUND(SUMPRODUCT((CÁLCULO!$M$15:$M$237=EVENTOS!$C21)*(OFFSET(CÁLCULO!$AQ$15:$AQ$237,0,R$13))),2),0)","v":0},{"$f":"IF(AUTOEVENTO=\"Manual\",ROUND(SUMPRODUCT((CÁLCULO!$M$15:$M$237=EVENTOS!$C21)*(OFFSET(CÁLCULO!$AQ$15:$AQ$237,0,S$13))),2),0)","v":0},{"$f":"IF(AUTOEVENTO=\"Manual\",ROUND(SUMPRODUCT((CÁLCULO!$M$15:$M$237=EVENTOS!$C21)*(OFFSET(CÁLCULO!$AQ$15:$AQ$237,0,T$13))),2),0)","v":0},{"$f":"IF(AUTOEVENTO=\"Manual\",ROUND(SUMPRODUCT((CÁLCULO!$M$15:$M$237=EVENTOS!$C21)*(OFFSET(CÁLCULO!$AQ$15:$AQ$237,0,U$13))),2),0)","v":0},{"$f":"IF(AUTOEVENTO=\"Manual\",ROUND(SUMPRODUCT((CÁLCULO!$M$15:$M$237=EVENTOS!$C21)*(OFFSET(CÁLCULO!$AQ$15:$AQ$237,0,V$13))),2),0)","v":0},{"$f":"IF(AUTOEVENTO=\"Manual\",ROUND(SUMPRODUCT((CÁLCULO!$M$15:$M$237=EVENTOS!$C21)*(OFFSET(CÁLCULO!$AQ$15:$AQ$237,0,W$13))),2),0)","v":0},{"$f":"IF(AUTOEVENTO=\"Manual\",ROUND(SUMPRODUCT((CÁLCULO!$M$15:$M$237=EVENTOS!$C21)*(OFFSET(CÁLCULO!$AQ$15:$AQ$237,0,X$13))),2),0)","v":0},{"$f":"IF(AUTOEVENTO=\"Manual\",ROUND(SUMPRODUCT((CÁLCULO!$M$15:$M$237=EVENTOS!$C21)*(OFFSET(CÁLCULO!$AQ$15:$AQ$237,0,Y$13))),2),0)","v":0},{"$f":"IF(AUTOEVENTO=\"Manual\",ROUND(SUMPRODUCT((CÁLCULO!$M$15:$M$237=EVENTOS!$C21)*(OFFSET(CÁLCULO!$AQ$15:$AQ$237,0,Z$13))),2),0)","v":0},{"$f":"IF(AUTOEVENTO=\"Manual\",ROUND(SUMPRODUCT((CÁLCULO!$M$15:$M$237=EVENTOS!$C21)*(OFFSET(CÁLCULO!$AQ$15:$AQ$237,0,AA$13))),2),0)","v":0},{"$f":"IF(AUTOEVENTO=\"Manual\",ROUND(SUMPRODUCT((CÁLCULO!$M$15:$M$237=EVENTOS!$C21)*(OFFSET(CÁLCULO!$AQ$15:$AQ$237,0,AB$13))),2),0)","v":0},{"$f":"IF(AUTOEVENTO=\"Manual\",ROUND(SUMPRODUCT((CÁLCULO!$M$15:$M$237=EVENTOS!$C21)*(OFFSET(CÁLCULO!$AQ$15:$AQ$237,0,AC$13))),2),0)","v":0},{"$f":"IF(AUTOEVENTO=\"Manual\",ROUND(SUMPRODUCT((CÁLCULO!$M$15:$M$237=EVENTOS!$C21)*(OFFSET(CÁLCULO!$AQ$15:$AQ$237,0,AD$13))),2),0)","v":0},{"$f":"IF(AUTOEVENTO=\"Manual\",ROUND(SUMPRODUCT((CÁLCULO!$M$15:$M$237=EVENTOS!$C21)*(OFFSET(CÁLCULO!$AQ$15:$AQ$237,0,AE$13))),2),0)","v":0},{"$f":"IF(AUTOEVENTO=\"Manual\",ROUND(SUMPRODUCT((CÁLCULO!$M$15:$M$237=EVENTOS!$C21)*(OFFSET(CÁLCULO!$AQ$15:$AQ$237,0,AF$13))),2),0)","v":0},{"$f":"IF(AUTOEVENTO=\"Manual\",ROUND(SUMPRODUCT((CÁLCULO!$M$15:$M$237=EVENTOS!$C21)*(OFFSET(CÁLCULO!$AQ$15:$AQ$237,0,AG$13))),2),0)","v":0},{"$f":"IF(AUTOEVENTO=\"Manual\",ROUND(SUMPRODUCT((CÁLCULO!$M$15:$M$237=EVENTOS!$C21)*(OFFSET(CÁLCULO!$AQ$15:$AQ$237,0,AH$13))),2),0)","v":0},{"$f":"IF(AUTOEVENTO=\"Manual\",ROUND(SUMPRODUCT((CÁLCULO!$M$15:$M$237=EVENTOS!$C21)*(OFFSET(CÁLCULO!$AQ$15:$AQ$237,0,AI$13))),2),0)","v":0}]
["F","7. ESQUADRIAS METÁLICAS",{"$f":"IF(OR(ROW(C22)=ROW(EVENTOS.firstrow)+1,AND(OFFSET(C22,-1,0)<>\" \",OFFSET(C22,-1,1)<>\"\")),OFFSET(C22,-1,0)+1,\" \")","v":7},"ESQUADRIAS METÁLICAS",{"$f":"IF(AUTOEVENTO=\"Manual\",ROUND(SUMPRODUCT((CÁLCULO!$M$15:$M$237=EVENTOS!$C22)*(OFFSET(CÁLCULO!$AQ$15:$AQ$237,0,E$13))),2),0)","v":0},{"$f":"IF(AUTOEVENTO=\"Manual\",ROUND(SUMPRODUCT((CÁLCULO!$M$15:$M$237=EVENTOS!$C22)*(OFFSET(CÁLCULO!$AQ$15,0,1):OFFSET(CÁLCULO!$BR$237,0,-1))),2),0)","v":0},"",{"$f":"IF(AUTOEVENTO=\"Manual\",ROUND(SUMPRODUCT((CÁLCULO!$M$15:$M$237=EVENTOS!$C22)*(OFFSET(CÁLCULO!$AQ$15:$AQ$237,0,H$13))),2),0)","v":0},{"$f":"IF(AUTOEVENTO=\"Manual\",ROUND(SUMPRODUCT((CÁLCULO!$M$15:$M$237=EVENTOS!$C22)*(OFFSET(CÁLCULO!$AQ$15:$AQ$237,0,I$13))),2),0)","v":0},{"$f":"IF(AUTOEVENTO=\"Manual\",ROUND(SUMPRODUCT((CÁLCULO!$M$15:$M$237=EVENTOS!$C22)*(OFFSET(CÁLCULO!$AQ$15:$AQ$237,0,J$13))),2),0)","v":0},{"$f":"IF(AUTOEVENTO=\"Manual\",ROUND(SUMPRODUCT((CÁLCULO!$M$15:$M$237=EVENTOS!$C22)*(OFFSET(CÁLCULO!$AQ$15:$AQ$237,0,K$13))),2),0)","v":0},{"$f":"IF(AUTOEVENTO=\"Manual\",ROUND(SUMPRODUCT((CÁLCULO!$M$15:$M$237=EVENTOS!$C22)*(OFFSET(CÁLCULO!$AQ$15:$AQ$237,0,L$13))),2),0)","v":0},{"$f":"IF(AUTOEVENTO=\"Manual\",ROUND(SUMPRODUCT((CÁLCULO!$M$15:$M$237=EVENTOS!$C22)*(OFFSET(CÁLCULO!$AQ$15:$AQ$237,0,M$13))),2),0)","v":0},{"$f":"IF(AUTOEVENTO=\"Manual\",ROUND(SUMPRODUCT((CÁLCULO!$M$15:$M$237=EVENTOS!$C22)*(OFFSET(CÁLCULO!$AQ$15:$AQ$237,0,N$13))),2),0)","v":0},{"$f":"IF(AUTOEVENTO=\"Manual\",ROUND(SUMPRODUCT((CÁLCULO!$M$15:$M$237=EVENTOS!$C22)*(OFFSET(CÁLCULO!$AQ$15:$AQ$237,0,O$13))),2),0)","v":0},{"$f":"IF(AUTOEVENTO=\"Manual\",ROUND(SUMPRODUCT((CÁLCULO!$M$15:$M$237=EVENTOS!$C22)*(OFFSET(CÁLCULO!$AQ$15:$AQ$237,0,P$13))),2),0)","v":0},{"$f":"IF(AUTOEVENTO=\"Manual\",ROUND(SUMPRODUCT((CÁLCULO!$M$15:$M$237=EVENTOS!$C22)*(OFFSET(CÁLCULO!$AQ$15:$AQ$237,0,Q$13))),2),0)","v":0},{"$f":"IF(AUTOEVENTO=\"Manual\",ROUND(SUMPRODUCT((CÁLCULO!$M$15:$M$237=EVENTOS!$C22)*(OFFSET(CÁLCULO!$AQ$15:$AQ$237,0,R$13))),2),0)","v":0},{"$f":"IF(AUTOEVENTO=\"Manual\",ROUND(SUMPRODUCT((CÁLCULO!$M$15:$M$237=EVENTOS!$C22)*(OFFSET(CÁLCULO!$AQ$15:$AQ$237,0,S$13))),2),0)","v":0},{"$f":"IF(AUTOEVENTO=\"Manual\",ROUND(SUMPRODUCT((CÁLCULO!$M$15:$M$237=EVENTOS!$C22)*(OFFSET(CÁLCULO!$AQ$15:$AQ$237,0,T$13))),2),0)","v":0},{"$f":"IF(AUTOEVENTO=\"Manual\",ROUND(SUMPRODUCT((CÁLCULO!$M$15:$M$237=EVENTOS!$C22)*(OFFSET(CÁLCULO!$AQ$15:$AQ$237,0,U$13))),2),0)","v":0},{"$f":"IF(AUTOEVENTO=\"Manual\",ROUND(SUMPRODUCT((CÁLCULO!$M$15:$M$237=EVENTOS!$C22)*(OFFSET(CÁLCULO!$AQ$15:$AQ$237,0,V$13))),2),0)","v":0},{"$f":"IF(AUTOEVENTO=\"Manual\",ROUND(SUMPRODUCT((CÁLCULO!$M$15:$M$237=EVENTOS!$C22)*(OFFSET(CÁLCULO!$AQ$15:$AQ$237,0,W$13))),2),0)","v":0},{"$f":"IF(AUTOEVENTO=\"Manual\",ROUND(SUMPRODUCT((CÁLCULO!$M$15:$M$237=EVENTOS!$C22)*(OFFSET(CÁLCULO!$AQ$15:$AQ$237,0,X$13))),2),0)","v":0},{"$f":"IF(AUTOEVENTO=\"Manual\",ROUND(SUMPRODUCT((CÁLCULO!$M$15:$M$237=EVENTOS!$C22)*(OFFSET(CÁLCULO!$AQ$15:$AQ$237,0,Y$13))),2),0)","v":0},{"$f":"IF(AUTOEVENTO=\"Manual\",ROUND(SUMPRODUCT((CÁLCULO!$M$15:$M$237=EVENTOS!$C22)*(OFFSET(CÁLCULO!$AQ$15:$AQ$237,0,Z$13))),2),0)","v":0},{"$f":"IF(AUTOEVENTO=\"Manual\",ROUND(SUMPRODUCT((CÁLCULO!$M$15:$M$237=EVENTOS!$C22)*(OFFSET(CÁLCULO!$AQ$15:$AQ$237,0,AA$13))),2),0)","v":0},{"$f":"IF(AUTOEVENTO=\"Manual\",ROUND(SUMPRODUCT((CÁLCULO!$M$15:$M$237=EVENTOS!$C22)*(OFFSET(CÁLCULO!$AQ$15:$AQ$237,0,AB$13))),2),0)","v":0},{"$f":"IF(AUTOEVENTO=\"Manual\",ROUND(SUMPRODUCT((CÁLCULO!$M$15:$M$237=EVENTOS!$C22)*(OFFSET(CÁLCULO!$AQ$15:$AQ$237,0,AC$13))),2),0)","v":0},{"$f":"IF(AUTOEVENTO=\"Manual\",ROUND(SUMPRODUCT((CÁLCULO!$M$15:$M$237=EVENTOS!$C22)*(OFFSET(CÁLCULO!$AQ$15:$AQ$237,0,AD$13))),2),0)","v":0},{"$f":"IF(AUTOEVENTO=\"Manual\",ROUND(SUMPRODUCT((CÁLCULO!$M$15:$M$237=EVENTOS!$C22)*(OFFSET(CÁLCULO!$AQ$15:$AQ$237,0,AE$13))),2),0)","v":0},{"$f":"IF(AUTOEVENTO=\"Manual\",ROUND(SUMPRODUCT((CÁLCULO!$M$15:$M$237=EVENTOS!$C22)*(OFFSET(CÁLCULO!$AQ$15:$AQ$237,0,AF$13))),2),0)","v":0},{"$f":"IF(AUTOEVENTO=\"Manual\",ROUND(SUMPRODUCT((CÁLCULO!$M$15:$M$237=EVENTOS!$C22)*(OFFSET(CÁLCULO!$AQ$15:$AQ$237,0,AG$13))),2),0)","v":0},{"$f":"IF(AUTOEVENTO=\"Manual\",ROUND(SUMPRODUCT((CÁLCULO!$M$15:$M$237=EVENTOS!$C22)*(OFFSET(CÁLCULO!$AQ$15:$AQ$237,0,AH$13))),2),0)","v":0},{"$f":"IF(AUTOEVENTO=\"Manual\",ROUND(SUMPRODUCT((CÁLCULO!$M$15:$M$237=EVENTOS!$C22)*(OFFSET(CÁLCULO!$AQ$15:$AQ$237,0,AI$13))),2),0)","v":0}]
["F","8. ESQUADRIAS DE MADEIRAS",{"$f":"IF(OR(ROW(C23)=ROW(EVENTOS.firstrow)+1,AND(OFFSET(C23,-1,0)<>\" \",OFFSET(C23,-1,1)<>\"\")),OFFSET(C23,-1,0)+1,\" \")","v":8},"ESQUADRIAS DE MADEIRAS",{"$f":"IF(AUTOEVENTO=\"Manual\",ROUND(SUMPRODUCT((CÁLCULO!$M$15:$M$237=EVENTOS!$C23)*(OFFSET(CÁLCULO!$AQ$15:$AQ$237,0,E$13))),2),0)","v":0},{"$f":"IF(AUTOEVENTO=\"Manual\",ROUND(SUMPRODUCT((CÁLCULO!$M$15:$M$237=EVENTOS!$C23)*(OFFSET(CÁLCULO!$AQ$15,0,1):OFFSET(CÁLCULO!$BR$237,0,-1))),2),0)","v":0},"",{"$f":"IF(AUTOEVENTO=\"Manual\",ROUND(SUMPRODUCT((CÁLCULO!$M$15:$M$237=EVENTOS!$C23)*(OFFSET(CÁLCULO!$AQ$15:$AQ$237,0,H$13))),2),0)","v":0},{"$f":"IF(AUTOEVENTO=\"Manual\",ROUND(SUMPRODUCT((CÁLCULO!$M$15:$M$237=EVENTOS!$C23)*(OFFSET(CÁLCULO!$AQ$15:$AQ$237,0,I$13))),2),0)","v":0},{"$f":"IF(AUTOEVENTO=\"Manual\",ROUND(SUMPRODUCT((CÁLCULO!$M$15:$M$237=EVENTOS!$C23)*(OFFSET(CÁLCULO!$AQ$15:$AQ$237,0,J$13))),2),0)","v":0},{"$f":"IF(AUTOEVENTO=\"Manual\",ROUND(SUMPRODUCT((CÁLCULO!$M$15:$M$237=EVENTOS!$C23)*(OFFSET(CÁLCULO!$AQ$15:$AQ$237,0,K$13))),2),0)","v":0},{"$f":"IF(AUTOEVENTO=\"Manual\",ROUND(SUMPRODUCT((CÁLCULO!$M$15:$M$237=EVENTOS!$C23)*(OFFSET(CÁLCULO!$AQ$15:$AQ$237,0,L$13))),2),0)","v":0},{"$f":"IF(AUTOEVENTO=\"Manual\",ROUND(SUMPRODUCT((CÁLCULO!$M$15:$M$237=EVENTOS!$C23)*(OFFSET(CÁLCULO!$AQ$15:$AQ$237,0,M$13))),2),0)","v":0},{"$f":"IF(AUTOEVENTO=\"Manual\",ROUND(SUMPRODUCT((CÁLCULO!$M$15:$M$237=EVENTOS!$C23)*(OFFSET(CÁLCULO!$AQ$15:$AQ$237,0,N$13))),2),0)","v":0},{"$f":"IF(AUTOEVENTO=\"Manual\",ROUND(SUMPRODUCT((CÁLCULO!$M$15:$M$237=EVENTOS!$C23)*(OFFSET(CÁLCULO!$AQ$15:$AQ$237,0,O$13))),2),0)","v":0},{"$f":"IF(AUTOEVENTO=\"Manual\",ROUND(SUMPRODUCT((CÁLCULO!$M$15:$M$237=EVENTOS!$C23)*(OFFSET(CÁLCULO!$AQ$15:$AQ$237,0,P$13))),2),0)","v":0},{"$f":"IF(AUTOEVENTO=\"Manual\",ROUND(SUMPRODUCT((CÁLCULO!$M$15:$M$237=EVENTOS!$C23)*(OFFSET(CÁLCULO!$AQ$15:$AQ$237,0,Q$13))),2),0)","v":0},{"$f":"IF(AUTOEVENTO=\"Manual\",ROUND(SUMPRODUCT((CÁLCULO!$M$15:$M$237=EVENTOS!$C23)*(OFFSET(CÁLCULO!$AQ$15:$AQ$237,0,R$13))),2),0)","v":0},{"$f":"IF(AUTOEVENTO=\"Manual\",ROUND(SUMPRODUCT((CÁLCULO!$M$15:$M$237=EVENTOS!$C23)*(OFFSET(CÁLCULO!$AQ$15:$AQ$237,0,S$13))),2),0)","v":0},{"$f":"IF(AUTOEVENTO=\"Manual\",ROUND(SUMPRODUCT((CÁLCULO!$M$15:$M$237=EVENTOS!$C23)*(OFFSET(CÁLCULO!$AQ$15:$AQ$237,0,T$13))),2),0)","v":0},{"$f":"IF(AUTOEVENTO=\"Manual\",ROUND(SUMPRODUCT((CÁLCULO!$M$15:$M$237=EVENTOS!$C23)*(OFFSET(CÁLCULO!$AQ$15:$AQ$237,0,U$13))),2),0)","v":0},{"$f":"IF(AUTOEVENTO=\"Manual\",ROUND(SUMPRODUCT((CÁLCULO!$M$15:$M$237=EVENTOS!$C23)*(OFFSET(CÁLCULO!$AQ$15:$AQ$237,0,V$13))),2),0)","v":0},{"$f":"IF(AUTOEVENTO=\"Manual\",ROUND(SUMPRODUCT((CÁLCULO!$M$15:$M$237=EVENTOS!$C23)*(OFFSET(CÁLCULO!$AQ$15:$AQ$237,0,W$13))),2),0)","v":0},{"$f":"IF(AUTOEVENTO=\"Manual\",ROUND(SUMPRODUCT((CÁLCULO!$M$15:$M$237=EVENTOS!$C23)*(OFFSET(CÁLCULO!$AQ$15:$AQ$237,0,X$13))),2),0)","v":0},{"$f":"IF(AUTOEVENTO=\"Manual\",ROUND(SUMPRODUCT((CÁLCULO!$M$15:$M$237=EVENTOS!$C23)*(OFFSET(CÁLCULO!$AQ$15:$AQ$237,0,Y$13))),2),0)","v":0},{"$f":"IF(AUTOEVENTO=\"Manual\",ROUND(SUMPRODUCT((CÁLCULO!$M$15:$M$237=EVENTOS!$C23)*(OFFSET(CÁLCULO!$AQ$15:$AQ$237,0,Z$13))),2),0)","v":0},{"$f":"IF(AUTOEVENTO=\"Manual\",ROUND(SUMPRODUCT((CÁLCULO!$M$15:$M$237=EVENTOS!$C23)*(OFFSET(CÁLCULO!$AQ$15:$AQ$237,0,AA$13))),2),0)","v":0},{"$f":"IF(AUTOEVENTO=\"Manual\",ROUND(SUMPRODUCT((CÁLCULO!$M$15:$M$237=EVENTOS!$C23)*(OFFSET(CÁLCULO!$AQ$15:$AQ$237,0,AB$13))),2),0)","v":0},{"$f":"IF(AUTOEVENTO=\"Manual\",ROUND(SUMPRODUCT((CÁLCULO!$M$15:$M$237=EVENTOS!$C23)*(OFFSET(CÁLCULO!$AQ$15:$AQ$237,0,AC$13))),2),0)","v":0},{"$f":"IF(AUTOEVENTO=\"Manual\",ROUND(SUMPRODUCT((CÁLCULO!$M$15:$M$237=EVENTOS!$C23)*(OFFSET(CÁLCULO!$AQ$15:$AQ$237,0,AD$13))),2),0)","v":0},{"$f":"IF(AUTOEVENTO=\"Manual\",ROUND(SUMPRODUCT((CÁLCULO!$M$15:$M$237=EVENTOS!$C23)*(OFFSET(CÁLCULO!$AQ$15:$AQ$237,0,AE$13))),2),0)","v":0},{"$f":"IF(AUTOEVENTO=\"Manual\",ROUND(SUMPRODUCT((CÁLCULO!$M$15:$M$237=EVENTOS!$C23)*(OFFSET(CÁLCULO!$AQ$15:$AQ$237,0,AF$13))),2),0)","v":0},{"$f":"IF(AUTOEVENTO=\"Manual\",ROUND(SUMPRODUCT((CÁLCULO!$M$15:$M$237=EVENTOS!$C23)*(OFFSET(CÁLCULO!$AQ$15:$AQ$237,0,AG$13))),2),0)","v":0},{"$f":"IF(AUTOEVENTO=\"Manual\",ROUND(SUMPRODUCT((CÁLCULO!$M$15:$M$237=EVENTOS!$C23)*(OFFSET(CÁLCULO!$AQ$15:$AQ$237,0,AH$13))),2),0)","v":0},{"$f":"IF(AUTOEVENTO=\"Manual\",ROUND(SUMPRODUCT((CÁLCULO!$M$15:$M$237=EVENTOS!$C23)*(OFFSET(CÁLCULO!$AQ$15:$AQ$237,0,AI$13))),2),0)","v":0}]
["F","9. TELHADOS",{"$f":"IF(OR(ROW(C24)=ROW(EVENTOS.firstrow)+1,AND(OFFSET(C24,-1,0)<>\" \",OFFSET(C24,-1,1)<>\"\")),OFFSET(C24,-1,0)+1,\" \")","v":9},"TELHADOS",{"$f":"IF(AUTOEVENTO=\"Manual\",ROUND(SUMPRODUCT((CÁLCULO!$M$15:$M$237=EVENTOS!$C24)*(OFFSET(CÁLCULO!$AQ$15:$AQ$237,0,E$13))),2),0)","v":0},{"$f":"IF(AUTOEVENTO=\"Manual\",ROUND(SUMPRODUCT((CÁLCULO!$M$15:$M$237=EVENTOS!$C24)*(OFFSET(CÁLCULO!$AQ$15,0,1):OFFSET(CÁLCULO!$BR$237,0,-1))),2),0)","v":0},"",{"$f":"IF(AUTOEVENTO=\"Manual\",ROUND(SUMPRODUCT((CÁLCULO!$M$15:$M$237=EVENTOS!$C24)*(OFFSET(CÁLCULO!$AQ$15:$AQ$237,0,H$13))),2),0)","v":0},{"$f":"IF(AUTOEVENTO=\"Manual\",ROUND(SUMPRODUCT((CÁLCULO!$M$15:$M$237=EVENTOS!$C24)*(OFFSET(CÁLCULO!$AQ$15:$AQ$237,0,I$13))),2),0)","v":0},{"$f":"IF(AUTOEVENTO=\"Manual\",ROUND(SUMPRODUCT((CÁLCULO!$M$15:$M$237=EVENTOS!$C24)*(OFFSET(CÁLCULO!$AQ$15:$AQ$237,0,J$13))),2),0)","v":0},{"$f":"IF(AUTOEVENTO=\"Manual\",ROUND(SUMPRODUCT((CÁLCULO!$M$15:$M$237=EVENTOS!$C24)*(OFFSET(CÁLCULO!$AQ$15:$AQ$237,0,K$13))),2),0)","v":0},{"$f":"IF(AUTOEVENTO=\"Manual\",ROUND(SUMPRODUCT((CÁLCULO!$M$15:$M$237=EVENTOS!$C24)*(OFFSET(CÁLCULO!$AQ$15:$AQ$237,0,L$13))),2),0)","v":0},{"$f":"IF(AUTOEVENTO=\"Manual\",ROUND(SUMPRODUCT((CÁLCULO!$M$15:$M$237=EVENTOS!$C24)*(OFFSET(CÁLCULO!$AQ$15:$AQ$237,0,M$13))),2),0)","v":0},{"$f":"IF(AUTOEVENTO=\"Manual\",ROUND(SUMPRODUCT((CÁLCULO!$M$15:$M$237=EVENTOS!$C24)*(OFFSET(CÁLCULO!$AQ$15:$AQ$237,0,N$13))),2),0)","v":0},{"$f":"IF(AUTOEVENTO=\"Manual\",ROUND(SUMPRODUCT((CÁLCULO!$M$15:$M$237=EVENTOS!$C24)*(OFFSET(CÁLCULO!$AQ$15:$AQ$237,0,O$13))),2),0)","v":0},{"$f":"IF(AUTOEVENTO=\"Manual\",ROUND(SUMPRODUCT((CÁLCULO!$M$15:$M$237=EVENTOS!$C24)*(OFFSET(CÁLCULO!$AQ$15:$AQ$237,0,P$13))),2),0)","v":0},{"$f":"IF(AUTOEVENTO=\"Manual\",ROUND(SUMPRODUCT((CÁLCULO!$M$15:$M$237=EVENTOS!$C24)*(OFFSET(CÁLCULO!$AQ$15:$AQ$237,0,Q$13))),2),0)","v":0},{"$f":"IF(AUTOEVENTO=\"Manual\",ROUND(SUMPRODUCT((CÁLCULO!$M$15:$M$237=EVENTOS!$C24)*(OFFSET(CÁLCULO!$AQ$15:$AQ$237,0,R$13))),2),0)","v":0},{"$f":"IF(AUTOEVENTO=\"Manual\",ROUND(SUMPRODUCT((CÁLCULO!$M$15:$M$237=EVENTOS!$C24)*(OFFSET(CÁLCULO!$AQ$15:$AQ$237,0,S$13))),2),0)","v":0},{"$f":"IF(AUTOEVENTO=\"Manual\",ROUND(SUMPRODUCT((CÁLCULO!$M$15:$M$237=EVENTOS!$C24)*(OFFSET(CÁLCULO!$AQ$15:$AQ$237,0,T$13))),2),0)","v":0},{"$f":"IF(AUTOEVENTO=\"Manual\",ROUND(SUMPRODUCT((CÁLCULO!$M$15:$M$237=EVENTOS!$C24)*(OFFSET(CÁLCULO!$AQ$15:$AQ$237,0,U$13))),2),0)","v":0},{"$f":"IF(AUTOEVENTO=\"Manual\",ROUND(SUMPRODUCT((CÁLCULO!$M$15:$M$237=EVENTOS!$C24)*(OFFSET(CÁLCULO!$AQ$15:$AQ$237,0,V$13))),2),0)","v":0},{"$f":"IF(AUTOEVENTO=\"Manual\",ROUND(SUMPRODUCT((CÁLCULO!$M$15:$M$237=EVENTOS!$C24)*(OFFSET(CÁLCULO!$AQ$15:$AQ$237,0,W$13))),2),0)","v":0},{"$f":"IF(AUTOEVENTO=\"Manual\",ROUND(SUMPRODUCT((CÁLCULO!$M$15:$M$237=EVENTOS!$C24)*(OFFSET(CÁLCULO!$AQ$15:$AQ$237,0,X$13))),2),0)","v":0},{"$f":"IF(AUTOEVENTO=\"Manual\",ROUND(SUMPRODUCT((CÁLCULO!$M$15:$M$237=EVENTOS!$C24)*(OFFSET(CÁLCULO!$AQ$15:$AQ$237,0,Y$13))),2),0)","v":0},{"$f":"IF(AUTOEVENTO=\"Manual\",ROUND(SUMPRODUCT((CÁLCULO!$M$15:$M$237=EVENTOS!$C24)*(OFFSET(CÁLCULO!$AQ$15:$AQ$237,0,Z$13))),2),0)","v":0},{"$f":"IF(AUTOEVENTO=\"Manual\",ROUND(SUMPRODUCT((CÁLCULO!$M$15:$M$237=EVENTOS!$C24)*(OFFSET(CÁLCULO!$AQ$15:$AQ$237,0,AA$13))),2),0)","v":0},{"$f":"IF(AUTOEVENTO=\"Manual\",ROUND(SUMPRODUCT((CÁLCULO!$M$15:$M$237=EVENTOS!$C24)*(OFFSET(CÁLCULO!$AQ$15:$AQ$237,0,AB$13))),2),0)","v":0},{"$f":"IF(AUTOEVENTO=\"Manual\",ROUND(SUMPRODUCT((CÁLCULO!$M$15:$M$237=EVENTOS!$C24)*(OFFSET(CÁLCULO!$AQ$15:$AQ$237,0,AC$13))),2),0)","v":0},{"$f":"IF(AUTOEVENTO=\"Manual\",ROUND(SUMPRODUCT((CÁLCULO!$M$15:$M$237=EVENTOS!$C24)*(OFFSET(CÁLCULO!$AQ$15:$AQ$237,0,AD$13))),2),0)","v":0},{"$f":"IF(AUTOEVENTO=\"Manual\",ROUND(SUMPRODUCT((CÁLCULO!$M$15:$M$237=EVENTOS!$C24)*(OFFSET(CÁLCULO!$AQ$15:$AQ$237,0,AE$13))),2),0)","v":0},{"$f":"IF(AUTOEVENTO=\"Manual\",ROUND(SUMPRODUCT((CÁLCULO!$M$15:$M$237=EVENTOS!$C24)*(OFFSET(CÁLCULO!$AQ$15:$AQ$237,0,AF$13))),2),0)","v":0},{"$f":"IF(AUTOEVENTO=\"Manual\",ROUND(SUMPRODUCT((CÁLCULO!$M$15:$M$237=EVENTOS!$C24)*(OFFSET(CÁLCULO!$AQ$15:$AQ$237,0,AG$13))),2),0)","v":0},{"$f":"IF(AUTOEVENTO=\"Manual\",ROUND(SUMPRODUCT((CÁLCULO!$M$15:$M$237=EVENTOS!$C24)*(OFFSET(CÁLCULO!$AQ$15:$AQ$237,0,AH$13))),2),0)","v":0},{"$f":"IF(AUTOEVENTO=\"Manual\",ROUND(SUMPRODUCT((CÁLCULO!$M$15:$M$237=EVENTOS!$C24)*(OFFSET(CÁLCULO!$AQ$15:$AQ$237,0,AI$13))),2),0)","v":0}]
["F","10. REVESTIMENTOS INTERNOS",{"$f":"IF(OR(ROW(C25)=ROW(EVENTOS.firstrow)+1,AND(OFFSET(C25,-1,0)<>\" \",OFFSET(C25,-1,1)<>\"\")),OFFSET(C25,-1,0)+1,\" \")","v":10},"REVESTIMENTOS INTERNOS",{"$f":"IF(AUTOEVENTO=\"Manual\",ROUND(SUMPRODUCT((CÁLCULO!$M$15:$M$237=EVENTOS!$C25)*(OFFSET(CÁLCULO!$AQ$15:$AQ$237,0,E$13))),2),0)","v":0},{"$f":"IF(AUTOEVENTO=\"Manual\",ROUND(SUMPRODUCT((CÁLCULO!$M$15:$M$237=EVENTOS!$C25)*(OFFSET(CÁLCULO!$AQ$15,0,1):OFFSET(CÁLCULO!$BR$237,0,-1))),2),0)","v":0},"",{"$f":"IF(AUTOEVENTO=\"Manual\",ROUND(SUMPRODUCT((CÁLCULO!$M$15:$M$237=EVENTOS!$C25)*(OFFSET(CÁLCULO!$AQ$15:$AQ$237,0,H$13))),2),0)","v":0},{"$f":"IF(AUTOEVENTO=\"Manual\",ROUND(SUMPRODUCT((CÁLCULO!$M$15:$M$237=EVENTOS!$C25)*(OFFSET(CÁLCULO!$AQ$15:$AQ$237,0,I$13))),2),0)","v":0},{"$f":"IF(AUTOEVENTO=\"Manual\",ROUND(SUMPRODUCT((CÁLCULO!$M$15:$M$237=EVENTOS!$C25)*(OFFSET(CÁLCULO!$AQ$15:$AQ$237,0,J$13))),2),0)","v":0},{"$f":"IF(AUTOEVENTO=\"Manual\",ROUND(SUMPRODUCT((CÁLCULO!$M$15:$M$237=EVENTOS!$C25)*(OFFSET(CÁLCULO!$AQ$15:$AQ$237,0,K$13))),2),0)","v":0},{"$f":"IF(AUTOEVENTO=\"Manual\",ROUND(SUMPRODUCT((CÁLCULO!$M$15:$M$237=EVENTOS!$C25)*(OFFSET(CÁLCULO!$AQ$15:$AQ$237,0,L$13))),2),0)","v":0},{"$f":"IF(AUTOEVENTO=\"Manual\",ROUND(SUMPRODUCT((CÁLCULO!$M$15:$M$237=EVENTOS!$C25)*(OFFSET(CÁLCULO!$AQ$15:$AQ$237,0,M$13))),2),0)","v":0},{"$f":"IF(AUTOEVENTO=\"Manual\",ROUND(SUMPRODUCT((CÁLCULO!$M$15:$M$237=EVENTOS!$C25)*(OFFSET(CÁLCULO!$AQ$15:$AQ$237,0,N$13))),2),0)","v":0},{"$f":"IF(AUTOEVENTO=\"Manual\",ROUND(SUMPRODUCT((CÁLCULO!$M$15:$M$237=EVENTOS!$C25)*(OFFSET(CÁLCULO!$AQ$15:$AQ$237,0,O$13))),2),0)","v":0},{"$f":"IF(AUTOEVENTO=\"Manual\",ROUND(SUMPRODUCT((CÁLCULO!$M$15:$M$237=EVENTOS!$C25)*(OFFSET(CÁLCULO!$AQ$15:$AQ$237,0,P$13))),2),0)","v":0},{"$f":"IF(AUTOEVENTO=\"Manual\",ROUND(SUMPRODUCT((CÁLCULO!$M$15:$M$237=EVENTOS!$C25)*(OFFSET(CÁLCULO!$AQ$15:$AQ$237,0,Q$13))),2),0)","v":0},{"$f":"IF(AUTOEVENTO=\"Manual\",ROUND(SUMPRODUCT((CÁLCULO!$M$15:$M$237=EVENTOS!$C25)*(OFFSET(CÁLCULO!$AQ$15:$AQ$237,0,R$13))),2),0)","v":0},{"$f":"IF(AUTOEVENTO=\"Manual\",ROUND(SUMPRODUCT((CÁLCULO!$M$15:$M$237=EVENTOS!$C25)*(OFFSET(CÁLCULO!$AQ$15:$AQ$237,0,S$13))),2),0)","v":0},{"$f":"IF(AUTOEVENTO=\"Manual\",ROUND(SUMPRODUCT((CÁLCULO!$M$15:$M$237=EVENTOS!$C25)*(OFFSET(CÁLCULO!$AQ$15:$AQ$237,0,T$13))),2),0)","v":0},{"$f":"IF(AUTOEVENTO=\"Manual\",ROUND(SUMPRODUCT((CÁLCULO!$M$15:$M$237=EVENTOS!$C25)*(OFFSET(CÁLCULO!$AQ$15:$AQ$237,0,U$13))),2),0)","v":0},{"$f":"IF(AUTOEVENTO=\"Manual\",ROUND(SUMPRODUCT((CÁLCULO!$M$15:$M$237=EVENTOS!$C25)*(OFFSET(CÁLCULO!$AQ$15:$AQ$237,0,V$13))),2),0)","v":0},{"$f":"IF(AUTOEVENTO=\"Manual\",ROUND(SUMPRODUCT((CÁLCULO!$M$15:$M$237=EVENTOS!$C25)*(OFFSET(CÁLCULO!$AQ$15:$AQ$237,0,W$13))),2),0)","v":0},{"$f":"IF(AUTOEVENTO=\"Manual\",ROUND(SUMPRODUCT((CÁLCULO!$M$15:$M$237=EVENTOS!$C25)*(OFFSET(CÁLCULO!$AQ$15:$AQ$237,0,X$13))),2),0)","v":0},{"$f":"IF(AUTOEVENTO=\"Manual\",ROUND(SUMPRODUCT((CÁLCULO!$M$15:$M$237=EVENTOS!$C25)*(OFFSET(CÁLCULO!$AQ$15:$AQ$237,0,Y$13))),2),0)","v":0},{"$f":"IF(AUTOEVENTO=\"Manual\",ROUND(SUMPRODUCT((CÁLCULO!$M$15:$M$237=EVENTOS!$C25)*(OFFSET(CÁLCULO!$AQ$15:$AQ$237,0,Z$13))),2),0)","v":0},{"$f":"IF(AUTOEVENTO=\"Manual\",ROUND(SUMPRODUCT((CÁLCULO!$M$15:$M$237=EVENTOS!$C25)*(OFFSET(CÁLCULO!$AQ$15:$AQ$237,0,AA$13))),2),0)","v":0},{"$f":"IF(AUTOEVENTO=\"Manual\",ROUND(SUMPRODUCT((CÁLCULO!$M$15:$M$237=EVENTOS!$C25)*(OFFSET(CÁLCULO!$AQ$15:$AQ$237,0,AB$13))),2),0)","v":0},{"$f":"IF(AUTOEVENTO=\"Manual\",ROUND(SUMPRODUCT((CÁLCULO!$M$15:$M$237=EVENTOS!$C25)*(OFFSET(CÁLCULO!$AQ$15:$AQ$237,0,AC$13))),2),0)","v":0},{"$f":"IF(AUTOEVENTO=\"Manual\",ROUND(SUMPRODUCT((CÁLCULO!$M$15:$M$237=EVENTOS!$C25)*(OFFSET(CÁLCULO!$AQ$15:$AQ$237,0,AD$13))),2),0)","v":0},{"$f":"IF(AUTOEVENTO=\"Manual\",ROUND(SUMPRODUCT((CÁLCULO!$M$15:$M$237=EVENTOS!$C25)*(OFFSET(CÁLCULO!$AQ$15:$AQ$237,0,AE$13))),2),0)","v":0},{"$f":"IF(AUTOEVENTO=\"Manual\",ROUND(SUMPRODUCT((CÁLCULO!$M$15:$M$237=EVENTOS!$C25)*(OFFSET(CÁLCULO!$AQ$15:$AQ$237,0,AF$13))),2),0)","v":0},{"$f":"IF(AUTOEVENTO=\"Manual\",ROUND(SUMPRODUCT((CÁLCULO!$M$15:$M$237=EVENTOS!$C25)*(OFFSET(CÁLCULO!$AQ$15:$AQ$237,0,AG$13))),2),0)","v":0},{"$f":"IF(AUTOEVENTO=\"Manual\",ROUND(SUMPRODUCT((CÁLCULO!$M$15:$M$237=EVENTOS!$C25)*(OFFSET(CÁLCULO!$AQ$15:$AQ$237,0,AH$13))),2),0)","v":0},{"$f":"IF(AUTOEVENTO=\"Manual\",ROUND(SUMPRODUCT((CÁLCULO!$M$15:$M$237=EVENTOS!$C25)*(OFFSET(CÁLCULO!$AQ$15:$AQ$237,0,AI$13))),2),0)","v":0}]
["F","11. REVESTIMENTOS CERÂMICOS",{"$f":"IF(OR(ROW(C26)=ROW(EVENTOS.firstrow)+1,AND(OFFSET(C26,-1,0)<>\" \",OFFSET(C26,-1,1)<>\"\")),OFFSET(C26,-1,0)+1,\" \")","v":11},"REVESTIMENTOS CERÂMICOS",{"$f":"IF(AUTOEVENTO=\"Manual\",ROUND(SUMPRODUCT((CÁLCULO!$M$15:$M$237=EVENTOS!$C26)*(OFFSET(CÁLCULO!$AQ$15:$AQ$237,0,E$13))),2),0)","v":0},{"$f":"IF(AUTOEVENTO=\"Manual\",ROUND(SUMPRODUCT((CÁLCULO!$M$15:$M$237=EVENTOS!$C26)*(OFFSET(CÁLCULO!$AQ$15,0,1):OFFSET(CÁLCULO!$BR$237,0,-1))),2),0)","v":0},"",{"$f":"IF(AUTOEVENTO=\"Manual\",ROUND(SUMPRODUCT((CÁLCULO!$M$15:$M$237=EVENTOS!$C26)*(OFFSET(CÁLCULO!$AQ$15:$AQ$237,0,H$13))),2),0)","v":0},{"$f":"IF(AUTOEVENTO=\"Manual\",ROUND(SUMPRODUCT((CÁLCULO!$M$15:$M$237=EVENTOS!$C26)*(OFFSET(CÁLCULO!$AQ$15:$AQ$237,0,I$13))),2),0)","v":0},{"$f":"IF(AUTOEVENTO=\"Manual\",ROUND(SUMPRODUCT((CÁLCULO!$M$15:$M$237=EVENTOS!$C26)*(OFFSET(CÁLCULO!$AQ$15:$AQ$237,0,J$13))),2),0)","v":0},{"$f":"IF(AUTOEVENTO=\"Manual\",ROUND(SUMPRODUCT((CÁLCULO!$M$15:$M$237=EVENTOS!$C26)*(OFFSET(CÁLCULO!$AQ$15:$AQ$237,0,K$13))),2),0)","v":0},{"$f":"IF(AUTOEVENTO=\"Manual\",ROUND(SUMPRODUCT((CÁLCULO!$M$15:$M$237=EVENTOS!$C26)*(OFFSET(CÁLCULO!$AQ$15:$AQ$237,0,L$13))),2),0)","v":0},{"$f":"IF(AUTOEVENTO=\"Manual\",ROUND(SUMPRODUCT((CÁLCULO!$M$15:$M$237=EVENTOS!$C26)*(OFFSET(CÁLCULO!$AQ$15:$AQ$237,0,M$13))),2),0)","v":0},{"$f":"IF(AUTOEVENTO=\"Manual\",ROUND(SUMPRODUCT((CÁLCULO!$M$15:$M$237=EVENTOS!$C26)*(OFFSET(CÁLCULO!$AQ$15:$AQ$237,0,N$13))),2),0)","v":0},{"$f":"IF(AUTOEVENTO=\"Manual\",ROUND(SUMPRODUCT((CÁLCULO!$M$15:$M$237=EVENTOS!$C26)*(OFFSET(CÁLCULO!$AQ$15:$AQ$237,0,O$13))),2),0)","v":0},{"$f":"IF(AUTOEVENTO=\"Manual\",ROUND(SUMPRODUCT((CÁLCULO!$M$15:$M$237=EVENTOS!$C26)*(OFFSET(CÁLCULO!$AQ$15:$AQ$237,0,P$13))),2),0)","v":0},{"$f":"IF(AUTOEVENTO=\"Manual\",ROUND(SUMPRODUCT((CÁLCULO!$M$15:$M$237=EVENTOS!$C26)*(OFFSET(CÁLCULO!$AQ$15:$AQ$237,0,Q$13))),2),0)","v":0},{"$f":"IF(AUTOEVENTO=\"Manual\",ROUND(SUMPRODUCT((CÁLCULO!$M$15:$M$237=EVENTOS!$C26)*(OFFSET(CÁLCULO!$AQ$15:$AQ$237,0,R$13))),2),0)","v":0},{"$f":"IF(AUTOEVENTO=\"Manual\",ROUND(SUMPRODUCT((CÁLCULO!$M$15:$M$237=EVENTOS!$C26)*(OFFSET(CÁLCULO!$AQ$15:$AQ$237,0,S$13))),2),0)","v":0},{"$f":"IF(AUTOEVENTO=\"Manual\",ROUND(SUMPRODUCT((CÁLCULO!$M$15:$M$237=EVENTOS!$C26)*(OFFSET(CÁLCULO!$AQ$15:$AQ$237,0,T$13))),2),0)","v":0},{"$f":"IF(AUTOEVENTO=\"Manual\",ROUND(SUMPRODUCT((CÁLCULO!$M$15:$M$237=EVENTOS!$C26)*(OFFSET(CÁLCULO!$AQ$15:$AQ$237,0,U$13))),2),0)","v":0},{"$f":"IF(AUTOEVENTO=\"Manual\",ROUND(SUMPRODUCT((CÁLCULO!$M$15:$M$237=EVENTOS!$C26)*(OFFSET(CÁLCULO!$AQ$15:$AQ$237,0,V$13))),2),0)","v":0},{"$f":"IF(AUTOEVENTO=\"Manual\",ROUND(SUMPRODUCT((CÁLCULO!$M$15:$M$237=EVENTOS!$C26)*(OFFSET(CÁLCULO!$AQ$15:$AQ$237,0,W$13))),2),0)","v":0},{"$f":"IF(AUTOEVENTO=\"Manual\",ROUND(SUMPRODUCT((CÁLCULO!$M$15:$M$237=EVENTOS!$C26)*(OFFSET(CÁLCULO!$AQ$15:$AQ$237,0,X$13))),2),0)","v":0},{"$f":"IF(AUTOEVENTO=\"Manual\",ROUND(SUMPRODUCT((CÁLCULO!$M$15:$M$237=EVENTOS!$C26)*(OFFSET(CÁLCULO!$AQ$15:$AQ$237,0,Y$13))),2),0)","v":0},{"$f":"IF(AUTOEVENTO=\"Manual\",ROUND(SUMPRODUCT((CÁLCULO!$M$15:$M$237=EVENTOS!$C26)*(OFFSET(CÁLCULO!$AQ$15:$AQ$237,0,Z$13))),2),0)","v":0},{"$f":"IF(AUTOEVENTO=\"Manual\",ROUND(SUMPRODUCT((CÁLCULO!$M$15:$M$237=EVENTOS!$C26)*(OFFSET(CÁLCULO!$AQ$15:$AQ$237,0,AA$13))),2),0)","v":0},{"$f":"IF(AUTOEVENTO=\"Manual\",ROUND(SUMPRODUCT((CÁLCULO!$M$15:$M$237=EVENTOS!$C26)*(OFFSET(CÁLCULO!$AQ$15:$AQ$237,0,AB$13))),2),0)","v":0},{"$f":"IF(AUTOEVENTO=\"Manual\",ROUND(SUMPRODUCT((CÁLCULO!$M$15:$M$237=EVENTOS!$C26)*(OFFSET(CÁLCULO!$AQ$15:$AQ$237,0,AC$13))),2),0)","v":0},{"$f":"IF(AUTOEVENTO=\"Manual\",ROUND(SUMPRODUCT((CÁLCULO!$M$15:$M$237=EVENTOS!$C26)*(OFFSET(CÁLCULO!$AQ$15:$AQ$237,0,AD$13))),2),0)","v":0},{"$f":"IF(AUTOEVENTO=\"Manual\",ROUND(SUMPRODUCT((CÁLCULO!$M$15:$M$237=EVENTOS!$C26)*(OFFSET(CÁLCULO!$AQ$15:$AQ$237,0,AE$13))),2),0)","v":0},{"$f":"IF(AUTOEVENTO=\"Manual\",ROUND(SUMPRODUCT((CÁLCULO!$M$15:$M$237=EVENTOS!$C26)*(OFFSET(CÁLCULO!$AQ$15:$AQ$237,0,AF$13))),2),0)","v":0},{"$f":"IF(AUTOEVENTO=\"Manual\",ROUND(SUMPRODUCT((CÁLCULO!$M$15:$M$237=EVENTOS!$C26)*(OFFSET(CÁLCULO!$AQ$15:$AQ$237,0,AG$13))),2),0)","v":0},{"$f":"IF(AUTOEVENTO=\"Manual\",ROUND(SUMPRODUCT((CÁLCULO!$M$15:$M$237=EVENTOS!$C26)*(OFFSET(CÁLCULO!$AQ$15:$AQ$237,0,AH$13))),2),0)","v":0},{"$f":"IF(AUTOEVENTO=\"Manual\",ROUND(SUMPRODUCT((CÁLCULO!$M$15:$M$237=EVENTOS!$C26)*(OFFSET(CÁLCULO!$AQ$15:$AQ$237,0,AI$13))),2),0)","v":0}]
["F","12. REVESTIMENTOS EXTERNOS",{"$f":"IF(OR(ROW(C27)=ROW(EVENTOS.firstrow)+1,AND(OFFSET(C27,-1,0)<>\" \",OFFSET(C27,-1,1)<>\"\")),OFFSET(C27,-1,0)+1,\" \")","v":12},"REVESTIMENTOS EXTERNOS",{"$f":"IF(AUTOEVENTO=\"Manual\",ROUND(SUMPRODUCT((CÁLCULO!$M$15:$M$237=EVENTOS!$C27)*(OFFSET(CÁLCULO!$AQ$15:$AQ$237,0,E$13))),2),0)","v":0},{"$f":"IF(AUTOEVENTO=\"Manual\",ROUND(SUMPRODUCT((CÁLCULO!$M$15:$M$237=EVENTOS!$C27)*(OFFSET(CÁLCULO!$AQ$15,0,1):OFFSET(CÁLCULO!$BR$237,0,-1))),2),0)","v":0},"",{"$f":"IF(AUTOEVENTO=\"Manual\",ROUND(SUMPRODUCT((CÁLCULO!$M$15:$M$237=EVENTOS!$C27)*(OFFSET(CÁLCULO!$AQ$15:$AQ$237,0,H$13))),2),0)","v":0},{"$f":"IF(AUTOEVENTO=\"Manual\",ROUND(SUMPRODUCT((CÁLCULO!$M$15:$M$237=EVENTOS!$C27)*(OFFSET(CÁLCULO!$AQ$15:$AQ$237,0,I$13))),2),0)","v":0},{"$f":"IF(AUTOEVENTO=\"Manual\",ROUND(SUMPRODUCT((CÁLCULO!$M$15:$M$237=EVENTOS!$C27)*(OFFSET(CÁLCULO!$AQ$15:$AQ$237,0,J$13))),2),0)","v":0},{"$f":"IF(AUTOEVENTO=\"Manual\",ROUND(SUMPRODUCT((CÁLCULO!$M$15:$M$237=EVENTOS!$C27)*(OFFSET(CÁLCULO!$AQ$15:$AQ$237,0,K$13))),2),0)","v":0},{"$f":"IF(AUTOEVENTO=\"Manual\",ROUND(SUMPRODUCT((CÁLCULO!$M$15:$M$237=EVENTOS!$C27)*(OFFSET(CÁLCULO!$AQ$15:$AQ$237,0,L$13))),2),0)","v":0},{"$f":"IF(AUTOEVENTO=\"Manual\",ROUND(SUMPRODUCT((CÁLCULO!$M$15:$M$237=EVENTOS!$C27)*(OFFSET(CÁLCULO!$AQ$15:$AQ$237,0,M$13))),2),0)","v":0},{"$f":"IF(AUTOEVENTO=\"Manual\",ROUND(SUMPRODUCT((CÁLCULO!$M$15:$M$237=EVENTOS!$C27)*(OFFSET(CÁLCULO!$AQ$15:$AQ$237,0,N$13))),2),0)","v":0},{"$f":"IF(AUTOEVENTO=\"Manual\",ROUND(SUMPRODUCT((CÁLCULO!$M$15:$M$237=EVENTOS!$C27)*(OFFSET(CÁLCULO!$AQ$15:$AQ$237,0,O$13))),2),0)","v":0},{"$f":"IF(AUTOEVENTO=\"Manual\",ROUND(SUMPRODUCT((CÁLCULO!$M$15:$M$237=EVENTOS!$C27)*(OFFSET(CÁLCULO!$AQ$15:$AQ$237,0,P$13))),2),0)","v":0},{"$f":"IF(AUTOEVENTO=\"Manual\",ROUND(SUMPRODUCT((CÁLCULO!$M$15:$M$237=EVENTOS!$C27)*(OFFSET(CÁLCULO!$AQ$15:$AQ$237,0,Q$13))),2),0)","v":0},{"$f":"IF(AUTOEVENTO=\"Manual\",ROUND(SUMPRODUCT((CÁLCULO!$M$15:$M$237=EVENTOS!$C27)*(OFFSET(CÁLCULO!$AQ$15:$AQ$237,0,R$13))),2),0)","v":0},{"$f":"IF(AUTOEVENTO=\"Manual\",ROUND(SUMPRODUCT((CÁLCULO!$M$15:$M$237=EVENTOS!$C27)*(OFFSET(CÁLCULO!$AQ$15:$AQ$237,0,S$13))),2),0)","v":0},{"$f":"IF(AUTOEVENTO=\"Manual\",ROUND(SUMPRODUCT((CÁLCULO!$M$15:$M$237=EVENTOS!$C27)*(OFFSET(CÁLCULO!$AQ$15:$AQ$237,0,T$13))),2),0)","v":0},{"$f":"IF(AUTOEVENTO=\"Manual\",ROUND(SUMPRODUCT((CÁLCULO!$M$15:$M$237=EVENTOS!$C27)*(OFFSET(CÁLCULO!$AQ$15:$AQ$237,0,U$13))),2),0)","v":0},{"$f":"IF(AUTOEVENTO=\"Manual\",ROUND(SUMPRODUCT((CÁLCULO!$M$15:$M$237=EVENTOS!$C27)*(OFFSET(CÁLCULO!$AQ$15:$AQ$237,0,V$13))),2),0)","v":0},{"$f":"IF(AUTOEVENTO=\"Manual\",ROUND(SUMPRODUCT((CÁLCULO!$M$15:$M$237=EVENTOS!$C27)*(OFFSET(CÁLCULO!$AQ$15:$AQ$237,0,W$13))),2),0)","v":0},{"$f":"IF(AUTOEVENTO=\"Manual\",ROUND(SUMPRODUCT((CÁLCULO!$M$15:$M$237=EVENTOS!$C27)*(OFFSET(CÁLCULO!$AQ$15:$AQ$237,0,X$13))),2),0)","v":0},{"$f":"IF(AUTOEVENTO=\"Manual\",ROUND(SUMPRODUCT((CÁLCULO!$M$15:$M$237=EVENTOS!$C27)*(OFFSET(CÁLCULO!$AQ$15:$AQ$237,0,Y$13))),2),0)","v":0},{"$f":"IF(AUTOEVENTO=\"Manual\",ROUND(SUMPRODUCT((CÁLCULO!$M$15:$M$237=EVENTOS!$C27)*(OFFSET(CÁLCULO!$AQ$15:$AQ$237,0,Z$13))),2),0)","v":0},{"$f":"IF(AUTOEVENTO=\"Manual\",ROUND(SUMPRODUCT((CÁLCULO!$M$15:$M$237=EVENTOS!$C27)*(OFFSET(CÁLCULO!$AQ$15:$AQ$237,0,AA$13))),2),0)","v":0},{"$f":"IF(AUTOEVENTO=\"Manual\",ROUND(SUMPRODUCT((CÁLCULO!$M$15:$M$237=EVENTOS!$C27)*(OFFSET(CÁLCULO!$AQ$15:$AQ$237,0,AB$13))),2),0)","v":0},{"$f":"IF(AUTOEVENTO=\"Manual\",ROUND(SUMPRODUCT((CÁLCULO!$M$15:$M$237=EVENTOS!$C27)*(OFFSET(CÁLCULO!$AQ$15:$AQ$237,0,AC$13))),2),0)","v":0},{"$f":"IF(AUTOEVENTO=\"Manual\",ROUND(SUMPRODUCT((CÁLCULO!$M$15:$M$237=EVENTOS!$C27)*(OFFSET(CÁLCULO!$AQ$15:$AQ$237,0,AD$13))),2),0)","v":0},{"$f":"IF(AUTOEVENTO=\"Manual\",ROUND(SUMPRODUCT((CÁLCULO!$M$15:$M$237=EVENTOS!$C27)*(OFFSET(CÁLCULO!$AQ$15:$AQ$237,0,AE$13))),2),0)","v":0},{"$f":"IF(AUTOEVENTO=\"Manual\",ROUND(SUMPRODUCT((CÁLCULO!$M$15:$M$237=EVENTOS!$C27)*(OFFSET(CÁLCULO!$AQ$15:$AQ$237,0,AF$13))),2),0)","v":0},{"$f":"IF(AUTOEVENTO=\"Manual\",ROUND(SUMPRODUCT((CÁLCULO!$M$15:$M$237=EVENTOS!$C27)*(OFFSET(CÁLCULO!$AQ$15:$AQ$237,0,AG$13))),2),0)","v":0},{"$f":"IF(AUTOEVENTO=\"Manual\",ROUND(SUMPRODUCT((CÁLCULO!$M$15:$M$237=EVENTOS!$C27)*(OFFSET(CÁLCULO!$AQ$15:$AQ$237,0,AH$13))),2),0)","v":0},{"$f":"IF(AUTOEVENTO=\"Manual\",ROUND(SUMPRODUCT((CÁLCULO!$M$15:$M$237=EVENTOS!$C27)*(OFFSET(CÁLCULO!$AQ$15:$AQ$237,0,AI$13))),2),0)","v":0}]
["F","13. FORROS",{"$f":"IF(OR(ROW(C28)=ROW(EVENTOS.firstrow)+1,AND(OFFSET(C28,-1,0)<>\" \",OFFSET(C28,-1,1)<>\"\")),OFFSET(C28,-1,0)+1,\" \")","v":13},"FORROS",{"$f":"IF(AUTOEVENTO=\"Manual\",ROUND(SUMPRODUCT((CÁLCULO!$M$15:$M$237=EVENTOS!$C28)*(OFFSET(CÁLCULO!$AQ$15:$AQ$237,0,E$13))),2),0)","v":0},{"$f":"IF(AUTOEVENTO=\"Manual\",ROUND(SUMPRODUCT((CÁLCULO!$M$15:$M$237=EVENTOS!$C28)*(OFFSET(CÁLCULO!$AQ$15,0,1):OFFSET(CÁLCULO!$BR$237,0,-1))),2),0)","v":0},"",{"$f":"IF(AUTOEVENTO=\"Manual\",ROUND(SUMPRODUCT((CÁLCULO!$M$15:$M$237=EVENTOS!$C28)*(OFFSET(CÁLCULO!$AQ$15:$AQ$237,0,H$13))),2),0)","v":0},{"$f":"IF(AUTOEVENTO=\"Manual\",ROUND(SUMPRODUCT((CÁLCULO!$M$15:$M$237=EVENTOS!$C28)*(OFFSET(CÁLCULO!$AQ$15:$AQ$237,0,I$13))),2),0)","v":0},{"$f":"IF(AUTOEVENTO=\"Manual\",ROUND(SUMPRODUCT((CÁLCULO!$M$15:$M$237=EVENTOS!$C28)*(OFFSET(CÁLCULO!$AQ$15:$AQ$237,0,J$13))),2),0)","v":0},{"$f":"IF(AUTOEVENTO=\"Manual\",ROUND(SUMPRODUCT((CÁLCULO!$M$15:$M$237=EVENTOS!$C28)*(OFFSET(CÁLCULO!$AQ$15:$AQ$237,0,K$13))),2),0)","v":0},{"$f":"IF(AUTOEVENTO=\"Manual\",ROUND(SUMPRODUCT((CÁLCULO!$M$15:$M$237=EVENTOS!$C28)*(OFFSET(CÁLCULO!$AQ$15:$AQ$237,0,L$13))),2),0)","v":0},{"$f":"IF(AUTOEVENTO=\"Manual\",ROUND(SUMPRODUCT((CÁLCULO!$M$15:$M$237=EVENTOS!$C28)*(OFFSET(CÁLCULO!$AQ$15:$AQ$237,0,M$13))),2),0)","v":0},{"$f":"IF(AUTOEVENTO=\"Manual\",ROUND(SUMPRODUCT((CÁLCULO!$M$15:$M$237=EVENTOS!$C28)*(OFFSET(CÁLCULO!$AQ$15:$AQ$237,0,N$13))),2),0)","v":0},{"$f":"IF(AUTOEVENTO=\"Manual\",ROUND(SUMPRODUCT((CÁLCULO!$M$15:$M$237=EVENTOS!$C28)*(OFFSET(CÁLCULO!$AQ$15:$AQ$237,0,O$13))),2),0)","v":0},{"$f":"IF(AUTOEVENTO=\"Manual\",ROUND(SUMPRODUCT((CÁLCULO!$M$15:$M$237=EVENTOS!$C28)*(OFFSET(CÁLCULO!$AQ$15:$AQ$237,0,P$13))),2),0)","v":0},{"$f":"IF(AUTOEVENTO=\"Manual\",ROUND(SUMPRODUCT((CÁLCULO!$M$15:$M$237=EVENTOS!$C28)*(OFFSET(CÁLCULO!$AQ$15:$AQ$237,0,Q$13))),2),0)","v":0},{"$f":"IF(AUTOEVENTO=\"Manual\",ROUND(SUMPRODUCT((CÁLCULO!$M$15:$M$237=EVENTOS!$C28)*(OFFSET(CÁLCULO!$AQ$15:$AQ$237,0,R$13))),2),0)","v":0},{"$f":"IF(AUTOEVENTO=\"Manual\",ROUND(SUMPRODUCT((CÁLCULO!$M$15:$M$237=EVENTOS!$C28)*(OFFSET(CÁLCULO!$AQ$15:$AQ$237,0,S$13))),2),0)","v":0},{"$f":"IF(AUTOEVENTO=\"Manual\",ROUND(SUMPRODUCT((CÁLCULO!$M$15:$M$237=EVENTOS!$C28)*(OFFSET(CÁLCULO!$AQ$15:$AQ$237,0,T$13))),2),0)","v":0},{"$f":"IF(AUTOEVENTO=\"Manual\",ROUND(SUMPRODUCT((CÁLCULO!$M$15:$M$237=EVENTOS!$C28)*(OFFSET(CÁLCULO!$AQ$15:$AQ$237,0,U$13))),2),0)","v":0},{"$f":"IF(AUTOEVENTO=\"Manual\",ROUND(SUMPRODUCT((CÁLCULO!$M$15:$M$237=EVENTOS!$C28)*(OFFSET(CÁLCULO!$AQ$15:$AQ$237,0,V$13))),2),0)","v":0},{"$f":"IF(AUTOEVENTO=\"Manual\",ROUND(SUMPRODUCT((CÁLCULO!$M$15:$M$237=EVENTOS!$C28)*(OFFSET(CÁLCULO!$AQ$15:$AQ$237,0,W$13))),2),0)","v":0},{"$f":"IF(AUTOEVENTO=\"Manual\",ROUND(SUMPRODUCT((CÁLCULO!$M$15:$M$237=EVENTOS!$C28)*(OFFSET(CÁLCULO!$AQ$15:$AQ$237,0,X$13))),2),0)","v":0},{"$f":"IF(AUTOEVENTO=\"Manual\",ROUND(SUMPRODUCT((CÁLCULO!$M$15:$M$237=EVENTOS!$C28)*(OFFSET(CÁLCULO!$AQ$15:$AQ$237,0,Y$13))),2),0)","v":0},{"$f":"IF(AUTOEVENTO=\"Manual\",ROUND(SUMPRODUCT((CÁLCULO!$M$15:$M$237=EVENTOS!$C28)*(OFFSET(CÁLCULO!$AQ$15:$AQ$237,0,Z$13))),2),0)","v":0},{"$f":"IF(AUTOEVENTO=\"Manual\",ROUND(SUMPRODUCT((CÁLCULO!$M$15:$M$237=EVENTOS!$C28)*(OFFSET(CÁLCULO!$AQ$15:$AQ$237,0,AA$13))),2),0)","v":0},{"$f":"IF(AUTOEVENTO=\"Manual\",ROUND(SUMPRODUCT((CÁLCULO!$M$15:$M$237=EVENTOS!$C28)*(OFFSET(CÁLCULO!$AQ$15:$AQ$237,0,AB$13))),2),0)","v":0},{"$f":"IF(AUTOEVENTO=\"Manual\",ROUND(SUMPRODUCT((CÁLCULO!$M$15:$M$237=EVENTOS!$C28)*(OFFSET(CÁLCULO!$AQ$15:$AQ$237,0,AC$13))),2),0)","v":0},{"$f":"IF(AUTOEVENTO=\"Manual\",ROUND(SUMPRODUCT((CÁLCULO!$M$15:$M$237=EVENTOS!$C28)*(OFFSET(CÁLCULO!$AQ$15:$AQ$237,0,AD$13))),2),0)","v":0},{"$f":"IF(AUTOEVENTO=\"Manual\",ROUND(SUMPRODUCT((CÁLCULO!$M$15:$M$237=EVENTOS!$C28)*(OFFSET(CÁLCULO!$AQ$15:$AQ$237,0,AE$13))),2),0)","v":0},{"$f":"IF(AUTOEVENTO=\"Manual\",ROUND(SUMPRODUCT((CÁLCULO!$M$15:$M$237=EVENTOS!$C28)*(OFFSET(CÁLCULO!$AQ$15:$AQ$237,0,AF$13))),2),0)","v":0},{"$f":"IF(AUTOEVENTO=\"Manual\",ROUND(SUMPRODUCT((CÁLCULO!$M$15:$M$237=EVENTOS!$C28)*(OFFSET(CÁLCULO!$AQ$15:$AQ$237,0,AG$13))),2),0)","v":0},{"$f":"IF(AUTOEVENTO=\"Manual\",ROUND(SUMPRODUCT((CÁLCULO!$M$15:$M$237=EVENTOS!$C28)*(OFFSET(CÁLCULO!$AQ$15:$AQ$237,0,AH$13))),2),0)","v":0},{"$f":"IF(AUTOEVENTO=\"Manual\",ROUND(SUMPRODUCT((CÁLCULO!$M$15:$M$237=EVENTOS!$C28)*(OFFSET(CÁLCULO!$AQ$15:$AQ$237,0,AI$13))),2),0)","v":0}]
["F","14. PINTURAS INTERNAS",{"$f":"IF(OR(ROW(C29)=ROW(EVENTOS.firstrow)+1,AND(OFFSET(C29,-1,0)<>\" \",OFFSET(C29,-1,1)<>\"\")),OFFSET(C29,-1,0)+1,\" \")","v":14},"PINTURAS INTERNAS",{"$f":"IF(AUTOEVENTO=\"Manual\",ROUND(SUMPRODUCT((CÁLCULO!$M$15:$M$237=EVENTOS!$C29)*(OFFSET(CÁLCULO!$AQ$15:$AQ$237,0,E$13))),2),0)","v":0},{"$f":"IF(AUTOEVENTO=\"Manual\",ROUND(SUMPRODUCT((CÁLCULO!$M$15:$M$237=EVENTOS!$C29)*(OFFSET(CÁLCULO!$AQ$15,0,1):OFFSET(CÁLCULO!$BR$237,0,-1))),2),0)","v":0},"",{"$f":"IF(AUTOEVENTO=\"Manual\",ROUND(SUMPRODUCT((CÁLCULO!$M$15:$M$237=EVENTOS!$C29)*(OFFSET(CÁLCULO!$AQ$15:$AQ$237,0,H$13))),2),0)","v":0},{"$f":"IF(AUTOEVENTO=\"Manual\",ROUND(SUMPRODUCT((CÁLCULO!$M$15:$M$237=EVENTOS!$C29)*(OFFSET(CÁLCULO!$AQ$15:$AQ$237,0,I$13))),2),0)","v":0},{"$f":"IF(AUTOEVENTO=\"Manual\",ROUND(SUMPRODUCT((CÁLCULO!$M$15:$M$237=EVENTOS!$C29)*(OFFSET(CÁLCULO!$AQ$15:$AQ$237,0,J$13))),2),0)","v":0},{"$f":"IF(AUTOEVENTO=\"Manual\",ROUND(SUMPRODUCT((CÁLCULO!$M$15:$M$237=EVENTOS!$C29)*(OFFSET(CÁLCULO!$AQ$15:$AQ$237,0,K$13))),2),0)","v":0},{"$f":"IF(AUTOEVENTO=\"Manual\",ROUND(SUMPRODUCT((CÁLCULO!$M$15:$M$237=EVENTOS!$C29)*(OFFSET(CÁLCULO!$AQ$15:$AQ$237,0,L$13))),2),0)","v":0},{"$f":"IF(AUTOEVENTO=\"Manual\",ROUND(SUMPRODUCT((CÁLCULO!$M$15:$M$237=EVENTOS!$C29)*(OFFSET(CÁLCULO!$AQ$15:$AQ$237,0,M$13))),2),0)","v":0},{"$f":"IF(AUTOEVENTO=\"Manual\",ROUND(SUMPRODUCT((CÁLCULO!$M$15:$M$237=EVENTOS!$C29)*(OFFSET(CÁLCULO!$AQ$15:$AQ$237,0,N$13))),2),0)","v":0},{"$f":"IF(AUTOEVENTO=\"Manual\",ROUND(SUMPRODUCT((CÁLCULO!$M$15:$M$237=EVENTOS!$C29)*(OFFSET(CÁLCULO!$AQ$15:$AQ$237,0,O$13))),2),0)","v":0},{"$f":"IF(AUTOEVENTO=\"Manual\",ROUND(SUMPRODUCT((CÁLCULO!$M$15:$M$237=EVENTOS!$C29)*(OFFSET(CÁLCULO!$AQ$15:$AQ$237,0,P$13))),2),0)","v":0},{"$f":"IF(AUTOEVENTO=\"Manual\",ROUND(SUMPRODUCT((CÁLCULO!$M$15:$M$237=EVENTOS!$C29)*(OFFSET(CÁLCULO!$AQ$15:$AQ$237,0,Q$13))),2),0)","v":0},{"$f":"IF(AUTOEVENTO=\"Manual\",ROUND(SUMPRODUCT((CÁLCULO!$M$15:$M$237=EVENTOS!$C29)*(OFFSET(CÁLCULO!$AQ$15:$AQ$237,0,R$13))),2),0)","v":0},{"$f":"IF(AUTOEVENTO=\"Manual\",ROUND(SUMPRODUCT((CÁLCULO!$M$15:$M$237=EVENTOS!$C29)*(OFFSET(CÁLCULO!$AQ$15:$AQ$237,0,S$13))),2),0)","v":0},{"$f":"IF(AUTOEVENTO=\"Manual\",ROUND(SUMPRODUCT((CÁLCULO!$M$15:$M$237=EVENTOS!$C29)*(OFFSET(CÁLCULO!$AQ$15:$AQ$237,0,T$13))),2),0)","v":0},{"$f":"IF(AUTOEVENTO=\"Manual\",ROUND(SUMPRODUCT((CÁLCULO!$M$15:$M$237=EVENTOS!$C29)*(OFFSET(CÁLCULO!$AQ$15:$AQ$237,0,U$13))),2),0)","v":0},{"$f":"IF(AUTOEVENTO=\"Manual\",ROUND(SUMPRODUCT((CÁLCULO!$M$15:$M$237=EVENTOS!$C29)*(OFFSET(CÁLCULO!$AQ$15:$AQ$237,0,V$13))),2),0)","v":0},{"$f":"IF(AUTOEVENTO=\"Manual\",ROUND(SUMPRODUCT((CÁLCULO!$M$15:$M$237=EVENTOS!$C29)*(OFFSET(CÁLCULO!$AQ$15:$AQ$237,0,W$13))),2),0)","v":0},{"$f":"IF(AUTOEVENTO=\"Manual\",ROUND(SUMPRODUCT((CÁLCULO!$M$15:$M$237=EVENTOS!$C29)*(OFFSET(CÁLCULO!$AQ$15:$AQ$237,0,X$13))),2),0)","v":0},{"$f":"IF(AUTOEVENTO=\"Manual\",ROUND(SUMPRODUCT((CÁLCULO!$M$15:$M$237=EVENTOS!$C29)*(OFFSET(CÁLCULO!$AQ$15:$AQ$237,0,Y$13))),2),0)","v":0},{"$f":"IF(AUTOEVENTO=\"Manual\",ROUND(SUMPRODUCT((CÁLCULO!$M$15:$M$237=EVENTOS!$C29)*(OFFSET(CÁLCULO!$AQ$15:$AQ$237,0,Z$13))),2),0)","v":0},{"$f":"IF(AUTOEVENTO=\"Manual\",ROUND(SUMPRODUCT((CÁLCULO!$M$15:$M$237=EVENTOS!$C29)*(OFFSET(CÁLCULO!$AQ$15:$AQ$237,0,AA$13))),2),0)","v":0},{"$f":"IF(AUTOEVENTO=\"Manual\",ROUND(SUMPRODUCT((CÁLCULO!$M$15:$M$237=EVENTOS!$C29)*(OFFSET(CÁLCULO!$AQ$15:$AQ$237,0,AB$13))),2),0)","v":0},{"$f":"IF(AUTOEVENTO=\"Manual\",ROUND(SUMPRODUCT((CÁLCULO!$M$15:$M$237=EVENTOS!$C29)*(OFFSET(CÁLCULO!$AQ$15:$AQ$237,0,AC$13))),2),0)","v":0},{"$f":"IF(AUTOEVENTO=\"Manual\",ROUND(SUMPRODUCT((CÁLCULO!$M$15:$M$237=EVENTOS!$C29)*(OFFSET(CÁLCULO!$AQ$15:$AQ$237,0,AD$13))),2),0)","v":0},{"$f":"IF(AUTOEVENTO=\"Manual\",ROUND(SUMPRODUCT((CÁLCULO!$M$15:$M$237=EVENTOS!$C29)*(OFFSET(CÁLCULO!$AQ$15:$AQ$237,0,AE$13))),2),0)","v":0},{"$f":"IF(AUTOEVENTO=\"Manual\",ROUND(SUMPRODUCT((CÁLCULO!$M$15:$M$237=EVENTOS!$C29)*(OFFSET(CÁLCULO!$AQ$15:$AQ$237,0,AF$13))),2),0)","v":0},{"$f":"IF(AUTOEVENTO=\"Manual\",ROUND(SUMPRODUCT((CÁLCULO!$M$15:$M$237=EVENTOS!$C29)*(OFFSET(CÁLCULO!$AQ$15:$AQ$237,0,AG$13))),2),0)","v":0},{"$f":"IF(AUTOEVENTO=\"Manual\",ROUND(SUMPRODUCT((CÁLCULO!$M$15:$M$237=EVENTOS!$C29)*(OFFSET(CÁLCULO!$AQ$15:$AQ$237,0,AH$13))),2),0)","v":0},{"$f":"IF(AUTOEVENTO=\"Manual\",ROUND(SUMPRODUCT((CÁLCULO!$M$15:$M$237=EVENTOS!$C29)*(OFFSET(CÁLCULO!$AQ$15:$AQ$237,0,AI$13))),2),0)","v":0}]
["F","15. PINTURAS EXTERNAS",{"$f":"IF(OR(ROW(C30)=ROW(EVENTOS.firstrow)+1,AND(OFFSET(C30,-1,0)<>\" \",OFFSET(C30,-1,1)<>\"\")),OFFSET(C30,-1,0)+1,\" \")","v":15},"PINTURAS EXTERNAS",{"$f":"IF(AUTOEVENTO=\"Manual\",ROUND(SUMPRODUCT((CÁLCULO!$M$15:$M$237=EVENTOS!$C30)*(OFFSET(CÁLCULO!$AQ$15:$AQ$237,0,E$13))),2),0)","v":0},{"$f":"IF(AUTOEVENTO=\"Manual\",ROUND(SUMPRODUCT((CÁLCULO!$M$15:$M$237=EVENTOS!$C30)*(OFFSET(CÁLCULO!$AQ$15,0,1):OFFSET(CÁLCULO!$BR$237,0,-1))),2),0)","v":0},"",{"$f":"IF(AUTOEVENTO=\"Manual\",ROUND(SUMPRODUCT((CÁLCULO!$M$15:$M$237=EVENTOS!$C30)*(OFFSET(CÁLCULO!$AQ$15:$AQ$237,0,H$13))),2),0)","v":0},{"$f":"IF(AUTOEVENTO=\"Manual\",ROUND(SUMPRODUCT((CÁLCULO!$M$15:$M$237=EVENTOS!$C30)*(OFFSET(CÁLCULO!$AQ$15:$AQ$237,0,I$13))),2),0)","v":0},{"$f":"IF(AUTOEVENTO=\"Manual\",ROUND(SUMPRODUCT((CÁLCULO!$M$15:$M$237=EVENTOS!$C30)*(OFFSET(CÁLCULO!$AQ$15:$AQ$237,0,J$13))),2),0)","v":0},{"$f":"IF(AUTOEVENTO=\"Manual\",ROUND(SUMPRODUCT((CÁLCULO!$M$15:$M$237=EVENTOS!$C30)*(OFFSET(CÁLCULO!$AQ$15:$AQ$237,0,K$13))),2),0)","v":0},{"$f":"IF(AUTOEVENTO=\"Manual\",ROUND(SUMPRODUCT((CÁLCULO!$M$15:$M$237=EVENTOS!$C30)*(OFFSET(CÁLCULO!$AQ$15:$AQ$237,0,L$13))),2),0)","v":0},{"$f":"IF(AUTOEVENTO=\"Manual\",ROUND(SUMPRODUCT((CÁLCULO!$M$15:$M$237=EVENTOS!$C30)*(OFFSET(CÁLCULO!$AQ$15:$AQ$237,0,M$13))),2),0)","v":0},{"$f":"IF(AUTOEVENTO=\"Manual\",ROUND(SUMPRODUCT((CÁLCULO!$M$15:$M$237=EVENTOS!$C30)*(OFFSET(CÁLCULO!$AQ$15:$AQ$237,0,N$13))),2),0)","v":0},{"$f":"IF(AUTOEVENTO=\"Manual\",ROUND(SUMPRODUCT((CÁLCULO!$M$15:$M$237=EVENTOS!$C30)*(OFFSET(CÁLCULO!$AQ$15:$AQ$237,0,O$13))),2),0)","v":0},{"$f":"IF(AUTOEVENTO=\"Manual\",ROUND(SUMPRODUCT((CÁLCULO!$M$15:$M$237=EVENTOS!$C30)*(OFFSET(CÁLCULO!$AQ$15:$AQ$237,0,P$13))),2),0)","v":0},{"$f":"IF(AUTOEVENTO=\"Manual\",ROUND(SUMPRODUCT((CÁLCULO!$M$15:$M$237=EVENTOS!$C30)*(OFFSET(CÁLCULO!$AQ$15:$AQ$237,0,Q$13))),2),0)","v":0},{"$f":"IF(AUTOEVENTO=\"Manual\",ROUND(SUMPRODUCT((CÁLCULO!$M$15:$M$237=EVENTOS!$C30)*(OFFSET(CÁLCULO!$AQ$15:$AQ$237,0,R$13))),2),0)","v":0},{"$f":"IF(AUTOEVENTO=\"Manual\",ROUND(SUMPRODUCT((CÁLCULO!$M$15:$M$237=EVENTOS!$C30)*(OFFSET(CÁLCULO!$AQ$15:$AQ$237,0,S$13))),2),0)","v":0},{"$f":"IF(AUTOEVENTO=\"Manual\",ROUND(SUMPRODUCT((CÁLCULO!$M$15:$M$237=EVENTOS!$C30)*(OFFSET(CÁLCULO!$AQ$15:$AQ$237,0,T$13))),2),0)","v":0},{"$f":"IF(AUTOEVENTO=\"Manual\",ROUND(SUMPRODUCT((CÁLCULO!$M$15:$M$237=EVENTOS!$C30)*(OFFSET(CÁLCULO!$AQ$15:$AQ$237,0,U$13))),2),0)","v":0},{"$f":"IF(AUTOEVENTO=\"Manual\",ROUND(SUMPRODUCT((CÁLCULO!$M$15:$M$237=EVENTOS!$C30)*(OFFSET(CÁLCULO!$AQ$15:$AQ$237,0,V$13))),2),0)","v":0},{"$f":"IF(AUTOEVENTO=\"Manual\",ROUND(SUMPRODUCT((CÁLCULO!$M$15:$M$237=EVENTOS!$C30)*(OFFSET(CÁLCULO!$AQ$15:$AQ$237,0,W$13))),2),0)","v":0},{"$f":"IF(AUTOEVENTO=\"Manual\",ROUND(SUMPRODUCT((CÁLCULO!$M$15:$M$237=EVENTOS!$C30)*(OFFSET(CÁLCULO!$AQ$15:$AQ$237,0,X$13))),2),0)","v":0},{"$f":"IF(AUTOEVENTO=\"Manual\",ROUND(SUMPRODUCT((CÁLCULO!$M$15:$M$237=EVENTOS!$C30)*(OFFSET(CÁLCULO!$AQ$15:$AQ$237,0,Y$13))),2),0)","v":0},{"$f":"IF(AUTOEVENTO=\"Manual\",ROUND(SUMPRODUCT((CÁLCULO!$M$15:$M$237=EVENTOS!$C30)*(OFFSET(CÁLCULO!$AQ$15:$AQ$237,0,Z$13))),2),0)","v":0},{"$f":"IF(AUTOEVENTO=\"Manual\",ROUND(SUMPRODUCT((CÁLCULO!$M$15:$M$237=EVENTOS!$C30)*(OFFSET(CÁLCULO!$AQ$15:$AQ$237,0,AA$13))),2),0)","v":0},{"$f":"IF(AUTOEVENTO=\"Manual\",ROUND(SUMPRODUCT((CÁLCULO!$M$15:$M$237=EVENTOS!$C30)*(OFFSET(CÁLCULO!$AQ$15:$AQ$237,0,AB$13))),2),0)","v":0},{"$f":"IF(AUTOEVENTO=\"Manual\",ROUND(SUMPRODUCT((CÁLCULO!$M$15:$M$237=EVENTOS!$C30)*(OFFSET(CÁLCULO!$AQ$15:$AQ$237,0,AC$13))),2),0)","v":0},{"$f":"IF(AUTOEVENTO=\"Manual\",ROUND(SUMPRODUCT((CÁLCULO!$M$15:$M$237=EVENTOS!$C30)*(OFFSET(CÁLCULO!$AQ$15:$AQ$237,0,AD$13))),2),0)","v":0},{"$f":"IF(AUTOEVENTO=\"Manual\",ROUND(SUMPRODUCT((CÁLCULO!$M$15:$M$237=EVENTOS!$C30)*(OFFSET(CÁLCULO!$AQ$15:$AQ$237,0,AE$13))),2),0)","v":0},{"$f":"IF(AUTOEVENTO=\"Manual\",ROUND(SUMPRODUCT((CÁLCULO!$M$15:$M$237=EVENTOS!$C30)*(OFFSET(CÁLCULO!$AQ$15:$AQ$237,0,AF$13))),2),0)","v":0},{"$f":"IF(AUTOEVENTO=\"Manual\",ROUND(SUMPRODUCT((CÁLCULO!$M$15:$M$237=EVENTOS!$C30)*(OFFSET(CÁLCULO!$AQ$15:$AQ$237,0,AG$13))),2),0)","v":0},{"$f":"IF(AUTOEVENTO=\"Manual\",ROUND(SUMPRODUCT((CÁLCULO!$M$15:$M$237=EVENTOS!$C30)*(OFFSET(CÁLCULO!$AQ$15:$AQ$237,0,AH$13))),2),0)","v":0},{"$f":"IF(AUTOEVENTO=\"Manual\",ROUND(SUMPRODUCT((CÁLCULO!$M$15:$M$237=EVENTOS!$C30)*(OFFSET(CÁLCULO!$AQ$15:$AQ$237,0,AI$13))),2),0)","v":0}]
["F","16. PINTURA ESQUADRIAS",{"$f":"IF(OR(ROW(C31)=ROW(EVENTOS.firstrow)+1,AND(OFFSET(C31,-1,0)<>\" \",OFFSET(C31,-1,1)<>\"\")),OFFSET(C31,-1,0)+1,\" \")","v":16},"PINTURA ESQUADRIAS",{"$f":"IF(AUTOEVENTO=\"Manual\",ROUND(SUMPRODUCT((CÁLCULO!$M$15:$M$237=EVENTOS!$C31)*(OFFSET(CÁLCULO!$AQ$15:$AQ$237,0,E$13))),2),0)","v":0},{"$f":"IF(AUTOEVENTO=\"Manual\",ROUND(SUMPRODUCT((CÁLCULO!$M$15:$M$237=EVENTOS!$C31)*(OFFSET(CÁLCULO!$AQ$15,0,1):OFFSET(CÁLCULO!$BR$237,0,-1))),2),0)","v":0},"",{"$f":"IF(AUTOEVENTO=\"Manual\",ROUND(SUMPRODUCT((CÁLCULO!$M$15:$M$237=EVENTOS!$C31)*(OFFSET(CÁLCULO!$AQ$15:$AQ$237,0,H$13))),2),0)","v":0},{"$f":"IF(AUTOEVENTO=\"Manual\",ROUND(SUMPRODUCT((CÁLCULO!$M$15:$M$237=EVENTOS!$C31)*(OFFSET(CÁLCULO!$AQ$15:$AQ$237,0,I$13))),2),0)","v":0},{"$f":"IF(AUTOEVENTO=\"Manual\",ROUND(SUMPRODUCT((CÁLCULO!$M$15:$M$237=EVENTOS!$C31)*(OFFSET(CÁLCULO!$AQ$15:$AQ$237,0,J$13))),2),0)","v":0},{"$f":"IF(AUTOEVENTO=\"Manual\",ROUND(SUMPRODUCT((CÁLCULO!$M$15:$M$237=EVENTOS!$C31)*(OFFSET(CÁLCULO!$AQ$15:$AQ$237,0,K$13))),2),0)","v":0},{"$f":"IF(AUTOEVENTO=\"Manual\",ROUND(SUMPRODUCT((CÁLCULO!$M$15:$M$237=EVENTOS!$C31)*(OFFSET(CÁLCULO!$AQ$15:$AQ$237,0,L$13))),2),0)","v":0},{"$f":"IF(AUTOEVENTO=\"Manual\",ROUND(SUMPRODUCT((CÁLCULO!$M$15:$M$237=EVENTOS!$C31)*(OFFSET(CÁLCULO!$AQ$15:$AQ$237,0,M$13))),2),0)","v":0},{"$f":"IF(AUTOEVENTO=\"Manual\",ROUND(SUMPRODUCT((CÁLCULO!$M$15:$M$237=EVENTOS!$C31)*(OFFSET(CÁLCULO!$AQ$15:$AQ$237,0,N$13))),2),0)","v":0},{"$f":"IF(AUTOEVENTO=\"Manual\",ROUND(SUMPRODUCT((CÁLCULO!$M$15:$M$237=EVENTOS!$C31)*(OFFSET(CÁLCULO!$AQ$15:$AQ$237,0,O$13))),2),0)","v":0},{"$f":"IF(AUTOEVENTO=\"Manual\",ROUND(SUMPRODUCT((CÁLCULO!$M$15:$M$237=EVENTOS!$C31)*(OFFSET(CÁLCULO!$AQ$15:$AQ$237,0,P$13))),2),0)","v":0},{"$f":"IF(AUTOEVENTO=\"Manual\",ROUND(SUMPRODUCT((CÁLCULO!$M$15:$M$237=EVENTOS!$C31)*(OFFSET(CÁLCULO!$AQ$15:$AQ$237,0,Q$13))),2),0)","v":0},{"$f":"IF(AUTOEVENTO=\"Manual\",ROUND(SUMPRODUCT((CÁLCULO!$M$15:$M$237=EVENTOS!$C31)*(OFFSET(CÁLCULO!$AQ$15:$AQ$237,0,R$13))),2),0)","v":0},{"$f":"IF(AUTOEVENTO=\"Manual\",ROUND(SUMPRODUCT((CÁLCULO!$M$15:$M$237=EVENTOS!$C31)*(OFFSET(CÁLCULO!$AQ$15:$AQ$237,0,S$13))),2),0)","v":0},{"$f":"IF(AUTOEVENTO=\"Manual\",ROUND(SUMPRODUCT((CÁLCULO!$M$15:$M$237=EVENTOS!$C31)*(OFFSET(CÁLCULO!$AQ$15:$AQ$237,0,T$13))),2),0)","v":0},{"$f":"IF(AUTOEVENTO=\"Manual\",ROUND(SUMPRODUCT((CÁLCULO!$M$15:$M$237=EVENTOS!$C31)*(OFFSET(CÁLCULO!$AQ$15:$AQ$237,0,U$13))),2),0)","v":0},{"$f":"IF(AUTOEVENTO=\"Manual\",ROUND(SUMPRODUCT((CÁLCULO!$M$15:$M$237=EVENTOS!$C31)*(OFFSET(CÁLCULO!$AQ$15:$AQ$237,0,V$13))),2),0)","v":0},{"$f":"IF(AUTOEVENTO=\"Manual\",ROUND(SUMPRODUCT((CÁLCULO!$M$15:$M$237=EVENTOS!$C31)*(OFFSET(CÁLCULO!$AQ$15:$AQ$237,0,W$13))),2),0)","v":0},{"$f":"IF(AUTOEVENTO=\"Manual\",ROUND(SUMPRODUCT((CÁLCULO!$M$15:$M$237=EVENTOS!$C31)*(OFFSET(CÁLCULO!$AQ$15:$AQ$237,0,X$13))),2),0)","v":0},{"$f":"IF(AUTOEVENTO=\"Manual\",ROUND(SUMPRODUCT((CÁLCULO!$M$15:$M$237=EVENTOS!$C31)*(OFFSET(CÁLCULO!$AQ$15:$AQ$237,0,Y$13))),2),0)","v":0},{"$f":"IF(AUTOEVENTO=\"Manual\",ROUND(SUMPRODUCT((CÁLCULO!$M$15:$M$237=EVENTOS!$C31)*(OFFSET(CÁLCULO!$AQ$15:$AQ$237,0,Z$13))),2),0)","v":0},{"$f":"IF(AUTOEVENTO=\"Manual\",ROUND(SUMPRODUCT((CÁLCULO!$M$15:$M$237=EVENTOS!$C31)*(OFFSET(CÁLCULO!$AQ$15:$AQ$237,0,AA$13))),2),0)","v":0},{"$f":"IF(AUTOEVENTO=\"Manual\",ROUND(SUMPRODUCT((CÁLCULO!$M$15:$M$237=EVENTOS!$C31)*(OFFSET(CÁLCULO!$AQ$15:$AQ$237,0,AB$13))),2),0)","v":0},{"$f":"IF(AUTOEVENTO=\"Manual\",ROUND(SUMPRODUCT((CÁLCULO!$M$15:$M$237=EVENTOS!$C31)*(OFFSET(CÁLCULO!$AQ$15:$AQ$237,0,AC$13))),2),0)","v":0},{"$f":"IF(AUTOEVENTO=\"Manual\",ROUND(SUMPRODUCT((CÁLCULO!$M$15:$M$237=EVENTOS!$C31)*(OFFSET(CÁLCULO!$AQ$15:$AQ$237,0,AD$13))),2),0)","v":0},{"$f":"IF(AUTOEVENTO=\"Manual\",ROUND(SUMPRODUCT((CÁLCULO!$M$15:$M$237=EVENTOS!$C31)*(OFFSET(CÁLCULO!$AQ$15:$AQ$237,0,AE$13))),2),0)","v":0},{"$f":"IF(AUTOEVENTO=\"Manual\",ROUND(SUMPRODUCT((CÁLCULO!$M$15:$M$237=EVENTOS!$C31)*(OFFSET(CÁLCULO!$AQ$15:$AQ$237,0,AF$13))),2),0)","v":0},{"$f":"IF(AUTOEVENTO=\"Manual\",ROUND(SUMPRODUCT((CÁLCULO!$M$15:$M$237=EVENTOS!$C31)*(OFFSET(CÁLCULO!$AQ$15:$AQ$237,0,AG$13))),2),0)","v":0},{"$f":"IF(AUTOEVENTO=\"Manual\",ROUND(SUMPRODUCT((CÁLCULO!$M$15:$M$237=EVENTOS!$C31)*(OFFSET(CÁLCULO!$AQ$15:$AQ$237,0,AH$13))),2),0)","v":0},{"$f":"IF(AUTOEVENTO=\"Manual\",ROUND(SUMPRODUCT((CÁLCULO!$M$15:$M$237=EVENTOS!$C31)*(OFFSET(CÁLCULO!$AQ$15:$AQ$237,0,AI$13))),2),0)","v":0}]
["F","17. PISO CERÂMICO",{"$f":"IF(OR(ROW(C32)=ROW(EVENTOS.firstrow)+1,AND(OFFSET(C32,-1,0)<>\" \",OFFSET(C32,-1,1)<>\"\")),OFFSET(C32,-1,0)+1,\" \")","v":17},"PISO CERÂMICO",{"$f":"IF(AUTOEVENTO=\"Manual\",ROUND(SUMPRODUCT((CÁLCULO!$M$15:$M$237=EVENTOS!$C32)*(OFFSET(CÁLCULO!$AQ$15:$AQ$237,0,E$13))),2),0)","v":0},{"$f":"IF(AUTOEVENTO=\"Manual\",ROUND(SUMPRODUCT((CÁLCULO!$M$15:$M$237=EVENTOS!$C32)*(OFFSET(CÁLCULO!$AQ$15,0,1):OFFSET(CÁLCULO!$BR$237,0,-1))),2),0)","v":0},"",{"$f":"IF(AUTOEVENTO=\"Manual\",ROUND(SUMPRODUCT((CÁLCULO!$M$15:$M$237=EVENTOS!$C32)*(OFFSET(CÁLCULO!$AQ$15:$AQ$237,0,H$13))),2),0)","v":0},{"$f":"IF(AUTOEVENTO=\"Manual\",ROUND(SUMPRODUCT((CÁLCULO!$M$15:$M$237=EVENTOS!$C32)*(OFFSET(CÁLCULO!$AQ$15:$AQ$237,0,I$13))),2),0)","v":0},{"$f":"IF(AUTOEVENTO=\"Manual\",ROUND(SUMPRODUCT((CÁLCULO!$M$15:$M$237=EVENTOS!$C32)*(OFFSET(CÁLCULO!$AQ$15:$AQ$237,0,J$13))),2),0)","v":0},{"$f":"IF(AUTOEVENTO=\"Manual\",ROUND(SUMPRODUCT((CÁLCULO!$M$15:$M$237=EVENTOS!$C32)*(OFFSET(CÁLCULO!$AQ$15:$AQ$237,0,K$13))),2),0)","v":0},{"$f":"IF(AUTOEVENTO=\"Manual\",ROUND(SUMPRODUCT((CÁLCULO!$M$15:$M$237=EVENTOS!$C32)*(OFFSET(CÁLCULO!$AQ$15:$AQ$237,0,L$13))),2),0)","v":0},{"$f":"IF(AUTOEVENTO=\"Manual\",ROUND(SUMPRODUCT((CÁLCULO!$M$15:$M$237=EVENTOS!$C32)*(OFFSET(CÁLCULO!$AQ$15:$AQ$237,0,M$13))),2),0)","v":0},{"$f":"IF(AUTOEVENTO=\"Manual\",ROUND(SUMPRODUCT((CÁLCULO!$M$15:$M$237=EVENTOS!$C32)*(OFFSET(CÁLCULO!$AQ$15:$AQ$237,0,N$13))),2),0)","v":0},{"$f":"IF(AUTOEVENTO=\"Manual\",ROUND(SUMPRODUCT((CÁLCULO!$M$15:$M$237=EVENTOS!$C32)*(OFFSET(CÁLCULO!$AQ$15:$AQ$237,0,O$13))),2),0)","v":0},{"$f":"IF(AUTOEVENTO=\"Manual\",ROUND(SUMPRODUCT((CÁLCULO!$M$15:$M$237=EVENTOS!$C32)*(OFFSET(CÁLCULO!$AQ$15:$AQ$237,0,P$13))),2),0)","v":0},{"$f":"IF(AUTOEVENTO=\"Manual\",ROUND(SUMPRODUCT((CÁLCULO!$M$15:$M$237=EVENTOS!$C32)*(OFFSET(CÁLCULO!$AQ$15:$AQ$237,0,Q$13))),2),0)","v":0},{"$f":"IF(AUTOEVENTO=\"Manual\",ROUND(SUMPRODUCT((CÁLCULO!$M$15:$M$237=EVENTOS!$C32)*(OFFSET(CÁLCULO!$AQ$15:$AQ$237,0,R$13))),2),0)","v":0},{"$f":"IF(AUTOEVENTO=\"Manual\",ROUND(SUMPRODUCT((CÁLCULO!$M$15:$M$237=EVENTOS!$C32)*(OFFSET(CÁLCULO!$AQ$15:$AQ$237,0,S$13))),2),0)","v":0},{"$f":"IF(AUTOEVENTO=\"Manual\",ROUND(SUMPRODUCT((CÁLCULO!$M$15:$M$237=EVENTOS!$C32)*(OFFSET(CÁLCULO!$AQ$15:$AQ$237,0,T$13))),2),0)","v":0},{"$f":"IF(AUTOEVENTO=\"Manual\",ROUND(SUMPRODUCT((CÁLCULO!$M$15:$M$237=EVENTOS!$C32)*(OFFSET(CÁLCULO!$AQ$15:$AQ$237,0,U$13))),2),0)","v":0},{"$f":"IF(AUTOEVENTO=\"Manual\",ROUND(SUMPRODUCT((CÁLCULO!$M$15:$M$237=EVENTOS!$C32)*(OFFSET(CÁLCULO!$AQ$15:$AQ$237,0,V$13))),2),0)","v":0},{"$f":"IF(AUTOEVENTO=\"Manual\",ROUND(SUMPRODUCT((CÁLCULO!$M$15:$M$237=EVENTOS!$C32)*(OFFSET(CÁLCULO!$AQ$15:$AQ$237,0,W$13))),2),0)","v":0},{"$f":"IF(AUTOEVENTO=\"Manual\",ROUND(SUMPRODUCT((CÁLCULO!$M$15:$M$237=EVENTOS!$C32)*(OFFSET(CÁLCULO!$AQ$15:$AQ$237,0,X$13))),2),0)","v":0},{"$f":"IF(AUTOEVENTO=\"Manual\",ROUND(SUMPRODUCT((CÁLCULO!$M$15:$M$237=EVENTOS!$C32)*(OFFSET(CÁLCULO!$AQ$15:$AQ$237,0,Y$13))),2),0)","v":0},{"$f":"IF(AUTOEVENTO=\"Manual\",ROUND(SUMPRODUCT((CÁLCULO!$M$15:$M$237=EVENTOS!$C32)*(OFFSET(CÁLCULO!$AQ$15:$AQ$237,0,Z$13))),2),0)","v":0},{"$f":"IF(AUTOEVENTO=\"Manual\",ROUND(SUMPRODUCT((CÁLCULO!$M$15:$M$237=EVENTOS!$C32)*(OFFSET(CÁLCULO!$AQ$15:$AQ$237,0,AA$13))),2),0)","v":0},{"$f":"IF(AUTOEVENTO=\"Manual\",ROUND(SUMPRODUCT((CÁLCULO!$M$15:$M$237=EVENTOS!$C32)*(OFFSET(CÁLCULO!$AQ$15:$AQ$237,0,AB$13))),2),0)","v":0},{"$f":"IF(AUTOEVENTO=\"Manual\",ROUND(SUMPRODUCT((CÁLCULO!$M$15:$M$237=EVENTOS!$C32)*(OFFSET(CÁLCULO!$AQ$15:$AQ$237,0,AC$13))),2),0)","v":0},{"$f":"IF(AUTOEVENTO=\"Manual\",ROUND(SUMPRODUCT((CÁLCULO!$M$15:$M$237=EVENTOS!$C32)*(OFFSET(CÁLCULO!$AQ$15:$AQ$237,0,AD$13))),2),0)","v":0},{"$f":"IF(AUTOEVENTO=\"Manual\",ROUND(SUMPRODUCT((CÁLCULO!$M$15:$M$237=EVENTOS!$C32)*(OFFSET(CÁLCULO!$AQ$15:$AQ$237,0,AE$13))),2),0)","v":0},{"$f":"IF(AUTOEVENTO=\"Manual\",ROUND(SUMPRODUCT((CÁLCULO!$M$15:$M$237=EVENTOS!$C32)*(OFFSET(CÁLCULO!$AQ$15:$AQ$237,0,AF$13))),2),0)","v":0},{"$f":"IF(AUTOEVENTO=\"Manual\",ROUND(SUMPRODUCT((CÁLCULO!$M$15:$M$237=EVENTOS!$C32)*(OFFSET(CÁLCULO!$AQ$15:$AQ$237,0,AG$13))),2),0)","v":0},{"$f":"IF(AUTOEVENTO=\"Manual\",ROUND(SUMPRODUCT((CÁLCULO!$M$15:$M$237=EVENTOS!$C32)*(OFFSET(CÁLCULO!$AQ$15:$AQ$237,0,AH$13))),2),0)","v":0},{"$f":"IF(AUTOEVENTO=\"Manual\",ROUND(SUMPRODUCT((CÁLCULO!$M$15:$M$237=EVENTOS!$C32)*(OFFSET(CÁLCULO!$AQ$15:$AQ$237,0,AI$13))),2),0)","v":0}]
["F","18. PISO CIMENTADO",{"$f":"IF(OR(ROW(C33)=ROW(EVENTOS.firstrow)+1,AND(OFFSET(C33,-1,0)<>\" \",OFFSET(C33,-1,1)<>\"\")),OFFSET(C33,-1,0)+1,\" \")","v":18},"PISO CIMENTADO",{"$f":"IF(AUTOEVENTO=\"Manual\",ROUND(SUMPRODUCT((CÁLCULO!$M$15:$M$237=EVENTOS!$C33)*(OFFSET(CÁLCULO!$AQ$15:$AQ$237,0,E$13))),2),0)","v":0},{"$f":"IF(AUTOEVENTO=\"Manual\",ROUND(SUMPRODUCT((CÁLCULO!$M$15:$M$237=EVENTOS!$C33)*(OFFSET(CÁLCULO!$AQ$15,0,1):OFFSET(CÁLCULO!$BR$237,0,-1))),2),0)","v":0},"",{"$f":"IF(AUTOEVENTO=\"Manual\",ROUND(SUMPRODUCT((CÁLCULO!$M$15:$M$237=EVENTOS!$C33)*(OFFSET(CÁLCULO!$AQ$15:$AQ$237,0,H$13))),2),0)","v":0},{"$f":"IF(AUTOEVENTO=\"Manual\",ROUND(SUMPRODUCT((CÁLCULO!$M$15:$M$237=EVENTOS!$C33)*(OFFSET(CÁLCULO!$AQ$15:$AQ$237,0,I$13))),2),0)","v":0},{"$f":"IF(AUTOEVENTO=\"Manual\",ROUND(SUMPRODUCT((CÁLCULO!$M$15:$M$237=EVENTOS!$C33)*(OFFSET(CÁLCULO!$AQ$15:$AQ$237,0,J$13))),2),0)","v":0},{"$f":"IF(AUTOEVENTO=\"Manual\",ROUND(SUMPRODUCT((CÁLCULO!$M$15:$M$237=EVENTOS!$C33)*(OFFSET(CÁLCULO!$AQ$15:$AQ$237,0,K$13))),2),0)","v":0},{"$f":"IF(AUTOEVENTO=\"Manual\",ROUND(SUMPRODUCT((CÁLCULO!$M$15:$M$237=EVENTOS!$C33)*(OFFSET(CÁLCULO!$AQ$15:$AQ$237,0,L$13))),2),0)","v":0},{"$f":"IF(AUTOEVENTO=\"Manual\",ROUND(SUMPRODUCT((CÁLCULO!$M$15:$M$237=EVENTOS!$C33)*(OFFSET(CÁLCULO!$AQ$15:$AQ$237,0,M$13))),2),0)","v":0},{"$f":"IF(AUTOEVENTO=\"Manual\",ROUND(SUMPRODUCT((CÁLCULO!$M$15:$M$237=EVENTOS!$C33)*(OFFSET(CÁLCULO!$AQ$15:$AQ$237,0,N$13))),2),0)","v":0},{"$f":"IF(AUTOEVENTO=\"Manual\",ROUND(SUMPRODUCT((CÁLCULO!$M$15:$M$237=EVENTOS!$C33)*(OFFSET(CÁLCULO!$AQ$15:$AQ$237,0,O$13))),2),0)","v":0},{"$f":"IF(AUTOEVENTO=\"Manual\",ROUND(SUMPRODUCT((CÁLCULO!$M$15:$M$237=EVENTOS!$C33)*(OFFSET(CÁLCULO!$AQ$15:$AQ$237,0,P$13))),2),0)","v":0},{"$f":"IF(AUTOEVENTO=\"Manual\",ROUND(SUMPRODUCT((CÁLCULO!$M$15:$M$237=EVENTOS!$C33)*(OFFSET(CÁLCULO!$AQ$15:$AQ$237,0,Q$13))),2),0)","v":0},{"$f":"IF(AUTOEVENTO=\"Manual\",ROUND(SUMPRODUCT((CÁLCULO!$M$15:$M$237=EVENTOS!$C33)*(OFFSET(CÁLCULO!$AQ$15:$AQ$237,0,R$13))),2),0)","v":0},{"$f":"IF(AUTOEVENTO=\"Manual\",ROUND(SUMPRODUCT((CÁLCULO!$M$15:$M$237=EVENTOS!$C33)*(OFFSET(CÁLCULO!$AQ$15:$AQ$237,0,S$13))),2),0)","v":0},{"$f":"IF(AUTOEVENTO=\"Manual\",ROUND(SUMPRODUCT((CÁLCULO!$M$15:$M$237=EVENTOS!$C33)*(OFFSET(CÁLCULO!$AQ$15:$AQ$237,0,T$13))),2),0)","v":0},{"$f":"IF(AUTOEVENTO=\"Manual\",ROUND(SUMPRODUCT((CÁLCULO!$M$15:$M$237=EVENTOS!$C33)*(OFFSET(CÁLCULO!$AQ$15:$AQ$237,0,U$13))),2),0)","v":0},{"$f":"IF(AUTOEVENTO=\"Manual\",ROUND(SUMPRODUCT((CÁLCULO!$M$15:$M$237=EVENTOS!$C33)*(OFFSET(CÁLCULO!$AQ$15:$AQ$237,0,V$13))),2),0)","v":0},{"$f":"IF(AUTOEVENTO=\"Manual\",ROUND(SUMPRODUCT((CÁLCULO!$M$15:$M$237=EVENTOS!$C33)*(OFFSET(CÁLCULO!$AQ$15:$AQ$237,0,W$13))),2),0)","v":0},{"$f":"IF(AUTOEVENTO=\"Manual\",ROUND(SUMPRODUCT((CÁLCULO!$M$15:$M$237=EVENTOS!$C33)*(OFFSET(CÁLCULO!$AQ$15:$AQ$237,0,X$13))),2),0)","v":0},{"$f":"IF(AUTOEVENTO=\"Manual\",ROUND(SUMPRODUCT((CÁLCULO!$M$15:$M$237=EVENTOS!$C33)*(OFFSET(CÁLCULO!$AQ$15:$AQ$237,0,Y$13))),2),0)","v":0},{"$f":"IF(AUTOEVENTO=\"Manual\",ROUND(SUMPRODUCT((CÁLCULO!$M$15:$M$237=EVENTOS!$C33)*(OFFSET(CÁLCULO!$AQ$15:$AQ$237,0,Z$13))),2),0)","v":0},{"$f":"IF(AUTOEVENTO=\"Manual\",ROUND(SUMPRODUCT((CÁLCULO!$M$15:$M$237=EVENTOS!$C33)*(OFFSET(CÁLCULO!$AQ$15:$AQ$237,0,AA$13))),2),0)","v":0},{"$f":"IF(AUTOEVENTO=\"Manual\",ROUND(SUMPRODUCT((CÁLCULO!$M$15:$M$237=EVENTOS!$C33)*(OFFSET(CÁLCULO!$AQ$15:$AQ$237,0,AB$13))),2),0)","v":0},{"$f":"IF(AUTOEVENTO=\"Manual\",ROUND(SUMPRODUCT((CÁLCULO!$M$15:$M$237=EVENTOS!$C33)*(OFFSET(CÁLCULO!$AQ$15:$AQ$237,0,AC$13))),2),0)","v":0},{"$f":"IF(AUTOEVENTO=\"Manual\",ROUND(SUMPRODUCT((CÁLCULO!$M$15:$M$237=EVENTOS!$C33)*(OFFSET(CÁLCULO!$AQ$15:$AQ$237,0,AD$13))),2),0)","v":0},{"$f":"IF(AUTOEVENTO=\"Manual\",ROUND(SUMPRODUCT((CÁLCULO!$M$15:$M$237=EVENTOS!$C33)*(OFFSET(CÁLCULO!$AQ$15:$AQ$237,0,AE$13))),2),0)","v":0},{"$f":"IF(AUTOEVENTO=\"Manual\",ROUND(SUMPRODUCT((CÁLCULO!$M$15:$M$237=EVENTOS!$C33)*(OFFSET(CÁLCULO!$AQ$15:$AQ$237,0,AF$13))),2),0)","v":0},{"$f":"IF(AUTOEVENTO=\"Manual\",ROUND(SUMPRODUCT((CÁLCULO!$M$15:$M$237=EVENTOS!$C33)*(OFFSET(CÁLCULO!$AQ$15:$AQ$237,0,AG$13))),2),0)","v":0},{"$f":"IF(AUTOEVENTO=\"Manual\",ROUND(SUMPRODUCT((CÁLCULO!$M$15:$M$237=EVENTOS!$C33)*(OFFSET(CÁLCULO!$AQ$15:$AQ$237,0,AH$13))),2),0)","v":0},{"$f":"IF(AUTOEVENTO=\"Manual\",ROUND(SUMPRODUCT((CÁLCULO!$M$15:$M$237=EVENTOS!$C33)*(OFFSET(CÁLCULO!$AQ$15:$AQ$237,0,AI$13))),2),0)","v":0}]
["F","19. RODAPÉS, SOLEIRAS E PEITORIS",{"$f":"IF(OR(ROW(C34)=ROW(EVENTOS.firstrow)+1,AND(OFFSET(C34,-1,0)<>\" \",OFFSET(C34,-1,1)<>\"\")),OFFSET(C34,-1,0)+1,\" \")","v":19},"RODAPÉS, SOLEIRAS E PEITORIS",{"$f":"IF(AUTOEVENTO=\"Manual\",ROUND(SUMPRODUCT((CÁLCULO!$M$15:$M$237=EVENTOS!$C34)*(OFFSET(CÁLCULO!$AQ$15:$AQ$237,0,E$13))),2),0)","v":0},{"$f":"IF(AUTOEVENTO=\"Manual\",ROUND(SUMPRODUCT((CÁLCULO!$M$15:$M$237=EVENTOS!$C34)*(OFFSET(CÁLCULO!$AQ$15,0,1):OFFSET(CÁLCULO!$BR$237,0,-1))),2),0)","v":0},"",{"$f":"IF(AUTOEVENTO=\"Manual\",ROUND(SUMPRODUCT((CÁLCULO!$M$15:$M$237=EVENTOS!$C34)*(OFFSET(CÁLCULO!$AQ$15:$AQ$237,0,H$13))),2),0)","v":0},{"$f":"IF(AUTOEVENTO=\"Manual\",ROUND(SUMPRODUCT((CÁLCULO!$M$15:$M$237=EVENTOS!$C34)*(OFFSET(CÁLCULO!$AQ$15:$AQ$237,0,I$13))),2),0)","v":0},{"$f":"IF(AUTOEVENTO=\"Manual\",ROUND(SUMPRODUCT((CÁLCULO!$M$15:$M$237=EVENTOS!$C34)*(OFFSET(CÁLCULO!$AQ$15:$AQ$237,0,J$13))),2),0)","v":0},{"$f":"IF(AUTOEVENTO=\"Manual\",ROUND(SUMPRODUCT((CÁLCULO!$M$15:$M$237=EVENTOS!$C34)*(OFFSET(CÁLCULO!$AQ$15:$AQ$237,0,K$13))),2),0)","v":0},{"$f":"IF(AUTOEVENTO=\"Manual\",ROUND(SUMPRODUCT((CÁLCULO!$M$15:$M$237=EVENTOS!$C34)*(OFFSET(CÁLCULO!$AQ$15:$AQ$237,0,L$13))),2),0)","v":0},{"$f":"IF(AUTOEVENTO=\"Manual\",ROUND(SUMPRODUCT((CÁLCULO!$M$15:$M$237=EVENTOS!$C34)*(OFFSET(CÁLCULO!$AQ$15:$AQ$237,0,M$13))),2),0)","v":0},{"$f":"IF(AUTOEVENTO=\"Manual\",ROUND(SUMPRODUCT((CÁLCULO!$M$15:$M$237=EVENTOS!$C34)*(OFFSET(CÁLCULO!$AQ$15:$AQ$237,0,N$13))),2),0)","v":0},{"$f":"IF(AUTOEVENTO=\"Manual\",ROUND(SUMPRODUCT((CÁLCULO!$M$15:$M$237=EVENTOS!$C34)*(OFFSET(CÁLCULO!$AQ$15:$AQ$237,0,O$13))),2),0)","v":0},{"$f":"IF(AUTOEVENTO=\"Manual\",ROUND(SUMPRODUCT((CÁLCULO!$M$15:$M$237=EVENTOS!$C34)*(OFFSET(CÁLCULO!$AQ$15:$AQ$237,0,P$13))),2),0)","v":0},{"$f":"IF(AUTOEVENTO=\"Manual\",ROUND(SUMPRODUCT((CÁLCULO!$M$15:$M$237=EVENTOS!$C34)*(OFFSET(CÁLCULO!$AQ$15:$AQ$237,0,Q$13))),2),0)","v":0},{"$f":"IF(AUTOEVENTO=\"Manual\",ROUND(SUMPRODUCT((CÁLCULO!$M$15:$M$237=EVENTOS!$C34)*(OFFSET(CÁLCULO!$AQ$15:$AQ$237,0,R$13))),2),0)","v":0},{"$f":"IF(AUTOEVENTO=\"Manual\",ROUND(SUMPRODUCT((CÁLCULO!$M$15:$M$237=EVENTOS!$C34)*(OFFSET(CÁLCULO!$AQ$15:$AQ$237,0,S$13))),2),0)","v":0},{"$f":"IF(AUTOEVENTO=\"Manual\",ROUND(SUMPRODUCT((CÁLCULO!$M$15:$M$237=EVENTOS!$C34)*(OFFSET(CÁLCULO!$AQ$15:$AQ$237,0,T$13))),2),0)","v":0},{"$f":"IF(AUTOEVENTO=\"Manual\",ROUND(SUMPRODUCT((CÁLCULO!$M$15:$M$237=EVENTOS!$C34)*(OFFSET(CÁLCULO!$AQ$15:$AQ$237,0,U$13))),2),0)","v":0},{"$f":"IF(AUTOEVENTO=\"Manual\",ROUND(SUMPRODUCT((CÁLCULO!$M$15:$M$237=EVENTOS!$C34)*(OFFSET(CÁLCULO!$AQ$15:$AQ$237,0,V$13))),2),0)","v":0},{"$f":"IF(AUTOEVENTO=\"Manual\",ROUND(SUMPRODUCT((CÁLCULO!$M$15:$M$237=EVENTOS!$C34)*(OFFSET(CÁLCULO!$AQ$15:$AQ$237,0,W$13))),2),0)","v":0},{"$f":"IF(AUTOEVENTO=\"Manual\",ROUND(SUMPRODUCT((CÁLCULO!$M$15:$M$237=EVENTOS!$C34)*(OFFSET(CÁLCULO!$AQ$15:$AQ$237,0,X$13))),2),0)","v":0},{"$f":"IF(AUTOEVENTO=\"Manual\",ROUND(SUMPRODUCT((CÁLCULO!$M$15:$M$237=EVENTOS!$C34)*(OFFSET(CÁLCULO!$AQ$15:$AQ$237,0,Y$13))),2),0)","v":0},{"$f":"IF(AUTOEVENTO=\"Manual\",ROUND(SUMPRODUCT((CÁLCULO!$M$15:$M$237=EVENTOS!$C34)*(OFFSET(CÁLCULO!$AQ$15:$AQ$237,0,Z$13))),2),0)","v":0},{"$f":"IF(AUTOEVENTO=\"Manual\",ROUND(SUMPRODUCT((CÁLCULO!$M$15:$M$237=EVENTOS!$C34)*(OFFSET(CÁLCULO!$AQ$15:$AQ$237,0,AA$13))),2),0)","v":0},{"$f":"IF(AUTOEVENTO=\"Manual\",ROUND(SUMPRODUCT((CÁLCULO!$M$15:$M$237=EVENTOS!$C34)*(OFFSET(CÁLCULO!$AQ$15:$AQ$237,0,AB$13))),2),0)","v":0},{"$f":"IF(AUTOEVENTO=\"Manual\",ROUND(SUMPRODUCT((CÁLCULO!$M$15:$M$237=EVENTOS!$C34)*(OFFSET(CÁLCULO!$AQ$15:$AQ$237,0,AC$13))),2),0)","v":0},{"$f":"IF(AUTOEVENTO=\"Manual\",ROUND(SUMPRODUCT((CÁLCULO!$M$15:$M$237=EVENTOS!$C34)*(OFFSET(CÁLCULO!$AQ$15:$AQ$237,0,AD$13))),2),0)","v":0},{"$f":"IF(AUTOEVENTO=\"Manual\",ROUND(SUMPRODUCT((CÁLCULO!$M$15:$M$237=EVENTOS!$C34)*(OFFSET(CÁLCULO!$AQ$15:$AQ$237,0,AE$13))),2),0)","v":0},{"$f":"IF(AUTOEVENTO=\"Manual\",ROUND(SUMPRODUCT((CÁLCULO!$M$15:$M$237=EVENTOS!$C34)*(OFFSET(CÁLCULO!$AQ$15:$AQ$237,0,AF$13))),2),0)","v":0},{"$f":"IF(AUTOEVENTO=\"Manual\",ROUND(SUMPRODUCT((CÁLCULO!$M$15:$M$237=EVENTOS!$C34)*(OFFSET(CÁLCULO!$AQ$15:$AQ$237,0,AG$13))),2),0)","v":0},{"$f":"IF(AUTOEVENTO=\"Manual\",ROUND(SUMPRODUCT((CÁLCULO!$M$15:$M$237=EVENTOS!$C34)*(OFFSET(CÁLCULO!$AQ$15:$AQ$237,0,AH$13))),2),0)","v":0},{"$f":"IF(AUTOEVENTO=\"Manual\",ROUND(SUMPRODUCT((CÁLCULO!$M$15:$M$237=EVENTOS!$C34)*(OFFSET(CÁLCULO!$AQ$15:$AQ$237,0,AI$13))),2),0)","v":0}]
["F",{"$f":"IF(OR(C35=\" \",D35=\"\"),\"\",CONCATENATE(C35,\". \",D35))","v":"20. CENTRO DE DISTRIBUIÇÃO ELÉTRICA"},{"$f":"IF(OR(ROW(C35)=ROW(EVENTOS.firstrow)+1,AND(OFFSET(C35,-1,0)<>\" \",OFFSET(C35,-1,1)<>\"\")),OFFSET(C35,-1,0)+1,\" \")","v":20},"CENTRO DE DISTRIBUIÇÃO ELÉTRICA",{"$f":"IF(AUTOEVENTO=\"Manual\",ROUND(SUMPRODUCT((CÁLCULO!$M$15:$M$237=EVENTOS!$C35)*(OFFSET(CÁLCULO!$AQ$15:$AQ$237,0,E$13))),2),0)","v":0},{"$f":"IF(AUTOEVENTO=\"Manual\",ROUND(SUMPRODUCT((CÁLCULO!$M$15:$M$237=EVENTOS!$C35)*(OFFSET(CÁLCULO!$AQ$15,0,1):OFFSET(CÁLCULO!$BR$237,0,-1))),2),0)","v":0},{"$f":"IF(AND(D35=0,F35>0),\"NOME\",\n IF(AND(D35<>0,$F$14>0,F35=0),\"VALOR\",\n IF(AND(Import.TipoArredondamento=\"TransfereGOV\",$A35=\"F\",LEN(D35)>100),\"Nome >100\",\"\")))","v":""},{"$f":"IF(AUTOEVENTO=\"Manual\",ROUND(SUMPRODUCT((CÁLCULO!$M$15:$M$237=EVENTOS!$C35)*(OFFSET(CÁLCULO!$AQ$15:$AQ$237,0,H$13))),2),0)","v":0},{"$f":"IF(AUTOEVENTO=\"Manual\",ROUND(SUMPRODUCT((CÁLCULO!$M$15:$M$237=EVENTOS!$C35)*(OFFSET(CÁLCULO!$AQ$15:$AQ$237,0,I$13))),2),0)","v":0},{"$f":"IF(AUTOEVENTO=\"Manual\",ROUND(SUMPRODUCT((CÁLCULO!$M$15:$M$237=EVENTOS!$C35)*(OFFSET(CÁLCULO!$AQ$15:$AQ$237,0,J$13))),2),0)","v":0},{"$f":"IF(AUTOEVENTO=\"Manual\",ROUND(SUMPRODUCT((CÁLCULO!$M$15:$M$237=EVENTOS!$C35)*(OFFSET(CÁLCULO!$AQ$15:$AQ$237,0,K$13))),2),0)","v":0},{"$f":"IF(AUTOEVENTO=\"Manual\",ROUND(SUMPRODUCT((CÁLCULO!$M$15:$M$237=EVENTOS!$C35)*(OFFSET(CÁLCULO!$AQ$15:$AQ$237,0,L$13))),2),0)","v":0},{"$f":"IF(AUTOEVENTO=\"Manual\",ROUND(SUMPRODUCT((CÁLCULO!$M$15:$M$237=EVENTOS!$C35)*(OFFSET(CÁLCULO!$AQ$15:$AQ$237,0,M$13))),2),0)","v":0},{"$f":"IF(AUTOEVENTO=\"Manual\",ROUND(SUMPRODUCT((CÁLCULO!$M$15:$M$237=EVENTOS!$C35)*(OFFSET(CÁLCULO!$AQ$15:$AQ$237,0,N$13))),2),0)","v":0},{"$f":"IF(AUTOEVENTO=\"Manual\",ROUND(SUMPRODUCT((CÁLCULO!$M$15:$M$237=EVENTOS!$C35)*(OFFSET(CÁLCULO!$AQ$15:$AQ$237,0,O$13))),2),0)","v":0},{"$f":"IF(AUTOEVENTO=\"Manual\",ROUND(SUMPRODUCT((CÁLCULO!$M$15:$M$237=EVENTOS!$C35)*(OFFSET(CÁLCULO!$AQ$15:$AQ$237,0,P$13))),2),0)","v":0},{"$f":"IF(AUTOEVENTO=\"Manual\",ROUND(SUMPRODUCT((CÁLCULO!$M$15:$M$237=EVENTOS!$C35)*(OFFSET(CÁLCULO!$AQ$15:$AQ$237,0,Q$13))),2),0)","v":0},{"$f":"IF(AUTOEVENTO=\"Manual\",ROUND(SUMPRODUCT((CÁLCULO!$M$15:$M$237=EVENTOS!$C35)*(OFFSET(CÁLCULO!$AQ$15:$AQ$237,0,R$13))),2),0)","v":0},{"$f":"IF(AUTOEVENTO=\"Manual\",ROUND(SUMPRODUCT((CÁLCULO!$M$15:$M$237=EVENTOS!$C35)*(OFFSET(CÁLCULO!$AQ$15:$AQ$237,0,S$13))),2),0)","v":0},{"$f":"IF(AUTOEVENTO=\"Manual\",ROUND(SUMPRODUCT((CÁLCULO!$M$15:$M$237=EVENTOS!$C35)*(OFFSET(CÁLCULO!$AQ$15:$AQ$237,0,T$13))),2),0)","v":0},{"$f":"IF(AUTOEVENTO=\"Manual\",ROUND(SUMPRODUCT((CÁLCULO!$M$15:$M$237=EVENTOS!$C35)*(OFFSET(CÁLCULO!$AQ$15:$AQ$237,0,U$13))),2),0)","v":0},{"$f":"IF(AUTOEVENTO=\"Manual\",ROUND(SUMPRODUCT((CÁLCULO!$M$15:$M$237=EVENTOS!$C35)*(OFFSET(CÁLCULO!$AQ$15:$AQ$237,0,V$13))),2),0)","v":0},{"$f":"IF(AUTOEVENTO=\"Manual\",ROUND(SUMPRODUCT((CÁLCULO!$M$15:$M$237=EVENTOS!$C35)*(OFFSET(CÁLCULO!$AQ$15:$AQ$237,0,W$13))),2),0)","v":0},{"$f":"IF(AUTOEVENTO=\"Manual\",ROUND(SUMPRODUCT((CÁLCULO!$M$15:$M$237=EVENTOS!$C35)*(OFFSET(CÁLCULO!$AQ$15:$AQ$237,0,X$13))),2),0)","v":0},{"$f":"IF(AUTOEVENTO=\"Manual\",ROUND(SUMPRODUCT((CÁLCULO!$M$15:$M$237=EVENTOS!$C35)*(OFFSET(CÁLCULO!$AQ$15:$AQ$237,0,Y$13))),2),0)","v":0},{"$f":"IF(AUTOEVENTO=\"Manual\",ROUND(SUMPRODUCT((CÁLCULO!$M$15:$M$237=EVENTOS!$C35)*(OFFSET(CÁLCULO!$AQ$15:$AQ$237,0,Z$13))),2),0)","v":0},{"$f":"IF(AUTOEVENTO=\"Manual\",ROUND(SUMPRODUCT((CÁLCULO!$M$15:$M$237=EVENTOS!$C35)*(OFFSET(CÁLCULO!$AQ$15:$AQ$237,0,AA$13))),2),0)","v":0},{"$f":"IF(AUTOEVENTO=\"Manual\",ROUND(SUMPRODUCT((CÁLCULO!$M$15:$M$237=EVENTOS!$C35)*(OFFSET(CÁLCULO!$AQ$15:$AQ$237,0,AB$13))),2),0)","v":0},{"$f":"IF(AUTOEVENTO=\"Manual\",ROUND(SUMPRODUCT((CÁLCULO!$M$15:$M$237=EVENTOS!$C35)*(OFFSET(CÁLCULO!$AQ$15:$AQ$237,0,AC$13))),2),0)","v":0},{"$f":"IF(AUTOEVENTO=\"Manual\",ROUND(SUMPRODUCT((CÁLCULO!$M$15:$M$237=EVENTOS!$C35)*(OFFSET(CÁLCULO!$AQ$15:$AQ$237,0,AD$13))),2),0)","v":0},{"$f":"IF(AUTOEVENTO=\"Manual\",ROUND(SUMPRODUCT((CÁLCULO!$M$15:$M$237=EVENTOS!$C35)*(OFFSET(CÁLCULO!$AQ$15:$AQ$237,0,AE$13))),2),0)","v":0},{"$f":"IF(AUTOEVENTO=\"Manual\",ROUND(SUMPRODUCT((CÁLCULO!$M$15:$M$237=EVENTOS!$C35)*(OFFSET(CÁLCULO!$AQ$15:$AQ$237,0,AF$13))),2),0)","v":0},{"$f":"IF(AUTOEVENTO=\"Manual\",ROUND(SUMPRODUCT((CÁLCULO!$M$15:$M$237=EVENTOS!$C35)*(OFFSET(CÁLCULO!$AQ$15:$AQ$237,0,AG$13))),2),0)","v":0},{"$f":"IF(AUTOEVENTO=\"Manual\",ROUND(SUMPRODUCT((CÁLCULO!$M$15:$M$237=EVENTOS!$C35)*(OFFSET(CÁLCULO!$AQ$15:$AQ$237,0,AH$13))),2),0)","v":0},{"$f":"IF(AUTOEVENTO=\"Manual\",ROUND(SUMPRODUCT((CÁLCULO!$M$15:$M$237=EVENTOS!$C35)*(OFFSET(CÁLCULO!$AQ$15:$AQ$237,0,AI$13))),2),0)","v":0}]
["F","21. ILUMINAÇÃO, TOMADAS E INTERRUPTORES",{"$f":"IF(OR(ROW(C36)=ROW(EVENTOS.firstrow)+1,AND(OFFSET(C36,-1,0)<>\" \",OFFSET(C36,-1,1)<>\"\")),OFFSET(C36,-1,0)+1,\" \")","v":21},"ILUMINAÇÃO, TOMADAS E INTERRUPTORES",{"$f":"IF(AUTOEVENTO=\"Manual\",ROUND(SUMPRODUCT((CÁLCULO!$M$15:$M$237=EVENTOS!$C36)*(OFFSET(CÁLCULO!$AQ$15:$AQ$237,0,E$13))),2),0)","v":0},{"$f":"IF(AUTOEVENTO=\"Manual\",ROUND(SUMPRODUCT((CÁLCULO!$M$15:$M$237=EVENTOS!$C36)*(OFFSET(CÁLCULO!$AQ$15,0,1):OFFSET(CÁLCULO!$BR$237,0,-1))),2),0)","v":0},"",{"$f":"IF(AUTOEVENTO=\"Manual\",ROUND(SUMPRODUCT((CÁLCULO!$M$15:$M$237=EVENTOS!$C36)*(OFFSET(CÁLCULO!$AQ$15:$AQ$237,0,H$13))),2),0)","v":0},{"$f":"IF(AUTOEVENTO=\"Manual\",ROUND(SUMPRODUCT((CÁLCULO!$M$15:$M$237=EVENTOS!$C36)*(OFFSET(CÁLCULO!$AQ$15:$AQ$237,0,I$13))),2),0)","v":0},{"$f":"IF(AUTOEVENTO=\"Manual\",ROUND(SUMPRODUCT((CÁLCULO!$M$15:$M$237=EVENTOS!$C36)*(OFFSET(CÁLCULO!$AQ$15:$AQ$237,0,J$13))),2),0)","v":0},{"$f":"IF(AUTOEVENTO=\"Manual\",ROUND(SUMPRODUCT((CÁLCULO!$M$15:$M$237=EVENTOS!$C36)*(OFFSET(CÁLCULO!$AQ$15:$AQ$237,0,K$13))),2),0)","v":0},{"$f":"IF(AUTOEVENTO=\"Manual\",ROUND(SUMPRODUCT((CÁLCULO!$M$15:$M$237=EVENTOS!$C36)*(OFFSET(CÁLCULO!$AQ$15:$AQ$237,0,L$13))),2),0)","v":0},{"$f":"IF(AUTOEVENTO=\"Manual\",ROUND(SUMPRODUCT((CÁLCULO!$M$15:$M$237=EVENTOS!$C36)*(OFFSET(CÁLCULO!$AQ$15:$AQ$237,0,M$13))),2),0)","v":0},{"$f":"IF(AUTOEVENTO=\"Manual\",ROUND(SUMPRODUCT((CÁLCULO!$M$15:$M$237=EVENTOS!$C36)*(OFFSET(CÁLCULO!$AQ$15:$AQ$237,0,N$13))),2),0)","v":0},{"$f":"IF(AUTOEVENTO=\"Manual\",ROUND(SUMPRODUCT((CÁLCULO!$M$15:$M$237=EVENTOS!$C36)*(OFFSET(CÁLCULO!$AQ$15:$AQ$237,0,O$13))),2),0)","v":0},{"$f":"IF(AUTOEVENTO=\"Manual\",ROUND(SUMPRODUCT((CÁLCULO!$M$15:$M$237=EVENTOS!$C36)*(OFFSET(CÁLCULO!$AQ$15:$AQ$237,0,P$13))),2),0)","v":0},{"$f":"IF(AUTOEVENTO=\"Manual\",ROUND(SUMPRODUCT((CÁLCULO!$M$15:$M$237=EVENTOS!$C36)*(OFFSET(CÁLCULO!$AQ$15:$AQ$237,0,Q$13))),2),0)","v":0},{"$f":"IF(AUTOEVENTO=\"Manual\",ROUND(SUMPRODUCT((CÁLCULO!$M$15:$M$237=EVENTOS!$C36)*(OFFSET(CÁLCULO!$AQ$15:$AQ$237,0,R$13))),2),0)","v":0},{"$f":"IF(AUTOEVENTO=\"Manual\",ROUND(SUMPRODUCT((CÁLCULO!$M$15:$M$237=EVENTOS!$C36)*(OFFSET(CÁLCULO!$AQ$15:$AQ$237,0,S$13))),2),0)","v":0},{"$f":"IF(AUTOEVENTO=\"Manual\",ROUND(SUMPRODUCT((CÁLCULO!$M$15:$M$237=EVENTOS!$C36)*(OFFSET(CÁLCULO!$AQ$15:$AQ$237,0,T$13))),2),0)","v":0},{"$f":"IF(AUTOEVENTO=\"Manual\",ROUND(SUMPRODUCT((CÁLCULO!$M$15:$M$237=EVENTOS!$C36)*(OFFSET(CÁLCULO!$AQ$15:$AQ$237,0,U$13))),2),0)","v":0},{"$f":"IF(AUTOEVENTO=\"Manual\",ROUND(SUMPRODUCT((CÁLCULO!$M$15:$M$237=EVENTOS!$C36)*(OFFSET(CÁLCULO!$AQ$15:$AQ$237,0,V$13))),2),0)","v":0},{"$f":"IF(AUTOEVENTO=\"Manual\",ROUND(SUMPRODUCT((CÁLCULO!$M$15:$M$237=EVENTOS!$C36)*(OFFSET(CÁLCULO!$AQ$15:$AQ$237,0,W$13))),2),0)","v":0},{"$f":"IF(AUTOEVENTO=\"Manual\",ROUND(SUMPRODUCT((CÁLCULO!$M$15:$M$237=EVENTOS!$C36)*(OFFSET(CÁLCULO!$AQ$15:$AQ$237,0,X$13))),2),0)","v":0},{"$f":"IF(AUTOEVENTO=\"Manual\",ROUND(SUMPRODUCT((CÁLCULO!$M$15:$M$237=EVENTOS!$C36)*(OFFSET(CÁLCULO!$AQ$15:$AQ$237,0,Y$13))),2),0)","v":0},{"$f":"IF(AUTOEVENTO=\"Manual\",ROUND(SUMPRODUCT((CÁLCULO!$M$15:$M$237=EVENTOS!$C36)*(OFFSET(CÁLCULO!$AQ$15:$AQ$237,0,Z$13))),2),0)","v":0},{"$f":"IF(AUTOEVENTO=\"Manual\",ROUND(SUMPRODUCT((CÁLCULO!$M$15:$M$237=EVENTOS!$C36)*(OFFSET(CÁLCULO!$AQ$15:$AQ$237,0,AA$13))),2),0)","v":0},{"$f":"IF(AUTOEVENTO=\"Manual\",ROUND(SUMPRODUCT((CÁLCULO!$M$15:$M$237=EVENTOS!$C36)*(OFFSET(CÁLCULO!$AQ$15:$AQ$237,0,AB$13))),2),0)","v":0},{"$f":"IF(AUTOEVENTO=\"Manual\",ROUND(SUMPRODUCT((CÁLCULO!$M$15:$M$237=EVENTOS!$C36)*(OFFSET(CÁLCULO!$AQ$15:$AQ$237,0,AC$13))),2),0)","v":0},{"$f":"IF(AUTOEVENTO=\"Manual\",ROUND(SUMPRODUCT((CÁLCULO!$M$15:$M$237=EVENTOS!$C36)*(OFFSET(CÁLCULO!$AQ$15:$AQ$237,0,AD$13))),2),0)","v":0},{"$f":"IF(AUTOEVENTO=\"Manual\",ROUND(SUMPRODUCT((CÁLCULO!$M$15:$M$237=EVENTOS!$C36)*(OFFSET(CÁLCULO!$AQ$15:$AQ$237,0,AE$13))),2),0)","v":0},{"$f":"IF(AUTOEVENTO=\"Manual\",ROUND(SUMPRODUCT((CÁLCULO!$M$15:$M$237=EVENTOS!$C36)*(OFFSET(CÁLCULO!$AQ$15:$AQ$237,0,AF$13))),2),0)","v":0},{"$f":"IF(AUTOEVENTO=\"Manual\",ROUND(SUMPRODUCT((CÁLCULO!$M$15:$M$237=EVENTOS!$C36)*(OFFSET(CÁLCULO!$AQ$15:$AQ$237,0,AG$13))),2),0)","v":0},{"$f":"IF(AUTOEVENTO=\"Manual\",ROUND(SUMPRODUCT((CÁLCULO!$M$15:$M$237=EVENTOS!$C36)*(OFFSET(CÁLCULO!$AQ$15:$AQ$237,0,AH$13))),2),0)","v":0},{"$f":"IF(AUTOEVENTO=\"Manual\",ROUND(SUMPRODUCT((CÁLCULO!$M$15:$M$237=EVENTOS!$C36)*(OFFSET(CÁLCULO!$AQ$15:$AQ$237,0,AI$13))),2),0)","v":0}]
["F","22. FIOS E CABOS",{"$f":"IF(OR(ROW(C37)=ROW(EVENTOS.firstrow)+1,AND(OFFSET(C37,-1,0)<>\" \",OFFSET(C37,-1,1)<>\"\")),OFFSET(C37,-1,0)+1,\" \")","v":22},"FIOS E CABOS",{"$f":"IF(AUTOEVENTO=\"Manual\",ROUND(SUMPRODUCT((CÁLCULO!$M$15:$M$237=EVENTOS!$C37)*(OFFSET(CÁLCULO!$AQ$15:$AQ$237,0,E$13))),2),0)","v":0},{"$f":"IF(AUTOEVENTO=\"Manual\",ROUND(SUMPRODUCT((CÁLCULO!$M$15:$M$237=EVENTOS!$C37)*(OFFSET(CÁLCULO!$AQ$15,0,1):OFFSET(CÁLCULO!$BR$237,0,-1))),2),0)","v":0},"",{"$f":"IF(AUTOEVENTO=\"Manual\",ROUND(SUMPRODUCT((CÁLCULO!$M$15:$M$237=EVENTOS!$C37)*(OFFSET(CÁLCULO!$AQ$15:$AQ$237,0,H$13))),2),0)","v":0},{"$f":"IF(AUTOEVENTO=\"Manual\",ROUND(SUMPRODUCT((CÁLCULO!$M$15:$M$237=EVENTOS!$C37)*(OFFSET(CÁLCULO!$AQ$15:$AQ$237,0,I$13))),2),0)","v":0},{"$f":"IF(AUTOEVENTO=\"Manual\",ROUND(SUMPRODUCT((CÁLCULO!$M$15:$M$237=EVENTOS!$C37)*(OFFSET(CÁLCULO!$AQ$15:$AQ$237,0,J$13))),2),0)","v":0},{"$f":"IF(AUTOEVENTO=\"Manual\",ROUND(SUMPRODUCT((CÁLCULO!$M$15:$M$237=EVENTOS!$C37)*(OFFSET(CÁLCULO!$AQ$15:$AQ$237,0,K$13))),2),0)","v":0},{"$f":"IF(AUTOEVENTO=\"Manual\",ROUND(SUMPRODUCT((CÁLCULO!$M$15:$M$237=EVENTOS!$C37)*(OFFSET(CÁLCULO!$AQ$15:$AQ$237,0,L$13))),2),0)","v":0},{"$f":"IF(AUTOEVENTO=\"Manual\",ROUND(SUMPRODUCT((CÁLCULO!$M$15:$M$237=EVENTOS!$C37)*(OFFSET(CÁLCULO!$AQ$15:$AQ$237,0,M$13))),2),0)","v":0},{"$f":"IF(AUTOEVENTO=\"Manual\",ROUND(SUMPRODUCT((CÁLCULO!$M$15:$M$237=EVENTOS!$C37)*(OFFSET(CÁLCULO!$AQ$15:$AQ$237,0,N$13))),2),0)","v":0},{"$f":"IF(AUTOEVENTO=\"Manual\",ROUND(SUMPRODUCT((CÁLCULO!$M$15:$M$237=EVENTOS!$C37)*(OFFSET(CÁLCULO!$AQ$15:$AQ$237,0,O$13))),2),0)","v":0},{"$f":"IF(AUTOEVENTO=\"Manual\",ROUND(SUMPRODUCT((CÁLCULO!$M$15:$M$237=EVENTOS!$C37)*(OFFSET(CÁLCULO!$AQ$15:$AQ$237,0,P$13))),2),0)","v":0},{"$f":"IF(AUTOEVENTO=\"Manual\",ROUND(SUMPRODUCT((CÁLCULO!$M$15:$M$237=EVENTOS!$C37)*(OFFSET(CÁLCULO!$AQ$15:$AQ$237,0,Q$13))),2),0)","v":0},{"$f":"IF(AUTOEVENTO=\"Manual\",ROUND(SUMPRODUCT((CÁLCULO!$M$15:$M$237=EVENTOS!$C37)*(OFFSET(CÁLCULO!$AQ$15:$AQ$237,0,R$13))),2),0)","v":0},{"$f":"IF(AUTOEVENTO=\"Manual\",ROUND(SUMPRODUCT((CÁLCULO!$M$15:$M$237=EVENTOS!$C37)*(OFFSET(CÁLCULO!$AQ$15:$AQ$237,0,S$13))),2),0)","v":0},{"$f":"IF(AUTOEVENTO=\"Manual\",ROUND(SUMPRODUCT((CÁLCULO!$M$15:$M$237=EVENTOS!$C37)*(OFFSET(CÁLCULO!$AQ$15:$AQ$237,0,T$13))),2),0)","v":0},{"$f":"IF(AUTOEVENTO=\"Manual\",ROUND(SUMPRODUCT((CÁLCULO!$M$15:$M$237=EVENTOS!$C37)*(OFFSET(CÁLCULO!$AQ$15:$AQ$237,0,U$13))),2),0)","v":0},{"$f":"IF(AUTOEVENTO=\"Manual\",ROUND(SUMPRODUCT((CÁLCULO!$M$15:$M$237=EVENTOS!$C37)*(OFFSET(CÁLCULO!$AQ$15:$AQ$237,0,V$13))),2),0)","v":0},{"$f":"IF(AUTOEVENTO=\"Manual\",ROUND(SUMPRODUCT((CÁLCULO!$M$15:$M$237=EVENTOS!$C37)*(OFFSET(CÁLCULO!$AQ$15:$AQ$237,0,W$13))),2),0)","v":0},{"$f":"IF(AUTOEVENTO=\"Manual\",ROUND(SUMPRODUCT((CÁLCULO!$M$15:$M$237=EVENTOS!$C37)*(OFFSET(CÁLCULO!$AQ$15:$AQ$237,0,X$13))),2),0)","v":0},{"$f":"IF(AUTOEVENTO=\"Manual\",ROUND(SUMPRODUCT((CÁLCULO!$M$15:$M$237=EVENTOS!$C37)*(OFFSET(CÁLCULO!$AQ$15:$AQ$237,0,Y$13))),2),0)","v":0},{"$f":"IF(AUTOEVENTO=\"Manual\",ROUND(SUMPRODUCT((CÁLCULO!$M$15:$M$237=EVENTOS!$C37)*(OFFSET(CÁLCULO!$AQ$15:$AQ$237,0,Z$13))),2),0)","v":0},{"$f":"IF(AUTOEVENTO=\"Manual\",ROUND(SUMPRODUCT((CÁLCULO!$M$15:$M$237=EVENTOS!$C37)*(OFFSET(CÁLCULO!$AQ$15:$AQ$237,0,AA$13))),2),0)","v":0},{"$f":"IF(AUTOEVENTO=\"Manual\",ROUND(SUMPRODUCT((CÁLCULO!$M$15:$M$237=EVENTOS!$C37)*(OFFSET(CÁLCULO!$AQ$15:$AQ$237,0,AB$13))),2),0)","v":0},{"$f":"IF(AUTOEVENTO=\"Manual\",ROUND(SUMPRODUCT((CÁLCULO!$M$15:$M$237=EVENTOS!$C37)*(OFFSET(CÁLCULO!$AQ$15:$AQ$237,0,AC$13))),2),0)","v":0},{"$f":"IF(AUTOEVENTO=\"Manual\",ROUND(SUMPRODUCT((CÁLCULO!$M$15:$M$237=EVENTOS!$C37)*(OFFSET(CÁLCULO!$AQ$15:$AQ$237,0,AD$13))),2),0)","v":0},{"$f":"IF(AUTOEVENTO=\"Manual\",ROUND(SUMPRODUCT((CÁLCULO!$M$15:$M$237=EVENTOS!$C37)*(OFFSET(CÁLCULO!$AQ$15:$AQ$237,0,AE$13))),2),0)","v":0},{"$f":"IF(AUTOEVENTO=\"Manual\",ROUND(SUMPRODUCT((CÁLCULO!$M$15:$M$237=EVENTOS!$C37)*(OFFSET(CÁLCULO!$AQ$15:$AQ$237,0,AF$13))),2),0)","v":0},{"$f":"IF(AUTOEVENTO=\"Manual\",ROUND(SUMPRODUCT((CÁLCULO!$M$15:$M$237=EVENTOS!$C37)*(OFFSET(CÁLCULO!$AQ$15:$AQ$237,0,AG$13))),2),0)","v":0},{"$f":"IF(AUTOEVENTO=\"Manual\",ROUND(SUMPRODUCT((CÁLCULO!$M$15:$M$237=EVENTOS!$C37)*(OFFSET(CÁLCULO!$AQ$15:$AQ$237,0,AH$13))),2),0)","v":0},{"$f":"IF(AUTOEVENTO=\"Manual\",ROUND(SUMPRODUCT((CÁLCULO!$M$15:$M$237=EVENTOS!$C37)*(OFFSET(CÁLCULO!$AQ$15:$AQ$237,0,AI$13))),2),0)","v":0}]
["F","23. TUBULAÇÕES E CONEXÕES HIDRÁULICAS",{"$f":"IF(OR(ROW(C38)=ROW(EVENTOS.firstrow)+1,AND(OFFSET(C38,-1,0)<>\" \",OFFSET(C38,-1,1)<>\"\")),OFFSET(C38,-1,0)+1,\" \")","v":23},"TUBULAÇÕES E CONEXÕES HIDRÁULICAS",{"$f":"IF(AUTOEVENTO=\"Manual\",ROUND(SUMPRODUCT((CÁLCULO!$M$15:$M$237=EVENTOS!$C38)*(OFFSET(CÁLCULO!$AQ$15:$AQ$237,0,E$13))),2),0)","v":0},{"$f":"IF(AUTOEVENTO=\"Manual\",ROUND(SUMPRODUCT((CÁLCULO!$M$15:$M$237=EVENTOS!$C38)*(OFFSET(CÁLCULO!$AQ$15,0,1):OFFSET(CÁLCULO!$BR$237,0,-1))),2),0)","v":0},"",{"$f":"IF(AUTOEVENTO=\"Manual\",ROUND(SUMPRODUCT((CÁLCULO!$M$15:$M$237=EVENTOS!$C38)*(OFFSET(CÁLCULO!$AQ$15:$AQ$237,0,H$13))),2),0)","v":0},{"$f":"IF(AUTOEVENTO=\"Manual\",ROUND(SUMPRODUCT((CÁLCULO!$M$15:$M$237=EVENTOS!$C38)*(OFFSET(CÁLCULO!$AQ$15:$AQ$237,0,I$13))),2),0)","v":0},{"$f":"IF(AUTOEVENTO=\"Manual\",ROUND(SUMPRODUCT((CÁLCULO!$M$15:$M$237=EVENTOS!$C38)*(OFFSET(CÁLCULO!$AQ$15:$AQ$237,0,J$13))),2),0)","v":0},{"$f":"IF(AUTOEVENTO=\"Manual\",ROUND(SUMPRODUCT((CÁLCULO!$M$15:$M$237=EVENTOS!$C38)*(OFFSET(CÁLCULO!$AQ$15:$AQ$237,0,K$13))),2),0)","v":0},{"$f":"IF(AUTOEVENTO=\"Manual\",ROUND(SUMPRODUCT((CÁLCULO!$M$15:$M$237=EVENTOS!$C38)*(OFFSET(CÁLCULO!$AQ$15:$AQ$237,0,L$13))),2),0)","v":0},{"$f":"IF(AUTOEVENTO=\"Manual\",ROUND(SUMPRODUCT((CÁLCULO!$M$15:$M$237=EVENTOS!$C38)*(OFFSET(CÁLCULO!$AQ$15:$AQ$237,0,M$13))),2),0)","v":0},{"$f":"IF(AUTOEVENTO=\"Manual\",ROUND(SUMPRODUCT((CÁLCULO!$M$15:$M$237=EVENTOS!$C38)*(OFFSET(CÁLCULO!$AQ$15:$AQ$237,0,N$13))),2),0)","v":0},{"$f":"IF(AUTOEVENTO=\"Manual\",ROUND(SUMPRODUCT((CÁLCULO!$M$15:$M$237=EVENTOS!$C38)*(OFFSET(CÁLCULO!$AQ$15:$AQ$237,0,O$13))),2),0)","v":0},{"$f":"IF(AUTOEVENTO=\"Manual\",ROUND(SUMPRODUCT((CÁLCULO!$M$15:$M$237=EVENTOS!$C38)*(OFFSET(CÁLCULO!$AQ$15:$AQ$237,0,P$13))),2),0)","v":0},{"$f":"IF(AUTOEVENTO=\"Manual\",ROUND(SUMPRODUCT((CÁLCULO!$M$15:$M$237=EVENTOS!$C38)*(OFFSET(CÁLCULO!$AQ$15:$AQ$237,0,Q$13))),2),0)","v":0},{"$f":"IF(AUTOEVENTO=\"Manual\",ROUND(SUMPRODUCT((CÁLCULO!$M$15:$M$237=EVENTOS!$C38)*(OFFSET(CÁLCULO!$AQ$15:$AQ$237,0,R$13))),2),0)","v":0},{"$f":"IF(AUTOEVENTO=\"Manual\",ROUND(SUMPRODUCT((CÁLCULO!$M$15:$M$237=EVENTOS!$C38)*(OFFSET(CÁLCULO!$AQ$15:$AQ$237,0,S$13))),2),0)","v":0},{"$f":"IF(AUTOEVENTO=\"Manual\",ROUND(SUMPRODUCT((CÁLCULO!$M$15:$M$237=EVENTOS!$C38)*(OFFSET(CÁLCULO!$AQ$15:$AQ$237,0,T$13))),2),0)","v":0},{"$f":"IF(AUTOEVENTO=\"Manual\",ROUND(SUMPRODUCT((CÁLCULO!$M$15:$M$237=EVENTOS!$C38)*(OFFSET(CÁLCULO!$AQ$15:$AQ$237,0,U$13))),2),0)","v":0},{"$f":"IF(AUTOEVENTO=\"Manual\",ROUND(SUMPRODUCT((CÁLCULO!$M$15:$M$237=EVENTOS!$C38)*(OFFSET(CÁLCULO!$AQ$15:$AQ$237,0,V$13))),2),0)","v":0},{"$f":"IF(AUTOEVENTO=\"Manual\",ROUND(SUMPRODUCT((CÁLCULO!$M$15:$M$237=EVENTOS!$C38)*(OFFSET(CÁLCULO!$AQ$15:$AQ$237,0,W$13))),2),0)","v":0},{"$f":"IF(AUTOEVENTO=\"Manual\",ROUND(SUMPRODUCT((CÁLCULO!$M$15:$M$237=EVENTOS!$C38)*(OFFSET(CÁLCULO!$AQ$15:$AQ$237,0,X$13))),2),0)","v":0},{"$f":"IF(AUTOEVENTO=\"Manual\",ROUND(SUMPRODUCT((CÁLCULO!$M$15:$M$237=EVENTOS!$C38)*(OFFSET(CÁLCULO!$AQ$15:$AQ$237,0,Y$13))),2),0)","v":0},{"$f":"IF(AUTOEVENTO=\"Manual\",ROUND(SUMPRODUCT((CÁLCULO!$M$15:$M$237=EVENTOS!$C38)*(OFFSET(CÁLCULO!$AQ$15:$AQ$237,0,Z$13))),2),0)","v":0},{"$f":"IF(AUTOEVENTO=\"Manual\",ROUND(SUMPRODUCT((CÁLCULO!$M$15:$M$237=EVENTOS!$C38)*(OFFSET(CÁLCULO!$AQ$15:$AQ$237,0,AA$13))),2),0)","v":0},{"$f":"IF(AUTOEVENTO=\"Manual\",ROUND(SUMPRODUCT((CÁLCULO!$M$15:$M$237=EVENTOS!$C38)*(OFFSET(CÁLCULO!$AQ$15:$AQ$237,0,AB$13))),2),0)","v":0},{"$f":"IF(AUTOEVENTO=\"Manual\",ROUND(SUMPRODUCT((CÁLCULO!$M$15:$M$237=EVENTOS!$C38)*(OFFSET(CÁLCULO!$AQ$15:$AQ$237,0,AC$13))),2),0)","v":0},{"$f":"IF(AUTOEVENTO=\"Manual\",ROUND(SUMPRODUCT((CÁLCULO!$M$15:$M$237=EVENTOS!$C38)*(OFFSET(CÁLCULO!$AQ$15:$AQ$237,0,AD$13))),2),0)","v":0},{"$f":"IF(AUTOEVENTO=\"Manual\",ROUND(SUMPRODUCT((CÁLCULO!$M$15:$M$237=EVENTOS!$C38)*(OFFSET(CÁLCULO!$AQ$15:$AQ$237,0,AE$13))),2),0)","v":0},{"$f":"IF(AUTOEVENTO=\"Manual\",ROUND(SUMPRODUCT((CÁLCULO!$M$15:$M$237=EVENTOS!$C38)*(OFFSET(CÁLCULO!$AQ$15:$AQ$237,0,AF$13))),2),0)","v":0},{"$f":"IF(AUTOEVENTO=\"Manual\",ROUND(SUMPRODUCT((CÁLCULO!$M$15:$M$237=EVENTOS!$C38)*(OFFSET(CÁLCULO!$AQ$15:$AQ$237,0,AG$13))),2),0)","v":0},{"$f":"IF(AUTOEVENTO=\"Manual\",ROUND(SUMPRODUCT((CÁLCULO!$M$15:$M$237=EVENTOS!$C38)*(OFFSET(CÁLCULO!$AQ$15:$AQ$237,0,AH$13))),2),0)","v":0},{"$f":"IF(AUTOEVENTO=\"Manual\",ROUND(SUMPRODUCT((CÁLCULO!$M$15:$M$237=EVENTOS!$C38)*(OFFSET(CÁLCULO!$AQ$15:$AQ$237,0,AI$13))),2),0)","v":0}]
["F","24. REGISTROS",{"$f":"IF(OR(ROW(C39)=ROW(EVENTOS.firstrow)+1,AND(OFFSET(C39,-1,0)<>\" \",OFFSET(C39,-1,1)<>\"\")),OFFSET(C39,-1,0)+1,\" \")","v":24},"REGISTROS",{"$f":"IF(AUTOEVENTO=\"Manual\",ROUND(SUMPRODUCT((CÁLCULO!$M$15:$M$237=EVENTOS!$C39)*(OFFSET(CÁLCULO!$AQ$15:$AQ$237,0,E$13))),2),0)","v":0},{"$f":"IF(AUTOEVENTO=\"Manual\",ROUND(SUMPRODUCT((CÁLCULO!$M$15:$M$237=EVENTOS!$C39)*(OFFSET(CÁLCULO!$AQ$15,0,1):OFFSET(CÁLCULO!$BR$237,0,-1))),2),0)","v":0},"",{"$f":"IF(AUTOEVENTO=\"Manual\",ROUND(SUMPRODUCT((CÁLCULO!$M$15:$M$237=EVENTOS!$C39)*(OFFSET(CÁLCULO!$AQ$15:$AQ$237,0,H$13))),2),0)","v":0},{"$f":"IF(AUTOEVENTO=\"Manual\",ROUND(SUMPRODUCT((CÁLCULO!$M$15:$M$237=EVENTOS!$C39)*(OFFSET(CÁLCULO!$AQ$15:$AQ$237,0,I$13))),2),0)","v":0},{"$f":"IF(AUTOEVENTO=\"Manual\",ROUND(SUMPRODUCT((CÁLCULO!$M$15:$M$237=EVENTOS!$C39)*(OFFSET(CÁLCULO!$AQ$15:$AQ$237,0,J$13))),2),0)","v":0},{"$f":"IF(AUTOEVENTO=\"Manual\",ROUND(SUMPRODUCT((CÁLCULO!$M$15:$M$237=EVENTOS!$C39)*(OFFSET(CÁLCULO!$AQ$15:$AQ$237,0,K$13))),2),0)","v":0},{"$f":"IF(AUTOEVENTO=\"Manual\",ROUND(SUMPRODUCT((CÁLCULO!$M$15:$M$237=EVENTOS!$C39)*(OFFSET(CÁLCULO!$AQ$15:$AQ$237,0,L$13))),2),0)","v":0},{"$f":"IF(AUTOEVENTO=\"Manual\",ROUND(SUMPRODUCT((CÁLCULO!$M$15:$M$237=EVENTOS!$C39)*(OFFSET(CÁLCULO!$AQ$15:$AQ$237,0,M$13))),2),0)","v":0},{"$f":"IF(AUTOEVENTO=\"Manual\",ROUND(SUMPRODUCT((CÁLCULO!$M$15:$M$237=EVENTOS!$C39)*(OFFSET(CÁLCULO!$AQ$15:$AQ$237,0,N$13))),2),0)","v":0},{"$f":"IF(AUTOEVENTO=\"Manual\",ROUND(SUMPRODUCT((CÁLCULO!$M$15:$M$237=EVENTOS!$C39)*(OFFSET(CÁLCULO!$AQ$15:$AQ$237,0,O$13))),2),0)","v":0},{"$f":"IF(AUTOEVENTO=\"Manual\",ROUND(SUMPRODUCT((CÁLCULO!$M$15:$M$237=EVENTOS!$C39)*(OFFSET(CÁLCULO!$AQ$15:$AQ$237,0,P$13))),2),0)","v":0},{"$f":"IF(AUTOEVENTO=\"Manual\",ROUND(SUMPRODUCT((CÁLCULO!$M$15:$M$237=EVENTOS!$C39)*(OFFSET(CÁLCULO!$AQ$15:$AQ$237,0,Q$13))),2),0)","v":0},{"$f":"IF(AUTOEVENTO=\"Manual\",ROUND(SUMPRODUCT((CÁLCULO!$M$15:$M$237=EVENTOS!$C39)*(OFFSET(CÁLCULO!$AQ$15:$AQ$237,0,R$13))),2),0)","v":0},{"$f":"IF(AUTOEVENTO=\"Manual\",ROUND(SUMPRODUCT((CÁLCULO!$M$15:$M$237=EVENTOS!$C39)*(OFFSET(CÁLCULO!$AQ$15:$AQ$237,0,S$13))),2),0)","v":0},{"$f":"IF(AUTOEVENTO=\"Manual\",ROUND(SUMPRODUCT((CÁLCULO!$M$15:$M$237=EVENTOS!$C39)*(OFFSET(CÁLCULO!$AQ$15:$AQ$237,0,T$13))),2),0)","v":0},{"$f":"IF(AUTOEVENTO=\"Manual\",ROUND(SUMPRODUCT((CÁLCULO!$M$15:$M$237=EVENTOS!$C39)*(OFFSET(CÁLCULO!$AQ$15:$AQ$237,0,U$13))),2),0)","v":0},{"$f":"IF(AUTOEVENTO=\"Manual\",ROUND(SUMPRODUCT((CÁLCULO!$M$15:$M$237=EVENTOS!$C39)*(OFFSET(CÁLCULO!$AQ$15:$AQ$237,0,V$13))),2),0)","v":0},{"$f":"IF(AUTOEVENTO=\"Manual\",ROUND(SUMPRODUCT((CÁLCULO!$M$15:$M$237=EVENTOS!$C39)*(OFFSET(CÁLCULO!$AQ$15:$AQ$237,0,W$13))),2),0)","v":0},{"$f":"IF(AUTOEVENTO=\"Manual\",ROUND(SUMPRODUCT((CÁLCULO!$M$15:$M$237=EVENTOS!$C39)*(OFFSET(CÁLCULO!$AQ$15:$AQ$237,0,X$13))),2),0)","v":0},{"$f":"IF(AUTOEVENTO=\"Manual\",ROUND(SUMPRODUCT((CÁLCULO!$M$15:$M$237=EVENTOS!$C39)*(OFFSET(CÁLCULO!$AQ$15:$AQ$237,0,Y$13))),2),0)","v":0},{"$f":"IF(AUTOEVENTO=\"Manual\",ROUND(SUMPRODUCT((CÁLCULO!$M$15:$M$237=EVENTOS!$C39)*(OFFSET(CÁLCULO!$AQ$15:$AQ$237,0,Z$13))),2),0)","v":0},{"$f":"IF(AUTOEVENTO=\"Manual\",ROUND(SUMPRODUCT((CÁLCULO!$M$15:$M$237=EVENTOS!$C39)*(OFFSET(CÁLCULO!$AQ$15:$AQ$237,0,AA$13))),2),0)","v":0},{"$f":"IF(AUTOEVENTO=\"Manual\",ROUND(SUMPRODUCT((CÁLCULO!$M$15:$M$237=EVENTOS!$C39)*(OFFSET(CÁLCULO!$AQ$15:$AQ$237,0,AB$13))),2),0)","v":0},{"$f":"IF(AUTOEVENTO=\"Manual\",ROUND(SUMPRODUCT((CÁLCULO!$M$15:$M$237=EVENTOS!$C39)*(OFFSET(CÁLCULO!$AQ$15:$AQ$237,0,AC$13))),2),0)","v":0},{"$f":"IF(AUTOEVENTO=\"Manual\",ROUND(SUMPRODUCT((CÁLCULO!$M$15:$M$237=EVENTOS!$C39)*(OFFSET(CÁLCULO!$AQ$15:$AQ$237,0,AD$13))),2),0)","v":0},{"$f":"IF(AUTOEVENTO=\"Manual\",ROUND(SUMPRODUCT((CÁLCULO!$M$15:$M$237=EVENTOS!$C39)*(OFFSET(CÁLCULO!$AQ$15:$AQ$237,0,AE$13))),2),0)","v":0},{"$f":"IF(AUTOEVENTO=\"Manual\",ROUND(SUMPRODUCT((CÁLCULO!$M$15:$M$237=EVENTOS!$C39)*(OFFSET(CÁLCULO!$AQ$15:$AQ$237,0,AF$13))),2),0)","v":0},{"$f":"IF(AUTOEVENTO=\"Manual\",ROUND(SUMPRODUCT((CÁLCULO!$M$15:$M$237=EVENTOS!$C39)*(OFFSET(CÁLCULO!$AQ$15:$AQ$237,0,AG$13))),2),0)","v":0},{"$f":"IF(AUTOEVENTO=\"Manual\",ROUND(SUMPRODUCT((CÁLCULO!$M$15:$M$237=EVENTOS!$C39)*(OFFSET(CÁLCULO!$AQ$15:$AQ$237,0,AH$13))),2),0)","v":0},{"$f":"IF(AUTOEVENTO=\"Manual\",ROUND(SUMPRODUCT((CÁLCULO!$M$15:$M$237=EVENTOS!$C39)*(OFFSET(CÁLCULO!$AQ$15:$AQ$237,0,AI$13))),2),0)","v":0}]
["F","25. ENTRADA / ALIMENTAÇÃO HIDRÁULICA",{"$f":"IF(OR(ROW(C40)=ROW(EVENTOS.firstrow)+1,AND(OFFSET(C40,-1,0)<>\" \",OFFSET(C40,-1,1)<>\"\")),OFFSET(C40,-1,0)+1,\" \")","v":25},"ENTRADA / ALIMENTAÇÃO HIDRÁULICA",{"$f":"IF(AUTOEVENTO=\"Manual\",ROUND(SUMPRODUCT((CÁLCULO!$M$15:$M$237=EVENTOS!$C40)*(OFFSET(CÁLCULO!$AQ$15:$AQ$237,0,E$13))),2),0)","v":0},{"$f":"IF(AUTOEVENTO=\"Manual\",ROUND(SUMPRODUCT((CÁLCULO!$M$15:$M$237=EVENTOS!$C40)*(OFFSET(CÁLCULO!$AQ$15,0,1):OFFSET(CÁLCULO!$BR$237,0,-1))),2),0)","v":0},"",{"$f":"IF(AUTOEVENTO=\"Manual\",ROUND(SUMPRODUCT((CÁLCULO!$M$15:$M$237=EVENTOS!$C40)*(OFFSET(CÁLCULO!$AQ$15:$AQ$237,0,H$13))),2),0)","v":0},{"$f":"IF(AUTOEVENTO=\"Manual\",ROUND(SUMPRODUCT((CÁLCULO!$M$15:$M$237=EVENTOS!$C40)*(OFFSET(CÁLCULO!$AQ$15:$AQ$237,0,I$13))),2),0)","v":0},{"$f":"IF(AUTOEVENTO=\"Manual\",ROUND(SUMPRODUCT((CÁLCULO!$M$15:$M$237=EVENTOS!$C40)*(OFFSET(CÁLCULO!$AQ$15:$AQ$237,0,J$13))),2),0)","v":0},{"$f":"IF(AUTOEVENTO=\"Manual\",ROUND(SUMPRODUCT((CÁLCULO!$M$15:$M$237=EVENTOS!$C40)*(OFFSET(CÁLCULO!$AQ$15:$AQ$237,0,K$13))),2),0)","v":0},{"$f":"IF(AUTOEVENTO=\"Manual\",ROUND(SUMPRODUCT((CÁLCULO!$M$15:$M$237=EVENTOS!$C40)*(OFFSET(CÁLCULO!$AQ$15:$AQ$237,0,L$13))),2),0)","v":0},{"$f":"IF(AUTOEVENTO=\"Manual\",ROUND(SUMPRODUCT((CÁLCULO!$M$15:$M$237=EVENTOS!$C40)*(OFFSET(CÁLCULO!$AQ$15:$AQ$237,0,M$13))),2),0)","v":0},{"$f":"IF(AUTOEVENTO=\"Manual\",ROUND(SUMPRODUCT((CÁLCULO!$M$15:$M$237=EVENTOS!$C40)*(OFFSET(CÁLCULO!$AQ$15:$AQ$237,0,N$13))),2),0)","v":0},{"$f":"IF(AUTOEVENTO=\"Manual\",ROUND(SUMPRODUCT((CÁLCULO!$M$15:$M$237=EVENTOS!$C40)*(OFFSET(CÁLCULO!$AQ$15:$AQ$237,0,O$13))),2),0)","v":0},{"$f":"IF(AUTOEVENTO=\"Manual\",ROUND(SUMPRODUCT((CÁLCULO!$M$15:$M$237=EVENTOS!$C40)*(OFFSET(CÁLCULO!$AQ$15:$AQ$237,0,P$13))),2),0)","v":0},{"$f":"IF(AUTOEVENTO=\"Manual\",ROUND(SUMPRODUCT((CÁLCULO!$M$15:$M$237=EVENTOS!$C40)*(OFFSET(CÁLCULO!$AQ$15:$AQ$237,0,Q$13))),2),0)","v":0},{"$f":"IF(AUTOEVENTO=\"Manual\",ROUND(SUMPRODUCT((CÁLCULO!$M$15:$M$237=EVENTOS!$C40)*(OFFSET(CÁLCULO!$AQ$15:$AQ$237,0,R$13))),2),0)","v":0},{"$f":"IF(AUTOEVENTO=\"Manual\",ROUND(SUMPRODUCT((CÁLCULO!$M$15:$M$237=EVENTOS!$C40)*(OFFSET(CÁLCULO!$AQ$15:$AQ$237,0,S$13))),2),0)","v":0},{"$f":"IF(AUTOEVENTO=\"Manual\",ROUND(SUMPRODUCT((CÁLCULO!$M$15:$M$237=EVENTOS!$C40)*(OFFSET(CÁLCULO!$AQ$15:$AQ$237,0,T$13))),2),0)","v":0},{"$f":"IF(AUTOEVENTO=\"Manual\",ROUND(SUMPRODUCT((CÁLCULO!$M$15:$M$237=EVENTOS!$C40)*(OFFSET(CÁLCULO!$AQ$15:$AQ$237,0,U$13))),2),0)","v":0},{"$f":"IF(AUTOEVENTO=\"Manual\",ROUND(SUMPRODUCT((CÁLCULO!$M$15:$M$237=EVENTOS!$C40)*(OFFSET(CÁLCULO!$AQ$15:$AQ$237,0,V$13))),2),0)","v":0},{"$f":"IF(AUTOEVENTO=\"Manual\",ROUND(SUMPRODUCT((CÁLCULO!$M$15:$M$237=EVENTOS!$C40)*(OFFSET(CÁLCULO!$AQ$15:$AQ$237,0,W$13))),2),0)","v":0},{"$f":"IF(AUTOEVENTO=\"Manual\",ROUND(SUMPRODUCT((CÁLCULO!$M$15:$M$237=EVENTOS!$C40)*(OFFSET(CÁLCULO!$AQ$15:$AQ$237,0,X$13))),2),0)","v":0},{"$f":"IF(AUTOEVENTO=\"Manual\",ROUND(SUMPRODUCT((CÁLCULO!$M$15:$M$237=EVENTOS!$C40)*(OFFSET(CÁLCULO!$AQ$15:$AQ$237,0,Y$13))),2),0)","v":0},{"$f":"IF(AUTOEVENTO=\"Manual\",ROUND(SUMPRODUCT((CÁLCULO!$M$15:$M$237=EVENTOS!$C40)*(OFFSET(CÁLCULO!$AQ$15:$AQ$237,0,Z$13))),2),0)","v":0},{"$f":"IF(AUTOEVENTO=\"Manual\",ROUND(SUMPRODUCT((CÁLCULO!$M$15:$M$237=EVENTOS!$C40)*(OFFSET(CÁLCULO!$AQ$15:$AQ$237,0,AA$13))),2),0)","v":0},{"$f":"IF(AUTOEVENTO=\"Manual\",ROUND(SUMPRODUCT((CÁLCULO!$M$15:$M$237=EVENTOS!$C40)*(OFFSET(CÁLCULO!$AQ$15:$AQ$237,0,AB$13))),2),0)","v":0},{"$f":"IF(AUTOEVENTO=\"Manual\",ROUND(SUMPRODUCT((CÁLCULO!$M$15:$M$237=EVENTOS!$C40)*(OFFSET(CÁLCULO!$AQ$15:$AQ$237,0,AC$13))),2),0)","v":0},{"$f":"IF(AUTOEVENTO=\"Manual\",ROUND(SUMPRODUCT((CÁLCULO!$M$15:$M$237=EVENTOS!$C40)*(OFFSET(CÁLCULO!$AQ$15:$AQ$237,0,AD$13))),2),0)","v":0},{"$f":"IF(AUTOEVENTO=\"Manual\",ROUND(SUMPRODUCT((CÁLCULO!$M$15:$M$237=EVENTOS!$C40)*(OFFSET(CÁLCULO!$AQ$15:$AQ$237,0,AE$13))),2),0)","v":0},{"$f":"IF(AUTOEVENTO=\"Manual\",ROUND(SUMPRODUCT((CÁLCULO!$M$15:$M$237=EVENTOS!$C40)*(OFFSET(CÁLCULO!$AQ$15:$AQ$237,0,AF$13))),2),0)","v":0},{"$f":"IF(AUTOEVENTO=\"Manual\",ROUND(SUMPRODUCT((CÁLCULO!$M$15:$M$237=EVENTOS!$C40)*(OFFSET(CÁLCULO!$AQ$15:$AQ$237,0,AG$13))),2),0)","v":0},{"$f":"IF(AUTOEVENTO=\"Manual\",ROUND(SUMPRODUCT((CÁLCULO!$M$15:$M$237=EVENTOS!$C40)*(OFFSET(CÁLCULO!$AQ$15:$AQ$237,0,AH$13))),2),0)","v":0},{"$f":"IF(AUTOEVENTO=\"Manual\",ROUND(SUMPRODUCT((CÁLCULO!$M$15:$M$237=EVENTOS!$C40)*(OFFSET(CÁLCULO!$AQ$15:$AQ$237,0,AI$13))),2),0)","v":0}]
["F","26. CAIXA D'ÁGUA E BARRILETE",{"$f":"IF(OR(ROW(C41)=ROW(EVENTOS.firstrow)+1,AND(OFFSET(C41,-1,0)<>\" \",OFFSET(C41,-1,1)<>\"\")),OFFSET(C41,-1,0)+1,\" \")","v":26},"CAIXA D'ÁGUA E BARRILETE",{"$f":"IF(AUTOEVENTO=\"Manual\",ROUND(SUMPRODUCT((CÁLCULO!$M$15:$M$237=EVENTOS!$C41)*(OFFSET(CÁLCULO!$AQ$15:$AQ$237,0,E$13))),2),0)","v":0},{"$f":"IF(AUTOEVENTO=\"Manual\",ROUND(SUMPRODUCT((CÁLCULO!$M$15:$M$237=EVENTOS!$C41)*(OFFSET(CÁLCULO!$AQ$15,0,1):OFFSET(CÁLCULO!$BR$237,0,-1))),2),0)","v":0},"",{"$f":"IF(AUTOEVENTO=\"Manual\",ROUND(SUMPRODUCT((CÁLCULO!$M$15:$M$237=EVENTOS!$C41)*(OFFSET(CÁLCULO!$AQ$15:$AQ$237,0,H$13))),2),0)","v":0},{"$f":"IF(AUTOEVENTO=\"Manual\",ROUND(SUMPRODUCT((CÁLCULO!$M$15:$M$237=EVENTOS!$C41)*(OFFSET(CÁLCULO!$AQ$15:$AQ$237,0,I$13))),2),0)","v":0},{"$f":"IF(AUTOEVENTO=\"Manual\",ROUND(SUMPRODUCT((CÁLCULO!$M$15:$M$237=EVENTOS!$C41)*(OFFSET(CÁLCULO!$AQ$15:$AQ$237,0,J$13))),2),0)","v":0},{"$f":"IF(AUTOEVENTO=\"Manual\",ROUND(SUMPRODUCT((CÁLCULO!$M$15:$M$237=EVENTOS!$C41)*(OFFSET(CÁLCULO!$AQ$15:$AQ$237,0,K$13))),2),0)","v":0},{"$f":"IF(AUTOEVENTO=\"Manual\",ROUND(SUMPRODUCT((CÁLCULO!$M$15:$M$237=EVENTOS!$C41)*(OFFSET(CÁLCULO!$AQ$15:$AQ$237,0,L$13))),2),0)","v":0},{"$f":"IF(AUTOEVENTO=\"Manual\",ROUND(SUMPRODUCT((CÁLCULO!$M$15:$M$237=EVENTOS!$C41)*(OFFSET(CÁLCULO!$AQ$15:$AQ$237,0,M$13))),2),0)","v":0},{"$f":"IF(AUTOEVENTO=\"Manual\",ROUND(SUMPRODUCT((CÁLCULO!$M$15:$M$237=EVENTOS!$C41)*(OFFSET(CÁLCULO!$AQ$15:$AQ$237,0,N$13))),2),0)","v":0},{"$f":"IF(AUTOEVENTO=\"Manual\",ROUND(SUMPRODUCT((CÁLCULO!$M$15:$M$237=EVENTOS!$C41)*(OFFSET(CÁLCULO!$AQ$15:$AQ$237,0,O$13))),2),0)","v":0},{"$f":"IF(AUTOEVENTO=\"Manual\",ROUND(SUMPRODUCT((CÁLCULO!$M$15:$M$237=EVENTOS!$C41)*(OFFSET(CÁLCULO!$AQ$15:$AQ$237,0,P$13))),2),0)","v":0},{"$f":"IF(AUTOEVENTO=\"Manual\",ROUND(SUMPRODUCT((CÁLCULO!$M$15:$M$237=EVENTOS!$C41)*(OFFSET(CÁLCULO!$AQ$15:$AQ$237,0,Q$13))),2),0)","v":0},{"$f":"IF(AUTOEVENTO=\"Manual\",ROUND(SUMPRODUCT((CÁLCULO!$M$15:$M$237=EVENTOS!$C41)*(OFFSET(CÁLCULO!$AQ$15:$AQ$237,0,R$13))),2),0)","v":0},{"$f":"IF(AUTOEVENTO=\"Manual\",ROUND(SUMPRODUCT((CÁLCULO!$M$15:$M$237=EVENTOS!$C41)*(OFFSET(CÁLCULO!$AQ$15:$AQ$237,0,S$13))),2),0)","v":0},{"$f":"IF(AUTOEVENTO=\"Manual\",ROUND(SUMPRODUCT((CÁLCULO!$M$15:$M$237=EVENTOS!$C41)*(OFFSET(CÁLCULO!$AQ$15:$AQ$237,0,T$13))),2),0)","v":0},{"$f":"IF(AUTOEVENTO=\"Manual\",ROUND(SUMPRODUCT((CÁLCULO!$M$15:$M$237=EVENTOS!$C41)*(OFFSET(CÁLCULO!$AQ$15:$AQ$237,0,U$13))),2),0)","v":0},{"$f":"IF(AUTOEVENTO=\"Manual\",ROUND(SUMPRODUCT((CÁLCULO!$M$15:$M$237=EVENTOS!$C41)*(OFFSET(CÁLCULO!$AQ$15:$AQ$237,0,V$13))),2),0)","v":0},{"$f":"IF(AUTOEVENTO=\"Manual\",ROUND(SUMPRODUCT((CÁLCULO!$M$15:$M$237=EVENTOS!$C41)*(OFFSET(CÁLCULO!$AQ$15:$AQ$237,0,W$13))),2),0)","v":0},{"$f":"IF(AUTOEVENTO=\"Manual\",ROUND(SUMPRODUCT((CÁLCULO!$M$15:$M$237=EVENTOS!$C41)*(OFFSET(CÁLCULO!$AQ$15:$AQ$237,0,X$13))),2),0)","v":0},{"$f":"IF(AUTOEVENTO=\"Manual\",ROUND(SUMPRODUCT((CÁLCULO!$M$15:$M$237=EVENTOS!$C41)*(OFFSET(CÁLCULO!$AQ$15:$AQ$237,0,Y$13))),2),0)","v":0},{"$f":"IF(AUTOEVENTO=\"Manual\",ROUND(SUMPRODUCT((CÁLCULO!$M$15:$M$237=EVENTOS!$C41)*(OFFSET(CÁLCULO!$AQ$15:$AQ$237,0,Z$13))),2),0)","v":0},{"$f":"IF(AUTOEVENTO=\"Manual\",ROUND(SUMPRODUCT((CÁLCULO!$M$15:$M$237=EVENTOS!$C41)*(OFFSET(CÁLCULO!$AQ$15:$AQ$237,0,AA$13))),2),0)","v":0},{"$f":"IF(AUTOEVENTO=\"Manual\",ROUND(SUMPRODUCT((CÁLCULO!$M$15:$M$237=EVENTOS!$C41)*(OFFSET(CÁLCULO!$AQ$15:$AQ$237,0,AB$13))),2),0)","v":0},{"$f":"IF(AUTOEVENTO=\"Manual\",ROUND(SUMPRODUCT((CÁLCULO!$M$15:$M$237=EVENTOS!$C41)*(OFFSET(CÁLCULO!$AQ$15:$AQ$237,0,AC$13))),2),0)","v":0},{"$f":"IF(AUTOEVENTO=\"Manual\",ROUND(SUMPRODUCT((CÁLCULO!$M$15:$M$237=EVENTOS!$C41)*(OFFSET(CÁLCULO!$AQ$15:$AQ$237,0,AD$13))),2),0)","v":0},{"$f":"IF(AUTOEVENTO=\"Manual\",ROUND(SUMPRODUCT((CÁLCULO!$M$15:$M$237=EVENTOS!$C41)*(OFFSET(CÁLCULO!$AQ$15:$AQ$237,0,AE$13))),2),0)","v":0},{"$f":"IF(AUTOEVENTO=\"Manual\",ROUND(SUMPRODUCT((CÁLCULO!$M$15:$M$237=EVENTOS!$C41)*(OFFSET(CÁLCULO!$AQ$15:$AQ$237,0,AF$13))),2),0)","v":0},{"$f":"IF(AUTOEVENTO=\"Manual\",ROUND(SUMPRODUCT((CÁLCULO!$M$15:$M$237=EVENTOS!$C41)*(OFFSET(CÁLCULO!$AQ$15:$AQ$237,0,AG$13))),2),0)","v":0},{"$f":"IF(AUTOEVENTO=\"Manual\",ROUND(SUMPRODUCT((CÁLCULO!$M$15:$M$237=EVENTOS!$C41)*(OFFSET(CÁLCULO!$AQ$15:$AQ$237,0,AH$13))),2),0)","v":0},{"$f":"IF(AUTOEVENTO=\"Manual\",ROUND(SUMPRODUCT((CÁLCULO!$M$15:$M$237=EVENTOS!$C41)*(OFFSET(CÁLCULO!$AQ$15:$AQ$237,0,AI$13))),2),0)","v":0}]
["F","27. TUBULAÇÕES E CONEXÕES SANITÁRIAS",{"$f":"IF(OR(ROW(C42)=ROW(EVENTOS.firstrow)+1,AND(OFFSET(C42,-1,0)<>\" \",OFFSET(C42,-1,1)<>\"\")),OFFSET(C42,-1,0)+1,\" \")","v":27},"TUBULAÇÕES E CONEXÕES SANITÁRIAS",{"$f":"IF(AUTOEVENTO=\"Manual\",ROUND(SUMPRODUCT((CÁLCULO!$M$15:$M$237=EVENTOS!$C42)*(OFFSET(CÁLCULO!$AQ$15:$AQ$237,0,E$13))),2),0)","v":0},{"$f":"IF(AUTOEVENTO=\"Manual\",ROUND(SUMPRODUCT((CÁLCULO!$M$15:$M$237=EVENTOS!$C42)*(OFFSET(CÁLCULO!$AQ$15,0,1):OFFSET(CÁLCULO!$BR$237,0,-1))),2),0)","v":0},"",{"$f":"IF(AUTOEVENTO=\"Manual\",ROUND(SUMPRODUCT((CÁLCULO!$M$15:$M$237=EVENTOS!$C42)*(OFFSET(CÁLCULO!$AQ$15:$AQ$237,0,H$13))),2),0)","v":0},{"$f":"IF(AUTOEVENTO=\"Manual\",ROUND(SUMPRODUCT((CÁLCULO!$M$15:$M$237=EVENTOS!$C42)*(OFFSET(CÁLCULO!$AQ$15:$AQ$237,0,I$13))),2),0)","v":0},{"$f":"IF(AUTOEVENTO=\"Manual\",ROUND(SUMPRODUCT((CÁLCULO!$M$15:$M$237=EVENTOS!$C42)*(OFFSET(CÁLCULO!$AQ$15:$AQ$237,0,J$13))),2),0)","v":0},{"$f":"IF(AUTOEVENTO=\"Manual\",ROUND(SUMPRODUCT((CÁLCULO!$M$15:$M$237=EVENTOS!$C42)*(OFFSET(CÁLCULO!$AQ$15:$AQ$237,0,K$13))),2),0)","v":0},{"$f":"IF(AUTOEVENTO=\"Manual\",ROUND(SUMPRODUCT((CÁLCULO!$M$15:$M$237=EVENTOS!$C42)*(OFFSET(CÁLCULO!$AQ$15:$AQ$237,0,L$13))),2),0)","v":0},{"$f":"IF(AUTOEVENTO=\"Manual\",ROUND(SUMPRODUCT((CÁLCULO!$M$15:$M$237=EVENTOS!$C42)*(OFFSET(CÁLCULO!$AQ$15:$AQ$237,0,M$13))),2),0)","v":0},{"$f":"IF(AUTOEVENTO=\"Manual\",ROUND(SUMPRODUCT((CÁLCULO!$M$15:$M$237=EVENTOS!$C42)*(OFFSET(CÁLCULO!$AQ$15:$AQ$237,0,N$13))),2),0)","v":0},{"$f":"IF(AUTOEVENTO=\"Manual\",ROUND(SUMPRODUCT((CÁLCULO!$M$15:$M$237=EVENTOS!$C42)*(OFFSET(CÁLCULO!$AQ$15:$AQ$237,0,O$13))),2),0)","v":0},{"$f":"IF(AUTOEVENTO=\"Manual\",ROUND(SUMPRODUCT((CÁLCULO!$M$15:$M$237=EVENTOS!$C42)*(OFFSET(CÁLCULO!$AQ$15:$AQ$237,0,P$13))),2),0)","v":0},{"$f":"IF(AUTOEVENTO=\"Manual\",ROUND(SUMPRODUCT((CÁLCULO!$M$15:$M$237=EVENTOS!$C42)*(OFFSET(CÁLCULO!$AQ$15:$AQ$237,0,Q$13))),2),0)","v":0},{"$f":"IF(AUTOEVENTO=\"Manual\",ROUND(SUMPRODUCT((CÁLCULO!$M$15:$M$237=EVENTOS!$C42)*(OFFSET(CÁLCULO!$AQ$15:$AQ$237,0,R$13))),2),0)","v":0},{"$f":"IF(AUTOEVENTO=\"Manual\",ROUND(SUMPRODUCT((CÁLCULO!$M$15:$M$237=EVENTOS!$C42)*(OFFSET(CÁLCULO!$AQ$15:$AQ$237,0,S$13))),2),0)","v":0},{"$f":"IF(AUTOEVENTO=\"Manual\",ROUND(SUMPRODUCT((CÁLCULO!$M$15:$M$237=EVENTOS!$C42)*(OFFSET(CÁLCULO!$AQ$15:$AQ$237,0,T$13))),2),0)","v":0},{"$f":"IF(AUTOEVENTO=\"Manual\",ROUND(SUMPRODUCT((CÁLCULO!$M$15:$M$237=EVENTOS!$C42)*(OFFSET(CÁLCULO!$AQ$15:$AQ$237,0,U$13))),2),0)","v":0},{"$f":"IF(AUTOEVENTO=\"Manual\",ROUND(SUMPRODUCT((CÁLCULO!$M$15:$M$237=EVENTOS!$C42)*(OFFSET(CÁLCULO!$AQ$15:$AQ$237,0,V$13))),2),0)","v":0},{"$f":"IF(AUTOEVENTO=\"Manual\",ROUND(SUMPRODUCT((CÁLCULO!$M$15:$M$237=EVENTOS!$C42)*(OFFSET(CÁLCULO!$AQ$15:$AQ$237,0,W$13))),2),0)","v":0},{"$f":"IF(AUTOEVENTO=\"Manual\",ROUND(SUMPRODUCT((CÁLCULO!$M$15:$M$237=EVENTOS!$C42)*(OFFSET(CÁLCULO!$AQ$15:$AQ$237,0,X$13))),2),0)","v":0},{"$f":"IF(AUTOEVENTO=\"Manual\",ROUND(SUMPRODUCT((CÁLCULO!$M$15:$M$237=EVENTOS!$C42)*(OFFSET(CÁLCULO!$AQ$15:$AQ$237,0,Y$13))),2),0)","v":0},{"$f":"IF(AUTOEVENTO=\"Manual\",ROUND(SUMPRODUCT((CÁLCULO!$M$15:$M$237=EVENTOS!$C42)*(OFFSET(CÁLCULO!$AQ$15:$AQ$237,0,Z$13))),2),0)","v":0},{"$f":"IF(AUTOEVENTO=\"Manual\",ROUND(SUMPRODUCT((CÁLCULO!$M$15:$M$237=EVENTOS!$C42)*(OFFSET(CÁLCULO!$AQ$15:$AQ$237,0,AA$13))),2),0)","v":0},{"$f":"IF(AUTOEVENTO=\"Manual\",ROUND(SUMPRODUCT((CÁLCULO!$M$15:$M$237=EVENTOS!$C42)*(OFFSET(CÁLCULO!$AQ$15:$AQ$237,0,AB$13))),2),0)","v":0},{"$f":"IF(AUTOEVENTO=\"Manual\",ROUND(SUMPRODUCT((CÁLCULO!$M$15:$M$237=EVENTOS!$C42)*(OFFSET(CÁLCULO!$AQ$15:$AQ$237,0,AC$13))),2),0)","v":0},{"$f":"IF(AUTOEVENTO=\"Manual\",ROUND(SUMPRODUCT((CÁLCULO!$M$15:$M$237=EVENTOS!$C42)*(OFFSET(CÁLCULO!$AQ$15:$AQ$237,0,AD$13))),2),0)","v":0},{"$f":"IF(AUTOEVENTO=\"Manual\",ROUND(SUMPRODUCT((CÁLCULO!$M$15:$M$237=EVENTOS!$C42)*(OFFSET(CÁLCULO!$AQ$15:$AQ$237,0,AE$13))),2),0)","v":0},{"$f":"IF(AUTOEVENTO=\"Manual\",ROUND(SUMPRODUCT((CÁLCULO!$M$15:$M$237=EVENTOS!$C42)*(OFFSET(CÁLCULO!$AQ$15:$AQ$237,0,AF$13))),2),0)","v":0},{"$f":"IF(AUTOEVENTO=\"Manual\",ROUND(SUMPRODUCT((CÁLCULO!$M$15:$M$237=EVENTOS!$C42)*(OFFSET(CÁLCULO!$AQ$15:$AQ$237,0,AG$13))),2),0)","v":0},{"$f":"IF(AUTOEVENTO=\"Manual\",ROUND(SUMPRODUCT((CÁLCULO!$M$15:$M$237=EVENTOS!$C42)*(OFFSET(CÁLCULO!$AQ$15:$AQ$237,0,AH$13))),2),0)","v":0},{"$f":"IF(AUTOEVENTO=\"Manual\",ROUND(SUMPRODUCT((CÁLCULO!$M$15:$M$237=EVENTOS!$C42)*(OFFSET(CÁLCULO!$AQ$15:$AQ$237,0,AI$13))),2),0)","v":0}]
["F","28. ACESSÓRIOS / CAIXAS SANITÁRIAS",{"$f":"IF(OR(ROW(C43)=ROW(EVENTOS.firstrow)+1,AND(OFFSET(C43,-1,0)<>\" \",OFFSET(C43,-1,1)<>\"\")),OFFSET(C43,-1,0)+1,\" \")","v":28},"ACESSÓRIOS / CAIXAS SANITÁRIAS",{"$f":"IF(AUTOEVENTO=\"Manual\",ROUND(SUMPRODUCT((CÁLCULO!$M$15:$M$237=EVENTOS!$C43)*(OFFSET(CÁLCULO!$AQ$15:$AQ$237,0,E$13))),2),0)","v":0},{"$f":"IF(AUTOEVENTO=\"Manual\",ROUND(SUMPRODUCT((CÁLCULO!$M$15:$M$237=EVENTOS!$C43)*(OFFSET(CÁLCULO!$AQ$15,0,1):OFFSET(CÁLCULO!$BR$237,0,-1))),2),0)","v":0},"",{"$f":"IF(AUTOEVENTO=\"Manual\",ROUND(SUMPRODUCT((CÁLCULO!$M$15:$M$237=EVENTOS!$C43)*(OFFSET(CÁLCULO!$AQ$15:$AQ$237,0,H$13))),2),0)","v":0},{"$f":"IF(AUTOEVENTO=\"Manual\",ROUND(SUMPRODUCT((CÁLCULO!$M$15:$M$237=EVENTOS!$C43)*(OFFSET(CÁLCULO!$AQ$15:$AQ$237,0,I$13))),2),0)","v":0},{"$f":"IF(AUTOEVENTO=\"Manual\",ROUND(SUMPRODUCT((CÁLCULO!$M$15:$M$237=EVENTOS!$C43)*(OFFSET(CÁLCULO!$AQ$15:$AQ$237,0,J$13))),2),0)","v":0},{"$f":"IF(AUTOEVENTO=\"Manual\",ROUND(SUMPRODUCT((CÁLCULO!$M$15:$M$237=EVENTOS!$C43)*(OFFSET(CÁLCULO!$AQ$15:$AQ$237,0,K$13))),2),0)","v":0},{"$f":"IF(AUTOEVENTO=\"Manual\",ROUND(SUMPRODUCT((CÁLCULO!$M$15:$M$237=EVENTOS!$C43)*(OFFSET(CÁLCULO!$AQ$15:$AQ$237,0,L$13))),2),0)","v":0},{"$f":"IF(AUTOEVENTO=\"Manual\",ROUND(SUMPRODUCT((CÁLCULO!$M$15:$M$237=EVENTOS!$C43)*(OFFSET(CÁLCULO!$AQ$15:$AQ$237,0,M$13))),2),0)","v":0},{"$f":"IF(AUTOEVENTO=\"Manual\",ROUND(SUMPRODUCT((CÁLCULO!$M$15:$M$237=EVENTOS!$C43)*(OFFSET(CÁLCULO!$AQ$15:$AQ$237,0,N$13))),2),0)","v":0},{"$f":"IF(AUTOEVENTO=\"Manual\",ROUND(SUMPRODUCT((CÁLCULO!$M$15:$M$237=EVENTOS!$C43)*(OFFSET(CÁLCULO!$AQ$15:$AQ$237,0,O$13))),2),0)","v":0},{"$f":"IF(AUTOEVENTO=\"Manual\",ROUND(SUMPRODUCT((CÁLCULO!$M$15:$M$237=EVENTOS!$C43)*(OFFSET(CÁLCULO!$AQ$15:$AQ$237,0,P$13))),2),0)","v":0},{"$f":"IF(AUTOEVENTO=\"Manual\",ROUND(SUMPRODUCT((CÁLCULO!$M$15:$M$237=EVENTOS!$C43)*(OFFSET(CÁLCULO!$AQ$15:$AQ$237,0,Q$13))),2),0)","v":0},{"$f":"IF(AUTOEVENTO=\"Manual\",ROUND(SUMPRODUCT((CÁLCULO!$M$15:$M$237=EVENTOS!$C43)*(OFFSET(CÁLCULO!$AQ$15:$AQ$237,0,R$13))),2),0)","v":0},{"$f":"IF(AUTOEVENTO=\"Manual\",ROUND(SUMPRODUCT((CÁLCULO!$M$15:$M$237=EVENTOS!$C43)*(OFFSET(CÁLCULO!$AQ$15:$AQ$237,0,S$13))),2),0)","v":0},{"$f":"IF(AUTOEVENTO=\"Manual\",ROUND(SUMPRODUCT((CÁLCULO!$M$15:$M$237=EVENTOS!$C43)*(OFFSET(CÁLCULO!$AQ$15:$AQ$237,0,T$13))),2),0)","v":0},{"$f":"IF(AUTOEVENTO=\"Manual\",ROUND(SUMPRODUCT((CÁLCULO!$M$15:$M$237=EVENTOS!$C43)*(OFFSET(CÁLCULO!$AQ$15:$AQ$237,0,U$13))),2),0)","v":0},{"$f":"IF(AUTOEVENTO=\"Manual\",ROUND(SUMPRODUCT((CÁLCULO!$M$15:$M$237=EVENTOS!$C43)*(OFFSET(CÁLCULO!$AQ$15:$AQ$237,0,V$13))),2),0)","v":0},{"$f":"IF(AUTOEVENTO=\"Manual\",ROUND(SUMPRODUCT((CÁLCULO!$M$15:$M$237=EVENTOS!$C43)*(OFFSET(CÁLCULO!$AQ$15:$AQ$237,0,W$13))),2),0)","v":0},{"$f":"IF(AUTOEVENTO=\"Manual\",ROUND(SUMPRODUCT((CÁLCULO!$M$15:$M$237=EVENTOS!$C43)*(OFFSET(CÁLCULO!$AQ$15:$AQ$237,0,X$13))),2),0)","v":0},{"$f":"IF(AUTOEVENTO=\"Manual\",ROUND(SUMPRODUCT((CÁLCULO!$M$15:$M$237=EVENTOS!$C43)*(OFFSET(CÁLCULO!$AQ$15:$AQ$237,0,Y$13))),2),0)","v":0},{"$f":"IF(AUTOEVENTO=\"Manual\",ROUND(SUMPRODUCT((CÁLCULO!$M$15:$M$237=EVENTOS!$C43)*(OFFSET(CÁLCULO!$AQ$15:$AQ$237,0,Z$13))),2),0)","v":0},{"$f":"IF(AUTOEVENTO=\"Manual\",ROUND(SUMPRODUCT((CÁLCULO!$M$15:$M$237=EVENTOS!$C43)*(OFFSET(CÁLCULO!$AQ$15:$AQ$237,0,AA$13))),2),0)","v":0},{"$f":"IF(AUTOEVENTO=\"Manual\",ROUND(SUMPRODUCT((CÁLCULO!$M$15:$M$237=EVENTOS!$C43)*(OFFSET(CÁLCULO!$AQ$15:$AQ$237,0,AB$13))),2),0)","v":0},{"$f":"IF(AUTOEVENTO=\"Manual\",ROUND(SUMPRODUCT((CÁLCULO!$M$15:$M$237=EVENTOS!$C43)*(OFFSET(CÁLCULO!$AQ$15:$AQ$237,0,AC$13))),2),0)","v":0},{"$f":"IF(AUTOEVENTO=\"Manual\",ROUND(SUMPRODUCT((CÁLCULO!$M$15:$M$237=EVENTOS!$C43)*(OFFSET(CÁLCULO!$AQ$15:$AQ$237,0,AD$13))),2),0)","v":0},{"$f":"IF(AUTOEVENTO=\"Manual\",ROUND(SUMPRODUCT((CÁLCULO!$M$15:$M$237=EVENTOS!$C43)*(OFFSET(CÁLCULO!$AQ$15:$AQ$237,0,AE$13))),2),0)","v":0},{"$f":"IF(AUTOEVENTO=\"Manual\",ROUND(SUMPRODUCT((CÁLCULO!$M$15:$M$237=EVENTOS!$C43)*(OFFSET(CÁLCULO!$AQ$15:$AQ$237,0,AF$13))),2),0)","v":0},{"$f":"IF(AUTOEVENTO=\"Manual\",ROUND(SUMPRODUCT((CÁLCULO!$M$15:$M$237=EVENTOS!$C43)*(OFFSET(CÁLCULO!$AQ$15:$AQ$237,0,AG$13))),2),0)","v":0},{"$f":"IF(AUTOEVENTO=\"Manual\",ROUND(SUMPRODUCT((CÁLCULO!$M$15:$M$237=EVENTOS!$C43)*(OFFSET(CÁLCULO!$AQ$15:$AQ$237,0,AH$13))),2),0)","v":0},{"$f":"IF(AUTOEVENTO=\"Manual\",ROUND(SUMPRODUCT((CÁLCULO!$M$15:$M$237=EVENTOS!$C43)*(OFFSET(CÁLCULO!$AQ$15:$AQ$237,0,AI$13))),2),0)","v":0}]
["F","29. APARELHOS, METAIS E BANCADAS",{"$f":"IF(OR(ROW(C44)=ROW(EVENTOS.firstrow)+1,AND(OFFSET(C44,-1,0)<>\" \",OFFSET(C44,-1,1)<>\"\")),OFFSET(C44,-1,0)+1,\" \")","v":29},"APARELHOS, METAIS E BANCADAS",{"$f":"IF(AUTOEVENTO=\"Manual\",ROUND(SUMPRODUCT((CÁLCULO!$M$15:$M$237=EVENTOS!$C44)*(OFFSET(CÁLCULO!$AQ$15:$AQ$237,0,E$13))),2),0)","v":0},{"$f":"IF(AUTOEVENTO=\"Manual\",ROUND(SUMPRODUCT((CÁLCULO!$M$15:$M$237=EVENTOS!$C44)*(OFFSET(CÁLCULO!$AQ$15,0,1):OFFSET(CÁLCULO!$BR$237,0,-1))),2),0)","v":0},"",{"$f":"IF(AUTOEVENTO=\"Manual\",ROUND(SUMPRODUCT((CÁLCULO!$M$15:$M$237=EVENTOS!$C44)*(OFFSET(CÁLCULO!$AQ$15:$AQ$237,0,H$13))),2),0)","v":0},{"$f":"IF(AUTOEVENTO=\"Manual\",ROUND(SUMPRODUCT((CÁLCULO!$M$15:$M$237=EVENTOS!$C44)*(OFFSET(CÁLCULO!$AQ$15:$AQ$237,0,I$13))),2),0)","v":0},{"$f":"IF(AUTOEVENTO=\"Manual\",ROUND(SUMPRODUCT((CÁLCULO!$M$15:$M$237=EVENTOS!$C44)*(OFFSET(CÁLCULO!$AQ$15:$AQ$237,0,J$13))),2),0)","v":0},{"$f":"IF(AUTOEVENTO=\"Manual\",ROUND(SUMPRODUCT((CÁLCULO!$M$15:$M$237=EVENTOS!$C44)*(OFFSET(CÁLCULO!$AQ$15:$AQ$237,0,K$13))),2),0)","v":0},{"$f":"IF(AUTOEVENTO=\"Manual\",ROUND(SUMPRODUCT((CÁLCULO!$M$15:$M$237=EVENTOS!$C44)*(OFFSET(CÁLCULO!$AQ$15:$AQ$237,0,L$13))),2),0)","v":0},{"$f":"IF(AUTOEVENTO=\"Manual\",ROUND(SUMPRODUCT((CÁLCULO!$M$15:$M$237=EVENTOS!$C44)*(OFFSET(CÁLCULO!$AQ$15:$AQ$237,0,M$13))),2),0)","v":0},{"$f":"IF(AUTOEVENTO=\"Manual\",ROUND(SUMPRODUCT((CÁLCULO!$M$15:$M$237=EVENTOS!$C44)*(OFFSET(CÁLCULO!$AQ$15:$AQ$237,0,N$13))),2),0)","v":0},{"$f":"IF(AUTOEVENTO=\"Manual\",ROUND(SUMPRODUCT((CÁLCULO!$M$15:$M$237=EVENTOS!$C44)*(OFFSET(CÁLCULO!$AQ$15:$AQ$237,0,O$13))),2),0)","v":0},{"$f":"IF(AUTOEVENTO=\"Manual\",ROUND(SUMPRODUCT((CÁLCULO!$M$15:$M$237=EVENTOS!$C44)*(OFFSET(CÁLCULO!$AQ$15:$AQ$237,0,P$13))),2),0)","v":0},{"$f":"IF(AUTOEVENTO=\"Manual\",ROUND(SUMPRODUCT((CÁLCULO!$M$15:$M$237=EVENTOS!$C44)*(OFFSET(CÁLCULO!$AQ$15:$AQ$237,0,Q$13))),2),0)","v":0},{"$f":"IF(AUTOEVENTO=\"Manual\",ROUND(SUMPRODUCT((CÁLCULO!$M$15:$M$237=EVENTOS!$C44)*(OFFSET(CÁLCULO!$AQ$15:$AQ$237,0,R$13))),2),0)","v":0},{"$f":"IF(AUTOEVENTO=\"Manual\",ROUND(SUMPRODUCT((CÁLCULO!$M$15:$M$237=EVENTOS!$C44)*(OFFSET(CÁLCULO!$AQ$15:$AQ$237,0,S$13))),2),0)","v":0},{"$f":"IF(AUTOEVENTO=\"Manual\",ROUND(SUMPRODUCT((CÁLCULO!$M$15:$M$237=EVENTOS!$C44)*(OFFSET(CÁLCULO!$AQ$15:$AQ$237,0,T$13))),2),0)","v":0},{"$f":"IF(AUTOEVENTO=\"Manual\",ROUND(SUMPRODUCT((CÁLCULO!$M$15:$M$237=EVENTOS!$C44)*(OFFSET(CÁLCULO!$AQ$15:$AQ$237,0,U$13))),2),0)","v":0},{"$f":"IF(AUTOEVENTO=\"Manual\",ROUND(SUMPRODUCT((CÁLCULO!$M$15:$M$237=EVENTOS!$C44)*(OFFSET(CÁLCULO!$AQ$15:$AQ$237,0,V$13))),2),0)","v":0},{"$f":"IF(AUTOEVENTO=\"Manual\",ROUND(SUMPRODUCT((CÁLCULO!$M$15:$M$237=EVENTOS!$C44)*(OFFSET(CÁLCULO!$AQ$15:$AQ$237,0,W$13))),2),0)","v":0},{"$f":"IF(AUTOEVENTO=\"Manual\",ROUND(SUMPRODUCT((CÁLCULO!$M$15:$M$237=EVENTOS!$C44)*(OFFSET(CÁLCULO!$AQ$15:$AQ$237,0,X$13))),2),0)","v":0},{"$f":"IF(AUTOEVENTO=\"Manual\",ROUND(SUMPRODUCT((CÁLCULO!$M$15:$M$237=EVENTOS!$C44)*(OFFSET(CÁLCULO!$AQ$15:$AQ$237,0,Y$13))),2),0)","v":0},{"$f":"IF(AUTOEVENTO=\"Manual\",ROUND(SUMPRODUCT((CÁLCULO!$M$15:$M$237=EVENTOS!$C44)*(OFFSET(CÁLCULO!$AQ$15:$AQ$237,0,Z$13))),2),0)","v":0},{"$f":"IF(AUTOEVENTO=\"Manual\",ROUND(SUMPRODUCT((CÁLCULO!$M$15:$M$237=EVENTOS!$C44)*(OFFSET(CÁLCULO!$AQ$15:$AQ$237,0,AA$13))),2),0)","v":0},{"$f":"IF(AUTOEVENTO=\"Manual\",ROUND(SUMPRODUCT((CÁLCULO!$M$15:$M$237=EVENTOS!$C44)*(OFFSET(CÁLCULO!$AQ$15:$AQ$237,0,AB$13))),2),0)","v":0},{"$f":"IF(AUTOEVENTO=\"Manual\",ROUND(SUMPRODUCT((CÁLCULO!$M$15:$M$237=EVENTOS!$C44)*(OFFSET(CÁLCULO!$AQ$15:$AQ$237,0,AC$13))),2),0)","v":0},{"$f":"IF(AUTOEVENTO=\"Manual\",ROUND(SUMPRODUCT((CÁLCULO!$M$15:$M$237=EVENTOS!$C44)*(OFFSET(CÁLCULO!$AQ$15:$AQ$237,0,AD$13))),2),0)","v":0},{"$f":"IF(AUTOEVENTO=\"Manual\",ROUND(SUMPRODUCT((CÁLCULO!$M$15:$M$237=EVENTOS!$C44)*(OFFSET(CÁLCULO!$AQ$15:$AQ$237,0,AE$13))),2),0)","v":0},{"$f":"IF(AUTOEVENTO=\"Manual\",ROUND(SUMPRODUCT((CÁLCULO!$M$15:$M$237=EVENTOS!$C44)*(OFFSET(CÁLCULO!$AQ$15:$AQ$237,0,AF$13))),2),0)","v":0},{"$f":"IF(AUTOEVENTO=\"Manual\",ROUND(SUMPRODUCT((CÁLCULO!$M$15:$M$237=EVENTOS!$C44)*(OFFSET(CÁLCULO!$AQ$15:$AQ$237,0,AG$13))),2),0)","v":0},{"$f":"IF(AUTOEVENTO=\"Manual\",ROUND(SUMPRODUCT((CÁLCULO!$M$15:$M$237=EVENTOS!$C44)*(OFFSET(CÁLCULO!$AQ$15:$AQ$237,0,AH$13))),2),0)","v":0},{"$f":"IF(AUTOEVENTO=\"Manual\",ROUND(SUMPRODUCT((CÁLCULO!$M$15:$M$237=EVENTOS!$C44)*(OFFSET(CÁLCULO!$AQ$15:$AQ$237,0,AI$13))),2),0)","v":0}]
["F","30. CALAFETE / LIMPEZA",{"$f":"IF(OR(ROW(C45)=ROW(EVENTOS.firstrow)+1,AND(OFFSET(C45,-1,0)<>\" \",OFFSET(C45,-1,1)<>\"\")),OFFSET(C45,-1,0)+1,\" \")","v":30},"CALAFETE / LIMPEZA",{"$f":"IF(AUTOEVENTO=\"Manual\",ROUND(SUMPRODUCT((CÁLCULO!$M$15:$M$237=EVENTOS!$C45)*(OFFSET(CÁLCULO!$AQ$15:$AQ$237,0,E$13))),2),0)","v":0},{"$f":"IF(AUTOEVENTO=\"Manual\",ROUND(SUMPRODUCT((CÁLCULO!$M$15:$M$237=EVENTOS!$C45)*(OFFSET(CÁLCULO!$AQ$15,0,1):OFFSET(CÁLCULO!$BR$237,0,-1))),2),0)","v":0},"",{"$f":"IF(AUTOEVENTO=\"Manual\",ROUND(SUMPRODUCT((CÁLCULO!$M$15:$M$237=EVENTOS!$C45)*(OFFSET(CÁLCULO!$AQ$15:$AQ$237,0,H$13))),2),0)","v":0},{"$f":"IF(AUTOEVENTO=\"Manual\",ROUND(SUMPRODUCT((CÁLCULO!$M$15:$M$237=EVENTOS!$C45)*(OFFSET(CÁLCULO!$AQ$15:$AQ$237,0,I$13))),2),0)","v":0},{"$f":"IF(AUTOEVENTO=\"Manual\",ROUND(SUMPRODUCT((CÁLCULO!$M$15:$M$237=EVENTOS!$C45)*(OFFSET(CÁLCULO!$AQ$15:$AQ$237,0,J$13))),2),0)","v":0},{"$f":"IF(AUTOEVENTO=\"Manual\",ROUND(SUMPRODUCT((CÁLCULO!$M$15:$M$237=EVENTOS!$C45)*(OFFSET(CÁLCULO!$AQ$15:$AQ$237,0,K$13))),2),0)","v":0},{"$f":"IF(AUTOEVENTO=\"Manual\",ROUND(SUMPRODUCT((CÁLCULO!$M$15:$M$237=EVENTOS!$C45)*(OFFSET(CÁLCULO!$AQ$15:$AQ$237,0,L$13))),2),0)","v":0},{"$f":"IF(AUTOEVENTO=\"Manual\",ROUND(SUMPRODUCT((CÁLCULO!$M$15:$M$237=EVENTOS!$C45)*(OFFSET(CÁLCULO!$AQ$15:$AQ$237,0,M$13))),2),0)","v":0},{"$f":"IF(AUTOEVENTO=\"Manual\",ROUND(SUMPRODUCT((CÁLCULO!$M$15:$M$237=EVENTOS!$C45)*(OFFSET(CÁLCULO!$AQ$15:$AQ$237,0,N$13))),2),0)","v":0},{"$f":"IF(AUTOEVENTO=\"Manual\",ROUND(SUMPRODUCT((CÁLCULO!$M$15:$M$237=EVENTOS!$C45)*(OFFSET(CÁLCULO!$AQ$15:$AQ$237,0,O$13))),2),0)","v":0},{"$f":"IF(AUTOEVENTO=\"Manual\",ROUND(SUMPRODUCT((CÁLCULO!$M$15:$M$237=EVENTOS!$C45)*(OFFSET(CÁLCULO!$AQ$15:$AQ$237,0,P$13))),2),0)","v":0},{"$f":"IF(AUTOEVENTO=\"Manual\",ROUND(SUMPRODUCT((CÁLCULO!$M$15:$M$237=EVENTOS!$C45)*(OFFSET(CÁLCULO!$AQ$15:$AQ$237,0,Q$13))),2),0)","v":0},{"$f":"IF(AUTOEVENTO=\"Manual\",ROUND(SUMPRODUCT((CÁLCULO!$M$15:$M$237=EVENTOS!$C45)*(OFFSET(CÁLCULO!$AQ$15:$AQ$237,0,R$13))),2),0)","v":0},{"$f":"IF(AUTOEVENTO=\"Manual\",ROUND(SUMPRODUCT((CÁLCULO!$M$15:$M$237=EVENTOS!$C45)*(OFFSET(CÁLCULO!$AQ$15:$AQ$237,0,S$13))),2),0)","v":0},{"$f":"IF(AUTOEVENTO=\"Manual\",ROUND(SUMPRODUCT((CÁLCULO!$M$15:$M$237=EVENTOS!$C45)*(OFFSET(CÁLCULO!$AQ$15:$AQ$237,0,T$13))),2),0)","v":0},{"$f":"IF(AUTOEVENTO=\"Manual\",ROUND(SUMPRODUCT((CÁLCULO!$M$15:$M$237=EVENTOS!$C45)*(OFFSET(CÁLCULO!$AQ$15:$AQ$237,0,U$13))),2),0)","v":0},{"$f":"IF(AUTOEVENTO=\"Manual\",ROUND(SUMPRODUCT((CÁLCULO!$M$15:$M$237=EVENTOS!$C45)*(OFFSET(CÁLCULO!$AQ$15:$AQ$237,0,V$13))),2),0)","v":0},{"$f":"IF(AUTOEVENTO=\"Manual\",ROUND(SUMPRODUCT((CÁLCULO!$M$15:$M$237=EVENTOS!$C45)*(OFFSET(CÁLCULO!$AQ$15:$AQ$237,0,W$13))),2),0)","v":0},{"$f":"IF(AUTOEVENTO=\"Manual\",ROUND(SUMPRODUCT((CÁLCULO!$M$15:$M$237=EVENTOS!$C45)*(OFFSET(CÁLCULO!$AQ$15:$AQ$237,0,X$13))),2),0)","v":0},{"$f":"IF(AUTOEVENTO=\"Manual\",ROUND(SUMPRODUCT((CÁLCULO!$M$15:$M$237=EVENTOS!$C45)*(OFFSET(CÁLCULO!$AQ$15:$AQ$237,0,Y$13))),2),0)","v":0},{"$f":"IF(AUTOEVENTO=\"Manual\",ROUND(SUMPRODUCT((CÁLCULO!$M$15:$M$237=EVENTOS!$C45)*(OFFSET(CÁLCULO!$AQ$15:$AQ$237,0,Z$13))),2),0)","v":0},{"$f":"IF(AUTOEVENTO=\"Manual\",ROUND(SUMPRODUCT((CÁLCULO!$M$15:$M$237=EVENTOS!$C45)*(OFFSET(CÁLCULO!$AQ$15:$AQ$237,0,AA$13))),2),0)","v":0},{"$f":"IF(AUTOEVENTO=\"Manual\",ROUND(SUMPRODUCT((CÁLCULO!$M$15:$M$237=EVENTOS!$C45)*(OFFSET(CÁLCULO!$AQ$15:$AQ$237,0,AB$13))),2),0)","v":0},{"$f":"IF(AUTOEVENTO=\"Manual\",ROUND(SUMPRODUCT((CÁLCULO!$M$15:$M$237=EVENTOS!$C45)*(OFFSET(CÁLCULO!$AQ$15:$AQ$237,0,AC$13))),2),0)","v":0},{"$f":"IF(AUTOEVENTO=\"Manual\",ROUND(SUMPRODUCT((CÁLCULO!$M$15:$M$237=EVENTOS!$C45)*(OFFSET(CÁLCULO!$AQ$15:$AQ$237,0,AD$13))),2),0)","v":0},{"$f":"IF(AUTOEVENTO=\"Manual\",ROUND(SUMPRODUCT((CÁLCULO!$M$15:$M$237=EVENTOS!$C45)*(OFFSET(CÁLCULO!$AQ$15:$AQ$237,0,AE$13))),2),0)","v":0},{"$f":"IF(AUTOEVENTO=\"Manual\",ROUND(SUMPRODUCT((CÁLCULO!$M$15:$M$237=EVENTOS!$C45)*(OFFSET(CÁLCULO!$AQ$15:$AQ$237,0,AF$13))),2),0)","v":0},{"$f":"IF(AUTOEVENTO=\"Manual\",ROUND(SUMPRODUCT((CÁLCULO!$M$15:$M$237=EVENTOS!$C45)*(OFFSET(CÁLCULO!$AQ$15:$AQ$237,0,AG$13))),2),0)","v":0},{"$f":"IF(AUTOEVENTO=\"Manual\",ROUND(SUMPRODUCT((CÁLCULO!$M$15:$M$237=EVENTOS!$C45)*(OFFSET(CÁLCULO!$AQ$15:$AQ$237,0,AH$13))),2),0)","v":0},{"$f":"IF(AUTOEVENTO=\"Manual\",ROUND(SUMPRODUCT((CÁLCULO!$M$15:$M$237=EVENTOS!$C45)*(OFFSET(CÁLCULO!$AQ$15:$AQ$237,0,AI$13))),2),0)","v":0}]
["","",{"$f":"IF(OR(ROW(C46)=ROW(EVENTOS.firstrow)+1,AND(OFFSET(C46,-1,0)<>\" \",OFFSET(C46,-1,1)<>\"\")),OFFSET(C46,-1,0)+1,\" \")","v":31},null,{"$f":"IF(AUTOEVENTO=\"Manual\",ROUND(SUMPRODUCT((CÁLCULO!$M$15:$M$237=EVENTOS!$C46)*(OFFSET(CÁLCULO!$AQ$15:$AQ$237,0,E$13))),2),0)","v":0},{"$f":"IF(AUTOEVENTO=\"Manual\",ROUND(SUMPRODUCT((CÁLCULO!$M$15:$M$237=EVENTOS!$C46)*(OFFSET(CÁLCULO!$AQ$15,0,1):OFFSET(CÁLCULO!$BR$237,0,-1))),2),0)","v":0},"",{"$f":"IF(AUTOEVENTO=\"Manual\",ROUND(SUMPRODUCT((CÁLCULO!$M$15:$M$237=EVENTOS!$C46)*(OFFSET(CÁLCULO!$AQ$15:$AQ$237,0,H$13))),2),0)","v":0},{"$f":"IF(AUTOEVENTO=\"Manual\",ROUND(SUMPRODUCT((CÁLCULO!$M$15:$M$237=EVENTOS!$C46)*(OFFSET(CÁLCULO!$AQ$15:$AQ$237,0,I$13))),2),0)","v":0},{"$f":"IF(AUTOEVENTO=\"Manual\",ROUND(SUMPRODUCT((CÁLCULO!$M$15:$M$237=EVENTOS!$C46)*(OFFSET(CÁLCULO!$AQ$15:$AQ$237,0,J$13))),2),0)","v":0},{"$f":"IF(AUTOEVENTO=\"Manual\",ROUND(SUMPRODUCT((CÁLCULO!$M$15:$M$237=EVENTOS!$C46)*(OFFSET(CÁLCULO!$AQ$15:$AQ$237,0,K$13))),2),0)","v":0},{"$f":"IF(AUTOEVENTO=\"Manual\",ROUND(SUMPRODUCT((CÁLCULO!$M$15:$M$237=EVENTOS!$C46)*(OFFSET(CÁLCULO!$AQ$15:$AQ$237,0,L$13))),2),0)","v":0},{"$f":"IF(AUTOEVENTO=\"Manual\",ROUND(SUMPRODUCT((CÁLCULO!$M$15:$M$237=EVENTOS!$C46)*(OFFSET(CÁLCULO!$AQ$15:$AQ$237,0,M$13))),2),0)","v":0},{"$f":"IF(AUTOEVENTO=\"Manual\",ROUND(SUMPRODUCT((CÁLCULO!$M$15:$M$237=EVENTOS!$C46)*(OFFSET(CÁLCULO!$AQ$15:$AQ$237,0,N$13))),2),0)","v":0},{"$f":"IF(AUTOEVENTO=\"Manual\",ROUND(SUMPRODUCT((CÁLCULO!$M$15:$M$237=EVENTOS!$C46)*(OFFSET(CÁLCULO!$AQ$15:$AQ$237,0,O$13))),2),0)","v":0},{"$f":"IF(AUTOEVENTO=\"Manual\",ROUND(SUMPRODUCT((CÁLCULO!$M$15:$M$237=EVENTOS!$C46)*(OFFSET(CÁLCULO!$AQ$15:$AQ$237,0,P$13))),2),0)","v":0},{"$f":"IF(AUTOEVENTO=\"Manual\",ROUND(SUMPRODUCT((CÁLCULO!$M$15:$M$237=EVENTOS!$C46)*(OFFSET(CÁLCULO!$AQ$15:$AQ$237,0,Q$13))),2),0)","v":0},{"$f":"IF(AUTOEVENTO=\"Manual\",ROUND(SUMPRODUCT((CÁLCULO!$M$15:$M$237=EVENTOS!$C46)*(OFFSET(CÁLCULO!$AQ$15:$AQ$237,0,R$13))),2),0)","v":0},{"$f":"IF(AUTOEVENTO=\"Manual\",ROUND(SUMPRODUCT((CÁLCULO!$M$15:$M$237=EVENTOS!$C46)*(OFFSET(CÁLCULO!$AQ$15:$AQ$237,0,S$13))),2),0)","v":0},{"$f":"IF(AUTOEVENTO=\"Manual\",ROUND(SUMPRODUCT((CÁLCULO!$M$15:$M$237=EVENTOS!$C46)*(OFFSET(CÁLCULO!$AQ$15:$AQ$237,0,T$13))),2),0)","v":0},{"$f":"IF(AUTOEVENTO=\"Manual\",ROUND(SUMPRODUCT((CÁLCULO!$M$15:$M$237=EVENTOS!$C46)*(OFFSET(CÁLCULO!$AQ$15:$AQ$237,0,U$13))),2),0)","v":0},{"$f":"IF(AUTOEVENTO=\"Manual\",ROUND(SUMPRODUCT((CÁLCULO!$M$15:$M$237=EVENTOS!$C46)*(OFFSET(CÁLCULO!$AQ$15:$AQ$237,0,V$13))),2),0)","v":0},{"$f":"IF(AUTOEVENTO=\"Manual\",ROUND(SUMPRODUCT((CÁLCULO!$M$15:$M$237=EVENTOS!$C46)*(OFFSET(CÁLCULO!$AQ$15:$AQ$237,0,W$13))),2),0)","v":0},{"$f":"IF(AUTOEVENTO=\"Manual\",ROUND(SUMPRODUCT((CÁLCULO!$M$15:$M$237=EVENTOS!$C46)*(OFFSET(CÁLCULO!$AQ$15:$AQ$237,0,X$13))),2),0)","v":0},{"$f":"IF(AUTOEVENTO=\"Manual\",ROUND(SUMPRODUCT((CÁLCULO!$M$15:$M$237=EVENTOS!$C46)*(OFFSET(CÁLCULO!$AQ$15:$AQ$237,0,Y$13))),2),0)","v":0},{"$f":"IF(AUTOEVENTO=\"Manual\",ROUND(SUMPRODUCT((CÁLCULO!$M$15:$M$237=EVENTOS!$C46)*(OFFSET(CÁLCULO!$AQ$15:$AQ$237,0,Z$13))),2),0)","v":0},{"$f":"IF(AUTOEVENTO=\"Manual\",ROUND(SUMPRODUCT((CÁLCULO!$M$15:$M$237=EVENTOS!$C46)*(OFFSET(CÁLCULO!$AQ$15:$AQ$237,0,AA$13))),2),0)","v":0},{"$f":"IF(AUTOEVENTO=\"Manual\",ROUND(SUMPRODUCT((CÁLCULO!$M$15:$M$237=EVENTOS!$C46)*(OFFSET(CÁLCULO!$AQ$15:$AQ$237,0,AB$13))),2),0)","v":0},{"$f":"IF(AUTOEVENTO=\"Manual\",ROUND(SUMPRODUCT((CÁLCULO!$M$15:$M$237=EVENTOS!$C46)*(OFFSET(CÁLCULO!$AQ$15:$AQ$237,0,AC$13))),2),0)","v":0},{"$f":"IF(AUTOEVENTO=\"Manual\",ROUND(SUMPRODUCT((CÁLCULO!$M$15:$M$237=EVENTOS!$C46)*(OFFSET(CÁLCULO!$AQ$15:$AQ$237,0,AD$13))),2),0)","v":0},{"$f":"IF(AUTOEVENTO=\"Manual\",ROUND(SUMPRODUCT((CÁLCULO!$M$15:$M$237=EVENTOS!$C46)*(OFFSET(CÁLCULO!$AQ$15:$AQ$237,0,AE$13))),2),0)","v":0},{"$f":"IF(AUTOEVENTO=\"Manual\",ROUND(SUMPRODUCT((CÁLCULO!$M$15:$M$237=EVENTOS!$C46)*(OFFSET(CÁLCULO!$AQ$15:$AQ$237,0,AF$13))),2),0)","v":0},{"$f":"IF(AUTOEVENTO=\"Manual\",ROUND(SUMPRODUCT((CÁLCULO!$M$15:$M$237=EVENTOS!$C46)*(OFFSET(CÁLCULO!$AQ$15:$AQ$237,0,AG$13))),2),0)","v":0},{"$f":"IF(AUTOEVENTO=\"Manual\",ROUND(SUMPRODUCT((CÁLCULO!$M$15:$M$237=EVENTOS!$C46)*(OFFSET(CÁLCULO!$AQ$15:$AQ$237,0,AH$13))),2),0)","v":0},{"$f":"IF(AUTOEVENTO=\"Manual\",ROUND(SUMPRODUCT((CÁLCULO!$M$15:$M$237=EVENTOS!$C46)*(OFFSET(CÁLCULO!$AQ$15:$AQ$237,0,AI$13))),2),0)","v":0}]
["","",{"$f":"IF(OR(ROW(C47)=ROW(EVENTOS.firstrow)+1,AND(OFFSET(C47,-1,0)<>\" \",OFFSET(C47,-1,1)<>\"\")),OFFSET(C47,-1,0)+1,\" \")","v":" "},null,{"$f":"IF(AUTOEVENTO=\"Manual\",ROUND(SUMPRODUCT((CÁLCULO!$M$15:$M$237=EVENTOS!$C47)*(OFFSET(CÁLCULO!$AQ$15:$AQ$237,0,E$13))),2),0)","v":0},{"$f":"IF(AUTOEVENTO=\"Manual\",ROUND(SUMPRODUCT((CÁLCULO!$M$15:$M$237=EVENTOS!$C47)*(OFFSET(CÁLCULO!$AQ$15,0,1):OFFSET(CÁLCULO!$BR$237,0,-1))),2),0)","v":0},"",{"$f":"IF(AUTOEVENTO=\"Manual\",ROUND(SUMPRODUCT((CÁLCULO!$M$15:$M$237=EVENTOS!$C47)*(OFFSET(CÁLCULO!$AQ$15:$AQ$237,0,H$13))),2),0)","v":0},{"$f":"IF(AUTOEVENTO=\"Manual\",ROUND(SUMPRODUCT((CÁLCULO!$M$15:$M$237=EVENTOS!$C47)*(OFFSET(CÁLCULO!$AQ$15:$AQ$237,0,I$13))),2),0)","v":0},{"$f":"IF(AUTOEVENTO=\"Manual\",ROUND(SUMPRODUCT((CÁLCULO!$M$15:$M$237=EVENTOS!$C47)*(OFFSET(CÁLCULO!$AQ$15:$AQ$237,0,J$13))),2),0)","v":0},{"$f":"IF(AUTOEVENTO=\"Manual\",ROUND(SUMPRODUCT((CÁLCULO!$M$15:$M$237=EVENTOS!$C47)*(OFFSET(CÁLCULO!$AQ$15:$AQ$237,0,K$13))),2),0)","v":0},{"$f":"IF(AUTOEVENTO=\"Manual\",ROUND(SUMPRODUCT((CÁLCULO!$M$15:$M$237=EVENTOS!$C47)*(OFFSET(CÁLCULO!$AQ$15:$AQ$237,0,L$13))),2),0)","v":0},{"$f":"IF(AUTOEVENTO=\"Manual\",ROUND(SUMPRODUCT((CÁLCULO!$M$15:$M$237=EVENTOS!$C47)*(OFFSET(CÁLCULO!$AQ$15:$AQ$237,0,M$13))),2),0)","v":0},{"$f":"IF(AUTOEVENTO=\"Manual\",ROUND(SUMPRODUCT((CÁLCULO!$M$15:$M$237=EVENTOS!$C47)*(OFFSET(CÁLCULO!$AQ$15:$AQ$237,0,N$13))),2),0)","v":0},{"$f":"IF(AUTOEVENTO=\"Manual\",ROUND(SUMPRODUCT((CÁLCULO!$M$15:$M$237=EVENTOS!$C47)*(OFFSET(CÁLCULO!$AQ$15:$AQ$237,0,O$13))),2),0)","v":0},{"$f":"IF(AUTOEVENTO=\"Manual\",ROUND(SUMPRODUCT((CÁLCULO!$M$15:$M$237=EVENTOS!$C47)*(OFFSET(CÁLCULO!$AQ$15:$AQ$237,0,P$13))),2),0)","v":0},{"$f":"IF(AUTOEVENTO=\"Manual\",ROUND(SUMPRODUCT((CÁLCULO!$M$15:$M$237=EVENTOS!$C47)*(OFFSET(CÁLCULO!$AQ$15:$AQ$237,0,Q$13))),2),0)","v":0},{"$f":"IF(AUTOEVENTO=\"Manual\",ROUND(SUMPRODUCT((CÁLCULO!$M$15:$M$237=EVENTOS!$C47)*(OFFSET(CÁLCULO!$AQ$15:$AQ$237,0,R$13))),2),0)","v":0},{"$f":"IF(AUTOEVENTO=\"Manual\",ROUND(SUMPRODUCT((CÁLCULO!$M$15:$M$237=EVENTOS!$C47)*(OFFSET(CÁLCULO!$AQ$15:$AQ$237,0,S$13))),2),0)","v":0},{"$f":"IF(AUTOEVENTO=\"Manual\",ROUND(SUMPRODUCT((CÁLCULO!$M$15:$M$237=EVENTOS!$C47)*(OFFSET(CÁLCULO!$AQ$15:$AQ$237,0,T$13))),2),0)","v":0},{"$f":"IF(AUTOEVENTO=\"Manual\",ROUND(SUMPRODUCT((CÁLCULO!$M$15:$M$237=EVENTOS!$C47)*(OFFSET(CÁLCULO!$AQ$15:$AQ$237,0,U$13))),2),0)","v":0},{"$f":"IF(AUTOEVENTO=\"Manual\",ROUND(SUMPRODUCT((CÁLCULO!$M$15:$M$237=EVENTOS!$C47)*(OFFSET(CÁLCULO!$AQ$15:$AQ$237,0,V$13))),2),0)","v":0},{"$f":"IF(AUTOEVENTO=\"Manual\",ROUND(SUMPRODUCT((CÁLCULO!$M$15:$M$237=EVENTOS!$C47)*(OFFSET(CÁLCULO!$AQ$15:$AQ$237,0,W$13))),2),0)","v":0},{"$f":"IF(AUTOEVENTO=\"Manual\",ROUND(SUMPRODUCT((CÁLCULO!$M$15:$M$237=EVENTOS!$C47)*(OFFSET(CÁLCULO!$AQ$15:$AQ$237,0,X$13))),2),0)","v":0},{"$f":"IF(AUTOEVENTO=\"Manual\",ROUND(SUMPRODUCT((CÁLCULO!$M$15:$M$237=EVENTOS!$C47)*(OFFSET(CÁLCULO!$AQ$15:$AQ$237,0,Y$13))),2),0)","v":0},{"$f":"IF(AUTOEVENTO=\"Manual\",ROUND(SUMPRODUCT((CÁLCULO!$M$15:$M$237=EVENTOS!$C47)*(OFFSET(CÁLCULO!$AQ$15:$AQ$237,0,Z$13))),2),0)","v":0},{"$f":"IF(AUTOEVENTO=\"Manual\",ROUND(SUMPRODUCT((CÁLCULO!$M$15:$M$237=EVENTOS!$C47)*(OFFSET(CÁLCULO!$AQ$15:$AQ$237,0,AA$13))),2),0)","v":0},{"$f":"IF(AUTOEVENTO=\"Manual\",ROUND(SUMPRODUCT((CÁLCULO!$M$15:$M$237=EVENTOS!$C47)*(OFFSET(CÁLCULO!$AQ$15:$AQ$237,0,AB$13))),2),0)","v":0},{"$f":"IF(AUTOEVENTO=\"Manual\",ROUND(SUMPRODUCT((CÁLCULO!$M$15:$M$237=EVENTOS!$C47)*(OFFSET(CÁLCULO!$AQ$15:$AQ$237,0,AC$13))),2),0)","v":0},{"$f":"IF(AUTOEVENTO=\"Manual\",ROUND(SUMPRODUCT((CÁLCULO!$M$15:$M$237=EVENTOS!$C47)*(OFFSET(CÁLCULO!$AQ$15:$AQ$237,0,AD$13))),2),0)","v":0},{"$f":"IF(AUTOEVENTO=\"Manual\",ROUND(SUMPRODUCT((CÁLCULO!$M$15:$M$237=EVENTOS!$C47)*(OFFSET(CÁLCULO!$AQ$15:$AQ$237,0,AE$13))),2),0)","v":0},{"$f":"IF(AUTOEVENTO=\"Manual\",ROUND(SUMPRODUCT((CÁLCULO!$M$15:$M$237=EVENTOS!$C47)*(OFFSET(CÁLCULO!$AQ$15:$AQ$237,0,AF$13))),2),0)","v":0},{"$f":"IF(AUTOEVENTO=\"Manual\",ROUND(SUMPRODUCT((CÁLCULO!$M$15:$M$237=EVENTOS!$C47)*(OFFSET(CÁLCULO!$AQ$15:$AQ$237,0,AG$13))),2),0)","v":0},{"$f":"IF(AUTOEVENTO=\"Manual\",ROUND(SUMPRODUCT((CÁLCULO!$M$15:$M$237=EVENTOS!$C47)*(OFFSET(CÁLCULO!$AQ$15:$AQ$237,0,AH$13))),2),0)","v":0},{"$f":"IF(AUTOEVENTO=\"Manual\",ROUND(SUMPRODUCT((CÁLCULO!$M$15:$M$237=EVENTOS!$C47)*(OFFSET(CÁLCULO!$AQ$15:$AQ$237,0,AI$13))),2),0)","v":0}]
["F"]
["F"]
["F"]
["F",null,null,{"$f":"Import.Município","v":"CHOPINZINHO/PR"}]
["F",null,null,"Local",null,null,null,null,null,null,null,"Responsável Técnico",null,null,null,null,null,null,null,null,null,"Responsável Técnico",null,null,null,null,null,null,null,null,null,"Responsável Técnico"]
["F",null,null,null,null,null,null,null,null,null,null,{"$f":"OFFSET(Import.RespOrçamento,0,-1) & \" \" & Import.RespOrçamento","v":"Nome: LUCAS KIYOSHI YAMAZAKI"},null,null,null,null,null,null,null,null,null,{"$f":"OFFSET(Import.RespOrçamento,0,-1) & \" \" & Import.RespOrçamento","v":"Nome: LUCAS KIYOSHI YAMAZAKI"},null,null,null,null,null,null,null,null,null,{"$f":"OFFSET(Import.RespOrçamento,0,-1) & \" \" & Import.RespOrçamento","v":"Nome: LUCAS KIYOSHI YAMAZAKI"}]
["F",null,null,{"$f":"DADOS!$C$25","v":"2025-09-15"},null,null,null,null,null,null,null,"CREA/CAU: CREA PR-81.408/D",null,null,null,null,null,null,null,null,null,"CREA/CAU: CREA PR-81.408/D",null,null,null,null,null,null,null,null,null,"CREA/CAU: CREA PR-81.408/D"]
["F",null,null,"Data",null,null,null,null,null,null,null,"ART/RRT: 1720255343667 ",null,null,null,null,null,null,null,null,null,"ART/RRT: 1720255343667 ",null,null,null,null,null,null,null,null,null,"ART/RRT: 1720255343667 "]

{"sheet":"CÁLCULO","index":6,"n_rows":245,"n_cols":123,"rows_kept":245,"cut":false,"hidden":false,"merged":[[5,5,5,7],[5,16,5,17],[5,24,5,25],[6,5,6,7],[6,16,6,17],[6,24,6,25],[14,4,14,7],[8,4,8,5],[8,6,8,7],[8,18,8,19],[8,20,8,25],[9,4,9,5],[9,6,9,7],[9,18,9,19],[9,20,9,25],[5,32,5,33],[6,32,6,33],[8,26,8,27],[8,28,8,33],[9,26,9,27],[9,28,9,33],[5,40,5,41],[6,40,6,41],[8,34,8,35],[8,36,8,41],[9,34,9,35],[9,36,9,41]]}
[null,null,null,null,null,null,null,null,null,null,null,null,{"$f":"SUM(OFFSET(CÁLCULO!$P$1,0,1):OFFSET(CÁLCULO!$AQ$1,0,-1))","v":5},null,{"$f":"IF(OR(ACOMPANHAMENTO=\"BM\",N1=0,O12=\"\"),0,1)","v":0},".",{"$f":"IF(OR(ACOMPANHAMENTO=\"BM\",P1=0,Q12=\"\"),0,1)","v":1},{"$f":"IF(OR(ACOMPANHAMENTO=\"BM\",Q1=0,R12=\"\"),0,1)","v":1},{"$f":"IF(OR(ACOMPANHAMENTO=\"BM\",R1=0,S12=\"\"),0,1)","v":1},{"$f":"IF(OR(ACOMPANHAMENTO=\"BM\",S1=0,T12=\"\"),0,1)","v":1},{"$f":"IF(OR(ACOMPANHAMENTO=\"BM\",T1=0,U12=\"\"),0,1)","v":1},{"$f":"IF(OR(ACOMPANHAMENTO=\"BM\",U1=0,V12=\"\"),0,1)","v":0},{"$f":"IF(OR(ACOMPANHAMENTO=\"BM\",V1=0,W12=\"\"),0,1)","v":0},{"$f":"IF(OR(ACOMPANHAMENTO=\"BM\",W1=0,X12=\"\"),0,1)","v":0},{"$f":"IF(OR(ACOMPANHAMENTO=\"BM\",X1=0,Y12=\"\"),0,1)","v":0},{"$f":"IF(OR(ACOMPANHAMENTO=\"BM\",Y1=0,Z12=\"\"),0,1)","v":0},{"$f":"IF(OR(ACOMPANHAMENTO=\"BM\",Z1=0,AA12=\"\"),0,1)","v":0},{"$f":"IF(OR(ACOMPANHAMENTO=\"BM\",AA1=0,AB12=\"\"),0,1)","v":0},{"$f":"IF(OR(ACOMPANHAMENTO=\"BM\",AB1=0,AC12=\"\"),0,1)","v":0},{"$f":"IF(OR(ACOMPANHAMENTO=\"BM\",AC1=0,AD12=\"\"),0,1)","v":0},{"$f":"IF(OR(ACOMPANHAMENTO=\"BM\",AD1=0,AE12=\"\"),0,1)","v":0},{"$f":"IF(OR(ACOMPANHAMENTO=\"BM\",AE1=0,AF12=\"\"),0,1)","v":0},{"$f":"IF(OR(ACOMPANHAMENTO=\"BM\",AF1=0,AG12=\"\"),0,1)","v":0},{"$f":"IF(OR(ACOMPANHAMENTO=\"BM\",AG1=0,AH12=\"\"),0,1)","v":0},{"$f":"IF(OR(ACOMPANHAMENTO=\"BM\",AH1=0,AI12=\"\"),0,1)","v":0},{"$f":"IF(OR(ACOMPANHAMENTO=\"BM\",AI1=0,AJ12=\"\"),0,1)","v":0},{"$f":"IF(OR(ACOMPANHAMENTO=\"BM\",AJ1=0,AK12=\"\"),0,1)","v":0},{"$f":"IF(OR(ACOMPANHAMENTO=\"BM\",AK1=0,AL12=\"\"),0,1)","v":0},{"$f":"IF(OR(ACOMPANHAMENTO=\"BM\",AL1=0,AM12=\"\"),0,1)","v":0},{"$f":"IF(OR(ACOMPANHAMENTO=\"BM\",AM1=0,AN12=\"\"),0,1)","v":0},{"$f":"IF(OR(ACOMPANHAMENTO=\"BM\",AN1=0,AO12=\"\"),0,1)","v":0},{"$f":"IF(OR(ACOMPANHAMENTO=\"BM\",AO1=0,AP12=\"\"),0,1)","v":0},null,"Preços dos serviços por frente",null,null,null,null,null,null,null,null,null,null,null,null,null,null,null,null,null,null,null,null,null,null,null,null,null,null,"Mês do cronograma",null,null,null,null,null,null,null,null,null,null,null,null,null,null,null,null,null,null,null,null,null,null,null,null,null,null,"Número da Medição"]
[]
[]
[]
[]
[null,null,null,null,null,{"$f":"IF(ACOMPANHAMENTO=\"BM\",\"MEMÓRIA DE CÁLCULO\",\"PLQ - PLANILHA DE LEVANTAMENTO DE QUANTIDADES\")","v":"PLQ - PLANILHA DE LEVANTAMENTO DE QUANTIDADES"},null,null,null,null,null,null,null,null,null,null,"Grau de Sigilo",null,null,null,null,null,null,null,"Grau de Sigilo",null,null,null,null,null,null,null,"Grau de Sigilo",null,null,null,null,null,null,null,"Grau de Sigilo"]
[null,null,null,null,null,{"$f":"IF(ACOMPANHAMENTO=\"BM\",\"\",\"Memória de Cálculo\")&\" - \"&import.recurso","v":"Memória de Cálculo - OGU"},null,null,null,null,null,null,null,null,null,null,"#PUBLICO",null,null,null,null,null,null,null,"#PUBLICO",null,null,null,null,null,null,null,"#PUBLICO",null,null,null,null,null,null,null,"#PUBLICO"]
[]
[null,null,null,null,"APELIDO DO EMPREENDIMENTO",null,"Nº TransfereGOV",null,"Nº OPERAÇÃO",null,"PROPONENTE / TOMADOR",null,null,null,null,null,null,null,"Nº OPERAÇÃO",null,"PROPONENTE / TOMADOR",null,null,null,null,null,"Nº OPERAÇÃO",null,"PROPONENTE / TOMADOR",null,null,null,null,null,"Nº OPERAÇÃO",null,"PROPONENTE / TOMADOR"]
["AdmLocal",null,null,null,{"$f":"Import.Apelido","v":"Casa térrea acessível, 2 quartos, Autil=47,46m², conforme Portaria MCID 1416/2023"},null,{"$f":"Import.TransfereGOV","v":"040594"},null,{"$f":"Import.CR","v":"560000004413-25"},null,{"$f":"Import.Proponente","v":"PREFEITURA MUNICIPAL DE CHOPINZINHO"},null,null,null,null,null,null,null,{"$f":"Import.CR","v":"560000004413-25"},null,{"$f":"Import.Proponente","v":"PREFEITURA MUNICIPAL DE CHOPINZINHO"},null,null,null,null,null,{"$f":"Import.CR","v":"560000004413-25"},null,{"$f":"Import.Proponente","v":"PREFEITURA MUNICIPAL DE CHOPINZINHO"},null,null,null,null,null,{"$f":"Import.CR","v":"560000004413-25"},null,{"$f":"Import.Proponente","v":"PREFEITURA MUNICIPAL DE CHOPINZINHO"}]
[{"$f":"IF(AND(Import.TipoArredondamento=\"Tradicional\",AUTOEVENTO=\"Manual\"),\"Automática\",IF(CRONOPLE!$B$8=\"\",\"Sem Adm\",\"Manual\"))","v":"Manual"},null,null,null,null,{"$f":"IF(AND(ACOMPANHAMENTO=\"PLE\",ISERROR(AUTOEVENTO)),\"Selecione a forma de definição dos agrupadores de eventos na aba EVENTOS\",\n  IF(AND(ACOMPANHAMENTO=\"PLE\",CÁLCULO.FrentesPreenchidas=0),\"Preencher os nomes das Frentes de Obra\",\n  IF(COUNTIF($J$15:$J$237,\"►E\")>0,\"Não pode haver serviços sem agrupador de eventos\",\n  IF(COUNTIF($P$11:$AQ$11,\"▼\")>0,\"Não pode haver frentes de obra sem quantidades\",\n  IF(COUNTIF($P$11:$AQ$11,\"Nome >100\")>0,\"Nome da frente de obra com mais de 100 caracteres\",\"\")))))","v":""},null,null,null,null,null,null,null,{"$f":"IF(OR(COUNTIF($J$15:$J$237,\"►E\")>0,COUNTIF($J$15:$J$237,\"►Q\")>0),\"\",\nIF(COUNTIF($J$15:$J$237,\"►S\")>0,\"Preencha as quantidades com no máximo duas casas decimais\",\nIF(COUNTIF($P$11:$AQ$11,\"▼\")>0,\"Falta preencher a frente de obra nº \" & HLOOKUP(\"▼\",$P$11:$AQ$13,3,FALSE),\nIF(COUNTIF($P$11:$AQ$11,\"Nome >100\")>0,\"Resuma o nome da frente de obra nº \" & HLOOKUP(\"Nome >100\",$P$11:$AQ$13,3,FALSE),\"\"))))","v":""},{"$f":"IF(AND(O1=1,O15=0),\"▼\",IF(AND(O1=1,LEN(O12)>100),\"Nome >100\",\"\"))","v":{"$error":"#VALUE!"}},null,{"$f":"IF(AND(Q1=1,Q15=0),\"▼\",IF(AND(Q1=1,LEN(Q12)>100),\"Nome >100\",\"\"))","v":""},"","","","","","","","","",{"$f":"IF(AND(AA1=1,AA15=0),\"▼\",IF(AND(AA1=1,LEN(AA12)>100),\"Nome >100\",\"\"))","v":""},"","","","","","","",{"$f":"IF(AND(AI1=1,AI15=0),\"▼\",IF(AND(AI1=1,LEN(AI12)>100),\"Nome >100\",\"\"))","v":""},"","","","","","",""]
[{"$f":"IF(Import.Eventos.Nível=\"Definir Manualmente\",\"Manual\",MATCH(Import.Eventos.Nível,EVENTOS!$B$6:$B$9,0)+1)","v":4},"Empty","FILTRO",null,null,null,null,null,{"$f":"IF(AND(ACOMPANHAMENTO=\"PLE\",CÁLCULO.FrentesPreenchidas=0),\"\",\n  IF(COUNTIF($J$15:$J$237,\"►E\")>0,\"Falta Definir o Agrupador de Evento na linha \"&MATCH(\"►E\",$J$15:$J$237,0)+ROW($J$14),\n  IF(COUNTIF($J$15:$J$237,\"►Q\")>0,\"Falta preencher a quantidade do serviço na linha \"&MATCH(\"►Q\",$J$15:$J$237,0)+ROW($J$14),\n  IF(COUNTIF($J$15:$J$237,\"►S\")>0,\"Verifique as quantidades preenchidas na linha \"&MATCH(\"►S\",$J$15:$J$237,0)+ROW($J$14),\n  IF(AND(COUNTIF($P$11:$AQ$11,\"▼\")=0,COUNTIF($J$15:$J$237,\"◄\")>0),\"Falta Preencher o Memorial de Cálculo na linha \"&MATCH(\"◄\",$J$15:$J$237,0)+ROW($J$14),\"\")))))","v":""},".","Nº AGRUPADOR DE EVENTOS",".",{"$f":"IF(ACOMPANHAMENTO=\"BM\",0,MAX($M$15:$M$237))","v":31},{"$f":"IF(AND(ACOMPANHAMENTO=\"PLE\",CÁLCULO.FrentesPreenchidas=0),\"Preencher os nomes das Frentes de Obra ►\",\"FRENTES DE OBRA:\")","v":"FRENTES DE OBRA:"},null,".","Casa 1","Casa 2","Casa 3","Casa 4","Casa 5",null,null,null,null,null,null,null,null,null,null,null,null,null,null,null,null,null,null,null,null,null,".",{"$f":"IF(OFFSET($P$1,0,AR$13)=0,0,OFFSET($P$12,0,AR$13))","v":"Casa 1"},{"$f":"IF(OFFSET($P$1,0,AS$13)=0,0,OFFSET($P$12,0,AS$13))","v":"Casa 2"},"Casa 3","Casa 4","Casa 5",0,0,0,0,0,0,0,0,0,0,0,0,0,0,0,0,0,0,0,0,0,null,{"$f":"IF(OFFSET($P$1,0,BS$13)=0,0,OFFSET($P$12,0,BS$13))","v":"Casa 1"},"Casa 2","Casa 3","Casa 4","Casa 5",0,0,0,0,0,0,0,0,0,0,0,0,0,0,0,0,0,0,0,0,0,null,"Casa 1","Casa 2","Casa 3","Casa 4","Casa 5",0,0,0,0,0,0,0,0,0,0,0,0,0,0,0,0,0,0,0,0,0]
["AUTOEVENTO","Empty","↓","Nível","Item","Descrição","Unidade","Quantidade","Memória de Cálculo",null,"Nº",null,"# Evento","Agrupador de Eventos",{"$f":"OFFSET(O13,0,-1)+1","v":{"$error":"#VALUE!"}},null,{"$f":"OFFSET(Q13,0,-1)+1","v":1},2,3,4,5,6,7,8,9,10,11,12,13,14,15,16,17,18,19,20,21,22,23,24,25,26,null,{"$f":"OFFSET(AR13,0,-1)+1","v":1},2,3,4,5,6,7,8,9,10,11,12,13,14,15,16,17,18,19,20,21,22,23,24,25,26,null,1,2,3,4,5,6,7,8,9,10,11,12,13,14,15,16,17,18,19,20,21,22,23,24,25,26,null,1,2,3,4,5,6,7,8,9,10,11,12,13,14,15,16,17,18,19,{"$f":"OFFSET(DM13,0,-1)+1","v":20},21,22,23,24,25,26]
[{"$f":"IFERROR(IF(AUTOEVENTO=\"Manual\",IF(K14<>\"\",MIN(VALUE(LEFT(K14,FIND(\".\",K14)-1)),COUNTA(EVENTOS.Lista)),0),IF(OR($B14>AUTOEVENTO,$B14=\"S\",$B14=0),SUBSTITUTE(OFFSET($A14,-1,0),IF($D14=\"Serviço\",\".\",\"\"),\"\"),$L14&\".\")),0)","v":"1."},{"$f":"OFFSET(ORÇAMENTO!C$15,$L14,0)","v":1},{"$f":"OFFSET(ORÇAMENTO!L$15,$L14,0)","v":"F"},{"$f":"OFFSET(ORÇAMENTO!N$15,$L14,0)","v":"Meta"},{"$f":"OFFSET(ORÇAMENTO!O$15,$L14,0)","v":"1."},{"$f":"OFFSET(ORÇAMENTO!R$15,$L14,0)","v":"CONSTRUÇÃO DE HABITAÇÃO DE INTERESSE SOCIAL - HIS - PADRÃO POPULAR               "},{"$f":"IF($D14<>\"Serviço\",\"\",OFFSET(ORÇAMENTO!S$15,$L14,0))","v":""},{"$f":"IF($D14<>\"Serviço\",0,IF(ACOMPANHAMENTO=\"BM\",ROUND(OFFSET(ORÇAMENTO!AJ$15,$L14,0),15-13*ORÇAMENTO!$AF$7),IF(IFERROR(CÁLCULO.FrentesPreenchidas,0)=0,0,SUM(ROUND(OFFSET($P14,0,1,1,CÁLCULO.FrentesPreenchidas),15-13*ORÇAMENTO!$AF$7)))))","v":0},null,{"$f":"IF(OR(B14<>\"S\",CÁLCULO.FrentesPreenchidas=0),\"\",IF(AND(ACOMPANHAMENTO=\"PLE\",AUTOEVENTO=\"Manual\",OR(H14>0,ORÇAMENTO!AC14=\"QUANT.\"),OR(K14=\"\",M14=0,N14=\"\")),\"►E\",IF(AND(ACOMPANHAMENTO=\"PLE\",ORÇAMENTO!AC14=\"QUANT.\"),\"►Q\",IF(AND(ACOMPANHAMENTO=\"PLE\",H14<>SUMPRODUCT(($Q$1:$AQ$1=1)*ROUND(Q14:AQ14,15))),\"►S\",IF(AND(COUNTIF($P$11:$AQ$11,\"▼\")=0,H14>0,I14=\"\"),\"◄M\",\"\")))))","v":""},null,{"$f":"OFFSET(L14,-1,0)+1","v":1},{"$f":"IF($D14<>\"Serviço\",\"\",\n          IF(AUTOEVENTO=\"manual\",$A14,\n                IF(ISERROR(MATCH($A14,$A$15:OFFSET($A14,-1,0),0)),MAX($M$15:OFFSET(M14,-1,0))+1,\n                      INDEX($M$15:OFFSET(M14,-1,0),MATCH($A14,$A$15:OFFSET($A14,-1,0),0)))))","v":""},{"$f":"IF($D14<>\"Serviço\",\"\",\n         IF(AUTOEVENTO=\"Manual\",\n                IF($A14=0,\"<-- defina o número do agrupador\",\n                       OFFSET(EVENTOS!$D$15,$A14-$A$15,0)),\n                OFFSET($F$15,$A14,0)))","v":""},null,null,null,null,null,null,null,null,null,null,null,null,null,null,null,null,null,null,null,null,null,null,null,null,null,null,null,null,null,{"$f":"IF(AND($D14=\"Serviço\",AR$12<>0,$H14>0,OR(AUTOEVENTO<>\"manual\",$M14<>$A$15)),\n        IF(Import.TipoArredondamento<>\"TransfereGOV\",\n              ROUND(OFFSET($P14,0,AR$13),15-13*ORÇAMENTO!$AF$7)/$H14*OFFSET(ORÇAMENTO!$X$15,ROW(AR14)-ROW(AR$15),0),\n              ROUND(ROUND(OFFSET($P14,0,AR$13),15-13*ORÇAMENTO!$AF$7)*OFFSET(ORÇAMENTO!$W$15,ROW(AR14)-ROW(AR$15),0),15-13*ORÇAMENTO!$AF$11)),\n         0)","v":0},{"$f":"IF(AND($D14=\"Serviço\",AS$12<>0,$H14>0,OR(AUTOEVENTO<>\"manual\",$M14<>$A$15)),\n        IF(Import.TipoArredondamento<>\"TransfereGOV\",\n              ROUND(OFFSET($P14,0,AS$13),15-13*ORÇAMENTO!$AF$7)/$H14*OFFSET(ORÇAMENTO!$X$15,ROW(AS14)-ROW(AS$15),0),\n              ROUND(ROUND(OFFSET($P14,0,AS$13),15-13*ORÇAMENTO!$AF$7)*OFFSET(ORÇAMENTO!$W$15,ROW(AS14)-ROW(AS$15),0),15-13*ORÇAMENTO!$AF$11)),\n         0)","v":0},{"$f":"IF(AND($D14=\"Serviço\",AT$12<>0,$H14>0,OR(AUTOEVENTO<>\"manual\",$M14<>$A$15)),\n        IF(Import.TipoArredondamento<>\"TransfereGOV\",\n              ROUND(OFFSET($P14,0,AT$13),15-13*ORÇAMENTO!$AF$7)/$H14*OFFSET(ORÇAMENTO!$X$15,ROW(AT14)-ROW(AT$15),0),\n              ROUND(ROUND(OFFSET($P14,0,AT$13),15-13*ORÇAMENTO!$AF$7)*OFFSET(ORÇAMENTO!$W$15,ROW(AT14)-ROW(AT$15),0),15-13*ORÇAMENTO!$AF$11)),\n         0)","v":0},{"$f":"IF(AND($D14=\"Serviço\",AU$12<>0,$H14>0,OR(AUTOEVENTO<>\"manual\",$M14<>$A$15)),\n        IF(Import.TipoArredondamento<>\"TransfereGOV\",\n              ROUND(OFFSET($P14,0,AU$13),15-13*ORÇAMENTO!$AF$7)/$H14*OFFSET(ORÇAMENTO!$X$15,ROW(AU14)-ROW(AU$15),0),\n              ROUND(ROUND(OFFSET($P14,0,AU$13),15-13*ORÇAMENTO!$AF$7)*OFFSET(ORÇAMENTO!$W$15,ROW(AU14)-ROW(AU$15),0),15-13*ORÇAMENTO!$AF$11)),\n         0)","v":0},{"$f":"IF(AND($D14=\"Serviço\",AV$12<>0,$H14>0,OR(AUTOEVENTO<>\"manual\",$M14<>$A$15)),\n        IF(Import.TipoArredondamento<>\"TransfereGOV\",\n              ROUND(OFFSET($P14,0,AV$13),15-13*ORÇAMENTO!$AF$7)/$H14*OFFSET(ORÇAMENTO!$X$15,ROW(AV14)-ROW(AV$15),0),\n              ROUND(ROUND(OFFSET($P14,0,AV$13),15-13*ORÇAMENTO!$AF$7)*OFFSET(ORÇAMENTO!$W$15,ROW(AV14)-ROW(AV$15),0),15-13*ORÇAMENTO!$AF$11)),\n         0)","v":0},{"$f":"IF(AND($D14=\"Serviço\",AW$12<>0,$H14>0,OR(AUTOEVENTO<>\"manual\",$M14<>$A$15)),\n        IF(Import.TipoArredondamento<>\"TransfereGOV\",\n              ROUND(OFFSET($P14,0,AW$13),15-13*ORÇAMENTO!$AF$7)/$H14*OFFSET(ORÇAMENTO!$X$15,ROW(AW14)-ROW(AW$15),0),\n              ROUND(ROUND(OFFSET($P14,0,AW$13),15-13*ORÇAMENTO!$AF$7)*OFFSET(ORÇAMENTO!$W$15,ROW(AW14)-ROW(AW$15),0),15-13*ORÇAMENTO!$AF$11)),\n         0)","v":0},{"$f":"IF(AND($D14=\"Serviço\",AX$12<>0,$H14>0,OR(AUTOEVENTO<>\"manual\",$M14<>$A$15)),\n        IF(Import.TipoArredondamento<>\"TransfereGOV\",\n              ROUND(OFFSET($P14,0,AX$13),15-13*ORÇAMENTO!$AF$7)/$H14*OFFSET(ORÇAMENTO!$X$15,ROW(AX14)-ROW(AX$15),0),\n              ROUND(ROUND(OFFSET($P14,0,AX$13),15-13*ORÇAMENTO!$AF$7)*OFFSET(ORÇAMENTO!$W$15,ROW(AX14)-ROW(AX$15),0),15-13*ORÇAMENTO!$AF$11)),\n         0)","v":0},{"$f":"IF(AND($D14=\"Serviço\",AY$12<>0,$H14>0,OR(AUTOEVENTO<>\"manual\",$M14<>$A$15)),\n        IF(Import.TipoArredondamento<>\"TransfereGOV\",\n              ROUND(OFFSET($P14,0,AY$13),15-13*ORÇAMENTO!$AF$7)/$H14*OFFSET(ORÇAMENTO!$X$15,ROW(AY14)-ROW(AY$15),0),\n              ROUND(ROUND(OFFSET($P14,0,AY$13),15-13*ORÇAMENTO!$AF$7)*OFFSET(ORÇAMENTO!$W$15,ROW(AY14)-ROW(AY$15),0),15-13*ORÇAMENTO!$AF$11)),\n         0)","v":0},{"$f":"IF(AND($D14=\"Serviço\",AZ$12<>0,$H14>0,OR(AUTOEVENTO<>\"manual\",$M14<>$A$15)),\n        IF(Import.TipoArredondamento<>\"TransfereGOV\",\n              ROUND(OFFSET($P14,0,AZ$13),15-13*ORÇAMENTO!$AF$7)/$H14*OFFSET(ORÇAMENTO!$X$15,ROW(AZ14)-ROW(AZ$15),0),\n              ROUND(ROUND(OFFSET($P14,0,AZ$13),15-13*ORÇAMENTO!$AF$7)*OFFSET(ORÇAMENTO!$W$15,ROW(AZ14)-ROW(AZ$15),0),15-13*ORÇAMENTO!$AF$11)),\n         0)","v":0},{"$f":"IF(AND($D14=\"Serviço\",BA$12<>0,$H14>0,OR(AUTOEVENTO<>\"manual\",$M14<>$A$15)),\n        IF(Import.TipoArredondamento<>\"TransfereGOV\",\n              ROUND(OFFSET($P14,0,BA$13),15-13*ORÇAMENTO!$AF$7)/$H14*OFFSET(ORÇAMENTO!$X$15,ROW(BA14)-ROW(BA$15),0),\n              ROUND(ROUND(OFFSET($P14,0,BA$13),15-13*ORÇAMENTO!$AF$7)*OFFSET(ORÇAMENTO!$W$15,ROW(BA14)-ROW(BA$15),0),15-13*ORÇAMENTO!$AF$11)),\n         0)","v":0},{"$f":"IF(AND($D14=\"Serviço\",BB$12<>0,$H14>0,OR(AUTOEVENTO<>\"manual\",$M14<>$A$15)),\n        IF(Import.TipoArredondamento<>\"TransfereGOV\",\n              ROUND(OFFSET($P14,0,BB$13),15-13*ORÇAMENTO!$AF$7)/$H14*OFFSET(ORÇAMENTO!$X$15,ROW(BB14)-ROW(BB$15),0),\n              ROUND(ROUND(OFFSET($P14,0,BB$13),15-13*ORÇAMENTO!$AF$7)*OFFSET(ORÇAMENTO!$W$15,ROW(BB14)-ROW(BB$15),0),15-13*ORÇAMENTO!$AF$11)),\n         0)","v":0},{"$f":"IF(AND($D14=\"Serviço\",BC$12<>0,$H14>0,OR(AUTOEVENTO<>\"manual\",$M14<>$A$15)),\n        IF(Import.TipoArredondamento<>\"TransfereGOV\",\n              ROUND(OFFSET($P14,0,BC$13),15-13*ORÇAMENTO!$AF$7)/$H14*OFFSET(ORÇAMENTO!$X$15,ROW(BC14)-ROW(BC$15),0),\n              ROUND(ROUND(OFFSET($P14,0,BC$13),15-13*ORÇAMENTO!$AF$7)*OFFSET(ORÇAMENTO!$W$15,ROW(BC14)-ROW(BC$15),0),15-13*ORÇAMENTO!$AF$11)),\n         0)","v":0},{"$f":"IF(AND($D14=\"Serviço\",BD$12<>0,$H14>0,OR(AUTOEVENTO<>\"manual\",$M14<>$A$15)),\n        IF(Import.TipoArredondamento<>\"TransfereGOV\",\n              ROUND(OFFSET($P14,0,BD$13),15-13*ORÇAMENTO!$AF$7)/$H14*OFFSET(ORÇAMENTO!$X$15,ROW(BD14)-ROW(BD$15),0),\n              ROUND(ROUND(OFFSET($P14,0,BD$13),15-13*ORÇAMENTO!$AF$7)*OFFSET(ORÇAMENTO!$W$15,ROW(BD14)-ROW(BD$15),0),15-13*ORÇAMENTO!$AF$11)),\n         0)","v":0},{"$f":"IF(AND($D14=\"Serviço\",BE$12<>0,$H14>0,OR(AUTOEVENTO<>\"manual\",$M14<>$A$15)),\n        IF(Import.TipoArredondamento<>\"TransfereGOV\",\n              ROUND(OFFSET($P14,0,BE$13),15-13*ORÇAMENTO!$AF$7)/$H14*OFFSET(ORÇAMENTO!$X$15,ROW(BE14)-ROW(BE$15),0),\n              ROUND(ROUND(OFFSET($P14,0,BE$13),15-13*ORÇAMENTO!$AF$7)*OFFSET(ORÇAMENTO!$W$15,ROW(BE14)-ROW(BE$15),0),15-13*ORÇAMENTO!$AF$11)),\n         0)","v":0},{"$f":"IF(AND($D14=\"Serviço\",BF$12<>0,$H14>0,OR(AUTOEVENTO<>\"manual\",$M14<>$A$15)),\n        IF(Import.TipoArredondamento<>\"TransfereGOV\",\n              ROUND(OFFSET($P14,0,BF$13),15-13*ORÇAMENTO!$AF$7)/$H14*OFFSET(ORÇAMENTO!$X$15,ROW(BF14)-ROW(BF$15),0),\n              ROUND(ROUND(OFFSET($P14,0,BF$13),15-13*ORÇAMENTO!$AF$7)*OFFSET(ORÇAMENTO!$W$15,ROW(BF14)-ROW(BF$15),0),15-13*ORÇAMENTO!$AF$11)),\n         0)","v":0},{"$f":"IF(AND($D14=\"Serviço\",BG$12<>0,$H14>0,OR(AUTOEVENTO<>\"manual\",$M14<>$A$15)),\n        IF(Import.TipoArredondamento<>\"TransfereGOV\",\n              ROUND(OFFSET($P14,0,BG$13),15-13*ORÇAMENTO!$AF$7)/$H14*OFFSET(ORÇAMENTO!$X$15,ROW(BG14)-ROW(BG$15),0),\n              ROUND(ROUND(OFFSET($P14,0,BG$13),15-13*ORÇAMENTO!$AF$7)*OFFSET(ORÇAMENTO!$W$15,ROW(BG14)-ROW(BG$15),0),15-13*ORÇAMENTO!$AF$11)),\n         0)","v":0},{"$f":"IF(AND($D14=\"Serviço\",BH$12<>0,$H14>0,OR(AUTOEVENTO<>\"manual\",$M14<>$A$15)),\n        IF(Import.TipoArredondamento<>\"TransfereGOV\",\n              ROUND(OFFSET($P14,0,BH$13),15-13*ORÇAMENTO!$AF$7)/$H14*OFFSET(ORÇAMENTO!$X$15,ROW(BH14)-ROW(BH$15),0),\n              ROUND(ROUND(OFFSET($P14,0,BH$13),15-13*ORÇAMENTO!$AF$7)*OFFSET(ORÇAMENTO!$W$15,ROW(BH14)-ROW(BH$15),0),15-13*ORÇAMENTO!$AF$11)),\n         0)","v":0},{"$f":"IF(AND($D14=\"Serviço\",BI$12<>0,$H14>0,OR(AUTOEVENTO<>\"manual\",$M14<>$A$15)),\n        IF(Import.TipoArredondamento<>\"TransfereGOV\",\n              ROUND(OFFSET($P14,0,BI$13),15-13*ORÇAMENTO!$AF$7)/$H14*OFFSET(ORÇAMENTO!$X$15,ROW(BI14)-ROW(BI$15),0),\n              ROUND(ROUND(OFFSET($P14,0,BI$13),15-13*ORÇAMENTO!$AF$7)*OFFSET(ORÇAMENTO!$W$15,ROW(BI14)-ROW(BI$15),0),15-13*ORÇAMENTO!$AF$11)),\n         0)","v":0},{"$f":"IF(AND($D14=\"Serviço\",BJ$12<>0,$H14>0,OR(AUTOEVENTO<>\"manual\",$M14<>$A$15)),\n        IF(Import.TipoArredondamento<>\"TransfereGOV\",\n              ROUND(OFFSET($P14,0,BJ$13),15-13*ORÇAMENTO!$AF$7)/$H14*OFFSET(ORÇAMENTO!$X$15,ROW(BJ14)-ROW(BJ$15),0),\n              ROUND(ROUND(OFFSET($P14,0,BJ$13),15-13*ORÇAMENTO!$AF$7)*OFFSET(ORÇAMENTO!$W$15,ROW(BJ14)-ROW(BJ$15),0),15-13*ORÇAMENTO!$AF$11)),\n         0)","v":0},{"$f":"IF(AND($D14=\"Serviço\",BK$12<>0,$H14>0,OR(AUTOEVENTO<>\"manual\",$M14<>$A$15)),\n        IF(Import.TipoArredondamento<>\"TransfereGOV\",\n              ROUND(OFFSET($P14,0,BK$13),15-13*ORÇAMENTO!$AF$7)/$H14*OFFSET(ORÇAMENTO!$X$15,ROW(BK14)-ROW(BK$15),0),\n              ROUND(ROUND(OFFSET($P14,0,BK$13),15-13*ORÇAMENTO!$AF$7)*OFFSET(ORÇAMENTO!$W$15,ROW(BK14)-ROW(BK$15),0),15-13*ORÇAMENTO!$AF$11)),\n         0)","v":0},{"$f":"IF(AND($D14=\"Serviço\",BL$12<>0,$H14>0,OR(AUTOEVENTO<>\"manual\",$M14<>$A$15)),\n        IF(Import.TipoArredondamento<>\"TransfereGOV\",\n              ROUND(OFFSET($P14,0,BL$13),15-13*ORÇAMENTO!$AF$7)/$H14*OFFSET(ORÇAMENTO!$X$15,ROW(BL14)-ROW(BL$15),0),\n              ROUND(ROUND(OFFSET($P14,0,BL$13),15-13*ORÇAMENTO!$AF$7)*OFFSET(ORÇAMENTO!$W$15,ROW(BL14)-ROW(BL$15),0),15-13*ORÇAMENTO!$AF$11)),\n         0)","v":0},{"$f":"IF(AND($D14=\"Serviço\",BM$12<>0,$H14>0,OR(AUTOEVENTO<>\"manual\",$M14<>$A$15)),\n        IF(Import.TipoArredondamento<>\"TransfereGOV\",\n              ROUND(OFFSET($P14,0,BM$13),15-13*ORÇAMENTO!$AF$7)/$H14*OFFSET(ORÇAMENTO!$X$15,ROW(BM14)-ROW(BM$15),0),\n              ROUND(ROUND(OFFSET($P14,0,BM$13),15-13*ORÇAMENTO!$AF$7)*OFFSET(ORÇAMENTO!$W$15,ROW(BM14)-ROW(BM$15),0),15-13*ORÇAMENTO!$AF$11)),\n         0)","v":0},{"$f":"IF(AND($D14=\"Serviço\",BN$12<>0,$H14>0,OR(AUTOEVENTO<>\"manual\",$M14<>$A$15)),\n        IF(Import.TipoArredondamento<>\"TransfereGOV\",\n              ROUND(OFFSET($P14,0,BN$13),15-13*ORÇAMENTO!$AF$7)/$H14*OFFSET(ORÇAMENTO!$X$15,ROW(BN14)-ROW(BN$15),0),\n              ROUND(ROUND(OFFSET($P14,0,BN$13),15-13*ORÇAMENTO!$AF$7)*OFFSET(ORÇAMENTO!$W$15,ROW(BN14)-ROW(BN$15),0),15-13*ORÇAMENTO!$AF$11)),\n         0)","v":0},{"$f":"IF(AND($D14=\"Serviço\",BO$12<>0,$H14>0,OR(AUTOEVENTO<>\"manual\",$M14<>$A$15)),\n        IF(Import.TipoArredondamento<>\"TransfereGOV\",\n              ROUND(OFFSET($P14,0,BO$13),15-13*ORÇAMENTO!$AF$7)/$H14*OFFSET(ORÇAMENTO!$X$15,ROW(BO14)-ROW(BO$15),0),\n              ROUND(ROUND(OFFSET($P14,0,BO$13),15-13*ORÇAMENTO!$AF$7)*OFFSET(ORÇAMENTO!$W$15,ROW(BO14)-ROW(BO$15),0),15-13*ORÇAMENTO!$AF$11)),\n         0)","v":0},{"$f":"IF(AND($D14=\"Serviço\",BP$12<>0,$H14>0,OR(AUTOEVENTO<>\"manual\",$M14<>$A$15)),\n        IF(Import.TipoArredondamento<>\"TransfereGOV\",\n              ROUND(OFFSET($P14,0,BP$13),15-13*ORÇAMENTO!$AF$7)/$H14*OFFSET(ORÇAMENTO!$X$15,ROW(BP14)-ROW(BP$15),0),\n              ROUND(ROUND(OFFSET($P14,0,BP$13),15-13*ORÇAMENTO!$AF$7)*OFFSET(ORÇAMENTO!$W$15,ROW(BP14)-ROW(BP$15),0),15-13*ORÇAMENTO!$AF$11)),\n         0)","v":0},{"$f":"IF(AND($D14=\"Serviço\",BQ$12<>0,$H14>0,OR(AUTOEVENTO<>\"manual\",$M14<>$A$15)),\n        IF(Import.TipoArredondamento<>\"TransfereGOV\",\n              ROUND(OFFSET($P14,0,BQ$13),15-13*ORÇAMENTO!$AF$7)/$H14*OFFSET(ORÇAMENTO!$X$15,ROW(BQ14)-ROW(BQ$15),0),\n              ROUND(ROUND(OFFSET($P14,0,BQ$13),15-13*ORÇAMENTO!$AF$7)*OFFSET(ORÇAMENTO!$W$15,ROW(BQ14)-ROW(BQ$15),0),15-13*ORÇAMENTO!$AF$11)),\n         0)","v":0},null,{"$f":"IF(OR($D14<>\"Serviço\",AND(AUTOEVENTO=\"Manual\",$M14=$A$15)),0,\n         IF(OFFSET(CRONOPLE!$F$15,$M14-$A$15,BS$13)=0,10^12,OFFSET(CRONOPLE!$F$15,$M14-$A$15,BS$13)))","v":0},{"$f":"IF(OR($D14<>\"Serviço\",AND(AUTOEVENTO=\"Manual\",$M14=$A$15)),0,\n         IF(OFFSET(CRONOPLE!$F$15,$M14-$A$15,BT$13)=0,10^12,OFFSET(CRONOPLE!$F$15,$M14-$A$15,BT$13)))","v":0},{"$f":"IF(OR($D14<>\"Serviço\",AND(AUTOEVENTO=\"Manual\",$M14=$A$15)),0,\n         IF(OFFSET(CRONOPLE!$F$15,$M14-$A$15,BU$13)=0,10^12,OFFSET(CRONOPLE!$F$15,$M14-$A$15,BU$13)))","v":0},{"$f":"IF(OR($D14<>\"Serviço\",AND(AUTOEVENTO=\"Manual\",$M14=$A$15)),0,\n         IF(OFFSET(CRONOPLE!$F$15,$M14-$A$15,BV$13)=0,10^12,OFFSET(CRONOPLE!$F$15,$M14-$A$15,BV$13)))","v":0},{"$f":"IF(OR($D14<>\"Serviço\",AND(AUTOEVENTO=\"Manual\",$M14=$A$15)),0,\n         IF(OFFSET(CRONOPLE!$F$15,$M14-$A$15,BW$13)=0,10^12,OFFSET(CRONOPLE!$F$15,$M14-$A$15,BW$13)))","v":0},{"$f":"IF(OR($D14<>\"Serviço\",AND(AUTOEVENTO=\"Manual\",$M14=$A$15)),0,\n         IF(OFFSET(CRONOPLE!$F$15,$M14-$A$15,BX$13)=0,10^12,OFFSET(CRONOPLE!$F$15,$M14-$A$15,BX$13)))","v":0},{"$f":"IF(OR($D14<>\"Serviço\",AND(AUTOEVENTO=\"Manual\",$M14=$A$15)),0,\n         IF(OFFSET(CRONOPLE!$F$15,$M14-$A$15,BY$13)=0,10^12,OFFSET(CRONOPLE!$F$15,$M14-$A$15,BY$13)))","v":0},{"$f":"IF(OR($D14<>\"Serviço\",AND(AUTOEVENTO=\"Manual\",$M14=$A$15)),0,\n         IF(OFFSET(CRONOPLE!$F$15,$M14-$A$15,BZ$13)=0,10^12,OFFSET(CRONOPLE!$F$15,$M14-$A$15,BZ$13)))","v":0},{"$f":"IF(OR($D14<>\"Serviço\",AND(AUTOEVENTO=\"Manual\",$M14=$A$15)),0,\n         IF(OFFSET(CRONOPLE!$F$15,$M14-$A$15,CA$13)=0,10^12,OFFSET(CRONOPLE!$F$15,$M14-$A$15,CA$13)))","v":0},{"$f":"IF(OR($D14<>\"Serviço\",AND(AUTOEVENTO=\"Manual\",$M14=$A$15)),0,\n         IF(OFFSET(CRONOPLE!$F$15,$M14-$A$15,CB$13)=0,10^12,OFFSET(CRONOPLE!$F$15,$M14-$A$15,CB$13)))","v":0},{"$f":"IF(OR($D14<>\"Serviço\",AND(AUTOEVENTO=\"Manual\",$M14=$A$15)),0,\n         IF(OFFSET(CRONOPLE!$F$15,$M14-$A$15,CC$13)=0,10^12,OFFSET(CRONOPLE!$F$15,$M14-$A$15,CC$13)))","v":0},{"$f":"IF(OR($D14<>\"Serviço\",AND(AUTOEVENTO=\"Manual\",$M14=$A$15)),0,\n         IF(OFFSET(CRONOPLE!$F$15,$M14-$A$15,CD$13)=0,10^12,OFFSET(CRONOPLE!$F$15,$M14-$A$15,CD$13)))","v":0},{"$f":"IF(OR($D14<>\"Serviço\",AND(AUTOEVENTO=\"Manual\",$M14=$A$15)),0,\n         IF(OFFSET(CRONOPLE!$F$15,$M14-$A$15,CE$13)=0,10^12,OFFSET(CRONOPLE!$F$15,$M14-$A$15,CE$13)))","v":0},{"$f":"IF(OR($D14<>\"Serviço\",AND(AUTOEVENTO=\"Manual\",$M14=$A$15)),0,\n         IF(OFFSET(CRONOPLE!$F$15,$M14-$A$15,CF$13)=0,10^12,OFFSET(CRONOPLE!$F$15,$M14-$A$15,CF$13)))","v":0},{"$f":"IF(OR($D14<>\"Serviço\",AND(AUTOEVENTO=\"Manual\",$M14=$A$15)),0,\n         IF(OFFSET(CRONOPLE!$F$15,$M14-$A$15,CG$13)=0,10^12,OFFSET(CRONOPLE!$F$15,$M14-$A$15,CG$13)))","v":0},{"$f":"IF(OR($D14<>\"Serviço\",AND(AUTOEVENTO=\"Manual\",$M14=$A$15)),0,\n         IF(OFFSET(CRONOPLE!$F$15,$M14-$A$15,CH$13)=0,10^12,OFFSET(CRONOPLE!$F$15,$M14-$A$15,CH$13)))","v":0},{"$f":"IF(OR($D14<>\"Serviço\",AND(AUTOEVENTO=\"Manual\",$M14=$A$15)),0,\n         IF(OFFSET(CRONOPLE!$F$15,$M14-$A$15,CI$13)=0,10^12,OFFSET(CRONOPLE!$F$15,$M14-$A$15,CI$13)))","v":0},{"$f":"IF(OR($D14<>\"Serviço\",AND(AUTOEVENTO=\"Manual\",$M14=$A$15)),0,\n         IF(OFFSET(CRONOPLE!$F$15,$M14-$A$15,CJ$13)=0,10^12,OFFSET(CRONOPLE!$F$15,$M14-$A$15,CJ$13)))","v":0},{"$f":"IF(OR($D14<>\"Serviço\",AND(AUTOEVENTO=\"Manual\",$M14=$A$15)),0,\n         IF(OFFSET(CRONOPLE!$F$15,$M14-$A$15,CK$13)=0,10^12,OFFSET(CRONOPLE!$F$15,$M14-$A$15,CK$13)))","v":0},{"$f":"IF(OR($D14<>\"Serviço\",AND(AUTOEVENTO=\"Manual\",$M14=$A$15)),0,\n         IF(OFFSET(CRONOPLE!$F$15,$M14-$A$15,CL$13)=0,10^12,OFFSET(CRONOPLE!$F$15,$M14-$A$15,CL$13)))","v":0},{"$f":"IF(OR($D14<>\"Serviço\",AND(AUTOEVENTO=\"Manual\",$M14=$A$15)),0,\n         IF(OFFSET(CRONOPLE!$F$15,$M14-$A$15,CM$13)=0,10^12,OFFSET(CRONOPLE!$F$15,$M14-$A$15,CM$13)))","v":0},{"$f":"IF(OR($D14<>\"Serviço\",AND(AUTOEVENTO=\"Manual\",$M14=$A$15)),0,\n         IF(OFFSET(CRONOPLE!$F$15,$M14-$A$15,CN$13)=0,10^12,OFFSET(CRONOPLE!$F$15,$M14-$A$15,CN$13)))","v":0},{"$f":"IF(OR($D14<>\"Serviço\",AND(AUTOEVENTO=\"Manual\",$M14=$A$15)),0,\n         IF(OFFSET(CRONOPLE!$F$15,$M14-$A$15,CO$13)=0,10^12,OFFSET(CRONOPLE!$F$15,$M14-$A$15,CO$13)))","v":0},{"$f":"IF(OR($D14<>\"Serviço\",AND(AUTOEVENTO=\"Manual\",$M14=$A$15)),0,\n         IF(OFFSET(CRONOPLE!$F$15,$M14-$A$15,CP$13)=0,10^12,OFFSET(CRONOPLE!$F$15,$M14-$A$15,CP$13)))","v":0},{"$f":"IF(OR($D14<>\"Serviço\",AND(AUTOEVENTO=\"Manual\",$M14=$A$15)),0,\n         IF(OFFSET(CRONOPLE!$F$15,$M14-$A$15,CQ$13)=0,10^12,OFFSET(CRONOPLE!$F$15,$M14-$A$15,CQ$13)))","v":0},{"$f":"IF(OR($D14<>\"Serviço\",AND(AUTOEVENTO=\"Manual\",$M14=$A$15)),0,\n         IF(OFFSET(CRONOPLE!$F$15,$M14-$A$15,CR$13)=0,10^12,OFFSET(CRONOPLE!$F$15,$M14-$A$15,CR$13)))","v":0},null,{"$f":"IF(OR($D14<>\"Serviço\",AND(AUTOEVENTO=\"Manual\",$M14=$A$15),$M14>(ROW(PLE.lastrow)-ROW(PLE.firstrow))),0,\n           IF(OFFSET(PLE!$G$15,$M14-$A$15,CT$13)=\"\",10^12,OFFSET(PLE!$G$15,$M14-$A$15,CT$13)))","v":0},{"$f":"IF(OR($D14<>\"Serviço\",AND(AUTOEVENTO=\"Manual\",$M14=$A$15),$M14>(ROW(PLE.lastrow)-ROW(PLE.firstrow))),0,\n           IF(OFFSET(PLE!$G$15,$M14-$A$15,CU$13)=\"\",10^12,OFFSET(PLE!$G$15,$M14-$A$15,CU$13)))","v":0},{"$f":"IF(OR($D14<>\"Serviço\",AND(AUTOEVENTO=\"Manual\",$M14=$A$15),$M14>(ROW(PLE.lastrow)-ROW(PLE.firstrow))),0,\n           IF(OFFSET(PLE!$G$15,$M14-$A$15,CV$13)=\"\",10^12,OFFSET(PLE!$G$15,$M14-$A$15,CV$13)))","v":0},{"$f":"IF(OR($D14<>\"Serviço\",AND(AUTOEVENTO=\"Manual\",$M14=$A$15),$M14>(ROW(PLE.lastrow)-ROW(PLE.firstrow))),0,\n           IF(OFFSET(PLE!$G$15,$M14-$A$15,CW$13)=\"\",10^12,OFFSET(PLE!$G$15,$M14-$A$15,CW$13)))","v":0},{"$f":"IF(OR($D14<>\"Serviço\",AND(AUTOEVENTO=\"Manual\",$M14=$A$15),$M14>(ROW(PLE.lastrow)-ROW(PLE.firstrow))),0,\n           IF(OFFSET(PLE!$G$15,$M14-$A$15,CX$13)=\"\",10^12,OFFSET(PLE!$G$15,$M14-$A$15,CX$13)))","v":0},{"$f":"IF(OR($D14<>\"Serviço\",AND(AUTOEVENTO=\"Manual\",$M14=$A$15),$M14>(ROW(PLE.lastrow)-ROW(PLE.firstrow))),0,\n           IF(OFFSET(PLE!$G$15,$M14-$A$15,CY$13)=\"\",10^12,OFFSET(PLE!$G$15,$M14-$A$15,CY$13)))","v":0},{"$f":"IF(OR($D14<>\"Serviço\",AND(AUTOEVENTO=\"Manual\",$M14=$A$15),$M14>(ROW(PLE.lastrow)-ROW(PLE.firstrow))),0,\n           IF(OFFSET(PLE!$G$15,$M14-$A$15,CZ$13)=\"\",10^12,OFFSET(PLE!$G$15,$M14-$A$15,CZ$13)))","v":0},{"$f":"IF(OR($D14<>\"Serviço\",AND(AUTOEVENTO=\"Manual\",$M14=$A$15),$M14>(ROW(PLE.lastrow)-ROW(PLE.firstrow))),0,\n           IF(OFFSET(PLE!$G$15,$M14-$A$15,DA$13)=\"\",10^12,OFFSET(PLE!$G$15,$M14-$A$15,DA$13)))","v":0},{"$f":"IF(OR($D14<>\"Serviço\",AND(AUTOEVENTO=\"Manual\",$M14=$A$15),$M14>(ROW(PLE.lastrow)-ROW(PLE.firstrow))),0,\n           IF(OFFSET(PLE!$G$15,$M14-$A$15,DB$13)=\"\",10^12,OFFSET(PLE!$G$15,$M14-$A$15,DB$13)))","v":0},{"$f":"IF(OR($D14<>\"Serviço\",AND(AUTOEVENTO=\"Manual\",$M14=$A$15),$M14>(ROW(PLE.lastrow)-ROW(PLE.firstrow))),0,\n           IF(OFFSET(PLE!$G$15,$M14-$A$15,DC$13)=\"\",10^12,OFFSET(PLE!$G$15,$M14-$A$15,DC$13)))","v":0},{"$f":"IF(OR($D14<>\"Serviço\",AND(AUTOEVENTO=\"Manual\",$M14=$A$15),$M14>(ROW(PLE.lastrow)-ROW(PLE.firstrow))),0,\n           IF(OFFSET(PLE!$G$15,$M14-$A$15,DD$13)=\"\",10^12,OFFSET(PLE!$G$15,$M14-$A$15,DD$13)))","v":0},{"$f":"IF(OR($D14<>\"Serviço\",AND(AUTOEVENTO=\"Manual\",$M14=$A$15),$M14>(ROW(PLE.lastrow)-ROW(PLE.firstrow))),0,\n           IF(OFFSET(PLE!$G$15,$M14-$A$15,DE$13)=\"\",10^12,OFFSET(PLE!$G$15,$M14-$A$15,DE$13)))","v":0},{"$f":"IF(OR($D14<>\"Serviço\",AND(AUTOEVENTO=\"Manual\",$M14=$A$15),$M14>(ROW(PLE.lastrow)-ROW(PLE.firstrow))),0,\n           IF(OFFSET(PLE!$G$15,$M14-$A$15,DF$13)=\"\",10^12,OFFSET(PLE!$G$15,$M14-$A$15,DF$13)))","v":0},{"$f":"IF(OR($D14<>\"Serviço\",AND(AUTOEVENTO=\"Manual\",$M14=$A$15),$M14>(ROW(PLE.lastrow)-ROW(PLE.firstrow))),0,\n           IF(OFFSET(PLE!$G$15,$M14-$A$15,DG$13)=\"\",10^12,OFFSET(PLE!$G$15,$M14-$A$15,DG$13)))","v":0},{"$f":"IF(OR($D14<>\"Serviço\",AND(AUTOEVENTO=\"Manual\",$M14=$A$15),$M14>(ROW(PLE.lastrow)-ROW(PLE.firstrow))),0,\n           IF(OFFSET(PLE!$G$15,$M14-$A$15,DH$13)=\"\",10^12,OFFSET(PLE!$G$15,$M14-$A$15,DH$13)))","v":0},{"$f":"IF(OR($D14<>\"Serviço\",AND(AUTOEVENTO=\"Manual\",$M14=$A$15),$M14>(ROW(PLE.lastrow)-ROW(PLE.firstrow))),0,\n           IF(OFFSET(PLE!$G$15,$M14-$A$15,DI$13)=\"\",10^12,OFFSET(PLE!$G$15,$M14-$A$15,DI$13)))","v":0},{"$f":"IF(OR($D14<>\"Serviço\",AND(AUTOEVENTO=\"Manual\",$M14=$A$15),$M14>(ROW(PLE.lastrow)-ROW(PLE.firstrow))),0,\n           IF(OFFSET(PLE!$G$15,$M14-$A$15,DJ$13)=\"\",10^12,OFFSET(PLE!$G$15,$M14-$A$15,DJ$13)))","v":0},{"$f":"IF(OR($D14<>\"Serviço\",AND(AUTOEVENTO=\"Manual\",$M14=$A$15),$M14>(ROW(PLE.lastrow)-ROW(PLE.firstrow))),0,\n           IF(OFFSET(PLE!$G$15,$M14-$A$15,DK$13)=\"\",10^12,OFFSET(PLE!$G$15,$M14-$A$15,DK$13)))","v":0},{"$f":"IF(OR($D14<>\"Serviço\",AND(AUTOEVENTO=\"Manual\",$M14=$A$15),$M14>(ROW(PLE.lastrow)-ROW(PLE.firstrow))),0,\n           IF(OFFSET(PLE!$G$15,$M14-$A$15,DL$13)=\"\",10^12,OFFSET(PLE!$G$15,$M14-$A$15,DL$13)))","v":0},{"$f":"IF(OR($D14<>\"Serviço\",AND(AUTOEVENTO=\"Manual\",$M14=$A$15),$M14>(ROW(PLE.lastrow)-ROW(PLE.firstrow))),0,\n           IF(OFFSET(PLE!$G$15,$M14-$A$15,DM$13)=\"\",10^12,OFFSET(PLE!$G$15,$M14-$A$15,DM$13)))","v":0},{"$f":"IF(OR($D14<>\"Serviço\",AND(AUTOEVENTO=\"Manual\",$M14=$A$15),$M14>(ROW(PLE.lastrow)-ROW(PLE.firstrow))),0,\n           IF(OFFSET(PLE!$G$15,$M14-$A$15,DN$13)=\"\",10^12,OFFSET(PLE!$G$15,$M14-$A$15,DN$13)))","v":0},{"$f":"IF(OR($D14<>\"Serviço\",AND(AUTOEVENTO=\"Manual\",$M14=$A$15),$M14>(ROW(PLE.lastrow)-ROW(PLE.firstrow))),0,\n           IF(OFFSET(PLE!$G$15,$M14-$A$15,DO$13)=\"\",10^12,OFFSET(PLE!$G$15,$M14-$A$15,DO$13)))","v":0},{"$f":"IF(OR($D14<>\"Serviço\",AND(AUTOEVENTO=\"Manual\",$M14=$A$15),$M14>(ROW(PLE.lastrow)-ROW(PLE.firstrow))),0,\n           IF(OFFSET(PLE!$G$15,$M14-$A$15,DP$13)=\"\",10^12,OFFSET(PLE!$G$15,$M14-$A$15,DP$13)))","v":0},{"$f":"IF(OR($D14<>\"Serviço\",AND(AUTOEVENTO=\"Manual\",$M14=$A$15),$M14>(ROW(PLE.lastrow)-ROW(PLE.firstrow))),0,\n           IF(OFFSET(PLE!$G$15,$M14-$A$15,DQ$13)=\"\",10^12,OFFSET(PLE!$G$15,$M14-$A$15,DQ$13)))","v":0},{"$f":"IF(OR($D14<>\"Serviço\",AND(AUTOEVENTO=\"Manual\",$M14=$A$15),$M14>(ROW(PLE.lastrow)-ROW(PLE.firstrow))),0,\n           IF(OFFSET(PLE!$G$15,$M14-$A$15,DR$13)=\"\",10^12,OFFSET(PLE!$G$15,$M14-$A$15,DR$13)))","v":0},{"$f":"IF(OR($D14<>\"Serviço\",AND(AUTOEVENTO=\"Manual\",$M14=$A$15),$M14>(ROW(PLE.lastrow)-ROW(PLE.firstrow))),0,\n           IF(OFFSET(PLE!$G$15,$M14-$A$15,DS$13)=\"\",10^12,OFFSET(PLE!$G$15,$M14-$A$15,DS$13)))","v":0}]
[{"$f":"IF(AdmLocal=\"Automática\",1,0)","v":0},{"$f":"OFFSET(ORÇAMENTO!C$15,ROW(B15)-ROW(B$15),0)","v":"L"},{"$f":"OFFSET(ORÇAMENTO!L$15,ROW(C15)-ROW(C$15),0)","v":"F"},{"$f":"IF(TIPOORCAMENTO=\"LICITADO\",\"CTEF\",\"LOTE\")","v":"LOTE"},{"$f":"Import.DescLote","v":"FNHIS SUB-50"},null,null,null,null,null,null,0,0,"TOTAL FINANC. POR FRENTE (R$):",{"$f":"OFFSET($AQ$15,0,O$13)","v":{"$error":"#VALUE!"}},null,{"$f":"OFFSET($AQ$15,0,Q$13)","v":140654.97},140654.97000000009,140654.97000000009,140654.97000000009,140654.97000000009,0,0,0,0,0,0,0,0,0,0,0,0,0,0,0,0,0,0,0,0,0,null,{"$f":"ROUND(SUM(OFFSET(AR$15,1,0):AR$237),2)","v":140654.97},{"$f":"SUM(OFFSET(AS$15,1,0):AS$237)","v":140654.97000000009},{"$f":"SUM(OFFSET(AT$15,1,0):AT$237)","v":140654.97000000009},{"$f":"SUM(OFFSET(AU$15,1,0):AU$237)","v":140654.97000000009},{"$f":"SUM(OFFSET(AV$15,1,0):AV$237)","v":140654.97000000009},{"$f":"SUM(OFFSET(AW$15,1,0):AW$237)","v":0},{"$f":"SUM(OFFSET(AX$15,1,0):AX$237)","v":0},{"$f":"SUM(OFFSET(AY$15,1,0):AY$237)","v":0},{"$f":"SUM(OFFSET(AZ$15,1,0):AZ$237)","v":0},{"$f":"SUM(OFFSET(BA$15,1,0):BA$237)","v":0},{"$f":"SUM(OFFSET(BB$15,1,0):BB$237)","v":0},{"$f":"SUM(OFFSET(BC$15,1,0):BC$237)","v":0},{"$f":"SUM(OFFSET(BD$15,1,0):BD$237)","v":0},{"$f":"SUM(OFFSET(BE$15,1,0):BE$237)","v":0},{"$f":"SUM(OFFSET(BF$15,1,0):BF$237)","v":0},{"$f":"SUM(OFFSET(BG$15,1,0):BG$237)","v":0},{"$f":"SUM(OFFSET(BH$15,1,0):BH$237)","v":0},{"$f":"SUM(OFFSET(BI$15,1,0):BI$237)","v":0},{"$f":"SUM(OFFSET(BJ$15,1,0):BJ$237)","v":0},{"$f":"SUM(OFFSET(BK$15,1,0):BK$237)","v":0},{"$f":"SUM(OFFSET(BL$15,1,0):BL$237)","v":0},{"$f":"SUM(OFFSET(BM$15,1,0):BM$237)","v":0},{"$f":"SUM(OFFSET(BN$15,1,0):BN$237)","v":0},{"$f":"SUM(OFFSET(BO$15,1,0):BO$237)","v":0},{"$f":"SUM(OFFSET(BP$15,1,0):BP$237)","v":0},{"$f":"SUM(OFFSET(BQ$15,1,0):BQ$237)","v":0},null,{"$f":"10^12","v":1000000000000},{"$f":"10^12","v":1000000000000},1000000000000,1000000000000,1000000000000,1000000000000,1000000000000,1000000000000,1000000000000,1000000000000,1000000000000,1000000000000,1000000000000,1000000000000,1000000000000,1000000000000,1000000000000,1000000000000,1000000000000,1000000000000,1000000000000,1000000000000,1000000000000,1000000000000,1000000000000,1000000000000,null,{"$f":"10^12","v":1000000000000},1000000000000,1000000000000,1000000000000,1000000000000,1000000000000,1000000000000,1000000000000,1000000000000,1000000000000,1000000000000,1000000000000,1000000000000,1000000000000,1000000000000,1000000000000,1000000000000,1000000000000,1000000000000,1000000000000,1000000000000,1000000000000,1000000000000,1000000000000,1000000000000,1000000000000]
[{"$f":"IFERROR(IF(AUTOEVENTO=\"Manual\",IF(K16<>\"\",MIN(VALUE(LEFT(K16,FIND(\".\",K16)-1)),COUNTA(EVENTOS.Lista)),0),IF(OR($B16>AUTOEVENTO,$B16=\"S\",$B16=0),SUBSTITUTE(OFFSET($A16,-1,0),IF($D16=\"Serviço\",\".\",\"\"),\"\"),$L16&\".\")),0)","v":"1."},{"$f":"OFFSET(ORÇAMENTO!C$15,$L16,0)","v":1},{"$f":"OFFSET(ORÇAMENTO!L$15,$L16,0)","v":"F"},{"$f":"OFFSET(ORÇAMENTO!N$15,$L16,0)","v":"Meta"},{"$f":"OFFSET(ORÇAMENTO!O$15,$L16,0)","v":"1."},{"$f":"OFFSET(ORÇAMENTO!R$15,$L16,0)","v":"CONSTRUÇÃO DE HABITAÇÃO DE INTERESSE SOCIAL - HIS - PADRÃO POPULAR               "},{"$f":"IF($D16<>\"Serviço\",\"\",OFFSET(ORÇAMENTO!S$15,$L16,0))","v":""},{"$f":"IF($D16<>\"Serviço\",0,IF(ACOMPANHAMENTO=\"BM\",ROUND(OFFSET(ORÇAMENTO!AJ$15,$L16,0),15-13*ORÇAMENTO!$AF$7),IF(IFERROR(CÁLCULO.FrentesPreenchidas,0)=0,0,SUM(ROUND(OFFSET($P16,0,1,1,CÁLCULO.FrentesPreenchidas),15-13*ORÇAMENTO!$AF$7)))))","v":0},null,{"$f":"IF(OR(B16<>\"S\",CÁLCULO.FrentesPreenchidas=0),\"\",IF(AND(ACOMPANHAMENTO=\"PLE\",AUTOEVENTO=\"Manual\",OR(H16>0,ORÇAMENTO!AC16=\"QUANT.\"),OR(K16=\"\",M16=0,N16=\"\")),\"►E\",IF(AND(ACOMPANHAMENTO=\"PLE\",ORÇAMENTO!AC16=\"QUANT.\"),\"►Q\",IF(AND(ACOMPANHAMENTO=\"PLE\",H16<>SUMPRODUCT(($Q$1:$AQ$1=1)*ROUND(Q16:AQ16,15))),\"►S\",IF(AND(COUNTIF($P$11:$AQ$11,\"▼\")=0,H16>0,I16=\"\"),\"◄M\",\"\")))))","v":""},null,{"$f":"OFFSET(L16,-1,0)+1","v":1},{"$f":"IF($D16<>\"Serviço\",\"\",\n          IF(AUTOEVENTO=\"manual\",$A16,\n                IF(ISERROR(MATCH($A16,$A$15:OFFSET($A16,-1,0),0)),MAX($M$15:OFFSET(M16,-1,0))+1,\n                      INDEX($M$15:OFFSET(M16,-1,0),MATCH($A16,$A$15:OFFSET($A16,-1,0),0)))))","v":""},{"$f":"IF($D16<>\"Serviço\",\"\",\n         IF(AUTOEVENTO=\"Manual\",\n                IF($A16=0,\"<-- defina o número do agrupador\",\n                       OFFSET(EVENTOS!$D$15,$A16-$A$15,0)),\n                OFFSET($F$15,$A16,0)))","v":""},null,null,null,null,null,null,null,null,null,null,null,null,null,null,null,null,null,null,null,null,null,null,null,null,null,null,null,null,null,{"$f":"IF(AND($D16=\"Serviço\",AR$12<>0,$H16>0,OR(AUTOEVENTO<>\"manual\",$M16<>$A$15)),\n        IF(Import.TipoArredondamento<>\"TransfereGOV\",\n              ROUND(OFFSET($P16,0,AR$13),15-13*ORÇAMENTO!$AF$7)/$H16*OFFSET(ORÇAMENTO!$X$15,ROW(AR16)-ROW(AR$15),0),\n              ROUND(ROUND(OFFSET($P16,0,AR$13),15-13*ORÇAMENTO!$AF$7)*OFFSET(ORÇAMENTO!$W$15,ROW(AR16)-ROW(AR$15),0),15-13*ORÇAMENTO!$AF$11)),\n         0)","v":0},{"$f":"IF(AND($D16=\"Serviço\",AS$12<>0,$H16>0,OR(AUTOEVENTO<>\"manual\",$M16<>$A$15)),\n        IF(Import.TipoArredondamento<>\"TransfereGOV\",\n              ROUND(OFFSET($P16,0,AS$13),15-13*ORÇAMENTO!$AF$7)/$H16*OFFSET(ORÇAMENTO!$X$15,ROW(AS16)-ROW(AS$15),0),\n              ROUND(ROUND(OFFSET($P16,0,AS$13),15-13*ORÇAMENTO!$AF$7)*OFFSET(ORÇAMENTO!$W$15,ROW(AS16)-ROW(AS$15),0),15-13*ORÇAMENTO!$AF$11)),\n         0)","v":0},{"$f":"IF(AND($D16=\"Serviço\",AT$12<>0,$H16>0,OR(AUTOEVENTO<>\"manual\",$M16<>$A$15)),\n        IF(Import.TipoArredondamento<>\"TransfereGOV\",\n              ROUND(OFFSET($P16,0,AT$13),15-13*ORÇAMENTO!$AF$7)/$H16*OFFSET(ORÇAMENTO!$X$15,ROW(AT16)-ROW(AT$15),0),\n              ROUND(ROUND(OFFSET($P16,0,AT$13),15-13*ORÇAMENTO!$AF$7)*OFFSET(ORÇAMENTO!$W$15,ROW(AT16)-ROW(AT$15),0),15-13*ORÇAMENTO!$AF$11)),\n         0)","v":0},{"$f":"IF(AND($D16=\"Serviço\",AU$12<>0,$H16>0,OR(AUTOEVENTO<>\"manual\",$M16<>$A$15)),\n        IF(Import.TipoArredondamento<>\"TransfereGOV\",\n              ROUND(OFFSET($P16,0,AU$13),15-13*ORÇAMENTO!$AF$7)/$H16*OFFSET(ORÇAMENTO!$X$15,ROW(AU16)-ROW(AU$15),0),\n              ROUND(ROUND(OFFSET($P16,0,AU$13),15-13*ORÇAMENTO!$AF$7)*OFFSET(ORÇAMENTO!$W$15,ROW(AU16)-ROW(AU$15),0),15-13*ORÇAMENTO!$AF$11)),\n         0)","v":0},{"$f":"IF(AND($D16=\"Serviço\",AV$12<>0,$H16>0,OR(AUTOEVENTO<>\"manual\",$M16<>$A$15)),\n        IF(Import.TipoArredondamento<>\"TransfereGOV\",\n              ROUND(OFFSET($P16,0,AV$13),15-13*ORÇAMENTO!$AF$7)/$H16*OFFSET(ORÇAMENTO!$X$15,ROW(AV16)-ROW(AV$15),0),\n              ROUND(ROUND(OFFSET($P16,0,AV$13),15-13*ORÇAMENTO!$AF$7)*OFFSET(ORÇAMENTO!$W$15,ROW(AV16)-ROW(AV$15),0),15-13*ORÇAMENTO!$AF$11)),\n         0)","v":0},{"$f":"IF(AND($D16=\"Serviço\",AW$12<>0,$H16>0,OR(AUTOEVENTO<>\"manual\",$M16<>$A$15)),\n        IF(Import.TipoArredondamento<>\"TransfereGOV\",\n              ROUND(OFFSET($P16,0,AW$13),15-13*ORÇAMENTO!$AF$7)/$H16*OFFSET(ORÇAMENTO!$X$15,ROW(AW16)-ROW(AW$15),0),\n              ROUND(ROUND(OFFSET($P16,0,AW$13),15-13*ORÇAMENTO!$AF$7)*OFFSET(ORÇAMENTO!$W$15,ROW(AW16)-ROW(AW$15),0),15-13*ORÇAMENTO!$AF$11)),\n         0)","v":0},{"$f":"IF(AND($D16=\"Serviço\",AX$12<>0,$H16>0,OR(AUTOEVENTO<>\"manual\",$M16<>$A$15)),\n        IF(Import.TipoArredondamento<>\"TransfereGOV\",\n              ROUND(OFFSET($P16,0,AX$13),15-13*ORÇAMENTO!$AF$7)/$H16*OFFSET(ORÇAMENTO!$X$15,ROW(AX16)-ROW(AX$15),0),\n              ROUND(ROUND(OFFSET($P16,0,AX$13),15-13*ORÇAMENTO!$AF$7)*OFFSET(ORÇAMENTO!$W$15,ROW(AX16)-ROW(AX$15),0),15-13*ORÇAMENTO!$AF$11)),\n         0)","v":0},{"$f":"IF(AND($D16=\"Serviço\",AY$12<>0,$H16>0,OR(AUTOEVENTO<>\"manual\",$M16<>$A$15)),\n        IF(Import.TipoArredondamento<>\"TransfereGOV\",\n              ROUND(OFFSET($P16,0,AY$13),15-13*ORÇAMENTO!$AF$7)/$H16*OFFSET(ORÇAMENTO!$X$15,ROW(AY16)-ROW(AY$15),0),\n              ROUND(ROUND(OFFSET($P16,0,AY$13),15-13*ORÇAMENTO!$AF$7)*OFFSET(ORÇAMENTO!$W$15,ROW(AY16)-ROW(AY$15),0),15-13*ORÇAMENTO!$AF$11)),\n         0)","v":0},{"$f":"IF(AND($D16=\"Serviço\",AZ$12<>0,$H16>0,OR(AUTOEVENTO<>\"manual\",$M16<>$A$15)),\n        IF(Import.TipoArredondamento<>\"TransfereGOV\",\n              ROUND(OFFSET($P16,0,AZ$13),15-13*ORÇAMENTO!$AF$7)/$H16*OFFSET(ORÇAMENTO!$X$15,ROW(AZ16)-ROW(AZ$15),0),\n              ROUND(ROUND(OFFSET($P16,0,AZ$13),15-13*ORÇAMENTO!$AF$7)*OFFSET(ORÇAMENTO!$W$15,ROW(AZ16)-ROW(AZ$15),0),15-13*ORÇAMENTO!$AF$11)),\n         0)","v":0},{"$f":"IF(AND($D16=\"Serviço\",BA$12<>0,$H16>0,OR(AUTOEVENTO<>\"manual\",$M16<>$A$15)),\n        IF(Import.TipoArredondamento<>\"TransfereGOV\",\n              ROUND(OFFSET($P16,0,BA$13),15-13*ORÇAMENTO!$AF$7)/$H16*OFFSET(ORÇAMENTO!$X$15,ROW(BA16)-ROW(BA$15),0),\n              ROUND(ROUND(OFFSET($P16,0,BA$13),15-13*ORÇAMENTO!$AF$7)*OFFSET(ORÇAMENTO!$W$15,ROW(BA16)-ROW(BA$15),0),15-13*ORÇAMENTO!$AF$11)),\n         0)","v":0},{"$f":"IF(AND($D16=\"Serviço\",BB$12<>0,$H16>0,OR(AUTOEVENTO<>\"manual\",$M16<>$A$15)),\n        IF(Import.TipoArredondamento<>\"TransfereGOV\",\n              ROUND(OFFSET($P16,0,BB$13),15-13*ORÇAMENTO!$AF$7)/$H16*OFFSET(ORÇAMENTO!$X$15,ROW(BB16)-ROW(BB$15),0),\n              ROUND(ROUND(OFFSET($P16,0,BB$13),15-13*ORÇAMENTO!$AF$7)*OFFSET(ORÇAMENTO!$W$15,ROW(BB16)-ROW(BB$15),0),15-13*ORÇAMENTO!$AF$11)),\n         0)","v":0},{"$f":"IF(AND($D16=\"Serviço\",BC$12<>0,$H16>0,OR(AUTOEVENTO<>\"manual\",$M16<>$A$15)),\n        IF(Import.TipoArredondamento<>\"TransfereGOV\",\n              ROUND(OFFSET($P16,0,BC$13),15-13*ORÇAMENTO!$AF$7)/$H16*OFFSET(ORÇAMENTO!$X$15,ROW(BC16)-ROW(BC$15),0),\n              ROUND(ROUND(OFFSET($P16,0,BC$13),15-13*ORÇAMENTO!$AF$7)*OFFSET(ORÇAMENTO!$W$15,ROW(BC16)-ROW(BC$15),0),15-13*ORÇAMENTO!$AF$11)),\n         0)","v":0},{"$f":"IF(AND($D16=\"Serviço\",BD$12<>0,$H16>0,OR(AUTOEVENTO<>\"manual\",$M16<>$A$15)),\n        IF(Import.TipoArredondamento<>\"TransfereGOV\",\n              ROUND(OFFSET($P16,0,BD$13),15-13*ORÇAMENTO!$AF$7)/$H16*OFFSET(ORÇAMENTO!$X$15,ROW(BD16)-ROW(BD$15),0),\n              ROUND(ROUND(OFFSET($P16,0,BD$13),15-13*ORÇAMENTO!$AF$7)*OFFSET(ORÇAMENTO!$W$15,ROW(BD16)-ROW(BD$15),0),15-13*ORÇAMENTO!$AF$11)),\n         0)","v":0},{"$f":"IF(AND($D16=\"Serviço\",BE$12<>0,$H16>0,OR(AUTOEVENTO<>\"manual\",$M16<>$A$15)),\n        IF(Import.TipoArredondamento<>\"TransfereGOV\",\n              ROUND(OFFSET($P16,0,BE$13),15-13*ORÇAMENTO!$AF$7)/$H16*OFFSET(ORÇAMENTO!$X$15,ROW(BE16)-ROW(BE$15),0),\n              ROUND(ROUND(OFFSET($P16,0,BE$13),15-13*ORÇAMENTO!$AF$7)*OFFSET(ORÇAMENTO!$W$15,ROW(BE16)-ROW(BE$15),0),15-13*ORÇAMENTO!$AF$11)),\n         0)","v":0},{"$f":"IF(AND($D16=\"Serviço\",BF$12<>0,$H16>0,OR(AUTOEVENTO<>\"manual\",$M16<>$A$15)),\n        IF(Import.TipoArredondamento<>\"TransfereGOV\",\n              ROUND(OFFSET($P16,0,BF$13),15-13*ORÇAMENTO!$AF$7)/$H16*OFFSET(ORÇAMENTO!$X$15,ROW(BF16)-ROW(BF$15),0),\n              ROUND(ROUND(OFFSET($P16,0,BF$13),15-13*ORÇAMENTO!$AF$7)*OFFSET(ORÇAMENTO!$W$15,ROW(BF16)-ROW(BF$15),0),15-13*ORÇAMENTO!$AF$11)),\n         0)","v":0},{"$f":"IF(AND($D16=\"Serviço\",BG$12<>0,$H16>0,OR(AUTOEVENTO<>\"manual\",$M16<>$A$15)),\n        IF(Import.TipoArredondamento<>\"TransfereGOV\",\n              ROUND(OFFSET($P16,0,BG$13),15-13*ORÇAMENTO!$AF$7)/$H16*OFFSET(ORÇAMENTO!$X$15,ROW(BG16)-ROW(BG$15),0),\n              ROUND(ROUND(OFFSET($P16,0,BG$13),15-13*ORÇAMENTO!$AF$7)*OFFSET(ORÇAMENTO!$W$15,ROW(BG16)-ROW(BG$15),0),15-13*ORÇAMENTO!$AF$11)),\n         0)","v":0},{"$f":"IF(AND($D16=\"Serviço\",BH$12<>0,$H16>0,OR(AUTOEVENTO<>\"manual\",$M16<>$A$15)),\n        IF(Import.TipoArredondamento<>\"TransfereGOV\",\n              ROUND(OFFSET($P16,0,BH$13),15-13*ORÇAMENTO!$AF$7)/$H16*OFFSET(ORÇAMENTO!$X$15,ROW(BH16)-ROW(BH$15),0),\n              ROUND(ROUND(OFFSET($P16,0,BH$13),15-13*ORÇAMENTO!$AF$7)*OFFSET(ORÇAMENTO!$W$15,ROW(BH16)-ROW(BH$15),0),15-13*ORÇAMENTO!$AF$11)),\n         0)","v":0},{"$f":"IF(AND($D16=\"Serviço\",BI$12<>0,$H16>0,OR(AUTOEVENTO<>\"manual\",$M16<>$A$15)),\n        IF(Import.TipoArredondamento<>\"TransfereGOV\",\n              ROUND(OFFSET($P16,0,BI$13),15-13*ORÇAMENTO!$AF$7)/$H16*OFFSET(ORÇAMENTO!$X$15,ROW(BI16)-ROW(BI$15),0),\n              ROUND(ROUND(OFFSET($P16,0,BI$13),15-13*ORÇAMENTO!$AF$7)*OFFSET(ORÇAMENTO!$W$15,ROW(BI16)-ROW(BI$15),0),15-13*ORÇAMENTO!$AF$11)),\n         0)","v":0},{"$f":"IF(AND($D16=\"Serviço\",BJ$12<>0,$H16>0,OR(AUTOEVENTO<>\"manual\",$M16<>$A$15)),\n        IF(Import.TipoArredondamento<>\"TransfereGOV\",\n              ROUND(OFFSET($P16,0,BJ$13),15-13*ORÇAMENTO!$AF$7)/$H16*OFFSET(ORÇAMENTO!$X$15,ROW(BJ16)-ROW(BJ$15),0),\n              ROUND(ROUND(OFFSET($P16,0,BJ$13),15-13*ORÇAMENTO!$AF$7)*OFFSET(ORÇAMENTO!$W$15,ROW(BJ16)-ROW(BJ$15),0),15-13*ORÇAMENTO!$AF$11)),\n         0)","v":0},{"$f":"IF(AND($D16=\"Serviço\",BK$12<>0,$H16>0,OR(AUTOEVENTO<>\"manual\",$M16<>$A$15)),\n        IF(Import.TipoArredondamento<>\"TransfereGOV\",\n              ROUND(OFFSET($P16,0,BK$13),15-13*ORÇAMENTO!$AF$7)/$H16*OFFSET(ORÇAMENTO!$X$15,ROW(BK16)-ROW(BK$15),0),\n              ROUND(ROUND(OFFSET($P16,0,BK$13),15-13*ORÇAMENTO!$AF$7)*OFFSET(ORÇAMENTO!$W$15,ROW(BK16)-ROW(BK$15),0),15-13*ORÇAMENTO!$AF$11)),\n         0)","v":0},{"$f":"IF(AND($D16=\"Serviço\",BL$12<>0,$H16>0,OR(AUTOEVENTO<>\"manual\",$M16<>$A$15)),\n        IF(Import.TipoArredondamento<>\"TransfereGOV\",\n              ROUND(OFFSET($P16,0,BL$13),15-13*ORÇAMENTO!$AF$7)/$H16*OFFSET(ORÇAMENTO!$X$15,ROW(BL16)-ROW(BL$15),0),\n              ROUND(ROUND(OFFSET($P16,0,BL$13),15-13*ORÇAMENTO!$AF$7)*OFFSET(ORÇAMENTO!$W$15,ROW(BL16)-ROW(BL$15),0),15-13*ORÇAMENTO!$AF$11)),\n         0)","v":0},{"$f":"IF(AND($D16=\"Serviço\",BM$12<>0,$H16>0,OR(AUTOEVENTO<>\"manual\",$M16<>$A$15)),\n        IF(Import.TipoArredondamento<>\"TransfereGOV\",\n              ROUND(OFFSET($P16,0,BM$13),15-13*ORÇAMENTO!$AF$7)/$H16*OFFSET(ORÇAMENTO!$X$15,ROW(BM16)-ROW(BM$15),0),\n              ROUND(ROUND(OFFSET($P16,0,BM$13),15-13*ORÇAMENTO!$AF$7)*OFFSET(ORÇAMENTO!$W$15,ROW(BM16)-ROW(BM$15),0),15-13*ORÇAMENTO!$AF$11)),\n         0)","v":0},{"$f":"IF(AND($D16=\"Serviço\",BN$12<>0,$H16>0,OR(AUTOEVENTO<>\"manual\",$M16<>$A$15)),\n        IF(Import.TipoArredondamento<>\"TransfereGOV\",\n              ROUND(OFFSET($P16,0,BN$13),15-13*ORÇAMENTO!$AF$7)/$H16*OFFSET(ORÇAMENTO!$X$15,ROW(BN16)-ROW(BN$15),0),\n              ROUND(ROUND(OFFSET($P16,0,BN$13),15-13*ORÇAMENTO!$AF$7)*OFFSET(ORÇAMENTO!$W$15,ROW(BN16)-ROW(BN$15),0),15-13*ORÇAMENTO!$AF$11)),\n         0)","v":0},{"$f":"IF(AND($D16=\"Serviço\",BO$12<>0,$H16>0,OR(AUTOEVENTO<>\"manual\",$M16<>$A$15)),\n        IF(Import.TipoArredondamento<>\"TransfereGOV\",\n              ROUND(OFFSET($P16,0,BO$13),15-13*ORÇAMENTO!$AF$7)/$H16*OFFSET(ORÇAMENTO!$X$15,ROW(BO16)-ROW(BO$15),0),\n              ROUND(ROUND(OFFSET($P16,0,BO$13),15-13*ORÇAMENTO!$AF$7)*OFFSET(ORÇAMENTO!$W$15,ROW(BO16)-ROW(BO$15),0),15-13*ORÇAMENTO!$AF$11)),\n         0)","v":0},{"$f":"IF(AND($D16=\"Serviço\",BP$12<>0,$H16>0,OR(AUTOEVENTO<>\"manual\",$M16<>$A$15)),\n        IF(Import.TipoArredondamento<>\"TransfereGOV\",\n              ROUND(OFFSET($P16,0,BP$13),15-13*ORÇAMENTO!$AF$7)/$H16*OFFSET(ORÇAMENTO!$X$15,ROW(BP16)-ROW(BP$15),0),\n              ROUND(ROUND(OFFSET($P16,0,BP$13),15-13*ORÇAMENTO!$AF$7)*OFFSET(ORÇAMENTO!$W$15,ROW(BP16)-ROW(BP$15),0),15-13*ORÇAMENTO!$AF$11)),\n         0)","v":0},{"$f":"IF(AND($D16=\"Serviço\",BQ$12<>0,$H16>0,OR(AUTOEVENTO<>\"manual\",$M16<>$A$15)),\n        IF(Import.TipoArredondamento<>\"TransfereGOV\",\n              ROUND(OFFSET($P16,0,BQ$13),15-13*ORÇAMENTO!$AF$7)/$H16*OFFSET(ORÇAMENTO!$X$15,ROW(BQ16)-ROW(BQ$15),0),\n              ROUND(ROUND(OFFSET($P16,0,BQ$13),15-13*ORÇAMENTO!$AF$7)*OFFSET(ORÇAMENTO!$W$15,ROW(BQ16)-ROW(BQ$15),0),15-13*ORÇAMENTO!$AF$11)),\n         0)","v":0},null,{"$f":"IF(OR($D16<>\"Serviço\",AND(AUTOEVENTO=\"Manual\",$M16=$A$15)),0,\n         IF(OFFSET(CRONOPLE!$F$15,$M16-$A$15,BS$13)=0,10^12,OFFSET(CRONOPLE!$F$15,$M16-$A$15,BS$13)))","v":0},{"$f":"IF(OR($D16<>\"Serviço\",AND(AUTOEVENTO=\"Manual\",$M16=$A$15)),0,\n         IF(OFFSET(CRONOPLE!$F$15,$M16-$A$15,BT$13)=0,10^12,OFFSET(CRONOPLE!$F$15,$M16-$A$15,BT$13)))","v":0},{"$f":"IF(OR($D16<>\"Serviço\",AND(AUTOEVENTO=\"Manual\",$M16=$A$15)),0,\n         IF(OFFSET(CRONOPLE!$F$15,$M16-$A$15,BU$13)=0,10^12,OFFSET(CRONOPLE!$F$15,$M16-$A$15,BU$13)))","v":0},{"$f":"IF(OR($D16<>\"Serviço\",AND(AUTOEVENTO=\"Manual\",$M16=$A$15)),0,\n         IF(OFFSET(CRONOPLE!$F$15,$M16-$A$15,BV$13)=0,10^12,OFFSET(CRONOPLE!$F$15,$M16-$A$15,BV$13)))","v":0},{"$f":"IF(OR($D16<>\"Serviço\",AND(AUTOEVENTO=\"Manual\",$M16=$A$15)),0,\n         IF(OFFSET(CRONOPLE!$F$15,$M16-$A$15,BW$13)=0,10^12,OFFSET(CRONOPLE!$F$15,$M16-$A$15,BW$13)))","v":0},{"$f":"IF(OR($D16<>\"Serviço\",AND(AUTOEVENTO=\"Manual\",$M16=$A$15)),0,\n         IF(OFFSET(CRONOPLE!$F$15,$M16-$A$15,BX$13)=0,10^12,OFFSET(CRONOPLE!$F$15,$M16-$A$15,BX$13)))","v":0},{"$f":"IF(OR($D16<>\"Serviço\",AND(AUTOEVENTO=\"Manual\",$M16=$A$15)),0,\n         IF(OFFSET(CRONOPLE!$F$15,$M16-$A$15,BY$13)=0,10^12,OFFSET(CRONOPLE!$F$15,$M16-$A$15,BY$13)))","v":0},{"$f":"IF(OR($D16<>\"Serviço\",AND(AUTOEVENTO=\"Manual\",$M16=$A$15)),0,\n         IF(OFFSET(CRONOPLE!$F$15,$M16-$A$15,BZ$13)=0,10^12,OFFSET(CRONOPLE!$F$15,$M16-$A$15,BZ$13)))","v":0},{"$f":"IF(OR($D16<>\"Serviço\",AND(AUTOEVENTO=\"Manual\",$M16=$A$15)),0,\n         IF(OFFSET(CRONOPLE!$F$15,$M16-$A$15,CA$13)=0,10^12,OFFSET(CRONOPLE!$F$15,$M16-$A$15,CA$13)))","v":0},{"$f":"IF(OR($D16<>\"Serviço\",AND(AUTOEVENTO=\"Manual\",$M16=$A$15)),0,\n         IF(OFFSET(CRONOPLE!$F$15,$M16-$A$15,CB$13)=0,10^12,OFFSET(CRONOPLE!$F$15,$M16-$A$15,CB$13)))","v":0},{"$f":"IF(OR($D16<>\"Serviço\",AND(AUTOEVENTO=\"Manual\",$M16=$A$15)),0,\n         IF(OFFSET(CRONOPLE!$F$15,$M16-$A$15,CC$13)=0,10^12,OFFSET(CRONOPLE!$F$15,$M16-$A$15,CC$13)))","v":0},{"$f":"IF(OR($D16<>\"Serviço\",AND(AUTOEVENTO=\"Manual\",$M16=$A$15)),0,\n         IF(OFFSET(CRONOPLE!$F$15,$M16-$A$15,CD$13)=0,10^12,OFFSET(CRONOPLE!$F$15,$M16-$A$15,CD$13)))","v":0},{"$f":"IF(OR($D16<>\"Serviço\",AND(AUTOEVENTO=\"Manual\",$M16=$A$15)),0,\n         IF(OFFSET(CRONOPLE!$F$15,$M16-$A$15,CE$13)=0,10^12,OFFSET(CRONOPLE!$F$15,$M16-$A$15,CE$13)))","v":0},{"$f":"IF(OR($D16<>\"Serviço\",AND(AUTOEVENTO=\"Manual\",$M16=$A$15)),0,\n         IF(OFFSET(CRONOPLE!$F$15,$M16-$A$15,CF$13)=0,10^12,OFFSET(CRONOPLE!$F$15,$M16-$A$15,CF$13)))","v":0},{"$f":"IF(OR($D16<>\"Serviço\",AND(AUTOEVENTO=\"Manual\",$M16=$A$15)),0,\n         IF(OFFSET(CRONOPLE!$F$15,$M16-$A$15,CG$13)=0,10^12,OFFSET(CRONOPLE!$F$15,$M16-$A$15,CG$13)))","v":0},{"$f":"IF(OR($D16<>\"Serviço\",AND(AUTOEVENTO=\"Manual\",$M16=$A$15)),0,\n         IF(OFFSET(CRONOPLE!$F$15,$M16-$A$15,CH$13)=0,10^12,OFFSET(CRONOPLE!$F$15,$M16-$A$15,CH$13)))","v":0},{"$f":"IF(OR($D16<>\"Serviço\",AND(AUTOEVENTO=\"Manual\",$M16=$A$15)),0,\n         IF(OFFSET(CRONOPLE!$F$15,$M16-$A$15,CI$13)=0,10^12,OFFSET(CRONOPLE!$F$15,$M16-$A$15,CI$13)))","v":0},{"$f":"IF(OR($D16<>\"Serviço\",AND(AUTOEVENTO=\"Manual\",$M16=$A$15)),0,\n         IF(OFFSET(CRONOPLE!$F$15,$M16-$A$15,CJ$13)=0,10^12,OFFSET(CRONOPLE!$F$15,$M16-$A$15,CJ$13)))","v":0},{"$f":"IF(OR($D16<>\"Serviço\",AND(AUTOEVENTO=\"Manual\",$M16=$A$15)),0,\n         IF(OFFSET(CRONOPLE!$F$15,$M16-$A$15,CK$13)=0,10^12,OFFSET(CRONOPLE!$F$15,$M16-$A$15,CK$13)))","v":0},{"$f":"IF(OR($D16<>\"Serviço\",AND(AUTOEVENTO=\"Manual\",$M16=$A$15)),0,\n         IF(OFFSET(CRONOPLE!$F$15,$M16-$A$15,CL$13)=0,10^12,OFFSET(CRONOPLE!$F$15,$M16-$A$15,CL$13)))","v":0},{"$f":"IF(OR($D16<>\"Serviço\",AND(AUTOEVENTO=\"Manual\",$M16=$A$15)),0,\n         IF(OFFSET(CRONOPLE!$F$15,$M16-$A$15,CM$13)=0,10^12,OFFSET(CRONOPLE!$F$15,$M16-$A$15,CM$13)))","v":0},{"$f":"IF(OR($D16<>\"Serviço\",AND(AUTOEVENTO=\"Manual\",$M16=$A$15)),0,\n         IF(OFFSET(CRONOPLE!$F$15,$M16-$A$15,CN$13)=0,10^12,OFFSET(CRONOPLE!$F$15,$M16-$A$15,CN$13)))","v":0},{"$f":"IF(OR($D16<>\"Serviço\",AND(AUTOEVENTO=\"Manual\",$M16=$A$15)),0,\n         IF(OFFSET(CRONOPLE!$F$15,$M16-$A$15,CO$13)=0,10^12,OFFSET(CRONOPLE!$F$15,$M16-$A$15,CO$13)))","v":0},{"$f":"IF(OR($D16<>\"Serviço\",AND(AUTOEVENTO=\"Manual\",$M16=$A$15)),0,\n         IF(OFFSET(CRONOPLE!$F$15,$M16-$A$15,CP$13)=0,10^12,OFFSET(CRONOPLE!$F$15,$M16-$A$15,CP$13)))","v":0},{"$f":"IF(OR($D16<>\"Serviço\",AND(AUTOEVENTO=\"Manual\",$M16=$A$15)),0,\n         IF(OFFSET(CRONOPLE!$F$15,$M16-$A$15,CQ$13)=0,10^12,OFFSET(CRONOPLE!$F$15,$M16-$A$15,CQ$13)))","v":0},{"$f":"IF(OR($D16<>\"Serviço\",AND(AUTOEVENTO=\"Manual\",$M16=$A$15)),0,\n         IF(OFFSET(CRONOPLE!$F$15,$M16-$A$15,CR$13)=0,10^12,OFFSET(CRONOPLE!$F$15,$M16-$A$15,CR$13)))","v":0},null,{"$f":"IF(OR($D16<>\"Serviço\",AND(AUTOEVENTO=\"Manual\",$M16=$A$15),$M16>(ROW(PLE.lastrow)-ROW(PLE.firstrow))),0,\n           IF(OFFSET(PLE!$G$15,$M16-$A$15,CT$13)=\"\",10^12,OFFSET(PLE!$G$15,$M16-$A$15,CT$13)))","v":0},{"$f":"IF(OR($D16<>\"Serviço\",AND(AUTOEVENTO=\"Manual\",$M16=$A$15),$M16>(ROW(PLE.lastrow)-ROW(PLE.firstrow))),0,\n           IF(OFFSET(PLE!$G$15,$M16-$A$15,CU$13)=\"\",10^12,OFFSET(PLE!$G$15,$M16-$A$15,CU$13)))","v":0},{"$f":"IF(OR($D16<>\"Serviço\",AND(AUTOEVENTO=\"Manual\",$M16=$A$15),$M16>(ROW(PLE.lastrow)-ROW(PLE.firstrow))),0,\n           IF(OFFSET(PLE!$G$15,$M16-$A$15,CV$13)=\"\",10^12,OFFSET(PLE!$G$15,$M16-$A$15,CV$13)))","v":0},{"$f":"IF(OR($D16<>\"Serviço\",AND(AUTOEVENTO=\"Manual\",$M16=$A$15),$M16>(ROW(PLE.lastrow)-ROW(PLE.firstrow))),0,\n           IF(OFFSET(PLE!$G$15,$M16-$A$15,CW$13)=\"\",10^12,OFFSET(PLE!$G$15,$M16-$A$15,CW$13)))","v":0},{"$f":"IF(OR($D16<>\"Serviço\",AND(AUTOEVENTO=\"Manual\",$M16=$A$15),$M16>(ROW(PLE.lastrow)-ROW(PLE.firstrow))),0,\n           IF(OFFSET(PLE!$G$15,$M16-$A$15,CX$13)=\"\",10^12,OFFSET(PLE!$G$15,$M16-$A$15,CX$13)))","v":0},{"$f":"IF(OR($D16<>\"Serviço\",AND(AUTOEVENTO=\"Manual\",$M16=$A$15),$M16>(ROW(PLE.lastrow)-ROW(PLE.firstrow))),0,\n           IF(OFFSET(PLE!$G$15,$M16-$A$15,CY$13)=\"\",10^12,OFFSET(PLE!$G$15,$M16-$A$15,CY$13)))","v":0},{"$f":"IF(OR($D16<>\"Serviço\",AND(AUTOEVENTO=\"Manual\",$M16=$A$15),$M16>(ROW(PLE.lastrow)-ROW(PLE.firstrow))),0,\n           IF(OFFSET(PLE!$G$15,$M16-$A$15,CZ$13)=\"\",10^12,OFFSET(PLE!$G$15,$M16-$A$15,CZ$13)))","v":0},{"$f":"IF(OR($D16<>\"Serviço\",AND(AUTOEVENTO=\"Manual\",$M16=$A$15),$M16>(ROW(PLE.lastrow)-ROW(PLE.firstrow))),0,\n           IF(OFFSET(PLE!$G$15,$M16-$A$15,DA$13)=\"\",10^12,OFFSET(PLE!$G$15,$M16-$A$15,DA$13)))","v":0},{"$f":"IF(OR($D16<>\"Serviço\",AND(AUTOEVENTO=\"Manual\",$M16=$A$15),$M16>(ROW(PLE.lastrow)-ROW(PLE.firstrow))),0,\n           IF(OFFSET(PLE!$G$15,$M16-$A$15,DB$13)=\"\",10^12,OFFSET(PLE!$G$15,$M16-$A$15,DB$13)))","v":0},{"$f":"IF(OR($D16<>\"Serviço\",AND(AUTOEVENTO=\"Manual\",$M16=$A$15),$M16>(ROW(PLE.lastrow)-ROW(PLE.firstrow))),0,\n           IF(OFFSET(PLE!$G$15,$M16-$A$15,DC$13)=\"\",10^12,OFFSET(PLE!$G$15,$M16-$A$15,DC$13)))","v":0},{"$f":"IF(OR($D16<>\"Serviço\",AND(AUTOEVENTO=\"Manual\",$M16=$A$15),$M16>(ROW(PLE.lastrow)-ROW(PLE.firstrow))),0,\n           IF(OFFSET(PLE!$G$15,$M16-$A$15,DD$13)=\"\",10^12,OFFSET(PLE!$G$15,$M16-$A$15,DD$13)))","v":0},{"$f":"IF(OR($D16<>\"Serviço\",AND(AUTOEVENTO=\"Manual\",$M16=$A$15),$M16>(ROW(PLE.lastrow)-ROW(PLE.firstrow))),0,\n           IF(OFFSET(PLE!$G$15,$M16-$A$15,DE$13)=\"\",10^12,OFFSET(PLE!$G$15,$M16-$A$15,DE$13)))","v":0},{"$f":"IF(OR($D16<>\"Serviço\",AND(AUTOEVENTO=\"Manual\",$M16=$A$15),$M16>(ROW(PLE.lastrow)-ROW(PLE.firstrow))),0,\n           IF(OFFSET(PLE!$G$15,$M16-$A$15,DF$13)=\"\",10^12,OFFSET(PLE!$G$15,$M16-$A$15,DF$13)))","v":0},{"$f":"IF(OR($D16<>\"Serviço\",AND(AUTOEVENTO=\"Manual\",$M16=$A$15),$M16>(ROW(PLE.lastrow)-ROW(PLE.firstrow))),0,\n           IF(OFFSET(PLE!$G$15,$M16-$A$15,DG$13)=\"\",10^12,OFFSET(PLE!$G$15,$M16-$A$15,DG$13)))","v":0},{"$f":"IF(OR($D16<>\"Serviço\",AND(AUTOEVENTO=\"Manual\",$M16=$A$15),$M16>(ROW(PLE.lastrow)-ROW(PLE.firstrow))),0,\n           IF(OFFSET(PLE!$G$15,$M16-$A$15,DH$13)=\"\",10^12,OFFSET(PLE!$G$15,$M16-$A$15,DH$13)))","v":0},{"$f":"IF(OR($D16<>\"Serviço\",AND(AUTOEVENTO=\"Manual\",$M16=$A$15),$M16>(ROW(PLE.lastrow)-ROW(PLE.firstrow))),0,\n           IF(OFFSET(PLE!$G$15,$M16-$A$15,DI$13)=\"\",10^12,OFFSET(PLE!$G$15,$M16-$A$15,DI$13)))","v":0},{"$f":"IF(OR($D16<>\"Serviço\",AND(AUTOEVENTO=\"Manual\",$M16=$A$15),$M16>(ROW(PLE.lastrow)-ROW(PLE.firstrow))),0,\n           IF(OFFSET(PLE!$G$15,$M16-$A$15,DJ$13)=\"\",10^12,OFFSET(PLE!$G$15,$M16-$A$15,DJ$13)))","v":0},{"$f":"IF(OR($D16<>\"Serviço\",AND(AUTOEVENTO=\"Manual\",$M16=$A$15),$M16>(ROW(PLE.lastrow)-ROW(PLE.firstrow))),0,\n           IF(OFFSET(PLE!$G$15,$M16-$A$15,DK$13)=\"\",10^12,OFFSET(PLE!$G$15,$M16-$A$15,DK$13)))","v":0},{"$f":"IF(OR($D16<>\"Serviço\",AND(AUTOEVENTO=\"Manual\",$M16=$A$15),$M16>(ROW(PLE.lastrow)-ROW(PLE.firstrow))),0,\n           IF(OFFSET(PLE!$G$15,$M16-$A$15,DL$13)=\"\",10^12,OFFSET(PLE!$G$15,$M16-$A$15,DL$13)))","v":0},{"$f":"IF(OR($D16<>\"Serviço\",AND(AUTOEVENTO=\"Manual\",$M16=$A$15),$M16>(ROW(PLE.lastrow)-ROW(PLE.firstrow))),0,\n           IF(OFFSET(PLE!$G$15,$M16-$A$15,DM$13)=\"\",10^12,OFFSET(PLE!$G$15,$M16-$A$15,DM$13)))","v":0},{"$f":"IF(OR($D16<>\"Serviço\",AND(AUTOEVENTO=\"Manual\",$M16=$A$15),$M16>(ROW(PLE.lastrow)-ROW(PLE.firstrow))),0,\n           IF(OFFSET(PLE!$G$15,$M16-$A$15,DN$13)=\"\",10^12,OFFSET(PLE!$G$15,$M16-$A$15,DN$13)))","v":0},{"$f":"IF(OR($D16<>\"Serviço\",AND(AUTOEVENTO=\"Manual\",$M16=$A$15),$M16>(ROW(PLE.lastrow)-ROW(PLE.firstrow))),0,\n           IF(OFFSET(PLE!$G$15,$M16-$A$15,DO$13)=\"\",10^12,OFFSET(PLE!$G$15,$M16-$A$15,DO$13)))","v":0},{"$f":"IF(OR($D16<>\"Serviço\",AND(AUTOEVENTO=\"Manual\",$M16=$A$15),$M16>(ROW(PLE.lastrow)-ROW(PLE.firstrow))),0,\n           IF(OFFSET(PLE!$G$15,$M16-$A$15,DP$13)=\"\",10^12,OFFSET(PLE!$G$15,$M16-$A$15,DP$13)))","v":0},{"$f":"IF(OR($D16<>\"Serviço\",AND(AUTOEVENTO=\"Manual\",$M16=$A$15),$M16>(ROW(PLE.lastrow)-ROW(PLE.firstrow))),0,\n           IF(OFFSET(PLE!$G$15,$M16-$A$15,DQ$13)=\"\",10^12,OFFSET(PLE!$G$15,$M16-$A$15,DQ$13)))","v":0},{"$f":"IF(OR($D16<>\"Serviço\",AND(AUTOEVENTO=\"Manual\",$M16=$A$15),$M16>(ROW(PLE.lastrow)-ROW(PLE.firstrow))),0,\n           IF(OFFSET(PLE!$G$15,$M16-$A$15,DR$13)=\"\",10^12,OFFSET(PLE!$G$15,$M16-$A$15,DR$13)))","v":0},{"$f":"IF(OR($D16<>\"Serviço\",AND(AUTOEVENTO=\"Manual\",$M16=$A$15),$M16>(ROW(PLE.lastrow)-ROW(PLE.firstrow))),0,\n           IF(OFFSET(PLE!$G$15,$M16-$A$15,DS$13)=\"\",10^12,OFFSET(PLE!$G$15,$M16-$A$15,DS$13)))","v":0}]
["2.",{"$f":"OFFSET(ORÇAMENTO!C$15,$L17,0)","v":2},{"$f":"OFFSET(ORÇAMENTO!L$15,$L17,0)","v":"F"},{"$f":"OFFSET(ORÇAMENTO!N$15,$L17,0)","v":"Nível 2"},{"$f":"OFFSET(ORÇAMENTO!O$15,$L17,0)","v":"1.1."},{"$f":"OFFSET(ORÇAMENTO!R$15,$L17,0)","v":"ADMINISTRAÇÃO LOCAL DE OBRA"},{"$f":"IF($D17<>\"Serviço\",\"\",OFFSET(ORÇAMENTO!S$15,$L17,0))","v":""},{"$f":"IF($D17<>\"Serviço\",0,IF(ACOMPANHAMENTO=\"BM\",ROUND(OFFSET(ORÇAMENTO!AJ$15,$L17,0),15-13*ORÇAMENTO!$AF$7),IF(IFERROR(CÁLCULO.FrentesPreenchidas,0)=0,0,SUM(ROUND(OFFSET($P17,0,1,1,CÁLCULO.FrentesPreenchidas),15-13*ORÇAMENTO!$AF$7)))))","v":0},null,{"$f":"IF(OR(B17<>\"S\",CÁLCULO.FrentesPreenchidas=0),\"\",IF(AND(ACOMPANHAMENTO=\"PLE\",AUTOEVENTO=\"Manual\",OR(H17>0,ORÇAMENTO!AC17=\"QUANT.\"),OR(K17=\"\",M17=0,N17=\"\")),\"►E\",IF(AND(ACOMPANHAMENTO=\"PLE\",ORÇAMENTO!AC17=\"QUANT.\"),\"►Q\",IF(AND(ACOMPANHAMENTO=\"PLE\",H17<>SUMPRODUCT(($Q$1:$AQ$1=1)*ROUND(Q17:AQ17,15))),\"►S\",IF(AND(COUNTIF($P$11:$AQ$11,\"▼\")=0,H17>0,I17=\"\"),\"◄M\",\"\")))))","v":""},null,2,{"$f":"IF($D17<>\"Serviço\",\"\",\n          IF(AUTOEVENTO=\"manual\",$A17,\n                IF(ISERROR(MATCH($A17,$A$15:OFFSET($A17,-1,0),0)),MAX($M$15:OFFSET(M17,-1,0))+1,\n                      INDEX($M$15:OFFSET(M17,-1,0),MATCH($A17,$A$15:OFFSET($A17,-1,0),0)))))","v":""},{"$f":"IF($D17<>\"Serviço\",\"\",\n         IF(AUTOEVENTO=\"Manual\",\n                IF($A17=0,\"<-- defina o número do agrupador\",\n                       OFFSET(EVENTOS!$D$15,$A17-$A$15,0)),\n                OFFSET($F$15,$A17,0)))","v":""},null,null,null,null,null,null,null,null,null,null,null,null,null,null,null,null,null,null,null,null,null,null,null,null,null,null,null,null,null,{"$f":"IF(AND($D17=\"Serviço\",AR$12<>0,$H17>0,OR(AUTOEVENTO<>\"manual\",$M17<>$A$15)),\n        IF(Import.TipoArredondamento<>\"TransfereGOV\",\n              ROUND(OFFSET($P17,0,AR$13),15-13*ORÇAMENTO!$AF$7)/$H17*OFFSET(ORÇAMENTO!$X$15,ROW(AR17)-ROW(AR$15),0),\n              ROUND(ROUND(OFFSET($P17,0,AR$13),15-13*ORÇAMENTO!$AF$7)*OFFSET(ORÇAMENTO!$W$15,ROW(AR17)-ROW(AR$15),0),15-13*ORÇAMENTO!$AF$11)),\n         0)","v":0},{"$f":"IF(AND($D17=\"Serviço\",AS$12<>0,$H17>0,OR(AUTOEVENTO<>\"manual\",$M17<>$A$15)),\n        IF(Import.TipoArredondamento<>\"TransfereGOV\",\n              ROUND(OFFSET($P17,0,AS$13),15-13*ORÇAMENTO!$AF$7)/$H17*OFFSET(ORÇAMENTO!$X$15,ROW(AS17)-ROW(AS$15),0),\n              ROUND(ROUND(OFFSET($P17,0,AS$13),15-13*ORÇAMENTO!$AF$7)*OFFSET(ORÇAMENTO!$W$15,ROW(AS17)-ROW(AS$15),0),15-13*ORÇAMENTO!$AF$11)),\n         0)","v":0},{"$f":"IF(AND($D17=\"Serviço\",AT$12<>0,$H17>0,OR(AUTOEVENTO<>\"manual\",$M17<>$A$15)),\n        IF(Import.TipoArredondamento<>\"TransfereGOV\",\n              ROUND(OFFSET($P17,0,AT$13),15-13*ORÇAMENTO!$AF$7)/$H17*OFFSET(ORÇAMENTO!$X$15,ROW(AT17)-ROW(AT$15),0),\n              ROUND(ROUND(OFFSET($P17,0,AT$13),15-13*ORÇAMENTO!$AF$7)*OFFSET(ORÇAMENTO!$W$15,ROW(AT17)-ROW(AT$15),0),15-13*ORÇAMENTO!$AF$11)),\n         0)","v":0},{"$f":"IF(AND($D17=\"Serviço\",AU$12<>0,$H17>0,OR(AUTOEVENTO<>\"manual\",$M17<>$A$15)),\n        IF(Import.TipoArredondamento<>\"TransfereGOV\",\n              ROUND(OFFSET($P17,0,AU$13),15-13*ORÇAMENTO!$AF$7)/$H17*OFFSET(ORÇAMENTO!$X$15,ROW(AU17)-ROW(AU$15),0),\n              ROUND(ROUND(OFFSET($P17,0,AU$13),15-13*ORÇAMENTO!$AF$7)*OFFSET(ORÇAMENTO!$W$15,ROW(AU17)-ROW(AU$15),0),15-13*ORÇAMENTO!$AF$11)),\n         0)","v":0},{"$f":"IF(AND($D17=\"Serviço\",AV$12<>0,$H17>0,OR(AUTOEVENTO<>\"manual\",$M17<>$A$15)),\n        IF(Import.TipoArredondamento<>\"TransfereGOV\",\n              ROUND(OFFSET($P17,0,AV$13),15-13*ORÇAMENTO!$AF$7)/$H17*OFFSET(ORÇAMENTO!$X$15,ROW(AV17)-ROW(AV$15),0),\n              ROUND(ROUND(OFFSET($P17,0,AV$13),15-13*ORÇAMENTO!$AF$7)*OFFSET(ORÇAMENTO!$W$15,ROW(AV17)-ROW(AV$15),0),15-13*ORÇAMENTO!$AF$11)),\n         0)","v":0},{"$f":"IF(AND($D17=\"Serviço\",AW$12<>0,$H17>0,OR(AUTOEVENTO<>\"manual\",$M17<>$A$15)),\n        IF(Import.TipoArredondamento<>\"TransfereGOV\",\n              ROUND(OFFSET($P17,0,AW$13),15-13*ORÇAMENTO!$AF$7)/$H17*OFFSET(ORÇAMENTO!$X$15,ROW(AW17)-ROW(AW$15),0),\n              ROUND(ROUND(OFFSET($P17,0,AW$13),15-13*ORÇAMENTO!$AF$7)*OFFSET(ORÇAMENTO!$W$15,ROW(AW17)-ROW(AW$15),0),15-13*ORÇAMENTO!$AF$11)),\n         0)","v":0},{"$f":"IF(AND($D17=\"Serviço\",AX$12<>0,$H17>0,OR(AUTOEVENTO<>\"manual\",$M17<>$A$15)),\n        IF(Import.TipoArredondamento<>\"TransfereGOV\",\n              ROUND(OFFSET($P17,0,AX$13),15-13*ORÇAMENTO!$AF$7)/$H17*OFFSET(ORÇAMENTO!$X$15,ROW(AX17)-ROW(AX$15),0),\n              ROUND(ROUND(OFFSET($P17,0,AX$13),15-13*ORÇAMENTO!$AF$7)*OFFSET(ORÇAMENTO!$W$15,ROW(AX17)-ROW(AX$15),0),15-13*ORÇAMENTO!$AF$11)),\n         0)","v":0},{"$f":"IF(AND($D17=\"Serviço\",AY$12<>0,$H17>0,OR(AUTOEVENTO<>\"manual\",$M17<>$A$15)),\n        IF(Import.TipoArredondamento<>\"TransfereGOV\",\n              ROUND(OFFSET($P17,0,AY$13),15-13*ORÇAMENTO!$AF$7)/$H17*OFFSET(ORÇAMENTO!$X$15,ROW(AY17)-ROW(AY$15),0),\n              ROUND(ROUND(OFFSET($P17,0,AY$13),15-13*ORÇAMENTO!$AF$7)*OFFSET(ORÇAMENTO!$W$15,ROW(AY17)-ROW(AY$15),0),15-13*ORÇAMENTO!$AF$11)),\n         0)","v":0},{"$f":"IF(AND($D17=\"Serviço\",AZ$12<>0,$H17>0,OR(AUTOEVENTO<>\"manual\",$M17<>$A$15)),\n        IF(Import.TipoArredondamento<>\"TransfereGOV\",\n              ROUND(OFFSET($P17,0,AZ$13),15-13*ORÇAMENTO!$AF$7)/$H17*OFFSET(ORÇAMENTO!$X$15,ROW(AZ17)-ROW(AZ$15),0),\n              ROUND(ROUND(OFFSET($P17,0,AZ$13),15-13*ORÇAMENTO!$AF$7)*OFFSET(ORÇAMENTO!$W$15,ROW(AZ17)-ROW(AZ$15),0),15-13*ORÇAMENTO!$AF$11)),\n         0)","v":0},{"$f":"IF(AND($D17=\"Serviço\",BA$12<>0,$H17>0,OR(AUTOEVENTO<>\"manual\",$M17<>$A$15)),\n        IF(Import.TipoArredondamento<>\"TransfereGOV\",\n              ROUND(OFFSET($P17,0,BA$13),15-13*ORÇAMENTO!$AF$7)/$H17*OFFSET(ORÇAMENTO!$X$15,ROW(BA17)-ROW(BA$15),0),\n              ROUND(ROUND(OFFSET($P17,0,BA$13),15-13*ORÇAMENTO!$AF$7)*OFFSET(ORÇAMENTO!$W$15,ROW(BA17)-ROW(BA$15),0),15-13*ORÇAMENTO!$AF$11)),\n         0)","v":0},{"$f":"IF(AND($D17=\"Serviço\",BB$12<>0,$H17>0,OR(AUTOEVENTO<>\"manual\",$M17<>$A$15)),\n        IF(Import.TipoArredondamento<>\"TransfereGOV\",\n              ROUND(OFFSET($P17,0,BB$13),15-13*ORÇAMENTO!$AF$7)/$H17*OFFSET(ORÇAMENTO!$X$15,ROW(BB17)-ROW(BB$15),0),\n              ROUND(ROUND(OFFSET($P17,0,BB$13),15-13*ORÇAMENTO!$AF$7)*OFFSET(ORÇAMENTO!$W$15,ROW(BB17)-ROW(BB$15),0),15-13*ORÇAMENTO!$AF$11)),\n         0)","v":0},{"$f":"IF(AND($D17=\"Serviço\",BC$12<>0,$H17>0,OR(AUTOEVENTO<>\"manual\",$M17<>$A$15)),\n        IF(Import.TipoArredondamento<>\"TransfereGOV\",\n              ROUND(OFFSET($P17,0,BC$13),15-13*ORÇAMENTO!$AF$7)/$H17*OFFSET(ORÇAMENTO!$X$15,ROW(BC17)-ROW(BC$15),0),\n              ROUND(ROUND(OFFSET($P17,0,BC$13),15-13*ORÇAMENTO!$AF$7)*OFFSET(ORÇAMENTO!$W$15,ROW(BC17)-ROW(BC$15),0),15-13*ORÇAMENTO!$AF$11)),\n         0)","v":0},{"$f":"IF(AND($D17=\"Serviço\",BD$12<>0,$H17>0,OR(AUTOEVENTO<>\"manual\",$M17<>$A$15)),\n        IF(Import.TipoArredondamento<>\"TransfereGOV\",\n              ROUND(OFFSET($P17,0,BD$13),15-13*ORÇAMENTO!$AF$7)/$H17*OFFSET(ORÇAMENTO!$X$15,ROW(BD17)-ROW(BD$15),0),\n              ROUND(ROUND(OFFSET($P17,0,BD$13),15-13*ORÇAMENTO!$AF$7)*OFFSET(ORÇAMENTO!$W$15,ROW(BD17)-ROW(BD$15),0),15-13*ORÇAMENTO!$AF$11)),\n         0)","v":0},{"$f":"IF(AND($D17=\"Serviço\",BE$12<>0,$H17>0,OR(AUTOEVENTO<>\"manual\",$M17<>$A$15)),\n        IF(Import.TipoArredondamento<>\"TransfereGOV\",\n              ROUND(OFFSET($P17,0,BE$13),15-13*ORÇAMENTO!$AF$7)/$H17*OFFSET(ORÇAMENTO!$X$15,ROW(BE17)-ROW(BE$15),0),\n              ROUND(ROUND(OFFSET($P17,0,BE$13),15-13*ORÇAMENTO!$AF$7)*OFFSET(ORÇAMENTO!$W$15,ROW(BE17)-ROW(BE$15),0),15-13*ORÇAMENTO!$AF$11)),\n         0)","v":0},{"$f":"IF(AND($D17=\"Serviço\",BF$12<>0,$H17>0,OR(AUTOEVENTO<>\"manual\",$M17<>$A$15)),\n        IF(Import.TipoArredondamento<>\"TransfereGOV\",\n              ROUND(OFFSET($P17,0,BF$13),15-13*ORÇAMENTO!$AF$7)/$H17*OFFSET(ORÇAMENTO!$X$15,ROW(BF17)-ROW(BF$15),0),\n              ROUND(ROUND(OFFSET($P17,0,BF$13),15-13*ORÇAMENTO!$AF$7)*OFFSET(ORÇAMENTO!$W$15,ROW(BF17)-ROW(BF$15),0),15-13*ORÇAMENTO!$AF$11)),\n         0)","v":0},{"$f":"IF(AND($D17=\"Serviço\",BG$12<>0,$H17>0,OR(AUTOEVENTO<>\"manual\",$M17<>$A$15)),\n        IF(Import.TipoArredondamento<>\"TransfereGOV\",\n              ROUND(OFFSET($P17,0,BG$13),15-13*ORÇAMENTO!$AF$7)/$H17*OFFSET(ORÇAMENTO!$X$15,ROW(BG17)-ROW(BG$15),0),\n              ROUND(ROUND(OFFSET($P17,0,BG$13),15-13*ORÇAMENTO!$AF$7)*OFFSET(ORÇAMENTO!$W$15,ROW(BG17)-ROW(BG$15),0),15-13*ORÇAMENTO!$AF$11)),\n         0)","v":0},{"$f":"IF(AND($D17=\"Serviço\",BH$12<>0,$H17>0,OR(AUTOEVENTO<>\"manual\",$M17<>$A$15)),\n        IF(Import.TipoArredondamento<>\"TransfereGOV\",\n              ROUND(OFFSET($P17,0,BH$13),15-13*ORÇAMENTO!$AF$7)/$H17*OFFSET(ORÇAMENTO!$X$15,ROW(BH17)-ROW(BH$15),0),\n              ROUND(ROUND(OFFSET($P17,0,BH$13),15-13*ORÇAMENTO!$AF$7)*OFFSET(ORÇAMENTO!$W$15,ROW(BH17)-ROW(BH$15),0),15-13*ORÇAMENTO!$AF$11)),\n         0)","v":0},{"$f":"IF(AND($D17=\"Serviço\",BI$12<>0,$H17>0,OR(AUTOEVENTO<>\"manual\",$M17<>$A$15)),\n        IF(Import.TipoArredondamento<>\"TransfereGOV\",\n              ROUND(OFFSET($P17,0,BI$13),15-13*ORÇAMENTO!$AF$7)/$H17*OFFSET(ORÇAMENTO!$X$15,ROW(BI17)-ROW(BI$15),0),\n              ROUND(ROUND(OFFSET($P17,0,BI$13),15-13*ORÇAMENTO!$AF$7)*OFFSET(ORÇAMENTO!$W$15,ROW(BI17)-ROW(BI$15),0),15-13*ORÇAMENTO!$AF$11)),\n         0)","v":0},{"$f":"IF(AND($D17=\"Serviço\",BJ$12<>0,$H17>0,OR(AUTOEVENTO<>\"manual\",$M17<>$A$15)),\n        IF(Import.TipoArredondamento<>\"TransfereGOV\",\n              ROUND(OFFSET($P17,0,BJ$13),15-13*ORÇAMENTO!$AF$7)/$H17*OFFSET(ORÇAMENTO!$X$15,ROW(BJ17)-ROW(BJ$15),0),\n              ROUND(ROUND(OFFSET($P17,0,BJ$13),15-13*ORÇAMENTO!$AF$7)*OFFSET(ORÇAMENTO!$W$15,ROW(BJ17)-ROW(BJ$15),0),15-13*ORÇAMENTO!$AF$11)),\n         0)","v":0},{"$f":"IF(AND($D17=\"Serviço\",BK$12<>0,$H17>0,OR(AUTOEVENTO<>\"manual\",$M17<>$A$15)),\n        IF(Import.TipoArredondamento<>\"TransfereGOV\",\n              ROUND(OFFSET($P17,0,BK$13),15-13*ORÇAMENTO!$AF$7)/$H17*OFFSET(ORÇAMENTO!$X$15,ROW(BK17)-ROW(BK$15),0),\n              ROUND(ROUND(OFFSET($P17,0,BK$13),15-13*ORÇAMENTO!$AF$7)*OFFSET(ORÇAMENTO!$W$15,ROW(BK17)-ROW(BK$15),0),15-13*ORÇAMENTO!$AF$11)),\n         0)","v":0},{"$f":"IF(AND($D17=\"Serviço\",BL$12<>0,$H17>0,OR(AUTOEVENTO<>\"manual\",$M17<>$A$15)),\n        IF(Import.TipoArredondamento<>\"TransfereGOV\",\n              ROUND(OFFSET($P17,0,BL$13),15-13*ORÇAMENTO!$AF$7)/$H17*OFFSET(ORÇAMENTO!$X$15,ROW(BL17)-ROW(BL$15),0),\n              ROUND(ROUND(OFFSET($P17,0,BL$13),15-13*ORÇAMENTO!$AF$7)*OFFSET(ORÇAMENTO!$W$15,ROW(BL17)-ROW(BL$15),0),15-13*ORÇAMENTO!$AF$11)),\n         0)","v":0},{"$f":"IF(AND($D17=\"Serviço\",BM$12<>0,$H17>0,OR(AUTOEVENTO<>\"manual\",$M17<>$A$15)),\n        IF(Import.TipoArredondamento<>\"TransfereGOV\",\n              ROUND(OFFSET($P17,0,BM$13),15-13*ORÇAMENTO!$AF$7)/$H17*OFFSET(ORÇAMENTO!$X$15,ROW(BM17)-ROW(BM$15),0),\n              ROUND(ROUND(OFFSET($P17,0,BM$13),15-13*ORÇAMENTO!$AF$7)*OFFSET(ORÇAMENTO!$W$15,ROW(BM17)-ROW(BM$15),0),15-13*ORÇAMENTO!$AF$11)),\n         0)","v":0},{"$f":"IF(AND($D17=\"Serviço\",BN$12<>0,$H17>0,OR(AUTOEVENTO<>\"manual\",$M17<>$A$15)),\n        IF(Import.TipoArredondamento<>\"TransfereGOV\",\n              ROUND(OFFSET($P17,0,BN$13),15-13*ORÇAMENTO!$AF$7)/$H17*OFFSET(ORÇAMENTO!$X$15,ROW(BN17)-ROW(BN$15),0),\n              ROUND(ROUND(OFFSET($P17,0,BN$13),15-13*ORÇAMENTO!$AF$7)*OFFSET(ORÇAMENTO!$W$15,ROW(BN17)-ROW(BN$15),0),15-13*ORÇAMENTO!$AF$11)),\n         0)","v":0},{"$f":"IF(AND($D17=\"Serviço\",BO$12<>0,$H17>0,OR(AUTOEVENTO<>\"manual\",$M17<>$A$15)),\n        IF(Import.TipoArredondamento<>\"TransfereGOV\",\n              ROUND(OFFSET($P17,0,BO$13),15-13*ORÇAMENTO!$AF$7)/$H17*OFFSET(ORÇAMENTO!$X$15,ROW(BO17)-ROW(BO$15),0),\n              ROUND(ROUND(OFFSET($P17,0,BO$13),15-13*ORÇAMENTO!$AF$7)*OFFSET(ORÇAMENTO!$W$15,ROW(BO17)-ROW(BO$15),0),15-13*ORÇAMENTO!$AF$11)),\n         0)","v":0},{"$f":"IF(AND($D17=\"Serviço\",BP$12<>0,$H17>0,OR(AUTOEVENTO<>\"manual\",$M17<>$A$15)),\n        IF(Import.TipoArredondamento<>\"TransfereGOV\",\n              ROUND(OFFSET($P17,0,BP$13),15-13*ORÇAMENTO!$AF$7)/$H17*OFFSET(ORÇAMENTO!$X$15,ROW(BP17)-ROW(BP$15),0),\n              ROUND(ROUND(OFFSET($P17,0,BP$13),15-13*ORÇAMENTO!$AF$7)*OFFSET(ORÇAMENTO!$W$15,ROW(BP17)-ROW(BP$15),0),15-13*ORÇAMENTO!$AF$11)),\n         0)","v":0},{"$f":"IF(AND($D17=\"Serviço\",BQ$12<>0,$H17>0,OR(AUTOEVENTO<>\"manual\",$M17<>$A$15)),\n        IF(Import.TipoArredondamento<>\"TransfereGOV\",\n              ROUND(OFFSET($P17,0,BQ$13),15-13*ORÇAMENTO!$AF$7)/$H17*OFFSET(ORÇAMENTO!$X$15,ROW(BQ17)-ROW(BQ$15),0),\n              ROUND(ROUND(OFFSET($P17,0,BQ$13),15-13*ORÇAMENTO!$AF$7)*OFFSET(ORÇAMENTO!$W$15,ROW(BQ17)-ROW(BQ$15),0),15-13*ORÇAMENTO!$AF$11)),\n         0)","v":0},null,{"$f":"IF(OR($D17<>\"Serviço\",AND(AUTOEVENTO=\"Manual\",$M17=$A$15)),0,\n         IF(OFFSET(CRONOPLE!$F$15,$M17-$A$15,BS$13)=0,10^12,OFFSET(CRONOPLE!$F$15,$M17-$A$15,BS$13)))","v":0},{"$f":"IF(OR($D17<>\"Serviço\",AND(AUTOEVENTO=\"Manual\",$M17=$A$15)),0,\n         IF(OFFSET(CRONOPLE!$F$15,$M17-$A$15,BT$13)=0,10^12,OFFSET(CRONOPLE!$F$15,$M17-$A$15,BT$13)))","v":0},{"$f":"IF(OR($D17<>\"Serviço\",AND(AUTOEVENTO=\"Manual\",$M17=$A$15)),0,\n         IF(OFFSET(CRONOPLE!$F$15,$M17-$A$15,BU$13)=0,10^12,OFFSET(CRONOPLE!$F$15,$M17-$A$15,BU$13)))","v":0},{"$f":"IF(OR($D17<>\"Serviço\",AND(AUTOEVENTO=\"Manual\",$M17=$A$15)),0,\n         IF(OFFSET(CRONOPLE!$F$15,$M17-$A$15,BV$13)=0,10^12,OFFSET(CRONOPLE!$F$15,$M17-$A$15,BV$13)))","v":0},{"$f":"IF(OR($D17<>\"Serviço\",AND(AUTOEVENTO=\"Manual\",$M17=$A$15)),0,\n         IF(OFFSET(CRONOPLE!$F$15,$M17-$A$15,BW$13)=0,10^12,OFFSET(CRONOPLE!$F$15,$M17-$A$15,BW$13)))","v":0},{"$f":"IF(OR($D17<>\"Serviço\",AND(AUTOEVENTO=\"Manual\",$M17=$A$15)),0,\n         IF(OFFSET(CRONOPLE!$F$15,$M17-$A$15,BX$13)=0,10^12,OFFSET(CRONOPLE!$F$15,$M17-$A$15,BX$13)))","v":0},{"$f":"IF(OR($D17<>\"Serviço\",AND(AUTOEVENTO=\"Manual\",$M17=$A$15)),0,\n         IF(OFFSET(CRONOPLE!$F$15,$M17-$A$15,BY$13)=0,10^12,OFFSET(CRONOPLE!$F$15,$M17-$A$15,BY$13)))","v":0},{"$f":"IF(OR($D17<>\"Serviço\",AND(AUTOEVENTO=\"Manual\",$M17=$A$15)),0,\n         IF(OFFSET(CRONOPLE!$F$15,$M17-$A$15,BZ$13)=0,10^12,OFFSET(CRONOPLE!$F$15,$M17-$A$15,BZ$13)))","v":0},{"$f":"IF(OR($D17<>\"Serviço\",AND(AUTOEVENTO=\"Manual\",$M17=$A$15)),0,\n         IF(OFFSET(CRONOPLE!$F$15,$M17-$A$15,CA$13)=0,10^12,OFFSET(CRONOPLE!$F$15,$M17-$A$15,CA$13)))","v":0},{"$f":"IF(OR($D17<>\"Serviço\",AND(AUTOEVENTO=\"Manual\",$M17=$A$15)),0,\n         IF(OFFSET(CRONOPLE!$F$15,$M17-$A$15,CB$13)=0,10^12,OFFSET(CRONOPLE!$F$15,$M17-$A$15,CB$13)))","v":0},{"$f":"IF(OR($D17<>\"Serviço\",AND(AUTOEVENTO=\"Manual\",$M17=$A$15)),0,\n         IF(OFFSET(CRONOPLE!$F$15,$M17-$A$15,CC$13)=0,10^12,OFFSET(CRONOPLE!$F$15,$M17-$A$15,CC$13)))","v":0},{"$f":"IF(OR($D17<>\"Serviço\",AND(AUTOEVENTO=\"Manual\",$M17=$A$15)),0,\n         IF(OFFSET(CRONOPLE!$F$15,$M17-$A$15,CD$13)=0,10^12,OFFSET(CRONOPLE!$F$15,$M17-$A$15,CD$13)))","v":0},{"$f":"IF(OR($D17<>\"Serviço\",AND(AUTOEVENTO=\"Manual\",$M17=$A$15)),0,\n         IF(OFFSET(CRONOPLE!$F$15,$M17-$A$15,CE$13)=0,10^12,OFFSET(CRONOPLE!$F$15,$M17-$A$15,CE$13)))","v":0},{"$f":"IF(OR($D17<>\"Serviço\",AND(AUTOEVENTO=\"Manual\",$M17=$A$15)),0,\n         IF(OFFSET(CRONOPLE!$F$15,$M17-$A$15,CF$13)=0,10^12,OFFSET(CRONOPLE!$F$15,$M17-$A$15,CF$13)))","v":0},{"$f":"IF(OR($D17<>\"Serviço\",AND(AUTOEVENTO=\"Manual\",$M17=$A$15)),0,\n         IF(OFFSET(CRONOPLE!$F$15,$M17-$A$15,CG$13)=0,10^12,OFFSET(CRONOPLE!$F$15,$M17-$A$15,CG$13)))","v":0},{"$f":"IF(OR($D17<>\"Serviço\",AND(AUTOEVENTO=\"Manual\",$M17=$A$15)),0,\n         IF(OFFSET(CRONOPLE!$F$15,$M17-$A$15,CH$13)=0,10^12,OFFSET(CRONOPLE!$F$15,$M17-$A$15,CH$13)))","v":0},{"$f":"IF(OR($D17<>\"Serviço\",AND(AUTOEVENTO=\"Manual\",$M17=$A$15)),0,\n         IF(OFFSET(CRONOPLE!$F$15,$M17-$A$15,CI$13)=0,10^12,OFFSET(CRONOPLE!$F$15,$M17-$A$15,CI$13)))","v":0},{"$f":"IF(OR($D17<>\"Serviço\",AND(AUTOEVENTO=\"Manual\",$M17=$A$15)),0,\n         IF(OFFSET(CRONOPLE!$F$15,$M17-$A$15,CJ$13)=0,10^12,OFFSET(CRONOPLE!$F$15,$M17-$A$15,CJ$13)))","v":0},{"$f":"IF(OR($D17<>\"Serviço\",AND(AUTOEVENTO=\"Manual\",$M17=$A$15)),0,\n         IF(OFFSET(CRONOPLE!$F$15,$M17-$A$15,CK$13)=0,10^12,OFFSET(CRONOPLE!$F$15,$M17-$A$15,CK$13)))","v":0},{"$f":"IF(OR($D17<>\"Serviço\",AND(AUTOEVENTO=\"Manual\",$M17=$A$15)),0,\n         IF(OFFSET(CRONOPLE!$F$15,$M17-$A$15,CL$13)=0,10^12,OFFSET(CRONOPLE!$F$15,$M17-$A$15,CL$13)))","v":0},{"$f":"IF(OR($D17<>\"Serviço\",AND(AUTOEVENTO=\"Manual\",$M17=$A$15)),0,\n         IF(OFFSET(CRONOPLE!$F$15,$M17-$A$15,CM$13)=0,10^12,OFFSET(CRONOPLE!$F$15,$M17-$A$15,CM$13)))","v":0},{"$f":"IF(OR($D17<>\"Serviço\",AND(AUTOEVENTO=\"Manual\",$M17=$A$15)),0,\n         IF(OFFSET(CRONOPLE!$F$15,$M17-$A$15,CN$13)=0,10^12,OFFSET(CRONOPLE!$F$15,$M17-$A$15,CN$13)))","v":0},{"$f":"IF(OR($D17<>\"Serviço\",AND(AUTOEVENTO=\"Manual\",$M17=$A$15)),0,\n         IF(OFFSET(CRONOPLE!$F$15,$M17-$A$15,CO$13)=0,10^12,OFFSET(CRONOPLE!$F$15,$M17-$A$15,CO$13)))","v":0},{"$f":"IF(OR($D17<>\"Serviço\",AND(AUTOEVENTO=\"Manual\",$M17=$A$15)),0,\n         IF(OFFSET(CRONOPLE!$F$15,$M17-$A$15,CP$13)=0,10^12,OFFSET(CRONOPLE!$F$15,$M17-$A$15,CP$13)))","v":0},{"$f":"IF(OR($D17<>\"Serviço\",AND(AUTOEVENTO=\"Manual\",$M17=$A$15)),0,\n         IF(OFFSET(CRONOPLE!$F$15,$M17-$A$15,CQ$13)=0,10^12,OFFSET(CRONOPLE!$F$15,$M17-$A$15,CQ$13)))","v":0},{"$f":"IF(OR($D17<>\"Serviço\",AND(AUTOEVENTO=\"Manual\",$M17=$A$15)),0,\n         IF(OFFSET(CRONOPLE!$F$15,$M17-$A$15,CR$13)=0,10^12,OFFSET(CRONOPLE!$F$15,$M17-$A$15,CR$13)))","v":0},null,{"$f":"IF(OR($D17<>\"Serviço\",AND(AUTOEVENTO=\"Manual\",$M17=$A$15),$M17>(ROW(PLE.lastrow)-ROW(PLE.firstrow))),0,\n           IF(OFFSET(PLE!$G$15,$M17-$A$15,CT$13)=\"\",10^12,OFFSET(PLE!$G$15,$M17-$A$15,CT$13)))","v":0},{"$f":"IF(OR($D17<>\"Serviço\",AND(AUTOEVENTO=\"Manual\",$M17=$A$15),$M17>(ROW(PLE.lastrow)-ROW(PLE.firstrow))),0,\n           IF(OFFSET(PLE!$G$15,$M17-$A$15,CU$13)=\"\",10^12,OFFSET(PLE!$G$15,$M17-$A$15,CU$13)))","v":0},{"$f":"IF(OR($D17<>\"Serviço\",AND(AUTOEVENTO=\"Manual\",$M17=$A$15),$M17>(ROW(PLE.lastrow)-ROW(PLE.firstrow))),0,\n           IF(OFFSET(PLE!$G$15,$M17-$A$15,CV$13)=\"\",10^12,OFFSET(PLE!$G$15,$M17-$A$15,CV$13)))","v":0},{"$f":"IF(OR($D17<>\"Serviço\",AND(AUTOEVENTO=\"Manual\",$M17=$A$15),$M17>(ROW(PLE.lastrow)-ROW(PLE.firstrow))),0,\n           IF(OFFSET(PLE!$G$15,$M17-$A$15,CW$13)=\"\",10^12,OFFSET(PLE!$G$15,$M17-$A$15,CW$13)))","v":0},{"$f":"IF(OR($D17<>\"Serviço\",AND(AUTOEVENTO=\"Manual\",$M17=$A$15),$M17>(ROW(PLE.lastrow)-ROW(PLE.firstrow))),0,\n           IF(OFFSET(PLE!$G$15,$M17-$A$15,CX$13)=\"\",10^12,OFFSET(PLE!$G$15,$M17-$A$15,CX$13)))","v":0},{"$f":"IF(OR($D17<>\"Serviço\",AND(AUTOEVENTO=\"Manual\",$M17=$A$15),$M17>(ROW(PLE.lastrow)-ROW(PLE.firstrow))),0,\n           IF(OFFSET(PLE!$G$15,$M17-$A$15,CY$13)=\"\",10^12,OFFSET(PLE!$G$15,$M17-$A$15,CY$13)))","v":0},{"$f":"IF(OR($D17<>\"Serviço\",AND(AUTOEVENTO=\"Manual\",$M17=$A$15),$M17>(ROW(PLE.lastrow)-ROW(PLE.firstrow))),0,\n           IF(OFFSET(PLE!$G$15,$M17-$A$15,CZ$13)=\"\",10^12,OFFSET(PLE!$G$15,$M17-$A$15,CZ$13)))","v":0},{"$f":"IF(OR($D17<>\"Serviço\",AND(AUTOEVENTO=\"Manual\",$M17=$A$15),$M17>(ROW(PLE.lastrow)-ROW(PLE.firstrow))),0,\n           IF(OFFSET(PLE!$G$15,$M17-$A$15,DA$13)=\"\",10^12,OFFSET(PLE!$G$15,$M17-$A$15,DA$13)))","v":0},{"$f":"IF(OR($D17<>\"Serviço\",AND(AUTOEVENTO=\"Manual\",$M17=$A$15),$M17>(ROW(PLE.lastrow)-ROW(PLE.firstrow))),0,\n           IF(OFFSET(PLE!$G$15,$M17-$A$15,DB$13)=\"\",10^12,OFFSET(PLE!$G$15,$M17-$A$15,DB$13)))","v":0},{"$f":"IF(OR($D17<>\"Serviço\",AND(AUTOEVENTO=\"Manual\",$M17=$A$15),$M17>(ROW(PLE.lastrow)-ROW(PLE.firstrow))),0,\n           IF(OFFSET(PLE!$G$15,$M17-$A$15,DC$13)=\"\",10^12,OFFSET(PLE!$G$15,$M17-$A$15,DC$13)))","v":0},{"$f":"IF(OR($D17<>\"Serviço\",AND(AUTOEVENTO=\"Manual\",$M17=$A$15),$M17>(ROW(PLE.lastrow)-ROW(PLE.firstrow))),0,\n           IF(OFFSET(PLE!$G$15,$M17-$A$15,DD$13)=\"\",10^12,OFFSET(PLE!$G$15,$M17-$A$15,DD$13)))","v":0},{"$f":"IF(OR($D17<>\"Serviço\",AND(AUTOEVENTO=\"Manual\",$M17=$A$15),$M17>(ROW(PLE.lastrow)-ROW(PLE.firstrow))),0,\n           IF(OFFSET(PLE!$G$15,$M17-$A$15,DE$13)=\"\",10^12,OFFSET(PLE!$G$15,$M17-$A$15,DE$13)))","v":0},{"$f":"IF(OR($D17<>\"Serviço\",AND(AUTOEVENTO=\"Manual\",$M17=$A$15),$M17>(ROW(PLE.lastrow)-ROW(PLE.firstrow))),0,\n           IF(OFFSET(PLE!$G$15,$M17-$A$15,DF$13)=\"\",10^12,OFFSET(PLE!$G$15,$M17-$A$15,DF$13)))","v":0},{"$f":"IF(OR($D17<>\"Serviço\",AND(AUTOEVENTO=\"Manual\",$M17=$A$15),$M17>(ROW(PLE.lastrow)-ROW(PLE.firstrow))),0,\n           IF(OFFSET(PLE!$G$15,$M17-$A$15,DG$13)=\"\",10^12,OFFSET(PLE!$G$15,$M17-$A$15,DG$13)))","v":0},{"$f":"IF(OR($D17<>\"Serviço\",AND(AUTOEVENTO=\"Manual\",$M17=$A$15),$M17>(ROW(PLE.lastrow)-ROW(PLE.firstrow))),0,\n           IF(OFFSET(PLE!$G$15,$M17-$A$15,DH$13)=\"\",10^12,OFFSET(PLE!$G$15,$M17-$A$15,DH$13)))","v":0},{"$f":"IF(OR($D17<>\"Serviço\",AND(AUTOEVENTO=\"Manual\",$M17=$A$15),$M17>(ROW(PLE.lastrow)-ROW(PLE.firstrow))),0,\n           IF(OFFSET(PLE!$G$15,$M17-$A$15,DI$13)=\"\",10^12,OFFSET(PLE!$G$15,$M17-$A$15,DI$13)))","v":0},{"$f":"IF(OR($D17<>\"Serviço\",AND(AUTOEVENTO=\"Manual\",$M17=$A$15),$M17>(ROW(PLE.lastrow)-ROW(PLE.firstrow))),0,\n           IF(OFFSET(PLE!$G$15,$M17-$A$15,DJ$13)=\"\",10^12,OFFSET(PLE!$G$15,$M17-$A$15,DJ$13)))","v":0},{"$f":"IF(OR($D17<>\"Serviço\",AND(AUTOEVENTO=\"Manual\",$M17=$A$15),$M17>(ROW(PLE.lastrow)-ROW(PLE.firstrow))),0,\n           IF(OFFSET(PLE!$G$15,$M17-$A$15,DK$13)=\"\",10^12,OFFSET(PLE!$G$15,$M17-$A$15,DK$13)))","v":0},{"$f":"IF(OR($D17<>\"Serviço\",AND(AUTOEVENTO=\"Manual\",$M17=$A$15),$M17>(ROW(PLE.lastrow)-ROW(PLE.firstrow))),0,\n           IF(OFFSET(PLE!$G$15,$M17-$A$15,DL$13)=\"\",10^12,OFFSET(PLE!$G$15,$M17-$A$15,DL$13)))","v":0},{"$f":"IF(OR($D17<>\"Serviço\",AND(AUTOEVENTO=\"Manual\",$M17=$A$15),$M17>(ROW(PLE.lastrow)-ROW(PLE.firstrow))),0,\n           IF(OFFSET(PLE!$G$15,$M17-$A$15,DM$13)=\"\",10^12,OFFSET(PLE!$G$15,$M17-$A$15,DM$13)))","v":0},{"$f":"IF(OR($D17<>\"Serviço\",AND(AUTOEVENTO=\"Manual\",$M17=$A$15),$M17>(ROW(PLE.lastrow)-ROW(PLE.firstrow))),0,\n           IF(OFFSET(PLE!$G$15,$M17-$A$15,DN$13)=\"\",10^12,OFFSET(PLE!$G$15,$M17-$A$15,DN$13)))","v":0},{"$f":"IF(OR($D17<>\"Serviço\",AND(AUTOEVENTO=\"Manual\",$M17=$A$15),$M17>(ROW(PLE.lastrow)-ROW(PLE.firstrow))),0,\n           IF(OFFSET(PLE!$G$15,$M17-$A$15,DO$13)=\"\",10^12,OFFSET(PLE!$G$15,$M17-$A$15,DO$13)))","v":0},{"$f":"IF(OR($D17<>\"Serviço\",AND(AUTOEVENTO=\"Manual\",$M17=$A$15),$M17>(ROW(PLE.lastrow)-ROW(PLE.firstrow))),0,\n           IF(OFFSET(PLE!$G$15,$M17-$A$15,DP$13)=\"\",10^12,OFFSET(PLE!$G$15,$M17-$A$15,DP$13)))","v":0},{"$f":"IF(OR($D17<>\"Serviço\",AND(AUTOEVENTO=\"Manual\",$M17=$A$15),$M17>(ROW(PLE.lastrow)-ROW(PLE.firstrow))),0,\n           IF(OFFSET(PLE!$G$15,$M17-$A$15,DQ$13)=\"\",10^12,OFFSET(PLE!$G$15,$M17-$A$15,DQ$13)))","v":0},{"$f":"IF(OR($D17<>\"Serviço\",AND(AUTOEVENTO=\"Manual\",$M17=$A$15),$M17>(ROW(PLE.lastrow)-ROW(PLE.firstrow))),0,\n           IF(OFFSET(PLE!$G$15,$M17-$A$15,DR$13)=\"\",10^12,OFFSET(PLE!$G$15,$M17-$A$15,DR$13)))","v":0},{"$f":"IF(OR($D17<>\"Serviço\",AND(AUTOEVENTO=\"Manual\",$M17=$A$15),$M17>(ROW(PLE.lastrow)-ROW(PLE.firstrow))),0,\n           IF(OFFSET(PLE!$G$15,$M17-$A$15,DS$13)=\"\",10^12,OFFSET(PLE!$G$15,$M17-$A$15,DS$13)))","v":0}]
["2",{"$f":"OFFSET(ORÇAMENTO!C$15,$L18,0)","v":"S"},{"$f":"OFFSET(ORÇAMENTO!L$15,$L18,0)","v":"F"},{"$f":"OFFSET(ORÇAMENTO!N$15,$L18,0)","v":"Serviço"},{"$f":"OFFSET(ORÇAMENTO!O$15,$L18,0)","v":"1.1.0.0.1."},{"$f":"OFFSET(ORÇAMENTO!R$15,$L18,0)","v":"ADMINISTRAÇÃO LOCAL DE OBRA"},{"$f":"IF($D18<>\"Serviço\",\"\",OFFSET(ORÇAMENTO!S$15,$L18,0))","v":"MÊS"},{"$f":"IF($D18<>\"Serviço\",0,IF(ACOMPANHAMENTO=\"BM\",ROUND(OFFSET(ORÇAMENTO!AJ$15,$L18,0),15-13*ORÇAMENTO!$AF$7),IF(IFERROR(CÁLCULO.FrentesPreenchidas,0)=0,0,SUM(ROUND(OFFSET($P18,0,1,1,CÁLCULO.FrentesPreenchidas),15-13*ORÇAMENTO!$AF$7)))))","v":0.25},"Proporcional",{"$f":"IF(OR(B18<>\"S\",CÁLCULO.FrentesPreenchidas=0),\"\",IF(AND(ACOMPANHAMENTO=\"PLE\",AUTOEVENTO=\"Manual\",OR(H18>0,ORÇAMENTO!AC18=\"QUANT.\"),OR(K18=\"\",M18=0,N18=\"\")),\"►E\",IF(AND(ACOMPANHAMENTO=\"PLE\",ORÇAMENTO!AC18=\"QUANT.\"),\"►Q\",IF(AND(ACOMPANHAMENTO=\"PLE\",H18<>SUMPRODUCT(($Q$1:$AQ$1=1)*ROUND(Q18:AQ18,15))),\"►S\",IF(AND(COUNTIF($P$11:$AQ$11,\"▼\")=0,H18>0,I18=\"\"),\"◄M\",\"\")))))","v":""},"1. Administração Local",3,{"$f":"IF($D18<>\"Serviço\",\"\",\n          IF(AUTOEVENTO=\"manual\",$A18,\n                IF(ISERROR(MATCH($A18,$A$15:OFFSET($A18,-1,0),0)),MAX($M$15:OFFSET(M18,-1,0))+1,\n                      INDEX($M$15:OFFSET(M18,-1,0),MATCH($A18,$A$15:OFFSET($A18,-1,0),0)))))","v":1},{"$f":"IF($D18<>\"Serviço\",\"\",\n         IF(AUTOEVENTO=\"Manual\",\n                IF($A18=0,\"<-- defina o número do agrupador\",\n                       OFFSET(EVENTOS!$D$15,$A18-$A$15,0)),\n                OFFSET($F$15,$A18,0)))","v":"ADMINISTRAÇÃO LOCAL DE OBRA"},null,null,0.05,0.05,0.05,0.05,0.05,null,null,null,null,null,null,null,null,null,null,null,null,null,null,null,null,null,null,null,null,null,null,{"$f":"IF(AND($D18=\"Serviço\",AR$12<>0,$H18>0,OR(AUTOEVENTO<>\"manual\",$M18<>$A$15)),\n        IF(Import.TipoArredondamento<>\"TransfereGOV\",\n              ROUND(OFFSET($P18,0,AR$13),15-13*ORÇAMENTO!$AF$7)/$H18*OFFSET(ORÇAMENTO!$X$15,ROW(AR18)-ROW(AR$15),0),\n              ROUND(ROUND(OFFSET($P18,0,AR$13),15-13*ORÇAMENTO!$AF$7)*OFFSET(ORÇAMENTO!$W$15,ROW(AR18)-ROW(AR$15),0),15-13*ORÇAMENTO!$AF$11)),\n         0)","v":6697.83},{"$f":"IF(AND($D18=\"Serviço\",AS$12<>0,$H18>0,OR(AUTOEVENTO<>\"manual\",$M18<>$A$15)),\n        IF(Import.TipoArredondamento<>\"TransfereGOV\",\n              ROUND(OFFSET($P18,0,AS$13),15-13*ORÇAMENTO!$AF$7)/$H18*OFFSET(ORÇAMENTO!$X$15,ROW(AS18)-ROW(AS$15),0),\n              ROUND(ROUND(OFFSET($P18,0,AS$13),15-13*ORÇAMENTO!$AF$7)*OFFSET(ORÇAMENTO!$W$15,ROW(AS18)-ROW(AS$15),0),15-13*ORÇAMENTO!$AF$11)),\n         0)","v":6697.83},{"$f":"IF(AND($D18=\"Serviço\",AT$12<>0,$H18>0,OR(AUTOEVENTO<>\"manual\",$M18<>$A$15)),\n        IF(Import.TipoArredondamento<>\"TransfereGOV\",\n              ROUND(OFFSET($P18,0,AT$13),15-13*ORÇAMENTO!$AF$7)/$H18*OFFSET(ORÇAMENTO!$X$15,ROW(AT18)-ROW(AT$15),0),\n              ROUND(ROUND(OFFSET($P18,0,AT$13),15-13*ORÇAMENTO!$AF$7)*OFFSET(ORÇAMENTO!$W$15,ROW(AT18)-ROW(AT$15),0),15-13*ORÇAMENTO!$AF$11)),\n         0)","v":6697.83},{"$f":"IF(AND($D18=\"Serviço\",AU$12<>0,$H18>0,OR(AUTOEVENTO<>\"manual\",$M18<>$A$15)),\n        IF(Import.TipoArredondamento<>\"TransfereGOV\",\n              ROUND(OFFSET($P18,0,AU$13),15-13*ORÇAMENTO!$AF$7)/$H18*OFFSET(ORÇAMENTO!$X$15,ROW(AU18)-ROW(AU$15),0),\n              ROUND(ROUND(OFFSET($P18,0,AU$13),15-13*ORÇAMENTO!$AF$7)*OFFSET(ORÇAMENTO!$W$15,ROW(AU18)-ROW(AU$15),0),15-13*ORÇAMENTO!$AF$11)),\n         0)","v":6697.83},{"$f":"IF(AND($D18=\"Serviço\",AV$12<>0,$H18>0,OR(AUTOEVENTO<>\"manual\",$M18<>$A$15)),\n        IF(Import.TipoArredondamento<>\"TransfereGOV\",\n              ROUND(OFFSET($P18,0,AV$13),15-13*ORÇAMENTO!$AF$7)/$H18*OFFSET(ORÇAMENTO!$X$15,ROW(AV18)-ROW(AV$15),0),\n              ROUND(ROUND(OFFSET($P18,0,AV$13),15-13*ORÇAMENTO!$AF$7)*OFFSET(ORÇAMENTO!$W$15,ROW(AV18)-ROW(AV$15),0),15-13*ORÇAMENTO!$AF$11)),\n         0)","v":6697.83},{"$f":"IF(AND($D18=\"Serviço\",AW$12<>0,$H18>0,OR(AUTOEVENTO<>\"manual\",$M18<>$A$15)),\n        IF(Import.TipoArredondamento<>\"TransfereGOV\",\n              ROUND(OFFSET($P18,0,AW$13),15-13*ORÇAMENTO!$AF$7)/$H18*OFFSET(ORÇAMENTO!$X$15,ROW(AW18)-ROW(AW$15),0),\n              ROUND(ROUND(OFFSET($P18,0,AW$13),15-13*ORÇAMENTO!$AF$7)*OFFSET(ORÇAMENTO!$W$15,ROW(AW18)-ROW(AW$15),0),15-13*ORÇAMENTO!$AF$11)),\n         0)","v":0},{"$f":"IF(AND($D18=\"Serviço\",AX$12<>0,$H18>0,OR(AUTOEVENTO<>\"manual\",$M18<>$A$15)),\n        IF(Import.TipoArredondamento<>\"TransfereGOV\",\n              ROUND(OFFSET($P18,0,AX$13),15-13*ORÇAMENTO!$AF$7)/$H18*OFFSET(ORÇAMENTO!$X$15,ROW(AX18)-ROW(AX$15),0),\n              ROUND(ROUND(OFFSET($P18,0,AX$13),15-13*ORÇAMENTO!$AF$7)*OFFSET(ORÇAMENTO!$W$15,ROW(AX18)-ROW(AX$15),0),15-13*ORÇAMENTO!$AF$11)),\n         0)","v":0},{"$f":"IF(AND($D18=\"Serviço\",AY$12<>0,$H18>0,OR(AUTOEVENTO<>\"manual\",$M18<>$A$15)),\n        IF(Import.TipoArredondamento<>\"TransfereGOV\",\n              ROUND(OFFSET($P18,0,AY$13),15-13*ORÇAMENTO!$AF$7)/$H18*OFFSET(ORÇAMENTO!$X$15,ROW(AY18)-ROW(AY$15),0),\n              ROUND(ROUND(OFFSET($P18,0,AY$13),15-13*ORÇAMENTO!$AF$7)*OFFSET(ORÇAMENTO!$W$15,ROW(AY18)-ROW(AY$15),0),15-13*ORÇAMENTO!$AF$11)),\n         0)","v":0},{"$f":"IF(AND($D18=\"Serviço\",AZ$12<>0,$H18>0,OR(AUTOEVENTO<>\"manual\",$M18<>$A$15)),\n        IF(Import.TipoArredondamento<>\"TransfereGOV\",\n              ROUND(OFFSET($P18,0,AZ$13),15-13*ORÇAMENTO!$AF$7)/$H18*OFFSET(ORÇAMENTO!$X$15,ROW(AZ18)-ROW(AZ$15),0),\n              ROUND(ROUND(OFFSET($P18,0,AZ$13),15-13*ORÇAMENTO!$AF$7)*OFFSET(ORÇAMENTO!$W$15,ROW(AZ18)-ROW(AZ$15),0),15-13*ORÇAMENTO!$AF$11)),\n         0)","v":0},{"$f":"IF(AND($D18=\"Serviço\",BA$12<>0,$H18>0,OR(AUTOEVENTO<>\"manual\",$M18<>$A$15)),\n        IF(Import.TipoArredondamento<>\"TransfereGOV\",\n              ROUND(OFFSET($P18,0,BA$13),15-13*ORÇAMENTO!$AF$7)/$H18*OFFSET(ORÇAMENTO!$X$15,ROW(BA18)-ROW(BA$15),0),\n              ROUND(ROUND(OFFSET($P18,0,BA$13),15-13*ORÇAMENTO!$AF$7)*OFFSET(ORÇAMENTO!$W$15,ROW(BA18)-ROW(BA$15),0),15-13*ORÇAMENTO!$AF$11)),\n         0)","v":0},{"$f":"IF(AND($D18=\"Serviço\",BB$12<>0,$H18>0,OR(AUTOEVENTO<>\"manual\",$M18<>$A$15)),\n        IF(Import.TipoArredondamento<>\"TransfereGOV\",\n              ROUND(OFFSET($P18,0,BB$13),15-13*ORÇAMENTO!$AF$7)/$H18*OFFSET(ORÇAMENTO!$X$15,ROW(BB18)-ROW(BB$15),0),\n              ROUND(ROUND(OFFSET($P18,0,BB$13),15-13*ORÇAMENTO!$AF$7)*OFFSET(ORÇAMENTO!$W$15,ROW(BB18)-ROW(BB$15),0),15-13*ORÇAMENTO!$AF$11)),\n         0)","v":0},{"$f":"IF(AND($D18=\"Serviço\",BC$12<>0,$H18>0,OR(AUTOEVENTO<>\"manual\",$M18<>$A$15)),\n        IF(Import.TipoArredondamento<>\"TransfereGOV\",\n              ROUND(OFFSET($P18,0,BC$13),15-13*ORÇAMENTO!$AF$7)/$H18*OFFSET(ORÇAMENTO!$X$15,ROW(BC18)-ROW(BC$15),0),\n              ROUND(ROUND(OFFSET($P18,0,BC$13),15-13*ORÇAMENTO!$AF$7)*OFFSET(ORÇAMENTO!$W$15,ROW(BC18)-ROW(BC$15),0),15-13*ORÇAMENTO!$AF$11)),\n         0)","v":0},{"$f":"IF(AND($D18=\"Serviço\",BD$12<>0,$H18>0,OR(AUTOEVENTO<>\"manual\",$M18<>$A$15)),\n        IF(Import.TipoArredondamento<>\"TransfereGOV\",\n              ROUND(OFFSET($P18,0,BD$13),15-13*ORÇAMENTO!$AF$7)/$H18*OFFSET(ORÇAMENTO!$X$15,ROW(BD18)-ROW(BD$15),0),\n              ROUND(ROUND(OFFSET($P18,0,BD$13),15-13*ORÇAMENTO!$AF$7)*OFFSET(ORÇAMENTO!$W$15,ROW(BD18)-ROW(BD$15),0),15-13*ORÇAMENTO!$AF$11)),\n         0)","v":0},{"$f":"IF(AND($D18=\"Serviço\",BE$12<>0,$H18>0,OR(AUTOEVENTO<>\"manual\",$M18<>$A$15)),\n        IF(Import.TipoArredondamento<>\"TransfereGOV\",\n              ROUND(OFFSET($P18,0,BE$13),15-13*ORÇAMENTO!$AF$7)/$H18*OFFSET(ORÇAMENTO!$X$15,ROW(BE18)-ROW(BE$15),0),\n              ROUND(ROUND(OFFSET($P18,0,BE$13),15-13*ORÇAMENTO!$AF$7)*OFFSET(ORÇAMENTO!$W$15,ROW(BE18)-ROW(BE$15),0),15-13*ORÇAMENTO!$AF$11)),\n         0)","v":0},{"$f":"IF(AND($D18=\"Serviço\",BF$12<>0,$H18>0,OR(AUTOEVENTO<>\"manual\",$M18<>$A$15)),\n        IF(Import.TipoArredondamento<>\"TransfereGOV\",\n              ROUND(OFFSET($P18,0,BF$13),15-13*ORÇAMENTO!$AF$7)/$H18*OFFSET(ORÇAMENTO!$X$15,ROW(BF18)-ROW(BF$15),0),\n              ROUND(ROUND(OFFSET($P18,0,BF$13),15-13*ORÇAMENTO!$AF$7)*OFFSET(ORÇAMENTO!$W$15,ROW(BF18)-ROW(BF$15),0),15-13*ORÇAMENTO!$AF$11)),\n         0)","v":0},{"$f":"IF(AND($D18=\"Serviço\",BG$12<>0,$H18>0,OR(AUTOEVENTO<>\"manual\",$M18<>$A$15)),\n        IF(Import.TipoArredondamento<>\"TransfereGOV\",\n              ROUND(OFFSET($P18,0,BG$13),15-13*ORÇAMENTO!$AF$7)/$H18*OFFSET(ORÇAMENTO!$X$15,ROW(BG18)-ROW(BG$15),0),\n              ROUND(ROUND(OFFSET($P18,0,BG$13),15-13*ORÇAMENTO!$AF$7)*OFFSET(ORÇAMENTO!$W$15,ROW(BG18)-ROW(BG$15),0),15-13*ORÇAMENTO!$AF$11)),\n         0)","v":0},{"$f":"IF(AND($D18=\"Serviço\",BH$12<>0,$H18>0,OR(AUTOEVENTO<>\"manual\",$M18<>$A$15)),\n        IF(Import.TipoArredondamento<>\"TransfereGOV\",\n              ROUND(OFFSET($P18,0,BH$13),15-13*ORÇAMENTO!$AF$7)/$H18*OFFSET(ORÇAMENTO!$X$15,ROW(BH18)-ROW(BH$15),0),\n              ROUND(ROUND(OFFSET($P18,0,BH$13),15-13*ORÇAMENTO!$AF$7)*OFFSET(ORÇAMENTO!$W$15,ROW(BH18)-ROW(BH$15),0),15-13*ORÇAMENTO!$AF$11)),\n         0)","v":0},{"$f":"IF(AND($D18=\"Serviço\",BI$12<>0,$H18>0,OR(AUTOEVENTO<>\"manual\",$M18<>$A$15)),\n        IF(Import.TipoArredondamento<>\"TransfereGOV\",\n              ROUND(OFFSET($P18,0,BI$13),15-13*ORÇAMENTO!$AF$7)/$H18*OFFSET(ORÇAMENTO!$X$15,ROW(BI18)-ROW(BI$15),0),\n              ROUND(ROUND(OFFSET($P18,0,BI$13),15-13*ORÇAMENTO!$AF$7)*OFFSET(ORÇAMENTO!$W$15,ROW(BI18)-ROW(BI$15),0),15-13*ORÇAMENTO!$AF$11)),\n         0)","v":0},{"$f":"IF(AND($D18=\"Serviço\",BJ$12<>0,$H18>0,OR(AUTOEVENTO<>\"manual\",$M18<>$A$15)),\n        IF(Import.TipoArredondamento<>\"TransfereGOV\",\n              ROUND(OFFSET($P18,0,BJ$13),15-13*ORÇAMENTO!$AF$7)/$H18*OFFSET(ORÇAMENTO!$X$15,ROW(BJ18)-ROW(BJ$15),0),\n              ROUND(ROUND(OFFSET($P18,0,BJ$13),15-13*ORÇAMENTO!$AF$7)*OFFSET(ORÇAMENTO!$W$15,ROW(BJ18)-ROW(BJ$15),0),15-13*ORÇAMENTO!$AF$11)),\n         0)","v":0},{"$f":"IF(AND($D18=\"Serviço\",BK$12<>0,$H18>0,OR(AUTOEVENTO<>\"manual\",$M18<>$A$15)),\n        IF(Import.TipoArredondamento<>\"TransfereGOV\",\n              ROUND(OFFSET($P18,0,BK$13),15-13*ORÇAMENTO!$AF$7)/$H18*OFFSET(ORÇAMENTO!$X$15,ROW(BK18)-ROW(BK$15),0),\n              ROUND(ROUND(OFFSET($P18,0,BK$13),15-13*ORÇAMENTO!$AF$7)*OFFSET(ORÇAMENTO!$W$15,ROW(BK18)-ROW(BK$15),0),15-13*ORÇAMENTO!$AF$11)),\n         0)","v":0},{"$f":"IF(AND($D18=\"Serviço\",BL$12<>0,$H18>0,OR(AUTOEVENTO<>\"manual\",$M18<>$A$15)),\n        IF(Import.TipoArredondamento<>\"TransfereGOV\",\n              ROUND(OFFSET($P18,0,BL$13),15-13*ORÇAMENTO!$AF$7)/$H18*OFFSET(ORÇAMENTO!$X$15,ROW(BL18)-ROW(BL$15),0),\n              ROUND(ROUND(OFFSET($P18,0,BL$13),15-13*ORÇAMENTO!$AF$7)*OFFSET(ORÇAMENTO!$W$15,ROW(BL18)-ROW(BL$15),0),15-13*ORÇAMENTO!$AF$11)),\n         0)","v":0},{"$f":"IF(AND($D18=\"Serviço\",BM$12<>0,$H18>0,OR(AUTOEVENTO<>\"manual\",$M18<>$A$15)),\n        IF(Import.TipoArredondamento<>\"TransfereGOV\",\n              ROUND(OFFSET($P18,0,BM$13),15-13*ORÇAMENTO!$AF$7)/$H18*OFFSET(ORÇAMENTO!$X$15,ROW(BM18)-ROW(BM$15),0),\n              ROUND(ROUND(OFFSET($P18,0,BM$13),15-13*ORÇAMENTO!$AF$7)*OFFSET(ORÇAMENTO!$W$15,ROW(BM18)-ROW(BM$15),0),15-13*ORÇAMENTO!$AF$11)),\n         0)","v":0},{"$f":"IF(AND($D18=\"Serviço\",BN$12<>0,$H18>0,OR(AUTOEVENTO<>\"manual\",$M18<>$A$15)),\n        IF(Import.TipoArredondamento<>\"TransfereGOV\",\n              ROUND(OFFSET($P18,0,BN$13),15-13*ORÇAMENTO!$AF$7)/$H18*OFFSET(ORÇAMENTO!$X$15,ROW(BN18)-ROW(BN$15),0),\n              ROUND(ROUND(OFFSET($P18,0,BN$13),15-13*ORÇAMENTO!$AF$7)*OFFSET(ORÇAMENTO!$W$15,ROW(BN18)-ROW(BN$15),0),15-13*ORÇAMENTO!$AF$11)),\n         0)","v":0},{"$f":"IF(AND($D18=\"Serviço\",BO$12<>0,$H18>0,OR(AUTOEVENTO<>\"manual\",$M18<>$A$15)),\n        IF(Import.TipoArredondamento<>\"TransfereGOV\",\n              ROUND(OFFSET($P18,0,BO$13),15-13*ORÇAMENTO!$AF$7)/$H18*OFFSET(ORÇAMENTO!$X$15,ROW(BO18)-ROW(BO$15),0),\n              ROUND(ROUND(OFFSET($P18,0,BO$13),15-13*ORÇAMENTO!$AF$7)*OFFSET(ORÇAMENTO!$W$15,ROW(BO18)-ROW(BO$15),0),15-13*ORÇAMENTO!$AF$11)),\n         0)","v":0},{"$f":"IF(AND($D18=\"Serviço\",BP$12<>0,$H18>0,OR(AUTOEVENTO<>\"manual\",$M18<>$A$15)),\n        IF(Import.TipoArredondamento<>\"TransfereGOV\",\n              ROUND(OFFSET($P18,0,BP$13),15-13*ORÇAMENTO!$AF$7)/$H18*OFFSET(ORÇAMENTO!$X$15,ROW(BP18)-ROW(BP$15),0),\n              ROUND(ROUND(OFFSET($P18,0,BP$13),15-13*ORÇAMENTO!$AF$7)*OFFSET(ORÇAMENTO!$W$15,ROW(BP18)-ROW(BP$15),0),15-13*ORÇAMENTO!$AF$11)),\n         0)","v":0},{"$f":"IF(AND($D18=\"Serviço\",BQ$12<>0,$H18>0,OR(AUTOEVENTO<>\"manual\",$M18<>$A$15)),\n        IF(Import.TipoArredondamento<>\"TransfereGOV\",\n              ROUND(OFFSET($P18,0,BQ$13),15-13*ORÇAMENTO!$AF$7)/$H18*OFFSET(ORÇAMENTO!$X$15,ROW(BQ18)-ROW(BQ$15),0),\n              ROUND(ROUND(OFFSET($P18,0,BQ$13),15-13*ORÇAMENTO!$AF$7)*OFFSET(ORÇAMENTO!$W$15,ROW(BQ18)-ROW(BQ$15),0),15-13*ORÇAMENTO!$AF$11)),\n         0)","v":0},null,{"$f":"IF(OR($D18<>\"Serviço\",AND(AUTOEVENTO=\"Manual\",$M18=$A$15)),0,\n         IF(OFFSET(CRONOPLE!$F$15,$M18-$A$15,BS$13)=0,10^12,OFFSET(CRONOPLE!$F$15,$M18-$A$15,BS$13)))","v":1},{"$f":"IF(OR($D18<>\"Serviço\",AND(AUTOEVENTO=\"Manual\",$M18=$A$15)),0,\n         IF(OFFSET(CRONOPLE!$F$15,$M18-$A$15,BT$13)=0,10^12,OFFSET(CRONOPLE!$F$15,$M18-$A$15,BT$13)))","v":1},{"$f":"IF(OR($D18<>\"Serviço\",AND(AUTOEVENTO=\"Manual\",$M18=$A$15)),0,\n         IF(OFFSET(CRONOPLE!$F$15,$M18-$A$15,BU$13)=0,10^12,OFFSET(CRONOPLE!$F$15,$M18-$A$15,BU$13)))","v":1},{"$f":"IF(OR($D18<>\"Serviço\",AND(AUTOEVENTO=\"Manual\",$M18=$A$15)),0,\n         IF(OFFSET(CRONOPLE!$F$15,$M18-$A$15,BV$13)=0,10^12,OFFSET(CRONOPLE!$F$15,$M18-$A$15,BV$13)))","v":1},{"$f":"IF(OR($D18<>\"Serviço\",AND(AUTOEVENTO=\"Manual\",$M18=$A$15)),0,\n         IF(OFFSET(CRONOPLE!$F$15,$M18-$A$15,BW$13)=0,10^12,OFFSET(CRONOPLE!$F$15,$M18-$A$15,BW$13)))","v":1},{"$f":"IF(OR($D18<>\"Serviço\",AND(AUTOEVENTO=\"Manual\",$M18=$A$15)),0,\n         IF(OFFSET(CRONOPLE!$F$15,$M18-$A$15,BX$13)=0,10^12,OFFSET(CRONOPLE!$F$15,$M18-$A$15,BX$13)))","v":1},{"$f":"IF(OR($D18<>\"Serviço\",AND(AUTOEVENTO=\"Manual\",$M18=$A$15)),0,\n         IF(OFFSET(CRONOPLE!$F$15,$M18-$A$15,BY$13)=0,10^12,OFFSET(CRONOPLE!$F$15,$M18-$A$15,BY$13)))","v":1},{"$f":"IF(OR($D18<>\"Serviço\",AND(AUTOEVENTO=\"Manual\",$M18=$A$15)),0,\n         IF(OFFSET(CRONOPLE!$F$15,$M18-$A$15,BZ$13)=0,10^12,OFFSET(CRONOPLE!$F$15,$M18-$A$15,BZ$13)))","v":7},{"$f":"IF(OR($D18<>\"Serviço\",AND(AUTOEVENTO=\"Manual\",$M18=$A$15)),0,\n         IF(OFFSET(CRONOPLE!$F$15,$M18-$A$15,CA$13)=0,10^12,OFFSET(CRONOPLE!$F$15,$M18-$A$15,CA$13)))","v":7},{"$f":"IF(OR($D18<>\"Serviço\",AND(AUTOEVENTO=\"Manual\",$M18=$A$15)),0,\n         IF(OFFSET(CRONOPLE!$F$15,$M18-$A$15,CB$13)=0,10^12,OFFSET(CRONOPLE!$F$15,$M18-$A$15,CB$13)))","v":7},{"$f":"IF(OR($D18<>\"Serviço\",AND(AUTOEVENTO=\"Manual\",$M18=$A$15)),0,\n         IF(OFFSET(CRONOPLE!$F$15,$M18-$A$15,CC$13)=0,10^12,OFFSET(CRONOPLE!$F$15,$M18-$A$15,CC$13)))","v":13},{"$f":"IF(OR($D18<>\"Serviço\",AND(AUTOEVENTO=\"Manual\",$M18=$A$15)),0,\n         IF(OFFSET(CRONOPLE!$F$15,$M18-$A$15,CD$13)=0,10^12,OFFSET(CRONOPLE!$F$15,$M18-$A$15,CD$13)))","v":13},{"$f":"IF(OR($D18<>\"Serviço\",AND(AUTOEVENTO=\"Manual\",$M18=$A$15)),0,\n         IF(OFFSET(CRONOPLE!$F$15,$M18-$A$15,CE$13)=0,10^12,OFFSET(CRONOPLE!$F$15,$M18-$A$15,CE$13)))","v":13},{"$f":"IF(OR($D18<>\"Serviço\",AND(AUTOEVENTO=\"Manual\",$M18=$A$15)),0,\n         IF(OFFSET(CRONOPLE!$F$15,$M18-$A$15,CF$13)=0,10^12,OFFSET(CRONOPLE!$F$15,$M18-$A$15,CF$13)))","v":13},{"$f":"IF(OR($D18<>\"Serviço\",AND(AUTOEVENTO=\"Manual\",$M18=$A$15)),0,\n         IF(OFFSET(CRONOPLE!$F$15,$M18-$A$15,CG$13)=0,10^12,OFFSET(CRONOPLE!$F$15,$M18-$A$15,CG$13)))","v":13},{"$f":"IF(OR($D18<>\"Serviço\",AND(AUTOEVENTO=\"Manual\",$M18=$A$15)),0,\n         IF(OFFSET(CRONOPLE!$F$15,$M18-$A$15,CH$13)=0,10^12,OFFSET(CRONOPLE!$F$15,$M18-$A$15,CH$13)))","v":19},{"$f":"IF(OR($D18<>\"Serviço\",AND(AUTOEVENTO=\"Manual\",$M18=$A$15)),0,\n         IF(OFFSET(CRONOPLE!$F$15,$M18-$A$15,CI$13)=0,10^12,OFFSET(CRONOPLE!$F$15,$M18-$A$15,CI$13)))","v":19},{"$f":"IF(OR($D18<>\"Serviço\",AND(AUTOEVENTO=\"Manual\",$M18=$A$15)),0,\n         IF(OFFSET(CRONOPLE!$F$15,$M18-$A$15,CJ$13)=0,10^12,OFFSET(CRONOPLE!$F$15,$M18-$A$15,CJ$13)))","v":19},{"$f":"IF(OR($D18<>\"Serviço\",AND(AUTOEVENTO=\"Manual\",$M18=$A$15)),0,\n         IF(OFFSET(CRONOPLE!$F$15,$M18-$A$15,CK$13)=0,10^12,OFFSET(CRONOPLE!$F$15,$M18-$A$15,CK$13)))","v":19},{"$f":"IF(OR($D18<>\"Serviço\",AND(AUTOEVENTO=\"Manual\",$M18=$A$15)),0,\n         IF(OFFSET(CRONOPLE!$F$15,$M18-$A$15,CL$13)=0,10^12,OFFSET(CRONOPLE!$F$15,$M18-$A$15,CL$13)))","v":19},{"$f":"IF(OR($D18<>\"Serviço\",AND(AUTOEVENTO=\"Manual\",$M18=$A$15)),0,\n         IF(OFFSET(CRONOPLE!$F$15,$M18-$A$15,CM$13)=0,10^12,OFFSET(CRONOPLE!$F$15,$M18-$A$15,CM$13)))","v":1},{"$f":"IF(OR($D18<>\"Serviço\",AND(AUTOEVENTO=\"Manual\",$M18=$A$15)),0,\n         IF(OFFSET(CRONOPLE!$F$15,$M18-$A$15,CN$13)=0,10^12,OFFSET(CRONOPLE!$F$15,$M18-$A$15,CN$13)))","v":1000000000000},{"$f":"IF(OR($D18<>\"Serviço\",AND(AUTOEVENTO=\"Manual\",$M18=$A$15)),0,\n         IF(OFFSET(CRONOPLE!$F$15,$M18-$A$15,CO$13)=0,10^12,OFFSET(CRONOPLE!$F$15,$M18-$A$15,CO$13)))","v":1000000000000},{"$f":"IF(OR($D18<>\"Serviço\",AND(AUTOEVENTO=\"Manual\",$M18=$A$15)),0,\n         IF(OFFSET(CRONOPLE!$F$15,$M18-$A$15,CP$13)=0,10^12,OFFSET(CRONOPLE!$F$15,$M18-$A$15,CP$13)))","v":1000000000000},{"$f":"IF(OR($D18<>\"Serviço\",AND(AUTOEVENTO=\"Manual\",$M18=$A$15)),0,\n         IF(OFFSET(CRONOPLE!$F$15,$M18-$A$15,CQ$13)=0,10^12,OFFSET(CRONOPLE!$F$15,$M18-$A$15,CQ$13)))","v":1000000000000},{"$f":"IF(OR($D18<>\"Serviço\",AND(AUTOEVENTO=\"Manual\",$M18=$A$15)),0,\n         IF(OFFSET(CRONOPLE!$F$15,$M18-$A$15,CR$13)=0,10^12,OFFSET(CRONOPLE!$F$15,$M18-$A$15,CR$13)))","v":1000000000000},null,{"$f":"IF(OR($D18<>\"Serviço\",AND(AUTOEVENTO=\"Manual\",$M18=$A$15),$M18>(ROW(PLE.lastrow)-ROW(PLE.firstrow))),0,\n           IF(OFFSET(PLE!$G$15,$M18-$A$15,CT$13)=\"\",10^12,OFFSET(PLE!$G$15,$M18-$A$15,CT$13)))","v":1000000000000},{"$f":"IF(OR($D18<>\"Serviço\",AND(AUTOEVENTO=\"Manual\",$M18=$A$15),$M18>(ROW(PLE.lastrow)-ROW(PLE.firstrow))),0,\n           IF(OFFSET(PLE!$G$15,$M18-$A$15,CU$13)=\"\",10^12,OFFSET(PLE!$G$15,$M18-$A$15,CU$13)))","v":1000000000000},{"$f":"IF(OR($D18<>\"Serviço\",AND(AUTOEVENTO=\"Manual\",$M18=$A$15),$M18>(ROW(PLE.lastrow)-ROW(PLE.firstrow))),0,\n           IF(OFFSET(PLE!$G$15,$M18-$A$15,CV$13)=\"\",10^12,OFFSET(PLE!$G$15,$M18-$A$15,CV$13)))","v":1000000000000},{"$f":"IF(OR($D18<>\"Serviço\",AND(AUTOEVENTO=\"Manual\",$M18=$A$15),$M18>(ROW(PLE.lastrow)-ROW(PLE.firstrow))),0,\n           IF(OFFSET(PLE!$G$15,$M18-$A$15,CW$13)=\"\",10^12,OFFSET(PLE!$G$15,$M18-$A$15,CW$13)))","v":1000000000000},{"$f":"IF(OR($D18<>\"Serviço\",AND(AUTOEVENTO=\"Manual\",$M18=$A$15),$M18>(ROW(PLE.lastrow)-ROW(PLE.firstrow))),0,\n           IF(OFFSET(PLE!$G$15,$M18-$A$15,CX$13)=\"\",10^12,OFFSET(PLE!$G$15,$M18-$A$15,CX$13)))","v":1000000000000},{"$f":"IF(OR($D18<>\"Serviço\",AND(AUTOEVENTO=\"Manual\",$M18=$A$15),$M18>(ROW(PLE.lastrow)-ROW(PLE.firstrow))),0,\n           IF(OFFSET(PLE!$G$15,$M18-$A$15,CY$13)=\"\",10^12,OFFSET(PLE!$G$15,$M18-$A$15,CY$13)))","v":1000000000000},{"$f":"IF(OR($D18<>\"Serviço\",AND(AUTOEVENTO=\"Manual\",$M18=$A$15),$M18>(ROW(PLE.lastrow)-ROW(PLE.firstrow))),0,\n           IF(OFFSET(PLE!$G$15,$M18-$A$15,CZ$13)=\"\",10^12,OFFSET(PLE!$G$15,$M18-$A$15,CZ$13)))","v":1000000000000},{"$f":"IF(OR($D18<>\"Serviço\",AND(AUTOEVENTO=\"Manual\",$M18=$A$15),$M18>(ROW(PLE.lastrow)-ROW(PLE.firstrow))),0,\n           IF(OFFSET(PLE!$G$15,$M18-$A$15,DA$13)=\"\",10^12,OFFSET(PLE!$G$15,$M18-$A$15,DA$13)))","v":1000000000000},{"$f":"IF(OR($D18<>\"Serviço\",AND(AUTOEVENTO=\"Manual\",$M18=$A$15),$M18>(ROW(PLE.lastrow)-ROW(PLE.firstrow))),0,\n           IF(OFFSET(PLE!$G$15,$M18-$A$15,DB$13)=\"\",10^12,OFFSET(PLE!$G$15,$M18-$A$15,DB$13)))","v":1000000000000},{"$f":"IF(OR($D18<>\"Serviço\",AND(AUTOEVENTO=\"Manual\",$M18=$A$15),$M18>(ROW(PLE.lastrow)-ROW(PLE.firstrow))),0,\n           IF(OFFSET(PLE!$G$15,$M18-$A$15,DC$13)=\"\",10^12,OFFSET(PLE!$G$15,$M18-$A$15,DC$13)))","v":1000000000000},{"$f":"IF(OR($D18<>\"Serviço\",AND(AUTOEVENTO=\"Manual\",$M18=$A$15),$M18>(ROW(PLE.lastrow)-ROW(PLE.firstrow))),0,\n           IF(OFFSET(PLE!$G$15,$M18-$A$15,DD$13)=\"\",10^12,OFFSET(PLE!$G$15,$M18-$A$15,DD$13)))","v":1000000000000},{"$f":"IF(OR($D18<>\"Serviço\",AND(AUTOEVENTO=\"Manual\",$M18=$A$15),$M18>(ROW(PLE.lastrow)-ROW(PLE.firstrow))),0,\n           IF(OFFSET(PLE!$G$15,$M18-$A$15,DE$13)=\"\",10^12,OFFSET(PLE!$G$15,$M18-$A$15,DE$13)))","v":1000000000000},{"$f":"IF(OR($D18<>\"Serviço\",AND(AUTOEVENTO=\"Manual\",$M18=$A$15),$M18>(ROW(PLE.lastrow)-ROW(PLE.firstrow))),0,\n           IF(OFFSET(PLE!$G$15,$M18-$A$15,DF$13)=\"\",10^12,OFFSET(PLE!$G$15,$M18-$A$15,DF$13)))","v":1000000000000},{"$f":"IF(OR($D18<>\"Serviço\",AND(AUTOEVENTO=\"Manual\",$M18=$A$15),$M18>(ROW(PLE.lastrow)-ROW(PLE.firstrow))),0,\n           IF(OFFSET(PLE!$G$15,$M18-$A$15,DG$13)=\"\",10^12,OFFSET(PLE!$G$15,$M18-$A$15,DG$13)))","v":1000000000000},{"$f":"IF(OR($D18<>\"Serviço\",AND(AUTOEVENTO=\"Manual\",$M18=$A$15),$M18>(ROW(PLE.lastrow)-ROW(PLE.firstrow))),0,\n           IF(OFFSET(PLE!$G$15,$M18-$A$15,DH$13)=\"\",10^12,OFFSET(PLE!$G$15,$M18-$A$15,DH$13)))","v":1000000000000},{"$f":"IF(OR($D18<>\"Serviço\",AND(AUTOEVENTO=\"Manual\",$M18=$A$15),$M18>(ROW(PLE.lastrow)-ROW(PLE.firstrow))),0,\n           IF(OFFSET(PLE!$G$15,$M18-$A$15,DI$13)=\"\",10^12,OFFSET(PLE!$G$15,$M18-$A$15,DI$13)))","v":1000000000000},{"$f":"IF(OR($D18<>\"Serviço\",AND(AUTOEVENTO=\"Manual\",$M18=$A$15),$M18>(ROW(PLE.lastrow)-ROW(PLE.firstrow))),0,\n           IF(OFFSET(PLE!$G$15,$M18-$A$15,DJ$13)=\"\",10^12,OFFSET(PLE!$G$15,$M18-$A$15,DJ$13)))","v":1000000000000},{"$f":"IF(OR($D18<>\"Serviço\",AND(AUTOEVENTO=\"Manual\",$M18=$A$15),$M18>(ROW(PLE.lastrow)-ROW(PLE.firstrow))),0,\n           IF(OFFSET(PLE!$G$15,$M18-$A$15,DK$13)=\"\",10^12,OFFSET(PLE!$G$15,$M18-$A$15,DK$13)))","v":1000000000000},{"$f":"IF(OR($D18<>\"Serviço\",AND(AUTOEVENTO=\"Manual\",$M18=$A$15),$M18>(ROW(PLE.lastrow)-ROW(PLE.firstrow))),0,\n           IF(OFFSET(PLE!$G$15,$M18-$A$15,DL$13)=\"\",10^12,OFFSET(PLE!$G$15,$M18-$A$15,DL$13)))","v":1000000000000},{"$f":"IF(OR($D18<>\"Serviço\",AND(AUTOEVENTO=\"Manual\",$M18=$A$15),$M18>(ROW(PLE.lastrow)-ROW(PLE.firstrow))),0,\n           IF(OFFSET(PLE!$G$15,$M18-$A$15,DM$13)=\"\",10^12,OFFSET(PLE!$G$15,$M18-$A$15,DM$13)))","v":1000000000000},{"$f":"IF(OR($D18<>\"Serviço\",AND(AUTOEVENTO=\"Manual\",$M18=$A$15),$M18>(ROW(PLE.lastrow)-ROW(PLE.firstrow))),0,\n           IF(OFFSET(PLE!$G$15,$M18-$A$15,DN$13)=\"\",10^12,OFFSET(PLE!$G$15,$M18-$A$15,DN$13)))","v":1000000000000},{"$f":"IF(OR($D18<>\"Serviço\",AND(AUTOEVENTO=\"Manual\",$M18=$A$15),$M18>(ROW(PLE.lastrow)-ROW(PLE.firstrow))),0,\n           IF(OFFSET(PLE!$G$15,$M18-$A$15,DO$13)=\"\",10^12,OFFSET(PLE!$G$15,$M18-$A$15,DO$13)))","v":1000000000000},{"$f":"IF(OR($D18<>\"Serviço\",AND(AUTOEVENTO=\"Manual\",$M18=$A$15),$M18>(ROW(PLE.lastrow)-ROW(PLE.firstrow))),0,\n           IF(OFFSET(PLE!$G$15,$M18-$A$15,DP$13)=\"\",10^12,OFFSET(PLE!$G$15,$M18-$A$15,DP$13)))","v":1000000000000},{"$f":"IF(OR($D18<>\"Serviço\",AND(AUTOEVENTO=\"Manual\",$M18=$A$15),$M18>(ROW(PLE.lastrow)-ROW(PLE.firstrow))),0,\n           IF(OFFSET(PLE!$G$15,$M18-$A$15,DQ$13)=\"\",10^12,OFFSET(PLE!$G$15,$M18-$A$15,DQ$13)))","v":1000000000000},{"$f":"IF(OR($D18<>\"Serviço\",AND(AUTOEVENTO=\"Manual\",$M18=$A$15),$M18>(ROW(PLE.lastrow)-ROW(PLE.firstrow))),0,\n           IF(OFFSET(PLE!$G$15,$M18-$A$15,DR$13)=\"\",10^12,OFFSET(PLE!$G$15,$M18-$A$15,DR$13)))","v":1000000000000},{"$f":"IF(OR($D18<>\"Serviço\",AND(AUTOEVENTO=\"Manual\",$M18=$A$15),$M18>(ROW(PLE.lastrow)-ROW(PLE.firstrow))),0,\n           IF(OFFSET(PLE!$G$15,$M18-$A$15,DS$13)=\"\",10^12,OFFSET(PLE!$G$15,$M18-$A$15,DS$13)))","v":1000000000000}]
["4.",{"$f":"OFFSET(ORÇAMENTO!C$15,$L19,0)","v":2},{"$f":"OFFSET(ORÇAMENTO!L$15,$L19,0)","v":"F"},{"$f":"OFFSET(ORÇAMENTO!N$15,$L19,0)","v":"Nível 2"},{"$f":"OFFSET(ORÇAMENTO!O$15,$L19,0)","v":"1.2."},{"$f":"OFFSET(ORÇAMENTO!R$15,$L19,0)","v":"SERVIÇOS PRELIMINARES"},{"$f":"IF($D19<>\"Serviço\",\"\",OFFSET(ORÇAMENTO!S$15,$L19,0))","v":""},{"$f":"IF($D19<>\"Serviço\",0,IF(ACOMPANHAMENTO=\"BM\",ROUND(OFFSET(ORÇAMENTO!AJ$15,$L19,0),15-13*ORÇAMENTO!$AF$7),IF(IFERROR(CÁLCULO.FrentesPreenchidas,0)=0,0,SUM(ROUND(OFFSET($P19,0,1,1,CÁLCULO.FrentesPreenchidas),15-13*ORÇAMENTO!$AF$7)))))","v":0},null,{"$f":"IF(OR(B19<>\"S\",CÁLCULO.FrentesPreenchidas=0),\"\",IF(AND(ACOMPANHAMENTO=\"PLE\",AUTOEVENTO=\"Manual\",OR(H19>0,ORÇAMENTO!AC19=\"QUANT.\"),OR(K19=\"\",M19=0,N19=\"\")),\"►E\",IF(AND(ACOMPANHAMENTO=\"PLE\",ORÇAMENTO!AC19=\"QUANT.\"),\"►Q\",IF(AND(ACOMPANHAMENTO=\"PLE\",H19<>SUMPRODUCT(($Q$1:$AQ$1=1)*ROUND(Q19:AQ19,15))),\"►S\",IF(AND(COUNTIF($P$11:$AQ$11,\"▼\")=0,H19>0,I19=\"\"),\"◄M\",\"\")))))","v":""},null,4,{"$f":"IF($D19<>\"Serviço\",\"\",\n          IF(AUTOEVENTO=\"manual\",$A19,\n                IF(ISERROR(MATCH($A19,$A$15:OFFSET($A19,-1,0),0)),MAX($M$15:OFFSET(M19,-1,0))+1,\n                      INDEX($M$15:OFFSET(M19,-1,0),MATCH($A19,$A$15:OFFSET($A19,-1,0),0)))))","v":""},{"$f":"IF($D19<>\"Serviço\",\"\",\n         IF(AUTOEVENTO=\"Manual\",\n                IF($A19=0,\"<-- defina o número do agrupador\",\n                       OFFSET(EVENTOS!$D$15,$A19-$A$15,0)),\n                OFFSET($F$15,$A19,0)))","v":""},null,null,null,null,null,null,null,null,null,null,null,null,null,null,null,null,null,null,null,null,null,null,null,null,null,null,null,null,null,{"$f":"IF(AND($D19=\"Serviço\",AR$12<>0,$H19>0,OR(AUTOEVENTO<>\"manual\",$M19<>$A$15)),\n        IF(Import.TipoArredondamento<>\"TransfereGOV\",\n              ROUND(OFFSET($P19,0,AR$13),15-13*ORÇAMENTO!$AF$7)/$H19*OFFSET(ORÇAMENTO!$X$15,ROW(AR19)-ROW(AR$15),0),\n              ROUND(ROUND(OFFSET($P19,0,AR$13),15-13*ORÇAMENTO!$AF$7)*OFFSET(ORÇAMENTO!$W$15,ROW(AR19)-ROW(AR$15),0),15-13*ORÇAMENTO!$AF$11)),\n         0)","v":0},{"$f":"IF(AND($D19=\"Serviço\",AS$12<>0,$H19>0,OR(AUTOEVENTO<>\"manual\",$M19<>$A$15)),\n        IF(Import.TipoArredondamento<>\"TransfereGOV\",\n              ROUND(OFFSET($P19,0,AS$13),15-13*ORÇAMENTO!$AF$7)/$H19*OFFSET(ORÇAMENTO!$X$15,ROW(AS19)-ROW(AS$15),0),\n              ROUND(ROUND(OFFSET($P19,0,AS$13),15-13*ORÇAMENTO!$AF$7)*OFFSET(ORÇAMENTO!$W$15,ROW(AS19)-ROW(AS$15),0),15-13*ORÇAMENTO!$AF$11)),\n         0)","v":0},{"$f":"IF(AND($D19=\"Serviço\",AT$12<>0,$H19>0,OR(AUTOEVENTO<>\"manual\",$M19<>$A$15)),\n        IF(Import.TipoArredondamento<>\"TransfereGOV\",\n              ROUND(OFFSET($P19,0,AT$13),15-13*ORÇAMENTO!$AF$7)/$H19*OFFSET(ORÇAMENTO!$X$15,ROW(AT19)-ROW(AT$15),0),\n              ROUND(ROUND(OFFSET($P19,0,AT$13),15-13*ORÇAMENTO!$AF$7)*OFFSET(ORÇAMENTO!$W$15,ROW(AT19)-ROW(AT$15),0),15-13*ORÇAMENTO!$AF$11)),\n         0)","v":0},{"$f":"IF(AND($D19=\"Serviço\",AU$12<>0,$H19>0,OR(AUTOEVENTO<>\"manual\",$M19<>$A$15)),\n        IF(Import.TipoArredondamento<>\"TransfereGOV\",\n              ROUND(OFFSET($P19,0,AU$13),15-13*ORÇAMENTO!$AF$7)/$H19*OFFSET(ORÇAMENTO!$X$15,ROW(AU19)-ROW(AU$15),0),\n              ROUND(ROUND(OFFSET($P19,0,AU$13),15-13*ORÇAMENTO!$AF$7)*OFFSET(ORÇAMENTO!$W$15,ROW(AU19)-ROW(AU$15),0),15-13*ORÇAMENTO!$AF$11)),\n         0)","v":0},{"$f":"IF(AND($D19=\"Serviço\",AV$12<>0,$H19>0,OR(AUTOEVENTO<>\"manual\",$M19<>$A$15)),\n        IF(Import.TipoArredondamento<>\"TransfereGOV\",\n              ROUND(OFFSET($P19,0,AV$13),15-13*ORÇAMENTO!$AF$7)/$H19*OFFSET(ORÇAMENTO!$X$15,ROW(AV19)-ROW(AV$15),0),\n              ROUND(ROUND(OFFSET($P19,0,AV$13),15-13*ORÇAMENTO!$AF$7)*OFFSET(ORÇAMENTO!$W$15,ROW(AV19)-ROW(AV$15),0),15-13*ORÇAMENTO!$AF$11)),\n         0)","v":0},{"$f":"IF(AND($D19=\"Serviço\",AW$12<>0,$H19>0,OR(AUTOEVENTO<>\"manual\",$M19<>$A$15)),\n        IF(Import.TipoArredondamento<>\"TransfereGOV\",\n              ROUND(OFFSET($P19,0,AW$13),15-13*ORÇAMENTO!$AF$7)/$H19*OFFSET(ORÇAMENTO!$X$15,ROW(AW19)-ROW(AW$15),0),\n              ROUND(ROUND(OFFSET($P19,0,AW$13),15-13*ORÇAMENTO!$AF$7)*OFFSET(ORÇAMENTO!$W$15,ROW(AW19)-ROW(AW$15),0),15-13*ORÇAMENTO!$AF$11)),\n         0)","v":0},{"$f":"IF(AND($D19=\"Serviço\",AX$12<>0,$H19>0,OR(AUTOEVENTO<>\"manual\",$M19<>$A$15)),\n        IF(Import.TipoArredondamento<>\"TransfereGOV\",\n              ROUND(OFFSET($P19,0,AX$13),15-13*ORÇAMENTO!$AF$7)/$H19*OFFSET(ORÇAMENTO!$X$15,ROW(AX19)-ROW(AX$15),0),\n              ROUND(ROUND(OFFSET($P19,0,AX$13),15-13*ORÇAMENTO!$AF$7)*OFFSET(ORÇAMENTO!$W$15,ROW(AX19)-ROW(AX$15),0),15-13*ORÇAMENTO!$AF$11)),\n         0)","v":0},{"$f":"IF(AND($D19=\"Serviço\",AY$12<>0,$H19>0,OR(AUTOEVENTO<>\"manual\",$M19<>$A$15)),\n        IF(Import.TipoArredondamento<>\"TransfereGOV\",\n              ROUND(OFFSET($P19,0,AY$13),15-13*ORÇAMENTO!$AF$7)/$H19*OFFSET(ORÇAMENTO!$X$15,ROW(AY19)-ROW(AY$15),0),\n              ROUND(ROUND(OFFSET($P19,0,AY$13),15-13*ORÇAMENTO!$AF$7)*OFFSET(ORÇAMENTO!$W$15,ROW(AY19)-ROW(AY$15),0),15-13*ORÇAMENTO!$AF$11)),\n         0)","v":0},{"$f":"IF(AND($D19=\"Serviço\",AZ$12<>0,$H19>0,OR(AUTOEVENTO<>\"manual\",$M19<>$A$15)),\n        IF(Import.TipoArredondamento<>\"TransfereGOV\",\n              ROUND(OFFSET($P19,0,AZ$13),15-13*ORÇAMENTO!$AF$7)/$H19*OFFSET(ORÇAMENTO!$X$15,ROW(AZ19)-ROW(AZ$15),0),\n              ROUND(ROUND(OFFSET($P19,0,AZ$13),15-13*ORÇAMENTO!$AF$7)*OFFSET(ORÇAMENTO!$W$15,ROW(AZ19)-ROW(AZ$15),0),15-13*ORÇAMENTO!$AF$11)),\n         0)","v":0},{"$f":"IF(AND($D19=\"Serviço\",BA$12<>0,$H19>0,OR(AUTOEVENTO<>\"manual\",$M19<>$A$15)),\n        IF(Import.TipoArredondamento<>\"TransfereGOV\",\n              ROUND(OFFSET($P19,0,BA$13),15-13*ORÇAMENTO!$AF$7)/$H19*OFFSET(ORÇAMENTO!$X$15,ROW(BA19)-ROW(BA$15),0),\n              ROUND(ROUND(OFFSET($P19,0,BA$13),15-13*ORÇAMENTO!$AF$7)*OFFSET(ORÇAMENTO!$W$15,ROW(BA19)-ROW(BA$15),0),15-13*ORÇAMENTO!$AF$11)),\n         0)","v":0},{"$f":"IF(AND($D19=\"Serviço\",BB$12<>0,$H19>0,OR(AUTOEVENTO<>\"manual\",$M19<>$A$15)),\n        IF(Import.TipoArredondamento<>\"TransfereGOV\",\n              ROUND(OFFSET($P19,0,BB$13),15-13*ORÇAMENTO!$AF$7)/$H19*OFFSET(ORÇAMENTO!$X$15,ROW(BB19)-ROW(BB$15),0),\n              ROUND(ROUND(OFFSET($P19,0,BB$13),15-13*ORÇAMENTO!$AF$7)*OFFSET(ORÇAMENTO!$W$15,ROW(BB19)-ROW(BB$15),0),15-13*ORÇAMENTO!$AF$11)),\n         0)","v":0},{"$f":"IF(AND($D19=\"Serviço\",BC$12<>0,$H19>0,OR(AUTOEVENTO<>\"manual\",$M19<>$A$15)),\n        IF(Import.TipoArredondamento<>\"TransfereGOV\",\n              ROUND(OFFSET($P19,0,BC$13),15-13*ORÇAMENTO!$AF$7)/$H19*OFFSET(ORÇAMENTO!$X$15,ROW(BC19)-ROW(BC$15),0),\n              ROUND(ROUND(OFFSET($P19,0,BC$13),15-13*ORÇAMENTO!$AF$7)*OFFSET(ORÇAMENTO!$W$15,ROW(BC19)-ROW(BC$15),0),15-13*ORÇAMENTO!$AF$11)),\n         0)","v":0},{"$f":"IF(AND($D19=\"Serviço\",BD$12<>0,$H19>0,OR(AUTOEVENTO<>\"manual\",$M19<>$A$15)),\n        IF(Import.TipoArredondamento<>\"TransfereGOV\",\n              ROUND(OFFSET($P19,0,BD$13),15-13*ORÇAMENTO!$AF$7)/$H19*OFFSET(ORÇAMENTO!$X$15,ROW(BD19)-ROW(BD$15),0),\n              ROUND(ROUND(OFFSET($P19,0,BD$13),15-13*ORÇAMENTO!$AF$7)*OFFSET(ORÇAMENTO!$W$15,ROW(BD19)-ROW(BD$15),0),15-13*ORÇAMENTO!$AF$11)),\n         0)","v":0},{"$f":"IF(AND($D19=\"Serviço\",BE$12<>0,$H19>0,OR(AUTOEVENTO<>\"manual\",$M19<>$A$15)),\n        IF(Import.TipoArredondamento<>\"TransfereGOV\",\n              ROUND(OFFSET($P19,0,BE$13),15-13*ORÇAMENTO!$AF$7)/$H19*OFFSET(ORÇAMENTO!$X$15,ROW(BE19)-ROW(BE$15),0),\n              ROUND(ROUND(OFFSET($P19,0,BE$13),15-13*ORÇAMENTO!$AF$7)*OFFSET(ORÇAMENTO!$W$15,ROW(BE19)-ROW(BE$15),0),15-13*ORÇAMENTO!$AF$11)),\n         0)","v":0},{"$f":"IF(AND($D19=\"Serviço\",BF$12<>0,$H19>0,OR(AUTOEVENTO<>\"manual\",$M19<>$A$15)),\n        IF(Import.TipoArredondamento<>\"TransfereGOV\",\n              ROUND(OFFSET($P19,0,BF$13),15-13*ORÇAMENTO!$AF$7)/$H19*OFFSET(ORÇAMENTO!$X$15,ROW(BF19)-ROW(BF$15),0),\n              ROUND(ROUND(OFFSET($P19,0,BF$13),15-13*ORÇAMENTO!$AF$7)*OFFSET(ORÇAMENTO!$W$15,ROW(BF19)-ROW(BF$15),0),15-13*ORÇAMENTO!$AF$11)),\n         0)","v":0},{"$f":"IF(AND($D19=\"Serviço\",BG$12<>0,$H19>0,OR(AUTOEVENTO<>\"manual\",$M19<>$A$15)),\n        IF(Import.TipoArredondamento<>\"TransfereGOV\",\n              ROUND(OFFSET($P19,0,BG$13),15-13*ORÇAMENTO!$AF$7)/$H19*OFFSET(ORÇAMENTO!$X$15,ROW(BG19)-ROW(BG$15),0),\n              ROUND(ROUND(OFFSET($P19,0,BG$13),15-13*ORÇAMENTO!$AF$7)*OFFSET(ORÇAMENTO!$W$15,ROW(BG19)-ROW(BG$15),0),15-13*ORÇAMENTO!$AF$11)),\n         0)","v":0},{"$f":"IF(AND($D19=\"Serviço\",BH$12<>0,$H19>0,OR(AUTOEVENTO<>\"manual\",$M19<>$A$15)),\n        IF(Import.TipoArredondamento<>\"TransfereGOV\",\n              ROUND(OFFSET($P19,0,BH$13),15-13*ORÇAMENTO!$AF$7)/$H19*OFFSET(ORÇAMENTO!$X$15,ROW(BH19)-ROW(BH$15),0),\n              ROUND(ROUND(OFFSET($P19,0,BH$13),15-13*ORÇAMENTO!$AF$7)*OFFSET(ORÇAMENTO!$W$15,ROW(BH19)-ROW(BH$15),0),15-13*ORÇAMENTO!$AF$11)),\n         0)","v":0},{"$f":"IF(AND($D19=\"Serviço\",BI$12<>0,$H19>0,OR(AUTOEVENTO<>\"manual\",$M19<>$A$15)),\n        IF(Import.TipoArredondamento<>\"TransfereGOV\",\n              ROUND(OFFSET($P19,0,BI$13),15-13*ORÇAMENTO!$AF$7)/$H19*OFFSET(ORÇAMENTO!$X$15,ROW(BI19)-ROW(BI$15),0),\n              ROUND(ROUND(OFFSET($P19,0,BI$13),15-13*ORÇAMENTO!$AF$7)*OFFSET(ORÇAMENTO!$W$15,ROW(BI19)-ROW(BI$15),0),15-13*ORÇAMENTO!$AF$11)),\n         0)","v":0},{"$f":"IF(AND($D19=\"Serviço\",BJ$12<>0,$H19>0,OR(AUTOEVENTO<>\"manual\",$M19<>$A$15)),\n        IF(Import.TipoArredondamento<>\"TransfereGOV\",\n              ROUND(OFFSET($P19,0,BJ$13),15-13*ORÇAMENTO!$AF$7)/$H19*OFFSET(ORÇAMENTO!$X$15,ROW(BJ19)-ROW(BJ$15),0),\n              ROUND(ROUND(OFFSET($P19,0,BJ$13),15-13*ORÇAMENTO!$AF$7)*OFFSET(ORÇAMENTO!$W$15,ROW(BJ19)-ROW(BJ$15),0),15-13*ORÇAMENTO!$AF$11)),\n         0)","v":0},{"$f":"IF(AND($D19=\"Serviço\",BK$12<>0,$H19>0,OR(AUTOEVENTO<>\"manual\",$M19<>$A$15)),\n        IF(Import.TipoArredondamento<>\"TransfereGOV\",\n              ROUND(OFFSET($P19,0,BK$13),15-13*ORÇAMENTO!$AF$7)/$H19*OFFSET(ORÇAMENTO!$X$15,ROW(BK19)-ROW(BK$15),0),\n              ROUND(ROUND(OFFSET($P19,0,BK$13),15-13*ORÇAMENTO!$AF$7)*OFFSET(ORÇAMENTO!$W$15,ROW(BK19)-ROW(BK$15),0),15-13*ORÇAMENTO!$AF$11)),\n         0)","v":0},{"$f":"IF(AND($D19=\"Serviço\",BL$12<>0,$H19>0,OR(AUTOEVENTO<>\"manual\",$M19<>$A$15)),\n        IF(Import.TipoArredondamento<>\"TransfereGOV\",\n              ROUND(OFFSET($P19,0,BL$13),15-13*ORÇAMENTO!$AF$7)/$H19*OFFSET(ORÇAMENTO!$X$15,ROW(BL19)-ROW(BL$15),0),\n              ROUND(ROUND(OFFSET($P19,0,BL$13),15-13*ORÇAMENTO!$AF$7)*OFFSET(ORÇAMENTO!$W$15,ROW(BL19)-ROW(BL$15),0),15-13*ORÇAMENTO!$AF$11)),\n         0)","v":0},{"$f":"IF(AND($D19=\"Serviço\",BM$12<>0,$H19>0,OR(AUTOEVENTO<>\"manual\",$M19<>$A$15)),\n        IF(Import.TipoArredondamento<>\"TransfereGOV\",\n              ROUND(OFFSET($P19,0,BM$13),15-13*ORÇAMENTO!$AF$7)/$H19*OFFSET(ORÇAMENTO!$X$15,ROW(BM19)-ROW(BM$15),0),\n              ROUND(ROUND(OFFSET($P19,0,BM$13),15-13*ORÇAMENTO!$AF$7)*OFFSET(ORÇAMENTO!$W$15,ROW(BM19)-ROW(BM$15),0),15-13*ORÇAMENTO!$AF$11)),\n         0)","v":0},{"$f":"IF(AND($D19=\"Serviço\",BN$12<>0,$H19>0,OR(AUTOEVENTO<>\"manual\",$M19<>$A$15)),\n        IF(Import.TipoArredondamento<>\"TransfereGOV\",\n              ROUND(OFFSET($P19,0,BN$13),15-13*ORÇAMENTO!$AF$7)/$H19*OFFSET(ORÇAMENTO!$X$15,ROW(BN19)-ROW(BN$15),0),\n              ROUND(ROUND(OFFSET($P19,0,BN$13),15-13*ORÇAMENTO!$AF$7)*OFFSET(ORÇAMENTO!$W$15,ROW(BN19)-ROW(BN$15),0),15-13*ORÇAMENTO!$AF$11)),\n         0)","v":0},{"$f":"IF(AND($D19=\"Serviço\",BO$12<>0,$H19>0,OR(AUTOEVENTO<>\"manual\",$M19<>$A$15)),\n        IF(Import.TipoArredondamento<>\"TransfereGOV\",\n              ROUND(OFFSET($P19,0,BO$13),15-13*ORÇAMENTO!$AF$7)/$H19*OFFSET(ORÇAMENTO!$X$15,ROW(BO19)-ROW(BO$15),0),\n              ROUND(ROUND(OFFSET($P19,0,BO$13),15-13*ORÇAMENTO!$AF$7)*OFFSET(ORÇAMENTO!$W$15,ROW(BO19)-ROW(BO$15),0),15-13*ORÇAMENTO!$AF$11)),\n         0)","v":0},{"$f":"IF(AND($D19=\"Serviço\",BP$12<>0,$H19>0,OR(AUTOEVENTO<>\"manual\",$M19<>$A$15)),\n        IF(Import.TipoArredondamento<>\"TransfereGOV\",\n              ROUND(OFFSET($P19,0,BP$13),15-13*ORÇAMENTO!$AF$7)/$H19*OFFSET(ORÇAMENTO!$X$15,ROW(BP19)-ROW(BP$15),0),\n              ROUND(ROUND(OFFSET($P19,0,BP$13),15-13*ORÇAMENTO!$AF$7)*OFFSET(ORÇAMENTO!$W$15,ROW(BP19)-ROW(BP$15),0),15-13*ORÇAMENTO!$AF$11)),\n         0)","v":0},{"$f":"IF(AND($D19=\"Serviço\",BQ$12<>0,$H19>0,OR(AUTOEVENTO<>\"manual\",$M19<>$A$15)),\n        IF(Import.TipoArredondamento<>\"TransfereGOV\",\n              ROUND(OFFSET($P19,0,BQ$13),15-13*ORÇAMENTO!$AF$7)/$H19*OFFSET(ORÇAMENTO!$X$15,ROW(BQ19)-ROW(BQ$15),0),\n              ROUND(ROUND(OFFSET($P19,0,BQ$13),15-13*ORÇAMENTO!$AF$7)*OFFSET(ORÇAMENTO!$W$15,ROW(BQ19)-ROW(BQ$15),0),15-13*ORÇAMENTO!$AF$11)),\n         0)","v":0},null,{"$f":"IF(OR($D19<>\"Serviço\",AND(AUTOEVENTO=\"Manual\",$M19=$A$15)),0,\n         IF(OFFSET(CRONOPLE!$F$15,$M19-$A$15,BS$13)=0,10^12,OFFSET(CRONOPLE!$F$15,$M19-$A$15,BS$13)))","v":0},{"$f":"IF(OR($D19<>\"Serviço\",AND(AUTOEVENTO=\"Manual\",$M19=$A$15)),0,\n         IF(OFFSET(CRONOPLE!$F$15,$M19-$A$15,BT$13)=0,10^12,OFFSET(CRONOPLE!$F$15,$M19-$A$15,BT$13)))","v":0},{"$f":"IF(OR($D19<>\"Serviço\",AND(AUTOEVENTO=\"Manual\",$M19=$A$15)),0,\n         IF(OFFSET(CRONOPLE!$F$15,$M19-$A$15,BU$13)=0,10^12,OFFSET(CRONOPLE!$F$15,$M19-$A$15,BU$13)))","v":0},{"$f":"IF(OR($D19<>\"Serviço\",AND(AUTOEVENTO=\"Manual\",$M19=$A$15)),0,\n         IF(OFFSET(CRONOPLE!$F$15,$M19-$A$15,BV$13)=0,10^12,OFFSET(CRONOPLE!$F$15,$M19-$A$15,BV$13)))","v":0},{"$f":"IF(OR($D19<>\"Serviço\",AND(AUTOEVENTO=\"Manual\",$M19=$A$15)),0,\n         IF(OFFSET(CRONOPLE!$F$15,$M19-$A$15,BW$13)=0,10^12,OFFSET(CRONOPLE!$F$15,$M19-$A$15,BW$13)))","v":0},{"$f":"IF(OR($D19<>\"Serviço\",AND(AUTOEVENTO=\"Manual\",$M19=$A$15)),0,\n         IF(OFFSET(CRONOPLE!$F$15,$M19-$A$15,BX$13)=0,10^12,OFFSET(CRONOPLE!$F$15,$M19-$A$15,BX$13)))","v":0},{"$f":"IF(OR($D19<>\"Serviço\",AND(AUTOEVENTO=\"Manual\",$M19=$A$15)),0,\n         IF(OFFSET(CRONOPLE!$F$15,$M19-$A$15,BY$13)=0,10^12,OFFSET(CRONOPLE!$F$15,$M19-$A$15,BY$13)))","v":0},{"$f":"IF(OR($D19<>\"Serviço\",AND(AUTOEVENTO=\"Manual\",$M19=$A$15)),0,\n         IF(OFFSET(CRONOPLE!$F$15,$M19-$A$15,BZ$13)=0,10^12,OFFSET(CRONOPLE!$F$15,$M19-$A$15,BZ$13)))","v":0},{"$f":"IF(OR($D19<>\"Serviço\",AND(AUTOEVENTO=\"Manual\",$M19=$A$15)),0,\n         IF(OFFSET(CRONOPLE!$F$15,$M19-$A$15,CA$13)=0,10^12,OFFSET(CRONOPLE!$F$15,$M19-$A$15,CA$13)))","v":0},{"$f":"IF(OR($D19<>\"Serviço\",AND(AUTOEVENTO=\"Manual\",$M19=$A$15)),0,\n         IF(OFFSET(CRONOPLE!$F$15,$M19-$A$15,CB$13)=0,10^12,OFFSET(CRONOPLE!$F$15,$M19-$A$15,CB$13)))","v":0},{"$f":"IF(OR($D19<>\"Serviço\",AND(AUTOEVENTO=\"Manual\",$M19=$A$15)),0,\n         IF(OFFSET(CRONOPLE!$F$15,$M19-$A$15,CC$13)=0,10^12,OFFSET(CRONOPLE!$F$15,$M19-$A$15,CC$13)))","v":0},{"$f":"IF(OR($D19<>\"Serviço\",AND(AUTOEVENTO=\"Manual\",$M19=$A$15)),0,\n         IF(OFFSET(CRONOPLE!$F$15,$M19-$A$15,CD$13)=0,10^12,OFFSET(CRONOPLE!$F$15,$M19-$A$15,CD$13)))","v":0},{"$f":"IF(OR($D19<>\"Serviço\",AND(AUTOEVENTO=\"Manual\",$M19=$A$15)),0,\n         IF(OFFSET(CRONOPLE!$F$15,$M19-$A$15,CE$13)=0,10^12,OFFSET(CRONOPLE!$F$15,$M19-$A$15,CE$13)))","v":0},{"$f":"IF(OR($D19<>\"Serviço\",AND(AUTOEVENTO=\"Manual\",$M19=$A$15)),0,\n         IF(OFFSET(CRONOPLE!$F$15,$M19-$A$15,CF$13)=0,10^12,OFFSET(CRONOPLE!$F$15,$M19-$A$15,CF$13)))","v":0},{"$f":"IF(OR($D19<>\"Serviço\",AND(AUTOEVENTO=\"Manual\",$M19=$A$15)),0,\n         IF(OFFSET(CRONOPLE!$F$15,$M19-$A$15,CG$13)=0,10^12,OFFSET(CRONOPLE!$F$15,$M19-$A$15,CG$13)))","v":0},{"$f":"IF(OR($D19<>\"Serviço\",AND(AUTOEVENTO=\"Manual\",$M19=$A$15)),0,\n         IF(OFFSET(CRONOPLE!$F$15,$M19-$A$15,CH$13)=0,10^12,OFFSET(CRONOPLE!$F$15,$M19-$A$15,CH$13)))","v":0},{"$f":"IF(OR($D19<>\"Serviço\",AND(AUTOEVENTO=\"Manual\",$M19=$A$15)),0,\n         IF(OFFSET(CRONOPLE!$F$15,$M19-$A$15,CI$13)=0,10^12,OFFSET(CRONOPLE!$F$15,$M19-$A$15,CI$13)))","v":0},{"$f":"IF(OR($D19<>\"Serviço\",AND(AUTOEVENTO=\"Manual\",$M19=$A$15)),0,\n         IF(OFFSET(CRONOPLE!$F$15,$M19-$A$15,CJ$13)=0,10^12,OFFSET(CRONOPLE!$F$15,$M19-$A$15,CJ$13)))","v":0},{"$f":"IF(OR($D19<>\"Serviço\",AND(AUTOEVENTO=\"Manual\",$M19=$A$15)),0,\n         IF(OFFSET(CRONOPLE!$F$15,$M19-$A$15,CK$13)=0,10^12,OFFSET(CRONOPLE!$F$15,$M19-$A$15,CK$13)))","v":0},{"$f":"IF(OR($D19<>\"Serviço\",AND(AUTOEVENTO=\"Manual\",$M19=$A$15)),0,\n         IF(OFFSET(CRONOPLE!$F$15,$M19-$A$15,CL$13)=0,10^12,OFFSET(CRONOPLE!$F$15,$M19-$A$15,CL$13)))","v":0},{"$f":"IF(OR($D19<>\"Serviço\",AND(AUTOEVENTO=\"Manual\",$M19=$A$15)),0,\n         IF(OFFSET(CRONOPLE!$F$15,$M19-$A$15,CM$13)=0,10^12,OFFSET(CRONOPLE!$F$15,$M19-$A$15,CM$13)))","v":0},{"$f":"IF(OR($D19<>\"Serviço\",AND(AUTOEVENTO=\"Manual\",$M19=$A$15)),0,\n         IF(OFFSET(CRONOPLE!$F$15,$M19-$A$15,CN$13)=0,10^12,OFFSET(CRONOPLE!$F$15,$M19-$A$15,CN$13)))","v":0},{"$f":"IF(OR($D19<>\"Serviço\",AND(AUTOEVENTO=\"Manual\",$M19=$A$15)),0,\n         IF(OFFSET(CRONOPLE!$F$15,$M19-$A$15,CO$13)=0,10^12,OFFSET(CRONOPLE!$F$15,$M19-$A$15,CO$13)))","v":0},{"$f":"IF(OR($D19<>\"Serviço\",AND(AUTOEVENTO=\"Manual\",$M19=$A$15)),0,\n         IF(OFFSET(CRONOPLE!$F$15,$M19-$A$15,CP$13)=0,10^12,OFFSET(CRONOPLE!$F$15,$M19-$A$15,CP$13)))","v":0},{"$f":"IF(OR($D19<>\"Serviço\",AND(AUTOEVENTO=\"Manual\",$M19=$A$15)),0,\n         IF(OFFSET(CRONOPLE!$F$15,$M19-$A$15,CQ$13)=0,10^12,OFFSET(CRONOPLE!$F$15,$M19-$A$15,CQ$13)))","v":0},{"$f":"IF(OR($D19<>\"Serviço\",AND(AUTOEVENTO=\"Manual\",$M19=$A$15)),0,\n         IF(OFFSET(CRONOPLE!$F$15,$M19-$A$15,CR$13)=0,10^12,OFFSET(CRONOPLE!$F$15,$M19-$A$15,CR$13)))","v":0},null,{"$f":"IF(OR($D19<>\"Serviço\",AND(AUTOEVENTO=\"Manual\",$M19=$A$15),$M19>(ROW(PLE.lastrow)-ROW(PLE.firstrow))),0,\n           IF(OFFSET(PLE!$G$15,$M19-$A$15,CT$13)=\"\",10^12,OFFSET(PLE!$G$15,$M19-$A$15,CT$13)))","v":0},{"$f":"IF(OR($D19<>\"Serviço\",AND(AUTOEVENTO=\"Manual\",$M19=$A$15),$M19>(ROW(PLE.lastrow)-ROW(PLE.firstrow))),0,\n           IF(OFFSET(PLE!$G$15,$M19-$A$15,CU$13)=\"\",10^12,OFFSET(PLE!$G$15,$M19-$A$15,CU$13)))","v":0},{"$f":"IF(OR($D19<>\"Serviço\",AND(AUTOEVENTO=\"Manual\",$M19=$A$15),$M19>(ROW(PLE.lastrow)-ROW(PLE.firstrow))),0,\n           IF(OFFSET(PLE!$G$15,$M19-$A$15,CV$13)=\"\",10^12,OFFSET(PLE!$G$15,$M19-$A$15,CV$13)))","v":0},{"$f":"IF(OR($D19<>\"Serviço\",AND(AUTOEVENTO=\"Manual\",$M19=$A$15),$M19>(ROW(PLE.lastrow)-ROW(PLE.firstrow))),0,\n           IF(OFFSET(PLE!$G$15,$M19-$A$15,CW$13)=\"\",10^12,OFFSET(PLE!$G$15,$M19-$A$15,CW$13)))","v":0},{"$f":"IF(OR($D19<>\"Serviço\",AND(AUTOEVENTO=\"Manual\",$M19=$A$15),$M19>(ROW(PLE.lastrow)-ROW(PLE.firstrow))),0,\n           IF(OFFSET(PLE!$G$15,$M19-$A$15,CX$13)=\"\",10^12,OFFSET(PLE!$G$15,$M19-$A$15,CX$13)))","v":0},{"$f":"IF(OR($D19<>\"Serviço\",AND(AUTOEVENTO=\"Manual\",$M19=$A$15),$M19>(ROW(PLE.lastrow)-ROW(PLE.firstrow))),0,\n           IF(OFFSET(PLE!$G$15,$M19-$A$15,CY$13)=\"\",10^12,OFFSET(PLE!$G$15,$M19-$A$15,CY$13)))","v":0},{"$f":"IF(OR($D19<>\"Serviço\",AND(AUTOEVENTO=\"Manual\",$M19=$A$15),$M19>(ROW(PLE.lastrow)-ROW(PLE.firstrow))),0,\n           IF(OFFSET(PLE!$G$15,$M19-$A$15,CZ$13)=\"\",10^12,OFFSET(PLE!$G$15,$M19-$A$15,CZ$13)))","v":0},{"$f":"IF(OR($D19<>\"Serviço\",AND(AUTOEVENTO=\"Manual\",$M19=$A$15),$M19>(ROW(PLE.lastrow)-ROW(PLE.firstrow))),0,\n           IF(OFFSET(PLE!$G$15,$M19-$A$15,DA$13)=\"\",10^12,OFFSET(PLE!$G$15,$M19-$A$15,DA$13)))","v":0},{"$f":"IF(OR($D19<>\"Serviço\",AND(AUTOEVENTO=\"Manual\",$M19=$A$15),$M19>(ROW(PLE.lastrow)-ROW(PLE.firstrow))),0,\n           IF(OFFSET(PLE!$G$15,$M19-$A$15,DB$13)=\"\",10^12,OFFSET(PLE!$G$15,$M19-$A$15,DB$13)))","v":0},{"$f":"IF(OR($D19<>\"Serviço\",AND(AUTOEVENTO=\"Manual\",$M19=$A$15),$M19>(ROW(PLE.lastrow)-ROW(PLE.firstrow))),0,\n           IF(OFFSET(PLE!$G$15,$M19-$A$15,DC$13)=\"\",10^12,OFFSET(PLE!$G$15,$M19-$A$15,DC$13)))","v":0},{"$f":"IF(OR($D19<>\"Serviço\",AND(AUTOEVENTO=\"Manual\",$M19=$A$15),$M19>(ROW(PLE.lastrow)-ROW(PLE.firstrow))),0,\n           IF(OFFSET(PLE!$G$15,$M19-$A$15,DD$13)=\"\",10^12,OFFSET(PLE!$G$15,$M19-$A$15,DD$13)))","v":0},{"$f":"IF(OR($D19<>\"Serviço\",AND(AUTOEVENTO=\"Manual\",$M19=$A$15),$M19>(ROW(PLE.lastrow)-ROW(PLE.firstrow))),0,\n           IF(OFFSET(PLE!$G$15,$M19-$A$15,DE$13)=\"\",10^12,OFFSET(PLE!$G$15,$M19-$A$15,DE$13)))","v":0},{"$f":"IF(OR($D19<>\"Serviço\",AND(AUTOEVENTO=\"Manual\",$M19=$A$15),$M19>(ROW(PLE.lastrow)-ROW(PLE.firstrow))),0,\n           IF(OFFSET(PLE!$G$15,$M19-$A$15,DF$13)=\"\",10^12,OFFSET(PLE!$G$15,$M19-$A$15,DF$13)))","v":0},{"$f":"IF(OR($D19<>\"Serviço\",AND(AUTOEVENTO=\"Manual\",$M19=$A$15),$M19>(ROW(PLE.lastrow)-ROW(PLE.firstrow))),0,\n           IF(OFFSET(PLE!$G$15,$M19-$A$15,DG$13)=\"\",10^12,OFFSET(PLE!$G$15,$M19-$A$15,DG$13)))","v":0},{"$f":"IF(OR($D19<>\"Serviço\",AND(AUTOEVENTO=\"Manual\",$M19=$A$15),$M19>(ROW(PLE.lastrow)-ROW(PLE.firstrow))),0,\n           IF(OFFSET(PLE!$G$15,$M19-$A$15,DH$13)=\"\",10^12,OFFSET(PLE!$G$15,$M19-$A$15,DH$13)))","v":0},{"$f":"IF(OR($D19<>\"Serviço\",AND(AUTOEVENTO=\"Manual\",$M19=$A$15),$M19>(ROW(PLE.lastrow)-ROW(PLE.firstrow))),0,\n           IF(OFFSET(PLE!$G$15,$M19-$A$15,DI$13)=\"\",10^12,OFFSET(PLE!$G$15,$M19-$A$15,DI$13)))","v":0},{"$f":"IF(OR($D19<>\"Serviço\",AND(AUTOEVENTO=\"Manual\",$M19=$A$15),$M19>(ROW(PLE.lastrow)-ROW(PLE.firstrow))),0,\n           IF(OFFSET(PLE!$G$15,$M19-$A$15,DJ$13)=\"\",10^12,OFFSET(PLE!$G$15,$M19-$A$15,DJ$13)))","v":0},{"$f":"IF(OR($D19<>\"Serviço\",AND(AUTOEVENTO=\"Manual\",$M19=$A$15),$M19>(ROW(PLE.lastrow)-ROW(PLE.firstrow))),0,\n           IF(OFFSET(PLE!$G$15,$M19-$A$15,DK$13)=\"\",10^12,OFFSET(PLE!$G$15,$M19-$A$15,DK$13)))","v":0},{"$f":"IF(OR($D19<>\"Serviço\",AND(AUTOEVENTO=\"Manual\",$M19=$A$15),$M19>(ROW(PLE.lastrow)-ROW(PLE.firstrow))),0,\n           IF(OFFSET(PLE!$G$15,$M19-$A$15,DL$13)=\"\",10^12,OFFSET(PLE!$G$15,$M19-$A$15,DL$13)))","v":0},{"$f":"IF(OR($D19<>\"Serviço\",AND(AUTOEVENTO=\"Manual\",$M19=$A$15),$M19>(ROW(PLE.lastrow)-ROW(PLE.firstrow))),0,\n           IF(OFFSET(PLE!$G$15,$M19-$A$15,DM$13)=\"\",10^12,OFFSET(PLE!$G$15,$M19-$A$15,DM$13)))","v":0},{"$f":"IF(OR($D19<>\"Serviço\",AND(AUTOEVENTO=\"Manual\",$M19=$A$15),$M19>(ROW(PLE.lastrow)-ROW(PLE.firstrow))),0,\n           IF(OFFSET(PLE!$G$15,$M19-$A$15,DN$13)=\"\",10^12,OFFSET(PLE!$G$15,$M19-$A$15,DN$13)))","v":0},{"$f":"IF(OR($D19<>\"Serviço\",AND(AUTOEVENTO=\"Manual\",$M19=$A$15),$M19>(ROW(PLE.lastrow)-ROW(PLE.firstrow))),0,\n           IF(OFFSET(PLE!$G$15,$M19-$A$15,DO$13)=\"\",10^12,OFFSET(PLE!$G$15,$M19-$A$15,DO$13)))","v":0},{"$f":"IF(OR($D19<>\"Serviço\",AND(AUTOEVENTO=\"Manual\",$M19=$A$15),$M19>(ROW(PLE.lastrow)-ROW(PLE.firstrow))),0,\n           IF(OFFSET(PLE!$G$15,$M19-$A$15,DP$13)=\"\",10^12,OFFSET(PLE!$G$15,$M19-$A$15,DP$13)))","v":0},{"$f":"IF(OR($D19<>\"Serviço\",AND(AUTOEVENTO=\"Manual\",$M19=$A$15),$M19>(ROW(PLE.lastrow)-ROW(PLE.firstrow))),0,\n           IF(OFFSET(PLE!$G$15,$M19-$A$15,DQ$13)=\"\",10^12,OFFSET(PLE!$G$15,$M19-$A$15,DQ$13)))","v":0},{"$f":"IF(OR($D19<>\"Serviço\",AND(AUTOEVENTO=\"Manual\",$M19=$A$15),$M19>(ROW(PLE.lastrow)-ROW(PLE.firstrow))),0,\n           IF(OFFSET(PLE!$G$15,$M19-$A$15,DR$13)=\"\",10^12,OFFSET(PLE!$G$15,$M19-$A$15,DR$13)))","v":0},{"$f":"IF(OR($D19<>\"Serviço\",AND(AUTOEVENTO=\"Manual\",$M19=$A$15),$M19>(ROW(PLE.lastrow)-ROW(PLE.firstrow))),0,\n           IF(OFFSET(PLE!$G$15,$M19-$A$15,DS$13)=\"\",10^12,OFFSET(PLE!$G$15,$M19-$A$15,DS$13)))","v":0}]
["4",{"$f":"OFFSET(ORÇAMENTO!C$15,$L20,0)","v":"S"},{"$f":"OFFSET(ORÇAMENTO!L$15,$L20,0)","v":"F"},{"$f":"OFFSET(ORÇAMENTO!N$15,$L20,0)","v":"Serviço"},{"$f":"OFFSET(ORÇAMENTO!O$15,$L20,0)","v":"1.2.0.0.1."},{"$f":"OFFSET(ORÇAMENTO!R$15,$L20,0)","v":"LOCAÇÃO CONVENCIONAL DE OBRA, UTILIZANDO GABARITO DE TÁBUAS CORRIDAS PONTALETADAS A CADA 2,00M - 2 UTILIZAÇÕES. AF_03/2024"},{"$f":"IF($D20<>\"Serviço\",\"\",OFFSET(ORÇAMENTO!S$15,$L20,0))","v":"M"},{"$f":"IF($D20<>\"Serviço\",0,IF(ACOMPANHAMENTO=\"BM\",ROUND(OFFSET(ORÇAMENTO!AJ$15,$L20,0),15-13*ORÇAMENTO!$AF$7),IF(IFERROR(CÁLCULO.FrentesPreenchidas,0)=0,0,SUM(ROUND(OFFSET($P20,0,1,1,CÁLCULO.FrentesPreenchidas),15-13*ORÇAMENTO!$AF$7)))))","v":151.5},"Perímetro a 1m da edificação (Considerado apenas 1 lado pela possibildade de executar edificação geminada, caso não seja geminada, incluir o lado sobre a divisa)",{"$f":"IF(OR(B20<>\"S\",CÁLCULO.FrentesPreenchidas=0),\"\",IF(AND(ACOMPANHAMENTO=\"PLE\",AUTOEVENTO=\"Manual\",OR(H20>0,ORÇAMENTO!AC20=\"QUANT.\"),OR(K20=\"\",M20=0,N20=\"\")),\"►E\",IF(AND(ACOMPANHAMENTO=\"PLE\",ORÇAMENTO!AC20=\"QUANT.\"),\"►Q\",IF(AND(ACOMPANHAMENTO=\"PLE\",H20<>SUMPRODUCT(($Q$1:$AQ$1=1)*ROUND(Q20:AQ20,15))),\"►S\",IF(AND(COUNTIF($P$11:$AQ$11,\"▼\")=0,H20>0,I20=\"\"),\"◄M\",\"\")))))","v":""},"2. SERVIÇOS PRELIMINARES",5,{"$f":"IF($D20<>\"Serviço\",\"\",\n          IF(AUTOEVENTO=\"manual\",$A20,\n                IF(ISERROR(MATCH($A20,$A$15:OFFSET($A20,-1,0),0)),MAX($M$15:OFFSET(M20,-1,0))+1,\n                      INDEX($M$15:OFFSET(M20,-1,0),MATCH($A20,$A$15:OFFSET($A20,-1,0),0)))))","v":2},{"$f":"IF($D20<>\"Serviço\",\"\",\n         IF(AUTOEVENTO=\"Manual\",\n                IF($A20=0,\"<-- defina o número do agrupador\",\n                       OFFSET(EVENTOS!$D$15,$A20-$A$15,0)),\n                OFFSET($F$15,$A20,0)))","v":"SERVIÇOS PRELIMINARES"},null,null,30.3,30.3,30.3,30.3,30.3,null,null,null,null,null,null,null,null,null,null,null,null,null,null,null,null,null,null,null,null,null,null,{"$f":"IF(AND($D20=\"Serviço\",AR$12<>0,$H20>0,OR(AUTOEVENTO<>\"manual\",$M20<>$A$15)),\n        IF(Import.TipoArredondamento<>\"TransfereGOV\",\n              ROUND(OFFSET($P20,0,AR$13),15-13*ORÇAMENTO!$AF$7)/$H20*OFFSET(ORÇAMENTO!$X$15,ROW(AR20)-ROW(AR$15),0),\n              ROUND(ROUND(OFFSET($P20,0,AR$13),15-13*ORÇAMENTO!$AF$7)*OFFSET(ORÇAMENTO!$W$15,ROW(AR20)-ROW(AR$15),0),15-13*ORÇAMENTO!$AF$11)),\n         0)","v":2436.12},{"$f":"IF(AND($D20=\"Serviço\",AS$12<>0,$H20>0,OR(AUTOEVENTO<>\"manual\",$M20<>$A$15)),\n        IF(Import.TipoArredondamento<>\"TransfereGOV\",\n              ROUND(OFFSET($P20,0,AS$13),15-13*ORÇAMENTO!$AF$7)/$H20*OFFSET(ORÇAMENTO!$X$15,ROW(AS20)-ROW(AS$15),0),\n              ROUND(ROUND(OFFSET($P20,0,AS$13),15-13*ORÇAMENTO!$AF$7)*OFFSET(ORÇAMENTO!$W$15,ROW(AS20)-ROW(AS$15),0),15-13*ORÇAMENTO!$AF$11)),\n         0)","v":2436.12},{"$f":"IF(AND($D20=\"Serviço\",AT$12<>0,$H20>0,OR(AUTOEVENTO<>\"manual\",$M20<>$A$15)),\n        IF(Import.TipoArredondamento<>\"TransfereGOV\",\n              ROUND(OFFSET($P20,0,AT$13),15-13*ORÇAMENTO!$AF$7)/$H20*OFFSET(ORÇAMENTO!$X$15,ROW(AT20)-ROW(AT$15),0),\n              ROUND(ROUND(OFFSET($P20,0,AT$13),15-13*ORÇAMENTO!$AF$7)*OFFSET(ORÇAMENTO!$W$15,ROW(AT20)-ROW(AT$15),0),15-13*ORÇAMENTO!$AF$11)),\n         0)","v":2436.12},{"$f":"IF(AND($D20=\"Serviço\",AU$12<>0,$H20>0,OR(AUTOEVENTO<>\"manual\",$M20<>$A$15)),\n        IF(Import.TipoArredondamento<>\"TransfereGOV\",\n              ROUND(OFFSET($P20,0,AU$13),15-13*ORÇAMENTO!$AF$7)/$H20*OFFSET(ORÇAMENTO!$X$15,ROW(AU20)-ROW(AU$15),0),\n              ROUND(ROUND(OFFSET($P20,0,AU$13),15-13*ORÇAMENTO!$AF$7)*OFFSET(ORÇAMENTO!$W$15,ROW(AU20)-ROW(AU$15),0),15-13*ORÇAMENTO!$AF$11)),\n         0)","v":2436.12},{"$f":"IF(AND($D20=\"Serviço\",AV$12<>0,$H20>0,OR(AUTOEVENTO<>\"manual\",$M20<>$A$15)),\n        IF(Import.TipoArredondamento<>\"TransfereGOV\",\n              ROUND(OFFSET($P20,0,AV$13),15-13*ORÇAMENTO!$AF$7)/$H20*OFFSET(ORÇAMENTO!$X$15,ROW(AV20)-ROW(AV$15),0),\n              ROUND(ROUND(OFFSET($P20,0,AV$13),15-13*ORÇAMENTO!$AF$7)*OFFSET(ORÇAMENTO!$W$15,ROW(AV20)-ROW(AV$15),0),15-13*ORÇAMENTO!$AF$11)),\n         0)","v":2436.12},{"$f":"IF(AND($D20=\"Serviço\",AW$12<>0,$H20>0,OR(AUTOEVENTO<>\"manual\",$M20<>$A$15)),\n        IF(Import.TipoArredondamento<>\"TransfereGOV\",\n              ROUND(OFFSET($P20,0,AW$13),15-13*ORÇAMENTO!$AF$7)/$H20*OFFSET(ORÇAMENTO!$X$15,ROW(AW20)-ROW(AW$15),0),\n              ROUND(ROUND(OFFSET($P20,0,AW$13),15-13*ORÇAMENTO!$AF$7)*OFFSET(ORÇAMENTO!$W$15,ROW(AW20)-ROW(AW$15),0),15-13*ORÇAMENTO!$AF$11)),\n         0)","v":0},{"$f":"IF(AND($D20=\"Serviço\",AX$12<>0,$H20>0,OR(AUTOEVENTO<>\"manual\",$M20<>$A$15)),\n        IF(Import.TipoArredondamento<>\"TransfereGOV\",\n              ROUND(OFFSET($P20,0,AX$13),15-13*ORÇAMENTO!$AF$7)/$H20*OFFSET(ORÇAMENTO!$X$15,ROW(AX20)-ROW(AX$15),0),\n              ROUND(ROUND(OFFSET($P20,0,AX$13),15-13*ORÇAMENTO!$AF$7)*OFFSET(ORÇAMENTO!$W$15,ROW(AX20)-ROW(AX$15),0),15-13*ORÇAMENTO!$AF$11)),\n         0)","v":0},{"$f":"IF(AND($D20=\"Serviço\",AY$12<>0,$H20>0,OR(AUTOEVENTO<>\"manual\",$M20<>$A$15)),\n        IF(Import.TipoArredondamento<>\"TransfereGOV\",\n              ROUND(OFFSET($P20,0,AY$13),15-13*ORÇAMENTO!$AF$7)/$H20*OFFSET(ORÇAMENTO!$X$15,ROW(AY20)-ROW(AY$15),0),\n              ROUND(ROUND(OFFSET($P20,0,AY$13),15-13*ORÇAMENTO!$AF$7)*OFFSET(ORÇAMENTO!$W$15,ROW(AY20)-ROW(AY$15),0),15-13*ORÇAMENTO!$AF$11)),\n         0)","v":0},{"$f":"IF(AND($D20=\"Serviço\",AZ$12<>0,$H20>0,OR(AUTOEVENTO<>\"manual\",$M20<>$A$15)),\n        IF(Import.TipoArredondamento<>\"TransfereGOV\",\n              ROUND(OFFSET($P20,0,AZ$13),15-13*ORÇAMENTO!$AF$7)/$H20*OFFSET(ORÇAMENTO!$X$15,ROW(AZ20)-ROW(AZ$15),0),\n              ROUND(ROUND(OFFSET($P20,0,AZ$13),15-13*ORÇAMENTO!$AF$7)*OFFSET(ORÇAMENTO!$W$15,ROW(AZ20)-ROW(AZ$15),0),15-13*ORÇAMENTO!$AF$11)),\n         0)","v":0},{"$f":"IF(AND($D20=\"Serviço\",BA$12<>0,$H20>0,OR(AUTOEVENTO<>\"manual\",$M20<>$A$15)),\n        IF(Import.TipoArredondamento<>\"TransfereGOV\",\n              ROUND(OFFSET($P20,0,BA$13),15-13*ORÇAMENTO!$AF$7)/$H20*OFFSET(ORÇAMENTO!$X$15,ROW(BA20)-ROW(BA$15),0),\n              ROUND(ROUND(OFFSET($P20,0,BA$13),15-13*ORÇAMENTO!$AF$7)*OFFSET(ORÇAMENTO!$W$15,ROW(BA20)-ROW(BA$15),0),15-13*ORÇAMENTO!$AF$11)),\n         0)","v":0},{"$f":"IF(AND($D20=\"Serviço\",BB$12<>0,$H20>0,OR(AUTOEVENTO<>\"manual\",$M20<>$A$15)),\n        IF(Import.TipoArredondamento<>\"TransfereGOV\",\n              ROUND(OFFSET($P20,0,BB$13),15-13*ORÇAMENTO!$AF$7)/$H20*OFFSET(ORÇAMENTO!$X$15,ROW(BB20)-ROW(BB$15),0),\n              ROUND(ROUND(OFFSET($P20,0,BB$13),15-13*ORÇAMENTO!$AF$7)*OFFSET(ORÇAMENTO!$W$15,ROW(BB20)-ROW(BB$15),0),15-13*ORÇAMENTO!$AF$11)),\n         0)","v":0},{"$f":"IF(AND($D20=\"Serviço\",BC$12<>0,$H20>0,OR(AUTOEVENTO<>\"manual\",$M20<>$A$15)),\n        IF(Import.TipoArredondamento<>\"TransfereGOV\",\n              ROUND(OFFSET($P20,0,BC$13),15-13*ORÇAMENTO!$AF$7)/$H20*OFFSET(ORÇAMENTO!$X$15,ROW(BC20)-ROW(BC$15),0),\n              ROUND(ROUND(OFFSET($P20,0,BC$13),15-13*ORÇAMENTO!$AF$7)*OFFSET(ORÇAMENTO!$W$15,ROW(BC20)-ROW(BC$15),0),15-13*ORÇAMENTO!$AF$11)),\n         0)","v":0},{"$f":"IF(AND($D20=\"Serviço\",BD$12<>0,$H20>0,OR(AUTOEVENTO<>\"manual\",$M20<>$A$15)),\n        IF(Import.TipoArredondamento<>\"TransfereGOV\",\n              ROUND(OFFSET($P20,0,BD$13),15-13*ORÇAMENTO!$AF$7)/$H20*OFFSET(ORÇAMENTO!$X$15,ROW(BD20)-ROW(BD$15),0),\n              ROUND(ROUND(OFFSET($P20,0,BD$13),15-13*ORÇAMENTO!$AF$7)*OFFSET(ORÇAMENTO!$W$15,ROW(BD20)-ROW(BD$15),0),15-13*ORÇAMENTO!$AF$11)),\n         0)","v":0},{"$f":"IF(AND($D20=\"Serviço\",BE$12<>0,$H20>0,OR(AUTOEVENTO<>\"manual\",$M20<>$A$15)),\n        IF(Import.TipoArredondamento<>\"TransfereGOV\",\n              ROUND(OFFSET($P20,0,BE$13),15-13*ORÇAMENTO!$AF$7)/$H20*OFFSET(ORÇAMENTO!$X$15,ROW(BE20)-ROW(BE$15),0),\n              ROUND(ROUND(OFFSET($P20,0,BE$13),15-13*ORÇAMENTO!$AF$7)*OFFSET(ORÇAMENTO!$W$15,ROW(BE20)-ROW(BE$15),0),15-13*ORÇAMENTO!$AF$11)),\n         0)","v":0},{"$f":"IF(AND($D20=\"Serviço\",BF$12<>0,$H20>0,OR(AUTOEVENTO<>\"manual\",$M20<>$A$15)),\n        IF(Import.TipoArredondamento<>\"TransfereGOV\",\n              ROUND(OFFSET($P20,0,BF$13),15-13*ORÇAMENTO!$AF$7)/$H20*OFFSET(ORÇAMENTO!$X$15,ROW(BF20)-ROW(BF$15),0),\n              ROUND(ROUND(OFFSET($P20,0,BF$13),15-13*ORÇAMENTO!$AF$7)*OFFSET(ORÇAMENTO!$W$15,ROW(BF20)-ROW(BF$15),0),15-13*ORÇAMENTO!$AF$11)),\n         0)","v":0},{"$f":"IF(AND($D20=\"Serviço\",BG$12<>0,$H20>0,OR(AUTOEVENTO<>\"manual\",$M20<>$A$15)),\n        IF(Import.TipoArredondamento<>\"TransfereGOV\",\n              ROUND(OFFSET($P20,0,BG$13),15-13*ORÇAMENTO!$AF$7)/$H20*OFFSET(ORÇAMENTO!$X$15,ROW(BG20)-ROW(BG$15),0),\n              ROUND(ROUND(OFFSET($P20,0,BG$13),15-13*ORÇAMENTO!$AF$7)*OFFSET(ORÇAMENTO!$W$15,ROW(BG20)-ROW(BG$15),0),15-13*ORÇAMENTO!$AF$11)),\n         0)","v":0},{"$f":"IF(AND($D20=\"Serviço\",BH$12<>0,$H20>0,OR(AUTOEVENTO<>\"manual\",$M20<>$A$15)),\n        IF(Import.TipoArredondamento<>\"TransfereGOV\",\n              ROUND(OFFSET($P20,0,BH$13),15-13*ORÇAMENTO!$AF$7)/$H20*OFFSET(ORÇAMENTO!$X$15,ROW(BH20)-ROW(BH$15),0),\n              ROUND(ROUND(OFFSET($P20,0,BH$13),15-13*ORÇAMENTO!$AF$7)*OFFSET(ORÇAMENTO!$W$15,ROW(BH20)-ROW(BH$15),0),15-13*ORÇAMENTO!$AF$11)),\n         0)","v":0},{"$f":"IF(AND($D20=\"Serviço\",BI$12<>0,$H20>0,OR(AUTOEVENTO<>\"manual\",$M20<>$A$15)),\n        IF(Import.TipoArredondamento<>\"TransfereGOV\",\n              ROUND(OFFSET($P20,0,BI$13),15-13*ORÇAMENTO!$AF$7)/$H20*OFFSET(ORÇAMENTO!$X$15,ROW(BI20)-ROW(BI$15),0),\n              ROUND(ROUND(OFFSET($P20,0,BI$13),15-13*ORÇAMENTO!$AF$7)*OFFSET(ORÇAMENTO!$W$15,ROW(BI20)-ROW(BI$15),0),15-13*ORÇAMENTO!$AF$11)),\n         0)","v":0},{"$f":"IF(AND($D20=\"Serviço\",BJ$12<>0,$H20>0,OR(AUTOEVENTO<>\"manual\",$M20<>$A$15)),\n        IF(Import.TipoArredondamento<>\"TransfereGOV\",\n              ROUND(OFFSET($P20,0,BJ$13),15-13*ORÇAMENTO!$AF$7)/$H20*OFFSET(ORÇAMENTO!$X$15,ROW(BJ20)-ROW(BJ$15),0),\n              ROUND(ROUND(OFFSET($P20,0,BJ$13),15-13*ORÇAMENTO!$AF$7)*OFFSET(ORÇAMENTO!$W$15,ROW(BJ20)-ROW(BJ$15),0),15-13*ORÇAMENTO!$AF$11)),\n         0)","v":0},{"$f":"IF(AND($D20=\"Serviço\",BK$12<>0,$H20>0,OR(AUTOEVENTO<>\"manual\",$M20<>$A$15)),\n        IF(Import.TipoArredondamento<>\"TransfereGOV\",\n              ROUND(OFFSET($P20,0,BK$13),15-13*ORÇAMENTO!$AF$7)/$H20*OFFSET(ORÇAMENTO!$X$15,ROW(BK20)-ROW(BK$15),0),\n              ROUND(ROUND(OFFSET($P20,0,BK$13),15-13*ORÇAMENTO!$AF$7)*OFFSET(ORÇAMENTO!$W$15,ROW(BK20)-ROW(BK$15),0),15-13*ORÇAMENTO!$AF$11)),\n         0)","v":0},{"$f":"IF(AND($D20=\"Serviço\",BL$12<>0,$H20>0,OR(AUTOEVENTO<>\"manual\",$M20<>$A$15)),\n        IF(Import.TipoArredondamento<>\"TransfereGOV\",\n              ROUND(OFFSET($P20,0,BL$13),15-13*ORÇAMENTO!$AF$7)/$H20*OFFSET(ORÇAMENTO!$X$15,ROW(BL20)-ROW(BL$15),0),\n              ROUND(ROUND(OFFSET($P20,0,BL$13),15-13*ORÇAMENTO!$AF$7)*OFFSET(ORÇAMENTO!$W$15,ROW(BL20)-ROW(BL$15),0),15-13*ORÇAMENTO!$AF$11)),\n         0)","v":0},{"$f":"IF(AND($D20=\"Serviço\",BM$12<>0,$H20>0,OR(AUTOEVENTO<>\"manual\",$M20<>$A$15)),\n        IF(Import.TipoArredondamento<>\"TransfereGOV\",\n              ROUND(OFFSET($P20,0,BM$13),15-13*ORÇAMENTO!$AF$7)/$H20*OFFSET(ORÇAMENTO!$X$15,ROW(BM20)-ROW(BM$15),0),\n              ROUND(ROUND(OFFSET($P20,0,BM$13),15-13*ORÇAMENTO!$AF$7)*OFFSET(ORÇAMENTO!$W$15,ROW(BM20)-ROW(BM$15),0),15-13*ORÇAMENTO!$AF$11)),\n         0)","v":0},{"$f":"IF(AND($D20=\"Serviço\",BN$12<>0,$H20>0,OR(AUTOEVENTO<>\"manual\",$M20<>$A$15)),\n        IF(Import.TipoArredondamento<>\"TransfereGOV\",\n              ROUND(OFFSET($P20,0,BN$13),15-13*ORÇAMENTO!$AF$7)/$H20*OFFSET(ORÇAMENTO!$X$15,ROW(BN20)-ROW(BN$15),0),\n              ROUND(ROUND(OFFSET($P20,0,BN$13),15-13*ORÇAMENTO!$AF$7)*OFFSET(ORÇAMENTO!$W$15,ROW(BN20)-ROW(BN$15),0),15-13*ORÇAMENTO!$AF$11)),\n         0)","v":0},{"$f":"IF(AND($D20=\"Serviço\",BO$12<>0,$H20>0,OR(AUTOEVENTO<>\"manual\",$M20<>$A$15)),\n        IF(Import.TipoArredondamento<>\"TransfereGOV\",\n              ROUND(OFFSET($P20,0,BO$13),15-13*ORÇAMENTO!$AF$7)/$H20*OFFSET(ORÇAMENTO!$X$15,ROW(BO20)-ROW(BO$15),0),\n              ROUND(ROUND(OFFSET($P20,0,BO$13),15-13*ORÇAMENTO!$AF$7)*OFFSET(ORÇAMENTO!$W$15,ROW(BO20)-ROW(BO$15),0),15-13*ORÇAMENTO!$AF$11)),\n         0)","v":0},{"$f":"IF(AND($D20=\"Serviço\",BP$12<>0,$H20>0,OR(AUTOEVENTO<>\"manual\",$M20<>$A$15)),\n        IF(Import.TipoArredondamento<>\"TransfereGOV\",\n              ROUND(OFFSET($P20,0,BP$13),15-13*ORÇAMENTO!$AF$7)/$H20*OFFSET(ORÇAMENTO!$X$15,ROW(BP20)-ROW(BP$15),0),\n              ROUND(ROUND(OFFSET($P20,0,BP$13),15-13*ORÇAMENTO!$AF$7)*OFFSET(ORÇAMENTO!$W$15,ROW(BP20)-ROW(BP$15),0),15-13*ORÇAMENTO!$AF$11)),\n         0)","v":0},{"$f":"IF(AND($D20=\"Serviço\",BQ$12<>0,$H20>0,OR(AUTOEVENTO<>\"manual\",$M20<>$A$15)),\n        IF(Import.TipoArredondamento<>\"TransfereGOV\",\n              ROUND(OFFSET($P20,0,BQ$13),15-13*ORÇAMENTO!$AF$7)/$H20*OFFSET(ORÇAMENTO!$X$15,ROW(BQ20)-ROW(BQ$15),0),\n              ROUND(ROUND(OFFSET($P20,0,BQ$13),15-13*ORÇAMENTO!$AF$7)*OFFSET(ORÇAMENTO!$W$15,ROW(BQ20)-ROW(BQ$15),0),15-13*ORÇAMENTO!$AF$11)),\n         0)","v":0},null,{"$f":"IF(OR($D20<>\"Serviço\",AND(AUTOEVENTO=\"Manual\",$M20=$A$15)),0,\n         IF(OFFSET(CRONOPLE!$F$15,$M20-$A$15,BS$13)=0,10^12,OFFSET(CRONOPLE!$F$15,$M20-$A$15,BS$13)))","v":1},{"$f":"IF(OR($D20<>\"Serviço\",AND(AUTOEVENTO=\"Manual\",$M20=$A$15)),0,\n         IF(OFFSET(CRONOPLE!$F$15,$M20-$A$15,BT$13)=0,10^12,OFFSET(CRONOPLE!$F$15,$M20-$A$15,BT$13)))","v":1},{"$f":"IF(OR($D20<>\"Serviço\",AND(AUTOEVENTO=\"Manual\",$M20=$A$15)),0,\n         IF(OFFSET(CRONOPLE!$F$15,$M20-$A$15,BU$13)=0,10^12,OFFSET(CRONOPLE!$F$15,$M20-$A$15,BU$13)))","v":1},{"$f":"IF(OR($D20<>\"Serviço\",AND(AUTOEVENTO=\"Manual\",$M20=$A$15)),0,\n         IF(OFFSET(CRONOPLE!$F$15,$M20-$A$15,BV$13)=0,10^12,OFFSET(CRONOPLE!$F$15,$M20-$A$15,BV$13)))","v":1},{"$f":"IF(OR($D20<>\"Serviço\",AND(AUTOEVENTO=\"Manual\",$M20=$A$15)),0,\n         IF(OFFSET(CRONOPLE!$F$15,$M20-$A$15,BW$13)=0,10^12,OFFSET(CRONOPLE!$F$15,$M20-$A$15,BW$13)))","v":1},{"$f":"IF(OR($D20<>\"Serviço\",AND(AUTOEVENTO=\"Manual\",$M20=$A$15)),0,\n         IF(OFFSET(CRONOPLE!$F$15,$M20-$A$15,BX$13)=0,10^12,OFFSET(CRONOPLE!$F$15,$M20-$A$15,BX$13)))","v":1},{"$f":"IF(OR($D20<>\"Serviço\",AND(AUTOEVENTO=\"Manual\",$M20=$A$15)),0,\n         IF(OFFSET(CRONOPLE!$F$15,$M20-$A$15,BY$13)=0,10^12,OFFSET(CRONOPLE!$F$15,$M20-$A$15,BY$13)))","v":1},{"$f":"IF(OR($D20<>\"Serviço\",AND(AUTOEVENTO=\"Manual\",$M20=$A$15)),0,\n         IF(OFFSET(CRONOPLE!$F$15,$M20-$A$15,BZ$13)=0,10^12,OFFSET(CRONOPLE!$F$15,$M20-$A$15,BZ$13)))","v":7},{"$f":"IF(OR($D20<>\"Serviço\",AND(AUTOEVENTO=\"Manual\",$M20=$A$15)),0,\n         IF(OFFSET(CRONOPLE!$F$15,$M20-$A$15,CA$13)=0,10^12,OFFSET(CRONOPLE!$F$15,$M20-$A$15,CA$13)))","v":7},{"$f":"IF(OR($D20<>\"Serviço\",AND(AUTOEVENTO=\"Manual\",$M20=$A$15)),0,\n         IF(OFFSET(CRONOPLE!$F$15,$M20-$A$15,CB$13)=0,10^12,OFFSET(CRONOPLE!$F$15,$M20-$A$15,CB$13)))","v":7},{"$f":"IF(OR($D20<>\"Serviço\",AND(AUTOEVENTO=\"Manual\",$M20=$A$15)),0,\n         IF(OFFSET(CRONOPLE!$F$15,$M20-$A$15,CC$13)=0,10^12,OFFSET(CRONOPLE!$F$15,$M20-$A$15,CC$13)))","v":13},{"$f":"IF(OR($D20<>\"Serviço\",AND(AUTOEVENTO=\"Manual\",$M20=$A$15)),0,\n         IF(OFFSET(CRONOPLE!$F$15,$M20-$A$15,CD$13)=0,10^12,OFFSET(CRONOPLE!$F$15,$M20-$A$15,CD$13)))","v":13},{"$f":"IF(OR($D20<>\"Serviço\",AND(AUTOEVENTO=\"Manual\",$M20=$A$15)),0,\n         IF(OFFSET(CRONOPLE!$F$15,$M20-$A$15,CE$13)=0,10^12,OFFSET(CRONOPLE!$F$15,$M20-$A$15,CE$13)))","v":13},{"$f":"IF(OR($D20<>\"Serviço\",AND(AUTOEVENTO=\"Manual\",$M20=$A$15)),0,\n         IF(OFFSET(CRONOPLE!$F$15,$M20-$A$15,CF$13)=0,10^12,OFFSET(CRONOPLE!$F$15,$M20-$A$15,CF$13)))","v":13},{"$f":"IF(OR($D20<>\"Serviço\",AND(AUTOEVENTO=\"Manual\",$M20=$A$15)),0,\n         IF(OFFSET(CRONOPLE!$F$15,$M20-$A$15,CG$13)=0,10^12,OFFSET(CRONOPLE!$F$15,$M20-$A$15,CG$13)))","v":13},{"$f":"IF(OR($D20<>\"Serviço\",AND(AUTOEVENTO=\"Manual\",$M20=$A$15)),0,\n         IF(OFFSET(CRONOPLE!$F$15,$M20-$A$15,CH$13)=0,10^12,OFFSET(CRONOPLE!$F$15,$M20-$A$15,CH$13)))","v":19},{"$f":"IF(OR($D20<>\"Serviço\",AND(AUTOEVENTO=\"Manual\",$M20=$A$15)),0,\n         IF(OFFSET(CRONOPLE!$F$15,$M20-$A$15,CI$13)=0,10^12,OFFSET(CRONOPLE!$F$15,$M20-$A$15,CI$13)))","v":19},{"$f":"IF(OR($D20<>\"Serviço\",AND(AUTOEVENTO=\"Manual\",$M20=$A$15)),0,\n         IF(OFFSET(CRONOPLE!$F$15,$M20-$A$15,CJ$13)=0,10^12,OFFSET(CRONOPLE!$F$15,$M20-$A$15,CJ$13)))","v":19},{"$f":"IF(OR($D20<>\"Serviço\",AND(AUTOEVENTO=\"Manual\",$M20=$A$15)),0,\n         IF(OFFSET(CRONOPLE!$F$15,$M20-$A$15,CK$13)=0,10^12,OFFSET(CRONOPLE!$F$15,$M20-$A$15,CK$13)))","v":19},{"$f":"IF(OR($D20<>\"Serviço\",AND(AUTOEVENTO=\"Manual\",$M20=$A$15)),0,\n         IF(OFFSET(CRONOPLE!$F$15,$M20-$A$15,CL$13)=0,10^12,OFFSET(CRONOPLE!$F$15,$M20-$A$15,CL$13)))","v":19},{"$f":"IF(OR($D20<>\"Serviço\",AND(AUTOEVENTO=\"Manual\",$M20=$A$15)),0,\n         IF(OFFSET(CRONOPLE!$F$15,$M20-$A$15,CM$13)=0,10^12,OFFSET(CRONOPLE!$F$15,$M20-$A$15,CM$13)))","v":1000000000000},{"$f":"IF(OR($D20<>\"Serviço\",AND(AUTOEVENTO=\"Manual\",$M20=$A$15)),0,\n         IF(OFFSET(CRONOPLE!$F$15,$M20-$A$15,CN$13)=0,10^12,OFFSET(CRONOPLE!$F$15,$M20-$A$15,CN$13)))","v":1000000000000},{"$f":"IF(OR($D20<>\"Serviço\",AND(AUTOEVENTO=\"Manual\",$M20=$A$15)),0,\n         IF(OFFSET(CRONOPLE!$F$15,$M20-$A$15,CO$13)=0,10^12,OFFSET(CRONOPLE!$F$15,$M20-$A$15,CO$13)))","v":1000000000000},{"$f":"IF(OR($D20<>\"Serviço\",AND(AUTOEVENTO=\"Manual\",$M20=$A$15)),0,\n         IF(OFFSET(CRONOPLE!$F$15,$M20-$A$15,CP$13)=0,10^12,OFFSET(CRONOPLE!$F$15,$M20-$A$15,CP$13)))","v":1000000000000},{"$f":"IF(OR($D20<>\"Serviço\",AND(AUTOEVENTO=\"Manual\",$M20=$A$15)),0,\n         IF(OFFSET(CRONOPLE!$F$15,$M20-$A$15,CQ$13)=0,10^12,OFFSET(CRONOPLE!$F$15,$M20-$A$15,CQ$13)))","v":1000000000000},{"$f":"IF(OR($D20<>\"Serviço\",AND(AUTOEVENTO=\"Manual\",$M20=$A$15)),0,\n         IF(OFFSET(CRONOPLE!$F$15,$M20-$A$15,CR$13)=0,10^12,OFFSET(CRONOPLE!$F$15,$M20-$A$15,CR$13)))","v":1000000000000},null,{"$f":"IF(OR($D20<>\"Serviço\",AND(AUTOEVENTO=\"Manual\",$M20=$A$15),$M20>(ROW(PLE.lastrow)-ROW(PLE.firstrow))),0,\n           IF(OFFSET(PLE!$G$15,$M20-$A$15,CT$13)=\"\",10^12,OFFSET(PLE!$G$15,$M20-$A$15,CT$13)))","v":1000000000000},{"$f":"IF(OR($D20<>\"Serviço\",AND(AUTOEVENTO=\"Manual\",$M20=$A$15),$M20>(ROW(PLE.lastrow)-ROW(PLE.firstrow))),0,\n           IF(OFFSET(PLE!$G$15,$M20-$A$15,CU$13)=\"\",10^12,OFFSET(PLE!$G$15,$M20-$A$15,CU$13)))","v":1000000000000},{"$f":"IF(OR($D20<>\"Serviço\",AND(AUTOEVENTO=\"Manual\",$M20=$A$15),$M20>(ROW(PLE.lastrow)-ROW(PLE.firstrow))),0,\n           IF(OFFSET(PLE!$G$15,$M20-$A$15,CV$13)=\"\",10^12,OFFSET(PLE!$G$15,$M20-$A$15,CV$13)))","v":1000000000000},{"$f":"IF(OR($D20<>\"Serviço\",AND(AUTOEVENTO=\"Manual\",$M20=$A$15),$M20>(ROW(PLE.lastrow)-ROW(PLE.firstrow))),0,\n           IF(OFFSET(PLE!$G$15,$M20-$A$15,CW$13)=\"\",10^12,OFFSET(PLE!$G$15,$M20-$A$15,CW$13)))","v":1000000000000},{"$f":"IF(OR($D20<>\"Serviço\",AND(AUTOEVENTO=\"Manual\",$M20=$A$15),$M20>(ROW(PLE.lastrow)-ROW(PLE.firstrow))),0,\n           IF(OFFSET(PLE!$G$15,$M20-$A$15,CX$13)=\"\",10^12,OFFSET(PLE!$G$15,$M20-$A$15,CX$13)))","v":1000000000000},{"$f":"IF(OR($D20<>\"Serviço\",AND(AUTOEVENTO=\"Manual\",$M20=$A$15),$M20>(ROW(PLE.lastrow)-ROW(PLE.firstrow))),0,\n           IF(OFFSET(PLE!$G$15,$M20-$A$15,CY$13)=\"\",10^12,OFFSET(PLE!$G$15,$M20-$A$15,CY$13)))","v":1000000000000},{"$f":"IF(OR($D20<>\"Serviço\",AND(AUTOEVENTO=\"Manual\",$M20=$A$15),$M20>(ROW(PLE.lastrow)-ROW(PLE.firstrow))),0,\n           IF(OFFSET(PLE!$G$15,$M20-$A$15,CZ$13)=\"\",10^12,OFFSET(PLE!$G$15,$M20-$A$15,CZ$13)))","v":1000000000000},{"$f":"IF(OR($D20<>\"Serviço\",AND(AUTOEVENTO=\"Manual\",$M20=$A$15),$M20>(ROW(PLE.lastrow)-ROW(PLE.firstrow))),0,\n           IF(OFFSET(PLE!$G$15,$M20-$A$15,DA$13)=\"\",10^12,OFFSET(PLE!$G$15,$M20-$A$15,DA$13)))","v":1000000000000},{"$f":"IF(OR($D20<>\"Serviço\",AND(AUTOEVENTO=\"Manual\",$M20=$A$15),$M20>(ROW(PLE.lastrow)-ROW(PLE.firstrow))),0,\n           IF(OFFSET(PLE!$G$15,$M20-$A$15,DB$13)=\"\",10^12,OFFSET(PLE!$G$15,$M20-$A$15,DB$13)))","v":1000000000000},{"$f":"IF(OR($D20<>\"Serviço\",AND(AUTOEVENTO=\"Manual\",$M20=$A$15),$M20>(ROW(PLE.lastrow)-ROW(PLE.firstrow))),0,\n           IF(OFFSET(PLE!$G$15,$M20-$A$15,DC$13)=\"\",10^12,OFFSET(PLE!$G$15,$M20-$A$15,DC$13)))","v":1000000000000},{"$f":"IF(OR($D20<>\"Serviço\",AND(AUTOEVENTO=\"Manual\",$M20=$A$15),$M20>(ROW(PLE.lastrow)-ROW(PLE.firstrow))),0,\n           IF(OFFSET(PLE!$G$15,$M20-$A$15,DD$13)=\"\",10^12,OFFSET(PLE!$G$15,$M20-$A$15,DD$13)))","v":1000000000000},{"$f":"IF(OR($D20<>\"Serviço\",AND(AUTOEVENTO=\"Manual\",$M20=$A$15),$M20>(ROW(PLE.lastrow)-ROW(PLE.firstrow))),0,\n           IF(OFFSET(PLE!$G$15,$M20-$A$15,DE$13)=\"\",10^12,OFFSET(PLE!$G$15,$M20-$A$15,DE$13)))","v":1000000000000},{"$f":"IF(OR($D20<>\"Serviço\",AND(AUTOEVENTO=\"Manual\",$M20=$A$15),$M20>(ROW(PLE.lastrow)-ROW(PLE.firstrow))),0,\n           IF(OFFSET(PLE!$G$15,$M20-$A$15,DF$13)=\"\",10^12,OFFSET(PLE!$G$15,$M20-$A$15,DF$13)))","v":1000000000000},{"$f":"IF(OR($D20<>\"Serviço\",AND(AUTOEVENTO=\"Manual\",$M20=$A$15),$M20>(ROW(PLE.lastrow)-ROW(PLE.firstrow))),0,\n           IF(OFFSET(PLE!$G$15,$M20-$A$15,DG$13)=\"\",10^12,OFFSET(PLE!$G$15,$M20-$A$15,DG$13)))","v":1000000000000},{"$f":"IF(OR($D20<>\"Serviço\",AND(AUTOEVENTO=\"Manual\",$M20=$A$15),$M20>(ROW(PLE.lastrow)-ROW(PLE.firstrow))),0,\n           IF(OFFSET(PLE!$G$15,$M20-$A$15,DH$13)=\"\",10^12,OFFSET(PLE!$G$15,$M20-$A$15,DH$13)))","v":1000000000000},{"$f":"IF(OR($D20<>\"Serviço\",AND(AUTOEVENTO=\"Manual\",$M20=$A$15),$M20>(ROW(PLE.lastrow)-ROW(PLE.firstrow))),0,\n           IF(OFFSET(PLE!$G$15,$M20-$A$15,DI$13)=\"\",10^12,OFFSET(PLE!$G$15,$M20-$A$15,DI$13)))","v":1000000000000},{"$f":"IF(OR($D20<>\"Serviço\",AND(AUTOEVENTO=\"Manual\",$M20=$A$15),$M20>(ROW(PLE.lastrow)-ROW(PLE.firstrow))),0,\n           IF(OFFSET(PLE!$G$15,$M20-$A$15,DJ$13)=\"\",10^12,OFFSET(PLE!$G$15,$M20-$A$15,DJ$13)))","v":1000000000000},{"$f":"IF(OR($D20<>\"Serviço\",AND(AUTOEVENTO=\"Manual\",$M20=$A$15),$M20>(ROW(PLE.lastrow)-ROW(PLE.firstrow))),0,\n           IF(OFFSET(PLE!$G$15,$M20-$A$15,DK$13)=\"\",10^12,OFFSET(PLE!$G$15,$M20-$A$15,DK$13)))","v":1000000000000},{"$f":"IF(OR($D20<>\"Serviço\",AND(AUTOEVENTO=\"Manual\",$M20=$A$15),$M20>(ROW(PLE.lastrow)-ROW(PLE.firstrow))),0,\n           IF(OFFSET(PLE!$G$15,$M20-$A$15,DL$13)=\"\",10^12,OFFSET(PLE!$G$15,$M20-$A$15,DL$13)))","v":1000000000000},{"$f":"IF(OR($D20<>\"Serviço\",AND(AUTOEVENTO=\"Manual\",$M20=$A$15),$M20>(ROW(PLE.lastrow)-ROW(PLE.firstrow))),0,\n           IF(OFFSET(PLE!$G$15,$M20-$A$15,DM$13)=\"\",10^12,OFFSET(PLE!$G$15,$M20-$A$15,DM$13)))","v":1000000000000},{"$f":"IF(OR($D20<>\"Serviço\",AND(AUTOEVENTO=\"Manual\",$M20=$A$15),$M20>(ROW(PLE.lastrow)-ROW(PLE.firstrow))),0,\n           IF(OFFSET(PLE!$G$15,$M20-$A$15,DN$13)=\"\",10^12,OFFSET(PLE!$G$15,$M20-$A$15,DN$13)))","v":1000000000000},{"$f":"IF(OR($D20<>\"Serviço\",AND(AUTOEVENTO=\"Manual\",$M20=$A$15),$M20>(ROW(PLE.lastrow)-ROW(PLE.firstrow))),0,\n           IF(OFFSET(PLE!$G$15,$M20-$A$15,DO$13)=\"\",10^12,OFFSET(PLE!$G$15,$M20-$A$15,DO$13)))","v":1000000000000},{"$f":"IF(OR($D20<>\"Serviço\",AND(AUTOEVENTO=\"Manual\",$M20=$A$15),$M20>(ROW(PLE.lastrow)-ROW(PLE.firstrow))),0,\n           IF(OFFSET(PLE!$G$15,$M20-$A$15,DP$13)=\"\",10^12,OFFSET(PLE!$G$15,$M20-$A$15,DP$13)))","v":1000000000000},{"$f":"IF(OR($D20<>\"Serviço\",AND(AUTOEVENTO=\"Manual\",$M20=$A$15),$M20>(ROW(PLE.lastrow)-ROW(PLE.firstrow))),0,\n           IF(OFFSET(PLE!$G$15,$M20-$A$15,DQ$13)=\"\",10^12,OFFSET(PLE!$G$15,$M20-$A$15,DQ$13)))","v":1000000000000},{"$f":"IF(OR($D20<>\"Serviço\",AND(AUTOEVENTO=\"Manual\",$M20=$A$15),$M20>(ROW(PLE.lastrow)-ROW(PLE.firstrow))),0,\n           IF(OFFSET(PLE!$G$15,$M20-$A$15,DR$13)=\"\",10^12,OFFSET(PLE!$G$15,$M20-$A$15,DR$13)))","v":1000000000000},{"$f":"IF(OR($D20<>\"Serviço\",AND(AUTOEVENTO=\"Manual\",$M20=$A$15),$M20>(ROW(PLE.lastrow)-ROW(PLE.firstrow))),0,\n           IF(OFFSET(PLE!$G$15,$M20-$A$15,DS$13)=\"\",10^12,OFFSET(PLE!$G$15,$M20-$A$15,DS$13)))","v":1000000000000}]
["6.",{"$f":"OFFSET(ORÇAMENTO!C$15,$L21,0)","v":2},{"$f":"OFFSET(ORÇAMENTO!L$15,$L21,0)","v":"F"},{"$f":"OFFSET(ORÇAMENTO!N$15,$L21,0)","v":"Nível 2"},{"$f":"OFFSET(ORÇAMENTO!O$15,$L21,0)","v":"1.3."},{"$f":"OFFSET(ORÇAMENTO!R$15,$L21,0)","v":"FUNDAÇÕES E CONTENÇÕES"},{"$f":"IF($D21<>\"Serviço\",\"\",OFFSET(ORÇAMENTO!S$15,$L21,0))","v":""},{"$f":"IF($D21<>\"Serviço\",0,IF(ACOMPANHAMENTO=\"BM\",ROUND(OFFSET(ORÇAMENTO!AJ$15,$L21,0),15-13*ORÇAMENTO!$AF$7),IF(IFERROR(CÁLCULO.FrentesPreenchidas,0)=0,0,SUM(ROUND(OFFSET($P21,0,1,1,CÁLCULO.FrentesPreenchidas),15-13*ORÇAMENTO!$AF$7)))))","v":0},null,{"$f":"IF(OR(B21<>\"S\",CÁLCULO.FrentesPreenchidas=0),\"\",IF(AND(ACOMPANHAMENTO=\"PLE\",AUTOEVENTO=\"Manual\",OR(H21>0,ORÇAMENTO!AC21=\"QUANT.\"),OR(K21=\"\",M21=0,N21=\"\")),\"►E\",IF(AND(ACOMPANHAMENTO=\"PLE\",ORÇAMENTO!AC21=\"QUANT.\"),\"►Q\",IF(AND(ACOMPANHAMENTO=\"PLE\",H21<>SUMPRODUCT(($Q$1:$AQ$1=1)*ROUND(Q21:AQ21,15))),\"►S\",IF(AND(COUNTIF($P$11:$AQ$11,\"▼\")=0,H21>0,I21=\"\"),\"◄M\",\"\")))))","v":""},null,6,{"$f":"IF($D21<>\"Serviço\",\"\",\n          IF(AUTOEVENTO=\"manual\",$A21,\n                IF(ISERROR(MATCH($A21,$A$15:OFFSET($A21,-1,0),0)),MAX($M$15:OFFSET(M21,-1,0))+1,\n                      INDEX($M$15:OFFSET(M21,-1,0),MATCH($A21,$A$15:OFFSET($A21,-1,0),0)))))","v":""},{"$f":"IF($D21<>\"Serviço\",\"\",\n         IF(AUTOEVENTO=\"Manual\",\n                IF($A21=0,\"<-- defina o número do agrupador\",\n                       OFFSET(EVENTOS!$D$15,$A21-$A$15,0)),\n                OFFSET($F$15,$A21,0)))","v":""},null,null,null,null,null,null,null,null,null,null,null,null,null,null,null,null,null,null,null,null,null,null,null,null,null,null,null,null,null,{"$f":"IF(AND($D21=\"Serviço\",AR$12<>0,$H21>0,OR(AUTOEVENTO<>\"manual\",$M21<>$A$15)),\n        IF(Import.TipoArredondamento<>\"TransfereGOV\",\n              ROUND(OFFSET($P21,0,AR$13),15-13*ORÇAMENTO!$AF$7)/$H21*OFFSET(ORÇAMENTO!$X$15,ROW(AR21)-ROW(AR$15),0),\n              ROUND(ROUND(OFFSET($P21,0,AR$13),15-13*ORÇAMENTO!$AF$7)*OFFSET(ORÇAMENTO!$W$15,ROW(AR21)-ROW(AR$15),0),15-13*ORÇAMENTO!$AF$11)),\n         0)","v":0},{"$f":"IF(AND($D21=\"Serviço\",AS$12<>0,$H21>0,OR(AUTOEVENTO<>\"manual\",$M21<>$A$15)),\n        IF(Import.TipoArredondamento<>\"TransfereGOV\",\n              ROUND(OFFSET($P21,0,AS$13),15-13*ORÇAMENTO!$AF$7)/$H21*OFFSET(ORÇAMENTO!$X$15,ROW(AS21)-ROW(AS$15),0),\n              ROUND(ROUND(OFFSET($P21,0,AS$13),15-13*ORÇAMENTO!$AF$7)*OFFSET(ORÇAMENTO!$W$15,ROW(AS21)-ROW(AS$15),0),15-13*ORÇAMENTO!$AF$11)),\n         0)","v":0},{"$f":"IF(AND($D21=\"Serviço\",AT$12<>0,$H21>0,OR(AUTOEVENTO<>\"manual\",$M21<>$A$15)),\n        IF(Import.TipoArredondamento<>\"TransfereGOV\",\n              ROUND(OFFSET($P21,0,AT$13),15-13*ORÇAMENTO!$AF$7)/$H21*OFFSET(ORÇAMENTO!$X$15,ROW(AT21)-ROW(AT$15),0),\n              ROUND(ROUND(OFFSET($P21,0,AT$13),15-13*ORÇAMENTO!$AF$7)*OFFSET(ORÇAMENTO!$W$15,ROW(AT21)-ROW(AT$15),0),15-13*ORÇAMENTO!$AF$11)),\n         0)","v":0},{"$f":"IF(AND($D21=\"Serviço\",AU$12<>0,$H21>0,OR(AUTOEVENTO<>\"manual\",$M21<>$A$15)),\n        IF(Import.TipoArredondamento<>\"TransfereGOV\",\n              ROUND(OFFSET($P21,0,AU$13),15-13*ORÇAMENTO!$AF$7)/$H21*OFFSET(ORÇAMENTO!$X$15,ROW(AU21)-ROW(AU$15),0),\n              ROUND(ROUND(OFFSET($P21,0,AU$13),15-13*ORÇAMENTO!$AF$7)*OFFSET(ORÇAMENTO!$W$15,ROW(AU21)-ROW(AU$15),0),15-13*ORÇAMENTO!$AF$11)),\n         0)","v":0},{"$f":"IF(AND($D21=\"Serviço\",AV$12<>0,$H21>0,OR(AUTOEVENTO<>\"manual\",$M21<>$A$15)),\n        IF(Import.TipoArredondamento<>\"TransfereGOV\",\n              ROUND(OFFSET($P21,0,AV$13),15-13*ORÇAMENTO!$AF$7)/$H21*OFFSET(ORÇAMENTO!$X$15,ROW(AV21)-ROW(AV$15),0),\n              ROUND(ROUND(OFFSET($P21,0,AV$13),15-13*ORÇAMENTO!$AF$7)*OFFSET(ORÇAMENTO!$W$15,ROW(AV21)-ROW(AV$15),0),15-13*ORÇAMENTO!$AF$11)),\n         0)","v":0},{"$f":"IF(AND($D21=\"Serviço\",AW$12<>0,$H21>0,OR(AUTOEVENTO<>\"manual\",$M21<>$A$15)),\n        IF(Import.TipoArredondamento<>\"TransfereGOV\",\n              ROUND(OFFSET($P21,0,AW$13),15-13*ORÇAMENTO!$AF$7)/$H21*OFFSET(ORÇAMENTO!$X$15,ROW(AW21)-ROW(AW$15),0),\n              ROUND(ROUND(OFFSET($P21,0,AW$13),15-13*ORÇAMENTO!$AF$7)*OFFSET(ORÇAMENTO!$W$15,ROW(AW21)-ROW(AW$15),0),15-13*ORÇAMENTO!$AF$11)),\n         0)","v":0},{"$f":"IF(AND($D21=\"Serviço\",AX$12<>0,$H21>0,OR(AUTOEVENTO<>\"manual\",$M21<>$A$15)),\n        IF(Import.TipoArredondamento<>\"TransfereGOV\",\n              ROUND(OFFSET($P21,0,AX$13),15-13*ORÇAMENTO!$AF$7)/$H21*OFFSET(ORÇAMENTO!$X$15,ROW(AX21)-ROW(AX$15),0),\n              ROUND(ROUND(OFFSET($P21,0,AX$13),15-13*ORÇAMENTO!$AF$7)*OFFSET(ORÇAMENTO!$W$15,ROW(AX21)-ROW(AX$15),0),15-13*ORÇAMENTO!$AF$11)),\n         0)","v":0},{"$f":"IF(AND($D21=\"Serviço\",AY$12<>0,$H21>0,OR(AUTOEVENTO<>\"manual\",$M21<>$A$15)),\n        IF(Import.TipoArredondamento<>\"TransfereGOV\",\n              ROUND(OFFSET($P21,0,AY$13),15-13*ORÇAMENTO!$AF$7)/$H21*OFFSET(ORÇAMENTO!$X$15,ROW(AY21)-ROW(AY$15),0),\n              ROUND(ROUND(OFFSET($P21,0,AY$13),15-13*ORÇAMENTO!$AF$7)*OFFSET(ORÇAMENTO!$W$15,ROW(AY21)-ROW(AY$15),0),15-13*ORÇAMENTO!$AF$11)),\n         0)","v":0},{"$f":"IF(AND($D21=\"Serviço\",AZ$12<>0,$H21>0,OR(AUTOEVENTO<>\"manual\",$M21<>$A$15)),\n        IF(Import.TipoArredondamento<>\"TransfereGOV\",\n              ROUND(OFFSET($P21,0,AZ$13),15-13*ORÇAMENTO!$AF$7)/$H21*OFFSET(ORÇAMENTO!$X$15,ROW(AZ21)-ROW(AZ$15),0),\n              ROUND(ROUND(OFFSET($P21,0,AZ$13),15-13*ORÇAMENTO!$AF$7)*OFFSET(ORÇAMENTO!$W$15,ROW(AZ21)-ROW(AZ$15),0),15-13*ORÇAMENTO!$AF$11)),\n         0)","v":0},{"$f":"IF(AND($D21=\"Serviço\",BA$12<>0,$H21>0,OR(AUTOEVENTO<>\"manual\",$M21<>$A$15)),\n        IF(Import.TipoArredondamento<>\"TransfereGOV\",\n              ROUND(OFFSET($P21,0,BA$13),15-13*ORÇAMENTO!$AF$7)/$H21*OFFSET(ORÇAMENTO!$X$15,ROW(BA21)-ROW(BA$15),0),\n              ROUND(ROUND(OFFSET($P21,0,BA$13),15-13*ORÇAMENTO!$AF$7)*OFFSET(ORÇAMENTO!$W$15,ROW(BA21)-ROW(BA$15),0),15-13*ORÇAMENTO!$AF$11)),\n         0)","v":0},{"$f":"IF(AND($D21=\"Serviço\",BB$12<>0,$H21>0,OR(AUTOEVENTO<>\"manual\",$M21<>$A$15)),\n        IF(Import.TipoArredondamento<>\"TransfereGOV\",\n              ROUND(OFFSET($P21,0,BB$13),15-13*ORÇAMENTO!$AF$7)/$H21*OFFSET(ORÇAMENTO!$X$15,ROW(BB21)-ROW(BB$15),0),\n              ROUND(ROUND(OFFSET($P21,0,BB$13),15-13*ORÇAMENTO!$AF$7)*OFFSET(ORÇAMENTO!$W$15,ROW(BB21)-ROW(BB$15),0),15-13*ORÇAMENTO!$AF$11)),\n         0)","v":0},{"$f":"IF(AND($D21=\"Serviço\",BC$12<>0,$H21>0,OR(AUTOEVENTO<>\"manual\",$M21<>$A$15)),\n        IF(Import.TipoArredondamento<>\"TransfereGOV\",\n              ROUND(OFFSET($P21,0,BC$13),15-13*ORÇAMENTO!$AF$7)/$H21*OFFSET(ORÇAMENTO!$X$15,ROW(BC21)-ROW(BC$15),0),\n              ROUND(ROUND(OFFSET($P21,0,BC$13),15-13*ORÇAMENTO!$AF$7)*OFFSET(ORÇAMENTO!$W$15,ROW(BC21)-ROW(BC$15),0),15-13*ORÇAMENTO!$AF$11)),\n         0)","v":0},{"$f":"IF(AND($D21=\"Serviço\",BD$12<>0,$H21>0,OR(AUTOEVENTO<>\"manual\",$M21<>$A$15)),\n        IF(Import.TipoArredondamento<>\"TransfereGOV\",\n              ROUND(OFFSET($P21,0,BD$13),15-13*ORÇAMENTO!$AF$7)/$H21*OFFSET(ORÇAMENTO!$X$15,ROW(BD21)-ROW(BD$15),0),\n              ROUND(ROUND(OFFSET($P21,0,BD$13),15-13*ORÇAMENTO!$AF$7)*OFFSET(ORÇAMENTO!$W$15,ROW(BD21)-ROW(BD$15),0),15-13*ORÇAMENTO!$AF$11)),\n         0)","v":0},{"$f":"IF(AND($D21=\"Serviço\",BE$12<>0,$H21>0,OR(AUTOEVENTO<>\"manual\",$M21<>$A$15)),\n        IF(Import.TipoArredondamento<>\"TransfereGOV\",\n              ROUND(OFFSET($P21,0,BE$13),15-13*ORÇAMENTO!$AF$7)/$H21*OFFSET(ORÇAMENTO!$X$15,ROW(BE21)-ROW(BE$15),0),\n              ROUND(ROUND(OFFSET($P21,0,BE$13),15-13*ORÇAMENTO!$AF$7)*OFFSET(ORÇAMENTO!$W$15,ROW(BE21)-ROW(BE$15),0),15-13*ORÇAMENTO!$AF$11)),\n         0)","v":0},{"$f":"IF(AND($D21=\"Serviço\",BF$12<>0,$H21>0,OR(AUTOEVENTO<>\"manual\",$M21<>$A$15)),\n        IF(Import.TipoArredondamento<>\"TransfereGOV\",\n              ROUND(OFFSET($P21,0,BF$13),15-13*ORÇAMENTO!$AF$7)/$H21*OFFSET(ORÇAMENTO!$X$15,ROW(BF21)-ROW(BF$15),0),\n              ROUND(ROUND(OFFSET($P21,0,BF$13),15-13*ORÇAMENTO!$AF$7)*OFFSET(ORÇAMENTO!$W$15,ROW(BF21)-ROW(BF$15),0),15-13*ORÇAMENTO!$AF$11)),\n         0)","v":0},{"$f":"IF(AND($D21=\"Serviço\",BG$12<>0,$H21>0,OR(AUTOEVENTO<>\"manual\",$M21<>$A$15)),\n        IF(Import.TipoArredondamento<>\"TransfereGOV\",\n              ROUND(OFFSET($P21,0,BG$13),15-13*ORÇAMENTO!$AF$7)/$H21*OFFSET(ORÇAMENTO!$X$15,ROW(BG21)-ROW(BG$15),0),\n              ROUND(ROUND(OFFSET($P21,0,BG$13),15-13*ORÇAMENTO!$AF$7)*OFFSET(ORÇAMENTO!$W$15,ROW(BG21)-ROW(BG$15),0),15-13*ORÇAMENTO!$AF$11)),\n         0)","v":0},{"$f":"IF(AND($D21=\"Serviço\",BH$12<>0,$H21>0,OR(AUTOEVENTO<>\"manual\",$M21<>$A$15)),\n        IF(Import.TipoArredondamento<>\"TransfereGOV\",\n              ROUND(OFFSET($P21,0,BH$13),15-13*ORÇAMENTO!$AF$7)/$H21*OFFSET(ORÇAMENTO!$X$15,ROW(BH21)-ROW(BH$15),0),\n              ROUND(ROUND(OFFSET($P21,0,BH$13),15-13*ORÇAMENTO!$AF$7)*OFFSET(ORÇAMENTO!$W$15,ROW(BH21)-ROW(BH$15),0),15-13*ORÇAMENTO!$AF$11)),\n         0)","v":0},{"$f":"IF(AND($D21=\"Serviço\",BI$12<>0,$H21>0,OR(AUTOEVENTO<>\"manual\",$M21<>$A$15)),\n        IF(Import.TipoArredondamento<>\"TransfereGOV\",\n              ROUND(OFFSET($P21,0,BI$13),15-13*ORÇAMENTO!$AF$7)/$H21*OFFSET(ORÇAMENTO!$X$15,ROW(BI21)-ROW(BI$15),0),\n              ROUND(ROUND(OFFSET($P21,0,BI$13),15-13*ORÇAMENTO!$AF$7)*OFFSET(ORÇAMENTO!$W$15,ROW(BI21)-ROW(BI$15),0),15-13*ORÇAMENTO!$AF$11)),\n         0)","v":0},{"$f":"IF(AND($D21=\"Serviço\",BJ$12<>0,$H21>0,OR(AUTOEVENTO<>\"manual\",$M21<>$A$15)),\n        IF(Import.TipoArredondamento<>\"TransfereGOV\",\n              ROUND(OFFSET($P21,0,BJ$13),15-13*ORÇAMENTO!$AF$7)/$H21*OFFSET(ORÇAMENTO!$X$15,ROW(BJ21)-ROW(BJ$15),0),\n              ROUND(ROUND(OFFSET($P21,0,BJ$13),15-13*ORÇAMENTO!$AF$7)*OFFSET(ORÇAMENTO!$W$15,ROW(BJ21)-ROW(BJ$15),0),15-13*ORÇAMENTO!$AF$11)),\n         0)","v":0},{"$f":"IF(AND($D21=\"Serviço\",BK$12<>0,$H21>0,OR(AUTOEVENTO<>\"manual\",$M21<>$A$15)),\n        IF(Import.TipoArredondamento<>\"TransfereGOV\",\n              ROUND(OFFSET($P21,0,BK$13),15-13*ORÇAMENTO!$AF$7)/$H21*OFFSET(ORÇAMENTO!$X$15,ROW(BK21)-ROW(BK$15),0),\n              ROUND(ROUND(OFFSET($P21,0,BK$13),15-13*ORÇAMENTO!$AF$7)*OFFSET(ORÇAMENTO!$W$15,ROW(BK21)-ROW(BK$15),0),15-13*ORÇAMENTO!$AF$11)),\n         0)","v":0},{"$f":"IF(AND($D21=\"Serviço\",BL$12<>0,$H21>0,OR(AUTOEVENTO<>\"manual\",$M21<>$A$15)),\n        IF(Import.TipoArredondamento<>\"TransfereGOV\",\n              ROUND(OFFSET($P21,0,BL$13),15-13*ORÇAMENTO!$AF$7)/$H21*OFFSET(ORÇAMENTO!$X$15,ROW(BL21)-ROW(BL$15),0),\n              ROUND(ROUND(OFFSET($P21,0,BL$13),15-13*ORÇAMENTO!$AF$7)*OFFSET(ORÇAMENTO!$W$15,ROW(BL21)-ROW(BL$15),0),15-13*ORÇAMENTO!$AF$11)),\n         0)","v":0},{"$f":"IF(AND($D21=\"Serviço\",BM$12<>0,$H21>0,OR(AUTOEVENTO<>\"manual\",$M21<>$A$15)),\n        IF(Import.TipoArredondamento<>\"TransfereGOV\",\n              ROUND(OFFSET($P21,0,BM$13),15-13*ORÇAMENTO!$AF$7)/$H21*OFFSET(ORÇAMENTO!$X$15,ROW(BM21)-ROW(BM$15),0),\n              ROUND(ROUND(OFFSET($P21,0,BM$13),15-13*ORÇAMENTO!$AF$7)*OFFSET(ORÇAMENTO!$W$15,ROW(BM21)-ROW(BM$15),0),15-13*ORÇAMENTO!$AF$11)),\n         0)","v":0},{"$f":"IF(AND($D21=\"Serviço\",BN$12<>0,$H21>0,OR(AUTOEVENTO<>\"manual\",$M21<>$A$15)),\n        IF(Import.TipoArredondamento<>\"TransfereGOV\",\n              ROUND(OFFSET($P21,0,BN$13),15-13*ORÇAMENTO!$AF$7)/$H21*OFFSET(ORÇAMENTO!$X$15,ROW(BN21)-ROW(BN$15),0),\n              ROUND(ROUND(OFFSET($P21,0,BN$13),15-13*ORÇAMENTO!$AF$7)*OFFSET(ORÇAMENTO!$W$15,ROW(BN21)-ROW(BN$15),0),15-13*ORÇAMENTO!$AF$11)),\n         0)","v":0},{"$f":"IF(AND($D21=\"Serviço\",BO$12<>0,$H21>0,OR(AUTOEVENTO<>\"manual\",$M21<>$A$15)),\n        IF(Import.TipoArredondamento<>\"TransfereGOV\",\n              ROUND(OFFSET($P21,0,BO$13),15-13*ORÇAMENTO!$AF$7)/$H21*OFFSET(ORÇAMENTO!$X$15,ROW(BO21)-ROW(BO$15),0),\n              ROUND(ROUND(OFFSET($P21,0,BO$13),15-13*ORÇAMENTO!$AF$7)*OFFSET(ORÇAMENTO!$W$15,ROW(BO21)-ROW(BO$15),0),15-13*ORÇAMENTO!$AF$11)),\n         0)","v":0},{"$f":"IF(AND($D21=\"Serviço\",BP$12<>0,$H21>0,OR(AUTOEVENTO<>\"manual\",$M21<>$A$15)),\n        IF(Import.TipoArredondamento<>\"TransfereGOV\",\n              ROUND(OFFSET($P21,0,BP$13),15-13*ORÇAMENTO!$AF$7)/$H21*OFFSET(ORÇAMENTO!$X$15,ROW(BP21)-ROW(BP$15),0),\n              ROUND(ROUND(OFFSET($P21,0,BP$13),15-13*ORÇAMENTO!$AF$7)*OFFSET(ORÇAMENTO!$W$15,ROW(BP21)-ROW(BP$15),0),15-13*ORÇAMENTO!$AF$11)),\n         0)","v":0},{"$f":"IF(AND($D21=\"Serviço\",BQ$12<>0,$H21>0,OR(AUTOEVENTO<>\"manual\",$M21<>$A$15)),\n        IF(Import.TipoArredondamento<>\"TransfereGOV\",\n              ROUND(OFFSET($P21,0,BQ$13),15-13*ORÇAMENTO!$AF$7)/$H21*OFFSET(ORÇAMENTO!$X$15,ROW(BQ21)-ROW(BQ$15),0),\n              ROUND(ROUND(OFFSET($P21,0,BQ$13),15-13*ORÇAMENTO!$AF$7)*OFFSET(ORÇAMENTO!$W$15,ROW(BQ21)-ROW(BQ$15),0),15-13*ORÇAMENTO!$AF$11)),\n         0)","v":0},null,{"$f":"IF(OR($D21<>\"Serviço\",AND(AUTOEVENTO=\"Manual\",$M21=$A$15)),0,\n         IF(OFFSET(CRONOPLE!$F$15,$M21-$A$15,BS$13)=0,10^12,OFFSET(CRONOPLE!$F$15,$M21-$A$15,BS$13)))","v":0},{"$f":"IF(OR($D21<>\"Serviço\",AND(AUTOEVENTO=\"Manual\",$M21=$A$15)),0,\n         IF(OFFSET(CRONOPLE!$F$15,$M21-$A$15,BT$13)=0,10^12,OFFSET(CRONOPLE!$F$15,$M21-$A$15,BT$13)))","v":0},{"$f":"IF(OR($D21<>\"Serviço\",AND(AUTOEVENTO=\"Manual\",$M21=$A$15)),0,\n         IF(OFFSET(CRONOPLE!$F$15,$M21-$A$15,BU$13)=0,10^12,OFFSET(CRONOPLE!$F$15,$M21-$A$15,BU$13)))","v":0},{"$f":"IF(OR($D21<>\"Serviço\",AND(AUTOEVENTO=\"Manual\",$M21=$A$15)),0,\n         IF(OFFSET(CRONOPLE!$F$15,$M21-$A$15,BV$13)=0,10^12,OFFSET(CRONOPLE!$F$15,$M21-$A$15,BV$13)))","v":0},{"$f":"IF(OR($D21<>\"Serviço\",AND(AUTOEVENTO=\"Manual\",$M21=$A$15)),0,\n         IF(OFFSET(CRONOPLE!$F$15,$M21-$A$15,BW$13)=0,10^12,OFFSET(CRONOPLE!$F$15,$M21-$A$15,BW$13)))","v":0},{"$f":"IF(OR($D21<>\"Serviço\",AND(AUTOEVENTO=\"Manual\",$M21=$A$15)),0,\n         IF(OFFSET(CRONOPLE!$F$15,$M21-$A$15,BX$13)=0,10^12,OFFSET(CRONOPLE!$F$15,$M21-$A$15,BX$13)))","v":0},{"$f":"IF(OR($D21<>\"Serviço\",AND(AUTOEVENTO=\"Manual\",$M21=$A$15)),0,\n         IF(OFFSET(CRONOPLE!$F$15,$M21-$A$15,BY$13)=0,10^12,OFFSET(CRONOPLE!$F$15,$M21-$A$15,BY$13)))","v":0},{"$f":"IF(OR($D21<>\"Serviço\",AND(AUTOEVENTO=\"Manual\",$M21=$A$15)),0,\n         IF(OFFSET(CRONOPLE!$F$15,$M21-$A$15,BZ$13)=0,10^12,OFFSET(CRONOPLE!$F$15,$M21-$A$15,BZ$13)))","v":0},{"$f":"IF(OR($D21<>\"Serviço\",AND(AUTOEVENTO=\"Manual\",$M21=$A$15)),0,\n         IF(OFFSET(CRONOPLE!$F$15,$M21-$A$15,CA$13)=0,10^12,OFFSET(CRONOPLE!$F$15,$M21-$A$15,CA$13)))","v":0},{"$f":"IF(OR($D21<>\"Serviço\",AND(AUTOEVENTO=\"Manual\",$M21=$A$15)),0,\n         IF(OFFSET(CRONOPLE!$F$15,$M21-$A$15,CB$13)=0,10^12,OFFSET(CRONOPLE!$F$15,$M21-$A$15,CB$13)))","v":0},{"$f":"IF(OR($D21<>\"Serviço\",AND(AUTOEVENTO=\"Manual\",$M21=$A$15)),0,\n         IF(OFFSET(CRONOPLE!$F$15,$M21-$A$15,CC$13)=0,10^12,OFFSET(CRONOPLE!$F$15,$M21-$A$15,CC$13)))","v":0},{"$f":"IF(OR($D21<>\"Serviço\",AND(AUTOEVENTO=\"Manual\",$M21=$A$15)),0,\n         IF(OFFSET(CRONOPLE!$F$15,$M21-$A$15,CD$13)=0,10^12,OFFSET(CRONOPLE!$F$15,$M21-$A$15,CD$13)))","v":0},{"$f":"IF(OR($D21<>\"Serviço\",AND(AUTOEVENTO=\"Manual\",$M21=$A$15)),0,\n         IF(OFFSET(CRONOPLE!$F$15,$M21-$A$15,CE$13)=0,10^12,OFFSET(CRONOPLE!$F$15,$M21-$A$15,CE$13)))","v":0},{"$f":"IF(OR($D21<>\"Serviço\",AND(AUTOEVENTO=\"Manual\",$M21=$A$15)),0,\n         IF(OFFSET(CRONOPLE!$F$15,$M21-$A$15,CF$13)=0,10^12,OFFSET(CRONOPLE!$F$15,$M21-$A$15,CF$13)))","v":0},{"$f":"IF(OR($D21<>\"Serviço\",AND(AUTOEVENTO=\"Manual\",$M21=$A$15)),0,\n         IF(OFFSET(CRONOPLE!$F$15,$M21-$A$15,CG$13)=0,10^12,OFFSET(CRONOPLE!$F$15,$M21-$A$15,CG$13)))","v":0},{"$f":"IF(OR($D21<>\"Serviço\",AND(AUTOEVENTO=\"Manual\",$M21=$A$15)),0,\n         IF(OFFSET(CRONOPLE!$F$15,$M21-$A$15,CH$13)=0,10^12,OFFSET(CRONOPLE!$F$15,$M21-$A$15,CH$13)))","v":0},{"$f":"IF(OR($D21<>\"Serviço\",AND(AUTOEVENTO=\"Manual\",$M21=$A$15)),0,\n         IF(OFFSET(CRONOPLE!$F$15,$M21-$A$15,CI$13)=0,10^12,OFFSET(CRONOPLE!$F$15,$M21-$A$15,CI$13)))","v":0},{"$f":"IF(OR($D21<>\"Serviço\",AND(AUTOEVENTO=\"Manual\",$M21=$A$15)),0,\n         IF(OFFSET(CRONOPLE!$F$15,$M21-$A$15,CJ$13)=0,10^12,OFFSET(CRONOPLE!$F$15,$M21-$A$15,CJ$13)))","v":0},{"$f":"IF(OR($D21<>\"Serviço\",AND(AUTOEVENTO=\"Manual\",$M21=$A$15)),0,\n         IF(OFFSET(CRONOPLE!$F$15,$M21-$A$15,CK$13)=0,10^12,OFFSET(CRONOPLE!$F$15,$M21-$A$15,CK$13)))","v":0},{"$f":"IF(OR($D21<>\"Serviço\",AND(AUTOEVENTO=\"Manual\",$M21=$A$15)),0,\n         IF(OFFSET(CRONOPLE!$F$15,$M21-$A$15,CL$13)=0,10^12,OFFSET(CRONOPLE!$F$15,$M21-$A$15,CL$13)))","v":0},{"$f":"IF(OR($D21<>\"Serviço\",AND(AUTOEVENTO=\"Manual\",$M21=$A$15)),0,\n         IF(OFFSET(CRONOPLE!$F$15,$M21-$A$15,CM$13)=0,10^12,OFFSET(CRONOPLE!$F$15,$M21-$A$15,CM$13)))","v":0},{"$f":"IF(OR($D21<>\"Serviço\",AND(AUTOEVENTO=\"Manual\",$M21=$A$15)),0,\n         IF(OFFSET(CRONOPLE!$F$15,$M21-$A$15,CN$13)=0,10^12,OFFSET(CRONOPLE!$F$15,$M21-$A$15,CN$13)))","v":0},{"$f":"IF(OR($D21<>\"Serviço\",AND(AUTOEVENTO=\"Manual\",$M21=$A$15)),0,\n         IF(OFFSET(CRONOPLE!$F$15,$M21-$A$15,CO$13)=0,10^12,OFFSET(CRONOPLE!$F$15,$M21-$A$15,CO$13)))","v":0},{"$f":"IF(OR($D21<>\"Serviço\",AND(AUTOEVENTO=\"Manual\",$M21=$A$15)),0,\n         IF(OFFSET(CRONOPLE!$F$15,$M21-$A$15,CP$13)=0,10^12,OFFSET(CRONOPLE!$F$15,$M21-$A$15,CP$13)))","v":0},{"$f":"IF(OR($D21<>\"Serviço\",AND(AUTOEVENTO=\"Manual\",$M21=$A$15)),0,\n         IF(OFFSET(CRONOPLE!$F$15,$M21-$A$15,CQ$13)=0,10^12,OFFSET(CRONOPLE!$F$15,$M21-$A$15,CQ$13)))","v":0},{"$f":"IF(OR($D21<>\"Serviço\",AND(AUTOEVENTO=\"Manual\",$M21=$A$15)),0,\n         IF(OFFSET(CRONOPLE!$F$15,$M21-$A$15,CR$13)=0,10^12,OFFSET(CRONOPLE!$F$15,$M21-$A$15,CR$13)))","v":0},null,{"$f":"IF(OR($D21<>\"Serviço\",AND(AUTOEVENTO=\"Manual\",$M21=$A$15),$M21>(ROW(PLE.lastrow)-ROW(PLE.firstrow))),0,\n           IF(OFFSET(PLE!$G$15,$M21-$A$15,CT$13)=\"\",10^12,OFFSET(PLE!$G$15,$M21-$A$15,CT$13)))","v":0},{"$f":"IF(OR($D21<>\"Serviço\",AND(AUTOEVENTO=\"Manual\",$M21=$A$15),$M21>(ROW(PLE.lastrow)-ROW(PLE.firstrow))),0,\n           IF(OFFSET(PLE!$G$15,$M21-$A$15,CU$13)=\"\",10^12,OFFSET(PLE!$G$15,$M21-$A$15,CU$13)))","v":0},{"$f":"IF(OR($D21<>\"Serviço\",AND(AUTOEVENTO=\"Manual\",$M21=$A$15),$M21>(ROW(PLE.lastrow)-ROW(PLE.firstrow))),0,\n           IF(OFFSET(PLE!$G$15,$M21-$A$15,CV$13)=\"\",10^12,OFFSET(PLE!$G$15,$M21-$A$15,CV$13)))","v":0},{"$f":"IF(OR($D21<>\"Serviço\",AND(AUTOEVENTO=\"Manual\",$M21=$A$15),$M21>(ROW(PLE.lastrow)-ROW(PLE.firstrow))),0,\n           IF(OFFSET(PLE!$G$15,$M21-$A$15,CW$13)=\"\",10^12,OFFSET(PLE!$G$15,$M21-$A$15,CW$13)))","v":0},{"$f":"IF(OR($D21<>\"Serviço\",AND(AUTOEVENTO=\"Manual\",$M21=$A$15),$M21>(ROW(PLE.lastrow)-ROW(PLE.firstrow))),0,\n           IF(OFFSET(PLE!$G$15,$M21-$A$15,CX$13)=\"\",10^12,OFFSET(PLE!$G$15,$M21-$A$15,CX$13)))","v":0},{"$f":"IF(OR($D21<>\"Serviço\",AND(AUTOEVENTO=\"Manual\",$M21=$A$15),$M21>(ROW(PLE.lastrow)-ROW(PLE.firstrow))),0,\n           IF(OFFSET(PLE!$G$15,$M21-$A$15,CY$13)=\"\",10^12,OFFSET(PLE!$G$15,$M21-$A$15,CY$13)))","v":0},{"$f":"IF(OR($D21<>\"Serviço\",AND(AUTOEVENTO=\"Manual\",$M21=$A$15),$M21>(ROW(PLE.lastrow)-ROW(PLE.firstrow))),0,\n           IF(OFFSET(PLE!$G$15,$M21-$A$15,CZ$13)=\"\",10^12,OFFSET(PLE!$G$15,$M21-$A$15,CZ$13)))","v":0},{"$f":"IF(OR($D21<>\"Serviço\",AND(AUTOEVENTO=\"Manual\",$M21=$A$15),$M21>(ROW(PLE.lastrow)-ROW(PLE.firstrow))),0,\n           IF(OFFSET(PLE!$G$15,$M21-$A$15,DA$13)=\"\",10^12,OFFSET(PLE!$G$15,$M21-$A$15,DA$13)))","v":0},{"$f":"IF(OR($D21<>\"Serviço\",AND(AUTOEVENTO=\"Manual\",$M21=$A$15),$M21>(ROW(PLE.lastrow)-ROW(PLE.firstrow))),0,\n           IF(OFFSET(PLE!$G$15,$M21-$A$15,DB$13)=\"\",10^12,OFFSET(PLE!$G$15,$M21-$A$15,DB$13)))","v":0},{"$f":"IF(OR($D21<>\"Serviço\",AND(AUTOEVENTO=\"Manual\",$M21=$A$15),$M21>(ROW(PLE.lastrow)-ROW(PLE.firstrow))),0,\n           IF(OFFSET(PLE!$G$15,$M21-$A$15,DC$13)=\"\",10^12,OFFSET(PLE!$G$15,$M21-$A$15,DC$13)))","v":0},{"$f":"IF(OR($D21<>\"Serviço\",AND(AUTOEVENTO=\"Manual\",$M21=$A$15),$M21>(ROW(PLE.lastrow)-ROW(PLE.firstrow))),0,\n           IF(OFFSET(PLE!$G$15,$M21-$A$15,DD$13)=\"\",10^12,OFFSET(PLE!$G$15,$M21-$A$15,DD$13)))","v":0},{"$f":"IF(OR($D21<>\"Serviço\",AND(AUTOEVENTO=\"Manual\",$M21=$A$15),$M21>(ROW(PLE.lastrow)-ROW(PLE.firstrow))),0,\n           IF(OFFSET(PLE!$G$15,$M21-$A$15,DE$13)=\"\",10^12,OFFSET(PLE!$G$15,$M21-$A$15,DE$13)))","v":0},{"$f":"IF(OR($D21<>\"Serviço\",AND(AUTOEVENTO=\"Manual\",$M21=$A$15),$M21>(ROW(PLE.lastrow)-ROW(PLE.firstrow))),0,\n           IF(OFFSET(PLE!$G$15,$M21-$A$15,DF$13)=\"\",10^12,OFFSET(PLE!$G$15,$M21-$A$15,DF$13)))","v":0},{"$f":"IF(OR($D21<>\"Serviço\",AND(AUTOEVENTO=\"Manual\",$M21=$A$15),$M21>(ROW(PLE.lastrow)-ROW(PLE.firstrow))),0,\n           IF(OFFSET(PLE!$G$15,$M21-$A$15,DG$13)=\"\",10^12,OFFSET(PLE!$G$15,$M21-$A$15,DG$13)))","v":0},{"$f":"IF(OR($D21<>\"Serviço\",AND(AUTOEVENTO=\"Manual\",$M21=$A$15),$M21>(ROW(PLE.lastrow)-ROW(PLE.firstrow))),0,\n           IF(OFFSET(PLE!$G$15,$M21-$A$15,DH$13)=\"\",10^12,OFFSET(PLE!$G$15,$M21-$A$15,DH$13)))","v":0},{"$f":"IF(OR($D21<>\"Serviço\",AND(AUTOEVENTO=\"Manual\",$M21=$A$15),$M21>(ROW(PLE.lastrow)-ROW(PLE.firstrow))),0,\n           IF(OFFSET(PLE!$G$15,$M21-$A$15,DI$13)=\"\",10^12,OFFSET(PLE!$G$15,$M21-$A$15,DI$13)))","v":0},{"$f":"IF(OR($D21<>\"Serviço\",AND(AUTOEVENTO=\"Manual\",$M21=$A$15),$M21>(ROW(PLE.lastrow)-ROW(PLE.firstrow))),0,\n           IF(OFFSET(PLE!$G$15,$M21-$A$15,DJ$13)=\"\",10^12,OFFSET(PLE!$G$15,$M21-$A$15,DJ$13)))","v":0},{"$f":"IF(OR($D21<>\"Serviço\",AND(AUTOEVENTO=\"Manual\",$M21=$A$15),$M21>(ROW(PLE.lastrow)-ROW(PLE.firstrow))),0,\n           IF(OFFSET(PLE!$G$15,$M21-$A$15,DK$13)=\"\",10^12,OFFSET(PLE!$G$15,$M21-$A$15,DK$13)))","v":0},{"$f":"IF(OR($D21<>\"Serviço\",AND(AUTOEVENTO=\"Manual\",$M21=$A$15),$M21>(ROW(PLE.lastrow)-ROW(PLE.firstrow))),0,\n           IF(OFFSET(PLE!$G$15,$M21-$A$15,DL$13)=\"\",10^12,OFFSET(PLE!$G$15,$M21-$A$15,DL$13)))","v":0},{"$f":"IF(OR($D21<>\"Serviço\",AND(AUTOEVENTO=\"Manual\",$M21=$A$15),$M21>(ROW(PLE.lastrow)-ROW(PLE.firstrow))),0,\n           IF(OFFSET(PLE!$G$15,$M21-$A$15,DM$13)=\"\",10^12,OFFSET(PLE!$G$15,$M21-$A$15,DM$13)))","v":0},{"$f":"IF(OR($D21<>\"Serviço\",AND(AUTOEVENTO=\"Manual\",$M21=$A$15),$M21>(ROW(PLE.lastrow)-ROW(PLE.firstrow))),0,\n           IF(OFFSET(PLE!$G$15,$M21-$A$15,DN$13)=\"\",10^12,OFFSET(PLE!$G$15,$M21-$A$15,DN$13)))","v":0},{"$f":"IF(OR($D21<>\"Serviço\",AND(AUTOEVENTO=\"Manual\",$M21=$A$15),$M21>(ROW(PLE.lastrow)-ROW(PLE.firstrow))),0,\n           IF(OFFSET(PLE!$G$15,$M21-$A$15,DO$13)=\"\",10^12,OFFSET(PLE!$G$15,$M21-$A$15,DO$13)))","v":0},{"$f":"IF(OR($D21<>\"Serviço\",AND(AUTOEVENTO=\"Manual\",$M21=$A$15),$M21>(ROW(PLE.lastrow)-ROW(PLE.firstrow))),0,\n           IF(OFFSET(PLE!$G$15,$M21-$A$15,DP$13)=\"\",10^12,OFFSET(PLE!$G$15,$M21-$A$15,DP$13)))","v":0},{"$f":"IF(OR($D21<>\"Serviço\",AND(AUTOEVENTO=\"Manual\",$M21=$A$15),$M21>(ROW(PLE.lastrow)-ROW(PLE.firstrow))),0,\n           IF(OFFSET(PLE!$G$15,$M21-$A$15,DQ$13)=\"\",10^12,OFFSET(PLE!$G$15,$M21-$A$15,DQ$13)))","v":0},{"$f":"IF(OR($D21<>\"Serviço\",AND(AUTOEVENTO=\"Manual\",$M21=$A$15),$M21>(ROW(PLE.lastrow)-ROW(PLE.firstrow))),0,\n           IF(OFFSET(PLE!$G$15,$M21-$A$15,DR$13)=\"\",10^12,OFFSET(PLE!$G$15,$M21-$A$15,DR$13)))","v":0},{"$f":"IF(OR($D21<>\"Serviço\",AND(AUTOEVENTO=\"Manual\",$M21=$A$15),$M21>(ROW(PLE.lastrow)-ROW(PLE.firstrow))),0,\n           IF(OFFSET(PLE!$G$15,$M21-$A$15,DS$13)=\"\",10^12,OFFSET(PLE!$G$15,$M21-$A$15,DS$13)))","v":0}]
["7.",{"$f":"OFFSET(ORÇAMENTO!C$15,$L22,0)","v":3},{"$f":"OFFSET(ORÇAMENTO!L$15,$L22,0)","v":"F"},{"$f":"OFFSET(ORÇAMENTO!N$15,$L22,0)","v":"Nível 3"},{"$f":"OFFSET(ORÇAMENTO!O$15,$L22,0)","v":"1.3.1."},{"$f":"OFFSET(ORÇAMENTO!R$15,$L22,0)","v":"FUNDAÇÕES"},{"$f":"IF($D22<>\"Serviço\",\"\",OFFSET(ORÇAMENTO!S$15,$L22,0))","v":""},{"$f":"IF($D22<>\"Serviço\",0,IF(ACOMPANHAMENTO=\"BM\",ROUND(OFFSET(ORÇAMENTO!AJ$15,$L22,0),15-13*ORÇAMENTO!$AF$7),IF(IFERROR(CÁLCULO.FrentesPreenchidas,0)=0,0,SUM(ROUND(OFFSET($P22,0,1,1,CÁLCULO.FrentesPreenchidas),15-13*ORÇAMENTO!$AF$7)))))","v":0},null,{"$f":"IF(OR(B22<>\"S\",CÁLCULO.FrentesPreenchidas=0),\"\",IF(AND(ACOMPANHAMENTO=\"PLE\",AUTOEVENTO=\"Manual\",OR(H22>0,ORÇAMENTO!AC22=\"QUANT.\"),OR(K22=\"\",M22=0,N22=\"\")),\"►E\",IF(AND(ACOMPANHAMENTO=\"PLE\",ORÇAMENTO!AC22=\"QUANT.\"),\"►Q\",IF(AND(ACOMPANHAMENTO=\"PLE\",H22<>SUMPRODUCT(($Q$1:$AQ$1=1)*ROUND(Q22:AQ22,15))),\"►S\",IF(AND(COUNTIF($P$11:$AQ$11,\"▼\")=0,H22>0,I22=\"\"),\"◄M\",\"\")))))","v":""},null,7,{"$f":"IF($D22<>\"Serviço\",\"\",\n          IF(AUTOEVENTO=\"manual\",$A22,\n                IF(ISERROR(MATCH($A22,$A$15:OFFSET($A22,-1,0),0)),MAX($M$15:OFFSET(M22,-1,0))+1,\n                      INDEX($M$15:OFFSET(M22,-1,0),MATCH($A22,$A$15:OFFSET($A22,-1,0),0)))))","v":""},{"$f":"IF($D22<>\"Serviço\",\"\",\n         IF(AUTOEVENTO=\"Manual\",\n                IF($A22=0,\"<-- defina o número do agrupador\",\n                       OFFSET(EVENTOS!$D$15,$A22-$A$15,0)),\n                OFFSET($F$15,$A22,0)))","v":""},null,null,null,null,null,null,null,null,null,null,null,null,null,null,null,null,null,null,null,null,null,null,null,null,null,null,null,null,null,{"$f":"IF(AND($D22=\"Serviço\",AR$12<>0,$H22>0,OR(AUTOEVENTO<>\"manual\",$M22<>$A$15)),\n        IF(Import.TipoArredondamento<>\"TransfereGOV\",\n              ROUND(OFFSET($P22,0,AR$13),15-13*ORÇAMENTO!$AF$7)/$H22*OFFSET(ORÇAMENTO!$X$15,ROW(AR22)-ROW(AR$15),0),\n              ROUND(ROUND(OFFSET($P22,0,AR$13),15-13*ORÇAMENTO!$AF$7)*OFFSET(ORÇAMENTO!$W$15,ROW(AR22)-ROW(AR$15),0),15-13*ORÇAMENTO!$AF$11)),\n         0)","v":0},{"$f":"IF(AND($D22=\"Serviço\",AS$12<>0,$H22>0,OR(AUTOEVENTO<>\"manual\",$M22<>$A$15)),\n        IF(Import.TipoArredondamento<>\"TransfereGOV\",\n              ROUND(OFFSET($P22,0,AS$13),15-13*ORÇAMENTO!$AF$7)/$H22*OFFSET(ORÇAMENTO!$X$15,ROW(AS22)-ROW(AS$15),0),\n              ROUND(ROUND(OFFSET($P22,0,AS$13),15-13*ORÇAMENTO!$AF$7)*OFFSET(ORÇAMENTO!$W$15,ROW(AS22)-ROW(AS$15),0),15-13*ORÇAMENTO!$AF$11)),\n         0)","v":0},{"$f":"IF(AND($D22=\"Serviço\",AT$12<>0,$H22>0,OR(AUTOEVENTO<>\"manual\",$M22<>$A$15)),\n        IF(Import.TipoArredondamento<>\"TransfereGOV\",\n              ROUND(OFFSET($P22,0,AT$13),15-13*ORÇAMENTO!$AF$7)/$H22*OFFSET(ORÇAMENTO!$X$15,ROW(AT22)-ROW(AT$15),0),\n              ROUND(ROUND(OFFSET($P22,0,AT$13),15-13*ORÇAMENTO!$AF$7)*OFFSET(ORÇAMENTO!$W$15,ROW(AT22)-ROW(AT$15),0),15-13*ORÇAMENTO!$AF$11)),\n         0)","v":0},{"$f":"IF(AND($D22=\"Serviço\",AU$12<>0,$H22>0,OR(AUTOEVENTO<>\"manual\",$M22<>$A$15)),\n        IF(Import.TipoArredondamento<>\"TransfereGOV\",\n              ROUND(OFFSET($P22,0,AU$13),15-13*ORÇAMENTO!$AF$7)/$H22*OFFSET(ORÇAMENTO!$X$15,ROW(AU22)-ROW(AU$15),0),\n              ROUND(ROUND(OFFSET($P22,0,AU$13),15-13*ORÇAMENTO!$AF$7)*OFFSET(ORÇAMENTO!$W$15,ROW(AU22)-ROW(AU$15),0),15-13*ORÇAMENTO!$AF$11)),\n         0)","v":0},{"$f":"IF(AND($D22=\"Serviço\",AV$12<>0,$H22>0,OR(AUTOEVENTO<>\"manual\",$M22<>$A$15)),\n        IF(Import.TipoArredondamento<>\"TransfereGOV\",\n              ROUND(OFFSET($P22,0,AV$13),15-13*ORÇAMENTO!$AF$7)/$H22*OFFSET(ORÇAMENTO!$X$15,ROW(AV22)-ROW(AV$15),0),\n              ROUND(ROUND(OFFSET($P22,0,AV$13),15-13*ORÇAMENTO!$AF$7)*OFFSET(ORÇAMENTO!$W$15,ROW(AV22)-ROW(AV$15),0),15-13*ORÇAMENTO!$AF$11)),\n         0)","v":0},{"$f":"IF(AND($D22=\"Serviço\",AW$12<>0,$H22>0,OR(AUTOEVENTO<>\"manual\",$M22<>$A$15)),\n        IF(Import.TipoArredondamento<>\"TransfereGOV\",\n              ROUND(OFFSET($P22,0,AW$13),15-13*ORÇAMENTO!$AF$7)/$H22*OFFSET(ORÇAMENTO!$X$15,ROW(AW22)-ROW(AW$15),0),\n              ROUND(ROUND(OFFSET($P22,0,AW$13),15-13*ORÇAMENTO!$AF$7)*OFFSET(ORÇAMENTO!$W$15,ROW(AW22)-ROW(AW$15),0),15-13*ORÇAMENTO!$AF$11)),\n         0)","v":0},{"$f":"IF(AND($D22=\"Serviço\",AX$12<>0,$H22>0,OR(AUTOEVENTO<>\"manual\",$M22<>$A$15)),\n        IF(Import.TipoArredondamento<>\"TransfereGOV\",\n              ROUND(OFFSET($P22,0,AX$13),15-13*ORÇAMENTO!$AF$7)/$H22*OFFSET(ORÇAMENTO!$X$15,ROW(AX22)-ROW(AX$15),0),\n              ROUND(ROUND(OFFSET($P22,0,AX$13),15-13*ORÇAMENTO!$AF$7)*OFFSET(ORÇAMENTO!$W$15,ROW(AX22)-ROW(AX$15),0),15-13*ORÇAMENTO!$AF$11)),\n         0)","v":0},{"$f":"IF(AND($D22=\"Serviço\",AY$12<>0,$H22>0,OR(AUTOEVENTO<>\"manual\",$M22<>$A$15)),\n        IF(Import.TipoArredondamento<>\"TransfereGOV\",\n              ROUND(OFFSET($P22,0,AY$13),15-13*ORÇAMENTO!$AF$7)/$H22*OFFSET(ORÇAMENTO!$X$15,ROW(AY22)-ROW(AY$15),0),\n              ROUND(ROUND(OFFSET($P22,0,AY$13),15-13*ORÇAMENTO!$AF$7)*OFFSET(ORÇAMENTO!$W$15,ROW(AY22)-ROW(AY$15),0),15-13*ORÇAMENTO!$AF$11)),\n         0)","v":0},{"$f":"IF(AND($D22=\"Serviço\",AZ$12<>0,$H22>0,OR(AUTOEVENTO<>\"manual\",$M22<>$A$15)),\n        IF(Import.TipoArredondamento<>\"TransfereGOV\",\n              ROUND(OFFSET($P22,0,AZ$13),15-13*ORÇAMENTO!$AF$7)/$H22*OFFSET(ORÇAMENTO!$X$15,ROW(AZ22)-ROW(AZ$15),0),\n              ROUND(ROUND(OFFSET($P22,0,AZ$13),15-13*ORÇAMENTO!$AF$7)*OFFSET(ORÇAMENTO!$W$15,ROW(AZ22)-ROW(AZ$15),0),15-13*ORÇAMENTO!$AF$11)),\n         0)","v":0},{"$f":"IF(AND($D22=\"Serviço\",BA$12<>0,$H22>0,OR(AUTOEVENTO<>\"manual\",$M22<>$A$15)),\n        IF(Import.TipoArredondamento<>\"TransfereGOV\",\n              ROUND(OFFSET($P22,0,BA$13),15-13*ORÇAMENTO!$AF$7)/$H22*OFFSET(ORÇAMENTO!$X$15,ROW(BA22)-ROW(BA$15),0),\n              ROUND(ROUND(OFFSET($P22,0,BA$13),15-13*ORÇAMENTO!$AF$7)*OFFSET(ORÇAMENTO!$W$15,ROW(BA22)-ROW(BA$15),0),15-13*ORÇAMENTO!$AF$11)),\n         0)","v":0},{"$f":"IF(AND($D22=\"Serviço\",BB$12<>0,$H22>0,OR(AUTOEVENTO<>\"manual\",$M22<>$A$15)),\n        IF(Import.TipoArredondamento<>\"TransfereGOV\",\n              ROUND(OFFSET($P22,0,BB$13),15-13*ORÇAMENTO!$AF$7)/$H22*OFFSET(ORÇAMENTO!$X$15,ROW(BB22)-ROW(BB$15),0),\n              ROUND(ROUND(OFFSET($P22,0,BB$13),15-13*ORÇAMENTO!$AF$7)*OFFSET(ORÇAMENTO!$W$15,ROW(BB22)-ROW(BB$15),0),15-13*ORÇAMENTO!$AF$11)),\n         0)","v":0},{"$f":"IF(AND($D22=\"Serviço\",BC$12<>0,$H22>0,OR(AUTOEVENTO<>\"manual\",$M22<>$A$15)),\n        IF(Import.TipoArredondamento<>\"TransfereGOV\",\n              ROUND(OFFSET($P22,0,BC$13),15-13*ORÇAMENTO!$AF$7)/$H22*OFFSET(ORÇAMENTO!$X$15,ROW(BC22)-ROW(BC$15),0),\n              ROUND(ROUND(OFFSET($P22,0,BC$13),15-13*ORÇAMENTO!$AF$7)*OFFSET(ORÇAMENTO!$W$15,ROW(BC22)-ROW(BC$15),0),15-13*ORÇAMENTO!$AF$11)),\n         0)","v":0},{"$f":"IF(AND($D22=\"Serviço\",BD$12<>0,$H22>0,OR(AUTOEVENTO<>\"manual\",$M22<>$A$15)),\n        IF(Import.TipoArredondamento<>\"TransfereGOV\",\n              ROUND(OFFSET($P22,0,BD$13),15-13*ORÇAMENTO!$AF$7)/$H22*OFFSET(ORÇAMENTO!$X$15,ROW(BD22)-ROW(BD$15),0),\n              ROUND(ROUND(OFFSET($P22,0,BD$13),15-13*ORÇAMENTO!$AF$7)*OFFSET(ORÇAMENTO!$W$15,ROW(BD22)-ROW(BD$15),0),15-13*ORÇAMENTO!$AF$11)),\n         0)","v":0},{"$f":"IF(AND($D22=\"Serviço\",BE$12<>0,$H22>0,OR(AUTOEVENTO<>\"manual\",$M22<>$A$15)),\n        IF(Import.TipoArredondamento<>\"TransfereGOV\",\n              ROUND(OFFSET($P22,0,BE$13),15-13*ORÇAMENTO!$AF$7)/$H22*OFFSET(ORÇAMENTO!$X$15,ROW(BE22)-ROW(BE$15),0),\n              ROUND(ROUND(OFFSET($P22,0,BE$13),15-13*ORÇAMENTO!$AF$7)*OFFSET(ORÇAMENTO!$W$15,ROW(BE22)-ROW(BE$15),0),15-13*ORÇAMENTO!$AF$11)),\n         0)","v":0},{"$f":"IF(AND($D22=\"Serviço\",BF$12<>0,$H22>0,OR(AUTOEVENTO<>\"manual\",$M22<>$A$15)),\n        IF(Import.TipoArredondamento<>\"TransfereGOV\",\n              ROUND(OFFSET($P22,0,BF$13),15-13*ORÇAMENTO!$AF$7)/$H22*OFFSET(ORÇAMENTO!$X$15,ROW(BF22)-ROW(BF$15),0),\n              ROUND(ROUND(OFFSET($P22,0,BF$13),15-13*ORÇAMENTO!$AF$7)*OFFSET(ORÇAMENTO!$W$15,ROW(BF22)-ROW(BF$15),0),15-13*ORÇAMENTO!$AF$11)),\n         0)","v":0},{"$f":"IF(AND($D22=\"Serviço\",BG$12<>0,$H22>0,OR(AUTOEVENTO<>\"manual\",$M22<>$A$15)),\n        IF(Import.TipoArredondamento<>\"TransfereGOV\",\n              ROUND(OFFSET($P22,0,BG$13),15-13*ORÇAMENTO!$AF$7)/$H22*OFFSET(ORÇAMENTO!$X$15,ROW(BG22)-ROW(BG$15),0),\n              ROUND(ROUND(OFFSET($P22,0,BG$13),15-13*ORÇAMENTO!$AF$7)*OFFSET(ORÇAMENTO!$W$15,ROW(BG22)-ROW(BG$15),0),15-13*ORÇAMENTO!$AF$11)),\n         0)","v":0},{"$f":"IF(AND($D22=\"Serviço\",BH$12<>0,$H22>0,OR(AUTOEVENTO<>\"manual\",$M22<>$A$15)),\n        IF(Import.TipoArredondamento<>\"TransfereGOV\",\n              ROUND(OFFSET($P22,0,BH$13),15-13*ORÇAMENTO!$AF$7)/$H22*OFFSET(ORÇAMENTO!$X$15,ROW(BH22)-ROW(BH$15),0),\n              ROUND(ROUND(OFFSET($P22,0,BH$13),15-13*ORÇAMENTO!$AF$7)*OFFSET(ORÇAMENTO!$W$15,ROW(BH22)-ROW(BH$15),0),15-13*ORÇAMENTO!$AF$11)),\n         0)","v":0},{"$f":"IF(AND($D22=\"Serviço\",BI$12<>0,$H22>0,OR(AUTOEVENTO<>\"manual\",$M22<>$A$15)),\n        IF(Import.TipoArredondamento<>\"TransfereGOV\",\n              ROUND(OFFSET($P22,0,BI$13),15-13*ORÇAMENTO!$AF$7)/$H22*OFFSET(ORÇAMENTO!$X$15,ROW(BI22)-ROW(BI$15),0),\n              ROUND(ROUND(OFFSET($P22,0,BI$13),15-13*ORÇAMENTO!$AF$7)*OFFSET(ORÇAMENTO!$W$15,ROW(BI22)-ROW(BI$15),0),15-13*ORÇAMENTO!$AF$11)),\n         0)","v":0},{"$f":"IF(AND($D22=\"Serviço\",BJ$12<>0,$H22>0,OR(AUTOEVENTO<>\"manual\",$M22<>$A$15)),\n        IF(Import.TipoArredondamento<>\"TransfereGOV\",\n              ROUND(OFFSET($P22,0,BJ$13),15-13*ORÇAMENTO!$AF$7)/$H22*OFFSET(ORÇAMENTO!$X$15,ROW(BJ22)-ROW(BJ$15),0),\n              ROUND(ROUND(OFFSET($P22,0,BJ$13),15-13*ORÇAMENTO!$AF$7)*OFFSET(ORÇAMENTO!$W$15,ROW(BJ22)-ROW(BJ$15),0),15-13*ORÇAMENTO!$AF$11)),\n         0)","v":0},{"$f":"IF(AND($D22=\"Serviço\",BK$12<>0,$H22>0,OR(AUTOEVENTO<>\"manual\",$M22<>$A$15)),\n        IF(Import.TipoArredondamento<>\"TransfereGOV\",\n              ROUND(OFFSET($P22,0,BK$13),15-13*ORÇAMENTO!$AF$7)/$H22*OFFSET(ORÇAMENTO!$X$15,ROW(BK22)-ROW(BK$15),0),\n              ROUND(ROUND(OFFSET($P22,0,BK$13),15-13*ORÇAMENTO!$AF$7)*OFFSET(ORÇAMENTO!$W$15,ROW(BK22)-ROW(BK$15),0),15-13*ORÇAMENTO!$AF$11)),\n         0)","v":0},{"$f":"IF(AND($D22=\"Serviço\",BL$12<>0,$H22>0,OR(AUTOEVENTO<>\"manual\",$M22<>$A$15)),\n        IF(Import.TipoArredondamento<>\"TransfereGOV\",\n              ROUND(OFFSET($P22,0,BL$13),15-13*ORÇAMENTO!$AF$7)/$H22*OFFSET(ORÇAMENTO!$X$15,ROW(BL22)-ROW(BL$15),0),\n              ROUND(ROUND(OFFSET($P22,0,BL$13),15-13*ORÇAMENTO!$AF$7)*OFFSET(ORÇAMENTO!$W$15,ROW(BL22)-ROW(BL$15),0),15-13*ORÇAMENTO!$AF$11)),\n         0)","v":0},{"$f":"IF(AND($D22=\"Serviço\",BM$12<>0,$H22>0,OR(AUTOEVENTO<>\"manual\",$M22<>$A$15)),\n        IF(Import.TipoArredondamento<>\"TransfereGOV\",\n              ROUND(OFFSET($P22,0,BM$13),15-13*ORÇAMENTO!$AF$7)/$H22*OFFSET(ORÇAMENTO!$X$15,ROW(BM22)-ROW(BM$15),0),\n              ROUND(ROUND(OFFSET($P22,0,BM$13),15-13*ORÇAMENTO!$AF$7)*OFFSET(ORÇAMENTO!$W$15,ROW(BM22)-ROW(BM$15),0),15-13*ORÇAMENTO!$AF$11)),\n         0)","v":0},{"$f":"IF(AND($D22=\"Serviço\",BN$12<>0,$H22>0,OR(AUTOEVENTO<>\"manual\",$M22<>$A$15)),\n        IF(Import.TipoArredondamento<>\"TransfereGOV\",\n              ROUND(OFFSET($P22,0,BN$13),15-13*ORÇAMENTO!$AF$7)/$H22*OFFSET(ORÇAMENTO!$X$15,ROW(BN22)-ROW(BN$15),0),\n              ROUND(ROUND(OFFSET($P22,0,BN$13),15-13*ORÇAMENTO!$AF$7)*OFFSET(ORÇAMENTO!$W$15,ROW(BN22)-ROW(BN$15),0),15-13*ORÇAMENTO!$AF$11)),\n         0)","v":0},{"$f":"IF(AND($D22=\"Serviço\",BO$12<>0,$H22>0,OR(AUTOEVENTO<>\"manual\",$M22<>$A$15)),\n        IF(Import.TipoArredondamento<>\"TransfereGOV\",\n              ROUND(OFFSET($P22,0,BO$13),15-13*ORÇAMENTO!$AF$7)/$H22*OFFSET(ORÇAMENTO!$X$15,ROW(BO22)-ROW(BO$15),0),\n              ROUND(ROUND(OFFSET($P22,0,BO$13),15-13*ORÇAMENTO!$AF$7)*OFFSET(ORÇAMENTO!$W$15,ROW(BO22)-ROW(BO$15),0),15-13*ORÇAMENTO!$AF$11)),\n         0)","v":0},{"$f":"IF(AND($D22=\"Serviço\",BP$12<>0,$H22>0,OR(AUTOEVENTO<>\"manual\",$M22<>$A$15)),\n        IF(Import.TipoArredondamento<>\"TransfereGOV\",\n              ROUND(OFFSET($P22,0,BP$13),15-13*ORÇAMENTO!$AF$7)/$H22*OFFSET(ORÇAMENTO!$X$15,ROW(BP22)-ROW(BP$15),0),\n              ROUND(ROUND(OFFSET($P22,0,BP$13),15-13*ORÇAMENTO!$AF$7)*OFFSET(ORÇAMENTO!$W$15,ROW(BP22)-ROW(BP$15),0),15-13*ORÇAMENTO!$AF$11)),\n         0)","v":0},{"$f":"IF(AND($D22=\"Serviço\",BQ$12<>0,$H22>0,OR(AUTOEVENTO<>\"manual\",$M22<>$A$15)),\n        IF(Import.TipoArredondamento<>\"TransfereGOV\",\n              ROUND(OFFSET($P22,0,BQ$13),15-13*ORÇAMENTO!$AF$7)/$H22*OFFSET(ORÇAMENTO!$X$15,ROW(BQ22)-ROW(BQ$15),0),\n              ROUND(ROUND(OFFSET($P22,0,BQ$13),15-13*ORÇAMENTO!$AF$7)*OFFSET(ORÇAMENTO!$W$15,ROW(BQ22)-ROW(BQ$15),0),15-13*ORÇAMENTO!$AF$11)),\n         0)","v":0},null,{"$f":"IF(OR($D22<>\"Serviço\",AND(AUTOEVENTO=\"Manual\",$M22=$A$15)),0,\n         IF(OFFSET(CRONOPLE!$F$15,$M22-$A$15,BS$13)=0,10^12,OFFSET(CRONOPLE!$F$15,$M22-$A$15,BS$13)))","v":0},{"$f":"IF(OR($D22<>\"Serviço\",AND(AUTOEVENTO=\"Manual\",$M22=$A$15)),0,\n         IF(OFFSET(CRONOPLE!$F$15,$M22-$A$15,BT$13)=0,10^12,OFFSET(CRONOPLE!$F$15,$M22-$A$15,BT$13)))","v":0},{"$f":"IF(OR($D22<>\"Serviço\",AND(AUTOEVENTO=\"Manual\",$M22=$A$15)),0,\n         IF(OFFSET(CRONOPLE!$F$15,$M22-$A$15,BU$13)=0,10^12,OFFSET(CRONOPLE!$F$15,$M22-$A$15,BU$13)))","v":0},{"$f":"IF(OR($D22<>\"Serviço\",AND(AUTOEVENTO=\"Manual\",$M22=$A$15)),0,\n         IF(OFFSET(CRONOPLE!$F$15,$M22-$A$15,BV$13)=0,10^12,OFFSET(CRONOPLE!$F$15,$M22-$A$15,BV$13)))","v":0},{"$f":"IF(OR($D22<>\"Serviço\",AND(AUTOEVENTO=\"Manual\",$M22=$A$15)),0,\n         IF(OFFSET(CRONOPLE!$F$15,$M22-$A$15,BW$13)=0,10^12,OFFSET(CRONOPLE!$F$15,$M22-$A$15,BW$13)))","v":0},{"$f":"IF(OR($D22<>\"Serviço\",AND(AUTOEVENTO=\"Manual\",$M22=$A$15)),0,\n         IF(OFFSET(CRONOPLE!$F$15,$M22-$A$15,BX$13)=0,10^12,OFFSET(CRONOPLE!$F$15,$M22-$A$15,BX$13)))","v":0},{"$f":"IF(OR($D22<>\"Serviço\",AND(AUTOEVENTO=\"Manual\",$M22=$A$15)),0,\n         IF(OFFSET(CRONOPLE!$F$15,$M22-$A$15,BY$13)=0,10^12,OFFSET(CRONOPLE!$F$15,$M22-$A$15,BY$13)))","v":0},{"$f":"IF(OR($D22<>\"Serviço\",AND(AUTOEVENTO=\"Manual\",$M22=$A$15)),0,\n         IF(OFFSET(CRONOPLE!$F$15,$M22-$A$15,BZ$13)=0,10^12,OFFSET(CRONOPLE!$F$15,$M22-$A$15,BZ$13)))","v":0},{"$f":"IF(OR($D22<>\"Serviço\",AND(AUTOEVENTO=\"Manual\",$M22=$A$15)),0,\n         IF(OFFSET(CRONOPLE!$F$15,$M22-$A$15,CA$13)=0,10^12,OFFSET(CRONOPLE!$F$15,$M22-$A$15,CA$13)))","v":0},{"$f":"IF(OR($D22<>\"Serviço\",AND(AUTOEVENTO=\"Manual\",$M22=$A$15)),0,\n         IF(OFFSET(CRONOPLE!$F$15,$M22-$A$15,CB$13)=0,10^12,OFFSET(CRONOPLE!$F$15,$M22-$A$15,CB$13)))","v":0},{"$f":"IF(OR($D22<>\"Serviço\",AND(AUTOEVENTO=\"Manual\",$M22=$A$15)),0,\n         IF(OFFSET(CRONOPLE!$F$15,$M22-$A$15,CC$13)=0,10^12,OFFSET(CRONOPLE!$F$15,$M22-$A$15,CC$13)))","v":0},{"$f":"IF(OR($D22<>\"Serviço\",AND(AUTOEVENTO=\"Manual\",$M22=$A$15)),0,\n         IF(OFFSET(CRONOPLE!$F$15,$M22-$A$15,CD$13)=0,10^12,OFFSET(CRONOPLE!$F$15,$M22-$A$15,CD$13)))","v":0},{"$f":"IF(OR($D22<>\"Serviço\",AND(AUTOEVENTO=\"Manual\",$M22=$A$15)),0,\n         IF(OFFSET(CRONOPLE!$F$15,$M22-$A$15,CE$13)=0,10^12,OFFSET(CRONOPLE!$F$15,$M22-$A$15,CE$13)))","v":0},{"$f":"IF(OR($D22<>\"Serviço\",AND(AUTOEVENTO=\"Manual\",$M22=$A$15)),0,\n         IF(OFFSET(CRONOPLE!$F$15,$M22-$A$15,CF$13)=0,10^12,OFFSET(CRONOPLE!$F$15,$M22-$A$15,CF$13)))","v":0},{"$f":"IF(OR($D22<>\"Serviço\",AND(AUTOEVENTO=\"Manual\",$M22=$A$15)),0,\n         IF(OFFSET(CRONOPLE!$F$15,$M22-$A$15,CG$13)=0,10^12,OFFSET(CRONOPLE!$F$15,$M22-$A$15,CG$13)))","v":0},{"$f":"IF(OR($D22<>\"Serviço\",AND(AUTOEVENTO=\"Manual\",$M22=$A$15)),0,\n         IF(OFFSET(CRONOPLE!$F$15,$M22-$A$15,CH$13)=0,10^12,OFFSET(CRONOPLE!$F$15,$M22-$A$15,CH$13)))","v":0},{"$f":"IF(OR($D22<>\"Serviço\",AND(AUTOEVENTO=\"Manual\",$M22=$A$15)),0,\n         IF(OFFSET(CRONOPLE!$F$15,$M22-$A$15,CI$13)=0,10^12,OFFSET(CRONOPLE!$F$15,$M22-$A$15,CI$13)))","v":0},{"$f":"IF(OR($D22<>\"Serviço\",AND(AUTOEVENTO=\"Manual\",$M22=$A$15)),0,\n         IF(OFFSET(CRONOPLE!$F$15,$M22-$A$15,CJ$13)=0,10^12,OFFSET(CRONOPLE!$F$15,$M22-$A$15,CJ$13)))","v":0},{"$f":"IF(OR($D22<>\"Serviço\",AND(AUTOEVENTO=\"Manual\",$M22=$A$15)),0,\n         IF(OFFSET(CRONOPLE!$F$15,$M22-$A$15,CK$13)=0,10^12,OFFSET(CRONOPLE!$F$15,$M22-$A$15,CK$13)))","v":0},{"$f":"IF(OR($D22<>\"Serviço\",AND(AUTOEVENTO=\"Manual\",$M22=$A$15)),0,\n         IF(OFFSET(CRONOPLE!$F$15,$M22-$A$15,CL$13)=0,10^12,OFFSET(CRONOPLE!$F$15,$M22-$A$15,CL$13)))","v":0},{"$f":"IF(OR($D22<>\"Serviço\",AND(AUTOEVENTO=\"Manual\",$M22=$A$15)),0,\n         IF(OFFSET(CRONOPLE!$F$15,$M22-$A$15,CM$13)=0,10^12,OFFSET(CRONOPLE!$F$15,$M22-$A$15,CM$13)))","v":0},{"$f":"IF(OR($D22<>\"Serviço\",AND(AUTOEVENTO=\"Manual\",$M22=$A$15)),0,\n         IF(OFFSET(CRONOPLE!$F$15,$M22-$A$15,CN$13)=0,10^12,OFFSET(CRONOPLE!$F$15,$M22-$A$15,CN$13)))","v":0},{"$f":"IF(OR($D22<>\"Serviço\",AND(AUTOEVENTO=\"Manual\",$M22=$A$15)),0,\n         IF(OFFSET(CRONOPLE!$F$15,$M22-$A$15,CO$13)=0,10^12,OFFSET(CRONOPLE!$F$15,$M22-$A$15,CO$13)))","v":0},{"$f":"IF(OR($D22<>\"Serviço\",AND(AUTOEVENTO=\"Manual\",$M22=$A$15)),0,\n         IF(OFFSET(CRONOPLE!$F$15,$M22-$A$15,CP$13)=0,10^12,OFFSET(CRONOPLE!$F$15,$M22-$A$15,CP$13)))","v":0},{"$f":"IF(OR($D22<>\"Serviço\",AND(AUTOEVENTO=\"Manual\",$M22=$A$15)),0,\n         IF(OFFSET(CRONOPLE!$F$15,$M22-$A$15,CQ$13)=0,10^12,OFFSET(CRONOPLE!$F$15,$M22-$A$15,CQ$13)))","v":0},{"$f":"IF(OR($D22<>\"Serviço\",AND(AUTOEVENTO=\"Manual\",$M22=$A$15)),0,\n         IF(OFFSET(CRONOPLE!$F$15,$M22-$A$15,CR$13)=0,10^12,OFFSET(CRONOPLE!$F$15,$M22-$A$15,CR$13)))","v":0},null,{"$f":"IF(OR($D22<>\"Serviço\",AND(AUTOEVENTO=\"Manual\",$M22=$A$15),$M22>(ROW(PLE.lastrow)-ROW(PLE.firstrow))),0,\n           IF(OFFSET(PLE!$G$15,$M22-$A$15,CT$13)=\"\",10^12,OFFSET(PLE!$G$15,$M22-$A$15,CT$13)))","v":0},{"$f":"IF(OR($D22<>\"Serviço\",AND(AUTOEVENTO=\"Manual\",$M22=$A$15),$M22>(ROW(PLE.lastrow)-ROW(PLE.firstrow))),0,\n           IF(OFFSET(PLE!$G$15,$M22-$A$15,CU$13)=\"\",10^12,OFFSET(PLE!$G$15,$M22-$A$15,CU$13)))","v":0},{"$f":"IF(OR($D22<>\"Serviço\",AND(AUTOEVENTO=\"Manual\",$M22=$A$15),$M22>(ROW(PLE.lastrow)-ROW(PLE.firstrow))),0,\n           IF(OFFSET(PLE!$G$15,$M22-$A$15,CV$13)=\"\",10^12,OFFSET(PLE!$G$15,$M22-$A$15,CV$13)))","v":0},{"$f":"IF(OR($D22<>\"Serviço\",AND(AUTOEVENTO=\"Manual\",$M22=$A$15),$M22>(ROW(PLE.lastrow)-ROW(PLE.firstrow))),0,\n           IF(OFFSET(PLE!$G$15,$M22-$A$15,CW$13)=\"\",10^12,OFFSET(PLE!$G$15,$M22-$A$15,CW$13)))","v":0},{"$f":"IF(OR($D22<>\"Serviço\",AND(AUTOEVENTO=\"Manual\",$M22=$A$15),$M22>(ROW(PLE.lastrow)-ROW(PLE.firstrow))),0,\n           IF(OFFSET(PLE!$G$15,$M22-$A$15,CX$13)=\"\",10^12,OFFSET(PLE!$G$15,$M22-$A$15,CX$13)))","v":0},{"$f":"IF(OR($D22<>\"Serviço\",AND(AUTOEVENTO=\"Manual\",$M22=$A$15),$M22>(ROW(PLE.lastrow)-ROW(PLE.firstrow))),0,\n           IF(OFFSET(PLE!$G$15,$M22-$A$15,CY$13)=\"\",10^12,OFFSET(PLE!$G$15,$M22-$A$15,CY$13)))","v":0},{"$f":"IF(OR($D22<>\"Serviço\",AND(AUTOEVENTO=\"Manual\",$M22=$A$15),$M22>(ROW(PLE.lastrow)-ROW(PLE.firstrow))),0,\n           IF(OFFSET(PLE!$G$15,$M22-$A$15,CZ$13)=\"\",10^12,OFFSET(PLE!$G$15,$M22-$A$15,CZ$13)))","v":0},{"$f":"IF(OR($D22<>\"Serviço\",AND(AUTOEVENTO=\"Manual\",$M22=$A$15),$M22>(ROW(PLE.lastrow)-ROW(PLE.firstrow))),0,\n           IF(OFFSET(PLE!$G$15,$M22-$A$15,DA$13)=\"\",10^12,OFFSET(PLE!$G$15,$M22-$A$15,DA$13)))","v":0},{"$f":"IF(OR($D22<>\"Serviço\",AND(AUTOEVENTO=\"Manual\",$M22=$A$15),$M22>(ROW(PLE.lastrow)-ROW(PLE.firstrow))),0,\n           IF(OFFSET(PLE!$G$15,$M22-$A$15,DB$13)=\"\",10^12,OFFSET(PLE!$G$15,$M22-$A$15,DB$13)))","v":0},{"$f":"IF(OR($D22<>\"Serviço\",AND(AUTOEVENTO=\"Manual\",$M22=$A$15),$M22>(ROW(PLE.lastrow)-ROW(PLE.firstrow))),0,\n           IF(OFFSET(PLE!$G$15,$M22-$A$15,DC$13)=\"\",10^12,OFFSET(PLE!$G$15,$M22-$A$15,DC$13)))","v":0},{"$f":"IF(OR($D22<>\"Serviço\",AND(AUTOEVENTO=\"Manual\",$M22=$A$15),$M22>(ROW(PLE.lastrow)-ROW(PLE.firstrow))),0,\n           IF(OFFSET(PLE!$G$15,$M22-$A$15,DD$13)=\"\",10^12,OFFSET(PLE!$G$15,$M22-$A$15,DD$13)))","v":0},{"$f":"IF(OR($D22<>\"Serviço\",AND(AUTOEVENTO=\"Manual\",$M22=$A$15),$M22>(ROW(PLE.lastrow)-ROW(PLE.firstrow))),0,\n           IF(OFFSET(PLE!$G$15,$M22-$A$15,DE$13)=\"\",10^12,OFFSET(PLE!$G$15,$M22-$A$15,DE$13)))","v":0},{"$f":"IF(OR($D22<>\"Serviço\",AND(AUTOEVENTO=\"Manual\",$M22=$A$15),$M22>(ROW(PLE.lastrow)-ROW(PLE.firstrow))),0,\n           IF(OFFSET(PLE!$G$15,$M22-$A$15,DF$13)=\"\",10^12,OFFSET(PLE!$G$15,$M22-$A$15,DF$13)))","v":0},{"$f":"IF(OR($D22<>\"Serviço\",AND(AUTOEVENTO=\"Manual\",$M22=$A$15),$M22>(ROW(PLE.lastrow)-ROW(PLE.firstrow))),0,\n           IF(OFFSET(PLE!$G$15,$M22-$A$15,DG$13)=\"\",10^12,OFFSET(PLE!$G$15,$M22-$A$15,DG$13)))","v":0},{"$f":"IF(OR($D22<>\"Serviço\",AND(AUTOEVENTO=\"Manual\",$M22=$A$15),$M22>(ROW(PLE.lastrow)-ROW(PLE.firstrow))),0,\n           IF(OFFSET(PLE!$G$15,$M22-$A$15,DH$13)=\"\",10^12,OFFSET(PLE!$G$15,$M22-$A$15,DH$13)))","v":0},{"$f":"IF(OR($D22<>\"Serviço\",AND(AUTOEVENTO=\"Manual\",$M22=$A$15),$M22>(ROW(PLE.lastrow)-ROW(PLE.firstrow))),0,\n           IF(OFFSET(PLE!$G$15,$M22-$A$15,DI$13)=\"\",10^12,OFFSET(PLE!$G$15,$M22-$A$15,DI$13)))","v":0},{"$f":"IF(OR($D22<>\"Serviço\",AND(AUTOEVENTO=\"Manual\",$M22=$A$15),$M22>(ROW(PLE.lastrow)-ROW(PLE.firstrow))),0,\n           IF(OFFSET(PLE!$G$15,$M22-$A$15,DJ$13)=\"\",10^12,OFFSET(PLE!$G$15,$M22-$A$15,DJ$13)))","v":0},{"$f":"IF(OR($D22<>\"Serviço\",AND(AUTOEVENTO=\"Manual\",$M22=$A$15),$M22>(ROW(PLE.lastrow)-ROW(PLE.firstrow))),0,\n           IF(OFFSET(PLE!$G$15,$M22-$A$15,DK$13)=\"\",10^12,OFFSET(PLE!$G$15,$M22-$A$15,DK$13)))","v":0},{"$f":"IF(OR($D22<>\"Serviço\",AND(AUTOEVENTO=\"Manual\",$M22=$A$15),$M22>(ROW(PLE.lastrow)-ROW(PLE.firstrow))),0,\n           IF(OFFSET(PLE!$G$15,$M22-$A$15,DL$13)=\"\",10^12,OFFSET(PLE!$G$15,$M22-$A$15,DL$13)))","v":0},{"$f":"IF(OR($D22<>\"Serviço\",AND(AUTOEVENTO=\"Manual\",$M22=$A$15),$M22>(ROW(PLE.lastrow)-ROW(PLE.firstrow))),0,\n           IF(OFFSET(PLE!$G$15,$M22-$A$15,DM$13)=\"\",10^12,OFFSET(PLE!$G$15,$M22-$A$15,DM$13)))","v":0},{"$f":"IF(OR($D22<>\"Serviço\",AND(AUTOEVENTO=\"Manual\",$M22=$A$15),$M22>(ROW(PLE.lastrow)-ROW(PLE.firstrow))),0,\n           IF(OFFSET(PLE!$G$15,$M22-$A$15,DN$13)=\"\",10^12,OFFSET(PLE!$G$15,$M22-$A$15,DN$13)))","v":0},{"$f":"IF(OR($D22<>\"Serviço\",AND(AUTOEVENTO=\"Manual\",$M22=$A$15),$M22>(ROW(PLE.lastrow)-ROW(PLE.firstrow))),0,\n           IF(OFFSET(PLE!$G$15,$M22-$A$15,DO$13)=\"\",10^12,OFFSET(PLE!$G$15,$M22-$A$15,DO$13)))","v":0},{"$f":"IF(OR($D22<>\"Serviço\",AND(AUTOEVENTO=\"Manual\",$M22=$A$15),$M22>(ROW(PLE.lastrow)-ROW(PLE.firstrow))),0,\n           IF(OFFSET(PLE!$G$15,$M22-$A$15,DP$13)=\"\",10^12,OFFSET(PLE!$G$15,$M22-$A$15,DP$13)))","v":0},{"$f":"IF(OR($D22<>\"Serviço\",AND(AUTOEVENTO=\"Manual\",$M22=$A$15),$M22>(ROW(PLE.lastrow)-ROW(PLE.firstrow))),0,\n           IF(OFFSET(PLE!$G$15,$M22-$A$15,DQ$13)=\"\",10^12,OFFSET(PLE!$G$15,$M22-$A$15,DQ$13)))","v":0},{"$f":"IF(OR($D22<>\"Serviço\",AND(AUTOEVENTO=\"Manual\",$M22=$A$15),$M22>(ROW(PLE.lastrow)-ROW(PLE.firstrow))),0,\n           IF(OFFSET(PLE!$G$15,$M22-$A$15,DR$13)=\"\",10^12,OFFSET(PLE!$G$15,$M22-$A$15,DR$13)))","v":0},{"$f":"IF(OR($D22<>\"Serviço\",AND(AUTOEVENTO=\"Manual\",$M22=$A$15),$M22>(ROW(PLE.lastrow)-ROW(PLE.firstrow))),0,\n           IF(OFFSET(PLE!$G$15,$M22-$A$15,DS$13)=\"\",10^12,OFFSET(PLE!$G$15,$M22-$A$15,DS$13)))","v":0}]
["8.",{"$f":"OFFSET(ORÇAMENTO!C$15,$L23,0)","v":4},{"$f":"OFFSET(ORÇAMENTO!L$15,$L23,0)","v":"F"},{"$f":"OFFSET(ORÇAMENTO!N$15,$L23,0)","v":"Nível 4"},{"$f":"OFFSET(ORÇAMENTO!O$15,$L23,0)","v":"1.3.1.1."},{"$f":"OFFSET(ORÇAMENTO!R$15,$L23,0)","v":"SAPATA"},{"$f":"IF($D23<>\"Serviço\",\"\",OFFSET(ORÇAMENTO!S$15,$L23,0))","v":""},{"$f":"IF($D23<>\"Serviço\",0,IF(ACOMPANHAMENTO=\"BM\",ROUND(OFFSET(ORÇAMENTO!AJ$15,$L23,0),15-13*ORÇAMENTO!$AF$7),IF(IFERROR(CÁLCULO.FrentesPreenchidas,0)=0,0,SUM(ROUND(OFFSET($P23,0,1,1,CÁLCULO.FrentesPreenchidas),15-13*ORÇAMENTO!$AF$7)))))","v":0},null,{"$f":"IF(OR(B23<>\"S\",CÁLCULO.FrentesPreenchidas=0),\"\",IF(AND(ACOMPANHAMENTO=\"PLE\",AUTOEVENTO=\"Manual\",OR(H23>0,ORÇAMENTO!AC23=\"QUANT.\"),OR(K23=\"\",M23=0,N23=\"\")),\"►E\",IF(AND(ACOMPANHAMENTO=\"PLE\",ORÇAMENTO!AC23=\"QUANT.\"),\"►Q\",IF(AND(ACOMPANHAMENTO=\"PLE\",H23<>SUMPRODUCT(($Q$1:$AQ$1=1)*ROUND(Q23:AQ23,15))),\"►S\",IF(AND(COUNTIF($P$11:$AQ$11,\"▼\")=0,H23>0,I23=\"\"),\"◄M\",\"\")))))","v":""},null,8,{"$f":"IF($D23<>\"Serviço\",\"\",\n          IF(AUTOEVENTO=\"manual\",$A23,\n                IF(ISERROR(MATCH($A23,$A$15:OFFSET($A23,-1,0),0)),MAX($M$15:OFFSET(M23,-1,0))+1,\n                      INDEX($M$15:OFFSET(M23,-1,0),MATCH($A23,$A$15:OFFSET($A23,-1,0),0)))))","v":""},{"$f":"IF($D23<>\"Serviço\",\"\",\n         IF(AUTOEVENTO=\"Manual\",\n                IF($A23=0,\"<-- defina o número do agrupador\",\n                       OFFSET(EVENTOS!$D$15,$A23-$A$15,0)),\n                OFFSET($F$15,$A23,0)))","v":""},null,null,null,null,null,null,null,null,null,null,null,null,null,null,null,null,null,null,null,null,null,null,null,null,null,null,null,null,null,{"$f":"IF(AND($D23=\"Serviço\",AR$12<>0,$H23>0,OR(AUTOEVENTO<>\"manual\",$M23<>$A$15)),\n        IF(Import.TipoArredondamento<>\"TransfereGOV\",\n              ROUND(OFFSET($P23,0,AR$13),15-13*ORÇAMENTO!$AF$7)/$H23*OFFSET(ORÇAMENTO!$X$15,ROW(AR23)-ROW(AR$15),0),\n              ROUND(ROUND(OFFSET($P23,0,AR$13),15-13*ORÇAMENTO!$AF$7)*OFFSET(ORÇAMENTO!$W$15,ROW(AR23)-ROW(AR$15),0),15-13*ORÇAMENTO!$AF$11)),\n         0)","v":0},{"$f":"IF(AND($D23=\"Serviço\",AS$12<>0,$H23>0,OR(AUTOEVENTO<>\"manual\",$M23<>$A$15)),\n        IF(Import.TipoArredondamento<>\"TransfereGOV\",\n              ROUND(OFFSET($P23,0,AS$13),15-13*ORÇAMENTO!$AF$7)/$H23*OFFSET(ORÇAMENTO!$X$15,ROW(AS23)-ROW(AS$15),0),\n              ROUND(ROUND(OFFSET($P23,0,AS$13),15-13*ORÇAMENTO!$AF$7)*OFFSET(ORÇAMENTO!$W$15,ROW(AS23)-ROW(AS$15),0),15-13*ORÇAMENTO!$AF$11)),\n         0)","v":0},{"$f":"IF(AND($D23=\"Serviço\",AT$12<>0,$H23>0,OR(AUTOEVENTO<>\"manual\",$M23<>$A$15)),\n        IF(Import.TipoArredondamento<>\"TransfereGOV\",\n              ROUND(OFFSET($P23,0,AT$13),15-13*ORÇAMENTO!$AF$7)/$H23*OFFSET(ORÇAMENTO!$X$15,ROW(AT23)-ROW(AT$15),0),\n              ROUND(ROUND(OFFSET($P23,0,AT$13),15-13*ORÇAMENTO!$AF$7)*OFFSET(ORÇAMENTO!$W$15,ROW(AT23)-ROW(AT$15),0),15-13*ORÇAMENTO!$AF$11)),\n         0)","v":0},{"$f":"IF(AND($D23=\"Serviço\",AU$12<>0,$H23>0,OR(AUTOEVENTO<>\"manual\",$M23<>$A$15)),\n        IF(Import.TipoArredondamento<>\"TransfereGOV\",\n              ROUND(OFFSET($P23,0,AU$13),15-13*ORÇAMENTO!$AF$7)/$H23*OFFSET(ORÇAMENTO!$X$15,ROW(AU23)-ROW(AU$15),0),\n              ROUND(ROUND(OFFSET($P23,0,AU$13),15-13*ORÇAMENTO!$AF$7)*OFFSET(ORÇAMENTO!$W$15,ROW(AU23)-ROW(AU$15),0),15-13*ORÇAMENTO!$AF$11)),\n         0)","v":0},{"$f":"IF(AND($D23=\"Serviço\",AV$12<>0,$H23>0,OR(AUTOEVENTO<>\"manual\",$M23<>$A$15)),\n        IF(Import.TipoArredondamento<>\"TransfereGOV\",\n              ROUND(OFFSET($P23,0,AV$13),15-13*ORÇAMENTO!$AF$7)/$H23*OFFSET(ORÇAMENTO!$X$15,ROW(AV23)-ROW(AV$15),0),\n              ROUND(ROUND(OFFSET($P23,0,AV$13),15-13*ORÇAMENTO!$AF$7)*OFFSET(ORÇAMENTO!$W$15,ROW(AV23)-ROW(AV$15),0),15-13*ORÇAMENTO!$AF$11)),\n         0)","v":0},{"$f":"IF(AND($D23=\"Serviço\",AW$12<>0,$H23>0,OR(AUTOEVENTO<>\"manual\",$M23<>$A$15)),\n        IF(Import.TipoArredondamento<>\"TransfereGOV\",\n              ROUND(OFFSET($P23,0,AW$13),15-13*ORÇAMENTO!$AF$7)/$H23*OFFSET(ORÇAMENTO!$X$15,ROW(AW23)-ROW(AW$15),0),\n              ROUND(ROUND(OFFSET($P23,0,AW$13),15-13*ORÇAMENTO!$AF$7)*OFFSET(ORÇAMENTO!$W$15,ROW(AW23)-ROW(AW$15),0),15-13*ORÇAMENTO!$AF$11)),\n         0)","v":0},{"$f":"IF(AND($D23=\"Serviço\",AX$12<>0,$H23>0,OR(AUTOEVENTO<>\"manual\",$M23<>$A$15)),\n        IF(Import.TipoArredondamento<>\"TransfereGOV\",\n              ROUND(OFFSET($P23,0,AX$13),15-13*ORÇAMENTO!$AF$7)/$H23*OFFSET(ORÇAMENTO!$X$15,ROW(AX23)-ROW(AX$15),0),\n              ROUND(ROUND(OFFSET($P23,0,AX$13),15-13*ORÇAMENTO!$AF$7)*OFFSET(ORÇAMENTO!$W$15,ROW(AX23)-ROW(AX$15),0),15-13*ORÇAMENTO!$AF$11)),\n         0)","v":0},{"$f":"IF(AND($D23=\"Serviço\",AY$12<>0,$H23>0,OR(AUTOEVENTO<>\"manual\",$M23<>$A$15)),\n        IF(Import.TipoArredondamento<>\"TransfereGOV\",\n              ROUND(OFFSET($P23,0,AY$13),15-13*ORÇAMENTO!$AF$7)/$H23*OFFSET(ORÇAMENTO!$X$15,ROW(AY23)-ROW(AY$15),0),\n              ROUND(ROUND(OFFSET($P23,0,AY$13),15-13*ORÇAMENTO!$AF$7)*OFFSET(ORÇAMENTO!$W$15,ROW(AY23)-ROW(AY$15),0),15-13*ORÇAMENTO!$AF$11)),\n         0)","v":0},{"$f":"IF(AND($D23=\"Serviço\",AZ$12<>0,$H23>0,OR(AUTOEVENTO<>\"manual\",$M23<>$A$15)),\n        IF(Import.TipoArredondamento<>\"TransfereGOV\",\n              ROUND(OFFSET($P23,0,AZ$13),15-13*ORÇAMENTO!$AF$7)/$H23*OFFSET(ORÇAMENTO!$X$15,ROW(AZ23)-ROW(AZ$15),0),\n              ROUND(ROUND(OFFSET($P23,0,AZ$13),15-13*ORÇAMENTO!$AF$7)*OFFSET(ORÇAMENTO!$W$15,ROW(AZ23)-ROW(AZ$15),0),15-13*ORÇAMENTO!$AF$11)),\n         0)","v":0},{"$f":"IF(AND($D23=\"Serviço\",BA$12<>0,$H23>0,OR(AUTOEVENTO<>\"manual\",$M23<>$A$15)),\n        IF(Import.TipoArredondamento<>\"TransfereGOV\",\n              ROUND(OFFSET($P23,0,BA$13),15-13*ORÇAMENTO!$AF$7)/$H23*OFFSET(ORÇAMENTO!$X$15,ROW(BA23)-ROW(BA$15),0),\n              ROUND(ROUND(OFFSET($P23,0,BA$13),15-13*ORÇAMENTO!$AF$7)*OFFSET(ORÇAMENTO!$W$15,ROW(BA23)-ROW(BA$15),0),15-13*ORÇAMENTO!$AF$11)),\n         0)","v":0},{"$f":"IF(AND($D23=\"Serviço\",BB$12<>0,$H23>0,OR(AUTOEVENTO<>\"manual\",$M23<>$A$15)),\n        IF(Import.TipoArredondamento<>\"TransfereGOV\",\n              ROUND(OFFSET($P23,0,BB$13),15-13*ORÇAMENTO!$AF$7)/$H23*OFFSET(ORÇAMENTO!$X$15,ROW(BB23)-ROW(BB$15),0),\n              ROUND(ROUND(OFFSET($P23,0,BB$13),15-13*ORÇAMENTO!$AF$7)*OFFSET(ORÇAMENTO!$W$15,ROW(BB23)-ROW(BB$15),0),15-13*ORÇAMENTO!$AF$11)),\n         0)","v":0},{"$f":"IF(AND($D23=\"Serviço\",BC$12<>0,$H23>0,OR(AUTOEVENTO<>\"manual\",$M23<>$A$15)),\n        IF(Import.TipoArredondamento<>\"TransfereGOV\",\n              ROUND(OFFSET($P23,0,BC$13),15-13*ORÇAMENTO!$AF$7)/$H23*OFFSET(ORÇAMENTO!$X$15,ROW(BC23)-ROW(BC$15),0),\n              ROUND(ROUND(OFFSET($P23,0,BC$13),15-13*ORÇAMENTO!$AF$7)*OFFSET(ORÇAMENTO!$W$15,ROW(BC23)-ROW(BC$15),0),15-13*ORÇAMENTO!$AF$11)),\n         0)","v":0},{"$f":"IF(AND($D23=\"Serviço\",BD$12<>0,$H23>0,OR(AUTOEVENTO<>\"manual\",$M23<>$A$15)),\n        IF(Import.TipoArredondamento<>\"TransfereGOV\",\n              ROUND(OFFSET($P23,0,BD$13),15-13*ORÇAMENTO!$AF$7)/$H23*OFFSET(ORÇAMENTO!$X$15,ROW(BD23)-ROW(BD$15),0),\n              ROUND(ROUND(OFFSET($P23,0,BD$13),15-13*ORÇAMENTO!$AF$7)*OFFSET(ORÇAMENTO!$W$15,ROW(BD23)-ROW(BD$15),0),15-13*ORÇAMENTO!$AF$11)),\n         0)","v":0},{"$f":"IF(AND($D23=\"Serviço\",BE$12<>0,$H23>0,OR(AUTOEVENTO<>\"manual\",$M23<>$A$15)),\n        IF(Import.TipoArredondamento<>\"TransfereGOV\",\n              ROUND(OFFSET($P23,0,BE$13),15-13*ORÇAMENTO!$AF$7)/$H23*OFFSET(ORÇAMENTO!$X$15,ROW(BE23)-ROW(BE$15),0),\n              ROUND(ROUND(OFFSET($P23,0,BE$13),15-13*ORÇAMENTO!$AF$7)*OFFSET(ORÇAMENTO!$W$15,ROW(BE23)-ROW(BE$15),0),15-13*ORÇAMENTO!$AF$11)),\n         0)","v":0},{"$f":"IF(AND($D23=\"Serviço\",BF$12<>0,$H23>0,OR(AUTOEVENTO<>\"manual\",$M23<>$A$15)),\n        IF(Import.TipoArredondamento<>\"TransfereGOV\",\n              ROUND(OFFSET($P23,0,BF$13),15-13*ORÇAMENTO!$AF$7)/$H23*OFFSET(ORÇAMENTO!$X$15,ROW(BF23)-ROW(BF$15),0),\n              ROUND(ROUND(OFFSET($P23,0,BF$13),15-13*ORÇAMENTO!$AF$7)*OFFSET(ORÇAMENTO!$W$15,ROW(BF23)-ROW(BF$15),0),15-13*ORÇAMENTO!$AF$11)),\n         0)","v":0},{"$f":"IF(AND($D23=\"Serviço\",BG$12<>0,$H23>0,OR(AUTOEVENTO<>\"manual\",$M23<>$A$15)),\n        IF(Import.TipoArredondamento<>\"TransfereGOV\",\n              ROUND(OFFSET($P23,0,BG$13),15-13*ORÇAMENTO!$AF$7)/$H23*OFFSET(ORÇAMENTO!$X$15,ROW(BG23)-ROW(BG$15),0),\n              ROUND(ROUND(OFFSET($P23,0,BG$13),15-13*ORÇAMENTO!$AF$7)*OFFSET(ORÇAMENTO!$W$15,ROW(BG23)-ROW(BG$15),0),15-13*ORÇAMENTO!$AF$11)),\n         0)","v":0},{"$f":"IF(AND($D23=\"Serviço\",BH$12<>0,$H23>0,OR(AUTOEVENTO<>\"manual\",$M23<>$A$15)),\n        IF(Import.TipoArredondamento<>\"TransfereGOV\",\n              ROUND(OFFSET($P23,0,BH$13),15-13*ORÇAMENTO!$AF$7)/$H23*OFFSET(ORÇAMENTO!$X$15,ROW(BH23)-ROW(BH$15),0),\n              ROUND(ROUND(OFFSET($P23,0,BH$13),15-13*ORÇAMENTO!$AF$7)*OFFSET(ORÇAMENTO!$W$15,ROW(BH23)-ROW(BH$15),0),15-13*ORÇAMENTO!$AF$11)),\n         0)","v":0},{"$f":"IF(AND($D23=\"Serviço\",BI$12<>0,$H23>0,OR(AUTOEVENTO<>\"manual\",$M23<>$A$15)),\n        IF(Import.TipoArredondamento<>\"TransfereGOV\",\n              ROUND(OFFSET($P23,0,BI$13),15-13*ORÇAMENTO!$AF$7)/$H23*OFFSET(ORÇAMENTO!$X$15,ROW(BI23)-ROW(BI$15),0),\n              ROUND(ROUND(OFFSET($P23,0,BI$13),15-13*ORÇAMENTO!$AF$7)*OFFSET(ORÇAMENTO!$W$15,ROW(BI23)-ROW(BI$15),0),15-13*ORÇAMENTO!$AF$11)),\n         0)","v":0},{"$f":"IF(AND($D23=\"Serviço\",BJ$12<>0,$H23>0,OR(AUTOEVENTO<>\"manual\",$M23<>$A$15)),\n        IF(Import.TipoArredondamento<>\"TransfereGOV\",\n              ROUND(OFFSET($P23,0,BJ$13),15-13*ORÇAMENTO!$AF$7)/$H23*OFFSET(ORÇAMENTO!$X$15,ROW(BJ23)-ROW(BJ$15),0),\n              ROUND(ROUND(OFFSET($P23,0,BJ$13),15-13*ORÇAMENTO!$AF$7)*OFFSET(ORÇAMENTO!$W$15,ROW(BJ23)-ROW(BJ$15),0),15-13*ORÇAMENTO!$AF$11)),\n         0)","v":0},{"$f":"IF(AND($D23=\"Serviço\",BK$12<>0,$H23>0,OR(AUTOEVENTO<>\"manual\",$M23<>$A$15)),\n        IF(Import.TipoArredondamento<>\"TransfereGOV\",\n              ROUND(OFFSET($P23,0,BK$13),15-13*ORÇAMENTO!$AF$7)/$H23*OFFSET(ORÇAMENTO!$X$15,ROW(BK23)-ROW(BK$15),0),\n              ROUND(ROUND(OFFSET($P23,0,BK$13),15-13*ORÇAMENTO!$AF$7)*OFFSET(ORÇAMENTO!$W$15,ROW(BK23)-ROW(BK$15),0),15-13*ORÇAMENTO!$AF$11)),\n         0)","v":0},{"$f":"IF(AND($D23=\"Serviço\",BL$12<>0,$H23>0,OR(AUTOEVENTO<>\"manual\",$M23<>$A$15)),\n        IF(Import.TipoArredondamento<>\"TransfereGOV\",\n              ROUND(OFFSET($P23,0,BL$13),15-13*ORÇAMENTO!$AF$7)/$H23*OFFSET(ORÇAMENTO!$X$15,ROW(BL23)-ROW(BL$15),0),\n              ROUND(ROUND(OFFSET($P23,0,BL$13),15-13*ORÇAMENTO!$AF$7)*OFFSET(ORÇAMENTO!$W$15,ROW(BL23)-ROW(BL$15),0),15-13*ORÇAMENTO!$AF$11)),\n         0)","v":0},{"$f":"IF(AND($D23=\"Serviço\",BM$12<>0,$H23>0,OR(AUTOEVENTO<>\"manual\",$M23<>$A$15)),\n        IF(Import.TipoArredondamento<>\"TransfereGOV\",\n              ROUND(OFFSET($P23,0,BM$13),15-13*ORÇAMENTO!$AF$7)/$H23*OFFSET(ORÇAMENTO!$X$15,ROW(BM23)-ROW(BM$15),0),\n              ROUND(ROUND(OFFSET($P23,0,BM$13),15-13*ORÇAMENTO!$AF$7)*OFFSET(ORÇAMENTO!$W$15,ROW(BM23)-ROW(BM$15),0),15-13*ORÇAMENTO!$AF$11)),\n         0)","v":0},{"$f":"IF(AND($D23=\"Serviço\",BN$12<>0,$H23>0,OR(AUTOEVENTO<>\"manual\",$M23<>$A$15)),\n        IF(Import.TipoArredondamento<>\"TransfereGOV\",\n              ROUND(OFFSET($P23,0,BN$13),15-13*ORÇAMENTO!$AF$7)/$H23*OFFSET(ORÇAMENTO!$X$15,ROW(BN23)-ROW(BN$15),0),\n              ROUND(ROUND(OFFSET($P23,0,BN$13),15-13*ORÇAMENTO!$AF$7)*OFFSET(ORÇAMENTO!$W$15,ROW(BN23)-ROW(BN$15),0),15-13*ORÇAMENTO!$AF$11)),\n         0)","v":0},{"$f":"IF(AND($D23=\"Serviço\",BO$12<>0,$H23>0,OR(AUTOEVENTO<>\"manual\",$M23<>$A$15)),\n        IF(Import.TipoArredondamento<>\"TransfereGOV\",\n              ROUND(OFFSET($P23,0,BO$13),15-13*ORÇAMENTO!$AF$7)/$H23*OFFSET(ORÇAMENTO!$X$15,ROW(BO23)-ROW(BO$15),0),\n              ROUND(ROUND(OFFSET($P23,0,BO$13),15-13*ORÇAMENTO!$AF$7)*OFFSET(ORÇAMENTO!$W$15,ROW(BO23)-ROW(BO$15),0),15-13*ORÇAMENTO!$AF$11)),\n         0)","v":0},{"$f":"IF(AND($D23=\"Serviço\",BP$12<>0,$H23>0,OR(AUTOEVENTO<>\"manual\",$M23<>$A$15)),\n        IF(Import.TipoArredondamento<>\"TransfereGOV\",\n              ROUND(OFFSET($P23,0,BP$13),15-13*ORÇAMENTO!$AF$7)/$H23*OFFSET(ORÇAMENTO!$X$15,ROW(BP23)-ROW(BP$15),0),\n              ROUND(ROUND(OFFSET($P23,0,BP$13),15-13*ORÇAMENTO!$AF$7)*OFFSET(ORÇAMENTO!$W$15,ROW(BP23)-ROW(BP$15),0),15-13*ORÇAMENTO!$AF$11)),\n         0)","v":0},{"$f":"IF(AND($D23=\"Serviço\",BQ$12<>0,$H23>0,OR(AUTOEVENTO<>\"manual\",$M23<>$A$15)),\n        IF(Import.TipoArredondamento<>\"TransfereGOV\",\n              ROUND(OFFSET($P23,0,BQ$13),15-13*ORÇAMENTO!$AF$7)/$H23*OFFSET(ORÇAMENTO!$X$15,ROW(BQ23)-ROW(BQ$15),0),\n              ROUND(ROUND(OFFSET($P23,0,BQ$13),15-13*ORÇAMENTO!$AF$7)*OFFSET(ORÇAMENTO!$W$15,ROW(BQ23)-ROW(BQ$15),0),15-13*ORÇAMENTO!$AF$11)),\n         0)","v":0},null,{"$f":"IF(OR($D23<>\"Serviço\",AND(AUTOEVENTO=\"Manual\",$M23=$A$15)),0,\n         IF(OFFSET(CRONOPLE!$F$15,$M23-$A$15,BS$13)=0,10^12,OFFSET(CRONOPLE!$F$15,$M23-$A$15,BS$13)))","v":0},{"$f":"IF(OR($D23<>\"Serviço\",AND(AUTOEVENTO=\"Manual\",$M23=$A$15)),0,\n         IF(OFFSET(CRONOPLE!$F$15,$M23-$A$15,BT$13)=0,10^12,OFFSET(CRONOPLE!$F$15,$M23-$A$15,BT$13)))","v":0},{"$f":"IF(OR($D23<>\"Serviço\",AND(AUTOEVENTO=\"Manual\",$M23=$A$15)),0,\n         IF(OFFSET(CRONOPLE!$F$15,$M23-$A$15,BU$13)=0,10^12,OFFSET(CRONOPLE!$F$15,$M23-$A$15,BU$13)))","v":0},{"$f":"IF(OR($D23<>\"Serviço\",AND(AUTOEVENTO=\"Manual\",$M23=$A$15)),0,\n         IF(OFFSET(CRONOPLE!$F$15,$M23-$A$15,BV$13)=0,10^12,OFFSET(CRONOPLE!$F$15,$M23-$A$15,BV$13)))","v":0},{"$f":"IF(OR($D23<>\"Serviço\",AND(AUTOEVENTO=\"Manual\",$M23=$A$15)),0,\n         IF(OFFSET(CRONOPLE!$F$15,$M23-$A$15,BW$13)=0,10^12,OFFSET(CRONOPLE!$F$15,$M23-$A$15,BW$13)))","v":0},{"$f":"IF(OR($D23<>\"Serviço\",AND(AUTOEVENTO=\"Manual\",$M23=$A$15)),0,\n         IF(OFFSET(CRONOPLE!$F$15,$M23-$A$15,BX$13)=0,10^12,OFFSET(CRONOPLE!$F$15,$M23-$A$15,BX$13)))","v":0},{"$f":"IF(OR($D23<>\"Serviço\",AND(AUTOEVENTO=\"Manual\",$M23=$A$15)),0,\n         IF(OFFSET(CRONOPLE!$F$15,$M23-$A$15,BY$13)=0,10^12,OFFSET(CRONOPLE!$F$15,$M23-$A$15,BY$13)))","v":0},{"$f":"IF(OR($D23<>\"Serviço\",AND(AUTOEVENTO=\"Manual\",$M23=$A$15)),0,\n         IF(OFFSET(CRONOPLE!$F$15,$M23-$A$15,BZ$13)=0,10^12,OFFSET(CRONOPLE!$F$15,$M23-$A$15,BZ$13)))","v":0},{"$f":"IF(OR($D23<>\"Serviço\",AND(AUTOEVENTO=\"Manual\",$M23=$A$15)),0,\n         IF(OFFSET(CRONOPLE!$F$15,$M23-$A$15,CA$13)=0,10^12,OFFSET(CRONOPLE!$F$15,$M23-$A$15,CA$13)))","v":0},{"$f":"IF(OR($D23<>\"Serviço\",AND(AUTOEVENTO=\"Manual\",$M23=$A$15)),0,\n         IF(OFFSET(CRONOPLE!$F$15,$M23-$A$15,CB$13)=0,10^12,OFFSET(CRONOPLE!$F$15,$M23-$A$15,CB$13)))","v":0},{"$f":"IF(OR($D23<>\"Serviço\",AND(AUTOEVENTO=\"Manual\",$M23=$A$15)),0,\n         IF(OFFSET(CRONOPLE!$F$15,$M23-$A$15,CC$13)=0,10^12,OFFSET(CRONOPLE!$F$15,$M23-$A$15,CC$13)))","v":0},{"$f":"IF(OR($D23<>\"Serviço\",AND(AUTOEVENTO=\"Manual\",$M23=$A$15)),0,\n         IF(OFFSET(CRONOPLE!$F$15,$M23-$A$15,CD$13)=0,10^12,OFFSET(CRONOPLE!$F$15,$M23-$A$15,CD$13)))","v":0},{"$f":"IF(OR($D23<>\"Serviço\",AND(AUTOEVENTO=\"Manual\",$M23=$A$15)),0,\n         IF(OFFSET(CRONOPLE!$F$15,$M23-$A$15,CE$13)=0,10^12,OFFSET(CRONOPLE!$F$15,$M23-$A$15,CE$13)))","v":0},{"$f":"IF(OR($D23<>\"Serviço\",AND(AUTOEVENTO=\"Manual\",$M23=$A$15)),0,\n         IF(OFFSET(CRONOPLE!$F$15,$M23-$A$15,CF$13)=0,10^12,OFFSET(CRONOPLE!$F$15,$M23-$A$15,CF$13)))","v":0},{"$f":"IF(OR($D23<>\"Serviço\",AND(AUTOEVENTO=\"Manual\",$M23=$A$15)),0,\n         IF(OFFSET(CRONOPLE!$F$15,$M23-$A$15,CG$13)=0,10^12,OFFSET(CRONOPLE!$F$15,$M23-$A$15,CG$13)))","v":0},{"$f":"IF(OR($D23<>\"Serviço\",AND(AUTOEVENTO=\"Manual\",$M23=$A$15)),0,\n         IF(OFFSET(CRONOPLE!$F$15,$M23-$A$15,CH$13)=0,10^12,OFFSET(CRONOPLE!$F$15,$M23-$A$15,CH$13)))","v":0},{"$f":"IF(OR($D23<>\"Serviço\",AND(AUTOEVENTO=\"Manual\",$M23=$A$15)),0,\n         IF(OFFSET(CRONOPLE!$F$15,$M23-$A$15,CI$13)=0,10^12,OFFSET(CRONOPLE!$F$15,$M23-$A$15,CI$13)))","v":0},{"$f":"IF(OR($D23<>\"Serviço\",AND(AUTOEVENTO=\"Manual\",$M23=$A$15)),0,\n         IF(OFFSET(CRONOPLE!$F$15,$M23-$A$15,CJ$13)=0,10^12,OFFSET(CRONOPLE!$F$15,$M23-$A$15,CJ$13)))","v":0},{"$f":"IF(OR($D23<>\"Serviço\",AND(AUTOEVENTO=\"Manual\",$M23=$A$15)),0,\n         IF(OFFSET(CRONOPLE!$F$15,$M23-$A$15,CK$13)=0,10^12,OFFSET(CRONOPLE!$F$15,$M23-$A$15,CK$13)))","v":0},{"$f":"IF(OR($D23<>\"Serviço\",AND(AUTOEVENTO=\"Manual\",$M23=$A$15)),0,\n         IF(OFFSET(CRONOPLE!$F$15,$M23-$A$15,CL$13)=0,10^12,OFFSET(CRONOPLE!$F$15,$M23-$A$15,CL$13)))","v":0},{"$f":"IF(OR($D23<>\"Serviço\",AND(AUTOEVENTO=\"Manual\",$M23=$A$15)),0,\n         IF(OFFSET(CRONOPLE!$F$15,$M23-$A$15,CM$13)=0,10^12,OFFSET(CRONOPLE!$F$15,$M23-$A$15,CM$13)))","v":0},{"$f":"IF(OR($D23<>\"Serviço\",AND(AUTOEVENTO=\"Manual\",$M23=$A$15)),0,\n         IF(OFFSET(CRONOPLE!$F$15,$M23-$A$15,CN$13)=0,10^12,OFFSET(CRONOPLE!$F$15,$M23-$A$15,CN$13)))","v":0},{"$f":"IF(OR($D23<>\"Serviço\",AND(AUTOEVENTO=\"Manual\",$M23=$A$15)),0,\n         IF(OFFSET(CRONOPLE!$F$15,$M23-$A$15,CO$13)=0,10^12,OFFSET(CRONOPLE!$F$15,$M23-$A$15,CO$13)))","v":0},{"$f":"IF(OR($D23<>\"Serviço\",AND(AUTOEVENTO=\"Manual\",$M23=$A$15)),0,\n         IF(OFFSET(CRONOPLE!$F$15,$M23-$A$15,CP$13)=0,10^12,OFFSET(CRONOPLE!$F$15,$M23-$A$15,CP$13)))","v":0},{"$f":"IF(OR($D23<>\"Serviço\",AND(AUTOEVENTO=\"Manual\",$M23=$A$15)),0,\n         IF(OFFSET(CRONOPLE!$F$15,$M23-$A$15,CQ$13)=0,10^12,OFFSET(CRONOPLE!$F$15,$M23-$A$15,CQ$13)))","v":0},{"$f":"IF(OR($D23<>\"Serviço\",AND(AUTOEVENTO=\"Manual\",$M23=$A$15)),0,\n         IF(OFFSET(CRONOPLE!$F$15,$M23-$A$15,CR$13)=0,10^12,OFFSET(CRONOPLE!$F$15,$M23-$A$15,CR$13)))","v":0},null,{"$f":"IF(OR($D23<>\"Serviço\",AND(AUTOEVENTO=\"Manual\",$M23=$A$15),$M23>(ROW(PLE.lastrow)-ROW(PLE.firstrow))),0,\n           IF(OFFSET(PLE!$G$15,$M23-$A$15,CT$13)=\"\",10^12,OFFSET(PLE!$G$15,$M23-$A$15,CT$13)))","v":0},{"$f":"IF(OR($D23<>\"Serviço\",AND(AUTOEVENTO=\"Manual\",$M23=$A$15),$M23>(ROW(PLE.lastrow)-ROW(PLE.firstrow))),0,\n           IF(OFFSET(PLE!$G$15,$M23-$A$15,CU$13)=\"\",10^12,OFFSET(PLE!$G$15,$M23-$A$15,CU$13)))","v":0},{"$f":"IF(OR($D23<>\"Serviço\",AND(AUTOEVENTO=\"Manual\",$M23=$A$15),$M23>(ROW(PLE.lastrow)-ROW(PLE.firstrow))),0,\n           IF(OFFSET(PLE!$G$15,$M23-$A$15,CV$13)=\"\",10^12,OFFSET(PLE!$G$15,$M23-$A$15,CV$13)))","v":0},{"$f":"IF(OR($D23<>\"Serviço\",AND(AUTOEVENTO=\"Manual\",$M23=$A$15),$M23>(ROW(PLE.lastrow)-ROW(PLE.firstrow))),0,\n           IF(OFFSET(PLE!$G$15,$M23-$A$15,CW$13)=\"\",10^12,OFFSET(PLE!$G$15,$M23-$A$15,CW$13)))","v":0},{"$f":"IF(OR($D23<>\"Serviço\",AND(AUTOEVENTO=\"Manual\",$M23=$A$15),$M23>(ROW(PLE.lastrow)-ROW(PLE.firstrow))),0,\n           IF(OFFSET(PLE!$G$15,$M23-$A$15,CX$13)=\"\",10^12,OFFSET(PLE!$G$15,$M23-$A$15,CX$13)))","v":0},{"$f":"IF(OR($D23<>\"Serviço\",AND(AUTOEVENTO=\"Manual\",$M23=$A$15),$M23>(ROW(PLE.lastrow)-ROW(PLE.firstrow))),0,\n           IF(OFFSET(PLE!$G$15,$M23-$A$15,CY$13)=\"\",10^12,OFFSET(PLE!$G$15,$M23-$A$15,CY$13)))","v":0},{"$f":"IF(OR($D23<>\"Serviço\",AND(AUTOEVENTO=\"Manual\",$M23=$A$15),$M23>(ROW(PLE.lastrow)-ROW(PLE.firstrow))),0,\n           IF(OFFSET(PLE!$G$15,$M23-$A$15,CZ$13)=\"\",10^12,OFFSET(PLE!$G$15,$M23-$A$15,CZ$13)))","v":0},{"$f":"IF(OR($D23<>\"Serviço\",AND(AUTOEVENTO=\"Manual\",$M23=$A$15),$M23>(ROW(PLE.lastrow)-ROW(PLE.firstrow))),0,\n           IF(OFFSET(PLE!$G$15,$M23-$A$15,DA$13)=\"\",10^12,OFFSET(PLE!$G$15,$M23-$A$15,DA$13)))","v":0},{"$f":"IF(OR($D23<>\"Serviço\",AND(AUTOEVENTO=\"Manual\",$M23=$A$15),$M23>(ROW(PLE.lastrow)-ROW(PLE.firstrow))),0,\n           IF(OFFSET(PLE!$G$15,$M23-$A$15,DB$13)=\"\",10^12,OFFSET(PLE!$G$15,$M23-$A$15,DB$13)))","v":0},{"$f":"IF(OR($D23<>\"Serviço\",AND(AUTOEVENTO=\"Manual\",$M23=$A$15),$M23>(ROW(PLE.lastrow)-ROW(PLE.firstrow))),0,\n           IF(OFFSET(PLE!$G$15,$M23-$A$15,DC$13)=\"\",10^12,OFFSET(PLE!$G$15,$M23-$A$15,DC$13)))","v":0},{"$f":"IF(OR($D23<>\"Serviço\",AND(AUTOEVENTO=\"Manual\",$M23=$A$15),$M23>(ROW(PLE.lastrow)-ROW(PLE.firstrow))),0,\n           IF(OFFSET(PLE!$G$15,$M23-$A$15,DD$13)=\"\",10^12,OFFSET(PLE!$G$15,$M23-$A$15,DD$13)))","v":0},{"$f":"IF(OR($D23<>\"Serviço\",AND(AUTOEVENTO=\"Manual\",$M23=$A$15),$M23>(ROW(PLE.lastrow)-ROW(PLE.firstrow))),0,\n           IF(OFFSET(PLE!$G$15,$M23-$A$15,DE$13)=\"\",10^12,OFFSET(PLE!$G$15,$M23-$A$15,DE$13)))","v":0},{"$f":"IF(OR($D23<>\"Serviço\",AND(AUTOEVENTO=\"Manual\",$M23=$A$15),$M23>(ROW(PLE.lastrow)-ROW(PLE.firstrow))),0,\n           IF(OFFSET(PLE!$G$15,$M23-$A$15,DF$13)=\"\",10^12,OFFSET(PLE!$G$15,$M23-$A$15,DF$13)))","v":0},{"$f":"IF(OR($D23<>\"Serviço\",AND(AUTOEVENTO=\"Manual\",$M23=$A$15),$M23>(ROW(PLE.lastrow)-ROW(PLE.firstrow))),0,\n           IF(OFFSET(PLE!$G$15,$M23-$A$15,DG$13)=\"\",10^12,OFFSET(PLE!$G$15,$M23-$A$15,DG$13)))","v":0},{"$f":"IF(OR($D23<>\"Serviço\",AND(AUTOEVENTO=\"Manual\",$M23=$A$15),$M23>(ROW(PLE.lastrow)-ROW(PLE.firstrow))),0,\n           IF(OFFSET(PLE!$G$15,$M23-$A$15,DH$13)=\"\",10^12,OFFSET(PLE!$G$15,$M23-$A$15,DH$13)))","v":0},{"$f":"IF(OR($D23<>\"Serviço\",AND(AUTOEVENTO=\"Manual\",$M23=$A$15),$M23>(ROW(PLE.lastrow)-ROW(PLE.firstrow))),0,\n           IF(OFFSET(PLE!$G$15,$M23-$A$15,DI$13)=\"\",10^12,OFFSET(PLE!$G$15,$M23-$A$15,DI$13)))","v":0},{"$f":"IF(OR($D23<>\"Serviço\",AND(AUTOEVENTO=\"Manual\",$M23=$A$15),$M23>(ROW(PLE.lastrow)-ROW(PLE.firstrow))),0,\n           IF(OFFSET(PLE!$G$15,$M23-$A$15,DJ$13)=\"\",10^12,OFFSET(PLE!$G$15,$M23-$A$15,DJ$13)))","v":0},{"$f":"IF(OR($D23<>\"Serviço\",AND(AUTOEVENTO=\"Manual\",$M23=$A$15),$M23>(ROW(PLE.lastrow)-ROW(PLE.firstrow))),0,\n           IF(OFFSET(PLE!$G$15,$M23-$A$15,DK$13)=\"\",10^12,OFFSET(PLE!$G$15,$M23-$A$15,DK$13)))","v":0},{"$f":"IF(OR($D23<>\"Serviço\",AND(AUTOEVENTO=\"Manual\",$M23=$A$15),$M23>(ROW(PLE.lastrow)-ROW(PLE.firstrow))),0,\n           IF(OFFSET(PLE!$G$15,$M23-$A$15,DL$13)=\"\",10^12,OFFSET(PLE!$G$15,$M23-$A$15,DL$13)))","v":0},{"$f":"IF(OR($D23<>\"Serviço\",AND(AUTOEVENTO=\"Manual\",$M23=$A$15),$M23>(ROW(PLE.lastrow)-ROW(PLE.firstrow))),0,\n           IF(OFFSET(PLE!$G$15,$M23-$A$15,DM$13)=\"\",10^12,OFFSET(PLE!$G$15,$M23-$A$15,DM$13)))","v":0},{"$f":"IF(OR($D23<>\"Serviço\",AND(AUTOEVENTO=\"Manual\",$M23=$A$15),$M23>(ROW(PLE.lastrow)-ROW(PLE.firstrow))),0,\n           IF(OFFSET(PLE!$G$15,$M23-$A$15,DN$13)=\"\",10^12,OFFSET(PLE!$G$15,$M23-$A$15,DN$13)))","v":0},{"$f":"IF(OR($D23<>\"Serviço\",AND(AUTOEVENTO=\"Manual\",$M23=$A$15),$M23>(ROW(PLE.lastrow)-ROW(PLE.firstrow))),0,\n           IF(OFFSET(PLE!$G$15,$M23-$A$15,DO$13)=\"\",10^12,OFFSET(PLE!$G$15,$M23-$A$15,DO$13)))","v":0},{"$f":"IF(OR($D23<>\"Serviço\",AND(AUTOEVENTO=\"Manual\",$M23=$A$15),$M23>(ROW(PLE.lastrow)-ROW(PLE.firstrow))),0,\n           IF(OFFSET(PLE!$G$15,$M23-$A$15,DP$13)=\"\",10^12,OFFSET(PLE!$G$15,$M23-$A$15,DP$13)))","v":0},{"$f":"IF(OR($D23<>\"Serviço\",AND(AUTOEVENTO=\"Manual\",$M23=$A$15),$M23>(ROW(PLE.lastrow)-ROW(PLE.firstrow))),0,\n           IF(OFFSET(PLE!$G$15,$M23-$A$15,DQ$13)=\"\",10^12,OFFSET(PLE!$G$15,$M23-$A$15,DQ$13)))","v":0},{"$f":"IF(OR($D23<>\"Serviço\",AND(AUTOEVENTO=\"Manual\",$M23=$A$15),$M23>(ROW(PLE.lastrow)-ROW(PLE.firstrow))),0,\n           IF(OFFSET(PLE!$G$15,$M23-$A$15,DR$13)=\"\",10^12,OFFSET(PLE!$G$15,$M23-$A$15,DR$13)))","v":0},{"$f":"IF(OR($D23<>\"Serviço\",AND(AUTOEVENTO=\"Manual\",$M23=$A$15),$M23>(ROW(PLE.lastrow)-ROW(PLE.firstrow))),0,\n           IF(OFFSET(PLE!$G$15,$M23-$A$15,DS$13)=\"\",10^12,OFFSET(PLE!$G$15,$M23-$A$15,DS$13)))","v":0}]
["8",{"$f":"OFFSET(ORÇAMENTO!C$15,$L24,0)","v":"S"},{"$f":"OFFSET(ORÇAMENTO!L$15,$L24,0)","v":"F"},{"$f":"OFFSET(ORÇAMENTO!N$15,$L24,0)","v":"Serviço"},{"$f":"OFFSET(ORÇAMENTO!O$15,$L24,0)","v":"1.3.1.1.1."},{"$f":"OFFSET(ORÇAMENTO!R$15,$L24,0)","v":"ESCAVAÇÃO MECANIZADA PARA BLOCO DE COROAMENTO OU SAPATA COM RETROESCAVADEIRA (INCLUINDO ESCAVAÇÃO PARA COLOCAÇÃO DE FÔRMAS). AF_01/2024"},{"$f":"IF($D24<>\"Serviço\",\"\",OFFSET(ORÇAMENTO!S$15,$L24,0))","v":"M3"},{"$f":"IF($D24<>\"Serviço\",0,IF(ACOMPANHAMENTO=\"BM\",ROUND(OFFSET(ORÇAMENTO!AJ$15,$L24,0),15-13*ORÇAMENTO!$AF$7),IF(IFERROR(CÁLCULO.FrentesPreenchidas,0)=0,0,SUM(ROUND(OFFSET($P24,0,1,1,CÁLCULO.FrentesPreenchidas),15-13*ORÇAMENTO!$AF$7)))))","v":43.7},"Conforme modelo disponibilizado pela CAIXA",{"$f":"IF(OR(B24<>\"S\",CÁLCULO.FrentesPreenchidas=0),\"\",IF(AND(ACOMPANHAMENTO=\"PLE\",AUTOEVENTO=\"Manual\",OR(H24>0,ORÇAMENTO!AC24=\"QUANT.\"),OR(K24=\"\",M24=0,N24=\"\")),\"►E\",IF(AND(ACOMPANHAMENTO=\"PLE\",ORÇAMENTO!AC24=\"QUANT.\"),\"►Q\",IF(AND(ACOMPANHAMENTO=\"PLE\",H24<>SUMPRODUCT(($Q$1:$AQ$1=1)*ROUND(Q24:AQ24,15))),\"►S\",IF(AND(COUNTIF($P$11:$AQ$11,\"▼\")=0,H24>0,I24=\"\"),\"◄M\",\"\")))))","v":""},"3. SAPATA",9,{"$f":"IF($D24<>\"Serviço\",\"\",\n          IF(AUTOEVENTO=\"manual\",$A24,\n                IF(ISERROR(MATCH($A24,$A$15:OFFSET($A24,-1,0),0)),MAX($M$15:OFFSET(M24,-1,0))+1,\n                      INDEX($M$15:OFFSET(M24,-1,0),MATCH($A24,$A$15:OFFSET($A24,-1,0),0)))))","v":3},{"$f":"IF($D24<>\"Serviço\",\"\",\n         IF(AUTOEVENTO=\"Manual\",\n                IF($A24=0,\"<-- defina o número do agrupador\",\n                       OFFSET(EVENTOS!$D$15,$A24-$A$15,0)),\n                OFFSET($F$15,$A24,0)))","v":"SAPATA"},null,null,8.74,8.74,8.74,8.74,8.74,null,null,null,null,null,null,null,null,null,null,null,null,null,null,null,null,null,null,null,null,null,null,{"$f":"IF(AND($D24=\"Serviço\",AR$12<>0,$H24>0,OR(AUTOEVENTO<>\"manual\",$M24<>$A$15)),\n        IF(Import.TipoArredondamento<>\"TransfereGOV\",\n              ROUND(OFFSET($P24,0,AR$13),15-13*ORÇAMENTO!$AF$7)/$H24*OFFSET(ORÇAMENTO!$X$15,ROW(AR24)-ROW(AR$15),0),\n              ROUND(ROUND(OFFSET($P24,0,AR$13),15-13*ORÇAMENTO!$AF$7)*OFFSET(ORÇAMENTO!$W$15,ROW(AR24)-ROW(AR$15),0),15-13*ORÇAMENTO!$AF$11)),\n         0)","v":430.01},{"$f":"IF(AND($D24=\"Serviço\",AS$12<>0,$H24>0,OR(AUTOEVENTO<>\"manual\",$M24<>$A$15)),\n        IF(Import.TipoArredondamento<>\"TransfereGOV\",\n              ROUND(OFFSET($P24,0,AS$13),15-13*ORÇAMENTO!$AF$7)/$H24*OFFSET(ORÇAMENTO!$X$15,ROW(AS24)-ROW(AS$15),0),\n              ROUND(ROUND(OFFSET($P24,0,AS$13),15-13*ORÇAMENTO!$AF$7)*OFFSET(ORÇAMENTO!$W$15,ROW(AS24)-ROW(AS$15),0),15-13*ORÇAMENTO!$AF$11)),\n         0)","v":430.01},{"$f":"IF(AND($D24=\"Serviço\",AT$12<>0,$H24>0,OR(AUTOEVENTO<>\"manual\",$M24<>$A$15)),\n        IF(Import.TipoArredondamento<>\"TransfereGOV\",\n              ROUND(OFFSET($P24,0,AT$13),15-13*ORÇAMENTO!$AF$7)/$H24*OFFSET(ORÇAMENTO!$X$15,ROW(AT24)-ROW(AT$15),0),\n              ROUND(ROUND(OFFSET($P24,0,AT$13),15-13*ORÇAMENTO!$AF$7)*OFFSET(ORÇAMENTO!$W$15,ROW(AT24)-ROW(AT$15),0),15-13*ORÇAMENTO!$AF$11)),\n         0)","v":430.01},{"$f":"IF(AND($D24=\"Serviço\",AU$12<>0,$H24>0,OR(AUTOEVENTO<>\"manual\",$M24<>$A$15)),\n        IF(Import.TipoArredondamento<>\"TransfereGOV\",\n              ROUND(OFFSET($P24,0,AU$13),15-13*ORÇAMENTO!$AF$7)/$H24*OFFSET(ORÇAMENTO!$X$15,ROW(AU24)-ROW(AU$15),0),\n              ROUND(ROUND(OFFSET($P24,0,AU$13),15-13*ORÇAMENTO!$AF$7)*OFFSET(ORÇAMENTO!$W$15,ROW(AU24)-ROW(AU$15),0),15-13*ORÇAMENTO!$AF$11)),\n         0)","v":430.01},{"$f":"IF(AND($D24=\"Serviço\",AV$12<>0,$H24>0,OR(AUTOEVENTO<>\"manual\",$M24<>$A$15)),\n        IF(Import.TipoArredondamento<>\"TransfereGOV\",\n              ROUND(OFFSET($P24,0,AV$13),15-13*ORÇAMENTO!$AF$7)/$H24*OFFSET(ORÇAMENTO!$X$15,ROW(AV24)-ROW(AV$15),0),\n              ROUND(ROUND(OFFSET($P24,0,AV$13),15-13*ORÇAMENTO!$AF$7)*OFFSET(ORÇAMENTO!$W$15,ROW(AV24)-ROW(AV$15),0),15-13*ORÇAMENTO!$AF$11)),\n         0)","v":430.01},{"$f":"IF(AND($D24=\"Serviço\",AW$12<>0,$H24>0,OR(AUTOEVENTO<>\"manual\",$M24<>$A$15)),\n        IF(Import.TipoArredondamento<>\"TransfereGOV\",\n              ROUND(OFFSET($P24,0,AW$13),15-13*ORÇAMENTO!$AF$7)/$H24*OFFSET(ORÇAMENTO!$X$15,ROW(AW24)-ROW(AW$15),0),\n              ROUND(ROUND(OFFSET($P24,0,AW$13),15-13*ORÇAMENTO!$AF$7)*OFFSET(ORÇAMENTO!$W$15,ROW(AW24)-ROW(AW$15),0),15-13*ORÇAMENTO!$AF$11)),\n         0)","v":0},{"$f":"IF(AND($D24=\"Serviço\",AX$12<>0,$H24>0,OR(AUTOEVENTO<>\"manual\",$M24<>$A$15)),\n        IF(Import.TipoArredondamento<>\"TransfereGOV\",\n              ROUND(OFFSET($P24,0,AX$13),15-13*ORÇAMENTO!$AF$7)/$H24*OFFSET(ORÇAMENTO!$X$15,ROW(AX24)-ROW(AX$15),0),\n              ROUND(ROUND(OFFSET($P24,0,AX$13),15-13*ORÇAMENTO!$AF$7)*OFFSET(ORÇAMENTO!$W$15,ROW(AX24)-ROW(AX$15),0),15-13*ORÇAMENTO!$AF$11)),\n         0)","v":0},{"$f":"IF(AND($D24=\"Serviço\",AY$12<>0,$H24>0,OR(AUTOEVENTO<>\"manual\",$M24<>$A$15)),\n        IF(Import.TipoArredondamento<>\"TransfereGOV\",\n              ROUND(OFFSET($P24,0,AY$13),15-13*ORÇAMENTO!$AF$7)/$H24*OFFSET(ORÇAMENTO!$X$15,ROW(AY24)-ROW(AY$15),0),\n              ROUND(ROUND(OFFSET($P24,0,AY$13),15-13*ORÇAMENTO!$AF$7)*OFFSET(ORÇAMENTO!$W$15,ROW(AY24)-ROW(AY$15),0),15-13*ORÇAMENTO!$AF$11)),\n         0)","v":0},{"$f":"IF(AND($D24=\"Serviço\",AZ$12<>0,$H24>0,OR(AUTOEVENTO<>\"manual\",$M24<>$A$15)),\n        IF(Import.TipoArredondamento<>\"TransfereGOV\",\n              ROUND(OFFSET($P24,0,AZ$13),15-13*ORÇAMENTO!$AF$7)/$H24*OFFSET(ORÇAMENTO!$X$15,ROW(AZ24)-ROW(AZ$15),0),\n              ROUND(ROUND(OFFSET($P24,0,AZ$13),15-13*ORÇAMENTO!$AF$7)*OFFSET(ORÇAMENTO!$W$15,ROW(AZ24)-ROW(AZ$15),0),15-13*ORÇAMENTO!$AF$11)),\n         0)","v":0},{"$f":"IF(AND($D24=\"Serviço\",BA$12<>0,$H24>0,OR(AUTOEVENTO<>\"manual\",$M24<>$A$15)),\n        IF(Import.TipoArredondamento<>\"TransfereGOV\",\n              ROUND(OFFSET($P24,0,BA$13),15-13*ORÇAMENTO!$AF$7)/$H24*OFFSET(ORÇAMENTO!$X$15,ROW(BA24)-ROW(BA$15),0),\n              ROUND(ROUND(OFFSET($P24,0,BA$13),15-13*ORÇAMENTO!$AF$7)*OFFSET(ORÇAMENTO!$W$15,ROW(BA24)-ROW(BA$15),0),15-13*ORÇAMENTO!$AF$11)),\n         0)","v":0},{"$f":"IF(AND($D24=\"Serviço\",BB$12<>0,$H24>0,OR(AUTOEVENTO<>\"manual\",$M24<>$A$15)),\n        IF(Import.TipoArredondamento<>\"TransfereGOV\",\n              ROUND(OFFSET($P24,0,BB$13),15-13*ORÇAMENTO!$AF$7)/$H24*OFFSET(ORÇAMENTO!$X$15,ROW(BB24)-ROW(BB$15),0),\n              ROUND(ROUND(OFFSET($P24,0,BB$13),15-13*ORÇAMENTO!$AF$7)*OFFSET(ORÇAMENTO!$W$15,ROW(BB24)-ROW(BB$15),0),15-13*ORÇAMENTO!$AF$11)),\n         0)","v":0},{"$f":"IF(AND($D24=\"Serviço\",BC$12<>0,$H24>0,OR(AUTOEVENTO<>\"manual\",$M24<>$A$15)),\n        IF(Import.TipoArredondamento<>\"TransfereGOV\",\n              ROUND(OFFSET($P24,0,BC$13),15-13*ORÇAMENTO!$AF$7)/$H24*OFFSET(ORÇAMENTO!$X$15,ROW(BC24)-ROW(BC$15),0),\n              ROUND(ROUND(OFFSET($P24,0,BC$13),15-13*ORÇAMENTO!$AF$7)*OFFSET(ORÇAMENTO!$W$15,ROW(BC24)-ROW(BC$15),0),15-13*ORÇAMENTO!$AF$11)),\n         0)","v":0},{"$f":"IF(AND($D24=\"Serviço\",BD$12<>0,$H24>0,OR(AUTOEVENTO<>\"manual\",$M24<>$A$15)),\n        IF(Import.TipoArredondamento<>\"TransfereGOV\",\n              ROUND(OFFSET($P24,0,BD$13),15-13*ORÇAMENTO!$AF$7)/$H24*OFFSET(ORÇAMENTO!$X$15,ROW(BD24)-ROW(BD$15),0),\n              ROUND(ROUND(OFFSET($P24,0,BD$13),15-13*ORÇAMENTO!$AF$7)*OFFSET(ORÇAMENTO!$W$15,ROW(BD24)-ROW(BD$15),0),15-13*ORÇAMENTO!$AF$11)),\n         0)","v":0},{"$f":"IF(AND($D24=\"Serviço\",BE$12<>0,$H24>0,OR(AUTOEVENTO<>\"manual\",$M24<>$A$15)),\n        IF(Import.TipoArredondamento<>\"TransfereGOV\",\n              ROUND(OFFSET($P24,0,BE$13),15-13*ORÇAMENTO!$AF$7)/$H24*OFFSET(ORÇAMENTO!$X$15,ROW(BE24)-ROW(BE$15),0),\n              ROUND(ROUND(OFFSET($P24,0,BE$13),15-13*ORÇAMENTO!$AF$7)*OFFSET(ORÇAMENTO!$W$15,ROW(BE24)-ROW(BE$15),0),15-13*ORÇAMENTO!$AF$11)),\n         0)","v":0},{"$f":"IF(AND($D24=\"Serviço\",BF$12<>0,$H24>0,OR(AUTOEVENTO<>\"manual\",$M24<>$A$15)),\n        IF(Import.TipoArredondamento<>\"TransfereGOV\",\n              ROUND(OFFSET($P24,0,BF$13),15-13*ORÇAMENTO!$AF$7)/$H24*OFFSET(ORÇAMENTO!$X$15,ROW(BF24)-ROW(BF$15),0),\n              ROUND(ROUND(OFFSET($P24,0,BF$13),15-13*ORÇAMENTO!$AF$7)*OFFSET(ORÇAMENTO!$W$15,ROW(BF24)-ROW(BF$15),0),15-13*ORÇAMENTO!$AF$11)),\n         0)","v":0},{"$f":"IF(AND($D24=\"Serviço\",BG$12<>0,$H24>0,OR(AUTOEVENTO<>\"manual\",$M24<>$A$15)),\n        IF(Import.TipoArredondamento<>\"TransfereGOV\",\n              ROUND(OFFSET($P24,0,BG$13),15-13*ORÇAMENTO!$AF$7)/$H24*OFFSET(ORÇAMENTO!$X$15,ROW(BG24)-ROW(BG$15),0),\n              ROUND(ROUND(OFFSET($P24,0,BG$13),15-13*ORÇAMENTO!$AF$7)*OFFSET(ORÇAMENTO!$W$15,ROW(BG24)-ROW(BG$15),0),15-13*ORÇAMENTO!$AF$11)),\n         0)","v":0},{"$f":"IF(AND($D24=\"Serviço\",BH$12<>0,$H24>0,OR(AUTOEVENTO<>\"manual\",$M24<>$A$15)),\n        IF(Import.TipoArredondamento<>\"TransfereGOV\",\n              ROUND(OFFSET($P24,0,BH$13),15-13*ORÇAMENTO!$AF$7)/$H24*OFFSET(ORÇAMENTO!$X$15,ROW(BH24)-ROW(BH$15),0),\n              ROUND(ROUND(OFFSET($P24,0,BH$13),15-13*ORÇAMENTO!$AF$7)*OFFSET(ORÇAMENTO!$W$15,ROW(BH24)-ROW(BH$15),0),15-13*ORÇAMENTO!$AF$11)),\n         0)","v":0},{"$f":"IF(AND($D24=\"Serviço\",BI$12<>0,$H24>0,OR(AUTOEVENTO<>\"manual\",$M24<>$A$15)),\n        IF(Import.TipoArredondamento<>\"TransfereGOV\",\n              ROUND(OFFSET($P24,0,BI$13),15-13*ORÇAMENTO!$AF$7)/$H24*OFFSET(ORÇAMENTO!$X$15,ROW(BI24)-ROW(BI$15),0),\n              ROUND(ROUND(OFFSET($P24,0,BI$13),15-13*ORÇAMENTO!$AF$7)*OFFSET(ORÇAMENTO!$W$15,ROW(BI24)-ROW(BI$15),0),15-13*ORÇAMENTO!$AF$11)),\n         0)","v":0},{"$f":"IF(AND($D24=\"Serviço\",BJ$12<>0,$H24>0,OR(AUTOEVENTO<>\"manual\",$M24<>$A$15)),\n        IF(Import.TipoArredondamento<>\"TransfereGOV\",\n              ROUND(OFFSET($P24,0,BJ$13),15-13*ORÇAMENTO!$AF$7)/$H24*OFFSET(ORÇAMENTO!$X$15,ROW(BJ24)-ROW(BJ$15),0),\n              ROUND(ROUND(OFFSET($P24,0,BJ$13),15-13*ORÇAMENTO!$AF$7)*OFFSET(ORÇAMENTO!$W$15,ROW(BJ24)-ROW(BJ$15),0),15-13*ORÇAMENTO!$AF$11)),\n         0)","v":0},{"$f":"IF(AND($D24=\"Serviço\",BK$12<>0,$H24>0,OR(AUTOEVENTO<>\"manual\",$M24<>$A$15)),\n        IF(Import.TipoArredondamento<>\"TransfereGOV\",\n              ROUND(OFFSET($P24,0,BK$13),15-13*ORÇAMENTO!$AF$7)/$H24*OFFSET(ORÇAMENTO!$X$15,ROW(BK24)-ROW(BK$15),0),\n              ROUND(ROUND(OFFSET($P24,0,BK$13),15-13*ORÇAMENTO!$AF$7)*OFFSET(ORÇAMENTO!$W$15,ROW(BK24)-ROW(BK$15),0),15-13*ORÇAMENTO!$AF$11)),\n         0)","v":0},{"$f":"IF(AND($D24=\"Serviço\",BL$12<>0,$H24>0,OR(AUTOEVENTO<>\"manual\",$M24<>$A$15)),\n        IF(Import.TipoArredondamento<>\"TransfereGOV\",\n              ROUND(OFFSET($P24,0,BL$13),15-13*ORÇAMENTO!$AF$7)/$H24*OFFSET(ORÇAMENTO!$X$15,ROW(BL24)-ROW(BL$15),0),\n              ROUND(ROUND(OFFSET($P24,0,BL$13),15-13*ORÇAMENTO!$AF$7)*OFFSET(ORÇAMENTO!$W$15,ROW(BL24)-ROW(BL$15),0),15-13*ORÇAMENTO!$AF$11)),\n         0)","v":0},{"$f":"IF(AND($D24=\"Serviço\",BM$12<>0,$H24>0,OR(AUTOEVENTO<>\"manual\",$M24<>$A$15)),\n        IF(Import.TipoArredondamento<>\"TransfereGOV\",\n              ROUND(OFFSET($P24,0,BM$13),15-13*ORÇAMENTO!$AF$7)/$H24*OFFSET(ORÇAMENTO!$X$15,ROW(BM24)-ROW(BM$15),0),\n              ROUND(ROUND(OFFSET($P24,0,BM$13),15-13*ORÇAMENTO!$AF$7)*OFFSET(ORÇAMENTO!$W$15,ROW(BM24)-ROW(BM$15),0),15-13*ORÇAMENTO!$AF$11)),\n         0)","v":0},{"$f":"IF(AND($D24=\"Serviço\",BN$12<>0,$H24>0,OR(AUTOEVENTO<>\"manual\",$M24<>$A$15)),\n        IF(Import.TipoArredondamento<>\"TransfereGOV\",\n              ROUND(OFFSET($P24,0,BN$13),15-13*ORÇAMENTO!$AF$7)/$H24*OFFSET(ORÇAMENTO!$X$15,ROW(BN24)-ROW(BN$15),0),\n              ROUND(ROUND(OFFSET($P24,0,BN$13),15-13*ORÇAMENTO!$AF$7)*OFFSET(ORÇAMENTO!$W$15,ROW(BN24)-ROW(BN$15),0),15-13*ORÇAMENTO!$AF$11)),\n         0)","v":0},{"$f":"IF(AND($D24=\"Serviço\",BO$12<>0,$H24>0,OR(AUTOEVENTO<>\"manual\",$M24<>$A$15)),\n        IF(Import.TipoArredondamento<>\"TransfereGOV\",\n              ROUND(OFFSET($P24,0,BO$13),15-13*ORÇAMENTO!$AF$7)/$H24*OFFSET(ORÇAMENTO!$X$15,ROW(BO24)-ROW(BO$15),0),\n              ROUND(ROUND(OFFSET($P24,0,BO$13),15-13*ORÇAMENTO!$AF$7)*OFFSET(ORÇAMENTO!$W$15,ROW(BO24)-ROW(BO$15),0),15-13*ORÇAMENTO!$AF$11)),\n         0)","v":0},{"$f":"IF(AND($D24=\"Serviço\",BP$12<>0,$H24>0,OR(AUTOEVENTO<>\"manual\",$M24<>$A$15)),\n        IF(Import.TipoArredondamento<>\"TransfereGOV\",\n              ROUND(OFFSET($P24,0,BP$13),15-13*ORÇAMENTO!$AF$7)/$H24*OFFSET(ORÇAMENTO!$X$15,ROW(BP24)-ROW(BP$15),0),\n              ROUND(ROUND(OFFSET($P24,0,BP$13),15-13*ORÇAMENTO!$AF$7)*OFFSET(ORÇAMENTO!$W$15,ROW(BP24)-ROW(BP$15),0),15-13*ORÇAMENTO!$AF$11)),\n         0)","v":0},{"$f":"IF(AND($D24=\"Serviço\",BQ$12<>0,$H24>0,OR(AUTOEVENTO<>\"manual\",$M24<>$A$15)),\n        IF(Import.TipoArredondamento<>\"TransfereGOV\",\n              ROUND(OFFSET($P24,0,BQ$13),15-13*ORÇAMENTO!$AF$7)/$H24*OFFSET(ORÇAMENTO!$X$15,ROW(BQ24)-ROW(BQ$15),0),\n              ROUND(ROUND(OFFSET($P24,0,BQ$13),15-13*ORÇAMENTO!$AF$7)*OFFSET(ORÇAMENTO!$W$15,ROW(BQ24)-ROW(BQ$15),0),15-13*ORÇAMENTO!$AF$11)),\n         0)","v":0},null,{"$f":"IF(OR($D24<>\"Serviço\",AND(AUTOEVENTO=\"Manual\",$M24=$A$15)),0,\n         IF(OFFSET(CRONOPLE!$F$15,$M24-$A$15,BS$13)=0,10^12,OFFSET(CRONOPLE!$F$15,$M24-$A$15,BS$13)))","v":1},{"$f":"IF(OR($D24<>\"Serviço\",AND(AUTOEVENTO=\"Manual\",$M24=$A$15)),0,\n         IF(OFFSET(CRONOPLE!$F$15,$M24-$A$15,BT$13)=0,10^12,OFFSET(CRONOPLE!$F$15,$M24-$A$15,BT$13)))","v":1},{"$f":"IF(OR($D24<>\"Serviço\",AND(AUTOEVENTO=\"Manual\",$M24=$A$15)),0,\n         IF(OFFSET(CRONOPLE!$F$15,$M24-$A$15,BU$13)=0,10^12,OFFSET(CRONOPLE!$F$15,$M24-$A$15,BU$13)))","v":1},{"$f":"IF(OR($D24<>\"Serviço\",AND(AUTOEVENTO=\"Manual\",$M24=$A$15)),0,\n         IF(OFFSET(CRONOPLE!$F$15,$M24-$A$15,BV$13)=0,10^12,OFFSET(CRONOPLE!$F$15,$M24-$A$15,BV$13)))","v":1},{"$f":"IF(OR($D24<>\"Serviço\",AND(AUTOEVENTO=\"Manual\",$M24=$A$15)),0,\n         IF(OFFSET(CRONOPLE!$F$15,$M24-$A$15,BW$13)=0,10^12,OFFSET(CRONOPLE!$F$15,$M24-$A$15,BW$13)))","v":1},{"$f":"IF(OR($D24<>\"Serviço\",AND(AUTOEVENTO=\"Manual\",$M24=$A$15)),0,\n         IF(OFFSET(CRONOPLE!$F$15,$M24-$A$15,BX$13)=0,10^12,OFFSET(CRONOPLE!$F$15,$M24-$A$15,BX$13)))","v":1},{"$f":"IF(OR($D24<>\"Serviço\",AND(AUTOEVENTO=\"Manual\",$M24=$A$15)),0,\n         IF(OFFSET(CRONOPLE!$F$15,$M24-$A$15,BY$13)=0,10^12,OFFSET(CRONOPLE!$F$15,$M24-$A$15,BY$13)))","v":1},{"$f":"IF(OR($D24<>\"Serviço\",AND(AUTOEVENTO=\"Manual\",$M24=$A$15)),0,\n         IF(OFFSET(CRONOPLE!$F$15,$M24-$A$15,BZ$13)=0,10^12,OFFSET(CRONOPLE!$F$15,$M24-$A$15,BZ$13)))","v":7},{"$f":"IF(OR($D24<>\"Serviço\",AND(AUTOEVENTO=\"Manual\",$M24=$A$15)),0,\n         IF(OFFSET(CRONOPLE!$F$15,$M24-$A$15,CA$13)=0,10^12,OFFSET(CRONOPLE!$F$15,$M24-$A$15,CA$13)))","v":7},{"$f":"IF(OR($D24<>\"Serviço\",AND(AUTOEVENTO=\"Manual\",$M24=$A$15)),0,\n         IF(OFFSET(CRONOPLE!$F$15,$M24-$A$15,CB$13)=0,10^12,OFFSET(CRONOPLE!$F$15,$M24-$A$15,CB$13)))","v":7},{"$f":"IF(OR($D24<>\"Serviço\",AND(AUTOEVENTO=\"Manual\",$M24=$A$15)),0,\n         IF(OFFSET(CRONOPLE!$F$15,$M24-$A$15,CC$13)=0,10^12,OFFSET(CRONOPLE!$F$15,$M24-$A$15,CC$13)))","v":13},{"$f":"IF(OR($D24<>\"Serviço\",AND(AUTOEVENTO=\"Manual\",$M24=$A$15)),0,\n         IF(OFFSET(CRONOPLE!$F$15,$M24-$A$15,CD$13)=0,10^12,OFFSET(CRONOPLE!$F$15,$M24-$A$15,CD$13)))","v":13},{"$f":"IF(OR($D24<>\"Serviço\",AND(AUTOEVENTO=\"Manual\",$M24=$A$15)),0,\n         IF(OFFSET(CRONOPLE!$F$15,$M24-$A$15,CE$13)=0,10^12,OFFSET(CRONOPLE!$F$15,$M24-$A$15,CE$13)))","v":13},{"$f":"IF(OR($D24<>\"Serviço\",AND(AUTOEVENTO=\"Manual\",$M24=$A$15)),0,\n         IF(OFFSET(CRONOPLE!$F$15,$M24-$A$15,CF$13)=0,10^12,OFFSET(CRONOPLE!$F$15,$M24-$A$15,CF$13)))","v":13},{"$f":"IF(OR($D24<>\"Serviço\",AND(AUTOEVENTO=\"Manual\",$M24=$A$15)),0,\n         IF(OFFSET(CRONOPLE!$F$15,$M24-$A$15,CG$13)=0,10^12,OFFSET(CRONOPLE!$F$15,$M24-$A$15,CG$13)))","v":13},{"$f":"IF(OR($D24<>\"Serviço\",AND(AUTOEVENTO=\"Manual\",$M24=$A$15)),0,\n         IF(OFFSET(CRONOPLE!$F$15,$M24-$A$15,CH$13)=0,10^12,OFFSET(CRONOPLE!$F$15,$M24-$A$15,CH$13)))","v":19},{"$f":"IF(OR($D24<>\"Serviço\",AND(AUTOEVENTO=\"Manual\",$M24=$A$15)),0,\n         IF(OFFSET(CRONOPLE!$F$15,$M24-$A$15,CI$13)=0,10^12,OFFSET(CRONOPLE!$F$15,$M24-$A$15,CI$13)))","v":19},{"$f":"IF(OR($D24<>\"Serviço\",AND(AUTOEVENTO=\"Manual\",$M24=$A$15)),0,\n         IF(OFFSET(CRONOPLE!$F$15,$M24-$A$15,CJ$13)=0,10^12,OFFSET(CRONOPLE!$F$15,$M24-$A$15,CJ$13)))","v":19},{"$f":"IF(OR($D24<>\"Serviço\",AND(AUTOEVENTO=\"Manual\",$M24=$A$15)),0,\n         IF(OFFSET(CRONOPLE!$F$15,$M24-$A$15,CK$13)=0,10^12,OFFSET(CRONOPLE!$F$15,$M24-$A$15,CK$13)))","v":19},{"$f":"IF(OR($D24<>\"Serviço\",AND(AUTOEVENTO=\"Manual\",$M24=$A$15)),0,\n         IF(OFFSET(CRONOPLE!$F$15,$M24-$A$15,CL$13)=0,10^12,OFFSET(CRONOPLE!$F$15,$M24-$A$15,CL$13)))","v":19},{"$f":"IF(OR($D24<>\"Serviço\",AND(AUTOEVENTO=\"Manual\",$M24=$A$15)),0,\n         IF(OFFSET(CRONOPLE!$F$15,$M24-$A$15,CM$13)=0,10^12,OFFSET(CRONOPLE!$F$15,$M24-$A$15,CM$13)))","v":1000000000000},{"$f":"IF(OR($D24<>\"Serviço\",AND(AUTOEVENTO=\"Manual\",$M24=$A$15)),0,\n         IF(OFFSET(CRONOPLE!$F$15,$M24-$A$15,CN$13)=0,10^12,OFFSET(CRONOPLE!$F$15,$M24-$A$15,CN$13)))","v":1000000000000},{"$f":"IF(OR($D24<>\"Serviço\",AND(AUTOEVENTO=\"Manual\",$M24=$A$15)),0,\n         IF(OFFSET(CRONOPLE!$F$15,$M24-$A$15,CO$13)=0,10^12,OFFSET(CRONOPLE!$F$15,$M24-$A$15,CO$13)))","v":1000000000000},{"$f":"IF(OR($D24<>\"Serviço\",AND(AUTOEVENTO=\"Manual\",$M24=$A$15)),0,\n         IF(OFFSET(CRONOPLE!$F$15,$M24-$A$15,CP$13)=0,10^12,OFFSET(CRONOPLE!$F$15,$M24-$A$15,CP$13)))","v":1000000000000},{"$f":"IF(OR($D24<>\"Serviço\",AND(AUTOEVENTO=\"Manual\",$M24=$A$15)),0,\n         IF(OFFSET(CRONOPLE!$F$15,$M24-$A$15,CQ$13)=0,10^12,OFFSET(CRONOPLE!$F$15,$M24-$A$15,CQ$13)))","v":1000000000000},{"$f":"IF(OR($D24<>\"Serviço\",AND(AUTOEVENTO=\"Manual\",$M24=$A$15)),0,\n         IF(OFFSET(CRONOPLE!$F$15,$M24-$A$15,CR$13)=0,10^12,OFFSET(CRONOPLE!$F$15,$M24-$A$15,CR$13)))","v":1000000000000},null,{"$f":"IF(OR($D24<>\"Serviço\",AND(AUTOEVENTO=\"Manual\",$M24=$A$15),$M24>(ROW(PLE.lastrow)-ROW(PLE.firstrow))),0,\n           IF(OFFSET(PLE!$G$15,$M24-$A$15,CT$13)=\"\",10^12,OFFSET(PLE!$G$15,$M24-$A$15,CT$13)))","v":1000000000000},{"$f":"IF(OR($D24<>\"Serviço\",AND(AUTOEVENTO=\"Manual\",$M24=$A$15),$M24>(ROW(PLE.lastrow)-ROW(PLE.firstrow))),0,\n           IF(OFFSET(PLE!$G$15,$M24-$A$15,CU$13)=\"\",10^12,OFFSET(PLE!$G$15,$M24-$A$15,CU$13)))","v":1000000000000},{"$f":"IF(OR($D24<>\"Serviço\",AND(AUTOEVENTO=\"Manual\",$M24=$A$15),$M24>(ROW(PLE.lastrow)-ROW(PLE.firstrow))),0,\n           IF(OFFSET(PLE!$G$15,$M24-$A$15,CV$13)=\"\",10^12,OFFSET(PLE!$G$15,$M24-$A$15,CV$13)))","v":1000000000000},{"$f":"IF(OR($D24<>\"Serviço\",AND(AUTOEVENTO=\"Manual\",$M24=$A$15),$M24>(ROW(PLE.lastrow)-ROW(PLE.firstrow))),0,\n           IF(OFFSET(PLE!$G$15,$M24-$A$15,CW$13)=\"\",10^12,OFFSET(PLE!$G$15,$M24-$A$15,CW$13)))","v":1000000000000},{"$f":"IF(OR($D24<>\"Serviço\",AND(AUTOEVENTO=\"Manual\",$M24=$A$15),$M24>(ROW(PLE.lastrow)-ROW(PLE.firstrow))),0,\n           IF(OFFSET(PLE!$G$15,$M24-$A$15,CX$13)=\"\",10^12,OFFSET(PLE!$G$15,$M24-$A$15,CX$13)))","v":1000000000000},{"$f":"IF(OR($D24<>\"Serviço\",AND(AUTOEVENTO=\"Manual\",$M24=$A$15),$M24>(ROW(PLE.lastrow)-ROW(PLE.firstrow))),0,\n           IF(OFFSET(PLE!$G$15,$M24-$A$15,CY$13)=\"\",10^12,OFFSET(PLE!$G$15,$M24-$A$15,CY$13)))","v":1000000000000},{"$f":"IF(OR($D24<>\"Serviço\",AND(AUTOEVENTO=\"Manual\",$M24=$A$15),$M24>(ROW(PLE.lastrow)-ROW(PLE.firstrow))),0,\n           IF(OFFSET(PLE!$G$15,$M24-$A$15,CZ$13)=\"\",10^12,OFFSET(PLE!$G$15,$M24-$A$15,CZ$13)))","v":1000000000000},{"$f":"IF(OR($D24<>\"Serviço\",AND(AUTOEVENTO=\"Manual\",$M24=$A$15),$M24>(ROW(PLE.lastrow)-ROW(PLE.firstrow))),0,\n           IF(OFFSET(PLE!$G$15,$M24-$A$15,DA$13)=\"\",10^12,OFFSET(PLE!$G$15,$M24-$A$15,DA$13)))","v":1000000000000},{"$f":"IF(OR($D24<>\"Serviço\",AND(AUTOEVENTO=\"Manual\",$M24=$A$15),$M24>(ROW(PLE.lastrow)-ROW(PLE.firstrow))),0,\n           IF(OFFSET(PLE!$G$15,$M24-$A$15,DB$13)=\"\",10^12,OFFSET(PLE!$G$15,$M24-$A$15,DB$13)))","v":1000000000000},{"$f":"IF(OR($D24<>\"Serviço\",AND(AUTOEVENTO=\"Manual\",$M24=$A$15),$M24>(ROW(PLE.lastrow)-ROW(PLE.firstrow))),0,\n           IF(OFFSET(PLE!$G$15,$M24-$A$15,DC$13)=\"\",10^12,OFFSET(PLE!$G$15,$M24-$A$15,DC$13)))","v":1000000000000},{"$f":"IF(OR($D24<>\"Serviço\",AND(AUTOEVENTO=\"Manual\",$M24=$A$15),$M24>(ROW(PLE.lastrow)-ROW(PLE.firstrow))),0,\n           IF(OFFSET(PLE!$G$15,$M24-$A$15,DD$13)=\"\",10^12,OFFSET(PLE!$G$15,$M24-$A$15,DD$13)))","v":1000000000000},{"$f":"IF(OR($D24<>\"Serviço\",AND(AUTOEVENTO=\"Manual\",$M24=$A$15),$M24>(ROW(PLE.lastrow)-ROW(PLE.firstrow))),0,\n           IF(OFFSET(PLE!$G$15,$M24-$A$15,DE$13)=\"\",10^12,OFFSET(PLE!$G$15,$M24-$A$15,DE$13)))","v":1000000000000},{"$f":"IF(OR($D24<>\"Serviço\",AND(AUTOEVENTO=\"Manual\",$M24=$A$15),$M24>(ROW(PLE.lastrow)-ROW(PLE.firstrow))),0,\n           IF(OFFSET(PLE!$G$15,$M24-$A$15,DF$13)=\"\",10^12,OFFSET(PLE!$G$15,$M24-$A$15,DF$13)))","v":1000000000000},{"$f":"IF(OR($D24<>\"Serviço\",AND(AUTOEVENTO=\"Manual\",$M24=$A$15),$M24>(ROW(PLE.lastrow)-ROW(PLE.firstrow))),0,\n           IF(OFFSET(PLE!$G$15,$M24-$A$15,DG$13)=\"\",10^12,OFFSET(PLE!$G$15,$M24-$A$15,DG$13)))","v":1000000000000},{"$f":"IF(OR($D24<>\"Serviço\",AND(AUTOEVENTO=\"Manual\",$M24=$A$15),$M24>(ROW(PLE.lastrow)-ROW(PLE.firstrow))),0,\n           IF(OFFSET(PLE!$G$15,$M24-$A$15,DH$13)=\"\",10^12,OFFSET(PLE!$G$15,$M24-$A$15,DH$13)))","v":1000000000000},{"$f":"IF(OR($D24<>\"Serviço\",AND(AUTOEVENTO=\"Manual\",$M24=$A$15),$M24>(ROW(PLE.lastrow)-ROW(PLE.firstrow))),0,\n           IF(OFFSET(PLE!$G$15,$M24-$A$15,DI$13)=\"\",10^12,OFFSET(PLE!$G$15,$M24-$A$15,DI$13)))","v":1000000000000},{"$f":"IF(OR($D24<>\"Serviço\",AND(AUTOEVENTO=\"Manual\",$M24=$A$15),$M24>(ROW(PLE.lastrow)-ROW(PLE.firstrow))),0,\n           IF(OFFSET(PLE!$G$15,$M24-$A$15,DJ$13)=\"\",10^12,OFFSET(PLE!$G$15,$M24-$A$15,DJ$13)))","v":1000000000000},{"$f":"IF(OR($D24<>\"Serviço\",AND(AUTOEVENTO=\"Manual\",$M24=$A$15),$M24>(ROW(PLE.lastrow)-ROW(PLE.firstrow))),0,\n           IF(OFFSET(PLE!$G$15,$M24-$A$15,DK$13)=\"\",10^12,OFFSET(PLE!$G$15,$M24-$A$15,DK$13)))","v":1000000000000},{"$f":"IF(OR($D24<>\"Serviço\",AND(AUTOEVENTO=\"Manual\",$M24=$A$15),$M24>(ROW(PLE.lastrow)-ROW(PLE.firstrow))),0,\n           IF(OFFSET(PLE!$G$15,$M24-$A$15,DL$13)=\"\",10^12,OFFSET(PLE!$G$15,$M24-$A$15,DL$13)))","v":1000000000000},{"$f":"IF(OR($D24<>\"Serviço\",AND(AUTOEVENTO=\"Manual\",$M24=$A$15),$M24>(ROW(PLE.lastrow)-ROW(PLE.firstrow))),0,\n           IF(OFFSET(PLE!$G$15,$M24-$A$15,DM$13)=\"\",10^12,OFFSET(PLE!$G$15,$M24-$A$15,DM$13)))","v":1000000000000},{"$f":"IF(OR($D24<>\"Serviço\",AND(AUTOEVENTO=\"Manual\",$M24=$A$15),$M24>(ROW(PLE.lastrow)-ROW(PLE.firstrow))),0,\n           IF(OFFSET(PLE!$G$15,$M24-$A$15,DN$13)=\"\",10^12,OFFSET(PLE!$G$15,$M24-$A$15,DN$13)))","v":1000000000000},{"$f":"IF(OR($D24<>\"Serviço\",AND(AUTOEVENTO=\"Manual\",$M24=$A$15),$M24>(ROW(PLE.lastrow)-ROW(PLE.firstrow))),0,\n           IF(OFFSET(PLE!$G$15,$M24-$A$15,DO$13)=\"\",10^12,OFFSET(PLE!$G$15,$M24-$A$15,DO$13)))","v":1000000000000},{"$f":"IF(OR($D24<>\"Serviço\",AND(AUTOEVENTO=\"Manual\",$M24=$A$15),$M24>(ROW(PLE.lastrow)-ROW(PLE.firstrow))),0,\n           IF(OFFSET(PLE!$G$15,$M24-$A$15,DP$13)=\"\",10^12,OFFSET(PLE!$G$15,$M24-$A$15,DP$13)))","v":1000000000000},{"$f":"IF(OR($D24<>\"Serviço\",AND(AUTOEVENTO=\"Manual\",$M24=$A$15),$M24>(ROW(PLE.lastrow)-ROW(PLE.firstrow))),0,\n           IF(OFFSET(PLE!$G$15,$M24-$A$15,DQ$13)=\"\",10^12,OFFSET(PLE!$G$15,$M24-$A$15,DQ$13)))","v":1000000000000},{"$f":"IF(OR($D24<>\"Serviço\",AND(AUTOEVENTO=\"Manual\",$M24=$A$15),$M24>(ROW(PLE.lastrow)-ROW(PLE.firstrow))),0,\n           IF(OFFSET(PLE!$G$15,$M24-$A$15,DR$13)=\"\",10^12,OFFSET(PLE!$G$15,$M24-$A$15,DR$13)))","v":1000000000000},{"$f":"IF(OR($D24<>\"Serviço\",AND(AUTOEVENTO=\"Manual\",$M24=$A$15),$M24>(ROW(PLE.lastrow)-ROW(PLE.firstrow))),0,\n           IF(OFFSET(PLE!$G$15,$M24-$A$15,DS$13)=\"\",10^12,OFFSET(PLE!$G$15,$M24-$A$15,DS$13)))","v":1000000000000}]
["8",{"$f":"OFFSET(ORÇAMENTO!C$15,$L25,0)","v":"S"},{"$f":"OFFSET(ORÇAMENTO!L$15,$L25,0)","v":"F"},{"$f":"OFFSET(ORÇAMENTO!N$15,$L25,0)","v":"Serviço"},{"$f":"OFFSET(ORÇAMENTO!O$15,$L25,0)","v":"1.3.1.1.2."},{"$f":"OFFSET(ORÇAMENTO!R$15,$L25,0)","v":"PREPARO DE FUNDO DE VALA COM LARGURA MENOR QUE 1,5 M (ACERTO DO SOLO NATURAL). AF_08/2020"},{"$f":"IF($D25<>\"Serviço\",\"\",OFFSET(ORÇAMENTO!S$15,$L25,0))","v":"M2"},{"$f":"IF($D25<>\"Serviço\",0,IF(ACOMPANHAMENTO=\"BM\",ROUND(OFFSET(ORÇAMENTO!AJ$15,$L25,0),15-13*ORÇAMENTO!$AF$7),IF(IFERROR(CÁLCULO.FrentesPreenchidas,0)=0,0,SUM(ROUND(OFFSET($P25,0,1,1,CÁLCULO.FrentesPreenchidas),15-13*ORÇAMENTO!$AF$7)))))","v":23.4},"Conforme modelo disponibilizado pela CAIXA",{"$f":"IF(OR(B25<>\"S\",CÁLCULO.FrentesPreenchidas=0),\"\",IF(AND(ACOMPANHAMENTO=\"PLE\",AUTOEVENTO=\"Manual\",OR(H25>0,ORÇAMENTO!AC25=\"QUANT.\"),OR(K25=\"\",M25=0,N25=\"\")),\"►E\",IF(AND(ACOMPANHAMENTO=\"PLE\",ORÇAMENTO!AC25=\"QUANT.\"),\"►Q\",IF(AND(ACOMPANHAMENTO=\"PLE\",H25<>SUMPRODUCT(($Q$1:$AQ$1=1)*ROUND(Q25:AQ25,15))),\"►S\",IF(AND(COUNTIF($P$11:$AQ$11,\"▼\")=0,H25>0,I25=\"\"),\"◄M\",\"\")))))","v":""},"3. SAPATA",10,{"$f":"IF($D25<>\"Serviço\",\"\",\n          IF(AUTOEVENTO=\"manual\",$A25,\n                IF(ISERROR(MATCH($A25,$A$15:OFFSET($A25,-1,0),0)),MAX($M$15:OFFSET(M25,-1,0))+1,\n                      INDEX($M$15:OFFSET(M25,-1,0),MATCH($A25,$A$15:OFFSET($A25,-1,0),0)))))","v":3},{"$f":"IF($D25<>\"Serviço\",\"\",\n         IF(AUTOEVENTO=\"Manual\",\n                IF($A25=0,\"<-- defina o número do agrupador\",\n                       OFFSET(EVENTOS!$D$15,$A25-$A$15,0)),\n                OFFSET($F$15,$A25,0)))","v":"SAPATA"},null,null,4.68,4.68,4.68,4.68,4.68,null,null,null,null,null,null,null,null,null,null,null,null,null,null,null,null,null,null,null,null,null,null,{"$f":"IF(AND($D25=\"Serviço\",AR$12<>0,$H25>0,OR(AUTOEVENTO<>\"manual\",$M25<>$A$15)),\n        IF(Import.TipoArredondamento<>\"TransfereGOV\",\n              ROUND(OFFSET($P25,0,AR$13),15-13*ORÇAMENTO!$AF$7)/$H25*OFFSET(ORÇAMENTO!$X$15,ROW(AR25)-ROW(AR$15),0),\n              ROUND(ROUND(OFFSET($P25,0,AR$13),15-13*ORÇAMENTO!$AF$7)*OFFSET(ORÇAMENTO!$W$15,ROW(AR25)-ROW(AR$15),0),15-13*ORÇAMENTO!$AF$11)),\n         0)","v":39.729999999999997},{"$f":"IF(AND($D25=\"Serviço\",AS$12<>0,$H25>0,OR(AUTOEVENTO<>\"manual\",$M25<>$A$15)),\n        IF(Import.TipoArredondamento<>\"TransfereGOV\",\n              ROUND(OFFSET($P25,0,AS$13),15-13*ORÇAMENTO!$AF$7)/$H25*OFFSET(ORÇAMENTO!$X$15,ROW(AS25)-ROW(AS$15),0),\n              ROUND(ROUND(OFFSET($P25,0,AS$13),15-13*ORÇAMENTO!$AF$7)*OFFSET(ORÇAMENTO!$W$15,ROW(AS25)-ROW(AS$15),0),15-13*ORÇAMENTO!$AF$11)),\n         0)","v":39.729999999999997},{"$f":"IF(AND($D25=\"Serviço\",AT$12<>0,$H25>0,OR(AUTOEVENTO<>\"manual\",$M25<>$A$15)),\n        IF(Import.TipoArredondamento<>\"TransfereGOV\",\n              ROUND(OFFSET($P25,0,AT$13),15-13*ORÇAMENTO!$AF$7)/$H25*OFFSET(ORÇAMENTO!$X$15,ROW(AT25)-ROW(AT$15),0),\n              ROUND(ROUND(OFFSET($P25,0,AT$13),15-13*ORÇAMENTO!$AF$7)*OFFSET(ORÇAMENTO!$W$15,ROW(AT25)-ROW(AT$15),0),15-13*ORÇAMENTO!$AF$11)),\n         0)","v":39.729999999999997},{"$f":"IF(AND($D25=\"Serviço\",AU$12<>0,$H25>0,OR(AUTOEVENTO<>\"manual\",$M25<>$A$15)),\n        IF(Import.TipoArredondamento<>\"TransfereGOV\",\n              ROUND(OFFSET($P25,0,AU$13),15-13*ORÇAMENTO!$AF$7)/$H25*OFFSET(ORÇAMENTO!$X$15,ROW(AU25)-ROW(AU$15),0),\n              ROUND(ROUND(OFFSET($P25,0,AU$13),15-13*ORÇAMENTO!$AF$7)*OFFSET(ORÇAMENTO!$W$15,ROW(AU25)-ROW(AU$15),0),15-13*ORÇAMENTO!$AF$11)),\n         0)","v":39.729999999999997},{"$f":"IF(AND($D25=\"Serviço\",AV$12<>0,$H25>0,OR(AUTOEVENTO<>\"manual\",$M25<>$A$15)),\n        IF(Import.TipoArredondamento<>\"TransfereGOV\",\n              ROUND(OFFSET($P25,0,AV$13),15-13*ORÇAMENTO!$AF$7)/$H25*OFFSET(ORÇAMENTO!$X$15,ROW(AV25)-ROW(AV$15),0),\n              ROUND(ROUND(OFFSET($P25,0,AV$13),15-13*ORÇAMENTO!$AF$7)*OFFSET(ORÇAMENTO!$W$15,ROW(AV25)-ROW(AV$15),0),15-13*ORÇAMENTO!$AF$11)),\n         0)","v":39.729999999999997},{"$f":"IF(AND($D25=\"Serviço\",AW$12<>0,$H25>0,OR(AUTOEVENTO<>\"manual\",$M25<>$A$15)),\n        IF(Import.TipoArredondamento<>\"TransfereGOV\",\n              ROUND(OFFSET($P25,0,AW$13),15-13*ORÇAMENTO!$AF$7)/$H25*OFFSET(ORÇAMENTO!$X$15,ROW(AW25)-ROW(AW$15),0),\n              ROUND(ROUND(OFFSET($P25,0,AW$13),15-13*ORÇAMENTO!$AF$7)*OFFSET(ORÇAMENTO!$W$15,ROW(AW25)-ROW(AW$15),0),15-13*ORÇAMENTO!$AF$11)),\n         0)","v":0},{"$f":"IF(AND($D25=\"Serviço\",AX$12<>0,$H25>0,OR(AUTOEVENTO<>\"manual\",$M25<>$A$15)),\n        IF(Import.TipoArredondamento<>\"TransfereGOV\",\n              ROUND(OFFSET($P25,0,AX$13),15-13*ORÇAMENTO!$AF$7)/$H25*OFFSET(ORÇAMENTO!$X$15,ROW(AX25)-ROW(AX$15),0),\n              ROUND(ROUND(OFFSET($P25,0,AX$13),15-13*ORÇAMENTO!$AF$7)*OFFSET(ORÇAMENTO!$W$15,ROW(AX25)-ROW(AX$15),0),15-13*ORÇAMENTO!$AF$11)),\n         0)","v":0},{"$f":"IF(AND($D25=\"Serviço\",AY$12<>0,$H25>0,OR(AUTOEVENTO<>\"manual\",$M25<>$A$15)),\n        IF(Import.TipoArredondamento<>\"TransfereGOV\",\n              ROUND(OFFSET($P25,0,AY$13),15-13*ORÇAMENTO!$AF$7)/$H25*OFFSET(ORÇAMENTO!$X$15,ROW(AY25)-ROW(AY$15),0),\n              ROUND(ROUND(OFFSET($P25,0,AY$13),15-13*ORÇAMENTO!$AF$7)*OFFSET(ORÇAMENTO!$W$15,ROW(AY25)-ROW(AY$15),0),15-13*ORÇAMENTO!$AF$11)),\n         0)","v":0},{"$f":"IF(AND($D25=\"Serviço\",AZ$12<>0,$H25>0,OR(AUTOEVENTO<>\"manual\",$M25<>$A$15)),\n        IF(Import.TipoArredondamento<>\"TransfereGOV\",\n              ROUND(OFFSET($P25,0,AZ$13),15-13*ORÇAMENTO!$AF$7)/$H25*OFFSET(ORÇAMENTO!$X$15,ROW(AZ25)-ROW(AZ$15),0),\n              ROUND(ROUND(OFFSET($P25,0,AZ$13),15-13*ORÇAMENTO!$AF$7)*OFFSET(ORÇAMENTO!$W$15,ROW(AZ25)-ROW(AZ$15),0),15-13*ORÇAMENTO!$AF$11)),\n         0)","v":0},{"$f":"IF(AND($D25=\"Serviço\",BA$12<>0,$H25>0,OR(AUTOEVENTO<>\"manual\",$M25<>$A$15)),\n        IF(Import.TipoArredondamento<>\"TransfereGOV\",\n              ROUND(OFFSET($P25,0,BA$13),15-13*ORÇAMENTO!$AF$7)/$H25*OFFSET(ORÇAMENTO!$X$15,ROW(BA25)-ROW(BA$15),0),\n              ROUND(ROUND(OFFSET($P25,0,BA$13),15-13*ORÇAMENTO!$AF$7)*OFFSET(ORÇAMENTO!$W$15,ROW(BA25)-ROW(BA$15),0),15-13*ORÇAMENTO!$AF$11)),\n         0)","v":0},{"$f":"IF(AND($D25=\"Serviço\",BB$12<>0,$H25>0,OR(AUTOEVENTO<>\"manual\",$M25<>$A$15)),\n        IF(Import.TipoArredondamento<>\"TransfereGOV\",\n              ROUND(OFFSET($P25,0,BB$13),15-13*ORÇAMENTO!$AF$7)/$H25*OFFSET(ORÇAMENTO!$X$15,ROW(BB25)-ROW(BB$15),0),\n              ROUND(ROUND(OFFSET($P25,0,BB$13),15-13*ORÇAMENTO!$AF$7)*OFFSET(ORÇAMENTO!$W$15,ROW(BB25)-ROW(BB$15),0),15-13*ORÇAMENTO!$AF$11)),\n         0)","v":0},{"$f":"IF(AND($D25=\"Serviço\",BC$12<>0,$H25>0,OR(AUTOEVENTO<>\"manual\",$M25<>$A$15)),\n        IF(Import.TipoArredondamento<>\"TransfereGOV\",\n              ROUND(OFFSET($P25,0,BC$13),15-13*ORÇAMENTO!$AF$7)/$H25*OFFSET(ORÇAMENTO!$X$15,ROW(BC25)-ROW(BC$15),0),\n              ROUND(ROUND(OFFSET($P25,0,BC$13),15-13*ORÇAMENTO!$AF$7)*OFFSET(ORÇAMENTO!$W$15,ROW(BC25)-ROW(BC$15),0),15-13*ORÇAMENTO!$AF$11)),\n         0)","v":0},{"$f":"IF(AND($D25=\"Serviço\",BD$12<>0,$H25>0,OR(AUTOEVENTO<>\"manual\",$M25<>$A$15)),\n        IF(Import.TipoArredondamento<>\"TransfereGOV\",\n              ROUND(OFFSET($P25,0,BD$13),15-13*ORÇAMENTO!$AF$7)/$H25*OFFSET(ORÇAMENTO!$X$15,ROW(BD25)-ROW(BD$15),0),\n              ROUND(ROUND(OFFSET($P25,0,BD$13),15-13*ORÇAMENTO!$AF$7)*OFFSET(ORÇAMENTO!$W$15,ROW(BD25)-ROW(BD$15),0),15-13*ORÇAMENTO!$AF$11)),\n         0)","v":0},{"$f":"IF(AND($D25=\"Serviço\",BE$12<>0,$H25>0,OR(AUTOEVENTO<>\"manual\",$M25<>$A$15)),\n        IF(Import.TipoArredondamento<>\"TransfereGOV\",\n              ROUND(OFFSET($P25,0,BE$13),15-13*ORÇAMENTO!$AF$7)/$H25*OFFSET(ORÇAMENTO!$X$15,ROW(BE25)-ROW(BE$15),0),\n              ROUND(ROUND(OFFSET($P25,0,BE$13),15-13*ORÇAMENTO!$AF$7)*OFFSET(ORÇAMENTO!$W$15,ROW(BE25)-ROW(BE$15),0),15-13*ORÇAMENTO!$AF$11)),\n         0)","v":0},{"$f":"IF(AND($D25=\"Serviço\",BF$12<>0,$H25>0,OR(AUTOEVENTO<>\"manual\",$M25<>$A$15)),\n        IF(Import.TipoArredondamento<>\"TransfereGOV\",\n              ROUND(OFFSET($P25,0,BF$13),15-13*ORÇAMENTO!$AF$7)/$H25*OFFSET(ORÇAMENTO!$X$15,ROW(BF25)-ROW(BF$15),0),\n              ROUND(ROUND(OFFSET($P25,0,BF$13),15-13*ORÇAMENTO!$AF$7)*OFFSET(ORÇAMENTO!$W$15,ROW(BF25)-ROW(BF$15),0),15-13*ORÇAMENTO!$AF$11)),\n         0)","v":0},{"$f":"IF(AND($D25=\"Serviço\",BG$12<>0,$H25>0,OR(AUTOEVENTO<>\"manual\",$M25<>$A$15)),\n        IF(Import.TipoArredondamento<>\"TransfereGOV\",\n              ROUND(OFFSET($P25,0,BG$13),15-13*ORÇAMENTO!$AF$7)/$H25*OFFSET(ORÇAMENTO!$X$15,ROW(BG25)-ROW(BG$15),0),\n              ROUND(ROUND(OFFSET($P25,0,BG$13),15-13*ORÇAMENTO!$AF$7)*OFFSET(ORÇAMENTO!$W$15,ROW(BG25)-ROW(BG$15),0),15-13*ORÇAMENTO!$AF$11)),\n         0)","v":0},{"$f":"IF(AND($D25=\"Serviço\",BH$12<>0,$H25>0,OR(AUTOEVENTO<>\"manual\",$M25<>$A$15)),\n        IF(Import.TipoArredondamento<>\"TransfereGOV\",\n              ROUND(OFFSET($P25,0,BH$13),15-13*ORÇAMENTO!$AF$7)/$H25*OFFSET(ORÇAMENTO!$X$15,ROW(BH25)-ROW(BH$15),0),\n              ROUND(ROUND(OFFSET($P25,0,BH$13),15-13*ORÇAMENTO!$AF$7)*OFFSET(ORÇAMENTO!$W$15,ROW(BH25)-ROW(BH$15),0),15-13*ORÇAMENTO!$AF$11)),\n         0)","v":0},{"$f":"IF(AND($D25=\"Serviço\",BI$12<>0,$H25>0,OR(AUTOEVENTO<>\"manual\",$M25<>$A$15)),\n        IF(Import.TipoArredondamento<>\"TransfereGOV\",\n              ROUND(OFFSET($P25,0,BI$13),15-13*ORÇAMENTO!$AF$7)/$H25*OFFSET(ORÇAMENTO!$X$15,ROW(BI25)-ROW(BI$15),0),\n              ROUND(ROUND(OFFSET($P25,0,BI$13),15-13*ORÇAMENTO!$AF$7)*OFFSET(ORÇAMENTO!$W$15,ROW(BI25)-ROW(BI$15),0),15-13*ORÇAMENTO!$AF$11)),\n         0)","v":0},{"$f":"IF(AND($D25=\"Serviço\",BJ$12<>0,$H25>0,OR(AUTOEVENTO<>\"manual\",$M25<>$A$15)),\n        IF(Import.TipoArredondamento<>\"TransfereGOV\",\n              ROUND(OFFSET($P25,0,BJ$13),15-13*ORÇAMENTO!$AF$7)/$H25*OFFSET(ORÇAMENTO!$X$15,ROW(BJ25)-ROW(BJ$15),0),\n              ROUND(ROUND(OFFSET($P25,0,BJ$13),15-13*ORÇAMENTO!$AF$7)*OFFSET(ORÇAMENTO!$W$15,ROW(BJ25)-ROW(BJ$15),0),15-13*ORÇAMENTO!$AF$11)),\n         0)","v":0},{"$f":"IF(AND($D25=\"Serviço\",BK$12<>0,$H25>0,OR(AUTOEVENTO<>\"manual\",$M25<>$A$15)),\n        IF(Import.TipoArredondamento<>\"TransfereGOV\",\n              ROUND(OFFSET($P25,0,BK$13),15-13*ORÇAMENTO!$AF$7)/$H25*OFFSET(ORÇAMENTO!$X$15,ROW(BK25)-ROW(BK$15),0),\n              ROUND(ROUND(OFFSET($P25,0,BK$13),15-13*ORÇAMENTO!$AF$7)*OFFSET(ORÇAMENTO!$W$15,ROW(BK25)-ROW(BK$15),0),15-13*ORÇAMENTO!$AF$11)),\n         0)","v":0},{"$f":"IF(AND($D25=\"Serviço\",BL$12<>0,$H25>0,OR(AUTOEVENTO<>\"manual\",$M25<>$A$15)),\n        IF(Import.TipoArredondamento<>\"TransfereGOV\",\n              ROUND(OFFSET($P25,0,BL$13),15-13*ORÇAMENTO!$AF$7)/$H25*OFFSET(ORÇAMENTO!$X$15,ROW(BL25)-ROW(BL$15),0),\n              ROUND(ROUND(OFFSET($P25,0,BL$13),15-13*ORÇAMENTO!$AF$7)*OFFSET(ORÇAMENTO!$W$15,ROW(BL25)-ROW(BL$15),0),15-13*ORÇAMENTO!$AF$11)),\n         0)","v":0},{"$f":"IF(AND($D25=\"Serviço\",BM$12<>0,$H25>0,OR(AUTOEVENTO<>\"manual\",$M25<>$A$15)),\n        IF(Import.TipoArredondamento<>\"TransfereGOV\",\n              ROUND(OFFSET($P25,0,BM$13),15-13*ORÇAMENTO!$AF$7)/$H25*OFFSET(ORÇAMENTO!$X$15,ROW(BM25)-ROW(BM$15),0),\n              ROUND(ROUND(OFFSET($P25,0,BM$13),15-13*ORÇAMENTO!$AF$7)*OFFSET(ORÇAMENTO!$W$15,ROW(BM25)-ROW(BM$15),0),15-13*ORÇAMENTO!$AF$11)),\n         0)","v":0},{"$f":"IF(AND($D25=\"Serviço\",BN$12<>0,$H25>0,OR(AUTOEVENTO<>\"manual\",$M25<>$A$15)),\n        IF(Import.TipoArredondamento<>\"TransfereGOV\",\n              ROUND(OFFSET($P25,0,BN$13),15-13*ORÇAMENTO!$AF$7)/$H25*OFFSET(ORÇAMENTO!$X$15,ROW(BN25)-ROW(BN$15),0),\n              ROUND(ROUND(OFFSET($P25,0,BN$13),15-13*ORÇAMENTO!$AF$7)*OFFSET(ORÇAMENTO!$W$15,ROW(BN25)-ROW(BN$15),0),15-13*ORÇAMENTO!$AF$11)),\n         0)","v":0},{"$f":"IF(AND($D25=\"Serviço\",BO$12<>0,$H25>0,OR(AUTOEVENTO<>\"manual\",$M25<>$A$15)),\n        IF(Import.TipoArredondamento<>\"TransfereGOV\",\n              ROUND(OFFSET($P25,0,BO$13),15-13*ORÇAMENTO!$AF$7)/$H25*OFFSET(ORÇAMENTO!$X$15,ROW(BO25)-ROW(BO$15),0),\n              ROUND(ROUND(OFFSET($P25,0,BO$13),15-13*ORÇAMENTO!$AF$7)*OFFSET(ORÇAMENTO!$W$15,ROW(BO25)-ROW(BO$15),0),15-13*ORÇAMENTO!$AF$11)),\n         0)","v":0},{"$f":"IF(AND($D25=\"Serviço\",BP$12<>0,$H25>0,OR(AUTOEVENTO<>\"manual\",$M25<>$A$15)),\n        IF(Import.TipoArredondamento<>\"TransfereGOV\",\n              ROUND(OFFSET($P25,0,BP$13),15-13*ORÇAMENTO!$AF$7)/$H25*OFFSET(ORÇAMENTO!$X$15,ROW(BP25)-ROW(BP$15),0),\n              ROUND(ROUND(OFFSET($P25,0,BP$13),15-13*ORÇAMENTO!$AF$7)*OFFSET(ORÇAMENTO!$W$15,ROW(BP25)-ROW(BP$15),0),15-13*ORÇAMENTO!$AF$11)),\n         0)","v":0},{"$f":"IF(AND($D25=\"Serviço\",BQ$12<>0,$H25>0,OR(AUTOEVENTO<>\"manual\",$M25<>$A$15)),\n        IF(Import.TipoArredondamento<>\"TransfereGOV\",\n              ROUND(OFFSET($P25,0,BQ$13),15-13*ORÇAMENTO!$AF$7)/$H25*OFFSET(ORÇAMENTO!$X$15,ROW(BQ25)-ROW(BQ$15),0),\n              ROUND(ROUND(OFFSET($P25,0,BQ$13),15-13*ORÇAMENTO!$AF$7)*OFFSET(ORÇAMENTO!$W$15,ROW(BQ25)-ROW(BQ$15),0),15-13*ORÇAMENTO!$AF$11)),\n         0)","v":0},null,{"$f":"IF(OR($D25<>\"Serviço\",AND(AUTOEVENTO=\"Manual\",$M25=$A$15)),0,\n         IF(OFFSET(CRONOPLE!$F$15,$M25-$A$15,BS$13)=0,10^12,OFFSET(CRONOPLE!$F$15,$M25-$A$15,BS$13)))","v":1},{"$f":"IF(OR($D25<>\"Serviço\",AND(AUTOEVENTO=\"Manual\",$M25=$A$15)),0,\n         IF(OFFSET(CRONOPLE!$F$15,$M25-$A$15,BT$13)=0,10^12,OFFSET(CRONOPLE!$F$15,$M25-$A$15,BT$13)))","v":1},{"$f":"IF(OR($D25<>\"Serviço\",AND(AUTOEVENTO=\"Manual\",$M25=$A$15)),0,\n         IF(OFFSET(CRONOPLE!$F$15,$M25-$A$15,BU$13)=0,10^12,OFFSET(CRONOPLE!$F$15,$M25-$A$15,BU$13)))","v":1},{"$f":"IF(OR($D25<>\"Serviço\",AND(AUTOEVENTO=\"Manual\",$M25=$A$15)),0,\n         IF(OFFSET(CRONOPLE!$F$15,$M25-$A$15,BV$13)=0,10^12,OFFSET(CRONOPLE!$F$15,$M25-$A$15,BV$13)))","v":1},{"$f":"IF(OR($D25<>\"Serviço\",AND(AUTOEVENTO=\"Manual\",$M25=$A$15)),0,\n         IF(OFFSET(CRONOPLE!$F$15,$M25-$A$15,BW$13)=0,10^12,OFFSET(CRONOPLE!$F$15,$M25-$A$15,BW$13)))","v":1},{"$f":"IF(OR($D25<>\"Serviço\",AND(AUTOEVENTO=\"Manual\",$M25=$A$15)),0,\n         IF(OFFSET(CRONOPLE!$F$15,$M25-$A$15,BX$13)=0,10^12,OFFSET(CRONOPLE!$F$15,$M25-$A$15,BX$13)))","v":1},{"$f":"IF(OR($D25<>\"Serviço\",AND(AUTOEVENTO=\"Manual\",$M25=$A$15)),0,\n         IF(OFFSET(CRONOPLE!$F$15,$M25-$A$15,BY$13)=0,10^12,OFFSET(CRONOPLE!$F$15,$M25-$A$15,BY$13)))","v":1},{"$f":"IF(OR($D25<>\"Serviço\",AND(AUTOEVENTO=\"Manual\",$M25=$A$15)),0,\n         IF(OFFSET(CRONOPLE!$F$15,$M25-$A$15,BZ$13)=0,10^12,OFFSET(CRONOPLE!$F$15,$M25-$A$15,BZ$13)))","v":7},{"$f":"IF(OR($D25<>\"Serviço\",AND(AUTOEVENTO=\"Manual\",$M25=$A$15)),0,\n         IF(OFFSET(CRONOPLE!$F$15,$M25-$A$15,CA$13)=0,10^12,OFFSET(CRONOPLE!$F$15,$M25-$A$15,CA$13)))","v":7},{"$f":"IF(OR($D25<>\"Serviço\",AND(AUTOEVENTO=\"Manual\",$M25=$A$15)),0,\n         IF(OFFSET(CRONOPLE!$F$15,$M25-$A$15,CB$13)=0,10^12,OFFSET(CRONOPLE!$F$15,$M25-$A$15,CB$13)))","v":7},{"$f":"IF(OR($D25<>\"Serviço\",AND(AUTOEVENTO=\"Manual\",$M25=$A$15)),0,\n         IF(OFFSET(CRONOPLE!$F$15,$M25-$A$15,CC$13)=0,10^12,OFFSET(CRONOPLE!$F$15,$M25-$A$15,CC$13)))","v":13},{"$f":"IF(OR($D25<>\"Serviço\",AND(AUTOEVENTO=\"Manual\",$M25=$A$15)),0,\n         IF(OFFSET(CRONOPLE!$F$15,$M25-$A$15,CD$13)=0,10^12,OFFSET(CRONOPLE!$F$15,$M25-$A$15,CD$13)))","v":13},{"$f":"IF(OR($D25<>\"Serviço\",AND(AUTOEVENTO=\"Manual\",$M25=$A$15)),0,\n         IF(OFFSET(CRONOPLE!$F$15,$M25-$A$15,CE$13)=0,10^12,OFFSET(CRONOPLE!$F$15,$M25-$A$15,CE$13)))","v":13},{"$f":"IF(OR($D25<>\"Serviço\",AND(AUTOEVENTO=\"Manual\",$M25=$A$15)),0,\n         IF(OFFSET(CRONOPLE!$F$15,$M25-$A$15,CF$13)=0,10^12,OFFSET(CRONOPLE!$F$15,$M25-$A$15,CF$13)))","v":13},{"$f":"IF(OR($D25<>\"Serviço\",AND(AUTOEVENTO=\"Manual\",$M25=$A$15)),0,\n         IF(OFFSET(CRONOPLE!$F$15,$M25-$A$15,CG$13)=0,10^12,OFFSET(CRONOPLE!$F$15,$M25-$A$15,CG$13)))","v":13},{"$f":"IF(OR($D25<>\"Serviço\",AND(AUTOEVENTO=\"Manual\",$M25=$A$15)),0,\n         IF(OFFSET(CRONOPLE!$F$15,$M25-$A$15,CH$13)=0,10^12,OFFSET(CRONOPLE!$F$15,$M25-$A$15,CH$13)))","v":19},{"$f":"IF(OR($D25<>\"Serviço\",AND(AUTOEVENTO=\"Manual\",$M25=$A$15)),0,\n         IF(OFFSET(CRONOPLE!$F$15,$M25-$A$15,CI$13)=0,10^12,OFFSET(CRONOPLE!$F$15,$M25-$A$15,CI$13)))","v":19},{"$f":"IF(OR($D25<>\"Serviço\",AND(AUTOEVENTO=\"Manual\",$M25=$A$15)),0,\n         IF(OFFSET(CRONOPLE!$F$15,$M25-$A$15,CJ$13)=0,10^12,OFFSET(CRONOPLE!$F$15,$M25-$A$15,CJ$13)))","v":19},{"$f":"IF(OR($D25<>\"Serviço\",AND(AUTOEVENTO=\"Manual\",$M25=$A$15)),0,\n         IF(OFFSET(CRONOPLE!$F$15,$M25-$A$15,CK$13)=0,10^12,OFFSET(CRONOPLE!$F$15,$M25-$A$15,CK$13)))","v":19},{"$f":"IF(OR($D25<>\"Serviço\",AND(AUTOEVENTO=\"Manual\",$M25=$A$15)),0,\n         IF(OFFSET(CRONOPLE!$F$15,$M25-$A$15,CL$13)=0,10^12,OFFSET(CRONOPLE!$F$15,$M25-$A$15,CL$13)))","v":19},{"$f":"IF(OR($D25<>\"Serviço\",AND(AUTOEVENTO=\"Manual\",$M25=$A$15)),0,\n         IF(OFFSET(CRONOPLE!$F$15,$M25-$A$15,CM$13)=0,10^12,OFFSET(CRONOPLE!$F$15,$M25-$A$15,CM$13)))","v":1000000000000},{"$f":"IF(OR($D25<>\"Serviço\",AND(AUTOEVENTO=\"Manual\",$M25=$A$15)),0,\n         IF(OFFSET(CRONOPLE!$F$15,$M25-$A$15,CN$13)=0,10^12,OFFSET(CRONOPLE!$F$15,$M25-$A$15,CN$13)))","v":1000000000000},{"$f":"IF(OR($D25<>\"Serviço\",AND(AUTOEVENTO=\"Manual\",$M25=$A$15)),0,\n         IF(OFFSET(CRONOPLE!$F$15,$M25-$A$15,CO$13)=0,10^12,OFFSET(CRONOPLE!$F$15,$M25-$A$15,CO$13)))","v":1000000000000},{"$f":"IF(OR($D25<>\"Serviço\",AND(AUTOEVENTO=\"Manual\",$M25=$A$15)),0,\n         IF(OFFSET(CRONOPLE!$F$15,$M25-$A$15,CP$13)=0,10^12,OFFSET(CRONOPLE!$F$15,$M25-$A$15,CP$13)))","v":1000000000000},{"$f":"IF(OR($D25<>\"Serviço\",AND(AUTOEVENTO=\"Manual\",$M25=$A$15)),0,\n         IF(OFFSET(CRONOPLE!$F$15,$M25-$A$15,CQ$13)=0,10^12,OFFSET(CRONOPLE!$F$15,$M25-$A$15,CQ$13)))","v":1000000000000},{"$f":"IF(OR($D25<>\"Serviço\",AND(AUTOEVENTO=\"Manual\",$M25=$A$15)),0,\n         IF(OFFSET(CRONOPLE!$F$15,$M25-$A$15,CR$13)=0,10^12,OFFSET(CRONOPLE!$F$15,$M25-$A$15,CR$13)))","v":1000000000000},null,{"$f":"IF(OR($D25<>\"Serviço\",AND(AUTOEVENTO=\"Manual\",$M25=$A$15),$M25>(ROW(PLE.lastrow)-ROW(PLE.firstrow))),0,\n           IF(OFFSET(PLE!$G$15,$M25-$A$15,CT$13)=\"\",10^12,OFFSET(PLE!$G$15,$M25-$A$15,CT$13)))","v":1000000000000},{"$f":"IF(OR($D25<>\"Serviço\",AND(AUTOEVENTO=\"Manual\",$M25=$A$15),$M25>(ROW(PLE.lastrow)-ROW(PLE.firstrow))),0,\n           IF(OFFSET(PLE!$G$15,$M25-$A$15,CU$13)=\"\",10^12,OFFSET(PLE!$G$15,$M25-$A$15,CU$13)))","v":1000000000000},{"$f":"IF(OR($D25<>\"Serviço\",AND(AUTOEVENTO=\"Manual\",$M25=$A$15),$M25>(ROW(PLE.lastrow)-ROW(PLE.firstrow))),0,\n           IF(OFFSET(PLE!$G$15,$M25-$A$15,CV$13)=\"\",10^12,OFFSET(PLE!$G$15,$M25-$A$15,CV$13)))","v":1000000000000},{"$f":"IF(OR($D25<>\"Serviço\",AND(AUTOEVENTO=\"Manual\",$M25=$A$15),$M25>(ROW(PLE.lastrow)-ROW(PLE.firstrow))),0,\n           IF(OFFSET(PLE!$G$15,$M25-$A$15,CW$13)=\"\",10^12,OFFSET(PLE!$G$15,$M25-$A$15,CW$13)))","v":1000000000000},{"$f":"IF(OR($D25<>\"Serviço\",AND(AUTOEVENTO=\"Manual\",$M25=$A$15),$M25>(ROW(PLE.lastrow)-ROW(PLE.firstrow))),0,\n           IF(OFFSET(PLE!$G$15,$M25-$A$15,CX$13)=\"\",10^12,OFFSET(PLE!$G$15,$M25-$A$15,CX$13)))","v":1000000000000},{"$f":"IF(OR($D25<>\"Serviço\",AND(AUTOEVENTO=\"Manual\",$M25=$A$15),$M25>(ROW(PLE.lastrow)-ROW(PLE.firstrow))),0,\n           IF(OFFSET(PLE!$G$15,$M25-$A$15,CY$13)=\"\",10^12,OFFSET(PLE!$G$15,$M25-$A$15,CY$13)))","v":1000000000000},{"$f":"IF(OR($D25<>\"Serviço\",AND(AUTOEVENTO=\"Manual\",$M25=$A$15),$M25>(ROW(PLE.lastrow)-ROW(PLE.firstrow))),0,\n           IF(OFFSET(PLE!$G$15,$M25-$A$15,CZ$13)=\"\",10^12,OFFSET(PLE!$G$15,$M25-$A$15,CZ$13)))","v":1000000000000},{"$f":"IF(OR($D25<>\"Serviço\",AND(AUTOEVENTO=\"Manual\",$M25=$A$15),$M25>(ROW(PLE.lastrow)-ROW(PLE.firstrow))),0,\n           IF(OFFSET(PLE!$G$15,$M25-$A$15,DA$13)=\"\",10^12,OFFSET(PLE!$G$15,$M25-$A$15,DA$13)))","v":1000000000000},{"$f":"IF(OR($D25<>\"Serviço\",AND(AUTOEVENTO=\"Manual\",$M25=$A$15),$M25>(ROW(PLE.lastrow)-ROW(PLE.firstrow))),0,\n           IF(OFFSET(PLE!$G$15,$M25-$A$15,DB$13)=\"\",10^12,OFFSET(PLE!$G$15,$M25-$A$15,DB$13)))","v":1000000000000},{"$f":"IF(OR($D25<>\"Serviço\",AND(AUTOEVENTO=\"Manual\",$M25=$A$15),$M25>(ROW(PLE.lastrow)-ROW(PLE.firstrow))),0,\n           IF(OFFSET(PLE!$G$15,$M25-$A$15,DC$13)=\"\",10^12,OFFSET(PLE!$G$15,$M25-$A$15,DC$13)))","v":1000000000000},{"$f":"IF(OR($D25<>\"Serviço\",AND(AUTOEVENTO=\"Manual\",$M25=$A$15),$M25>(ROW(PLE.lastrow)-ROW(PLE.firstrow))),0,\n           IF(OFFSET(PLE!$G$15,$M25-$A$15,DD$13)=\"\",10^12,OFFSET(PLE!$G$15,$M25-$A$15,DD$13)))","v":1000000000000},{"$f":"IF(OR($D25<>\"Serviço\",AND(AUTOEVENTO=\"Manual\",$M25=$A$15),$M25>(ROW(PLE.lastrow)-ROW(PLE.firstrow))),0,\n           IF(OFFSET(PLE!$G$15,$M25-$A$15,DE$13)=\"\",10^12,OFFSET(PLE!$G$15,$M25-$A$15,DE$13)))","v":1000000000000},{"$f":"IF(OR($D25<>\"Serviço\",AND(AUTOEVENTO=\"Manual\",$M25=$A$15),$M25>(ROW(PLE.lastrow)-ROW(PLE.firstrow))),0,\n           IF(OFFSET(PLE!$G$15,$M25-$A$15,DF$13)=\"\",10^12,OFFSET(PLE!$G$15,$M25-$A$15,DF$13)))","v":1000000000000},{"$f":"IF(OR($D25<>\"Serviço\",AND(AUTOEVENTO=\"Manual\",$M25=$A$15),$M25>(ROW(PLE.lastrow)-ROW(PLE.firstrow))),0,\n           IF(OFFSET(PLE!$G$15,$M25-$A$15,DG$13)=\"\",10^12,OFFSET(PLE!$G$15,$M25-$A$15,DG$13)))","v":1000000000000},{"$f":"IF(OR($D25<>\"Serviço\",AND(AUTOEVENTO=\"Manual\",$M25=$A$15),$M25>(ROW(PLE.lastrow)-ROW(PLE.firstrow))),0,\n           IF(OFFSET(PLE!$G$15,$M25-$A$15,DH$13)=\"\",10^12,OFFSET(PLE!$G$15,$M25-$A$15,DH$13)))","v":1000000000000},{"$f":"IF(OR($D25<>\"Serviço\",AND(AUTOEVENTO=\"Manual\",$M25=$A$15),$M25>(ROW(PLE.lastrow)-ROW(PLE.firstrow))),0,\n           IF(OFFSET(PLE!$G$15,$M25-$A$15,DI$13)=\"\",10^12,OFFSET(PLE!$G$15,$M25-$A$15,DI$13)))","v":1000000000000},{"$f":"IF(OR($D25<>\"Serviço\",AND(AUTOEVENTO=\"Manual\",$M25=$A$15),$M25>(ROW(PLE.lastrow)-ROW(PLE.firstrow))),0,\n           IF(OFFSET(PLE!$G$15,$M25-$A$15,DJ$13)=\"\",10^12,OFFSET(PLE!$G$15,$M25-$A$15,DJ$13)))","v":1000000000000},{"$f":"IF(OR($D25<>\"Serviço\",AND(AUTOEVENTO=\"Manual\",$M25=$A$15),$M25>(ROW(PLE.lastrow)-ROW(PLE.firstrow))),0,\n           IF(OFFSET(PLE!$G$15,$M25-$A$15,DK$13)=\"\",10^12,OFFSET(PLE!$G$15,$M25-$A$15,DK$13)))","v":1000000000000},{"$f":"IF(OR($D25<>\"Serviço\",AND(AUTOEVENTO=\"Manual\",$M25=$A$15),$M25>(ROW(PLE.lastrow)-ROW(PLE.firstrow))),0,\n           IF(OFFSET(PLE!$G$15,$M25-$A$15,DL$13)=\"\",10^12,OFFSET(PLE!$G$15,$M25-$A$15,DL$13)))","v":1000000000000},{"$f":"IF(OR($D25<>\"Serviço\",AND(AUTOEVENTO=\"Manual\",$M25=$A$15),$M25>(ROW(PLE.lastrow)-ROW(PLE.firstrow))),0,\n           IF(OFFSET(PLE!$G$15,$M25-$A$15,DM$13)=\"\",10^12,OFFSET(PLE!$G$15,$M25-$A$15,DM$13)))","v":1000000000000},{"$f":"IF(OR($D25<>\"Serviço\",AND(AUTOEVENTO=\"Manual\",$M25=$A$15),$M25>(ROW(PLE.lastrow)-ROW(PLE.firstrow))),0,\n           IF(OFFSET(PLE!$G$15,$M25-$A$15,DN$13)=\"\",10^12,OFFSET(PLE!$G$15,$M25-$A$15,DN$13)))","v":1000000000000},{"$f":"IF(OR($D25<>\"Serviço\",AND(AUTOEVENTO=\"Manual\",$M25=$A$15),$M25>(ROW(PLE.lastrow)-ROW(PLE.firstrow))),0,\n           IF(OFFSET(PLE!$G$15,$M25-$A$15,DO$13)=\"\",10^12,OFFSET(PLE!$G$15,$M25-$A$15,DO$13)))","v":1000000000000},{"$f":"IF(OR($D25<>\"Serviço\",AND(AUTOEVENTO=\"Manual\",$M25=$A$15),$M25>(ROW(PLE.lastrow)-ROW(PLE.firstrow))),0,\n           IF(OFFSET(PLE!$G$15,$M25-$A$15,DP$13)=\"\",10^12,OFFSET(PLE!$G$15,$M25-$A$15,DP$13)))","v":1000000000000},{"$f":"IF(OR($D25<>\"Serviço\",AND(AUTOEVENTO=\"Manual\",$M25=$A$15),$M25>(ROW(PLE.lastrow)-ROW(PLE.firstrow))),0,\n           IF(OFFSET(PLE!$G$15,$M25-$A$15,DQ$13)=\"\",10^12,OFFSET(PLE!$G$15,$M25-$A$15,DQ$13)))","v":1000000000000},{"$f":"IF(OR($D25<>\"Serviço\",AND(AUTOEVENTO=\"Manual\",$M25=$A$15),$M25>(ROW(PLE.lastrow)-ROW(PLE.firstrow))),0,\n           IF(OFFSET(PLE!$G$15,$M25-$A$15,DR$13)=\"\",10^12,OFFSET(PLE!$G$15,$M25-$A$15,DR$13)))","v":1000000000000},{"$f":"IF(OR($D25<>\"Serviço\",AND(AUTOEVENTO=\"Manual\",$M25=$A$15),$M25>(ROW(PLE.lastrow)-ROW(PLE.firstrow))),0,\n           IF(OFFSET(PLE!$G$15,$M25-$A$15,DS$13)=\"\",10^12,OFFSET(PLE!$G$15,$M25-$A$15,DS$13)))","v":1000000000000}]
["8",{"$f":"OFFSET(ORÇAMENTO!C$15,$L26,0)","v":"S"},{"$f":"OFFSET(ORÇAMENTO!L$15,$L26,0)","v":"F"},{"$f":"OFFSET(ORÇAMENTO!N$15,$L26,0)","v":"Serviço"},{"$f":"OFFSET(ORÇAMENTO!O$15,$L26,0)","v":"1.3.1.1.3."},{"$f":"OFFSET(ORÇAMENTO!R$15,$L26,0)","v":"LASTRO DE CONCRETO MAGRO, APLICADO EM BLOCOS DE COROAMENTO OU SAPATAS, ESPESSURA DE 5 CM. AF_01/2024"},{"$f":"IF($D26<>\"Serviço\",\"\",OFFSET(ORÇAMENTO!S$15,$L26,0))","v":"M2"},{"$f":"IF($D26<>\"Serviço\",0,IF(ACOMPANHAMENTO=\"BM\",ROUND(OFFSET(ORÇAMENTO!AJ$15,$L26,0),15-13*ORÇAMENTO!$AF$7),IF(IFERROR(CÁLCULO.FrentesPreenchidas,0)=0,0,SUM(ROUND(OFFSET($P26,0,1,1,CÁLCULO.FrentesPreenchidas),15-13*ORÇAMENTO!$AF$7)))))","v":23.4},"Conforme modelo disponibilizado pela CAIXA",{"$f":"IF(OR(B26<>\"S\",CÁLCULO.FrentesPreenchidas=0),\"\",IF(AND(ACOMPANHAMENTO=\"PLE\",AUTOEVENTO=\"Manual\",OR(H26>0,ORÇAMENTO!AC26=\"QUANT.\"),OR(K26=\"\",M26=0,N26=\"\")),\"►E\",IF(AND(ACOMPANHAMENTO=\"PLE\",ORÇAMENTO!AC26=\"QUANT.\"),\"►Q\",IF(AND(ACOMPANHAMENTO=\"PLE\",H26<>SUMPRODUCT(($Q$1:$AQ$1=1)*ROUND(Q26:AQ26,15))),\"►S\",IF(AND(COUNTIF($P$11:$AQ$11,\"▼\")=0,H26>0,I26=\"\"),\"◄M\",\"\")))))","v":""},"3. SAPATA",11,{"$f":"IF($D26<>\"Serviço\",\"\",\n          IF(AUTOEVENTO=\"manual\",$A26,\n                IF(ISERROR(MATCH($A26,$A$15:OFFSET($A26,-1,0),0)),MAX($M$15:OFFSET(M26,-1,0))+1,\n                      INDEX($M$15:OFFSET(M26,-1,0),MATCH($A26,$A$15:OFFSET($A26,-1,0),0)))))","v":3},{"$f":"IF($D26<>\"Serviço\",\"\",\n         IF(AUTOEVENTO=\"Manual\",\n                IF($A26=0,\"<-- defina o número do agrupador\",\n                       OFFSET(EVENTOS!$D$15,$A26-$A$15,0)),\n                OFFSET($F$15,$A26,0)))","v":"SAPATA"},null,null,4.68,4.68,4.68,4.68,4.68,null,null,null,null,null,null,null,null,null,null,null,null,null,null,null,null,null,null,null,null,null,null,{"$f":"IF(AND($D26=\"Serviço\",AR$12<>0,$H26>0,OR(AUTOEVENTO<>\"manual\",$M26<>$A$15)),\n        IF(Import.TipoArredondamento<>\"TransfereGOV\",\n              ROUND(OFFSET($P26,0,AR$13),15-13*ORÇAMENTO!$AF$7)/$H26*OFFSET(ORÇAMENTO!$X$15,ROW(AR26)-ROW(AR$15),0),\n              ROUND(ROUND(OFFSET($P26,0,AR$13),15-13*ORÇAMENTO!$AF$7)*OFFSET(ORÇAMENTO!$W$15,ROW(AR26)-ROW(AR$15),0),15-13*ORÇAMENTO!$AF$11)),\n         0)","v":211.44},{"$f":"IF(AND($D26=\"Serviço\",AS$12<>0,$H26>0,OR(AUTOEVENTO<>\"manual\",$M26<>$A$15)),\n        IF(Import.TipoArredondamento<>\"TransfereGOV\",\n              ROUND(OFFSET($P26,0,AS$13),15-13*ORÇAMENTO!$AF$7)/$H26*OFFSET(ORÇAMENTO!$X$15,ROW(AS26)-ROW(AS$15),0),\n              ROUND(ROUND(OFFSET($P26,0,AS$13),15-13*ORÇAMENTO!$AF$7)*OFFSET(ORÇAMENTO!$W$15,ROW(AS26)-ROW(AS$15),0),15-13*ORÇAMENTO!$AF$11)),\n         0)","v":211.44},{"$f":"IF(AND($D26=\"Serviço\",AT$12<>0,$H26>0,OR(AUTOEVENTO<>\"manual\",$M26<>$A$15)),\n        IF(Import.TipoArredondamento<>\"TransfereGOV\",\n              ROUND(OFFSET($P26,0,AT$13),15-13*ORÇAMENTO!$AF$7)/$H26*OFFSET(ORÇAMENTO!$X$15,ROW(AT26)-ROW(AT$15),0),\n              ROUND(ROUND(OFFSET($P26,0,AT$13),15-13*ORÇAMENTO!$AF$7)*OFFSET(ORÇAMENTO!$W$15,ROW(AT26)-ROW(AT$15),0),15-13*ORÇAMENTO!$AF$11)),\n         0)","v":211.44},{"$f":"IF(AND($D26=\"Serviço\",AU$12<>0,$H26>0,OR(AUTOEVENTO<>\"manual\",$M26<>$A$15)),\n        IF(Import.TipoArredondamento<>\"TransfereGOV\",\n              ROUND(OFFSET($P26,0,AU$13),15-13*ORÇAMENTO!$AF$7)/$H26*OFFSET(ORÇAMENTO!$X$15,ROW(AU26)-ROW(AU$15),0),\n              ROUND(ROUND(OFFSET($P26,0,AU$13),15-13*ORÇAMENTO!$AF$7)*OFFSET(ORÇAMENTO!$W$15,ROW(AU26)-ROW(AU$15),0),15-13*ORÇAMENTO!$AF$11)),\n         0)","v":211.44},{"$f":"IF(AND($D26=\"Serviço\",AV$12<>0,$H26>0,OR(AUTOEVENTO<>\"manual\",$M26<>$A$15)),\n        IF(Import.TipoArredondamento<>\"TransfereGOV\",\n              ROUND(OFFSET($P26,0,AV$13),15-13*ORÇAMENTO!$AF$7)/$H26*OFFSET(ORÇAMENTO!$X$15,ROW(AV26)-ROW(AV$15),0),\n              ROUND(ROUND(OFFSET($P26,0,AV$13),15-13*ORÇAMENTO!$AF$7)*OFFSET(ORÇAMENTO!$W$15,ROW(AV26)-ROW(AV$15),0),15-13*ORÇAMENTO!$AF$11)),\n         0)","v":211.44},{"$f":"IF(AND($D26=\"Serviço\",AW$12<>0,$H26>0,OR(AUTOEVENTO<>\"manual\",$M26<>$A$15)),\n        IF(Import.TipoArredondamento<>\"TransfereGOV\",\n              ROUND(OFFSET($P26,0,AW$13),15-13*ORÇAMENTO!$AF$7)/$H26*OFFSET(ORÇAMENTO!$X$15,ROW(AW26)-ROW(AW$15),0),\n              ROUND(ROUND(OFFSET($P26,0,AW$13),15-13*ORÇAMENTO!$AF$7)*OFFSET(ORÇAMENTO!$W$15,ROW(AW26)-ROW(AW$15),0),15-13*ORÇAMENTO!$AF$11)),\n         0)","v":0},{"$f":"IF(AND($D26=\"Serviço\",AX$12<>0,$H26>0,OR(AUTOEVENTO<>\"manual\",$M26<>$A$15)),\n        IF(Import.TipoArredondamento<>\"TransfereGOV\",\n              ROUND(OFFSET($P26,0,AX$13),15-13*ORÇAMENTO!$AF$7)/$H26*OFFSET(ORÇAMENTO!$X$15,ROW(AX26)-ROW(AX$15),0),\n              ROUND(ROUND(OFFSET($P26,0,AX$13),15-13*ORÇAMENTO!$AF$7)*OFFSET(ORÇAMENTO!$W$15,ROW(AX26)-ROW(AX$15),0),15-13*ORÇAMENTO!$AF$11)),\n         0)","v":0},{"$f":"IF(AND($D26=\"Serviço\",AY$12<>0,$H26>0,OR(AUTOEVENTO<>\"manual\",$M26<>$A$15)),\n        IF(Import.TipoArredondamento<>\"TransfereGOV\",\n              ROUND(OFFSET($P26,0,AY$13),15-13*ORÇAMENTO!$AF$7)/$H26*OFFSET(ORÇAMENTO!$X$15,ROW(AY26)-ROW(AY$15),0),\n              ROUND(ROUND(OFFSET($P26,0,AY$13),15-13*ORÇAMENTO!$AF$7)*OFFSET(ORÇAMENTO!$W$15,ROW(AY26)-ROW(AY$15),0),15-13*ORÇAMENTO!$AF$11)),\n         0)","v":0},{"$f":"IF(AND($D26=\"Serviço\",AZ$12<>0,$H26>0,OR(AUTOEVENTO<>\"manual\",$M26<>$A$15)),\n        IF(Import.TipoArredondamento<>\"TransfereGOV\",\n              ROUND(OFFSET($P26,0,AZ$13),15-13*ORÇAMENTO!$AF$7)/$H26*OFFSET(ORÇAMENTO!$X$15,ROW(AZ26)-ROW(AZ$15),0),\n              ROUND(ROUND(OFFSET($P26,0,AZ$13),15-13*ORÇAMENTO!$AF$7)*OFFSET(ORÇAMENTO!$W$15,ROW(AZ26)-ROW(AZ$15),0),15-13*ORÇAMENTO!$AF$11)),\n         0)","v":0},{"$f":"IF(AND($D26=\"Serviço\",BA$12<>0,$H26>0,OR(AUTOEVENTO<>\"manual\",$M26<>$A$15)),\n        IF(Import.TipoArredondamento<>\"TransfereGOV\",\n              ROUND(OFFSET($P26,0,BA$13),15-13*ORÇAMENTO!$AF$7)/$H26*OFFSET(ORÇAMENTO!$X$15,ROW(BA26)-ROW(BA$15),0),\n              ROUND(ROUND(OFFSET($P26,0,BA$13),15-13*ORÇAMENTO!$AF$7)*OFFSET(ORÇAMENTO!$W$15,ROW(BA26)-ROW(BA$15),0),15-13*ORÇAMENTO!$AF$11)),\n         0)","v":0},{"$f":"IF(AND($D26=\"Serviço\",BB$12<>0,$H26>0,OR(AUTOEVENTO<>\"manual\",$M26<>$A$15)),\n        IF(Import.TipoArredondamento<>\"TransfereGOV\",\n              ROUND(OFFSET($P26,0,BB$13),15-13*ORÇAMENTO!$AF$7)/$H26*OFFSET(ORÇAMENTO!$X$15,ROW(BB26)-ROW(BB$15),0),\n              ROUND(ROUND(OFFSET($P26,0,BB$13),15-13*ORÇAMENTO!$AF$7)*OFFSET(ORÇAMENTO!$W$15,ROW(BB26)-ROW(BB$15),0),15-13*ORÇAMENTO!$AF$11)),\n         0)","v":0},{"$f":"IF(AND($D26=\"Serviço\",BC$12<>0,$H26>0,OR(AUTOEVENTO<>\"manual\",$M26<>$A$15)),\n        IF(Import.TipoArredondamento<>\"TransfereGOV\",\n              ROUND(OFFSET($P26,0,BC$13),15-13*ORÇAMENTO!$AF$7)/$H26*OFFSET(ORÇAMENTO!$X$15,ROW(BC26)-ROW(BC$15),0),\n              ROUND(ROUND(OFFSET($P26,0,BC$13),15-13*ORÇAMENTO!$AF$7)*OFFSET(ORÇAMENTO!$W$15,ROW(BC26)-ROW(BC$15),0),15-13*ORÇAMENTO!$AF$11)),\n         0)","v":0},{"$f":"IF(AND($D26=\"Serviço\",BD$12<>0,$H26>0,OR(AUTOEVENTO<>\"manual\",$M26<>$A$15)),\n        IF(Import.TipoArredondamento<>\"TransfereGOV\",\n              ROUND(OFFSET($P26,0,BD$13),15-13*ORÇAMENTO!$AF$7)/$H26*OFFSET(ORÇAMENTO!$X$15,ROW(BD26)-ROW(BD$15),0),\n              ROUND(ROUND(OFFSET($P26,0,BD$13),15-13*ORÇAMENTO!$AF$7)*OFFSET(ORÇAMENTO!$W$15,ROW(BD26)-ROW(BD$15),0),15-13*ORÇAMENTO!$AF$11)),\n         0)","v":0},{"$f":"IF(AND($D26=\"Serviço\",BE$12<>0,$H26>0,OR(AUTOEVENTO<>\"manual\",$M26<>$A$15)),\n        IF(Import.TipoArredondamento<>\"TransfereGOV\",\n              ROUND(OFFSET($P26,0,BE$13),15-13*ORÇAMENTO!$AF$7)/$H26*OFFSET(ORÇAMENTO!$X$15,ROW(BE26)-ROW(BE$15),0),\n              ROUND(ROUND(OFFSET($P26,0,BE$13),15-13*ORÇAMENTO!$AF$7)*OFFSET(ORÇAMENTO!$W$15,ROW(BE26)-ROW(BE$15),0),15-13*ORÇAMENTO!$AF$11)),\n         0)","v":0},{"$f":"IF(AND($D26=\"Serviço\",BF$12<>0,$H26>0,OR(AUTOEVENTO<>\"manual\",$M26<>$A$15)),\n        IF(Import.TipoArredondamento<>\"TransfereGOV\",\n              ROUND(OFFSET($P26,0,BF$13),15-13*ORÇAMENTO!$AF$7)/$H26*OFFSET(ORÇAMENTO!$X$15,ROW(BF26)-ROW(BF$15),0),\n              ROUND(ROUND(OFFSET($P26,0,BF$13),15-13*ORÇAMENTO!$AF$7)*OFFSET(ORÇAMENTO!$W$15,ROW(BF26)-ROW(BF$15),0),15-13*ORÇAMENTO!$AF$11)),\n         0)","v":0},{"$f":"IF(AND($D26=\"Serviço\",BG$12<>0,$H26>0,OR(AUTOEVENTO<>\"manual\",$M26<>$A$15)),\n        IF(Import.TipoArredondamento<>\"TransfereGOV\",\n              ROUND(OFFSET($P26,0,BG$13),15-13*ORÇAMENTO!$AF$7)/$H26*OFFSET(ORÇAMENTO!$X$15,ROW(BG26)-ROW(BG$15),0),\n              ROUND(ROUND(OFFSET($P26,0,BG$13),15-13*ORÇAMENTO!$AF$7)*OFFSET(ORÇAMENTO!$W$15,ROW(BG26)-ROW(BG$15),0),15-13*ORÇAMENTO!$AF$11)),\n         0)","v":0},{"$f":"IF(AND($D26=\"Serviço\",BH$12<>0,$H26>0,OR(AUTOEVENTO<>\"manual\",$M26<>$A$15)),\n        IF(Import.TipoArredondamento<>\"TransfereGOV\",\n              ROUND(OFFSET($P26,0,BH$13),15-13*ORÇAMENTO!$AF$7)/$H26*OFFSET(ORÇAMENTO!$X$15,ROW(BH26)-ROW(BH$15),0),\n              ROUND(ROUND(OFFSET($P26,0,BH$13),15-13*ORÇAMENTO!$AF$7)*OFFSET(ORÇAMENTO!$W$15,ROW(BH26)-ROW(BH$15),0),15-13*ORÇAMENTO!$AF$11)),\n         0)","v":0},{"$f":"IF(AND($D26=\"Serviço\",BI$12<>0,$H26>0,OR(AUTOEVENTO<>\"manual\",$M26<>$A$15)),\n        IF(Import.TipoArredondamento<>\"TransfereGOV\",\n              ROUND(OFFSET($P26,0,BI$13),15-13*ORÇAMENTO!$AF$7)/$H26*OFFSET(ORÇAMENTO!$X$15,ROW(BI26)-ROW(BI$15),0),\n              ROUND(ROUND(OFFSET($P26,0,BI$13),15-13*ORÇAMENTO!$AF$7)*OFFSET(ORÇAMENTO!$W$15,ROW(BI26)-ROW(BI$15),0),15-13*ORÇAMENTO!$AF$11)),\n         0)","v":0},{"$f":"IF(AND($D26=\"Serviço\",BJ$12<>0,$H26>0,OR(AUTOEVENTO<>\"manual\",$M26<>$A$15)),\n        IF(Import.TipoArredondamento<>\"TransfereGOV\",\n              ROUND(OFFSET($P26,0,BJ$13),15-13*ORÇAMENTO!$AF$7)/$H26*OFFSET(ORÇAMENTO!$X$15,ROW(BJ26)-ROW(BJ$15),0),\n              ROUND(ROUND(OFFSET($P26,0,BJ$13),15-13*ORÇAMENTO!$AF$7)*OFFSET(ORÇAMENTO!$W$15,ROW(BJ26)-ROW(BJ$15),0),15-13*ORÇAMENTO!$AF$11)),\n         0)","v":0},{"$f":"IF(AND($D26=\"Serviço\",BK$12<>0,$H26>0,OR(AUTOEVENTO<>\"manual\",$M26<>$A$15)),\n        IF(Import.TipoArredondamento<>\"TransfereGOV\",\n              ROUND(OFFSET($P26,0,BK$13),15-13*ORÇAMENTO!$AF$7)/$H26*OFFSET(ORÇAMENTO!$X$15,ROW(BK26)-ROW(BK$15),0),\n              ROUND(ROUND(OFFSET($P26,0,BK$13),15-13*ORÇAMENTO!$AF$7)*OFFSET(ORÇAMENTO!$W$15,ROW(BK26)-ROW(BK$15),0),15-13*ORÇAMENTO!$AF$11)),\n         0)","v":0},{"$f":"IF(AND($D26=\"Serviço\",BL$12<>0,$H26>0,OR(AUTOEVENTO<>\"manual\",$M26<>$A$15)),\n        IF(Import.TipoArredondamento<>\"TransfereGOV\",\n              ROUND(OFFSET($P26,0,BL$13),15-13*ORÇAMENTO!$AF$7)/$H26*OFFSET(ORÇAMENTO!$X$15,ROW(BL26)-ROW(BL$15),0),\n              ROUND(ROUND(OFFSET($P26,0,BL$13),15-13*ORÇAMENTO!$AF$7)*OFFSET(ORÇAMENTO!$W$15,ROW(BL26)-ROW(BL$15),0),15-13*ORÇAMENTO!$AF$11)),\n         0)","v":0},{"$f":"IF(AND($D26=\"Serviço\",BM$12<>0,$H26>0,OR(AUTOEVENTO<>\"manual\",$M26<>$A$15)),\n        IF(Import.TipoArredondamento<>\"TransfereGOV\",\n              ROUND(OFFSET($P26,0,BM$13),15-13*ORÇAMENTO!$AF$7)/$H26*OFFSET(ORÇAMENTO!$X$15,ROW(BM26)-ROW(BM$15),0),\n              ROUND(ROUND(OFFSET($P26,0,BM$13),15-13*ORÇAMENTO!$AF$7)*OFFSET(ORÇAMENTO!$W$15,ROW(BM26)-ROW(BM$15),0),15-13*ORÇAMENTO!$AF$11)),\n         0)","v":0},{"$f":"IF(AND($D26=\"Serviço\",BN$12<>0,$H26>0,OR(AUTOEVENTO<>\"manual\",$M26<>$A$15)),\n        IF(Import.TipoArredondamento<>\"TransfereGOV\",\n              ROUND(OFFSET($P26,0,BN$13),15-13*ORÇAMENTO!$AF$7)/$H26*OFFSET(ORÇAMENTO!$X$15,ROW(BN26)-ROW(BN$15),0),\n              ROUND(ROUND(OFFSET($P26,0,BN$13),15-13*ORÇAMENTO!$AF$7)*OFFSET(ORÇAMENTO!$W$15,ROW(BN26)-ROW(BN$15),0),15-13*ORÇAMENTO!$AF$11)),\n         0)","v":0},{"$f":"IF(AND($D26=\"Serviço\",BO$12<>0,$H26>0,OR(AUTOEVENTO<>\"manual\",$M26<>$A$15)),\n        IF(Import.TipoArredondamento<>\"TransfereGOV\",\n              ROUND(OFFSET($P26,0,BO$13),15-13*ORÇAMENTO!$AF$7)/$H26*OFFSET(ORÇAMENTO!$X$15,ROW(BO26)-ROW(BO$15),0),\n              ROUND(ROUND(OFFSET($P26,0,BO$13),15-13*ORÇAMENTO!$AF$7)*OFFSET(ORÇAMENTO!$W$15,ROW(BO26)-ROW(BO$15),0),15-13*ORÇAMENTO!$AF$11)),\n         0)","v":0},{"$f":"IF(AND($D26=\"Serviço\",BP$12<>0,$H26>0,OR(AUTOEVENTO<>\"manual\",$M26<>$A$15)),\n        IF(Import.TipoArredondamento<>\"TransfereGOV\",\n              ROUND(OFFSET($P26,0,BP$13),15-13*ORÇAMENTO!$AF$7)/$H26*OFFSET(ORÇAMENTO!$X$15,ROW(BP26)-ROW(BP$15),0),\n              ROUND(ROUND(OFFSET($P26,0,BP$13),15-13*ORÇAMENTO!$AF$7)*OFFSET(ORÇAMENTO!$W$15,ROW(BP26)-ROW(BP$15),0),15-13*ORÇAMENTO!$AF$11)),\n         0)","v":0},{"$f":"IF(AND($D26=\"Serviço\",BQ$12<>0,$H26>0,OR(AUTOEVENTO<>\"manual\",$M26<>$A$15)),\n        IF(Import.TipoArredondamento<>\"TransfereGOV\",\n              ROUND(OFFSET($P26,0,BQ$13),15-13*ORÇAMENTO!$AF$7)/$H26*OFFSET(ORÇAMENTO!$X$15,ROW(BQ26)-ROW(BQ$15),0),\n              ROUND(ROUND(OFFSET($P26,0,BQ$13),15-13*ORÇAMENTO!$AF$7)*OFFSET(ORÇAMENTO!$W$15,ROW(BQ26)-ROW(BQ$15),0),15-13*ORÇAMENTO!$AF$11)),\n         0)","v":0},null,{"$f":"IF(OR($D26<>\"Serviço\",AND(AUTOEVENTO=\"Manual\",$M26=$A$15)),0,\n         IF(OFFSET(CRONOPLE!$F$15,$M26-$A$15,BS$13)=0,10^12,OFFSET(CRONOPLE!$F$15,$M26-$A$15,BS$13)))","v":1},{"$f":"IF(OR($D26<>\"Serviço\",AND(AUTOEVENTO=\"Manual\",$M26=$A$15)),0,\n         IF(OFFSET(CRONOPLE!$F$15,$M26-$A$15,BT$13)=0,10^12,OFFSET(CRONOPLE!$F$15,$M26-$A$15,BT$13)))","v":1},{"$f":"IF(OR($D26<>\"Serviço\",AND(AUTOEVENTO=\"Manual\",$M26=$A$15)),0,\n         IF(OFFSET(CRONOPLE!$F$15,$M26-$A$15,BU$13)=0,10^12,OFFSET(CRONOPLE!$F$15,$M26-$A$15,BU$13)))","v":1},{"$f":"IF(OR($D26<>\"Serviço\",AND(AUTOEVENTO=\"Manual\",$M26=$A$15)),0,\n         IF(OFFSET(CRONOPLE!$F$15,$M26-$A$15,BV$13)=0,10^12,OFFSET(CRONOPLE!$F$15,$M26-$A$15,BV$13)))","v":1},{"$f":"IF(OR($D26<>\"Serviço\",AND(AUTOEVENTO=\"Manual\",$M26=$A$15)),0,\n         IF(OFFSET(CRONOPLE!$F$15,$M26-$A$15,BW$13)=0,10^12,OFFSET(CRONOPLE!$F$15,$M26-$A$15,BW$13)))","v":1},{"$f":"IF(OR($D26<>\"Serviço\",AND(AUTOEVENTO=\"Manual\",$M26=$A$15)),0,\n         IF(OFFSET(CRONOPLE!$F$15,$M26-$A$15,BX$13)=0,10^12,OFFSET(CRONOPLE!$F$15,$M26-$A$15,BX$13)))","v":1},{"$f":"IF(OR($D26<>\"Serviço\",AND(AUTOEVENTO=\"Manual\",$M26=$A$15)),0,\n         IF(OFFSET(CRONOPLE!$F$15,$M26-$A$15,BY$13)=0,10^12,OFFSET(CRONOPLE!$F$15,$M26-$A$15,BY$13)))","v":1},{"$f":"IF(OR($D26<>\"Serviço\",AND(AUTOEVENTO=\"Manual\",$M26=$A$15)),0,\n         IF(OFFSET(CRONOPLE!$F$15,$M26-$A$15,BZ$13)=0,10^12,OFFSET(CRONOPLE!$F$15,$M26-$A$15,BZ$13)))","v":7},{"$f":"IF(OR($D26<>\"Serviço\",AND(AUTOEVENTO=\"Manual\",$M26=$A$15)),0,\n         IF(OFFSET(CRONOPLE!$F$15,$M26-$A$15,CA$13)=0,10^12,OFFSET(CRONOPLE!$F$15,$M26-$A$15,CA$13)))","v":7},{"$f":"IF(OR($D26<>\"Serviço\",AND(AUTOEVENTO=\"Manual\",$M26=$A$15)),0,\n         IF(OFFSET(CRONOPLE!$F$15,$M26-$A$15,CB$13)=0,10^12,OFFSET(CRONOPLE!$F$15,$M26-$A$15,CB$13)))","v":7},{"$f":"IF(OR($D26<>\"Serviço\",AND(AUTOEVENTO=\"Manual\",$M26=$A$15)),0,\n         IF(OFFSET(CRONOPLE!$F$15,$M26-$A$15,CC$13)=0,10^12,OFFSET(CRONOPLE!$F$15,$M26-$A$15,CC$13)))","v":13},{"$f":"IF(OR($D26<>\"Serviço\",AND(AUTOEVENTO=\"Manual\",$M26=$A$15)),0,\n         IF(OFFSET(CRONOPLE!$F$15,$M26-$A$15,CD$13)=0,10^12,OFFSET(CRONOPLE!$F$15,$M26-$A$15,CD$13)))","v":13},{"$f":"IF(OR($D26<>\"Serviço\",AND(AUTOEVENTO=\"Manual\",$M26=$A$15)),0,\n         IF(OFFSET(CRONOPLE!$F$15,$M26-$A$15,CE$13)=0,10^12,OFFSET(CRONOPLE!$F$15,$M26-$A$15,CE$13)))","v":13},{"$f":"IF(OR($D26<>\"Serviço\",AND(AUTOEVENTO=\"Manual\",$M26=$A$15)),0,\n         IF(OFFSET(CRONOPLE!$F$15,$M26-$A$15,CF$13)=0,10^12,OFFSET(CRONOPLE!$F$15,$M26-$A$15,CF$13)))","v":13},{"$f":"IF(OR($D26<>\"Serviço\",AND(AUTOEVENTO=\"Manual\",$M26=$A$15)),0,\n         IF(OFFSET(CRONOPLE!$F$15,$M26-$A$15,CG$13)=0,10^12,OFFSET(CRONOPLE!$F$15,$M26-$A$15,CG$13)))","v":13},{"$f":"IF(OR($D26<>\"Serviço\",AND(AUTOEVENTO=\"Manual\",$M26=$A$15)),0,\n         IF(OFFSET(CRONOPLE!$F$15,$M26-$A$15,CH$13)=0,10^12,OFFSET(CRONOPLE!$F$15,$M26-$A$15,CH$13)))","v":19},{"$f":"IF(OR($D26<>\"Serviço\",AND(AUTOEVENTO=\"Manual\",$M26=$A$15)),0,\n         IF(OFFSET(CRONOPLE!$F$15,$M26-$A$15,CI$13)=0,10^12,OFFSET(CRONOPLE!$F$15,$M26-$A$15,CI$13)))","v":19},{"$f":"IF(OR($D26<>\"Serviço\",AND(AUTOEVENTO=\"Manual\",$M26=$A$15)),0,\n         IF(OFFSET(CRONOPLE!$F$15,$M26-$A$15,CJ$13)=0,10^12,OFFSET(CRONOPLE!$F$15,$M26-$A$15,CJ$13)))","v":19},{"$f":"IF(OR($D26<>\"Serviço\",AND(AUTOEVENTO=\"Manual\",$M26=$A$15)),0,\n         IF(OFFSET(CRONOPLE!$F$15,$M26-$A$15,CK$13)=0,10^12,OFFSET(CRONOPLE!$F$15,$M26-$A$15,CK$13)))","v":19},{"$f":"IF(OR($D26<>\"Serviço\",AND(AUTOEVENTO=\"Manual\",$M26=$A$15)),0,\n         IF(OFFSET(CRONOPLE!$F$15,$M26-$A$15,CL$13)=0,10^12,OFFSET(CRONOPLE!$F$15,$M26-$A$15,CL$13)))","v":19},{"$f":"IF(OR($D26<>\"Serviço\",AND(AUTOEVENTO=\"Manual\",$M26=$A$15)),0,\n         IF(OFFSET(CRONOPLE!$F$15,$M26-$A$15,CM$13)=0,10^12,OFFSET(CRONOPLE!$F$15,$M26-$A$15,CM$13)))","v":1000000000000},{"$f":"IF(OR($D26<>\"Serviço\",AND(AUTOEVENTO=\"Manual\",$M26=$A$15)),0,\n         IF(OFFSET(CRONOPLE!$F$15,$M26-$A$15,CN$13)=0,10^12,OFFSET(CRONOPLE!$F$15,$M26-$A$15,CN$13)))","v":1000000000000},{"$f":"IF(OR($D26<>\"Serviço\",AND(AUTOEVENTO=\"Manual\",$M26=$A$15)),0,\n         IF(OFFSET(CRONOPLE!$F$15,$M26-$A$15,CO$13)=0,10^12,OFFSET(CRONOPLE!$F$15,$M26-$A$15,CO$13)))","v":1000000000000},{"$f":"IF(OR($D26<>\"Serviço\",AND(AUTOEVENTO=\"Manual\",$M26=$A$15)),0,\n         IF(OFFSET(CRONOPLE!$F$15,$M26-$A$15,CP$13)=0,10^12,OFFSET(CRONOPLE!$F$15,$M26-$A$15,CP$13)))","v":1000000000000},{"$f":"IF(OR($D26<>\"Serviço\",AND(AUTOEVENTO=\"Manual\",$M26=$A$15)),0,\n         IF(OFFSET(CRONOPLE!$F$15,$M26-$A$15,CQ$13)=0,10^12,OFFSET(CRONOPLE!$F$15,$M26-$A$15,CQ$13)))","v":1000000000000},{"$f":"IF(OR($D26<>\"Serviço\",AND(AUTOEVENTO=\"Manual\",$M26=$A$15)),0,\n         IF(OFFSET(CRONOPLE!$F$15,$M26-$A$15,CR$13)=0,10^12,OFFSET(CRONOPLE!$F$15,$M26-$A$15,CR$13)))","v":1000000000000},null,{"$f":"IF(OR($D26<>\"Serviço\",AND(AUTOEVENTO=\"Manual\",$M26=$A$15),$M26>(ROW(PLE.lastrow)-ROW(PLE.firstrow))),0,\n           IF(OFFSET(PLE!$G$15,$M26-$A$15,CT$13)=\"\",10^12,OFFSET(PLE!$G$15,$M26-$A$15,CT$13)))","v":1000000000000},{"$f":"IF(OR($D26<>\"Serviço\",AND(AUTOEVENTO=\"Manual\",$M26=$A$15),$M26>(ROW(PLE.lastrow)-ROW(PLE.firstrow))),0,\n           IF(OFFSET(PLE!$G$15,$M26-$A$15,CU$13)=\"\",10^12,OFFSET(PLE!$G$15,$M26-$A$15,CU$13)))","v":1000000000000},{"$f":"IF(OR($D26<>\"Serviço\",AND(AUTOEVENTO=\"Manual\",$M26=$A$15),$M26>(ROW(PLE.lastrow)-ROW(PLE.firstrow))),0,\n           IF(OFFSET(PLE!$G$15,$M26-$A$15,CV$13)=\"\",10^12,OFFSET(PLE!$G$15,$M26-$A$15,CV$13)))","v":1000000000000},{"$f":"IF(OR($D26<>\"Serviço\",AND(AUTOEVENTO=\"Manual\",$M26=$A$15),$M26>(ROW(PLE.lastrow)-ROW(PLE.firstrow))),0,\n           IF(OFFSET(PLE!$G$15,$M26-$A$15,CW$13)=\"\",10^12,OFFSET(PLE!$G$15,$M26-$A$15,CW$13)))","v":1000000000000},{"$f":"IF(OR($D26<>\"Serviço\",AND(AUTOEVENTO=\"Manual\",$M26=$A$15),$M26>(ROW(PLE.lastrow)-ROW(PLE.firstrow))),0,\n           IF(OFFSET(PLE!$G$15,$M26-$A$15,CX$13)=\"\",10^12,OFFSET(PLE!$G$15,$M26-$A$15,CX$13)))","v":1000000000000},{"$f":"IF(OR($D26<>\"Serviço\",AND(AUTOEVENTO=\"Manual\",$M26=$A$15),$M26>(ROW(PLE.lastrow)-ROW(PLE.firstrow))),0,\n           IF(OFFSET(PLE!$G$15,$M26-$A$15,CY$13)=\"\",10^12,OFFSET(PLE!$G$15,$M26-$A$15,CY$13)))","v":1000000000000},{"$f":"IF(OR($D26<>\"Serviço\",AND(AUTOEVENTO=\"Manual\",$M26=$A$15),$M26>(ROW(PLE.lastrow)-ROW(PLE.firstrow))),0,\n           IF(OFFSET(PLE!$G$15,$M26-$A$15,CZ$13)=\"\",10^12,OFFSET(PLE!$G$15,$M26-$A$15,CZ$13)))","v":1000000000000},{"$f":"IF(OR($D26<>\"Serviço\",AND(AUTOEVENTO=\"Manual\",$M26=$A$15),$M26>(ROW(PLE.lastrow)-ROW(PLE.firstrow))),0,\n           IF(OFFSET(PLE!$G$15,$M26-$A$15,DA$13)=\"\",10^12,OFFSET(PLE!$G$15,$M26-$A$15,DA$13)))","v":1000000000000},{"$f":"IF(OR($D26<>\"Serviço\",AND(AUTOEVENTO=\"Manual\",$M26=$A$15),$M26>(ROW(PLE.lastrow)-ROW(PLE.firstrow))),0,\n           IF(OFFSET(PLE!$G$15,$M26-$A$15,DB$13)=\"\",10^12,OFFSET(PLE!$G$15,$M26-$A$15,DB$13)))","v":1000000000000},{"$f":"IF(OR($D26<>\"Serviço\",AND(AUTOEVENTO=\"Manual\",$M26=$A$15),$M26>(ROW(PLE.lastrow)-ROW(PLE.firstrow))),0,\n           IF(OFFSET(PLE!$G$15,$M26-$A$15,DC$13)=\"\",10^12,OFFSET(PLE!$G$15,$M26-$A$15,DC$13)))","v":1000000000000},{"$f":"IF(OR($D26<>\"Serviço\",AND(AUTOEVENTO=\"Manual\",$M26=$A$15),$M26>(ROW(PLE.lastrow)-ROW(PLE.firstrow))),0,\n           IF(OFFSET(PLE!$G$15,$M26-$A$15,DD$13)=\"\",10^12,OFFSET(PLE!$G$15,$M26-$A$15,DD$13)))","v":1000000000000},{"$f":"IF(OR($D26<>\"Serviço\",AND(AUTOEVENTO=\"Manual\",$M26=$A$15),$M26>(ROW(PLE.lastrow)-ROW(PLE.firstrow))),0,\n           IF(OFFSET(PLE!$G$15,$M26-$A$15,DE$13)=\"\",10^12,OFFSET(PLE!$G$15,$M26-$A$15,DE$13)))","v":1000000000000},{"$f":"IF(OR($D26<>\"Serviço\",AND(AUTOEVENTO=\"Manual\",$M26=$A$15),$M26>(ROW(PLE.lastrow)-ROW(PLE.firstrow))),0,\n           IF(OFFSET(PLE!$G$15,$M26-$A$15,DF$13)=\"\",10^12,OFFSET(PLE!$G$15,$M26-$A$15,DF$13)))","v":1000000000000},{"$f":"IF(OR($D26<>\"Serviço\",AND(AUTOEVENTO=\"Manual\",$M26=$A$15),$M26>(ROW(PLE.lastrow)-ROW(PLE.firstrow))),0,\n           IF(OFFSET(PLE!$G$15,$M26-$A$15,DG$13)=\"\",10^12,OFFSET(PLE!$G$15,$M26-$A$15,DG$13)))","v":1000000000000},{"$f":"IF(OR($D26<>\"Serviço\",AND(AUTOEVENTO=\"Manual\",$M26=$A$15),$M26>(ROW(PLE.lastrow)-ROW(PLE.firstrow))),0,\n           IF(OFFSET(PLE!$G$15,$M26-$A$15,DH$13)=\"\",10^12,OFFSET(PLE!$G$15,$M26-$A$15,DH$13)))","v":1000000000000},{"$f":"IF(OR($D26<>\"Serviço\",AND(AUTOEVENTO=\"Manual\",$M26=$A$15),$M26>(ROW(PLE.lastrow)-ROW(PLE.firstrow))),0,\n           IF(OFFSET(PLE!$G$15,$M26-$A$15,DI$13)=\"\",10^12,OFFSET(PLE!$G$15,$M26-$A$15,DI$13)))","v":1000000000000},{"$f":"IF(OR($D26<>\"Serviço\",AND(AUTOEVENTO=\"Manual\",$M26=$A$15),$M26>(ROW(PLE.lastrow)-ROW(PLE.firstrow))),0,\n           IF(OFFSET(PLE!$G$15,$M26-$A$15,DJ$13)=\"\",10^12,OFFSET(PLE!$G$15,$M26-$A$15,DJ$13)))","v":1000000000000},{"$f":"IF(OR($D26<>\"Serviço\",AND(AUTOEVENTO=\"Manual\",$M26=$A$15),$M26>(ROW(PLE.lastrow)-ROW(PLE.firstrow))),0,\n           IF(OFFSET(PLE!$G$15,$M26-$A$15,DK$13)=\"\",10^12,OFFSET(PLE!$G$15,$M26-$A$15,DK$13)))","v":1000000000000},{"$f":"IF(OR($D26<>\"Serviço\",AND(AUTOEVENTO=\"Manual\",$M26=$A$15),$M26>(ROW(PLE.lastrow)-ROW(PLE.firstrow))),0,\n           IF(OFFSET(PLE!$G$15,$M26-$A$15,DL$13)=\"\",10^12,OFFSET(PLE!$G$15,$M26-$A$15,DL$13)))","v":1000000000000},{"$f":"IF(OR($D26<>\"Serviço\",AND(AUTOEVENTO=\"Manual\",$M26=$A$15),$M26>(ROW(PLE.lastrow)-ROW(PLE.firstrow))),0,\n           IF(OFFSET(PLE!$G$15,$M26-$A$15,DM$13)=\"\",10^12,OFFSET(PLE!$G$15,$M26-$A$15,DM$13)))","v":1000000000000},{"$f":"IF(OR($D26<>\"Serviço\",AND(AUTOEVENTO=\"Manual\",$M26=$A$15),$M26>(ROW(PLE.lastrow)-ROW(PLE.firstrow))),0,\n           IF(OFFSET(PLE!$G$15,$M26-$A$15,DN$13)=\"\",10^12,OFFSET(PLE!$G$15,$M26-$A$15,DN$13)))","v":1000000000000},{"$f":"IF(OR($D26<>\"Serviço\",AND(AUTOEVENTO=\"Manual\",$M26=$A$15),$M26>(ROW(PLE.lastrow)-ROW(PLE.firstrow))),0,\n           IF(OFFSET(PLE!$G$15,$M26-$A$15,DO$13)=\"\",10^12,OFFSET(PLE!$G$15,$M26-$A$15,DO$13)))","v":1000000000000},{"$f":"IF(OR($D26<>\"Serviço\",AND(AUTOEVENTO=\"Manual\",$M26=$A$15),$M26>(ROW(PLE.lastrow)-ROW(PLE.firstrow))),0,\n           IF(OFFSET(PLE!$G$15,$M26-$A$15,DP$13)=\"\",10^12,OFFSET(PLE!$G$15,$M26-$A$15,DP$13)))","v":1000000000000},{"$f":"IF(OR($D26<>\"Serviço\",AND(AUTOEVENTO=\"Manual\",$M26=$A$15),$M26>(ROW(PLE.lastrow)-ROW(PLE.firstrow))),0,\n           IF(OFFSET(PLE!$G$15,$M26-$A$15,DQ$13)=\"\",10^12,OFFSET(PLE!$G$15,$M26-$A$15,DQ$13)))","v":1000000000000},{"$f":"IF(OR($D26<>\"Serviço\",AND(AUTOEVENTO=\"Manual\",$M26=$A$15),$M26>(ROW(PLE.lastrow)-ROW(PLE.firstrow))),0,\n           IF(OFFSET(PLE!$G$15,$M26-$A$15,DR$13)=\"\",10^12,OFFSET(PLE!$G$15,$M26-$A$15,DR$13)))","v":1000000000000},{"$f":"IF(OR($D26<>\"Serviço\",AND(AUTOEVENTO=\"Manual\",$M26=$A$15),$M26>(ROW(PLE.lastrow)-ROW(PLE.firstrow))),0,\n           IF(OFFSET(PLE!$G$15,$M26-$A$15,DS$13)=\"\",10^12,OFFSET(PLE!$G$15,$M26-$A$15,DS$13)))","v":1000000000000}]
["8",{"$f":"OFFSET(ORÇAMENTO!C$15,$L27,0)","v":"S"},{"$f":"OFFSET(ORÇAMENTO!L$15,$L27,0)","v":"F"},{"$f":"OFFSET(ORÇAMENTO!N$15,$L27,0)","v":"Serviço"},{"$f":"OFFSET(ORÇAMENTO!O$15,$L27,0)","v":"1.3.1.1.4."},{"$f":"OFFSET(ORÇAMENTO!R$15,$L27,0)","v":"FABRICAÇÃO, MONTAGEM E DESMONTAGEM DE FÔRMA PARA SAPATA, EM CHAPA DE MADEIRA COMPENSADA RESINADA, E=17 MM, 4 UTILIZAÇÕES. AF_01/2024"},{"$f":"IF($D27<>\"Serviço\",\"\",OFFSET(ORÇAMENTO!S$15,$L27,0))","v":"M2"},{"$f":"IF($D27<>\"Serviço\",0,IF(ACOMPANHAMENTO=\"BM\",ROUND(OFFSET(ORÇAMENTO!AJ$15,$L27,0),15-13*ORÇAMENTO!$AF$7),IF(IFERROR(CÁLCULO.FrentesPreenchidas,0)=0,0,SUM(ROUND(OFFSET($P27,0,1,1,CÁLCULO.FrentesPreenchidas),15-13*ORÇAMENTO!$AF$7)))))","v":72.8},"Conforme modelo disponibilizado pela CAIXA",{"$f":"IF(OR(B27<>\"S\",CÁLCULO.FrentesPreenchidas=0),\"\",IF(AND(ACOMPANHAMENTO=\"PLE\",AUTOEVENTO=\"Manual\",OR(H27>0,ORÇAMENTO!AC27=\"QUANT.\"),OR(K27=\"\",M27=0,N27=\"\")),\"►E\",IF(AND(ACOMPANHAMENTO=\"PLE\",ORÇAMENTO!AC27=\"QUANT.\"),\"►Q\",IF(AND(ACOMPANHAMENTO=\"PLE\",H27<>SUMPRODUCT(($Q$1:$AQ$1=1)*ROUND(Q27:AQ27,15))),\"►S\",IF(AND(COUNTIF($P$11:$AQ$11,\"▼\")=0,H27>0,I27=\"\"),\"◄M\",\"\")))))","v":""},"3. SAPATA",12,{"$f":"IF($D27<>\"Serviço\",\"\",\n          IF(AUTOEVENTO=\"manual\",$A27,\n                IF(ISERROR(MATCH($A27,$A$15:OFFSET($A27,-1,0),0)),MAX($M$15:OFFSET(M27,-1,0))+1,\n                      INDEX($M$15:OFFSET(M27,-1,0),MATCH($A27,$A$15:OFFSET($A27,-1,0),0)))))","v":3},{"$f":"IF($D27<>\"Serviço\",\"\",\n         IF(AUTOEVENTO=\"Manual\",\n                IF($A27=0,\"<-- defina o número do agrupador\",\n                       OFFSET(EVENTOS!$D$15,$A27-$A$15,0)),\n                OFFSET($F$15,$A27,0)))","v":"SAPATA"},null,null,14.56,14.56,14.56,14.56,14.56,null,null,null,null,null,null,null,null,null,null,null,null,null,null,null,null,null,null,null,null,null,null,{"$f":"IF(AND($D27=\"Serviço\",AR$12<>0,$H27>0,OR(AUTOEVENTO<>\"manual\",$M27<>$A$15)),\n        IF(Import.TipoArredondamento<>\"TransfereGOV\",\n              ROUND(OFFSET($P27,0,AR$13),15-13*ORÇAMENTO!$AF$7)/$H27*OFFSET(ORÇAMENTO!$X$15,ROW(AR27)-ROW(AR$15),0),\n              ROUND(ROUND(OFFSET($P27,0,AR$13),15-13*ORÇAMENTO!$AF$7)*OFFSET(ORÇAMENTO!$W$15,ROW(AR27)-ROW(AR$15),0),15-13*ORÇAMENTO!$AF$11)),\n         0)","v":3167.96},{"$f":"IF(AND($D27=\"Serviço\",AS$12<>0,$H27>0,OR(AUTOEVENTO<>\"manual\",$M27<>$A$15)),\n        IF(Import.TipoArredondamento<>\"TransfereGOV\",\n              ROUND(OFFSET($P27,0,AS$13),15-13*ORÇAMENTO!$AF$7)/$H27*OFFSET(ORÇAMENTO!$X$15,ROW(AS27)-ROW(AS$15),0),\n              ROUND(ROUND(OFFSET($P27,0,AS$13),15-13*ORÇAMENTO!$AF$7)*OFFSET(ORÇAMENTO!$W$15,ROW(AS27)-ROW(AS$15),0),15-13*ORÇAMENTO!$AF$11)),\n         0)","v":3167.96},{"$f":"IF(AND($D27=\"Serviço\",AT$12<>0,$H27>0,OR(AUTOEVENTO<>\"manual\",$M27<>$A$15)),\n        IF(Import.TipoArredondamento<>\"TransfereGOV\",\n              ROUND(OFFSET($P27,0,AT$13),15-13*ORÇAMENTO!$AF$7)/$H27*OFFSET(ORÇAMENTO!$X$15,ROW(AT27)-ROW(AT$15),0),\n              ROUND(ROUND(OFFSET($P27,0,AT$13),15-13*ORÇAMENTO!$AF$7)*OFFSET(ORÇAMENTO!$W$15,ROW(AT27)-ROW(AT$15),0),15-13*ORÇAMENTO!$AF$11)),\n         0)","v":3167.96},{"$f":"IF(AND($D27=\"Serviço\",AU$12<>0,$H27>0,OR(AUTOEVENTO<>\"manual\",$M27<>$A$15)),\n        IF(Import.TipoArredondamento<>\"TransfereGOV\",\n              ROUND(OFFSET($P27,0,AU$13),15-13*ORÇAMENTO!$AF$7)/$H27*OFFSET(ORÇAMENTO!$X$15,ROW(AU27)-ROW(AU$15),0),\n              ROUND(ROUND(OFFSET($P27,0,AU$13),15-13*ORÇAMENTO!$AF$7)*OFFSET(ORÇAMENTO!$W$15,ROW(AU27)-ROW(AU$15),0),15-13*ORÇAMENTO!$AF$11)),\n         0)","v":3167.96},{"$f":"IF(AND($D27=\"Serviço\",AV$12<>0,$H27>0,OR(AUTOEVENTO<>\"manual\",$M27<>$A$15)),\n        IF(Import.TipoArredondamento<>\"TransfereGOV\",\n              ROUND(OFFSET($P27,0,AV$13),15-13*ORÇAMENTO!$AF$7)/$H27*OFFSET(ORÇAMENTO!$X$15,ROW(AV27)-ROW(AV$15),0),\n              ROUND(ROUND(OFFSET($P27,0,AV$13),15-13*ORÇAMENTO!$AF$7)*OFFSET(ORÇAMENTO!$W$15,ROW(AV27)-ROW(AV$15),0),15-13*ORÇAMENTO!$AF$11)),\n         0)","v":3167.96},{"$f":"IF(AND($D27=\"Serviço\",AW$12<>0,$H27>0,OR(AUTOEVENTO<>\"manual\",$M27<>$A$15)),\n        IF(Import.TipoArredondamento<>\"TransfereGOV\",\n              ROUND(OFFSET($P27,0,AW$13),15-13*ORÇAMENTO!$AF$7)/$H27*OFFSET(ORÇAMENTO!$X$15,ROW(AW27)-ROW(AW$15),0),\n              ROUND(ROUND(OFFSET($P27,0,AW$13),15-13*ORÇAMENTO!$AF$7)*OFFSET(ORÇAMENTO!$W$15,ROW(AW27)-ROW(AW$15),0),15-13*ORÇAMENTO!$AF$11)),\n         0)","v":0},{"$f":"IF(AND($D27=\"Serviço\",AX$12<>0,$H27>0,OR(AUTOEVENTO<>\"manual\",$M27<>$A$15)),\n        IF(Import.TipoArredondamento<>\"TransfereGOV\",\n              ROUND(OFFSET($P27,0,AX$13),15-13*ORÇAMENTO!$AF$7)/$H27*OFFSET(ORÇAMENTO!$X$15,ROW(AX27)-ROW(AX$15),0),\n              ROUND(ROUND(OFFSET($P27,0,AX$13),15-13*ORÇAMENTO!$AF$7)*OFFSET(ORÇAMENTO!$W$15,ROW(AX27)-ROW(AX$15),0),15-13*ORÇAMENTO!$AF$11)),\n         0)","v":0},{"$f":"IF(AND($D27=\"Serviço\",AY$12<>0,$H27>0,OR(AUTOEVENTO<>\"manual\",$M27<>$A$15)),\n        IF(Import.TipoArredondamento<>\"TransfereGOV\",\n              ROUND(OFFSET($P27,0,AY$13),15-13*ORÇAMENTO!$AF$7)/$H27*OFFSET(ORÇAMENTO!$X$15,ROW(AY27)-ROW(AY$15),0),\n              ROUND(ROUND(OFFSET($P27,0,AY$13),15-13*ORÇAMENTO!$AF$7)*OFFSET(ORÇAMENTO!$W$15,ROW(AY27)-ROW(AY$15),0),15-13*ORÇAMENTO!$AF$11)),\n         0)","v":0},{"$f":"IF(AND($D27=\"Serviço\",AZ$12<>0,$H27>0,OR(AUTOEVENTO<>\"manual\",$M27<>$A$15)),\n        IF(Import.TipoArredondamento<>\"TransfereGOV\",\n              ROUND(OFFSET($P27,0,AZ$13),15-13*ORÇAMENTO!$AF$7)/$H27*OFFSET(ORÇAMENTO!$X$15,ROW(AZ27)-ROW(AZ$15),0),\n              ROUND(ROUND(OFFSET($P27,0,AZ$13),15-13*ORÇAMENTO!$AF$7)*OFFSET(ORÇAMENTO!$W$15,ROW(AZ27)-ROW(AZ$15),0),15-13*ORÇAMENTO!$AF$11)),\n         0)","v":0},{"$f":"IF(AND($D27=\"Serviço\",BA$12<>0,$H27>0,OR(AUTOEVENTO<>\"manual\",$M27<>$A$15)),\n        IF(Import.TipoArredondamento<>\"TransfereGOV\",\n              ROUND(OFFSET($P27,0,BA$13),15-13*ORÇAMENTO!$AF$7)/$H27*OFFSET(ORÇAMENTO!$X$15,ROW(BA27)-ROW(BA$15),0),\n              ROUND(ROUND(OFFSET($P27,0,BA$13),15-13*ORÇAMENTO!$AF$7)*OFFSET(ORÇAMENTO!$W$15,ROW(BA27)-ROW(BA$15),0),15-13*ORÇAMENTO!$AF$11)),\n         0)","v":0},{"$f":"IF(AND($D27=\"Serviço\",BB$12<>0,$H27>0,OR(AUTOEVENTO<>\"manual\",$M27<>$A$15)),\n        IF(Import.TipoArredondamento<>\"TransfereGOV\",\n              ROUND(OFFSET($P27,0,BB$13),15-13*ORÇAMENTO!$AF$7)/$H27*OFFSET(ORÇAMENTO!$X$15,ROW(BB27)-ROW(BB$15),0),\n              ROUND(ROUND(OFFSET($P27,0,BB$13),15-13*ORÇAMENTO!$AF$7)*OFFSET(ORÇAMENTO!$W$15,ROW(BB27)-ROW(BB$15),0),15-13*ORÇAMENTO!$AF$11)),\n         0)","v":0},{"$f":"IF(AND($D27=\"Serviço\",BC$12<>0,$H27>0,OR(AUTOEVENTO<>\"manual\",$M27<>$A$15)),\n        IF(Import.TipoArredondamento<>\"TransfereGOV\",\n              ROUND(OFFSET($P27,0,BC$13),15-13*ORÇAMENTO!$AF$7)/$H27*OFFSET(ORÇAMENTO!$X$15,ROW(BC27)-ROW(BC$15),0),\n              ROUND(ROUND(OFFSET($P27,0,BC$13),15-13*ORÇAMENTO!$AF$7)*OFFSET(ORÇAMENTO!$W$15,ROW(BC27)-ROW(BC$15),0),15-13*ORÇAMENTO!$AF$11)),\n         0)","v":0},{"$f":"IF(AND($D27=\"Serviço\",BD$12<>0,$H27>0,OR(AUTOEVENTO<>\"manual\",$M27<>$A$15)),\n        IF(Import.TipoArredondamento<>\"TransfereGOV\",\n              ROUND(OFFSET($P27,0,BD$13),15-13*ORÇAMENTO!$AF$7)/$H27*OFFSET(ORÇAMENTO!$X$15,ROW(BD27)-ROW(BD$15),0),\n              ROUND(ROUND(OFFSET($P27,0,BD$13),15-13*ORÇAMENTO!$AF$7)*OFFSET(ORÇAMENTO!$W$15,ROW(BD27)-ROW(BD$15),0),15-13*ORÇAMENTO!$AF$11)),\n         0)","v":0},{"$f":"IF(AND($D27=\"Serviço\",BE$12<>0,$H27>0,OR(AUTOEVENTO<>\"manual\",$M27<>$A$15)),\n        IF(Import.TipoArredondamento<>\"TransfereGOV\",\n              ROUND(OFFSET($P27,0,BE$13),15-13*ORÇAMENTO!$AF$7)/$H27*OFFSET(ORÇAMENTO!$X$15,ROW(BE27)-ROW(BE$15),0),\n              ROUND(ROUND(OFFSET($P27,0,BE$13),15-13*ORÇAMENTO!$AF$7)*OFFSET(ORÇAMENTO!$W$15,ROW(BE27)-ROW(BE$15),0),15-13*ORÇAMENTO!$AF$11)),\n         0)","v":0},{"$f":"IF(AND($D27=\"Serviço\",BF$12<>0,$H27>0,OR(AUTOEVENTO<>\"manual\",$M27<>$A$15)),\n        IF(Import.TipoArredondamento<>\"TransfereGOV\",\n              ROUND(OFFSET($P27,0,BF$13),15-13*ORÇAMENTO!$AF$7)/$H27*OFFSET(ORÇAMENTO!$X$15,ROW(BF27)-ROW(BF$15),0),\n              ROUND(ROUND(OFFSET($P27,0,BF$13),15-13*ORÇAMENTO!$AF$7)*OFFSET(ORÇAMENTO!$W$15,ROW(BF27)-ROW(BF$15),0),15-13*ORÇAMENTO!$AF$11)),\n         0)","v":0},{"$f":"IF(AND($D27=\"Serviço\",BG$12<>0,$H27>0,OR(AUTOEVENTO<>\"manual\",$M27<>$A$15)),\n        IF(Import.TipoArredondamento<>\"TransfereGOV\",\n              ROUND(OFFSET($P27,0,BG$13),15-13*ORÇAMENTO!$AF$7)/$H27*OFFSET(ORÇAMENTO!$X$15,ROW(BG27)-ROW(BG$15),0),\n              ROUND(ROUND(OFFSET($P27,0,BG$13),15-13*ORÇAMENTO!$AF$7)*OFFSET(ORÇAMENTO!$W$15,ROW(BG27)-ROW(BG$15),0),15-13*ORÇAMENTO!$AF$11)),\n         0)","v":0},{"$f":"IF(AND($D27=\"Serviço\",BH$12<>0,$H27>0,OR(AUTOEVENTO<>\"manual\",$M27<>$A$15)),\n        IF(Import.TipoArredondamento<>\"TransfereGOV\",\n              ROUND(OFFSET($P27,0,BH$13),15-13*ORÇAMENTO!$AF$7)/$H27*OFFSET(ORÇAMENTO!$X$15,ROW(BH27)-ROW(BH$15),0),\n              ROUND(ROUND(OFFSET($P27,0,BH$13),15-13*ORÇAMENTO!$AF$7)*OFFSET(ORÇAMENTO!$W$15,ROW(BH27)-ROW(BH$15),0),15-13*ORÇAMENTO!$AF$11)),\n         0)","v":0},{"$f":"IF(AND($D27=\"Serviço\",BI$12<>0,$H27>0,OR(AUTOEVENTO<>\"manual\",$M27<>$A$15)),\n        IF(Import.TipoArredondamento<>\"TransfereGOV\",\n              ROUND(OFFSET($P27,0,BI$13),15-13*ORÇAMENTO!$AF$7)/$H27*OFFSET(ORÇAMENTO!$X$15,ROW(BI27)-ROW(BI$15),0),\n              ROUND(ROUND(OFFSET($P27,0,BI$13),15-13*ORÇAMENTO!$AF$7)*OFFSET(ORÇAMENTO!$W$15,ROW(BI27)-ROW(BI$15),0),15-13*ORÇAMENTO!$AF$11)),\n         0)","v":0},{"$f":"IF(AND($D27=\"Serviço\",BJ$12<>0,$H27>0,OR(AUTOEVENTO<>\"manual\",$M27<>$A$15)),\n        IF(Import.TipoArredondamento<>\"TransfereGOV\",\n              ROUND(OFFSET($P27,0,BJ$13),15-13*ORÇAMENTO!$AF$7)/$H27*OFFSET(ORÇAMENTO!$X$15,ROW(BJ27)-ROW(BJ$15),0),\n              ROUND(ROUND(OFFSET($P27,0,BJ$13),15-13*ORÇAMENTO!$AF$7)*OFFSET(ORÇAMENTO!$W$15,ROW(BJ27)-ROW(BJ$15),0),15-13*ORÇAMENTO!$AF$11)),\n         0)","v":0},{"$f":"IF(AND($D27=\"Serviço\",BK$12<>0,$H27>0,OR(AUTOEVENTO<>\"manual\",$M27<>$A$15)),\n        IF(Import.TipoArredondamento<>\"TransfereGOV\",\n              ROUND(OFFSET($P27,0,BK$13),15-13*ORÇAMENTO!$AF$7)/$H27*OFFSET(ORÇAMENTO!$X$15,ROW(BK27)-ROW(BK$15),0),\n              ROUND(ROUND(OFFSET($P27,0,BK$13),15-13*ORÇAMENTO!$AF$7)*OFFSET(ORÇAMENTO!$W$15,ROW(BK27)-ROW(BK$15),0),15-13*ORÇAMENTO!$AF$11)),\n         0)","v":0},{"$f":"IF(AND($D27=\"Serviço\",BL$12<>0,$H27>0,OR(AUTOEVENTO<>\"manual\",$M27<>$A$15)),\n        IF(Import.TipoArredondamento<>\"TransfereGOV\",\n              ROUND(OFFSET($P27,0,BL$13),15-13*ORÇAMENTO!$AF$7)/$H27*OFFSET(ORÇAMENTO!$X$15,ROW(BL27)-ROW(BL$15),0),\n              ROUND(ROUND(OFFSET($P27,0,BL$13),15-13*ORÇAMENTO!$AF$7)*OFFSET(ORÇAMENTO!$W$15,ROW(BL27)-ROW(BL$15),0),15-13*ORÇAMENTO!$AF$11)),\n         0)","v":0},{"$f":"IF(AND($D27=\"Serviço\",BM$12<>0,$H27>0,OR(AUTOEVENTO<>\"manual\",$M27<>$A$15)),\n        IF(Import.TipoArredondamento<>\"TransfereGOV\",\n              ROUND(OFFSET($P27,0,BM$13),15-13*ORÇAMENTO!$AF$7)/$H27*OFFSET(ORÇAMENTO!$X$15,ROW(BM27)-ROW(BM$15),0),\n              ROUND(ROUND(OFFSET($P27,0,BM$13),15-13*ORÇAMENTO!$AF$7)*OFFSET(ORÇAMENTO!$W$15,ROW(BM27)-ROW(BM$15),0),15-13*ORÇAMENTO!$AF$11)),\n         0)","v":0},{"$f":"IF(AND($D27=\"Serviço\",BN$12<>0,$H27>0,OR(AUTOEVENTO<>\"manual\",$M27<>$A$15)),\n        IF(Import.TipoArredondamento<>\"TransfereGOV\",\n              ROUND(OFFSET($P27,0,BN$13),15-13*ORÇAMENTO!$AF$7)/$H27*OFFSET(ORÇAMENTO!$X$15,ROW(BN27)-ROW(BN$15),0),\n              ROUND(ROUND(OFFSET($P27,0,BN$13),15-13*ORÇAMENTO!$AF$7)*OFFSET(ORÇAMENTO!$W$15,ROW(BN27)-ROW(BN$15),0),15-13*ORÇAMENTO!$AF$11)),\n         0)","v":0},{"$f":"IF(AND($D27=\"Serviço\",BO$12<>0,$H27>0,OR(AUTOEVENTO<>\"manual\",$M27<>$A$15)),\n        IF(Import.TipoArredondamento<>\"TransfereGOV\",\n              ROUND(OFFSET($P27,0,BO$13),15-13*ORÇAMENTO!$AF$7)/$H27*OFFSET(ORÇAMENTO!$X$15,ROW(BO27)-ROW(BO$15),0),\n              ROUND(ROUND(OFFSET($P27,0,BO$13),15-13*ORÇAMENTO!$AF$7)*OFFSET(ORÇAMENTO!$W$15,ROW(BO27)-ROW(BO$15),0),15-13*ORÇAMENTO!$AF$11)),\n         0)","v":0},{"$f":"IF(AND($D27=\"Serviço\",BP$12<>0,$H27>0,OR(AUTOEVENTO<>\"manual\",$M27<>$A$15)),\n        IF(Import.TipoArredondamento<>\"TransfereGOV\",\n              ROUND(OFFSET($P27,0,BP$13),15-13*ORÇAMENTO!$AF$7)/$H27*OFFSET(ORÇAMENTO!$X$15,ROW(BP27)-ROW(BP$15),0),\n              ROUND(ROUND(OFFSET($P27,0,BP$13),15-13*ORÇAMENTO!$AF$7)*OFFSET(ORÇAMENTO!$W$15,ROW(BP27)-ROW(BP$15),0),15-13*ORÇAMENTO!$AF$11)),\n         0)","v":0},{"$f":"IF(AND($D27=\"Serviço\",BQ$12<>0,$H27>0,OR(AUTOEVENTO<>\"manual\",$M27<>$A$15)),\n        IF(Import.TipoArredondamento<>\"TransfereGOV\",\n              ROUND(OFFSET($P27,0,BQ$13),15-13*ORÇAMENTO!$AF$7)/$H27*OFFSET(ORÇAMENTO!$X$15,ROW(BQ27)-ROW(BQ$15),0),\n              ROUND(ROUND(OFFSET($P27,0,BQ$13),15-13*ORÇAMENTO!$AF$7)*OFFSET(ORÇAMENTO!$W$15,ROW(BQ27)-ROW(BQ$15),0),15-13*ORÇAMENTO!$AF$11)),\n         0)","v":0},null,{"$f":"IF(OR($D27<>\"Serviço\",AND(AUTOEVENTO=\"Manual\",$M27=$A$15)),0,\n         IF(OFFSET(CRONOPLE!$F$15,$M27-$A$15,BS$13)=0,10^12,OFFSET(CRONOPLE!$F$15,$M27-$A$15,BS$13)))","v":1},{"$f":"IF(OR($D27<>\"Serviço\",AND(AUTOEVENTO=\"Manual\",$M27=$A$15)),0,\n         IF(OFFSET(CRONOPLE!$F$15,$M27-$A$15,BT$13)=0,10^12,OFFSET(CRONOPLE!$F$15,$M27-$A$15,BT$13)))","v":1},{"$f":"IF(OR($D27<>\"Serviço\",AND(AUTOEVENTO=\"Manual\",$M27=$A$15)),0,\n         IF(OFFSET(CRONOPLE!$F$15,$M27-$A$15,BU$13)=0,10^12,OFFSET(CRONOPLE!$F$15,$M27-$A$15,BU$13)))","v":1},{"$f":"IF(OR($D27<>\"Serviço\",AND(AUTOEVENTO=\"Manual\",$M27=$A$15)),0,\n         IF(OFFSET(CRONOPLE!$F$15,$M27-$A$15,BV$13)=0,10^12,OFFSET(CRONOPLE!$F$15,$M27-$A$15,BV$13)))","v":1},{"$f":"IF(OR($D27<>\"Serviço\",AND(AUTOEVENTO=\"Manual\",$M27=$A$15)),0,\n         IF(OFFSET(CRONOPLE!$F$15,$M27-$A$15,BW$13)=0,10^12,OFFSET(CRONOPLE!$F$15,$M27-$A$15,BW$13)))","v":1},{"$f":"IF(OR($D27<>\"Serviço\",AND(AUTOEVENTO=\"Manual\",$M27=$A$15)),0,\n         IF(OFFSET(CRONOPLE!$F$15,$M27-$A$15,BX$13)=0,10^12,OFFSET(CRONOPLE!$F$15,$M27-$A$15,BX$13)))","v":1},{"$f":"IF(OR($D27<>\"Serviço\",AND(AUTOEVENTO=\"Manual\",$M27=$A$15)),0,\n         IF(OFFSET(CRONOPLE!$F$15,$M27-$A$15,BY$13)=0,10^12,OFFSET(CRONOPLE!$F$15,$M27-$A$15,BY$13)))","v":1},{"$f":"IF(OR($D27<>\"Serviço\",AND(AUTOEVENTO=\"Manual\",$M27=$A$15)),0,\n         IF(OFFSET(CRONOPLE!$F$15,$M27-$A$15,BZ$13)=0,10^12,OFFSET(CRONOPLE!$F$15,$M27-$A$15,BZ$13)))","v":7},{"$f":"IF(OR($D27<>\"Serviço\",AND(AUTOEVENTO=\"Manual\",$M27=$A$15)),0,\n         IF(OFFSET(CRONOPLE!$F$15,$M27-$A$15,CA$13)=0,10^12,OFFSET(CRONOPLE!$F$15,$M27-$A$15,CA$13)))","v":7},{"$f":"IF(OR($D27<>\"Serviço\",AND(AUTOEVENTO=\"Manual\",$M27=$A$15)),0,\n         IF(OFFSET(CRONOPLE!$F$15,$M27-$A$15,CB$13)=0,10^12,OFFSET(CRONOPLE!$F$15,$M27-$A$15,CB$13)))","v":7},{"$f":"IF(OR($D27<>\"Serviço\",AND(AUTOEVENTO=\"Manual\",$M27=$A$15)),0,\n         IF(OFFSET(CRONOPLE!$F$15,$M27-$A$15,CC$13)=0,10^12,OFFSET(CRONOPLE!$F$15,$M27-$A$15,CC$13)))","v":13},{"$f":"IF(OR($D27<>\"Serviço\",AND(AUTOEVENTO=\"Manual\",$M27=$A$15)),0,\n         IF(OFFSET(CRONOPLE!$F$15,$M27-$A$15,CD$13)=0,10^12,OFFSET(CRONOPLE!$F$15,$M27-$A$15,CD$13)))","v":13},{"$f":"IF(OR($D27<>\"Serviço\",AND(AUTOEVENTO=\"Manual\",$M27=$A$15)),0,\n         IF(OFFSET(CRONOPLE!$F$15,$M27-$A$15,CE$13)=0,10^12,OFFSET(CRONOPLE!$F$15,$M27-$A$15,CE$13)))","v":13},{"$f":"IF(OR($D27<>\"Serviço\",AND(AUTOEVENTO=\"Manual\",$M27=$A$15)),0,\n         IF(OFFSET(CRONOPLE!$F$15,$M27-$A$15,CF$13)=0,10^12,OFFSET(CRONOPLE!$F$15,$M27-$A$15,CF$13)))","v":13},{"$f":"IF(OR($D27<>\"Serviço\",AND(AUTOEVENTO=\"Manual\",$M27=$A$15)),0,\n         IF(OFFSET(CRONOPLE!$F$15,$M27-$A$15,CG$13)=0,10^12,OFFSET(CRONOPLE!$F$15,$M27-$A$15,CG$13)))","v":13},{"$f":"IF(OR($D27<>\"Serviço\",AND(AUTOEVENTO=\"Manual\",$M27=$A$15)),0,\n         IF(OFFSET(CRONOPLE!$F$15,$M27-$A$15,CH$13)=0,10^12,OFFSET(CRONOPLE!$F$15,$M27-$A$15,CH$13)))","v":19},{"$f":"IF(OR($D27<>\"Serviço\",AND(AUTOEVENTO=\"Manual\",$M27=$A$15)),0,\n         IF(OFFSET(CRONOPLE!$F$15,$M27-$A$15,CI$13)=0,10^12,OFFSET(CRONOPLE!$F$15,$M27-$A$15,CI$13)))","v":19},{"$f":"IF(OR($D27<>\"Serviço\",AND(AUTOEVENTO=\"Manual\",$M27=$A$15)),0,\n         IF(OFFSET(CRONOPLE!$F$15,$M27-$A$15,CJ$13)=0,10^12,OFFSET(CRONOPLE!$F$15,$M27-$A$15,CJ$13)))","v":19},{"$f":"IF(OR($D27<>\"Serviço\",AND(AUTOEVENTO=\"Manual\",$M27=$A$15)),0,\n         IF(OFFSET(CRONOPLE!$F$15,$M27-$A$15,CK$13)=0,10^12,OFFSET(CRONOPLE!$F$15,$M27-$A$15,CK$13)))","v":19},{"$f":"IF(OR($D27<>\"Serviço\",AND(AUTOEVENTO=\"Manual\",$M27=$A$15)),0,\n         IF(OFFSET(CRONOPLE!$F$15,$M27-$A$15,CL$13)=0,10^12,OFFSET(CRONOPLE!$F$15,$M27-$A$15,CL$13)))","v":19},{"$f":"IF(OR($D27<>\"Serviço\",AND(AUTOEVENTO=\"Manual\",$M27=$A$15)),0,\n         IF(OFFSET(CRONOPLE!$F$15,$M27-$A$15,CM$13)=0,10^12,OFFSET(CRONOPLE!$F$15,$M27-$A$15,CM$13)))","v":1000000000000},{"$f":"IF(OR($D27<>\"Serviço\",AND(AUTOEVENTO=\"Manual\",$M27=$A$15)),0,\n         IF(OFFSET(CRONOPLE!$F$15,$M27-$A$15,CN$13)=0,10^12,OFFSET(CRONOPLE!$F$15,$M27-$A$15,CN$13)))","v":1000000000000},{"$f":"IF(OR($D27<>\"Serviço\",AND(AUTOEVENTO=\"Manual\",$M27=$A$15)),0,\n         IF(OFFSET(CRONOPLE!$F$15,$M27-$A$15,CO$13)=0,10^12,OFFSET(CRONOPLE!$F$15,$M27-$A$15,CO$13)))","v":1000000000000},{"$f":"IF(OR($D27<>\"Serviço\",AND(AUTOEVENTO=\"Manual\",$M27=$A$15)),0,\n         IF(OFFSET(CRONOPLE!$F$15,$M27-$A$15,CP$13)=0,10^12,OFFSET(CRONOPLE!$F$15,$M27-$A$15,CP$13)))","v":1000000000000},{"$f":"IF(OR($D27<>\"Serviço\",AND(AUTOEVENTO=\"Manual\",$M27=$A$15)),0,\n         IF(OFFSET(CRONOPLE!$F$15,$M27-$A$15,CQ$13)=0,10^12,OFFSET(CRONOPLE!$F$15,$M27-$A$15,CQ$13)))","v":1000000000000},{"$f":"IF(OR($D27<>\"Serviço\",AND(AUTOEVENTO=\"Manual\",$M27=$A$15)),0,\n         IF(OFFSET(CRONOPLE!$F$15,$M27-$A$15,CR$13)=0,10^12,OFFSET(CRONOPLE!$F$15,$M27-$A$15,CR$13)))","v":1000000000000},null,{"$f":"IF(OR($D27<>\"Serviço\",AND(AUTOEVENTO=\"Manual\",$M27=$A$15),$M27>(ROW(PLE.lastrow)-ROW(PLE.firstrow))),0,\n           IF(OFFSET(PLE!$G$15,$M27-$A$15,CT$13)=\"\",10^12,OFFSET(PLE!$G$15,$M27-$A$15,CT$13)))","v":1000000000000},{"$f":"IF(OR($D27<>\"Serviço\",AND(AUTOEVENTO=\"Manual\",$M27=$A$15),$M27>(ROW(PLE.lastrow)-ROW(PLE.firstrow))),0,\n           IF(OFFSET(PLE!$G$15,$M27-$A$15,CU$13)=\"\",10^12,OFFSET(PLE!$G$15,$M27-$A$15,CU$13)))","v":1000000000000},{"$f":"IF(OR($D27<>\"Serviço\",AND(AUTOEVENTO=\"Manual\",$M27=$A$15),$M27>(ROW(PLE.lastrow)-ROW(PLE.firstrow))),0,\n           IF(OFFSET(PLE!$G$15,$M27-$A$15,CV$13)=\"\",10^12,OFFSET(PLE!$G$15,$M27-$A$15,CV$13)))","v":1000000000000},{"$f":"IF(OR($D27<>\"Serviço\",AND(AUTOEVENTO=\"Manual\",$M27=$A$15),$M27>(ROW(PLE.lastrow)-ROW(PLE.firstrow))),0,\n           IF(OFFSET(PLE!$G$15,$M27-$A$15,CW$13)=\"\",10^12,OFFSET(PLE!$G$15,$M27-$A$15,CW$13)))","v":1000000000000},{"$f":"IF(OR($D27<>\"Serviço\",AND(AUTOEVENTO=\"Manual\",$M27=$A$15),$M27>(ROW(PLE.lastrow)-ROW(PLE.firstrow))),0,\n           IF(OFFSET(PLE!$G$15,$M27-$A$15,CX$13)=\"\",10^12,OFFSET(PLE!$G$15,$M27-$A$15,CX$13)))","v":1000000000000},{"$f":"IF(OR($D27<>\"Serviço\",AND(AUTOEVENTO=\"Manual\",$M27=$A$15),$M27>(ROW(PLE.lastrow)-ROW(PLE.firstrow))),0,\n           IF(OFFSET(PLE!$G$15,$M27-$A$15,CY$13)=\"\",10^12,OFFSET(PLE!$G$15,$M27-$A$15,CY$13)))","v":1000000000000},{"$f":"IF(OR($D27<>\"Serviço\",AND(AUTOEVENTO=\"Manual\",$M27=$A$15),$M27>(ROW(PLE.lastrow)-ROW(PLE.firstrow))),0,\n           IF(OFFSET(PLE!$G$15,$M27-$A$15,CZ$13)=\"\",10^12,OFFSET(PLE!$G$15,$M27-$A$15,CZ$13)))","v":1000000000000},{"$f":"IF(OR($D27<>\"Serviço\",AND(AUTOEVENTO=\"Manual\",$M27=$A$15),$M27>(ROW(PLE.lastrow)-ROW(PLE.firstrow))),0,\n           IF(OFFSET(PLE!$G$15,$M27-$A$15,DA$13)=\"\",10^12,OFFSET(PLE!$G$15,$M27-$A$15,DA$13)))","v":1000000000000},{"$f":"IF(OR($D27<>\"Serviço\",AND(AUTOEVENTO=\"Manual\",$M27=$A$15),$M27>(ROW(PLE.lastrow)-ROW(PLE.firstrow))),0,\n           IF(OFFSET(PLE!$G$15,$M27-$A$15,DB$13)=\"\",10^12,OFFSET(PLE!$G$15,$M27-$A$15,DB$13)))","v":1000000000000},{"$f":"IF(OR($D27<>\"Serviço\",AND(AUTOEVENTO=\"Manual\",$M27=$A$15),$M27>(ROW(PLE.lastrow)-ROW(PLE.firstrow))),0,\n           IF(OFFSET(PLE!$G$15,$M27-$A$15,DC$13)=\"\",10^12,OFFSET(PLE!$G$15,$M27-$A$15,DC$13)))","v":1000000000000},{"$f":"IF(OR($D27<>\"Serviço\",AND(AUTOEVENTO=\"Manual\",$M27=$A$15),$M27>(ROW(PLE.lastrow)-ROW(PLE.firstrow))),0,\n           IF(OFFSET(PLE!$G$15,$M27-$A$15,DD$13)=\"\",10^12,OFFSET(PLE!$G$15,$M27-$A$15,DD$13)))","v":1000000000000},{"$f":"IF(OR($D27<>\"Serviço\",AND(AUTOEVENTO=\"Manual\",$M27=$A$15),$M27>(ROW(PLE.lastrow)-ROW(PLE.firstrow))),0,\n           IF(OFFSET(PLE!$G$15,$M27-$A$15,DE$13)=\"\",10^12,OFFSET(PLE!$G$15,$M27-$A$15,DE$13)))","v":1000000000000},{"$f":"IF(OR($D27<>\"Serviço\",AND(AUTOEVENTO=\"Manual\",$M27=$A$15),$M27>(ROW(PLE.lastrow)-ROW(PLE.firstrow))),0,\n           IF(OFFSET(PLE!$G$15,$M27-$A$15,DF$13)=\"\",10^12,OFFSET(PLE!$G$15,$M27-$A$15,DF$13)))","v":1000000000000},{"$f":"IF(OR($D27<>\"Serviço\",AND(AUTOEVENTO=\"Manual\",$M27=$A$15),$M27>(ROW(PLE.lastrow)-ROW(PLE.firstrow))),0,\n           IF(OFFSET(PLE!$G$15,$M27-$A$15,DG$13)=\"\",10^12,OFFSET(PLE!$G$15,$M27-$A$15,DG$13)))","v":1000000000000},{"$f":"IF(OR($D27<>\"Serviço\",AND(AUTOEVENTO=\"Manual\",$M27=$A$15),$M27>(ROW(PLE.lastrow)-ROW(PLE.firstrow))),0,\n           IF(OFFSET(PLE!$G$15,$M27-$A$15,DH$13)=\"\",10^12,OFFSET(PLE!$G$15,$M27-$A$15,DH$13)))","v":1000000000000},{"$f":"IF(OR($D27<>\"Serviço\",AND(AUTOEVENTO=\"Manual\",$M27=$A$15),$M27>(ROW(PLE.lastrow)-ROW(PLE.firstrow))),0,\n           IF(OFFSET(PLE!$G$15,$M27-$A$15,DI$13)=\"\",10^12,OFFSET(PLE!$G$15,$M27-$A$15,DI$13)))","v":1000000000000},{"$f":"IF(OR($D27<>\"Serviço\",AND(AUTOEVENTO=\"Manual\",$M27=$A$15),$M27>(ROW(PLE.lastrow)-ROW(PLE.firstrow))),0,\n           IF(OFFSET(PLE!$G$15,$M27-$A$15,DJ$13)=\"\",10^12,OFFSET(PLE!$G$15,$M27-$A$15,DJ$13)))","v":1000000000000},{"$f":"IF(OR($D27<>\"Serviço\",AND(AUTOEVENTO=\"Manual\",$M27=$A$15),$M27>(ROW(PLE.lastrow)-ROW(PLE.firstrow))),0,\n           IF(OFFSET(PLE!$G$15,$M27-$A$15,DK$13)=\"\",10^12,OFFSET(PLE!$G$15,$M27-$A$15,DK$13)))","v":1000000000000},{"$f":"IF(OR($D27<>\"Serviço\",AND(AUTOEVENTO=\"Manual\",$M27=$A$15),$M27>(ROW(PLE.lastrow)-ROW(PLE.firstrow))),0,\n           IF(OFFSET(PLE!$G$15,$M27-$A$15,DL$13)=\"\",10^12,OFFSET(PLE!$G$15,$M27-$A$15,DL$13)))","v":1000000000000},{"$f":"IF(OR($D27<>\"Serviço\",AND(AUTOEVENTO=\"Manual\",$M27=$A$15),$M27>(ROW(PLE.lastrow)-ROW(PLE.firstrow))),0,\n           IF(OFFSET(PLE!$G$15,$M27-$A$15,DM$13)=\"\",10^12,OFFSET(PLE!$G$15,$M27-$A$15,DM$13)))","v":1000000000000},{"$f":"IF(OR($D27<>\"Serviço\",AND(AUTOEVENTO=\"Manual\",$M27=$A$15),$M27>(ROW(PLE.lastrow)-ROW(PLE.firstrow))),0,\n           IF(OFFSET(PLE!$G$15,$M27-$A$15,DN$13)=\"\",10^12,OFFSET(PLE!$G$15,$M27-$A$15,DN$13)))","v":1000000000000},{"$f":"IF(OR($D27<>\"Serviço\",AND(AUTOEVENTO=\"Manual\",$M27=$A$15),$M27>(ROW(PLE.lastrow)-ROW(PLE.firstrow))),0,\n           IF(OFFSET(PLE!$G$15,$M27-$A$15,DO$13)=\"\",10^12,OFFSET(PLE!$G$15,$M27-$A$15,DO$13)))","v":1000000000000},{"$f":"IF(OR($D27<>\"Serviço\",AND(AUTOEVENTO=\"Manual\",$M27=$A$15),$M27>(ROW(PLE.lastrow)-ROW(PLE.firstrow))),0,\n           IF(OFFSET(PLE!$G$15,$M27-$A$15,DP$13)=\"\",10^12,OFFSET(PLE!$G$15,$M27-$A$15,DP$13)))","v":1000000000000},{"$f":"IF(OR($D27<>\"Serviço\",AND(AUTOEVENTO=\"Manual\",$M27=$A$15),$M27>(ROW(PLE.lastrow)-ROW(PLE.firstrow))),0,\n           IF(OFFSET(PLE!$G$15,$M27-$A$15,DQ$13)=\"\",10^12,OFFSET(PLE!$G$15,$M27-$A$15,DQ$13)))","v":1000000000000},{"$f":"IF(OR($D27<>\"Serviço\",AND(AUTOEVENTO=\"Manual\",$M27=$A$15),$M27>(ROW(PLE.lastrow)-ROW(PLE.firstrow))),0,\n           IF(OFFSET(PLE!$G$15,$M27-$A$15,DR$13)=\"\",10^12,OFFSET(PLE!$G$15,$M27-$A$15,DR$13)))","v":1000000000000},{"$f":"IF(OR($D27<>\"Serviço\",AND(AUTOEVENTO=\"Manual\",$M27=$A$15),$M27>(ROW(PLE.lastrow)-ROW(PLE.firstrow))),0,\n           IF(OFFSET(PLE!$G$15,$M27-$A$15,DS$13)=\"\",10^12,OFFSET(PLE!$G$15,$M27-$A$15,DS$13)))","v":1000000000000}]
["8",{"$f":"OFFSET(ORÇAMENTO!C$15,$L28,0)","v":"S"},{"$f":"OFFSET(ORÇAMENTO!L$15,$L28,0)","v":"F"},{"$f":"OFFSET(ORÇAMENTO!N$15,$L28,0)","v":"Serviço"},{"$f":"OFFSET(ORÇAMENTO!O$15,$L28,0)","v":"1.3.1.1.5."},{"$f":"OFFSET(ORÇAMENTO!R$15,$L28,0)","v":"ARMAÇÃO DE SAPATA ISOLADA, VIGA BALDRAME E SAPATA CORRIDA UTILIZANDO AÇO CA-50 DE 10 MM - MONTAGEM. AF_01/2024"},{"$f":"IF($D28<>\"Serviço\",\"\",OFFSET(ORÇAMENTO!S$15,$L28,0))","v":"KG"},{"$f":"IF($D28<>\"Serviço\",0,IF(ACOMPANHAMENTO=\"BM\",ROUND(OFFSET(ORÇAMENTO!AJ$15,$L28,0),15-13*ORÇAMENTO!$AF$7),IF(IFERROR(CÁLCULO.FrentesPreenchidas,0)=0,0,SUM(ROUND(OFFSET($P28,0,1,1,CÁLCULO.FrentesPreenchidas),15-13*ORÇAMENTO!$AF$7)))))","v":253.5},"Conforme modelo disponibilizado pela CAIXA",{"$f":"IF(OR(B28<>\"S\",CÁLCULO.FrentesPreenchidas=0),\"\",IF(AND(ACOMPANHAMENTO=\"PLE\",AUTOEVENTO=\"Manual\",OR(H28>0,ORÇAMENTO!AC28=\"QUANT.\"),OR(K28=\"\",M28=0,N28=\"\")),\"►E\",IF(AND(ACOMPANHAMENTO=\"PLE\",ORÇAMENTO!AC28=\"QUANT.\"),\"►Q\",IF(AND(ACOMPANHAMENTO=\"PLE\",H28<>SUMPRODUCT(($Q$1:$AQ$1=1)*ROUND(Q28:AQ28,15))),\"►S\",IF(AND(COUNTIF($P$11:$AQ$11,\"▼\")=0,H28>0,I28=\"\"),\"◄M\",\"\")))))","v":""},"3. SAPATA",13,{"$f":"IF($D28<>\"Serviço\",\"\",\n          IF(AUTOEVENTO=\"manual\",$A28,\n                IF(ISERROR(MATCH($A28,$A$15:OFFSET($A28,-1,0),0)),MAX($M$15:OFFSET(M28,-1,0))+1,\n                      INDEX($M$15:OFFSET(M28,-1,0),MATCH($A28,$A$15:OFFSET($A28,-1,0),0)))))","v":3},{"$f":"IF($D28<>\"Serviço\",\"\",\n         IF(AUTOEVENTO=\"Manual\",\n                IF($A28=0,\"<-- defina o número do agrupador\",\n                       OFFSET(EVENTOS!$D$15,$A28-$A$15,0)),\n                OFFSET($F$15,$A28,0)))","v":"SAPATA"},null,null,50.7,50.7,50.7,50.7,50.7,null,null,null,null,null,null,null,null,null,null,null,null,null,null,null,null,null,null,null,null,null,null,{"$f":"IF(AND($D28=\"Serviço\",AR$12<>0,$H28>0,OR(AUTOEVENTO<>\"manual\",$M28<>$A$15)),\n        IF(Import.TipoArredondamento<>\"TransfereGOV\",\n              ROUND(OFFSET($P28,0,AR$13),15-13*ORÇAMENTO!$AF$7)/$H28*OFFSET(ORÇAMENTO!$X$15,ROW(AR28)-ROW(AR$15),0),\n              ROUND(ROUND(OFFSET($P28,0,AR$13),15-13*ORÇAMENTO!$AF$7)*OFFSET(ORÇAMENTO!$W$15,ROW(AR28)-ROW(AR$15),0),15-13*ORÇAMENTO!$AF$11)),\n         0)","v":748.84},{"$f":"IF(AND($D28=\"Serviço\",AS$12<>0,$H28>0,OR(AUTOEVENTO<>\"manual\",$M28<>$A$15)),\n        IF(Import.TipoArredondamento<>\"TransfereGOV\",\n              ROUND(OFFSET($P28,0,AS$13),15-13*ORÇAMENTO!$AF$7)/$H28*OFFSET(ORÇAMENTO!$X$15,ROW(AS28)-ROW(AS$15),0),\n              ROUND(ROUND(OFFSET($P28,0,AS$13),15-13*ORÇAMENTO!$AF$7)*OFFSET(ORÇAMENTO!$W$15,ROW(AS28)-ROW(AS$15),0),15-13*ORÇAMENTO!$AF$11)),\n         0)","v":748.84},{"$f":"IF(AND($D28=\"Serviço\",AT$12<>0,$H28>0,OR(AUTOEVENTO<>\"manual\",$M28<>$A$15)),\n        IF(Import.TipoArredondamento<>\"TransfereGOV\",\n              ROUND(OFFSET($P28,0,AT$13),15-13*ORÇAMENTO!$AF$7)/$H28*OFFSET(ORÇAMENTO!$X$15,ROW(AT28)-ROW(AT$15),0),\n              ROUND(ROUND(OFFSET($P28,0,AT$13),15-13*ORÇAMENTO!$AF$7)*OFFSET(ORÇAMENTO!$W$15,ROW(AT28)-ROW(AT$15),0),15-13*ORÇAMENTO!$AF$11)),\n         0)","v":748.84},{"$f":"IF(AND($D28=\"Serviço\",AU$12<>0,$H28>0,OR(AUTOEVENTO<>\"manual\",$M28<>$A$15)),\n        IF(Import.TipoArredondamento<>\"TransfereGOV\",\n              ROUND(OFFSET($P28,0,AU$13),15-13*ORÇAMENTO!$AF$7)/$H28*OFFSET(ORÇAMENTO!$X$15,ROW(AU28)-ROW(AU$15),0),\n              ROUND(ROUND(OFFSET($P28,0,AU$13),15-13*ORÇAMENTO!$AF$7)*OFFSET(ORÇAMENTO!$W$15,ROW(AU28)-ROW(AU$15),0),15-13*ORÇAMENTO!$AF$11)),\n         0)","v":748.84},{"$f":"IF(AND($D28=\"Serviço\",AV$12<>0,$H28>0,OR(AUTOEVENTO<>\"manual\",$M28<>$A$15)),\n        IF(Import.TipoArredondamento<>\"TransfereGOV\",\n              ROUND(OFFSET($P28,0,AV$13),15-13*ORÇAMENTO!$AF$7)/$H28*OFFSET(ORÇAMENTO!$X$15,ROW(AV28)-ROW(AV$15),0),\n              ROUND(ROUND(OFFSET($P28,0,AV$13),15-13*ORÇAMENTO!$AF$7)*OFFSET(ORÇAMENTO!$W$15,ROW(AV28)-ROW(AV$15),0),15-13*ORÇAMENTO!$AF$11)),\n         0)","v":748.84},{"$f":"IF(AND($D28=\"Serviço\",AW$12<>0,$H28>0,OR(AUTOEVENTO<>\"manual\",$M28<>$A$15)),\n        IF(Import.TipoArredondamento<>\"TransfereGOV\",\n              ROUND(OFFSET($P28,0,AW$13),15-13*ORÇAMENTO!$AF$7)/$H28*OFFSET(ORÇAMENTO!$X$15,ROW(AW28)-ROW(AW$15),0),\n              ROUND(ROUND(OFFSET($P28,0,AW$13),15-13*ORÇAMENTO!$AF$7)*OFFSET(ORÇAMENTO!$W$15,ROW(AW28)-ROW(AW$15),0),15-13*ORÇAMENTO!$AF$11)),\n         0)","v":0},{"$f":"IF(AND($D28=\"Serviço\",AX$12<>0,$H28>0,OR(AUTOEVENTO<>\"manual\",$M28<>$A$15)),\n        IF(Import.TipoArredondamento<>\"TransfereGOV\",\n              ROUND(OFFSET($P28,0,AX$13),15-13*ORÇAMENTO!$AF$7)/$H28*OFFSET(ORÇAMENTO!$X$15,ROW(AX28)-ROW(AX$15),0),\n              ROUND(ROUND(OFFSET($P28,0,AX$13),15-13*ORÇAMENTO!$AF$7)*OFFSET(ORÇAMENTO!$W$15,ROW(AX28)-ROW(AX$15),0),15-13*ORÇAMENTO!$AF$11)),\n         0)","v":0},{"$f":"IF(AND($D28=\"Serviço\",AY$12<>0,$H28>0,OR(AUTOEVENTO<>\"manual\",$M28<>$A$15)),\n        IF(Import.TipoArredondamento<>\"TransfereGOV\",\n              ROUND(OFFSET($P28,0,AY$13),15-13*ORÇAMENTO!$AF$7)/$H28*OFFSET(ORÇAMENTO!$X$15,ROW(AY28)-ROW(AY$15),0),\n              ROUND(ROUND(OFFSET($P28,0,AY$13),15-13*ORÇAMENTO!$AF$7)*OFFSET(ORÇAMENTO!$W$15,ROW(AY28)-ROW(AY$15),0),15-13*ORÇAMENTO!$AF$11)),\n         0)","v":0},{"$f":"IF(AND($D28=\"Serviço\",AZ$12<>0,$H28>0,OR(AUTOEVENTO<>\"manual\",$M28<>$A$15)),\n        IF(Import.TipoArredondamento<>\"TransfereGOV\",\n              ROUND(OFFSET($P28,0,AZ$13),15-13*ORÇAMENTO!$AF$7)/$H28*OFFSET(ORÇAMENTO!$X$15,ROW(AZ28)-ROW(AZ$15),0),\n              ROUND(ROUND(OFFSET($P28,0,AZ$13),15-13*ORÇAMENTO!$AF$7)*OFFSET(ORÇAMENTO!$W$15,ROW(AZ28)-ROW(AZ$15),0),15-13*ORÇAMENTO!$AF$11)),\n         0)","v":0},{"$f":"IF(AND($D28=\"Serviço\",BA$12<>0,$H28>0,OR(AUTOEVENTO<>\"manual\",$M28<>$A$15)),\n        IF(Import.TipoArredondamento<>\"TransfereGOV\",\n              ROUND(OFFSET($P28,0,BA$13),15-13*ORÇAMENTO!$AF$7)/$H28*OFFSET(ORÇAMENTO!$X$15,ROW(BA28)-ROW(BA$15),0),\n              ROUND(ROUND(OFFSET($P28,0,BA$13),15-13*ORÇAMENTO!$AF$7)*OFFSET(ORÇAMENTO!$W$15,ROW(BA28)-ROW(BA$15),0),15-13*ORÇAMENTO!$AF$11)),\n         0)","v":0},{"$f":"IF(AND($D28=\"Serviço\",BB$12<>0,$H28>0,OR(AUTOEVENTO<>\"manual\",$M28<>$A$15)),\n        IF(Import.TipoArredondamento<>\"TransfereGOV\",\n              ROUND(OFFSET($P28,0,BB$13),15-13*ORÇAMENTO!$AF$7)/$H28*OFFSET(ORÇAMENTO!$X$15,ROW(BB28)-ROW(BB$15),0),\n              ROUND(ROUND(OFFSET($P28,0,BB$13),15-13*ORÇAMENTO!$AF$7)*OFFSET(ORÇAMENTO!$W$15,ROW(BB28)-ROW(BB$15),0),15-13*ORÇAMENTO!$AF$11)),\n         0)","v":0},{"$f":"IF(AND($D28=\"Serviço\",BC$12<>0,$H28>0,OR(AUTOEVENTO<>\"manual\",$M28<>$A$15)),\n        IF(Import.TipoArredondamento<>\"TransfereGOV\",\n              ROUND(OFFSET($P28,0,BC$13),15-13*ORÇAMENTO!$AF$7)/$H28*OFFSET(ORÇAMENTO!$X$15,ROW(BC28)-ROW(BC$15),0),\n              ROUND(ROUND(OFFSET($P28,0,BC$13),15-13*ORÇAMENTO!$AF$7)*OFFSET(ORÇAMENTO!$W$15,ROW(BC28)-ROW(BC$15),0),15-13*ORÇAMENTO!$AF$11)),\n         0)","v":0},{"$f":"IF(AND($D28=\"Serviço\",BD$12<>0,$H28>0,OR(AUTOEVENTO<>\"manual\",$M28<>$A$15)),\n        IF(Import.TipoArredondamento<>\"TransfereGOV\",\n              ROUND(OFFSET($P28,0,BD$13),15-13*ORÇAMENTO!$AF$7)/$H28*OFFSET(ORÇAMENTO!$X$15,ROW(BD28)-ROW(BD$15),0),\n              ROUND(ROUND(OFFSET($P28,0,BD$13),15-13*ORÇAMENTO!$AF$7)*OFFSET(ORÇAMENTO!$W$15,ROW(BD28)-ROW(BD$15),0),15-13*ORÇAMENTO!$AF$11)),\n         0)","v":0},{"$f":"IF(AND($D28=\"Serviço\",BE$12<>0,$H28>0,OR(AUTOEVENTO<>\"manual\",$M28<>$A$15)),\n        IF(Import.TipoArredondamento<>\"TransfereGOV\",\n              ROUND(OFFSET($P28,0,BE$13),15-13*ORÇAMENTO!$AF$7)/$H28*OFFSET(ORÇAMENTO!$X$15,ROW(BE28)-ROW(BE$15),0),\n              ROUND(ROUND(OFFSET($P28,0,BE$13),15-13*ORÇAMENTO!$AF$7)*OFFSET(ORÇAMENTO!$W$15,ROW(BE28)-ROW(BE$15),0),15-13*ORÇAMENTO!$AF$11)),\n         0)","v":0},{"$f":"IF(AND($D28=\"Serviço\",BF$12<>0,$H28>0,OR(AUTOEVENTO<>\"manual\",$M28<>$A$15)),\n        IF(Import.TipoArredondamento<>\"TransfereGOV\",\n              ROUND(OFFSET($P28,0,BF$13),15-13*ORÇAMENTO!$AF$7)/$H28*OFFSET(ORÇAMENTO!$X$15,ROW(BF28)-ROW(BF$15),0),\n              ROUND(ROUND(OFFSET($P28,0,BF$13),15-13*ORÇAMENTO!$AF$7)*OFFSET(ORÇAMENTO!$W$15,ROW(BF28)-ROW(BF$15),0),15-13*ORÇAMENTO!$AF$11)),\n         0)","v":0},{"$f":"IF(AND($D28=\"Serviço\",BG$12<>0,$H28>0,OR(AUTOEVENTO<>\"manual\",$M28<>$A$15)),\n        IF(Import.TipoArredondamento<>\"TransfereGOV\",\n              ROUND(OFFSET($P28,0,BG$13),15-13*ORÇAMENTO!$AF$7)/$H28*OFFSET(ORÇAMENTO!$X$15,ROW(BG28)-ROW(BG$15),0),\n              ROUND(ROUND(OFFSET($P28,0,BG$13),15-13*ORÇAMENTO!$AF$7)*OFFSET(ORÇAMENTO!$W$15,ROW(BG28)-ROW(BG$15),0),15-13*ORÇAMENTO!$AF$11)),\n         0)","v":0},{"$f":"IF(AND($D28=\"Serviço\",BH$12<>0,$H28>0,OR(AUTOEVENTO<>\"manual\",$M28<>$A$15)),\n        IF(Import.TipoArredondamento<>\"TransfereGOV\",\n              ROUND(OFFSET($P28,0,BH$13),15-13*ORÇAMENTO!$AF$7)/$H28*OFFSET(ORÇAMENTO!$X$15,ROW(BH28)-ROW(BH$15),0),\n              ROUND(ROUND(OFFSET($P28,0,BH$13),15-13*ORÇAMENTO!$AF$7)*OFFSET(ORÇAMENTO!$W$15,ROW(BH28)-ROW(BH$15),0),15-13*ORÇAMENTO!$AF$11)),\n         0)","v":0},{"$f":"IF(AND($D28=\"Serviço\",BI$12<>0,$H28>0,OR(AUTOEVENTO<>\"manual\",$M28<>$A$15)),\n        IF(Import.TipoArredondamento<>\"TransfereGOV\",\n              ROUND(OFFSET($P28,0,BI$13),15-13*ORÇAMENTO!$AF$7)/$H28*OFFSET(ORÇAMENTO!$X$15,ROW(BI28)-ROW(BI$15),0),\n              ROUND(ROUND(OFFSET($P28,0,BI$13),15-13*ORÇAMENTO!$AF$7)*OFFSET(ORÇAMENTO!$W$15,ROW(BI28)-ROW(BI$15),0),15-13*ORÇAMENTO!$AF$11)),\n         0)","v":0},{"$f":"IF(AND($D28=\"Serviço\",BJ$12<>0,$H28>0,OR(AUTOEVENTO<>\"manual\",$M28<>$A$15)),\n        IF(Import.TipoArredondamento<>\"TransfereGOV\",\n              ROUND(OFFSET($P28,0,BJ$13),15-13*ORÇAMENTO!$AF$7)/$H28*OFFSET(ORÇAMENTO!$X$15,ROW(BJ28)-ROW(BJ$15),0),\n              ROUND(ROUND(OFFSET($P28,0,BJ$13),15-13*ORÇAMENTO!$AF$7)*OFFSET(ORÇAMENTO!$W$15,ROW(BJ28)-ROW(BJ$15),0),15-13*ORÇAMENTO!$AF$11)),\n         0)","v":0},{"$f":"IF(AND($D28=\"Serviço\",BK$12<>0,$H28>0,OR(AUTOEVENTO<>\"manual\",$M28<>$A$15)),\n        IF(Import.TipoArredondamento<>\"TransfereGOV\",\n              ROUND(OFFSET($P28,0,BK$13),15-13*ORÇAMENTO!$AF$7)/$H28*OFFSET(ORÇAMENTO!$X$15,ROW(BK28)-ROW(BK$15),0),\n              ROUND(ROUND(OFFSET($P28,0,BK$13),15-13*ORÇAMENTO!$AF$7)*OFFSET(ORÇAMENTO!$W$15,ROW(BK28)-ROW(BK$15),0),15-13*ORÇAMENTO!$AF$11)),\n         0)","v":0},{"$f":"IF(AND($D28=\"Serviço\",BL$12<>0,$H28>0,OR(AUTOEVENTO<>\"manual\",$M28<>$A$15)),\n        IF(Import.TipoArredondamento<>\"TransfereGOV\",\n              ROUND(OFFSET($P28,0,BL$13),15-13*ORÇAMENTO!$AF$7)/$H28*OFFSET(ORÇAMENTO!$X$15,ROW(BL28)-ROW(BL$15),0),\n              ROUND(ROUND(OFFSET($P28,0,BL$13),15-13*ORÇAMENTO!$AF$7)*OFFSET(ORÇAMENTO!$W$15,ROW(BL28)-ROW(BL$15),0),15-13*ORÇAMENTO!$AF$11)),\n         0)","v":0},{"$f":"IF(AND($D28=\"Serviço\",BM$12<>0,$H28>0,OR(AUTOEVENTO<>\"manual\",$M28<>$A$15)),\n        IF(Import.TipoArredondamento<>\"TransfereGOV\",\n              ROUND(OFFSET($P28,0,BM$13),15-13*ORÇAMENTO!$AF$7)/$H28*OFFSET(ORÇAMENTO!$X$15,ROW(BM28)-ROW(BM$15),0),\n              ROUND(ROUND(OFFSET($P28,0,BM$13),15-13*ORÇAMENTO!$AF$7)*OFFSET(ORÇAMENTO!$W$15,ROW(BM28)-ROW(BM$15),0),15-13*ORÇAMENTO!$AF$11)),\n         0)","v":0},{"$f":"IF(AND($D28=\"Serviço\",BN$12<>0,$H28>0,OR(AUTOEVENTO<>\"manual\",$M28<>$A$15)),\n        IF(Import.TipoArredondamento<>\"TransfereGOV\",\n              ROUND(OFFSET($P28,0,BN$13),15-13*ORÇAMENTO!$AF$7)/$H28*OFFSET(ORÇAMENTO!$X$15,ROW(BN28)-ROW(BN$15),0),\n              ROUND(ROUND(OFFSET($P28,0,BN$13),15-13*ORÇAMENTO!$AF$7)*OFFSET(ORÇAMENTO!$W$15,ROW(BN28)-ROW(BN$15),0),15-13*ORÇAMENTO!$AF$11)),\n         0)","v":0},{"$f":"IF(AND($D28=\"Serviço\",BO$12<>0,$H28>0,OR(AUTOEVENTO<>\"manual\",$M28<>$A$15)),\n        IF(Import.TipoArredondamento<>\"TransfereGOV\",\n              ROUND(OFFSET($P28,0,BO$13),15-13*ORÇAMENTO!$AF$7)/$H28*OFFSET(ORÇAMENTO!$X$15,ROW(BO28)-ROW(BO$15),0),\n              ROUND(ROUND(OFFSET($P28,0,BO$13),15-13*ORÇAMENTO!$AF$7)*OFFSET(ORÇAMENTO!$W$15,ROW(BO28)-ROW(BO$15),0),15-13*ORÇAMENTO!$AF$11)),\n         0)","v":0},{"$f":"IF(AND($D28=\"Serviço\",BP$12<>0,$H28>0,OR(AUTOEVENTO<>\"manual\",$M28<>$A$15)),\n        IF(Import.TipoArredondamento<>\"TransfereGOV\",\n              ROUND(OFFSET($P28,0,BP$13),15-13*ORÇAMENTO!$AF$7)/$H28*OFFSET(ORÇAMENTO!$X$15,ROW(BP28)-ROW(BP$15),0),\n              ROUND(ROUND(OFFSET($P28,0,BP$13),15-13*ORÇAMENTO!$AF$7)*OFFSET(ORÇAMENTO!$W$15,ROW(BP28)-ROW(BP$15),0),15-13*ORÇAMENTO!$AF$11)),\n         0)","v":0},{"$f":"IF(AND($D28=\"Serviço\",BQ$12<>0,$H28>0,OR(AUTOEVENTO<>\"manual\",$M28<>$A$15)),\n        IF(Import.TipoArredondamento<>\"TransfereGOV\",\n              ROUND(OFFSET($P28,0,BQ$13),15-13*ORÇAMENTO!$AF$7)/$H28*OFFSET(ORÇAMENTO!$X$15,ROW(BQ28)-ROW(BQ$15),0),\n              ROUND(ROUND(OFFSET($P28,0,BQ$13),15-13*ORÇAMENTO!$AF$7)*OFFSET(ORÇAMENTO!$W$15,ROW(BQ28)-ROW(BQ$15),0),15-13*ORÇAMENTO!$AF$11)),\n         0)","v":0},null,{"$f":"IF(OR($D28<>\"Serviço\",AND(AUTOEVENTO=\"Manual\",$M28=$A$15)),0,\n         IF(OFFSET(CRONOPLE!$F$15,$M28-$A$15,BS$13)=0,10^12,OFFSET(CRONOPLE!$F$15,$M28-$A$15,BS$13)))","v":1},{"$f":"IF(OR($D28<>\"Serviço\",AND(AUTOEVENTO=\"Manual\",$M28=$A$15)),0,\n         IF(OFFSET(CRONOPLE!$F$15,$M28-$A$15,BT$13)=0,10^12,OFFSET(CRONOPLE!$F$15,$M28-$A$15,BT$13)))","v":1},{"$f":"IF(OR($D28<>\"Serviço\",AND(AUTOEVENTO=\"Manual\",$M28=$A$15)),0,\n         IF(OFFSET(CRONOPLE!$F$15,$M28-$A$15,BU$13)=0,10^12,OFFSET(CRONOPLE!$F$15,$M28-$A$15,BU$13)))","v":1},{"$f":"IF(OR($D28<>\"Serviço\",AND(AUTOEVENTO=\"Manual\",$M28=$A$15)),0,\n         IF(OFFSET(CRONOPLE!$F$15,$M28-$A$15,BV$13)=0,10^12,OFFSET(CRONOPLE!$F$15,$M28-$A$15,BV$13)))","v":1},{"$f":"IF(OR($D28<>\"Serviço\",AND(AUTOEVENTO=\"Manual\",$M28=$A$15)),0,\n         IF(OFFSET(CRONOPLE!$F$15,$M28-$A$15,BW$13)=0,10^12,OFFSET(CRONOPLE!$F$15,$M28-$A$15,BW$13)))","v":1},{"$f":"IF(OR($D28<>\"Serviço\",AND(AUTOEVENTO=\"Manual\",$M28=$A$15)),0,\n         IF(OFFSET(CRONOPLE!$F$15,$M28-$A$15,BX$13)=0,10^12,OFFSET(CRONOPLE!$F$15,$M28-$A$15,BX$13)))","v":1},{"$f":"IF(OR($D28<>\"Serviço\",AND(AUTOEVENTO=\"Manual\",$M28=$A$15)),0,\n         IF(OFFSET(CRONOPLE!$F$15,$M28-$A$15,BY$13)=0,10^12,OFFSET(CRONOPLE!$F$15,$M28-$A$15,BY$13)))","v":1},{"$f":"IF(OR($D28<>\"Serviço\",AND(AUTOEVENTO=\"Manual\",$M28=$A$15)),0,\n         IF(OFFSET(CRONOPLE!$F$15,$M28-$A$15,BZ$13)=0,10^12,OFFSET(CRONOPLE!$F$15,$M28-$A$15,BZ$13)))","v":7},{"$f":"IF(OR($D28<>\"Serviço\",AND(AUTOEVENTO=\"Manual\",$M28=$A$15)),0,\n         IF(OFFSET(CRONOPLE!$F$15,$M28-$A$15,CA$13)=0,10^12,OFFSET(CRONOPLE!$F$15,$M28-$A$15,CA$13)))","v":7},{"$f":"IF(OR($D28<>\"Serviço\",AND(AUTOEVENTO=\"Manual\",$M28=$A$15)),0,\n         IF(OFFSET(CRONOPLE!$F$15,$M28-$A$15,CB$13)=0,10^12,OFFSET(CRONOPLE!$F$15,$M28-$A$15,CB$13)))","v":7},{"$f":"IF(OR($D28<>\"Serviço\",AND(AUTOEVENTO=\"Manual\",$M28=$A$15)),0,\n         IF(OFFSET(CRONOPLE!$F$15,$M28-$A$15,CC$13)=0,10^12,OFFSET(CRONOPLE!$F$15,$M28-$A$15,CC$13)))","v":13},{"$f":"IF(OR($D28<>\"Serviço\",AND(AUTOEVENTO=\"Manual\",$M28=$A$15)),0,\n         IF(OFFSET(CRONOPLE!$F$15,$M28-$A$15,CD$13)=0,10^12,OFFSET(CRONOPLE!$F$15,$M28-$A$15,CD$13)))","v":13},{"$f":"IF(OR($D28<>\"Serviço\",AND(AUTOEVENTO=\"Manual\",$M28=$A$15)),0,\n         IF(OFFSET(CRONOPLE!$F$15,$M28-$A$15,CE$13)=0,10^12,OFFSET(CRONOPLE!$F$15,$M28-$A$15,CE$13)))","v":13},{"$f":"IF(OR($D28<>\"Serviço\",AND(AUTOEVENTO=\"Manual\",$M28=$A$15)),0,\n         IF(OFFSET(CRONOPLE!$F$15,$M28-$A$15,CF$13)=0,10^12,OFFSET(CRONOPLE!$F$15,$M28-$A$15,CF$13)))","v":13},{"$f":"IF(OR($D28<>\"Serviço\",AND(AUTOEVENTO=\"Manual\",$M28=$A$15)),0,\n         IF(OFFSET(CRONOPLE!$F$15,$M28-$A$15,CG$13)=0,10^12,OFFSET(CRONOPLE!$F$15,$M28-$A$15,CG$13)))","v":13},{"$f":"IF(OR($D28<>\"Serviço\",AND(AUTOEVENTO=\"Manual\",$M28=$A$15)),0,\n         IF(OFFSET(CRONOPLE!$F$15,$M28-$A$15,CH$13)=0,10^12,OFFSET(CRONOPLE!$F$15,$M28-$A$15,CH$13)))","v":19},{"$f":"IF(OR($D28<>\"Serviço\",AND(AUTOEVENTO=\"Manual\",$M28=$A$15)),0,\n         IF(OFFSET(CRONOPLE!$F$15,$M28-$A$15,CI$13)=0,10^12,OFFSET(CRONOPLE!$F$15,$M28-$A$15,CI$13)))","v":19},{"$f":"IF(OR($D28<>\"Serviço\",AND(AUTOEVENTO=\"Manual\",$M28=$A$15)),0,\n         IF(OFFSET(CRONOPLE!$F$15,$M28-$A$15,CJ$13)=0,10^12,OFFSET(CRONOPLE!$F$15,$M28-$A$15,CJ$13)))","v":19},{"$f":"IF(OR($D28<>\"Serviço\",AND(AUTOEVENTO=\"Manual\",$M28=$A$15)),0,\n         IF(OFFSET(CRONOPLE!$F$15,$M28-$A$15,CK$13)=0,10^12,OFFSET(CRONOPLE!$F$15,$M28-$A$15,CK$13)))","v":19},{"$f":"IF(OR($D28<>\"Serviço\",AND(AUTOEVENTO=\"Manual\",$M28=$A$15)),0,\n         IF(OFFSET(CRONOPLE!$F$15,$M28-$A$15,CL$13)=0,10^12,OFFSET(CRONOPLE!$F$15,$M28-$A$15,CL$13)))","v":19},{"$f":"IF(OR($D28<>\"Serviço\",AND(AUTOEVENTO=\"Manual\",$M28=$A$15)),0,\n         IF(OFFSET(CRONOPLE!$F$15,$M28-$A$15,CM$13)=0,10^12,OFFSET(CRONOPLE!$F$15,$M28-$A$15,CM$13)))","v":1000000000000},{"$f":"IF(OR($D28<>\"Serviço\",AND(AUTOEVENTO=\"Manual\",$M28=$A$15)),0,\n         IF(OFFSET(CRONOPLE!$F$15,$M28-$A$15,CN$13)=0,10^12,OFFSET(CRONOPLE!$F$15,$M28-$A$15,CN$13)))","v":1000000000000},{"$f":"IF(OR($D28<>\"Serviço\",AND(AUTOEVENTO=\"Manual\",$M28=$A$15)),0,\n         IF(OFFSET(CRONOPLE!$F$15,$M28-$A$15,CO$13)=0,10^12,OFFSET(CRONOPLE!$F$15,$M28-$A$15,CO$13)))","v":1000000000000},{"$f":"IF(OR($D28<>\"Serviço\",AND(AUTOEVENTO=\"Manual\",$M28=$A$15)),0,\n         IF(OFFSET(CRONOPLE!$F$15,$M28-$A$15,CP$13)=0,10^12,OFFSET(CRONOPLE!$F$15,$M28-$A$15,CP$13)))","v":1000000000000},{"$f":"IF(OR($D28<>\"Serviço\",AND(AUTOEVENTO=\"Manual\",$M28=$A$15)),0,\n         IF(OFFSET(CRONOPLE!$F$15,$M28-$A$15,CQ$13)=0,10^12,OFFSET(CRONOPLE!$F$15,$M28-$A$15,CQ$13)))","v":1000000000000},{"$f":"IF(OR($D28<>\"Serviço\",AND(AUTOEVENTO=\"Manual\",$M28=$A$15)),0,\n         IF(OFFSET(CRONOPLE!$F$15,$M28-$A$15,CR$13)=0,10^12,OFFSET(CRONOPLE!$F$15,$M28-$A$15,CR$13)))","v":1000000000000},null,{"$f":"IF(OR($D28<>\"Serviço\",AND(AUTOEVENTO=\"Manual\",$M28=$A$15),$M28>(ROW(PLE.lastrow)-ROW(PLE.firstrow))),0,\n           IF(OFFSET(PLE!$G$15,$M28-$A$15,CT$13)=\"\",10^12,OFFSET(PLE!$G$15,$M28-$A$15,CT$13)))","v":1000000000000},{"$f":"IF(OR($D28<>\"Serviço\",AND(AUTOEVENTO=\"Manual\",$M28=$A$15),$M28>(ROW(PLE.lastrow)-ROW(PLE.firstrow))),0,\n           IF(OFFSET(PLE!$G$15,$M28-$A$15,CU$13)=\"\",10^12,OFFSET(PLE!$G$15,$M28-$A$15,CU$13)))","v":1000000000000},{"$f":"IF(OR($D28<>\"Serviço\",AND(AUTOEVENTO=\"Manual\",$M28=$A$15),$M28>(ROW(PLE.lastrow)-ROW(PLE.firstrow))),0,\n           IF(OFFSET(PLE!$G$15,$M28-$A$15,CV$13)=\"\",10^12,OFFSET(PLE!$G$15,$M28-$A$15,CV$13)))","v":1000000000000},{"$f":"IF(OR($D28<>\"Serviço\",AND(AUTOEVENTO=\"Manual\",$M28=$A$15),$M28>(ROW(PLE.lastrow)-ROW(PLE.firstrow))),0,\n           IF(OFFSET(PLE!$G$15,$M28-$A$15,CW$13)=\"\",10^12,OFFSET(PLE!$G$15,$M28-$A$15,CW$13)))","v":1000000000000},{"$f":"IF(OR($D28<>\"Serviço\",AND(AUTOEVENTO=\"Manual\",$M28=$A$15),$M28>(ROW(PLE.lastrow)-ROW(PLE.firstrow))),0,\n           IF(OFFSET(PLE!$G$15,$M28-$A$15,CX$13)=\"\",10^12,OFFSET(PLE!$G$15,$M28-$A$15,CX$13)))","v":1000000000000},{"$f":"IF(OR($D28<>\"Serviço\",AND(AUTOEVENTO=\"Manual\",$M28=$A$15),$M28>(ROW(PLE.lastrow)-ROW(PLE.firstrow))),0,\n           IF(OFFSET(PLE!$G$15,$M28-$A$15,CY$13)=\"\",10^12,OFFSET(PLE!$G$15,$M28-$A$15,CY$13)))","v":1000000000000},{"$f":"IF(OR($D28<>\"Serviço\",AND(AUTOEVENTO=\"Manual\",$M28=$A$15),$M28>(ROW(PLE.lastrow)-ROW(PLE.firstrow))),0,\n           IF(OFFSET(PLE!$G$15,$M28-$A$15,CZ$13)=\"\",10^12,OFFSET(PLE!$G$15,$M28-$A$15,CZ$13)))","v":1000000000000},{"$f":"IF(OR($D28<>\"Serviço\",AND(AUTOEVENTO=\"Manual\",$M28=$A$15),$M28>(ROW(PLE.lastrow)-ROW(PLE.firstrow))),0,\n           IF(OFFSET(PLE!$G$15,$M28-$A$15,DA$13)=\"\",10^12,OFFSET(PLE!$G$15,$M28-$A$15,DA$13)))","v":1000000000000},{"$f":"IF(OR($D28<>\"Serviço\",AND(AUTOEVENTO=\"Manual\",$M28=$A$15),$M28>(ROW(PLE.lastrow)-ROW(PLE.firstrow))),0,\n           IF(OFFSET(PLE!$G$15,$M28-$A$15,DB$13)=\"\",10^12,OFFSET(PLE!$G$15,$M28-$A$15,DB$13)))","v":1000000000000},{"$f":"IF(OR($D28<>\"Serviço\",AND(AUTOEVENTO=\"Manual\",$M28=$A$15),$M28>(ROW(PLE.lastrow)-ROW(PLE.firstrow))),0,\n           IF(OFFSET(PLE!$G$15,$M28-$A$15,DC$13)=\"\",10^12,OFFSET(PLE!$G$15,$M28-$A$15,DC$13)))","v":1000000000000},{"$f":"IF(OR($D28<>\"Serviço\",AND(AUTOEVENTO=\"Manual\",$M28=$A$15),$M28>(ROW(PLE.lastrow)-ROW(PLE.firstrow))),0,\n           IF(OFFSET(PLE!$G$15,$M28-$A$15,DD$13)=\"\",10^12,OFFSET(PLE!$G$15,$M28-$A$15,DD$13)))","v":1000000000000},{"$f":"IF(OR($D28<>\"Serviço\",AND(AUTOEVENTO=\"Manual\",$M28=$A$15),$M28>(ROW(PLE.lastrow)-ROW(PLE.firstrow))),0,\n           IF(OFFSET(PLE!$G$15,$M28-$A$15,DE$13)=\"\",10^12,OFFSET(PLE!$G$15,$M28-$A$15,DE$13)))","v":1000000000000},{"$f":"IF(OR($D28<>\"Serviço\",AND(AUTOEVENTO=\"Manual\",$M28=$A$15),$M28>(ROW(PLE.lastrow)-ROW(PLE.firstrow))),0,\n           IF(OFFSET(PLE!$G$15,$M28-$A$15,DF$13)=\"\",10^12,OFFSET(PLE!$G$15,$M28-$A$15,DF$13)))","v":1000000000000},{"$f":"IF(OR($D28<>\"Serviço\",AND(AUTOEVENTO=\"Manual\",$M28=$A$15),$M28>(ROW(PLE.lastrow)-ROW(PLE.firstrow))),0,\n           IF(OFFSET(PLE!$G$15,$M28-$A$15,DG$13)=\"\",10^12,OFFSET(PLE!$G$15,$M28-$A$15,DG$13)))","v":1000000000000},{"$f":"IF(OR($D28<>\"Serviço\",AND(AUTOEVENTO=\"Manual\",$M28=$A$15),$M28>(ROW(PLE.lastrow)-ROW(PLE.firstrow))),0,\n           IF(OFFSET(PLE!$G$15,$M28-$A$15,DH$13)=\"\",10^12,OFFSET(PLE!$G$15,$M28-$A$15,DH$13)))","v":1000000000000},{"$f":"IF(OR($D28<>\"Serviço\",AND(AUTOEVENTO=\"Manual\",$M28=$A$15),$M28>(ROW(PLE.lastrow)-ROW(PLE.firstrow))),0,\n           IF(OFFSET(PLE!$G$15,$M28-$A$15,DI$13)=\"\",10^12,OFFSET(PLE!$G$15,$M28-$A$15,DI$13)))","v":1000000000000},{"$f":"IF(OR($D28<>\"Serviço\",AND(AUTOEVENTO=\"Manual\",$M28=$A$15),$M28>(ROW(PLE.lastrow)-ROW(PLE.firstrow))),0,\n           IF(OFFSET(PLE!$G$15,$M28-$A$15,DJ$13)=\"\",10^12,OFFSET(PLE!$G$15,$M28-$A$15,DJ$13)))","v":1000000000000},{"$f":"IF(OR($D28<>\"Serviço\",AND(AUTOEVENTO=\"Manual\",$M28=$A$15),$M28>(ROW(PLE.lastrow)-ROW(PLE.firstrow))),0,\n           IF(OFFSET(PLE!$G$15,$M28-$A$15,DK$13)=\"\",10^12,OFFSET(PLE!$G$15,$M28-$A$15,DK$13)))","v":1000000000000},{"$f":"IF(OR($D28<>\"Serviço\",AND(AUTOEVENTO=\"Manual\",$M28=$A$15),$M28>(ROW(PLE.lastrow)-ROW(PLE.firstrow))),0,\n           IF(OFFSET(PLE!$G$15,$M28-$A$15,DL$13)=\"\",10^12,OFFSET(PLE!$G$15,$M28-$A$15,DL$13)))","v":1000000000000},{"$f":"IF(OR($D28<>\"Serviço\",AND(AUTOEVENTO=\"Manual\",$M28=$A$15),$M28>(ROW(PLE.lastrow)-ROW(PLE.firstrow))),0,\n           IF(OFFSET(PLE!$G$15,$M28-$A$15,DM$13)=\"\",10^12,OFFSET(PLE!$G$15,$M28-$A$15,DM$13)))","v":1000000000000},{"$f":"IF(OR($D28<>\"Serviço\",AND(AUTOEVENTO=\"Manual\",$M28=$A$15),$M28>(ROW(PLE.lastrow)-ROW(PLE.firstrow))),0,\n           IF(OFFSET(PLE!$G$15,$M28-$A$15,DN$13)=\"\",10^12,OFFSET(PLE!$G$15,$M28-$A$15,DN$13)))","v":1000000000000},{"$f":"IF(OR($D28<>\"Serviço\",AND(AUTOEVENTO=\"Manual\",$M28=$A$15),$M28>(ROW(PLE.lastrow)-ROW(PLE.firstrow))),0,\n           IF(OFFSET(PLE!$G$15,$M28-$A$15,DO$13)=\"\",10^12,OFFSET(PLE!$G$15,$M28-$A$15,DO$13)))","v":1000000000000},{"$f":"IF(OR($D28<>\"Serviço\",AND(AUTOEVENTO=\"Manual\",$M28=$A$15),$M28>(ROW(PLE.lastrow)-ROW(PLE.firstrow))),0,\n           IF(OFFSET(PLE!$G$15,$M28-$A$15,DP$13)=\"\",10^12,OFFSET(PLE!$G$15,$M28-$A$15,DP$13)))","v":1000000000000},{"$f":"IF(OR($D28<>\"Serviço\",AND(AUTOEVENTO=\"Manual\",$M28=$A$15),$M28>(ROW(PLE.lastrow)-ROW(PLE.firstrow))),0,\n           IF(OFFSET(PLE!$G$15,$M28-$A$15,DQ$13)=\"\",10^12,OFFSET(PLE!$G$15,$M28-$A$15,DQ$13)))","v":1000000000000},{"$f":"IF(OR($D28<>\"Serviço\",AND(AUTOEVENTO=\"Manual\",$M28=$A$15),$M28>(ROW(PLE.lastrow)-ROW(PLE.firstrow))),0,\n           IF(OFFSET(PLE!$G$15,$M28-$A$15,DR$13)=\"\",10^12,OFFSET(PLE!$G$15,$M28-$A$15,DR$13)))","v":1000000000000},{"$f":"IF(OR($D28<>\"Serviço\",AND(AUTOEVENTO=\"Manual\",$M28=$A$15),$M28>(ROW(PLE.lastrow)-ROW(PLE.firstrow))),0,\n           IF(OFFSET(PLE!$G$15,$M28-$A$15,DS$13)=\"\",10^12,OFFSET(PLE!$G$15,$M28-$A$15,DS$13)))","v":1000000000000}]
["8",{"$f":"OFFSET(ORÇAMENTO!C$15,$L29,0)","v":"S"},{"$f":"OFFSET(ORÇAMENTO!L$15,$L29,0)","v":"F"},{"$f":"OFFSET(ORÇAMENTO!N$15,$L29,0)","v":"Serviço"},{"$f":"OFFSET(ORÇAMENTO!O$15,$L29,0)","v":"1.3.1.1.6."},{"$f":"OFFSET(ORÇAMENTO!R$15,$L29,0)","v":"ARMAÇÃO DE SAPATA ISOLADA, VIGA BALDRAME E SAPATA CORRIDA UTILIZANDO AÇO CA-50 DE 6,3 MM - MONTAGEM. AF_01/2024"},{"$f":"IF($D29<>\"Serviço\",\"\",OFFSET(ORÇAMENTO!S$15,$L29,0))","v":"KG"},{"$f":"IF($D29<>\"Serviço\",0,IF(ACOMPANHAMENTO=\"BM\",ROUND(OFFSET(ORÇAMENTO!AJ$15,$L29,0),15-13*ORÇAMENTO!$AF$7),IF(IFERROR(CÁLCULO.FrentesPreenchidas,0)=0,0,SUM(ROUND(OFFSET($P29,0,1,1,CÁLCULO.FrentesPreenchidas),15-13*ORÇAMENTO!$AF$7)))))","v":133.5},"Conforme modelo disponibilizado pela CAIXA",{"$f":"IF(OR(B29<>\"S\",CÁLCULO.FrentesPreenchidas=0),\"\",IF(AND(ACOMPANHAMENTO=\"PLE\",AUTOEVENTO=\"Manual\",OR(H29>0,ORÇAMENTO!AC29=\"QUANT.\"),OR(K29=\"\",M29=0,N29=\"\")),\"►E\",IF(AND(ACOMPANHAMENTO=\"PLE\",ORÇAMENTO!AC29=\"QUANT.\"),\"►Q\",IF(AND(ACOMPANHAMENTO=\"PLE\",H29<>SUMPRODUCT(($Q$1:$AQ$1=1)*ROUND(Q29:AQ29,15))),\"►S\",IF(AND(COUNTIF($P$11:$AQ$11,\"▼\")=0,H29>0,I29=\"\"),\"◄M\",\"\")))))","v":""},"3. SAPATA",14,{"$f":"IF($D29<>\"Serviço\",\"\",\n          IF(AUTOEVENTO=\"manual\",$A29,\n                IF(ISERROR(MATCH($A29,$A$15:OFFSET($A29,-1,0),0)),MAX($M$15:OFFSET(M29,-1,0))+1,\n                      INDEX($M$15:OFFSET(M29,-1,0),MATCH($A29,$A$15:OFFSET($A29,-1,0),0)))))","v":3},{"$f":"IF($D29<>\"Serviço\",\"\",\n         IF(AUTOEVENTO=\"Manual\",\n                IF($A29=0,\"<-- defina o número do agrupador\",\n                       OFFSET(EVENTOS!$D$15,$A29-$A$15,0)),\n                OFFSET($F$15,$A29,0)))","v":"SAPATA"},null,null,26.7,26.7,26.7,26.7,26.7,null,null,null,null,null,null,null,null,null,null,null,null,null,null,null,null,null,null,null,null,null,null,{"$f":"IF(AND($D29=\"Serviço\",AR$12<>0,$H29>0,OR(AUTOEVENTO<>\"manual\",$M29<>$A$15)),\n        IF(Import.TipoArredondamento<>\"TransfereGOV\",\n              ROUND(OFFSET($P29,0,AR$13),15-13*ORÇAMENTO!$AF$7)/$H29*OFFSET(ORÇAMENTO!$X$15,ROW(AR29)-ROW(AR$15),0),\n              ROUND(ROUND(OFFSET($P29,0,AR$13),15-13*ORÇAMENTO!$AF$7)*OFFSET(ORÇAMENTO!$W$15,ROW(AR29)-ROW(AR$15),0),15-13*ORÇAMENTO!$AF$11)),\n         0)","v":490.48},{"$f":"IF(AND($D29=\"Serviço\",AS$12<>0,$H29>0,OR(AUTOEVENTO<>\"manual\",$M29<>$A$15)),\n        IF(Import.TipoArredondamento<>\"TransfereGOV\",\n              ROUND(OFFSET($P29,0,AS$13),15-13*ORÇAMENTO!$AF$7)/$H29*OFFSET(ORÇAMENTO!$X$15,ROW(AS29)-ROW(AS$15),0),\n              ROUND(ROUND(OFFSET($P29,0,AS$13),15-13*ORÇAMENTO!$AF$7)*OFFSET(ORÇAMENTO!$W$15,ROW(AS29)-ROW(AS$15),0),15-13*ORÇAMENTO!$AF$11)),\n         0)","v":490.48},{"$f":"IF(AND($D29=\"Serviço\",AT$12<>0,$H29>0,OR(AUTOEVENTO<>\"manual\",$M29<>$A$15)),\n        IF(Import.TipoArredondamento<>\"TransfereGOV\",\n              ROUND(OFFSET($P29,0,AT$13),15-13*ORÇAMENTO!$AF$7)/$H29*OFFSET(ORÇAMENTO!$X$15,ROW(AT29)-ROW(AT$15),0),\n              ROUND(ROUND(OFFSET($P29,0,AT$13),15-13*ORÇAMENTO!$AF$7)*OFFSET(ORÇAMENTO!$W$15,ROW(AT29)-ROW(AT$15),0),15-13*ORÇAMENTO!$AF$11)),\n         0)","v":490.48},{"$f":"IF(AND($D29=\"Serviço\",AU$12<>0,$H29>0,OR(AUTOEVENTO<>\"manual\",$M29<>$A$15)),\n        IF(Import.TipoArredondamento<>\"TransfereGOV\",\n              ROUND(OFFSET($P29,0,AU$13),15-13*ORÇAMENTO!$AF$7)/$H29*OFFSET(ORÇAMENTO!$X$15,ROW(AU29)-ROW(AU$15),0),\n              ROUND(ROUND(OFFSET($P29,0,AU$13),15-13*ORÇAMENTO!$AF$7)*OFFSET(ORÇAMENTO!$W$15,ROW(AU29)-ROW(AU$15),0),15-13*ORÇAMENTO!$AF$11)),\n         0)","v":490.48},{"$f":"IF(AND($D29=\"Serviço\",AV$12<>0,$H29>0,OR(AUTOEVENTO<>\"manual\",$M29<>$A$15)),\n        IF(Import.TipoArredondamento<>\"TransfereGOV\",\n              ROUND(OFFSET($P29,0,AV$13),15-13*ORÇAMENTO!$AF$7)/$H29*OFFSET(ORÇAMENTO!$X$15,ROW(AV29)-ROW(AV$15),0),\n              ROUND(ROUND(OFFSET($P29,0,AV$13),15-13*ORÇAMENTO!$AF$7)*OFFSET(ORÇAMENTO!$W$15,ROW(AV29)-ROW(AV$15),0),15-13*ORÇAMENTO!$AF$11)),\n         0)","v":490.48},{"$f":"IF(AND($D29=\"Serviço\",AW$12<>0,$H29>0,OR(AUTOEVENTO<>\"manual\",$M29<>$A$15)),\n        IF(Import.TipoArredondamento<>\"TransfereGOV\",\n              ROUND(OFFSET($P29,0,AW$13),15-13*ORÇAMENTO!$AF$7)/$H29*OFFSET(ORÇAMENTO!$X$15,ROW(AW29)-ROW(AW$15),0),\n              ROUND(ROUND(OFFSET($P29,0,AW$13),15-13*ORÇAMENTO!$AF$7)*OFFSET(ORÇAMENTO!$W$15,ROW(AW29)-ROW(AW$15),0),15-13*ORÇAMENTO!$AF$11)),\n         0)","v":0},{"$f":"IF(AND($D29=\"Serviço\",AX$12<>0,$H29>0,OR(AUTOEVENTO<>\"manual\",$M29<>$A$15)),\n        IF(Import.TipoArredondamento<>\"TransfereGOV\",\n              ROUND(OFFSET($P29,0,AX$13),15-13*ORÇAMENTO!$AF$7)/$H29*OFFSET(ORÇAMENTO!$X$15,ROW(AX29)-ROW(AX$15),0),\n              ROUND(ROUND(OFFSET($P29,0,AX$13),15-13*ORÇAMENTO!$AF$7)*OFFSET(ORÇAMENTO!$W$15,ROW(AX29)-ROW(AX$15),0),15-13*ORÇAMENTO!$AF$11)),\n         0)","v":0},{"$f":"IF(AND($D29=\"Serviço\",AY$12<>0,$H29>0,OR(AUTOEVENTO<>\"manual\",$M29<>$A$15)),\n        IF(Import.TipoArredondamento<>\"TransfereGOV\",\n              ROUND(OFFSET($P29,0,AY$13),15-13*ORÇAMENTO!$AF$7)/$H29*OFFSET(ORÇAMENTO!$X$15,ROW(AY29)-ROW(AY$15),0),\n              ROUND(ROUND(OFFSET($P29,0,AY$13),15-13*ORÇAMENTO!$AF$7)*OFFSET(ORÇAMENTO!$W$15,ROW(AY29)-ROW(AY$15),0),15-13*ORÇAMENTO!$AF$11)),\n         0)","v":0},{"$f":"IF(AND($D29=\"Serviço\",AZ$12<>0,$H29>0,OR(AUTOEVENTO<>\"manual\",$M29<>$A$15)),\n        IF(Import.TipoArredondamento<>\"TransfereGOV\",\n              ROUND(OFFSET($P29,0,AZ$13),15-13*ORÇAMENTO!$AF$7)/$H29*OFFSET(ORÇAMENTO!$X$15,ROW(AZ29)-ROW(AZ$15),0),\n              ROUND(ROUND(OFFSET($P29,0,AZ$13),15-13*ORÇAMENTO!$AF$7)*OFFSET(ORÇAMENTO!$W$15,ROW(AZ29)-ROW(AZ$15),0),15-13*ORÇAMENTO!$AF$11)),\n         0)","v":0},{"$f":"IF(AND($D29=\"Serviço\",BA$12<>0,$H29>0,OR(AUTOEVENTO<>\"manual\",$M29<>$A$15)),\n        IF(Import.TipoArredondamento<>\"TransfereGOV\",\n              ROUND(OFFSET($P29,0,BA$13),15-13*ORÇAMENTO!$AF$7)/$H29*OFFSET(ORÇAMENTO!$X$15,ROW(BA29)-ROW(BA$15),0),\n              ROUND(ROUND(OFFSET($P29,0,BA$13),15-13*ORÇAMENTO!$AF$7)*OFFSET(ORÇAMENTO!$W$15,ROW(BA29)-ROW(BA$15),0),15-13*ORÇAMENTO!$AF$11)),\n         0)","v":0},{"$f":"IF(AND($D29=\"Serviço\",BB$12<>0,$H29>0,OR(AUTOEVENTO<>\"manual\",$M29<>$A$15)),\n        IF(Import.TipoArredondamento<>\"TransfereGOV\",\n              ROUND(OFFSET($P29,0,BB$13),15-13*ORÇAMENTO!$AF$7)/$H29*OFFSET(ORÇAMENTO!$X$15,ROW(BB29)-ROW(BB$15),0),\n              ROUND(ROUND(OFFSET($P29,0,BB$13),15-13*ORÇAMENTO!$AF$7)*OFFSET(ORÇAMENTO!$W$15,ROW(BB29)-ROW(BB$15),0),15-13*ORÇAMENTO!$AF$11)),\n         0)","v":0},{"$f":"IF(AND($D29=\"Serviço\",BC$12<>0,$H29>0,OR(AUTOEVENTO<>\"manual\",$M29<>$A$15)),\n        IF(Import.TipoArredondamento<>\"TransfereGOV\",\n              ROUND(OFFSET($P29,0,BC$13),15-13*ORÇAMENTO!$AF$7)/$H29*OFFSET(ORÇAMENTO!$X$15,ROW(BC29)-ROW(BC$15),0),\n              ROUND(ROUND(OFFSET($P29,0,BC$13),15-13*ORÇAMENTO!$AF$7)*OFFSET(ORÇAMENTO!$W$15,ROW(BC29)-ROW(BC$15),0),15-13*ORÇAMENTO!$AF$11)),\n         0)","v":0},{"$f":"IF(AND($D29=\"Serviço\",BD$12<>0,$H29>0,OR(AUTOEVENTO<>\"manual\",$M29<>$A$15)),\n        IF(Import.TipoArredondamento<>\"TransfereGOV\",\n              ROUND(OFFSET($P29,0,BD$13),15-13*ORÇAMENTO!$AF$7)/$H29*OFFSET(ORÇAMENTO!$X$15,ROW(BD29)-ROW(BD$15),0),\n              ROUND(ROUND(OFFSET($P29,0,BD$13),15-13*ORÇAMENTO!$AF$7)*OFFSET(ORÇAMENTO!$W$15,ROW(BD29)-ROW(BD$15),0),15-13*ORÇAMENTO!$AF$11)),\n         0)","v":0},{"$f":"IF(AND($D29=\"Serviço\",BE$12<>0,$H29>0,OR(AUTOEVENTO<>\"manual\",$M29<>$A$15)),\n        IF(Import.TipoArredondamento<>\"TransfereGOV\",\n              ROUND(OFFSET($P29,0,BE$13),15-13*ORÇAMENTO!$AF$7)/$H29*OFFSET(ORÇAMENTO!$X$15,ROW(BE29)-ROW(BE$15),0),\n              ROUND(ROUND(OFFSET($P29,0,BE$13),15-13*ORÇAMENTO!$AF$7)*OFFSET(ORÇAMENTO!$W$15,ROW(BE29)-ROW(BE$15),0),15-13*ORÇAMENTO!$AF$11)),\n         0)","v":0},{"$f":"IF(AND($D29=\"Serviço\",BF$12<>0,$H29>0,OR(AUTOEVENTO<>\"manual\",$M29<>$A$15)),\n        IF(Import.TipoArredondamento<>\"TransfereGOV\",\n              ROUND(OFFSET($P29,0,BF$13),15-13*ORÇAMENTO!$AF$7)/$H29*OFFSET(ORÇAMENTO!$X$15,ROW(BF29)-ROW(BF$15),0),\n              ROUND(ROUND(OFFSET($P29,0,BF$13),15-13*ORÇAMENTO!$AF$7)*OFFSET(ORÇAMENTO!$W$15,ROW(BF29)-ROW(BF$15),0),15-13*ORÇAMENTO!$AF$11)),\n         0)","v":0},{"$f":"IF(AND($D29=\"Serviço\",BG$12<>0,$H29>0,OR(AUTOEVENTO<>\"manual\",$M29<>$A$15)),\n        IF(Import.TipoArredondamento<>\"TransfereGOV\",\n              ROUND(OFFSET($P29,0,BG$13),15-13*ORÇAMENTO!$AF$7)/$H29*OFFSET(ORÇAMENTO!$X$15,ROW(BG29)-ROW(BG$15),0),\n              ROUND(ROUND(OFFSET($P29,0,BG$13),15-13*ORÇAMENTO!$AF$7)*OFFSET(ORÇAMENTO!$W$15,ROW(BG29)-ROW(BG$15),0),15-13*ORÇAMENTO!$AF$11)),\n         0)","v":0},{"$f":"IF(AND($D29=\"Serviço\",BH$12<>0,$H29>0,OR(AUTOEVENTO<>\"manual\",$M29<>$A$15)),\n        IF(Import.TipoArredondamento<>\"TransfereGOV\",\n              ROUND(OFFSET($P29,0,BH$13),15-13*ORÇAMENTO!$AF$7)/$H29*OFFSET(ORÇAMENTO!$X$15,ROW(BH29)-ROW(BH$15),0),\n              ROUND(ROUND(OFFSET($P29,0,BH$13),15-13*ORÇAMENTO!$AF$7)*OFFSET(ORÇAMENTO!$W$15,ROW(BH29)-ROW(BH$15),0),15-13*ORÇAMENTO!$AF$11)),\n         0)","v":0},{"$f":"IF(AND($D29=\"Serviço\",BI$12<>0,$H29>0,OR(AUTOEVENTO<>\"manual\",$M29<>$A$15)),\n        IF(Import.TipoArredondamento<>\"TransfereGOV\",\n              ROUND(OFFSET($P29,0,BI$13),15-13*ORÇAMENTO!$AF$7)/$H29*OFFSET(ORÇAMENTO!$X$15,ROW(BI29)-ROW(BI$15),0),\n              ROUND(ROUND(OFFSET($P29,0,BI$13),15-13*ORÇAMENTO!$AF$7)*OFFSET(ORÇAMENTO!$W$15,ROW(BI29)-ROW(BI$15),0),15-13*ORÇAMENTO!$AF$11)),\n         0)","v":0},{"$f":"IF(AND($D29=\"Serviço\",BJ$12<>0,$H29>0,OR(AUTOEVENTO<>\"manual\",$M29<>$A$15)),\n        IF(Import.TipoArredondamento<>\"TransfereGOV\",\n              ROUND(OFFSET($P29,0,BJ$13),15-13*ORÇAMENTO!$AF$7)/$H29*OFFSET(ORÇAMENTO!$X$15,ROW(BJ29)-ROW(BJ$15),0),\n              ROUND(ROUND(OFFSET($P29,0,BJ$13),15-13*ORÇAMENTO!$AF$7)*OFFSET(ORÇAMENTO!$W$15,ROW(BJ29)-ROW(BJ$15),0),15-13*ORÇAMENTO!$AF$11)),\n         0)","v":0},{"$f":"IF(AND($D29=\"Serviço\",BK$12<>0,$H29>0,OR(AUTOEVENTO<>\"manual\",$M29<>$A$15)),\n        IF(Import.TipoArredondamento<>\"TransfereGOV\",\n              ROUND(OFFSET($P29,0,BK$13),15-13*ORÇAMENTO!$AF$7)/$H29*OFFSET(ORÇAMENTO!$X$15,ROW(BK29)-ROW(BK$15),0),\n              ROUND(ROUND(OFFSET($P29,0,BK$13),15-13*ORÇAMENTO!$AF$7)*OFFSET(ORÇAMENTO!$W$15,ROW(BK29)-ROW(BK$15),0),15-13*ORÇAMENTO!$AF$11)),\n         0)","v":0},{"$f":"IF(AND($D29=\"Serviço\",BL$12<>0,$H29>0,OR(AUTOEVENTO<>\"manual\",$M29<>$A$15)),\n        IF(Import.TipoArredondamento<>\"TransfereGOV\",\n              ROUND(OFFSET($P29,0,BL$13),15-13*ORÇAMENTO!$AF$7)/$H29*OFFSET(ORÇAMENTO!$X$15,ROW(BL29)-ROW(BL$15),0),\n              ROUND(ROUND(OFFSET($P29,0,BL$13),15-13*ORÇAMENTO!$AF$7)*OFFSET(ORÇAMENTO!$W$15,ROW(BL29)-ROW(BL$15),0),15-13*ORÇAMENTO!$AF$11)),\n         0)","v":0},{"$f":"IF(AND($D29=\"Serviço\",BM$12<>0,$H29>0,OR(AUTOEVENTO<>\"manual\",$M29<>$A$15)),\n        IF(Import.TipoArredondamento<>\"TransfereGOV\",\n              ROUND(OFFSET($P29,0,BM$13),15-13*ORÇAMENTO!$AF$7)/$H29*OFFSET(ORÇAMENTO!$X$15,ROW(BM29)-ROW(BM$15),0),\n              ROUND(ROUND(OFFSET($P29,0,BM$13),15-13*ORÇAMENTO!$AF$7)*OFFSET(ORÇAMENTO!$W$15,ROW(BM29)-ROW(BM$15),0),15-13*ORÇAMENTO!$AF$11)),\n         0)","v":0},{"$f":"IF(AND($D29=\"Serviço\",BN$12<>0,$H29>0,OR(AUTOEVENTO<>\"manual\",$M29<>$A$15)),\n        IF(Import.TipoArredondamento<>\"TransfereGOV\",\n              ROUND(OFFSET($P29,0,BN$13),15-13*ORÇAMENTO!$AF$7)/$H29*OFFSET(ORÇAMENTO!$X$15,ROW(BN29)-ROW(BN$15),0),\n              ROUND(ROUND(OFFSET($P29,0,BN$13),15-13*ORÇAMENTO!$AF$7)*OFFSET(ORÇAMENTO!$W$15,ROW(BN29)-ROW(BN$15),0),15-13*ORÇAMENTO!$AF$11)),\n         0)","v":0},{"$f":"IF(AND($D29=\"Serviço\",BO$12<>0,$H29>0,OR(AUTOEVENTO<>\"manual\",$M29<>$A$15)),\n        IF(Import.TipoArredondamento<>\"TransfereGOV\",\n              ROUND(OFFSET($P29,0,BO$13),15-13*ORÇAMENTO!$AF$7)/$H29*OFFSET(ORÇAMENTO!$X$15,ROW(BO29)-ROW(BO$15),0),\n              ROUND(ROUND(OFFSET($P29,0,BO$13),15-13*ORÇAMENTO!$AF$7)*OFFSET(ORÇAMENTO!$W$15,ROW(BO29)-ROW(BO$15),0),15-13*ORÇAMENTO!$AF$11)),\n         0)","v":0},{"$f":"IF(AND($D29=\"Serviço\",BP$12<>0,$H29>0,OR(AUTOEVENTO<>\"manual\",$M29<>$A$15)),\n        IF(Import.TipoArredondamento<>\"TransfereGOV\",\n              ROUND(OFFSET($P29,0,BP$13),15-13*ORÇAMENTO!$AF$7)/$H29*OFFSET(ORÇAMENTO!$X$15,ROW(BP29)-ROW(BP$15),0),\n              ROUND(ROUND(OFFSET($P29,0,BP$13),15-13*ORÇAMENTO!$AF$7)*OFFSET(ORÇAMENTO!$W$15,ROW(BP29)-ROW(BP$15),0),15-13*ORÇAMENTO!$AF$11)),\n         0)","v":0},{"$f":"IF(AND($D29=\"Serviço\",BQ$12<>0,$H29>0,OR(AUTOEVENTO<>\"manual\",$M29<>$A$15)),\n        IF(Import.TipoArredondamento<>\"TransfereGOV\",\n              ROUND(OFFSET($P29,0,BQ$13),15-13*ORÇAMENTO!$AF$7)/$H29*OFFSET(ORÇAMENTO!$X$15,ROW(BQ29)-ROW(BQ$15),0),\n              ROUND(ROUND(OFFSET($P29,0,BQ$13),15-13*ORÇAMENTO!$AF$7)*OFFSET(ORÇAMENTO!$W$15,ROW(BQ29)-ROW(BQ$15),0),15-13*ORÇAMENTO!$AF$11)),\n         0)","v":0},null,{"$f":"IF(OR($D29<>\"Serviço\",AND(AUTOEVENTO=\"Manual\",$M29=$A$15)),0,\n         IF(OFFSET(CRONOPLE!$F$15,$M29-$A$15,BS$13)=0,10^12,OFFSET(CRONOPLE!$F$15,$M29-$A$15,BS$13)))","v":1},{"$f":"IF(OR($D29<>\"Serviço\",AND(AUTOEVENTO=\"Manual\",$M29=$A$15)),0,\n         IF(OFFSET(CRONOPLE!$F$15,$M29-$A$15,BT$13)=0,10^12,OFFSET(CRONOPLE!$F$15,$M29-$A$15,BT$13)))","v":1},{"$f":"IF(OR($D29<>\"Serviço\",AND(AUTOEVENTO=\"Manual\",$M29=$A$15)),0,\n         IF(OFFSET(CRONOPLE!$F$15,$M29-$A$15,BU$13)=0,10^12,OFFSET(CRONOPLE!$F$15,$M29-$A$15,BU$13)))","v":1},{"$f":"IF(OR($D29<>\"Serviço\",AND(AUTOEVENTO=\"Manual\",$M29=$A$15)),0,\n         IF(OFFSET(CRONOPLE!$F$15,$M29-$A$15,BV$13)=0,10^12,OFFSET(CRONOPLE!$F$15,$M29-$A$15,BV$13)))","v":1},{"$f":"IF(OR($D29<>\"Serviço\",AND(AUTOEVENTO=\"Manual\",$M29=$A$15)),0,\n         IF(OFFSET(CRONOPLE!$F$15,$M29-$A$15,BW$13)=0,10^12,OFFSET(CRONOPLE!$F$15,$M29-$A$15,BW$13)))","v":1},{"$f":"IF(OR($D29<>\"Serviço\",AND(AUTOEVENTO=\"Manual\",$M29=$A$15)),0,\n         IF(OFFSET(CRONOPLE!$F$15,$M29-$A$15,BX$13)=0,10^12,OFFSET(CRONOPLE!$F$15,$M29-$A$15,BX$13)))","v":1},{"$f":"IF(OR($D29<>\"Serviço\",AND(AUTOEVENTO=\"Manual\",$M29=$A$15)),0,\n         IF(OFFSET(CRONOPLE!$F$15,$M29-$A$15,BY$13)=0,10^12,OFFSET(CRONOPLE!$F$15,$M29-$A$15,BY$13)))","v":1},{"$f":"IF(OR($D29<>\"Serviço\",AND(AUTOEVENTO=\"Manual\",$M29=$A$15)),0,\n         IF(OFFSET(CRONOPLE!$F$15,$M29-$A$15,BZ$13)=0,10^12,OFFSET(CRONOPLE!$F$15,$M29-$A$15,BZ$13)))","v":7},{"$f":"IF(OR($D29<>\"Serviço\",AND(AUTOEVENTO=\"Manual\",$M29=$A$15)),0,\n         IF(OFFSET(CRONOPLE!$F$15,$M29-$A$15,CA$13)=0,10^12,OFFSET(CRONOPLE!$F$15,$M29-$A$15,CA$13)))","v":7},{"$f":"IF(OR($D29<>\"Serviço\",AND(AUTOEVENTO=\"Manual\",$M29=$A$15)),0,\n         IF(OFFSET(CRONOPLE!$F$15,$M29-$A$15,CB$13)=0,10^12,OFFSET(CRONOPLE!$F$15,$M29-$A$15,CB$13)))","v":7},{"$f":"IF(OR($D29<>\"Serviço\",AND(AUTOEVENTO=\"Manual\",$M29=$A$15)),0,\n         IF(OFFSET(CRONOPLE!$F$15,$M29-$A$15,CC$13)=0,10^12,OFFSET(CRONOPLE!$F$15,$M29-$A$15,CC$13)))","v":13},{"$f":"IF(OR($D29<>\"Serviço\",AND(AUTOEVENTO=\"Manual\",$M29=$A$15)),0,\n         IF(OFFSET(CRONOPLE!$F$15,$M29-$A$15,CD$13)=0,10^12,OFFSET(CRONOPLE!$F$15,$M29-$A$15,CD$13)))","v":13},{"$f":"IF(OR($D29<>\"Serviço\",AND(AUTOEVENTO=\"Manual\",$M29=$A$15)),0,\n         IF(OFFSET(CRONOPLE!$F$15,$M29-$A$15,CE$13)=0,10^12,OFFSET(CRONOPLE!$F$15,$M29-$A$15,CE$13)))","v":13},{"$f":"IF(OR($D29<>\"Serviço\",AND(AUTOEVENTO=\"Manual\",$M29=$A$15)),0,\n         IF(OFFSET(CRONOPLE!$F$15,$M29-$A$15,CF$13)=0,10^12,OFFSET(CRONOPLE!$F$15,$M29-$A$15,CF$13)))","v":13},{"$f":"IF(OR($D29<>\"Serviço\",AND(AUTOEVENTO=\"Manual\",$M29=$A$15)),0,\n         IF(OFFSET(CRONOPLE!$F$15,$M29-$A$15,CG$13)=0,10^12,OFFSET(CRONOPLE!$F$15,$M29-$A$15,CG$13)))","v":13},{"$f":"IF(OR($D29<>\"Serviço\",AND(AUTOEVENTO=\"Manual\",$M29=$A$15)),0,\n         IF(OFFSET(CRONOPLE!$F$15,$M29-$A$15,CH$13)=0,10^12,OFFSET(CRONOPLE!$F$15,$M29-$A$15,CH$13)))","v":19},{"$f":"IF(OR($D29<>\"Serviço\",AND(AUTOEVENTO=\"Manual\",$M29=$A$15)),0,\n         IF(OFFSET(CRONOPLE!$F$15,$M29-$A$15,CI$13)=0,10^12,OFFSET(CRONOPLE!$F$15,$M29-$A$15,CI$13)))","v":19},{"$f":"IF(OR($D29<>\"Serviço\",AND(AUTOEVENTO=\"Manual\",$M29=$A$15)),0,\n         IF(OFFSET(CRONOPLE!$F$15,$M29-$A$15,CJ$13)=0,10^12,OFFSET(CRONOPLE!$F$15,$M29-$A$15,CJ$13)))","v":19},{"$f":"IF(OR($D29<>\"Serviço\",AND(AUTOEVENTO=\"Manual\",$M29=$A$15)),0,\n         IF(OFFSET(CRONOPLE!$F$15,$M29-$A$15,CK$13)=0,10^12,OFFSET(CRONOPLE!$F$15,$M29-$A$15,CK$13)))","v":19},{"$f":"IF(OR($D29<>\"Serviço\",AND(AUTOEVENTO=\"Manual\",$M29=$A$15)),0,\n         IF(OFFSET(CRONOPLE!$F$15,$M29-$A$15,CL$13)=0,10^12,OFFSET(CRONOPLE!$F$15,$M29-$A$15,CL$13)))","v":19},{"$f":"IF(OR($D29<>\"Serviço\",AND(AUTOEVENTO=\"Manual\",$M29=$A$15)),0,\n         IF(OFFSET(CRONOPLE!$F$15,$M29-$A$15,CM$13)=0,10^12,OFFSET(CRONOPLE!$F$15,$M29-$A$15,CM$13)))","v":1000000000000},{"$f":"IF(OR($D29<>\"Serviço\",AND(AUTOEVENTO=\"Manual\",$M29=$A$15)),0,\n         IF(OFFSET(CRONOPLE!$F$15,$M29-$A$15,CN$13)=0,10^12,OFFSET(CRONOPLE!$F$15,$M29-$A$15,CN$13)))","v":1000000000000},{"$f":"IF(OR($D29<>\"Serviço\",AND(AUTOEVENTO=\"Manual\",$M29=$A$15)),0,\n         IF(OFFSET(CRONOPLE!$F$15,$M29-$A$15,CO$13)=0,10^12,OFFSET(CRONOPLE!$F$15,$M29-$A$15,CO$13)))","v":1000000000000},{"$f":"IF(OR($D29<>\"Serviço\",AND(AUTOEVENTO=\"Manual\",$M29=$A$15)),0,\n         IF(OFFSET(CRONOPLE!$F$15,$M29-$A$15,CP$13)=0,10^12,OFFSET(CRONOPLE!$F$15,$M29-$A$15,CP$13)))","v":1000000000000},{"$f":"IF(OR($D29<>\"Serviço\",AND(AUTOEVENTO=\"Manual\",$M29=$A$15)),0,\n         IF(OFFSET(CRONOPLE!$F$15,$M29-$A$15,CQ$13)=0,10^12,OFFSET(CRONOPLE!$F$15,$M29-$A$15,CQ$13)))","v":1000000000000},{"$f":"IF(OR($D29<>\"Serviço\",AND(AUTOEVENTO=\"Manual\",$M29=$A$15)),0,\n         IF(OFFSET(CRONOPLE!$F$15,$M29-$A$15,CR$13)=0,10^12,OFFSET(CRONOPLE!$F$15,$M29-$A$15,CR$13)))","v":1000000000000},null,{"$f":"IF(OR($D29<>\"Serviço\",AND(AUTOEVENTO=\"Manual\",$M29=$A$15),$M29>(ROW(PLE.lastrow)-ROW(PLE.firstrow))),0,\n           IF(OFFSET(PLE!$G$15,$M29-$A$15,CT$13)=\"\",10^12,OFFSET(PLE!$G$15,$M29-$A$15,CT$13)))","v":1000000000000},{"$f":"IF(OR($D29<>\"Serviço\",AND(AUTOEVENTO=\"Manual\",$M29=$A$15),$M29>(ROW(PLE.lastrow)-ROW(PLE.firstrow))),0,\n           IF(OFFSET(PLE!$G$15,$M29-$A$15,CU$13)=\"\",10^12,OFFSET(PLE!$G$15,$M29-$A$15,CU$13)))","v":1000000000000},{"$f":"IF(OR($D29<>\"Serviço\",AND(AUTOEVENTO=\"Manual\",$M29=$A$15),$M29>(ROW(PLE.lastrow)-ROW(PLE.firstrow))),0,\n           IF(OFFSET(PLE!$G$15,$M29-$A$15,CV$13)=\"\",10^12,OFFSET(PLE!$G$15,$M29-$A$15,CV$13)))","v":1000000000000},{"$f":"IF(OR($D29<>\"Serviço\",AND(AUTOEVENTO=\"Manual\",$M29=$A$15),$M29>(ROW(PLE.lastrow)-ROW(PLE.firstrow))),0,\n           IF(OFFSET(PLE!$G$15,$M29-$A$15,CW$13)=\"\",10^12,OFFSET(PLE!$G$15,$M29-$A$15,CW$13)))","v":1000000000000},{"$f":"IF(OR($D29<>\"Serviço\",AND(AUTOEVENTO=\"Manual\",$M29=$A$15),$M29>(ROW(PLE.lastrow)-ROW(PLE.firstrow))),0,\n           IF(OFFSET(PLE!$G$15,$M29-$A$15,CX$13)=\"\",10^12,OFFSET(PLE!$G$15,$M29-$A$15,CX$13)))","v":1000000000000},{"$f":"IF(OR($D29<>\"Serviço\",AND(AUTOEVENTO=\"Manual\",$M29=$A$15),$M29>(ROW(PLE.lastrow)-ROW(PLE.firstrow))),0,\n           IF(OFFSET(PLE!$G$15,$M29-$A$15,CY$13)=\"\",10^12,OFFSET(PLE!$G$15,$M29-$A$15,CY$13)))","v":1000000000000},{"$f":"IF(OR($D29<>\"Serviço\",AND(AUTOEVENTO=\"Manual\",$M29=$A$15),$M29>(ROW(PLE.lastrow)-ROW(PLE.firstrow))),0,\n           IF(OFFSET(PLE!$G$15,$M29-$A$15,CZ$13)=\"\",10^12,OFFSET(PLE!$G$15,$M29-$A$15,CZ$13)))","v":1000000000000},{"$f":"IF(OR($D29<>\"Serviço\",AND(AUTOEVENTO=\"Manual\",$M29=$A$15),$M29>(ROW(PLE.lastrow)-ROW(PLE.firstrow))),0,\n           IF(OFFSET(PLE!$G$15,$M29-$A$15,DA$13)=\"\",10^12,OFFSET(PLE!$G$15,$M29-$A$15,DA$13)))","v":1000000000000},{"$f":"IF(OR($D29<>\"Serviço\",AND(AUTOEVENTO=\"Manual\",$M29=$A$15),$M29>(ROW(PLE.lastrow)-ROW(PLE.firstrow))),0,\n           IF(OFFSET(PLE!$G$15,$M29-$A$15,DB$13)=\"\",10^12,OFFSET(PLE!$G$15,$M29-$A$15,DB$13)))","v":1000000000000},{"$f":"IF(OR($D29<>\"Serviço\",AND(AUTOEVENTO=\"Manual\",$M29=$A$15),$M29>(ROW(PLE.lastrow)-ROW(PLE.firstrow))),0,\n           IF(OFFSET(PLE!$G$15,$M29-$A$15,DC$13)=\"\",10^12,OFFSET(PLE!$G$15,$M29-$A$15,DC$13)))","v":1000000000000},{"$f":"IF(OR($D29<>\"Serviço\",AND(AUTOEVENTO=\"Manual\",$M29=$A$15),$M29>(ROW(PLE.lastrow)-ROW(PLE.firstrow))),0,\n           IF(OFFSET(PLE!$G$15,$M29-$A$15,DD$13)=\"\",10^12,OFFSET(PLE!$G$15,$M29-$A$15,DD$13)))","v":1000000000000},{"$f":"IF(OR($D29<>\"Serviço\",AND(AUTOEVENTO=\"Manual\",$M29=$A$15),$M29>(ROW(PLE.lastrow)-ROW(PLE.firstrow))),0,\n           IF(OFFSET(PLE!$G$15,$M29-$A$15,DE$13)=\"\",10^12,OFFSET(PLE!$G$15,$M29-$A$15,DE$13)))","v":1000000000000},{"$f":"IF(OR($D29<>\"Serviço\",AND(AUTOEVENTO=\"Manual\",$M29=$A$15),$M29>(ROW(PLE.lastrow)-ROW(PLE.firstrow))),0,\n           IF(OFFSET(PLE!$G$15,$M29-$A$15,DF$13)=\"\",10^12,OFFSET(PLE!$G$15,$M29-$A$15,DF$13)))","v":1000000000000},{"$f":"IF(OR($D29<>\"Serviço\",AND(AUTOEVENTO=\"Manual\",$M29=$A$15),$M29>(ROW(PLE.lastrow)-ROW(PLE.firstrow))),0,\n           IF(OFFSET(PLE!$G$15,$M29-$A$15,DG$13)=\"\",10^12,OFFSET(PLE!$G$15,$M29-$A$15,DG$13)))","v":1000000000000},{"$f":"IF(OR($D29<>\"Serviço\",AND(AUTOEVENTO=\"Manual\",$M29=$A$15),$M29>(ROW(PLE.lastrow)-ROW(PLE.firstrow))),0,\n           IF(OFFSET(PLE!$G$15,$M29-$A$15,DH$13)=\"\",10^12,OFFSET(PLE!$G$15,$M29-$A$15,DH$13)))","v":1000000000000},{"$f":"IF(OR($D29<>\"Serviço\",AND(AUTOEVENTO=\"Manual\",$M29=$A$15),$M29>(ROW(PLE.lastrow)-ROW(PLE.firstrow))),0,\n           IF(OFFSET(PLE!$G$15,$M29-$A$15,DI$13)=\"\",10^12,OFFSET(PLE!$G$15,$M29-$A$15,DI$13)))","v":1000000000000},{"$f":"IF(OR($D29<>\"Serviço\",AND(AUTOEVENTO=\"Manual\",$M29=$A$15),$M29>(ROW(PLE.lastrow)-ROW(PLE.firstrow))),0,\n           IF(OFFSET(PLE!$G$15,$M29-$A$15,DJ$13)=\"\",10^12,OFFSET(PLE!$G$15,$M29-$A$15,DJ$13)))","v":1000000000000},{"$f":"IF(OR($D29<>\"Serviço\",AND(AUTOEVENTO=\"Manual\",$M29=$A$15),$M29>(ROW(PLE.lastrow)-ROW(PLE.firstrow))),0,\n           IF(OFFSET(PLE!$G$15,$M29-$A$15,DK$13)=\"\",10^12,OFFSET(PLE!$G$15,$M29-$A$15,DK$13)))","v":1000000000000},{"$f":"IF(OR($D29<>\"Serviço\",AND(AUTOEVENTO=\"Manual\",$M29=$A$15),$M29>(ROW(PLE.lastrow)-ROW(PLE.firstrow))),0,\n           IF(OFFSET(PLE!$G$15,$M29-$A$15,DL$13)=\"\",10^12,OFFSET(PLE!$G$15,$M29-$A$15,DL$13)))","v":1000000000000},{"$f":"IF(OR($D29<>\"Serviço\",AND(AUTOEVENTO=\"Manual\",$M29=$A$15),$M29>(ROW(PLE.lastrow)-ROW(PLE.firstrow))),0,\n           IF(OFFSET(PLE!$G$15,$M29-$A$15,DM$13)=\"\",10^12,OFFSET(PLE!$G$15,$M29-$A$15,DM$13)))","v":1000000000000},{"$f":"IF(OR($D29<>\"Serviço\",AND(AUTOEVENTO=\"Manual\",$M29=$A$15),$M29>(ROW(PLE.lastrow)-ROW(PLE.firstrow))),0,\n           IF(OFFSET(PLE!$G$15,$M29-$A$15,DN$13)=\"\",10^12,OFFSET(PLE!$G$15,$M29-$A$15,DN$13)))","v":1000000000000},{"$f":"IF(OR($D29<>\"Serviço\",AND(AUTOEVENTO=\"Manual\",$M29=$A$15),$M29>(ROW(PLE.lastrow)-ROW(PLE.firstrow))),0,\n           IF(OFFSET(PLE!$G$15,$M29-$A$15,DO$13)=\"\",10^12,OFFSET(PLE!$G$15,$M29-$A$15,DO$13)))","v":1000000000000},{"$f":"IF(OR($D29<>\"Serviço\",AND(AUTOEVENTO=\"Manual\",$M29=$A$15),$M29>(ROW(PLE.lastrow)-ROW(PLE.firstrow))),0,\n           IF(OFFSET(PLE!$G$15,$M29-$A$15,DP$13)=\"\",10^12,OFFSET(PLE!$G$15,$M29-$A$15,DP$13)))","v":1000000000000},{"$f":"IF(OR($D29<>\"Serviço\",AND(AUTOEVENTO=\"Manual\",$M29=$A$15),$M29>(ROW(PLE.lastrow)-ROW(PLE.firstrow))),0,\n           IF(OFFSET(PLE!$G$15,$M29-$A$15,DQ$13)=\"\",10^12,OFFSET(PLE!$G$15,$M29-$A$15,DQ$13)))","v":1000000000000},{"$f":"IF(OR($D29<>\"Serviço\",AND(AUTOEVENTO=\"Manual\",$M29=$A$15),$M29>(ROW(PLE.lastrow)-ROW(PLE.firstrow))),0,\n           IF(OFFSET(PLE!$G$15,$M29-$A$15,DR$13)=\"\",10^12,OFFSET(PLE!$G$15,$M29-$A$15,DR$13)))","v":1000000000000},{"$f":"IF(OR($D29<>\"Serviço\",AND(AUTOEVENTO=\"Manual\",$M29=$A$15),$M29>(ROW(PLE.lastrow)-ROW(PLE.firstrow))),0,\n           IF(OFFSET(PLE!$G$15,$M29-$A$15,DS$13)=\"\",10^12,OFFSET(PLE!$G$15,$M29-$A$15,DS$13)))","v":1000000000000}]
["8",{"$f":"OFFSET(ORÇAMENTO!C$15,$L30,0)","v":"S"},{"$f":"OFFSET(ORÇAMENTO!L$15,$L30,0)","v":"F"},{"$f":"OFFSET(ORÇAMENTO!N$15,$L30,0)","v":"Serviço"},{"$f":"OFFSET(ORÇAMENTO!O$15,$L30,0)","v":"1.3.1.1.7."},{"$f":"OFFSET(ORÇAMENTO!R$15,$L30,0)","v":"ARMAÇÃO DE SAPATA ISOLADA, VIGA BALDRAME E SAPATA CORRIDA UTILIZANDO AÇO CA-60 DE 5 MM - MONTAGEM. AF_01/2024"},{"$f":"IF($D30<>\"Serviço\",\"\",OFFSET(ORÇAMENTO!S$15,$L30,0))","v":"KG"},{"$f":"IF($D30<>\"Serviço\",0,IF(ACOMPANHAMENTO=\"BM\",ROUND(OFFSET(ORÇAMENTO!AJ$15,$L30,0),15-13*ORÇAMENTO!$AF$7),IF(IFERROR(CÁLCULO.FrentesPreenchidas,0)=0,0,SUM(ROUND(OFFSET($P30,0,1,1,CÁLCULO.FrentesPreenchidas),15-13*ORÇAMENTO!$AF$7)))))","v":64},"Conforme modelo disponibilizado pela CAIXA",{"$f":"IF(OR(B30<>\"S\",CÁLCULO.FrentesPreenchidas=0),\"\",IF(AND(ACOMPANHAMENTO=\"PLE\",AUTOEVENTO=\"Manual\",OR(H30>0,ORÇAMENTO!AC30=\"QUANT.\"),OR(K30=\"\",M30=0,N30=\"\")),\"►E\",IF(AND(ACOMPANHAMENTO=\"PLE\",ORÇAMENTO!AC30=\"QUANT.\"),\"►Q\",IF(AND(ACOMPANHAMENTO=\"PLE\",H30<>SUMPRODUCT(($Q$1:$AQ$1=1)*ROUND(Q30:AQ30,15))),\"►S\",IF(AND(COUNTIF($P$11:$AQ$11,\"▼\")=0,H30>0,I30=\"\"),\"◄M\",\"\")))))","v":""},"3. SAPATA",15,{"$f":"IF($D30<>\"Serviço\",\"\",\n          IF(AUTOEVENTO=\"manual\",$A30,\n                IF(ISERROR(MATCH($A30,$A$15:OFFSET($A30,-1,0),0)),MAX($M$15:OFFSET(M30,-1,0))+1,\n                      INDEX($M$15:OFFSET(M30,-1,0),MATCH($A30,$A$15:OFFSET($A30,-1,0),0)))))","v":3},{"$f":"IF($D30<>\"Serviço\",\"\",\n         IF(AUTOEVENTO=\"Manual\",\n                IF($A30=0,\"<-- defina o número do agrupador\",\n                       OFFSET(EVENTOS!$D$15,$A30-$A$15,0)),\n                OFFSET($F$15,$A30,0)))","v":"SAPATA"},null,null,12.8,12.8,12.8,12.8,12.8,null,null,null,null,null,null,null,null,null,null,null,null,null,null,null,null,null,null,null,null,null,null,{"$f":"IF(AND($D30=\"Serviço\",AR$12<>0,$H30>0,OR(AUTOEVENTO<>\"manual\",$M30<>$A$15)),\n        IF(Import.TipoArredondamento<>\"TransfereGOV\",\n              ROUND(OFFSET($P30,0,AR$13),15-13*ORÇAMENTO!$AF$7)/$H30*OFFSET(ORÇAMENTO!$X$15,ROW(AR30)-ROW(AR$15),0),\n              ROUND(ROUND(OFFSET($P30,0,AR$13),15-13*ORÇAMENTO!$AF$7)*OFFSET(ORÇAMENTO!$W$15,ROW(AR30)-ROW(AR$15),0),15-13*ORÇAMENTO!$AF$11)),\n         0)","v":259.07},{"$f":"IF(AND($D30=\"Serviço\",AS$12<>0,$H30>0,OR(AUTOEVENTO<>\"manual\",$M30<>$A$15)),\n        IF(Import.TipoArredondamento<>\"TransfereGOV\",\n              ROUND(OFFSET($P30,0,AS$13),15-13*ORÇAMENTO!$AF$7)/$H30*OFFSET(ORÇAMENTO!$X$15,ROW(AS30)-ROW(AS$15),0),\n              ROUND(ROUND(OFFSET($P30,0,AS$13),15-13*ORÇAMENTO!$AF$7)*OFFSET(ORÇAMENTO!$W$15,ROW(AS30)-ROW(AS$15),0),15-13*ORÇAMENTO!$AF$11)),\n         0)","v":259.07},{"$f":"IF(AND($D30=\"Serviço\",AT$12<>0,$H30>0,OR(AUTOEVENTO<>\"manual\",$M30<>$A$15)),\n        IF(Import.TipoArredondamento<>\"TransfereGOV\",\n              ROUND(OFFSET($P30,0,AT$13),15-13*ORÇAMENTO!$AF$7)/$H30*OFFSET(ORÇAMENTO!$X$15,ROW(AT30)-ROW(AT$15),0),\n              ROUND(ROUND(OFFSET($P30,0,AT$13),15-13*ORÇAMENTO!$AF$7)*OFFSET(ORÇAMENTO!$W$15,ROW(AT30)-ROW(AT$15),0),15-13*ORÇAMENTO!$AF$11)),\n         0)","v":259.07},{"$f":"IF(AND($D30=\"Serviço\",AU$12<>0,$H30>0,OR(AUTOEVENTO<>\"manual\",$M30<>$A$15)),\n        IF(Import.TipoArredondamento<>\"TransfereGOV\",\n              ROUND(OFFSET($P30,0,AU$13),15-13*ORÇAMENTO!$AF$7)/$H30*OFFSET(ORÇAMENTO!$X$15,ROW(AU30)-ROW(AU$15),0),\n              ROUND(ROUND(OFFSET($P30,0,AU$13),15-13*ORÇAMENTO!$AF$7)*OFFSET(ORÇAMENTO!$W$15,ROW(AU30)-ROW(AU$15),0),15-13*ORÇAMENTO!$AF$11)),\n         0)","v":259.07},{"$f":"IF(AND($D30=\"Serviço\",AV$12<>0,$H30>0,OR(AUTOEVENTO<>\"manual\",$M30<>$A$15)),\n        IF(Import.TipoArredondamento<>\"TransfereGOV\",\n              ROUND(OFFSET($P30,0,AV$13),15-13*ORÇAMENTO!$AF$7)/$H30*OFFSET(ORÇAMENTO!$X$15,ROW(AV30)-ROW(AV$15),0),\n              ROUND(ROUND(OFFSET($P30,0,AV$13),15-13*ORÇAMENTO!$AF$7)*OFFSET(ORÇAMENTO!$W$15,ROW(AV30)-ROW(AV$15),0),15-13*ORÇAMENTO!$AF$11)),\n         0)","v":259.07},{"$f":"IF(AND($D30=\"Serviço\",AW$12<>0,$H30>0,OR(AUTOEVENTO<>\"manual\",$M30<>$A$15)),\n        IF(Import.TipoArredondamento<>\"TransfereGOV\",\n              ROUND(OFFSET($P30,0,AW$13),15-13*ORÇAMENTO!$AF$7)/$H30*OFFSET(ORÇAMENTO!$X$15,ROW(AW30)-ROW(AW$15),0),\n              ROUND(ROUND(OFFSET($P30,0,AW$13),15-13*ORÇAMENTO!$AF$7)*OFFSET(ORÇAMENTO!$W$15,ROW(AW30)-ROW(AW$15),0),15-13*ORÇAMENTO!$AF$11)),\n         0)","v":0},{"$f":"IF(AND($D30=\"Serviço\",AX$12<>0,$H30>0,OR(AUTOEVENTO<>\"manual\",$M30<>$A$15)),\n        IF(Import.TipoArredondamento<>\"TransfereGOV\",\n              ROUND(OFFSET($P30,0,AX$13),15-13*ORÇAMENTO!$AF$7)/$H30*OFFSET(ORÇAMENTO!$X$15,ROW(AX30)-ROW(AX$15),0),\n              ROUND(ROUND(OFFSET($P30,0,AX$13),15-13*ORÇAMENTO!$AF$7)*OFFSET(ORÇAMENTO!$W$15,ROW(AX30)-ROW(AX$15),0),15-13*ORÇAMENTO!$AF$11)),\n         0)","v":0},{"$f":"IF(AND($D30=\"Serviço\",AY$12<>0,$H30>0,OR(AUTOEVENTO<>\"manual\",$M30<>$A$15)),\n        IF(Import.TipoArredondamento<>\"TransfereGOV\",\n              ROUND(OFFSET($P30,0,AY$13),15-13*ORÇAMENTO!$AF$7)/$H30*OFFSET(ORÇAMENTO!$X$15,ROW(AY30)-ROW(AY$15),0),\n              ROUND(ROUND(OFFSET($P30,0,AY$13),15-13*ORÇAMENTO!$AF$7)*OFFSET(ORÇAMENTO!$W$15,ROW(AY30)-ROW(AY$15),0),15-13*ORÇAMENTO!$AF$11)),\n         0)","v":0},{"$f":"IF(AND($D30=\"Serviço\",AZ$12<>0,$H30>0,OR(AUTOEVENTO<>\"manual\",$M30<>$A$15)),\n        IF(Import.TipoArredondamento<>\"TransfereGOV\",\n              ROUND(OFFSET($P30,0,AZ$13),15-13*ORÇAMENTO!$AF$7)/$H30*OFFSET(ORÇAMENTO!$X$15,ROW(AZ30)-ROW(AZ$15),0),\n              ROUND(ROUND(OFFSET($P30,0,AZ$13),15-13*ORÇAMENTO!$AF$7)*OFFSET(ORÇAMENTO!$W$15,ROW(AZ30)-ROW(AZ$15),0),15-13*ORÇAMENTO!$AF$11)),\n         0)","v":0},{"$f":"IF(AND($D30=\"Serviço\",BA$12<>0,$H30>0,OR(AUTOEVENTO<>\"manual\",$M30<>$A$15)),\n        IF(Import.TipoArredondamento<>\"TransfereGOV\",\n              ROUND(OFFSET($P30,0,BA$13),15-13*ORÇAMENTO!$AF$7)/$H30*OFFSET(ORÇAMENTO!$X$15,ROW(BA30)-ROW(BA$15),0),\n              ROUND(ROUND(OFFSET($P30,0,BA$13),15-13*ORÇAMENTO!$AF$7)*OFFSET(ORÇAMENTO!$W$15,ROW(BA30)-ROW(BA$15),0),15-13*ORÇAMENTO!$AF$11)),\n         0)","v":0},{"$f":"IF(AND($D30=\"Serviço\",BB$12<>0,$H30>0,OR(AUTOEVENTO<>\"manual\",$M30<>$A$15)),\n        IF(Import.TipoArredondamento<>\"TransfereGOV\",\n              ROUND(OFFSET($P30,0,BB$13),15-13*ORÇAMENTO!$AF$7)/$H30*OFFSET(ORÇAMENTO!$X$15,ROW(BB30)-ROW(BB$15),0),\n              ROUND(ROUND(OFFSET($P30,0,BB$13),15-13*ORÇAMENTO!$AF$7)*OFFSET(ORÇAMENTO!$W$15,ROW(BB30)-ROW(BB$15),0),15-13*ORÇAMENTO!$AF$11)),\n         0)","v":0},{"$f":"IF(AND($D30=\"Serviço\",BC$12<>0,$H30>0,OR(AUTOEVENTO<>\"manual\",$M30<>$A$15)),\n        IF(Import.TipoArredondamento<>\"TransfereGOV\",\n              ROUND(OFFSET($P30,0,BC$13),15-13*ORÇAMENTO!$AF$7)/$H30*OFFSET(ORÇAMENTO!$X$15,ROW(BC30)-ROW(BC$15),0),\n              ROUND(ROUND(OFFSET($P30,0,BC$13),15-13*ORÇAMENTO!$AF$7)*OFFSET(ORÇAMENTO!$W$15,ROW(BC30)-ROW(BC$15),0),15-13*ORÇAMENTO!$AF$11)),\n         0)","v":0},{"$f":"IF(AND($D30=\"Serviço\",BD$12<>0,$H30>0,OR(AUTOEVENTO<>\"manual\",$M30<>$A$15)),\n        IF(Import.TipoArredondamento<>\"TransfereGOV\",\n              ROUND(OFFSET($P30,0,BD$13),15-13*ORÇAMENTO!$AF$7)/$H30*OFFSET(ORÇAMENTO!$X$15,ROW(BD30)-ROW(BD$15),0),\n              ROUND(ROUND(OFFSET($P30,0,BD$13),15-13*ORÇAMENTO!$AF$7)*OFFSET(ORÇAMENTO!$W$15,ROW(BD30)-ROW(BD$15),0),15-13*ORÇAMENTO!$AF$11)),\n         0)","v":0},{"$f":"IF(AND($D30=\"Serviço\",BE$12<>0,$H30>0,OR(AUTOEVENTO<>\"manual\",$M30<>$A$15)),\n        IF(Import.TipoArredondamento<>\"TransfereGOV\",\n              ROUND(OFFSET($P30,0,BE$13),15-13*ORÇAMENTO!$AF$7)/$H30*OFFSET(ORÇAMENTO!$X$15,ROW(BE30)-ROW(BE$15),0),\n              ROUND(ROUND(OFFSET($P30,0,BE$13),15-13*ORÇAMENTO!$AF$7)*OFFSET(ORÇAMENTO!$W$15,ROW(BE30)-ROW(BE$15),0),15-13*ORÇAMENTO!$AF$11)),\n         0)","v":0},{"$f":"IF(AND($D30=\"Serviço\",BF$12<>0,$H30>0,OR(AUTOEVENTO<>\"manual\",$M30<>$A$15)),\n        IF(Import.TipoArredondamento<>\"TransfereGOV\",\n              ROUND(OFFSET($P30,0,BF$13),15-13*ORÇAMENTO!$AF$7)/$H30*OFFSET(ORÇAMENTO!$X$15,ROW(BF30)-ROW(BF$15),0),\n              ROUND(ROUND(OFFSET($P30,0,BF$13),15-13*ORÇAMENTO!$AF$7)*OFFSET(ORÇAMENTO!$W$15,ROW(BF30)-ROW(BF$15),0),15-13*ORÇAMENTO!$AF$11)),\n         0)","v":0},{"$f":"IF(AND($D30=\"Serviço\",BG$12<>0,$H30>0,OR(AUTOEVENTO<>\"manual\",$M30<>$A$15)),\n        IF(Import.TipoArredondamento<>\"TransfereGOV\",\n              ROUND(OFFSET($P30,0,BG$13),15-13*ORÇAMENTO!$AF$7)/$H30*OFFSET(ORÇAMENTO!$X$15,ROW(BG30)-ROW(BG$15),0),\n              ROUND(ROUND(OFFSET($P30,0,BG$13),15-13*ORÇAMENTO!$AF$7)*OFFSET(ORÇAMENTO!$W$15,ROW(BG30)-ROW(BG$15),0),15-13*ORÇAMENTO!$AF$11)),\n         0)","v":0},{"$f":"IF(AND($D30=\"Serviço\",BH$12<>0,$H30>0,OR(AUTOEVENTO<>\"manual\",$M30<>$A$15)),\n        IF(Import.TipoArredondamento<>\"TransfereGOV\",\n              ROUND(OFFSET($P30,0,BH$13),15-13*ORÇAMENTO!$AF$7)/$H30*OFFSET(ORÇAMENTO!$X$15,ROW(BH30)-ROW(BH$15),0),\n              ROUND(ROUND(OFFSET($P30,0,BH$13),15-13*ORÇAMENTO!$AF$7)*OFFSET(ORÇAMENTO!$W$15,ROW(BH30)-ROW(BH$15),0),15-13*ORÇAMENTO!$AF$11)),\n         0)","v":0},{"$f":"IF(AND($D30=\"Serviço\",BI$12<>0,$H30>0,OR(AUTOEVENTO<>\"manual\",$M30<>$A$15)),\n        IF(Import.TipoArredondamento<>\"TransfereGOV\",\n              ROUND(OFFSET($P30,0,BI$13),15-13*ORÇAMENTO!$AF$7)/$H30*OFFSET(ORÇAMENTO!$X$15,ROW(BI30)-ROW(BI$15),0),\n              ROUND(ROUND(OFFSET($P30,0,BI$13),15-13*ORÇAMENTO!$AF$7)*OFFSET(ORÇAMENTO!$W$15,ROW(BI30)-ROW(BI$15),0),15-13*ORÇAMENTO!$AF$11)),\n         0)","v":0},{"$f":"IF(AND($D30=\"Serviço\",BJ$12<>0,$H30>0,OR(AUTOEVENTO<>\"manual\",$M30<>$A$15)),\n        IF(Import.TipoArredondamento<>\"TransfereGOV\",\n              ROUND(OFFSET($P30,0,BJ$13),15-13*ORÇAMENTO!$AF$7)/$H30*OFFSET(ORÇAMENTO!$X$15,ROW(BJ30)-ROW(BJ$15),0),\n              ROUND(ROUND(OFFSET($P30,0,BJ$13),15-13*ORÇAMENTO!$AF$7)*OFFSET(ORÇAMENTO!$W$15,ROW(BJ30)-ROW(BJ$15),0),15-13*ORÇAMENTO!$AF$11)),\n         0)","v":0},{"$f":"IF(AND($D30=\"Serviço\",BK$12<>0,$H30>0,OR(AUTOEVENTO<>\"manual\",$M30<>$A$15)),\n        IF(Import.TipoArredondamento<>\"TransfereGOV\",\n              ROUND(OFFSET($P30,0,BK$13),15-13*ORÇAMENTO!$AF$7)/$H30*OFFSET(ORÇAMENTO!$X$15,ROW(BK30)-ROW(BK$15),0),\n              ROUND(ROUND(OFFSET($P30,0,BK$13),15-13*ORÇAMENTO!$AF$7)*OFFSET(ORÇAMENTO!$W$15,ROW(BK30)-ROW(BK$15),0),15-13*ORÇAMENTO!$AF$11)),\n         0)","v":0},{"$f":"IF(AND($D30=\"Serviço\",BL$12<>0,$H30>0,OR(AUTOEVENTO<>\"manual\",$M30<>$A$15)),\n        IF(Import.TipoArredondamento<>\"TransfereGOV\",\n              ROUND(OFFSET($P30,0,BL$13),15-13*ORÇAMENTO!$AF$7)/$H30*OFFSET(ORÇAMENTO!$X$15,ROW(BL30)-ROW(BL$15),0),\n              ROUND(ROUND(OFFSET($P30,0,BL$13),15-13*ORÇAMENTO!$AF$7)*OFFSET(ORÇAMENTO!$W$15,ROW(BL30)-ROW(BL$15),0),15-13*ORÇAMENTO!$AF$11)),\n         0)","v":0},{"$f":"IF(AND($D30=\"Serviço\",BM$12<>0,$H30>0,OR(AUTOEVENTO<>\"manual\",$M30<>$A$15)),\n        IF(Import.TipoArredondamento<>\"TransfereGOV\",\n              ROUND(OFFSET($P30,0,BM$13),15-13*ORÇAMENTO!$AF$7)/$H30*OFFSET(ORÇAMENTO!$X$15,ROW(BM30)-ROW(BM$15),0),\n              ROUND(ROUND(OFFSET($P30,0,BM$13),15-13*ORÇAMENTO!$AF$7)*OFFSET(ORÇAMENTO!$W$15,ROW(BM30)-ROW(BM$15),0),15-13*ORÇAMENTO!$AF$11)),\n         0)","v":0},{"$f":"IF(AND($D30=\"Serviço\",BN$12<>0,$H30>0,OR(AUTOEVENTO<>\"manual\",$M30<>$A$15)),\n        IF(Import.TipoArredondamento<>\"TransfereGOV\",\n              ROUND(OFFSET($P30,0,BN$13),15-13*ORÇAMENTO!$AF$7)/$H30*OFFSET(ORÇAMENTO!$X$15,ROW(BN30)-ROW(BN$15),0),\n              ROUND(ROUND(OFFSET($P30,0,BN$13),15-13*ORÇAMENTO!$AF$7)*OFFSET(ORÇAMENTO!$W$15,ROW(BN30)-ROW(BN$15),0),15-13*ORÇAMENTO!$AF$11)),\n         0)","v":0},{"$f":"IF(AND($D30=\"Serviço\",BO$12<>0,$H30>0,OR(AUTOEVENTO<>\"manual\",$M30<>$A$15)),\n        IF(Import.TipoArredondamento<>\"TransfereGOV\",\n              ROUND(OFFSET($P30,0,BO$13),15-13*ORÇAMENTO!$AF$7)/$H30*OFFSET(ORÇAMENTO!$X$15,ROW(BO30)-ROW(BO$15),0),\n              ROUND(ROUND(OFFSET($P30,0,BO$13),15-13*ORÇAMENTO!$AF$7)*OFFSET(ORÇAMENTO!$W$15,ROW(BO30)-ROW(BO$15),0),15-13*ORÇAMENTO!$AF$11)),\n         0)","v":0},{"$f":"IF(AND($D30=\"Serviço\",BP$12<>0,$H30>0,OR(AUTOEVENTO<>\"manual\",$M30<>$A$15)),\n        IF(Import.TipoArredondamento<>\"TransfereGOV\",\n              ROUND(OFFSET($P30,0,BP$13),15-13*ORÇAMENTO!$AF$7)/$H30*OFFSET(ORÇAMENTO!$X$15,ROW(BP30)-ROW(BP$15),0),\n              ROUND(ROUND(OFFSET($P30,0,BP$13),15-13*ORÇAMENTO!$AF$7)*OFFSET(ORÇAMENTO!$W$15,ROW(BP30)-ROW(BP$15),0),15-13*ORÇAMENTO!$AF$11)),\n         0)","v":0},{"$f":"IF(AND($D30=\"Serviço\",BQ$12<>0,$H30>0,OR(AUTOEVENTO<>\"manual\",$M30<>$A$15)),\n        IF(Import.TipoArredondamento<>\"TransfereGOV\",\n              ROUND(OFFSET($P30,0,BQ$13),15-13*ORÇAMENTO!$AF$7)/$H30*OFFSET(ORÇAMENTO!$X$15,ROW(BQ30)-ROW(BQ$15),0),\n              ROUND(ROUND(OFFSET($P30,0,BQ$13),15-13*ORÇAMENTO!$AF$7)*OFFSET(ORÇAMENTO!$W$15,ROW(BQ30)-ROW(BQ$15),0),15-13*ORÇAMENTO!$AF$11)),\n         0)","v":0},null,{"$f":"IF(OR($D30<>\"Serviço\",AND(AUTOEVENTO=\"Manual\",$M30=$A$15)),0,\n         IF(OFFSET(CRONOPLE!$F$15,$M30-$A$15,BS$13)=0,10^12,OFFSET(CRONOPLE!$F$15,$M30-$A$15,BS$13)))","v":1},{"$f":"IF(OR($D30<>\"Serviço\",AND(AUTOEVENTO=\"Manual\",$M30=$A$15)),0,\n         IF(OFFSET(CRONOPLE!$F$15,$M30-$A$15,BT$13)=0,10^12,OFFSET(CRONOPLE!$F$15,$M30-$A$15,BT$13)))","v":1},{"$f":"IF(OR($D30<>\"Serviço\",AND(AUTOEVENTO=\"Manual\",$M30=$A$15)),0,\n         IF(OFFSET(CRONOPLE!$F$15,$M30-$A$15,BU$13)=0,10^12,OFFSET(CRONOPLE!$F$15,$M30-$A$15,BU$13)))","v":1},{"$f":"IF(OR($D30<>\"Serviço\",AND(AUTOEVENTO=\"Manual\",$M30=$A$15)),0,\n         IF(OFFSET(CRONOPLE!$F$15,$M30-$A$15,BV$13)=0,10^12,OFFSET(CRONOPLE!$F$15,$M30-$A$15,BV$13)))","v":1},{"$f":"IF(OR($D30<>\"Serviço\",AND(AUTOEVENTO=\"Manual\",$M30=$A$15)),0,\n         IF(OFFSET(CRONOPLE!$F$15,$M30-$A$15,BW$13)=0,10^12,OFFSET(CRONOPLE!$F$15,$M30-$A$15,BW$13)))","v":1},{"$f":"IF(OR($D30<>\"Serviço\",AND(AUTOEVENTO=\"Manual\",$M30=$A$15)),0,\n         IF(OFFSET(CRONOPLE!$F$15,$M30-$A$15,BX$13)=0,10^12,OFFSET(CRONOPLE!$F$15,$M30-$A$15,BX$13)))","v":1},{"$f":"IF(OR($D30<>\"Serviço\",AND(AUTOEVENTO=\"Manual\",$M30=$A$15)),0,\n         IF(OFFSET(CRONOPLE!$F$15,$M30-$A$15,BY$13)=0,10^12,OFFSET(CRONOPLE!$F$15,$M30-$A$15,BY$13)))","v":1},{"$f":"IF(OR($D30<>\"Serviço\",AND(AUTOEVENTO=\"Manual\",$M30=$A$15)),0,\n         IF(OFFSET(CRONOPLE!$F$15,$M30-$A$15,BZ$13)=0,10^12,OFFSET(CRONOPLE!$F$15,$M30-$A$15,BZ$13)))","v":7},{"$f":"IF(OR($D30<>\"Serviço\",AND(AUTOEVENTO=\"Manual\",$M30=$A$15)),0,\n         IF(OFFSET(CRONOPLE!$F$15,$M30-$A$15,CA$13)=0,10^12,OFFSET(CRONOPLE!$F$15,$M30-$A$15,CA$13)))","v":7},{"$f":"IF(OR($D30<>\"Serviço\",AND(AUTOEVENTO=\"Manual\",$M30=$A$15)),0,\n         IF(OFFSET(CRONOPLE!$F$15,$M30-$A$15,CB$13)=0,10^12,OFFSET(CRONOPLE!$F$15,$M30-$A$15,CB$13)))","v":7},{"$f":"IF(OR($D30<>\"Serviço\",AND(AUTOEVENTO=\"Manual\",$M30=$A$15)),0,\n         IF(OFFSET(CRONOPLE!$F$15,$M30-$A$15,CC$13)=0,10^12,OFFSET(CRONOPLE!$F$15,$M30-$A$15,CC$13)))","v":13},{"$f":"IF(OR($D30<>\"Serviço\",AND(AUTOEVENTO=\"Manual\",$M30=$A$15)),0,\n         IF(OFFSET(CRONOPLE!$F$15,$M30-$A$15,CD$13)=0,10^12,OFFSET(CRONOPLE!$F$15,$M30-$A$15,CD$13)))","v":13},{"$f":"IF(OR($D30<>\"Serviço\",AND(AUTOEVENTO=\"Manual\",$M30=$A$15)),0,\n         IF(OFFSET(CRONOPLE!$F$15,$M30-$A$15,CE$13)=0,10^12,OFFSET(CRONOPLE!$F$15,$M30-$A$15,CE$13)))","v":13},{"$f":"IF(OR($D30<>\"Serviço\",AND(AUTOEVENTO=\"Manual\",$M30=$A$15)),0,\n         IF(OFFSET(CRONOPLE!$F$15,$M30-$A$15,CF$13)=0,10^12,OFFSET(CRONOPLE!$F$15,$M30-$A$15,CF$13)))","v":13},{"$f":"IF(OR($D30<>\"Serviço\",AND(AUTOEVENTO=\"Manual\",$M30=$A$15)),0,\n         IF(OFFSET(CRONOPLE!$F$15,$M30-$A$15,CG$13)=0,10^12,OFFSET(CRONOPLE!$F$15,$M30-$A$15,CG$13)))","v":13},{"$f":"IF(OR($D30<>\"Serviço\",AND(AUTOEVENTO=\"Manual\",$M30=$A$15)),0,\n         IF(OFFSET(CRONOPLE!$F$15,$M30-$A$15,CH$13)=0,10^12,OFFSET(CRONOPLE!$F$15,$M30-$A$15,CH$13)))","v":19},{"$f":"IF(OR($D30<>\"Serviço\",AND(AUTOEVENTO=\"Manual\",$M30=$A$15)),0,\n         IF(OFFSET(CRONOPLE!$F$15,$M30-$A$15,CI$13)=0,10^12,OFFSET(CRONOPLE!$F$15,$M30-$A$15,CI$13)))","v":19},{"$f":"IF(OR($D30<>\"Serviço\",AND(AUTOEVENTO=\"Manual\",$M30=$A$15)),0,\n         IF(OFFSET(CRONOPLE!$F$15,$M30-$A$15,CJ$13)=0,10^12,OFFSET(CRONOPLE!$F$15,$M30-$A$15,CJ$13)))","v":19},{"$f":"IF(OR($D30<>\"Serviço\",AND(AUTOEVENTO=\"Manual\",$M30=$A$15)),0,\n         IF(OFFSET(CRONOPLE!$F$15,$M30-$A$15,CK$13)=0,10^12,OFFSET(CRONOPLE!$F$15,$M30-$A$15,CK$13)))","v":19},{"$f":"IF(OR($D30<>\"Serviço\",AND(AUTOEVENTO=\"Manual\",$M30=$A$15)),0,\n         IF(OFFSET(CRONOPLE!$F$15,$M30-$A$15,CL$13)=0,10^12,OFFSET(CRONOPLE!$F$15,$M30-$A$15,CL$13)))","v":19},{"$f":"IF(OR($D30<>\"Serviço\",AND(AUTOEVENTO=\"Manual\",$M30=$A$15)),0,\n         IF(OFFSET(CRONOPLE!$F$15,$M30-$A$15,CM$13)=0,10^12,OFFSET(CRONOPLE!$F$15,$M30-$A$15,CM$13)))","v":1000000000000},{"$f":"IF(OR($D30<>\"Serviço\",AND(AUTOEVENTO=\"Manual\",$M30=$A$15)),0,\n         IF(OFFSET(CRONOPLE!$F$15,$M30-$A$15,CN$13)=0,10^12,OFFSET(CRONOPLE!$F$15,$M30-$A$15,CN$13)))","v":1000000000000},{"$f":"IF(OR($D30<>\"Serviço\",AND(AUTOEVENTO=\"Manual\",$M30=$A$15)),0,\n         IF(OFFSET(CRONOPLE!$F$15,$M30-$A$15,CO$13)=0,10^12,OFFSET(CRONOPLE!$F$15,$M30-$A$15,CO$13)))","v":1000000000000},{"$f":"IF(OR($D30<>\"Serviço\",AND(AUTOEVENTO=\"Manual\",$M30=$A$15)),0,\n         IF(OFFSET(CRONOPLE!$F$15,$M30-$A$15,CP$13)=0,10^12,OFFSET(CRONOPLE!$F$15,$M30-$A$15,CP$13)))","v":1000000000000},{"$f":"IF(OR($D30<>\"Serviço\",AND(AUTOEVENTO=\"Manual\",$M30=$A$15)),0,\n         IF(OFFSET(CRONOPLE!$F$15,$M30-$A$15,CQ$13)=0,10^12,OFFSET(CRONOPLE!$F$15,$M30-$A$15,CQ$13)))","v":1000000000000},{"$f":"IF(OR($D30<>\"Serviço\",AND(AUTOEVENTO=\"Manual\",$M30=$A$15)),0,\n         IF(OFFSET(CRONOPLE!$F$15,$M30-$A$15,CR$13)=0,10^12,OFFSET(CRONOPLE!$F$15,$M30-$A$15,CR$13)))","v":1000000000000},null,{"$f":"IF(OR($D30<>\"Serviço\",AND(AUTOEVENTO=\"Manual\",$M30=$A$15),$M30>(ROW(PLE.lastrow)-ROW(PLE.firstrow))),0,\n           IF(OFFSET(PLE!$G$15,$M30-$A$15,CT$13)=\"\",10^12,OFFSET(PLE!$G$15,$M30-$A$15,CT$13)))","v":1000000000000},{"$f":"IF(OR($D30<>\"Serviço\",AND(AUTOEVENTO=\"Manual\",$M30=$A$15),$M30>(ROW(PLE.lastrow)-ROW(PLE.firstrow))),0,\n           IF(OFFSET(PLE!$G$15,$M30-$A$15,CU$13)=\"\",10^12,OFFSET(PLE!$G$15,$M30-$A$15,CU$13)))","v":1000000000000},{"$f":"IF(OR($D30<>\"Serviço\",AND(AUTOEVENTO=\"Manual\",$M30=$A$15),$M30>(ROW(PLE.lastrow)-ROW(PLE.firstrow))),0,\n           IF(OFFSET(PLE!$G$15,$M30-$A$15,CV$13)=\"\",10^12,OFFSET(PLE!$G$15,$M30-$A$15,CV$13)))","v":1000000000000},{"$f":"IF(OR($D30<>\"Serviço\",AND(AUTOEVENTO=\"Manual\",$M30=$A$15),$M30>(ROW(PLE.lastrow)-ROW(PLE.firstrow))),0,\n           IF(OFFSET(PLE!$G$15,$M30-$A$15,CW$13)=\"\",10^12,OFFSET(PLE!$G$15,$M30-$A$15,CW$13)))","v":1000000000000},{"$f":"IF(OR($D30<>\"Serviço\",AND(AUTOEVENTO=\"Manual\",$M30=$A$15),$M30>(ROW(PLE.lastrow)-ROW(PLE.firstrow))),0,\n           IF(OFFSET(PLE!$G$15,$M30-$A$15,CX$13)=\"\",10^12,OFFSET(PLE!$G$15,$M30-$A$15,CX$13)))","v":1000000000000},{"$f":"IF(OR($D30<>\"Serviço\",AND(AUTOEVENTO=\"Manual\",$M30=$A$15),$M30>(ROW(PLE.lastrow)-ROW(PLE.firstrow))),0,\n           IF(OFFSET(PLE!$G$15,$M30-$A$15,CY$13)=\"\",10^12,OFFSET(PLE!$G$15,$M30-$A$15,CY$13)))","v":1000000000000},{"$f":"IF(OR($D30<>\"Serviço\",AND(AUTOEVENTO=\"Manual\",$M30=$A$15),$M30>(ROW(PLE.lastrow)-ROW(PLE.firstrow))),0,\n           IF(OFFSET(PLE!$G$15,$M30-$A$15,CZ$13)=\"\",10^12,OFFSET(PLE!$G$15,$M30-$A$15,CZ$13)))","v":1000000000000},{"$f":"IF(OR($D30<>\"Serviço\",AND(AUTOEVENTO=\"Manual\",$M30=$A$15),$M30>(ROW(PLE.lastrow)-ROW(PLE.firstrow))),0,\n           IF(OFFSET(PLE!$G$15,$M30-$A$15,DA$13)=\"\",10^12,OFFSET(PLE!$G$15,$M30-$A$15,DA$13)))","v":1000000000000},{"$f":"IF(OR($D30<>\"Serviço\",AND(AUTOEVENTO=\"Manual\",$M30=$A$15),$M30>(ROW(PLE.lastrow)-ROW(PLE.firstrow))),0,\n           IF(OFFSET(PLE!$G$15,$M30-$A$15,DB$13)=\"\",10^12,OFFSET(PLE!$G$15,$M30-$A$15,DB$13)))","v":1000000000000},{"$f":"IF(OR($D30<>\"Serviço\",AND(AUTOEVENTO=\"Manual\",$M30=$A$15),$M30>(ROW(PLE.lastrow)-ROW(PLE.firstrow))),0,\n           IF(OFFSET(PLE!$G$15,$M30-$A$15,DC$13)=\"\",10^12,OFFSET(PLE!$G$15,$M30-$A$15,DC$13)))","v":1000000000000},{"$f":"IF(OR($D30<>\"Serviço\",AND(AUTOEVENTO=\"Manual\",$M30=$A$15),$M30>(ROW(PLE.lastrow)-ROW(PLE.firstrow))),0,\n           IF(OFFSET(PLE!$G$15,$M30-$A$15,DD$13)=\"\",10^12,OFFSET(PLE!$G$15,$M30-$A$15,DD$13)))","v":1000000000000},{"$f":"IF(OR($D30<>\"Serviço\",AND(AUTOEVENTO=\"Manual\",$M30=$A$15),$M30>(ROW(PLE.lastrow)-ROW(PLE.firstrow))),0,\n           IF(OFFSET(PLE!$G$15,$M30-$A$15,DE$13)=\"\",10^12,OFFSET(PLE!$G$15,$M30-$A$15,DE$13)))","v":1000000000000},{"$f":"IF(OR($D30<>\"Serviço\",AND(AUTOEVENTO=\"Manual\",$M30=$A$15),$M30>(ROW(PLE.lastrow)-ROW(PLE.firstrow))),0,\n           IF(OFFSET(PLE!$G$15,$M30-$A$15,DF$13)=\"\",10^12,OFFSET(PLE!$G$15,$M30-$A$15,DF$13)))","v":1000000000000},{"$f":"IF(OR($D30<>\"Serviço\",AND(AUTOEVENTO=\"Manual\",$M30=$A$15),$M30>(ROW(PLE.lastrow)-ROW(PLE.firstrow))),0,\n           IF(OFFSET(PLE!$G$15,$M30-$A$15,DG$13)=\"\",10^12,OFFSET(PLE!$G$15,$M30-$A$15,DG$13)))","v":1000000000000},{"$f":"IF(OR($D30<>\"Serviço\",AND(AUTOEVENTO=\"Manual\",$M30=$A$15),$M30>(ROW(PLE.lastrow)-ROW(PLE.firstrow))),0,\n           IF(OFFSET(PLE!$G$15,$M30-$A$15,DH$13)=\"\",10^12,OFFSET(PLE!$G$15,$M30-$A$15,DH$13)))","v":1000000000000},{"$f":"IF(OR($D30<>\"Serviço\",AND(AUTOEVENTO=\"Manual\",$M30=$A$15),$M30>(ROW(PLE.lastrow)-ROW(PLE.firstrow))),0,\n           IF(OFFSET(PLE!$G$15,$M30-$A$15,DI$13)=\"\",10^12,OFFSET(PLE!$G$15,$M30-$A$15,DI$13)))","v":1000000000000},{"$f":"IF(OR($D30<>\"Serviço\",AND(AUTOEVENTO=\"Manual\",$M30=$A$15),$M30>(ROW(PLE.lastrow)-ROW(PLE.firstrow))),0,\n           IF(OFFSET(PLE!$G$15,$M30-$A$15,DJ$13)=\"\",10^12,OFFSET(PLE!$G$15,$M30-$A$15,DJ$13)))","v":1000000000000},{"$f":"IF(OR($D30<>\"Serviço\",AND(AUTOEVENTO=\"Manual\",$M30=$A$15),$M30>(ROW(PLE.lastrow)-ROW(PLE.firstrow))),0,\n           IF(OFFSET(PLE!$G$15,$M30-$A$15,DK$13)=\"\",10^12,OFFSET(PLE!$G$15,$M30-$A$15,DK$13)))","v":1000000000000},{"$f":"IF(OR($D30<>\"Serviço\",AND(AUTOEVENTO=\"Manual\",$M30=$A$15),$M30>(ROW(PLE.lastrow)-ROW(PLE.firstrow))),0,\n           IF(OFFSET(PLE!$G$15,$M30-$A$15,DL$13)=\"\",10^12,OFFSET(PLE!$G$15,$M30-$A$15,DL$13)))","v":1000000000000},{"$f":"IF(OR($D30<>\"Serviço\",AND(AUTOEVENTO=\"Manual\",$M30=$A$15),$M30>(ROW(PLE.lastrow)-ROW(PLE.firstrow))),0,\n           IF(OFFSET(PLE!$G$15,$M30-$A$15,DM$13)=\"\",10^12,OFFSET(PLE!$G$15,$M30-$A$15,DM$13)))","v":1000000000000},{"$f":"IF(OR($D30<>\"Serviço\",AND(AUTOEVENTO=\"Manual\",$M30=$A$15),$M30>(ROW(PLE.lastrow)-ROW(PLE.firstrow))),0,\n           IF(OFFSET(PLE!$G$15,$M30-$A$15,DN$13)=\"\",10^12,OFFSET(PLE!$G$15,$M30-$A$15,DN$13)))","v":1000000000000},{"$f":"IF(OR($D30<>\"Serviço\",AND(AUTOEVENTO=\"Manual\",$M30=$A$15),$M30>(ROW(PLE.lastrow)-ROW(PLE.firstrow))),0,\n           IF(OFFSET(PLE!$G$15,$M30-$A$15,DO$13)=\"\",10^12,OFFSET(PLE!$G$15,$M30-$A$15,DO$13)))","v":1000000000000},{"$f":"IF(OR($D30<>\"Serviço\",AND(AUTOEVENTO=\"Manual\",$M30=$A$15),$M30>(ROW(PLE.lastrow)-ROW(PLE.firstrow))),0,\n           IF(OFFSET(PLE!$G$15,$M30-$A$15,DP$13)=\"\",10^12,OFFSET(PLE!$G$15,$M30-$A$15,DP$13)))","v":1000000000000},{"$f":"IF(OR($D30<>\"Serviço\",AND(AUTOEVENTO=\"Manual\",$M30=$A$15),$M30>(ROW(PLE.lastrow)-ROW(PLE.firstrow))),0,\n           IF(OFFSET(PLE!$G$15,$M30-$A$15,DQ$13)=\"\",10^12,OFFSET(PLE!$G$15,$M30-$A$15,DQ$13)))","v":1000000000000},{"$f":"IF(OR($D30<>\"Serviço\",AND(AUTOEVENTO=\"Manual\",$M30=$A$15),$M30>(ROW(PLE.lastrow)-ROW(PLE.firstrow))),0,\n           IF(OFFSET(PLE!$G$15,$M30-$A$15,DR$13)=\"\",10^12,OFFSET(PLE!$G$15,$M30-$A$15,DR$13)))","v":1000000000000},{"$f":"IF(OR($D30<>\"Serviço\",AND(AUTOEVENTO=\"Manual\",$M30=$A$15),$M30>(ROW(PLE.lastrow)-ROW(PLE.firstrow))),0,\n           IF(OFFSET(PLE!$G$15,$M30-$A$15,DS$13)=\"\",10^12,OFFSET(PLE!$G$15,$M30-$A$15,DS$13)))","v":1000000000000}]
["8",{"$f":"OFFSET(ORÇAMENTO!C$15,$L31,0)","v":"S"},{"$f":"OFFSET(ORÇAMENTO!L$15,$L31,0)","v":"F"},{"$f":"OFFSET(ORÇAMENTO!N$15,$L31,0)","v":"Serviço"},{"$f":"OFFSET(ORÇAMENTO!O$15,$L31,0)","v":"1.3.1.1.8."},{"$f":"OFFSET(ORÇAMENTO!R$15,$L31,0)","v":"CONCRETAGEM DE SAPATA, FCK 20 MPA, COM USO DE JERICA - LANÇAMENTO, ADENSAMENTO E ACABAMENTO. "},{"$f":"IF($D31<>\"Serviço\",\"\",OFFSET(ORÇAMENTO!S$15,$L31,0))","v":"M3"},{"$f":"IF($D31<>\"Serviço\",0,IF(ACOMPANHAMENTO=\"BM\",ROUND(OFFSET(ORÇAMENTO!AJ$15,$L31,0),15-13*ORÇAMENTO!$AF$7),IF(IFERROR(CÁLCULO.FrentesPreenchidas,0)=0,0,SUM(ROUND(OFFSET($P31,0,1,1,CÁLCULO.FrentesPreenchidas),15-13*ORÇAMENTO!$AF$7)))))","v":7.05},"Conforme modelo disponibilizado pela CAIXA",{"$f":"IF(OR(B31<>\"S\",CÁLCULO.FrentesPreenchidas=0),\"\",IF(AND(ACOMPANHAMENTO=\"PLE\",AUTOEVENTO=\"Manual\",OR(H31>0,ORÇAMENTO!AC31=\"QUANT.\"),OR(K31=\"\",M31=0,N31=\"\")),\"►E\",IF(AND(ACOMPANHAMENTO=\"PLE\",ORÇAMENTO!AC31=\"QUANT.\"),\"►Q\",IF(AND(ACOMPANHAMENTO=\"PLE\",H31<>SUMPRODUCT(($Q$1:$AQ$1=1)*ROUND(Q31:AQ31,15))),\"►S\",IF(AND(COUNTIF($P$11:$AQ$11,\"▼\")=0,H31>0,I31=\"\"),\"◄M\",\"\")))))","v":""},"3. SAPATA",16,{"$f":"IF($D31<>\"Serviço\",\"\",\n          IF(AUTOEVENTO=\"manual\",$A31,\n                IF(ISERROR(MATCH($A31,$A$15:OFFSET($A31,-1,0),0)),MAX($M$15:OFFSET(M31,-1,0))+1,\n                      INDEX($M$15:OFFSET(M31,-1,0),MATCH($A31,$A$15:OFFSET($A31,-1,0),0)))))","v":3},{"$f":"IF($D31<>\"Serviço\",\"\",\n         IF(AUTOEVENTO=\"Manual\",\n                IF($A31=0,\"<-- defina o número do agrupador\",\n                       OFFSET(EVENTOS!$D$15,$A31-$A$15,0)),\n                OFFSET($F$15,$A31,0)))","v":"SAPATA"},null,null,1.41,1.41,1.41,1.41,1.41,null,null,null,null,null,null,null,null,null,null,null,null,null,null,null,null,null,null,null,null,null,null,{"$f":"IF(AND($D31=\"Serviço\",AR$12<>0,$H31>0,OR(AUTOEVENTO<>\"manual\",$M31<>$A$15)),\n        IF(Import.TipoArredondamento<>\"TransfereGOV\",\n              ROUND(OFFSET($P31,0,AR$13),15-13*ORÇAMENTO!$AF$7)/$H31*OFFSET(ORÇAMENTO!$X$15,ROW(AR31)-ROW(AR$15),0),\n              ROUND(ROUND(OFFSET($P31,0,AR$13),15-13*ORÇAMENTO!$AF$7)*OFFSET(ORÇAMENTO!$W$15,ROW(AR31)-ROW(AR$15),0),15-13*ORÇAMENTO!$AF$11)),\n         0)","v":1331.38},{"$f":"IF(AND($D31=\"Serviço\",AS$12<>0,$H31>0,OR(AUTOEVENTO<>\"manual\",$M31<>$A$15)),\n        IF(Import.TipoArredondamento<>\"TransfereGOV\",\n              ROUND(OFFSET($P31,0,AS$13),15-13*ORÇAMENTO!$AF$7)/$H31*OFFSET(ORÇAMENTO!$X$15,ROW(AS31)-ROW(AS$15),0),\n              ROUND(ROUND(OFFSET($P31,0,AS$13),15-13*ORÇAMENTO!$AF$7)*OFFSET(ORÇAMENTO!$W$15,ROW(AS31)-ROW(AS$15),0),15-13*ORÇAMENTO!$AF$11)),\n         0)","v":1331.38},{"$f":"IF(AND($D31=\"Serviço\",AT$12<>0,$H31>0,OR(AUTOEVENTO<>\"manual\",$M31<>$A$15)),\n        IF(Import.TipoArredondamento<>\"TransfereGOV\",\n              ROUND(OFFSET($P31,0,AT$13),15-13*ORÇAMENTO!$AF$7)/$H31*OFFSET(ORÇAMENTO!$X$15,ROW(AT31)-ROW(AT$15),0),\n              ROUND(ROUND(OFFSET($P31,0,AT$13),15-13*ORÇAMENTO!$AF$7)*OFFSET(ORÇAMENTO!$W$15,ROW(AT31)-ROW(AT$15),0),15-13*ORÇAMENTO!$AF$11)),\n         0)","v":1331.38},{"$f":"IF(AND($D31=\"Serviço\",AU$12<>0,$H31>0,OR(AUTOEVENTO<>\"manual\",$M31<>$A$15)),\n        IF(Import.TipoArredondamento<>\"TransfereGOV\",\n              ROUND(OFFSET($P31,0,AU$13),15-13*ORÇAMENTO!$AF$7)/$H31*OFFSET(ORÇAMENTO!$X$15,ROW(AU31)-ROW(AU$15),0),\n              ROUND(ROUND(OFFSET($P31,0,AU$13),15-13*ORÇAMENTO!$AF$7)*OFFSET(ORÇAMENTO!$W$15,ROW(AU31)-ROW(AU$15),0),15-13*ORÇAMENTO!$AF$11)),\n         0)","v":1331.38},{"$f":"IF(AND($D31=\"Serviço\",AV$12<>0,$H31>0,OR(AUTOEVENTO<>\"manual\",$M31<>$A$15)),\n        IF(Import.TipoArredondamento<>\"TransfereGOV\",\n              ROUND(OFFSET($P31,0,AV$13),15-13*ORÇAMENTO!$AF$7)/$H31*OFFSET(ORÇAMENTO!$X$15,ROW(AV31)-ROW(AV$15),0),\n              ROUND(ROUND(OFFSET($P31,0,AV$13),15-13*ORÇAMENTO!$AF$7)*OFFSET(ORÇAMENTO!$W$15,ROW(AV31)-ROW(AV$15),0),15-13*ORÇAMENTO!$AF$11)),\n         0)","v":1331.38},{"$f":"IF(AND($D31=\"Serviço\",AW$12<>0,$H31>0,OR(AUTOEVENTO<>\"manual\",$M31<>$A$15)),\n        IF(Import.TipoArredondamento<>\"TransfereGOV\",\n              ROUND(OFFSET($P31,0,AW$13),15-13*ORÇAMENTO!$AF$7)/$H31*OFFSET(ORÇAMENTO!$X$15,ROW(AW31)-ROW(AW$15),0),\n              ROUND(ROUND(OFFSET($P31,0,AW$13),15-13*ORÇAMENTO!$AF$7)*OFFSET(ORÇAMENTO!$W$15,ROW(AW31)-ROW(AW$15),0),15-13*ORÇAMENTO!$AF$11)),\n         0)","v":0},{"$f":"IF(AND($D31=\"Serviço\",AX$12<>0,$H31>0,OR(AUTOEVENTO<>\"manual\",$M31<>$A$15)),\n        IF(Import.TipoArredondamento<>\"TransfereGOV\",\n              ROUND(OFFSET($P31,0,AX$13),15-13*ORÇAMENTO!$AF$7)/$H31*OFFSET(ORÇAMENTO!$X$15,ROW(AX31)-ROW(AX$15),0),\n              ROUND(ROUND(OFFSET($P31,0,AX$13),15-13*ORÇAMENTO!$AF$7)*OFFSET(ORÇAMENTO!$W$15,ROW(AX31)-ROW(AX$15),0),15-13*ORÇAMENTO!$AF$11)),\n         0)","v":0},{"$f":"IF(AND($D31=\"Serviço\",AY$12<>0,$H31>0,OR(AUTOEVENTO<>\"manual\",$M31<>$A$15)),\n        IF(Import.TipoArredondamento<>\"TransfereGOV\",\n              ROUND(OFFSET($P31,0,AY$13),15-13*ORÇAMENTO!$AF$7)/$H31*OFFSET(ORÇAMENTO!$X$15,ROW(AY31)-ROW(AY$15),0),\n              ROUND(ROUND(OFFSET($P31,0,AY$13),15-13*ORÇAMENTO!$AF$7)*OFFSET(ORÇAMENTO!$W$15,ROW(AY31)-ROW(AY$15),0),15-13*ORÇAMENTO!$AF$11)),\n         0)","v":0},{"$f":"IF(AND($D31=\"Serviço\",AZ$12<>0,$H31>0,OR(AUTOEVENTO<>\"manual\",$M31<>$A$15)),\n        IF(Import.TipoArredondamento<>\"TransfereGOV\",\n              ROUND(OFFSET($P31,0,AZ$13),15-13*ORÇAMENTO!$AF$7)/$H31*OFFSET(ORÇAMENTO!$X$15,ROW(AZ31)-ROW(AZ$15),0),\n              ROUND(ROUND(OFFSET($P31,0,AZ$13),15-13*ORÇAMENTO!$AF$7)*OFFSET(ORÇAMENTO!$W$15,ROW(AZ31)-ROW(AZ$15),0),15-13*ORÇAMENTO!$AF$11)),\n         0)","v":0},{"$f":"IF(AND($D31=\"Serviço\",BA$12<>0,$H31>0,OR(AUTOEVENTO<>\"manual\",$M31<>$A$15)),\n        IF(Import.TipoArredondamento<>\"TransfereGOV\",\n              ROUND(OFFSET($P31,0,BA$13),15-13*ORÇAMENTO!$AF$7)/$H31*OFFSET(ORÇAMENTO!$X$15,ROW(BA31)-ROW(BA$15),0),\n              ROUND(ROUND(OFFSET($P31,0,BA$13),15-13*ORÇAMENTO!$AF$7)*OFFSET(ORÇAMENTO!$W$15,ROW(BA31)-ROW(BA$15),0),15-13*ORÇAMENTO!$AF$11)),\n         0)","v":0},{"$f":"IF(AND($D31=\"Serviço\",BB$12<>0,$H31>0,OR(AUTOEVENTO<>\"manual\",$M31<>$A$15)),\n        IF(Import.TipoArredondamento<>\"TransfereGOV\",\n              ROUND(OFFSET($P31,0,BB$13),15-13*ORÇAMENTO!$AF$7)/$H31*OFFSET(ORÇAMENTO!$X$15,ROW(BB31)-ROW(BB$15),0),\n              ROUND(ROUND(OFFSET($P31,0,BB$13),15-13*ORÇAMENTO!$AF$7)*OFFSET(ORÇAMENTO!$W$15,ROW(BB31)-ROW(BB$15),0),15-13*ORÇAMENTO!$AF$11)),\n         0)","v":0},{"$f":"IF(AND($D31=\"Serviço\",BC$12<>0,$H31>0,OR(AUTOEVENTO<>\"manual\",$M31<>$A$15)),\n        IF(Import.TipoArredondamento<>\"TransfereGOV\",\n              ROUND(OFFSET($P31,0,BC$13),15-13*ORÇAMENTO!$AF$7)/$H31*OFFSET(ORÇAMENTO!$X$15,ROW(BC31)-ROW(BC$15),0),\n              ROUND(ROUND(OFFSET($P31,0,BC$13),15-13*ORÇAMENTO!$AF$7)*OFFSET(ORÇAMENTO!$W$15,ROW(BC31)-ROW(BC$15),0),15-13*ORÇAMENTO!$AF$11)),\n         0)","v":0},{"$f":"IF(AND($D31=\"Serviço\",BD$12<>0,$H31>0,OR(AUTOEVENTO<>\"manual\",$M31<>$A$15)),\n        IF(Import.TipoArredondamento<>\"TransfereGOV\",\n              ROUND(OFFSET($P31,0,BD$13),15-13*ORÇAMENTO!$AF$7)/$H31*OFFSET(ORÇAMENTO!$X$15,ROW(BD31)-ROW(BD$15),0),\n              ROUND(ROUND(OFFSET($P31,0,BD$13),15-13*ORÇAMENTO!$AF$7)*OFFSET(ORÇAMENTO!$W$15,ROW(BD31)-ROW(BD$15),0),15-13*ORÇAMENTO!$AF$11)),\n         0)","v":0},{"$f":"IF(AND($D31=\"Serviço\",BE$12<>0,$H31>0,OR(AUTOEVENTO<>\"manual\",$M31<>$A$15)),\n        IF(Import.TipoArredondamento<>\"TransfereGOV\",\n              ROUND(OFFSET($P31,0,BE$13),15-13*ORÇAMENTO!$AF$7)/$H31*OFFSET(ORÇAMENTO!$X$15,ROW(BE31)-ROW(BE$15),0),\n              ROUND(ROUND(OFFSET($P31,0,BE$13),15-13*ORÇAMENTO!$AF$7)*OFFSET(ORÇAMENTO!$W$15,ROW(BE31)-ROW(BE$15),0),15-13*ORÇAMENTO!$AF$11)),\n         0)","v":0},{"$f":"IF(AND($D31=\"Serviço\",BF$12<>0,$H31>0,OR(AUTOEVENTO<>\"manual\",$M31<>$A$15)),\n        IF(Import.TipoArredondamento<>\"TransfereGOV\",\n              ROUND(OFFSET($P31,0,BF$13),15-13*ORÇAMENTO!$AF$7)/$H31*OFFSET(ORÇAMENTO!$X$15,ROW(BF31)-ROW(BF$15),0),\n              ROUND(ROUND(OFFSET($P31,0,BF$13),15-13*ORÇAMENTO!$AF$7)*OFFSET(ORÇAMENTO!$W$15,ROW(BF31)-ROW(BF$15),0),15-13*ORÇAMENTO!$AF$11)),\n         0)","v":0},{"$f":"IF(AND($D31=\"Serviço\",BG$12<>0,$H31>0,OR(AUTOEVENTO<>\"manual\",$M31<>$A$15)),\n        IF(Import.TipoArredondamento<>\"TransfereGOV\",\n              ROUND(OFFSET($P31,0,BG$13),15-13*ORÇAMENTO!$AF$7)/$H31*OFFSET(ORÇAMENTO!$X$15,ROW(BG31)-ROW(BG$15),0),\n              ROUND(ROUND(OFFSET($P31,0,BG$13),15-13*ORÇAMENTO!$AF$7)*OFFSET(ORÇAMENTO!$W$15,ROW(BG31)-ROW(BG$15),0),15-13*ORÇAMENTO!$AF$11)),\n         0)","v":0},{"$f":"IF(AND($D31=\"Serviço\",BH$12<>0,$H31>0,OR(AUTOEVENTO<>\"manual\",$M31<>$A$15)),\n        IF(Import.TipoArredondamento<>\"TransfereGOV\",\n              ROUND(OFFSET($P31,0,BH$13),15-13*ORÇAMENTO!$AF$7)/$H31*OFFSET(ORÇAMENTO!$X$15,ROW(BH31)-ROW(BH$15),0),\n              ROUND(ROUND(OFFSET($P31,0,BH$13),15-13*ORÇAMENTO!$AF$7)*OFFSET(ORÇAMENTO!$W$15,ROW(BH31)-ROW(BH$15),0),15-13*ORÇAMENTO!$AF$11)),\n         0)","v":0},{"$f":"IF(AND($D31=\"Serviço\",BI$12<>0,$H31>0,OR(AUTOEVENTO<>\"manual\",$M31<>$A$15)),\n        IF(Import.TipoArredondamento<>\"TransfereGOV\",\n              ROUND(OFFSET($P31,0,BI$13),15-13*ORÇAMENTO!$AF$7)/$H31*OFFSET(ORÇAMENTO!$X$15,ROW(BI31)-ROW(BI$15),0),\n              ROUND(ROUND(OFFSET($P31,0,BI$13),15-13*ORÇAMENTO!$AF$7)*OFFSET(ORÇAMENTO!$W$15,ROW(BI31)-ROW(BI$15),0),15-13*ORÇAMENTO!$AF$11)),\n         0)","v":0},{"$f":"IF(AND($D31=\"Serviço\",BJ$12<>0,$H31>0,OR(AUTOEVENTO<>\"manual\",$M31<>$A$15)),\n        IF(Import.TipoArredondamento<>\"TransfereGOV\",\n              ROUND(OFFSET($P31,0,BJ$13),15-13*ORÇAMENTO!$AF$7)/$H31*OFFSET(ORÇAMENTO!$X$15,ROW(BJ31)-ROW(BJ$15),0),\n              ROUND(ROUND(OFFSET($P31,0,BJ$13),15-13*ORÇAMENTO!$AF$7)*OFFSET(ORÇAMENTO!$W$15,ROW(BJ31)-ROW(BJ$15),0),15-13*ORÇAMENTO!$AF$11)),\n         0)","v":0},{"$f":"IF(AND($D31=\"Serviço\",BK$12<>0,$H31>0,OR(AUTOEVENTO<>\"manual\",$M31<>$A$15)),\n        IF(Import.TipoArredondamento<>\"TransfereGOV\",\n              ROUND(OFFSET($P31,0,BK$13),15-13*ORÇAMENTO!$AF$7)/$H31*OFFSET(ORÇAMENTO!$X$15,ROW(BK31)-ROW(BK$15),0),\n              ROUND(ROUND(OFFSET($P31,0,BK$13),15-13*ORÇAMENTO!$AF$7)*OFFSET(ORÇAMENTO!$W$15,ROW(BK31)-ROW(BK$15),0),15-13*ORÇAMENTO!$AF$11)),\n         0)","v":0},{"$f":"IF(AND($D31=\"Serviço\",BL$12<>0,$H31>0,OR(AUTOEVENTO<>\"manual\",$M31<>$A$15)),\n        IF(Import.TipoArredondamento<>\"TransfereGOV\",\n              ROUND(OFFSET($P31,0,BL$13),15-13*ORÇAMENTO!$AF$7)/$H31*OFFSET(ORÇAMENTO!$X$15,ROW(BL31)-ROW(BL$15),0),\n              ROUND(ROUND(OFFSET($P31,0,BL$13),15-13*ORÇAMENTO!$AF$7)*OFFSET(ORÇAMENTO!$W$15,ROW(BL31)-ROW(BL$15),0),15-13*ORÇAMENTO!$AF$11)),\n         0)","v":0},{"$f":"IF(AND($D31=\"Serviço\",BM$12<>0,$H31>0,OR(AUTOEVENTO<>\"manual\",$M31<>$A$15)),\n        IF(Import.TipoArredondamento<>\"TransfereGOV\",\n              ROUND(OFFSET($P31,0,BM$13),15-13*ORÇAMENTO!$AF$7)/$H31*OFFSET(ORÇAMENTO!$X$15,ROW(BM31)-ROW(BM$15),0),\n              ROUND(ROUND(OFFSET($P31,0,BM$13),15-13*ORÇAMENTO!$AF$7)*OFFSET(ORÇAMENTO!$W$15,ROW(BM31)-ROW(BM$15),0),15-13*ORÇAMENTO!$AF$11)),\n         0)","v":0},{"$f":"IF(AND($D31=\"Serviço\",BN$12<>0,$H31>0,OR(AUTOEVENTO<>\"manual\",$M31<>$A$15)),\n        IF(Import.TipoArredondamento<>\"TransfereGOV\",\n              ROUND(OFFSET($P31,0,BN$13),15-13*ORÇAMENTO!$AF$7)/$H31*OFFSET(ORÇAMENTO!$X$15,ROW(BN31)-ROW(BN$15),0),\n              ROUND(ROUND(OFFSET($P31,0,BN$13),15-13*ORÇAMENTO!$AF$7)*OFFSET(ORÇAMENTO!$W$15,ROW(BN31)-ROW(BN$15),0),15-13*ORÇAMENTO!$AF$11)),\n         0)","v":0},{"$f":"IF(AND($D31=\"Serviço\",BO$12<>0,$H31>0,OR(AUTOEVENTO<>\"manual\",$M31<>$A$15)),\n        IF(Import.TipoArredondamento<>\"TransfereGOV\",\n              ROUND(OFFSET($P31,0,BO$13),15-13*ORÇAMENTO!$AF$7)/$H31*OFFSET(ORÇAMENTO!$X$15,ROW(BO31)-ROW(BO$15),0),\n              ROUND(ROUND(OFFSET($P31,0,BO$13),15-13*ORÇAMENTO!$AF$7)*OFFSET(ORÇAMENTO!$W$15,ROW(BO31)-ROW(BO$15),0),15-13*ORÇAMENTO!$AF$11)),\n         0)","v":0},{"$f":"IF(AND($D31=\"Serviço\",BP$12<>0,$H31>0,OR(AUTOEVENTO<>\"manual\",$M31<>$A$15)),\n        IF(Import.TipoArredondamento<>\"TransfereGOV\",\n              ROUND(OFFSET($P31,0,BP$13),15-13*ORÇAMENTO!$AF$7)/$H31*OFFSET(ORÇAMENTO!$X$15,ROW(BP31)-ROW(BP$15),0),\n              ROUND(ROUND(OFFSET($P31,0,BP$13),15-13*ORÇAMENTO!$AF$7)*OFFSET(ORÇAMENTO!$W$15,ROW(BP31)-ROW(BP$15),0),15-13*ORÇAMENTO!$AF$11)),\n         0)","v":0},{"$f":"IF(AND($D31=\"Serviço\",BQ$12<>0,$H31>0,OR(AUTOEVENTO<>\"manual\",$M31<>$A$15)),\n        IF(Import.TipoArredondamento<>\"TransfereGOV\",\n              ROUND(OFFSET($P31,0,BQ$13),15-13*ORÇAMENTO!$AF$7)/$H31*OFFSET(ORÇAMENTO!$X$15,ROW(BQ31)-ROW(BQ$15),0),\n              ROUND(ROUND(OFFSET($P31,0,BQ$13),15-13*ORÇAMENTO!$AF$7)*OFFSET(ORÇAMENTO!$W$15,ROW(BQ31)-ROW(BQ$15),0),15-13*ORÇAMENTO!$AF$11)),\n         0)","v":0},null,{"$f":"IF(OR($D31<>\"Serviço\",AND(AUTOEVENTO=\"Manual\",$M31=$A$15)),0,\n         IF(OFFSET(CRONOPLE!$F$15,$M31-$A$15,BS$13)=0,10^12,OFFSET(CRONOPLE!$F$15,$M31-$A$15,BS$13)))","v":1},{"$f":"IF(OR($D31<>\"Serviço\",AND(AUTOEVENTO=\"Manual\",$M31=$A$15)),0,\n         IF(OFFSET(CRONOPLE!$F$15,$M31-$A$15,BT$13)=0,10^12,OFFSET(CRONOPLE!$F$15,$M31-$A$15,BT$13)))","v":1},{"$f":"IF(OR($D31<>\"Serviço\",AND(AUTOEVENTO=\"Manual\",$M31=$A$15)),0,\n         IF(OFFSET(CRONOPLE!$F$15,$M31-$A$15,BU$13)=0,10^12,OFFSET(CRONOPLE!$F$15,$M31-$A$15,BU$13)))","v":1},{"$f":"IF(OR($D31<>\"Serviço\",AND(AUTOEVENTO=\"Manual\",$M31=$A$15)),0,\n         IF(OFFSET(CRONOPLE!$F$15,$M31-$A$15,BV$13)=0,10^12,OFFSET(CRONOPLE!$F$15,$M31-$A$15,BV$13)))","v":1},{"$f":"IF(OR($D31<>\"Serviço\",AND(AUTOEVENTO=\"Manual\",$M31=$A$15)),0,\n         IF(OFFSET(CRONOPLE!$F$15,$M31-$A$15,BW$13)=0,10^12,OFFSET(CRONOPLE!$F$15,$M31-$A$15,BW$13)))","v":1},{"$f":"IF(OR($D31<>\"Serviço\",AND(AUTOEVENTO=\"Manual\",$M31=$A$15)),0,\n         IF(OFFSET(CRONOPLE!$F$15,$M31-$A$15,BX$13)=0,10^12,OFFSET(CRONOPLE!$F$15,$M31-$A$15,BX$13)))","v":1},{"$f":"IF(OR($D31<>\"Serviço\",AND(AUTOEVENTO=\"Manual\",$M31=$A$15)),0,\n         IF(OFFSET(CRONOPLE!$F$15,$M31-$A$15,BY$13)=0,10^12,OFFSET(CRONOPLE!$F$15,$M31-$A$15,BY$13)))","v":1},{"$f":"IF(OR($D31<>\"Serviço\",AND(AUTOEVENTO=\"Manual\",$M31=$A$15)),0,\n         IF(OFFSET(CRONOPLE!$F$15,$M31-$A$15,BZ$13)=0,10^12,OFFSET(CRONOPLE!$F$15,$M31-$A$15,BZ$13)))","v":7},{"$f":"IF(OR($D31<>\"Serviço\",AND(AUTOEVENTO=\"Manual\",$M31=$A$15)),0,\n         IF(OFFSET(CRONOPLE!$F$15,$M31-$A$15,CA$13)=0,10^12,OFFSET(CRONOPLE!$F$15,$M31-$A$15,CA$13)))","v":7},{"$f":"IF(OR($D31<>\"Serviço\",AND(AUTOEVENTO=\"Manual\",$M31=$A$15)),0,\n         IF(OFFSET(CRONOPLE!$F$15,$M31-$A$15,CB$13)=0,10^12,OFFSET(CRONOPLE!$F$15,$M31-$A$15,CB$13)))","v":7},{"$f":"IF(OR($D31<>\"Serviço\",AND(AUTOEVENTO=\"Manual\",$M31=$A$15)),0,\n         IF(OFFSET(CRONOPLE!$F$15,$M31-$A$15,CC$13)=0,10^12,OFFSET(CRONOPLE!$F$15,$M31-$A$15,CC$13)))","v":13},{"$f":"IF(OR($D31<>\"Serviço\",AND(AUTOEVENTO=\"Manual\",$M31=$A$15)),0,\n         IF(OFFSET(CRONOPLE!$F$15,$M31-$A$15,CD$13)=0,10^12,OFFSET(CRONOPLE!$F$15,$M31-$A$15,CD$13)))","v":13},{"$f":"IF(OR($D31<>\"Serviço\",AND(AUTOEVENTO=\"Manual\",$M31=$A$15)),0,\n         IF(OFFSET(CRONOPLE!$F$15,$M31-$A$15,CE$13)=0,10^12,OFFSET(CRONOPLE!$F$15,$M31-$A$15,CE$13)))","v":13},{"$f":"IF(OR($D31<>\"Serviço\",AND(AUTOEVENTO=\"Manual\",$M31=$A$15)),0,\n         IF(OFFSET(CRONOPLE!$F$15,$M31-$A$15,CF$13)=0,10^12,OFFSET(CRONOPLE!$F$15,$M31-$A$15,CF$13)))","v":13},{"$f":"IF(OR($D31<>\"Serviço\",AND(AUTOEVENTO=\"Manual\",$M31=$A$15)),0,\n         IF(OFFSET(CRONOPLE!$F$15,$M31-$A$15,CG$13)=0,10^12,OFFSET(CRONOPLE!$F$15,$M31-$A$15,CG$13)))","v":13},{"$f":"IF(OR($D31<>\"Serviço\",AND(AUTOEVENTO=\"Manual\",$M31=$A$15)),0,\n         IF(OFFSET(CRONOPLE!$F$15,$M31-$A$15,CH$13)=0,10^12,OFFSET(CRONOPLE!$F$15,$M31-$A$15,CH$13)))","v":19},{"$f":"IF(OR($D31<>\"Serviço\",AND(AUTOEVENTO=\"Manual\",$M31=$A$15)),0,\n         IF(OFFSET(CRONOPLE!$F$15,$M31-$A$15,CI$13)=0,10^12,OFFSET(CRONOPLE!$F$15,$M31-$A$15,CI$13)))","v":19},{"$f":"IF(OR($D31<>\"Serviço\",AND(AUTOEVENTO=\"Manual\",$M31=$A$15)),0,\n         IF(OFFSET(CRONOPLE!$F$15,$M31-$A$15,CJ$13)=0,10^12,OFFSET(CRONOPLE!$F$15,$M31-$A$15,CJ$13)))","v":19},{"$f":"IF(OR($D31<>\"Serviço\",AND(AUTOEVENTO=\"Manual\",$M31=$A$15)),0,\n         IF(OFFSET(CRONOPLE!$F$15,$M31-$A$15,CK$13)=0,10^12,OFFSET(CRONOPLE!$F$15,$M31-$A$15,CK$13)))","v":19},{"$f":"IF(OR($D31<>\"Serviço\",AND(AUTOEVENTO=\"Manual\",$M31=$A$15)),0,\n         IF(OFFSET(CRONOPLE!$F$15,$M31-$A$15,CL$13)=0,10^12,OFFSET(CRONOPLE!$F$15,$M31-$A$15,CL$13)))","v":19},{"$f":"IF(OR($D31<>\"Serviço\",AND(AUTOEVENTO=\"Manual\",$M31=$A$15)),0,\n         IF(OFFSET(CRONOPLE!$F$15,$M31-$A$15,CM$13)=0,10^12,OFFSET(CRONOPLE!$F$15,$M31-$A$15,CM$13)))","v":1000000000000},{"$f":"IF(OR($D31<>\"Serviço\",AND(AUTOEVENTO=\"Manual\",$M31=$A$15)),0,\n         IF(OFFSET(CRONOPLE!$F$15,$M31-$A$15,CN$13)=0,10^12,OFFSET(CRONOPLE!$F$15,$M31-$A$15,CN$13)))","v":1000000000000},{"$f":"IF(OR($D31<>\"Serviço\",AND(AUTOEVENTO=\"Manual\",$M31=$A$15)),0,\n         IF(OFFSET(CRONOPLE!$F$15,$M31-$A$15,CO$13)=0,10^12,OFFSET(CRONOPLE!$F$15,$M31-$A$15,CO$13)))","v":1000000000000},{"$f":"IF(OR($D31<>\"Serviço\",AND(AUTOEVENTO=\"Manual\",$M31=$A$15)),0,\n         IF(OFFSET(CRONOPLE!$F$15,$M31-$A$15,CP$13)=0,10^12,OFFSET(CRONOPLE!$F$15,$M31-$A$15,CP$13)))","v":1000000000000},{"$f":"IF(OR($D31<>\"Serviço\",AND(AUTOEVENTO=\"Manual\",$M31=$A$15)),0,\n         IF(OFFSET(CRONOPLE!$F$15,$M31-$A$15,CQ$13)=0,10^12,OFFSET(CRONOPLE!$F$15,$M31-$A$15,CQ$13)))","v":1000000000000},{"$f":"IF(OR($D31<>\"Serviço\",AND(AUTOEVENTO=\"Manual\",$M31=$A$15)),0,\n         IF(OFFSET(CRONOPLE!$F$15,$M31-$A$15,CR$13)=0,10^12,OFFSET(CRONOPLE!$F$15,$M31-$A$15,CR$13)))","v":1000000000000},null,{"$f":"IF(OR($D31<>\"Serviço\",AND(AUTOEVENTO=\"Manual\",$M31=$A$15),$M31>(ROW(PLE.lastrow)-ROW(PLE.firstrow))),0,\n           IF(OFFSET(PLE!$G$15,$M31-$A$15,CT$13)=\"\",10^12,OFFSET(PLE!$G$15,$M31-$A$15,CT$13)))","v":1000000000000},{"$f":"IF(OR($D31<>\"Serviço\",AND(AUTOEVENTO=\"Manual\",$M31=$A$15),$M31>(ROW(PLE.lastrow)-ROW(PLE.firstrow))),0,\n           IF(OFFSET(PLE!$G$15,$M31-$A$15,CU$13)=\"\",10^12,OFFSET(PLE!$G$15,$M31-$A$15,CU$13)))","v":1000000000000},{"$f":"IF(OR($D31<>\"Serviço\",AND(AUTOEVENTO=\"Manual\",$M31=$A$15),$M31>(ROW(PLE.lastrow)-ROW(PLE.firstrow))),0,\n           IF(OFFSET(PLE!$G$15,$M31-$A$15,CV$13)=\"\",10^12,OFFSET(PLE!$G$15,$M31-$A$15,CV$13)))","v":1000000000000},{"$f":"IF(OR($D31<>\"Serviço\",AND(AUTOEVENTO=\"Manual\",$M31=$A$15),$M31>(ROW(PLE.lastrow)-ROW(PLE.firstrow))),0,\n           IF(OFFSET(PLE!$G$15,$M31-$A$15,CW$13)=\"\",10^12,OFFSET(PLE!$G$15,$M31-$A$15,CW$13)))","v":1000000000000},{"$f":"IF(OR($D31<>\"Serviço\",AND(AUTOEVENTO=\"Manual\",$M31=$A$15),$M31>(ROW(PLE.lastrow)-ROW(PLE.firstrow))),0,\n           IF(OFFSET(PLE!$G$15,$M31-$A$15,CX$13)=\"\",10^12,OFFSET(PLE!$G$15,$M31-$A$15,CX$13)))","v":1000000000000},{"$f":"IF(OR($D31<>\"Serviço\",AND(AUTOEVENTO=\"Manual\",$M31=$A$15),$M31>(ROW(PLE.lastrow)-ROW(PLE.firstrow))),0,\n           IF(OFFSET(PLE!$G$15,$M31-$A$15,CY$13)=\"\",10^12,OFFSET(PLE!$G$15,$M31-$A$15,CY$13)))","v":1000000000000},{"$f":"IF(OR($D31<>\"Serviço\",AND(AUTOEVENTO=\"Manual\",$M31=$A$15),$M31>(ROW(PLE.lastrow)-ROW(PLE.firstrow))),0,\n           IF(OFFSET(PLE!$G$15,$M31-$A$15,CZ$13)=\"\",10^12,OFFSET(PLE!$G$15,$M31-$A$15,CZ$13)))","v":1000000000000},{"$f":"IF(OR($D31<>\"Serviço\",AND(AUTOEVENTO=\"Manual\",$M31=$A$15),$M31>(ROW(PLE.lastrow)-ROW(PLE.firstrow))),0,\n           IF(OFFSET(PLE!$G$15,$M31-$A$15,DA$13)=\"\",10^12,OFFSET(PLE!$G$15,$M31-$A$15,DA$13)))","v":1000000000000},{"$f":"IF(OR($D31<>\"Serviço\",AND(AUTOEVENTO=\"Manual\",$M31=$A$15),$M31>(ROW(PLE.lastrow)-ROW(PLE.firstrow))),0,\n           IF(OFFSET(PLE!$G$15,$M31-$A$15,DB$13)=\"\",10^12,OFFSET(PLE!$G$15,$M31-$A$15,DB$13)))","v":1000000000000},{"$f":"IF(OR($D31<>\"Serviço\",AND(AUTOEVENTO=\"Manual\",$M31=$A$15),$M31>(ROW(PLE.lastrow)-ROW(PLE.firstrow))),0,\n           IF(OFFSET(PLE!$G$15,$M31-$A$15,DC$13)=\"\",10^12,OFFSET(PLE!$G$15,$M31-$A$15,DC$13)))","v":1000000000000},{"$f":"IF(OR($D31<>\"Serviço\",AND(AUTOEVENTO=\"Manual\",$M31=$A$15),$M31>(ROW(PLE.lastrow)-ROW(PLE.firstrow))),0,\n           IF(OFFSET(PLE!$G$15,$M31-$A$15,DD$13)=\"\",10^12,OFFSET(PLE!$G$15,$M31-$A$15,DD$13)))","v":1000000000000},{"$f":"IF(OR($D31<>\"Serviço\",AND(AUTOEVENTO=\"Manual\",$M31=$A$15),$M31>(ROW(PLE.lastrow)-ROW(PLE.firstrow))),0,\n           IF(OFFSET(PLE!$G$15,$M31-$A$15,DE$13)=\"\",10^12,OFFSET(PLE!$G$15,$M31-$A$15,DE$13)))","v":1000000000000},{"$f":"IF(OR($D31<>\"Serviço\",AND(AUTOEVENTO=\"Manual\",$M31=$A$15),$M31>(ROW(PLE.lastrow)-ROW(PLE.firstrow))),0,\n           IF(OFFSET(PLE!$G$15,$M31-$A$15,DF$13)=\"\",10^12,OFFSET(PLE!$G$15,$M31-$A$15,DF$13)))","v":1000000000000},{"$f":"IF(OR($D31<>\"Serviço\",AND(AUTOEVENTO=\"Manual\",$M31=$A$15),$M31>(ROW(PLE.lastrow)-ROW(PLE.firstrow))),0,\n           IF(OFFSET(PLE!$G$15,$M31-$A$15,DG$13)=\"\",10^12,OFFSET(PLE!$G$15,$M31-$A$15,DG$13)))","v":1000000000000},{"$f":"IF(OR($D31<>\"Serviço\",AND(AUTOEVENTO=\"Manual\",$M31=$A$15),$M31>(ROW(PLE.lastrow)-ROW(PLE.firstrow))),0,\n           IF(OFFSET(PLE!$G$15,$M31-$A$15,DH$13)=\"\",10^12,OFFSET(PLE!$G$15,$M31-$A$15,DH$13)))","v":1000000000000},{"$f":"IF(OR($D31<>\"Serviço\",AND(AUTOEVENTO=\"Manual\",$M31=$A$15),$M31>(ROW(PLE.lastrow)-ROW(PLE.firstrow))),0,\n           IF(OFFSET(PLE!$G$15,$M31-$A$15,DI$13)=\"\",10^12,OFFSET(PLE!$G$15,$M31-$A$15,DI$13)))","v":1000000000000},{"$f":"IF(OR($D31<>\"Serviço\",AND(AUTOEVENTO=\"Manual\",$M31=$A$15),$M31>(ROW(PLE.lastrow)-ROW(PLE.firstrow))),0,\n           IF(OFFSET(PLE!$G$15,$M31-$A$15,DJ$13)=\"\",10^12,OFFSET(PLE!$G$15,$M31-$A$15,DJ$13)))","v":1000000000000},{"$f":"IF(OR($D31<>\"Serviço\",AND(AUTOEVENTO=\"Manual\",$M31=$A$15),$M31>(ROW(PLE.lastrow)-ROW(PLE.firstrow))),0,\n           IF(OFFSET(PLE!$G$15,$M31-$A$15,DK$13)=\"\",10^12,OFFSET(PLE!$G$15,$M31-$A$15,DK$13)))","v":1000000000000},{"$f":"IF(OR($D31<>\"Serviço\",AND(AUTOEVENTO=\"Manual\",$M31=$A$15),$M31>(ROW(PLE.lastrow)-ROW(PLE.firstrow))),0,\n           IF(OFFSET(PLE!$G$15,$M31-$A$15,DL$13)=\"\",10^12,OFFSET(PLE!$G$15,$M31-$A$15,DL$13)))","v":1000000000000},{"$f":"IF(OR($D31<>\"Serviço\",AND(AUTOEVENTO=\"Manual\",$M31=$A$15),$M31>(ROW(PLE.lastrow)-ROW(PLE.firstrow))),0,\n           IF(OFFSET(PLE!$G$15,$M31-$A$15,DM$13)=\"\",10^12,OFFSET(PLE!$G$15,$M31-$A$15,DM$13)))","v":1000000000000},{"$f":"IF(OR($D31<>\"Serviço\",AND(AUTOEVENTO=\"Manual\",$M31=$A$15),$M31>(ROW(PLE.lastrow)-ROW(PLE.firstrow))),0,\n           IF(OFFSET(PLE!$G$15,$M31-$A$15,DN$13)=\"\",10^12,OFFSET(PLE!$G$15,$M31-$A$15,DN$13)))","v":1000000000000},{"$f":"IF(OR($D31<>\"Serviço\",AND(AUTOEVENTO=\"Manual\",$M31=$A$15),$M31>(ROW(PLE.lastrow)-ROW(PLE.firstrow))),0,\n           IF(OFFSET(PLE!$G$15,$M31-$A$15,DO$13)=\"\",10^12,OFFSET(PLE!$G$15,$M31-$A$15,DO$13)))","v":1000000000000},{"$f":"IF(OR($D31<>\"Serviço\",AND(AUTOEVENTO=\"Manual\",$M31=$A$15),$M31>(ROW(PLE.lastrow)-ROW(PLE.firstrow))),0,\n           IF(OFFSET(PLE!$G$15,$M31-$A$15,DP$13)=\"\",10^12,OFFSET(PLE!$G$15,$M31-$A$15,DP$13)))","v":1000000000000},{"$f":"IF(OR($D31<>\"Serviço\",AND(AUTOEVENTO=\"Manual\",$M31=$A$15),$M31>(ROW(PLE.lastrow)-ROW(PLE.firstrow))),0,\n           IF(OFFSET(PLE!$G$15,$M31-$A$15,DQ$13)=\"\",10^12,OFFSET(PLE!$G$15,$M31-$A$15,DQ$13)))","v":1000000000000},{"$f":"IF(OR($D31<>\"Serviço\",AND(AUTOEVENTO=\"Manual\",$M31=$A$15),$M31>(ROW(PLE.lastrow)-ROW(PLE.firstrow))),0,\n           IF(OFFSET(PLE!$G$15,$M31-$A$15,DR$13)=\"\",10^12,OFFSET(PLE!$G$15,$M31-$A$15,DR$13)))","v":1000000000000},{"$f":"IF(OR($D31<>\"Serviço\",AND(AUTOEVENTO=\"Manual\",$M31=$A$15),$M31>(ROW(PLE.lastrow)-ROW(PLE.firstrow))),0,\n           IF(OFFSET(PLE!$G$15,$M31-$A$15,DS$13)=\"\",10^12,OFFSET(PLE!$G$15,$M31-$A$15,DS$13)))","v":1000000000000}]
["8",{"$f":"OFFSET(ORÇAMENTO!C$15,$L32,0)","v":"S"},{"$f":"OFFSET(ORÇAMENTO!L$15,$L32,0)","v":"F"},{"$f":"OFFSET(ORÇAMENTO!N$15,$L32,0)","v":"Serviço"},{"$f":"OFFSET(ORÇAMENTO!O$15,$L32,0)","v":"1.3.1.1.9."},{"$f":"OFFSET(ORÇAMENTO!R$15,$L32,0)","v":"REATERRO MANUAL DE VALAS, COM COMPACTADOR DE SOLOS DE PERCUSSÃO. AF_08/2023"},{"$f":"IF($D32<>\"Serviço\",\"\",OFFSET(ORÇAMENTO!S$15,$L32,0))","v":"M3"},{"$f":"IF($D32<>\"Serviço\",0,IF(ACOMPANHAMENTO=\"BM\",ROUND(OFFSET(ORÇAMENTO!AJ$15,$L32,0),15-13*ORÇAMENTO!$AF$7),IF(IFERROR(CÁLCULO.FrentesPreenchidas,0)=0,0,SUM(ROUND(OFFSET($P32,0,1,1,CÁLCULO.FrentesPreenchidas),15-13*ORÇAMENTO!$AF$7)))))","v":35.450000000000003},"Conforme modelo disponibilizado pela CAIXA",{"$f":"IF(OR(B32<>\"S\",CÁLCULO.FrentesPreenchidas=0),\"\",IF(AND(ACOMPANHAMENTO=\"PLE\",AUTOEVENTO=\"Manual\",OR(H32>0,ORÇAMENTO!AC32=\"QUANT.\"),OR(K32=\"\",M32=0,N32=\"\")),\"►E\",IF(AND(ACOMPANHAMENTO=\"PLE\",ORÇAMENTO!AC32=\"QUANT.\"),\"►Q\",IF(AND(ACOMPANHAMENTO=\"PLE\",H32<>SUMPRODUCT(($Q$1:$AQ$1=1)*ROUND(Q32:AQ32,15))),\"►S\",IF(AND(COUNTIF($P$11:$AQ$11,\"▼\")=0,H32>0,I32=\"\"),\"◄M\",\"\")))))","v":""},"3. SAPATA",17,{"$f":"IF($D32<>\"Serviço\",\"\",\n          IF(AUTOEVENTO=\"manual\",$A32,\n                IF(ISERROR(MATCH($A32,$A$15:OFFSET($A32,-1,0),0)),MAX($M$15:OFFSET(M32,-1,0))+1,\n                      INDEX($M$15:OFFSET(M32,-1,0),MATCH($A32,$A$15:OFFSET($A32,-1,0),0)))))","v":3},{"$f":"IF($D32<>\"Serviço\",\"\",\n         IF(AUTOEVENTO=\"Manual\",\n                IF($A32=0,\"<-- defina o número do agrupador\",\n                       OFFSET(EVENTOS!$D$15,$A32-$A$15,0)),\n                OFFSET($F$15,$A32,0)))","v":"SAPATA"},null,null,7.09,7.09,7.09,7.09,7.09,null,null,null,null,null,null,null,null,null,null,null,null,null,null,null,null,null,null,null,null,null,null,{"$f":"IF(AND($D32=\"Serviço\",AR$12<>0,$H32>0,OR(AUTOEVENTO<>\"manual\",$M32<>$A$15)),\n        IF(Import.TipoArredondamento<>\"TransfereGOV\",\n              ROUND(OFFSET($P32,0,AR$13),15-13*ORÇAMENTO!$AF$7)/$H32*OFFSET(ORÇAMENTO!$X$15,ROW(AR32)-ROW(AR$15),0),\n              ROUND(ROUND(OFFSET($P32,0,AR$13),15-13*ORÇAMENTO!$AF$7)*OFFSET(ORÇAMENTO!$W$15,ROW(AR32)-ROW(AR$15),0),15-13*ORÇAMENTO!$AF$11)),\n         0)","v":237.87},{"$f":"IF(AND($D32=\"Serviço\",AS$12<>0,$H32>0,OR(AUTOEVENTO<>\"manual\",$M32<>$A$15)),\n        IF(Import.TipoArredondamento<>\"TransfereGOV\",\n              ROUND(OFFSET($P32,0,AS$13),15-13*ORÇAMENTO!$AF$7)/$H32*OFFSET(ORÇAMENTO!$X$15,ROW(AS32)-ROW(AS$15),0),\n              ROUND(ROUND(OFFSET($P32,0,AS$13),15-13*ORÇAMENTO!$AF$7)*OFFSET(ORÇAMENTO!$W$15,ROW(AS32)-ROW(AS$15),0),15-13*ORÇAMENTO!$AF$11)),\n         0)","v":237.87},{"$f":"IF(AND($D32=\"Serviço\",AT$12<>0,$H32>0,OR(AUTOEVENTO<>\"manual\",$M32<>$A$15)),\n        IF(Import.TipoArredondamento<>\"TransfereGOV\",\n              ROUND(OFFSET($P32,0,AT$13),15-13*ORÇAMENTO!$AF$7)/$H32*OFFSET(ORÇAMENTO!$X$15,ROW(AT32)-ROW(AT$15),0),\n              ROUND(ROUND(OFFSET($P32,0,AT$13),15-13*ORÇAMENTO!$AF$7)*OFFSET(ORÇAMENTO!$W$15,ROW(AT32)-ROW(AT$15),0),15-13*ORÇAMENTO!$AF$11)),\n         0)","v":237.87},{"$f":"IF(AND($D32=\"Serviço\",AU$12<>0,$H32>0,OR(AUTOEVENTO<>\"manual\",$M32<>$A$15)),\n        IF(Import.TipoArredondamento<>\"TransfereGOV\",\n              ROUND(OFFSET($P32,0,AU$13),15-13*ORÇAMENTO!$AF$7)/$H32*OFFSET(ORÇAMENTO!$X$15,ROW(AU32)-ROW(AU$15),0),\n              ROUND(ROUND(OFFSET($P32,0,AU$13),15-13*ORÇAMENTO!$AF$7)*OFFSET(ORÇAMENTO!$W$15,ROW(AU32)-ROW(AU$15),0),15-13*ORÇAMENTO!$AF$11)),\n         0)","v":237.87},{"$f":"IF(AND($D32=\"Serviço\",AV$12<>0,$H32>0,OR(AUTOEVENTO<>\"manual\",$M32<>$A$15)),\n        IF(Import.TipoArredondamento<>\"TransfereGOV\",\n              ROUND(OFFSET($P32,0,AV$13),15-13*ORÇAMENTO!$AF$7)/$H32*OFFSET(ORÇAMENTO!$X$15,ROW(AV32)-ROW(AV$15),0),\n              ROUND(ROUND(OFFSET($P32,0,AV$13),15-13*ORÇAMENTO!$AF$7)*OFFSET(ORÇAMENTO!$W$15,ROW(AV32)-ROW(AV$15),0),15-13*ORÇAMENTO!$AF$11)),\n         0)","v":237.87},{"$f":"IF(AND($D32=\"Serviço\",AW$12<>0,$H32>0,OR(AUTOEVENTO<>\"manual\",$M32<>$A$15)),\n        IF(Import.TipoArredondamento<>\"TransfereGOV\",\n              ROUND(OFFSET($P32,0,AW$13),15-13*ORÇAMENTO!$AF$7)/$H32*OFFSET(ORÇAMENTO!$X$15,ROW(AW32)-ROW(AW$15),0),\n              ROUND(ROUND(OFFSET($P32,0,AW$13),15-13*ORÇAMENTO!$AF$7)*OFFSET(ORÇAMENTO!$W$15,ROW(AW32)-ROW(AW$15),0),15-13*ORÇAMENTO!$AF$11)),\n         0)","v":0},{"$f":"IF(AND($D32=\"Serviço\",AX$12<>0,$H32>0,OR(AUTOEVENTO<>\"manual\",$M32<>$A$15)),\n        IF(Import.TipoArredondamento<>\"TransfereGOV\",\n              ROUND(OFFSET($P32,0,AX$13),15-13*ORÇAMENTO!$AF$7)/$H32*OFFSET(ORÇAMENTO!$X$15,ROW(AX32)-ROW(AX$15),0),\n              ROUND(ROUND(OFFSET($P32,0,AX$13),15-13*ORÇAMENTO!$AF$7)*OFFSET(ORÇAMENTO!$W$15,ROW(AX32)-ROW(AX$15),0),15-13*ORÇAMENTO!$AF$11)),\n         0)","v":0},{"$f":"IF(AND($D32=\"Serviço\",AY$12<>0,$H32>0,OR(AUTOEVENTO<>\"manual\",$M32<>$A$15)),\n        IF(Import.TipoArredondamento<>\"TransfereGOV\",\n              ROUND(OFFSET($P32,0,AY$13),15-13*ORÇAMENTO!$AF$7)/$H32*OFFSET(ORÇAMENTO!$X$15,ROW(AY32)-ROW(AY$15),0),\n              ROUND(ROUND(OFFSET($P32,0,AY$13),15-13*ORÇAMENTO!$AF$7)*OFFSET(ORÇAMENTO!$W$15,ROW(AY32)-ROW(AY$15),0),15-13*ORÇAMENTO!$AF$11)),\n         0)","v":0},{"$f":"IF(AND($D32=\"Serviço\",AZ$12<>0,$H32>0,OR(AUTOEVENTO<>\"manual\",$M32<>$A$15)),\n        IF(Import.TipoArredondamento<>\"TransfereGOV\",\n              ROUND(OFFSET($P32,0,AZ$13),15-13*ORÇAMENTO!$AF$7)/$H32*OFFSET(ORÇAMENTO!$X$15,ROW(AZ32)-ROW(AZ$15),0),\n              ROUND(ROUND(OFFSET($P32,0,AZ$13),15-13*ORÇAMENTO!$AF$7)*OFFSET(ORÇAMENTO!$W$15,ROW(AZ32)-ROW(AZ$15),0),15-13*ORÇAMENTO!$AF$11)),\n         0)","v":0},{"$f":"IF(AND($D32=\"Serviço\",BA$12<>0,$H32>0,OR(AUTOEVENTO<>\"manual\",$M32<>$A$15)),\n        IF(Import.TipoArredondamento<>\"TransfereGOV\",\n              ROUND(OFFSET($P32,0,BA$13),15-13*ORÇAMENTO!$AF$7)/$H32*OFFSET(ORÇAMENTO!$X$15,ROW(BA32)-ROW(BA$15),0),\n              ROUND(ROUND(OFFSET($P32,0,BA$13),15-13*ORÇAMENTO!$AF$7)*OFFSET(ORÇAMENTO!$W$15,ROW(BA32)-ROW(BA$15),0),15-13*ORÇAMENTO!$AF$11)),\n         0)","v":0},{"$f":"IF(AND($D32=\"Serviço\",BB$12<>0,$H32>0,OR(AUTOEVENTO<>\"manual\",$M32<>$A$15)),\n        IF(Import.TipoArredondamento<>\"TransfereGOV\",\n              ROUND(OFFSET($P32,0,BB$13),15-13*ORÇAMENTO!$AF$7)/$H32*OFFSET(ORÇAMENTO!$X$15,ROW(BB32)-ROW(BB$15),0),\n              ROUND(ROUND(OFFSET($P32,0,BB$13),15-13*ORÇAMENTO!$AF$7)*OFFSET(ORÇAMENTO!$W$15,ROW(BB32)-ROW(BB$15),0),15-13*ORÇAMENTO!$AF$11)),\n         0)","v":0},{"$f":"IF(AND($D32=\"Serviço\",BC$12<>0,$H32>0,OR(AUTOEVENTO<>\"manual\",$M32<>$A$15)),\n        IF(Import.TipoArredondamento<>\"TransfereGOV\",\n              ROUND(OFFSET($P32,0,BC$13),15-13*ORÇAMENTO!$AF$7)/$H32*OFFSET(ORÇAMENTO!$X$15,ROW(BC32)-ROW(BC$15),0),\n              ROUND(ROUND(OFFSET($P32,0,BC$13),15-13*ORÇAMENTO!$AF$7)*OFFSET(ORÇAMENTO!$W$15,ROW(BC32)-ROW(BC$15),0),15-13*ORÇAMENTO!$AF$11)),\n         0)","v":0},{"$f":"IF(AND($D32=\"Serviço\",BD$12<>0,$H32>0,OR(AUTOEVENTO<>\"manual\",$M32<>$A$15)),\n        IF(Import.TipoArredondamento<>\"TransfereGOV\",\n              ROUND(OFFSET($P32,0,BD$13),15-13*ORÇAMENTO!$AF$7)/$H32*OFFSET(ORÇAMENTO!$X$15,ROW(BD32)-ROW(BD$15),0),\n              ROUND(ROUND(OFFSET($P32,0,BD$13),15-13*ORÇAMENTO!$AF$7)*OFFSET(ORÇAMENTO!$W$15,ROW(BD32)-ROW(BD$15),0),15-13*ORÇAMENTO!$AF$11)),\n         0)","v":0},{"$f":"IF(AND($D32=\"Serviço\",BE$12<>0,$H32>0,OR(AUTOEVENTO<>\"manual\",$M32<>$A$15)),\n        IF(Import.TipoArredondamento<>\"TransfereGOV\",\n              ROUND(OFFSET($P32,0,BE$13),15-13*ORÇAMENTO!$AF$7)/$H32*OFFSET(ORÇAMENTO!$X$15,ROW(BE32)-ROW(BE$15),0),\n              ROUND(ROUND(OFFSET($P32,0,BE$13),15-13*ORÇAMENTO!$AF$7)*OFFSET(ORÇAMENTO!$W$15,ROW(BE32)-ROW(BE$15),0),15-13*ORÇAMENTO!$AF$11)),\n         0)","v":0},{"$f":"IF(AND($D32=\"Serviço\",BF$12<>0,$H32>0,OR(AUTOEVENTO<>\"manual\",$M32<>$A$15)),\n        IF(Import.TipoArredondamento<>\"TransfereGOV\",\n              ROUND(OFFSET($P32,0,BF$13),15-13*ORÇAMENTO!$AF$7)/$H32*OFFSET(ORÇAMENTO!$X$15,ROW(BF32)-ROW(BF$15),0),\n              ROUND(ROUND(OFFSET($P32,0,BF$13),15-13*ORÇAMENTO!$AF$7)*OFFSET(ORÇAMENTO!$W$15,ROW(BF32)-ROW(BF$15),0),15-13*ORÇAMENTO!$AF$11)),\n         0)","v":0},{"$f":"IF(AND($D32=\"Serviço\",BG$12<>0,$H32>0,OR(AUTOEVENTO<>\"manual\",$M32<>$A$15)),\n        IF(Import.TipoArredondamento<>\"TransfereGOV\",\n              ROUND(OFFSET($P32,0,BG$13),15-13*ORÇAMENTO!$AF$7)/$H32*OFFSET(ORÇAMENTO!$X$15,ROW(BG32)-ROW(BG$15),0),\n              ROUND(ROUND(OFFSET($P32,0,BG$13),15-13*ORÇAMENTO!$AF$7)*OFFSET(ORÇAMENTO!$W$15,ROW(BG32)-ROW(BG$15),0),15-13*ORÇAMENTO!$AF$11)),\n         0)","v":0},{"$f":"IF(AND($D32=\"Serviço\",BH$12<>0,$H32>0,OR(AUTOEVENTO<>\"manual\",$M32<>$A$15)),\n        IF(Import.TipoArredondamento<>\"TransfereGOV\",\n              ROUND(OFFSET($P32,0,BH$13),15-13*ORÇAMENTO!$AF$7)/$H32*OFFSET(ORÇAMENTO!$X$15,ROW(BH32)-ROW(BH$15),0),\n              ROUND(ROUND(OFFSET($P32,0,BH$13),15-13*ORÇAMENTO!$AF$7)*OFFSET(ORÇAMENTO!$W$15,ROW(BH32)-ROW(BH$15),0),15-13*ORÇAMENTO!$AF$11)),\n         0)","v":0},{"$f":"IF(AND($D32=\"Serviço\",BI$12<>0,$H32>0,OR(AUTOEVENTO<>\"manual\",$M32<>$A$15)),\n        IF(Import.TipoArredondamento<>\"TransfereGOV\",\n              ROUND(OFFSET($P32,0,BI$13),15-13*ORÇAMENTO!$AF$7)/$H32*OFFSET(ORÇAMENTO!$X$15,ROW(BI32)-ROW(BI$15),0),\n              ROUND(ROUND(OFFSET($P32,0,BI$13),15-13*ORÇAMENTO!$AF$7)*OFFSET(ORÇAMENTO!$W$15,ROW(BI32)-ROW(BI$15),0),15-13*ORÇAMENTO!$AF$11)),\n         0)","v":0},{"$f":"IF(AND($D32=\"Serviço\",BJ$12<>0,$H32>0,OR(AUTOEVENTO<>\"manual\",$M32<>$A$15)),\n        IF(Import.TipoArredondamento<>\"TransfereGOV\",\n              ROUND(OFFSET($P32,0,BJ$13),15-13*ORÇAMENTO!$AF$7)/$H32*OFFSET(ORÇAMENTO!$X$15,ROW(BJ32)-ROW(BJ$15),0),\n              ROUND(ROUND(OFFSET($P32,0,BJ$13),15-13*ORÇAMENTO!$AF$7)*OFFSET(ORÇAMENTO!$W$15,ROW(BJ32)-ROW(BJ$15),0),15-13*ORÇAMENTO!$AF$11)),\n         0)","v":0},{"$f":"IF(AND($D32=\"Serviço\",BK$12<>0,$H32>0,OR(AUTOEVENTO<>\"manual\",$M32<>$A$15)),\n        IF(Import.TipoArredondamento<>\"TransfereGOV\",\n              ROUND(OFFSET($P32,0,BK$13),15-13*ORÇAMENTO!$AF$7)/$H32*OFFSET(ORÇAMENTO!$X$15,ROW(BK32)-ROW(BK$15),0),\n              ROUND(ROUND(OFFSET($P32,0,BK$13),15-13*ORÇAMENTO!$AF$7)*OFFSET(ORÇAMENTO!$W$15,ROW(BK32)-ROW(BK$15),0),15-13*ORÇAMENTO!$AF$11)),\n         0)","v":0},{"$f":"IF(AND($D32=\"Serviço\",BL$12<>0,$H32>0,OR(AUTOEVENTO<>\"manual\",$M32<>$A$15)),\n        IF(Import.TipoArredondamento<>\"TransfereGOV\",\n              ROUND(OFFSET($P32,0,BL$13),15-13*ORÇAMENTO!$AF$7)/$H32*OFFSET(ORÇAMENTO!$X$15,ROW(BL32)-ROW(BL$15),0),\n              ROUND(ROUND(OFFSET($P32,0,BL$13),15-13*ORÇAMENTO!$AF$7)*OFFSET(ORÇAMENTO!$W$15,ROW(BL32)-ROW(BL$15),0),15-13*ORÇAMENTO!$AF$11)),\n         0)","v":0},{"$f":"IF(AND($D32=\"Serviço\",BM$12<>0,$H32>0,OR(AUTOEVENTO<>\"manual\",$M32<>$A$15)),\n        IF(Import.TipoArredondamento<>\"TransfereGOV\",\n              ROUND(OFFSET($P32,0,BM$13),15-13*ORÇAMENTO!$AF$7)/$H32*OFFSET(ORÇAMENTO!$X$15,ROW(BM32)-ROW(BM$15),0),\n              ROUND(ROUND(OFFSET($P32,0,BM$13),15-13*ORÇAMENTO!$AF$7)*OFFSET(ORÇAMENTO!$W$15,ROW(BM32)-ROW(BM$15),0),15-13*ORÇAMENTO!$AF$11)),\n         0)","v":0},{"$f":"IF(AND($D32=\"Serviço\",BN$12<>0,$H32>0,OR(AUTOEVENTO<>\"manual\",$M32<>$A$15)),\n        IF(Import.TipoArredondamento<>\"TransfereGOV\",\n              ROUND(OFFSET($P32,0,BN$13),15-13*ORÇAMENTO!$AF$7)/$H32*OFFSET(ORÇAMENTO!$X$15,ROW(BN32)-ROW(BN$15),0),\n              ROUND(ROUND(OFFSET($P32,0,BN$13),15-13*ORÇAMENTO!$AF$7)*OFFSET(ORÇAMENTO!$W$15,ROW(BN32)-ROW(BN$15),0),15-13*ORÇAMENTO!$AF$11)),\n         0)","v":0},{"$f":"IF(AND($D32=\"Serviço\",BO$12<>0,$H32>0,OR(AUTOEVENTO<>\"manual\",$M32<>$A$15)),\n        IF(Import.TipoArredondamento<>\"TransfereGOV\",\n              ROUND(OFFSET($P32,0,BO$13),15-13*ORÇAMENTO!$AF$7)/$H32*OFFSET(ORÇAMENTO!$X$15,ROW(BO32)-ROW(BO$15),0),\n              ROUND(ROUND(OFFSET($P32,0,BO$13),15-13*ORÇAMENTO!$AF$7)*OFFSET(ORÇAMENTO!$W$15,ROW(BO32)-ROW(BO$15),0),15-13*ORÇAMENTO!$AF$11)),\n         0)","v":0},{"$f":"IF(AND($D32=\"Serviço\",BP$12<>0,$H32>0,OR(AUTOEVENTO<>\"manual\",$M32<>$A$15)),\n        IF(Import.TipoArredondamento<>\"TransfereGOV\",\n              ROUND(OFFSET($P32,0,BP$13),15-13*ORÇAMENTO!$AF$7)/$H32*OFFSET(ORÇAMENTO!$X$15,ROW(BP32)-ROW(BP$15),0),\n              ROUND(ROUND(OFFSET($P32,0,BP$13),15-13*ORÇAMENTO!$AF$7)*OFFSET(ORÇAMENTO!$W$15,ROW(BP32)-ROW(BP$15),0),15-13*ORÇAMENTO!$AF$11)),\n         0)","v":0},{"$f":"IF(AND($D32=\"Serviço\",BQ$12<>0,$H32>0,OR(AUTOEVENTO<>\"manual\",$M32<>$A$15)),\n        IF(Import.TipoArredondamento<>\"TransfereGOV\",\n              ROUND(OFFSET($P32,0,BQ$13),15-13*ORÇAMENTO!$AF$7)/$H32*OFFSET(ORÇAMENTO!$X$15,ROW(BQ32)-ROW(BQ$15),0),\n              ROUND(ROUND(OFFSET($P32,0,BQ$13),15-13*ORÇAMENTO!$AF$7)*OFFSET(ORÇAMENTO!$W$15,ROW(BQ32)-ROW(BQ$15),0),15-13*ORÇAMENTO!$AF$11)),\n         0)","v":0},null,{"$f":"IF(OR($D32<>\"Serviço\",AND(AUTOEVENTO=\"Manual\",$M32=$A$15)),0,\n         IF(OFFSET(CRONOPLE!$F$15,$M32-$A$15,BS$13)=0,10^12,OFFSET(CRONOPLE!$F$15,$M32-$A$15,BS$13)))","v":1},{"$f":"IF(OR($D32<>\"Serviço\",AND(AUTOEVENTO=\"Manual\",$M32=$A$15)),0,\n         IF(OFFSET(CRONOPLE!$F$15,$M32-$A$15,BT$13)=0,10^12,OFFSET(CRONOPLE!$F$15,$M32-$A$15,BT$13)))","v":1},{"$f":"IF(OR($D32<>\"Serviço\",AND(AUTOEVENTO=\"Manual\",$M32=$A$15)),0,\n         IF(OFFSET(CRONOPLE!$F$15,$M32-$A$15,BU$13)=0,10^12,OFFSET(CRONOPLE!$F$15,$M32-$A$15,BU$13)))","v":1},{"$f":"IF(OR($D32<>\"Serviço\",AND(AUTOEVENTO=\"Manual\",$M32=$A$15)),0,\n         IF(OFFSET(CRONOPLE!$F$15,$M32-$A$15,BV$13)=0,10^12,OFFSET(CRONOPLE!$F$15,$M32-$A$15,BV$13)))","v":1},{"$f":"IF(OR($D32<>\"Serviço\",AND(AUTOEVENTO=\"Manual\",$M32=$A$15)),0,\n         IF(OFFSET(CRONOPLE!$F$15,$M32-$A$15,BW$13)=0,10^12,OFFSET(CRONOPLE!$F$15,$M32-$A$15,BW$13)))","v":1},{"$f":"IF(OR($D32<>\"Serviço\",AND(AUTOEVENTO=\"Manual\",$M32=$A$15)),0,\n         IF(OFFSET(CRONOPLE!$F$15,$M32-$A$15,BX$13)=0,10^12,OFFSET(CRONOPLE!$F$15,$M32-$A$15,BX$13)))","v":1},{"$f":"IF(OR($D32<>\"Serviço\",AND(AUTOEVENTO=\"Manual\",$M32=$A$15)),0,\n         IF(OFFSET(CRONOPLE!$F$15,$M32-$A$15,BY$13)=0,10^12,OFFSET(CRONOPLE!$F$15,$M32-$A$15,BY$13)))","v":1},{"$f":"IF(OR($D32<>\"Serviço\",AND(AUTOEVENTO=\"Manual\",$M32=$A$15)),0,\n         IF(OFFSET(CRONOPLE!$F$15,$M32-$A$15,BZ$13)=0,10^12,OFFSET(CRONOPLE!$F$15,$M32-$A$15,BZ$13)))","v":7},{"$f":"IF(OR($D32<>\"Serviço\",AND(AUTOEVENTO=\"Manual\",$M32=$A$15)),0,\n         IF(OFFSET(CRONOPLE!$F$15,$M32-$A$15,CA$13)=0,10^12,OFFSET(CRONOPLE!$F$15,$M32-$A$15,CA$13)))","v":7},{"$f":"IF(OR($D32<>\"Serviço\",AND(AUTOEVENTO=\"Manual\",$M32=$A$15)),0,\n         IF(OFFSET(CRONOPLE!$F$15,$M32-$A$15,CB$13)=0,10^12,OFFSET(CRONOPLE!$F$15,$M32-$A$15,CB$13)))","v":7},{"$f":"IF(OR($D32<>\"Serviço\",AND(AUTOEVENTO=\"Manual\",$M32=$A$15)),0,\n         IF(OFFSET(CRONOPLE!$F$15,$M32-$A$15,CC$13)=0,10^12,OFFSET(CRONOPLE!$F$15,$M32-$A$15,CC$13)))","v":13},{"$f":"IF(OR($D32<>\"Serviço\",AND(AUTOEVENTO=\"Manual\",$M32=$A$15)),0,\n         IF(OFFSET(CRONOPLE!$F$15,$M32-$A$15,CD$13)=0,10^12,OFFSET(CRONOPLE!$F$15,$M32-$A$15,CD$13)))","v":13},{"$f":"IF(OR($D32<>\"Serviço\",AND(AUTOEVENTO=\"Manual\",$M32=$A$15)),0,\n         IF(OFFSET(CRONOPLE!$F$15,$M32-$A$15,CE$13)=0,10^12,OFFSET(CRONOPLE!$F$15,$M32-$A$15,CE$13)))","v":13},{"$f":"IF(OR($D32<>\"Serviço\",AND(AUTOEVENTO=\"Manual\",$M32=$A$15)),0,\n         IF(OFFSET(CRONOPLE!$F$15,$M32-$A$15,CF$13)=0,10^12,OFFSET(CRONOPLE!$F$15,$M32-$A$15,CF$13)))","v":13},{"$f":"IF(OR($D32<>\"Serviço\",AND(AUTOEVENTO=\"Manual\",$M32=$A$15)),0,\n         IF(OFFSET(CRONOPLE!$F$15,$M32-$A$15,CG$13)=0,10^12,OFFSET(CRONOPLE!$F$15,$M32-$A$15,CG$13)))","v":13},{"$f":"IF(OR($D32<>\"Serviço\",AND(AUTOEVENTO=\"Manual\",$M32=$A$15)),0,\n         IF(OFFSET(CRONOPLE!$F$15,$M32-$A$15,CH$13)=0,10^12,OFFSET(CRONOPLE!$F$15,$M32-$A$15,CH$13)))","v":19},{"$f":"IF(OR($D32<>\"Serviço\",AND(AUTOEVENTO=\"Manual\",$M32=$A$15)),0,\n         IF(OFFSET(CRONOPLE!$F$15,$M32-$A$15,CI$13)=0,10^12,OFFSET(CRONOPLE!$F$15,$M32-$A$15,CI$13)))","v":19},{"$f":"IF(OR($D32<>\"Serviço\",AND(AUTOEVENTO=\"Manual\",$M32=$A$15)),0,\n         IF(OFFSET(CRONOPLE!$F$15,$M32-$A$15,CJ$13)=0,10^12,OFFSET(CRONOPLE!$F$15,$M32-$A$15,CJ$13)))","v":19},{"$f":"IF(OR($D32<>\"Serviço\",AND(AUTOEVENTO=\"Manual\",$M32=$A$15)),0,\n         IF(OFFSET(CRONOPLE!$F$15,$M32-$A$15,CK$13)=0,10^12,OFFSET(CRONOPLE!$F$15,$M32-$A$15,CK$13)))","v":19},{"$f":"IF(OR($D32<>\"Serviço\",AND(AUTOEVENTO=\"Manual\",$M32=$A$15)),0,\n         IF(OFFSET(CRONOPLE!$F$15,$M32-$A$15,CL$13)=0,10^12,OFFSET(CRONOPLE!$F$15,$M32-$A$15,CL$13)))","v":19},{"$f":"IF(OR($D32<>\"Serviço\",AND(AUTOEVENTO=\"Manual\",$M32=$A$15)),0,\n         IF(OFFSET(CRONOPLE!$F$15,$M32-$A$15,CM$13)=0,10^12,OFFSET(CRONOPLE!$F$15,$M32-$A$15,CM$13)))","v":1000000000000},{"$f":"IF(OR($D32<>\"Serviço\",AND(AUTOEVENTO=\"Manual\",$M32=$A$15)),0,\n         IF(OFFSET(CRONOPLE!$F$15,$M32-$A$15,CN$13)=0,10^12,OFFSET(CRONOPLE!$F$15,$M32-$A$15,CN$13)))","v":1000000000000},{"$f":"IF(OR($D32<>\"Serviço\",AND(AUTOEVENTO=\"Manual\",$M32=$A$15)),0,\n         IF(OFFSET(CRONOPLE!$F$15,$M32-$A$15,CO$13)=0,10^12,OFFSET(CRONOPLE!$F$15,$M32-$A$15,CO$13)))","v":1000000000000},{"$f":"IF(OR($D32<>\"Serviço\",AND(AUTOEVENTO=\"Manual\",$M32=$A$15)),0,\n         IF(OFFSET(CRONOPLE!$F$15,$M32-$A$15,CP$13)=0,10^12,OFFSET(CRONOPLE!$F$15,$M32-$A$15,CP$13)))","v":1000000000000},{"$f":"IF(OR($D32<>\"Serviço\",AND(AUTOEVENTO=\"Manual\",$M32=$A$15)),0,\n         IF(OFFSET(CRONOPLE!$F$15,$M32-$A$15,CQ$13)=0,10^12,OFFSET(CRONOPLE!$F$15,$M32-$A$15,CQ$13)))","v":1000000000000},{"$f":"IF(OR($D32<>\"Serviço\",AND(AUTOEVENTO=\"Manual\",$M32=$A$15)),0,\n         IF(OFFSET(CRONOPLE!$F$15,$M32-$A$15,CR$13)=0,10^12,OFFSET(CRONOPLE!$F$15,$M32-$A$15,CR$13)))","v":1000000000000},null,{"$f":"IF(OR($D32<>\"Serviço\",AND(AUTOEVENTO=\"Manual\",$M32=$A$15),$M32>(ROW(PLE.lastrow)-ROW(PLE.firstrow))),0,\n           IF(OFFSET(PLE!$G$15,$M32-$A$15,CT$13)=\"\",10^12,OFFSET(PLE!$G$15,$M32-$A$15,CT$13)))","v":1000000000000},{"$f":"IF(OR($D32<>\"Serviço\",AND(AUTOEVENTO=\"Manual\",$M32=$A$15),$M32>(ROW(PLE.lastrow)-ROW(PLE.firstrow))),0,\n           IF(OFFSET(PLE!$G$15,$M32-$A$15,CU$13)=\"\",10^12,OFFSET(PLE!$G$15,$M32-$A$15,CU$13)))","v":1000000000000},{"$f":"IF(OR($D32<>\"Serviço\",AND(AUTOEVENTO=\"Manual\",$M32=$A$15),$M32>(ROW(PLE.lastrow)-ROW(PLE.firstrow))),0,\n           IF(OFFSET(PLE!$G$15,$M32-$A$15,CV$13)=\"\",10^12,OFFSET(PLE!$G$15,$M32-$A$15,CV$13)))","v":1000000000000},{"$f":"IF(OR($D32<>\"Serviço\",AND(AUTOEVENTO=\"Manual\",$M32=$A$15),$M32>(ROW(PLE.lastrow)-ROW(PLE.firstrow))),0,\n           IF(OFFSET(PLE!$G$15,$M32-$A$15,CW$13)=\"\",10^12,OFFSET(PLE!$G$15,$M32-$A$15,CW$13)))","v":1000000000000},{"$f":"IF(OR($D32<>\"Serviço\",AND(AUTOEVENTO=\"Manual\",$M32=$A$15),$M32>(ROW(PLE.lastrow)-ROW(PLE.firstrow))),0,\n           IF(OFFSET(PLE!$G$15,$M32-$A$15,CX$13)=\"\",10^12,OFFSET(PLE!$G$15,$M32-$A$15,CX$13)))","v":1000000000000},{"$f":"IF(OR($D32<>\"Serviço\",AND(AUTOEVENTO=\"Manual\",$M32=$A$15),$M32>(ROW(PLE.lastrow)-ROW(PLE.firstrow))),0,\n           IF(OFFSET(PLE!$G$15,$M32-$A$15,CY$13)=\"\",10^12,OFFSET(PLE!$G$15,$M32-$A$15,CY$13)))","v":1000000000000},{"$f":"IF(OR($D32<>\"Serviço\",AND(AUTOEVENTO=\"Manual\",$M32=$A$15),$M32>(ROW(PLE.lastrow)-ROW(PLE.firstrow))),0,\n           IF(OFFSET(PLE!$G$15,$M32-$A$15,CZ$13)=\"\",10^12,OFFSET(PLE!$G$15,$M32-$A$15,CZ$13)))","v":1000000000000},{"$f":"IF(OR($D32<>\"Serviço\",AND(AUTOEVENTO=\"Manual\",$M32=$A$15),$M32>(ROW(PLE.lastrow)-ROW(PLE.firstrow))),0,\n           IF(OFFSET(PLE!$G$15,$M32-$A$15,DA$13)=\"\",10^12,OFFSET(PLE!$G$15,$M32-$A$15,DA$13)))","v":1000000000000},{"$f":"IF(OR($D32<>\"Serviço\",AND(AUTOEVENTO=\"Manual\",$M32=$A$15),$M32>(ROW(PLE.lastrow)-ROW(PLE.firstrow))),0,\n           IF(OFFSET(PLE!$G$15,$M32-$A$15,DB$13)=\"\",10^12,OFFSET(PLE!$G$15,$M32-$A$15,DB$13)))","v":1000000000000},{"$f":"IF(OR($D32<>\"Serviço\",AND(AUTOEVENTO=\"Manual\",$M32=$A$15),$M32>(ROW(PLE.lastrow)-ROW(PLE.firstrow))),0,\n           IF(OFFSET(PLE!$G$15,$M32-$A$15,DC$13)=\"\",10^12,OFFSET(PLE!$G$15,$M32-$A$15,DC$13)))","v":1000000000000},{"$f":"IF(OR($D32<>\"Serviço\",AND(AUTOEVENTO=\"Manual\",$M32=$A$15),$M32>(ROW(PLE.lastrow)-ROW(PLE.firstrow))),0,\n           IF(OFFSET(PLE!$G$15,$M32-$A$15,DD$13)=\"\",10^12,OFFSET(PLE!$G$15,$M32-$A$15,DD$13)))","v":1000000000000},{"$f":"IF(OR($D32<>\"Serviço\",AND(AUTOEVENTO=\"Manual\",$M32=$A$15),$M32>(ROW(PLE.lastrow)-ROW(PLE.firstrow))),0,\n           IF(OFFSET(PLE!$G$15,$M32-$A$15,DE$13)=\"\",10^12,OFFSET(PLE!$G$15,$M32-$A$15,DE$13)))","v":1000000000000},{"$f":"IF(OR($D32<>\"Serviço\",AND(AUTOEVENTO=\"Manual\",$M32=$A$15),$M32>(ROW(PLE.lastrow)-ROW(PLE.firstrow))),0,\n           IF(OFFSET(PLE!$G$15,$M32-$A$15,DF$13)=\"\",10^12,OFFSET(PLE!$G$15,$M32-$A$15,DF$13)))","v":1000000000000},{"$f":"IF(OR($D32<>\"Serviço\",AND(AUTOEVENTO=\"Manual\",$M32=$A$15),$M32>(ROW(PLE.lastrow)-ROW(PLE.firstrow))),0,\n           IF(OFFSET(PLE!$G$15,$M32-$A$15,DG$13)=\"\",10^12,OFFSET(PLE!$G$15,$M32-$A$15,DG$13)))","v":1000000000000},{"$f":"IF(OR($D32<>\"Serviço\",AND(AUTOEVENTO=\"Manual\",$M32=$A$15),$M32>(ROW(PLE.lastrow)-ROW(PLE.firstrow))),0,\n           IF(OFFSET(PLE!$G$15,$M32-$A$15,DH$13)=\"\",10^12,OFFSET(PLE!$G$15,$M32-$A$15,DH$13)))","v":1000000000000},{"$f":"IF(OR($D32<>\"Serviço\",AND(AUTOEVENTO=\"Manual\",$M32=$A$15),$M32>(ROW(PLE.lastrow)-ROW(PLE.firstrow))),0,\n           IF(OFFSET(PLE!$G$15,$M32-$A$15,DI$13)=\"\",10^12,OFFSET(PLE!$G$15,$M32-$A$15,DI$13)))","v":1000000000000},{"$f":"IF(OR($D32<>\"Serviço\",AND(AUTOEVENTO=\"Manual\",$M32=$A$15),$M32>(ROW(PLE.lastrow)-ROW(PLE.firstrow))),0,\n           IF(OFFSET(PLE!$G$15,$M32-$A$15,DJ$13)=\"\",10^12,OFFSET(PLE!$G$15,$M32-$A$15,DJ$13)))","v":1000000000000},{"$f":"IF(OR($D32<>\"Serviço\",AND(AUTOEVENTO=\"Manual\",$M32=$A$15),$M32>(ROW(PLE.lastrow)-ROW(PLE.firstrow))),0,\n           IF(OFFSET(PLE!$G$15,$M32-$A$15,DK$13)=\"\",10^12,OFFSET(PLE!$G$15,$M32-$A$15,DK$13)))","v":1000000000000},{"$f":"IF(OR($D32<>\"Serviço\",AND(AUTOEVENTO=\"Manual\",$M32=$A$15),$M32>(ROW(PLE.lastrow)-ROW(PLE.firstrow))),0,\n           IF(OFFSET(PLE!$G$15,$M32-$A$15,DL$13)=\"\",10^12,OFFSET(PLE!$G$15,$M32-$A$15,DL$13)))","v":1000000000000},{"$f":"IF(OR($D32<>\"Serviço\",AND(AUTOEVENTO=\"Manual\",$M32=$A$15),$M32>(ROW(PLE.lastrow)-ROW(PLE.firstrow))),0,\n           IF(OFFSET(PLE!$G$15,$M32-$A$15,DM$13)=\"\",10^12,OFFSET(PLE!$G$15,$M32-$A$15,DM$13)))","v":1000000000000},{"$f":"IF(OR($D32<>\"Serviço\",AND(AUTOEVENTO=\"Manual\",$M32=$A$15),$M32>(ROW(PLE.lastrow)-ROW(PLE.firstrow))),0,\n           IF(OFFSET(PLE!$G$15,$M32-$A$15,DN$13)=\"\",10^12,OFFSET(PLE!$G$15,$M32-$A$15,DN$13)))","v":1000000000000},{"$f":"IF(OR($D32<>\"Serviço\",AND(AUTOEVENTO=\"Manual\",$M32=$A$15),$M32>(ROW(PLE.lastrow)-ROW(PLE.firstrow))),0,\n           IF(OFFSET(PLE!$G$15,$M32-$A$15,DO$13)=\"\",10^12,OFFSET(PLE!$G$15,$M32-$A$15,DO$13)))","v":1000000000000},{"$f":"IF(OR($D32<>\"Serviço\",AND(AUTOEVENTO=\"Manual\",$M32=$A$15),$M32>(ROW(PLE.lastrow)-ROW(PLE.firstrow))),0,\n           IF(OFFSET(PLE!$G$15,$M32-$A$15,DP$13)=\"\",10^12,OFFSET(PLE!$G$15,$M32-$A$15,DP$13)))","v":1000000000000},{"$f":"IF(OR($D32<>\"Serviço\",AND(AUTOEVENTO=\"Manual\",$M32=$A$15),$M32>(ROW(PLE.lastrow)-ROW(PLE.firstrow))),0,\n           IF(OFFSET(PLE!$G$15,$M32-$A$15,DQ$13)=\"\",10^12,OFFSET(PLE!$G$15,$M32-$A$15,DQ$13)))","v":1000000000000},{"$f":"IF(OR($D32<>\"Serviço\",AND(AUTOEVENTO=\"Manual\",$M32=$A$15),$M32>(ROW(PLE.lastrow)-ROW(PLE.firstrow))),0,\n           IF(OFFSET(PLE!$G$15,$M32-$A$15,DR$13)=\"\",10^12,OFFSET(PLE!$G$15,$M32-$A$15,DR$13)))","v":1000000000000},{"$f":"IF(OR($D32<>\"Serviço\",AND(AUTOEVENTO=\"Manual\",$M32=$A$15),$M32>(ROW(PLE.lastrow)-ROW(PLE.firstrow))),0,\n           IF(OFFSET(PLE!$G$15,$M32-$A$15,DS$13)=\"\",10^12,OFFSET(PLE!$G$15,$M32-$A$15,DS$13)))","v":1000000000000}]
["18.",{"$f":"OFFSET(ORÇAMENTO!C$15,$L33,0)","v":4},{"$f":"OFFSET(ORÇAMENTO!L$15,$L33,0)","v":"F"},{"$f":"OFFSET(ORÇAMENTO!N$15,$L33,0)","v":"Nível 4"},{"$f":"OFFSET(ORÇAMENTO!O$15,$L33,0)","v":"1.3.1.2."},{"$f":"OFFSET(ORÇAMENTO!R$15,$L33,0)","v":"BALDRAMES"},{"$f":"IF($D33<>\"Serviço\",\"\",OFFSET(ORÇAMENTO!S$15,$L33,0))","v":""},{"$f":"IF($D33<>\"Serviço\",0,IF(ACOMPANHAMENTO=\"BM\",ROUND(OFFSET(ORÇAMENTO!AJ$15,$L33,0),15-13*ORÇAMENTO!$AF$7),IF(IFERROR(CÁLCULO.FrentesPreenchidas,0)=0,0,SUM(ROUND(OFFSET($P33,0,1,1,CÁLCULO.FrentesPreenchidas),15-13*ORÇAMENTO!$AF$7)))))","v":0},null,{"$f":"IF(OR(B33<>\"S\",CÁLCULO.FrentesPreenchidas=0),\"\",IF(AND(ACOMPANHAMENTO=\"PLE\",AUTOEVENTO=\"Manual\",OR(H33>0,ORÇAMENTO!AC33=\"QUANT.\"),OR(K33=\"\",M33=0,N33=\"\")),\"►E\",IF(AND(ACOMPANHAMENTO=\"PLE\",ORÇAMENTO!AC33=\"QUANT.\"),\"►Q\",IF(AND(ACOMPANHAMENTO=\"PLE\",H33<>SUMPRODUCT(($Q$1:$AQ$1=1)*ROUND(Q33:AQ33,15))),\"►S\",IF(AND(COUNTIF($P$11:$AQ$11,\"▼\")=0,H33>0,I33=\"\"),\"◄M\",\"\")))))","v":""},null,18,{"$f":"IF($D33<>\"Serviço\",\"\",\n          IF(AUTOEVENTO=\"manual\",$A33,\n                IF(ISERROR(MATCH($A33,$A$15:OFFSET($A33,-1,0),0)),MAX($M$15:OFFSET(M33,-1,0))+1,\n                      INDEX($M$15:OFFSET(M33,-1,0),MATCH($A33,$A$15:OFFSET($A33,-1,0),0)))))","v":""},{"$f":"IF($D33<>\"Serviço\",\"\",\n         IF(AUTOEVENTO=\"Manual\",\n                IF($A33=0,\"<-- defina o número do agrupador\",\n                       OFFSET(EVENTOS!$D$15,$A33-$A$15,0)),\n                OFFSET($F$15,$A33,0)))","v":""},null,null,null,null,null,null,null,null,null,null,null,null,null,null,null,null,null,null,null,null,null,null,null,null,null,null,null,null,null,{"$f":"IF(AND($D33=\"Serviço\",AR$12<>0,$H33>0,OR(AUTOEVENTO<>\"manual\",$M33<>$A$15)),\n        IF(Import.TipoArredondamento<>\"TransfereGOV\",\n              ROUND(OFFSET($P33,0,AR$13),15-13*ORÇAMENTO!$AF$7)/$H33*OFFSET(ORÇAMENTO!$X$15,ROW(AR33)-ROW(AR$15),0),\n              ROUND(ROUND(OFFSET($P33,0,AR$13),15-13*ORÇAMENTO!$AF$7)*OFFSET(ORÇAMENTO!$W$15,ROW(AR33)-ROW(AR$15),0),15-13*ORÇAMENTO!$AF$11)),\n         0)","v":0},{"$f":"IF(AND($D33=\"Serviço\",AS$12<>0,$H33>0,OR(AUTOEVENTO<>\"manual\",$M33<>$A$15)),\n        IF(Import.TipoArredondamento<>\"TransfereGOV\",\n              ROUND(OFFSET($P33,0,AS$13),15-13*ORÇAMENTO!$AF$7)/$H33*OFFSET(ORÇAMENTO!$X$15,ROW(AS33)-ROW(AS$15),0),\n              ROUND(ROUND(OFFSET($P33,0,AS$13),15-13*ORÇAMENTO!$AF$7)*OFFSET(ORÇAMENTO!$W$15,ROW(AS33)-ROW(AS$15),0),15-13*ORÇAMENTO!$AF$11)),\n         0)","v":0},{"$f":"IF(AND($D33=\"Serviço\",AT$12<>0,$H33>0,OR(AUTOEVENTO<>\"manual\",$M33<>$A$15)),\n        IF(Import.TipoArredondamento<>\"TransfereGOV\",\n              ROUND(OFFSET($P33,0,AT$13),15-13*ORÇAMENTO!$AF$7)/$H33*OFFSET(ORÇAMENTO!$X$15,ROW(AT33)-ROW(AT$15),0),\n              ROUND(ROUND(OFFSET($P33,0,AT$13),15-13*ORÇAMENTO!$AF$7)*OFFSET(ORÇAMENTO!$W$15,ROW(AT33)-ROW(AT$15),0),15-13*ORÇAMENTO!$AF$11)),\n         0)","v":0},{"$f":"IF(AND($D33=\"Serviço\",AU$12<>0,$H33>0,OR(AUTOEVENTO<>\"manual\",$M33<>$A$15)),\n        IF(Import.TipoArredondamento<>\"TransfereGOV\",\n              ROUND(OFFSET($P33,0,AU$13),15-13*ORÇAMENTO!$AF$7)/$H33*OFFSET(ORÇAMENTO!$X$15,ROW(AU33)-ROW(AU$15),0),\n              ROUND(ROUND(OFFSET($P33,0,AU$13),15-13*ORÇAMENTO!$AF$7)*OFFSET(ORÇAMENTO!$W$15,ROW(AU33)-ROW(AU$15),0),15-13*ORÇAMENTO!$AF$11)),\n         0)","v":0},{"$f":"IF(AND($D33=\"Serviço\",AV$12<>0,$H33>0,OR(AUTOEVENTO<>\"manual\",$M33<>$A$15)),\n        IF(Import.TipoArredondamento<>\"TransfereGOV\",\n              ROUND(OFFSET($P33,0,AV$13),15-13*ORÇAMENTO!$AF$7)/$H33*OFFSET(ORÇAMENTO!$X$15,ROW(AV33)-ROW(AV$15),0),\n              ROUND(ROUND(OFFSET($P33,0,AV$13),15-13*ORÇAMENTO!$AF$7)*OFFSET(ORÇAMENTO!$W$15,ROW(AV33)-ROW(AV$15),0),15-13*ORÇAMENTO!$AF$11)),\n         0)","v":0},{"$f":"IF(AND($D33=\"Serviço\",AW$12<>0,$H33>0,OR(AUTOEVENTO<>\"manual\",$M33<>$A$15)),\n        IF(Import.TipoArredondamento<>\"TransfereGOV\",\n              ROUND(OFFSET($P33,0,AW$13),15-13*ORÇAMENTO!$AF$7)/$H33*OFFSET(ORÇAMENTO!$X$15,ROW(AW33)-ROW(AW$15),0),\n              ROUND(ROUND(OFFSET($P33,0,AW$13),15-13*ORÇAMENTO!$AF$7)*OFFSET(ORÇAMENTO!$W$15,ROW(AW33)-ROW(AW$15),0),15-13*ORÇAMENTO!$AF$11)),\n         0)","v":0},{"$f":"IF(AND($D33=\"Serviço\",AX$12<>0,$H33>0,OR(AUTOEVENTO<>\"manual\",$M33<>$A$15)),\n        IF(Import.TipoArredondamento<>\"TransfereGOV\",\n              ROUND(OFFSET($P33,0,AX$13),15-13*ORÇAMENTO!$AF$7)/$H33*OFFSET(ORÇAMENTO!$X$15,ROW(AX33)-ROW(AX$15),0),\n              ROUND(ROUND(OFFSET($P33,0,AX$13),15-13*ORÇAMENTO!$AF$7)*OFFSET(ORÇAMENTO!$W$15,ROW(AX33)-ROW(AX$15),0),15-13*ORÇAMENTO!$AF$11)),\n         0)","v":0},{"$f":"IF(AND($D33=\"Serviço\",AY$12<>0,$H33>0,OR(AUTOEVENTO<>\"manual\",$M33<>$A$15)),\n        IF(Import.TipoArredondamento<>\"TransfereGOV\",\n              ROUND(OFFSET($P33,0,AY$13),15-13*ORÇAMENTO!$AF$7)/$H33*OFFSET(ORÇAMENTO!$X$15,ROW(AY33)-ROW(AY$15),0),\n              ROUND(ROUND(OFFSET($P33,0,AY$13),15-13*ORÇAMENTO!$AF$7)*OFFSET(ORÇAMENTO!$W$15,ROW(AY33)-ROW(AY$15),0),15-13*ORÇAMENTO!$AF$11)),\n         0)","v":0},{"$f":"IF(AND($D33=\"Serviço\",AZ$12<>0,$H33>0,OR(AUTOEVENTO<>\"manual\",$M33<>$A$15)),\n        IF(Import.TipoArredondamento<>\"TransfereGOV\",\n              ROUND(OFFSET($P33,0,AZ$13),15-13*ORÇAMENTO!$AF$7)/$H33*OFFSET(ORÇAMENTO!$X$15,ROW(AZ33)-ROW(AZ$15),0),\n              ROUND(ROUND(OFFSET($P33,0,AZ$13),15-13*ORÇAMENTO!$AF$7)*OFFSET(ORÇAMENTO!$W$15,ROW(AZ33)-ROW(AZ$15),0),15-13*ORÇAMENTO!$AF$11)),\n         0)","v":0},{"$f":"IF(AND($D33=\"Serviço\",BA$12<>0,$H33>0,OR(AUTOEVENTO<>\"manual\",$M33<>$A$15)),\n        IF(Import.TipoArredondamento<>\"TransfereGOV\",\n              ROUND(OFFSET($P33,0,BA$13),15-13*ORÇAMENTO!$AF$7)/$H33*OFFSET(ORÇAMENTO!$X$15,ROW(BA33)-ROW(BA$15),0),\n              ROUND(ROUND(OFFSET($P33,0,BA$13),15-13*ORÇAMENTO!$AF$7)*OFFSET(ORÇAMENTO!$W$15,ROW(BA33)-ROW(BA$15),0),15-13*ORÇAMENTO!$AF$11)),\n         0)","v":0},{"$f":"IF(AND($D33=\"Serviço\",BB$12<>0,$H33>0,OR(AUTOEVENTO<>\"manual\",$M33<>$A$15)),\n        IF(Import.TipoArredondamento<>\"TransfereGOV\",\n              ROUND(OFFSET($P33,0,BB$13),15-13*ORÇAMENTO!$AF$7)/$H33*OFFSET(ORÇAMENTO!$X$15,ROW(BB33)-ROW(BB$15),0),\n              ROUND(ROUND(OFFSET($P33,0,BB$13),15-13*ORÇAMENTO!$AF$7)*OFFSET(ORÇAMENTO!$W$15,ROW(BB33)-ROW(BB$15),0),15-13*ORÇAMENTO!$AF$11)),\n         0)","v":0},{"$f":"IF(AND($D33=\"Serviço\",BC$12<>0,$H33>0,OR(AUTOEVENTO<>\"manual\",$M33<>$A$15)),\n        IF(Import.TipoArredondamento<>\"TransfereGOV\",\n              ROUND(OFFSET($P33,0,BC$13),15-13*ORÇAMENTO!$AF$7)/$H33*OFFSET(ORÇAMENTO!$X$15,ROW(BC33)-ROW(BC$15),0),\n              ROUND(ROUND(OFFSET($P33,0,BC$13),15-13*ORÇAMENTO!$AF$7)*OFFSET(ORÇAMENTO!$W$15,ROW(BC33)-ROW(BC$15),0),15-13*ORÇAMENTO!$AF$11)),\n         0)","v":0},{"$f":"IF(AND($D33=\"Serviço\",BD$12<>0,$H33>0,OR(AUTOEVENTO<>\"manual\",$M33<>$A$15)),\n        IF(Import.TipoArredondamento<>\"TransfereGOV\",\n              ROUND(OFFSET($P33,0,BD$13),15-13*ORÇAMENTO!$AF$7)/$H33*OFFSET(ORÇAMENTO!$X$15,ROW(BD33)-ROW(BD$15),0),\n              ROUND(ROUND(OFFSET($P33,0,BD$13),15-13*ORÇAMENTO!$AF$7)*OFFSET(ORÇAMENTO!$W$15,ROW(BD33)-ROW(BD$15),0),15-13*ORÇAMENTO!$AF$11)),\n         0)","v":0},{"$f":"IF(AND($D33=\"Serviço\",BE$12<>0,$H33>0,OR(AUTOEVENTO<>\"manual\",$M33<>$A$15)),\n        IF(Import.TipoArredondamento<>\"TransfereGOV\",\n              ROUND(OFFSET($P33,0,BE$13),15-13*ORÇAMENTO!$AF$7)/$H33*OFFSET(ORÇAMENTO!$X$15,ROW(BE33)-ROW(BE$15),0),\n              ROUND(ROUND(OFFSET($P33,0,BE$13),15-13*ORÇAMENTO!$AF$7)*OFFSET(ORÇAMENTO!$W$15,ROW(BE33)-ROW(BE$15),0),15-13*ORÇAMENTO!$AF$11)),\n         0)","v":0},{"$f":"IF(AND($D33=\"Serviço\",BF$12<>0,$H33>0,OR(AUTOEVENTO<>\"manual\",$M33<>$A$15)),\n        IF(Import.TipoArredondamento<>\"TransfereGOV\",\n              ROUND(OFFSET($P33,0,BF$13),15-13*ORÇAMENTO!$AF$7)/$H33*OFFSET(ORÇAMENTO!$X$15,ROW(BF33)-ROW(BF$15),0),\n              ROUND(ROUND(OFFSET($P33,0,BF$13),15-13*ORÇAMENTO!$AF$7)*OFFSET(ORÇAMENTO!$W$15,ROW(BF33)-ROW(BF$15),0),15-13*ORÇAMENTO!$AF$11)),\n         0)","v":0},{"$f":"IF(AND($D33=\"Serviço\",BG$12<>0,$H33>0,OR(AUTOEVENTO<>\"manual\",$M33<>$A$15)),\n        IF(Import.TipoArredondamento<>\"TransfereGOV\",\n              ROUND(OFFSET($P33,0,BG$13),15-13*ORÇAMENTO!$AF$7)/$H33*OFFSET(ORÇAMENTO!$X$15,ROW(BG33)-ROW(BG$15),0),\n              ROUND(ROUND(OFFSET($P33,0,BG$13),15-13*ORÇAMENTO!$AF$7)*OFFSET(ORÇAMENTO!$W$15,ROW(BG33)-ROW(BG$15),0),15-13*ORÇAMENTO!$AF$11)),\n         0)","v":0},{"$f":"IF(AND($D33=\"Serviço\",BH$12<>0,$H33>0,OR(AUTOEVENTO<>\"manual\",$M33<>$A$15)),\n        IF(Import.TipoArredondamento<>\"TransfereGOV\",\n              ROUND(OFFSET($P33,0,BH$13),15-13*ORÇAMENTO!$AF$7)/$H33*OFFSET(ORÇAMENTO!$X$15,ROW(BH33)-ROW(BH$15),0),\n              ROUND(ROUND(OFFSET($P33,0,BH$13),15-13*ORÇAMENTO!$AF$7)*OFFSET(ORÇAMENTO!$W$15,ROW(BH33)-ROW(BH$15),0),15-13*ORÇAMENTO!$AF$11)),\n         0)","v":0},{"$f":"IF(AND($D33=\"Serviço\",BI$12<>0,$H33>0,OR(AUTOEVENTO<>\"manual\",$M33<>$A$15)),\n        IF(Import.TipoArredondamento<>\"TransfereGOV\",\n              ROUND(OFFSET($P33,0,BI$13),15-13*ORÇAMENTO!$AF$7)/$H33*OFFSET(ORÇAMENTO!$X$15,ROW(BI33)-ROW(BI$15),0),\n              ROUND(ROUND(OFFSET($P33,0,BI$13),15-13*ORÇAMENTO!$AF$7)*OFFSET(ORÇAMENTO!$W$15,ROW(BI33)-ROW(BI$15),0),15-13*ORÇAMENTO!$AF$11)),\n         0)","v":0},{"$f":"IF(AND($D33=\"Serviço\",BJ$12<>0,$H33>0,OR(AUTOEVENTO<>\"manual\",$M33<>$A$15)),\n        IF(Import.TipoArredondamento<>\"TransfereGOV\",\n              ROUND(OFFSET($P33,0,BJ$13),15-13*ORÇAMENTO!$AF$7)/$H33*OFFSET(ORÇAMENTO!$X$15,ROW(BJ33)-ROW(BJ$15),0),\n              ROUND(ROUND(OFFSET($P33,0,BJ$13),15-13*ORÇAMENTO!$AF$7)*OFFSET(ORÇAMENTO!$W$15,ROW(BJ33)-ROW(BJ$15),0),15-13*ORÇAMENTO!$AF$11)),\n         0)","v":0},{"$f":"IF(AND($D33=\"Serviço\",BK$12<>0,$H33>0,OR(AUTOEVENTO<>\"manual\",$M33<>$A$15)),\n        IF(Import.TipoArredondamento<>\"TransfereGOV\",\n              ROUND(OFFSET($P33,0,BK$13),15-13*ORÇAMENTO!$AF$7)/$H33*OFFSET(ORÇAMENTO!$X$15,ROW(BK33)-ROW(BK$15),0),\n              ROUND(ROUND(OFFSET($P33,0,BK$13),15-13*ORÇAMENTO!$AF$7)*OFFSET(ORÇAMENTO!$W$15,ROW(BK33)-ROW(BK$15),0),15-13*ORÇAMENTO!$AF$11)),\n         0)","v":0},{"$f":"IF(AND($D33=\"Serviço\",BL$12<>0,$H33>0,OR(AUTOEVENTO<>\"manual\",$M33<>$A$15)),\n        IF(Import.TipoArredondamento<>\"TransfereGOV\",\n              ROUND(OFFSET($P33,0,BL$13),15-13*ORÇAMENTO!$AF$7)/$H33*OFFSET(ORÇAMENTO!$X$15,ROW(BL33)-ROW(BL$15),0),\n              ROUND(ROUND(OFFSET($P33,0,BL$13),15-13*ORÇAMENTO!$AF$7)*OFFSET(ORÇAMENTO!$W$15,ROW(BL33)-ROW(BL$15),0),15-13*ORÇAMENTO!$AF$11)),\n         0)","v":0},{"$f":"IF(AND($D33=\"Serviço\",BM$12<>0,$H33>0,OR(AUTOEVENTO<>\"manual\",$M33<>$A$15)),\n        IF(Import.TipoArredondamento<>\"TransfereGOV\",\n              ROUND(OFFSET($P33,0,BM$13),15-13*ORÇAMENTO!$AF$7)/$H33*OFFSET(ORÇAMENTO!$X$15,ROW(BM33)-ROW(BM$15),0),\n              ROUND(ROUND(OFFSET($P33,0,BM$13),15-13*ORÇAMENTO!$AF$7)*OFFSET(ORÇAMENTO!$W$15,ROW(BM33)-ROW(BM$15),0),15-13*ORÇAMENTO!$AF$11)),\n         0)","v":0},{"$f":"IF(AND($D33=\"Serviço\",BN$12<>0,$H33>0,OR(AUTOEVENTO<>\"manual\",$M33<>$A$15)),\n        IF(Import.TipoArredondamento<>\"TransfereGOV\",\n              ROUND(OFFSET($P33,0,BN$13),15-13*ORÇAMENTO!$AF$7)/$H33*OFFSET(ORÇAMENTO!$X$15,ROW(BN33)-ROW(BN$15),0),\n              ROUND(ROUND(OFFSET($P33,0,BN$13),15-13*ORÇAMENTO!$AF$7)*OFFSET(ORÇAMENTO!$W$15,ROW(BN33)-ROW(BN$15),0),15-13*ORÇAMENTO!$AF$11)),\n         0)","v":0},{"$f":"IF(AND($D33=\"Serviço\",BO$12<>0,$H33>0,OR(AUTOEVENTO<>\"manual\",$M33<>$A$15)),\n        IF(Import.TipoArredondamento<>\"TransfereGOV\",\n              ROUND(OFFSET($P33,0,BO$13),15-13*ORÇAMENTO!$AF$7)/$H33*OFFSET(ORÇAMENTO!$X$15,ROW(BO33)-ROW(BO$15),0),\n              ROUND(ROUND(OFFSET($P33,0,BO$13),15-13*ORÇAMENTO!$AF$7)*OFFSET(ORÇAMENTO!$W$15,ROW(BO33)-ROW(BO$15),0),15-13*ORÇAMENTO!$AF$11)),\n         0)","v":0},{"$f":"IF(AND($D33=\"Serviço\",BP$12<>0,$H33>0,OR(AUTOEVENTO<>\"manual\",$M33<>$A$15)),\n        IF(Import.TipoArredondamento<>\"TransfereGOV\",\n              ROUND(OFFSET($P33,0,BP$13),15-13*ORÇAMENTO!$AF$7)/$H33*OFFSET(ORÇAMENTO!$X$15,ROW(BP33)-ROW(BP$15),0),\n              ROUND(ROUND(OFFSET($P33,0,BP$13),15-13*ORÇAMENTO!$AF$7)*OFFSET(ORÇAMENTO!$W$15,ROW(BP33)-ROW(BP$15),0),15-13*ORÇAMENTO!$AF$11)),\n         0)","v":0},{"$f":"IF(AND($D33=\"Serviço\",BQ$12<>0,$H33>0,OR(AUTOEVENTO<>\"manual\",$M33<>$A$15)),\n        IF(Import.TipoArredondamento<>\"TransfereGOV\",\n              ROUND(OFFSET($P33,0,BQ$13),15-13*ORÇAMENTO!$AF$7)/$H33*OFFSET(ORÇAMENTO!$X$15,ROW(BQ33)-ROW(BQ$15),0),\n              ROUND(ROUND(OFFSET($P33,0,BQ$13),15-13*ORÇAMENTO!$AF$7)*OFFSET(ORÇAMENTO!$W$15,ROW(BQ33)-ROW(BQ$15),0),15-13*ORÇAMENTO!$AF$11)),\n         0)","v":0},null,{"$f":"IF(OR($D33<>\"Serviço\",AND(AUTOEVENTO=\"Manual\",$M33=$A$15)),0,\n         IF(OFFSET(CRONOPLE!$F$15,$M33-$A$15,BS$13)=0,10^12,OFFSET(CRONOPLE!$F$15,$M33-$A$15,BS$13)))","v":0},{"$f":"IF(OR($D33<>\"Serviço\",AND(AUTOEVENTO=\"Manual\",$M33=$A$15)),0,\n         IF(OFFSET(CRONOPLE!$F$15,$M33-$A$15,BT$13)=0,10^12,OFFSET(CRONOPLE!$F$15,$M33-$A$15,BT$13)))","v":0},{"$f":"IF(OR($D33<>\"Serviço\",AND(AUTOEVENTO=\"Manual\",$M33=$A$15)),0,\n         IF(OFFSET(CRONOPLE!$F$15,$M33-$A$15,BU$13)=0,10^12,OFFSET(CRONOPLE!$F$15,$M33-$A$15,BU$13)))","v":0},{"$f":"IF(OR($D33<>\"Serviço\",AND(AUTOEVENTO=\"Manual\",$M33=$A$15)),0,\n         IF(OFFSET(CRONOPLE!$F$15,$M33-$A$15,BV$13)=0,10^12,OFFSET(CRONOPLE!$F$15,$M33-$A$15,BV$13)))","v":0},{"$f":"IF(OR($D33<>\"Serviço\",AND(AUTOEVENTO=\"Manual\",$M33=$A$15)),0,\n         IF(OFFSET(CRONOPLE!$F$15,$M33-$A$15,BW$13)=0,10^12,OFFSET(CRONOPLE!$F$15,$M33-$A$15,BW$13)))","v":0},{"$f":"IF(OR($D33<>\"Serviço\",AND(AUTOEVENTO=\"Manual\",$M33=$A$15)),0,\n         IF(OFFSET(CRONOPLE!$F$15,$M33-$A$15,BX$13)=0,10^12,OFFSET(CRONOPLE!$F$15,$M33-$A$15,BX$13)))","v":0},{"$f":"IF(OR($D33<>\"Serviço\",AND(AUTOEVENTO=\"Manual\",$M33=$A$15)),0,\n         IF(OFFSET(CRONOPLE!$F$15,$M33-$A$15,BY$13)=0,10^12,OFFSET(CRONOPLE!$F$15,$M33-$A$15,BY$13)))","v":0},{"$f":"IF(OR($D33<>\"Serviço\",AND(AUTOEVENTO=\"Manual\",$M33=$A$15)),0,\n         IF(OFFSET(CRONOPLE!$F$15,$M33-$A$15,BZ$13)=0,10^12,OFFSET(CRONOPLE!$F$15,$M33-$A$15,BZ$13)))","v":0},{"$f":"IF(OR($D33<>\"Serviço\",AND(AUTOEVENTO=\"Manual\",$M33=$A$15)),0,\n         IF(OFFSET(CRONOPLE!$F$15,$M33-$A$15,CA$13)=0,10^12,OFFSET(CRONOPLE!$F$15,$M33-$A$15,CA$13)))","v":0},{"$f":"IF(OR($D33<>\"Serviço\",AND(AUTOEVENTO=\"Manual\",$M33=$A$15)),0,\n         IF(OFFSET(CRONOPLE!$F$15,$M33-$A$15,CB$13)=0,10^12,OFFSET(CRONOPLE!$F$15,$M33-$A$15,CB$13)))","v":0},{"$f":"IF(OR($D33<>\"Serviço\",AND(AUTOEVENTO=\"Manual\",$M33=$A$15)),0,\n         IF(OFFSET(CRONOPLE!$F$15,$M33-$A$15,CC$13)=0,10^12,OFFSET(CRONOPLE!$F$15,$M33-$A$15,CC$13)))","v":0},{"$f":"IF(OR($D33<>\"Serviço\",AND(AUTOEVENTO=\"Manual\",$M33=$A$15)),0,\n         IF(OFFSET(CRONOPLE!$F$15,$M33-$A$15,CD$13)=0,10^12,OFFSET(CRONOPLE!$F$15,$M33-$A$15,CD$13)))","v":0},{"$f":"IF(OR($D33<>\"Serviço\",AND(AUTOEVENTO=\"Manual\",$M33=$A$15)),0,\n         IF(OFFSET(CRONOPLE!$F$15,$M33-$A$15,CE$13)=0,10^12,OFFSET(CRONOPLE!$F$15,$M33-$A$15,CE$13)))","v":0},{"$f":"IF(OR($D33<>\"Serviço\",AND(AUTOEVENTO=\"Manual\",$M33=$A$15)),0,\n         IF(OFFSET(CRONOPLE!$F$15,$M33-$A$15,CF$13)=0,10^12,OFFSET(CRONOPLE!$F$15,$M33-$A$15,CF$13)))","v":0},{"$f":"IF(OR($D33<>\"Serviço\",AND(AUTOEVENTO=\"Manual\",$M33=$A$15)),0,\n         IF(OFFSET(CRONOPLE!$F$15,$M33-$A$15,CG$13)=0,10^12,OFFSET(CRONOPLE!$F$15,$M33-$A$15,CG$13)))","v":0},{"$f":"IF(OR($D33<>\"Serviço\",AND(AUTOEVENTO=\"Manual\",$M33=$A$15)),0,\n         IF(OFFSET(CRONOPLE!$F$15,$M33-$A$15,CH$13)=0,10^12,OFFSET(CRONOPLE!$F$15,$M33-$A$15,CH$13)))","v":0},{"$f":"IF(OR($D33<>\"Serviço\",AND(AUTOEVENTO=\"Manual\",$M33=$A$15)),0,\n         IF(OFFSET(CRONOPLE!$F$15,$M33-$A$15,CI$13)=0,10^12,OFFSET(CRONOPLE!$F$15,$M33-$A$15,CI$13)))","v":0},{"$f":"IF(OR($D33<>\"Serviço\",AND(AUTOEVENTO=\"Manual\",$M33=$A$15)),0,\n         IF(OFFSET(CRONOPLE!$F$15,$M33-$A$15,CJ$13)=0,10^12,OFFSET(CRONOPLE!$F$15,$M33-$A$15,CJ$13)))","v":0},{"$f":"IF(OR($D33<>\"Serviço\",AND(AUTOEVENTO=\"Manual\",$M33=$A$15)),0,\n         IF(OFFSET(CRONOPLE!$F$15,$M33-$A$15,CK$13)=0,10^12,OFFSET(CRONOPLE!$F$15,$M33-$A$15,CK$13)))","v":0},{"$f":"IF(OR($D33<>\"Serviço\",AND(AUTOEVENTO=\"Manual\",$M33=$A$15)),0,\n         IF(OFFSET(CRONOPLE!$F$15,$M33-$A$15,CL$13)=0,10^12,OFFSET(CRONOPLE!$F$15,$M33-$A$15,CL$13)))","v":0},{"$f":"IF(OR($D33<>\"Serviço\",AND(AUTOEVENTO=\"Manual\",$M33=$A$15)),0,\n         IF(OFFSET(CRONOPLE!$F$15,$M33-$A$15,CM$13)=0,10^12,OFFSET(CRONOPLE!$F$15,$M33-$A$15,CM$13)))","v":0},{"$f":"IF(OR($D33<>\"Serviço\",AND(AUTOEVENTO=\"Manual\",$M33=$A$15)),0,\n         IF(OFFSET(CRONOPLE!$F$15,$M33-$A$15,CN$13)=0,10^12,OFFSET(CRONOPLE!$F$15,$M33-$A$15,CN$13)))","v":0},{"$f":"IF(OR($D33<>\"Serviço\",AND(AUTOEVENTO=\"Manual\",$M33=$A$15)),0,\n         IF(OFFSET(CRONOPLE!$F$15,$M33-$A$15,CO$13)=0,10^12,OFFSET(CRONOPLE!$F$15,$M33-$A$15,CO$13)))","v":0},{"$f":"IF(OR($D33<>\"Serviço\",AND(AUTOEVENTO=\"Manual\",$M33=$A$15)),0,\n         IF(OFFSET(CRONOPLE!$F$15,$M33-$A$15,CP$13)=0,10^12,OFFSET(CRONOPLE!$F$15,$M33-$A$15,CP$13)))","v":0},{"$f":"IF(OR($D33<>\"Serviço\",AND(AUTOEVENTO=\"Manual\",$M33=$A$15)),0,\n         IF(OFFSET(CRONOPLE!$F$15,$M33-$A$15,CQ$13)=0,10^12,OFFSET(CRONOPLE!$F$15,$M33-$A$15,CQ$13)))","v":0},{"$f":"IF(OR($D33<>\"Serviço\",AND(AUTOEVENTO=\"Manual\",$M33=$A$15)),0,\n         IF(OFFSET(CRONOPLE!$F$15,$M33-$A$15,CR$13)=0,10^12,OFFSET(CRONOPLE!$F$15,$M33-$A$15,CR$13)))","v":0},null,{"$f":"IF(OR($D33<>\"Serviço\",AND(AUTOEVENTO=\"Manual\",$M33=$A$15),$M33>(ROW(PLE.lastrow)-ROW(PLE.firstrow))),0,\n           IF(OFFSET(PLE!$G$15,$M33-$A$15,CT$13)=\"\",10^12,OFFSET(PLE!$G$15,$M33-$A$15,CT$13)))","v":0},{"$f":"IF(OR($D33<>\"Serviço\",AND(AUTOEVENTO=\"Manual\",$M33=$A$15),$M33>(ROW(PLE.lastrow)-ROW(PLE.firstrow))),0,\n           IF(OFFSET(PLE!$G$15,$M33-$A$15,CU$13)=\"\",10^12,OFFSET(PLE!$G$15,$M33-$A$15,CU$13)))","v":0},{"$f":"IF(OR($D33<>\"Serviço\",AND(AUTOEVENTO=\"Manual\",$M33=$A$15),$M33>(ROW(PLE.lastrow)-ROW(PLE.firstrow))),0,\n           IF(OFFSET(PLE!$G$15,$M33-$A$15,CV$13)=\"\",10^12,OFFSET(PLE!$G$15,$M33-$A$15,CV$13)))","v":0},{"$f":"IF(OR($D33<>\"Serviço\",AND(AUTOEVENTO=\"Manual\",$M33=$A$15),$M33>(ROW(PLE.lastrow)-ROW(PLE.firstrow))),0,\n           IF(OFFSET(PLE!$G$15,$M33-$A$15,CW$13)=\"\",10^12,OFFSET(PLE!$G$15,$M33-$A$15,CW$13)))","v":0},{"$f":"IF(OR($D33<>\"Serviço\",AND(AUTOEVENTO=\"Manual\",$M33=$A$15),$M33>(ROW(PLE.lastrow)-ROW(PLE.firstrow))),0,\n           IF(OFFSET(PLE!$G$15,$M33-$A$15,CX$13)=\"\",10^12,OFFSET(PLE!$G$15,$M33-$A$15,CX$13)))","v":0},{"$f":"IF(OR($D33<>\"Serviço\",AND(AUTOEVENTO=\"Manual\",$M33=$A$15),$M33>(ROW(PLE.lastrow)-ROW(PLE.firstrow))),0,\n           IF(OFFSET(PLE!$G$15,$M33-$A$15,CY$13)=\"\",10^12,OFFSET(PLE!$G$15,$M33-$A$15,CY$13)))","v":0},{"$f":"IF(OR($D33<>\"Serviço\",AND(AUTOEVENTO=\"Manual\",$M33=$A$15),$M33>(ROW(PLE.lastrow)-ROW(PLE.firstrow))),0,\n           IF(OFFSET(PLE!$G$15,$M33-$A$15,CZ$13)=\"\",10^12,OFFSET(PLE!$G$15,$M33-$A$15,CZ$13)))","v":0},{"$f":"IF(OR($D33<>\"Serviço\",AND(AUTOEVENTO=\"Manual\",$M33=$A$15),$M33>(ROW(PLE.lastrow)-ROW(PLE.firstrow))),0,\n           IF(OFFSET(PLE!$G$15,$M33-$A$15,DA$13)=\"\",10^12,OFFSET(PLE!$G$15,$M33-$A$15,DA$13)))","v":0},{"$f":"IF(OR($D33<>\"Serviço\",AND(AUTOEVENTO=\"Manual\",$M33=$A$15),$M33>(ROW(PLE.lastrow)-ROW(PLE.firstrow))),0,\n           IF(OFFSET(PLE!$G$15,$M33-$A$15,DB$13)=\"\",10^12,OFFSET(PLE!$G$15,$M33-$A$15,DB$13)))","v":0},{"$f":"IF(OR($D33<>\"Serviço\",AND(AUTOEVENTO=\"Manual\",$M33=$A$15),$M33>(ROW(PLE.lastrow)-ROW(PLE.firstrow))),0,\n           IF(OFFSET(PLE!$G$15,$M33-$A$15,DC$13)=\"\",10^12,OFFSET(PLE!$G$15,$M33-$A$15,DC$13)))","v":0},{"$f":"IF(OR($D33<>\"Serviço\",AND(AUTOEVENTO=\"Manual\",$M33=$A$15),$M33>(ROW(PLE.lastrow)-ROW(PLE.firstrow))),0,\n           IF(OFFSET(PLE!$G$15,$M33-$A$15,DD$13)=\"\",10^12,OFFSET(PLE!$G$15,$M33-$A$15,DD$13)))","v":0},{"$f":"IF(OR($D33<>\"Serviço\",AND(AUTOEVENTO=\"Manual\",$M33=$A$15),$M33>(ROW(PLE.lastrow)-ROW(PLE.firstrow))),0,\n           IF(OFFSET(PLE!$G$15,$M33-$A$15,DE$13)=\"\",10^12,OFFSET(PLE!$G$15,$M33-$A$15,DE$13)))","v":0},{"$f":"IF(OR($D33<>\"Serviço\",AND(AUTOEVENTO=\"Manual\",$M33=$A$15),$M33>(ROW(PLE.lastrow)-ROW(PLE.firstrow))),0,\n           IF(OFFSET(PLE!$G$15,$M33-$A$15,DF$13)=\"\",10^12,OFFSET(PLE!$G$15,$M33-$A$15,DF$13)))","v":0},{"$f":"IF(OR($D33<>\"Serviço\",AND(AUTOEVENTO=\"Manual\",$M33=$A$15),$M33>(ROW(PLE.lastrow)-ROW(PLE.firstrow))),0,\n           IF(OFFSET(PLE!$G$15,$M33-$A$15,DG$13)=\"\",10^12,OFFSET(PLE!$G$15,$M33-$A$15,DG$13)))","v":0},{"$f":"IF(OR($D33<>\"Serviço\",AND(AUTOEVENTO=\"Manual\",$M33=$A$15),$M33>(ROW(PLE.lastrow)-ROW(PLE.firstrow))),0,\n           IF(OFFSET(PLE!$G$15,$M33-$A$15,DH$13)=\"\",10^12,OFFSET(PLE!$G$15,$M33-$A$15,DH$13)))","v":0},{"$f":"IF(OR($D33<>\"Serviço\",AND(AUTOEVENTO=\"Manual\",$M33=$A$15),$M33>(ROW(PLE.lastrow)-ROW(PLE.firstrow))),0,\n           IF(OFFSET(PLE!$G$15,$M33-$A$15,DI$13)=\"\",10^12,OFFSET(PLE!$G$15,$M33-$A$15,DI$13)))","v":0},{"$f":"IF(OR($D33<>\"Serviço\",AND(AUTOEVENTO=\"Manual\",$M33=$A$15),$M33>(ROW(PLE.lastrow)-ROW(PLE.firstrow))),0,\n           IF(OFFSET(PLE!$G$15,$M33-$A$15,DJ$13)=\"\",10^12,OFFSET(PLE!$G$15,$M33-$A$15,DJ$13)))","v":0},{"$f":"IF(OR($D33<>\"Serviço\",AND(AUTOEVENTO=\"Manual\",$M33=$A$15),$M33>(ROW(PLE.lastrow)-ROW(PLE.firstrow))),0,\n           IF(OFFSET(PLE!$G$15,$M33-$A$15,DK$13)=\"\",10^12,OFFSET(PLE!$G$15,$M33-$A$15,DK$13)))","v":0},{"$f":"IF(OR($D33<>\"Serviço\",AND(AUTOEVENTO=\"Manual\",$M33=$A$15),$M33>(ROW(PLE.lastrow)-ROW(PLE.firstrow))),0,\n           IF(OFFSET(PLE!$G$15,$M33-$A$15,DL$13)=\"\",10^12,OFFSET(PLE!$G$15,$M33-$A$15,DL$13)))","v":0},{"$f":"IF(OR($D33<>\"Serviço\",AND(AUTOEVENTO=\"Manual\",$M33=$A$15),$M33>(ROW(PLE.lastrow)-ROW(PLE.firstrow))),0,\n           IF(OFFSET(PLE!$G$15,$M33-$A$15,DM$13)=\"\",10^12,OFFSET(PLE!$G$15,$M33-$A$15,DM$13)))","v":0},{"$f":"IF(OR($D33<>\"Serviço\",AND(AUTOEVENTO=\"Manual\",$M33=$A$15),$M33>(ROW(PLE.lastrow)-ROW(PLE.firstrow))),0,\n           IF(OFFSET(PLE!$G$15,$M33-$A$15,DN$13)=\"\",10^12,OFFSET(PLE!$G$15,$M33-$A$15,DN$13)))","v":0},{"$f":"IF(OR($D33<>\"Serviço\",AND(AUTOEVENTO=\"Manual\",$M33=$A$15),$M33>(ROW(PLE.lastrow)-ROW(PLE.firstrow))),0,\n           IF(OFFSET(PLE!$G$15,$M33-$A$15,DO$13)=\"\",10^12,OFFSET(PLE!$G$15,$M33-$A$15,DO$13)))","v":0},{"$f":"IF(OR($D33<>\"Serviço\",AND(AUTOEVENTO=\"Manual\",$M33=$A$15),$M33>(ROW(PLE.lastrow)-ROW(PLE.firstrow))),0,\n           IF(OFFSET(PLE!$G$15,$M33-$A$15,DP$13)=\"\",10^12,OFFSET(PLE!$G$15,$M33-$A$15,DP$13)))","v":0},{"$f":"IF(OR($D33<>\"Serviço\",AND(AUTOEVENTO=\"Manual\",$M33=$A$15),$M33>(ROW(PLE.lastrow)-ROW(PLE.firstrow))),0,\n           IF(OFFSET(PLE!$G$15,$M33-$A$15,DQ$13)=\"\",10^12,OFFSET(PLE!$G$15,$M33-$A$15,DQ$13)))","v":0},{"$f":"IF(OR($D33<>\"Serviço\",AND(AUTOEVENTO=\"Manual\",$M33=$A$15),$M33>(ROW(PLE.lastrow)-ROW(PLE.firstrow))),0,\n           IF(OFFSET(PLE!$G$15,$M33-$A$15,DR$13)=\"\",10^12,OFFSET(PLE!$G$15,$M33-$A$15,DR$13)))","v":0},{"$f":"IF(OR($D33<>\"Serviço\",AND(AUTOEVENTO=\"Manual\",$M33=$A$15),$M33>(ROW(PLE.lastrow)-ROW(PLE.firstrow))),0,\n           IF(OFFSET(PLE!$G$15,$M33-$A$15,DS$13)=\"\",10^12,OFFSET(PLE!$G$15,$M33-$A$15,DS$13)))","v":0}]
["18",{"$f":"OFFSET(ORÇAMENTO!C$15,$L34,0)","v":"S"},{"$f":"OFFSET(ORÇAMENTO!L$15,$L34,0)","v":"F"},{"$f":"OFFSET(ORÇAMENTO!N$15,$L34,0)","v":"Serviço"},{"$f":"OFFSET(ORÇAMENTO!O$15,$L34,0)","v":"1.3.1.2.1."},{"$f":"OFFSET(ORÇAMENTO!R$15,$L34,0)","v":"ESCAVAÇÃO MANUAL PARA VIGA BALDRAME OU SAPATA CORRIDA (INCLUINDO ESCAVAÇÃO PARA COLOCAÇÃO DE FÔRMAS). AF_01/2024"},{"$f":"IF($D34<>\"Serviço\",\"\",OFFSET(ORÇAMENTO!S$15,$L34,0))","v":"M3"},{"$f":"IF($D34<>\"Serviço\",0,IF(ACOMPANHAMENTO=\"BM\",ROUND(OFFSET(ORÇAMENTO!AJ$15,$L34,0),15-13*ORÇAMENTO!$AF$7),IF(IFERROR(CÁLCULO.FrentesPreenchidas,0)=0,0,SUM(ROUND(OFFSET($P34,0,1,1,CÁLCULO.FrentesPreenchidas),15-13*ORÇAMENTO!$AF$7)))))","v":27.3},"Conforme modelo disponibilizado pela CAIXA",{"$f":"IF(OR(B34<>\"S\",CÁLCULO.FrentesPreenchidas=0),\"\",IF(AND(ACOMPANHAMENTO=\"PLE\",AUTOEVENTO=\"Manual\",OR(H34>0,ORÇAMENTO!AC34=\"QUANT.\"),OR(K34=\"\",M34=0,N34=\"\")),\"►E\",IF(AND(ACOMPANHAMENTO=\"PLE\",ORÇAMENTO!AC34=\"QUANT.\"),\"►Q\",IF(AND(ACOMPANHAMENTO=\"PLE\",H34<>SUMPRODUCT(($Q$1:$AQ$1=1)*ROUND(Q34:AQ34,15))),\"►S\",IF(AND(COUNTIF($P$11:$AQ$11,\"▼\")=0,H34>0,I34=\"\"),\"◄M\",\"\")))))","v":""},"4. BALDRAMES",19,{"$f":"IF($D34<>\"Serviço\",\"\",\n          IF(AUTOEVENTO=\"manual\",$A34,\n                IF(ISERROR(MATCH($A34,$A$15:OFFSET($A34,-1,0),0)),MAX($M$15:OFFSET(M34,-1,0))+1,\n                      INDEX($M$15:OFFSET(M34,-1,0),MATCH($A34,$A$15:OFFSET($A34,-1,0),0)))))","v":4},{"$f":"IF($D34<>\"Serviço\",\"\",\n         IF(AUTOEVENTO=\"Manual\",\n                IF($A34=0,\"<-- defina o número do agrupador\",\n                       OFFSET(EVENTOS!$D$15,$A34-$A$15,0)),\n                OFFSET($F$15,$A34,0)))","v":"BALDRAMES"},null,null,5.46,5.46,5.46,5.46,5.46,null,null,null,null,null,null,null,null,null,null,null,null,null,null,null,null,null,null,null,null,null,null,{"$f":"IF(AND($D34=\"Serviço\",AR$12<>0,$H34>0,OR(AUTOEVENTO<>\"manual\",$M34<>$A$15)),\n        IF(Import.TipoArredondamento<>\"TransfereGOV\",\n              ROUND(OFFSET($P34,0,AR$13),15-13*ORÇAMENTO!$AF$7)/$H34*OFFSET(ORÇAMENTO!$X$15,ROW(AR34)-ROW(AR$15),0),\n              ROUND(ROUND(OFFSET($P34,0,AR$13),15-13*ORÇAMENTO!$AF$7)*OFFSET(ORÇAMENTO!$W$15,ROW(AR34)-ROW(AR$15),0),15-13*ORÇAMENTO!$AF$11)),\n         0)","v":760.74},{"$f":"IF(AND($D34=\"Serviço\",AS$12<>0,$H34>0,OR(AUTOEVENTO<>\"manual\",$M34<>$A$15)),\n        IF(Import.TipoArredondamento<>\"TransfereGOV\",\n              ROUND(OFFSET($P34,0,AS$13),15-13*ORÇAMENTO!$AF$7)/$H34*OFFSET(ORÇAMENTO!$X$15,ROW(AS34)-ROW(AS$15),0),\n              ROUND(ROUND(OFFSET($P34,0,AS$13),15-13*ORÇAMENTO!$AF$7)*OFFSET(ORÇAMENTO!$W$15,ROW(AS34)-ROW(AS$15),0),15-13*ORÇAMENTO!$AF$11)),\n         0)","v":760.74},{"$f":"IF(AND($D34=\"Serviço\",AT$12<>0,$H34>0,OR(AUTOEVENTO<>\"manual\",$M34<>$A$15)),\n        IF(Import.TipoArredondamento<>\"TransfereGOV\",\n              ROUND(OFFSET($P34,0,AT$13),15-13*ORÇAMENTO!$AF$7)/$H34*OFFSET(ORÇAMENTO!$X$15,ROW(AT34)-ROW(AT$15),0),\n              ROUND(ROUND(OFFSET($P34,0,AT$13),15-13*ORÇAMENTO!$AF$7)*OFFSET(ORÇAMENTO!$W$15,ROW(AT34)-ROW(AT$15),0),15-13*ORÇAMENTO!$AF$11)),\n         0)","v":760.74},{"$f":"IF(AND($D34=\"Serviço\",AU$12<>0,$H34>0,OR(AUTOEVENTO<>\"manual\",$M34<>$A$15)),\n        IF(Import.TipoArredondamento<>\"TransfereGOV\",\n              ROUND(OFFSET($P34,0,AU$13),15-13*ORÇAMENTO!$AF$7)/$H34*OFFSET(ORÇAMENTO!$X$15,ROW(AU34)-ROW(AU$15),0),\n              ROUND(ROUND(OFFSET($P34,0,AU$13),15-13*ORÇAMENTO!$AF$7)*OFFSET(ORÇAMENTO!$W$15,ROW(AU34)-ROW(AU$15),0),15-13*ORÇAMENTO!$AF$11)),\n         0)","v":760.74},{"$f":"IF(AND($D34=\"Serviço\",AV$12<>0,$H34>0,OR(AUTOEVENTO<>\"manual\",$M34<>$A$15)),\n        IF(Import.TipoArredondamento<>\"TransfereGOV\",\n              ROUND(OFFSET($P34,0,AV$13),15-13*ORÇAMENTO!$AF$7)/$H34*OFFSET(ORÇAMENTO!$X$15,ROW(AV34)-ROW(AV$15),0),\n              ROUND(ROUND(OFFSET($P34,0,AV$13),15-13*ORÇAMENTO!$AF$7)*OFFSET(ORÇAMENTO!$W$15,ROW(AV34)-ROW(AV$15),0),15-13*ORÇAMENTO!$AF$11)),\n         0)","v":760.74},{"$f":"IF(AND($D34=\"Serviço\",AW$12<>0,$H34>0,OR(AUTOEVENTO<>\"manual\",$M34<>$A$15)),\n        IF(Import.TipoArredondamento<>\"TransfereGOV\",\n              ROUND(OFFSET($P34,0,AW$13),15-13*ORÇAMENTO!$AF$7)/$H34*OFFSET(ORÇAMENTO!$X$15,ROW(AW34)-ROW(AW$15),0),\n              ROUND(ROUND(OFFSET($P34,0,AW$13),15-13*ORÇAMENTO!$AF$7)*OFFSET(ORÇAMENTO!$W$15,ROW(AW34)-ROW(AW$15),0),15-13*ORÇAMENTO!$AF$11)),\n         0)","v":0},{"$f":"IF(AND($D34=\"Serviço\",AX$12<>0,$H34>0,OR(AUTOEVENTO<>\"manual\",$M34<>$A$15)),\n        IF(Import.TipoArredondamento<>\"TransfereGOV\",\n              ROUND(OFFSET($P34,0,AX$13),15-13*ORÇAMENTO!$AF$7)/$H34*OFFSET(ORÇAMENTO!$X$15,ROW(AX34)-ROW(AX$15),0),\n              ROUND(ROUND(OFFSET($P34,0,AX$13),15-13*ORÇAMENTO!$AF$7)*OFFSET(ORÇAMENTO!$W$15,ROW(AX34)-ROW(AX$15),0),15-13*ORÇAMENTO!$AF$11)),\n         0)","v":0},{"$f":"IF(AND($D34=\"Serviço\",AY$12<>0,$H34>0,OR(AUTOEVENTO<>\"manual\",$M34<>$A$15)),\n        IF(Import.TipoArredondamento<>\"TransfereGOV\",\n              ROUND(OFFSET($P34,0,AY$13),15-13*ORÇAMENTO!$AF$7)/$H34*OFFSET(ORÇAMENTO!$X$15,ROW(AY34)-ROW(AY$15),0),\n              ROUND(ROUND(OFFSET($P34,0,AY$13),15-13*ORÇAMENTO!$AF$7)*OFFSET(ORÇAMENTO!$W$15,ROW(AY34)-ROW(AY$15),0),15-13*ORÇAMENTO!$AF$11)),\n         0)","v":0},{"$f":"IF(AND($D34=\"Serviço\",AZ$12<>0,$H34>0,OR(AUTOEVENTO<>\"manual\",$M34<>$A$15)),\n        IF(Import.TipoArredondamento<>\"TransfereGOV\",\n              ROUND(OFFSET($P34,0,AZ$13),15-13*ORÇAMENTO!$AF$7)/$H34*OFFSET(ORÇAMENTO!$X$15,ROW(AZ34)-ROW(AZ$15),0),\n              ROUND(ROUND(OFFSET($P34,0,AZ$13),15-13*ORÇAMENTO!$AF$7)*OFFSET(ORÇAMENTO!$W$15,ROW(AZ34)-ROW(AZ$15),0),15-13*ORÇAMENTO!$AF$11)),\n         0)","v":0},{"$f":"IF(AND($D34=\"Serviço\",BA$12<>0,$H34>0,OR(AUTOEVENTO<>\"manual\",$M34<>$A$15)),\n        IF(Import.TipoArredondamento<>\"TransfereGOV\",\n              ROUND(OFFSET($P34,0,BA$13),15-13*ORÇAMENTO!$AF$7)/$H34*OFFSET(ORÇAMENTO!$X$15,ROW(BA34)-ROW(BA$15),0),\n              ROUND(ROUND(OFFSET($P34,0,BA$13),15-13*ORÇAMENTO!$AF$7)*OFFSET(ORÇAMENTO!$W$15,ROW(BA34)-ROW(BA$15),0),15-13*ORÇAMENTO!$AF$11)),\n         0)","v":0},{"$f":"IF(AND($D34=\"Serviço\",BB$12<>0,$H34>0,OR(AUTOEVENTO<>\"manual\",$M34<>$A$15)),\n        IF(Import.TipoArredondamento<>\"TransfereGOV\",\n              ROUND(OFFSET($P34,0,BB$13),15-13*ORÇAMENTO!$AF$7)/$H34*OFFSET(ORÇAMENTO!$X$15,ROW(BB34)-ROW(BB$15),0),\n              ROUND(ROUND(OFFSET($P34,0,BB$13),15-13*ORÇAMENTO!$AF$7)*OFFSET(ORÇAMENTO!$W$15,ROW(BB34)-ROW(BB$15),0),15-13*ORÇAMENTO!$AF$11)),\n         0)","v":0},{"$f":"IF(AND($D34=\"Serviço\",BC$12<>0,$H34>0,OR(AUTOEVENTO<>\"manual\",$M34<>$A$15)),\n        IF(Import.TipoArredondamento<>\"TransfereGOV\",\n              ROUND(OFFSET($P34,0,BC$13),15-13*ORÇAMENTO!$AF$7)/$H34*OFFSET(ORÇAMENTO!$X$15,ROW(BC34)-ROW(BC$15),0),\n              ROUND(ROUND(OFFSET($P34,0,BC$13),15-13*ORÇAMENTO!$AF$7)*OFFSET(ORÇAMENTO!$W$15,ROW(BC34)-ROW(BC$15),0),15-13*ORÇAMENTO!$AF$11)),\n         0)","v":0},{"$f":"IF(AND($D34=\"Serviço\",BD$12<>0,$H34>0,OR(AUTOEVENTO<>\"manual\",$M34<>$A$15)),\n        IF(Import.TipoArredondamento<>\"TransfereGOV\",\n              ROUND(OFFSET($P34,0,BD$13),15-13*ORÇAMENTO!$AF$7)/$H34*OFFSET(ORÇAMENTO!$X$15,ROW(BD34)-ROW(BD$15),0),\n              ROUND(ROUND(OFFSET($P34,0,BD$13),15-13*ORÇAMENTO!$AF$7)*OFFSET(ORÇAMENTO!$W$15,ROW(BD34)-ROW(BD$15),0),15-13*ORÇAMENTO!$AF$11)),\n         0)","v":0},{"$f":"IF(AND($D34=\"Serviço\",BE$12<>0,$H34>0,OR(AUTOEVENTO<>\"manual\",$M34<>$A$15)),\n        IF(Import.TipoArredondamento<>\"TransfereGOV\",\n              ROUND(OFFSET($P34,0,BE$13),15-13*ORÇAMENTO!$AF$7)/$H34*OFFSET(ORÇAMENTO!$X$15,ROW(BE34)-ROW(BE$15),0),\n              ROUND(ROUND(OFFSET($P34,0,BE$13),15-13*ORÇAMENTO!$AF$7)*OFFSET(ORÇAMENTO!$W$15,ROW(BE34)-ROW(BE$15),0),15-13*ORÇAMENTO!$AF$11)),\n         0)","v":0},{"$f":"IF(AND($D34=\"Serviço\",BF$12<>0,$H34>0,OR(AUTOEVENTO<>\"manual\",$M34<>$A$15)),\n        IF(Import.TipoArredondamento<>\"TransfereGOV\",\n              ROUND(OFFSET($P34,0,BF$13),15-13*ORÇAMENTO!$AF$7)/$H34*OFFSET(ORÇAMENTO!$X$15,ROW(BF34)-ROW(BF$15),0),\n              ROUND(ROUND(OFFSET($P34,0,BF$13),15-13*ORÇAMENTO!$AF$7)*OFFSET(ORÇAMENTO!$W$15,ROW(BF34)-ROW(BF$15),0),15-13*ORÇAMENTO!$AF$11)),\n         0)","v":0},{"$f":"IF(AND($D34=\"Serviço\",BG$12<>0,$H34>0,OR(AUTOEVENTO<>\"manual\",$M34<>$A$15)),\n        IF(Import.TipoArredondamento<>\"TransfereGOV\",\n              ROUND(OFFSET($P34,0,BG$13),15-13*ORÇAMENTO!$AF$7)/$H34*OFFSET(ORÇAMENTO!$X$15,ROW(BG34)-ROW(BG$15),0),\n              ROUND(ROUND(OFFSET($P34,0,BG$13),15-13*ORÇAMENTO!$AF$7)*OFFSET(ORÇAMENTO!$W$15,ROW(BG34)-ROW(BG$15),0),15-13*ORÇAMENTO!$AF$11)),\n         0)","v":0},{"$f":"IF(AND($D34=\"Serviço\",BH$12<>0,$H34>0,OR(AUTOEVENTO<>\"manual\",$M34<>$A$15)),\n        IF(Import.TipoArredondamento<>\"TransfereGOV\",\n              ROUND(OFFSET($P34,0,BH$13),15-13*ORÇAMENTO!$AF$7)/$H34*OFFSET(ORÇAMENTO!$X$15,ROW(BH34)-ROW(BH$15),0),\n              ROUND(ROUND(OFFSET($P34,0,BH$13),15-13*ORÇAMENTO!$AF$7)*OFFSET(ORÇAMENTO!$W$15,ROW(BH34)-ROW(BH$15),0),15-13*ORÇAMENTO!$AF$11)),\n         0)","v":0},{"$f":"IF(AND($D34=\"Serviço\",BI$12<>0,$H34>0,OR(AUTOEVENTO<>\"manual\",$M34<>$A$15)),\n        IF(Import.TipoArredondamento<>\"TransfereGOV\",\n              ROUND(OFFSET($P34,0,BI$13),15-13*ORÇAMENTO!$AF$7)/$H34*OFFSET(ORÇAMENTO!$X$15,ROW(BI34)-ROW(BI$15),0),\n              ROUND(ROUND(OFFSET($P34,0,BI$13),15-13*ORÇAMENTO!$AF$7)*OFFSET(ORÇAMENTO!$W$15,ROW(BI34)-ROW(BI$15),0),15-13*ORÇAMENTO!$AF$11)),\n         0)","v":0},{"$f":"IF(AND($D34=\"Serviço\",BJ$12<>0,$H34>0,OR(AUTOEVENTO<>\"manual\",$M34<>$A$15)),\n        IF(Import.TipoArredondamento<>\"TransfereGOV\",\n              ROUND(OFFSET($P34,0,BJ$13),15-13*ORÇAMENTO!$AF$7)/$H34*OFFSET(ORÇAMENTO!$X$15,ROW(BJ34)-ROW(BJ$15),0),\n              ROUND(ROUND(OFFSET($P34,0,BJ$13),15-13*ORÇAMENTO!$AF$7)*OFFSET(ORÇAMENTO!$W$15,ROW(BJ34)-ROW(BJ$15),0),15-13*ORÇAMENTO!$AF$11)),\n         0)","v":0},{"$f":"IF(AND($D34=\"Serviço\",BK$12<>0,$H34>0,OR(AUTOEVENTO<>\"manual\",$M34<>$A$15)),\n        IF(Import.TipoArredondamento<>\"TransfereGOV\",\n              ROUND(OFFSET($P34,0,BK$13),15-13*ORÇAMENTO!$AF$7)/$H34*OFFSET(ORÇAMENTO!$X$15,ROW(BK34)-ROW(BK$15),0),\n              ROUND(ROUND(OFFSET($P34,0,BK$13),15-13*ORÇAMENTO!$AF$7)*OFFSET(ORÇAMENTO!$W$15,ROW(BK34)-ROW(BK$15),0),15-13*ORÇAMENTO!$AF$11)),\n         0)","v":0},{"$f":"IF(AND($D34=\"Serviço\",BL$12<>0,$H34>0,OR(AUTOEVENTO<>\"manual\",$M34<>$A$15)),\n        IF(Import.TipoArredondamento<>\"TransfereGOV\",\n              ROUND(OFFSET($P34,0,BL$13),15-13*ORÇAMENTO!$AF$7)/$H34*OFFSET(ORÇAMENTO!$X$15,ROW(BL34)-ROW(BL$15),0),\n              ROUND(ROUND(OFFSET($P34,0,BL$13),15-13*ORÇAMENTO!$AF$7)*OFFSET(ORÇAMENTO!$W$15,ROW(BL34)-ROW(BL$15),0),15-13*ORÇAMENTO!$AF$11)),\n         0)","v":0},{"$f":"IF(AND($D34=\"Serviço\",BM$12<>0,$H34>0,OR(AUTOEVENTO<>\"manual\",$M34<>$A$15)),\n        IF(Import.TipoArredondamento<>\"TransfereGOV\",\n              ROUND(OFFSET($P34,0,BM$13),15-13*ORÇAMENTO!$AF$7)/$H34*OFFSET(ORÇAMENTO!$X$15,ROW(BM34)-ROW(BM$15),0),\n              ROUND(ROUND(OFFSET($P34,0,BM$13),15-13*ORÇAMENTO!$AF$7)*OFFSET(ORÇAMENTO!$W$15,ROW(BM34)-ROW(BM$15),0),15-13*ORÇAMENTO!$AF$11)),\n         0)","v":0},{"$f":"IF(AND($D34=\"Serviço\",BN$12<>0,$H34>0,OR(AUTOEVENTO<>\"manual\",$M34<>$A$15)),\n        IF(Import.TipoArredondamento<>\"TransfereGOV\",\n              ROUND(OFFSET($P34,0,BN$13),15-13*ORÇAMENTO!$AF$7)/$H34*OFFSET(ORÇAMENTO!$X$15,ROW(BN34)-ROW(BN$15),0),\n              ROUND(ROUND(OFFSET($P34,0,BN$13),15-13*ORÇAMENTO!$AF$7)*OFFSET(ORÇAMENTO!$W$15,ROW(BN34)-ROW(BN$15),0),15-13*ORÇAMENTO!$AF$11)),\n         0)","v":0},{"$f":"IF(AND($D34=\"Serviço\",BO$12<>0,$H34>0,OR(AUTOEVENTO<>\"manual\",$M34<>$A$15)),\n        IF(Import.TipoArredondamento<>\"TransfereGOV\",\n              ROUND(OFFSET($P34,0,BO$13),15-13*ORÇAMENTO!$AF$7)/$H34*OFFSET(ORÇAMENTO!$X$15,ROW(BO34)-ROW(BO$15),0),\n              ROUND(ROUND(OFFSET($P34,0,BO$13),15-13*ORÇAMENTO!$AF$7)*OFFSET(ORÇAMENTO!$W$15,ROW(BO34)-ROW(BO$15),0),15-13*ORÇAMENTO!$AF$11)),\n         0)","v":0},{"$f":"IF(AND($D34=\"Serviço\",BP$12<>0,$H34>0,OR(AUTOEVENTO<>\"manual\",$M34<>$A$15)),\n        IF(Import.TipoArredondamento<>\"TransfereGOV\",\n              ROUND(OFFSET($P34,0,BP$13),15-13*ORÇAMENTO!$AF$7)/$H34*OFFSET(ORÇAMENTO!$X$15,ROW(BP34)-ROW(BP$15),0),\n              ROUND(ROUND(OFFSET($P34,0,BP$13),15-13*ORÇAMENTO!$AF$7)*OFFSET(ORÇAMENTO!$W$15,ROW(BP34)-ROW(BP$15),0),15-13*ORÇAMENTO!$AF$11)),\n         0)","v":0},{"$f":"IF(AND($D34=\"Serviço\",BQ$12<>0,$H34>0,OR(AUTOEVENTO<>\"manual\",$M34<>$A$15)),\n        IF(Import.TipoArredondamento<>\"TransfereGOV\",\n              ROUND(OFFSET($P34,0,BQ$13),15-13*ORÇAMENTO!$AF$7)/$H34*OFFSET(ORÇAMENTO!$X$15,ROW(BQ34)-ROW(BQ$15),0),\n              ROUND(ROUND(OFFSET($P34,0,BQ$13),15-13*ORÇAMENTO!$AF$7)*OFFSET(ORÇAMENTO!$W$15,ROW(BQ34)-ROW(BQ$15),0),15-13*ORÇAMENTO!$AF$11)),\n         0)","v":0},null,{"$f":"IF(OR($D34<>\"Serviço\",AND(AUTOEVENTO=\"Manual\",$M34=$A$15)),0,\n         IF(OFFSET(CRONOPLE!$F$15,$M34-$A$15,BS$13)=0,10^12,OFFSET(CRONOPLE!$F$15,$M34-$A$15,BS$13)))","v":1},{"$f":"IF(OR($D34<>\"Serviço\",AND(AUTOEVENTO=\"Manual\",$M34=$A$15)),0,\n         IF(OFFSET(CRONOPLE!$F$15,$M34-$A$15,BT$13)=0,10^12,OFFSET(CRONOPLE!$F$15,$M34-$A$15,BT$13)))","v":1},{"$f":"IF(OR($D34<>\"Serviço\",AND(AUTOEVENTO=\"Manual\",$M34=$A$15)),0,\n         IF(OFFSET(CRONOPLE!$F$15,$M34-$A$15,BU$13)=0,10^12,OFFSET(CRONOPLE!$F$15,$M34-$A$15,BU$13)))","v":1},{"$f":"IF(OR($D34<>\"Serviço\",AND(AUTOEVENTO=\"Manual\",$M34=$A$15)),0,\n         IF(OFFSET(CRONOPLE!$F$15,$M34-$A$15,BV$13)=0,10^12,OFFSET(CRONOPLE!$F$15,$M34-$A$15,BV$13)))","v":1},{"$f":"IF(OR($D34<>\"Serviço\",AND(AUTOEVENTO=\"Manual\",$M34=$A$15)),0,\n         IF(OFFSET(CRONOPLE!$F$15,$M34-$A$15,BW$13)=0,10^12,OFFSET(CRONOPLE!$F$15,$M34-$A$15,BW$13)))","v":1},{"$f":"IF(OR($D34<>\"Serviço\",AND(AUTOEVENTO=\"Manual\",$M34=$A$15)),0,\n         IF(OFFSET(CRONOPLE!$F$15,$M34-$A$15,BX$13)=0,10^12,OFFSET(CRONOPLE!$F$15,$M34-$A$15,BX$13)))","v":1},{"$f":"IF(OR($D34<>\"Serviço\",AND(AUTOEVENTO=\"Manual\",$M34=$A$15)),0,\n         IF(OFFSET(CRONOPLE!$F$15,$M34-$A$15,BY$13)=0,10^12,OFFSET(CRONOPLE!$F$15,$M34-$A$15,BY$13)))","v":1},{"$f":"IF(OR($D34<>\"Serviço\",AND(AUTOEVENTO=\"Manual\",$M34=$A$15)),0,\n         IF(OFFSET(CRONOPLE!$F$15,$M34-$A$15,BZ$13)=0,10^12,OFFSET(CRONOPLE!$F$15,$M34-$A$15,BZ$13)))","v":7},{"$f":"IF(OR($D34<>\"Serviço\",AND(AUTOEVENTO=\"Manual\",$M34=$A$15)),0,\n         IF(OFFSET(CRONOPLE!$F$15,$M34-$A$15,CA$13)=0,10^12,OFFSET(CRONOPLE!$F$15,$M34-$A$15,CA$13)))","v":7},{"$f":"IF(OR($D34<>\"Serviço\",AND(AUTOEVENTO=\"Manual\",$M34=$A$15)),0,\n         IF(OFFSET(CRONOPLE!$F$15,$M34-$A$15,CB$13)=0,10^12,OFFSET(CRONOPLE!$F$15,$M34-$A$15,CB$13)))","v":7},{"$f":"IF(OR($D34<>\"Serviço\",AND(AUTOEVENTO=\"Manual\",$M34=$A$15)),0,\n         IF(OFFSET(CRONOPLE!$F$15,$M34-$A$15,CC$13)=0,10^12,OFFSET(CRONOPLE!$F$15,$M34-$A$15,CC$13)))","v":13},{"$f":"IF(OR($D34<>\"Serviço\",AND(AUTOEVENTO=\"Manual\",$M34=$A$15)),0,\n         IF(OFFSET(CRONOPLE!$F$15,$M34-$A$15,CD$13)=0,10^12,OFFSET(CRONOPLE!$F$15,$M34-$A$15,CD$13)))","v":13},{"$f":"IF(OR($D34<>\"Serviço\",AND(AUTOEVENTO=\"Manual\",$M34=$A$15)),0,\n         IF(OFFSET(CRONOPLE!$F$15,$M34-$A$15,CE$13)=0,10^12,OFFSET(CRONOPLE!$F$15,$M34-$A$15,CE$13)))","v":13},{"$f":"IF(OR($D34<>\"Serviço\",AND(AUTOEVENTO=\"Manual\",$M34=$A$15)),0,\n         IF(OFFSET(CRONOPLE!$F$15,$M34-$A$15,CF$13)=0,10^12,OFFSET(CRONOPLE!$F$15,$M34-$A$15,CF$13)))","v":13},{"$f":"IF(OR($D34<>\"Serviço\",AND(AUTOEVENTO=\"Manual\",$M34=$A$15)),0,\n         IF(OFFSET(CRONOPLE!$F$15,$M34-$A$15,CG$13)=0,10^12,OFFSET(CRONOPLE!$F$15,$M34-$A$15,CG$13)))","v":13},{"$f":"IF(OR($D34<>\"Serviço\",AND(AUTOEVENTO=\"Manual\",$M34=$A$15)),0,\n         IF(OFFSET(CRONOPLE!$F$15,$M34-$A$15,CH$13)=0,10^12,OFFSET(CRONOPLE!$F$15,$M34-$A$15,CH$13)))","v":19},{"$f":"IF(OR($D34<>\"Serviço\",AND(AUTOEVENTO=\"Manual\",$M34=$A$15)),0,\n         IF(OFFSET(CRONOPLE!$F$15,$M34-$A$15,CI$13)=0,10^12,OFFSET(CRONOPLE!$F$15,$M34-$A$15,CI$13)))","v":19},{"$f":"IF(OR($D34<>\"Serviço\",AND(AUTOEVENTO=\"Manual\",$M34=$A$15)),0,\n         IF(OFFSET(CRONOPLE!$F$15,$M34-$A$15,CJ$13)=0,10^12,OFFSET(CRONOPLE!$F$15,$M34-$A$15,CJ$13)))","v":19},{"$f":"IF(OR($D34<>\"Serviço\",AND(AUTOEVENTO=\"Manual\",$M34=$A$15)),0,\n         IF(OFFSET(CRONOPLE!$F$15,$M34-$A$15,CK$13)=0,10^12,OFFSET(CRONOPLE!$F$15,$M34-$A$15,CK$13)))","v":19},{"$f":"IF(OR($D34<>\"Serviço\",AND(AUTOEVENTO=\"Manual\",$M34=$A$15)),0,\n         IF(OFFSET(CRONOPLE!$F$15,$M34-$A$15,CL$13)=0,10^12,OFFSET(CRONOPLE!$F$15,$M34-$A$15,CL$13)))","v":19},{"$f":"IF(OR($D34<>\"Serviço\",AND(AUTOEVENTO=\"Manual\",$M34=$A$15)),0,\n         IF(OFFSET(CRONOPLE!$F$15,$M34-$A$15,CM$13)=0,10^12,OFFSET(CRONOPLE!$F$15,$M34-$A$15,CM$13)))","v":1000000000000},{"$f":"IF(OR($D34<>\"Serviço\",AND(AUTOEVENTO=\"Manual\",$M34=$A$15)),0,\n         IF(OFFSET(CRONOPLE!$F$15,$M34-$A$15,CN$13)=0,10^12,OFFSET(CRONOPLE!$F$15,$M34-$A$15,CN$13)))","v":1000000000000},{"$f":"IF(OR($D34<>\"Serviço\",AND(AUTOEVENTO=\"Manual\",$M34=$A$15)),0,\n         IF(OFFSET(CRONOPLE!$F$15,$M34-$A$15,CO$13)=0,10^12,OFFSET(CRONOPLE!$F$15,$M34-$A$15,CO$13)))","v":1000000000000},{"$f":"IF(OR($D34<>\"Serviço\",AND(AUTOEVENTO=\"Manual\",$M34=$A$15)),0,\n         IF(OFFSET(CRONOPLE!$F$15,$M34-$A$15,CP$13)=0,10^12,OFFSET(CRONOPLE!$F$15,$M34-$A$15,CP$13)))","v":1000000000000},{"$f":"IF(OR($D34<>\"Serviço\",AND(AUTOEVENTO=\"Manual\",$M34=$A$15)),0,\n         IF(OFFSET(CRONOPLE!$F$15,$M34-$A$15,CQ$13)=0,10^12,OFFSET(CRONOPLE!$F$15,$M34-$A$15,CQ$13)))","v":1000000000000},{"$f":"IF(OR($D34<>\"Serviço\",AND(AUTOEVENTO=\"Manual\",$M34=$A$15)),0,\n         IF(OFFSET(CRONOPLE!$F$15,$M34-$A$15,CR$13)=0,10^12,OFFSET(CRONOPLE!$F$15,$M34-$A$15,CR$13)))","v":1000000000000},null,{"$f":"IF(OR($D34<>\"Serviço\",AND(AUTOEVENTO=\"Manual\",$M34=$A$15),$M34>(ROW(PLE.lastrow)-ROW(PLE.firstrow))),0,\n           IF(OFFSET(PLE!$G$15,$M34-$A$15,CT$13)=\"\",10^12,OFFSET(PLE!$G$15,$M34-$A$15,CT$13)))","v":1000000000000},{"$f":"IF(OR($D34<>\"Serviço\",AND(AUTOEVENTO=\"Manual\",$M34=$A$15),$M34>(ROW(PLE.lastrow)-ROW(PLE.firstrow))),0,\n           IF(OFFSET(PLE!$G$15,$M34-$A$15,CU$13)=\"\",10^12,OFFSET(PLE!$G$15,$M34-$A$15,CU$13)))","v":1000000000000},{"$f":"IF(OR($D34<>\"Serviço\",AND(AUTOEVENTO=\"Manual\",$M34=$A$15),$M34>(ROW(PLE.lastrow)-ROW(PLE.firstrow))),0,\n           IF(OFFSET(PLE!$G$15,$M34-$A$15,CV$13)=\"\",10^12,OFFSET(PLE!$G$15,$M34-$A$15,CV$13)))","v":1000000000000},{"$f":"IF(OR($D34<>\"Serviço\",AND(AUTOEVENTO=\"Manual\",$M34=$A$15),$M34>(ROW(PLE.lastrow)-ROW(PLE.firstrow))),0,\n           IF(OFFSET(PLE!$G$15,$M34-$A$15,CW$13)=\"\",10^12,OFFSET(PLE!$G$15,$M34-$A$15,CW$13)))","v":1000000000000},{"$f":"IF(OR($D34<>\"Serviço\",AND(AUTOEVENTO=\"Manual\",$M34=$A$15),$M34>(ROW(PLE.lastrow)-ROW(PLE.firstrow))),0,\n           IF(OFFSET(PLE!$G$15,$M34-$A$15,CX$13)=\"\",10^12,OFFSET(PLE!$G$15,$M34-$A$15,CX$13)))","v":1000000000000},{"$f":"IF(OR($D34<>\"Serviço\",AND(AUTOEVENTO=\"Manual\",$M34=$A$15),$M34>(ROW(PLE.lastrow)-ROW(PLE.firstrow))),0,\n           IF(OFFSET(PLE!$G$15,$M34-$A$15,CY$13)=\"\",10^12,OFFSET(PLE!$G$15,$M34-$A$15,CY$13)))","v":1000000000000},{"$f":"IF(OR($D34<>\"Serviço\",AND(AUTOEVENTO=\"Manual\",$M34=$A$15),$M34>(ROW(PLE.lastrow)-ROW(PLE.firstrow))),0,\n           IF(OFFSET(PLE!$G$15,$M34-$A$15,CZ$13)=\"\",10^12,OFFSET(PLE!$G$15,$M34-$A$15,CZ$13)))","v":1000000000000},{"$f":"IF(OR($D34<>\"Serviço\",AND(AUTOEVENTO=\"Manual\",$M34=$A$15),$M34>(ROW(PLE.lastrow)-ROW(PLE.firstrow))),0,\n           IF(OFFSET(PLE!$G$15,$M34-$A$15,DA$13)=\"\",10^12,OFFSET(PLE!$G$15,$M34-$A$15,DA$13)))","v":1000000000000},{"$f":"IF(OR($D34<>\"Serviço\",AND(AUTOEVENTO=\"Manual\",$M34=$A$15),$M34>(ROW(PLE.lastrow)-ROW(PLE.firstrow))),0,\n           IF(OFFSET(PLE!$G$15,$M34-$A$15,DB$13)=\"\",10^12,OFFSET(PLE!$G$15,$M34-$A$15,DB$13)))","v":1000000000000},{"$f":"IF(OR($D34<>\"Serviço\",AND(AUTOEVENTO=\"Manual\",$M34=$A$15),$M34>(ROW(PLE.lastrow)-ROW(PLE.firstrow))),0,\n           IF(OFFSET(PLE!$G$15,$M34-$A$15,DC$13)=\"\",10^12,OFFSET(PLE!$G$15,$M34-$A$15,DC$13)))","v":1000000000000},{"$f":"IF(OR($D34<>\"Serviço\",AND(AUTOEVENTO=\"Manual\",$M34=$A$15),$M34>(ROW(PLE.lastrow)-ROW(PLE.firstrow))),0,\n           IF(OFFSET(PLE!$G$15,$M34-$A$15,DD$13)=\"\",10^12,OFFSET(PLE!$G$15,$M34-$A$15,DD$13)))","v":1000000000000},{"$f":"IF(OR($D34<>\"Serviço\",AND(AUTOEVENTO=\"Manual\",$M34=$A$15),$M34>(ROW(PLE.lastrow)-ROW(PLE.firstrow))),0,\n           IF(OFFSET(PLE!$G$15,$M34-$A$15,DE$13)=\"\",10^12,OFFSET(PLE!$G$15,$M34-$A$15,DE$13)))","v":1000000000000},{"$f":"IF(OR($D34<>\"Serviço\",AND(AUTOEVENTO=\"Manual\",$M34=$A$15),$M34>(ROW(PLE.lastrow)-ROW(PLE.firstrow))),0,\n           IF(OFFSET(PLE!$G$15,$M34-$A$15,DF$13)=\"\",10^12,OFFSET(PLE!$G$15,$M34-$A$15,DF$13)))","v":1000000000000},{"$f":"IF(OR($D34<>\"Serviço\",AND(AUTOEVENTO=\"Manual\",$M34=$A$15),$M34>(ROW(PLE.lastrow)-ROW(PLE.firstrow))),0,\n           IF(OFFSET(PLE!$G$15,$M34-$A$15,DG$13)=\"\",10^12,OFFSET(PLE!$G$15,$M34-$A$15,DG$13)))","v":1000000000000},{"$f":"IF(OR($D34<>\"Serviço\",AND(AUTOEVENTO=\"Manual\",$M34=$A$15),$M34>(ROW(PLE.lastrow)-ROW(PLE.firstrow))),0,\n           IF(OFFSET(PLE!$G$15,$M34-$A$15,DH$13)=\"\",10^12,OFFSET(PLE!$G$15,$M34-$A$15,DH$13)))","v":1000000000000},{"$f":"IF(OR($D34<>\"Serviço\",AND(AUTOEVENTO=\"Manual\",$M34=$A$15),$M34>(ROW(PLE.lastrow)-ROW(PLE.firstrow))),0,\n           IF(OFFSET(PLE!$G$15,$M34-$A$15,DI$13)=\"\",10^12,OFFSET(PLE!$G$15,$M34-$A$15,DI$13)))","v":1000000000000},{"$f":"IF(OR($D34<>\"Serviço\",AND(AUTOEVENTO=\"Manual\",$M34=$A$15),$M34>(ROW(PLE.lastrow)-ROW(PLE.firstrow))),0,\n           IF(OFFSET(PLE!$G$15,$M34-$A$15,DJ$13)=\"\",10^12,OFFSET(PLE!$G$15,$M34-$A$15,DJ$13)))","v":1000000000000},{"$f":"IF(OR($D34<>\"Serviço\",AND(AUTOEVENTO=\"Manual\",$M34=$A$15),$M34>(ROW(PLE.lastrow)-ROW(PLE.firstrow))),0,\n           IF(OFFSET(PLE!$G$15,$M34-$A$15,DK$13)=\"\",10^12,OFFSET(PLE!$G$15,$M34-$A$15,DK$13)))","v":1000000000000},{"$f":"IF(OR($D34<>\"Serviço\",AND(AUTOEVENTO=\"Manual\",$M34=$A$15),$M34>(ROW(PLE.lastrow)-ROW(PLE.firstrow))),0,\n           IF(OFFSET(PLE!$G$15,$M34-$A$15,DL$13)=\"\",10^12,OFFSET(PLE!$G$15,$M34-$A$15,DL$13)))","v":1000000000000},{"$f":"IF(OR($D34<>\"Serviço\",AND(AUTOEVENTO=\"Manual\",$M34=$A$15),$M34>(ROW(PLE.lastrow)-ROW(PLE.firstrow))),0,\n           IF(OFFSET(PLE!$G$15,$M34-$A$15,DM$13)=\"\",10^12,OFFSET(PLE!$G$15,$M34-$A$15,DM$13)))","v":1000000000000},{"$f":"IF(OR($D34<>\"Serviço\",AND(AUTOEVENTO=\"Manual\",$M34=$A$15),$M34>(ROW(PLE.lastrow)-ROW(PLE.firstrow))),0,\n           IF(OFFSET(PLE!$G$15,$M34-$A$15,DN$13)=\"\",10^12,OFFSET(PLE!$G$15,$M34-$A$15,DN$13)))","v":1000000000000},{"$f":"IF(OR($D34<>\"Serviço\",AND(AUTOEVENTO=\"Manual\",$M34=$A$15),$M34>(ROW(PLE.lastrow)-ROW(PLE.firstrow))),0,\n           IF(OFFSET(PLE!$G$15,$M34-$A$15,DO$13)=\"\",10^12,OFFSET(PLE!$G$15,$M34-$A$15,DO$13)))","v":1000000000000},{"$f":"IF(OR($D34<>\"Serviço\",AND(AUTOEVENTO=\"Manual\",$M34=$A$15),$M34>(ROW(PLE.lastrow)-ROW(PLE.firstrow))),0,\n           IF(OFFSET(PLE!$G$15,$M34-$A$15,DP$13)=\"\",10^12,OFFSET(PLE!$G$15,$M34-$A$15,DP$13)))","v":1000000000000},{"$f":"IF(OR($D34<>\"Serviço\",AND(AUTOEVENTO=\"Manual\",$M34=$A$15),$M34>(ROW(PLE.lastrow)-ROW(PLE.firstrow))),0,\n           IF(OFFSET(PLE!$G$15,$M34-$A$15,DQ$13)=\"\",10^12,OFFSET(PLE!$G$15,$M34-$A$15,DQ$13)))","v":1000000000000},{"$f":"IF(OR($D34<>\"Serviço\",AND(AUTOEVENTO=\"Manual\",$M34=$A$15),$M34>(ROW(PLE.lastrow)-ROW(PLE.firstrow))),0,\n           IF(OFFSET(PLE!$G$15,$M34-$A$15,DR$13)=\"\",10^12,OFFSET(PLE!$G$15,$M34-$A$15,DR$13)))","v":1000000000000},{"$f":"IF(OR($D34<>\"Serviço\",AND(AUTOEVENTO=\"Manual\",$M34=$A$15),$M34>(ROW(PLE.lastrow)-ROW(PLE.firstrow))),0,\n           IF(OFFSET(PLE!$G$15,$M34-$A$15,DS$13)=\"\",10^12,OFFSET(PLE!$G$15,$M34-$A$15,DS$13)))","v":1000000000000}]
["18",{"$f":"OFFSET(ORÇAMENTO!C$15,$L35,0)","v":"S"},{"$f":"OFFSET(ORÇAMENTO!L$15,$L35,0)","v":"F"},{"$f":"OFFSET(ORÇAMENTO!N$15,$L35,0)","v":"Serviço"},{"$f":"OFFSET(ORÇAMENTO!O$15,$L35,0)","v":"1.3.1.2.2."},{"$f":"OFFSET(ORÇAMENTO!R$15,$L35,0)","v":"LASTRO DE CONCRETO MAGRO, APLICADO EM BLOCOS DE COROAMENTO OU SAPATAS, ESPESSURA DE 5 CM. AF_01/2024"},{"$f":"IF($D35<>\"Serviço\",\"\",OFFSET(ORÇAMENTO!S$15,$L35,0))","v":"M2"},{"$f":"IF($D35<>\"Serviço\",0,IF(ACOMPANHAMENTO=\"BM\",ROUND(OFFSET(ORÇAMENTO!AJ$15,$L35,0),15-13*ORÇAMENTO!$AF$7),IF(IFERROR(CÁLCULO.FrentesPreenchidas,0)=0,0,SUM(ROUND(OFFSET($P35,0,1,1,CÁLCULO.FrentesPreenchidas),15-13*ORÇAMENTO!$AF$7)))))","v":34.15},"Conforme modelo disponibilizado pela CAIXA",{"$f":"IF(OR(B35<>\"S\",CÁLCULO.FrentesPreenchidas=0),\"\",IF(AND(ACOMPANHAMENTO=\"PLE\",AUTOEVENTO=\"Manual\",OR(H35>0,ORÇAMENTO!AC35=\"QUANT.\"),OR(K35=\"\",M35=0,N35=\"\")),\"►E\",IF(AND(ACOMPANHAMENTO=\"PLE\",ORÇAMENTO!AC35=\"QUANT.\"),\"►Q\",IF(AND(ACOMPANHAMENTO=\"PLE\",H35<>SUMPRODUCT(($Q$1:$AQ$1=1)*ROUND(Q35:AQ35,15))),\"►S\",IF(AND(COUNTIF($P$11:$AQ$11,\"▼\")=0,H35>0,I35=\"\"),\"◄M\",\"\")))))","v":""},"4. BALDRAMES",20,{"$f":"IF($D35<>\"Serviço\",\"\",\n          IF(AUTOEVENTO=\"manual\",$A35,\n                IF(ISERROR(MATCH($A35,$A$15:OFFSET($A35,-1,0),0)),MAX($M$15:OFFSET(M35,-1,0))+1,\n                      INDEX($M$15:OFFSET(M35,-1,0),MATCH($A35,$A$15:OFFSET($A35,-1,0),0)))))","v":4},{"$f":"IF($D35<>\"Serviço\",\"\",\n         IF(AUTOEVENTO=\"Manual\",\n                IF($A35=0,\"<-- defina o número do agrupador\",\n                       OFFSET(EVENTOS!$D$15,$A35-$A$15,0)),\n                OFFSET($F$15,$A35,0)))","v":"BALDRAMES"},null,null,6.83,6.83,6.83,6.83,6.83,null,null,null,null,null,null,null,null,null,null,null,null,null,null,null,null,null,null,null,null,null,null,{"$f":"IF(AND($D35=\"Serviço\",AR$12<>0,$H35>0,OR(AUTOEVENTO<>\"manual\",$M35<>$A$15)),\n        IF(Import.TipoArredondamento<>\"TransfereGOV\",\n              ROUND(OFFSET($P35,0,AR$13),15-13*ORÇAMENTO!$AF$7)/$H35*OFFSET(ORÇAMENTO!$X$15,ROW(AR35)-ROW(AR$15),0),\n              ROUND(ROUND(OFFSET($P35,0,AR$13),15-13*ORÇAMENTO!$AF$7)*OFFSET(ORÇAMENTO!$W$15,ROW(AR35)-ROW(AR$15),0),15-13*ORÇAMENTO!$AF$11)),\n         0)","v":308.58},{"$f":"IF(AND($D35=\"Serviço\",AS$12<>0,$H35>0,OR(AUTOEVENTO<>\"manual\",$M35<>$A$15)),\n        IF(Import.TipoArredondamento<>\"TransfereGOV\",\n              ROUND(OFFSET($P35,0,AS$13),15-13*ORÇAMENTO!$AF$7)/$H35*OFFSET(ORÇAMENTO!$X$15,ROW(AS35)-ROW(AS$15),0),\n              ROUND(ROUND(OFFSET($P35,0,AS$13),15-13*ORÇAMENTO!$AF$7)*OFFSET(ORÇAMENTO!$W$15,ROW(AS35)-ROW(AS$15),0),15-13*ORÇAMENTO!$AF$11)),\n         0)","v":308.58},{"$f":"IF(AND($D35=\"Serviço\",AT$12<>0,$H35>0,OR(AUTOEVENTO<>\"manual\",$M35<>$A$15)),\n        IF(Import.TipoArredondamento<>\"TransfereGOV\",\n              ROUND(OFFSET($P35,0,AT$13),15-13*ORÇAMENTO!$AF$7)/$H35*OFFSET(ORÇAMENTO!$X$15,ROW(AT35)-ROW(AT$15),0),\n              ROUND(ROUND(OFFSET($P35,0,AT$13),15-13*ORÇAMENTO!$AF$7)*OFFSET(ORÇAMENTO!$W$15,ROW(AT35)-ROW(AT$15),0),15-13*ORÇAMENTO!$AF$11)),\n         0)","v":308.58},{"$f":"IF(AND($D35=\"Serviço\",AU$12<>0,$H35>0,OR(AUTOEVENTO<>\"manual\",$M35<>$A$15)),\n        IF(Import.TipoArredondamento<>\"TransfereGOV\",\n              ROUND(OFFSET($P35,0,AU$13),15-13*ORÇAMENTO!$AF$7)/$H35*OFFSET(ORÇAMENTO!$X$15,ROW(AU35)-ROW(AU$15),0),\n              ROUND(ROUND(OFFSET($P35,0,AU$13),15-13*ORÇAMENTO!$AF$7)*OFFSET(ORÇAMENTO!$W$15,ROW(AU35)-ROW(AU$15),0),15-13*ORÇAMENTO!$AF$11)),\n         0)","v":308.58},{"$f":"IF(AND($D35=\"Serviço\",AV$12<>0,$H35>0,OR(AUTOEVENTO<>\"manual\",$M35<>$A$15)),\n        IF(Import.TipoArredondamento<>\"TransfereGOV\",\n              ROUND(OFFSET($P35,0,AV$13),15-13*ORÇAMENTO!$AF$7)/$H35*OFFSET(ORÇAMENTO!$X$15,ROW(AV35)-ROW(AV$15),0),\n              ROUND(ROUND(OFFSET($P35,0,AV$13),15-13*ORÇAMENTO!$AF$7)*OFFSET(ORÇAMENTO!$W$15,ROW(AV35)-ROW(AV$15),0),15-13*ORÇAMENTO!$AF$11)),\n         0)","v":308.58},{"$f":"IF(AND($D35=\"Serviço\",AW$12<>0,$H35>0,OR(AUTOEVENTO<>\"manual\",$M35<>$A$15)),\n        IF(Import.TipoArredondamento<>\"TransfereGOV\",\n              ROUND(OFFSET($P35,0,AW$13),15-13*ORÇAMENTO!$AF$7)/$H35*OFFSET(ORÇAMENTO!$X$15,ROW(AW35)-ROW(AW$15),0),\n              ROUND(ROUND(OFFSET($P35,0,AW$13),15-13*ORÇAMENTO!$AF$7)*OFFSET(ORÇAMENTO!$W$15,ROW(AW35)-ROW(AW$15),0),15-13*ORÇAMENTO!$AF$11)),\n         0)","v":0},{"$f":"IF(AND($D35=\"Serviço\",AX$12<>0,$H35>0,OR(AUTOEVENTO<>\"manual\",$M35<>$A$15)),\n        IF(Import.TipoArredondamento<>\"TransfereGOV\",\n              ROUND(OFFSET($P35,0,AX$13),15-13*ORÇAMENTO!$AF$7)/$H35*OFFSET(ORÇAMENTO!$X$15,ROW(AX35)-ROW(AX$15),0),\n              ROUND(ROUND(OFFSET($P35,0,AX$13),15-13*ORÇAMENTO!$AF$7)*OFFSET(ORÇAMENTO!$W$15,ROW(AX35)-ROW(AX$15),0),15-13*ORÇAMENTO!$AF$11)),\n         0)","v":0},{"$f":"IF(AND($D35=\"Serviço\",AY$12<>0,$H35>0,OR(AUTOEVENTO<>\"manual\",$M35<>$A$15)),\n        IF(Import.TipoArredondamento<>\"TransfereGOV\",\n              ROUND(OFFSET($P35,0,AY$13),15-13*ORÇAMENTO!$AF$7)/$H35*OFFSET(ORÇAMENTO!$X$15,ROW(AY35)-ROW(AY$15),0),\n              ROUND(ROUND(OFFSET($P35,0,AY$13),15-13*ORÇAMENTO!$AF$7)*OFFSET(ORÇAMENTO!$W$15,ROW(AY35)-ROW(AY$15),0),15-13*ORÇAMENTO!$AF$11)),\n         0)","v":0},{"$f":"IF(AND($D35=\"Serviço\",AZ$12<>0,$H35>0,OR(AUTOEVENTO<>\"manual\",$M35<>$A$15)),\n        IF(Import.TipoArredondamento<>\"TransfereGOV\",\n              ROUND(OFFSET($P35,0,AZ$13),15-13*ORÇAMENTO!$AF$7)/$H35*OFFSET(ORÇAMENTO!$X$15,ROW(AZ35)-ROW(AZ$15),0),\n              ROUND(ROUND(OFFSET($P35,0,AZ$13),15-13*ORÇAMENTO!$AF$7)*OFFSET(ORÇAMENTO!$W$15,ROW(AZ35)-ROW(AZ$15),0),15-13*ORÇAMENTO!$AF$11)),\n         0)","v":0},{"$f":"IF(AND($D35=\"Serviço\",BA$12<>0,$H35>0,OR(AUTOEVENTO<>\"manual\",$M35<>$A$15)),\n        IF(Import.TipoArredondamento<>\"TransfereGOV\",\n              ROUND(OFFSET($P35,0,BA$13),15-13*ORÇAMENTO!$AF$7)/$H35*OFFSET(ORÇAMENTO!$X$15,ROW(BA35)-ROW(BA$15),0),\n              ROUND(ROUND(OFFSET($P35,0,BA$13),15-13*ORÇAMENTO!$AF$7)*OFFSET(ORÇAMENTO!$W$15,ROW(BA35)-ROW(BA$15),0),15-13*ORÇAMENTO!$AF$11)),\n         0)","v":0},{"$f":"IF(AND($D35=\"Serviço\",BB$12<>0,$H35>0,OR(AUTOEVENTO<>\"manual\",$M35<>$A$15)),\n        IF(Import.TipoArredondamento<>\"TransfereGOV\",\n              ROUND(OFFSET($P35,0,BB$13),15-13*ORÇAMENTO!$AF$7)/$H35*OFFSET(ORÇAMENTO!$X$15,ROW(BB35)-ROW(BB$15),0),\n              ROUND(ROUND(OFFSET($P35,0,BB$13),15-13*ORÇAMENTO!$AF$7)*OFFSET(ORÇAMENTO!$W$15,ROW(BB35)-ROW(BB$15),0),15-13*ORÇAMENTO!$AF$11)),\n         0)","v":0},{"$f":"IF(AND($D35=\"Serviço\",BC$12<>0,$H35>0,OR(AUTOEVENTO<>\"manual\",$M35<>$A$15)),\n        IF(Import.TipoArredondamento<>\"TransfereGOV\",\n              ROUND(OFFSET($P35,0,BC$13),15-13*ORÇAMENTO!$AF$7)/$H35*OFFSET(ORÇAMENTO!$X$15,ROW(BC35)-ROW(BC$15),0),\n              ROUND(ROUND(OFFSET($P35,0,BC$13),15-13*ORÇAMENTO!$AF$7)*OFFSET(ORÇAMENTO!$W$15,ROW(BC35)-ROW(BC$15),0),15-13*ORÇAMENTO!$AF$11)),\n         0)","v":0},{"$f":"IF(AND($D35=\"Serviço\",BD$12<>0,$H35>0,OR(AUTOEVENTO<>\"manual\",$M35<>$A$15)),\n        IF(Import.TipoArredondamento<>\"TransfereGOV\",\n              ROUND(OFFSET($P35,0,BD$13),15-13*ORÇAMENTO!$AF$7)/$H35*OFFSET(ORÇAMENTO!$X$15,ROW(BD35)-ROW(BD$15),0),\n              ROUND(ROUND(OFFSET($P35,0,BD$13),15-13*ORÇAMENTO!$AF$7)*OFFSET(ORÇAMENTO!$W$15,ROW(BD35)-ROW(BD$15),0),15-13*ORÇAMENTO!$AF$11)),\n         0)","v":0},{"$f":"IF(AND($D35=\"Serviço\",BE$12<>0,$H35>0,OR(AUTOEVENTO<>\"manual\",$M35<>$A$15)),\n        IF(Import.TipoArredondamento<>\"TransfereGOV\",\n              ROUND(OFFSET($P35,0,BE$13),15-13*ORÇAMENTO!$AF$7)/$H35*OFFSET(ORÇAMENTO!$X$15,ROW(BE35)-ROW(BE$15),0),\n              ROUND(ROUND(OFFSET($P35,0,BE$13),15-13*ORÇAMENTO!$AF$7)*OFFSET(ORÇAMENTO!$W$15,ROW(BE35)-ROW(BE$15),0),15-13*ORÇAMENTO!$AF$11)),\n         0)","v":0},{"$f":"IF(AND($D35=\"Serviço\",BF$12<>0,$H35>0,OR(AUTOEVENTO<>\"manual\",$M35<>$A$15)),\n        IF(Import.TipoArredondamento<>\"TransfereGOV\",\n              ROUND(OFFSET($P35,0,BF$13),15-13*ORÇAMENTO!$AF$7)/$H35*OFFSET(ORÇAMENTO!$X$15,ROW(BF35)-ROW(BF$15),0),\n              ROUND(ROUND(OFFSET($P35,0,BF$13),15-13*ORÇAMENTO!$AF$7)*OFFSET(ORÇAMENTO!$W$15,ROW(BF35)-ROW(BF$15),0),15-13*ORÇAMENTO!$AF$11)),\n         0)","v":0},{"$f":"IF(AND($D35=\"Serviço\",BG$12<>0,$H35>0,OR(AUTOEVENTO<>\"manual\",$M35<>$A$15)),\n        IF(Import.TipoArredondamento<>\"TransfereGOV\",\n              ROUND(OFFSET($P35,0,BG$13),15-13*ORÇAMENTO!$AF$7)/$H35*OFFSET(ORÇAMENTO!$X$15,ROW(BG35)-ROW(BG$15),0),\n              ROUND(ROUND(OFFSET($P35,0,BG$13),15-13*ORÇAMENTO!$AF$7)*OFFSET(ORÇAMENTO!$W$15,ROW(BG35)-ROW(BG$15),0),15-13*ORÇAMENTO!$AF$11)),\n         0)","v":0},{"$f":"IF(AND($D35=\"Serviço\",BH$12<>0,$H35>0,OR(AUTOEVENTO<>\"manual\",$M35<>$A$15)),\n        IF(Import.TipoArredondamento<>\"TransfereGOV\",\n              ROUND(OFFSET($P35,0,BH$13),15-13*ORÇAMENTO!$AF$7)/$H35*OFFSET(ORÇAMENTO!$X$15,ROW(BH35)-ROW(BH$15),0),\n              ROUND(ROUND(OFFSET($P35,0,BH$13),15-13*ORÇAMENTO!$AF$7)*OFFSET(ORÇAMENTO!$W$15,ROW(BH35)-ROW(BH$15),0),15-13*ORÇAMENTO!$AF$11)),\n         0)","v":0},{"$f":"IF(AND($D35=\"Serviço\",BI$12<>0,$H35>0,OR(AUTOEVENTO<>\"manual\",$M35<>$A$15)),\n        IF(Import.TipoArredondamento<>\"TransfereGOV\",\n              ROUND(OFFSET($P35,0,BI$13),15-13*ORÇAMENTO!$AF$7)/$H35*OFFSET(ORÇAMENTO!$X$15,ROW(BI35)-ROW(BI$15),0),\n              ROUND(ROUND(OFFSET($P35,0,BI$13),15-13*ORÇAMENTO!$AF$7)*OFFSET(ORÇAMENTO!$W$15,ROW(BI35)-ROW(BI$15),0),15-13*ORÇAMENTO!$AF$11)),\n         0)","v":0},{"$f":"IF(AND($D35=\"Serviço\",BJ$12<>0,$H35>0,OR(AUTOEVENTO<>\"manual\",$M35<>$A$15)),\n        IF(Import.TipoArredondamento<>\"TransfereGOV\",\n              ROUND(OFFSET($P35,0,BJ$13),15-13*ORÇAMENTO!$AF$7)/$H35*OFFSET(ORÇAMENTO!$X$15,ROW(BJ35)-ROW(BJ$15),0),\n              ROUND(ROUND(OFFSET($P35,0,BJ$13),15-13*ORÇAMENTO!$AF$7)*OFFSET(ORÇAMENTO!$W$15,ROW(BJ35)-ROW(BJ$15),0),15-13*ORÇAMENTO!$AF$11)),\n         0)","v":0},{"$f":"IF(AND($D35=\"Serviço\",BK$12<>0,$H35>0,OR(AUTOEVENTO<>\"manual\",$M35<>$A$15)),\n        IF(Import.TipoArredondamento<>\"TransfereGOV\",\n              ROUND(OFFSET($P35,0,BK$13),15-13*ORÇAMENTO!$AF$7)/$H35*OFFSET(ORÇAMENTO!$X$15,ROW(BK35)-ROW(BK$15),0),\n              ROUND(ROUND(OFFSET($P35,0,BK$13),15-13*ORÇAMENTO!$AF$7)*OFFSET(ORÇAMENTO!$W$15,ROW(BK35)-ROW(BK$15),0),15-13*ORÇAMENTO!$AF$11)),\n         0)","v":0},{"$f":"IF(AND($D35=\"Serviço\",BL$12<>0,$H35>0,OR(AUTOEVENTO<>\"manual\",$M35<>$A$15)),\n        IF(Import.TipoArredondamento<>\"TransfereGOV\",\n              ROUND(OFFSET($P35,0,BL$13),15-13*ORÇAMENTO!$AF$7)/$H35*OFFSET(ORÇAMENTO!$X$15,ROW(BL35)-ROW(BL$15),0),\n              ROUND(ROUND(OFFSET($P35,0,BL$13),15-13*ORÇAMENTO!$AF$7)*OFFSET(ORÇAMENTO!$W$15,ROW(BL35)-ROW(BL$15),0),15-13*ORÇAMENTO!$AF$11)),\n         0)","v":0},{"$f":"IF(AND($D35=\"Serviço\",BM$12<>0,$H35>0,OR(AUTOEVENTO<>\"manual\",$M35<>$A$15)),\n        IF(Import.TipoArredondamento<>\"TransfereGOV\",\n              ROUND(OFFSET($P35,0,BM$13),15-13*ORÇAMENTO!$AF$7)/$H35*OFFSET(ORÇAMENTO!$X$15,ROW(BM35)-ROW(BM$15),0),\n              ROUND(ROUND(OFFSET($P35,0,BM$13),15-13*ORÇAMENTO!$AF$7)*OFFSET(ORÇAMENTO!$W$15,ROW(BM35)-ROW(BM$15),0),15-13*ORÇAMENTO!$AF$11)),\n         0)","v":0},{"$f":"IF(AND($D35=\"Serviço\",BN$12<>0,$H35>0,OR(AUTOEVENTO<>\"manual\",$M35<>$A$15)),\n        IF(Import.TipoArredondamento<>\"TransfereGOV\",\n              ROUND(OFFSET($P35,0,BN$13),15-13*ORÇAMENTO!$AF$7)/$H35*OFFSET(ORÇAMENTO!$X$15,ROW(BN35)-ROW(BN$15),0),\n              ROUND(ROUND(OFFSET($P35,0,BN$13),15-13*ORÇAMENTO!$AF$7)*OFFSET(ORÇAMENTO!$W$15,ROW(BN35)-ROW(BN$15),0),15-13*ORÇAMENTO!$AF$11)),\n         0)","v":0},{"$f":"IF(AND($D35=\"Serviço\",BO$12<>0,$H35>0,OR(AUTOEVENTO<>\"manual\",$M35<>$A$15)),\n        IF(Import.TipoArredondamento<>\"TransfereGOV\",\n              ROUND(OFFSET($P35,0,BO$13),15-13*ORÇAMENTO!$AF$7)/$H35*OFFSET(ORÇAMENTO!$X$15,ROW(BO35)-ROW(BO$15),0),\n              ROUND(ROUND(OFFSET($P35,0,BO$13),15-13*ORÇAMENTO!$AF$7)*OFFSET(ORÇAMENTO!$W$15,ROW(BO35)-ROW(BO$15),0),15-13*ORÇAMENTO!$AF$11)),\n         0)","v":0},{"$f":"IF(AND($D35=\"Serviço\",BP$12<>0,$H35>0,OR(AUTOEVENTO<>\"manual\",$M35<>$A$15)),\n        IF(Import.TipoArredondamento<>\"TransfereGOV\",\n              ROUND(OFFSET($P35,0,BP$13),15-13*ORÇAMENTO!$AF$7)/$H35*OFFSET(ORÇAMENTO!$X$15,ROW(BP35)-ROW(BP$15),0),\n              ROUND(ROUND(OFFSET($P35,0,BP$13),15-13*ORÇAMENTO!$AF$7)*OFFSET(ORÇAMENTO!$W$15,ROW(BP35)-ROW(BP$15),0),15-13*ORÇAMENTO!$AF$11)),\n         0)","v":0},{"$f":"IF(AND($D35=\"Serviço\",BQ$12<>0,$H35>0,OR(AUTOEVENTO<>\"manual\",$M35<>$A$15)),\n        IF(Import.TipoArredondamento<>\"TransfereGOV\",\n              ROUND(OFFSET($P35,0,BQ$13),15-13*ORÇAMENTO!$AF$7)/$H35*OFFSET(ORÇAMENTO!$X$15,ROW(BQ35)-ROW(BQ$15),0),\n              ROUND(ROUND(OFFSET($P35,0,BQ$13),15-13*ORÇAMENTO!$AF$7)*OFFSET(ORÇAMENTO!$W$15,ROW(BQ35)-ROW(BQ$15),0),15-13*ORÇAMENTO!$AF$11)),\n         0)","v":0},null,{"$f":"IF(OR($D35<>\"Serviço\",AND(AUTOEVENTO=\"Manual\",$M35=$A$15)),0,\n         IF(OFFSET(CRONOPLE!$F$15,$M35-$A$15,BS$13)=0,10^12,OFFSET(CRONOPLE!$F$15,$M35-$A$15,BS$13)))","v":1},{"$f":"IF(OR($D35<>\"Serviço\",AND(AUTOEVENTO=\"Manual\",$M35=$A$15)),0,\n         IF(OFFSET(CRONOPLE!$F$15,$M35-$A$15,BT$13)=0,10^12,OFFSET(CRONOPLE!$F$15,$M35-$A$15,BT$13)))","v":1},{"$f":"IF(OR($D35<>\"Serviço\",AND(AUTOEVENTO=\"Manual\",$M35=$A$15)),0,\n         IF(OFFSET(CRONOPLE!$F$15,$M35-$A$15,BU$13)=0,10^12,OFFSET(CRONOPLE!$F$15,$M35-$A$15,BU$13)))","v":1},{"$f":"IF(OR($D35<>\"Serviço\",AND(AUTOEVENTO=\"Manual\",$M35=$A$15)),0,\n         IF(OFFSET(CRONOPLE!$F$15,$M35-$A$15,BV$13)=0,10^12,OFFSET(CRONOPLE!$F$15,$M35-$A$15,BV$13)))","v":1},{"$f":"IF(OR($D35<>\"Serviço\",AND(AUTOEVENTO=\"Manual\",$M35=$A$15)),0,\n         IF(OFFSET(CRONOPLE!$F$15,$M35-$A$15,BW$13)=0,10^12,OFFSET(CRONOPLE!$F$15,$M35-$A$15,BW$13)))","v":1},{"$f":"IF(OR($D35<>\"Serviço\",AND(AUTOEVENTO=\"Manual\",$M35=$A$15)),0,\n         IF(OFFSET(CRONOPLE!$F$15,$M35-$A$15,BX$13)=0,10^12,OFFSET(CRONOPLE!$F$15,$M35-$A$15,BX$13)))","v":1},{"$f":"IF(OR($D35<>\"Serviço\",AND(AUTOEVENTO=\"Manual\",$M35=$A$15)),0,\n         IF(OFFSET(CRONOPLE!$F$15,$M35-$A$15,BY$13)=0,10^12,OFFSET(CRONOPLE!$F$15,$M35-$A$15,BY$13)))","v":1},{"$f":"IF(OR($D35<>\"Serviço\",AND(AUTOEVENTO=\"Manual\",$M35=$A$15)),0,\n         IF(OFFSET(CRONOPLE!$F$15,$M35-$A$15,BZ$13)=0,10^12,OFFSET(CRONOPLE!$F$15,$M35-$A$15,BZ$13)))","v":7},{"$f":"IF(OR($D35<>\"Serviço\",AND(AUTOEVENTO=\"Manual\",$M35=$A$15)),0,\n         IF(OFFSET(CRONOPLE!$F$15,$M35-$A$15,CA$13)=0,10^12,OFFSET(CRONOPLE!$F$15,$M35-$A$15,CA$13)))","v":7},{"$f":"IF(OR($D35<>\"Serviço\",AND(AUTOEVENTO=\"Manual\",$M35=$A$15)),0,\n         IF(OFFSET(CRONOPLE!$F$15,$M35-$A$15,CB$13)=0,10^12,OFFSET(CRONOPLE!$F$15,$M35-$A$15,CB$13)))","v":7},{"$f":"IF(OR($D35<>\"Serviço\",AND(AUTOEVENTO=\"Manual\",$M35=$A$15)),0,\n         IF(OFFSET(CRONOPLE!$F$15,$M35-$A$15,CC$13)=0,10^12,OFFSET(CRONOPLE!$F$15,$M35-$A$15,CC$13)))","v":13},{"$f":"IF(OR($D35<>\"Serviço\",AND(AUTOEVENTO=\"Manual\",$M35=$A$15)),0,\n         IF(OFFSET(CRONOPLE!$F$15,$M35-$A$15,CD$13)=0,10^12,OFFSET(CRONOPLE!$F$15,$M35-$A$15,CD$13)))","v":13},{"$f":"IF(OR($D35<>\"Serviço\",AND(AUTOEVENTO=\"Manual\",$M35=$A$15)),0,\n         IF(OFFSET(CRONOPLE!$F$15,$M35-$A$15,CE$13)=0,10^12,OFFSET(CRONOPLE!$F$15,$M35-$A$15,CE$13)))","v":13},{"$f":"IF(OR($D35<>\"Serviço\",AND(AUTOEVENTO=\"Manual\",$M35=$A$15)),0,\n         IF(OFFSET(CRONOPLE!$F$15,$M35-$A$15,CF$13)=0,10^12,OFFSET(CRONOPLE!$F$15,$M35-$A$15,CF$13)))","v":13},{"$f":"IF(OR($D35<>\"Serviço\",AND(AUTOEVENTO=\"Manual\",$M35=$A$15)),0,\n         IF(OFFSET(CRONOPLE!$F$15,$M35-$A$15,CG$13)=0,10^12,OFFSET(CRONOPLE!$F$15,$M35-$A$15,CG$13)))","v":13},{"$f":"IF(OR($D35<>\"Serviço\",AND(AUTOEVENTO=\"Manual\",$M35=$A$15)),0,\n         IF(OFFSET(CRONOPLE!$F$15,$M35-$A$15,CH$13)=0,10^12,OFFSET(CRONOPLE!$F$15,$M35-$A$15,CH$13)))","v":19},{"$f":"IF(OR($D35<>\"Serviço\",AND(AUTOEVENTO=\"Manual\",$M35=$A$15)),0,\n         IF(OFFSET(CRONOPLE!$F$15,$M35-$A$15,CI$13)=0,10^12,OFFSET(CRONOPLE!$F$15,$M35-$A$15,CI$13)))","v":19},{"$f":"IF(OR($D35<>\"Serviço\",AND(AUTOEVENTO=\"Manual\",$M35=$A$15)),0,\n         IF(OFFSET(CRONOPLE!$F$15,$M35-$A$15,CJ$13)=0,10^12,OFFSET(CRONOPLE!$F$15,$M35-$A$15,CJ$13)))","v":19},{"$f":"IF(OR($D35<>\"Serviço\",AND(AUTOEVENTO=\"Manual\",$M35=$A$15)),0,\n         IF(OFFSET(CRONOPLE!$F$15,$M35-$A$15,CK$13)=0,10^12,OFFSET(CRONOPLE!$F$15,$M35-$A$15,CK$13)))","v":19},{"$f":"IF(OR($D35<>\"Serviço\",AND(AUTOEVENTO=\"Manual\",$M35=$A$15)),0,\n         IF(OFFSET(CRONOPLE!$F$15,$M35-$A$15,CL$13)=0,10^12,OFFSET(CRONOPLE!$F$15,$M35-$A$15,CL$13)))","v":19},{"$f":"IF(OR($D35<>\"Serviço\",AND(AUTOEVENTO=\"Manual\",$M35=$A$15)),0,\n         IF(OFFSET(CRONOPLE!$F$15,$M35-$A$15,CM$13)=0,10^12,OFFSET(CRONOPLE!$F$15,$M35-$A$15,CM$13)))","v":1000000000000},{"$f":"IF(OR($D35<>\"Serviço\",AND(AUTOEVENTO=\"Manual\",$M35=$A$15)),0,\n         IF(OFFSET(CRONOPLE!$F$15,$M35-$A$15,CN$13)=0,10^12,OFFSET(CRONOPLE!$F$15,$M35-$A$15,CN$13)))","v":1000000000000},{"$f":"IF(OR($D35<>\"Serviço\",AND(AUTOEVENTO=\"Manual\",$M35=$A$15)),0,\n         IF(OFFSET(CRONOPLE!$F$15,$M35-$A$15,CO$13)=0,10^12,OFFSET(CRONOPLE!$F$15,$M35-$A$15,CO$13)))","v":1000000000000},{"$f":"IF(OR($D35<>\"Serviço\",AND(AUTOEVENTO=\"Manual\",$M35=$A$15)),0,\n         IF(OFFSET(CRONOPLE!$F$15,$M35-$A$15,CP$13)=0,10^12,OFFSET(CRONOPLE!$F$15,$M35-$A$15,CP$13)))","v":1000000000000},{"$f":"IF(OR($D35<>\"Serviço\",AND(AUTOEVENTO=\"Manual\",$M35=$A$15)),0,\n         IF(OFFSET(CRONOPLE!$F$15,$M35-$A$15,CQ$13)=0,10^12,OFFSET(CRONOPLE!$F$15,$M35-$A$15,CQ$13)))","v":1000000000000},{"$f":"IF(OR($D35<>\"Serviço\",AND(AUTOEVENTO=\"Manual\",$M35=$A$15)),0,\n         IF(OFFSET(CRONOPLE!$F$15,$M35-$A$15,CR$13)=0,10^12,OFFSET(CRONOPLE!$F$15,$M35-$A$15,CR$13)))","v":1000000000000},null,{"$f":"IF(OR($D35<>\"Serviço\",AND(AUTOEVENTO=\"Manual\",$M35=$A$15),$M35>(ROW(PLE.lastrow)-ROW(PLE.firstrow))),0,\n           IF(OFFSET(PLE!$G$15,$M35-$A$15,CT$13)=\"\",10^12,OFFSET(PLE!$G$15,$M35-$A$15,CT$13)))","v":1000000000000},{"$f":"IF(OR($D35<>\"Serviço\",AND(AUTOEVENTO=\"Manual\",$M35=$A$15),$M35>(ROW(PLE.lastrow)-ROW(PLE.firstrow))),0,\n           IF(OFFSET(PLE!$G$15,$M35-$A$15,CU$13)=\"\",10^12,OFFSET(PLE!$G$15,$M35-$A$15,CU$13)))","v":1000000000000},{"$f":"IF(OR($D35<>\"Serviço\",AND(AUTOEVENTO=\"Manual\",$M35=$A$15),$M35>(ROW(PLE.lastrow)-ROW(PLE.firstrow))),0,\n           IF(OFFSET(PLE!$G$15,$M35-$A$15,CV$13)=\"\",10^12,OFFSET(PLE!$G$15,$M35-$A$15,CV$13)))","v":1000000000000},{"$f":"IF(OR($D35<>\"Serviço\",AND(AUTOEVENTO=\"Manual\",$M35=$A$15),$M35>(ROW(PLE.lastrow)-ROW(PLE.firstrow))),0,\n           IF(OFFSET(PLE!$G$15,$M35-$A$15,CW$13)=\"\",10^12,OFFSET(PLE!$G$15,$M35-$A$15,CW$13)))","v":1000000000000},{"$f":"IF(OR($D35<>\"Serviço\",AND(AUTOEVENTO=\"Manual\",$M35=$A$15),$M35>(ROW(PLE.lastrow)-ROW(PLE.firstrow))),0,\n           IF(OFFSET(PLE!$G$15,$M35-$A$15,CX$13)=\"\",10^12,OFFSET(PLE!$G$15,$M35-$A$15,CX$13)))","v":1000000000000},{"$f":"IF(OR($D35<>\"Serviço\",AND(AUTOEVENTO=\"Manual\",$M35=$A$15),$M35>(ROW(PLE.lastrow)-ROW(PLE.firstrow))),0,\n           IF(OFFSET(PLE!$G$15,$M35-$A$15,CY$13)=\"\",10^12,OFFSET(PLE!$G$15,$M35-$A$15,CY$13)))","v":1000000000000},{"$f":"IF(OR($D35<>\"Serviço\",AND(AUTOEVENTO=\"Manual\",$M35=$A$15),$M35>(ROW(PLE.lastrow)-ROW(PLE.firstrow))),0,\n           IF(OFFSET(PLE!$G$15,$M35-$A$15,CZ$13)=\"\",10^12,OFFSET(PLE!$G$15,$M35-$A$15,CZ$13)))","v":1000000000000},{"$f":"IF(OR($D35<>\"Serviço\",AND(AUTOEVENTO=\"Manual\",$M35=$A$15),$M35>(ROW(PLE.lastrow)-ROW(PLE.firstrow))),0,\n           IF(OFFSET(PLE!$G$15,$M35-$A$15,DA$13)=\"\",10^12,OFFSET(PLE!$G$15,$M35-$A$15,DA$13)))","v":1000000000000},{"$f":"IF(OR($D35<>\"Serviço\",AND(AUTOEVENTO=\"Manual\",$M35=$A$15),$M35>(ROW(PLE.lastrow)-ROW(PLE.firstrow))),0,\n           IF(OFFSET(PLE!$G$15,$M35-$A$15,DB$13)=\"\",10^12,OFFSET(PLE!$G$15,$M35-$A$15,DB$13)))","v":1000000000000},{"$f":"IF(OR($D35<>\"Serviço\",AND(AUTOEVENTO=\"Manual\",$M35=$A$15),$M35>(ROW(PLE.lastrow)-ROW(PLE.firstrow))),0,\n           IF(OFFSET(PLE!$G$15,$M35-$A$15,DC$13)=\"\",10^12,OFFSET(PLE!$G$15,$M35-$A$15,DC$13)))","v":1000000000000},{"$f":"IF(OR($D35<>\"Serviço\",AND(AUTOEVENTO=\"Manual\",$M35=$A$15),$M35>(ROW(PLE.lastrow)-ROW(PLE.firstrow))),0,\n           IF(OFFSET(PLE!$G$15,$M35-$A$15,DD$13)=\"\",10^12,OFFSET(PLE!$G$15,$M35-$A$15,DD$13)))","v":1000000000000},{"$f":"IF(OR($D35<>\"Serviço\",AND(AUTOEVENTO=\"Manual\",$M35=$A$15),$M35>(ROW(PLE.lastrow)-ROW(PLE.firstrow))),0,\n           IF(OFFSET(PLE!$G$15,$M35-$A$15,DE$13)=\"\",10^12,OFFSET(PLE!$G$15,$M35-$A$15,DE$13)))","v":1000000000000},{"$f":"IF(OR($D35<>\"Serviço\",AND(AUTOEVENTO=\"Manual\",$M35=$A$15),$M35>(ROW(PLE.lastrow)-ROW(PLE.firstrow))),0,\n           IF(OFFSET(PLE!$G$15,$M35-$A$15,DF$13)=\"\",10^12,OFFSET(PLE!$G$15,$M35-$A$15,DF$13)))","v":1000000000000},{"$f":"IF(OR($D35<>\"Serviço\",AND(AUTOEVENTO=\"Manual\",$M35=$A$15),$M35>(ROW(PLE.lastrow)-ROW(PLE.firstrow))),0,\n           IF(OFFSET(PLE!$G$15,$M35-$A$15,DG$13)=\"\",10^12,OFFSET(PLE!$G$15,$M35-$A$15,DG$13)))","v":1000000000000},{"$f":"IF(OR($D35<>\"Serviço\",AND(AUTOEVENTO=\"Manual\",$M35=$A$15),$M35>(ROW(PLE.lastrow)-ROW(PLE.firstrow))),0,\n           IF(OFFSET(PLE!$G$15,$M35-$A$15,DH$13)=\"\",10^12,OFFSET(PLE!$G$15,$M35-$A$15,DH$13)))","v":1000000000000},{"$f":"IF(OR($D35<>\"Serviço\",AND(AUTOEVENTO=\"Manual\",$M35=$A$15),$M35>(ROW(PLE.lastrow)-ROW(PLE.firstrow))),0,\n           IF(OFFSET(PLE!$G$15,$M35-$A$15,DI$13)=\"\",10^12,OFFSET(PLE!$G$15,$M35-$A$15,DI$13)))","v":1000000000000},{"$f":"IF(OR($D35<>\"Serviço\",AND(AUTOEVENTO=\"Manual\",$M35=$A$15),$M35>(ROW(PLE.lastrow)-ROW(PLE.firstrow))),0,\n           IF(OFFSET(PLE!$G$15,$M35-$A$15,DJ$13)=\"\",10^12,OFFSET(PLE!$G$15,$M35-$A$15,DJ$13)))","v":1000000000000},{"$f":"IF(OR($D35<>\"Serviço\",AND(AUTOEVENTO=\"Manual\",$M35=$A$15),$M35>(ROW(PLE.lastrow)-ROW(PLE.firstrow))),0,\n           IF(OFFSET(PLE!$G$15,$M35-$A$15,DK$13)=\"\",10^12,OFFSET(PLE!$G$15,$M35-$A$15,DK$13)))","v":1000000000000},{"$f":"IF(OR($D35<>\"Serviço\",AND(AUTOEVENTO=\"Manual\",$M35=$A$15),$M35>(ROW(PLE.lastrow)-ROW(PLE.firstrow))),0,\n           IF(OFFSET(PLE!$G$15,$M35-$A$15,DL$13)=\"\",10^12,OFFSET(PLE!$G$15,$M35-$A$15,DL$13)))","v":1000000000000},{"$f":"IF(OR($D35<>\"Serviço\",AND(AUTOEVENTO=\"Manual\",$M35=$A$15),$M35>(ROW(PLE.lastrow)-ROW(PLE.firstrow))),0,\n           IF(OFFSET(PLE!$G$15,$M35-$A$15,DM$13)=\"\",10^12,OFFSET(PLE!$G$15,$M35-$A$15,DM$13)))","v":1000000000000},{"$f":"IF(OR($D35<>\"Serviço\",AND(AUTOEVENTO=\"Manual\",$M35=$A$15),$M35>(ROW(PLE.lastrow)-ROW(PLE.firstrow))),0,\n           IF(OFFSET(PLE!$G$15,$M35-$A$15,DN$13)=\"\",10^12,OFFSET(PLE!$G$15,$M35-$A$15,DN$13)))","v":1000000000000},{"$f":"IF(OR($D35<>\"Serviço\",AND(AUTOEVENTO=\"Manual\",$M35=$A$15),$M35>(ROW(PLE.lastrow)-ROW(PLE.firstrow))),0,\n           IF(OFFSET(PLE!$G$15,$M35-$A$15,DO$13)=\"\",10^12,OFFSET(PLE!$G$15,$M35-$A$15,DO$13)))","v":1000000000000},{"$f":"IF(OR($D35<>\"Serviço\",AND(AUTOEVENTO=\"Manual\",$M35=$A$15),$M35>(ROW(PLE.lastrow)-ROW(PLE.firstrow))),0,\n           IF(OFFSET(PLE!$G$15,$M35-$A$15,DP$13)=\"\",10^12,OFFSET(PLE!$G$15,$M35-$A$15,DP$13)))","v":1000000000000},{"$f":"IF(OR($D35<>\"Serviço\",AND(AUTOEVENTO=\"Manual\",$M35=$A$15),$M35>(ROW(PLE.lastrow)-ROW(PLE.firstrow))),0,\n           IF(OFFSET(PLE!$G$15,$M35-$A$15,DQ$13)=\"\",10^12,OFFSET(PLE!$G$15,$M35-$A$15,DQ$13)))","v":1000000000000},{"$f":"IF(OR($D35<>\"Serviço\",AND(AUTOEVENTO=\"Manual\",$M35=$A$15),$M35>(ROW(PLE.lastrow)-ROW(PLE.firstrow))),0,\n           IF(OFFSET(PLE!$G$15,$M35-$A$15,DR$13)=\"\",10^12,OFFSET(PLE!$G$15,$M35-$A$15,DR$13)))","v":1000000000000},{"$f":"IF(OR($D35<>\"Serviço\",AND(AUTOEVENTO=\"Manual\",$M35=$A$15),$M35>(ROW(PLE.lastrow)-ROW(PLE.firstrow))),0,\n           IF(OFFSET(PLE!$G$15,$M35-$A$15,DS$13)=\"\",10^12,OFFSET(PLE!$G$15,$M35-$A$15,DS$13)))","v":1000000000000}]
["18",{"$f":"OFFSET(ORÇAMENTO!C$15,$L36,0)","v":"S"},{"$f":"OFFSET(ORÇAMENTO!L$15,$L36,0)","v":"F"},{"$f":"OFFSET(ORÇAMENTO!N$15,$L36,0)","v":"Serviço"},{"$f":"OFFSET(ORÇAMENTO!O$15,$L36,0)","v":"1.3.1.2.3."},{"$f":"OFFSET(ORÇAMENTO!R$15,$L36,0)","v":"FABRICAÇÃO, MONTAGEM E DESMONTAGEM DE FÔRMA PARA VIGA BALDRAME, EM MADEIRA SERRADA, E=25 MM, 4 UTILIZAÇÕES. AF_01/2024"},{"$f":"IF($D36<>\"Serviço\",\"\",OFFSET(ORÇAMENTO!S$15,$L36,0))","v":"M2"},{"$f":"IF($D36<>\"Serviço\",0,IF(ACOMPANHAMENTO=\"BM\",ROUND(OFFSET(ORÇAMENTO!AJ$15,$L36,0),15-13*ORÇAMENTO!$AF$7),IF(IFERROR(CÁLCULO.FrentesPreenchidas,0)=0,0,SUM(ROUND(OFFSET($P36,0,1,1,CÁLCULO.FrentesPreenchidas),15-13*ORÇAMENTO!$AF$7)))))","v":142.89999999999998},"Conforme modelo disponibilizado pela CAIXA",{"$f":"IF(OR(B36<>\"S\",CÁLCULO.FrentesPreenchidas=0),\"\",IF(AND(ACOMPANHAMENTO=\"PLE\",AUTOEVENTO=\"Manual\",OR(H36>0,ORÇAMENTO!AC36=\"QUANT.\"),OR(K36=\"\",M36=0,N36=\"\")),\"►E\",IF(AND(ACOMPANHAMENTO=\"PLE\",ORÇAMENTO!AC36=\"QUANT.\"),\"►Q\",IF(AND(ACOMPANHAMENTO=\"PLE\",H36<>SUMPRODUCT(($Q$1:$AQ$1=1)*ROUND(Q36:AQ36,15))),\"►S\",IF(AND(COUNTIF($P$11:$AQ$11,\"▼\")=0,H36>0,I36=\"\"),\"◄M\",\"\")))))","v":""},"4. BALDRAMES",21,{"$f":"IF($D36<>\"Serviço\",\"\",\n          IF(AUTOEVENTO=\"manual\",$A36,\n                IF(ISERROR(MATCH($A36,$A$15:OFFSET($A36,-1,0),0)),MAX($M$15:OFFSET(M36,-1,0))+1,\n                      INDEX($M$15:OFFSET(M36,-1,0),MATCH($A36,$A$15:OFFSET($A36,-1,0),0)))))","v":4},{"$f":"IF($D36<>\"Serviço\",\"\",\n         IF(AUTOEVENTO=\"Manual\",\n                IF($A36=0,\"<-- defina o número do agrupador\",\n                       OFFSET(EVENTOS!$D$15,$A36-$A$15,0)),\n                OFFSET($F$15,$A36,0)))","v":"BALDRAMES"},null,null,28.58,28.58,28.58,28.58,28.58,null,null,null,null,null,null,null,null,null,null,null,null,null,null,null,null,null,null,null,null,null,null,{"$f":"IF(AND($D36=\"Serviço\",AR$12<>0,$H36>0,OR(AUTOEVENTO<>\"manual\",$M36<>$A$15)),\n        IF(Import.TipoArredondamento<>\"TransfereGOV\",\n              ROUND(OFFSET($P36,0,AR$13),15-13*ORÇAMENTO!$AF$7)/$H36*OFFSET(ORÇAMENTO!$X$15,ROW(AR36)-ROW(AR$15),0),\n              ROUND(ROUND(OFFSET($P36,0,AR$13),15-13*ORÇAMENTO!$AF$7)*OFFSET(ORÇAMENTO!$W$15,ROW(AR36)-ROW(AR$15),0),15-13*ORÇAMENTO!$AF$11)),\n         0)","v":2262.6799999999998},{"$f":"IF(AND($D36=\"Serviço\",AS$12<>0,$H36>0,OR(AUTOEVENTO<>\"manual\",$M36<>$A$15)),\n        IF(Import.TipoArredondamento<>\"TransfereGOV\",\n              ROUND(OFFSET($P36,0,AS$13),15-13*ORÇAMENTO!$AF$7)/$H36*OFFSET(ORÇAMENTO!$X$15,ROW(AS36)-ROW(AS$15),0),\n              ROUND(ROUND(OFFSET($P36,0,AS$13),15-13*ORÇAMENTO!$AF$7)*OFFSET(ORÇAMENTO!$W$15,ROW(AS36)-ROW(AS$15),0),15-13*ORÇAMENTO!$AF$11)),\n         0)","v":2262.6799999999998},{"$f":"IF(AND($D36=\"Serviço\",AT$12<>0,$H36>0,OR(AUTOEVENTO<>\"manual\",$M36<>$A$15)),\n        IF(Import.TipoArredondamento<>\"TransfereGOV\",\n              ROUND(OFFSET($P36,0,AT$13),15-13*ORÇAMENTO!$AF$7)/$H36*OFFSET(ORÇAMENTO!$X$15,ROW(AT36)-ROW(AT$15),0),\n              ROUND(ROUND(OFFSET($P36,0,AT$13),15-13*ORÇAMENTO!$AF$7)*OFFSET(ORÇAMENTO!$W$15,ROW(AT36)-ROW(AT$15),0),15-13*ORÇAMENTO!$AF$11)),\n         0)","v":2262.6799999999998},{"$f":"IF(AND($D36=\"Serviço\",AU$12<>0,$H36>0,OR(AUTOEVENTO<>\"manual\",$M36<>$A$15)),\n        IF(Import.TipoArredondamento<>\"TransfereGOV\",\n              ROUND(OFFSET($P36,0,AU$13),15-13*ORÇAMENTO!$AF$7)/$H36*OFFSET(ORÇAMENTO!$X$15,ROW(AU36)-ROW(AU$15),0),\n              ROUND(ROUND(OFFSET($P36,0,AU$13),15-13*ORÇAMENTO!$AF$7)*OFFSET(ORÇAMENTO!$W$15,ROW(AU36)-ROW(AU$15),0),15-13*ORÇAMENTO!$AF$11)),\n         0)","v":2262.6799999999998},{"$f":"IF(AND($D36=\"Serviço\",AV$12<>0,$H36>0,OR(AUTOEVENTO<>\"manual\",$M36<>$A$15)),\n        IF(Import.TipoArredondamento<>\"TransfereGOV\",\n              ROUND(OFFSET($P36,0,AV$13),15-13*ORÇAMENTO!$AF$7)/$H36*OFFSET(ORÇAMENTO!$X$15,ROW(AV36)-ROW(AV$15),0),\n              ROUND(ROUND(OFFSET($P36,0,AV$13),15-13*ORÇAMENTO!$AF$7)*OFFSET(ORÇAMENTO!$W$15,ROW(AV36)-ROW(AV$15),0),15-13*ORÇAMENTO!$AF$11)),\n         0)","v":2262.6799999999998},{"$f":"IF(AND($D36=\"Serviço\",AW$12<>0,$H36>0,OR(AUTOEVENTO<>\"manual\",$M36<>$A$15)),\n        IF(Import.TipoArredondamento<>\"TransfereGOV\",\n              ROUND(OFFSET($P36,0,AW$13),15-13*ORÇAMENTO!$AF$7)/$H36*OFFSET(ORÇAMENTO!$X$15,ROW(AW36)-ROW(AW$15),0),\n              ROUND(ROUND(OFFSET($P36,0,AW$13),15-13*ORÇAMENTO!$AF$7)*OFFSET(ORÇAMENTO!$W$15,ROW(AW36)-ROW(AW$15),0),15-13*ORÇAMENTO!$AF$11)),\n         0)","v":0},{"$f":"IF(AND($D36=\"Serviço\",AX$12<>0,$H36>0,OR(AUTOEVENTO<>\"manual\",$M36<>$A$15)),\n        IF(Import.TipoArredondamento<>\"TransfereGOV\",\n              ROUND(OFFSET($P36,0,AX$13),15-13*ORÇAMENTO!$AF$7)/$H36*OFFSET(ORÇAMENTO!$X$15,ROW(AX36)-ROW(AX$15),0),\n              ROUND(ROUND(OFFSET($P36,0,AX$13),15-13*ORÇAMENTO!$AF$7)*OFFSET(ORÇAMENTO!$W$15,ROW(AX36)-ROW(AX$15),0),15-13*ORÇAMENTO!$AF$11)),\n         0)","v":0},{"$f":"IF(AND($D36=\"Serviço\",AY$12<>0,$H36>0,OR(AUTOEVENTO<>\"manual\",$M36<>$A$15)),\n        IF(Import.TipoArredondamento<>\"TransfereGOV\",\n              ROUND(OFFSET($P36,0,AY$13),15-13*ORÇAMENTO!$AF$7)/$H36*OFFSET(ORÇAMENTO!$X$15,ROW(AY36)-ROW(AY$15),0),\n              ROUND(ROUND(OFFSET($P36,0,AY$13),15-13*ORÇAMENTO!$AF$7)*OFFSET(ORÇAMENTO!$W$15,ROW(AY36)-ROW(AY$15),0),15-13*ORÇAMENTO!$AF$11)),\n         0)","v":0},{"$f":"IF(AND($D36=\"Serviço\",AZ$12<>0,$H36>0,OR(AUTOEVENTO<>\"manual\",$M36<>$A$15)),\n        IF(Import.TipoArredondamento<>\"TransfereGOV\",\n              ROUND(OFFSET($P36,0,AZ$13),15-13*ORÇAMENTO!$AF$7)/$H36*OFFSET(ORÇAMENTO!$X$15,ROW(AZ36)-ROW(AZ$15),0),\n              ROUND(ROUND(OFFSET($P36,0,AZ$13),15-13*ORÇAMENTO!$AF$7)*OFFSET(ORÇAMENTO!$W$15,ROW(AZ36)-ROW(AZ$15),0),15-13*ORÇAMENTO!$AF$11)),\n         0)","v":0},{"$f":"IF(AND($D36=\"Serviço\",BA$12<>0,$H36>0,OR(AUTOEVENTO<>\"manual\",$M36<>$A$15)),\n        IF(Import.TipoArredondamento<>\"TransfereGOV\",\n              ROUND(OFFSET($P36,0,BA$13),15-13*ORÇAMENTO!$AF$7)/$H36*OFFSET(ORÇAMENTO!$X$15,ROW(BA36)-ROW(BA$15),0),\n              ROUND(ROUND(OFFSET($P36,0,BA$13),15-13*ORÇAMENTO!$AF$7)*OFFSET(ORÇAMENTO!$W$15,ROW(BA36)-ROW(BA$15),0),15-13*ORÇAMENTO!$AF$11)),\n         0)","v":0},{"$f":"IF(AND($D36=\"Serviço\",BB$12<>0,$H36>0,OR(AUTOEVENTO<>\"manual\",$M36<>$A$15)),\n        IF(Import.TipoArredondamento<>\"TransfereGOV\",\n              ROUND(OFFSET($P36,0,BB$13),15-13*ORÇAMENTO!$AF$7)/$H36*OFFSET(ORÇAMENTO!$X$15,ROW(BB36)-ROW(BB$15),0),\n              ROUND(ROUND(OFFSET($P36,0,BB$13),15-13*ORÇAMENTO!$AF$7)*OFFSET(ORÇAMENTO!$W$15,ROW(BB36)-ROW(BB$15),0),15-13*ORÇAMENTO!$AF$11)),\n         0)","v":0},{"$f":"IF(AND($D36=\"Serviço\",BC$12<>0,$H36>0,OR(AUTOEVENTO<>\"manual\",$M36<>$A$15)),\n        IF(Import.TipoArredondamento<>\"TransfereGOV\",\n              ROUND(OFFSET($P36,0,BC$13),15-13*ORÇAMENTO!$AF$7)/$H36*OFFSET(ORÇAMENTO!$X$15,ROW(BC36)-ROW(BC$15),0),\n              ROUND(ROUND(OFFSET($P36,0,BC$13),15-13*ORÇAMENTO!$AF$7)*OFFSET(ORÇAMENTO!$W$15,ROW(BC36)-ROW(BC$15),0),15-13*ORÇAMENTO!$AF$11)),\n         0)","v":0},{"$f":"IF(AND($D36=\"Serviço\",BD$12<>0,$H36>0,OR(AUTOEVENTO<>\"manual\",$M36<>$A$15)),\n        IF(Import.TipoArredondamento<>\"TransfereGOV\",\n              ROUND(OFFSET($P36,0,BD$13),15-13*ORÇAMENTO!$AF$7)/$H36*OFFSET(ORÇAMENTO!$X$15,ROW(BD36)-ROW(BD$15),0),\n              ROUND(ROUND(OFFSET($P36,0,BD$13),15-13*ORÇAMENTO!$AF$7)*OFFSET(ORÇAMENTO!$W$15,ROW(BD36)-ROW(BD$15),0),15-13*ORÇAMENTO!$AF$11)),\n         0)","v":0},{"$f":"IF(AND($D36=\"Serviço\",BE$12<>0,$H36>0,OR(AUTOEVENTO<>\"manual\",$M36<>$A$15)),\n        IF(Import.TipoArredondamento<>\"TransfereGOV\",\n              ROUND(OFFSET($P36,0,BE$13),15-13*ORÇAMENTO!$AF$7)/$H36*OFFSET(ORÇAMENTO!$X$15,ROW(BE36)-ROW(BE$15),0),\n              ROUND(ROUND(OFFSET($P36,0,BE$13),15-13*ORÇAMENTO!$AF$7)*OFFSET(ORÇAMENTO!$W$15,ROW(BE36)-ROW(BE$15),0),15-13*ORÇAMENTO!$AF$11)),\n         0)","v":0},{"$f":"IF(AND($D36=\"Serviço\",BF$12<>0,$H36>0,OR(AUTOEVENTO<>\"manual\",$M36<>$A$15)),\n        IF(Import.TipoArredondamento<>\"TransfereGOV\",\n              ROUND(OFFSET($P36,0,BF$13),15-13*ORÇAMENTO!$AF$7)/$H36*OFFSET(ORÇAMENTO!$X$15,ROW(BF36)-ROW(BF$15),0),\n              ROUND(ROUND(OFFSET($P36,0,BF$13),15-13*ORÇAMENTO!$AF$7)*OFFSET(ORÇAMENTO!$W$15,ROW(BF36)-ROW(BF$15),0),15-13*ORÇAMENTO!$AF$11)),\n         0)","v":0},{"$f":"IF(AND($D36=\"Serviço\",BG$12<>0,$H36>0,OR(AUTOEVENTO<>\"manual\",$M36<>$A$15)),\n        IF(Import.TipoArredondamento<>\"TransfereGOV\",\n              ROUND(OFFSET($P36,0,BG$13),15-13*ORÇAMENTO!$AF$7)/$H36*OFFSET(ORÇAMENTO!$X$15,ROW(BG36)-ROW(BG$15),0),\n              ROUND(ROUND(OFFSET($P36,0,BG$13),15-13*ORÇAMENTO!$AF$7)*OFFSET(ORÇAMENTO!$W$15,ROW(BG36)-ROW(BG$15),0),15-13*ORÇAMENTO!$AF$11)),\n         0)","v":0},{"$f":"IF(AND($D36=\"Serviço\",BH$12<>0,$H36>0,OR(AUTOEVENTO<>\"manual\",$M36<>$A$15)),\n        IF(Import.TipoArredondamento<>\"TransfereGOV\",\n              ROUND(OFFSET($P36,0,BH$13),15-13*ORÇAMENTO!$AF$7)/$H36*OFFSET(ORÇAMENTO!$X$15,ROW(BH36)-ROW(BH$15),0),\n              ROUND(ROUND(OFFSET($P36,0,BH$13),15-13*ORÇAMENTO!$AF$7)*OFFSET(ORÇAMENTO!$W$15,ROW(BH36)-ROW(BH$15),0),15-13*ORÇAMENTO!$AF$11)),\n         0)","v":0},{"$f":"IF(AND($D36=\"Serviço\",BI$12<>0,$H36>0,OR(AUTOEVENTO<>\"manual\",$M36<>$A$15)),\n        IF(Import.TipoArredondamento<>\"TransfereGOV\",\n              ROUND(OFFSET($P36,0,BI$13),15-13*ORÇAMENTO!$AF$7)/$H36*OFFSET(ORÇAMENTO!$X$15,ROW(BI36)-ROW(BI$15),0),\n              ROUND(ROUND(OFFSET($P36,0,BI$13),15-13*ORÇAMENTO!$AF$7)*OFFSET(ORÇAMENTO!$W$15,ROW(BI36)-ROW(BI$15),0),15-13*ORÇAMENTO!$AF$11)),\n         0)","v":0},{"$f":"IF(AND($D36=\"Serviço\",BJ$12<>0,$H36>0,OR(AUTOEVENTO<>\"manual\",$M36<>$A$15)),\n        IF(Import.TipoArredondamento<>\"TransfereGOV\",\n              ROUND(OFFSET($P36,0,BJ$13),15-13*ORÇAMENTO!$AF$7)/$H36*OFFSET(ORÇAMENTO!$X$15,ROW(BJ36)-ROW(BJ$15),0),\n              ROUND(ROUND(OFFSET($P36,0,BJ$13),15-13*ORÇAMENTO!$AF$7)*OFFSET(ORÇAMENTO!$W$15,ROW(BJ36)-ROW(BJ$15),0),15-13*ORÇAMENTO!$AF$11)),\n         0)","v":0},{"$f":"IF(AND($D36=\"Serviço\",BK$12<>0,$H36>0,OR(AUTOEVENTO<>\"manual\",$M36<>$A$15)),\n        IF(Import.TipoArredondamento<>\"TransfereGOV\",\n              ROUND(OFFSET($P36,0,BK$13),15-13*ORÇAMENTO!$AF$7)/$H36*OFFSET(ORÇAMENTO!$X$15,ROW(BK36)-ROW(BK$15),0),\n              ROUND(ROUND(OFFSET($P36,0,BK$13),15-13*ORÇAMENTO!$AF$7)*OFFSET(ORÇAMENTO!$W$15,ROW(BK36)-ROW(BK$15),0),15-13*ORÇAMENTO!$AF$11)),\n         0)","v":0},{"$f":"IF(AND($D36=\"Serviço\",BL$12<>0,$H36>0,OR(AUTOEVENTO<>\"manual\",$M36<>$A$15)),\n        IF(Import.TipoArredondamento<>\"TransfereGOV\",\n              ROUND(OFFSET($P36,0,BL$13),15-13*ORÇAMENTO!$AF$7)/$H36*OFFSET(ORÇAMENTO!$X$15,ROW(BL36)-ROW(BL$15),0),\n              ROUND(ROUND(OFFSET($P36,0,BL$13),15-13*ORÇAMENTO!$AF$7)*OFFSET(ORÇAMENTO!$W$15,ROW(BL36)-ROW(BL$15),0),15-13*ORÇAMENTO!$AF$11)),\n         0)","v":0},{"$f":"IF(AND($D36=\"Serviço\",BM$12<>0,$H36>0,OR(AUTOEVENTO<>\"manual\",$M36<>$A$15)),\n        IF(Import.TipoArredondamento<>\"TransfereGOV\",\n              ROUND(OFFSET($P36,0,BM$13),15-13*ORÇAMENTO!$AF$7)/$H36*OFFSET(ORÇAMENTO!$X$15,ROW(BM36)-ROW(BM$15),0),\n              ROUND(ROUND(OFFSET($P36,0,BM$13),15-13*ORÇAMENTO!$AF$7)*OFFSET(ORÇAMENTO!$W$15,ROW(BM36)-ROW(BM$15),0),15-13*ORÇAMENTO!$AF$11)),\n         0)","v":0},{"$f":"IF(AND($D36=\"Serviço\",BN$12<>0,$H36>0,OR(AUTOEVENTO<>\"manual\",$M36<>$A$15)),\n        IF(Import.TipoArredondamento<>\"TransfereGOV\",\n              ROUND(OFFSET($P36,0,BN$13),15-13*ORÇAMENTO!$AF$7)/$H36*OFFSET(ORÇAMENTO!$X$15,ROW(BN36)-ROW(BN$15),0),\n              ROUND(ROUND(OFFSET($P36,0,BN$13),15-13*ORÇAMENTO!$AF$7)*OFFSET(ORÇAMENTO!$W$15,ROW(BN36)-ROW(BN$15),0),15-13*ORÇAMENTO!$AF$11)),\n         0)","v":0},{"$f":"IF(AND($D36=\"Serviço\",BO$12<>0,$H36>0,OR(AUTOEVENTO<>\"manual\",$M36<>$A$15)),\n        IF(Import.TipoArredondamento<>\"TransfereGOV\",\n              ROUND(OFFSET($P36,0,BO$13),15-13*ORÇAMENTO!$AF$7)/$H36*OFFSET(ORÇAMENTO!$X$15,ROW(BO36)-ROW(BO$15),0),\n              ROUND(ROUND(OFFSET($P36,0,BO$13),15-13*ORÇAMENTO!$AF$7)*OFFSET(ORÇAMENTO!$W$15,ROW(BO36)-ROW(BO$15),0),15-13*ORÇAMENTO!$AF$11)),\n         0)","v":0},{"$f":"IF(AND($D36=\"Serviço\",BP$12<>0,$H36>0,OR(AUTOEVENTO<>\"manual\",$M36<>$A$15)),\n        IF(Import.TipoArredondamento<>\"TransfereGOV\",\n              ROUND(OFFSET($P36,0,BP$13),15-13*ORÇAMENTO!$AF$7)/$H36*OFFSET(ORÇAMENTO!$X$15,ROW(BP36)-ROW(BP$15),0),\n              ROUND(ROUND(OFFSET($P36,0,BP$13),15-13*ORÇAMENTO!$AF$7)*OFFSET(ORÇAMENTO!$W$15,ROW(BP36)-ROW(BP$15),0),15-13*ORÇAMENTO!$AF$11)),\n         0)","v":0},{"$f":"IF(AND($D36=\"Serviço\",BQ$12<>0,$H36>0,OR(AUTOEVENTO<>\"manual\",$M36<>$A$15)),\n        IF(Import.TipoArredondamento<>\"TransfereGOV\",\n              ROUND(OFFSET($P36,0,BQ$13),15-13*ORÇAMENTO!$AF$7)/$H36*OFFSET(ORÇAMENTO!$X$15,ROW(BQ36)-ROW(BQ$15),0),\n              ROUND(ROUND(OFFSET($P36,0,BQ$13),15-13*ORÇAMENTO!$AF$7)*OFFSET(ORÇAMENTO!$W$15,ROW(BQ36)-ROW(BQ$15),0),15-13*ORÇAMENTO!$AF$11)),\n         0)","v":0},null,{"$f":"IF(OR($D36<>\"Serviço\",AND(AUTOEVENTO=\"Manual\",$M36=$A$15)),0,\n         IF(OFFSET(CRONOPLE!$F$15,$M36-$A$15,BS$13)=0,10^12,OFFSET(CRONOPLE!$F$15,$M36-$A$15,BS$13)))","v":1},{"$f":"IF(OR($D36<>\"Serviço\",AND(AUTOEVENTO=\"Manual\",$M36=$A$15)),0,\n         IF(OFFSET(CRONOPLE!$F$15,$M36-$A$15,BT$13)=0,10^12,OFFSET(CRONOPLE!$F$15,$M36-$A$15,BT$13)))","v":1},{"$f":"IF(OR($D36<>\"Serviço\",AND(AUTOEVENTO=\"Manual\",$M36=$A$15)),0,\n         IF(OFFSET(CRONOPLE!$F$15,$M36-$A$15,BU$13)=0,10^12,OFFSET(CRONOPLE!$F$15,$M36-$A$15,BU$13)))","v":1},{"$f":"IF(OR($D36<>\"Serviço\",AND(AUTOEVENTO=\"Manual\",$M36=$A$15)),0,\n         IF(OFFSET(CRONOPLE!$F$15,$M36-$A$15,BV$13)=0,10^12,OFFSET(CRONOPLE!$F$15,$M36-$A$15,BV$13)))","v":1},{"$f":"IF(OR($D36<>\"Serviço\",AND(AUTOEVENTO=\"Manual\",$M36=$A$15)),0,\n         IF(OFFSET(CRONOPLE!$F$15,$M36-$A$15,BW$13)=0,10^12,OFFSET(CRONOPLE!$F$15,$M36-$A$15,BW$13)))","v":1},{"$f":"IF(OR($D36<>\"Serviço\",AND(AUTOEVENTO=\"Manual\",$M36=$A$15)),0,\n         IF(OFFSET(CRONOPLE!$F$15,$M36-$A$15,BX$13)=0,10^12,OFFSET(CRONOPLE!$F$15,$M36-$A$15,BX$13)))","v":1},{"$f":"IF(OR($D36<>\"Serviço\",AND(AUTOEVENTO=\"Manual\",$M36=$A$15)),0,\n         IF(OFFSET(CRONOPLE!$F$15,$M36-$A$15,BY$13)=0,10^12,OFFSET(CRONOPLE!$F$15,$M36-$A$15,BY$13)))","v":1},{"$f":"IF(OR($D36<>\"Serviço\",AND(AUTOEVENTO=\"Manual\",$M36=$A$15)),0,\n         IF(OFFSET(CRONOPLE!$F$15,$M36-$A$15,BZ$13)=0,10^12,OFFSET(CRONOPLE!$F$15,$M36-$A$15,BZ$13)))","v":7},{"$f":"IF(OR($D36<>\"Serviço\",AND(AUTOEVENTO=\"Manual\",$M36=$A$15)),0,\n         IF(OFFSET(CRONOPLE!$F$15,$M36-$A$15,CA$13)=0,10^12,OFFSET(CRONOPLE!$F$15,$M36-$A$15,CA$13)))","v":7},{"$f":"IF(OR($D36<>\"Serviço\",AND(AUTOEVENTO=\"Manual\",$M36=$A$15)),0,\n         IF(OFFSET(CRONOPLE!$F$15,$M36-$A$15,CB$13)=0,10^12,OFFSET(CRONOPLE!$F$15,$M36-$A$15,CB$13)))","v":7},{"$f":"IF(OR($D36<>\"Serviço\",AND(AUTOEVENTO=\"Manual\",$M36=$A$15)),0,\n         IF(OFFSET(CRONOPLE!$F$15,$M36-$A$15,CC$13)=0,10^12,OFFSET(CRONOPLE!$F$15,$M36-$A$15,CC$13)))","v":13},{"$f":"IF(OR($D36<>\"Serviço\",AND(AUTOEVENTO=\"Manual\",$M36=$A$15)),0,\n         IF(OFFSET(CRONOPLE!$F$15,$M36-$A$15,CD$13)=0,10^12,OFFSET(CRONOPLE!$F$15,$M36-$A$15,CD$13)))","v":13},{"$f":"IF(OR($D36<>\"Serviço\",AND(AUTOEVENTO=\"Manual\",$M36=$A$15)),0,\n         IF(OFFSET(CRONOPLE!$F$15,$M36-$A$15,CE$13)=0,10^12,OFFSET(CRONOPLE!$F$15,$M36-$A$15,CE$13)))","v":13},{"$f":"IF(OR($D36<>\"Serviço\",AND(AUTOEVENTO=\"Manual\",$M36=$A$15)),0,\n         IF(OFFSET(CRONOPLE!$F$15,$M36-$A$15,CF$13)=0,10^12,OFFSET(CRONOPLE!$F$15,$M36-$A$15,CF$13)))","v":13},{"$f":"IF(OR($D36<>\"Serviço\",AND(AUTOEVENTO=\"Manual\",$M36=$A$15)),0,\n         IF(OFFSET(CRONOPLE!$F$15,$M36-$A$15,CG$13)=0,10^12,OFFSET(CRONOPLE!$F$15,$M36-$A$15,CG$13)))","v":13},{"$f":"IF(OR($D36<>\"Serviço\",AND(AUTOEVENTO=\"Manual\",$M36=$A$15)),0,\n         IF(OFFSET(CRONOPLE!$F$15,$M36-$A$15,CH$13)=0,10^12,OFFSET(CRONOPLE!$F$15,$M36-$A$15,CH$13)))","v":19},{"$f":"IF(OR($D36<>\"Serviço\",AND(AUTOEVENTO=\"Manual\",$M36=$A$15)),0,\n         IF(OFFSET(CRONOPLE!$F$15,$M36-$A$15,CI$13)=0,10^12,OFFSET(CRONOPLE!$F$15,$M36-$A$15,CI$13)))","v":19},{"$f":"IF(OR($D36<>\"Serviço\",AND(AUTOEVENTO=\"Manual\",$M36=$A$15)),0,\n         IF(OFFSET(CRONOPLE!$F$15,$M36-$A$15,CJ$13)=0,10^12,OFFSET(CRONOPLE!$F$15,$M36-$A$15,CJ$13)))","v":19},{"$f":"IF(OR($D36<>\"Serviço\",AND(AUTOEVENTO=\"Manual\",$M36=$A$15)),0,\n         IF(OFFSET(CRONOPLE!$F$15,$M36-$A$15,CK$13)=0,10^12,OFFSET(CRONOPLE!$F$15,$M36-$A$15,CK$13)))","v":19},{"$f":"IF(OR($D36<>\"Serviço\",AND(AUTOEVENTO=\"Manual\",$M36=$A$15)),0,\n         IF(OFFSET(CRONOPLE!$F$15,$M36-$A$15,CL$13)=0,10^12,OFFSET(CRONOPLE!$F$15,$M36-$A$15,CL$13)))","v":19},{"$f":"IF(OR($D36<>\"Serviço\",AND(AUTOEVENTO=\"Manual\",$M36=$A$15)),0,\n         IF(OFFSET(CRONOPLE!$F$15,$M36-$A$15,CM$13)=0,10^12,OFFSET(CRONOPLE!$F$15,$M36-$A$15,CM$13)))","v":1000000000000},{"$f":"IF(OR($D36<>\"Serviço\",AND(AUTOEVENTO=\"Manual\",$M36=$A$15)),0,\n         IF(OFFSET(CRONOPLE!$F$15,$M36-$A$15,CN$13)=0,10^12,OFFSET(CRONOPLE!$F$15,$M36-$A$15,CN$13)))","v":1000000000000},{"$f":"IF(OR($D36<>\"Serviço\",AND(AUTOEVENTO=\"Manual\",$M36=$A$15)),0,\n         IF(OFFSET(CRONOPLE!$F$15,$M36-$A$15,CO$13)=0,10^12,OFFSET(CRONOPLE!$F$15,$M36-$A$15,CO$13)))","v":1000000000000},{"$f":"IF(OR($D36<>\"Serviço\",AND(AUTOEVENTO=\"Manual\",$M36=$A$15)),0,\n         IF(OFFSET(CRONOPLE!$F$15,$M36-$A$15,CP$13)=0,10^12,OFFSET(CRONOPLE!$F$15,$M36-$A$15,CP$13)))","v":1000000000000},{"$f":"IF(OR($D36<>\"Serviço\",AND(AUTOEVENTO=\"Manual\",$M36=$A$15)),0,\n         IF(OFFSET(CRONOPLE!$F$15,$M36-$A$15,CQ$13)=0,10^12,OFFSET(CRONOPLE!$F$15,$M36-$A$15,CQ$13)))","v":1000000000000},{"$f":"IF(OR($D36<>\"Serviço\",AND(AUTOEVENTO=\"Manual\",$M36=$A$15)),0,\n         IF(OFFSET(CRONOPLE!$F$15,$M36-$A$15,CR$13)=0,10^12,OFFSET(CRONOPLE!$F$15,$M36-$A$15,CR$13)))","v":1000000000000},null,{"$f":"IF(OR($D36<>\"Serviço\",AND(AUTOEVENTO=\"Manual\",$M36=$A$15),$M36>(ROW(PLE.lastrow)-ROW(PLE.firstrow))),0,\n           IF(OFFSET(PLE!$G$15,$M36-$A$15,CT$13)=\"\",10^12,OFFSET(PLE!$G$15,$M36-$A$15,CT$13)))","v":1000000000000},{"$f":"IF(OR($D36<>\"Serviço\",AND(AUTOEVENTO=\"Manual\",$M36=$A$15),$M36>(ROW(PLE.lastrow)-ROW(PLE.firstrow))),0,\n           IF(OFFSET(PLE!$G$15,$M36-$A$15,CU$13)=\"\",10^12,OFFSET(PLE!$G$15,$M36-$A$15,CU$13)))","v":1000000000000},{"$f":"IF(OR($D36<>\"Serviço\",AND(AUTOEVENTO=\"Manual\",$M36=$A$15),$M36>(ROW(PLE.lastrow)-ROW(PLE.firstrow))),0,\n           IF(OFFSET(PLE!$G$15,$M36-$A$15,CV$13)=\"\",10^12,OFFSET(PLE!$G$15,$M36-$A$15,CV$13)))","v":1000000000000},{"$f":"IF(OR($D36<>\"Serviço\",AND(AUTOEVENTO=\"Manual\",$M36=$A$15),$M36>(ROW(PLE.lastrow)-ROW(PLE.firstrow))),0,\n           IF(OFFSET(PLE!$G$15,$M36-$A$15,CW$13)=\"\",10^12,OFFSET(PLE!$G$15,$M36-$A$15,CW$13)))","v":1000000000000},{"$f":"IF(OR($D36<>\"Serviço\",AND(AUTOEVENTO=\"Manual\",$M36=$A$15),$M36>(ROW(PLE.lastrow)-ROW(PLE.firstrow))),0,\n           IF(OFFSET(PLE!$G$15,$M36-$A$15,CX$13)=\"\",10^12,OFFSET(PLE!$G$15,$M36-$A$15,CX$13)))","v":1000000000000},{"$f":"IF(OR($D36<>\"Serviço\",AND(AUTOEVENTO=\"Manual\",$M36=$A$15),$M36>(ROW(PLE.lastrow)-ROW(PLE.firstrow))),0,\n           IF(OFFSET(PLE!$G$15,$M36-$A$15,CY$13)=\"\",10^12,OFFSET(PLE!$G$15,$M36-$A$15,CY$13)))","v":1000000000000},{"$f":"IF(OR($D36<>\"Serviço\",AND(AUTOEVENTO=\"Manual\",$M36=$A$15),$M36>(ROW(PLE.lastrow)-ROW(PLE.firstrow))),0,\n           IF(OFFSET(PLE!$G$15,$M36-$A$15,CZ$13)=\"\",10^12,OFFSET(PLE!$G$15,$M36-$A$15,CZ$13)))","v":1000000000000},{"$f":"IF(OR($D36<>\"Serviço\",AND(AUTOEVENTO=\"Manual\",$M36=$A$15),$M36>(ROW(PLE.lastrow)-ROW(PLE.firstrow))),0,\n           IF(OFFSET(PLE!$G$15,$M36-$A$15,DA$13)=\"\",10^12,OFFSET(PLE!$G$15,$M36-$A$15,DA$13)))","v":1000000000000},{"$f":"IF(OR($D36<>\"Serviço\",AND(AUTOEVENTO=\"Manual\",$M36=$A$15),$M36>(ROW(PLE.lastrow)-ROW(PLE.firstrow))),0,\n           IF(OFFSET(PLE!$G$15,$M36-$A$15,DB$13)=\"\",10^12,OFFSET(PLE!$G$15,$M36-$A$15,DB$13)))","v":1000000000000},{"$f":"IF(OR($D36<>\"Serviço\",AND(AUTOEVENTO=\"Manual\",$M36=$A$15),$M36>(ROW(PLE.lastrow)-ROW(PLE.firstrow))),0,\n           IF(OFFSET(PLE!$G$15,$M36-$A$15,DC$13)=\"\",10^12,OFFSET(PLE!$G$15,$M36-$A$15,DC$13)))","v":1000000000000},{"$f":"IF(OR($D36<>\"Serviço\",AND(AUTOEVENTO=\"Manual\",$M36=$A$15),$M36>(ROW(PLE.lastrow)-ROW(PLE.firstrow))),0,\n           IF(OFFSET(PLE!$G$15,$M36-$A$15,DD$13)=\"\",10^12,OFFSET(PLE!$G$15,$M36-$A$15,DD$13)))","v":1000000000000},{"$f":"IF(OR($D36<>\"Serviço\",AND(AUTOEVENTO=\"Manual\",$M36=$A$15),$M36>(ROW(PLE.lastrow)-ROW(PLE.firstrow))),0,\n           IF(OFFSET(PLE!$G$15,$M36-$A$15,DE$13)=\"\",10^12,OFFSET(PLE!$G$15,$M36-$A$15,DE$13)))","v":1000000000000},{"$f":"IF(OR($D36<>\"Serviço\",AND(AUTOEVENTO=\"Manual\",$M36=$A$15),$M36>(ROW(PLE.lastrow)-ROW(PLE.firstrow))),0,\n           IF(OFFSET(PLE!$G$15,$M36-$A$15,DF$13)=\"\",10^12,OFFSET(PLE!$G$15,$M36-$A$15,DF$13)))","v":1000000000000},{"$f":"IF(OR($D36<>\"Serviço\",AND(AUTOEVENTO=\"Manual\",$M36=$A$15),$M36>(ROW(PLE.lastrow)-ROW(PLE.firstrow))),0,\n           IF(OFFSET(PLE!$G$15,$M36-$A$15,DG$13)=\"\",10^12,OFFSET(PLE!$G$15,$M36-$A$15,DG$13)))","v":1000000000000},{"$f":"IF(OR($D36<>\"Serviço\",AND(AUTOEVENTO=\"Manual\",$M36=$A$15),$M36>(ROW(PLE.lastrow)-ROW(PLE.firstrow))),0,\n           IF(OFFSET(PLE!$G$15,$M36-$A$15,DH$13)=\"\",10^12,OFFSET(PLE!$G$15,$M36-$A$15,DH$13)))","v":1000000000000},{"$f":"IF(OR($D36<>\"Serviço\",AND(AUTOEVENTO=\"Manual\",$M36=$A$15),$M36>(ROW(PLE.lastrow)-ROW(PLE.firstrow))),0,\n           IF(OFFSET(PLE!$G$15,$M36-$A$15,DI$13)=\"\",10^12,OFFSET(PLE!$G$15,$M36-$A$15,DI$13)))","v":1000000000000},{"$f":"IF(OR($D36<>\"Serviço\",AND(AUTOEVENTO=\"Manual\",$M36=$A$15),$M36>(ROW(PLE.lastrow)-ROW(PLE.firstrow))),0,\n           IF(OFFSET(PLE!$G$15,$M36-$A$15,DJ$13)=\"\",10^12,OFFSET(PLE!$G$15,$M36-$A$15,DJ$13)))","v":1000000000000},{"$f":"IF(OR($D36<>\"Serviço\",AND(AUTOEVENTO=\"Manual\",$M36=$A$15),$M36>(ROW(PLE.lastrow)-ROW(PLE.firstrow))),0,\n           IF(OFFSET(PLE!$G$15,$M36-$A$15,DK$13)=\"\",10^12,OFFSET(PLE!$G$15,$M36-$A$15,DK$13)))","v":1000000000000},{"$f":"IF(OR($D36<>\"Serviço\",AND(AUTOEVENTO=\"Manual\",$M36=$A$15),$M36>(ROW(PLE.lastrow)-ROW(PLE.firstrow))),0,\n           IF(OFFSET(PLE!$G$15,$M36-$A$15,DL$13)=\"\",10^12,OFFSET(PLE!$G$15,$M36-$A$15,DL$13)))","v":1000000000000},{"$f":"IF(OR($D36<>\"Serviço\",AND(AUTOEVENTO=\"Manual\",$M36=$A$15),$M36>(ROW(PLE.lastrow)-ROW(PLE.firstrow))),0,\n           IF(OFFSET(PLE!$G$15,$M36-$A$15,DM$13)=\"\",10^12,OFFSET(PLE!$G$15,$M36-$A$15,DM$13)))","v":1000000000000},{"$f":"IF(OR($D36<>\"Serviço\",AND(AUTOEVENTO=\"Manual\",$M36=$A$15),$M36>(ROW(PLE.lastrow)-ROW(PLE.firstrow))),0,\n           IF(OFFSET(PLE!$G$15,$M36-$A$15,DN$13)=\"\",10^12,OFFSET(PLE!$G$15,$M36-$A$15,DN$13)))","v":1000000000000},{"$f":"IF(OR($D36<>\"Serviço\",AND(AUTOEVENTO=\"Manual\",$M36=$A$15),$M36>(ROW(PLE.lastrow)-ROW(PLE.firstrow))),0,\n           IF(OFFSET(PLE!$G$15,$M36-$A$15,DO$13)=\"\",10^12,OFFSET(PLE!$G$15,$M36-$A$15,DO$13)))","v":1000000000000},{"$f":"IF(OR($D36<>\"Serviço\",AND(AUTOEVENTO=\"Manual\",$M36=$A$15),$M36>(ROW(PLE.lastrow)-ROW(PLE.firstrow))),0,\n           IF(OFFSET(PLE!$G$15,$M36-$A$15,DP$13)=\"\",10^12,OFFSET(PLE!$G$15,$M36-$A$15,DP$13)))","v":1000000000000},{"$f":"IF(OR($D36<>\"Serviço\",AND(AUTOEVENTO=\"Manual\",$M36=$A$15),$M36>(ROW(PLE.lastrow)-ROW(PLE.firstrow))),0,\n           IF(OFFSET(PLE!$G$15,$M36-$A$15,DQ$13)=\"\",10^12,OFFSET(PLE!$G$15,$M36-$A$15,DQ$13)))","v":1000000000000},{"$f":"IF(OR($D36<>\"Serviço\",AND(AUTOEVENTO=\"Manual\",$M36=$A$15),$M36>(ROW(PLE.lastrow)-ROW(PLE.firstrow))),0,\n           IF(OFFSET(PLE!$G$15,$M36-$A$15,DR$13)=\"\",10^12,OFFSET(PLE!$G$15,$M36-$A$15,DR$13)))","v":1000000000000},{"$f":"IF(OR($D36<>\"Serviço\",AND(AUTOEVENTO=\"Manual\",$M36=$A$15),$M36>(ROW(PLE.lastrow)-ROW(PLE.firstrow))),0,\n           IF(OFFSET(PLE!$G$15,$M36-$A$15,DS$13)=\"\",10^12,OFFSET(PLE!$G$15,$M36-$A$15,DS$13)))","v":1000000000000}]
["18",{"$f":"OFFSET(ORÇAMENTO!C$15,$L37,0)","v":"S"},{"$f":"OFFSET(ORÇAMENTO!L$15,$L37,0)","v":"F"},{"$f":"OFFSET(ORÇAMENTO!N$15,$L37,0)","v":"Serviço"},{"$f":"OFFSET(ORÇAMENTO!O$15,$L37,0)","v":"1.3.1.2.4."},{"$f":"OFFSET(ORÇAMENTO!R$15,$L37,0)","v":"ARMAÇÃO DE SAPATA ISOLADA, VIGA BALDRAME E SAPATA CORRIDA UTILIZANDO AÇO CA-50 DE 8 MM - MONTAGEM. AF_01/2024"},{"$f":"IF($D37<>\"Serviço\",\"\",OFFSET(ORÇAMENTO!S$15,$L37,0))","v":"KG"},{"$f":"IF($D37<>\"Serviço\",0,IF(ACOMPANHAMENTO=\"BM\",ROUND(OFFSET(ORÇAMENTO!AJ$15,$L37,0),15-13*ORÇAMENTO!$AF$7),IF(IFERROR(CÁLCULO.FrentesPreenchidas,0)=0,0,SUM(ROUND(OFFSET($P37,0,1,1,CÁLCULO.FrentesPreenchidas),15-13*ORÇAMENTO!$AF$7)))))","v":402},"Conforme modelo disponibilizado pela CAIXA",{"$f":"IF(OR(B37<>\"S\",CÁLCULO.FrentesPreenchidas=0),\"\",IF(AND(ACOMPANHAMENTO=\"PLE\",AUTOEVENTO=\"Manual\",OR(H37>0,ORÇAMENTO!AC37=\"QUANT.\"),OR(K37=\"\",M37=0,N37=\"\")),\"►E\",IF(AND(ACOMPANHAMENTO=\"PLE\",ORÇAMENTO!AC37=\"QUANT.\"),\"►Q\",IF(AND(ACOMPANHAMENTO=\"PLE\",H37<>SUMPRODUCT(($Q$1:$AQ$1=1)*ROUND(Q37:AQ37,15))),\"►S\",IF(AND(COUNTIF($P$11:$AQ$11,\"▼\")=0,H37>0,I37=\"\"),\"◄M\",\"\")))))","v":""},"4. BALDRAMES",22,{"$f":"IF($D37<>\"Serviço\",\"\",\n          IF(AUTOEVENTO=\"manual\",$A37,\n                IF(ISERROR(MATCH($A37,$A$15:OFFSET($A37,-1,0),0)),MAX($M$15:OFFSET(M37,-1,0))+1,\n                      INDEX($M$15:OFFSET(M37,-1,0),MATCH($A37,$A$15:OFFSET($A37,-1,0),0)))))","v":4},{"$f":"IF($D37<>\"Serviço\",\"\",\n         IF(AUTOEVENTO=\"Manual\",\n                IF($A37=0,\"<-- defina o número do agrupador\",\n                       OFFSET(EVENTOS!$D$15,$A37-$A$15,0)),\n                OFFSET($F$15,$A37,0)))","v":"BALDRAMES"},null,null,80.400000000000006,80.400000000000006,80.400000000000006,80.400000000000006,80.400000000000006,null,null,null,null,null,null,null,null,null,null,null,null,null,null,null,null,null,null,null,null,null,null,{"$f":"IF(AND($D37=\"Serviço\",AR$12<>0,$H37>0,OR(AUTOEVENTO<>\"manual\",$M37<>$A$15)),\n        IF(Import.TipoArredondamento<>\"TransfereGOV\",\n              ROUND(OFFSET($P37,0,AR$13),15-13*ORÇAMENTO!$AF$7)/$H37*OFFSET(ORÇAMENTO!$X$15,ROW(AR37)-ROW(AR$15),0),\n              ROUND(ROUND(OFFSET($P37,0,AR$13),15-13*ORÇAMENTO!$AF$7)*OFFSET(ORÇAMENTO!$W$15,ROW(AR37)-ROW(AR$15),0),15-13*ORÇAMENTO!$AF$11)),\n         0)","v":1345.09},{"$f":"IF(AND($D37=\"Serviço\",AS$12<>0,$H37>0,OR(AUTOEVENTO<>\"manual\",$M37<>$A$15)),\n        IF(Import.TipoArredondamento<>\"TransfereGOV\",\n              ROUND(OFFSET($P37,0,AS$13),15-13*ORÇAMENTO!$AF$7)/$H37*OFFSET(ORÇAMENTO!$X$15,ROW(AS37)-ROW(AS$15),0),\n              ROUND(ROUND(OFFSET($P37,0,AS$13),15-13*ORÇAMENTO!$AF$7)*OFFSET(ORÇAMENTO!$W$15,ROW(AS37)-ROW(AS$15),0),15-13*ORÇAMENTO!$AF$11)),\n         0)","v":1345.09},{"$f":"IF(AND($D37=\"Serviço\",AT$12<>0,$H37>0,OR(AUTOEVENTO<>\"manual\",$M37<>$A$15)),\n        IF(Import.TipoArredondamento<>\"TransfereGOV\",\n              ROUND(OFFSET($P37,0,AT$13),15-13*ORÇAMENTO!$AF$7)/$H37*OFFSET(ORÇAMENTO!$X$15,ROW(AT37)-ROW(AT$15),0),\n              ROUND(ROUND(OFFSET($P37,0,AT$13),15-13*ORÇAMENTO!$AF$7)*OFFSET(ORÇAMENTO!$W$15,ROW(AT37)-ROW(AT$15),0),15-13*ORÇAMENTO!$AF$11)),\n         0)","v":1345.09},{"$f":"IF(AND($D37=\"Serviço\",AU$12<>0,$H37>0,OR(AUTOEVENTO<>\"manual\",$M37<>$A$15)),\n        IF(Import.TipoArredondamento<>\"TransfereGOV\",\n              ROUND(OFFSET($P37,0,AU$13),15-13*ORÇAMENTO!$AF$7)/$H37*OFFSET(ORÇAMENTO!$X$15,ROW(AU37)-ROW(AU$15),0),\n              ROUND(ROUND(OFFSET($P37,0,AU$13),15-13*ORÇAMENTO!$AF$7)*OFFSET(ORÇAMENTO!$W$15,ROW(AU37)-ROW(AU$15),0),15-13*ORÇAMENTO!$AF$11)),\n         0)","v":1345.09},{"$f":"IF(AND($D37=\"Serviço\",AV$12<>0,$H37>0,OR(AUTOEVENTO<>\"manual\",$M37<>$A$15)),\n        IF(Import.TipoArredondamento<>\"TransfereGOV\",\n              ROUND(OFFSET($P37,0,AV$13),15-13*ORÇAMENTO!$AF$7)/$H37*OFFSET(ORÇAMENTO!$X$15,ROW(AV37)-ROW(AV$15),0),\n              ROUND(ROUND(OFFSET($P37,0,AV$13),15-13*ORÇAMENTO!$AF$7)*OFFSET(ORÇAMENTO!$W$15,ROW(AV37)-ROW(AV$15),0),15-13*ORÇAMENTO!$AF$11)),\n         0)","v":1345.09},{"$f":"IF(AND($D37=\"Serviço\",AW$12<>0,$H37>0,OR(AUTOEVENTO<>\"manual\",$M37<>$A$15)),\n        IF(Import.TipoArredondamento<>\"TransfereGOV\",\n              ROUND(OFFSET($P37,0,AW$13),15-13*ORÇAMENTO!$AF$7)/$H37*OFFSET(ORÇAMENTO!$X$15,ROW(AW37)-ROW(AW$15),0),\n              ROUND(ROUND(OFFSET($P37,0,AW$13),15-13*ORÇAMENTO!$AF$7)*OFFSET(ORÇAMENTO!$W$15,ROW(AW37)-ROW(AW$15),0),15-13*ORÇAMENTO!$AF$11)),\n         0)","v":0},{"$f":"IF(AND($D37=\"Serviço\",AX$12<>0,$H37>0,OR(AUTOEVENTO<>\"manual\",$M37<>$A$15)),\n        IF(Import.TipoArredondamento<>\"TransfereGOV\",\n              ROUND(OFFSET($P37,0,AX$13),15-13*ORÇAMENTO!$AF$7)/$H37*OFFSET(ORÇAMENTO!$X$15,ROW(AX37)-ROW(AX$15),0),\n              ROUND(ROUND(OFFSET($P37,0,AX$13),15-13*ORÇAMENTO!$AF$7)*OFFSET(ORÇAMENTO!$W$15,ROW(AX37)-ROW(AX$15),0),15-13*ORÇAMENTO!$AF$11)),\n         0)","v":0},{"$f":"IF(AND($D37=\"Serviço\",AY$12<>0,$H37>0,OR(AUTOEVENTO<>\"manual\",$M37<>$A$15)),\n        IF(Import.TipoArredondamento<>\"TransfereGOV\",\n              ROUND(OFFSET($P37,0,AY$13),15-13*ORÇAMENTO!$AF$7)/$H37*OFFSET(ORÇAMENTO!$X$15,ROW(AY37)-ROW(AY$15),0),\n              ROUND(ROUND(OFFSET($P37,0,AY$13),15-13*ORÇAMENTO!$AF$7)*OFFSET(ORÇAMENTO!$W$15,ROW(AY37)-ROW(AY$15),0),15-13*ORÇAMENTO!$AF$11)),\n         0)","v":0},{"$f":"IF(AND($D37=\"Serviço\",AZ$12<>0,$H37>0,OR(AUTOEVENTO<>\"manual\",$M37<>$A$15)),\n        IF(Import.TipoArredondamento<>\"TransfereGOV\",\n              ROUND(OFFSET($P37,0,AZ$13),15-13*ORÇAMENTO!$AF$7)/$H37*OFFSET(ORÇAMENTO!$X$15,ROW(AZ37)-ROW(AZ$15),0),\n              ROUND(ROUND(OFFSET($P37,0,AZ$13),15-13*ORÇAMENTO!$AF$7)*OFFSET(ORÇAMENTO!$W$15,ROW(AZ37)-ROW(AZ$15),0),15-13*ORÇAMENTO!$AF$11)),\n         0)","v":0},{"$f":"IF(AND($D37=\"Serviço\",BA$12<>0,$H37>0,OR(AUTOEVENTO<>\"manual\",$M37<>$A$15)),\n        IF(Import.TipoArredondamento<>\"TransfereGOV\",\n              ROUND(OFFSET($P37,0,BA$13),15-13*ORÇAMENTO!$AF$7)/$H37*OFFSET(ORÇAMENTO!$X$15,ROW(BA37)-ROW(BA$15),0),\n              ROUND(ROUND(OFFSET($P37,0,BA$13),15-13*ORÇAMENTO!$AF$7)*OFFSET(ORÇAMENTO!$W$15,ROW(BA37)-ROW(BA$15),0),15-13*ORÇAMENTO!$AF$11)),\n         0)","v":0},{"$f":"IF(AND($D37=\"Serviço\",BB$12<>0,$H37>0,OR(AUTOEVENTO<>\"manual\",$M37<>$A$15)),\n        IF(Import.TipoArredondamento<>\"TransfereGOV\",\n              ROUND(OFFSET($P37,0,BB$13),15-13*ORÇAMENTO!$AF$7)/$H37*OFFSET(ORÇAMENTO!$X$15,ROW(BB37)-ROW(BB$15),0),\n              ROUND(ROUND(OFFSET($P37,0,BB$13),15-13*ORÇAMENTO!$AF$7)*OFFSET(ORÇAMENTO!$W$15,ROW(BB37)-ROW(BB$15),0),15-13*ORÇAMENTO!$AF$11)),\n         0)","v":0},{"$f":"IF(AND($D37=\"Serviço\",BC$12<>0,$H37>0,OR(AUTOEVENTO<>\"manual\",$M37<>$A$15)),\n        IF(Import.TipoArredondamento<>\"TransfereGOV\",\n              ROUND(OFFSET($P37,0,BC$13),15-13*ORÇAMENTO!$AF$7)/$H37*OFFSET(ORÇAMENTO!$X$15,ROW(BC37)-ROW(BC$15),0),\n              ROUND(ROUND(OFFSET($P37,0,BC$13),15-13*ORÇAMENTO!$AF$7)*OFFSET(ORÇAMENTO!$W$15,ROW(BC37)-ROW(BC$15),0),15-13*ORÇAMENTO!$AF$11)),\n         0)","v":0},{"$f":"IF(AND($D37=\"Serviço\",BD$12<>0,$H37>0,OR(AUTOEVENTO<>\"manual\",$M37<>$A$15)),\n        IF(Import.TipoArredondamento<>\"TransfereGOV\",\n              ROUND(OFFSET($P37,0,BD$13),15-13*ORÇAMENTO!$AF$7)/$H37*OFFSET(ORÇAMENTO!$X$15,ROW(BD37)-ROW(BD$15),0),\n              ROUND(ROUND(OFFSET($P37,0,BD$13),15-13*ORÇAMENTO!$AF$7)*OFFSET(ORÇAMENTO!$W$15,ROW(BD37)-ROW(BD$15),0),15-13*ORÇAMENTO!$AF$11)),\n         0)","v":0},{"$f":"IF(AND($D37=\"Serviço\",BE$12<>0,$H37>0,OR(AUTOEVENTO<>\"manual\",$M37<>$A$15)),\n        IF(Import.TipoArredondamento<>\"TransfereGOV\",\n              ROUND(OFFSET($P37,0,BE$13),15-13*ORÇAMENTO!$AF$7)/$H37*OFFSET(ORÇAMENTO!$X$15,ROW(BE37)-ROW(BE$15),0),\n              ROUND(ROUND(OFFSET($P37,0,BE$13),15-13*ORÇAMENTO!$AF$7)*OFFSET(ORÇAMENTO!$W$15,ROW(BE37)-ROW(BE$15),0),15-13*ORÇAMENTO!$AF$11)),\n         0)","v":0},{"$f":"IF(AND($D37=\"Serviço\",BF$12<>0,$H37>0,OR(AUTOEVENTO<>\"manual\",$M37<>$A$15)),\n        IF(Import.TipoArredondamento<>\"TransfereGOV\",\n              ROUND(OFFSET($P37,0,BF$13),15-13*ORÇAMENTO!$AF$7)/$H37*OFFSET(ORÇAMENTO!$X$15,ROW(BF37)-ROW(BF$15),0),\n              ROUND(ROUND(OFFSET($P37,0,BF$13),15-13*ORÇAMENTO!$AF$7)*OFFSET(ORÇAMENTO!$W$15,ROW(BF37)-ROW(BF$15),0),15-13*ORÇAMENTO!$AF$11)),\n         0)","v":0},{"$f":"IF(AND($D37=\"Serviço\",BG$12<>0,$H37>0,OR(AUTOEVENTO<>\"manual\",$M37<>$A$15)),\n        IF(Import.TipoArredondamento<>\"TransfereGOV\",\n              ROUND(OFFSET($P37,0,BG$13),15-13*ORÇAMENTO!$AF$7)/$H37*OFFSET(ORÇAMENTO!$X$15,ROW(BG37)-ROW(BG$15),0),\n              ROUND(ROUND(OFFSET($P37,0,BG$13),15-13*ORÇAMENTO!$AF$7)*OFFSET(ORÇAMENTO!$W$15,ROW(BG37)-ROW(BG$15),0),15-13*ORÇAMENTO!$AF$11)),\n         0)","v":0},{"$f":"IF(AND($D37=\"Serviço\",BH$12<>0,$H37>0,OR(AUTOEVENTO<>\"manual\",$M37<>$A$15)),\n        IF(Import.TipoArredondamento<>\"TransfereGOV\",\n              ROUND(OFFSET($P37,0,BH$13),15-13*ORÇAMENTO!$AF$7)/$H37*OFFSET(ORÇAMENTO!$X$15,ROW(BH37)-ROW(BH$15),0),\n              ROUND(ROUND(OFFSET($P37,0,BH$13),15-13*ORÇAMENTO!$AF$7)*OFFSET(ORÇAMENTO!$W$15,ROW(BH37)-ROW(BH$15),0),15-13*ORÇAMENTO!$AF$11)),\n         0)","v":0},{"$f":"IF(AND($D37=\"Serviço\",BI$12<>0,$H37>0,OR(AUTOEVENTO<>\"manual\",$M37<>$A$15)),\n        IF(Import.TipoArredondamento<>\"TransfereGOV\",\n              ROUND(OFFSET($P37,0,BI$13),15-13*ORÇAMENTO!$AF$7)/$H37*OFFSET(ORÇAMENTO!$X$15,ROW(BI37)-ROW(BI$15),0),\n              ROUND(ROUND(OFFSET($P37,0,BI$13),15-13*ORÇAMENTO!$AF$7)*OFFSET(ORÇAMENTO!$W$15,ROW(BI37)-ROW(BI$15),0),15-13*ORÇAMENTO!$AF$11)),\n         0)","v":0},{"$f":"IF(AND($D37=\"Serviço\",BJ$12<>0,$H37>0,OR(AUTOEVENTO<>\"manual\",$M37<>$A$15)),\n        IF(Import.TipoArredondamento<>\"TransfereGOV\",\n              ROUND(OFFSET($P37,0,BJ$13),15-13*ORÇAMENTO!$AF$7)/$H37*OFFSET(ORÇAMENTO!$X$15,ROW(BJ37)-ROW(BJ$15),0),\n              ROUND(ROUND(OFFSET($P37,0,BJ$13),15-13*ORÇAMENTO!$AF$7)*OFFSET(ORÇAMENTO!$W$15,ROW(BJ37)-ROW(BJ$15),0),15-13*ORÇAMENTO!$AF$11)),\n         0)","v":0},{"$f":"IF(AND($D37=\"Serviço\",BK$12<>0,$H37>0,OR(AUTOEVENTO<>\"manual\",$M37<>$A$15)),\n        IF(Import.TipoArredondamento<>\"TransfereGOV\",\n              ROUND(OFFSET($P37,0,BK$13),15-13*ORÇAMENTO!$AF$7)/$H37*OFFSET(ORÇAMENTO!$X$15,ROW(BK37)-ROW(BK$15),0),\n              ROUND(ROUND(OFFSET($P37,0,BK$13),15-13*ORÇAMENTO!$AF$7)*OFFSET(ORÇAMENTO!$W$15,ROW(BK37)-ROW(BK$15),0),15-13*ORÇAMENTO!$AF$11)),\n         0)","v":0},{"$f":"IF(AND($D37=\"Serviço\",BL$12<>0,$H37>0,OR(AUTOEVENTO<>\"manual\",$M37<>$A$15)),\n        IF(Import.TipoArredondamento<>\"TransfereGOV\",\n              ROUND(OFFSET($P37,0,BL$13),15-13*ORÇAMENTO!$AF$7)/$H37*OFFSET(ORÇAMENTO!$X$15,ROW(BL37)-ROW(BL$15),0),\n              ROUND(ROUND(OFFSET($P37,0,BL$13),15-13*ORÇAMENTO!$AF$7)*OFFSET(ORÇAMENTO!$W$15,ROW(BL37)-ROW(BL$15),0),15-13*ORÇAMENTO!$AF$11)),\n         0)","v":0},{"$f":"IF(AND($D37=\"Serviço\",BM$12<>0,$H37>0,OR(AUTOEVENTO<>\"manual\",$M37<>$A$15)),\n        IF(Import.TipoArredondamento<>\"TransfereGOV\",\n              ROUND(OFFSET($P37,0,BM$13),15-13*ORÇAMENTO!$AF$7)/$H37*OFFSET(ORÇAMENTO!$X$15,ROW(BM37)-ROW(BM$15),0),\n              ROUND(ROUND(OFFSET($P37,0,BM$13),15-13*ORÇAMENTO!$AF$7)*OFFSET(ORÇAMENTO!$W$15,ROW(BM37)-ROW(BM$15),0),15-13*ORÇAMENTO!$AF$11)),\n         0)","v":0},{"$f":"IF(AND($D37=\"Serviço\",BN$12<>0,$H37>0,OR(AUTOEVENTO<>\"manual\",$M37<>$A$15)),\n        IF(Import.TipoArredondamento<>\"TransfereGOV\",\n              ROUND(OFFSET($P37,0,BN$13),15-13*ORÇAMENTO!$AF$7)/$H37*OFFSET(ORÇAMENTO!$X$15,ROW(BN37)-ROW(BN$15),0),\n              ROUND(ROUND(OFFSET($P37,0,BN$13),15-13*ORÇAMENTO!$AF$7)*OFFSET(ORÇAMENTO!$W$15,ROW(BN37)-ROW(BN$15),0),15-13*ORÇAMENTO!$AF$11)),\n         0)","v":0},{"$f":"IF(AND($D37=\"Serviço\",BO$12<>0,$H37>0,OR(AUTOEVENTO<>\"manual\",$M37<>$A$15)),\n        IF(Import.TipoArredondamento<>\"TransfereGOV\",\n              ROUND(OFFSET($P37,0,BO$13),15-13*ORÇAMENTO!$AF$7)/$H37*OFFSET(ORÇAMENTO!$X$15,ROW(BO37)-ROW(BO$15),0),\n              ROUND(ROUND(OFFSET($P37,0,BO$13),15-13*ORÇAMENTO!$AF$7)*OFFSET(ORÇAMENTO!$W$15,ROW(BO37)-ROW(BO$15),0),15-13*ORÇAMENTO!$AF$11)),\n         0)","v":0},{"$f":"IF(AND($D37=\"Serviço\",BP$12<>0,$H37>0,OR(AUTOEVENTO<>\"manual\",$M37<>$A$15)),\n        IF(Import.TipoArredondamento<>\"TransfereGOV\",\n              ROUND(OFFSET($P37,0,BP$13),15-13*ORÇAMENTO!$AF$7)/$H37*OFFSET(ORÇAMENTO!$X$15,ROW(BP37)-ROW(BP$15),0),\n              ROUND(ROUND(OFFSET($P37,0,BP$13),15-13*ORÇAMENTO!$AF$7)*OFFSET(ORÇAMENTO!$W$15,ROW(BP37)-ROW(BP$15),0),15-13*ORÇAMENTO!$AF$11)),\n         0)","v":0},{"$f":"IF(AND($D37=\"Serviço\",BQ$12<>0,$H37>0,OR(AUTOEVENTO<>\"manual\",$M37<>$A$15)),\n        IF(Import.TipoArredondamento<>\"TransfereGOV\",\n              ROUND(OFFSET($P37,0,BQ$13),15-13*ORÇAMENTO!$AF$7)/$H37*OFFSET(ORÇAMENTO!$X$15,ROW(BQ37)-ROW(BQ$15),0),\n              ROUND(ROUND(OFFSET($P37,0,BQ$13),15-13*ORÇAMENTO!$AF$7)*OFFSET(ORÇAMENTO!$W$15,ROW(BQ37)-ROW(BQ$15),0),15-13*ORÇAMENTO!$AF$11)),\n         0)","v":0},null,{"$f":"IF(OR($D37<>\"Serviço\",AND(AUTOEVENTO=\"Manual\",$M37=$A$15)),0,\n         IF(OFFSET(CRONOPLE!$F$15,$M37-$A$15,BS$13)=0,10^12,OFFSET(CRONOPLE!$F$15,$M37-$A$15,BS$13)))","v":1},{"$f":"IF(OR($D37<>\"Serviço\",AND(AUTOEVENTO=\"Manual\",$M37=$A$15)),0,\n         IF(OFFSET(CRONOPLE!$F$15,$M37-$A$15,BT$13)=0,10^12,OFFSET(CRONOPLE!$F$15,$M37-$A$15,BT$13)))","v":1},{"$f":"IF(OR($D37<>\"Serviço\",AND(AUTOEVENTO=\"Manual\",$M37=$A$15)),0,\n         IF(OFFSET(CRONOPLE!$F$15,$M37-$A$15,BU$13)=0,10^12,OFFSET(CRONOPLE!$F$15,$M37-$A$15,BU$13)))","v":1},{"$f":"IF(OR($D37<>\"Serviço\",AND(AUTOEVENTO=\"Manual\",$M37=$A$15)),0,\n         IF(OFFSET(CRONOPLE!$F$15,$M37-$A$15,BV$13)=0,10^12,OFFSET(CRONOPLE!$F$15,$M37-$A$15,BV$13)))","v":1},{"$f":"IF(OR($D37<>\"Serviço\",AND(AUTOEVENTO=\"Manual\",$M37=$A$15)),0,\n         IF(OFFSET(CRONOPLE!$F$15,$M37-$A$15,BW$13)=0,10^12,OFFSET(CRONOPLE!$F$15,$M37-$A$15,BW$13)))","v":1},{"$f":"IF(OR($D37<>\"Serviço\",AND(AUTOEVENTO=\"Manual\",$M37=$A$15)),0,\n         IF(OFFSET(CRONOPLE!$F$15,$M37-$A$15,BX$13)=0,10^12,OFFSET(CRONOPLE!$F$15,$M37-$A$15,BX$13)))","v":1},{"$f":"IF(OR($D37<>\"Serviço\",AND(AUTOEVENTO=\"Manual\",$M37=$A$15)),0,\n         IF(OFFSET(CRONOPLE!$F$15,$M37-$A$15,BY$13)=0,10^12,OFFSET(CRONOPLE!$F$15,$M37-$A$15,BY$13)))","v":1},{"$f":"IF(OR($D37<>\"Serviço\",AND(AUTOEVENTO=\"Manual\",$M37=$A$15)),0,\n         IF(OFFSET(CRONOPLE!$F$15,$M37-$A$15,BZ$13)=0,10^12,OFFSET(CRONOPLE!$F$15,$M37-$A$15,BZ$13)))","v":7},{"$f":"IF(OR($D37<>\"Serviço\",AND(AUTOEVENTO=\"Manual\",$M37=$A$15)),0,\n         IF(OFFSET(CRONOPLE!$F$15,$M37-$A$15,CA$13)=0,10^12,OFFSET(CRONOPLE!$F$15,$M37-$A$15,CA$13)))","v":7},{"$f":"IF(OR($D37<>\"Serviço\",AND(AUTOEVENTO=\"Manual\",$M37=$A$15)),0,\n         IF(OFFSET(CRONOPLE!$F$15,$M37-$A$15,CB$13)=0,10^12,OFFSET(CRONOPLE!$F$15,$M37-$A$15,CB$13)))","v":7},{"$f":"IF(OR($D37<>\"Serviço\",AND(AUTOEVENTO=\"Manual\",$M37=$A$15)),0,\n         IF(OFFSET(CRONOPLE!$F$15,$M37-$A$15,CC$13)=0,10^12,OFFSET(CRONOPLE!$F$15,$M37-$A$15,CC$13)))","v":13},{"$f":"IF(OR($D37<>\"Serviço\",AND(AUTOEVENTO=\"Manual\",$M37=$A$15)),0,\n         IF(OFFSET(CRONOPLE!$F$15,$M37-$A$15,CD$13)=0,10^12,OFFSET(CRONOPLE!$F$15,$M37-$A$15,CD$13)))","v":13},{"$f":"IF(OR($D37<>\"Serviço\",AND(AUTOEVENTO=\"Manual\",$M37=$A$15)),0,\n         IF(OFFSET(CRONOPLE!$F$15,$M37-$A$15,CE$13)=0,10^12,OFFSET(CRONOPLE!$F$15,$M37-$A$15,CE$13)))","v":13},{"$f":"IF(OR($D37<>\"Serviço\",AND(AUTOEVENTO=\"Manual\",$M37=$A$15)),0,\n         IF(OFFSET(CRONOPLE!$F$15,$M37-$A$15,CF$13)=0,10^12,OFFSET(CRONOPLE!$F$15,$M37-$A$15,CF$13)))","v":13},{"$f":"IF(OR($D37<>\"Serviço\",AND(AUTOEVENTO=\"Manual\",$M37=$A$15)),0,\n         IF(OFFSET(CRONOPLE!$F$15,$M37-$A$15,CG$13)=0,10^12,OFFSET(CRONOPLE!$F$15,$M37-$A$15,CG$13)))","v":13},{"$f":"IF(OR($D37<>\"Serviço\",AND(AUTOEVENTO=\"Manual\",$M37=$A$15)),0,\n         IF(OFFSET(CRONOPLE!$F$15,$M37-$A$15,CH$13)=0,10^12,OFFSET(CRONOPLE!$F$15,$M37-$A$15,CH$13)))","v":19},{"$f":"IF(OR($D37<>\"Serviço\",AND(AUTOEVENTO=\"Manual\",$M37=$A$15)),0,\n         IF(OFFSET(CRONOPLE!$F$15,$M37-$A$15,CI$13)=0,10^12,OFFSET(CRONOPLE!$F$15,$M37-$A$15,CI$13)))","v":19},{"$f":"IF(OR($D37<>\"Serviço\",AND(AUTOEVENTO=\"Manual\",$M37=$A$15)),0,\n         IF(OFFSET(CRONOPLE!$F$15,$M37-$A$15,CJ$13)=0,10^12,OFFSET(CRONOPLE!$F$15,$M37-$A$15,CJ$13)))","v":19},{"$f":"IF(OR($D37<>\"Serviço\",AND(AUTOEVENTO=\"Manual\",$M37=$A$15)),0,\n         IF(OFFSET(CRONOPLE!$F$15,$M37-$A$15,CK$13)=0,10^12,OFFSET(CRONOPLE!$F$15,$M37-$A$15,CK$13)))","v":19},{"$f":"IF(OR($D37<>\"Serviço\",AND(AUTOEVENTO=\"Manual\",$M37=$A$15)),0,\n         IF(OFFSET(CRONOPLE!$F$15,$M37-$A$15,CL$13)=0,10^12,OFFSET(CRONOPLE!$F$15,$M37-$A$15,CL$13)))","v":19},{"$f":"IF(OR($D37<>\"Serviço\",AND(AUTOEVENTO=\"Manual\",$M37=$A$15)),0,\n         IF(OFFSET(CRONOPLE!$F$15,$M37-$A$15,CM$13)=0,10^12,OFFSET(CRONOPLE!$F$15,$M37-$A$15,CM$13)))","v":1000000000000},{"$f":"IF(OR($D37<>\"Serviço\",AND(AUTOEVENTO=\"Manual\",$M37=$A$15)),0,\n         IF(OFFSET(CRONOPLE!$F$15,$M37-$A$15,CN$13)=0,10^12,OFFSET(CRONOPLE!$F$15,$M37-$A$15,CN$13)))","v":1000000000000},{"$f":"IF(OR($D37<>\"Serviço\",AND(AUTOEVENTO=\"Manual\",$M37=$A$15)),0,\n         IF(OFFSET(CRONOPLE!$F$15,$M37-$A$15,CO$13)=0,10^12,OFFSET(CRONOPLE!$F$15,$M37-$A$15,CO$13)))","v":1000000000000},{"$f":"IF(OR($D37<>\"Serviço\",AND(AUTOEVENTO=\"Manual\",$M37=$A$15)),0,\n         IF(OFFSET(CRONOPLE!$F$15,$M37-$A$15,CP$13)=0,10^12,OFFSET(CRONOPLE!$F$15,$M37-$A$15,CP$13)))","v":1000000000000},{"$f":"IF(OR($D37<>\"Serviço\",AND(AUTOEVENTO=\"Manual\",$M37=$A$15)),0,\n         IF(OFFSET(CRONOPLE!$F$15,$M37-$A$15,CQ$13)=0,10^12,OFFSET(CRONOPLE!$F$15,$M37-$A$15,CQ$13)))","v":1000000000000},{"$f":"IF(OR($D37<>\"Serviço\",AND(AUTOEVENTO=\"Manual\",$M37=$A$15)),0,\n         IF(OFFSET(CRONOPLE!$F$15,$M37-$A$15,CR$13)=0,10^12,OFFSET(CRONOPLE!$F$15,$M37-$A$15,CR$13)))","v":1000000000000},null,{"$f":"IF(OR($D37<>\"Serviço\",AND(AUTOEVENTO=\"Manual\",$M37=$A$15),$M37>(ROW(PLE.lastrow)-ROW(PLE.firstrow))),0,\n           IF(OFFSET(PLE!$G$15,$M37-$A$15,CT$13)=\"\",10^12,OFFSET(PLE!$G$15,$M37-$A$15,CT$13)))","v":1000000000000},{"$f":"IF(OR($D37<>\"Serviço\",AND(AUTOEVENTO=\"Manual\",$M37=$A$15),$M37>(ROW(PLE.lastrow)-ROW(PLE.firstrow))),0,\n           IF(OFFSET(PLE!$G$15,$M37-$A$15,CU$13)=\"\",10^12,OFFSET(PLE!$G$15,$M37-$A$15,CU$13)))","v":1000000000000},{"$f":"IF(OR($D37<>\"Serviço\",AND(AUTOEVENTO=\"Manual\",$M37=$A$15),$M37>(ROW(PLE.lastrow)-ROW(PLE.firstrow))),0,\n           IF(OFFSET(PLE!$G$15,$M37-$A$15,CV$13)=\"\",10^12,OFFSET(PLE!$G$15,$M37-$A$15,CV$13)))","v":1000000000000},{"$f":"IF(OR($D37<>\"Serviço\",AND(AUTOEVENTO=\"Manual\",$M37=$A$15),$M37>(ROW(PLE.lastrow)-ROW(PLE.firstrow))),0,\n           IF(OFFSET(PLE!$G$15,$M37-$A$15,CW$13)=\"\",10^12,OFFSET(PLE!$G$15,$M37-$A$15,CW$13)))","v":1000000000000},{"$f":"IF(OR($D37<>\"Serviço\",AND(AUTOEVENTO=\"Manual\",$M37=$A$15),$M37>(ROW(PLE.lastrow)-ROW(PLE.firstrow))),0,\n           IF(OFFSET(PLE!$G$15,$M37-$A$15,CX$13)=\"\",10^12,OFFSET(PLE!$G$15,$M37-$A$15,CX$13)))","v":1000000000000},{"$f":"IF(OR($D37<>\"Serviço\",AND(AUTOEVENTO=\"Manual\",$M37=$A$15),$M37>(ROW(PLE.lastrow)-ROW(PLE.firstrow))),0,\n           IF(OFFSET(PLE!$G$15,$M37-$A$15,CY$13)=\"\",10^12,OFFSET(PLE!$G$15,$M37-$A$15,CY$13)))","v":1000000000000},{"$f":"IF(OR($D37<>\"Serviço\",AND(AUTOEVENTO=\"Manual\",$M37=$A$15),$M37>(ROW(PLE.lastrow)-ROW(PLE.firstrow))),0,\n           IF(OFFSET(PLE!$G$15,$M37-$A$15,CZ$13)=\"\",10^12,OFFSET(PLE!$G$15,$M37-$A$15,CZ$13)))","v":1000000000000},{"$f":"IF(OR($D37<>\"Serviço\",AND(AUTOEVENTO=\"Manual\",$M37=$A$15),$M37>(ROW(PLE.lastrow)-ROW(PLE.firstrow))),0,\n           IF(OFFSET(PLE!$G$15,$M37-$A$15,DA$13)=\"\",10^12,OFFSET(PLE!$G$15,$M37-$A$15,DA$13)))","v":1000000000000},{"$f":"IF(OR($D37<>\"Serviço\",AND(AUTOEVENTO=\"Manual\",$M37=$A$15),$M37>(ROW(PLE.lastrow)-ROW(PLE.firstrow))),0,\n           IF(OFFSET(PLE!$G$15,$M37-$A$15,DB$13)=\"\",10^12,OFFSET(PLE!$G$15,$M37-$A$15,DB$13)))","v":1000000000000},{"$f":"IF(OR($D37<>\"Serviço\",AND(AUTOEVENTO=\"Manual\",$M37=$A$15),$M37>(ROW(PLE.lastrow)-ROW(PLE.firstrow))),0,\n           IF(OFFSET(PLE!$G$15,$M37-$A$15,DC$13)=\"\",10^12,OFFSET(PLE!$G$15,$M37-$A$15,DC$13)))","v":1000000000000},{"$f":"IF(OR($D37<>\"Serviço\",AND(AUTOEVENTO=\"Manual\",$M37=$A$15),$M37>(ROW(PLE.lastrow)-ROW(PLE.firstrow))),0,\n           IF(OFFSET(PLE!$G$15,$M37-$A$15,DD$13)=\"\",10^12,OFFSET(PLE!$G$15,$M37-$A$15,DD$13)))","v":1000000000000},{"$f":"IF(OR($D37<>\"Serviço\",AND(AUTOEVENTO=\"Manual\",$M37=$A$15),$M37>(ROW(PLE.lastrow)-ROW(PLE.firstrow))),0,\n           IF(OFFSET(PLE!$G$15,$M37-$A$15,DE$13)=\"\",10^12,OFFSET(PLE!$G$15,$M37-$A$15,DE$13)))","v":1000000000000},{"$f":"IF(OR($D37<>\"Serviço\",AND(AUTOEVENTO=\"Manual\",$M37=$A$15),$M37>(ROW(PLE.lastrow)-ROW(PLE.firstrow))),0,\n           IF(OFFSET(PLE!$G$15,$M37-$A$15,DF$13)=\"\",10^12,OFFSET(PLE!$G$15,$M37-$A$15,DF$13)))","v":1000000000000},{"$f":"IF(OR($D37<>\"Serviço\",AND(AUTOEVENTO=\"Manual\",$M37=$A$15),$M37>(ROW(PLE.lastrow)-ROW(PLE.firstrow))),0,\n           IF(OFFSET(PLE!$G$15,$M37-$A$15,DG$13)=\"\",10^12,OFFSET(PLE!$G$15,$M37-$A$15,DG$13)))","v":1000000000000},{"$f":"IF(OR($D37<>\"Serviço\",AND(AUTOEVENTO=\"Manual\",$M37=$A$15),$M37>(ROW(PLE.lastrow)-ROW(PLE.firstrow))),0,\n           IF(OFFSET(PLE!$G$15,$M37-$A$15,DH$13)=\"\",10^12,OFFSET(PLE!$G$15,$M37-$A$15,DH$13)))","v":1000000000000},{"$f":"IF(OR($D37<>\"Serviço\",AND(AUTOEVENTO=\"Manual\",$M37=$A$15),$M37>(ROW(PLE.lastrow)-ROW(PLE.firstrow))),0,\n           IF(OFFSET(PLE!$G$15,$M37-$A$15,DI$13)=\"\",10^12,OFFSET(PLE!$G$15,$M37-$A$15,DI$13)))","v":1000000000000},{"$f":"IF(OR($D37<>\"Serviço\",AND(AUTOEVENTO=\"Manual\",$M37=$A$15),$M37>(ROW(PLE.lastrow)-ROW(PLE.firstrow))),0,\n           IF(OFFSET(PLE!$G$15,$M37-$A$15,DJ$13)=\"\",10^12,OFFSET(PLE!$G$15,$M37-$A$15,DJ$13)))","v":1000000000000},{"$f":"IF(OR($D37<>\"Serviço\",AND(AUTOEVENTO=\"Manual\",$M37=$A$15),$M37>(ROW(PLE.lastrow)-ROW(PLE.firstrow))),0,\n           IF(OFFSET(PLE!$G$15,$M37-$A$15,DK$13)=\"\",10^12,OFFSET(PLE!$G$15,$M37-$A$15,DK$13)))","v":1000000000000},{"$f":"IF(OR($D37<>\"Serviço\",AND(AUTOEVENTO=\"Manual\",$M37=$A$15),$M37>(ROW(PLE.lastrow)-ROW(PLE.firstrow))),0,\n           IF(OFFSET(PLE!$G$15,$M37-$A$15,DL$13)=\"\",10^12,OFFSET(PLE!$G$15,$M37-$A$15,DL$13)))","v":1000000000000},{"$f":"IF(OR($D37<>\"Serviço\",AND(AUTOEVENTO=\"Manual\",$M37=$A$15),$M37>(ROW(PLE.lastrow)-ROW(PLE.firstrow))),0,\n           IF(OFFSET(PLE!$G$15,$M37-$A$15,DM$13)=\"\",10^12,OFFSET(PLE!$G$15,$M37-$A$15,DM$13)))","v":1000000000000},{"$f":"IF(OR($D37<>\"Serviço\",AND(AUTOEVENTO=\"Manual\",$M37=$A$15),$M37>(ROW(PLE.lastrow)-ROW(PLE.firstrow))),0,\n           IF(OFFSET(PLE!$G$15,$M37-$A$15,DN$13)=\"\",10^12,OFFSET(PLE!$G$15,$M37-$A$15,DN$13)))","v":1000000000000},{"$f":"IF(OR($D37<>\"Serviço\",AND(AUTOEVENTO=\"Manual\",$M37=$A$15),$M37>(ROW(PLE.lastrow)-ROW(PLE.firstrow))),0,\n           IF(OFFSET(PLE!$G$15,$M37-$A$15,DO$13)=\"\",10^12,OFFSET(PLE!$G$15,$M37-$A$15,DO$13)))","v":1000000000000},{"$f":"IF(OR($D37<>\"Serviço\",AND(AUTOEVENTO=\"Manual\",$M37=$A$15),$M37>(ROW(PLE.lastrow)-ROW(PLE.firstrow))),0,\n           IF(OFFSET(PLE!$G$15,$M37-$A$15,DP$13)=\"\",10^12,OFFSET(PLE!$G$15,$M37-$A$15,DP$13)))","v":1000000000000},{"$f":"IF(OR($D37<>\"Serviço\",AND(AUTOEVENTO=\"Manual\",$M37=$A$15),$M37>(ROW(PLE.lastrow)-ROW(PLE.firstrow))),0,\n           IF(OFFSET(PLE!$G$15,$M37-$A$15,DQ$13)=\"\",10^12,OFFSET(PLE!$G$15,$M37-$A$15,DQ$13)))","v":1000000000000},{"$f":"IF(OR($D37<>\"Serviço\",AND(AUTOEVENTO=\"Manual\",$M37=$A$15),$M37>(ROW(PLE.lastrow)-ROW(PLE.firstrow))),0,\n           IF(OFFSET(PLE!$G$15,$M37-$A$15,DR$13)=\"\",10^12,OFFSET(PLE!$G$15,$M37-$A$15,DR$13)))","v":1000000000000},{"$f":"IF(OR($D37<>\"Serviço\",AND(AUTOEVENTO=\"Manual\",$M37=$A$15),$M37>(ROW(PLE.lastrow)-ROW(PLE.firstrow))),0,\n           IF(OFFSET(PLE!$G$15,$M37-$A$15,DS$13)=\"\",10^12,OFFSET(PLE!$G$15,$M37-$A$15,DS$13)))","v":1000000000000}]
["18",{"$f":"OFFSET(ORÇAMENTO!C$15,$L38,0)","v":"S"},{"$f":"OFFSET(ORÇAMENTO!L$15,$L38,0)","v":"F"},{"$f":"OFFSET(ORÇAMENTO!N$15,$L38,0)","v":"Serviço"},{"$f":"OFFSET(ORÇAMENTO!O$15,$L38,0)","v":"1.3.1.2.5."},{"$f":"OFFSET(ORÇAMENTO!R$15,$L38,0)","v":"ARMAÇÃO DE SAPATA ISOLADA, VIGA BALDRAME E SAPATA CORRIDA UTILIZANDO AÇO CA-50 DE 6,3 MM - MONTAGEM. AF_01/2024"},{"$f":"IF($D38<>\"Serviço\",\"\",OFFSET(ORÇAMENTO!S$15,$L38,0))","v":"KG"},{"$f":"IF($D38<>\"Serviço\",0,IF(ACOMPANHAMENTO=\"BM\",ROUND(OFFSET(ORÇAMENTO!AJ$15,$L38,0),15-13*ORÇAMENTO!$AF$7),IF(IFERROR(CÁLCULO.FrentesPreenchidas,0)=0,0,SUM(ROUND(OFFSET($P38,0,1,1,CÁLCULO.FrentesPreenchidas),15-13*ORÇAMENTO!$AF$7)))))","v":38.5},"Conforme modelo disponibilizado pela CAIXA",{"$f":"IF(OR(B38<>\"S\",CÁLCULO.FrentesPreenchidas=0),\"\",IF(AND(ACOMPANHAMENTO=\"PLE\",AUTOEVENTO=\"Manual\",OR(H38>0,ORÇAMENTO!AC38=\"QUANT.\"),OR(K38=\"\",M38=0,N38=\"\")),\"►E\",IF(AND(ACOMPANHAMENTO=\"PLE\",ORÇAMENTO!AC38=\"QUANT.\"),\"►Q\",IF(AND(ACOMPANHAMENTO=\"PLE\",H38<>SUMPRODUCT(($Q$1:$AQ$1=1)*ROUND(Q38:AQ38,15))),\"►S\",IF(AND(COUNTIF($P$11:$AQ$11,\"▼\")=0,H38>0,I38=\"\"),\"◄M\",\"\")))))","v":""},"4. BALDRAMES",23,{"$f":"IF($D38<>\"Serviço\",\"\",\n          IF(AUTOEVENTO=\"manual\",$A38,\n                IF(ISERROR(MATCH($A38,$A$15:OFFSET($A38,-1,0),0)),MAX($M$15:OFFSET(M38,-1,0))+1,\n                      INDEX($M$15:OFFSET(M38,-1,0),MATCH($A38,$A$15:OFFSET($A38,-1,0),0)))))","v":4},{"$f":"IF($D38<>\"Serviço\",\"\",\n         IF(AUTOEVENTO=\"Manual\",\n                IF($A38=0,\"<-- defina o número do agrupador\",\n                       OFFSET(EVENTOS!$D$15,$A38-$A$15,0)),\n                OFFSET($F$15,$A38,0)))","v":"BALDRAMES"},null,null,7.7,7.7,7.7,7.7,7.7,null,null,null,null,null,null,null,null,null,null,null,null,null,null,null,null,null,null,null,null,null,null,{"$f":"IF(AND($D38=\"Serviço\",AR$12<>0,$H38>0,OR(AUTOEVENTO<>\"manual\",$M38<>$A$15)),\n        IF(Import.TipoArredondamento<>\"TransfereGOV\",\n              ROUND(OFFSET($P38,0,AR$13),15-13*ORÇAMENTO!$AF$7)/$H38*OFFSET(ORÇAMENTO!$X$15,ROW(AR38)-ROW(AR$15),0),\n              ROUND(ROUND(OFFSET($P38,0,AR$13),15-13*ORÇAMENTO!$AF$7)*OFFSET(ORÇAMENTO!$W$15,ROW(AR38)-ROW(AR$15),0),15-13*ORÇAMENTO!$AF$11)),\n         0)","v":141.44999999999999},{"$f":"IF(AND($D38=\"Serviço\",AS$12<>0,$H38>0,OR(AUTOEVENTO<>\"manual\",$M38<>$A$15)),\n        IF(Import.TipoArredondamento<>\"TransfereGOV\",\n              ROUND(OFFSET($P38,0,AS$13),15-13*ORÇAMENTO!$AF$7)/$H38*OFFSET(ORÇAMENTO!$X$15,ROW(AS38)-ROW(AS$15),0),\n              ROUND(ROUND(OFFSET($P38,0,AS$13),15-13*ORÇAMENTO!$AF$7)*OFFSET(ORÇAMENTO!$W$15,ROW(AS38)-ROW(AS$15),0),15-13*ORÇAMENTO!$AF$11)),\n         0)","v":141.44999999999999},{"$f":"IF(AND($D38=\"Serviço\",AT$12<>0,$H38>0,OR(AUTOEVENTO<>\"manual\",$M38<>$A$15)),\n        IF(Import.TipoArredondamento<>\"TransfereGOV\",\n              ROUND(OFFSET($P38,0,AT$13),15-13*ORÇAMENTO!$AF$7)/$H38*OFFSET(ORÇAMENTO!$X$15,ROW(AT38)-ROW(AT$15),0),\n              ROUND(ROUND(OFFSET($P38,0,AT$13),15-13*ORÇAMENTO!$AF$7)*OFFSET(ORÇAMENTO!$W$15,ROW(AT38)-ROW(AT$15),0),15-13*ORÇAMENTO!$AF$11)),\n         0)","v":141.44999999999999},{"$f":"IF(AND($D38=\"Serviço\",AU$12<>0,$H38>0,OR(AUTOEVENTO<>\"manual\",$M38<>$A$15)),\n        IF(Import.TipoArredondamento<>\"TransfereGOV\",\n              ROUND(OFFSET($P38,0,AU$13),15-13*ORÇAMENTO!$AF$7)/$H38*OFFSET(ORÇAMENTO!$X$15,ROW(AU38)-ROW(AU$15),0),\n              ROUND(ROUND(OFFSET($P38,0,AU$13),15-13*ORÇAMENTO!$AF$7)*OFFSET(ORÇAMENTO!$W$15,ROW(AU38)-ROW(AU$15),0),15-13*ORÇAMENTO!$AF$11)),\n         0)","v":141.44999999999999},{"$f":"IF(AND($D38=\"Serviço\",AV$12<>0,$H38>0,OR(AUTOEVENTO<>\"manual\",$M38<>$A$15)),\n        IF(Import.TipoArredondamento<>\"TransfereGOV\",\n              ROUND(OFFSET($P38,0,AV$13),15-13*ORÇAMENTO!$AF$7)/$H38*OFFSET(ORÇAMENTO!$X$15,ROW(AV38)-ROW(AV$15),0),\n              ROUND(ROUND(OFFSET($P38,0,AV$13),15-13*ORÇAMENTO!$AF$7)*OFFSET(ORÇAMENTO!$W$15,ROW(AV38)-ROW(AV$15),0),15-13*ORÇAMENTO!$AF$11)),\n         0)","v":141.44999999999999},{"$f":"IF(AND($D38=\"Serviço\",AW$12<>0,$H38>0,OR(AUTOEVENTO<>\"manual\",$M38<>$A$15)),\n        IF(Import.TipoArredondamento<>\"TransfereGOV\",\n              ROUND(OFFSET($P38,0,AW$13),15-13*ORÇAMENTO!$AF$7)/$H38*OFFSET(ORÇAMENTO!$X$15,ROW(AW38)-ROW(AW$15),0),\n              ROUND(ROUND(OFFSET($P38,0,AW$13),15-13*ORÇAMENTO!$AF$7)*OFFSET(ORÇAMENTO!$W$15,ROW(AW38)-ROW(AW$15),0),15-13*ORÇAMENTO!$AF$11)),\n         0)","v":0},{"$f":"IF(AND($D38=\"Serviço\",AX$12<>0,$H38>0,OR(AUTOEVENTO<>\"manual\",$M38<>$A$15)),\n        IF(Import.TipoArredondamento<>\"TransfereGOV\",\n              ROUND(OFFSET($P38,0,AX$13),15-13*ORÇAMENTO!$AF$7)/$H38*OFFSET(ORÇAMENTO!$X$15,ROW(AX38)-ROW(AX$15),0),\n              ROUND(ROUND(OFFSET($P38,0,AX$13),15-13*ORÇAMENTO!$AF$7)*OFFSET(ORÇAMENTO!$W$15,ROW(AX38)-ROW(AX$15),0),15-13*ORÇAMENTO!$AF$11)),\n         0)","v":0},{"$f":"IF(AND($D38=\"Serviço\",AY$12<>0,$H38>0,OR(AUTOEVENTO<>\"manual\",$M38<>$A$15)),\n        IF(Import.TipoArredondamento<>\"TransfereGOV\",\n              ROUND(OFFSET($P38,0,AY$13),15-13*ORÇAMENTO!$AF$7)/$H38*OFFSET(ORÇAMENTO!$X$15,ROW(AY38)-ROW(AY$15),0),\n              ROUND(ROUND(OFFSET($P38,0,AY$13),15-13*ORÇAMENTO!$AF$7)*OFFSET(ORÇAMENTO!$W$15,ROW(AY38)-ROW(AY$15),0),15-13*ORÇAMENTO!$AF$11)),\n         0)","v":0},{"$f":"IF(AND($D38=\"Serviço\",AZ$12<>0,$H38>0,OR(AUTOEVENTO<>\"manual\",$M38<>$A$15)),\n        IF(Import.TipoArredondamento<>\"TransfereGOV\",\n              ROUND(OFFSET($P38,0,AZ$13),15-13*ORÇAMENTO!$AF$7)/$H38*OFFSET(ORÇAMENTO!$X$15,ROW(AZ38)-ROW(AZ$15),0),\n              ROUND(ROUND(OFFSET($P38,0,AZ$13),15-13*ORÇAMENTO!$AF$7)*OFFSET(ORÇAMENTO!$W$15,ROW(AZ38)-ROW(AZ$15),0),15-13*ORÇAMENTO!$AF$11)),\n         0)","v":0},{"$f":"IF(AND($D38=\"Serviço\",BA$12<>0,$H38>0,OR(AUTOEVENTO<>\"manual\",$M38<>$A$15)),\n        IF(Import.TipoArredondamento<>\"TransfereGOV\",\n              ROUND(OFFSET($P38,0,BA$13),15-13*ORÇAMENTO!$AF$7)/$H38*OFFSET(ORÇAMENTO!$X$15,ROW(BA38)-ROW(BA$15),0),\n              ROUND(ROUND(OFFSET($P38,0,BA$13),15-13*ORÇAMENTO!$AF$7)*OFFSET(ORÇAMENTO!$W$15,ROW(BA38)-ROW(BA$15),0),15-13*ORÇAMENTO!$AF$11)),\n         0)","v":0},{"$f":"IF(AND($D38=\"Serviço\",BB$12<>0,$H38>0,OR(AUTOEVENTO<>\"manual\",$M38<>$A$15)),\n        IF(Import.TipoArredondamento<>\"TransfereGOV\",\n              ROUND(OFFSET($P38,0,BB$13),15-13*ORÇAMENTO!$AF$7)/$H38*OFFSET(ORÇAMENTO!$X$15,ROW(BB38)-ROW(BB$15),0),\n              ROUND(ROUND(OFFSET($P38,0,BB$13),15-13*ORÇAMENTO!$AF$7)*OFFSET(ORÇAMENTO!$W$15,ROW(BB38)-ROW(BB$15),0),15-13*ORÇAMENTO!$AF$11)),\n         0)","v":0},{"$f":"IF(AND($D38=\"Serviço\",BC$12<>0,$H38>0,OR(AUTOEVENTO<>\"manual\",$M38<>$A$15)),\n        IF(Import.TipoArredondamento<>\"TransfereGOV\",\n              ROUND(OFFSET($P38,0,BC$13),15-13*ORÇAMENTO!$AF$7)/$H38*OFFSET(ORÇAMENTO!$X$15,ROW(BC38)-ROW(BC$15),0),\n              ROUND(ROUND(OFFSET($P38,0,BC$13),15-13*ORÇAMENTO!$AF$7)*OFFSET(ORÇAMENTO!$W$15,ROW(BC38)-ROW(BC$15),0),15-13*ORÇAMENTO!$AF$11)),\n         0)","v":0},{"$f":"IF(AND($D38=\"Serviço\",BD$12<>0,$H38>0,OR(AUTOEVENTO<>\"manual\",$M38<>$A$15)),\n        IF(Import.TipoArredondamento<>\"TransfereGOV\",\n              ROUND(OFFSET($P38,0,BD$13),15-13*ORÇAMENTO!$AF$7)/$H38*OFFSET(ORÇAMENTO!$X$15,ROW(BD38)-ROW(BD$15),0),\n              ROUND(ROUND(OFFSET($P38,0,BD$13),15-13*ORÇAMENTO!$AF$7)*OFFSET(ORÇAMENTO!$W$15,ROW(BD38)-ROW(BD$15),0),15-13*ORÇAMENTO!$AF$11)),\n         0)","v":0},{"$f":"IF(AND($D38=\"Serviço\",BE$12<>0,$H38>0,OR(AUTOEVENTO<>\"manual\",$M38<>$A$15)),\n        IF(Import.TipoArredondamento<>\"TransfereGOV\",\n              ROUND(OFFSET($P38,0,BE$13),15-13*ORÇAMENTO!$AF$7)/$H38*OFFSET(ORÇAMENTO!$X$15,ROW(BE38)-ROW(BE$15),0),\n              ROUND(ROUND(OFFSET($P38,0,BE$13),15-13*ORÇAMENTO!$AF$7)*OFFSET(ORÇAMENTO!$W$15,ROW(BE38)-ROW(BE$15),0),15-13*ORÇAMENTO!$AF$11)),\n         0)","v":0},{"$f":"IF(AND($D38=\"Serviço\",BF$12<>0,$H38>0,OR(AUTOEVENTO<>\"manual\",$M38<>$A$15)),\n        IF(Import.TipoArredondamento<>\"TransfereGOV\",\n              ROUND(OFFSET($P38,0,BF$13),15-13*ORÇAMENTO!$AF$7)/$H38*OFFSET(ORÇAMENTO!$X$15,ROW(BF38)-ROW(BF$15),0),\n              ROUND(ROUND(OFFSET($P38,0,BF$13),15-13*ORÇAMENTO!$AF$7)*OFFSET(ORÇAMENTO!$W$15,ROW(BF38)-ROW(BF$15),0),15-13*ORÇAMENTO!$AF$11)),\n         0)","v":0},{"$f":"IF(AND($D38=\"Serviço\",BG$12<>0,$H38>0,OR(AUTOEVENTO<>\"manual\",$M38<>$A$15)),\n        IF(Import.TipoArredondamento<>\"TransfereGOV\",\n              ROUND(OFFSET($P38,0,BG$13),15-13*ORÇAMENTO!$AF$7)/$H38*OFFSET(ORÇAMENTO!$X$15,ROW(BG38)-ROW(BG$15),0),\n              ROUND(ROUND(OFFSET($P38,0,BG$13),15-13*ORÇAMENTO!$AF$7)*OFFSET(ORÇAMENTO!$W$15,ROW(BG38)-ROW(BG$15),0),15-13*ORÇAMENTO!$AF$11)),\n         0)","v":0},{"$f":"IF(AND($D38=\"Serviço\",BH$12<>0,$H38>0,OR(AUTOEVENTO<>\"manual\",$M38<>$A$15)),\n        IF(Import.TipoArredondamento<>\"TransfereGOV\",\n              ROUND(OFFSET($P38,0,BH$13),15-13*ORÇAMENTO!$AF$7)/$H38*OFFSET(ORÇAMENTO!$X$15,ROW(BH38)-ROW(BH$15),0),\n              ROUND(ROUND(OFFSET($P38,0,BH$13),15-13*ORÇAMENTO!$AF$7)*OFFSET(ORÇAMENTO!$W$15,ROW(BH38)-ROW(BH$15),0),15-13*ORÇAMENTO!$AF$11)),\n         0)","v":0},{"$f":"IF(AND($D38=\"Serviço\",BI$12<>0,$H38>0,OR(AUTOEVENTO<>\"manual\",$M38<>$A$15)),\n        IF(Import.TipoArredondamento<>\"TransfereGOV\",\n              ROUND(OFFSET($P38,0,BI$13),15-13*ORÇAMENTO!$AF$7)/$H38*OFFSET(ORÇAMENTO!$X$15,ROW(BI38)-ROW(BI$15),0),\n              ROUND(ROUND(OFFSET($P38,0,BI$13),15-13*ORÇAMENTO!$AF$7)*OFFSET(ORÇAMENTO!$W$15,ROW(BI38)-ROW(BI$15),0),15-13*ORÇAMENTO!$AF$11)),\n         0)","v":0},{"$f":"IF(AND($D38=\"Serviço\",BJ$12<>0,$H38>0,OR(AUTOEVENTO<>\"manual\",$M38<>$A$15)),\n        IF(Import.TipoArredondamento<>\"TransfereGOV\",\n              ROUND(OFFSET($P38,0,BJ$13),15-13*ORÇAMENTO!$AF$7)/$H38*OFFSET(ORÇAMENTO!$X$15,ROW(BJ38)-ROW(BJ$15),0),\n              ROUND(ROUND(OFFSET($P38,0,BJ$13),15-13*ORÇAMENTO!$AF$7)*OFFSET(ORÇAMENTO!$W$15,ROW(BJ38)-ROW(BJ$15),0),15-13*ORÇAMENTO!$AF$11)),\n         0)","v":0},{"$f":"IF(AND($D38=\"Serviço\",BK$12<>0,$H38>0,OR(AUTOEVENTO<>\"manual\",$M38<>$A$15)),\n        IF(Import.TipoArredondamento<>\"TransfereGOV\",\n              ROUND(OFFSET($P38,0,BK$13),15-13*ORÇAMENTO!$AF$7)/$H38*OFFSET(ORÇAMENTO!$X$15,ROW(BK38)-ROW(BK$15),0),\n              ROUND(ROUND(OFFSET($P38,0,BK$13),15-13*ORÇAMENTO!$AF$7)*OFFSET(ORÇAMENTO!$W$15,ROW(BK38)-ROW(BK$15),0),15-13*ORÇAMENTO!$AF$11)),\n         0)","v":0},{"$f":"IF(AND($D38=\"Serviço\",BL$12<>0,$H38>0,OR(AUTOEVENTO<>\"manual\",$M38<>$A$15)),\n        IF(Import.TipoArredondamento<>\"TransfereGOV\",\n              ROUND(OFFSET($P38,0,BL$13),15-13*ORÇAMENTO!$AF$7)/$H38*OFFSET(ORÇAMENTO!$X$15,ROW(BL38)-ROW(BL$15),0),\n              ROUND(ROUND(OFFSET($P38,0,BL$13),15-13*ORÇAMENTO!$AF$7)*OFFSET(ORÇAMENTO!$W$15,ROW(BL38)-ROW(BL$15),0),15-13*ORÇAMENTO!$AF$11)),\n         0)","v":0},{"$f":"IF(AND($D38=\"Serviço\",BM$12<>0,$H38>0,OR(AUTOEVENTO<>\"manual\",$M38<>$A$15)),\n        IF(Import.TipoArredondamento<>\"TransfereGOV\",\n              ROUND(OFFSET($P38,0,BM$13),15-13*ORÇAMENTO!$AF$7)/$H38*OFFSET(ORÇAMENTO!$X$15,ROW(BM38)-ROW(BM$15),0),\n              ROUND(ROUND(OFFSET($P38,0,BM$13),15-13*ORÇAMENTO!$AF$7)*OFFSET(ORÇAMENTO!$W$15,ROW(BM38)-ROW(BM$15),0),15-13*ORÇAMENTO!$AF$11)),\n         0)","v":0},{"$f":"IF(AND($D38=\"Serviço\",BN$12<>0,$H38>0,OR(AUTOEVENTO<>\"manual\",$M38<>$A$15)),\n        IF(Import.TipoArredondamento<>\"TransfereGOV\",\n              ROUND(OFFSET($P38,0,BN$13),15-13*ORÇAMENTO!$AF$7)/$H38*OFFSET(ORÇAMENTO!$X$15,ROW(BN38)-ROW(BN$15),0),\n              ROUND(ROUND(OFFSET($P38,0,BN$13),15-13*ORÇAMENTO!$AF$7)*OFFSET(ORÇAMENTO!$W$15,ROW(BN38)-ROW(BN$15),0),15-13*ORÇAMENTO!$AF$11)),\n         0)","v":0},{"$f":"IF(AND($D38=\"Serviço\",BO$12<>0,$H38>0,OR(AUTOEVENTO<>\"manual\",$M38<>$A$15)),\n        IF(Import.TipoArredondamento<>\"TransfereGOV\",\n              ROUND(OFFSET($P38,0,BO$13),15-13*ORÇAMENTO!$AF$7)/$H38*OFFSET(ORÇAMENTO!$X$15,ROW(BO38)-ROW(BO$15),0),\n              ROUND(ROUND(OFFSET($P38,0,BO$13),15-13*ORÇAMENTO!$AF$7)*OFFSET(ORÇAMENTO!$W$15,ROW(BO38)-ROW(BO$15),0),15-13*ORÇAMENTO!$AF$11)),\n         0)","v":0},{"$f":"IF(AND($D38=\"Serviço\",BP$12<>0,$H38>0,OR(AUTOEVENTO<>\"manual\",$M38<>$A$15)),\n        IF(Import.TipoArredondamento<>\"TransfereGOV\",\n              ROUND(OFFSET($P38,0,BP$13),15-13*ORÇAMENTO!$AF$7)/$H38*OFFSET(ORÇAMENTO!$X$15,ROW(BP38)-ROW(BP$15),0),\n              ROUND(ROUND(OFFSET($P38,0,BP$13),15-13*ORÇAMENTO!$AF$7)*OFFSET(ORÇAMENTO!$W$15,ROW(BP38)-ROW(BP$15),0),15-13*ORÇAMENTO!$AF$11)),\n         0)","v":0},{"$f":"IF(AND($D38=\"Serviço\",BQ$12<>0,$H38>0,OR(AUTOEVENTO<>\"manual\",$M38<>$A$15)),\n        IF(Import.TipoArredondamento<>\"TransfereGOV\",\n              ROUND(OFFSET($P38,0,BQ$13),15-13*ORÇAMENTO!$AF$7)/$H38*OFFSET(ORÇAMENTO!$X$15,ROW(BQ38)-ROW(BQ$15),0),\n              ROUND(ROUND(OFFSET($P38,0,BQ$13),15-13*ORÇAMENTO!$AF$7)*OFFSET(ORÇAMENTO!$W$15,ROW(BQ38)-ROW(BQ$15),0),15-13*ORÇAMENTO!$AF$11)),\n         0)","v":0},null,{"$f":"IF(OR($D38<>\"Serviço\",AND(AUTOEVENTO=\"Manual\",$M38=$A$15)),0,\n         IF(OFFSET(CRONOPLE!$F$15,$M38-$A$15,BS$13)=0,10^12,OFFSET(CRONOPLE!$F$15,$M38-$A$15,BS$13)))","v":1},{"$f":"IF(OR($D38<>\"Serviço\",AND(AUTOEVENTO=\"Manual\",$M38=$A$15)),0,\n         IF(OFFSET(CRONOPLE!$F$15,$M38-$A$15,BT$13)=0,10^12,OFFSET(CRONOPLE!$F$15,$M38-$A$15,BT$13)))","v":1},{"$f":"IF(OR($D38<>\"Serviço\",AND(AUTOEVENTO=\"Manual\",$M38=$A$15)),0,\n         IF(OFFSET(CRONOPLE!$F$15,$M38-$A$15,BU$13)=0,10^12,OFFSET(CRONOPLE!$F$15,$M38-$A$15,BU$13)))","v":1},{"$f":"IF(OR($D38<>\"Serviço\",AND(AUTOEVENTO=\"Manual\",$M38=$A$15)),0,\n         IF(OFFSET(CRONOPLE!$F$15,$M38-$A$15,BV$13)=0,10^12,OFFSET(CRONOPLE!$F$15,$M38-$A$15,BV$13)))","v":1},{"$f":"IF(OR($D38<>\"Serviço\",AND(AUTOEVENTO=\"Manual\",$M38=$A$15)),0,\n         IF(OFFSET(CRONOPLE!$F$15,$M38-$A$15,BW$13)=0,10^12,OFFSET(CRONOPLE!$F$15,$M38-$A$15,BW$13)))","v":1},{"$f":"IF(OR($D38<>\"Serviço\",AND(AUTOEVENTO=\"Manual\",$M38=$A$15)),0,\n         IF(OFFSET(CRONOPLE!$F$15,$M38-$A$15,BX$13)=0,10^12,OFFSET(CRONOPLE!$F$15,$M38-$A$15,BX$13)))","v":1},{"$f":"IF(OR($D38<>\"Serviço\",AND(AUTOEVENTO=\"Manual\",$M38=$A$15)),0,\n         IF(OFFSET(CRONOPLE!$F$15,$M38-$A$15,BY$13)=0,10^12,OFFSET(CRONOPLE!$F$15,$M38-$A$15,BY$13)))","v":1},{"$f":"IF(OR($D38<>\"Serviço\",AND(AUTOEVENTO=\"Manual\",$M38=$A$15)),0,\n         IF(OFFSET(CRONOPLE!$F$15,$M38-$A$15,BZ$13)=0,10^12,OFFSET(CRONOPLE!$F$15,$M38-$A$15,BZ$13)))","v":7},{"$f":"IF(OR($D38<>\"Serviço\",AND(AUTOEVENTO=\"Manual\",$M38=$A$15)),0,\n         IF(OFFSET(CRONOPLE!$F$15,$M38-$A$15,CA$13)=0,10^12,OFFSET(CRONOPLE!$F$15,$M38-$A$15,CA$13)))","v":7},{"$f":"IF(OR($D38<>\"Serviço\",AND(AUTOEVENTO=\"Manual\",$M38=$A$15)),0,\n         IF(OFFSET(CRONOPLE!$F$15,$M38-$A$15,CB$13)=0,10^12,OFFSET(CRONOPLE!$F$15,$M38-$A$15,CB$13)))","v":7},{"$f":"IF(OR($D38<>\"Serviço\",AND(AUTOEVENTO=\"Manual\",$M38=$A$15)),0,\n         IF(OFFSET(CRONOPLE!$F$15,$M38-$A$15,CC$13)=0,10^12,OFFSET(CRONOPLE!$F$15,$M38-$A$15,CC$13)))","v":13},{"$f":"IF(OR($D38<>\"Serviço\",AND(AUTOEVENTO=\"Manual\",$M38=$A$15)),0,\n         IF(OFFSET(CRONOPLE!$F$15,$M38-$A$15,CD$13)=0,10^12,OFFSET(CRONOPLE!$F$15,$M38-$A$15,CD$13)))","v":13},{"$f":"IF(OR($D38<>\"Serviço\",AND(AUTOEVENTO=\"Manual\",$M38=$A$15)),0,\n         IF(OFFSET(CRONOPLE!$F$15,$M38-$A$15,CE$13)=0,10^12,OFFSET(CRONOPLE!$F$15,$M38-$A$15,CE$13)))","v":13},{"$f":"IF(OR($D38<>\"Serviço\",AND(AUTOEVENTO=\"Manual\",$M38=$A$15)),0,\n         IF(OFFSET(CRONOPLE!$F$15,$M38-$A$15,CF$13)=0,10^12,OFFSET(CRONOPLE!$F$15,$M38-$A$15,CF$13)))","v":13},{"$f":"IF(OR($D38<>\"Serviço\",AND(AUTOEVENTO=\"Manual\",$M38=$A$15)),0,\n         IF(OFFSET(CRONOPLE!$F$15,$M38-$A$15,CG$13)=0,10^12,OFFSET(CRONOPLE!$F$15,$M38-$A$15,CG$13)))","v":13},{"$f":"IF(OR($D38<>\"Serviço\",AND(AUTOEVENTO=\"Manual\",$M38=$A$15)),0,\n         IF(OFFSET(CRONOPLE!$F$15,$M38-$A$15,CH$13)=0,10^12,OFFSET(CRONOPLE!$F$15,$M38-$A$15,CH$13)))","v":19},{"$f":"IF(OR($D38<>\"Serviço\",AND(AUTOEVENTO=\"Manual\",$M38=$A$15)),0,\n         IF(OFFSET(CRONOPLE!$F$15,$M38-$A$15,CI$13)=0,10^12,OFFSET(CRONOPLE!$F$15,$M38-$A$15,CI$13)))","v":19},{"$f":"IF(OR($D38<>\"Serviço\",AND(AUTOEVENTO=\"Manual\",$M38=$A$15)),0,\n         IF(OFFSET(CRONOPLE!$F$15,$M38-$A$15,CJ$13)=0,10^12,OFFSET(CRONOPLE!$F$15,$M38-$A$15,CJ$13)))","v":19},{"$f":"IF(OR($D38<>\"Serviço\",AND(AUTOEVENTO=\"Manual\",$M38=$A$15)),0,\n         IF(OFFSET(CRONOPLE!$F$15,$M38-$A$15,CK$13)=0,10^12,OFFSET(CRONOPLE!$F$15,$M38-$A$15,CK$13)))","v":19},{"$f":"IF(OR($D38<>\"Serviço\",AND(AUTOEVENTO=\"Manual\",$M38=$A$15)),0,\n         IF(OFFSET(CRONOPLE!$F$15,$M38-$A$15,CL$13)=0,10^12,OFFSET(CRONOPLE!$F$15,$M38-$A$15,CL$13)))","v":19},{"$f":"IF(OR($D38<>\"Serviço\",AND(AUTOEVENTO=\"Manual\",$M38=$A$15)),0,\n         IF(OFFSET(CRONOPLE!$F$15,$M38-$A$15,CM$13)=0,10^12,OFFSET(CRONOPLE!$F$15,$M38-$A$15,CM$13)))","v":1000000000000},{"$f":"IF(OR($D38<>\"Serviço\",AND(AUTOEVENTO=\"Manual\",$M38=$A$15)),0,\n         IF(OFFSET(CRONOPLE!$F$15,$M38-$A$15,CN$13)=0,10^12,OFFSET(CRONOPLE!$F$15,$M38-$A$15,CN$13)))","v":1000000000000},{"$f":"IF(OR($D38<>\"Serviço\",AND(AUTOEVENTO=\"Manual\",$M38=$A$15)),0,\n         IF(OFFSET(CRONOPLE!$F$15,$M38-$A$15,CO$13)=0,10^12,OFFSET(CRONOPLE!$F$15,$M38-$A$15,CO$13)))","v":1000000000000},{"$f":"IF(OR($D38<>\"Serviço\",AND(AUTOEVENTO=\"Manual\",$M38=$A$15)),0,\n         IF(OFFSET(CRONOPLE!$F$15,$M38-$A$15,CP$13)=0,10^12,OFFSET(CRONOPLE!$F$15,$M38-$A$15,CP$13)))","v":1000000000000},{"$f":"IF(OR($D38<>\"Serviço\",AND(AUTOEVENTO=\"Manual\",$M38=$A$15)),0,\n         IF(OFFSET(CRONOPLE!$F$15,$M38-$A$15,CQ$13)=0,10^12,OFFSET(CRONOPLE!$F$15,$M38-$A$15,CQ$13)))","v":1000000000000},{"$f":"IF(OR($D38<>\"Serviço\",AND(AUTOEVENTO=\"Manual\",$M38=$A$15)),0,\n         IF(OFFSET(CRONOPLE!$F$15,$M38-$A$15,CR$13)=0,10^12,OFFSET(CRONOPLE!$F$15,$M38-$A$15,CR$13)))","v":1000000000000},null,{"$f":"IF(OR($D38<>\"Serviço\",AND(AUTOEVENTO=\"Manual\",$M38=$A$15),$M38>(ROW(PLE.lastrow)-ROW(PLE.firstrow))),0,\n           IF(OFFSET(PLE!$G$15,$M38-$A$15,CT$13)=\"\",10^12,OFFSET(PLE!$G$15,$M38-$A$15,CT$13)))","v":1000000000000},{"$f":"IF(OR($D38<>\"Serviço\",AND(AUTOEVENTO=\"Manual\",$M38=$A$15),$M38>(ROW(PLE.lastrow)-ROW(PLE.firstrow))),0,\n           IF(OFFSET(PLE!$G$15,$M38-$A$15,CU$13)=\"\",10^12,OFFSET(PLE!$G$15,$M38-$A$15,CU$13)))","v":1000000000000},{"$f":"IF(OR($D38<>\"Serviço\",AND(AUTOEVENTO=\"Manual\",$M38=$A$15),$M38>(ROW(PLE.lastrow)-ROW(PLE.firstrow))),0,\n           IF(OFFSET(PLE!$G$15,$M38-$A$15,CV$13)=\"\",10^12,OFFSET(PLE!$G$15,$M38-$A$15,CV$13)))","v":1000000000000},{"$f":"IF(OR($D38<>\"Serviço\",AND(AUTOEVENTO=\"Manual\",$M38=$A$15),$M38>(ROW(PLE.lastrow)-ROW(PLE.firstrow))),0,\n           IF(OFFSET(PLE!$G$15,$M38-$A$15,CW$13)=\"\",10^12,OFFSET(PLE!$G$15,$M38-$A$15,CW$13)))","v":1000000000000},{"$f":"IF(OR($D38<>\"Serviço\",AND(AUTOEVENTO=\"Manual\",$M38=$A$15),$M38>(ROW(PLE.lastrow)-ROW(PLE.firstrow))),0,\n           IF(OFFSET(PLE!$G$15,$M38-$A$15,CX$13)=\"\",10^12,OFFSET(PLE!$G$15,$M38-$A$15,CX$13)))","v":1000000000000},{"$f":"IF(OR($D38<>\"Serviço\",AND(AUTOEVENTO=\"Manual\",$M38=$A$15),$M38>(ROW(PLE.lastrow)-ROW(PLE.firstrow))),0,\n           IF(OFFSET(PLE!$G$15,$M38-$A$15,CY$13)=\"\",10^12,OFFSET(PLE!$G$15,$M38-$A$15,CY$13)))","v":1000000000000},{"$f":"IF(OR($D38<>\"Serviço\",AND(AUTOEVENTO=\"Manual\",$M38=$A$15),$M38>(ROW(PLE.lastrow)-ROW(PLE.firstrow))),0,\n           IF(OFFSET(PLE!$G$15,$M38-$A$15,CZ$13)=\"\",10^12,OFFSET(PLE!$G$15,$M38-$A$15,CZ$13)))","v":1000000000000},{"$f":"IF(OR($D38<>\"Serviço\",AND(AUTOEVENTO=\"Manual\",$M38=$A$15),$M38>(ROW(PLE.lastrow)-ROW(PLE.firstrow))),0,\n           IF(OFFSET(PLE!$G$15,$M38-$A$15,DA$13)=\"\",10^12,OFFSET(PLE!$G$15,$M38-$A$15,DA$13)))","v":1000000000000},{"$f":"IF(OR($D38<>\"Serviço\",AND(AUTOEVENTO=\"Manual\",$M38=$A$15),$M38>(ROW(PLE.lastrow)-ROW(PLE.firstrow))),0,\n           IF(OFFSET(PLE!$G$15,$M38-$A$15,DB$13)=\"\",10^12,OFFSET(PLE!$G$15,$M38-$A$15,DB$13)))","v":1000000000000},{"$f":"IF(OR($D38<>\"Serviço\",AND(AUTOEVENTO=\"Manual\",$M38=$A$15),$M38>(ROW(PLE.lastrow)-ROW(PLE.firstrow))),0,\n           IF(OFFSET(PLE!$G$15,$M38-$A$15,DC$13)=\"\",10^12,OFFSET(PLE!$G$15,$M38-$A$15,DC$13)))","v":1000000000000},{"$f":"IF(OR($D38<>\"Serviço\",AND(AUTOEVENTO=\"Manual\",$M38=$A$15),$M38>(ROW(PLE.lastrow)-ROW(PLE.firstrow))),0,\n           IF(OFFSET(PLE!$G$15,$M38-$A$15,DD$13)=\"\",10^12,OFFSET(PLE!$G$15,$M38-$A$15,DD$13)))","v":1000000000000},{"$f":"IF(OR($D38<>\"Serviço\",AND(AUTOEVENTO=\"Manual\",$M38=$A$15),$M38>(ROW(PLE.lastrow)-ROW(PLE.firstrow))),0,\n           IF(OFFSET(PLE!$G$15,$M38-$A$15,DE$13)=\"\",10^12,OFFSET(PLE!$G$15,$M38-$A$15,DE$13)))","v":1000000000000},{"$f":"IF(OR($D38<>\"Serviço\",AND(AUTOEVENTO=\"Manual\",$M38=$A$15),$M38>(ROW(PLE.lastrow)-ROW(PLE.firstrow))),0,\n           IF(OFFSET(PLE!$G$15,$M38-$A$15,DF$13)=\"\",10^12,OFFSET(PLE!$G$15,$M38-$A$15,DF$13)))","v":1000000000000},{"$f":"IF(OR($D38<>\"Serviço\",AND(AUTOEVENTO=\"Manual\",$M38=$A$15),$M38>(ROW(PLE.lastrow)-ROW(PLE.firstrow))),0,\n           IF(OFFSET(PLE!$G$15,$M38-$A$15,DG$13)=\"\",10^12,OFFSET(PLE!$G$15,$M38-$A$15,DG$13)))","v":1000000000000},{"$f":"IF(OR($D38<>\"Serviço\",AND(AUTOEVENTO=\"Manual\",$M38=$A$15),$M38>(ROW(PLE.lastrow)-ROW(PLE.firstrow))),0,\n           IF(OFFSET(PLE!$G$15,$M38-$A$15,DH$13)=\"\",10^12,OFFSET(PLE!$G$15,$M38-$A$15,DH$13)))","v":1000000000000},{"$f":"IF(OR($D38<>\"Serviço\",AND(AUTOEVENTO=\"Manual\",$M38=$A$15),$M38>(ROW(PLE.lastrow)-ROW(PLE.firstrow))),0,\n           IF(OFFSET(PLE!$G$15,$M38-$A$15,DI$13)=\"\",10^12,OFFSET(PLE!$G$15,$M38-$A$15,DI$13)))","v":1000000000000},{"$f":"IF(OR($D38<>\"Serviço\",AND(AUTOEVENTO=\"Manual\",$M38=$A$15),$M38>(ROW(PLE.lastrow)-ROW(PLE.firstrow))),0,\n           IF(OFFSET(PLE!$G$15,$M38-$A$15,DJ$13)=\"\",10^12,OFFSET(PLE!$G$15,$M38-$A$15,DJ$13)))","v":1000000000000},{"$f":"IF(OR($D38<>\"Serviço\",AND(AUTOEVENTO=\"Manual\",$M38=$A$15),$M38>(ROW(PLE.lastrow)-ROW(PLE.firstrow))),0,\n           IF(OFFSET(PLE!$G$15,$M38-$A$15,DK$13)=\"\",10^12,OFFSET(PLE!$G$15,$M38-$A$15,DK$13)))","v":1000000000000},{"$f":"IF(OR($D38<>\"Serviço\",AND(AUTOEVENTO=\"Manual\",$M38=$A$15),$M38>(ROW(PLE.lastrow)-ROW(PLE.firstrow))),0,\n           IF(OFFSET(PLE!$G$15,$M38-$A$15,DL$13)=\"\",10^12,OFFSET(PLE!$G$15,$M38-$A$15,DL$13)))","v":1000000000000},{"$f":"IF(OR($D38<>\"Serviço\",AND(AUTOEVENTO=\"Manual\",$M38=$A$15),$M38>(ROW(PLE.lastrow)-ROW(PLE.firstrow))),0,\n           IF(OFFSET(PLE!$G$15,$M38-$A$15,DM$13)=\"\",10^12,OFFSET(PLE!$G$15,$M38-$A$15,DM$13)))","v":1000000000000},{"$f":"IF(OR($D38<>\"Serviço\",AND(AUTOEVENTO=\"Manual\",$M38=$A$15),$M38>(ROW(PLE.lastrow)-ROW(PLE.firstrow))),0,\n           IF(OFFSET(PLE!$G$15,$M38-$A$15,DN$13)=\"\",10^12,OFFSET(PLE!$G$15,$M38-$A$15,DN$13)))","v":1000000000000},{"$f":"IF(OR($D38<>\"Serviço\",AND(AUTOEVENTO=\"Manual\",$M38=$A$15),$M38>(ROW(PLE.lastrow)-ROW(PLE.firstrow))),0,\n           IF(OFFSET(PLE!$G$15,$M38-$A$15,DO$13)=\"\",10^12,OFFSET(PLE!$G$15,$M38-$A$15,DO$13)))","v":1000000000000},{"$f":"IF(OR($D38<>\"Serviço\",AND(AUTOEVENTO=\"Manual\",$M38=$A$15),$M38>(ROW(PLE.lastrow)-ROW(PLE.firstrow))),0,\n           IF(OFFSET(PLE!$G$15,$M38-$A$15,DP$13)=\"\",10^12,OFFSET(PLE!$G$15,$M38-$A$15,DP$13)))","v":1000000000000},{"$f":"IF(OR($D38<>\"Serviço\",AND(AUTOEVENTO=\"Manual\",$M38=$A$15),$M38>(ROW(PLE.lastrow)-ROW(PLE.firstrow))),0,\n           IF(OFFSET(PLE!$G$15,$M38-$A$15,DQ$13)=\"\",10^12,OFFSET(PLE!$G$15,$M38-$A$15,DQ$13)))","v":1000000000000},{"$f":"IF(OR($D38<>\"Serviço\",AND(AUTOEVENTO=\"Manual\",$M38=$A$15),$M38>(ROW(PLE.lastrow)-ROW(PLE.firstrow))),0,\n           IF(OFFSET(PLE!$G$15,$M38-$A$15,DR$13)=\"\",10^12,OFFSET(PLE!$G$15,$M38-$A$15,DR$13)))","v":1000000000000},{"$f":"IF(OR($D38<>\"Serviço\",AND(AUTOEVENTO=\"Manual\",$M38=$A$15),$M38>(ROW(PLE.lastrow)-ROW(PLE.firstrow))),0,\n           IF(OFFSET(PLE!$G$15,$M38-$A$15,DS$13)=\"\",10^12,OFFSET(PLE!$G$15,$M38-$A$15,DS$13)))","v":1000000000000}]
["18",{"$f":"OFFSET(ORÇAMENTO!C$15,$L39,0)","v":"S"},{"$f":"OFFSET(ORÇAMENTO!L$15,$L39,0)","v":"F"},{"$f":"OFFSET(ORÇAMENTO!N$15,$L39,0)","v":"Serviço"},{"$f":"OFFSET(ORÇAMENTO!O$15,$L39,0)","v":"1.3.1.2.6."},{"$f":"OFFSET(ORÇAMENTO!R$15,$L39,0)","v":"ARMAÇÃO DE SAPATA ISOLADA, VIGA BALDRAME E SAPATA CORRIDA UTILIZANDO AÇO CA-60 DE 5 MM - MONTAGEM. AF_01/2024"},{"$f":"IF($D39<>\"Serviço\",\"\",OFFSET(ORÇAMENTO!S$15,$L39,0))","v":"KG"},{"$f":"IF($D39<>\"Serviço\",0,IF(ACOMPANHAMENTO=\"BM\",ROUND(OFFSET(ORÇAMENTO!AJ$15,$L39,0),15-13*ORÇAMENTO!$AF$7),IF(IFERROR(CÁLCULO.FrentesPreenchidas,0)=0,0,SUM(ROUND(OFFSET($P39,0,1,1,CÁLCULO.FrentesPreenchidas),15-13*ORÇAMENTO!$AF$7)))))","v":195},"Conforme modelo disponibilizado pela CAIXA",{"$f":"IF(OR(B39<>\"S\",CÁLCULO.FrentesPreenchidas=0),\"\",IF(AND(ACOMPANHAMENTO=\"PLE\",AUTOEVENTO=\"Manual\",OR(H39>0,ORÇAMENTO!AC39=\"QUANT.\"),OR(K39=\"\",M39=0,N39=\"\")),\"►E\",IF(AND(ACOMPANHAMENTO=\"PLE\",ORÇAMENTO!AC39=\"QUANT.\"),\"►Q\",IF(AND(ACOMPANHAMENTO=\"PLE\",H39<>SUMPRODUCT(($Q$1:$AQ$1=1)*ROUND(Q39:AQ39,15))),\"►S\",IF(AND(COUNTIF($P$11:$AQ$11,\"▼\")=0,H39>0,I39=\"\"),\"◄M\",\"\")))))","v":""},"4. BALDRAMES",24,{"$f":"IF($D39<>\"Serviço\",\"\",\n          IF(AUTOEVENTO=\"manual\",$A39,\n                IF(ISERROR(MATCH($A39,$A$15:OFFSET($A39,-1,0),0)),MAX($M$15:OFFSET(M39,-1,0))+1,\n                      INDEX($M$15:OFFSET(M39,-1,0),MATCH($A39,$A$15:OFFSET($A39,-1,0),0)))))","v":4},{"$f":"IF($D39<>\"Serviço\",\"\",\n         IF(AUTOEVENTO=\"Manual\",\n                IF($A39=0,\"<-- defina o número do agrupador\",\n                       OFFSET(EVENTOS!$D$15,$A39-$A$15,0)),\n                OFFSET($F$15,$A39,0)))","v":"BALDRAMES"},null,null,39,39,39,39,39,null,null,null,null,null,null,null,null,null,null,null,null,null,null,null,null,null,null,null,null,null,null,{"$f":"IF(AND($D39=\"Serviço\",AR$12<>0,$H39>0,OR(AUTOEVENTO<>\"manual\",$M39<>$A$15)),\n        IF(Import.TipoArredondamento<>\"TransfereGOV\",\n              ROUND(OFFSET($P39,0,AR$13),15-13*ORÇAMENTO!$AF$7)/$H39*OFFSET(ORÇAMENTO!$X$15,ROW(AR39)-ROW(AR$15),0),\n              ROUND(ROUND(OFFSET($P39,0,AR$13),15-13*ORÇAMENTO!$AF$7)*OFFSET(ORÇAMENTO!$W$15,ROW(AR39)-ROW(AR$15),0),15-13*ORÇAMENTO!$AF$11)),\n         0)","v":789.36},{"$f":"IF(AND($D39=\"Serviço\",AS$12<>0,$H39>0,OR(AUTOEVENTO<>\"manual\",$M39<>$A$15)),\n        IF(Import.TipoArredondamento<>\"TransfereGOV\",\n              ROUND(OFFSET($P39,0,AS$13),15-13*ORÇAMENTO!$AF$7)/$H39*OFFSET(ORÇAMENTO!$X$15,ROW(AS39)-ROW(AS$15),0),\n              ROUND(ROUND(OFFSET($P39,0,AS$13),15-13*ORÇAMENTO!$AF$7)*OFFSET(ORÇAMENTO!$W$15,ROW(AS39)-ROW(AS$15),0),15-13*ORÇAMENTO!$AF$11)),\n         0)","v":789.36},{"$f":"IF(AND($D39=\"Serviço\",AT$12<>0,$H39>0,OR(AUTOEVENTO<>\"manual\",$M39<>$A$15)),\n        IF(Import.TipoArredondamento<>\"TransfereGOV\",\n              ROUND(OFFSET($P39,0,AT$13),15-13*ORÇAMENTO!$AF$7)/$H39*OFFSET(ORÇAMENTO!$X$15,ROW(AT39)-ROW(AT$15),0),\n              ROUND(ROUND(OFFSET($P39,0,AT$13),15-13*ORÇAMENTO!$AF$7)*OFFSET(ORÇAMENTO!$W$15,ROW(AT39)-ROW(AT$15),0),15-13*ORÇAMENTO!$AF$11)),\n         0)","v":789.36},{"$f":"IF(AND($D39=\"Serviço\",AU$12<>0,$H39>0,OR(AUTOEVENTO<>\"manual\",$M39<>$A$15)),\n        IF(Import.TipoArredondamento<>\"TransfereGOV\",\n              ROUND(OFFSET($P39,0,AU$13),15-13*ORÇAMENTO!$AF$7)/$H39*OFFSET(ORÇAMENTO!$X$15,ROW(AU39)-ROW(AU$15),0),\n              ROUND(ROUND(OFFSET($P39,0,AU$13),15-13*ORÇAMENTO!$AF$7)*OFFSET(ORÇAMENTO!$W$15,ROW(AU39)-ROW(AU$15),0),15-13*ORÇAMENTO!$AF$11)),\n         0)","v":789.36},{"$f":"IF(AND($D39=\"Serviço\",AV$12<>0,$H39>0,OR(AUTOEVENTO<>\"manual\",$M39<>$A$15)),\n        IF(Import.TipoArredondamento<>\"TransfereGOV\",\n              ROUND(OFFSET($P39,0,AV$13),15-13*ORÇAMENTO!$AF$7)/$H39*OFFSET(ORÇAMENTO!$X$15,ROW(AV39)-ROW(AV$15),0),\n              ROUND(ROUND(OFFSET($P39,0,AV$13),15-13*ORÇAMENTO!$AF$7)*OFFSET(ORÇAMENTO!$W$15,ROW(AV39)-ROW(AV$15),0),15-13*ORÇAMENTO!$AF$11)),\n         0)","v":789.36},{"$f":"IF(AND($D39=\"Serviço\",AW$12<>0,$H39>0,OR(AUTOEVENTO<>\"manual\",$M39<>$A$15)),\n        IF(Import.TipoArredondamento<>\"TransfereGOV\",\n              ROUND(OFFSET($P39,0,AW$13),15-13*ORÇAMENTO!$AF$7)/$H39*OFFSET(ORÇAMENTO!$X$15,ROW(AW39)-ROW(AW$15),0),\n              ROUND(ROUND(OFFSET($P39,0,AW$13),15-13*ORÇAMENTO!$AF$7)*OFFSET(ORÇAMENTO!$W$15,ROW(AW39)-ROW(AW$15),0),15-13*ORÇAMENTO!$AF$11)),\n         0)","v":0},{"$f":"IF(AND($D39=\"Serviço\",AX$12<>0,$H39>0,OR(AUTOEVENTO<>\"manual\",$M39<>$A$15)),\n        IF(Import.TipoArredondamento<>\"TransfereGOV\",\n              ROUND(OFFSET($P39,0,AX$13),15-13*ORÇAMENTO!$AF$7)/$H39*OFFSET(ORÇAMENTO!$X$15,ROW(AX39)-ROW(AX$15),0),\n              ROUND(ROUND(OFFSET($P39,0,AX$13),15-13*ORÇAMENTO!$AF$7)*OFFSET(ORÇAMENTO!$W$15,ROW(AX39)-ROW(AX$15),0),15-13*ORÇAMENTO!$AF$11)),\n         0)","v":0},{"$f":"IF(AND($D39=\"Serviço\",AY$12<>0,$H39>0,OR(AUTOEVENTO<>\"manual\",$M39<>$A$15)),\n        IF(Import.TipoArredondamento<>\"TransfereGOV\",\n              ROUND(OFFSET($P39,0,AY$13),15-13*ORÇAMENTO!$AF$7)/$H39*OFFSET(ORÇAMENTO!$X$15,ROW(AY39)-ROW(AY$15),0),\n              ROUND(ROUND(OFFSET($P39,0,AY$13),15-13*ORÇAMENTO!$AF$7)*OFFSET(ORÇAMENTO!$W$15,ROW(AY39)-ROW(AY$15),0),15-13*ORÇAMENTO!$AF$11)),\n         0)","v":0},{"$f":"IF(AND($D39=\"Serviço\",AZ$12<>0,$H39>0,OR(AUTOEVENTO<>\"manual\",$M39<>$A$15)),\n        IF(Import.TipoArredondamento<>\"TransfereGOV\",\n              ROUND(OFFSET($P39,0,AZ$13),15-13*ORÇAMENTO!$AF$7)/$H39*OFFSET(ORÇAMENTO!$X$15,ROW(AZ39)-ROW(AZ$15),0),\n              ROUND(ROUND(OFFSET($P39,0,AZ$13),15-13*ORÇAMENTO!$AF$7)*OFFSET(ORÇAMENTO!$W$15,ROW(AZ39)-ROW(AZ$15),0),15-13*ORÇAMENTO!$AF$11)),\n         0)","v":0},{"$f":"IF(AND($D39=\"Serviço\",BA$12<>0,$H39>0,OR(AUTOEVENTO<>\"manual\",$M39<>$A$15)),\n        IF(Import.TipoArredondamento<>\"TransfereGOV\",\n              ROUND(OFFSET($P39,0,BA$13),15-13*ORÇAMENTO!$AF$7)/$H39*OFFSET(ORÇAMENTO!$X$15,ROW(BA39)-ROW(BA$15),0),\n              ROUND(ROUND(OFFSET($P39,0,BA$13),15-13*ORÇAMENTO!$AF$7)*OFFSET(ORÇAMENTO!$W$15,ROW(BA39)-ROW(BA$15),0),15-13*ORÇAMENTO!$AF$11)),\n         0)","v":0},{"$f":"IF(AND($D39=\"Serviço\",BB$12<>0,$H39>0,OR(AUTOEVENTO<>\"manual\",$M39<>$A$15)),\n        IF(Import.TipoArredondamento<>\"TransfereGOV\",\n              ROUND(OFFSET($P39,0,BB$13),15-13*ORÇAMENTO!$AF$7)/$H39*OFFSET(ORÇAMENTO!$X$15,ROW(BB39)-ROW(BB$15),0),\n              ROUND(ROUND(OFFSET($P39,0,BB$13),15-13*ORÇAMENTO!$AF$7)*OFFSET(ORÇAMENTO!$W$15,ROW(BB39)-ROW(BB$15),0),15-13*ORÇAMENTO!$AF$11)),\n         0)","v":0},{"$f":"IF(AND($D39=\"Serviço\",BC$12<>0,$H39>0,OR(AUTOEVENTO<>\"manual\",$M39<>$A$15)),\n        IF(Import.TipoArredondamento<>\"TransfereGOV\",\n              ROUND(OFFSET($P39,0,BC$13),15-13*ORÇAMENTO!$AF$7)/$H39*OFFSET(ORÇAMENTO!$X$15,ROW(BC39)-ROW(BC$15),0),\n              ROUND(ROUND(OFFSET($P39,0,BC$13),15-13*ORÇAMENTO!$AF$7)*OFFSET(ORÇAMENTO!$W$15,ROW(BC39)-ROW(BC$15),0),15-13*ORÇAMENTO!$AF$11)),\n         0)","v":0},{"$f":"IF(AND($D39=\"Serviço\",BD$12<>0,$H39>0,OR(AUTOEVENTO<>\"manual\",$M39<>$A$15)),\n        IF(Import.TipoArredondamento<>\"TransfereGOV\",\n              ROUND(OFFSET($P39,0,BD$13),15-13*ORÇAMENTO!$AF$7)/$H39*OFFSET(ORÇAMENTO!$X$15,ROW(BD39)-ROW(BD$15),0),\n              ROUND(ROUND(OFFSET($P39,0,BD$13),15-13*ORÇAMENTO!$AF$7)*OFFSET(ORÇAMENTO!$W$15,ROW(BD39)-ROW(BD$15),0),15-13*ORÇAMENTO!$AF$11)),\n         0)","v":0},{"$f":"IF(AND($D39=\"Serviço\",BE$12<>0,$H39>0,OR(AUTOEVENTO<>\"manual\",$M39<>$A$15)),\n        IF(Import.TipoArredondamento<>\"TransfereGOV\",\n              ROUND(OFFSET($P39,0,BE$13),15-13*ORÇAMENTO!$AF$7)/$H39*OFFSET(ORÇAMENTO!$X$15,ROW(BE39)-ROW(BE$15),0),\n              ROUND(ROUND(OFFSET($P39,0,BE$13),15-13*ORÇAMENTO!$AF$7)*OFFSET(ORÇAMENTO!$W$15,ROW(BE39)-ROW(BE$15),0),15-13*ORÇAMENTO!$AF$11)),\n         0)","v":0},{"$f":"IF(AND($D39=\"Serviço\",BF$12<>0,$H39>0,OR(AUTOEVENTO<>\"manual\",$M39<>$A$15)),\n        IF(Import.TipoArredondamento<>\"TransfereGOV\",\n              ROUND(OFFSET($P39,0,BF$13),15-13*ORÇAMENTO!$AF$7)/$H39*OFFSET(ORÇAMENTO!$X$15,ROW(BF39)-ROW(BF$15),0),\n              ROUND(ROUND(OFFSET($P39,0,BF$13),15-13*ORÇAMENTO!$AF$7)*OFFSET(ORÇAMENTO!$W$15,ROW(BF39)-ROW(BF$15),0),15-13*ORÇAMENTO!$AF$11)),\n         0)","v":0},{"$f":"IF(AND($D39=\"Serviço\",BG$12<>0,$H39>0,OR(AUTOEVENTO<>\"manual\",$M39<>$A$15)),\n        IF(Import.TipoArredondamento<>\"TransfereGOV\",\n              ROUND(OFFSET($P39,0,BG$13),15-13*ORÇAMENTO!$AF$7)/$H39*OFFSET(ORÇAMENTO!$X$15,ROW(BG39)-ROW(BG$15),0),\n              ROUND(ROUND(OFFSET($P39,0,BG$13),15-13*ORÇAMENTO!$AF$7)*OFFSET(ORÇAMENTO!$W$15,ROW(BG39)-ROW(BG$15),0),15-13*ORÇAMENTO!$AF$11)),\n         0)","v":0},{"$f":"IF(AND($D39=\"Serviço\",BH$12<>0,$H39>0,OR(AUTOEVENTO<>\"manual\",$M39<>$A$15)),\n        IF(Import.TipoArredondamento<>\"TransfereGOV\",\n              ROUND(OFFSET($P39,0,BH$13),15-13*ORÇAMENTO!$AF$7)/$H39*OFFSET(ORÇAMENTO!$X$15,ROW(BH39)-ROW(BH$15),0),\n              ROUND(ROUND(OFFSET($P39,0,BH$13),15-13*ORÇAMENTO!$AF$7)*OFFSET(ORÇAMENTO!$W$15,ROW(BH39)-ROW(BH$15),0),15-13*ORÇAMENTO!$AF$11)),\n         0)","v":0},{"$f":"IF(AND($D39=\"Serviço\",BI$12<>0,$H39>0,OR(AUTOEVENTO<>\"manual\",$M39<>$A$15)),\n        IF(Import.TipoArredondamento<>\"TransfereGOV\",\n              ROUND(OFFSET($P39,0,BI$13),15-13*ORÇAMENTO!$AF$7)/$H39*OFFSET(ORÇAMENTO!$X$15,ROW(BI39)-ROW(BI$15),0),\n              ROUND(ROUND(OFFSET($P39,0,BI$13),15-13*ORÇAMENTO!$AF$7)*OFFSET(ORÇAMENTO!$W$15,ROW(BI39)-ROW(BI$15),0),15-13*ORÇAMENTO!$AF$11)),\n         0)","v":0},{"$f":"IF(AND($D39=\"Serviço\",BJ$12<>0,$H39>0,OR(AUTOEVENTO<>\"manual\",$M39<>$A$15)),\n        IF(Import.TipoArredondamento<>\"TransfereGOV\",\n              ROUND(OFFSET($P39,0,BJ$13),15-13*ORÇAMENTO!$AF$7)/$H39*OFFSET(ORÇAMENTO!$X$15,ROW(BJ39)-ROW(BJ$15),0),\n              ROUND(ROUND(OFFSET($P39,0,BJ$13),15-13*ORÇAMENTO!$AF$7)*OFFSET(ORÇAMENTO!$W$15,ROW(BJ39)-ROW(BJ$15),0),15-13*ORÇAMENTO!$AF$11)),\n         0)","v":0},{"$f":"IF(AND($D39=\"Serviço\",BK$12<>0,$H39>0,OR(AUTOEVENTO<>\"manual\",$M39<>$A$15)),\n        IF(Import.TipoArredondamento<>\"TransfereGOV\",\n              ROUND(OFFSET($P39,0,BK$13),15-13*ORÇAMENTO!$AF$7)/$H39*OFFSET(ORÇAMENTO!$X$15,ROW(BK39)-ROW(BK$15),0),\n              ROUND(ROUND(OFFSET($P39,0,BK$13),15-13*ORÇAMENTO!$AF$7)*OFFSET(ORÇAMENTO!$W$15,ROW(BK39)-ROW(BK$15),0),15-13*ORÇAMENTO!$AF$11)),\n         0)","v":0},{"$f":"IF(AND($D39=\"Serviço\",BL$12<>0,$H39>0,OR(AUTOEVENTO<>\"manual\",$M39<>$A$15)),\n        IF(Import.TipoArredondamento<>\"TransfereGOV\",\n              ROUND(OFFSET($P39,0,BL$13),15-13*ORÇAMENTO!$AF$7)/$H39*OFFSET(ORÇAMENTO!$X$15,ROW(BL39)-ROW(BL$15),0),\n              ROUND(ROUND(OFFSET($P39,0,BL$13),15-13*ORÇAMENTO!$AF$7)*OFFSET(ORÇAMENTO!$W$15,ROW(BL39)-ROW(BL$15),0),15-13*ORÇAMENTO!$AF$11)),\n         0)","v":0},{"$f":"IF(AND($D39=\"Serviço\",BM$12<>0,$H39>0,OR(AUTOEVENTO<>\"manual\",$M39<>$A$15)),\n        IF(Import.TipoArredondamento<>\"TransfereGOV\",\n              ROUND(OFFSET($P39,0,BM$13),15-13*ORÇAMENTO!$AF$7)/$H39*OFFSET(ORÇAMENTO!$X$15,ROW(BM39)-ROW(BM$15),0),\n              ROUND(ROUND(OFFSET($P39,0,BM$13),15-13*ORÇAMENTO!$AF$7)*OFFSET(ORÇAMENTO!$W$15,ROW(BM39)-ROW(BM$15),0),15-13*ORÇAMENTO!$AF$11)),\n         0)","v":0},{"$f":"IF(AND($D39=\"Serviço\",BN$12<>0,$H39>0,OR(AUTOEVENTO<>\"manual\",$M39<>$A$15)),\n        IF(Import.TipoArredondamento<>\"TransfereGOV\",\n              ROUND(OFFSET($P39,0,BN$13),15-13*ORÇAMENTO!$AF$7)/$H39*OFFSET(ORÇAMENTO!$X$15,ROW(BN39)-ROW(BN$15),0),\n              ROUND(ROUND(OFFSET($P39,0,BN$13),15-13*ORÇAMENTO!$AF$7)*OFFSET(ORÇAMENTO!$W$15,ROW(BN39)-ROW(BN$15),0),15-13*ORÇAMENTO!$AF$11)),\n         0)","v":0},{"$f":"IF(AND($D39=\"Serviço\",BO$12<>0,$H39>0,OR(AUTOEVENTO<>\"manual\",$M39<>$A$15)),\n        IF(Import.TipoArredondamento<>\"TransfereGOV\",\n              ROUND(OFFSET($P39,0,BO$13),15-13*ORÇAMENTO!$AF$7)/$H39*OFFSET(ORÇAMENTO!$X$15,ROW(BO39)-ROW(BO$15),0),\n              ROUND(ROUND(OFFSET($P39,0,BO$13),15-13*ORÇAMENTO!$AF$7)*OFFSET(ORÇAMENTO!$W$15,ROW(BO39)-ROW(BO$15),0),15-13*ORÇAMENTO!$AF$11)),\n         0)","v":0},{"$f":"IF(AND($D39=\"Serviço\",BP$12<>0,$H39>0,OR(AUTOEVENTO<>\"manual\",$M39<>$A$15)),\n        IF(Import.TipoArredondamento<>\"TransfereGOV\",\n              ROUND(OFFSET($P39,0,BP$13),15-13*ORÇAMENTO!$AF$7)/$H39*OFFSET(ORÇAMENTO!$X$15,ROW(BP39)-ROW(BP$15),0),\n              ROUND(ROUND(OFFSET($P39,0,BP$13),15-13*ORÇAMENTO!$AF$7)*OFFSET(ORÇAMENTO!$W$15,ROW(BP39)-ROW(BP$15),0),15-13*ORÇAMENTO!$AF$11)),\n         0)","v":0},{"$f":"IF(AND($D39=\"Serviço\",BQ$12<>0,$H39>0,OR(AUTOEVENTO<>\"manual\",$M39<>$A$15)),\n        IF(Import.TipoArredondamento<>\"TransfereGOV\",\n              ROUND(OFFSET($P39,0,BQ$13),15-13*ORÇAMENTO!$AF$7)/$H39*OFFSET(ORÇAMENTO!$X$15,ROW(BQ39)-ROW(BQ$15),0),\n              ROUND(ROUND(OFFSET($P39,0,BQ$13),15-13*ORÇAMENTO!$AF$7)*OFFSET(ORÇAMENTO!$W$15,ROW(BQ39)-ROW(BQ$15),0),15-13*ORÇAMENTO!$AF$11)),\n         0)","v":0},null,{"$f":"IF(OR($D39<>\"Serviço\",AND(AUTOEVENTO=\"Manual\",$M39=$A$15)),0,\n         IF(OFFSET(CRONOPLE!$F$15,$M39-$A$15,BS$13)=0,10^12,OFFSET(CRONOPLE!$F$15,$M39-$A$15,BS$13)))","v":1},{"$f":"IF(OR($D39<>\"Serviço\",AND(AUTOEVENTO=\"Manual\",$M39=$A$15)),0,\n         IF(OFFSET(CRONOPLE!$F$15,$M39-$A$15,BT$13)=0,10^12,OFFSET(CRONOPLE!$F$15,$M39-$A$15,BT$13)))","v":1},{"$f":"IF(OR($D39<>\"Serviço\",AND(AUTOEVENTO=\"Manual\",$M39=$A$15)),0,\n         IF(OFFSET(CRONOPLE!$F$15,$M39-$A$15,BU$13)=0,10^12,OFFSET(CRONOPLE!$F$15,$M39-$A$15,BU$13)))","v":1},{"$f":"IF(OR($D39<>\"Serviço\",AND(AUTOEVENTO=\"Manual\",$M39=$A$15)),0,\n         IF(OFFSET(CRONOPLE!$F$15,$M39-$A$15,BV$13)=0,10^12,OFFSET(CRONOPLE!$F$15,$M39-$A$15,BV$13)))","v":1},{"$f":"IF(OR($D39<>\"Serviço\",AND(AUTOEVENTO=\"Manual\",$M39=$A$15)),0,\n         IF(OFFSET(CRONOPLE!$F$15,$M39-$A$15,BW$13)=0,10^12,OFFSET(CRONOPLE!$F$15,$M39-$A$15,BW$13)))","v":1},{"$f":"IF(OR($D39<>\"Serviço\",AND(AUTOEVENTO=\"Manual\",$M39=$A$15)),0,\n         IF(OFFSET(CRONOPLE!$F$15,$M39-$A$15,BX$13)=0,10^12,OFFSET(CRONOPLE!$F$15,$M39-$A$15,BX$13)))","v":1},{"$f":"IF(OR($D39<>\"Serviço\",AND(AUTOEVENTO=\"Manual\",$M39=$A$15)),0,\n         IF(OFFSET(CRONOPLE!$F$15,$M39-$A$15,BY$13)=0,10^12,OFFSET(CRONOPLE!$F$15,$M39-$A$15,BY$13)))","v":1},{"$f":"IF(OR($D39<>\"Serviço\",AND(AUTOEVENTO=\"Manual\",$M39=$A$15)),0,\n         IF(OFFSET(CRONOPLE!$F$15,$M39-$A$15,BZ$13)=0,10^12,OFFSET(CRONOPLE!$F$15,$M39-$A$15,BZ$13)))","v":7},{"$f":"IF(OR($D39<>\"Serviço\",AND(AUTOEVENTO=\"Manual\",$M39=$A$15)),0,\n         IF(OFFSET(CRONOPLE!$F$15,$M39-$A$15,CA$13)=0,10^12,OFFSET(CRONOPLE!$F$15,$M39-$A$15,CA$13)))","v":7},{"$f":"IF(OR($D39<>\"Serviço\",AND(AUTOEVENTO=\"Manual\",$M39=$A$15)),0,\n         IF(OFFSET(CRONOPLE!$F$15,$M39-$A$15,CB$13)=0,10^12,OFFSET(CRONOPLE!$F$15,$M39-$A$15,CB$13)))","v":7},{"$f":"IF(OR($D39<>\"Serviço\",AND(AUTOEVENTO=\"Manual\",$M39=$A$15)),0,\n         IF(OFFSET(CRONOPLE!$F$15,$M39-$A$15,CC$13)=0,10^12,OFFSET(CRONOPLE!$F$15,$M39-$A$15,CC$13)))","v":13},{"$f":"IF(OR($D39<>\"Serviço\",AND(AUTOEVENTO=\"Manual\",$M39=$A$15)),0,\n         IF(OFFSET(CRONOPLE!$F$15,$M39-$A$15,CD$13)=0,10^12,OFFSET(CRONOPLE!$F$15,$M39-$A$15,CD$13)))","v":13},{"$f":"IF(OR($D39<>\"Serviço\",AND(AUTOEVENTO=\"Manual\",$M39=$A$15)),0,\n         IF(OFFSET(CRONOPLE!$F$15,$M39-$A$15,CE$13)=0,10^12,OFFSET(CRONOPLE!$F$15,$M39-$A$15,CE$13)))","v":13},{"$f":"IF(OR($D39<>\"Serviço\",AND(AUTOEVENTO=\"Manual\",$M39=$A$15)),0,\n         IF(OFFSET(CRONOPLE!$F$15,$M39-$A$15,CF$13)=0,10^12,OFFSET(CRONOPLE!$F$15,$M39-$A$15,CF$13)))","v":13},{"$f":"IF(OR($D39<>\"Serviço\",AND(AUTOEVENTO=\"Manual\",$M39=$A$15)),0,\n         IF(OFFSET(CRONOPLE!$F$15,$M39-$A$15,CG$13)=0,10^12,OFFSET(CRONOPLE!$F$15,$M39-$A$15,CG$13)))","v":13},{"$f":"IF(OR($D39<>\"Serviço\",AND(AUTOEVENTO=\"Manual\",$M39=$A$15)),0,\n         IF(OFFSET(CRONOPLE!$F$15,$M39-$A$15,CH$13)=0,10^12,OFFSET(CRONOPLE!$F$15,$M39-$A$15,CH$13)))","v":19},{"$f":"IF(OR($D39<>\"Serviço\",AND(AUTOEVENTO=\"Manual\",$M39=$A$15)),0,\n         IF(OFFSET(CRONOPLE!$F$15,$M39-$A$15,CI$13)=0,10^12,OFFSET(CRONOPLE!$F$15,$M39-$A$15,CI$13)))","v":19},{"$f":"IF(OR($D39<>\"Serviço\",AND(AUTOEVENTO=\"Manual\",$M39=$A$15)),0,\n         IF(OFFSET(CRONOPLE!$F$15,$M39-$A$15,CJ$13)=0,10^12,OFFSET(CRONOPLE!$F$15,$M39-$A$15,CJ$13)))","v":19},{"$f":"IF(OR($D39<>\"Serviço\",AND(AUTOEVENTO=\"Manual\",$M39=$A$15)),0,\n         IF(OFFSET(CRONOPLE!$F$15,$M39-$A$15,CK$13)=0,10^12,OFFSET(CRONOPLE!$F$15,$M39-$A$15,CK$13)))","v":19},{"$f":"IF(OR($D39<>\"Serviço\",AND(AUTOEVENTO=\"Manual\",$M39=$A$15)),0,\n         IF(OFFSET(CRONOPLE!$F$15,$M39-$A$15,CL$13)=0,10^12,OFFSET(CRONOPLE!$F$15,$M39-$A$15,CL$13)))","v":19},{"$f":"IF(OR($D39<>\"Serviço\",AND(AUTOEVENTO=\"Manual\",$M39=$A$15)),0,\n         IF(OFFSET(CRONOPLE!$F$15,$M39-$A$15,CM$13)=0,10^12,OFFSET(CRONOPLE!$F$15,$M39-$A$15,CM$13)))","v":1000000000000},{"$f":"IF(OR($D39<>\"Serviço\",AND(AUTOEVENTO=\"Manual\",$M39=$A$15)),0,\n         IF(OFFSET(CRONOPLE!$F$15,$M39-$A$15,CN$13)=0,10^12,OFFSET(CRONOPLE!$F$15,$M39-$A$15,CN$13)))","v":1000000000000},{"$f":"IF(OR($D39<>\"Serviço\",AND(AUTOEVENTO=\"Manual\",$M39=$A$15)),0,\n         IF(OFFSET(CRONOPLE!$F$15,$M39-$A$15,CO$13)=0,10^12,OFFSET(CRONOPLE!$F$15,$M39-$A$15,CO$13)))","v":1000000000000},{"$f":"IF(OR($D39<>\"Serviço\",AND(AUTOEVENTO=\"Manual\",$M39=$A$15)),0,\n         IF(OFFSET(CRONOPLE!$F$15,$M39-$A$15,CP$13)=0,10^12,OFFSET(CRONOPLE!$F$15,$M39-$A$15,CP$13)))","v":1000000000000},{"$f":"IF(OR($D39<>\"Serviço\",AND(AUTOEVENTO=\"Manual\",$M39=$A$15)),0,\n         IF(OFFSET(CRONOPLE!$F$15,$M39-$A$15,CQ$13)=0,10^12,OFFSET(CRONOPLE!$F$15,$M39-$A$15,CQ$13)))","v":1000000000000},{"$f":"IF(OR($D39<>\"Serviço\",AND(AUTOEVENTO=\"Manual\",$M39=$A$15)),0,\n         IF(OFFSET(CRONOPLE!$F$15,$M39-$A$15,CR$13)=0,10^12,OFFSET(CRONOPLE!$F$15,$M39-$A$15,CR$13)))","v":1000000000000},null,{"$f":"IF(OR($D39<>\"Serviço\",AND(AUTOEVENTO=\"Manual\",$M39=$A$15),$M39>(ROW(PLE.lastrow)-ROW(PLE.firstrow))),0,\n           IF(OFFSET(PLE!$G$15,$M39-$A$15,CT$13)=\"\",10^12,OFFSET(PLE!$G$15,$M39-$A$15,CT$13)))","v":1000000000000},{"$f":"IF(OR($D39<>\"Serviço\",AND(AUTOEVENTO=\"Manual\",$M39=$A$15),$M39>(ROW(PLE.lastrow)-ROW(PLE.firstrow))),0,\n           IF(OFFSET(PLE!$G$15,$M39-$A$15,CU$13)=\"\",10^12,OFFSET(PLE!$G$15,$M39-$A$15,CU$13)))","v":1000000000000},{"$f":"IF(OR($D39<>\"Serviço\",AND(AUTOEVENTO=\"Manual\",$M39=$A$15),$M39>(ROW(PLE.lastrow)-ROW(PLE.firstrow))),0,\n           IF(OFFSET(PLE!$G$15,$M39-$A$15,CV$13)=\"\",10^12,OFFSET(PLE!$G$15,$M39-$A$15,CV$13)))","v":1000000000000},{"$f":"IF(OR($D39<>\"Serviço\",AND(AUTOEVENTO=\"Manual\",$M39=$A$15),$M39>(ROW(PLE.lastrow)-ROW(PLE.firstrow))),0,\n           IF(OFFSET(PLE!$G$15,$M39-$A$15,CW$13)=\"\",10^12,OFFSET(PLE!$G$15,$M39-$A$15,CW$13)))","v":1000000000000},{"$f":"IF(OR($D39<>\"Serviço\",AND(AUTOEVENTO=\"Manual\",$M39=$A$15),$M39>(ROW(PLE.lastrow)-ROW(PLE.firstrow))),0,\n           IF(OFFSET(PLE!$G$15,$M39-$A$15,CX$13)=\"\",10^12,OFFSET(PLE!$G$15,$M39-$A$15,CX$13)))","v":1000000000000},{"$f":"IF(OR($D39<>\"Serviço\",AND(AUTOEVENTO=\"Manual\",$M39=$A$15),$M39>(ROW(PLE.lastrow)-ROW(PLE.firstrow))),0,\n           IF(OFFSET(PLE!$G$15,$M39-$A$15,CY$13)=\"\",10^12,OFFSET(PLE!$G$15,$M39-$A$15,CY$13)))","v":1000000000000},{"$f":"IF(OR($D39<>\"Serviço\",AND(AUTOEVENTO=\"Manual\",$M39=$A$15),$M39>(ROW(PLE.lastrow)-ROW(PLE.firstrow))),0,\n           IF(OFFSET(PLE!$G$15,$M39-$A$15,CZ$13)=\"\",10^12,OFFSET(PLE!$G$15,$M39-$A$15,CZ$13)))","v":1000000000000},{"$f":"IF(OR($D39<>\"Serviço\",AND(AUTOEVENTO=\"Manual\",$M39=$A$15),$M39>(ROW(PLE.lastrow)-ROW(PLE.firstrow))),0,\n           IF(OFFSET(PLE!$G$15,$M39-$A$15,DA$13)=\"\",10^12,OFFSET(PLE!$G$15,$M39-$A$15,DA$13)))","v":1000000000000},{"$f":"IF(OR($D39<>\"Serviço\",AND(AUTOEVENTO=\"Manual\",$M39=$A$15),$M39>(ROW(PLE.lastrow)-ROW(PLE.firstrow))),0,\n           IF(OFFSET(PLE!$G$15,$M39-$A$15,DB$13)=\"\",10^12,OFFSET(PLE!$G$15,$M39-$A$15,DB$13)))","v":1000000000000},{"$f":"IF(OR($D39<>\"Serviço\",AND(AUTOEVENTO=\"Manual\",$M39=$A$15),$M39>(ROW(PLE.lastrow)-ROW(PLE.firstrow))),0,\n           IF(OFFSET(PLE!$G$15,$M39-$A$15,DC$13)=\"\",10^12,OFFSET(PLE!$G$15,$M39-$A$15,DC$13)))","v":1000000000000},{"$f":"IF(OR($D39<>\"Serviço\",AND(AUTOEVENTO=\"Manual\",$M39=$A$15),$M39>(ROW(PLE.lastrow)-ROW(PLE.firstrow))),0,\n           IF(OFFSET(PLE!$G$15,$M39-$A$15,DD$13)=\"\",10^12,OFFSET(PLE!$G$15,$M39-$A$15,DD$13)))","v":1000000000000},{"$f":"IF(OR($D39<>\"Serviço\",AND(AUTOEVENTO=\"Manual\",$M39=$A$15),$M39>(ROW(PLE.lastrow)-ROW(PLE.firstrow))),0,\n           IF(OFFSET(PLE!$G$15,$M39-$A$15,DE$13)=\"\",10^12,OFFSET(PLE!$G$15,$M39-$A$15,DE$13)))","v":1000000000000},{"$f":"IF(OR($D39<>\"Serviço\",AND(AUTOEVENTO=\"Manual\",$M39=$A$15),$M39>(ROW(PLE.lastrow)-ROW(PLE.firstrow))),0,\n           IF(OFFSET(PLE!$G$15,$M39-$A$15,DF$13)=\"\",10^12,OFFSET(PLE!$G$15,$M39-$A$15,DF$13)))","v":1000000000000},{"$f":"IF(OR($D39<>\"Serviço\",AND(AUTOEVENTO=\"Manual\",$M39=$A$15),$M39>(ROW(PLE.lastrow)-ROW(PLE.firstrow))),0,\n           IF(OFFSET(PLE!$G$15,$M39-$A$15,DG$13)=\"\",10^12,OFFSET(PLE!$G$15,$M39-$A$15,DG$13)))","v":1000000000000},{"$f":"IF(OR($D39<>\"Serviço\",AND(AUTOEVENTO=\"Manual\",$M39=$A$15),$M39>(ROW(PLE.lastrow)-ROW(PLE.firstrow))),0,\n           IF(OFFSET(PLE!$G$15,$M39-$A$15,DH$13)=\"\",10^12,OFFSET(PLE!$G$15,$M39-$A$15,DH$13)))","v":1000000000000},{"$f":"IF(OR($D39<>\"Serviço\",AND(AUTOEVENTO=\"Manual\",$M39=$A$15),$M39>(ROW(PLE.lastrow)-ROW(PLE.firstrow))),0,\n           IF(OFFSET(PLE!$G$15,$M39-$A$15,DI$13)=\"\",10^12,OFFSET(PLE!$G$15,$M39-$A$15,DI$13)))","v":1000000000000},{"$f":"IF(OR($D39<>\"Serviço\",AND(AUTOEVENTO=\"Manual\",$M39=$A$15),$M39>(ROW(PLE.lastrow)-ROW(PLE.firstrow))),0,\n           IF(OFFSET(PLE!$G$15,$M39-$A$15,DJ$13)=\"\",10^12,OFFSET(PLE!$G$15,$M39-$A$15,DJ$13)))","v":1000000000000},{"$f":"IF(OR($D39<>\"Serviço\",AND(AUTOEVENTO=\"Manual\",$M39=$A$15),$M39>(ROW(PLE.lastrow)-ROW(PLE.firstrow))),0,\n           IF(OFFSET(PLE!$G$15,$M39-$A$15,DK$13)=\"\",10^12,OFFSET(PLE!$G$15,$M39-$A$15,DK$13)))","v":1000000000000},{"$f":"IF(OR($D39<>\"Serviço\",AND(AUTOEVENTO=\"Manual\",$M39=$A$15),$M39>(ROW(PLE.lastrow)-ROW(PLE.firstrow))),0,\n           IF(OFFSET(PLE!$G$15,$M39-$A$15,DL$13)=\"\",10^12,OFFSET(PLE!$G$15,$M39-$A$15,DL$13)))","v":1000000000000},{"$f":"IF(OR($D39<>\"Serviço\",AND(AUTOEVENTO=\"Manual\",$M39=$A$15),$M39>(ROW(PLE.lastrow)-ROW(PLE.firstrow))),0,\n           IF(OFFSET(PLE!$G$15,$M39-$A$15,DM$13)=\"\",10^12,OFFSET(PLE!$G$15,$M39-$A$15,DM$13)))","v":1000000000000},{"$f":"IF(OR($D39<>\"Serviço\",AND(AUTOEVENTO=\"Manual\",$M39=$A$15),$M39>(ROW(PLE.lastrow)-ROW(PLE.firstrow))),0,\n           IF(OFFSET(PLE!$G$15,$M39-$A$15,DN$13)=\"\",10^12,OFFSET(PLE!$G$15,$M39-$A$15,DN$13)))","v":1000000000000},{"$f":"IF(OR($D39<>\"Serviço\",AND(AUTOEVENTO=\"Manual\",$M39=$A$15),$M39>(ROW(PLE.lastrow)-ROW(PLE.firstrow))),0,\n           IF(OFFSET(PLE!$G$15,$M39-$A$15,DO$13)=\"\",10^12,OFFSET(PLE!$G$15,$M39-$A$15,DO$13)))","v":1000000000000},{"$f":"IF(OR($D39<>\"Serviço\",AND(AUTOEVENTO=\"Manual\",$M39=$A$15),$M39>(ROW(PLE.lastrow)-ROW(PLE.firstrow))),0,\n           IF(OFFSET(PLE!$G$15,$M39-$A$15,DP$13)=\"\",10^12,OFFSET(PLE!$G$15,$M39-$A$15,DP$13)))","v":1000000000000},{"$f":"IF(OR($D39<>\"Serviço\",AND(AUTOEVENTO=\"Manual\",$M39=$A$15),$M39>(ROW(PLE.lastrow)-ROW(PLE.firstrow))),0,\n           IF(OFFSET(PLE!$G$15,$M39-$A$15,DQ$13)=\"\",10^12,OFFSET(PLE!$G$15,$M39-$A$15,DQ$13)))","v":1000000000000},{"$f":"IF(OR($D39<>\"Serviço\",AND(AUTOEVENTO=\"Manual\",$M39=$A$15),$M39>(ROW(PLE.lastrow)-ROW(PLE.firstrow))),0,\n           IF(OFFSET(PLE!$G$15,$M39-$A$15,DR$13)=\"\",10^12,OFFSET(PLE!$G$15,$M39-$A$15,DR$13)))","v":1000000000000},{"$f":"IF(OR($D39<>\"Serviço\",AND(AUTOEVENTO=\"Manual\",$M39=$A$15),$M39>(ROW(PLE.lastrow)-ROW(PLE.firstrow))),0,\n           IF(OFFSET(PLE!$G$15,$M39-$A$15,DS$13)=\"\",10^12,OFFSET(PLE!$G$15,$M39-$A$15,DS$13)))","v":1000000000000}]
["18",{"$f":"OFFSET(ORÇAMENTO!C$15,$L40,0)","v":"S"},{"$f":"OFFSET(ORÇAMENTO!L$15,$L40,0)","v":"F"},{"$f":"OFFSET(ORÇAMENTO!N$15,$L40,0)","v":"Serviço"},{"$f":"OFFSET(ORÇAMENTO!O$15,$L40,0)","v":"1.3.1.2.7."},{"$f":"OFFSET(ORÇAMENTO!R$15,$L40,0)","v":"CONCRETAGEM DE BLOCO DE COROAMENTO OU VIGA BALDRAME, FCK 20 MPA, COM USO DE JERICA - LANÇAMENTO, ADENSAMENTO E ACABAMENTO. AF_01/2024"},{"$f":"IF($D40<>\"Serviço\",\"\",OFFSET(ORÇAMENTO!S$15,$L40,0))","v":"M3"},{"$f":"IF($D40<>\"Serviço\",0,IF(ACOMPANHAMENTO=\"BM\",ROUND(OFFSET(ORÇAMENTO!AJ$15,$L40,0),15-13*ORÇAMENTO!$AF$7),IF(IFERROR(CÁLCULO.FrentesPreenchidas,0)=0,0,SUM(ROUND(OFFSET($P40,0,1,1,CÁLCULO.FrentesPreenchidas),15-13*ORÇAMENTO!$AF$7)))))","v":9.5499999999999989},"Conforme modelo disponibilizado pela CAIXA",{"$f":"IF(OR(B40<>\"S\",CÁLCULO.FrentesPreenchidas=0),\"\",IF(AND(ACOMPANHAMENTO=\"PLE\",AUTOEVENTO=\"Manual\",OR(H40>0,ORÇAMENTO!AC40=\"QUANT.\"),OR(K40=\"\",M40=0,N40=\"\")),\"►E\",IF(AND(ACOMPANHAMENTO=\"PLE\",ORÇAMENTO!AC40=\"QUANT.\"),\"►Q\",IF(AND(ACOMPANHAMENTO=\"PLE\",H40<>SUMPRODUCT(($Q$1:$AQ$1=1)*ROUND(Q40:AQ40,15))),\"►S\",IF(AND(COUNTIF($P$11:$AQ$11,\"▼\")=0,H40>0,I40=\"\"),\"◄M\",\"\")))))","v":""},"4. BALDRAMES",25,{"$f":"IF($D40<>\"Serviço\",\"\",\n          IF(AUTOEVENTO=\"manual\",$A40,\n                IF(ISERROR(MATCH($A40,$A$15:OFFSET($A40,-1,0),0)),MAX($M$15:OFFSET(M40,-1,0))+1,\n                      INDEX($M$15:OFFSET(M40,-1,0),MATCH($A40,$A$15:OFFSET($A40,-1,0),0)))))","v":4},{"$f":"IF($D40<>\"Serviço\",\"\",\n         IF(AUTOEVENTO=\"Manual\",\n                IF($A40=0,\"<-- defina o número do agrupador\",\n                       OFFSET(EVENTOS!$D$15,$A40-$A$15,0)),\n                OFFSET($F$15,$A40,0)))","v":"BALDRAMES"},null,null,1.91,1.91,1.91,1.91,1.91,null,null,null,null,null,null,null,null,null,null,null,null,null,null,null,null,null,null,null,null,null,null,{"$f":"IF(AND($D40=\"Serviço\",AR$12<>0,$H40>0,OR(AUTOEVENTO<>\"manual\",$M40<>$A$15)),\n        IF(Import.TipoArredondamento<>\"TransfereGOV\",\n              ROUND(OFFSET($P40,0,AR$13),15-13*ORÇAMENTO!$AF$7)/$H40*OFFSET(ORÇAMENTO!$X$15,ROW(AR40)-ROW(AR$15),0),\n              ROUND(ROUND(OFFSET($P40,0,AR$13),15-13*ORÇAMENTO!$AF$7)*OFFSET(ORÇAMENTO!$W$15,ROW(AR40)-ROW(AR$15),0),15-13*ORÇAMENTO!$AF$11)),\n         0)","v":1427.51},{"$f":"IF(AND($D40=\"Serviço\",AS$12<>0,$H40>0,OR(AUTOEVENTO<>\"manual\",$M40<>$A$15)),\n        IF(Import.TipoArredondamento<>\"TransfereGOV\",\n              ROUND(OFFSET($P40,0,AS$13),15-13*ORÇAMENTO!$AF$7)/$H40*OFFSET(ORÇAMENTO!$X$15,ROW(AS40)-ROW(AS$15),0),\n              ROUND(ROUND(OFFSET($P40,0,AS$13),15-13*ORÇAMENTO!$AF$7)*OFFSET(ORÇAMENTO!$W$15,ROW(AS40)-ROW(AS$15),0),15-13*ORÇAMENTO!$AF$11)),\n         0)","v":1427.51},{"$f":"IF(AND($D40=\"Serviço\",AT$12<>0,$H40>0,OR(AUTOEVENTO<>\"manual\",$M40<>$A$15)),\n        IF(Import.TipoArredondamento<>\"TransfereGOV\",\n              ROUND(OFFSET($P40,0,AT$13),15-13*ORÇAMENTO!$AF$7)/$H40*OFFSET(ORÇAMENTO!$X$15,ROW(AT40)-ROW(AT$15),0),\n              ROUND(ROUND(OFFSET($P40,0,AT$13),15-13*ORÇAMENTO!$AF$7)*OFFSET(ORÇAMENTO!$W$15,ROW(AT40)-ROW(AT$15),0),15-13*ORÇAMENTO!$AF$11)),\n         0)","v":1427.51},{"$f":"IF(AND($D40=\"Serviço\",AU$12<>0,$H40>0,OR(AUTOEVENTO<>\"manual\",$M40<>$A$15)),\n        IF(Import.TipoArredondamento<>\"TransfereGOV\",\n              ROUND(OFFSET($P40,0,AU$13),15-13*ORÇAMENTO!$AF$7)/$H40*OFFSET(ORÇAMENTO!$X$15,ROW(AU40)-ROW(AU$15),0),\n              ROUND(ROUND(OFFSET($P40,0,AU$13),15-13*ORÇAMENTO!$AF$7)*OFFSET(ORÇAMENTO!$W$15,ROW(AU40)-ROW(AU$15),0),15-13*ORÇAMENTO!$AF$11)),\n         0)","v":1427.51},{"$f":"IF(AND($D40=\"Serviço\",AV$12<>0,$H40>0,OR(AUTOEVENTO<>\"manual\",$M40<>$A$15)),\n        IF(Import.TipoArredondamento<>\"TransfereGOV\",\n              ROUND(OFFSET($P40,0,AV$13),15-13*ORÇAMENTO!$AF$7)/$H40*OFFSET(ORÇAMENTO!$X$15,ROW(AV40)-ROW(AV$15),0),\n              ROUND(ROUND(OFFSET($P40,0,AV$13),15-13*ORÇAMENTO!$AF$7)*OFFSET(ORÇAMENTO!$W$15,ROW(AV40)-ROW(AV$15),0),15-13*ORÇAMENTO!$AF$11)),\n         0)","v":1427.51},{"$f":"IF(AND($D40=\"Serviço\",AW$12<>0,$H40>0,OR(AUTOEVENTO<>\"manual\",$M40<>$A$15)),\n        IF(Import.TipoArredondamento<>\"TransfereGOV\",\n              ROUND(OFFSET($P40,0,AW$13),15-13*ORÇAMENTO!$AF$7)/$H40*OFFSET(ORÇAMENTO!$X$15,ROW(AW40)-ROW(AW$15),0),\n              ROUND(ROUND(OFFSET($P40,0,AW$13),15-13*ORÇAMENTO!$AF$7)*OFFSET(ORÇAMENTO!$W$15,ROW(AW40)-ROW(AW$15),0),15-13*ORÇAMENTO!$AF$11)),\n         0)","v":0},{"$f":"IF(AND($D40=\"Serviço\",AX$12<>0,$H40>0,OR(AUTOEVENTO<>\"manual\",$M40<>$A$15)),\n        IF(Import.TipoArredondamento<>\"TransfereGOV\",\n              ROUND(OFFSET($P40,0,AX$13),15-13*ORÇAMENTO!$AF$7)/$H40*OFFSET(ORÇAMENTO!$X$15,ROW(AX40)-ROW(AX$15),0),\n              ROUND(ROUND(OFFSET($P40,0,AX$13),15-13*ORÇAMENTO!$AF$7)*OFFSET(ORÇAMENTO!$W$15,ROW(AX40)-ROW(AX$15),0),15-13*ORÇAMENTO!$AF$11)),\n         0)","v":0},{"$f":"IF(AND($D40=\"Serviço\",AY$12<>0,$H40>0,OR(AUTOEVENTO<>\"manual\",$M40<>$A$15)),\n        IF(Import.TipoArredondamento<>\"TransfereGOV\",\n              ROUND(OFFSET($P40,0,AY$13),15-13*ORÇAMENTO!$AF$7)/$H40*OFFSET(ORÇAMENTO!$X$15,ROW(AY40)-ROW(AY$15),0),\n              ROUND(ROUND(OFFSET($P40,0,AY$13),15-13*ORÇAMENTO!$AF$7)*OFFSET(ORÇAMENTO!$W$15,ROW(AY40)-ROW(AY$15),0),15-13*ORÇAMENTO!$AF$11)),\n         0)","v":0},{"$f":"IF(AND($D40=\"Serviço\",AZ$12<>0,$H40>0,OR(AUTOEVENTO<>\"manual\",$M40<>$A$15)),\n        IF(Import.TipoArredondamento<>\"TransfereGOV\",\n              ROUND(OFFSET($P40,0,AZ$13),15-13*ORÇAMENTO!$AF$7)/$H40*OFFSET(ORÇAMENTO!$X$15,ROW(AZ40)-ROW(AZ$15),0),\n              ROUND(ROUND(OFFSET($P40,0,AZ$13),15-13*ORÇAMENTO!$AF$7)*OFFSET(ORÇAMENTO!$W$15,ROW(AZ40)-ROW(AZ$15),0),15-13*ORÇAMENTO!$AF$11)),\n         0)","v":0},{"$f":"IF(AND($D40=\"Serviço\",BA$12<>0,$H40>0,OR(AUTOEVENTO<>\"manual\",$M40<>$A$15)),\n        IF(Import.TipoArredondamento<>\"TransfereGOV\",\n              ROUND(OFFSET($P40,0,BA$13),15-13*ORÇAMENTO!$AF$7)/$H40*OFFSET(ORÇAMENTO!$X$15,ROW(BA40)-ROW(BA$15),0),\n              ROUND(ROUND(OFFSET($P40,0,BA$13),15-13*ORÇAMENTO!$AF$7)*OFFSET(ORÇAMENTO!$W$15,ROW(BA40)-ROW(BA$15),0),15-13*ORÇAMENTO!$AF$11)),\n         0)","v":0},{"$f":"IF(AND($D40=\"Serviço\",BB$12<>0,$H40>0,OR(AUTOEVENTO<>\"manual\",$M40<>$A$15)),\n        IF(Import.TipoArredondamento<>\"TransfereGOV\",\n              ROUND(OFFSET($P40,0,BB$13),15-13*ORÇAMENTO!$AF$7)/$H40*OFFSET(ORÇAMENTO!$X$15,ROW(BB40)-ROW(BB$15),0),\n              ROUND(ROUND(OFFSET($P40,0,BB$13),15-13*ORÇAMENTO!$AF$7)*OFFSET(ORÇAMENTO!$W$15,ROW(BB40)-ROW(BB$15),0),15-13*ORÇAMENTO!$AF$11)),\n         0)","v":0},{"$f":"IF(AND($D40=\"Serviço\",BC$12<>0,$H40>0,OR(AUTOEVENTO<>\"manual\",$M40<>$A$15)),\n        IF(Import.TipoArredondamento<>\"TransfereGOV\",\n              ROUND(OFFSET($P40,0,BC$13),15-13*ORÇAMENTO!$AF$7)/$H40*OFFSET(ORÇAMENTO!$X$15,ROW(BC40)-ROW(BC$15),0),\n              ROUND(ROUND(OFFSET($P40,0,BC$13),15-13*ORÇAMENTO!$AF$7)*OFFSET(ORÇAMENTO!$W$15,ROW(BC40)-ROW(BC$15),0),15-13*ORÇAMENTO!$AF$11)),\n         0)","v":0},{"$f":"IF(AND($D40=\"Serviço\",BD$12<>0,$H40>0,OR(AUTOEVENTO<>\"manual\",$M40<>$A$15)),\n        IF(Import.TipoArredondamento<>\"TransfereGOV\",\n              ROUND(OFFSET($P40,0,BD$13),15-13*ORÇAMENTO!$AF$7)/$H40*OFFSET(ORÇAMENTO!$X$15,ROW(BD40)-ROW(BD$15),0),\n              ROUND(ROUND(OFFSET($P40,0,BD$13),15-13*ORÇAMENTO!$AF$7)*OFFSET(ORÇAMENTO!$W$15,ROW(BD40)-ROW(BD$15),0),15-13*ORÇAMENTO!$AF$11)),\n         0)","v":0},{"$f":"IF(AND($D40=\"Serviço\",BE$12<>0,$H40>0,OR(AUTOEVENTO<>\"manual\",$M40<>$A$15)),\n        IF(Import.TipoArredondamento<>\"TransfereGOV\",\n              ROUND(OFFSET($P40,0,BE$13),15-13*ORÇAMENTO!$AF$7)/$H40*OFFSET(ORÇAMENTO!$X$15,ROW(BE40)-ROW(BE$15),0),\n              ROUND(ROUND(OFFSET($P40,0,BE$13),15-13*ORÇAMENTO!$AF$7)*OFFSET(ORÇAMENTO!$W$15,ROW(BE40)-ROW(BE$15),0),15-13*ORÇAMENTO!$AF$11)),\n         0)","v":0},{"$f":"IF(AND($D40=\"Serviço\",BF$12<>0,$H40>0,OR(AUTOEVENTO<>\"manual\",$M40<>$A$15)),\n        IF(Import.TipoArredondamento<>\"TransfereGOV\",\n              ROUND(OFFSET($P40,0,BF$13),15-13*ORÇAMENTO!$AF$7)/$H40*OFFSET(ORÇAMENTO!$X$15,ROW(BF40)-ROW(BF$15),0),\n              ROUND(ROUND(OFFSET($P40,0,BF$13),15-13*ORÇAMENTO!$AF$7)*OFFSET(ORÇAMENTO!$W$15,ROW(BF40)-ROW(BF$15),0),15-13*ORÇAMENTO!$AF$11)),\n         0)","v":0},{"$f":"IF(AND($D40=\"Serviço\",BG$12<>0,$H40>0,OR(AUTOEVENTO<>\"manual\",$M40<>$A$15)),\n        IF(Import.TipoArredondamento<>\"TransfereGOV\",\n              ROUND(OFFSET($P40,0,BG$13),15-13*ORÇAMENTO!$AF$7)/$H40*OFFSET(ORÇAMENTO!$X$15,ROW(BG40)-ROW(BG$15),0),\n              ROUND(ROUND(OFFSET($P40,0,BG$13),15-13*ORÇAMENTO!$AF$7)*OFFSET(ORÇAMENTO!$W$15,ROW(BG40)-ROW(BG$15),0),15-13*ORÇAMENTO!$AF$11)),\n         0)","v":0},{"$f":"IF(AND($D40=\"Serviço\",BH$12<>0,$H40>0,OR(AUTOEVENTO<>\"manual\",$M40<>$A$15)),\n        IF(Import.TipoArredondamento<>\"TransfereGOV\",\n              ROUND(OFFSET($P40,0,BH$13),15-13*ORÇAMENTO!$AF$7)/$H40*OFFSET(ORÇAMENTO!$X$15,ROW(BH40)-ROW(BH$15),0),\n              ROUND(ROUND(OFFSET($P40,0,BH$13),15-13*ORÇAMENTO!$AF$7)*OFFSET(ORÇAMENTO!$W$15,ROW(BH40)-ROW(BH$15),0),15-13*ORÇAMENTO!$AF$11)),\n         0)","v":0},{"$f":"IF(AND($D40=\"Serviço\",BI$12<>0,$H40>0,OR(AUTOEVENTO<>\"manual\",$M40<>$A$15)),\n        IF(Import.TipoArredondamento<>\"TransfereGOV\",\n              ROUND(OFFSET($P40,0,BI$13),15-13*ORÇAMENTO!$AF$7)/$H40*OFFSET(ORÇAMENTO!$X$15,ROW(BI40)-ROW(BI$15),0),\n              ROUND(ROUND(OFFSET($P40,0,BI$13),15-13*ORÇAMENTO!$AF$7)*OFFSET(ORÇAMENTO!$W$15,ROW(BI40)-ROW(BI$15),0),15-13*ORÇAMENTO!$AF$11)),\n         0)","v":0},{"$f":"IF(AND($D40=\"Serviço\",BJ$12<>0,$H40>0,OR(AUTOEVENTO<>\"manual\",$M40<>$A$15)),\n        IF(Import.TipoArredondamento<>\"TransfereGOV\",\n              ROUND(OFFSET($P40,0,BJ$13),15-13*ORÇAMENTO!$AF$7)/$H40*OFFSET(ORÇAMENTO!$X$15,ROW(BJ40)-ROW(BJ$15),0),\n              ROUND(ROUND(OFFSET($P40,0,BJ$13),15-13*ORÇAMENTO!$AF$7)*OFFSET(ORÇAMENTO!$W$15,ROW(BJ40)-ROW(BJ$15),0),15-13*ORÇAMENTO!$AF$11)),\n         0)","v":0},{"$f":"IF(AND($D40=\"Serviço\",BK$12<>0,$H40>0,OR(AUTOEVENTO<>\"manual\",$M40<>$A$15)),\n        IF(Import.TipoArredondamento<>\"TransfereGOV\",\n              ROUND(OFFSET($P40,0,BK$13),15-13*ORÇAMENTO!$AF$7)/$H40*OFFSET(ORÇAMENTO!$X$15,ROW(BK40)-ROW(BK$15),0),\n              ROUND(ROUND(OFFSET($P40,0,BK$13),15-13*ORÇAMENTO!$AF$7)*OFFSET(ORÇAMENTO!$W$15,ROW(BK40)-ROW(BK$15),0),15-13*ORÇAMENTO!$AF$11)),\n         0)","v":0},{"$f":"IF(AND($D40=\"Serviço\",BL$12<>0,$H40>0,OR(AUTOEVENTO<>\"manual\",$M40<>$A$15)),\n        IF(Import.TipoArredondamento<>\"TransfereGOV\",\n              ROUND(OFFSET($P40,0,BL$13),15-13*ORÇAMENTO!$AF$7)/$H40*OFFSET(ORÇAMENTO!$X$15,ROW(BL40)-ROW(BL$15),0),\n              ROUND(ROUND(OFFSET($P40,0,BL$13),15-13*ORÇAMENTO!$AF$7)*OFFSET(ORÇAMENTO!$W$15,ROW(BL40)-ROW(BL$15),0),15-13*ORÇAMENTO!$AF$11)),\n         0)","v":0},{"$f":"IF(AND($D40=\"Serviço\",BM$12<>0,$H40>0,OR(AUTOEVENTO<>\"manual\",$M40<>$A$15)),\n        IF(Import.TipoArredondamento<>\"TransfereGOV\",\n              ROUND(OFFSET($P40,0,BM$13),15-13*ORÇAMENTO!$AF$7)/$H40*OFFSET(ORÇAMENTO!$X$15,ROW(BM40)-ROW(BM$15),0),\n              ROUND(ROUND(OFFSET($P40,0,BM$13),15-13*ORÇAMENTO!$AF$7)*OFFSET(ORÇAMENTO!$W$15,ROW(BM40)-ROW(BM$15),0),15-13*ORÇAMENTO!$AF$11)),\n         0)","v":0},{"$f":"IF(AND($D40=\"Serviço\",BN$12<>0,$H40>0,OR(AUTOEVENTO<>\"manual\",$M40<>$A$15)),\n        IF(Import.TipoArredondamento<>\"TransfereGOV\",\n              ROUND(OFFSET($P40,0,BN$13),15-13*ORÇAMENTO!$AF$7)/$H40*OFFSET(ORÇAMENTO!$X$15,ROW(BN40)-ROW(BN$15),0),\n              ROUND(ROUND(OFFSET($P40,0,BN$13),15-13*ORÇAMENTO!$AF$7)*OFFSET(ORÇAMENTO!$W$15,ROW(BN40)-ROW(BN$15),0),15-13*ORÇAMENTO!$AF$11)),\n         0)","v":0},{"$f":"IF(AND($D40=\"Serviço\",BO$12<>0,$H40>0,OR(AUTOEVENTO<>\"manual\",$M40<>$A$15)),\n        IF(Import.TipoArredondamento<>\"TransfereGOV\",\n              ROUND(OFFSET($P40,0,BO$13),15-13*ORÇAMENTO!$AF$7)/$H40*OFFSET(ORÇAMENTO!$X$15,ROW(BO40)-ROW(BO$15),0),\n              ROUND(ROUND(OFFSET($P40,0,BO$13),15-13*ORÇAMENTO!$AF$7)*OFFSET(ORÇAMENTO!$W$15,ROW(BO40)-ROW(BO$15),0),15-13*ORÇAMENTO!$AF$11)),\n         0)","v":0},{"$f":"IF(AND($D40=\"Serviço\",BP$12<>0,$H40>0,OR(AUTOEVENTO<>\"manual\",$M40<>$A$15)),\n        IF(Import.TipoArredondamento<>\"TransfereGOV\",\n              ROUND(OFFSET($P40,0,BP$13),15-13*ORÇAMENTO!$AF$7)/$H40*OFFSET(ORÇAMENTO!$X$15,ROW(BP40)-ROW(BP$15),0),\n              ROUND(ROUND(OFFSET($P40,0,BP$13),15-13*ORÇAMENTO!$AF$7)*OFFSET(ORÇAMENTO!$W$15,ROW(BP40)-ROW(BP$15),0),15-13*ORÇAMENTO!$AF$11)),\n         0)","v":0},{"$f":"IF(AND($D40=\"Serviço\",BQ$12<>0,$H40>0,OR(AUTOEVENTO<>\"manual\",$M40<>$A$15)),\n        IF(Import.TipoArredondamento<>\"TransfereGOV\",\n              ROUND(OFFSET($P40,0,BQ$13),15-13*ORÇAMENTO!$AF$7)/$H40*OFFSET(ORÇAMENTO!$X$15,ROW(BQ40)-ROW(BQ$15),0),\n              ROUND(ROUND(OFFSET($P40,0,BQ$13),15-13*ORÇAMENTO!$AF$7)*OFFSET(ORÇAMENTO!$W$15,ROW(BQ40)-ROW(BQ$15),0),15-13*ORÇAMENTO!$AF$11)),\n         0)","v":0},null,{"$f":"IF(OR($D40<>\"Serviço\",AND(AUTOEVENTO=\"Manual\",$M40=$A$15)),0,\n         IF(OFFSET(CRONOPLE!$F$15,$M40-$A$15,BS$13)=0,10^12,OFFSET(CRONOPLE!$F$15,$M40-$A$15,BS$13)))","v":1},{"$f":"IF(OR($D40<>\"Serviço\",AND(AUTOEVENTO=\"Manual\",$M40=$A$15)),0,\n         IF(OFFSET(CRONOPLE!$F$15,$M40-$A$15,BT$13)=0,10^12,OFFSET(CRONOPLE!$F$15,$M40-$A$15,BT$13)))","v":1},{"$f":"IF(OR($D40<>\"Serviço\",AND(AUTOEVENTO=\"Manual\",$M40=$A$15)),0,\n         IF(OFFSET(CRONOPLE!$F$15,$M40-$A$15,BU$13)=0,10^12,OFFSET(CRONOPLE!$F$15,$M40-$A$15,BU$13)))","v":1},{"$f":"IF(OR($D40<>\"Serviço\",AND(AUTOEVENTO=\"Manual\",$M40=$A$15)),0,\n         IF(OFFSET(CRONOPLE!$F$15,$M40-$A$15,BV$13)=0,10^12,OFFSET(CRONOPLE!$F$15,$M40-$A$15,BV$13)))","v":1},{"$f":"IF(OR($D40<>\"Serviço\",AND(AUTOEVENTO=\"Manual\",$M40=$A$15)),0,\n         IF(OFFSET(CRONOPLE!$F$15,$M40-$A$15,BW$13)=0,10^12,OFFSET(CRONOPLE!$F$15,$M40-$A$15,BW$13)))","v":1},{"$f":"IF(OR($D40<>\"Serviço\",AND(AUTOEVENTO=\"Manual\",$M40=$A$15)),0,\n         IF(OFFSET(CRONOPLE!$F$15,$M40-$A$15,BX$13)=0,10^12,OFFSET(CRONOPLE!$F$15,$M40-$A$15,BX$13)))","v":1},{"$f":"IF(OR($D40<>\"Serviço\",AND(AUTOEVENTO=\"Manual\",$M40=$A$15)),0,\n         IF(OFFSET(CRONOPLE!$F$15,$M40-$A$15,BY$13)=0,10^12,OFFSET(CRONOPLE!$F$15,$M40-$A$15,BY$13)))","v":1},{"$f":"IF(OR($D40<>\"Serviço\",AND(AUTOEVENTO=\"Manual\",$M40=$A$15)),0,\n         IF(OFFSET(CRONOPLE!$F$15,$M40-$A$15,BZ$13)=0,10^12,OFFSET(CRONOPLE!$F$15,$M40-$A$15,BZ$13)))","v":7},{"$f":"IF(OR($D40<>\"Serviço\",AND(AUTOEVENTO=\"Manual\",$M40=$A$15)),0,\n         IF(OFFSET(CRONOPLE!$F$15,$M40-$A$15,CA$13)=0,10^12,OFFSET(CRONOPLE!$F$15,$M40-$A$15,CA$13)))","v":7},{"$f":"IF(OR($D40<>\"Serviço\",AND(AUTOEVENTO=\"Manual\",$M40=$A$15)),0,\n         IF(OFFSET(CRONOPLE!$F$15,$M40-$A$15,CB$13)=0,10^12,OFFSET(CRONOPLE!$F$15,$M40-$A$15,CB$13)))","v":7},{"$f":"IF(OR($D40<>\"Serviço\",AND(AUTOEVENTO=\"Manual\",$M40=$A$15)),0,\n         IF(OFFSET(CRONOPLE!$F$15,$M40-$A$15,CC$13)=0,10^12,OFFSET(CRONOPLE!$F$15,$M40-$A$15,CC$13)))","v":13},{"$f":"IF(OR($D40<>\"Serviço\",AND(AUTOEVENTO=\"Manual\",$M40=$A$15)),0,\n         IF(OFFSET(CRONOPLE!$F$15,$M40-$A$15,CD$13)=0,10^12,OFFSET(CRONOPLE!$F$15,$M40-$A$15,CD$13)))","v":13},{"$f":"IF(OR($D40<>\"Serviço\",AND(AUTOEVENTO=\"Manual\",$M40=$A$15)),0,\n         IF(OFFSET(CRONOPLE!$F$15,$M40-$A$15,CE$13)=0,10^12,OFFSET(CRONOPLE!$F$15,$M40-$A$15,CE$13)))","v":13},{"$f":"IF(OR($D40<>\"Serviço\",AND(AUTOEVENTO=\"Manual\",$M40=$A$15)),0,\n         IF(OFFSET(CRONOPLE!$F$15,$M40-$A$15,CF$13)=0,10^12,OFFSET(CRONOPLE!$F$15,$M40-$A$15,CF$13)))","v":13},{"$f":"IF(OR($D40<>\"Serviço\",AND(AUTOEVENTO=\"Manual\",$M40=$A$15)),0,\n         IF(OFFSET(CRONOPLE!$F$15,$M40-$A$15,CG$13)=0,10^12,OFFSET(CRONOPLE!$F$15,$M40-$A$15,CG$13)))","v":13},{"$f":"IF(OR($D40<>\"Serviço\",AND(AUTOEVENTO=\"Manual\",$M40=$A$15)),0,\n         IF(OFFSET(CRONOPLE!$F$15,$M40-$A$15,CH$13)=0,10^12,OFFSET(CRONOPLE!$F$15,$M40-$A$15,CH$13)))","v":19},{"$f":"IF(OR($D40<>\"Serviço\",AND(AUTOEVENTO=\"Manual\",$M40=$A$15)),0,\n         IF(OFFSET(CRONOPLE!$F$15,$M40-$A$15,CI$13)=0,10^12,OFFSET(CRONOPLE!$F$15,$M40-$A$15,CI$13)))","v":19},{"$f":"IF(OR($D40<>\"Serviço\",AND(AUTOEVENTO=\"Manual\",$M40=$A$15)),0,\n         IF(OFFSET(CRONOPLE!$F$15,$M40-$A$15,CJ$13)=0,10^12,OFFSET(CRONOPLE!$F$15,$M40-$A$15,CJ$13)))","v":19},{"$f":"IF(OR($D40<>\"Serviço\",AND(AUTOEVENTO=\"Manual\",$M40=$A$15)),0,\n         IF(OFFSET(CRONOPLE!$F$15,$M40-$A$15,CK$13)=0,10^12,OFFSET(CRONOPLE!$F$15,$M40-$A$15,CK$13)))","v":19},{"$f":"IF(OR($D40<>\"Serviço\",AND(AUTOEVENTO=\"Manual\",$M40=$A$15)),0,\n         IF(OFFSET(CRONOPLE!$F$15,$M40-$A$15,CL$13)=0,10^12,OFFSET(CRONOPLE!$F$15,$M40-$A$15,CL$13)))","v":19},{"$f":"IF(OR($D40<>\"Serviço\",AND(AUTOEVENTO=\"Manual\",$M40=$A$15)),0,\n         IF(OFFSET(CRONOPLE!$F$15,$M40-$A$15,CM$13)=0,10^12,OFFSET(CRONOPLE!$F$15,$M40-$A$15,CM$13)))","v":1000000000000},{"$f":"IF(OR($D40<>\"Serviço\",AND(AUTOEVENTO=\"Manual\",$M40=$A$15)),0,\n         IF(OFFSET(CRONOPLE!$F$15,$M40-$A$15,CN$13)=0,10^12,OFFSET(CRONOPLE!$F$15,$M40-$A$15,CN$13)))","v":1000000000000},{"$f":"IF(OR($D40<>\"Serviço\",AND(AUTOEVENTO=\"Manual\",$M40=$A$15)),0,\n         IF(OFFSET(CRONOPLE!$F$15,$M40-$A$15,CO$13)=0,10^12,OFFSET(CRONOPLE!$F$15,$M40-$A$15,CO$13)))","v":1000000000000},{"$f":"IF(OR($D40<>\"Serviço\",AND(AUTOEVENTO=\"Manual\",$M40=$A$15)),0,\n         IF(OFFSET(CRONOPLE!$F$15,$M40-$A$15,CP$13)=0,10^12,OFFSET(CRONOPLE!$F$15,$M40-$A$15,CP$13)))","v":1000000000000},{"$f":"IF(OR($D40<>\"Serviço\",AND(AUTOEVENTO=\"Manual\",$M40=$A$15)),0,\n         IF(OFFSET(CRONOPLE!$F$15,$M40-$A$15,CQ$13)=0,10^12,OFFSET(CRONOPLE!$F$15,$M40-$A$15,CQ$13)))","v":1000000000000},{"$f":"IF(OR($D40<>\"Serviço\",AND(AUTOEVENTO=\"Manual\",$M40=$A$15)),0,\n         IF(OFFSET(CRONOPLE!$F$15,$M40-$A$15,CR$13)=0,10^12,OFFSET(CRONOPLE!$F$15,$M40-$A$15,CR$13)))","v":1000000000000},null,{"$f":"IF(OR($D40<>\"Serviço\",AND(AUTOEVENTO=\"Manual\",$M40=$A$15),$M40>(ROW(PLE.lastrow)-ROW(PLE.firstrow))),0,\n           IF(OFFSET(PLE!$G$15,$M40-$A$15,CT$13)=\"\",10^12,OFFSET(PLE!$G$15,$M40-$A$15,CT$13)))","v":1000000000000},{"$f":"IF(OR($D40<>\"Serviço\",AND(AUTOEVENTO=\"Manual\",$M40=$A$15),$M40>(ROW(PLE.lastrow)-ROW(PLE.firstrow))),0,\n           IF(OFFSET(PLE!$G$15,$M40-$A$15,CU$13)=\"\",10^12,OFFSET(PLE!$G$15,$M40-$A$15,CU$13)))","v":1000000000000},{"$f":"IF(OR($D40<>\"Serviço\",AND(AUTOEVENTO=\"Manual\",$M40=$A$15),$M40>(ROW(PLE.lastrow)-ROW(PLE.firstrow))),0,\n           IF(OFFSET(PLE!$G$15,$M40-$A$15,CV$13)=\"\",10^12,OFFSET(PLE!$G$15,$M40-$A$15,CV$13)))","v":1000000000000},{"$f":"IF(OR($D40<>\"Serviço\",AND(AUTOEVENTO=\"Manual\",$M40=$A$15),$M40>(ROW(PLE.lastrow)-ROW(PLE.firstrow))),0,\n           IF(OFFSET(PLE!$G$15,$M40-$A$15,CW$13)=\"\",10^12,OFFSET(PLE!$G$15,$M40-$A$15,CW$13)))","v":1000000000000},{"$f":"IF(OR($D40<>\"Serviço\",AND(AUTOEVENTO=\"Manual\",$M40=$A$15),$M40>(ROW(PLE.lastrow)-ROW(PLE.firstrow))),0,\n           IF(OFFSET(PLE!$G$15,$M40-$A$15,CX$13)=\"\",10^12,OFFSET(PLE!$G$15,$M40-$A$15,CX$13)))","v":1000000000000},{"$f":"IF(OR($D40<>\"Serviço\",AND(AUTOEVENTO=\"Manual\",$M40=$A$15),$M40>(ROW(PLE.lastrow)-ROW(PLE.firstrow))),0,\n           IF(OFFSET(PLE!$G$15,$M40-$A$15,CY$13)=\"\",10^12,OFFSET(PLE!$G$15,$M40-$A$15,CY$13)))","v":1000000000000},{"$f":"IF(OR($D40<>\"Serviço\",AND(AUTOEVENTO=\"Manual\",$M40=$A$15),$M40>(ROW(PLE.lastrow)-ROW(PLE.firstrow))),0,\n           IF(OFFSET(PLE!$G$15,$M40-$A$15,CZ$13)=\"\",10^12,OFFSET(PLE!$G$15,$M40-$A$15,CZ$13)))","v":1000000000000},{"$f":"IF(OR($D40<>\"Serviço\",AND(AUTOEVENTO=\"Manual\",$M40=$A$15),$M40>(ROW(PLE.lastrow)-ROW(PLE.firstrow))),0,\n           IF(OFFSET(PLE!$G$15,$M40-$A$15,DA$13)=\"\",10^12,OFFSET(PLE!$G$15,$M40-$A$15,DA$13)))","v":1000000000000},{"$f":"IF(OR($D40<>\"Serviço\",AND(AUTOEVENTO=\"Manual\",$M40=$A$15),$M40>(ROW(PLE.lastrow)-ROW(PLE.firstrow))),0,\n           IF(OFFSET(PLE!$G$15,$M40-$A$15,DB$13)=\"\",10^12,OFFSET(PLE!$G$15,$M40-$A$15,DB$13)))","v":1000000000000},{"$f":"IF(OR($D40<>\"Serviço\",AND(AUTOEVENTO=\"Manual\",$M40=$A$15),$M40>(ROW(PLE.lastrow)-ROW(PLE.firstrow))),0,\n           IF(OFFSET(PLE!$G$15,$M40-$A$15,DC$13)=\"\",10^12,OFFSET(PLE!$G$15,$M40-$A$15,DC$13)))","v":1000000000000},{"$f":"IF(OR($D40<>\"Serviço\",AND(AUTOEVENTO=\"Manual\",$M40=$A$15),$M40>(ROW(PLE.lastrow)-ROW(PLE.firstrow))),0,\n           IF(OFFSET(PLE!$G$15,$M40-$A$15,DD$13)=\"\",10^12,OFFSET(PLE!$G$15,$M40-$A$15,DD$13)))","v":1000000000000},{"$f":"IF(OR($D40<>\"Serviço\",AND(AUTOEVENTO=\"Manual\",$M40=$A$15),$M40>(ROW(PLE.lastrow)-ROW(PLE.firstrow))),0,\n           IF(OFFSET(PLE!$G$15,$M40-$A$15,DE$13)=\"\",10^12,OFFSET(PLE!$G$15,$M40-$A$15,DE$13)))","v":1000000000000},{"$f":"IF(OR($D40<>\"Serviço\",AND(AUTOEVENTO=\"Manual\",$M40=$A$15),$M40>(ROW(PLE.lastrow)-ROW(PLE.firstrow))),0,\n           IF(OFFSET(PLE!$G$15,$M40-$A$15,DF$13)=\"\",10^12,OFFSET(PLE!$G$15,$M40-$A$15,DF$13)))","v":1000000000000},{"$f":"IF(OR($D40<>\"Serviço\",AND(AUTOEVENTO=\"Manual\",$M40=$A$15),$M40>(ROW(PLE.lastrow)-ROW(PLE.firstrow))),0,\n           IF(OFFSET(PLE!$G$15,$M40-$A$15,DG$13)=\"\",10^12,OFFSET(PLE!$G$15,$M40-$A$15,DG$13)))","v":1000000000000},{"$f":"IF(OR($D40<>\"Serviço\",AND(AUTOEVENTO=\"Manual\",$M40=$A$15),$M40>(ROW(PLE.lastrow)-ROW(PLE.firstrow))),0,\n           IF(OFFSET(PLE!$G$15,$M40-$A$15,DH$13)=\"\",10^12,OFFSET(PLE!$G$15,$M40-$A$15,DH$13)))","v":1000000000000},{"$f":"IF(OR($D40<>\"Serviço\",AND(AUTOEVENTO=\"Manual\",$M40=$A$15),$M40>(ROW(PLE.lastrow)-ROW(PLE.firstrow))),0,\n           IF(OFFSET(PLE!$G$15,$M40-$A$15,DI$13)=\"\",10^12,OFFSET(PLE!$G$15,$M40-$A$15,DI$13)))","v":1000000000000},{"$f":"IF(OR($D40<>\"Serviço\",AND(AUTOEVENTO=\"Manual\",$M40=$A$15),$M40>(ROW(PLE.lastrow)-ROW(PLE.firstrow))),0,\n           IF(OFFSET(PLE!$G$15,$M40-$A$15,DJ$13)=\"\",10^12,OFFSET(PLE!$G$15,$M40-$A$15,DJ$13)))","v":1000000000000},{"$f":"IF(OR($D40<>\"Serviço\",AND(AUTOEVENTO=\"Manual\",$M40=$A$15),$M40>(ROW(PLE.lastrow)-ROW(PLE.firstrow))),0,\n           IF(OFFSET(PLE!$G$15,$M40-$A$15,DK$13)=\"\",10^12,OFFSET(PLE!$G$15,$M40-$A$15,DK$13)))","v":1000000000000},{"$f":"IF(OR($D40<>\"Serviço\",AND(AUTOEVENTO=\"Manual\",$M40=$A$15),$M40>(ROW(PLE.lastrow)-ROW(PLE.firstrow))),0,\n           IF(OFFSET(PLE!$G$15,$M40-$A$15,DL$13)=\"\",10^12,OFFSET(PLE!$G$15,$M40-$A$15,DL$13)))","v":1000000000000},{"$f":"IF(OR($D40<>\"Serviço\",AND(AUTOEVENTO=\"Manual\",$M40=$A$15),$M40>(ROW(PLE.lastrow)-ROW(PLE.firstrow))),0,\n           IF(OFFSET(PLE!$G$15,$M40-$A$15,DM$13)=\"\",10^12,OFFSET(PLE!$G$15,$M40-$A$15,DM$13)))","v":1000000000000},{"$f":"IF(OR($D40<>\"Serviço\",AND(AUTOEVENTO=\"Manual\",$M40=$A$15),$M40>(ROW(PLE.lastrow)-ROW(PLE.firstrow))),0,\n           IF(OFFSET(PLE!$G$15,$M40-$A$15,DN$13)=\"\",10^12,OFFSET(PLE!$G$15,$M40-$A$15,DN$13)))","v":1000000000000},{"$f":"IF(OR($D40<>\"Serviço\",AND(AUTOEVENTO=\"Manual\",$M40=$A$15),$M40>(ROW(PLE.lastrow)-ROW(PLE.firstrow))),0,\n           IF(OFFSET(PLE!$G$15,$M40-$A$15,DO$13)=\"\",10^12,OFFSET(PLE!$G$15,$M40-$A$15,DO$13)))","v":1000000000000},{"$f":"IF(OR($D40<>\"Serviço\",AND(AUTOEVENTO=\"Manual\",$M40=$A$15),$M40>(ROW(PLE.lastrow)-ROW(PLE.firstrow))),0,\n           IF(OFFSET(PLE!$G$15,$M40-$A$15,DP$13)=\"\",10^12,OFFSET(PLE!$G$15,$M40-$A$15,DP$13)))","v":1000000000000},{"$f":"IF(OR($D40<>\"Serviço\",AND(AUTOEVENTO=\"Manual\",$M40=$A$15),$M40>(ROW(PLE.lastrow)-ROW(PLE.firstrow))),0,\n           IF(OFFSET(PLE!$G$15,$M40-$A$15,DQ$13)=\"\",10^12,OFFSET(PLE!$G$15,$M40-$A$15,DQ$13)))","v":1000000000000},{"$f":"IF(OR($D40<>\"Serviço\",AND(AUTOEVENTO=\"Manual\",$M40=$A$15),$M40>(ROW(PLE.lastrow)-ROW(PLE.firstrow))),0,\n           IF(OFFSET(PLE!$G$15,$M40-$A$15,DR$13)=\"\",10^12,OFFSET(PLE!$G$15,$M40-$A$15,DR$13)))","v":1000000000000},{"$f":"IF(OR($D40<>\"Serviço\",AND(AUTOEVENTO=\"Manual\",$M40=$A$15),$M40>(ROW(PLE.lastrow)-ROW(PLE.firstrow))),0,\n           IF(OFFSET(PLE!$G$15,$M40-$A$15,DS$13)=\"\",10^12,OFFSET(PLE!$G$15,$M40-$A$15,DS$13)))","v":1000000000000}]
["18",{"$f":"OFFSET(ORÇAMENTO!C$15,$L41,0)","v":"S"},{"$f":"OFFSET(ORÇAMENTO!L$15,$L41,0)","v":"F"},{"$f":"OFFSET(ORÇAMENTO!N$15,$L41,0)","v":"Serviço"},{"$f":"OFFSET(ORÇAMENTO!O$15,$L41,0)","v":"1.3.1.2.8."},{"$f":"OFFSET(ORÇAMENTO!R$15,$L41,0)","v":"REATERRO MANUAL DE VALAS, COM COMPACTADOR DE SOLOS DE PERCUSSÃO. AF_08/2023"},{"$f":"IF($D41<>\"Serviço\",\"\",OFFSET(ORÇAMENTO!S$15,$L41,0))","v":"M3"},{"$f":"IF($D41<>\"Serviço\",0,IF(ACOMPANHAMENTO=\"BM\",ROUND(OFFSET(ORÇAMENTO!AJ$15,$L41,0),15-13*ORÇAMENTO!$AF$7),IF(IFERROR(CÁLCULO.FrentesPreenchidas,0)=0,0,SUM(ROUND(OFFSET($P41,0,1,1,CÁLCULO.FrentesPreenchidas),15-13*ORÇAMENTO!$AF$7)))))","v":16.05},"Conforme modelo disponibilizado pela CAIXA",{"$f":"IF(OR(B41<>\"S\",CÁLCULO.FrentesPreenchidas=0),\"\",IF(AND(ACOMPANHAMENTO=\"PLE\",AUTOEVENTO=\"Manual\",OR(H41>0,ORÇAMENTO!AC41=\"QUANT.\"),OR(K41=\"\",M41=0,N41=\"\")),\"►E\",IF(AND(ACOMPANHAMENTO=\"PLE\",ORÇAMENTO!AC41=\"QUANT.\"),\"►Q\",IF(AND(ACOMPANHAMENTO=\"PLE\",H41<>SUMPRODUCT(($Q$1:$AQ$1=1)*ROUND(Q41:AQ41,15))),\"►S\",IF(AND(COUNTIF($P$11:$AQ$11,\"▼\")=0,H41>0,I41=\"\"),\"◄M\",\"\")))))","v":""},"4. BALDRAMES",26,{"$f":"IF($D41<>\"Serviço\",\"\",\n          IF(AUTOEVENTO=\"manual\",$A41,\n                IF(ISERROR(MATCH($A41,$A$15:OFFSET($A41,-1,0),0)),MAX($M$15:OFFSET(M41,-1,0))+1,\n                      INDEX($M$15:OFFSET(M41,-1,0),MATCH($A41,$A$15:OFFSET($A41,-1,0),0)))))","v":4},{"$f":"IF($D41<>\"Serviço\",\"\",\n         IF(AUTOEVENTO=\"Manual\",\n                IF($A41=0,\"<-- defina o número do agrupador\",\n                       OFFSET(EVENTOS!$D$15,$A41-$A$15,0)),\n                OFFSET($F$15,$A41,0)))","v":"BALDRAMES"},null,null,3.21,3.21,3.21,3.21,3.21,null,null,null,null,null,null,null,null,null,null,null,null,null,null,null,null,null,null,null,null,null,null,{"$f":"IF(AND($D41=\"Serviço\",AR$12<>0,$H41>0,OR(AUTOEVENTO<>\"manual\",$M41<>$A$15)),\n        IF(Import.TipoArredondamento<>\"TransfereGOV\",\n              ROUND(OFFSET($P41,0,AR$13),15-13*ORÇAMENTO!$AF$7)/$H41*OFFSET(ORÇAMENTO!$X$15,ROW(AR41)-ROW(AR$15),0),\n              ROUND(ROUND(OFFSET($P41,0,AR$13),15-13*ORÇAMENTO!$AF$7)*OFFSET(ORÇAMENTO!$W$15,ROW(AR41)-ROW(AR$15),0),15-13*ORÇAMENTO!$AF$11)),\n         0)","v":107.7},{"$f":"IF(AND($D41=\"Serviço\",AS$12<>0,$H41>0,OR(AUTOEVENTO<>\"manual\",$M41<>$A$15)),\n        IF(Import.TipoArredondamento<>\"TransfereGOV\",\n              ROUND(OFFSET($P41,0,AS$13),15-13*ORÇAMENTO!$AF$7)/$H41*OFFSET(ORÇAMENTO!$X$15,ROW(AS41)-ROW(AS$15),0),\n              ROUND(ROUND(OFFSET($P41,0,AS$13),15-13*ORÇAMENTO!$AF$7)*OFFSET(ORÇAMENTO!$W$15,ROW(AS41)-ROW(AS$15),0),15-13*ORÇAMENTO!$AF$11)),\n         0)","v":107.7},{"$f":"IF(AND($D41=\"Serviço\",AT$12<>0,$H41>0,OR(AUTOEVENTO<>\"manual\",$M41<>$A$15)),\n        IF(Import.TipoArredondamento<>\"TransfereGOV\",\n              ROUND(OFFSET($P41,0,AT$13),15-13*ORÇAMENTO!$AF$7)/$H41*OFFSET(ORÇAMENTO!$X$15,ROW(AT41)-ROW(AT$15),0),\n              ROUND(ROUND(OFFSET($P41,0,AT$13),15-13*ORÇAMENTO!$AF$7)*OFFSET(ORÇAMENTO!$W$15,ROW(AT41)-ROW(AT$15),0),15-13*ORÇAMENTO!$AF$11)),\n         0)","v":107.7},{"$f":"IF(AND($D41=\"Serviço\",AU$12<>0,$H41>0,OR(AUTOEVENTO<>\"manual\",$M41<>$A$15)),\n        IF(Import.TipoArredondamento<>\"TransfereGOV\",\n              ROUND(OFFSET($P41,0,AU$13),15-13*ORÇAMENTO!$AF$7)/$H41*OFFSET(ORÇAMENTO!$X$15,ROW(AU41)-ROW(AU$15),0),\n              ROUND(ROUND(OFFSET($P41,0,AU$13),15-13*ORÇAMENTO!$AF$7)*OFFSET(ORÇAMENTO!$W$15,ROW(AU41)-ROW(AU$15),0),15-13*ORÇAMENTO!$AF$11)),\n         0)","v":107.7},{"$f":"IF(AND($D41=\"Serviço\",AV$12<>0,$H41>0,OR(AUTOEVENTO<>\"manual\",$M41<>$A$15)),\n        IF(Import.TipoArredondamento<>\"TransfereGOV\",\n              ROUND(OFFSET($P41,0,AV$13),15-13*ORÇAMENTO!$AF$7)/$H41*OFFSET(ORÇAMENTO!$X$15,ROW(AV41)-ROW(AV$15),0),\n              ROUND(ROUND(OFFSET($P41,0,AV$13),15-13*ORÇAMENTO!$AF$7)*OFFSET(ORÇAMENTO!$W$15,ROW(AV41)-ROW(AV$15),0),15-13*ORÇAMENTO!$AF$11)),\n         0)","v":107.7},{"$f":"IF(AND($D41=\"Serviço\",AW$12<>0,$H41>0,OR(AUTOEVENTO<>\"manual\",$M41<>$A$15)),\n        IF(Import.TipoArredondamento<>\"TransfereGOV\",\n              ROUND(OFFSET($P41,0,AW$13),15-13*ORÇAMENTO!$AF$7)/$H41*OFFSET(ORÇAMENTO!$X$15,ROW(AW41)-ROW(AW$15),0),\n              ROUND(ROUND(OFFSET($P41,0,AW$13),15-13*ORÇAMENTO!$AF$7)*OFFSET(ORÇAMENTO!$W$15,ROW(AW41)-ROW(AW$15),0),15-13*ORÇAMENTO!$AF$11)),\n         0)","v":0},{"$f":"IF(AND($D41=\"Serviço\",AX$12<>0,$H41>0,OR(AUTOEVENTO<>\"manual\",$M41<>$A$15)),\n        IF(Import.TipoArredondamento<>\"TransfereGOV\",\n              ROUND(OFFSET($P41,0,AX$13),15-13*ORÇAMENTO!$AF$7)/$H41*OFFSET(ORÇAMENTO!$X$15,ROW(AX41)-ROW(AX$15),0),\n              ROUND(ROUND(OFFSET($P41,0,AX$13),15-13*ORÇAMENTO!$AF$7)*OFFSET(ORÇAMENTO!$W$15,ROW(AX41)-ROW(AX$15),0),15-13*ORÇAMENTO!$AF$11)),\n         0)","v":0},{"$f":"IF(AND($D41=\"Serviço\",AY$12<>0,$H41>0,OR(AUTOEVENTO<>\"manual\",$M41<>$A$15)),\n        IF(Import.TipoArredondamento<>\"TransfereGOV\",\n              ROUND(OFFSET($P41,0,AY$13),15-13*ORÇAMENTO!$AF$7)/$H41*OFFSET(ORÇAMENTO!$X$15,ROW(AY41)-ROW(AY$15),0),\n              ROUND(ROUND(OFFSET($P41,0,AY$13),15-13*ORÇAMENTO!$AF$7)*OFFSET(ORÇAMENTO!$W$15,ROW(AY41)-ROW(AY$15),0),15-13*ORÇAMENTO!$AF$11)),\n         0)","v":0},{"$f":"IF(AND($D41=\"Serviço\",AZ$12<>0,$H41>0,OR(AUTOEVENTO<>\"manual\",$M41<>$A$15)),\n        IF(Import.TipoArredondamento<>\"TransfereGOV\",\n              ROUND(OFFSET($P41,0,AZ$13),15-13*ORÇAMENTO!$AF$7)/$H41*OFFSET(ORÇAMENTO!$X$15,ROW(AZ41)-ROW(AZ$15),0),\n              ROUND(ROUND(OFFSET($P41,0,AZ$13),15-13*ORÇAMENTO!$AF$7)*OFFSET(ORÇAMENTO!$W$15,ROW(AZ41)-ROW(AZ$15),0),15-13*ORÇAMENTO!$AF$11)),\n         0)","v":0},{"$f":"IF(AND($D41=\"Serviço\",BA$12<>0,$H41>0,OR(AUTOEVENTO<>\"manual\",$M41<>$A$15)),\n        IF(Import.TipoArredondamento<>\"TransfereGOV\",\n              ROUND(OFFSET($P41,0,BA$13),15-13*ORÇAMENTO!$AF$7)/$H41*OFFSET(ORÇAMENTO!$X$15,ROW(BA41)-ROW(BA$15),0),\n              ROUND(ROUND(OFFSET($P41,0,BA$13),15-13*ORÇAMENTO!$AF$7)*OFFSET(ORÇAMENTO!$W$15,ROW(BA41)-ROW(BA$15),0),15-13*ORÇAMENTO!$AF$11)),\n         0)","v":0},{"$f":"IF(AND($D41=\"Serviço\",BB$12<>0,$H41>0,OR(AUTOEVENTO<>\"manual\",$M41<>$A$15)),\n        IF(Import.TipoArredondamento<>\"TransfereGOV\",\n              ROUND(OFFSET($P41,0,BB$13),15-13*ORÇAMENTO!$AF$7)/$H41*OFFSET(ORÇAMENTO!$X$15,ROW(BB41)-ROW(BB$15),0),\n              ROUND(ROUND(OFFSET($P41,0,BB$13),15-13*ORÇAMENTO!$AF$7)*OFFSET(ORÇAMENTO!$W$15,ROW(BB41)-ROW(BB$15),0),15-13*ORÇAMENTO!$AF$11)),\n         0)","v":0},{"$f":"IF(AND($D41=\"Serviço\",BC$12<>0,$H41>0,OR(AUTOEVENTO<>\"manual\",$M41<>$A$15)),\n        IF(Import.TipoArredondamento<>\"TransfereGOV\",\n              ROUND(OFFSET($P41,0,BC$13),15-13*ORÇAMENTO!$AF$7)/$H41*OFFSET(ORÇAMENTO!$X$15,ROW(BC41)-ROW(BC$15),0),\n              ROUND(ROUND(OFFSET($P41,0,BC$13),15-13*ORÇAMENTO!$AF$7)*OFFSET(ORÇAMENTO!$W$15,ROW(BC41)-ROW(BC$15),0),15-13*ORÇAMENTO!$AF$11)),\n         0)","v":0},{"$f":"IF(AND($D41=\"Serviço\",BD$12<>0,$H41>0,OR(AUTOEVENTO<>\"manual\",$M41<>$A$15)),\n        IF(Import.TipoArredondamento<>\"TransfereGOV\",\n              ROUND(OFFSET($P41,0,BD$13),15-13*ORÇAMENTO!$AF$7)/$H41*OFFSET(ORÇAMENTO!$X$15,ROW(BD41)-ROW(BD$15),0),\n              ROUND(ROUND(OFFSET($P41,0,BD$13),15-13*ORÇAMENTO!$AF$7)*OFFSET(ORÇAMENTO!$W$15,ROW(BD41)-ROW(BD$15),0),15-13*ORÇAMENTO!$AF$11)),\n         0)","v":0},{"$f":"IF(AND($D41=\"Serviço\",BE$12<>0,$H41>0,OR(AUTOEVENTO<>\"manual\",$M41<>$A$15)),\n        IF(Import.TipoArredondamento<>\"TransfereGOV\",\n              ROUND(OFFSET($P41,0,BE$13),15-13*ORÇAMENTO!$AF$7)/$H41*OFFSET(ORÇAMENTO!$X$15,ROW(BE41)-ROW(BE$15),0),\n              ROUND(ROUND(OFFSET($P41,0,BE$13),15-13*ORÇAMENTO!$AF$7)*OFFSET(ORÇAMENTO!$W$15,ROW(BE41)-ROW(BE$15),0),15-13*ORÇAMENTO!$AF$11)),\n         0)","v":0},{"$f":"IF(AND($D41=\"Serviço\",BF$12<>0,$H41>0,OR(AUTOEVENTO<>\"manual\",$M41<>$A$15)),\n        IF(Import.TipoArredondamento<>\"TransfereGOV\",\n              ROUND(OFFSET($P41,0,BF$13),15-13*ORÇAMENTO!$AF$7)/$H41*OFFSET(ORÇAMENTO!$X$15,ROW(BF41)-ROW(BF$15),0),\n              ROUND(ROUND(OFFSET($P41,0,BF$13),15-13*ORÇAMENTO!$AF$7)*OFFSET(ORÇAMENTO!$W$15,ROW(BF41)-ROW(BF$15),0),15-13*ORÇAMENTO!$AF$11)),\n         0)","v":0},{"$f":"IF(AND($D41=\"Serviço\",BG$12<>0,$H41>0,OR(AUTOEVENTO<>\"manual\",$M41<>$A$15)),\n        IF(Import.TipoArredondamento<>\"TransfereGOV\",\n              ROUND(OFFSET($P41,0,BG$13),15-13*ORÇAMENTO!$AF$7)/$H41*OFFSET(ORÇAMENTO!$X$15,ROW(BG41)-ROW(BG$15),0),\n              ROUND(ROUND(OFFSET($P41,0,BG$13),15-13*ORÇAMENTO!$AF$7)*OFFSET(ORÇAMENTO!$W$15,ROW(BG41)-ROW(BG$15),0),15-13*ORÇAMENTO!$AF$11)),\n         0)","v":0},{"$f":"IF(AND($D41=\"Serviço\",BH$12<>0,$H41>0,OR(AUTOEVENTO<>\"manual\",$M41<>$A$15)),\n        IF(Import.TipoArredondamento<>\"TransfereGOV\",\n              ROUND(OFFSET($P41,0,BH$13),15-13*ORÇAMENTO!$AF$7)/$H41*OFFSET(ORÇAMENTO!$X$15,ROW(BH41)-ROW(BH$15),0),\n              ROUND(ROUND(OFFSET($P41,0,BH$13),15-13*ORÇAMENTO!$AF$7)*OFFSET(ORÇAMENTO!$W$15,ROW(BH41)-ROW(BH$15),0),15-13*ORÇAMENTO!$AF$11)),\n         0)","v":0},{"$f":"IF(AND($D41=\"Serviço\",BI$12<>0,$H41>0,OR(AUTOEVENTO<>\"manual\",$M41<>$A$15)),\n        IF(Import.TipoArredondamento<>\"TransfereGOV\",\n              ROUND(OFFSET($P41,0,BI$13),15-13*ORÇAMENTO!$AF$7)/$H41*OFFSET(ORÇAMENTO!$X$15,ROW(BI41)-ROW(BI$15),0),\n              ROUND(ROUND(OFFSET($P41,0,BI$13),15-13*ORÇAMENTO!$AF$7)*OFFSET(ORÇAMENTO!$W$15,ROW(BI41)-ROW(BI$15),0),15-13*ORÇAMENTO!$AF$11)),\n         0)","v":0},{"$f":"IF(AND($D41=\"Serviço\",BJ$12<>0,$H41>0,OR(AUTOEVENTO<>\"manual\",$M41<>$A$15)),\n        IF(Import.TipoArredondamento<>\"TransfereGOV\",\n              ROUND(OFFSET($P41,0,BJ$13),15-13*ORÇAMENTO!$AF$7)/$H41*OFFSET(ORÇAMENTO!$X$15,ROW(BJ41)-ROW(BJ$15),0),\n              ROUND(ROUND(OFFSET($P41,0,BJ$13),15-13*ORÇAMENTO!$AF$7)*OFFSET(ORÇAMENTO!$W$15,ROW(BJ41)-ROW(BJ$15),0),15-13*ORÇAMENTO!$AF$11)),\n         0)","v":0},{"$f":"IF(AND($D41=\"Serviço\",BK$12<>0,$H41>0,OR(AUTOEVENTO<>\"manual\",$M41<>$A$15)),\n        IF(Import.TipoArredondamento<>\"TransfereGOV\",\n              ROUND(OFFSET($P41,0,BK$13),15-13*ORÇAMENTO!$AF$7)/$H41*OFFSET(ORÇAMENTO!$X$15,ROW(BK41)-ROW(BK$15),0),\n              ROUND(ROUND(OFFSET($P41,0,BK$13),15-13*ORÇAMENTO!$AF$7)*OFFSET(ORÇAMENTO!$W$15,ROW(BK41)-ROW(BK$15),0),15-13*ORÇAMENTO!$AF$11)),\n         0)","v":0},{"$f":"IF(AND($D41=\"Serviço\",BL$12<>0,$H41>0,OR(AUTOEVENTO<>\"manual\",$M41<>$A$15)),\n        IF(Import.TipoArredondamento<>\"TransfereGOV\",\n              ROUND(OFFSET($P41,0,BL$13),15-13*ORÇAMENTO!$AF$7)/$H41*OFFSET(ORÇAMENTO!$X$15,ROW(BL41)-ROW(BL$15),0),\n              ROUND(ROUND(OFFSET($P41,0,BL$13),15-13*ORÇAMENTO!$AF$7)*OFFSET(ORÇAMENTO!$W$15,ROW(BL41)-ROW(BL$15),0),15-13*ORÇAMENTO!$AF$11)),\n         0)","v":0},{"$f":"IF(AND($D41=\"Serviço\",BM$12<>0,$H41>0,OR(AUTOEVENTO<>\"manual\",$M41<>$A$15)),\n        IF(Import.TipoArredondamento<>\"TransfereGOV\",\n              ROUND(OFFSET($P41,0,BM$13),15-13*ORÇAMENTO!$AF$7)/$H41*OFFSET(ORÇAMENTO!$X$15,ROW(BM41)-ROW(BM$15),0),\n              ROUND(ROUND(OFFSET($P41,0,BM$13),15-13*ORÇAMENTO!$AF$7)*OFFSET(ORÇAMENTO!$W$15,ROW(BM41)-ROW(BM$15),0),15-13*ORÇAMENTO!$AF$11)),\n         0)","v":0},{"$f":"IF(AND($D41=\"Serviço\",BN$12<>0,$H41>0,OR(AUTOEVENTO<>\"manual\",$M41<>$A$15)),\n        IF(Import.TipoArredondamento<>\"TransfereGOV\",\n              ROUND(OFFSET($P41,0,BN$13),15-13*ORÇAMENTO!$AF$7)/$H41*OFFSET(ORÇAMENTO!$X$15,ROW(BN41)-ROW(BN$15),0),\n              ROUND(ROUND(OFFSET($P41,0,BN$13),15-13*ORÇAMENTO!$AF$7)*OFFSET(ORÇAMENTO!$W$15,ROW(BN41)-ROW(BN$15),0),15-13*ORÇAMENTO!$AF$11)),\n         0)","v":0},{"$f":"IF(AND($D41=\"Serviço\",BO$12<>0,$H41>0,OR(AUTOEVENTO<>\"manual\",$M41<>$A$15)),\n        IF(Import.TipoArredondamento<>\"TransfereGOV\",\n              ROUND(OFFSET($P41,0,BO$13),15-13*ORÇAMENTO!$AF$7)/$H41*OFFSET(ORÇAMENTO!$X$15,ROW(BO41)-ROW(BO$15),0),\n              ROUND(ROUND(OFFSET($P41,0,BO$13),15-13*ORÇAMENTO!$AF$7)*OFFSET(ORÇAMENTO!$W$15,ROW(BO41)-ROW(BO$15),0),15-13*ORÇAMENTO!$AF$11)),\n         0)","v":0},{"$f":"IF(AND($D41=\"Serviço\",BP$12<>0,$H41>0,OR(AUTOEVENTO<>\"manual\",$M41<>$A$15)),\n        IF(Import.TipoArredondamento<>\"TransfereGOV\",\n              ROUND(OFFSET($P41,0,BP$13),15-13*ORÇAMENTO!$AF$7)/$H41*OFFSET(ORÇAMENTO!$X$15,ROW(BP41)-ROW(BP$15),0),\n              ROUND(ROUND(OFFSET($P41,0,BP$13),15-13*ORÇAMENTO!$AF$7)*OFFSET(ORÇAMENTO!$W$15,ROW(BP41)-ROW(BP$15),0),15-13*ORÇAMENTO!$AF$11)),\n         0)","v":0},{"$f":"IF(AND($D41=\"Serviço\",BQ$12<>0,$H41>0,OR(AUTOEVENTO<>\"manual\",$M41<>$A$15)),\n        IF(Import.TipoArredondamento<>\"TransfereGOV\",\n              ROUND(OFFSET($P41,0,BQ$13),15-13*ORÇAMENTO!$AF$7)/$H41*OFFSET(ORÇAMENTO!$X$15,ROW(BQ41)-ROW(BQ$15),0),\n              ROUND(ROUND(OFFSET($P41,0,BQ$13),15-13*ORÇAMENTO!$AF$7)*OFFSET(ORÇAMENTO!$W$15,ROW(BQ41)-ROW(BQ$15),0),15-13*ORÇAMENTO!$AF$11)),\n         0)","v":0},null,{"$f":"IF(OR($D41<>\"Serviço\",AND(AUTOEVENTO=\"Manual\",$M41=$A$15)),0,\n         IF(OFFSET(CRONOPLE!$F$15,$M41-$A$15,BS$13)=0,10^12,OFFSET(CRONOPLE!$F$15,$M41-$A$15,BS$13)))","v":1},{"$f":"IF(OR($D41<>\"Serviço\",AND(AUTOEVENTO=\"Manual\",$M41=$A$15)),0,\n         IF(OFFSET(CRONOPLE!$F$15,$M41-$A$15,BT$13)=0,10^12,OFFSET(CRONOPLE!$F$15,$M41-$A$15,BT$13)))","v":1},{"$f":"IF(OR($D41<>\"Serviço\",AND(AUTOEVENTO=\"Manual\",$M41=$A$15)),0,\n         IF(OFFSET(CRONOPLE!$F$15,$M41-$A$15,BU$13)=0,10^12,OFFSET(CRONOPLE!$F$15,$M41-$A$15,BU$13)))","v":1},{"$f":"IF(OR($D41<>\"Serviço\",AND(AUTOEVENTO=\"Manual\",$M41=$A$15)),0,\n         IF(OFFSET(CRONOPLE!$F$15,$M41-$A$15,BV$13)=0,10^12,OFFSET(CRONOPLE!$F$15,$M41-$A$15,BV$13)))","v":1},{"$f":"IF(OR($D41<>\"Serviço\",AND(AUTOEVENTO=\"Manual\",$M41=$A$15)),0,\n         IF(OFFSET(CRONOPLE!$F$15,$M41-$A$15,BW$13)=0,10^12,OFFSET(CRONOPLE!$F$15,$M41-$A$15,BW$13)))","v":1},{"$f":"IF(OR($D41<>\"Serviço\",AND(AUTOEVENTO=\"Manual\",$M41=$A$15)),0,\n         IF(OFFSET(CRONOPLE!$F$15,$M41-$A$15,BX$13)=0,10^12,OFFSET(CRONOPLE!$F$15,$M41-$A$15,BX$13)))","v":1},{"$f":"IF(OR($D41<>\"Serviço\",AND(AUTOEVENTO=\"Manual\",$M41=$A$15)),0,\n         IF(OFFSET(CRONOPLE!$F$15,$M41-$A$15,BY$13)=0,10^12,OFFSET(CRONOPLE!$F$15,$M41-$A$15,BY$13)))","v":1},{"$f":"IF(OR($D41<>\"Serviço\",AND(AUTOEVENTO=\"Manual\",$M41=$A$15)),0,\n         IF(OFFSET(CRONOPLE!$F$15,$M41-$A$15,BZ$13)=0,10^12,OFFSET(CRONOPLE!$F$15,$M41-$A$15,BZ$13)))","v":7},{"$f":"IF(OR($D41<>\"Serviço\",AND(AUTOEVENTO=\"Manual\",$M41=$A$15)),0,\n         IF(OFFSET(CRONOPLE!$F$15,$M41-$A$15,CA$13)=0,10^12,OFFSET(CRONOPLE!$F$15,$M41-$A$15,CA$13)))","v":7},{"$f":"IF(OR($D41<>\"Serviço\",AND(AUTOEVENTO=\"Manual\",$M41=$A$15)),0,\n         IF(OFFSET(CRONOPLE!$F$15,$M41-$A$15,CB$13)=0,10^12,OFFSET(CRONOPLE!$F$15,$M41-$A$15,CB$13)))","v":7},{"$f":"IF(OR($D41<>\"Serviço\",AND(AUTOEVENTO=\"Manual\",$M41=$A$15)),0,\n         IF(OFFSET(CRONOPLE!$F$15,$M41-$A$15,CC$13)=0,10^12,OFFSET(CRONOPLE!$F$15,$M41-$A$15,CC$13)))","v":13},{"$f":"IF(OR($D41<>\"Serviço\",AND(AUTOEVENTO=\"Manual\",$M41=$A$15)),0,\n         IF(OFFSET(CRONOPLE!$F$15,$M41-$A$15,CD$13)=0,10^12,OFFSET(CRONOPLE!$F$15,$M41-$A$15,CD$13)))","v":13},{"$f":"IF(OR($D41<>\"Serviço\",AND(AUTOEVENTO=\"Manual\",$M41=$A$15)),0,\n         IF(OFFSET(CRONOPLE!$F$15,$M41-$A$15,CE$13)=0,10^12,OFFSET(CRONOPLE!$F$15,$M41-$A$15,CE$13)))","v":13},{"$f":"IF(OR($D41<>\"Serviço\",AND(AUTOEVENTO=\"Manual\",$M41=$A$15)),0,\n         IF(OFFSET(CRONOPLE!$F$15,$M41-$A$15,CF$13)=0,10^12,OFFSET(CRONOPLE!$F$15,$M41-$A$15,CF$13)))","v":13},{"$f":"IF(OR($D41<>\"Serviço\",AND(AUTOEVENTO=\"Manual\",$M41=$A$15)),0,\n         IF(OFFSET(CRONOPLE!$F$15,$M41-$A$15,CG$13)=0,10^12,OFFSET(CRONOPLE!$F$15,$M41-$A$15,CG$13)))","v":13},{"$f":"IF(OR($D41<>\"Serviço\",AND(AUTOEVENTO=\"Manual\",$M41=$A$15)),0,\n         IF(OFFSET(CRONOPLE!$F$15,$M41-$A$15,CH$13)=0,10^12,OFFSET(CRONOPLE!$F$15,$M41-$A$15,CH$13)))","v":19},{"$f":"IF(OR($D41<>\"Serviço\",AND(AUTOEVENTO=\"Manual\",$M41=$A$15)),0,\n         IF(OFFSET(CRONOPLE!$F$15,$M41-$A$15,CI$13)=0,10^12,OFFSET(CRONOPLE!$F$15,$M41-$A$15,CI$13)))","v":19},{"$f":"IF(OR($D41<>\"Serviço\",AND(AUTOEVENTO=\"Manual\",$M41=$A$15)),0,\n         IF(OFFSET(CRONOPLE!$F$15,$M41-$A$15,CJ$13)=0,10^12,OFFSET(CRONOPLE!$F$15,$M41-$A$15,CJ$13)))","v":19},{"$f":"IF(OR($D41<>\"Serviço\",AND(AUTOEVENTO=\"Manual\",$M41=$A$15)),0,\n         IF(OFFSET(CRONOPLE!$F$15,$M41-$A$15,CK$13)=0,10^12,OFFSET(CRONOPLE!$F$15,$M41-$A$15,CK$13)))","v":19},{"$f":"IF(OR($D41<>\"Serviço\",AND(AUTOEVENTO=\"Manual\",$M41=$A$15)),0,\n         IF(OFFSET(CRONOPLE!$F$15,$M41-$A$15,CL$13)=0,10^12,OFFSET(CRONOPLE!$F$15,$M41-$A$15,CL$13)))","v":19},{"$f":"IF(OR($D41<>\"Serviço\",AND(AUTOEVENTO=\"Manual\",$M41=$A$15)),0,\n         IF(OFFSET(CRONOPLE!$F$15,$M41-$A$15,CM$13)=0,10^12,OFFSET(CRONOPLE!$F$15,$M41-$A$15,CM$13)))","v":1000000000000},{"$f":"IF(OR($D41<>\"Serviço\",AND(AUTOEVENTO=\"Manual\",$M41=$A$15)),0,\n         IF(OFFSET(CRONOPLE!$F$15,$M41-$A$15,CN$13)=0,10^12,OFFSET(CRONOPLE!$F$15,$M41-$A$15,CN$13)))","v":1000000000000},{"$f":"IF(OR($D41<>\"Serviço\",AND(AUTOEVENTO=\"Manual\",$M41=$A$15)),0,\n         IF(OFFSET(CRONOPLE!$F$15,$M41-$A$15,CO$13)=0,10^12,OFFSET(CRONOPLE!$F$15,$M41-$A$15,CO$13)))","v":1000000000000},{"$f":"IF(OR($D41<>\"Serviço\",AND(AUTOEVENTO=\"Manual\",$M41=$A$15)),0,\n         IF(OFFSET(CRONOPLE!$F$15,$M41-$A$15,CP$13)=0,10^12,OFFSET(CRONOPLE!$F$15,$M41-$A$15,CP$13)))","v":1000000000000},{"$f":"IF(OR($D41<>\"Serviço\",AND(AUTOEVENTO=\"Manual\",$M41=$A$15)),0,\n         IF(OFFSET(CRONOPLE!$F$15,$M41-$A$15,CQ$13)=0,10^12,OFFSET(CRONOPLE!$F$15,$M41-$A$15,CQ$13)))","v":1000000000000},{"$f":"IF(OR($D41<>\"Serviço\",AND(AUTOEVENTO=\"Manual\",$M41=$A$15)),0,\n         IF(OFFSET(CRONOPLE!$F$15,$M41-$A$15,CR$13)=0,10^12,OFFSET(CRONOPLE!$F$15,$M41-$A$15,CR$13)))","v":1000000000000},null,{"$f":"IF(OR($D41<>\"Serviço\",AND(AUTOEVENTO=\"Manual\",$M41=$A$15),$M41>(ROW(PLE.lastrow)-ROW(PLE.firstrow))),0,\n           IF(OFFSET(PLE!$G$15,$M41-$A$15,CT$13)=\"\",10^12,OFFSET(PLE!$G$15,$M41-$A$15,CT$13)))","v":1000000000000},{"$f":"IF(OR($D41<>\"Serviço\",AND(AUTOEVENTO=\"Manual\",$M41=$A$15),$M41>(ROW(PLE.lastrow)-ROW(PLE.firstrow))),0,\n           IF(OFFSET(PLE!$G$15,$M41-$A$15,CU$13)=\"\",10^12,OFFSET(PLE!$G$15,$M41-$A$15,CU$13)))","v":1000000000000},{"$f":"IF(OR($D41<>\"Serviço\",AND(AUTOEVENTO=\"Manual\",$M41=$A$15),$M41>(ROW(PLE.lastrow)-ROW(PLE.firstrow))),0,\n           IF(OFFSET(PLE!$G$15,$M41-$A$15,CV$13)=\"\",10^12,OFFSET(PLE!$G$15,$M41-$A$15,CV$13)))","v":1000000000000},{"$f":"IF(OR($D41<>\"Serviço\",AND(AUTOEVENTO=\"Manual\",$M41=$A$15),$M41>(ROW(PLE.lastrow)-ROW(PLE.firstrow))),0,\n           IF(OFFSET(PLE!$G$15,$M41-$A$15,CW$13)=\"\",10^12,OFFSET(PLE!$G$15,$M41-$A$15,CW$13)))","v":1000000000000},{"$f":"IF(OR($D41<>\"Serviço\",AND(AUTOEVENTO=\"Manual\",$M41=$A$15),$M41>(ROW(PLE.lastrow)-ROW(PLE.firstrow))),0,\n           IF(OFFSET(PLE!$G$15,$M41-$A$15,CX$13)=\"\",10^12,OFFSET(PLE!$G$15,$M41-$A$15,CX$13)))","v":1000000000000},{"$f":"IF(OR($D41<>\"Serviço\",AND(AUTOEVENTO=\"Manual\",$M41=$A$15),$M41>(ROW(PLE.lastrow)-ROW(PLE.firstrow))),0,\n           IF(OFFSET(PLE!$G$15,$M41-$A$15,CY$13)=\"\",10^12,OFFSET(PLE!$G$15,$M41-$A$15,CY$13)))","v":1000000000000},{"$f":"IF(OR($D41<>\"Serviço\",AND(AUTOEVENTO=\"Manual\",$M41=$A$15),$M41>(ROW(PLE.lastrow)-ROW(PLE.firstrow))),0,\n           IF(OFFSET(PLE!$G$15,$M41-$A$15,CZ$13)=\"\",10^12,OFFSET(PLE!$G$15,$M41-$A$15,CZ$13)))","v":1000000000000},{"$f":"IF(OR($D41<>\"Serviço\",AND(AUTOEVENTO=\"Manual\",$M41=$A$15),$M41>(ROW(PLE.lastrow)-ROW(PLE.firstrow))),0,\n           IF(OFFSET(PLE!$G$15,$M41-$A$15,DA$13)=\"\",10^12,OFFSET(PLE!$G$15,$M41-$A$15,DA$13)))","v":1000000000000},{"$f":"IF(OR($D41<>\"Serviço\",AND(AUTOEVENTO=\"Manual\",$M41=$A$15),$M41>(ROW(PLE.lastrow)-ROW(PLE.firstrow))),0,\n           IF(OFFSET(PLE!$G$15,$M41-$A$15,DB$13)=\"\",10^12,OFFSET(PLE!$G$15,$M41-$A$15,DB$13)))","v":1000000000000},{"$f":"IF(OR($D41<>\"Serviço\",AND(AUTOEVENTO=\"Manual\",$M41=$A$15),$M41>(ROW(PLE.lastrow)-ROW(PLE.firstrow))),0,\n           IF(OFFSET(PLE!$G$15,$M41-$A$15,DC$13)=\"\",10^12,OFFSET(PLE!$G$15,$M41-$A$15,DC$13)))","v":1000000000000},{"$f":"IF(OR($D41<>\"Serviço\",AND(AUTOEVENTO=\"Manual\",$M41=$A$15),$M41>(ROW(PLE.lastrow)-ROW(PLE.firstrow))),0,\n           IF(OFFSET(PLE!$G$15,$M41-$A$15,DD$13)=\"\",10^12,OFFSET(PLE!$G$15,$M41-$A$15,DD$13)))","v":1000000000000},{"$f":"IF(OR($D41<>\"Serviço\",AND(AUTOEVENTO=\"Manual\",$M41=$A$15),$M41>(ROW(PLE.lastrow)-ROW(PLE.firstrow))),0,\n           IF(OFFSET(PLE!$G$15,$M41-$A$15,DE$13)=\"\",10^12,OFFSET(PLE!$G$15,$M41-$A$15,DE$13)))","v":1000000000000},{"$f":"IF(OR($D41<>\"Serviço\",AND(AUTOEVENTO=\"Manual\",$M41=$A$15),$M41>(ROW(PLE.lastrow)-ROW(PLE.firstrow))),0,\n           IF(OFFSET(PLE!$G$15,$M41-$A$15,DF$13)=\"\",10^12,OFFSET(PLE!$G$15,$M41-$A$15,DF$13)))","v":1000000000000},{"$f":"IF(OR($D41<>\"Serviço\",AND(AUTOEVENTO=\"Manual\",$M41=$A$15),$M41>(ROW(PLE.lastrow)-ROW(PLE.firstrow))),0,\n           IF(OFFSET(PLE!$G$15,$M41-$A$15,DG$13)=\"\",10^12,OFFSET(PLE!$G$15,$M41-$A$15,DG$13)))","v":1000000000000},{"$f":"IF(OR($D41<>\"Serviço\",AND(AUTOEVENTO=\"Manual\",$M41=$A$15),$M41>(ROW(PLE.lastrow)-ROW(PLE.firstrow))),0,\n           IF(OFFSET(PLE!$G$15,$M41-$A$15,DH$13)=\"\",10^12,OFFSET(PLE!$G$15,$M41-$A$15,DH$13)))","v":1000000000000},{"$f":"IF(OR($D41<>\"Serviço\",AND(AUTOEVENTO=\"Manual\",$M41=$A$15),$M41>(ROW(PLE.lastrow)-ROW(PLE.firstrow))),0,\n           IF(OFFSET(PLE!$G$15,$M41-$A$15,DI$13)=\"\",10^12,OFFSET(PLE!$G$15,$M41-$A$15,DI$13)))","v":1000000000000},{"$f":"IF(OR($D41<>\"Serviço\",AND(AUTOEVENTO=\"Manual\",$M41=$A$15),$M41>(ROW(PLE.lastrow)-ROW(PLE.firstrow))),0,\n           IF(OFFSET(PLE!$G$15,$M41-$A$15,DJ$13)=\"\",10^12,OFFSET(PLE!$G$15,$M41-$A$15,DJ$13)))","v":1000000000000},{"$f":"IF(OR($D41<>\"Serviço\",AND(AUTOEVENTO=\"Manual\",$M41=$A$15),$M41>(ROW(PLE.lastrow)-ROW(PLE.firstrow))),0,\n           IF(OFFSET(PLE!$G$15,$M41-$A$15,DK$13)=\"\",10^12,OFFSET(PLE!$G$15,$M41-$A$15,DK$13)))","v":1000000000000},{"$f":"IF(OR($D41<>\"Serviço\",AND(AUTOEVENTO=\"Manual\",$M41=$A$15),$M41>(ROW(PLE.lastrow)-ROW(PLE.firstrow))),0,\n           IF(OFFSET(PLE!$G$15,$M41-$A$15,DL$13)=\"\",10^12,OFFSET(PLE!$G$15,$M41-$A$15,DL$13)))","v":1000000000000},{"$f":"IF(OR($D41<>\"Serviço\",AND(AUTOEVENTO=\"Manual\",$M41=$A$15),$M41>(ROW(PLE.lastrow)-ROW(PLE.firstrow))),0,\n           IF(OFFSET(PLE!$G$15,$M41-$A$15,DM$13)=\"\",10^12,OFFSET(PLE!$G$15,$M41-$A$15,DM$13)))","v":1000000000000},{"$f":"IF(OR($D41<>\"Serviço\",AND(AUTOEVENTO=\"Manual\",$M41=$A$15),$M41>(ROW(PLE.lastrow)-ROW(PLE.firstrow))),0,\n           IF(OFFSET(PLE!$G$15,$M41-$A$15,DN$13)=\"\",10^12,OFFSET(PLE!$G$15,$M41-$A$15,DN$13)))","v":1000000000000},{"$f":"IF(OR($D41<>\"Serviço\",AND(AUTOEVENTO=\"Manual\",$M41=$A$15),$M41>(ROW(PLE.lastrow)-ROW(PLE.firstrow))),0,\n           IF(OFFSET(PLE!$G$15,$M41-$A$15,DO$13)=\"\",10^12,OFFSET(PLE!$G$15,$M41-$A$15,DO$13)))","v":1000000000000},{"$f":"IF(OR($D41<>\"Serviço\",AND(AUTOEVENTO=\"Manual\",$M41=$A$15),$M41>(ROW(PLE.lastrow)-ROW(PLE.firstrow))),0,\n           IF(OFFSET(PLE!$G$15,$M41-$A$15,DP$13)=\"\",10^12,OFFSET(PLE!$G$15,$M41-$A$15,DP$13)))","v":1000000000000},{"$f":"IF(OR($D41<>\"Serviço\",AND(AUTOEVENTO=\"Manual\",$M41=$A$15),$M41>(ROW(PLE.lastrow)-ROW(PLE.firstrow))),0,\n           IF(OFFSET(PLE!$G$15,$M41-$A$15,DQ$13)=\"\",10^12,OFFSET(PLE!$G$15,$M41-$A$15,DQ$13)))","v":1000000000000},{"$f":"IF(OR($D41<>\"Serviço\",AND(AUTOEVENTO=\"Manual\",$M41=$A$15),$M41>(ROW(PLE.lastrow)-ROW(PLE.firstrow))),0,\n           IF(OFFSET(PLE!$G$15,$M41-$A$15,DR$13)=\"\",10^12,OFFSET(PLE!$G$15,$M41-$A$15,DR$13)))","v":1000000000000},{"$f":"IF(OR($D41<>\"Serviço\",AND(AUTOEVENTO=\"Manual\",$M41=$A$15),$M41>(ROW(PLE.lastrow)-ROW(PLE.firstrow))),0,\n           IF(OFFSET(PLE!$G$15,$M41-$A$15,DS$13)=\"\",10^12,OFFSET(PLE!$G$15,$M41-$A$15,DS$13)))","v":1000000000000}]
["27.",{"$f":"OFFSET(ORÇAMENTO!C$15,$L42,0)","v":4},{"$f":"OFFSET(ORÇAMENTO!L$15,$L42,0)","v":"F"},{"$f":"OFFSET(ORÇAMENTO!N$15,$L42,0)","v":"Nível 4"},{"$f":"OFFSET(ORÇAMENTO!O$15,$L42,0)","v":"1.3.1.3."},{"$f":"OFFSET(ORÇAMENTO!R$15,$L42,0)","v":"IMPERMEABILIZAÇÃO"},{"$f":"IF($D42<>\"Serviço\",\"\",OFFSET(ORÇAMENTO!S$15,$L42,0))","v":""},{"$f":"IF($D42<>\"Serviço\",0,IF(ACOMPANHAMENTO=\"BM\",ROUND(OFFSET(ORÇAMENTO!AJ$15,$L42,0),15-13*ORÇAMENTO!$AF$7),IF(IFERROR(CÁLCULO.FrentesPreenchidas,0)=0,0,SUM(ROUND(OFFSET($P42,0,1,1,CÁLCULO.FrentesPreenchidas),15-13*ORÇAMENTO!$AF$7)))))","v":0},null,{"$f":"IF(OR(B42<>\"S\",CÁLCULO.FrentesPreenchidas=0),\"\",IF(AND(ACOMPANHAMENTO=\"PLE\",AUTOEVENTO=\"Manual\",OR(H42>0,ORÇAMENTO!AC42=\"QUANT.\"),OR(K42=\"\",M42=0,N42=\"\")),\"►E\",IF(AND(ACOMPANHAMENTO=\"PLE\",ORÇAMENTO!AC42=\"QUANT.\"),\"►Q\",IF(AND(ACOMPANHAMENTO=\"PLE\",H42<>SUMPRODUCT(($Q$1:$AQ$1=1)*ROUND(Q42:AQ42,15))),\"►S\",IF(AND(COUNTIF($P$11:$AQ$11,\"▼\")=0,H42>0,I42=\"\"),\"◄M\",\"\")))))","v":""},null,27,{"$f":"IF($D42<>\"Serviço\",\"\",\n          IF(AUTOEVENTO=\"manual\",$A42,\n                IF(ISERROR(MATCH($A42,$A$15:OFFSET($A42,-1,0),0)),MAX($M$15:OFFSET(M42,-1,0))+1,\n                      INDEX($M$15:OFFSET(M42,-1,0),MATCH($A42,$A$15:OFFSET($A42,-1,0),0)))))","v":""},{"$f":"IF($D42<>\"Serviço\",\"\",\n         IF(AUTOEVENTO=\"Manual\",\n                IF($A42=0,\"<-- defina o número do agrupador\",\n                       OFFSET(EVENTOS!$D$15,$A42-$A$15,0)),\n                OFFSET($F$15,$A42,0)))","v":""},null,null,null,null,null,null,null,null,null,null,null,null,null,null,null,null,null,null,null,null,null,null,null,null,null,null,null,null,null,{"$f":"IF(AND($D42=\"Serviço\",AR$12<>0,$H42>0,OR(AUTOEVENTO<>\"manual\",$M42<>$A$15)),\n        IF(Import.TipoArredondamento<>\"TransfereGOV\",\n              ROUND(OFFSET($P42,0,AR$13),15-13*ORÇAMENTO!$AF$7)/$H42*OFFSET(ORÇAMENTO!$X$15,ROW(AR42)-ROW(AR$15),0),\n              ROUND(ROUND(OFFSET($P42,0,AR$13),15-13*ORÇAMENTO!$AF$7)*OFFSET(ORÇAMENTO!$W$15,ROW(AR42)-ROW(AR$15),0),15-13*ORÇAMENTO!$AF$11)),\n         0)","v":0},{"$f":"IF(AND($D42=\"Serviço\",AS$12<>0,$H42>0,OR(AUTOEVENTO<>\"manual\",$M42<>$A$15)),\n        IF(Import.TipoArredondamento<>\"TransfereGOV\",\n              ROUND(OFFSET($P42,0,AS$13),15-13*ORÇAMENTO!$AF$7)/$H42*OFFSET(ORÇAMENTO!$X$15,ROW(AS42)-ROW(AS$15),0),\n              ROUND(ROUND(OFFSET($P42,0,AS$13),15-13*ORÇAMENTO!$AF$7)*OFFSET(ORÇAMENTO!$W$15,ROW(AS42)-ROW(AS$15),0),15-13*ORÇAMENTO!$AF$11)),\n         0)","v":0},{"$f":"IF(AND($D42=\"Serviço\",AT$12<>0,$H42>0,OR(AUTOEVENTO<>\"manual\",$M42<>$A$15)),\n        IF(Import.TipoArredondamento<>\"TransfereGOV\",\n              ROUND(OFFSET($P42,0,AT$13),15-13*ORÇAMENTO!$AF$7)/$H42*OFFSET(ORÇAMENTO!$X$15,ROW(AT42)-ROW(AT$15),0),\n              ROUND(ROUND(OFFSET($P42,0,AT$13),15-13*ORÇAMENTO!$AF$7)*OFFSET(ORÇAMENTO!$W$15,ROW(AT42)-ROW(AT$15),0),15-13*ORÇAMENTO!$AF$11)),\n         0)","v":0},{"$f":"IF(AND($D42=\"Serviço\",AU$12<>0,$H42>0,OR(AUTOEVENTO<>\"manual\",$M42<>$A$15)),\n        IF(Import.TipoArredondamento<>\"TransfereGOV\",\n              ROUND(OFFSET($P42,0,AU$13),15-13*ORÇAMENTO!$AF$7)/$H42*OFFSET(ORÇAMENTO!$X$15,ROW(AU42)-ROW(AU$15),0),\n              ROUND(ROUND(OFFSET($P42,0,AU$13),15-13*ORÇAMENTO!$AF$7)*OFFSET(ORÇAMENTO!$W$15,ROW(AU42)-ROW(AU$15),0),15-13*ORÇAMENTO!$AF$11)),\n         0)","v":0},{"$f":"IF(AND($D42=\"Serviço\",AV$12<>0,$H42>0,OR(AUTOEVENTO<>\"manual\",$M42<>$A$15)),\n        IF(Import.TipoArredondamento<>\"TransfereGOV\",\n              ROUND(OFFSET($P42,0,AV$13),15-13*ORÇAMENTO!$AF$7)/$H42*OFFSET(ORÇAMENTO!$X$15,ROW(AV42)-ROW(AV$15),0),\n              ROUND(ROUND(OFFSET($P42,0,AV$13),15-13*ORÇAMENTO!$AF$7)*OFFSET(ORÇAMENTO!$W$15,ROW(AV42)-ROW(AV$15),0),15-13*ORÇAMENTO!$AF$11)),\n         0)","v":0},{"$f":"IF(AND($D42=\"Serviço\",AW$12<>0,$H42>0,OR(AUTOEVENTO<>\"manual\",$M42<>$A$15)),\n        IF(Import.TipoArredondamento<>\"TransfereGOV\",\n              ROUND(OFFSET($P42,0,AW$13),15-13*ORÇAMENTO!$AF$7)/$H42*OFFSET(ORÇAMENTO!$X$15,ROW(AW42)-ROW(AW$15),0),\n              ROUND(ROUND(OFFSET($P42,0,AW$13),15-13*ORÇAMENTO!$AF$7)*OFFSET(ORÇAMENTO!$W$15,ROW(AW42)-ROW(AW$15),0),15-13*ORÇAMENTO!$AF$11)),\n         0)","v":0},{"$f":"IF(AND($D42=\"Serviço\",AX$12<>0,$H42>0,OR(AUTOEVENTO<>\"manual\",$M42<>$A$15)),\n        IF(Import.TipoArredondamento<>\"TransfereGOV\",\n              ROUND(OFFSET($P42,0,AX$13),15-13*ORÇAMENTO!$AF$7)/$H42*OFFSET(ORÇAMENTO!$X$15,ROW(AX42)-ROW(AX$15),0),\n              ROUND(ROUND(OFFSET($P42,0,AX$13),15-13*ORÇAMENTO!$AF$7)*OFFSET(ORÇAMENTO!$W$15,ROW(AX42)-ROW(AX$15),0),15-13*ORÇAMENTO!$AF$11)),\n         0)","v":0},{"$f":"IF(AND($D42=\"Serviço\",AY$12<>0,$H42>0,OR(AUTOEVENTO<>\"manual\",$M42<>$A$15)),\n        IF(Import.TipoArredondamento<>\"TransfereGOV\",\n              ROUND(OFFSET($P42,0,AY$13),15-13*ORÇAMENTO!$AF$7)/$H42*OFFSET(ORÇAMENTO!$X$15,ROW(AY42)-ROW(AY$15),0),\n              ROUND(ROUND(OFFSET($P42,0,AY$13),15-13*ORÇAMENTO!$AF$7)*OFFSET(ORÇAMENTO!$W$15,ROW(AY42)-ROW(AY$15),0),15-13*ORÇAMENTO!$AF$11)),\n         0)","v":0},{"$f":"IF(AND($D42=\"Serviço\",AZ$12<>0,$H42>0,OR(AUTOEVENTO<>\"manual\",$M42<>$A$15)),\n        IF(Import.TipoArredondamento<>\"TransfereGOV\",\n              ROUND(OFFSET($P42,0,AZ$13),15-13*ORÇAMENTO!$AF$7)/$H42*OFFSET(ORÇAMENTO!$X$15,ROW(AZ42)-ROW(AZ$15),0),\n              ROUND(ROUND(OFFSET($P42,0,AZ$13),15-13*ORÇAMENTO!$AF$7)*OFFSET(ORÇAMENTO!$W$15,ROW(AZ42)-ROW(AZ$15),0),15-13*ORÇAMENTO!$AF$11)),\n         0)","v":0},{"$f":"IF(AND($D42=\"Serviço\",BA$12<>0,$H42>0,OR(AUTOEVENTO<>\"manual\",$M42<>$A$15)),\n        IF(Import.TipoArredondamento<>\"TransfereGOV\",\n              ROUND(OFFSET($P42,0,BA$13),15-13*ORÇAMENTO!$AF$7)/$H42*OFFSET(ORÇAMENTO!$X$15,ROW(BA42)-ROW(BA$15),0),\n              ROUND(ROUND(OFFSET($P42,0,BA$13),15-13*ORÇAMENTO!$AF$7)*OFFSET(ORÇAMENTO!$W$15,ROW(BA42)-ROW(BA$15),0),15-13*ORÇAMENTO!$AF$11)),\n         0)","v":0},{"$f":"IF(AND($D42=\"Serviço\",BB$12<>0,$H42>0,OR(AUTOEVENTO<>\"manual\",$M42<>$A$15)),\n        IF(Import.TipoArredondamento<>\"TransfereGOV\",\n              ROUND(OFFSET($P42,0,BB$13),15-13*ORÇAMENTO!$AF$7)/$H42*OFFSET(ORÇAMENTO!$X$15,ROW(BB42)-ROW(BB$15),0),\n              ROUND(ROUND(OFFSET($P42,0,BB$13),15-13*ORÇAMENTO!$AF$7)*OFFSET(ORÇAMENTO!$W$15,ROW(BB42)-ROW(BB$15),0),15-13*ORÇAMENTO!$AF$11)),\n         0)","v":0},{"$f":"IF(AND($D42=\"Serviço\",BC$12<>0,$H42>0,OR(AUTOEVENTO<>\"manual\",$M42<>$A$15)),\n        IF(Import.TipoArredondamento<>\"TransfereGOV\",\n              ROUND(OFFSET($P42,0,BC$13),15-13*ORÇAMENTO!$AF$7)/$H42*OFFSET(ORÇAMENTO!$X$15,ROW(BC42)-ROW(BC$15),0),\n              ROUND(ROUND(OFFSET($P42,0,BC$13),15-13*ORÇAMENTO!$AF$7)*OFFSET(ORÇAMENTO!$W$15,ROW(BC42)-ROW(BC$15),0),15-13*ORÇAMENTO!$AF$11)),\n         0)","v":0},{"$f":"IF(AND($D42=\"Serviço\",BD$12<>0,$H42>0,OR(AUTOEVENTO<>\"manual\",$M42<>$A$15)),\n        IF(Import.TipoArredondamento<>\"TransfereGOV\",\n              ROUND(OFFSET($P42,0,BD$13),15-13*ORÇAMENTO!$AF$7)/$H42*OFFSET(ORÇAMENTO!$X$15,ROW(BD42)-ROW(BD$15),0),\n              ROUND(ROUND(OFFSET($P42,0,BD$13),15-13*ORÇAMENTO!$AF$7)*OFFSET(ORÇAMENTO!$W$15,ROW(BD42)-ROW(BD$15),0),15-13*ORÇAMENTO!$AF$11)),\n         0)","v":0},{"$f":"IF(AND($D42=\"Serviço\",BE$12<>0,$H42>0,OR(AUTOEVENTO<>\"manual\",$M42<>$A$15)),\n        IF(Import.TipoArredondamento<>\"TransfereGOV\",\n              ROUND(OFFSET($P42,0,BE$13),15-13*ORÇAMENTO!$AF$7)/$H42*OFFSET(ORÇAMENTO!$X$15,ROW(BE42)-ROW(BE$15),0),\n              ROUND(ROUND(OFFSET($P42,0,BE$13),15-13*ORÇAMENTO!$AF$7)*OFFSET(ORÇAMENTO!$W$15,ROW(BE42)-ROW(BE$15),0),15-13*ORÇAMENTO!$AF$11)),\n         0)","v":0},{"$f":"IF(AND($D42=\"Serviço\",BF$12<>0,$H42>0,OR(AUTOEVENTO<>\"manual\",$M42<>$A$15)),\n        IF(Import.TipoArredondamento<>\"TransfereGOV\",\n              ROUND(OFFSET($P42,0,BF$13),15-13*ORÇAMENTO!$AF$7)/$H42*OFFSET(ORÇAMENTO!$X$15,ROW(BF42)-ROW(BF$15),0),\n              ROUND(ROUND(OFFSET($P42,0,BF$13),15-13*ORÇAMENTO!$AF$7)*OFFSET(ORÇAMENTO!$W$15,ROW(BF42)-ROW(BF$15),0),15-13*ORÇAMENTO!$AF$11)),\n         0)","v":0},{"$f":"IF(AND($D42=\"Serviço\",BG$12<>0,$H42>0,OR(AUTOEVENTO<>\"manual\",$M42<>$A$15)),\n        IF(Import.TipoArredondamento<>\"TransfereGOV\",\n              ROUND(OFFSET($P42,0,BG$13),15-13*ORÇAMENTO!$AF$7)/$H42*OFFSET(ORÇAMENTO!$X$15,ROW(BG42)-ROW(BG$15),0),\n              ROUND(ROUND(OFFSET($P42,0,BG$13),15-13*ORÇAMENTO!$AF$7)*OFFSET(ORÇAMENTO!$W$15,ROW(BG42)-ROW(BG$15),0),15-13*ORÇAMENTO!$AF$11)),\n         0)","v":0},{"$f":"IF(AND($D42=\"Serviço\",BH$12<>0,$H42>0,OR(AUTOEVENTO<>\"manual\",$M42<>$A$15)),\n        IF(Import.TipoArredondamento<>\"TransfereGOV\",\n              ROUND(OFFSET($P42,0,BH$13),15-13*ORÇAMENTO!$AF$7)/$H42*OFFSET(ORÇAMENTO!$X$15,ROW(BH42)-ROW(BH$15),0),\n              ROUND(ROUND(OFFSET($P42,0,BH$13),15-13*ORÇAMENTO!$AF$7)*OFFSET(ORÇAMENTO!$W$15,ROW(BH42)-ROW(BH$15),0),15-13*ORÇAMENTO!$AF$11)),\n         0)","v":0},{"$f":"IF(AND($D42=\"Serviço\",BI$12<>0,$H42>0,OR(AUTOEVENTO<>\"manual\",$M42<>$A$15)),\n        IF(Import.TipoArredondamento<>\"TransfereGOV\",\n              ROUND(OFFSET($P42,0,BI$13),15-13*ORÇAMENTO!$AF$7)/$H42*OFFSET(ORÇAMENTO!$X$15,ROW(BI42)-ROW(BI$15),0),\n              ROUND(ROUND(OFFSET($P42,0,BI$13),15-13*ORÇAMENTO!$AF$7)*OFFSET(ORÇAMENTO!$W$15,ROW(BI42)-ROW(BI$15),0),15-13*ORÇAMENTO!$AF$11)),\n         0)","v":0},{"$f":"IF(AND($D42=\"Serviço\",BJ$12<>0,$H42>0,OR(AUTOEVENTO<>\"manual\",$M42<>$A$15)),\n        IF(Import.TipoArredondamento<>\"TransfereGOV\",\n              ROUND(OFFSET($P42,0,BJ$13),15-13*ORÇAMENTO!$AF$7)/$H42*OFFSET(ORÇAMENTO!$X$15,ROW(BJ42)-ROW(BJ$15),0),\n              ROUND(ROUND(OFFSET($P42,0,BJ$13),15-13*ORÇAMENTO!$AF$7)*OFFSET(ORÇAMENTO!$W$15,ROW(BJ42)-ROW(BJ$15),0),15-13*ORÇAMENTO!$AF$11)),\n         0)","v":0},{"$f":"IF(AND($D42=\"Serviço\",BK$12<>0,$H42>0,OR(AUTOEVENTO<>\"manual\",$M42<>$A$15)),\n        IF(Import.TipoArredondamento<>\"TransfereGOV\",\n              ROUND(OFFSET($P42,0,BK$13),15-13*ORÇAMENTO!$AF$7)/$H42*OFFSET(ORÇAMENTO!$X$15,ROW(BK42)-ROW(BK$15),0),\n              ROUND(ROUND(OFFSET($P42,0,BK$13),15-13*ORÇAMENTO!$AF$7)*OFFSET(ORÇAMENTO!$W$15,ROW(BK42)-ROW(BK$15),0),15-13*ORÇAMENTO!$AF$11)),\n         0)","v":0},{"$f":"IF(AND($D42=\"Serviço\",BL$12<>0,$H42>0,OR(AUTOEVENTO<>\"manual\",$M42<>$A$15)),\n        IF(Import.TipoArredondamento<>\"TransfereGOV\",\n              ROUND(OFFSET($P42,0,BL$13),15-13*ORÇAMENTO!$AF$7)/$H42*OFFSET(ORÇAMENTO!$X$15,ROW(BL42)-ROW(BL$15),0),\n              ROUND(ROUND(OFFSET($P42,0,BL$13),15-13*ORÇAMENTO!$AF$7)*OFFSET(ORÇAMENTO!$W$15,ROW(BL42)-ROW(BL$15),0),15-13*ORÇAMENTO!$AF$11)),\n         0)","v":0},{"$f":"IF(AND($D42=\"Serviço\",BM$12<>0,$H42>0,OR(AUTOEVENTO<>\"manual\",$M42<>$A$15)),\n        IF(Import.TipoArredondamento<>\"TransfereGOV\",\n              ROUND(OFFSET($P42,0,BM$13),15-13*ORÇAMENTO!$AF$7)/$H42*OFFSET(ORÇAMENTO!$X$15,ROW(BM42)-ROW(BM$15),0),\n              ROUND(ROUND(OFFSET($P42,0,BM$13),15-13*ORÇAMENTO!$AF$7)*OFFSET(ORÇAMENTO!$W$15,ROW(BM42)-ROW(BM$15),0),15-13*ORÇAMENTO!$AF$11)),\n         0)","v":0},{"$f":"IF(AND($D42=\"Serviço\",BN$12<>0,$H42>0,OR(AUTOEVENTO<>\"manual\",$M42<>$A$15)),\n        IF(Import.TipoArredondamento<>\"TransfereGOV\",\n              ROUND(OFFSET($P42,0,BN$13),15-13*ORÇAMENTO!$AF$7)/$H42*OFFSET(ORÇAMENTO!$X$15,ROW(BN42)-ROW(BN$15),0),\n              ROUND(ROUND(OFFSET($P42,0,BN$13),15-13*ORÇAMENTO!$AF$7)*OFFSET(ORÇAMENTO!$W$15,ROW(BN42)-ROW(BN$15),0),15-13*ORÇAMENTO!$AF$11)),\n         0)","v":0},{"$f":"IF(AND($D42=\"Serviço\",BO$12<>0,$H42>0,OR(AUTOEVENTO<>\"manual\",$M42<>$A$15)),\n        IF(Import.TipoArredondamento<>\"TransfereGOV\",\n              ROUND(OFFSET($P42,0,BO$13),15-13*ORÇAMENTO!$AF$7)/$H42*OFFSET(ORÇAMENTO!$X$15,ROW(BO42)-ROW(BO$15),0),\n              ROUND(ROUND(OFFSET($P42,0,BO$13),15-13*ORÇAMENTO!$AF$7)*OFFSET(ORÇAMENTO!$W$15,ROW(BO42)-ROW(BO$15),0),15-13*ORÇAMENTO!$AF$11)),\n         0)","v":0},{"$f":"IF(AND($D42=\"Serviço\",BP$12<>0,$H42>0,OR(AUTOEVENTO<>\"manual\",$M42<>$A$15)),\n        IF(Import.TipoArredondamento<>\"TransfereGOV\",\n              ROUND(OFFSET($P42,0,BP$13),15-13*ORÇAMENTO!$AF$7)/$H42*OFFSET(ORÇAMENTO!$X$15,ROW(BP42)-ROW(BP$15),0),\n              ROUND(ROUND(OFFSET($P42,0,BP$13),15-13*ORÇAMENTO!$AF$7)*OFFSET(ORÇAMENTO!$W$15,ROW(BP42)-ROW(BP$15),0),15-13*ORÇAMENTO!$AF$11)),\n         0)","v":0},{"$f":"IF(AND($D42=\"Serviço\",BQ$12<>0,$H42>0,OR(AUTOEVENTO<>\"manual\",$M42<>$A$15)),\n        IF(Import.TipoArredondamento<>\"TransfereGOV\",\n              ROUND(OFFSET($P42,0,BQ$13),15-13*ORÇAMENTO!$AF$7)/$H42*OFFSET(ORÇAMENTO!$X$15,ROW(BQ42)-ROW(BQ$15),0),\n              ROUND(ROUND(OFFSET($P42,0,BQ$13),15-13*ORÇAMENTO!$AF$7)*OFFSET(ORÇAMENTO!$W$15,ROW(BQ42)-ROW(BQ$15),0),15-13*ORÇAMENTO!$AF$11)),\n         0)","v":0},null,{"$f":"IF(OR($D42<>\"Serviço\",AND(AUTOEVENTO=\"Manual\",$M42=$A$15)),0,\n         IF(OFFSET(CRONOPLE!$F$15,$M42-$A$15,BS$13)=0,10^12,OFFSET(CRONOPLE!$F$15,$M42-$A$15,BS$13)))","v":0},{"$f":"IF(OR($D42<>\"Serviço\",AND(AUTOEVENTO=\"Manual\",$M42=$A$15)),0,\n         IF(OFFSET(CRONOPLE!$F$15,$M42-$A$15,BT$13)=0,10^12,OFFSET(CRONOPLE!$F$15,$M42-$A$15,BT$13)))","v":0},{"$f":"IF(OR($D42<>\"Serviço\",AND(AUTOEVENTO=\"Manual\",$M42=$A$15)),0,\n         IF(OFFSET(CRONOPLE!$F$15,$M42-$A$15,BU$13)=0,10^12,OFFSET(CRONOPLE!$F$15,$M42-$A$15,BU$13)))","v":0},{"$f":"IF(OR($D42<>\"Serviço\",AND(AUTOEVENTO=\"Manual\",$M42=$A$15)),0,\n         IF(OFFSET(CRONOPLE!$F$15,$M42-$A$15,BV$13)=0,10^12,OFFSET(CRONOPLE!$F$15,$M42-$A$15,BV$13)))","v":0},{"$f":"IF(OR($D42<>\"Serviço\",AND(AUTOEVENTO=\"Manual\",$M42=$A$15)),0,\n         IF(OFFSET(CRONOPLE!$F$15,$M42-$A$15,BW$13)=0,10^12,OFFSET(CRONOPLE!$F$15,$M42-$A$15,BW$13)))","v":0},{"$f":"IF(OR($D42<>\"Serviço\",AND(AUTOEVENTO=\"Manual\",$M42=$A$15)),0,\n         IF(OFFSET(CRONOPLE!$F$15,$M42-$A$15,BX$13)=0,10^12,OFFSET(CRONOPLE!$F$15,$M42-$A$15,BX$13)))","v":0},{"$f":"IF(OR($D42<>\"Serviço\",AND(AUTOEVENTO=\"Manual\",$M42=$A$15)),0,\n         IF(OFFSET(CRONOPLE!$F$15,$M42-$A$15,BY$13)=0,10^12,OFFSET(CRONOPLE!$F$15,$M42-$A$15,BY$13)))","v":0},{"$f":"IF(OR($D42<>\"Serviço\",AND(AUTOEVENTO=\"Manual\",$M42=$A$15)),0,\n         IF(OFFSET(CRONOPLE!$F$15,$M42-$A$15,BZ$13)=0,10^12,OFFSET(CRONOPLE!$F$15,$M42-$A$15,BZ$13)))","v":0},{"$f":"IF(OR($D42<>\"Serviço\",AND(AUTOEVENTO=\"Manual\",$M42=$A$15)),0,\n         IF(OFFSET(CRONOPLE!$F$15,$M42-$A$15,CA$13)=0,10^12,OFFSET(CRONOPLE!$F$15,$M42-$A$15,CA$13)))","v":0},{"$f":"IF(OR($D42<>\"Serviço\",AND(AUTOEVENTO=\"Manual\",$M42=$A$15)),0,\n         IF(OFFSET(CRONOPLE!$F$15,$M42-$A$15,CB$13)=0,10^12,OFFSET(CRONOPLE!$F$15,$M42-$A$15,CB$13)))","v":0},{"$f":"IF(OR($D42<>\"Serviço\",AND(AUTOEVENTO=\"Manual\",$M42=$A$15)),0,\n         IF(OFFSET(CRONOPLE!$F$15,$M42-$A$15,CC$13)=0,10^12,OFFSET(CRONOPLE!$F$15,$M42-$A$15,CC$13)))","v":0},{"$f":"IF(OR($D42<>\"Serviço\",AND(AUTOEVENTO=\"Manual\",$M42=$A$15)),0,\n         IF(OFFSET(CRONOPLE!$F$15,$M42-$A$15,CD$13)=0,10^12,OFFSET(CRONOPLE!$F$15,$M42-$A$15,CD$13)))","v":0},{"$f":"IF(OR($D42<>\"Serviço\",AND(AUTOEVENTO=\"Manual\",$M42=$A$15)),0,\n         IF(OFFSET(CRONOPLE!$F$15,$M42-$A$15,CE$13)=0,10^12,OFFSET(CRONOPLE!$F$15,$M42-$A$15,CE$13)))","v":0},{"$f":"IF(OR($D42<>\"Serviço\",AND(AUTOEVENTO=\"Manual\",$M42=$A$15)),0,\n         IF(OFFSET(CRONOPLE!$F$15,$M42-$A$15,CF$13)=0,10^12,OFFSET(CRONOPLE!$F$15,$M42-$A$15,CF$13)))","v":0},{"$f":"IF(OR($D42<>\"Serviço\",AND(AUTOEVENTO=\"Manual\",$M42=$A$15)),0,\n         IF(OFFSET(CRONOPLE!$F$15,$M42-$A$15,CG$13)=0,10^12,OFFSET(CRONOPLE!$F$15,$M42-$A$15,CG$13)))","v":0},{"$f":"IF(OR($D42<>\"Serviço\",AND(AUTOEVENTO=\"Manual\",$M42=$A$15)),0,\n         IF(OFFSET(CRONOPLE!$F$15,$M42-$A$15,CH$13)=0,10^12,OFFSET(CRONOPLE!$F$15,$M42-$A$15,CH$13)))","v":0},{"$f":"IF(OR($D42<>\"Serviço\",AND(AUTOEVENTO=\"Manual\",$M42=$A$15)),0,\n         IF(OFFSET(CRONOPLE!$F$15,$M42-$A$15,CI$13)=0,10^12,OFFSET(CRONOPLE!$F$15,$M42-$A$15,CI$13)))","v":0},{"$f":"IF(OR($D42<>\"Serviço\",AND(AUTOEVENTO=\"Manual\",$M42=$A$15)),0,\n         IF(OFFSET(CRONOPLE!$F$15,$M42-$A$15,CJ$13)=0,10^12,OFFSET(CRONOPLE!$F$15,$M42-$A$15,CJ$13)))","v":0},{"$f":"IF(OR($D42<>\"Serviço\",AND(AUTOEVENTO=\"Manual\",$M42=$A$15)),0,\n         IF(OFFSET(CRONOPLE!$F$15,$M42-$A$15,CK$13)=0,10^12,OFFSET(CRONOPLE!$F$15,$M42-$A$15,CK$13)))","v":0},{"$f":"IF(OR($D42<>\"Serviço\",AND(AUTOEVENTO=\"Manual\",$M42=$A$15)),0,\n         IF(OFFSET(CRONOPLE!$F$15,$M42-$A$15,CL$13)=0,10^12,OFFSET(CRONOPLE!$F$15,$M42-$A$15,CL$13)))","v":0},{"$f":"IF(OR($D42<>\"Serviço\",AND(AUTOEVENTO=\"Manual\",$M42=$A$15)),0,\n         IF(OFFSET(CRONOPLE!$F$15,$M42-$A$15,CM$13)=0,10^12,OFFSET(CRONOPLE!$F$15,$M42-$A$15,CM$13)))","v":0},{"$f":"IF(OR($D42<>\"Serviço\",AND(AUTOEVENTO=\"Manual\",$M42=$A$15)),0,\n         IF(OFFSET(CRONOPLE!$F$15,$M42-$A$15,CN$13)=0,10^12,OFFSET(CRONOPLE!$F$15,$M42-$A$15,CN$13)))","v":0},{"$f":"IF(OR($D42<>\"Serviço\",AND(AUTOEVENTO=\"Manual\",$M42=$A$15)),0,\n         IF(OFFSET(CRONOPLE!$F$15,$M42-$A$15,CO$13)=0,10^12,OFFSET(CRONOPLE!$F$15,$M42-$A$15,CO$13)))","v":0},{"$f":"IF(OR($D42<>\"Serviço\",AND(AUTOEVENTO=\"Manual\",$M42=$A$15)),0,\n         IF(OFFSET(CRONOPLE!$F$15,$M42-$A$15,CP$13)=0,10^12,OFFSET(CRONOPLE!$F$15,$M42-$A$15,CP$13)))","v":0},{"$f":"IF(OR($D42<>\"Serviço\",AND(AUTOEVENTO=\"Manual\",$M42=$A$15)),0,\n         IF(OFFSET(CRONOPLE!$F$15,$M42-$A$15,CQ$13)=0,10^12,OFFSET(CRONOPLE!$F$15,$M42-$A$15,CQ$13)))","v":0},{"$f":"IF(OR($D42<>\"Serviço\",AND(AUTOEVENTO=\"Manual\",$M42=$A$15)),0,\n         IF(OFFSET(CRONOPLE!$F$15,$M42-$A$15,CR$13)=0,10^12,OFFSET(CRONOPLE!$F$15,$M42-$A$15,CR$13)))","v":0},null,{"$f":"IF(OR($D42<>\"Serviço\",AND(AUTOEVENTO=\"Manual\",$M42=$A$15),$M42>(ROW(PLE.lastrow)-ROW(PLE.firstrow))),0,\n           IF(OFFSET(PLE!$G$15,$M42-$A$15,CT$13)=\"\",10^12,OFFSET(PLE!$G$15,$M42-$A$15,CT$13)))","v":0},{"$f":"IF(OR($D42<>\"Serviço\",AND(AUTOEVENTO=\"Manual\",$M42=$A$15),$M42>(ROW(PLE.lastrow)-ROW(PLE.firstrow))),0,\n           IF(OFFSET(PLE!$G$15,$M42-$A$15,CU$13)=\"\",10^12,OFFSET(PLE!$G$15,$M42-$A$15,CU$13)))","v":0},{"$f":"IF(OR($D42<>\"Serviço\",AND(AUTOEVENTO=\"Manual\",$M42=$A$15),$M42>(ROW(PLE.lastrow)-ROW(PLE.firstrow))),0,\n           IF(OFFSET(PLE!$G$15,$M42-$A$15,CV$13)=\"\",10^12,OFFSET(PLE!$G$15,$M42-$A$15,CV$13)))","v":0},{"$f":"IF(OR($D42<>\"Serviço\",AND(AUTOEVENTO=\"Manual\",$M42=$A$15),$M42>(ROW(PLE.lastrow)-ROW(PLE.firstrow))),0,\n           IF(OFFSET(PLE!$G$15,$M42-$A$15,CW$13)=\"\",10^12,OFFSET(PLE!$G$15,$M42-$A$15,CW$13)))","v":0},{"$f":"IF(OR($D42<>\"Serviço\",AND(AUTOEVENTO=\"Manual\",$M42=$A$15),$M42>(ROW(PLE.lastrow)-ROW(PLE.firstrow))),0,\n           IF(OFFSET(PLE!$G$15,$M42-$A$15,CX$13)=\"\",10^12,OFFSET(PLE!$G$15,$M42-$A$15,CX$13)))","v":0},{"$f":"IF(OR($D42<>\"Serviço\",AND(AUTOEVENTO=\"Manual\",$M42=$A$15),$M42>(ROW(PLE.lastrow)-ROW(PLE.firstrow))),0,\n           IF(OFFSET(PLE!$G$15,$M42-$A$15,CY$13)=\"\",10^12,OFFSET(PLE!$G$15,$M42-$A$15,CY$13)))","v":0},{"$f":"IF(OR($D42<>\"Serviço\",AND(AUTOEVENTO=\"Manual\",$M42=$A$15),$M42>(ROW(PLE.lastrow)-ROW(PLE.firstrow))),0,\n           IF(OFFSET(PLE!$G$15,$M42-$A$15,CZ$13)=\"\",10^12,OFFSET(PLE!$G$15,$M42-$A$15,CZ$13)))","v":0},{"$f":"IF(OR($D42<>\"Serviço\",AND(AUTOEVENTO=\"Manual\",$M42=$A$15),$M42>(ROW(PLE.lastrow)-ROW(PLE.firstrow))),0,\n           IF(OFFSET(PLE!$G$15,$M42-$A$15,DA$13)=\"\",10^12,OFFSET(PLE!$G$15,$M42-$A$15,DA$13)))","v":0},{"$f":"IF(OR($D42<>\"Serviço\",AND(AUTOEVENTO=\"Manual\",$M42=$A$15),$M42>(ROW(PLE.lastrow)-ROW(PLE.firstrow))),0,\n           IF(OFFSET(PLE!$G$15,$M42-$A$15,DB$13)=\"\",10^12,OFFSET(PLE!$G$15,$M42-$A$15,DB$13)))","v":0},{"$f":"IF(OR($D42<>\"Serviço\",AND(AUTOEVENTO=\"Manual\",$M42=$A$15),$M42>(ROW(PLE.lastrow)-ROW(PLE.firstrow))),0,\n           IF(OFFSET(PLE!$G$15,$M42-$A$15,DC$13)=\"\",10^12,OFFSET(PLE!$G$15,$M42-$A$15,DC$13)))","v":0},{"$f":"IF(OR($D42<>\"Serviço\",AND(AUTOEVENTO=\"Manual\",$M42=$A$15),$M42>(ROW(PLE.lastrow)-ROW(PLE.firstrow))),0,\n           IF(OFFSET(PLE!$G$15,$M42-$A$15,DD$13)=\"\",10^12,OFFSET(PLE!$G$15,$M42-$A$15,DD$13)))","v":0},{"$f":"IF(OR($D42<>\"Serviço\",AND(AUTOEVENTO=\"Manual\",$M42=$A$15),$M42>(ROW(PLE.lastrow)-ROW(PLE.firstrow))),0,\n           IF(OFFSET(PLE!$G$15,$M42-$A$15,DE$13)=\"\",10^12,OFFSET(PLE!$G$15,$M42-$A$15,DE$13)))","v":0},{"$f":"IF(OR($D42<>\"Serviço\",AND(AUTOEVENTO=\"Manual\",$M42=$A$15),$M42>(ROW(PLE.lastrow)-ROW(PLE.firstrow))),0,\n           IF(OFFSET(PLE!$G$15,$M42-$A$15,DF$13)=\"\",10^12,OFFSET(PLE!$G$15,$M42-$A$15,DF$13)))","v":0},{"$f":"IF(OR($D42<>\"Serviço\",AND(AUTOEVENTO=\"Manual\",$M42=$A$15),$M42>(ROW(PLE.lastrow)-ROW(PLE.firstrow))),0,\n           IF(OFFSET(PLE!$G$15,$M42-$A$15,DG$13)=\"\",10^12,OFFSET(PLE!$G$15,$M42-$A$15,DG$13)))","v":0},{"$f":"IF(OR($D42<>\"Serviço\",AND(AUTOEVENTO=\"Manual\",$M42=$A$15),$M42>(ROW(PLE.lastrow)-ROW(PLE.firstrow))),0,\n           IF(OFFSET(PLE!$G$15,$M42-$A$15,DH$13)=\"\",10^12,OFFSET(PLE!$G$15,$M42-$A$15,DH$13)))","v":0},{"$f":"IF(OR($D42<>\"Serviço\",AND(AUTOEVENTO=\"Manual\",$M42=$A$15),$M42>(ROW(PLE.lastrow)-ROW(PLE.firstrow))),0,\n           IF(OFFSET(PLE!$G$15,$M42-$A$15,DI$13)=\"\",10^12,OFFSET(PLE!$G$15,$M42-$A$15,DI$13)))","v":0},{"$f":"IF(OR($D42<>\"Serviço\",AND(AUTOEVENTO=\"Manual\",$M42=$A$15),$M42>(ROW(PLE.lastrow)-ROW(PLE.firstrow))),0,\n           IF(OFFSET(PLE!$G$15,$M42-$A$15,DJ$13)=\"\",10^12,OFFSET(PLE!$G$15,$M42-$A$15,DJ$13)))","v":0},{"$f":"IF(OR($D42<>\"Serviço\",AND(AUTOEVENTO=\"Manual\",$M42=$A$15),$M42>(ROW(PLE.lastrow)-ROW(PLE.firstrow))),0,\n           IF(OFFSET(PLE!$G$15,$M42-$A$15,DK$13)=\"\",10^12,OFFSET(PLE!$G$15,$M42-$A$15,DK$13)))","v":0},{"$f":"IF(OR($D42<>\"Serviço\",AND(AUTOEVENTO=\"Manual\",$M42=$A$15),$M42>(ROW(PLE.lastrow)-ROW(PLE.firstrow))),0,\n           IF(OFFSET(PLE!$G$15,$M42-$A$15,DL$13)=\"\",10^12,OFFSET(PLE!$G$15,$M42-$A$15,DL$13)))","v":0},{"$f":"IF(OR($D42<>\"Serviço\",AND(AUTOEVENTO=\"Manual\",$M42=$A$15),$M42>(ROW(PLE.lastrow)-ROW(PLE.firstrow))),0,\n           IF(OFFSET(PLE!$G$15,$M42-$A$15,DM$13)=\"\",10^12,OFFSET(PLE!$G$15,$M42-$A$15,DM$13)))","v":0},{"$f":"IF(OR($D42<>\"Serviço\",AND(AUTOEVENTO=\"Manual\",$M42=$A$15),$M42>(ROW(PLE.lastrow)-ROW(PLE.firstrow))),0,\n           IF(OFFSET(PLE!$G$15,$M42-$A$15,DN$13)=\"\",10^12,OFFSET(PLE!$G$15,$M42-$A$15,DN$13)))","v":0},{"$f":"IF(OR($D42<>\"Serviço\",AND(AUTOEVENTO=\"Manual\",$M42=$A$15),$M42>(ROW(PLE.lastrow)-ROW(PLE.firstrow))),0,\n           IF(OFFSET(PLE!$G$15,$M42-$A$15,DO$13)=\"\",10^12,OFFSET(PLE!$G$15,$M42-$A$15,DO$13)))","v":0},{"$f":"IF(OR($D42<>\"Serviço\",AND(AUTOEVENTO=\"Manual\",$M42=$A$15),$M42>(ROW(PLE.lastrow)-ROW(PLE.firstrow))),0,\n           IF(OFFSET(PLE!$G$15,$M42-$A$15,DP$13)=\"\",10^12,OFFSET(PLE!$G$15,$M42-$A$15,DP$13)))","v":0},{"$f":"IF(OR($D42<>\"Serviço\",AND(AUTOEVENTO=\"Manual\",$M42=$A$15),$M42>(ROW(PLE.lastrow)-ROW(PLE.firstrow))),0,\n           IF(OFFSET(PLE!$G$15,$M42-$A$15,DQ$13)=\"\",10^12,OFFSET(PLE!$G$15,$M42-$A$15,DQ$13)))","v":0},{"$f":"IF(OR($D42<>\"Serviço\",AND(AUTOEVENTO=\"Manual\",$M42=$A$15),$M42>(ROW(PLE.lastrow)-ROW(PLE.firstrow))),0,\n           IF(OFFSET(PLE!$G$15,$M42-$A$15,DR$13)=\"\",10^12,OFFSET(PLE!$G$15,$M42-$A$15,DR$13)))","v":0},{"$f":"IF(OR($D42<>\"Serviço\",AND(AUTOEVENTO=\"Manual\",$M42=$A$15),$M42>(ROW(PLE.lastrow)-ROW(PLE.firstrow))),0,\n           IF(OFFSET(PLE!$G$15,$M42-$A$15,DS$13)=\"\",10^12,OFFSET(PLE!$G$15,$M42-$A$15,DS$13)))","v":0}]
["27",{"$f":"OFFSET(ORÇAMENTO!C$15,$L43,0)","v":"S"},{"$f":"OFFSET(ORÇAMENTO!L$15,$L43,0)","v":"F"},{"$f":"OFFSET(ORÇAMENTO!N$15,$L43,0)","v":"Serviço"},{"$f":"OFFSET(ORÇAMENTO!O$15,$L43,0)","v":"1.3.1.3.1."},{"$f":"OFFSET(ORÇAMENTO!R$15,$L43,0)","v":"CHAPISCO APLICADO EM ALVENARIAS E ESTRUTURAS DE CONCRETO INTERNAS, COM COLHER DE PEDREIRO. ARGAMASSA TRAÇO 1:3 COM PREPARO MANUAL. AF_10/2022"},{"$f":"IF($D43<>\"Serviço\",\"\",OFFSET(ORÇAMENTO!S$15,$L43,0))","v":"M2"},{"$f":"IF($D43<>\"Serviço\",0,IF(ACOMPANHAMENTO=\"BM\",ROUND(OFFSET(ORÇAMENTO!AJ$15,$L43,0),15-13*ORÇAMENTO!$AF$7),IF(IFERROR(CÁLCULO.FrentesPreenchidas,0)=0,0,SUM(ROUND(OFFSET($P43,0,1,1,CÁLCULO.FrentesPreenchidas),15-13*ORÇAMENTO!$AF$7)))))","v":169.75},"Conforme modelo disponibilizado pela CAIXA",{"$f":"IF(OR(B43<>\"S\",CÁLCULO.FrentesPreenchidas=0),\"\",IF(AND(ACOMPANHAMENTO=\"PLE\",AUTOEVENTO=\"Manual\",OR(H43>0,ORÇAMENTO!AC43=\"QUANT.\"),OR(K43=\"\",M43=0,N43=\"\")),\"►E\",IF(AND(ACOMPANHAMENTO=\"PLE\",ORÇAMENTO!AC43=\"QUANT.\"),\"►Q\",IF(AND(ACOMPANHAMENTO=\"PLE\",H43<>SUMPRODUCT(($Q$1:$AQ$1=1)*ROUND(Q43:AQ43,15))),\"►S\",IF(AND(COUNTIF($P$11:$AQ$11,\"▼\")=0,H43>0,I43=\"\"),\"◄M\",\"\")))))","v":""},"5. IMPERMEABILIZAÇÃO",28,{"$f":"IF($D43<>\"Serviço\",\"\",\n          IF(AUTOEVENTO=\"manual\",$A43,\n                IF(ISERROR(MATCH($A43,$A$15:OFFSET($A43,-1,0),0)),MAX($M$15:OFFSET(M43,-1,0))+1,\n                      INDEX($M$15:OFFSET(M43,-1,0),MATCH($A43,$A$15:OFFSET($A43,-1,0),0)))))","v":5},{"$f":"IF($D43<>\"Serviço\",\"\",\n         IF(AUTOEVENTO=\"Manual\",\n                IF($A43=0,\"<-- defina o número do agrupador\",\n                       OFFSET(EVENTOS!$D$15,$A43-$A$15,0)),\n                OFFSET($F$15,$A43,0)))","v":"IMPERMEABILIZAÇÃO"},null,null,33.950000000000003,33.950000000000003,33.950000000000003,33.950000000000003,33.950000000000003,null,null,null,null,null,null,null,null,null,null,null,null,null,null,null,null,null,null,null,null,null,null,{"$f":"IF(AND($D43=\"Serviço\",AR$12<>0,$H43>0,OR(AUTOEVENTO<>\"manual\",$M43<>$A$15)),\n        IF(Import.TipoArredondamento<>\"TransfereGOV\",\n              ROUND(OFFSET($P43,0,AR$13),15-13*ORÇAMENTO!$AF$7)/$H43*OFFSET(ORÇAMENTO!$X$15,ROW(AR43)-ROW(AR$15),0),\n              ROUND(ROUND(OFFSET($P43,0,AR$13),15-13*ORÇAMENTO!$AF$7)*OFFSET(ORÇAMENTO!$W$15,ROW(AR43)-ROW(AR$15),0),15-13*ORÇAMENTO!$AF$11)),\n         0)","v":206.42},{"$f":"IF(AND($D43=\"Serviço\",AS$12<>0,$H43>0,OR(AUTOEVENTO<>\"manual\",$M43<>$A$15)),\n        IF(Import.TipoArredondamento<>\"TransfereGOV\",\n              ROUND(OFFSET($P43,0,AS$13),15-13*ORÇAMENTO!$AF$7)/$H43*OFFSET(ORÇAMENTO!$X$15,ROW(AS43)-ROW(AS$15),0),\n              ROUND(ROUND(OFFSET($P43,0,AS$13),15-13*ORÇAMENTO!$AF$7)*OFFSET(ORÇAMENTO!$W$15,ROW(AS43)-ROW(AS$15),0),15-13*ORÇAMENTO!$AF$11)),\n         0)","v":206.42},{"$f":"IF(AND($D43=\"Serviço\",AT$12<>0,$H43>0,OR(AUTOEVENTO<>\"manual\",$M43<>$A$15)),\n        IF(Import.TipoArredondamento<>\"TransfereGOV\",\n              ROUND(OFFSET($P43,0,AT$13),15-13*ORÇAMENTO!$AF$7)/$H43*OFFSET(ORÇAMENTO!$X$15,ROW(AT43)-ROW(AT$15),0),\n              ROUND(ROUND(OFFSET($P43,0,AT$13),15-13*ORÇAMENTO!$AF$7)*OFFSET(ORÇAMENTO!$W$15,ROW(AT43)-ROW(AT$15),0),15-13*ORÇAMENTO!$AF$11)),\n         0)","v":206.42},{"$f":"IF(AND($D43=\"Serviço\",AU$12<>0,$H43>0,OR(AUTOEVENTO<>\"manual\",$M43<>$A$15)),\n        IF(Import.TipoArredondamento<>\"TransfereGOV\",\n              ROUND(OFFSET($P43,0,AU$13),15-13*ORÇAMENTO!$AF$7)/$H43*OFFSET(ORÇAMENTO!$X$15,ROW(AU43)-ROW(AU$15),0),\n              ROUND(ROUND(OFFSET($P43,0,AU$13),15-13*ORÇAMENTO!$AF$7)*OFFSET(ORÇAMENTO!$W$15,ROW(AU43)-ROW(AU$15),0),15-13*ORÇAMENTO!$AF$11)),\n         0)","v":206.42},{"$f":"IF(AND($D43=\"Serviço\",AV$12<>0,$H43>0,OR(AUTOEVENTO<>\"manual\",$M43<>$A$15)),\n        IF(Import.TipoArredondamento<>\"TransfereGOV\",\n              ROUND(OFFSET($P43,0,AV$13),15-13*ORÇAMENTO!$AF$7)/$H43*OFFSET(ORÇAMENTO!$X$15,ROW(AV43)-ROW(AV$15),0),\n              ROUND(ROUND(OFFSET($P43,0,AV$13),15-13*ORÇAMENTO!$AF$7)*OFFSET(ORÇAMENTO!$W$15,ROW(AV43)-ROW(AV$15),0),15-13*ORÇAMENTO!$AF$11)),\n         0)","v":206.42},{"$f":"IF(AND($D43=\"Serviço\",AW$12<>0,$H43>0,OR(AUTOEVENTO<>\"manual\",$M43<>$A$15)),\n        IF(Import.TipoArredondamento<>\"TransfereGOV\",\n              ROUND(OFFSET($P43,0,AW$13),15-13*ORÇAMENTO!$AF$7)/$H43*OFFSET(ORÇAMENTO!$X$15,ROW(AW43)-ROW(AW$15),0),\n              ROUND(ROUND(OFFSET($P43,0,AW$13),15-13*ORÇAMENTO!$AF$7)*OFFSET(ORÇAMENTO!$W$15,ROW(AW43)-ROW(AW$15),0),15-13*ORÇAMENTO!$AF$11)),\n         0)","v":0},{"$f":"IF(AND($D43=\"Serviço\",AX$12<>0,$H43>0,OR(AUTOEVENTO<>\"manual\",$M43<>$A$15)),\n        IF(Import.TipoArredondamento<>\"TransfereGOV\",\n              ROUND(OFFSET($P43,0,AX$13),15-13*ORÇAMENTO!$AF$7)/$H43*OFFSET(ORÇAMENTO!$X$15,ROW(AX43)-ROW(AX$15),0),\n              ROUND(ROUND(OFFSET($P43,0,AX$13),15-13*ORÇAMENTO!$AF$7)*OFFSET(ORÇAMENTO!$W$15,ROW(AX43)-ROW(AX$15),0),15-13*ORÇAMENTO!$AF$11)),\n         0)","v":0},{"$f":"IF(AND($D43=\"Serviço\",AY$12<>0,$H43>0,OR(AUTOEVENTO<>\"manual\",$M43<>$A$15)),\n        IF(Import.TipoArredondamento<>\"TransfereGOV\",\n              ROUND(OFFSET($P43,0,AY$13),15-13*ORÇAMENTO!$AF$7)/$H43*OFFSET(ORÇAMENTO!$X$15,ROW(AY43)-ROW(AY$15),0),\n              ROUND(ROUND(OFFSET($P43,0,AY$13),15-13*ORÇAMENTO!$AF$7)*OFFSET(ORÇAMENTO!$W$15,ROW(AY43)-ROW(AY$15),0),15-13*ORÇAMENTO!$AF$11)),\n         0)","v":0},{"$f":"IF(AND($D43=\"Serviço\",AZ$12<>0,$H43>0,OR(AUTOEVENTO<>\"manual\",$M43<>$A$15)),\n        IF(Import.TipoArredondamento<>\"TransfereGOV\",\n              ROUND(OFFSET($P43,0,AZ$13),15-13*ORÇAMENTO!$AF$7)/$H43*OFFSET(ORÇAMENTO!$X$15,ROW(AZ43)-ROW(AZ$15),0),\n              ROUND(ROUND(OFFSET($P43,0,AZ$13),15-13*ORÇAMENTO!$AF$7)*OFFSET(ORÇAMENTO!$W$15,ROW(AZ43)-ROW(AZ$15),0),15-13*ORÇAMENTO!$AF$11)),\n         0)","v":0},{"$f":"IF(AND($D43=\"Serviço\",BA$12<>0,$H43>0,OR(AUTOEVENTO<>\"manual\",$M43<>$A$15)),\n        IF(Import.TipoArredondamento<>\"TransfereGOV\",\n              ROUND(OFFSET($P43,0,BA$13),15-13*ORÇAMENTO!$AF$7)/$H43*OFFSET(ORÇAMENTO!$X$15,ROW(BA43)-ROW(BA$15),0),\n              ROUND(ROUND(OFFSET($P43,0,BA$13),15-13*ORÇAMENTO!$AF$7)*OFFSET(ORÇAMENTO!$W$15,ROW(BA43)-ROW(BA$15),0),15-13*ORÇAMENTO!$AF$11)),\n         0)","v":0},{"$f":"IF(AND($D43=\"Serviço\",BB$12<>0,$H43>0,OR(AUTOEVENTO<>\"manual\",$M43<>$A$15)),\n        IF(Import.TipoArredondamento<>\"TransfereGOV\",\n              ROUND(OFFSET($P43,0,BB$13),15-13*ORÇAMENTO!$AF$7)/$H43*OFFSET(ORÇAMENTO!$X$15,ROW(BB43)-ROW(BB$15),0),\n              ROUND(ROUND(OFFSET($P43,0,BB$13),15-13*ORÇAMENTO!$AF$7)*OFFSET(ORÇAMENTO!$W$15,ROW(BB43)-ROW(BB$15),0),15-13*ORÇAMENTO!$AF$11)),\n         0)","v":0},{"$f":"IF(AND($D43=\"Serviço\",BC$12<>0,$H43>0,OR(AUTOEVENTO<>\"manual\",$M43<>$A$15)),\n        IF(Import.TipoArredondamento<>\"TransfereGOV\",\n              ROUND(OFFSET($P43,0,BC$13),15-13*ORÇAMENTO!$AF$7)/$H43*OFFSET(ORÇAMENTO!$X$15,ROW(BC43)-ROW(BC$15),0),\n              ROUND(ROUND(OFFSET($P43,0,BC$13),15-13*ORÇAMENTO!$AF$7)*OFFSET(ORÇAMENTO!$W$15,ROW(BC43)-ROW(BC$15),0),15-13*ORÇAMENTO!$AF$11)),\n         0)","v":0},{"$f":"IF(AND($D43=\"Serviço\",BD$12<>0,$H43>0,OR(AUTOEVENTO<>\"manual\",$M43<>$A$15)),\n        IF(Import.TipoArredondamento<>\"TransfereGOV\",\n              ROUND(OFFSET($P43,0,BD$13),15-13*ORÇAMENTO!$AF$7)/$H43*OFFSET(ORÇAMENTO!$X$15,ROW(BD43)-ROW(BD$15),0),\n              ROUND(ROUND(OFFSET($P43,0,BD$13),15-13*ORÇAMENTO!$AF$7)*OFFSET(ORÇAMENTO!$W$15,ROW(BD43)-ROW(BD$15),0),15-13*ORÇAMENTO!$AF$11)),\n         0)","v":0},{"$f":"IF(AND($D43=\"Serviço\",BE$12<>0,$H43>0,OR(AUTOEVENTO<>\"manual\",$M43<>$A$15)),\n        IF(Import.TipoArredondamento<>\"TransfereGOV\",\n              ROUND(OFFSET($P43,0,BE$13),15-13*ORÇAMENTO!$AF$7)/$H43*OFFSET(ORÇAMENTO!$X$15,ROW(BE43)-ROW(BE$15),0),\n              ROUND(ROUND(OFFSET($P43,0,BE$13),15-13*ORÇAMENTO!$AF$7)*OFFSET(ORÇAMENTO!$W$15,ROW(BE43)-ROW(BE$15),0),15-13*ORÇAMENTO!$AF$11)),\n         0)","v":0},{"$f":"IF(AND($D43=\"Serviço\",BF$12<>0,$H43>0,OR(AUTOEVENTO<>\"manual\",$M43<>$A$15)),\n        IF(Import.TipoArredondamento<>\"TransfereGOV\",\n              ROUND(OFFSET($P43,0,BF$13),15-13*ORÇAMENTO!$AF$7)/$H43*OFFSET(ORÇAMENTO!$X$15,ROW(BF43)-ROW(BF$15),0),\n              ROUND(ROUND(OFFSET($P43,0,BF$13),15-13*ORÇAMENTO!$AF$7)*OFFSET(ORÇAMENTO!$W$15,ROW(BF43)-ROW(BF$15),0),15-13*ORÇAMENTO!$AF$11)),\n         0)","v":0},{"$f":"IF(AND($D43=\"Serviço\",BG$12<>0,$H43>0,OR(AUTOEVENTO<>\"manual\",$M43<>$A$15)),\n        IF(Import.TipoArredondamento<>\"TransfereGOV\",\n              ROUND(OFFSET($P43,0,BG$13),15-13*ORÇAMENTO!$AF$7)/$H43*OFFSET(ORÇAMENTO!$X$15,ROW(BG43)-ROW(BG$15),0),\n              ROUND(ROUND(OFFSET($P43,0,BG$13),15-13*ORÇAMENTO!$AF$7)*OFFSET(ORÇAMENTO!$W$15,ROW(BG43)-ROW(BG$15),0),15-13*ORÇAMENTO!$AF$11)),\n         0)","v":0},{"$f":"IF(AND($D43=\"Serviço\",BH$12<>0,$H43>0,OR(AUTOEVENTO<>\"manual\",$M43<>$A$15)),\n        IF(Import.TipoArredondamento<>\"TransfereGOV\",\n              ROUND(OFFSET($P43,0,BH$13),15-13*ORÇAMENTO!$AF$7)/$H43*OFFSET(ORÇAMENTO!$X$15,ROW(BH43)-ROW(BH$15),0),\n              ROUND(ROUND(OFFSET($P43,0,BH$13),15-13*ORÇAMENTO!$AF$7)*OFFSET(ORÇAMENTO!$W$15,ROW(BH43)-ROW(BH$15),0),15-13*ORÇAMENTO!$AF$11)),\n         0)","v":0},{"$f":"IF(AND($D43=\"Serviço\",BI$12<>0,$H43>0,OR(AUTOEVENTO<>\"manual\",$M43<>$A$15)),\n        IF(Import.TipoArredondamento<>\"TransfereGOV\",\n              ROUND(OFFSET($P43,0,BI$13),15-13*ORÇAMENTO!$AF$7)/$H43*OFFSET(ORÇAMENTO!$X$15,ROW(BI43)-ROW(BI$15),0),\n              ROUND(ROUND(OFFSET($P43,0,BI$13),15-13*ORÇAMENTO!$AF$7)*OFFSET(ORÇAMENTO!$W$15,ROW(BI43)-ROW(BI$15),0),15-13*ORÇAMENTO!$AF$11)),\n         0)","v":0},{"$f":"IF(AND($D43=\"Serviço\",BJ$12<>0,$H43>0,OR(AUTOEVENTO<>\"manual\",$M43<>$A$15)),\n        IF(Import.TipoArredondamento<>\"TransfereGOV\",\n              ROUND(OFFSET($P43,0,BJ$13),15-13*ORÇAMENTO!$AF$7)/$H43*OFFSET(ORÇAMENTO!$X$15,ROW(BJ43)-ROW(BJ$15),0),\n              ROUND(ROUND(OFFSET($P43,0,BJ$13),15-13*ORÇAMENTO!$AF$7)*OFFSET(ORÇAMENTO!$W$15,ROW(BJ43)-ROW(BJ$15),0),15-13*ORÇAMENTO!$AF$11)),\n         0)","v":0},{"$f":"IF(AND($D43=\"Serviço\",BK$12<>0,$H43>0,OR(AUTOEVENTO<>\"manual\",$M43<>$A$15)),\n        IF(Import.TipoArredondamento<>\"TransfereGOV\",\n              ROUND(OFFSET($P43,0,BK$13),15-13*ORÇAMENTO!$AF$7)/$H43*OFFSET(ORÇAMENTO!$X$15,ROW(BK43)-ROW(BK$15),0),\n              ROUND(ROUND(OFFSET($P43,0,BK$13),15-13*ORÇAMENTO!$AF$7)*OFFSET(ORÇAMENTO!$W$15,ROW(BK43)-ROW(BK$15),0),15-13*ORÇAMENTO!$AF$11)),\n         0)","v":0},{"$f":"IF(AND($D43=\"Serviço\",BL$12<>0,$H43>0,OR(AUTOEVENTO<>\"manual\",$M43<>$A$15)),\n        IF(Import.TipoArredondamento<>\"TransfereGOV\",\n              ROUND(OFFSET($P43,0,BL$13),15-13*ORÇAMENTO!$AF$7)/$H43*OFFSET(ORÇAMENTO!$X$15,ROW(BL43)-ROW(BL$15),0),\n              ROUND(ROUND(OFFSET($P43,0,BL$13),15-13*ORÇAMENTO!$AF$7)*OFFSET(ORÇAMENTO!$W$15,ROW(BL43)-ROW(BL$15),0),15-13*ORÇAMENTO!$AF$11)),\n         0)","v":0},{"$f":"IF(AND($D43=\"Serviço\",BM$12<>0,$H43>0,OR(AUTOEVENTO<>\"manual\",$M43<>$A$15)),\n        IF(Import.TipoArredondamento<>\"TransfereGOV\",\n              ROUND(OFFSET($P43,0,BM$13),15-13*ORÇAMENTO!$AF$7)/$H43*OFFSET(ORÇAMENTO!$X$15,ROW(BM43)-ROW(BM$15),0),\n              ROUND(ROUND(OFFSET($P43,0,BM$13),15-13*ORÇAMENTO!$AF$7)*OFFSET(ORÇAMENTO!$W$15,ROW(BM43)-ROW(BM$15),0),15-13*ORÇAMENTO!$AF$11)),\n         0)","v":0},{"$f":"IF(AND($D43=\"Serviço\",BN$12<>0,$H43>0,OR(AUTOEVENTO<>\"manual\",$M43<>$A$15)),\n        IF(Import.TipoArredondamento<>\"TransfereGOV\",\n              ROUND(OFFSET($P43,0,BN$13),15-13*ORÇAMENTO!$AF$7)/$H43*OFFSET(ORÇAMENTO!$X$15,ROW(BN43)-ROW(BN$15),0),\n              ROUND(ROUND(OFFSET($P43,0,BN$13),15-13*ORÇAMENTO!$AF$7)*OFFSET(ORÇAMENTO!$W$15,ROW(BN43)-ROW(BN$15),0),15-13*ORÇAMENTO!$AF$11)),\n         0)","v":0},{"$f":"IF(AND($D43=\"Serviço\",BO$12<>0,$H43>0,OR(AUTOEVENTO<>\"manual\",$M43<>$A$15)),\n        IF(Import.TipoArredondamento<>\"TransfereGOV\",\n              ROUND(OFFSET($P43,0,BO$13),15-13*ORÇAMENTO!$AF$7)/$H43*OFFSET(ORÇAMENTO!$X$15,ROW(BO43)-ROW(BO$15),0),\n              ROUND(ROUND(OFFSET($P43,0,BO$13),15-13*ORÇAMENTO!$AF$7)*OFFSET(ORÇAMENTO!$W$15,ROW(BO43)-ROW(BO$15),0),15-13*ORÇAMENTO!$AF$11)),\n         0)","v":0},{"$f":"IF(AND($D43=\"Serviço\",BP$12<>0,$H43>0,OR(AUTOEVENTO<>\"manual\",$M43<>$A$15)),\n        IF(Import.TipoArredondamento<>\"TransfereGOV\",\n              ROUND(OFFSET($P43,0,BP$13),15-13*ORÇAMENTO!$AF$7)/$H43*OFFSET(ORÇAMENTO!$X$15,ROW(BP43)-ROW(BP$15),0),\n              ROUND(ROUND(OFFSET($P43,0,BP$13),15-13*ORÇAMENTO!$AF$7)*OFFSET(ORÇAMENTO!$W$15,ROW(BP43)-ROW(BP$15),0),15-13*ORÇAMENTO!$AF$11)),\n         0)","v":0},{"$f":"IF(AND($D43=\"Serviço\",BQ$12<>0,$H43>0,OR(AUTOEVENTO<>\"manual\",$M43<>$A$15)),\n        IF(Import.TipoArredondamento<>\"TransfereGOV\",\n              ROUND(OFFSET($P43,0,BQ$13),15-13*ORÇAMENTO!$AF$7)/$H43*OFFSET(ORÇAMENTO!$X$15,ROW(BQ43)-ROW(BQ$15),0),\n              ROUND(ROUND(OFFSET($P43,0,BQ$13),15-13*ORÇAMENTO!$AF$7)*OFFSET(ORÇAMENTO!$W$15,ROW(BQ43)-ROW(BQ$15),0),15-13*ORÇAMENTO!$AF$11)),\n         0)","v":0},null,{"$f":"IF(OR($D43<>\"Serviço\",AND(AUTOEVENTO=\"Manual\",$M43=$A$15)),0,\n         IF(OFFSET(CRONOPLE!$F$15,$M43-$A$15,BS$13)=0,10^12,OFFSET(CRONOPLE!$F$15,$M43-$A$15,BS$13)))","v":2},{"$f":"IF(OR($D43<>\"Serviço\",AND(AUTOEVENTO=\"Manual\",$M43=$A$15)),0,\n         IF(OFFSET(CRONOPLE!$F$15,$M43-$A$15,BT$13)=0,10^12,OFFSET(CRONOPLE!$F$15,$M43-$A$15,BT$13)))","v":2},{"$f":"IF(OR($D43<>\"Serviço\",AND(AUTOEVENTO=\"Manual\",$M43=$A$15)),0,\n         IF(OFFSET(CRONOPLE!$F$15,$M43-$A$15,BU$13)=0,10^12,OFFSET(CRONOPLE!$F$15,$M43-$A$15,BU$13)))","v":2},{"$f":"IF(OR($D43<>\"Serviço\",AND(AUTOEVENTO=\"Manual\",$M43=$A$15)),0,\n         IF(OFFSET(CRONOPLE!$F$15,$M43-$A$15,BV$13)=0,10^12,OFFSET(CRONOPLE!$F$15,$M43-$A$15,BV$13)))","v":2},{"$f":"IF(OR($D43<>\"Serviço\",AND(AUTOEVENTO=\"Manual\",$M43=$A$15)),0,\n         IF(OFFSET(CRONOPLE!$F$15,$M43-$A$15,BW$13)=0,10^12,OFFSET(CRONOPLE!$F$15,$M43-$A$15,BW$13)))","v":2},{"$f":"IF(OR($D43<>\"Serviço\",AND(AUTOEVENTO=\"Manual\",$M43=$A$15)),0,\n         IF(OFFSET(CRONOPLE!$F$15,$M43-$A$15,BX$13)=0,10^12,OFFSET(CRONOPLE!$F$15,$M43-$A$15,BX$13)))","v":2},{"$f":"IF(OR($D43<>\"Serviço\",AND(AUTOEVENTO=\"Manual\",$M43=$A$15)),0,\n         IF(OFFSET(CRONOPLE!$F$15,$M43-$A$15,BY$13)=0,10^12,OFFSET(CRONOPLE!$F$15,$M43-$A$15,BY$13)))","v":2},{"$f":"IF(OR($D43<>\"Serviço\",AND(AUTOEVENTO=\"Manual\",$M43=$A$15)),0,\n         IF(OFFSET(CRONOPLE!$F$15,$M43-$A$15,BZ$13)=0,10^12,OFFSET(CRONOPLE!$F$15,$M43-$A$15,BZ$13)))","v":8},{"$f":"IF(OR($D43<>\"Serviço\",AND(AUTOEVENTO=\"Manual\",$M43=$A$15)),0,\n         IF(OFFSET(CRONOPLE!$F$15,$M43-$A$15,CA$13)=0,10^12,OFFSET(CRONOPLE!$F$15,$M43-$A$15,CA$13)))","v":8},{"$f":"IF(OR($D43<>\"Serviço\",AND(AUTOEVENTO=\"Manual\",$M43=$A$15)),0,\n         IF(OFFSET(CRONOPLE!$F$15,$M43-$A$15,CB$13)=0,10^12,OFFSET(CRONOPLE!$F$15,$M43-$A$15,CB$13)))","v":8},{"$f":"IF(OR($D43<>\"Serviço\",AND(AUTOEVENTO=\"Manual\",$M43=$A$15)),0,\n         IF(OFFSET(CRONOPLE!$F$15,$M43-$A$15,CC$13)=0,10^12,OFFSET(CRONOPLE!$F$15,$M43-$A$15,CC$13)))","v":14},{"$f":"IF(OR($D43<>\"Serviço\",AND(AUTOEVENTO=\"Manual\",$M43=$A$15)),0,\n         IF(OFFSET(CRONOPLE!$F$15,$M43-$A$15,CD$13)=0,10^12,OFFSET(CRONOPLE!$F$15,$M43-$A$15,CD$13)))","v":14},{"$f":"IF(OR($D43<>\"Serviço\",AND(AUTOEVENTO=\"Manual\",$M43=$A$15)),0,\n         IF(OFFSET(CRONOPLE!$F$15,$M43-$A$15,CE$13)=0,10^12,OFFSET(CRONOPLE!$F$15,$M43-$A$15,CE$13)))","v":14},{"$f":"IF(OR($D43<>\"Serviço\",AND(AUTOEVENTO=\"Manual\",$M43=$A$15)),0,\n         IF(OFFSET(CRONOPLE!$F$15,$M43-$A$15,CF$13)=0,10^12,OFFSET(CRONOPLE!$F$15,$M43-$A$15,CF$13)))","v":14},{"$f":"IF(OR($D43<>\"Serviço\",AND(AUTOEVENTO=\"Manual\",$M43=$A$15)),0,\n         IF(OFFSET(CRONOPLE!$F$15,$M43-$A$15,CG$13)=0,10^12,OFFSET(CRONOPLE!$F$15,$M43-$A$15,CG$13)))","v":14},{"$f":"IF(OR($D43<>\"Serviço\",AND(AUTOEVENTO=\"Manual\",$M43=$A$15)),0,\n         IF(OFFSET(CRONOPLE!$F$15,$M43-$A$15,CH$13)=0,10^12,OFFSET(CRONOPLE!$F$15,$M43-$A$15,CH$13)))","v":20},{"$f":"IF(OR($D43<>\"Serviço\",AND(AUTOEVENTO=\"Manual\",$M43=$A$15)),0,\n         IF(OFFSET(CRONOPLE!$F$15,$M43-$A$15,CI$13)=0,10^12,OFFSET(CRONOPLE!$F$15,$M43-$A$15,CI$13)))","v":20},{"$f":"IF(OR($D43<>\"Serviço\",AND(AUTOEVENTO=\"Manual\",$M43=$A$15)),0,\n         IF(OFFSET(CRONOPLE!$F$15,$M43-$A$15,CJ$13)=0,10^12,OFFSET(CRONOPLE!$F$15,$M43-$A$15,CJ$13)))","v":20},{"$f":"IF(OR($D43<>\"Serviço\",AND(AUTOEVENTO=\"Manual\",$M43=$A$15)),0,\n         IF(OFFSET(CRONOPLE!$F$15,$M43-$A$15,CK$13)=0,10^12,OFFSET(CRONOPLE!$F$15,$M43-$A$15,CK$13)))","v":20},{"$f":"IF(OR($D43<>\"Serviço\",AND(AUTOEVENTO=\"Manual\",$M43=$A$15)),0,\n         IF(OFFSET(CRONOPLE!$F$15,$M43-$A$15,CL$13)=0,10^12,OFFSET(CRONOPLE!$F$15,$M43-$A$15,CL$13)))","v":20},{"$f":"IF(OR($D43<>\"Serviço\",AND(AUTOEVENTO=\"Manual\",$M43=$A$15)),0,\n         IF(OFFSET(CRONOPLE!$F$15,$M43-$A$15,CM$13)=0,10^12,OFFSET(CRONOPLE!$F$15,$M43-$A$15,CM$13)))","v":1000000000000},{"$f":"IF(OR($D43<>\"Serviço\",AND(AUTOEVENTO=\"Manual\",$M43=$A$15)),0,\n         IF(OFFSET(CRONOPLE!$F$15,$M43-$A$15,CN$13)=0,10^12,OFFSET(CRONOPLE!$F$15,$M43-$A$15,CN$13)))","v":1000000000000},{"$f":"IF(OR($D43<>\"Serviço\",AND(AUTOEVENTO=\"Manual\",$M43=$A$15)),0,\n         IF(OFFSET(CRONOPLE!$F$15,$M43-$A$15,CO$13)=0,10^12,OFFSET(CRONOPLE!$F$15,$M43-$A$15,CO$13)))","v":1000000000000},{"$f":"IF(OR($D43<>\"Serviço\",AND(AUTOEVENTO=\"Manual\",$M43=$A$15)),0,\n         IF(OFFSET(CRONOPLE!$F$15,$M43-$A$15,CP$13)=0,10^12,OFFSET(CRONOPLE!$F$15,$M43-$A$15,CP$13)))","v":1000000000000},{"$f":"IF(OR($D43<>\"Serviço\",AND(AUTOEVENTO=\"Manual\",$M43=$A$15)),0,\n         IF(OFFSET(CRONOPLE!$F$15,$M43-$A$15,CQ$13)=0,10^12,OFFSET(CRONOPLE!$F$15,$M43-$A$15,CQ$13)))","v":1000000000000},{"$f":"IF(OR($D43<>\"Serviço\",AND(AUTOEVENTO=\"Manual\",$M43=$A$15)),0,\n         IF(OFFSET(CRONOPLE!$F$15,$M43-$A$15,CR$13)=0,10^12,OFFSET(CRONOPLE!$F$15,$M43-$A$15,CR$13)))","v":1000000000000},null,{"$f":"IF(OR($D43<>\"Serviço\",AND(AUTOEVENTO=\"Manual\",$M43=$A$15),$M43>(ROW(PLE.lastrow)-ROW(PLE.firstrow))),0,\n           IF(OFFSET(PLE!$G$15,$M43-$A$15,CT$13)=\"\",10^12,OFFSET(PLE!$G$15,$M43-$A$15,CT$13)))","v":1000000000000},{"$f":"IF(OR($D43<>\"Serviço\",AND(AUTOEVENTO=\"Manual\",$M43=$A$15),$M43>(ROW(PLE.lastrow)-ROW(PLE.firstrow))),0,\n           IF(OFFSET(PLE!$G$15,$M43-$A$15,CU$13)=\"\",10^12,OFFSET(PLE!$G$15,$M43-$A$15,CU$13)))","v":1000000000000},{"$f":"IF(OR($D43<>\"Serviço\",AND(AUTOEVENTO=\"Manual\",$M43=$A$15),$M43>(ROW(PLE.lastrow)-ROW(PLE.firstrow))),0,\n           IF(OFFSET(PLE!$G$15,$M43-$A$15,CV$13)=\"\",10^12,OFFSET(PLE!$G$15,$M43-$A$15,CV$13)))","v":1000000000000},{"$f":"IF(OR($D43<>\"Serviço\",AND(AUTOEVENTO=\"Manual\",$M43=$A$15),$M43>(ROW(PLE.lastrow)-ROW(PLE.firstrow))),0,\n           IF(OFFSET(PLE!$G$15,$M43-$A$15,CW$13)=\"\",10^12,OFFSET(PLE!$G$15,$M43-$A$15,CW$13)))","v":1000000000000},{"$f":"IF(OR($D43<>\"Serviço\",AND(AUTOEVENTO=\"Manual\",$M43=$A$15),$M43>(ROW(PLE.lastrow)-ROW(PLE.firstrow))),0,\n           IF(OFFSET(PLE!$G$15,$M43-$A$15,CX$13)=\"\",10^12,OFFSET(PLE!$G$15,$M43-$A$15,CX$13)))","v":1000000000000},{"$f":"IF(OR($D43<>\"Serviço\",AND(AUTOEVENTO=\"Manual\",$M43=$A$15),$M43>(ROW(PLE.lastrow)-ROW(PLE.firstrow))),0,\n           IF(OFFSET(PLE!$G$15,$M43-$A$15,CY$13)=\"\",10^12,OFFSET(PLE!$G$15,$M43-$A$15,CY$13)))","v":1000000000000},{"$f":"IF(OR($D43<>\"Serviço\",AND(AUTOEVENTO=\"Manual\",$M43=$A$15),$M43>(ROW(PLE.lastrow)-ROW(PLE.firstrow))),0,\n           IF(OFFSET(PLE!$G$15,$M43-$A$15,CZ$13)=\"\",10^12,OFFSET(PLE!$G$15,$M43-$A$15,CZ$13)))","v":1000000000000},{"$f":"IF(OR($D43<>\"Serviço\",AND(AUTOEVENTO=\"Manual\",$M43=$A$15),$M43>(ROW(PLE.lastrow)-ROW(PLE.firstrow))),0,\n           IF(OFFSET(PLE!$G$15,$M43-$A$15,DA$13)=\"\",10^12,OFFSET(PLE!$G$15,$M43-$A$15,DA$13)))","v":1000000000000},{"$f":"IF(OR($D43<>\"Serviço\",AND(AUTOEVENTO=\"Manual\",$M43=$A$15),$M43>(ROW(PLE.lastrow)-ROW(PLE.firstrow))),0,\n           IF(OFFSET(PLE!$G$15,$M43-$A$15,DB$13)=\"\",10^12,OFFSET(PLE!$G$15,$M43-$A$15,DB$13)))","v":1000000000000},{"$f":"IF(OR($D43<>\"Serviço\",AND(AUTOEVENTO=\"Manual\",$M43=$A$15),$M43>(ROW(PLE.lastrow)-ROW(PLE.firstrow))),0,\n           IF(OFFSET(PLE!$G$15,$M43-$A$15,DC$13)=\"\",10^12,OFFSET(PLE!$G$15,$M43-$A$15,DC$13)))","v":1000000000000},{"$f":"IF(OR($D43<>\"Serviço\",AND(AUTOEVENTO=\"Manual\",$M43=$A$15),$M43>(ROW(PLE.lastrow)-ROW(PLE.firstrow))),0,\n           IF(OFFSET(PLE!$G$15,$M43-$A$15,DD$13)=\"\",10^12,OFFSET(PLE!$G$15,$M43-$A$15,DD$13)))","v":1000000000000},{"$f":"IF(OR($D43<>\"Serviço\",AND(AUTOEVENTO=\"Manual\",$M43=$A$15),$M43>(ROW(PLE.lastrow)-ROW(PLE.firstrow))),0,\n           IF(OFFSET(PLE!$G$15,$M43-$A$15,DE$13)=\"\",10^12,OFFSET(PLE!$G$15,$M43-$A$15,DE$13)))","v":1000000000000},{"$f":"IF(OR($D43<>\"Serviço\",AND(AUTOEVENTO=\"Manual\",$M43=$A$15),$M43>(ROW(PLE.lastrow)-ROW(PLE.firstrow))),0,\n           IF(OFFSET(PLE!$G$15,$M43-$A$15,DF$13)=\"\",10^12,OFFSET(PLE!$G$15,$M43-$A$15,DF$13)))","v":1000000000000},{"$f":"IF(OR($D43<>\"Serviço\",AND(AUTOEVENTO=\"Manual\",$M43=$A$15),$M43>(ROW(PLE.lastrow)-ROW(PLE.firstrow))),0,\n           IF(OFFSET(PLE!$G$15,$M43-$A$15,DG$13)=\"\",10^12,OFFSET(PLE!$G$15,$M43-$A$15,DG$13)))","v":1000000000000},{"$f":"IF(OR($D43<>\"Serviço\",AND(AUTOEVENTO=\"Manual\",$M43=$A$15),$M43>(ROW(PLE.lastrow)-ROW(PLE.firstrow))),0,\n           IF(OFFSET(PLE!$G$15,$M43-$A$15,DH$13)=\"\",10^12,OFFSET(PLE!$G$15,$M43-$A$15,DH$13)))","v":1000000000000},{"$f":"IF(OR($D43<>\"Serviço\",AND(AUTOEVENTO=\"Manual\",$M43=$A$15),$M43>(ROW(PLE.lastrow)-ROW(PLE.firstrow))),0,\n           IF(OFFSET(PLE!$G$15,$M43-$A$15,DI$13)=\"\",10^12,OFFSET(PLE!$G$15,$M43-$A$15,DI$13)))","v":1000000000000},{"$f":"IF(OR($D43<>\"Serviço\",AND(AUTOEVENTO=\"Manual\",$M43=$A$15),$M43>(ROW(PLE.lastrow)-ROW(PLE.firstrow))),0,\n           IF(OFFSET(PLE!$G$15,$M43-$A$15,DJ$13)=\"\",10^12,OFFSET(PLE!$G$15,$M43-$A$15,DJ$13)))","v":1000000000000},{"$f":"IF(OR($D43<>\"Serviço\",AND(AUTOEVENTO=\"Manual\",$M43=$A$15),$M43>(ROW(PLE.lastrow)-ROW(PLE.firstrow))),0,\n           IF(OFFSET(PLE!$G$15,$M43-$A$15,DK$13)=\"\",10^12,OFFSET(PLE!$G$15,$M43-$A$15,DK$13)))","v":1000000000000},{"$f":"IF(OR($D43<>\"Serviço\",AND(AUTOEVENTO=\"Manual\",$M43=$A$15),$M43>(ROW(PLE.lastrow)-ROW(PLE.firstrow))),0,\n           IF(OFFSET(PLE!$G$15,$M43-$A$15,DL$13)=\"\",10^12,OFFSET(PLE!$G$15,$M43-$A$15,DL$13)))","v":1000000000000},{"$f":"IF(OR($D43<>\"Serviço\",AND(AUTOEVENTO=\"Manual\",$M43=$A$15),$M43>(ROW(PLE.lastrow)-ROW(PLE.firstrow))),0,\n           IF(OFFSET(PLE!$G$15,$M43-$A$15,DM$13)=\"\",10^12,OFFSET(PLE!$G$15,$M43-$A$15,DM$13)))","v":1000000000000},{"$f":"IF(OR($D43<>\"Serviço\",AND(AUTOEVENTO=\"Manual\",$M43=$A$15),$M43>(ROW(PLE.lastrow)-ROW(PLE.firstrow))),0,\n           IF(OFFSET(PLE!$G$15,$M43-$A$15,DN$13)=\"\",10^12,OFFSET(PLE!$G$15,$M43-$A$15,DN$13)))","v":1000000000000},{"$f":"IF(OR($D43<>\"Serviço\",AND(AUTOEVENTO=\"Manual\",$M43=$A$15),$M43>(ROW(PLE.lastrow)-ROW(PLE.firstrow))),0,\n           IF(OFFSET(PLE!$G$15,$M43-$A$15,DO$13)=\"\",10^12,OFFSET(PLE!$G$15,$M43-$A$15,DO$13)))","v":1000000000000},{"$f":"IF(OR($D43<>\"Serviço\",AND(AUTOEVENTO=\"Manual\",$M43=$A$15),$M43>(ROW(PLE.lastrow)-ROW(PLE.firstrow))),0,\n           IF(OFFSET(PLE!$G$15,$M43-$A$15,DP$13)=\"\",10^12,OFFSET(PLE!$G$15,$M43-$A$15,DP$13)))","v":1000000000000},{"$f":"IF(OR($D43<>\"Serviço\",AND(AUTOEVENTO=\"Manual\",$M43=$A$15),$M43>(ROW(PLE.lastrow)-ROW(PLE.firstrow))),0,\n           IF(OFFSET(PLE!$G$15,$M43-$A$15,DQ$13)=\"\",10^12,OFFSET(PLE!$G$15,$M43-$A$15,DQ$13)))","v":1000000000000},{"$f":"IF(OR($D43<>\"Serviço\",AND(AUTOEVENTO=\"Manual\",$M43=$A$15),$M43>(ROW(PLE.lastrow)-ROW(PLE.firstrow))),0,\n           IF(OFFSET(PLE!$G$15,$M43-$A$15,DR$13)=\"\",10^12,OFFSET(PLE!$G$15,$M43-$A$15,DR$13)))","v":1000000000000},{"$f":"IF(OR($D43<>\"Serviço\",AND(AUTOEVENTO=\"Manual\",$M43=$A$15),$M43>(ROW(PLE.lastrow)-ROW(PLE.firstrow))),0,\n           IF(OFFSET(PLE!$G$15,$M43-$A$15,DS$13)=\"\",10^12,OFFSET(PLE!$G$15,$M43-$A$15,DS$13)))","v":1000000000000}]
["27",{"$f":"OFFSET(ORÇAMENTO!C$15,$L44,0)","v":"S"},{"$f":"OFFSET(ORÇAMENTO!L$15,$L44,0)","v":"F"},{"$f":"OFFSET(ORÇAMENTO!N$15,$L44,0)","v":"Serviço"},{"$f":"OFFSET(ORÇAMENTO!O$15,$L44,0)","v":"1.3.1.3.2."},{"$f":"OFFSET(ORÇAMENTO!R$15,$L44,0)","v":"IMPERMEABILIZAÇÃO DE SUPERFÍCIE COM ARGAMASSA DE CIMENTO E AREIA, COM ADITIVO IMPERMEABILIZANTE, E = 1,5CM. AF_09/2023"},{"$f":"IF($D44<>\"Serviço\",\"\",OFFSET(ORÇAMENTO!S$15,$L44,0))","v":"M2"},{"$f":"IF($D44<>\"Serviço\",0,IF(ACOMPANHAMENTO=\"BM\",ROUND(OFFSET(ORÇAMENTO!AJ$15,$L44,0),15-13*ORÇAMENTO!$AF$7),IF(IFERROR(CÁLCULO.FrentesPreenchidas,0)=0,0,SUM(ROUND(OFFSET($P44,0,1,1,CÁLCULO.FrentesPreenchidas),15-13*ORÇAMENTO!$AF$7)))))","v":169.75},"Conforme modelo disponibilizado pela CAIXA",{"$f":"IF(OR(B44<>\"S\",CÁLCULO.FrentesPreenchidas=0),\"\",IF(AND(ACOMPANHAMENTO=\"PLE\",AUTOEVENTO=\"Manual\",OR(H44>0,ORÇAMENTO!AC44=\"QUANT.\"),OR(K44=\"\",M44=0,N44=\"\")),\"►E\",IF(AND(ACOMPANHAMENTO=\"PLE\",ORÇAMENTO!AC44=\"QUANT.\"),\"►Q\",IF(AND(ACOMPANHAMENTO=\"PLE\",H44<>SUMPRODUCT(($Q$1:$AQ$1=1)*ROUND(Q44:AQ44,15))),\"►S\",IF(AND(COUNTIF($P$11:$AQ$11,\"▼\")=0,H44>0,I44=\"\"),\"◄M\",\"\")))))","v":""},"5. IMPERMEABILIZAÇÃO",29,{"$f":"IF($D44<>\"Serviço\",\"\",\n          IF(AUTOEVENTO=\"manual\",$A44,\n                IF(ISERROR(MATCH($A44,$A$15:OFFSET($A44,-1,0),0)),MAX($M$15:OFFSET(M44,-1,0))+1,\n                      INDEX($M$15:OFFSET(M44,-1,0),MATCH($A44,$A$15:OFFSET($A44,-1,0),0)))))","v":5},{"$f":"IF($D44<>\"Serviço\",\"\",\n         IF(AUTOEVENTO=\"Manual\",\n                IF($A44=0,\"<-- defina o número do agrupador\",\n                       OFFSET(EVENTOS!$D$15,$A44-$A$15,0)),\n                OFFSET($F$15,$A44,0)))","v":"IMPERMEABILIZAÇÃO"},null,null,33.950000000000003,33.950000000000003,33.950000000000003,33.950000000000003,33.950000000000003,null,null,null,null,null,null,null,null,null,null,null,null,null,null,null,null,null,null,null,null,null,null,{"$f":"IF(AND($D44=\"Serviço\",AR$12<>0,$H44>0,OR(AUTOEVENTO<>\"manual\",$M44<>$A$15)),\n        IF(Import.TipoArredondamento<>\"TransfereGOV\",\n              ROUND(OFFSET($P44,0,AR$13),15-13*ORÇAMENTO!$AF$7)/$H44*OFFSET(ORÇAMENTO!$X$15,ROW(AR44)-ROW(AR$15),0),\n              ROUND(ROUND(OFFSET($P44,0,AR$13),15-13*ORÇAMENTO!$AF$7)*OFFSET(ORÇAMENTO!$W$15,ROW(AR44)-ROW(AR$15),0),15-13*ORÇAMENTO!$AF$11)),\n         0)","v":2082.4899999999998},{"$f":"IF(AND($D44=\"Serviço\",AS$12<>0,$H44>0,OR(AUTOEVENTO<>\"manual\",$M44<>$A$15)),\n        IF(Import.TipoArredondamento<>\"TransfereGOV\",\n              ROUND(OFFSET($P44,0,AS$13),15-13*ORÇAMENTO!$AF$7)/$H44*OFFSET(ORÇAMENTO!$X$15,ROW(AS44)-ROW(AS$15),0),\n              ROUND(ROUND(OFFSET($P44,0,AS$13),15-13*ORÇAMENTO!$AF$7)*OFFSET(ORÇAMENTO!$W$15,ROW(AS44)-ROW(AS$15),0),15-13*ORÇAMENTO!$AF$11)),\n         0)","v":2082.4899999999998},{"$f":"IF(AND($D44=\"Serviço\",AT$12<>0,$H44>0,OR(AUTOEVENTO<>\"manual\",$M44<>$A$15)),\n        IF(Import.TipoArredondamento<>\"TransfereGOV\",\n              ROUND(OFFSET($P44,0,AT$13),15-13*ORÇAMENTO!$AF$7)/$H44*OFFSET(ORÇAMENTO!$X$15,ROW(AT44)-ROW(AT$15),0),\n              ROUND(ROUND(OFFSET($P44,0,AT$13),15-13*ORÇAMENTO!$AF$7)*OFFSET(ORÇAMENTO!$W$15,ROW(AT44)-ROW(AT$15),0),15-13*ORÇAMENTO!$AF$11)),\n         0)","v":2082.4899999999998},{"$f":"IF(AND($D44=\"Serviço\",AU$12<>0,$H44>0,OR(AUTOEVENTO<>\"manual\",$M44<>$A$15)),\n        IF(Import.TipoArredondamento<>\"TransfereGOV\",\n              ROUND(OFFSET($P44,0,AU$13),15-13*ORÇAMENTO!$AF$7)/$H44*OFFSET(ORÇAMENTO!$X$15,ROW(AU44)-ROW(AU$15),0),\n              ROUND(ROUND(OFFSET($P44,0,AU$13),15-13*ORÇAMENTO!$AF$7)*OFFSET(ORÇAMENTO!$W$15,ROW(AU44)-ROW(AU$15),0),15-13*ORÇAMENTO!$AF$11)),\n         0)","v":2082.4899999999998},{"$f":"IF(AND($D44=\"Serviço\",AV$12<>0,$H44>0,OR(AUTOEVENTO<>\"manual\",$M44<>$A$15)),\n        IF(Import.TipoArredondamento<>\"TransfereGOV\",\n              ROUND(OFFSET($P44,0,AV$13),15-13*ORÇAMENTO!$AF$7)/$H44*OFFSET(ORÇAMENTO!$X$15,ROW(AV44)-ROW(AV$15),0),\n              ROUND(ROUND(OFFSET($P44,0,AV$13),15-13*ORÇAMENTO!$AF$7)*OFFSET(ORÇAMENTO!$W$15,ROW(AV44)-ROW(AV$15),0),15-13*ORÇAMENTO!$AF$11)),\n         0)","v":2082.4899999999998},{"$f":"IF(AND($D44=\"Serviço\",AW$12<>0,$H44>0,OR(AUTOEVENTO<>\"manual\",$M44<>$A$15)),\n        IF(Import.TipoArredondamento<>\"TransfereGOV\",\n              ROUND(OFFSET($P44,0,AW$13),15-13*ORÇAMENTO!$AF$7)/$H44*OFFSET(ORÇAMENTO!$X$15,ROW(AW44)-ROW(AW$15),0),\n              ROUND(ROUND(OFFSET($P44,0,AW$13),15-13*ORÇAMENTO!$AF$7)*OFFSET(ORÇAMENTO!$W$15,ROW(AW44)-ROW(AW$15),0),15-13*ORÇAMENTO!$AF$11)),\n         0)","v":0},{"$f":"IF(AND($D44=\"Serviço\",AX$12<>0,$H44>0,OR(AUTOEVENTO<>\"manual\",$M44<>$A$15)),\n        IF(Import.TipoArredondamento<>\"TransfereGOV\",\n              ROUND(OFFSET($P44,0,AX$13),15-13*ORÇAMENTO!$AF$7)/$H44*OFFSET(ORÇAMENTO!$X$15,ROW(AX44)-ROW(AX$15),0),\n              ROUND(ROUND(OFFSET($P44,0,AX$13),15-13*ORÇAMENTO!$AF$7)*OFFSET(ORÇAMENTO!$W$15,ROW(AX44)-ROW(AX$15),0),15-13*ORÇAMENTO!$AF$11)),\n         0)","v":0},{"$f":"IF(AND($D44=\"Serviço\",AY$12<>0,$H44>0,OR(AUTOEVENTO<>\"manual\",$M44<>$A$15)),\n        IF(Import.TipoArredondamento<>\"TransfereGOV\",\n              ROUND(OFFSET($P44,0,AY$13),15-13*ORÇAMENTO!$AF$7)/$H44*OFFSET(ORÇAMENTO!$X$15,ROW(AY44)-ROW(AY$15),0),\n              ROUND(ROUND(OFFSET($P44,0,AY$13),15-13*ORÇAMENTO!$AF$7)*OFFSET(ORÇAMENTO!$W$15,ROW(AY44)-ROW(AY$15),0),15-13*ORÇAMENTO!$AF$11)),\n         0)","v":0},{"$f":"IF(AND($D44=\"Serviço\",AZ$12<>0,$H44>0,OR(AUTOEVENTO<>\"manual\",$M44<>$A$15)),\n        IF(Import.TipoArredondamento<>\"TransfereGOV\",\n              ROUND(OFFSET($P44,0,AZ$13),15-13*ORÇAMENTO!$AF$7)/$H44*OFFSET(ORÇAMENTO!$X$15,ROW(AZ44)-ROW(AZ$15),0),\n              ROUND(ROUND(OFFSET($P44,0,AZ$13),15-13*ORÇAMENTO!$AF$7)*OFFSET(ORÇAMENTO!$W$15,ROW(AZ44)-ROW(AZ$15),0),15-13*ORÇAMENTO!$AF$11)),\n         0)","v":0},{"$f":"IF(AND($D44=\"Serviço\",BA$12<>0,$H44>0,OR(AUTOEVENTO<>\"manual\",$M44<>$A$15)),\n        IF(Import.TipoArredondamento<>\"TransfereGOV\",\n              ROUND(OFFSET($P44,0,BA$13),15-13*ORÇAMENTO!$AF$7)/$H44*OFFSET(ORÇAMENTO!$X$15,ROW(BA44)-ROW(BA$15),0),\n              ROUND(ROUND(OFFSET($P44,0,BA$13),15-13*ORÇAMENTO!$AF$7)*OFFSET(ORÇAMENTO!$W$15,ROW(BA44)-ROW(BA$15),0),15-13*ORÇAMENTO!$AF$11)),\n         0)","v":0},{"$f":"IF(AND($D44=\"Serviço\",BB$12<>0,$H44>0,OR(AUTOEVENTO<>\"manual\",$M44<>$A$15)),\n        IF(Import.TipoArredondamento<>\"TransfereGOV\",\n              ROUND(OFFSET($P44,0,BB$13),15-13*ORÇAMENTO!$AF$7)/$H44*OFFSET(ORÇAMENTO!$X$15,ROW(BB44)-ROW(BB$15),0),\n              ROUND(ROUND(OFFSET($P44,0,BB$13),15-13*ORÇAMENTO!$AF$7)*OFFSET(ORÇAMENTO!$W$15,ROW(BB44)-ROW(BB$15),0),15-13*ORÇAMENTO!$AF$11)),\n         0)","v":0},{"$f":"IF(AND($D44=\"Serviço\",BC$12<>0,$H44>0,OR(AUTOEVENTO<>\"manual\",$M44<>$A$15)),\n        IF(Import.TipoArredondamento<>\"TransfereGOV\",\n              ROUND(OFFSET($P44,0,BC$13),15-13*ORÇAMENTO!$AF$7)/$H44*OFFSET(ORÇAMENTO!$X$15,ROW(BC44)-ROW(BC$15),0),\n              ROUND(ROUND(OFFSET($P44,0,BC$13),15-13*ORÇAMENTO!$AF$7)*OFFSET(ORÇAMENTO!$W$15,ROW(BC44)-ROW(BC$15),0),15-13*ORÇAMENTO!$AF$11)),\n         0)","v":0},{"$f":"IF(AND($D44=\"Serviço\",BD$12<>0,$H44>0,OR(AUTOEVENTO<>\"manual\",$M44<>$A$15)),\n        IF(Import.TipoArredondamento<>\"TransfereGOV\",\n              ROUND(OFFSET($P44,0,BD$13),15-13*ORÇAMENTO!$AF$7)/$H44*OFFSET(ORÇAMENTO!$X$15,ROW(BD44)-ROW(BD$15),0),\n              ROUND(ROUND(OFFSET($P44,0,BD$13),15-13*ORÇAMENTO!$AF$7)*OFFSET(ORÇAMENTO!$W$15,ROW(BD44)-ROW(BD$15),0),15-13*ORÇAMENTO!$AF$11)),\n         0)","v":0},{"$f":"IF(AND($D44=\"Serviço\",BE$12<>0,$H44>0,OR(AUTOEVENTO<>\"manual\",$M44<>$A$15)),\n        IF(Import.TipoArredondamento<>\"TransfereGOV\",\n              ROUND(OFFSET($P44,0,BE$13),15-13*ORÇAMENTO!$AF$7)/$H44*OFFSET(ORÇAMENTO!$X$15,ROW(BE44)-ROW(BE$15),0),\n              ROUND(ROUND(OFFSET($P44,0,BE$13),15-13*ORÇAMENTO!$AF$7)*OFFSET(ORÇAMENTO!$W$15,ROW(BE44)-ROW(BE$15),0),15-13*ORÇAMENTO!$AF$11)),\n         0)","v":0},{"$f":"IF(AND($D44=\"Serviço\",BF$12<>0,$H44>0,OR(AUTOEVENTO<>\"manual\",$M44<>$A$15)),\n        IF(Import.TipoArredondamento<>\"TransfereGOV\",\n              ROUND(OFFSET($P44,0,BF$13),15-13*ORÇAMENTO!$AF$7)/$H44*OFFSET(ORÇAMENTO!$X$15,ROW(BF44)-ROW(BF$15),0),\n              ROUND(ROUND(OFFSET($P44,0,BF$13),15-13*ORÇAMENTO!$AF$7)*OFFSET(ORÇAMENTO!$W$15,ROW(BF44)-ROW(BF$15),0),15-13*ORÇAMENTO!$AF$11)),\n         0)","v":0},{"$f":"IF(AND($D44=\"Serviço\",BG$12<>0,$H44>0,OR(AUTOEVENTO<>\"manual\",$M44<>$A$15)),\n        IF(Import.TipoArredondamento<>\"TransfereGOV\",\n              ROUND(OFFSET($P44,0,BG$13),15-13*ORÇAMENTO!$AF$7)/$H44*OFFSET(ORÇAMENTO!$X$15,ROW(BG44)-ROW(BG$15),0),\n              ROUND(ROUND(OFFSET($P44,0,BG$13),15-13*ORÇAMENTO!$AF$7)*OFFSET(ORÇAMENTO!$W$15,ROW(BG44)-ROW(BG$15),0),15-13*ORÇAMENTO!$AF$11)),\n         0)","v":0},{"$f":"IF(AND($D44=\"Serviço\",BH$12<>0,$H44>0,OR(AUTOEVENTO<>\"manual\",$M44<>$A$15)),\n        IF(Import.TipoArredondamento<>\"TransfereGOV\",\n              ROUND(OFFSET($P44,0,BH$13),15-13*ORÇAMENTO!$AF$7)/$H44*OFFSET(ORÇAMENTO!$X$15,ROW(BH44)-ROW(BH$15),0),\n              ROUND(ROUND(OFFSET($P44,0,BH$13),15-13*ORÇAMENTO!$AF$7)*OFFSET(ORÇAMENTO!$W$15,ROW(BH44)-ROW(BH$15),0),15-13*ORÇAMENTO!$AF$11)),\n         0)","v":0},{"$f":"IF(AND($D44=\"Serviço\",BI$12<>0,$H44>0,OR(AUTOEVENTO<>\"manual\",$M44<>$A$15)),\n        IF(Import.TipoArredondamento<>\"TransfereGOV\",\n              ROUND(OFFSET($P44,0,BI$13),15-13*ORÇAMENTO!$AF$7)/$H44*OFFSET(ORÇAMENTO!$X$15,ROW(BI44)-ROW(BI$15),0),\n              ROUND(ROUND(OFFSET($P44,0,BI$13),15-13*ORÇAMENTO!$AF$7)*OFFSET(ORÇAMENTO!$W$15,ROW(BI44)-ROW(BI$15),0),15-13*ORÇAMENTO!$AF$11)),\n         0)","v":0},{"$f":"IF(AND($D44=\"Serviço\",BJ$12<>0,$H44>0,OR(AUTOEVENTO<>\"manual\",$M44<>$A$15)),\n        IF(Import.TipoArredondamento<>\"TransfereGOV\",\n              ROUND(OFFSET($P44,0,BJ$13),15-13*ORÇAMENTO!$AF$7)/$H44*OFFSET(ORÇAMENTO!$X$15,ROW(BJ44)-ROW(BJ$15),0),\n              ROUND(ROUND(OFFSET($P44,0,BJ$13),15-13*ORÇAMENTO!$AF$7)*OFFSET(ORÇAMENTO!$W$15,ROW(BJ44)-ROW(BJ$15),0),15-13*ORÇAMENTO!$AF$11)),\n         0)","v":0},{"$f":"IF(AND($D44=\"Serviço\",BK$12<>0,$H44>0,OR(AUTOEVENTO<>\"manual\",$M44<>$A$15)),\n        IF(Import.TipoArredondamento<>\"TransfereGOV\",\n              ROUND(OFFSET($P44,0,BK$13),15-13*ORÇAMENTO!$AF$7)/$H44*OFFSET(ORÇAMENTO!$X$15,ROW(BK44)-ROW(BK$15),0),\n              ROUND(ROUND(OFFSET($P44,0,BK$13),15-13*ORÇAMENTO!$AF$7)*OFFSET(ORÇAMENTO!$W$15,ROW(BK44)-ROW(BK$15),0),15-13*ORÇAMENTO!$AF$11)),\n         0)","v":0},{"$f":"IF(AND($D44=\"Serviço\",BL$12<>0,$H44>0,OR(AUTOEVENTO<>\"manual\",$M44<>$A$15)),\n        IF(Import.TipoArredondamento<>\"TransfereGOV\",\n              ROUND(OFFSET($P44,0,BL$13),15-13*ORÇAMENTO!$AF$7)/$H44*OFFSET(ORÇAMENTO!$X$15,ROW(BL44)-ROW(BL$15),0),\n              ROUND(ROUND(OFFSET($P44,0,BL$13),15-13*ORÇAMENTO!$AF$7)*OFFSET(ORÇAMENTO!$W$15,ROW(BL44)-ROW(BL$15),0),15-13*ORÇAMENTO!$AF$11)),\n         0)","v":0},{"$f":"IF(AND($D44=\"Serviço\",BM$12<>0,$H44>0,OR(AUTOEVENTO<>\"manual\",$M44<>$A$15)),\n        IF(Import.TipoArredondamento<>\"TransfereGOV\",\n              ROUND(OFFSET($P44,0,BM$13),15-13*ORÇAMENTO!$AF$7)/$H44*OFFSET(ORÇAMENTO!$X$15,ROW(BM44)-ROW(BM$15),0),\n              ROUND(ROUND(OFFSET($P44,0,BM$13),15-13*ORÇAMENTO!$AF$7)*OFFSET(ORÇAMENTO!$W$15,ROW(BM44)-ROW(BM$15),0),15-13*ORÇAMENTO!$AF$11)),\n         0)","v":0},{"$f":"IF(AND($D44=\"Serviço\",BN$12<>0,$H44>0,OR(AUTOEVENTO<>\"manual\",$M44<>$A$15)),\n        IF(Import.TipoArredondamento<>\"TransfereGOV\",\n              ROUND(OFFSET($P44,0,BN$13),15-13*ORÇAMENTO!$AF$7)/$H44*OFFSET(ORÇAMENTO!$X$15,ROW(BN44)-ROW(BN$15),0),\n              ROUND(ROUND(OFFSET($P44,0,BN$13),15-13*ORÇAMENTO!$AF$7)*OFFSET(ORÇAMENTO!$W$15,ROW(BN44)-ROW(BN$15),0),15-13*ORÇAMENTO!$AF$11)),\n         0)","v":0},{"$f":"IF(AND($D44=\"Serviço\",BO$12<>0,$H44>0,OR(AUTOEVENTO<>\"manual\",$M44<>$A$15)),\n        IF(Import.TipoArredondamento<>\"TransfereGOV\",\n              ROUND(OFFSET($P44,0,BO$13),15-13*ORÇAMENTO!$AF$7)/$H44*OFFSET(ORÇAMENTO!$X$15,ROW(BO44)-ROW(BO$15),0),\n              ROUND(ROUND(OFFSET($P44,0,BO$13),15-13*ORÇAMENTO!$AF$7)*OFFSET(ORÇAMENTO!$W$15,ROW(BO44)-ROW(BO$15),0),15-13*ORÇAMENTO!$AF$11)),\n         0)","v":0},{"$f":"IF(AND($D44=\"Serviço\",BP$12<>0,$H44>0,OR(AUTOEVENTO<>\"manual\",$M44<>$A$15)),\n        IF(Import.TipoArredondamento<>\"TransfereGOV\",\n              ROUND(OFFSET($P44,0,BP$13),15-13*ORÇAMENTO!$AF$7)/$H44*OFFSET(ORÇAMENTO!$X$15,ROW(BP44)-ROW(BP$15),0),\n              ROUND(ROUND(OFFSET($P44,0,BP$13),15-13*ORÇAMENTO!$AF$7)*OFFSET(ORÇAMENTO!$W$15,ROW(BP44)-ROW(BP$15),0),15-13*ORÇAMENTO!$AF$11)),\n         0)","v":0},{"$f":"IF(AND($D44=\"Serviço\",BQ$12<>0,$H44>0,OR(AUTOEVENTO<>\"manual\",$M44<>$A$15)),\n        IF(Import.TipoArredondamento<>\"TransfereGOV\",\n              ROUND(OFFSET($P44,0,BQ$13),15-13*ORÇAMENTO!$AF$7)/$H44*OFFSET(ORÇAMENTO!$X$15,ROW(BQ44)-ROW(BQ$15),0),\n              ROUND(ROUND(OFFSET($P44,0,BQ$13),15-13*ORÇAMENTO!$AF$7)*OFFSET(ORÇAMENTO!$W$15,ROW(BQ44)-ROW(BQ$15),0),15-13*ORÇAMENTO!$AF$11)),\n         0)","v":0},null,{"$f":"IF(OR($D44<>\"Serviço\",AND(AUTOEVENTO=\"Manual\",$M44=$A$15)),0,\n         IF(OFFSET(CRONOPLE!$F$15,$M44-$A$15,BS$13)=0,10^12,OFFSET(CRONOPLE!$F$15,$M44-$A$15,BS$13)))","v":2},{"$f":"IF(OR($D44<>\"Serviço\",AND(AUTOEVENTO=\"Manual\",$M44=$A$15)),0,\n         IF(OFFSET(CRONOPLE!$F$15,$M44-$A$15,BT$13)=0,10^12,OFFSET(CRONOPLE!$F$15,$M44-$A$15,BT$13)))","v":2},{"$f":"IF(OR($D44<>\"Serviço\",AND(AUTOEVENTO=\"Manual\",$M44=$A$15)),0,\n         IF(OFFSET(CRONOPLE!$F$15,$M44-$A$15,BU$13)=0,10^12,OFFSET(CRONOPLE!$F$15,$M44-$A$15,BU$13)))","v":2},{"$f":"IF(OR($D44<>\"Serviço\",AND(AUTOEVENTO=\"Manual\",$M44=$A$15)),0,\n         IF(OFFSET(CRONOPLE!$F$15,$M44-$A$15,BV$13)=0,10^12,OFFSET(CRONOPLE!$F$15,$M44-$A$15,BV$13)))","v":2},{"$f":"IF(OR($D44<>\"Serviço\",AND(AUTOEVENTO=\"Manual\",$M44=$A$15)),0,\n         IF(OFFSET(CRONOPLE!$F$15,$M44-$A$15,BW$13)=0,10^12,OFFSET(CRONOPLE!$F$15,$M44-$A$15,BW$13)))","v":2},{"$f":"IF(OR($D44<>\"Serviço\",AND(AUTOEVENTO=\"Manual\",$M44=$A$15)),0,\n         IF(OFFSET(CRONOPLE!$F$15,$M44-$A$15,BX$13)=0,10^12,OFFSET(CRONOPLE!$F$15,$M44-$A$15,BX$13)))","v":2},{"$f":"IF(OR($D44<>\"Serviço\",AND(AUTOEVENTO=\"Manual\",$M44=$A$15)),0,\n         IF(OFFSET(CRONOPLE!$F$15,$M44-$A$15,BY$13)=0,10^12,OFFSET(CRONOPLE!$F$15,$M44-$A$15,BY$13)))","v":2},{"$f":"IF(OR($D44<>\"Serviço\",AND(AUTOEVENTO=\"Manual\",$M44=$A$15)),0,\n         IF(OFFSET(CRONOPLE!$F$15,$M44-$A$15,BZ$13)=0,10^12,OFFSET(CRONOPLE!$F$15,$M44-$A$15,BZ$13)))","v":8},{"$f":"IF(OR($D44<>\"Serviço\",AND(AUTOEVENTO=\"Manual\",$M44=$A$15)),0,\n         IF(OFFSET(CRONOPLE!$F$15,$M44-$A$15,CA$13)=0,10^12,OFFSET(CRONOPLE!$F$15,$M44-$A$15,CA$13)))","v":8},{"$f":"IF(OR($D44<>\"Serviço\",AND(AUTOEVENTO=\"Manual\",$M44=$A$15)),0,\n         IF(OFFSET(CRONOPLE!$F$15,$M44-$A$15,CB$13)=0,10^12,OFFSET(CRONOPLE!$F$15,$M44-$A$15,CB$13)))","v":8},{"$f":"IF(OR($D44<>\"Serviço\",AND(AUTOEVENTO=\"Manual\",$M44=$A$15)),0,\n         IF(OFFSET(CRONOPLE!$F$15,$M44-$A$15,CC$13)=0,10^12,OFFSET(CRONOPLE!$F$15,$M44-$A$15,CC$13)))","v":14},{"$f":"IF(OR($D44<>\"Serviço\",AND(AUTOEVENTO=\"Manual\",$M44=$A$15)),0,\n         IF(OFFSET(CRONOPLE!$F$15,$M44-$A$15,CD$13)=0,10^12,OFFSET(CRONOPLE!$F$15,$M44-$A$15,CD$13)))","v":14},{"$f":"IF(OR($D44<>\"Serviço\",AND(AUTOEVENTO=\"Manual\",$M44=$A$15)),0,\n         IF(OFFSET(CRONOPLE!$F$15,$M44-$A$15,CE$13)=0,10^12,OFFSET(CRONOPLE!$F$15,$M44-$A$15,CE$13)))","v":14},{"$f":"IF(OR($D44<>\"Serviço\",AND(AUTOEVENTO=\"Manual\",$M44=$A$15)),0,\n         IF(OFFSET(CRONOPLE!$F$15,$M44-$A$15,CF$13)=0,10^12,OFFSET(CRONOPLE!$F$15,$M44-$A$15,CF$13)))","v":14},{"$f":"IF(OR($D44<>\"Serviço\",AND(AUTOEVENTO=\"Manual\",$M44=$A$15)),0,\n         IF(OFFSET(CRONOPLE!$F$15,$M44-$A$15,CG$13)=0,10^12,OFFSET(CRONOPLE!$F$15,$M44-$A$15,CG$13)))","v":14},{"$f":"IF(OR($D44<>\"Serviço\",AND(AUTOEVENTO=\"Manual\",$M44=$A$15)),0,\n         IF(OFFSET(CRONOPLE!$F$15,$M44-$A$15,CH$13)=0,10^12,OFFSET(CRONOPLE!$F$15,$M44-$A$15,CH$13)))","v":20},{"$f":"IF(OR($D44<>\"Serviço\",AND(AUTOEVENTO=\"Manual\",$M44=$A$15)),0,\n         IF(OFFSET(CRONOPLE!$F$15,$M44-$A$15,CI$13)=0,10^12,OFFSET(CRONOPLE!$F$15,$M44-$A$15,CI$13)))","v":20},{"$f":"IF(OR($D44<>\"Serviço\",AND(AUTOEVENTO=\"Manual\",$M44=$A$15)),0,\n         IF(OFFSET(CRONOPLE!$F$15,$M44-$A$15,CJ$13)=0,10^12,OFFSET(CRONOPLE!$F$15,$M44-$A$15,CJ$13)))","v":20},{"$f":"IF(OR($D44<>\"Serviço\",AND(AUTOEVENTO=\"Manual\",$M44=$A$15)),0,\n         IF(OFFSET(CRONOPLE!$F$15,$M44-$A$15,CK$13)=0,10^12,OFFSET(CRONOPLE!$F$15,$M44-$A$15,CK$13)))","v":20},{"$f":"IF(OR($D44<>\"Serviço\",AND(AUTOEVENTO=\"Manual\",$M44=$A$15)),0,\n         IF(OFFSET(CRONOPLE!$F$15,$M44-$A$15,CL$13)=0,10^12,OFFSET(CRONOPLE!$F$15,$M44-$A$15,CL$13)))","v":20},{"$f":"IF(OR($D44<>\"Serviço\",AND(AUTOEVENTO=\"Manual\",$M44=$A$15)),0,\n         IF(OFFSET(CRONOPLE!$F$15,$M44-$A$15,CM$13)=0,10^12,OFFSET(CRONOPLE!$F$15,$M44-$A$15,CM$13)))","v":1000000000000},{"$f":"IF(OR($D44<>\"Serviço\",AND(AUTOEVENTO=\"Manual\",$M44=$A$15)),0,\n         IF(OFFSET(CRONOPLE!$F$15,$M44-$A$15,CN$13)=0,10^12,OFFSET(CRONOPLE!$F$15,$M44-$A$15,CN$13)))","v":1000000000000},{"$f":"IF(OR($D44<>\"Serviço\",AND(AUTOEVENTO=\"Manual\",$M44=$A$15)),0,\n         IF(OFFSET(CRONOPLE!$F$15,$M44-$A$15,CO$13)=0,10^12,OFFSET(CRONOPLE!$F$15,$M44-$A$15,CO$13)))","v":1000000000000},{"$f":"IF(OR($D44<>\"Serviço\",AND(AUTOEVENTO=\"Manual\",$M44=$A$15)),0,\n         IF(OFFSET(CRONOPLE!$F$15,$M44-$A$15,CP$13)=0,10^12,OFFSET(CRONOPLE!$F$15,$M44-$A$15,CP$13)))","v":1000000000000},{"$f":"IF(OR($D44<>\"Serviço\",AND(AUTOEVENTO=\"Manual\",$M44=$A$15)),0,\n         IF(OFFSET(CRONOPLE!$F$15,$M44-$A$15,CQ$13)=0,10^12,OFFSET(CRONOPLE!$F$15,$M44-$A$15,CQ$13)))","v":1000000000000},{"$f":"IF(OR($D44<>\"Serviço\",AND(AUTOEVENTO=\"Manual\",$M44=$A$15)),0,\n         IF(OFFSET(CRONOPLE!$F$15,$M44-$A$15,CR$13)=0,10^12,OFFSET(CRONOPLE!$F$15,$M44-$A$15,CR$13)))","v":1000000000000},null,{"$f":"IF(OR($D44<>\"Serviço\",AND(AUTOEVENTO=\"Manual\",$M44=$A$15),$M44>(ROW(PLE.lastrow)-ROW(PLE.firstrow))),0,\n           IF(OFFSET(PLE!$G$15,$M44-$A$15,CT$13)=\"\",10^12,OFFSET(PLE!$G$15,$M44-$A$15,CT$13)))","v":1000000000000},{"$f":"IF(OR($D44<>\"Serviço\",AND(AUTOEVENTO=\"Manual\",$M44=$A$15),$M44>(ROW(PLE.lastrow)-ROW(PLE.firstrow))),0,\n           IF(OFFSET(PLE!$G$15,$M44-$A$15,CU$13)=\"\",10^12,OFFSET(PLE!$G$15,$M44-$A$15,CU$13)))","v":1000000000000},{"$f":"IF(OR($D44<>\"Serviço\",AND(AUTOEVENTO=\"Manual\",$M44=$A$15),$M44>(ROW(PLE.lastrow)-ROW(PLE.firstrow))),0,\n           IF(OFFSET(PLE!$G$15,$M44-$A$15,CV$13)=\"\",10^12,OFFSET(PLE!$G$15,$M44-$A$15,CV$13)))","v":1000000000000},{"$f":"IF(OR($D44<>\"Serviço\",AND(AUTOEVENTO=\"Manual\",$M44=$A$15),$M44>(ROW(PLE.lastrow)-ROW(PLE.firstrow))),0,\n           IF(OFFSET(PLE!$G$15,$M44-$A$15,CW$13)=\"\",10^12,OFFSET(PLE!$G$15,$M44-$A$15,CW$13)))","v":1000000000000},{"$f":"IF(OR($D44<>\"Serviço\",AND(AUTOEVENTO=\"Manual\",$M44=$A$15),$M44>(ROW(PLE.lastrow)-ROW(PLE.firstrow))),0,\n           IF(OFFSET(PLE!$G$15,$M44-$A$15,CX$13)=\"\",10^12,OFFSET(PLE!$G$15,$M44-$A$15,CX$13)))","v":1000000000000},{"$f":"IF(OR($D44<>\"Serviço\",AND(AUTOEVENTO=\"Manual\",$M44=$A$15),$M44>(ROW(PLE.lastrow)-ROW(PLE.firstrow))),0,\n           IF(OFFSET(PLE!$G$15,$M44-$A$15,CY$13)=\"\",10^12,OFFSET(PLE!$G$15,$M44-$A$15,CY$13)))","v":1000000000000},{"$f":"IF(OR($D44<>\"Serviço\",AND(AUTOEVENTO=\"Manual\",$M44=$A$15),$M44>(ROW(PLE.lastrow)-ROW(PLE.firstrow))),0,\n           IF(OFFSET(PLE!$G$15,$M44-$A$15,CZ$13)=\"\",10^12,OFFSET(PLE!$G$15,$M44-$A$15,CZ$13)))","v":1000000000000},{"$f":"IF(OR($D44<>\"Serviço\",AND(AUTOEVENTO=\"Manual\",$M44=$A$15),$M44>(ROW(PLE.lastrow)-ROW(PLE.firstrow))),0,\n           IF(OFFSET(PLE!$G$15,$M44-$A$15,DA$13)=\"\",10^12,OFFSET(PLE!$G$15,$M44-$A$15,DA$13)))","v":1000000000000},{"$f":"IF(OR($D44<>\"Serviço\",AND(AUTOEVENTO=\"Manual\",$M44=$A$15),$M44>(ROW(PLE.lastrow)-ROW(PLE.firstrow))),0,\n           IF(OFFSET(PLE!$G$15,$M44-$A$15,DB$13)=\"\",10^12,OFFSET(PLE!$G$15,$M44-$A$15,DB$13)))","v":1000000000000},{"$f":"IF(OR($D44<>\"Serviço\",AND(AUTOEVENTO=\"Manual\",$M44=$A$15),$M44>(ROW(PLE.lastrow)-ROW(PLE.firstrow))),0,\n           IF(OFFSET(PLE!$G$15,$M44-$A$15,DC$13)=\"\",10^12,OFFSET(PLE!$G$15,$M44-$A$15,DC$13)))","v":1000000000000},{"$f":"IF(OR($D44<>\"Serviço\",AND(AUTOEVENTO=\"Manual\",$M44=$A$15),$M44>(ROW(PLE.lastrow)-ROW(PLE.firstrow))),0,\n           IF(OFFSET(PLE!$G$15,$M44-$A$15,DD$13)=\"\",10^12,OFFSET(PLE!$G$15,$M44-$A$15,DD$13)))","v":1000000000000},{"$f":"IF(OR($D44<>\"Serviço\",AND(AUTOEVENTO=\"Manual\",$M44=$A$15),$M44>(ROW(PLE.lastrow)-ROW(PLE.firstrow))),0,\n           IF(OFFSET(PLE!$G$15,$M44-$A$15,DE$13)=\"\",10^12,OFFSET(PLE!$G$15,$M44-$A$15,DE$13)))","v":1000000000000},{"$f":"IF(OR($D44<>\"Serviço\",AND(AUTOEVENTO=\"Manual\",$M44=$A$15),$M44>(ROW(PLE.lastrow)-ROW(PLE.firstrow))),0,\n           IF(OFFSET(PLE!$G$15,$M44-$A$15,DF$13)=\"\",10^12,OFFSET(PLE!$G$15,$M44-$A$15,DF$13)))","v":1000000000000},{"$f":"IF(OR($D44<>\"Serviço\",AND(AUTOEVENTO=\"Manual\",$M44=$A$15),$M44>(ROW(PLE.lastrow)-ROW(PLE.firstrow))),0,\n           IF(OFFSET(PLE!$G$15,$M44-$A$15,DG$13)=\"\",10^12,OFFSET(PLE!$G$15,$M44-$A$15,DG$13)))","v":1000000000000},{"$f":"IF(OR($D44<>\"Serviço\",AND(AUTOEVENTO=\"Manual\",$M44=$A$15),$M44>(ROW(PLE.lastrow)-ROW(PLE.firstrow))),0,\n           IF(OFFSET(PLE!$G$15,$M44-$A$15,DH$13)=\"\",10^12,OFFSET(PLE!$G$15,$M44-$A$15,DH$13)))","v":1000000000000},{"$f":"IF(OR($D44<>\"Serviço\",AND(AUTOEVENTO=\"Manual\",$M44=$A$15),$M44>(ROW(PLE.lastrow)-ROW(PLE.firstrow))),0,\n           IF(OFFSET(PLE!$G$15,$M44-$A$15,DI$13)=\"\",10^12,OFFSET(PLE!$G$15,$M44-$A$15,DI$13)))","v":1000000000000},{"$f":"IF(OR($D44<>\"Serviço\",AND(AUTOEVENTO=\"Manual\",$M44=$A$15),$M44>(ROW(PLE.lastrow)-ROW(PLE.firstrow))),0,\n           IF(OFFSET(PLE!$G$15,$M44-$A$15,DJ$13)=\"\",10^12,OFFSET(PLE!$G$15,$M44-$A$15,DJ$13)))","v":1000000000000},{"$f":"IF(OR($D44<>\"Serviço\",AND(AUTOEVENTO=\"Manual\",$M44=$A$15),$M44>(ROW(PLE.lastrow)-ROW(PLE.firstrow))),0,\n           IF(OFFSET(PLE!$G$15,$M44-$A$15,DK$13)=\"\",10^12,OFFSET(PLE!$G$15,$M44-$A$15,DK$13)))","v":1000000000000},{"$f":"IF(OR($D44<>\"Serviço\",AND(AUTOEVENTO=\"Manual\",$M44=$A$15),$M44>(ROW(PLE.lastrow)-ROW(PLE.firstrow))),0,\n           IF(OFFSET(PLE!$G$15,$M44-$A$15,DL$13)=\"\",10^12,OFFSET(PLE!$G$15,$M44-$A$15,DL$13)))","v":1000000000000},{"$f":"IF(OR($D44<>\"Serviço\",AND(AUTOEVENTO=\"Manual\",$M44=$A$15),$M44>(ROW(PLE.lastrow)-ROW(PLE.firstrow))),0,\n           IF(OFFSET(PLE!$G$15,$M44-$A$15,DM$13)=\"\",10^12,OFFSET(PLE!$G$15,$M44-$A$15,DM$13)))","v":1000000000000},{"$f":"IF(OR($D44<>\"Serviço\",AND(AUTOEVENTO=\"Manual\",$M44=$A$15),$M44>(ROW(PLE.lastrow)-ROW(PLE.firstrow))),0,\n           IF(OFFSET(PLE!$G$15,$M44-$A$15,DN$13)=\"\",10^12,OFFSET(PLE!$G$15,$M44-$A$15,DN$13)))","v":1000000000000},{"$f":"IF(OR($D44<>\"Serviço\",AND(AUTOEVENTO=\"Manual\",$M44=$A$15),$M44>(ROW(PLE.lastrow)-ROW(PLE.firstrow))),0,\n           IF(OFFSET(PLE!$G$15,$M44-$A$15,DO$13)=\"\",10^12,OFFSET(PLE!$G$15,$M44-$A$15,DO$13)))","v":1000000000000},{"$f":"IF(OR($D44<>\"Serviço\",AND(AUTOEVENTO=\"Manual\",$M44=$A$15),$M44>(ROW(PLE.lastrow)-ROW(PLE.firstrow))),0,\n           IF(OFFSET(PLE!$G$15,$M44-$A$15,DP$13)=\"\",10^12,OFFSET(PLE!$G$15,$M44-$A$15,DP$13)))","v":1000000000000},{"$f":"IF(OR($D44<>\"Serviço\",AND(AUTOEVENTO=\"Manual\",$M44=$A$15),$M44>(ROW(PLE.lastrow)-ROW(PLE.firstrow))),0,\n           IF(OFFSET(PLE!$G$15,$M44-$A$15,DQ$13)=\"\",10^12,OFFSET(PLE!$G$15,$M44-$A$15,DQ$13)))","v":1000000000000},{"$f":"IF(OR($D44<>\"Serviço\",AND(AUTOEVENTO=\"Manual\",$M44=$A$15),$M44>(ROW(PLE.lastrow)-ROW(PLE.firstrow))),0,\n           IF(OFFSET(PLE!$G$15,$M44-$A$15,DR$13)=\"\",10^12,OFFSET(PLE!$G$15,$M44-$A$15,DR$13)))","v":1000000000000},{"$f":"IF(OR($D44<>\"Serviço\",AND(AUTOEVENTO=\"Manual\",$M44=$A$15),$M44>(ROW(PLE.lastrow)-ROW(PLE.firstrow))),0,\n           IF(OFFSET(PLE!$G$15,$M44-$A$15,DS$13)=\"\",10^12,OFFSET(PLE!$G$15,$M44-$A$15,DS$13)))","v":1000000000000}]
["27",{"$f":"OFFSET(ORÇAMENTO!C$15,$L45,0)","v":"S"},{"$f":"OFFSET(ORÇAMENTO!L$15,$L45,0)","v":"F"},{"$f":"OFFSET(ORÇAMENTO!N$15,$L45,0)","v":"Serviço"},{"$f":"OFFSET(ORÇAMENTO!O$15,$L45,0)","v":"1.3.1.3.3."},{"$f":"OFFSET(ORÇAMENTO!R$15,$L45,0)","v":"IMPERMEABILIZAÇÃO DE SUPERFÍCIE COM EMULSÃO ASFÁLTICA, 2 DEMÃOS. AF_09/2023"},{"$f":"IF($D45<>\"Serviço\",\"\",OFFSET(ORÇAMENTO!S$15,$L45,0))","v":"M2"},{"$f":"IF($D45<>\"Serviço\",0,IF(ACOMPANHAMENTO=\"BM\",ROUND(OFFSET(ORÇAMENTO!AJ$15,$L45,0),15-13*ORÇAMENTO!$AF$7),IF(IFERROR(CÁLCULO.FrentesPreenchidas,0)=0,0,SUM(ROUND(OFFSET($P45,0,1,1,CÁLCULO.FrentesPreenchidas),15-13*ORÇAMENTO!$AF$7)))))","v":169.75},"Conforme modelo disponibilizado pela CAIXA",{"$f":"IF(OR(B45<>\"S\",CÁLCULO.FrentesPreenchidas=0),\"\",IF(AND(ACOMPANHAMENTO=\"PLE\",AUTOEVENTO=\"Manual\",OR(H45>0,ORÇAMENTO!AC45=\"QUANT.\"),OR(K45=\"\",M45=0,N45=\"\")),\"►E\",IF(AND(ACOMPANHAMENTO=\"PLE\",ORÇAMENTO!AC45=\"QUANT.\"),\"►Q\",IF(AND(ACOMPANHAMENTO=\"PLE\",H45<>SUMPRODUCT(($Q$1:$AQ$1=1)*ROUND(Q45:AQ45,15))),\"►S\",IF(AND(COUNTIF($P$11:$AQ$11,\"▼\")=0,H45>0,I45=\"\"),\"◄M\",\"\")))))","v":""},"5. IMPERMEABILIZAÇÃO",30,{"$f":"IF($D45<>\"Serviço\",\"\",\n          IF(AUTOEVENTO=\"manual\",$A45,\n                IF(ISERROR(MATCH($A45,$A$15:OFFSET($A45,-1,0),0)),MAX($M$15:OFFSET(M45,-1,0))+1,\n                      INDEX($M$15:OFFSET(M45,-1,0),MATCH($A45,$A$15:OFFSET($A45,-1,0),0)))))","v":5},{"$f":"IF($D45<>\"Serviço\",\"\",\n         IF(AUTOEVENTO=\"Manual\",\n                IF($A45=0,\"<-- defina o número do agrupador\",\n                       OFFSET(EVENTOS!$D$15,$A45-$A$15,0)),\n                OFFSET($F$15,$A45,0)))","v":"IMPERMEABILIZAÇÃO"},null,null,33.950000000000003,33.950000000000003,33.950000000000003,33.950000000000003,33.950000000000003,null,null,null,null,null,null,null,null,null,null,null,null,null,null,null,null,null,null,null,null,null,null,{"$f":"IF(AND($D45=\"Serviço\",AR$12<>0,$H45>0,OR(AUTOEVENTO<>\"manual\",$M45<>$A$15)),\n        IF(Import.TipoArredondamento<>\"TransfereGOV\",\n              ROUND(OFFSET($P45,0,AR$13),15-13*ORÇAMENTO!$AF$7)/$H45*OFFSET(ORÇAMENTO!$X$15,ROW(AR45)-ROW(AR$15),0),\n              ROUND(ROUND(OFFSET($P45,0,AR$13),15-13*ORÇAMENTO!$AF$7)*OFFSET(ORÇAMENTO!$W$15,ROW(AR45)-ROW(AR$15),0),15-13*ORÇAMENTO!$AF$11)),\n         0)","v":1692.07},{"$f":"IF(AND($D45=\"Serviço\",AS$12<>0,$H45>0,OR(AUTOEVENTO<>\"manual\",$M45<>$A$15)),\n        IF(Import.TipoArredondamento<>\"TransfereGOV\",\n              ROUND(OFFSET($P45,0,AS$13),15-13*ORÇAMENTO!$AF$7)/$H45*OFFSET(ORÇAMENTO!$X$15,ROW(AS45)-ROW(AS$15),0),\n              ROUND(ROUND(OFFSET($P45,0,AS$13),15-13*ORÇAMENTO!$AF$7)*OFFSET(ORÇAMENTO!$W$15,ROW(AS45)-ROW(AS$15),0),15-13*ORÇAMENTO!$AF$11)),\n         0)","v":1692.07},{"$f":"IF(AND($D45=\"Serviço\",AT$12<>0,$H45>0,OR(AUTOEVENTO<>\"manual\",$M45<>$A$15)),\n        IF(Import.TipoArredondamento<>\"TransfereGOV\",\n              ROUND(OFFSET($P45,0,AT$13),15-13*ORÇAMENTO!$AF$7)/$H45*OFFSET(ORÇAMENTO!$X$15,ROW(AT45)-ROW(AT$15),0),\n              ROUND(ROUND(OFFSET($P45,0,AT$13),15-13*ORÇAMENTO!$AF$7)*OFFSET(ORÇAMENTO!$W$15,ROW(AT45)-ROW(AT$15),0),15-13*ORÇAMENTO!$AF$11)),\n         0)","v":1692.07},{"$f":"IF(AND($D45=\"Serviço\",AU$12<>0,$H45>0,OR(AUTOEVENTO<>\"manual\",$M45<>$A$15)),\n        IF(Import.TipoArredondamento<>\"TransfereGOV\",\n              ROUND(OFFSET($P45,0,AU$13),15-13*ORÇAMENTO!$AF$7)/$H45*OFFSET(ORÇAMENTO!$X$15,ROW(AU45)-ROW(AU$15),0),\n              ROUND(ROUND(OFFSET($P45,0,AU$13),15-13*ORÇAMENTO!$AF$7)*OFFSET(ORÇAMENTO!$W$15,ROW(AU45)-ROW(AU$15),0),15-13*ORÇAMENTO!$AF$11)),\n         0)","v":1692.07},{"$f":"IF(AND($D45=\"Serviço\",AV$12<>0,$H45>0,OR(AUTOEVENTO<>\"manual\",$M45<>$A$15)),\n        IF(Import.TipoArredondamento<>\"TransfereGOV\",\n              ROUND(OFFSET($P45,0,AV$13),15-13*ORÇAMENTO!$AF$7)/$H45*OFFSET(ORÇAMENTO!$X$15,ROW(AV45)-ROW(AV$15),0),\n              ROUND(ROUND(OFFSET($P45,0,AV$13),15-13*ORÇAMENTO!$AF$7)*OFFSET(ORÇAMENTO!$W$15,ROW(AV45)-ROW(AV$15),0),15-13*ORÇAMENTO!$AF$11)),\n         0)","v":1692.07},{"$f":"IF(AND($D45=\"Serviço\",AW$12<>0,$H45>0,OR(AUTOEVENTO<>\"manual\",$M45<>$A$15)),\n        IF(Import.TipoArredondamento<>\"TransfereGOV\",\n              ROUND(OFFSET($P45,0,AW$13),15-13*ORÇAMENTO!$AF$7)/$H45*OFFSET(ORÇAMENTO!$X$15,ROW(AW45)-ROW(AW$15),0),\n              ROUND(ROUND(OFFSET($P45,0,AW$13),15-13*ORÇAMENTO!$AF$7)*OFFSET(ORÇAMENTO!$W$15,ROW(AW45)-ROW(AW$15),0),15-13*ORÇAMENTO!$AF$11)),\n         0)","v":0},{"$f":"IF(AND($D45=\"Serviço\",AX$12<>0,$H45>0,OR(AUTOEVENTO<>\"manual\",$M45<>$A$15)),\n        IF(Import.TipoArredondamento<>\"TransfereGOV\",\n              ROUND(OFFSET($P45,0,AX$13),15-13*ORÇAMENTO!$AF$7)/$H45*OFFSET(ORÇAMENTO!$X$15,ROW(AX45)-ROW(AX$15),0),\n              ROUND(ROUND(OFFSET($P45,0,AX$13),15-13*ORÇAMENTO!$AF$7)*OFFSET(ORÇAMENTO!$W$15,ROW(AX45)-ROW(AX$15),0),15-13*ORÇAMENTO!$AF$11)),\n         0)","v":0},{"$f":"IF(AND($D45=\"Serviço\",AY$12<>0,$H45>0,OR(AUTOEVENTO<>\"manual\",$M45<>$A$15)),\n        IF(Import.TipoArredondamento<>\"TransfereGOV\",\n              ROUND(OFFSET($P45,0,AY$13),15-13*ORÇAMENTO!$AF$7)/$H45*OFFSET(ORÇAMENTO!$X$15,ROW(AY45)-ROW(AY$15),0),\n              ROUND(ROUND(OFFSET($P45,0,AY$13),15-13*ORÇAMENTO!$AF$7)*OFFSET(ORÇAMENTO!$W$15,ROW(AY45)-ROW(AY$15),0),15-13*ORÇAMENTO!$AF$11)),\n         0)","v":0},{"$f":"IF(AND($D45=\"Serviço\",AZ$12<>0,$H45>0,OR(AUTOEVENTO<>\"manual\",$M45<>$A$15)),\n        IF(Import.TipoArredondamento<>\"TransfereGOV\",\n              ROUND(OFFSET($P45,0,AZ$13),15-13*ORÇAMENTO!$AF$7)/$H45*OFFSET(ORÇAMENTO!$X$15,ROW(AZ45)-ROW(AZ$15),0),\n              ROUND(ROUND(OFFSET($P45,0,AZ$13),15-13*ORÇAMENTO!$AF$7)*OFFSET(ORÇAMENTO!$W$15,ROW(AZ45)-ROW(AZ$15),0),15-13*ORÇAMENTO!$AF$11)),\n         0)","v":0},{"$f":"IF(AND($D45=\"Serviço\",BA$12<>0,$H45>0,OR(AUTOEVENTO<>\"manual\",$M45<>$A$15)),\n        IF(Import.TipoArredondamento<>\"TransfereGOV\",\n              ROUND(OFFSET($P45,0,BA$13),15-13*ORÇAMENTO!$AF$7)/$H45*OFFSET(ORÇAMENTO!$X$15,ROW(BA45)-ROW(BA$15),0),\n              ROUND(ROUND(OFFSET($P45,0,BA$13),15-13*ORÇAMENTO!$AF$7)*OFFSET(ORÇAMENTO!$W$15,ROW(BA45)-ROW(BA$15),0),15-13*ORÇAMENTO!$AF$11)),\n         0)","v":0},{"$f":"IF(AND($D45=\"Serviço\",BB$12<>0,$H45>0,OR(AUTOEVENTO<>\"manual\",$M45<>$A$15)),\n        IF(Import.TipoArredondamento<>\"TransfereGOV\",\n              ROUND(OFFSET($P45,0,BB$13),15-13*ORÇAMENTO!$AF$7)/$H45*OFFSET(ORÇAMENTO!$X$15,ROW(BB45)-ROW(BB$15),0),\n              ROUND(ROUND(OFFSET($P45,0,BB$13),15-13*ORÇAMENTO!$AF$7)*OFFSET(ORÇAMENTO!$W$15,ROW(BB45)-ROW(BB$15),0),15-13*ORÇAMENTO!$AF$11)),\n         0)","v":0},{"$f":"IF(AND($D45=\"Serviço\",BC$12<>0,$H45>0,OR(AUTOEVENTO<>\"manual\",$M45<>$A$15)),\n        IF(Import.TipoArredondamento<>\"TransfereGOV\",\n              ROUND(OFFSET($P45,0,BC$13),15-13*ORÇAMENTO!$AF$7)/$H45*OFFSET(ORÇAMENTO!$X$15,ROW(BC45)-ROW(BC$15),0),\n              ROUND(ROUND(OFFSET($P45,0,BC$13),15-13*ORÇAMENTO!$AF$7)*OFFSET(ORÇAMENTO!$W$15,ROW(BC45)-ROW(BC$15),0),15-13*ORÇAMENTO!$AF$11)),\n         0)","v":0},{"$f":"IF(AND($D45=\"Serviço\",BD$12<>0,$H45>0,OR(AUTOEVENTO<>\"manual\",$M45<>$A$15)),\n        IF(Import.TipoArredondamento<>\"TransfereGOV\",\n              ROUND(OFFSET($P45,0,BD$13),15-13*ORÇAMENTO!$AF$7)/$H45*OFFSET(ORÇAMENTO!$X$15,ROW(BD45)-ROW(BD$15),0),\n              ROUND(ROUND(OFFSET($P45,0,BD$13),15-13*ORÇAMENTO!$AF$7)*OFFSET(ORÇAMENTO!$W$15,ROW(BD45)-ROW(BD$15),0),15-13*ORÇAMENTO!$AF$11)),\n         0)","v":0},{"$f":"IF(AND($D45=\"Serviço\",BE$12<>0,$H45>0,OR(AUTOEVENTO<>\"manual\",$M45<>$A$15)),\n        IF(Import.TipoArredondamento<>\"TransfereGOV\",\n              ROUND(OFFSET($P45,0,BE$13),15-13*ORÇAMENTO!$AF$7)/$H45*OFFSET(ORÇAMENTO!$X$15,ROW(BE45)-ROW(BE$15),0),\n              ROUND(ROUND(OFFSET($P45,0,BE$13),15-13*ORÇAMENTO!$AF$7)*OFFSET(ORÇAMENTO!$W$15,ROW(BE45)-ROW(BE$15),0),15-13*ORÇAMENTO!$AF$11)),\n         0)","v":0},{"$f":"IF(AND($D45=\"Serviço\",BF$12<>0,$H45>0,OR(AUTOEVENTO<>\"manual\",$M45<>$A$15)),\n        IF(Import.TipoArredondamento<>\"TransfereGOV\",\n              ROUND(OFFSET($P45,0,BF$13),15-13*ORÇAMENTO!$AF$7)/$H45*OFFSET(ORÇAMENTO!$X$15,ROW(BF45)-ROW(BF$15),0),\n              ROUND(ROUND(OFFSET($P45,0,BF$13),15-13*ORÇAMENTO!$AF$7)*OFFSET(ORÇAMENTO!$W$15,ROW(BF45)-ROW(BF$15),0),15-13*ORÇAMENTO!$AF$11)),\n         0)","v":0},{"$f":"IF(AND($D45=\"Serviço\",BG$12<>0,$H45>0,OR(AUTOEVENTO<>\"manual\",$M45<>$A$15)),\n        IF(Import.TipoArredondamento<>\"TransfereGOV\",\n              ROUND(OFFSET($P45,0,BG$13),15-13*ORÇAMENTO!$AF$7)/$H45*OFFSET(ORÇAMENTO!$X$15,ROW(BG45)-ROW(BG$15),0),\n              ROUND(ROUND(OFFSET($P45,0,BG$13),15-13*ORÇAMENTO!$AF$7)*OFFSET(ORÇAMENTO!$W$15,ROW(BG45)-ROW(BG$15),0),15-13*ORÇAMENTO!$AF$11)),\n         0)","v":0},{"$f":"IF(AND($D45=\"Serviço\",BH$12<>0,$H45>0,OR(AUTOEVENTO<>\"manual\",$M45<>$A$15)),\n        IF(Import.TipoArredondamento<>\"TransfereGOV\",\n              ROUND(OFFSET($P45,0,BH$13),15-13*ORÇAMENTO!$AF$7)/$H45*OFFSET(ORÇAMENTO!$X$15,ROW(BH45)-ROW(BH$15),0),\n              ROUND(ROUND(OFFSET($P45,0,BH$13),15-13*ORÇAMENTO!$AF$7)*OFFSET(ORÇAMENTO!$W$15,ROW(BH45)-ROW(BH$15),0),15-13*ORÇAMENTO!$AF$11)),\n         0)","v":0},{"$f":"IF(AND($D45=\"Serviço\",BI$12<>0,$H45>0,OR(AUTOEVENTO<>\"manual\",$M45<>$A$15)),\n        IF(Import.TipoArredondamento<>\"TransfereGOV\",\n              ROUND(OFFSET($P45,0,BI$13),15-13*ORÇAMENTO!$AF$7)/$H45*OFFSET(ORÇAMENTO!$X$15,ROW(BI45)-ROW(BI$15),0),\n              ROUND(ROUND(OFFSET($P45,0,BI$13),15-13*ORÇAMENTO!$AF$7)*OFFSET(ORÇAMENTO!$W$15,ROW(BI45)-ROW(BI$15),0),15-13*ORÇAMENTO!$AF$11)),\n         0)","v":0},{"$f":"IF(AND($D45=\"Serviço\",BJ$12<>0,$H45>0,OR(AUTOEVENTO<>\"manual\",$M45<>$A$15)),\n        IF(Import.TipoArredondamento<>\"TransfereGOV\",\n              ROUND(OFFSET($P45,0,BJ$13),15-13*ORÇAMENTO!$AF$7)/$H45*OFFSET(ORÇAMENTO!$X$15,ROW(BJ45)-ROW(BJ$15),0),\n              ROUND(ROUND(OFFSET($P45,0,BJ$13),15-13*ORÇAMENTO!$AF$7)*OFFSET(ORÇAMENTO!$W$15,ROW(BJ45)-ROW(BJ$15),0),15-13*ORÇAMENTO!$AF$11)),\n         0)","v":0},{"$f":"IF(AND($D45=\"Serviço\",BK$12<>0,$H45>0,OR(AUTOEVENTO<>\"manual\",$M45<>$A$15)),\n        IF(Import.TipoArredondamento<>\"TransfereGOV\",\n              ROUND(OFFSET($P45,0,BK$13),15-13*ORÇAMENTO!$AF$7)/$H45*OFFSET(ORÇAMENTO!$X$15,ROW(BK45)-ROW(BK$15),0),\n              ROUND(ROUND(OFFSET($P45,0,BK$13),15-13*ORÇAMENTO!$AF$7)*OFFSET(ORÇAMENTO!$W$15,ROW(BK45)-ROW(BK$15),0),15-13*ORÇAMENTO!$AF$11)),\n         0)","v":0},{"$f":"IF(AND($D45=\"Serviço\",BL$12<>0,$H45>0,OR(AUTOEVENTO<>\"manual\",$M45<>$A$15)),\n        IF(Import.TipoArredondamento<>\"TransfereGOV\",\n              ROUND(OFFSET($P45,0,BL$13),15-13*ORÇAMENTO!$AF$7)/$H45*OFFSET(ORÇAMENTO!$X$15,ROW(BL45)-ROW(BL$15),0),\n              ROUND(ROUND(OFFSET($P45,0,BL$13),15-13*ORÇAMENTO!$AF$7)*OFFSET(ORÇAMENTO!$W$15,ROW(BL45)-ROW(BL$15),0),15-13*ORÇAMENTO!$AF$11)),\n         0)","v":0},{"$f":"IF(AND($D45=\"Serviço\",BM$12<>0,$H45>0,OR(AUTOEVENTO<>\"manual\",$M45<>$A$15)),\n        IF(Import.TipoArredondamento<>\"TransfereGOV\",\n              ROUND(OFFSET($P45,0,BM$13),15-13*ORÇAMENTO!$AF$7)/$H45*OFFSET(ORÇAMENTO!$X$15,ROW(BM45)-ROW(BM$15),0),\n              ROUND(ROUND(OFFSET($P45,0,BM$13),15-13*ORÇAMENTO!$AF$7)*OFFSET(ORÇAMENTO!$W$15,ROW(BM45)-ROW(BM$15),0),15-13*ORÇAMENTO!$AF$11)),\n         0)","v":0},{"$f":"IF(AND($D45=\"Serviço\",BN$12<>0,$H45>0,OR(AUTOEVENTO<>\"manual\",$M45<>$A$15)),\n        IF(Import.TipoArredondamento<>\"TransfereGOV\",\n              ROUND(OFFSET($P45,0,BN$13),15-13*ORÇAMENTO!$AF$7)/$H45*OFFSET(ORÇAMENTO!$X$15,ROW(BN45)-ROW(BN$15),0),\n              ROUND(ROUND(OFFSET($P45,0,BN$13),15-13*ORÇAMENTO!$AF$7)*OFFSET(ORÇAMENTO!$W$15,ROW(BN45)-ROW(BN$15),0),15-13*ORÇAMENTO!$AF$11)),\n         0)","v":0},{"$f":"IF(AND($D45=\"Serviço\",BO$12<>0,$H45>0,OR(AUTOEVENTO<>\"manual\",$M45<>$A$15)),\n        IF(Import.TipoArredondamento<>\"TransfereGOV\",\n              ROUND(OFFSET($P45,0,BO$13),15-13*ORÇAMENTO!$AF$7)/$H45*OFFSET(ORÇAMENTO!$X$15,ROW(BO45)-ROW(BO$15),0),\n              ROUND(ROUND(OFFSET($P45,0,BO$13),15-13*ORÇAMENTO!$AF$7)*OFFSET(ORÇAMENTO!$W$15,ROW(BO45)-ROW(BO$15),0),15-13*ORÇAMENTO!$AF$11)),\n         0)","v":0},{"$f":"IF(AND($D45=\"Serviço\",BP$12<>0,$H45>0,OR(AUTOEVENTO<>\"manual\",$M45<>$A$15)),\n        IF(Import.TipoArredondamento<>\"TransfereGOV\",\n              ROUND(OFFSET($P45,0,BP$13),15-13*ORÇAMENTO!$AF$7)/$H45*OFFSET(ORÇAMENTO!$X$15,ROW(BP45)-ROW(BP$15),0),\n              ROUND(ROUND(OFFSET($P45,0,BP$13),15-13*ORÇAMENTO!$AF$7)*OFFSET(ORÇAMENTO!$W$15,ROW(BP45)-ROW(BP$15),0),15-13*ORÇAMENTO!$AF$11)),\n         0)","v":0},{"$f":"IF(AND($D45=\"Serviço\",BQ$12<>0,$H45>0,OR(AUTOEVENTO<>\"manual\",$M45<>$A$15)),\n        IF(Import.TipoArredondamento<>\"TransfereGOV\",\n              ROUND(OFFSET($P45,0,BQ$13),15-13*ORÇAMENTO!$AF$7)/$H45*OFFSET(ORÇAMENTO!$X$15,ROW(BQ45)-ROW(BQ$15),0),\n              ROUND(ROUND(OFFSET($P45,0,BQ$13),15-13*ORÇAMENTO!$AF$7)*OFFSET(ORÇAMENTO!$W$15,ROW(BQ45)-ROW(BQ$15),0),15-13*ORÇAMENTO!$AF$11)),\n         0)","v":0},null,{"$f":"IF(OR($D45<>\"Serviço\",AND(AUTOEVENTO=\"Manual\",$M45=$A$15)),0,\n         IF(OFFSET(CRONOPLE!$F$15,$M45-$A$15,BS$13)=0,10^12,OFFSET(CRONOPLE!$F$15,$M45-$A$15,BS$13)))","v":2},{"$f":"IF(OR($D45<>\"Serviço\",AND(AUTOEVENTO=\"Manual\",$M45=$A$15)),0,\n         IF(OFFSET(CRONOPLE!$F$15,$M45-$A$15,BT$13)=0,10^12,OFFSET(CRONOPLE!$F$15,$M45-$A$15,BT$13)))","v":2},{"$f":"IF(OR($D45<>\"Serviço\",AND(AUTOEVENTO=\"Manual\",$M45=$A$15)),0,\n         IF(OFFSET(CRONOPLE!$F$15,$M45-$A$15,BU$13)=0,10^12,OFFSET(CRONOPLE!$F$15,$M45-$A$15,BU$13)))","v":2},{"$f":"IF(OR($D45<>\"Serviço\",AND(AUTOEVENTO=\"Manual\",$M45=$A$15)),0,\n         IF(OFFSET(CRONOPLE!$F$15,$M45-$A$15,BV$13)=0,10^12,OFFSET(CRONOPLE!$F$15,$M45-$A$15,BV$13)))","v":2},{"$f":"IF(OR($D45<>\"Serviço\",AND(AUTOEVENTO=\"Manual\",$M45=$A$15)),0,\n         IF(OFFSET(CRONOPLE!$F$15,$M45-$A$15,BW$13)=0,10^12,OFFSET(CRONOPLE!$F$15,$M45-$A$15,BW$13)))","v":2},{"$f":"IF(OR($D45<>\"Serviço\",AND(AUTOEVENTO=\"Manual\",$M45=$A$15)),0,\n         IF(OFFSET(CRONOPLE!$F$15,$M45-$A$15,BX$13)=0,10^12,OFFSET(CRONOPLE!$F$15,$M45-$A$15,BX$13)))","v":2},{"$f":"IF(OR($D45<>\"Serviço\",AND(AUTOEVENTO=\"Manual\",$M45=$A$15)),0,\n         IF(OFFSET(CRONOPLE!$F$15,$M45-$A$15,BY$13)=0,10^12,OFFSET(CRONOPLE!$F$15,$M45-$A$15,BY$13)))","v":2},{"$f":"IF(OR($D45<>\"Serviço\",AND(AUTOEVENTO=\"Manual\",$M45=$A$15)),0,\n         IF(OFFSET(CRONOPLE!$F$15,$M45-$A$15,BZ$13)=0,10^12,OFFSET(CRONOPLE!$F$15,$M45-$A$15,BZ$13)))","v":8},{"$f":"IF(OR($D45<>\"Serviço\",AND(AUTOEVENTO=\"Manual\",$M45=$A$15)),0,\n         IF(OFFSET(CRONOPLE!$F$15,$M45-$A$15,CA$13)=0,10^12,OFFSET(CRONOPLE!$F$15,$M45-$A$15,CA$13)))","v":8},{"$f":"IF(OR($D45<>\"Serviço\",AND(AUTOEVENTO=\"Manual\",$M45=$A$15)),0,\n         IF(OFFSET(CRONOPLE!$F$15,$M45-$A$15,CB$13)=0,10^12,OFFSET(CRONOPLE!$F$15,$M45-$A$15,CB$13)))","v":8},{"$f":"IF(OR($D45<>\"Serviço\",AND(AUTOEVENTO=\"Manual\",$M45=$A$15)),0,\n         IF(OFFSET(CRONOPLE!$F$15,$M45-$A$15,CC$13)=0,10^12,OFFSET(CRONOPLE!$F$15,$M45-$A$15,CC$13)))","v":14},{"$f":"IF(OR($D45<>\"Serviço\",AND(AUTOEVENTO=\"Manual\",$M45=$A$15)),0,\n         IF(OFFSET(CRONOPLE!$F$15,$M45-$A$15,CD$13)=0,10^12,OFFSET(CRONOPLE!$F$15,$M45-$A$15,CD$13)))","v":14},{"$f":"IF(OR($D45<>\"Serviço\",AND(AUTOEVENTO=\"Manual\",$M45=$A$15)),0,\n         IF(OFFSET(CRONOPLE!$F$15,$M45-$A$15,CE$13)=0,10^12,OFFSET(CRONOPLE!$F$15,$M45-$A$15,CE$13)))","v":14},{"$f":"IF(OR($D45<>\"Serviço\",AND(AUTOEVENTO=\"Manual\",$M45=$A$15)),0,\n         IF(OFFSET(CRONOPLE!$F$15,$M45-$A$15,CF$13)=0,10^12,OFFSET(CRONOPLE!$F$15,$M45-$A$15,CF$13)))","v":14},{"$f":"IF(OR($D45<>\"Serviço\",AND(AUTOEVENTO=\"Manual\",$M45=$A$15)),0,\n         IF(OFFSET(CRONOPLE!$F$15,$M45-$A$15,CG$13)=0,10^12,OFFSET(CRONOPLE!$F$15,$M45-$A$15,CG$13)))","v":14},{"$f":"IF(OR($D45<>\"Serviço\",AND(AUTOEVENTO=\"Manual\",$M45=$A$15)),0,\n         IF(OFFSET(CRONOPLE!$F$15,$M45-$A$15,CH$13)=0,10^12,OFFSET(CRONOPLE!$F$15,$M45-$A$15,CH$13)))","v":20},{"$f":"IF(OR($D45<>\"Serviço\",AND(AUTOEVENTO=\"Manual\",$M45=$A$15)),0,\n         IF(OFFSET(CRONOPLE!$F$15,$M45-$A$15,CI$13)=0,10^12,OFFSET(CRONOPLE!$F$15,$M45-$A$15,CI$13)))","v":20},{"$f":"IF(OR($D45<>\"Serviço\",AND(AUTOEVENTO=\"Manual\",$M45=$A$15)),0,\n         IF(OFFSET(CRONOPLE!$F$15,$M45-$A$15,CJ$13)=0,10^12,OFFSET(CRONOPLE!$F$15,$M45-$A$15,CJ$13)))","v":20},{"$f":"IF(OR($D45<>\"Serviço\",AND(AUTOEVENTO=\"Manual\",$M45=$A$15)),0,\n         IF(OFFSET(CRONOPLE!$F$15,$M45-$A$15,CK$13)=0,10^12,OFFSET(CRONOPLE!$F$15,$M45-$A$15,CK$13)))","v":20},{"$f":"IF(OR($D45<>\"Serviço\",AND(AUTOEVENTO=\"Manual\",$M45=$A$15)),0,\n         IF(OFFSET(CRONOPLE!$F$15,$M45-$A$15,CL$13)=0,10^12,OFFSET(CRONOPLE!$F$15,$M45-$A$15,CL$13)))","v":20},{"$f":"IF(OR($D45<>\"Serviço\",AND(AUTOEVENTO=\"Manual\",$M45=$A$15)),0,\n         IF(OFFSET(CRONOPLE!$F$15,$M45-$A$15,CM$13)=0,10^12,OFFSET(CRONOPLE!$F$15,$M45-$A$15,CM$13)))","v":1000000000000},{"$f":"IF(OR($D45<>\"Serviço\",AND(AUTOEVENTO=\"Manual\",$M45=$A$15)),0,\n         IF(OFFSET(CRONOPLE!$F$15,$M45-$A$15,CN$13)=0,10^12,OFFSET(CRONOPLE!$F$15,$M45-$A$15,CN$13)))","v":1000000000000},{"$f":"IF(OR($D45<>\"Serviço\",AND(AUTOEVENTO=\"Manual\",$M45=$A$15)),0,\n         IF(OFFSET(CRONOPLE!$F$15,$M45-$A$15,CO$13)=0,10^12,OFFSET(CRONOPLE!$F$15,$M45-$A$15,CO$13)))","v":1000000000000},{"$f":"IF(OR($D45<>\"Serviço\",AND(AUTOEVENTO=\"Manual\",$M45=$A$15)),0,\n         IF(OFFSET(CRONOPLE!$F$15,$M45-$A$15,CP$13)=0,10^12,OFFSET(CRONOPLE!$F$15,$M45-$A$15,CP$13)))","v":1000000000000},{"$f":"IF(OR($D45<>\"Serviço\",AND(AUTOEVENTO=\"Manual\",$M45=$A$15)),0,\n         IF(OFFSET(CRONOPLE!$F$15,$M45-$A$15,CQ$13)=0,10^12,OFFSET(CRONOPLE!$F$15,$M45-$A$15,CQ$13)))","v":1000000000000},{"$f":"IF(OR($D45<>\"Serviço\",AND(AUTOEVENTO=\"Manual\",$M45=$A$15)),0,\n         IF(OFFSET(CRONOPLE!$F$15,$M45-$A$15,CR$13)=0,10^12,OFFSET(CRONOPLE!$F$15,$M45-$A$15,CR$13)))","v":1000000000000},null,{"$f":"IF(OR($D45<>\"Serviço\",AND(AUTOEVENTO=\"Manual\",$M45=$A$15),$M45>(ROW(PLE.lastrow)-ROW(PLE.firstrow))),0,\n           IF(OFFSET(PLE!$G$15,$M45-$A$15,CT$13)=\"\",10^12,OFFSET(PLE!$G$15,$M45-$A$15,CT$13)))","v":1000000000000},{"$f":"IF(OR($D45<>\"Serviço\",AND(AUTOEVENTO=\"Manual\",$M45=$A$15),$M45>(ROW(PLE.lastrow)-ROW(PLE.firstrow))),0,\n           IF(OFFSET(PLE!$G$15,$M45-$A$15,CU$13)=\"\",10^12,OFFSET(PLE!$G$15,$M45-$A$15,CU$13)))","v":1000000000000},{"$f":"IF(OR($D45<>\"Serviço\",AND(AUTOEVENTO=\"Manual\",$M45=$A$15),$M45>(ROW(PLE.lastrow)-ROW(PLE.firstrow))),0,\n           IF(OFFSET(PLE!$G$15,$M45-$A$15,CV$13)=\"\",10^12,OFFSET(PLE!$G$15,$M45-$A$15,CV$13)))","v":1000000000000},{"$f":"IF(OR($D45<>\"Serviço\",AND(AUTOEVENTO=\"Manual\",$M45=$A$15),$M45>(ROW(PLE.lastrow)-ROW(PLE.firstrow))),0,\n           IF(OFFSET(PLE!$G$15,$M45-$A$15,CW$13)=\"\",10^12,OFFSET(PLE!$G$15,$M45-$A$15,CW$13)))","v":1000000000000},{"$f":"IF(OR($D45<>\"Serviço\",AND(AUTOEVENTO=\"Manual\",$M45=$A$15),$M45>(ROW(PLE.lastrow)-ROW(PLE.firstrow))),0,\n           IF(OFFSET(PLE!$G$15,$M45-$A$15,CX$13)=\"\",10^12,OFFSET(PLE!$G$15,$M45-$A$15,CX$13)))","v":1000000000000},{"$f":"IF(OR($D45<>\"Serviço\",AND(AUTOEVENTO=\"Manual\",$M45=$A$15),$M45>(ROW(PLE.lastrow)-ROW(PLE.firstrow))),0,\n           IF(OFFSET(PLE!$G$15,$M45-$A$15,CY$13)=\"\",10^12,OFFSET(PLE!$G$15,$M45-$A$15,CY$13)))","v":1000000000000},{"$f":"IF(OR($D45<>\"Serviço\",AND(AUTOEVENTO=\"Manual\",$M45=$A$15),$M45>(ROW(PLE.lastrow)-ROW(PLE.firstrow))),0,\n           IF(OFFSET(PLE!$G$15,$M45-$A$15,CZ$13)=\"\",10^12,OFFSET(PLE!$G$15,$M45-$A$15,CZ$13)))","v":1000000000000},{"$f":"IF(OR($D45<>\"Serviço\",AND(AUTOEVENTO=\"Manual\",$M45=$A$15),$M45>(ROW(PLE.lastrow)-ROW(PLE.firstrow))),0,\n           IF(OFFSET(PLE!$G$15,$M45-$A$15,DA$13)=\"\",10^12,OFFSET(PLE!$G$15,$M45-$A$15,DA$13)))","v":1000000000000},{"$f":"IF(OR($D45<>\"Serviço\",AND(AUTOEVENTO=\"Manual\",$M45=$A$15),$M45>(ROW(PLE.lastrow)-ROW(PLE.firstrow))),0,\n           IF(OFFSET(PLE!$G$15,$M45-$A$15,DB$13)=\"\",10^12,OFFSET(PLE!$G$15,$M45-$A$15,DB$13)))","v":1000000000000},{"$f":"IF(OR($D45<>\"Serviço\",AND(AUTOEVENTO=\"Manual\",$M45=$A$15),$M45>(ROW(PLE.lastrow)-ROW(PLE.firstrow))),0,\n           IF(OFFSET(PLE!$G$15,$M45-$A$15,DC$13)=\"\",10^12,OFFSET(PLE!$G$15,$M45-$A$15,DC$13)))","v":1000000000000},{"$f":"IF(OR($D45<>\"Serviço\",AND(AUTOEVENTO=\"Manual\",$M45=$A$15),$M45>(ROW(PLE.lastrow)-ROW(PLE.firstrow))),0,\n           IF(OFFSET(PLE!$G$15,$M45-$A$15,DD$13)=\"\",10^12,OFFSET(PLE!$G$15,$M45-$A$15,DD$13)))","v":1000000000000},{"$f":"IF(OR($D45<>\"Serviço\",AND(AUTOEVENTO=\"Manual\",$M45=$A$15),$M45>(ROW(PLE.lastrow)-ROW(PLE.firstrow))),0,\n           IF(OFFSET(PLE!$G$15,$M45-$A$15,DE$13)=\"\",10^12,OFFSET(PLE!$G$15,$M45-$A$15,DE$13)))","v":1000000000000},{"$f":"IF(OR($D45<>\"Serviço\",AND(AUTOEVENTO=\"Manual\",$M45=$A$15),$M45>(ROW(PLE.lastrow)-ROW(PLE.firstrow))),0,\n           IF(OFFSET(PLE!$G$15,$M45-$A$15,DF$13)=\"\",10^12,OFFSET(PLE!$G$15,$M45-$A$15,DF$13)))","v":1000000000000},{"$f":"IF(OR($D45<>\"Serviço\",AND(AUTOEVENTO=\"Manual\",$M45=$A$15),$M45>(ROW(PLE.lastrow)-ROW(PLE.firstrow))),0,\n           IF(OFFSET(PLE!$G$15,$M45-$A$15,DG$13)=\"\",10^12,OFFSET(PLE!$G$15,$M45-$A$15,DG$13)))","v":1000000000000},{"$f":"IF(OR($D45<>\"Serviço\",AND(AUTOEVENTO=\"Manual\",$M45=$A$15),$M45>(ROW(PLE.lastrow)-ROW(PLE.firstrow))),0,\n           IF(OFFSET(PLE!$G$15,$M45-$A$15,DH$13)=\"\",10^12,OFFSET(PLE!$G$15,$M45-$A$15,DH$13)))","v":1000000000000},{"$f":"IF(OR($D45<>\"Serviço\",AND(AUTOEVENTO=\"Manual\",$M45=$A$15),$M45>(ROW(PLE.lastrow)-ROW(PLE.firstrow))),0,\n           IF(OFFSET(PLE!$G$15,$M45-$A$15,DI$13)=\"\",10^12,OFFSET(PLE!$G$15,$M45-$A$15,DI$13)))","v":1000000000000},{"$f":"IF(OR($D45<>\"Serviço\",AND(AUTOEVENTO=\"Manual\",$M45=$A$15),$M45>(ROW(PLE.lastrow)-ROW(PLE.firstrow))),0,\n           IF(OFFSET(PLE!$G$15,$M45-$A$15,DJ$13)=\"\",10^12,OFFSET(PLE!$G$15,$M45-$A$15,DJ$13)))","v":1000000000000},{"$f":"IF(OR($D45<>\"Serviço\",AND(AUTOEVENTO=\"Manual\",$M45=$A$15),$M45>(ROW(PLE.lastrow)-ROW(PLE.firstrow))),0,\n           IF(OFFSET(PLE!$G$15,$M45-$A$15,DK$13)=\"\",10^12,OFFSET(PLE!$G$15,$M45-$A$15,DK$13)))","v":1000000000000},{"$f":"IF(OR($D45<>\"Serviço\",AND(AUTOEVENTO=\"Manual\",$M45=$A$15),$M45>(ROW(PLE.lastrow)-ROW(PLE.firstrow))),0,\n           IF(OFFSET(PLE!$G$15,$M45-$A$15,DL$13)=\"\",10^12,OFFSET(PLE!$G$15,$M45-$A$15,DL$13)))","v":1000000000000},{"$f":"IF(OR($D45<>\"Serviço\",AND(AUTOEVENTO=\"Manual\",$M45=$A$15),$M45>(ROW(PLE.lastrow)-ROW(PLE.firstrow))),0,\n           IF(OFFSET(PLE!$G$15,$M45-$A$15,DM$13)=\"\",10^12,OFFSET(PLE!$G$15,$M45-$A$15,DM$13)))","v":1000000000000},{"$f":"IF(OR($D45<>\"Serviço\",AND(AUTOEVENTO=\"Manual\",$M45=$A$15),$M45>(ROW(PLE.lastrow)-ROW(PLE.firstrow))),0,\n           IF(OFFSET(PLE!$G$15,$M45-$A$15,DN$13)=\"\",10^12,OFFSET(PLE!$G$15,$M45-$A$15,DN$13)))","v":1000000000000},{"$f":"IF(OR($D45<>\"Serviço\",AND(AUTOEVENTO=\"Manual\",$M45=$A$15),$M45>(ROW(PLE.lastrow)-ROW(PLE.firstrow))),0,\n           IF(OFFSET(PLE!$G$15,$M45-$A$15,DO$13)=\"\",10^12,OFFSET(PLE!$G$15,$M45-$A$15,DO$13)))","v":1000000000000},{"$f":"IF(OR($D45<>\"Serviço\",AND(AUTOEVENTO=\"Manual\",$M45=$A$15),$M45>(ROW(PLE.lastrow)-ROW(PLE.firstrow))),0,\n           IF(OFFSET(PLE!$G$15,$M45-$A$15,DP$13)=\"\",10^12,OFFSET(PLE!$G$15,$M45-$A$15,DP$13)))","v":1000000000000},{"$f":"IF(OR($D45<>\"Serviço\",AND(AUTOEVENTO=\"Manual\",$M45=$A$15),$M45>(ROW(PLE.lastrow)-ROW(PLE.firstrow))),0,\n           IF(OFFSET(PLE!$G$15,$M45-$A$15,DQ$13)=\"\",10^12,OFFSET(PLE!$G$15,$M45-$A$15,DQ$13)))","v":1000000000000},{"$f":"IF(OR($D45<>\"Serviço\",AND(AUTOEVENTO=\"Manual\",$M45=$A$15),$M45>(ROW(PLE.lastrow)-ROW(PLE.firstrow))),0,\n           IF(OFFSET(PLE!$G$15,$M45-$A$15,DR$13)=\"\",10^12,OFFSET(PLE!$G$15,$M45-$A$15,DR$13)))","v":1000000000000},{"$f":"IF(OR($D45<>\"Serviço\",AND(AUTOEVENTO=\"Manual\",$M45=$A$15),$M45>(ROW(PLE.lastrow)-ROW(PLE.firstrow))),0,\n           IF(OFFSET(PLE!$G$15,$M45-$A$15,DS$13)=\"\",10^12,OFFSET(PLE!$G$15,$M45-$A$15,DS$13)))","v":1000000000000}]
["31.",{"$f":"OFFSET(ORÇAMENTO!C$15,$L46,0)","v":2},{"$f":"OFFSET(ORÇAMENTO!L$15,$L46,0)","v":"F"},{"$f":"OFFSET(ORÇAMENTO!N$15,$L46,0)","v":"Nível 2"},{"$f":"OFFSET(ORÇAMENTO!O$15,$L46,0)","v":"1.4."},{"$f":"OFFSET(ORÇAMENTO!R$15,$L46,0)","v":"SUPRAESTRUTURA"},{"$f":"IF($D46<>\"Serviço\",\"\",OFFSET(ORÇAMENTO!S$15,$L46,0))","v":""},{"$f":"IF($D46<>\"Serviço\",0,IF(ACOMPANHAMENTO=\"BM\",ROUND(OFFSET(ORÇAMENTO!AJ$15,$L46,0),15-13*ORÇAMENTO!$AF$7),IF(IFERROR(CÁLCULO.FrentesPreenchidas,0)=0,0,SUM(ROUND(OFFSET($P46,0,1,1,CÁLCULO.FrentesPreenchidas),15-13*ORÇAMENTO!$AF$7)))))","v":0},null,{"$f":"IF(OR(B46<>\"S\",CÁLCULO.FrentesPreenchidas=0),\"\",IF(AND(ACOMPANHAMENTO=\"PLE\",AUTOEVENTO=\"Manual\",OR(H46>0,ORÇAMENTO!AC46=\"QUANT.\"),OR(K46=\"\",M46=0,N46=\"\")),\"►E\",IF(AND(ACOMPANHAMENTO=\"PLE\",ORÇAMENTO!AC46=\"QUANT.\"),\"►Q\",IF(AND(ACOMPANHAMENTO=\"PLE\",H46<>SUMPRODUCT(($Q$1:$AQ$1=1)*ROUND(Q46:AQ46,15))),\"►S\",IF(AND(COUNTIF($P$11:$AQ$11,\"▼\")=0,H46>0,I46=\"\"),\"◄M\",\"\")))))","v":""},null,31,{"$f":"IF($D46<>\"Serviço\",\"\",\n          IF(AUTOEVENTO=\"manual\",$A46,\n                IF(ISERROR(MATCH($A46,$A$15:OFFSET($A46,-1,0),0)),MAX($M$15:OFFSET(M46,-1,0))+1,\n                      INDEX($M$15:OFFSET(M46,-1,0),MATCH($A46,$A$15:OFFSET($A46,-1,0),0)))))","v":""},{"$f":"IF($D46<>\"Serviço\",\"\",\n         IF(AUTOEVENTO=\"Manual\",\n                IF($A46=0,\"<-- defina o número do agrupador\",\n                       OFFSET(EVENTOS!$D$15,$A46-$A$15,0)),\n                OFFSET($F$15,$A46,0)))","v":""},null,null,null,null,null,null,null,null,null,null,null,null,null,null,null,null,null,null,null,null,null,null,null,null,null,null,null,null,null,{"$f":"IF(AND($D46=\"Serviço\",AR$12<>0,$H46>0,OR(AUTOEVENTO<>\"manual\",$M46<>$A$15)),\n        IF(Import.TipoArredondamento<>\"TransfereGOV\",\n              ROUND(OFFSET($P46,0,AR$13),15-13*ORÇAMENTO!$AF$7)/$H46*OFFSET(ORÇAMENTO!$X$15,ROW(AR46)-ROW(AR$15),0),\n              ROUND(ROUND(OFFSET($P46,0,AR$13),15-13*ORÇAMENTO!$AF$7)*OFFSET(ORÇAMENTO!$W$15,ROW(AR46)-ROW(AR$15),0),15-13*ORÇAMENTO!$AF$11)),\n         0)","v":0},{"$f":"IF(AND($D46=\"Serviço\",AS$12<>0,$H46>0,OR(AUTOEVENTO<>\"manual\",$M46<>$A$15)),\n        IF(Import.TipoArredondamento<>\"TransfereGOV\",\n              ROUND(OFFSET($P46,0,AS$13),15-13*ORÇAMENTO!$AF$7)/$H46*OFFSET(ORÇAMENTO!$X$15,ROW(AS46)-ROW(AS$15),0),\n              ROUND(ROUND(OFFSET($P46,0,AS$13),15-13*ORÇAMENTO!$AF$7)*OFFSET(ORÇAMENTO!$W$15,ROW(AS46)-ROW(AS$15),0),15-13*ORÇAMENTO!$AF$11)),\n         0)","v":0},{"$f":"IF(AND($D46=\"Serviço\",AT$12<>0,$H46>0,OR(AUTOEVENTO<>\"manual\",$M46<>$A$15)),\n        IF(Import.TipoArredondamento<>\"TransfereGOV\",\n              ROUND(OFFSET($P46,0,AT$13),15-13*ORÇAMENTO!$AF$7)/$H46*OFFSET(ORÇAMENTO!$X$15,ROW(AT46)-ROW(AT$15),0),\n              ROUND(ROUND(OFFSET($P46,0,AT$13),15-13*ORÇAMENTO!$AF$7)*OFFSET(ORÇAMENTO!$W$15,ROW(AT46)-ROW(AT$15),0),15-13*ORÇAMENTO!$AF$11)),\n         0)","v":0},{"$f":"IF(AND($D46=\"Serviço\",AU$12<>0,$H46>0,OR(AUTOEVENTO<>\"manual\",$M46<>$A$15)),\n        IF(Import.TipoArredondamento<>\"TransfereGOV\",\n              ROUND(OFFSET($P46,0,AU$13),15-13*ORÇAMENTO!$AF$7)/$H46*OFFSET(ORÇAMENTO!$X$15,ROW(AU46)-ROW(AU$15),0),\n              ROUND(ROUND(OFFSET($P46,0,AU$13),15-13*ORÇAMENTO!$AF$7)*OFFSET(ORÇAMENTO!$W$15,ROW(AU46)-ROW(AU$15),0),15-13*ORÇAMENTO!$AF$11)),\n         0)","v":0},{"$f":"IF(AND($D46=\"Serviço\",AV$12<>0,$H46>0,OR(AUTOEVENTO<>\"manual\",$M46<>$A$15)),\n        IF(Import.TipoArredondamento<>\"TransfereGOV\",\n              ROUND(OFFSET($P46,0,AV$13),15-13*ORÇAMENTO!$AF$7)/$H46*OFFSET(ORÇAMENTO!$X$15,ROW(AV46)-ROW(AV$15),0),\n              ROUND(ROUND(OFFSET($P46,0,AV$13),15-13*ORÇAMENTO!$AF$7)*OFFSET(ORÇAMENTO!$W$15,ROW(AV46)-ROW(AV$15),0),15-13*ORÇAMENTO!$AF$11)),\n         0)","v":0},{"$f":"IF(AND($D46=\"Serviço\",AW$12<>0,$H46>0,OR(AUTOEVENTO<>\"manual\",$M46<>$A$15)),\n        IF(Import.TipoArredondamento<>\"TransfereGOV\",\n              ROUND(OFFSET($P46,0,AW$13),15-13*ORÇAMENTO!$AF$7)/$H46*OFFSET(ORÇAMENTO!$X$15,ROW(AW46)-ROW(AW$15),0),\n              ROUND(ROUND(OFFSET($P46,0,AW$13),15-13*ORÇAMENTO!$AF$7)*OFFSET(ORÇAMENTO!$W$15,ROW(AW46)-ROW(AW$15),0),15-13*ORÇAMENTO!$AF$11)),\n         0)","v":0},{"$f":"IF(AND($D46=\"Serviço\",AX$12<>0,$H46>0,OR(AUTOEVENTO<>\"manual\",$M46<>$A$15)),\n        IF(Import.TipoArredondamento<>\"TransfereGOV\",\n              ROUND(OFFSET($P46,0,AX$13),15-13*ORÇAMENTO!$AF$7)/$H46*OFFSET(ORÇAMENTO!$X$15,ROW(AX46)-ROW(AX$15),0),\n              ROUND(ROUND(OFFSET($P46,0,AX$13),15-13*ORÇAMENTO!$AF$7)*OFFSET(ORÇAMENTO!$W$15,ROW(AX46)-ROW(AX$15),0),15-13*ORÇAMENTO!$AF$11)),\n         0)","v":0},{"$f":"IF(AND($D46=\"Serviço\",AY$12<>0,$H46>0,OR(AUTOEVENTO<>\"manual\",$M46<>$A$15)),\n        IF(Import.TipoArredondamento<>\"TransfereGOV\",\n              ROUND(OFFSET($P46,0,AY$13),15-13*ORÇAMENTO!$AF$7)/$H46*OFFSET(ORÇAMENTO!$X$15,ROW(AY46)-ROW(AY$15),0),\n              ROUND(ROUND(OFFSET($P46,0,AY$13),15-13*ORÇAMENTO!$AF$7)*OFFSET(ORÇAMENTO!$W$15,ROW(AY46)-ROW(AY$15),0),15-13*ORÇAMENTO!$AF$11)),\n         0)","v":0},{"$f":"IF(AND($D46=\"Serviço\",AZ$12<>0,$H46>0,OR(AUTOEVENTO<>\"manual\",$M46<>$A$15)),\n        IF(Import.TipoArredondamento<>\"TransfereGOV\",\n              ROUND(OFFSET($P46,0,AZ$13),15-13*ORÇAMENTO!$AF$7)/$H46*OFFSET(ORÇAMENTO!$X$15,ROW(AZ46)-ROW(AZ$15),0),\n              ROUND(ROUND(OFFSET($P46,0,AZ$13),15-13*ORÇAMENTO!$AF$7)*OFFSET(ORÇAMENTO!$W$15,ROW(AZ46)-ROW(AZ$15),0),15-13*ORÇAMENTO!$AF$11)),\n         0)","v":0},{"$f":"IF(AND($D46=\"Serviço\",BA$12<>0,$H46>0,OR(AUTOEVENTO<>\"manual\",$M46<>$A$15)),\n        IF(Import.TipoArredondamento<>\"TransfereGOV\",\n              ROUND(OFFSET($P46,0,BA$13),15-13*ORÇAMENTO!$AF$7)/$H46*OFFSET(ORÇAMENTO!$X$15,ROW(BA46)-ROW(BA$15),0),\n              ROUND(ROUND(OFFSET($P46,0,BA$13),15-13*ORÇAMENTO!$AF$7)*OFFSET(ORÇAMENTO!$W$15,ROW(BA46)-ROW(BA$15),0),15-13*ORÇAMENTO!$AF$11)),\n         0)","v":0},{"$f":"IF(AND($D46=\"Serviço\",BB$12<>0,$H46>0,OR(AUTOEVENTO<>\"manual\",$M46<>$A$15)),\n        IF(Import.TipoArredondamento<>\"TransfereGOV\",\n              ROUND(OFFSET($P46,0,BB$13),15-13*ORÇAMENTO!$AF$7)/$H46*OFFSET(ORÇAMENTO!$X$15,ROW(BB46)-ROW(BB$15),0),\n              ROUND(ROUND(OFFSET($P46,0,BB$13),15-13*ORÇAMENTO!$AF$7)*OFFSET(ORÇAMENTO!$W$15,ROW(BB46)-ROW(BB$15),0),15-13*ORÇAMENTO!$AF$11)),\n         0)","v":0},{"$f":"IF(AND($D46=\"Serviço\",BC$12<>0,$H46>0,OR(AUTOEVENTO<>\"manual\",$M46<>$A$15)),\n        IF(Import.TipoArredondamento<>\"TransfereGOV\",\n              ROUND(OFFSET($P46,0,BC$13),15-13*ORÇAMENTO!$AF$7)/$H46*OFFSET(ORÇAMENTO!$X$15,ROW(BC46)-ROW(BC$15),0),\n              ROUND(ROUND(OFFSET($P46,0,BC$13),15-13*ORÇAMENTO!$AF$7)*OFFSET(ORÇAMENTO!$W$15,ROW(BC46)-ROW(BC$15),0),15-13*ORÇAMENTO!$AF$11)),\n         0)","v":0},{"$f":"IF(AND($D46=\"Serviço\",BD$12<>0,$H46>0,OR(AUTOEVENTO<>\"manual\",$M46<>$A$15)),\n        IF(Import.TipoArredondamento<>\"TransfereGOV\",\n              ROUND(OFFSET($P46,0,BD$13),15-13*ORÇAMENTO!$AF$7)/$H46*OFFSET(ORÇAMENTO!$X$15,ROW(BD46)-ROW(BD$15),0),\n              ROUND(ROUND(OFFSET($P46,0,BD$13),15-13*ORÇAMENTO!$AF$7)*OFFSET(ORÇAMENTO!$W$15,ROW(BD46)-ROW(BD$15),0),15-13*ORÇAMENTO!$AF$11)),\n         0)","v":0},{"$f":"IF(AND($D46=\"Serviço\",BE$12<>0,$H46>0,OR(AUTOEVENTO<>\"manual\",$M46<>$A$15)),\n        IF(Import.TipoArredondamento<>\"TransfereGOV\",\n              ROUND(OFFSET($P46,0,BE$13),15-13*ORÇAMENTO!$AF$7)/$H46*OFFSET(ORÇAMENTO!$X$15,ROW(BE46)-ROW(BE$15),0),\n              ROUND(ROUND(OFFSET($P46,0,BE$13),15-13*ORÇAMENTO!$AF$7)*OFFSET(ORÇAMENTO!$W$15,ROW(BE46)-ROW(BE$15),0),15-13*ORÇAMENTO!$AF$11)),\n         0)","v":0},{"$f":"IF(AND($D46=\"Serviço\",BF$12<>0,$H46>0,OR(AUTOEVENTO<>\"manual\",$M46<>$A$15)),\n        IF(Import.TipoArredondamento<>\"TransfereGOV\",\n              ROUND(OFFSET($P46,0,BF$13),15-13*ORÇAMENTO!$AF$7)/$H46*OFFSET(ORÇAMENTO!$X$15,ROW(BF46)-ROW(BF$15),0),\n              ROUND(ROUND(OFFSET($P46,0,BF$13),15-13*ORÇAMENTO!$AF$7)*OFFSET(ORÇAMENTO!$W$15,ROW(BF46)-ROW(BF$15),0),15-13*ORÇAMENTO!$AF$11)),\n         0)","v":0},{"$f":"IF(AND($D46=\"Serviço\",BG$12<>0,$H46>0,OR(AUTOEVENTO<>\"manual\",$M46<>$A$15)),\n        IF(Import.TipoArredondamento<>\"TransfereGOV\",\n              ROUND(OFFSET($P46,0,BG$13),15-13*ORÇAMENTO!$AF$7)/$H46*OFFSET(ORÇAMENTO!$X$15,ROW(BG46)-ROW(BG$15),0),\n              ROUND(ROUND(OFFSET($P46,0,BG$13),15-13*ORÇAMENTO!$AF$7)*OFFSET(ORÇAMENTO!$W$15,ROW(BG46)-ROW(BG$15),0),15-13*ORÇAMENTO!$AF$11)),\n         0)","v":0},{"$f":"IF(AND($D46=\"Serviço\",BH$12<>0,$H46>0,OR(AUTOEVENTO<>\"manual\",$M46<>$A$15)),\n        IF(Import.TipoArredondamento<>\"TransfereGOV\",\n              ROUND(OFFSET($P46,0,BH$13),15-13*ORÇAMENTO!$AF$7)/$H46*OFFSET(ORÇAMENTO!$X$15,ROW(BH46)-ROW(BH$15),0),\n              ROUND(ROUND(OFFSET($P46,0,BH$13),15-13*ORÇAMENTO!$AF$7)*OFFSET(ORÇAMENTO!$W$15,ROW(BH46)-ROW(BH$15),0),15-13*ORÇAMENTO!$AF$11)),\n         0)","v":0},{"$f":"IF(AND($D46=\"Serviço\",BI$12<>0,$H46>0,OR(AUTOEVENTO<>\"manual\",$M46<>$A$15)),\n        IF(Import.TipoArredondamento<>\"TransfereGOV\",\n              ROUND(OFFSET($P46,0,BI$13),15-13*ORÇAMENTO!$AF$7)/$H46*OFFSET(ORÇAMENTO!$X$15,ROW(BI46)-ROW(BI$15),0),\n              ROUND(ROUND(OFFSET($P46,0,BI$13),15-13*ORÇAMENTO!$AF$7)*OFFSET(ORÇAMENTO!$W$15,ROW(BI46)-ROW(BI$15),0),15-13*ORÇAMENTO!$AF$11)),\n         0)","v":0},{"$f":"IF(AND($D46=\"Serviço\",BJ$12<>0,$H46>0,OR(AUTOEVENTO<>\"manual\",$M46<>$A$15)),\n        IF(Import.TipoArredondamento<>\"TransfereGOV\",\n              ROUND(OFFSET($P46,0,BJ$13),15-13*ORÇAMENTO!$AF$7)/$H46*OFFSET(ORÇAMENTO!$X$15,ROW(BJ46)-ROW(BJ$15),0),\n              ROUND(ROUND(OFFSET($P46,0,BJ$13),15-13*ORÇAMENTO!$AF$7)*OFFSET(ORÇAMENTO!$W$15,ROW(BJ46)-ROW(BJ$15),0),15-13*ORÇAMENTO!$AF$11)),\n         0)","v":0},{"$f":"IF(AND($D46=\"Serviço\",BK$12<>0,$H46>0,OR(AUTOEVENTO<>\"manual\",$M46<>$A$15)),\n        IF(Import.TipoArredondamento<>\"TransfereGOV\",\n              ROUND(OFFSET($P46,0,BK$13),15-13*ORÇAMENTO!$AF$7)/$H46*OFFSET(ORÇAMENTO!$X$15,ROW(BK46)-ROW(BK$15),0),\n              ROUND(ROUND(OFFSET($P46,0,BK$13),15-13*ORÇAMENTO!$AF$7)*OFFSET(ORÇAMENTO!$W$15,ROW(BK46)-ROW(BK$15),0),15-13*ORÇAMENTO!$AF$11)),\n         0)","v":0},{"$f":"IF(AND($D46=\"Serviço\",BL$12<>0,$H46>0,OR(AUTOEVENTO<>\"manual\",$M46<>$A$15)),\n        IF(Import.TipoArredondamento<>\"TransfereGOV\",\n              ROUND(OFFSET($P46,0,BL$13),15-13*ORÇAMENTO!$AF$7)/$H46*OFFSET(ORÇAMENTO!$X$15,ROW(BL46)-ROW(BL$15),0),\n              ROUND(ROUND(OFFSET($P46,0,BL$13),15-13*ORÇAMENTO!$AF$7)*OFFSET(ORÇAMENTO!$W$15,ROW(BL46)-ROW(BL$15),0),15-13*ORÇAMENTO!$AF$11)),\n         0)","v":0},{"$f":"IF(AND($D46=\"Serviço\",BM$12<>0,$H46>0,OR(AUTOEVENTO<>\"manual\",$M46<>$A$15)),\n        IF(Import.TipoArredondamento<>\"TransfereGOV\",\n              ROUND(OFFSET($P46,0,BM$13),15-13*ORÇAMENTO!$AF$7)/$H46*OFFSET(ORÇAMENTO!$X$15,ROW(BM46)-ROW(BM$15),0),\n              ROUND(ROUND(OFFSET($P46,0,BM$13),15-13*ORÇAMENTO!$AF$7)*OFFSET(ORÇAMENTO!$W$15,ROW(BM46)-ROW(BM$15),0),15-13*ORÇAMENTO!$AF$11)),\n         0)","v":0},{"$f":"IF(AND($D46=\"Serviço\",BN$12<>0,$H46>0,OR(AUTOEVENTO<>\"manual\",$M46<>$A$15)),\n        IF(Import.TipoArredondamento<>\"TransfereGOV\",\n              ROUND(OFFSET($P46,0,BN$13),15-13*ORÇAMENTO!$AF$7)/$H46*OFFSET(ORÇAMENTO!$X$15,ROW(BN46)-ROW(BN$15),0),\n              ROUND(ROUND(OFFSET($P46,0,BN$13),15-13*ORÇAMENTO!$AF$7)*OFFSET(ORÇAMENTO!$W$15,ROW(BN46)-ROW(BN$15),0),15-13*ORÇAMENTO!$AF$11)),\n         0)","v":0},{"$f":"IF(AND($D46=\"Serviço\",BO$12<>0,$H46>0,OR(AUTOEVENTO<>\"manual\",$M46<>$A$15)),\n        IF(Import.TipoArredondamento<>\"TransfereGOV\",\n              ROUND(OFFSET($P46,0,BO$13),15-13*ORÇAMENTO!$AF$7)/$H46*OFFSET(ORÇAMENTO!$X$15,ROW(BO46)-ROW(BO$15),0),\n              ROUND(ROUND(OFFSET($P46,0,BO$13),15-13*ORÇAMENTO!$AF$7)*OFFSET(ORÇAMENTO!$W$15,ROW(BO46)-ROW(BO$15),0),15-13*ORÇAMENTO!$AF$11)),\n         0)","v":0},{"$f":"IF(AND($D46=\"Serviço\",BP$12<>0,$H46>0,OR(AUTOEVENTO<>\"manual\",$M46<>$A$15)),\n        IF(Import.TipoArredondamento<>\"TransfereGOV\",\n              ROUND(OFFSET($P46,0,BP$13),15-13*ORÇAMENTO!$AF$7)/$H46*OFFSET(ORÇAMENTO!$X$15,ROW(BP46)-ROW(BP$15),0),\n              ROUND(ROUND(OFFSET($P46,0,BP$13),15-13*ORÇAMENTO!$AF$7)*OFFSET(ORÇAMENTO!$W$15,ROW(BP46)-ROW(BP$15),0),15-13*ORÇAMENTO!$AF$11)),\n         0)","v":0},{"$f":"IF(AND($D46=\"Serviço\",BQ$12<>0,$H46>0,OR(AUTOEVENTO<>\"manual\",$M46<>$A$15)),\n        IF(Import.TipoArredondamento<>\"TransfereGOV\",\n              ROUND(OFFSET($P46,0,BQ$13),15-13*ORÇAMENTO!$AF$7)/$H46*OFFSET(ORÇAMENTO!$X$15,ROW(BQ46)-ROW(BQ$15),0),\n              ROUND(ROUND(OFFSET($P46,0,BQ$13),15-13*ORÇAMENTO!$AF$7)*OFFSET(ORÇAMENTO!$W$15,ROW(BQ46)-ROW(BQ$15),0),15-13*ORÇAMENTO!$AF$11)),\n         0)","v":0},null,{"$f":"IF(OR($D46<>\"Serviço\",AND(AUTOEVENTO=\"Manual\",$M46=$A$15)),0,\n         IF(OFFSET(CRONOPLE!$F$15,$M46-$A$15,BS$13)=0,10^12,OFFSET(CRONOPLE!$F$15,$M46-$A$15,BS$13)))","v":0},{"$f":"IF(OR($D46<>\"Serviço\",AND(AUTOEVENTO=\"Manual\",$M46=$A$15)),0,\n         IF(OFFSET(CRONOPLE!$F$15,$M46-$A$15,BT$13)=0,10^12,OFFSET(CRONOPLE!$F$15,$M46-$A$15,BT$13)))","v":0},{"$f":"IF(OR($D46<>\"Serviço\",AND(AUTOEVENTO=\"Manual\",$M46=$A$15)),0,\n         IF(OFFSET(CRONOPLE!$F$15,$M46-$A$15,BU$13)=0,10^12,OFFSET(CRONOPLE!$F$15,$M46-$A$15,BU$13)))","v":0},{"$f":"IF(OR($D46<>\"Serviço\",AND(AUTOEVENTO=\"Manual\",$M46=$A$15)),0,\n         IF(OFFSET(CRONOPLE!$F$15,$M46-$A$15,BV$13)=0,10^12,OFFSET(CRONOPLE!$F$15,$M46-$A$15,BV$13)))","v":0},{"$f":"IF(OR($D46<>\"Serviço\",AND(AUTOEVENTO=\"Manual\",$M46=$A$15)),0,\n         IF(OFFSET(CRONOPLE!$F$15,$M46-$A$15,BW$13)=0,10^12,OFFSET(CRONOPLE!$F$15,$M46-$A$15,BW$13)))","v":0},{"$f":"IF(OR($D46<>\"Serviço\",AND(AUTOEVENTO=\"Manual\",$M46=$A$15)),0,\n         IF(OFFSET(CRONOPLE!$F$15,$M46-$A$15,BX$13)=0,10^12,OFFSET(CRONOPLE!$F$15,$M46-$A$15,BX$13)))","v":0},{"$f":"IF(OR($D46<>\"Serviço\",AND(AUTOEVENTO=\"Manual\",$M46=$A$15)),0,\n         IF(OFFSET(CRONOPLE!$F$15,$M46-$A$15,BY$13)=0,10^12,OFFSET(CRONOPLE!$F$15,$M46-$A$15,BY$13)))","v":0},{"$f":"IF(OR($D46<>\"Serviço\",AND(AUTOEVENTO=\"Manual\",$M46=$A$15)),0,\n         IF(OFFSET(CRONOPLE!$F$15,$M46-$A$15,BZ$13)=0,10^12,OFFSET(CRONOPLE!$F$15,$M46-$A$15,BZ$13)))","v":0},{"$f":"IF(OR($D46<>\"Serviço\",AND(AUTOEVENTO=\"Manual\",$M46=$A$15)),0,\n         IF(OFFSET(CRONOPLE!$F$15,$M46-$A$15,CA$13)=0,10^12,OFFSET(CRONOPLE!$F$15,$M46-$A$15,CA$13)))","v":0},{"$f":"IF(OR($D46<>\"Serviço\",AND(AUTOEVENTO=\"Manual\",$M46=$A$15)),0,\n         IF(OFFSET(CRONOPLE!$F$15,$M46-$A$15,CB$13)=0,10^12,OFFSET(CRONOPLE!$F$15,$M46-$A$15,CB$13)))","v":0},{"$f":"IF(OR($D46<>\"Serviço\",AND(AUTOEVENTO=\"Manual\",$M46=$A$15)),0,\n         IF(OFFSET(CRONOPLE!$F$15,$M46-$A$15,CC$13)=0,10^12,OFFSET(CRONOPLE!$F$15,$M46-$A$15,CC$13)))","v":0},{"$f":"IF(OR($D46<>\"Serviço\",AND(AUTOEVENTO=\"Manual\",$M46=$A$15)),0,\n         IF(OFFSET(CRONOPLE!$F$15,$M46-$A$15,CD$13)=0,10^12,OFFSET(CRONOPLE!$F$15,$M46-$A$15,CD$13)))","v":0},{"$f":"IF(OR($D46<>\"Serviço\",AND(AUTOEVENTO=\"Manual\",$M46=$A$15)),0,\n         IF(OFFSET(CRONOPLE!$F$15,$M46-$A$15,CE$13)=0,10^12,OFFSET(CRONOPLE!$F$15,$M46-$A$15,CE$13)))","v":0},{"$f":"IF(OR($D46<>\"Serviço\",AND(AUTOEVENTO=\"Manual\",$M46=$A$15)),0,\n         IF(OFFSET(CRONOPLE!$F$15,$M46-$A$15,CF$13)=0,10^12,OFFSET(CRONOPLE!$F$15,$M46-$A$15,CF$13)))","v":0},{"$f":"IF(OR($D46<>\"Serviço\",AND(AUTOEVENTO=\"Manual\",$M46=$A$15)),0,\n         IF(OFFSET(CRONOPLE!$F$15,$M46-$A$15,CG$13)=0,10^12,OFFSET(CRONOPLE!$F$15,$M46-$A$15,CG$13)))","v":0},{"$f":"IF(OR($D46<>\"Serviço\",AND(AUTOEVENTO=\"Manual\",$M46=$A$15)),0,\n         IF(OFFSET(CRONOPLE!$F$15,$M46-$A$15,CH$13)=0,10^12,OFFSET(CRONOPLE!$F$15,$M46-$A$15,CH$13)))","v":0},{"$f":"IF(OR($D46<>\"Serviço\",AND(AUTOEVENTO=\"Manual\",$M46=$A$15)),0,\n         IF(OFFSET(CRONOPLE!$F$15,$M46-$A$15,CI$13)=0,10^12,OFFSET(CRONOPLE!$F$15,$M46-$A$15,CI$13)))","v":0},{"$f":"IF(OR($D46<>\"Serviço\",AND(AUTOEVENTO=\"Manual\",$M46=$A$15)),0,\n         IF(OFFSET(CRONOPLE!$F$15,$M46-$A$15,CJ$13)=0,10^12,OFFSET(CRONOPLE!$F$15,$M46-$A$15,CJ$13)))","v":0},{"$f":"IF(OR($D46<>\"Serviço\",AND(AUTOEVENTO=\"Manual\",$M46=$A$15)),0,\n         IF(OFFSET(CRONOPLE!$F$15,$M46-$A$15,CK$13)=0,10^12,OFFSET(CRONOPLE!$F$15,$M46-$A$15,CK$13)))","v":0},{"$f":"IF(OR($D46<>\"Serviço\",AND(AUTOEVENTO=\"Manual\",$M46=$A$15)),0,\n         IF(OFFSET(CRONOPLE!$F$15,$M46-$A$15,CL$13)=0,10^12,OFFSET(CRONOPLE!$F$15,$M46-$A$15,CL$13)))","v":0},{"$f":"IF(OR($D46<>\"Serviço\",AND(AUTOEVENTO=\"Manual\",$M46=$A$15)),0,\n         IF(OFFSET(CRONOPLE!$F$15,$M46-$A$15,CM$13)=0,10^12,OFFSET(CRONOPLE!$F$15,$M46-$A$15,CM$13)))","v":0},{"$f":"IF(OR($D46<>\"Serviço\",AND(AUTOEVENTO=\"Manual\",$M46=$A$15)),0,\n         IF(OFFSET(CRONOPLE!$F$15,$M46-$A$15,CN$13)=0,10^12,OFFSET(CRONOPLE!$F$15,$M46-$A$15,CN$13)))","v":0},{"$f":"IF(OR($D46<>\"Serviço\",AND(AUTOEVENTO=\"Manual\",$M46=$A$15)),0,\n         IF(OFFSET(CRONOPLE!$F$15,$M46-$A$15,CO$13)=0,10^12,OFFSET(CRONOPLE!$F$15,$M46-$A$15,CO$13)))","v":0},{"$f":"IF(OR($D46<>\"Serviço\",AND(AUTOEVENTO=\"Manual\",$M46=$A$15)),0,\n         IF(OFFSET(CRONOPLE!$F$15,$M46-$A$15,CP$13)=0,10^12,OFFSET(CRONOPLE!$F$15,$M46-$A$15,CP$13)))","v":0},{"$f":"IF(OR($D46<>\"Serviço\",AND(AUTOEVENTO=\"Manual\",$M46=$A$15)),0,\n         IF(OFFSET(CRONOPLE!$F$15,$M46-$A$15,CQ$13)=0,10^12,OFFSET(CRONOPLE!$F$15,$M46-$A$15,CQ$13)))","v":0},{"$f":"IF(OR($D46<>\"Serviço\",AND(AUTOEVENTO=\"Manual\",$M46=$A$15)),0,\n         IF(OFFSET(CRONOPLE!$F$15,$M46-$A$15,CR$13)=0,10^12,OFFSET(CRONOPLE!$F$15,$M46-$A$15,CR$13)))","v":0},null,{"$f":"IF(OR($D46<>\"Serviço\",AND(AUTOEVENTO=\"Manual\",$M46=$A$15),$M46>(ROW(PLE.lastrow)-ROW(PLE.firstrow))),0,\n           IF(OFFSET(PLE!$G$15,$M46-$A$15,CT$13)=\"\",10^12,OFFSET(PLE!$G$15,$M46-$A$15,CT$13)))","v":0},{"$f":"IF(OR($D46<>\"Serviço\",AND(AUTOEVENTO=\"Manual\",$M46=$A$15),$M46>(ROW(PLE.lastrow)-ROW(PLE.firstrow))),0,\n           IF(OFFSET(PLE!$G$15,$M46-$A$15,CU$13)=\"\",10^12,OFFSET(PLE!$G$15,$M46-$A$15,CU$13)))","v":0},{"$f":"IF(OR($D46<>\"Serviço\",AND(AUTOEVENTO=\"Manual\",$M46=$A$15),$M46>(ROW(PLE.lastrow)-ROW(PLE.firstrow))),0,\n           IF(OFFSET(PLE!$G$15,$M46-$A$15,CV$13)=\"\",10^12,OFFSET(PLE!$G$15,$M46-$A$15,CV$13)))","v":0},{"$f":"IF(OR($D46<>\"Serviço\",AND(AUTOEVENTO=\"Manual\",$M46=$A$15),$M46>(ROW(PLE.lastrow)-ROW(PLE.firstrow))),0,\n           IF(OFFSET(PLE!$G$15,$M46-$A$15,CW$13)=\"\",10^12,OFFSET(PLE!$G$15,$M46-$A$15,CW$13)))","v":0},{"$f":"IF(OR($D46<>\"Serviço\",AND(AUTOEVENTO=\"Manual\",$M46=$A$15),$M46>(ROW(PLE.lastrow)-ROW(PLE.firstrow))),0,\n           IF(OFFSET(PLE!$G$15,$M46-$A$15,CX$13)=\"\",10^12,OFFSET(PLE!$G$15,$M46-$A$15,CX$13)))","v":0},{"$f":"IF(OR($D46<>\"Serviço\",AND(AUTOEVENTO=\"Manual\",$M46=$A$15),$M46>(ROW(PLE.lastrow)-ROW(PLE.firstrow))),0,\n           IF(OFFSET(PLE!$G$15,$M46-$A$15,CY$13)=\"\",10^12,OFFSET(PLE!$G$15,$M46-$A$15,CY$13)))","v":0},{"$f":"IF(OR($D46<>\"Serviço\",AND(AUTOEVENTO=\"Manual\",$M46=$A$15),$M46>(ROW(PLE.lastrow)-ROW(PLE.firstrow))),0,\n           IF(OFFSET(PLE!$G$15,$M46-$A$15,CZ$13)=\"\",10^12,OFFSET(PLE!$G$15,$M46-$A$15,CZ$13)))","v":0},{"$f":"IF(OR($D46<>\"Serviço\",AND(AUTOEVENTO=\"Manual\",$M46=$A$15),$M46>(ROW(PLE.lastrow)-ROW(PLE.firstrow))),0,\n           IF(OFFSET(PLE!$G$15,$M46-$A$15,DA$13)=\"\",10^12,OFFSET(PLE!$G$15,$M46-$A$15,DA$13)))","v":0},{"$f":"IF(OR($D46<>\"Serviço\",AND(AUTOEVENTO=\"Manual\",$M46=$A$15),$M46>(ROW(PLE.lastrow)-ROW(PLE.firstrow))),0,\n           IF(OFFSET(PLE!$G$15,$M46-$A$15,DB$13)=\"\",10^12,OFFSET(PLE!$G$15,$M46-$A$15,DB$13)))","v":0},{"$f":"IF(OR($D46<>\"Serviço\",AND(AUTOEVENTO=\"Manual\",$M46=$A$15),$M46>(ROW(PLE.lastrow)-ROW(PLE.firstrow))),0,\n           IF(OFFSET(PLE!$G$15,$M46-$A$15,DC$13)=\"\",10^12,OFFSET(PLE!$G$15,$M46-$A$15,DC$13)))","v":0},{"$f":"IF(OR($D46<>\"Serviço\",AND(AUTOEVENTO=\"Manual\",$M46=$A$15),$M46>(ROW(PLE.lastrow)-ROW(PLE.firstrow))),0,\n           IF(OFFSET(PLE!$G$15,$M46-$A$15,DD$13)=\"\",10^12,OFFSET(PLE!$G$15,$M46-$A$15,DD$13)))","v":0},{"$f":"IF(OR($D46<>\"Serviço\",AND(AUTOEVENTO=\"Manual\",$M46=$A$15),$M46>(ROW(PLE.lastrow)-ROW(PLE.firstrow))),0,\n           IF(OFFSET(PLE!$G$15,$M46-$A$15,DE$13)=\"\",10^12,OFFSET(PLE!$G$15,$M46-$A$15,DE$13)))","v":0},{"$f":"IF(OR($D46<>\"Serviço\",AND(AUTOEVENTO=\"Manual\",$M46=$A$15),$M46>(ROW(PLE.lastrow)-ROW(PLE.firstrow))),0,\n           IF(OFFSET(PLE!$G$15,$M46-$A$15,DF$13)=\"\",10^12,OFFSET(PLE!$G$15,$M46-$A$15,DF$13)))","v":0},{"$f":"IF(OR($D46<>\"Serviço\",AND(AUTOEVENTO=\"Manual\",$M46=$A$15),$M46>(ROW(PLE.lastrow)-ROW(PLE.firstrow))),0,\n           IF(OFFSET(PLE!$G$15,$M46-$A$15,DG$13)=\"\",10^12,OFFSET(PLE!$G$15,$M46-$A$15,DG$13)))","v":0},{"$f":"IF(OR($D46<>\"Serviço\",AND(AUTOEVENTO=\"Manual\",$M46=$A$15),$M46>(ROW(PLE.lastrow)-ROW(PLE.firstrow))),0,\n           IF(OFFSET(PLE!$G$15,$M46-$A$15,DH$13)=\"\",10^12,OFFSET(PLE!$G$15,$M46-$A$15,DH$13)))","v":0},{"$f":"IF(OR($D46<>\"Serviço\",AND(AUTOEVENTO=\"Manual\",$M46=$A$15),$M46>(ROW(PLE.lastrow)-ROW(PLE.firstrow))),0,\n           IF(OFFSET(PLE!$G$15,$M46-$A$15,DI$13)=\"\",10^12,OFFSET(PLE!$G$15,$M46-$A$15,DI$13)))","v":0},{"$f":"IF(OR($D46<>\"Serviço\",AND(AUTOEVENTO=\"Manual\",$M46=$A$15),$M46>(ROW(PLE.lastrow)-ROW(PLE.firstrow))),0,\n           IF(OFFSET(PLE!$G$15,$M46-$A$15,DJ$13)=\"\",10^12,OFFSET(PLE!$G$15,$M46-$A$15,DJ$13)))","v":0},{"$f":"IF(OR($D46<>\"Serviço\",AND(AUTOEVENTO=\"Manual\",$M46=$A$15),$M46>(ROW(PLE.lastrow)-ROW(PLE.firstrow))),0,\n           IF(OFFSET(PLE!$G$15,$M46-$A$15,DK$13)=\"\",10^12,OFFSET(PLE!$G$15,$M46-$A$15,DK$13)))","v":0},{"$f":"IF(OR($D46<>\"Serviço\",AND(AUTOEVENTO=\"Manual\",$M46=$A$15),$M46>(ROW(PLE.lastrow)-ROW(PLE.firstrow))),0,\n           IF(OFFSET(PLE!$G$15,$M46-$A$15,DL$13)=\"\",10^12,OFFSET(PLE!$G$15,$M46-$A$15,DL$13)))","v":0},{"$f":"IF(OR($D46<>\"Serviço\",AND(AUTOEVENTO=\"Manual\",$M46=$A$15),$M46>(ROW(PLE.lastrow)-ROW(PLE.firstrow))),0,\n           IF(OFFSET(PLE!$G$15,$M46-$A$15,DM$13)=\"\",10^12,OFFSET(PLE!$G$15,$M46-$A$15,DM$13)))","v":0},{"$f":"IF(OR($D46<>\"Serviço\",AND(AUTOEVENTO=\"Manual\",$M46=$A$15),$M46>(ROW(PLE.lastrow)-ROW(PLE.firstrow))),0,\n           IF(OFFSET(PLE!$G$15,$M46-$A$15,DN$13)=\"\",10^12,OFFSET(PLE!$G$15,$M46-$A$15,DN$13)))","v":0},{"$f":"IF(OR($D46<>\"Serviço\",AND(AUTOEVENTO=\"Manual\",$M46=$A$15),$M46>(ROW(PLE.lastrow)-ROW(PLE.firstrow))),0,\n           IF(OFFSET(PLE!$G$15,$M46-$A$15,DO$13)=\"\",10^12,OFFSET(PLE!$G$15,$M46-$A$15,DO$13)))","v":0},{"$f":"IF(OR($D46<>\"Serviço\",AND(AUTOEVENTO=\"Manual\",$M46=$A$15),$M46>(ROW(PLE.lastrow)-ROW(PLE.firstrow))),0,\n           IF(OFFSET(PLE!$G$15,$M46-$A$15,DP$13)=\"\",10^12,OFFSET(PLE!$G$15,$M46-$A$15,DP$13)))","v":0},{"$f":"IF(OR($D46<>\"Serviço\",AND(AUTOEVENTO=\"Manual\",$M46=$A$15),$M46>(ROW(PLE.lastrow)-ROW(PLE.firstrow))),0,\n           IF(OFFSET(PLE!$G$15,$M46-$A$15,DQ$13)=\"\",10^12,OFFSET(PLE!$G$15,$M46-$A$15,DQ$13)))","v":0},{"$f":"IF(OR($D46<>\"Serviço\",AND(AUTOEVENTO=\"Manual\",$M46=$A$15),$M46>(ROW(PLE.lastrow)-ROW(PLE.firstrow))),0,\n           IF(OFFSET(PLE!$G$15,$M46-$A$15,DR$13)=\"\",10^12,OFFSET(PLE!$G$15,$M46-$A$15,DR$13)))","v":0},{"$f":"IF(OR($D46<>\"Serviço\",AND(AUTOEVENTO=\"Manual\",$M46=$A$15),$M46>(ROW(PLE.lastrow)-ROW(PLE.firstrow))),0,\n           IF(OFFSET(PLE!$G$15,$M46-$A$15,DS$13)=\"\",10^12,OFFSET(PLE!$G$15,$M46-$A$15,DS$13)))","v":0}]
["32.",{"$f":"OFFSET(ORÇAMENTO!C$15,$L47,0)","v":3},{"$f":"OFFSET(ORÇAMENTO!L$15,$L47,0)","v":"F"},{"$f":"OFFSET(ORÇAMENTO!N$15,$L47,0)","v":"Nível 3"},{"$f":"OFFSET(ORÇAMENTO!O$15,$L47,0)","v":"1.4.1."},{"$f":"OFFSET(ORÇAMENTO!R$15,$L47,0)","v":"PILARES, VIGAS E LAJES"},{"$f":"IF($D47<>\"Serviço\",\"\",OFFSET(ORÇAMENTO!S$15,$L47,0))","v":""},{"$f":"IF($D47<>\"Serviço\",0,IF(ACOMPANHAMENTO=\"BM\",ROUND(OFFSET(ORÇAMENTO!AJ$15,$L47,0),15-13*ORÇAMENTO!$AF$7),IF(IFERROR(CÁLCULO.FrentesPreenchidas,0)=0,0,SUM(ROUND(OFFSET($P47,0,1,1,CÁLCULO.FrentesPreenchidas),15-13*ORÇAMENTO!$AF$7)))))","v":0},null,{"$f":"IF(OR(B47<>\"S\",CÁLCULO.FrentesPreenchidas=0),\"\",IF(AND(ACOMPANHAMENTO=\"PLE\",AUTOEVENTO=\"Manual\",OR(H47>0,ORÇAMENTO!AC47=\"QUANT.\"),OR(K47=\"\",M47=0,N47=\"\")),\"►E\",IF(AND(ACOMPANHAMENTO=\"PLE\",ORÇAMENTO!AC47=\"QUANT.\"),\"►Q\",IF(AND(ACOMPANHAMENTO=\"PLE\",H47<>SUMPRODUCT(($Q$1:$AQ$1=1)*ROUND(Q47:AQ47,15))),\"►S\",IF(AND(COUNTIF($P$11:$AQ$11,\"▼\")=0,H47>0,I47=\"\"),\"◄M\",\"\")))))","v":""},null,32,{"$f":"IF($D47<>\"Serviço\",\"\",\n          IF(AUTOEVENTO=\"manual\",$A47,\n                IF(ISERROR(MATCH($A47,$A$15:OFFSET($A47,-1,0),0)),MAX($M$15:OFFSET(M47,-1,0))+1,\n                      INDEX($M$15:OFFSET(M47,-1,0),MATCH($A47,$A$15:OFFSET($A47,-1,0),0)))))","v":""},{"$f":"IF($D47<>\"Serviço\",\"\",\n         IF(AUTOEVENTO=\"Manual\",\n                IF($A47=0,\"<-- defina o número do agrupador\",\n                       OFFSET(EVENTOS!$D$15,$A47-$A$15,0)),\n                OFFSET($F$15,$A47,0)))","v":""},null,null,null,null,null,null,null,null,null,null,null,null,null,null,null,null,null,null,null,null,null,null,null,null,null,null,null,null,null,{"$f":"IF(AND($D47=\"Serviço\",AR$12<>0,$H47>0,OR(AUTOEVENTO<>\"manual\",$M47<>$A$15)),\n        IF(Import.TipoArredondamento<>\"TransfereGOV\",\n              ROUND(OFFSET($P47,0,AR$13),15-13*ORÇAMENTO!$AF$7)/$H47*OFFSET(ORÇAMENTO!$X$15,ROW(AR47)-ROW(AR$15),0),\n              ROUND(ROUND(OFFSET($P47,0,AR$13),15-13*ORÇAMENTO!$AF$7)*OFFSET(ORÇAMENTO!$W$15,ROW(AR47)-ROW(AR$15),0),15-13*ORÇAMENTO!$AF$11)),\n         0)","v":0},{"$f":"IF(AND($D47=\"Serviço\",AS$12<>0,$H47>0,OR(AUTOEVENTO<>\"manual\",$M47<>$A$15)),\n        IF(Import.TipoArredondamento<>\"TransfereGOV\",\n              ROUND(OFFSET($P47,0,AS$13),15-13*ORÇAMENTO!$AF$7)/$H47*OFFSET(ORÇAMENTO!$X$15,ROW(AS47)-ROW(AS$15),0),\n              ROUND(ROUND(OFFSET($P47,0,AS$13),15-13*ORÇAMENTO!$AF$7)*OFFSET(ORÇAMENTO!$W$15,ROW(AS47)-ROW(AS$15),0),15-13*ORÇAMENTO!$AF$11)),\n         0)","v":0},{"$f":"IF(AND($D47=\"Serviço\",AT$12<>0,$H47>0,OR(AUTOEVENTO<>\"manual\",$M47<>$A$15)),\n        IF(Import.TipoArredondamento<>\"TransfereGOV\",\n              ROUND(OFFSET($P47,0,AT$13),15-13*ORÇAMENTO!$AF$7)/$H47*OFFSET(ORÇAMENTO!$X$15,ROW(AT47)-ROW(AT$15),0),\n              ROUND(ROUND(OFFSET($P47,0,AT$13),15-13*ORÇAMENTO!$AF$7)*OFFSET(ORÇAMENTO!$W$15,ROW(AT47)-ROW(AT$15),0),15-13*ORÇAMENTO!$AF$11)),\n         0)","v":0},{"$f":"IF(AND($D47=\"Serviço\",AU$12<>0,$H47>0,OR(AUTOEVENTO<>\"manual\",$M47<>$A$15)),\n        IF(Import.TipoArredondamento<>\"TransfereGOV\",\n              ROUND(OFFSET($P47,0,AU$13),15-13*ORÇAMENTO!$AF$7)/$H47*OFFSET(ORÇAMENTO!$X$15,ROW(AU47)-ROW(AU$15),0),\n              ROUND(ROUND(OFFSET($P47,0,AU$13),15-13*ORÇAMENTO!$AF$7)*OFFSET(ORÇAMENTO!$W$15,ROW(AU47)-ROW(AU$15),0),15-13*ORÇAMENTO!$AF$11)),\n         0)","v":0},{"$f":"IF(AND($D47=\"Serviço\",AV$12<>0,$H47>0,OR(AUTOEVENTO<>\"manual\",$M47<>$A$15)),\n        IF(Import.TipoArredondamento<>\"TransfereGOV\",\n              ROUND(OFFSET($P47,0,AV$13),15-13*ORÇAMENTO!$AF$7)/$H47*OFFSET(ORÇAMENTO!$X$15,ROW(AV47)-ROW(AV$15),0),\n              ROUND(ROUND(OFFSET($P47,0,AV$13),15-13*ORÇAMENTO!$AF$7)*OFFSET(ORÇAMENTO!$W$15,ROW(AV47)-ROW(AV$15),0),15-13*ORÇAMENTO!$AF$11)),\n         0)","v":0},{"$f":"IF(AND($D47=\"Serviço\",AW$12<>0,$H47>0,OR(AUTOEVENTO<>\"manual\",$M47<>$A$15)),\n        IF(Import.TipoArredondamento<>\"TransfereGOV\",\n              ROUND(OFFSET($P47,0,AW$13),15-13*ORÇAMENTO!$AF$7)/$H47*OFFSET(ORÇAMENTO!$X$15,ROW(AW47)-ROW(AW$15),0),\n              ROUND(ROUND(OFFSET($P47,0,AW$13),15-13*ORÇAMENTO!$AF$7)*OFFSET(ORÇAMENTO!$W$15,ROW(AW47)-ROW(AW$15),0),15-13*ORÇAMENTO!$AF$11)),\n         0)","v":0},{"$f":"IF(AND($D47=\"Serviço\",AX$12<>0,$H47>0,OR(AUTOEVENTO<>\"manual\",$M47<>$A$15)),\n        IF(Import.TipoArredondamento<>\"TransfereGOV\",\n              ROUND(OFFSET($P47,0,AX$13),15-13*ORÇAMENTO!$AF$7)/$H47*OFFSET(ORÇAMENTO!$X$15,ROW(AX47)-ROW(AX$15),0),\n              ROUND(ROUND(OFFSET($P47,0,AX$13),15-13*ORÇAMENTO!$AF$7)*OFFSET(ORÇAMENTO!$W$15,ROW(AX47)-ROW(AX$15),0),15-13*ORÇAMENTO!$AF$11)),\n         0)","v":0},{"$f":"IF(AND($D47=\"Serviço\",AY$12<>0,$H47>0,OR(AUTOEVENTO<>\"manual\",$M47<>$A$15)),\n        IF(Import.TipoArredondamento<>\"TransfereGOV\",\n              ROUND(OFFSET($P47,0,AY$13),15-13*ORÇAMENTO!$AF$7)/$H47*OFFSET(ORÇAMENTO!$X$15,ROW(AY47)-ROW(AY$15),0),\n              ROUND(ROUND(OFFSET($P47,0,AY$13),15-13*ORÇAMENTO!$AF$7)*OFFSET(ORÇAMENTO!$W$15,ROW(AY47)-ROW(AY$15),0),15-13*ORÇAMENTO!$AF$11)),\n         0)","v":0},{"$f":"IF(AND($D47=\"Serviço\",AZ$12<>0,$H47>0,OR(AUTOEVENTO<>\"manual\",$M47<>$A$15)),\n        IF(Import.TipoArredondamento<>\"TransfereGOV\",\n              ROUND(OFFSET($P47,0,AZ$13),15-13*ORÇAMENTO!$AF$7)/$H47*OFFSET(ORÇAMENTO!$X$15,ROW(AZ47)-ROW(AZ$15),0),\n              ROUND(ROUND(OFFSET($P47,0,AZ$13),15-13*ORÇAMENTO!$AF$7)*OFFSET(ORÇAMENTO!$W$15,ROW(AZ47)-ROW(AZ$15),0),15-13*ORÇAMENTO!$AF$11)),\n         0)","v":0},{"$f":"IF(AND($D47=\"Serviço\",BA$12<>0,$H47>0,OR(AUTOEVENTO<>\"manual\",$M47<>$A$15)),\n        IF(Import.TipoArredondamento<>\"TransfereGOV\",\n              ROUND(OFFSET($P47,0,BA$13),15-13*ORÇAMENTO!$AF$7)/$H47*OFFSET(ORÇAMENTO!$X$15,ROW(BA47)-ROW(BA$15),0),\n              ROUND(ROUND(OFFSET($P47,0,BA$13),15-13*ORÇAMENTO!$AF$7)*OFFSET(ORÇAMENTO!$W$15,ROW(BA47)-ROW(BA$15),0),15-13*ORÇAMENTO!$AF$11)),\n         0)","v":0},{"$f":"IF(AND($D47=\"Serviço\",BB$12<>0,$H47>0,OR(AUTOEVENTO<>\"manual\",$M47<>$A$15)),\n        IF(Import.TipoArredondamento<>\"TransfereGOV\",\n              ROUND(OFFSET($P47,0,BB$13),15-13*ORÇAMENTO!$AF$7)/$H47*OFFSET(ORÇAMENTO!$X$15,ROW(BB47)-ROW(BB$15),0),\n              ROUND(ROUND(OFFSET($P47,0,BB$13),15-13*ORÇAMENTO!$AF$7)*OFFSET(ORÇAMENTO!$W$15,ROW(BB47)-ROW(BB$15),0),15-13*ORÇAMENTO!$AF$11)),\n         0)","v":0},{"$f":"IF(AND($D47=\"Serviço\",BC$12<>0,$H47>0,OR(AUTOEVENTO<>\"manual\",$M47<>$A$15)),\n        IF(Import.TipoArredondamento<>\"TransfereGOV\",\n              ROUND(OFFSET($P47,0,BC$13),15-13*ORÇAMENTO!$AF$7)/$H47*OFFSET(ORÇAMENTO!$X$15,ROW(BC47)-ROW(BC$15),0),\n              ROUND(ROUND(OFFSET($P47,0,BC$13),15-13*ORÇAMENTO!$AF$7)*OFFSET(ORÇAMENTO!$W$15,ROW(BC47)-ROW(BC$15),0),15-13*ORÇAMENTO!$AF$11)),\n         0)","v":0},{"$f":"IF(AND($D47=\"Serviço\",BD$12<>0,$H47>0,OR(AUTOEVENTO<>\"manual\",$M47<>$A$15)),\n        IF(Import.TipoArredondamento<>\"TransfereGOV\",\n              ROUND(OFFSET($P47,0,BD$13),15-13*ORÇAMENTO!$AF$7)/$H47*OFFSET(ORÇAMENTO!$X$15,ROW(BD47)-ROW(BD$15),0),\n              ROUND(ROUND(OFFSET($P47,0,BD$13),15-13*ORÇAMENTO!$AF$7)*OFFSET(ORÇAMENTO!$W$15,ROW(BD47)-ROW(BD$15),0),15-13*ORÇAMENTO!$AF$11)),\n         0)","v":0},{"$f":"IF(AND($D47=\"Serviço\",BE$12<>0,$H47>0,OR(AUTOEVENTO<>\"manual\",$M47<>$A$15)),\n        IF(Import.TipoArredondamento<>\"TransfereGOV\",\n              ROUND(OFFSET($P47,0,BE$13),15-13*ORÇAMENTO!$AF$7)/$H47*OFFSET(ORÇAMENTO!$X$15,ROW(BE47)-ROW(BE$15),0),\n              ROUND(ROUND(OFFSET($P47,0,BE$13),15-13*ORÇAMENTO!$AF$7)*OFFSET(ORÇAMENTO!$W$15,ROW(BE47)-ROW(BE$15),0),15-13*ORÇAMENTO!$AF$11)),\n         0)","v":0},{"$f":"IF(AND($D47=\"Serviço\",BF$12<>0,$H47>0,OR(AUTOEVENTO<>\"manual\",$M47<>$A$15)),\n        IF(Import.TipoArredondamento<>\"TransfereGOV\",\n              ROUND(OFFSET($P47,0,BF$13),15-13*ORÇAMENTO!$AF$7)/$H47*OFFSET(ORÇAMENTO!$X$15,ROW(BF47)-ROW(BF$15),0),\n              ROUND(ROUND(OFFSET($P47,0,BF$13),15-13*ORÇAMENTO!$AF$7)*OFFSET(ORÇAMENTO!$W$15,ROW(BF47)-ROW(BF$15),0),15-13*ORÇAMENTO!$AF$11)),\n         0)","v":0},{"$f":"IF(AND($D47=\"Serviço\",BG$12<>0,$H47>0,OR(AUTOEVENTO<>\"manual\",$M47<>$A$15)),\n        IF(Import.TipoArredondamento<>\"TransfereGOV\",\n              ROUND(OFFSET($P47,0,BG$13),15-13*ORÇAMENTO!$AF$7)/$H47*OFFSET(ORÇAMENTO!$X$15,ROW(BG47)-ROW(BG$15),0),\n              ROUND(ROUND(OFFSET($P47,0,BG$13),15-13*ORÇAMENTO!$AF$7)*OFFSET(ORÇAMENTO!$W$15,ROW(BG47)-ROW(BG$15),0),15-13*ORÇAMENTO!$AF$11)),\n         0)","v":0},{"$f":"IF(AND($D47=\"Serviço\",BH$12<>0,$H47>0,OR(AUTOEVENTO<>\"manual\",$M47<>$A$15)),\n        IF(Import.TipoArredondamento<>\"TransfereGOV\",\n              ROUND(OFFSET($P47,0,BH$13),15-13*ORÇAMENTO!$AF$7)/$H47*OFFSET(ORÇAMENTO!$X$15,ROW(BH47)-ROW(BH$15),0),\n              ROUND(ROUND(OFFSET($P47,0,BH$13),15-13*ORÇAMENTO!$AF$7)*OFFSET(ORÇAMENTO!$W$15,ROW(BH47)-ROW(BH$15),0),15-13*ORÇAMENTO!$AF$11)),\n         0)","v":0},{"$f":"IF(AND($D47=\"Serviço\",BI$12<>0,$H47>0,OR(AUTOEVENTO<>\"manual\",$M47<>$A$15)),\n        IF(Import.TipoArredondamento<>\"TransfereGOV\",\n              ROUND(OFFSET($P47,0,BI$13),15-13*ORÇAMENTO!$AF$7)/$H47*OFFSET(ORÇAMENTO!$X$15,ROW(BI47)-ROW(BI$15),0),\n              ROUND(ROUND(OFFSET($P47,0,BI$13),15-13*ORÇAMENTO!$AF$7)*OFFSET(ORÇAMENTO!$W$15,ROW(BI47)-ROW(BI$15),0),15-13*ORÇAMENTO!$AF$11)),\n         0)","v":0},{"$f":"IF(AND($D47=\"Serviço\",BJ$12<>0,$H47>0,OR(AUTOEVENTO<>\"manual\",$M47<>$A$15)),\n        IF(Import.TipoArredondamento<>\"TransfereGOV\",\n              ROUND(OFFSET($P47,0,BJ$13),15-13*ORÇAMENTO!$AF$7)/$H47*OFFSET(ORÇAMENTO!$X$15,ROW(BJ47)-ROW(BJ$15),0),\n              ROUND(ROUND(OFFSET($P47,0,BJ$13),15-13*ORÇAMENTO!$AF$7)*OFFSET(ORÇAMENTO!$W$15,ROW(BJ47)-ROW(BJ$15),0),15-13*ORÇAMENTO!$AF$11)),\n         0)","v":0},{"$f":"IF(AND($D47=\"Serviço\",BK$12<>0,$H47>0,OR(AUTOEVENTO<>\"manual\",$M47<>$A$15)),\n        IF(Import.TipoArredondamento<>\"TransfereGOV\",\n              ROUND(OFFSET($P47,0,BK$13),15-13*ORÇAMENTO!$AF$7)/$H47*OFFSET(ORÇAMENTO!$X$15,ROW(BK47)-ROW(BK$15),0),\n              ROUND(ROUND(OFFSET($P47,0,BK$13),15-13*ORÇAMENTO!$AF$7)*OFFSET(ORÇAMENTO!$W$15,ROW(BK47)-ROW(BK$15),0),15-13*ORÇAMENTO!$AF$11)),\n         0)","v":0},{"$f":"IF(AND($D47=\"Serviço\",BL$12<>0,$H47>0,OR(AUTOEVENTO<>\"manual\",$M47<>$A$15)),\n        IF(Import.TipoArredondamento<>\"TransfereGOV\",\n              ROUND(OFFSET($P47,0,BL$13),15-13*ORÇAMENTO!$AF$7)/$H47*OFFSET(ORÇAMENTO!$X$15,ROW(BL47)-ROW(BL$15),0),\n              ROUND(ROUND(OFFSET($P47,0,BL$13),15-13*ORÇAMENTO!$AF$7)*OFFSET(ORÇAMENTO!$W$15,ROW(BL47)-ROW(BL$15),0),15-13*ORÇAMENTO!$AF$11)),\n         0)","v":0},{"$f":"IF(AND($D47=\"Serviço\",BM$12<>0,$H47>0,OR(AUTOEVENTO<>\"manual\",$M47<>$A$15)),\n        IF(Import.TipoArredondamento<>\"TransfereGOV\",\n              ROUND(OFFSET($P47,0,BM$13),15-13*ORÇAMENTO!$AF$7)/$H47*OFFSET(ORÇAMENTO!$X$15,ROW(BM47)-ROW(BM$15),0),\n              ROUND(ROUND(OFFSET($P47,0,BM$13),15-13*ORÇAMENTO!$AF$7)*OFFSET(ORÇAMENTO!$W$15,ROW(BM47)-ROW(BM$15),0),15-13*ORÇAMENTO!$AF$11)),\n         0)","v":0},{"$f":"IF(AND($D47=\"Serviço\",BN$12<>0,$H47>0,OR(AUTOEVENTO<>\"manual\",$M47<>$A$15)),\n        IF(Import.TipoArredondamento<>\"TransfereGOV\",\n              ROUND(OFFSET($P47,0,BN$13),15-13*ORÇAMENTO!$AF$7)/$H47*OFFSET(ORÇAMENTO!$X$15,ROW(BN47)-ROW(BN$15),0),\n              ROUND(ROUND(OFFSET($P47,0,BN$13),15-13*ORÇAMENTO!$AF$7)*OFFSET(ORÇAMENTO!$W$15,ROW(BN47)-ROW(BN$15),0),15-13*ORÇAMENTO!$AF$11)),\n         0)","v":0},{"$f":"IF(AND($D47=\"Serviço\",BO$12<>0,$H47>0,OR(AUTOEVENTO<>\"manual\",$M47<>$A$15)),\n        IF(Import.TipoArredondamento<>\"TransfereGOV\",\n              ROUND(OFFSET($P47,0,BO$13),15-13*ORÇAMENTO!$AF$7)/$H47*OFFSET(ORÇAMENTO!$X$15,ROW(BO47)-ROW(BO$15),0),\n              ROUND(ROUND(OFFSET($P47,0,BO$13),15-13*ORÇAMENTO!$AF$7)*OFFSET(ORÇAMENTO!$W$15,ROW(BO47)-ROW(BO$15),0),15-13*ORÇAMENTO!$AF$11)),\n         0)","v":0},{"$f":"IF(AND($D47=\"Serviço\",BP$12<>0,$H47>0,OR(AUTOEVENTO<>\"manual\",$M47<>$A$15)),\n        IF(Import.TipoArredondamento<>\"TransfereGOV\",\n              ROUND(OFFSET($P47,0,BP$13),15-13*ORÇAMENTO!$AF$7)/$H47*OFFSET(ORÇAMENTO!$X$15,ROW(BP47)-ROW(BP$15),0),\n              ROUND(ROUND(OFFSET($P47,0,BP$13),15-13*ORÇAMENTO!$AF$7)*OFFSET(ORÇAMENTO!$W$15,ROW(BP47)-ROW(BP$15),0),15-13*ORÇAMENTO!$AF$11)),\n         0)","v":0},{"$f":"IF(AND($D47=\"Serviço\",BQ$12<>0,$H47>0,OR(AUTOEVENTO<>\"manual\",$M47<>$A$15)),\n        IF(Import.TipoArredondamento<>\"TransfereGOV\",\n              ROUND(OFFSET($P47,0,BQ$13),15-13*ORÇAMENTO!$AF$7)/$H47*OFFSET(ORÇAMENTO!$X$15,ROW(BQ47)-ROW(BQ$15),0),\n              ROUND(ROUND(OFFSET($P47,0,BQ$13),15-13*ORÇAMENTO!$AF$7)*OFFSET(ORÇAMENTO!$W$15,ROW(BQ47)-ROW(BQ$15),0),15-13*ORÇAMENTO!$AF$11)),\n         0)","v":0},null,{"$f":"IF(OR($D47<>\"Serviço\",AND(AUTOEVENTO=\"Manual\",$M47=$A$15)),0,\n         IF(OFFSET(CRONOPLE!$F$15,$M47-$A$15,BS$13)=0,10^12,OFFSET(CRONOPLE!$F$15,$M47-$A$15,BS$13)))","v":0},{"$f":"IF(OR($D47<>\"Serviço\",AND(AUTOEVENTO=\"Manual\",$M47=$A$15)),0,\n         IF(OFFSET(CRONOPLE!$F$15,$M47-$A$15,BT$13)=0,10^12,OFFSET(CRONOPLE!$F$15,$M47-$A$15,BT$13)))","v":0},{"$f":"IF(OR($D47<>\"Serviço\",AND(AUTOEVENTO=\"Manual\",$M47=$A$15)),0,\n         IF(OFFSET(CRONOPLE!$F$15,$M47-$A$15,BU$13)=0,10^12,OFFSET(CRONOPLE!$F$15,$M47-$A$15,BU$13)))","v":0},{"$f":"IF(OR($D47<>\"Serviço\",AND(AUTOEVENTO=\"Manual\",$M47=$A$15)),0,\n         IF(OFFSET(CRONOPLE!$F$15,$M47-$A$15,BV$13)=0,10^12,OFFSET(CRONOPLE!$F$15,$M47-$A$15,BV$13)))","v":0},{"$f":"IF(OR($D47<>\"Serviço\",AND(AUTOEVENTO=\"Manual\",$M47=$A$15)),0,\n         IF(OFFSET(CRONOPLE!$F$15,$M47-$A$15,BW$13)=0,10^12,OFFSET(CRONOPLE!$F$15,$M47-$A$15,BW$13)))","v":0},{"$f":"IF(OR($D47<>\"Serviço\",AND(AUTOEVENTO=\"Manual\",$M47=$A$15)),0,\n         IF(OFFSET(CRONOPLE!$F$15,$M47-$A$15,BX$13)=0,10^12,OFFSET(CRONOPLE!$F$15,$M47-$A$15,BX$13)))","v":0},{"$f":"IF(OR($D47<>\"Serviço\",AND(AUTOEVENTO=\"Manual\",$M47=$A$15)),0,\n         IF(OFFSET(CRONOPLE!$F$15,$M47-$A$15,BY$13)=0,10^12,OFFSET(CRONOPLE!$F$15,$M47-$A$15,BY$13)))","v":0},{"$f":"IF(OR($D47<>\"Serviço\",AND(AUTOEVENTO=\"Manual\",$M47=$A$15)),0,\n         IF(OFFSET(CRONOPLE!$F$15,$M47-$A$15,BZ$13)=0,10^12,OFFSET(CRONOPLE!$F$15,$M47-$A$15,BZ$13)))","v":0},{"$f":"IF(OR($D47<>\"Serviço\",AND(AUTOEVENTO=\"Manual\",$M47=$A$15)),0,\n         IF(OFFSET(CRONOPLE!$F$15,$M47-$A$15,CA$13)=0,10^12,OFFSET(CRONOPLE!$F$15,$M47-$A$15,CA$13)))","v":0},{"$f":"IF(OR($D47<>\"Serviço\",AND(AUTOEVENTO=\"Manual\",$M47=$A$15)),0,\n         IF(OFFSET(CRONOPLE!$F$15,$M47-$A$15,CB$13)=0,10^12,OFFSET(CRONOPLE!$F$15,$M47-$A$15,CB$13)))","v":0},{"$f":"IF(OR($D47<>\"Serviço\",AND(AUTOEVENTO=\"Manual\",$M47=$A$15)),0,\n         IF(OFFSET(CRONOPLE!$F$15,$M47-$A$15,CC$13)=0,10^12,OFFSET(CRONOPLE!$F$15,$M47-$A$15,CC$13)))","v":0},{"$f":"IF(OR($D47<>\"Serviço\",AND(AUTOEVENTO=\"Manual\",$M47=$A$15)),0,\n         IF(OFFSET(CRONOPLE!$F$15,$M47-$A$15,CD$13)=0,10^12,OFFSET(CRONOPLE!$F$15,$M47-$A$15,CD$13)))","v":0},{"$f":"IF(OR($D47<>\"Serviço\",AND(AUTOEVENTO=\"Manual\",$M47=$A$15)),0,\n         IF(OFFSET(CRONOPLE!$F$15,$M47-$A$15,CE$13)=0,10^12,OFFSET(CRONOPLE!$F$15,$M47-$A$15,CE$13)))","v":0},{"$f":"IF(OR($D47<>\"Serviço\",AND(AUTOEVENTO=\"Manual\",$M47=$A$15)),0,\n         IF(OFFSET(CRONOPLE!$F$15,$M47-$A$15,CF$13)=0,10^12,OFFSET(CRONOPLE!$F$15,$M47-$A$15,CF$13)))","v":0},{"$f":"IF(OR($D47<>\"Serviço\",AND(AUTOEVENTO=\"Manual\",$M47=$A$15)),0,\n         IF(OFFSET(CRONOPLE!$F$15,$M47-$A$15,CG$13)=0,10^12,OFFSET(CRONOPLE!$F$15,$M47-$A$15,CG$13)))","v":0},{"$f":"IF(OR($D47<>\"Serviço\",AND(AUTOEVENTO=\"Manual\",$M47=$A$15)),0,\n         IF(OFFSET(CRONOPLE!$F$15,$M47-$A$15,CH$13)=0,10^12,OFFSET(CRONOPLE!$F$15,$M47-$A$15,CH$13)))","v":0},{"$f":"IF(OR($D47<>\"Serviço\",AND(AUTOEVENTO=\"Manual\",$M47=$A$15)),0,\n         IF(OFFSET(CRONOPLE!$F$15,$M47-$A$15,CI$13)=0,10^12,OFFSET(CRONOPLE!$F$15,$M47-$A$15,CI$13)))","v":0},{"$f":"IF(OR($D47<>\"Serviço\",AND(AUTOEVENTO=\"Manual\",$M47=$A$15)),0,\n         IF(OFFSET(CRONOPLE!$F$15,$M47-$A$15,CJ$13)=0,10^12,OFFSET(CRONOPLE!$F$15,$M47-$A$15,CJ$13)))","v":0},{"$f":"IF(OR($D47<>\"Serviço\",AND(AUTOEVENTO=\"Manual\",$M47=$A$15)),0,\n         IF(OFFSET(CRONOPLE!$F$15,$M47-$A$15,CK$13)=0,10^12,OFFSET(CRONOPLE!$F$15,$M47-$A$15,CK$13)))","v":0},{"$f":"IF(OR($D47<>\"Serviço\",AND(AUTOEVENTO=\"Manual\",$M47=$A$15)),0,\n         IF(OFFSET(CRONOPLE!$F$15,$M47-$A$15,CL$13)=0,10^12,OFFSET(CRONOPLE!$F$15,$M47-$A$15,CL$13)))","v":0},{"$f":"IF(OR($D47<>\"Serviço\",AND(AUTOEVENTO=\"Manual\",$M47=$A$15)),0,\n         IF(OFFSET(CRONOPLE!$F$15,$M47-$A$15,CM$13)=0,10^12,OFFSET(CRONOPLE!$F$15,$M47-$A$15,CM$13)))","v":0},{"$f":"IF(OR($D47<>\"Serviço\",AND(AUTOEVENTO=\"Manual\",$M47=$A$15)),0,\n         IF(OFFSET(CRONOPLE!$F$15,$M47-$A$15,CN$13)=0,10^12,OFFSET(CRONOPLE!$F$15,$M47-$A$15,CN$13)))","v":0},{"$f":"IF(OR($D47<>\"Serviço\",AND(AUTOEVENTO=\"Manual\",$M47=$A$15)),0,\n         IF(OFFSET(CRONOPLE!$F$15,$M47-$A$15,CO$13)=0,10^12,OFFSET(CRONOPLE!$F$15,$M47-$A$15,CO$13)))","v":0},{"$f":"IF(OR($D47<>\"Serviço\",AND(AUTOEVENTO=\"Manual\",$M47=$A$15)),0,\n         IF(OFFSET(CRONOPLE!$F$15,$M47-$A$15,CP$13)=0,10^12,OFFSET(CRONOPLE!$F$15,$M47-$A$15,CP$13)))","v":0},{"$f":"IF(OR($D47<>\"Serviço\",AND(AUTOEVENTO=\"Manual\",$M47=$A$15)),0,\n         IF(OFFSET(CRONOPLE!$F$15,$M47-$A$15,CQ$13)=0,10^12,OFFSET(CRONOPLE!$F$15,$M47-$A$15,CQ$13)))","v":0},{"$f":"IF(OR($D47<>\"Serviço\",AND(AUTOEVENTO=\"Manual\",$M47=$A$15)),0,\n         IF(OFFSET(CRONOPLE!$F$15,$M47-$A$15,CR$13)=0,10^12,OFFSET(CRONOPLE!$F$15,$M47-$A$15,CR$13)))","v":0},null,{"$f":"IF(OR($D47<>\"Serviço\",AND(AUTOEVENTO=\"Manual\",$M47=$A$15),$M47>(ROW(PLE.lastrow)-ROW(PLE.firstrow))),0,\n           IF(OFFSET(PLE!$G$15,$M47-$A$15,CT$13)=\"\",10^12,OFFSET(PLE!$G$15,$M47-$A$15,CT$13)))","v":0},{"$f":"IF(OR($D47<>\"Serviço\",AND(AUTOEVENTO=\"Manual\",$M47=$A$15),$M47>(ROW(PLE.lastrow)-ROW(PLE.firstrow))),0,\n           IF(OFFSET(PLE!$G$15,$M47-$A$15,CU$13)=\"\",10^12,OFFSET(PLE!$G$15,$M47-$A$15,CU$13)))","v":0},{"$f":"IF(OR($D47<>\"Serviço\",AND(AUTOEVENTO=\"Manual\",$M47=$A$15),$M47>(ROW(PLE.lastrow)-ROW(PLE.firstrow))),0,\n           IF(OFFSET(PLE!$G$15,$M47-$A$15,CV$13)=\"\",10^12,OFFSET(PLE!$G$15,$M47-$A$15,CV$13)))","v":0},{"$f":"IF(OR($D47<>\"Serviço\",AND(AUTOEVENTO=\"Manual\",$M47=$A$15),$M47>(ROW(PLE.lastrow)-ROW(PLE.firstrow))),0,\n           IF(OFFSET(PLE!$G$15,$M47-$A$15,CW$13)=\"\",10^12,OFFSET(PLE!$G$15,$M47-$A$15,CW$13)))","v":0},{"$f":"IF(OR($D47<>\"Serviço\",AND(AUTOEVENTO=\"Manual\",$M47=$A$15),$M47>(ROW(PLE.lastrow)-ROW(PLE.firstrow))),0,\n           IF(OFFSET(PLE!$G$15,$M47-$A$15,CX$13)=\"\",10^12,OFFSET(PLE!$G$15,$M47-$A$15,CX$13)))","v":0},{"$f":"IF(OR($D47<>\"Serviço\",AND(AUTOEVENTO=\"Manual\",$M47=$A$15),$M47>(ROW(PLE.lastrow)-ROW(PLE.firstrow))),0,\n           IF(OFFSET(PLE!$G$15,$M47-$A$15,CY$13)=\"\",10^12,OFFSET(PLE!$G$15,$M47-$A$15,CY$13)))","v":0},{"$f":"IF(OR($D47<>\"Serviço\",AND(AUTOEVENTO=\"Manual\",$M47=$A$15),$M47>(ROW(PLE.lastrow)-ROW(PLE.firstrow))),0,\n           IF(OFFSET(PLE!$G$15,$M47-$A$15,CZ$13)=\"\",10^12,OFFSET(PLE!$G$15,$M47-$A$15,CZ$13)))","v":0},{"$f":"IF(OR($D47<>\"Serviço\",AND(AUTOEVENTO=\"Manual\",$M47=$A$15),$M47>(ROW(PLE.lastrow)-ROW(PLE.firstrow))),0,\n           IF(OFFSET(PLE!$G$15,$M47-$A$15,DA$13)=\"\",10^12,OFFSET(PLE!$G$15,$M47-$A$15,DA$13)))","v":0},{"$f":"IF(OR($D47<>\"Serviço\",AND(AUTOEVENTO=\"Manual\",$M47=$A$15),$M47>(ROW(PLE.lastrow)-ROW(PLE.firstrow))),0,\n           IF(OFFSET(PLE!$G$15,$M47-$A$15,DB$13)=\"\",10^12,OFFSET(PLE!$G$15,$M47-$A$15,DB$13)))","v":0},{"$f":"IF(OR($D47<>\"Serviço\",AND(AUTOEVENTO=\"Manual\",$M47=$A$15),$M47>(ROW(PLE.lastrow)-ROW(PLE.firstrow))),0,\n           IF(OFFSET(PLE!$G$15,$M47-$A$15,DC$13)=\"\",10^12,OFFSET(PLE!$G$15,$M47-$A$15,DC$13)))","v":0},{"$f":"IF(OR($D47<>\"Serviço\",AND(AUTOEVENTO=\"Manual\",$M47=$A$15),$M47>(ROW(PLE.lastrow)-ROW(PLE.firstrow))),0,\n           IF(OFFSET(PLE!$G$15,$M47-$A$15,DD$13)=\"\",10^12,OFFSET(PLE!$G$15,$M47-$A$15,DD$13)))","v":0},{"$f":"IF(OR($D47<>\"Serviço\",AND(AUTOEVENTO=\"Manual\",$M47=$A$15),$M47>(ROW(PLE.lastrow)-ROW(PLE.firstrow))),0,\n           IF(OFFSET(PLE!$G$15,$M47-$A$15,DE$13)=\"\",10^12,OFFSET(PLE!$G$15,$M47-$A$15,DE$13)))","v":0},{"$f":"IF(OR($D47<>\"Serviço\",AND(AUTOEVENTO=\"Manual\",$M47=$A$15),$M47>(ROW(PLE.lastrow)-ROW(PLE.firstrow))),0,\n           IF(OFFSET(PLE!$G$15,$M47-$A$15,DF$13)=\"\",10^12,OFFSET(PLE!$G$15,$M47-$A$15,DF$13)))","v":0},{"$f":"IF(OR($D47<>\"Serviço\",AND(AUTOEVENTO=\"Manual\",$M47=$A$15),$M47>(ROW(PLE.lastrow)-ROW(PLE.firstrow))),0,\n           IF(OFFSET(PLE!$G$15,$M47-$A$15,DG$13)=\"\",10^12,OFFSET(PLE!$G$15,$M47-$A$15,DG$13)))","v":0},{"$f":"IF(OR($D47<>\"Serviço\",AND(AUTOEVENTO=\"Manual\",$M47=$A$15),$M47>(ROW(PLE.lastrow)-ROW(PLE.firstrow))),0,\n           IF(OFFSET(PLE!$G$15,$M47-$A$15,DH$13)=\"\",10^12,OFFSET(PLE!$G$15,$M47-$A$15,DH$13)))","v":0},{"$f":"IF(OR($D47<>\"Serviço\",AND(AUTOEVENTO=\"Manual\",$M47=$A$15),$M47>(ROW(PLE.lastrow)-ROW(PLE.firstrow))),0,\n           IF(OFFSET(PLE!$G$15,$M47-$A$15,DI$13)=\"\",10^12,OFFSET(PLE!$G$15,$M47-$A$15,DI$13)))","v":0},{"$f":"IF(OR($D47<>\"Serviço\",AND(AUTOEVENTO=\"Manual\",$M47=$A$15),$M47>(ROW(PLE.lastrow)-ROW(PLE.firstrow))),0,\n           IF(OFFSET(PLE!$G$15,$M47-$A$15,DJ$13)=\"\",10^12,OFFSET(PLE!$G$15,$M47-$A$15,DJ$13)))","v":0},{"$f":"IF(OR($D47<>\"Serviço\",AND(AUTOEVENTO=\"Manual\",$M47=$A$15),$M47>(ROW(PLE.lastrow)-ROW(PLE.firstrow))),0,\n           IF(OFFSET(PLE!$G$15,$M47-$A$15,DK$13)=\"\",10^12,OFFSET(PLE!$G$15,$M47-$A$15,DK$13)))","v":0},{"$f":"IF(OR($D47<>\"Serviço\",AND(AUTOEVENTO=\"Manual\",$M47=$A$15),$M47>(ROW(PLE.lastrow)-ROW(PLE.firstrow))),0,\n           IF(OFFSET(PLE!$G$15,$M47-$A$15,DL$13)=\"\",10^12,OFFSET(PLE!$G$15,$M47-$A$15,DL$13)))","v":0},{"$f":"IF(OR($D47<>\"Serviço\",AND(AUTOEVENTO=\"Manual\",$M47=$A$15),$M47>(ROW(PLE.lastrow)-ROW(PLE.firstrow))),0,\n           IF(OFFSET(PLE!$G$15,$M47-$A$15,DM$13)=\"\",10^12,OFFSET(PLE!$G$15,$M47-$A$15,DM$13)))","v":0},{"$f":"IF(OR($D47<>\"Serviço\",AND(AUTOEVENTO=\"Manual\",$M47=$A$15),$M47>(ROW(PLE.lastrow)-ROW(PLE.firstrow))),0,\n           IF(OFFSET(PLE!$G$15,$M47-$A$15,DN$13)=\"\",10^12,OFFSET(PLE!$G$15,$M47-$A$15,DN$13)))","v":0},{"$f":"IF(OR($D47<>\"Serviço\",AND(AUTOEVENTO=\"Manual\",$M47=$A$15),$M47>(ROW(PLE.lastrow)-ROW(PLE.firstrow))),0,\n           IF(OFFSET(PLE!$G$15,$M47-$A$15,DO$13)=\"\",10^12,OFFSET(PLE!$G$15,$M47-$A$15,DO$13)))","v":0},{"$f":"IF(OR($D47<>\"Serviço\",AND(AUTOEVENTO=\"Manual\",$M47=$A$15),$M47>(ROW(PLE.lastrow)-ROW(PLE.firstrow))),0,\n           IF(OFFSET(PLE!$G$15,$M47-$A$15,DP$13)=\"\",10^12,OFFSET(PLE!$G$15,$M47-$A$15,DP$13)))","v":0},{"$f":"IF(OR($D47<>\"Serviço\",AND(AUTOEVENTO=\"Manual\",$M47=$A$15),$M47>(ROW(PLE.lastrow)-ROW(PLE.firstrow))),0,\n           IF(OFFSET(PLE!$G$15,$M47-$A$15,DQ$13)=\"\",10^12,OFFSET(PLE!$G$15,$M47-$A$15,DQ$13)))","v":0},{"$f":"IF(OR($D47<>\"Serviço\",AND(AUTOEVENTO=\"Manual\",$M47=$A$15),$M47>(ROW(PLE.lastrow)-ROW(PLE.firstrow))),0,\n           IF(OFFSET(PLE!$G$15,$M47-$A$15,DR$13)=\"\",10^12,OFFSET(PLE!$G$15,$M47-$A$15,DR$13)))","v":0},{"$f":"IF(OR($D47<>\"Serviço\",AND(AUTOEVENTO=\"Manual\",$M47=$A$15),$M47>(ROW(PLE.lastrow)-ROW(PLE.firstrow))),0,\n           IF(OFFSET(PLE!$G$15,$M47-$A$15,DS$13)=\"\",10^12,OFFSET(PLE!$G$15,$M47-$A$15,DS$13)))","v":0}]
["32",{"$f":"OFFSET(ORÇAMENTO!C$15,$L48,0)","v":"S"},{"$f":"OFFSET(ORÇAMENTO!L$15,$L48,0)","v":"F"},{"$f":"OFFSET(ORÇAMENTO!N$15,$L48,0)","v":"Serviço"},{"$f":"OFFSET(ORÇAMENTO!O$15,$L48,0)","v":"1.4.1.0.1."},{"$f":"OFFSET(ORÇAMENTO!R$15,$L48,0)","v":"MONTAGEM E DESMONTAGEM DE FÔRMA DE PILARES RETANGULARES E ESTRUTURAS SIMILARES, PÉ-DIREITO SIMPLES, EM CHAPA DE MADEIRA COMPENSADA RESINADA, 8 UTILIZAÇÕES. AF_09/2020"},{"$f":"IF($D48<>\"Serviço\",\"\",OFFSET(ORÇAMENTO!S$15,$L48,0))","v":"M2"},{"$f":"IF($D48<>\"Serviço\",0,IF(ACOMPANHAMENTO=\"BM\",ROUND(OFFSET(ORÇAMENTO!AJ$15,$L48,0),15-13*ORÇAMENTO!$AF$7),IF(IFERROR(CÁLCULO.FrentesPreenchidas,0)=0,0,SUM(ROUND(OFFSET($P48,0,1,1,CÁLCULO.FrentesPreenchidas),15-13*ORÇAMENTO!$AF$7)))))","v":71.95},"Conforme modelo disponibilizado pela CAIXA",{"$f":"IF(OR(B48<>\"S\",CÁLCULO.FrentesPreenchidas=0),\"\",IF(AND(ACOMPANHAMENTO=\"PLE\",AUTOEVENTO=\"Manual\",OR(H48>0,ORÇAMENTO!AC48=\"QUANT.\"),OR(K48=\"\",M48=0,N48=\"\")),\"►E\",IF(AND(ACOMPANHAMENTO=\"PLE\",ORÇAMENTO!AC48=\"QUANT.\"),\"►Q\",IF(AND(ACOMPANHAMENTO=\"PLE\",H48<>SUMPRODUCT(($Q$1:$AQ$1=1)*ROUND(Q48:AQ48,15))),\"►S\",IF(AND(COUNTIF($P$11:$AQ$11,\"▼\")=0,H48>0,I48=\"\"),\"◄M\",\"\")))))","v":""},"6. PILARES, VIGAS E LAJES",33,{"$f":"IF($D48<>\"Serviço\",\"\",\n          IF(AUTOEVENTO=\"manual\",$A48,\n                IF(ISERROR(MATCH($A48,$A$15:OFFSET($A48,-1,0),0)),MAX($M$15:OFFSET(M48,-1,0))+1,\n                      INDEX($M$15:OFFSET(M48,-1,0),MATCH($A48,$A$15:OFFSET($A48,-1,0),0)))))","v":6},{"$f":"IF($D48<>\"Serviço\",\"\",\n         IF(AUTOEVENTO=\"Manual\",\n                IF($A48=0,\"<-- defina o número do agrupador\",\n                       OFFSET(EVENTOS!$D$15,$A48-$A$15,0)),\n                OFFSET($F$15,$A48,0)))","v":"PILARES, VIGAS E LAJES"},null,null,14.39,14.39,14.39,14.39,14.39,null,null,null,null,null,null,null,null,null,null,null,null,null,null,null,null,null,null,null,null,null,null,{"$f":"IF(AND($D48=\"Serviço\",AR$12<>0,$H48>0,OR(AUTOEVENTO<>\"manual\",$M48<>$A$15)),\n        IF(Import.TipoArredondamento<>\"TransfereGOV\",\n              ROUND(OFFSET($P48,0,AR$13),15-13*ORÇAMENTO!$AF$7)/$H48*OFFSET(ORÇAMENTO!$X$15,ROW(AR48)-ROW(AR$15),0),\n              ROUND(ROUND(OFFSET($P48,0,AR$13),15-13*ORÇAMENTO!$AF$7)*OFFSET(ORÇAMENTO!$W$15,ROW(AR48)-ROW(AR$15),0),15-13*ORÇAMENTO!$AF$11)),\n         0)","v":1085.1500000000001},{"$f":"IF(AND($D48=\"Serviço\",AS$12<>0,$H48>0,OR(AUTOEVENTO<>\"manual\",$M48<>$A$15)),\n        IF(Import.TipoArredondamento<>\"TransfereGOV\",\n              ROUND(OFFSET($P48,0,AS$13),15-13*ORÇAMENTO!$AF$7)/$H48*OFFSET(ORÇAMENTO!$X$15,ROW(AS48)-ROW(AS$15),0),\n              ROUND(ROUND(OFFSET($P48,0,AS$13),15-13*ORÇAMENTO!$AF$7)*OFFSET(ORÇAMENTO!$W$15,ROW(AS48)-ROW(AS$15),0),15-13*ORÇAMENTO!$AF$11)),\n         0)","v":1085.1500000000001},{"$f":"IF(AND($D48=\"Serviço\",AT$12<>0,$H48>0,OR(AUTOEVENTO<>\"manual\",$M48<>$A$15)),\n        IF(Import.TipoArredondamento<>\"TransfereGOV\",\n              ROUND(OFFSET($P48,0,AT$13),15-13*ORÇAMENTO!$AF$7)/$H48*OFFSET(ORÇAMENTO!$X$15,ROW(AT48)-ROW(AT$15),0),\n              ROUND(ROUND(OFFSET($P48,0,AT$13),15-13*ORÇAMENTO!$AF$7)*OFFSET(ORÇAMENTO!$W$15,ROW(AT48)-ROW(AT$15),0),15-13*ORÇAMENTO!$AF$11)),\n         0)","v":1085.1500000000001},{"$f":"IF(AND($D48=\"Serviço\",AU$12<>0,$H48>0,OR(AUTOEVENTO<>\"manual\",$M48<>$A$15)),\n        IF(Import.TipoArredondamento<>\"TransfereGOV\",\n              ROUND(OFFSET($P48,0,AU$13),15-13*ORÇAMENTO!$AF$7)/$H48*OFFSET(ORÇAMENTO!$X$15,ROW(AU48)-ROW(AU$15),0),\n              ROUND(ROUND(OFFSET($P48,0,AU$13),15-13*ORÇAMENTO!$AF$7)*OFFSET(ORÇAMENTO!$W$15,ROW(AU48)-ROW(AU$15),0),15-13*ORÇAMENTO!$AF$11)),\n         0)","v":1085.1500000000001},{"$f":"IF(AND($D48=\"Serviço\",AV$12<>0,$H48>0,OR(AUTOEVENTO<>\"manual\",$M48<>$A$15)),\n        IF(Import.TipoArredondamento<>\"TransfereGOV\",\n              ROUND(OFFSET($P48,0,AV$13),15-13*ORÇAMENTO!$AF$7)/$H48*OFFSET(ORÇAMENTO!$X$15,ROW(AV48)-ROW(AV$15),0),\n              ROUND(ROUND(OFFSET($P48,0,AV$13),15-13*ORÇAMENTO!$AF$7)*OFFSET(ORÇAMENTO!$W$15,ROW(AV48)-ROW(AV$15),0),15-13*ORÇAMENTO!$AF$11)),\n         0)","v":1085.1500000000001},{"$f":"IF(AND($D48=\"Serviço\",AW$12<>0,$H48>0,OR(AUTOEVENTO<>\"manual\",$M48<>$A$15)),\n        IF(Import.TipoArredondamento<>\"TransfereGOV\",\n              ROUND(OFFSET($P48,0,AW$13),15-13*ORÇAMENTO!$AF$7)/$H48*OFFSET(ORÇAMENTO!$X$15,ROW(AW48)-ROW(AW$15),0),\n              ROUND(ROUND(OFFSET($P48,0,AW$13),15-13*ORÇAMENTO!$AF$7)*OFFSET(ORÇAMENTO!$W$15,ROW(AW48)-ROW(AW$15),0),15-13*ORÇAMENTO!$AF$11)),\n         0)","v":0},{"$f":"IF(AND($D48=\"Serviço\",AX$12<>0,$H48>0,OR(AUTOEVENTO<>\"manual\",$M48<>$A$15)),\n        IF(Import.TipoArredondamento<>\"TransfereGOV\",\n              ROUND(OFFSET($P48,0,AX$13),15-13*ORÇAMENTO!$AF$7)/$H48*OFFSET(ORÇAMENTO!$X$15,ROW(AX48)-ROW(AX$15),0),\n              ROUND(ROUND(OFFSET($P48,0,AX$13),15-13*ORÇAMENTO!$AF$7)*OFFSET(ORÇAMENTO!$W$15,ROW(AX48)-ROW(AX$15),0),15-13*ORÇAMENTO!$AF$11)),\n         0)","v":0},{"$f":"IF(AND($D48=\"Serviço\",AY$12<>0,$H48>0,OR(AUTOEVENTO<>\"manual\",$M48<>$A$15)),\n        IF(Import.TipoArredondamento<>\"TransfereGOV\",\n              ROUND(OFFSET($P48,0,AY$13),15-13*ORÇAMENTO!$AF$7)/$H48*OFFSET(ORÇAMENTO!$X$15,ROW(AY48)-ROW(AY$15),0),\n              ROUND(ROUND(OFFSET($P48,0,AY$13),15-13*ORÇAMENTO!$AF$7)*OFFSET(ORÇAMENTO!$W$15,ROW(AY48)-ROW(AY$15),0),15-13*ORÇAMENTO!$AF$11)),\n         0)","v":0},{"$f":"IF(AND($D48=\"Serviço\",AZ$12<>0,$H48>0,OR(AUTOEVENTO<>\"manual\",$M48<>$A$15)),\n        IF(Import.TipoArredondamento<>\"TransfereGOV\",\n              ROUND(OFFSET($P48,0,AZ$13),15-13*ORÇAMENTO!$AF$7)/$H48*OFFSET(ORÇAMENTO!$X$15,ROW(AZ48)-ROW(AZ$15),0),\n              ROUND(ROUND(OFFSET($P48,0,AZ$13),15-13*ORÇAMENTO!$AF$7)*OFFSET(ORÇAMENTO!$W$15,ROW(AZ48)-ROW(AZ$15),0),15-13*ORÇAMENTO!$AF$11)),\n         0)","v":0},{"$f":"IF(AND($D48=\"Serviço\",BA$12<>0,$H48>0,OR(AUTOEVENTO<>\"manual\",$M48<>$A$15)),\n        IF(Import.TipoArredondamento<>\"TransfereGOV\",\n              ROUND(OFFSET($P48,0,BA$13),15-13*ORÇAMENTO!$AF$7)/$H48*OFFSET(ORÇAMENTO!$X$15,ROW(BA48)-ROW(BA$15),0),\n              ROUND(ROUND(OFFSET($P48,0,BA$13),15-13*ORÇAMENTO!$AF$7)*OFFSET(ORÇAMENTO!$W$15,ROW(BA48)-ROW(BA$15),0),15-13*ORÇAMENTO!$AF$11)),\n         0)","v":0},{"$f":"IF(AND($D48=\"Serviço\",BB$12<>0,$H48>0,OR(AUTOEVENTO<>\"manual\",$M48<>$A$15)),\n        IF(Import.TipoArredondamento<>\"TransfereGOV\",\n              ROUND(OFFSET($P48,0,BB$13),15-13*ORÇAMENTO!$AF$7)/$H48*OFFSET(ORÇAMENTO!$X$15,ROW(BB48)-ROW(BB$15),0),\n              ROUND(ROUND(OFFSET($P48,0,BB$13),15-13*ORÇAMENTO!$AF$7)*OFFSET(ORÇAMENTO!$W$15,ROW(BB48)-ROW(BB$15),0),15-13*ORÇAMENTO!$AF$11)),\n         0)","v":0},{"$f":"IF(AND($D48=\"Serviço\",BC$12<>0,$H48>0,OR(AUTOEVENTO<>\"manual\",$M48<>$A$15)),\n        IF(Import.TipoArredondamento<>\"TransfereGOV\",\n              ROUND(OFFSET($P48,0,BC$13),15-13*ORÇAMENTO!$AF$7)/$H48*OFFSET(ORÇAMENTO!$X$15,ROW(BC48)-ROW(BC$15),0),\n              ROUND(ROUND(OFFSET($P48,0,BC$13),15-13*ORÇAMENTO!$AF$7)*OFFSET(ORÇAMENTO!$W$15,ROW(BC48)-ROW(BC$15),0),15-13*ORÇAMENTO!$AF$11)),\n         0)","v":0},{"$f":"IF(AND($D48=\"Serviço\",BD$12<>0,$H48>0,OR(AUTOEVENTO<>\"manual\",$M48<>$A$15)),\n        IF(Import.TipoArredondamento<>\"TransfereGOV\",\n              ROUND(OFFSET($P48,0,BD$13),15-13*ORÇAMENTO!$AF$7)/$H48*OFFSET(ORÇAMENTO!$X$15,ROW(BD48)-ROW(BD$15),0),\n              ROUND(ROUND(OFFSET($P48,0,BD$13),15-13*ORÇAMENTO!$AF$7)*OFFSET(ORÇAMENTO!$W$15,ROW(BD48)-ROW(BD$15),0),15-13*ORÇAMENTO!$AF$11)),\n         0)","v":0},{"$f":"IF(AND($D48=\"Serviço\",BE$12<>0,$H48>0,OR(AUTOEVENTO<>\"manual\",$M48<>$A$15)),\n        IF(Import.TipoArredondamento<>\"TransfereGOV\",\n              ROUND(OFFSET($P48,0,BE$13),15-13*ORÇAMENTO!$AF$7)/$H48*OFFSET(ORÇAMENTO!$X$15,ROW(BE48)-ROW(BE$15),0),\n              ROUND(ROUND(OFFSET($P48,0,BE$13),15-13*ORÇAMENTO!$AF$7)*OFFSET(ORÇAMENTO!$W$15,ROW(BE48)-ROW(BE$15),0),15-13*ORÇAMENTO!$AF$11)),\n         0)","v":0},{"$f":"IF(AND($D48=\"Serviço\",BF$12<>0,$H48>0,OR(AUTOEVENTO<>\"manual\",$M48<>$A$15)),\n        IF(Import.TipoArredondamento<>\"TransfereGOV\",\n              ROUND(OFFSET($P48,0,BF$13),15-13*ORÇAMENTO!$AF$7)/$H48*OFFSET(ORÇAMENTO!$X$15,ROW(BF48)-ROW(BF$15),0),\n              ROUND(ROUND(OFFSET($P48,0,BF$13),15-13*ORÇAMENTO!$AF$7)*OFFSET(ORÇAMENTO!$W$15,ROW(BF48)-ROW(BF$15),0),15-13*ORÇAMENTO!$AF$11)),\n         0)","v":0},{"$f":"IF(AND($D48=\"Serviço\",BG$12<>0,$H48>0,OR(AUTOEVENTO<>\"manual\",$M48<>$A$15)),\n        IF(Import.TipoArredondamento<>\"TransfereGOV\",\n              ROUND(OFFSET($P48,0,BG$13),15-13*ORÇAMENTO!$AF$7)/$H48*OFFSET(ORÇAMENTO!$X$15,ROW(BG48)-ROW(BG$15),0),\n              ROUND(ROUND(OFFSET($P48,0,BG$13),15-13*ORÇAMENTO!$AF$7)*OFFSET(ORÇAMENTO!$W$15,ROW(BG48)-ROW(BG$15),0),15-13*ORÇAMENTO!$AF$11)),\n         0)","v":0},{"$f":"IF(AND($D48=\"Serviço\",BH$12<>0,$H48>0,OR(AUTOEVENTO<>\"manual\",$M48<>$A$15)),\n        IF(Import.TipoArredondamento<>\"TransfereGOV\",\n              ROUND(OFFSET($P48,0,BH$13),15-13*ORÇAMENTO!$AF$7)/$H48*OFFSET(ORÇAMENTO!$X$15,ROW(BH48)-ROW(BH$15),0),\n              ROUND(ROUND(OFFSET($P48,0,BH$13),15-13*ORÇAMENTO!$AF$7)*OFFSET(ORÇAMENTO!$W$15,ROW(BH48)-ROW(BH$15),0),15-13*ORÇAMENTO!$AF$11)),\n         0)","v":0},{"$f":"IF(AND($D48=\"Serviço\",BI$12<>0,$H48>0,OR(AUTOEVENTO<>\"manual\",$M48<>$A$15)),\n        IF(Import.TipoArredondamento<>\"TransfereGOV\",\n              ROUND(OFFSET($P48,0,BI$13),15-13*ORÇAMENTO!$AF$7)/$H48*OFFSET(ORÇAMENTO!$X$15,ROW(BI48)-ROW(BI$15),0),\n              ROUND(ROUND(OFFSET($P48,0,BI$13),15-13*ORÇAMENTO!$AF$7)*OFFSET(ORÇAMENTO!$W$15,ROW(BI48)-ROW(BI$15),0),15-13*ORÇAMENTO!$AF$11)),\n         0)","v":0},{"$f":"IF(AND($D48=\"Serviço\",BJ$12<>0,$H48>0,OR(AUTOEVENTO<>\"manual\",$M48<>$A$15)),\n        IF(Import.TipoArredondamento<>\"TransfereGOV\",\n              ROUND(OFFSET($P48,0,BJ$13),15-13*ORÇAMENTO!$AF$7)/$H48*OFFSET(ORÇAMENTO!$X$15,ROW(BJ48)-ROW(BJ$15),0),\n              ROUND(ROUND(OFFSET($P48,0,BJ$13),15-13*ORÇAMENTO!$AF$7)*OFFSET(ORÇAMENTO!$W$15,ROW(BJ48)-ROW(BJ$15),0),15-13*ORÇAMENTO!$AF$11)),\n         0)","v":0},{"$f":"IF(AND($D48=\"Serviço\",BK$12<>0,$H48>0,OR(AUTOEVENTO<>\"manual\",$M48<>$A$15)),\n        IF(Import.TipoArredondamento<>\"TransfereGOV\",\n              ROUND(OFFSET($P48,0,BK$13),15-13*ORÇAMENTO!$AF$7)/$H48*OFFSET(ORÇAMENTO!$X$15,ROW(BK48)-ROW(BK$15),0),\n              ROUND(ROUND(OFFSET($P48,0,BK$13),15-13*ORÇAMENTO!$AF$7)*OFFSET(ORÇAMENTO!$W$15,ROW(BK48)-ROW(BK$15),0),15-13*ORÇAMENTO!$AF$11)),\n         0)","v":0},{"$f":"IF(AND($D48=\"Serviço\",BL$12<>0,$H48>0,OR(AUTOEVENTO<>\"manual\",$M48<>$A$15)),\n        IF(Import.TipoArredondamento<>\"TransfereGOV\",\n              ROUND(OFFSET($P48,0,BL$13),15-13*ORÇAMENTO!$AF$7)/$H48*OFFSET(ORÇAMENTO!$X$15,ROW(BL48)-ROW(BL$15),0),\n              ROUND(ROUND(OFFSET($P48,0,BL$13),15-13*ORÇAMENTO!$AF$7)*OFFSET(ORÇAMENTO!$W$15,ROW(BL48)-ROW(BL$15),0),15-13*ORÇAMENTO!$AF$11)),\n         0)","v":0},{"$f":"IF(AND($D48=\"Serviço\",BM$12<>0,$H48>0,OR(AUTOEVENTO<>\"manual\",$M48<>$A$15)),\n        IF(Import.TipoArredondamento<>\"TransfereGOV\",\n              ROUND(OFFSET($P48,0,BM$13),15-13*ORÇAMENTO!$AF$7)/$H48*OFFSET(ORÇAMENTO!$X$15,ROW(BM48)-ROW(BM$15),0),\n              ROUND(ROUND(OFFSET($P48,0,BM$13),15-13*ORÇAMENTO!$AF$7)*OFFSET(ORÇAMENTO!$W$15,ROW(BM48)-ROW(BM$15),0),15-13*ORÇAMENTO!$AF$11)),\n         0)","v":0},{"$f":"IF(AND($D48=\"Serviço\",BN$12<>0,$H48>0,OR(AUTOEVENTO<>\"manual\",$M48<>$A$15)),\n        IF(Import.TipoArredondamento<>\"TransfereGOV\",\n              ROUND(OFFSET($P48,0,BN$13),15-13*ORÇAMENTO!$AF$7)/$H48*OFFSET(ORÇAMENTO!$X$15,ROW(BN48)-ROW(BN$15),0),\n              ROUND(ROUND(OFFSET($P48,0,BN$13),15-13*ORÇAMENTO!$AF$7)*OFFSET(ORÇAMENTO!$W$15,ROW(BN48)-ROW(BN$15),0),15-13*ORÇAMENTO!$AF$11)),\n         0)","v":0},{"$f":"IF(AND($D48=\"Serviço\",BO$12<>0,$H48>0,OR(AUTOEVENTO<>\"manual\",$M48<>$A$15)),\n        IF(Import.TipoArredondamento<>\"TransfereGOV\",\n              ROUND(OFFSET($P48,0,BO$13),15-13*ORÇAMENTO!$AF$7)/$H48*OFFSET(ORÇAMENTO!$X$15,ROW(BO48)-ROW(BO$15),0),\n              ROUND(ROUND(OFFSET($P48,0,BO$13),15-13*ORÇAMENTO!$AF$7)*OFFSET(ORÇAMENTO!$W$15,ROW(BO48)-ROW(BO$15),0),15-13*ORÇAMENTO!$AF$11)),\n         0)","v":0},{"$f":"IF(AND($D48=\"Serviço\",BP$12<>0,$H48>0,OR(AUTOEVENTO<>\"manual\",$M48<>$A$15)),\n        IF(Import.TipoArredondamento<>\"TransfereGOV\",\n              ROUND(OFFSET($P48,0,BP$13),15-13*ORÇAMENTO!$AF$7)/$H48*OFFSET(ORÇAMENTO!$X$15,ROW(BP48)-ROW(BP$15),0),\n              ROUND(ROUND(OFFSET($P48,0,BP$13),15-13*ORÇAMENTO!$AF$7)*OFFSET(ORÇAMENTO!$W$15,ROW(BP48)-ROW(BP$15),0),15-13*ORÇAMENTO!$AF$11)),\n         0)","v":0},{"$f":"IF(AND($D48=\"Serviço\",BQ$12<>0,$H48>0,OR(AUTOEVENTO<>\"manual\",$M48<>$A$15)),\n        IF(Import.TipoArredondamento<>\"TransfereGOV\",\n              ROUND(OFFSET($P48,0,BQ$13),15-13*ORÇAMENTO!$AF$7)/$H48*OFFSET(ORÇAMENTO!$X$15,ROW(BQ48)-ROW(BQ$15),0),\n              ROUND(ROUND(OFFSET($P48,0,BQ$13),15-13*ORÇAMENTO!$AF$7)*OFFSET(ORÇAMENTO!$W$15,ROW(BQ48)-ROW(BQ$15),0),15-13*ORÇAMENTO!$AF$11)),\n         0)","v":0},null,{"$f":"IF(OR($D48<>\"Serviço\",AND(AUTOEVENTO=\"Manual\",$M48=$A$15)),0,\n         IF(OFFSET(CRONOPLE!$F$15,$M48-$A$15,BS$13)=0,10^12,OFFSET(CRONOPLE!$F$15,$M48-$A$15,BS$13)))","v":2},{"$f":"IF(OR($D48<>\"Serviço\",AND(AUTOEVENTO=\"Manual\",$M48=$A$15)),0,\n         IF(OFFSET(CRONOPLE!$F$15,$M48-$A$15,BT$13)=0,10^12,OFFSET(CRONOPLE!$F$15,$M48-$A$15,BT$13)))","v":2},{"$f":"IF(OR($D48<>\"Serviço\",AND(AUTOEVENTO=\"Manual\",$M48=$A$15)),0,\n         IF(OFFSET(CRONOPLE!$F$15,$M48-$A$15,BU$13)=0,10^12,OFFSET(CRONOPLE!$F$15,$M48-$A$15,BU$13)))","v":2},{"$f":"IF(OR($D48<>\"Serviço\",AND(AUTOEVENTO=\"Manual\",$M48=$A$15)),0,\n         IF(OFFSET(CRONOPLE!$F$15,$M48-$A$15,BV$13)=0,10^12,OFFSET(CRONOPLE!$F$15,$M48-$A$15,BV$13)))","v":2},{"$f":"IF(OR($D48<>\"Serviço\",AND(AUTOEVENTO=\"Manual\",$M48=$A$15)),0,\n         IF(OFFSET(CRONOPLE!$F$15,$M48-$A$15,BW$13)=0,10^12,OFFSET(CRONOPLE!$F$15,$M48-$A$15,BW$13)))","v":2},{"$f":"IF(OR($D48<>\"Serviço\",AND(AUTOEVENTO=\"Manual\",$M48=$A$15)),0,\n         IF(OFFSET(CRONOPLE!$F$15,$M48-$A$15,BX$13)=0,10^12,OFFSET(CRONOPLE!$F$15,$M48-$A$15,BX$13)))","v":2},{"$f":"IF(OR($D48<>\"Serviço\",AND(AUTOEVENTO=\"Manual\",$M48=$A$15)),0,\n         IF(OFFSET(CRONOPLE!$F$15,$M48-$A$15,BY$13)=0,10^12,OFFSET(CRONOPLE!$F$15,$M48-$A$15,BY$13)))","v":2},{"$f":"IF(OR($D48<>\"Serviço\",AND(AUTOEVENTO=\"Manual\",$M48=$A$15)),0,\n         IF(OFFSET(CRONOPLE!$F$15,$M48-$A$15,BZ$13)=0,10^12,OFFSET(CRONOPLE!$F$15,$M48-$A$15,BZ$13)))","v":8},{"$f":"IF(OR($D48<>\"Serviço\",AND(AUTOEVENTO=\"Manual\",$M48=$A$15)),0,\n         IF(OFFSET(CRONOPLE!$F$15,$M48-$A$15,CA$13)=0,10^12,OFFSET(CRONOPLE!$F$15,$M48-$A$15,CA$13)))","v":8},{"$f":"IF(OR($D48<>\"Serviço\",AND(AUTOEVENTO=\"Manual\",$M48=$A$15)),0,\n         IF(OFFSET(CRONOPLE!$F$15,$M48-$A$15,CB$13)=0,10^12,OFFSET(CRONOPLE!$F$15,$M48-$A$15,CB$13)))","v":8},{"$f":"IF(OR($D48<>\"Serviço\",AND(AUTOEVENTO=\"Manual\",$M48=$A$15)),0,\n         IF(OFFSET(CRONOPLE!$F$15,$M48-$A$15,CC$13)=0,10^12,OFFSET(CRONOPLE!$F$15,$M48-$A$15,CC$13)))","v":14},{"$f":"IF(OR($D48<>\"Serviço\",AND(AUTOEVENTO=\"Manual\",$M48=$A$15)),0,\n         IF(OFFSET(CRONOPLE!$F$15,$M48-$A$15,CD$13)=0,10^12,OFFSET(CRONOPLE!$F$15,$M48-$A$15,CD$13)))","v":14},{"$f":"IF(OR($D48<>\"Serviço\",AND(AUTOEVENTO=\"Manual\",$M48=$A$15)),0,\n         IF(OFFSET(CRONOPLE!$F$15,$M48-$A$15,CE$13)=0,10^12,OFFSET(CRONOPLE!$F$15,$M48-$A$15,CE$13)))","v":14},{"$f":"IF(OR($D48<>\"Serviço\",AND(AUTOEVENTO=\"Manual\",$M48=$A$15)),0,\n         IF(OFFSET(CRONOPLE!$F$15,$M48-$A$15,CF$13)=0,10^12,OFFSET(CRONOPLE!$F$15,$M48-$A$15,CF$13)))","v":14},{"$f":"IF(OR($D48<>\"Serviço\",AND(AUTOEVENTO=\"Manual\",$M48=$A$15)),0,\n         IF(OFFSET(CRONOPLE!$F$15,$M48-$A$15,CG$13)=0,10^12,OFFSET(CRONOPLE!$F$15,$M48-$A$15,CG$13)))","v":14},{"$f":"IF(OR($D48<>\"Serviço\",AND(AUTOEVENTO=\"Manual\",$M48=$A$15)),0,\n         IF(OFFSET(CRONOPLE!$F$15,$M48-$A$15,CH$13)=0,10^12,OFFSET(CRONOPLE!$F$15,$M48-$A$15,CH$13)))","v":20},{"$f":"IF(OR($D48<>\"Serviço\",AND(AUTOEVENTO=\"Manual\",$M48=$A$15)),0,\n         IF(OFFSET(CRONOPLE!$F$15,$M48-$A$15,CI$13)=0,10^12,OFFSET(CRONOPLE!$F$15,$M48-$A$15,CI$13)))","v":20},{"$f":"IF(OR($D48<>\"Serviço\",AND(AUTOEVENTO=\"Manual\",$M48=$A$15)),0,\n         IF(OFFSET(CRONOPLE!$F$15,$M48-$A$15,CJ$13)=0,10^12,OFFSET(CRONOPLE!$F$15,$M48-$A$15,CJ$13)))","v":20},{"$f":"IF(OR($D48<>\"Serviço\",AND(AUTOEVENTO=\"Manual\",$M48=$A$15)),0,\n         IF(OFFSET(CRONOPLE!$F$15,$M48-$A$15,CK$13)=0,10^12,OFFSET(CRONOPLE!$F$15,$M48-$A$15,CK$13)))","v":20},{"$f":"IF(OR($D48<>\"Serviço\",AND(AUTOEVENTO=\"Manual\",$M48=$A$15)),0,\n         IF(OFFSET(CRONOPLE!$F$15,$M48-$A$15,CL$13)=0,10^12,OFFSET(CRONOPLE!$F$15,$M48-$A$15,CL$13)))","v":20},{"$f":"IF(OR($D48<>\"Serviço\",AND(AUTOEVENTO=\"Manual\",$M48=$A$15)),0,\n         IF(OFFSET(CRONOPLE!$F$15,$M48-$A$15,CM$13)=0,10^12,OFFSET(CRONOPLE!$F$15,$M48-$A$15,CM$13)))","v":1000000000000},{"$f":"IF(OR($D48<>\"Serviço\",AND(AUTOEVENTO=\"Manual\",$M48=$A$15)),0,\n         IF(OFFSET(CRONOPLE!$F$15,$M48-$A$15,CN$13)=0,10^12,OFFSET(CRONOPLE!$F$15,$M48-$A$15,CN$13)))","v":1000000000000},{"$f":"IF(OR($D48<>\"Serviço\",AND(AUTOEVENTO=\"Manual\",$M48=$A$15)),0,\n         IF(OFFSET(CRONOPLE!$F$15,$M48-$A$15,CO$13)=0,10^12,OFFSET(CRONOPLE!$F$15,$M48-$A$15,CO$13)))","v":1000000000000},{"$f":"IF(OR($D48<>\"Serviço\",AND(AUTOEVENTO=\"Manual\",$M48=$A$15)),0,\n         IF(OFFSET(CRONOPLE!$F$15,$M48-$A$15,CP$13)=0,10^12,OFFSET(CRONOPLE!$F$15,$M48-$A$15,CP$13)))","v":1000000000000},{"$f":"IF(OR($D48<>\"Serviço\",AND(AUTOEVENTO=\"Manual\",$M48=$A$15)),0,\n         IF(OFFSET(CRONOPLE!$F$15,$M48-$A$15,CQ$13)=0,10^12,OFFSET(CRONOPLE!$F$15,$M48-$A$15,CQ$13)))","v":1000000000000},{"$f":"IF(OR($D48<>\"Serviço\",AND(AUTOEVENTO=\"Manual\",$M48=$A$15)),0,\n         IF(OFFSET(CRONOPLE!$F$15,$M48-$A$15,CR$13)=0,10^12,OFFSET(CRONOPLE!$F$15,$M48-$A$15,CR$13)))","v":1000000000000},null,{"$f":"IF(OR($D48<>\"Serviço\",AND(AUTOEVENTO=\"Manual\",$M48=$A$15),$M48>(ROW(PLE.lastrow)-ROW(PLE.firstrow))),0,\n           IF(OFFSET(PLE!$G$15,$M48-$A$15,CT$13)=\"\",10^12,OFFSET(PLE!$G$15,$M48-$A$15,CT$13)))","v":1000000000000},{"$f":"IF(OR($D48<>\"Serviço\",AND(AUTOEVENTO=\"Manual\",$M48=$A$15),$M48>(ROW(PLE.lastrow)-ROW(PLE.firstrow))),0,\n           IF(OFFSET(PLE!$G$15,$M48-$A$15,CU$13)=\"\",10^12,OFFSET(PLE!$G$15,$M48-$A$15,CU$13)))","v":1000000000000},{"$f":"IF(OR($D48<>\"Serviço\",AND(AUTOEVENTO=\"Manual\",$M48=$A$15),$M48>(ROW(PLE.lastrow)-ROW(PLE.firstrow))),0,\n           IF(OFFSET(PLE!$G$15,$M48-$A$15,CV$13)=\"\",10^12,OFFSET(PLE!$G$15,$M48-$A$15,CV$13)))","v":1000000000000},{"$f":"IF(OR($D48<>\"Serviço\",AND(AUTOEVENTO=\"Manual\",$M48=$A$15),$M48>(ROW(PLE.lastrow)-ROW(PLE.firstrow))),0,\n           IF(OFFSET(PLE!$G$15,$M48-$A$15,CW$13)=\"\",10^12,OFFSET(PLE!$G$15,$M48-$A$15,CW$13)))","v":1000000000000},{"$f":"IF(OR($D48<>\"Serviço\",AND(AUTOEVENTO=\"Manual\",$M48=$A$15),$M48>(ROW(PLE.lastrow)-ROW(PLE.firstrow))),0,\n           IF(OFFSET(PLE!$G$15,$M48-$A$15,CX$13)=\"\",10^12,OFFSET(PLE!$G$15,$M48-$A$15,CX$13)))","v":1000000000000},{"$f":"IF(OR($D48<>\"Serviço\",AND(AUTOEVENTO=\"Manual\",$M48=$A$15),$M48>(ROW(PLE.lastrow)-ROW(PLE.firstrow))),0,\n           IF(OFFSET(PLE!$G$15,$M48-$A$15,CY$13)=\"\",10^12,OFFSET(PLE!$G$15,$M48-$A$15,CY$13)))","v":1000000000000},{"$f":"IF(OR($D48<>\"Serviço\",AND(AUTOEVENTO=\"Manual\",$M48=$A$15),$M48>(ROW(PLE.lastrow)-ROW(PLE.firstrow))),0,\n           IF(OFFSET(PLE!$G$15,$M48-$A$15,CZ$13)=\"\",10^12,OFFSET(PLE!$G$15,$M48-$A$15,CZ$13)))","v":1000000000000},{"$f":"IF(OR($D48<>\"Serviço\",AND(AUTOEVENTO=\"Manual\",$M48=$A$15),$M48>(ROW(PLE.lastrow)-ROW(PLE.firstrow))),0,\n           IF(OFFSET(PLE!$G$15,$M48-$A$15,DA$13)=\"\",10^12,OFFSET(PLE!$G$15,$M48-$A$15,DA$13)))","v":1000000000000},{"$f":"IF(OR($D48<>\"Serviço\",AND(AUTOEVENTO=\"Manual\",$M48=$A$15),$M48>(ROW(PLE.lastrow)-ROW(PLE.firstrow))),0,\n           IF(OFFSET(PLE!$G$15,$M48-$A$15,DB$13)=\"\",10^12,OFFSET(PLE!$G$15,$M48-$A$15,DB$13)))","v":1000000000000},{"$f":"IF(OR($D48<>\"Serviço\",AND(AUTOEVENTO=\"Manual\",$M48=$A$15),$M48>(ROW(PLE.lastrow)-ROW(PLE.firstrow))),0,\n           IF(OFFSET(PLE!$G$15,$M48-$A$15,DC$13)=\"\",10^12,OFFSET(PLE!$G$15,$M48-$A$15,DC$13)))","v":1000000000000},{"$f":"IF(OR($D48<>\"Serviço\",AND(AUTOEVENTO=\"Manual\",$M48=$A$15),$M48>(ROW(PLE.lastrow)-ROW(PLE.firstrow))),0,\n           IF(OFFSET(PLE!$G$15,$M48-$A$15,DD$13)=\"\",10^12,OFFSET(PLE!$G$15,$M48-$A$15,DD$13)))","v":1000000000000},{"$f":"IF(OR($D48<>\"Serviço\",AND(AUTOEVENTO=\"Manual\",$M48=$A$15),$M48>(ROW(PLE.lastrow)-ROW(PLE.firstrow))),0,\n           IF(OFFSET(PLE!$G$15,$M48-$A$15,DE$13)=\"\",10^12,OFFSET(PLE!$G$15,$M48-$A$15,DE$13)))","v":1000000000000},{"$f":"IF(OR($D48<>\"Serviço\",AND(AUTOEVENTO=\"Manual\",$M48=$A$15),$M48>(ROW(PLE.lastrow)-ROW(PLE.firstrow))),0,\n           IF(OFFSET(PLE!$G$15,$M48-$A$15,DF$13)=\"\",10^12,OFFSET(PLE!$G$15,$M48-$A$15,DF$13)))","v":1000000000000},{"$f":"IF(OR($D48<>\"Serviço\",AND(AUTOEVENTO=\"Manual\",$M48=$A$15),$M48>(ROW(PLE.lastrow)-ROW(PLE.firstrow))),0,\n           IF(OFFSET(PLE!$G$15,$M48-$A$15,DG$13)=\"\",10^12,OFFSET(PLE!$G$15,$M48-$A$15,DG$13)))","v":1000000000000},{"$f":"IF(OR($D48<>\"Serviço\",AND(AUTOEVENTO=\"Manual\",$M48=$A$15),$M48>(ROW(PLE.lastrow)-ROW(PLE.firstrow))),0,\n           IF(OFFSET(PLE!$G$15,$M48-$A$15,DH$13)=\"\",10^12,OFFSET(PLE!$G$15,$M48-$A$15,DH$13)))","v":1000000000000},{"$f":"IF(OR($D48<>\"Serviço\",AND(AUTOEVENTO=\"Manual\",$M48=$A$15),$M48>(ROW(PLE.lastrow)-ROW(PLE.firstrow))),0,\n           IF(OFFSET(PLE!$G$15,$M48-$A$15,DI$13)=\"\",10^12,OFFSET(PLE!$G$15,$M48-$A$15,DI$13)))","v":1000000000000},{"$f":"IF(OR($D48<>\"Serviço\",AND(AUTOEVENTO=\"Manual\",$M48=$A$15),$M48>(ROW(PLE.lastrow)-ROW(PLE.firstrow))),0,\n           IF(OFFSET(PLE!$G$15,$M48-$A$15,DJ$13)=\"\",10^12,OFFSET(PLE!$G$15,$M48-$A$15,DJ$13)))","v":1000000000000},{"$f":"IF(OR($D48<>\"Serviço\",AND(AUTOEVENTO=\"Manual\",$M48=$A$15),$M48>(ROW(PLE.lastrow)-ROW(PLE.firstrow))),0,\n           IF(OFFSET(PLE!$G$15,$M48-$A$15,DK$13)=\"\",10^12,OFFSET(PLE!$G$15,$M48-$A$15,DK$13)))","v":1000000000000},{"$f":"IF(OR($D48<>\"Serviço\",AND(AUTOEVENTO=\"Manual\",$M48=$A$15),$M48>(ROW(PLE.lastrow)-ROW(PLE.firstrow))),0,\n           IF(OFFSET(PLE!$G$15,$M48-$A$15,DL$13)=\"\",10^12,OFFSET(PLE!$G$15,$M48-$A$15,DL$13)))","v":1000000000000},{"$f":"IF(OR($D48<>\"Serviço\",AND(AUTOEVENTO=\"Manual\",$M48=$A$15),$M48>(ROW(PLE.lastrow)-ROW(PLE.firstrow))),0,\n           IF(OFFSET(PLE!$G$15,$M48-$A$15,DM$13)=\"\",10^12,OFFSET(PLE!$G$15,$M48-$A$15,DM$13)))","v":1000000000000},{"$f":"IF(OR($D48<>\"Serviço\",AND(AUTOEVENTO=\"Manual\",$M48=$A$15),$M48>(ROW(PLE.lastrow)-ROW(PLE.firstrow))),0,\n           IF(OFFSET(PLE!$G$15,$M48-$A$15,DN$13)=\"\",10^12,OFFSET(PLE!$G$15,$M48-$A$15,DN$13)))","v":1000000000000},{"$f":"IF(OR($D48<>\"Serviço\",AND(AUTOEVENTO=\"Manual\",$M48=$A$15),$M48>(ROW(PLE.lastrow)-ROW(PLE.firstrow))),0,\n           IF(OFFSET(PLE!$G$15,$M48-$A$15,DO$13)=\"\",10^12,OFFSET(PLE!$G$15,$M48-$A$15,DO$13)))","v":1000000000000},{"$f":"IF(OR($D48<>\"Serviço\",AND(AUTOEVENTO=\"Manual\",$M48=$A$15),$M48>(ROW(PLE.lastrow)-ROW(PLE.firstrow))),0,\n           IF(OFFSET(PLE!$G$15,$M48-$A$15,DP$13)=\"\",10^12,OFFSET(PLE!$G$15,$M48-$A$15,DP$13)))","v":1000000000000},{"$f":"IF(OR($D48<>\"Serviço\",AND(AUTOEVENTO=\"Manual\",$M48=$A$15),$M48>(ROW(PLE.lastrow)-ROW(PLE.firstrow))),0,\n           IF(OFFSET(PLE!$G$15,$M48-$A$15,DQ$13)=\"\",10^12,OFFSET(PLE!$G$15,$M48-$A$15,DQ$13)))","v":1000000000000},{"$f":"IF(OR($D48<>\"Serviço\",AND(AUTOEVENTO=\"Manual\",$M48=$A$15),$M48>(ROW(PLE.lastrow)-ROW(PLE.firstrow))),0,\n           IF(OFFSET(PLE!$G$15,$M48-$A$15,DR$13)=\"\",10^12,OFFSET(PLE!$G$15,$M48-$A$15,DR$13)))","v":1000000000000},{"$f":"IF(OR($D48<>\"Serviço\",AND(AUTOEVENTO=\"Manual\",$M48=$A$15),$M48>(ROW(PLE.lastrow)-ROW(PLE.firstrow))),0,\n           IF(OFFSET(PLE!$G$15,$M48-$A$15,DS$13)=\"\",10^12,OFFSET(PLE!$G$15,$M48-$A$15,DS$13)))","v":1000000000000}]
["32",{"$f":"OFFSET(ORÇAMENTO!C$15,$L49,0)","v":"S"},{"$f":"OFFSET(ORÇAMENTO!L$15,$L49,0)","v":"F"},{"$f":"OFFSET(ORÇAMENTO!N$15,$L49,0)","v":"Serviço"},{"$f":"OFFSET(ORÇAMENTO!O$15,$L49,0)","v":"1.4.1.0.2."},{"$f":"OFFSET(ORÇAMENTO!R$15,$L49,0)","v":"MONTAGEM E DESMONTAGEM DE FÔRMA DE VIGA, SEM ESCORAMENTO, PÉ-DIREITO SIMPLES, EM CHAPA DE MADEIRA RESINADA, 8 UTILIZAÇÕES. "},{"$f":"IF($D49<>\"Serviço\",\"\",OFFSET(ORÇAMENTO!S$15,$L49,0))","v":"M2"},{"$f":"IF($D49<>\"Serviço\",0,IF(ACOMPANHAMENTO=\"BM\",ROUND(OFFSET(ORÇAMENTO!AJ$15,$L49,0),15-13*ORÇAMENTO!$AF$7),IF(IFERROR(CÁLCULO.FrentesPreenchidas,0)=0,0,SUM(ROUND(OFFSET($P49,0,1,1,CÁLCULO.FrentesPreenchidas),15-13*ORÇAMENTO!$AF$7)))))","v":102.69999999999999},"Conforme modelo disponibilizado pela CAIXA",{"$f":"IF(OR(B49<>\"S\",CÁLCULO.FrentesPreenchidas=0),\"\",IF(AND(ACOMPANHAMENTO=\"PLE\",AUTOEVENTO=\"Manual\",OR(H49>0,ORÇAMENTO!AC49=\"QUANT.\"),OR(K49=\"\",M49=0,N49=\"\")),\"►E\",IF(AND(ACOMPANHAMENTO=\"PLE\",ORÇAMENTO!AC49=\"QUANT.\"),\"►Q\",IF(AND(ACOMPANHAMENTO=\"PLE\",H49<>SUMPRODUCT(($Q$1:$AQ$1=1)*ROUND(Q49:AQ49,15))),\"►S\",IF(AND(COUNTIF($P$11:$AQ$11,\"▼\")=0,H49>0,I49=\"\"),\"◄M\",\"\")))))","v":""},"6. PILARES, VIGAS E LAJES",34,{"$f":"IF($D49<>\"Serviço\",\"\",\n          IF(AUTOEVENTO=\"manual\",$A49,\n                IF(ISERROR(MATCH($A49,$A$15:OFFSET($A49,-1,0),0)),MAX($M$15:OFFSET(M49,-1,0))+1,\n                      INDEX($M$15:OFFSET(M49,-1,0),MATCH($A49,$A$15:OFFSET($A49,-1,0),0)))))","v":6},{"$f":"IF($D49<>\"Serviço\",\"\",\n         IF(AUTOEVENTO=\"Manual\",\n                IF($A49=0,\"<-- defina o número do agrupador\",\n                       OFFSET(EVENTOS!$D$15,$A49-$A$15,0)),\n                OFFSET($F$15,$A49,0)))","v":"PILARES, VIGAS E LAJES"},null,null,20.54,20.54,20.54,20.54,20.54,null,null,null,null,null,null,null,null,null,null,null,null,null,null,null,null,null,null,null,null,null,null,{"$f":"IF(AND($D49=\"Serviço\",AR$12<>0,$H49>0,OR(AUTOEVENTO<>\"manual\",$M49<>$A$15)),\n        IF(Import.TipoArredondamento<>\"TransfereGOV\",\n              ROUND(OFFSET($P49,0,AR$13),15-13*ORÇAMENTO!$AF$7)/$H49*OFFSET(ORÇAMENTO!$X$15,ROW(AR49)-ROW(AR$15),0),\n              ROUND(ROUND(OFFSET($P49,0,AR$13),15-13*ORÇAMENTO!$AF$7)*OFFSET(ORÇAMENTO!$W$15,ROW(AR49)-ROW(AR$15),0),15-13*ORÇAMENTO!$AF$11)),\n         0)","v":1573.98},{"$f":"IF(AND($D49=\"Serviço\",AS$12<>0,$H49>0,OR(AUTOEVENTO<>\"manual\",$M49<>$A$15)),\n        IF(Import.TipoArredondamento<>\"TransfereGOV\",\n              ROUND(OFFSET($P49,0,AS$13),15-13*ORÇAMENTO!$AF$7)/$H49*OFFSET(ORÇAMENTO!$X$15,ROW(AS49)-ROW(AS$15),0),\n              ROUND(ROUND(OFFSET($P49,0,AS$13),15-13*ORÇAMENTO!$AF$7)*OFFSET(ORÇAMENTO!$W$15,ROW(AS49)-ROW(AS$15),0),15-13*ORÇAMENTO!$AF$11)),\n         0)","v":1573.98},{"$f":"IF(AND($D49=\"Serviço\",AT$12<>0,$H49>0,OR(AUTOEVENTO<>\"manual\",$M49<>$A$15)),\n        IF(Import.TipoArredondamento<>\"TransfereGOV\",\n              ROUND(OFFSET($P49,0,AT$13),15-13*ORÇAMENTO!$AF$7)/$H49*OFFSET(ORÇAMENTO!$X$15,ROW(AT49)-ROW(AT$15),0),\n              ROUND(ROUND(OFFSET($P49,0,AT$13),15-13*ORÇAMENTO!$AF$7)*OFFSET(ORÇAMENTO!$W$15,ROW(AT49)-ROW(AT$15),0),15-13*ORÇAMENTO!$AF$11)),\n         0)","v":1573.98},{"$f":"IF(AND($D49=\"Serviço\",AU$12<>0,$H49>0,OR(AUTOEVENTO<>\"manual\",$M49<>$A$15)),\n        IF(Import.TipoArredondamento<>\"TransfereGOV\",\n              ROUND(OFFSET($P49,0,AU$13),15-13*ORÇAMENTO!$AF$7)/$H49*OFFSET(ORÇAMENTO!$X$15,ROW(AU49)-ROW(AU$15),0),\n              ROUND(ROUND(OFFSET($P49,0,AU$13),15-13*ORÇAMENTO!$AF$7)*OFFSET(ORÇAMENTO!$W$15,ROW(AU49)-ROW(AU$15),0),15-13*ORÇAMENTO!$AF$11)),\n         0)","v":1573.98},{"$f":"IF(AND($D49=\"Serviço\",AV$12<>0,$H49>0,OR(AUTOEVENTO<>\"manual\",$M49<>$A$15)),\n        IF(Import.TipoArredondamento<>\"TransfereGOV\",\n              ROUND(OFFSET($P49,0,AV$13),15-13*ORÇAMENTO!$AF$7)/$H49*OFFSET(ORÇAMENTO!$X$15,ROW(AV49)-ROW(AV$15),0),\n              ROUND(ROUND(OFFSET($P49,0,AV$13),15-13*ORÇAMENTO!$AF$7)*OFFSET(ORÇAMENTO!$W$15,ROW(AV49)-ROW(AV$15),0),15-13*ORÇAMENTO!$AF$11)),\n         0)","v":1573.98},{"$f":"IF(AND($D49=\"Serviço\",AW$12<>0,$H49>0,OR(AUTOEVENTO<>\"manual\",$M49<>$A$15)),\n        IF(Import.TipoArredondamento<>\"TransfereGOV\",\n              ROUND(OFFSET($P49,0,AW$13),15-13*ORÇAMENTO!$AF$7)/$H49*OFFSET(ORÇAMENTO!$X$15,ROW(AW49)-ROW(AW$15),0),\n              ROUND(ROUND(OFFSET($P49,0,AW$13),15-13*ORÇAMENTO!$AF$7)*OFFSET(ORÇAMENTO!$W$15,ROW(AW49)-ROW(AW$15),0),15-13*ORÇAMENTO!$AF$11)),\n         0)","v":0},{"$f":"IF(AND($D49=\"Serviço\",AX$12<>0,$H49>0,OR(AUTOEVENTO<>\"manual\",$M49<>$A$15)),\n        IF(Import.TipoArredondamento<>\"TransfereGOV\",\n              ROUND(OFFSET($P49,0,AX$13),15-13*ORÇAMENTO!$AF$7)/$H49*OFFSET(ORÇAMENTO!$X$15,ROW(AX49)-ROW(AX$15),0),\n              ROUND(ROUND(OFFSET($P49,0,AX$13),15-13*ORÇAMENTO!$AF$7)*OFFSET(ORÇAMENTO!$W$15,ROW(AX49)-ROW(AX$15),0),15-13*ORÇAMENTO!$AF$11)),\n         0)","v":0},{"$f":"IF(AND($D49=\"Serviço\",AY$12<>0,$H49>0,OR(AUTOEVENTO<>\"manual\",$M49<>$A$15)),\n        IF(Import.TipoArredondamento<>\"TransfereGOV\",\n              ROUND(OFFSET($P49,0,AY$13),15-13*ORÇAMENTO!$AF$7)/$H49*OFFSET(ORÇAMENTO!$X$15,ROW(AY49)-ROW(AY$15),0),\n              ROUND(ROUND(OFFSET($P49,0,AY$13),15-13*ORÇAMENTO!$AF$7)*OFFSET(ORÇAMENTO!$W$15,ROW(AY49)-ROW(AY$15),0),15-13*ORÇAMENTO!$AF$11)),\n         0)","v":0},{"$f":"IF(AND($D49=\"Serviço\",AZ$12<>0,$H49>0,OR(AUTOEVENTO<>\"manual\",$M49<>$A$15)),\n        IF(Import.TipoArredondamento<>\"TransfereGOV\",\n              ROUND(OFFSET($P49,0,AZ$13),15-13*ORÇAMENTO!$AF$7)/$H49*OFFSET(ORÇAMENTO!$X$15,ROW(AZ49)-ROW(AZ$15),0),\n              ROUND(ROUND(OFFSET($P49,0,AZ$13),15-13*ORÇAMENTO!$AF$7)*OFFSET(ORÇAMENTO!$W$15,ROW(AZ49)-ROW(AZ$15),0),15-13*ORÇAMENTO!$AF$11)),\n         0)","v":0},{"$f":"IF(AND($D49=\"Serviço\",BA$12<>0,$H49>0,OR(AUTOEVENTO<>\"manual\",$M49<>$A$15)),\n        IF(Import.TipoArredondamento<>\"TransfereGOV\",\n              ROUND(OFFSET($P49,0,BA$13),15-13*ORÇAMENTO!$AF$7)/$H49*OFFSET(ORÇAMENTO!$X$15,ROW(BA49)-ROW(BA$15),0),\n              ROUND(ROUND(OFFSET($P49,0,BA$13),15-13*ORÇAMENTO!$AF$7)*OFFSET(ORÇAMENTO!$W$15,ROW(BA49)-ROW(BA$15),0),15-13*ORÇAMENTO!$AF$11)),\n         0)","v":0},{"$f":"IF(AND($D49=\"Serviço\",BB$12<>0,$H49>0,OR(AUTOEVENTO<>\"manual\",$M49<>$A$15)),\n        IF(Import.TipoArredondamento<>\"TransfereGOV\",\n              ROUND(OFFSET($P49,0,BB$13),15-13*ORÇAMENTO!$AF$7)/$H49*OFFSET(ORÇAMENTO!$X$15,ROW(BB49)-ROW(BB$15),0),\n              ROUND(ROUND(OFFSET($P49,0,BB$13),15-13*ORÇAMENTO!$AF$7)*OFFSET(ORÇAMENTO!$W$15,ROW(BB49)-ROW(BB$15),0),15-13*ORÇAMENTO!$AF$11)),\n         0)","v":0},{"$f":"IF(AND($D49=\"Serviço\",BC$12<>0,$H49>0,OR(AUTOEVENTO<>\"manual\",$M49<>$A$15)),\n        IF(Import.TipoArredondamento<>\"TransfereGOV\",\n              ROUND(OFFSET($P49,0,BC$13),15-13*ORÇAMENTO!$AF$7)/$H49*OFFSET(ORÇAMENTO!$X$15,ROW(BC49)-ROW(BC$15),0),\n              ROUND(ROUND(OFFSET($P49,0,BC$13),15-13*ORÇAMENTO!$AF$7)*OFFSET(ORÇAMENTO!$W$15,ROW(BC49)-ROW(BC$15),0),15-13*ORÇAMENTO!$AF$11)),\n         0)","v":0},{"$f":"IF(AND($D49=\"Serviço\",BD$12<>0,$H49>0,OR(AUTOEVENTO<>\"manual\",$M49<>$A$15)),\n        IF(Import.TipoArredondamento<>\"TransfereGOV\",\n              ROUND(OFFSET($P49,0,BD$13),15-13*ORÇAMENTO!$AF$7)/$H49*OFFSET(ORÇAMENTO!$X$15,ROW(BD49)-ROW(BD$15),0),\n              ROUND(ROUND(OFFSET($P49,0,BD$13),15-13*ORÇAMENTO!$AF$7)*OFFSET(ORÇAMENTO!$W$15,ROW(BD49)-ROW(BD$15),0),15-13*ORÇAMENTO!$AF$11)),\n         0)","v":0},{"$f":"IF(AND($D49=\"Serviço\",BE$12<>0,$H49>0,OR(AUTOEVENTO<>\"manual\",$M49<>$A$15)),\n        IF(Import.TipoArredondamento<>\"TransfereGOV\",\n              ROUND(OFFSET($P49,0,BE$13),15-13*ORÇAMENTO!$AF$7)/$H49*OFFSET(ORÇAMENTO!$X$15,ROW(BE49)-ROW(BE$15),0),\n              ROUND(ROUND(OFFSET($P49,0,BE$13),15-13*ORÇAMENTO!$AF$7)*OFFSET(ORÇAMENTO!$W$15,ROW(BE49)-ROW(BE$15),0),15-13*ORÇAMENTO!$AF$11)),\n         0)","v":0},{"$f":"IF(AND($D49=\"Serviço\",BF$12<>0,$H49>0,OR(AUTOEVENTO<>\"manual\",$M49<>$A$15)),\n        IF(Import.TipoArredondamento<>\"TransfereGOV\",\n              ROUND(OFFSET($P49,0,BF$13),15-13*ORÇAMENTO!$AF$7)/$H49*OFFSET(ORÇAMENTO!$X$15,ROW(BF49)-ROW(BF$15),0),\n              ROUND(ROUND(OFFSET($P49,0,BF$13),15-13*ORÇAMENTO!$AF$7)*OFFSET(ORÇAMENTO!$W$15,ROW(BF49)-ROW(BF$15),0),15-13*ORÇAMENTO!$AF$11)),\n         0)","v":0},{"$f":"IF(AND($D49=\"Serviço\",BG$12<>0,$H49>0,OR(AUTOEVENTO<>\"manual\",$M49<>$A$15)),\n        IF(Import.TipoArredondamento<>\"TransfereGOV\",\n              ROUND(OFFSET($P49,0,BG$13),15-13*ORÇAMENTO!$AF$7)/$H49*OFFSET(ORÇAMENTO!$X$15,ROW(BG49)-ROW(BG$15),0),\n              ROUND(ROUND(OFFSET($P49,0,BG$13),15-13*ORÇAMENTO!$AF$7)*OFFSET(ORÇAMENTO!$W$15,ROW(BG49)-ROW(BG$15),0),15-13*ORÇAMENTO!$AF$11)),\n         0)","v":0},{"$f":"IF(AND($D49=\"Serviço\",BH$12<>0,$H49>0,OR(AUTOEVENTO<>\"manual\",$M49<>$A$15)),\n        IF(Import.TipoArredondamento<>\"TransfereGOV\",\n              ROUND(OFFSET($P49,0,BH$13),15-13*ORÇAMENTO!$AF$7)/$H49*OFFSET(ORÇAMENTO!$X$15,ROW(BH49)-ROW(BH$15),0),\n              ROUND(ROUND(OFFSET($P49,0,BH$13),15-13*ORÇAMENTO!$AF$7)*OFFSET(ORÇAMENTO!$W$15,ROW(BH49)-ROW(BH$15),0),15-13*ORÇAMENTO!$AF$11)),\n         0)","v":0},{"$f":"IF(AND($D49=\"Serviço\",BI$12<>0,$H49>0,OR(AUTOEVENTO<>\"manual\",$M49<>$A$15)),\n        IF(Import.TipoArredondamento<>\"TransfereGOV\",\n              ROUND(OFFSET($P49,0,BI$13),15-13*ORÇAMENTO!$AF$7)/$H49*OFFSET(ORÇAMENTO!$X$15,ROW(BI49)-ROW(BI$15),0),\n              ROUND(ROUND(OFFSET($P49,0,BI$13),15-13*ORÇAMENTO!$AF$7)*OFFSET(ORÇAMENTO!$W$15,ROW(BI49)-ROW(BI$15),0),15-13*ORÇAMENTO!$AF$11)),\n         0)","v":0},{"$f":"IF(AND($D49=\"Serviço\",BJ$12<>0,$H49>0,OR(AUTOEVENTO<>\"manual\",$M49<>$A$15)),\n        IF(Import.TipoArredondamento<>\"TransfereGOV\",\n              ROUND(OFFSET($P49,0,BJ$13),15-13*ORÇAMENTO!$AF$7)/$H49*OFFSET(ORÇAMENTO!$X$15,ROW(BJ49)-ROW(BJ$15),0),\n              ROUND(ROUND(OFFSET($P49,0,BJ$13),15-13*ORÇAMENTO!$AF$7)*OFFSET(ORÇAMENTO!$W$15,ROW(BJ49)-ROW(BJ$15),0),15-13*ORÇAMENTO!$AF$11)),\n         0)","v":0},{"$f":"IF(AND($D49=\"Serviço\",BK$12<>0,$H49>0,OR(AUTOEVENTO<>\"manual\",$M49<>$A$15)),\n        IF(Import.TipoArredondamento<>\"TransfereGOV\",\n              ROUND(OFFSET($P49,0,BK$13),15-13*ORÇAMENTO!$AF$7)/$H49*OFFSET(ORÇAMENTO!$X$15,ROW(BK49)-ROW(BK$15),0),\n              ROUND(ROUND(OFFSET($P49,0,BK$13),15-13*ORÇAMENTO!$AF$7)*OFFSET(ORÇAMENTO!$W$15,ROW(BK49)-ROW(BK$15),0),15-13*ORÇAMENTO!$AF$11)),\n         0)","v":0},{"$f":"IF(AND($D49=\"Serviço\",BL$12<>0,$H49>0,OR(AUTOEVENTO<>\"manual\",$M49<>$A$15)),\n        IF(Import.TipoArredondamento<>\"TransfereGOV\",\n              ROUND(OFFSET($P49,0,BL$13),15-13*ORÇAMENTO!$AF$7)/$H49*OFFSET(ORÇAMENTO!$X$15,ROW(BL49)-ROW(BL$15),0),\n              ROUND(ROUND(OFFSET($P49,0,BL$13),15-13*ORÇAMENTO!$AF$7)*OFFSET(ORÇAMENTO!$W$15,ROW(BL49)-ROW(BL$15),0),15-13*ORÇAMENTO!$AF$11)),\n         0)","v":0},{"$f":"IF(AND($D49=\"Serviço\",BM$12<>0,$H49>0,OR(AUTOEVENTO<>\"manual\",$M49<>$A$15)),\n        IF(Import.TipoArredondamento<>\"TransfereGOV\",\n              ROUND(OFFSET($P49,0,BM$13),15-13*ORÇAMENTO!$AF$7)/$H49*OFFSET(ORÇAMENTO!$X$15,ROW(BM49)-ROW(BM$15),0),\n              ROUND(ROUND(OFFSET($P49,0,BM$13),15-13*ORÇAMENTO!$AF$7)*OFFSET(ORÇAMENTO!$W$15,ROW(BM49)-ROW(BM$15),0),15-13*ORÇAMENTO!$AF$11)),\n         0)","v":0},{"$f":"IF(AND($D49=\"Serviço\",BN$12<>0,$H49>0,OR(AUTOEVENTO<>\"manual\",$M49<>$A$15)),\n        IF(Import.TipoArredondamento<>\"TransfereGOV\",\n              ROUND(OFFSET($P49,0,BN$13),15-13*ORÇAMENTO!$AF$7)/$H49*OFFSET(ORÇAMENTO!$X$15,ROW(BN49)-ROW(BN$15),0),\n              ROUND(ROUND(OFFSET($P49,0,BN$13),15-13*ORÇAMENTO!$AF$7)*OFFSET(ORÇAMENTO!$W$15,ROW(BN49)-ROW(BN$15),0),15-13*ORÇAMENTO!$AF$11)),\n         0)","v":0},{"$f":"IF(AND($D49=\"Serviço\",BO$12<>0,$H49>0,OR(AUTOEVENTO<>\"manual\",$M49<>$A$15)),\n        IF(Import.TipoArredondamento<>\"TransfereGOV\",\n              ROUND(OFFSET($P49,0,BO$13),15-13*ORÇAMENTO!$AF$7)/$H49*OFFSET(ORÇAMENTO!$X$15,ROW(BO49)-ROW(BO$15),0),\n              ROUND(ROUND(OFFSET($P49,0,BO$13),15-13*ORÇAMENTO!$AF$7)*OFFSET(ORÇAMENTO!$W$15,ROW(BO49)-ROW(BO$15),0),15-13*ORÇAMENTO!$AF$11)),\n         0)","v":0},{"$f":"IF(AND($D49=\"Serviço\",BP$12<>0,$H49>0,OR(AUTOEVENTO<>\"manual\",$M49<>$A$15)),\n        IF(Import.TipoArredondamento<>\"TransfereGOV\",\n              ROUND(OFFSET($P49,0,BP$13),15-13*ORÇAMENTO!$AF$7)/$H49*OFFSET(ORÇAMENTO!$X$15,ROW(BP49)-ROW(BP$15),0),\n              ROUND(ROUND(OFFSET($P49,0,BP$13),15-13*ORÇAMENTO!$AF$7)*OFFSET(ORÇAMENTO!$W$15,ROW(BP49)-ROW(BP$15),0),15-13*ORÇAMENTO!$AF$11)),\n         0)","v":0},{"$f":"IF(AND($D49=\"Serviço\",BQ$12<>0,$H49>0,OR(AUTOEVENTO<>\"manual\",$M49<>$A$15)),\n        IF(Import.TipoArredondamento<>\"TransfereGOV\",\n              ROUND(OFFSET($P49,0,BQ$13),15-13*ORÇAMENTO!$AF$7)/$H49*OFFSET(ORÇAMENTO!$X$15,ROW(BQ49)-ROW(BQ$15),0),\n              ROUND(ROUND(OFFSET($P49,0,BQ$13),15-13*ORÇAMENTO!$AF$7)*OFFSET(ORÇAMENTO!$W$15,ROW(BQ49)-ROW(BQ$15),0),15-13*ORÇAMENTO!$AF$11)),\n         0)","v":0},null,{"$f":"IF(OR($D49<>\"Serviço\",AND(AUTOEVENTO=\"Manual\",$M49=$A$15)),0,\n         IF(OFFSET(CRONOPLE!$F$15,$M49-$A$15,BS$13)=0,10^12,OFFSET(CRONOPLE!$F$15,$M49-$A$15,BS$13)))","v":2},{"$f":"IF(OR($D49<>\"Serviço\",AND(AUTOEVENTO=\"Manual\",$M49=$A$15)),0,\n         IF(OFFSET(CRONOPLE!$F$15,$M49-$A$15,BT$13)=0,10^12,OFFSET(CRONOPLE!$F$15,$M49-$A$15,BT$13)))","v":2},{"$f":"IF(OR($D49<>\"Serviço\",AND(AUTOEVENTO=\"Manual\",$M49=$A$15)),0,\n         IF(OFFSET(CRONOPLE!$F$15,$M49-$A$15,BU$13)=0,10^12,OFFSET(CRONOPLE!$F$15,$M49-$A$15,BU$13)))","v":2},{"$f":"IF(OR($D49<>\"Serviço\",AND(AUTOEVENTO=\"Manual\",$M49=$A$15)),0,\n         IF(OFFSET(CRONOPLE!$F$15,$M49-$A$15,BV$13)=0,10^12,OFFSET(CRONOPLE!$F$15,$M49-$A$15,BV$13)))","v":2},{"$f":"IF(OR($D49<>\"Serviço\",AND(AUTOEVENTO=\"Manual\",$M49=$A$15)),0,\n         IF(OFFSET(CRONOPLE!$F$15,$M49-$A$15,BW$13)=0,10^12,OFFSET(CRONOPLE!$F$15,$M49-$A$15,BW$13)))","v":2},{"$f":"IF(OR($D49<>\"Serviço\",AND(AUTOEVENTO=\"Manual\",$M49=$A$15)),0,\n         IF(OFFSET(CRONOPLE!$F$15,$M49-$A$15,BX$13)=0,10^12,OFFSET(CRONOPLE!$F$15,$M49-$A$15,BX$13)))","v":2},{"$f":"IF(OR($D49<>\"Serviço\",AND(AUTOEVENTO=\"Manual\",$M49=$A$15)),0,\n         IF(OFFSET(CRONOPLE!$F$15,$M49-$A$15,BY$13)=0,10^12,OFFSET(CRONOPLE!$F$15,$M49-$A$15,BY$13)))","v":2},{"$f":"IF(OR($D49<>\"Serviço\",AND(AUTOEVENTO=\"Manual\",$M49=$A$15)),0,\n         IF(OFFSET(CRONOPLE!$F$15,$M49-$A$15,BZ$13)=0,10^12,OFFSET(CRONOPLE!$F$15,$M49-$A$15,BZ$13)))","v":8},{"$f":"IF(OR($D49<>\"Serviço\",AND(AUTOEVENTO=\"Manual\",$M49=$A$15)),0,\n         IF(OFFSET(CRONOPLE!$F$15,$M49-$A$15,CA$13)=0,10^12,OFFSET(CRONOPLE!$F$15,$M49-$A$15,CA$13)))","v":8},{"$f":"IF(OR($D49<>\"Serviço\",AND(AUTOEVENTO=\"Manual\",$M49=$A$15)),0,\n         IF(OFFSET(CRONOPLE!$F$15,$M49-$A$15,CB$13)=0,10^12,OFFSET(CRONOPLE!$F$15,$M49-$A$15,CB$13)))","v":8},{"$f":"IF(OR($D49<>\"Serviço\",AND(AUTOEVENTO=\"Manual\",$M49=$A$15)),0,\n         IF(OFFSET(CRONOPLE!$F$15,$M49-$A$15,CC$13)=0,10^12,OFFSET(CRONOPLE!$F$15,$M49-$A$15,CC$13)))","v":14},{"$f":"IF(OR($D49<>\"Serviço\",AND(AUTOEVENTO=\"Manual\",$M49=$A$15)),0,\n         IF(OFFSET(CRONOPLE!$F$15,$M49-$A$15,CD$13)=0,10^12,OFFSET(CRONOPLE!$F$15,$M49-$A$15,CD$13)))","v":14},{"$f":"IF(OR($D49<>\"Serviço\",AND(AUTOEVENTO=\"Manual\",$M49=$A$15)),0,\n         IF(OFFSET(CRONOPLE!$F$15,$M49-$A$15,CE$13)=0,10^12,OFFSET(CRONOPLE!$F$15,$M49-$A$15,CE$13)))","v":14},{"$f":"IF(OR($D49<>\"Serviço\",AND(AUTOEVENTO=\"Manual\",$M49=$A$15)),0,\n         IF(OFFSET(CRONOPLE!$F$15,$M49-$A$15,CF$13)=0,10^12,OFFSET(CRONOPLE!$F$15,$M49-$A$15,CF$13)))","v":14},{"$f":"IF(OR($D49<>\"Serviço\",AND(AUTOEVENTO=\"Manual\",$M49=$A$15)),0,\n         IF(OFFSET(CRONOPLE!$F$15,$M49-$A$15,CG$13)=0,10^12,OFFSET(CRONOPLE!$F$15,$M49-$A$15,CG$13)))","v":14},{"$f":"IF(OR($D49<>\"Serviço\",AND(AUTOEVENTO=\"Manual\",$M49=$A$15)),0,\n         IF(OFFSET(CRONOPLE!$F$15,$M49-$A$15,CH$13)=0,10^12,OFFSET(CRONOPLE!$F$15,$M49-$A$15,CH$13)))","v":20},{"$f":"IF(OR($D49<>\"Serviço\",AND(AUTOEVENTO=\"Manual\",$M49=$A$15)),0,\n         IF(OFFSET(CRONOPLE!$F$15,$M49-$A$15,CI$13)=0,10^12,OFFSET(CRONOPLE!$F$15,$M49-$A$15,CI$13)))","v":20},{"$f":"IF(OR($D49<>\"Serviço\",AND(AUTOEVENTO=\"Manual\",$M49=$A$15)),0,\n         IF(OFFSET(CRONOPLE!$F$15,$M49-$A$15,CJ$13)=0,10^12,OFFSET(CRONOPLE!$F$15,$M49-$A$15,CJ$13)))","v":20},{"$f":"IF(OR($D49<>\"Serviço\",AND(AUTOEVENTO=\"Manual\",$M49=$A$15)),0,\n         IF(OFFSET(CRONOPLE!$F$15,$M49-$A$15,CK$13)=0,10^12,OFFSET(CRONOPLE!$F$15,$M49-$A$15,CK$13)))","v":20},{"$f":"IF(OR($D49<>\"Serviço\",AND(AUTOEVENTO=\"Manual\",$M49=$A$15)),0,\n         IF(OFFSET(CRONOPLE!$F$15,$M49-$A$15,CL$13)=0,10^12,OFFSET(CRONOPLE!$F$15,$M49-$A$15,CL$13)))","v":20},{"$f":"IF(OR($D49<>\"Serviço\",AND(AUTOEVENTO=\"Manual\",$M49=$A$15)),0,\n         IF(OFFSET(CRONOPLE!$F$15,$M49-$A$15,CM$13)=0,10^12,OFFSET(CRONOPLE!$F$15,$M49-$A$15,CM$13)))","v":1000000000000},{"$f":"IF(OR($D49<>\"Serviço\",AND(AUTOEVENTO=\"Manual\",$M49=$A$15)),0,\n         IF(OFFSET(CRONOPLE!$F$15,$M49-$A$15,CN$13)=0,10^12,OFFSET(CRONOPLE!$F$15,$M49-$A$15,CN$13)))","v":1000000000000},{"$f":"IF(OR($D49<>\"Serviço\",AND(AUTOEVENTO=\"Manual\",$M49=$A$15)),0,\n         IF(OFFSET(CRONOPLE!$F$15,$M49-$A$15,CO$13)=0,10^12,OFFSET(CRONOPLE!$F$15,$M49-$A$15,CO$13)))","v":1000000000000},{"$f":"IF(OR($D49<>\"Serviço\",AND(AUTOEVENTO=\"Manual\",$M49=$A$15)),0,\n         IF(OFFSET(CRONOPLE!$F$15,$M49-$A$15,CP$13)=0,10^12,OFFSET(CRONOPLE!$F$15,$M49-$A$15,CP$13)))","v":1000000000000},{"$f":"IF(OR($D49<>\"Serviço\",AND(AUTOEVENTO=\"Manual\",$M49=$A$15)),0,\n         IF(OFFSET(CRONOPLE!$F$15,$M49-$A$15,CQ$13)=0,10^12,OFFSET(CRONOPLE!$F$15,$M49-$A$15,CQ$13)))","v":1000000000000},{"$f":"IF(OR($D49<>\"Serviço\",AND(AUTOEVENTO=\"Manual\",$M49=$A$15)),0,\n         IF(OFFSET(CRONOPLE!$F$15,$M49-$A$15,CR$13)=0,10^12,OFFSET(CRONOPLE!$F$15,$M49-$A$15,CR$13)))","v":1000000000000},null,{"$f":"IF(OR($D49<>\"Serviço\",AND(AUTOEVENTO=\"Manual\",$M49=$A$15),$M49>(ROW(PLE.lastrow)-ROW(PLE.firstrow))),0,\n           IF(OFFSET(PLE!$G$15,$M49-$A$15,CT$13)=\"\",10^12,OFFSET(PLE!$G$15,$M49-$A$15,CT$13)))","v":1000000000000},{"$f":"IF(OR($D49<>\"Serviço\",AND(AUTOEVENTO=\"Manual\",$M49=$A$15),$M49>(ROW(PLE.lastrow)-ROW(PLE.firstrow))),0,\n           IF(OFFSET(PLE!$G$15,$M49-$A$15,CU$13)=\"\",10^12,OFFSET(PLE!$G$15,$M49-$A$15,CU$13)))","v":1000000000000},{"$f":"IF(OR($D49<>\"Serviço\",AND(AUTOEVENTO=\"Manual\",$M49=$A$15),$M49>(ROW(PLE.lastrow)-ROW(PLE.firstrow))),0,\n           IF(OFFSET(PLE!$G$15,$M49-$A$15,CV$13)=\"\",10^12,OFFSET(PLE!$G$15,$M49-$A$15,CV$13)))","v":1000000000000},{"$f":"IF(OR($D49<>\"Serviço\",AND(AUTOEVENTO=\"Manual\",$M49=$A$15),$M49>(ROW(PLE.lastrow)-ROW(PLE.firstrow))),0,\n           IF(OFFSET(PLE!$G$15,$M49-$A$15,CW$13)=\"\",10^12,OFFSET(PLE!$G$15,$M49-$A$15,CW$13)))","v":1000000000000},{"$f":"IF(OR($D49<>\"Serviço\",AND(AUTOEVENTO=\"Manual\",$M49=$A$15),$M49>(ROW(PLE.lastrow)-ROW(PLE.firstrow))),0,\n           IF(OFFSET(PLE!$G$15,$M49-$A$15,CX$13)=\"\",10^12,OFFSET(PLE!$G$15,$M49-$A$15,CX$13)))","v":1000000000000},{"$f":"IF(OR($D49<>\"Serviço\",AND(AUTOEVENTO=\"Manual\",$M49=$A$15),$M49>(ROW(PLE.lastrow)-ROW(PLE.firstrow))),0,\n           IF(OFFSET(PLE!$G$15,$M49-$A$15,CY$13)=\"\",10^12,OFFSET(PLE!$G$15,$M49-$A$15,CY$13)))","v":1000000000000},{"$f":"IF(OR($D49<>\"Serviço\",AND(AUTOEVENTO=\"Manual\",$M49=$A$15),$M49>(ROW(PLE.lastrow)-ROW(PLE.firstrow))),0,\n           IF(OFFSET(PLE!$G$15,$M49-$A$15,CZ$13)=\"\",10^12,OFFSET(PLE!$G$15,$M49-$A$15,CZ$13)))","v":1000000000000},{"$f":"IF(OR($D49<>\"Serviço\",AND(AUTOEVENTO=\"Manual\",$M49=$A$15),$M49>(ROW(PLE.lastrow)-ROW(PLE.firstrow))),0,\n           IF(OFFSET(PLE!$G$15,$M49-$A$15,DA$13)=\"\",10^12,OFFSET(PLE!$G$15,$M49-$A$15,DA$13)))","v":1000000000000},{"$f":"IF(OR($D49<>\"Serviço\",AND(AUTOEVENTO=\"Manual\",$M49=$A$15),$M49>(ROW(PLE.lastrow)-ROW(PLE.firstrow))),0,\n           IF(OFFSET(PLE!$G$15,$M49-$A$15,DB$13)=\"\",10^12,OFFSET(PLE!$G$15,$M49-$A$15,DB$13)))","v":1000000000000},{"$f":"IF(OR($D49<>\"Serviço\",AND(AUTOEVENTO=\"Manual\",$M49=$A$15),$M49>(ROW(PLE.lastrow)-ROW(PLE.firstrow))),0,\n           IF(OFFSET(PLE!$G$15,$M49-$A$15,DC$13)=\"\",10^12,OFFSET(PLE!$G$15,$M49-$A$15,DC$13)))","v":1000000000000},{"$f":"IF(OR($D49<>\"Serviço\",AND(AUTOEVENTO=\"Manual\",$M49=$A$15),$M49>(ROW(PLE.lastrow)-ROW(PLE.firstrow))),0,\n           IF(OFFSET(PLE!$G$15,$M49-$A$15,DD$13)=\"\",10^12,OFFSET(PLE!$G$15,$M49-$A$15,DD$13)))","v":1000000000000},{"$f":"IF(OR($D49<>\"Serviço\",AND(AUTOEVENTO=\"Manual\",$M49=$A$15),$M49>(ROW(PLE.lastrow)-ROW(PLE.firstrow))),0,\n           IF(OFFSET(PLE!$G$15,$M49-$A$15,DE$13)=\"\",10^12,OFFSET(PLE!$G$15,$M49-$A$15,DE$13)))","v":1000000000000},{"$f":"IF(OR($D49<>\"Serviço\",AND(AUTOEVENTO=\"Manual\",$M49=$A$15),$M49>(ROW(PLE.lastrow)-ROW(PLE.firstrow))),0,\n           IF(OFFSET(PLE!$G$15,$M49-$A$15,DF$13)=\"\",10^12,OFFSET(PLE!$G$15,$M49-$A$15,DF$13)))","v":1000000000000},{"$f":"IF(OR($D49<>\"Serviço\",AND(AUTOEVENTO=\"Manual\",$M49=$A$15),$M49>(ROW(PLE.lastrow)-ROW(PLE.firstrow))),0,\n           IF(OFFSET(PLE!$G$15,$M49-$A$15,DG$13)=\"\",10^12,OFFSET(PLE!$G$15,$M49-$A$15,DG$13)))","v":1000000000000},{"$f":"IF(OR($D49<>\"Serviço\",AND(AUTOEVENTO=\"Manual\",$M49=$A$15),$M49>(ROW(PLE.lastrow)-ROW(PLE.firstrow))),0,\n           IF(OFFSET(PLE!$G$15,$M49-$A$15,DH$13)=\"\",10^12,OFFSET(PLE!$G$15,$M49-$A$15,DH$13)))","v":1000000000000},{"$f":"IF(OR($D49<>\"Serviço\",AND(AUTOEVENTO=\"Manual\",$M49=$A$15),$M49>(ROW(PLE.lastrow)-ROW(PLE.firstrow))),0,\n           IF(OFFSET(PLE!$G$15,$M49-$A$15,DI$13)=\"\",10^12,OFFSET(PLE!$G$15,$M49-$A$15,DI$13)))","v":1000000000000},{"$f":"IF(OR($D49<>\"Serviço\",AND(AUTOEVENTO=\"Manual\",$M49=$A$15),$M49>(ROW(PLE.lastrow)-ROW(PLE.firstrow))),0,\n           IF(OFFSET(PLE!$G$15,$M49-$A$15,DJ$13)=\"\",10^12,OFFSET(PLE!$G$15,$M49-$A$15,DJ$13)))","v":1000000000000},{"$f":"IF(OR($D49<>\"Serviço\",AND(AUTOEVENTO=\"Manual\",$M49=$A$15),$M49>(ROW(PLE.lastrow)-ROW(PLE.firstrow))),0,\n           IF(OFFSET(PLE!$G$15,$M49-$A$15,DK$13)=\"\",10^12,OFFSET(PLE!$G$15,$M49-$A$15,DK$13)))","v":1000000000000},{"$f":"IF(OR($D49<>\"Serviço\",AND(AUTOEVENTO=\"Manual\",$M49=$A$15),$M49>(ROW(PLE.lastrow)-ROW(PLE.firstrow))),0,\n           IF(OFFSET(PLE!$G$15,$M49-$A$15,DL$13)=\"\",10^12,OFFSET(PLE!$G$15,$M49-$A$15,DL$13)))","v":1000000000000},{"$f":"IF(OR($D49<>\"Serviço\",AND(AUTOEVENTO=\"Manual\",$M49=$A$15),$M49>(ROW(PLE.lastrow)-ROW(PLE.firstrow))),0,\n           IF(OFFSET(PLE!$G$15,$M49-$A$15,DM$13)=\"\",10^12,OFFSET(PLE!$G$15,$M49-$A$15,DM$13)))","v":1000000000000},{"$f":"IF(OR($D49<>\"Serviço\",AND(AUTOEVENTO=\"Manual\",$M49=$A$15),$M49>(ROW(PLE.lastrow)-ROW(PLE.firstrow))),0,\n           IF(OFFSET(PLE!$G$15,$M49-$A$15,DN$13)=\"\",10^12,OFFSET(PLE!$G$15,$M49-$A$15,DN$13)))","v":1000000000000},{"$f":"IF(OR($D49<>\"Serviço\",AND(AUTOEVENTO=\"Manual\",$M49=$A$15),$M49>(ROW(PLE.lastrow)-ROW(PLE.firstrow))),0,\n           IF(OFFSET(PLE!$G$15,$M49-$A$15,DO$13)=\"\",10^12,OFFSET(PLE!$G$15,$M49-$A$15,DO$13)))","v":1000000000000},{"$f":"IF(OR($D49<>\"Serviço\",AND(AUTOEVENTO=\"Manual\",$M49=$A$15),$M49>(ROW(PLE.lastrow)-ROW(PLE.firstrow))),0,\n           IF(OFFSET(PLE!$G$15,$M49-$A$15,DP$13)=\"\",10^12,OFFSET(PLE!$G$15,$M49-$A$15,DP$13)))","v":1000000000000},{"$f":"IF(OR($D49<>\"Serviço\",AND(AUTOEVENTO=\"Manual\",$M49=$A$15),$M49>(ROW(PLE.lastrow)-ROW(PLE.firstrow))),0,\n           IF(OFFSET(PLE!$G$15,$M49-$A$15,DQ$13)=\"\",10^12,OFFSET(PLE!$G$15,$M49-$A$15,DQ$13)))","v":1000000000000},{"$f":"IF(OR($D49<>\"Serviço\",AND(AUTOEVENTO=\"Manual\",$M49=$A$15),$M49>(ROW(PLE.lastrow)-ROW(PLE.firstrow))),0,\n           IF(OFFSET(PLE!$G$15,$M49-$A$15,DR$13)=\"\",10^12,OFFSET(PLE!$G$15,$M49-$A$15,DR$13)))","v":1000000000000},{"$f":"IF(OR($D49<>\"Serviço\",AND(AUTOEVENTO=\"Manual\",$M49=$A$15),$M49>(ROW(PLE.lastrow)-ROW(PLE.firstrow))),0,\n           IF(OFFSET(PLE!$G$15,$M49-$A$15,DS$13)=\"\",10^12,OFFSET(PLE!$G$15,$M49-$A$15,DS$13)))","v":1000000000000}]
["32",{"$f":"OFFSET(ORÇAMENTO!C$15,$L50,0)","v":"S"},{"$f":"OFFSET(ORÇAMENTO!L$15,$L50,0)","v":"F"},{"$f":"OFFSET(ORÇAMENTO!N$15,$L50,0)","v":"Serviço"},{"$f":"OFFSET(ORÇAMENTO!O$15,$L50,0)","v":"1.4.1.0.3."},{"$f":"OFFSET(ORÇAMENTO!R$15,$L50,0)","v":"MONTAGEM E DESMONTAGEM DE FÔRMA DE VIGA, ESCORAMENTO COM GARFO DE MADEIRA, PÉ-DIREITO SIMPLES, EM CHAPA DE MADEIRA RESINADA, 8 UTILIZAÇÕES. AF_09/2020"},{"$f":"IF($D50<>\"Serviço\",\"\",OFFSET(ORÇAMENTO!S$15,$L50,0))","v":"M2"},{"$f":"IF($D50<>\"Serviço\",0,IF(ACOMPANHAMENTO=\"BM\",ROUND(OFFSET(ORÇAMENTO!AJ$15,$L50,0),15-13*ORÇAMENTO!$AF$7),IF(IFERROR(CÁLCULO.FrentesPreenchidas,0)=0,0,SUM(ROUND(OFFSET($P50,0,1,1,CÁLCULO.FrentesPreenchidas),15-13*ORÇAMENTO!$AF$7)))))","v":20.65},"Conforme modelo disponibilizado pela CAIXA",{"$f":"IF(OR(B50<>\"S\",CÁLCULO.FrentesPreenchidas=0),\"\",IF(AND(ACOMPANHAMENTO=\"PLE\",AUTOEVENTO=\"Manual\",OR(H50>0,ORÇAMENTO!AC50=\"QUANT.\"),OR(K50=\"\",M50=0,N50=\"\")),\"►E\",IF(AND(ACOMPANHAMENTO=\"PLE\",ORÇAMENTO!AC50=\"QUANT.\"),\"►Q\",IF(AND(ACOMPANHAMENTO=\"PLE\",H50<>SUMPRODUCT(($Q$1:$AQ$1=1)*ROUND(Q50:AQ50,15))),\"►S\",IF(AND(COUNTIF($P$11:$AQ$11,\"▼\")=0,H50>0,I50=\"\"),\"◄M\",\"\")))))","v":""},"6. PILARES, VIGAS E LAJES",35,{"$f":"IF($D50<>\"Serviço\",\"\",\n          IF(AUTOEVENTO=\"manual\",$A50,\n                IF(ISERROR(MATCH($A50,$A$15:OFFSET($A50,-1,0),0)),MAX($M$15:OFFSET(M50,-1,0))+1,\n                      INDEX($M$15:OFFSET(M50,-1,0),MATCH($A50,$A$15:OFFSET($A50,-1,0),0)))))","v":6},{"$f":"IF($D50<>\"Serviço\",\"\",\n         IF(AUTOEVENTO=\"Manual\",\n                IF($A50=0,\"<-- defina o número do agrupador\",\n                       OFFSET(EVENTOS!$D$15,$A50-$A$15,0)),\n                OFFSET($F$15,$A50,0)))","v":"PILARES, VIGAS E LAJES"},null,null,4.13,4.13,4.13,4.13,4.13,null,null,null,null,null,null,null,null,null,null,null,null,null,null,null,null,null,null,null,null,null,null,{"$f":"IF(AND($D50=\"Serviço\",AR$12<>0,$H50>0,OR(AUTOEVENTO<>\"manual\",$M50<>$A$15)),\n        IF(Import.TipoArredondamento<>\"TransfereGOV\",\n              ROUND(OFFSET($P50,0,AR$13),15-13*ORÇAMENTO!$AF$7)/$H50*OFFSET(ORÇAMENTO!$X$15,ROW(AR50)-ROW(AR$15),0),\n              ROUND(ROUND(OF